{"text_format":"2","workbook":"xlsx","n_sheets":17,"sheets":["Resumo do Orçamento","Orçamento Sintético","Orçamento Analítico","MEMORIA DE CÁLCULO NOVA","Curva ABC de Serviços","Curva ABC de Insumos","Planilha de BDI S. DESON","COT ORÇAMENTO AÇO LAMINADO","COT ORÇAMENTO AÇO LAMINADO (2)","COT ELETROCALHA 50X50","COT ELETROCALHA 100X50","COT LUMINARIA LED","COTAÇÃO MAT DE JAZIDA P. ATERRO","CRONOGRAMA (2)","SINAPI COMPOSIÇÃO","SINAPI INSUMOS","SICRO "],"not_rendered":{"charts":0,"images":21,"macros":0,"external_links":93,"defined_names":16026,"comments":1,"pivot_tables":0},"unopened":[],"bounds":{"document_bytes":16777216,"sheet_cells":100000,"run_cost":"one","rows_first":2000,"rows_last":500,"rows_between":2000,"halvings":0,"cell_chars":16384,"cell_head_chars":4096},"cells_cut":0,"cells_raw":0,"read":"whole","date_system":"1900"}

{"sheet":"Resumo do Orçamento","index":0,"n_rows":26,"n_cols":10,"rows_kept":26,"cut":false,"hidden":false,"merged":[[0,5,0,7],[0,8,0,10],[1,5,1,7],[1,8,1,10],[2,0,2,10],[3,0,3,2],[3,3,3,7],[24,0,24,2],[24,6,24,7],[24,8,24,10],[28,0,28,10],[25,0,25,2],[26,0,26,2],[25,6,25,7],[25,8,25,10]]}
[null,null,null,"Obra","Bancos","B.D.I.",null,null,"Encargos Sociais"]
[null,null,null,"CONCLUSÃO DA OBRA DE CONSTRUÇÃO DA UNIDADE DESCENTRALIZADA DA CODEVASF NO ESTADO DO AMAPÁ - 11ª SUPERINTENDÊNCIA REGIONAL, NO MUNICÍPIO DE MACAPÁ/AP.","SINAPI - 03/2026 - Amapá\nSICRO3 - 01/2026 - Amapá\nSBC 05/2026 \nEMOP 03/2026\nSIURB 01/2026","23,08%",null,null,"Não Desonerado: embutido nos preços unitário dos insumos de mão de obra, de acordo com as bases."]
["Planilha Orçamentária Resumida"]
["Item",null,null,"Descrição",{"$nulls":4},"Total","Peso (%)"]
["0",null,null,"ELABORAÇÃO/COMPATIBILIZAÇÃO DE PROJETOS",null,null,1,null,{"$f":"VLOOKUP(D5,'Orçamento Sintético'!$D$5:$J$417,6,FALSE)","v":6780.6500000000005},{"$f":"I5/$I$26","v":9.5295578568624557E-4}]
["1",null,null,"INSTALAÇÕES INICIAIS DA OBRA",null,null,1,null,{"$f":"VLOOKUP(D6,'Orçamento Sintético'!$D$5:$J$417,6,FALSE)","v":2542.21},{"$f":"I6/$I$26","v":3.5728340615271841E-4}]
["2",null,null,"PREPARO DO TERRENO - MOVIMENTO DE TERRA E LIMPEZA",null,null,1,null,{"$f":"VLOOKUP(D7,'Orçamento Sintético'!$D$5:$J$417,6,FALSE)","v":84619.38},1.1892448032590234E-2]
["3",null,null,"INFRAESTRUTURA",null,null,1,null,{"$f":"VLOOKUP(D8,'Orçamento Sintético'!$D$5:$J$417,6,FALSE)","v":494716.37000000005},6.9527674642578127E-2]
["4",null,null,"SUPERESTRUTURA",null,null,1,null,{"$f":"VLOOKUP(D9,'Orçamento Sintético'!$D$5:$J$417,6,FALSE)","v":2240065.81},0.31481991755325017]
["5",null,null,"ALVENARIAS E DIVISÕES E ACESSÓRIOS",null,null,1,null,{"$f":"VLOOKUP(D10,'Orçamento Sintético'!$D$5:$J$417,6,FALSE)","v":555245.65},7.8034488529067289E-2]
["6",null,null,"IMPERMEABILIZAÇÕES",null,null,1,null,{"$f":"VLOOKUP(D11,'Orçamento Sintético'!$D$5:$J$417,6,FALSE)","v":289143.44},4.0636356992504223E-2]
["7",null,null,"PEITORIS E CHAPINS",null,null,1,null,{"$f":"VLOOKUP(D12,'Orçamento Sintético'!$D$5:$J$417,6,FALSE)","v":30850.399999999998},4.3357299330794167E-3]
["8",null,null,"REVESTIMENTOS - PAREDES",null,null,1,null,{"$f":"VLOOKUP(D13,'Orçamento Sintético'!$D$5:$J$417,6,FALSE)","v":59469.93},8.3579323321298134E-3]
["9",null,null,"REVESTIMENTOS - PISOS",null,null,1,null,{"$f":"VLOOKUP(D14,'Orçamento Sintético'!$D$5:$J$417,6,FALSE)","v":610152.66},8.575114590767148E-2]
["10",null,null,"INSTALAÇÕES HIDROSSANITÁRIAS",null,null,1,null,{"$f":"VLOOKUP(D15,'Orçamento Sintético'!$D$5:$J$417,6,FALSE)","v":212813.86},2.9908961406535161E-2]
["11",null,null,"INSTALAÇÕES ELÉTRICAS",null,null,1,null,{"$f":"VLOOKUP(D16,'Orçamento Sintético'!$D$5:$J$417,6,FALSE)","v":331108.27999999997},4.6534115625289807E-2]
["12",null,null,"ESQUADRIAS",null,null,1,null,{"$f":"VLOOKUP(D17,'Orçamento Sintético'!$D$5:$J$417,6,FALSE)","v":273809.64},3.8481337425566579E-2]
["13",null,null,"INCENDIO",null,null,1,null,{"$f":"VLOOKUP(D18,'Orçamento Sintético'!$D$5:$J$417,6,FALSE)","v":87086.989999999976},1.2239247119155269E-2]
["14",null,null,"FORROS, PINTURAS E TEXTURAS",null,null,1,null,{"$f":"VLOOKUP(D19,'Orçamento Sintético'!$D$5:$J$417,6,FALSE)","v":558710.54999999993},7.8521447227986138E-2]
["15",null,null,"URBANIZAÇÃO",null,null,1,null,{"$f":"VLOOKUP(D20,'Orçamento Sintético'!$D$5:$J$417,6,FALSE)","v":673001.6100000001},9.4583967322551407E-2]
["16",null,null,"GUARITA",null,null,1,null,{"$f":"VLOOKUP(D21,'Orçamento Sintético'!$D$5:$J$417,6,FALSE)","v":106091.44999999998},{"$f":"I21/$I$26","v":1.4910142993568907E-2}]
["17",null,null,"MOBILIZAÇÃO E DESMOBILIZAÇÃO DE OBRA",null,null,1,null,{"$f":"VLOOKUP(D22,'Orçamento Sintético'!$D$5:$J$417,6,FALSE)","v":3367.46},4.7326443483545149E-4]
["18",null,null,"ADMINISTRAÇÃO LOCAL",null,null,1,null,{"$f":"VLOOKUP(D23,'Orçamento Sintético'!$D$5:$J$417,6,FALSE)","v":495811.49},6.9681583329801428E-2]
[]
[]
[{"$nulls":6},"Total Geral",null,{"$f":"'Orçamento Sintético'!H420","v":7115387.830000001}]

{"sheet":"Orçamento Sintético","index":1,"n_rows":420,"n_cols":10,"rows_kept":420,"cut":false,"hidden":false,"merged":[[0,4,0,5],[0,6,0,7],[0,8,0,9],[1,4,1,5],[1,6,1,7],[1,8,1,9],[420,0,420,2],[419,5,419,6],[419,7,419,9],[422,0,422,9],[2,0,2,9],[418,0,418,2],[418,5,418,6],[418,7,418,9],[419,0,419,2]]}
[null,null,null,"Obra","Bancos",null,"B.D.I.",null,"Encargos Sociais"]
[null,null,null,"CONCLUSÃO DA OBRA DE CONSTRUÇÃO DA UNIDADE DESCENTRALIZADA DA CODEVASF NO ESTADO DO AMAPÁ - 11ª SUPERINTENDÊNCIA REGIONAL, NO MUNICÍPIO DE MACAPÁ/AP.","SINAPI - 03/2026 - Amapá\nSICRO3 - 01/2026 - Amapá\nSBC 05/2026 \nEMOP 03/2026\nSIURB 01/2026",null,"23,08%",null,"Não Desonerado: embutido nos preços unitário dos insumos de mão de obra, de acordo com as bases."]
["Orçamento Sintético"]
["Item","Código","Banco","Descrição","Und","Quant.","Valor Unit","Valor Unit com BDI","Total","Peso (%)"]
["0.","  ",null,"ELABORAÇÃO/COMPATIBILIZAÇÃO DE PROJETOS",null,1,"",null,{"$f":"SUM(I6:I8)","v":6780.6500000000005},{"$f":"I5/$H$420","v":9.5295578568624557E-4}]
["0.1",90778,"SINAPI","ENGENHEIRO CIVIL DE OBRA PLENO COM ENCARGOS COMPLEMENTARES","H",15,{"$f":"VLOOKUP(B6,'Orçamento Analítico'!$B$6:$I$2743,7,FALSE)","v":146.61000000000001},{"$f":"G6*(1+$G$2)","v":180.447588},{"$f":"TRUNC(H6*F6,2)","v":2706.71},3.8040231462688938E-4]
["0.2",90769,"SINAPI","ARQUITETO DE OBRA PLENO COM ENCARGOS COMPLEMENTARES","H",20,{"$f":"VLOOKUP(B7,'Orçamento Analítico'!$B$6:$I$2743,7,FALSE)","v":144.36000000000001},{"$f":"G7*(1+$G$2)","v":177.67828800000001},{"$f":"TRUNC(H7*F7,2)","v":3553.56},4.9941901761382974E-4]
["0.3",90775,"SINAPI","DESENHISTA PROJETISTA COM ENCARGOS COMPLEMENTARES","H",20,{"$f":"VLOOKUP(B8,'Orçamento Analítico'!$B$6:$I$2743,7,FALSE)","v":21.139999999999997},{"$f":"G8*(1+$G$2)","v":26.019111999999993},{"$f":"TRUNC(H8*F8,2)","v":520.38},7.3134453445526375E-5]
["1","",null,"INSTALAÇÕES INICIAIS DA OBRA",null,1,"",null,{"$f":"SUM(I10)","v":2542.21},3.5728340615271841E-4]
["1.1","COMP. SEDE 11 - 01","Próprio","FORNECIMENTO E COLOCAÇÃO DE PLACA DE OBRA (4,80 X 2,4 0 M) -  EM CHAPA GALVANIZADA *N. 22*, ADESIVADA E FIXADA COM SUPORTE EM EUCALIPTO AUTOCLAVADO.","UN",1,{"$f":"VLOOKUP(B10,'Orçamento Analítico'!$B$6:$I$2743,7,FALSE)","v":2065.5},{"$f":"G10*(1+$G$2)","v":2542.2174},{"$f":"TRUNC(H10*F10,2)","v":2542.21},3.5728340615271841E-4]
["2","",null,"PREPARO DO TERRENO - MOVIMENTO DE TERRA E LIMPEZA",null,1,"",null,{"$f":"SUM(I12:I15)","v":84619.38},{"$f":"I11/$H$420","v":1.1892448032590234E-2}]
["2.1","100575-M","SINAPI","REGULARIZAÇÃO DE SUPERFÍCIES COM MOTONIVELADORA. AF_09/2024","m²",1285,{"$f":"VLOOKUP(B12,'Orçamento Analítico'!$B$6:$I$2743,7,FALSE)","v":1.87},{"$f":"G12*(1+$G$2)","v":2.301596},{"$f":"TRUNC(H12*F12,2)","v":2957.55},4.1565548788926655E-4]
["2.2",96386,"SINAPI","EXECUÇÃO E COMPACTAÇÃO DE CORPO DE ATERRO (95% DE ENERGIA DO PROCTOR NORMAL) COM SOLO PREDOMINANTEMENTE ARENOSO ESPESSURA 15CM - EXCLUSIVE MATERIAL, ESCAVAÇÃO, CARGA E TRANSPORTE. AF_09/2024","m³",1582.64,{"$f":"VLOOKUP(B13,'Orçamento Analítico'!$B$6:$I$2743,7,FALSE)","v":6.5200000000000005},{"$f":"G13*(1+$G$2)","v":8.0248159999999995},12700.39,1.7849188692782749E-3]
["2.3",100979,"SINAPI","CARGA, MANOBRA E DESCARGA DE SOLOS E MATERIAIS GRANULARES EM CAMINHÃO BASCULANTE 14 M³ - CARGA COM ESCAVADEIRA HIDRÁULICA (CAÇAMBA DE 1,20 M³ / 155 HP) E DESCARGA LIVRE (UNIDADE: M3). AF_07/2020","m³",2198.11,{"$f":"VLOOKUP(B14,'Orçamento Analítico'!$B$6:$I$2743,7,FALSE)","v":6.77},{"$f":"G14*(1+$G$2)","v":8.3325159999999983},18315.78,2.5741084586811619E-3]
["2.4",95876,"SINAPI","TRANSPORTE COM CAMINHÃO BASCULANTE DE 14 M³, EM VIA URBANA PAVIMENTADA, DMT ATÉ 30 KM (UNIDADE: M3XKM). AF_07/2020","M3XKM",17584.86,{"$f":"VLOOKUP(B15,'Orçamento Analítico'!$B$6:$I$2743,7,FALSE)","v":2.3400000000000003},{"$f":"G15*(1+$G$2)","v":2.8800720000000002},50645.66,7.11776521674153E-3]
["3","",null,"INFRAESTRUTURA",null,1,"",null,{"$f":"SUM(I17:I34)","v":494716.37000000005},6.9527674642578127E-2]
["3.1",96523,"SINAPI","ESCAVAÇÃO MANUAL PARA BLOCO DE COROAMENTO OU SAPATA (INCLUINDO ESCAVAÇÃO PARA COLOCAÇÃO DE FÔRMAS). AF_01/2024","m³",22.5,{"$f":"VLOOKUP(B17,'Orçamento Analítico'!$B$6:$I$2743,7,FALSE)","v":93.28},{"$f":"G17*(1+$G$2)","v":114.80902399999999},2583.1999999999998,3.6304416030685983E-4]
["3.2",96527,"SINAPI","ESCAVAÇÃO MANUAL PARA VIGA BALDRAME OU SAPATA CORRIDA (INCLUINDO ESCAVAÇÃO PARA COLOCAÇÃO DE FÔRMAS). AF_01/2024","m³",5.13,{"$f":"VLOOKUP(B18,'Orçamento Analítico'!$B$6:$I$2743,7,FALSE)","v":102.62},126.30469599999999,647.94000000000005,9.1061796697594765E-5]
["3.3",96619,"SINAPI","LASTRO DE CONCRETO MAGRO, APLICADO EM BLOCOS DE COROAMENTO OU SAPATAS, ESPESSURA DE 5 CM. AF_01/2024","m²",9,{"$f":"VLOOKUP(B19,'Orçamento Analítico'!$B$6:$I$2743,7,FALSE)","v":54.62},67.226295999999991,605.03,8.5031204827523777E-5]
["3.4",96541,"SINAPI","FABRICAÇÃO, MONTAGEM E DESMONTAGEM DE FÔRMA PARA SAPATA, EM CHAPA DE MADEIRA COMPENSADA RESINADA, E=17 MM, 4 UTILIZAÇÕES. AF_01/2024","m²",14.4,{"$f":"VLOOKUP(B20,'Orçamento Analítico'!$B$6:$I$2743,7,FALSE)","v":185.49},228.30109199999998,3287.53,4.6203103450511421E-4]
["3.5",96542,"SINAPI","FABRICAÇÃO, MONTAGEM E DESMONTAGEM DE FÔRMA PARA VIGA BALDRAME, EM CHAPA DE MADEIRA COMPENSADA RESINADA, E=17 MM, 4 UTILIZAÇÕES. AF_01/2024","m²",545.97,{"$f":"VLOOKUP(B21,'Orçamento Analítico'!$B$6:$I$2743,7,FALSE)","v":100.78000000000002},124.040024,67722.13,9.5177004568140315E-3]
["3.6",92419,"SINAPI","MONTAGEM E DESMONTAGEM DE FÔRMA DE PILARES RETANGULARES E ESTRUTURAS SIMILARES, PÉ-DIREITO SIMPLES, EM CHAPA DE MADEIRA COMPENSADA RESINADA, 4 UTILIZAÇÕES. AF_09/2020","m²",24.21,{"$f":"VLOOKUP(B22,'Orçamento Analítico'!$B$6:$I$2743,7,FALSE)","v":96.99},119.37529199999999,2890.07,4.0617181649815987E-4]
["3.7",104916,"SINAPI","ARMAÇÃO DE SAPATA ISOLADA, VIGA BALDRAME E SAPATA CORRIDA UTILIZANDO AÇO CA-60 DE 5 MM - MONTAGEM. AF_01/2024","KG",100,{"$f":"VLOOKUP(B23,'Orçamento Analítico'!$B$6:$I$2743,7,FALSE)","v":17.650000000000002},21.72362,2172.36,3.0530451071702157E-4]
["3.8",104918,"SINAPI","ARMAÇÃO DE SAPATA ISOLADA, VIGA BALDRAME E SAPATA CORRIDA UTILIZANDO AÇO CA-50 DE 8 MM - MONTAGEM. AF_01/2024","KG",120,{"$f":"VLOOKUP(B24,'Orçamento Analítico'!$B$6:$I$2743,7,FALSE)","v":15.42},18.978935999999997,2277.4699999999998,3.2007672025939301E-4]
["3.9",104919,"SINAPI","ARMAÇÃO DE SAPATA ISOLADA, VIGA BALDRAME E SAPATA CORRIDA UTILIZANDO AÇO CA-50 DE 10 MM - MONTAGEM. AF_01/2024","KG",190,{"$f":"VLOOKUP(B25,'Orçamento Analítico'!$B$6:$I$2743,7,FALSE)","v":13.780000000000001},16.960424,3222.48,4.5288887647323078E-4]
["3.10",104920,"SINAPI","ARMAÇÃO DE BLOCO, SAPATA ISOLADA, VIGA BALDRAME E SAPATA CORRIDA UTILIZANDO AÇO CA-50 DE 12,5 MM - MONTAGEM. AF_01/2024","KG",50,{"$f":"VLOOKUP(B26,'Orçamento Analítico'!$B$6:$I$2743,7,FALSE)","v":11.72},14.424975999999999,721.24,1.0136341366511288E-4]
["3.11",96558,"SINAPI","CONCRETAGEM DE SAPATA, FCK 30 MPA, COM USO DE BOMBA - LANÇAMENTO, ADENSAMENTO E ACABAMENTO. AF_01/2024","m³",4.68,{"$f":"VLOOKUP(B27,'Orçamento Analítico'!$B$6:$I$2743,7,FALSE)","v":1221.51},1503.4345079999998,7036.07,9.8885263433349624E-4]
["3.12",96557,"SINAPI","CONCRETAGEM DE BLOCO DE COROAMENTO OU VIGA BALDRAME, FCK 30 MPA, COM USO DE BOMBA - LANÇAMENTO, ADENSAMENTO E ACABAMENTO. AF_01/2024","m³",52.86,{"$f":"VLOOKUP(B28,'Orçamento Analítico'!$B$6:$I$2743,7,FALSE)","v":1178.06},1449.9562479999997,76644.679999999993,{"$f":"I28/$H$420","v":1.0771679890286455E-2}]
["3.13",98557,"SINAPI","IMPERMEABILIZAÇÃO DE SUPERFÍCIE COM EMULSÃO ASFÁLTICA, 2 DEMÃOS. AF_09/2023","m²",545.97,{"$f":"VLOOKUP(B29,'Orçamento Analítico'!$B$6:$I$2743,7,FALSE)","v":50.099999999999994},61.663079999999987,33666.19,4.7314624029425531E-3]
["3.14","COMP. SEDE 02","Próprio","ATERRO MANUAL DE VALAS COM SOLO ARGILO-ARENOSO E COMPACTAÇÃO MECANIZADA.","M²",1130,{"$f":"VLOOKUP(B30,'Orçamento Analítico'!$B$6:$I$2743,7,FALSE)","v":53.21},65.490867999999992,74004.679999999993,1.0400653030883347E-2]
["3.15","COMP. SEDE 11 - 03","Próprio","ALVENARIA DE BLOCO DE CONCRETO CHEIO COM ARMAÇÃO, EM CONCRETO COM FCK 15MPA , ESP. 14CM, PARA REVESTIMENTO, INCLUSIVE ARGAMASSA PARA ASSENTAMENTO","M²",120.5,{"$f":"VLOOKUP(B31,'Orçamento Analítico'!$B$6:$I$2743,7,FALSE)","v":321.81},396.08374799999996,47728.09,6.7077285371245866E-3]
["3.16",97087,"SINAPI","CAMADA SEPARADORA PARA EXECUÇÃO DE RADIER, PISO DE CONCRETO OU LAJE SOBRE SOLO, EM LONA PLÁSTICA. AF_09/2021","m²",1000,{"$f":"VLOOKUP(B32,'Orçamento Analítico'!$B$6:$I$2743,7,FALSE)","v":2.4699999999999998},3.0400759999999996,3040.07,4.2725288805515462E-4]
["3.17",92768,"SINAPI","ARMAÇÃO DE LAJE DE ESTRUTURA CONVENCIONAL DE CONCRETO ARMADO UTILIZANDO AÇO CA-60 DE 5,0 MM - MONTAGEM. AF_06/2022","KG",1751.98,{"$f":"VLOOKUP(B33,'Orçamento Analítico'!$B$6:$I$2743,7,FALSE)","v":14.49},17.834291999999998,31245.32,4.3912321782746729E-3]
["3.18","COMP. SEDE 11 - 31","SINAPI","CONCRETAGEM DE RADIER, PISO DE CONCRETO OU LAJE SOBRE SOLO, FCK 25 MPA - LANÇAMENTO, ADENSAMENTO E ACABAMENTO. AF_09/2021","m³",111.16,{"$f":"VLOOKUP(B34,'Orçamento Analítico'!$B$6:$I$2743,7,FALSE)","v":988.34999999999991},1216.4611799999998,{"$f":"TRUNC(H34*F34,2)","v":135221.82},1.9004139089913809E-2]
["4","",null,"SUPERESTRUTURA",null,1,"",null,{"$f":"SUM(I36:I53)","v":2240065.81},0.31481991755325017]
["4.1","COMP. SEDE 11 - 04","Próprio","VIGA METÁLICA EM PERFIL W 610 x 113, LAMINADO OU SOLDADO, EM AÇO ESTRUTURAL, COM CONEXÕES SOLDADAS, INCLUSOS MÃO DE OBRA, TRANSPORTE E IÇAMENTO UTILIZANDO GUINDASTE - FORNECIMENTO E INSTALAÇÃO. AF_01/2020_P","KG",18976,{"$f":"VLOOKUP(B36,'Orçamento Analítico'!$B$6:$I$2743,7,FALSE)","v":14.05},{"$f":"G36*(1+$G$2)","v":17.292739999999998},328147.03000000003,4.6117940137635476E-2]
["4.2","COMP. SEDE 11 - 05","Próprio","VIGA METÁLICA EM PERFIL W 530 x 101, LAMINADO OU SOLDADO, EM AÇO ESTRUTURAL, COM CONEXÕES SOLDADAS, INCLUSOS MÃO DE OBRA, TRANSPORTE E IÇAMENTO UTILIZANDO GUINDASTE - FORNECIMENTO E INSTALAÇÃO. AF_01/2020_P","KG",8019,{"$f":"VLOOKUP(B37,'Orçamento Analítico'!$B$6:$I$2743,7,FALSE)","v":14.05},17.292739999999998,138670.48000000001,1.9488815411485446E-2]
["4.3","COMP. SEDE 11 - 06","Próprio","VIGA METÁLICA EM PERFIL W 530 x 74, LAMINADO OU SOLDADO, EM AÇO ESTRUTURAL, COM CONEXÕES SOLDADAS, INCLUSOS MÃO DE OBRA, TRANSPORTE E IÇAMENTO UTILIZANDO GUINDASTE - FORNECIMENTO E INSTALAÇÃO. AF_01/2020_P","KG",5892,{"$f":"VLOOKUP(B38,'Orçamento Analítico'!$B$6:$I$2743,7,FALSE)","v":14.05},17.292739999999998,101888.82,1.4319503368518423E-2]
["4.4","COMP. SEDE 11 - 07","Próprio","VIGA METÁLICA EM PERFIL W 530 x 72, LAMINADO OU SOLDADO, EM AÇO ESTRUTURAL, COM CONEXÕES SOLDADAS, INCLUSOS MÃO DE OBRA, TRANSPORTE E IÇAMENTO UTILIZANDO GUINDASTE - FORNECIMENTO E INSTALAÇÃO. AF_01/2020_P","KG",1994.9,{"$f":"VLOOKUP(B39,'Orçamento Analítico'!$B$6:$I$2743,7,FALSE)","v":14.050000000000002},17.292740000000002,34497.279999999999,4.8482641880112382E-3]
["4.5","COMP. SEDE 11 - 08","Próprio","VIGA METÁLICA EM PERFIL W 460 x 60, LAMINADO OU SOLDADO, EM AÇO ESTRUTURAL, COM CONEXÕES SOLDADAS, INCLUSOS MÃO DE OBRA, TRANSPORTE E IÇAMENTO UTILIZANDO GUINDASTE - FORNECIMENTO E INSTALAÇÃO. AF_01/2020_P","KG",522.6,{"$f":"VLOOKUP(B40,'Orçamento Analítico'!$B$6:$I$2743,7,FALSE)","v":14.05},17.292739999999998,9037.18,1.270089588356282E-3]
["4.6","COMP. SEDE  09","Próprio","VIGA METÁLICA EM PERFIL W 410 x 53, LAMINADO OU SOLDADO, EM AÇO ESTRUTURAL, COM CONEXÕES SOLDADAS, INCLUSOS MÃO DE OBRA, TRANSPORTE E IÇAMENTO UTILIZANDO GUINDASTE - FORNECIMENTO E INSTALAÇÃO. AF_01/2020_P","KG",15735.9,{"$f":"VLOOKUP(B41,'Orçamento Analítico'!$B$6:$I$2743,7,FALSE)","v":14.05},17.292739999999998,272116.82,3.8243427695212502E-2]
["4.7","COMP. SEDE  10","Próprio","VIGA METÁLICA EM PERFIL W 410 x 46.1, LAMINADO OU SOLDADO, EM AÇO ESTRUTURAL, COM CONEXÕES SOLDADAS, INCLUSOS MÃO DE OBRA, TRANSPORTE E IÇAMENTO UTILIZANDO GUINDASTE - FORNECIMENTO E INSTALAÇÃO. AF_01/2020_P","KG",6878.5,{"$f":"VLOOKUP(B42,'Orçamento Analítico'!$B$6:$I$2743,7,FALSE)","v":14.05},17.292739999999998,118948.11,1.671702412319526E-2]
["4.8","COMP. SEDE  11","Próprio","VIGA METÁLICA EM PERFIL W 360 x 39, LAMINADO OU SOLDADO, EM AÇO ESTRUTURAL, COM CONEXÕES SOLDADAS, INCLUSOS MÃO DE OBRA, TRANSPORTE E IÇAMENTO UTILIZANDO GUINDASTE - FORNECIMENTO E INSTALAÇÃO. AF_01/2020_P","KG",10058.799999999999,{"$f":"VLOOKUP(B43,'Orçamento Analítico'!$B$6:$I$2743,7,FALSE)","v":14.049999999999999},17.292739999999998,173944.21,2.4446202252899538E-2]
["4.9","COMP. SEDE  12","Próprio","VIGA METÁLICA EM PERFIL W 310 x 32,7, LAMINADO OU SOLDADO, EM AÇO ESTRUTURAL, COM CONEXÕES SOLDADAS, INCLUSOS MÃO DE OBRA, TRANSPORTE E IÇAMENTO UTILIZANDO GUINDASTE - FORNECIMENTO E INSTALAÇÃO. AF_01/2020_P","KG",4383,{"$f":"VLOOKUP(B44,'Orçamento Analítico'!$B$6:$I$2743,7,FALSE)","v":14.05},17.292739999999998,75794.070000000007,1.0652134755105822E-2]
["4.10","COMP. SEDE  13","Próprio","PILAR METÁLICO PERFIL LAMINADO/SOLDADO, W 310 x 23.8, EM AÇO ESTRUTURAL, COM CONEXÕES PARAFUSADAS, INCLUSOS MÃO DE OBRA, TRANSPORTE, IÇAMENTO UTILIZANDO GUINDASTE E CONEXÕES - FORNECIMENTO E INSTALAÇÃO.","KG",87.9,{"$f":"VLOOKUP(B45,'Orçamento Analítico'!$B$6:$I$2743,7,FALSE)","v":16.07},19.778955999999997,1738.57,2.4433945717896303E-4]
["4.11","COMP. SEDE  14","Próprio","VIGA METÁLICA EM PERFIL W 250 x80, LAMINADO OU SOLDADO, EM AÇO ESTRUTURAL, COM CONEXÕES SOLDADAS, INCLUSOS MÃO DE OBRA, TRANSPORTE E IÇAMENTO UTILIZANDO GUINDASTE - FORNECIMENTO E INSTALAÇÃO. AF_01/2020_P","KG",5184,{"$f":"VLOOKUP(B46,'Orçamento Analítico'!$B$6:$I$2743,7,FALSE)","v":14.050000000000002},17.292740000000002,89645.56,1.2598829767512474E-2]
["4.12","COMP. SEDE  15","Próprio","VIGA METÁLICA EM PERFIL W 250 x22.3, LAMINADO OU SOLDADO, EM AÇO ESTRUTURAL, COM CONEXÕES SOLDADAS, INCLUSOS MÃO DE OBRA, TRANSPORTE E IÇAMENTO UTILIZANDO GUINDASTE - FORNECIMENTO E INSTALAÇÃO. AF_01/2020_P","KG",1564,{"$f":"VLOOKUP(B47,'Orçamento Analítico'!$B$6:$I$2743,7,FALSE)","v":14.049999999999999},17.292739999999998,27045.84,3.8010352557268823E-3]
["4.13","COMP. SEDE  16","Próprio","PILAR METÁLICO PERFIL LAMINADO/SOLDADO, W 200 x 19.3 EM AÇO ESTRUTURAL, COM CONEXÕES PARAFUSADAS, INCLUSOS MÃO DE OBRA, TRANSPORTE, IÇAMENTO UTILIZANDO GUINDASTE E CONEXÕES - FORNECIMENTO E INSTALAÇÃO. AF_01/2020_P","KG",96.5,{"$f":"VLOOKUP(B48,'Orçamento Analítico'!$B$6:$I$2743,7,FALSE)","v":12.180000000000001},14.991144,1446.64,2.0331147571473975E-4]
["4.14","COMP. SEDE  17","Próprio","VIGA METÁLICA EM PERFIL W 150 x24, LAMINADO OU SOLDADO, EM AÇO ESTRUTURAL, COM CONEXÕES SOLDADAS, INCLUSOS MÃO DE OBRA, TRANSPORTE E IÇAMENTO UTILIZANDO GUINDASTE - FORNECIMENTO E INSTALAÇÃO. AF_01/2020_P","KG",466.7,{"$f":"VLOOKUP(B49,'Orçamento Analítico'!$B$6:$I$2743,7,FALSE)","v":13.81},16.997347999999999,7932.66,1.114859820648736E-3]
["4.15","COMP. SEDE  18","Próprio","PILAR METÁLICO PERFIL LAMINADO/SOLDADO, W 250 x 85 EM AÇO ESTRUTURAL, COM CONEXÕES PARAFUSADAS, INCLUSOS MÃO DE OBRA, TRANSPORTE, IÇAMENTO UTILIZANDO GUINDASTE E CONEXÕES - FORNECIMENTO E INSTALAÇÃO. AF_01/2020_P","KG",725.1,{"$f":"VLOOKUP(B50,'Orçamento Analítico'!$B$6:$I$2743,7,FALSE)","v":12.370000000000001},15.224995999999999,11039.64,1.5515162720230807E-3]
["4.16","COMP. SEDE  19","Próprio","PILAR METÁLICO PERFIL LAMINADO/SOLDADO, W 250 x 62 EM AÇO ESTRUTURAL, COM CONEXÕES PARAFUSADAS, INCLUSOS MÃO DE OBRA, TRANSPORTE, IÇAMENTO UTILIZANDO GUINDASTE E CONEXÕES - FORNECIMENTO E INSTALAÇÃO. AF_01/2020_P","KG",8462.7999999999993,{"$f":"VLOOKUP(B51,'Orçamento Analítico'!$B$6:$I$2743,7,FALSE)","v":12.05},14.83114,125512.97,1.7639652679339615E-2]
["4.17","COMP. SEDE  20","Próprio","LAJE STEEL DECK PARA PISO COM CAPA DE CONCRETO FCK 25 MPA, ESPESSURA DA LAJE 15CM, ESPESSURA DA CHAPA 0,95 MM, INCLUSIVE IÇAMENTO COM GUINDASTE. AF_01/2020","M²",2036.1,{"$f":"VLOOKUP(B52,'Orçamento Analítico'!$B$6:$I$2743,7,FALSE)","v":284.84000000000003},350.58107200000001,713818.12,0.10032033910933003]
["4.18",102074,"SINAPI","ESCADA EM CONCRETO ARMADO MOLDADO IN LOCO, FCK 25 MPA, COM 2 LANCES EM  U  E LAJE PLANA, FÔRMA EM CHAPA DE MADEIRA COMPENSADA RESINADA. AF_11/2020_PA","m³",1.4,{"$f":"VLOOKUP(B53,'Orçamento Analítico'!$B$6:$I$2743,7,FALSE)","v":5131.2800000000007},6315.5794240000005,8841.81,1.2426321953556815E-3]
["5","",null,"ALVENARIAS E DIVISÕES E ACESSÓRIOS",null,1,"",null,{"$f":"SUM(I55:I61)","v":555245.65},7.8034488529067289E-2]
["5.1",96358,"SINAPI","PAREDE COM SISTEMA EM CHAPAS DE GESSO PARA DRYWALL, USO INTERNO, COM DUAS FACES SIMPLES E ESTRUTURA METÁLICA COM GUIAS SIMPLES, SEM VÃOS. AF_07/2023_PS","m²",454.85,{"$f":"VLOOKUP(B55,'Orçamento Analítico'!$B$6:$I$2743,7,FALSE)","v":101.27000000000001},{"$f":"G55*(1+$G$2)","v":124.64311600000001},56693.919999999998,7.9677905624435923E-3]
["5.2",96359,"SINAPI","PAREDE COM SISTEMA EM CHAPAS DE GESSO PARA DRYWALL, USO INTERNO, COM DUAS FACES SIMPLES E ESTRUTURA METÁLICA COM GUIAS SIMPLES PARA PAREDES COM ÁREA LÍQUIDA MAIOR OU IGUAL A 6 M2, COM VÃOS. AF_07/2023_PS","m²",986.86,{"$f":"VLOOKUP(B56,'Orçamento Analítico'!$B$6:$I$2743,7,FALSE)","v":114.39},140.791212,138941.21,1.952686393483628E-2]
["5.3","COMP. SEDE  21","Próprio","PAREDE COM PLACAS DE GESSO ACARTONADO (DRYWALL), PARA USO EXTERNO (PLACA CIMENTÍCIA E RU), COM DUAS FACES SIMPLES E ESTRUTURA METÁLICA COM GUIAS SIMPLES, INCLUINDO ISOLAMENTO TÉRMICO/ACÚSTICO COM LÃ DE VIDRO","M²",1303.1099999999999,{"$f":"VLOOKUP(B57,'Orçamento Analítico'!$B$6:$I$2743,7,FALSE)","v":185.92},228.83033599999996,298191.09000000003,4.1907918039655191E-2]
["5.4",96373,"SINAPI","INSTALAÇÃO DE REFORÇO METÁLICO EM PAREDE DRYWALL. AF_07/2023","M",250,{"$f":"VLOOKUP(B58,'Orçamento Analítico'!$B$6:$I$2743,7,FALSE)","v":13.530000000000001},16.652723999999999,4163.18,5.850953032309976E-4]
["5.5",102253,"SINAPI","DIVISORIA SANITÁRIA, TIPO CABINE, EM GRANITO CINZA POLIDO, ESP = 3CM, ASSENTADO COM ARGAMASSA COLANTE AC III-E, EXCLUSIVE FERRAGENS. AF_01/2021","m²",35.28,{"$f":"VLOOKUP(B59,'Orçamento Analítico'!$B$6:$I$2743,7,FALSE)","v":1223.29},1505.6253319999998,53118.46,7.4652937083824417E-3]
["5.6",102255,"SINAPI","TAPA VISTA DE MICTÓRIO EM GRANITO CINZA POLIDO, ESP = 3CM, ASSENTADO COM ARGAMASSA COLANTE AC III-E . AF_01/2021","m²",2.08,{"$f":"VLOOKUP(B60,'Orçamento Analítico'!$B$6:$I$2743,7,FALSE)","v":1213.07},1493.0465559999998,3105.53,4.3645266768262717E-4]
["5.7",99857,"SINAPI","CORRIMÃO SIMPLES, DIÂMETRO EXTERNO = 1 1/2\", EM ALUMÍNIO. AF_04/2019_PS","M",13.3,{"$f":"VLOOKUP(B61,'Orçamento Analítico'!$B$6:$I$2743,7,FALSE)","v":63.06},77.614247999999989,1032.26,1.4507431283615637E-4]
["6","",null,"IMPERMEABILIZAÇÕES",null,1,null,null,{"$f":"SUM(I63:I67)","v":289143.44},4.0636356992504223E-2]
["6.1",98555,"SINAPI","IMPERMEABILIZAÇÃO DE SUPERFÍCIE COM ARGAMASSA POLIMÉRICA / MEMBRANA ACRÍLICA, 3 DEMÃOS. AF_09/2023","m²",99.88,{"$f":"VLOOKUP(B63,'Orçamento Analítico'!$B$6:$I$2743,7,FALSE)","v":32.5},{"$f":"G63*(1+$G$2)","v":40.000999999999998},3995.29,5.6149996253963851E-4]
["6.2",98558,"SINAPI","TRATAMENTO DE RALO OU PONTO EMERGENTE COM ARGAMASSA POLIMÉRICA / MEMBRANA ACRÍLICA REFORÇADO COM TELA DE POLIÉSTER (MAV). AF_09/2023","UN",4,{"$f":"VLOOKUP(B64,'Orçamento Analítico'!$B$6:$I$2743,7,FALSE)","v":10.47},12.886476,51.54,7.2434561869834149E-6]
["6.3",98559,"SINAPI","TRATAMENTO DE RODAPÉ COM TELA DE POLIÉSTER. AF_09/2023","M",1663.5,{"$f":"VLOOKUP(B65,'Orçamento Analítico'!$B$6:$I$2743,7,FALSE)","v":5.74},7.0647919999999997,11752.28,1.6516710375855928E-3]
["6.4",98546,"SINAPI","IMPERMEABILIZAÇÃO DE SUPERFÍCIE COM MANTA ASFÁLTICA, UMA CAMADA, INCLUSIVE APLICAÇÃO DE PRIMER ASFÁLTICO, E=4MM. AF_09/2023","m²",1046,{"$f":"VLOOKUP(B66,'Orçamento Analítico'!$B$6:$I$2743,7,FALSE)","v":149.35999999999999},183.83228799999998,192288.57,2.7024327358414698E-2]
["6.5",98565,"SINAPI","PROTEÇÃO MECÂNICA DE SUPERFICIE HORIZONTAL COM ARGAMASSA DE CIMENTO E AREIA, TRAÇO 1:3, E=3CM. AF_09/2023","m²",1046,{"$f":"VLOOKUP(B67,'Orçamento Analítico'!$B$6:$I$2743,7,FALSE)","v":62.959999999999994},77.491167999999988,81055.759999999995,1.1391615177777313E-2]
["7","",null,"PEITORIS E CHAPINS",null,1,null,null,{"$f":"SUM(I69:I70)","v":30850.399999999998},4.3357299330794167E-3]
["7.1",101965,"SINAPI","PEITORIL LINEAR EM GRANITO OU MÁRMORE, L = 15CM, COMPRIMENTO DE ATÉ 2M, ASSENTADO COM ARGAMASSA 1:6 COM ADITIVO. AF_11/2020","M",115.25,{"$f":"VLOOKUP(B69,'Orçamento Analítico'!$B$6:$I$2743,7,FALSE)","v":166.70999999999998},{"$f":"G69*(1+$G$2)","v":205.18666799999997},23647.759999999998,3.3234674714842627E-3]
["7.2",101979,"SINAPI","CHAPIM (RUFO CAPA) EM AÇO GALVANIZADO, CORTE 33. AF_11/2020","M",140,{"$f":"VLOOKUP(B70,'Orçamento Analítico'!$B$6:$I$2743,7,FALSE)","v":41.8},51.447439999999993,7202.64,1.0122624615951537E-3]
["8","",null,"REVESTIMENTOS - PAREDES",null,1,null,null,{"$f":"SUM(I72:I75)","v":59469.93},8.3579323321298134E-3]
["8.1",87894,"SINAPI","CHAPISCO APLICADO EM ALVENARIA (SEM PRESENÇA DE VÃOS) E ESTRUTURAS DE CONCRETO DE FACHADA, COM COLHER DE PEDREIRO.  ARGAMASSA TRAÇO 1:3 COM PREPARO EM BETONEIRA 400L. AF_10/2022","m²",150,{"$f":"VLOOKUP(B72,'Orçamento Analítico'!$B$6:$I$2743,7,FALSE)","v":7.49},{"$f":"G72*(1+$G$2)","v":9.218691999999999},1382.8,1.9433937166008275E-4]
["8.2",87792,"SINAPI","EMBOÇO OU MASSA ÚNICA EM ARGAMASSA TRAÇO 1:2:8, PREPARO MECÂNICO COM BETONEIRA 400 L, APLICADA MANUALMENTE EM PANOS CEGOS DE FACHADA (SEM PRESENÇA DE VÃOS), ESPESSURA DE 25 MM. AF_08/2022","m²",75,{"$f":"VLOOKUP(B73,'Orçamento Analítico'!$B$6:$I$2743,7,FALSE)","v":43.39},53.404411999999994,4005.33,5.629109889291866E-4]
["8.3",87265,"SINAPI","REVESTIMENTO CERÂMICO PARA PAREDES INTERNAS COM PLACAS TIPO ESMALTADA DE DIMENSÕES 20X20 CM APLICADAS NA ALTURA INTEIRA DAS PAREDES.  AF_02/2023_PE","m²",337.42,{"$f":"VLOOKUP(B74,'Orçamento Analítico'!$B$6:$I$2743,7,FALSE)","v":73.12},89.996095999999994,30366.48,{"$f":"I74/$H$420","v":4.2677195854270104E-3}]
["8.4",88650,"SINAPI","RODAPÉ CERÂMICO DE 7CM DE ALTURA COM PLACAS TIPO ESMALTADA DE DIMENSÕES 60X60CM. AF_02/2023","M",1300.1500000000001,{"$f":"VLOOKUP(B75,'Orçamento Analítico'!$B$6:$I$2743,7,FALSE)","v":14.82},18.240455999999998,{"$f":"TRUNC(H75*F75,2)","v":23715.32},3.3329623861135336E-3]
["9","",null,"REVESTIMENTOS - PISOS",null,1,null,570391.18000000005,{"$f":"SUM(I77:I82)","v":610152.66},8.575114590767148E-2]
["9.1",87630,"SINAPI","CONTRAPISO EM ARGAMASSA TRAÇO 1:4 (CIMENTO E AREIA), PREPARO MECÂNICO COM BETONEIRA 400 L, APLICADO EM ÁREAS SECAS SOBRE LAJE, ADERIDO, ACABAMENTO NÃO REFORÇADO, ESPESSURA 3CM. AF_07/2021","m²",1916.83,{"$f":"VLOOKUP(B77,'Orçamento Analítico'!$B$6:$I$2743,7,FALSE)","v":49.69},{"$f":"G77*(1+$G$2)","v":61.15845199999999},117230.35,1.6475609313343638E-2]
["9.2",87263,"SINAPI","REVESTIMENTO CERÂMICO PARA PISO COM PLACAS TIPO PORCELANATO DE DIMENSÕES 60X60 CM APLICADA EM AMBIENTES DE ÁREA MAIOR QUE 10 M². AF_02/2023_PE","m²",1739.96,{"$f":"VLOOKUP(B78,'Orçamento Analítico'!$B$6:$I$2743,7,FALSE)","v":146.94},180.85375199999999,314678.28999999998,4.4225036992818413E-2]
["9.3",98689,"SINAPI","SOLEIRA EM GRANITO, LARGURA 15 CM, ESPESSURA 2,0 CM. AF_09/2020","M",57.1,{"$f":"VLOOKUP(B79,'Orçamento Analítico'!$B$6:$I$2743,7,FALSE)","v":165.23},203.36508399999997,11612.14,1.6319756951322776E-3]
["9.4",10709,"SINAPI","CARPETE DE NYLON EM MANTA PARA TRAFEGO COMERCIAL PESADO, E = 9 A 10 MM (INSTALADO)","M²",180.2,{"$f":"VLOOKUP(B80,'Orçamento Analítico'!$B$6:$I$2743,7,FALSE)","v":230.97},284.27787599999999,51226.87,7.1994487474058028E-3]
["9.5",94990,"SINAPI","EXECUÇÃO DE PASSEIO (CALÇADA) OU PISO DE CONCRETO COM CONCRETO MOLDADO IN LOCO, FEITO EM OBRA, ACABAMENTO CONVENCIONAL, NÃO ARMADO. AF_08/2022","m³",51.52,{"$f":"VLOOKUP(B81,'Orçamento Analítico'!$B$6:$I$2743,7,FALSE)","v":1094.19},1346.7290519999999,69383.48,9.7511873783554508E-3]
["9.6",101094,"SINAPI","PISO PODOTÁTIL DE ALERTA OU DIRECIONAL, DE BORRACHA, ASSENTADO SOBRE ARGAMASSA. AF_05/2020","M",194,{"$f":"VLOOKUP(B82,'Orçamento Analítico'!$B$6:$I$2743,7,FALSE)","v":192.74},237.22439199999999,46021.53,6.4678877806158873E-3]
["10","",null,"INSTALAÇÕES HIDROSSANITÁRIAS",null,1,null,null,{"$f":"I84+I130+I160","v":212813.86},2.9908961406535161E-2]
["10.1","",null,"ÁGUA FRIA",null,1,null,null,{"$f":"SUM(I85:I129)","v":19952.349999999999},2.8041127872013684E-3]
["10.1.1",103036,"SINAPI","REGISTRO DE ESFERA, PVC, ROSCÁVEL, COM VOLANTE, 1/2\" - FORNECIMENTO E INSTALAÇÃO. AF_08/2021","UN",1,{"$f":"VLOOKUP(B85,'Orçamento Analítico'!$B$6:$I$2743,7,FALSE)","v":23.79},{"$f":"G85*(1+$G$2)","v":29.280731999999997},29.28,4.1150251679253859E-6]
["10.1.2",89987,"SINAPI","REGISTRO DE GAVETA BRUTO, LATÃO, ROSCÁVEL, 3/4\", COM ACABAMENTO E CANOPLA CROMADOS - FORNECIMENTO E INSTALAÇÃO. AF_08/2021","UN",15,{"$f":"VLOOKUP(B86,'Orçamento Analítico'!$B$6:$I$2743,7,FALSE)","v":100.21000000000001},123.33846800000001,1850.07,2.6000972036966248E-4]
["10.1.3",89985,"SINAPI","REGISTRO DE PRESSÃO BRUTO, LATÃO, ROSCÁVEL, 3/4\", COM ACABAMENTO E CANOPLA CROMADOS - FORNECIMENTO E INSTALAÇÃO. AF_08/2021","UN",8,{"$f":"VLOOKUP(B87,'Orçamento Analítico'!$B$6:$I$2743,7,FALSE)","v":95.15},117.11062,936.88,1.3166956213544863E-4]
["10.1.4",103041,"SINAPI","REGISTRO DE ESFERA, PVC, ROSCÁVEL, COM BORBOLETA, 1/2\" - FORNECIMENTO E INSTALAÇÃO. AF_08/2021","UN",1,{"$f":"VLOOKUP(B88,'Orçamento Analítico'!$B$6:$I$2743,7,FALSE)","v":19.880000000000003},24.468304,24.46,3.4376200685606196E-6]
["10.1.5",89986,"SINAPI","REGISTRO DE GAVETA BRUTO, LATÃO, ROSCÁVEL, 1/2\", COM ACABAMENTO E CANOPLA CROMADOS - FORNECIMENTO E INSTALAÇÃO. AF_08/2021","UN",15,{"$f":"VLOOKUP(B89,'Orçamento Analítico'!$B$6:$I$2743,7,FALSE)","v":88.15},108.49502,1627.42,2.2871838315522989E-4]
["10.1.6",94793,"SINAPI","REGISTRO DE GAVETA BRUTO, LATÃO, ROSCÁVEL, 1 1/4\", COM ACABAMENTO E CANOPLA CROMADOS - FORNECIMENTO E INSTALAÇÃO. AF_08/2021","UN",2,{"$f":"VLOOKUP(B90,'Orçamento Analítico'!$B$6:$I$2743,7,FALSE)","v":167.37},205.99899599999998,411.99,5.7901271138441933E-5]
["10.1.7",86886,"SINAPI","ENGATE FLEXÍVEL EM INOX, 1/2  X 30CM - FORNECIMENTO E INSTALAÇÃO. AF_01/2020","UN",16,{"$f":"VLOOKUP(B91,'Orçamento Analítico'!$B$6:$I$2743,7,FALSE)","v":59.29},72.974131999999997,1167.58,1.640922501901066E-4]
["10.1.8",86884,"SINAPI","ENGATE FLEXÍVEL EM PLÁSTICO BRANCO, 1/2\" X 30CM - FORNECIMENTO E INSTALAÇÃO. AF_01/2020","UN",17,{"$f":"VLOOKUP(B92,'Orçamento Analítico'!$B$6:$I$2743,7,FALSE)","v":11.809999999999999},14.535747999999996,247.1,3.4727551878222776E-5]
["10.1.9",104031,"SINAPI","COLAR DE TOMADA, PVC, COM TRAVAS, DE 60 MM X 1/2\" OU 60 MM X 3/4\", PARA LIGAÇÃO PREDIAL DE ÁGUA. AF_06/2022","UN",1,{"$f":"VLOOKUP(B93,'Orçamento Analítico'!$B$6:$I$2743,7,FALSE)","v":16.75},20.6159,20.61,2.896539231931086E-6]
["10.1.10",89378,"SINAPI","LUVA, PVC, SOLDÁVEL, DN 25MM, INSTALADO EM RAMAL OU SUB-RAMAL DE ÁGUA - FORNECIMENTO E INSTALAÇÃO. AF_06/2022","UN",1,{"$f":"VLOOKUP(B94,'Orçamento Analítico'!$B$6:$I$2743,7,FALSE)","v":7.06},8.6894479999999987,8.68,1.219891340764766E-6]
["10.1.11",89372,"SINAPI","LUVA DE CORRER, PVC, SOLDÁVEL, DN 20MM, INSTALADO EM RAMAL OU SUB-RAMAL DE ÁGUA - FORNECIMENTO E INSTALAÇÃO. AF_06/2022","UN",1,{"$f":"VLOOKUP(B95,'Orçamento Analítico'!$B$6:$I$2743,7,FALSE)","v":15.64},19.249711999999999,19.239999999999998,2.7039987783772002E-6]
["10.1.12",89379,"SINAPI","LUVA DE CORRER, PVC, SOLDÁVEL, DN 25MM, INSTALADO EM RAMAL OU SUB-RAMAL DE ÁGUA - FORNECIMENTO E INSTALAÇÃO. AF_12/2014","UN",2,{"$f":"VLOOKUP(B96,'Orçamento Analítico'!$B$6:$I$2743,7,FALSE)","v":18.38},22.622103999999997,45.24,6.3580511815896332E-6]
["10.1.13",89387,"SINAPI","LUVA DE CORRER, PVC, SOLDÁVEL, DN 32MM, INSTALADO EM RAMAL OU SUB-RAMAL DE ÁGUA   FORNECIMENTO E INSTALAÇÃO. AF_06/2022","UN",3,{"$f":"VLOOKUP(B97,'Orçamento Analítico'!$B$6:$I$2743,7,FALSE)","v":29.169999999999995},35.902435999999987,107.7,1.5136209377922269E-5]
["10.1.14",89558,"SINAPI","LUVA, PVC, SOLDÁVEL, DN 40MM, INSTALADO EM PRUMADA DE ÁGUA - FORNECIMENTO E INSTALAÇÃO. AF_06/2022","UN",1,{"$f":"VLOOKUP(B98,'Orçamento Analítico'!$B$6:$I$2743,7,FALSE)","v":9.6199999999999974},11.840295999999995,11.84,1.6639992482321231E-6]
["10.1.15",89380,"SINAPI","LUVA DE REDUÇÃO, PVC, SOLDÁVEL, DN 32MM X 25MM, INSTALADO EM RAMAL OU SUB-RAMAL DE ÁGUA - FORNECIMENTO E INSTALAÇÃO. AF_06/2022","UN",1,{"$f":"VLOOKUP(B99,'Orçamento Analítico'!$B$6:$I$2743,7,FALSE)","v":10.01},12.320307999999999,12.32,1.7314586772145066E-6]
["10.1.16",89376,"SINAPI","ADAPTADOR CURTO COM BOLSA E ROSCA PARA REGISTRO, PVC, SOLDÁVEL, DN 20MM X 1/2 , INSTALADO EM RAMAL OU SUB-RAMAL DE ÁGUA - FORNECIMENTO E INSTALAÇÃO. AF_06/2022","UN",5,{"$f":"VLOOKUP(B100,'Orçamento Analítico'!$B$6:$I$2743,7,FALSE)","v":5.6799999999999988},6.990943999999998,34.950000000000003,4.9118896727797897E-6]
["10.1.17",89383,"SINAPI","ADAPTADOR CURTO COM BOLSA E ROSCA PARA REGISTRO, PVC, SOLDÁVEL, DN 25MM X 3/4 , INSTALADO EM RAMAL OU SUB-RAMAL DE ÁGUA - FORNECIMENTO E INSTALAÇÃO. AF_06/2022","UN",15,{"$f":"VLOOKUP(B101,'Orçamento Analítico'!$B$6:$I$2743,7,FALSE)","v":6.6099999999999994},8.1355879999999985,122.03,1.7150154414000507E-5]
["10.1.18",89572,"SINAPI","ADAPTADOR CURTO COM BOLSA E ROSCA PARA REGISTRO, PVC, SOLDÁVEL, DN 40MM X 1.1/4 , INSTALADO EM PRUMADA DE ÁGUA - FORNECIMENTO E INSTALAÇÃO. AF_06/2022","UN",4,{"$f":"VLOOKUP(B102,'Orçamento Analítico'!$B$6:$I$2743,7,FALSE)","v":8.58},10.560263999999998,42.24,5.9364297504497374E-6]
["10.1.19",94783,"SINAPI","ADAPTADOR COM FLANGE E ANEL DE VEDAÇÃO, PVC, SOLDÁVEL, DN  20 MM X 1/2\", INSTALADO EM RESERVAÇÃO PREDIAL DE ÁGUA - FORNECIMENTO E INSTALAÇÃO. AF_04/2024","UN",2,{"$f":"VLOOKUP(B103,'Orçamento Analítico'!$B$6:$I$2743,7,FALSE)","v":18.09},22.265171999999996,44.53,6.2582674428865243E-6]
["10.1.20",103993,"SINAPI","BUCHA DE REDUÇÃO, PVC, SOLDÁVEL, DN 40MM X 32MM, INSTALADO EM RAMAL DE DISTRIBUIÇÃO DE ÁGUA - FORNECIMENTO E INSTALAÇÃO. AF_06/2022","UN",4,{"$f":"VLOOKUP(B104,'Orçamento Analítico'!$B$6:$I$2743,7,FALSE)","v":9.7800000000000011},12.037224,48.14,6.7656185650248659E-6]
["10.1.21",103948,"SINAPI","BUCHA DE REDUÇÃO, CURTA, PVC, SOLDÁVEL, DN 32 X 25 MM, INSTALADO EM RAMAL OU SUB-RAMAL DE ÁGUA - FORNECIMENTO E INSTALAÇÃO. AF_06/2022","UN",1,{"$f":"VLOOKUP(B105,'Orçamento Analítico'!$B$6:$I$2743,7,FALSE)","v":7.9},9.7233199999999993,9.7200000000000006,1.3660534368932634E-6]
["10.1.22",89360,"SINAPI","CURVA 90 GRAUS, PVC, SOLDÁVEL, DN 20MM, INSTALADO EM RAMAL OU SUB-RAMAL DE ÁGUA - FORNECIMENTO E INSTALAÇÃO. AF_06/2022","UN",5,{"$f":"VLOOKUP(B106,'Orçamento Analítico'!$B$6:$I$2743,7,FALSE)","v":9.48},11.667983999999999,58.33,8.1977260261300454E-6]
["10.1.23",89361,"SINAPI","CURVA 45 GRAUS, PVC, SOLDÁVEL, DN 20MM, INSTALADO EM RAMAL OU SUB-RAMAL DE ÁGUA - FORNECIMENTO E INSTALAÇÃO. AF_06/2022","UN",1,{"$f":"VLOOKUP(B107,'Orçamento Analítico'!$B$6:$I$2743,7,FALSE)","v":9.56},11.766448,11.76,1.6527560100683926E-6]
["10.1.24",89364,"SINAPI","CURVA 90 GRAUS, PVC, SOLDÁVEL, DN 25MM, INSTALADO EM RAMAL OU SUB-RAMAL DE ÁGUA - FORNECIMENTO E INSTALAÇÃO. AF_06/2022","UN",2,{"$f":"VLOOKUP(B108,'Orçamento Analítico'!$B$6:$I$2743,7,FALSE)","v":11.72},14.424975999999999,28.84,4.0531873580248677E-6]
["10.1.25",89369,"SINAPI","CURVA 90 GRAUS, PVC, SOLDÁVEL, DN 32MM, INSTALADO EM RAMAL OU SUB-RAMAL DE ÁGUA - FORNECIMENTO E INSTALAÇÃO. AF_06/2022","UN",2,{"$f":"VLOOKUP(B109,'Orçamento Analítico'!$B$6:$I$2743,7,FALSE)","v":17.010000000000002},20.935908000000001,41.87,5.8844297739424828E-6]
["10.1.26",103982,"SINAPI","CURVA 90 GRAUS, PVC, SOLDÁVEL, DN 40MM, INSTALADO EM RAMAL DE DISTRIBUIÇÃO DE ÁGUA - FORNECIMENTO E INSTALAÇÃO. AF_06/2022","UN",5,{"$f":"VLOOKUP(B110,'Orçamento Analítico'!$B$6:$I$2743,7,FALSE)","v":23.43},28.837643999999997,144.18,2.0263125980583406E-5]
["10.1.27",89366,"SINAPI","JOELHO 90 GRAUS COM BUCHA DE LATÃO, PVC, SOLDÁVEL, DN 25MM, X 3/4  INSTALADO EM RAMAL OU SUB-RAMAL DE ÁGUA - FORNECIMENTO E INSTALAÇÃO. AF_06/2022","UN",2,{"$f":"VLOOKUP(B111,'Orçamento Analítico'!$B$6:$I$2743,7,FALSE)","v":16.02},19.717415999999997,39.43,5.5415110099487004E-6]
["10.1.28",89358,"SINAPI","JOELHO 90 GRAUS, PVC, SOLDÁVEL, DN 20MM, INSTALADO EM RAMAL OU SUB-RAMAL DE ÁGUA - FORNECIMENTO E INSTALAÇÃO. AF_06/2022","UN",7,{"$f":"VLOOKUP(B112,'Orçamento Analítico'!$B$6:$I$2743,7,FALSE)","v":7.9899999999999993},9.8340919999999983,68.83,9.6734010351196824E-6]
["10.1.29",89362,"SINAPI","JOELHO 90 GRAUS, PVC, SOLDÁVEL, DN 25MM, INSTALADO EM RAMAL OU SUB-RAMAL DE ÁGUA - FORNECIMENTO E INSTALAÇÃO. AF_06/2022","UN",19,{"$f":"VLOOKUP(B113,'Orçamento Analítico'!$B$6:$I$2743,7,FALSE)","v":9.5},11.692599999999999,222.15,3.1221066975909307E-5]
["10.1.30",89367,"SINAPI","JOELHO 90 GRAUS, PVC, SOLDÁVEL, DN 32MM, INSTALADO EM RAMAL OU SUB-RAMAL DE ÁGUA - FORNECIMENTO E INSTALAÇÃO. AF_06/2022","UN",18,{"$f":"VLOOKUP(B114,'Orçamento Analítico'!$B$6:$I$2743,7,FALSE)","v":13.05},16.06194,289.11,4.0631657318951789E-5]
["10.1.31",103980,"SINAPI","JOELHO 90 GRAUS, PVC, SOLDÁVEL, DN 40MM, INSTALADO EM RAMAL DE DISTRIBUIÇÃO DE ÁGUA - FORNECIMENTO E INSTALAÇÃO. AF_06/2022","UN",3,{"$f":"VLOOKUP(B115,'Orçamento Analítico'!$B$6:$I$2743,7,FALSE)","v":17.419999999999998},21.440535999999994,64.319999999999993,9.0395634836393714E-6]
["10.1.32",103951,"SINAPI","JOELHO DE REDUÇÃO, 90 GRAUS, PVC, SOLDÁVEL, DN 32 MM X 25 MM, INSTALADO EM RAMAL OU SUB-RAMAL DE ÁGUA - FORNECIMENTO E INSTALAÇÃO. AF_06/2022","UN",3,{"$f":"VLOOKUP(B116,'Orçamento Analítico'!$B$6:$I$2743,7,FALSE)","v":14.82},18.240455999999998,54.72,7.6903749039917039E-6]
["10.1.33",103950,"SINAPI","JOELHO DE REDUÇÃO, 90 GRAUS, PVC, SOLDÁVEL, DN 25 MM X 20 MM, INSTALADO EM RAMAL OU SUB-RAMAL DE ÁGUA - FORNECIMENTO E INSTALAÇÃO. AF_06/2022","UN",16,{"$f":"VLOOKUP(B117,'Orçamento Analítico'!$B$6:$I$2743,7,FALSE)","v":10.790000000000001},13.280332,212.48,2.9862040562868372E-5]
["10.1.34",90373,"SINAPI","JOELHO 90 GRAUS COM BUCHA DE LATÃO, PVC, SOLDÁVEL, DN 25MM, X 1/2  INSTALADO EM RAMAL OU SUB-RAMAL DE ÁGUA - FORNECIMENTO E INSTALAÇÃO. AF_06/2022","UN",27,{"$f":"VLOOKUP(B118,'Orçamento Analítico'!$B$6:$I$2743,7,FALSE)","v":12.84},15.803471999999999,426.69,5.9967216151027419E-5]
["10.1.35",89359,"SINAPI","JOELHO 45 GRAUS, PVC, SOLDÁVEL, DN 20MM, INSTALADO EM RAMAL OU SUB-RAMAL DE ÁGUA - FORNECIMENTO E INSTALAÇÃO. AF_06/2022","UN",1,{"$f":"VLOOKUP(B119,'Orçamento Analítico'!$B$6:$I$2743,7,FALSE)","v":8.52},10.486415999999998,10.48,1.4728641994487036E-6]
["10.1.36",89498,"SINAPI","JOELHO 45 GRAUS, PVC, SOLDÁVEL, DN 40MM, INSTALADO EM PRUMADA DE ÁGUA - FORNECIMENTO E INSTALAÇÃO. AF_06/2022","UN",1,{"$f":"VLOOKUP(B120,'Orçamento Analítico'!$B$6:$I$2743,7,FALSE)","v":13.049999999999999},16.061939999999996,16.059999999999999,2.2570800613689103E-6]
["10.1.37",89440,"SINAPI","TE, PVC, SOLDÁVEL, DN 25MM, INSTALADO EM RAMAL DE DISTRIBUIÇÃO DE ÁGUA - FORNECIMENTO E INSTALAÇÃO. AF_06/2022","UN",39,{"$f":"VLOOKUP(B121,'Orçamento Analítico'!$B$6:$I$2743,7,FALSE)","v":12.030000000000001},14.806524,577.45000000000005,8.1155098470577671E-5]
["10.1.38",89393,"SINAPI","TE, PVC, SOLDÁVEL, DN 20MM, INSTALADO EM RAMAL OU SUB-RAMAL DE ÁGUA - FORNECIMENTO E INSTALAÇÃO. AF_06/2022","UN",2,{"$f":"VLOOKUP(B122,'Orçamento Analítico'!$B$6:$I$2743,7,FALSE)","v":11.08},13.637263999999998,27.27,3.8325388090616553E-6]
["10.1.39",89398,"SINAPI","TE, PVC, SOLDÁVEL, DN 32MM, INSTALADO EM RAMAL OU SUB-RAMAL DE ÁGUA - FORNECIMENTO E INSTALAÇÃO. AF_06/2022","UN",6,{"$f":"VLOOKUP(B123,'Orçamento Analítico'!$B$6:$I$2743,7,FALSE)","v":18.220000000000002},22.425176,134.55000000000001,1.890972118662434E-5]
["10.1.40",89623,"SINAPI","TE, PVC, SOLDÁVEL, DN 40MM, INSTALADO EM PRUMADA DE ÁGUA - FORNECIMENTO E INSTALAÇÃO. AF_06/2022","UN",4,{"$f":"VLOOKUP(B124,'Orçamento Analítico'!$B$6:$I$2743,7,FALSE)","v":19.04},23.434431999999997,93.73,1.317285891358082E-5]
["10.1.41",89439,"SINAPI","TÊ SOLDÁVEL E COM ROSCA NA BOLSA CENTRAL, PVC, SOLDÁVEL, DN 20MM X 1/2 , INSTALADO EM RAMAL DE DISTRIBUIÇÃO DE ÁGUA - FORNECIMENTO E INSTALAÇÃO. AF_06/2022","UN",1,{"$f":"VLOOKUP(B125,'Orçamento Analítico'!$B$6:$I$2743,7,FALSE)","v":11.59},14.264971999999998,14.26,2.0041072026849728E-6]
["10.1.42",89401,"SINAPI","TUBO, PVC, SOLDÁVEL, DE 20MM, INSTALADO EM RAMAL DE DISTRIBUIÇÃO DE ÁGUA - FORNECIMENTO E INSTALAÇÃO. AF_06/2022","M",81.14,{"$f":"VLOOKUP(B126,'Orçamento Analítico'!$B$6:$I$2743,7,FALSE)","v":10.67},13.132635999999998,1065.58,1.4975712153135015E-4]
["10.1.43",89402,"SINAPI","TUBO, PVC, SOLDÁVEL, DE 25MM, INSTALADO EM RAMAL DE DISTRIBUIÇÃO DE ÁGUA - FORNECIMENTO E INSTALAÇÃO. AF_06/2022","M",105.12,{"$f":"VLOOKUP(B127,'Orçamento Analítico'!$B$6:$I$2743,7,FALSE)","v":12.27},15.101915999999997,1587.51,2.2310941271629881E-4]
["10.1.44",89403,"SINAPI","TUBO, PVC, SOLDÁVEL, DE 32MM, INSTALADO EM RAMAL DE DISTRIBUIÇÃO DE ÁGUA - FORNECIMENTO E INSTALAÇÃO. AF_06/2022","M",288.83999999999997,{"$f":"VLOOKUP(B128,'Orçamento Analítico'!$B$6:$I$2743,7,FALSE)","v":18.759999999999998},23.089807999999994,6669.26,9.3730098194802112E-4]
["10.1.45",89448,"SINAPI","TUBO, PVC, SOLDÁVEL, DE 40MM, INSTALADO EM PRUMADA DE ÁGUA - FORNECIMENTO E INSTALAÇÃO. AF_06/2022","M",64.89,{"$f":"VLOOKUP(B129,'Orçamento Analítico'!$B$6:$I$2743,7,FALSE)","v":15.92},19.594335999999998,1271.47,1.7869300035048123E-4]
["10.2","",null,"ESGOTO E DRENAGEM",null,1,null,null,{"$f":"SUM(I131:I159)","v":23412.48},3.2904011080447312E-3]
["10.2.1",104345,"SINAPI","JUNÇÃO DE REDUÇÃO INVERTIDA, PVC, SÉRIE NORMAL, ESGOTO PREDIAL, DN 100 X 50 MM, JUNTA ELÁSTICA, FORNECIDO E INSTALADO EM RAMAL DE DESCARGA OU RAMAL DE ESGOTO SANITÁRIO. AF_08/2022","UN",8,{"$f":"VLOOKUP(B131,'Orçamento Analítico'!$B$6:$I$2743,7,FALSE)","v":40.909999999999997},{"$f":"G131*(1+$G$2)","v":50.35202799999999},402.81,5.6611109559153847E-5]
["10.2.2",89785,"SINAPI","JUNÇÃO SIMPLES, PVC, SERIE NORMAL, ESGOTO PREDIAL, DN 50 X 50 MM, JUNTA ELÁSTICA, FORNECIDO E INSTALADO EM RAMAL DE DESCARGA OU RAMAL DE ESGOTO SANITÁRIO. AF_08/2022","UN",12,{"$f":"VLOOKUP(B132,'Orçamento Analítico'!$B$6:$I$2743,7,FALSE)","v":25.89},31.865411999999999,382.38,5.3739867613091155E-5]
["10.2.3",89783,"SINAPI","JUNÇÃO SIMPLES, PVC, SERIE NORMAL, ESGOTO PREDIAL, DN 40 MM, JUNTA SOLDÁVEL, FORNECIDO E INSTALADO EM RAMAL DE DESCARGA OU RAMAL DE ESGOTO SANITÁRIO. AF_08/2022","UN",8,{"$f":"VLOOKUP(B133,'Orçamento Analítico'!$B$6:$I$2743,7,FALSE)","v":14.3},17.600439999999999,140.80000000000001,1.978809916816579E-5]
["10.2.4",89797,"SINAPI","JUNÇÃO SIMPLES, PVC, SERIE NORMAL, ESGOTO PREDIAL, DN 100 X 100 MM, JUNTA ELÁSTICA, FORNECIDO E INSTALADO EM RAMAL DE DESCARGA OU RAMAL DE ESGOTO SANITÁRIO. AF_08/2022","UN",8,{"$f":"VLOOKUP(B134,'Orçamento Analítico'!$B$6:$I$2743,7,FALSE)","v":48.7},59.939959999999999,479.51,6.7390564148630524E-5]
["10.2.5",89733,"SINAPI","CURVA CURTA 90 GRAUS, PVC, SERIE NORMAL, ESGOTO PREDIAL, DN 50 MM, JUNTA ELÁSTICA, FORNECIDO E INSTALADO EM RAMAL DE DESCARGA OU RAMAL DE ESGOTO SANITÁRIO. AF_08/2022","UN",6,{"$f":"VLOOKUP(B135,'Orçamento Analítico'!$B$6:$I$2743,7,FALSE)","v":21.87},26.917596,161.5,2.2697287043031071E-5]
["10.2.6",89810,"SINAPI","JOELHO 45 GRAUS, PVC, SERIE NORMAL, ESGOTO PREDIAL, DN 100 MM, JUNTA ELÁSTICA, FORNECIDO E INSTALADO EM PRUMADA DE ESGOTO SANITÁRIO OU VENTILAÇÃO. AF_08/2022","UN",2,{"$f":"VLOOKUP(B136,'Orçamento Analítico'!$B$6:$I$2743,7,FALSE)","v":29.380000000000003},36.160904000000002,72.319999999999993,1.0163887300012428E-5]
["10.2.7",89802,"SINAPI","JOELHO 45 GRAUS, PVC, SERIE NORMAL, ESGOTO PREDIAL, DN 50 MM, JUNTA ELÁSTICA, FORNECIDO E INSTALADO EM PRUMADA DE ESGOTO SANITÁRIO OU VENTILAÇÃO. AF_08/2022","UN",20,{"$f":"VLOOKUP(B137,'Orçamento Analítico'!$B$6:$I$2743,7,FALSE)","v":10.64},13.095711999999999,261.91000000000003,3.6808956343283398E-5]
["10.2.8",89728,"SINAPI","CURVA CURTA 90 GRAUS, PVC, SERIE NORMAL, ESGOTO PREDIAL, DN 40 MM, JUNTA SOLDÁVEL, FORNECIDO E INSTALADO EM RAMAL DE DESCARGA OU RAMAL DE ESGOTO SANITÁRIO. AF_08/2022","UN",17,{"$f":"VLOOKUP(B138,'Orçamento Analítico'!$B$6:$I$2743,7,FALSE)","v":12.189999999999998},15.003451999999996,255.05,{"$f":"I138/$H$420","v":3.5844848670743501E-5}]
["10.2.9",89748,"SINAPI","CURVA CURTA 90 GRAUS, PVC, SERIE NORMAL, ESGOTO PREDIAL, DN 100 MM, JUNTA ELÁSTICA, FORNECIDO E INSTALADO EM RAMAL DE DESCARGA OU RAMAL DE ESGOTO SANITÁRIO. AF_08/2022","UN",9,{"$f":"VLOOKUP(B139,'Orçamento Analítico'!$B$6:$I$2743,7,FALSE)","v":39.260000000000005},48.321207999999999,{"$f":"TRUNC(H139*F139,2)","v":434.89},6.1119648062809805E-5]
["10.2.10",89812,"SINAPI","CURVA LONGA 90 GRAUS, PVC, SERIE NORMAL, ESGOTO PREDIAL, DN 100 MM, JUNTA ELÁSTICA, FORNECIDO E INSTALADO EM PRUMADA DE ESGOTO SANITÁRIO OU VENTILAÇÃO. AF_08/2022","UN",1,{"$f":"VLOOKUP(B140,'Orçamento Analítico'!$B$6:$I$2743,7,FALSE)","v":67.86},83.522087999999997,83.52,1.1737940642934707E-5]
["10.2.11",89724,"SINAPI","JOELHO 90 GRAUS, PVC, SERIE NORMAL, ESGOTO PREDIAL, DN 40 MM, JUNTA SOLDÁVEL, FORNECIDO E INSTALADO EM RAMAL DE DESCARGA OU RAMAL DE ESGOTO SANITÁRIO. AF_08/2022","UN",18,{"$f":"VLOOKUP(B141,'Orçamento Analítico'!$B$6:$I$2743,7,FALSE)","v":9.9099999999999984},12.197227999999997,219.55,3.085566173558806E-5]
["10.2.12",89731,"SINAPI","JOELHO 90 GRAUS, PVC, SERIE NORMAL, ESGOTO PREDIAL, DN 50 MM, JUNTA ELÁSTICA, FORNECIDO E INSTALADO EM RAMAL DE DESCARGA OU RAMAL DE ESGOTO SANITÁRIO. AF_08/2022","UN",12,{"$f":"VLOOKUP(B142,'Orçamento Analítico'!$B$6:$I$2743,7,FALSE)","v":15.260000000000002},18.782008000000001,225.38,3.1675012716769922E-5]
["10.2.13",89744,"SINAPI","JOELHO 90 GRAUS, PVC, SERIE NORMAL, ESGOTO PREDIAL, DN 100 MM, JUNTA ELÁSTICA, FORNECIDO E INSTALADO EM RAMAL DE DESCARGA OU RAMAL DE ESGOTO SANITÁRIO. AF_08/2022","UN",8,{"$f":"VLOOKUP(B143,'Orçamento Analítico'!$B$6:$I$2743,7,FALSE)","v":27.5},33.846999999999994,270.77,3.8054144969916549E-5]
["10.2.14",89726,"SINAPI","JOELHO 45 GRAUS, PVC, SERIE NORMAL, ESGOTO PREDIAL, DN 40 MM, JUNTA SOLDÁVEL, FORNECIDO E INSTALADO EM RAMAL DE DESCARGA OU RAMAL DE ESGOTO SANITÁRIO. AF_08/2022","UN",4,{"$f":"VLOOKUP(B144,'Orçamento Analítico'!$B$6:$I$2743,7,FALSE)","v":10.089999999999998},12.418771999999997,49.67,6.9806454949062132E-6]
["10.2.15",89711,"SINAPI","TUBO PVC, SERIE NORMAL, ESGOTO PREDIAL, DN 40 MM, FORNECIDO E INSTALADO EM RAMAL DE DESCARGA OU RAMAL DE ESGOTO SANITÁRIO. AF_08/2022","M",64.510000000000005,{"$f":"VLOOKUP(B145,'Orçamento Analítico'!$B$6:$I$2743,7,FALSE)","v":20.05},24.67754,1591.94,2.2373200702961539E-4]
["10.2.16",89712,"SINAPI","TUBO PVC, SERIE NORMAL, ESGOTO PREDIAL, DN 50 MM, FORNECIDO E INSTALADO EM RAMAL DE DESCARGA OU RAMAL DE ESGOTO SANITÁRIO. AF_08/2022","M",45.9,{"$f":"VLOOKUP(B146,'Orçamento Analítico'!$B$6:$I$2743,7,FALSE)","v":24.82},30.548455999999998,1402.17,1.9706164070047605E-4]
["10.2.17",89713,"SINAPI","TUBO PVC, SERIE NORMAL, ESGOTO PREDIAL, DN 75 MM, FORNECIDO E INSTALADO EM RAMAL DE DESCARGA OU RAMAL DE ESGOTO SANITÁRIO. AF_08/2022","M",0.83,{"$f":"VLOOKUP(B147,'Orçamento Analítico'!$B$6:$I$2743,7,FALSE)","v":30.75},37.847099999999998,31.41,4.4143763840347118E-6]
["10.2.18",89714,"SINAPI","TUBO PVC, SERIE NORMAL, ESGOTO PREDIAL, DN 100 MM, FORNECIDO E INSTALADO EM RAMAL DE DESCARGA OU RAMAL DE ESGOTO SANITÁRIO. AF_08/2022","M",216.07,{"$f":"VLOOKUP(B148,'Orçamento Analítico'!$B$6:$I$2743,7,FALSE)","v":34.57},42.548755999999997,9193.5,1.2920588757282115E-3]
["10.2.19",104341,"SINAPI","BUCHA DE REDUÇÃO LONGA, PVC, SÉRIE NORMAL, ESGOTO PREDIAL, DN 50 X 40 MM, JUNTA SOLDÁVEL E ELÁSTICA, FORNECIDO E INSTALADO EM RAMAL DE DESCARGA OU RAMAL DE ESGOTO SANITÁRIO. AF_08/2022","UN",6,{"$f":"VLOOKUP(B149,'Orçamento Analítico'!$B$6:$I$2743,7,FALSE)","v":10.76},13.243407999999999,79.459999999999994,1.1167346306125379E-5]
["10.2.20",89796,"SINAPI","TE, PVC, SERIE NORMAL, ESGOTO PREDIAL, DN 100 X 100 MM, JUNTA ELÁSTICA, FORNECIDO E INSTALADO EM RAMAL DE DESCARGA OU RAMAL DE ESGOTO SANITÁRIO. AF_08/2022","UN",3,{"$f":"VLOOKUP(B150,'Orçamento Analítico'!$B$6:$I$2743,7,FALSE)","v":42.41},52.198227999999993,156.59,2.2007233300732111E-5]
["10.2.21",89746,"SINAPI","JOELHO 45 GRAUS, PVC, SERIE NORMAL, ESGOTO PREDIAL, DN 100 MM, JUNTA ELÁSTICA, FORNECIDO E INSTALADO EM RAMAL DE DESCARGA OU RAMAL DE ESGOTO SANITÁRIO. AF_08/2022","UN",2,{"$f":"VLOOKUP(B151,'Orçamento Analítico'!$B$6:$I$2743,7,FALSE)","v":28.16},34.659327999999995,69.31,9.7408604641020666E-6]
["10.2.22",89801,"SINAPI","JOELHO 90 GRAUS, PVC, SERIE NORMAL, ESGOTO PREDIAL, DN 50 MM, JUNTA ELÁSTICA, FORNECIDO E INSTALADO EM PRUMADA DE ESGOTO SANITÁRIO OU VENTILAÇÃO. AF_08/2022","UN",10,{"$f":"VLOOKUP(B152,'Orçamento Analítico'!$B$6:$I$2743,7,FALSE)","v":10.07},12.394155999999999,123.94,1.7418586725159571E-5]
["10.2.23",89827,"SINAPI","JUNÇÃO SIMPLES, PVC, SERIE NORMAL, ESGOTO PREDIAL, DN 50 X 50 MM, JUNTA ELÁSTICA, FORNECIDO E INSTALADO EM PRUMADA DE ESGOTO SANITÁRIO OU VENTILAÇÃO. AF_08/2022","UN",5,{"$f":"VLOOKUP(B153,'Orçamento Analítico'!$B$6:$I$2743,7,FALSE)","v":18.98},23.360583999999999,116.8,1.641512771904662E-5]
["10.2.24",89801,"SINAPI","JOELHO 90 GRAUS, PVC, SERIE NORMAL, ESGOTO PREDIAL, DN 50 MM, JUNTA ELÁSTICA, FORNECIDO E INSTALADO EM PRUMADA DE ESGOTO SANITÁRIO OU VENTILAÇÃO. AF_08/2022","UN",1,{"$f":"VLOOKUP(B154,'Orçamento Analítico'!$B$6:$I$2743,7,FALSE)","v":10.07},12.394155999999999,12.39,1.7412965106077709E-6]
["10.2.25",89802,"SINAPI","JOELHO 45 GRAUS, PVC, SERIE NORMAL, ESGOTO PREDIAL, DN 50 MM, JUNTA ELÁSTICA, FORNECIDO E INSTALADO EM PRUMADA DE ESGOTO SANITÁRIO OU VENTILAÇÃO. AF_08/2022","UN",1,{"$f":"VLOOKUP(B155,'Orçamento Analítico'!$B$6:$I$2743,7,FALSE)","v":10.64},13.095711999999999,13.09,1.8396748445404131E-6]
["10.2.26",89798,"SINAPI","TUBO PVC, SERIE NORMAL, ESGOTO PREDIAL, DN 50 MM, FORNECIDO E INSTALADO EM PRUMADA DE ESGOTO SANITÁRIO OU VENTILAÇÃO. AF_08/2022","M",40,{"$f":"VLOOKUP(B156,'Orçamento Analítico'!$B$6:$I$2743,7,FALSE)","v":10.990000000000002},13.526492000000001,541.04999999999995,7.6039425106080256E-5]
["10.2.27",89800,"SINAPI","TUBO PVC, SERIE NORMAL, ESGOTO PREDIAL, DN 100 MM, FORNECIDO E INSTALADO EM PRUMADA DE ESGOTO SANITÁRIO OU VENTILAÇÃO. AF_08/2022","M",50,{"$f":"VLOOKUP(B157,'Orçamento Analítico'!$B$6:$I$2743,7,FALSE)","v":25.48},31.360783999999999,1568.03,2.203716842234304E-4]
["10.2.28",104356,"SINAPI","TERMINAL DE VENTILAÇÃO, PVC, SÉRIE NORMAL, ESGOTO PREDIAL, DN 100 MM, JUNTA SOLDÁVEL, FORNECIDO E INSTALADO EM PRUMADA DE ESGOTO SANITÁRIO OU VENTILAÇÃO. AF_08/2022","UN",10,{"$f":"VLOOKUP(B158,'Orçamento Analítico'!$B$6:$I$2743,7,FALSE)","v":25.75},31.693099999999998,316.93,4.4541493390389091E-5]
["10.2.29",93358,"SINAPI","ESCAVAÇÃO MANUAL DE VALA. AF_09/2024","m³",45.82,{"$f":"VLOOKUP(B159,'Orçamento Analítico'!$B$6:$I$2743,7,FALSE)","v":84.33},103.79336399999998,4755.8100000000004,6.6838380614314306E-4]
["10.3","",null,"LOUÇAS, METAIS, CAIXAS E ACESSÓRIOS",null,1,null,null,{"$f":"SUM(I161:I188)","v":169449.03},2.3814447511289062E-2]
["10.3.1",100860,"SINAPI","CHUVEIRO ELÉTRICO COMUM CORPO PLÁSTICO, TIPO DUCHA - FORNECIMENTO E INSTALAÇÃO. AF_01/2020","UN",1,{"$f":"VLOOKUP(B161,'Orçamento Analítico'!$B$6:$I$2743,7,FALSE)","v":131.65},{"$f":"G161*(1+$G$2)","v":162.03482},162.03,2.2771773495865787E-5]
["10.3.2",100858,"SINAPI","MICTÓRIO SIFONADO LOUÇA BRANCA - PADRÃO MÉDIO - FORNECIMENTO E INSTALAÇÃO. AF_01/2020","UN",6,{"$f":"VLOOKUP(B162,'Orçamento Analítico'!$B$6:$I$2743,7,FALSE)","v":729.52999999999986},897.90552399999979,5387.43,7.5715198225533682E-4]
["10.3.3",86909,"SINAPI","TORNEIRA CROMADA TUBO MÓVEL, DE MESA, 1/2\" OU 3/4\", PARA PIA DE COZINHA, PADRÃO ALTO - FORNECIMENTO E INSTALAÇÃO. AF_01/2020","UN",3,{"$f":"VLOOKUP(B163,'Orçamento Analítico'!$B$6:$I$2743,7,FALSE)","v":248.91},306.35842799999995,919.07,1.291665362392481E-4]
["10.3.4",86915,"SINAPI","TORNEIRA CROMADA DE MESA, 1/2\" OU 3/4\", PARA LAVATÓRIO, PADRÃO MÉDIO - FORNECIMENTO E INSTALAÇÃO. AF_01/2020","UN",14,{"$f":"VLOOKUP(B164,'Orçamento Analítico'!$B$6:$I$2743,7,FALSE)","v":276.33},340.10696399999995,4761.49,6.6918207605276786E-4]
["10.3.5",86888,"SINAPI","VASO SANITÁRIO SIFONADO COM CAIXA ACOPLADA LOUÇA BRANCA - FORNECIMENTO E INSTALAÇÃO. AF_01/2020","UN",15,{"$f":"VLOOKUP(B165,'Orçamento Analítico'!$B$6:$I$2743,7,FALSE)","v":449.84},553.66307199999994,8304.94,1.1671802294436562E-3]
["10.3.6",95471,"SINAPI","VASO SANITARIO SIFONADO CONVENCIONAL PARA PCD SEM FURO FRONTAL COM  LOUÇA BRANCA SEM ASSENTO -  FORNECIMENTO E INSTALAÇÃO. AF_01/2020","UN",1,{"$f":"VLOOKUP(B166,'Orçamento Analítico'!$B$6:$I$2743,7,FALSE)","v":713.71999999999991},878.44657599999982,878.44,1.2345637665684344E-4]
["10.3.7",102617,"SINAPI","CAIXA D´ÁGUA EM POLIÉSTER REFORÇADO COM FIBRA DE VIDRO, 5000 LITROS - FORNECIMENTO E INSTALAÇÃO. AF_06/2021","UN",2,{"$f":"VLOOKUP(B167,'Orçamento Analítico'!$B$6:$I$2743,7,FALSE)","v":3332.3},4101.3948399999999,8202.7800000000007,1.1528226143085723E-3]
["10.3.8",101801,"SINAPI","CAIXA COM GRELHA RETANGULAR DE FERRO FUNDIDO, EM ALVENARIA COM BLOCOS DE CONCRETO, DIMENSÕES INTERNAS: 0,30 X 1,00 X 1,00. AF_12/2020","UN",7,{"$f":"VLOOKUP(B168,'Orçamento Analítico'!$B$6:$I$2743,7,FALSE)","v":1139.1199999999999},1402.0288959999998,9814.2000000000007,1.3792923498310561E-3]
["10.3.9",97906,"SINAPI","CAIXA ENTERRADA HIDRÁULICA RETANGULAR, EM ALVENARIA COM BLOCOS DE CONCRETO, DIMENSÕES INTERNAS: 0,6X0,6X0,6 M PARA REDE DE ESGOTO. AF_12/2020","UN",7,{"$f":"VLOOKUP(B169,'Orçamento Analítico'!$B$6:$I$2743,7,FALSE)","v":505.24},621.84939199999997,4352.9399999999996,6.117642641553663E-4]
["10.3.10",104329,"SINAPI","CAIXA SIFONADA, COM GRELHA REDONDA, PVC, DN 150 X 150 X 50 MM, JUNTA SOLDÁVEL, FORNECIDA E INSTALADA EM RAMAL DE DESCARGA OU EM RAMAL DE ESGOTO SANITÁRIO. AF_08/2022","UN",8,{"$f":"VLOOKUP(B170,'Orçamento Analítico'!$B$6:$I$2743,7,FALSE)","v":94.63},116.47060399999998,931.76,1.3094999489296984E-4]
["10.3.11",89709,"SINAPI","RALO SIFONADO, PVC, DN 100 X 40 MM, JUNTA SOLDÁVEL, FORNECIDO E INSTALADO EM RAMAL DE DESCARGA OU EM RAMAL DE ESGOTO SANITÁRIO. AF_08/2022","UN",1,{"$f":"VLOOKUP(B171,'Orçamento Analítico'!$B$6:$I$2743,7,FALSE)","v":24.36},29.982287999999997,29.98,4.2134035018580284E-6]
["10.3.12",86889,"SINAPI","BANCADA DE GRANITO CINZA POLIDO, DE 1,50 X 0,60 M, PARA PIA DE COZINHA - FORNECIMENTO E INSTALAÇÃO. AF_01/2020","UN",3,{"$f":"VLOOKUP(B172,'Orçamento Analítico'!$B$6:$I$2743,7,FALSE)","v":1053.73},1296.9308839999999,3890.79,5.4681348268826539E-4]
["10.3.13",86936,"SINAPI","CUBA DE EMBUTIR DE AÇO INOXIDÁVEL MÉDIA, INCLUSO VÁLVULA TIPO AMERICANA E SIFÃO TIPO GARRAFA EM METAL CROMADO - FORNECIMENTO E INSTALAÇÃO. AF_01/2020","UN",3,{"$f":"VLOOKUP(B173,'Orçamento Analítico'!$B$6:$I$2743,7,FALSE)","v":579.12},712.78089599999998,2138.34,3.0052332368789514E-4]
["10.3.14",86895,"SINAPI","BANCADA DE GRANITO CINZA POLIDO, DE 0,50 X 0,60 M, PARA LAVATÓRIO - FORNECIMENTO E INSTALAÇÃO. AF_01/2020","UN",14,{"$f":"VLOOKUP(B174,'Orçamento Analítico'!$B$6:$I$2743,7,FALSE)","v":446.08},549.03526399999998,7686.49,1.0802629714141666E-3]
["10.3.15",86937,"SINAPI","CUBA DE EMBUTIR OVAL EM LOUÇA BRANCA, 35 X 50CM OU EQUIVALENTE, INCLUSO VÁLVULA EM METAL CROMADO E SIFÃO FLEXÍVEL EM PVC - FORNECIMENTO E INSTALAÇÃO. AF_01/2020","UN",14,{"$f":"VLOOKUP(B175,'Orçamento Analítico'!$B$6:$I$2743,7,FALSE)","v":225.14},277.10231199999998,3879.43,5.4521694286901567E-4]
["10.3.16",86922,"SINAPI","TANQUE DE LOUÇA BRANCA SUSPENSO, 18L OU EQUIVALENTE, INCLUSO SIFÃO TIPO GARRAFA EM METAL CROMADO, VÁLVULA METÁLICA E TORNEIRA DE METAL CROMADO PADRÃO MÉDIO - FORNECIMENTO E INSTALAÇÃO. AF_01/2020","UN",2,{"$f":"VLOOKUP(B176,'Orçamento Analítico'!$B$6:$I$2743,7,FALSE)","v":980.93000000000006},1207.3286439999999,2414.65,3.3935606290065004E-4]
["10.3.17",95546,"SINAPI","KIT DE ACESSORIOS PARA BANHEIRO EM METAL CROMADO, 5 PECAS, INCLUSO FIXAÇÃO. AF_01/2020","UN",5,{"$f":"VLOOKUP(B177,'Orçamento Analítico'!$B$6:$I$2743,7,FALSE)","v":237.54},292.36423199999996,1461.82,2.0544488015630761E-4]
["10.3.18",100849,"SINAPI","ASSENTO SANITÁRIO CONVENCIONAL - FORNECIMENTO E INSTALACAO. AF_01/2020","UN",16,{"$f":"VLOOKUP(B178,'Orçamento Analítico'!$B$6:$I$2743,7,FALSE)","v":39},48.001199999999997,768.01,1.0793649177658386E-4]
["10.3.19",100868,"SINAPI","BARRA DE APOIO RETA, EM ACO INOX POLIDO, COMPRIMENTO 80 CM,  FIXADA NA PAREDE - FORNECIMENTO E INSTALAÇÃO. AF_01/2020","UN",3,{"$f":"VLOOKUP(B179,'Orçamento Analítico'!$B$6:$I$2743,7,FALSE)","v":439.74},541.23199199999999,1623.69,2.2819416717584595E-4]
["10.3.20",100874,"SINAPI","PUXADOR PARA PCD, FIXADO NA PORTA - FORNECIMENTO E INSTALAÇÃO. AF_01/2020","UN",2,{"$f":"VLOOKUP(B180,'Orçamento Analítico'!$B$6:$I$2743,7,FALSE)","v":398.37},490.31379599999997,980.62,1.378168026014683E-4]
["10.3.21",98110,"SINAPI","CAIXA DE GORDURA PEQUENA (CAPACIDADE: 19 L), CIRCULAR, EM PVC, DIÂMETRO INTERNO= 0,3 M. AF_12/2020","UN",2,{"$f":"VLOOKUP(B181,'Orçamento Analítico'!$B$6:$I$2743,7,FALSE)","v":491.74},605.23359199999993,1210.46,1.7011862584586621E-4]
["10.3.22",97908,"SINAPI","CAIXA ENTERRADA HIDRÁULICA RETANGULAR, EM ALVENARIA COM BLOCOS DE CONCRETO, DIMENSÕES INTERNAS: 1X1X0,6 M PARA REDE DE ESGOTO. AF_12/2020","UN",8,{"$f":"VLOOKUP(B182,'Orçamento Analítico'!$B$6:$I$2743,7,FALSE)","v":868.1099999999999},1068.4697879999999,8547.75,1.201304862675349E-3]
["10.3.23",95635,"SINAPI","KIT CAVALETE PARA MEDIÇÃO DE ÁGUA - ENTRADA PRINCIPAL, EM PVC 25 MM (3/4\") - FORNECIMENTO E INSTALAÇÃO (EXCLUSIVE HIDRÔMETRO). AF_03/2024","UN",1,{"$f":"VLOOKUP(B183,'Orçamento Analítico'!$B$6:$I$2743,7,FALSE)","v":212.59},261.65577199999996,261.64999999999998,3.6772415819251264E-5]
["10.3.24",95676,"SINAPI","CAIXA EM CONCRETO PRÉ-MOLDADO PARA ABRIGO DE HIDRÔMETRO COM DN 20 MM - FORNECIMENTO E INSTALAÇÃO. AF_03/2024","UN",1,{"$f":"VLOOKUP(B184,'Orçamento Analítico'!$B$6:$I$2743,7,FALSE)","v":150.47},185.19847599999997,185.19,2.6026690944265786E-5]
["10.3.25",98087,"SINAPI","TANQUE SÉPTICO RETANGULAR, EM ALVENARIA COM BLOCOS DE CONCRETO, DIMENSÕES INTERNAS: 1,6 X 4,6 X H=2,4 M, VOLUME ÚTIL: 14720 L (PARA 105 CONTRIBUINTES). AF_12/2020","UN",1,{"$f":"VLOOKUP(B185,'Orçamento Analítico'!$B$6:$I$2743,7,FALSE)","v":12927.33},15910.957763999999,15910.95,2.2361325032651098E-3]
["10.3.26",98093,"SINAPI","FILTRO ANAERÓBIO RETANGULAR, EM ALVENARIA COM BLOCOS DE CONCRETO, DIMENSÕES INTERNAS: 1,6 X 5,6 X H=1,67 M, VOLUME ÚTIL: 10752 L (PARA 103 CONTRIBUINTES). AF_12/2020","UN",1,{"$f":"VLOOKUP(B186,'Orçamento Analítico'!$B$6:$I$2743,7,FALSE)","v":17986.889999999996},22138.264211999995,22138.26,3.1113216213823716E-3]
["10.3.27",98101,"SINAPI","SUMIDOURO RETANGULAR, EM ALVENARIA COM BLOCOS DE CONCRETO, DIMENSÕES INTERNAS: 1,6 X 5,8 X H=3,0 M, ÁREA DE INFILTRAÇÃO: 50 M² (PARA 20 CONTRIBUINTES). . AF_12/2020","UN",4,{"$f":"VLOOKUP(B187,'Orçamento Analítico'!$B$6:$I$2743,7,FALSE)","v":10481.209999999997},12900.273267999995,51601.09,7.2520418047261927E-3]
["10.3.28",102281,"SINAPI","ESCAVAÇÃO MECANIZADA DE VALA COM PROF. MAIOR QUE 1,5 M ATÉ 3,0 M (MÉDIA MONTANTE E JUSANTE/UMA COMPOSIÇÃO POR TRECHO),COM ESCAVADEIRA (1,2 M3),LARG. DE 1,5 M A 2,5 M, EM SOLO DE 1A CATEGORIA, LOCAIS COM BAIXO NÍVEL DE INTERFERÊNCIA. AF_09/2024","m³",143.97999999999999,{"$f":"VLOOKUP(B188,'Orçamento Analítico'!$B$6:$I$2743,7,FALSE)","v":5.67},6.978635999999999,1004.78,1.4121226052691492E-4]
["11","",null,"INSTALAÇÕES ELÉTRICAS",null,1,null,null,{"$f":"I190+I228","v":331108.27999999997},4.6534115625289807E-2]
["11.1","",null,"INSTALAÇÕES ELÉTRICAS E DE LÓGICA",null,1,null,null,{"$f":"SUM(I191:I227)","v":280955.34999999998},3.9485598917803462E-2]
["11.1.1","COMP. SEDE  22","Próprio","ELETROCALHA LISA OU PERFURADA EM AÇO GALVANIZADO, LARGURA 50MM E ALTURA 50MM, INCLUSIVE EMENDA E FIXAÇÃO - FORNECIMENTO E INSTALAÇÃO","M",585,{"$f":"VLOOKUP(B191,'Orçamento Analítico'!$B$6:$I$2743,7,FALSE)","v":65.08},{"$f":"G191*(1+$G$2)","v":80.100463999999988},46858.77,6.5855538896184085E-3]
["11.1.2","COMP. SEDE  23","Próprio","ELETROCALHA LISA OU PERFURADA EM AÇO GALVANIZADO, LARGURA 100MM E ALTURA 50MM, INCLUSIVE EMENDA E FIXAÇÃO - FORNECIMENTO E INSTALAÇÃO","M",201,{"$f":"VLOOKUP(B192,'Orçamento Analítico'!$B$6:$I$2743,7,FALSE)","v":68.809999999999988},84.691347999999977,17022.96,2.392414919145735E-3]
["11.1.3",91854,"SINAPI","ELETRODUTO FLEXÍVEL CORRUGADO, PVC, DN 25 MM (3/4\"), PARA CIRCUITOS TERMINAIS, INSTALADO EM PAREDE - FORNECIMENTO E INSTALAÇÃO. AF_03/2023","M",972.5,{"$f":"VLOOKUP(B193,'Orçamento Analítico'!$B$6:$I$2743,7,FALSE)","v":10.29},12.664931999999999,12316.64,1.7309864612116298E-3]
["11.1.4",91926,"SINAPI","CABO DE COBRE FLEXÍVEL ISOLADO, 2,5 MM², ANTI-CHAMA 450/750 V, PARA CIRCUITOS TERMINAIS - FORNECIMENTO E INSTALAÇÃO. AF_03/2023","M",8181.56,{"$f":"VLOOKUP(B194,'Orçamento Analítico'!$B$6:$I$2743,7,FALSE)","v":4.99},6.1416919999999999,50248.62,7.0619650257349349E-3]
["11.1.5",91928,"SINAPI","CABO DE COBRE FLEXÍVEL ISOLADO, 4 MM², ANTI-CHAMA 450/750 V, PARA CIRCUITOS TERMINAIS - FORNECIMENTO E INSTALAÇÃO. AF_03/2023","M",2346.06,{"$f":"VLOOKUP(B195,'Orçamento Analítico'!$B$6:$I$2743,7,FALSE)","v":7.78},9.5756239999999995,22464.98,3.1572390060430476E-3]
["11.1.6",101886,"SINAPI","CABO DE COBRE ISOLADO, 16 MM², ANTI-CHAMA 450/750 V, INSTALADO EM ELETROCALHA OU PERFILADO - FORNECIMENTO E INSTALAÇÃO. AF_10/2020","M",266.89999999999998,{"$f":"VLOOKUP(B196,'Orçamento Analítico'!$B$6:$I$2743,7,FALSE)","v":18.939999999999998},23.311351999999996,6221.79,8.7441333468396467E-4]
["11.1.7",92986,"SINAPI","CABO DE COBRE FLEXÍVEL ISOLADO, 35 MM², ANTI-CHAMA 0,6/1,0 KV, PARA REDE ENTERRADA DE DISTRIBUIÇÃO DE ENERGIA ELÉTRICA - FORNECIMENTO E INSTALAÇÃO. AF_12/2021","M",111.6,{"$f":"VLOOKUP(B197,'Orçamento Analítico'!$B$6:$I$2743,7,FALSE)","v":46.34},57.035271999999999,6365.13,8.9455840666382896E-4]
["11.1.8",91953,"SINAPI","INTERRUPTOR SIMPLES (1 MÓDULO), 10A/250V, INCLUINDO SUPORTE E PLACA - FORNECIMENTO E INSTALAÇÃO. AF_03/2023","UN",37,{"$f":"VLOOKUP(B198,'Orçamento Analítico'!$B$6:$I$2743,7,FALSE)","v":32.909999999999997},40.505627999999994,1498.7,2.1062801294978743E-4]
["11.1.9",91955,"SINAPI","INTERRUPTOR PARALELO (1 MÓDULO), 10A/250V, INCLUINDO SUPORTE E PLACA - FORNECIMENTO E INSTALAÇÃO. AF_03/2023","UN",6,{"$f":"VLOOKUP(B199,'Orçamento Analítico'!$B$6:$I$2743,7,FALSE)","v":39.96},49.182767999999996,295.08999999999997,4.1472089371690643E-5]
["11.1.10",91959,"SINAPI","INTERRUPTOR SIMPLES (2 MÓDULOS), 10A/250V, INCLUINDO SUPORTE E PLACA - FORNECIMENTO E INSTALAÇÃO. AF_03/2023","UN",18,{"$f":"VLOOKUP(B200,'Orçamento Analítico'!$B$6:$I$2743,7,FALSE)","v":50.4},62.032319999999991,1116.58,1.5692468586072839E-4]
["11.1.11",91969,"SINAPI","INTERRUPTOR PARALELO (3 MÓDULOS), 10A/250V, INCLUINDO SUPORTE E PLACA - FORNECIMENTO E INSTALAÇÃO. AF_03/2023","UN",2,{"$f":"VLOOKUP(B201,'Orçamento Analítico'!$B$6:$I$2743,7,FALSE)","v":88.960000000000008},109.491968,218.98,3.0775553663671478E-5]
["11.1.12",91967,"SINAPI","INTERRUPTOR SIMPLES (3 MÓDULOS), 10A/250V, INCLUINDO SUPORTE E PLACA - FORNECIMENTO E INSTALAÇÃO. AF_03/2023","UN",4,{"$f":"VLOOKUP(B202,'Orçamento Analítico'!$B$6:$I$2743,7,FALSE)","v":67.89},83.559011999999996,334.23,{"$f":"I202/$H$420","v":4.6972843643295824E-5}]
["11.1.13",91996,"SINAPI","TOMADA MÉDIA DE EMBUTIR (1 MÓDULO), 2P+T 10 A, INCLUINDO SUPORTE E PLACA - FORNECIMENTO E INSTALAÇÃO. AF_03/2023","UN",66,{"$f":"VLOOKUP(B203,'Orçamento Analítico'!$B$6:$I$2743,7,FALSE)","v":38.54},47.435031999999993,{"$f":"TRUNC(H203*F203,2)","v":3130.71},4.3999147689466133E-4]
["11.1.14",92000,"SINAPI","TOMADA BAIXA DE EMBUTIR (1 MÓDULO), 2P+T 10 A, INCLUINDO SUPORTE E PLACA - FORNECIMENTO E INSTALAÇÃO. AF_03/2023","UN",69,{"$f":"VLOOKUP(B204,'Orçamento Analítico'!$B$6:$I$2743,7,FALSE)","v":34.64},42.634912,2941.8,4.1344197537578211E-4]
["11.1.15",92004,"SINAPI","TOMADA MÉDIA DE EMBUTIR (2 MÓDULOS), 2P+T 10 A, INCLUINDO SUPORTE E PLACA - FORNECIMENTO E INSTALAÇÃO. AF_03/2023","UN",76,{"$f":"VLOOKUP(B205,'Orçamento Analítico'!$B$6:$I$2743,7,FALSE)","v":61.65},75.87881999999999,5766.79,8.104674176277471E-4]
["11.1.16",92008,"SINAPI","TOMADA BAIXA DE EMBUTIR (2 MÓDULOS), 2P+T 10 A, INCLUINDO SUPORTE E PLACA - FORNECIMENTO E INSTALAÇÃO. AF_03/2023","UN",81,{"$f":"VLOOKUP(B206,'Orçamento Analítico'!$B$6:$I$2743,7,FALSE)","v":53.79},66.204731999999993,5362.58,7.5365955140072798E-4]
["11.1.17",101880,"SINAPI","QUADRO DE DISTRIBUIÇÃO DE ENERGIA EM CHAPA DE AÇO GALVANIZADO, DE EMBUTIR, COM BARRAMENTO TRIFÁSICO, PARA 30 DISJUNTORES DIN 150A - FORNECIMENTO E INSTALAÇÃO. AF_10/2020","UN",2,{"$f":"VLOOKUP(B207,'Orçamento Analítico'!$B$6:$I$2743,7,FALSE)","v":691.78},851.44282399999986,1702.88,2.3932356755316877E-4]
["11.1.18",101882,"SINAPI","QUADRO DE DISTRIBUIÇÃO DE ENERGIA EM CHAPA DE AÇO GALVANIZADO, DE EMBUTIR, COM BARRAMENTO TRIFÁSICO, PARA 30 DISJUNTORES DIN 225A - FORNECIMENTO E INSTALAÇÃO. AF_10/2020","UN",2,{"$f":"VLOOKUP(B208,'Orçamento Analítico'!$B$6:$I$2743,7,FALSE)","v":1324.62},1630.3422959999998,3260.68,4.5825752269641209E-4]
["11.1.19",93654,"SINAPI","DISJUNTOR MONOPOLAR TIPO DIN, CORRENTE NOMINAL DE 16A - FORNECIMENTO E INSTALAÇÃO. AF_10/2020","UN",31,{"$f":"VLOOKUP(B209,'Orçamento Analítico'!$B$6:$I$2743,7,FALSE)","v":12.04},14.818831999999997,459.38,6.4561484345681814E-5]
["11.1.20",93655,"SINAPI","DISJUNTOR MONOPOLAR TIPO DIN, CORRENTE NOMINAL DE 20A - FORNECIMENTO E INSTALAÇÃO. AF_10/2020","UN",8,{"$f":"VLOOKUP(B210,'Orçamento Analítico'!$B$6:$I$2743,7,FALSE)","v":13},16.000399999999999,128,1.7989181061968898E-5]
["11.1.21",93656,"SINAPI","DISJUNTOR MONOPOLAR TIPO DIN, CORRENTE NOMINAL DE 25A - FORNECIMENTO E INSTALAÇÃO. AF_10/2020","UN",4,{"$f":"VLOOKUP(B211,'Orçamento Analítico'!$B$6:$I$2743,7,FALSE)","v":13.89},17.095811999999999,68.38,9.6101578204486969E-6]
["11.1.22",93657,"SINAPI","DISJUNTOR MONOPOLAR TIPO DIN, CORRENTE NOMINAL DE 32A - FORNECIMENTO E INSTALAÇÃO. AF_10/2020","UN",1,{"$f":"VLOOKUP(B212,'Orçamento Analítico'!$B$6:$I$2743,7,FALSE)","v":15.43},18.991243999999998,18.989999999999998,2.668863659115542E-6]
["11.1.23",93673,"SINAPI","DISJUNTOR TRIPOLAR TIPO DIN, CORRENTE NOMINAL DE 50A - FORNECIMENTO E INSTALAÇÃO. AF_10/2020","UN",2,{"$f":"VLOOKUP(B213,'Orçamento Analítico'!$B$6:$I$2743,7,FALSE)","v":98.08},120.71686399999999,241.43,3.393068737336837E-5]
["11.1.24",101895,"SINAPI","DISJUNTOR TERMOMAGNÉTICO TRIPOLAR , CORRENTE NOMINAL DE 125A - FORNECIMENTO E INSTALAÇÃO. AF_10/2020","UN",1,{"$f":"VLOOKUP(B214,'Orçamento Analítico'!$B$6:$I$2743,7,FALSE)","v":428.81},527.77934799999991,527.77,7.4173047570900977E-5]
["11.1.25",101946,"SINAPI","QUADRO DE MEDIÇÃO GERAL DE ENERGIA PARA 1 MEDIDOR DE SOBREPOR - FORNECIMENTO E INSTALAÇÃO. AF_10/2020","UN",1,{"$f":"VLOOKUP(B215,'Orçamento Analítico'!$B$6:$I$2743,7,FALSE)","v":122.89999999999999},151.26531999999997,151.26,2.1258152558073557E-5]
["11.1.26","11ª SR - COMP. 14","Próprio","LUMINÁRIA PAINEL LED PLAFON QUADRADO 40X40CM EMBUTIR 6000K LUZ BRANCA 36W BIVOLT","UN",320,{"$f":"VLOOKUP(B216,'Orçamento Analítico'!$B$6:$I$2743,7,FALSE)","v":90.5},111.38739999999999,35643.96,5.00941914223107E-3]
["11.1.27",101532,"SINAPI","ENTRADA DE ENERGIA ELÉTRICA, SUBTERRÂNEA, TRIFÁSICA, COM CAIXA DE SOBREPOR, CABO DE 35 MM2 E DISJUNTOR DIN 50A (NÃO INCLUSA MURETA DE ALVENARIA). AF_07/2020_PS","UN",1,{"$f":"VLOOKUP(B217,'Orçamento Analítico'!$B$6:$I$2743,7,FALSE)","v":2050.33},2523.5461639999999,2523.54,3.5465951544625779E-4]
["11.1.28",93008,"SINAPI","ELETRODUTO RÍGIDO ROSCÁVEL, PVC, DN 50 MM (1 1/2\"), PARA REDE ENTERRADA DE DISTRIBUIÇÃO DE ENERGIA ELÉTRICA - FORNECIMENTO E INSTALAÇÃO. AF_12/2021","M",3,{"$f":"VLOOKUP(B218,'Orçamento Analítico'!$B$6:$I$2743,7,FALSE)","v":21.490000000000002},26.449891999999998,79.34,1.1150481448879785E-5]
["11.1.29",93009,"SINAPI","ELETRODUTO RÍGIDO ROSCÁVEL, PVC, DN 60 MM (2\"), PARA REDE ENTERRADA DE DISTRIBUIÇÃO DE ENERGIA ELÉTRICA - FORNECIMENTO E INSTALAÇÃO. AF_12/2021","M",30,{"$f":"VLOOKUP(B219,'Orçamento Analítico'!$B$6:$I$2743,7,FALSE)","v":32.29},39.742531999999997,1192.27,1.6756219456838796E-4]
["11.1.30",93010,"SINAPI","ELETRODUTO RÍGIDO ROSCÁVEL, PVC, DN 75 MM (2 1/2\"), PARA REDE ENTERRADA DE DISTRIBUIÇÃO DE ENERGIA ELÉTRICA - FORNECIMENTO E INSTALAÇÃO. AF_12/2021","M",70,{"$f":"VLOOKUP(B220,'Orçamento Analítico'!$B$6:$I$2743,7,FALSE)","v":45.339999999999996},55.80447199999999,3906.31,5.4899467089202913E-4]
["11.1.31",97607,"SINAPI","LUMINÁRIA ARANDELA TIPO TARTARUGA, DE SOBREPOR, COM 1 LÂMPADA LED DE 6 W, SEM REATOR - FORNECIMENTO E INSTALAÇÃO. AF_09/2024","UN",14,{"$f":"VLOOKUP(B221,'Orçamento Analítico'!$B$6:$I$2743,7,FALSE)","v":92.45},113.78746,1593.02,2.2388379074482574E-4]
["11.1.32",100619,"SINAPI","POSTE DECORATIVO PARA JARDIM EM AÇO TUBULAR, H = *2,5* M, SEM LUMINÁRIA - FORNECIMENTO E INSTALAÇÃO. AF_11/2019","UN",10,{"$f":"VLOOKUP(B222,'Orçamento Analítico'!$B$6:$I$2743,7,FALSE)","v":633.16999999999996},779.30563599999994,7793.05,1.0952389646482557E-3]
["11.1.33",101654,"SINAPI","LUMINÁRIA DE LED PARA ILUMINAÇÃO PÚBLICA, DE 33 W ATÉ 50 W - FORNECIMENTO E INSTALAÇÃO. AF_08/2020","UN",10,{"$f":"VLOOKUP(B223,'Orçamento Analítico'!$B$6:$I$2743,7,FALSE)","v":227.79000000000002},280.36393199999998,2803.63,3.9402349766224894E-4]
["11.1.34",97891,"SINAPI","CAIXA ENTERRADA ELÉTRICA RETANGULAR, EM ALVENARIA COM BLOCOS DE CONCRETO, FUNDO COM BRITA, DIMENSÕES INTERNAS: 0,4X0,4X0,4 M. AF_12/2020","UN",15,{"$f":"VLOOKUP(B224,'Orçamento Analítico'!$B$6:$I$2743,7,FALSE)","v":233.78000000000003},287.736424,4316.04,6.0657832055234571E-4]
["11.1.35",91836,"SINAPI","ELETRODUTO FLEXÍVEL CORRUGADO, PVC, DN 32 MM (1\"), PARA CIRCUITOS TERMINAIS, INSTALADO EM FORRO - FORNECIMENTO E INSTALAÇÃO. AF_03/2023_PA","M",420,{"$f":"VLOOKUP(B225,'Orçamento Analítico'!$B$6:$I$2743,7,FALSE)","v":22.96},28.259167999999999,11868.85,1.6680538409949185E-3]
["11.1.36",91940,"SINAPI","CAIXA RETANGULAR 4\" X 2\" MÉDIA (1,30 M DO PISO), PVC, INSTALADA EM PAREDE - FORNECIMENTO E INSTALAÇÃO. AF_03/2023","UN",358,{"$f":"VLOOKUP(B226,'Orçamento Analítico'!$B$6:$I$2743,7,FALSE)","v":19.3},23.754439999999999,8504.08,1.1951674600427225E-3]
["11.1.37","COMP. SEDE  24","Próprio","PONTO DE EMBUTIR SECO, PARA UMA (1) PLACA CEGA 4\"X4\", COM ELETRODUTO FLEXÍVEL CORRUGADO, ANTI-CHAMA, DN 25MM (3/4\"), EMBUTIDO NA ALVENARIA E SONDA EM ARAME GALVANIZADO, DIÂMETRO DE 1,24MM (BWG 18), COM DISTÂNCIA DE ATÉ DEZ (10) METROS DO PONTO DE DERIVAÇÃO, INCLUSIVE CAIXA DE LIGAÇÃO, SUPORTE E FIXAÇÃO DO ELETRODUTO COM ENCHIMENTO DO RASGO NA ALVENARIA/CONCRETO COM ARGAMASSA","UN",169,{"$f":"VLOOKUP(B227,'Orçamento Analítico'!$B$6:$I$2743,7,FALSE)","v":57.730000000000004},71.054084000000003,12008.14,1.6876297240427439E-3]
["11.2","",null,"SPDA",null,1,null,null,{"$f":"SUM(I229:I236)","v":50152.93},7.0485167074863424E-3]
["11.2.1",96973,"SINAPI","CORDOALHA DE COBRE NU 35 MM², NÃO ENTERRADA, COM ISOLADOR - FORNECIMENTO E INSTALAÇÃO. AF_08/2023","M",280,{"$f":"VLOOKUP(B229,'Orçamento Analítico'!$B$6:$I$2743,7,FALSE)","v":78.22},{"$f":"G229*(1+$G$2)","v":96.273175999999992},26956.48,3.7884765586979952E-3]
["11.2.2",96977,"SINAPI","CORDOALHA DE COBRE NU 50 MM², ENTERRADA - FORNECIMENTO E INSTALAÇÃO. AF_08/2023","M",180,{"$f":"VLOOKUP(B230,'Orçamento Analítico'!$B$6:$I$2743,7,FALSE)","v":70.34},86.574472,15583.4,2.1900984700084854E-3]
["11.2.3",96984,"SINAPI","ELETRODUTO PVC RÍGIDO, DIÂMETRO 40MM, COM 3 METROS, PARA SPDA - FORNECIMENTO E INSTALAÇÃO. AF_08/2023","UN",40,{"$f":"VLOOKUP(B231,'Orçamento Analítico'!$B$6:$I$2743,7,FALSE)","v":62.21},76.568067999999997,3062.72,4.3043612986026081E-4]
["11.2.4",96985,"SINAPI","HASTE DE ATERRAMENTO, DIÂMETRO 5/8\", COM 3 METROS - FORNECIMENTO E INSTALAÇÃO. AF_08/2023","UN",16,{"$f":"VLOOKUP(B232,'Orçamento Analítico'!$B$6:$I$2743,7,FALSE)","v":86.56},106.53804799999999,1704.6,2.3956529717368894E-4]
["11.2.5",96987,"SINAPI","BASE METÁLICA PARA MASTRO 1 ½\"  PARA SPDA - FORNECIMENTO E INSTALAÇÃO. AF_08/2023","UN",3,{"$f":"VLOOKUP(B233,'Orçamento Analítico'!$B$6:$I$2743,7,FALSE)","v":121.91},150.04682799999998,450.14,6.3262890337770935E-5]
["11.2.6",96988,"SINAPI","MASTRO 1 ½\", COM 3 METROS, PARA SPDA - FORNECIMENTO E INSTALAÇÃO. AF_08/2023","UN",3,{"$f":"VLOOKUP(B234,'Orçamento Analítico'!$B$6:$I$2743,7,FALSE)","v":164.84},202.88507199999998,608.65,8.5539961354432579E-5]
["11.2.7",96989,"SINAPI","CAPTOR TIPO FRANKLIN PARA SPDA - FORNECIMENTO E INSTALAÇÃO. AF_08/2023","UN",3,{"$f":"VLOOKUP(B235,'Orçamento Analítico'!$B$6:$I$2743,7,FALSE)","v":137.98000000000002},169.825784,509.47,7.1601156840947627E-5]
["11.2.8",98111,"SINAPI","CAIXA DE INSPEÇÃO PARA ATERRAMENTO, CIRCULAR, EM POLIETILENO, DIÂMETRO INTERNO = 0,3 M. AF_12/2020","UN",16,{"$f":"VLOOKUP(B236,'Orçamento Analítico'!$B$6:$I$2743,7,FALSE)","v":64.87},79.841995999999995,1277.47,1.7953624321276102E-4]
["12","",null,"ESQUADRIAS",null,1,null,null,{"$f":"SUM(I238:I249)","v":273809.64},3.8481337425566579E-2]
["12.1","COMP. SEDE  25","Próprio","KIT DE PORTA DE MADEIRA PARA PINTURA, SEMI-OCA (LEVE OU MÉDIA), PADRÃO MÉDIO, 80X210CM, ESPESSURA DE 3,5CM, ITENS INCLUSOS: DOBRADIÇAS, MONTAGEM E INSTALAÇÃO DO BATENTE, FECHADURA COM EXECUÇÃO DO FURO - FORNECIMENTO E INSTALAÇÃO. AF_12/2019","UN",49,{"$f":"VLOOKUP(B238,'Orçamento Analítico'!$B$6:$I$2743,7,FALSE)","v":1109.26},{"$f":"G238*(1+$G$2)","v":1365.277208},66898.58,9.4019583469422772E-3]
["12.2",90844,"SINAPI","KIT DE PORTA DE MADEIRA PARA PINTURA, SEMI-OCA (LEVE OU MÉDIA), PADRÃO MÉDIO, 90X210CM, ESPESSURA DE 3,5CM, ITENS INCLUSOS: DOBRADIÇAS, MONTAGEM E INSTALAÇÃO DO BATENTE, FECHADURA COM EXECUÇÃO DO FURO - FORNECIMENTO E INSTALAÇÃO. AF_12/2019","UN",7,{"$f":"VLOOKUP(B239,'Orçamento Analítico'!$B$6:$I$2743,7,FALSE)","v":1215.27},1495.7543159999998,10470.280000000001,1.4714981460118104E-3]
["12.3",100700,"SINAPI","PORTA DE MADEIRA COMPENSADA LISA PARA PINTURA, 120X210X3,5CM, 2 FOLHAS, INCLUSO ADUELA 2A, ALIZAR 2A E DOBRADIÇAS. AF_12/2019","UN",3,{"$f":"VLOOKUP(B240,'Orçamento Analítico'!$B$6:$I$2743,7,FALSE)","v":897.21999999999991},1104.2983759999997,3312.89,4.6559514100301673E-4]
["12.4",100702,"SINAPI","PORTA DE CORRER DE ALUMÍNIO, COM DUAS FOLHAS PARA VIDRO, INCLUSO VIDRO LISO INCOLOR, FECHADURA E PUXADOR, SEM ALIZAR. AF_12/2019","m²",6.72,{"$f":"VLOOKUP(B241,'Orçamento Analítico'!$B$6:$I$2743,7,FALSE)","v":507.85},625.06178,4200.41,5.9032762519144362E-4]
["12.5",91341,"SINAPI","PORTA EM ALUMÍNIO DE ABRIR TIPO VENEZIANA COM GUARNIÇÃO, FIXAÇÃO COM PARAFUSOS - FORNECIMENTO E INSTALAÇÃO. AF_12/2019","m²",20.58,{"$f":"VLOOKUP(B242,'Orçamento Analítico'!$B$6:$I$2743,7,FALSE)","v":708.06},871.48024799999985,17935.060000000001,2.5206018882599685E-3]
["12.6",100701,"SINAPI","PORTA DE FERRO, DE ABRIR, TIPO GRADE COM CHAPA, COM GUARNIÇÕES. AF_12/2019","m²",11,{"$f":"VLOOKUP(B243,'Orçamento Analítico'!$B$6:$I$2743,7,FALSE)","v":684.65},842.66721999999993,9269.33,1.3027160601026576E-3]
["12.7",94569,"SINAPI","JANELA DE ALUMÍNIO TIPO MAXIM-AR, COM VIDROS, BATENTE E FERRAGENS, EXCLUSIVE ALIZAR, ACABAMENTO E CONTRAMARCO, FIXAÇÃO COM PARAFUSO. FORNECIMENTO E INSTALAÇÃO. AF_11/2024","m²",7.44,{"$f":"VLOOKUP(B244,'Orçamento Analítico'!$B$6:$I$2743,7,FALSE)","v":657.16},808.83252799999991,6017.71,8.4573183412828799E-4]
["12.8",94570,"SINAPI","JANELA DE ALUMÍNIO DE CORRER COM 2 FOLHAS PARA VIDROS, COM VIDROS, BATENTE, ACABAMENTO COM ACETATO OU BRILHANTE E FERRAGENS, EXCLUSIVE ALIZAR E CONTRAMARCO, FIXAÇÃO COM PARAFUSO. FORNECIMENTO E INSTALAÇÃO. AF_11/2024","m²",60.15,{"$f":"VLOOKUP(B245,'Orçamento Analítico'!$B$6:$I$2743,7,FALSE)","v":347.76},428.02300799999995,25745.58,3.6182960950422289E-3]
["12.9",102176,"SINAPI","INSTALAÇÃO DE VIDRO LAMINADO, E = 8 MM (4+4), ENCAIXADO EM PERFIL U. AF_01/2021_PS","m²",56.12,{"$f":"VLOOKUP(B246,'Orçamento Analítico'!$B$6:$I$2743,7,FALSE)","v":1466.4399999999998},1804.8943519999996,101290.67,1.4235439082172979E-2]
["12.10",94590,"SINAPI","CONTRAMARCO DE ALUMÍNIO, FIXAÇÃO COM PARAFUSO - FORNECIMENTO E INSTALAÇÃO. AF_11/2024","M",220.7,{"$f":"VLOOKUP(B247,'Orçamento Analítico'!$B$6:$I$2743,7,FALSE)","v":27.569999999999997},33.93315599999999,7489.04,1.0525132542213091E-3]
["12.11",102163,"SINAPI","INSTALAÇÃO DE VIDRO LISO FUME, E = 4 MM, EM ESQUADRIA DE ALUMÍNIO OU PVC, FIXADO COM BAGUETE. AF_01/2021_PS","m²",24,{"$f":"VLOOKUP(B248,'Orçamento Analítico'!$B$6:$I$2743,7,FALSE)","v":508.63},626.02180399999997,15024.52,2.1115532081966639E-3]
["12.12",102185,"SINAPI","PORTA DE ABRIR COM MOLA HIDRÁULICA, EM VIDRO TEMPERADO, 2 FOLHAS DE 90X210 CM, ESPESSURA DD 10MM, INCLUSIVE ACESSÓRIOS. AF_01/2021","UN",1,{"$f":"VLOOKUP(B249,'Orçamento Analítico'!$B$6:$I$2743,7,FALSE)","v":5001.2800000000007},6155.5754240000006,6155.57,8.6510674429393663E-4]
["13","",null,"INCENDIO",null,1,null,null,{"$f":"SUM(I251:I271)","v":87086.989999999976},1.2239247119155269E-2]
["13.1","COMP. SEDE  26","Próprio","PONTO DE TOMADA PARA LUMINÁRIA DE INCÊNDIO, INCLUINDO TOMADA, CABO, ELETRODUTO E CAIXA.","UN",99,{"$f":"VLOOKUP(B251,'Orçamento Analítico'!$B$6:$I$2743,7,FALSE)","v":147.37},{"$f":"G251*(1+$G$2)","v":181.38299599999999},17956.91,2.5236726976834369E-3]
["13.2",97599,"SINAPI","LUMINÁRIA DE EMERGÊNCIA, COM 30 LÂMPADAS LED DE 2 W, SEM REATOR - FORNECIMENTO E INSTALAÇÃO. AF_09/2024","UN",88,{"$f":"VLOOKUP(B252,'Orçamento Analítico'!$B$6:$I$2743,7,FALSE)","v":21.34},26.265271999999996,2311.34,3.2483682621696247E-4]
["13.3",101909,"SINAPI","EXTINTOR DE INCÊNDIO PORTÁTIL COM CARGA DE PQS DE 6 KG, CLASSE BC - FORNECIMENTO E INSTALAÇÃO. AF_10/2020_PE","UN",9,{"$f":"VLOOKUP(B253,'Orçamento Analítico'!$B$6:$I$2743,7,FALSE)","v":498.25},613.24609999999996,5519.21,7.7567240632054192E-4]
["13.4","COMP. SEDE  27","Próprio","PLACA DE SINALIZACAO DE SEGURANCA CONTRA INCENDIO, FOTOLUMINESCENTE, EM PVC *2* MM ANTI-CHAMAS (SIMBOLOS, CORES E PICTOGRAMAS CONFORME NBR 16820)","UN",97,{"$f":"VLOOKUP(B254,'Orçamento Analítico'!$B$6:$I$2743,7,FALSE)","v":57.74},71.066391999999993,6893.44,9.6880734609233504E-4]
["13.5","COMP. SEDE  28","Próprio","CONJUNTO MOTOBOMBA PARA SISTEMA DE PREVENÇÃO E COMBATE A INCÊNDIO, CONTENDO 2 BOMBAS CENTRÍFUGAS DE 14,8CV","UN",1,{"$f":"VLOOKUP(B255,'Orçamento Analítico'!$B$6:$I$2743,7,FALSE)","v":17820.82},21933.865255999997,21933.86,3.0825951478740403E-3]
["13.6",94463,"SINAPI","TUBO DE AÇO GALVANIZADO COM COSTURA, CLASSE MÉDIA, DN 65 MM (2 1/2\"), CONEXÃO ROSQUEADA, INSTALADO EM RESERVAÇÃO PREDIAL DE ÁGUA - FORNECIMENTO E INSTALAÇÃO. AF_04/2024","M",76,{"$f":"VLOOKUP(B256,'Orçamento Analítico'!$B$6:$I$2743,7,FALSE)","v":117.54},144.66823199999999,10994.78,1.5452116262227691E-3]
["13.7",94464,"SINAPI","TUBO DE AÇO GALVANIZADO COM COSTURA, CLASSE MÉDIA, DN 80 MM (3\"), CONEXÃO ROSQUEADA, INSTALADO EM RESERVAÇÃO PREDIAL DE ÁGUA - FORNECIMENTO E INSTALAÇÃO. AF_04/2024","M",12,{"$f":"VLOOKUP(B257,'Orçamento Analítico'!$B$6:$I$2743,7,FALSE)","v":154.51999999999998},190.18321599999996,2282.19,3.2074007131105317E-4]
["13.8",94470,"SINAPI","NIPLE, EM FERRO GALVANIZADO, CONEXÃO ROSQUEADA, DN 80 MM (3\"), INSTALADO EM RESERVAÇÃO PREDIAL DE ÁGUA - FORNECIMENTO E INSTALAÇÃO. AF_04/2024","UN",6,{"$f":"VLOOKUP(B258,'Orçamento Analítico'!$B$6:$I$2743,7,FALSE)","v":113.67},139.905036,839.43,1.1797389264725431E-4]
["13.9",94468,"SINAPI","NIPLE, EM FERRO GALVANIZADO, CONEXÃO ROSQUEADA, DN 65 MM (2 1/2\"), INSTALADO EM RESERVAÇÃO PREDIAL DE ÁGUA - FORNECIMENTO E INSTALAÇÃO. AF_04/2024","UN",9,{"$f":"VLOOKUP(B259,'Orçamento Analítico'!$B$6:$I$2743,7,FALSE)","v":75.09},92.420771999999999,831.78,1.1689875799784759E-4]
["13.10",94475,"SINAPI","COTOVELO 90 GRAUS, EM FERRO GALVANIZADO, CONEXÃO ROSQUEADA, DN 80 MM (3\"), INSTALADO EM RESERVAÇÃO PREDIAL DE ÁGUA - FORNECIMENTO E INSTALAÇÃO. AF_04/2024","UN",1,{"$f":"VLOOKUP(B260,'Orçamento Analítico'!$B$6:$I$2743,7,FALSE)","v":166.74999999999997},205.23589999999996,205.23,2.8843122104280288E-5]
["13.11",94478,"SINAPI","TÊ, EM FERRO GALVANIZADO, CONEXÃO ROSQUEADA, DN 65 MM (2 1/2\"), INSTALADO EM RESERVAÇÃO PREDIAL DE ÁGUA - FORNECIMENTO E INSTALAÇÃO. AF_04/2024","UN",6,{"$f":"VLOOKUP(B261,'Orçamento Analítico'!$B$6:$I$2743,7,FALSE)","v":168.99},207.99289199999998,1247.95,1.7538748833034444E-4]
["13.12",94479,"SINAPI","TÊ, EM FERRO GALVANIZADO, CONEXÃO ROSQUEADA, DN 80 MM (3\"), INSTALADO EM RESERVAÇÃO PREDIAL DE ÁGUA - FORNECIMENTO E INSTALAÇÃO. AF_04/2024","UN",2,{"$f":"VLOOKUP(B262,'Orçamento Analítico'!$B$6:$I$2743,7,FALSE)","v":220.32000000000002},271.16985599999998,542.33000000000004,7.6219316916699951E-5]
["13.13",94483,"SINAPI","CONJUNTO HIDRÁULICO EM AÇO ROSCÁVEL PARA INSTALAÇÃO DE BOMBA, DN SUCÇÃO 32 MM (1 1/4\") E DN RECALQUE 25 MM (1\"), PARA EDIFICAÇÃO COM 4 PAVIMENTOS - FORNECIMENTO E INSTALAÇÃO. AF_04/2024","UN",1,{"$f":"VLOOKUP(B263,'Orçamento Analítico'!$B$6:$I$2743,7,FALSE)","v":1366.84},1682.3066719999997,1682.3,2.3643124453554906E-4]
["13.14",97436,"SINAPI","CURVA 90 GRAUS, EM AÇO, CONEXÃO RANHURADA, DN 65 (2 1/2\"), INSTALADO EM PRUMADAS - FORNECIMENTO E INSTALAÇÃO. AF_10/2020","UN",14,{"$f":"VLOOKUP(B264,'Orçamento Analítico'!$B$6:$I$2743,7,FALSE)","v":111.25},136.92649999999998,1916.97,2.6941187828408218E-4]
["13.15",97438,"SINAPI","CURVA 90 GRAUS, EM AÇO, CONEXÃO RANHURADA, DN 80 (3\"), INSTALADO EM PRUMADAS - FORNECIMENTO E INSTALAÇÃO. AF_10/2020","UN",5,{"$f":"VLOOKUP(B265,'Orçamento Analítico'!$B$6:$I$2743,7,FALSE)","v":124.01},152.631508,763.15,1.0725346505813722E-4]
["13.16",96765,"SINAPI","ABRIGO PARA HIDRANTE, 90X60X17CM, COM REGISTRO GLOBO ANGULAR 45 GRAUS 2 1/2\", ADAPTADOR STORZ 2 1/2\", MANGUEIRA DE INCÊNDIO 20M, REDUÇÃO 2 1/2\" X 1 1/2\" E ESGUICHO EM LATÃO 1 1/2\" - FORNECIMENTO E INSTALAÇÃO. AF_10/2020","UN",1,{"$f":"VLOOKUP(B266,'Orçamento Analítico'!$B$6:$I$2743,7,FALSE)","v":2358.56},2902.9156479999997,2902.91,{"$f":"I266/$H$420","v":4.0797635622343855E-4}]
["13.17",101916,"SINAPI","HIDRANTE SUBTERRÂNEO PREDIAL (COM CURVA LONGA E CAIXA), DN 75 MM - FORNECIMENTO E INSTALAÇÃO. AF_10/2020","UN",1,{"$f":"VLOOKUP(B267,'Orçamento Analítico'!$B$6:$I$2743,7,FALSE)","v":3558.79},4380.1587319999999,{"$f":"TRUNC(H267*F267,2)","v":4380.1499999999996},6.1558837053580519E-4]
["13.18",94499,"SINAPI","REGISTRO DE GAVETA BRUTO, LATÃO, ROSCÁVEL, 2 1/2\" - FORNECIMENTO E INSTALAÇÃO. AF_08/2021","UN",3,{"$f":"VLOOKUP(B268,'Orçamento Analítico'!$B$6:$I$2743,7,FALSE)","v":309.39999999999998},380.80951999999996,1142.42,1.6055625178761337E-4]
["13.19",94500,"SINAPI","REGISTRO DE GAVETA BRUTO, LATÃO, ROSCÁVEL, 3\" - FORNECIMENTO E INSTALAÇÃO. AF_08/2021","UN",3,{"$f":"VLOOKUP(B269,'Orçamento Analítico'!$B$6:$I$2743,7,FALSE)","v":375.53000000000003},462.20232399999998,1386.6,1.9487342547285996E-4]
["13.20",103009,"SINAPI","VÁLVULA DE RETENÇÃO VERTICAL, DE BRONZE, ROSCÁVEL, 2 1/2\" - FORNECIMENTO E INSTALAÇÃO. AF_08/2021","UN",2,{"$f":"VLOOKUP(B270,'Orçamento Analítico'!$B$6:$I$2743,7,FALSE)","v":459.18},565.15874399999996,1130.31,1.5885430661057864E-4]
["13.21",101917,"SINAPI","MANÔMETRO 0 A 200 PSI (0 A 14 KGF/CM2), D = 50MM - FORNECIMENTO E INSTALAÇÃO. AF_10/2020","UN",1,{"$f":"VLOOKUP(B271,'Orçamento Analítico'!$B$6:$I$2743,7,FALSE)","v":181.78000000000003},223.734824,223.73,3.1443120929642985E-5]
["14","",null,"FORROS, PINTURAS E TEXTURAS",null,1,null,null,{"$f":"SUM(I273:I288)","v":558710.54999999993},7.8521447227986138E-2]
["14.1",96114,"SINAPI","FORRO EM DRYWALL, PARA AMBIENTES COMERCIAIS, INCLUSIVE ESTRUTURA BIRECIONAL DE FIXAÇÃO. AF_08/2023_PS","m²",1962.73,{"$f":"VLOOKUP(B273,'Orçamento Analítico'!$B$6:$I$2743,7,FALSE)","v":82.17},{"$f":"G273*(1+$G$2)","v":101.13483599999999},198500.37,2.7897336693732965E-2]
["14.2",96123,"SINAPI","ACABAMENTOS PARA FORRO (MOLDURA EM DRYWALL, COM LARGURA DE 15 CM). AF_08/2023_PS","M",1663.5,{"$f":"VLOOKUP(B274,'Orçamento Analítico'!$B$6:$I$2743,7,FALSE)","v":32.14},39.557911999999995,65804.58,9.248207065053261E-3]
["14.3",88411,"SINAPI","APLICAÇÃO MANUAL DE FUNDO SELADOR ACRÍLICO EM PANOS COM PRESENÇA DE VÃOS DE EDIFÍCIOS DE MÚLTIPLOS PAVIMENTOS. AF_03/2024","m²",1095.6300000000001,{"$f":"VLOOKUP(B275,'Orçamento Analítico'!$B$6:$I$2743,7,FALSE)","v":3.54},4.3570319999999993,4773.6899999999996,6.7089666987273674E-4]
["14.4",96126,"SINAPI","APLICAÇÃO MANUAL DE MASSA ACRÍLICA EM PANOS DE FACHADA COM PRESENÇA DE VÃOS, DE EDIFÍCIOS DE MÚLTIPLOS PAVIMENTOS, UMA DEMÃO. AF_03/2024","m²",1095.6300000000001,{"$f":"VLOOKUP(B276,'Orçamento Analítico'!$B$6:$I$2743,7,FALSE)","v":16.28},20.037423999999998,21953.599999999999,3.0853694168909407E-3]
["14.5",88416,"SINAPI","APLICAÇÃO MANUAL DE PINTURA COM TINTA TEXTURIZADA ACRÍLICA EM PANOS COM PRESENÇA DE VÃOS DE EDIFÍCIOS DE MÚLTIPLOS PAVIMENTOS, UMA COR. AF_03/2024","m²",1095.6300000000001,{"$f":"VLOOKUP(B277,'Orçamento Analítico'!$B$6:$I$2743,7,FALSE)","v":23.340000000000003},28.726872,31474.02,4.4233737853752375E-3]
["14.6",88484,"SINAPI","FUNDO SELADOR ACRÍLICO, APLICAÇÃO MANUAL EM TETO, UMA DEMÃO. AF_04/2023","m²",1962.73,{"$f":"VLOOKUP(B278,'Orçamento Analítico'!$B$6:$I$2743,7,FALSE)","v":4.38},5.390903999999999,10580.88,1.4870419227731677E-3]
["14.7",88485,"SINAPI","FUNDO SELADOR ACRÍLICO, APLICAÇÃO MANUAL EM PAREDE, UMA DEMÃO. AF_04/2023","m²",3501.35,{"$f":"VLOOKUP(B279,'Orçamento Analítico'!$B$6:$I$2743,7,FALSE)","v":3.4400000000000004},4.2339520000000004,14824.54,2.0834479235968787E-3]
["14.8",88494,"SINAPI","EMASSAMENTO COM MASSA LÁTEX, APLICAÇÃO EM TETO, UMA DEMÃO, LIXAMENTO MANUAL. AF_04/2023","m²",1962.73,{"$f":"VLOOKUP(B280,'Orçamento Analítico'!$B$6:$I$2743,7,FALSE)","v":20.3},24.985239999999997,49039.28,6.8920038052233609E-3]
["14.9",88495,"SINAPI","EMASSAMENTO COM MASSA LÁTEX, APLICAÇÃO EM PAREDE, UMA DEMÃO, LIXAMENTO MANUAL. AF_04/2023","m²",3501.35,{"$f":"VLOOKUP(B281,'Orçamento Analítico'!$B$6:$I$2743,7,FALSE)","v":10.879999999999999},13.391103999999997,46886.94,6.5895129148568132E-3]
["14.10",88488,"SINAPI","PINTURA LÁTEX ACRÍLICA PREMIUM, APLICAÇÃO MANUAL EM TETO, DUAS DEMÃOS. AF_04/2023","m²",1962.73,{"$f":"VLOOKUP(B282,'Orçamento Analítico'!$B$6:$I$2743,7,FALSE)","v":15.97},19.655875999999999,38579.17,5.421934955863115E-3]
["14.11",88489,"SINAPI","PINTURA LÁTEX ACRÍLICA PREMIUM, APLICAÇÃO MANUAL EM PAREDES, DUAS DEMÃOS. AF_04/2023","m²",3501.35,{"$f":"VLOOKUP(B283,'Orçamento Analítico'!$B$6:$I$2743,7,FALSE)","v":13.64},16.788111999999998,58781.05,8.2611168083019295E-3]
["14.12",102197,"SINAPI","PINTURA FUNDO NIVELADOR ALQUÍDICO BRANCO EM MADEIRA. AF_01/2021","m²",237.16,{"$f":"VLOOKUP(B284,'Orçamento Analítico'!$B$6:$I$2743,7,FALSE)","v":22.13},27.237603999999997,6459.67,9.0784510336381751E-4]
["14.13",102200,"SINAPI","APLICAÇÃO MASSA ALQUÍDICA PARA MADEIRA, PARA PINTURA COM TINTA DE ACABAMENTO (PIGMENTADA). AF_01/2021","m²",237.16,{"$f":"VLOOKUP(B285,'Orçamento Analítico'!$B$6:$I$2743,7,FALSE)","v":18.3},22.52364,5341.7,7.5072506623999422E-4]
["14.14",102218,"SINAPI","PINTURA TINTA DE ACABAMENTO (PIGMENTADA) ESMALTE SINTÉTICO FOSCO EM MADEIRA, 2 DEMÃOS. AF_01/2021","m²",237.16,{"$f":"VLOOKUP(B286,'Orçamento Analítico'!$B$6:$I$2743,7,FALSE)","v":15.91},19.582027999999998,4644.07,6.5267981323795232E-4]
["14.15",100725,"SINAPI","PINTURA COM TINTA ALQUÍDICA DE FUNDO E ACABAMENTO (ESMALTE SINTÉTICO GRAFITE) PULVERIZADA SOBRE SUPERFÍCIES METÁLICAS (EXCETO PERFIL) EXECUTADO EM OBRA (POR DEMÃO). AF_01/2020_PE","m²",22,{"$f":"VLOOKUP(B287,'Orçamento Analítico'!$B$6:$I$2743,7,FALSE)","v":24.61},30.289987999999997,666.37,9.3651957689564182E-5]
["14.16",102507,"SINAPI","PINTURA DE DEMARCAÇÃO DE VAGA COM TINTA EPÓXI, E = 10 CM, APLICAÇÃO MANUAL. AF_05/2021","M",52.5,{"$f":"VLOOKUP(B288,'Orçamento Analítico'!$B$6:$I$2743,7,FALSE)","v":6.2},7.63096,400.62,5.6303325914421725E-5]
["15","",null,"URBANIZAÇÃO",null,1,null,null,{"$f":"SUM(I290:I294)","v":673001.6100000001},9.4583967322551407E-2]
["15.1",92398,"SINAPI","EXECUÇÃO DE PAVIMENTO EM PISO INTERTRAVADO, COM BLOCO RETANGULAR COR NATURAL DE 20 X 10 CM, ESPESSURA 8 CM. AF_10/2022","m²",4000,{"$f":"VLOOKUP(B290,'Orçamento Analítico'!$B$6:$I$2743,7,FALSE)","v":119.13},{"$f":"G290*(1+$G$2)","v":146.62520399999997},586500.81000000006,8.24271036256361E-2]
["15.2",94273,"SINAPI","ASSENTAMENTO DE GUIA (MEIO-FIO) EM TRECHO RETO, CONFECCIONADA EM CONCRETO PRÉ-FABRICADO, DIMENSÕES 100X15X13X30 CM (COMPRIMENTO X BASE INFERIOR X BASE SUPERIOR X ALTURA). AF_01/2024","M",350,{"$f":"VLOOKUP(B291,'Orçamento Analítico'!$B$6:$I$2743,7,FALSE)","v":60.45},74.401859999999999,26040.65,3.6597653736043785E-3]
["15.3",103946,"SINAPI","PLANTIO DE GRAMA ESMERALDA OU SÃO CARLOS OU CURITIBANA, EM PLACAS. AF_07/2024","m²",100,{"$f":"VLOOKUP(B292,'Orçamento Analítico'!$B$6:$I$2743,7,FALSE)","v":21.54},26.511431999999996,2651.14,3.7259248031740801E-4]
["15.4",103307,"SINAPI","INSTALAÇÃO DE LIXEIRA METÁLICA DUPLA, CAPACIDADE DE 60 L, EM TUBO DE AÇO CARBONO E CESTOS EM CHAPA DE AÇO COM PINTURA ELETROSTÁTICA, SOBRE PISO DE CONCRETO EXISTENTE. AF_11/2021","UN",5,{"$f":"VLOOKUP(B293,'Orçamento Analítico'!$B$6:$I$2743,7,FALSE)","v":1337.73},1646.4780839999999,8232.39,1.1569840178339229E-3]
["15.5",98522,"SINAPI","ALAMBRADO EM MOURÕES DE CONCRETO, COM TELA DE ARAME GALVANIZADO (INCLUSIVE MURETA EM CONCRETO). AF_05/2018","M",200,{"$f":"VLOOKUP(B294,'Orçamento Analítico'!$B$6:$I$2743,7,FALSE)","v":201.4},247.88311999999999,49576.62,6.9675218251595986E-3]
[16,"  ",null,"GUARITA",null,1,null,null,{"$f":"I296+I299+I303+I309+I316+I320+I325+I331+I334+I338+I341+I344+I348+I354+I356+I361+I367+I370+I372+I379+I382+I386+I389+I394+I399+I403+I409","v":106091.44999999998},1.4910142993568907E-2]
["16.1","  ",null,"TRANSPORTE E CARRETO",null,1,null,null,{"$f":"SUM(I297:I298)","v":1538.6599999999999},2.162440104125708E-4]
["16.1.1",17034,"SBC","ALUGUEL MENSAL ANDAIME TUBULAR","MES",1,{"$f":"VLOOKUP(B297,'Orçamento Analítico'!$B$6:$I$2743,7,FALSE)","v":698.94},{"$f":"G297*(1+$G$2)","v":860.25535200000002},{"$f":"TRUNC(H297*F297,2)","v":860.25},1.208999453793652E-4]
["16.1.2",17360,"SBC","TRANSPORTE/MONTAGEM/DESMONTAGEM ANDAIMES M2/MES","m²",16,{"$f":"VLOOKUP(B298,'Orçamento Analítico'!$B$6:$I$2743,7,FALSE)","v":34.450000000000003},42.401060000000001,678.41,{"$f":"I298/$H$420","v":9.5344065033205628E-5}]
["16.2","  ",null,"PREPARAÇÃO DO TERRENO",null,1,null,null,{"$f":"SUM(I300:I302)","v":424.52000000000004},5.9662243315836235E-5]
["16.2.1",96523,"SINAPI","ESCAVAÇÃO MANUAL PARA BLOCO DE COROAMENTO OU SAPATA (INCLUINDO ESCAVAÇÃO PARA COLOCAÇÃO DE FÔRMAS). AF_01/2024","m³",2.7,{"$f":"VLOOKUP(B300,'Orçamento Analítico'!$B$6:$I$2743,7,FALSE)","v":93.28},{"$f":"G300*(1+$G$2)","v":114.80902399999999},{"$f":"TRUNC(H300*F300,2)","v":309.98},4.3564737074914997E-5]
["16.2.2",93382,"SINAPI","REATERRO MANUAL DE VALAS, COM COMPACTADOR DE SOLOS DE PERCUSSÃO. AF_08/2023","m³",2.09,{"$f":"VLOOKUP(B301,'Orçamento Analítico'!$B$6:$I$2743,7,FALSE)","v":27.43},33.760843999999999,{"$f":"TRUNC(H301*F301,2)","v":70.56},9.9165360604103567E-6]
["16.2.3",105559,"SINAPI","EXECUÇÃO E COMPACTAÇÃO DE CORPO DE ATERRO DE ATERRO (95% DE ENERGIA DO PROCTOR NORMAL) COM SOLO PREDOMINANTEMENTE ARGILOSO, EM CAMADAS COM ESPESSURA DE 20 CM - EXCLUSIVE ESCAVAÇÃO, CARGA E TRANSPORTE E SOLO. AF_09/2024","m³",3.5,{"$f":"VLOOKUP(B302,'Orçamento Analítico'!$B$6:$I$2743,7,FALSE)","v":10.209999999999999},12.566467999999999,43.98,6.1809701805108757E-6]
["16.3","  ",null,"FUNDAÇÕES DIRETAS",null,1,null,null,{"$f":"SUM(I304:I308)","v":9488.0299999999988},1.3334522624327558E-3]
["16.3.1",96616,"SINAPI","LASTRO DE CONCRETO MAGRO, APLICADO EM BLOCOS DE COROAMENTO OU SAPATAS. AF_01/2024","m³",0.18,{"$f":"VLOOKUP(B304,'Orçamento Analítico'!$B$6:$I$2743,7,FALSE)","v":1092.52},{"$f":"G304*(1+$G$2)","v":1344.6736159999998},{"$f":"TRUNC(H304*F304,2)","v":242.04},3.4016417064366815E-5]
["16.3.2",96541,"SINAPI","FABRICAÇÃO, MONTAGEM E DESMONTAGEM DE FÔRMA PARA SAPATA, EM CHAPA DE MADEIRA COMPENSADA RESINADA, E=17 MM, 4 UTILIZAÇÕES. AF_01/2024","m²",22,{"$f":"VLOOKUP(B305,'Orçamento Analítico'!$B$6:$I$2743,7,FALSE)","v":185.49},228.30109199999998,5022.62,7.0588141082395493E-4]
["16.3.3",104918,"SINAPI","ARMAÇÃO DE SAPATA ISOLADA, VIGA BALDRAME E SAPATA CORRIDA UTILIZANDO AÇO CA-50 DE 8 MM - MONTAGEM. AF_01/2024","KG",80,{"$f":"VLOOKUP(B306,'Orçamento Analítico'!$B$6:$I$2743,7,FALSE)","v":15.42},18.978935999999997,1518.31,2.1338401170467187E-4]
["16.3.4",104916,"SINAPI","ARMAÇÃO DE SAPATA ISOLADA, VIGA BALDRAME E SAPATA CORRIDA UTILIZANDO AÇO CA-60 DE 5 MM - MONTAGEM. AF_01/2024","KG",17,{"$f":"VLOOKUP(B307,'Orçamento Analítico'!$B$6:$I$2743,7,FALSE)","v":17.650000000000002},{"$f":"G307*(1+$G$2)","v":21.72362},{"$f":"TRUNC(H307*F307,2)","v":369.3},5.1901598173321209E-5]
["16.3.5"," 11ª SR - COMP. 30 ","Próprio","CONCRETAGEM DE SAPATA, FCK 25 MPA, COM USO DE BOMBA - LANÇAMENTO, ADENSAMENTO E ACABAMENTO. AF_01/2024","m³",1.6,{"$f":"VLOOKUP(B308,'Orçamento Analítico'!$B$6:$I$2743,7,FALSE)","v":1186.0999999999999},1459.8518799999997,2335.7600000000002,3.2826882466644125E-4]
["16.4","  ",null,"SUPERESTRUTURA",null,1,null,null,{"$f":"SUM(I310:I315)","v":30214.21},4.24631948698712E-3]
["16.4.1",92265,"SINAPI","FABRICAÇÃO DE FÔRMA PARA VIGAS, EM CHAPA DE MADEIRA COMPENSADA RESINADA, E = 17 MM. AF_09/2020","m²",85,{"$f":"VLOOKUP(B310,'Orçamento Analítico'!$B$6:$I$2743,7,FALSE)","v":139.71},{"$f":"G310*(1+$G$2)","v":171.95506799999998},{"$f":"TRUNC(H310*F310,2)","v":14616.18},2.0541649097994422E-3]
["16.4.2",92761,"SINAPI","ARMAÇÃO DE PILAR OU VIGA DE ESTRUTURA CONVENCIONAL DE CONCRETO ARMADO UTILIZANDO AÇO CA-50 DE 8,0 MM - MONTAGEM. AF_06/2022","KG",145.9,{"$f":"VLOOKUP(B311,'Orçamento Analítico'!$B$6:$I$2743,7,FALSE)","v":13.51},16.628107999999997,2426.04,3.4095681893421114E-4]
["16.4.3",92762,"SINAPI","ARMAÇÃO DE PILAR OU VIGA DE ESTRUTURA CONVENCIONAL DE CONCRETO ARMADO UTILIZANDO AÇO CA-50 DE 10,0 MM - MONTAGEM. AF_06/2022","KG",50.2,{"$f":"VLOOKUP(B312,'Orçamento Analítico'!$B$6:$I$2743,7,FALSE)","v":12.089999999999998},14.880371999999996,746.99,1.0498233094906366E-4]
["16.4.4",92759,"SINAPI","ARMAÇÃO DE PILAR OU VIGA DE ESTRUTURA CONVENCIONAL DE CONCRETO ARMADO UTILIZANDO AÇO CA-60 DE 5,0 MM - MONTAGEM. AF_06/2022","KG",218,{"$f":"VLOOKUP(B313,'Orçamento Analítico'!$B$6:$I$2743,7,FALSE)","v":15.02},18.486615999999998,4030.08,5.6638936573609076E-4]
["16.4.5",40338,"SBC","CIMBRAMENTO METALICO","M3/M",44,{"$f":"VLOOKUP(B314,'Orçamento Analítico'!$B$6:$I$2743,7,FALSE)","v":23.950000000000003},29.47766,1297.01,1.8228240413425221E-4]
["16.4.6",103672,"SINAPI","CONCRETAGEM DE PILARES, FCK = 25 MPA, COM USO DE BOMBA - LANÇAMENTO, ADENSAMENTO E ACABAMENTO. AF_02/2022_PS","m³",5.5,{"$f":"VLOOKUP(B315,'Orçamento Analítico'!$B$6:$I$2743,7,FALSE)","v":1048.53},{"$f":"G315*(1+$G$2)","v":1290.530724},{"$f":"TRUNC(H315*F315,2)","v":7097.91},9.9754365743405992E-4]
["16.5","  ",null,"INSTALAÇÕES HIDRÁULICAS - ÁGUA",null,1,null,null,{"$f":"SUM(I317:I319)","v":284.93},{"$f":"I316/$H$420","v":4.0044198124896865E-5}]
["16.5.1",89987,"SINAPI","REGISTRO DE GAVETA BRUTO, LATÃO, ROSCÁVEL, 3/4\", COM ACABAMENTO E CANOPLA CROMADOS - FORNECIMENTO E INSTALAÇÃO. AF_08/2021","UN",1,{"$f":"VLOOKUP(B317,'Orçamento Analítico'!$B$6:$I$2743,7,FALSE)","v":100.21000000000001},{"$f":"G317*(1+$G$2)","v":123.33846800000001},{"$f":"TRUNC(H317*F317,2)","v":123.33},1.7332857034161127E-5]
["16.5.2",89355,"SINAPI","TUBO, PVC, SOLDÁVEL, DE 20MM, INSTALADO EM RAMAL OU SUB-RAMAL DE ÁGUA - FORNECIMENTO E INSTALAÇÃO. AF_06/2022","M",3,{"$f":"VLOOKUP(B318,'Orçamento Analítico'!$B$6:$I$2743,7,FALSE)","v":20.32},25.009855999999999,75.02,1.0543346588038335E-5]
["16.5.3",89356,"SINAPI","TUBO, PVC, SOLDÁVEL, DE 25MM, INSTALADO EM RAMAL OU SUB-RAMAL DE ÁGUA - FORNECIMENTO E INSTALAÇÃO. AF_06/2022","M",3,{"$f":"VLOOKUP(B319,'Orçamento Analítico'!$B$6:$I$2743,7,FALSE)","v":23.450000000000003},28.862260000000003,86.58,1.2167994502697401E-5]
["16.6","  ",null,"INSTALAÇÕES HIDRÁULICAS - ESGOTO",null,1,null,null,{"$f":"SUM(I321:I324)","v":396.12},5.567089376771188E-5]
["16.6.1",89709,"SINAPI","RALO SIFONADO, PVC, DN 100 X 40 MM, JUNTA SOLDÁVEL, FORNECIDO E INSTALADO EM RAMAL DE DESCARGA OU EM RAMAL DE ESGOTO SANITÁRIO. AF_08/2022","UN",1,{"$f":"VLOOKUP(B321,'Orçamento Analítico'!$B$6:$I$2743,7,FALSE)","v":24.36},{"$f":"G321*(1+$G$2)","v":29.982287999999997},{"$f":"TRUNC(H321*F321,2)","v":29.98},4.2134035018580284E-6]
["16.6.2",89711,"SINAPI","TUBO PVC, SERIE NORMAL, ESGOTO PREDIAL, DN 40 MM, FORNECIDO E INSTALADO EM RAMAL DE DESCARGA OU RAMAL DE ESGOTO SANITÁRIO. AF_08/2022","M",1,{"$f":"VLOOKUP(B322,'Orçamento Analítico'!$B$6:$I$2743,7,FALSE)","v":20.05},24.67754,24.67,3.4671335687404123E-6]
["16.6.3",89712,"SINAPI","TUBO PVC, SERIE NORMAL, ESGOTO PREDIAL, DN 50 MM, FORNECIDO E INSTALADO EM RAMAL DE DESCARGA OU RAMAL DE ESGOTO SANITÁRIO. AF_08/2022","M",7,{"$f":"VLOOKUP(B323,'Orçamento Analítico'!$B$6:$I$2743,7,FALSE)","v":24.82},30.548455999999998,213.83,3.0051770206881326E-5]
["16.6.4",89714,"SINAPI","TUBO PVC, SERIE NORMAL, ESGOTO PREDIAL, DN 100 MM, FORNECIDO E INSTALADO EM RAMAL DE DESCARGA OU RAMAL DE ESGOTO SANITÁRIO. AF_08/2022","M",3,{"$f":"VLOOKUP(B324,'Orçamento Analítico'!$B$6:$I$2743,7,FALSE)","v":34.57},42.548755999999997,127.64,1.7938586490232112E-5]
["16.7","  ",null,"INSTALAÇÕES HIDRÁULICAS - ÁGUAS PLUVIAIS",null,1,null,null,{"$f":"SUM(I326:I330)","v":3304.2899999999995},4.6438649290041564E-4]
["16.7.1",54046,"SBC","RALO ABACAXI FERRO FUNDIDO 100mm","UN",1,{"$f":"VLOOKUP(B326,'Orçamento Analítico'!$B$6:$I$2743,7,FALSE)","v":50.03},{"$f":"G326*(1+$G$2)","v":61.576923999999998},{"$f":"TRUNC(H326*F326,2)","v":61.57},8.6530771717611333E-6]
["16.7.2",89578,"SINAPI","TUBO PVC, SÉRIE R, ÁGUA PLUVIAL, DN 100 MM, FORNECIDO E INSTALADO EM CONDUTORES VERTICAIS DE ÁGUAS PLUVIAIS. AF_06/2022","M",5,{"$f":"VLOOKUP(B327,'Orçamento Analítico'!$B$6:$I$2743,7,FALSE)","v":26.599999999999998},32.739279999999994,163.69,2.3005070687763196E-5]
["16.7.3",101802,"SINAPI","CAIXA ENTERRADA RETENTORA DE AREIA RETANGULAR, EM ALVENARIA COM BLOCOS DE CONCRETO, DIMENSÕES INTERNAS: 1,00 X 1,00 X 1,20 M, EXCLUINDO TAMPÃO. AF_12/2020","UN",1,{"$f":"VLOOKUP(B328,'Orçamento Analítico'!$B$6:$I$2743,7,FALSE)","v":1982.7099999999996},2440.3194679999992,2440.31,3.4296233154166661E-4]
["16.7.4",101918,"SINAPI","TUBO DE AÇO GALVANIZADO COM COSTURA, CLASSE MÉDIA, DN 100 (4\"), CONEXÃO ROSQUEADA, INSTALADO EM PRUMADAS - FORNECIMENTO E INSTALAÇÃO. AF_01/2026","M",1.8,{"$f":"VLOOKUP(B329,'Orçamento Analítico'!$B$6:$I$2743,7,FALSE)","v":206.71},254.418668,457.95,6.4360511463505134E-5]
[" 16.7.5 ",5086,"SINAPI","CORRENTE DE ELO CURTO COMUM, SOLDADA, GALVANIZADA, ESPESSURA DO ELO = 1/2\" (12,5 MM)","KG",4.5,{"$f":"VLOOKUP(B330,'Orçamento Analítico'!$B$6:$I$2743,7,FALSE)","v":32.64},{"$f":"G330*(1+$G$2)","v":40.173311999999996},{"$f":"TRUNC(H330*F330,2)","v":180.77},{"$f":"I330/$H$420","v":2.5405502035719672E-5}]
[" 16.8 ","  ",null,"INSTALAÇÕES HIDRÁULICAS - INCÊNDIO",null,1,"",null,{"$f":"SUM(I332:I333)","v":2322.66},3.2642774441713033E-4]
[" 16.8.1 ",101907,"SINAPI","EXTINTOR DE INCÊNDIO PORTÁTIL COM CARGA DE CO2 DE 6 KG, CLASSE BC - FORNECIMENTO E INSTALAÇÃO. AF_01/2026_PE","UN",1,{"$f":"VLOOKUP(B332,'Orçamento Analítico'!$B$6:$I$2743,7,FALSE)","v":1448.25},{"$f":"G332*(1+$G$2)","v":1782.5060999999998},{"$f":"TRUNC(H332*F332,2)","v":1782.5},2.5051340033562159E-4]
[" 16.8.2 ",101905,"SINAPI","EXTINTOR DE INCÊNDIO PORTÁTIL COM CARGA DE ÁGUA PRESSURIZADA DE 10 L, CLASSE A - FORNECIMENTO E INSTALAÇÃO. AF_01/2026_PE","UN",1,{"$f":"VLOOKUP(B333,'Orçamento Analítico'!$B$6:$I$2743,7,FALSE)","v":438.87},540.1611959999999,540.16,7.5914344081508747E-5]
[" 16.9 ","  ",null,"INSTALAÇÕES - LÓGICA E TELEFONE",null,1,"",null,{"$f":"SUM(I335:I337)","v":287.54000000000002},4.0411008769988577E-5]
[" 16.9.1 ",98307,"SINAPI","TOMADA DE REDE RJ45 - FORNECIMENTO E INSTALAÇÃO. AF_08/2025","UN",1,{"$f":"VLOOKUP(B335,'Orçamento Analítico'!$B$6:$I$2743,7,FALSE)","v":64.84},{"$f":"G335*(1+$G$2)","v":79.805071999999996},{"$f":"TRUNC(H335*F335,2)","v":79.8},1.1215130068321235E-5]
[" 16.9.2 ",91854,"SINAPI","ELETRODUTO FLEXÍVEL CORRUGADO, PVC, DN 25 MM (3/4\"), PARA CIRCUITOS TERMINAIS, INSTALADO EM PAREDE - FORNECIMENTO E INSTALAÇÃO. AF_03/2023","M",1,{"$f":"VLOOKUP(B336,'Orçamento Analítico'!$B$6:$I$2743,7,FALSE)","v":10.29},12.664931999999999,12.66,1.7792424394103616E-6]
[" 16.9.3 ",98299,"SINAPI","CABO ELETRÔNICO CATEGORIA 6A, INSTALADO EM EDIFICAÇÃO INSTITUCIONAL - FORNECIMENTO E INSTALAÇÃO. AF_08/2025","M",10,{"$f":"VLOOKUP(B337,'Orçamento Analítico'!$B$6:$I$2743,7,FALSE)","v":15.85},{"$f":"G337*(1+$G$2)","v":19.508179999999999},{"$f":"TRUNC(H337*F337,2)","v":195.08},2.7416636262256979E-5]
[" 16.10 ","  ",null,"INSTALAÇÕES ELÉTRICAS - ESCAVAÇÃO E REATERRO",null,1,"",null,{"$f":"SUM(I339:I340)","v":1308.01},1.8382834938176517E-4]
[" 16.10.1 ",93358,"SINAPI","ESCAVAÇÃO MANUAL DE VALA. AF_09/2024","m³",10,{"$f":"VLOOKUP(B339,'Orçamento Analítico'!$B$6:$I$2743,7,FALSE)","v":84.33},{"$f":"G339*(1+$G$2)","v":103.79336399999998},{"$f":"TRUNC(H339*F339,2)","v":1037.93},{"$f":"I339/$H$420","v":1.458711773410108E-4}]
[" 16.10.2 ",93382,"SINAPI","REATERRO MANUAL DE VALAS, COM COMPACTADOR DE SOLOS DE PERCUSSÃO. AF_08/2023","m³",8,{"$f":"VLOOKUP(B340,'Orçamento Analítico'!$B$6:$I$2743,7,FALSE)","v":27.43},33.760843999999999,270.08,3.7957172040754373E-5]
[" 16.11 ","  ",null,"INSTALAÇÕES ELÉTRICAS - LUMINÁRIAS",null,1,"",null,{"$f":"SUM(I342:I343)","v":798.41000000000008},{"$f":"I341/$H$420","v":1.1220892227880149E-4}]
[" 16.11.1 "," 11ª SR - COMP. 33 ","Próprio","LUMINÁRIA PAINEL LED PLAFON QUADRADO 40X40CM EMBUTIR 6000K LUZ BRANCA 36W BIVOLT","UN",6,{"$f":"VLOOKUP(B342,'Orçamento Analítico'!$B$6:$I$2743,7,FALSE)","v":90.5},{"$f":"G342*(1+$G$2)","v":111.38739999999999},{"$f":"TRUNC(H342*F342,2)","v":668.32},{"$f":"I342/$H$420","v":9.3926011619805129E-5}]
[" 16.11.2 ",101537,"SINAPI","APARELHO SINALIZADOR DE SAÍDA DE GARAGEM, COM CÉLULA FOTOELÉTRICA - FORNECIMENTO E INSTALAÇÃO. AF_12/2025","UN",1,{"$f":"VLOOKUP(B343,'Orçamento Analítico'!$B$6:$I$2743,7,FALSE)","v":105.7},130.09556000000001,130.09,1.8282910658996361E-5]
[" 16.12 ","  ",null,"INSTALAÇÕES ELÉTRICAS - ELETRODUTO/ELETROCALHAS / CANALETAS",null,1,"",null,{"$f":"SUM(I345:I347)","v":640.19000000000005},{"$f":"I344/$H$420","v":8.9972608000483359E-5}]
[" 16.12.1 ",91863,"SINAPI","ELETRODUTO RÍGIDO ROSCÁVEL, PVC, DN 25 MM (3/4\"), PARA CIRCUITOS TERMINAIS, INSTALADO EM FORRO - FORNECIMENTO E INSTALAÇÃO. AF_03/2023","M",15,{"$f":"VLOOKUP(B345,'Orçamento Analítico'!$B$6:$I$2743,7,FALSE)","v":12.5},{"$f":"G345*(1+$G$2)","v":15.384999999999998},{"$f":"TRUNC(H345*F345,2)","v":230.77},{"$f":"I345/$H$420","v":3.2432525888051277E-5}]
[" 16.12.2 ",91864,"SINAPI","ELETRODUTO RÍGIDO ROSCÁVEL, PVC, DN 32 MM (1\"), PARA CIRCUITOS TERMINAIS, INSTALADO EM FORRO - FORNECIMENTO E INSTALAÇÃO. AF_03/2023","M",10,{"$f":"VLOOKUP(B346,'Orçamento Analítico'!$B$6:$I$2743,7,FALSE)","v":17.12},21.071296,210.71,2.9613283918495836E-5]
[" 16.12.3 ",93009,"SINAPI","ELETRODUTO RÍGIDO ROSCÁVEL, PVC, DN 60 MM (2\"), PARA REDE ENTERRADA DE DISTRIBUIÇÃO DE ENERGIA ELÉTRICA - FORNECIMENTO E INSTALAÇÃO. AF_12/2021","M",5,{"$f":"VLOOKUP(B347,'Orçamento Analítico'!$B$6:$I$2743,7,FALSE)","v":32.29},39.742531999999997,198.71,2.792679819393625E-5]
[" 16.13 ","  ",null,"INSTALAÇÕES ELÉTRICAS - TOMADAS / INTERRUPTORES / CAIXAS DE PASSAGEM",null,1,"",null,{"$f":"SUM(I349:I353)","v":2207.06},{"$f":"I348/$H$420","v":3.1018126527053967E-4}]
[" 16.13.1 ",92000,"SINAPI","TOMADA BAIXA DE EMBUTIR (1 MÓDULO), 2P+T 10 A, INCLUINDO SUPORTE E PLACA - FORNECIMENTO E INSTALAÇÃO. AF_03/2023","UN",2,{"$f":"VLOOKUP(B349,'Orçamento Analítico'!$B$6:$I$2743,7,FALSE)","v":34.64},{"$f":"G349*(1+$G$2)","v":42.634912},{"$f":"TRUNC(H349*F349,2)","v":85.26},{"$f":"I349/$H$420","v":1.1982481072995846E-5}]
[" 16.13.2 ",91953,"SINAPI","INTERRUPTOR SIMPLES (1 MÓDULO), 10A/250V, INCLUINDO SUPORTE E PLACA - FORNECIMENTO E INSTALAÇÃO. AF_03/2023","UN",2,{"$f":"VLOOKUP(B350,'Orçamento Analítico'!$B$6:$I$2743,7,FALSE)","v":32.909999999999997},40.505627999999994,81.010000000000005,1.138518404554766E-5]
[" 16.13.3 ",91959,"SINAPI","INTERRUPTOR SIMPLES (2 MÓDULOS), 10A/250V, INCLUINDO SUPORTE E PLACA - FORNECIMENTO E INSTALAÇÃO. AF_03/2023","UN",1,{"$f":"VLOOKUP(B351,'Orçamento Analítico'!$B$6:$I$2743,7,FALSE)","v":50.4},62.032319999999991,62.03,8.7177257912025845E-6]
[" 16.13.4 ",97891,"SINAPI","CAIXA ENTERRADA ELÉTRICA RETANGULAR, EM ALVENARIA COM BLOCOS DE CONCRETO, FUNDO COM BRITA, DIMENSÕES INTERNAS: 0,4X0,4X0,4 M. AF_12/2020","UN",5,{"$f":"VLOOKUP(B352,'Orçamento Analítico'!$B$6:$I$2743,7,FALSE)","v":233.78000000000003},287.736424,1438.68,2.0219277351744857E-4]
[" 16.13.5 ",97892,"SINAPI","CAIXA ENTERRADA ELÉTRICA RETANGULAR, EM ALVENARIA COM BLOCOS DE CONCRETO, FUNDO COM BRITA, DIMENSÕES INTERNAS: 0,6X0,6X0,6 M. AF_12/2020","UN",1,{"$f":"VLOOKUP(B353,'Orçamento Analítico'!$B$6:$I$2743,7,FALSE)","v":438.80999999999995},540.08734799999991,540.08000000000004,7.5903100843345035E-5]
[" 16.14 ","  ",null,"INSTALAÇÕES ELÉTRICAS - CABOS E FIOS",null,1,"",null,{"$f":"SUM(I355)","v":1535.42},{"$f":"I354/$H$420","v":2.1578865926693975E-4}]
[" 16.14.1 ",91926,"SINAPI","CABO DE COBRE FLEXÍVEL ISOLADO, 2,5 MM², ANTI-CHAMA 450/750 V, PARA CIRCUITOS TERMINAIS - FORNECIMENTO E INSTALAÇÃO. AF_03/2023","M",250,{"$f":"VLOOKUP(B355,'Orçamento Analítico'!$B$6:$I$2743,7,FALSE)","v":4.99},{"$f":"G355*(1+$G$2)","v":6.1416919999999999},{"$f":"TRUNC(H355*F355,2)","v":1535.42},{"$f":"I355/$H$420","v":2.1578865926693975E-4}]
[" 16.15 ","  ",null,"INSTALAÇÕES ELÉTRICAS - QUADROS",null,1,"",null,{"$f":"SUM(I357:I360)","v":1298.6300000000001},{"$f":"I356/$H$420","v":1.8251007970706775E-4}]
[" 16.15.1 ",101879,"SINAPI","QUADRO DE DISTRIBUIÇÃO DE ENERGIA EM CHAPA DE AÇO GALVANIZADO, DE EMBUTIR, COM BARRAMENTO TRIFÁSICO, PARA 24 DISJUNTORES DIN 100A - FORNECIMENTO E INSTALAÇÃO. AF_07/2025","UN",1,{"$f":"VLOOKUP(B357,'Orçamento Analítico'!$B$6:$I$2743,7,FALSE)","v":594.97},{"$f":"G357*(1+$G$2)","v":732.28907600000002},{"$f":"TRUNC(H357*F357,2)","v":732.28},{"$f":"I357/$H$420","v":1.0291498053170769E-4}]
[" 16.15.2 ",93672,"SINAPI","DISJUNTOR TRIPOLAR TIPO DIN, CORRENTE NOMINAL DE 40A - FORNECIMENTO E INSTALAÇÃO. AF_07/2025","UN",1,{"$f":"VLOOKUP(B358,'Orçamento Analítico'!$B$6:$I$2743,7,FALSE)","v":89.22},109.81197599999999,109.81,1.5432749784490663E-5]
[" 16.15.3 ",93660,"SINAPI","DISJUNTOR BIPOLAR TIPO DIN, CORRENTE NOMINAL DE 10A - FORNECIMENTO E INSTALAÇÃO. AF_07/2025","UN",6,{"$f":"VLOOKUP(B359,'Orçamento Analítico'!$B$6:$I$2743,7,FALSE)","v":57.81},71.152547999999996,426.91,5.9998135055977683E-5]
[" 16.15.4 ",93653,"SINAPI","DISJUNTOR MONOPOLAR TIPO DIN, CORRENTE NOMINAL DE 10A - FORNECIMENTO E INSTALAÇÃO. AF_07/2025","UN",2,{"$f":"VLOOKUP(B360,'Orçamento Analítico'!$B$6:$I$2743,7,FALSE)","v":12.04},14.818831999999997,29.63,4.1642143348917067E-6]
[" 16.16 ","  ",null,"ATERRAMENTO",null,1,"",null,{"$f":"SUM(I362:I366)","v":2131.66},{"$f":"I361/$H$420","v":2.9958451330122361E-4}]
[" 16.16.1 ",93358,"SINAPI","ESCAVAÇÃO MANUAL DE VALA. AF_09/2024","m³",1.8,{"$f":"VLOOKUP(B362,'Orçamento Analítico'!$B$6:$I$2743,7,FALSE)","v":84.33},{"$f":"G362*(1+$G$2)","v":103.79336399999998},{"$f":"TRUNC(H362*F362,2)","v":186.82},{"$f":"I362/$H$420","v":2.6255771921851795E-5}]
[" 16.16.2 ",98111,"SINAPI","CAIXA DE INSPEÇÃO PARA ATERRAMENTO, CIRCULAR, EM POLIETILENO, DIÂMETRO INTERNO = 0,3 M. AF_12/2020","UN",3,{"$f":"VLOOKUP(B363,'Orçamento Analítico'!$B$6:$I$2743,7,FALSE)","v":64.87},79.841995999999995,239.52,3.3662255062209306E-5]
[" 16.16.3 ",96985,"SINAPI","HASTE DE ATERRAMENTO, DIÂMETRO 5/8\", COM 3 METROS - FORNECIMENTO E INSTALAÇÃO. AF_08/2023","UN",3,{"$f":"VLOOKUP(B364,'Orçamento Analítico'!$B$6:$I$2743,7,FALSE)","v":86.56},106.53804799999999,319.61,4.4918141868874063E-5]
[" 16.16.4 ","96983-M","SINAPI","SOLDA EXOTÉRMICA PARA SPDA - FORNECIMENTO E INSTALAÇÃO. AF_08/2023","UN",3,{"$f":"VLOOKUP(B365,'Orçamento Analítico'!$B$6:$I$2743,7,FALSE)","v":62.410000000000004},76.814228,230.44,3.2386147530625884E-5]
[" 16.16.5 ",96973,"SINAPI","CORDOALHA DE COBRE NU 35 MM², NÃO ENTERRADA, COM ISOLADOR - FORNECIMENTO E INSTALAÇÃO. AF_08/2023","M",12,{"$f":"VLOOKUP(B366,'Orçamento Analítico'!$B$6:$I$2743,7,FALSE)","v":78.22},96.273175999999992,1155.27,1.6236219691766258E-4]
[" 16.17 ","  ",null,"PAREDES E PAINÉIS",null,1,"",null,{"$f":"SUM(I368:I369)","v":3392.0899999999997},{"$f":"I367/$H$420","v":4.7672594678511E-4}]
[" 16.17.1 ",103328,"SINAPI","ALVENARIA DE VEDAÇÃO DE BLOCOS CERÂMICOS FURADOS NA HORIZONTAL DE 9X19X19 CM (ESPESSURA 9 CM) E ARGAMASSA DE ASSENTAMENTO COM PREPARO EM BETONEIRA. AF_12/2021","m²",25.3,{"$f":"VLOOKUP(B368,'Orçamento Analítico'!$B$6:$I$2743,7,FALSE)","v":99.72},{"$f":"G368*(1+$G$2)","v":122.73537599999999},{"$f":"TRUNC(H368*F368,2)","v":3105.2},{"$f":"I368/$H$420","v":4.3640628932520173E-4}]
[" 16.17.2 ",105022,"SINAPI","VERGA PRÉ-MOLDADA COM ATÉ 1,5 M DE VÃO, ESPESSURA DE *10* CM. AF_03/2024","M",10,{"$f":"VLOOKUP(B369,'Orçamento Analítico'!$B$6:$I$2743,7,FALSE)","v":23.310000000000002},28.689948000000001,286.89,4.0319657459908257E-5]
[" 16.18 ","  ",null,"ESQUADRIAS DE MADEIRA",null,1,"",null,{"$f":"SUM(I371)","v":1773.41},{"$f":"I370/$H$420","v":2.4923588739926772E-4}]
[" 16.18.1 "," 11ª SR - COMP. 31 ","Próprio","KIT DE PORTA DE MADEIRA REVESTIDA EM LAMINADO MELAMÍNICO, SEMI-OCA (LEVE OU MÉDIA), PADRÃO MÉDIO, 60X210CM, ESPESSURA DE 3,5CM, ITENS INCLUSOS: DOBRADIÇAS, MONTAGEM E INSTALAÇÃO DE BATENTE, FECHADURA COM EXECUÇÃO DO FURO - FORNECIMENTO E INSTALAÇÃO. AF_10/2025","UN",1,{"$f":"VLOOKUP(B371,'Orçamento Analítico'!$B$6:$I$2743,7,FALSE)","v":1440.86},{"$f":"G371*(1+$G$2)","v":1773.4104879999998},{"$f":"TRUNC(H371*F371,2)","v":1773.41},{"$f":"I371/$H$420","v":2.4923588739926772E-4}]
[" 16.19 ","  ",null,"REVESTIMENTOS INTERNOS",null,1,"",null,{"$f":"SUM(I373:I378)","v":5964.33},{"$f":"I372/$H$420","v":8.3822978346353874E-4}]
[" 16.19.1 ",87879,"SINAPI","CHAPISCO APLICADO EM ALVENARIAS E ESTRUTURAS DE CONCRETO INTERNAS, COM COLHER DE PEDREIRO. ARGAMASSA TRAÇO 1:3 COM PREPARO EM BETONEIRA 400L. AF_10/2022","m²",68.400000000000006,{"$f":"VLOOKUP(B373,'Orçamento Analítico'!$B$6:$I$2743,7,FALSE)","v":5.07},{"$f":"G373*(1+$G$2)","v":6.2401559999999998},{"$f":"TRUNC(H373*F373,2)","v":426.82},{"$f":"I373/$H$420","v":5.9985486413043479E-5}]
[" 16.19.2 ",104951,"SINAPI","MASSA ÚNICA, EM ARGAMASSA TRAÇO 1:2:8, PREPARO MECÂNICO, APLICADA MANUALMENTE EM PAREDES INTERNAS DE AMBIENTES COM ÁREA MAIOR QUE 10M², E = 17,5MM, COM TALISCAS. AF_03/2024","m²",14.4,{"$f":"VLOOKUP(B374,'Orçamento Analítico'!$B$6:$I$2743,7,FALSE)","v":36.69},45.158051999999991,650.27,9.1389256009113406E-5]
[" 16.19.3 ",104951,"SINAPI","MASSA ÚNICA, EM ARGAMASSA TRAÇO 1:2:8, PREPARO MECÂNICO, APLICADA MANUALMENTE EM PAREDES INTERNAS DE AMBIENTES COM ÁREA MAIOR QUE 10M², E = 17,5MM, COM TALISCAS. AF_03/2024","m²",58.4,{"$f":"VLOOKUP(B375,'Orçamento Analítico'!$B$6:$I$2743,7,FALSE)","v":36.69},45.158051999999991,2637.23,3.7063756228168936E-4]
[" 16.19.4 ",104599,"SINAPI","REVESTIMENTO CERÂMICO PARA PISO COM PLACAS TIPO ESMALTADA DE DIMENSÕES 35X35 CM APLICADA EM DIAGONAL EM AMBIENTES DE ÁREA MENOR QUE 5 M². AF_02/2023_PE","m²",5.6,{"$f":"VLOOKUP(B376,'Orçamento Analítico'!$B$6:$I$2743,7,FALSE)","v":98.98},121.82458399999999,682.21,9.5878118845982838E-5]
[" 16.19.5 ",87246,"SINAPI","REVESTIMENTO CERÂMICO PARA PISO COM PLACAS TIPO ESMALTADA DE DIMENSÕES 35X35 CM APLICADA EM AMBIENTES DE ÁREA MENOR QUE 5 M2. AF_02/2023_PE","m²",8.8000000000000007,{"$f":"VLOOKUP(B377,'Orçamento Analítico'!$B$6:$I$2743,7,FALSE)","v":83.800000000000011},103.14104,907.64,1.2756015858660509E-4]
[" 16.19.6 ",130421,"SBC","RODAPE GRANITO CINZA ANDORINHA","M",5.6,{"$f":"VLOOKUP(B378,'Orçamento Analítico'!$B$6:$I$2743,7,FALSE)","v":95.78},117.88602399999999,660.16,9.2779201327104592E-5]
[" 16.20 ","  ",null,"REVESTIMENTOS EXTERNOS",null,1,"",null,{"$f":"SUM(I380:I381)","v":4219.7700000000004},{"$f":"I379/$H$420","v":5.9304848882706649E-4}]
[" 16.20.1 ",87894,"SINAPI","CHAPISCO APLICADO EM ALVENARIA (SEM PRESENÇA DE VÃOS) E ESTRUTURAS DE CONCRETO DE FACHADA, COM COLHER DE PEDREIRO. ARGAMASSA TRAÇO 1:3 COM PREPARO EM BETONEIRA 400L. AF_10/2022","m²",39,{"$f":"VLOOKUP(B380,'Orçamento Analítico'!$B$6:$I$2743,7,FALSE)","v":7.49},{"$f":"G380*(1+$G$2)","v":9.218691999999999},{"$f":"TRUNC(H380*F380,2)","v":359.52},{"$f":"I380/$H$420","v":5.0527112307805145E-5}]
[" 16.20.2 ",87809,"SINAPI","EMBOÇO OU MASSA ÚNICA EM ARGAMASSA TRAÇO 1:2:8, PREPARO MECÂNICO COM BETONEIRA 400 L, APLICADA MANUALMENTE EM SUPERFÍCIES EXTERNAS DA SACADA, ESPESSURA DE 25 MM, SEM USO DE TELA METÁLICA DE REFORÇO CONTRA FISSURAÇÃO. AF_08/2022","m²",39,{"$f":"VLOOKUP(B381,'Orçamento Analítico'!$B$6:$I$2743,7,FALSE)","v":80.42},98.980936,3860.25,5.4252137651926132E-4]
[" 16.21 ","  ",null,"RODAPÉS, SOLEIRAS E PEITORIS",null,1,"",null,{"$f":"SUM(I383:I385)","v":2124.42},{"$f":"I382/$H$420","v":2.9856700024740601E-4}]
[" 16.21.1 ",88649,"SINAPI","RODAPÉ CERÂMICO DE 7CM DE ALTURA COM PLACAS TIPO ESMALTADA DE DIMENSÕES 45X45CM. AF_02/2023","M",18,{"$f":"VLOOKUP(B383,'Orçamento Analítico'!$B$6:$I$2743,7,FALSE)","v":10.799999999999999},{"$f":"G383*(1+$G$2)","v":13.292639999999997},{"$f":"TRUNC(H383*F383,2)","v":239.26},{"$f":"I383/$H$420","v":3.362571453817718E-5}]
[" 16.21.2 ",98689,"SINAPI","SOLEIRA EM GRANITO, LARGURA 15 CM, ESPESSURA 2,0 CM. AF_09/2020","M",1.4,{"$f":"VLOOKUP(B384,'Orçamento Analítico'!$B$6:$I$2743,7,FALSE)","v":165.23},203.36508399999997,284.70999999999998,4.00132792199466E-5]
[" 16.21.3 ",101965,"SINAPI","PEITORIL LINEAR EM GRANITO OU MÁRMORE, L = 15CM, ASSENTADO COM ARGAMASSA 1:6 COM ADITIVO. AF_11/2020","M",7.8,{"$f":"VLOOKUP(B385,'Orçamento Analítico'!$B$6:$I$2743,7,FALSE)","v":166.70999999999998},205.18666799999997,1600.45,2.2492800648928223E-4]
[" 16.22 ","  ",null,"VIDROS",null,1,"",null,{"$f":"SUM(I387:I388)","v":9689.7800000000007},{"$f":"I386/$H$420","v":1.3618063036769143E-3}]
[" 16.22.1 ",94805,"SINAPI","PORTA DE ALUMÍNIO DE ABRIR PARA VIDRO SEM GUARNIÇÃO, 87X210CM, FIXAÇÃO COM PARAFUSOS, INCLUSIVE VIDROS - FORNECIMENTO E INSTALAÇÃO. AF_10/2025","UN",1,{"$f":"VLOOKUP(B387,'Orçamento Analítico'!$B$6:$I$2743,7,FALSE)","v":921.78},{"$f":"G387*(1+$G$2)","v":1134.5268239999998},{"$f":"TRUNC(H387*F387,2)","v":1134.52},{"$f":"I387/$H$420","v":1.5944598201894495E-4}]
[" 16.22.2 ",112200,"SBC","JANELA PIVOTANTE DE ALUMINIO NATURAL COM VIDRO","m²",8.0399999999999991,{"$f":"VLOOKUP(B388,'Orçamento Analítico'!$B$6:$I$2743,7,FALSE)","v":864.55},1064.0881399999998,8555.26,{"$f":"I388/$H$420","v":1.2023603216579691E-3}]
[" 16.23 ","  ",null,"TRATAMENTOS E IMPERMEABILIZAÇÕES",null,1,"",null,{"$f":"SUM(I390:I393)","v":12025.29},{"$f":"I389/$H$420","v":1.6900399932240939E-3}]
[" 16.23.1 ",98555,"SINAPI","IMPERMEABILIZAÇÃO DE SUPERFÍCIE COM ARGAMASSA POLIMÉRICA / MEMBRANA ACRÍLICA, 3 DEMÃOS. AF_09/2023","m²",22.99,{"$f":"VLOOKUP(B390,'Orçamento Analítico'!$B$6:$I$2743,7,FALSE)","v":32.5},{"$f":"G390*(1+$G$2)","v":40.000999999999998},{"$f":"TRUNC(H390*F390,2)","v":919.62},{"$f":"I390/$H$420","v":1.2924383350162375E-4}]
[" 16.23.2 ",98557,"SINAPI","IMPERMEABILIZAÇÃO DE SUPERFÍCIE COM EMULSÃO ASFÁLTICA, 2 DEMÃOS. AF_09/2023","m²",8.32,{"$f":"VLOOKUP(B391,'Orçamento Analítico'!$B$6:$I$2743,7,FALSE)","v":50.099999999999994},61.663079999999987,513.03,7.2101480939233621E-5]
[" 16.23.3 ",98546,"SINAPI","IMPERMEABILIZAÇÃO DE SUPERFÍCIE COM MANTA ASFÁLTICA, UMA CAMADA, INCLUSIVE APLICAÇÃO DE PRIMER ASFÁLTICO, E=4MM. AF_09/2023","m²",39.119999999999997,{"$f":"VLOOKUP(B392,'Orçamento Analítico'!$B$6:$I$2743,7,FALSE)","v":149.35999999999999},183.83228799999998,7191.51,1.0106982460856247E-3]
[" 16.23.4 ",98567,"SINAPI","PROTEÇÃO MECÂNICA DE SUPERFICIE HORIZONTAL COM ARGAMASSA DE CIMENTO E AREIA, TRAÇO 1:3, E=4CM. AF_09/2023","m²",34.4,{"$f":"VLOOKUP(B393,'Orçamento Analítico'!$B$6:$I$2743,7,FALSE)","v":80.33},98.870163999999988,3401.13,4.7799643269761158E-4]
[" 16.24 ","  ",null,"PAVIMENTAÇÕES INTERNAS",null,1,"",null,{"$f":"SUM(I395:I398)","v":3535.62},{"$f":"I394/$H$420","v":4.9689772145561307E-4}]
[" 16.24.1 ",95241,"SINAPI","LASTRO DE CONCRETO MAGRO, APLICADO EM PISOS, LAJES SOBRE SOLO OU RADIERS, ESPESSURA DE 5 CM. AF_01/2024","m²",8.4,{"$f":"VLOOKUP(B395,'Orçamento Analítico'!$B$6:$I$2743,7,FALSE)","v":51.61},{"$f":"G395*(1+$G$2)","v":63.521587999999994},{"$f":"TRUNC(H395*F395,2)","v":533.58000000000004},{"$f":"I395/$H$420","v":7.4989587742541928E-5}]
[" 16.24.2 "," 11ª SR - COMP. 32 ","Próprio","LASTRO DE CONCRETO MAGRO, APLICADO EM PISOS, LAJES SOBRE SOLO OU RADIERS, ESPESSURA DE 5 CM, COM ADITIVO IMPERMEABILIZANTE. AF_01/2024","m²",8.4,{"$f":"VLOOKUP(B396,'Orçamento Analítico'!$B$6:$I$2743,7,FALSE)","v":67.81},83.460547999999989,701.06,9.8527306838311839E-5]
[" 16.24.3 ",87757,"SINAPI","CONTRAPISO EM ARGAMASSA TRAÇO 1:4 (CIMENTO E AREIA), PREPARO MANUAL, APLICADO EM ÁREAS MOLHADAS SOBRE IMPERMEABILIZAÇÃO, ACABAMENTO NÃO REFORÇADO, ESPESSURA 3CM. AF_07/2021","m²",8.4,{"$f":"VLOOKUP(B397,'Orçamento Analítico'!$B$6:$I$2743,7,FALSE)","v":64.25},79.07889999999999,664.26,9.3355417282995785E-5]
[" 16.24.4 ",87262,"SINAPI","REVESTIMENTO CERÂMICO PARA PISO COM PLACAS TIPO PORCELANATO DE DIMENSÕES 60X60 CM APLICADA EM AMBIENTES DE ÁREA ENTRE 5 M² E 10 M². AF_02/2023_PE","m²",8.4,{"$f":"VLOOKUP(B398,'Orçamento Analítico'!$B$6:$I$2743,7,FALSE)","v":158.31},194.84794799999997,1636.72,2.3002540959176358E-4]
[" 16.25 ","  ",null,"PINTURAS",null,1,"",null,{"$f":"SUM(I400:I402)","v":1775.66},{"$f":"I399/$H$420","v":2.4955210347262261E-4}]
[" 16.25.1 ",88489,"SINAPI","PINTURA LÁTEX ACRÍLICA PREMIUM, APLICAÇÃO MANUAL EM PAREDES, DUAS DEMÃOS. AF_04/2023","m²",54,{"$f":"VLOOKUP(B400,'Orçamento Analítico'!$B$6:$I$2743,7,FALSE)","v":13.64},{"$f":"G400*(1+$G$2)","v":16.788111999999998},{"$f":"TRUNC(H400*F400,2)","v":906.55},{"$f":"I400/$H$420","v":1.2740696946662427E-4}]
[" 16.25.2 ",95626,"SINAPI","APLICAÇÃO MANUAL DE TINTA LÁTEX ACRÍLICA EM PAREDE EXTERNAS DE CASAS, DUAS DEMÃOS. AF_03/2024","m²",39,{"$f":"VLOOKUP(B401,'Orçamento Analítico'!$B$6:$I$2743,7,FALSE)","v":16.329999999999998},20.098963999999995,783.85,1.1016265293300251E-4]
[" 16.25.3 ",102215,"SINAPI","PINTURA VERNIZ (INCOLOR) POLIURETÂNICO (RESINA ALQUÍDICA MODIFICADA) EM MADEIRA, 2 DEMÃOS. AF_01/2021","m²",3.8,{"$f":"VLOOKUP(B402,'Orçamento Analítico'!$B$6:$I$2743,7,FALSE)","v":18.23},22.437483999999998,85.26,1.1982481072995846E-5]
[" 16.26 ","  ",null,"APARELHOS SANITÁRIOS",null,1,"",null,{"$f":"SUM(I404:I408)","v":2875.73},{"$f":"I403/$H$420","v":4.041564660573111E-4}]
[" 16.26.1 ",86932,"SINAPI","VASO SANITÁRIO SIFONADO COM CAIXA ACOPLADA LOUÇA BRANCA - PADRÃO MÉDIO, INCLUSO ENGATE FLEXÍVEL EM METAL CROMADO, 1/2 X 40CM - FORNECIMENTO E INSTALAÇÃO. AF_01/2020","UN",1,{"$f":"VLOOKUP(B404,'Orçamento Analítico'!$B$6:$I$2743,7,FALSE)","v":514.23},{"$f":"G404*(1+$G$2)","v":632.91428399999995},{"$f":"TRUNC(H404*F404,2)","v":632.91},{"$f":"I404/$H$420","v":8.8949473327583865E-5}]
[" 16.26.2 ",86903,"SINAPI","LAVATÓRIO LOUÇA BRANCA COM COLUNA, 45 X 55CM OU EQUIVALENTE, PADRÃO MÉDIO - FORNECIMENTO E INSTALAÇÃO. AF_01/2020","UN",1,{"$f":"VLOOKUP(B405,'Orçamento Analítico'!$B$6:$I$2743,7,FALSE)","v":358.59},441.35257199999995,441.35,6.202753954453105E-5]
[" 16.26.3 ",190068,"SBC","DUCHA HIGIENICA COM DERIVACAO E GATILHO BRANCO TARGA - DECA","UN",1,{"$f":"VLOOKUP(B406,'Orçamento Analítico'!$B$6:$I$2743,7,FALSE)","v":851.92999999999984},1048.5554439999996,1048.55,1.47363717207246E-4]
[" 16.26.4 ",95546,"SINAPI","KIT DE ACESSORIOS PARA BANHEIRO EM METAL CROMADO, 5 PECAS, INCLUSO FIXAÇÃO. AF_01/2020","UN",1,{"$f":"VLOOKUP(B407,'Orçamento Analítico'!$B$6:$I$2743,7,FALSE)","v":237.54},292.36423199999996,292.36,4.1088413869353343E-5]
[" 16.26.5 ",190464,"SBC","ESPELHO CRISTAL 4mm COM MOLDURA DE ALUMINIO","m²",0.7,{"$f":"VLOOKUP(B408,'Orçamento Analítico'!$B$6:$I$2743,7,FALSE)","v":534.57000000000005},657.948756,460.56,6.472732210859684E-5]
[" 16.27 ","  ",null,"LIMPEZA E VERIFICAÇÃO FINAL",null,1,"",null,{"$f":"SUM(I410:I413)","v":535.01},{"$f":"I409/$H$420","v":7.5190560624718595E-5}]
[" 16.27.1 ",99810,"SINAPI","LIMPEZA DE PISO CERÂMICO/ PORCELANATO/ MÁRMORE/ GRANITO UTILIZANDO DETERGENTE NEUTRO E ESCOVAÇÃO MANUAL. AF_10/2025_PS","m²",22.8,{"$f":"VLOOKUP(B410,'Orçamento Analítico'!$B$6:$I$2743,7,FALSE)","v":6.0299999999999994},{"$f":"G410*(1+$G$2)","v":7.4217239999999984},{"$f":"TRUNC(H410*F410,2)","v":169.21},{"$f":"I410/$H$420","v":2.3780854121060607E-5}]
[" 16.27.2 ",99820,"SINAPI","LIMPEZA DE JANELA INTEIRAMENTE DE VIDRO. AF_10/2025_PS","m²",10.8,{"$f":"VLOOKUP(B411,'Orçamento Analítico'!$B$6:$I$2743,7,FALSE)","v":2.4300000000000002},2.9908440000000001,32.299999999999997,{"$f":"I411/$H$420","v":4.5394574086062138E-6}]
[" 16.27.3 ",24804,"SBC","LIMPEZA-POLIMENTO RODAPES EM GRANITO","M",7.8,{"$f":"VLOOKUP(B412,'Orçamento Analítico'!$B$6:$I$2743,7,FALSE)","v":22.06},27.151447999999995,211.78,{"$f":"I412/$H$420","v":2.976366222893573E-5}]
[" 16.27.4 ",210100,"SBC","TESTE DE FUNCIONAMENTO APARELHOS SANITARIOS","UN",5,{"$f":"VLOOKUP(B413,'Orçamento Analítico'!$B$6:$I$2743,7,FALSE)","v":19.78},24.345223999999998,121.72,1.7106586866116049E-5]
[17,"",null,"MOBILIZAÇÃO E DESMOBILIZAÇÃO DE OBRA",null,1,null,null,{"$f":"SUM(I415)","v":3367.46},{"$f":"I414/$H$420","v":4.7326443483545149E-4}]
["17.1","COMP. SEDE  29","Próprio","MOBILIZAÇÃO E DESMOBILIZAÇÃO DE OBRA","UN",1,{"$f":"VLOOKUP(B415,'Orçamento Analítico'!$B$6:$I$2743,7,FALSE)","v":2736},{"$f":"G415*(1+$G$2)","v":3367.4687999999996},{"$f":"TRUNC(H415*F415,2)","v":3367.46},{"$f":"I415/$H$420","v":4.7326443483545149E-4}]
[18,"",null,"ADMINISTRAÇÃO LOCAL",null,1,null,null,{"$f":"SUM(I417)","v":495811.49},{"$f":"I416/$H$420","v":6.9681583329801428E-2}]
["18.1","COMPOSIÇÃO - 30 SEDE","Próprio","ADMINISTRAÇÃO LOCAL DE OBRA DE EDIFICAÇÃO","UN",1,{"$f":"VLOOKUP(B417,'Orçamento Analítico'!$B$6:$I$2743,7,FALSE)","v":402836.76999999996},{"$f":"G417*(1+$G$2)","v":495811.4965159999},{"$f":"TRUNC(H417*F417,2)","v":495811.49},{"$f":"I417/$H$420","v":6.9681583329801428E-2}]
[]
[]
[{"$nulls":5},"Total Geral",null,{"$f":"I5+I9+I11+I16+I35+I54+I62+I68+I71+I76+I83+I189+I237+I250+I272+I289+I295+I414+I416","v":7115387.830000001}]

{"sheet":"Orçamento Analítico","index":2,"n_rows":2745,"n_cols":15,"rows_kept":2745,"cut":false,"hidden":false,"merged":[]}
[null,null,null,"Obra","Bancos","B.D.I.",null,"Encargos Sociais"]
[null,null,null,"CONCLUSÃO DA OBRA DE CONSTRUÇÃO DA UNIDADE DESCENTRALIZADA DA CODEVASF NO ESTADO DO AMAPÁ - 11ª SUPERINTENDÊNCIA REGIONAL, NO MUNICÍPIO DE MACAPÁ/AP.","SINAPI - 03/2026 - Amapá\nSICRO3 - 01/2026 - Amapá\nSBC 05/2026 \nEMOP 03/2026\nSIURB 01/2026","23,08%",null,"Não Desonerado: embutido nos preços unitário dos insumos de mão de obra, de acordo com as bases."]
["Planilha Orçamentária Analítica"]
[0,null,null,"ELABORAÇÃO/COMPATIBILIZAÇÃO DE PROJETOS"]
["0.1","Código","Banco","Descrição","Tipo","Und","Quant.","Valor Unit","Total"]
["Composição",90778,"SINAPI","ENGENHEIRO CIVIL DE OBRA PLENO COM ENCARGOS COMPLEMENTARES","Livro SINAPI: Cálculos e Parâmetros","H",1,{"$f":"I6","v":146.61000000000001},{"$f":"SUM(I7:I13)","v":146.61000000000001}]
["Composição Auxiliar",95403,"SINAPI","CURSO DE CAPACITAÇÃO PARA ENGENHEIRO CIVIL DE OBRA PLENO (ENCARGOS COMPLEMENTARES) - HORISTA","Livro SINAPI: Cálculos e Parâmetros","H",1,{"$f":"IF(A7=\"Composição Auxiliar\",VLOOKUP(B7,'SINAPI COMPOSIÇÃO'!$A$2:$E$10256,4,FALSE),IF(A7=\"Insumo\",IF(VLOOKUP(B7,'SINAPI INSUMOS'!$A$2:$F$4852,5,FALSE)=OR(\"\",0),VLOOKUP(B7,'SINAPI INSUMOS'!$A$2:$F$4852,6,FALSE),VLOOKUP(B7,'SINAPI INSUMOS'!$A$2:$F$4852,5,FALSE)),\"VERIFICAR\"))","v":2.08},{"$f":"TRUNC(G7*H7,2)","v":2.08}]
["Insumo",2707,"SINAPI","ENGENHEIRO CIVIL DE OBRA PLENO (HORISTA)","Mão de Obra","H",1,{"$f":"IF(A8=\"Composição Auxiliar\",VLOOKUP(B8,'SINAPI COMPOSIÇÃO'!$A$2:$E$10256,4,FALSE),IF(A8=\"Insumo\",IF(VLOOKUP(B8,'SINAPI INSUMOS'!$A$2:$F$4852,5,FALSE)=OR(\"\",0),VLOOKUP(B8,'SINAPI INSUMOS'!$A$2:$F$4852,6,FALSE),VLOOKUP(B8,'SINAPI INSUMOS'!$A$2:$F$4852,5,FALSE)),\"VERIFICAR\"))","v":141.44999999999999},141.44999999999999]
["Insumo",43486,"SINAPI","EPI - FAMILIA ENGENHEIRO CIVIL - HORISTA (ENCARGOS COMPLEMENTARES - COLETADO CAIXA)","Encargos Complementares","H",1,{"$f":"IF(A9=\"Composição Auxiliar\",VLOOKUP(B9,'SINAPI COMPOSIÇÃO'!$A$2:$E$10256,4,FALSE),IF(A9=\"Insumo\",IF(VLOOKUP(B9,'SINAPI INSUMOS'!$A$2:$F$4852,5,FALSE)=OR(\"\",0),VLOOKUP(B9,'SINAPI INSUMOS'!$A$2:$F$4852,6,FALSE),VLOOKUP(B9,'SINAPI INSUMOS'!$A$2:$F$4852,5,FALSE)),\"VERIFICAR\"))","v":1.0900000000000001},1.0900000000000001]
["Insumo",43462,"SINAPI","FERRAMENTAS - FAMILIA ENGENHEIRO CIVIL - HORISTA (ENCARGOS COMPLEMENTARES - COLETADO CAIXA)","Encargos Complementares","H",1,{"$f":"IF(A10=\"Composição Auxiliar\",VLOOKUP(B10,'SINAPI COMPOSIÇÃO'!$A$2:$E$10256,4,FALSE),IF(A10=\"Insumo\",IF(VLOOKUP(B10,'SINAPI INSUMOS'!$A$2:$F$4852,5,FALSE)=OR(\"\",0),VLOOKUP(B10,'SINAPI INSUMOS'!$A$2:$F$4852,6,FALSE),VLOOKUP(B10,'SINAPI INSUMOS'!$A$2:$F$4852,5,FALSE)),\"VERIFICAR\"))","v":0.02},0.02]
["Insumo",37370,"SINAPI","ALIMENTACAO - HORISTA (COLETADO CAIXA - ENCARGOS COMPLEMENTARES)","Encargos Complementares","H",1,{"$f":"IF(A11=\"Composição Auxiliar\",VLOOKUP(B11,'SINAPI COMPOSIÇÃO'!$A$2:$E$10256,4,FALSE),IF(A11=\"Insumo\",IF(VLOOKUP(B11,'SINAPI INSUMOS'!$A$2:$F$4852,5,FALSE)=OR(\"\",0),VLOOKUP(B11,'SINAPI INSUMOS'!$A$2:$F$4852,6,FALSE),VLOOKUP(B11,'SINAPI INSUMOS'!$A$2:$F$4852,5,FALSE)),\"VERIFICAR\"))","v":0.66},0.66]
["Insumo",37372,"SINAPI","EXAMES - HORISTA (COLETADO CAIXA - ENCARGOS COMPLEMENTARES)","Encargos Complementares","H",1,{"$f":"IF(A12=\"Composição Auxiliar\",VLOOKUP(B12,'SINAPI COMPOSIÇÃO'!$A$2:$E$10256,4,FALSE),IF(A12=\"Insumo\",IF(VLOOKUP(B12,'SINAPI INSUMOS'!$A$2:$F$4852,5,FALSE)=OR(\"\",0),VLOOKUP(B12,'SINAPI INSUMOS'!$A$2:$F$4852,6,FALSE),VLOOKUP(B12,'SINAPI INSUMOS'!$A$2:$F$4852,5,FALSE)),\"VERIFICAR\"))","v":1.3},1.3]
["Insumo",37373,"SINAPI","SEGURO - HORISTA (COLETADO CAIXA - ENCARGOS COMPLEMENTARES)","Encargos Complementares","H",1,{"$f":"IF(A13=\"Composição Auxiliar\",VLOOKUP(B13,'SINAPI COMPOSIÇÃO'!$A$2:$E$10256,4,FALSE),IF(A13=\"Insumo\",IF(VLOOKUP(B13,'SINAPI INSUMOS'!$A$2:$F$4852,5,FALSE)=OR(\"\",0),VLOOKUP(B13,'SINAPI INSUMOS'!$A$2:$F$4852,6,FALSE),VLOOKUP(B13,'SINAPI INSUMOS'!$A$2:$F$4852,5,FALSE)),\"VERIFICAR\"))","v":0.01},0.01]
["0.2","Código","Banco","Descrição","Tipo","Und","Quant.","Valor Unit","Total"]
["Composição",90769,"SINAPI","ARQUITETO DE OBRA PLENO COM ENCARGOS COMPLEMENTARES","Livro SINAPI: Cálculos e Parâmetros","H",1,{"$f":"I15","v":144.36000000000001},{"$f":"SUM(I16:I22)","v":144.36000000000001}]
["Composição Auxiliar",95395,"SINAPI","CURSO DE CAPACITAÇÃO PARA ARQUITETO DE OBRA PLENO (ENCARGOS COMPLEMENTARES) - HORISTA","Livro SINAPI: Cálculos e Parâmetros","H",1,{"$f":"IF(A16=\"Composição Auxiliar\",VLOOKUP(B16,'SINAPI COMPOSIÇÃO'!$A$2:$E$10256,4,FALSE),IF(A16=\"Insumo\",IF(VLOOKUP(B16,'SINAPI INSUMOS'!$A$2:$F$4852,5,FALSE)=OR(\"\",0),VLOOKUP(B16,'SINAPI INSUMOS'!$A$2:$F$4852,6,FALSE),VLOOKUP(B16,'SINAPI INSUMOS'!$A$2:$F$4852,5,FALSE)),\"VERIFICAR\"))","v":1.1599999999999999},{"$f":"TRUNC(G16*H16,2)","v":1.1599999999999999}]
["Insumo",37372,"SINAPI","EXAMES - HORISTA (COLETADO CAIXA - ENCARGOS COMPLEMENTARES)","Encargos Complementares","H",1,{"$f":"IF(A17=\"Composição Auxiliar\",VLOOKUP(B17,'SINAPI COMPOSIÇÃO'!$A$2:$E$10256,4,FALSE),IF(A17=\"Insumo\",IF(VLOOKUP(B17,'SINAPI INSUMOS'!$A$2:$F$4852,5,FALSE)=OR(\"\",0),VLOOKUP(B17,'SINAPI INSUMOS'!$A$2:$F$4852,6,FALSE),VLOOKUP(B17,'SINAPI INSUMOS'!$A$2:$F$4852,5,FALSE)),\"VERIFICAR\"))","v":1.3},1.3]
["Insumo",37373,"SINAPI","SEGURO - HORISTA (COLETADO CAIXA - ENCARGOS COMPLEMENTARES)","Encargos Complementares","H",1,{"$f":"IF(A18=\"Composição Auxiliar\",VLOOKUP(B18,'SINAPI COMPOSIÇÃO'!$A$2:$E$10256,4,FALSE),IF(A18=\"Insumo\",IF(VLOOKUP(B18,'SINAPI INSUMOS'!$A$2:$F$4852,5,FALSE)=OR(\"\",0),VLOOKUP(B18,'SINAPI INSUMOS'!$A$2:$F$4852,6,FALSE),VLOOKUP(B18,'SINAPI INSUMOS'!$A$2:$F$4852,5,FALSE)),\"VERIFICAR\"))","v":0.01},0.01]
["Insumo",37370,"SINAPI","ALIMENTACAO - HORISTA (COLETADO CAIXA - ENCARGOS COMPLEMENTARES)","Encargos Complementares","H",1,{"$f":"IF(A19=\"Composição Auxiliar\",VLOOKUP(B19,'SINAPI COMPOSIÇÃO'!$A$2:$E$10256,4,FALSE),IF(A19=\"Insumo\",IF(VLOOKUP(B19,'SINAPI INSUMOS'!$A$2:$F$4852,5,FALSE)=OR(\"\",0),VLOOKUP(B19,'SINAPI INSUMOS'!$A$2:$F$4852,6,FALSE),VLOOKUP(B19,'SINAPI INSUMOS'!$A$2:$F$4852,5,FALSE)),\"VERIFICAR\"))","v":0.66},0.66]
["Insumo",43486,"SINAPI","EPI - FAMILIA ENGENHEIRO CIVIL - HORISTA (ENCARGOS COMPLEMENTARES - COLETADO CAIXA)","Encargos Complementares","H",1,{"$f":"IF(A20=\"Composição Auxiliar\",VLOOKUP(B20,'SINAPI COMPOSIÇÃO'!$A$2:$E$10256,4,FALSE),IF(A20=\"Insumo\",IF(VLOOKUP(B20,'SINAPI INSUMOS'!$A$2:$F$4852,5,FALSE)=OR(\"\",0),VLOOKUP(B20,'SINAPI INSUMOS'!$A$2:$F$4852,6,FALSE),VLOOKUP(B20,'SINAPI INSUMOS'!$A$2:$F$4852,5,FALSE)),\"VERIFICAR\"))","v":1.0900000000000001},1.0900000000000001]
["Insumo",33952,"SINAPI","ARQUITETO PLENO (HORISTA)","Mão de Obra","H",1,{"$f":"IF(A21=\"Composição Auxiliar\",VLOOKUP(B21,'SINAPI COMPOSIÇÃO'!$A$2:$E$10256,4,FALSE),IF(A21=\"Insumo\",IF(VLOOKUP(B21,'SINAPI INSUMOS'!$A$2:$F$4852,5,FALSE)=OR(\"\",0),VLOOKUP(B21,'SINAPI INSUMOS'!$A$2:$F$4852,6,FALSE),VLOOKUP(B21,'SINAPI INSUMOS'!$A$2:$F$4852,5,FALSE)),\"VERIFICAR\"))","v":140.12},140.12]
["Insumo",43462,"SINAPI","FERRAMENTAS - FAMILIA ENGENHEIRO CIVIL - HORISTA (ENCARGOS COMPLEMENTARES - COLETADO CAIXA)","Encargos Complementares","H",1,{"$f":"IF(A22=\"Composição Auxiliar\",VLOOKUP(B22,'SINAPI COMPOSIÇÃO'!$A$2:$E$10256,4,FALSE),IF(A22=\"Insumo\",IF(VLOOKUP(B22,'SINAPI INSUMOS'!$A$2:$F$4852,5,FALSE)=OR(\"\",0),VLOOKUP(B22,'SINAPI INSUMOS'!$A$2:$F$4852,6,FALSE),VLOOKUP(B22,'SINAPI INSUMOS'!$A$2:$F$4852,5,FALSE)),\"VERIFICAR\"))","v":0.02},0.02]
["0.3","Código","Banco","Descrição","Tipo","Und","Quant.","Valor Unit","Total"]
["Composição",90775,"SINAPI","DESENHISTA PROJETISTA COM ENCARGOS COMPLEMENTARES","Livro SINAPI: Cálculos e Parâmetros","H",1,{"$f":"I24","v":21.139999999999997},{"$f":"SUM(I25:I32)","v":21.139999999999997}]
["Composição Auxiliar",95400,"SINAPI","CURSO DE CAPACITAÇÃO PARA DESENHISTA PROJETISTA (ENCARGOS COMPLEMENTARES) - HORISTA","Livro SINAPI: Cálculos e Parâmetros","H",1,{"$f":"IF(A25=\"Composição Auxiliar\",VLOOKUP(B25,'SINAPI COMPOSIÇÃO'!$A$2:$E$10256,4,FALSE),IF(A25=\"Insumo\",IF(VLOOKUP(B25,'SINAPI INSUMOS'!$A$2:$F$4852,5,FALSE)=OR(\"\",0),VLOOKUP(B25,'SINAPI INSUMOS'!$A$2:$F$4852,6,FALSE),VLOOKUP(B25,'SINAPI INSUMOS'!$A$2:$F$4852,5,FALSE)),\"VERIFICAR\"))","v":0.09},{"$f":"TRUNC(G25*H25,2)","v":0.09}]
["Insumo",43469,"SINAPI","FERRAMENTAS - FAMILIA TOPOGRAFO - HORISTA (ENCARGOS COMPLEMENTARES - COLETADO CAIXA)","Encargos Complementares","H",1,{"$f":"IF(A26=\"Composição Auxiliar\",VLOOKUP(B26,'SINAPI COMPOSIÇÃO'!$A$2:$E$10256,4,FALSE),IF(A26=\"Insumo\",IF(VLOOKUP(B26,'SINAPI INSUMOS'!$A$2:$F$4852,5,FALSE)=OR(\"\",0),VLOOKUP(B26,'SINAPI INSUMOS'!$A$2:$F$4852,6,FALSE),VLOOKUP(B26,'SINAPI INSUMOS'!$A$2:$F$4852,5,FALSE)),\"VERIFICAR\"))","v":7.0000000000000007E-2},7.0000000000000007E-2]
["Insumo",43493,"SINAPI","EPI - FAMILIA TOPOGRAFO - HORISTA (ENCARGOS COMPLEMENTARES - COLETADO CAIXA)","Encargos Complementares","H",1,{"$f":"IF(A27=\"Composição Auxiliar\",VLOOKUP(B27,'SINAPI COMPOSIÇÃO'!$A$2:$E$10256,4,FALSE),IF(A27=\"Insumo\",IF(VLOOKUP(B27,'SINAPI INSUMOS'!$A$2:$F$4852,5,FALSE)=OR(\"\",0),VLOOKUP(B27,'SINAPI INSUMOS'!$A$2:$F$4852,6,FALSE),VLOOKUP(B27,'SINAPI INSUMOS'!$A$2:$F$4852,5,FALSE)),\"VERIFICAR\"))","v":0.88},0.88]
["Insumo",37373,"SINAPI","SEGURO - HORISTA (COLETADO CAIXA - ENCARGOS COMPLEMENTARES)","Encargos Complementares","H",1,{"$f":"IF(A28=\"Composição Auxiliar\",VLOOKUP(B28,'SINAPI COMPOSIÇÃO'!$A$2:$E$10256,4,FALSE),IF(A28=\"Insumo\",IF(VLOOKUP(B28,'SINAPI INSUMOS'!$A$2:$F$4852,5,FALSE)=OR(\"\",0),VLOOKUP(B28,'SINAPI INSUMOS'!$A$2:$F$4852,6,FALSE),VLOOKUP(B28,'SINAPI INSUMOS'!$A$2:$F$4852,5,FALSE)),\"VERIFICAR\"))","v":0.01},0.01]
["Insumo",37370,"SINAPI","ALIMENTACAO - HORISTA (COLETADO CAIXA - ENCARGOS COMPLEMENTARES)","Encargos Complementares","H",1,{"$f":"IF(A29=\"Composição Auxiliar\",VLOOKUP(B29,'SINAPI COMPOSIÇÃO'!$A$2:$E$10256,4,FALSE),IF(A29=\"Insumo\",IF(VLOOKUP(B29,'SINAPI INSUMOS'!$A$2:$F$4852,5,FALSE)=OR(\"\",0),VLOOKUP(B29,'SINAPI INSUMOS'!$A$2:$F$4852,6,FALSE),VLOOKUP(B29,'SINAPI INSUMOS'!$A$2:$F$4852,5,FALSE)),\"VERIFICAR\"))","v":0.66},0.66]
["Insumo",37372,"SINAPI","EXAMES - HORISTA (COLETADO CAIXA - ENCARGOS COMPLEMENTARES)","Encargos Complementares","H",1,{"$f":"IF(A30=\"Composição Auxiliar\",VLOOKUP(B30,'SINAPI COMPOSIÇÃO'!$A$2:$E$10256,4,FALSE),IF(A30=\"Insumo\",IF(VLOOKUP(B30,'SINAPI INSUMOS'!$A$2:$F$4852,5,FALSE)=OR(\"\",0),VLOOKUP(B30,'SINAPI INSUMOS'!$A$2:$F$4852,6,FALSE),VLOOKUP(B30,'SINAPI INSUMOS'!$A$2:$F$4852,5,FALSE)),\"VERIFICAR\"))","v":1.3},1.3]
["Insumo",2358,"SINAPI","DESENHISTA PROJETISTA (HORISTA)","Mão de Obra","H",1,{"$f":"IF(A31=\"Composição Auxiliar\",VLOOKUP(B31,'SINAPI COMPOSIÇÃO'!$A$2:$E$10256,4,FALSE),IF(A31=\"Insumo\",IF(VLOOKUP(B31,'SINAPI INSUMOS'!$A$2:$F$4852,5,FALSE)=OR(\"\",0),VLOOKUP(B31,'SINAPI INSUMOS'!$A$2:$F$4852,6,FALSE),VLOOKUP(B31,'SINAPI INSUMOS'!$A$2:$F$4852,5,FALSE)),\"VERIFICAR\"))","v":17.75},17.75]
["Insumo",37371,"SINAPI","TRANSPORTE - HORISTA (COLETADO CAIXA - ENCARGOS COMPLEMENTARES)","Encargos Complementares","H",1,{"$f":"IF(A32=\"Composição Auxiliar\",VLOOKUP(B32,'SINAPI COMPOSIÇÃO'!$A$2:$E$10256,4,FALSE),IF(A32=\"Insumo\",IF(VLOOKUP(B32,'SINAPI INSUMOS'!$A$2:$F$4852,5,FALSE)=OR(\"\",0),VLOOKUP(B32,'SINAPI INSUMOS'!$A$2:$F$4852,6,FALSE),VLOOKUP(B32,'SINAPI INSUMOS'!$A$2:$F$4852,5,FALSE)),\"VERIFICAR\"))","v":0.38},0.38]
["1",null,null,"INSTALAÇÕES INICIAIS DA OBRA"]
["1.1","Código","Banco","Descrição","Tipo","Und","Quant.","Valor Unit","Total"]
["Composição","COMP. SEDE 11 - 01","Próprio","FORNECIMENTO E COLOCAÇÃO DE PLACA DE OBRA (4,80 X 2,4 0 M) -  EM CHAPA GALVANIZADA *N. 22*, ADESIVADA E FIXADA COM SUPORTE EM EUCALIPTO AUTOCLAVADO.","CANT - CANTEIRO DE OBRAS","UN",1,{"$f":"I35","v":2065.5},{"$f":"SUM(I36:I39)","v":2065.5}]
["Composição Auxiliar",88262,"SINAPI","CARPINTEIRO DE FORMAS COM ENCARGOS COMPLEMENTARES","SEDI - SERVIÇOS DIVERSOS","H",4.5,{"$f":"IF(A36=\"Composição Auxiliar\",VLOOKUP(B36,'SINAPI COMPOSIÇÃO'!$A$2:$E$10256,4,FALSE),IF(A36=\"Insumo\",IF(VLOOKUP(B36,'SINAPI INSUMOS'!$A$2:$F$4852,5,FALSE)=OR(\"\",0),VLOOKUP(B36,'SINAPI INSUMOS'!$A$2:$F$4852,6,FALSE),VLOOKUP(B36,'SINAPI INSUMOS'!$A$2:$F$4852,5,FALSE)),\"VERIFICAR\"))","v":26.98},{"$f":"TRUNC(G36*H36,2)","v":121.41}]
["Composição Auxiliar",88316,"SINAPI","SERVENTE COM ENCARGOS COMPLEMENTARES","SEDI - SERVIÇOS DIVERSOS","H",6.75,{"$f":"IF(A37=\"Composição Auxiliar\",VLOOKUP(B37,'SINAPI COMPOSIÇÃO'!$A$2:$E$10256,4,FALSE),IF(A37=\"Insumo\",IF(VLOOKUP(B37,'SINAPI INSUMOS'!$A$2:$F$4852,5,FALSE)=OR(\"\",0),VLOOKUP(B37,'SINAPI INSUMOS'!$A$2:$F$4852,6,FALSE),VLOOKUP(B37,'SINAPI INSUMOS'!$A$2:$F$4852,5,FALSE)),\"VERIFICAR\"))","v":21.32},{"$f":"TRUNC(G37*H37,2)","v":143.91}]
["Insumo",4813,"SINAPI","PLACA DE OBRA (PARA CONSTRUCAO CIVIL) EM CHAPA GALVANIZADA *N. 22*, ADESIVADA, DE *2,4 X 1,2* M (SEM POSTES PARA FIXACAO)","Material","m²",2,{"$f":"IF(A38=\"Composição Auxiliar\",VLOOKUP(B38,'SINAPI COMPOSIÇÃO'!$A$2:$E$10256,4,FALSE),IF(A38=\"Insumo\",IF(VLOOKUP(B38,'SINAPI INSUMOS'!$A$2:$F$4852,5,FALSE)=OR(\"\",0),VLOOKUP(B38,'SINAPI INSUMOS'!$A$2:$F$4852,6,FALSE),VLOOKUP(B38,'SINAPI INSUMOS'!$A$2:$F$4852,5,FALSE)),\"VERIFICAR\"))","v":432},{"$f":"TRUNC(G38*H38,2)","v":864}]
["Insumo",4115,"SINAPI","MADEIRA ROLICA TRATADA, D = 12 A 15 CM, H = 3,00 M, EM EUCALIPTO OU EQUIVALENTE DA REGIAO","Material","M",31.5,{"$f":"IF(A39=\"Composição Auxiliar\",VLOOKUP(B39,'SINAPI COMPOSIÇÃO'!$A$2:$E$10256,4,FALSE),IF(A39=\"Insumo\",IF(VLOOKUP(B39,'SINAPI INSUMOS'!$A$2:$F$4852,5,FALSE)=OR(\"\",0),VLOOKUP(B39,'SINAPI INSUMOS'!$A$2:$F$4852,6,FALSE),VLOOKUP(B39,'SINAPI INSUMOS'!$A$2:$F$4852,5,FALSE)),\"VERIFICAR\"))","v":29.72},{"$f":"TRUNC(G39*H39,2)","v":936.18}]
["2",null,null,"PREPARO DO TERRENO - MOVIMENTO DE TERRA E LIMPEZA"]
["2.1","Código","Banco","Descrição","Tipo","Und","Quant.","Valor Unit","Total"]
["Composição","100575-M","SINAPI","REGULARIZAÇÃO DE SUPERFÍCIES COM MOTONIVELADORA. AF_09/2024","PAVI - PAVIMENTAÇÃO","m²",1,{"$f":"I42","v":1.87},{"$f":"SUM(I43:I49)","v":1.87}]
["Composição Auxiliar",5934,"SINAPI","MOTONIVELADORA POTÊNCIA BÁSICA LÍQUIDA (PRIMEIRA MARCHA) 125 HP, PESO BRUTO 13032 KG, LARGURA DA LÂMINA DE 3,7 M - CHI DIURNO. AF_06/2014","CHOR - CUSTOS HORÁRIOS DE MÁQUINAS E EQUIPAMENTOS","CHI",7.3180000000000001E-4,{"$f":"IF(A43=\"Composição Auxiliar\",VLOOKUP(B43,'SINAPI COMPOSIÇÃO'!$A$2:$E$10256,4,FALSE),IF(A43=\"Insumo\",IF(VLOOKUP(B43,'SINAPI INSUMOS'!$A$2:$F$4852,5,FALSE)=OR(\"\",0),VLOOKUP(B43,'SINAPI INSUMOS'!$A$2:$F$4852,6,FALSE),VLOOKUP(B43,'SINAPI INSUMOS'!$A$2:$F$4852,5,FALSE)),\"VERIFICAR\"))","v":96.54},{"$f":"TRUNC(G43*H43,2)","v":7.0000000000000007E-2}]
["Composição Auxiliar",88316,"SINAPI","SERVENTE COM ENCARGOS COMPLEMENTARES","SEDI - SERVIÇOS DIVERSOS","H",1.0342999999999999E-3,{"$f":"IF(A44=\"Composição Auxiliar\",VLOOKUP(B44,'SINAPI COMPOSIÇÃO'!$A$2:$E$10256,4,FALSE),IF(A44=\"Insumo\",IF(VLOOKUP(B44,'SINAPI INSUMOS'!$A$2:$F$4852,5,FALSE)=OR(\"\",0),VLOOKUP(B44,'SINAPI INSUMOS'!$A$2:$F$4852,6,FALSE),VLOOKUP(B44,'SINAPI INSUMOS'!$A$2:$F$4852,5,FALSE)),\"VERIFICAR\"))","v":21.32},0.02]
["Composição Auxiliar",5903,"SINAPI","CAMINHÃO PIPA 10.000 L TRUCADO, PESO BRUTO TOTAL 23.000 KG, CARGA ÚTIL MÁXIMA 15.935 KG, DISTÂNCIA ENTRE EIXOS 4,8 M, POTÊNCIA 230 CV, INCLUSIVE TANQUE DE AÇO PARA TRANSPORTE DE ÁGUA - CHI DIURNO. AF_06/2014","CHOR - CUSTOS HORÁRIOS DE MÁQUINAS E EQUIPAMENTOS","CHI",7.5449999999999996E-3,{"$f":"IF(A45=\"Composição Auxiliar\",VLOOKUP(B45,'SINAPI COMPOSIÇÃO'!$A$2:$E$10256,4,FALSE),IF(A45=\"Insumo\",IF(VLOOKUP(B45,'SINAPI INSUMOS'!$A$2:$F$4852,5,FALSE)=OR(\"\",0),VLOOKUP(B45,'SINAPI INSUMOS'!$A$2:$F$4852,6,FALSE),VLOOKUP(B45,'SINAPI INSUMOS'!$A$2:$F$4852,5,FALSE)),\"VERIFICAR\"))","v":72.97},0.55000000000000004]
["Composição Auxiliar",5901,"SINAPI","CAMINHÃO PIPA 10.000 L TRUCADO, PESO BRUTO TOTAL 23.000 KG, CARGA ÚTIL MÁXIMA 15.935 KG, DISTÂNCIA ENTRE EIXOS 4,8 M, POTÊNCIA 230 CV, INCLUSIVE TANQUE DE AÇO PARA TRANSPORTE DE ÁGUA - CHP DIURNO. AF_06/2014","CHOR - CUSTOS HORÁRIOS DE MÁQUINAS E EQUIPAMENTOS","CHP",1.0702000000000001E-3,{"$f":"IF(A46=\"Composição Auxiliar\",VLOOKUP(B46,'SINAPI COMPOSIÇÃO'!$A$2:$E$10256,4,FALSE),IF(A46=\"Insumo\",IF(VLOOKUP(B46,'SINAPI INSUMOS'!$A$2:$F$4852,5,FALSE)=OR(\"\",0),VLOOKUP(B46,'SINAPI INSUMOS'!$A$2:$F$4852,6,FALSE),VLOOKUP(B46,'SINAPI INSUMOS'!$A$2:$F$4852,5,FALSE)),\"VERIFICAR\"))","v":335.44},0.35]
["Composição Auxiliar",5932,"SINAPI","MOTONIVELADORA POTÊNCIA BÁSICA LÍQUIDA (PRIMEIRA MARCHA) 125 HP, PESO BRUTO 13032 KG, LARGURA DA LÂMINA DE 3,7 M - CHP DIURNO. AF_06/2014","CHOR - CUSTOS HORÁRIOS DE MÁQUINAS E EQUIPAMENTOS","CHP",3.0249999999999998E-4,{"$f":"IF(A47=\"Composição Auxiliar\",VLOOKUP(B47,'SINAPI COMPOSIÇÃO'!$A$2:$E$10256,4,FALSE),IF(A47=\"Insumo\",IF(VLOOKUP(B47,'SINAPI INSUMOS'!$A$2:$F$4852,5,FALSE)=OR(\"\",0),VLOOKUP(B47,'SINAPI INSUMOS'!$A$2:$F$4852,6,FALSE),VLOOKUP(B47,'SINAPI INSUMOS'!$A$2:$F$4852,5,FALSE)),\"VERIFICAR\"))","v":261.77},7.0000000000000007E-2]
["Composição Auxiliar",73436,"SINAPI","ROLO COMPACTADOR VIBRATÓRIO PÉ DE CARNEIRO PARA SOLOS, POTÊNCIA 80 HP, PESO OPERACIONAL SEM/COM LASTRO 7,4 / 8,8 T, LARGURA DE TRABALHO 1,68 M - CHP DIURNO. AF_02/2016","CHOR - CUSTOS HORÁRIOS DE MÁQUINAS E EQUIPAMENTOS","CHP",2.5195E-3,{"$f":"IF(A48=\"Composição Auxiliar\",VLOOKUP(B48,'SINAPI COMPOSIÇÃO'!$A$2:$E$10256,4,FALSE),IF(A48=\"Insumo\",IF(VLOOKUP(B48,'SINAPI INSUMOS'!$A$2:$F$4852,5,FALSE)=OR(\"\",0),VLOOKUP(B48,'SINAPI INSUMOS'!$A$2:$F$4852,6,FALSE),VLOOKUP(B48,'SINAPI INSUMOS'!$A$2:$F$4852,5,FALSE)),\"VERIFICAR\"))","v":164.31},0.41]
["Composição Auxiliar",93244,"SINAPI","ROLO COMPACTADOR VIBRATÓRIO PÉ DE CARNEIRO PARA SOLOS, POTÊNCIA 80 HP, PESO OPERACIONAL SEM/COM LASTRO 7,4 / 8,8 T, LARGURA DE TRABALHO 1,68 M - CHI DIURNO. AF_02/2016","CHOR - CUSTOS HORÁRIOS DE MÁQUINAS E EQUIPAMENTOS","CHI",6.0956999999999999E-3,{"$f":"IF(A49=\"Composição Auxiliar\",VLOOKUP(B49,'SINAPI COMPOSIÇÃO'!$A$2:$E$10256,4,FALSE),IF(A49=\"Insumo\",IF(VLOOKUP(B49,'SINAPI INSUMOS'!$A$2:$F$4852,5,FALSE)=OR(\"\",0),VLOOKUP(B49,'SINAPI INSUMOS'!$A$2:$F$4852,6,FALSE),VLOOKUP(B49,'SINAPI INSUMOS'!$A$2:$F$4852,5,FALSE)),\"VERIFICAR\"))","v":65.69},0.4]
["2.2","Código","Banco","Descrição","Tipo","Und","Quant.","Valor Unit","Total"]
["Composição",96386,"SINAPI","EXECUÇÃO E COMPACTAÇÃO DE CORPO DE ATERRO (95% DE ENERGIA DO PROCTOR NORMAL) COM SOLO PREDOMINANTEMENTE ARENOSO ESPESSURA 15CM - EXCLUSIVE MATERIAL, ESCAVAÇÃO, CARGA E TRANSPORTE. AF_09/2024","MOVT - MOVIMENTO DE TERRA","m³",1,{"$f":"I51","v":6.5200000000000005},{"$f":"SUM(I52:I58)","v":6.5200000000000005}]
["Composição Auxiliar",5932,"SINAPI","MOTONIVELADORA POTÊNCIA BÁSICA LÍQUIDA (PRIMEIRA MARCHA) 125 HP, PESO BRUTO 13032 KG, LARGURA DA LÂMINA DE 3,7 M - CHP DIURNO. AF_06/2014","CHOR - CUSTOS HORÁRIOS DE MÁQUINAS E EQUIPAMENTOS","CHP",4.5111999999999999E-3,{"$f":"IF(A52=\"Composição Auxiliar\",VLOOKUP(B52,'SINAPI COMPOSIÇÃO'!$A$2:$E$10256,4,FALSE),IF(A52=\"Insumo\",IF(VLOOKUP(B52,'SINAPI INSUMOS'!$A$2:$F$4852,5,FALSE)=OR(\"\",0),VLOOKUP(B52,'SINAPI INSUMOS'!$A$2:$F$4852,6,FALSE),VLOOKUP(B52,'SINAPI INSUMOS'!$A$2:$F$4852,5,FALSE)),\"VERIFICAR\"))","v":261.77},{"$f":"TRUNC(G52*H52,2)","v":1.18}]
["Composição Auxiliar",96464,"SINAPI","ROLO COMPACTADOR DE PNEUS, ESTÁTICO, PRESSÃO VARIÁVEL, POTÊNCIA 110 HP, PESO SEM/COM LASTRO 10,8/27 T, LARGURA DE ROLAGEM 2,30 M - CHI DIURNO. AF_06/2017","CHOR - CUSTOS HORÁRIOS DE MÁQUINAS E EQUIPAMENTOS","CHI",1.2277400000000001E-2,{"$f":"IF(A53=\"Composição Auxiliar\",VLOOKUP(B53,'SINAPI COMPOSIÇÃO'!$A$2:$E$10256,4,FALSE),IF(A53=\"Insumo\",IF(VLOOKUP(B53,'SINAPI INSUMOS'!$A$2:$F$4852,5,FALSE)=OR(\"\",0),VLOOKUP(B53,'SINAPI INSUMOS'!$A$2:$F$4852,6,FALSE),VLOOKUP(B53,'SINAPI INSUMOS'!$A$2:$F$4852,5,FALSE)),\"VERIFICAR\"))","v":87.81},1.07]
["Composição Auxiliar",5903,"SINAPI","CAMINHÃO PIPA 10.000 L TRUCADO, PESO BRUTO TOTAL 23.000 KG, CARGA ÚTIL MÁXIMA 15.935 KG, DISTÂNCIA ENTRE EIXOS 4,8 M, POTÊNCIA 230 CV, INCLUSIVE TANQUE DE AÇO PARA TRANSPORTE DE ÁGUA - CHI DIURNO. AF_06/2014","CHOR - CUSTOS HORÁRIOS DE MÁQUINAS E EQUIPAMENTOS","CHI",1.11688E-2,{"$f":"IF(A54=\"Composição Auxiliar\",VLOOKUP(B54,'SINAPI COMPOSIÇÃO'!$A$2:$E$10256,4,FALSE),IF(A54=\"Insumo\",IF(VLOOKUP(B54,'SINAPI INSUMOS'!$A$2:$F$4852,5,FALSE)=OR(\"\",0),VLOOKUP(B54,'SINAPI INSUMOS'!$A$2:$F$4852,6,FALSE),VLOOKUP(B54,'SINAPI INSUMOS'!$A$2:$F$4852,5,FALSE)),\"VERIFICAR\"))","v":72.97},0.81]
["Composição Auxiliar",96463,"SINAPI","ROLO COMPACTADOR DE PNEUS, ESTÁTICO, PRESSÃO VARIÁVEL, POTÊNCIA 110 HP, PESO SEM/COM LASTRO 10,8/27 T, LARGURA DE ROLAGEM 2,30 M - CHP DIURNO. AF_06/2017","CHOR - CUSTOS HORÁRIOS DE MÁQUINAS E EQUIPAMENTOS","CHP",3.1484E-3,{"$f":"IF(A55=\"Composição Auxiliar\",VLOOKUP(B55,'SINAPI COMPOSIÇÃO'!$A$2:$E$10256,4,FALSE),IF(A55=\"Insumo\",IF(VLOOKUP(B55,'SINAPI INSUMOS'!$A$2:$F$4852,5,FALSE)=OR(\"\",0),VLOOKUP(B55,'SINAPI INSUMOS'!$A$2:$F$4852,6,FALSE),VLOOKUP(B55,'SINAPI INSUMOS'!$A$2:$F$4852,5,FALSE)),\"VERIFICAR\"))","v":215.57},0.67]
["Composição Auxiliar",5901,"SINAPI","CAMINHÃO PIPA 10.000 L TRUCADO, PESO BRUTO TOTAL 23.000 KG, CARGA ÚTIL MÁXIMA 15.935 KG, DISTÂNCIA ENTRE EIXOS 4,8 M, POTÊNCIA 230 CV, INCLUSIVE TANQUE DE AÇO PARA TRANSPORTE DE ÁGUA - CHP DIURNO. AF_06/2014","CHOR - CUSTOS HORÁRIOS DE MÁQUINAS E EQUIPAMENTOS","CHP",4.2570000000000004E-3,{"$f":"IF(A56=\"Composição Auxiliar\",VLOOKUP(B56,'SINAPI COMPOSIÇÃO'!$A$2:$E$10256,4,FALSE),IF(A56=\"Insumo\",IF(VLOOKUP(B56,'SINAPI INSUMOS'!$A$2:$F$4852,5,FALSE)=OR(\"\",0),VLOOKUP(B56,'SINAPI INSUMOS'!$A$2:$F$4852,6,FALSE),VLOOKUP(B56,'SINAPI INSUMOS'!$A$2:$F$4852,5,FALSE)),\"VERIFICAR\"))","v":335.44},1.42]
["Composição Auxiliar",88316,"SINAPI","SERVENTE COM ENCARGOS COMPLEMENTARES","SEDI - SERVIÇOS DIVERSOS","H",1.5425899999999999E-2,{"$f":"IF(A57=\"Composição Auxiliar\",VLOOKUP(B57,'SINAPI COMPOSIÇÃO'!$A$2:$E$10256,4,FALSE),IF(A57=\"Insumo\",IF(VLOOKUP(B57,'SINAPI INSUMOS'!$A$2:$F$4852,5,FALSE)=OR(\"\",0),VLOOKUP(B57,'SINAPI INSUMOS'!$A$2:$F$4852,6,FALSE),VLOOKUP(B57,'SINAPI INSUMOS'!$A$2:$F$4852,5,FALSE)),\"VERIFICAR\"))","v":21.32},0.32]
["Composição Auxiliar",5934,"SINAPI","MOTONIVELADORA POTÊNCIA BÁSICA LÍQUIDA (PRIMEIRA MARCHA) 125 HP, PESO BRUTO 13032 KG, LARGURA DA LÂMINA DE 3,7 M - CHI DIURNO. AF_06/2014","CHOR - CUSTOS HORÁRIOS DE MÁQUINAS E EQUIPAMENTOS","CHI",1.09146E-2,{"$f":"IF(A58=\"Composição Auxiliar\",VLOOKUP(B58,'SINAPI COMPOSIÇÃO'!$A$2:$E$10256,4,FALSE),IF(A58=\"Insumo\",IF(VLOOKUP(B58,'SINAPI INSUMOS'!$A$2:$F$4852,5,FALSE)=OR(\"\",0),VLOOKUP(B58,'SINAPI INSUMOS'!$A$2:$F$4852,6,FALSE),VLOOKUP(B58,'SINAPI INSUMOS'!$A$2:$F$4852,5,FALSE)),\"VERIFICAR\"))","v":96.54},1.05]
["2.3","Código","Banco","Descrição","Tipo","Und","Quant.","Valor Unit","Total"]
["Composição",100979,"SINAPI","CARGA, MANOBRA E DESCARGA DE SOLOS E MATERIAIS GRANULARES EM CAMINHÃO BASCULANTE 14 M³ - CARGA COM ESCAVADEIRA HIDRÁULICA (CAÇAMBA DE 1,20 M³ / 155 HP) E DESCARGA LIVRE (UNIDADE: M3). AF_07/2020","TRAN - TRANSPORTES, CARGAS E DESCARGAS","m³",1,{"$f":"I60","v":6.77},{"$f":"SUM(I61:I64)","v":6.77}]
["Composição Auxiliar",89877,"SINAPI","CAMINHÃO BASCULANTE 14 M3, COM CAVALO MECÂNICO DE CAPACIDADE MÁXIMA DE TRAÇÃO COMBINADO DE 36000 KG, POTÊNCIA 286 CV, INCLUSIVE SEMIREBOQUE COM CAÇAMBA METÁLICA - CHI DIURNO. AF_12/2014","CHOR - CUSTOS HORÁRIOS DE MÁQUINAS E EQUIPAMENTOS","CHI",8.5570999999999998E-3,{"$f":"IF(A61=\"Composição Auxiliar\",VLOOKUP(B61,'SINAPI COMPOSIÇÃO'!$A$2:$E$10256,4,FALSE),IF(A61=\"Insumo\",IF(VLOOKUP(B61,'SINAPI INSUMOS'!$A$2:$F$4852,5,FALSE)=OR(\"\",0),VLOOKUP(B61,'SINAPI INSUMOS'!$A$2:$F$4852,6,FALSE),VLOOKUP(B61,'SINAPI INSUMOS'!$A$2:$F$4852,5,FALSE)),\"VERIFICAR\"))","v":86.24},{"$f":"TRUNC(G61*H61,2)","v":0.73}]
["Composição Auxiliar",89876,"SINAPI","CAMINHÃO BASCULANTE 14 M3, COM CAVALO MECÂNICO DE CAPACIDADE MÁXIMA DE TRAÇÃO COMBINADO DE 36000 KG, POTÊNCIA 286 CV, INCLUSIVE SEMIREBOQUE COM CAÇAMBA METÁLICA - CHP DIURNO. AF_12/2014","CHOR - CUSTOS HORÁRIOS DE MÁQUINAS E EQUIPAMENTOS","CHP",1.2711200000000001E-2,{"$f":"IF(A62=\"Composição Auxiliar\",VLOOKUP(B62,'SINAPI COMPOSIÇÃO'!$A$2:$E$10256,4,FALSE),IF(A62=\"Insumo\",IF(VLOOKUP(B62,'SINAPI INSUMOS'!$A$2:$F$4852,5,FALSE)=OR(\"\",0),VLOOKUP(B62,'SINAPI INSUMOS'!$A$2:$F$4852,6,FALSE),VLOOKUP(B62,'SINAPI INSUMOS'!$A$2:$F$4852,5,FALSE)),\"VERIFICAR\"))","v":345.23},{"$f":"TRUNC(G62*H62,2)","v":4.38}]
["Composição Auxiliar",88907,"SINAPI","ESCAVADEIRA HIDRÁULICA SOBRE ESTEIRAS, CAÇAMBA 1,20 M3, PESO OPERACIONAL 21 T, POTÊNCIA BRUTA 155 HP - CHP DIURNO. AF_06/2014","CHOR - CUSTOS HORÁRIOS DE MÁQUINAS E EQUIPAMENTOS","CHP",4.0581999999999997E-3,{"$f":"IF(A63=\"Composição Auxiliar\",VLOOKUP(B63,'SINAPI COMPOSIÇÃO'!$A$2:$E$10256,4,FALSE),IF(A63=\"Insumo\",IF(VLOOKUP(B63,'SINAPI INSUMOS'!$A$2:$F$4852,5,FALSE)=OR(\"\",0),VLOOKUP(B63,'SINAPI INSUMOS'!$A$2:$F$4852,6,FALSE),VLOOKUP(B63,'SINAPI INSUMOS'!$A$2:$F$4852,5,FALSE)),\"VERIFICAR\"))","v":259.26},{"$f":"TRUNC(G63*H63,2)","v":1.05}]
["Composição Auxiliar",88908,"SINAPI","ESCAVADEIRA HIDRÁULICA SOBRE ESTEIRAS, CAÇAMBA 1,20 M3, PESO OPERACIONAL 21 T, POTÊNCIA BRUTA 155 HP - CHI DIURNO. AF_06/2014","CHOR - CUSTOS HORÁRIOS DE MÁQUINAS E EQUIPAMENTOS","CHI",6.4882000000000004E-3,{"$f":"IF(A64=\"Composição Auxiliar\",VLOOKUP(B64,'SINAPI COMPOSIÇÃO'!$A$2:$E$10256,4,FALSE),IF(A64=\"Insumo\",IF(VLOOKUP(B64,'SINAPI INSUMOS'!$A$2:$F$4852,5,FALSE)=OR(\"\",0),VLOOKUP(B64,'SINAPI INSUMOS'!$A$2:$F$4852,6,FALSE),VLOOKUP(B64,'SINAPI INSUMOS'!$A$2:$F$4852,5,FALSE)),\"VERIFICAR\"))","v":94.96},{"$f":"TRUNC(G64*H64,2)","v":0.61}]
["2.4","Código","Banco","Descrição","Tipo","Und","Quant.","Valor Unit","Total"]
["Composição",95876,"SINAPI","TRANSPORTE COM CAMINHÃO BASCULANTE DE 14 M³, EM VIA URBANA PAVIMENTADA, DMT ATÉ 30 KM (UNIDADE: M3XKM). AF_07/2020","TRAN - TRANSPORTES, CARGAS E DESCARGAS","M3XKM",1,{"$f":"I66","v":2.3400000000000003},{"$f":"SUM(I67:I68)","v":2.3400000000000003}]
["Composição Auxiliar",89876,"SINAPI","CAMINHÃO BASCULANTE 14 M3, COM CAVALO MECÂNICO DE CAPACIDADE MÁXIMA DE TRAÇÃO COMBINADO DE 36000 KG, POTÊNCIA 286 CV, INCLUSIVE SEMIREBOQUE COM CAÇAMBA METÁLICA - CHP DIURNO. AF_12/2014","CHOR - CUSTOS HORÁRIOS DE MÁQUINAS E EQUIPAMENTOS","CHP",6.2112000000000001E-3,{"$f":"IF(A67=\"Composição Auxiliar\",VLOOKUP(B67,'SINAPI COMPOSIÇÃO'!$A$2:$E$10256,4,FALSE),IF(A67=\"Insumo\",IF(VLOOKUP(B67,'SINAPI INSUMOS'!$A$2:$F$4852,5,FALSE)=OR(\"\",0),VLOOKUP(B67,'SINAPI INSUMOS'!$A$2:$F$4852,6,FALSE),VLOOKUP(B67,'SINAPI INSUMOS'!$A$2:$F$4852,5,FALSE)),\"VERIFICAR\"))","v":345.23},{"$f":"TRUNC(G67*H67,2)","v":2.14}]
["Composição Auxiliar",89877,"SINAPI","CAMINHÃO BASCULANTE 14 M3, COM CAVALO MECÂNICO DE CAPACIDADE MÁXIMA DE TRAÇÃO COMBINADO DE 36000 KG, POTÊNCIA 286 CV, INCLUSIVE SEMIREBOQUE COM CAÇAMBA METÁLICA - CHI DIURNO. AF_12/2014","CHOR - CUSTOS HORÁRIOS DE MÁQUINAS E EQUIPAMENTOS","CHI",2.3338E-3,{"$f":"IF(A68=\"Composição Auxiliar\",VLOOKUP(B68,'SINAPI COMPOSIÇÃO'!$A$2:$E$10256,4,FALSE),IF(A68=\"Insumo\",IF(VLOOKUP(B68,'SINAPI INSUMOS'!$A$2:$F$4852,5,FALSE)=OR(\"\",0),VLOOKUP(B68,'SINAPI INSUMOS'!$A$2:$F$4852,6,FALSE),VLOOKUP(B68,'SINAPI INSUMOS'!$A$2:$F$4852,5,FALSE)),\"VERIFICAR\"))","v":86.24},{"$f":"TRUNC(G68*H68,2)","v":0.2}]
["3",null,null,"INFRAESTRUTURA"]
["3.1","Código","Banco","Descrição","Tipo","Und","Quant.","Valor Unit","Total"]
["Composição",96523,"SINAPI","ESCAVAÇÃO MANUAL PARA BLOCO DE COROAMENTO OU SAPATA (INCLUINDO ESCAVAÇÃO PARA COLOCAÇÃO DE FÔRMAS). AF_01/2024","MOVT - MOVIMENTO DE TERRA","m³",1,{"$f":"I71","v":93.28},{"$f":"SUM(I72:I73)","v":93.28}]
["Composição Auxiliar",88316,"SINAPI","SERVENTE COM ENCARGOS COMPLEMENTARES","SEDI - SERVIÇOS DIVERSOS","H",3.1259999999999999,{"$f":"IF(A72=\"Composição Auxiliar\",VLOOKUP(B72,'SINAPI COMPOSIÇÃO'!$A$2:$E$10256,4,FALSE),IF(A72=\"Insumo\",IF(VLOOKUP(B72,'SINAPI INSUMOS'!$A$2:$F$4852,5,FALSE)=OR(\"\",0),VLOOKUP(B72,'SINAPI INSUMOS'!$A$2:$F$4852,6,FALSE),VLOOKUP(B72,'SINAPI INSUMOS'!$A$2:$F$4852,5,FALSE)),\"VERIFICAR\"))","v":21.32},{"$f":"TRUNC(G72*H72,2)","v":66.64}]
["Composição Auxiliar",88309,"SINAPI","PEDREIRO COM ENCARGOS COMPLEMENTARES","SEDI - SERVIÇOS DIVERSOS","H",0.96599999999999997,{"$f":"IF(A73=\"Composição Auxiliar\",VLOOKUP(B73,'SINAPI COMPOSIÇÃO'!$A$2:$E$10256,4,FALSE),IF(A73=\"Insumo\",IF(VLOOKUP(B73,'SINAPI INSUMOS'!$A$2:$F$4852,5,FALSE)=OR(\"\",0),VLOOKUP(B73,'SINAPI INSUMOS'!$A$2:$F$4852,6,FALSE),VLOOKUP(B73,'SINAPI INSUMOS'!$A$2:$F$4852,5,FALSE)),\"VERIFICAR\"))","v":27.58},{"$f":"TRUNC(G73*H73,2)","v":26.64}]
["3.2","Código","Banco","Descrição","Tipo","Und","Quant.","Valor Unit","Total"]
["Composição",96527,"SINAPI","ESCAVAÇÃO MANUAL PARA VIGA BALDRAME OU SAPATA CORRIDA (INCLUINDO ESCAVAÇÃO PARA COLOCAÇÃO DE FÔRMAS). AF_01/2024","MOVT - MOVIMENTO DE TERRA","m³",1,{"$f":"I75","v":102.62},{"$f":"SUM(I76:I77)","v":102.62}]
["Composição Auxiliar",88316,"SINAPI","SERVENTE COM ENCARGOS COMPLEMENTARES","SEDI - SERVIÇOS DIVERSOS","H",3.5150000000000001,{"$f":"IF(A76=\"Composição Auxiliar\",VLOOKUP(B76,'SINAPI COMPOSIÇÃO'!$A$2:$E$10256,4,FALSE),IF(A76=\"Insumo\",IF(VLOOKUP(B76,'SINAPI INSUMOS'!$A$2:$F$4852,5,FALSE)=OR(\"\",0),VLOOKUP(B76,'SINAPI INSUMOS'!$A$2:$F$4852,6,FALSE),VLOOKUP(B76,'SINAPI INSUMOS'!$A$2:$F$4852,5,FALSE)),\"VERIFICAR\"))","v":21.32},{"$f":"TRUNC(G76*H76,2)","v":74.930000000000007}]
["Composição Auxiliar",88309,"SINAPI","PEDREIRO COM ENCARGOS COMPLEMENTARES","SEDI - SERVIÇOS DIVERSOS","H",1.004,{"$f":"IF(A77=\"Composição Auxiliar\",VLOOKUP(B77,'SINAPI COMPOSIÇÃO'!$A$2:$E$10256,4,FALSE),IF(A77=\"Insumo\",IF(VLOOKUP(B77,'SINAPI INSUMOS'!$A$2:$F$4852,5,FALSE)=OR(\"\",0),VLOOKUP(B77,'SINAPI INSUMOS'!$A$2:$F$4852,6,FALSE),VLOOKUP(B77,'SINAPI INSUMOS'!$A$2:$F$4852,5,FALSE)),\"VERIFICAR\"))","v":27.58},{"$f":"TRUNC(G77*H77,2)","v":27.69}]
["3.3","Código","Banco","Descrição","Tipo","Und","Quant.","Valor Unit","Total"]
["Composição",96619,"SINAPI","LASTRO DE CONCRETO MAGRO, APLICADO EM BLOCOS DE COROAMENTO OU SAPATAS, ESPESSURA DE 5 CM. AF_01/2024","FUES - FUNDAÇÕES E ESTRUTURAS","m²",1,{"$f":"I79","v":54.62},{"$f":"SUM(I80:I82)","v":54.62}]
["Composição Auxiliar",88316,"SINAPI","SERVENTE COM ENCARGOS COMPLEMENTARES","SEDI - SERVIÇOS DIVERSOS","H",0.12265,{"$f":"IF(A80=\"Composição Auxiliar\",VLOOKUP(B80,'SINAPI COMPOSIÇÃO'!$A$2:$E$10256,4,FALSE),IF(A80=\"Insumo\",IF(VLOOKUP(B80,'SINAPI INSUMOS'!$A$2:$F$4852,5,FALSE)=OR(\"\",0),VLOOKUP(B80,'SINAPI INSUMOS'!$A$2:$F$4852,6,FALSE),VLOOKUP(B80,'SINAPI INSUMOS'!$A$2:$F$4852,5,FALSE)),\"VERIFICAR\"))","v":21.32},{"$f":"TRUNC(G80*H80,2)","v":2.61}]
["Composição Auxiliar",94968,"SINAPI","CONCRETO MAGRO PARA LASTRO, TRAÇO 1:4,5:4,5 (EM MASSA SECA DE CIMENTO/ AREIA MÉDIA/ BRITA 1) - PREPARO MECÂNICO COM BETONEIRA 600 L. AF_05/2021","FUES - FUNDAÇÕES E ESTRUTURAS","m³",6.9000000000000006E-2,{"$f":"IF(A81=\"Composição Auxiliar\",VLOOKUP(B81,'SINAPI COMPOSIÇÃO'!$A$2:$E$10256,4,FALSE),IF(A81=\"Insumo\",IF(VLOOKUP(B81,'SINAPI INSUMOS'!$A$2:$F$4852,5,FALSE)=OR(\"\",0),VLOOKUP(B81,'SINAPI INSUMOS'!$A$2:$F$4852,6,FALSE),VLOOKUP(B81,'SINAPI INSUMOS'!$A$2:$F$4852,5,FALSE)),\"VERIFICAR\"))","v":618.28},{"$f":"TRUNC(G81*H81,2)","v":42.66}]
["Composição Auxiliar",88309,"SINAPI","PEDREIRO COM ENCARGOS COMPLEMENTARES","SEDI - SERVIÇOS DIVERSOS","H",0.33905000000000002,{"$f":"IF(A82=\"Composição Auxiliar\",VLOOKUP(B82,'SINAPI COMPOSIÇÃO'!$A$2:$E$10256,4,FALSE),IF(A82=\"Insumo\",IF(VLOOKUP(B82,'SINAPI INSUMOS'!$A$2:$F$4852,5,FALSE)=OR(\"\",0),VLOOKUP(B82,'SINAPI INSUMOS'!$A$2:$F$4852,6,FALSE),VLOOKUP(B82,'SINAPI INSUMOS'!$A$2:$F$4852,5,FALSE)),\"VERIFICAR\"))","v":27.58},{"$f":"TRUNC(G82*H82,2)","v":9.35}]
["3.4","Código","Banco","Descrição","Tipo","Und","Quant.","Valor Unit","Total"]
["Composição",96541,"SINAPI","FABRICAÇÃO, MONTAGEM E DESMONTAGEM DE FÔRMA PARA SAPATA, EM CHAPA DE MADEIRA COMPENSADA RESINADA, E=17 MM, 4 UTILIZAÇÕES. AF_01/2024","FUES - FUNDAÇÕES E ESTRUTURAS","m²",1,{"$f":"I84","v":185.49},{"$f":"SUM(I85:I96)","v":185.49}]
["Composição Auxiliar",91692,"SINAPI","SERRA CIRCULAR DE BANCADA COM MOTOR ELÉTRICO POTÊNCIA DE 5HP, COM COIFA PARA DISCO 10\" - CHP DIURNO. AF_08/2015","CHOR - CUSTOS HORÁRIOS DE MÁQUINAS E EQUIPAMENTOS","CHP",0.06,{"$f":"IF(A85=\"Composição Auxiliar\",VLOOKUP(B85,'SINAPI COMPOSIÇÃO'!$A$2:$E$10256,4,FALSE),IF(A85=\"Insumo\",IF(VLOOKUP(B85,'SINAPI INSUMOS'!$A$2:$F$4852,5,FALSE)=OR(\"\",0),VLOOKUP(B85,'SINAPI INSUMOS'!$A$2:$F$4852,6,FALSE),VLOOKUP(B85,'SINAPI INSUMOS'!$A$2:$F$4852,5,FALSE)),\"VERIFICAR\"))","v":37.6},{"$f":"TRUNC(G85*H85,2)","v":2.25}]
["Composição Auxiliar",88239,"SINAPI","AJUDANTE DE CARPINTEIRO COM ENCARGOS COMPLEMENTARES","SEDI - SERVIÇOS DIVERSOS","H",1.387,{"$f":"IF(A86=\"Composição Auxiliar\",VLOOKUP(B86,'SINAPI COMPOSIÇÃO'!$A$2:$E$10256,4,FALSE),IF(A86=\"Insumo\",IF(VLOOKUP(B86,'SINAPI INSUMOS'!$A$2:$F$4852,5,FALSE)=OR(\"\",0),VLOOKUP(B86,'SINAPI INSUMOS'!$A$2:$F$4852,6,FALSE),VLOOKUP(B86,'SINAPI INSUMOS'!$A$2:$F$4852,5,FALSE)),\"VERIFICAR\"))","v":23.07},31.99]
["Composição Auxiliar",91693,"SINAPI","SERRA CIRCULAR DE BANCADA COM MOTOR ELÉTRICO POTÊNCIA DE 5HP, COM COIFA PARA DISCO 10\" - CHI DIURNO. AF_08/2015","CHOR - CUSTOS HORÁRIOS DE MÁQUINAS E EQUIPAMENTOS","CHI",0.23899999999999999,{"$f":"IF(A87=\"Composição Auxiliar\",VLOOKUP(B87,'SINAPI COMPOSIÇÃO'!$A$2:$E$10256,4,FALSE),IF(A87=\"Insumo\",IF(VLOOKUP(B87,'SINAPI INSUMOS'!$A$2:$F$4852,5,FALSE)=OR(\"\",0),VLOOKUP(B87,'SINAPI INSUMOS'!$A$2:$F$4852,6,FALSE),VLOOKUP(B87,'SINAPI INSUMOS'!$A$2:$F$4852,5,FALSE)),\"VERIFICAR\"))","v":36.14},8.6300000000000008]
["Composição Auxiliar",88262,"SINAPI","CARPINTEIRO DE FORMAS COM ENCARGOS COMPLEMENTARES","SEDI - SERVIÇOS DIVERSOS","H",3.395,{"$f":"IF(A88=\"Composição Auxiliar\",VLOOKUP(B88,'SINAPI COMPOSIÇÃO'!$A$2:$E$10256,4,FALSE),IF(A88=\"Insumo\",IF(VLOOKUP(B88,'SINAPI INSUMOS'!$A$2:$F$4852,5,FALSE)=OR(\"\",0),VLOOKUP(B88,'SINAPI INSUMOS'!$A$2:$F$4852,6,FALSE),VLOOKUP(B88,'SINAPI INSUMOS'!$A$2:$F$4852,5,FALSE)),\"VERIFICAR\"))","v":26.98},91.59]
["Insumo",5074,"SINAPI","PREGO DE ACO POLIDO COM CABECA 15 X 18 (1 1/2 X 13)","Material","KG",5.0000000000000001E-3,{"$f":"IF(A89=\"Composição Auxiliar\",VLOOKUP(B89,'SINAPI COMPOSIÇÃO'!$A$2:$E$10256,4,FALSE),IF(A89=\"Insumo\",IF(VLOOKUP(B89,'SINAPI INSUMOS'!$A$2:$F$4852,5,FALSE)=OR(\"\",0),VLOOKUP(B89,'SINAPI INSUMOS'!$A$2:$F$4852,6,FALSE),VLOOKUP(B89,'SINAPI INSUMOS'!$A$2:$F$4852,5,FALSE)),\"VERIFICAR\"))","v":17.77},0.08]
["Insumo",20247,"SINAPI","PREGO DE ACO POLIDO COM CABECA 15 X 15 (1 1/4 X 13)","Material","KG",2.1999999999999999E-2,{"$f":"IF(A90=\"Composição Auxiliar\",VLOOKUP(B90,'SINAPI COMPOSIÇÃO'!$A$2:$E$10256,4,FALSE),IF(A90=\"Insumo\",IF(VLOOKUP(B90,'SINAPI INSUMOS'!$A$2:$F$4852,5,FALSE)=OR(\"\",0),VLOOKUP(B90,'SINAPI INSUMOS'!$A$2:$F$4852,6,FALSE),VLOOKUP(B90,'SINAPI INSUMOS'!$A$2:$F$4852,5,FALSE)),\"VERIFICAR\"))","v":17.559999999999999},0.38]
["Insumo",4491,"SINAPI","PONTALETE *7,5 X 7,5* CM EM PINUS, MISTA OU EQUIVALENTE DA REGIAO - BRUTA","Material","M",0.73299999999999998,{"$f":"IF(A91=\"Composição Auxiliar\",VLOOKUP(B91,'SINAPI COMPOSIÇÃO'!$A$2:$E$10256,4,FALSE),IF(A91=\"Insumo\",IF(VLOOKUP(B91,'SINAPI INSUMOS'!$A$2:$F$4852,5,FALSE)=OR(\"\",0),VLOOKUP(B91,'SINAPI INSUMOS'!$A$2:$F$4852,6,FALSE),VLOOKUP(B91,'SINAPI INSUMOS'!$A$2:$F$4852,5,FALSE)),\"VERIFICAR\"))","v":10.050000000000001},7.36]
["Insumo",1358,"SINAPI","CHAPA/PAINEL DE MADEIRA COMPENSADA RESINADA (MADEIRITE RESINADO ROSA) PARA FORMA DE CONCRETO, DE 2200 X 1100 MM, E = 17 MM","Material","m²",0.33600000000000002,{"$f":"IF(A92=\"Composição Auxiliar\",VLOOKUP(B92,'SINAPI COMPOSIÇÃO'!$A$2:$E$10256,4,FALSE),IF(A92=\"Insumo\",IF(VLOOKUP(B92,'SINAPI INSUMOS'!$A$2:$F$4852,5,FALSE)=OR(\"\",0),VLOOKUP(B92,'SINAPI INSUMOS'!$A$2:$F$4852,6,FALSE),VLOOKUP(B92,'SINAPI INSUMOS'!$A$2:$F$4852,5,FALSE)),\"VERIFICAR\"))","v":62.3},20.93]
["Insumo",4517,"SINAPI","SARRAFO *2,5 X 7,5* CM EM PINUS, MISTA OU EQUIVALENTE DA REGIAO - BRUTA","Material","M",5.4009999999999998,{"$f":"IF(A93=\"Composição Auxiliar\",VLOOKUP(B93,'SINAPI COMPOSIÇÃO'!$A$2:$E$10256,4,FALSE),IF(A93=\"Insumo\",IF(VLOOKUP(B93,'SINAPI INSUMOS'!$A$2:$F$4852,5,FALSE)=OR(\"\",0),VLOOKUP(B93,'SINAPI INSUMOS'!$A$2:$F$4852,6,FALSE),VLOOKUP(B93,'SINAPI INSUMOS'!$A$2:$F$4852,5,FALSE)),\"VERIFICAR\"))","v":3.52},19.010000000000002]
["Insumo",2692,"SINAPI","DESMOLDANTE PROTETOR PARA FORMAS DE MADEIRA, DE BASE OLEOSA EMULSIONADA EM AGUA","Material","L",9.5499999999999995E-3,{"$f":"IF(A94=\"Composição Auxiliar\",VLOOKUP(B94,'SINAPI COMPOSIÇÃO'!$A$2:$E$10256,4,FALSE),IF(A94=\"Insumo\",IF(VLOOKUP(B94,'SINAPI INSUMOS'!$A$2:$F$4852,5,FALSE)=OR(\"\",0),VLOOKUP(B94,'SINAPI INSUMOS'!$A$2:$F$4852,6,FALSE),VLOOKUP(B94,'SINAPI INSUMOS'!$A$2:$F$4852,5,FALSE)),\"VERIFICAR\"))","v":7.67},7.0000000000000007E-2]
["Insumo",5073,"SINAPI","PREGO DE ACO POLIDO COM CABECA 17 X 24 (2 1/4 X 11)","Material","KG",5.5E-2,{"$f":"IF(A95=\"Composição Auxiliar\",VLOOKUP(B95,'SINAPI COMPOSIÇÃO'!$A$2:$E$10256,4,FALSE),IF(A95=\"Insumo\",IF(VLOOKUP(B95,'SINAPI INSUMOS'!$A$2:$F$4852,5,FALSE)=OR(\"\",0),VLOOKUP(B95,'SINAPI INSUMOS'!$A$2:$F$4852,6,FALSE),VLOOKUP(B95,'SINAPI INSUMOS'!$A$2:$F$4852,5,FALSE)),\"VERIFICAR\"))","v":16.16},0.88]
["Insumo",40304,"SINAPI","PREGO DE ACO POLIDO COM CABECA DUPLA 17 X 27 (2 1/2 X 11)","Material","KG",0.11899999999999999,{"$f":"IF(A96=\"Composição Auxiliar\",VLOOKUP(B96,'SINAPI COMPOSIÇÃO'!$A$2:$E$10256,4,FALSE),IF(A96=\"Insumo\",IF(VLOOKUP(B96,'SINAPI INSUMOS'!$A$2:$F$4852,5,FALSE)=OR(\"\",0),VLOOKUP(B96,'SINAPI INSUMOS'!$A$2:$F$4852,6,FALSE),VLOOKUP(B96,'SINAPI INSUMOS'!$A$2:$F$4852,5,FALSE)),\"VERIFICAR\"))","v":19.57},2.3199999999999998]
["3.5","Código","Banco","Descrição","Tipo","Und","Quant.","Valor Unit","Total"]
["Composição",96542,"SINAPI","FABRICAÇÃO, MONTAGEM E DESMONTAGEM DE FÔRMA PARA VIGA BALDRAME, EM CHAPA DE MADEIRA COMPENSADA RESINADA, E=17 MM, 4 UTILIZAÇÕES. AF_01/2024","FUES - FUNDAÇÕES E ESTRUTURAS","m²",1,{"$f":"I98","v":100.78000000000002},{"$f":"SUM(I99:I109)","v":100.78000000000002}]
["Composição Auxiliar",91692,"SINAPI","SERRA CIRCULAR DE BANCADA COM MOTOR ELÉTRICO POTÊNCIA DE 5HP, COM COIFA PARA DISCO 10\" - CHP DIURNO. AF_08/2015","CHOR - CUSTOS HORÁRIOS DE MÁQUINAS E EQUIPAMENTOS","CHP",1.4E-2,{"$f":"IF(A99=\"Composição Auxiliar\",VLOOKUP(B99,'SINAPI COMPOSIÇÃO'!$A$2:$E$10256,4,FALSE),IF(A99=\"Insumo\",IF(VLOOKUP(B99,'SINAPI INSUMOS'!$A$2:$F$4852,5,FALSE)=OR(\"\",0),VLOOKUP(B99,'SINAPI INSUMOS'!$A$2:$F$4852,6,FALSE),VLOOKUP(B99,'SINAPI INSUMOS'!$A$2:$F$4852,5,FALSE)),\"VERIFICAR\"))","v":37.6},{"$f":"TRUNC(G99*H99,2)","v":0.52}]
["Composição Auxiliar",88262,"SINAPI","CARPINTEIRO DE FORMAS COM ENCARGOS COMPLEMENTARES","SEDI - SERVIÇOS DIVERSOS","H",1.718,{"$f":"IF(A100=\"Composição Auxiliar\",VLOOKUP(B100,'SINAPI COMPOSIÇÃO'!$A$2:$E$10256,4,FALSE),IF(A100=\"Insumo\",IF(VLOOKUP(B100,'SINAPI INSUMOS'!$A$2:$F$4852,5,FALSE)=OR(\"\",0),VLOOKUP(B100,'SINAPI INSUMOS'!$A$2:$F$4852,6,FALSE),VLOOKUP(B100,'SINAPI INSUMOS'!$A$2:$F$4852,5,FALSE)),\"VERIFICAR\"))","v":26.98},46.35]
["Composição Auxiliar",88239,"SINAPI","AJUDANTE DE CARPINTEIRO COM ENCARGOS COMPLEMENTARES","SEDI - SERVIÇOS DIVERSOS","H",0.73099999999999998,{"$f":"IF(A101=\"Composição Auxiliar\",VLOOKUP(B101,'SINAPI COMPOSIÇÃO'!$A$2:$E$10256,4,FALSE),IF(A101=\"Insumo\",IF(VLOOKUP(B101,'SINAPI INSUMOS'!$A$2:$F$4852,5,FALSE)=OR(\"\",0),VLOOKUP(B101,'SINAPI INSUMOS'!$A$2:$F$4852,6,FALSE),VLOOKUP(B101,'SINAPI INSUMOS'!$A$2:$F$4852,5,FALSE)),\"VERIFICAR\"))","v":23.07},16.86]
["Composição Auxiliar",91693,"SINAPI","SERRA CIRCULAR DE BANCADA COM MOTOR ELÉTRICO POTÊNCIA DE 5HP, COM COIFA PARA DISCO 10\" - CHI DIURNO. AF_08/2015","CHOR - CUSTOS HORÁRIOS DE MÁQUINAS E EQUIPAMENTOS","CHI",5.6000000000000001E-2,{"$f":"IF(A102=\"Composição Auxiliar\",VLOOKUP(B102,'SINAPI COMPOSIÇÃO'!$A$2:$E$10256,4,FALSE),IF(A102=\"Insumo\",IF(VLOOKUP(B102,'SINAPI INSUMOS'!$A$2:$F$4852,5,FALSE)=OR(\"\",0),VLOOKUP(B102,'SINAPI INSUMOS'!$A$2:$F$4852,6,FALSE),VLOOKUP(B102,'SINAPI INSUMOS'!$A$2:$F$4852,5,FALSE)),\"VERIFICAR\"))","v":36.14},2.02]
["Insumo",4517,"SINAPI","SARRAFO *2,5 X 7,5* CM EM PINUS, MISTA OU EQUIVALENTE DA REGIAO - BRUTA","Material","M",0.72199999999999998,{"$f":"IF(A103=\"Composição Auxiliar\",VLOOKUP(B103,'SINAPI COMPOSIÇÃO'!$A$2:$E$10256,4,FALSE),IF(A103=\"Insumo\",IF(VLOOKUP(B103,'SINAPI INSUMOS'!$A$2:$F$4852,5,FALSE)=OR(\"\",0),VLOOKUP(B103,'SINAPI INSUMOS'!$A$2:$F$4852,6,FALSE),VLOOKUP(B103,'SINAPI INSUMOS'!$A$2:$F$4852,5,FALSE)),\"VERIFICAR\"))","v":3.52},2.54]
["Insumo",40304,"SINAPI","PREGO DE ACO POLIDO COM CABECA DUPLA 17 X 27 (2 1/2 X 11)","Material","KG",1.4999999999999999E-2,{"$f":"IF(A104=\"Composição Auxiliar\",VLOOKUP(B104,'SINAPI COMPOSIÇÃO'!$A$2:$E$10256,4,FALSE),IF(A104=\"Insumo\",IF(VLOOKUP(B104,'SINAPI INSUMOS'!$A$2:$F$4852,5,FALSE)=OR(\"\",0),VLOOKUP(B104,'SINAPI INSUMOS'!$A$2:$F$4852,6,FALSE),VLOOKUP(B104,'SINAPI INSUMOS'!$A$2:$F$4852,5,FALSE)),\"VERIFICAR\"))","v":19.57},0.28999999999999998]
["Insumo",1358,"SINAPI","CHAPA/PAINEL DE MADEIRA COMPENSADA RESINADA (MADEIRITE RESINADO ROSA) PARA FORMA DE CONCRETO, DE 2200 X 1100 MM, E = 17 MM","Material","m²",0.315,{"$f":"IF(A105=\"Composição Auxiliar\",VLOOKUP(B105,'SINAPI COMPOSIÇÃO'!$A$2:$E$10256,4,FALSE),IF(A105=\"Insumo\",IF(VLOOKUP(B105,'SINAPI INSUMOS'!$A$2:$F$4852,5,FALSE)=OR(\"\",0),VLOOKUP(B105,'SINAPI INSUMOS'!$A$2:$F$4852,6,FALSE),VLOOKUP(B105,'SINAPI INSUMOS'!$A$2:$F$4852,5,FALSE)),\"VERIFICAR\"))","v":62.3},19.62]
["Insumo",5073,"SINAPI","PREGO DE ACO POLIDO COM CABECA 17 X 24 (2 1/4 X 11)","Material","KG",8.0000000000000002E-3,{"$f":"IF(A106=\"Composição Auxiliar\",VLOOKUP(B106,'SINAPI COMPOSIÇÃO'!$A$2:$E$10256,4,FALSE),IF(A106=\"Insumo\",IF(VLOOKUP(B106,'SINAPI INSUMOS'!$A$2:$F$4852,5,FALSE)=OR(\"\",0),VLOOKUP(B106,'SINAPI INSUMOS'!$A$2:$F$4852,6,FALSE),VLOOKUP(B106,'SINAPI INSUMOS'!$A$2:$F$4852,5,FALSE)),\"VERIFICAR\"))","v":16.16},0.12]
["Insumo",20247,"SINAPI","PREGO DE ACO POLIDO COM CABECA 15 X 15 (1 1/4 X 13)","Material","KG",8.9999999999999993E-3,{"$f":"IF(A107=\"Composição Auxiliar\",VLOOKUP(B107,'SINAPI COMPOSIÇÃO'!$A$2:$E$10256,4,FALSE),IF(A107=\"Insumo\",IF(VLOOKUP(B107,'SINAPI INSUMOS'!$A$2:$F$4852,5,FALSE)=OR(\"\",0),VLOOKUP(B107,'SINAPI INSUMOS'!$A$2:$F$4852,6,FALSE),VLOOKUP(B107,'SINAPI INSUMOS'!$A$2:$F$4852,5,FALSE)),\"VERIFICAR\"))","v":17.559999999999999},0.15]
["Insumo",4491,"SINAPI","PONTALETE *7,5 X 7,5* CM EM PINUS, MISTA OU EQUIVALENTE DA REGIAO - BRUTA","Material","M",1.218,{"$f":"IF(A108=\"Composição Auxiliar\",VLOOKUP(B108,'SINAPI COMPOSIÇÃO'!$A$2:$E$10256,4,FALSE),IF(A108=\"Insumo\",IF(VLOOKUP(B108,'SINAPI INSUMOS'!$A$2:$F$4852,5,FALSE)=OR(\"\",0),VLOOKUP(B108,'SINAPI INSUMOS'!$A$2:$F$4852,6,FALSE),VLOOKUP(B108,'SINAPI INSUMOS'!$A$2:$F$4852,5,FALSE)),\"VERIFICAR\"))","v":10.050000000000001},12.24]
["Insumo",2692,"SINAPI","DESMOLDANTE PROTETOR PARA FORMAS DE MADEIRA, DE BASE OLEOSA EMULSIONADA EM AGUA","Material","L",9.5499999999999995E-3,{"$f":"IF(A109=\"Composição Auxiliar\",VLOOKUP(B109,'SINAPI COMPOSIÇÃO'!$A$2:$E$10256,4,FALSE),IF(A109=\"Insumo\",IF(VLOOKUP(B109,'SINAPI INSUMOS'!$A$2:$F$4852,5,FALSE)=OR(\"\",0),VLOOKUP(B109,'SINAPI INSUMOS'!$A$2:$F$4852,6,FALSE),VLOOKUP(B109,'SINAPI INSUMOS'!$A$2:$F$4852,5,FALSE)),\"VERIFICAR\"))","v":7.67},7.0000000000000007E-2]
["3.6","Código","Banco","Descrição","Tipo","Und","Quant.","Valor Unit","Total"]
["Composição",92419,"SINAPI","MONTAGEM E DESMONTAGEM DE FÔRMA DE PILARES RETANGULARES E ESTRUTURAS SIMILARES, PÉ-DIREITO SIMPLES, EM CHAPA DE MADEIRA COMPENSADA RESINADA, 4 UTILIZAÇÕES. AF_09/2020","FUES - FUNDAÇÕES E ESTRUTURAS","m²",1,{"$f":"I111","v":96.99},{"$f":"SUM(I112:I119)","v":96.99}]
["Composição Auxiliar",88262,"SINAPI","CARPINTEIRO DE FORMAS COM ENCARGOS COMPLEMENTARES","SEDI - SERVIÇOS DIVERSOS","H",0.86599999999999999,{"$f":"IF(A112=\"Composição Auxiliar\",VLOOKUP(B112,'SINAPI COMPOSIÇÃO'!$A$2:$E$10256,4,FALSE),IF(A112=\"Insumo\",IF(VLOOKUP(B112,'SINAPI INSUMOS'!$A$2:$F$4852,5,FALSE)=OR(\"\",0),VLOOKUP(B112,'SINAPI INSUMOS'!$A$2:$F$4852,6,FALSE),VLOOKUP(B112,'SINAPI INSUMOS'!$A$2:$F$4852,5,FALSE)),\"VERIFICAR\"))","v":26.98},{"$f":"TRUNC(G112*H112,2)","v":23.36}]
["Composição Auxiliar",92263,"SINAPI","FABRICAÇÃO DE FÔRMA PARA PILARES E ESTRUTURAS SIMILARES, EM CHAPA DE MADEIRA COMPENSADA RESINADA, E = 17 MM. AF_09/2020","FUES - FUNDAÇÕES E ESTRUTURAS","m²",0.26300000000000001,{"$f":"IF(A113=\"Composição Auxiliar\",VLOOKUP(B113,'SINAPI COMPOSIÇÃO'!$A$2:$E$10256,4,FALSE),IF(A113=\"Insumo\",IF(VLOOKUP(B113,'SINAPI INSUMOS'!$A$2:$F$4852,5,FALSE)=OR(\"\",0),VLOOKUP(B113,'SINAPI INSUMOS'!$A$2:$F$4852,6,FALSE),VLOOKUP(B113,'SINAPI INSUMOS'!$A$2:$F$4852,5,FALSE)),\"VERIFICAR\"))","v":191.38},50.33]
["Composição Auxiliar",88239,"SINAPI","AJUDANTE DE CARPINTEIRO COM ENCARGOS COMPLEMENTARES","SEDI - SERVIÇOS DIVERSOS","H",0.159,{"$f":"IF(A114=\"Composição Auxiliar\",VLOOKUP(B114,'SINAPI COMPOSIÇÃO'!$A$2:$E$10256,4,FALSE),IF(A114=\"Insumo\",IF(VLOOKUP(B114,'SINAPI INSUMOS'!$A$2:$F$4852,5,FALSE)=OR(\"\",0),VLOOKUP(B114,'SINAPI INSUMOS'!$A$2:$F$4852,6,FALSE),VLOOKUP(B114,'SINAPI INSUMOS'!$A$2:$F$4852,5,FALSE)),\"VERIFICAR\"))","v":23.07},3.66]
["Insumo",2692,"SINAPI","DESMOLDANTE PROTETOR PARA FORMAS DE MADEIRA, DE BASE OLEOSA EMULSIONADA EM AGUA","Material","L",0.01,{"$f":"IF(A115=\"Composição Auxiliar\",VLOOKUP(B115,'SINAPI COMPOSIÇÃO'!$A$2:$E$10256,4,FALSE),IF(A115=\"Insumo\",IF(VLOOKUP(B115,'SINAPI INSUMOS'!$A$2:$F$4852,5,FALSE)=OR(\"\",0),VLOOKUP(B115,'SINAPI INSUMOS'!$A$2:$F$4852,6,FALSE),VLOOKUP(B115,'SINAPI INSUMOS'!$A$2:$F$4852,5,FALSE)),\"VERIFICAR\"))","v":7.67},7.0000000000000007E-2]
["Insumo",40275,"SINAPI","LOCACAO DE VIGA SANDUICHE METALICA VAZADA PARA TRAVAMENTO DE PILARES, ALTURA DE *8* CM, LARGURA DE *6* CM E EXTENSAO DE 2 M","Equipamento","UNXMES",0.39300000000000002,{"$f":"IF(A116=\"Composição Auxiliar\",VLOOKUP(B116,'SINAPI COMPOSIÇÃO'!$A$2:$E$10256,4,FALSE),IF(A116=\"Insumo\",IF(VLOOKUP(B116,'SINAPI INSUMOS'!$A$2:$F$4852,5,FALSE)=OR(\"\",0),VLOOKUP(B116,'SINAPI INSUMOS'!$A$2:$F$4852,6,FALSE),VLOOKUP(B116,'SINAPI INSUMOS'!$A$2:$F$4852,5,FALSE)),\"VERIFICAR\"))","v":22.09},8.68]
["Insumo",40271,"SINAPI","LOCACAO DE APRUMADOR METALICO DE PILAR, COM ALTURA E ANGULO REGULAVEIS, EXTENSAO DE *1,50* A *2,80* M","Equipamento","UNXMES",0.19600000000000001,{"$f":"IF(A117=\"Composição Auxiliar\",VLOOKUP(B117,'SINAPI COMPOSIÇÃO'!$A$2:$E$10256,4,FALSE),IF(A117=\"Insumo\",IF(VLOOKUP(B117,'SINAPI INSUMOS'!$A$2:$F$4852,5,FALSE)=OR(\"\",0),VLOOKUP(B117,'SINAPI INSUMOS'!$A$2:$F$4852,6,FALSE),VLOOKUP(B117,'SINAPI INSUMOS'!$A$2:$F$4852,5,FALSE)),\"VERIFICAR\"))","v":21.14},4.1399999999999997]
["Insumo",40287,"SINAPI","LOCACAO DE BARRA DE ANCORAGEM DE 0,80 A 1,20 M DE EXTENSAO, COM ROSCA DE 5/8\", INCLUINDO PORCA E FLANGE","Equipamento","MES",0.78500000000000003,{"$f":"IF(A118=\"Composição Auxiliar\",VLOOKUP(B118,'SINAPI COMPOSIÇÃO'!$A$2:$E$10256,4,FALSE),IF(A118=\"Insumo\",IF(VLOOKUP(B118,'SINAPI INSUMOS'!$A$2:$F$4852,5,FALSE)=OR(\"\",0),VLOOKUP(B118,'SINAPI INSUMOS'!$A$2:$F$4852,6,FALSE),VLOOKUP(B118,'SINAPI INSUMOS'!$A$2:$F$4852,5,FALSE)),\"VERIFICAR\"))","v":8.14},6.38]
["Insumo",40304,"SINAPI","PREGO DE ACO POLIDO COM CABECA DUPLA 17 X 27 (2 1/2 X 11)","Material","KG",1.9E-2,{"$f":"IF(A119=\"Composição Auxiliar\",VLOOKUP(B119,'SINAPI COMPOSIÇÃO'!$A$2:$E$10256,4,FALSE),IF(A119=\"Insumo\",IF(VLOOKUP(B119,'SINAPI INSUMOS'!$A$2:$F$4852,5,FALSE)=OR(\"\",0),VLOOKUP(B119,'SINAPI INSUMOS'!$A$2:$F$4852,6,FALSE),VLOOKUP(B119,'SINAPI INSUMOS'!$A$2:$F$4852,5,FALSE)),\"VERIFICAR\"))","v":19.57},0.37]
["3.7","Código","Banco","Descrição","Tipo","Und","Quant.","Valor Unit","Total"]
["Composição",104916,"SINAPI","ARMAÇÃO DE SAPATA ISOLADA, VIGA BALDRAME E SAPATA CORRIDA UTILIZANDO AÇO CA-60 DE 5 MM - MONTAGEM. AF_01/2024","FUES - FUNDAÇÕES E ESTRUTURAS","KG",1,{"$f":"I121","v":17.650000000000002},{"$f":"SUM(I122:I126)","v":17.650000000000002}]
["Composição Auxiliar",92800,"SINAPI","CORTE E DOBRA DE AÇO CA-60, DIÂMETRO DE 5,0 MM. AF_06/2022","FUES - FUNDAÇÕES E ESTRUTURAS","KG",1,{"$f":"IF(A122=\"Composição Auxiliar\",VLOOKUP(B122,'SINAPI COMPOSIÇÃO'!$A$2:$E$10256,4,FALSE),IF(A122=\"Insumo\",IF(VLOOKUP(B122,'SINAPI INSUMOS'!$A$2:$F$4852,5,FALSE)=OR(\"\",0),VLOOKUP(B122,'SINAPI INSUMOS'!$A$2:$F$4852,6,FALSE),VLOOKUP(B122,'SINAPI INSUMOS'!$A$2:$F$4852,5,FALSE)),\"VERIFICAR\"))","v":10.77},{"$f":"TRUNC(G122*H122,2)","v":10.77}]
["Composição Auxiliar",88238,"SINAPI","AJUDANTE DE ARMADOR COM ENCARGOS COMPLEMENTARES","SEDI - SERVIÇOS DIVERSOS","H",6.4000000000000001E-2,{"$f":"IF(A123=\"Composição Auxiliar\",VLOOKUP(B123,'SINAPI COMPOSIÇÃO'!$A$2:$E$10256,4,FALSE),IF(A123=\"Insumo\",IF(VLOOKUP(B123,'SINAPI INSUMOS'!$A$2:$F$4852,5,FALSE)=OR(\"\",0),VLOOKUP(B123,'SINAPI INSUMOS'!$A$2:$F$4852,6,FALSE),VLOOKUP(B123,'SINAPI INSUMOS'!$A$2:$F$4852,5,FALSE)),\"VERIFICAR\"))","v":23.39},{"$f":"TRUNC(G123*H123,2)","v":1.49}]
["Composição Auxiliar",88245,"SINAPI","ARMADOR COM ENCARGOS COMPLEMENTARES","SEDI - SERVIÇOS DIVERSOS","H",0.16600000000000001,{"$f":"IF(A124=\"Composição Auxiliar\",VLOOKUP(B124,'SINAPI COMPOSIÇÃO'!$A$2:$E$10256,4,FALSE),IF(A124=\"Insumo\",IF(VLOOKUP(B124,'SINAPI INSUMOS'!$A$2:$F$4852,5,FALSE)=OR(\"\",0),VLOOKUP(B124,'SINAPI INSUMOS'!$A$2:$F$4852,6,FALSE),VLOOKUP(B124,'SINAPI INSUMOS'!$A$2:$F$4852,5,FALSE)),\"VERIFICAR\"))","v":27.36},{"$f":"TRUNC(G124*H124,2)","v":4.54}]
["Insumo",39017,"SINAPI","ESPACADOR / DISTANCIADOR CIRCULAR COM ENTRADA LATERAL, EM PLASTICO, PARA VERGALHAO *4,2 A 12,5* MM, COBRIMENTO 20 MM","Material","UN",0.81899999999999995,{"$f":"IF(A125=\"Composição Auxiliar\",VLOOKUP(B125,'SINAPI COMPOSIÇÃO'!$A$2:$E$10256,4,FALSE),IF(A125=\"Insumo\",IF(VLOOKUP(B125,'SINAPI INSUMOS'!$A$2:$F$4852,5,FALSE)=OR(\"\",0),VLOOKUP(B125,'SINAPI INSUMOS'!$A$2:$F$4852,6,FALSE),VLOOKUP(B125,'SINAPI INSUMOS'!$A$2:$F$4852,5,FALSE)),\"VERIFICAR\"))","v":0.22},{"$f":"TRUNC(G125*H125,2)","v":0.18}]
["Insumo",43132,"SINAPI","ARAME RECOZIDO 16 BWG, D = 1,65 MM (0,016 KG/M) OU 18 BWG, D = 1,25 MM (0,01 KG/M)","Material","KG",2.5000000000000001E-2,{"$f":"IF(A126=\"Composição Auxiliar\",VLOOKUP(B126,'SINAPI COMPOSIÇÃO'!$A$2:$E$10256,4,FALSE),IF(A126=\"Insumo\",IF(VLOOKUP(B126,'SINAPI INSUMOS'!$A$2:$F$4852,5,FALSE)=OR(\"\",0),VLOOKUP(B126,'SINAPI INSUMOS'!$A$2:$F$4852,6,FALSE),VLOOKUP(B126,'SINAPI INSUMOS'!$A$2:$F$4852,5,FALSE)),\"VERIFICAR\"))","v":27},{"$f":"TRUNC(G126*H126,2)","v":0.67}]
["3.8","Código","Banco","Descrição","Tipo","Und","Quant.","Valor Unit","Total"]
["Composição",104918,"SINAPI","ARMAÇÃO DE SAPATA ISOLADA, VIGA BALDRAME E SAPATA CORRIDA UTILIZANDO AÇO CA-50 DE 8 MM - MONTAGEM. AF_01/2024","FUES - FUNDAÇÕES E ESTRUTURAS","KG",1,{"$f":"I128","v":15.42},{"$f":"SUM(I129:I133)","v":15.42}]
["Composição Auxiliar",92802,"SINAPI","CORTE E DOBRA DE AÇO CA-50, DIÂMETRO DE 8,0 MM. AF_06/2022","FUES - FUNDAÇÕES E ESTRUTURAS","KG",1,{"$f":"IF(A129=\"Composição Auxiliar\",VLOOKUP(B129,'SINAPI COMPOSIÇÃO'!$A$2:$E$10256,4,FALSE),IF(A129=\"Insumo\",IF(VLOOKUP(B129,'SINAPI INSUMOS'!$A$2:$F$4852,5,FALSE)=OR(\"\",0),VLOOKUP(B129,'SINAPI INSUMOS'!$A$2:$F$4852,6,FALSE),VLOOKUP(B129,'SINAPI INSUMOS'!$A$2:$F$4852,5,FALSE)),\"VERIFICAR\"))","v":10.94},{"$f":"TRUNC(G129*H129,2)","v":10.94}]
["Composição Auxiliar",88245,"SINAPI","ARMADOR COM ENCARGOS COMPLEMENTARES","SEDI - SERVIÇOS DIVERSOS","H",0.10199999999999999,{"$f":"IF(A130=\"Composição Auxiliar\",VLOOKUP(B130,'SINAPI COMPOSIÇÃO'!$A$2:$E$10256,4,FALSE),IF(A130=\"Insumo\",IF(VLOOKUP(B130,'SINAPI INSUMOS'!$A$2:$F$4852,5,FALSE)=OR(\"\",0),VLOOKUP(B130,'SINAPI INSUMOS'!$A$2:$F$4852,6,FALSE),VLOOKUP(B130,'SINAPI INSUMOS'!$A$2:$F$4852,5,FALSE)),\"VERIFICAR\"))","v":27.36},{"$f":"TRUNC(G130*H130,2)","v":2.79}]
["Composição Auxiliar",88238,"SINAPI","AJUDANTE DE ARMADOR COM ENCARGOS COMPLEMENTARES","SEDI - SERVIÇOS DIVERSOS","H",3.9E-2,{"$f":"IF(A131=\"Composição Auxiliar\",VLOOKUP(B131,'SINAPI COMPOSIÇÃO'!$A$2:$E$10256,4,FALSE),IF(A131=\"Insumo\",IF(VLOOKUP(B131,'SINAPI INSUMOS'!$A$2:$F$4852,5,FALSE)=OR(\"\",0),VLOOKUP(B131,'SINAPI INSUMOS'!$A$2:$F$4852,6,FALSE),VLOOKUP(B131,'SINAPI INSUMOS'!$A$2:$F$4852,5,FALSE)),\"VERIFICAR\"))","v":23.39},{"$f":"TRUNC(G131*H131,2)","v":0.91}]
["Insumo",39017,"SINAPI","ESPACADOR / DISTANCIADOR CIRCULAR COM ENTRADA LATERAL, EM PLASTICO, PARA VERGALHAO *4,2 A 12,5* MM, COBRIMENTO 20 MM","Material","UN",0.503,{"$f":"IF(A132=\"Composição Auxiliar\",VLOOKUP(B132,'SINAPI COMPOSIÇÃO'!$A$2:$E$10256,4,FALSE),IF(A132=\"Insumo\",IF(VLOOKUP(B132,'SINAPI INSUMOS'!$A$2:$F$4852,5,FALSE)=OR(\"\",0),VLOOKUP(B132,'SINAPI INSUMOS'!$A$2:$F$4852,6,FALSE),VLOOKUP(B132,'SINAPI INSUMOS'!$A$2:$F$4852,5,FALSE)),\"VERIFICAR\"))","v":0.22},{"$f":"TRUNC(G132*H132,2)","v":0.11}]
["Insumo",43132,"SINAPI","ARAME RECOZIDO 16 BWG, D = 1,65 MM (0,016 KG/M) OU 18 BWG, D = 1,25 MM (0,01 KG/M)","Material","KG",2.5000000000000001E-2,{"$f":"IF(A133=\"Composição Auxiliar\",VLOOKUP(B133,'SINAPI COMPOSIÇÃO'!$A$2:$E$10256,4,FALSE),IF(A133=\"Insumo\",IF(VLOOKUP(B133,'SINAPI INSUMOS'!$A$2:$F$4852,5,FALSE)=OR(\"\",0),VLOOKUP(B133,'SINAPI INSUMOS'!$A$2:$F$4852,6,FALSE),VLOOKUP(B133,'SINAPI INSUMOS'!$A$2:$F$4852,5,FALSE)),\"VERIFICAR\"))","v":27},{"$f":"TRUNC(G133*H133,2)","v":0.67}]
["3.9","Código","Banco","Descrição","Tipo","Und","Quant.","Valor Unit","Total"]
["Composição",104919,"SINAPI","ARMAÇÃO DE SAPATA ISOLADA, VIGA BALDRAME E SAPATA CORRIDA UTILIZANDO AÇO CA-50 DE 10 MM - MONTAGEM. AF_01/2024","FUES - FUNDAÇÕES E ESTRUTURAS","KG",1,{"$f":"I135","v":13.780000000000001},{"$f":"SUM(I136:I140)","v":13.780000000000001}]
["Composição Auxiliar",88238,"SINAPI","AJUDANTE DE ARMADOR COM ENCARGOS COMPLEMENTARES","SEDI - SERVIÇOS DIVERSOS","H",3.1E-2,{"$f":"IF(A136=\"Composição Auxiliar\",VLOOKUP(B136,'SINAPI COMPOSIÇÃO'!$A$2:$E$10256,4,FALSE),IF(A136=\"Insumo\",IF(VLOOKUP(B136,'SINAPI INSUMOS'!$A$2:$F$4852,5,FALSE)=OR(\"\",0),VLOOKUP(B136,'SINAPI INSUMOS'!$A$2:$F$4852,6,FALSE),VLOOKUP(B136,'SINAPI INSUMOS'!$A$2:$F$4852,5,FALSE)),\"VERIFICAR\"))","v":23.39},{"$f":"TRUNC(G136*H136,2)","v":0.72}]
["Composição Auxiliar",92803,"SINAPI","CORTE E DOBRA DE AÇO CA-50, DIÂMETRO DE 10,0 MM. AF_06/2022","FUES - FUNDAÇÕES E ESTRUTURAS","KG",1,{"$f":"IF(A137=\"Composição Auxiliar\",VLOOKUP(B137,'SINAPI COMPOSIÇÃO'!$A$2:$E$10256,4,FALSE),IF(A137=\"Insumo\",IF(VLOOKUP(B137,'SINAPI INSUMOS'!$A$2:$F$4852,5,FALSE)=OR(\"\",0),VLOOKUP(B137,'SINAPI INSUMOS'!$A$2:$F$4852,6,FALSE),VLOOKUP(B137,'SINAPI INSUMOS'!$A$2:$F$4852,5,FALSE)),\"VERIFICAR\"))","v":10.1},{"$f":"TRUNC(G137*H137,2)","v":10.1}]
["Composição Auxiliar",88245,"SINAPI","ARMADOR COM ENCARGOS COMPLEMENTARES","SEDI - SERVIÇOS DIVERSOS","H",8.1000000000000003E-2,{"$f":"IF(A138=\"Composição Auxiliar\",VLOOKUP(B138,'SINAPI COMPOSIÇÃO'!$A$2:$E$10256,4,FALSE),IF(A138=\"Insumo\",IF(VLOOKUP(B138,'SINAPI INSUMOS'!$A$2:$F$4852,5,FALSE)=OR(\"\",0),VLOOKUP(B138,'SINAPI INSUMOS'!$A$2:$F$4852,6,FALSE),VLOOKUP(B138,'SINAPI INSUMOS'!$A$2:$F$4852,5,FALSE)),\"VERIFICAR\"))","v":27.36},{"$f":"TRUNC(G138*H138,2)","v":2.21}]
["Insumo",43132,"SINAPI","ARAME RECOZIDO 16 BWG, D = 1,65 MM (0,016 KG/M) OU 18 BWG, D = 1,25 MM (0,01 KG/M)","Material","KG",2.5000000000000001E-2,{"$f":"IF(A139=\"Composição Auxiliar\",VLOOKUP(B139,'SINAPI COMPOSIÇÃO'!$A$2:$E$10256,4,FALSE),IF(A139=\"Insumo\",IF(VLOOKUP(B139,'SINAPI INSUMOS'!$A$2:$F$4852,5,FALSE)=OR(\"\",0),VLOOKUP(B139,'SINAPI INSUMOS'!$A$2:$F$4852,6,FALSE),VLOOKUP(B139,'SINAPI INSUMOS'!$A$2:$F$4852,5,FALSE)),\"VERIFICAR\"))","v":27},{"$f":"TRUNC(G139*H139,2)","v":0.67}]
["Insumo",39017,"SINAPI","ESPACADOR / DISTANCIADOR CIRCULAR COM ENTRADA LATERAL, EM PLASTICO, PARA VERGALHAO *4,2 A 12,5* MM, COBRIMENTO 20 MM","Material","UN",0.39900000000000002,{"$f":"IF(A140=\"Composição Auxiliar\",VLOOKUP(B140,'SINAPI COMPOSIÇÃO'!$A$2:$E$10256,4,FALSE),IF(A140=\"Insumo\",IF(VLOOKUP(B140,'SINAPI INSUMOS'!$A$2:$F$4852,5,FALSE)=OR(\"\",0),VLOOKUP(B140,'SINAPI INSUMOS'!$A$2:$F$4852,6,FALSE),VLOOKUP(B140,'SINAPI INSUMOS'!$A$2:$F$4852,5,FALSE)),\"VERIFICAR\"))","v":0.22},{"$f":"TRUNC(G140*H140,2)","v":0.08}]
["3.10","Código","Banco","Descrição","Tipo","Und","Quant.","Valor Unit","Total"]
["Composição",104920,"SINAPI","ARMAÇÃO DE BLOCO, SAPATA ISOLADA, VIGA BALDRAME E SAPATA CORRIDA UTILIZANDO AÇO CA-50 DE 12,5 MM - MONTAGEM. AF_01/2024","FUES - FUNDAÇÕES E ESTRUTURAS","KG",1,{"$f":"I142","v":11.72},{"$f":"SUM(I143:I147)","v":11.72}]
["Composição Auxiliar",92804,"SINAPI","CORTE E DOBRA DE AÇO CA-50, DIÂMETRO DE 12,5 MM. AF_06/2022","FUES - FUNDAÇÕES E ESTRUTURAS","KG",1,{"$f":"IF(A143=\"Composição Auxiliar\",VLOOKUP(B143,'SINAPI COMPOSIÇÃO'!$A$2:$E$10256,4,FALSE),IF(A143=\"Insumo\",IF(VLOOKUP(B143,'SINAPI INSUMOS'!$A$2:$F$4852,5,FALSE)=OR(\"\",0),VLOOKUP(B143,'SINAPI INSUMOS'!$A$2:$F$4852,6,FALSE),VLOOKUP(B143,'SINAPI INSUMOS'!$A$2:$F$4852,5,FALSE)),\"VERIFICAR\"))","v":8.66},{"$f":"TRUNC(G143*H143,2)","v":8.66}]
["Composição Auxiliar",88238,"SINAPI","AJUDANTE DE ARMADOR COM ENCARGOS COMPLEMENTARES","SEDI - SERVIÇOS DIVERSOS","H",2.5000000000000001E-2,{"$f":"IF(A144=\"Composição Auxiliar\",VLOOKUP(B144,'SINAPI COMPOSIÇÃO'!$A$2:$E$10256,4,FALSE),IF(A144=\"Insumo\",IF(VLOOKUP(B144,'SINAPI INSUMOS'!$A$2:$F$4852,5,FALSE)=OR(\"\",0),VLOOKUP(B144,'SINAPI INSUMOS'!$A$2:$F$4852,6,FALSE),VLOOKUP(B144,'SINAPI INSUMOS'!$A$2:$F$4852,5,FALSE)),\"VERIFICAR\"))","v":23.39},{"$f":"TRUNC(G144*H144,2)","v":0.57999999999999996}]
["Composição Auxiliar",88245,"SINAPI","ARMADOR COM ENCARGOS COMPLEMENTARES","SEDI - SERVIÇOS DIVERSOS","H",6.4000000000000001E-2,{"$f":"IF(A145=\"Composição Auxiliar\",VLOOKUP(B145,'SINAPI COMPOSIÇÃO'!$A$2:$E$10256,4,FALSE),IF(A145=\"Insumo\",IF(VLOOKUP(B145,'SINAPI INSUMOS'!$A$2:$F$4852,5,FALSE)=OR(\"\",0),VLOOKUP(B145,'SINAPI INSUMOS'!$A$2:$F$4852,6,FALSE),VLOOKUP(B145,'SINAPI INSUMOS'!$A$2:$F$4852,5,FALSE)),\"VERIFICAR\"))","v":27.36},{"$f":"TRUNC(G145*H145,2)","v":1.75}]
["Insumo",39017,"SINAPI","ESPACADOR / DISTANCIADOR CIRCULAR COM ENTRADA LATERAL, EM PLASTICO, PARA VERGALHAO *4,2 A 12,5* MM, COBRIMENTO 20 MM","Material","UN",0.317,{"$f":"IF(A146=\"Composição Auxiliar\",VLOOKUP(B146,'SINAPI COMPOSIÇÃO'!$A$2:$E$10256,4,FALSE),IF(A146=\"Insumo\",IF(VLOOKUP(B146,'SINAPI INSUMOS'!$A$2:$F$4852,5,FALSE)=OR(\"\",0),VLOOKUP(B146,'SINAPI INSUMOS'!$A$2:$F$4852,6,FALSE),VLOOKUP(B146,'SINAPI INSUMOS'!$A$2:$F$4852,5,FALSE)),\"VERIFICAR\"))","v":0.22},{"$f":"TRUNC(G146*H146,2)","v":0.06}]
["Insumo",43132,"SINAPI","ARAME RECOZIDO 16 BWG, D = 1,65 MM (0,016 KG/M) OU 18 BWG, D = 1,25 MM (0,01 KG/M)","Material","KG",2.5000000000000001E-2,{"$f":"IF(A147=\"Composição Auxiliar\",VLOOKUP(B147,'SINAPI COMPOSIÇÃO'!$A$2:$E$10256,4,FALSE),IF(A147=\"Insumo\",IF(VLOOKUP(B147,'SINAPI INSUMOS'!$A$2:$F$4852,5,FALSE)=OR(\"\",0),VLOOKUP(B147,'SINAPI INSUMOS'!$A$2:$F$4852,6,FALSE),VLOOKUP(B147,'SINAPI INSUMOS'!$A$2:$F$4852,5,FALSE)),\"VERIFICAR\"))","v":27},{"$f":"TRUNC(G147*H147,2)","v":0.67}]
["3.11","Código","Banco","Descrição","Tipo","Und","Quant.","Valor Unit","Total"]
["Composição",96558,"SINAPI","CONCRETAGEM DE SAPATA, FCK 30 MPA, COM USO DE BOMBA - LANÇAMENTO, ADENSAMENTO E ACABAMENTO. AF_01/2024","FUES - FUNDAÇÕES E ESTRUTURAS","m³",1,{"$f":"I149","v":1221.51},{"$f":"SUM(I150:I154)","v":1221.51}]
["Composição Auxiliar",90587,"SINAPI","VIBRADOR DE IMERSÃO, DIÂMETRO DE PONTEIRA 45MM, MOTOR ELÉTRICO TRIFÁSICO POTÊNCIA DE 2 CV - CHI DIURNO. AF_06/2015","CHOR - CUSTOS HORÁRIOS DE MÁQUINAS E EQUIPAMENTOS","CHI",0.13300000000000001,{"$f":"IF(A150=\"Composição Auxiliar\",VLOOKUP(B150,'SINAPI COMPOSIÇÃO'!$A$2:$E$10256,4,FALSE),IF(A150=\"Insumo\",IF(VLOOKUP(B150,'SINAPI INSUMOS'!$A$2:$F$4852,5,FALSE)=OR(\"\",0),VLOOKUP(B150,'SINAPI INSUMOS'!$A$2:$F$4852,6,FALSE),VLOOKUP(B150,'SINAPI INSUMOS'!$A$2:$F$4852,5,FALSE)),\"VERIFICAR\"))","v":0.57999999999999996},{"$f":"TRUNC(G150*H150,2)","v":7.0000000000000007E-2}]
["Composição Auxiliar",90586,"SINAPI","VIBRADOR DE IMERSÃO, DIÂMETRO DE PONTEIRA 45MM, MOTOR ELÉTRICO TRIFÁSICO POTÊNCIA DE 2 CV - CHP DIURNO. AF_06/2015","CHOR - CUSTOS HORÁRIOS DE MÁQUINAS E EQUIPAMENTOS","CHP",0.161,{"$f":"IF(A151=\"Composição Auxiliar\",VLOOKUP(B151,'SINAPI COMPOSIÇÃO'!$A$2:$E$10256,4,FALSE),IF(A151=\"Insumo\",IF(VLOOKUP(B151,'SINAPI INSUMOS'!$A$2:$F$4852,5,FALSE)=OR(\"\",0),VLOOKUP(B151,'SINAPI INSUMOS'!$A$2:$F$4852,6,FALSE),VLOOKUP(B151,'SINAPI INSUMOS'!$A$2:$F$4852,5,FALSE)),\"VERIFICAR\"))","v":1.49},{"$f":"TRUNC(G151*H151,2)","v":0.23}]
["Composição Auxiliar",88309,"SINAPI","PEDREIRO COM ENCARGOS COMPLEMENTARES","SEDI - SERVIÇOS DIVERSOS","H",0.58699999999999997,{"$f":"IF(A152=\"Composição Auxiliar\",VLOOKUP(B152,'SINAPI COMPOSIÇÃO'!$A$2:$E$10256,4,FALSE),IF(A152=\"Insumo\",IF(VLOOKUP(B152,'SINAPI INSUMOS'!$A$2:$F$4852,5,FALSE)=OR(\"\",0),VLOOKUP(B152,'SINAPI INSUMOS'!$A$2:$F$4852,6,FALSE),VLOOKUP(B152,'SINAPI INSUMOS'!$A$2:$F$4852,5,FALSE)),\"VERIFICAR\"))","v":27.58},{"$f":"TRUNC(G152*H152,2)","v":16.18}]
["Composição Auxiliar",88316,"SINAPI","SERVENTE COM ENCARGOS COMPLEMENTARES","SEDI - SERVIÇOS DIVERSOS","H",0.88100000000000001,{"$f":"IF(A153=\"Composição Auxiliar\",VLOOKUP(B153,'SINAPI COMPOSIÇÃO'!$A$2:$E$10256,4,FALSE),IF(A153=\"Insumo\",IF(VLOOKUP(B153,'SINAPI INSUMOS'!$A$2:$F$4852,5,FALSE)=OR(\"\",0),VLOOKUP(B153,'SINAPI INSUMOS'!$A$2:$F$4852,6,FALSE),VLOOKUP(B153,'SINAPI INSUMOS'!$A$2:$F$4852,5,FALSE)),\"VERIFICAR\"))","v":21.32},{"$f":"TRUNC(G153*H153,2)","v":18.78}]
["Insumo",1525,"SINAPI","CONCRETO USINADO BOMBEAVEL, CLASSE DE RESISTENCIA C30, BRITA 0 E 1, SLUMP = 100 +/- 20 MM, COM BOMBEAMENTO (DISPONIBILIZACAO DE BOMBA), SEM O LANCAMENTO (NBR 8953)","Material","m³",1.26,{"$f":"IF(A154=\"Composição Auxiliar\",VLOOKUP(B154,'SINAPI COMPOSIÇÃO'!$A$2:$E$10256,4,FALSE),IF(A154=\"Insumo\",IF(VLOOKUP(B154,'SINAPI INSUMOS'!$A$2:$F$4852,5,FALSE)=OR(\"\",0),VLOOKUP(B154,'SINAPI INSUMOS'!$A$2:$F$4852,6,FALSE),VLOOKUP(B154,'SINAPI INSUMOS'!$A$2:$F$4852,5,FALSE)),\"VERIFICAR\"))","v":941.47},{"$f":"TRUNC(G154*H154,2)","v":1186.25}]
["3.12","Código","Banco","Descrição","Tipo","Und","Quant.","Valor Unit","Total"]
["Composição",96557,"SINAPI","CONCRETAGEM DE BLOCO DE COROAMENTO OU VIGA BALDRAME, FCK 30 MPA, COM USO DE BOMBA - LANÇAMENTO, ADENSAMENTO E ACABAMENTO. AF_01/2024","FUES - FUNDAÇÕES E ESTRUTURAS","m³",1,{"$f":"I156","v":1178.06},{"$f":"SUM(I157:I161)","v":1178.06}]
["Composição Auxiliar",90587,"SINAPI","VIBRADOR DE IMERSÃO, DIÂMETRO DE PONTEIRA 45MM, MOTOR ELÉTRICO TRIFÁSICO POTÊNCIA DE 2 CV - CHI DIURNO. AF_06/2015","CHOR - CUSTOS HORÁRIOS DE MÁQUINAS E EQUIPAMENTOS","CHI",7.4999999999999997E-2,{"$f":"IF(A157=\"Composição Auxiliar\",VLOOKUP(B157,'SINAPI COMPOSIÇÃO'!$A$2:$E$10256,4,FALSE),IF(A157=\"Insumo\",IF(VLOOKUP(B157,'SINAPI INSUMOS'!$A$2:$F$4852,5,FALSE)=OR(\"\",0),VLOOKUP(B157,'SINAPI INSUMOS'!$A$2:$F$4852,6,FALSE),VLOOKUP(B157,'SINAPI INSUMOS'!$A$2:$F$4852,5,FALSE)),\"VERIFICAR\"))","v":0.57999999999999996},{"$f":"TRUNC(G157*H157,2)","v":0.04}]
["Composição Auxiliar",90586,"SINAPI","VIBRADOR DE IMERSÃO, DIÂMETRO DE PONTEIRA 45MM, MOTOR ELÉTRICO TRIFÁSICO POTÊNCIA DE 2 CV - CHP DIURNO. AF_06/2015","CHOR - CUSTOS HORÁRIOS DE MÁQUINAS E EQUIPAMENTOS","CHP",9.1999999999999998E-2,{"$f":"IF(A158=\"Composição Auxiliar\",VLOOKUP(B158,'SINAPI COMPOSIÇÃO'!$A$2:$E$10256,4,FALSE),IF(A158=\"Insumo\",IF(VLOOKUP(B158,'SINAPI INSUMOS'!$A$2:$F$4852,5,FALSE)=OR(\"\",0),VLOOKUP(B158,'SINAPI INSUMOS'!$A$2:$F$4852,6,FALSE),VLOOKUP(B158,'SINAPI INSUMOS'!$A$2:$F$4852,5,FALSE)),\"VERIFICAR\"))","v":1.49},{"$f":"TRUNC(G158*H158,2)","v":0.13}]
["Composição Auxiliar",88309,"SINAPI","\tPEDREIRO COM ENCARGOS COMPLEMENTARES","SEDI - SERVIÇOS DIVERSOS","H",0.33400000000000002,{"$f":"IF(A159=\"Composição Auxiliar\",VLOOKUP(B159,'SINAPI COMPOSIÇÃO'!$A$2:$E$10256,4,FALSE),IF(A159=\"Insumo\",IF(VLOOKUP(B159,'SINAPI INSUMOS'!$A$2:$F$4852,5,FALSE)=OR(\"\",0),VLOOKUP(B159,'SINAPI INSUMOS'!$A$2:$F$4852,6,FALSE),VLOOKUP(B159,'SINAPI INSUMOS'!$A$2:$F$4852,5,FALSE)),\"VERIFICAR\"))","v":27.58},{"$f":"TRUNC(G159*H159,2)","v":9.2100000000000009}]
["Composição Auxiliar",88316,"SINAPI","SERVENTE COM ENCARGOS COMPLEMENTARES","SEDI - SERVIÇOS DIVERSOS","H",0.501,{"$f":"IF(A160=\"Composição Auxiliar\",VLOOKUP(B160,'SINAPI COMPOSIÇÃO'!$A$2:$E$10256,4,FALSE),IF(A160=\"Insumo\",IF(VLOOKUP(B160,'SINAPI INSUMOS'!$A$2:$F$4852,5,FALSE)=OR(\"\",0),VLOOKUP(B160,'SINAPI INSUMOS'!$A$2:$F$4852,6,FALSE),VLOOKUP(B160,'SINAPI INSUMOS'!$A$2:$F$4852,5,FALSE)),\"VERIFICAR\"))","v":21.32},{"$f":"TRUNC(G160*H160,2)","v":10.68}]
["Insumo",1525,"SINAPI","CONCRETO USINADO BOMBEAVEL, CLASSE DE RESISTENCIA C30, BRITA 0 E 1, SLUMP = 100 +/- 20 MM, COM BOMBEAMENTO (DISPONIBILIZACAO DE BOMBA), SEM O LANCAMENTO (NBR 8953)","Material","m³",1.23,{"$f":"IF(A161=\"Composição Auxiliar\",VLOOKUP(B161,'SINAPI COMPOSIÇÃO'!$A$2:$E$10256,4,FALSE),IF(A161=\"Insumo\",IF(VLOOKUP(B161,'SINAPI INSUMOS'!$A$2:$F$4852,5,FALSE)=OR(\"\",0),VLOOKUP(B161,'SINAPI INSUMOS'!$A$2:$F$4852,6,FALSE),VLOOKUP(B161,'SINAPI INSUMOS'!$A$2:$F$4852,5,FALSE)),\"VERIFICAR\"))","v":941.47},{"$f":"TRUNC(G161*H161,2)","v":1158}]
["3.13","Código","Banco","Descrição","Tipo","Und","Quant.","Valor Unit","Total"]
["Composição",98557,"SINAPI","IMPERMEABILIZAÇÃO DE SUPERFÍCIE COM EMULSÃO ASFÁLTICA, 2 DEMÃOS. AF_09/2023","IMPE - IMPERMEABILIZAÇÕES E PROTEÇÕES DIVERSAS","m²",1,{"$f":"I163","v":50.099999999999994},{"$f":"SUM(I164:I166)","v":50.099999999999994}]
["Composição Auxiliar",88243,"SINAPI","AJUDANTE ESPECIALIZADO COM ENCARGOS COMPLEMENTARES","SEDI - SERVIÇOS DIVERSOS","H",9.69E-2,{"$f":"IF(A164=\"Composição Auxiliar\",VLOOKUP(B164,'SINAPI COMPOSIÇÃO'!$A$2:$E$10256,4,FALSE),IF(A164=\"Insumo\",IF(VLOOKUP(B164,'SINAPI INSUMOS'!$A$2:$F$4852,5,FALSE)=OR(\"\",0),VLOOKUP(B164,'SINAPI INSUMOS'!$A$2:$F$4852,6,FALSE),VLOOKUP(B164,'SINAPI INSUMOS'!$A$2:$F$4852,5,FALSE)),\"VERIFICAR\"))","v":22.32},{"$f":"TRUNC(G164*H164,2)","v":2.16}]
["Composição Auxiliar",88270,"SINAPI","IMPERMEABILIZADOR COM ENCARGOS COMPLEMENTARES","SEDI - SERVIÇOS DIVERSOS","H",0.4299,{"$f":"IF(A165=\"Composição Auxiliar\",VLOOKUP(B165,'SINAPI COMPOSIÇÃO'!$A$2:$E$10256,4,FALSE),IF(A165=\"Insumo\",IF(VLOOKUP(B165,'SINAPI INSUMOS'!$A$2:$F$4852,5,FALSE)=OR(\"\",0),VLOOKUP(B165,'SINAPI INSUMOS'!$A$2:$F$4852,6,FALSE),VLOOKUP(B165,'SINAPI INSUMOS'!$A$2:$F$4852,5,FALSE)),\"VERIFICAR\"))","v":27.84},{"$f":"TRUNC(G165*H165,2)","v":11.96}]
["Insumo",626,"SINAPI","MANTA LIQUIDA DE BASE ASFALTICA MODIFICADA COM A ADICAO DE ELASTOMEROS DILUIDOS EM SOLVENTE ORGANICO, APLICACAO A FRIO (MEMBRANA DE EMULSAO ASFALTICA PARA IMPERMEABILIZACAO FLEXIVEL)","Material","KG",1.5,{"$f":"IF(A166=\"Composição Auxiliar\",VLOOKUP(B166,'SINAPI COMPOSIÇÃO'!$A$2:$E$10256,4,FALSE),IF(A166=\"Insumo\",IF(VLOOKUP(B166,'SINAPI INSUMOS'!$A$2:$F$4852,5,FALSE)=OR(\"\",0),VLOOKUP(B166,'SINAPI INSUMOS'!$A$2:$F$4852,6,FALSE),VLOOKUP(B166,'SINAPI INSUMOS'!$A$2:$F$4852,5,FALSE)),\"VERIFICAR\"))","v":23.99},{"$f":"TRUNC(G166*H166,2)","v":35.979999999999997}]
["3.14","Código","Banco","Descrição","Tipo","Und","Quant.","Valor Unit","Total"]
["Composição","COMP. SEDE 02","Próprio","ATERRO MANUAL DE VALAS COM SOLO ARGILO-ARENOSO E COMPACTAÇÃO MECANIZADA.","CHOR - CUSTOS HORÁRIOS DE MÁQUINAS E EQUIPAMENTOS","M²",1,{"$f":"I168","v":53.21},{"$f":"SUM(I169:I174)","v":53.21}]
["Composição Auxiliar",88316,"SINAPI","SERVENTE COM ENCARGOS COMPLEMENTARES","SEDI - SERVIÇOS DIVERSOS","H",0.65900000000000003,{"$f":"IF(A169=\"Composição Auxiliar\",VLOOKUP(B169,'SINAPI COMPOSIÇÃO'!$A$2:$E$10256,4,FALSE),IF(A169=\"Insumo\",IF(VLOOKUP(B169,'SINAPI INSUMOS'!$A$2:$F$4852,5,FALSE)=OR(\"\",0),VLOOKUP(B169,'SINAPI INSUMOS'!$A$2:$F$4852,6,FALSE),VLOOKUP(B169,'SINAPI INSUMOS'!$A$2:$F$4852,5,FALSE)),\"VERIFICAR\"))","v":21.32},{"$f":"TRUNC(G169*H169,2)","v":14.04}]
["Composição Auxiliar",5901,"SINAPI","CAMINHÃO PIPA 10.000 L TRUCADO, PESO BRUTO TOTAL 23.000 KG, CARGA ÚTIL MÁXIMA 15.935 KG, DISTÂNCIA ENTRE EIXOS 4,8 M, POTÊNCIA 230 CV, INCLUSIVE TANQUE DE AÇO PARA TRANSPORTE DE ÁGUA - CHP DIURNO. AF_06/2014","CHOR - CUSTOS HORÁRIOS DE MÁQUINAS E EQUIPAMENTOS","CHP",6.0000000000000001E-3,{"$f":"IF(A170=\"Composição Auxiliar\",VLOOKUP(B170,'SINAPI COMPOSIÇÃO'!$A$2:$E$10256,4,FALSE),IF(A170=\"Insumo\",IF(VLOOKUP(B170,'SINAPI INSUMOS'!$A$2:$F$4852,5,FALSE)=OR(\"\",0),VLOOKUP(B170,'SINAPI INSUMOS'!$A$2:$F$4852,6,FALSE),VLOOKUP(B170,'SINAPI INSUMOS'!$A$2:$F$4852,5,FALSE)),\"VERIFICAR\"))","v":335.44},2.0099999999999998]
["Composição Auxiliar",5903,"SINAPI","CAMINHÃO PIPA 10.000 L TRUCADO, PESO BRUTO TOTAL 23.000 KG, CARGA ÚTIL MÁXIMA 15.935 KG, DISTÂNCIA ENTRE EIXOS 4,8 M, POTÊNCIA 230 CV, INCLUSIVE TANQUE DE AÇO PARA TRANSPORTE DE ÁGUA - CHI DIURNO. AF_06/2014","CHOR - CUSTOS HORÁRIOS DE MÁQUINAS E EQUIPAMENTOS","CHI",3.0000000000000001E-3,{"$f":"IF(A171=\"Composição Auxiliar\",VLOOKUP(B171,'SINAPI COMPOSIÇÃO'!$A$2:$E$10256,4,FALSE),IF(A171=\"Insumo\",IF(VLOOKUP(B171,'SINAPI INSUMOS'!$A$2:$F$4852,5,FALSE)=OR(\"\",0),VLOOKUP(B171,'SINAPI INSUMOS'!$A$2:$F$4852,6,FALSE),VLOOKUP(B171,'SINAPI INSUMOS'!$A$2:$F$4852,5,FALSE)),\"VERIFICAR\"))","v":72.97},0.21]
["Composição Auxiliar",91533,"SINAPI","COMPACTADOR DE SOLOS DE PERCUSSÃO (SOQUETE) COM MOTOR A GASOLINA 4 TEMPOS, POTÊNCIA 4 CV - CHP DIURNO. AF_08/2015","CHOR - CUSTOS HORÁRIOS DE MÁQUINAS E EQUIPAMENTOS","CHP",0.27400000000000002,{"$f":"IF(A172=\"Composição Auxiliar\",VLOOKUP(B172,'SINAPI COMPOSIÇÃO'!$A$2:$E$10256,4,FALSE),IF(A172=\"Insumo\",IF(VLOOKUP(B172,'SINAPI INSUMOS'!$A$2:$F$4852,5,FALSE)=OR(\"\",0),VLOOKUP(B172,'SINAPI INSUMOS'!$A$2:$F$4852,6,FALSE),VLOOKUP(B172,'SINAPI INSUMOS'!$A$2:$F$4852,5,FALSE)),\"VERIFICAR\"))","v":44.94},12.31]
["Composição Auxiliar",91534,"SINAPI","COMPACTADOR DE SOLOS DE PERCUSSÃO (SOQUETE) COM MOTOR A GASOLINA 4 TEMPOS, POTÊNCIA 4 CV - CHI DIURNO. AF_08/2015","CHOR - CUSTOS HORÁRIOS DE MÁQUINAS E EQUIPAMENTOS","CHI",0.254,{"$f":"IF(A173=\"Composição Auxiliar\",VLOOKUP(B173,'SINAPI COMPOSIÇÃO'!$A$2:$E$10256,4,FALSE),IF(A173=\"Insumo\",IF(VLOOKUP(B173,'SINAPI INSUMOS'!$A$2:$F$4852,5,FALSE)=OR(\"\",0),VLOOKUP(B173,'SINAPI INSUMOS'!$A$2:$F$4852,6,FALSE),VLOOKUP(B173,'SINAPI INSUMOS'!$A$2:$F$4852,5,FALSE)),\"VERIFICAR\"))","v":37.11},9.42]
["Insumo","PREÇO DE MERCADO 02","Próprio","ARGILA, ARGILA VERMELHA OU ARGILA ARENOSA (RETIRADA NA JAZIDA, SEM TRANSPORTE)","Material","M³",1.25,{"$f":"'COTAÇÃO MAT DE JAZIDA P. ATERRO'!H15","v":12.177245677908362},15.22]
["3.15","Código","Banco","Descrição","Tipo","Und","Quant.","Valor Unit","Total"]
["Composição","COMP. SEDE 11 - 03","Próprio","ALVENARIA DE BLOCO DE CONCRETO CHEIO COM ARMAÇÃO, EM CONCRETO COM FCK 15MPA , ESP. 14CM, PARA REVESTIMENTO, INCLUSIVE ARGAMASSA PARA ASSENTAMENTO","FUES - FUNDAÇÕES E ESTRUTURAS","M²",1,{"$f":"I176","v":321.81},{"$f":"SUM(I177:I179)","v":321.81}]
["Composição Auxiliar",89478,"SINAPI","ALVENARIA DE BLOCOS DE CONCRETO ESTRUTURAL 14X19X29 CM, (ESPESSURA 14 CM), FBK = 4,5 MPA, PARA PAREDES COM ÁREA LÍQUIDA MAIOR OU IGUAL A 6M², SEM VÃOS, UTILIZANDO COLHER DE PEDREIRO. AF_12/2014","PARE - PAREDES/PAINEIS","m²",1,{"$f":"IF(A177=\"Composição Auxiliar\",VLOOKUP(B177,'SINAPI COMPOSIÇÃO'!$A$2:$E$10256,4,FALSE),IF(A177=\"Insumo\",IF(VLOOKUP(B177,'SINAPI INSUMOS'!$A$2:$F$4852,5,FALSE)=OR(\"\",0),VLOOKUP(B177,'SINAPI INSUMOS'!$A$2:$F$4852,6,FALSE),VLOOKUP(B177,'SINAPI INSUMOS'!$A$2:$F$4852,5,FALSE)),\"VERIFICAR\"))","v":145.49},{"$f":"TRUNC(G177*H177,2)","v":145.49}]
["Composição Auxiliar",90278,"SINAPI","GRAUTE FGK=15 MPA; TRAÇO 1:0,04:2,2:2,5 (EM MASSA SECA DE CIMENTO/CAL/AREIA GROSSA/BRITA 0) - PREPARO MECÂNICO COM BETONEIRA 400 L. AF_09/2021","FUES - FUNDAÇÕES E ESTRUTURAS","m³",9.7299999999999998E-2,{"$f":"IF(A178=\"Composição Auxiliar\",VLOOKUP(B178,'SINAPI COMPOSIÇÃO'!$A$2:$E$10256,4,FALSE),IF(A178=\"Insumo\",IF(VLOOKUP(B178,'SINAPI INSUMOS'!$A$2:$F$4852,5,FALSE)=OR(\"\",0),VLOOKUP(B178,'SINAPI INSUMOS'!$A$2:$F$4852,6,FALSE),VLOOKUP(B178,'SINAPI INSUMOS'!$A$2:$F$4852,5,FALSE)),\"VERIFICAR\"))","v":813.05},{"$f":"TRUNC(G178*H178,2)","v":79.099999999999994}]
["Composição Auxiliar",92915,"SINAPI","ARMAÇÃO DE ESTRUTURAS DIVERSAS DE CONCRETO ARMADO, EXCETO VIGAS, PILARES, LAJES E FUNDAÇÕES, UTILIZANDO AÇO CA-60 DE 5,0 MM - MONTAGEM. AF_06/2022","FUES - FUNDAÇÕES E ESTRUTURAS","KG",5.49,{"$f":"IF(A179=\"Composição Auxiliar\",VLOOKUP(B179,'SINAPI COMPOSIÇÃO'!$A$2:$E$10256,4,FALSE),IF(A179=\"Insumo\",IF(VLOOKUP(B179,'SINAPI INSUMOS'!$A$2:$F$4852,5,FALSE)=OR(\"\",0),VLOOKUP(B179,'SINAPI INSUMOS'!$A$2:$F$4852,6,FALSE),VLOOKUP(B179,'SINAPI INSUMOS'!$A$2:$F$4852,5,FALSE)),\"VERIFICAR\"))","v":17.71},{"$f":"TRUNC(G179*H179,2)","v":97.22}]
["3.16","Código","Banco","Descrição","Tipo","Und","Quant.","Valor Unit","Total"]
["Composição",97087,"SINAPI","CAMADA SEPARADORA PARA EXECUÇÃO DE RADIER, PISO DE CONCRETO OU LAJE SOBRE SOLO, EM LONA PLÁSTICA. AF_09/2021","FUES - FUNDAÇÕES E ESTRUTURAS","m²",1,{"$f":"I181","v":2.4699999999999998},{"$f":"SUM(I182:I184)","v":2.4699999999999998}]
["Composição Auxiliar",88316,"SINAPI","SERVENTE COM ENCARGOS COMPLEMENTARES","SEDI - SERVIÇOS DIVERSOS","H",5.0000000000000001E-3,{"$f":"IF(A182=\"Composição Auxiliar\",VLOOKUP(B182,'SINAPI COMPOSIÇÃO'!$A$2:$E$10256,4,FALSE),IF(A182=\"Insumo\",IF(VLOOKUP(B182,'SINAPI INSUMOS'!$A$2:$F$4852,5,FALSE)=OR(\"\",0),VLOOKUP(B182,'SINAPI INSUMOS'!$A$2:$F$4852,6,FALSE),VLOOKUP(B182,'SINAPI INSUMOS'!$A$2:$F$4852,5,FALSE)),\"VERIFICAR\"))","v":21.32},{"$f":"TRUNC(G182*H182,2)","v":0.1}]
["Composição Auxiliar",88309,"SINAPI","PEDREIRO COM ENCARGOS COMPLEMENTARES","SEDI - SERVIÇOS DIVERSOS","H",1.4E-2,{"$f":"IF(A183=\"Composição Auxiliar\",VLOOKUP(B183,'SINAPI COMPOSIÇÃO'!$A$2:$E$10256,4,FALSE),IF(A183=\"Insumo\",IF(VLOOKUP(B183,'SINAPI INSUMOS'!$A$2:$F$4852,5,FALSE)=OR(\"\",0),VLOOKUP(B183,'SINAPI INSUMOS'!$A$2:$F$4852,6,FALSE),VLOOKUP(B183,'SINAPI INSUMOS'!$A$2:$F$4852,5,FALSE)),\"VERIFICAR\"))","v":27.58},{"$f":"TRUNC(G183*H183,2)","v":0.38}]
["Insumo",42408,"SINAPI","LONA PLASTICA EXTRA FORTE PRETA, E = 200 MICRA","Material","m²",1.04,{"$f":"IF(A184=\"Composição Auxiliar\",VLOOKUP(B184,'SINAPI COMPOSIÇÃO'!$A$2:$E$10256,4,FALSE),IF(A184=\"Insumo\",IF(VLOOKUP(B184,'SINAPI INSUMOS'!$A$2:$F$4852,5,FALSE)=OR(\"\",0),VLOOKUP(B184,'SINAPI INSUMOS'!$A$2:$F$4852,6,FALSE),VLOOKUP(B184,'SINAPI INSUMOS'!$A$2:$F$4852,5,FALSE)),\"VERIFICAR\"))","v":1.92},{"$f":"TRUNC(G184*H184,2)","v":1.99}]
["3.17","Código","Banco","Descrição","Tipo","Und","Quant.","Valor Unit","Total"]
["Composição",92768,"SINAPI","ARMAÇÃO DE LAJE DE ESTRUTURA CONVENCIONAL DE CONCRETO ARMADO UTILIZANDO AÇO CA-60 DE 5,0 MM - MONTAGEM. AF_06/2022","FUES - FUNDAÇÕES E ESTRUTURAS","KG",1,{"$f":"I186","v":14.49},{"$f":"SUM(I187:I191)","v":14.49}]
["Composição Auxiliar",88245,"SINAPI","ARMADOR COM ENCARGOS COMPLEMENTARES","SEDI - SERVIÇOS DIVERSOS","H",8.3599999999999994E-2,{"$f":"IF(A187=\"Composição Auxiliar\",VLOOKUP(B187,'SINAPI COMPOSIÇÃO'!$A$2:$E$10256,4,FALSE),IF(A187=\"Insumo\",IF(VLOOKUP(B187,'SINAPI INSUMOS'!$A$2:$F$4852,5,FALSE)=OR(\"\",0),VLOOKUP(B187,'SINAPI INSUMOS'!$A$2:$F$4852,6,FALSE),VLOOKUP(B187,'SINAPI INSUMOS'!$A$2:$F$4852,5,FALSE)),\"VERIFICAR\"))","v":27.36},{"$f":"TRUNC(G187*H187,2)","v":2.2799999999999998}]
["Composição Auxiliar",92800,"SINAPI","CORTE E DOBRA DE AÇO CA-60, DIÂMETRO DE 5,0 MM. AF_06/2022","FUES - FUNDAÇÕES E ESTRUTURAS","KG",1,{"$f":"IF(A188=\"Composição Auxiliar\",VLOOKUP(B188,'SINAPI COMPOSIÇÃO'!$A$2:$E$10256,4,FALSE),IF(A188=\"Insumo\",IF(VLOOKUP(B188,'SINAPI INSUMOS'!$A$2:$F$4852,5,FALSE)=OR(\"\",0),VLOOKUP(B188,'SINAPI INSUMOS'!$A$2:$F$4852,6,FALSE),VLOOKUP(B188,'SINAPI INSUMOS'!$A$2:$F$4852,5,FALSE)),\"VERIFICAR\"))","v":10.77},{"$f":"TRUNC(G188*H188,2)","v":10.77}]
["Composição Auxiliar",88238,"SINAPI","AJUDANTE DE ARMADOR COM ENCARGOS COMPLEMENTARES","SEDI - SERVIÇOS DIVERSOS","H",1.3599999999999999E-2,{"$f":"IF(A189=\"Composição Auxiliar\",VLOOKUP(B189,'SINAPI COMPOSIÇÃO'!$A$2:$E$10256,4,FALSE),IF(A189=\"Insumo\",IF(VLOOKUP(B189,'SINAPI INSUMOS'!$A$2:$F$4852,5,FALSE)=OR(\"\",0),VLOOKUP(B189,'SINAPI INSUMOS'!$A$2:$F$4852,6,FALSE),VLOOKUP(B189,'SINAPI INSUMOS'!$A$2:$F$4852,5,FALSE)),\"VERIFICAR\"))","v":23.39},{"$f":"TRUNC(G189*H189,2)","v":0.31}]
["Insumo",43132,"SINAPI","ARAME RECOZIDO 16 BWG, D = 1,65 MM (0,016 KG/M) OU 18 BWG, D = 1,25 MM (0,01 KG/M)","Material","KG",2.5000000000000001E-2,{"$f":"IF(A190=\"Composição Auxiliar\",VLOOKUP(B190,'SINAPI COMPOSIÇÃO'!$A$2:$E$10256,4,FALSE),IF(A190=\"Insumo\",IF(VLOOKUP(B190,'SINAPI INSUMOS'!$A$2:$F$4852,5,FALSE)=OR(\"\",0),VLOOKUP(B190,'SINAPI INSUMOS'!$A$2:$F$4852,6,FALSE),VLOOKUP(B190,'SINAPI INSUMOS'!$A$2:$F$4852,5,FALSE)),\"VERIFICAR\"))","v":27},{"$f":"TRUNC(G190*H190,2)","v":0.67}]
["Insumo",39017,"SINAPI","ESPACADOR / DISTANCIADOR CIRCULAR COM ENTRADA LATERAL, EM PLASTICO, PARA VERGALHAO *4,2 A 12,5* MM, COBRIMENTO 20 MM","Material","UN",2.1179999999999999,{"$f":"IF(A191=\"Composição Auxiliar\",VLOOKUP(B191,'SINAPI COMPOSIÇÃO'!$A$2:$E$10256,4,FALSE),IF(A191=\"Insumo\",IF(VLOOKUP(B191,'SINAPI INSUMOS'!$A$2:$F$4852,5,FALSE)=OR(\"\",0),VLOOKUP(B191,'SINAPI INSUMOS'!$A$2:$F$4852,6,FALSE),VLOOKUP(B191,'SINAPI INSUMOS'!$A$2:$F$4852,5,FALSE)),\"VERIFICAR\"))","v":0.22},{"$f":"TRUNC(G191*H191,2)","v":0.46}]
["3.18","Código","Banco","Descrição","Tipo","Und","Quant.","Valor Unit","Total"]
["Composição","COMP. SEDE 11 - 31","Próprio","CONCRETAGEM DE RADIER, PISO DE CONCRETO OU LAJE SOBRE SOLO, FCK 25 MPA - LANÇAMENTO, ADENSAMENTO E ACABAMENTO. AF_09/2021","FUES - FUNDAÇÕES E ESTRUTURAS","m³",1,{"$f":"I193","v":988.34999999999991},{"$f":"SUM(I194:I198)","v":988.34999999999991}]
["Composição Auxiliar",90586,"SINAPI","VIBRADOR DE IMERSÃO, DIÂMETRO DE PONTEIRA 45MM, MOTOR ELÉTRICO TRIFÁSICO POTÊNCIA DE 2 CV - CHP DIURNO. AF_06/2015","CHOR - CUSTOS HORÁRIOS DE MÁQUINAS E EQUIPAMENTOS","CHP",5.2999999999999999E-2,{"$f":"IF(A194=\"Composição Auxiliar\",VLOOKUP(B194,'SINAPI COMPOSIÇÃO'!$A$2:$E$10256,4,FALSE),IF(A194=\"Insumo\",IF(VLOOKUP(B194,'SINAPI INSUMOS'!$A$2:$F$4852,5,FALSE)=OR(\"\",0),VLOOKUP(B194,'SINAPI INSUMOS'!$A$2:$F$4852,6,FALSE),VLOOKUP(B194,'SINAPI INSUMOS'!$A$2:$F$4852,5,FALSE)),\"VERIFICAR\"))","v":1.49},{"$f":"TRUNC(G194*H194,2)","v":7.0000000000000007E-2}]
["Composição Auxiliar",88309,"SINAPI","PEDREIRO COM ENCARGOS COMPLEMENTARES","SEDI - SERVIÇOS DIVERSOS","H",0.41099999999999998,{"$f":"IF(A195=\"Composição Auxiliar\",VLOOKUP(B195,'SINAPI COMPOSIÇÃO'!$A$2:$E$10256,4,FALSE),IF(A195=\"Insumo\",IF(VLOOKUP(B195,'SINAPI INSUMOS'!$A$2:$F$4852,5,FALSE)=OR(\"\",0),VLOOKUP(B195,'SINAPI INSUMOS'!$A$2:$F$4852,6,FALSE),VLOOKUP(B195,'SINAPI INSUMOS'!$A$2:$F$4852,5,FALSE)),\"VERIFICAR\"))","v":27.58},{"$f":"TRUNC(G195*H195,2)","v":11.33}]
["Composição Auxiliar",90587,"SINAPI","VIBRADOR DE IMERSÃO, DIÂMETRO DE PONTEIRA 45MM, MOTOR ELÉTRICO TRIFÁSICO POTÊNCIA DE 2 CV - CHI DIURNO. AF_06/2015","CHOR - CUSTOS HORÁRIOS DE MÁQUINAS E EQUIPAMENTOS","CHI",4.9000000000000002E-2,{"$f":"IF(A196=\"Composição Auxiliar\",VLOOKUP(B196,'SINAPI COMPOSIÇÃO'!$A$2:$E$10256,4,FALSE),IF(A196=\"Insumo\",IF(VLOOKUP(B196,'SINAPI INSUMOS'!$A$2:$F$4852,5,FALSE)=OR(\"\",0),VLOOKUP(B196,'SINAPI INSUMOS'!$A$2:$F$4852,6,FALSE),VLOOKUP(B196,'SINAPI INSUMOS'!$A$2:$F$4852,5,FALSE)),\"VERIFICAR\"))","v":0.57999999999999996},{"$f":"TRUNC(G196*H196,2)","v":0.02}]
["Composição Auxiliar",88316,"SINAPI","SERVENTE COM ENCARGOS COMPLEMENTARES","SEDI - SERVIÇOS DIVERSOS","H",0.41099999999999998,{"$f":"IF(A197=\"Composição Auxiliar\",VLOOKUP(B197,'SINAPI COMPOSIÇÃO'!$A$2:$E$10256,4,FALSE),IF(A197=\"Insumo\",IF(VLOOKUP(B197,'SINAPI INSUMOS'!$A$2:$F$4852,5,FALSE)=OR(\"\",0),VLOOKUP(B197,'SINAPI INSUMOS'!$A$2:$F$4852,6,FALSE),VLOOKUP(B197,'SINAPI INSUMOS'!$A$2:$F$4852,5,FALSE)),\"VERIFICAR\"))","v":21.32},{"$f":"TRUNC(G197*H197,2)","v":8.76}]
["Insumo",1527,"SINAPI","CONCRETO USINADO BOMBEAVEL, CLASSE DE RESISTENCIA C25, BRITA 0 E 1, SLUMP = 100 +/- 20 MM, COM BOMBEAMENTO (DISPONIBILIZACAO DE BOMBA), SEM O LANCAMENTO (NBR 8953)","Material","m³",1.06,{"$f":"IF(A198=\"Composição Auxiliar\",VLOOKUP(B198,'SINAPI COMPOSIÇÃO'!$A$2:$E$10256,4,FALSE),IF(A198=\"Insumo\",IF(VLOOKUP(B198,'SINAPI INSUMOS'!$A$2:$F$4852,5,FALSE)=OR(\"\",0),VLOOKUP(B198,'SINAPI INSUMOS'!$A$2:$F$4852,6,FALSE),VLOOKUP(B198,'SINAPI INSUMOS'!$A$2:$F$4852,5,FALSE)),\"VERIFICAR\"))","v":913.37},{"$f":"TRUNC(G198*H198,2)","v":968.17}]
["4",null,null,"SUPERESTRUTURA"]
["4.1","Código","Banco","Descrição","Tipo","Und","Quant.","Valor Unit","Total"]
["Composição","COMP. SEDE 11 - 04","Próprio","VIGA METÁLICA EM PERFIL W 610 x 113, LAMINADO OU SOLDADO, EM AÇO ESTRUTURAL, COM CONEXÕES SOLDADAS, INCLUSOS MÃO DE OBRA, TRANSPORTE E IÇAMENTO UTILIZANDO GUINDASTE - FORNECIMENTO E INSTALAÇÃO. AF_01/2020_P","SEDI - SERVIÇOS DIVERSOS","KG",1,{"$f":"I201","v":14.05},{"$f":"SUM(I202:I211)","v":14.05}]
["Composição Auxiliar",88317,"SINAPI","SOLDADOR COM ENCARGOS COMPLEMENTARES","SEDI - SERVIÇOS DIVERSOS","H",1.8100000000000002E-2,{"$f":"IF(A202=\"Composição Auxiliar\",VLOOKUP(B202,'SINAPI COMPOSIÇÃO'!$A$2:$E$10256,4,FALSE),IF(A202=\"Insumo\",IF(VLOOKUP(B202,'SINAPI INSUMOS'!$A$2:$F$4852,5,FALSE)=OR(\"\",0),VLOOKUP(B202,'SINAPI INSUMOS'!$A$2:$F$4852,6,FALSE),VLOOKUP(B202,'SINAPI INSUMOS'!$A$2:$F$4852,5,FALSE)),\"VERIFICAR\"))","v":28.9},{"$f":"TRUNC(G202*H202,2)","v":0.52}]
["Composição Auxiliar",88240,"SINAPI","AJUDANTE DE ESTRUTURA METÁLICA COM ENCARGOS COMPLEMENTARES","SEDI - SERVIÇOS DIVERSOS","H",4.4000000000000003E-3,{"$f":"IF(A203=\"Composição Auxiliar\",VLOOKUP(B203,'SINAPI COMPOSIÇÃO'!$A$2:$E$10256,4,FALSE),IF(A203=\"Insumo\",IF(VLOOKUP(B203,'SINAPI INSUMOS'!$A$2:$F$4852,5,FALSE)=OR(\"\",0),VLOOKUP(B203,'SINAPI INSUMOS'!$A$2:$F$4852,6,FALSE),VLOOKUP(B203,'SINAPI INSUMOS'!$A$2:$F$4852,5,FALSE)),\"VERIFICAR\"))","v":22.12},0.09]
["Composição Auxiliar",100719,"SINAPI","PINTURA COM TINTA ALQUÍDICA DE FUNDO (TIPO ZARCÃO) PULVERIZADA SOBRE PERFIL METÁLICO EXECUTADO EM FÁBRICA (POR DEMÃO). AF_01/2020_PE","PINT - PINTURAS","m²",3.5799999999999998E-2,{"$f":"IF(A204=\"Composição Auxiliar\",VLOOKUP(B204,'SINAPI COMPOSIÇÃO'!$A$2:$E$10256,4,FALSE),IF(A204=\"Insumo\",IF(VLOOKUP(B204,'SINAPI INSUMOS'!$A$2:$F$4852,5,FALSE)=OR(\"\",0),VLOOKUP(B204,'SINAPI INSUMOS'!$A$2:$F$4852,6,FALSE),VLOOKUP(B204,'SINAPI INSUMOS'!$A$2:$F$4852,5,FALSE)),\"VERIFICAR\"))","v":10.16},0.36]
["Composição Auxiliar",93287,"SINAPI","GUINDASTE HIDRÁULICO AUTOPROPELIDO, COM LANÇA TELESCÓPICA 40 M, CAPACIDADE MÁXIMA 60 T, POTÊNCIA 260 KW - CHP DIURNO. AF_03/2016","CHOR - CUSTOS HORÁRIOS DE MÁQUINAS E EQUIPAMENTOS","CHP",4.0000000000000001E-3,{"$f":"IF(A205=\"Composição Auxiliar\",VLOOKUP(B205,'SINAPI COMPOSIÇÃO'!$A$2:$E$10256,4,FALSE),IF(A205=\"Insumo\",IF(VLOOKUP(B205,'SINAPI INSUMOS'!$A$2:$F$4852,5,FALSE)=OR(\"\",0),VLOOKUP(B205,'SINAPI INSUMOS'!$A$2:$F$4852,6,FALSE),VLOOKUP(B205,'SINAPI INSUMOS'!$A$2:$F$4852,5,FALSE)),\"VERIFICAR\"))","v":349.72},1.39]
["Composição Auxiliar",88278,"SINAPI","MONTADOR DE ESTRUTURA METÁLICA COM ENCARGOS COMPLEMENTARES","SEDI - SERVIÇOS DIVERSOS","H",1.4E-2,{"$f":"IF(A206=\"Composição Auxiliar\",VLOOKUP(B206,'SINAPI COMPOSIÇÃO'!$A$2:$E$10256,4,FALSE),IF(A206=\"Insumo\",IF(VLOOKUP(B206,'SINAPI INSUMOS'!$A$2:$F$4852,5,FALSE)=OR(\"\",0),VLOOKUP(B206,'SINAPI INSUMOS'!$A$2:$F$4852,6,FALSE),VLOOKUP(B206,'SINAPI INSUMOS'!$A$2:$F$4852,5,FALSE)),\"VERIFICAR\"))","v":23.96},0.33]
["Composição Auxiliar",100716,"SINAPI","JATEAMENTO ABRASIVO COM GRANALHA DE AÇO EM PERFIL METÁLICO EM FÁBRICA. AF_01/2020","PINT - PINTURAS","m²",3.5799999999999998E-2,{"$f":"IF(A207=\"Composição Auxiliar\",VLOOKUP(B207,'SINAPI COMPOSIÇÃO'!$A$2:$E$10256,4,FALSE),IF(A207=\"Insumo\",IF(VLOOKUP(B207,'SINAPI INSUMOS'!$A$2:$F$4852,5,FALSE)=OR(\"\",0),VLOOKUP(B207,'SINAPI INSUMOS'!$A$2:$F$4852,6,FALSE),VLOOKUP(B207,'SINAPI INSUMOS'!$A$2:$F$4852,5,FALSE)),\"VERIFICAR\"))","v":23.21},0.83]
["Composição Auxiliar",93288,"SINAPI","GUINDASTE HIDRÁULICO AUTOPROPELIDO, COM LANÇA TELESCÓPICA 40 M, CAPACIDADE MÁXIMA 60 T, POTÊNCIA 260 KW - CHI DIURNO. AF_03/2016","CHOR - CUSTOS HORÁRIOS DE MÁQUINAS E EQUIPAMENTOS","CHI",3.7000000000000002E-3,{"$f":"IF(A208=\"Composição Auxiliar\",VLOOKUP(B208,'SINAPI COMPOSIÇÃO'!$A$2:$E$10256,4,FALSE),IF(A208=\"Insumo\",IF(VLOOKUP(B208,'SINAPI INSUMOS'!$A$2:$F$4852,5,FALSE)=OR(\"\",0),VLOOKUP(B208,'SINAPI INSUMOS'!$A$2:$F$4852,6,FALSE),VLOOKUP(B208,'SINAPI INSUMOS'!$A$2:$F$4852,5,FALSE)),\"VERIFICAR\"))","v":176.03},0.65]
["Insumo","PREÇO DE MERCADO","Próprio","PERFIL \"I\" DE ACO LAMINADO W 610 x 113 - REF A572 GR. 50","Material","KG",1,{"$f":"'COT ORÇAMENTO AÇO LAMINADO'!L37","v":9.629999999999999},9.6300000000000008]
["Insumo",10997,"SINAPI","ELETRODO REVESTIDO AWS - E7018, DIAMETRO IGUAL A 4,00 MM","Material","KG",1.5E-3,{"$f":"IF(A210=\"Composição Auxiliar\",VLOOKUP(B210,'SINAPI COMPOSIÇÃO'!$A$2:$E$10256,4,FALSE),IF(A210=\"Insumo\",IF(VLOOKUP(B210,'SINAPI INSUMOS'!$A$2:$F$4852,5,FALSE)=OR(\"\",0),VLOOKUP(B210,'SINAPI INSUMOS'!$A$2:$F$4852,6,FALSE),VLOOKUP(B210,'SINAPI INSUMOS'!$A$2:$F$4852,5,FALSE)),\"VERIFICAR\"))","v":23.89},0.03]
["Insumo",4777,"SINAPI","CANTONEIRA ACO ABAS IGUAIS (QUALQUER BITOLA), ESPESSURA ENTRE 1/8\" E 1/4\"","Material","KG",2.8000000000000001E-2,{"$f":"IF(A211=\"Composição Auxiliar\",VLOOKUP(B211,'SINAPI COMPOSIÇÃO'!$A$2:$E$10256,4,FALSE),IF(A211=\"Insumo\",IF(VLOOKUP(B211,'SINAPI INSUMOS'!$A$2:$F$4852,5,FALSE)=OR(\"\",0),VLOOKUP(B211,'SINAPI INSUMOS'!$A$2:$F$4852,6,FALSE),VLOOKUP(B211,'SINAPI INSUMOS'!$A$2:$F$4852,5,FALSE)),\"VERIFICAR\"))","v":8.02},0.22]
["4.2","Código","Banco","Descrição","Tipo","Und","Quant.","Valor Unit","Total"]
["Composição","COMP. SEDE 11 - 05","Próprio","VIGA METÁLICA EM PERFIL W 530 x 101, LAMINADO OU SOLDADO, EM AÇO ESTRUTURAL, COM CONEXÕES SOLDADAS, INCLUSOS MÃO DE OBRA, TRANSPORTE E IÇAMENTO UTILIZANDO GUINDASTE - FORNECIMENTO E INSTALAÇÃO. AF_01/2020_P","SEDI - SERVIÇOS DIVERSOS","KG",1,{"$f":"I213","v":14.05},{"$f":"SUM(I214:I223)","v":14.05}]
["Composição Auxiliar",88317,"SINAPI","SOLDADOR COM ENCARGOS COMPLEMENTARES","SEDI - SERVIÇOS DIVERSOS","H",1.8100000000000002E-2,{"$f":"IF(A214=\"Composição Auxiliar\",VLOOKUP(B214,'SINAPI COMPOSIÇÃO'!$A$2:$E$10256,4,FALSE),IF(A214=\"Insumo\",IF(VLOOKUP(B214,'SINAPI INSUMOS'!$A$2:$F$4852,5,FALSE)=OR(\"\",0),VLOOKUP(B214,'SINAPI INSUMOS'!$A$2:$F$4852,6,FALSE),VLOOKUP(B214,'SINAPI INSUMOS'!$A$2:$F$4852,5,FALSE)),\"VERIFICAR\"))","v":28.9},{"$f":"TRUNC(G214*H214,2)","v":0.52}]
["Composição Auxiliar",88240,"SINAPI","AJUDANTE DE ESTRUTURA METÁLICA COM ENCARGOS COMPLEMENTARES","SEDI - SERVIÇOS DIVERSOS","H",4.4000000000000003E-3,{"$f":"IF(A215=\"Composição Auxiliar\",VLOOKUP(B215,'SINAPI COMPOSIÇÃO'!$A$2:$E$10256,4,FALSE),IF(A215=\"Insumo\",IF(VLOOKUP(B215,'SINAPI INSUMOS'!$A$2:$F$4852,5,FALSE)=OR(\"\",0),VLOOKUP(B215,'SINAPI INSUMOS'!$A$2:$F$4852,6,FALSE),VLOOKUP(B215,'SINAPI INSUMOS'!$A$2:$F$4852,5,FALSE)),\"VERIFICAR\"))","v":22.12},0.09]
["Composição Auxiliar",93288,"SINAPI","GUINDASTE HIDRÁULICO AUTOPROPELIDO, COM LANÇA TELESCÓPICA 40 M, CAPACIDADE MÁXIMA 60 T, POTÊNCIA 260 KW - CHI DIURNO. AF_03/2016","CHOR - CUSTOS HORÁRIOS DE MÁQUINAS E EQUIPAMENTOS","CHI",3.7000000000000002E-3,{"$f":"IF(A216=\"Composição Auxiliar\",VLOOKUP(B216,'SINAPI COMPOSIÇÃO'!$A$2:$E$10256,4,FALSE),IF(A216=\"Insumo\",IF(VLOOKUP(B216,'SINAPI INSUMOS'!$A$2:$F$4852,5,FALSE)=OR(\"\",0),VLOOKUP(B216,'SINAPI INSUMOS'!$A$2:$F$4852,6,FALSE),VLOOKUP(B216,'SINAPI INSUMOS'!$A$2:$F$4852,5,FALSE)),\"VERIFICAR\"))","v":176.03},0.65]
["Composição Auxiliar",88278,"SINAPI","MONTADOR DE ESTRUTURA METÁLICA COM ENCARGOS COMPLEMENTARES","SEDI - SERVIÇOS DIVERSOS","H",1.4E-2,{"$f":"IF(A217=\"Composição Auxiliar\",VLOOKUP(B217,'SINAPI COMPOSIÇÃO'!$A$2:$E$10256,4,FALSE),IF(A217=\"Insumo\",IF(VLOOKUP(B217,'SINAPI INSUMOS'!$A$2:$F$4852,5,FALSE)=OR(\"\",0),VLOOKUP(B217,'SINAPI INSUMOS'!$A$2:$F$4852,6,FALSE),VLOOKUP(B217,'SINAPI INSUMOS'!$A$2:$F$4852,5,FALSE)),\"VERIFICAR\"))","v":23.96},0.33]
["Composição Auxiliar",93287,"SINAPI","GUINDASTE HIDRÁULICO AUTOPROPELIDO, COM LANÇA TELESCÓPICA 40 M, CAPACIDADE MÁXIMA 60 T, POTÊNCIA 260 KW - CHP DIURNO. AF_03/2016","CHOR - CUSTOS HORÁRIOS DE MÁQUINAS E EQUIPAMENTOS","CHP",4.0000000000000001E-3,{"$f":"IF(A218=\"Composição Auxiliar\",VLOOKUP(B218,'SINAPI COMPOSIÇÃO'!$A$2:$E$10256,4,FALSE),IF(A218=\"Insumo\",IF(VLOOKUP(B218,'SINAPI INSUMOS'!$A$2:$F$4852,5,FALSE)=OR(\"\",0),VLOOKUP(B218,'SINAPI INSUMOS'!$A$2:$F$4852,6,FALSE),VLOOKUP(B218,'SINAPI INSUMOS'!$A$2:$F$4852,5,FALSE)),\"VERIFICAR\"))","v":349.72},1.39]
["Composição Auxiliar",100719,"SINAPI","PINTURA COM TINTA ALQUÍDICA DE FUNDO (TIPO ZARCÃO) PULVERIZADA SOBRE PERFIL METÁLICO EXECUTADO EM FÁBRICA (POR DEMÃO). AF_01/2020_PE","PINT - PINTURAS","m²",3.5799999999999998E-2,{"$f":"IF(A219=\"Composição Auxiliar\",VLOOKUP(B219,'SINAPI COMPOSIÇÃO'!$A$2:$E$10256,4,FALSE),IF(A219=\"Insumo\",IF(VLOOKUP(B219,'SINAPI INSUMOS'!$A$2:$F$4852,5,FALSE)=OR(\"\",0),VLOOKUP(B219,'SINAPI INSUMOS'!$A$2:$F$4852,6,FALSE),VLOOKUP(B219,'SINAPI INSUMOS'!$A$2:$F$4852,5,FALSE)),\"VERIFICAR\"))","v":10.16},0.36]
["Composição Auxiliar",100716,"SINAPI","JATEAMENTO ABRASIVO COM GRANALHA DE AÇO EM PERFIL METÁLICO EM FÁBRICA. AF_01/2020","PINT - PINTURAS","m²",3.5799999999999998E-2,{"$f":"IF(A220=\"Composição Auxiliar\",VLOOKUP(B220,'SINAPI COMPOSIÇÃO'!$A$2:$E$10256,4,FALSE),IF(A220=\"Insumo\",IF(VLOOKUP(B220,'SINAPI INSUMOS'!$A$2:$F$4852,5,FALSE)=OR(\"\",0),VLOOKUP(B220,'SINAPI INSUMOS'!$A$2:$F$4852,6,FALSE),VLOOKUP(B220,'SINAPI INSUMOS'!$A$2:$F$4852,5,FALSE)),\"VERIFICAR\"))","v":23.21},0.83]
["Insumo","PREÇO DE MERCADO 05","Próprio","PERFIL \"I\" DE ACO LAMINADO W 530 x 101 - REF A572 GR. 50","Material","KG",1,{"$f":"'COT ORÇAMENTO AÇO LAMINADO'!L37","v":9.629999999999999},9.6300000000000008]
["Insumo",10997,"SINAPI","ELETRODO REVESTIDO AWS - E7018, DIAMETRO IGUAL A 4,00 MM","Material","KG",1.5E-3,{"$f":"IF(A222=\"Composição Auxiliar\",VLOOKUP(B222,'SINAPI COMPOSIÇÃO'!$A$2:$E$10256,4,FALSE),IF(A222=\"Insumo\",IF(VLOOKUP(B222,'SINAPI INSUMOS'!$A$2:$F$4852,5,FALSE)=OR(\"\",0),VLOOKUP(B222,'SINAPI INSUMOS'!$A$2:$F$4852,6,FALSE),VLOOKUP(B222,'SINAPI INSUMOS'!$A$2:$F$4852,5,FALSE)),\"VERIFICAR\"))","v":23.89},0.03]
["Insumo",4777,"SINAPI","CANTONEIRA ACO ABAS IGUAIS (QUALQUER BITOLA), ESPESSURA ENTRE 1/8\" E 1/4\"","Material","KG",2.8000000000000001E-2,{"$f":"IF(A223=\"Composição Auxiliar\",VLOOKUP(B223,'SINAPI COMPOSIÇÃO'!$A$2:$E$10256,4,FALSE),IF(A223=\"Insumo\",IF(VLOOKUP(B223,'SINAPI INSUMOS'!$A$2:$F$4852,5,FALSE)=OR(\"\",0),VLOOKUP(B223,'SINAPI INSUMOS'!$A$2:$F$4852,6,FALSE),VLOOKUP(B223,'SINAPI INSUMOS'!$A$2:$F$4852,5,FALSE)),\"VERIFICAR\"))","v":8.02},0.22]
["4.3","Código","Banco","Descrição","Tipo","Und","Quant.","Valor Unit","Total"]
["Composição","COMP. SEDE 11 - 06","Próprio","VIGA METÁLICA EM PERFIL W 530 x 74, LAMINADO OU SOLDADO, EM AÇO ESTRUTURAL, COM CONEXÕES SOLDADAS, INCLUSOS MÃO DE OBRA, TRANSPORTE E IÇAMENTO UTILIZANDO GUINDASTE - FORNECIMENTO E INSTALAÇÃO. AF_01/2020_P","SEDI - SERVIÇOS DIVERSOS","KG",1,{"$f":"I225","v":14.05},{"$f":"SUM(I226:I235)","v":14.05}]
["Composição Auxiliar",100719,"SINAPI","PINTURA COM TINTA ALQUÍDICA DE FUNDO (TIPO ZARCÃO) PULVERIZADA SOBRE PERFIL METÁLICO EXECUTADO EM FÁBRICA (POR DEMÃO). AF_01/2020_PE","PINT - PINTURAS","m²",3.5799999999999998E-2,{"$f":"IF(A226=\"Composição Auxiliar\",VLOOKUP(B226,'SINAPI COMPOSIÇÃO'!$A$2:$E$10256,4,FALSE),IF(A226=\"Insumo\",IF(VLOOKUP(B226,'SINAPI INSUMOS'!$A$2:$F$4852,5,FALSE)=OR(\"\",0),VLOOKUP(B226,'SINAPI INSUMOS'!$A$2:$F$4852,6,FALSE),VLOOKUP(B226,'SINAPI INSUMOS'!$A$2:$F$4852,5,FALSE)),\"VERIFICAR\"))","v":10.16},{"$f":"TRUNC(G226*H226,2)","v":0.36}]
["Composição Auxiliar",93288,"SINAPI","GUINDASTE HIDRÁULICO AUTOPROPELIDO, COM LANÇA TELESCÓPICA 40 M, CAPACIDADE MÁXIMA 60 T, POTÊNCIA 260 KW - CHI DIURNO. AF_03/2016","CHOR - CUSTOS HORÁRIOS DE MÁQUINAS E EQUIPAMENTOS","CHI",3.7000000000000002E-3,{"$f":"IF(A227=\"Composição Auxiliar\",VLOOKUP(B227,'SINAPI COMPOSIÇÃO'!$A$2:$E$10256,4,FALSE),IF(A227=\"Insumo\",IF(VLOOKUP(B227,'SINAPI INSUMOS'!$A$2:$F$4852,5,FALSE)=OR(\"\",0),VLOOKUP(B227,'SINAPI INSUMOS'!$A$2:$F$4852,6,FALSE),VLOOKUP(B227,'SINAPI INSUMOS'!$A$2:$F$4852,5,FALSE)),\"VERIFICAR\"))","v":176.03},0.65]
["Composição Auxiliar",93287,"SINAPI","GUINDASTE HIDRÁULICO AUTOPROPELIDO, COM LANÇA TELESCÓPICA 40 M, CAPACIDADE MÁXIMA 60 T, POTÊNCIA 260 KW - CHP DIURNO. AF_03/2016","CHOR - CUSTOS HORÁRIOS DE MÁQUINAS E EQUIPAMENTOS","CHP",4.0000000000000001E-3,{"$f":"IF(A228=\"Composição Auxiliar\",VLOOKUP(B228,'SINAPI COMPOSIÇÃO'!$A$2:$E$10256,4,FALSE),IF(A228=\"Insumo\",IF(VLOOKUP(B228,'SINAPI INSUMOS'!$A$2:$F$4852,5,FALSE)=OR(\"\",0),VLOOKUP(B228,'SINAPI INSUMOS'!$A$2:$F$4852,6,FALSE),VLOOKUP(B228,'SINAPI INSUMOS'!$A$2:$F$4852,5,FALSE)),\"VERIFICAR\"))","v":349.72},1.39]
["Composição Auxiliar",100716,"SINAPI","JATEAMENTO ABRASIVO COM GRANALHA DE AÇO EM PERFIL METÁLICO EM FÁBRICA. AF_01/2020","PINT - PINTURAS","m²",3.5799999999999998E-2,{"$f":"IF(A229=\"Composição Auxiliar\",VLOOKUP(B229,'SINAPI COMPOSIÇÃO'!$A$2:$E$10256,4,FALSE),IF(A229=\"Insumo\",IF(VLOOKUP(B229,'SINAPI INSUMOS'!$A$2:$F$4852,5,FALSE)=OR(\"\",0),VLOOKUP(B229,'SINAPI INSUMOS'!$A$2:$F$4852,6,FALSE),VLOOKUP(B229,'SINAPI INSUMOS'!$A$2:$F$4852,5,FALSE)),\"VERIFICAR\"))","v":23.21},0.83]
["Composição Auxiliar",88278,"SINAPI","MONTADOR DE ESTRUTURA METÁLICA COM ENCARGOS COMPLEMENTARES","SEDI - SERVIÇOS DIVERSOS","H",1.4E-2,{"$f":"IF(A230=\"Composição Auxiliar\",VLOOKUP(B230,'SINAPI COMPOSIÇÃO'!$A$2:$E$10256,4,FALSE),IF(A230=\"Insumo\",IF(VLOOKUP(B230,'SINAPI INSUMOS'!$A$2:$F$4852,5,FALSE)=OR(\"\",0),VLOOKUP(B230,'SINAPI INSUMOS'!$A$2:$F$4852,6,FALSE),VLOOKUP(B230,'SINAPI INSUMOS'!$A$2:$F$4852,5,FALSE)),\"VERIFICAR\"))","v":23.96},0.33]
["Composição Auxiliar",88240,"SINAPI","AJUDANTE DE ESTRUTURA METÁLICA COM ENCARGOS COMPLEMENTARES","SEDI - SERVIÇOS DIVERSOS","H",4.4000000000000003E-3,{"$f":"IF(A231=\"Composição Auxiliar\",VLOOKUP(B231,'SINAPI COMPOSIÇÃO'!$A$2:$E$10256,4,FALSE),IF(A231=\"Insumo\",IF(VLOOKUP(B231,'SINAPI INSUMOS'!$A$2:$F$4852,5,FALSE)=OR(\"\",0),VLOOKUP(B231,'SINAPI INSUMOS'!$A$2:$F$4852,6,FALSE),VLOOKUP(B231,'SINAPI INSUMOS'!$A$2:$F$4852,5,FALSE)),\"VERIFICAR\"))","v":22.12},0.09]
["Composição Auxiliar",88317,"SINAPI","SOLDADOR COM ENCARGOS COMPLEMENTARES","SEDI - SERVIÇOS DIVERSOS","H",1.8100000000000002E-2,{"$f":"IF(A232=\"Composição Auxiliar\",VLOOKUP(B232,'SINAPI COMPOSIÇÃO'!$A$2:$E$10256,4,FALSE),IF(A232=\"Insumo\",IF(VLOOKUP(B232,'SINAPI INSUMOS'!$A$2:$F$4852,5,FALSE)=OR(\"\",0),VLOOKUP(B232,'SINAPI INSUMOS'!$A$2:$F$4852,6,FALSE),VLOOKUP(B232,'SINAPI INSUMOS'!$A$2:$F$4852,5,FALSE)),\"VERIFICAR\"))","v":28.9},0.52]
["Insumo",4777,"SINAPI","CANTONEIRA ACO ABAS IGUAIS (QUALQUER BITOLA), ESPESSURA ENTRE 1/8\" E 1/4\"","Material","KG",2.8000000000000001E-2,{"$f":"IF(A233=\"Composição Auxiliar\",VLOOKUP(B233,'SINAPI COMPOSIÇÃO'!$A$2:$E$10256,4,FALSE),IF(A233=\"Insumo\",IF(VLOOKUP(B233,'SINAPI INSUMOS'!$A$2:$F$4852,5,FALSE)=OR(\"\",0),VLOOKUP(B233,'SINAPI INSUMOS'!$A$2:$F$4852,6,FALSE),VLOOKUP(B233,'SINAPI INSUMOS'!$A$2:$F$4852,5,FALSE)),\"VERIFICAR\"))","v":8.02},0.22]
["Insumo",10997,"SINAPI","ELETRODO REVESTIDO AWS - E7018, DIAMETRO IGUAL A 4,00 MM","Material","KG",1.5E-3,{"$f":"IF(A234=\"Composição Auxiliar\",VLOOKUP(B234,'SINAPI COMPOSIÇÃO'!$A$2:$E$10256,4,FALSE),IF(A234=\"Insumo\",IF(VLOOKUP(B234,'SINAPI INSUMOS'!$A$2:$F$4852,5,FALSE)=OR(\"\",0),VLOOKUP(B234,'SINAPI INSUMOS'!$A$2:$F$4852,6,FALSE),VLOOKUP(B234,'SINAPI INSUMOS'!$A$2:$F$4852,5,FALSE)),\"VERIFICAR\"))","v":23.89},0.03]
["Insumo","PREÇO DE MERCADO 06","Próprio","PERFIL \"I\" DE ACO LAMINADO W 530 x  74 - REF A572 GR. 50","Material","KG",1,{"$f":"'COT ORÇAMENTO AÇO LAMINADO'!L37","v":9.629999999999999},9.6300000000000008]
["4.4","Código","Banco","Descrição","Tipo","Und","Quant.","Valor Unit","Total"]
["Composição","COMP. SEDE 11 - 07","Próprio","VIGA METÁLICA EM PERFIL W 530 x 72, LAMINADO OU SOLDADO, EM AÇO ESTRUTURAL, COM CONEXÕES SOLDADAS, INCLUSOS MÃO DE OBRA, TRANSPORTE E IÇAMENTO UTILIZANDO GUINDASTE - FORNECIMENTO E INSTALAÇÃO. AF_01/2020_P","SEDI - SERVIÇOS DIVERSOS","KG",1,{"$f":"I237","v":14.050000000000002},{"$f":"SUM(I238:I247)","v":14.050000000000002}]
["Composição Auxiliar",88317,"SINAPI","SOLDADOR COM ENCARGOS COMPLEMENTARES","SEDI - SERVIÇOS DIVERSOS","H",1.8100000000000002E-2,{"$f":"IF(A238=\"Composição Auxiliar\",VLOOKUP(B238,'SINAPI COMPOSIÇÃO'!$A$2:$E$10256,4,FALSE),IF(A238=\"Insumo\",IF(VLOOKUP(B238,'SINAPI INSUMOS'!$A$2:$F$4852,5,FALSE)=OR(\"\",0),VLOOKUP(B238,'SINAPI INSUMOS'!$A$2:$F$4852,6,FALSE),VLOOKUP(B238,'SINAPI INSUMOS'!$A$2:$F$4852,5,FALSE)),\"VERIFICAR\"))","v":28.9},{"$f":"TRUNC(G238*H238,2)","v":0.52}]
["Composição Auxiliar",93288,"SINAPI","GUINDASTE HIDRÁULICO AUTOPROPELIDO, COM LANÇA TELESCÓPICA 40 M, CAPACIDADE MÁXIMA 60 T, POTÊNCIA 260 KW - CHI DIURNO. AF_03/2016","CHOR - CUSTOS HORÁRIOS DE MÁQUINAS E EQUIPAMENTOS","CHI",3.7000000000000002E-3,{"$f":"IF(A239=\"Composição Auxiliar\",VLOOKUP(B239,'SINAPI COMPOSIÇÃO'!$A$2:$E$10256,4,FALSE),IF(A239=\"Insumo\",IF(VLOOKUP(B239,'SINAPI INSUMOS'!$A$2:$F$4852,5,FALSE)=OR(\"\",0),VLOOKUP(B239,'SINAPI INSUMOS'!$A$2:$F$4852,6,FALSE),VLOOKUP(B239,'SINAPI INSUMOS'!$A$2:$F$4852,5,FALSE)),\"VERIFICAR\"))","v":176.03},0.65]
["Composição Auxiliar",88278,"SINAPI","MONTADOR DE ESTRUTURA METÁLICA COM ENCARGOS COMPLEMENTARES","SEDI - SERVIÇOS DIVERSOS","H",1.4E-2,{"$f":"IF(A240=\"Composição Auxiliar\",VLOOKUP(B240,'SINAPI COMPOSIÇÃO'!$A$2:$E$10256,4,FALSE),IF(A240=\"Insumo\",IF(VLOOKUP(B240,'SINAPI INSUMOS'!$A$2:$F$4852,5,FALSE)=OR(\"\",0),VLOOKUP(B240,'SINAPI INSUMOS'!$A$2:$F$4852,6,FALSE),VLOOKUP(B240,'SINAPI INSUMOS'!$A$2:$F$4852,5,FALSE)),\"VERIFICAR\"))","v":23.96},0.33]
["Composição Auxiliar",93287,"SINAPI","GUINDASTE HIDRÁULICO AUTOPROPELIDO, COM LANÇA TELESCÓPICA 40 M, CAPACIDADE MÁXIMA 60 T, POTÊNCIA 260 KW - CHP DIURNO. AF_03/2016","CHOR - CUSTOS HORÁRIOS DE MÁQUINAS E EQUIPAMENTOS","CHP",4.0000000000000001E-3,{"$f":"IF(A241=\"Composição Auxiliar\",VLOOKUP(B241,'SINAPI COMPOSIÇÃO'!$A$2:$E$10256,4,FALSE),IF(A241=\"Insumo\",IF(VLOOKUP(B241,'SINAPI INSUMOS'!$A$2:$F$4852,5,FALSE)=OR(\"\",0),VLOOKUP(B241,'SINAPI INSUMOS'!$A$2:$F$4852,6,FALSE),VLOOKUP(B241,'SINAPI INSUMOS'!$A$2:$F$4852,5,FALSE)),\"VERIFICAR\"))","v":349.72},1.39]
["Composição Auxiliar",100716,"SINAPI","JATEAMENTO ABRASIVO COM GRANALHA DE AÇO EM PERFIL METÁLICO EM FÁBRICA. AF_01/2020","PINT - PINTURAS","m²",3.5799999999999998E-2,{"$f":"IF(A242=\"Composição Auxiliar\",VLOOKUP(B242,'SINAPI COMPOSIÇÃO'!$A$2:$E$10256,4,FALSE),IF(A242=\"Insumo\",IF(VLOOKUP(B242,'SINAPI INSUMOS'!$A$2:$F$4852,5,FALSE)=OR(\"\",0),VLOOKUP(B242,'SINAPI INSUMOS'!$A$2:$F$4852,6,FALSE),VLOOKUP(B242,'SINAPI INSUMOS'!$A$2:$F$4852,5,FALSE)),\"VERIFICAR\"))","v":23.21},0.83]
["Composição Auxiliar",100719,"SINAPI","PINTURA COM TINTA ALQUÍDICA DE FUNDO (TIPO ZARCÃO) PULVERIZADA SOBRE PERFIL METÁLICO EXECUTADO EM FÁBRICA (POR DEMÃO). AF_01/2020_PE","PINT - PINTURAS","m²",3.5799999999999998E-2,{"$f":"IF(A243=\"Composição Auxiliar\",VLOOKUP(B243,'SINAPI COMPOSIÇÃO'!$A$2:$E$10256,4,FALSE),IF(A243=\"Insumo\",IF(VLOOKUP(B243,'SINAPI INSUMOS'!$A$2:$F$4852,5,FALSE)=OR(\"\",0),VLOOKUP(B243,'SINAPI INSUMOS'!$A$2:$F$4852,6,FALSE),VLOOKUP(B243,'SINAPI INSUMOS'!$A$2:$F$4852,5,FALSE)),\"VERIFICAR\"))","v":10.16},0.36]
["Composição Auxiliar",88240,"SINAPI","AJUDANTE DE ESTRUTURA METÁLICA COM ENCARGOS COMPLEMENTARES","SEDI - SERVIÇOS DIVERSOS","H",4.4000000000000003E-3,{"$f":"IF(A244=\"Composição Auxiliar\",VLOOKUP(B244,'SINAPI COMPOSIÇÃO'!$A$2:$E$10256,4,FALSE),IF(A244=\"Insumo\",IF(VLOOKUP(B244,'SINAPI INSUMOS'!$A$2:$F$4852,5,FALSE)=OR(\"\",0),VLOOKUP(B244,'SINAPI INSUMOS'!$A$2:$F$4852,6,FALSE),VLOOKUP(B244,'SINAPI INSUMOS'!$A$2:$F$4852,5,FALSE)),\"VERIFICAR\"))","v":22.12},0.09]
["Insumo",10997,"SINAPI","ELETRODO REVESTIDO AWS - E7018, DIAMETRO IGUAL A 4,00 MM","Material","KG",1.5E-3,{"$f":"IF(A245=\"Composição Auxiliar\",VLOOKUP(B245,'SINAPI COMPOSIÇÃO'!$A$2:$E$10256,4,FALSE),IF(A245=\"Insumo\",IF(VLOOKUP(B245,'SINAPI INSUMOS'!$A$2:$F$4852,5,FALSE)=OR(\"\",0),VLOOKUP(B245,'SINAPI INSUMOS'!$A$2:$F$4852,6,FALSE),VLOOKUP(B245,'SINAPI INSUMOS'!$A$2:$F$4852,5,FALSE)),\"VERIFICAR\"))","v":23.89},0.03]
["Insumo","PREÇO DE MERCADO 07","Próprio","PERFIL \"I\" DE ACO LAMINADO W 530 x  72 - REF A572 GR. 50","Material","KG",1,{"$f":"'COT ORÇAMENTO AÇO LAMINADO'!L37","v":9.629999999999999},9.6300000000000008]
["Insumo",4777,"SINAPI","CANTONEIRA ACO ABAS IGUAIS (QUALQUER BITOLA), ESPESSURA ENTRE 1/8\" E 1/4\"","Material","KG",2.8000000000000001E-2,{"$f":"IF(A247=\"Composição Auxiliar\",VLOOKUP(B247,'SINAPI COMPOSIÇÃO'!$A$2:$E$10256,4,FALSE),IF(A247=\"Insumo\",IF(VLOOKUP(B247,'SINAPI INSUMOS'!$A$2:$F$4852,5,FALSE)=OR(\"\",0),VLOOKUP(B247,'SINAPI INSUMOS'!$A$2:$F$4852,6,FALSE),VLOOKUP(B247,'SINAPI INSUMOS'!$A$2:$F$4852,5,FALSE)),\"VERIFICAR\"))","v":8.02},0.22]
["4.5","Código","Banco","Descrição","Tipo","Und","Quant.","Valor Unit","Total"]
["Composição","COMP. SEDE 11 - 08","Próprio","VIGA METÁLICA EM PERFIL W 460 x 60, LAMINADO OU SOLDADO, EM AÇO ESTRUTURAL, COM CONEXÕES SOLDADAS, INCLUSOS MÃO DE OBRA, TRANSPORTE E IÇAMENTO UTILIZANDO GUINDASTE - FORNECIMENTO E INSTALAÇÃO. AF_01/2020_P","SEDI - SERVIÇOS DIVERSOS","KG",1,{"$f":"I249","v":14.05},{"$f":"SUM(I250:I259)","v":14.05}]
["Composição Auxiliar",93287,"SINAPI","GUINDASTE HIDRÁULICO AUTOPROPELIDO, COM LANÇA TELESCÓPICA 40 M, CAPACIDADE MÁXIMA 60 T, POTÊNCIA 260 KW - CHP DIURNO. AF_03/2016","CHOR - CUSTOS HORÁRIOS DE MÁQUINAS E EQUIPAMENTOS","CHP",4.0000000000000001E-3,{"$f":"IF(A250=\"Composição Auxiliar\",VLOOKUP(B250,'SINAPI COMPOSIÇÃO'!$A$2:$E$10256,4,FALSE),IF(A250=\"Insumo\",IF(VLOOKUP(B250,'SINAPI INSUMOS'!$A$2:$F$4852,5,FALSE)=OR(\"\",0),VLOOKUP(B250,'SINAPI INSUMOS'!$A$2:$F$4852,6,FALSE),VLOOKUP(B250,'SINAPI INSUMOS'!$A$2:$F$4852,5,FALSE)),\"VERIFICAR\"))","v":349.72},{"$f":"TRUNC(G250*H250,2)","v":1.39}]
["Composição Auxiliar",88240,"SINAPI","AJUDANTE DE ESTRUTURA METÁLICA COM ENCARGOS COMPLEMENTARES","SEDI - SERVIÇOS DIVERSOS","H",4.4000000000000003E-3,{"$f":"IF(A251=\"Composição Auxiliar\",VLOOKUP(B251,'SINAPI COMPOSIÇÃO'!$A$2:$E$10256,4,FALSE),IF(A251=\"Insumo\",IF(VLOOKUP(B251,'SINAPI INSUMOS'!$A$2:$F$4852,5,FALSE)=OR(\"\",0),VLOOKUP(B251,'SINAPI INSUMOS'!$A$2:$F$4852,6,FALSE),VLOOKUP(B251,'SINAPI INSUMOS'!$A$2:$F$4852,5,FALSE)),\"VERIFICAR\"))","v":22.12},0.09]
["Composição Auxiliar",100716,"SINAPI","JATEAMENTO ABRASIVO COM GRANALHA DE AÇO EM PERFIL METÁLICO EM FÁBRICA. AF_01/2020","PINT - PINTURAS","m²",3.5799999999999998E-2,{"$f":"IF(A252=\"Composição Auxiliar\",VLOOKUP(B252,'SINAPI COMPOSIÇÃO'!$A$2:$E$10256,4,FALSE),IF(A252=\"Insumo\",IF(VLOOKUP(B252,'SINAPI INSUMOS'!$A$2:$F$4852,5,FALSE)=OR(\"\",0),VLOOKUP(B252,'SINAPI INSUMOS'!$A$2:$F$4852,6,FALSE),VLOOKUP(B252,'SINAPI INSUMOS'!$A$2:$F$4852,5,FALSE)),\"VERIFICAR\"))","v":23.21},0.83]
["Composição Auxiliar",88278,"SINAPI","MONTADOR DE ESTRUTURA METÁLICA COM ENCARGOS COMPLEMENTARES","SEDI - SERVIÇOS DIVERSOS","H",1.4E-2,{"$f":"IF(A253=\"Composição Auxiliar\",VLOOKUP(B253,'SINAPI COMPOSIÇÃO'!$A$2:$E$10256,4,FALSE),IF(A253=\"Insumo\",IF(VLOOKUP(B253,'SINAPI INSUMOS'!$A$2:$F$4852,5,FALSE)=OR(\"\",0),VLOOKUP(B253,'SINAPI INSUMOS'!$A$2:$F$4852,6,FALSE),VLOOKUP(B253,'SINAPI INSUMOS'!$A$2:$F$4852,5,FALSE)),\"VERIFICAR\"))","v":23.96},0.33]
["Composição Auxiliar",88317,"SINAPI","SOLDADOR COM ENCARGOS COMPLEMENTARES","SEDI - SERVIÇOS DIVERSOS","H",1.8100000000000002E-2,{"$f":"IF(A254=\"Composição Auxiliar\",VLOOKUP(B254,'SINAPI COMPOSIÇÃO'!$A$2:$E$10256,4,FALSE),IF(A254=\"Insumo\",IF(VLOOKUP(B254,'SINAPI INSUMOS'!$A$2:$F$4852,5,FALSE)=OR(\"\",0),VLOOKUP(B254,'SINAPI INSUMOS'!$A$2:$F$4852,6,FALSE),VLOOKUP(B254,'SINAPI INSUMOS'!$A$2:$F$4852,5,FALSE)),\"VERIFICAR\"))","v":28.9},0.52]
["Composição Auxiliar",100719,"SINAPI","PINTURA COM TINTA ALQUÍDICA DE FUNDO (TIPO ZARCÃO) PULVERIZADA SOBRE PERFIL METÁLICO EXECUTADO EM FÁBRICA (POR DEMÃO). AF_01/2020_PE","PINT - PINTURAS","m²",3.5799999999999998E-2,{"$f":"IF(A255=\"Composição Auxiliar\",VLOOKUP(B255,'SINAPI COMPOSIÇÃO'!$A$2:$E$10256,4,FALSE),IF(A255=\"Insumo\",IF(VLOOKUP(B255,'SINAPI INSUMOS'!$A$2:$F$4852,5,FALSE)=OR(\"\",0),VLOOKUP(B255,'SINAPI INSUMOS'!$A$2:$F$4852,6,FALSE),VLOOKUP(B255,'SINAPI INSUMOS'!$A$2:$F$4852,5,FALSE)),\"VERIFICAR\"))","v":10.16},0.36]
["Composição Auxiliar",93288,"SINAPI","GUINDASTE HIDRÁULICO AUTOPROPELIDO, COM LANÇA TELESCÓPICA 40 M, CAPACIDADE MÁXIMA 60 T, POTÊNCIA 260 KW - CHI DIURNO. AF_03/2016","CHOR - CUSTOS HORÁRIOS DE MÁQUINAS E EQUIPAMENTOS","CHI",3.7000000000000002E-3,{"$f":"IF(A256=\"Composição Auxiliar\",VLOOKUP(B256,'SINAPI COMPOSIÇÃO'!$A$2:$E$10256,4,FALSE),IF(A256=\"Insumo\",IF(VLOOKUP(B256,'SINAPI INSUMOS'!$A$2:$F$4852,5,FALSE)=OR(\"\",0),VLOOKUP(B256,'SINAPI INSUMOS'!$A$2:$F$4852,6,FALSE),VLOOKUP(B256,'SINAPI INSUMOS'!$A$2:$F$4852,5,FALSE)),\"VERIFICAR\"))","v":176.03},0.65]
["Insumo",10997,"SINAPI","ELETRODO REVESTIDO AWS - E7018, DIAMETRO IGUAL A 4,00 MM","Material","KG",1.5E-3,{"$f":"IF(A257=\"Composição Auxiliar\",VLOOKUP(B257,'SINAPI COMPOSIÇÃO'!$A$2:$E$10256,4,FALSE),IF(A257=\"Insumo\",IF(VLOOKUP(B257,'SINAPI INSUMOS'!$A$2:$F$4852,5,FALSE)=OR(\"\",0),VLOOKUP(B257,'SINAPI INSUMOS'!$A$2:$F$4852,6,FALSE),VLOOKUP(B257,'SINAPI INSUMOS'!$A$2:$F$4852,5,FALSE)),\"VERIFICAR\"))","v":23.89},0.03]
["Insumo",4777,"SINAPI","CANTONEIRA ACO ABAS IGUAIS (QUALQUER BITOLA), ESPESSURA ENTRE 1/8\" E 1/4\"","Material","KG",2.8000000000000001E-2,{"$f":"IF(A258=\"Composição Auxiliar\",VLOOKUP(B258,'SINAPI COMPOSIÇÃO'!$A$2:$E$10256,4,FALSE),IF(A258=\"Insumo\",IF(VLOOKUP(B258,'SINAPI INSUMOS'!$A$2:$F$4852,5,FALSE)=OR(\"\",0),VLOOKUP(B258,'SINAPI INSUMOS'!$A$2:$F$4852,6,FALSE),VLOOKUP(B258,'SINAPI INSUMOS'!$A$2:$F$4852,5,FALSE)),\"VERIFICAR\"))","v":8.02},0.22]
["Insumo","PREÇO DE MERCADO 08","Próprio","PERFIL \"I\" DE ACO LAMINADO W 460 x  60 - REF A572 GR. 50","Material","KG",1,{"$f":"'COT ORÇAMENTO AÇO LAMINADO'!L37","v":9.629999999999999},9.6300000000000008]
["4.6","Código","Banco","Descrição","Tipo","Und","Quant.","Valor Unit","Total"]
["Composição","COMP. SEDE  09","Próprio","VIGA METÁLICA EM PERFIL W 410 x 53, LAMINADO OU SOLDADO, EM AÇO ESTRUTURAL, COM CONEXÕES SOLDADAS, INCLUSOS MÃO DE OBRA, TRANSPORTE E IÇAMENTO UTILIZANDO GUINDASTE - FORNECIMENTO E INSTALAÇÃO. AF_01/2020_P","FUES - FUNDAÇÕES E ESTRUTURAS","KG",1,{"$f":"I261","v":14.05},{"$f":"SUM(I262:I271)","v":14.05}]
["Composição Auxiliar",100716,"SINAPI","JATEAMENTO ABRASIVO COM GRANALHA DE AÇO EM PERFIL METÁLICO EM FÁBRICA. AF_01/2020","PINT - PINTURAS","m²",3.5799999999999998E-2,{"$f":"IF(A262=\"Composição Auxiliar\",VLOOKUP(B262,'SINAPI COMPOSIÇÃO'!$A$2:$E$10256,4,FALSE),IF(A262=\"Insumo\",IF(VLOOKUP(B262,'SINAPI INSUMOS'!$A$2:$F$4852,5,FALSE)=OR(\"\",0),VLOOKUP(B262,'SINAPI INSUMOS'!$A$2:$F$4852,6,FALSE),VLOOKUP(B262,'SINAPI INSUMOS'!$A$2:$F$4852,5,FALSE)),\"VERIFICAR\"))","v":23.21},{"$f":"TRUNC(G262*H262,2)","v":0.83}]
["Composição Auxiliar",88240,"SINAPI","AJUDANTE DE ESTRUTURA METÁLICA COM ENCARGOS COMPLEMENTARES","SEDI - SERVIÇOS DIVERSOS","H",4.4000000000000003E-3,{"$f":"IF(A263=\"Composição Auxiliar\",VLOOKUP(B263,'SINAPI COMPOSIÇÃO'!$A$2:$E$10256,4,FALSE),IF(A263=\"Insumo\",IF(VLOOKUP(B263,'SINAPI INSUMOS'!$A$2:$F$4852,5,FALSE)=OR(\"\",0),VLOOKUP(B263,'SINAPI INSUMOS'!$A$2:$F$4852,6,FALSE),VLOOKUP(B263,'SINAPI INSUMOS'!$A$2:$F$4852,5,FALSE)),\"VERIFICAR\"))","v":22.12},0.09]
["Composição Auxiliar",88317,"SINAPI","SOLDADOR COM ENCARGOS COMPLEMENTARES","SEDI - SERVIÇOS DIVERSOS","H",1.8100000000000002E-2,{"$f":"IF(A264=\"Composição Auxiliar\",VLOOKUP(B264,'SINAPI COMPOSIÇÃO'!$A$2:$E$10256,4,FALSE),IF(A264=\"Insumo\",IF(VLOOKUP(B264,'SINAPI INSUMOS'!$A$2:$F$4852,5,FALSE)=OR(\"\",0),VLOOKUP(B264,'SINAPI INSUMOS'!$A$2:$F$4852,6,FALSE),VLOOKUP(B264,'SINAPI INSUMOS'!$A$2:$F$4852,5,FALSE)),\"VERIFICAR\"))","v":28.9},0.52]
["Composição Auxiliar",100719,"SINAPI","PINTURA COM TINTA ALQUÍDICA DE FUNDO (TIPO ZARCÃO) PULVERIZADA SOBRE PERFIL METÁLICO EXECUTADO EM FÁBRICA (POR DEMÃO). AF_01/2020_PE","PINT - PINTURAS","m²",3.5799999999999998E-2,{"$f":"IF(A265=\"Composição Auxiliar\",VLOOKUP(B265,'SINAPI COMPOSIÇÃO'!$A$2:$E$10256,4,FALSE),IF(A265=\"Insumo\",IF(VLOOKUP(B265,'SINAPI INSUMOS'!$A$2:$F$4852,5,FALSE)=OR(\"\",0),VLOOKUP(B265,'SINAPI INSUMOS'!$A$2:$F$4852,6,FALSE),VLOOKUP(B265,'SINAPI INSUMOS'!$A$2:$F$4852,5,FALSE)),\"VERIFICAR\"))","v":10.16},0.36]
["Composição Auxiliar",93288,"SINAPI","GUINDASTE HIDRÁULICO AUTOPROPELIDO, COM LANÇA TELESCÓPICA 40 M, CAPACIDADE MÁXIMA 60 T, POTÊNCIA 260 KW - CHI DIURNO. AF_03/2016","CHOR - CUSTOS HORÁRIOS DE MÁQUINAS E EQUIPAMENTOS","CHI",3.7000000000000002E-3,{"$f":"IF(A266=\"Composição Auxiliar\",VLOOKUP(B266,'SINAPI COMPOSIÇÃO'!$A$2:$E$10256,4,FALSE),IF(A266=\"Insumo\",IF(VLOOKUP(B266,'SINAPI INSUMOS'!$A$2:$F$4852,5,FALSE)=OR(\"\",0),VLOOKUP(B266,'SINAPI INSUMOS'!$A$2:$F$4852,6,FALSE),VLOOKUP(B266,'SINAPI INSUMOS'!$A$2:$F$4852,5,FALSE)),\"VERIFICAR\"))","v":176.03},0.65]
["Composição Auxiliar",88278,"SINAPI","MONTADOR DE ESTRUTURA METÁLICA COM ENCARGOS COMPLEMENTARES","SEDI - SERVIÇOS DIVERSOS","H",1.4E-2,{"$f":"IF(A267=\"Composição Auxiliar\",VLOOKUP(B267,'SINAPI COMPOSIÇÃO'!$A$2:$E$10256,4,FALSE),IF(A267=\"Insumo\",IF(VLOOKUP(B267,'SINAPI INSUMOS'!$A$2:$F$4852,5,FALSE)=OR(\"\",0),VLOOKUP(B267,'SINAPI INSUMOS'!$A$2:$F$4852,6,FALSE),VLOOKUP(B267,'SINAPI INSUMOS'!$A$2:$F$4852,5,FALSE)),\"VERIFICAR\"))","v":23.96},0.33]
["Composição Auxiliar",93287,"SINAPI","GUINDASTE HIDRÁULICO AUTOPROPELIDO, COM LANÇA TELESCÓPICA 40 M, CAPACIDADE MÁXIMA 60 T, POTÊNCIA 260 KW - CHP DIURNO. AF_03/2016","CHOR - CUSTOS HORÁRIOS DE MÁQUINAS E EQUIPAMENTOS","CHP",4.0000000000000001E-3,{"$f":"IF(A268=\"Composição Auxiliar\",VLOOKUP(B268,'SINAPI COMPOSIÇÃO'!$A$2:$E$10256,4,FALSE),IF(A268=\"Insumo\",IF(VLOOKUP(B268,'SINAPI INSUMOS'!$A$2:$F$4852,5,FALSE)=OR(\"\",0),VLOOKUP(B268,'SINAPI INSUMOS'!$A$2:$F$4852,6,FALSE),VLOOKUP(B268,'SINAPI INSUMOS'!$A$2:$F$4852,5,FALSE)),\"VERIFICAR\"))","v":349.72},1.39]
["Insumo","PREÇO DE MERCADO 09","Próprio","PERFIL \"I\" DE ACO LAMINADO W 410 x  53 - REF A572 GR. 50","Material","KG",1,{"$f":"'COT ORÇAMENTO AÇO LAMINADO'!L37","v":9.629999999999999},9.6300000000000008]
["Insumo",4777,"SINAPI","CANTONEIRA ACO ABAS IGUAIS (QUALQUER BITOLA), ESPESSURA ENTRE 1/8\" E 1/4\"","Material","KG",2.8000000000000001E-2,{"$f":"IF(A270=\"Composição Auxiliar\",VLOOKUP(B270,'SINAPI COMPOSIÇÃO'!$A$2:$E$10256,4,FALSE),IF(A270=\"Insumo\",IF(VLOOKUP(B270,'SINAPI INSUMOS'!$A$2:$F$4852,5,FALSE)=OR(\"\",0),VLOOKUP(B270,'SINAPI INSUMOS'!$A$2:$F$4852,6,FALSE),VLOOKUP(B270,'SINAPI INSUMOS'!$A$2:$F$4852,5,FALSE)),\"VERIFICAR\"))","v":8.02},0.22]
["Insumo",10997,"SINAPI","ELETRODO REVESTIDO AWS - E7018, DIAMETRO IGUAL A 4,00 MM","Material","KG",1.5E-3,{"$f":"IF(A271=\"Composição Auxiliar\",VLOOKUP(B271,'SINAPI COMPOSIÇÃO'!$A$2:$E$10256,4,FALSE),IF(A271=\"Insumo\",IF(VLOOKUP(B271,'SINAPI INSUMOS'!$A$2:$F$4852,5,FALSE)=OR(\"\",0),VLOOKUP(B271,'SINAPI INSUMOS'!$A$2:$F$4852,6,FALSE),VLOOKUP(B271,'SINAPI INSUMOS'!$A$2:$F$4852,5,FALSE)),\"VERIFICAR\"))","v":23.89},0.03]
["4.7","Código","Banco","Descrição","Tipo","Und","Quant.","Valor Unit","Total"]
["Composição","COMP. SEDE  10","Próprio","VIGA METÁLICA EM PERFIL W 410 x 46.1, LAMINADO OU SOLDADO, EM AÇO ESTRUTURAL, COM CONEXÕES SOLDADAS, INCLUSOS MÃO DE OBRA, TRANSPORTE E IÇAMENTO UTILIZANDO GUINDASTE - FORNECIMENTO E INSTALAÇÃO. AF_01/2020_P","FUES - FUNDAÇÕES E ESTRUTURAS","KG",1,{"$f":"I273","v":14.05},{"$f":"SUM(I274:I283)","v":14.05}]
["Composição Auxiliar",88240,"SINAPI","AJUDANTE DE ESTRUTURA METÁLICA COM ENCARGOS COMPLEMENTARES","SEDI - SERVIÇOS DIVERSOS","H",4.4000000000000003E-3,{"$f":"IF(A274=\"Composição Auxiliar\",VLOOKUP(B274,'SINAPI COMPOSIÇÃO'!$A$2:$E$10256,4,FALSE),IF(A274=\"Insumo\",IF(VLOOKUP(B274,'SINAPI INSUMOS'!$A$2:$F$4852,5,FALSE)=OR(\"\",0),VLOOKUP(B274,'SINAPI INSUMOS'!$A$2:$F$4852,6,FALSE),VLOOKUP(B274,'SINAPI INSUMOS'!$A$2:$F$4852,5,FALSE)),\"VERIFICAR\"))","v":22.12},{"$f":"TRUNC(G274*H274,2)","v":0.09}]
["Composição Auxiliar",88317,"SINAPI","SOLDADOR COM ENCARGOS COMPLEMENTARES","SEDI - SERVIÇOS DIVERSOS","H",1.8100000000000002E-2,{"$f":"IF(A275=\"Composição Auxiliar\",VLOOKUP(B275,'SINAPI COMPOSIÇÃO'!$A$2:$E$10256,4,FALSE),IF(A275=\"Insumo\",IF(VLOOKUP(B275,'SINAPI INSUMOS'!$A$2:$F$4852,5,FALSE)=OR(\"\",0),VLOOKUP(B275,'SINAPI INSUMOS'!$A$2:$F$4852,6,FALSE),VLOOKUP(B275,'SINAPI INSUMOS'!$A$2:$F$4852,5,FALSE)),\"VERIFICAR\"))","v":28.9},0.52]
["Composição Auxiliar",88278,"SINAPI","MONTADOR DE ESTRUTURA METÁLICA COM ENCARGOS COMPLEMENTARES","SEDI - SERVIÇOS DIVERSOS","H",1.4E-2,{"$f":"IF(A276=\"Composição Auxiliar\",VLOOKUP(B276,'SINAPI COMPOSIÇÃO'!$A$2:$E$10256,4,FALSE),IF(A276=\"Insumo\",IF(VLOOKUP(B276,'SINAPI INSUMOS'!$A$2:$F$4852,5,FALSE)=OR(\"\",0),VLOOKUP(B276,'SINAPI INSUMOS'!$A$2:$F$4852,6,FALSE),VLOOKUP(B276,'SINAPI INSUMOS'!$A$2:$F$4852,5,FALSE)),\"VERIFICAR\"))","v":23.96},0.33]
["Composição Auxiliar",93288,"SINAPI","GUINDASTE HIDRÁULICO AUTOPROPELIDO, COM LANÇA TELESCÓPICA 40 M, CAPACIDADE MÁXIMA 60 T, POTÊNCIA 260 KW - CHI DIURNO. AF_03/2016","CHOR - CUSTOS HORÁRIOS DE MÁQUINAS E EQUIPAMENTOS","CHI",3.7000000000000002E-3,{"$f":"IF(A277=\"Composição Auxiliar\",VLOOKUP(B277,'SINAPI COMPOSIÇÃO'!$A$2:$E$10256,4,FALSE),IF(A277=\"Insumo\",IF(VLOOKUP(B277,'SINAPI INSUMOS'!$A$2:$F$4852,5,FALSE)=OR(\"\",0),VLOOKUP(B277,'SINAPI INSUMOS'!$A$2:$F$4852,6,FALSE),VLOOKUP(B277,'SINAPI INSUMOS'!$A$2:$F$4852,5,FALSE)),\"VERIFICAR\"))","v":176.03},0.65]
["Composição Auxiliar",100716,"SINAPI","JATEAMENTO ABRASIVO COM GRANALHA DE AÇO EM PERFIL METÁLICO EM FÁBRICA. AF_01/2020","PINT - PINTURAS","m²",3.5799999999999998E-2,{"$f":"IF(A278=\"Composição Auxiliar\",VLOOKUP(B278,'SINAPI COMPOSIÇÃO'!$A$2:$E$10256,4,FALSE),IF(A278=\"Insumo\",IF(VLOOKUP(B278,'SINAPI INSUMOS'!$A$2:$F$4852,5,FALSE)=OR(\"\",0),VLOOKUP(B278,'SINAPI INSUMOS'!$A$2:$F$4852,6,FALSE),VLOOKUP(B278,'SINAPI INSUMOS'!$A$2:$F$4852,5,FALSE)),\"VERIFICAR\"))","v":23.21},0.83]
["Composição Auxiliar",93287,"SINAPI","GUINDASTE HIDRÁULICO AUTOPROPELIDO, COM LANÇA TELESCÓPICA 40 M, CAPACIDADE MÁXIMA 60 T, POTÊNCIA 260 KW - CHP DIURNO. AF_03/2016","CHOR - CUSTOS HORÁRIOS DE MÁQUINAS E EQUIPAMENTOS","CHP",4.0000000000000001E-3,{"$f":"IF(A279=\"Composição Auxiliar\",VLOOKUP(B279,'SINAPI COMPOSIÇÃO'!$A$2:$E$10256,4,FALSE),IF(A279=\"Insumo\",IF(VLOOKUP(B279,'SINAPI INSUMOS'!$A$2:$F$4852,5,FALSE)=OR(\"\",0),VLOOKUP(B279,'SINAPI INSUMOS'!$A$2:$F$4852,6,FALSE),VLOOKUP(B279,'SINAPI INSUMOS'!$A$2:$F$4852,5,FALSE)),\"VERIFICAR\"))","v":349.72},1.39]
["Composição Auxiliar",100719,"SINAPI","PINTURA COM TINTA ALQUÍDICA DE FUNDO (TIPO ZARCÃO) PULVERIZADA SOBRE PERFIL METÁLICO EXECUTADO EM FÁBRICA (POR DEMÃO). AF_01/2020_PE","PINT - PINTURAS","m²",3.5799999999999998E-2,{"$f":"IF(A280=\"Composição Auxiliar\",VLOOKUP(B280,'SINAPI COMPOSIÇÃO'!$A$2:$E$10256,4,FALSE),IF(A280=\"Insumo\",IF(VLOOKUP(B280,'SINAPI INSUMOS'!$A$2:$F$4852,5,FALSE)=OR(\"\",0),VLOOKUP(B280,'SINAPI INSUMOS'!$A$2:$F$4852,6,FALSE),VLOOKUP(B280,'SINAPI INSUMOS'!$A$2:$F$4852,5,FALSE)),\"VERIFICAR\"))","v":10.16},0.36]
["Insumo",4777,"SINAPI","CANTONEIRA ACO ABAS IGUAIS (QUALQUER BITOLA), ESPESSURA ENTRE 1/8\" E 1/4\"","Material","KG",2.8000000000000001E-2,{"$f":"IF(A281=\"Composição Auxiliar\",VLOOKUP(B281,'SINAPI COMPOSIÇÃO'!$A$2:$E$10256,4,FALSE),IF(A281=\"Insumo\",IF(VLOOKUP(B281,'SINAPI INSUMOS'!$A$2:$F$4852,5,FALSE)=OR(\"\",0),VLOOKUP(B281,'SINAPI INSUMOS'!$A$2:$F$4852,6,FALSE),VLOOKUP(B281,'SINAPI INSUMOS'!$A$2:$F$4852,5,FALSE)),\"VERIFICAR\"))","v":8.02},0.22]
["Insumo",10997,"SINAPI","ELETRODO REVESTIDO AWS - E7018, DIAMETRO IGUAL A 4,00 MM","Material","KG",1.5E-3,{"$f":"IF(A282=\"Composição Auxiliar\",VLOOKUP(B282,'SINAPI COMPOSIÇÃO'!$A$2:$E$10256,4,FALSE),IF(A282=\"Insumo\",IF(VLOOKUP(B282,'SINAPI INSUMOS'!$A$2:$F$4852,5,FALSE)=OR(\"\",0),VLOOKUP(B282,'SINAPI INSUMOS'!$A$2:$F$4852,6,FALSE),VLOOKUP(B282,'SINAPI INSUMOS'!$A$2:$F$4852,5,FALSE)),\"VERIFICAR\"))","v":23.89},0.03]
["Insumo","PREÇO DE MERCADO 10","Próprio","PERFIL \"I\" DE ACO LAMINADO W 410 x  46.1 - REF A572 GR. 50","Material","KG",1,{"$f":"'COT ORÇAMENTO AÇO LAMINADO'!L37","v":9.629999999999999},9.6300000000000008]
["4.8","Código","Banco","Descrição","Tipo","Und","Quant.","Valor Unit","Total"]
["Composição","COMP. SEDE  11","Próprio","VIGA METÁLICA EM PERFIL W 360 x 39, LAMINADO OU SOLDADO, EM AÇO ESTRUTURAL, COM CONEXÕES SOLDADAS, INCLUSOS MÃO DE OBRA, TRANSPORTE E IÇAMENTO UTILIZANDO GUINDASTE - FORNECIMENTO E INSTALAÇÃO. AF_01/2020_P","FUES - FUNDAÇÕES E ESTRUTURAS","KG",1,{"$f":"I285","v":14.049999999999999},{"$f":"SUM(I286:I295)","v":14.049999999999999}]
["Composição Auxiliar",100716,"SINAPI","JATEAMENTO ABRASIVO COM GRANALHA DE AÇO EM PERFIL METÁLICO EM FÁBRICA. AF_01/2020","PINT - PINTURAS","m²",3.5799999999999998E-2,{"$f":"IF(A286=\"Composição Auxiliar\",VLOOKUP(B286,'SINAPI COMPOSIÇÃO'!$A$2:$E$10256,4,FALSE),IF(A286=\"Insumo\",IF(VLOOKUP(B286,'SINAPI INSUMOS'!$A$2:$F$4852,5,FALSE)=OR(\"\",0),VLOOKUP(B286,'SINAPI INSUMOS'!$A$2:$F$4852,6,FALSE),VLOOKUP(B286,'SINAPI INSUMOS'!$A$2:$F$4852,5,FALSE)),\"VERIFICAR\"))","v":23.21},{"$f":"TRUNC(G286*H286,2)","v":0.83}]
["Composição Auxiliar",93287,"SINAPI","GUINDASTE HIDRÁULICO AUTOPROPELIDO, COM LANÇA TELESCÓPICA 40 M, CAPACIDADE MÁXIMA 60 T, POTÊNCIA 260 KW - CHP DIURNO. AF_03/2016","CHOR - CUSTOS HORÁRIOS DE MÁQUINAS E EQUIPAMENTOS","CHP",4.0000000000000001E-3,{"$f":"IF(A287=\"Composição Auxiliar\",VLOOKUP(B287,'SINAPI COMPOSIÇÃO'!$A$2:$E$10256,4,FALSE),IF(A287=\"Insumo\",IF(VLOOKUP(B287,'SINAPI INSUMOS'!$A$2:$F$4852,5,FALSE)=OR(\"\",0),VLOOKUP(B287,'SINAPI INSUMOS'!$A$2:$F$4852,6,FALSE),VLOOKUP(B287,'SINAPI INSUMOS'!$A$2:$F$4852,5,FALSE)),\"VERIFICAR\"))","v":349.72},1.39]
["Composição Auxiliar",93288,"SINAPI","GUINDASTE HIDRÁULICO AUTOPROPELIDO, COM LANÇA TELESCÓPICA 40 M, CAPACIDADE MÁXIMA 60 T, POTÊNCIA 260 KW - CHI DIURNO. AF_03/2016","CHOR - CUSTOS HORÁRIOS DE MÁQUINAS E EQUIPAMENTOS","CHI",3.7000000000000002E-3,{"$f":"IF(A288=\"Composição Auxiliar\",VLOOKUP(B288,'SINAPI COMPOSIÇÃO'!$A$2:$E$10256,4,FALSE),IF(A288=\"Insumo\",IF(VLOOKUP(B288,'SINAPI INSUMOS'!$A$2:$F$4852,5,FALSE)=OR(\"\",0),VLOOKUP(B288,'SINAPI INSUMOS'!$A$2:$F$4852,6,FALSE),VLOOKUP(B288,'SINAPI INSUMOS'!$A$2:$F$4852,5,FALSE)),\"VERIFICAR\"))","v":176.03},0.65]
["Composição Auxiliar",88240,"SINAPI","AJUDANTE DE ESTRUTURA METÁLICA COM ENCARGOS COMPLEMENTARES","SEDI - SERVIÇOS DIVERSOS","H",4.4000000000000003E-3,{"$f":"IF(A289=\"Composição Auxiliar\",VLOOKUP(B289,'SINAPI COMPOSIÇÃO'!$A$2:$E$10256,4,FALSE),IF(A289=\"Insumo\",IF(VLOOKUP(B289,'SINAPI INSUMOS'!$A$2:$F$4852,5,FALSE)=OR(\"\",0),VLOOKUP(B289,'SINAPI INSUMOS'!$A$2:$F$4852,6,FALSE),VLOOKUP(B289,'SINAPI INSUMOS'!$A$2:$F$4852,5,FALSE)),\"VERIFICAR\"))","v":22.12},0.09]
["Composição Auxiliar",100719,"SINAPI","PINTURA COM TINTA ALQUÍDICA DE FUNDO (TIPO ZARCÃO) PULVERIZADA SOBRE PERFIL METÁLICO EXECUTADO EM FÁBRICA (POR DEMÃO). AF_01/2020_PE","PINT - PINTURAS","m²",3.5799999999999998E-2,{"$f":"IF(A290=\"Composição Auxiliar\",VLOOKUP(B290,'SINAPI COMPOSIÇÃO'!$A$2:$E$10256,4,FALSE),IF(A290=\"Insumo\",IF(VLOOKUP(B290,'SINAPI INSUMOS'!$A$2:$F$4852,5,FALSE)=OR(\"\",0),VLOOKUP(B290,'SINAPI INSUMOS'!$A$2:$F$4852,6,FALSE),VLOOKUP(B290,'SINAPI INSUMOS'!$A$2:$F$4852,5,FALSE)),\"VERIFICAR\"))","v":10.16},0.36]
["Composição Auxiliar",88317,"SINAPI","SOLDADOR COM ENCARGOS COMPLEMENTARES","SEDI - SERVIÇOS DIVERSOS","H",1.8100000000000002E-2,{"$f":"IF(A291=\"Composição Auxiliar\",VLOOKUP(B291,'SINAPI COMPOSIÇÃO'!$A$2:$E$10256,4,FALSE),IF(A291=\"Insumo\",IF(VLOOKUP(B291,'SINAPI INSUMOS'!$A$2:$F$4852,5,FALSE)=OR(\"\",0),VLOOKUP(B291,'SINAPI INSUMOS'!$A$2:$F$4852,6,FALSE),VLOOKUP(B291,'SINAPI INSUMOS'!$A$2:$F$4852,5,FALSE)),\"VERIFICAR\"))","v":28.9},0.52]
["Composição Auxiliar",88278,"SINAPI","MONTADOR DE ESTRUTURA METÁLICA COM ENCARGOS COMPLEMENTARES","SEDI - SERVIÇOS DIVERSOS","H",1.4E-2,{"$f":"IF(A292=\"Composição Auxiliar\",VLOOKUP(B292,'SINAPI COMPOSIÇÃO'!$A$2:$E$10256,4,FALSE),IF(A292=\"Insumo\",IF(VLOOKUP(B292,'SINAPI INSUMOS'!$A$2:$F$4852,5,FALSE)=OR(\"\",0),VLOOKUP(B292,'SINAPI INSUMOS'!$A$2:$F$4852,6,FALSE),VLOOKUP(B292,'SINAPI INSUMOS'!$A$2:$F$4852,5,FALSE)),\"VERIFICAR\"))","v":23.96},0.33]
["Insumo",4777,"SINAPI","CANTONEIRA ACO ABAS IGUAIS (QUALQUER BITOLA), ESPESSURA ENTRE 1/8\" E 1/4\"","Material","KG",2.8000000000000001E-2,{"$f":"IF(A293=\"Composição Auxiliar\",VLOOKUP(B293,'SINAPI COMPOSIÇÃO'!$A$2:$E$10256,4,FALSE),IF(A293=\"Insumo\",IF(VLOOKUP(B293,'SINAPI INSUMOS'!$A$2:$F$4852,5,FALSE)=OR(\"\",0),VLOOKUP(B293,'SINAPI INSUMOS'!$A$2:$F$4852,6,FALSE),VLOOKUP(B293,'SINAPI INSUMOS'!$A$2:$F$4852,5,FALSE)),\"VERIFICAR\"))","v":8.02},0.22]
["Insumo","PREÇO DE MERCADO 11","Próprio","PERFIL \"I\" DE ACO LAMINADO W 360 x  39 - REF A572 GR. 50","Material","KG",1,{"$f":"'COT ORÇAMENTO AÇO LAMINADO'!L37","v":9.629999999999999},9.6300000000000008]
["Insumo",10997,"SINAPI","ELETRODO REVESTIDO AWS - E7018, DIAMETRO IGUAL A 4,00 MM","Material","KG",1.5E-3,{"$f":"IF(A295=\"Composição Auxiliar\",VLOOKUP(B295,'SINAPI COMPOSIÇÃO'!$A$2:$E$10256,4,FALSE),IF(A295=\"Insumo\",IF(VLOOKUP(B295,'SINAPI INSUMOS'!$A$2:$F$4852,5,FALSE)=OR(\"\",0),VLOOKUP(B295,'SINAPI INSUMOS'!$A$2:$F$4852,6,FALSE),VLOOKUP(B295,'SINAPI INSUMOS'!$A$2:$F$4852,5,FALSE)),\"VERIFICAR\"))","v":23.89},0.03]
["4.9","Código","Banco","Descrição","Tipo","Und","Quant.","Valor Unit","Total"]
["Composição","COMP. SEDE  12","Próprio","VIGA METÁLICA EM PERFIL W 310 x 32,7, LAMINADO OU SOLDADO, EM AÇO ESTRUTURAL, COM CONEXÕES SOLDADAS, INCLUSOS MÃO DE OBRA, TRANSPORTE E IÇAMENTO UTILIZANDO GUINDASTE - FORNECIMENTO E INSTALAÇÃO. AF_01/2020_P","FUES - FUNDAÇÕES E ESTRUTURAS","KG",1,{"$f":"I297","v":14.05},{"$f":"SUM(I298:I307)","v":14.05}]
["Composição Auxiliar",93288,"SINAPI","GUINDASTE HIDRÁULICO AUTOPROPELIDO, COM LANÇA TELESCÓPICA 40 M, CAPACIDADE MÁXIMA 60 T, POTÊNCIA 260 KW - CHI DIURNO. AF_03/2016","CHOR - CUSTOS HORÁRIOS DE MÁQUINAS E EQUIPAMENTOS","CHI",3.7000000000000002E-3,{"$f":"IF(A298=\"Composição Auxiliar\",VLOOKUP(B298,'SINAPI COMPOSIÇÃO'!$A$2:$E$10256,4,FALSE),IF(A298=\"Insumo\",IF(VLOOKUP(B298,'SINAPI INSUMOS'!$A$2:$F$4852,5,FALSE)=OR(\"\",0),VLOOKUP(B298,'SINAPI INSUMOS'!$A$2:$F$4852,6,FALSE),VLOOKUP(B298,'SINAPI INSUMOS'!$A$2:$F$4852,5,FALSE)),\"VERIFICAR\"))","v":176.03},{"$f":"TRUNC(G298*H298,2)","v":0.65}]
["Composição Auxiliar",88317,"SINAPI","SOLDADOR COM ENCARGOS COMPLEMENTARES","SEDI - SERVIÇOS DIVERSOS","H",1.8100000000000002E-2,{"$f":"IF(A299=\"Composição Auxiliar\",VLOOKUP(B299,'SINAPI COMPOSIÇÃO'!$A$2:$E$10256,4,FALSE),IF(A299=\"Insumo\",IF(VLOOKUP(B299,'SINAPI INSUMOS'!$A$2:$F$4852,5,FALSE)=OR(\"\",0),VLOOKUP(B299,'SINAPI INSUMOS'!$A$2:$F$4852,6,FALSE),VLOOKUP(B299,'SINAPI INSUMOS'!$A$2:$F$4852,5,FALSE)),\"VERIFICAR\"))","v":28.9},0.52]
["Composição Auxiliar",88278,"SINAPI","MONTADOR DE ESTRUTURA METÁLICA COM ENCARGOS COMPLEMENTARES","SEDI - SERVIÇOS DIVERSOS","H",1.4E-2,{"$f":"IF(A300=\"Composição Auxiliar\",VLOOKUP(B300,'SINAPI COMPOSIÇÃO'!$A$2:$E$10256,4,FALSE),IF(A300=\"Insumo\",IF(VLOOKUP(B300,'SINAPI INSUMOS'!$A$2:$F$4852,5,FALSE)=OR(\"\",0),VLOOKUP(B300,'SINAPI INSUMOS'!$A$2:$F$4852,6,FALSE),VLOOKUP(B300,'SINAPI INSUMOS'!$A$2:$F$4852,5,FALSE)),\"VERIFICAR\"))","v":23.96},0.33]
["Composição Auxiliar",93287,"SINAPI","GUINDASTE HIDRÁULICO AUTOPROPELIDO, COM LANÇA TELESCÓPICA 40 M, CAPACIDADE MÁXIMA 60 T, POTÊNCIA 260 KW - CHP DIURNO. AF_03/2016","CHOR - CUSTOS HORÁRIOS DE MÁQUINAS E EQUIPAMENTOS","CHP",4.0000000000000001E-3,{"$f":"IF(A301=\"Composição Auxiliar\",VLOOKUP(B301,'SINAPI COMPOSIÇÃO'!$A$2:$E$10256,4,FALSE),IF(A301=\"Insumo\",IF(VLOOKUP(B301,'SINAPI INSUMOS'!$A$2:$F$4852,5,FALSE)=OR(\"\",0),VLOOKUP(B301,'SINAPI INSUMOS'!$A$2:$F$4852,6,FALSE),VLOOKUP(B301,'SINAPI INSUMOS'!$A$2:$F$4852,5,FALSE)),\"VERIFICAR\"))","v":349.72},1.39]
["Composição Auxiliar",88240,"SINAPI","AJUDANTE DE ESTRUTURA METÁLICA COM ENCARGOS COMPLEMENTARES","SEDI - SERVIÇOS DIVERSOS","H",4.4000000000000003E-3,{"$f":"IF(A302=\"Composição Auxiliar\",VLOOKUP(B302,'SINAPI COMPOSIÇÃO'!$A$2:$E$10256,4,FALSE),IF(A302=\"Insumo\",IF(VLOOKUP(B302,'SINAPI INSUMOS'!$A$2:$F$4852,5,FALSE)=OR(\"\",0),VLOOKUP(B302,'SINAPI INSUMOS'!$A$2:$F$4852,6,FALSE),VLOOKUP(B302,'SINAPI INSUMOS'!$A$2:$F$4852,5,FALSE)),\"VERIFICAR\"))","v":22.12},0.09]
["Composição Auxiliar",100719,"SINAPI","PINTURA COM TINTA ALQUÍDICA DE FUNDO (TIPO ZARCÃO) PULVERIZADA SOBRE PERFIL METÁLICO EXECUTADO EM FÁBRICA (POR DEMÃO). AF_01/2020_PE","PINT - PINTURAS","m²",3.5799999999999998E-2,{"$f":"IF(A303=\"Composição Auxiliar\",VLOOKUP(B303,'SINAPI COMPOSIÇÃO'!$A$2:$E$10256,4,FALSE),IF(A303=\"Insumo\",IF(VLOOKUP(B303,'SINAPI INSUMOS'!$A$2:$F$4852,5,FALSE)=OR(\"\",0),VLOOKUP(B303,'SINAPI INSUMOS'!$A$2:$F$4852,6,FALSE),VLOOKUP(B303,'SINAPI INSUMOS'!$A$2:$F$4852,5,FALSE)),\"VERIFICAR\"))","v":10.16},0.36]
["Composição Auxiliar",100716,"SINAPI","JATEAMENTO ABRASIVO COM GRANALHA DE AÇO EM PERFIL METÁLICO EM FÁBRICA. AF_01/2020","PINT - PINTURAS","m²",3.5799999999999998E-2,{"$f":"IF(A304=\"Composição Auxiliar\",VLOOKUP(B304,'SINAPI COMPOSIÇÃO'!$A$2:$E$10256,4,FALSE),IF(A304=\"Insumo\",IF(VLOOKUP(B304,'SINAPI INSUMOS'!$A$2:$F$4852,5,FALSE)=OR(\"\",0),VLOOKUP(B304,'SINAPI INSUMOS'!$A$2:$F$4852,6,FALSE),VLOOKUP(B304,'SINAPI INSUMOS'!$A$2:$F$4852,5,FALSE)),\"VERIFICAR\"))","v":23.21},0.83]
["Insumo",10997,"SINAPI","ELETRODO REVESTIDO AWS - E7018, DIAMETRO IGUAL A 4,00 MM","Material","KG",1.5E-3,{"$f":"IF(A305=\"Composição Auxiliar\",VLOOKUP(B305,'SINAPI COMPOSIÇÃO'!$A$2:$E$10256,4,FALSE),IF(A305=\"Insumo\",IF(VLOOKUP(B305,'SINAPI INSUMOS'!$A$2:$F$4852,5,FALSE)=OR(\"\",0),VLOOKUP(B305,'SINAPI INSUMOS'!$A$2:$F$4852,6,FALSE),VLOOKUP(B305,'SINAPI INSUMOS'!$A$2:$F$4852,5,FALSE)),\"VERIFICAR\"))","v":23.89},0.03]
["Insumo","PREÇO DE MERCADO 12","Próprio","PERFIL \"I\" DE ACO LAMINADO W 310 x  32.7 - REF A572 GR. 50","Material","KG",1,{"$f":"'COT ORÇAMENTO AÇO LAMINADO'!L37","v":9.629999999999999},9.6300000000000008]
["Insumo",4777,"SINAPI","CANTONEIRA ACO ABAS IGUAIS (QUALQUER BITOLA), ESPESSURA ENTRE 1/8\" E 1/4\"","Material","KG",2.8000000000000001E-2,{"$f":"IF(A307=\"Composição Auxiliar\",VLOOKUP(B307,'SINAPI COMPOSIÇÃO'!$A$2:$E$10256,4,FALSE),IF(A307=\"Insumo\",IF(VLOOKUP(B307,'SINAPI INSUMOS'!$A$2:$F$4852,5,FALSE)=OR(\"\",0),VLOOKUP(B307,'SINAPI INSUMOS'!$A$2:$F$4852,6,FALSE),VLOOKUP(B307,'SINAPI INSUMOS'!$A$2:$F$4852,5,FALSE)),\"VERIFICAR\"))","v":8.02},0.22]
["4.10","Código","Banco","Descrição","Tipo","Und","Quant.","Valor Unit","Total"]
["Composição","COMP. SEDE  13","Próprio","PILAR METÁLICO PERFIL LAMINADO/SOLDADO, W 310 x 23.8, EM AÇO ESTRUTURAL, COM CONEXÕES PARAFUSADAS, INCLUSOS MÃO DE OBRA, TRANSPORTE, IÇAMENTO UTILIZANDO GUINDASTE E CONEXÕES - FORNECIMENTO E INSTALAÇÃO.","FUES - FUNDAÇÕES E ESTRUTURAS","KG",1,{"$f":"I309","v":16.07},{"$f":"SUM(I310:I319)","v":16.07}]
["Composição Auxiliar",93288,"SINAPI","GUINDASTE HIDRÁULICO AUTOPROPELIDO, COM LANÇA TELESCÓPICA 40 M, CAPACIDADE MÁXIMA 60 T, POTÊNCIA 260 KW - CHI DIURNO. AF_03/2016","CHOR - CUSTOS HORÁRIOS DE MÁQUINAS E EQUIPAMENTOS","CHI",2.2700000000000001E-2,{"$f":"IF(A310=\"Composição Auxiliar\",VLOOKUP(B310,'SINAPI COMPOSIÇÃO'!$A$2:$E$10256,4,FALSE),IF(A310=\"Insumo\",IF(VLOOKUP(B310,'SINAPI INSUMOS'!$A$2:$F$4852,5,FALSE)=OR(\"\",0),VLOOKUP(B310,'SINAPI INSUMOS'!$A$2:$F$4852,6,FALSE),VLOOKUP(B310,'SINAPI INSUMOS'!$A$2:$F$4852,5,FALSE)),\"VERIFICAR\"))","v":176.03},{"$f":"TRUNC(G310*H310,2)","v":3.99}]
["Composição Auxiliar",100716,"SINAPI","JATEAMENTO ABRASIVO COM GRANALHA DE AÇO EM PERFIL METÁLICO EM FÁBRICA. AF_01/2020","PINT - PINTURAS","m²",2.2700000000000001E-2,{"$f":"IF(A311=\"Composição Auxiliar\",VLOOKUP(B311,'SINAPI COMPOSIÇÃO'!$A$2:$E$10256,4,FALSE),IF(A311=\"Insumo\",IF(VLOOKUP(B311,'SINAPI INSUMOS'!$A$2:$F$4852,5,FALSE)=OR(\"\",0),VLOOKUP(B311,'SINAPI INSUMOS'!$A$2:$F$4852,6,FALSE),VLOOKUP(B311,'SINAPI INSUMOS'!$A$2:$F$4852,5,FALSE)),\"VERIFICAR\"))","v":23.21},0.52]
["Composição Auxiliar",88240,"SINAPI","AJUDANTE DE ESTRUTURA METÁLICA COM ENCARGOS COMPLEMENTARES","SEDI - SERVIÇOS DIVERSOS","H",1.5E-3,{"$f":"IF(A312=\"Composição Auxiliar\",VLOOKUP(B312,'SINAPI COMPOSIÇÃO'!$A$2:$E$10256,4,FALSE),IF(A312=\"Insumo\",IF(VLOOKUP(B312,'SINAPI INSUMOS'!$A$2:$F$4852,5,FALSE)=OR(\"\",0),VLOOKUP(B312,'SINAPI INSUMOS'!$A$2:$F$4852,6,FALSE),VLOOKUP(B312,'SINAPI INSUMOS'!$A$2:$F$4852,5,FALSE)),\"VERIFICAR\"))","v":22.12},0.03]
["Composição Auxiliar",93287,"SINAPI","GUINDASTE HIDRÁULICO AUTOPROPELIDO, COM LANÇA TELESCÓPICA 40 M, CAPACIDADE MÁXIMA 60 T, POTÊNCIA 260 KW - CHP DIURNO. AF_03/2016","CHOR - CUSTOS HORÁRIOS DE MÁQUINAS E EQUIPAMENTOS","CHP",1.5E-3,{"$f":"IF(A313=\"Composição Auxiliar\",VLOOKUP(B313,'SINAPI COMPOSIÇÃO'!$A$2:$E$10256,4,FALSE),IF(A313=\"Insumo\",IF(VLOOKUP(B313,'SINAPI INSUMOS'!$A$2:$F$4852,5,FALSE)=OR(\"\",0),VLOOKUP(B313,'SINAPI INSUMOS'!$A$2:$F$4852,6,FALSE),VLOOKUP(B313,'SINAPI INSUMOS'!$A$2:$F$4852,5,FALSE)),\"VERIFICAR\"))","v":349.72},0.52]
["Composição Auxiliar",88278,"SINAPI","MONTADOR DE ESTRUTURA METÁLICA COM ENCARGOS COMPLEMENTARES","SEDI - SERVIÇOS DIVERSOS","H",1.4999999999999999E-2,{"$f":"IF(A314=\"Composição Auxiliar\",VLOOKUP(B314,'SINAPI COMPOSIÇÃO'!$A$2:$E$10256,4,FALSE),IF(A314=\"Insumo\",IF(VLOOKUP(B314,'SINAPI INSUMOS'!$A$2:$F$4852,5,FALSE)=OR(\"\",0),VLOOKUP(B314,'SINAPI INSUMOS'!$A$2:$F$4852,6,FALSE),VLOOKUP(B314,'SINAPI INSUMOS'!$A$2:$F$4852,5,FALSE)),\"VERIFICAR\"))","v":23.96},0.35]
["Composição Auxiliar",100719,"SINAPI","PINTURA COM TINTA ALQUÍDICA DE FUNDO (TIPO ZARCÃO) PULVERIZADA SOBRE PERFIL METÁLICO EXECUTADO EM FÁBRICA (POR DEMÃO). AF_01/2020_PE","PINT - PINTURAS","m²",2.2700000000000001E-2,{"$f":"IF(A315=\"Composição Auxiliar\",VLOOKUP(B315,'SINAPI COMPOSIÇÃO'!$A$2:$E$10256,4,FALSE),IF(A315=\"Insumo\",IF(VLOOKUP(B315,'SINAPI INSUMOS'!$A$2:$F$4852,5,FALSE)=OR(\"\",0),VLOOKUP(B315,'SINAPI INSUMOS'!$A$2:$F$4852,6,FALSE),VLOOKUP(B315,'SINAPI INSUMOS'!$A$2:$F$4852,5,FALSE)),\"VERIFICAR\"))","v":10.16},0.23]
["Insumo","PREÇO DE MERCADO 13","Próprio","PERFIL \"I\" DE ACO LAMINADO, \"W\" 310 X 23.8, REF A572 GR. 50","Material","KG",1,{"$f":"'COT ORÇAMENTO AÇO LAMINADO'!L37","v":9.629999999999999},9.6300000000000008]
["Insumo",442,"SINAPI","PARAFUSO FRANCES M16 EM ACO GALVANIZADO, COMPRIMENTO = 45 MM, DIAMETRO = 16 MM, CABECA ABAULADA","Material","UN",5.0999999999999997E-2,{"$f":"IF(A317=\"Composição Auxiliar\",VLOOKUP(B317,'SINAPI COMPOSIÇÃO'!$A$2:$E$10256,4,FALSE),IF(A317=\"Insumo\",IF(VLOOKUP(B317,'SINAPI INSUMOS'!$A$2:$F$4852,5,FALSE)=OR(\"\",0),VLOOKUP(B317,'SINAPI INSUMOS'!$A$2:$F$4852,6,FALSE),VLOOKUP(B317,'SINAPI INSUMOS'!$A$2:$F$4852,5,FALSE)),\"VERIFICAR\"))","v":6.47},0.32]
["Insumo",1333,"SINAPI","CHAPA DE ACO GROSSA, ASTM A36, E = 1/2\" (12,70 MM) 99,59 KG/M2","Material","KG",5.5E-2,{"$f":"IF(A318=\"Composição Auxiliar\",VLOOKUP(B318,'SINAPI COMPOSIÇÃO'!$A$2:$E$10256,4,FALSE),IF(A318=\"Insumo\",IF(VLOOKUP(B318,'SINAPI INSUMOS'!$A$2:$F$4852,5,FALSE)=OR(\"\",0),VLOOKUP(B318,'SINAPI INSUMOS'!$A$2:$F$4852,6,FALSE),VLOOKUP(B318,'SINAPI INSUMOS'!$A$2:$F$4852,5,FALSE)),\"VERIFICAR\"))","v":8.84},0.48]
["4.11","Código","Banco","Descrição","Tipo","Und","Quant.","Valor Unit","Total"]
["Composição","COMP. SEDE  14","Próprio","VIGA METÁLICA EM PERFIL W 250 x80, LAMINADO OU SOLDADO, EM AÇO ESTRUTURAL, COM CONEXÕES SOLDADAS, INCLUSOS MÃO DE OBRA, TRANSPORTE E IÇAMENTO UTILIZANDO GUINDASTE - FORNECIMENTO E INSTALAÇÃO. AF_01/2020_P","FUES - FUNDAÇÕES E ESTRUTURAS","KG",1,{"$f":"I320","v":14.050000000000002},{"$f":"SUM(I321:I330)","v":14.050000000000002}]
["Composição Auxiliar",100716,"SINAPI","JATEAMENTO ABRASIVO COM GRANALHA DE AÇO EM PERFIL METÁLICO EM FÁBRICA. AF_01/2020","PINT - PINTURAS","m²",3.5799999999999998E-2,{"$f":"IF(A321=\"Composição Auxiliar\",VLOOKUP(B321,'SINAPI COMPOSIÇÃO'!$A$2:$E$10256,4,FALSE),IF(A321=\"Insumo\",IF(VLOOKUP(B321,'SINAPI INSUMOS'!$A$2:$F$4852,5,FALSE)=OR(\"\",0),VLOOKUP(B321,'SINAPI INSUMOS'!$A$2:$F$4852,6,FALSE),VLOOKUP(B321,'SINAPI INSUMOS'!$A$2:$F$4852,5,FALSE)),\"VERIFICAR\"))","v":23.21},{"$f":"TRUNC(G321*H321,2)","v":0.83}]
["Composição Auxiliar",93287,"SINAPI","GUINDASTE HIDRÁULICO AUTOPROPELIDO, COM LANÇA TELESCÓPICA 40 M, CAPACIDADE MÁXIMA 60 T, POTÊNCIA 260 KW - CHP DIURNO. AF_03/2016","CHOR - CUSTOS HORÁRIOS DE MÁQUINAS E EQUIPAMENTOS","CHP",4.0000000000000001E-3,{"$f":"IF(A322=\"Composição Auxiliar\",VLOOKUP(B322,'SINAPI COMPOSIÇÃO'!$A$2:$E$10256,4,FALSE),IF(A322=\"Insumo\",IF(VLOOKUP(B322,'SINAPI INSUMOS'!$A$2:$F$4852,5,FALSE)=OR(\"\",0),VLOOKUP(B322,'SINAPI INSUMOS'!$A$2:$F$4852,6,FALSE),VLOOKUP(B322,'SINAPI INSUMOS'!$A$2:$F$4852,5,FALSE)),\"VERIFICAR\"))","v":349.72},1.39]
["Composição Auxiliar",88278,"SINAPI","MONTADOR DE ESTRUTURA METÁLICA COM ENCARGOS COMPLEMENTARES","SEDI - SERVIÇOS DIVERSOS","H",1.4E-2,{"$f":"IF(A323=\"Composição Auxiliar\",VLOOKUP(B323,'SINAPI COMPOSIÇÃO'!$A$2:$E$10256,4,FALSE),IF(A323=\"Insumo\",IF(VLOOKUP(B323,'SINAPI INSUMOS'!$A$2:$F$4852,5,FALSE)=OR(\"\",0),VLOOKUP(B323,'SINAPI INSUMOS'!$A$2:$F$4852,6,FALSE),VLOOKUP(B323,'SINAPI INSUMOS'!$A$2:$F$4852,5,FALSE)),\"VERIFICAR\"))","v":23.96},0.33]
["Composição Auxiliar",93288,"SINAPI","GUINDASTE HIDRÁULICO AUTOPROPELIDO, COM LANÇA TELESCÓPICA 40 M, CAPACIDADE MÁXIMA 60 T, POTÊNCIA 260 KW - CHI DIURNO. AF_03/2016","CHOR - CUSTOS HORÁRIOS DE MÁQUINAS E EQUIPAMENTOS","CHI",3.7000000000000002E-3,{"$f":"IF(A324=\"Composição Auxiliar\",VLOOKUP(B324,'SINAPI COMPOSIÇÃO'!$A$2:$E$10256,4,FALSE),IF(A324=\"Insumo\",IF(VLOOKUP(B324,'SINAPI INSUMOS'!$A$2:$F$4852,5,FALSE)=OR(\"\",0),VLOOKUP(B324,'SINAPI INSUMOS'!$A$2:$F$4852,6,FALSE),VLOOKUP(B324,'SINAPI INSUMOS'!$A$2:$F$4852,5,FALSE)),\"VERIFICAR\"))","v":176.03},0.65]
["Composição Auxiliar",88240,"SINAPI","AJUDANTE DE ESTRUTURA METÁLICA COM ENCARGOS COMPLEMENTARES","SEDI - SERVIÇOS DIVERSOS","H",4.4000000000000003E-3,{"$f":"IF(A325=\"Composição Auxiliar\",VLOOKUP(B325,'SINAPI COMPOSIÇÃO'!$A$2:$E$10256,4,FALSE),IF(A325=\"Insumo\",IF(VLOOKUP(B325,'SINAPI INSUMOS'!$A$2:$F$4852,5,FALSE)=OR(\"\",0),VLOOKUP(B325,'SINAPI INSUMOS'!$A$2:$F$4852,6,FALSE),VLOOKUP(B325,'SINAPI INSUMOS'!$A$2:$F$4852,5,FALSE)),\"VERIFICAR\"))","v":22.12},0.09]
["Composição Auxiliar",88317,"SINAPI","SOLDADOR COM ENCARGOS COMPLEMENTARES","SEDI - SERVIÇOS DIVERSOS","H",1.8100000000000002E-2,{"$f":"IF(A326=\"Composição Auxiliar\",VLOOKUP(B326,'SINAPI COMPOSIÇÃO'!$A$2:$E$10256,4,FALSE),IF(A326=\"Insumo\",IF(VLOOKUP(B326,'SINAPI INSUMOS'!$A$2:$F$4852,5,FALSE)=OR(\"\",0),VLOOKUP(B326,'SINAPI INSUMOS'!$A$2:$F$4852,6,FALSE),VLOOKUP(B326,'SINAPI INSUMOS'!$A$2:$F$4852,5,FALSE)),\"VERIFICAR\"))","v":28.9},0.52]
["Composição Auxiliar",100719,"SINAPI","PINTURA COM TINTA ALQUÍDICA DE FUNDO (TIPO ZARCÃO) PULVERIZADA SOBRE PERFIL METÁLICO EXECUTADO EM FÁBRICA (POR DEMÃO). AF_01/2020_PE","PINT - PINTURAS","m²",3.5799999999999998E-2,{"$f":"IF(A327=\"Composição Auxiliar\",VLOOKUP(B327,'SINAPI COMPOSIÇÃO'!$A$2:$E$10256,4,FALSE),IF(A327=\"Insumo\",IF(VLOOKUP(B327,'SINAPI INSUMOS'!$A$2:$F$4852,5,FALSE)=OR(\"\",0),VLOOKUP(B327,'SINAPI INSUMOS'!$A$2:$F$4852,6,FALSE),VLOOKUP(B327,'SINAPI INSUMOS'!$A$2:$F$4852,5,FALSE)),\"VERIFICAR\"))","v":10.16},0.36]
["Insumo",10997,"SINAPI","ELETRODO REVESTIDO AWS - E7018, DIAMETRO IGUAL A 4,00 MM","Material","KG",1.5E-3,{"$f":"IF(A328=\"Composição Auxiliar\",VLOOKUP(B328,'SINAPI COMPOSIÇÃO'!$A$2:$E$10256,4,FALSE),IF(A328=\"Insumo\",IF(VLOOKUP(B328,'SINAPI INSUMOS'!$A$2:$F$4852,5,FALSE)=OR(\"\",0),VLOOKUP(B328,'SINAPI INSUMOS'!$A$2:$F$4852,6,FALSE),VLOOKUP(B328,'SINAPI INSUMOS'!$A$2:$F$4852,5,FALSE)),\"VERIFICAR\"))","v":23.89},0.03]
["Insumo","PREÇO DE MERCADO 14","Próprio","PERFIL \"I\" DE ACO LAMINADO W 250 x  80 - REF A572 GR. 50","Material","KG",1,{"$f":"'COT ORÇAMENTO AÇO LAMINADO'!L37","v":9.629999999999999},9.6300000000000008]
["Insumo",4777,"SINAPI","CANTONEIRA ACO ABAS IGUAIS (QUALQUER BITOLA), ESPESSURA ENTRE 1/8\" E 1/4\"","Material","KG",2.8000000000000001E-2,{"$f":"IF(A330=\"Composição Auxiliar\",VLOOKUP(B330,'SINAPI COMPOSIÇÃO'!$A$2:$E$10256,4,FALSE),IF(A330=\"Insumo\",IF(VLOOKUP(B330,'SINAPI INSUMOS'!$A$2:$F$4852,5,FALSE)=OR(\"\",0),VLOOKUP(B330,'SINAPI INSUMOS'!$A$2:$F$4852,6,FALSE),VLOOKUP(B330,'SINAPI INSUMOS'!$A$2:$F$4852,5,FALSE)),\"VERIFICAR\"))","v":8.02},0.22]
["4.12","Código","Banco","Descrição","Tipo","Und","Quant.","Valor Unit","Total"]
["Composição","COMP. SEDE  15","Próprio","VIGA METÁLICA EM PERFIL W 250 x22.3, LAMINADO OU SOLDADO, EM AÇO ESTRUTURAL, COM CONEXÕES SOLDADAS, INCLUSOS MÃO DE OBRA, TRANSPORTE E IÇAMENTO UTILIZANDO GUINDASTE - FORNECIMENTO E INSTALAÇÃO. AF_01/2020_P","FUES - FUNDAÇÕES E ESTRUTURAS","KG",1,{"$f":"I332","v":14.049999999999999},{"$f":"SUM(I333:I342)","v":14.049999999999999}]
["Composição Auxiliar",93287,"SINAPI","GUINDASTE HIDRÁULICO AUTOPROPELIDO, COM LANÇA TELESCÓPICA 40 M, CAPACIDADE MÁXIMA 60 T, POTÊNCIA 260 KW - CHP DIURNO. AF_03/2016","CHOR - CUSTOS HORÁRIOS DE MÁQUINAS E EQUIPAMENTOS","CHP",4.0000000000000001E-3,{"$f":"IF(A333=\"Composição Auxiliar\",VLOOKUP(B333,'SINAPI COMPOSIÇÃO'!$A$2:$E$10256,4,FALSE),IF(A333=\"Insumo\",IF(VLOOKUP(B333,'SINAPI INSUMOS'!$A$2:$F$4852,5,FALSE)=OR(\"\",0),VLOOKUP(B333,'SINAPI INSUMOS'!$A$2:$F$4852,6,FALSE),VLOOKUP(B333,'SINAPI INSUMOS'!$A$2:$F$4852,5,FALSE)),\"VERIFICAR\"))","v":349.72},{"$f":"TRUNC(G333*H333,2)","v":1.39}]
["Composição Auxiliar",93288,"SINAPI","GUINDASTE HIDRÁULICO AUTOPROPELIDO, COM LANÇA TELESCÓPICA 40 M, CAPACIDADE MÁXIMA 60 T, POTÊNCIA 260 KW - CHI DIURNO. AF_03/2016","CHOR - CUSTOS HORÁRIOS DE MÁQUINAS E EQUIPAMENTOS","CHI",3.7000000000000002E-3,{"$f":"IF(A334=\"Composição Auxiliar\",VLOOKUP(B334,'SINAPI COMPOSIÇÃO'!$A$2:$E$10256,4,FALSE),IF(A334=\"Insumo\",IF(VLOOKUP(B334,'SINAPI INSUMOS'!$A$2:$F$4852,5,FALSE)=OR(\"\",0),VLOOKUP(B334,'SINAPI INSUMOS'!$A$2:$F$4852,6,FALSE),VLOOKUP(B334,'SINAPI INSUMOS'!$A$2:$F$4852,5,FALSE)),\"VERIFICAR\"))","v":176.03},0.65]
["Composição Auxiliar",88278,"SINAPI","MONTADOR DE ESTRUTURA METÁLICA COM ENCARGOS COMPLEMENTARES","SEDI - SERVIÇOS DIVERSOS","H",1.4E-2,{"$f":"IF(A335=\"Composição Auxiliar\",VLOOKUP(B335,'SINAPI COMPOSIÇÃO'!$A$2:$E$10256,4,FALSE),IF(A335=\"Insumo\",IF(VLOOKUP(B335,'SINAPI INSUMOS'!$A$2:$F$4852,5,FALSE)=OR(\"\",0),VLOOKUP(B335,'SINAPI INSUMOS'!$A$2:$F$4852,6,FALSE),VLOOKUP(B335,'SINAPI INSUMOS'!$A$2:$F$4852,5,FALSE)),\"VERIFICAR\"))","v":23.96},0.33]
["Composição Auxiliar",88317,"SINAPI","SOLDADOR COM ENCARGOS COMPLEMENTARES","SEDI - SERVIÇOS DIVERSOS","H",1.8100000000000002E-2,{"$f":"IF(A336=\"Composição Auxiliar\",VLOOKUP(B336,'SINAPI COMPOSIÇÃO'!$A$2:$E$10256,4,FALSE),IF(A336=\"Insumo\",IF(VLOOKUP(B336,'SINAPI INSUMOS'!$A$2:$F$4852,5,FALSE)=OR(\"\",0),VLOOKUP(B336,'SINAPI INSUMOS'!$A$2:$F$4852,6,FALSE),VLOOKUP(B336,'SINAPI INSUMOS'!$A$2:$F$4852,5,FALSE)),\"VERIFICAR\"))","v":28.9},0.52]
["Composição Auxiliar",100716,"SINAPI","JATEAMENTO ABRASIVO COM GRANALHA DE AÇO EM PERFIL METÁLICO EM FÁBRICA. AF_01/2020","PINT - PINTURAS","m²",3.5799999999999998E-2,{"$f":"IF(A337=\"Composição Auxiliar\",VLOOKUP(B337,'SINAPI COMPOSIÇÃO'!$A$2:$E$10256,4,FALSE),IF(A337=\"Insumo\",IF(VLOOKUP(B337,'SINAPI INSUMOS'!$A$2:$F$4852,5,FALSE)=OR(\"\",0),VLOOKUP(B337,'SINAPI INSUMOS'!$A$2:$F$4852,6,FALSE),VLOOKUP(B337,'SINAPI INSUMOS'!$A$2:$F$4852,5,FALSE)),\"VERIFICAR\"))","v":23.21},0.83]
["Composição Auxiliar",88240,"SINAPI","AJUDANTE DE ESTRUTURA METÁLICA COM ENCARGOS COMPLEMENTARES","SEDI - SERVIÇOS DIVERSOS","H",4.4000000000000003E-3,{"$f":"IF(A338=\"Composição Auxiliar\",VLOOKUP(B338,'SINAPI COMPOSIÇÃO'!$A$2:$E$10256,4,FALSE),IF(A338=\"Insumo\",IF(VLOOKUP(B338,'SINAPI INSUMOS'!$A$2:$F$4852,5,FALSE)=OR(\"\",0),VLOOKUP(B338,'SINAPI INSUMOS'!$A$2:$F$4852,6,FALSE),VLOOKUP(B338,'SINAPI INSUMOS'!$A$2:$F$4852,5,FALSE)),\"VERIFICAR\"))","v":22.12},0.09]
["Composição Auxiliar",100719,"SINAPI","PINTURA COM TINTA ALQUÍDICA DE FUNDO (TIPO ZARCÃO) PULVERIZADA SOBRE PERFIL METÁLICO EXECUTADO EM FÁBRICA (POR DEMÃO). AF_01/2020_PE","PINT - PINTURAS","m²",3.5799999999999998E-2,{"$f":"IF(A339=\"Composição Auxiliar\",VLOOKUP(B339,'SINAPI COMPOSIÇÃO'!$A$2:$E$10256,4,FALSE),IF(A339=\"Insumo\",IF(VLOOKUP(B339,'SINAPI INSUMOS'!$A$2:$F$4852,5,FALSE)=OR(\"\",0),VLOOKUP(B339,'SINAPI INSUMOS'!$A$2:$F$4852,6,FALSE),VLOOKUP(B339,'SINAPI INSUMOS'!$A$2:$F$4852,5,FALSE)),\"VERIFICAR\"))","v":10.16},0.36]
["Insumo",4777,"SINAPI","CANTONEIRA ACO ABAS IGUAIS (QUALQUER BITOLA), ESPESSURA ENTRE 1/8\" E 1/4\"","Material","KG",2.8000000000000001E-2,{"$f":"IF(A340=\"Composição Auxiliar\",VLOOKUP(B340,'SINAPI COMPOSIÇÃO'!$A$2:$E$10256,4,FALSE),IF(A340=\"Insumo\",IF(VLOOKUP(B340,'SINAPI INSUMOS'!$A$2:$F$4852,5,FALSE)=OR(\"\",0),VLOOKUP(B340,'SINAPI INSUMOS'!$A$2:$F$4852,6,FALSE),VLOOKUP(B340,'SINAPI INSUMOS'!$A$2:$F$4852,5,FALSE)),\"VERIFICAR\"))","v":8.02},0.22]
["Insumo","PREÇO DE MERCADO 15","Próprio","PERFIL \"I\" DE ACO LAMINADO W 250 x  22.3 - REF A572 GR. 50","Material","KG",1,{"$f":"'COT ORÇAMENTO AÇO LAMINADO'!L37","v":9.629999999999999},9.6300000000000008]
["Insumo",10997,"SINAPI","ELETRODO REVESTIDO AWS - E7018, DIAMETRO IGUAL A 4,00 MM","Material","KG",1.5E-3,{"$f":"IF(A342=\"Composição Auxiliar\",VLOOKUP(B342,'SINAPI COMPOSIÇÃO'!$A$2:$E$10256,4,FALSE),IF(A342=\"Insumo\",IF(VLOOKUP(B342,'SINAPI INSUMOS'!$A$2:$F$4852,5,FALSE)=OR(\"\",0),VLOOKUP(B342,'SINAPI INSUMOS'!$A$2:$F$4852,6,FALSE),VLOOKUP(B342,'SINAPI INSUMOS'!$A$2:$F$4852,5,FALSE)),\"VERIFICAR\"))","v":23.89},0.03]
["4.13","Código","Banco","Descrição","Tipo","Und","Quant.","Valor Unit","Total"]
["Composição","COMP. SEDE  16","Próprio","PILAR METÁLICO PERFIL LAMINADO/SOLDADO, W 200 x 19.3 EM AÇO ESTRUTURAL, COM CONEXÕES PARAFUSADAS, INCLUSOS MÃO DE OBRA, TRANSPORTE, IÇAMENTO UTILIZANDO GUINDASTE E CONEXÕES - FORNECIMENTO E INSTALAÇÃO. AF_01/2020_P","FUES - FUNDAÇÕES E ESTRUTURAS","KG",1,{"$f":"I344","v":12.180000000000001},{"$f":"SUM(I345:I354)","v":12.180000000000001}]
["Composição Auxiliar",88240,"SINAPI","AJUDANTE DE ESTRUTURA METÁLICA COM ENCARGOS COMPLEMENTARES","SEDI - SERVIÇOS DIVERSOS","H",1.5E-3,{"$f":"IF(A345=\"Composição Auxiliar\",VLOOKUP(B345,'SINAPI COMPOSIÇÃO'!$A$2:$E$10256,4,FALSE),IF(A345=\"Insumo\",IF(VLOOKUP(B345,'SINAPI INSUMOS'!$A$2:$F$4852,5,FALSE)=OR(\"\",0),VLOOKUP(B345,'SINAPI INSUMOS'!$A$2:$F$4852,6,FALSE),VLOOKUP(B345,'SINAPI INSUMOS'!$A$2:$F$4852,5,FALSE)),\"VERIFICAR\"))","v":22.12},{"$f":"TRUNC(G345*H345,2)","v":0.03}]
["Composição Auxiliar",93287,"SINAPI","GUINDASTE HIDRÁULICO AUTOPROPELIDO, COM LANÇA TELESCÓPICA 40 M, CAPACIDADE MÁXIMA 60 T, POTÊNCIA 260 KW - CHP DIURNO. AF_03/2016","CHOR - CUSTOS HORÁRIOS DE MÁQUINAS E EQUIPAMENTOS","CHP",1.6000000000000001E-3,{"$f":"IF(A346=\"Composição Auxiliar\",VLOOKUP(B346,'SINAPI COMPOSIÇÃO'!$A$2:$E$10256,4,FALSE),IF(A346=\"Insumo\",IF(VLOOKUP(B346,'SINAPI INSUMOS'!$A$2:$F$4852,5,FALSE)=OR(\"\",0),VLOOKUP(B346,'SINAPI INSUMOS'!$A$2:$F$4852,6,FALSE),VLOOKUP(B346,'SINAPI INSUMOS'!$A$2:$F$4852,5,FALSE)),\"VERIFICAR\"))","v":349.72},0.55000000000000004]
["Composição Auxiliar",93288,"SINAPI","GUINDASTE HIDRÁULICO AUTOPROPELIDO, COM LANÇA TELESCÓPICA 40 M, CAPACIDADE MÁXIMA 60 T, POTÊNCIA 260 KW - CHI DIURNO. AF_03/2016","CHOR - CUSTOS HORÁRIOS DE MÁQUINAS E EQUIPAMENTOS","CHI",1.5E-3,{"$f":"IF(A347=\"Composição Auxiliar\",VLOOKUP(B347,'SINAPI COMPOSIÇÃO'!$A$2:$E$10256,4,FALSE),IF(A347=\"Insumo\",IF(VLOOKUP(B347,'SINAPI INSUMOS'!$A$2:$F$4852,5,FALSE)=OR(\"\",0),VLOOKUP(B347,'SINAPI INSUMOS'!$A$2:$F$4852,6,FALSE),VLOOKUP(B347,'SINAPI INSUMOS'!$A$2:$F$4852,5,FALSE)),\"VERIFICAR\"))","v":176.03},0.26]
["Composição Auxiliar",88278,"SINAPI","MONTADOR DE ESTRUTURA METÁLICA COM ENCARGOS COMPLEMENTARES","SEDI - SERVIÇOS DIVERSOS","H",1.4999999999999999E-2,{"$f":"IF(A348=\"Composição Auxiliar\",VLOOKUP(B348,'SINAPI COMPOSIÇÃO'!$A$2:$E$10256,4,FALSE),IF(A348=\"Insumo\",IF(VLOOKUP(B348,'SINAPI INSUMOS'!$A$2:$F$4852,5,FALSE)=OR(\"\",0),VLOOKUP(B348,'SINAPI INSUMOS'!$A$2:$F$4852,6,FALSE),VLOOKUP(B348,'SINAPI INSUMOS'!$A$2:$F$4852,5,FALSE)),\"VERIFICAR\"))","v":23.96},0.35]
["Composição Auxiliar",100716,"SINAPI","JATEAMENTO ABRASIVO COM GRANALHA DE AÇO EM PERFIL METÁLICO EM FÁBRICA. AF_01/2020","PINT - PINTURAS","m²",2.2700000000000001E-2,{"$f":"IF(A349=\"Composição Auxiliar\",VLOOKUP(B349,'SINAPI COMPOSIÇÃO'!$A$2:$E$10256,4,FALSE),IF(A349=\"Insumo\",IF(VLOOKUP(B349,'SINAPI INSUMOS'!$A$2:$F$4852,5,FALSE)=OR(\"\",0),VLOOKUP(B349,'SINAPI INSUMOS'!$A$2:$F$4852,6,FALSE),VLOOKUP(B349,'SINAPI INSUMOS'!$A$2:$F$4852,5,FALSE)),\"VERIFICAR\"))","v":23.21},0.52]
["Composição Auxiliar",100719,"SINAPI","PINTURA COM TINTA ALQUÍDICA DE FUNDO (TIPO ZARCÃO) PULVERIZADA SOBRE PERFIL METÁLICO EXECUTADO EM FÁBRICA (POR DEMÃO). AF_01/2020_PE","PINT - PINTURAS","m²",2.7699999999999999E-2,{"$f":"IF(A350=\"Composição Auxiliar\",VLOOKUP(B350,'SINAPI COMPOSIÇÃO'!$A$2:$E$10256,4,FALSE),IF(A350=\"Insumo\",IF(VLOOKUP(B350,'SINAPI INSUMOS'!$A$2:$F$4852,5,FALSE)=OR(\"\",0),VLOOKUP(B350,'SINAPI INSUMOS'!$A$2:$F$4852,6,FALSE),VLOOKUP(B350,'SINAPI INSUMOS'!$A$2:$F$4852,5,FALSE)),\"VERIFICAR\"))","v":10.16},0.28000000000000003]
["Insumo","PREÇO DE MERCADO 16","Próprio","PERFIL \"I\" DE ACO LAMINADO, \"W\" 200 X 19.3, REF A572 GR. 50","Material","KG",1,{"$f":"'COT ORÇAMENTO AÇO LAMINADO (2)'!L37","v":9.3949999999999996},9.39]
["Insumo",1333,"SINAPI","CHAPA DE ACO GROSSA, ASTM A36, E = 1/2\" (12,70 MM) 99,59 KG/M2","Material","KG",5.5E-2,{"$f":"IF(A352=\"Composição Auxiliar\",VLOOKUP(B352,'SINAPI COMPOSIÇÃO'!$A$2:$E$10256,4,FALSE),IF(A352=\"Insumo\",IF(VLOOKUP(B352,'SINAPI INSUMOS'!$A$2:$F$4852,5,FALSE)=OR(\"\",0),VLOOKUP(B352,'SINAPI INSUMOS'!$A$2:$F$4852,6,FALSE),VLOOKUP(B352,'SINAPI INSUMOS'!$A$2:$F$4852,5,FALSE)),\"VERIFICAR\"))","v":8.84},0.48]
["Insumo",442,"SINAPI","PARAFUSO FRANCES M16 EM ACO GALVANIZADO, COMPRIMENTO = 45 MM, DIAMETRO = 16 MM, CABECA ABAULADA","Material","UN",5.0999999999999997E-2,{"$f":"IF(A353=\"Composição Auxiliar\",VLOOKUP(B353,'SINAPI COMPOSIÇÃO'!$A$2:$E$10256,4,FALSE),IF(A353=\"Insumo\",IF(VLOOKUP(B353,'SINAPI INSUMOS'!$A$2:$F$4852,5,FALSE)=OR(\"\",0),VLOOKUP(B353,'SINAPI INSUMOS'!$A$2:$F$4852,6,FALSE),VLOOKUP(B353,'SINAPI INSUMOS'!$A$2:$F$4852,5,FALSE)),\"VERIFICAR\"))","v":6.47},0.32]
["4.14","Código","Banco","Descrição","Tipo","Und","Quant.","Valor Unit","Total"]
["Composição","COMP. SEDE  17","Próprio","VIGA METÁLICA EM PERFIL W 150 x24, LAMINADO OU SOLDADO, EM AÇO ESTRUTURAL, COM CONEXÕES SOLDADAS, INCLUSOS MÃO DE OBRA, TRANSPORTE E IÇAMENTO UTILIZANDO GUINDASTE - FORNECIMENTO E INSTALAÇÃO. AF_01/2020_P","SEDI - SERVIÇOS DIVERSOS","KG",1,{"$f":"I355","v":13.81},{"$f":"SUM(I356:I365)","v":13.81}]
["Composição Auxiliar",93287,"SINAPI","GUINDASTE HIDRÁULICO AUTOPROPELIDO, COM LANÇA TELESCÓPICA 40 M, CAPACIDADE MÁXIMA 60 T, POTÊNCIA 260 KW - CHP DIURNO. AF_03/2016","CHOR - CUSTOS HORÁRIOS DE MÁQUINAS E EQUIPAMENTOS","CHP",4.0000000000000001E-3,{"$f":"IF(A356=\"Composição Auxiliar\",VLOOKUP(B356,'SINAPI COMPOSIÇÃO'!$A$2:$E$10256,4,FALSE),IF(A356=\"Insumo\",IF(VLOOKUP(B356,'SINAPI INSUMOS'!$A$2:$F$4852,5,FALSE)=OR(\"\",0),VLOOKUP(B356,'SINAPI INSUMOS'!$A$2:$F$4852,6,FALSE),VLOOKUP(B356,'SINAPI INSUMOS'!$A$2:$F$4852,5,FALSE)),\"VERIFICAR\"))","v":349.72},{"$f":"TRUNC(G356*H356,2)","v":1.39}]
["Composição Auxiliar",100716,"SINAPI","JATEAMENTO ABRASIVO COM GRANALHA DE AÇO EM PERFIL METÁLICO EM FÁBRICA. AF_01/2020","PINT - PINTURAS","m²",3.5799999999999998E-2,{"$f":"IF(A357=\"Composição Auxiliar\",VLOOKUP(B357,'SINAPI COMPOSIÇÃO'!$A$2:$E$10256,4,FALSE),IF(A357=\"Insumo\",IF(VLOOKUP(B357,'SINAPI INSUMOS'!$A$2:$F$4852,5,FALSE)=OR(\"\",0),VLOOKUP(B357,'SINAPI INSUMOS'!$A$2:$F$4852,6,FALSE),VLOOKUP(B357,'SINAPI INSUMOS'!$A$2:$F$4852,5,FALSE)),\"VERIFICAR\"))","v":23.21},0.83]
["Composição Auxiliar",88317,"SINAPI","SOLDADOR COM ENCARGOS COMPLEMENTARES","SEDI - SERVIÇOS DIVERSOS","H",1.8100000000000002E-2,{"$f":"IF(A358=\"Composição Auxiliar\",VLOOKUP(B358,'SINAPI COMPOSIÇÃO'!$A$2:$E$10256,4,FALSE),IF(A358=\"Insumo\",IF(VLOOKUP(B358,'SINAPI INSUMOS'!$A$2:$F$4852,5,FALSE)=OR(\"\",0),VLOOKUP(B358,'SINAPI INSUMOS'!$A$2:$F$4852,6,FALSE),VLOOKUP(B358,'SINAPI INSUMOS'!$A$2:$F$4852,5,FALSE)),\"VERIFICAR\"))","v":28.9},0.52]
["Composição Auxiliar",93288,"SINAPI","GUINDASTE HIDRÁULICO AUTOPROPELIDO, COM LANÇA TELESCÓPICA 40 M, CAPACIDADE MÁXIMA 60 T, POTÊNCIA 260 KW - CHI DIURNO. AF_03/2016","CHOR - CUSTOS HORÁRIOS DE MÁQUINAS E EQUIPAMENTOS","CHI",3.7000000000000002E-3,{"$f":"IF(A359=\"Composição Auxiliar\",VLOOKUP(B359,'SINAPI COMPOSIÇÃO'!$A$2:$E$10256,4,FALSE),IF(A359=\"Insumo\",IF(VLOOKUP(B359,'SINAPI INSUMOS'!$A$2:$F$4852,5,FALSE)=OR(\"\",0),VLOOKUP(B359,'SINAPI INSUMOS'!$A$2:$F$4852,6,FALSE),VLOOKUP(B359,'SINAPI INSUMOS'!$A$2:$F$4852,5,FALSE)),\"VERIFICAR\"))","v":176.03},0.65]
["Composição Auxiliar",88278,"SINAPI","MONTADOR DE ESTRUTURA METÁLICA COM ENCARGOS COMPLEMENTARES","SEDI - SERVIÇOS DIVERSOS","H",1.4E-2,{"$f":"IF(A360=\"Composição Auxiliar\",VLOOKUP(B360,'SINAPI COMPOSIÇÃO'!$A$2:$E$10256,4,FALSE),IF(A360=\"Insumo\",IF(VLOOKUP(B360,'SINAPI INSUMOS'!$A$2:$F$4852,5,FALSE)=OR(\"\",0),VLOOKUP(B360,'SINAPI INSUMOS'!$A$2:$F$4852,6,FALSE),VLOOKUP(B360,'SINAPI INSUMOS'!$A$2:$F$4852,5,FALSE)),\"VERIFICAR\"))","v":23.96},0.33]
["Composição Auxiliar",88240,"SINAPI","AJUDANTE DE ESTRUTURA METÁLICA COM ENCARGOS COMPLEMENTARES","SEDI - SERVIÇOS DIVERSOS","H",4.4000000000000003E-3,{"$f":"IF(A361=\"Composição Auxiliar\",VLOOKUP(B361,'SINAPI COMPOSIÇÃO'!$A$2:$E$10256,4,FALSE),IF(A361=\"Insumo\",IF(VLOOKUP(B361,'SINAPI INSUMOS'!$A$2:$F$4852,5,FALSE)=OR(\"\",0),VLOOKUP(B361,'SINAPI INSUMOS'!$A$2:$F$4852,6,FALSE),VLOOKUP(B361,'SINAPI INSUMOS'!$A$2:$F$4852,5,FALSE)),\"VERIFICAR\"))","v":22.12},0.09]
["Composição Auxiliar",100719,"SINAPI","PINTURA COM TINTA ALQUÍDICA DE FUNDO (TIPO ZARCÃO) PULVERIZADA SOBRE PERFIL METÁLICO EXECUTADO EM FÁBRICA (POR DEMÃO). AF_01/2020_PE","PINT - PINTURAS","m²",3.5799999999999998E-2,{"$f":"IF(A362=\"Composição Auxiliar\",VLOOKUP(B362,'SINAPI COMPOSIÇÃO'!$A$2:$E$10256,4,FALSE),IF(A362=\"Insumo\",IF(VLOOKUP(B362,'SINAPI INSUMOS'!$A$2:$F$4852,5,FALSE)=OR(\"\",0),VLOOKUP(B362,'SINAPI INSUMOS'!$A$2:$F$4852,6,FALSE),VLOOKUP(B362,'SINAPI INSUMOS'!$A$2:$F$4852,5,FALSE)),\"VERIFICAR\"))","v":10.16},0.36]
["Insumo","PREÇO DE MERCADO 17","Próprio","PERFIL \"I\" DE ACO LAMINADO W 150 x  24 - REF A572 GR. 50","Material","KG",1,{"$f":"'COT ORÇAMENTO AÇO LAMINADO (2)'!L37","v":9.3949999999999996},9.39]
["Insumo",4777,"SINAPI","CANTONEIRA ACO ABAS IGUAIS (QUALQUER BITOLA), ESPESSURA ENTRE 1/8\" E 1/4\"","Material","KG",2.8000000000000001E-2,{"$f":"IF(A364=\"Composição Auxiliar\",VLOOKUP(B364,'SINAPI COMPOSIÇÃO'!$A$2:$E$10256,4,FALSE),IF(A364=\"Insumo\",IF(VLOOKUP(B364,'SINAPI INSUMOS'!$A$2:$F$4852,5,FALSE)=OR(\"\",0),VLOOKUP(B364,'SINAPI INSUMOS'!$A$2:$F$4852,6,FALSE),VLOOKUP(B364,'SINAPI INSUMOS'!$A$2:$F$4852,5,FALSE)),\"VERIFICAR\"))","v":8.02},0.22]
["Insumo",10997,"SINAPI","ELETRODO REVESTIDO AWS - E7018, DIAMETRO IGUAL A 4,00 MM","Material","KG",1.5E-3,{"$f":"IF(A365=\"Composição Auxiliar\",VLOOKUP(B365,'SINAPI COMPOSIÇÃO'!$A$2:$E$10256,4,FALSE),IF(A365=\"Insumo\",IF(VLOOKUP(B365,'SINAPI INSUMOS'!$A$2:$F$4852,5,FALSE)=OR(\"\",0),VLOOKUP(B365,'SINAPI INSUMOS'!$A$2:$F$4852,6,FALSE),VLOOKUP(B365,'SINAPI INSUMOS'!$A$2:$F$4852,5,FALSE)),\"VERIFICAR\"))","v":23.89},0.03]
["4.15","Código","Banco","Descrição","Tipo","Und","Quant.","Valor Unit","Total"]
["Composição","COMP. SEDE  18","Próprio","PILAR METÁLICO PERFIL LAMINADO/SOLDADO, W 250 x 85 EM AÇO ESTRUTURAL, COM CONEXÕES PARAFUSADAS, INCLUSOS MÃO DE OBRA, TRANSPORTE, IÇAMENTO UTILIZANDO GUINDASTE E CONEXÕES - FORNECIMENTO E INSTALAÇÃO. AF_01/2020_P","SEDI - SERVIÇOS DIVERSOS","KG",1,{"$f":"I367","v":12.370000000000001},{"$f":"SUM(I368:I377)","v":12.370000000000001}]
["Composição Auxiliar",93287,"SINAPI","GUINDASTE HIDRÁULICO AUTOPROPELIDO, COM LANÇA TELESCÓPICA 40 M, CAPACIDADE MÁXIMA 60 T, POTÊNCIA 260 KW - CHP DIURNO. AF_03/2016","CHOR - CUSTOS HORÁRIOS DE MÁQUINAS E EQUIPAMENTOS","CHP",1.6000000000000001E-3,{"$f":"IF(A368=\"Composição Auxiliar\",VLOOKUP(B368,'SINAPI COMPOSIÇÃO'!$A$2:$E$10256,4,FALSE),IF(A368=\"Insumo\",IF(VLOOKUP(B368,'SINAPI INSUMOS'!$A$2:$F$4852,5,FALSE)=OR(\"\",0),VLOOKUP(B368,'SINAPI INSUMOS'!$A$2:$F$4852,6,FALSE),VLOOKUP(B368,'SINAPI INSUMOS'!$A$2:$F$4852,5,FALSE)),\"VERIFICAR\"))","v":349.72},{"$f":"TRUNC(G368*H368,2)","v":0.55000000000000004}]
["Composição Auxiliar",93288,"SINAPI","GUINDASTE HIDRÁULICO AUTOPROPELIDO, COM LANÇA TELESCÓPICA 40 M, CAPACIDADE MÁXIMA 60 T, POTÊNCIA 260 KW - CHI DIURNO. AF_03/2016","CHOR - CUSTOS HORÁRIOS DE MÁQUINAS E EQUIPAMENTOS","CHI",1.5E-3,{"$f":"IF(A369=\"Composição Auxiliar\",VLOOKUP(B369,'SINAPI COMPOSIÇÃO'!$A$2:$E$10256,4,FALSE),IF(A369=\"Insumo\",IF(VLOOKUP(B369,'SINAPI INSUMOS'!$A$2:$F$4852,5,FALSE)=OR(\"\",0),VLOOKUP(B369,'SINAPI INSUMOS'!$A$2:$F$4852,6,FALSE),VLOOKUP(B369,'SINAPI INSUMOS'!$A$2:$F$4852,5,FALSE)),\"VERIFICAR\"))","v":176.03},0.26]
["Composição Auxiliar",100719,"SINAPI","PINTURA COM TINTA ALQUÍDICA DE FUNDO (TIPO ZARCÃO) PULVERIZADA SOBRE PERFIL METÁLICO EXECUTADO EM FÁBRICA (POR DEMÃO). AF_01/2020_PE","PINT - PINTURAS","m²",2.2700000000000001E-2,{"$f":"IF(A370=\"Composição Auxiliar\",VLOOKUP(B370,'SINAPI COMPOSIÇÃO'!$A$2:$E$10256,4,FALSE),IF(A370=\"Insumo\",IF(VLOOKUP(B370,'SINAPI INSUMOS'!$A$2:$F$4852,5,FALSE)=OR(\"\",0),VLOOKUP(B370,'SINAPI INSUMOS'!$A$2:$F$4852,6,FALSE),VLOOKUP(B370,'SINAPI INSUMOS'!$A$2:$F$4852,5,FALSE)),\"VERIFICAR\"))","v":10.16},0.23]
["Composição Auxiliar",88278,"SINAPI","MONTADOR DE ESTRUTURA METÁLICA COM ENCARGOS COMPLEMENTARES","SEDI - SERVIÇOS DIVERSOS","H",1.4999999999999999E-2,{"$f":"IF(A371=\"Composição Auxiliar\",VLOOKUP(B371,'SINAPI COMPOSIÇÃO'!$A$2:$E$10256,4,FALSE),IF(A371=\"Insumo\",IF(VLOOKUP(B371,'SINAPI INSUMOS'!$A$2:$F$4852,5,FALSE)=OR(\"\",0),VLOOKUP(B371,'SINAPI INSUMOS'!$A$2:$F$4852,6,FALSE),VLOOKUP(B371,'SINAPI INSUMOS'!$A$2:$F$4852,5,FALSE)),\"VERIFICAR\"))","v":23.96},0.35]
["Composição Auxiliar",88240,"SINAPI","AJUDANTE DE ESTRUTURA METÁLICA COM ENCARGOS COMPLEMENTARES","SEDI - SERVIÇOS DIVERSOS","H",1.5E-3,{"$f":"IF(A372=\"Composição Auxiliar\",VLOOKUP(B372,'SINAPI COMPOSIÇÃO'!$A$2:$E$10256,4,FALSE),IF(A372=\"Insumo\",IF(VLOOKUP(B372,'SINAPI INSUMOS'!$A$2:$F$4852,5,FALSE)=OR(\"\",0),VLOOKUP(B372,'SINAPI INSUMOS'!$A$2:$F$4852,6,FALSE),VLOOKUP(B372,'SINAPI INSUMOS'!$A$2:$F$4852,5,FALSE)),\"VERIFICAR\"))","v":22.12},0.03]
["Composição Auxiliar",100716,"SINAPI","JATEAMENTO ABRASIVO COM GRANALHA DE AÇO EM PERFIL METÁLICO EM FÁBRICA. AF_01/2020","PINT - PINTURAS","m²",2.2700000000000001E-2,{"$f":"IF(A373=\"Composição Auxiliar\",VLOOKUP(B373,'SINAPI COMPOSIÇÃO'!$A$2:$E$10256,4,FALSE),IF(A373=\"Insumo\",IF(VLOOKUP(B373,'SINAPI INSUMOS'!$A$2:$F$4852,5,FALSE)=OR(\"\",0),VLOOKUP(B373,'SINAPI INSUMOS'!$A$2:$F$4852,6,FALSE),VLOOKUP(B373,'SINAPI INSUMOS'!$A$2:$F$4852,5,FALSE)),\"VERIFICAR\"))","v":23.21},0.52]
["Insumo","PREÇO DE MERCADO 18","Próprio","PERFIL \"H\" DE ACO LAMINADO, \"W\" 250 X 85, REF A572 GR. 50","Material","KG",1,{"$f":"'COT ORÇAMENTO AÇO LAMINADO'!L37","v":9.629999999999999},9.6300000000000008]
["Insumo",1333,"SINAPI","CHAPA DE ACO GROSSA, ASTM A36, E = 1/2\" (12,70 MM) 99,59 KG/M2","Material","KG",5.5E-2,{"$f":"IF(A375=\"Composição Auxiliar\",VLOOKUP(B375,'SINAPI COMPOSIÇÃO'!$A$2:$E$10256,4,FALSE),IF(A375=\"Insumo\",IF(VLOOKUP(B375,'SINAPI INSUMOS'!$A$2:$F$4852,5,FALSE)=OR(\"\",0),VLOOKUP(B375,'SINAPI INSUMOS'!$A$2:$F$4852,6,FALSE),VLOOKUP(B375,'SINAPI INSUMOS'!$A$2:$F$4852,5,FALSE)),\"VERIFICAR\"))","v":8.84},0.48]
["Insumo",442,"SINAPI","PARAFUSO FRANCES M16 EM ACO GALVANIZADO, COMPRIMENTO = 45 MM, DIAMETRO = 16 MM, CABECA ABAULADA","Material","UN",5.0999999999999997E-2,{"$f":"IF(A376=\"Composição Auxiliar\",VLOOKUP(B376,'SINAPI COMPOSIÇÃO'!$A$2:$E$10256,4,FALSE),IF(A376=\"Insumo\",IF(VLOOKUP(B376,'SINAPI INSUMOS'!$A$2:$F$4852,5,FALSE)=OR(\"\",0),VLOOKUP(B376,'SINAPI INSUMOS'!$A$2:$F$4852,6,FALSE),VLOOKUP(B376,'SINAPI INSUMOS'!$A$2:$F$4852,5,FALSE)),\"VERIFICAR\"))","v":6.47},0.32]
["4.16","Código","Banco","Descrição","Tipo","Und","Quant.","Valor Unit","Total"]
["Composição","COMP. SEDE  19","Próprio","PILAR METÁLICO PERFIL LAMINADO/SOLDADO, W 250 x 62 EM AÇO ESTRUTURAL, COM CONEXÕES PARAFUSADAS, INCLUSOS MÃO DE OBRA, TRANSPORTE, IÇAMENTO UTILIZANDO GUINDASTE E CONEXÕES - FORNECIMENTO E INSTALAÇÃO. AF_01/2020_P","SEDI - SERVIÇOS DIVERSOS","KG",1,{"$f":"I378","v":12.05},{"$f":"SUM(I379:I388)","v":12.05}]
["Composição Auxiliar",88240,"SINAPI","AJUDANTE DE ESTRUTURA METÁLICA COM ENCARGOS COMPLEMENTARES","SEDI - SERVIÇOS DIVERSOS","H",1.5E-3,{"$f":"IF(A379=\"Composição Auxiliar\",VLOOKUP(B379,'SINAPI COMPOSIÇÃO'!$A$2:$E$10256,4,FALSE),IF(A379=\"Insumo\",IF(VLOOKUP(B379,'SINAPI INSUMOS'!$A$2:$F$4852,5,FALSE)=OR(\"\",0),VLOOKUP(B379,'SINAPI INSUMOS'!$A$2:$F$4852,6,FALSE),VLOOKUP(B379,'SINAPI INSUMOS'!$A$2:$F$4852,5,FALSE)),\"VERIFICAR\"))","v":22.12},{"$f":"TRUNC(G379*H379,2)","v":0.03}]
["Composição Auxiliar",100719,"SINAPI","PINTURA COM TINTA ALQUÍDICA DE FUNDO (TIPO ZARCÃO) PULVERIZADA SOBRE PERFIL METÁLICO EXECUTADO EM FÁBRICA (POR DEMÃO). AF_01/2020_PE","PINT - PINTURAS","m²",2.2700000000000001E-2,{"$f":"IF(A380=\"Composição Auxiliar\",VLOOKUP(B380,'SINAPI COMPOSIÇÃO'!$A$2:$E$10256,4,FALSE),IF(A380=\"Insumo\",IF(VLOOKUP(B380,'SINAPI INSUMOS'!$A$2:$F$4852,5,FALSE)=OR(\"\",0),VLOOKUP(B380,'SINAPI INSUMOS'!$A$2:$F$4852,6,FALSE),VLOOKUP(B380,'SINAPI INSUMOS'!$A$2:$F$4852,5,FALSE)),\"VERIFICAR\"))","v":10.16},0.23]
["Composição Auxiliar",100716,"SINAPI","JATEAMENTO ABRASIVO COM GRANALHA DE AÇO EM PERFIL METÁLICO EM FÁBRICA. AF_01/2020","PINT - PINTURAS","m²",2.2700000000000001E-2,{"$f":"IF(A381=\"Composição Auxiliar\",VLOOKUP(B381,'SINAPI COMPOSIÇÃO'!$A$2:$E$10256,4,FALSE),IF(A381=\"Insumo\",IF(VLOOKUP(B381,'SINAPI INSUMOS'!$A$2:$F$4852,5,FALSE)=OR(\"\",0),VLOOKUP(B381,'SINAPI INSUMOS'!$A$2:$F$4852,6,FALSE),VLOOKUP(B381,'SINAPI INSUMOS'!$A$2:$F$4852,5,FALSE)),\"VERIFICAR\"))","v":23.21},0.52]
["Composição Auxiliar",93288,"SINAPI","GUINDASTE HIDRÁULICO AUTOPROPELIDO, COM LANÇA TELESCÓPICA 40 M, CAPACIDADE MÁXIMA 60 T, POTÊNCIA 260 KW - CHI DIURNO. AF_03/2016","CHOR - CUSTOS HORÁRIOS DE MÁQUINAS E EQUIPAMENTOS","CHI",1.5E-3,{"$f":"IF(A382=\"Composição Auxiliar\",VLOOKUP(B382,'SINAPI COMPOSIÇÃO'!$A$2:$E$10256,4,FALSE),IF(A382=\"Insumo\",IF(VLOOKUP(B382,'SINAPI INSUMOS'!$A$2:$F$4852,5,FALSE)=OR(\"\",0),VLOOKUP(B382,'SINAPI INSUMOS'!$A$2:$F$4852,6,FALSE),VLOOKUP(B382,'SINAPI INSUMOS'!$A$2:$F$4852,5,FALSE)),\"VERIFICAR\"))","v":176.03},0.26]
["Composição Auxiliar",93287,"SINAPI","GUINDASTE HIDRÁULICO AUTOPROPELIDO, COM LANÇA TELESCÓPICA 40 M, CAPACIDADE MÁXIMA 60 T, POTÊNCIA 260 KW - CHP DIURNO. AF_03/2016","CHOR - CUSTOS HORÁRIOS DE MÁQUINAS E EQUIPAMENTOS","CHP",1.6000000000000001E-3,{"$f":"IF(A383=\"Composição Auxiliar\",VLOOKUP(B383,'SINAPI COMPOSIÇÃO'!$A$2:$E$10256,4,FALSE),IF(A383=\"Insumo\",IF(VLOOKUP(B383,'SINAPI INSUMOS'!$A$2:$F$4852,5,FALSE)=OR(\"\",0),VLOOKUP(B383,'SINAPI INSUMOS'!$A$2:$F$4852,6,FALSE),VLOOKUP(B383,'SINAPI INSUMOS'!$A$2:$F$4852,5,FALSE)),\"VERIFICAR\"))","v":349.72},0.55000000000000004]
["Composição Auxiliar",88278,"SINAPI","MONTADOR DE ESTRUTURA METÁLICA COM ENCARGOS COMPLEMENTARES","SEDI - SERVIÇOS DIVERSOS","H",1.5E-3,{"$f":"IF(A384=\"Composição Auxiliar\",VLOOKUP(B384,'SINAPI COMPOSIÇÃO'!$A$2:$E$10256,4,FALSE),IF(A384=\"Insumo\",IF(VLOOKUP(B384,'SINAPI INSUMOS'!$A$2:$F$4852,5,FALSE)=OR(\"\",0),VLOOKUP(B384,'SINAPI INSUMOS'!$A$2:$F$4852,6,FALSE),VLOOKUP(B384,'SINAPI INSUMOS'!$A$2:$F$4852,5,FALSE)),\"VERIFICAR\"))","v":23.96},0.03]
["Insumo",442,"SINAPI","PARAFUSO FRANCES M16 EM ACO GALVANIZADO, COMPRIMENTO = 45 MM, DIAMETRO = 16 MM, CABECA ABAULADA","Material","UN",5.0999999999999997E-2,{"$f":"IF(A385=\"Composição Auxiliar\",VLOOKUP(B385,'SINAPI COMPOSIÇÃO'!$A$2:$E$10256,4,FALSE),IF(A385=\"Insumo\",IF(VLOOKUP(B385,'SINAPI INSUMOS'!$A$2:$F$4852,5,FALSE)=OR(\"\",0),VLOOKUP(B385,'SINAPI INSUMOS'!$A$2:$F$4852,6,FALSE),VLOOKUP(B385,'SINAPI INSUMOS'!$A$2:$F$4852,5,FALSE)),\"VERIFICAR\"))","v":6.47},0.32]
["Insumo","PREÇO DE MERCADO 19","Próprio","PERFIL \"H\" DE ACO LAMINADO, \"W\" 250 X 62, REF A572 GR. 50","Material","KG",1,{"$f":"'COT ORÇAMENTO AÇO LAMINADO'!L37","v":9.629999999999999},9.6300000000000008]
["Insumo",1333,"SINAPI","CHAPA DE ACO GROSSA, ASTM A36, E = 1/2\" (12,70 MM) 99,59 KG/M2","Material","KG",5.5E-2,{"$f":"IF(A387=\"Composição Auxiliar\",VLOOKUP(B387,'SINAPI COMPOSIÇÃO'!$A$2:$E$10256,4,FALSE),IF(A387=\"Insumo\",IF(VLOOKUP(B387,'SINAPI INSUMOS'!$A$2:$F$4852,5,FALSE)=OR(\"\",0),VLOOKUP(B387,'SINAPI INSUMOS'!$A$2:$F$4852,6,FALSE),VLOOKUP(B387,'SINAPI INSUMOS'!$A$2:$F$4852,5,FALSE)),\"VERIFICAR\"))","v":8.84},0.48]
["4.17","Código","Banco","Descrição","Tipo","Und","Quant.","Valor Unit","Total"]
["Composição","COMP. SEDE  20","Próprio","LAJE STEEL DECK PARA PISO COM CAPA DE CONCRETO FCK 25 MPA, ESPESSURA DA LAJE 15CM, ESPESSURA DA CHAPA 0,95 MM, INCLUSIVE IÇAMENTO COM GUINDASTE. AF_01/2020","SEDI - SERVIÇOS DIVERSOS","M²",1,{"$f":"I389","v":284.84000000000003},{"$f":"SUM(I390:I400)","v":284.84000000000003}]
["Composição Auxiliar",88317,"SINAPI","SOLDADOR COM ENCARGOS COMPLEMENTARES","SEDI - SERVIÇOS DIVERSOS","H",8.3000000000000004E-2,{"$f":"IF(A390=\"Composição Auxiliar\",VLOOKUP(B390,'SINAPI COMPOSIÇÃO'!$A$2:$E$10256,4,FALSE),IF(A390=\"Insumo\",IF(VLOOKUP(B390,'SINAPI INSUMOS'!$A$2:$F$4852,5,FALSE)=OR(\"\",0),VLOOKUP(B390,'SINAPI INSUMOS'!$A$2:$F$4852,6,FALSE),VLOOKUP(B390,'SINAPI INSUMOS'!$A$2:$F$4852,5,FALSE)),\"VERIFICAR\"))","v":28.9},{"$f":"TRUNC(G390*H390,2)","v":2.39}]
["Composição Auxiliar",91598,"SINAPI","ARMAÇÃO DO SISTEMA DE PAREDES DE CONCRETO, EXECUTADA COMO ARMADURA POSITIVA DE LAJES, TELA Q-113. AF_12/2024","FUES - FUNDAÇÕES E ESTRUTURAS","KG",1.8,{"$f":"IF(A391=\"Composição Auxiliar\",VLOOKUP(B391,'SINAPI COMPOSIÇÃO'!$A$2:$E$10256,4,FALSE),IF(A391=\"Insumo\",IF(VLOOKUP(B391,'SINAPI INSUMOS'!$A$2:$F$4852,5,FALSE)=OR(\"\",0),VLOOKUP(B391,'SINAPI INSUMOS'!$A$2:$F$4852,6,FALSE),VLOOKUP(B391,'SINAPI INSUMOS'!$A$2:$F$4852,5,FALSE)),\"VERIFICAR\"))","v":9.31},16.75]
["Composição Auxiliar",93288,"SINAPI","GUINDASTE HIDRÁULICO AUTOPROPELIDO, COM LANÇA TELESCÓPICA 40 M, CAPACIDADE MÁXIMA 60 T, POTÊNCIA 260 KW - CHI DIURNO. AF_03/2016","CHOR - CUSTOS HORÁRIOS DE MÁQUINAS E EQUIPAMENTOS","CHI",1.06E-2,{"$f":"IF(A392=\"Composição Auxiliar\",VLOOKUP(B392,'SINAPI COMPOSIÇÃO'!$A$2:$E$10256,4,FALSE),IF(A392=\"Insumo\",IF(VLOOKUP(B392,'SINAPI INSUMOS'!$A$2:$F$4852,5,FALSE)=OR(\"\",0),VLOOKUP(B392,'SINAPI INSUMOS'!$A$2:$F$4852,6,FALSE),VLOOKUP(B392,'SINAPI INSUMOS'!$A$2:$F$4852,5,FALSE)),\"VERIFICAR\"))","v":176.03},1.86]
["Composição Auxiliar",103675,"SINAPI","CONCRETAGEM DE VIGAS E LAJES, FCK=25 MPA, PARA LAJES MACIÇAS OU NERVURADAS COM USO DE BOMBA - LANÇAMENTO, ADENSAMENTO E ACABAMENTO. AF_02/2022_PS","FUES - FUNDAÇÕES E ESTRUTURAS","m³",0.11700000000000001,{"$f":"IF(A393=\"Composição Auxiliar\",VLOOKUP(B393,'SINAPI COMPOSIÇÃO'!$A$2:$E$10256,4,FALSE),IF(A393=\"Insumo\",IF(VLOOKUP(B393,'SINAPI INSUMOS'!$A$2:$F$4852,5,FALSE)=OR(\"\",0),VLOOKUP(B393,'SINAPI INSUMOS'!$A$2:$F$4852,6,FALSE),VLOOKUP(B393,'SINAPI INSUMOS'!$A$2:$F$4852,5,FALSE)),\"VERIFICAR\"))","v":1049.42},122.78]
["Composição Auxiliar",88278,"SINAPI","MONTADOR DE ESTRUTURA METÁLICA COM ENCARGOS COMPLEMENTARES","SEDI - SERVIÇOS DIVERSOS","H",0.125,{"$f":"IF(A394=\"Composição Auxiliar\",VLOOKUP(B394,'SINAPI COMPOSIÇÃO'!$A$2:$E$10256,4,FALSE),IF(A394=\"Insumo\",IF(VLOOKUP(B394,'SINAPI INSUMOS'!$A$2:$F$4852,5,FALSE)=OR(\"\",0),VLOOKUP(B394,'SINAPI INSUMOS'!$A$2:$F$4852,6,FALSE),VLOOKUP(B394,'SINAPI INSUMOS'!$A$2:$F$4852,5,FALSE)),\"VERIFICAR\"))","v":23.96},2.99]
["Composição Auxiliar",88240,"SINAPI","AJUDANTE DE ESTRUTURA METÁLICA COM ENCARGOS COMPLEMENTARES","SEDI - SERVIÇOS DIVERSOS","H",8.3000000000000004E-2,{"$f":"IF(A395=\"Composição Auxiliar\",VLOOKUP(B395,'SINAPI COMPOSIÇÃO'!$A$2:$E$10256,4,FALSE),IF(A395=\"Insumo\",IF(VLOOKUP(B395,'SINAPI INSUMOS'!$A$2:$F$4852,5,FALSE)=OR(\"\",0),VLOOKUP(B395,'SINAPI INSUMOS'!$A$2:$F$4852,6,FALSE),VLOOKUP(B395,'SINAPI INSUMOS'!$A$2:$F$4852,5,FALSE)),\"VERIFICAR\"))","v":22.12},1.83]
["Composição Auxiliar",93287,"SINAPI","GUINDASTE HIDRÁULICO AUTOPROPELIDO, COM LANÇA TELESCÓPICA 40 M, CAPACIDADE MÁXIMA 60 T, POTÊNCIA 260 KW - CHP DIURNO. AF_03/2016","CHOR - CUSTOS HORÁRIOS DE MÁQUINAS E EQUIPAMENTOS","CHP",1.06E-2,{"$f":"IF(A396=\"Composição Auxiliar\",VLOOKUP(B396,'SINAPI COMPOSIÇÃO'!$A$2:$E$10256,4,FALSE),IF(A396=\"Insumo\",IF(VLOOKUP(B396,'SINAPI INSUMOS'!$A$2:$F$4852,5,FALSE)=OR(\"\",0),VLOOKUP(B396,'SINAPI INSUMOS'!$A$2:$F$4852,6,FALSE),VLOOKUP(B396,'SINAPI INSUMOS'!$A$2:$F$4852,5,FALSE)),\"VERIFICAR\"))","v":349.72},3.7]
["Insumo",11047,"SINAPI","CHAPA DE ACO GALVANIZADA BITOLA GSG 19, E = 1,11 MM (8,88 KG/M2)","Material","KG",7.1999999999999995E-2,{"$f":"IF(A397=\"Composição Auxiliar\",VLOOKUP(B397,'SINAPI COMPOSIÇÃO'!$A$2:$E$10256,4,FALSE),IF(A397=\"Insumo\",IF(VLOOKUP(B397,'SINAPI INSUMOS'!$A$2:$F$4852,5,FALSE)=OR(\"\",0),VLOOKUP(B397,'SINAPI INSUMOS'!$A$2:$F$4852,6,FALSE),VLOOKUP(B397,'SINAPI INSUMOS'!$A$2:$F$4852,5,FALSE)),\"VERIFICAR\"))","v":12.13},0.87]
["Insumo",43124,"SINAPI","CHAPA EM ACO GALVANIZADO PARA STEEL DECK, COM NERVURAS TRAPEZOIDAIS, LARGURA UTIL DE 915 MM E ESPESSURA DE 0,95 MM","Material","m²",1.004,{"$f":"IF(A398=\"Composição Auxiliar\",VLOOKUP(B398,'SINAPI COMPOSIÇÃO'!$A$2:$E$10256,4,FALSE),IF(A398=\"Insumo\",IF(VLOOKUP(B398,'SINAPI INSUMOS'!$A$2:$F$4852,5,FALSE)=OR(\"\",0),VLOOKUP(B398,'SINAPI INSUMOS'!$A$2:$F$4852,6,FALSE),VLOOKUP(B398,'SINAPI INSUMOS'!$A$2:$F$4852,5,FALSE)),\"VERIFICAR\"))","v":104.22},104.63]
["Insumo","M0965","SICRO3","Pino conector de cisalhamento para laje steel deck - D = 19 mm e C = 80 mm","Material","un",3.8690000000000002,{"$f":"VLOOKUP(B399,'SICRO '!A2:D6518,4)","v":6.9314999999999998},26.81]
["Insumo",10997,"SINAPI","ELETRODO REVESTIDO AWS - E7018, DIAMETRO IGUAL A 4,00 MM","Material","KG",0.01,{"$f":"IF(A400=\"Composição Auxiliar\",VLOOKUP(B400,'SINAPI COMPOSIÇÃO'!$A$2:$E$10256,4,FALSE),IF(A400=\"Insumo\",IF(VLOOKUP(B400,'SINAPI INSUMOS'!$A$2:$F$4852,5,FALSE)=OR(\"\",0),VLOOKUP(B400,'SINAPI INSUMOS'!$A$2:$F$4852,6,FALSE),VLOOKUP(B400,'SINAPI INSUMOS'!$A$2:$F$4852,5,FALSE)),\"VERIFICAR\"))","v":23.89},0.23]
["4.18","Código","Banco","Descrição","Tipo","Und","Quant.","Valor Unit","Total"]
["Composição",102074,"SINAPI","ESCADA EM CONCRETO ARMADO MOLDADO IN LOCO, FCK 25 MPA, COM 2 LANCES EM  U  E LAJE PLANA, FÔRMA EM CHAPA DE MADEIRA COMPENSADA RESINADA. AF_11/2020_PA","FUES - FUNDAÇÕES E ESTRUTURAS","m³",1,{"$f":"I402","v":5131.2800000000007},{"$f":"SUM(I403:I406)","v":5131.2800000000007}]
["Composição Auxiliar",95943,"SINAPI","ARMAÇÃO DE ESCADA, DE UMA ESTRUTURA CONVENCIONAL DE CONCRETO ARMADO UTILIZANDO AÇO CA-60 DE 5,0 MM - MONTAGEM. AF_11/2020","FUES - FUNDAÇÕES E ESTRUTURAS","KG",7.84,{"$f":"IF(A403=\"Composição Auxiliar\",VLOOKUP(B403,'SINAPI COMPOSIÇÃO'!$A$2:$E$10256,4,FALSE),IF(A403=\"Insumo\",IF(VLOOKUP(B403,'SINAPI INSUMOS'!$A$2:$F$4852,5,FALSE)=OR(\"\",0),VLOOKUP(B403,'SINAPI INSUMOS'!$A$2:$F$4852,6,FALSE),VLOOKUP(B403,'SINAPI INSUMOS'!$A$2:$F$4852,5,FALSE)),\"VERIFICAR\"))","v":23.02},{"$f":"TRUNC(G403*H403,2)","v":180.47}]
["Composição Auxiliar",95946,"SINAPI","ARMAÇÃO DE ESCADA, DE UMA ESTRUTURA CONVENCIONAL DE CONCRETO ARMADO UTILIZANDO AÇO CA-50 DE 10,0 MM - MONTAGEM. AF_11/2020","FUES - FUNDAÇÕES E ESTRUTURAS","KG",104.16,{"$f":"IF(A404=\"Composição Auxiliar\",VLOOKUP(B404,'SINAPI COMPOSIÇÃO'!$A$2:$E$10256,4,FALSE),IF(A404=\"Insumo\",IF(VLOOKUP(B404,'SINAPI INSUMOS'!$A$2:$F$4852,5,FALSE)=OR(\"\",0),VLOOKUP(B404,'SINAPI INSUMOS'!$A$2:$F$4852,6,FALSE),VLOOKUP(B404,'SINAPI INSUMOS'!$A$2:$F$4852,5,FALSE)),\"VERIFICAR\"))","v":13.78},{"$f":"TRUNC(G404*H404,2)","v":1435.32}]
["Composição Auxiliar",103675,"SINAPI","CONCRETAGEM DE VIGAS E LAJES, FCK=25 MPA, PARA LAJES MACIÇAS OU NERVURADAS COM USO DE BOMBA - LANÇAMENTO, ADENSAMENTO E ACABAMENTO. AF_02/2022_PS","FUES - FUNDAÇÕES E ESTRUTURAS","m³",1,{"$f":"IF(A405=\"Composição Auxiliar\",VLOOKUP(B405,'SINAPI COMPOSIÇÃO'!$A$2:$E$10256,4,FALSE),IF(A405=\"Insumo\",IF(VLOOKUP(B405,'SINAPI INSUMOS'!$A$2:$F$4852,5,FALSE)=OR(\"\",0),VLOOKUP(B405,'SINAPI INSUMOS'!$A$2:$F$4852,6,FALSE),VLOOKUP(B405,'SINAPI INSUMOS'!$A$2:$F$4852,5,FALSE)),\"VERIFICAR\"))","v":1049.42},{"$f":"TRUNC(G405*H405,2)","v":1049.42}]
["Composição Auxiliar",101980,"SINAPI","MONTAGEM E DESMONTAGEM DE FÔRMA PARA ESCADAS, COM 2 LANCES EM \"U\" E LAJE PLANA, EM CHAPA DE MADEIRA COMPENSADA RESINADA, 4 UTILIZAÇÕES. AF_11/2020","FUES - FUNDAÇÕES E ESTRUTURAS","m²",7.85,{"$f":"IF(A406=\"Composição Auxiliar\",VLOOKUP(B406,'SINAPI COMPOSIÇÃO'!$A$2:$E$10256,4,FALSE),IF(A406=\"Insumo\",IF(VLOOKUP(B406,'SINAPI INSUMOS'!$A$2:$F$4852,5,FALSE)=OR(\"\",0),VLOOKUP(B406,'SINAPI INSUMOS'!$A$2:$F$4852,6,FALSE),VLOOKUP(B406,'SINAPI INSUMOS'!$A$2:$F$4852,5,FALSE)),\"VERIFICAR\"))","v":314.14999999999998},{"$f":"TRUNC(G406*H406,2)","v":2466.0700000000002}]
["5",null,null,"ALVENARIAS E DIVISÕES E ACESSÓRIOS"]
["5.1","Código","Banco","Descrição","Tipo","Und","Quant.","Valor Unit","Total"]
["Composição",96358,"SINAPI","PAREDE COM SISTEMA EM CHAPAS DE GESSO PARA DRYWALL, USO INTERNO, COM DUAS FACES SIMPLES E ESTRUTURA METÁLICA COM GUIAS SIMPLES, SEM VÃOS. AF_07/2023_PS","PARE - PAREDES/PAINEIS","m²",1,{"$f":"I409","v":101.27000000000001},{"$f":"SUM(I410:I420)","v":101.27000000000001}]
["Composição Auxiliar",88278,"SINAPI","MONTADOR DE ESTRUTURA METÁLICA COM ENCARGOS COMPLEMENTARES","SEDI - SERVIÇOS DIVERSOS","H",0.52200000000000002,{"$f":"IF(A410=\"Composição Auxiliar\",VLOOKUP(B410,'SINAPI COMPOSIÇÃO'!$A$2:$E$10256,4,FALSE),IF(A410=\"Insumo\",IF(VLOOKUP(B410,'SINAPI INSUMOS'!$A$2:$F$4852,5,FALSE)=OR(\"\",0),VLOOKUP(B410,'SINAPI INSUMOS'!$A$2:$F$4852,6,FALSE),VLOOKUP(B410,'SINAPI INSUMOS'!$A$2:$F$4852,5,FALSE)),\"VERIFICAR\"))","v":23.96},{"$f":"TRUNC(G410*H410,2)","v":12.5}]
["Composição Auxiliar",88316,"SINAPI","SERVENTE COM ENCARGOS COMPLEMENTARES","SEDI - SERVIÇOS DIVERSOS","H",0.17100000000000001,{"$f":"IF(A411=\"Composição Auxiliar\",VLOOKUP(B411,'SINAPI COMPOSIÇÃO'!$A$2:$E$10256,4,FALSE),IF(A411=\"Insumo\",IF(VLOOKUP(B411,'SINAPI INSUMOS'!$A$2:$F$4852,5,FALSE)=OR(\"\",0),VLOOKUP(B411,'SINAPI INSUMOS'!$A$2:$F$4852,6,FALSE),VLOOKUP(B411,'SINAPI INSUMOS'!$A$2:$F$4852,5,FALSE)),\"VERIFICAR\"))","v":21.32},3.64]
["Insumo",39422,"SINAPI","PERFIL MONTANTE, FORMATO C, EM ACO ZINCADO, PARA ESTRUTURA PAREDE DRYWALL, E = 0,5 MM, 70 X 3000 MM (L X C)","Material","M",2.0005999999999999,{"$f":"IF(A412=\"Composição Auxiliar\",VLOOKUP(B412,'SINAPI COMPOSIÇÃO'!$A$2:$E$10256,4,FALSE),IF(A412=\"Insumo\",IF(VLOOKUP(B412,'SINAPI INSUMOS'!$A$2:$F$4852,5,FALSE)=OR(\"\",0),VLOOKUP(B412,'SINAPI INSUMOS'!$A$2:$F$4852,6,FALSE),VLOOKUP(B412,'SINAPI INSUMOS'!$A$2:$F$4852,5,FALSE)),\"VERIFICAR\"))","v":9.99},19.98]
["Insumo",39419,"SINAPI","PERFIL GUIA, FORMATO U, EM ACO ZINCADO, PARA ESTRUTURA PAREDE DRYWALL, E = 0,5 MM, 70 X 3000 MM (L X C)","Material","M",0.76239999999999997,{"$f":"IF(A413=\"Composição Auxiliar\",VLOOKUP(B413,'SINAPI COMPOSIÇÃO'!$A$2:$E$10256,4,FALSE),IF(A413=\"Insumo\",IF(VLOOKUP(B413,'SINAPI INSUMOS'!$A$2:$F$4852,5,FALSE)=OR(\"\",0),VLOOKUP(B413,'SINAPI INSUMOS'!$A$2:$F$4852,6,FALSE),VLOOKUP(B413,'SINAPI INSUMOS'!$A$2:$F$4852,5,FALSE)),\"VERIFICAR\"))","v":8.8000000000000007},6.7]
["Insumo",39435,"SINAPI","PARAFUSO DRY WALL, EM ACO FOSFATIZADO, CABECA TROMBETA E PONTA AGULHA (TA), COMPRIMENTO 25 MM","Material","UN",20.186800000000002,{"$f":"IF(A414=\"Composição Auxiliar\",VLOOKUP(B414,'SINAPI COMPOSIÇÃO'!$A$2:$E$10256,4,FALSE),IF(A414=\"Insumo\",IF(VLOOKUP(B414,'SINAPI INSUMOS'!$A$2:$F$4852,5,FALSE)=OR(\"\",0),VLOOKUP(B414,'SINAPI INSUMOS'!$A$2:$F$4852,6,FALSE),VLOOKUP(B414,'SINAPI INSUMOS'!$A$2:$F$4852,5,FALSE)),\"VERIFICAR\"))","v":0.14000000000000001},2.82]
["Insumo",39434,"SINAPI","MASSA DE REJUNTE EM PO PARA DRYWALL, A BASE DE GESSO, SECAGEM RAPIDA, PARA TRATAMENTO DE JUNTAS DE CHAPA DE GESSO (NECESSITA ADICAO DE AGUA)","Material","KG",1.0978000000000001,{"$f":"IF(A415=\"Composição Auxiliar\",VLOOKUP(B415,'SINAPI COMPOSIÇÃO'!$A$2:$E$10256,4,FALSE),IF(A415=\"Insumo\",IF(VLOOKUP(B415,'SINAPI INSUMOS'!$A$2:$F$4852,5,FALSE)=OR(\"\",0),VLOOKUP(B415,'SINAPI INSUMOS'!$A$2:$F$4852,6,FALSE),VLOOKUP(B415,'SINAPI INSUMOS'!$A$2:$F$4852,5,FALSE)),\"VERIFICAR\"))","v":3.86},4.2300000000000004]
["Insumo",39432,"SINAPI","FITA DE PAPEL REFORCADA COM LAMINA DE METAL PARA REFORCO DE CANTOS DE CHAPA DE GESSO PARA DRYWALL","Material","M",0.74070000000000003,{"$f":"IF(A416=\"Composição Auxiliar\",VLOOKUP(B416,'SINAPI COMPOSIÇÃO'!$A$2:$E$10256,4,FALSE),IF(A416=\"Insumo\",IF(VLOOKUP(B416,'SINAPI INSUMOS'!$A$2:$F$4852,5,FALSE)=OR(\"\",0),VLOOKUP(B416,'SINAPI INSUMOS'!$A$2:$F$4852,6,FALSE),VLOOKUP(B416,'SINAPI INSUMOS'!$A$2:$F$4852,5,FALSE)),\"VERIFICAR\"))","v":3.08},2.2799999999999998]
["Insumo",37586,"SINAPI","PINO DE ACO COM ARRUELA CONICA, DIAMETRO ARRUELA = *23* MM E COMP HASTE = *27* MM (ACAO INDIRETA)","Material","CENTO",2.4799999999999999E-2,{"$f":"IF(A417=\"Composição Auxiliar\",VLOOKUP(B417,'SINAPI COMPOSIÇÃO'!$A$2:$E$10256,4,FALSE),IF(A417=\"Insumo\",IF(VLOOKUP(B417,'SINAPI INSUMOS'!$A$2:$F$4852,5,FALSE)=OR(\"\",0),VLOOKUP(B417,'SINAPI INSUMOS'!$A$2:$F$4852,6,FALSE),VLOOKUP(B417,'SINAPI INSUMOS'!$A$2:$F$4852,5,FALSE)),\"VERIFICAR\"))","v":48.76},1.2]
["Insumo",39413,"SINAPI","PLACA / CHAPA DE GESSO ACARTONADO, STANDARD (ST), COR BRANCA, E = 12,5 MM, 1200 X 2400 MM (L X C)","Material","m²",2.1059999999999999,{"$f":"IF(A418=\"Composição Auxiliar\",VLOOKUP(B418,'SINAPI COMPOSIÇÃO'!$A$2:$E$10256,4,FALSE),IF(A418=\"Insumo\",IF(VLOOKUP(B418,'SINAPI INSUMOS'!$A$2:$F$4852,5,FALSE)=OR(\"\",0),VLOOKUP(B418,'SINAPI INSUMOS'!$A$2:$F$4852,6,FALSE),VLOOKUP(B418,'SINAPI INSUMOS'!$A$2:$F$4852,5,FALSE)),\"VERIFICAR\"))","v":22.27},46.9]
["Insumo",39443,"SINAPI","PARAFUSO DRY WALL, EM ACO ZINCADO, CABECA LENTILHA E PONTA BROCA (LB), LARGURA 4,2 MM, COMPRIMENTO 13 MM","Material","UN",0.4803,{"$f":"IF(A419=\"Composição Auxiliar\",VLOOKUP(B419,'SINAPI COMPOSIÇÃO'!$A$2:$E$10256,4,FALSE),IF(A419=\"Insumo\",IF(VLOOKUP(B419,'SINAPI INSUMOS'!$A$2:$F$4852,5,FALSE)=OR(\"\",0),VLOOKUP(B419,'SINAPI INSUMOS'!$A$2:$F$4852,6,FALSE),VLOOKUP(B419,'SINAPI INSUMOS'!$A$2:$F$4852,5,FALSE)),\"VERIFICAR\"))","v":0.32},0.15]
["Insumo",39431,"SINAPI","FITA DE PAPEL MICROPERFURADO, 50 X 150 MM, PARA TRATAMENTO DE JUNTAS DE CHAPA DE GESSO PARA DRYWALL","Material","M",2.5026999999999999,{"$f":"IF(A420=\"Composição Auxiliar\",VLOOKUP(B420,'SINAPI COMPOSIÇÃO'!$A$2:$E$10256,4,FALSE),IF(A420=\"Insumo\",IF(VLOOKUP(B420,'SINAPI INSUMOS'!$A$2:$F$4852,5,FALSE)=OR(\"\",0),VLOOKUP(B420,'SINAPI INSUMOS'!$A$2:$F$4852,6,FALSE),VLOOKUP(B420,'SINAPI INSUMOS'!$A$2:$F$4852,5,FALSE)),\"VERIFICAR\"))","v":0.35},0.87]
["5.2","Código","Banco","Descrição","Tipo","Und","Quant.","Valor Unit","Total"]
["Composição",96359,"SINAPI","PAREDE COM SISTEMA EM CHAPAS DE GESSO PARA DRYWALL, USO INTERNO, COM DUAS FACES SIMPLES E ESTRUTURA METÁLICA COM GUIAS SIMPLES PARA PAREDES COM ÁREA LÍQUIDA MAIOR OU IGUAL A 6 M2, COM VÃOS. AF_07/2023_PS","PARE - PAREDES/PAINEIS","m²",1,{"$f":"I422","v":114.39},{"$f":"SUM(I423:I433)","v":114.39}]
["Composição Auxiliar",88278,"SINAPI","MONTADOR DE ESTRUTURA METÁLICA COM ENCARGOS COMPLEMENTARES","SEDI - SERVIÇOS DIVERSOS","H",0.59499999999999997,{"$f":"IF(A423=\"Composição Auxiliar\",VLOOKUP(B423,'SINAPI COMPOSIÇÃO'!$A$2:$E$10256,4,FALSE),IF(A423=\"Insumo\",IF(VLOOKUP(B423,'SINAPI INSUMOS'!$A$2:$F$4852,5,FALSE)=OR(\"\",0),VLOOKUP(B423,'SINAPI INSUMOS'!$A$2:$F$4852,6,FALSE),VLOOKUP(B423,'SINAPI INSUMOS'!$A$2:$F$4852,5,FALSE)),\"VERIFICAR\"))","v":23.96},{"$f":"TRUNC(G423*H423,2)","v":14.25}]
["Composição Auxiliar",88316,"SINAPI","SERVENTE COM ENCARGOS COMPLEMENTARES","SEDI - SERVIÇOS DIVERSOS","H",0.19500000000000001,{"$f":"IF(A424=\"Composição Auxiliar\",VLOOKUP(B424,'SINAPI COMPOSIÇÃO'!$A$2:$E$10256,4,FALSE),IF(A424=\"Insumo\",IF(VLOOKUP(B424,'SINAPI INSUMOS'!$A$2:$F$4852,5,FALSE)=OR(\"\",0),VLOOKUP(B424,'SINAPI INSUMOS'!$A$2:$F$4852,6,FALSE),VLOOKUP(B424,'SINAPI INSUMOS'!$A$2:$F$4852,5,FALSE)),\"VERIFICAR\"))","v":21.32},4.1500000000000004]
["Insumo",39419,"SINAPI","PERFIL GUIA, FORMATO U, EM ACO ZINCADO, PARA ESTRUTURA PAREDE DRYWALL, E = 0,5 MM, 70 X 3000 MM (L X C)","Material","M",0.91169999999999995,{"$f":"IF(A425=\"Composição Auxiliar\",VLOOKUP(B425,'SINAPI COMPOSIÇÃO'!$A$2:$E$10256,4,FALSE),IF(A425=\"Insumo\",IF(VLOOKUP(B425,'SINAPI INSUMOS'!$A$2:$F$4852,5,FALSE)=OR(\"\",0),VLOOKUP(B425,'SINAPI INSUMOS'!$A$2:$F$4852,6,FALSE),VLOOKUP(B425,'SINAPI INSUMOS'!$A$2:$F$4852,5,FALSE)),\"VERIFICAR\"))","v":8.8000000000000007},8.02]
["Insumo",39434,"SINAPI","MASSA DE REJUNTE EM PO PARA DRYWALL, A BASE DE GESSO, SECAGEM RAPIDA, PARA TRATAMENTO DE JUNTAS DE CHAPA DE GESSO (NECESSITA ADICAO DE AGUA)","Material","KG",1.0978000000000001,{"$f":"IF(A426=\"Composição Auxiliar\",VLOOKUP(B426,'SINAPI COMPOSIÇÃO'!$A$2:$E$10256,4,FALSE),IF(A426=\"Insumo\",IF(VLOOKUP(B426,'SINAPI INSUMOS'!$A$2:$F$4852,5,FALSE)=OR(\"\",0),VLOOKUP(B426,'SINAPI INSUMOS'!$A$2:$F$4852,6,FALSE),VLOOKUP(B426,'SINAPI INSUMOS'!$A$2:$F$4852,5,FALSE)),\"VERIFICAR\"))","v":3.86},4.2300000000000004]
["Insumo",39435,"SINAPI","PARAFUSO DRY WALL, EM ACO FOSFATIZADO, CABECA TROMBETA E PONTA AGULHA (TA), COMPRIMENTO 25 MM","Material","UN",20.186800000000002,{"$f":"IF(A427=\"Composição Auxiliar\",VLOOKUP(B427,'SINAPI COMPOSIÇÃO'!$A$2:$E$10256,4,FALSE),IF(A427=\"Insumo\",IF(VLOOKUP(B427,'SINAPI INSUMOS'!$A$2:$F$4852,5,FALSE)=OR(\"\",0),VLOOKUP(B427,'SINAPI INSUMOS'!$A$2:$F$4852,6,FALSE),VLOOKUP(B427,'SINAPI INSUMOS'!$A$2:$F$4852,5,FALSE)),\"VERIFICAR\"))","v":0.14000000000000001},2.82]
["Insumo",37586,"SINAPI","PINO DE ACO COM ARRUELA CONICA, DIAMETRO ARRUELA = *23* MM E COMP HASTE = *27* MM (ACAO INDIRETA)","Material","CENTO",2.9600000000000001E-2,{"$f":"IF(A428=\"Composição Auxiliar\",VLOOKUP(B428,'SINAPI COMPOSIÇÃO'!$A$2:$E$10256,4,FALSE),IF(A428=\"Insumo\",IF(VLOOKUP(B428,'SINAPI INSUMOS'!$A$2:$F$4852,5,FALSE)=OR(\"\",0),VLOOKUP(B428,'SINAPI INSUMOS'!$A$2:$F$4852,6,FALSE),VLOOKUP(B428,'SINAPI INSUMOS'!$A$2:$F$4852,5,FALSE)),\"VERIFICAR\"))","v":48.76},1.44]
["Insumo",39431,"SINAPI","FITA DE PAPEL MICROPERFURADO, 50 X 150 MM, PARA TRATAMENTO DE JUNTAS DE CHAPA DE GESSO PARA DRYWALL","Material","M",2.5026999999999999,{"$f":"IF(A429=\"Composição Auxiliar\",VLOOKUP(B429,'SINAPI COMPOSIÇÃO'!$A$2:$E$10256,4,FALSE),IF(A429=\"Insumo\",IF(VLOOKUP(B429,'SINAPI INSUMOS'!$A$2:$F$4852,5,FALSE)=OR(\"\",0),VLOOKUP(B429,'SINAPI INSUMOS'!$A$2:$F$4852,6,FALSE),VLOOKUP(B429,'SINAPI INSUMOS'!$A$2:$F$4852,5,FALSE)),\"VERIFICAR\"))","v":0.35},0.87]
["Insumo",39413,"SINAPI","PLACA / CHAPA DE GESSO ACARTONADO, STANDARD (ST), COR BRANCA, E = 12,5 MM, 1200 X 2400 MM (L X C)","Material","m²",2.1059999999999999,{"$f":"IF(A430=\"Composição Auxiliar\",VLOOKUP(B430,'SINAPI COMPOSIÇÃO'!$A$2:$E$10256,4,FALSE),IF(A430=\"Insumo\",IF(VLOOKUP(B430,'SINAPI INSUMOS'!$A$2:$F$4852,5,FALSE)=OR(\"\",0),VLOOKUP(B430,'SINAPI INSUMOS'!$A$2:$F$4852,6,FALSE),VLOOKUP(B430,'SINAPI INSUMOS'!$A$2:$F$4852,5,FALSE)),\"VERIFICAR\"))","v":22.27},46.9]
["Insumo",39422,"SINAPI","PERFIL MONTANTE, FORMATO C, EM ACO ZINCADO, PARA ESTRUTURA PAREDE DRYWALL, E = 0,5 MM, 70 X 3000 MM (L X C)","Material","M",2.9138999999999999,{"$f":"IF(A431=\"Composição Auxiliar\",VLOOKUP(B431,'SINAPI COMPOSIÇÃO'!$A$2:$E$10256,4,FALSE),IF(A431=\"Insumo\",IF(VLOOKUP(B431,'SINAPI INSUMOS'!$A$2:$F$4852,5,FALSE)=OR(\"\",0),VLOOKUP(B431,'SINAPI INSUMOS'!$A$2:$F$4852,6,FALSE),VLOOKUP(B431,'SINAPI INSUMOS'!$A$2:$F$4852,5,FALSE)),\"VERIFICAR\"))","v":9.99},29.1]
["Insumo",39443,"SINAPI","PARAFUSO DRY WALL, EM ACO ZINCADO, CABECA LENTILHA E PONTA BROCA (LB), LARGURA 4,2 MM, COMPRIMENTO 13 MM","Material","UN",0.54410000000000003,{"$f":"IF(A432=\"Composição Auxiliar\",VLOOKUP(B432,'SINAPI COMPOSIÇÃO'!$A$2:$E$10256,4,FALSE),IF(A432=\"Insumo\",IF(VLOOKUP(B432,'SINAPI INSUMOS'!$A$2:$F$4852,5,FALSE)=OR(\"\",0),VLOOKUP(B432,'SINAPI INSUMOS'!$A$2:$F$4852,6,FALSE),VLOOKUP(B432,'SINAPI INSUMOS'!$A$2:$F$4852,5,FALSE)),\"VERIFICAR\"))","v":0.32},0.17]
["Insumo",39432,"SINAPI","FITA DE PAPEL REFORCADA COM LAMINA DE METAL PARA REFORCO DE CANTOS DE CHAPA DE GESSO PARA DRYWALL","Material","M",0.79249999999999998,{"$f":"IF(A433=\"Composição Auxiliar\",VLOOKUP(B433,'SINAPI COMPOSIÇÃO'!$A$2:$E$10256,4,FALSE),IF(A433=\"Insumo\",IF(VLOOKUP(B433,'SINAPI INSUMOS'!$A$2:$F$4852,5,FALSE)=OR(\"\",0),VLOOKUP(B433,'SINAPI INSUMOS'!$A$2:$F$4852,6,FALSE),VLOOKUP(B433,'SINAPI INSUMOS'!$A$2:$F$4852,5,FALSE)),\"VERIFICAR\"))","v":3.08},2.44]
["5.3","Código","Banco","Descrição","Tipo","Und","Quant.","Valor Unit","Total"]
["Composição","COMP. SEDE  21","Próprio","PAREDE COM PLACAS DE GESSO ACARTONADO (DRYWALL), PARA USO EXTERNO (PLACA CIMENTÍCIA E RU), COM DUAS FACES SIMPLES E ESTRUTURA METÁLICA COM GUIAS SIMPLES, INCLUINDO ISOLAMENTO TÉRMICO/ACÚSTICO COM LÃ DE VIDRO","PARE - PAREDES/PAINEIS","M²",1,{"$f":"I435","v":185.92},{"$f":"SUM(I436:I448)","v":185.92}]
["Composição Auxiliar",88316,"SINAPI","SERVENTE COM ENCARGOS COMPLEMENTARES","SEDI - SERVIÇOS DIVERSOS","H",0.157,{"$f":"IF(A436=\"Composição Auxiliar\",VLOOKUP(B436,'SINAPI COMPOSIÇÃO'!$A$2:$E$10256,4,FALSE),IF(A436=\"Insumo\",IF(VLOOKUP(B436,'SINAPI INSUMOS'!$A$2:$F$4852,5,FALSE)=OR(\"\",0),VLOOKUP(B436,'SINAPI INSUMOS'!$A$2:$F$4852,6,FALSE),VLOOKUP(B436,'SINAPI INSUMOS'!$A$2:$F$4852,5,FALSE)),\"VERIFICAR\"))","v":21.32},{"$f":"TRUNC(G436*H436,2)","v":3.34}]
["Composição Auxiliar",88278,"SINAPI","MONTADOR DE ESTRUTURA METÁLICA COM ENCARGOS COMPLEMENTARES","SEDI - SERVIÇOS DIVERSOS","H",0.628,{"$f":"IF(A437=\"Composição Auxiliar\",VLOOKUP(B437,'SINAPI COMPOSIÇÃO'!$A$2:$E$10256,4,FALSE),IF(A437=\"Insumo\",IF(VLOOKUP(B437,'SINAPI INSUMOS'!$A$2:$F$4852,5,FALSE)=OR(\"\",0),VLOOKUP(B437,'SINAPI INSUMOS'!$A$2:$F$4852,6,FALSE),VLOOKUP(B437,'SINAPI INSUMOS'!$A$2:$F$4852,5,FALSE)),\"VERIFICAR\"))","v":23.96},15.04]
["Insumo",39432,"SINAPI","FITA DE PAPEL REFORCADA COM LAMINA DE METAL PARA REFORCO DE CANTOS DE CHAPA DE GESSO PARA DRYWALL","Material","M",0.79249999999999998,{"$f":"IF(A438=\"Composição Auxiliar\",VLOOKUP(B438,'SINAPI COMPOSIÇÃO'!$A$2:$E$10256,4,FALSE),IF(A438=\"Insumo\",IF(VLOOKUP(B438,'SINAPI INSUMOS'!$A$2:$F$4852,5,FALSE)=OR(\"\",0),VLOOKUP(B438,'SINAPI INSUMOS'!$A$2:$F$4852,6,FALSE),VLOOKUP(B438,'SINAPI INSUMOS'!$A$2:$F$4852,5,FALSE)),\"VERIFICAR\"))","v":3.08},2.44]
["Insumo",3413,"SINAPI","PAINEL DE LA DE VIDRO SEM REVESTIMENTO PSI 20, E = 50 MM, DE 1200 X 600 MM","Material","M²",1,{"$f":"IF(A439=\"Composição Auxiliar\",VLOOKUP(B439,'SINAPI COMPOSIÇÃO'!$A$2:$E$10256,4,FALSE),IF(A439=\"Insumo\",IF(VLOOKUP(B439,'SINAPI INSUMOS'!$A$2:$F$4852,5,FALSE)=OR(\"\",0),VLOOKUP(B439,'SINAPI INSUMOS'!$A$2:$F$4852,6,FALSE),VLOOKUP(B439,'SINAPI INSUMOS'!$A$2:$F$4852,5,FALSE)),\"VERIFICAR\"))","v":45.86},45.86]
["Insumo",11062,"SINAPI","PLACA CIMENTICIA LISA E = 10 MM, DE 1,20 X *2,50* M (SEM AMIANTO)","Material","M²",1.0529999999999999,{"$f":"IF(A440=\"Composição Auxiliar\",VLOOKUP(B440,'SINAPI COMPOSIÇÃO'!$A$2:$E$10256,4,FALSE),IF(A440=\"Insumo\",IF(VLOOKUP(B440,'SINAPI INSUMOS'!$A$2:$F$4852,5,FALSE)=OR(\"\",0),VLOOKUP(B440,'SINAPI INSUMOS'!$A$2:$F$4852,6,FALSE),VLOOKUP(B440,'SINAPI INSUMOS'!$A$2:$F$4852,5,FALSE)),\"VERIFICAR\"))","v":39.869999999999997},41.98]
["Insumo",39417,"SINAPI","PLACA / CHAPA DE GESSO ACARTONADO, RESISTENTE A UMIDADE (RU), COR VERDE, E = 12,5 MM, 1200 X 2400 MM (L X C)","Material","m²",1.0529999999999999,{"$f":"IF(A441=\"Composição Auxiliar\",VLOOKUP(B441,'SINAPI COMPOSIÇÃO'!$A$2:$E$10256,4,FALSE),IF(A441=\"Insumo\",IF(VLOOKUP(B441,'SINAPI INSUMOS'!$A$2:$F$4852,5,FALSE)=OR(\"\",0),VLOOKUP(B441,'SINAPI INSUMOS'!$A$2:$F$4852,6,FALSE),VLOOKUP(B441,'SINAPI INSUMOS'!$A$2:$F$4852,5,FALSE)),\"VERIFICAR\"))","v":29.39},30.94]
["Insumo",37586,"SINAPI","PINO DE ACO COM ARRUELA CONICA, DIAMETRO ARRUELA = *23* MM E COMP HASTE = *27* MM (ACAO INDIRETA)","Material","CENTO",2.9000000000000001E-2,{"$f":"IF(A442=\"Composição Auxiliar\",VLOOKUP(B442,'SINAPI COMPOSIÇÃO'!$A$2:$E$10256,4,FALSE),IF(A442=\"Insumo\",IF(VLOOKUP(B442,'SINAPI INSUMOS'!$A$2:$F$4852,5,FALSE)=OR(\"\",0),VLOOKUP(B442,'SINAPI INSUMOS'!$A$2:$F$4852,6,FALSE),VLOOKUP(B442,'SINAPI INSUMOS'!$A$2:$F$4852,5,FALSE)),\"VERIFICAR\"))","v":48.76},1.41]
["Insumo",39422,"SINAPI","PERFIL MONTANTE, FORMATO C, EM ACO ZINCADO, PARA ESTRUTURA PAREDE DRYWALL, E = 0,5 MM, 70 X 3000 MM (L X C)","Material","M",2.8999000000000001,{"$f":"IF(A443=\"Composição Auxiliar\",VLOOKUP(B443,'SINAPI COMPOSIÇÃO'!$A$2:$E$10256,4,FALSE),IF(A443=\"Insumo\",IF(VLOOKUP(B443,'SINAPI INSUMOS'!$A$2:$F$4852,5,FALSE)=OR(\"\",0),VLOOKUP(B443,'SINAPI INSUMOS'!$A$2:$F$4852,6,FALSE),VLOOKUP(B443,'SINAPI INSUMOS'!$A$2:$F$4852,5,FALSE)),\"VERIFICAR\"))","v":9.99},28.97]
["Insumo",39443,"SINAPI","PARAFUSO DRY WALL, EM ACO ZINCADO, CABECA LENTILHA E PONTA BROCA (LB), LARGURA 4,2 MM, COMPRIMENTO 13 MM","Material","UN",0.91490000000000005,{"$f":"IF(A444=\"Composição Auxiliar\",VLOOKUP(B444,'SINAPI COMPOSIÇÃO'!$A$2:$E$10256,4,FALSE),IF(A444=\"Insumo\",IF(VLOOKUP(B444,'SINAPI INSUMOS'!$A$2:$F$4852,5,FALSE)=OR(\"\",0),VLOOKUP(B444,'SINAPI INSUMOS'!$A$2:$F$4852,6,FALSE),VLOOKUP(B444,'SINAPI INSUMOS'!$A$2:$F$4852,5,FALSE)),\"VERIFICAR\"))","v":0.32},0.28999999999999998]
["Insumo",39419,"SINAPI","PERFIL GUIA, FORMATO U, EM ACO ZINCADO, PARA ESTRUTURA PAREDE DRYWALL, E = 0,5 MM, 70 X 3000 MM (L X C)","Material","M",0.9093,{"$f":"IF(A445=\"Composição Auxiliar\",VLOOKUP(B445,'SINAPI COMPOSIÇÃO'!$A$2:$E$10256,4,FALSE),IF(A445=\"Insumo\",IF(VLOOKUP(B445,'SINAPI INSUMOS'!$A$2:$F$4852,5,FALSE)=OR(\"\",0),VLOOKUP(B445,'SINAPI INSUMOS'!$A$2:$F$4852,6,FALSE),VLOOKUP(B445,'SINAPI INSUMOS'!$A$2:$F$4852,5,FALSE)),\"VERIFICAR\"))","v":8.8000000000000007},8]
["Insumo",39435,"SINAPI","PARAFUSO DRY WALL, EM ACO FOSFATIZADO, CABECA TROMBETA E PONTA AGULHA (TA), COMPRIMENTO 25 MM","Material","UN",20.0077,{"$f":"IF(A446=\"Composição Auxiliar\",VLOOKUP(B446,'SINAPI COMPOSIÇÃO'!$A$2:$E$10256,4,FALSE),IF(A446=\"Insumo\",IF(VLOOKUP(B446,'SINAPI INSUMOS'!$A$2:$F$4852,5,FALSE)=OR(\"\",0),VLOOKUP(B446,'SINAPI INSUMOS'!$A$2:$F$4852,6,FALSE),VLOOKUP(B446,'SINAPI INSUMOS'!$A$2:$F$4852,5,FALSE)),\"VERIFICAR\"))","v":0.14000000000000001},2.8]
["Insumo",39434,"SINAPI","MASSA DE REJUNTE EM PO PARA DRYWALL, A BASE DE GESSO, SECAGEM RAPIDA, PARA TRATAMENTO DE JUNTAS DE CHAPA DE GESSO (NECESSITA ADICAO DE AGUA)","Material","KG",1.0327,{"$f":"IF(A447=\"Composição Auxiliar\",VLOOKUP(B447,'SINAPI COMPOSIÇÃO'!$A$2:$E$10256,4,FALSE),IF(A447=\"Insumo\",IF(VLOOKUP(B447,'SINAPI INSUMOS'!$A$2:$F$4852,5,FALSE)=OR(\"\",0),VLOOKUP(B447,'SINAPI INSUMOS'!$A$2:$F$4852,6,FALSE),VLOOKUP(B447,'SINAPI INSUMOS'!$A$2:$F$4852,5,FALSE)),\"VERIFICAR\"))","v":3.86},3.98]
["Insumo",39431,"SINAPI","FITA DE PAPEL MICROPERFURADO, 50 X 150 MM, PARA TRATAMENTO DE JUNTAS DE CHAPA DE GESSO PARA DRYWALL","Material","M",2.5026999999999999,{"$f":"IF(A448=\"Composição Auxiliar\",VLOOKUP(B448,'SINAPI COMPOSIÇÃO'!$A$2:$E$10256,4,FALSE),IF(A448=\"Insumo\",IF(VLOOKUP(B448,'SINAPI INSUMOS'!$A$2:$F$4852,5,FALSE)=OR(\"\",0),VLOOKUP(B448,'SINAPI INSUMOS'!$A$2:$F$4852,6,FALSE),VLOOKUP(B448,'SINAPI INSUMOS'!$A$2:$F$4852,5,FALSE)),\"VERIFICAR\"))","v":0.35},0.87]
["5.4","Código","Banco","Descrição","Tipo","Und","Quant.","Valor Unit","Total"]
["Composição",96373,"SINAPI","INSTALAÇÃO DE REFORÇO METÁLICO EM PAREDE DRYWALL. AF_07/2023","PARE - PAREDES/PAINEIS","M",1,{"$f":"I450","v":13.530000000000001},{"$f":"SUM(I451:I454)","v":13.530000000000001}]
["Composição Auxiliar",88316,"SINAPI","SERVENTE COM ENCARGOS COMPLEMENTARES","SEDI - SERVIÇOS DIVERSOS","H",2.1999999999999999E-2,{"$f":"IF(A451=\"Composição Auxiliar\",VLOOKUP(B451,'SINAPI COMPOSIÇÃO'!$A$2:$E$10256,4,FALSE),IF(A451=\"Insumo\",IF(VLOOKUP(B451,'SINAPI INSUMOS'!$A$2:$F$4852,5,FALSE)=OR(\"\",0),VLOOKUP(B451,'SINAPI INSUMOS'!$A$2:$F$4852,6,FALSE),VLOOKUP(B451,'SINAPI INSUMOS'!$A$2:$F$4852,5,FALSE)),\"VERIFICAR\"))","v":21.32},{"$f":"TRUNC(G451*H451,2)","v":0.46}]
["Composição Auxiliar",88278,"SINAPI","MONTADOR DE ESTRUTURA METÁLICA COM ENCARGOS COMPLEMENTARES","SEDI - SERVIÇOS DIVERSOS","H",6.6000000000000003E-2,{"$f":"IF(A452=\"Composição Auxiliar\",VLOOKUP(B452,'SINAPI COMPOSIÇÃO'!$A$2:$E$10256,4,FALSE),IF(A452=\"Insumo\",IF(VLOOKUP(B452,'SINAPI INSUMOS'!$A$2:$F$4852,5,FALSE)=OR(\"\",0),VLOOKUP(B452,'SINAPI INSUMOS'!$A$2:$F$4852,6,FALSE),VLOOKUP(B452,'SINAPI INSUMOS'!$A$2:$F$4852,5,FALSE)),\"VERIFICAR\"))","v":23.96},{"$f":"TRUNC(G452*H452,2)","v":1.58}]
["Insumo",39443,"SINAPI","PARAFUSO DRY WALL, EM ACO ZINCADO, CABECA LENTILHA E PONTA BROCA (LB), LARGURA 4,2 MM, COMPRIMENTO 13 MM","Material","UN",7.6364000000000001,{"$f":"IF(A453=\"Composição Auxiliar\",VLOOKUP(B453,'SINAPI COMPOSIÇÃO'!$A$2:$E$10256,4,FALSE),IF(A453=\"Insumo\",IF(VLOOKUP(B453,'SINAPI INSUMOS'!$A$2:$F$4852,5,FALSE)=OR(\"\",0),VLOOKUP(B453,'SINAPI INSUMOS'!$A$2:$F$4852,6,FALSE),VLOOKUP(B453,'SINAPI INSUMOS'!$A$2:$F$4852,5,FALSE)),\"VERIFICAR\"))","v":0.32},{"$f":"TRUNC(G453*H453,2)","v":2.44}]
["Insumo",39419,"SINAPI","PERFIL GUIA, FORMATO U, EM ACO ZINCADO, PARA ESTRUTURA PAREDE DRYWALL, E = 0,5 MM, 70 X 3000 MM (L X C)","Material","M",1.0293000000000001,{"$f":"IF(A454=\"Composição Auxiliar\",VLOOKUP(B454,'SINAPI COMPOSIÇÃO'!$A$2:$E$10256,4,FALSE),IF(A454=\"Insumo\",IF(VLOOKUP(B454,'SINAPI INSUMOS'!$A$2:$F$4852,5,FALSE)=OR(\"\",0),VLOOKUP(B454,'SINAPI INSUMOS'!$A$2:$F$4852,6,FALSE),VLOOKUP(B454,'SINAPI INSUMOS'!$A$2:$F$4852,5,FALSE)),\"VERIFICAR\"))","v":8.8000000000000007},{"$f":"TRUNC(G454*H454,2)","v":9.0500000000000007}]
["5.5","Código","Banco","Descrição","Tipo","Und","Quant.","Valor Unit","Total"]
["Composição",102253,"SINAPI","DIVISORIA SANITÁRIA, TIPO CABINE, EM GRANITO CINZA POLIDO, ESP = 3CM, ASSENTADO COM ARGAMASSA COLANTE AC III-E, EXCLUSIVE FERRAGENS. AF_01/2021","PARE - PAREDES/PAINEIS","m²",1,{"$f":"I456","v":1223.29},{"$f":"SUM(I457:I463)","v":1223.29}]
["Composição Auxiliar",88274,"SINAPI","MARMORISTA/GRANITEIRO COM ENCARGOS COMPLEMENTARES","Livro SINAPI: Cálculos e Parâmetros","H",1.8328,{"$f":"IF(A457=\"Composição Auxiliar\",VLOOKUP(B457,'SINAPI COMPOSIÇÃO'!$A$2:$E$10256,4,FALSE),IF(A457=\"Insumo\",IF(VLOOKUP(B457,'SINAPI INSUMOS'!$A$2:$F$4852,5,FALSE)=OR(\"\",0),VLOOKUP(B457,'SINAPI INSUMOS'!$A$2:$F$4852,6,FALSE),VLOOKUP(B457,'SINAPI INSUMOS'!$A$2:$F$4852,5,FALSE)),\"VERIFICAR\"))","v":28.86},{"$f":"TRUNC(G457*H457,2)","v":52.89}]
["Composição Auxiliar",91693,"SINAPI","SERRA CIRCULAR DE BANCADA COM MOTOR ELÉTRICO POTÊNCIA DE 5HP, COM COIFA PARA DISCO 10\" - CHI DIURNO. AF_08/2015","Custos Horários Produtivo e Improdutivo dos Equipamentos","CHI",1.7430000000000001,{"$f":"IF(A458=\"Composição Auxiliar\",VLOOKUP(B458,'SINAPI COMPOSIÇÃO'!$A$2:$E$10256,4,FALSE),IF(A458=\"Insumo\",IF(VLOOKUP(B458,'SINAPI INSUMOS'!$A$2:$F$4852,5,FALSE)=OR(\"\",0),VLOOKUP(B458,'SINAPI INSUMOS'!$A$2:$F$4852,6,FALSE),VLOOKUP(B458,'SINAPI INSUMOS'!$A$2:$F$4852,5,FALSE)),\"VERIFICAR\"))","v":36.14},62.99]
["Composição Auxiliar",91692,"SINAPI","SERRA CIRCULAR DE BANCADA COM MOTOR ELÉTRICO POTÊNCIA DE 5HP, COM COIFA PARA DISCO 10\" - CHP DIURNO. AF_08/2015","Custos Horários Produtivo e Improdutivo dos Equipamentos","CHP",8.9800000000000005E-2,{"$f":"IF(A459=\"Composição Auxiliar\",VLOOKUP(B459,'SINAPI COMPOSIÇÃO'!$A$2:$E$10256,4,FALSE),IF(A459=\"Insumo\",IF(VLOOKUP(B459,'SINAPI INSUMOS'!$A$2:$F$4852,5,FALSE)=OR(\"\",0),VLOOKUP(B459,'SINAPI INSUMOS'!$A$2:$F$4852,6,FALSE),VLOOKUP(B459,'SINAPI INSUMOS'!$A$2:$F$4852,5,FALSE)),\"VERIFICAR\"))","v":37.6},3.37]
["Composição Auxiliar",88316,"SINAPI","SERVENTE COM ENCARGOS COMPLEMENTARES","Livro SINAPI: Cálculos e Parâmetros","H",0.91639999999999999,{"$f":"IF(A460=\"Composição Auxiliar\",VLOOKUP(B460,'SINAPI COMPOSIÇÃO'!$A$2:$E$10256,4,FALSE),IF(A460=\"Insumo\",IF(VLOOKUP(B460,'SINAPI INSUMOS'!$A$2:$F$4852,5,FALSE)=OR(\"\",0),VLOOKUP(B460,'SINAPI INSUMOS'!$A$2:$F$4852,6,FALSE),VLOOKUP(B460,'SINAPI INSUMOS'!$A$2:$F$4852,5,FALSE)),\"VERIFICAR\"))","v":21.32},19.53]
["Insumo",131,"SINAPI","ADESIVO ESTRUTURAL A BASE DE RESINA EPOXI, BICOMPONENTE, PASTOSO (TIXOTROPICO)","Material","KG",0.53,{"$f":"IF(A461=\"Composição Auxiliar\",VLOOKUP(B461,'SINAPI COMPOSIÇÃO'!$A$2:$E$10256,4,FALSE),IF(A461=\"Insumo\",IF(VLOOKUP(B461,'SINAPI INSUMOS'!$A$2:$F$4852,5,FALSE)=OR(\"\",0),VLOOKUP(B461,'SINAPI INSUMOS'!$A$2:$F$4852,6,FALSE),VLOOKUP(B461,'SINAPI INSUMOS'!$A$2:$F$4852,5,FALSE)),\"VERIFICAR\"))","v":50.58},26.8]
["Insumo",37596,"SINAPI","ARGAMASSA COLANTE TIPO AC III E","Material","KG",0.97,{"$f":"IF(A462=\"Composição Auxiliar\",VLOOKUP(B462,'SINAPI COMPOSIÇÃO'!$A$2:$E$10256,4,FALSE),IF(A462=\"Insumo\",IF(VLOOKUP(B462,'SINAPI INSUMOS'!$A$2:$F$4852,5,FALSE)=OR(\"\",0),VLOOKUP(B462,'SINAPI INSUMOS'!$A$2:$F$4852,6,FALSE),VLOOKUP(B462,'SINAPI INSUMOS'!$A$2:$F$4852,5,FALSE)),\"VERIFICAR\"))","v":3.88},3.76]
["Insumo",44476,"SINAPI","DIVISORIA EM GRANITO, COM DUAS FACES POLIDAS, TIPO ANDORINHA/ QUARTZ/ CASTELO/ CORUMBA OU OUTROS EQUIVALENTES DA REGIAO, E= *3,0* CM","Material","m²",1.05,{"$f":"IF(A463=\"Composição Auxiliar\",VLOOKUP(B463,'SINAPI COMPOSIÇÃO'!$A$2:$E$10256,4,FALSE),IF(A463=\"Insumo\",IF(VLOOKUP(B463,'SINAPI INSUMOS'!$A$2:$F$4852,5,FALSE)=OR(\"\",0),VLOOKUP(B463,'SINAPI INSUMOS'!$A$2:$F$4852,6,FALSE),VLOOKUP(B463,'SINAPI INSUMOS'!$A$2:$F$4852,5,FALSE)),\"VERIFICAR\"))","v":1003.77},1053.95]
["5.6","Código","Banco","Descrição","Tipo","Und","Quant.","Valor Unit","Total"]
["Composição",102255,"SINAPI","TAPA VISTA DE MICTÓRIO EM GRANITO CINZA POLIDO, ESP = 3CM, ASSENTADO COM ARGAMASSA COLANTE AC III-E . AF_01/2021","PARE - PAREDES/PAINEIS","m²",1,{"$f":"I465","v":1213.07},{"$f":"SUM(I466:I471)","v":1213.07}]
["Composição Auxiliar",91692,"SINAPI","SERRA CIRCULAR DE BANCADA COM MOTOR ELÉTRICO POTÊNCIA DE 5HP, COM COIFA PARA DISCO 10\" - CHP DIURNO. AF_08/2015","CHOR - CUSTOS HORÁRIOS DE MÁQUINAS E EQUIPAMENTOS","CHP",0.14499999999999999,{"$f":"IF(A466=\"Composição Auxiliar\",VLOOKUP(B466,'SINAPI COMPOSIÇÃO'!$A$2:$E$10256,4,FALSE),IF(A466=\"Insumo\",IF(VLOOKUP(B466,'SINAPI INSUMOS'!$A$2:$F$4852,5,FALSE)=OR(\"\",0),VLOOKUP(B466,'SINAPI INSUMOS'!$A$2:$F$4852,6,FALSE),VLOOKUP(B466,'SINAPI INSUMOS'!$A$2:$F$4852,5,FALSE)),\"VERIFICAR\"))","v":37.6},{"$f":"TRUNC(G466*H466,2)","v":5.45}]
["Composição Auxiliar",88274,"SINAPI","MARMORISTA/GRANITEIRO COM ENCARGOS COMPLEMENTARES","SEDI - SERVIÇOS DIVERSOS","H",2.714,{"$f":"IF(A467=\"Composição Auxiliar\",VLOOKUP(B467,'SINAPI COMPOSIÇÃO'!$A$2:$E$10256,4,FALSE),IF(A467=\"Insumo\",IF(VLOOKUP(B467,'SINAPI INSUMOS'!$A$2:$F$4852,5,FALSE)=OR(\"\",0),VLOOKUP(B467,'SINAPI INSUMOS'!$A$2:$F$4852,6,FALSE),VLOOKUP(B467,'SINAPI INSUMOS'!$A$2:$F$4852,5,FALSE)),\"VERIFICAR\"))","v":28.86},78.319999999999993]
["Composição Auxiliar",91693,"SINAPI","SERRA CIRCULAR DE BANCADA COM MOTOR ELÉTRICO POTÊNCIA DE 5HP, COM COIFA PARA DISCO 10\" - CHI DIURNO. AF_08/2015","CHOR - CUSTOS HORÁRIOS DE MÁQUINAS E EQUIPAMENTOS","CHI",2.569,{"$f":"IF(A468=\"Composição Auxiliar\",VLOOKUP(B468,'SINAPI COMPOSIÇÃO'!$A$2:$E$10256,4,FALSE),IF(A468=\"Insumo\",IF(VLOOKUP(B468,'SINAPI INSUMOS'!$A$2:$F$4852,5,FALSE)=OR(\"\",0),VLOOKUP(B468,'SINAPI INSUMOS'!$A$2:$F$4852,6,FALSE),VLOOKUP(B468,'SINAPI INSUMOS'!$A$2:$F$4852,5,FALSE)),\"VERIFICAR\"))","v":36.14},92.84]
["Composição Auxiliar",88316,"SINAPI","SERVENTE COM ENCARGOS COMPLEMENTARES","SEDI - SERVIÇOS DIVERSOS","H",1.357,{"$f":"IF(A469=\"Composição Auxiliar\",VLOOKUP(B469,'SINAPI COMPOSIÇÃO'!$A$2:$E$10256,4,FALSE),IF(A469=\"Insumo\",IF(VLOOKUP(B469,'SINAPI INSUMOS'!$A$2:$F$4852,5,FALSE)=OR(\"\",0),VLOOKUP(B469,'SINAPI INSUMOS'!$A$2:$F$4852,6,FALSE),VLOOKUP(B469,'SINAPI INSUMOS'!$A$2:$F$4852,5,FALSE)),\"VERIFICAR\"))","v":21.32},28.93]
["Insumo",44476,"SINAPI","DIVISORIA EM GRANITO, COM DUAS FACES POLIDAS, TIPO ANDORINHA/ QUARTZ/ CASTELO/ CORUMBA OU OUTROS EQUIVALENTES DA REGIAO, E= *3,0* CM","Material","m²",1,{"$f":"IF(A470=\"Composição Auxiliar\",VLOOKUP(B470,'SINAPI COMPOSIÇÃO'!$A$2:$E$10256,4,FALSE),IF(A470=\"Insumo\",IF(VLOOKUP(B470,'SINAPI INSUMOS'!$A$2:$F$4852,5,FALSE)=OR(\"\",0),VLOOKUP(B470,'SINAPI INSUMOS'!$A$2:$F$4852,6,FALSE),VLOOKUP(B470,'SINAPI INSUMOS'!$A$2:$F$4852,5,FALSE)),\"VERIFICAR\"))","v":1003.77},1003.77]
["Insumo",37596,"SINAPI","ARGAMASSA COLANTE TIPO AC III E","Material","KG",0.97,{"$f":"IF(A471=\"Composição Auxiliar\",VLOOKUP(B471,'SINAPI COMPOSIÇÃO'!$A$2:$E$10256,4,FALSE),IF(A471=\"Insumo\",IF(VLOOKUP(B471,'SINAPI INSUMOS'!$A$2:$F$4852,5,FALSE)=OR(\"\",0),VLOOKUP(B471,'SINAPI INSUMOS'!$A$2:$F$4852,6,FALSE),VLOOKUP(B471,'SINAPI INSUMOS'!$A$2:$F$4852,5,FALSE)),\"VERIFICAR\"))","v":3.88},3.76]
["5.7","Código","Banco","Descrição","Tipo","Und","Quant.","Valor Unit","Total"]
["Composição",99857,"SINAPI","CORRIMÃO SIMPLES, DIÂMETRO EXTERNO = 1 1/2\", EM ALUMÍNIO. AF_04/2019_PS","ESQV - ESQUADRIAS/FERRAGENS/VIDROS","M",1,{"$f":"I473","v":63.06},{"$f":"SUM(I474:I479)","v":63.06}]
["Composição Auxiliar",88251,"SINAPI","AUXILIAR DE SERRALHEIRO COM ENCARGOS COMPLEMENTARES","Livro SINAPI: Cálculos e Parâmetros","H",0.45519999999999999,{"$f":"IF(A474=\"Composição Auxiliar\",VLOOKUP(B474,'SINAPI COMPOSIÇÃO'!$A$2:$E$10256,4,FALSE),IF(A474=\"Insumo\",IF(VLOOKUP(B474,'SINAPI INSUMOS'!$A$2:$F$4852,5,FALSE)=OR(\"\",0),VLOOKUP(B474,'SINAPI INSUMOS'!$A$2:$F$4852,6,FALSE),VLOOKUP(B474,'SINAPI INSUMOS'!$A$2:$F$4852,5,FALSE)),\"VERIFICAR\"))","v":23.39},{"$f":"TRUNC(G474*H474,2)","v":10.64}]
["Composição Auxiliar",88315,"SINAPI","SERRALHEIRO COM ENCARGOS COMPLEMENTARES","Livro SINAPI: Cálculos e Parâmetros","H",0.64070000000000005,{"$f":"IF(A475=\"Composição Auxiliar\",VLOOKUP(B475,'SINAPI COMPOSIÇÃO'!$A$2:$E$10256,4,FALSE),IF(A475=\"Insumo\",IF(VLOOKUP(B475,'SINAPI INSUMOS'!$A$2:$F$4852,5,FALSE)=OR(\"\",0),VLOOKUP(B475,'SINAPI INSUMOS'!$A$2:$F$4852,6,FALSE),VLOOKUP(B475,'SINAPI INSUMOS'!$A$2:$F$4852,5,FALSE)),\"VERIFICAR\"))","v":27.36},17.52]
["Insumo",7568,"SINAPI","BUCHA DE NYLON SEM ABA S10, COM PARAFUSO DE 6,10 X 65 MM EM ACO ZINCADO COM ROSCA SOBERBA, CABECA CHATA E FENDA PHILLIPS","Material","UN",3.6,{"$f":"IF(A476=\"Composição Auxiliar\",VLOOKUP(B476,'SINAPI COMPOSIÇÃO'!$A$2:$E$10256,4,FALSE),IF(A476=\"Insumo\",IF(VLOOKUP(B476,'SINAPI INSUMOS'!$A$2:$F$4852,5,FALSE)=OR(\"\",0),VLOOKUP(B476,'SINAPI INSUMOS'!$A$2:$F$4852,6,FALSE),VLOOKUP(B476,'SINAPI INSUMOS'!$A$2:$F$4852,5,FALSE)),\"VERIFICAR\"))","v":0.61},2.19]
["Insumo",34360,"SINAPI","PERFIL DE ALUMINIO ANODIZADO","Material","KG",0.48930000000000001,{"$f":"IF(A477=\"Composição Auxiliar\",VLOOKUP(B477,'SINAPI COMPOSIÇÃO'!$A$2:$E$10256,4,FALSE),IF(A477=\"Insumo\",IF(VLOOKUP(B477,'SINAPI INSUMOS'!$A$2:$F$4852,5,FALSE)=OR(\"\",0),VLOOKUP(B477,'SINAPI INSUMOS'!$A$2:$F$4852,6,FALSE),VLOOKUP(B477,'SINAPI INSUMOS'!$A$2:$F$4852,5,FALSE)),\"VERIFICAR\"))","v":43.16},21.11]
["Insumo",5104,"SINAPI","REBITE DE REPUXO EM ALUMINIO VAZADO, DIAMETRO 3,2 X 8 MM DE COMPRIMENTO (1KG = 1025 UNIDADES)","Material","KG",2.7000000000000001E-3,{"$f":"IF(A478=\"Composição Auxiliar\",VLOOKUP(B478,'SINAPI COMPOSIÇÃO'!$A$2:$E$10256,4,FALSE),IF(A478=\"Insumo\",IF(VLOOKUP(B478,'SINAPI INSUMOS'!$A$2:$F$4852,5,FALSE)=OR(\"\",0),VLOOKUP(B478,'SINAPI INSUMOS'!$A$2:$F$4852,6,FALSE),VLOOKUP(B478,'SINAPI INSUMOS'!$A$2:$F$4852,5,FALSE)),\"VERIFICAR\"))","v":70.37},0.18]
["Insumo",11033,"SINAPI","SUPORTE PARA CALHA DE 150 MM EM ACO GALVANIZADO","Material","UN",1.0909,{"$f":"IF(A479=\"Composição Auxiliar\",VLOOKUP(B479,'SINAPI COMPOSIÇÃO'!$A$2:$E$10256,4,FALSE),IF(A479=\"Insumo\",IF(VLOOKUP(B479,'SINAPI INSUMOS'!$A$2:$F$4852,5,FALSE)=OR(\"\",0),VLOOKUP(B479,'SINAPI INSUMOS'!$A$2:$F$4852,6,FALSE),VLOOKUP(B479,'SINAPI INSUMOS'!$A$2:$F$4852,5,FALSE)),\"VERIFICAR\"))","v":10.47},11.42]
["6",null,null,"IMPERMEABILIZAÇÕES"]
["6.1","Código","Banco","Descrição","Tipo","Und","Quant.","Valor Unit","Total"]
["Composição",98555,"SINAPI","IMPERMEABILIZAÇÃO DE SUPERFÍCIE COM ARGAMASSA POLIMÉRICA / MEMBRANA ACRÍLICA, 3 DEMÃOS. AF_09/2023","IMPE - IMPERMEABILIZAÇÕES E PROTEÇÕES DIVERSAS","m²",1,{"$f":"I482","v":32.5},{"$f":"SUM(I483:I485)","v":32.5}]
["Composição Auxiliar",88243,"SINAPI","AJUDANTE ESPECIALIZADO COM ENCARGOS COMPLEMENTARES","SEDI - SERVIÇOS DIVERSOS","H",0.13619999999999999,{"$f":"IF(A483=\"Composição Auxiliar\",VLOOKUP(B483,'SINAPI COMPOSIÇÃO'!$A$2:$E$10256,4,FALSE),IF(A483=\"Insumo\",IF(VLOOKUP(B483,'SINAPI INSUMOS'!$A$2:$F$4852,5,FALSE)=OR(\"\",0),VLOOKUP(B483,'SINAPI INSUMOS'!$A$2:$F$4852,6,FALSE),VLOOKUP(B483,'SINAPI INSUMOS'!$A$2:$F$4852,5,FALSE)),\"VERIFICAR\"))","v":22.32},{"$f":"TRUNC(G483*H483,2)","v":3.03}]
["Composição Auxiliar",88270,"SINAPI","IMPERMEABILIZADOR COM ENCARGOS COMPLEMENTARES","SEDI - SERVIÇOS DIVERSOS","H",0.60389999999999999,{"$f":"IF(A484=\"Composição Auxiliar\",VLOOKUP(B484,'SINAPI COMPOSIÇÃO'!$A$2:$E$10256,4,FALSE),IF(A484=\"Insumo\",IF(VLOOKUP(B484,'SINAPI INSUMOS'!$A$2:$F$4852,5,FALSE)=OR(\"\",0),VLOOKUP(B484,'SINAPI INSUMOS'!$A$2:$F$4852,6,FALSE),VLOOKUP(B484,'SINAPI INSUMOS'!$A$2:$F$4852,5,FALSE)),\"VERIFICAR\"))","v":27.84},{"$f":"TRUNC(G484*H484,2)","v":16.809999999999999}]
["Insumo",135,"SINAPI","ARGAMASSA POLIMERICA IMPERMEABILIZANTE SEMIFLEXIVEL, BICOMPONENTE, A BASE DE CIMENTO E ADITIVOS","Material","KG",3.4615,{"$f":"IF(A485=\"Composição Auxiliar\",VLOOKUP(B485,'SINAPI COMPOSIÇÃO'!$A$2:$E$10256,4,FALSE),IF(A485=\"Insumo\",IF(VLOOKUP(B485,'SINAPI INSUMOS'!$A$2:$F$4852,5,FALSE)=OR(\"\",0),VLOOKUP(B485,'SINAPI INSUMOS'!$A$2:$F$4852,6,FALSE),VLOOKUP(B485,'SINAPI INSUMOS'!$A$2:$F$4852,5,FALSE)),\"VERIFICAR\"))","v":3.66},{"$f":"TRUNC(G485*H485,2)","v":12.66}]
["6.2","Código","Banco","Descrição","Tipo","Und","Quant.","Valor Unit","Total"]
["Composição",98558,"SINAPI","TRATAMENTO DE RALO OU PONTO EMERGENTE COM ARGAMASSA POLIMÉRICA / MEMBRANA ACRÍLICA REFORÇADO COM TELA DE POLIÉSTER (MAV). AF_09/2023","IMPE - IMPERMEABILIZAÇÕES E PROTEÇÕES DIVERSAS","UN",1,{"$f":"I487","v":10.47},{"$f":"SUM(I488:I491)","v":10.47}]
["Composição Auxiliar",88243,"SINAPI","AJUDANTE ESPECIALIZADO COM ENCARGOS COMPLEMENTARES","SEDI - SERVIÇOS DIVERSOS","H",3.0700000000000002E-2,{"$f":"IF(A488=\"Composição Auxiliar\",VLOOKUP(B488,'SINAPI COMPOSIÇÃO'!$A$2:$E$10256,4,FALSE),IF(A488=\"Insumo\",IF(VLOOKUP(B488,'SINAPI INSUMOS'!$A$2:$F$4852,5,FALSE)=OR(\"\",0),VLOOKUP(B488,'SINAPI INSUMOS'!$A$2:$F$4852,6,FALSE),VLOOKUP(B488,'SINAPI INSUMOS'!$A$2:$F$4852,5,FALSE)),\"VERIFICAR\"))","v":22.32},{"$f":"TRUNC(G488*H488,2)","v":0.68}]
["Composição Auxiliar",88270,"SINAPI","IMPERMEABILIZADOR COM ENCARGOS COMPLEMENTARES","SEDI - SERVIÇOS DIVERSOS","H",0.1361,{"$f":"IF(A489=\"Composição Auxiliar\",VLOOKUP(B489,'SINAPI COMPOSIÇÃO'!$A$2:$E$10256,4,FALSE),IF(A489=\"Insumo\",IF(VLOOKUP(B489,'SINAPI INSUMOS'!$A$2:$F$4852,5,FALSE)=OR(\"\",0),VLOOKUP(B489,'SINAPI INSUMOS'!$A$2:$F$4852,6,FALSE),VLOOKUP(B489,'SINAPI INSUMOS'!$A$2:$F$4852,5,FALSE)),\"VERIFICAR\"))","v":27.84},{"$f":"TRUNC(G489*H489,2)","v":3.78}]
["Insumo",135,"SINAPI","ARGAMASSA POLIMERICA IMPERMEABILIZANTE SEMIFLEXIVEL, BICOMPONENTE, A BASE DE CIMENTO E ADITIVOS","Material","KG",0.73850000000000005,{"$f":"IF(A490=\"Composição Auxiliar\",VLOOKUP(B490,'SINAPI COMPOSIÇÃO'!$A$2:$E$10256,4,FALSE),IF(A490=\"Insumo\",IF(VLOOKUP(B490,'SINAPI INSUMOS'!$A$2:$F$4852,5,FALSE)=OR(\"\",0),VLOOKUP(B490,'SINAPI INSUMOS'!$A$2:$F$4852,6,FALSE),VLOOKUP(B490,'SINAPI INSUMOS'!$A$2:$F$4852,5,FALSE)),\"VERIFICAR\"))","v":3.66},{"$f":"TRUNC(G490*H490,2)","v":2.7}]
["Insumo",4030,"SINAPI","VEU DE POLIESTER PARA IMPERMEABILIZACAO","Material","m²",0.35709999999999997,{"$f":"IF(A491=\"Composição Auxiliar\",VLOOKUP(B491,'SINAPI COMPOSIÇÃO'!$A$2:$E$10256,4,FALSE),IF(A491=\"Insumo\",IF(VLOOKUP(B491,'SINAPI INSUMOS'!$A$2:$F$4852,5,FALSE)=OR(\"\",0),VLOOKUP(B491,'SINAPI INSUMOS'!$A$2:$F$4852,6,FALSE),VLOOKUP(B491,'SINAPI INSUMOS'!$A$2:$F$4852,5,FALSE)),\"VERIFICAR\"))","v":9.2799999999999994},{"$f":"TRUNC(G491*H491,2)","v":3.31}]
["6.3","Código","Banco","Descrição","Tipo","Und","Quant.","Valor Unit","Total"]
["Composição",98559,"SINAPI","TRATAMENTO DE RODAPÉ COM TELA DE POLIÉSTER. AF_09/2023","IMPE - IMPERMEABILIZAÇÕES E PROTEÇÕES DIVERSAS","M",1,{"$f":"I493","v":5.74},{"$f":"SUM(I494:I496)","v":5.74}]
["Composição Auxiliar",88243,"SINAPI","AJUDANTE ESPECIALIZADO COM ENCARGOS COMPLEMENTARES","SEDI - SERVIÇOS DIVERSOS","H",1.3599999999999999E-2,{"$f":"IF(A494=\"Composição Auxiliar\",VLOOKUP(B494,'SINAPI COMPOSIÇÃO'!$A$2:$E$10256,4,FALSE),IF(A494=\"Insumo\",IF(VLOOKUP(B494,'SINAPI INSUMOS'!$A$2:$F$4852,5,FALSE)=OR(\"\",0),VLOOKUP(B494,'SINAPI INSUMOS'!$A$2:$F$4852,6,FALSE),VLOOKUP(B494,'SINAPI INSUMOS'!$A$2:$F$4852,5,FALSE)),\"VERIFICAR\"))","v":22.32},{"$f":"TRUNC(G494*H494,2)","v":0.3}]
["Composição Auxiliar",88270,"SINAPI","IMPERMEABILIZADOR COM ENCARGOS COMPLEMENTARES","SEDI - SERVIÇOS DIVERSOS","H",6.0400000000000002E-2,{"$f":"IF(A495=\"Composição Auxiliar\",VLOOKUP(B495,'SINAPI COMPOSIÇÃO'!$A$2:$E$10256,4,FALSE),IF(A495=\"Insumo\",IF(VLOOKUP(B495,'SINAPI INSUMOS'!$A$2:$F$4852,5,FALSE)=OR(\"\",0),VLOOKUP(B495,'SINAPI INSUMOS'!$A$2:$F$4852,6,FALSE),VLOOKUP(B495,'SINAPI INSUMOS'!$A$2:$F$4852,5,FALSE)),\"VERIFICAR\"))","v":27.84},{"$f":"TRUNC(G495*H495,2)","v":1.68}]
["Insumo",4030,"SINAPI","VEU DE POLIESTER PARA IMPERMEABILIZACAO","Material","m²",0.40539999999999998,{"$f":"IF(A496=\"Composição Auxiliar\",VLOOKUP(B496,'SINAPI COMPOSIÇÃO'!$A$2:$E$10256,4,FALSE),IF(A496=\"Insumo\",IF(VLOOKUP(B496,'SINAPI INSUMOS'!$A$2:$F$4852,5,FALSE)=OR(\"\",0),VLOOKUP(B496,'SINAPI INSUMOS'!$A$2:$F$4852,6,FALSE),VLOOKUP(B496,'SINAPI INSUMOS'!$A$2:$F$4852,5,FALSE)),\"VERIFICAR\"))","v":9.2799999999999994},{"$f":"TRUNC(G496*H496,2)","v":3.76}]
["6.4","Código","Banco","Descrição","Tipo","Und","Quant.","Valor Unit","Total"]
["Composição",98546,"SINAPI","IMPERMEABILIZAÇÃO DE SUPERFÍCIE COM MANTA ASFÁLTICA, UMA CAMADA, INCLUSIVE APLICAÇÃO DE PRIMER ASFÁLTICO, E=4MM. AF_09/2023","IMPE - IMPERMEABILIZAÇÕES E PROTEÇÕES DIVERSAS","m²",1,{"$f":"I498","v":149.35999999999999},{"$f":"SUM(I499:I503)","v":149.35999999999999}]
["Composição Auxiliar",88243,"SINAPI","AJUDANTE ESPECIALIZADO COM ENCARGOS COMPLEMENTARES","SEDI - SERVIÇOS DIVERSOS","H",0.2102,{"$f":"IF(A499=\"Composição Auxiliar\",VLOOKUP(B499,'SINAPI COMPOSIÇÃO'!$A$2:$E$10256,4,FALSE),IF(A499=\"Insumo\",IF(VLOOKUP(B499,'SINAPI INSUMOS'!$A$2:$F$4852,5,FALSE)=OR(\"\",0),VLOOKUP(B499,'SINAPI INSUMOS'!$A$2:$F$4852,6,FALSE),VLOOKUP(B499,'SINAPI INSUMOS'!$A$2:$F$4852,5,FALSE)),\"VERIFICAR\"))","v":22.32},{"$f":"TRUNC(G499*H499,2)","v":4.6900000000000004}]
["Composição Auxiliar",88270,"SINAPI","IMPERMEABILIZADOR COM ENCARGOS COMPLEMENTARES","SEDI - SERVIÇOS DIVERSOS","H",0.93240000000000001,{"$f":"IF(A500=\"Composição Auxiliar\",VLOOKUP(B500,'SINAPI COMPOSIÇÃO'!$A$2:$E$10256,4,FALSE),IF(A500=\"Insumo\",IF(VLOOKUP(B500,'SINAPI INSUMOS'!$A$2:$F$4852,5,FALSE)=OR(\"\",0),VLOOKUP(B500,'SINAPI INSUMOS'!$A$2:$F$4852,6,FALSE),VLOOKUP(B500,'SINAPI INSUMOS'!$A$2:$F$4852,5,FALSE)),\"VERIFICAR\"))","v":27.84},{"$f":"TRUNC(G500*H500,2)","v":25.95}]
["Insumo",511,"SINAPI","PRIMER PARA MANTA ASFALTICA A BASE DE ASFALTO MODIFICADO DILUIDO EM SOLVENTE, APLICACAO A FRIO","Material","L",0.58720000000000006,{"$f":"IF(A501=\"Composição Auxiliar\",VLOOKUP(B501,'SINAPI COMPOSIÇÃO'!$A$2:$E$10256,4,FALSE),IF(A501=\"Insumo\",IF(VLOOKUP(B501,'SINAPI INSUMOS'!$A$2:$F$4852,5,FALSE)=OR(\"\",0),VLOOKUP(B501,'SINAPI INSUMOS'!$A$2:$F$4852,6,FALSE),VLOOKUP(B501,'SINAPI INSUMOS'!$A$2:$F$4852,5,FALSE)),\"VERIFICAR\"))","v":30.54},{"$f":"TRUNC(G501*H501,2)","v":17.93}]
["Insumo",4015,"SINAPI","MANTA ASFALTICA ELASTOMERICA EM POLIESTER 4 MM, TIPO III, CLASSE B, ACABAMENTO PP (NBR 9952)","Material","M²",1.1318999999999999,{"$f":"IF(A502=\"Composição Auxiliar\",VLOOKUP(B502,'SINAPI COMPOSIÇÃO'!$A$2:$E$10256,4,FALSE),IF(A502=\"Insumo\",IF(VLOOKUP(B502,'SINAPI INSUMOS'!$A$2:$F$4852,5,FALSE)=OR(\"\",0),VLOOKUP(B502,'SINAPI INSUMOS'!$A$2:$F$4852,6,FALSE),VLOOKUP(B502,'SINAPI INSUMOS'!$A$2:$F$4852,5,FALSE)),\"VERIFICAR\"))","v":87},{"$f":"TRUNC(G502*H502,2)","v":98.47}]
["Insumo",4226,"SINAPI","GAS DE COZINHA - GLP","Material","KG",0.26,{"$f":"IF(A503=\"Composição Auxiliar\",VLOOKUP(B503,'SINAPI COMPOSIÇÃO'!$A$2:$E$10256,4,FALSE),IF(A503=\"Insumo\",IF(VLOOKUP(B503,'SINAPI INSUMOS'!$A$2:$F$4852,5,FALSE)=OR(\"\",0),VLOOKUP(B503,'SINAPI INSUMOS'!$A$2:$F$4852,6,FALSE),VLOOKUP(B503,'SINAPI INSUMOS'!$A$2:$F$4852,5,FALSE)),\"VERIFICAR\"))","v":8.94},{"$f":"TRUNC(G503*H503,2)","v":2.3199999999999998}]
["6.5","Código","Banco","Descrição","Tipo","Und","Quant.","Valor Unit","Total"]
["Composição",98565,"SINAPI","PROTEÇÃO MECÂNICA DE SUPERFICIE HORIZONTAL COM ARGAMASSA DE CIMENTO E AREIA, TRAÇO 1:3, E=3CM. AF_09/2023","IMPE - IMPERMEABILIZAÇÕES E PROTEÇÕES DIVERSAS","m²",1,{"$f":"I505","v":62.959999999999994},{"$f":"SUM(I506:I509)","v":62.959999999999994}]
["Composição Auxiliar",87372,"SINAPI","ARGAMASSA TRAÇO 1:3 (EM VOLUME DE CIMENTO E AREIA MÉDIA ÚMIDA) PARA CONTRAPISO, PREPARO MANUAL. AF_08/2019","SEDI - SERVIÇOS DIVERSOS","m³",3.5000000000000003E-2,{"$f":"IF(A506=\"Composição Auxiliar\",VLOOKUP(B506,'SINAPI COMPOSIÇÃO'!$A$2:$E$10256,4,FALSE),IF(A506=\"Insumo\",IF(VLOOKUP(B506,'SINAPI INSUMOS'!$A$2:$F$4852,5,FALSE)=OR(\"\",0),VLOOKUP(B506,'SINAPI INSUMOS'!$A$2:$F$4852,6,FALSE),VLOOKUP(B506,'SINAPI INSUMOS'!$A$2:$F$4852,5,FALSE)),\"VERIFICAR\"))","v":1078.3599999999999},{"$f":"TRUNC(G506*H506,2)","v":37.74}]
["Composição Auxiliar",88309,"SINAPI","PEDREIRO COM ENCARGOS COMPLEMENTARES","SEDI - SERVIÇOS DIVERSOS","H",0.69120000000000004,{"$f":"IF(A507=\"Composição Auxiliar\",VLOOKUP(B507,'SINAPI COMPOSIÇÃO'!$A$2:$E$10256,4,FALSE),IF(A507=\"Insumo\",IF(VLOOKUP(B507,'SINAPI INSUMOS'!$A$2:$F$4852,5,FALSE)=OR(\"\",0),VLOOKUP(B507,'SINAPI INSUMOS'!$A$2:$F$4852,6,FALSE),VLOOKUP(B507,'SINAPI INSUMOS'!$A$2:$F$4852,5,FALSE)),\"VERIFICAR\"))","v":27.58},{"$f":"TRUNC(G507*H507,2)","v":19.059999999999999}]
["Composição Auxiliar",88316,"SINAPI","SERVENTE COM ENCARGOS COMPLEMENTARES","SEDI - SERVIÇOS DIVERSOS","H",0.15579999999999999,{"$f":"IF(A508=\"Composição Auxiliar\",VLOOKUP(B508,'SINAPI COMPOSIÇÃO'!$A$2:$E$10256,4,FALSE),IF(A508=\"Insumo\",IF(VLOOKUP(B508,'SINAPI INSUMOS'!$A$2:$F$4852,5,FALSE)=OR(\"\",0),VLOOKUP(B508,'SINAPI INSUMOS'!$A$2:$F$4852,6,FALSE),VLOOKUP(B508,'SINAPI INSUMOS'!$A$2:$F$4852,5,FALSE)),\"VERIFICAR\"))","v":21.32},{"$f":"TRUNC(G508*H508,2)","v":3.32}]
["Insumo",38365,"SINAPI","CAMADA SEPARADORA DE FILME DE POLIETILENO 20 A 25 MICRA","Material","m²",1.04,{"$f":"IF(A509=\"Composição Auxiliar\",VLOOKUP(B509,'SINAPI COMPOSIÇÃO'!$A$2:$E$10256,4,FALSE),IF(A509=\"Insumo\",IF(VLOOKUP(B509,'SINAPI INSUMOS'!$A$2:$F$4852,5,FALSE)=OR(\"\",0),VLOOKUP(B509,'SINAPI INSUMOS'!$A$2:$F$4852,6,FALSE),VLOOKUP(B509,'SINAPI INSUMOS'!$A$2:$F$4852,5,FALSE)),\"VERIFICAR\"))","v":2.74},{"$f":"TRUNC(G509*H509,2)","v":2.84}]
["7",null,null,"PEITORIS E CHAPINS"]
["7.1","Código","Banco","Descrição","Tipo","Und","Quant.","Valor Unit","Total"]
["Composição",101965,"SINAPI","PEITORIL LINEAR EM GRANITO OU MÁRMORE, L = 15CM, COMPRIMENTO DE ATÉ 2M, ASSENTADO COM ARGAMASSA 1:6 COM ADITIVO. AF_11/2020","REVE - REVESTIMENTO E TRATAMENTO DE SUPERFÍCIES","M",1,{"$f":"I512","v":166.70999999999998},{"$f":"SUM(I513:I518)","v":166.70999999999998}]
["Composição Auxiliar",88316,"SINAPI","SERVENTE COM ENCARGOS COMPLEMENTARES","SEDI - SERVIÇOS DIVERSOS","H",0.20899999999999999,{"$f":"IF(A513=\"Composição Auxiliar\",VLOOKUP(B513,'SINAPI COMPOSIÇÃO'!$A$2:$E$10256,4,FALSE),IF(A513=\"Insumo\",IF(VLOOKUP(B513,'SINAPI INSUMOS'!$A$2:$F$4852,5,FALSE)=OR(\"\",0),VLOOKUP(B513,'SINAPI INSUMOS'!$A$2:$F$4852,6,FALSE),VLOOKUP(B513,'SINAPI INSUMOS'!$A$2:$F$4852,5,FALSE)),\"VERIFICAR\"))","v":21.32},{"$f":"TRUNC(G513*H513,2)","v":4.45}]
["Composição Auxiliar",91692,"SINAPI","SERRA CIRCULAR DE BANCADA COM MOTOR ELÉTRICO POTÊNCIA DE 5HP, COM COIFA PARA DISCO 10\" - CHP DIURNO. AF_08/2015","CHOR - CUSTOS HORÁRIOS DE MÁQUINAS E EQUIPAMENTOS","CHP",2.1000000000000001E-2,{"$f":"IF(A514=\"Composição Auxiliar\",VLOOKUP(B514,'SINAPI COMPOSIÇÃO'!$A$2:$E$10256,4,FALSE),IF(A514=\"Insumo\",IF(VLOOKUP(B514,'SINAPI INSUMOS'!$A$2:$F$4852,5,FALSE)=OR(\"\",0),VLOOKUP(B514,'SINAPI INSUMOS'!$A$2:$F$4852,6,FALSE),VLOOKUP(B514,'SINAPI INSUMOS'!$A$2:$F$4852,5,FALSE)),\"VERIFICAR\"))","v":37.6},0.78]
["Composição Auxiliar",91693,"SINAPI","SERRA CIRCULAR DE BANCADA COM MOTOR ELÉTRICO POTÊNCIA DE 5HP, COM COIFA PARA DISCO 10\" - CHI DIURNO. AF_08/2015","CHOR - CUSTOS HORÁRIOS DE MÁQUINAS E EQUIPAMENTOS","CHI",0.39800000000000002,{"$f":"IF(A515=\"Composição Auxiliar\",VLOOKUP(B515,'SINAPI COMPOSIÇÃO'!$A$2:$E$10256,4,FALSE),IF(A515=\"Insumo\",IF(VLOOKUP(B515,'SINAPI INSUMOS'!$A$2:$F$4852,5,FALSE)=OR(\"\",0),VLOOKUP(B515,'SINAPI INSUMOS'!$A$2:$F$4852,6,FALSE),VLOOKUP(B515,'SINAPI INSUMOS'!$A$2:$F$4852,5,FALSE)),\"VERIFICAR\"))","v":36.14},14.38]
["Composição Auxiliar",87283,"SINAPI","ARGAMASSA TRAÇO 1:6 (EM VOLUME DE CIMENTO E AREIA MÉDIA ÚMIDA) COM ADIÇÃO DE PLASTIFICANTE PARA EMBOÇO/MASSA ÚNICA/ASSENTAMENTO DE ALVENARIA DE VEDAÇÃO, PREPARO MECÂNICO COM BETONEIRA 400 L. AF_08/2019","SEDI - SERVIÇOS DIVERSOS","m³",6.0000000000000001E-3,{"$f":"IF(A516=\"Composição Auxiliar\",VLOOKUP(B516,'SINAPI COMPOSIÇÃO'!$A$2:$E$10256,4,FALSE),IF(A516=\"Insumo\",IF(VLOOKUP(B516,'SINAPI INSUMOS'!$A$2:$F$4852,5,FALSE)=OR(\"\",0),VLOOKUP(B516,'SINAPI INSUMOS'!$A$2:$F$4852,6,FALSE),VLOOKUP(B516,'SINAPI INSUMOS'!$A$2:$F$4852,5,FALSE)),\"VERIFICAR\"))","v":604.77},3.62]
["Composição Auxiliar",88274,"SINAPI","MARMORISTA/GRANITEIRO COM ENCARGOS COMPLEMENTARES","SEDI - SERVIÇOS DIVERSOS","H",0.41899999999999998,{"$f":"IF(A517=\"Composição Auxiliar\",VLOOKUP(B517,'SINAPI COMPOSIÇÃO'!$A$2:$E$10256,4,FALSE),IF(A517=\"Insumo\",IF(VLOOKUP(B517,'SINAPI INSUMOS'!$A$2:$F$4852,5,FALSE)=OR(\"\",0),VLOOKUP(B517,'SINAPI INSUMOS'!$A$2:$F$4852,6,FALSE),VLOOKUP(B517,'SINAPI INSUMOS'!$A$2:$F$4852,5,FALSE)),\"VERIFICAR\"))","v":28.86},12.09]
["Insumo",34747,"SINAPI","PEITORIL EM MARMORE, POLIDO, BRANCO COMUM, L= *15* CM, E= *2,0* CM, COM PINGADEIRA","Material","M",1.04,{"$f":"IF(A518=\"Composição Auxiliar\",VLOOKUP(B518,'SINAPI COMPOSIÇÃO'!$A$2:$E$10256,4,FALSE),IF(A518=\"Insumo\",IF(VLOOKUP(B518,'SINAPI INSUMOS'!$A$2:$F$4852,5,FALSE)=OR(\"\",0),VLOOKUP(B518,'SINAPI INSUMOS'!$A$2:$F$4852,6,FALSE),VLOOKUP(B518,'SINAPI INSUMOS'!$A$2:$F$4852,5,FALSE)),\"VERIFICAR\"))","v":126.34},131.38999999999999]
["7.2","Código","Banco","Descrição","Tipo","Und","Quant.","Valor Unit","Total"]
["Composição",101979,"SINAPI","CHAPIM (RUFO CAPA) EM AÇO GALVANIZADO, CORTE 33. AF_11/2020","REVE - REVESTIMENTO E TRATAMENTO DE SUPERFÍCIES","M",1,{"$f":"I520","v":41.8},{"$f":"SUM(I521:I525)","v":41.8}]
["Composição Auxiliar",88316,"SINAPI","SERVENTE COM ENCARGOS COMPLEMENTARES","SEDI - SERVIÇOS DIVERSOS","H",0.09,{"$f":"IF(A521=\"Composição Auxiliar\",VLOOKUP(B521,'SINAPI COMPOSIÇÃO'!$A$2:$E$10256,4,FALSE),IF(A521=\"Insumo\",IF(VLOOKUP(B521,'SINAPI INSUMOS'!$A$2:$F$4852,5,FALSE)=OR(\"\",0),VLOOKUP(B521,'SINAPI INSUMOS'!$A$2:$F$4852,6,FALSE),VLOOKUP(B521,'SINAPI INSUMOS'!$A$2:$F$4852,5,FALSE)),\"VERIFICAR\"))","v":21.32},{"$f":"TRUNC(G521*H521,2)","v":1.91}]
["Composição Auxiliar",88309,"SINAPI","PEDREIRO COM ENCARGOS COMPLEMENTARES","SEDI - SERVIÇOS DIVERSOS","H",0.17899999999999999,{"$f":"IF(A522=\"Composição Auxiliar\",VLOOKUP(B522,'SINAPI COMPOSIÇÃO'!$A$2:$E$10256,4,FALSE),IF(A522=\"Insumo\",IF(VLOOKUP(B522,'SINAPI INSUMOS'!$A$2:$F$4852,5,FALSE)=OR(\"\",0),VLOOKUP(B522,'SINAPI INSUMOS'!$A$2:$F$4852,6,FALSE),VLOOKUP(B522,'SINAPI INSUMOS'!$A$2:$F$4852,5,FALSE)),\"VERIFICAR\"))","v":27.58},{"$f":"TRUNC(G522*H522,2)","v":4.93}]
["Insumo",142,"SINAPI","SELANTE ELASTICO MONOCOMPONENTE A BASE DE POLIURETANO (PU) PARA JUNTAS DIVERSAS","Material","310ML",9.1999999999999998E-2,{"$f":"IF(A523=\"Composição Auxiliar\",VLOOKUP(B523,'SINAPI COMPOSIÇÃO'!$A$2:$E$10256,4,FALSE),IF(A523=\"Insumo\",IF(VLOOKUP(B523,'SINAPI INSUMOS'!$A$2:$F$4852,5,FALSE)=OR(\"\",0),VLOOKUP(B523,'SINAPI INSUMOS'!$A$2:$F$4852,6,FALSE),VLOOKUP(B523,'SINAPI INSUMOS'!$A$2:$F$4852,5,FALSE)),\"VERIFICAR\"))","v":38.270000000000003},{"$f":"TRUNC(G523*H523,2)","v":3.52}]
["Insumo",1113,"SINAPI","RUFO EXTERNO/INTERNO DE CHAPA DE ACO GALVANIZADA NUM 26, CORTE 33 CM","Material","M",1.1499999999999999,{"$f":"IF(A524=\"Composição Auxiliar\",VLOOKUP(B524,'SINAPI COMPOSIÇÃO'!$A$2:$E$10256,4,FALSE),IF(A524=\"Insumo\",IF(VLOOKUP(B524,'SINAPI INSUMOS'!$A$2:$F$4852,5,FALSE)=OR(\"\",0),VLOOKUP(B524,'SINAPI INSUMOS'!$A$2:$F$4852,6,FALSE),VLOOKUP(B524,'SINAPI INSUMOS'!$A$2:$F$4852,5,FALSE)),\"VERIFICAR\"))","v":27.12},{"$f":"TRUNC(G524*H524,2)","v":31.18}]
["Insumo",11950,"SINAPI","BUCHA DE NYLON SEM ABA S6, COM PARAFUSO DE 4,20 X 40 MM EM ACO ZINCADO COM ROSCA SOBERBA, CABECA CHATA E FENDA PHILLIPS","Material","UN",1.33,{"$f":"IF(A525=\"Composição Auxiliar\",VLOOKUP(B525,'SINAPI COMPOSIÇÃO'!$A$2:$E$10256,4,FALSE),IF(A525=\"Insumo\",IF(VLOOKUP(B525,'SINAPI INSUMOS'!$A$2:$F$4852,5,FALSE)=OR(\"\",0),VLOOKUP(B525,'SINAPI INSUMOS'!$A$2:$F$4852,6,FALSE),VLOOKUP(B525,'SINAPI INSUMOS'!$A$2:$F$4852,5,FALSE)),\"VERIFICAR\"))","v":0.2},{"$f":"TRUNC(G525*H525,2)","v":0.26}]
["8",null,null,"REVESTIMENTOS - PAREDES"]
["8.1","Código","Banco","Descrição","Tipo","Und","Quant.","Valor Unit","Total"]
["Composição",87894,"SINAPI","CHAPISCO APLICADO EM ALVENARIA (SEM PRESENÇA DE VÃOS) E ESTRUTURAS DE CONCRETO DE FACHADA, COM COLHER DE PEDREIRO.  ARGAMASSA TRAÇO 1:3 COM PREPARO EM BETONEIRA 400L. AF_10/2022","REVE - REVESTIMENTO E TRATAMENTO DE SUPERFÍCIES","m²",1,{"$f":"I528","v":7.49},{"$f":"SUM(I529:I531)","v":7.49}]
["Composição Auxiliar",88309,"SINAPI","PEDREIRO COM ENCARGOS COMPLEMENTARES","SEDI - SERVIÇOS DIVERSOS","H",0.1394,{"$f":"IF(A529=\"Composição Auxiliar\",VLOOKUP(B529,'SINAPI COMPOSIÇÃO'!$A$2:$E$10256,4,FALSE),IF(A529=\"Insumo\",IF(VLOOKUP(B529,'SINAPI INSUMOS'!$A$2:$F$4852,5,FALSE)=OR(\"\",0),VLOOKUP(B529,'SINAPI INSUMOS'!$A$2:$F$4852,6,FALSE),VLOOKUP(B529,'SINAPI INSUMOS'!$A$2:$F$4852,5,FALSE)),\"VERIFICAR\"))","v":27.58},{"$f":"TRUNC(G529*H529,2)","v":3.84}]
["Composição Auxiliar",88316,"SINAPI","SERVENTE COM ENCARGOS COMPLEMENTARES","SEDI - SERVIÇOS DIVERSOS","H",4.65E-2,{"$f":"IF(A530=\"Composição Auxiliar\",VLOOKUP(B530,'SINAPI COMPOSIÇÃO'!$A$2:$E$10256,4,FALSE),IF(A530=\"Insumo\",IF(VLOOKUP(B530,'SINAPI INSUMOS'!$A$2:$F$4852,5,FALSE)=OR(\"\",0),VLOOKUP(B530,'SINAPI INSUMOS'!$A$2:$F$4852,6,FALSE),VLOOKUP(B530,'SINAPI INSUMOS'!$A$2:$F$4852,5,FALSE)),\"VERIFICAR\"))","v":21.32},{"$f":"TRUNC(G530*H530,2)","v":0.99}]
["Composição Auxiliar",87313,"SINAPI","ARGAMASSA TRAÇO 1:3 (EM VOLUME DE CIMENTO E AREIA GROSSA ÚMIDA) PARA CHAPISCO CONVENCIONAL, PREPARO MECÂNICO COM BETONEIRA 400 L. AF_08/2019","SEDI - SERVIÇOS DIVERSOS","m³",3.7000000000000002E-3,{"$f":"IF(A531=\"Composição Auxiliar\",VLOOKUP(B531,'SINAPI COMPOSIÇÃO'!$A$2:$E$10256,4,FALSE),IF(A531=\"Insumo\",IF(VLOOKUP(B531,'SINAPI INSUMOS'!$A$2:$F$4852,5,FALSE)=OR(\"\",0),VLOOKUP(B531,'SINAPI INSUMOS'!$A$2:$F$4852,6,FALSE),VLOOKUP(B531,'SINAPI INSUMOS'!$A$2:$F$4852,5,FALSE)),\"VERIFICAR\"))","v":719.21},{"$f":"TRUNC(G531*H531,2)","v":2.66}]
["8.2","Código","Banco","Descrição","Tipo","Und","Quant.","Valor Unit","Total"]
["Composição",87792,"SINAPI","EMBOÇO OU MASSA ÚNICA EM ARGAMASSA TRAÇO 1:2:8, PREPARO MECÂNICO COM BETONEIRA 400 L, APLICADA MANUALMENTE EM PANOS CEGOS DE FACHADA (SEM PRESENÇA DE VÃOS), ESPESSURA DE 25 MM. AF_08/2022","REVE - REVESTIMENTO E TRATAMENTO DE SUPERFÍCIES","m²",1,{"$f":"I533","v":43.39},{"$f":"SUM(I534:I537)","v":43.39}]
["Composição Auxiliar",88309,"SINAPI","PEDREIRO COM ENCARGOS COMPLEMENTARES","SEDI - SERVIÇOS DIVERSOS","H",0.40899999999999997,{"$f":"IF(A534=\"Composição Auxiliar\",VLOOKUP(B534,'SINAPI COMPOSIÇÃO'!$A$2:$E$10256,4,FALSE),IF(A534=\"Insumo\",IF(VLOOKUP(B534,'SINAPI INSUMOS'!$A$2:$F$4852,5,FALSE)=OR(\"\",0),VLOOKUP(B534,'SINAPI INSUMOS'!$A$2:$F$4852,6,FALSE),VLOOKUP(B534,'SINAPI INSUMOS'!$A$2:$F$4852,5,FALSE)),\"VERIFICAR\"))","v":27.58},{"$f":"TRUNC(G534*H534,2)","v":11.28}]
["Composição Auxiliar",87292,"SINAPI","ARGAMASSA TRAÇO 1:2:8 (EM VOLUME DE CIMENTO, CAL E AREIA MÉDIA ÚMIDA) PARA EMBOÇO/MASSA ÚNICA/ASSENTAMENTO DE ALVENARIA DE VEDAÇÃO, PREPARO MECÂNICO COM BETONEIRA 400 L. AF_08/2019","SEDI - SERVIÇOS DIVERSOS","m³",2.93E-2,{"$f":"IF(A535=\"Composição Auxiliar\",VLOOKUP(B535,'SINAPI COMPOSIÇÃO'!$A$2:$E$10256,4,FALSE),IF(A535=\"Insumo\",IF(VLOOKUP(B535,'SINAPI INSUMOS'!$A$2:$F$4852,5,FALSE)=OR(\"\",0),VLOOKUP(B535,'SINAPI INSUMOS'!$A$2:$F$4852,6,FALSE),VLOOKUP(B535,'SINAPI INSUMOS'!$A$2:$F$4852,5,FALSE)),\"VERIFICAR\"))","v":715.95},{"$f":"TRUNC(G535*H535,2)","v":20.97}]
["Composição Auxiliar",88316,"SINAPI","SERVENTE COM ENCARGOS COMPLEMENTARES","SEDI - SERVIÇOS DIVERSOS","H",0.40899999999999997,{"$f":"IF(A536=\"Composição Auxiliar\",VLOOKUP(B536,'SINAPI COMPOSIÇÃO'!$A$2:$E$10256,4,FALSE),IF(A536=\"Insumo\",IF(VLOOKUP(B536,'SINAPI INSUMOS'!$A$2:$F$4852,5,FALSE)=OR(\"\",0),VLOOKUP(B536,'SINAPI INSUMOS'!$A$2:$F$4852,6,FALSE),VLOOKUP(B536,'SINAPI INSUMOS'!$A$2:$F$4852,5,FALSE)),\"VERIFICAR\"))","v":21.32},{"$f":"TRUNC(G536*H536,2)","v":8.7100000000000009}]
["Insumo",37411,"SINAPI","TELA DE ACO SOLDADA GALVANIZADA/ZINCADA PARA ALVENARIA, FIO D = *1,24 MM, MALHA 25 X 25 MM","Material","m²",0.15809999999999999,{"$f":"IF(A537=\"Composição Auxiliar\",VLOOKUP(B537,'SINAPI COMPOSIÇÃO'!$A$2:$E$10256,4,FALSE),IF(A537=\"Insumo\",IF(VLOOKUP(B537,'SINAPI INSUMOS'!$A$2:$F$4852,5,FALSE)=OR(\"\",0),VLOOKUP(B537,'SINAPI INSUMOS'!$A$2:$F$4852,6,FALSE),VLOOKUP(B537,'SINAPI INSUMOS'!$A$2:$F$4852,5,FALSE)),\"VERIFICAR\"))","v":15.39},{"$f":"TRUNC(G537*H537,2)","v":2.4300000000000002}]
["8.3","Código","Banco","Descrição","Tipo","Und","Quant.","Valor Unit","Total"]
["Composição",87265,"SINAPI","REVESTIMENTO CERÂMICO PARA PAREDES INTERNAS COM PLACAS TIPO ESMALTADA DE DIMENSÕES 20X20 CM APLICADAS NA ALTURA INTEIRA DAS PAREDES.  AF_02/2023_PE","REVE - REVESTIMENTO E TRATAMENTO DE SUPERFÍCIES","m²",1,{"$f":"I539","v":73.12},{"$f":"SUM(I540:I544)","v":73.12}]
["Composição Auxiliar",88256,"SINAPI","AZULEJISTA OU LADRILHISTA COM ENCARGOS COMPLEMENTARES","SEDI - SERVIÇOS DIVERSOS","H",0.53410000000000002,{"$f":"IF(A540=\"Composição Auxiliar\",VLOOKUP(B540,'SINAPI COMPOSIÇÃO'!$A$2:$E$10256,4,FALSE),IF(A540=\"Insumo\",IF(VLOOKUP(B540,'SINAPI INSUMOS'!$A$2:$F$4852,5,FALSE)=OR(\"\",0),VLOOKUP(B540,'SINAPI INSUMOS'!$A$2:$F$4852,6,FALSE),VLOOKUP(B540,'SINAPI INSUMOS'!$A$2:$F$4852,5,FALSE)),\"VERIFICAR\"))","v":31.7},{"$f":"TRUNC(G540*H540,2)","v":16.93}]
["Composição Auxiliar",88316,"SINAPI","SERVENTE COM ENCARGOS COMPLEMENTARES","SEDI - SERVIÇOS DIVERSOS","H",0.26860000000000001,{"$f":"IF(A541=\"Composição Auxiliar\",VLOOKUP(B541,'SINAPI COMPOSIÇÃO'!$A$2:$E$10256,4,FALSE),IF(A541=\"Insumo\",IF(VLOOKUP(B541,'SINAPI INSUMOS'!$A$2:$F$4852,5,FALSE)=OR(\"\",0),VLOOKUP(B541,'SINAPI INSUMOS'!$A$2:$F$4852,6,FALSE),VLOOKUP(B541,'SINAPI INSUMOS'!$A$2:$F$4852,5,FALSE)),\"VERIFICAR\"))","v":21.32},{"$f":"TRUNC(G541*H541,2)","v":5.72}]
["Insumo",34357,"SINAPI","REJUNTE CIMENTICIO, QUALQUER COR","Material","KG",0.42199999999999999,{"$f":"IF(A542=\"Composição Auxiliar\",VLOOKUP(B542,'SINAPI COMPOSIÇÃO'!$A$2:$E$10256,4,FALSE),IF(A542=\"Insumo\",IF(VLOOKUP(B542,'SINAPI INSUMOS'!$A$2:$F$4852,5,FALSE)=OR(\"\",0),VLOOKUP(B542,'SINAPI INSUMOS'!$A$2:$F$4852,6,FALSE),VLOOKUP(B542,'SINAPI INSUMOS'!$A$2:$F$4852,5,FALSE)),\"VERIFICAR\"))","v":6.45},{"$f":"TRUNC(G542*H542,2)","v":2.72}]
["Insumo",536,"SINAPI","REVESTIMENTO PARA PAREDE, EM CERAMICA ESMALTADA, FORMATO MENOR OU IGUAL A 2025 CM2","Material","m²",1.0552999999999999,{"$f":"IF(A543=\"Composição Auxiliar\",VLOOKUP(B543,'SINAPI COMPOSIÇÃO'!$A$2:$E$10256,4,FALSE),IF(A543=\"Insumo\",IF(VLOOKUP(B543,'SINAPI INSUMOS'!$A$2:$F$4852,5,FALSE)=OR(\"\",0),VLOOKUP(B543,'SINAPI INSUMOS'!$A$2:$F$4852,6,FALSE),VLOOKUP(B543,'SINAPI INSUMOS'!$A$2:$F$4852,5,FALSE)),\"VERIFICAR\"))","v":40.14},{"$f":"TRUNC(G543*H543,2)","v":42.35}]
["Insumo",1381,"SINAPI","ARGAMASSA COLANTE AC I PARA CERAMICAS","Material","KG",4.91,{"$f":"IF(A544=\"Composição Auxiliar\",VLOOKUP(B544,'SINAPI COMPOSIÇÃO'!$A$2:$E$10256,4,FALSE),IF(A544=\"Insumo\",IF(VLOOKUP(B544,'SINAPI INSUMOS'!$A$2:$F$4852,5,FALSE)=OR(\"\",0),VLOOKUP(B544,'SINAPI INSUMOS'!$A$2:$F$4852,6,FALSE),VLOOKUP(B544,'SINAPI INSUMOS'!$A$2:$F$4852,5,FALSE)),\"VERIFICAR\"))","v":1.1000000000000001},{"$f":"TRUNC(G544*H544,2)","v":5.4}]
["8.4","Código","Banco","Descrição","Tipo","Und","Quant.","Valor Unit","Total"]
["Composição",88650,"SINAPI","RODAPÉ CERÂMICO DE 7CM DE ALTURA COM PLACAS TIPO ESMALTADA DE DIMENSÕES 60X60CM. AF_02/2023","PISO - PISOS","M",1,{"$f":"I546","v":14.82},{"$f":"SUM(I547:I551)","v":14.82}]
["Composição Auxiliar",88256,"SINAPI","AZULEJISTA OU LADRILHISTA COM ENCARGOS COMPLEMENTARES","SEDI - SERVIÇOS DIVERSOS","H",8.7099999999999997E-2,{"$f":"IF(A547=\"Composição Auxiliar\",VLOOKUP(B547,'SINAPI COMPOSIÇÃO'!$A$2:$E$10256,4,FALSE),IF(A547=\"Insumo\",IF(VLOOKUP(B547,'SINAPI INSUMOS'!$A$2:$F$4852,5,FALSE)=OR(\"\",0),VLOOKUP(B547,'SINAPI INSUMOS'!$A$2:$F$4852,6,FALSE),VLOOKUP(B547,'SINAPI INSUMOS'!$A$2:$F$4852,5,FALSE)),\"VERIFICAR\"))","v":31.7},{"$f":"TRUNC(G547*H547,2)","v":2.76}]
["Composição Auxiliar",88316,"SINAPI","SERVENTE COM ENCARGOS COMPLEMENTARES","SEDI - SERVIÇOS DIVERSOS","H",3.2599999999999997E-2,{"$f":"IF(A548=\"Composição Auxiliar\",VLOOKUP(B548,'SINAPI COMPOSIÇÃO'!$A$2:$E$10256,4,FALSE),IF(A548=\"Insumo\",IF(VLOOKUP(B548,'SINAPI INSUMOS'!$A$2:$F$4852,5,FALSE)=OR(\"\",0),VLOOKUP(B548,'SINAPI INSUMOS'!$A$2:$F$4852,6,FALSE),VLOOKUP(B548,'SINAPI INSUMOS'!$A$2:$F$4852,5,FALSE)),\"VERIFICAR\"))","v":21.32},{"$f":"TRUNC(G548*H548,2)","v":0.69}]
["Insumo",1381,"SINAPI","ARGAMASSA COLANTE AC I PARA CERAMICAS","Material","KG",0.63919999999999999,{"$f":"IF(A549=\"Composição Auxiliar\",VLOOKUP(B549,'SINAPI COMPOSIÇÃO'!$A$2:$E$10256,4,FALSE),IF(A549=\"Insumo\",IF(VLOOKUP(B549,'SINAPI INSUMOS'!$A$2:$F$4852,5,FALSE)=OR(\"\",0),VLOOKUP(B549,'SINAPI INSUMOS'!$A$2:$F$4852,6,FALSE),VLOOKUP(B549,'SINAPI INSUMOS'!$A$2:$F$4852,5,FALSE)),\"VERIFICAR\"))","v":1.1000000000000001},{"$f":"TRUNC(G549*H549,2)","v":0.7}]
["Insumo",34357,"SINAPI","REJUNTE CIMENTICIO, QUALQUER COR","Material","KG",8.8999999999999996E-2,{"$f":"IF(A550=\"Composição Auxiliar\",VLOOKUP(B550,'SINAPI COMPOSIÇÃO'!$A$2:$E$10256,4,FALSE),IF(A550=\"Insumo\",IF(VLOOKUP(B550,'SINAPI INSUMOS'!$A$2:$F$4852,5,FALSE)=OR(\"\",0),VLOOKUP(B550,'SINAPI INSUMOS'!$A$2:$F$4852,6,FALSE),VLOOKUP(B550,'SINAPI INSUMOS'!$A$2:$F$4852,5,FALSE)),\"VERIFICAR\"))","v":6.45},{"$f":"TRUNC(G550*H550,2)","v":0.56999999999999995}]
["Insumo",1292,"SINAPI","PISO EM CERAMICA ESMALTADA, COR LISA, PEI MAIOR OU IGUAL A 4, FORMATO MAIOR QUE 2025 CM2","Material","m²",0.1875,{"$f":"IF(A551=\"Composição Auxiliar\",VLOOKUP(B551,'SINAPI COMPOSIÇÃO'!$A$2:$E$10256,4,FALSE),IF(A551=\"Insumo\",IF(VLOOKUP(B551,'SINAPI INSUMOS'!$A$2:$F$4852,5,FALSE)=OR(\"\",0),VLOOKUP(B551,'SINAPI INSUMOS'!$A$2:$F$4852,6,FALSE),VLOOKUP(B551,'SINAPI INSUMOS'!$A$2:$F$4852,5,FALSE)),\"VERIFICAR\"))","v":53.9},{"$f":"TRUNC(G551*H551,2)","v":10.1}]
["9",null,null,"REVESTIMENTOS - PISOS"]
["9.1","Código","Banco","Descrição","Tipo","Und","Quant.","Valor Unit","Total"]
["Composição",87630,"SINAPI","CONTRAPISO EM ARGAMASSA TRAÇO 1:4 (CIMENTO E AREIA), PREPARO MECÂNICO COM BETONEIRA 400 L, APLICADO EM ÁREAS SECAS SOBRE LAJE, ADERIDO, ACABAMENTO NÃO REFORÇADO, ESPESSURA 3CM. AF_07/2021","PISO - PISOS","m²",1,{"$f":"I554","v":49.69},{"$f":"SUM(I555:I559)","v":49.69}]
["Composição Auxiliar",88316,"SINAPI","SERVENTE COM ENCARGOS COMPLEMENTARES","SEDI - SERVIÇOS DIVERSOS","H",0.123,{"$f":"IF(A555=\"Composição Auxiliar\",VLOOKUP(B555,'SINAPI COMPOSIÇÃO'!$A$2:$E$10256,4,FALSE),IF(A555=\"Insumo\",IF(VLOOKUP(B555,'SINAPI INSUMOS'!$A$2:$F$4852,5,FALSE)=OR(\"\",0),VLOOKUP(B555,'SINAPI INSUMOS'!$A$2:$F$4852,6,FALSE),VLOOKUP(B555,'SINAPI INSUMOS'!$A$2:$F$4852,5,FALSE)),\"VERIFICAR\"))","v":21.32},{"$f":"TRUNC(G555*H555,2)","v":2.62}]
["Composição Auxiliar",87301,"SINAPI","ARGAMASSA TRAÇO 1:4 (EM VOLUME DE CIMENTO E AREIA MÉDIA ÚMIDA) PARA CONTRAPISO, PREPARO MECÂNICO COM BETONEIRA 400 L. AF_08/2019","SEDI - SERVIÇOS DIVERSOS","m³",4.3099999999999999E-2,{"$f":"IF(A556=\"Composição Auxiliar\",VLOOKUP(B556,'SINAPI COMPOSIÇÃO'!$A$2:$E$10256,4,FALSE),IF(A556=\"Insumo\",IF(VLOOKUP(B556,'SINAPI INSUMOS'!$A$2:$F$4852,5,FALSE)=OR(\"\",0),VLOOKUP(B556,'SINAPI INSUMOS'!$A$2:$F$4852,6,FALSE),VLOOKUP(B556,'SINAPI INSUMOS'!$A$2:$F$4852,5,FALSE)),\"VERIFICAR\"))","v":827.74},{"$f":"TRUNC(G556*H556,2)","v":35.67}]
["Composição Auxiliar",88309,"SINAPI","PEDREIRO COM ENCARGOS COMPLEMENTARES","SEDI - SERVIÇOS DIVERSOS","H",0.245,{"$f":"IF(A557=\"Composição Auxiliar\",VLOOKUP(B557,'SINAPI COMPOSIÇÃO'!$A$2:$E$10256,4,FALSE),IF(A557=\"Insumo\",IF(VLOOKUP(B557,'SINAPI INSUMOS'!$A$2:$F$4852,5,FALSE)=OR(\"\",0),VLOOKUP(B557,'SINAPI INSUMOS'!$A$2:$F$4852,6,FALSE),VLOOKUP(B557,'SINAPI INSUMOS'!$A$2:$F$4852,5,FALSE)),\"VERIFICAR\"))","v":27.58},{"$f":"TRUNC(G557*H557,2)","v":6.75}]
["Insumo",7334,"SINAPI","ADITIVO ADESIVO LIQUIDO PARA ARGAMASSAS DE REVESTIMENTOS CIMENTICIOS","Material","L",0.21,{"$f":"IF(A558=\"Composição Auxiliar\",VLOOKUP(B558,'SINAPI COMPOSIÇÃO'!$A$2:$E$10256,4,FALSE),IF(A558=\"Insumo\",IF(VLOOKUP(B558,'SINAPI INSUMOS'!$A$2:$F$4852,5,FALSE)=OR(\"\",0),VLOOKUP(B558,'SINAPI INSUMOS'!$A$2:$F$4852,6,FALSE),VLOOKUP(B558,'SINAPI INSUMOS'!$A$2:$F$4852,5,FALSE)),\"VERIFICAR\"))","v":19.43},{"$f":"TRUNC(G558*H558,2)","v":4.08}]
["Insumo",1379,"SINAPI","CIMENTO PORTLAND COMPOSTO CP II-32","Material","KG",0.5,{"$f":"IF(A559=\"Composição Auxiliar\",VLOOKUP(B559,'SINAPI COMPOSIÇÃO'!$A$2:$E$10256,4,FALSE),IF(A559=\"Insumo\",IF(VLOOKUP(B559,'SINAPI INSUMOS'!$A$2:$F$4852,5,FALSE)=OR(\"\",0),VLOOKUP(B559,'SINAPI INSUMOS'!$A$2:$F$4852,6,FALSE),VLOOKUP(B559,'SINAPI INSUMOS'!$A$2:$F$4852,5,FALSE)),\"VERIFICAR\"))","v":1.1399999999999999},{"$f":"TRUNC(G559*H559,2)","v":0.56999999999999995}]
["9.2","Código","Banco","Descrição","Tipo","Und","Quant.","Valor Unit","Total"]
["Composição",87263,"SINAPI","REVESTIMENTO CERÂMICO PARA PISO COM PLACAS TIPO PORCELANATO DE DIMENSÕES 60X60 CM APLICADA EM AMBIENTES DE ÁREA MAIOR QUE 10 M². AF_02/2023_PE","PISO - PISOS","m²",1,{"$f":"I561","v":146.94},{"$f":"SUM(I562:I566)","v":146.94}]
["Composição Auxiliar",88256,"SINAPI","AZULEJISTA OU LADRILHISTA COM ENCARGOS COMPLEMENTARES","SEDI - SERVIÇOS DIVERSOS","H",0.52029999999999998,{"$f":"IF(A562=\"Composição Auxiliar\",VLOOKUP(B562,'SINAPI COMPOSIÇÃO'!$A$2:$E$10256,4,FALSE),IF(A562=\"Insumo\",IF(VLOOKUP(B562,'SINAPI INSUMOS'!$A$2:$F$4852,5,FALSE)=OR(\"\",0),VLOOKUP(B562,'SINAPI INSUMOS'!$A$2:$F$4852,6,FALSE),VLOOKUP(B562,'SINAPI INSUMOS'!$A$2:$F$4852,5,FALSE)),\"VERIFICAR\"))","v":31.7},{"$f":"TRUNC(G562*H562,2)","v":16.489999999999998}]
["Composição Auxiliar",88316,"SINAPI","SERVENTE COM ENCARGOS COMPLEMENTARES","SEDI - SERVIÇOS DIVERSOS","H",0.16739999999999999,{"$f":"IF(A563=\"Composição Auxiliar\",VLOOKUP(B563,'SINAPI COMPOSIÇÃO'!$A$2:$E$10256,4,FALSE),IF(A563=\"Insumo\",IF(VLOOKUP(B563,'SINAPI INSUMOS'!$A$2:$F$4852,5,FALSE)=OR(\"\",0),VLOOKUP(B563,'SINAPI INSUMOS'!$A$2:$F$4852,6,FALSE),VLOOKUP(B563,'SINAPI INSUMOS'!$A$2:$F$4852,5,FALSE)),\"VERIFICAR\"))","v":21.32},{"$f":"TRUNC(G563*H563,2)","v":3.56}]
["Insumo",45190,"SINAPI","PISO EM PORCELANATO, RETIFICADO, LISO, MONOCOLOR, ACETINADO OU POLIDO, FORMATO MAIOR QUE 2500 ATE 6400 CM2","Material","m²",1.069,{"$f":"IF(A564=\"Composição Auxiliar\",VLOOKUP(B564,'SINAPI COMPOSIÇÃO'!$A$2:$E$10256,4,FALSE),IF(A564=\"Insumo\",IF(VLOOKUP(B564,'SINAPI INSUMOS'!$A$2:$F$4852,5,FALSE)=OR(\"\",0),VLOOKUP(B564,'SINAPI INSUMOS'!$A$2:$F$4852,6,FALSE),VLOOKUP(B564,'SINAPI INSUMOS'!$A$2:$F$4852,5,FALSE)),\"VERIFICAR\"))","v":89},{"$f":"TRUNC(G564*H564,2)","v":95.14}]
["Insumo",34357,"SINAPI","REJUNTE CIMENTICIO, QUALQUER COR","Material","KG",0.14099999999999999,{"$f":"IF(A565=\"Composição Auxiliar\",VLOOKUP(B565,'SINAPI COMPOSIÇÃO'!$A$2:$E$10256,4,FALSE),IF(A565=\"Insumo\",IF(VLOOKUP(B565,'SINAPI INSUMOS'!$A$2:$F$4852,5,FALSE)=OR(\"\",0),VLOOKUP(B565,'SINAPI INSUMOS'!$A$2:$F$4852,6,FALSE),VLOOKUP(B565,'SINAPI INSUMOS'!$A$2:$F$4852,5,FALSE)),\"VERIFICAR\"))","v":6.45},{"$f":"TRUNC(G565*H565,2)","v":0.9}]
["Insumo",37595,"SINAPI","ARGAMASSA COLANTE TIPO AC III","Material","KG",9.1300000000000008,{"$f":"IF(A566=\"Composição Auxiliar\",VLOOKUP(B566,'SINAPI COMPOSIÇÃO'!$A$2:$E$10256,4,FALSE),IF(A566=\"Insumo\",IF(VLOOKUP(B566,'SINAPI INSUMOS'!$A$2:$F$4852,5,FALSE)=OR(\"\",0),VLOOKUP(B566,'SINAPI INSUMOS'!$A$2:$F$4852,6,FALSE),VLOOKUP(B566,'SINAPI INSUMOS'!$A$2:$F$4852,5,FALSE)),\"VERIFICAR\"))","v":3.38},{"$f":"TRUNC(G566*H566,2)","v":30.85}]
["9.3","Código","Banco","Descrição","Tipo","Und","Quant.","Valor Unit","Total"]
["Composição",98689,"SINAPI","SOLEIRA EM GRANITO, LARGURA 15 CM, ESPESSURA 2,0 CM. AF_09/2020","PISO - PISOS","M",1,{"$f":"I568","v":165.23},{"$f":"SUM(I569:I573)","v":165.23}]
["Composição Auxiliar",88274,"SINAPI","MARMORISTA/GRANITEIRO COM ENCARGOS COMPLEMENTARES","Livro SINAPI: Cálculos e Parâmetros","H",0.86234440000000001,{"$f":"IF(A569=\"Composição Auxiliar\",VLOOKUP(B569,'SINAPI COMPOSIÇÃO'!$A$2:$E$10256,4,FALSE),IF(A569=\"Insumo\",IF(VLOOKUP(B569,'SINAPI INSUMOS'!$A$2:$F$4852,5,FALSE)=OR(\"\",0),VLOOKUP(B569,'SINAPI INSUMOS'!$A$2:$F$4852,6,FALSE),VLOOKUP(B569,'SINAPI INSUMOS'!$A$2:$F$4852,5,FALSE)),\"VERIFICAR\"))","v":28.86},{"$f":"TRUNC(G569*H569,2)","v":24.88}]
["Composição Auxiliar",88316,"SINAPI","SERVENTE COM ENCARGOS COMPLEMENTARES","Livro SINAPI: Cálculos e Parâmetros","H",0.43117220000000001,{"$f":"IF(A570=\"Composição Auxiliar\",VLOOKUP(B570,'SINAPI COMPOSIÇÃO'!$A$2:$E$10256,4,FALSE),IF(A570=\"Insumo\",IF(VLOOKUP(B570,'SINAPI INSUMOS'!$A$2:$F$4852,5,FALSE)=OR(\"\",0),VLOOKUP(B570,'SINAPI INSUMOS'!$A$2:$F$4852,6,FALSE),VLOOKUP(B570,'SINAPI INSUMOS'!$A$2:$F$4852,5,FALSE)),\"VERIFICAR\"))","v":21.32},{"$f":"TRUNC(G570*H570,2)","v":9.19}]
["Insumo",37595,"SINAPI","ARGAMASSA COLANTE TIPO AC III","Material","KG",1.3694999999999999,{"$f":"IF(A571=\"Composição Auxiliar\",VLOOKUP(B571,'SINAPI COMPOSIÇÃO'!$A$2:$E$10256,4,FALSE),IF(A571=\"Insumo\",IF(VLOOKUP(B571,'SINAPI INSUMOS'!$A$2:$F$4852,5,FALSE)=OR(\"\",0),VLOOKUP(B571,'SINAPI INSUMOS'!$A$2:$F$4852,6,FALSE),VLOOKUP(B571,'SINAPI INSUMOS'!$A$2:$F$4852,5,FALSE)),\"VERIFICAR\"))","v":3.38},{"$f":"TRUNC(G571*H571,2)","v":4.62}]
["Insumo",34357,"SINAPI","REJUNTE CIMENTICIO, QUALQUER COR","Material","KG",2.1000000000000001E-2,{"$f":"IF(A572=\"Composição Auxiliar\",VLOOKUP(B572,'SINAPI COMPOSIÇÃO'!$A$2:$E$10256,4,FALSE),IF(A572=\"Insumo\",IF(VLOOKUP(B572,'SINAPI INSUMOS'!$A$2:$F$4852,5,FALSE)=OR(\"\",0),VLOOKUP(B572,'SINAPI INSUMOS'!$A$2:$F$4852,6,FALSE),VLOOKUP(B572,'SINAPI INSUMOS'!$A$2:$F$4852,5,FALSE)),\"VERIFICAR\"))","v":6.45},{"$f":"TRUNC(G572*H572,2)","v":0.13}]
["Insumo",20232,"SINAPI","SOLEIRA EM GRANITO, POLIDO, TIPO ANDORINHA/ QUARTZ/ CASTELO/ CORUMBA OU OUTROS EQUIVALENTES DA REGIAO, L= *15* CM, E= *2,0* CM","Material","M",1,{"$f":"IF(A573=\"Composição Auxiliar\",VLOOKUP(B573,'SINAPI COMPOSIÇÃO'!$A$2:$E$10256,4,FALSE),IF(A573=\"Insumo\",IF(VLOOKUP(B573,'SINAPI INSUMOS'!$A$2:$F$4852,5,FALSE)=OR(\"\",0),VLOOKUP(B573,'SINAPI INSUMOS'!$A$2:$F$4852,6,FALSE),VLOOKUP(B573,'SINAPI INSUMOS'!$A$2:$F$4852,5,FALSE)),\"VERIFICAR\"))","v":126.41},{"$f":"TRUNC(G573*H573,2)","v":126.41}]
["9.4","Código","Banco","Descrição","Tipo","Und","Quant.","Valor Unit","Total"]
["Insumo",10709,"SINAPI","CARPETE DE NYLON EM MANTA PARA TRAFEGO COMERCIAL PESADO, E = 9 A 10 MM (INSTALADO)","Material","KG",1,{"$f":"IF(A575=\"Composição Auxiliar\",VLOOKUP(B575,'SINAPI COMPOSIÇÃO'!$A$2:$E$10256,4,FALSE),IF(A575=\"Insumo\",IF(VLOOKUP(B575,'SINAPI INSUMOS'!$A$2:$F$4852,5,FALSE)=OR(\"\",0),VLOOKUP(B575,'SINAPI INSUMOS'!$A$2:$F$4852,6,FALSE),VLOOKUP(B575,'SINAPI INSUMOS'!$A$2:$F$4852,5,FALSE)),\"VERIFICAR\"))","v":230.97},{"$f":"TRUNC(G575*H575,2)","v":230.97}]
["9.5","Código","Banco","Descrição","Tipo","Und","Quant.","Valor Unit","Total"]
["Composição",94990,"SINAPI","EXECUÇÃO DE PASSEIO (CALÇADA) OU PISO DE CONCRETO COM CONCRETO MOLDADO IN LOCO, FEITO EM OBRA, ACABAMENTO CONVENCIONAL, NÃO ARMADO. AF_08/2022","PISO - PISOS","m³",1,{"$f":"I577","v":1094.19},{"$f":"SUM(I578:I585)","v":1094.19}]
["Composição Auxiliar",88262,"SINAPI","CARPINTEIRO DE FORMAS COM ENCARGOS COMPLEMENTARES","SEDI - SERVIÇOS DIVERSOS","H",1.6268,{"$f":"IF(A578=\"Composição Auxiliar\",VLOOKUP(B578,'SINAPI COMPOSIÇÃO'!$A$2:$E$10256,4,FALSE),IF(A578=\"Insumo\",IF(VLOOKUP(B578,'SINAPI INSUMOS'!$A$2:$F$4852,5,FALSE)=OR(\"\",0),VLOOKUP(B578,'SINAPI INSUMOS'!$A$2:$F$4852,6,FALSE),VLOOKUP(B578,'SINAPI INSUMOS'!$A$2:$F$4852,5,FALSE)),\"VERIFICAR\"))","v":26.98},{"$f":"TRUNC(G578*H578,2)","v":43.89}]
["Composição Auxiliar",94964,"SINAPI","CONCRETO FCK = 20MPA, TRAÇO 1:2,7:3 (EM MASSA SECA DE CIMENTO/ AREIA MÉDIA/ BRITA 1) - PREPARO MECÂNICO COM BETONEIRA 400 L. AF_05/2021","FUES - FUNDAÇÕES E ESTRUTURAS","m³",1.2315,{"$f":"IF(A579=\"Composição Auxiliar\",VLOOKUP(B579,'SINAPI COMPOSIÇÃO'!$A$2:$E$10256,4,FALSE),IF(A579=\"Insumo\",IF(VLOOKUP(B579,'SINAPI INSUMOS'!$A$2:$F$4852,5,FALSE)=OR(\"\",0),VLOOKUP(B579,'SINAPI INSUMOS'!$A$2:$F$4852,6,FALSE),VLOOKUP(B579,'SINAPI INSUMOS'!$A$2:$F$4852,5,FALSE)),\"VERIFICAR\"))","v":744.47},916.81]
["Composição Auxiliar",88309,"SINAPI","PEDREIRO COM ENCARGOS COMPLEMENTARES","SEDI - SERVIÇOS DIVERSOS","H",1.4149,{"$f":"IF(A580=\"Composição Auxiliar\",VLOOKUP(B580,'SINAPI COMPOSIÇÃO'!$A$2:$E$10256,4,FALSE),IF(A580=\"Insumo\",IF(VLOOKUP(B580,'SINAPI INSUMOS'!$A$2:$F$4852,5,FALSE)=OR(\"\",0),VLOOKUP(B580,'SINAPI INSUMOS'!$A$2:$F$4852,6,FALSE),VLOOKUP(B580,'SINAPI INSUMOS'!$A$2:$F$4852,5,FALSE)),\"VERIFICAR\"))","v":27.58},39.020000000000003]
["Composição Auxiliar",88316,"SINAPI","SERVENTE COM ENCARGOS COMPLEMENTARES","SEDI - SERVIÇOS DIVERSOS","H",3.0417000000000001,{"$f":"IF(A581=\"Composição Auxiliar\",VLOOKUP(B581,'SINAPI COMPOSIÇÃO'!$A$2:$E$10256,4,FALSE),IF(A581=\"Insumo\",IF(VLOOKUP(B581,'SINAPI INSUMOS'!$A$2:$F$4852,5,FALSE)=OR(\"\",0),VLOOKUP(B581,'SINAPI INSUMOS'!$A$2:$F$4852,6,FALSE),VLOOKUP(B581,'SINAPI INSUMOS'!$A$2:$F$4852,5,FALSE)),\"VERIFICAR\"))","v":21.32},64.84]
["Insumo",4517,"SINAPI","SARRAFO *2,5 X 7,5* CM EM PINUS, MISTA OU EQUIVALENTE DA REGIAO - BRUTA","Material","M",2.5,{"$f":"IF(A582=\"Composição Auxiliar\",VLOOKUP(B582,'SINAPI COMPOSIÇÃO'!$A$2:$E$10256,4,FALSE),IF(A582=\"Insumo\",IF(VLOOKUP(B582,'SINAPI INSUMOS'!$A$2:$F$4852,5,FALSE)=OR(\"\",0),VLOOKUP(B582,'SINAPI INSUMOS'!$A$2:$F$4852,6,FALSE),VLOOKUP(B582,'SINAPI INSUMOS'!$A$2:$F$4852,5,FALSE)),\"VERIFICAR\"))","v":3.52},8.8000000000000007]
["Insumo",2692,"SINAPI","DESMOLDANTE PROTETOR PARA FORMAS DE MADEIRA, DE BASE OLEOSA EMULSIONADA EM AGUA","Material","L",2.1299999999999999E-2,{"$f":"IF(A583=\"Composição Auxiliar\",VLOOKUP(B583,'SINAPI COMPOSIÇÃO'!$A$2:$E$10256,4,FALSE),IF(A583=\"Insumo\",IF(VLOOKUP(B583,'SINAPI INSUMOS'!$A$2:$F$4852,5,FALSE)=OR(\"\",0),VLOOKUP(B583,'SINAPI INSUMOS'!$A$2:$F$4852,6,FALSE),VLOOKUP(B583,'SINAPI INSUMOS'!$A$2:$F$4852,5,FALSE)),\"VERIFICAR\"))","v":7.67},0.16]
["Insumo",4509,"SINAPI","SARRAFO *2,5 X 10* CM EM PINUS, MISTA OU EQUIVALENTE DA REGIAO - BRUTA","Material","M",3.125,{"$f":"IF(A584=\"Composição Auxiliar\",VLOOKUP(B584,'SINAPI COMPOSIÇÃO'!$A$2:$E$10256,4,FALSE),IF(A584=\"Insumo\",IF(VLOOKUP(B584,'SINAPI INSUMOS'!$A$2:$F$4852,5,FALSE)=OR(\"\",0),VLOOKUP(B584,'SINAPI INSUMOS'!$A$2:$F$4852,6,FALSE),VLOOKUP(B584,'SINAPI INSUMOS'!$A$2:$F$4852,5,FALSE)),\"VERIFICAR\"))","v":5.0999999999999996},15.93]
["Insumo",5068,"SINAPI","PREGO DE ACO POLIDO COM CABECA 17 X 21 (2 X 11)","Material","KG",0.2994,{"$f":"IF(A585=\"Composição Auxiliar\",VLOOKUP(B585,'SINAPI COMPOSIÇÃO'!$A$2:$E$10256,4,FALSE),IF(A585=\"Insumo\",IF(VLOOKUP(B585,'SINAPI INSUMOS'!$A$2:$F$4852,5,FALSE)=OR(\"\",0),VLOOKUP(B585,'SINAPI INSUMOS'!$A$2:$F$4852,6,FALSE),VLOOKUP(B585,'SINAPI INSUMOS'!$A$2:$F$4852,5,FALSE)),\"VERIFICAR\"))","v":15.86},4.74]
["9.6","Código","Banco","Descrição","Tipo","Und","Quant.","Valor Unit","Total"]
["Composição",101094,"SINAPI","PISO PODOTÁTIL DE ALERTA OU DIRECIONAL, DE BORRACHA, ASSENTADO SOBRE ARGAMASSA. AF_02/2026","PISO - PISOS","M",1,{"$f":"I587","v":192.74},{"$f":"SUM(I588:I591)","v":192.74}]
["Composição Auxiliar",88309,"SINAPI","PEDREIRO COM ENCARGOS COMPLEMENTARES","SEDI - SERVIÇOS DIVERSOS","H",1.143022,{"$f":"IF(A588=\"Composição Auxiliar\",VLOOKUP(B588,'SINAPI COMPOSIÇÃO'!$A$2:$E$10256,4,FALSE),IF(A588=\"Insumo\",IF(VLOOKUP(B588,'SINAPI INSUMOS'!$A$2:$F$4852,5,FALSE)=OR(\"\",0),VLOOKUP(B588,'SINAPI INSUMOS'!$A$2:$F$4852,6,FALSE),VLOOKUP(B588,'SINAPI INSUMOS'!$A$2:$F$4852,5,FALSE)),\"VERIFICAR\"))","v":27.58},{"$f":"TRUNC(G588*H588,2)","v":31.52}]
["Composição Auxiliar",88316,"SINAPI","SERVENTE COM ENCARGOS COMPLEMENTARES","SEDI - SERVIÇOS DIVERSOS","H",0.57151099999999999,{"$f":"IF(A589=\"Composição Auxiliar\",VLOOKUP(B589,'SINAPI COMPOSIÇÃO'!$A$2:$E$10256,4,FALSE),IF(A589=\"Insumo\",IF(VLOOKUP(B589,'SINAPI INSUMOS'!$A$2:$F$4852,5,FALSE)=OR(\"\",0),VLOOKUP(B589,'SINAPI INSUMOS'!$A$2:$F$4852,6,FALSE),VLOOKUP(B589,'SINAPI INSUMOS'!$A$2:$F$4852,5,FALSE)),\"VERIFICAR\"))","v":21.32},{"$f":"TRUNC(G589*H589,2)","v":12.18}]
["Insumo",37595,"SINAPI","ARGAMASSA COLANTE TIPO AC III","Material","KG",1.2150000000000001,{"$f":"IF(A590=\"Composição Auxiliar\",VLOOKUP(B590,'SINAPI COMPOSIÇÃO'!$A$2:$E$10256,4,FALSE),IF(A590=\"Insumo\",IF(VLOOKUP(B590,'SINAPI INSUMOS'!$A$2:$F$4852,5,FALSE)=OR(\"\",0),VLOOKUP(B590,'SINAPI INSUMOS'!$A$2:$F$4852,6,FALSE),VLOOKUP(B590,'SINAPI INSUMOS'!$A$2:$F$4852,5,FALSE)),\"VERIFICAR\"))","v":3.38},{"$f":"TRUNC(G590*H590,2)","v":4.0999999999999996}]
["Insumo",38186,"SINAPI","PISO TATIL DE ALERTA OU DIRECIONAL, DE BORRACHA, COLORIDO, 25 X 25 CM, E = 12 MM, PARA ARGAMASSA","Material","m²",0.25,{"$f":"IF(A591=\"Composição Auxiliar\",VLOOKUP(B591,'SINAPI COMPOSIÇÃO'!$A$2:$E$10256,4,FALSE),IF(A591=\"Insumo\",IF(VLOOKUP(B591,'SINAPI INSUMOS'!$A$2:$F$4852,5,FALSE)=OR(\"\",0),VLOOKUP(B591,'SINAPI INSUMOS'!$A$2:$F$4852,6,FALSE),VLOOKUP(B591,'SINAPI INSUMOS'!$A$2:$F$4852,5,FALSE)),\"VERIFICAR\"))","v":579.78},{"$f":"TRUNC(G591*H591,2)","v":144.94}]
["10",null,null,"INSTALAÇÕES HIDROSSANITÁRIAS"]
["10.1",null,null,"ÁGUA FRIA"]
["10.1.1","Código","Banco","Descrição","Tipo","Und","Quant.","Valor Unit","Total"]
["Composição",103036,"SINAPI","REGISTRO DE ESFERA, PVC, ROSCÁVEL, COM VOLANTE, 1/2\" - FORNECIMENTO E INSTALAÇÃO. AF_08/2021","INHI - INSTALAÇÕES HIDROS SANITÁRIAS","UN",1,{"$f":"I595","v":23.79},{"$f":"SUM(I596:I599)","v":23.79}]
["Composição Auxiliar",88267,"SINAPI","ENCANADOR OU BOMBEIRO HIDRÁULICO COM ENCARGOS COMPLEMENTARES","SEDI - SERVIÇOS DIVERSOS","H",7.1900000000000006E-2,{"$f":"IF(A596=\"Composição Auxiliar\",VLOOKUP(B596,'SINAPI COMPOSIÇÃO'!$A$2:$E$10256,4,FALSE),IF(A596=\"Insumo\",IF(VLOOKUP(B596,'SINAPI INSUMOS'!$A$2:$F$4852,5,FALSE)=OR(\"\",0),VLOOKUP(B596,'SINAPI INSUMOS'!$A$2:$F$4852,6,FALSE),VLOOKUP(B596,'SINAPI INSUMOS'!$A$2:$F$4852,5,FALSE)),\"VERIFICAR\"))","v":27.01},{"$f":"TRUNC(G596*H596,2)","v":1.94}]
["Composição Auxiliar",88248,"SINAPI","AUXILIAR DE ENCANADOR OU BOMBEIRO HIDRÁULICO COM ENCARGOS COMPLEMENTARES","SEDI - SERVIÇOS DIVERSOS","H",7.1900000000000006E-2,{"$f":"IF(A597=\"Composição Auxiliar\",VLOOKUP(B597,'SINAPI COMPOSIÇÃO'!$A$2:$E$10256,4,FALSE),IF(A597=\"Insumo\",IF(VLOOKUP(B597,'SINAPI INSUMOS'!$A$2:$F$4852,5,FALSE)=OR(\"\",0),VLOOKUP(B597,'SINAPI INSUMOS'!$A$2:$F$4852,6,FALSE),VLOOKUP(B597,'SINAPI INSUMOS'!$A$2:$F$4852,5,FALSE)),\"VERIFICAR\"))","v":23.01},{"$f":"TRUNC(G597*H597,2)","v":1.65}]
["Insumo",3148,"SINAPI","FITA VEDA ROSCA, EM PTFE, ROLO DE 18 MM X 50 M (L X C)","Material","UN",8.3999999999999995E-3,{"$f":"IF(A598=\"Composição Auxiliar\",VLOOKUP(B598,'SINAPI COMPOSIÇÃO'!$A$2:$E$10256,4,FALSE),IF(A598=\"Insumo\",IF(VLOOKUP(B598,'SINAPI INSUMOS'!$A$2:$F$4852,5,FALSE)=OR(\"\",0),VLOOKUP(B598,'SINAPI INSUMOS'!$A$2:$F$4852,6,FALSE),VLOOKUP(B598,'SINAPI INSUMOS'!$A$2:$F$4852,5,FALSE)),\"VERIFICAR\"))","v":15.3},{"$f":"TRUNC(G598*H598,2)","v":0.12}]
["Insumo",11670,"SINAPI","REGISTRO DE ESFERA, PVC, COM VOLANTE, VS, ROSCAVEL, DN 1/2\", COM CORPO DIVIDIDO","Material","UN",1,{"$f":"IF(A599=\"Composição Auxiliar\",VLOOKUP(B599,'SINAPI COMPOSIÇÃO'!$A$2:$E$10256,4,FALSE),IF(A599=\"Insumo\",IF(VLOOKUP(B599,'SINAPI INSUMOS'!$A$2:$F$4852,5,FALSE)=OR(\"\",0),VLOOKUP(B599,'SINAPI INSUMOS'!$A$2:$F$4852,6,FALSE),VLOOKUP(B599,'SINAPI INSUMOS'!$A$2:$F$4852,5,FALSE)),\"VERIFICAR\"))","v":20.079999999999998},{"$f":"TRUNC(G599*H599,2)","v":20.079999999999998}]
["10.1.2","Código","Banco","Descrição","Tipo","Und","Quant.","Valor Unit","Total"]
["Composição",89987,"SINAPI","REGISTRO DE GAVETA BRUTO, LATÃO, ROSCÁVEL, 3/4\", COM ACABAMENTO E CANOPLA CROMADOS - FORNECIMENTO E INSTALAÇÃO. AF_08/2021","INHI - INSTALAÇÕES HIDROS SANITÁRIAS","UN",1,{"$f":"I601","v":100.21000000000001},{"$f":"SUM(I602:I605)","v":100.21000000000001}]
["Composição Auxiliar",88267,"SINAPI","ENCANADOR OU BOMBEIRO HIDRÁULICO COM ENCARGOS COMPLEMENTARES","SEDI - SERVIÇOS DIVERSOS","H",0.22120000000000001,{"$f":"IF(A602=\"Composição Auxiliar\",VLOOKUP(B602,'SINAPI COMPOSIÇÃO'!$A$2:$E$10256,4,FALSE),IF(A602=\"Insumo\",IF(VLOOKUP(B602,'SINAPI INSUMOS'!$A$2:$F$4852,5,FALSE)=OR(\"\",0),VLOOKUP(B602,'SINAPI INSUMOS'!$A$2:$F$4852,6,FALSE),VLOOKUP(B602,'SINAPI INSUMOS'!$A$2:$F$4852,5,FALSE)),\"VERIFICAR\"))","v":27.01},{"$f":"TRUNC(G602*H602,2)","v":5.97}]
["Composição Auxiliar",88248,"SINAPI","AUXILIAR DE ENCANADOR OU BOMBEIRO HIDRÁULICO COM ENCARGOS COMPLEMENTARES","SEDI - SERVIÇOS DIVERSOS","H",0.22120000000000001,{"$f":"IF(A603=\"Composição Auxiliar\",VLOOKUP(B603,'SINAPI COMPOSIÇÃO'!$A$2:$E$10256,4,FALSE),IF(A603=\"Insumo\",IF(VLOOKUP(B603,'SINAPI INSUMOS'!$A$2:$F$4852,5,FALSE)=OR(\"\",0),VLOOKUP(B603,'SINAPI INSUMOS'!$A$2:$F$4852,6,FALSE),VLOOKUP(B603,'SINAPI INSUMOS'!$A$2:$F$4852,5,FALSE)),\"VERIFICAR\"))","v":23.01},{"$f":"TRUNC(G603*H603,2)","v":5.08}]
["Insumo",3148,"SINAPI","FITA VEDA ROSCA, EM PTFE, ROLO DE 18 MM X 50 M (L X C)","Material","UN",1.06E-2,{"$f":"IF(A604=\"Composição Auxiliar\",VLOOKUP(B604,'SINAPI COMPOSIÇÃO'!$A$2:$E$10256,4,FALSE),IF(A604=\"Insumo\",IF(VLOOKUP(B604,'SINAPI INSUMOS'!$A$2:$F$4852,5,FALSE)=OR(\"\",0),VLOOKUP(B604,'SINAPI INSUMOS'!$A$2:$F$4852,6,FALSE),VLOOKUP(B604,'SINAPI INSUMOS'!$A$2:$F$4852,5,FALSE)),\"VERIFICAR\"))","v":15.3},{"$f":"TRUNC(G604*H604,2)","v":0.16}]
["Insumo",6005,"SINAPI","REGISTRO GAVETA COM ACABAMENTO E CANOPLA CROMADOS, SIMPLES, BITOLA 3/4\"","Material","UN",1,{"$f":"IF(A605=\"Composição Auxiliar\",VLOOKUP(B605,'SINAPI COMPOSIÇÃO'!$A$2:$E$10256,4,FALSE),IF(A605=\"Insumo\",IF(VLOOKUP(B605,'SINAPI INSUMOS'!$A$2:$F$4852,5,FALSE)=OR(\"\",0),VLOOKUP(B605,'SINAPI INSUMOS'!$A$2:$F$4852,6,FALSE),VLOOKUP(B605,'SINAPI INSUMOS'!$A$2:$F$4852,5,FALSE)),\"VERIFICAR\"))","v":89},{"$f":"TRUNC(G605*H605,2)","v":89}]
["10.1.3","Código","Banco","Descrição","Tipo","Und","Quant.","Valor Unit","Total"]
["Composição",89985,"SINAPI","REGISTRO DE PRESSÃO BRUTO, LATÃO, ROSCÁVEL, 3/4\", COM ACABAMENTO E CANOPLA CROMADOS - FORNECIMENTO E INSTALAÇÃO. AF_08/2021","INHI - INSTALAÇÕES HIDROS SANITÁRIAS","UN",1,{"$f":"I607","v":95.15},{"$f":"SUM(I608:I611)","v":95.15}]
["Composição Auxiliar",88267,"SINAPI","ENCANADOR OU BOMBEIRO HIDRÁULICO COM ENCARGOS COMPLEMENTARES","SEDI - SERVIÇOS DIVERSOS","H",0.22120000000000001,{"$f":"IF(A608=\"Composição Auxiliar\",VLOOKUP(B608,'SINAPI COMPOSIÇÃO'!$A$2:$E$10256,4,FALSE),IF(A608=\"Insumo\",IF(VLOOKUP(B608,'SINAPI INSUMOS'!$A$2:$F$4852,5,FALSE)=OR(\"\",0),VLOOKUP(B608,'SINAPI INSUMOS'!$A$2:$F$4852,6,FALSE),VLOOKUP(B608,'SINAPI INSUMOS'!$A$2:$F$4852,5,FALSE)),\"VERIFICAR\"))","v":27.01},{"$f":"TRUNC(G608*H608,2)","v":5.97}]
["Composição Auxiliar",88248,"SINAPI","AUXILIAR DE ENCANADOR OU BOMBEIRO HIDRÁULICO COM ENCARGOS COMPLEMENTARES","SEDI - SERVIÇOS DIVERSOS","H",0.22120000000000001,{"$f":"IF(A609=\"Composição Auxiliar\",VLOOKUP(B609,'SINAPI COMPOSIÇÃO'!$A$2:$E$10256,4,FALSE),IF(A609=\"Insumo\",IF(VLOOKUP(B609,'SINAPI INSUMOS'!$A$2:$F$4852,5,FALSE)=OR(\"\",0),VLOOKUP(B609,'SINAPI INSUMOS'!$A$2:$F$4852,6,FALSE),VLOOKUP(B609,'SINAPI INSUMOS'!$A$2:$F$4852,5,FALSE)),\"VERIFICAR\"))","v":23.01},{"$f":"TRUNC(G609*H609,2)","v":5.08}]
["Insumo",3148,"SINAPI","FITA VEDA ROSCA, EM PTFE, ROLO DE 18 MM X 50 M (L X C)","Material","UN",1.06E-2,{"$f":"IF(A610=\"Composição Auxiliar\",VLOOKUP(B610,'SINAPI COMPOSIÇÃO'!$A$2:$E$10256,4,FALSE),IF(A610=\"Insumo\",IF(VLOOKUP(B610,'SINAPI INSUMOS'!$A$2:$F$4852,5,FALSE)=OR(\"\",0),VLOOKUP(B610,'SINAPI INSUMOS'!$A$2:$F$4852,6,FALSE),VLOOKUP(B610,'SINAPI INSUMOS'!$A$2:$F$4852,5,FALSE)),\"VERIFICAR\"))","v":15.3},{"$f":"TRUNC(G610*H610,2)","v":0.16}]
["Insumo",6024,"SINAPI","REGISTRO PRESSAO COM ACABAMENTO E CANOPLA CROMADA, SIMPLES, BITOLA 3/4\"","Material","UN",1,{"$f":"IF(A611=\"Composição Auxiliar\",VLOOKUP(B611,'SINAPI COMPOSIÇÃO'!$A$2:$E$10256,4,FALSE),IF(A611=\"Insumo\",IF(VLOOKUP(B611,'SINAPI INSUMOS'!$A$2:$F$4852,5,FALSE)=OR(\"\",0),VLOOKUP(B611,'SINAPI INSUMOS'!$A$2:$F$4852,6,FALSE),VLOOKUP(B611,'SINAPI INSUMOS'!$A$2:$F$4852,5,FALSE)),\"VERIFICAR\"))","v":83.94},{"$f":"TRUNC(G611*H611,2)","v":83.94}]
["10.1.4","Código","Banco","Descrição","Tipo","Und","Quant.","Valor Unit","Total"]
["Composição",103041,"SINAPI","REGISTRO DE ESFERA, PVC, ROSCÁVEL, COM BORBOLETA, 1/2\" - FORNECIMENTO E INSTALAÇÃO. AF_08/2021","INHI - INSTALAÇÕES HIDROS SANITÁRIAS","UN",1,{"$f":"I613","v":19.880000000000003},{"$f":"SUM(I614:I617)","v":19.880000000000003}]
["Composição Auxiliar",88248,"SINAPI","AUXILIAR DE ENCANADOR OU BOMBEIRO HIDRÁULICO COM ENCARGOS COMPLEMENTARES","SEDI - SERVIÇOS DIVERSOS","H",7.1900000000000006E-2,{"$f":"IF(A614=\"Composição Auxiliar\",VLOOKUP(B614,'SINAPI COMPOSIÇÃO'!$A$2:$E$10256,4,FALSE),IF(A614=\"Insumo\",IF(VLOOKUP(B614,'SINAPI INSUMOS'!$A$2:$F$4852,5,FALSE)=OR(\"\",0),VLOOKUP(B614,'SINAPI INSUMOS'!$A$2:$F$4852,6,FALSE),VLOOKUP(B614,'SINAPI INSUMOS'!$A$2:$F$4852,5,FALSE)),\"VERIFICAR\"))","v":23.01},{"$f":"TRUNC(G614*H614,2)","v":1.65}]
["Composição Auxiliar",88267,"SINAPI","ENCANADOR OU BOMBEIRO HIDRÁULICO COM ENCARGOS COMPLEMENTARES","SEDI - SERVIÇOS DIVERSOS","H",7.1900000000000006E-2,{"$f":"IF(A615=\"Composição Auxiliar\",VLOOKUP(B615,'SINAPI COMPOSIÇÃO'!$A$2:$E$10256,4,FALSE),IF(A615=\"Insumo\",IF(VLOOKUP(B615,'SINAPI INSUMOS'!$A$2:$F$4852,5,FALSE)=OR(\"\",0),VLOOKUP(B615,'SINAPI INSUMOS'!$A$2:$F$4852,6,FALSE),VLOOKUP(B615,'SINAPI INSUMOS'!$A$2:$F$4852,5,FALSE)),\"VERIFICAR\"))","v":27.01},{"$f":"TRUNC(G615*H615,2)","v":1.94}]
["Insumo",6036,"SINAPI","REGISTRO DE ESFERA PVC, COM BORBOLETA, COM ROSCA EXTERNA, DE 1/2\"","Material","UN",1,{"$f":"IF(A616=\"Composição Auxiliar\",VLOOKUP(B616,'SINAPI COMPOSIÇÃO'!$A$2:$E$10256,4,FALSE),IF(A616=\"Insumo\",IF(VLOOKUP(B616,'SINAPI INSUMOS'!$A$2:$F$4852,5,FALSE)=OR(\"\",0),VLOOKUP(B616,'SINAPI INSUMOS'!$A$2:$F$4852,6,FALSE),VLOOKUP(B616,'SINAPI INSUMOS'!$A$2:$F$4852,5,FALSE)),\"VERIFICAR\"))","v":16.170000000000002},{"$f":"TRUNC(G616*H616,2)","v":16.170000000000002}]
["Insumo",3148,"SINAPI","FITA VEDA ROSCA, EM PTFE, ROLO DE 18 MM X 50 M (L X C)","Material","UN",8.3999999999999995E-3,{"$f":"IF(A617=\"Composição Auxiliar\",VLOOKUP(B617,'SINAPI COMPOSIÇÃO'!$A$2:$E$10256,4,FALSE),IF(A617=\"Insumo\",IF(VLOOKUP(B617,'SINAPI INSUMOS'!$A$2:$F$4852,5,FALSE)=OR(\"\",0),VLOOKUP(B617,'SINAPI INSUMOS'!$A$2:$F$4852,6,FALSE),VLOOKUP(B617,'SINAPI INSUMOS'!$A$2:$F$4852,5,FALSE)),\"VERIFICAR\"))","v":15.3},{"$f":"TRUNC(G617*H617,2)","v":0.12}]
["10.1.5","Código","Banco","Descrição","Tipo","Und","Quant.","Valor Unit","Total"]
["Composição",89986,"SINAPI","REGISTRO DE GAVETA BRUTO, LATÃO, ROSCÁVEL, 1/2\", COM ACABAMENTO E CANOPLA CROMADOS - FORNECIMENTO E INSTALAÇÃO. AF_08/2021","INHI - INSTALAÇÕES HIDROS SANITÁRIAS","UN",1,{"$f":"I619","v":88.15},{"$f":"SUM(I620:I623)","v":88.15}]
["Composição Auxiliar",88267,"SINAPI","ENCANADOR OU BOMBEIRO HIDRÁULICO COM ENCARGOS COMPLEMENTARES","SEDI - SERVIÇOS DIVERSOS","H",0.18290000000000001,{"$f":"IF(A620=\"Composição Auxiliar\",VLOOKUP(B620,'SINAPI COMPOSIÇÃO'!$A$2:$E$10256,4,FALSE),IF(A620=\"Insumo\",IF(VLOOKUP(B620,'SINAPI INSUMOS'!$A$2:$F$4852,5,FALSE)=OR(\"\",0),VLOOKUP(B620,'SINAPI INSUMOS'!$A$2:$F$4852,6,FALSE),VLOOKUP(B620,'SINAPI INSUMOS'!$A$2:$F$4852,5,FALSE)),\"VERIFICAR\"))","v":27.01},{"$f":"TRUNC(G620*H620,2)","v":4.9400000000000004}]
["Composição Auxiliar",88248,"SINAPI","AUXILIAR DE ENCANADOR OU BOMBEIRO HIDRÁULICO COM ENCARGOS COMPLEMENTARES","SEDI - SERVIÇOS DIVERSOS","H",0.18290000000000001,{"$f":"IF(A621=\"Composição Auxiliar\",VLOOKUP(B621,'SINAPI COMPOSIÇÃO'!$A$2:$E$10256,4,FALSE),IF(A621=\"Insumo\",IF(VLOOKUP(B621,'SINAPI INSUMOS'!$A$2:$F$4852,5,FALSE)=OR(\"\",0),VLOOKUP(B621,'SINAPI INSUMOS'!$A$2:$F$4852,6,FALSE),VLOOKUP(B621,'SINAPI INSUMOS'!$A$2:$F$4852,5,FALSE)),\"VERIFICAR\"))","v":23.01},{"$f":"TRUNC(G621*H621,2)","v":4.2}]
["Insumo",6006,"SINAPI","REGISTRO GAVETA COM ACABAMENTO E CANOPLA CROMADOS, SIMPLES, BITOLA 1/2\"","Material","UN",1,{"$f":"IF(A622=\"Composição Auxiliar\",VLOOKUP(B622,'SINAPI COMPOSIÇÃO'!$A$2:$E$10256,4,FALSE),IF(A622=\"Insumo\",IF(VLOOKUP(B622,'SINAPI INSUMOS'!$A$2:$F$4852,5,FALSE)=OR(\"\",0),VLOOKUP(B622,'SINAPI INSUMOS'!$A$2:$F$4852,6,FALSE),VLOOKUP(B622,'SINAPI INSUMOS'!$A$2:$F$4852,5,FALSE)),\"VERIFICAR\"))","v":78.89},{"$f":"TRUNC(G622*H622,2)","v":78.89}]
["Insumo",3148,"SINAPI","FITA VEDA ROSCA, EM PTFE, ROLO DE 18 MM X 50 M (L X C)","Material","UN",8.3999999999999995E-3,{"$f":"IF(A623=\"Composição Auxiliar\",VLOOKUP(B623,'SINAPI COMPOSIÇÃO'!$A$2:$E$10256,4,FALSE),IF(A623=\"Insumo\",IF(VLOOKUP(B623,'SINAPI INSUMOS'!$A$2:$F$4852,5,FALSE)=OR(\"\",0),VLOOKUP(B623,'SINAPI INSUMOS'!$A$2:$F$4852,6,FALSE),VLOOKUP(B623,'SINAPI INSUMOS'!$A$2:$F$4852,5,FALSE)),\"VERIFICAR\"))","v":15.3},{"$f":"TRUNC(G623*H623,2)","v":0.12}]
["10.1.6","Código","Banco","Descrição","Tipo","Und","Quant.","Valor Unit","Total"]
["Composição",94793,"SINAPI","REGISTRO DE GAVETA BRUTO, LATÃO, ROSCÁVEL, 1 1/4\", COM ACABAMENTO E CANOPLA CROMADOS - FORNECIMENTO E INSTALAÇÃO. AF_08/2021","INHI - INSTALAÇÕES HIDROS SANITÁRIAS","UN",1,{"$f":"I625","v":167.37},{"$f":"SUM(I626:I629)","v":167.37}]
["Composição Auxiliar",88248,"SINAPI","AUXILIAR DE ENCANADOR OU BOMBEIRO HIDRÁULICO COM ENCARGOS COMPLEMENTARES","SEDI - SERVIÇOS DIVERSOS","H",0.31309999999999999,{"$f":"IF(A626=\"Composição Auxiliar\",VLOOKUP(B626,'SINAPI COMPOSIÇÃO'!$A$2:$E$10256,4,FALSE),IF(A626=\"Insumo\",IF(VLOOKUP(B626,'SINAPI INSUMOS'!$A$2:$F$4852,5,FALSE)=OR(\"\",0),VLOOKUP(B626,'SINAPI INSUMOS'!$A$2:$F$4852,6,FALSE),VLOOKUP(B626,'SINAPI INSUMOS'!$A$2:$F$4852,5,FALSE)),\"VERIFICAR\"))","v":23.01},{"$f":"TRUNC(G626*H626,2)","v":7.2}]
["Composição Auxiliar",88267,"SINAPI","ENCANADOR OU BOMBEIRO HIDRÁULICO COM ENCARGOS COMPLEMENTARES","SEDI - SERVIÇOS DIVERSOS","H",0.31309999999999999,{"$f":"IF(A627=\"Composição Auxiliar\",VLOOKUP(B627,'SINAPI COMPOSIÇÃO'!$A$2:$E$10256,4,FALSE),IF(A627=\"Insumo\",IF(VLOOKUP(B627,'SINAPI INSUMOS'!$A$2:$F$4852,5,FALSE)=OR(\"\",0),VLOOKUP(B627,'SINAPI INSUMOS'!$A$2:$F$4852,6,FALSE),VLOOKUP(B627,'SINAPI INSUMOS'!$A$2:$F$4852,5,FALSE)),\"VERIFICAR\"))","v":27.01},{"$f":"TRUNC(G627*H627,2)","v":8.4499999999999993}]
["Insumo",6014,"SINAPI","REGISTRO GAVETA COM ACABAMENTO E CANOPLA CROMADOS, SIMPLES, BITOLA 1 1/4\"","Material","UN",1,{"$f":"IF(A628=\"Composição Auxiliar\",VLOOKUP(B628,'SINAPI COMPOSIÇÃO'!$A$2:$E$10256,4,FALSE),IF(A628=\"Insumo\",IF(VLOOKUP(B628,'SINAPI INSUMOS'!$A$2:$F$4852,5,FALSE)=OR(\"\",0),VLOOKUP(B628,'SINAPI INSUMOS'!$A$2:$F$4852,6,FALSE),VLOOKUP(B628,'SINAPI INSUMOS'!$A$2:$F$4852,5,FALSE)),\"VERIFICAR\"))","v":151.47},{"$f":"TRUNC(G628*H628,2)","v":151.47}]
["Insumo",3148,"SINAPI","FITA VEDA ROSCA, EM PTFE, ROLO DE 18 MM X 50 M (L X C)","Material","UN",1.6799999999999999E-2,{"$f":"IF(A629=\"Composição Auxiliar\",VLOOKUP(B629,'SINAPI COMPOSIÇÃO'!$A$2:$E$10256,4,FALSE),IF(A629=\"Insumo\",IF(VLOOKUP(B629,'SINAPI INSUMOS'!$A$2:$F$4852,5,FALSE)=OR(\"\",0),VLOOKUP(B629,'SINAPI INSUMOS'!$A$2:$F$4852,6,FALSE),VLOOKUP(B629,'SINAPI INSUMOS'!$A$2:$F$4852,5,FALSE)),\"VERIFICAR\"))","v":15.3},{"$f":"TRUNC(G629*H629,2)","v":0.25}]
["10.1.7","Código","Banco","Descrição","Tipo","Und","Quant.","Valor Unit","Total"]
["Composição",86886,"SINAPI","ENGATE FLEXÍVEL EM INOX, 1/2  X 30CM - FORNECIMENTO E INSTALAÇÃO. AF_02/2026","INHI - INSTALAÇÕES HIDROS SANITÁRIAS","UN",1,{"$f":"I631","v":59.29},{"$f":"SUM(I632:I635)","v":59.29}]
["Composição Auxiliar",88316,"SINAPI","SERVENTE COM ENCARGOS COMPLEMENTARES","SEDI - SERVIÇOS DIVERSOS","H",5.7704499999999999E-2,{"$f":"IF(A632=\"Composição Auxiliar\",VLOOKUP(B632,'SINAPI COMPOSIÇÃO'!$A$2:$E$10256,4,FALSE),IF(A632=\"Insumo\",IF(VLOOKUP(B632,'SINAPI INSUMOS'!$A$2:$F$4852,5,FALSE)=OR(\"\",0),VLOOKUP(B632,'SINAPI INSUMOS'!$A$2:$F$4852,6,FALSE),VLOOKUP(B632,'SINAPI INSUMOS'!$A$2:$F$4852,5,FALSE)),\"VERIFICAR\"))","v":21.32},{"$f":"TRUNC(G632*H632,2)","v":1.23}]
["Composição Auxiliar",88267,"SINAPI","ENCANADOR OU BOMBEIRO HIDRÁULICO COM ENCARGOS COMPLEMENTARES","SEDI - SERVIÇOS DIVERSOS","H",0.15033540000000001,{"$f":"IF(A633=\"Composição Auxiliar\",VLOOKUP(B633,'SINAPI COMPOSIÇÃO'!$A$2:$E$10256,4,FALSE),IF(A633=\"Insumo\",IF(VLOOKUP(B633,'SINAPI INSUMOS'!$A$2:$F$4852,5,FALSE)=OR(\"\",0),VLOOKUP(B633,'SINAPI INSUMOS'!$A$2:$F$4852,6,FALSE),VLOOKUP(B633,'SINAPI INSUMOS'!$A$2:$F$4852,5,FALSE)),\"VERIFICAR\"))","v":27.01},{"$f":"TRUNC(G633*H633,2)","v":4.0599999999999996}]
["Insumo",3146,"SINAPI","FITA VEDA ROSCA, EM PTFE, ROLO DE 18 MM X 10 M (L X C)","Material","UN",2.1000000000000001E-2,{"$f":"IF(A634=\"Composição Auxiliar\",VLOOKUP(B634,'SINAPI COMPOSIÇÃO'!$A$2:$E$10256,4,FALSE),IF(A634=\"Insumo\",IF(VLOOKUP(B634,'SINAPI INSUMOS'!$A$2:$F$4852,5,FALSE)=OR(\"\",0),VLOOKUP(B634,'SINAPI INSUMOS'!$A$2:$F$4852,6,FALSE),VLOOKUP(B634,'SINAPI INSUMOS'!$A$2:$F$4852,5,FALSE)),\"VERIFICAR\"))","v":3.89},{"$f":"TRUNC(G634*H634,2)","v":0.08}]
["Insumo",11683,"SINAPI","ENGATE / RABICHO FLEXIVEL INOX 1/2\" X 30 CM","Material","UN",1,{"$f":"IF(A635=\"Composição Auxiliar\",VLOOKUP(B635,'SINAPI COMPOSIÇÃO'!$A$2:$E$10256,4,FALSE),IF(A635=\"Insumo\",IF(VLOOKUP(B635,'SINAPI INSUMOS'!$A$2:$F$4852,5,FALSE)=OR(\"\",0),VLOOKUP(B635,'SINAPI INSUMOS'!$A$2:$F$4852,6,FALSE),VLOOKUP(B635,'SINAPI INSUMOS'!$A$2:$F$4852,5,FALSE)),\"VERIFICAR\"))","v":53.92},{"$f":"TRUNC(G635*H635,2)","v":53.92}]
["10.1.8","Código","Banco","Descrição","Tipo","Und","Quant.","Valor Unit","Total"]
["Composição",86884,"SINAPI","ENGATE FLEXÍVEL EM PLÁSTICO BRANCO, 1/2\" X 30CM - FORNECIMENTO E INSTALAÇÃO. AF_01/2020","INHI - INSTALAÇÕES HIDROS SANITÁRIAS","UN",1,{"$f":"I637","v":11.809999999999999},{"$f":"SUM(I638:I641)","v":11.809999999999999}]
["Composição Auxiliar",88316,"SINAPI","SERVENTE COM ENCARGOS COMPLEMENTARES","SEDI - SERVIÇOS DIVERSOS","H",5.7704499999999999E-2,{"$f":"IF(A638=\"Composição Auxiliar\",VLOOKUP(B638,'SINAPI COMPOSIÇÃO'!$A$2:$E$10256,4,FALSE),IF(A638=\"Insumo\",IF(VLOOKUP(B638,'SINAPI INSUMOS'!$A$2:$F$4852,5,FALSE)=OR(\"\",0),VLOOKUP(B638,'SINAPI INSUMOS'!$A$2:$F$4852,6,FALSE),VLOOKUP(B638,'SINAPI INSUMOS'!$A$2:$F$4852,5,FALSE)),\"VERIFICAR\"))","v":21.32},{"$f":"TRUNC(G638*H638,2)","v":1.23}]
["Composição Auxiliar",88267,"SINAPI","ENCANADOR OU BOMBEIRO HIDRÁULICO COM ENCARGOS COMPLEMENTARES","SEDI - SERVIÇOS DIVERSOS","H",0.15033540000000001,{"$f":"IF(A639=\"Composição Auxiliar\",VLOOKUP(B639,'SINAPI COMPOSIÇÃO'!$A$2:$E$10256,4,FALSE),IF(A639=\"Insumo\",IF(VLOOKUP(B639,'SINAPI INSUMOS'!$A$2:$F$4852,5,FALSE)=OR(\"\",0),VLOOKUP(B639,'SINAPI INSUMOS'!$A$2:$F$4852,6,FALSE),VLOOKUP(B639,'SINAPI INSUMOS'!$A$2:$F$4852,5,FALSE)),\"VERIFICAR\"))","v":27.01},{"$f":"TRUNC(G639*H639,2)","v":4.0599999999999996}]
["Insumo",3146,"SINAPI","FITA VEDA ROSCA, EM PTFE, ROLO DE 18 MM X 10 M (L X C)","Material","UN",2.1000000000000001E-2,{"$f":"IF(A640=\"Composição Auxiliar\",VLOOKUP(B640,'SINAPI COMPOSIÇÃO'!$A$2:$E$10256,4,FALSE),IF(A640=\"Insumo\",IF(VLOOKUP(B640,'SINAPI INSUMOS'!$A$2:$F$4852,5,FALSE)=OR(\"\",0),VLOOKUP(B640,'SINAPI INSUMOS'!$A$2:$F$4852,6,FALSE),VLOOKUP(B640,'SINAPI INSUMOS'!$A$2:$F$4852,5,FALSE)),\"VERIFICAR\"))","v":3.89},{"$f":"TRUNC(G640*H640,2)","v":0.08}]
["Insumo",6141,"SINAPI","ENGATE/RABICHO FLEXIVEL PLASTICO (PVC OU ABS) BRANCO 1/2\" X 30 CM","Material","UN",1,{"$f":"IF(A641=\"Composição Auxiliar\",VLOOKUP(B641,'SINAPI COMPOSIÇÃO'!$A$2:$E$10256,4,FALSE),IF(A641=\"Insumo\",IF(VLOOKUP(B641,'SINAPI INSUMOS'!$A$2:$F$4852,5,FALSE)=OR(\"\",0),VLOOKUP(B641,'SINAPI INSUMOS'!$A$2:$F$4852,6,FALSE),VLOOKUP(B641,'SINAPI INSUMOS'!$A$2:$F$4852,5,FALSE)),\"VERIFICAR\"))","v":6.44},{"$f":"TRUNC(G641*H641,2)","v":6.44}]
["10.1.9","Código","Banco","Descrição","Tipo","Und","Quant.","Valor Unit","Total"]
["Composição",104031,"SINAPI","COLAR DE TOMADA, PVC, COM TRAVAS, DE 60 MM X 1/2\" OU 60 MM X 3/4\", PARA LIGAÇÃO PREDIAL DE ÁGUA. AF_06/2022","LIPR - LIGAÇÕES PREDIAIS ÁGUA/ESGOTO/ENERGIA/TELEFONE","UN",1,{"$f":"I643","v":16.75},{"$f":"SUM(I644:I646)","v":16.75}]
["Composição Auxiliar",88246,"SINAPI","ASSENTADOR DE TUBOS COM ENCARGOS COMPLEMENTARES","SEDI - SERVIÇOS DIVERSOS","H",0.30380000000000001,{"$f":"IF(A644=\"Composição Auxiliar\",VLOOKUP(B644,'SINAPI COMPOSIÇÃO'!$A$2:$E$10256,4,FALSE),IF(A644=\"Insumo\",IF(VLOOKUP(B644,'SINAPI INSUMOS'!$A$2:$F$4852,5,FALSE)=OR(\"\",0),VLOOKUP(B644,'SINAPI INSUMOS'!$A$2:$F$4852,6,FALSE),VLOOKUP(B644,'SINAPI INSUMOS'!$A$2:$F$4852,5,FALSE)),\"VERIFICAR\"))","v":15.53},{"$f":"TRUNC(G644*H644,2)","v":4.71}]
["Composição Auxiliar",88316,"SINAPI","SERVENTE COM ENCARGOS COMPLEMENTARES","SEDI - SERVIÇOS DIVERSOS","H",9.7199999999999995E-2,{"$f":"IF(A645=\"Composição Auxiliar\",VLOOKUP(B645,'SINAPI COMPOSIÇÃO'!$A$2:$E$10256,4,FALSE),IF(A645=\"Insumo\",IF(VLOOKUP(B645,'SINAPI INSUMOS'!$A$2:$F$4852,5,FALSE)=OR(\"\",0),VLOOKUP(B645,'SINAPI INSUMOS'!$A$2:$F$4852,6,FALSE),VLOOKUP(B645,'SINAPI INSUMOS'!$A$2:$F$4852,5,FALSE)),\"VERIFICAR\"))","v":21.32},{"$f":"TRUNC(G645*H645,2)","v":2.0699999999999998}]
["Insumo",1414,"SINAPI","COLAR TOMADA PVC, COM TRAVAS, SAIDA COM ROSCA, DE 60 MM X 1/2\" OU 60 MM X 3/4\", PARA LIGACAO PREDIAL DE AGUA","Material","UN",1,{"$f":"IF(A646=\"Composição Auxiliar\",VLOOKUP(B646,'SINAPI COMPOSIÇÃO'!$A$2:$E$10256,4,FALSE),IF(A646=\"Insumo\",IF(VLOOKUP(B646,'SINAPI INSUMOS'!$A$2:$F$4852,5,FALSE)=OR(\"\",0),VLOOKUP(B646,'SINAPI INSUMOS'!$A$2:$F$4852,6,FALSE),VLOOKUP(B646,'SINAPI INSUMOS'!$A$2:$F$4852,5,FALSE)),\"VERIFICAR\"))","v":9.9700000000000006},{"$f":"TRUNC(G646*H646,2)","v":9.9700000000000006}]
["10.1.10","Código","Banco","Descrição","Tipo","Und","Quant.","Valor Unit","Total"]
["Composição",89378,"SINAPI","LUVA, PVC, SOLDÁVEL, DN 25MM, INSTALADO EM RAMAL OU SUB-RAMAL DE ÁGUA - FORNECIMENTO E INSTALAÇÃO. AF_06/2022","INHI - INSTALAÇÕES HIDROS SANITÁRIAS","UN",1,{"$f":"I648","v":7.06},{"$f":"SUM(I649:I654)","v":7.06}]
["Composição Auxiliar",88248,"SINAPI","AUXILIAR DE ENCANADOR OU BOMBEIRO HIDRÁULICO COM ENCARGOS COMPLEMENTARES","SEDI - SERVIÇOS DIVERSOS","H",0.1013,{"$f":"IF(A649=\"Composição Auxiliar\",VLOOKUP(B649,'SINAPI COMPOSIÇÃO'!$A$2:$E$10256,4,FALSE),IF(A649=\"Insumo\",IF(VLOOKUP(B649,'SINAPI INSUMOS'!$A$2:$F$4852,5,FALSE)=OR(\"\",0),VLOOKUP(B649,'SINAPI INSUMOS'!$A$2:$F$4852,6,FALSE),VLOOKUP(B649,'SINAPI INSUMOS'!$A$2:$F$4852,5,FALSE)),\"VERIFICAR\"))","v":23.01},{"$f":"TRUNC(G649*H649,2)","v":2.33}]
["Composição Auxiliar",88267,"SINAPI","ENCANADOR OU BOMBEIRO HIDRÁULICO COM ENCARGOS COMPLEMENTARES","SEDI - SERVIÇOS DIVERSOS","H",0.1013,{"$f":"IF(A650=\"Composição Auxiliar\",VLOOKUP(B650,'SINAPI COMPOSIÇÃO'!$A$2:$E$10256,4,FALSE),IF(A650=\"Insumo\",IF(VLOOKUP(B650,'SINAPI INSUMOS'!$A$2:$F$4852,5,FALSE)=OR(\"\",0),VLOOKUP(B650,'SINAPI INSUMOS'!$A$2:$F$4852,6,FALSE),VLOOKUP(B650,'SINAPI INSUMOS'!$A$2:$F$4852,5,FALSE)),\"VERIFICAR\"))","v":27.01},2.73]
["Insumo",3904,"SINAPI","LUVA PVC SOLDAVEL, 25 MM, PARA AGUA FRIA PREDIAL","Material","UN",1,{"$f":"IF(A651=\"Composição Auxiliar\",VLOOKUP(B651,'SINAPI COMPOSIÇÃO'!$A$2:$E$10256,4,FALSE),IF(A651=\"Insumo\",IF(VLOOKUP(B651,'SINAPI INSUMOS'!$A$2:$F$4852,5,FALSE)=OR(\"\",0),VLOOKUP(B651,'SINAPI INSUMOS'!$A$2:$F$4852,6,FALSE),VLOOKUP(B651,'SINAPI INSUMOS'!$A$2:$F$4852,5,FALSE)),\"VERIFICAR\"))","v":0.8},0.8]
["Insumo",38383,"SINAPI","LIXA D'AGUA EM FOLHA, COR PRETA, GRAO 100","Material","UN",3.3799999999999997E-2,{"$f":"IF(A652=\"Composição Auxiliar\",VLOOKUP(B652,'SINAPI COMPOSIÇÃO'!$A$2:$E$10256,4,FALSE),IF(A652=\"Insumo\",IF(VLOOKUP(B652,'SINAPI INSUMOS'!$A$2:$F$4852,5,FALSE)=OR(\"\",0),VLOOKUP(B652,'SINAPI INSUMOS'!$A$2:$F$4852,6,FALSE),VLOOKUP(B652,'SINAPI INSUMOS'!$A$2:$F$4852,5,FALSE)),\"VERIFICAR\"))","v":2},0.06]
["Insumo",20083,"SINAPI","SOLUCAO PREPARADORA / LIMPADORA PARA PVC, FRASCO COM 1000 CM3","Material","UN",8.0000000000000002E-3,{"$f":"IF(A653=\"Composição Auxiliar\",VLOOKUP(B653,'SINAPI COMPOSIÇÃO'!$A$2:$E$10256,4,FALSE),IF(A653=\"Insumo\",IF(VLOOKUP(B653,'SINAPI INSUMOS'!$A$2:$F$4852,5,FALSE)=OR(\"\",0),VLOOKUP(B653,'SINAPI INSUMOS'!$A$2:$F$4852,6,FALSE),VLOOKUP(B653,'SINAPI INSUMOS'!$A$2:$F$4852,5,FALSE)),\"VERIFICAR\"))","v":80.55},0.64]
["Insumo",122,"SINAPI","ADESIVO PLASTICO PARA PVC, FRASCO COM *850* GR","Material","UN",7.1000000000000004E-3,{"$f":"IF(A654=\"Composição Auxiliar\",VLOOKUP(B654,'SINAPI COMPOSIÇÃO'!$A$2:$E$10256,4,FALSE),IF(A654=\"Insumo\",IF(VLOOKUP(B654,'SINAPI INSUMOS'!$A$2:$F$4852,5,FALSE)=OR(\"\",0),VLOOKUP(B654,'SINAPI INSUMOS'!$A$2:$F$4852,6,FALSE),VLOOKUP(B654,'SINAPI INSUMOS'!$A$2:$F$4852,5,FALSE)),\"VERIFICAR\"))","v":71.09},0.5]
["10.1.11","Código","Banco","Descrição","Tipo","Und","Quant.","Valor Unit","Total"]
["Composição",89372,"SINAPI","LUVA DE CORRER, PVC, SOLDÁVEL, DN 20MM, INSTALADO EM RAMAL OU SUB-RAMAL DE ÁGUA - FORNECIMENTO E INSTALAÇÃO. AF_06/2022","INHI - INSTALAÇÕES HIDROS SANITÁRIAS","UN",1,{"$f":"I656","v":15.64},{"$f":"SUM(I657:I662)","v":15.64}]
["Composição Auxiliar",88267,"SINAPI","ENCANADOR OU BOMBEIRO HIDRÁULICO COM ENCARGOS COMPLEMENTARES","SEDI - SERVIÇOS DIVERSOS","H",8.7400000000000005E-2,{"$f":"IF(A657=\"Composição Auxiliar\",VLOOKUP(B657,'SINAPI COMPOSIÇÃO'!$A$2:$E$10256,4,FALSE),IF(A657=\"Insumo\",IF(VLOOKUP(B657,'SINAPI INSUMOS'!$A$2:$F$4852,5,FALSE)=OR(\"\",0),VLOOKUP(B657,'SINAPI INSUMOS'!$A$2:$F$4852,6,FALSE),VLOOKUP(B657,'SINAPI INSUMOS'!$A$2:$F$4852,5,FALSE)),\"VERIFICAR\"))","v":27.01},{"$f":"TRUNC(G657*H657,2)","v":2.36}]
["Composição Auxiliar",88248,"SINAPI","AUXILIAR DE ENCANADOR OU BOMBEIRO HIDRÁULICO COM ENCARGOS COMPLEMENTARES","SEDI - SERVIÇOS DIVERSOS","H",8.7400000000000005E-2,{"$f":"IF(A658=\"Composição Auxiliar\",VLOOKUP(B658,'SINAPI COMPOSIÇÃO'!$A$2:$E$10256,4,FALSE),IF(A658=\"Insumo\",IF(VLOOKUP(B658,'SINAPI INSUMOS'!$A$2:$F$4852,5,FALSE)=OR(\"\",0),VLOOKUP(B658,'SINAPI INSUMOS'!$A$2:$F$4852,6,FALSE),VLOOKUP(B658,'SINAPI INSUMOS'!$A$2:$F$4852,5,FALSE)),\"VERIFICAR\"))","v":23.01},2.0099999999999998]
["Insumo",122,"SINAPI","ADESIVO PLASTICO PARA PVC, FRASCO COM *850* GR","Material","UN",4.7000000000000002E-3,{"$f":"IF(A659=\"Composição Auxiliar\",VLOOKUP(B659,'SINAPI COMPOSIÇÃO'!$A$2:$E$10256,4,FALSE),IF(A659=\"Insumo\",IF(VLOOKUP(B659,'SINAPI INSUMOS'!$A$2:$F$4852,5,FALSE)=OR(\"\",0),VLOOKUP(B659,'SINAPI INSUMOS'!$A$2:$F$4852,6,FALSE),VLOOKUP(B659,'SINAPI INSUMOS'!$A$2:$F$4852,5,FALSE)),\"VERIFICAR\"))","v":71.09},0.33]
["Insumo",20083,"SINAPI","SOLUCAO PREPARADORA / LIMPADORA PARA PVC, FRASCO COM 1000 CM3","Material","UN",6.0000000000000001E-3,{"$f":"IF(A660=\"Composição Auxiliar\",VLOOKUP(B660,'SINAPI COMPOSIÇÃO'!$A$2:$E$10256,4,FALSE),IF(A660=\"Insumo\",IF(VLOOKUP(B660,'SINAPI INSUMOS'!$A$2:$F$4852,5,FALSE)=OR(\"\",0),VLOOKUP(B660,'SINAPI INSUMOS'!$A$2:$F$4852,6,FALSE),VLOOKUP(B660,'SINAPI INSUMOS'!$A$2:$F$4852,5,FALSE)),\"VERIFICAR\"))","v":80.55},0.48]
["Insumo",38383,"SINAPI","LIXA D'AGUA EM FOLHA, COR PRETA, GRAO 100","Material","UN",2.9100000000000001E-2,{"$f":"IF(A661=\"Composição Auxiliar\",VLOOKUP(B661,'SINAPI COMPOSIÇÃO'!$A$2:$E$10256,4,FALSE),IF(A661=\"Insumo\",IF(VLOOKUP(B661,'SINAPI INSUMOS'!$A$2:$F$4852,5,FALSE)=OR(\"\",0),VLOOKUP(B661,'SINAPI INSUMOS'!$A$2:$F$4852,6,FALSE),VLOOKUP(B661,'SINAPI INSUMOS'!$A$2:$F$4852,5,FALSE)),\"VERIFICAR\"))","v":2},0.05]
["Insumo",3854,"SINAPI","LUVA DE CORRER PARA TUBO SOLDAVEL, PVC, 20 MM, PARA AGUA FRIA PREDIAL","Material","UN",1,{"$f":"IF(A662=\"Composição Auxiliar\",VLOOKUP(B662,'SINAPI COMPOSIÇÃO'!$A$2:$E$10256,4,FALSE),IF(A662=\"Insumo\",IF(VLOOKUP(B662,'SINAPI INSUMOS'!$A$2:$F$4852,5,FALSE)=OR(\"\",0),VLOOKUP(B662,'SINAPI INSUMOS'!$A$2:$F$4852,6,FALSE),VLOOKUP(B662,'SINAPI INSUMOS'!$A$2:$F$4852,5,FALSE)),\"VERIFICAR\"))","v":10.41},10.41]
["10.1.12","Código","Banco","Descrição","Tipo","Und","Quant.","Valor Unit","Total"]
["Composição",89379,"SINAPI","LUVA DE CORRER, PVC, SOLDÁVEL, DN 25MM, INSTALADO EM RAMAL OU SUB-RAMAL DE ÁGUA - FORNECIMENTO E INSTALAÇÃO. AF_12/2014","INHI - INSTALAÇÕES HIDROS SANITÁRIAS","UN",1,{"$f":"I664","v":18.38},{"$f":"SUM(I665:I670)","v":18.38}]
["Composição Auxiliar",88267,"SINAPI","ENCANADOR OU BOMBEIRO HIDRÁULICO COM ENCARGOS COMPLEMENTARES","SEDI - SERVIÇOS DIVERSOS","H",0.1013,{"$f":"IF(A665=\"Composição Auxiliar\",VLOOKUP(B665,'SINAPI COMPOSIÇÃO'!$A$2:$E$10256,4,FALSE),IF(A665=\"Insumo\",IF(VLOOKUP(B665,'SINAPI INSUMOS'!$A$2:$F$4852,5,FALSE)=OR(\"\",0),VLOOKUP(B665,'SINAPI INSUMOS'!$A$2:$F$4852,6,FALSE),VLOOKUP(B665,'SINAPI INSUMOS'!$A$2:$F$4852,5,FALSE)),\"VERIFICAR\"))","v":27.01},{"$f":"TRUNC(G665*H665,2)","v":2.73}]
["Composição Auxiliar",88248,"SINAPI","AUXILIAR DE ENCANADOR OU BOMBEIRO HIDRÁULICO COM ENCARGOS COMPLEMENTARES","SEDI - SERVIÇOS DIVERSOS","H",0.1013,{"$f":"IF(A666=\"Composição Auxiliar\",VLOOKUP(B666,'SINAPI COMPOSIÇÃO'!$A$2:$E$10256,4,FALSE),IF(A666=\"Insumo\",IF(VLOOKUP(B666,'SINAPI INSUMOS'!$A$2:$F$4852,5,FALSE)=OR(\"\",0),VLOOKUP(B666,'SINAPI INSUMOS'!$A$2:$F$4852,6,FALSE),VLOOKUP(B666,'SINAPI INSUMOS'!$A$2:$F$4852,5,FALSE)),\"VERIFICAR\"))","v":23.01},2.33]
["Insumo",3873,"SINAPI","LUVA DE CORRER PARA TUBO SOLDAVEL, PVC, 25 MM, PARA AGUA FRIA PREDIAL","Material","UN",1,{"$f":"IF(A667=\"Composição Auxiliar\",VLOOKUP(B667,'SINAPI COMPOSIÇÃO'!$A$2:$E$10256,4,FALSE),IF(A667=\"Insumo\",IF(VLOOKUP(B667,'SINAPI INSUMOS'!$A$2:$F$4852,5,FALSE)=OR(\"\",0),VLOOKUP(B667,'SINAPI INSUMOS'!$A$2:$F$4852,6,FALSE),VLOOKUP(B667,'SINAPI INSUMOS'!$A$2:$F$4852,5,FALSE)),\"VERIFICAR\"))","v":12.12},12.12]
["Insumo",122,"SINAPI","ADESIVO PLASTICO PARA PVC, FRASCO COM *850* GR","Material","UN",7.1000000000000004E-3,{"$f":"IF(A668=\"Composição Auxiliar\",VLOOKUP(B668,'SINAPI COMPOSIÇÃO'!$A$2:$E$10256,4,FALSE),IF(A668=\"Insumo\",IF(VLOOKUP(B668,'SINAPI INSUMOS'!$A$2:$F$4852,5,FALSE)=OR(\"\",0),VLOOKUP(B668,'SINAPI INSUMOS'!$A$2:$F$4852,6,FALSE),VLOOKUP(B668,'SINAPI INSUMOS'!$A$2:$F$4852,5,FALSE)),\"VERIFICAR\"))","v":71.09},0.5]
["Insumo",38383,"SINAPI","LIXA D'AGUA EM FOLHA, COR PRETA, GRAO 100","Material","UN",3.3799999999999997E-2,{"$f":"IF(A669=\"Composição Auxiliar\",VLOOKUP(B669,'SINAPI COMPOSIÇÃO'!$A$2:$E$10256,4,FALSE),IF(A669=\"Insumo\",IF(VLOOKUP(B669,'SINAPI INSUMOS'!$A$2:$F$4852,5,FALSE)=OR(\"\",0),VLOOKUP(B669,'SINAPI INSUMOS'!$A$2:$F$4852,6,FALSE),VLOOKUP(B669,'SINAPI INSUMOS'!$A$2:$F$4852,5,FALSE)),\"VERIFICAR\"))","v":2},0.06]
["Insumo",20083,"SINAPI","SOLUCAO PREPARADORA / LIMPADORA PARA PVC, FRASCO COM 1000 CM3","Material","UN",8.0000000000000002E-3,{"$f":"IF(A670=\"Composição Auxiliar\",VLOOKUP(B670,'SINAPI COMPOSIÇÃO'!$A$2:$E$10256,4,FALSE),IF(A670=\"Insumo\",IF(VLOOKUP(B670,'SINAPI INSUMOS'!$A$2:$F$4852,5,FALSE)=OR(\"\",0),VLOOKUP(B670,'SINAPI INSUMOS'!$A$2:$F$4852,6,FALSE),VLOOKUP(B670,'SINAPI INSUMOS'!$A$2:$F$4852,5,FALSE)),\"VERIFICAR\"))","v":80.55},0.64]
["10.1.13","Código","Banco","Descrição","Tipo","Und","Quant.","Valor Unit","Total"]
["Composição",89387,"SINAPI","LUVA DE CORRER, PVC, SOLDÁVEL, DN 32MM, INSTALADO EM RAMAL OU SUB-RAMAL DE ÁGUA   FORNECIMENTO E INSTALAÇÃO. AF_06/2022","INHI - INSTALAÇÕES HIDROS SANITÁRIAS","UN",1,{"$f":"I672","v":29.169999999999995},{"$f":"SUM(I673:I678)","v":29.169999999999995}]
["Composição Auxiliar",88267,"SINAPI","ENCANADOR OU BOMBEIRO HIDRÁULICO COM ENCARGOS COMPLEMENTARES","SEDI - SERVIÇOS DIVERSOS","H",0.1208,{"$f":"IF(A673=\"Composição Auxiliar\",VLOOKUP(B673,'SINAPI COMPOSIÇÃO'!$A$2:$E$10256,4,FALSE),IF(A673=\"Insumo\",IF(VLOOKUP(B673,'SINAPI INSUMOS'!$A$2:$F$4852,5,FALSE)=OR(\"\",0),VLOOKUP(B673,'SINAPI INSUMOS'!$A$2:$F$4852,6,FALSE),VLOOKUP(B673,'SINAPI INSUMOS'!$A$2:$F$4852,5,FALSE)),\"VERIFICAR\"))","v":27.01},{"$f":"TRUNC(G673*H673,2)","v":3.26}]
["Composição Auxiliar",88248,"SINAPI","AUXILIAR DE ENCANADOR OU BOMBEIRO HIDRÁULICO COM ENCARGOS COMPLEMENTARES","SEDI - SERVIÇOS DIVERSOS","H",0.1208,{"$f":"IF(A674=\"Composição Auxiliar\",VLOOKUP(B674,'SINAPI COMPOSIÇÃO'!$A$2:$E$10256,4,FALSE),IF(A674=\"Insumo\",IF(VLOOKUP(B674,'SINAPI INSUMOS'!$A$2:$F$4852,5,FALSE)=OR(\"\",0),VLOOKUP(B674,'SINAPI INSUMOS'!$A$2:$F$4852,6,FALSE),VLOOKUP(B674,'SINAPI INSUMOS'!$A$2:$F$4852,5,FALSE)),\"VERIFICAR\"))","v":23.01},2.77]
["Insumo",38021,"SINAPI","LUVA DE CORRER PARA TUBO SOLDAVEL, PVC, 32 MM, PARA AGUA FRIA PREDIAL","Material","UN",1,{"$f":"IF(A675=\"Composição Auxiliar\",VLOOKUP(B675,'SINAPI COMPOSIÇÃO'!$A$2:$E$10256,4,FALSE),IF(A675=\"Insumo\",IF(VLOOKUP(B675,'SINAPI INSUMOS'!$A$2:$F$4852,5,FALSE)=OR(\"\",0),VLOOKUP(B675,'SINAPI INSUMOS'!$A$2:$F$4852,6,FALSE),VLOOKUP(B675,'SINAPI INSUMOS'!$A$2:$F$4852,5,FALSE)),\"VERIFICAR\"))","v":21.52},21.52]
["Insumo",38383,"SINAPI","LIXA D'AGUA EM FOLHA, COR PRETA, GRAO 100","Material","UN",4.0300000000000002E-2,{"$f":"IF(A676=\"Composição Auxiliar\",VLOOKUP(B676,'SINAPI COMPOSIÇÃO'!$A$2:$E$10256,4,FALSE),IF(A676=\"Insumo\",IF(VLOOKUP(B676,'SINAPI INSUMOS'!$A$2:$F$4852,5,FALSE)=OR(\"\",0),VLOOKUP(B676,'SINAPI INSUMOS'!$A$2:$F$4852,6,FALSE),VLOOKUP(B676,'SINAPI INSUMOS'!$A$2:$F$4852,5,FALSE)),\"VERIFICAR\"))","v":2},0.08]
["Insumo",122,"SINAPI","ADESIVO PLASTICO PARA PVC, FRASCO COM *850* GR","Material","UN",9.4000000000000004E-3,{"$f":"IF(A677=\"Composição Auxiliar\",VLOOKUP(B677,'SINAPI COMPOSIÇÃO'!$A$2:$E$10256,4,FALSE),IF(A677=\"Insumo\",IF(VLOOKUP(B677,'SINAPI INSUMOS'!$A$2:$F$4852,5,FALSE)=OR(\"\",0),VLOOKUP(B677,'SINAPI INSUMOS'!$A$2:$F$4852,6,FALSE),VLOOKUP(B677,'SINAPI INSUMOS'!$A$2:$F$4852,5,FALSE)),\"VERIFICAR\"))","v":71.09},0.66]
["Insumo",20083,"SINAPI","SOLUCAO PREPARADORA / LIMPADORA PARA PVC, FRASCO COM 1000 CM3","Material","UN",1.0999999999999999E-2,{"$f":"IF(A678=\"Composição Auxiliar\",VLOOKUP(B678,'SINAPI COMPOSIÇÃO'!$A$2:$E$10256,4,FALSE),IF(A678=\"Insumo\",IF(VLOOKUP(B678,'SINAPI INSUMOS'!$A$2:$F$4852,5,FALSE)=OR(\"\",0),VLOOKUP(B678,'SINAPI INSUMOS'!$A$2:$F$4852,6,FALSE),VLOOKUP(B678,'SINAPI INSUMOS'!$A$2:$F$4852,5,FALSE)),\"VERIFICAR\"))","v":80.55},0.88]
["10.1.14","Código","Banco","Descrição","Tipo","Und","Quant.","Valor Unit","Total"]
["Composição",89558,"SINAPI","LUVA, PVC, SOLDÁVEL, DN 40MM, INSTALADO EM PRUMADA DE ÁGUA - FORNECIMENTO E INSTALAÇÃO. AF_06/2022","INHI - INSTALAÇÕES HIDROS SANITÁRIAS","UN",1,{"$f":"I680","v":9.6199999999999974},{"$f":"SUM(I681:I686)","v":9.6199999999999974}]
["Composição Auxiliar",88267,"SINAPI","ENCANADOR OU BOMBEIRO HIDRÁULICO COM ENCARGOS COMPLEMENTARES","SEDI - SERVIÇOS DIVERSOS","H",6.9400000000000003E-2,{"$f":"IF(A681=\"Composição Auxiliar\",VLOOKUP(B681,'SINAPI COMPOSIÇÃO'!$A$2:$E$10256,4,FALSE),IF(A681=\"Insumo\",IF(VLOOKUP(B681,'SINAPI INSUMOS'!$A$2:$F$4852,5,FALSE)=OR(\"\",0),VLOOKUP(B681,'SINAPI INSUMOS'!$A$2:$F$4852,6,FALSE),VLOOKUP(B681,'SINAPI INSUMOS'!$A$2:$F$4852,5,FALSE)),\"VERIFICAR\"))","v":27.01},{"$f":"TRUNC(G681*H681,2)","v":1.87}]
["Composição Auxiliar",88248,"SINAPI","AUXILIAR DE ENCANADOR OU BOMBEIRO HIDRÁULICO COM ENCARGOS COMPLEMENTARES","SEDI - SERVIÇOS DIVERSOS","H",6.9400000000000003E-2,{"$f":"IF(A682=\"Composição Auxiliar\",VLOOKUP(B682,'SINAPI COMPOSIÇÃO'!$A$2:$E$10256,4,FALSE),IF(A682=\"Insumo\",IF(VLOOKUP(B682,'SINAPI INSUMOS'!$A$2:$F$4852,5,FALSE)=OR(\"\",0),VLOOKUP(B682,'SINAPI INSUMOS'!$A$2:$F$4852,6,FALSE),VLOOKUP(B682,'SINAPI INSUMOS'!$A$2:$F$4852,5,FALSE)),\"VERIFICAR\"))","v":23.01},1.59]
["Insumo",122,"SINAPI","ADESIVO PLASTICO PARA PVC, FRASCO COM *850* GR","Material","UN",1.18E-2,{"$f":"IF(A683=\"Composição Auxiliar\",VLOOKUP(B683,'SINAPI COMPOSIÇÃO'!$A$2:$E$10256,4,FALSE),IF(A683=\"Insumo\",IF(VLOOKUP(B683,'SINAPI INSUMOS'!$A$2:$F$4852,5,FALSE)=OR(\"\",0),VLOOKUP(B683,'SINAPI INSUMOS'!$A$2:$F$4852,6,FALSE),VLOOKUP(B683,'SINAPI INSUMOS'!$A$2:$F$4852,5,FALSE)),\"VERIFICAR\"))","v":71.09},0.83]
["Insumo",3862,"SINAPI","LUVA PVC SOLDAVEL, 40 MM, PARA AGUA FRIA PREDIAL","Material","UN",1,{"$f":"IF(A684=\"Composição Auxiliar\",VLOOKUP(B684,'SINAPI COMPOSIÇÃO'!$A$2:$E$10256,4,FALSE),IF(A684=\"Insumo\",IF(VLOOKUP(B684,'SINAPI INSUMOS'!$A$2:$F$4852,5,FALSE)=OR(\"\",0),VLOOKUP(B684,'SINAPI INSUMOS'!$A$2:$F$4852,6,FALSE),VLOOKUP(B684,'SINAPI INSUMOS'!$A$2:$F$4852,5,FALSE)),\"VERIFICAR\"))","v":4.18},4.18]
["Insumo",38383,"SINAPI","LIXA D'AGUA EM FOLHA, COR PRETA, GRAO 100","Material","UN",1.5699999999999999E-2,{"$f":"IF(A685=\"Composição Auxiliar\",VLOOKUP(B685,'SINAPI COMPOSIÇÃO'!$A$2:$E$10256,4,FALSE),IF(A685=\"Insumo\",IF(VLOOKUP(B685,'SINAPI INSUMOS'!$A$2:$F$4852,5,FALSE)=OR(\"\",0),VLOOKUP(B685,'SINAPI INSUMOS'!$A$2:$F$4852,6,FALSE),VLOOKUP(B685,'SINAPI INSUMOS'!$A$2:$F$4852,5,FALSE)),\"VERIFICAR\"))","v":2},0.03]
["Insumo",20083,"SINAPI","SOLUCAO PREPARADORA / LIMPADORA PARA PVC, FRASCO COM 1000 CM3","Material","UN",1.4E-2,{"$f":"IF(A686=\"Composição Auxiliar\",VLOOKUP(B686,'SINAPI COMPOSIÇÃO'!$A$2:$E$10256,4,FALSE),IF(A686=\"Insumo\",IF(VLOOKUP(B686,'SINAPI INSUMOS'!$A$2:$F$4852,5,FALSE)=OR(\"\",0),VLOOKUP(B686,'SINAPI INSUMOS'!$A$2:$F$4852,6,FALSE),VLOOKUP(B686,'SINAPI INSUMOS'!$A$2:$F$4852,5,FALSE)),\"VERIFICAR\"))","v":80.55},1.1200000000000001]
["10.1.15","Código","Banco","Descrição","Tipo","Und","Quant.","Valor Unit","Total"]
["Composição",89380,"SINAPI","LUVA DE REDUÇÃO, PVC, SOLDÁVEL, DN 32MM X 25MM, INSTALADO EM RAMAL OU SUB-RAMAL DE ÁGUA - FORNECIMENTO E INSTALAÇÃO. AF_06/2022","INHI - INSTALAÇÕES HIDROS SANITÁRIAS","UN",1,{"$f":"I688","v":10.01},{"$f":"SUM(I689:I694)","v":10.01}]
["Composição Auxiliar",88267,"SINAPI","ENCANADOR OU BOMBEIRO HIDRÁULICO COM ENCARGOS COMPLEMENTARES","SEDI - SERVIÇOS DIVERSOS","H",0.1111,{"$f":"IF(A689=\"Composição Auxiliar\",VLOOKUP(B689,'SINAPI COMPOSIÇÃO'!$A$2:$E$10256,4,FALSE),IF(A689=\"Insumo\",IF(VLOOKUP(B689,'SINAPI INSUMOS'!$A$2:$F$4852,5,FALSE)=OR(\"\",0),VLOOKUP(B689,'SINAPI INSUMOS'!$A$2:$F$4852,6,FALSE),VLOOKUP(B689,'SINAPI INSUMOS'!$A$2:$F$4852,5,FALSE)),\"VERIFICAR\"))","v":27.01},{"$f":"TRUNC(G689*H689,2)","v":3}]
["Composição Auxiliar",88248,"SINAPI","AUXILIAR DE ENCANADOR OU BOMBEIRO HIDRÁULICO COM ENCARGOS COMPLEMENTARES","SEDI - SERVIÇOS DIVERSOS","H",0.1111,{"$f":"IF(A690=\"Composição Auxiliar\",VLOOKUP(B690,'SINAPI COMPOSIÇÃO'!$A$2:$E$10256,4,FALSE),IF(A690=\"Insumo\",IF(VLOOKUP(B690,'SINAPI INSUMOS'!$A$2:$F$4852,5,FALSE)=OR(\"\",0),VLOOKUP(B690,'SINAPI INSUMOS'!$A$2:$F$4852,6,FALSE),VLOOKUP(B690,'SINAPI INSUMOS'!$A$2:$F$4852,5,FALSE)),\"VERIFICAR\"))","v":23.01},2.5499999999999998]
["Insumo",122,"SINAPI","ADESIVO PLASTICO PARA PVC, FRASCO COM *850* GR","Material","UN",8.2000000000000007E-3,{"$f":"IF(A691=\"Composição Auxiliar\",VLOOKUP(B691,'SINAPI COMPOSIÇÃO'!$A$2:$E$10256,4,FALSE),IF(A691=\"Insumo\",IF(VLOOKUP(B691,'SINAPI INSUMOS'!$A$2:$F$4852,5,FALSE)=OR(\"\",0),VLOOKUP(B691,'SINAPI INSUMOS'!$A$2:$F$4852,6,FALSE),VLOOKUP(B691,'SINAPI INSUMOS'!$A$2:$F$4852,5,FALSE)),\"VERIFICAR\"))","v":71.09},0.57999999999999996]
["Insumo",38383,"SINAPI","LIXA D'AGUA EM FOLHA, COR PRETA, GRAO 100","Material","UN",3.7100000000000001E-2,{"$f":"IF(A692=\"Composição Auxiliar\",VLOOKUP(B692,'SINAPI COMPOSIÇÃO'!$A$2:$E$10256,4,FALSE),IF(A692=\"Insumo\",IF(VLOOKUP(B692,'SINAPI INSUMOS'!$A$2:$F$4852,5,FALSE)=OR(\"\",0),VLOOKUP(B692,'SINAPI INSUMOS'!$A$2:$F$4852,6,FALSE),VLOOKUP(B692,'SINAPI INSUMOS'!$A$2:$F$4852,5,FALSE)),\"VERIFICAR\"))","v":2},7.0000000000000007E-2]
["Insumo",20083,"SINAPI","SOLUCAO PREPARADORA / LIMPADORA PARA PVC, FRASCO COM 1000 CM3","Material","UN",9.4999999999999998E-3,{"$f":"IF(A693=\"Composição Auxiliar\",VLOOKUP(B693,'SINAPI COMPOSIÇÃO'!$A$2:$E$10256,4,FALSE),IF(A693=\"Insumo\",IF(VLOOKUP(B693,'SINAPI INSUMOS'!$A$2:$F$4852,5,FALSE)=OR(\"\",0),VLOOKUP(B693,'SINAPI INSUMOS'!$A$2:$F$4852,6,FALSE),VLOOKUP(B693,'SINAPI INSUMOS'!$A$2:$F$4852,5,FALSE)),\"VERIFICAR\"))","v":80.55},0.76]
["Insumo",3869,"SINAPI","LUVA DE REDUCAO SOLDAVEL, PVC, 32 MM X 25 MM, PARA AGUA FRIA PREDIAL","Material","UN",1,{"$f":"IF(A694=\"Composição Auxiliar\",VLOOKUP(B694,'SINAPI COMPOSIÇÃO'!$A$2:$E$10256,4,FALSE),IF(A694=\"Insumo\",IF(VLOOKUP(B694,'SINAPI INSUMOS'!$A$2:$F$4852,5,FALSE)=OR(\"\",0),VLOOKUP(B694,'SINAPI INSUMOS'!$A$2:$F$4852,6,FALSE),VLOOKUP(B694,'SINAPI INSUMOS'!$A$2:$F$4852,5,FALSE)),\"VERIFICAR\"))","v":3.05},3.05]
["10.1.16","Código","Banco","Descrição","Tipo","Und","Quant.","Valor Unit","Total"]
["Composição",89376,"SINAPI","ADAPTADOR CURTO COM BOLSA E ROSCA PARA REGISTRO, PVC, SOLDÁVEL, DN 20MM X 1/2 , INSTALADO EM RAMAL OU SUB-RAMAL DE ÁGUA - FORNECIMENTO E INSTALAÇÃO. AF_06/2022","INHI - INSTALAÇÕES HIDROS SANITÁRIAS","UN",1,{"$f":"I696","v":5.6799999999999988},{"$f":"SUM(I697:I702)","v":5.6799999999999988}]
["Composição Auxiliar",88267,"SINAPI","ENCANADOR OU BOMBEIRO HIDRÁULICO COM ENCARGOS COMPLEMENTARES","SEDI - SERVIÇOS DIVERSOS","H",8.0500000000000002E-2,{"$f":"IF(A697=\"Composição Auxiliar\",VLOOKUP(B697,'SINAPI COMPOSIÇÃO'!$A$2:$E$10256,4,FALSE),IF(A697=\"Insumo\",IF(VLOOKUP(B697,'SINAPI INSUMOS'!$A$2:$F$4852,5,FALSE)=OR(\"\",0),VLOOKUP(B697,'SINAPI INSUMOS'!$A$2:$F$4852,6,FALSE),VLOOKUP(B697,'SINAPI INSUMOS'!$A$2:$F$4852,5,FALSE)),\"VERIFICAR\"))","v":27.01},{"$f":"TRUNC(G697*H697,2)","v":2.17}]
["Composição Auxiliar",88248,"SINAPI","AUXILIAR DE ENCANADOR OU BOMBEIRO HIDRÁULICO COM ENCARGOS COMPLEMENTARES","SEDI - SERVIÇOS DIVERSOS","H",8.0500000000000002E-2,{"$f":"IF(A698=\"Composição Auxiliar\",VLOOKUP(B698,'SINAPI COMPOSIÇÃO'!$A$2:$E$10256,4,FALSE),IF(A698=\"Insumo\",IF(VLOOKUP(B698,'SINAPI INSUMOS'!$A$2:$F$4852,5,FALSE)=OR(\"\",0),VLOOKUP(B698,'SINAPI INSUMOS'!$A$2:$F$4852,6,FALSE),VLOOKUP(B698,'SINAPI INSUMOS'!$A$2:$F$4852,5,FALSE)),\"VERIFICAR\"))","v":23.01},1.85]
["Insumo",38383,"SINAPI","LIXA D'AGUA EM FOLHA, COR PRETA, GRAO 100","Material","UN",2.9100000000000001E-2,{"$f":"IF(A699=\"Composição Auxiliar\",VLOOKUP(B699,'SINAPI COMPOSIÇÃO'!$A$2:$E$10256,4,FALSE),IF(A699=\"Insumo\",IF(VLOOKUP(B699,'SINAPI INSUMOS'!$A$2:$F$4852,5,FALSE)=OR(\"\",0),VLOOKUP(B699,'SINAPI INSUMOS'!$A$2:$F$4852,6,FALSE),VLOOKUP(B699,'SINAPI INSUMOS'!$A$2:$F$4852,5,FALSE)),\"VERIFICAR\"))","v":2},0.05]
["Insumo",122,"SINAPI","ADESIVO PLASTICO PARA PVC, FRASCO COM *850* GR","Material","UN",4.7000000000000002E-3,{"$f":"IF(A700=\"Composição Auxiliar\",VLOOKUP(B700,'SINAPI COMPOSIÇÃO'!$A$2:$E$10256,4,FALSE),IF(A700=\"Insumo\",IF(VLOOKUP(B700,'SINAPI INSUMOS'!$A$2:$F$4852,5,FALSE)=OR(\"\",0),VLOOKUP(B700,'SINAPI INSUMOS'!$A$2:$F$4852,6,FALSE),VLOOKUP(B700,'SINAPI INSUMOS'!$A$2:$F$4852,5,FALSE)),\"VERIFICAR\"))","v":71.09},0.33]
["Insumo",20083,"SINAPI","SOLUCAO PREPARADORA / LIMPADORA PARA PVC, FRASCO COM 1000 CM3","Material","UN",6.0000000000000001E-3,{"$f":"IF(A701=\"Composição Auxiliar\",VLOOKUP(B701,'SINAPI COMPOSIÇÃO'!$A$2:$E$10256,4,FALSE),IF(A701=\"Insumo\",IF(VLOOKUP(B701,'SINAPI INSUMOS'!$A$2:$F$4852,5,FALSE)=OR(\"\",0),VLOOKUP(B701,'SINAPI INSUMOS'!$A$2:$F$4852,6,FALSE),VLOOKUP(B701,'SINAPI INSUMOS'!$A$2:$F$4852,5,FALSE)),\"VERIFICAR\"))","v":80.55},0.48]
["Insumo",107,"SINAPI","ADAPTADOR PVC SOLDAVEL CURTO COM BOLSA E ROSCA, 20 MM X 1/2\", PARA AGUA FRIA","Material","UN",1,{"$f":"IF(A702=\"Composição Auxiliar\",VLOOKUP(B702,'SINAPI COMPOSIÇÃO'!$A$2:$E$10256,4,FALSE),IF(A702=\"Insumo\",IF(VLOOKUP(B702,'SINAPI INSUMOS'!$A$2:$F$4852,5,FALSE)=OR(\"\",0),VLOOKUP(B702,'SINAPI INSUMOS'!$A$2:$F$4852,6,FALSE),VLOOKUP(B702,'SINAPI INSUMOS'!$A$2:$F$4852,5,FALSE)),\"VERIFICAR\"))","v":0.8},0.8]
["10.1.17","Código","Banco","Descrição","Tipo","Und","Quant.","Valor Unit","Total"]
["Composição",89383,"SINAPI","ADAPTADOR CURTO COM BOLSA E ROSCA PARA REGISTRO, PVC, SOLDÁVEL, DN 25MM X 3/4 , INSTALADO EM RAMAL OU SUB-RAMAL DE ÁGUA - FORNECIMENTO E INSTALAÇÃO. AF_06/2022","INHI - INSTALAÇÕES HIDROS SANITÁRIAS","UN",1,{"$f":"I704","v":6.6099999999999994},{"$f":"SUM(I705:I710)","v":6.6099999999999994}]
["Composição Auxiliar",88248,"SINAPI","AUXILIAR DE ENCANADOR OU BOMBEIRO HIDRÁULICO COM ENCARGOS COMPLEMENTARES","SEDI - SERVIÇOS DIVERSOS","H",9.4399999999999998E-2,{"$f":"IF(A705=\"Composição Auxiliar\",VLOOKUP(B705,'SINAPI COMPOSIÇÃO'!$A$2:$E$10256,4,FALSE),IF(A705=\"Insumo\",IF(VLOOKUP(B705,'SINAPI INSUMOS'!$A$2:$F$4852,5,FALSE)=OR(\"\",0),VLOOKUP(B705,'SINAPI INSUMOS'!$A$2:$F$4852,6,FALSE),VLOOKUP(B705,'SINAPI INSUMOS'!$A$2:$F$4852,5,FALSE)),\"VERIFICAR\"))","v":23.01},{"$f":"TRUNC(G705*H705,2)","v":2.17}]
["Composição Auxiliar",88267,"SINAPI","ENCANADOR OU BOMBEIRO HIDRÁULICO COM ENCARGOS COMPLEMENTARES","SEDI - SERVIÇOS DIVERSOS","H",9.4399999999999998E-2,{"$f":"IF(A706=\"Composição Auxiliar\",VLOOKUP(B706,'SINAPI COMPOSIÇÃO'!$A$2:$E$10256,4,FALSE),IF(A706=\"Insumo\",IF(VLOOKUP(B706,'SINAPI INSUMOS'!$A$2:$F$4852,5,FALSE)=OR(\"\",0),VLOOKUP(B706,'SINAPI INSUMOS'!$A$2:$F$4852,6,FALSE),VLOOKUP(B706,'SINAPI INSUMOS'!$A$2:$F$4852,5,FALSE)),\"VERIFICAR\"))","v":27.01},2.54]
["Insumo",122,"SINAPI","ADESIVO PLASTICO PARA PVC, FRASCO COM *850* GR","Material","UN",5.8999999999999999E-3,{"$f":"IF(A707=\"Composição Auxiliar\",VLOOKUP(B707,'SINAPI COMPOSIÇÃO'!$A$2:$E$10256,4,FALSE),IF(A707=\"Insumo\",IF(VLOOKUP(B707,'SINAPI INSUMOS'!$A$2:$F$4852,5,FALSE)=OR(\"\",0),VLOOKUP(B707,'SINAPI INSUMOS'!$A$2:$F$4852,6,FALSE),VLOOKUP(B707,'SINAPI INSUMOS'!$A$2:$F$4852,5,FALSE)),\"VERIFICAR\"))","v":71.09},0.41]
["Insumo",20083,"SINAPI","SOLUCAO PREPARADORA / LIMPADORA PARA PVC, FRASCO COM 1000 CM3","Material","UN",7.0000000000000001E-3,{"$f":"IF(A708=\"Composição Auxiliar\",VLOOKUP(B708,'SINAPI COMPOSIÇÃO'!$A$2:$E$10256,4,FALSE),IF(A708=\"Insumo\",IF(VLOOKUP(B708,'SINAPI INSUMOS'!$A$2:$F$4852,5,FALSE)=OR(\"\",0),VLOOKUP(B708,'SINAPI INSUMOS'!$A$2:$F$4852,6,FALSE),VLOOKUP(B708,'SINAPI INSUMOS'!$A$2:$F$4852,5,FALSE)),\"VERIFICAR\"))","v":80.55},0.56000000000000005]
["Insumo",38383,"SINAPI","LIXA D'AGUA EM FOLHA, COR PRETA, GRAO 100","Material","UN",3.15E-2,{"$f":"IF(A709=\"Composição Auxiliar\",VLOOKUP(B709,'SINAPI COMPOSIÇÃO'!$A$2:$E$10256,4,FALSE),IF(A709=\"Insumo\",IF(VLOOKUP(B709,'SINAPI INSUMOS'!$A$2:$F$4852,5,FALSE)=OR(\"\",0),VLOOKUP(B709,'SINAPI INSUMOS'!$A$2:$F$4852,6,FALSE),VLOOKUP(B709,'SINAPI INSUMOS'!$A$2:$F$4852,5,FALSE)),\"VERIFICAR\"))","v":2},0.06]
["Insumo",65,"SINAPI","ADAPTADOR PVC SOLDAVEL CURTO COM BOLSA E ROSCA, 25 MM X 3/4\", PARA AGUA FRIA","Material","UN",1,{"$f":"IF(A710=\"Composição Auxiliar\",VLOOKUP(B710,'SINAPI COMPOSIÇÃO'!$A$2:$E$10256,4,FALSE),IF(A710=\"Insumo\",IF(VLOOKUP(B710,'SINAPI INSUMOS'!$A$2:$F$4852,5,FALSE)=OR(\"\",0),VLOOKUP(B710,'SINAPI INSUMOS'!$A$2:$F$4852,6,FALSE),VLOOKUP(B710,'SINAPI INSUMOS'!$A$2:$F$4852,5,FALSE)),\"VERIFICAR\"))","v":0.87},0.87]
["10.1.18","Código","Banco","Descrição","Tipo","Und","Quant.","Valor Unit","Total"]
["Composição",89572,"SINAPI","ADAPTADOR CURTO COM BOLSA E ROSCA PARA REGISTRO, PVC, SOLDÁVEL, DN 40MM X 1.1/4 , INSTALADO EM PRUMADA DE ÁGUA - FORNECIMENTO E INSTALAÇÃO. AF_06/2022","INHI - INSTALAÇÕES HIDROS SANITÁRIAS","UN",1,{"$f":"I712","v":8.58},{"$f":"SUM(I713:I718)","v":8.58}]
["Composição Auxiliar",88267,"SINAPI","ENCANADOR OU BOMBEIRO HIDRÁULICO COM ENCARGOS COMPLEMENTARES","SEDI - SERVIÇOS DIVERSOS","H",6.3500000000000001E-2,{"$f":"IF(A713=\"Composição Auxiliar\",VLOOKUP(B713,'SINAPI COMPOSIÇÃO'!$A$2:$E$10256,4,FALSE),IF(A713=\"Insumo\",IF(VLOOKUP(B713,'SINAPI INSUMOS'!$A$2:$F$4852,5,FALSE)=OR(\"\",0),VLOOKUP(B713,'SINAPI INSUMOS'!$A$2:$F$4852,6,FALSE),VLOOKUP(B713,'SINAPI INSUMOS'!$A$2:$F$4852,5,FALSE)),\"VERIFICAR\"))","v":27.01},{"$f":"TRUNC(G713*H713,2)","v":1.71}]
["Composição Auxiliar",88248,"SINAPI","AUXILIAR DE ENCANADOR OU BOMBEIRO HIDRÁULICO COM ENCARGOS COMPLEMENTARES","SEDI - SERVIÇOS DIVERSOS","H",6.3500000000000001E-2,{"$f":"IF(A714=\"Composição Auxiliar\",VLOOKUP(B714,'SINAPI COMPOSIÇÃO'!$A$2:$E$10256,4,FALSE),IF(A714=\"Insumo\",IF(VLOOKUP(B714,'SINAPI INSUMOS'!$A$2:$F$4852,5,FALSE)=OR(\"\",0),VLOOKUP(B714,'SINAPI INSUMOS'!$A$2:$F$4852,6,FALSE),VLOOKUP(B714,'SINAPI INSUMOS'!$A$2:$F$4852,5,FALSE)),\"VERIFICAR\"))","v":23.01},1.46]
["Insumo",109,"SINAPI","ADAPTADOR PVC SOLDAVEL CURTO COM BOLSA E ROSCA, 40 MM X 1 1/4\", PARA AGUA FRIA","Material","UN",1,{"$f":"IF(A715=\"Composição Auxiliar\",VLOOKUP(B715,'SINAPI COMPOSIÇÃO'!$A$2:$E$10256,4,FALSE),IF(A715=\"Insumo\",IF(VLOOKUP(B715,'SINAPI INSUMOS'!$A$2:$F$4852,5,FALSE)=OR(\"\",0),VLOOKUP(B715,'SINAPI INSUMOS'!$A$2:$F$4852,6,FALSE),VLOOKUP(B715,'SINAPI INSUMOS'!$A$2:$F$4852,5,FALSE)),\"VERIFICAR\"))","v":3.64},3.64]
["Insumo",20083,"SINAPI","SOLUCAO PREPARADORA / LIMPADORA PARA PVC, FRASCO COM 1000 CM3","Material","UN",1.2500000000000001E-2,{"$f":"IF(A716=\"Composição Auxiliar\",VLOOKUP(B716,'SINAPI COMPOSIÇÃO'!$A$2:$E$10256,4,FALSE),IF(A716=\"Insumo\",IF(VLOOKUP(B716,'SINAPI INSUMOS'!$A$2:$F$4852,5,FALSE)=OR(\"\",0),VLOOKUP(B716,'SINAPI INSUMOS'!$A$2:$F$4852,6,FALSE),VLOOKUP(B716,'SINAPI INSUMOS'!$A$2:$F$4852,5,FALSE)),\"VERIFICAR\"))","v":80.55},1]
["Insumo",38383,"SINAPI","LIXA D'AGUA EM FOLHA, COR PRETA, GRAO 100","Material","UN",1.44E-2,{"$f":"IF(A717=\"Composição Auxiliar\",VLOOKUP(B717,'SINAPI COMPOSIÇÃO'!$A$2:$E$10256,4,FALSE),IF(A717=\"Insumo\",IF(VLOOKUP(B717,'SINAPI INSUMOS'!$A$2:$F$4852,5,FALSE)=OR(\"\",0),VLOOKUP(B717,'SINAPI INSUMOS'!$A$2:$F$4852,6,FALSE),VLOOKUP(B717,'SINAPI INSUMOS'!$A$2:$F$4852,5,FALSE)),\"VERIFICAR\"))","v":2},0.02]
["Insumo",122,"SINAPI","ADESIVO PLASTICO PARA PVC, FRASCO COM *850* GR","Material","UN",1.06E-2,{"$f":"IF(A718=\"Composição Auxiliar\",VLOOKUP(B718,'SINAPI COMPOSIÇÃO'!$A$2:$E$10256,4,FALSE),IF(A718=\"Insumo\",IF(VLOOKUP(B718,'SINAPI INSUMOS'!$A$2:$F$4852,5,FALSE)=OR(\"\",0),VLOOKUP(B718,'SINAPI INSUMOS'!$A$2:$F$4852,6,FALSE),VLOOKUP(B718,'SINAPI INSUMOS'!$A$2:$F$4852,5,FALSE)),\"VERIFICAR\"))","v":71.09},0.75]
["10.1.19","Código","Banco","Descrição","Tipo","Und","Quant.","Valor Unit","Total"]
["Composição",94783,"SINAPI","ADAPTADOR COM FLANGE E ANEL DE VEDAÇÃO, PVC, SOLDÁVEL, DN  20 MM X 1/2\", INSTALADO EM RESERVAÇÃO PREDIAL DE ÁGUA - FORNECIMENTO E INSTALAÇÃO. AF_04/2024","INHI - INSTALAÇÕES HIDROS SANITÁRIAS","UN",1,{"$f":"I720","v":18.09},{"$f":"SUM(I721:I725)","v":18.09}]
["Composição Auxiliar",88267,"SINAPI","ENCANADOR OU BOMBEIRO HIDRÁULICO COM ENCARGOS COMPLEMENTARES","SEDI - SERVIÇOS DIVERSOS","H",0.13109999999999999,{"$f":"IF(A721=\"Composição Auxiliar\",VLOOKUP(B721,'SINAPI COMPOSIÇÃO'!$A$2:$E$10256,4,FALSE),IF(A721=\"Insumo\",IF(VLOOKUP(B721,'SINAPI INSUMOS'!$A$2:$F$4852,5,FALSE)=OR(\"\",0),VLOOKUP(B721,'SINAPI INSUMOS'!$A$2:$F$4852,6,FALSE),VLOOKUP(B721,'SINAPI INSUMOS'!$A$2:$F$4852,5,FALSE)),\"VERIFICAR\"))","v":27.01},{"$f":"TRUNC(G721*H721,2)","v":3.54}]
["Composição Auxiliar",88248,"SINAPI","AUXILIAR DE ENCANADOR OU BOMBEIRO HIDRÁULICO COM ENCARGOS COMPLEMENTARES","SEDI - SERVIÇOS DIVERSOS","H",0.13109999999999999,{"$f":"IF(A722=\"Composição Auxiliar\",VLOOKUP(B722,'SINAPI COMPOSIÇÃO'!$A$2:$E$10256,4,FALSE),IF(A722=\"Insumo\",IF(VLOOKUP(B722,'SINAPI INSUMOS'!$A$2:$F$4852,5,FALSE)=OR(\"\",0),VLOOKUP(B722,'SINAPI INSUMOS'!$A$2:$F$4852,6,FALSE),VLOOKUP(B722,'SINAPI INSUMOS'!$A$2:$F$4852,5,FALSE)),\"VERIFICAR\"))","v":23.01},{"$f":"TRUNC(G722*H722,2)","v":3.01}]
["Insumo",95,"SINAPI","ADAPTADOR PVC SOLDAVEL, COM FLANGE E ANEL DE VEDACAO, 20 MM X 1/2\", PARA CAIXA D'AGUA","Material","UN",1,{"$f":"IF(A723=\"Composição Auxiliar\",VLOOKUP(B723,'SINAPI COMPOSIÇÃO'!$A$2:$E$10256,4,FALSE),IF(A723=\"Insumo\",IF(VLOOKUP(B723,'SINAPI INSUMOS'!$A$2:$F$4852,5,FALSE)=OR(\"\",0),VLOOKUP(B723,'SINAPI INSUMOS'!$A$2:$F$4852,6,FALSE),VLOOKUP(B723,'SINAPI INSUMOS'!$A$2:$F$4852,5,FALSE)),\"VERIFICAR\"))","v":11.13},{"$f":"TRUNC(G723*H723,2)","v":11.13}]
["Insumo",122,"SINAPI","ADESIVO PLASTICO PARA PVC, FRASCO COM *850* GR","Material","UN",2.3999999999999998E-3,{"$f":"IF(A724=\"Composição Auxiliar\",VLOOKUP(B724,'SINAPI COMPOSIÇÃO'!$A$2:$E$10256,4,FALSE),IF(A724=\"Insumo\",IF(VLOOKUP(B724,'SINAPI INSUMOS'!$A$2:$F$4852,5,FALSE)=OR(\"\",0),VLOOKUP(B724,'SINAPI INSUMOS'!$A$2:$F$4852,6,FALSE),VLOOKUP(B724,'SINAPI INSUMOS'!$A$2:$F$4852,5,FALSE)),\"VERIFICAR\"))","v":71.09},{"$f":"TRUNC(G724*H724,2)","v":0.17}]
["Insumo",20083,"SINAPI","SOLUCAO PREPARADORA / LIMPADORA PARA PVC, FRASCO COM 1000 CM3","Material","UN",3.0000000000000001E-3,{"$f":"IF(A725=\"Composição Auxiliar\",VLOOKUP(B725,'SINAPI COMPOSIÇÃO'!$A$2:$E$10256,4,FALSE),IF(A725=\"Insumo\",IF(VLOOKUP(B725,'SINAPI INSUMOS'!$A$2:$F$4852,5,FALSE)=OR(\"\",0),VLOOKUP(B725,'SINAPI INSUMOS'!$A$2:$F$4852,6,FALSE),VLOOKUP(B725,'SINAPI INSUMOS'!$A$2:$F$4852,5,FALSE)),\"VERIFICAR\"))","v":80.55},{"$f":"TRUNC(G725*H725,2)","v":0.24}]
["10.1.20","Código","Banco","Descrição","Tipo","Und","Quant.","Valor Unit","Total"]
["Composição",103993,"SINAPI","BUCHA DE REDUÇÃO, PVC, SOLDÁVEL, DN 40MM X 32MM, INSTALADO EM RAMAL DE DISTRIBUIÇÃO DE ÁGUA - FORNECIMENTO E INSTALAÇÃO. AF_06/2022","INHI - INSTALAÇÕES HIDROS SANITÁRIAS","UN",1,{"$f":"I727","v":9.7800000000000011},{"$f":"SUM(I728:I733)","v":9.7800000000000011}]
["Composição Auxiliar",88248,"SINAPI","AUXILIAR DE ENCANADOR OU BOMBEIRO HIDRÁULICO COM ENCARGOS COMPLEMENTARES","SEDI - SERVIÇOS DIVERSOS","H",0.1181,{"$f":"IF(A728=\"Composição Auxiliar\",VLOOKUP(B728,'SINAPI COMPOSIÇÃO'!$A$2:$E$10256,4,FALSE),IF(A728=\"Insumo\",IF(VLOOKUP(B728,'SINAPI INSUMOS'!$A$2:$F$4852,5,FALSE)=OR(\"\",0),VLOOKUP(B728,'SINAPI INSUMOS'!$A$2:$F$4852,6,FALSE),VLOOKUP(B728,'SINAPI INSUMOS'!$A$2:$F$4852,5,FALSE)),\"VERIFICAR\"))","v":23.01},{"$f":"TRUNC(G728*H728,2)","v":2.71}]
["Composição Auxiliar",88267,"SINAPI","ENCANADOR OU BOMBEIRO HIDRÁULICO COM ENCARGOS COMPLEMENTARES","SEDI - SERVIÇOS DIVERSOS","H",0.1181,{"$f":"IF(A729=\"Composição Auxiliar\",VLOOKUP(B729,'SINAPI COMPOSIÇÃO'!$A$2:$E$10256,4,FALSE),IF(A729=\"Insumo\",IF(VLOOKUP(B729,'SINAPI INSUMOS'!$A$2:$F$4852,5,FALSE)=OR(\"\",0),VLOOKUP(B729,'SINAPI INSUMOS'!$A$2:$F$4852,6,FALSE),VLOOKUP(B729,'SINAPI INSUMOS'!$A$2:$F$4852,5,FALSE)),\"VERIFICAR\"))","v":27.01},3.18]
["Insumo",20083,"SINAPI","SOLUCAO PREPARADORA / LIMPADORA PARA PVC, FRASCO COM 1000 CM3","Material","UN",1.2500000000000001E-2,{"$f":"IF(A730=\"Composição Auxiliar\",VLOOKUP(B730,'SINAPI COMPOSIÇÃO'!$A$2:$E$10256,4,FALSE),IF(A730=\"Insumo\",IF(VLOOKUP(B730,'SINAPI INSUMOS'!$A$2:$F$4852,5,FALSE)=OR(\"\",0),VLOOKUP(B730,'SINAPI INSUMOS'!$A$2:$F$4852,6,FALSE),VLOOKUP(B730,'SINAPI INSUMOS'!$A$2:$F$4852,5,FALSE)),\"VERIFICAR\"))","v":80.55},1]
["Insumo",122,"SINAPI","ADESIVO PLASTICO PARA PVC, FRASCO COM *850* GR","Material","UN",1.06E-2,{"$f":"IF(A731=\"Composição Auxiliar\",VLOOKUP(B731,'SINAPI COMPOSIÇÃO'!$A$2:$E$10256,4,FALSE),IF(A731=\"Insumo\",IF(VLOOKUP(B731,'SINAPI INSUMOS'!$A$2:$F$4852,5,FALSE)=OR(\"\",0),VLOOKUP(B731,'SINAPI INSUMOS'!$A$2:$F$4852,6,FALSE),VLOOKUP(B731,'SINAPI INSUMOS'!$A$2:$F$4852,5,FALSE)),\"VERIFICAR\"))","v":71.09},0.75]
["Insumo",812,"SINAPI","BUCHA DE REDUCAO DE PVC, SOLDAVEL, CURTA, COM 40 X 32 MM, PARA AGUA FRIA PREDIAL","Material","UN",1,{"$f":"IF(A732=\"Composição Auxiliar\",VLOOKUP(B732,'SINAPI COMPOSIÇÃO'!$A$2:$E$10256,4,FALSE),IF(A732=\"Insumo\",IF(VLOOKUP(B732,'SINAPI INSUMOS'!$A$2:$F$4852,5,FALSE)=OR(\"\",0),VLOOKUP(B732,'SINAPI INSUMOS'!$A$2:$F$4852,6,FALSE),VLOOKUP(B732,'SINAPI INSUMOS'!$A$2:$F$4852,5,FALSE)),\"VERIFICAR\"))","v":2.0699999999999998},2.0699999999999998]
["Insumo",38383,"SINAPI","LIXA D'AGUA EM FOLHA, COR PRETA, GRAO 100","Material","UN",3.9399999999999998E-2,{"$f":"IF(A733=\"Composição Auxiliar\",VLOOKUP(B733,'SINAPI COMPOSIÇÃO'!$A$2:$E$10256,4,FALSE),IF(A733=\"Insumo\",IF(VLOOKUP(B733,'SINAPI INSUMOS'!$A$2:$F$4852,5,FALSE)=OR(\"\",0),VLOOKUP(B733,'SINAPI INSUMOS'!$A$2:$F$4852,6,FALSE),VLOOKUP(B733,'SINAPI INSUMOS'!$A$2:$F$4852,5,FALSE)),\"VERIFICAR\"))","v":2},7.0000000000000007E-2]
["10.1.21","Código","Banco","Descrição","Tipo","Und","Quant.","Valor Unit","Total"]
["Composição",103948,"SINAPI","BUCHA DE REDUÇÃO, CURTA, PVC, SOLDÁVEL, DN 32 X 25 MM, INSTALADO EM RAMAL OU SUB-RAMAL DE ÁGUA - FORNECIMENTO E INSTALAÇÃO. AF_06/2022","INHI - INSTALAÇÕES HIDROS SANITÁRIAS","UN",1,{"$f":"I735","v":7.9},{"$f":"SUM(I736:I741)","v":7.9}]
["Composição Auxiliar",88267,"SINAPI","ENCANADOR OU BOMBEIRO HIDRÁULICO COM ENCARGOS COMPLEMENTARES","SEDI - SERVIÇOS DIVERSOS","H",0.1111,{"$f":"IF(A736=\"Composição Auxiliar\",VLOOKUP(B736,'SINAPI COMPOSIÇÃO'!$A$2:$E$10256,4,FALSE),IF(A736=\"Insumo\",IF(VLOOKUP(B736,'SINAPI INSUMOS'!$A$2:$F$4852,5,FALSE)=OR(\"\",0),VLOOKUP(B736,'SINAPI INSUMOS'!$A$2:$F$4852,6,FALSE),VLOOKUP(B736,'SINAPI INSUMOS'!$A$2:$F$4852,5,FALSE)),\"VERIFICAR\"))","v":27.01},{"$f":"TRUNC(G736*H736,2)","v":3}]
["Composição Auxiliar",88248,"SINAPI","AUXILIAR DE ENCANADOR OU BOMBEIRO HIDRÁULICO COM ENCARGOS COMPLEMENTARES","SEDI - SERVIÇOS DIVERSOS","H",0.1111,{"$f":"IF(A737=\"Composição Auxiliar\",VLOOKUP(B737,'SINAPI COMPOSIÇÃO'!$A$2:$E$10256,4,FALSE),IF(A737=\"Insumo\",IF(VLOOKUP(B737,'SINAPI INSUMOS'!$A$2:$F$4852,5,FALSE)=OR(\"\",0),VLOOKUP(B737,'SINAPI INSUMOS'!$A$2:$F$4852,6,FALSE),VLOOKUP(B737,'SINAPI INSUMOS'!$A$2:$F$4852,5,FALSE)),\"VERIFICAR\"))","v":23.01},2.5499999999999998]
["Insumo",20083,"SINAPI","SOLUCAO PREPARADORA / LIMPADORA PARA PVC, FRASCO COM 1000 CM3","Material","UN",9.4999999999999998E-3,{"$f":"IF(A738=\"Composição Auxiliar\",VLOOKUP(B738,'SINAPI COMPOSIÇÃO'!$A$2:$E$10256,4,FALSE),IF(A738=\"Insumo\",IF(VLOOKUP(B738,'SINAPI INSUMOS'!$A$2:$F$4852,5,FALSE)=OR(\"\",0),VLOOKUP(B738,'SINAPI INSUMOS'!$A$2:$F$4852,6,FALSE),VLOOKUP(B738,'SINAPI INSUMOS'!$A$2:$F$4852,5,FALSE)),\"VERIFICAR\"))","v":80.55},0.76]
["Insumo",829,"SINAPI","BUCHA DE REDUCAO DE PVC, SOLDAVEL, CURTA, COM 32 X 25 MM, PARA AGUA FRIA PREDIAL","Material","UN",1,{"$f":"IF(A739=\"Composição Auxiliar\",VLOOKUP(B739,'SINAPI COMPOSIÇÃO'!$A$2:$E$10256,4,FALSE),IF(A739=\"Insumo\",IF(VLOOKUP(B739,'SINAPI INSUMOS'!$A$2:$F$4852,5,FALSE)=OR(\"\",0),VLOOKUP(B739,'SINAPI INSUMOS'!$A$2:$F$4852,6,FALSE),VLOOKUP(B739,'SINAPI INSUMOS'!$A$2:$F$4852,5,FALSE)),\"VERIFICAR\"))","v":0.94},0.94]
["Insumo",38383,"SINAPI","LIXA D'AGUA EM FOLHA, COR PRETA, GRAO 100","Material","UN",3.7100000000000001E-2,{"$f":"IF(A740=\"Composição Auxiliar\",VLOOKUP(B740,'SINAPI COMPOSIÇÃO'!$A$2:$E$10256,4,FALSE),IF(A740=\"Insumo\",IF(VLOOKUP(B740,'SINAPI INSUMOS'!$A$2:$F$4852,5,FALSE)=OR(\"\",0),VLOOKUP(B740,'SINAPI INSUMOS'!$A$2:$F$4852,6,FALSE),VLOOKUP(B740,'SINAPI INSUMOS'!$A$2:$F$4852,5,FALSE)),\"VERIFICAR\"))","v":2},7.0000000000000007E-2]
["Insumo",122,"SINAPI","ADESIVO PLASTICO PARA PVC, FRASCO COM *850* GR","Material","UN",8.2000000000000007E-3,{"$f":"IF(A741=\"Composição Auxiliar\",VLOOKUP(B741,'SINAPI COMPOSIÇÃO'!$A$2:$E$10256,4,FALSE),IF(A741=\"Insumo\",IF(VLOOKUP(B741,'SINAPI INSUMOS'!$A$2:$F$4852,5,FALSE)=OR(\"\",0),VLOOKUP(B741,'SINAPI INSUMOS'!$A$2:$F$4852,6,FALSE),VLOOKUP(B741,'SINAPI INSUMOS'!$A$2:$F$4852,5,FALSE)),\"VERIFICAR\"))","v":71.09},0.57999999999999996]
["10.1.22","Código","Banco","Descrição","Tipo","Und","Quant.","Valor Unit","Total"]
["Composição",89360,"SINAPI","CURVA 90 GRAUS, PVC, SOLDÁVEL, DN 20MM, INSTALADO EM RAMAL OU SUB-RAMAL DE ÁGUA - FORNECIMENTO E INSTALAÇÃO. AF_06/2022","INHI - INSTALAÇÕES HIDROS SANITÁRIAS","UN",1,{"$f":"I743","v":9.48},{"$f":"SUM(I744:I749)","v":9.48}]
["Composição Auxiliar",88248,"SINAPI","AUXILIAR DE ENCANADOR OU BOMBEIRO HIDRÁULICO COM ENCARGOS COMPLEMENTARES","SEDI - SERVIÇOS DIVERSOS","H",0.13109999999999999,{"$f":"IF(A744=\"Composição Auxiliar\",VLOOKUP(B744,'SINAPI COMPOSIÇÃO'!$A$2:$E$10256,4,FALSE),IF(A744=\"Insumo\",IF(VLOOKUP(B744,'SINAPI INSUMOS'!$A$2:$F$4852,5,FALSE)=OR(\"\",0),VLOOKUP(B744,'SINAPI INSUMOS'!$A$2:$F$4852,6,FALSE),VLOOKUP(B744,'SINAPI INSUMOS'!$A$2:$F$4852,5,FALSE)),\"VERIFICAR\"))","v":23.01},{"$f":"TRUNC(G744*H744,2)","v":3.01}]
["Composição Auxiliar",88267,"SINAPI","ENCANADOR OU BOMBEIRO HIDRÁULICO COM ENCARGOS COMPLEMENTARES","SEDI - SERVIÇOS DIVERSOS","H",0.13109999999999999,{"$f":"IF(A745=\"Composição Auxiliar\",VLOOKUP(B745,'SINAPI COMPOSIÇÃO'!$A$2:$E$10256,4,FALSE),IF(A745=\"Insumo\",IF(VLOOKUP(B745,'SINAPI INSUMOS'!$A$2:$F$4852,5,FALSE)=OR(\"\",0),VLOOKUP(B745,'SINAPI INSUMOS'!$A$2:$F$4852,6,FALSE),VLOOKUP(B745,'SINAPI INSUMOS'!$A$2:$F$4852,5,FALSE)),\"VERIFICAR\"))","v":27.01},3.54]
["Insumo",1955,"SINAPI","CURVA DE PVC 90 GRAUS, SOLDAVEL, 20 MM, COR MARROM, PARA AGUA FRIA PREDIAL","Material","UN",1,{"$f":"IF(A746=\"Composição Auxiliar\",VLOOKUP(B746,'SINAPI COMPOSIÇÃO'!$A$2:$E$10256,4,FALSE),IF(A746=\"Insumo\",IF(VLOOKUP(B746,'SINAPI INSUMOS'!$A$2:$F$4852,5,FALSE)=OR(\"\",0),VLOOKUP(B746,'SINAPI INSUMOS'!$A$2:$F$4852,6,FALSE),VLOOKUP(B746,'SINAPI INSUMOS'!$A$2:$F$4852,5,FALSE)),\"VERIFICAR\"))","v":2.0699999999999998},2.0699999999999998]
["Insumo",38383,"SINAPI","LIXA D'AGUA EM FOLHA, COR PRETA, GRAO 100","Material","UN",2.9100000000000001E-2,{"$f":"IF(A747=\"Composição Auxiliar\",VLOOKUP(B747,'SINAPI COMPOSIÇÃO'!$A$2:$E$10256,4,FALSE),IF(A747=\"Insumo\",IF(VLOOKUP(B747,'SINAPI INSUMOS'!$A$2:$F$4852,5,FALSE)=OR(\"\",0),VLOOKUP(B747,'SINAPI INSUMOS'!$A$2:$F$4852,6,FALSE),VLOOKUP(B747,'SINAPI INSUMOS'!$A$2:$F$4852,5,FALSE)),\"VERIFICAR\"))","v":2},0.05]
["Insumo",122,"SINAPI","ADESIVO PLASTICO PARA PVC, FRASCO COM *850* GR","Material","UN",4.7000000000000002E-3,{"$f":"IF(A748=\"Composição Auxiliar\",VLOOKUP(B748,'SINAPI COMPOSIÇÃO'!$A$2:$E$10256,4,FALSE),IF(A748=\"Insumo\",IF(VLOOKUP(B748,'SINAPI INSUMOS'!$A$2:$F$4852,5,FALSE)=OR(\"\",0),VLOOKUP(B748,'SINAPI INSUMOS'!$A$2:$F$4852,6,FALSE),VLOOKUP(B748,'SINAPI INSUMOS'!$A$2:$F$4852,5,FALSE)),\"VERIFICAR\"))","v":71.09},0.33]
["Insumo",20083,"SINAPI","SOLUCAO PREPARADORA / LIMPADORA PARA PVC, FRASCO COM 1000 CM3","Material","UN",6.0000000000000001E-3,{"$f":"IF(A749=\"Composição Auxiliar\",VLOOKUP(B749,'SINAPI COMPOSIÇÃO'!$A$2:$E$10256,4,FALSE),IF(A749=\"Insumo\",IF(VLOOKUP(B749,'SINAPI INSUMOS'!$A$2:$F$4852,5,FALSE)=OR(\"\",0),VLOOKUP(B749,'SINAPI INSUMOS'!$A$2:$F$4852,6,FALSE),VLOOKUP(B749,'SINAPI INSUMOS'!$A$2:$F$4852,5,FALSE)),\"VERIFICAR\"))","v":80.55},0.48]
["10.1.23","Código","Banco","Descrição","Tipo","Und","Quant.","Valor Unit","Total"]
["Composição",89361,"SINAPI","CURVA 45 GRAUS, PVC, SOLDÁVEL, DN 20MM, INSTALADO EM RAMAL OU SUB-RAMAL DE ÁGUA - FORNECIMENTO E INSTALAÇÃO. AF_06/2022","INHI - INSTALAÇÕES HIDROS SANITÁRIAS","UN",1,{"$f":"I751","v":9.56},{"$f":"SUM(I752:I757)","v":9.56}]
["Composição Auxiliar",88267,"SINAPI","ENCANADOR OU BOMBEIRO HIDRÁULICO COM ENCARGOS COMPLEMENTARES","SEDI - SERVIÇOS DIVERSOS","H",0.13109999999999999,{"$f":"IF(A752=\"Composição Auxiliar\",VLOOKUP(B752,'SINAPI COMPOSIÇÃO'!$A$2:$E$10256,4,FALSE),IF(A752=\"Insumo\",IF(VLOOKUP(B752,'SINAPI INSUMOS'!$A$2:$F$4852,5,FALSE)=OR(\"\",0),VLOOKUP(B752,'SINAPI INSUMOS'!$A$2:$F$4852,6,FALSE),VLOOKUP(B752,'SINAPI INSUMOS'!$A$2:$F$4852,5,FALSE)),\"VERIFICAR\"))","v":27.01},{"$f":"TRUNC(G752*H752,2)","v":3.54}]
["Composição Auxiliar",88248,"SINAPI","AUXILIAR DE ENCANADOR OU BOMBEIRO HIDRÁULICO COM ENCARGOS COMPLEMENTARES","SEDI - SERVIÇOS DIVERSOS","H",0.13109999999999999,{"$f":"IF(A753=\"Composição Auxiliar\",VLOOKUP(B753,'SINAPI COMPOSIÇÃO'!$A$2:$E$10256,4,FALSE),IF(A753=\"Insumo\",IF(VLOOKUP(B753,'SINAPI INSUMOS'!$A$2:$F$4852,5,FALSE)=OR(\"\",0),VLOOKUP(B753,'SINAPI INSUMOS'!$A$2:$F$4852,6,FALSE),VLOOKUP(B753,'SINAPI INSUMOS'!$A$2:$F$4852,5,FALSE)),\"VERIFICAR\"))","v":23.01},3.01]
["Insumo",38383,"SINAPI","LIXA D'AGUA EM FOLHA, COR PRETA, GRAO 100","Material","UN",2.9100000000000001E-2,{"$f":"IF(A754=\"Composição Auxiliar\",VLOOKUP(B754,'SINAPI COMPOSIÇÃO'!$A$2:$E$10256,4,FALSE),IF(A754=\"Insumo\",IF(VLOOKUP(B754,'SINAPI INSUMOS'!$A$2:$F$4852,5,FALSE)=OR(\"\",0),VLOOKUP(B754,'SINAPI INSUMOS'!$A$2:$F$4852,6,FALSE),VLOOKUP(B754,'SINAPI INSUMOS'!$A$2:$F$4852,5,FALSE)),\"VERIFICAR\"))","v":2},0.05]
["Insumo",1926,"SINAPI","CURVA DE PVC 45 GRAUS, SOLDAVEL, 20 MM, COR MARROM, PARA AGUA FRIA PREDIAL","Material","UN",1,{"$f":"IF(A755=\"Composição Auxiliar\",VLOOKUP(B755,'SINAPI COMPOSIÇÃO'!$A$2:$E$10256,4,FALSE),IF(A755=\"Insumo\",IF(VLOOKUP(B755,'SINAPI INSUMOS'!$A$2:$F$4852,5,FALSE)=OR(\"\",0),VLOOKUP(B755,'SINAPI INSUMOS'!$A$2:$F$4852,6,FALSE),VLOOKUP(B755,'SINAPI INSUMOS'!$A$2:$F$4852,5,FALSE)),\"VERIFICAR\"))","v":2.15},2.15]
["Insumo",20083,"SINAPI","SOLUCAO PREPARADORA / LIMPADORA PARA PVC, FRASCO COM 1000 CM3","Material","UN",6.0000000000000001E-3,{"$f":"IF(A756=\"Composição Auxiliar\",VLOOKUP(B756,'SINAPI COMPOSIÇÃO'!$A$2:$E$10256,4,FALSE),IF(A756=\"Insumo\",IF(VLOOKUP(B756,'SINAPI INSUMOS'!$A$2:$F$4852,5,FALSE)=OR(\"\",0),VLOOKUP(B756,'SINAPI INSUMOS'!$A$2:$F$4852,6,FALSE),VLOOKUP(B756,'SINAPI INSUMOS'!$A$2:$F$4852,5,FALSE)),\"VERIFICAR\"))","v":80.55},0.48]
["Insumo",122,"SINAPI","ADESIVO PLASTICO PARA PVC, FRASCO COM *850* GR","Material","UN",4.7000000000000002E-3,{"$f":"IF(A757=\"Composição Auxiliar\",VLOOKUP(B757,'SINAPI COMPOSIÇÃO'!$A$2:$E$10256,4,FALSE),IF(A757=\"Insumo\",IF(VLOOKUP(B757,'SINAPI INSUMOS'!$A$2:$F$4852,5,FALSE)=OR(\"\",0),VLOOKUP(B757,'SINAPI INSUMOS'!$A$2:$F$4852,6,FALSE),VLOOKUP(B757,'SINAPI INSUMOS'!$A$2:$F$4852,5,FALSE)),\"VERIFICAR\"))","v":71.09},0.33]
["10.1.24","Código","Banco","Descrição","Tipo","Und","Quant.","Valor Unit","Total"]
["Composição",89364,"SINAPI","CURVA 90 GRAUS, PVC, SOLDÁVEL, DN 25MM, INSTALADO EM RAMAL OU SUB-RAMAL DE ÁGUA - FORNECIMENTO E INSTALAÇÃO. AF_06/2022","INHI - INSTALAÇÕES HIDROS SANITÁRIAS","UN",1,{"$f":"I759","v":11.72},{"$f":"SUM(I760:I765)","v":11.72}]
["Composição Auxiliar",88248,"SINAPI","AUXILIAR DE ENCANADOR OU BOMBEIRO HIDRÁULICO COM ENCARGOS COMPLEMENTARES","SEDI - SERVIÇOS DIVERSOS","H",0.152,{"$f":"IF(A760=\"Composição Auxiliar\",VLOOKUP(B760,'SINAPI COMPOSIÇÃO'!$A$2:$E$10256,4,FALSE),IF(A760=\"Insumo\",IF(VLOOKUP(B760,'SINAPI INSUMOS'!$A$2:$F$4852,5,FALSE)=OR(\"\",0),VLOOKUP(B760,'SINAPI INSUMOS'!$A$2:$F$4852,6,FALSE),VLOOKUP(B760,'SINAPI INSUMOS'!$A$2:$F$4852,5,FALSE)),\"VERIFICAR\"))","v":23.01},{"$f":"TRUNC(G760*H760,2)","v":3.49}]
["Composição Auxiliar",88267,"SINAPI","ENCANADOR OU BOMBEIRO HIDRÁULICO COM ENCARGOS COMPLEMENTARES","SEDI - SERVIÇOS DIVERSOS","H",0.152,{"$f":"IF(A761=\"Composição Auxiliar\",VLOOKUP(B761,'SINAPI COMPOSIÇÃO'!$A$2:$E$10256,4,FALSE),IF(A761=\"Insumo\",IF(VLOOKUP(B761,'SINAPI INSUMOS'!$A$2:$F$4852,5,FALSE)=OR(\"\",0),VLOOKUP(B761,'SINAPI INSUMOS'!$A$2:$F$4852,6,FALSE),VLOOKUP(B761,'SINAPI INSUMOS'!$A$2:$F$4852,5,FALSE)),\"VERIFICAR\"))","v":27.01},4.0999999999999996]
["Insumo",122,"SINAPI","ADESIVO PLASTICO PARA PVC, FRASCO COM *850* GR","Material","UN",7.1000000000000004E-3,{"$f":"IF(A762=\"Composição Auxiliar\",VLOOKUP(B762,'SINAPI COMPOSIÇÃO'!$A$2:$E$10256,4,FALSE),IF(A762=\"Insumo\",IF(VLOOKUP(B762,'SINAPI INSUMOS'!$A$2:$F$4852,5,FALSE)=OR(\"\",0),VLOOKUP(B762,'SINAPI INSUMOS'!$A$2:$F$4852,6,FALSE),VLOOKUP(B762,'SINAPI INSUMOS'!$A$2:$F$4852,5,FALSE)),\"VERIFICAR\"))","v":71.09},0.5]
["Insumo",1956,"SINAPI","CURVA DE PVC 90 GRAUS, SOLDAVEL, 25 MM, COR MARROM, PARA AGUA FRIA PREDIAL","Material","UN",1,{"$f":"IF(A763=\"Composição Auxiliar\",VLOOKUP(B763,'SINAPI COMPOSIÇÃO'!$A$2:$E$10256,4,FALSE),IF(A763=\"Insumo\",IF(VLOOKUP(B763,'SINAPI INSUMOS'!$A$2:$F$4852,5,FALSE)=OR(\"\",0),VLOOKUP(B763,'SINAPI INSUMOS'!$A$2:$F$4852,6,FALSE),VLOOKUP(B763,'SINAPI INSUMOS'!$A$2:$F$4852,5,FALSE)),\"VERIFICAR\"))","v":2.93},2.93]
["Insumo",38383,"SINAPI","LIXA D'AGUA EM FOLHA, COR PRETA, GRAO 100","Material","UN",3.3799999999999997E-2,{"$f":"IF(A764=\"Composição Auxiliar\",VLOOKUP(B764,'SINAPI COMPOSIÇÃO'!$A$2:$E$10256,4,FALSE),IF(A764=\"Insumo\",IF(VLOOKUP(B764,'SINAPI INSUMOS'!$A$2:$F$4852,5,FALSE)=OR(\"\",0),VLOOKUP(B764,'SINAPI INSUMOS'!$A$2:$F$4852,6,FALSE),VLOOKUP(B764,'SINAPI INSUMOS'!$A$2:$F$4852,5,FALSE)),\"VERIFICAR\"))","v":2},0.06]
["Insumo",20083,"SINAPI","SOLUCAO PREPARADORA / LIMPADORA PARA PVC, FRASCO COM 1000 CM3","Material","UN",8.0000000000000002E-3,{"$f":"IF(A765=\"Composição Auxiliar\",VLOOKUP(B765,'SINAPI COMPOSIÇÃO'!$A$2:$E$10256,4,FALSE),IF(A765=\"Insumo\",IF(VLOOKUP(B765,'SINAPI INSUMOS'!$A$2:$F$4852,5,FALSE)=OR(\"\",0),VLOOKUP(B765,'SINAPI INSUMOS'!$A$2:$F$4852,6,FALSE),VLOOKUP(B765,'SINAPI INSUMOS'!$A$2:$F$4852,5,FALSE)),\"VERIFICAR\"))","v":80.55},0.64]
["10.1.25","Código","Banco","Descrição","Tipo","Und","Quant.","Valor Unit","Total"]
["Composição",89369,"SINAPI","CURVA 90 GRAUS, PVC, SOLDÁVEL, DN 32MM, INSTALADO EM RAMAL OU SUB-RAMAL DE ÁGUA - FORNECIMENTO E INSTALAÇÃO. AF_06/2022","INHI - INSTALAÇÕES HIDROS SANITÁRIAS","UN",1,{"$f":"I767","v":17.010000000000002},{"$f":"SUM(I768:I773)","v":17.010000000000002}]
["Composição Auxiliar",88267,"SINAPI","ENCANADOR OU BOMBEIRO HIDRÁULICO COM ENCARGOS COMPLEMENTARES","SEDI - SERVIÇOS DIVERSOS","H",0.1812,{"$f":"IF(A768=\"Composição Auxiliar\",VLOOKUP(B768,'SINAPI COMPOSIÇÃO'!$A$2:$E$10256,4,FALSE),IF(A768=\"Insumo\",IF(VLOOKUP(B768,'SINAPI INSUMOS'!$A$2:$F$4852,5,FALSE)=OR(\"\",0),VLOOKUP(B768,'SINAPI INSUMOS'!$A$2:$F$4852,6,FALSE),VLOOKUP(B768,'SINAPI INSUMOS'!$A$2:$F$4852,5,FALSE)),\"VERIFICAR\"))","v":27.01},{"$f":"TRUNC(G768*H768,2)","v":4.8899999999999997}]
["Composição Auxiliar",88248,"SINAPI","AUXILIAR DE ENCANADOR OU BOMBEIRO HIDRÁULICO COM ENCARGOS COMPLEMENTARES","SEDI - SERVIÇOS DIVERSOS","H",0.1812,{"$f":"IF(A769=\"Composição Auxiliar\",VLOOKUP(B769,'SINAPI COMPOSIÇÃO'!$A$2:$E$10256,4,FALSE),IF(A769=\"Insumo\",IF(VLOOKUP(B769,'SINAPI INSUMOS'!$A$2:$F$4852,5,FALSE)=OR(\"\",0),VLOOKUP(B769,'SINAPI INSUMOS'!$A$2:$F$4852,6,FALSE),VLOOKUP(B769,'SINAPI INSUMOS'!$A$2:$F$4852,5,FALSE)),\"VERIFICAR\"))","v":23.01},4.16]
["Insumo",38383,"SINAPI","LIXA D'AGUA EM FOLHA, COR PRETA, GRAO 100","Material","UN",4.0300000000000002E-2,{"$f":"IF(A770=\"Composição Auxiliar\",VLOOKUP(B770,'SINAPI COMPOSIÇÃO'!$A$2:$E$10256,4,FALSE),IF(A770=\"Insumo\",IF(VLOOKUP(B770,'SINAPI INSUMOS'!$A$2:$F$4852,5,FALSE)=OR(\"\",0),VLOOKUP(B770,'SINAPI INSUMOS'!$A$2:$F$4852,6,FALSE),VLOOKUP(B770,'SINAPI INSUMOS'!$A$2:$F$4852,5,FALSE)),\"VERIFICAR\"))","v":2},0.08]
["Insumo",20083,"SINAPI","SOLUCAO PREPARADORA / LIMPADORA PARA PVC, FRASCO COM 1000 CM3","Material","UN",1.0999999999999999E-2,{"$f":"IF(A771=\"Composição Auxiliar\",VLOOKUP(B771,'SINAPI COMPOSIÇÃO'!$A$2:$E$10256,4,FALSE),IF(A771=\"Insumo\",IF(VLOOKUP(B771,'SINAPI INSUMOS'!$A$2:$F$4852,5,FALSE)=OR(\"\",0),VLOOKUP(B771,'SINAPI INSUMOS'!$A$2:$F$4852,6,FALSE),VLOOKUP(B771,'SINAPI INSUMOS'!$A$2:$F$4852,5,FALSE)),\"VERIFICAR\"))","v":80.55},0.88]
["Insumo",1957,"SINAPI","CURVA DE PVC 90 GRAUS, SOLDAVEL, 32 MM, COR MARROM, PARA AGUA FRIA PREDIAL","Material","UN",1,{"$f":"IF(A772=\"Composição Auxiliar\",VLOOKUP(B772,'SINAPI COMPOSIÇÃO'!$A$2:$E$10256,4,FALSE),IF(A772=\"Insumo\",IF(VLOOKUP(B772,'SINAPI INSUMOS'!$A$2:$F$4852,5,FALSE)=OR(\"\",0),VLOOKUP(B772,'SINAPI INSUMOS'!$A$2:$F$4852,6,FALSE),VLOOKUP(B772,'SINAPI INSUMOS'!$A$2:$F$4852,5,FALSE)),\"VERIFICAR\"))","v":6.34},6.34]
["Insumo",122,"SINAPI","ADESIVO PLASTICO PARA PVC, FRASCO COM *850* GR","Material","UN",9.4000000000000004E-3,{"$f":"IF(A773=\"Composição Auxiliar\",VLOOKUP(B773,'SINAPI COMPOSIÇÃO'!$A$2:$E$10256,4,FALSE),IF(A773=\"Insumo\",IF(VLOOKUP(B773,'SINAPI INSUMOS'!$A$2:$F$4852,5,FALSE)=OR(\"\",0),VLOOKUP(B773,'SINAPI INSUMOS'!$A$2:$F$4852,6,FALSE),VLOOKUP(B773,'SINAPI INSUMOS'!$A$2:$F$4852,5,FALSE)),\"VERIFICAR\"))","v":71.09},0.66]
["10.1.26","Código","Banco","Descrição","Tipo","Und","Quant.","Valor Unit","Total"]
["Composição",103982,"SINAPI","CURVA 90 GRAUS, PVC, SOLDÁVEL, DN 40MM, INSTALADO EM RAMAL DE DISTRIBUIÇÃO DE ÁGUA - FORNECIMENTO E INSTALAÇÃO. AF_06/2022","INHI - INSTALAÇÕES HIDROS SANITÁRIAS","UN",1,{"$f":"I775","v":23.43},{"$f":"SUM(I776:I781)","v":23.43}]
["Composição Auxiliar",88248,"SINAPI","AUXILIAR DE ENCANADOR OU BOMBEIRO HIDRÁULICO COM ENCARGOS COMPLEMENTARES","SEDI - SERVIÇOS DIVERSOS","H",0.192,{"$f":"IF(A776=\"Composição Auxiliar\",VLOOKUP(B776,'SINAPI COMPOSIÇÃO'!$A$2:$E$10256,4,FALSE),IF(A776=\"Insumo\",IF(VLOOKUP(B776,'SINAPI INSUMOS'!$A$2:$F$4852,5,FALSE)=OR(\"\",0),VLOOKUP(B776,'SINAPI INSUMOS'!$A$2:$F$4852,6,FALSE),VLOOKUP(B776,'SINAPI INSUMOS'!$A$2:$F$4852,5,FALSE)),\"VERIFICAR\"))","v":23.01},{"$f":"TRUNC(G776*H776,2)","v":4.41}]
["Composição Auxiliar",88267,"SINAPI","ENCANADOR OU BOMBEIRO HIDRÁULICO COM ENCARGOS COMPLEMENTARES","SEDI - SERVIÇOS DIVERSOS","H",0.192,{"$f":"IF(A777=\"Composição Auxiliar\",VLOOKUP(B777,'SINAPI COMPOSIÇÃO'!$A$2:$E$10256,4,FALSE),IF(A777=\"Insumo\",IF(VLOOKUP(B777,'SINAPI INSUMOS'!$A$2:$F$4852,5,FALSE)=OR(\"\",0),VLOOKUP(B777,'SINAPI INSUMOS'!$A$2:$F$4852,6,FALSE),VLOOKUP(B777,'SINAPI INSUMOS'!$A$2:$F$4852,5,FALSE)),\"VERIFICAR\"))","v":27.01},5.18]
["Insumo",38383,"SINAPI","LIXA D'AGUA EM FOLHA, COR PRETA, GRAO 100","Material","UN",4.2700000000000002E-2,{"$f":"IF(A778=\"Composição Auxiliar\",VLOOKUP(B778,'SINAPI COMPOSIÇÃO'!$A$2:$E$10256,4,FALSE),IF(A778=\"Insumo\",IF(VLOOKUP(B778,'SINAPI INSUMOS'!$A$2:$F$4852,5,FALSE)=OR(\"\",0),VLOOKUP(B778,'SINAPI INSUMOS'!$A$2:$F$4852,6,FALSE),VLOOKUP(B778,'SINAPI INSUMOS'!$A$2:$F$4852,5,FALSE)),\"VERIFICAR\"))","v":2},0.08]
["Insumo",1958,"SINAPI","CURVA DE PVC 90 GRAUS, SOLDAVEL, 40 MM, COR MARROM, PARA AGUA FRIA PREDIAL","Material","UN",1,{"$f":"IF(A779=\"Composição Auxiliar\",VLOOKUP(B779,'SINAPI COMPOSIÇÃO'!$A$2:$E$10256,4,FALSE),IF(A779=\"Insumo\",IF(VLOOKUP(B779,'SINAPI INSUMOS'!$A$2:$F$4852,5,FALSE)=OR(\"\",0),VLOOKUP(B779,'SINAPI INSUMOS'!$A$2:$F$4852,6,FALSE),VLOOKUP(B779,'SINAPI INSUMOS'!$A$2:$F$4852,5,FALSE)),\"VERIFICAR\"))","v":11.81},11.81]
["Insumo",122,"SINAPI","ADESIVO PLASTICO PARA PVC, FRASCO COM *850* GR","Material","UN",1.18E-2,{"$f":"IF(A780=\"Composição Auxiliar\",VLOOKUP(B780,'SINAPI COMPOSIÇÃO'!$A$2:$E$10256,4,FALSE),IF(A780=\"Insumo\",IF(VLOOKUP(B780,'SINAPI INSUMOS'!$A$2:$F$4852,5,FALSE)=OR(\"\",0),VLOOKUP(B780,'SINAPI INSUMOS'!$A$2:$F$4852,6,FALSE),VLOOKUP(B780,'SINAPI INSUMOS'!$A$2:$F$4852,5,FALSE)),\"VERIFICAR\"))","v":71.09},0.83]
["Insumo",20083,"SINAPI","SOLUCAO PREPARADORA / LIMPADORA PARA PVC, FRASCO COM 1000 CM3","Material","UN",1.4E-2,{"$f":"IF(A781=\"Composição Auxiliar\",VLOOKUP(B781,'SINAPI COMPOSIÇÃO'!$A$2:$E$10256,4,FALSE),IF(A781=\"Insumo\",IF(VLOOKUP(B781,'SINAPI INSUMOS'!$A$2:$F$4852,5,FALSE)=OR(\"\",0),VLOOKUP(B781,'SINAPI INSUMOS'!$A$2:$F$4852,6,FALSE),VLOOKUP(B781,'SINAPI INSUMOS'!$A$2:$F$4852,5,FALSE)),\"VERIFICAR\"))","v":80.55},1.1200000000000001]
["10.1.27","Código","Banco","Descrição","Tipo","Und","Quant.","Valor Unit","Total"]
["Composição",89366,"SINAPI","JOELHO 90 GRAUS COM BUCHA DE LATÃO, PVC, SOLDÁVEL, DN 25MM, X 3/4  INSTALADO EM RAMAL OU SUB-RAMAL DE ÁGUA - FORNECIMENTO E INSTALAÇÃO. AF_06/2022","INHI - INSTALAÇÕES HIDROS SANITÁRIAS","UN",1,{"$f":"I783","v":16.02},{"$f":"SUM(I784:I789)","v":16.02}]
["Composição Auxiliar",88267,"SINAPI","ENCANADOR OU BOMBEIRO HIDRÁULICO COM ENCARGOS COMPLEMENTARES","SEDI - SERVIÇOS DIVERSOS","H",0.1416,{"$f":"IF(A784=\"Composição Auxiliar\",VLOOKUP(B784,'SINAPI COMPOSIÇÃO'!$A$2:$E$10256,4,FALSE),IF(A784=\"Insumo\",IF(VLOOKUP(B784,'SINAPI INSUMOS'!$A$2:$F$4852,5,FALSE)=OR(\"\",0),VLOOKUP(B784,'SINAPI INSUMOS'!$A$2:$F$4852,6,FALSE),VLOOKUP(B784,'SINAPI INSUMOS'!$A$2:$F$4852,5,FALSE)),\"VERIFICAR\"))","v":27.01},{"$f":"TRUNC(G784*H784,2)","v":3.82}]
["Composição Auxiliar",88248,"SINAPI","AUXILIAR DE ENCANADOR OU BOMBEIRO HIDRÁULICO COM ENCARGOS COMPLEMENTARES","SEDI - SERVIÇOS DIVERSOS","H",0.1416,{"$f":"IF(A785=\"Composição Auxiliar\",VLOOKUP(B785,'SINAPI COMPOSIÇÃO'!$A$2:$E$10256,4,FALSE),IF(A785=\"Insumo\",IF(VLOOKUP(B785,'SINAPI INSUMOS'!$A$2:$F$4852,5,FALSE)=OR(\"\",0),VLOOKUP(B785,'SINAPI INSUMOS'!$A$2:$F$4852,6,FALSE),VLOOKUP(B785,'SINAPI INSUMOS'!$A$2:$F$4852,5,FALSE)),\"VERIFICAR\"))","v":23.01},3.25]
["Insumo",122,"SINAPI","ADESIVO PLASTICO PARA PVC, FRASCO COM *850* GR","Material","UN",5.8999999999999999E-3,{"$f":"IF(A786=\"Composição Auxiliar\",VLOOKUP(B786,'SINAPI COMPOSIÇÃO'!$A$2:$E$10256,4,FALSE),IF(A786=\"Insumo\",IF(VLOOKUP(B786,'SINAPI INSUMOS'!$A$2:$F$4852,5,FALSE)=OR(\"\",0),VLOOKUP(B786,'SINAPI INSUMOS'!$A$2:$F$4852,6,FALSE),VLOOKUP(B786,'SINAPI INSUMOS'!$A$2:$F$4852,5,FALSE)),\"VERIFICAR\"))","v":71.09},0.41]
["Insumo",3524,"SINAPI","JOELHO PVC, SOLDAVEL, COM BUCHA DE LATAO, 90 GRAUS, 25 MM X 3/4\", PARA AGUA FRIA PREDIAL","Material","UN",1,{"$f":"IF(A787=\"Composição Auxiliar\",VLOOKUP(B787,'SINAPI COMPOSIÇÃO'!$A$2:$E$10256,4,FALSE),IF(A787=\"Insumo\",IF(VLOOKUP(B787,'SINAPI INSUMOS'!$A$2:$F$4852,5,FALSE)=OR(\"\",0),VLOOKUP(B787,'SINAPI INSUMOS'!$A$2:$F$4852,6,FALSE),VLOOKUP(B787,'SINAPI INSUMOS'!$A$2:$F$4852,5,FALSE)),\"VERIFICAR\"))","v":7.92},7.92]
["Insumo",38383,"SINAPI","LIXA D'AGUA EM FOLHA, COR PRETA, GRAO 100","Material","UN",3.3799999999999997E-2,{"$f":"IF(A788=\"Composição Auxiliar\",VLOOKUP(B788,'SINAPI COMPOSIÇÃO'!$A$2:$E$10256,4,FALSE),IF(A788=\"Insumo\",IF(VLOOKUP(B788,'SINAPI INSUMOS'!$A$2:$F$4852,5,FALSE)=OR(\"\",0),VLOOKUP(B788,'SINAPI INSUMOS'!$A$2:$F$4852,6,FALSE),VLOOKUP(B788,'SINAPI INSUMOS'!$A$2:$F$4852,5,FALSE)),\"VERIFICAR\"))","v":2},0.06]
["Insumo",20083,"SINAPI","SOLUCAO PREPARADORA / LIMPADORA PARA PVC, FRASCO COM 1000 CM3","Material","UN",7.0000000000000001E-3,{"$f":"IF(A789=\"Composição Auxiliar\",VLOOKUP(B789,'SINAPI COMPOSIÇÃO'!$A$2:$E$10256,4,FALSE),IF(A789=\"Insumo\",IF(VLOOKUP(B789,'SINAPI INSUMOS'!$A$2:$F$4852,5,FALSE)=OR(\"\",0),VLOOKUP(B789,'SINAPI INSUMOS'!$A$2:$F$4852,6,FALSE),VLOOKUP(B789,'SINAPI INSUMOS'!$A$2:$F$4852,5,FALSE)),\"VERIFICAR\"))","v":80.55},0.56000000000000005]
["10.1.28","Código","Banco","Descrição","Tipo","Und","Quant.","Valor Unit","Total"]
["Composição",89358,"SINAPI","JOELHO 90 GRAUS, PVC, SOLDÁVEL, DN 20MM, INSTALADO EM RAMAL OU SUB-RAMAL DE ÁGUA - FORNECIMENTO E INSTALAÇÃO. AF_06/2022","INHI - INSTALAÇÕES HIDROS SANITÁRIAS","UN",1,{"$f":"I791","v":7.9899999999999993},{"$f":"SUM(I792:I797)","v":7.9899999999999993}]
["Composição Auxiliar",88248,"SINAPI","AUXILIAR DE ENCANADOR OU BOMBEIRO HIDRÁULICO COM ENCARGOS COMPLEMENTARES","SEDI - SERVIÇOS DIVERSOS","H",0.13109999999999999,{"$f":"IF(A792=\"Composição Auxiliar\",VLOOKUP(B792,'SINAPI COMPOSIÇÃO'!$A$2:$E$10256,4,FALSE),IF(A792=\"Insumo\",IF(VLOOKUP(B792,'SINAPI INSUMOS'!$A$2:$F$4852,5,FALSE)=OR(\"\",0),VLOOKUP(B792,'SINAPI INSUMOS'!$A$2:$F$4852,6,FALSE),VLOOKUP(B792,'SINAPI INSUMOS'!$A$2:$F$4852,5,FALSE)),\"VERIFICAR\"))","v":23.01},{"$f":"TRUNC(G792*H792,2)","v":3.01}]
["Composição Auxiliar",88267,"SINAPI","ENCANADOR OU BOMBEIRO HIDRÁULICO COM ENCARGOS COMPLEMENTARES","SEDI - SERVIÇOS DIVERSOS","H",0.13109999999999999,{"$f":"IF(A793=\"Composição Auxiliar\",VLOOKUP(B793,'SINAPI COMPOSIÇÃO'!$A$2:$E$10256,4,FALSE),IF(A793=\"Insumo\",IF(VLOOKUP(B793,'SINAPI INSUMOS'!$A$2:$F$4852,5,FALSE)=OR(\"\",0),VLOOKUP(B793,'SINAPI INSUMOS'!$A$2:$F$4852,6,FALSE),VLOOKUP(B793,'SINAPI INSUMOS'!$A$2:$F$4852,5,FALSE)),\"VERIFICAR\"))","v":27.01},3.54]
["Insumo",20083,"SINAPI","SOLUCAO PREPARADORA / LIMPADORA PARA PVC, FRASCO COM 1000 CM3","Material","UN",6.0000000000000001E-3,{"$f":"IF(A794=\"Composição Auxiliar\",VLOOKUP(B794,'SINAPI COMPOSIÇÃO'!$A$2:$E$10256,4,FALSE),IF(A794=\"Insumo\",IF(VLOOKUP(B794,'SINAPI INSUMOS'!$A$2:$F$4852,5,FALSE)=OR(\"\",0),VLOOKUP(B794,'SINAPI INSUMOS'!$A$2:$F$4852,6,FALSE),VLOOKUP(B794,'SINAPI INSUMOS'!$A$2:$F$4852,5,FALSE)),\"VERIFICAR\"))","v":80.55},0.48]
["Insumo",38383,"SINAPI","LIXA D'AGUA EM FOLHA, COR PRETA, GRAO 100","Material","UN",2.9100000000000001E-2,{"$f":"IF(A795=\"Composição Auxiliar\",VLOOKUP(B795,'SINAPI COMPOSIÇÃO'!$A$2:$E$10256,4,FALSE),IF(A795=\"Insumo\",IF(VLOOKUP(B795,'SINAPI INSUMOS'!$A$2:$F$4852,5,FALSE)=OR(\"\",0),VLOOKUP(B795,'SINAPI INSUMOS'!$A$2:$F$4852,6,FALSE),VLOOKUP(B795,'SINAPI INSUMOS'!$A$2:$F$4852,5,FALSE)),\"VERIFICAR\"))","v":2},0.05]
["Insumo",122,"SINAPI","ADESIVO PLASTICO PARA PVC, FRASCO COM *850* GR","Material","UN",4.7000000000000002E-3,{"$f":"IF(A796=\"Composição Auxiliar\",VLOOKUP(B796,'SINAPI COMPOSIÇÃO'!$A$2:$E$10256,4,FALSE),IF(A796=\"Insumo\",IF(VLOOKUP(B796,'SINAPI INSUMOS'!$A$2:$F$4852,5,FALSE)=OR(\"\",0),VLOOKUP(B796,'SINAPI INSUMOS'!$A$2:$F$4852,6,FALSE),VLOOKUP(B796,'SINAPI INSUMOS'!$A$2:$F$4852,5,FALSE)),\"VERIFICAR\"))","v":71.09},0.33]
["Insumo",3542,"SINAPI","JOELHO PVC, SOLDAVEL, 90 GRAUS, 20 MM, COR MARROM, PARA AGUA FRIA PREDIAL","Material","UN",1,{"$f":"IF(A797=\"Composição Auxiliar\",VLOOKUP(B797,'SINAPI COMPOSIÇÃO'!$A$2:$E$10256,4,FALSE),IF(A797=\"Insumo\",IF(VLOOKUP(B797,'SINAPI INSUMOS'!$A$2:$F$4852,5,FALSE)=OR(\"\",0),VLOOKUP(B797,'SINAPI INSUMOS'!$A$2:$F$4852,6,FALSE),VLOOKUP(B797,'SINAPI INSUMOS'!$A$2:$F$4852,5,FALSE)),\"VERIFICAR\"))","v":0.57999999999999996},0.57999999999999996]
["10.1.29","Código","Banco","Descrição","Tipo","Und","Quant.","Valor Unit","Total"]
["Composição",89362,"SINAPI","JOELHO 90 GRAUS, PVC, SOLDÁVEL, DN 25MM, INSTALADO EM RAMAL OU SUB-RAMAL DE ÁGUA - FORNECIMENTO E INSTALAÇÃO. AF_06/2022","INHI - INSTALAÇÕES HIDROS SANITÁRIAS","UN",1,{"$f":"I799","v":9.5},{"$f":"SUM(I800:I805)","v":9.5}]
["Composição Auxiliar",88248,"SINAPI","AUXILIAR DE ENCANADOR OU BOMBEIRO HIDRÁULICO COM ENCARGOS COMPLEMENTARES","SEDI - SERVIÇOS DIVERSOS","H",0.152,{"$f":"IF(A800=\"Composição Auxiliar\",VLOOKUP(B800,'SINAPI COMPOSIÇÃO'!$A$2:$E$10256,4,FALSE),IF(A800=\"Insumo\",IF(VLOOKUP(B800,'SINAPI INSUMOS'!$A$2:$F$4852,5,FALSE)=OR(\"\",0),VLOOKUP(B800,'SINAPI INSUMOS'!$A$2:$F$4852,6,FALSE),VLOOKUP(B800,'SINAPI INSUMOS'!$A$2:$F$4852,5,FALSE)),\"VERIFICAR\"))","v":23.01},{"$f":"TRUNC(G800*H800,2)","v":3.49}]
["Composição Auxiliar",88267,"SINAPI","ENCANADOR OU BOMBEIRO HIDRÁULICO COM ENCARGOS COMPLEMENTARES","SEDI - SERVIÇOS DIVERSOS","H",0.152,{"$f":"IF(A801=\"Composição Auxiliar\",VLOOKUP(B801,'SINAPI COMPOSIÇÃO'!$A$2:$E$10256,4,FALSE),IF(A801=\"Insumo\",IF(VLOOKUP(B801,'SINAPI INSUMOS'!$A$2:$F$4852,5,FALSE)=OR(\"\",0),VLOOKUP(B801,'SINAPI INSUMOS'!$A$2:$F$4852,6,FALSE),VLOOKUP(B801,'SINAPI INSUMOS'!$A$2:$F$4852,5,FALSE)),\"VERIFICAR\"))","v":27.01},4.0999999999999996]
["Insumo",38383,"SINAPI","LIXA D'AGUA EM FOLHA, COR PRETA, GRAO 100","Material","UN",3.3799999999999997E-2,{"$f":"IF(A802=\"Composição Auxiliar\",VLOOKUP(B802,'SINAPI COMPOSIÇÃO'!$A$2:$E$10256,4,FALSE),IF(A802=\"Insumo\",IF(VLOOKUP(B802,'SINAPI INSUMOS'!$A$2:$F$4852,5,FALSE)=OR(\"\",0),VLOOKUP(B802,'SINAPI INSUMOS'!$A$2:$F$4852,6,FALSE),VLOOKUP(B802,'SINAPI INSUMOS'!$A$2:$F$4852,5,FALSE)),\"VERIFICAR\"))","v":2},0.06]
["Insumo",20083,"SINAPI","SOLUCAO PREPARADORA / LIMPADORA PARA PVC, FRASCO COM 1000 CM3","Material","UN",8.0000000000000002E-3,{"$f":"IF(A803=\"Composição Auxiliar\",VLOOKUP(B803,'SINAPI COMPOSIÇÃO'!$A$2:$E$10256,4,FALSE),IF(A803=\"Insumo\",IF(VLOOKUP(B803,'SINAPI INSUMOS'!$A$2:$F$4852,5,FALSE)=OR(\"\",0),VLOOKUP(B803,'SINAPI INSUMOS'!$A$2:$F$4852,6,FALSE),VLOOKUP(B803,'SINAPI INSUMOS'!$A$2:$F$4852,5,FALSE)),\"VERIFICAR\"))","v":80.55},0.64]
["Insumo",122,"SINAPI","ADESIVO PLASTICO PARA PVC, FRASCO COM *850* GR","Material","UN",7.1000000000000004E-3,{"$f":"IF(A804=\"Composição Auxiliar\",VLOOKUP(B804,'SINAPI COMPOSIÇÃO'!$A$2:$E$10256,4,FALSE),IF(A804=\"Insumo\",IF(VLOOKUP(B804,'SINAPI INSUMOS'!$A$2:$F$4852,5,FALSE)=OR(\"\",0),VLOOKUP(B804,'SINAPI INSUMOS'!$A$2:$F$4852,6,FALSE),VLOOKUP(B804,'SINAPI INSUMOS'!$A$2:$F$4852,5,FALSE)),\"VERIFICAR\"))","v":71.09},0.5]
["Insumo",3529,"SINAPI","JOELHO PVC, SOLDAVEL, 90 GRAUS, 25 MM, COR MARROM, PARA AGUA FRIA PREDIAL","Material","UN",1,{"$f":"IF(A805=\"Composição Auxiliar\",VLOOKUP(B805,'SINAPI COMPOSIÇÃO'!$A$2:$E$10256,4,FALSE),IF(A805=\"Insumo\",IF(VLOOKUP(B805,'SINAPI INSUMOS'!$A$2:$F$4852,5,FALSE)=OR(\"\",0),VLOOKUP(B805,'SINAPI INSUMOS'!$A$2:$F$4852,6,FALSE),VLOOKUP(B805,'SINAPI INSUMOS'!$A$2:$F$4852,5,FALSE)),\"VERIFICAR\"))","v":0.71},0.71]
["10.1.30","Código","Banco","Descrição","Tipo","Und","Quant.","Valor Unit","Total"]
["Composição",89367,"SINAPI","JOELHO 90 GRAUS, PVC, SOLDÁVEL, DN 32MM, INSTALADO EM RAMAL OU SUB-RAMAL DE ÁGUA - FORNECIMENTO E INSTALAÇÃO. AF_06/2022","INHI - INSTALAÇÕES HIDROS SANITÁRIAS","UN",1,{"$f":"I807","v":13.05},{"$f":"SUM(I808:I813)","v":13.05}]
["Composição Auxiliar",88267,"SINAPI","ENCANADOR OU BOMBEIRO HIDRÁULICO COM ENCARGOS COMPLEMENTARES","SEDI - SERVIÇOS DIVERSOS","H",0.1812,{"$f":"IF(A808=\"Composição Auxiliar\",VLOOKUP(B808,'SINAPI COMPOSIÇÃO'!$A$2:$E$10256,4,FALSE),IF(A808=\"Insumo\",IF(VLOOKUP(B808,'SINAPI INSUMOS'!$A$2:$F$4852,5,FALSE)=OR(\"\",0),VLOOKUP(B808,'SINAPI INSUMOS'!$A$2:$F$4852,6,FALSE),VLOOKUP(B808,'SINAPI INSUMOS'!$A$2:$F$4852,5,FALSE)),\"VERIFICAR\"))","v":27.01},{"$f":"TRUNC(G808*H808,2)","v":4.8899999999999997}]
["Composição Auxiliar",88248,"SINAPI","AUXILIAR DE ENCANADOR OU BOMBEIRO HIDRÁULICO COM ENCARGOS COMPLEMENTARES","SEDI - SERVIÇOS DIVERSOS","H",0.1812,{"$f":"IF(A809=\"Composição Auxiliar\",VLOOKUP(B809,'SINAPI COMPOSIÇÃO'!$A$2:$E$10256,4,FALSE),IF(A809=\"Insumo\",IF(VLOOKUP(B809,'SINAPI INSUMOS'!$A$2:$F$4852,5,FALSE)=OR(\"\",0),VLOOKUP(B809,'SINAPI INSUMOS'!$A$2:$F$4852,6,FALSE),VLOOKUP(B809,'SINAPI INSUMOS'!$A$2:$F$4852,5,FALSE)),\"VERIFICAR\"))","v":23.01},4.16]
["Insumo",20083,"SINAPI","SOLUCAO PREPARADORA / LIMPADORA PARA PVC, FRASCO COM 1000 CM3","Material","UN",1.0999999999999999E-2,{"$f":"IF(A810=\"Composição Auxiliar\",VLOOKUP(B810,'SINAPI COMPOSIÇÃO'!$A$2:$E$10256,4,FALSE),IF(A810=\"Insumo\",IF(VLOOKUP(B810,'SINAPI INSUMOS'!$A$2:$F$4852,5,FALSE)=OR(\"\",0),VLOOKUP(B810,'SINAPI INSUMOS'!$A$2:$F$4852,6,FALSE),VLOOKUP(B810,'SINAPI INSUMOS'!$A$2:$F$4852,5,FALSE)),\"VERIFICAR\"))","v":80.55},0.88]
["Insumo",38383,"SINAPI","LIXA D'AGUA EM FOLHA, COR PRETA, GRAO 100","Material","UN",4.0300000000000002E-2,{"$f":"IF(A811=\"Composição Auxiliar\",VLOOKUP(B811,'SINAPI COMPOSIÇÃO'!$A$2:$E$10256,4,FALSE),IF(A811=\"Insumo\",IF(VLOOKUP(B811,'SINAPI INSUMOS'!$A$2:$F$4852,5,FALSE)=OR(\"\",0),VLOOKUP(B811,'SINAPI INSUMOS'!$A$2:$F$4852,6,FALSE),VLOOKUP(B811,'SINAPI INSUMOS'!$A$2:$F$4852,5,FALSE)),\"VERIFICAR\"))","v":2},0.08]
["Insumo",122,"SINAPI","ADESIVO PLASTICO PARA PVC, FRASCO COM *850* GR","Material","UN",9.4000000000000004E-3,{"$f":"IF(A812=\"Composição Auxiliar\",VLOOKUP(B812,'SINAPI COMPOSIÇÃO'!$A$2:$E$10256,4,FALSE),IF(A812=\"Insumo\",IF(VLOOKUP(B812,'SINAPI INSUMOS'!$A$2:$F$4852,5,FALSE)=OR(\"\",0),VLOOKUP(B812,'SINAPI INSUMOS'!$A$2:$F$4852,6,FALSE),VLOOKUP(B812,'SINAPI INSUMOS'!$A$2:$F$4852,5,FALSE)),\"VERIFICAR\"))","v":71.09},0.66]
["Insumo",3536,"SINAPI","JOELHO PVC, SOLDAVEL, 90 GRAUS, 32 MM, COR MARROM, PARA AGUA FRIA PREDIAL","Material","UN",1,{"$f":"IF(A813=\"Composição Auxiliar\",VLOOKUP(B813,'SINAPI COMPOSIÇÃO'!$A$2:$E$10256,4,FALSE),IF(A813=\"Insumo\",IF(VLOOKUP(B813,'SINAPI INSUMOS'!$A$2:$F$4852,5,FALSE)=OR(\"\",0),VLOOKUP(B813,'SINAPI INSUMOS'!$A$2:$F$4852,6,FALSE),VLOOKUP(B813,'SINAPI INSUMOS'!$A$2:$F$4852,5,FALSE)),\"VERIFICAR\"))","v":2.38},2.38]
["10.1.31","Código","Banco","Descrição","Tipo","Und","Quant.","Valor Unit","Total"]
["Composição",103980,"SINAPI","JOELHO 90 GRAUS, PVC, SOLDÁVEL, DN 40MM, INSTALADO EM RAMAL DE DISTRIBUIÇÃO DE ÁGUA - FORNECIMENTO E INSTALAÇÃO. AF_06/2022","INHI - INSTALAÇÕES HIDROS SANITÁRIAS","UN",1,{"$f":"I815","v":17.419999999999998},{"$f":"SUM(I816:I821)","v":17.419999999999998}]
["Composição Auxiliar",88267,"SINAPI","ENCANADOR OU BOMBEIRO HIDRÁULICO COM ENCARGOS COMPLEMENTARES","SEDI - SERVIÇOS DIVERSOS","H",0.192,{"$f":"IF(A816=\"Composição Auxiliar\",VLOOKUP(B816,'SINAPI COMPOSIÇÃO'!$A$2:$E$10256,4,FALSE),IF(A816=\"Insumo\",IF(VLOOKUP(B816,'SINAPI INSUMOS'!$A$2:$F$4852,5,FALSE)=OR(\"\",0),VLOOKUP(B816,'SINAPI INSUMOS'!$A$2:$F$4852,6,FALSE),VLOOKUP(B816,'SINAPI INSUMOS'!$A$2:$F$4852,5,FALSE)),\"VERIFICAR\"))","v":27.01},{"$f":"TRUNC(G816*H816,2)","v":5.18}]
["Composição Auxiliar",88248,"SINAPI","AUXILIAR DE ENCANADOR OU BOMBEIRO HIDRÁULICO COM ENCARGOS COMPLEMENTARES","SEDI - SERVIÇOS DIVERSOS","H",0.192,{"$f":"IF(A817=\"Composição Auxiliar\",VLOOKUP(B817,'SINAPI COMPOSIÇÃO'!$A$2:$E$10256,4,FALSE),IF(A817=\"Insumo\",IF(VLOOKUP(B817,'SINAPI INSUMOS'!$A$2:$F$4852,5,FALSE)=OR(\"\",0),VLOOKUP(B817,'SINAPI INSUMOS'!$A$2:$F$4852,6,FALSE),VLOOKUP(B817,'SINAPI INSUMOS'!$A$2:$F$4852,5,FALSE)),\"VERIFICAR\"))","v":23.01},4.41]
["Insumo",20083,"SINAPI","SOLUCAO PREPARADORA / LIMPADORA PARA PVC, FRASCO COM 1000 CM3","Material","UN",1.4E-2,{"$f":"IF(A818=\"Composição Auxiliar\",VLOOKUP(B818,'SINAPI COMPOSIÇÃO'!$A$2:$E$10256,4,FALSE),IF(A818=\"Insumo\",IF(VLOOKUP(B818,'SINAPI INSUMOS'!$A$2:$F$4852,5,FALSE)=OR(\"\",0),VLOOKUP(B818,'SINAPI INSUMOS'!$A$2:$F$4852,6,FALSE),VLOOKUP(B818,'SINAPI INSUMOS'!$A$2:$F$4852,5,FALSE)),\"VERIFICAR\"))","v":80.55},1.1200000000000001]
["Insumo",3535,"SINAPI","JOELHO PVC, SOLDAVEL, 90 GRAUS, 40 MM, COR MARROM, PARA AGUA FRIA PREDIAL","Material","UN",1,{"$f":"IF(A819=\"Composição Auxiliar\",VLOOKUP(B819,'SINAPI COMPOSIÇÃO'!$A$2:$E$10256,4,FALSE),IF(A819=\"Insumo\",IF(VLOOKUP(B819,'SINAPI INSUMOS'!$A$2:$F$4852,5,FALSE)=OR(\"\",0),VLOOKUP(B819,'SINAPI INSUMOS'!$A$2:$F$4852,6,FALSE),VLOOKUP(B819,'SINAPI INSUMOS'!$A$2:$F$4852,5,FALSE)),\"VERIFICAR\"))","v":5.8},5.8]
["Insumo",38383,"SINAPI","LIXA D'AGUA EM FOLHA, COR PRETA, GRAO 100","Material","UN",4.2700000000000002E-2,{"$f":"IF(A820=\"Composição Auxiliar\",VLOOKUP(B820,'SINAPI COMPOSIÇÃO'!$A$2:$E$10256,4,FALSE),IF(A820=\"Insumo\",IF(VLOOKUP(B820,'SINAPI INSUMOS'!$A$2:$F$4852,5,FALSE)=OR(\"\",0),VLOOKUP(B820,'SINAPI INSUMOS'!$A$2:$F$4852,6,FALSE),VLOOKUP(B820,'SINAPI INSUMOS'!$A$2:$F$4852,5,FALSE)),\"VERIFICAR\"))","v":2},0.08]
["Insumo",122,"SINAPI","ADESIVO PLASTICO PARA PVC, FRASCO COM *850* GR","Material","UN",1.18E-2,{"$f":"IF(A821=\"Composição Auxiliar\",VLOOKUP(B821,'SINAPI COMPOSIÇÃO'!$A$2:$E$10256,4,FALSE),IF(A821=\"Insumo\",IF(VLOOKUP(B821,'SINAPI INSUMOS'!$A$2:$F$4852,5,FALSE)=OR(\"\",0),VLOOKUP(B821,'SINAPI INSUMOS'!$A$2:$F$4852,6,FALSE),VLOOKUP(B821,'SINAPI INSUMOS'!$A$2:$F$4852,5,FALSE)),\"VERIFICAR\"))","v":71.09},0.83]
["10.1.32","Código","Banco","Descrição","Tipo","Und","Quant.","Valor Unit","Total"]
["Composição",103951,"SINAPI","JOELHO DE REDUÇÃO, 90 GRAUS, PVC, SOLDÁVEL, DN 32 MM X 25 MM, INSTALADO EM RAMAL OU SUB-RAMAL DE ÁGUA - FORNECIMENTO E INSTALAÇÃO. AF_06/2022","INHI - INSTALAÇÕES HIDROS SANITÁRIAS","UN",1,{"$f":"I823","v":14.82},{"$f":"SUM(I824:I829)","v":14.82}]
["Composição Auxiliar",88267,"SINAPI","ENCANADOR OU BOMBEIRO HIDRÁULICO COM ENCARGOS COMPLEMENTARES","SEDI - SERVIÇOS DIVERSOS","H",0.1666,{"$f":"IF(A824=\"Composição Auxiliar\",VLOOKUP(B824,'SINAPI COMPOSIÇÃO'!$A$2:$E$10256,4,FALSE),IF(A824=\"Insumo\",IF(VLOOKUP(B824,'SINAPI INSUMOS'!$A$2:$F$4852,5,FALSE)=OR(\"\",0),VLOOKUP(B824,'SINAPI INSUMOS'!$A$2:$F$4852,6,FALSE),VLOOKUP(B824,'SINAPI INSUMOS'!$A$2:$F$4852,5,FALSE)),\"VERIFICAR\"))","v":27.01},{"$f":"TRUNC(G824*H824,2)","v":4.49}]
["Composição Auxiliar",88248,"SINAPI","AUXILIAR DE ENCANADOR OU BOMBEIRO HIDRÁULICO COM ENCARGOS COMPLEMENTARES","SEDI - SERVIÇOS DIVERSOS","H",0.1666,{"$f":"IF(A825=\"Composição Auxiliar\",VLOOKUP(B825,'SINAPI COMPOSIÇÃO'!$A$2:$E$10256,4,FALSE),IF(A825=\"Insumo\",IF(VLOOKUP(B825,'SINAPI INSUMOS'!$A$2:$F$4852,5,FALSE)=OR(\"\",0),VLOOKUP(B825,'SINAPI INSUMOS'!$A$2:$F$4852,6,FALSE),VLOOKUP(B825,'SINAPI INSUMOS'!$A$2:$F$4852,5,FALSE)),\"VERIFICAR\"))","v":23.01},3.83]
["Insumo",38383,"SINAPI","LIXA D'AGUA EM FOLHA, COR PRETA, GRAO 100","Material","UN",3.7100000000000001E-2,{"$f":"IF(A826=\"Composição Auxiliar\",VLOOKUP(B826,'SINAPI COMPOSIÇÃO'!$A$2:$E$10256,4,FALSE),IF(A826=\"Insumo\",IF(VLOOKUP(B826,'SINAPI INSUMOS'!$A$2:$F$4852,5,FALSE)=OR(\"\",0),VLOOKUP(B826,'SINAPI INSUMOS'!$A$2:$F$4852,6,FALSE),VLOOKUP(B826,'SINAPI INSUMOS'!$A$2:$F$4852,5,FALSE)),\"VERIFICAR\"))","v":2},7.0000000000000007E-2]
["Insumo",20083,"SINAPI","SOLUCAO PREPARADORA / LIMPADORA PARA PVC, FRASCO COM 1000 CM3","Material","UN",9.4999999999999998E-3,{"$f":"IF(A827=\"Composição Auxiliar\",VLOOKUP(B827,'SINAPI COMPOSIÇÃO'!$A$2:$E$10256,4,FALSE),IF(A827=\"Insumo\",IF(VLOOKUP(B827,'SINAPI INSUMOS'!$A$2:$F$4852,5,FALSE)=OR(\"\",0),VLOOKUP(B827,'SINAPI INSUMOS'!$A$2:$F$4852,6,FALSE),VLOOKUP(B827,'SINAPI INSUMOS'!$A$2:$F$4852,5,FALSE)),\"VERIFICAR\"))","v":80.55},0.76]
["Insumo",3538,"SINAPI","JOELHO DE REDUCAO, PVC SOLDAVEL, 90 GRAUS, 32 MM X 25 MM, COR MARROM, PARA AGUA FRIA PREDIAL","Material","UN",1,{"$f":"IF(A828=\"Composição Auxiliar\",VLOOKUP(B828,'SINAPI COMPOSIÇÃO'!$A$2:$E$10256,4,FALSE),IF(A828=\"Insumo\",IF(VLOOKUP(B828,'SINAPI INSUMOS'!$A$2:$F$4852,5,FALSE)=OR(\"\",0),VLOOKUP(B828,'SINAPI INSUMOS'!$A$2:$F$4852,6,FALSE),VLOOKUP(B828,'SINAPI INSUMOS'!$A$2:$F$4852,5,FALSE)),\"VERIFICAR\"))","v":5.09},5.09]
["Insumo",122,"SINAPI","ADESIVO PLASTICO PARA PVC, FRASCO COM *850* GR","Material","UN",8.2000000000000007E-3,{"$f":"IF(A829=\"Composição Auxiliar\",VLOOKUP(B829,'SINAPI COMPOSIÇÃO'!$A$2:$E$10256,4,FALSE),IF(A829=\"Insumo\",IF(VLOOKUP(B829,'SINAPI INSUMOS'!$A$2:$F$4852,5,FALSE)=OR(\"\",0),VLOOKUP(B829,'SINAPI INSUMOS'!$A$2:$F$4852,6,FALSE),VLOOKUP(B829,'SINAPI INSUMOS'!$A$2:$F$4852,5,FALSE)),\"VERIFICAR\"))","v":71.09},0.57999999999999996]
["10.1.33","Código","Banco","Descrição","Tipo","Und","Quant.","Valor Unit","Total"]
["Composição",103950,"SINAPI","JOELHO DE REDUÇÃO, 90 GRAUS, PVC, SOLDÁVEL, DN 25 MM X 20 MM, INSTALADO EM RAMAL OU SUB-RAMAL DE ÁGUA - FORNECIMENTO E INSTALAÇÃO. AF_06/2022","INHI - INSTALAÇÕES HIDROS SANITÁRIAS","UN",1,{"$f":"I831","v":10.790000000000001},{"$f":"SUM(I832:I837)","v":10.790000000000001}]
["Composição Auxiliar",88248,"SINAPI","AUXILIAR DE ENCANADOR OU BOMBEIRO HIDRÁULICO COM ENCARGOS COMPLEMENTARES","SEDI - SERVIÇOS DIVERSOS","H",0.1416,{"$f":"IF(A832=\"Composição Auxiliar\",VLOOKUP(B832,'SINAPI COMPOSIÇÃO'!$A$2:$E$10256,4,FALSE),IF(A832=\"Insumo\",IF(VLOOKUP(B832,'SINAPI INSUMOS'!$A$2:$F$4852,5,FALSE)=OR(\"\",0),VLOOKUP(B832,'SINAPI INSUMOS'!$A$2:$F$4852,6,FALSE),VLOOKUP(B832,'SINAPI INSUMOS'!$A$2:$F$4852,5,FALSE)),\"VERIFICAR\"))","v":23.01},{"$f":"TRUNC(G832*H832,2)","v":3.25}]
["Composição Auxiliar",88267,"SINAPI","ENCANADOR OU BOMBEIRO HIDRÁULICO COM ENCARGOS COMPLEMENTARES","SEDI - SERVIÇOS DIVERSOS","H",0.1416,{"$f":"IF(A833=\"Composição Auxiliar\",VLOOKUP(B833,'SINAPI COMPOSIÇÃO'!$A$2:$E$10256,4,FALSE),IF(A833=\"Insumo\",IF(VLOOKUP(B833,'SINAPI INSUMOS'!$A$2:$F$4852,5,FALSE)=OR(\"\",0),VLOOKUP(B833,'SINAPI INSUMOS'!$A$2:$F$4852,6,FALSE),VLOOKUP(B833,'SINAPI INSUMOS'!$A$2:$F$4852,5,FALSE)),\"VERIFICAR\"))","v":27.01},3.82]
["Insumo",20083,"SINAPI","SOLUCAO PREPARADORA / LIMPADORA PARA PVC, FRASCO COM 1000 CM3","Material","UN",7.0000000000000001E-3,{"$f":"IF(A834=\"Composição Auxiliar\",VLOOKUP(B834,'SINAPI COMPOSIÇÃO'!$A$2:$E$10256,4,FALSE),IF(A834=\"Insumo\",IF(VLOOKUP(B834,'SINAPI INSUMOS'!$A$2:$F$4852,5,FALSE)=OR(\"\",0),VLOOKUP(B834,'SINAPI INSUMOS'!$A$2:$F$4852,6,FALSE),VLOOKUP(B834,'SINAPI INSUMOS'!$A$2:$F$4852,5,FALSE)),\"VERIFICAR\"))","v":80.55},0.56000000000000005]
["Insumo",38383,"SINAPI","LIXA D'AGUA EM FOLHA, COR PRETA, GRAO 100","Material","UN",3.15E-2,{"$f":"IF(A835=\"Composição Auxiliar\",VLOOKUP(B835,'SINAPI COMPOSIÇÃO'!$A$2:$E$10256,4,FALSE),IF(A835=\"Insumo\",IF(VLOOKUP(B835,'SINAPI INSUMOS'!$A$2:$F$4852,5,FALSE)=OR(\"\",0),VLOOKUP(B835,'SINAPI INSUMOS'!$A$2:$F$4852,6,FALSE),VLOOKUP(B835,'SINAPI INSUMOS'!$A$2:$F$4852,5,FALSE)),\"VERIFICAR\"))","v":2},0.06]
["Insumo",3533,"SINAPI","JOELHO DE REDUCAO, PVC SOLDAVEL, 90 GRAUS, 25 MM X 20 MM, COR MARROM, PARA AGUA FRIA PREDIAL","Material","UN",1,{"$f":"IF(A836=\"Composição Auxiliar\",VLOOKUP(B836,'SINAPI COMPOSIÇÃO'!$A$2:$E$10256,4,FALSE),IF(A836=\"Insumo\",IF(VLOOKUP(B836,'SINAPI INSUMOS'!$A$2:$F$4852,5,FALSE)=OR(\"\",0),VLOOKUP(B836,'SINAPI INSUMOS'!$A$2:$F$4852,6,FALSE),VLOOKUP(B836,'SINAPI INSUMOS'!$A$2:$F$4852,5,FALSE)),\"VERIFICAR\"))","v":2.69},2.69]
["Insumo",122,"SINAPI","ADESIVO PLASTICO PARA PVC, FRASCO COM *850* GR","Material","UN",5.8999999999999999E-3,{"$f":"IF(A837=\"Composição Auxiliar\",VLOOKUP(B837,'SINAPI COMPOSIÇÃO'!$A$2:$E$10256,4,FALSE),IF(A837=\"Insumo\",IF(VLOOKUP(B837,'SINAPI INSUMOS'!$A$2:$F$4852,5,FALSE)=OR(\"\",0),VLOOKUP(B837,'SINAPI INSUMOS'!$A$2:$F$4852,6,FALSE),VLOOKUP(B837,'SINAPI INSUMOS'!$A$2:$F$4852,5,FALSE)),\"VERIFICAR\"))","v":71.09},0.41]
["10.1.34","Código","Banco","Descrição","Tipo","Und","Quant.","Valor Unit","Total"]
["Composição",90373,"SINAPI","JOELHO 90 GRAUS COM BUCHA DE LATÃO, PVC, SOLDÁVEL, DN 25MM, X 1/2  INSTALADO EM RAMAL OU SUB-RAMAL DE ÁGUA - FORNECIMENTO E INSTALAÇÃO. AF_06/2022","INHI - INSTALAÇÕES HIDROS SANITÁRIAS","UN",1,{"$f":"I839","v":12.84},{"$f":"SUM(I840:I845)","v":12.84}]
["Composição Auxiliar",88248,"SINAPI","AUXILIAR DE ENCANADOR OU BOMBEIRO HIDRÁULICO COM ENCARGOS COMPLEMENTARES","SEDI - SERVIÇOS DIVERSOS","H",0.13120000000000001,{"$f":"IF(A840=\"Composição Auxiliar\",VLOOKUP(B840,'SINAPI COMPOSIÇÃO'!$A$2:$E$10256,4,FALSE),IF(A840=\"Insumo\",IF(VLOOKUP(B840,'SINAPI INSUMOS'!$A$2:$F$4852,5,FALSE)=OR(\"\",0),VLOOKUP(B840,'SINAPI INSUMOS'!$A$2:$F$4852,6,FALSE),VLOOKUP(B840,'SINAPI INSUMOS'!$A$2:$F$4852,5,FALSE)),\"VERIFICAR\"))","v":23.01},{"$f":"TRUNC(G840*H840,2)","v":3.01}]
["Composição Auxiliar",88267,"SINAPI","ENCANADOR OU BOMBEIRO HIDRÁULICO COM ENCARGOS COMPLEMENTARES","SEDI - SERVIÇOS DIVERSOS","H",0.13120000000000001,{"$f":"IF(A841=\"Composição Auxiliar\",VLOOKUP(B841,'SINAPI COMPOSIÇÃO'!$A$2:$E$10256,4,FALSE),IF(A841=\"Insumo\",IF(VLOOKUP(B841,'SINAPI INSUMOS'!$A$2:$F$4852,5,FALSE)=OR(\"\",0),VLOOKUP(B841,'SINAPI INSUMOS'!$A$2:$F$4852,6,FALSE),VLOOKUP(B841,'SINAPI INSUMOS'!$A$2:$F$4852,5,FALSE)),\"VERIFICAR\"))","v":27.01},3.54]
["Insumo",122,"SINAPI","ADESIVO PLASTICO PARA PVC, FRASCO COM *850* GR","Material","UN",5.8999999999999999E-3,{"$f":"IF(A842=\"Composição Auxiliar\",VLOOKUP(B842,'SINAPI COMPOSIÇÃO'!$A$2:$E$10256,4,FALSE),IF(A842=\"Insumo\",IF(VLOOKUP(B842,'SINAPI INSUMOS'!$A$2:$F$4852,5,FALSE)=OR(\"\",0),VLOOKUP(B842,'SINAPI INSUMOS'!$A$2:$F$4852,6,FALSE),VLOOKUP(B842,'SINAPI INSUMOS'!$A$2:$F$4852,5,FALSE)),\"VERIFICAR\"))","v":71.09},0.41]
["Insumo",20147,"SINAPI","JOELHO PVC, SOLDAVEL, COM BUCHA DE LATAO, 90 GRAUS, 25 MM X 1/2\", PARA AGUA FRIA PREDIAL","Material","UN",1,{"$f":"IF(A843=\"Composição Auxiliar\",VLOOKUP(B843,'SINAPI COMPOSIÇÃO'!$A$2:$E$10256,4,FALSE),IF(A843=\"Insumo\",IF(VLOOKUP(B843,'SINAPI INSUMOS'!$A$2:$F$4852,5,FALSE)=OR(\"\",0),VLOOKUP(B843,'SINAPI INSUMOS'!$A$2:$F$4852,6,FALSE),VLOOKUP(B843,'SINAPI INSUMOS'!$A$2:$F$4852,5,FALSE)),\"VERIFICAR\"))","v":5.26},5.26]
["Insumo",38383,"SINAPI","LIXA D'AGUA EM FOLHA, COR PRETA, GRAO 100","Material","UN",3.15E-2,{"$f":"IF(A844=\"Composição Auxiliar\",VLOOKUP(B844,'SINAPI COMPOSIÇÃO'!$A$2:$E$10256,4,FALSE),IF(A844=\"Insumo\",IF(VLOOKUP(B844,'SINAPI INSUMOS'!$A$2:$F$4852,5,FALSE)=OR(\"\",0),VLOOKUP(B844,'SINAPI INSUMOS'!$A$2:$F$4852,6,FALSE),VLOOKUP(B844,'SINAPI INSUMOS'!$A$2:$F$4852,5,FALSE)),\"VERIFICAR\"))","v":2},0.06]
["Insumo",20083,"SINAPI","SOLUCAO PREPARADORA / LIMPADORA PARA PVC, FRASCO COM 1000 CM3","Material","UN",7.0000000000000001E-3,{"$f":"IF(A845=\"Composição Auxiliar\",VLOOKUP(B845,'SINAPI COMPOSIÇÃO'!$A$2:$E$10256,4,FALSE),IF(A845=\"Insumo\",IF(VLOOKUP(B845,'SINAPI INSUMOS'!$A$2:$F$4852,5,FALSE)=OR(\"\",0),VLOOKUP(B845,'SINAPI INSUMOS'!$A$2:$F$4852,6,FALSE),VLOOKUP(B845,'SINAPI INSUMOS'!$A$2:$F$4852,5,FALSE)),\"VERIFICAR\"))","v":80.55},0.56000000000000005]
["10.1.35","Código","Banco","Descrição","Tipo","Und","Quant.","Valor Unit","Total"]
["Composição",89359,"SINAPI","JOELHO 45 GRAUS, PVC, SOLDÁVEL, DN 20MM, INSTALADO EM RAMAL OU SUB-RAMAL DE ÁGUA - FORNECIMENTO E INSTALAÇÃO. AF_06/2022","INHI - INSTALAÇÕES HIDROS SANITÁRIAS","UN",1,{"$f":"I847","v":8.52},{"$f":"SUM(I848:I853)","v":8.52}]
["Composição Auxiliar",88248,"SINAPI","AUXILIAR DE ENCANADOR OU BOMBEIRO HIDRÁULICO COM ENCARGOS COMPLEMENTARES","SEDI - SERVIÇOS DIVERSOS","H",0.13109999999999999,{"$f":"IF(A848=\"Composição Auxiliar\",VLOOKUP(B848,'SINAPI COMPOSIÇÃO'!$A$2:$E$10256,4,FALSE),IF(A848=\"Insumo\",IF(VLOOKUP(B848,'SINAPI INSUMOS'!$A$2:$F$4852,5,FALSE)=OR(\"\",0),VLOOKUP(B848,'SINAPI INSUMOS'!$A$2:$F$4852,6,FALSE),VLOOKUP(B848,'SINAPI INSUMOS'!$A$2:$F$4852,5,FALSE)),\"VERIFICAR\"))","v":23.01},{"$f":"TRUNC(G848*H848,2)","v":3.01}]
["Composição Auxiliar",88267,"SINAPI","ENCANADOR OU BOMBEIRO HIDRÁULICO COM ENCARGOS COMPLEMENTARES","SEDI - SERVIÇOS DIVERSOS","H",0.13109999999999999,{"$f":"IF(A849=\"Composição Auxiliar\",VLOOKUP(B849,'SINAPI COMPOSIÇÃO'!$A$2:$E$10256,4,FALSE),IF(A849=\"Insumo\",IF(VLOOKUP(B849,'SINAPI INSUMOS'!$A$2:$F$4852,5,FALSE)=OR(\"\",0),VLOOKUP(B849,'SINAPI INSUMOS'!$A$2:$F$4852,6,FALSE),VLOOKUP(B849,'SINAPI INSUMOS'!$A$2:$F$4852,5,FALSE)),\"VERIFICAR\"))","v":27.01},3.54]
["Insumo",38383,"SINAPI","LIXA D'AGUA EM FOLHA, COR PRETA, GRAO 100","Material","UN",2.9100000000000001E-2,{"$f":"IF(A850=\"Composição Auxiliar\",VLOOKUP(B850,'SINAPI COMPOSIÇÃO'!$A$2:$E$10256,4,FALSE),IF(A850=\"Insumo\",IF(VLOOKUP(B850,'SINAPI INSUMOS'!$A$2:$F$4852,5,FALSE)=OR(\"\",0),VLOOKUP(B850,'SINAPI INSUMOS'!$A$2:$F$4852,6,FALSE),VLOOKUP(B850,'SINAPI INSUMOS'!$A$2:$F$4852,5,FALSE)),\"VERIFICAR\"))","v":2},0.05]
["Insumo",20083,"SINAPI","SOLUCAO PREPARADORA / LIMPADORA PARA PVC, FRASCO COM 1000 CM3","Material","UN",6.0000000000000001E-3,{"$f":"IF(A851=\"Composição Auxiliar\",VLOOKUP(B851,'SINAPI COMPOSIÇÃO'!$A$2:$E$10256,4,FALSE),IF(A851=\"Insumo\",IF(VLOOKUP(B851,'SINAPI INSUMOS'!$A$2:$F$4852,5,FALSE)=OR(\"\",0),VLOOKUP(B851,'SINAPI INSUMOS'!$A$2:$F$4852,6,FALSE),VLOOKUP(B851,'SINAPI INSUMOS'!$A$2:$F$4852,5,FALSE)),\"VERIFICAR\"))","v":80.55},0.48]
["Insumo",122,"SINAPI","ADESIVO PLASTICO PARA PVC, FRASCO COM *850* GR","Material","UN",4.7000000000000002E-3,{"$f":"IF(A852=\"Composição Auxiliar\",VLOOKUP(B852,'SINAPI COMPOSIÇÃO'!$A$2:$E$10256,4,FALSE),IF(A852=\"Insumo\",IF(VLOOKUP(B852,'SINAPI INSUMOS'!$A$2:$F$4852,5,FALSE)=OR(\"\",0),VLOOKUP(B852,'SINAPI INSUMOS'!$A$2:$F$4852,6,FALSE),VLOOKUP(B852,'SINAPI INSUMOS'!$A$2:$F$4852,5,FALSE)),\"VERIFICAR\"))","v":71.09},0.33]
["Insumo",3499,"SINAPI","JOELHO, PVC SOLDAVEL, 45 GRAUS, 20 MM, COR MARROM, PARA AGUA FRIA PREDIAL","Material","UN",1,{"$f":"IF(A853=\"Composição Auxiliar\",VLOOKUP(B853,'SINAPI COMPOSIÇÃO'!$A$2:$E$10256,4,FALSE),IF(A853=\"Insumo\",IF(VLOOKUP(B853,'SINAPI INSUMOS'!$A$2:$F$4852,5,FALSE)=OR(\"\",0),VLOOKUP(B853,'SINAPI INSUMOS'!$A$2:$F$4852,6,FALSE),VLOOKUP(B853,'SINAPI INSUMOS'!$A$2:$F$4852,5,FALSE)),\"VERIFICAR\"))","v":1.1100000000000001},1.1100000000000001]
["10.1.36","Código","Banco","Descrição","Tipo","Und","Quant.","Valor Unit","Total"]
["Composição",89498,"SINAPI","JOELHO 45 GRAUS, PVC, SOLDÁVEL, DN 40MM, INSTALADO EM PRUMADA DE ÁGUA - FORNECIMENTO E INSTALAÇÃO. AF_06/2022","INHI - INSTALAÇÕES HIDROS SANITÁRIAS","UN",1,{"$f":"I855","v":13.049999999999999},{"$f":"SUM(I856:I861)","v":13.049999999999999}]
["Composição Auxiliar",88267,"SINAPI","ENCANADOR OU BOMBEIRO HIDRÁULICO COM ENCARGOS COMPLEMENTARES","SEDI - SERVIÇOS DIVERSOS","H",0.1047,{"$f":"IF(A856=\"Composição Auxiliar\",VLOOKUP(B856,'SINAPI COMPOSIÇÃO'!$A$2:$E$10256,4,FALSE),IF(A856=\"Insumo\",IF(VLOOKUP(B856,'SINAPI INSUMOS'!$A$2:$F$4852,5,FALSE)=OR(\"\",0),VLOOKUP(B856,'SINAPI INSUMOS'!$A$2:$F$4852,6,FALSE),VLOOKUP(B856,'SINAPI INSUMOS'!$A$2:$F$4852,5,FALSE)),\"VERIFICAR\"))","v":27.01},{"$f":"TRUNC(G856*H856,2)","v":2.82}]
["Composição Auxiliar",88248,"SINAPI","AUXILIAR DE ENCANADOR OU BOMBEIRO HIDRÁULICO COM ENCARGOS COMPLEMENTARES","SEDI - SERVIÇOS DIVERSOS","H",0.1047,{"$f":"IF(A857=\"Composição Auxiliar\",VLOOKUP(B857,'SINAPI COMPOSIÇÃO'!$A$2:$E$10256,4,FALSE),IF(A857=\"Insumo\",IF(VLOOKUP(B857,'SINAPI INSUMOS'!$A$2:$F$4852,5,FALSE)=OR(\"\",0),VLOOKUP(B857,'SINAPI INSUMOS'!$A$2:$F$4852,6,FALSE),VLOOKUP(B857,'SINAPI INSUMOS'!$A$2:$F$4852,5,FALSE)),\"VERIFICAR\"))","v":23.01},2.4]
["Insumo",38383,"SINAPI","LIXA D'AGUA EM FOLHA, COR PRETA, GRAO 100","Material","UN",1.5699999999999999E-2,{"$f":"IF(A858=\"Composição Auxiliar\",VLOOKUP(B858,'SINAPI COMPOSIÇÃO'!$A$2:$E$10256,4,FALSE),IF(A858=\"Insumo\",IF(VLOOKUP(B858,'SINAPI INSUMOS'!$A$2:$F$4852,5,FALSE)=OR(\"\",0),VLOOKUP(B858,'SINAPI INSUMOS'!$A$2:$F$4852,6,FALSE),VLOOKUP(B858,'SINAPI INSUMOS'!$A$2:$F$4852,5,FALSE)),\"VERIFICAR\"))","v":2},0.03]
["Insumo",20083,"SINAPI","SOLUCAO PREPARADORA / LIMPADORA PARA PVC, FRASCO COM 1000 CM3","Material","UN",1.4E-2,{"$f":"IF(A859=\"Composição Auxiliar\",VLOOKUP(B859,'SINAPI COMPOSIÇÃO'!$A$2:$E$10256,4,FALSE),IF(A859=\"Insumo\",IF(VLOOKUP(B859,'SINAPI INSUMOS'!$A$2:$F$4852,5,FALSE)=OR(\"\",0),VLOOKUP(B859,'SINAPI INSUMOS'!$A$2:$F$4852,6,FALSE),VLOOKUP(B859,'SINAPI INSUMOS'!$A$2:$F$4852,5,FALSE)),\"VERIFICAR\"))","v":80.55},1.1200000000000001]
["Insumo",3502,"SINAPI","JOELHO, PVC SOLDAVEL, 45 GRAUS, 40 MM, COR MARROM, PARA AGUA FRIA PREDIAL","Material","UN",1,{"$f":"IF(A860=\"Composição Auxiliar\",VLOOKUP(B860,'SINAPI COMPOSIÇÃO'!$A$2:$E$10256,4,FALSE),IF(A860=\"Insumo\",IF(VLOOKUP(B860,'SINAPI INSUMOS'!$A$2:$F$4852,5,FALSE)=OR(\"\",0),VLOOKUP(B860,'SINAPI INSUMOS'!$A$2:$F$4852,6,FALSE),VLOOKUP(B860,'SINAPI INSUMOS'!$A$2:$F$4852,5,FALSE)),\"VERIFICAR\"))","v":5.85},5.85]
["Insumo",122,"SINAPI","ADESIVO PLASTICO PARA PVC, FRASCO COM *850* GR","Material","UN",1.18E-2,{"$f":"IF(A861=\"Composição Auxiliar\",VLOOKUP(B861,'SINAPI COMPOSIÇÃO'!$A$2:$E$10256,4,FALSE),IF(A861=\"Insumo\",IF(VLOOKUP(B861,'SINAPI INSUMOS'!$A$2:$F$4852,5,FALSE)=OR(\"\",0),VLOOKUP(B861,'SINAPI INSUMOS'!$A$2:$F$4852,6,FALSE),VLOOKUP(B861,'SINAPI INSUMOS'!$A$2:$F$4852,5,FALSE)),\"VERIFICAR\"))","v":71.09},0.83]
["10.1.37","Código","Banco","Descrição","Tipo","Und","Quant.","Valor Unit","Total"]
["Composição",89440,"SINAPI","TE, PVC, SOLDÁVEL, DN 25MM, INSTALADO EM RAMAL DE DISTRIBUIÇÃO DE ÁGUA - FORNECIMENTO E INSTALAÇÃO. AF_06/2022","INHI - INSTALAÇÕES HIDROS SANITÁRIAS","UN",1,{"$f":"I863","v":12.030000000000001},{"$f":"SUM(I864:I869)","v":12.030000000000001}]
["Composição Auxiliar",88267,"SINAPI","ENCANADOR OU BOMBEIRO HIDRÁULICO COM ENCARGOS COMPLEMENTARES","SEDI - SERVIÇOS DIVERSOS","H",0.1812,{"$f":"IF(A864=\"Composição Auxiliar\",VLOOKUP(B864,'SINAPI COMPOSIÇÃO'!$A$2:$E$10256,4,FALSE),IF(A864=\"Insumo\",IF(VLOOKUP(B864,'SINAPI INSUMOS'!$A$2:$F$4852,5,FALSE)=OR(\"\",0),VLOOKUP(B864,'SINAPI INSUMOS'!$A$2:$F$4852,6,FALSE),VLOOKUP(B864,'SINAPI INSUMOS'!$A$2:$F$4852,5,FALSE)),\"VERIFICAR\"))","v":27.01},{"$f":"TRUNC(G864*H864,2)","v":4.8899999999999997}]
["Composição Auxiliar",88248,"SINAPI","AUXILIAR DE ENCANADOR OU BOMBEIRO HIDRÁULICO COM ENCARGOS COMPLEMENTARES","SEDI - SERVIÇOS DIVERSOS","H",0.1812,{"$f":"IF(A865=\"Composição Auxiliar\",VLOOKUP(B865,'SINAPI COMPOSIÇÃO'!$A$2:$E$10256,4,FALSE),IF(A865=\"Insumo\",IF(VLOOKUP(B865,'SINAPI INSUMOS'!$A$2:$F$4852,5,FALSE)=OR(\"\",0),VLOOKUP(B865,'SINAPI INSUMOS'!$A$2:$F$4852,6,FALSE),VLOOKUP(B865,'SINAPI INSUMOS'!$A$2:$F$4852,5,FALSE)),\"VERIFICAR\"))","v":23.01},4.16]
["Insumo",122,"SINAPI","ADESIVO PLASTICO PARA PVC, FRASCO COM *850* GR","Material","UN",1.06E-2,{"$f":"IF(A866=\"Composição Auxiliar\",VLOOKUP(B866,'SINAPI COMPOSIÇÃO'!$A$2:$E$10256,4,FALSE),IF(A866=\"Insumo\",IF(VLOOKUP(B866,'SINAPI INSUMOS'!$A$2:$F$4852,5,FALSE)=OR(\"\",0),VLOOKUP(B866,'SINAPI INSUMOS'!$A$2:$F$4852,6,FALSE),VLOOKUP(B866,'SINAPI INSUMOS'!$A$2:$F$4852,5,FALSE)),\"VERIFICAR\"))","v":71.09},0.75]
["Insumo",7139,"SINAPI","TE SOLDAVEL, PVC, 90 GRAUS, 25 MM, PARA AGUA FRIA PREDIAL (NBR 5648)","Material","UN",1,{"$f":"IF(A867=\"Composição Auxiliar\",VLOOKUP(B867,'SINAPI COMPOSIÇÃO'!$A$2:$E$10256,4,FALSE),IF(A867=\"Insumo\",IF(VLOOKUP(B867,'SINAPI INSUMOS'!$A$2:$F$4852,5,FALSE)=OR(\"\",0),VLOOKUP(B867,'SINAPI INSUMOS'!$A$2:$F$4852,6,FALSE),VLOOKUP(B867,'SINAPI INSUMOS'!$A$2:$F$4852,5,FALSE)),\"VERIFICAR\"))","v":1.18},1.18]
["Insumo",20083,"SINAPI","SOLUCAO PREPARADORA / LIMPADORA PARA PVC, FRASCO COM 1000 CM3","Material","UN",1.2E-2,{"$f":"IF(A868=\"Composição Auxiliar\",VLOOKUP(B868,'SINAPI COMPOSIÇÃO'!$A$2:$E$10256,4,FALSE),IF(A868=\"Insumo\",IF(VLOOKUP(B868,'SINAPI INSUMOS'!$A$2:$F$4852,5,FALSE)=OR(\"\",0),VLOOKUP(B868,'SINAPI INSUMOS'!$A$2:$F$4852,6,FALSE),VLOOKUP(B868,'SINAPI INSUMOS'!$A$2:$F$4852,5,FALSE)),\"VERIFICAR\"))","v":80.55},0.96]
["Insumo",38383,"SINAPI","LIXA D'AGUA EM FOLHA, COR PRETA, GRAO 100","Material","UN",4.53E-2,{"$f":"IF(A869=\"Composição Auxiliar\",VLOOKUP(B869,'SINAPI COMPOSIÇÃO'!$A$2:$E$10256,4,FALSE),IF(A869=\"Insumo\",IF(VLOOKUP(B869,'SINAPI INSUMOS'!$A$2:$F$4852,5,FALSE)=OR(\"\",0),VLOOKUP(B869,'SINAPI INSUMOS'!$A$2:$F$4852,6,FALSE),VLOOKUP(B869,'SINAPI INSUMOS'!$A$2:$F$4852,5,FALSE)),\"VERIFICAR\"))","v":2},0.09]
["10.1.38","Código","Banco","Descrição","Tipo","Und","Quant.","Valor Unit","Total"]
["Composição",89393,"SINAPI","TE, PVC, SOLDÁVEL, DN 20MM, INSTALADO EM RAMAL OU SUB-RAMAL DE ÁGUA - FORNECIMENTO E INSTALAÇÃO. AF_06/2022","INHI - INSTALAÇÕES HIDROS SANITÁRIAS","UN",1,{"$f":"I871","v":11.08},{"$f":"SUM(I872:I877)","v":11.08}]
["Composição Auxiliar",88248,"SINAPI","AUXILIAR DE ENCANADOR OU BOMBEIRO HIDRÁULICO COM ENCARGOS COMPLEMENTARES","SEDI - SERVIÇOS DIVERSOS","H",0.17480000000000001,{"$f":"IF(A872=\"Composição Auxiliar\",VLOOKUP(B872,'SINAPI COMPOSIÇÃO'!$A$2:$E$10256,4,FALSE),IF(A872=\"Insumo\",IF(VLOOKUP(B872,'SINAPI INSUMOS'!$A$2:$F$4852,5,FALSE)=OR(\"\",0),VLOOKUP(B872,'SINAPI INSUMOS'!$A$2:$F$4852,6,FALSE),VLOOKUP(B872,'SINAPI INSUMOS'!$A$2:$F$4852,5,FALSE)),\"VERIFICAR\"))","v":23.01},{"$f":"TRUNC(G872*H872,2)","v":4.0199999999999996}]
["Composição Auxiliar",88267,"SINAPI","ENCANADOR OU BOMBEIRO HIDRÁULICO COM ENCARGOS COMPLEMENTARES","SEDI - SERVIÇOS DIVERSOS","H",0.17480000000000001,{"$f":"IF(A873=\"Composição Auxiliar\",VLOOKUP(B873,'SINAPI COMPOSIÇÃO'!$A$2:$E$10256,4,FALSE),IF(A873=\"Insumo\",IF(VLOOKUP(B873,'SINAPI INSUMOS'!$A$2:$F$4852,5,FALSE)=OR(\"\",0),VLOOKUP(B873,'SINAPI INSUMOS'!$A$2:$F$4852,6,FALSE),VLOOKUP(B873,'SINAPI INSUMOS'!$A$2:$F$4852,5,FALSE)),\"VERIFICAR\"))","v":27.01},4.72]
["Insumo",122,"SINAPI","ADESIVO PLASTICO PARA PVC, FRASCO COM *850* GR","Material","UN",7.1000000000000004E-3,{"$f":"IF(A874=\"Composição Auxiliar\",VLOOKUP(B874,'SINAPI COMPOSIÇÃO'!$A$2:$E$10256,4,FALSE),IF(A874=\"Insumo\",IF(VLOOKUP(B874,'SINAPI INSUMOS'!$A$2:$F$4852,5,FALSE)=OR(\"\",0),VLOOKUP(B874,'SINAPI INSUMOS'!$A$2:$F$4852,6,FALSE),VLOOKUP(B874,'SINAPI INSUMOS'!$A$2:$F$4852,5,FALSE)),\"VERIFICAR\"))","v":71.09},0.5]
["Insumo",38383,"SINAPI","LIXA D'AGUA EM FOLHA, COR PRETA, GRAO 100","Material","UN",4.3700000000000003E-2,{"$f":"IF(A875=\"Composição Auxiliar\",VLOOKUP(B875,'SINAPI COMPOSIÇÃO'!$A$2:$E$10256,4,FALSE),IF(A875=\"Insumo\",IF(VLOOKUP(B875,'SINAPI INSUMOS'!$A$2:$F$4852,5,FALSE)=OR(\"\",0),VLOOKUP(B875,'SINAPI INSUMOS'!$A$2:$F$4852,6,FALSE),VLOOKUP(B875,'SINAPI INSUMOS'!$A$2:$F$4852,5,FALSE)),\"VERIFICAR\"))","v":2},0.08]
["Insumo",7138,"SINAPI","TE SOLDAVEL, PVC, 90 GRAUS, 20 MM, PARA AGUA FRIA PREDIAL (NBR 5648)","Material","UN",1,{"$f":"IF(A876=\"Composição Auxiliar\",VLOOKUP(B876,'SINAPI COMPOSIÇÃO'!$A$2:$E$10256,4,FALSE),IF(A876=\"Insumo\",IF(VLOOKUP(B876,'SINAPI INSUMOS'!$A$2:$F$4852,5,FALSE)=OR(\"\",0),VLOOKUP(B876,'SINAPI INSUMOS'!$A$2:$F$4852,6,FALSE),VLOOKUP(B876,'SINAPI INSUMOS'!$A$2:$F$4852,5,FALSE)),\"VERIFICAR\"))","v":1.04},1.04]
["Insumo",20083,"SINAPI","SOLUCAO PREPARADORA / LIMPADORA PARA PVC, FRASCO COM 1000 CM3","Material","UN",8.9999999999999993E-3,{"$f":"IF(A877=\"Composição Auxiliar\",VLOOKUP(B877,'SINAPI COMPOSIÇÃO'!$A$2:$E$10256,4,FALSE),IF(A877=\"Insumo\",IF(VLOOKUP(B877,'SINAPI INSUMOS'!$A$2:$F$4852,5,FALSE)=OR(\"\",0),VLOOKUP(B877,'SINAPI INSUMOS'!$A$2:$F$4852,6,FALSE),VLOOKUP(B877,'SINAPI INSUMOS'!$A$2:$F$4852,5,FALSE)),\"VERIFICAR\"))","v":80.55},0.72]
["10.1.39","Código","Banco","Descrição","Tipo","Und","Quant.","Valor Unit","Total"]
["Composição",89398,"SINAPI","TE, PVC, SOLDÁVEL, DN 32MM, INSTALADO EM RAMAL OU SUB-RAMAL DE ÁGUA - FORNECIMENTO E INSTALAÇÃO. AF_06/2022","INHI - INSTALAÇÕES HIDROS SANITÁRIAS","UN",1,{"$f":"I879","v":18.220000000000002},{"$f":"SUM(I880:I885)","v":18.220000000000002}]
["Composição Auxiliar",88267,"SINAPI","ENCANADOR OU BOMBEIRO HIDRÁULICO COM ENCARGOS COMPLEMENTARES","SEDI - SERVIÇOS DIVERSOS","H",0.24160000000000001,{"$f":"IF(A880=\"Composição Auxiliar\",VLOOKUP(B880,'SINAPI COMPOSIÇÃO'!$A$2:$E$10256,4,FALSE),IF(A880=\"Insumo\",IF(VLOOKUP(B880,'SINAPI INSUMOS'!$A$2:$F$4852,5,FALSE)=OR(\"\",0),VLOOKUP(B880,'SINAPI INSUMOS'!$A$2:$F$4852,6,FALSE),VLOOKUP(B880,'SINAPI INSUMOS'!$A$2:$F$4852,5,FALSE)),\"VERIFICAR\"))","v":27.01},{"$f":"TRUNC(G880*H880,2)","v":6.52}]
["Composição Auxiliar",88248,"SINAPI","AUXILIAR DE ENCANADOR OU BOMBEIRO HIDRÁULICO COM ENCARGOS COMPLEMENTARES","SEDI - SERVIÇOS DIVERSOS","H",0.24160000000000001,{"$f":"IF(A881=\"Composição Auxiliar\",VLOOKUP(B881,'SINAPI COMPOSIÇÃO'!$A$2:$E$10256,4,FALSE),IF(A881=\"Insumo\",IF(VLOOKUP(B881,'SINAPI INSUMOS'!$A$2:$F$4852,5,FALSE)=OR(\"\",0),VLOOKUP(B881,'SINAPI INSUMOS'!$A$2:$F$4852,6,FALSE),VLOOKUP(B881,'SINAPI INSUMOS'!$A$2:$F$4852,5,FALSE)),\"VERIFICAR\"))","v":23.01},5.55]
["Insumo",20083,"SINAPI","SOLUCAO PREPARADORA / LIMPADORA PARA PVC, FRASCO COM 1000 CM3","Material","UN",1.6500000000000001E-2,{"$f":"IF(A882=\"Composição Auxiliar\",VLOOKUP(B882,'SINAPI COMPOSIÇÃO'!$A$2:$E$10256,4,FALSE),IF(A882=\"Insumo\",IF(VLOOKUP(B882,'SINAPI INSUMOS'!$A$2:$F$4852,5,FALSE)=OR(\"\",0),VLOOKUP(B882,'SINAPI INSUMOS'!$A$2:$F$4852,6,FALSE),VLOOKUP(B882,'SINAPI INSUMOS'!$A$2:$F$4852,5,FALSE)),\"VERIFICAR\"))","v":80.55},1.32]
["Insumo",7140,"SINAPI","TE SOLDAVEL, PVC, 90 GRAUS, 32 MM, PARA AGUA FRIA PREDIAL (NBR 5648)","Material","UN",1,{"$f":"IF(A883=\"Composição Auxiliar\",VLOOKUP(B883,'SINAPI COMPOSIÇÃO'!$A$2:$E$10256,4,FALSE),IF(A883=\"Insumo\",IF(VLOOKUP(B883,'SINAPI INSUMOS'!$A$2:$F$4852,5,FALSE)=OR(\"\",0),VLOOKUP(B883,'SINAPI INSUMOS'!$A$2:$F$4852,6,FALSE),VLOOKUP(B883,'SINAPI INSUMOS'!$A$2:$F$4852,5,FALSE)),\"VERIFICAR\"))","v":3.71},3.71]
["Insumo",38383,"SINAPI","LIXA D'AGUA EM FOLHA, COR PRETA, GRAO 100","Material","UN",6.0499999999999998E-2,{"$f":"IF(A884=\"Composição Auxiliar\",VLOOKUP(B884,'SINAPI COMPOSIÇÃO'!$A$2:$E$10256,4,FALSE),IF(A884=\"Insumo\",IF(VLOOKUP(B884,'SINAPI INSUMOS'!$A$2:$F$4852,5,FALSE)=OR(\"\",0),VLOOKUP(B884,'SINAPI INSUMOS'!$A$2:$F$4852,6,FALSE),VLOOKUP(B884,'SINAPI INSUMOS'!$A$2:$F$4852,5,FALSE)),\"VERIFICAR\"))","v":2},0.12]
["Insumo",122,"SINAPI","ADESIVO PLASTICO PARA PVC, FRASCO COM *850* GR","Material","UN",1.41E-2,{"$f":"IF(A885=\"Composição Auxiliar\",VLOOKUP(B885,'SINAPI COMPOSIÇÃO'!$A$2:$E$10256,4,FALSE),IF(A885=\"Insumo\",IF(VLOOKUP(B885,'SINAPI INSUMOS'!$A$2:$F$4852,5,FALSE)=OR(\"\",0),VLOOKUP(B885,'SINAPI INSUMOS'!$A$2:$F$4852,6,FALSE),VLOOKUP(B885,'SINAPI INSUMOS'!$A$2:$F$4852,5,FALSE)),\"VERIFICAR\"))","v":71.09},1]
["10.1.40","Código","Banco","Descrição","Tipo","Und","Quant.","Valor Unit","Total"]
["Composição",89623,"SINAPI","TE, PVC, SOLDÁVEL, DN 40MM, INSTALADO EM PRUMADA DE ÁGUA - FORNECIMENTO E INSTALAÇÃO. AF_06/2022","INHI - INSTALAÇÕES HIDROS SANITÁRIAS","UN",1,{"$f":"I887","v":19.04},{"$f":"SUM(I888:I893)","v":19.04}]
["Composição Auxiliar",88248,"SINAPI","AUXILIAR DE ENCANADOR OU BOMBEIRO HIDRÁULICO COM ENCARGOS COMPLEMENTARES","SEDI - SERVIÇOS DIVERSOS","H",0.14000000000000001,{"$f":"IF(A888=\"Composição Auxiliar\",VLOOKUP(B888,'SINAPI COMPOSIÇÃO'!$A$2:$E$10256,4,FALSE),IF(A888=\"Insumo\",IF(VLOOKUP(B888,'SINAPI INSUMOS'!$A$2:$F$4852,5,FALSE)=OR(\"\",0),VLOOKUP(B888,'SINAPI INSUMOS'!$A$2:$F$4852,6,FALSE),VLOOKUP(B888,'SINAPI INSUMOS'!$A$2:$F$4852,5,FALSE)),\"VERIFICAR\"))","v":23.01},{"$f":"TRUNC(G888*H888,2)","v":3.22}]
["Composição Auxiliar",88267,"SINAPI","ENCANADOR OU BOMBEIRO HIDRÁULICO COM ENCARGOS COMPLEMENTARES","SEDI - SERVIÇOS DIVERSOS","H",0.14000000000000001,{"$f":"IF(A889=\"Composição Auxiliar\",VLOOKUP(B889,'SINAPI COMPOSIÇÃO'!$A$2:$E$10256,4,FALSE),IF(A889=\"Insumo\",IF(VLOOKUP(B889,'SINAPI INSUMOS'!$A$2:$F$4852,5,FALSE)=OR(\"\",0),VLOOKUP(B889,'SINAPI INSUMOS'!$A$2:$F$4852,6,FALSE),VLOOKUP(B889,'SINAPI INSUMOS'!$A$2:$F$4852,5,FALSE)),\"VERIFICAR\"))","v":27.01},3.78]
["Insumo",38383,"SINAPI","LIXA D'AGUA EM FOLHA, COR PRETA, GRAO 100","Material","UN",2.3599999999999999E-2,{"$f":"IF(A890=\"Composição Auxiliar\",VLOOKUP(B890,'SINAPI COMPOSIÇÃO'!$A$2:$E$10256,4,FALSE),IF(A890=\"Insumo\",IF(VLOOKUP(B890,'SINAPI INSUMOS'!$A$2:$F$4852,5,FALSE)=OR(\"\",0),VLOOKUP(B890,'SINAPI INSUMOS'!$A$2:$F$4852,6,FALSE),VLOOKUP(B890,'SINAPI INSUMOS'!$A$2:$F$4852,5,FALSE)),\"VERIFICAR\"))","v":2},0.04]
["Insumo",20083,"SINAPI","SOLUCAO PREPARADORA / LIMPADORA PARA PVC, FRASCO COM 1000 CM3","Material","UN",2.1000000000000001E-2,{"$f":"IF(A891=\"Composição Auxiliar\",VLOOKUP(B891,'SINAPI COMPOSIÇÃO'!$A$2:$E$10256,4,FALSE),IF(A891=\"Insumo\",IF(VLOOKUP(B891,'SINAPI INSUMOS'!$A$2:$F$4852,5,FALSE)=OR(\"\",0),VLOOKUP(B891,'SINAPI INSUMOS'!$A$2:$F$4852,6,FALSE),VLOOKUP(B891,'SINAPI INSUMOS'!$A$2:$F$4852,5,FALSE)),\"VERIFICAR\"))","v":80.55},1.69]
["Insumo",7141,"SINAPI","TE SOLDAVEL, PVC, 90 GRAUS, 40 MM, PARA AGUA FRIA PREDIAL (NBR 5648)","Material","UN",1,{"$f":"IF(A892=\"Composição Auxiliar\",VLOOKUP(B892,'SINAPI COMPOSIÇÃO'!$A$2:$E$10256,4,FALSE),IF(A892=\"Insumo\",IF(VLOOKUP(B892,'SINAPI INSUMOS'!$A$2:$F$4852,5,FALSE)=OR(\"\",0),VLOOKUP(B892,'SINAPI INSUMOS'!$A$2:$F$4852,6,FALSE),VLOOKUP(B892,'SINAPI INSUMOS'!$A$2:$F$4852,5,FALSE)),\"VERIFICAR\"))","v":9.06},9.06]
["Insumo",122,"SINAPI","ADESIVO PLASTICO PARA PVC, FRASCO COM *850* GR","Material","UN",1.7600000000000001E-2,{"$f":"IF(A893=\"Composição Auxiliar\",VLOOKUP(B893,'SINAPI COMPOSIÇÃO'!$A$2:$E$10256,4,FALSE),IF(A893=\"Insumo\",IF(VLOOKUP(B893,'SINAPI INSUMOS'!$A$2:$F$4852,5,FALSE)=OR(\"\",0),VLOOKUP(B893,'SINAPI INSUMOS'!$A$2:$F$4852,6,FALSE),VLOOKUP(B893,'SINAPI INSUMOS'!$A$2:$F$4852,5,FALSE)),\"VERIFICAR\"))","v":71.09},1.25]
["10.1.41","Código","Banco","Descrição","Tipo","Und","Quant.","Valor Unit","Total"]
["Composição",89439,"SINAPI","TÊ SOLDÁVEL E COM ROSCA NA BOLSA CENTRAL, PVC, SOLDÁVEL, DN 20MM X 1/2 , INSTALADO EM RAMAL DE DISTRIBUIÇÃO DE ÁGUA - FORNECIMENTO E INSTALAÇÃO. AF_06/2022","INHI - INSTALAÇÕES HIDROS SANITÁRIAS","UN",1,{"$f":"I895","v":11.59},{"$f":"SUM(I896:I901)","v":11.59}]
["Composição Auxiliar",88248,"SINAPI","AUXILIAR DE ENCANADOR OU BOMBEIRO HIDRÁULICO COM ENCARGOS COMPLEMENTARES","SEDI - SERVIÇOS DIVERSOS","H",0.15629999999999999,{"$f":"IF(A896=\"Composição Auxiliar\",VLOOKUP(B896,'SINAPI COMPOSIÇÃO'!$A$2:$E$10256,4,FALSE),IF(A896=\"Insumo\",IF(VLOOKUP(B896,'SINAPI INSUMOS'!$A$2:$F$4852,5,FALSE)=OR(\"\",0),VLOOKUP(B896,'SINAPI INSUMOS'!$A$2:$F$4852,6,FALSE),VLOOKUP(B896,'SINAPI INSUMOS'!$A$2:$F$4852,5,FALSE)),\"VERIFICAR\"))","v":23.01},{"$f":"TRUNC(G896*H896,2)","v":3.59}]
["Composição Auxiliar",88267,"SINAPI","ENCANADOR OU BOMBEIRO HIDRÁULICO COM ENCARGOS COMPLEMENTARES","SEDI - SERVIÇOS DIVERSOS","H",0.15629999999999999,{"$f":"IF(A897=\"Composição Auxiliar\",VLOOKUP(B897,'SINAPI COMPOSIÇÃO'!$A$2:$E$10256,4,FALSE),IF(A897=\"Insumo\",IF(VLOOKUP(B897,'SINAPI INSUMOS'!$A$2:$F$4852,5,FALSE)=OR(\"\",0),VLOOKUP(B897,'SINAPI INSUMOS'!$A$2:$F$4852,6,FALSE),VLOOKUP(B897,'SINAPI INSUMOS'!$A$2:$F$4852,5,FALSE)),\"VERIFICAR\"))","v":27.01},4.22]
["Insumo",122,"SINAPI","ADESIVO PLASTICO PARA PVC, FRASCO COM *850* GR","Material","UN",7.1000000000000004E-3,{"$f":"IF(A898=\"Composição Auxiliar\",VLOOKUP(B898,'SINAPI COMPOSIÇÃO'!$A$2:$E$10256,4,FALSE),IF(A898=\"Insumo\",IF(VLOOKUP(B898,'SINAPI INSUMOS'!$A$2:$F$4852,5,FALSE)=OR(\"\",0),VLOOKUP(B898,'SINAPI INSUMOS'!$A$2:$F$4852,6,FALSE),VLOOKUP(B898,'SINAPI INSUMOS'!$A$2:$F$4852,5,FALSE)),\"VERIFICAR\"))","v":71.09},0.5]
["Insumo",7109,"SINAPI","TE PVC, SOLDAVEL, COM ROSCA NA BOLSA CENTRAL, 90 GRAUS, 20 MM X 1/2\", PARA AGUA FRIA PREDIAL","Material","UN",1,{"$f":"IF(A899=\"Composição Auxiliar\",VLOOKUP(B899,'SINAPI COMPOSIÇÃO'!$A$2:$E$10256,4,FALSE),IF(A899=\"Insumo\",IF(VLOOKUP(B899,'SINAPI INSUMOS'!$A$2:$F$4852,5,FALSE)=OR(\"\",0),VLOOKUP(B899,'SINAPI INSUMOS'!$A$2:$F$4852,6,FALSE),VLOOKUP(B899,'SINAPI INSUMOS'!$A$2:$F$4852,5,FALSE)),\"VERIFICAR\"))","v":2.4900000000000002},2.4900000000000002]
["Insumo",20083,"SINAPI","SOLUCAO PREPARADORA / LIMPADORA PARA PVC, FRASCO COM 1000 CM3","Material","UN",8.9999999999999993E-3,{"$f":"IF(A900=\"Composição Auxiliar\",VLOOKUP(B900,'SINAPI COMPOSIÇÃO'!$A$2:$E$10256,4,FALSE),IF(A900=\"Insumo\",IF(VLOOKUP(B900,'SINAPI INSUMOS'!$A$2:$F$4852,5,FALSE)=OR(\"\",0),VLOOKUP(B900,'SINAPI INSUMOS'!$A$2:$F$4852,6,FALSE),VLOOKUP(B900,'SINAPI INSUMOS'!$A$2:$F$4852,5,FALSE)),\"VERIFICAR\"))","v":80.55},0.72]
["Insumo",38383,"SINAPI","LIXA D'AGUA EM FOLHA, COR PRETA, GRAO 100","Material","UN",3.9E-2,{"$f":"IF(A901=\"Composição Auxiliar\",VLOOKUP(B901,'SINAPI COMPOSIÇÃO'!$A$2:$E$10256,4,FALSE),IF(A901=\"Insumo\",IF(VLOOKUP(B901,'SINAPI INSUMOS'!$A$2:$F$4852,5,FALSE)=OR(\"\",0),VLOOKUP(B901,'SINAPI INSUMOS'!$A$2:$F$4852,6,FALSE),VLOOKUP(B901,'SINAPI INSUMOS'!$A$2:$F$4852,5,FALSE)),\"VERIFICAR\"))","v":2},7.0000000000000007E-2]
["10.1.42","Código","Banco","Descrição","Tipo","Und","Quant.","Valor Unit","Total"]
["Composição",89401,"SINAPI","TUBO, PVC, SOLDÁVEL, DE 20MM, INSTALADO EM RAMAL DE DISTRIBUIÇÃO DE ÁGUA - FORNECIMENTO E INSTALAÇÃO. AF_06/2022","INHI - INSTALAÇÕES HIDROS SANITÁRIAS","M",1,{"$f":"I903","v":10.67},{"$f":"SUM(I904:I907)","v":10.67}]
["Composição Auxiliar",88248,"SINAPI","AUXILIAR DE ENCANADOR OU BOMBEIRO HIDRÁULICO COM ENCARGOS COMPLEMENTARES","SEDI - SERVIÇOS DIVERSOS","H",0.13669999999999999,{"$f":"IF(A904=\"Composição Auxiliar\",VLOOKUP(B904,'SINAPI COMPOSIÇÃO'!$A$2:$E$10256,4,FALSE),IF(A904=\"Insumo\",IF(VLOOKUP(B904,'SINAPI INSUMOS'!$A$2:$F$4852,5,FALSE)=OR(\"\",0),VLOOKUP(B904,'SINAPI INSUMOS'!$A$2:$F$4852,6,FALSE),VLOOKUP(B904,'SINAPI INSUMOS'!$A$2:$F$4852,5,FALSE)),\"VERIFICAR\"))","v":23.01},{"$f":"TRUNC(G904*H904,2)","v":3.14}]
["Composição Auxiliar",88267,"SINAPI","ENCANADOR OU BOMBEIRO HIDRÁULICO COM ENCARGOS COMPLEMENTARES","SEDI - SERVIÇOS DIVERSOS","H",0.13669999999999999,{"$f":"IF(A905=\"Composição Auxiliar\",VLOOKUP(B905,'SINAPI COMPOSIÇÃO'!$A$2:$E$10256,4,FALSE),IF(A905=\"Insumo\",IF(VLOOKUP(B905,'SINAPI INSUMOS'!$A$2:$F$4852,5,FALSE)=OR(\"\",0),VLOOKUP(B905,'SINAPI INSUMOS'!$A$2:$F$4852,6,FALSE),VLOOKUP(B905,'SINAPI INSUMOS'!$A$2:$F$4852,5,FALSE)),\"VERIFICAR\"))","v":27.01},{"$f":"TRUNC(G905*H905,2)","v":3.69}]
["Insumo",9867,"SINAPI","TUBO PVC, SOLDAVEL, DE 20 MM, AGUA FRIA (NBR-5648)","Material","M",1.0492999999999999,{"$f":"IF(A906=\"Composição Auxiliar\",VLOOKUP(B906,'SINAPI COMPOSIÇÃO'!$A$2:$E$10256,4,FALSE),IF(A906=\"Insumo\",IF(VLOOKUP(B906,'SINAPI INSUMOS'!$A$2:$F$4852,5,FALSE)=OR(\"\",0),VLOOKUP(B906,'SINAPI INSUMOS'!$A$2:$F$4852,6,FALSE),VLOOKUP(B906,'SINAPI INSUMOS'!$A$2:$F$4852,5,FALSE)),\"VERIFICAR\"))","v":3.61},{"$f":"TRUNC(G906*H906,2)","v":3.78}]
["Insumo",38383,"SINAPI","LIXA D'AGUA EM FOLHA, COR PRETA, GRAO 100","Material","UN",3.1899999999999998E-2,{"$f":"IF(A907=\"Composição Auxiliar\",VLOOKUP(B907,'SINAPI COMPOSIÇÃO'!$A$2:$E$10256,4,FALSE),IF(A907=\"Insumo\",IF(VLOOKUP(B907,'SINAPI INSUMOS'!$A$2:$F$4852,5,FALSE)=OR(\"\",0),VLOOKUP(B907,'SINAPI INSUMOS'!$A$2:$F$4852,6,FALSE),VLOOKUP(B907,'SINAPI INSUMOS'!$A$2:$F$4852,5,FALSE)),\"VERIFICAR\"))","v":2},{"$f":"TRUNC(G907*H907,2)","v":0.06}]
["10.1.43","Código","Banco","Descrição","Tipo","Und","Quant.","Valor Unit","Total"]
["Composição",89402,"SINAPI","TUBO, PVC, SOLDÁVEL, DE 25MM, INSTALADO EM RAMAL DE DISTRIBUIÇÃO DE ÁGUA - FORNECIMENTO E INSTALAÇÃO. AF_06/2022","INHI - INSTALAÇÕES HIDROS SANITÁRIAS","M",1,{"$f":"I909","v":12.27},{"$f":"SUM(I910:I913)","v":12.27}]
["Composição Auxiliar",88248,"SINAPI","AUXILIAR DE ENCANADOR OU BOMBEIRO HIDRÁULICO COM ENCARGOS COMPLEMENTARES","SEDI - SERVIÇOS DIVERSOS","H",0.15859999999999999,{"$f":"IF(A910=\"Composição Auxiliar\",VLOOKUP(B910,'SINAPI COMPOSIÇÃO'!$A$2:$E$10256,4,FALSE),IF(A910=\"Insumo\",IF(VLOOKUP(B910,'SINAPI INSUMOS'!$A$2:$F$4852,5,FALSE)=OR(\"\",0),VLOOKUP(B910,'SINAPI INSUMOS'!$A$2:$F$4852,6,FALSE),VLOOKUP(B910,'SINAPI INSUMOS'!$A$2:$F$4852,5,FALSE)),\"VERIFICAR\"))","v":23.01},{"$f":"TRUNC(G910*H910,2)","v":3.64}]
["Composição Auxiliar",88267,"SINAPI","ENCANADOR OU BOMBEIRO HIDRÁULICO COM ENCARGOS COMPLEMENTARES","SEDI - SERVIÇOS DIVERSOS","H",0.15859999999999999,{"$f":"IF(A911=\"Composição Auxiliar\",VLOOKUP(B911,'SINAPI COMPOSIÇÃO'!$A$2:$E$10256,4,FALSE),IF(A911=\"Insumo\",IF(VLOOKUP(B911,'SINAPI INSUMOS'!$A$2:$F$4852,5,FALSE)=OR(\"\",0),VLOOKUP(B911,'SINAPI INSUMOS'!$A$2:$F$4852,6,FALSE),VLOOKUP(B911,'SINAPI INSUMOS'!$A$2:$F$4852,5,FALSE)),\"VERIFICAR\"))","v":27.01},{"$f":"TRUNC(G911*H911,2)","v":4.28}]
["Insumo",9868,"SINAPI","TUBO PVC, SOLDAVEL, DE 25 MM, AGUA FRIA (NBR-5648)","Material","M",1.0492999999999999,{"$f":"IF(A912=\"Composição Auxiliar\",VLOOKUP(B912,'SINAPI COMPOSIÇÃO'!$A$2:$E$10256,4,FALSE),IF(A912=\"Insumo\",IF(VLOOKUP(B912,'SINAPI INSUMOS'!$A$2:$F$4852,5,FALSE)=OR(\"\",0),VLOOKUP(B912,'SINAPI INSUMOS'!$A$2:$F$4852,6,FALSE),VLOOKUP(B912,'SINAPI INSUMOS'!$A$2:$F$4852,5,FALSE)),\"VERIFICAR\"))","v":4.08},{"$f":"TRUNC(G912*H912,2)","v":4.28}]
["Insumo",38383,"SINAPI","LIXA D'AGUA EM FOLHA, COR PRETA, GRAO 100","Material","UN",3.6999999999999998E-2,{"$f":"IF(A913=\"Composição Auxiliar\",VLOOKUP(B913,'SINAPI COMPOSIÇÃO'!$A$2:$E$10256,4,FALSE),IF(A913=\"Insumo\",IF(VLOOKUP(B913,'SINAPI INSUMOS'!$A$2:$F$4852,5,FALSE)=OR(\"\",0),VLOOKUP(B913,'SINAPI INSUMOS'!$A$2:$F$4852,6,FALSE),VLOOKUP(B913,'SINAPI INSUMOS'!$A$2:$F$4852,5,FALSE)),\"VERIFICAR\"))","v":2},{"$f":"TRUNC(G913*H913,2)","v":7.0000000000000007E-2}]
["10.1.44","Código","Banco","Descrição","Tipo","Und","Quant.","Valor Unit","Total"]
["Composição",89403,"SINAPI","TUBO, PVC, SOLDÁVEL, DE 32MM, INSTALADO EM RAMAL DE DISTRIBUIÇÃO DE ÁGUA - FORNECIMENTO E INSTALAÇÃO. AF_06/2022","INHI - INSTALAÇÕES HIDROS SANITÁRIAS","M",1,{"$f":"I915","v":18.759999999999998},{"$f":"SUM(I916:I919)","v":18.759999999999998}]
["Composição Auxiliar",88248,"SINAPI","AUXILIAR DE ENCANADOR OU BOMBEIRO HIDRÁULICO COM ENCARGOS COMPLEMENTARES","SEDI - SERVIÇOS DIVERSOS","H",0.18909999999999999,{"$f":"IF(A916=\"Composição Auxiliar\",VLOOKUP(B916,'SINAPI COMPOSIÇÃO'!$A$2:$E$10256,4,FALSE),IF(A916=\"Insumo\",IF(VLOOKUP(B916,'SINAPI INSUMOS'!$A$2:$F$4852,5,FALSE)=OR(\"\",0),VLOOKUP(B916,'SINAPI INSUMOS'!$A$2:$F$4852,6,FALSE),VLOOKUP(B916,'SINAPI INSUMOS'!$A$2:$F$4852,5,FALSE)),\"VERIFICAR\"))","v":23.01},{"$f":"TRUNC(G916*H916,2)","v":4.3499999999999996}]
["Composição Auxiliar",88267,"SINAPI","ENCANADOR OU BOMBEIRO HIDRÁULICO COM ENCARGOS COMPLEMENTARES","SEDI - SERVIÇOS DIVERSOS","H",0.18909999999999999,{"$f":"IF(A917=\"Composição Auxiliar\",VLOOKUP(B917,'SINAPI COMPOSIÇÃO'!$A$2:$E$10256,4,FALSE),IF(A917=\"Insumo\",IF(VLOOKUP(B917,'SINAPI INSUMOS'!$A$2:$F$4852,5,FALSE)=OR(\"\",0),VLOOKUP(B917,'SINAPI INSUMOS'!$A$2:$F$4852,6,FALSE),VLOOKUP(B917,'SINAPI INSUMOS'!$A$2:$F$4852,5,FALSE)),\"VERIFICAR\"))","v":27.01},{"$f":"TRUNC(G917*H917,2)","v":5.0999999999999996}]
["Insumo",9869,"SINAPI","TUBO PVC, SOLDAVEL, DE 32 MM, AGUA FRIA (NBR-5648)","Material","M",1.0492999999999999,{"$f":"IF(A918=\"Composição Auxiliar\",VLOOKUP(B918,'SINAPI COMPOSIÇÃO'!$A$2:$E$10256,4,FALSE),IF(A918=\"Insumo\",IF(VLOOKUP(B918,'SINAPI INSUMOS'!$A$2:$F$4852,5,FALSE)=OR(\"\",0),VLOOKUP(B918,'SINAPI INSUMOS'!$A$2:$F$4852,6,FALSE),VLOOKUP(B918,'SINAPI INSUMOS'!$A$2:$F$4852,5,FALSE)),\"VERIFICAR\"))","v":8.8000000000000007},{"$f":"TRUNC(G918*H918,2)","v":9.23}]
["Insumo",38383,"SINAPI","LIXA D'AGUA EM FOLHA, COR PRETA, GRAO 100","Material","UN",4.41E-2,{"$f":"IF(A919=\"Composição Auxiliar\",VLOOKUP(B919,'SINAPI COMPOSIÇÃO'!$A$2:$E$10256,4,FALSE),IF(A919=\"Insumo\",IF(VLOOKUP(B919,'SINAPI INSUMOS'!$A$2:$F$4852,5,FALSE)=OR(\"\",0),VLOOKUP(B919,'SINAPI INSUMOS'!$A$2:$F$4852,6,FALSE),VLOOKUP(B919,'SINAPI INSUMOS'!$A$2:$F$4852,5,FALSE)),\"VERIFICAR\"))","v":2},{"$f":"TRUNC(G919*H919,2)","v":0.08}]
["10.1.45","Código","Banco","Descrição","Tipo","Und","Quant.","Valor Unit","Total"]
["Composição",89448,"SINAPI","TUBO, PVC, SOLDÁVEL, DE 40MM, INSTALADO EM PRUMADA DE ÁGUA - FORNECIMENTO E INSTALAÇÃO. AF_06/2022","INHI - INSTALAÇÕES HIDROS SANITÁRIAS","M",1,{"$f":"I921","v":15.92},{"$f":"SUM(I922:I925)","v":15.92}]
["Composição Auxiliar",88267,"SINAPI","ENCANADOR OU BOMBEIRO HIDRÁULICO COM ENCARGOS COMPLEMENTARES","SEDI - SERVIÇOS DIVERSOS","H",2.8199999999999999E-2,{"$f":"IF(A922=\"Composição Auxiliar\",VLOOKUP(B922,'SINAPI COMPOSIÇÃO'!$A$2:$E$10256,4,FALSE),IF(A922=\"Insumo\",IF(VLOOKUP(B922,'SINAPI INSUMOS'!$A$2:$F$4852,5,FALSE)=OR(\"\",0),VLOOKUP(B922,'SINAPI INSUMOS'!$A$2:$F$4852,6,FALSE),VLOOKUP(B922,'SINAPI INSUMOS'!$A$2:$F$4852,5,FALSE)),\"VERIFICAR\"))","v":27.01},{"$f":"TRUNC(G922*H922,2)","v":0.76}]
["Composição Auxiliar",88248,"SINAPI","AUXILIAR DE ENCANADOR OU BOMBEIRO HIDRÁULICO COM ENCARGOS COMPLEMENTARES","SEDI - SERVIÇOS DIVERSOS","H",2.8199999999999999E-2,{"$f":"IF(A923=\"Composição Auxiliar\",VLOOKUP(B923,'SINAPI COMPOSIÇÃO'!$A$2:$E$10256,4,FALSE),IF(A923=\"Insumo\",IF(VLOOKUP(B923,'SINAPI INSUMOS'!$A$2:$F$4852,5,FALSE)=OR(\"\",0),VLOOKUP(B923,'SINAPI INSUMOS'!$A$2:$F$4852,6,FALSE),VLOOKUP(B923,'SINAPI INSUMOS'!$A$2:$F$4852,5,FALSE)),\"VERIFICAR\"))","v":23.01},{"$f":"TRUNC(G923*H923,2)","v":0.64}]
["Insumo",38383,"SINAPI","LIXA D'AGUA EM FOLHA, COR PRETA, GRAO 100","Material","UN",6.6E-3,{"$f":"IF(A924=\"Composição Auxiliar\",VLOOKUP(B924,'SINAPI COMPOSIÇÃO'!$A$2:$E$10256,4,FALSE),IF(A924=\"Insumo\",IF(VLOOKUP(B924,'SINAPI INSUMOS'!$A$2:$F$4852,5,FALSE)=OR(\"\",0),VLOOKUP(B924,'SINAPI INSUMOS'!$A$2:$F$4852,6,FALSE),VLOOKUP(B924,'SINAPI INSUMOS'!$A$2:$F$4852,5,FALSE)),\"VERIFICAR\"))","v":2},{"$f":"TRUNC(G924*H924,2)","v":0.01}]
["Insumo",9874,"SINAPI","TUBO PVC, SOLDAVEL, DE 40 MM, AGUA FRIA (NBR-5648)","Material","M",1.0492999999999999,{"$f":"IF(A925=\"Composição Auxiliar\",VLOOKUP(B925,'SINAPI COMPOSIÇÃO'!$A$2:$E$10256,4,FALSE),IF(A925=\"Insumo\",IF(VLOOKUP(B925,'SINAPI INSUMOS'!$A$2:$F$4852,5,FALSE)=OR(\"\",0),VLOOKUP(B925,'SINAPI INSUMOS'!$A$2:$F$4852,6,FALSE),VLOOKUP(B925,'SINAPI INSUMOS'!$A$2:$F$4852,5,FALSE)),\"VERIFICAR\"))","v":13.83},{"$f":"TRUNC(G925*H925,2)","v":14.51}]
["10.2",null,null,"ESGOTO E DRENAGEM"]
["10.2.1","Código","Banco","Descrição","Tipo","Und","Quant.","Valor Unit","Total"]
["Composição",104345,"SINAPI","JUNÇÃO DE REDUÇÃO INVERTIDA, PVC, SÉRIE NORMAL, ESGOTO PREDIAL, DN 100 X 50 MM, JUNTA ELÁSTICA, FORNECIDO E INSTALADO EM RAMAL DE DESCARGA OU RAMAL DE ESGOTO SANITÁRIO. AF_08/2022","INHI - INSTALAÇÕES HIDROS SANITÁRIAS","UN",1,{"$f":"I928","v":40.909999999999997},{"$f":"SUM(I929:I934)","v":40.909999999999997}]
["Composição Auxiliar",88267,"SINAPI","ENCANADOR OU BOMBEIRO HIDRÁULICO COM ENCARGOS COMPLEMENTARES","SEDI - SERVIÇOS DIVERSOS","H",0.23250000000000001,{"$f":"IF(A929=\"Composição Auxiliar\",VLOOKUP(B929,'SINAPI COMPOSIÇÃO'!$A$2:$E$10256,4,FALSE),IF(A929=\"Insumo\",IF(VLOOKUP(B929,'SINAPI INSUMOS'!$A$2:$F$4852,5,FALSE)=OR(\"\",0),VLOOKUP(B929,'SINAPI INSUMOS'!$A$2:$F$4852,6,FALSE),VLOOKUP(B929,'SINAPI INSUMOS'!$A$2:$F$4852,5,FALSE)),\"VERIFICAR\"))","v":27.01},{"$f":"TRUNC(G929*H929,2)","v":6.27}]
["Composição Auxiliar",88248,"SINAPI","AUXILIAR DE ENCANADOR OU BOMBEIRO HIDRÁULICO COM ENCARGOS COMPLEMENTARES","SEDI - SERVIÇOS DIVERSOS","H",0.23250000000000001,{"$f":"IF(A930=\"Composição Auxiliar\",VLOOKUP(B930,'SINAPI COMPOSIÇÃO'!$A$2:$E$10256,4,FALSE),IF(A930=\"Insumo\",IF(VLOOKUP(B930,'SINAPI INSUMOS'!$A$2:$F$4852,5,FALSE)=OR(\"\",0),VLOOKUP(B930,'SINAPI INSUMOS'!$A$2:$F$4852,6,FALSE),VLOOKUP(B930,'SINAPI INSUMOS'!$A$2:$F$4852,5,FALSE)),\"VERIFICAR\"))","v":23.01},5.34]
["Insumo",301,"SINAPI","ANEL BORRACHA PARA TUBO ESGOTO PREDIAL, DN 100 MM (NBR 5688)","Material","UN",2,{"$f":"IF(A931=\"Composição Auxiliar\",VLOOKUP(B931,'SINAPI COMPOSIÇÃO'!$A$2:$E$10256,4,FALSE),IF(A931=\"Insumo\",IF(VLOOKUP(B931,'SINAPI INSUMOS'!$A$2:$F$4852,5,FALSE)=OR(\"\",0),VLOOKUP(B931,'SINAPI INSUMOS'!$A$2:$F$4852,6,FALSE),VLOOKUP(B931,'SINAPI INSUMOS'!$A$2:$F$4852,5,FALSE)),\"VERIFICAR\"))","v":4},8]
["Insumo",296,"SINAPI","ANEL BORRACHA PARA TUBO ESGOTO PREDIAL, DN 50 MM (NBR 5688)","Material","UN",1,{"$f":"IF(A932=\"Composição Auxiliar\",VLOOKUP(B932,'SINAPI COMPOSIÇÃO'!$A$2:$E$10256,4,FALSE),IF(A932=\"Insumo\",IF(VLOOKUP(B932,'SINAPI INSUMOS'!$A$2:$F$4852,5,FALSE)=OR(\"\",0),VLOOKUP(B932,'SINAPI INSUMOS'!$A$2:$F$4852,6,FALSE),VLOOKUP(B932,'SINAPI INSUMOS'!$A$2:$F$4852,5,FALSE)),\"VERIFICAR\"))","v":2.2599999999999998},2.2599999999999998]
["Insumo",10908,"SINAPI","JUNCAO DE REDUCAO INVERTIDA, PVC SOLDAVEL, 100 X 50 MM, SERIE NORMAL PARA ESGOTO PREDIAL","Material","UN",1,{"$f":"IF(A933=\"Composição Auxiliar\",VLOOKUP(B933,'SINAPI COMPOSIÇÃO'!$A$2:$E$10256,4,FALSE),IF(A933=\"Insumo\",IF(VLOOKUP(B933,'SINAPI INSUMOS'!$A$2:$F$4852,5,FALSE)=OR(\"\",0),VLOOKUP(B933,'SINAPI INSUMOS'!$A$2:$F$4852,6,FALSE),VLOOKUP(B933,'SINAPI INSUMOS'!$A$2:$F$4852,5,FALSE)),\"VERIFICAR\"))","v":14.94},14.94]
["Insumo",20078,"SINAPI","PASTA LUBRIFICANTE PARA TUBOS E CONEXOES COM JUNTA ELASTICA, EMBALAGEM DE *400* GR (USO EM PVC, ACO, POLIETILENO E OUTROS)","Material","UN",0.14000000000000001,{"$f":"IF(A934=\"Composição Auxiliar\",VLOOKUP(B934,'SINAPI COMPOSIÇÃO'!$A$2:$E$10256,4,FALSE),IF(A934=\"Insumo\",IF(VLOOKUP(B934,'SINAPI INSUMOS'!$A$2:$F$4852,5,FALSE)=OR(\"\",0),VLOOKUP(B934,'SINAPI INSUMOS'!$A$2:$F$4852,6,FALSE),VLOOKUP(B934,'SINAPI INSUMOS'!$A$2:$F$4852,5,FALSE)),\"VERIFICAR\"))","v":29.34},4.0999999999999996]
["10.2.2","Código","Banco","Descrição","Tipo","Und","Quant.","Valor Unit","Total"]
["Composição",89785,"SINAPI","JUNÇÃO SIMPLES, PVC, SERIE NORMAL, ESGOTO PREDIAL, DN 50 X 50 MM, JUNTA ELÁSTICA, FORNECIDO E INSTALADO EM RAMAL DE DESCARGA OU RAMAL DE ESGOTO SANITÁRIO. AF_08/2022","INHI - INSTALAÇÕES HIDROS SANITÁRIAS","UN",1,{"$f":"I936","v":25.89},{"$f":"SUM(I937:I941)","v":25.89}]
["Composição Auxiliar",88248,"SINAPI","AUXILIAR DE ENCANADOR OU BOMBEIRO HIDRÁULICO COM ENCARGOS COMPLEMENTARES","SEDI - SERVIÇOS DIVERSOS","H",0.18390000000000001,{"$f":"IF(A937=\"Composição Auxiliar\",VLOOKUP(B937,'SINAPI COMPOSIÇÃO'!$A$2:$E$10256,4,FALSE),IF(A937=\"Insumo\",IF(VLOOKUP(B937,'SINAPI INSUMOS'!$A$2:$F$4852,5,FALSE)=OR(\"\",0),VLOOKUP(B937,'SINAPI INSUMOS'!$A$2:$F$4852,6,FALSE),VLOOKUP(B937,'SINAPI INSUMOS'!$A$2:$F$4852,5,FALSE)),\"VERIFICAR\"))","v":23.01},{"$f":"TRUNC(G937*H937,2)","v":4.2300000000000004}]
["Composição Auxiliar",88267,"SINAPI","ENCANADOR OU BOMBEIRO HIDRÁULICO COM ENCARGOS COMPLEMENTARES","SEDI - SERVIÇOS DIVERSOS","H",0.18390000000000001,{"$f":"IF(A938=\"Composição Auxiliar\",VLOOKUP(B938,'SINAPI COMPOSIÇÃO'!$A$2:$E$10256,4,FALSE),IF(A938=\"Insumo\",IF(VLOOKUP(B938,'SINAPI INSUMOS'!$A$2:$F$4852,5,FALSE)=OR(\"\",0),VLOOKUP(B938,'SINAPI INSUMOS'!$A$2:$F$4852,6,FALSE),VLOOKUP(B938,'SINAPI INSUMOS'!$A$2:$F$4852,5,FALSE)),\"VERIFICAR\"))","v":27.01},{"$f":"TRUNC(G938*H938,2)","v":4.96}]
["Insumo",296,"SINAPI","ANEL BORRACHA PARA TUBO ESGOTO PREDIAL, DN 50 MM (NBR 5688)","Material","UN",3,{"$f":"IF(A939=\"Composição Auxiliar\",VLOOKUP(B939,'SINAPI COMPOSIÇÃO'!$A$2:$E$10256,4,FALSE),IF(A939=\"Insumo\",IF(VLOOKUP(B939,'SINAPI INSUMOS'!$A$2:$F$4852,5,FALSE)=OR(\"\",0),VLOOKUP(B939,'SINAPI INSUMOS'!$A$2:$F$4852,6,FALSE),VLOOKUP(B939,'SINAPI INSUMOS'!$A$2:$F$4852,5,FALSE)),\"VERIFICAR\"))","v":2.2599999999999998},{"$f":"TRUNC(G939*H939,2)","v":6.78}]
["Insumo",3662,"SINAPI","JUNCAO SIMPLES, PVC, 45 GRAUS, DN 50 X 50 MM, SERIE NORMAL PARA ESGOTO PREDIAL","Material","UN",1,{"$f":"IF(A940=\"Composição Auxiliar\",VLOOKUP(B940,'SINAPI COMPOSIÇÃO'!$A$2:$E$10256,4,FALSE),IF(A940=\"Insumo\",IF(VLOOKUP(B940,'SINAPI INSUMOS'!$A$2:$F$4852,5,FALSE)=OR(\"\",0),VLOOKUP(B940,'SINAPI INSUMOS'!$A$2:$F$4852,6,FALSE),VLOOKUP(B940,'SINAPI INSUMOS'!$A$2:$F$4852,5,FALSE)),\"VERIFICAR\"))","v":7.72},{"$f":"TRUNC(G940*H940,2)","v":7.72}]
["Insumo",20078,"SINAPI","PASTA LUBRIFICANTE PARA TUBOS E CONEXOES COM JUNTA ELASTICA, EMBALAGEM DE *400* GR (USO EM PVC, ACO, POLIETILENO E OUTROS)","Material","UN",7.4999999999999997E-2,{"$f":"IF(A941=\"Composição Auxiliar\",VLOOKUP(B941,'SINAPI COMPOSIÇÃO'!$A$2:$E$10256,4,FALSE),IF(A941=\"Insumo\",IF(VLOOKUP(B941,'SINAPI INSUMOS'!$A$2:$F$4852,5,FALSE)=OR(\"\",0),VLOOKUP(B941,'SINAPI INSUMOS'!$A$2:$F$4852,6,FALSE),VLOOKUP(B941,'SINAPI INSUMOS'!$A$2:$F$4852,5,FALSE)),\"VERIFICAR\"))","v":29.34},{"$f":"TRUNC(G941*H941,2)","v":2.2000000000000002}]
["10.2.3","Código","Banco","Descrição","Tipo","Und","Quant.","Valor Unit","Total"]
["Composição",89783,"SINAPI","JUNÇÃO SIMPLES, PVC, SERIE NORMAL, ESGOTO PREDIAL, DN 40 MM, JUNTA SOLDÁVEL, FORNECIDO E INSTALADO EM RAMAL DE DESCARGA OU RAMAL DE ESGOTO SANITÁRIO. AF_08/2022","INHI - INSTALAÇÕES HIDROS SANITÁRIAS","UN",1,{"$f":"I943","v":14.3},{"$f":"SUM(I944:I949)","v":14.3}]
["Composição Auxiliar",88248,"SINAPI","AUXILIAR DE ENCANADOR OU BOMBEIRO HIDRÁULICO COM ENCARGOS COMPLEMENTARES","SEDI - SERVIÇOS DIVERSOS","H",0.16930000000000001,{"$f":"IF(A944=\"Composição Auxiliar\",VLOOKUP(B944,'SINAPI COMPOSIÇÃO'!$A$2:$E$10256,4,FALSE),IF(A944=\"Insumo\",IF(VLOOKUP(B944,'SINAPI INSUMOS'!$A$2:$F$4852,5,FALSE)=OR(\"\",0),VLOOKUP(B944,'SINAPI INSUMOS'!$A$2:$F$4852,6,FALSE),VLOOKUP(B944,'SINAPI INSUMOS'!$A$2:$F$4852,5,FALSE)),\"VERIFICAR\"))","v":23.01},{"$f":"TRUNC(G944*H944,2)","v":3.89}]
["Composição Auxiliar",88267,"SINAPI","ENCANADOR OU BOMBEIRO HIDRÁULICO COM ENCARGOS COMPLEMENTARES","SEDI - SERVIÇOS DIVERSOS","H",0.16930000000000001,{"$f":"IF(A945=\"Composição Auxiliar\",VLOOKUP(B945,'SINAPI COMPOSIÇÃO'!$A$2:$E$10256,4,FALSE),IF(A945=\"Insumo\",IF(VLOOKUP(B945,'SINAPI INSUMOS'!$A$2:$F$4852,5,FALSE)=OR(\"\",0),VLOOKUP(B945,'SINAPI INSUMOS'!$A$2:$F$4852,6,FALSE),VLOOKUP(B945,'SINAPI INSUMOS'!$A$2:$F$4852,5,FALSE)),\"VERIFICAR\"))","v":27.01},4.57]
["Insumo",20083,"SINAPI","SOLUCAO PREPARADORA / LIMPADORA PARA PVC, FRASCO COM 1000 CM3","Material","UN",2.2499999999999999E-2,{"$f":"IF(A946=\"Composição Auxiliar\",VLOOKUP(B946,'SINAPI COMPOSIÇÃO'!$A$2:$E$10256,4,FALSE),IF(A946=\"Insumo\",IF(VLOOKUP(B946,'SINAPI INSUMOS'!$A$2:$F$4852,5,FALSE)=OR(\"\",0),VLOOKUP(B946,'SINAPI INSUMOS'!$A$2:$F$4852,6,FALSE),VLOOKUP(B946,'SINAPI INSUMOS'!$A$2:$F$4852,5,FALSE)),\"VERIFICAR\"))","v":80.55},1.81]
["Insumo",122,"SINAPI","ADESIVO PLASTICO PARA PVC, FRASCO COM *850* GR","Material","UN",1.4800000000000001E-2,{"$f":"IF(A947=\"Composição Auxiliar\",VLOOKUP(B947,'SINAPI COMPOSIÇÃO'!$A$2:$E$10256,4,FALSE),IF(A947=\"Insumo\",IF(VLOOKUP(B947,'SINAPI INSUMOS'!$A$2:$F$4852,5,FALSE)=OR(\"\",0),VLOOKUP(B947,'SINAPI INSUMOS'!$A$2:$F$4852,6,FALSE),VLOOKUP(B947,'SINAPI INSUMOS'!$A$2:$F$4852,5,FALSE)),\"VERIFICAR\"))","v":71.09},1.05]
["Insumo",3666,"SINAPI","JUNCAO SIMPLES, PVC, 45 GRAUS, DN 40 X 40 MM, SERIE NORMAL PARA ESGOTO PREDIAL","Material","UN",1,{"$f":"IF(A948=\"Composição Auxiliar\",VLOOKUP(B948,'SINAPI COMPOSIÇÃO'!$A$2:$E$10256,4,FALSE),IF(A948=\"Insumo\",IF(VLOOKUP(B948,'SINAPI INSUMOS'!$A$2:$F$4852,5,FALSE)=OR(\"\",0),VLOOKUP(B948,'SINAPI INSUMOS'!$A$2:$F$4852,6,FALSE),VLOOKUP(B948,'SINAPI INSUMOS'!$A$2:$F$4852,5,FALSE)),\"VERIFICAR\"))","v":2.96},2.96]
["Insumo",38383,"SINAPI","LIXA D'AGUA EM FOLHA, COR PRETA, GRAO 100","Material","UN",1.0699999999999999E-2,{"$f":"IF(A949=\"Composição Auxiliar\",VLOOKUP(B949,'SINAPI COMPOSIÇÃO'!$A$2:$E$10256,4,FALSE),IF(A949=\"Insumo\",IF(VLOOKUP(B949,'SINAPI INSUMOS'!$A$2:$F$4852,5,FALSE)=OR(\"\",0),VLOOKUP(B949,'SINAPI INSUMOS'!$A$2:$F$4852,6,FALSE),VLOOKUP(B949,'SINAPI INSUMOS'!$A$2:$F$4852,5,FALSE)),\"VERIFICAR\"))","v":2},0.02]
["10.2.4","Código","Banco","Descrição","Tipo","Und","Quant.","Valor Unit","Total"]
["Composição",89797,"SINAPI","JUNÇÃO SIMPLES, PVC, SERIE NORMAL, ESGOTO PREDIAL, DN 100 X 100 MM, JUNTA ELÁSTICA, FORNECIDO E INSTALADO EM RAMAL DE DESCARGA OU RAMAL DE ESGOTO SANITÁRIO. AF_08/2022","INHI - INSTALAÇÕES HIDROS SANITÁRIAS","UN",1,{"$f":"I951","v":48.7},{"$f":"SUM(I952:I956)","v":48.7}]
["Composição Auxiliar",88267,"SINAPI","ENCANADOR OU BOMBEIRO HIDRÁULICO COM ENCARGOS COMPLEMENTARES","SEDI - SERVIÇOS DIVERSOS","H",0.25679999999999997,{"$f":"IF(A952=\"Composição Auxiliar\",VLOOKUP(B952,'SINAPI COMPOSIÇÃO'!$A$2:$E$10256,4,FALSE),IF(A952=\"Insumo\",IF(VLOOKUP(B952,'SINAPI INSUMOS'!$A$2:$F$4852,5,FALSE)=OR(\"\",0),VLOOKUP(B952,'SINAPI INSUMOS'!$A$2:$F$4852,6,FALSE),VLOOKUP(B952,'SINAPI INSUMOS'!$A$2:$F$4852,5,FALSE)),\"VERIFICAR\"))","v":27.01},{"$f":"TRUNC(G952*H952,2)","v":6.93}]
["Composição Auxiliar",88248,"SINAPI","AUXILIAR DE ENCANADOR OU BOMBEIRO HIDRÁULICO COM ENCARGOS COMPLEMENTARES","SEDI - SERVIÇOS DIVERSOS","H",0.25679999999999997,{"$f":"IF(A953=\"Composição Auxiliar\",VLOOKUP(B953,'SINAPI COMPOSIÇÃO'!$A$2:$E$10256,4,FALSE),IF(A953=\"Insumo\",IF(VLOOKUP(B953,'SINAPI INSUMOS'!$A$2:$F$4852,5,FALSE)=OR(\"\",0),VLOOKUP(B953,'SINAPI INSUMOS'!$A$2:$F$4852,6,FALSE),VLOOKUP(B953,'SINAPI INSUMOS'!$A$2:$F$4852,5,FALSE)),\"VERIFICAR\"))","v":23.01},{"$f":"TRUNC(G953*H953,2)","v":5.9}]
["Insumo",301,"SINAPI","ANEL BORRACHA PARA TUBO ESGOTO PREDIAL, DN 100 MM (NBR 5688)","Material","UN",3,{"$f":"IF(A954=\"Composição Auxiliar\",VLOOKUP(B954,'SINAPI COMPOSIÇÃO'!$A$2:$E$10256,4,FALSE),IF(A954=\"Insumo\",IF(VLOOKUP(B954,'SINAPI INSUMOS'!$A$2:$F$4852,5,FALSE)=OR(\"\",0),VLOOKUP(B954,'SINAPI INSUMOS'!$A$2:$F$4852,6,FALSE),VLOOKUP(B954,'SINAPI INSUMOS'!$A$2:$F$4852,5,FALSE)),\"VERIFICAR\"))","v":4},{"$f":"TRUNC(G954*H954,2)","v":12}]
["Insumo",3670,"SINAPI","JUNCAO SIMPLES, PVC, 45 GRAUS, DN 100 X 100 MM, SERIE NORMAL PARA ESGOTO PREDIAL","Material","UN",1,{"$f":"IF(A955=\"Composição Auxiliar\",VLOOKUP(B955,'SINAPI COMPOSIÇÃO'!$A$2:$E$10256,4,FALSE),IF(A955=\"Insumo\",IF(VLOOKUP(B955,'SINAPI INSUMOS'!$A$2:$F$4852,5,FALSE)=OR(\"\",0),VLOOKUP(B955,'SINAPI INSUMOS'!$A$2:$F$4852,6,FALSE),VLOOKUP(B955,'SINAPI INSUMOS'!$A$2:$F$4852,5,FALSE)),\"VERIFICAR\"))","v":18.809999999999999},{"$f":"TRUNC(G955*H955,2)","v":18.809999999999999}]
["Insumo",20078,"SINAPI","PASTA LUBRIFICANTE PARA TUBOS E CONEXOES COM JUNTA ELASTICA, EMBALAGEM DE *400* GR (USO EM PVC, ACO, POLIETILENO E OUTROS)","Material","UN",0.17249999999999999,{"$f":"IF(A956=\"Composição Auxiliar\",VLOOKUP(B956,'SINAPI COMPOSIÇÃO'!$A$2:$E$10256,4,FALSE),IF(A956=\"Insumo\",IF(VLOOKUP(B956,'SINAPI INSUMOS'!$A$2:$F$4852,5,FALSE)=OR(\"\",0),VLOOKUP(B956,'SINAPI INSUMOS'!$A$2:$F$4852,6,FALSE),VLOOKUP(B956,'SINAPI INSUMOS'!$A$2:$F$4852,5,FALSE)),\"VERIFICAR\"))","v":29.34},{"$f":"TRUNC(G956*H956,2)","v":5.0599999999999996}]
["10.2.5","Código","Banco","Descrição","Tipo","Und","Quant.","Valor Unit","Total"]
["Composição",89733,"SINAPI","CURVA CURTA 90 GRAUS, PVC, SERIE NORMAL, ESGOTO PREDIAL, DN 50 MM, JUNTA ELÁSTICA, FORNECIDO E INSTALADO EM RAMAL DE DESCARGA OU RAMAL DE ESGOTO SANITÁRIO. AF_08/2022","INHI - INSTALAÇÕES HIDROS SANITÁRIAS","UN",1,{"$f":"I958","v":21.87},{"$f":"SUM(I959:I963)","v":21.87}]
["Composição Auxiliar",88248,"SINAPI","AUXILIAR DE ENCANADOR OU BOMBEIRO HIDRÁULICO COM ENCARGOS COMPLEMENTARES","SEDI - SERVIÇOS DIVERSOS","H",0.13789999999999999,{"$f":"IF(A959=\"Composição Auxiliar\",VLOOKUP(B959,'SINAPI COMPOSIÇÃO'!$A$2:$E$10256,4,FALSE),IF(A959=\"Insumo\",IF(VLOOKUP(B959,'SINAPI INSUMOS'!$A$2:$F$4852,5,FALSE)=OR(\"\",0),VLOOKUP(B959,'SINAPI INSUMOS'!$A$2:$F$4852,6,FALSE),VLOOKUP(B959,'SINAPI INSUMOS'!$A$2:$F$4852,5,FALSE)),\"VERIFICAR\"))","v":23.01},{"$f":"TRUNC(G959*H959,2)","v":3.17}]
["Composição Auxiliar",88267,"SINAPI","ENCANADOR OU BOMBEIRO HIDRÁULICO COM ENCARGOS COMPLEMENTARES","SEDI - SERVIÇOS DIVERSOS","H",0.13789999999999999,{"$f":"IF(A960=\"Composição Auxiliar\",VLOOKUP(B960,'SINAPI COMPOSIÇÃO'!$A$2:$E$10256,4,FALSE),IF(A960=\"Insumo\",IF(VLOOKUP(B960,'SINAPI INSUMOS'!$A$2:$F$4852,5,FALSE)=OR(\"\",0),VLOOKUP(B960,'SINAPI INSUMOS'!$A$2:$F$4852,6,FALSE),VLOOKUP(B960,'SINAPI INSUMOS'!$A$2:$F$4852,5,FALSE)),\"VERIFICAR\"))","v":27.01},{"$f":"TRUNC(G960*H960,2)","v":3.72}]
["Insumo",1932,"SINAPI","CURVA PVC CURTA 90 GRAUS, DN 50 MM, PARA ESGOTO PREDIAL","Material","UN",1,{"$f":"IF(A961=\"Composição Auxiliar\",VLOOKUP(B961,'SINAPI COMPOSIÇÃO'!$A$2:$E$10256,4,FALSE),IF(A961=\"Insumo\",IF(VLOOKUP(B961,'SINAPI INSUMOS'!$A$2:$F$4852,5,FALSE)=OR(\"\",0),VLOOKUP(B961,'SINAPI INSUMOS'!$A$2:$F$4852,6,FALSE),VLOOKUP(B961,'SINAPI INSUMOS'!$A$2:$F$4852,5,FALSE)),\"VERIFICAR\"))","v":9},{"$f":"TRUNC(G961*H961,2)","v":9}]
["Insumo",296,"SINAPI","ANEL BORRACHA PARA TUBO ESGOTO PREDIAL, DN 50 MM (NBR 5688)","Material","UN",2,{"$f":"IF(A962=\"Composição Auxiliar\",VLOOKUP(B962,'SINAPI COMPOSIÇÃO'!$A$2:$E$10256,4,FALSE),IF(A962=\"Insumo\",IF(VLOOKUP(B962,'SINAPI INSUMOS'!$A$2:$F$4852,5,FALSE)=OR(\"\",0),VLOOKUP(B962,'SINAPI INSUMOS'!$A$2:$F$4852,6,FALSE),VLOOKUP(B962,'SINAPI INSUMOS'!$A$2:$F$4852,5,FALSE)),\"VERIFICAR\"))","v":2.2599999999999998},{"$f":"TRUNC(G962*H962,2)","v":4.5199999999999996}]
["Insumo",20078,"SINAPI","PASTA LUBRIFICANTE PARA TUBOS E CONEXOES COM JUNTA ELASTICA, EMBALAGEM DE *400* GR (USO EM PVC, ACO, POLIETILENO E OUTROS)","Material","UN",0.05,{"$f":"IF(A963=\"Composição Auxiliar\",VLOOKUP(B963,'SINAPI COMPOSIÇÃO'!$A$2:$E$10256,4,FALSE),IF(A963=\"Insumo\",IF(VLOOKUP(B963,'SINAPI INSUMOS'!$A$2:$F$4852,5,FALSE)=OR(\"\",0),VLOOKUP(B963,'SINAPI INSUMOS'!$A$2:$F$4852,6,FALSE),VLOOKUP(B963,'SINAPI INSUMOS'!$A$2:$F$4852,5,FALSE)),\"VERIFICAR\"))","v":29.34},{"$f":"TRUNC(G963*H963,2)","v":1.46}]
["10.2.6","Código","Banco","Descrição","Tipo","Und","Quant.","Valor Unit","Total"]
["Composição",89810,"SINAPI","JOELHO 45 GRAUS, PVC, SERIE NORMAL, ESGOTO PREDIAL, DN 100 MM, JUNTA ELÁSTICA, FORNECIDO E INSTALADO EM PRUMADA DE ESGOTO SANITÁRIO OU VENTILAÇÃO. AF_08/2022","INHI - INSTALAÇÕES HIDROS SANITÁRIAS","UN",1,{"$f":"I965","v":29.380000000000003},{"$f":"SUM(I966:I970)","v":29.380000000000003}]
["Composição Auxiliar",88267,"SINAPI","ENCANADOR OU BOMBEIRO HIDRÁULICO COM ENCARGOS COMPLEMENTARES","SEDI - SERVIÇOS DIVERSOS","H",0.2172,{"$f":"IF(A966=\"Composição Auxiliar\",VLOOKUP(B966,'SINAPI COMPOSIÇÃO'!$A$2:$E$10256,4,FALSE),IF(A966=\"Insumo\",IF(VLOOKUP(B966,'SINAPI INSUMOS'!$A$2:$F$4852,5,FALSE)=OR(\"\",0),VLOOKUP(B966,'SINAPI INSUMOS'!$A$2:$F$4852,6,FALSE),VLOOKUP(B966,'SINAPI INSUMOS'!$A$2:$F$4852,5,FALSE)),\"VERIFICAR\"))","v":27.01},{"$f":"TRUNC(G966*H966,2)","v":5.86}]
["Composição Auxiliar",88248,"SINAPI","AUXILIAR DE ENCANADOR OU BOMBEIRO HIDRÁULICO COM ENCARGOS COMPLEMENTARES","SEDI - SERVIÇOS DIVERSOS","H",0.2172,{"$f":"IF(A967=\"Composição Auxiliar\",VLOOKUP(B967,'SINAPI COMPOSIÇÃO'!$A$2:$E$10256,4,FALSE),IF(A967=\"Insumo\",IF(VLOOKUP(B967,'SINAPI INSUMOS'!$A$2:$F$4852,5,FALSE)=OR(\"\",0),VLOOKUP(B967,'SINAPI INSUMOS'!$A$2:$F$4852,6,FALSE),VLOOKUP(B967,'SINAPI INSUMOS'!$A$2:$F$4852,5,FALSE)),\"VERIFICAR\"))","v":23.01},{"$f":"TRUNC(G967*H967,2)","v":4.99}]
["Insumo",301,"SINAPI","ANEL BORRACHA PARA TUBO ESGOTO PREDIAL, DN 100 MM (NBR 5688)","Material","UN",2,{"$f":"IF(A968=\"Composição Auxiliar\",VLOOKUP(B968,'SINAPI COMPOSIÇÃO'!$A$2:$E$10256,4,FALSE),IF(A968=\"Insumo\",IF(VLOOKUP(B968,'SINAPI INSUMOS'!$A$2:$F$4852,5,FALSE)=OR(\"\",0),VLOOKUP(B968,'SINAPI INSUMOS'!$A$2:$F$4852,6,FALSE),VLOOKUP(B968,'SINAPI INSUMOS'!$A$2:$F$4852,5,FALSE)),\"VERIFICAR\"))","v":4},{"$f":"TRUNC(G968*H968,2)","v":8}]
["Insumo",20078,"SINAPI","PASTA LUBRIFICANTE PARA TUBOS E CONEXOES COM JUNTA ELASTICA, EMBALAGEM DE *400* GR (USO EM PVC, ACO, POLIETILENO E OUTROS)","Material","UN",0.115,{"$f":"IF(A969=\"Composição Auxiliar\",VLOOKUP(B969,'SINAPI COMPOSIÇÃO'!$A$2:$E$10256,4,FALSE),IF(A969=\"Insumo\",IF(VLOOKUP(B969,'SINAPI INSUMOS'!$A$2:$F$4852,5,FALSE)=OR(\"\",0),VLOOKUP(B969,'SINAPI INSUMOS'!$A$2:$F$4852,6,FALSE),VLOOKUP(B969,'SINAPI INSUMOS'!$A$2:$F$4852,5,FALSE)),\"VERIFICAR\"))","v":29.34},{"$f":"TRUNC(G969*H969,2)","v":3.37}]
["Insumo",3528,"SINAPI","JOELHO PVC, SOLDAVEL, PB, 45 GRAUS, DN 100 MM, PARA ESGOTO PREDIAL","Material","UN",1,{"$f":"IF(A970=\"Composição Auxiliar\",VLOOKUP(B970,'SINAPI COMPOSIÇÃO'!$A$2:$E$10256,4,FALSE),IF(A970=\"Insumo\",IF(VLOOKUP(B970,'SINAPI INSUMOS'!$A$2:$F$4852,5,FALSE)=OR(\"\",0),VLOOKUP(B970,'SINAPI INSUMOS'!$A$2:$F$4852,6,FALSE),VLOOKUP(B970,'SINAPI INSUMOS'!$A$2:$F$4852,5,FALSE)),\"VERIFICAR\"))","v":7.16},{"$f":"TRUNC(G970*H970,2)","v":7.16}]
["10.2.7","Código","Banco","Descrição","Tipo","Und","Quant.","Valor Unit","Total"]
["Composição",89802,"SINAPI","JOELHO 45 GRAUS, PVC, SERIE NORMAL, ESGOTO PREDIAL, DN 50 MM, JUNTA ELÁSTICA, FORNECIDO E INSTALADO EM PRUMADA DE ESGOTO SANITÁRIO OU VENTILAÇÃO. AF_08/2022","INHI - INSTALAÇÕES HIDROS SANITÁRIAS","UN",1,{"$f":"I972","v":10.64},{"$f":"SUM(I973:I977)","v":10.64}]
["Composição Auxiliar",88248,"SINAPI","AUXILIAR DE ENCANADOR OU BOMBEIRO HIDRÁULICO COM ENCARGOS COMPLEMENTARES","SEDI - SERVIÇOS DIVERSOS","H",3.4299999999999997E-2,{"$f":"IF(A973=\"Composição Auxiliar\",VLOOKUP(B973,'SINAPI COMPOSIÇÃO'!$A$2:$E$10256,4,FALSE),IF(A973=\"Insumo\",IF(VLOOKUP(B973,'SINAPI INSUMOS'!$A$2:$F$4852,5,FALSE)=OR(\"\",0),VLOOKUP(B973,'SINAPI INSUMOS'!$A$2:$F$4852,6,FALSE),VLOOKUP(B973,'SINAPI INSUMOS'!$A$2:$F$4852,5,FALSE)),\"VERIFICAR\"))","v":23.01},{"$f":"TRUNC(G973*H973,2)","v":0.78}]
["Composição Auxiliar",88267,"SINAPI","ENCANADOR OU BOMBEIRO HIDRÁULICO COM ENCARGOS COMPLEMENTARES","SEDI - SERVIÇOS DIVERSOS","H",3.4299999999999997E-2,{"$f":"IF(A974=\"Composição Auxiliar\",VLOOKUP(B974,'SINAPI COMPOSIÇÃO'!$A$2:$E$10256,4,FALSE),IF(A974=\"Insumo\",IF(VLOOKUP(B974,'SINAPI INSUMOS'!$A$2:$F$4852,5,FALSE)=OR(\"\",0),VLOOKUP(B974,'SINAPI INSUMOS'!$A$2:$F$4852,6,FALSE),VLOOKUP(B974,'SINAPI INSUMOS'!$A$2:$F$4852,5,FALSE)),\"VERIFICAR\"))","v":27.01},{"$f":"TRUNC(G974*H974,2)","v":0.92}]
["Insumo",3518,"SINAPI","JOELHO PVC, SOLDAVEL, PB, 45 GRAUS, DN 50 MM, PARA ESGOTO PREDIAL","Material","UN",1,{"$f":"IF(A975=\"Composição Auxiliar\",VLOOKUP(B975,'SINAPI COMPOSIÇÃO'!$A$2:$E$10256,4,FALSE),IF(A975=\"Insumo\",IF(VLOOKUP(B975,'SINAPI INSUMOS'!$A$2:$F$4852,5,FALSE)=OR(\"\",0),VLOOKUP(B975,'SINAPI INSUMOS'!$A$2:$F$4852,6,FALSE),VLOOKUP(B975,'SINAPI INSUMOS'!$A$2:$F$4852,5,FALSE)),\"VERIFICAR\"))","v":2.96},{"$f":"TRUNC(G975*H975,2)","v":2.96}]
["Insumo",20078,"SINAPI","PASTA LUBRIFICANTE PARA TUBOS E CONEXOES COM JUNTA ELASTICA, EMBALAGEM DE *400* GR (USO EM PVC, ACO, POLIETILENO E OUTROS)","Material","UN",0.05,{"$f":"IF(A976=\"Composição Auxiliar\",VLOOKUP(B976,'SINAPI COMPOSIÇÃO'!$A$2:$E$10256,4,FALSE),IF(A976=\"Insumo\",IF(VLOOKUP(B976,'SINAPI INSUMOS'!$A$2:$F$4852,5,FALSE)=OR(\"\",0),VLOOKUP(B976,'SINAPI INSUMOS'!$A$2:$F$4852,6,FALSE),VLOOKUP(B976,'SINAPI INSUMOS'!$A$2:$F$4852,5,FALSE)),\"VERIFICAR\"))","v":29.34},{"$f":"TRUNC(G976*H976,2)","v":1.46}]
["Insumo",296,"SINAPI","ANEL BORRACHA PARA TUBO ESGOTO PREDIAL, DN 50 MM (NBR 5688)","Material","UN",2,{"$f":"IF(A977=\"Composição Auxiliar\",VLOOKUP(B977,'SINAPI COMPOSIÇÃO'!$A$2:$E$10256,4,FALSE),IF(A977=\"Insumo\",IF(VLOOKUP(B977,'SINAPI INSUMOS'!$A$2:$F$4852,5,FALSE)=OR(\"\",0),VLOOKUP(B977,'SINAPI INSUMOS'!$A$2:$F$4852,6,FALSE),VLOOKUP(B977,'SINAPI INSUMOS'!$A$2:$F$4852,5,FALSE)),\"VERIFICAR\"))","v":2.2599999999999998},{"$f":"TRUNC(G977*H977,2)","v":4.5199999999999996}]
["10.2.8","Código","Banco","Descrição","Tipo","Und","Quant.","Valor Unit","Total"]
["Composição",89728,"SINAPI","CURVA CURTA 90 GRAUS, PVC, SERIE NORMAL, ESGOTO PREDIAL, DN 40 MM, JUNTA SOLDÁVEL, FORNECIDO E INSTALADO EM RAMAL DE DESCARGA OU RAMAL DE ESGOTO SANITÁRIO. AF_08/2022","INHI - INSTALAÇÕES HIDROS SANITÁRIAS","UN",1,{"$f":"I979","v":12.189999999999998},{"$f":"SUM(I980:I985)","v":12.189999999999998}]
["Composição Auxiliar",88267,"SINAPI","ENCANADOR OU BOMBEIRO HIDRÁULICO COM ENCARGOS COMPLEMENTARES","SEDI - SERVIÇOS DIVERSOS","H",0.127,{"$f":"IF(A980=\"Composição Auxiliar\",VLOOKUP(B980,'SINAPI COMPOSIÇÃO'!$A$2:$E$10256,4,FALSE),IF(A980=\"Insumo\",IF(VLOOKUP(B980,'SINAPI INSUMOS'!$A$2:$F$4852,5,FALSE)=OR(\"\",0),VLOOKUP(B980,'SINAPI INSUMOS'!$A$2:$F$4852,6,FALSE),VLOOKUP(B980,'SINAPI INSUMOS'!$A$2:$F$4852,5,FALSE)),\"VERIFICAR\"))","v":27.01},{"$f":"TRUNC(G980*H980,2)","v":3.43}]
["Composição Auxiliar",88248,"SINAPI","AUXILIAR DE ENCANADOR OU BOMBEIRO HIDRÁULICO COM ENCARGOS COMPLEMENTARES","SEDI - SERVIÇOS DIVERSOS","H",0.127,{"$f":"IF(A981=\"Composição Auxiliar\",VLOOKUP(B981,'SINAPI COMPOSIÇÃO'!$A$2:$E$10256,4,FALSE),IF(A981=\"Insumo\",IF(VLOOKUP(B981,'SINAPI INSUMOS'!$A$2:$F$4852,5,FALSE)=OR(\"\",0),VLOOKUP(B981,'SINAPI INSUMOS'!$A$2:$F$4852,6,FALSE),VLOOKUP(B981,'SINAPI INSUMOS'!$A$2:$F$4852,5,FALSE)),\"VERIFICAR\"))","v":23.01},2.92]
["Insumo",1933,"SINAPI","CURVA PVC CURTA 90 GRAUS, DN 40 MM, PARA ESGOTO PREDIAL","Material","UN",1,{"$f":"IF(A982=\"Composição Auxiliar\",VLOOKUP(B982,'SINAPI COMPOSIÇÃO'!$A$2:$E$10256,4,FALSE),IF(A982=\"Insumo\",IF(VLOOKUP(B982,'SINAPI INSUMOS'!$A$2:$F$4852,5,FALSE)=OR(\"\",0),VLOOKUP(B982,'SINAPI INSUMOS'!$A$2:$F$4852,6,FALSE),VLOOKUP(B982,'SINAPI INSUMOS'!$A$2:$F$4852,5,FALSE)),\"VERIFICAR\"))","v":3.93},3.93]
["Insumo",38383,"SINAPI","LIXA D'AGUA EM FOLHA, COR PRETA, GRAO 100","Material","UN",7.1000000000000004E-3,{"$f":"IF(A983=\"Composição Auxiliar\",VLOOKUP(B983,'SINAPI COMPOSIÇÃO'!$A$2:$E$10256,4,FALSE),IF(A983=\"Insumo\",IF(VLOOKUP(B983,'SINAPI INSUMOS'!$A$2:$F$4852,5,FALSE)=OR(\"\",0),VLOOKUP(B983,'SINAPI INSUMOS'!$A$2:$F$4852,6,FALSE),VLOOKUP(B983,'SINAPI INSUMOS'!$A$2:$F$4852,5,FALSE)),\"VERIFICAR\"))","v":2},0.01]
["Insumo",20083,"SINAPI","SOLUCAO PREPARADORA / LIMPADORA PARA PVC, FRASCO COM 1000 CM3","Material","UN",1.4999999999999999E-2,{"$f":"IF(A984=\"Composição Auxiliar\",VLOOKUP(B984,'SINAPI COMPOSIÇÃO'!$A$2:$E$10256,4,FALSE),IF(A984=\"Insumo\",IF(VLOOKUP(B984,'SINAPI INSUMOS'!$A$2:$F$4852,5,FALSE)=OR(\"\",0),VLOOKUP(B984,'SINAPI INSUMOS'!$A$2:$F$4852,6,FALSE),VLOOKUP(B984,'SINAPI INSUMOS'!$A$2:$F$4852,5,FALSE)),\"VERIFICAR\"))","v":80.55},1.2]
["Insumo",122,"SINAPI","ADESIVO PLASTICO PARA PVC, FRASCO COM *850* GR","Material","UN",9.9000000000000008E-3,{"$f":"IF(A985=\"Composição Auxiliar\",VLOOKUP(B985,'SINAPI COMPOSIÇÃO'!$A$2:$E$10256,4,FALSE),IF(A985=\"Insumo\",IF(VLOOKUP(B985,'SINAPI INSUMOS'!$A$2:$F$4852,5,FALSE)=OR(\"\",0),VLOOKUP(B985,'SINAPI INSUMOS'!$A$2:$F$4852,6,FALSE),VLOOKUP(B985,'SINAPI INSUMOS'!$A$2:$F$4852,5,FALSE)),\"VERIFICAR\"))","v":71.09},0.7]
["10.2.9","Código","Banco","Descrição","Tipo","Und","Quant.","Valor Unit","Total"]
["Composição",89748,"SINAPI","CURVA CURTA 90 GRAUS, PVC, SERIE NORMAL, ESGOTO PREDIAL, DN 100 MM, JUNTA ELÁSTICA, FORNECIDO E INSTALADO EM RAMAL DE DESCARGA OU RAMAL DE ESGOTO SANITÁRIO. AF_08/2022","INHI - INSTALAÇÕES HIDROS SANITÁRIAS","UN",1,{"$f":"I987","v":39.260000000000005},{"$f":"SUM(I988:I992)","v":39.260000000000005}]
["Composição Auxiliar",88267,"SINAPI","ENCANADOR OU BOMBEIRO HIDRÁULICO COM ENCARGOS COMPLEMENTARES","SEDI - SERVIÇOS DIVERSOS","H",0.19259999999999999,{"$f":"IF(A988=\"Composição Auxiliar\",VLOOKUP(B988,'SINAPI COMPOSIÇÃO'!$A$2:$E$10256,4,FALSE),IF(A988=\"Insumo\",IF(VLOOKUP(B988,'SINAPI INSUMOS'!$A$2:$F$4852,5,FALSE)=OR(\"\",0),VLOOKUP(B988,'SINAPI INSUMOS'!$A$2:$F$4852,6,FALSE),VLOOKUP(B988,'SINAPI INSUMOS'!$A$2:$F$4852,5,FALSE)),\"VERIFICAR\"))","v":27.01},{"$f":"TRUNC(G988*H988,2)","v":5.2}]
["Composição Auxiliar",88248,"SINAPI","AUXILIAR DE ENCANADOR OU BOMBEIRO HIDRÁULICO COM ENCARGOS COMPLEMENTARES","SEDI - SERVIÇOS DIVERSOS","H",0.19259999999999999,{"$f":"IF(A989=\"Composição Auxiliar\",VLOOKUP(B989,'SINAPI COMPOSIÇÃO'!$A$2:$E$10256,4,FALSE),IF(A989=\"Insumo\",IF(VLOOKUP(B989,'SINAPI INSUMOS'!$A$2:$F$4852,5,FALSE)=OR(\"\",0),VLOOKUP(B989,'SINAPI INSUMOS'!$A$2:$F$4852,6,FALSE),VLOOKUP(B989,'SINAPI INSUMOS'!$A$2:$F$4852,5,FALSE)),\"VERIFICAR\"))","v":23.01},{"$f":"TRUNC(G989*H989,2)","v":4.43}]
["Insumo",1966,"SINAPI","CURVA PVC CURTA 90 GRAUS, DN 100 MM, PARA ESGOTO PREDIAL","Material","UN",1,{"$f":"IF(A990=\"Composição Auxiliar\",VLOOKUP(B990,'SINAPI COMPOSIÇÃO'!$A$2:$E$10256,4,FALSE),IF(A990=\"Insumo\",IF(VLOOKUP(B990,'SINAPI INSUMOS'!$A$2:$F$4852,5,FALSE)=OR(\"\",0),VLOOKUP(B990,'SINAPI INSUMOS'!$A$2:$F$4852,6,FALSE),VLOOKUP(B990,'SINAPI INSUMOS'!$A$2:$F$4852,5,FALSE)),\"VERIFICAR\"))","v":18.260000000000002},{"$f":"TRUNC(G990*H990,2)","v":18.260000000000002}]
["Insumo",20078,"SINAPI","PASTA LUBRIFICANTE PARA TUBOS E CONEXOES COM JUNTA ELASTICA, EMBALAGEM DE *400* GR (USO EM PVC, ACO, POLIETILENO E OUTROS)","Material","UN",0.115,{"$f":"IF(A991=\"Composição Auxiliar\",VLOOKUP(B991,'SINAPI COMPOSIÇÃO'!$A$2:$E$10256,4,FALSE),IF(A991=\"Insumo\",IF(VLOOKUP(B991,'SINAPI INSUMOS'!$A$2:$F$4852,5,FALSE)=OR(\"\",0),VLOOKUP(B991,'SINAPI INSUMOS'!$A$2:$F$4852,6,FALSE),VLOOKUP(B991,'SINAPI INSUMOS'!$A$2:$F$4852,5,FALSE)),\"VERIFICAR\"))","v":29.34},{"$f":"TRUNC(G991*H991,2)","v":3.37}]
["Insumo",301,"SINAPI","ANEL BORRACHA PARA TUBO ESGOTO PREDIAL, DN 100 MM (NBR 5688)","Material","UN",2,{"$f":"IF(A992=\"Composição Auxiliar\",VLOOKUP(B992,'SINAPI COMPOSIÇÃO'!$A$2:$E$10256,4,FALSE),IF(A992=\"Insumo\",IF(VLOOKUP(B992,'SINAPI INSUMOS'!$A$2:$F$4852,5,FALSE)=OR(\"\",0),VLOOKUP(B992,'SINAPI INSUMOS'!$A$2:$F$4852,6,FALSE),VLOOKUP(B992,'SINAPI INSUMOS'!$A$2:$F$4852,5,FALSE)),\"VERIFICAR\"))","v":4},{"$f":"TRUNC(G992*H992,2)","v":8}]
["10.2.10","Código","Banco","Descrição","Tipo","Und","Quant.","Valor Unit","Total"]
["Composição",89812,"SINAPI","CURVA LONGA 90 GRAUS, PVC, SERIE NORMAL, ESGOTO PREDIAL, DN 100 MM, JUNTA ELÁSTICA, FORNECIDO E INSTALADO EM PRUMADA DE ESGOTO SANITÁRIO OU VENTILAÇÃO. AF_08/2022","INHI - INSTALAÇÕES HIDROS SANITÁRIAS","UN",1,{"$f":"I994","v":67.86},{"$f":"SUM(I995:I999)","v":67.86}]
["Composição Auxiliar",88267,"SINAPI","ENCANADOR OU BOMBEIRO HIDRÁULICO COM ENCARGOS COMPLEMENTARES","SEDI - SERVIÇOS DIVERSOS","H",0.2172,{"$f":"IF(A995=\"Composição Auxiliar\",VLOOKUP(B995,'SINAPI COMPOSIÇÃO'!$A$2:$E$10256,4,FALSE),IF(A995=\"Insumo\",IF(VLOOKUP(B995,'SINAPI INSUMOS'!$A$2:$F$4852,5,FALSE)=OR(\"\",0),VLOOKUP(B995,'SINAPI INSUMOS'!$A$2:$F$4852,6,FALSE),VLOOKUP(B995,'SINAPI INSUMOS'!$A$2:$F$4852,5,FALSE)),\"VERIFICAR\"))","v":27.01},{"$f":"TRUNC(G995*H995,2)","v":5.86}]
["Composição Auxiliar",88248,"SINAPI","AUXILIAR DE ENCANADOR OU BOMBEIRO HIDRÁULICO COM ENCARGOS COMPLEMENTARES","SEDI - SERVIÇOS DIVERSOS","H",0.2172,{"$f":"IF(A996=\"Composição Auxiliar\",VLOOKUP(B996,'SINAPI COMPOSIÇÃO'!$A$2:$E$10256,4,FALSE),IF(A996=\"Insumo\",IF(VLOOKUP(B996,'SINAPI INSUMOS'!$A$2:$F$4852,5,FALSE)=OR(\"\",0),VLOOKUP(B996,'SINAPI INSUMOS'!$A$2:$F$4852,6,FALSE),VLOOKUP(B996,'SINAPI INSUMOS'!$A$2:$F$4852,5,FALSE)),\"VERIFICAR\"))","v":23.01},{"$f":"TRUNC(G996*H996,2)","v":4.99}]
["Insumo",20078,"SINAPI","PASTA LUBRIFICANTE PARA TUBOS E CONEXOES COM JUNTA ELASTICA, EMBALAGEM DE *400* GR (USO EM PVC, ACO, POLIETILENO E OUTROS)","Material","UN",0.115,{"$f":"IF(A997=\"Composição Auxiliar\",VLOOKUP(B997,'SINAPI COMPOSIÇÃO'!$A$2:$E$10256,4,FALSE),IF(A997=\"Insumo\",IF(VLOOKUP(B997,'SINAPI INSUMOS'!$A$2:$F$4852,5,FALSE)=OR(\"\",0),VLOOKUP(B997,'SINAPI INSUMOS'!$A$2:$F$4852,6,FALSE),VLOOKUP(B997,'SINAPI INSUMOS'!$A$2:$F$4852,5,FALSE)),\"VERIFICAR\"))","v":29.34},{"$f":"TRUNC(G997*H997,2)","v":3.37}]
["Insumo",1970,"SINAPI","CURVA PVC LONGA 90 GRAUS, DN 100 MM, PARA ESGOTO PREDIAL","Material","UN",1,{"$f":"IF(A998=\"Composição Auxiliar\",VLOOKUP(B998,'SINAPI COMPOSIÇÃO'!$A$2:$E$10256,4,FALSE),IF(A998=\"Insumo\",IF(VLOOKUP(B998,'SINAPI INSUMOS'!$A$2:$F$4852,5,FALSE)=OR(\"\",0),VLOOKUP(B998,'SINAPI INSUMOS'!$A$2:$F$4852,6,FALSE),VLOOKUP(B998,'SINAPI INSUMOS'!$A$2:$F$4852,5,FALSE)),\"VERIFICAR\"))","v":45.64},{"$f":"TRUNC(G998*H998,2)","v":45.64}]
["Insumo",301,"SINAPI","ANEL BORRACHA PARA TUBO ESGOTO PREDIAL, DN 100 MM (NBR 5688)","Material","UN",2,{"$f":"IF(A999=\"Composição Auxiliar\",VLOOKUP(B999,'SINAPI COMPOSIÇÃO'!$A$2:$E$10256,4,FALSE),IF(A999=\"Insumo\",IF(VLOOKUP(B999,'SINAPI INSUMOS'!$A$2:$F$4852,5,FALSE)=OR(\"\",0),VLOOKUP(B999,'SINAPI INSUMOS'!$A$2:$F$4852,6,FALSE),VLOOKUP(B999,'SINAPI INSUMOS'!$A$2:$F$4852,5,FALSE)),\"VERIFICAR\"))","v":4},{"$f":"TRUNC(G999*H999,2)","v":8}]
["10.2.11","Código","Banco","Descrição","Tipo","Und","Quant.","Valor Unit","Total"]
["Composição",89724,"SINAPI","JOELHO 90 GRAUS, PVC, SERIE NORMAL, ESGOTO PREDIAL, DN 40 MM, JUNTA SOLDÁVEL, FORNECIDO E INSTALADO EM RAMAL DE DESCARGA OU RAMAL DE ESGOTO SANITÁRIO. AF_08/2022","INHI - INSTALAÇÕES HIDROS SANITÁRIAS","UN",1,{"$f":"I1001","v":9.9099999999999984},{"$f":"SUM(I1002:I1007)","v":9.9099999999999984}]
["Composição Auxiliar",88267,"SINAPI","ENCANADOR OU BOMBEIRO HIDRÁULICO COM ENCARGOS COMPLEMENTARES","SEDI - SERVIÇOS DIVERSOS","H",0.127,{"$f":"IF(A1002=\"Composição Auxiliar\",VLOOKUP(B1002,'SINAPI COMPOSIÇÃO'!$A$2:$E$10256,4,FALSE),IF(A1002=\"Insumo\",IF(VLOOKUP(B1002,'SINAPI INSUMOS'!$A$2:$F$4852,5,FALSE)=OR(\"\",0),VLOOKUP(B1002,'SINAPI INSUMOS'!$A$2:$F$4852,6,FALSE),VLOOKUP(B1002,'SINAPI INSUMOS'!$A$2:$F$4852,5,FALSE)),\"VERIFICAR\"))","v":27.01},{"$f":"TRUNC(G1002*H1002,2)","v":3.43}]
["Composição Auxiliar",88248,"SINAPI","AUXILIAR DE ENCANADOR OU BOMBEIRO HIDRÁULICO COM ENCARGOS COMPLEMENTARES","SEDI - SERVIÇOS DIVERSOS","H",0.127,{"$f":"IF(A1003=\"Composição Auxiliar\",VLOOKUP(B1003,'SINAPI COMPOSIÇÃO'!$A$2:$E$10256,4,FALSE),IF(A1003=\"Insumo\",IF(VLOOKUP(B1003,'SINAPI INSUMOS'!$A$2:$F$4852,5,FALSE)=OR(\"\",0),VLOOKUP(B1003,'SINAPI INSUMOS'!$A$2:$F$4852,6,FALSE),VLOOKUP(B1003,'SINAPI INSUMOS'!$A$2:$F$4852,5,FALSE)),\"VERIFICAR\"))","v":23.01},2.92]
["Insumo",122,"SINAPI","ADESIVO PLASTICO PARA PVC, FRASCO COM *850* GR","Material","UN",9.9000000000000008E-3,{"$f":"IF(A1004=\"Composição Auxiliar\",VLOOKUP(B1004,'SINAPI COMPOSIÇÃO'!$A$2:$E$10256,4,FALSE),IF(A1004=\"Insumo\",IF(VLOOKUP(B1004,'SINAPI INSUMOS'!$A$2:$F$4852,5,FALSE)=OR(\"\",0),VLOOKUP(B1004,'SINAPI INSUMOS'!$A$2:$F$4852,6,FALSE),VLOOKUP(B1004,'SINAPI INSUMOS'!$A$2:$F$4852,5,FALSE)),\"VERIFICAR\"))","v":71.09},0.7]
["Insumo",38383,"SINAPI","LIXA D'AGUA EM FOLHA, COR PRETA, GRAO 100","Material","UN",7.1000000000000004E-3,{"$f":"IF(A1005=\"Composição Auxiliar\",VLOOKUP(B1005,'SINAPI COMPOSIÇÃO'!$A$2:$E$10256,4,FALSE),IF(A1005=\"Insumo\",IF(VLOOKUP(B1005,'SINAPI INSUMOS'!$A$2:$F$4852,5,FALSE)=OR(\"\",0),VLOOKUP(B1005,'SINAPI INSUMOS'!$A$2:$F$4852,6,FALSE),VLOOKUP(B1005,'SINAPI INSUMOS'!$A$2:$F$4852,5,FALSE)),\"VERIFICAR\"))","v":2},0.01]
["Insumo",3517,"SINAPI","JOELHO PVC, SOLDAVEL, BB, 90 GRAUS, SEM ANEL, DN 40 MM, PARA ESGOTO PREDIAL SECUNDARIO","Material","UN",1,{"$f":"IF(A1006=\"Composição Auxiliar\",VLOOKUP(B1006,'SINAPI COMPOSIÇÃO'!$A$2:$E$10256,4,FALSE),IF(A1006=\"Insumo\",IF(VLOOKUP(B1006,'SINAPI INSUMOS'!$A$2:$F$4852,5,FALSE)=OR(\"\",0),VLOOKUP(B1006,'SINAPI INSUMOS'!$A$2:$F$4852,6,FALSE),VLOOKUP(B1006,'SINAPI INSUMOS'!$A$2:$F$4852,5,FALSE)),\"VERIFICAR\"))","v":1.65},1.65]
["Insumo",20083,"SINAPI","SOLUCAO PREPARADORA / LIMPADORA PARA PVC, FRASCO COM 1000 CM3","Material","UN",1.4999999999999999E-2,{"$f":"IF(A1007=\"Composição Auxiliar\",VLOOKUP(B1007,'SINAPI COMPOSIÇÃO'!$A$2:$E$10256,4,FALSE),IF(A1007=\"Insumo\",IF(VLOOKUP(B1007,'SINAPI INSUMOS'!$A$2:$F$4852,5,FALSE)=OR(\"\",0),VLOOKUP(B1007,'SINAPI INSUMOS'!$A$2:$F$4852,6,FALSE),VLOOKUP(B1007,'SINAPI INSUMOS'!$A$2:$F$4852,5,FALSE)),\"VERIFICAR\"))","v":80.55},1.2]
["10.2.12","Código","Banco","Descrição","Tipo","Und","Quant.","Valor Unit","Total"]
["Composição",89731,"SINAPI","JOELHO 90 GRAUS, PVC, SERIE NORMAL, ESGOTO PREDIAL, DN 50 MM, JUNTA ELÁSTICA, FORNECIDO E INSTALADO EM RAMAL DE DESCARGA OU RAMAL DE ESGOTO SANITÁRIO. AF_08/2022","INHI - INSTALAÇÕES HIDROS SANITÁRIAS","UN",1,{"$f":"I1009","v":15.260000000000002},{"$f":"SUM(I1010:I1014)","v":15.260000000000002}]
["Composição Auxiliar",88248,"SINAPI","AUXILIAR DE ENCANADOR OU BOMBEIRO HIDRÁULICO COM ENCARGOS COMPLEMENTARES","SEDI - SERVIÇOS DIVERSOS","H",0.13789999999999999,{"$f":"IF(A1010=\"Composição Auxiliar\",VLOOKUP(B1010,'SINAPI COMPOSIÇÃO'!$A$2:$E$10256,4,FALSE),IF(A1010=\"Insumo\",IF(VLOOKUP(B1010,'SINAPI INSUMOS'!$A$2:$F$4852,5,FALSE)=OR(\"\",0),VLOOKUP(B1010,'SINAPI INSUMOS'!$A$2:$F$4852,6,FALSE),VLOOKUP(B1010,'SINAPI INSUMOS'!$A$2:$F$4852,5,FALSE)),\"VERIFICAR\"))","v":23.01},{"$f":"TRUNC(G1010*H1010,2)","v":3.17}]
["Composição Auxiliar",88267,"SINAPI","ENCANADOR OU BOMBEIRO HIDRÁULICO COM ENCARGOS COMPLEMENTARES","SEDI - SERVIÇOS DIVERSOS","H",0.13789999999999999,{"$f":"IF(A1011=\"Composição Auxiliar\",VLOOKUP(B1011,'SINAPI COMPOSIÇÃO'!$A$2:$E$10256,4,FALSE),IF(A1011=\"Insumo\",IF(VLOOKUP(B1011,'SINAPI INSUMOS'!$A$2:$F$4852,5,FALSE)=OR(\"\",0),VLOOKUP(B1011,'SINAPI INSUMOS'!$A$2:$F$4852,6,FALSE),VLOOKUP(B1011,'SINAPI INSUMOS'!$A$2:$F$4852,5,FALSE)),\"VERIFICAR\"))","v":27.01},{"$f":"TRUNC(G1011*H1011,2)","v":3.72}]
["Insumo",3526,"SINAPI","JOELHO PVC, SOLDAVEL, PB, 90 GRAUS, DN 50 MM, PARA ESGOTO PREDIAL","Material","UN",1,{"$f":"IF(A1012=\"Composição Auxiliar\",VLOOKUP(B1012,'SINAPI COMPOSIÇÃO'!$A$2:$E$10256,4,FALSE),IF(A1012=\"Insumo\",IF(VLOOKUP(B1012,'SINAPI INSUMOS'!$A$2:$F$4852,5,FALSE)=OR(\"\",0),VLOOKUP(B1012,'SINAPI INSUMOS'!$A$2:$F$4852,6,FALSE),VLOOKUP(B1012,'SINAPI INSUMOS'!$A$2:$F$4852,5,FALSE)),\"VERIFICAR\"))","v":2.39},{"$f":"TRUNC(G1012*H1012,2)","v":2.39}]
["Insumo",296,"SINAPI","ANEL BORRACHA PARA TUBO ESGOTO PREDIAL, DN 50 MM (NBR 5688)","Material","UN",2,{"$f":"IF(A1013=\"Composição Auxiliar\",VLOOKUP(B1013,'SINAPI COMPOSIÇÃO'!$A$2:$E$10256,4,FALSE),IF(A1013=\"Insumo\",IF(VLOOKUP(B1013,'SINAPI INSUMOS'!$A$2:$F$4852,5,FALSE)=OR(\"\",0),VLOOKUP(B1013,'SINAPI INSUMOS'!$A$2:$F$4852,6,FALSE),VLOOKUP(B1013,'SINAPI INSUMOS'!$A$2:$F$4852,5,FALSE)),\"VERIFICAR\"))","v":2.2599999999999998},{"$f":"TRUNC(G1013*H1013,2)","v":4.5199999999999996}]
["Insumo",20078,"SINAPI","PASTA LUBRIFICANTE PARA TUBOS E CONEXOES COM JUNTA ELASTICA, EMBALAGEM DE *400* GR (USO EM PVC, ACO, POLIETILENO E OUTROS)","Material","UN",0.05,{"$f":"IF(A1014=\"Composição Auxiliar\",VLOOKUP(B1014,'SINAPI COMPOSIÇÃO'!$A$2:$E$10256,4,FALSE),IF(A1014=\"Insumo\",IF(VLOOKUP(B1014,'SINAPI INSUMOS'!$A$2:$F$4852,5,FALSE)=OR(\"\",0),VLOOKUP(B1014,'SINAPI INSUMOS'!$A$2:$F$4852,6,FALSE),VLOOKUP(B1014,'SINAPI INSUMOS'!$A$2:$F$4852,5,FALSE)),\"VERIFICAR\"))","v":29.34},{"$f":"TRUNC(G1014*H1014,2)","v":1.46}]
["10.2.13","Código","Banco","Descrição","Tipo","Und","Quant.","Valor Unit","Total"]
["Composição",89744,"SINAPI","JOELHO 90 GRAUS, PVC, SERIE NORMAL, ESGOTO PREDIAL, DN 100 MM, JUNTA ELÁSTICA, FORNECIDO E INSTALADO EM RAMAL DE DESCARGA OU RAMAL DE ESGOTO SANITÁRIO. AF_08/2022","INHI - INSTALAÇÕES HIDROS SANITÁRIAS","UN",1,{"$f":"I1016","v":27.5},{"$f":"SUM(I1017:I1021)","v":27.5}]
["Composição Auxiliar",88248,"SINAPI","AUXILIAR DE ENCANADOR OU BOMBEIRO HIDRÁULICO COM ENCARGOS COMPLEMENTARES","SEDI - SERVIÇOS DIVERSOS","H",0.19259999999999999,{"$f":"IF(A1017=\"Composição Auxiliar\",VLOOKUP(B1017,'SINAPI COMPOSIÇÃO'!$A$2:$E$10256,4,FALSE),IF(A1017=\"Insumo\",IF(VLOOKUP(B1017,'SINAPI INSUMOS'!$A$2:$F$4852,5,FALSE)=OR(\"\",0),VLOOKUP(B1017,'SINAPI INSUMOS'!$A$2:$F$4852,6,FALSE),VLOOKUP(B1017,'SINAPI INSUMOS'!$A$2:$F$4852,5,FALSE)),\"VERIFICAR\"))","v":23.01},{"$f":"TRUNC(G1017*H1017,2)","v":4.43}]
["Composição Auxiliar",88267,"SINAPI","ENCANADOR OU BOMBEIRO HIDRÁULICO COM ENCARGOS COMPLEMENTARES","SEDI - SERVIÇOS DIVERSOS","H",0.19259999999999999,{"$f":"IF(A1018=\"Composição Auxiliar\",VLOOKUP(B1018,'SINAPI COMPOSIÇÃO'!$A$2:$E$10256,4,FALSE),IF(A1018=\"Insumo\",IF(VLOOKUP(B1018,'SINAPI INSUMOS'!$A$2:$F$4852,5,FALSE)=OR(\"\",0),VLOOKUP(B1018,'SINAPI INSUMOS'!$A$2:$F$4852,6,FALSE),VLOOKUP(B1018,'SINAPI INSUMOS'!$A$2:$F$4852,5,FALSE)),\"VERIFICAR\"))","v":27.01},{"$f":"TRUNC(G1018*H1018,2)","v":5.2}]
["Insumo",3520,"SINAPI","JOELHO PVC, SOLDAVEL, PB, 90 GRAUS, DN 100 MM, PARA ESGOTO PREDIAL","Material","UN",1,{"$f":"IF(A1019=\"Composição Auxiliar\",VLOOKUP(B1019,'SINAPI COMPOSIÇÃO'!$A$2:$E$10256,4,FALSE),IF(A1019=\"Insumo\",IF(VLOOKUP(B1019,'SINAPI INSUMOS'!$A$2:$F$4852,5,FALSE)=OR(\"\",0),VLOOKUP(B1019,'SINAPI INSUMOS'!$A$2:$F$4852,6,FALSE),VLOOKUP(B1019,'SINAPI INSUMOS'!$A$2:$F$4852,5,FALSE)),\"VERIFICAR\"))","v":6.5},{"$f":"TRUNC(G1019*H1019,2)","v":6.5}]
["Insumo",20078,"SINAPI","PASTA LUBRIFICANTE PARA TUBOS E CONEXOES COM JUNTA ELASTICA, EMBALAGEM DE *400* GR (USO EM PVC, ACO, POLIETILENO E OUTROS)","Material","UN",0.115,{"$f":"IF(A1020=\"Composição Auxiliar\",VLOOKUP(B1020,'SINAPI COMPOSIÇÃO'!$A$2:$E$10256,4,FALSE),IF(A1020=\"Insumo\",IF(VLOOKUP(B1020,'SINAPI INSUMOS'!$A$2:$F$4852,5,FALSE)=OR(\"\",0),VLOOKUP(B1020,'SINAPI INSUMOS'!$A$2:$F$4852,6,FALSE),VLOOKUP(B1020,'SINAPI INSUMOS'!$A$2:$F$4852,5,FALSE)),\"VERIFICAR\"))","v":29.34},{"$f":"TRUNC(G1020*H1020,2)","v":3.37}]
["Insumo",301,"SINAPI","ANEL BORRACHA PARA TUBO ESGOTO PREDIAL, DN 100 MM (NBR 5688)","Material","UN",2,{"$f":"IF(A1021=\"Composição Auxiliar\",VLOOKUP(B1021,'SINAPI COMPOSIÇÃO'!$A$2:$E$10256,4,FALSE),IF(A1021=\"Insumo\",IF(VLOOKUP(B1021,'SINAPI INSUMOS'!$A$2:$F$4852,5,FALSE)=OR(\"\",0),VLOOKUP(B1021,'SINAPI INSUMOS'!$A$2:$F$4852,6,FALSE),VLOOKUP(B1021,'SINAPI INSUMOS'!$A$2:$F$4852,5,FALSE)),\"VERIFICAR\"))","v":4},{"$f":"TRUNC(G1021*H1021,2)","v":8}]
["10.2.14","Código","Banco","Descrição","Tipo","Und","Quant.","Valor Unit","Total"]
["Composição",89726,"SINAPI","JOELHO 45 GRAUS, PVC, SERIE NORMAL, ESGOTO PREDIAL, DN 40 MM, JUNTA SOLDÁVEL, FORNECIDO E INSTALADO EM RAMAL DE DESCARGA OU RAMAL DE ESGOTO SANITÁRIO. AF_08/2022","INHI - INSTALAÇÕES HIDROS SANITÁRIAS","UN",1,{"$f":"I1023","v":10.089999999999998},{"$f":"SUM(I1024:I1029)","v":10.089999999999998}]
["Composição Auxiliar",88267,"SINAPI","ENCANADOR OU BOMBEIRO HIDRÁULICO COM ENCARGOS COMPLEMENTARES","SEDI - SERVIÇOS DIVERSOS","H",0.127,{"$f":"IF(A1024=\"Composição Auxiliar\",VLOOKUP(B1024,'SINAPI COMPOSIÇÃO'!$A$2:$E$10256,4,FALSE),IF(A1024=\"Insumo\",IF(VLOOKUP(B1024,'SINAPI INSUMOS'!$A$2:$F$4852,5,FALSE)=OR(\"\",0),VLOOKUP(B1024,'SINAPI INSUMOS'!$A$2:$F$4852,6,FALSE),VLOOKUP(B1024,'SINAPI INSUMOS'!$A$2:$F$4852,5,FALSE)),\"VERIFICAR\"))","v":27.01},{"$f":"TRUNC(G1024*H1024,2)","v":3.43}]
["Composição Auxiliar",88248,"SINAPI","AUXILIAR DE ENCANADOR OU BOMBEIRO HIDRÁULICO COM ENCARGOS COMPLEMENTARES","SEDI - SERVIÇOS DIVERSOS","H",0.127,{"$f":"IF(A1025=\"Composição Auxiliar\",VLOOKUP(B1025,'SINAPI COMPOSIÇÃO'!$A$2:$E$10256,4,FALSE),IF(A1025=\"Insumo\",IF(VLOOKUP(B1025,'SINAPI INSUMOS'!$A$2:$F$4852,5,FALSE)=OR(\"\",0),VLOOKUP(B1025,'SINAPI INSUMOS'!$A$2:$F$4852,6,FALSE),VLOOKUP(B1025,'SINAPI INSUMOS'!$A$2:$F$4852,5,FALSE)),\"VERIFICAR\"))","v":23.01},2.92]
["Insumo",38383,"SINAPI","LIXA D'AGUA EM FOLHA, COR PRETA, GRAO 100","Material","UN",7.1000000000000004E-3,{"$f":"IF(A1026=\"Composição Auxiliar\",VLOOKUP(B1026,'SINAPI COMPOSIÇÃO'!$A$2:$E$10256,4,FALSE),IF(A1026=\"Insumo\",IF(VLOOKUP(B1026,'SINAPI INSUMOS'!$A$2:$F$4852,5,FALSE)=OR(\"\",0),VLOOKUP(B1026,'SINAPI INSUMOS'!$A$2:$F$4852,6,FALSE),VLOOKUP(B1026,'SINAPI INSUMOS'!$A$2:$F$4852,5,FALSE)),\"VERIFICAR\"))","v":2},0.01]
["Insumo",3516,"SINAPI","JOELHO PVC, SOLDAVEL, BB, 45 GRAUS, DN 40 MM, PARA ESGOTO PREDIAL","Material","UN",1,{"$f":"IF(A1027=\"Composição Auxiliar\",VLOOKUP(B1027,'SINAPI COMPOSIÇÃO'!$A$2:$E$10256,4,FALSE),IF(A1027=\"Insumo\",IF(VLOOKUP(B1027,'SINAPI INSUMOS'!$A$2:$F$4852,5,FALSE)=OR(\"\",0),VLOOKUP(B1027,'SINAPI INSUMOS'!$A$2:$F$4852,6,FALSE),VLOOKUP(B1027,'SINAPI INSUMOS'!$A$2:$F$4852,5,FALSE)),\"VERIFICAR\"))","v":1.83},1.83]
["Insumo",20083,"SINAPI","SOLUCAO PREPARADORA / LIMPADORA PARA PVC, FRASCO COM 1000 CM3","Material","UN",1.4999999999999999E-2,{"$f":"IF(A1028=\"Composição Auxiliar\",VLOOKUP(B1028,'SINAPI COMPOSIÇÃO'!$A$2:$E$10256,4,FALSE),IF(A1028=\"Insumo\",IF(VLOOKUP(B1028,'SINAPI INSUMOS'!$A$2:$F$4852,5,FALSE)=OR(\"\",0),VLOOKUP(B1028,'SINAPI INSUMOS'!$A$2:$F$4852,6,FALSE),VLOOKUP(B1028,'SINAPI INSUMOS'!$A$2:$F$4852,5,FALSE)),\"VERIFICAR\"))","v":80.55},1.2]
["Insumo",122,"SINAPI","ADESIVO PLASTICO PARA PVC, FRASCO COM *850* GR","Material","UN",9.9000000000000008E-3,{"$f":"IF(A1029=\"Composição Auxiliar\",VLOOKUP(B1029,'SINAPI COMPOSIÇÃO'!$A$2:$E$10256,4,FALSE),IF(A1029=\"Insumo\",IF(VLOOKUP(B1029,'SINAPI INSUMOS'!$A$2:$F$4852,5,FALSE)=OR(\"\",0),VLOOKUP(B1029,'SINAPI INSUMOS'!$A$2:$F$4852,6,FALSE),VLOOKUP(B1029,'SINAPI INSUMOS'!$A$2:$F$4852,5,FALSE)),\"VERIFICAR\"))","v":71.09},0.7]
["10.2.15","Código","Banco","Descrição","Tipo","Und","Quant.","Valor Unit","Total"]
["Composição",89711,"SINAPI","TUBO PVC, SERIE NORMAL, ESGOTO PREDIAL, DN 40 MM, FORNECIDO E INSTALADO EM RAMAL DE DESCARGA OU RAMAL DE ESGOTO SANITÁRIO. AF_08/2022","INHI - INSTALAÇÕES HIDROS SANITÁRIAS","M",1,{"$f":"I1031","v":20.05},{"$f":"SUM(I1032:I1035)","v":20.05}]
["Composição Auxiliar",88248,"SINAPI","AUXILIAR DE ENCANADOR OU BOMBEIRO HIDRÁULICO COM ENCARGOS COMPLEMENTARES","SEDI - SERVIÇOS DIVERSOS","H",0.29299999999999998,{"$f":"IF(A1032=\"Composição Auxiliar\",VLOOKUP(B1032,'SINAPI COMPOSIÇÃO'!$A$2:$E$10256,4,FALSE),IF(A1032=\"Insumo\",IF(VLOOKUP(B1032,'SINAPI INSUMOS'!$A$2:$F$4852,5,FALSE)=OR(\"\",0),VLOOKUP(B1032,'SINAPI INSUMOS'!$A$2:$F$4852,6,FALSE),VLOOKUP(B1032,'SINAPI INSUMOS'!$A$2:$F$4852,5,FALSE)),\"VERIFICAR\"))","v":23.01},{"$f":"TRUNC(G1032*H1032,2)","v":6.74}]
["Composição Auxiliar",88267,"SINAPI","ENCANADOR OU BOMBEIRO HIDRÁULICO COM ENCARGOS COMPLEMENTARES","SEDI - SERVIÇOS DIVERSOS","H",0.29299999999999998,{"$f":"IF(A1033=\"Composição Auxiliar\",VLOOKUP(B1033,'SINAPI COMPOSIÇÃO'!$A$2:$E$10256,4,FALSE),IF(A1033=\"Insumo\",IF(VLOOKUP(B1033,'SINAPI INSUMOS'!$A$2:$F$4852,5,FALSE)=OR(\"\",0),VLOOKUP(B1033,'SINAPI INSUMOS'!$A$2:$F$4852,6,FALSE),VLOOKUP(B1033,'SINAPI INSUMOS'!$A$2:$F$4852,5,FALSE)),\"VERIFICAR\"))","v":27.01},{"$f":"TRUNC(G1033*H1033,2)","v":7.91}]
["Insumo",9835,"SINAPI","TUBO PVC SERIE NORMAL, DN 40 MM, PARA ESGOTO PREDIAL (NBR 5688)","Material","M",1.0548999999999999,{"$f":"IF(A1034=\"Composição Auxiliar\",VLOOKUP(B1034,'SINAPI COMPOSIÇÃO'!$A$2:$E$10256,4,FALSE),IF(A1034=\"Insumo\",IF(VLOOKUP(B1034,'SINAPI INSUMOS'!$A$2:$F$4852,5,FALSE)=OR(\"\",0),VLOOKUP(B1034,'SINAPI INSUMOS'!$A$2:$F$4852,6,FALSE),VLOOKUP(B1034,'SINAPI INSUMOS'!$A$2:$F$4852,5,FALSE)),\"VERIFICAR\"))","v":5.0999999999999996},{"$f":"TRUNC(G1034*H1034,2)","v":5.37}]
["Insumo",38383,"SINAPI","LIXA D'AGUA EM FOLHA, COR PRETA, GRAO 100","Material","UN",1.6299999999999999E-2,{"$f":"IF(A1035=\"Composição Auxiliar\",VLOOKUP(B1035,'SINAPI COMPOSIÇÃO'!$A$2:$E$10256,4,FALSE),IF(A1035=\"Insumo\",IF(VLOOKUP(B1035,'SINAPI INSUMOS'!$A$2:$F$4852,5,FALSE)=OR(\"\",0),VLOOKUP(B1035,'SINAPI INSUMOS'!$A$2:$F$4852,6,FALSE),VLOOKUP(B1035,'SINAPI INSUMOS'!$A$2:$F$4852,5,FALSE)),\"VERIFICAR\"))","v":2},{"$f":"TRUNC(G1035*H1035,2)","v":0.03}]
["10.2.16","Código","Banco","Descrição","Tipo","Und","Quant.","Valor Unit","Total"]
["Composição",89712,"SINAPI","TUBO PVC, SERIE NORMAL, ESGOTO PREDIAL, DN 50 MM, FORNECIDO E INSTALADO EM RAMAL DE DESCARGA OU RAMAL DE ESGOTO SANITÁRIO. AF_08/2022","INHI - INSTALAÇÕES HIDROS SANITÁRIAS","M",1,{"$f":"I1037","v":24.82},{"$f":"SUM(I1038:I1041)","v":24.82}]
["Composição Auxiliar",88267,"SINAPI","ENCANADOR OU BOMBEIRO HIDRÁULICO COM ENCARGOS COMPLEMENTARES","SEDI - SERVIÇOS DIVERSOS","H",0.31819999999999998,{"$f":"IF(A1038=\"Composição Auxiliar\",VLOOKUP(B1038,'SINAPI COMPOSIÇÃO'!$A$2:$E$10256,4,FALSE),IF(A1038=\"Insumo\",IF(VLOOKUP(B1038,'SINAPI INSUMOS'!$A$2:$F$4852,5,FALSE)=OR(\"\",0),VLOOKUP(B1038,'SINAPI INSUMOS'!$A$2:$F$4852,6,FALSE),VLOOKUP(B1038,'SINAPI INSUMOS'!$A$2:$F$4852,5,FALSE)),\"VERIFICAR\"))","v":27.01},{"$f":"TRUNC(G1038*H1038,2)","v":8.59}]
["Composição Auxiliar",88248,"SINAPI","AUXILIAR DE ENCANADOR OU BOMBEIRO HIDRÁULICO COM ENCARGOS COMPLEMENTARES","SEDI - SERVIÇOS DIVERSOS","H",0.31819999999999998,{"$f":"IF(A1039=\"Composição Auxiliar\",VLOOKUP(B1039,'SINAPI COMPOSIÇÃO'!$A$2:$E$10256,4,FALSE),IF(A1039=\"Insumo\",IF(VLOOKUP(B1039,'SINAPI INSUMOS'!$A$2:$F$4852,5,FALSE)=OR(\"\",0),VLOOKUP(B1039,'SINAPI INSUMOS'!$A$2:$F$4852,6,FALSE),VLOOKUP(B1039,'SINAPI INSUMOS'!$A$2:$F$4852,5,FALSE)),\"VERIFICAR\"))","v":23.01},{"$f":"TRUNC(G1039*H1039,2)","v":7.32}]
["Insumo",9838,"SINAPI","TUBO PVC SERIE NORMAL, DN 50 MM, PARA ESGOTO PREDIAL (NBR 5688)","Material","M",1.0548999999999999,{"$f":"IF(A1040=\"Composição Auxiliar\",VLOOKUP(B1040,'SINAPI COMPOSIÇÃO'!$A$2:$E$10256,4,FALSE),IF(A1040=\"Insumo\",IF(VLOOKUP(B1040,'SINAPI INSUMOS'!$A$2:$F$4852,5,FALSE)=OR(\"\",0),VLOOKUP(B1040,'SINAPI INSUMOS'!$A$2:$F$4852,6,FALSE),VLOOKUP(B1040,'SINAPI INSUMOS'!$A$2:$F$4852,5,FALSE)),\"VERIFICAR\"))","v":8.42},{"$f":"TRUNC(G1040*H1040,2)","v":8.8800000000000008}]
["Insumo",38383,"SINAPI","LIXA D'AGUA EM FOLHA, COR PRETA, GRAO 100","Material","UN",1.77E-2,{"$f":"IF(A1041=\"Composição Auxiliar\",VLOOKUP(B1041,'SINAPI COMPOSIÇÃO'!$A$2:$E$10256,4,FALSE),IF(A1041=\"Insumo\",IF(VLOOKUP(B1041,'SINAPI INSUMOS'!$A$2:$F$4852,5,FALSE)=OR(\"\",0),VLOOKUP(B1041,'SINAPI INSUMOS'!$A$2:$F$4852,6,FALSE),VLOOKUP(B1041,'SINAPI INSUMOS'!$A$2:$F$4852,5,FALSE)),\"VERIFICAR\"))","v":2},{"$f":"TRUNC(G1041*H1041,2)","v":0.03}]
["10.2.17","Código","Banco","Descrição","Tipo","Und","Quant.","Valor Unit","Total"]
["Composição",89713,"SINAPI","TUBO PVC, SERIE NORMAL, ESGOTO PREDIAL, DN 75 MM, FORNECIDO E INSTALADO EM RAMAL DE DESCARGA OU RAMAL DE ESGOTO SANITÁRIO. AF_08/2022","INHI - INSTALAÇÕES HIDROS SANITÁRIAS","M",1,{"$f":"I1043","v":30.75},{"$f":"SUM(I1044:I1047)","v":30.75}]
["Composição Auxiliar",88248,"SINAPI","AUXILIAR DE ENCANADOR OU BOMBEIRO HIDRÁULICO COM ENCARGOS COMPLEMENTARES","SEDI - SERVIÇOS DIVERSOS","H",0.38129999999999997,{"$f":"IF(A1044=\"Composição Auxiliar\",VLOOKUP(B1044,'SINAPI COMPOSIÇÃO'!$A$2:$E$10256,4,FALSE),IF(A1044=\"Insumo\",IF(VLOOKUP(B1044,'SINAPI INSUMOS'!$A$2:$F$4852,5,FALSE)=OR(\"\",0),VLOOKUP(B1044,'SINAPI INSUMOS'!$A$2:$F$4852,6,FALSE),VLOOKUP(B1044,'SINAPI INSUMOS'!$A$2:$F$4852,5,FALSE)),\"VERIFICAR\"))","v":23.01},{"$f":"TRUNC(G1044*H1044,2)","v":8.77}]
["Composição Auxiliar",88267,"SINAPI","ENCANADOR OU BOMBEIRO HIDRÁULICO COM ENCARGOS COMPLEMENTARES","SEDI - SERVIÇOS DIVERSOS","H",0.38129999999999997,{"$f":"IF(A1045=\"Composição Auxiliar\",VLOOKUP(B1045,'SINAPI COMPOSIÇÃO'!$A$2:$E$10256,4,FALSE),IF(A1045=\"Insumo\",IF(VLOOKUP(B1045,'SINAPI INSUMOS'!$A$2:$F$4852,5,FALSE)=OR(\"\",0),VLOOKUP(B1045,'SINAPI INSUMOS'!$A$2:$F$4852,6,FALSE),VLOOKUP(B1045,'SINAPI INSUMOS'!$A$2:$F$4852,5,FALSE)),\"VERIFICAR\"))","v":27.01},{"$f":"TRUNC(G1045*H1045,2)","v":10.29}]
["Insumo",38383,"SINAPI","LIXA D'AGUA EM FOLHA, COR PRETA, GRAO 100","Material","UN",2.12E-2,{"$f":"IF(A1046=\"Composição Auxiliar\",VLOOKUP(B1046,'SINAPI COMPOSIÇÃO'!$A$2:$E$10256,4,FALSE),IF(A1046=\"Insumo\",IF(VLOOKUP(B1046,'SINAPI INSUMOS'!$A$2:$F$4852,5,FALSE)=OR(\"\",0),VLOOKUP(B1046,'SINAPI INSUMOS'!$A$2:$F$4852,6,FALSE),VLOOKUP(B1046,'SINAPI INSUMOS'!$A$2:$F$4852,5,FALSE)),\"VERIFICAR\"))","v":2},{"$f":"TRUNC(G1046*H1046,2)","v":0.04}]
["Insumo",9837,"SINAPI","TUBO PVC SERIE NORMAL, DN 75 MM, PARA ESGOTO PREDIAL (NBR 5688)","Material","M",1.0548999999999999,{"$f":"IF(A1047=\"Composição Auxiliar\",VLOOKUP(B1047,'SINAPI COMPOSIÇÃO'!$A$2:$E$10256,4,FALSE),IF(A1047=\"Insumo\",IF(VLOOKUP(B1047,'SINAPI INSUMOS'!$A$2:$F$4852,5,FALSE)=OR(\"\",0),VLOOKUP(B1047,'SINAPI INSUMOS'!$A$2:$F$4852,6,FALSE),VLOOKUP(B1047,'SINAPI INSUMOS'!$A$2:$F$4852,5,FALSE)),\"VERIFICAR\"))","v":11.05},{"$f":"TRUNC(G1047*H1047,2)","v":11.65}]
["10.2.18","Código","Banco","Descrição","Tipo","Und","Quant.","Valor Unit","Total"]
["Composição",89714,"SINAPI","TUBO PVC, SERIE NORMAL, ESGOTO PREDIAL, DN 100 MM, FORNECIDO E INSTALADO EM RAMAL DE DESCARGA OU RAMAL DE ESGOTO SANITÁRIO. AF_08/2022","INHI - INSTALAÇÕES HIDROS SANITÁRIAS","M",1,{"$f":"I1049","v":34.57},{"$f":"SUM(I1050:I1053)","v":34.57}]
["Composição Auxiliar",88248,"SINAPI","AUXILIAR DE ENCANADOR OU BOMBEIRO HIDRÁULICO COM ENCARGOS COMPLEMENTARES","SEDI - SERVIÇOS DIVERSOS","H",0.44440000000000002,{"$f":"IF(A1050=\"Composição Auxiliar\",VLOOKUP(B1050,'SINAPI COMPOSIÇÃO'!$A$2:$E$10256,4,FALSE),IF(A1050=\"Insumo\",IF(VLOOKUP(B1050,'SINAPI INSUMOS'!$A$2:$F$4852,5,FALSE)=OR(\"\",0),VLOOKUP(B1050,'SINAPI INSUMOS'!$A$2:$F$4852,6,FALSE),VLOOKUP(B1050,'SINAPI INSUMOS'!$A$2:$F$4852,5,FALSE)),\"VERIFICAR\"))","v":23.01},{"$f":"TRUNC(G1050*H1050,2)","v":10.220000000000001}]
["Composição Auxiliar",88267,"SINAPI","ENCANADOR OU BOMBEIRO HIDRÁULICO COM ENCARGOS COMPLEMENTARES","SEDI - SERVIÇOS DIVERSOS","H",0.44440000000000002,{"$f":"IF(A1051=\"Composição Auxiliar\",VLOOKUP(B1051,'SINAPI COMPOSIÇÃO'!$A$2:$E$10256,4,FALSE),IF(A1051=\"Insumo\",IF(VLOOKUP(B1051,'SINAPI INSUMOS'!$A$2:$F$4852,5,FALSE)=OR(\"\",0),VLOOKUP(B1051,'SINAPI INSUMOS'!$A$2:$F$4852,6,FALSE),VLOOKUP(B1051,'SINAPI INSUMOS'!$A$2:$F$4852,5,FALSE)),\"VERIFICAR\"))","v":27.01},{"$f":"TRUNC(G1051*H1051,2)","v":12}]
["Insumo",9836,"SINAPI","TUBO PVC SERIE NORMAL, DN 100 MM, PARA ESGOTO PREDIAL (NBR 5688)","Material","M",1.0548999999999999,{"$f":"IF(A1052=\"Composição Auxiliar\",VLOOKUP(B1052,'SINAPI COMPOSIÇÃO'!$A$2:$E$10256,4,FALSE),IF(A1052=\"Insumo\",IF(VLOOKUP(B1052,'SINAPI INSUMOS'!$A$2:$F$4852,5,FALSE)=OR(\"\",0),VLOOKUP(B1052,'SINAPI INSUMOS'!$A$2:$F$4852,6,FALSE),VLOOKUP(B1052,'SINAPI INSUMOS'!$A$2:$F$4852,5,FALSE)),\"VERIFICAR\"))","v":11.67},{"$f":"TRUNC(G1052*H1052,2)","v":12.31}]
["Insumo",38383,"SINAPI","LIXA D'AGUA EM FOLHA, COR PRETA, GRAO 100","Material","UN",2.47E-2,{"$f":"IF(A1053=\"Composição Auxiliar\",VLOOKUP(B1053,'SINAPI COMPOSIÇÃO'!$A$2:$E$10256,4,FALSE),IF(A1053=\"Insumo\",IF(VLOOKUP(B1053,'SINAPI INSUMOS'!$A$2:$F$4852,5,FALSE)=OR(\"\",0),VLOOKUP(B1053,'SINAPI INSUMOS'!$A$2:$F$4852,6,FALSE),VLOOKUP(B1053,'SINAPI INSUMOS'!$A$2:$F$4852,5,FALSE)),\"VERIFICAR\"))","v":2},{"$f":"TRUNC(G1053*H1053,2)","v":0.04}]
["10.2.19","Código","Banco","Descrição","Tipo","Und","Quant.","Valor Unit","Total"]
["Composição",104341,"SINAPI","BUCHA DE REDUÇÃO LONGA, PVC, SÉRIE NORMAL, ESGOTO PREDIAL, DN 50 X 40 MM, JUNTA SOLDÁVEL E ELÁSTICA, FORNECIDO E INSTALADO EM RAMAL DE DESCARGA OU RAMAL DE ESGOTO SANITÁRIO. AF_08/2022","INHI - INSTALAÇÕES HIDROS SANITÁRIAS","UN",1,{"$f":"I1055","v":10.76},{"$f":"SUM(I1056:I1063)","v":10.76}]
["Composição Auxiliar",88267,"SINAPI","ENCANADOR OU BOMBEIRO HIDRÁULICO COM ENCARGOS COMPLEMENTARES","SEDI - SERVIÇOS DIVERSOS","H",8.8249999999999995E-2,{"$f":"IF(A1056=\"Composição Auxiliar\",VLOOKUP(B1056,'SINAPI COMPOSIÇÃO'!$A$2:$E$10256,4,FALSE),IF(A1056=\"Insumo\",IF(VLOOKUP(B1056,'SINAPI INSUMOS'!$A$2:$F$4852,5,FALSE)=OR(\"\",0),VLOOKUP(B1056,'SINAPI INSUMOS'!$A$2:$F$4852,6,FALSE),VLOOKUP(B1056,'SINAPI INSUMOS'!$A$2:$F$4852,5,FALSE)),\"VERIFICAR\"))","v":27.01},{"$f":"TRUNC(G1056*H1056,2)","v":2.38}]
["Composição Auxiliar",88248,"SINAPI","AUXILIAR DE ENCANADOR OU BOMBEIRO HIDRÁULICO COM ENCARGOS COMPLEMENTARES","SEDI - SERVIÇOS DIVERSOS","H",8.8249999999999995E-2,{"$f":"IF(A1057=\"Composição Auxiliar\",VLOOKUP(B1057,'SINAPI COMPOSIÇÃO'!$A$2:$E$10256,4,FALSE),IF(A1057=\"Insumo\",IF(VLOOKUP(B1057,'SINAPI INSUMOS'!$A$2:$F$4852,5,FALSE)=OR(\"\",0),VLOOKUP(B1057,'SINAPI INSUMOS'!$A$2:$F$4852,6,FALSE),VLOOKUP(B1057,'SINAPI INSUMOS'!$A$2:$F$4852,5,FALSE)),\"VERIFICAR\"))","v":23.01},2.0299999999999998]
["Insumo",20078,"SINAPI","PASTA LUBRIFICANTE PARA TUBOS E CONEXOES COM JUNTA ELASTICA, EMBALAGEM DE *400* GR (USO EM PVC, ACO, POLIETILENO E OUTROS)","Material","UN",2.5000000000000001E-2,{"$f":"IF(A1058=\"Composição Auxiliar\",VLOOKUP(B1058,'SINAPI COMPOSIÇÃO'!$A$2:$E$10256,4,FALSE),IF(A1058=\"Insumo\",IF(VLOOKUP(B1058,'SINAPI INSUMOS'!$A$2:$F$4852,5,FALSE)=OR(\"\",0),VLOOKUP(B1058,'SINAPI INSUMOS'!$A$2:$F$4852,6,FALSE),VLOOKUP(B1058,'SINAPI INSUMOS'!$A$2:$F$4852,5,FALSE)),\"VERIFICAR\"))","v":29.34},0.73]
["Insumo",38383,"SINAPI","LIXA D'AGUA EM FOLHA, COR PRETA, GRAO 100","Material","UN",7.4000000000000003E-3,{"$f":"IF(A1059=\"Composição Auxiliar\",VLOOKUP(B1059,'SINAPI COMPOSIÇÃO'!$A$2:$E$10256,4,FALSE),IF(A1059=\"Insumo\",IF(VLOOKUP(B1059,'SINAPI INSUMOS'!$A$2:$F$4852,5,FALSE)=OR(\"\",0),VLOOKUP(B1059,'SINAPI INSUMOS'!$A$2:$F$4852,6,FALSE),VLOOKUP(B1059,'SINAPI INSUMOS'!$A$2:$F$4852,5,FALSE)),\"VERIFICAR\"))","v":2},0.01]
["Insumo",20083,"SINAPI","SOLUCAO PREPARADORA / LIMPADORA PARA PVC, FRASCO COM 1000 CM3","Material","UN",7.4999999999999997E-3,{"$f":"IF(A1060=\"Composição Auxiliar\",VLOOKUP(B1060,'SINAPI COMPOSIÇÃO'!$A$2:$E$10256,4,FALSE),IF(A1060=\"Insumo\",IF(VLOOKUP(B1060,'SINAPI INSUMOS'!$A$2:$F$4852,5,FALSE)=OR(\"\",0),VLOOKUP(B1060,'SINAPI INSUMOS'!$A$2:$F$4852,6,FALSE),VLOOKUP(B1060,'SINAPI INSUMOS'!$A$2:$F$4852,5,FALSE)),\"VERIFICAR\"))","v":80.55},0.6]
["Insumo",122,"SINAPI","ADESIVO PLASTICO PARA PVC, FRASCO COM *850* GR","Material","UN",4.8999999999999998E-3,{"$f":"IF(A1061=\"Composição Auxiliar\",VLOOKUP(B1061,'SINAPI COMPOSIÇÃO'!$A$2:$E$10256,4,FALSE),IF(A1061=\"Insumo\",IF(VLOOKUP(B1061,'SINAPI INSUMOS'!$A$2:$F$4852,5,FALSE)=OR(\"\",0),VLOOKUP(B1061,'SINAPI INSUMOS'!$A$2:$F$4852,6,FALSE),VLOOKUP(B1061,'SINAPI INSUMOS'!$A$2:$F$4852,5,FALSE)),\"VERIFICAR\"))","v":71.09},0.34]
["Insumo",20086,"SINAPI","BUCHA DE REDUCAO DE PVC, SOLDAVEL, LONGA, 50 X 40 MM, PARA ESGOTO PREDIAL","Material","UN",1,{"$f":"IF(A1062=\"Composição Auxiliar\",VLOOKUP(B1062,'SINAPI COMPOSIÇÃO'!$A$2:$E$10256,4,FALSE),IF(A1062=\"Insumo\",IF(VLOOKUP(B1062,'SINAPI INSUMOS'!$A$2:$F$4852,5,FALSE)=OR(\"\",0),VLOOKUP(B1062,'SINAPI INSUMOS'!$A$2:$F$4852,6,FALSE),VLOOKUP(B1062,'SINAPI INSUMOS'!$A$2:$F$4852,5,FALSE)),\"VERIFICAR\"))","v":2.41},2.41]
["Insumo",296,"SINAPI","ANEL BORRACHA PARA TUBO ESGOTO PREDIAL, DN 50 MM (NBR 5688)","Material","UN",1,{"$f":"IF(A1063=\"Composição Auxiliar\",VLOOKUP(B1063,'SINAPI COMPOSIÇÃO'!$A$2:$E$10256,4,FALSE),IF(A1063=\"Insumo\",IF(VLOOKUP(B1063,'SINAPI INSUMOS'!$A$2:$F$4852,5,FALSE)=OR(\"\",0),VLOOKUP(B1063,'SINAPI INSUMOS'!$A$2:$F$4852,6,FALSE),VLOOKUP(B1063,'SINAPI INSUMOS'!$A$2:$F$4852,5,FALSE)),\"VERIFICAR\"))","v":2.2599999999999998},2.2599999999999998]
["10.2.20","Código","Banco","Descrição","Tipo","Und","Quant.","Valor Unit","Total"]
["Composição",89796,"SINAPI","TE, PVC, SERIE NORMAL, ESGOTO PREDIAL, DN 100 X 100 MM, JUNTA ELÁSTICA, FORNECIDO E INSTALADO EM RAMAL DE DESCARGA OU RAMAL DE ESGOTO SANITÁRIO. AF_08/2022","INHI - INSTALAÇÕES HIDROS SANITÁRIAS","UN",1,{"$f":"I1065","v":42.41},{"$f":"SUM(I1066:I1070)","v":42.41}]
["Composição Auxiliar",88267,"SINAPI","ENCANADOR OU BOMBEIRO HIDRÁULICO COM ENCARGOS COMPLEMENTARES","SEDI - SERVIÇOS DIVERSOS","H",0.25679999999999997,{"$f":"IF(A1066=\"Composição Auxiliar\",VLOOKUP(B1066,'SINAPI COMPOSIÇÃO'!$A$2:$E$10256,4,FALSE),IF(A1066=\"Insumo\",IF(VLOOKUP(B1066,'SINAPI INSUMOS'!$A$2:$F$4852,5,FALSE)=OR(\"\",0),VLOOKUP(B1066,'SINAPI INSUMOS'!$A$2:$F$4852,6,FALSE),VLOOKUP(B1066,'SINAPI INSUMOS'!$A$2:$F$4852,5,FALSE)),\"VERIFICAR\"))","v":27.01},{"$f":"TRUNC(G1066*H1066,2)","v":6.93}]
["Composição Auxiliar",88248,"SINAPI","AUXILIAR DE ENCANADOR OU BOMBEIRO HIDRÁULICO COM ENCARGOS COMPLEMENTARES","SEDI - SERVIÇOS DIVERSOS","H",0.25679999999999997,{"$f":"IF(A1067=\"Composição Auxiliar\",VLOOKUP(B1067,'SINAPI COMPOSIÇÃO'!$A$2:$E$10256,4,FALSE),IF(A1067=\"Insumo\",IF(VLOOKUP(B1067,'SINAPI INSUMOS'!$A$2:$F$4852,5,FALSE)=OR(\"\",0),VLOOKUP(B1067,'SINAPI INSUMOS'!$A$2:$F$4852,6,FALSE),VLOOKUP(B1067,'SINAPI INSUMOS'!$A$2:$F$4852,5,FALSE)),\"VERIFICAR\"))","v":23.01},{"$f":"TRUNC(G1067*H1067,2)","v":5.9}]
["Insumo",7091,"SINAPI","TE SANITARIO, PVC, DN 100 X 100 MM, SERIE NORMAL, PARA ESGOTO PREDIAL","Material","UN",1,{"$f":"IF(A1068=\"Composição Auxiliar\",VLOOKUP(B1068,'SINAPI COMPOSIÇÃO'!$A$2:$E$10256,4,FALSE),IF(A1068=\"Insumo\",IF(VLOOKUP(B1068,'SINAPI INSUMOS'!$A$2:$F$4852,5,FALSE)=OR(\"\",0),VLOOKUP(B1068,'SINAPI INSUMOS'!$A$2:$F$4852,6,FALSE),VLOOKUP(B1068,'SINAPI INSUMOS'!$A$2:$F$4852,5,FALSE)),\"VERIFICAR\"))","v":12.52},{"$f":"TRUNC(G1068*H1068,2)","v":12.52}]
["Insumo",20078,"SINAPI","PASTA LUBRIFICANTE PARA TUBOS E CONEXOES COM JUNTA ELASTICA, EMBALAGEM DE *400* GR (USO EM PVC, ACO, POLIETILENO E OUTROS)","Material","UN",0.17249999999999999,{"$f":"IF(A1069=\"Composição Auxiliar\",VLOOKUP(B1069,'SINAPI COMPOSIÇÃO'!$A$2:$E$10256,4,FALSE),IF(A1069=\"Insumo\",IF(VLOOKUP(B1069,'SINAPI INSUMOS'!$A$2:$F$4852,5,FALSE)=OR(\"\",0),VLOOKUP(B1069,'SINAPI INSUMOS'!$A$2:$F$4852,6,FALSE),VLOOKUP(B1069,'SINAPI INSUMOS'!$A$2:$F$4852,5,FALSE)),\"VERIFICAR\"))","v":29.34},{"$f":"TRUNC(G1069*H1069,2)","v":5.0599999999999996}]
["Insumo",301,"SINAPI","ANEL BORRACHA PARA TUBO ESGOTO PREDIAL, DN 100 MM (NBR 5688)","Material","UN",3,{"$f":"IF(A1070=\"Composição Auxiliar\",VLOOKUP(B1070,'SINAPI COMPOSIÇÃO'!$A$2:$E$10256,4,FALSE),IF(A1070=\"Insumo\",IF(VLOOKUP(B1070,'SINAPI INSUMOS'!$A$2:$F$4852,5,FALSE)=OR(\"\",0),VLOOKUP(B1070,'SINAPI INSUMOS'!$A$2:$F$4852,6,FALSE),VLOOKUP(B1070,'SINAPI INSUMOS'!$A$2:$F$4852,5,FALSE)),\"VERIFICAR\"))","v":4},{"$f":"TRUNC(G1070*H1070,2)","v":12}]
["10.2.21","Código","Banco","Descrição","Tipo","Und","Quant.","Valor Unit","Total"]
["Composição",89746,"SINAPI","JOELHO 45 GRAUS, PVC, SERIE NORMAL, ESGOTO PREDIAL, DN 100 MM, JUNTA ELÁSTICA, FORNECIDO E INSTALADO EM RAMAL DE DESCARGA OU RAMAL DE ESGOTO SANITÁRIO. AF_08/2022","INHI - INSTALAÇÕES HIDROS SANITÁRIAS","UN",1,{"$f":"I1072","v":28.16},{"$f":"SUM(I1073:I1077)","v":28.16}]
["Composição Auxiliar",88267,"SINAPI","ENCANADOR OU BOMBEIRO HIDRÁULICO COM ENCARGOS COMPLEMENTARES","SEDI - SERVIÇOS DIVERSOS","H",0.19259999999999999,{"$f":"IF(A1073=\"Composição Auxiliar\",VLOOKUP(B1073,'SINAPI COMPOSIÇÃO'!$A$2:$E$10256,4,FALSE),IF(A1073=\"Insumo\",IF(VLOOKUP(B1073,'SINAPI INSUMOS'!$A$2:$F$4852,5,FALSE)=OR(\"\",0),VLOOKUP(B1073,'SINAPI INSUMOS'!$A$2:$F$4852,6,FALSE),VLOOKUP(B1073,'SINAPI INSUMOS'!$A$2:$F$4852,5,FALSE)),\"VERIFICAR\"))","v":27.01},{"$f":"TRUNC(G1073*H1073,2)","v":5.2}]
["Composição Auxiliar",88248,"SINAPI","AUXILIAR DE ENCANADOR OU BOMBEIRO HIDRÁULICO COM ENCARGOS COMPLEMENTARES","SEDI - SERVIÇOS DIVERSOS","H",0.19259999999999999,{"$f":"IF(A1074=\"Composição Auxiliar\",VLOOKUP(B1074,'SINAPI COMPOSIÇÃO'!$A$2:$E$10256,4,FALSE),IF(A1074=\"Insumo\",IF(VLOOKUP(B1074,'SINAPI INSUMOS'!$A$2:$F$4852,5,FALSE)=OR(\"\",0),VLOOKUP(B1074,'SINAPI INSUMOS'!$A$2:$F$4852,6,FALSE),VLOOKUP(B1074,'SINAPI INSUMOS'!$A$2:$F$4852,5,FALSE)),\"VERIFICAR\"))","v":23.01},{"$f":"TRUNC(G1074*H1074,2)","v":4.43}]
["Insumo",301,"SINAPI","ANEL BORRACHA PARA TUBO ESGOTO PREDIAL, DN 100 MM (NBR 5688)","Material","UN",2,{"$f":"IF(A1075=\"Composição Auxiliar\",VLOOKUP(B1075,'SINAPI COMPOSIÇÃO'!$A$2:$E$10256,4,FALSE),IF(A1075=\"Insumo\",IF(VLOOKUP(B1075,'SINAPI INSUMOS'!$A$2:$F$4852,5,FALSE)=OR(\"\",0),VLOOKUP(B1075,'SINAPI INSUMOS'!$A$2:$F$4852,6,FALSE),VLOOKUP(B1075,'SINAPI INSUMOS'!$A$2:$F$4852,5,FALSE)),\"VERIFICAR\"))","v":4},{"$f":"TRUNC(G1075*H1075,2)","v":8}]
["Insumo",20078,"SINAPI","PASTA LUBRIFICANTE PARA TUBOS E CONEXOES COM JUNTA ELASTICA, EMBALAGEM DE *400* GR (USO EM PVC, ACO, POLIETILENO E OUTROS)","Material","UN",0.115,{"$f":"IF(A1076=\"Composição Auxiliar\",VLOOKUP(B1076,'SINAPI COMPOSIÇÃO'!$A$2:$E$10256,4,FALSE),IF(A1076=\"Insumo\",IF(VLOOKUP(B1076,'SINAPI INSUMOS'!$A$2:$F$4852,5,FALSE)=OR(\"\",0),VLOOKUP(B1076,'SINAPI INSUMOS'!$A$2:$F$4852,6,FALSE),VLOOKUP(B1076,'SINAPI INSUMOS'!$A$2:$F$4852,5,FALSE)),\"VERIFICAR\"))","v":29.34},{"$f":"TRUNC(G1076*H1076,2)","v":3.37}]
["Insumo",3528,"SINAPI","JOELHO PVC, SOLDAVEL, PB, 45 GRAUS, DN 100 MM, PARA ESGOTO PREDIAL","Material","UN",1,{"$f":"IF(A1077=\"Composição Auxiliar\",VLOOKUP(B1077,'SINAPI COMPOSIÇÃO'!$A$2:$E$10256,4,FALSE),IF(A1077=\"Insumo\",IF(VLOOKUP(B1077,'SINAPI INSUMOS'!$A$2:$F$4852,5,FALSE)=OR(\"\",0),VLOOKUP(B1077,'SINAPI INSUMOS'!$A$2:$F$4852,6,FALSE),VLOOKUP(B1077,'SINAPI INSUMOS'!$A$2:$F$4852,5,FALSE)),\"VERIFICAR\"))","v":7.16},{"$f":"TRUNC(G1077*H1077,2)","v":7.16}]
["10.2.22","Código","Banco","Descrição","Tipo","Und","Quant.","Valor Unit","Total"]
["Composição",89801,"SINAPI","JOELHO 90 GRAUS, PVC, SERIE NORMAL, ESGOTO PREDIAL, DN 50 MM, JUNTA ELÁSTICA, FORNECIDO E INSTALADO EM PRUMADA DE ESGOTO SANITÁRIO OU VENTILAÇÃO. AF_08/2022","INHI - INSTALAÇÕES HIDROS SANITÁRIAS","UN",1,{"$f":"I1079","v":10.07},{"$f":"SUM(I1080:I1084)","v":10.07}]
["Composição Auxiliar",88267,"SINAPI","ENCANADOR OU BOMBEIRO HIDRÁULICO COM ENCARGOS COMPLEMENTARES","SEDI - SERVIÇOS DIVERSOS","H",3.4299999999999997E-2,{"$f":"IF(A1080=\"Composição Auxiliar\",VLOOKUP(B1080,'SINAPI COMPOSIÇÃO'!$A$2:$E$10256,4,FALSE),IF(A1080=\"Insumo\",IF(VLOOKUP(B1080,'SINAPI INSUMOS'!$A$2:$F$4852,5,FALSE)=OR(\"\",0),VLOOKUP(B1080,'SINAPI INSUMOS'!$A$2:$F$4852,6,FALSE),VLOOKUP(B1080,'SINAPI INSUMOS'!$A$2:$F$4852,5,FALSE)),\"VERIFICAR\"))","v":27.01},{"$f":"TRUNC(G1080*H1080,2)","v":0.92}]
["Composição Auxiliar",88248,"SINAPI","AUXILIAR DE ENCANADOR OU BOMBEIRO HIDRÁULICO COM ENCARGOS COMPLEMENTARES","SEDI - SERVIÇOS DIVERSOS","H",3.4299999999999997E-2,{"$f":"IF(A1081=\"Composição Auxiliar\",VLOOKUP(B1081,'SINAPI COMPOSIÇÃO'!$A$2:$E$10256,4,FALSE),IF(A1081=\"Insumo\",IF(VLOOKUP(B1081,'SINAPI INSUMOS'!$A$2:$F$4852,5,FALSE)=OR(\"\",0),VLOOKUP(B1081,'SINAPI INSUMOS'!$A$2:$F$4852,6,FALSE),VLOOKUP(B1081,'SINAPI INSUMOS'!$A$2:$F$4852,5,FALSE)),\"VERIFICAR\"))","v":23.01},{"$f":"TRUNC(G1081*H1081,2)","v":0.78}]
["Insumo",3526,"SINAPI","JOELHO PVC, SOLDAVEL, PB, 90 GRAUS, DN 50 MM, PARA ESGOTO PREDIAL","Material","UN",1,{"$f":"IF(A1082=\"Composição Auxiliar\",VLOOKUP(B1082,'SINAPI COMPOSIÇÃO'!$A$2:$E$10256,4,FALSE),IF(A1082=\"Insumo\",IF(VLOOKUP(B1082,'SINAPI INSUMOS'!$A$2:$F$4852,5,FALSE)=OR(\"\",0),VLOOKUP(B1082,'SINAPI INSUMOS'!$A$2:$F$4852,6,FALSE),VLOOKUP(B1082,'SINAPI INSUMOS'!$A$2:$F$4852,5,FALSE)),\"VERIFICAR\"))","v":2.39},{"$f":"TRUNC(G1082*H1082,2)","v":2.39}]
["Insumo",296,"SINAPI","ANEL BORRACHA PARA TUBO ESGOTO PREDIAL, DN 50 MM (NBR 5688)","Material","UN",2,{"$f":"IF(A1083=\"Composição Auxiliar\",VLOOKUP(B1083,'SINAPI COMPOSIÇÃO'!$A$2:$E$10256,4,FALSE),IF(A1083=\"Insumo\",IF(VLOOKUP(B1083,'SINAPI INSUMOS'!$A$2:$F$4852,5,FALSE)=OR(\"\",0),VLOOKUP(B1083,'SINAPI INSUMOS'!$A$2:$F$4852,6,FALSE),VLOOKUP(B1083,'SINAPI INSUMOS'!$A$2:$F$4852,5,FALSE)),\"VERIFICAR\"))","v":2.2599999999999998},{"$f":"TRUNC(G1083*H1083,2)","v":4.5199999999999996}]
["Insumo",20078,"SINAPI","PASTA LUBRIFICANTE PARA TUBOS E CONEXOES COM JUNTA ELASTICA, EMBALAGEM DE *400* GR (USO EM PVC, ACO, POLIETILENO E OUTROS)","Material","UN",0.05,{"$f":"IF(A1084=\"Composição Auxiliar\",VLOOKUP(B1084,'SINAPI COMPOSIÇÃO'!$A$2:$E$10256,4,FALSE),IF(A1084=\"Insumo\",IF(VLOOKUP(B1084,'SINAPI INSUMOS'!$A$2:$F$4852,5,FALSE)=OR(\"\",0),VLOOKUP(B1084,'SINAPI INSUMOS'!$A$2:$F$4852,6,FALSE),VLOOKUP(B1084,'SINAPI INSUMOS'!$A$2:$F$4852,5,FALSE)),\"VERIFICAR\"))","v":29.34},{"$f":"TRUNC(G1084*H1084,2)","v":1.46}]
["10.2.23","Código","Banco","Descrição","Tipo","Und","Quant.","Valor Unit","Total"]
["Composição",89827,"SINAPI","JUNÇÃO SIMPLES, PVC, SERIE NORMAL, ESGOTO PREDIAL, DN 50 X 50 MM, JUNTA ELÁSTICA, FORNECIDO E INSTALADO EM PRUMADA DE ESGOTO SANITÁRIO OU VENTILAÇÃO. AF_08/2022","INHI - INSTALAÇÕES HIDROS SANITÁRIAS","UN",1,{"$f":"I1086","v":18.98},{"$f":"SUM(I1087:I1091)","v":18.98}]
["Composição Auxiliar",88248,"SINAPI","AUXILIAR DE ENCANADOR OU BOMBEIRO HIDRÁULICO COM ENCARGOS COMPLEMENTARES","SEDI - SERVIÇOS DIVERSOS","H",4.5699999999999998E-2,{"$f":"IF(A1087=\"Composição Auxiliar\",VLOOKUP(B1087,'SINAPI COMPOSIÇÃO'!$A$2:$E$10256,4,FALSE),IF(A1087=\"Insumo\",IF(VLOOKUP(B1087,'SINAPI INSUMOS'!$A$2:$F$4852,5,FALSE)=OR(\"\",0),VLOOKUP(B1087,'SINAPI INSUMOS'!$A$2:$F$4852,6,FALSE),VLOOKUP(B1087,'SINAPI INSUMOS'!$A$2:$F$4852,5,FALSE)),\"VERIFICAR\"))","v":23.01},{"$f":"TRUNC(G1087*H1087,2)","v":1.05}]
["Composição Auxiliar",88267,"SINAPI","ENCANADOR OU BOMBEIRO HIDRÁULICO COM ENCARGOS COMPLEMENTARES","SEDI - SERVIÇOS DIVERSOS","H",4.5699999999999998E-2,{"$f":"IF(A1088=\"Composição Auxiliar\",VLOOKUP(B1088,'SINAPI COMPOSIÇÃO'!$A$2:$E$10256,4,FALSE),IF(A1088=\"Insumo\",IF(VLOOKUP(B1088,'SINAPI INSUMOS'!$A$2:$F$4852,5,FALSE)=OR(\"\",0),VLOOKUP(B1088,'SINAPI INSUMOS'!$A$2:$F$4852,6,FALSE),VLOOKUP(B1088,'SINAPI INSUMOS'!$A$2:$F$4852,5,FALSE)),\"VERIFICAR\"))","v":27.01},{"$f":"TRUNC(G1088*H1088,2)","v":1.23}]
["Insumo",20078,"SINAPI","PASTA LUBRIFICANTE PARA TUBOS E CONEXOES COM JUNTA ELASTICA, EMBALAGEM DE *400* GR (USO EM PVC, ACO, POLIETILENO E OUTROS)","Material","UN",7.4999999999999997E-2,{"$f":"IF(A1089=\"Composição Auxiliar\",VLOOKUP(B1089,'SINAPI COMPOSIÇÃO'!$A$2:$E$10256,4,FALSE),IF(A1089=\"Insumo\",IF(VLOOKUP(B1089,'SINAPI INSUMOS'!$A$2:$F$4852,5,FALSE)=OR(\"\",0),VLOOKUP(B1089,'SINAPI INSUMOS'!$A$2:$F$4852,6,FALSE),VLOOKUP(B1089,'SINAPI INSUMOS'!$A$2:$F$4852,5,FALSE)),\"VERIFICAR\"))","v":29.34},{"$f":"TRUNC(G1089*H1089,2)","v":2.2000000000000002}]
["Insumo",296,"SINAPI","ANEL BORRACHA PARA TUBO ESGOTO PREDIAL, DN 50 MM (NBR 5688)","Material","UN",3,{"$f":"IF(A1090=\"Composição Auxiliar\",VLOOKUP(B1090,'SINAPI COMPOSIÇÃO'!$A$2:$E$10256,4,FALSE),IF(A1090=\"Insumo\",IF(VLOOKUP(B1090,'SINAPI INSUMOS'!$A$2:$F$4852,5,FALSE)=OR(\"\",0),VLOOKUP(B1090,'SINAPI INSUMOS'!$A$2:$F$4852,6,FALSE),VLOOKUP(B1090,'SINAPI INSUMOS'!$A$2:$F$4852,5,FALSE)),\"VERIFICAR\"))","v":2.2599999999999998},{"$f":"TRUNC(G1090*H1090,2)","v":6.78}]
["Insumo",3662,"SINAPI","JUNCAO SIMPLES, PVC, 45 GRAUS, DN 50 X 50 MM, SERIE NORMAL PARA ESGOTO PREDIAL","Material","UN",1,{"$f":"IF(A1091=\"Composição Auxiliar\",VLOOKUP(B1091,'SINAPI COMPOSIÇÃO'!$A$2:$E$10256,4,FALSE),IF(A1091=\"Insumo\",IF(VLOOKUP(B1091,'SINAPI INSUMOS'!$A$2:$F$4852,5,FALSE)=OR(\"\",0),VLOOKUP(B1091,'SINAPI INSUMOS'!$A$2:$F$4852,6,FALSE),VLOOKUP(B1091,'SINAPI INSUMOS'!$A$2:$F$4852,5,FALSE)),\"VERIFICAR\"))","v":7.72},{"$f":"TRUNC(G1091*H1091,2)","v":7.72}]
["10.2.24","Código","Banco","Descrição","Tipo","Und","Quant.","Valor Unit","Total"]
["Composição",89801,"SINAPI","JOELHO 90 GRAUS, PVC, SERIE NORMAL, ESGOTO PREDIAL, DN 50 MM, JUNTA ELÁSTICA, FORNECIDO E INSTALADO EM PRUMADA DE ESGOTO SANITÁRIO OU VENTILAÇÃO. AF_08/2022","INHI - INSTALAÇÕES HIDROS SANITÁRIAS","UN",1,{"$f":"I1093","v":10.07},{"$f":"SUM(I1094:I1098)","v":10.07}]
["Composição Auxiliar",88267,"SINAPI","ENCANADOR OU BOMBEIRO HIDRÁULICO COM ENCARGOS COMPLEMENTARES","SEDI - SERVIÇOS DIVERSOS","H",3.4299999999999997E-2,{"$f":"IF(A1094=\"Composição Auxiliar\",VLOOKUP(B1094,'SINAPI COMPOSIÇÃO'!$A$2:$E$10256,4,FALSE),IF(A1094=\"Insumo\",IF(VLOOKUP(B1094,'SINAPI INSUMOS'!$A$2:$F$4852,5,FALSE)=OR(\"\",0),VLOOKUP(B1094,'SINAPI INSUMOS'!$A$2:$F$4852,6,FALSE),VLOOKUP(B1094,'SINAPI INSUMOS'!$A$2:$F$4852,5,FALSE)),\"VERIFICAR\"))","v":27.01},{"$f":"TRUNC(G1094*H1094,2)","v":0.92}]
["Composição Auxiliar",88248,"SINAPI","AUXILIAR DE ENCANADOR OU BOMBEIRO HIDRÁULICO COM ENCARGOS COMPLEMENTARES","SEDI - SERVIÇOS DIVERSOS","H",3.4299999999999997E-2,{"$f":"IF(A1095=\"Composição Auxiliar\",VLOOKUP(B1095,'SINAPI COMPOSIÇÃO'!$A$2:$E$10256,4,FALSE),IF(A1095=\"Insumo\",IF(VLOOKUP(B1095,'SINAPI INSUMOS'!$A$2:$F$4852,5,FALSE)=OR(\"\",0),VLOOKUP(B1095,'SINAPI INSUMOS'!$A$2:$F$4852,6,FALSE),VLOOKUP(B1095,'SINAPI INSUMOS'!$A$2:$F$4852,5,FALSE)),\"VERIFICAR\"))","v":23.01},{"$f":"TRUNC(G1095*H1095,2)","v":0.78}]
["Insumo",3526,"SINAPI","JOELHO PVC, SOLDAVEL, PB, 90 GRAUS, DN 50 MM, PARA ESGOTO PREDIAL","Material","UN",1,{"$f":"IF(A1096=\"Composição Auxiliar\",VLOOKUP(B1096,'SINAPI COMPOSIÇÃO'!$A$2:$E$10256,4,FALSE),IF(A1096=\"Insumo\",IF(VLOOKUP(B1096,'SINAPI INSUMOS'!$A$2:$F$4852,5,FALSE)=OR(\"\",0),VLOOKUP(B1096,'SINAPI INSUMOS'!$A$2:$F$4852,6,FALSE),VLOOKUP(B1096,'SINAPI INSUMOS'!$A$2:$F$4852,5,FALSE)),\"VERIFICAR\"))","v":2.39},{"$f":"TRUNC(G1096*H1096,2)","v":2.39}]
["Insumo",296,"SINAPI","ANEL BORRACHA PARA TUBO ESGOTO PREDIAL, DN 50 MM (NBR 5688)","Material","UN",2,{"$f":"IF(A1097=\"Composição Auxiliar\",VLOOKUP(B1097,'SINAPI COMPOSIÇÃO'!$A$2:$E$10256,4,FALSE),IF(A1097=\"Insumo\",IF(VLOOKUP(B1097,'SINAPI INSUMOS'!$A$2:$F$4852,5,FALSE)=OR(\"\",0),VLOOKUP(B1097,'SINAPI INSUMOS'!$A$2:$F$4852,6,FALSE),VLOOKUP(B1097,'SINAPI INSUMOS'!$A$2:$F$4852,5,FALSE)),\"VERIFICAR\"))","v":2.2599999999999998},{"$f":"TRUNC(G1097*H1097,2)","v":4.5199999999999996}]
["Insumo",20078,"SINAPI","PASTA LUBRIFICANTE PARA TUBOS E CONEXOES COM JUNTA ELASTICA, EMBALAGEM DE *400* GR (USO EM PVC, ACO, POLIETILENO E OUTROS)","Material","UN",0.05,{"$f":"IF(A1098=\"Composição Auxiliar\",VLOOKUP(B1098,'SINAPI COMPOSIÇÃO'!$A$2:$E$10256,4,FALSE),IF(A1098=\"Insumo\",IF(VLOOKUP(B1098,'SINAPI INSUMOS'!$A$2:$F$4852,5,FALSE)=OR(\"\",0),VLOOKUP(B1098,'SINAPI INSUMOS'!$A$2:$F$4852,6,FALSE),VLOOKUP(B1098,'SINAPI INSUMOS'!$A$2:$F$4852,5,FALSE)),\"VERIFICAR\"))","v":29.34},{"$f":"TRUNC(G1098*H1098,2)","v":1.46}]
["10.2.25","Código","Banco","Descrição","Tipo","Und","Quant.","Valor Unit","Total"]
["Composição",89802,"SINAPI","JOELHO 45 GRAUS, PVC, SERIE NORMAL, ESGOTO PREDIAL, DN 50 MM, JUNTA ELÁSTICA, FORNECIDO E INSTALADO EM PRUMADA DE ESGOTO SANITÁRIO OU VENTILAÇÃO. AF_08/2022","INHI - INSTALAÇÕES HIDROS SANITÁRIAS","UN",1,{"$f":"I1100","v":10.64},{"$f":"SUM(I1101:I1105)","v":10.64}]
["Composição Auxiliar",88248,"SINAPI","AUXILIAR DE ENCANADOR OU BOMBEIRO HIDRÁULICO COM ENCARGOS COMPLEMENTARES","SEDI - SERVIÇOS DIVERSOS","H",3.4299999999999997E-2,{"$f":"IF(A1101=\"Composição Auxiliar\",VLOOKUP(B1101,'SINAPI COMPOSIÇÃO'!$A$2:$E$10256,4,FALSE),IF(A1101=\"Insumo\",IF(VLOOKUP(B1101,'SINAPI INSUMOS'!$A$2:$F$4852,5,FALSE)=OR(\"\",0),VLOOKUP(B1101,'SINAPI INSUMOS'!$A$2:$F$4852,6,FALSE),VLOOKUP(B1101,'SINAPI INSUMOS'!$A$2:$F$4852,5,FALSE)),\"VERIFICAR\"))","v":23.01},{"$f":"TRUNC(G1101*H1101,2)","v":0.78}]
["Composição Auxiliar",88267,"SINAPI","ENCANADOR OU BOMBEIRO HIDRÁULICO COM ENCARGOS COMPLEMENTARES","SEDI - SERVIÇOS DIVERSOS","H",3.4299999999999997E-2,{"$f":"IF(A1102=\"Composição Auxiliar\",VLOOKUP(B1102,'SINAPI COMPOSIÇÃO'!$A$2:$E$10256,4,FALSE),IF(A1102=\"Insumo\",IF(VLOOKUP(B1102,'SINAPI INSUMOS'!$A$2:$F$4852,5,FALSE)=OR(\"\",0),VLOOKUP(B1102,'SINAPI INSUMOS'!$A$2:$F$4852,6,FALSE),VLOOKUP(B1102,'SINAPI INSUMOS'!$A$2:$F$4852,5,FALSE)),\"VERIFICAR\"))","v":27.01},{"$f":"TRUNC(G1102*H1102,2)","v":0.92}]
["Insumo",3518,"SINAPI","JOELHO PVC, SOLDAVEL, PB, 45 GRAUS, DN 50 MM, PARA ESGOTO PREDIAL","Material","UN",1,{"$f":"IF(A1103=\"Composição Auxiliar\",VLOOKUP(B1103,'SINAPI COMPOSIÇÃO'!$A$2:$E$10256,4,FALSE),IF(A1103=\"Insumo\",IF(VLOOKUP(B1103,'SINAPI INSUMOS'!$A$2:$F$4852,5,FALSE)=OR(\"\",0),VLOOKUP(B1103,'SINAPI INSUMOS'!$A$2:$F$4852,6,FALSE),VLOOKUP(B1103,'SINAPI INSUMOS'!$A$2:$F$4852,5,FALSE)),\"VERIFICAR\"))","v":2.96},{"$f":"TRUNC(G1103*H1103,2)","v":2.96}]
["Insumo",20078,"SINAPI","PASTA LUBRIFICANTE PARA TUBOS E CONEXOES COM JUNTA ELASTICA, EMBALAGEM DE *400* GR (USO EM PVC, ACO, POLIETILENO E OUTROS)","Material","UN",0.05,{"$f":"IF(A1104=\"Composição Auxiliar\",VLOOKUP(B1104,'SINAPI COMPOSIÇÃO'!$A$2:$E$10256,4,FALSE),IF(A1104=\"Insumo\",IF(VLOOKUP(B1104,'SINAPI INSUMOS'!$A$2:$F$4852,5,FALSE)=OR(\"\",0),VLOOKUP(B1104,'SINAPI INSUMOS'!$A$2:$F$4852,6,FALSE),VLOOKUP(B1104,'SINAPI INSUMOS'!$A$2:$F$4852,5,FALSE)),\"VERIFICAR\"))","v":29.34},{"$f":"TRUNC(G1104*H1104,2)","v":1.46}]
["Insumo",296,"SINAPI","ANEL BORRACHA PARA TUBO ESGOTO PREDIAL, DN 50 MM (NBR 5688)","Material","UN",2,{"$f":"IF(A1105=\"Composição Auxiliar\",VLOOKUP(B1105,'SINAPI COMPOSIÇÃO'!$A$2:$E$10256,4,FALSE),IF(A1105=\"Insumo\",IF(VLOOKUP(B1105,'SINAPI INSUMOS'!$A$2:$F$4852,5,FALSE)=OR(\"\",0),VLOOKUP(B1105,'SINAPI INSUMOS'!$A$2:$F$4852,6,FALSE),VLOOKUP(B1105,'SINAPI INSUMOS'!$A$2:$F$4852,5,FALSE)),\"VERIFICAR\"))","v":2.2599999999999998},{"$f":"TRUNC(G1105*H1105,2)","v":4.5199999999999996}]
["10.2.26","Código","Banco","Descrição","Tipo","Und","Quant.","Valor Unit","Total"]
["Composição",89798,"SINAPI","TUBO PVC, SERIE NORMAL, ESGOTO PREDIAL, DN 50 MM, FORNECIDO E INSTALADO EM PRUMADA DE ESGOTO SANITÁRIO OU VENTILAÇÃO. AF_08/2022","INHI - INSTALAÇÕES HIDROS SANITÁRIAS","M",1,{"$f":"I1107","v":10.990000000000002},{"$f":"SUM(I1108:I1111)","v":10.990000000000002}]
["Composição Auxiliar",88248,"SINAPI","AUXILIAR DE ENCANADOR OU BOMBEIRO HIDRÁULICO COM ENCARGOS COMPLEMENTARES","SEDI - SERVIÇOS DIVERSOS","H",4.1500000000000002E-2,{"$f":"IF(A1108=\"Composição Auxiliar\",VLOOKUP(B1108,'SINAPI COMPOSIÇÃO'!$A$2:$E$10256,4,FALSE),IF(A1108=\"Insumo\",IF(VLOOKUP(B1108,'SINAPI INSUMOS'!$A$2:$F$4852,5,FALSE)=OR(\"\",0),VLOOKUP(B1108,'SINAPI INSUMOS'!$A$2:$F$4852,6,FALSE),VLOOKUP(B1108,'SINAPI INSUMOS'!$A$2:$F$4852,5,FALSE)),\"VERIFICAR\"))","v":23.01},{"$f":"TRUNC(G1108*H1108,2)","v":0.95}]
["Composição Auxiliar",88267,"SINAPI","ENCANADOR OU BOMBEIRO HIDRÁULICO COM ENCARGOS COMPLEMENTARES","SEDI - SERVIÇOS DIVERSOS","H",4.1500000000000002E-2,{"$f":"IF(A1109=\"Composição Auxiliar\",VLOOKUP(B1109,'SINAPI COMPOSIÇÃO'!$A$2:$E$10256,4,FALSE),IF(A1109=\"Insumo\",IF(VLOOKUP(B1109,'SINAPI INSUMOS'!$A$2:$F$4852,5,FALSE)=OR(\"\",0),VLOOKUP(B1109,'SINAPI INSUMOS'!$A$2:$F$4852,6,FALSE),VLOOKUP(B1109,'SINAPI INSUMOS'!$A$2:$F$4852,5,FALSE)),\"VERIFICAR\"))","v":27.01},{"$f":"TRUNC(G1109*H1109,2)","v":1.1200000000000001}]
["Insumo",38383,"SINAPI","LIXA D'AGUA EM FOLHA, COR PRETA, GRAO 100","Material","UN",2.3E-2,{"$f":"IF(A1110=\"Composição Auxiliar\",VLOOKUP(B1110,'SINAPI COMPOSIÇÃO'!$A$2:$E$10256,4,FALSE),IF(A1110=\"Insumo\",IF(VLOOKUP(B1110,'SINAPI INSUMOS'!$A$2:$F$4852,5,FALSE)=OR(\"\",0),VLOOKUP(B1110,'SINAPI INSUMOS'!$A$2:$F$4852,6,FALSE),VLOOKUP(B1110,'SINAPI INSUMOS'!$A$2:$F$4852,5,FALSE)),\"VERIFICAR\"))","v":2},{"$f":"TRUNC(G1110*H1110,2)","v":0.04}]
["Insumo",9838,"SINAPI","TUBO PVC SERIE NORMAL, DN 50 MM, PARA ESGOTO PREDIAL (NBR 5688)","Material","M",1.0548999999999999,{"$f":"IF(A1111=\"Composição Auxiliar\",VLOOKUP(B1111,'SINAPI COMPOSIÇÃO'!$A$2:$E$10256,4,FALSE),IF(A1111=\"Insumo\",IF(VLOOKUP(B1111,'SINAPI INSUMOS'!$A$2:$F$4852,5,FALSE)=OR(\"\",0),VLOOKUP(B1111,'SINAPI INSUMOS'!$A$2:$F$4852,6,FALSE),VLOOKUP(B1111,'SINAPI INSUMOS'!$A$2:$F$4852,5,FALSE)),\"VERIFICAR\"))","v":8.42},{"$f":"TRUNC(G1111*H1111,2)","v":8.8800000000000008}]
["10.2.27","Código","Banco","Descrição","Tipo","Und","Quant.","Valor Unit","Total"]
["Composição",89800,"SINAPI","TUBO PVC, SERIE NORMAL, ESGOTO PREDIAL, DN 100 MM, FORNECIDO E INSTALADO EM PRUMADA DE ESGOTO SANITÁRIO OU VENTILAÇÃO. AF_08/2022","INHI - INSTALAÇÕES HIDROS SANITÁRIAS","M",1,{"$f":"I1113","v":25.48},{"$f":"SUM(I1114:I1117)","v":25.48}]
["Composição Auxiliar",88248,"SINAPI","AUXILIAR DE ENCANADOR OU BOMBEIRO HIDRÁULICO COM ENCARGOS COMPLEMENTARES","SEDI - SERVIÇOS DIVERSOS","H",0.26319999999999999,{"$f":"IF(A1114=\"Composição Auxiliar\",VLOOKUP(B1114,'SINAPI COMPOSIÇÃO'!$A$2:$E$10256,4,FALSE),IF(A1114=\"Insumo\",IF(VLOOKUP(B1114,'SINAPI INSUMOS'!$A$2:$F$4852,5,FALSE)=OR(\"\",0),VLOOKUP(B1114,'SINAPI INSUMOS'!$A$2:$F$4852,6,FALSE),VLOOKUP(B1114,'SINAPI INSUMOS'!$A$2:$F$4852,5,FALSE)),\"VERIFICAR\"))","v":23.01},{"$f":"TRUNC(G1114*H1114,2)","v":6.05}]
["Composição Auxiliar",88267,"SINAPI","ENCANADOR OU BOMBEIRO HIDRÁULICO COM ENCARGOS COMPLEMENTARES","SEDI - SERVIÇOS DIVERSOS","H",0.26319999999999999,{"$f":"IF(A1115=\"Composição Auxiliar\",VLOOKUP(B1115,'SINAPI COMPOSIÇÃO'!$A$2:$E$10256,4,FALSE),IF(A1115=\"Insumo\",IF(VLOOKUP(B1115,'SINAPI INSUMOS'!$A$2:$F$4852,5,FALSE)=OR(\"\",0),VLOOKUP(B1115,'SINAPI INSUMOS'!$A$2:$F$4852,6,FALSE),VLOOKUP(B1115,'SINAPI INSUMOS'!$A$2:$F$4852,5,FALSE)),\"VERIFICAR\"))","v":27.01},{"$f":"TRUNC(G1115*H1115,2)","v":7.1}]
["Insumo",9836,"SINAPI","TUBO PVC SERIE NORMAL, DN 100 MM, PARA ESGOTO PREDIAL (NBR 5688)","Material","M",1.0548999999999999,{"$f":"IF(A1116=\"Composição Auxiliar\",VLOOKUP(B1116,'SINAPI COMPOSIÇÃO'!$A$2:$E$10256,4,FALSE),IF(A1116=\"Insumo\",IF(VLOOKUP(B1116,'SINAPI INSUMOS'!$A$2:$F$4852,5,FALSE)=OR(\"\",0),VLOOKUP(B1116,'SINAPI INSUMOS'!$A$2:$F$4852,6,FALSE),VLOOKUP(B1116,'SINAPI INSUMOS'!$A$2:$F$4852,5,FALSE)),\"VERIFICAR\"))","v":11.67},{"$f":"TRUNC(G1116*H1116,2)","v":12.31}]
["Insumo",38383,"SINAPI","LIXA D'AGUA EM FOLHA, COR PRETA, GRAO 100","Material","UN",1.46E-2,{"$f":"IF(A1117=\"Composição Auxiliar\",VLOOKUP(B1117,'SINAPI COMPOSIÇÃO'!$A$2:$E$10256,4,FALSE),IF(A1117=\"Insumo\",IF(VLOOKUP(B1117,'SINAPI INSUMOS'!$A$2:$F$4852,5,FALSE)=OR(\"\",0),VLOOKUP(B1117,'SINAPI INSUMOS'!$A$2:$F$4852,6,FALSE),VLOOKUP(B1117,'SINAPI INSUMOS'!$A$2:$F$4852,5,FALSE)),\"VERIFICAR\"))","v":2},{"$f":"TRUNC(G1117*H1117,2)","v":0.02}]
["10.2.28","Código","Banco","Descrição","Tipo","Und","Quant.","Valor Unit","Total"]
["Composição",104356,"SINAPI","TERMINAL DE VENTILAÇÃO, PVC, SÉRIE NORMAL, ESGOTO PREDIAL, DN 100 MM, JUNTA SOLDÁVEL, FORNECIDO E INSTALADO EM PRUMADA DE ESGOTO SANITÁRIO OU VENTILAÇÃO. AF_08/2022","INHI - INSTALAÇÕES HIDROS SANITÁRIAS","UN",1,{"$f":"I1119","v":25.75},{"$f":"SUM(I1120:I1125)","v":25.75}]
["Composição Auxiliar",88267,"SINAPI","ENCANADOR OU BOMBEIRO HIDRÁULICO COM ENCARGOS COMPLEMENTARES","SEDI - SERVIÇOS DIVERSOS","H",7.2400000000000006E-2,{"$f":"IF(A1120=\"Composição Auxiliar\",VLOOKUP(B1120,'SINAPI COMPOSIÇÃO'!$A$2:$E$10256,4,FALSE),IF(A1120=\"Insumo\",IF(VLOOKUP(B1120,'SINAPI INSUMOS'!$A$2:$F$4852,5,FALSE)=OR(\"\",0),VLOOKUP(B1120,'SINAPI INSUMOS'!$A$2:$F$4852,6,FALSE),VLOOKUP(B1120,'SINAPI INSUMOS'!$A$2:$F$4852,5,FALSE)),\"VERIFICAR\"))","v":27.01},{"$f":"TRUNC(G1120*H1120,2)","v":1.95}]
["Composição Auxiliar",88248,"SINAPI","AUXILIAR DE ENCANADOR OU BOMBEIRO HIDRÁULICO COM ENCARGOS COMPLEMENTARES","SEDI - SERVIÇOS DIVERSOS","H",7.2400000000000006E-2,{"$f":"IF(A1121=\"Composição Auxiliar\",VLOOKUP(B1121,'SINAPI COMPOSIÇÃO'!$A$2:$E$10256,4,FALSE),IF(A1121=\"Insumo\",IF(VLOOKUP(B1121,'SINAPI INSUMOS'!$A$2:$F$4852,5,FALSE)=OR(\"\",0),VLOOKUP(B1121,'SINAPI INSUMOS'!$A$2:$F$4852,6,FALSE),VLOOKUP(B1121,'SINAPI INSUMOS'!$A$2:$F$4852,5,FALSE)),\"VERIFICAR\"))","v":23.01},1.66]
["Insumo",38383,"SINAPI","LIXA D'AGUA EM FOLHA, COR PRETA, GRAO 100","Material","UN",5.4000000000000003E-3,{"$f":"IF(A1122=\"Composição Auxiliar\",VLOOKUP(B1122,'SINAPI COMPOSIÇÃO'!$A$2:$E$10256,4,FALSE),IF(A1122=\"Insumo\",IF(VLOOKUP(B1122,'SINAPI INSUMOS'!$A$2:$F$4852,5,FALSE)=OR(\"\",0),VLOOKUP(B1122,'SINAPI INSUMOS'!$A$2:$F$4852,6,FALSE),VLOOKUP(B1122,'SINAPI INSUMOS'!$A$2:$F$4852,5,FALSE)),\"VERIFICAR\"))","v":2},0.01]
["Insumo",20083,"SINAPI","SOLUCAO PREPARADORA / LIMPADORA PARA PVC, FRASCO COM 1000 CM3","Material","UN",0.04,{"$f":"IF(A1123=\"Composição Auxiliar\",VLOOKUP(B1123,'SINAPI COMPOSIÇÃO'!$A$2:$E$10256,4,FALSE),IF(A1123=\"Insumo\",IF(VLOOKUP(B1123,'SINAPI INSUMOS'!$A$2:$F$4852,5,FALSE)=OR(\"\",0),VLOOKUP(B1123,'SINAPI INSUMOS'!$A$2:$F$4852,6,FALSE),VLOOKUP(B1123,'SINAPI INSUMOS'!$A$2:$F$4852,5,FALSE)),\"VERIFICAR\"))","v":80.55},3.22]
["Insumo",122,"SINAPI","ADESIVO PLASTICO PARA PVC, FRASCO COM *850* GR","Material","UN",2.4500000000000001E-2,{"$f":"IF(A1124=\"Composição Auxiliar\",VLOOKUP(B1124,'SINAPI COMPOSIÇÃO'!$A$2:$E$10256,4,FALSE),IF(A1124=\"Insumo\",IF(VLOOKUP(B1124,'SINAPI INSUMOS'!$A$2:$F$4852,5,FALSE)=OR(\"\",0),VLOOKUP(B1124,'SINAPI INSUMOS'!$A$2:$F$4852,6,FALSE),VLOOKUP(B1124,'SINAPI INSUMOS'!$A$2:$F$4852,5,FALSE)),\"VERIFICAR\"))","v":71.09},1.74]
["Insumo",39321,"SINAPI","TERMINAL DE VENTILACAO, 100 MM, SERIE NORMAL, ESGOTO PREDIAL","Material","UN",1,{"$f":"IF(A1125=\"Composição Auxiliar\",VLOOKUP(B1125,'SINAPI COMPOSIÇÃO'!$A$2:$E$10256,4,FALSE),IF(A1125=\"Insumo\",IF(VLOOKUP(B1125,'SINAPI INSUMOS'!$A$2:$F$4852,5,FALSE)=OR(\"\",0),VLOOKUP(B1125,'SINAPI INSUMOS'!$A$2:$F$4852,6,FALSE),VLOOKUP(B1125,'SINAPI INSUMOS'!$A$2:$F$4852,5,FALSE)),\"VERIFICAR\"))","v":17.170000000000002},17.170000000000002]
["10.2.29","Código","Banco","Descrição","Tipo","Und","Quant.","Valor Unit","Total"]
["Composição",93358,"SINAPI","ESCAVAÇÃO MANUAL DE VALA. AF_09/2024","MOVT - MOVIMENTO DE TERRA","m³",1,{"$f":"I1127","v":84.33},{"$f":"SUM(I1128)","v":84.33}]
["Composição Auxiliar",88316,"SINAPI","SERVENTE COM ENCARGOS COMPLEMENTARES","SEDI - SERVIÇOS DIVERSOS","H",3.9557666999999999,{"$f":"IF(A1128=\"Composição Auxiliar\",VLOOKUP(B1128,'SINAPI COMPOSIÇÃO'!$A$2:$E$10256,4,FALSE),IF(A1128=\"Insumo\",IF(VLOOKUP(B1128,'SINAPI INSUMOS'!$A$2:$F$4852,5,FALSE)=OR(\"\",0),VLOOKUP(B1128,'SINAPI INSUMOS'!$A$2:$F$4852,6,FALSE),VLOOKUP(B1128,'SINAPI INSUMOS'!$A$2:$F$4852,5,FALSE)),\"VERIFICAR\"))","v":21.32},{"$f":"TRUNC(G1128*H1128,2)","v":84.33}]
["10.3",null,null,"LOUÇAS, METAIS, CAIXAS E ACESSÓRIOS"]
["10.3.1","Código","Banco","Descrição","Tipo","Und","Quant.","Valor Unit","Total"]
["Composição",100860,"SINAPI","CHUVEIRO ELÉTRICO COMUM CORPO PLÁSTICO, TIPO DUCHA - FORNECIMENTO E INSTALAÇÃO. AF_01/2020","INHI - INSTALAÇÕES HIDROS SANITÁRIAS","UN",1,{"$f":"I1131","v":131.65},{"$f":"SUM(I1132:I1135)","v":131.65}]
["Composição Auxiliar",88316,"SINAPI","SERVENTE COM ENCARGOS COMPLEMENTARES","SEDI - SERVIÇOS DIVERSOS","H",0.45354359999999999,{"$f":"IF(A1132=\"Composição Auxiliar\",VLOOKUP(B1132,'SINAPI COMPOSIÇÃO'!$A$2:$E$10256,4,FALSE),IF(A1132=\"Insumo\",IF(VLOOKUP(B1132,'SINAPI INSUMOS'!$A$2:$F$4852,5,FALSE)=OR(\"\",0),VLOOKUP(B1132,'SINAPI INSUMOS'!$A$2:$F$4852,6,FALSE),VLOOKUP(B1132,'SINAPI INSUMOS'!$A$2:$F$4852,5,FALSE)),\"VERIFICAR\"))","v":21.32},{"$f":"TRUNC(G1132*H1132,2)","v":9.66}]
["Composição Auxiliar",88267,"SINAPI","ENCANADOR OU BOMBEIRO HIDRÁULICO COM ENCARGOS COMPLEMENTARES","SEDI - SERVIÇOS DIVERSOS","H",1.1816004,{"$f":"IF(A1133=\"Composição Auxiliar\",VLOOKUP(B1133,'SINAPI COMPOSIÇÃO'!$A$2:$E$10256,4,FALSE),IF(A1133=\"Insumo\",IF(VLOOKUP(B1133,'SINAPI INSUMOS'!$A$2:$F$4852,5,FALSE)=OR(\"\",0),VLOOKUP(B1133,'SINAPI INSUMOS'!$A$2:$F$4852,6,FALSE),VLOOKUP(B1133,'SINAPI INSUMOS'!$A$2:$F$4852,5,FALSE)),\"VERIFICAR\"))","v":27.01},{"$f":"TRUNC(G1133*H1133,2)","v":31.91}]
["Insumo",1368,"SINAPI","CHUVEIRO COMUM EM PLASTICO BRANCO, COM CANO, 3 TEMPERATURAS, 5500 W (110/220 V)","Material","UN",1,{"$f":"IF(A1134=\"Composição Auxiliar\",VLOOKUP(B1134,'SINAPI COMPOSIÇÃO'!$A$2:$E$10256,4,FALSE),IF(A1134=\"Insumo\",IF(VLOOKUP(B1134,'SINAPI INSUMOS'!$A$2:$F$4852,5,FALSE)=OR(\"\",0),VLOOKUP(B1134,'SINAPI INSUMOS'!$A$2:$F$4852,6,FALSE),VLOOKUP(B1134,'SINAPI INSUMOS'!$A$2:$F$4852,5,FALSE)),\"VERIFICAR\"))","v":90},{"$f":"TRUNC(G1134*H1134,2)","v":90}]
["Insumo",3146,"SINAPI","FITA VEDA ROSCA, EM PTFE, ROLO DE 18 MM X 10 M (L X C)","Material","UN",2.1000000000000001E-2,{"$f":"IF(A1135=\"Composição Auxiliar\",VLOOKUP(B1135,'SINAPI COMPOSIÇÃO'!$A$2:$E$10256,4,FALSE),IF(A1135=\"Insumo\",IF(VLOOKUP(B1135,'SINAPI INSUMOS'!$A$2:$F$4852,5,FALSE)=OR(\"\",0),VLOOKUP(B1135,'SINAPI INSUMOS'!$A$2:$F$4852,6,FALSE),VLOOKUP(B1135,'SINAPI INSUMOS'!$A$2:$F$4852,5,FALSE)),\"VERIFICAR\"))","v":3.89},{"$f":"TRUNC(G1135*H1135,2)","v":0.08}]
["10.3.2","Código","Banco","Descrição","Tipo","Und","Quant.","Valor Unit","Total"]
["Composição",100858,"SINAPI","MICTÓRIO SIFONADO LOUÇA BRANCA - PADRÃO MÉDIO - FORNECIMENTO E INSTALAÇÃO. AF_02/2026","INHI - INSTALAÇÕES HIDROS SANITÁRIAS","UN",1,{"$f":"I1137","v":729.52999999999986},{"$f":"SUM(I1138:I1143)","v":729.52999999999986}]
["Composição Auxiliar",88267,"SINAPI","ENCANADOR OU BOMBEIRO HIDRÁULICO COM ENCARGOS COMPLEMENTARES","SEDI - SERVIÇOS DIVERSOS","H",1.0697173,{"$f":"IF(A1138=\"Composição Auxiliar\",VLOOKUP(B1138,'SINAPI COMPOSIÇÃO'!$A$2:$E$10256,4,FALSE),IF(A1138=\"Insumo\",IF(VLOOKUP(B1138,'SINAPI INSUMOS'!$A$2:$F$4852,5,FALSE)=OR(\"\",0),VLOOKUP(B1138,'SINAPI INSUMOS'!$A$2:$F$4852,6,FALSE),VLOOKUP(B1138,'SINAPI INSUMOS'!$A$2:$F$4852,5,FALSE)),\"VERIFICAR\"))","v":27.01},{"$f":"TRUNC(G1138*H1138,2)","v":28.89}]
["Composição Auxiliar",88316,"SINAPI","SERVENTE COM ENCARGOS COMPLEMENTARES","SEDI - SERVIÇOS DIVERSOS","H",0.41059859999999998,{"$f":"IF(A1139=\"Composição Auxiliar\",VLOOKUP(B1139,'SINAPI COMPOSIÇÃO'!$A$2:$E$10256,4,FALSE),IF(A1139=\"Insumo\",IF(VLOOKUP(B1139,'SINAPI INSUMOS'!$A$2:$F$4852,5,FALSE)=OR(\"\",0),VLOOKUP(B1139,'SINAPI INSUMOS'!$A$2:$F$4852,6,FALSE),VLOOKUP(B1139,'SINAPI INSUMOS'!$A$2:$F$4852,5,FALSE)),\"VERIFICAR\"))","v":21.32},8.75]
["Insumo",21112,"SINAPI","VALVULA DE DESCARGA EM METAL CROMADO PARA MICTORIO COM ACIONAMENTO POR PRESSAO E FECHAMENTO AUTOMATICO","Material","UN",1,{"$f":"IF(A1140=\"Composição Auxiliar\",VLOOKUP(B1140,'SINAPI COMPOSIÇÃO'!$A$2:$E$10256,4,FALSE),IF(A1140=\"Insumo\",IF(VLOOKUP(B1140,'SINAPI INSUMOS'!$A$2:$F$4852,5,FALSE)=OR(\"\",0),VLOOKUP(B1140,'SINAPI INSUMOS'!$A$2:$F$4852,6,FALSE),VLOOKUP(B1140,'SINAPI INSUMOS'!$A$2:$F$4852,5,FALSE)),\"VERIFICAR\"))","v":333.74},333.74]
["Insumo",3146,"SINAPI","FITA VEDA ROSCA, EM PTFE, ROLO DE 18 MM X 10 M (L X C)","Material","UN",2.1000000000000001E-2,{"$f":"IF(A1141=\"Composição Auxiliar\",VLOOKUP(B1141,'SINAPI COMPOSIÇÃO'!$A$2:$E$10256,4,FALSE),IF(A1141=\"Insumo\",IF(VLOOKUP(B1141,'SINAPI INSUMOS'!$A$2:$F$4852,5,FALSE)=OR(\"\",0),VLOOKUP(B1141,'SINAPI INSUMOS'!$A$2:$F$4852,6,FALSE),VLOOKUP(B1141,'SINAPI INSUMOS'!$A$2:$F$4852,5,FALSE)),\"VERIFICAR\"))","v":3.89},0.08]
["Insumo",10432,"SINAPI","MICTORIO INDIVIDUAL, SIFONADO, DE LOUCA BRANCA, SEM COMPLEMENTOS","Material","UN",1,{"$f":"IF(A1142=\"Composição Auxiliar\",VLOOKUP(B1142,'SINAPI COMPOSIÇÃO'!$A$2:$E$10256,4,FALSE),IF(A1142=\"Insumo\",IF(VLOOKUP(B1142,'SINAPI INSUMOS'!$A$2:$F$4852,5,FALSE)=OR(\"\",0),VLOOKUP(B1142,'SINAPI INSUMOS'!$A$2:$F$4852,6,FALSE),VLOOKUP(B1142,'SINAPI INSUMOS'!$A$2:$F$4852,5,FALSE)),\"VERIFICAR\"))","v":313.39},313.39]
["Insumo",4351,"SINAPI","PARAFUSO NIQUELADO 3 1/2\" COM ACABAMENTO CROMADO PARA FIXAR PECA SANITARIA, INCLUI PORCA CEGA, ARRUELA E BUCHA DE NYLON TAMANHO S-8","Material","UN",2,{"$f":"IF(A1143=\"Composição Auxiliar\",VLOOKUP(B1143,'SINAPI COMPOSIÇÃO'!$A$2:$E$10256,4,FALSE),IF(A1143=\"Insumo\",IF(VLOOKUP(B1143,'SINAPI INSUMOS'!$A$2:$F$4852,5,FALSE)=OR(\"\",0),VLOOKUP(B1143,'SINAPI INSUMOS'!$A$2:$F$4852,6,FALSE),VLOOKUP(B1143,'SINAPI INSUMOS'!$A$2:$F$4852,5,FALSE)),\"VERIFICAR\"))","v":22.34},44.68]
["10.3.3","Código","Banco","Descrição","Tipo","Und","Quant.","Valor Unit","Total"]
["Composição",86909,"SINAPI","TORNEIRA CROMADA TUBO MÓVEL, DE MESA, 1/2\" OU 3/4\", PARA PIA DE COZINHA, PADRÃO ALTO - FORNECIMENTO E INSTALAÇÃO. AF_02/2026","INHI - INSTALAÇÕES HIDROS SANITÁRIAS","UN",1,{"$f":"I1145","v":248.91},{"$f":"SUM(I1146:I1148)","v":248.91}]
["Composição Auxiliar",88316,"SINAPI","SERVENTE COM ENCARGOS COMPLEMENTARES","SEDI - SERVIÇOS DIVERSOS","H",6.7820000000000005E-2,{"$f":"IF(A1146=\"Composição Auxiliar\",VLOOKUP(B1146,'SINAPI COMPOSIÇÃO'!$A$2:$E$10256,4,FALSE),IF(A1146=\"Insumo\",IF(VLOOKUP(B1146,'SINAPI INSUMOS'!$A$2:$F$4852,5,FALSE)=OR(\"\",0),VLOOKUP(B1146,'SINAPI INSUMOS'!$A$2:$F$4852,6,FALSE),VLOOKUP(B1146,'SINAPI INSUMOS'!$A$2:$F$4852,5,FALSE)),\"VERIFICAR\"))","v":21.32},{"$f":"TRUNC(G1146*H1146,2)","v":1.44}]
["Composição Auxiliar",88267,"SINAPI","ENCANADOR OU BOMBEIRO HIDRÁULICO COM ENCARGOS COMPLEMENTARES","SEDI - SERVIÇOS DIVERSOS","H",0.17668900000000001,{"$f":"IF(A1147=\"Composição Auxiliar\",VLOOKUP(B1147,'SINAPI COMPOSIÇÃO'!$A$2:$E$10256,4,FALSE),IF(A1147=\"Insumo\",IF(VLOOKUP(B1147,'SINAPI INSUMOS'!$A$2:$F$4852,5,FALSE)=OR(\"\",0),VLOOKUP(B1147,'SINAPI INSUMOS'!$A$2:$F$4852,6,FALSE),VLOOKUP(B1147,'SINAPI INSUMOS'!$A$2:$F$4852,5,FALSE)),\"VERIFICAR\"))","v":27.01},{"$f":"TRUNC(G1147*H1147,2)","v":4.7699999999999996}]
["Insumo",11772,"SINAPI","TORNEIRA METALICA CROMADA, DE MESA/BANCADA, PARA COZINHA, BICA MOVEL, COM AREJADOR, 1/2\" OU 3/4\"","Material","UN",1,{"$f":"IF(A1148=\"Composição Auxiliar\",VLOOKUP(B1148,'SINAPI COMPOSIÇÃO'!$A$2:$E$10256,4,FALSE),IF(A1148=\"Insumo\",IF(VLOOKUP(B1148,'SINAPI INSUMOS'!$A$2:$F$4852,5,FALSE)=OR(\"\",0),VLOOKUP(B1148,'SINAPI INSUMOS'!$A$2:$F$4852,6,FALSE),VLOOKUP(B1148,'SINAPI INSUMOS'!$A$2:$F$4852,5,FALSE)),\"VERIFICAR\"))","v":242.7},{"$f":"TRUNC(G1148*H1148,2)","v":242.7}]
["10.3.4","Código","Banco","Descrição","Tipo","Und","Quant.","Valor Unit","Total"]
["Composição",86915,"SINAPI","TORNEIRA CROMADA DE MESA, 1/2\" OU 3/4\", PARA LAVATÓRIO, PADRÃO MÉDIO - FORNECIMENTO E INSTALAÇÃO. AF_02/2026","INHI - INSTALAÇÕES HIDROS SANITÁRIAS","UN",1,{"$f":"I1150","v":276.33},{"$f":"SUM(I1151:I1153)","v":276.33}]
["Composição Auxiliar",88316,"SINAPI","SERVENTE COM ENCARGOS COMPLEMENTARES","SEDI - SERVIÇOS DIVERSOS","H",3.5634300000000001E-2,{"$f":"IF(A1151=\"Composição Auxiliar\",VLOOKUP(B1151,'SINAPI COMPOSIÇÃO'!$A$2:$E$10256,4,FALSE),IF(A1151=\"Insumo\",IF(VLOOKUP(B1151,'SINAPI INSUMOS'!$A$2:$F$4852,5,FALSE)=OR(\"\",0),VLOOKUP(B1151,'SINAPI INSUMOS'!$A$2:$F$4852,6,FALSE),VLOOKUP(B1151,'SINAPI INSUMOS'!$A$2:$F$4852,5,FALSE)),\"VERIFICAR\"))","v":21.32},{"$f":"TRUNC(G1151*H1151,2)","v":0.75}]
["Composição Auxiliar",88267,"SINAPI","ENCANADOR OU BOMBEIRO HIDRÁULICO COM ENCARGOS COMPLEMENTARES","SEDI - SERVIÇOS DIVERSOS","H",9.2836600000000005E-2,{"$f":"IF(A1152=\"Composição Auxiliar\",VLOOKUP(B1152,'SINAPI COMPOSIÇÃO'!$A$2:$E$10256,4,FALSE),IF(A1152=\"Insumo\",IF(VLOOKUP(B1152,'SINAPI INSUMOS'!$A$2:$F$4852,5,FALSE)=OR(\"\",0),VLOOKUP(B1152,'SINAPI INSUMOS'!$A$2:$F$4852,6,FALSE),VLOOKUP(B1152,'SINAPI INSUMOS'!$A$2:$F$4852,5,FALSE)),\"VERIFICAR\"))","v":27.01},{"$f":"TRUNC(G1152*H1152,2)","v":2.5}]
["Insumo",36791,"SINAPI","TORNEIRA METALICA CROMADA DE MESA PARA LAVATORIO, BICA ALTA, COM AREJADOR","Material","UN",1,{"$f":"IF(A1153=\"Composição Auxiliar\",VLOOKUP(B1153,'SINAPI COMPOSIÇÃO'!$A$2:$E$10256,4,FALSE),IF(A1153=\"Insumo\",IF(VLOOKUP(B1153,'SINAPI INSUMOS'!$A$2:$F$4852,5,FALSE)=OR(\"\",0),VLOOKUP(B1153,'SINAPI INSUMOS'!$A$2:$F$4852,6,FALSE),VLOOKUP(B1153,'SINAPI INSUMOS'!$A$2:$F$4852,5,FALSE)),\"VERIFICAR\"))","v":273.08},{"$f":"TRUNC(G1153*H1153,2)","v":273.08}]
["10.3.5","Código","Banco","Descrição","Tipo","Und","Quant.","Valor Unit","Total"]
["Composição",86888,"SINAPI","VASO SANITÁRIO SIFONADO COM CAIXA ACOPLADA LOUÇA BRANCA - FORNECIMENTO E INSTALAÇÃO. AF_02/2026","INHI - INSTALAÇÕES HIDROS SANITÁRIAS","UN",1,{"$f":"I1155","v":449.84},{"$f":"SUM(I1156:I1161)","v":449.84}]
["Composição Auxiliar",88316,"SINAPI","SERVENTE COM ENCARGOS COMPLEMENTARES","SEDI - SERVIÇOS DIVERSOS","H",0.58025950000000004,{"$f":"IF(A1156=\"Composição Auxiliar\",VLOOKUP(B1156,'SINAPI COMPOSIÇÃO'!$A$2:$E$10256,4,FALSE),IF(A1156=\"Insumo\",IF(VLOOKUP(B1156,'SINAPI INSUMOS'!$A$2:$F$4852,5,FALSE)=OR(\"\",0),VLOOKUP(B1156,'SINAPI INSUMOS'!$A$2:$F$4852,6,FALSE),VLOOKUP(B1156,'SINAPI INSUMOS'!$A$2:$F$4852,5,FALSE)),\"VERIFICAR\"))","v":21.32},{"$f":"TRUNC(G1156*H1156,2)","v":12.37}]
["Composição Auxiliar",88267,"SINAPI","ENCANADOR OU BOMBEIRO HIDRÁULICO COM ENCARGOS COMPLEMENTARES","SEDI - SERVIÇOS DIVERSOS","H",0.86248199999999997,{"$f":"IF(A1157=\"Composição Auxiliar\",VLOOKUP(B1157,'SINAPI COMPOSIÇÃO'!$A$2:$E$10256,4,FALSE),IF(A1157=\"Insumo\",IF(VLOOKUP(B1157,'SINAPI INSUMOS'!$A$2:$F$4852,5,FALSE)=OR(\"\",0),VLOOKUP(B1157,'SINAPI INSUMOS'!$A$2:$F$4852,6,FALSE),VLOOKUP(B1157,'SINAPI INSUMOS'!$A$2:$F$4852,5,FALSE)),\"VERIFICAR\"))","v":27.01},23.29]
["Insumo",6138,"SINAPI","ANEL DE VEDACAO, PVC FLEXIVEL, 100 MM, PARA SAIDA DE BACIA / VASO SANITARIO","Material","UN",1,{"$f":"IF(A1158=\"Composição Auxiliar\",VLOOKUP(B1158,'SINAPI COMPOSIÇÃO'!$A$2:$E$10256,4,FALSE),IF(A1158=\"Insumo\",IF(VLOOKUP(B1158,'SINAPI INSUMOS'!$A$2:$F$4852,5,FALSE)=OR(\"\",0),VLOOKUP(B1158,'SINAPI INSUMOS'!$A$2:$F$4852,6,FALSE),VLOOKUP(B1158,'SINAPI INSUMOS'!$A$2:$F$4852,5,FALSE)),\"VERIFICAR\"))","v":14.48},14.48]
["Insumo",10422,"SINAPI","BACIA SANITARIA (VASO) COM CAIXA ACOPLADA, SIFAO APARENTE, DE LOUCA BRANCA (SEM ASSENTO)","Material","UN",1,{"$f":"IF(A1159=\"Composição Auxiliar\",VLOOKUP(B1159,'SINAPI COMPOSIÇÃO'!$A$2:$E$10256,4,FALSE),IF(A1159=\"Insumo\",IF(VLOOKUP(B1159,'SINAPI INSUMOS'!$A$2:$F$4852,5,FALSE)=OR(\"\",0),VLOOKUP(B1159,'SINAPI INSUMOS'!$A$2:$F$4852,6,FALSE),VLOOKUP(B1159,'SINAPI INSUMOS'!$A$2:$F$4852,5,FALSE)),\"VERIFICAR\"))","v":336.45},336.45]
["Insumo",37329,"SINAPI","REJUNTE EPOXI, QUALQUER COR","Material","KG",2.2034999999999999E-2,{"$f":"IF(A1160=\"Composição Auxiliar\",VLOOKUP(B1160,'SINAPI COMPOSIÇÃO'!$A$2:$E$10256,4,FALSE),IF(A1160=\"Insumo\",IF(VLOOKUP(B1160,'SINAPI INSUMOS'!$A$2:$F$4852,5,FALSE)=OR(\"\",0),VLOOKUP(B1160,'SINAPI INSUMOS'!$A$2:$F$4852,6,FALSE),VLOOKUP(B1160,'SINAPI INSUMOS'!$A$2:$F$4852,5,FALSE)),\"VERIFICAR\"))","v":136.04},2.99]
["Insumo",4384,"SINAPI","PARAFUSO NIQUELADO COM ACABAMENTO CROMADO PARA FIXAR PECA SANITARIA, INCLUI PORCA CEGA, ARRUELA E BUCHA DE NYLON TAMANHO S-10","Material","UN",2,{"$f":"IF(A1161=\"Composição Auxiliar\",VLOOKUP(B1161,'SINAPI COMPOSIÇÃO'!$A$2:$E$10256,4,FALSE),IF(A1161=\"Insumo\",IF(VLOOKUP(B1161,'SINAPI INSUMOS'!$A$2:$F$4852,5,FALSE)=OR(\"\",0),VLOOKUP(B1161,'SINAPI INSUMOS'!$A$2:$F$4852,6,FALSE),VLOOKUP(B1161,'SINAPI INSUMOS'!$A$2:$F$4852,5,FALSE)),\"VERIFICAR\"))","v":30.13},60.26]
["10.3.6","Código","Banco","Descrição","Tipo","Und","Quant.","Valor Unit","Total"]
["Composição",95471,"SINAPI","VASO SANITARIO SIFONADO CONVENCIONAL PARA PCD SEM FURO FRONTAL COM  LOUÇA BRANCA SEM ASSENTO -  FORNECIMENTO E INSTALAÇÃO. AF_02/2026","INHI - INSTALAÇÕES HIDROS SANITÁRIAS","UN",1,{"$f":"I1163","v":713.71999999999991},{"$f":"SUM(I1164:I1170)","v":713.71999999999991}]
["Composição Auxiliar",88267,"SINAPI","ENCANADOR OU BOMBEIRO HIDRÁULICO COM ENCARGOS COMPLEMENTARES","SEDI - SERVIÇOS DIVERSOS","H",1.4805942000000001,{"$f":"IF(A1164=\"Composição Auxiliar\",VLOOKUP(B1164,'SINAPI COMPOSIÇÃO'!$A$2:$E$10256,4,FALSE),IF(A1164=\"Insumo\",IF(VLOOKUP(B1164,'SINAPI INSUMOS'!$A$2:$F$4852,5,FALSE)=OR(\"\",0),VLOOKUP(B1164,'SINAPI INSUMOS'!$A$2:$F$4852,6,FALSE),VLOOKUP(B1164,'SINAPI INSUMOS'!$A$2:$F$4852,5,FALSE)),\"VERIFICAR\"))","v":27.01},{"$f":"TRUNC(G1164*H1164,2)","v":39.99}]
["Composição Auxiliar",88316,"SINAPI","SERVENTE COM ENCARGOS COMPLEMENTARES","SEDI - SERVIÇOS DIVERSOS","H",0.81751470000000004,{"$f":"IF(A1165=\"Composição Auxiliar\",VLOOKUP(B1165,'SINAPI COMPOSIÇÃO'!$A$2:$E$10256,4,FALSE),IF(A1165=\"Insumo\",IF(VLOOKUP(B1165,'SINAPI INSUMOS'!$A$2:$F$4852,5,FALSE)=OR(\"\",0),VLOOKUP(B1165,'SINAPI INSUMOS'!$A$2:$F$4852,6,FALSE),VLOOKUP(B1165,'SINAPI INSUMOS'!$A$2:$F$4852,5,FALSE)),\"VERIFICAR\"))","v":21.32},17.420000000000002]
["Insumo",4384,"SINAPI","PARAFUSO NIQUELADO COM ACABAMENTO CROMADO PARA FIXAR PECA SANITARIA, INCLUI PORCA CEGA, ARRUELA E BUCHA DE NYLON TAMANHO S-10","Material","UN",2,{"$f":"IF(A1166=\"Composição Auxiliar\",VLOOKUP(B1166,'SINAPI COMPOSIÇÃO'!$A$2:$E$10256,4,FALSE),IF(A1166=\"Insumo\",IF(VLOOKUP(B1166,'SINAPI INSUMOS'!$A$2:$F$4852,5,FALSE)=OR(\"\",0),VLOOKUP(B1166,'SINAPI INSUMOS'!$A$2:$F$4852,6,FALSE),VLOOKUP(B1166,'SINAPI INSUMOS'!$A$2:$F$4852,5,FALSE)),\"VERIFICAR\"))","v":30.13},60.26]
["Insumo",36520,"SINAPI","BACIA SANITARIA (VASO) CONVENCIONAL PARA PCD, SEM FURO FRONTAL, DE LOUCA BRANCA (SEM ASSENTO)","Material","UN",1,{"$f":"IF(A1167=\"Composição Auxiliar\",VLOOKUP(B1167,'SINAPI COMPOSIÇÃO'!$A$2:$E$10256,4,FALSE),IF(A1167=\"Insumo\",IF(VLOOKUP(B1167,'SINAPI INSUMOS'!$A$2:$F$4852,5,FALSE)=OR(\"\",0),VLOOKUP(B1167,'SINAPI INSUMOS'!$A$2:$F$4852,6,FALSE),VLOOKUP(B1167,'SINAPI INSUMOS'!$A$2:$F$4852,5,FALSE)),\"VERIFICAR\"))","v":566.28},566.28]
["Insumo",6138,"SINAPI","ANEL DE VEDACAO, PVC FLEXIVEL, 100 MM, PARA SAIDA DE BACIA / VASO SANITARIO","Material","UN",1,{"$f":"IF(A1168=\"Composição Auxiliar\",VLOOKUP(B1168,'SINAPI COMPOSIÇÃO'!$A$2:$E$10256,4,FALSE),IF(A1168=\"Insumo\",IF(VLOOKUP(B1168,'SINAPI INSUMOS'!$A$2:$F$4852,5,FALSE)=OR(\"\",0),VLOOKUP(B1168,'SINAPI INSUMOS'!$A$2:$F$4852,6,FALSE),VLOOKUP(B1168,'SINAPI INSUMOS'!$A$2:$F$4852,5,FALSE)),\"VERIFICAR\"))","v":14.48},14.48]
["Insumo",11686,"SINAPI","CONJUNTO DE LIGACAO PARA VASO / BACIA SANITARIA, EM PLASTICO BRANCO, COM TUBO, CANOPLA E ANEL DE EXPANSAO (TUBO 1.1/2\" X 20 CM)","Material","UN",1,{"$f":"IF(A1169=\"Composição Auxiliar\",VLOOKUP(B1169,'SINAPI COMPOSIÇÃO'!$A$2:$E$10256,4,FALSE),IF(A1169=\"Insumo\",IF(VLOOKUP(B1169,'SINAPI INSUMOS'!$A$2:$F$4852,5,FALSE)=OR(\"\",0),VLOOKUP(B1169,'SINAPI INSUMOS'!$A$2:$F$4852,6,FALSE),VLOOKUP(B1169,'SINAPI INSUMOS'!$A$2:$F$4852,5,FALSE)),\"VERIFICAR\"))","v":12.3},{"$f":"TRUNC(G1169*H1169,2)","v":12.3}]
["Insumo",37329,"SINAPI","REJUNTE EPOXI, QUALQUER COR","Material","KG",2.2034999999999999E-2,{"$f":"IF(A1170=\"Composição Auxiliar\",VLOOKUP(B1170,'SINAPI COMPOSIÇÃO'!$A$2:$E$10256,4,FALSE),IF(A1170=\"Insumo\",IF(VLOOKUP(B1170,'SINAPI INSUMOS'!$A$2:$F$4852,5,FALSE)=OR(\"\",0),VLOOKUP(B1170,'SINAPI INSUMOS'!$A$2:$F$4852,6,FALSE),VLOOKUP(B1170,'SINAPI INSUMOS'!$A$2:$F$4852,5,FALSE)),\"VERIFICAR\"))","v":136.04},2.99]
["10.3.7","Código","Banco","Descrição","Tipo","Und","Quant.","Valor Unit","Total"]
["Composição",102617,"SINAPI","CAIXA D´ÁGUA EM POLIÉSTER REFORÇADO COM FIBRA DE VIDRO, 5000 LITROS - FORNECIMENTO E INSTALAÇÃO. AF_06/2021","INHI - INSTALAÇÕES HIDROS SANITÁRIAS","UN",1,{"$f":"I1172","v":3332.3},{"$f":"SUM(I1173:I1177)","v":3332.3}]
["Composição Auxiliar",93287,"SINAPI","GUINDASTE HIDRÁULICO AUTOPROPELIDO, COM LANÇA TELESCÓPICA 40 M, CAPACIDADE MÁXIMA 60 T, POTÊNCIA 260 KW - CHP DIURNO. AF_03/2016","CHOR - CUSTOS HORÁRIOS DE MÁQUINAS E EQUIPAMENTOS","CHP",0.26340000000000002,{"$f":"IF(A1173=\"Composição Auxiliar\",VLOOKUP(B1173,'SINAPI COMPOSIÇÃO'!$A$2:$E$10256,4,FALSE),IF(A1173=\"Insumo\",IF(VLOOKUP(B1173,'SINAPI INSUMOS'!$A$2:$F$4852,5,FALSE)=OR(\"\",0),VLOOKUP(B1173,'SINAPI INSUMOS'!$A$2:$F$4852,6,FALSE),VLOOKUP(B1173,'SINAPI INSUMOS'!$A$2:$F$4852,5,FALSE)),\"VERIFICAR\"))","v":349.72},{"$f":"TRUNC(G1173*H1173,2)","v":92.11}]
["Composição Auxiliar",88267,"SINAPI","ENCANADOR OU BOMBEIRO HIDRÁULICO COM ENCARGOS COMPLEMENTARES","SEDI - SERVIÇOS DIVERSOS","H",1.4821,{"$f":"IF(A1174=\"Composição Auxiliar\",VLOOKUP(B1174,'SINAPI COMPOSIÇÃO'!$A$2:$E$10256,4,FALSE),IF(A1174=\"Insumo\",IF(VLOOKUP(B1174,'SINAPI INSUMOS'!$A$2:$F$4852,5,FALSE)=OR(\"\",0),VLOOKUP(B1174,'SINAPI INSUMOS'!$A$2:$F$4852,6,FALSE),VLOOKUP(B1174,'SINAPI INSUMOS'!$A$2:$F$4852,5,FALSE)),\"VERIFICAR\"))","v":27.01},{"$f":"TRUNC(G1174*H1174,2)","v":40.03}]
["Composição Auxiliar",88248,"SINAPI","AUXILIAR DE ENCANADOR OU BOMBEIRO HIDRÁULICO COM ENCARGOS COMPLEMENTARES","SEDI - SERVIÇOS DIVERSOS","H",1.4821,{"$f":"IF(A1175=\"Composição Auxiliar\",VLOOKUP(B1175,'SINAPI COMPOSIÇÃO'!$A$2:$E$10256,4,FALSE),IF(A1175=\"Insumo\",IF(VLOOKUP(B1175,'SINAPI INSUMOS'!$A$2:$F$4852,5,FALSE)=OR(\"\",0),VLOOKUP(B1175,'SINAPI INSUMOS'!$A$2:$F$4852,6,FALSE),VLOOKUP(B1175,'SINAPI INSUMOS'!$A$2:$F$4852,5,FALSE)),\"VERIFICAR\"))","v":23.01},{"$f":"TRUNC(G1175*H1175,2)","v":34.1}]
["Composição Auxiliar",93288,"SINAPI","GUINDASTE HIDRÁULICO AUTOPROPELIDO, COM LANÇA TELESCÓPICA 40 M, CAPACIDADE MÁXIMA 60 T, POTÊNCIA 260 KW - CHI DIURNO. AF_03/2016","CHOR - CUSTOS HORÁRIOS DE MÁQUINAS E EQUIPAMENTOS","CHI",2.3611,{"$f":"IF(A1176=\"Composição Auxiliar\",VLOOKUP(B1176,'SINAPI COMPOSIÇÃO'!$A$2:$E$10256,4,FALSE),IF(A1176=\"Insumo\",IF(VLOOKUP(B1176,'SINAPI INSUMOS'!$A$2:$F$4852,5,FALSE)=OR(\"\",0),VLOOKUP(B1176,'SINAPI INSUMOS'!$A$2:$F$4852,6,FALSE),VLOOKUP(B1176,'SINAPI INSUMOS'!$A$2:$F$4852,5,FALSE)),\"VERIFICAR\"))","v":176.03},{"$f":"TRUNC(G1176*H1176,2)","v":415.62}]
["Insumo",37105,"SINAPI","CAIXA D'AGUA / RESERVATORIO EM POLIESTER REFORCADO COM FIBRA DE VIDRO, 5000 LITROS, COM TAMPA","Material","UN",1,{"$f":"IF(A1177=\"Composição Auxiliar\",VLOOKUP(B1177,'SINAPI COMPOSIÇÃO'!$A$2:$E$10256,4,FALSE),IF(A1177=\"Insumo\",IF(VLOOKUP(B1177,'SINAPI INSUMOS'!$A$2:$F$4852,5,FALSE)=OR(\"\",0),VLOOKUP(B1177,'SINAPI INSUMOS'!$A$2:$F$4852,6,FALSE),VLOOKUP(B1177,'SINAPI INSUMOS'!$A$2:$F$4852,5,FALSE)),\"VERIFICAR\"))","v":2750.44},{"$f":"TRUNC(G1177*H1177,2)","v":2750.44}]
["10.3.8","Código","Banco","Descrição","Tipo","Und","Quant.","Valor Unit","Total"]
["Composição",101801,"SINAPI","CAIXA COM GRELHA RETANGULAR DE FERRO FUNDIDO, EM ALVENARIA COM BLOCOS DE CONCRETO, DIMENSÕES INTERNAS: 0,30 X 1,00 X 1,00. AF_12/2020","DROP - DRENAGEM/OBRAS DE CONTENÇÃO / POÇOS DE VISITA E CAIXAS","UN",1,{"$f":"I1179","v":1139.1199999999999},{"$f":"SUM(I1180:I1195)","v":1139.1199999999999}]
["Composição Auxiliar",88316,"SINAPI","SERVENTE COM ENCARGOS COMPLEMENTARES","SEDI - SERVIÇOS DIVERSOS","H",4.6847000000000003,{"$f":"IF(A1180=\"Composição Auxiliar\",VLOOKUP(B1180,'SINAPI COMPOSIÇÃO'!$A$2:$E$10256,4,FALSE),IF(A1180=\"Insumo\",IF(VLOOKUP(B1180,'SINAPI INSUMOS'!$A$2:$F$4852,5,FALSE)=OR(\"\",0),VLOOKUP(B1180,'SINAPI INSUMOS'!$A$2:$F$4852,6,FALSE),VLOOKUP(B1180,'SINAPI INSUMOS'!$A$2:$F$4852,5,FALSE)),\"VERIFICAR\"))","v":21.32},{"$f":"TRUNC(G1180*H1180,2)","v":99.87}]
["Composição Auxiliar",94970,"SINAPI","CONCRETO FCK = 20MPA, TRAÇO 1:2,7:3 (EM MASSA SECA DE CIMENTO/ AREIA MÉDIA/ BRITA 1) - PREPARO MECÂNICO COM BETONEIRA 600 L. AF_05/2021","FUES - FUNDAÇÕES E ESTRUTURAS","m³",0.114,{"$f":"IF(A1181=\"Composição Auxiliar\",VLOOKUP(B1181,'SINAPI COMPOSIÇÃO'!$A$2:$E$10256,4,FALSE),IF(A1181=\"Insumo\",IF(VLOOKUP(B1181,'SINAPI INSUMOS'!$A$2:$F$4852,5,FALSE)=OR(\"\",0),VLOOKUP(B1181,'SINAPI INSUMOS'!$A$2:$F$4852,6,FALSE),VLOOKUP(B1181,'SINAPI INSUMOS'!$A$2:$F$4852,5,FALSE)),\"VERIFICAR\"))","v":734.64},83.74]
["Composição Auxiliar",89995,"SINAPI","GRAUTEAMENTO DE CINTA SUPERIOR OU DE VERGA EM ALVENARIA ESTRUTURAL. AF_09/2021","FUES - FUNDAÇÕES E ESTRUTURAS","m³",5.2299999999999999E-2,{"$f":"IF(A1182=\"Composição Auxiliar\",VLOOKUP(B1182,'SINAPI COMPOSIÇÃO'!$A$2:$E$10256,4,FALSE),IF(A1182=\"Insumo\",IF(VLOOKUP(B1182,'SINAPI INSUMOS'!$A$2:$F$4852,5,FALSE)=OR(\"\",0),VLOOKUP(B1182,'SINAPI INSUMOS'!$A$2:$F$4852,6,FALSE),VLOOKUP(B1182,'SINAPI INSUMOS'!$A$2:$F$4852,5,FALSE)),\"VERIFICAR\"))","v":1375.24},71.92]
["Composição Auxiliar",89998,"SINAPI","ARMAÇÃO DE CINTA DE ALVENARIA ESTRUTURAL; DIÂMETRO DE 10,0 MM. AF_09/2021","FUES - FUNDAÇÕES E ESTRUTURAS","KG",2.0977999999999999,{"$f":"IF(A1183=\"Composição Auxiliar\",VLOOKUP(B1183,'SINAPI COMPOSIÇÃO'!$A$2:$E$10256,4,FALSE),IF(A1183=\"Insumo\",IF(VLOOKUP(B1183,'SINAPI INSUMOS'!$A$2:$F$4852,5,FALSE)=OR(\"\",0),VLOOKUP(B1183,'SINAPI INSUMOS'!$A$2:$F$4852,6,FALSE),VLOOKUP(B1183,'SINAPI INSUMOS'!$A$2:$F$4852,5,FALSE)),\"VERIFICAR\"))","v":10.95},22.97]
["Composição Auxiliar",87316,"SINAPI","ARGAMASSA TRAÇO 1:4 (EM VOLUME DE CIMENTO E AREIA GROSSA ÚMIDA) PARA CHAPISCO CONVENCIONAL, PREPARO MECÂNICO COM BETONEIRA 400 L. AF_08/2019","SEDI - SERVIÇOS DIVERSOS","m³",2.8799999999999999E-2,{"$f":"IF(A1184=\"Composição Auxiliar\",VLOOKUP(B1184,'SINAPI COMPOSIÇÃO'!$A$2:$E$10256,4,FALSE),IF(A1184=\"Insumo\",IF(VLOOKUP(B1184,'SINAPI INSUMOS'!$A$2:$F$4852,5,FALSE)=OR(\"\",0),VLOOKUP(B1184,'SINAPI INSUMOS'!$A$2:$F$4852,6,FALSE),VLOOKUP(B1184,'SINAPI INSUMOS'!$A$2:$F$4852,5,FALSE)),\"VERIFICAR\"))","v":641.82000000000005},18.48]
["Composição Auxiliar",88628,"SINAPI","ARGAMASSA TRAÇO 1:3 (EM VOLUME DE CIMENTO E AREIA MÉDIA ÚMIDA), PREPARO MECÂNICO COM BETONEIRA 400 L. AF_08/2019","SEDI - SERVIÇOS DIVERSOS","m³",0.1363,{"$f":"IF(A1185=\"Composição Auxiliar\",VLOOKUP(B1185,'SINAPI COMPOSIÇÃO'!$A$2:$E$10256,4,FALSE),IF(A1185=\"Insumo\",IF(VLOOKUP(B1185,'SINAPI INSUMOS'!$A$2:$F$4852,5,FALSE)=OR(\"\",0),VLOOKUP(B1185,'SINAPI INSUMOS'!$A$2:$F$4852,6,FALSE),VLOOKUP(B1185,'SINAPI INSUMOS'!$A$2:$F$4852,5,FALSE)),\"VERIFICAR\"))","v":782.09},106.59]
["Composição Auxiliar",88309,"SINAPI","PEDREIRO COM ENCARGOS COMPLEMENTARES","SEDI - SERVIÇOS DIVERSOS","H",5.9622999999999999,{"$f":"IF(A1186=\"Composição Auxiliar\",VLOOKUP(B1186,'SINAPI COMPOSIÇÃO'!$A$2:$E$10256,4,FALSE),IF(A1186=\"Insumo\",IF(VLOOKUP(B1186,'SINAPI INSUMOS'!$A$2:$F$4852,5,FALSE)=OR(\"\",0),VLOOKUP(B1186,'SINAPI INSUMOS'!$A$2:$F$4852,6,FALSE),VLOOKUP(B1186,'SINAPI INSUMOS'!$A$2:$F$4852,5,FALSE)),\"VERIFICAR\"))","v":27.58},164.44]
["Composição Auxiliar",101616,"SINAPI","PREPARO DE FUNDO DE VALA COM LARGURA MENOR QUE 1,5 M (ACERTO DO SOLO NATURAL). AF_08/2020","MOVT - MOVIMENTO DE TERRA","m²",0.78,{"$f":"IF(A1187=\"Composição Auxiliar\",VLOOKUP(B1187,'SINAPI COMPOSIÇÃO'!$A$2:$E$10256,4,FALSE),IF(A1187=\"Insumo\",IF(VLOOKUP(B1187,'SINAPI INSUMOS'!$A$2:$F$4852,5,FALSE)=OR(\"\",0),VLOOKUP(B1187,'SINAPI INSUMOS'!$A$2:$F$4852,6,FALSE),VLOOKUP(B1187,'SINAPI INSUMOS'!$A$2:$F$4852,5,FALSE)),\"VERIFICAR\"))","v":7.43},5.79]
["Insumo",5069,"SINAPI","PREGO DE ACO POLIDO COM CABECA 17 X 27 (2 1/2 X 11)","Material","KG",1.6400000000000001E-2,{"$f":"IF(A1188=\"Composição Auxiliar\",VLOOKUP(B1188,'SINAPI COMPOSIÇÃO'!$A$2:$E$10256,4,FALSE),IF(A1188=\"Insumo\",IF(VLOOKUP(B1188,'SINAPI INSUMOS'!$A$2:$F$4852,5,FALSE)=OR(\"\",0),VLOOKUP(B1188,'SINAPI INSUMOS'!$A$2:$F$4852,6,FALSE),VLOOKUP(B1188,'SINAPI INSUMOS'!$A$2:$F$4852,5,FALSE)),\"VERIFICAR\"))","v":16.16},0.26]
["Insumo",11245,"SINAPI","GRELHA FOFO SIMPLES COM REQUADRO, CARGA MAXIMA 12,5 T, *300 X 1000* MM, E= *15* MM, AREA ESTACIONAMENTO CARRO PASSEIO","Material","UN",1,{"$f":"IF(A1189=\"Composição Auxiliar\",VLOOKUP(B1189,'SINAPI COMPOSIÇÃO'!$A$2:$E$10256,4,FALSE),IF(A1189=\"Insumo\",IF(VLOOKUP(B1189,'SINAPI INSUMOS'!$A$2:$F$4852,5,FALSE)=OR(\"\",0),VLOOKUP(B1189,'SINAPI INSUMOS'!$A$2:$F$4852,6,FALSE),VLOOKUP(B1189,'SINAPI INSUMOS'!$A$2:$F$4852,5,FALSE)),\"VERIFICAR\"))","v":328.77},328.77]
["Insumo",6193,"SINAPI","TABUA NAO APARELHADA *2,5 X 20* CM, EM MACARANDUBA/MASSARANDUBA, ANGELIM OU EQUIVALENTE DA REGIAO - BRUTA","Material","M",0.5796,{"$f":"IF(A1190=\"Composição Auxiliar\",VLOOKUP(B1190,'SINAPI COMPOSIÇÃO'!$A$2:$E$10256,4,FALSE),IF(A1190=\"Insumo\",IF(VLOOKUP(B1190,'SINAPI INSUMOS'!$A$2:$F$4852,5,FALSE)=OR(\"\",0),VLOOKUP(B1190,'SINAPI INSUMOS'!$A$2:$F$4852,6,FALSE),VLOOKUP(B1190,'SINAPI INSUMOS'!$A$2:$F$4852,5,FALSE)),\"VERIFICAR\"))","v":13.38},7.75]
["Insumo",4517,"SINAPI","SARRAFO *2,5 X 7,5* CM EM PINUS, MISTA OU EQUIVALENTE DA REGIAO - BRUTA","Material","M",0.18479999999999999,{"$f":"IF(A1191=\"Composição Auxiliar\",VLOOKUP(B1191,'SINAPI COMPOSIÇÃO'!$A$2:$E$10256,4,FALSE),IF(A1191=\"Insumo\",IF(VLOOKUP(B1191,'SINAPI INSUMOS'!$A$2:$F$4852,5,FALSE)=OR(\"\",0),VLOOKUP(B1191,'SINAPI INSUMOS'!$A$2:$F$4852,6,FALSE),VLOOKUP(B1191,'SINAPI INSUMOS'!$A$2:$F$4852,5,FALSE)),\"VERIFICAR\"))","v":3.52},0.65]
["Insumo",25067,"SINAPI","BLOCO DE CONCRETO ESTRUTURAL 19 X 19 X 39 CM, FBK 4,5 MPA (NBR 6136)","Material","UN",25.125699999999998,{"$f":"IF(A1192=\"Composição Auxiliar\",VLOOKUP(B1192,'SINAPI COMPOSIÇÃO'!$A$2:$E$10256,4,FALSE),IF(A1192=\"Insumo\",IF(VLOOKUP(B1192,'SINAPI INSUMOS'!$A$2:$F$4852,5,FALSE)=OR(\"\",0),VLOOKUP(B1192,'SINAPI INSUMOS'!$A$2:$F$4852,6,FALSE),VLOOKUP(B1192,'SINAPI INSUMOS'!$A$2:$F$4852,5,FALSE)),\"VERIFICAR\"))","v":6.25},157.03]
["Insumo",4491,"SINAPI","PONTALETE *7,5 X 7,5* CM EM PINUS, MISTA OU EQUIVALENTE DA REGIAO - BRUTA","Material","M",0.15540000000000001,{"$f":"IF(A1193=\"Composição Auxiliar\",VLOOKUP(B1193,'SINAPI COMPOSIÇÃO'!$A$2:$E$10256,4,FALSE),IF(A1193=\"Insumo\",IF(VLOOKUP(B1193,'SINAPI INSUMOS'!$A$2:$F$4852,5,FALSE)=OR(\"\",0),VLOOKUP(B1193,'SINAPI INSUMOS'!$A$2:$F$4852,6,FALSE),VLOOKUP(B1193,'SINAPI INSUMOS'!$A$2:$F$4852,5,FALSE)),\"VERIFICAR\"))","v":10.050000000000001},1.56]
["Insumo",2692,"SINAPI","DESMOLDANTE PROTETOR PARA FORMAS DE MADEIRA, DE BASE OLEOSA EMULSIONADA EM AGUA","Material","L",7.1000000000000004E-3,{"$f":"IF(A1194=\"Composição Auxiliar\",VLOOKUP(B1194,'SINAPI COMPOSIÇÃO'!$A$2:$E$10256,4,FALSE),IF(A1194=\"Insumo\",IF(VLOOKUP(B1194,'SINAPI INSUMOS'!$A$2:$F$4852,5,FALSE)=OR(\"\",0),VLOOKUP(B1194,'SINAPI INSUMOS'!$A$2:$F$4852,6,FALSE),VLOOKUP(B1194,'SINAPI INSUMOS'!$A$2:$F$4852,5,FALSE)),\"VERIFICAR\"))","v":7.67},0.05]
["Insumo",660,"SINAPI","CANALETA DE CONCRETO 19 X 19 X 19 CM (CLASSE C - NBR 6136)","Material","UN",17.850000000000001,{"$f":"IF(A1195=\"Composição Auxiliar\",VLOOKUP(B1195,'SINAPI COMPOSIÇÃO'!$A$2:$E$10256,4,FALSE),IF(A1195=\"Insumo\",IF(VLOOKUP(B1195,'SINAPI INSUMOS'!$A$2:$F$4852,5,FALSE)=OR(\"\",0),VLOOKUP(B1195,'SINAPI INSUMOS'!$A$2:$F$4852,6,FALSE),VLOOKUP(B1195,'SINAPI INSUMOS'!$A$2:$F$4852,5,FALSE)),\"VERIFICAR\"))","v":3.88},69.25]
["10.3.9","Código","Banco","Descrição","Tipo","Und","Quant.","Valor Unit","Total"]
["Composição",97906,"SINAPI","CAIXA ENTERRADA HIDRÁULICA RETANGULAR, EM ALVENARIA COM BLOCOS DE CONCRETO, DIMENSÕES INTERNAS: 0,6X0,6X0,6 M PARA REDE DE ESGOTO. AF_12/2020","INHI - INSTALAÇÕES HIDROS SANITÁRIAS","UN",1,{"$f":"I1197","v":505.24},{"$f":"SUM(I1198:I1212)","v":505.24}]
["Composição Auxiliar",5679,"SINAPI","RETROESCAVADEIRA SOBRE RODAS COM CARREGADEIRA, TRAÇÃO 4X4, POTÊNCIA LÍQ. 88 HP, CAÇAMBA CARREG. CAP. MÍN. 1 M3, CAÇAMBA RETRO CAP. 0,26 M3, PESO OPERACIONAL MÍN. 6.674 KG, PROFUNDIDADE ESCAVAÇÃO MÁX. 4,37 M - CHI DIURNO. AF_06/2014","CHOR - CUSTOS HORÁRIOS DE MÁQUINAS E EQUIPAMENTOS","CHI",1.78E-2,{"$f":"IF(A1198=\"Composição Auxiliar\",VLOOKUP(B1198,'SINAPI COMPOSIÇÃO'!$A$2:$E$10256,4,FALSE),IF(A1198=\"Insumo\",IF(VLOOKUP(B1198,'SINAPI INSUMOS'!$A$2:$F$4852,5,FALSE)=OR(\"\",0),VLOOKUP(B1198,'SINAPI INSUMOS'!$A$2:$F$4852,6,FALSE),VLOOKUP(B1198,'SINAPI INSUMOS'!$A$2:$F$4852,5,FALSE)),\"VERIFICAR\"))","v":60.32},{"$f":"TRUNC(G1198*H1198,2)","v":1.07}]
["Composição Auxiliar",101616,"SINAPI","PREPARO DE FUNDO DE VALA COM LARGURA MENOR QUE 1,5 M (ACERTO DO SOLO NATURAL). AF_08/2020","MOVT - MOVIMENTO DE TERRA","m²",0.81,{"$f":"IF(A1199=\"Composição Auxiliar\",VLOOKUP(B1199,'SINAPI COMPOSIÇÃO'!$A$2:$E$10256,4,FALSE),IF(A1199=\"Insumo\",IF(VLOOKUP(B1199,'SINAPI INSUMOS'!$A$2:$F$4852,5,FALSE)=OR(\"\",0),VLOOKUP(B1199,'SINAPI INSUMOS'!$A$2:$F$4852,6,FALSE),VLOOKUP(B1199,'SINAPI INSUMOS'!$A$2:$F$4852,5,FALSE)),\"VERIFICAR\"))","v":7.43},6.01]
["Composição Auxiliar",88316,"SINAPI","SERVENTE COM ENCARGOS COMPLEMENTARES","SEDI - SERVIÇOS DIVERSOS","H",2.8037999999999998,{"$f":"IF(A1200=\"Composição Auxiliar\",VLOOKUP(B1200,'SINAPI COMPOSIÇÃO'!$A$2:$E$10256,4,FALSE),IF(A1200=\"Insumo\",IF(VLOOKUP(B1200,'SINAPI INSUMOS'!$A$2:$F$4852,5,FALSE)=OR(\"\",0),VLOOKUP(B1200,'SINAPI INSUMOS'!$A$2:$F$4852,6,FALSE),VLOOKUP(B1200,'SINAPI INSUMOS'!$A$2:$F$4852,5,FALSE)),\"VERIFICAR\"))","v":21.32},59.77]
["Composição Auxiliar",97735,"SINAPI","PEÇA RETANGULAR PRÉ-MOLDADA, VOLUME DE CONCRETO DE 30 A 100 LITROS, TAXA DE AÇO APROXIMADA DE 30KG/M³. AF_03/2024","FUES - FUNDAÇÕES E ESTRUTURAS","m³",4.48E-2,{"$f":"IF(A1201=\"Composição Auxiliar\",VLOOKUP(B1201,'SINAPI COMPOSIÇÃO'!$A$2:$E$10256,4,FALSE),IF(A1201=\"Insumo\",IF(VLOOKUP(B1201,'SINAPI INSUMOS'!$A$2:$F$4852,5,FALSE)=OR(\"\",0),VLOOKUP(B1201,'SINAPI INSUMOS'!$A$2:$F$4852,6,FALSE),VLOOKUP(B1201,'SINAPI INSUMOS'!$A$2:$F$4852,5,FALSE)),\"VERIFICAR\"))","v":2791.89},125.07]
["Composição Auxiliar",94970,"SINAPI","CONCRETO FCK = 20MPA, TRAÇO 1:2,7:3 (EM MASSA SECA DE CIMENTO/ AREIA MÉDIA/ BRITA 1) - PREPARO MECÂNICO COM BETONEIRA 600 L. AF_05/2021","FUES - FUNDAÇÕES E ESTRUTURAS","m³",7.4399999999999994E-2,{"$f":"IF(A1202=\"Composição Auxiliar\",VLOOKUP(B1202,'SINAPI COMPOSIÇÃO'!$A$2:$E$10256,4,FALSE),IF(A1202=\"Insumo\",IF(VLOOKUP(B1202,'SINAPI INSUMOS'!$A$2:$F$4852,5,FALSE)=OR(\"\",0),VLOOKUP(B1202,'SINAPI INSUMOS'!$A$2:$F$4852,6,FALSE),VLOOKUP(B1202,'SINAPI INSUMOS'!$A$2:$F$4852,5,FALSE)),\"VERIFICAR\"))","v":734.64},54.65]
["Composição Auxiliar",100475,"SINAPI","ARGAMASSA TRAÇO 1:3 (EM VOLUME DE CIMENTO E AREIA MÉDIA ÚMIDA) COM ADIÇÃO DE IMPERMEABILIZANTE, PREPARO MECÂNICO COM BETONEIRA 400 L. AF_08/2019","SEDI - SERVIÇOS DIVERSOS","m³",7.2800000000000004E-2,{"$f":"IF(A1203=\"Composição Auxiliar\",VLOOKUP(B1203,'SINAPI COMPOSIÇÃO'!$A$2:$E$10256,4,FALSE),IF(A1203=\"Insumo\",IF(VLOOKUP(B1203,'SINAPI INSUMOS'!$A$2:$F$4852,5,FALSE)=OR(\"\",0),VLOOKUP(B1203,'SINAPI INSUMOS'!$A$2:$F$4852,6,FALSE),VLOOKUP(B1203,'SINAPI INSUMOS'!$A$2:$F$4852,5,FALSE)),\"VERIFICAR\"))","v":948.11},69.02]
["Composição Auxiliar",87316,"SINAPI","ARGAMASSA TRAÇO 1:4 (EM VOLUME DE CIMENTO E AREIA GROSSA ÚMIDA) PARA CHAPISCO CONVENCIONAL, PREPARO MECÂNICO COM BETONEIRA 400 L. AF_08/2019","SEDI - SERVIÇOS DIVERSOS","m³",1.4800000000000001E-2,{"$f":"IF(A1204=\"Composição Auxiliar\",VLOOKUP(B1204,'SINAPI COMPOSIÇÃO'!$A$2:$E$10256,4,FALSE),IF(A1204=\"Insumo\",IF(VLOOKUP(B1204,'SINAPI INSUMOS'!$A$2:$F$4852,5,FALSE)=OR(\"\",0),VLOOKUP(B1204,'SINAPI INSUMOS'!$A$2:$F$4852,6,FALSE),VLOOKUP(B1204,'SINAPI INSUMOS'!$A$2:$F$4852,5,FALSE)),\"VERIFICAR\"))","v":641.82000000000005},9.49]
["Composição Auxiliar",5678,"SINAPI","RETROESCAVADEIRA SOBRE RODAS COM CARREGADEIRA, TRAÇÃO 4X4, POTÊNCIA LÍQ. 88 HP, CAÇAMBA CARREG. CAP. MÍN. 1 M3, CAÇAMBA RETRO CAP. 0,26 M3, PESO OPERACIONAL MÍN. 6.674 KG, PROFUNDIDADE ESCAVAÇÃO MÁX. 4,37 M - CHP DIURNO. AF_06/2014","CHOR - CUSTOS HORÁRIOS DE MÁQUINAS E EQUIPAMENTOS","CHP",8.6999999999999994E-3,{"$f":"IF(A1205=\"Composição Auxiliar\",VLOOKUP(B1205,'SINAPI COMPOSIÇÃO'!$A$2:$E$10256,4,FALSE),IF(A1205=\"Insumo\",IF(VLOOKUP(B1205,'SINAPI INSUMOS'!$A$2:$F$4852,5,FALSE)=OR(\"\",0),VLOOKUP(B1205,'SINAPI INSUMOS'!$A$2:$F$4852,6,FALSE),VLOOKUP(B1205,'SINAPI INSUMOS'!$A$2:$F$4852,5,FALSE)),\"VERIFICAR\"))","v":148.24},1.28]
["Composição Auxiliar",88309,"SINAPI","PEDREIRO COM ENCARGOS COMPLEMENTARES","SEDI - SERVIÇOS DIVERSOS","H",3.5684,{"$f":"IF(A1206=\"Composição Auxiliar\",VLOOKUP(B1206,'SINAPI COMPOSIÇÃO'!$A$2:$E$10256,4,FALSE),IF(A1206=\"Insumo\",IF(VLOOKUP(B1206,'SINAPI INSUMOS'!$A$2:$F$4852,5,FALSE)=OR(\"\",0),VLOOKUP(B1206,'SINAPI INSUMOS'!$A$2:$F$4852,6,FALSE),VLOOKUP(B1206,'SINAPI INSUMOS'!$A$2:$F$4852,5,FALSE)),\"VERIFICAR\"))","v":27.58},98.41]
["Insumo",2692,"SINAPI","DESMOLDANTE PROTETOR PARA FORMAS DE MADEIRA, DE BASE OLEOSA EMULSIONADA EM AGUA","Material","L",5.4000000000000003E-3,{"$f":"IF(A1207=\"Composição Auxiliar\",VLOOKUP(B1207,'SINAPI COMPOSIÇÃO'!$A$2:$E$10256,4,FALSE),IF(A1207=\"Insumo\",IF(VLOOKUP(B1207,'SINAPI INSUMOS'!$A$2:$F$4852,5,FALSE)=OR(\"\",0),VLOOKUP(B1207,'SINAPI INSUMOS'!$A$2:$F$4852,6,FALSE),VLOOKUP(B1207,'SINAPI INSUMOS'!$A$2:$F$4852,5,FALSE)),\"VERIFICAR\"))","v":7.67},0.04]
["Insumo",4517,"SINAPI","SARRAFO *2,5 X 7,5* CM EM PINUS, MISTA OU EQUIVALENTE DA REGIAO - BRUTA","Material","M",0.14080000000000001,{"$f":"IF(A1208=\"Composição Auxiliar\",VLOOKUP(B1208,'SINAPI COMPOSIÇÃO'!$A$2:$E$10256,4,FALSE),IF(A1208=\"Insumo\",IF(VLOOKUP(B1208,'SINAPI INSUMOS'!$A$2:$F$4852,5,FALSE)=OR(\"\",0),VLOOKUP(B1208,'SINAPI INSUMOS'!$A$2:$F$4852,6,FALSE),VLOOKUP(B1208,'SINAPI INSUMOS'!$A$2:$F$4852,5,FALSE)),\"VERIFICAR\"))","v":3.52},0.49]
["Insumo",650,"SINAPI","BLOCO DE VEDACAO DE CONCRETO, 9 X 19 X 39 CM (CLASSE C - NBR 6136)","Material","UN",20.761500000000002,{"$f":"IF(A1209=\"Composição Auxiliar\",VLOOKUP(B1209,'SINAPI COMPOSIÇÃO'!$A$2:$E$10256,4,FALSE),IF(A1209=\"Insumo\",IF(VLOOKUP(B1209,'SINAPI INSUMOS'!$A$2:$F$4852,5,FALSE)=OR(\"\",0),VLOOKUP(B1209,'SINAPI INSUMOS'!$A$2:$F$4852,6,FALSE),VLOOKUP(B1209,'SINAPI INSUMOS'!$A$2:$F$4852,5,FALSE)),\"VERIFICAR\"))","v":3.5},72.66]
["Insumo",5069,"SINAPI","PREGO DE ACO POLIDO COM CABECA 17 X 27 (2 1/2 X 11)","Material","KG",1.2500000000000001E-2,{"$f":"IF(A1210=\"Composição Auxiliar\",VLOOKUP(B1210,'SINAPI COMPOSIÇÃO'!$A$2:$E$10256,4,FALSE),IF(A1210=\"Insumo\",IF(VLOOKUP(B1210,'SINAPI INSUMOS'!$A$2:$F$4852,5,FALSE)=OR(\"\",0),VLOOKUP(B1210,'SINAPI INSUMOS'!$A$2:$F$4852,6,FALSE),VLOOKUP(B1210,'SINAPI INSUMOS'!$A$2:$F$4852,5,FALSE)),\"VERIFICAR\"))","v":16.16},0.2]
["Insumo",4491,"SINAPI","PONTALETE *7,5 X 7,5* CM EM PINUS, MISTA OU EQUIVALENTE DA REGIAO - BRUTA","Material","M",0.11840000000000001,{"$f":"IF(A1211=\"Composição Auxiliar\",VLOOKUP(B1211,'SINAPI COMPOSIÇÃO'!$A$2:$E$10256,4,FALSE),IF(A1211=\"Insumo\",IF(VLOOKUP(B1211,'SINAPI INSUMOS'!$A$2:$F$4852,5,FALSE)=OR(\"\",0),VLOOKUP(B1211,'SINAPI INSUMOS'!$A$2:$F$4852,6,FALSE),VLOOKUP(B1211,'SINAPI INSUMOS'!$A$2:$F$4852,5,FALSE)),\"VERIFICAR\"))","v":10.050000000000001},1.18]
["Insumo",6193,"SINAPI","TABUA NAO APARELHADA *2,5 X 20* CM, EM MACARANDUBA/MASSARANDUBA, ANGELIM OU EQUIVALENTE DA REGIAO - BRUTA","Material","M",0.44159999999999999,{"$f":"IF(A1212=\"Composição Auxiliar\",VLOOKUP(B1212,'SINAPI COMPOSIÇÃO'!$A$2:$E$10256,4,FALSE),IF(A1212=\"Insumo\",IF(VLOOKUP(B1212,'SINAPI INSUMOS'!$A$2:$F$4852,5,FALSE)=OR(\"\",0),VLOOKUP(B1212,'SINAPI INSUMOS'!$A$2:$F$4852,6,FALSE),VLOOKUP(B1212,'SINAPI INSUMOS'!$A$2:$F$4852,5,FALSE)),\"VERIFICAR\"))","v":13.38},5.9]
["10.3.10","Código","Banco","Descrição","Tipo","Und","Quant.","Valor Unit","Total"]
["Composição",104329,"SINAPI","CAIXA SIFONADA, COM GRELHA REDONDA, PVC, DN 150 X 150 X 50 MM, JUNTA SOLDÁVEL, FORNECIDA E INSTALADA EM RAMAL DE DESCARGA OU EM RAMAL DE ESGOTO SANITÁRIO. AF_08/2022","INHI - INSTALAÇÕES HIDROS SANITÁRIAS","UN",1,{"$f":"I1214","v":94.63},{"$f":"SUM(I1215:I1220)","v":94.63}]
["Composição Auxiliar",88267,"SINAPI","ENCANADOR OU BOMBEIRO HIDRÁULICO COM ENCARGOS COMPLEMENTARES","SEDI - SERVIÇOS DIVERSOS","H",0.42309999999999998,{"$f":"IF(A1215=\"Composição Auxiliar\",VLOOKUP(B1215,'SINAPI COMPOSIÇÃO'!$A$2:$E$10256,4,FALSE),IF(A1215=\"Insumo\",IF(VLOOKUP(B1215,'SINAPI INSUMOS'!$A$2:$F$4852,5,FALSE)=OR(\"\",0),VLOOKUP(B1215,'SINAPI INSUMOS'!$A$2:$F$4852,6,FALSE),VLOOKUP(B1215,'SINAPI INSUMOS'!$A$2:$F$4852,5,FALSE)),\"VERIFICAR\"))","v":27.01},{"$f":"TRUNC(G1215*H1215,2)","v":11.42}]
["Composição Auxiliar",88248,"SINAPI","AUXILIAR DE ENCANADOR OU BOMBEIRO HIDRÁULICO COM ENCARGOS COMPLEMENTARES","SEDI - SERVIÇOS DIVERSOS","H",0.42309999999999998,{"$f":"IF(A1216=\"Composição Auxiliar\",VLOOKUP(B1216,'SINAPI COMPOSIÇÃO'!$A$2:$E$10256,4,FALSE),IF(A1216=\"Insumo\",IF(VLOOKUP(B1216,'SINAPI INSUMOS'!$A$2:$F$4852,5,FALSE)=OR(\"\",0),VLOOKUP(B1216,'SINAPI INSUMOS'!$A$2:$F$4852,6,FALSE),VLOOKUP(B1216,'SINAPI INSUMOS'!$A$2:$F$4852,5,FALSE)),\"VERIFICAR\"))","v":23.01},9.73]
["Insumo",38383,"SINAPI","LIXA D'AGUA EM FOLHA, COR PRETA, GRAO 100","Material","UN",1.54E-2,{"$f":"IF(A1217=\"Composição Auxiliar\",VLOOKUP(B1217,'SINAPI COMPOSIÇÃO'!$A$2:$E$10256,4,FALSE),IF(A1217=\"Insumo\",IF(VLOOKUP(B1217,'SINAPI INSUMOS'!$A$2:$F$4852,5,FALSE)=OR(\"\",0),VLOOKUP(B1217,'SINAPI INSUMOS'!$A$2:$F$4852,6,FALSE),VLOOKUP(B1217,'SINAPI INSUMOS'!$A$2:$F$4852,5,FALSE)),\"VERIFICAR\"))","v":2},0.03]
["Insumo",122,"SINAPI","ADESIVO PLASTICO PARA PVC, FRASCO COM *850* GR","Material","UN",2.92E-2,{"$f":"IF(A1218=\"Composição Auxiliar\",VLOOKUP(B1218,'SINAPI COMPOSIÇÃO'!$A$2:$E$10256,4,FALSE),IF(A1218=\"Insumo\",IF(VLOOKUP(B1218,'SINAPI INSUMOS'!$A$2:$F$4852,5,FALSE)=OR(\"\",0),VLOOKUP(B1218,'SINAPI INSUMOS'!$A$2:$F$4852,6,FALSE),VLOOKUP(B1218,'SINAPI INSUMOS'!$A$2:$F$4852,5,FALSE)),\"VERIFICAR\"))","v":71.09},2.0699999999999998]
["Insumo",20083,"SINAPI","SOLUCAO PREPARADORA / LIMPADORA PARA PVC, FRASCO COM 1000 CM3","Material","UN",4.3999999999999997E-2,{"$f":"IF(A1219=\"Composição Auxiliar\",VLOOKUP(B1219,'SINAPI COMPOSIÇÃO'!$A$2:$E$10256,4,FALSE),IF(A1219=\"Insumo\",IF(VLOOKUP(B1219,'SINAPI INSUMOS'!$A$2:$F$4852,5,FALSE)=OR(\"\",0),VLOOKUP(B1219,'SINAPI INSUMOS'!$A$2:$F$4852,6,FALSE),VLOOKUP(B1219,'SINAPI INSUMOS'!$A$2:$F$4852,5,FALSE)),\"VERIFICAR\"))","v":80.55},3.54]
["Insumo",11717,"SINAPI","CAIXA SIFONADA, PVC, 150 X 150 X 50 MM, COM GRELHA REDONDA, BRANCA","Material","UN",1,{"$f":"IF(A1220=\"Composição Auxiliar\",VLOOKUP(B1220,'SINAPI COMPOSIÇÃO'!$A$2:$E$10256,4,FALSE),IF(A1220=\"Insumo\",IF(VLOOKUP(B1220,'SINAPI INSUMOS'!$A$2:$F$4852,5,FALSE)=OR(\"\",0),VLOOKUP(B1220,'SINAPI INSUMOS'!$A$2:$F$4852,6,FALSE),VLOOKUP(B1220,'SINAPI INSUMOS'!$A$2:$F$4852,5,FALSE)),\"VERIFICAR\"))","v":67.84},67.84]
["10.3.11","Código","Banco","Descrição","Tipo","Und","Quant.","Valor Unit","Total"]
["Composição",89709,"SINAPI","RALO SIFONADO, PVC, DN 100 X 40 MM, JUNTA SOLDÁVEL, FORNECIDO E INSTALADO EM RAMAL DE DESCARGA OU EM RAMAL DE ESGOTO SANITÁRIO. AF_08/2022","INHI - INSTALAÇÕES HIDROS SANITÁRIAS","UN",1,{"$f":"I1222","v":24.36},{"$f":"SUM(I1223:I1228)","v":24.36}]
["Composição Auxiliar",88248,"SINAPI","AUXILIAR DE ENCANADOR OU BOMBEIRO HIDRÁULICO COM ENCARGOS COMPLEMENTARES","SEDI - SERVIÇOS DIVERSOS","H",0.16520000000000001,{"$f":"IF(A1223=\"Composição Auxiliar\",VLOOKUP(B1223,'SINAPI COMPOSIÇÃO'!$A$2:$E$10256,4,FALSE),IF(A1223=\"Insumo\",IF(VLOOKUP(B1223,'SINAPI INSUMOS'!$A$2:$F$4852,5,FALSE)=OR(\"\",0),VLOOKUP(B1223,'SINAPI INSUMOS'!$A$2:$F$4852,6,FALSE),VLOOKUP(B1223,'SINAPI INSUMOS'!$A$2:$F$4852,5,FALSE)),\"VERIFICAR\"))","v":23.01},{"$f":"TRUNC(G1223*H1223,2)","v":3.8}]
["Composição Auxiliar",88267,"SINAPI","ENCANADOR OU BOMBEIRO HIDRÁULICO COM ENCARGOS COMPLEMENTARES","SEDI - SERVIÇOS DIVERSOS","H",0.16520000000000001,{"$f":"IF(A1224=\"Composição Auxiliar\",VLOOKUP(B1224,'SINAPI COMPOSIÇÃO'!$A$2:$E$10256,4,FALSE),IF(A1224=\"Insumo\",IF(VLOOKUP(B1224,'SINAPI INSUMOS'!$A$2:$F$4852,5,FALSE)=OR(\"\",0),VLOOKUP(B1224,'SINAPI INSUMOS'!$A$2:$F$4852,6,FALSE),VLOOKUP(B1224,'SINAPI INSUMOS'!$A$2:$F$4852,5,FALSE)),\"VERIFICAR\"))","v":27.01},4.46]
["Insumo",20083,"SINAPI","SOLUCAO PREPARADORA / LIMPADORA PARA PVC, FRASCO COM 1000 CM3","Material","UN",7.4999999999999997E-3,{"$f":"IF(A1225=\"Composição Auxiliar\",VLOOKUP(B1225,'SINAPI COMPOSIÇÃO'!$A$2:$E$10256,4,FALSE),IF(A1225=\"Insumo\",IF(VLOOKUP(B1225,'SINAPI INSUMOS'!$A$2:$F$4852,5,FALSE)=OR(\"\",0),VLOOKUP(B1225,'SINAPI INSUMOS'!$A$2:$F$4852,6,FALSE),VLOOKUP(B1225,'SINAPI INSUMOS'!$A$2:$F$4852,5,FALSE)),\"VERIFICAR\"))","v":80.55},0.6]
["Insumo",38383,"SINAPI","LIXA D'AGUA EM FOLHA, COR PRETA, GRAO 100","Material","UN",3.5999999999999997E-2,{"$f":"IF(A1226=\"Composição Auxiliar\",VLOOKUP(B1226,'SINAPI COMPOSIÇÃO'!$A$2:$E$10256,4,FALSE),IF(A1226=\"Insumo\",IF(VLOOKUP(B1226,'SINAPI INSUMOS'!$A$2:$F$4852,5,FALSE)=OR(\"\",0),VLOOKUP(B1226,'SINAPI INSUMOS'!$A$2:$F$4852,6,FALSE),VLOOKUP(B1226,'SINAPI INSUMOS'!$A$2:$F$4852,5,FALSE)),\"VERIFICAR\"))","v":2},7.0000000000000007E-2]
["Insumo",11741,"SINAPI","RALO SIFONADO CILINDRICO, PVC, 100 X 40 MM, COM GRELHA REDONDA BRANCA","Material","UN",1,{"$f":"IF(A1227=\"Composição Auxiliar\",VLOOKUP(B1227,'SINAPI COMPOSIÇÃO'!$A$2:$E$10256,4,FALSE),IF(A1227=\"Insumo\",IF(VLOOKUP(B1227,'SINAPI INSUMOS'!$A$2:$F$4852,5,FALSE)=OR(\"\",0),VLOOKUP(B1227,'SINAPI INSUMOS'!$A$2:$F$4852,6,FALSE),VLOOKUP(B1227,'SINAPI INSUMOS'!$A$2:$F$4852,5,FALSE)),\"VERIFICAR\"))","v":15.09},15.09]
["Insumo",122,"SINAPI","ADESIVO PLASTICO PARA PVC, FRASCO COM *850* GR","Material","UN",4.8999999999999998E-3,{"$f":"IF(A1228=\"Composição Auxiliar\",VLOOKUP(B1228,'SINAPI COMPOSIÇÃO'!$A$2:$E$10256,4,FALSE),IF(A1228=\"Insumo\",IF(VLOOKUP(B1228,'SINAPI INSUMOS'!$A$2:$F$4852,5,FALSE)=OR(\"\",0),VLOOKUP(B1228,'SINAPI INSUMOS'!$A$2:$F$4852,6,FALSE),VLOOKUP(B1228,'SINAPI INSUMOS'!$A$2:$F$4852,5,FALSE)),\"VERIFICAR\"))","v":71.09},0.34]
["10.3.12","Código","Banco","Descrição","Tipo","Und","Quant.","Valor Unit","Total"]
["Composição",86889,"SINAPI","BANCADA DE GRANITO CINZA POLIDO, DE 1,50 X 0,60 M, PARA PIA DE COZINHA - FORNECIMENTO E INSTALAÇÃO. AF_02/2026","INHI - INSTALAÇÕES HIDROS SANITÁRIAS","UN",1,{"$f":"I1230","v":1053.73},{"$f":"SUM(I1231:I1237)","v":1053.73}]
["Composição Auxiliar",88316,"SINAPI","SERVENTE COM ENCARGOS COMPLEMENTARES","SEDI - SERVIÇOS DIVERSOS","H",1.2559655999999999,{"$f":"IF(A1231=\"Composição Auxiliar\",VLOOKUP(B1231,'SINAPI COMPOSIÇÃO'!$A$2:$E$10256,4,FALSE),IF(A1231=\"Insumo\",IF(VLOOKUP(B1231,'SINAPI INSUMOS'!$A$2:$F$4852,5,FALSE)=OR(\"\",0),VLOOKUP(B1231,'SINAPI INSUMOS'!$A$2:$F$4852,6,FALSE),VLOOKUP(B1231,'SINAPI INSUMOS'!$A$2:$F$4852,5,FALSE)),\"VERIFICAR\"))","v":21.32},{"$f":"TRUNC(G1231*H1231,2)","v":26.77}]
["Composição Auxiliar",88274,"SINAPI","MARMORISTA/GRANITEIRO COM ENCARGOS COMPLEMENTARES","SEDI - SERVIÇOS DIVERSOS","H",1.5484571,{"$f":"IF(A1232=\"Composição Auxiliar\",VLOOKUP(B1232,'SINAPI COMPOSIÇÃO'!$A$2:$E$10256,4,FALSE),IF(A1232=\"Insumo\",IF(VLOOKUP(B1232,'SINAPI INSUMOS'!$A$2:$F$4852,5,FALSE)=OR(\"\",0),VLOOKUP(B1232,'SINAPI INSUMOS'!$A$2:$F$4852,6,FALSE),VLOOKUP(B1232,'SINAPI INSUMOS'!$A$2:$F$4852,5,FALSE)),\"VERIFICAR\"))","v":28.86},44.68]
["Insumo",7568,"SINAPI","BUCHA DE NYLON SEM ABA S10, COM PARAFUSO DE 6,10 X 65 MM EM ACO ZINCADO COM ROSCA SOBERBA, CABECA CHATA E FENDA PHILLIPS","Material","UN",6,{"$f":"IF(A1233=\"Composição Auxiliar\",VLOOKUP(B1233,'SINAPI COMPOSIÇÃO'!$A$2:$E$10256,4,FALSE),IF(A1233=\"Insumo\",IF(VLOOKUP(B1233,'SINAPI INSUMOS'!$A$2:$F$4852,5,FALSE)=OR(\"\",0),VLOOKUP(B1233,'SINAPI INSUMOS'!$A$2:$F$4852,6,FALSE),VLOOKUP(B1233,'SINAPI INSUMOS'!$A$2:$F$4852,5,FALSE)),\"VERIFICAR\"))","v":0.61},3.66]
["Insumo",37591,"SINAPI","SUPORTE MAO-FRANCESA EM ACO, ABAS IGUAIS 40 CM, CAPACIDADE MINIMA 70 KG, BRANCO","Material","UN",2,{"$f":"IF(A1234=\"Composição Auxiliar\",VLOOKUP(B1234,'SINAPI COMPOSIÇÃO'!$A$2:$E$10256,4,FALSE),IF(A1234=\"Insumo\",IF(VLOOKUP(B1234,'SINAPI INSUMOS'!$A$2:$F$4852,5,FALSE)=OR(\"\",0),VLOOKUP(B1234,'SINAPI INSUMOS'!$A$2:$F$4852,6,FALSE),VLOOKUP(B1234,'SINAPI INSUMOS'!$A$2:$F$4852,5,FALSE)),\"VERIFICAR\"))","v":20.27},40.54]
["Insumo",37329,"SINAPI","REJUNTE EPOXI, QUALQUER COR","Material","KG",5.8500000000000003E-2,{"$f":"IF(A1235=\"Composição Auxiliar\",VLOOKUP(B1235,'SINAPI COMPOSIÇÃO'!$A$2:$E$10256,4,FALSE),IF(A1235=\"Insumo\",IF(VLOOKUP(B1235,'SINAPI INSUMOS'!$A$2:$F$4852,5,FALSE)=OR(\"\",0),VLOOKUP(B1235,'SINAPI INSUMOS'!$A$2:$F$4852,6,FALSE),VLOOKUP(B1235,'SINAPI INSUMOS'!$A$2:$F$4852,5,FALSE)),\"VERIFICAR\"))","v":136.04},7.95]
["Insumo",11795,"SINAPI","GRANITO PARA BANCADA, POLIDO, TIPO ANDORINHA/ QUARTZ/ CASTELO/ CORUMBA OU OUTROS EQUIVALENTES DA REGIAO, E= *2,5* CM","Material","m²",1.0049999999999999,{"$f":"IF(A1236=\"Composição Auxiliar\",VLOOKUP(B1236,'SINAPI COMPOSIÇÃO'!$A$2:$E$10256,4,FALSE),IF(A1236=\"Insumo\",IF(VLOOKUP(B1236,'SINAPI INSUMOS'!$A$2:$F$4852,5,FALSE)=OR(\"\",0),VLOOKUP(B1236,'SINAPI INSUMOS'!$A$2:$F$4852,6,FALSE),VLOOKUP(B1236,'SINAPI INSUMOS'!$A$2:$F$4852,5,FALSE)),\"VERIFICAR\"))","v":905.66},910.18]
["Insumo",4823,"SINAPI","MASSA PLASTICA PARA MARMORE/GRANITO","Material","KG",0.52271999999999996,{"$f":"IF(A1237=\"Composição Auxiliar\",VLOOKUP(B1237,'SINAPI COMPOSIÇÃO'!$A$2:$E$10256,4,FALSE),IF(A1237=\"Insumo\",IF(VLOOKUP(B1237,'SINAPI INSUMOS'!$A$2:$F$4852,5,FALSE)=OR(\"\",0),VLOOKUP(B1237,'SINAPI INSUMOS'!$A$2:$F$4852,6,FALSE),VLOOKUP(B1237,'SINAPI INSUMOS'!$A$2:$F$4852,5,FALSE)),\"VERIFICAR\"))","v":38.18},19.95]
["10.3.13","Código","Banco","Descrição","Tipo","Und","Quant.","Valor Unit","Total"]
["Composição",86936,"SINAPI","CUBA DE EMBUTIR DE AÇO INOXIDÁVEL MÉDIA, INCLUSO VÁLVULA TIPO AMERICANA E SIFÃO TIPO GARRAFA EM METAL CROMADO - FORNECIMENTO E INSTALAÇÃO. AF_01/2020","INHI - INSTALAÇÕES HIDROS SANITÁRIAS","UN",1,{"$f":"I1239","v":579.12},{"$f":"SUM(I1240:I1242)","v":579.12}]
["Composição Auxiliar",86881,"SINAPI","SIFÃO DO TIPO GARRAFA EM METAL CROMADO 1 X 1.1/2\" - FORNECIMENTO E INSTALAÇÃO. AF_01/2020","INHI - INSTALAÇÕES HIDROS SANITÁRIAS","UN",1,{"$f":"IF(A1240=\"Composição Auxiliar\",VLOOKUP(B1240,'SINAPI COMPOSIÇÃO'!$A$2:$E$10256,4,FALSE),IF(A1240=\"Insumo\",IF(VLOOKUP(B1240,'SINAPI INSUMOS'!$A$2:$F$4852,5,FALSE)=OR(\"\",0),VLOOKUP(B1240,'SINAPI INSUMOS'!$A$2:$F$4852,6,FALSE),VLOOKUP(B1240,'SINAPI INSUMOS'!$A$2:$F$4852,5,FALSE)),\"VERIFICAR\"))","v":245.84},{"$f":"TRUNC(G1240*H1240,2)","v":245.84}]
["Composição Auxiliar",86878,"SINAPI","VÁLVULA EM METAL CROMADO TIPO AMERICANA 3.1/2\" X 1.1/2\" PARA PIA - FORNECIMENTO E INSTALAÇÃO. AF_01/2020","INHI - INSTALAÇÕES HIDROS SANITÁRIAS","UN",1,{"$f":"IF(A1241=\"Composição Auxiliar\",VLOOKUP(B1241,'SINAPI COMPOSIÇÃO'!$A$2:$E$10256,4,FALSE),IF(A1241=\"Insumo\",IF(VLOOKUP(B1241,'SINAPI INSUMOS'!$A$2:$F$4852,5,FALSE)=OR(\"\",0),VLOOKUP(B1241,'SINAPI INSUMOS'!$A$2:$F$4852,6,FALSE),VLOOKUP(B1241,'SINAPI INSUMOS'!$A$2:$F$4852,5,FALSE)),\"VERIFICAR\"))","v":86.6},{"$f":"TRUNC(G1241*H1241,2)","v":86.6}]
["Composição Auxiliar",86900,"SINAPI","CUBA DE EMBUTIR RETANGULAR DE AÇO INOXIDÁVEL, 46 X 30 X 12 CM - FORNECIMENTO E INSTALAÇÃO. AF_01/2020","INHI - INSTALAÇÕES HIDROS SANITÁRIAS","UN",1,{"$f":"IF(A1242=\"Composição Auxiliar\",VLOOKUP(B1242,'SINAPI COMPOSIÇÃO'!$A$2:$E$10256,4,FALSE),IF(A1242=\"Insumo\",IF(VLOOKUP(B1242,'SINAPI INSUMOS'!$A$2:$F$4852,5,FALSE)=OR(\"\",0),VLOOKUP(B1242,'SINAPI INSUMOS'!$A$2:$F$4852,6,FALSE),VLOOKUP(B1242,'SINAPI INSUMOS'!$A$2:$F$4852,5,FALSE)),\"VERIFICAR\"))","v":246.68},{"$f":"TRUNC(G1242*H1242,2)","v":246.68}]
["10.3.14","Código","Banco","Descrição","Tipo","Und","Quant.","Valor Unit","Total"]
["Composição",86895,"SINAPI","BANCADA DE GRANITO CINZA POLIDO, DE 0,50 X 0,60 M, PARA LAVATÓRIO - FORNECIMENTO E INSTALAÇÃO. AF_02/2026","INHI - INSTALAÇÕES HIDROS SANITÁRIAS","UN",1,{"$f":"I1244","v":446.08},{"$f":"SUM(I1245:I1251)","v":446.08}]
["Composição Auxiliar",88274,"SINAPI","MARMORISTA/GRANITEIRO COM ENCARGOS COMPLEMENTARES","SEDI - SERVIÇOS DIVERSOS","H",0.98361759999999998,{"$f":"IF(A1245=\"Composição Auxiliar\",VLOOKUP(B1245,'SINAPI COMPOSIÇÃO'!$A$2:$E$10256,4,FALSE),IF(A1245=\"Insumo\",IF(VLOOKUP(B1245,'SINAPI INSUMOS'!$A$2:$F$4852,5,FALSE)=OR(\"\",0),VLOOKUP(B1245,'SINAPI INSUMOS'!$A$2:$F$4852,6,FALSE),VLOOKUP(B1245,'SINAPI INSUMOS'!$A$2:$F$4852,5,FALSE)),\"VERIFICAR\"))","v":28.86},{"$f":"TRUNC(G1245*H1245,2)","v":28.38}]
["Composição Auxiliar",88316,"SINAPI","SERVENTE COM ENCARGOS COMPLEMENTARES","SEDI - SERVIÇOS DIVERSOS","H",0.86272959999999999,{"$f":"IF(A1246=\"Composição Auxiliar\",VLOOKUP(B1246,'SINAPI COMPOSIÇÃO'!$A$2:$E$10256,4,FALSE),IF(A1246=\"Insumo\",IF(VLOOKUP(B1246,'SINAPI INSUMOS'!$A$2:$F$4852,5,FALSE)=OR(\"\",0),VLOOKUP(B1246,'SINAPI INSUMOS'!$A$2:$F$4852,6,FALSE),VLOOKUP(B1246,'SINAPI INSUMOS'!$A$2:$F$4852,5,FALSE)),\"VERIFICAR\"))","v":21.32},18.39]
["Insumo",7568,"SINAPI","BUCHA DE NYLON SEM ABA S10, COM PARAFUSO DE 6,10 X 65 MM EM ACO ZINCADO COM ROSCA SOBERBA, CABECA CHATA E FENDA PHILLIPS","Material","UN",6,{"$f":"IF(A1247=\"Composição Auxiliar\",VLOOKUP(B1247,'SINAPI COMPOSIÇÃO'!$A$2:$E$10256,4,FALSE),IF(A1247=\"Insumo\",IF(VLOOKUP(B1247,'SINAPI INSUMOS'!$A$2:$F$4852,5,FALSE)=OR(\"\",0),VLOOKUP(B1247,'SINAPI INSUMOS'!$A$2:$F$4852,6,FALSE),VLOOKUP(B1247,'SINAPI INSUMOS'!$A$2:$F$4852,5,FALSE)),\"VERIFICAR\"))","v":0.61},3.66]
["Insumo",4823,"SINAPI","MASSA PLASTICA PARA MARMORE/GRANITO","Material","KG",0.38440000000000002,{"$f":"IF(A1248=\"Composição Auxiliar\",VLOOKUP(B1248,'SINAPI COMPOSIÇÃO'!$A$2:$E$10256,4,FALSE),IF(A1248=\"Insumo\",IF(VLOOKUP(B1248,'SINAPI INSUMOS'!$A$2:$F$4852,5,FALSE)=OR(\"\",0),VLOOKUP(B1248,'SINAPI INSUMOS'!$A$2:$F$4852,6,FALSE),VLOOKUP(B1248,'SINAPI INSUMOS'!$A$2:$F$4852,5,FALSE)),\"VERIFICAR\"))","v":38.18},14.67]
["Insumo",37590,"SINAPI","SUPORTE MAO-FRANCESA EM ACO, ABAS IGUAIS 30 CM, CAPACIDADE MINIMA 60 KG, BRANCO","Material","UN",2,{"$f":"IF(A1249=\"Composição Auxiliar\",VLOOKUP(B1249,'SINAPI COMPOSIÇÃO'!$A$2:$E$10256,4,FALSE),IF(A1249=\"Insumo\",IF(VLOOKUP(B1249,'SINAPI INSUMOS'!$A$2:$F$4852,5,FALSE)=OR(\"\",0),VLOOKUP(B1249,'SINAPI INSUMOS'!$A$2:$F$4852,6,FALSE),VLOOKUP(B1249,'SINAPI INSUMOS'!$A$2:$F$4852,5,FALSE)),\"VERIFICAR\"))","v":16.86},33.72]
["Insumo",11795,"SINAPI","GRANITO PARA BANCADA, POLIDO, TIPO ANDORINHA/ QUARTZ/ CASTELO/ CORUMBA OU OUTROS EQUIVALENTES DA REGIAO, E= *2,5* CM","Material","m²",0.377,{"$f":"IF(A1250=\"Composição Auxiliar\",VLOOKUP(B1250,'SINAPI COMPOSIÇÃO'!$A$2:$E$10256,4,FALSE),IF(A1250=\"Insumo\",IF(VLOOKUP(B1250,'SINAPI INSUMOS'!$A$2:$F$4852,5,FALSE)=OR(\"\",0),VLOOKUP(B1250,'SINAPI INSUMOS'!$A$2:$F$4852,6,FALSE),VLOOKUP(B1250,'SINAPI INSUMOS'!$A$2:$F$4852,5,FALSE)),\"VERIFICAR\"))","v":905.66},341.43]
["Insumo",37329,"SINAPI","REJUNTE EPOXI, QUALQUER COR","Material","KG",4.2900000000000001E-2,{"$f":"IF(A1251=\"Composição Auxiliar\",VLOOKUP(B1251,'SINAPI COMPOSIÇÃO'!$A$2:$E$10256,4,FALSE),IF(A1251=\"Insumo\",IF(VLOOKUP(B1251,'SINAPI INSUMOS'!$A$2:$F$4852,5,FALSE)=OR(\"\",0),VLOOKUP(B1251,'SINAPI INSUMOS'!$A$2:$F$4852,6,FALSE),VLOOKUP(B1251,'SINAPI INSUMOS'!$A$2:$F$4852,5,FALSE)),\"VERIFICAR\"))","v":136.04},5.83]
["10.3.15","Código","Banco","Descrição","Tipo","Und","Quant.","Valor Unit","Total"]
["Composição",86937,"SINAPI","CUBA DE EMBUTIR OVAL EM LOUÇA BRANCA, 35 X 50CM OU EQUIVALENTE, INCLUSO VÁLVULA EM METAL CROMADO E SIFÃO FLEXÍVEL EM PVC - FORNECIMENTO E INSTALAÇÃO. AF_01/2020","INHI - INSTALAÇÕES HIDROS SANITÁRIAS","UN",1,{"$f":"I1253","v":225.14},{"$f":"SUM(I1254:I1256)","v":225.14}]
["Composição Auxiliar",86883,"SINAPI","SIFÃO DO TIPO FLEXÍVEL EM PVC 1  X 1.1/2  - FORNECIMENTO E INSTALAÇÃO. AF_01/2020","INHI - INSTALAÇÕES HIDROS SANITÁRIAS","UN",1,{"$f":"IF(A1254=\"Composição Auxiliar\",VLOOKUP(B1254,'SINAPI COMPOSIÇÃO'!$A$2:$E$10256,4,FALSE),IF(A1254=\"Insumo\",IF(VLOOKUP(B1254,'SINAPI INSUMOS'!$A$2:$F$4852,5,FALSE)=OR(\"\",0),VLOOKUP(B1254,'SINAPI INSUMOS'!$A$2:$F$4852,6,FALSE),VLOOKUP(B1254,'SINAPI INSUMOS'!$A$2:$F$4852,5,FALSE)),\"VERIFICAR\"))","v":13.59},{"$f":"TRUNC(G1254*H1254,2)","v":13.59}]
["Composição Auxiliar",86877,"SINAPI","VÁLVULA EM METAL CROMADO 1.1/2\" X 1.1/2\" PARA TANQUE OU LAVATÓRIO, COM OU SEM LADRÃO - FORNECIMENTO E INSTALAÇÃO. AF_01/2020","INHI - INSTALAÇÕES HIDROS SANITÁRIAS","UN",1,{"$f":"IF(A1255=\"Composição Auxiliar\",VLOOKUP(B1255,'SINAPI COMPOSIÇÃO'!$A$2:$E$10256,4,FALSE),IF(A1255=\"Insumo\",IF(VLOOKUP(B1255,'SINAPI INSUMOS'!$A$2:$F$4852,5,FALSE)=OR(\"\",0),VLOOKUP(B1255,'SINAPI INSUMOS'!$A$2:$F$4852,6,FALSE),VLOOKUP(B1255,'SINAPI INSUMOS'!$A$2:$F$4852,5,FALSE)),\"VERIFICAR\"))","v":80.260000000000005},{"$f":"TRUNC(G1255*H1255,2)","v":80.260000000000005}]
["Composição Auxiliar",86901,"SINAPI","CUBA DE EMBUTIR OVAL EM LOUÇA BRANCA, 35 X 50CM OU EQUIVALENTE - FORNECIMENTO E INSTALAÇÃO. AF_01/2020","INHI - INSTALAÇÕES HIDROS SANITÁRIAS","UN",1,{"$f":"IF(A1256=\"Composição Auxiliar\",VLOOKUP(B1256,'SINAPI COMPOSIÇÃO'!$A$2:$E$10256,4,FALSE),IF(A1256=\"Insumo\",IF(VLOOKUP(B1256,'SINAPI INSUMOS'!$A$2:$F$4852,5,FALSE)=OR(\"\",0),VLOOKUP(B1256,'SINAPI INSUMOS'!$A$2:$F$4852,6,FALSE),VLOOKUP(B1256,'SINAPI INSUMOS'!$A$2:$F$4852,5,FALSE)),\"VERIFICAR\"))","v":131.29},{"$f":"TRUNC(G1256*H1256,2)","v":131.29}]
["10.3.16","Código","Banco","Descrição","Tipo","Und","Quant.","Valor Unit","Total"]
["Composição",86922,"SINAPI","TANQUE DE LOUÇA BRANCA SUSPENSO, 18L OU EQUIVALENTE, INCLUSO SIFÃO TIPO GARRAFA EM METAL CROMADO, VÁLVULA METÁLICA E TORNEIRA DE METAL CROMADO PADRÃO MÉDIO - FORNECIMENTO E INSTALAÇÃO. AF_01/2020","INHI - INSTALAÇÕES HIDROS SANITÁRIAS","UN",1,{"$f":"I1258","v":980.93000000000006},{"$f":"SUM(I1259:I1262)","v":980.93000000000006}]
["Composição Auxiliar",86874,"SINAPI","TANQUE DE LOUÇA BRANCA SUSPENSO, 18L OU EQUIVALENTE - FORNECIMENTO E INSTALAÇÃO. AF_01/2020","INHI - INSTALAÇÕES HIDROS SANITÁRIAS","UN",1,{"$f":"IF(A1259=\"Composição Auxiliar\",VLOOKUP(B1259,'SINAPI COMPOSIÇÃO'!$A$2:$E$10256,4,FALSE),IF(A1259=\"Insumo\",IF(VLOOKUP(B1259,'SINAPI INSUMOS'!$A$2:$F$4852,5,FALSE)=OR(\"\",0),VLOOKUP(B1259,'SINAPI INSUMOS'!$A$2:$F$4852,6,FALSE),VLOOKUP(B1259,'SINAPI INSUMOS'!$A$2:$F$4852,5,FALSE)),\"VERIFICAR\"))","v":467.12},{"$f":"TRUNC(G1259*H1259,2)","v":467.12}]
["Composição Auxiliar",86914,"SINAPI","TORNEIRA CROMADA 1/2\" OU 3/4\" PARA TANQUE, PADRÃO MÉDIO - FORNECIMENTO E INSTALAÇÃO. AF_01/2020","INHI - INSTALAÇÕES HIDROS SANITÁRIAS","UN",1,{"$f":"IF(A1260=\"Composição Auxiliar\",VLOOKUP(B1260,'SINAPI COMPOSIÇÃO'!$A$2:$E$10256,4,FALSE),IF(A1260=\"Insumo\",IF(VLOOKUP(B1260,'SINAPI INSUMOS'!$A$2:$F$4852,5,FALSE)=OR(\"\",0),VLOOKUP(B1260,'SINAPI INSUMOS'!$A$2:$F$4852,6,FALSE),VLOOKUP(B1260,'SINAPI INSUMOS'!$A$2:$F$4852,5,FALSE)),\"VERIFICAR\"))","v":187.71},{"$f":"TRUNC(G1260*H1260,2)","v":187.71}]
["Composição Auxiliar",86881,"SINAPI","SIFÃO DO TIPO GARRAFA EM METAL CROMADO 1 X 1.1/2\" - FORNECIMENTO E INSTALAÇÃO. AF_01/2020","INHI - INSTALAÇÕES HIDROS SANITÁRIAS","UN",1,{"$f":"IF(A1261=\"Composição Auxiliar\",VLOOKUP(B1261,'SINAPI COMPOSIÇÃO'!$A$2:$E$10256,4,FALSE),IF(A1261=\"Insumo\",IF(VLOOKUP(B1261,'SINAPI INSUMOS'!$A$2:$F$4852,5,FALSE)=OR(\"\",0),VLOOKUP(B1261,'SINAPI INSUMOS'!$A$2:$F$4852,6,FALSE),VLOOKUP(B1261,'SINAPI INSUMOS'!$A$2:$F$4852,5,FALSE)),\"VERIFICAR\"))","v":245.84},{"$f":"TRUNC(G1261*H1261,2)","v":245.84}]
["Composição Auxiliar",86877,"SINAPI","VÁLVULA EM METAL CROMADO 1.1/2\" X 1.1/2\" PARA TANQUE OU LAVATÓRIO, COM OU SEM LADRÃO - FORNECIMENTO E INSTALAÇÃO. AF_01/2020","INHI - INSTALAÇÕES HIDROS SANITÁRIAS","UN",1,{"$f":"IF(A1262=\"Composição Auxiliar\",VLOOKUP(B1262,'SINAPI COMPOSIÇÃO'!$A$2:$E$10256,4,FALSE),IF(A1262=\"Insumo\",IF(VLOOKUP(B1262,'SINAPI INSUMOS'!$A$2:$F$4852,5,FALSE)=OR(\"\",0),VLOOKUP(B1262,'SINAPI INSUMOS'!$A$2:$F$4852,6,FALSE),VLOOKUP(B1262,'SINAPI INSUMOS'!$A$2:$F$4852,5,FALSE)),\"VERIFICAR\"))","v":80.260000000000005},{"$f":"TRUNC(G1262*H1262,2)","v":80.260000000000005}]
["10.3.17","Código","Banco","Descrição","Tipo","Und","Quant.","Valor Unit","Total"]
["Composição",95546,"SINAPI","KIT DE ACESSORIOS PARA BANHEIRO EM METAL CROMADO, 5 PECAS, INCLUSO FIXAÇÃO. AF_01/2020","INHI - INSTALAÇÕES HIDROS SANITÁRIAS","UN",1,{"$f":"I1264","v":237.54},{"$f":"SUM(I1265:I1267)","v":237.54}]
["Composição Auxiliar",88267,"SINAPI","ENCANADOR OU BOMBEIRO HIDRÁULICO COM ENCARGOS COMPLEMENTARES","SEDI - SERVIÇOS DIVERSOS","H",2.2568280000000001,{"$f":"IF(A1265=\"Composição Auxiliar\",VLOOKUP(B1265,'SINAPI COMPOSIÇÃO'!$A$2:$E$10256,4,FALSE),IF(A1265=\"Insumo\",IF(VLOOKUP(B1265,'SINAPI INSUMOS'!$A$2:$F$4852,5,FALSE)=OR(\"\",0),VLOOKUP(B1265,'SINAPI INSUMOS'!$A$2:$F$4852,6,FALSE),VLOOKUP(B1265,'SINAPI INSUMOS'!$A$2:$F$4852,5,FALSE)),\"VERIFICAR\"))","v":27.01},{"$f":"TRUNC(G1265*H1265,2)","v":60.95}]
["Composição Auxiliar",88316,"SINAPI","SERVENTE COM ENCARGOS COMPLEMENTARES","SEDI - SERVIÇOS DIVERSOS","H",0.86625719999999995,{"$f":"IF(A1266=\"Composição Auxiliar\",VLOOKUP(B1266,'SINAPI COMPOSIÇÃO'!$A$2:$E$10256,4,FALSE),IF(A1266=\"Insumo\",IF(VLOOKUP(B1266,'SINAPI INSUMOS'!$A$2:$F$4852,5,FALSE)=OR(\"\",0),VLOOKUP(B1266,'SINAPI INSUMOS'!$A$2:$F$4852,6,FALSE),VLOOKUP(B1266,'SINAPI INSUMOS'!$A$2:$F$4852,5,FALSE)),\"VERIFICAR\"))","v":21.32},{"$f":"TRUNC(G1266*H1266,2)","v":18.46}]
["Insumo",39398,"SINAPI","KIT DE ACESSORIOS PARA BANHEIRO EM METAL CROMADO, 5 PECAS","Material","UN",1,{"$f":"IF(A1267=\"Composição Auxiliar\",VLOOKUP(B1267,'SINAPI COMPOSIÇÃO'!$A$2:$E$10256,4,FALSE),IF(A1267=\"Insumo\",IF(VLOOKUP(B1267,'SINAPI INSUMOS'!$A$2:$F$4852,5,FALSE)=OR(\"\",0),VLOOKUP(B1267,'SINAPI INSUMOS'!$A$2:$F$4852,6,FALSE),VLOOKUP(B1267,'SINAPI INSUMOS'!$A$2:$F$4852,5,FALSE)),\"VERIFICAR\"))","v":158.13},{"$f":"TRUNC(G1267*H1267,2)","v":158.13}]
["10.3.18","Código","Banco","Descrição","Tipo","Und","Quant.","Valor Unit","Total"]
["Composição",100849,"SINAPI","ASSENTO SANITÁRIO CONVENCIONAL - FORNECIMENTO E INSTALACAO. AF_02/2026","INHI - INSTALAÇÕES HIDROS SANITÁRIAS","UN",1,{"$f":"I1269","v":39},{"$f":"SUM(I1270:I1272)","v":39}]
["Composição Auxiliar",88316,"SINAPI","SERVENTE COM ENCARGOS COMPLEMENTARES","SEDI - SERVIÇOS DIVERSOS","H",4.3680700000000003E-2,{"$f":"IF(A1270=\"Composição Auxiliar\",VLOOKUP(B1270,'SINAPI COMPOSIÇÃO'!$A$2:$E$10256,4,FALSE),IF(A1270=\"Insumo\",IF(VLOOKUP(B1270,'SINAPI INSUMOS'!$A$2:$F$4852,5,FALSE)=OR(\"\",0),VLOOKUP(B1270,'SINAPI INSUMOS'!$A$2:$F$4852,6,FALSE),VLOOKUP(B1270,'SINAPI INSUMOS'!$A$2:$F$4852,5,FALSE)),\"VERIFICAR\"))","v":21.32},{"$f":"TRUNC(G1270*H1270,2)","v":0.93}]
["Composição Auxiliar",88267,"SINAPI","ENCANADOR OU BOMBEIRO HIDRÁULICO COM ENCARGOS COMPLEMENTARES","SEDI - SERVIÇOS DIVERSOS","H",0.1137997,{"$f":"IF(A1271=\"Composição Auxiliar\",VLOOKUP(B1271,'SINAPI COMPOSIÇÃO'!$A$2:$E$10256,4,FALSE),IF(A1271=\"Insumo\",IF(VLOOKUP(B1271,'SINAPI INSUMOS'!$A$2:$F$4852,5,FALSE)=OR(\"\",0),VLOOKUP(B1271,'SINAPI INSUMOS'!$A$2:$F$4852,6,FALSE),VLOOKUP(B1271,'SINAPI INSUMOS'!$A$2:$F$4852,5,FALSE)),\"VERIFICAR\"))","v":27.01},{"$f":"TRUNC(G1271*H1271,2)","v":3.07}]
["Insumo",377,"SINAPI","ASSENTO SANITARIO DE PLASTICO, TIPO CONVENCIONAL","Material","UN",1,{"$f":"IF(A1272=\"Composição Auxiliar\",VLOOKUP(B1272,'SINAPI COMPOSIÇÃO'!$A$2:$E$10256,4,FALSE),IF(A1272=\"Insumo\",IF(VLOOKUP(B1272,'SINAPI INSUMOS'!$A$2:$F$4852,5,FALSE)=OR(\"\",0),VLOOKUP(B1272,'SINAPI INSUMOS'!$A$2:$F$4852,6,FALSE),VLOOKUP(B1272,'SINAPI INSUMOS'!$A$2:$F$4852,5,FALSE)),\"VERIFICAR\"))","v":35},{"$f":"TRUNC(G1272*H1272,2)","v":35}]
["10.3.19","Código","Banco","Descrição","Tipo","Und","Quant.","Valor Unit","Total"]
["Composição",100868,"SINAPI","BARRA DE APOIO RETA, EM ACO INOX POLIDO, COMPRIMENTO 80 CM,  FIXADA NA PAREDE - FORNECIMENTO E INSTALAÇÃO. AF_02/2026","INHI - INSTALAÇÕES HIDROS SANITÁRIAS","UN",1,{"$f":"I1274","v":439.74},{"$f":"SUM(I1275:I1278)","v":439.74}]
["Composição Auxiliar",88316,"SINAPI","SERVENTE COM ENCARGOS COMPLEMENTARES","SEDI - SERVIÇOS DIVERSOS","H",0.43312859999999997,{"$f":"IF(A1275=\"Composição Auxiliar\",VLOOKUP(B1275,'SINAPI COMPOSIÇÃO'!$A$2:$E$10256,4,FALSE),IF(A1275=\"Insumo\",IF(VLOOKUP(B1275,'SINAPI INSUMOS'!$A$2:$F$4852,5,FALSE)=OR(\"\",0),VLOOKUP(B1275,'SINAPI INSUMOS'!$A$2:$F$4852,6,FALSE),VLOOKUP(B1275,'SINAPI INSUMOS'!$A$2:$F$4852,5,FALSE)),\"VERIFICAR\"))","v":21.32},{"$f":"TRUNC(G1275*H1275,2)","v":9.23}]
["Composição Auxiliar",88267,"SINAPI","ENCANADOR OU BOMBEIRO HIDRÁULICO COM ENCARGOS COMPLEMENTARES","SEDI - SERVIÇOS DIVERSOS","H",1.128414,{"$f":"IF(A1276=\"Composição Auxiliar\",VLOOKUP(B1276,'SINAPI COMPOSIÇÃO'!$A$2:$E$10256,4,FALSE),IF(A1276=\"Insumo\",IF(VLOOKUP(B1276,'SINAPI INSUMOS'!$A$2:$F$4852,5,FALSE)=OR(\"\",0),VLOOKUP(B1276,'SINAPI INSUMOS'!$A$2:$F$4852,6,FALSE),VLOOKUP(B1276,'SINAPI INSUMOS'!$A$2:$F$4852,5,FALSE)),\"VERIFICAR\"))","v":27.01},{"$f":"TRUNC(G1276*H1276,2)","v":30.47}]
["Insumo",36081,"SINAPI","BARRA DE APOIO RETA, EM ACO INOX POLIDO, COMPRIMENTO 80CM, DIAMETRO MINIMO 3 CM","Material","UN",1,{"$f":"IF(A1277=\"Composição Auxiliar\",VLOOKUP(B1277,'SINAPI COMPOSIÇÃO'!$A$2:$E$10256,4,FALSE),IF(A1277=\"Insumo\",IF(VLOOKUP(B1277,'SINAPI INSUMOS'!$A$2:$F$4852,5,FALSE)=OR(\"\",0),VLOOKUP(B1277,'SINAPI INSUMOS'!$A$2:$F$4852,6,FALSE),VLOOKUP(B1277,'SINAPI INSUMOS'!$A$2:$F$4852,5,FALSE)),\"VERIFICAR\"))","v":266},{"$f":"TRUNC(G1277*H1277,2)","v":266}]
["Insumo",4351,"SINAPI","PARAFUSO NIQUELADO 3 1/2\" COM ACABAMENTO CROMADO PARA FIXAR PECA SANITARIA, INCLUI PORCA CEGA, ARRUELA E BUCHA DE NYLON TAMANHO S-8","Material","UN",6,{"$f":"IF(A1278=\"Composição Auxiliar\",VLOOKUP(B1278,'SINAPI COMPOSIÇÃO'!$A$2:$E$10256,4,FALSE),IF(A1278=\"Insumo\",IF(VLOOKUP(B1278,'SINAPI INSUMOS'!$A$2:$F$4852,5,FALSE)=OR(\"\",0),VLOOKUP(B1278,'SINAPI INSUMOS'!$A$2:$F$4852,6,FALSE),VLOOKUP(B1278,'SINAPI INSUMOS'!$A$2:$F$4852,5,FALSE)),\"VERIFICAR\"))","v":22.34},{"$f":"TRUNC(G1278*H1278,2)","v":134.04}]
["10.3.20","Código","Banco","Descrição","Tipo","Und","Quant.","Valor Unit","Total"]
["Composição",100874,"SINAPI","PUXADOR PARA PCD, FIXADO NA PORTA - FORNECIMENTO E INSTALAÇÃO. AF_02/2026","INHI - INSTALAÇÕES HIDROS SANITÁRIAS","UN",1,{"$f":"I1280","v":398.37},{"$f":"SUM(I1281:I1284)","v":398.37}]
["Composição Auxiliar",88316,"SINAPI","SERVENTE COM ENCARGOS COMPLEMENTARES","SEDI - SERVIÇOS DIVERSOS","H",0.43312859999999997,{"$f":"IF(A1281=\"Composição Auxiliar\",VLOOKUP(B1281,'SINAPI COMPOSIÇÃO'!$A$2:$E$10256,4,FALSE),IF(A1281=\"Insumo\",IF(VLOOKUP(B1281,'SINAPI INSUMOS'!$A$2:$F$4852,5,FALSE)=OR(\"\",0),VLOOKUP(B1281,'SINAPI INSUMOS'!$A$2:$F$4852,6,FALSE),VLOOKUP(B1281,'SINAPI INSUMOS'!$A$2:$F$4852,5,FALSE)),\"VERIFICAR\"))","v":21.32},{"$f":"TRUNC(G1281*H1281,2)","v":9.23}]
["Composição Auxiliar",88267,"SINAPI","ENCANADOR OU BOMBEIRO HIDRÁULICO COM ENCARGOS COMPLEMENTARES","SEDI - SERVIÇOS DIVERSOS","H",1.128414,{"$f":"IF(A1282=\"Composição Auxiliar\",VLOOKUP(B1282,'SINAPI COMPOSIÇÃO'!$A$2:$E$10256,4,FALSE),IF(A1282=\"Insumo\",IF(VLOOKUP(B1282,'SINAPI INSUMOS'!$A$2:$F$4852,5,FALSE)=OR(\"\",0),VLOOKUP(B1282,'SINAPI INSUMOS'!$A$2:$F$4852,6,FALSE),VLOOKUP(B1282,'SINAPI INSUMOS'!$A$2:$F$4852,5,FALSE)),\"VERIFICAR\"))","v":27.01},{"$f":"TRUNC(G1282*H1282,2)","v":30.47}]
["Insumo",36204,"SINAPI","BARRA DE APOIO RETA, EM ACO INOX POLIDO, COMPRIMENTO 60CM, DIAMETRO MINIMO 3 CM","Material","UN",1,{"$f":"IF(A1283=\"Composição Auxiliar\",VLOOKUP(B1283,'SINAPI COMPOSIÇÃO'!$A$2:$E$10256,4,FALSE),IF(A1283=\"Insumo\",IF(VLOOKUP(B1283,'SINAPI INSUMOS'!$A$2:$F$4852,5,FALSE)=OR(\"\",0),VLOOKUP(B1283,'SINAPI INSUMOS'!$A$2:$F$4852,6,FALSE),VLOOKUP(B1283,'SINAPI INSUMOS'!$A$2:$F$4852,5,FALSE)),\"VERIFICAR\"))","v":224.63},{"$f":"TRUNC(G1283*H1283,2)","v":224.63}]
["Insumo",4351,"SINAPI","PARAFUSO NIQUELADO 3 1/2\" COM ACABAMENTO CROMADO PARA FIXAR PECA SANITARIA, INCLUI PORCA CEGA, ARRUELA E BUCHA DE NYLON TAMANHO S-8","Material","UN",6,{"$f":"IF(A1284=\"Composição Auxiliar\",VLOOKUP(B1284,'SINAPI COMPOSIÇÃO'!$A$2:$E$10256,4,FALSE),IF(A1284=\"Insumo\",IF(VLOOKUP(B1284,'SINAPI INSUMOS'!$A$2:$F$4852,5,FALSE)=OR(\"\",0),VLOOKUP(B1284,'SINAPI INSUMOS'!$A$2:$F$4852,6,FALSE),VLOOKUP(B1284,'SINAPI INSUMOS'!$A$2:$F$4852,5,FALSE)),\"VERIFICAR\"))","v":22.34},{"$f":"TRUNC(G1284*H1284,2)","v":134.04}]
["10.3.21","Código","Banco","Descrição","Tipo","Und","Quant.","Valor Unit","Total"]
["Composição",98110,"SINAPI","CAIXA DE GORDURA PEQUENA (CAPACIDADE: 19 L), CIRCULAR, EM PVC, DIÂMETRO INTERNO= 0,3 M. AF_12/2020","INHI - INSTALAÇÕES HIDROS SANITÁRIAS","UN",1,{"$f":"I1286","v":491.74},{"$f":"SUM(I1287:I1290)","v":491.74}]
["Composição Auxiliar",88309,"SINAPI","PEDREIRO COM ENCARGOS COMPLEMENTARES","SEDI - SERVIÇOS DIVERSOS","H",0.28399999999999997,{"$f":"IF(A1287=\"Composição Auxiliar\",VLOOKUP(B1287,'SINAPI COMPOSIÇÃO'!$A$2:$E$10256,4,FALSE),IF(A1287=\"Insumo\",IF(VLOOKUP(B1287,'SINAPI INSUMOS'!$A$2:$F$4852,5,FALSE)=OR(\"\",0),VLOOKUP(B1287,'SINAPI INSUMOS'!$A$2:$F$4852,6,FALSE),VLOOKUP(B1287,'SINAPI INSUMOS'!$A$2:$F$4852,5,FALSE)),\"VERIFICAR\"))","v":27.58},{"$f":"TRUNC(G1287*H1287,2)","v":7.83}]
["Composição Auxiliar",88316,"SINAPI","SERVENTE COM ENCARGOS COMPLEMENTARES","SEDI - SERVIÇOS DIVERSOS","H",0.22309999999999999,{"$f":"IF(A1288=\"Composição Auxiliar\",VLOOKUP(B1288,'SINAPI COMPOSIÇÃO'!$A$2:$E$10256,4,FALSE),IF(A1288=\"Insumo\",IF(VLOOKUP(B1288,'SINAPI INSUMOS'!$A$2:$F$4852,5,FALSE)=OR(\"\",0),VLOOKUP(B1288,'SINAPI INSUMOS'!$A$2:$F$4852,6,FALSE),VLOOKUP(B1288,'SINAPI INSUMOS'!$A$2:$F$4852,5,FALSE)),\"VERIFICAR\"))","v":21.32},{"$f":"TRUNC(G1288*H1288,2)","v":4.75}]
["Composição Auxiliar",101618,"SINAPI","PREPARO DE FUNDO DE VALA COM LARGURA MENOR QUE 1,5 M, COM CAMADA DE AREIA, LANÇAMENTO MANUAL. AF_08/2020","MOVT - MOVIMENTO DE TERRA","m³",1.41E-2,{"$f":"IF(A1289=\"Composição Auxiliar\",VLOOKUP(B1289,'SINAPI COMPOSIÇÃO'!$A$2:$E$10256,4,FALSE),IF(A1289=\"Insumo\",IF(VLOOKUP(B1289,'SINAPI INSUMOS'!$A$2:$F$4852,5,FALSE)=OR(\"\",0),VLOOKUP(B1289,'SINAPI INSUMOS'!$A$2:$F$4852,6,FALSE),VLOOKUP(B1289,'SINAPI INSUMOS'!$A$2:$F$4852,5,FALSE)),\"VERIFICAR\"))","v":285.98},{"$f":"TRUNC(G1289*H1289,2)","v":4.03}]
["Insumo",35277,"SINAPI","CAIXA DE GORDURA EM PVC, DIAMETRO MINIMO 300 MM, DIAMETRO DE SAIDA 100 MM, CAPACIDADE APROXIMADA 18 LITROS, COM TAMPA E CESTO","Material","UN",1,{"$f":"IF(A1290=\"Composição Auxiliar\",VLOOKUP(B1290,'SINAPI COMPOSIÇÃO'!$A$2:$E$10256,4,FALSE),IF(A1290=\"Insumo\",IF(VLOOKUP(B1290,'SINAPI INSUMOS'!$A$2:$F$4852,5,FALSE)=OR(\"\",0),VLOOKUP(B1290,'SINAPI INSUMOS'!$A$2:$F$4852,6,FALSE),VLOOKUP(B1290,'SINAPI INSUMOS'!$A$2:$F$4852,5,FALSE)),\"VERIFICAR\"))","v":475.13},{"$f":"TRUNC(G1290*H1290,2)","v":475.13}]
["10.3.22","Código","Banco","Descrição","Tipo","Und","Quant.","Valor Unit","Total"]
["Composição",97908,"SINAPI","CAIXA ENTERRADA HIDRÁULICA RETANGULAR, EM ALVENARIA COM BLOCOS DE CONCRETO, DIMENSÕES INTERNAS: 1X1X0,6 M PARA REDE DE ESGOTO. AF_12/2020","INHI - INSTALAÇÕES HIDROS SANITÁRIAS","UN",1,{"$f":"I1292","v":868.1099999999999},{"$f":"SUM(I1293:I1307)","v":868.1099999999999}]
["Composição Auxiliar",87316,"SINAPI","ARGAMASSA TRAÇO 1:4 (EM VOLUME DE CIMENTO E AREIA GROSSA ÚMIDA) PARA CHAPISCO CONVENCIONAL, PREPARO MECÂNICO COM BETONEIRA 400 L. AF_08/2019","SEDI - SERVIÇOS DIVERSOS","m³",2.4299999999999999E-2,{"$f":"IF(A1293=\"Composição Auxiliar\",VLOOKUP(B1293,'SINAPI COMPOSIÇÃO'!$A$2:$E$10256,4,FALSE),IF(A1293=\"Insumo\",IF(VLOOKUP(B1293,'SINAPI INSUMOS'!$A$2:$F$4852,5,FALSE)=OR(\"\",0),VLOOKUP(B1293,'SINAPI INSUMOS'!$A$2:$F$4852,6,FALSE),VLOOKUP(B1293,'SINAPI INSUMOS'!$A$2:$F$4852,5,FALSE)),\"VERIFICAR\"))","v":641.82000000000005},{"$f":"TRUNC(G1293*H1293,2)","v":15.59}]
["Composição Auxiliar",5678,"SINAPI","RETROESCAVADEIRA SOBRE RODAS COM CARREGADEIRA, TRAÇÃO 4X4, POTÊNCIA LÍQ. 88 HP, CAÇAMBA CARREG. CAP. MÍN. 1 M3, CAÇAMBA RETRO CAP. 0,26 M3, PESO OPERACIONAL MÍN. 6.674 KG, PROFUNDIDADE ESCAVAÇÃO MÁX. 4,37 M - CHP DIURNO. AF_06/2014","CHOR - CUSTOS HORÁRIOS DE MÁQUINAS E EQUIPAMENTOS","CHP",1.9699999999999999E-2,{"$f":"IF(A1294=\"Composição Auxiliar\",VLOOKUP(B1294,'SINAPI COMPOSIÇÃO'!$A$2:$E$10256,4,FALSE),IF(A1294=\"Insumo\",IF(VLOOKUP(B1294,'SINAPI INSUMOS'!$A$2:$F$4852,5,FALSE)=OR(\"\",0),VLOOKUP(B1294,'SINAPI INSUMOS'!$A$2:$F$4852,6,FALSE),VLOOKUP(B1294,'SINAPI INSUMOS'!$A$2:$F$4852,5,FALSE)),\"VERIFICAR\"))","v":148.24},2.92]
["Composição Auxiliar",97736,"SINAPI","PEÇA RETANGULAR PRÉ-MOLDADA, VOLUME DE CONCRETO ACIMA DE 100 LITROS, TAXA DE AÇO APROXIMADA DE 30KG/M³. AF_03/2024","FUES - FUNDAÇÕES E ESTRUTURAS","m³",0.1008,{"$f":"IF(A1295=\"Composição Auxiliar\",VLOOKUP(B1295,'SINAPI COMPOSIÇÃO'!$A$2:$E$10256,4,FALSE),IF(A1295=\"Insumo\",IF(VLOOKUP(B1295,'SINAPI INSUMOS'!$A$2:$F$4852,5,FALSE)=OR(\"\",0),VLOOKUP(B1295,'SINAPI INSUMOS'!$A$2:$F$4852,6,FALSE),VLOOKUP(B1295,'SINAPI INSUMOS'!$A$2:$F$4852,5,FALSE)),\"VERIFICAR\"))","v":1829.42},184.4]
["Composição Auxiliar",94970,"SINAPI","CONCRETO FCK = 20MPA, TRAÇO 1:2,7:3 (EM MASSA SECA DE CIMENTO/ AREIA MÉDIA/ BRITA 1) - PREPARO MECÂNICO COM BETONEIRA 600 L. AF_05/2021","FUES - FUNDAÇÕES E ESTRUTURAS","m³",0.16750000000000001,{"$f":"IF(A1296=\"Composição Auxiliar\",VLOOKUP(B1296,'SINAPI COMPOSIÇÃO'!$A$2:$E$10256,4,FALSE),IF(A1296=\"Insumo\",IF(VLOOKUP(B1296,'SINAPI INSUMOS'!$A$2:$F$4852,5,FALSE)=OR(\"\",0),VLOOKUP(B1296,'SINAPI INSUMOS'!$A$2:$F$4852,6,FALSE),VLOOKUP(B1296,'SINAPI INSUMOS'!$A$2:$F$4852,5,FALSE)),\"VERIFICAR\"))","v":734.64},123.05]
["Composição Auxiliar",88316,"SINAPI","SERVENTE COM ENCARGOS COMPLEMENTARES","SEDI - SERVIÇOS DIVERSOS","H",4.8318000000000003,{"$f":"IF(A1297=\"Composição Auxiliar\",VLOOKUP(B1297,'SINAPI COMPOSIÇÃO'!$A$2:$E$10256,4,FALSE),IF(A1297=\"Insumo\",IF(VLOOKUP(B1297,'SINAPI INSUMOS'!$A$2:$F$4852,5,FALSE)=OR(\"\",0),VLOOKUP(B1297,'SINAPI INSUMOS'!$A$2:$F$4852,6,FALSE),VLOOKUP(B1297,'SINAPI INSUMOS'!$A$2:$F$4852,5,FALSE)),\"VERIFICAR\"))","v":21.32},103.01]
["Composição Auxiliar",101616,"SINAPI","PREPARO DE FUNDO DE VALA COM LARGURA MENOR QUE 1,5 M (ACERTO DO SOLO NATURAL). AF_08/2020","MOVT - MOVIMENTO DE TERRA","m²",1.69,{"$f":"IF(A1298=\"Composição Auxiliar\",VLOOKUP(B1298,'SINAPI COMPOSIÇÃO'!$A$2:$E$10256,4,FALSE),IF(A1298=\"Insumo\",IF(VLOOKUP(B1298,'SINAPI INSUMOS'!$A$2:$F$4852,5,FALSE)=OR(\"\",0),VLOOKUP(B1298,'SINAPI INSUMOS'!$A$2:$F$4852,6,FALSE),VLOOKUP(B1298,'SINAPI INSUMOS'!$A$2:$F$4852,5,FALSE)),\"VERIFICAR\"))","v":7.43},12.55]
["Composição Auxiliar",88309,"SINAPI","PEDREIRO COM ENCARGOS COMPLEMENTARES","SEDI - SERVIÇOS DIVERSOS","H",6.1494999999999997,{"$f":"IF(A1299=\"Composição Auxiliar\",VLOOKUP(B1299,'SINAPI COMPOSIÇÃO'!$A$2:$E$10256,4,FALSE),IF(A1299=\"Insumo\",IF(VLOOKUP(B1299,'SINAPI INSUMOS'!$A$2:$F$4852,5,FALSE)=OR(\"\",0),VLOOKUP(B1299,'SINAPI INSUMOS'!$A$2:$F$4852,6,FALSE),VLOOKUP(B1299,'SINAPI INSUMOS'!$A$2:$F$4852,5,FALSE)),\"VERIFICAR\"))","v":27.58},169.6]
["Composição Auxiliar",5679,"SINAPI","RETROESCAVADEIRA SOBRE RODAS COM CARREGADEIRA, TRAÇÃO 4X4, POTÊNCIA LÍQ. 88 HP, CAÇAMBA CARREG. CAP. MÍN. 1 M3, CAÇAMBA RETRO CAP. 0,26 M3, PESO OPERACIONAL MÍN. 6.674 KG, PROFUNDIDADE ESCAVAÇÃO MÁX. 4,37 M - CHI DIURNO. AF_06/2014","CHOR - CUSTOS HORÁRIOS DE MÁQUINAS E EQUIPAMENTOS","CHI",4.02E-2,{"$f":"IF(A1300=\"Composição Auxiliar\",VLOOKUP(B1300,'SINAPI COMPOSIÇÃO'!$A$2:$E$10256,4,FALSE),IF(A1300=\"Insumo\",IF(VLOOKUP(B1300,'SINAPI INSUMOS'!$A$2:$F$4852,5,FALSE)=OR(\"\",0),VLOOKUP(B1300,'SINAPI INSUMOS'!$A$2:$F$4852,6,FALSE),VLOOKUP(B1300,'SINAPI INSUMOS'!$A$2:$F$4852,5,FALSE)),\"VERIFICAR\"))","v":60.32},2.42]
["Composição Auxiliar",100475,"SINAPI","ARGAMASSA TRAÇO 1:3 (EM VOLUME DE CIMENTO E AREIA MÉDIA ÚMIDA) COM ADIÇÃO DE IMPERMEABILIZANTE, PREPARO MECÂNICO COM BETONEIRA 400 L. AF_08/2019","SEDI - SERVIÇOS DIVERSOS","m³",0.1404,{"$f":"IF(A1301=\"Composição Auxiliar\",VLOOKUP(B1301,'SINAPI COMPOSIÇÃO'!$A$2:$E$10256,4,FALSE),IF(A1301=\"Insumo\",IF(VLOOKUP(B1301,'SINAPI INSUMOS'!$A$2:$F$4852,5,FALSE)=OR(\"\",0),VLOOKUP(B1301,'SINAPI INSUMOS'!$A$2:$F$4852,6,FALSE),VLOOKUP(B1301,'SINAPI INSUMOS'!$A$2:$F$4852,5,FALSE)),\"VERIFICAR\"))","v":948.11},133.11000000000001]
["Insumo",4517,"SINAPI","SARRAFO *2,5 X 7,5* CM EM PINUS, MISTA OU EQUIVALENTE DA REGIAO - BRUTA","Material","M",0.2112,{"$f":"IF(A1302=\"Composição Auxiliar\",VLOOKUP(B1302,'SINAPI COMPOSIÇÃO'!$A$2:$E$10256,4,FALSE),IF(A1302=\"Insumo\",IF(VLOOKUP(B1302,'SINAPI INSUMOS'!$A$2:$F$4852,5,FALSE)=OR(\"\",0),VLOOKUP(B1302,'SINAPI INSUMOS'!$A$2:$F$4852,6,FALSE),VLOOKUP(B1302,'SINAPI INSUMOS'!$A$2:$F$4852,5,FALSE)),\"VERIFICAR\"))","v":3.52},0.74]
["Insumo",4491,"SINAPI","PONTALETE *7,5 X 7,5* CM EM PINUS, MISTA OU EQUIVALENTE DA REGIAO - BRUTA","Material","M",0.17760000000000001,{"$f":"IF(A1303=\"Composição Auxiliar\",VLOOKUP(B1303,'SINAPI COMPOSIÇÃO'!$A$2:$E$10256,4,FALSE),IF(A1303=\"Insumo\",IF(VLOOKUP(B1303,'SINAPI INSUMOS'!$A$2:$F$4852,5,FALSE)=OR(\"\",0),VLOOKUP(B1303,'SINAPI INSUMOS'!$A$2:$F$4852,6,FALSE),VLOOKUP(B1303,'SINAPI INSUMOS'!$A$2:$F$4852,5,FALSE)),\"VERIFICAR\"))","v":10.050000000000001},1.78]
["Insumo",650,"SINAPI","BLOCO DE VEDACAO DE CONCRETO, 9 X 19 X 39 CM (CLASSE C - NBR 6136)","Material","UN",31.351299999999998,{"$f":"IF(A1304=\"Composição Auxiliar\",VLOOKUP(B1304,'SINAPI COMPOSIÇÃO'!$A$2:$E$10256,4,FALSE),IF(A1304=\"Insumo\",IF(VLOOKUP(B1304,'SINAPI INSUMOS'!$A$2:$F$4852,5,FALSE)=OR(\"\",0),VLOOKUP(B1304,'SINAPI INSUMOS'!$A$2:$F$4852,6,FALSE),VLOOKUP(B1304,'SINAPI INSUMOS'!$A$2:$F$4852,5,FALSE)),\"VERIFICAR\"))","v":3.5},109.72]
["Insumo",2692,"SINAPI","DESMOLDANTE PROTETOR PARA FORMAS DE MADEIRA, DE BASE OLEOSA EMULSIONADA EM AGUA","Material","L",8.2000000000000007E-3,{"$f":"IF(A1305=\"Composição Auxiliar\",VLOOKUP(B1305,'SINAPI COMPOSIÇÃO'!$A$2:$E$10256,4,FALSE),IF(A1305=\"Insumo\",IF(VLOOKUP(B1305,'SINAPI INSUMOS'!$A$2:$F$4852,5,FALSE)=OR(\"\",0),VLOOKUP(B1305,'SINAPI INSUMOS'!$A$2:$F$4852,6,FALSE),VLOOKUP(B1305,'SINAPI INSUMOS'!$A$2:$F$4852,5,FALSE)),\"VERIFICAR\"))","v":7.67},0.06]
["Insumo",5069,"SINAPI","PREGO DE ACO POLIDO COM CABECA 17 X 27 (2 1/2 X 11)","Material","KG",1.8700000000000001E-2,{"$f":"IF(A1306=\"Composição Auxiliar\",VLOOKUP(B1306,'SINAPI COMPOSIÇÃO'!$A$2:$E$10256,4,FALSE),IF(A1306=\"Insumo\",IF(VLOOKUP(B1306,'SINAPI INSUMOS'!$A$2:$F$4852,5,FALSE)=OR(\"\",0),VLOOKUP(B1306,'SINAPI INSUMOS'!$A$2:$F$4852,6,FALSE),VLOOKUP(B1306,'SINAPI INSUMOS'!$A$2:$F$4852,5,FALSE)),\"VERIFICAR\"))","v":16.16},0.3]
["Insumo",6193,"SINAPI","TABUA NAO APARELHADA *2,5 X 20* CM, EM MACARANDUBA/MASSARANDUBA, ANGELIM OU EQUIVALENTE DA REGIAO - BRUTA","Material","M",0.66239999999999999,{"$f":"IF(A1307=\"Composição Auxiliar\",VLOOKUP(B1307,'SINAPI COMPOSIÇÃO'!$A$2:$E$10256,4,FALSE),IF(A1307=\"Insumo\",IF(VLOOKUP(B1307,'SINAPI INSUMOS'!$A$2:$F$4852,5,FALSE)=OR(\"\",0),VLOOKUP(B1307,'SINAPI INSUMOS'!$A$2:$F$4852,6,FALSE),VLOOKUP(B1307,'SINAPI INSUMOS'!$A$2:$F$4852,5,FALSE)),\"VERIFICAR\"))","v":13.38},8.86]
["10.3.23","Código","Banco","Descrição","Tipo","Und","Quant.","Valor Unit","Total"]
["Composição",95635,"SINAPI","KIT CAVALETE PARA MEDIÇÃO DE ÁGUA - ENTRADA PRINCIPAL, EM PVC 25 MM (3/4\") - FORNECIMENTO E INSTALAÇÃO (EXCLUSIVE HIDRÔMETRO). AF_03/2024","INHI - INSTALAÇÕES HIDROS SANITÁRIAS","UN",1,{"$f":"I1309","v":212.59},{"$f":"SUM(I1310:I1313)","v":212.59}]
["Composição Auxiliar",88267,"SINAPI","ENCANADOR OU BOMBEIRO HIDRÁULICO COM ENCARGOS COMPLEMENTARES","SEDI - SERVIÇOS DIVERSOS","H",1.4904999999999999,{"$f":"IF(A1310=\"Composição Auxiliar\",VLOOKUP(B1310,'SINAPI COMPOSIÇÃO'!$A$2:$E$10256,4,FALSE),IF(A1310=\"Insumo\",IF(VLOOKUP(B1310,'SINAPI INSUMOS'!$A$2:$F$4852,5,FALSE)=OR(\"\",0),VLOOKUP(B1310,'SINAPI INSUMOS'!$A$2:$F$4852,6,FALSE),VLOOKUP(B1310,'SINAPI INSUMOS'!$A$2:$F$4852,5,FALSE)),\"VERIFICAR\"))","v":27.01},{"$f":"TRUNC(G1310*H1310,2)","v":40.25}]
["Composição Auxiliar",88248,"SINAPI","AUXILIAR DE ENCANADOR OU BOMBEIRO HIDRÁULICO COM ENCARGOS COMPLEMENTARES","SEDI - SERVIÇOS DIVERSOS","H",1.4904999999999999,{"$f":"IF(A1311=\"Composição Auxiliar\",VLOOKUP(B1311,'SINAPI COMPOSIÇÃO'!$A$2:$E$10256,4,FALSE),IF(A1311=\"Insumo\",IF(VLOOKUP(B1311,'SINAPI INSUMOS'!$A$2:$F$4852,5,FALSE)=OR(\"\",0),VLOOKUP(B1311,'SINAPI INSUMOS'!$A$2:$F$4852,6,FALSE),VLOOKUP(B1311,'SINAPI INSUMOS'!$A$2:$F$4852,5,FALSE)),\"VERIFICAR\"))","v":23.01},{"$f":"TRUNC(G1311*H1311,2)","v":34.29}]
["Insumo",3148,"SINAPI","FITA VEDA ROSCA, EM PTFE, ROLO DE 18 MM X 50 M (L X C)","Material","UN",0.1188,{"$f":"IF(A1312=\"Composição Auxiliar\",VLOOKUP(B1312,'SINAPI COMPOSIÇÃO'!$A$2:$E$10256,4,FALSE),IF(A1312=\"Insumo\",IF(VLOOKUP(B1312,'SINAPI INSUMOS'!$A$2:$F$4852,5,FALSE)=OR(\"\",0),VLOOKUP(B1312,'SINAPI INSUMOS'!$A$2:$F$4852,6,FALSE),VLOOKUP(B1312,'SINAPI INSUMOS'!$A$2:$F$4852,5,FALSE)),\"VERIFICAR\"))","v":15.3},{"$f":"TRUNC(G1312*H1312,2)","v":1.81}]
["Insumo",3729,"SINAPI","KIT CAVALETE, PVC, COM REGISTRO, PARA HIDROMETRO, BITOLAS 1/2\" OU 3/4\" - COMPLETO","Material","UN",1,{"$f":"IF(A1313=\"Composição Auxiliar\",VLOOKUP(B1313,'SINAPI COMPOSIÇÃO'!$A$2:$E$10256,4,FALSE),IF(A1313=\"Insumo\",IF(VLOOKUP(B1313,'SINAPI INSUMOS'!$A$2:$F$4852,5,FALSE)=OR(\"\",0),VLOOKUP(B1313,'SINAPI INSUMOS'!$A$2:$F$4852,6,FALSE),VLOOKUP(B1313,'SINAPI INSUMOS'!$A$2:$F$4852,5,FALSE)),\"VERIFICAR\"))","v":136.24},{"$f":"TRUNC(G1313*H1313,2)","v":136.24}]
["10.3.24","Código","Banco","Descrição","Tipo","Und","Quant.","Valor Unit","Total"]
["Composição",95676,"SINAPI","CAIXA EM CONCRETO PRÉ-MOLDADO PARA ABRIGO DE HIDRÔMETRO COM DN 20 MM - FORNECIMENTO E INSTALAÇÃO. AF_03/2024","INHI - INSTALAÇÕES HIDROS SANITÁRIAS","UN",1,{"$f":"I1315","v":150.47},{"$f":"SUM(I1316:I1318)","v":150.47}]
["Composição Auxiliar",88248,"SINAPI","AUXILIAR DE ENCANADOR OU BOMBEIRO HIDRÁULICO COM ENCARGOS COMPLEMENTARES","SEDI - SERVIÇOS DIVERSOS","H",0.26319999999999999,{"$f":"IF(A1316=\"Composição Auxiliar\",VLOOKUP(B1316,'SINAPI COMPOSIÇÃO'!$A$2:$E$10256,4,FALSE),IF(A1316=\"Insumo\",IF(VLOOKUP(B1316,'SINAPI INSUMOS'!$A$2:$F$4852,5,FALSE)=OR(\"\",0),VLOOKUP(B1316,'SINAPI INSUMOS'!$A$2:$F$4852,6,FALSE),VLOOKUP(B1316,'SINAPI INSUMOS'!$A$2:$F$4852,5,FALSE)),\"VERIFICAR\"))","v":23.01},{"$f":"TRUNC(G1316*H1316,2)","v":6.05}]
["Composição Auxiliar",88267,"SINAPI","ENCANADOR OU BOMBEIRO HIDRÁULICO COM ENCARGOS COMPLEMENTARES","SEDI - SERVIÇOS DIVERSOS","H",0.26319999999999999,{"$f":"IF(A1317=\"Composição Auxiliar\",VLOOKUP(B1317,'SINAPI COMPOSIÇÃO'!$A$2:$E$10256,4,FALSE),IF(A1317=\"Insumo\",IF(VLOOKUP(B1317,'SINAPI INSUMOS'!$A$2:$F$4852,5,FALSE)=OR(\"\",0),VLOOKUP(B1317,'SINAPI INSUMOS'!$A$2:$F$4852,6,FALSE),VLOOKUP(B1317,'SINAPI INSUMOS'!$A$2:$F$4852,5,FALSE)),\"VERIFICAR\"))","v":27.01},{"$f":"TRUNC(G1317*H1317,2)","v":7.1}]
["Insumo",11882,"SINAPI","CAIXA PARA HIDROMETRO CONCRETO PRE MOLDADO, *0,24 M X 0,45 M X 0,30* M (L X C X A)","Material","UN",1,{"$f":"IF(A1318=\"Composição Auxiliar\",VLOOKUP(B1318,'SINAPI COMPOSIÇÃO'!$A$2:$E$10256,4,FALSE),IF(A1318=\"Insumo\",IF(VLOOKUP(B1318,'SINAPI INSUMOS'!$A$2:$F$4852,5,FALSE)=OR(\"\",0),VLOOKUP(B1318,'SINAPI INSUMOS'!$A$2:$F$4852,6,FALSE),VLOOKUP(B1318,'SINAPI INSUMOS'!$A$2:$F$4852,5,FALSE)),\"VERIFICAR\"))","v":137.32},{"$f":"TRUNC(G1318*H1318,2)","v":137.32}]
["10.3.25","Código","Banco","Descrição","Tipo","Und","Quant.","Valor Unit","Total"]
["Composição",98087,"SINAPI","TANQUE SÉPTICO RETANGULAR, EM ALVENARIA COM BLOCOS DE CONCRETO, DIMENSÕES INTERNAS: 1,6 X 4,6 X H=2,4 M, VOLUME ÚTIL: 14720 L (PARA 105 CONTRIBUINTES). AF_12/2020","INHI - INSTALAÇÕES HIDROS SANITÁRIAS","UN",1,{"$f":"I1320","v":12927.33},{"$f":"SUM(I1321:I1341)","v":12927.33}]
["Composição Auxiliar",88309,"SINAPI","PEDREIRO COM ENCARGOS COMPLEMENTARES","SEDI - SERVIÇOS DIVERSOS","H",73.575299999999999,{"$f":"IF(A1321=\"Composição Auxiliar\",VLOOKUP(B1321,'SINAPI COMPOSIÇÃO'!$A$2:$E$10256,4,FALSE),IF(A1321=\"Insumo\",IF(VLOOKUP(B1321,'SINAPI INSUMOS'!$A$2:$F$4852,5,FALSE)=OR(\"\",0),VLOOKUP(B1321,'SINAPI INSUMOS'!$A$2:$F$4852,6,FALSE),VLOOKUP(B1321,'SINAPI INSUMOS'!$A$2:$F$4852,5,FALSE)),\"VERIFICAR\"))","v":27.58},{"$f":"TRUNC(G1321*H1321,2)","v":2029.2}]
["Composição Auxiliar",92767,"SINAPI","ARMAÇÃO DE LAJE DE ESTRUTURA CONVENCIONAL DE CONCRETO ARMADO UTILIZANDO AÇO CA-60 DE 4,2 MM - MONTAGEM. AF_06/2022","FUES - FUNDAÇÕES E ESTRUTURAS","KG",53.148400000000002,{"$f":"IF(A1322=\"Composição Auxiliar\",VLOOKUP(B1322,'SINAPI COMPOSIÇÃO'!$A$2:$E$10256,4,FALSE),IF(A1322=\"Insumo\",IF(VLOOKUP(B1322,'SINAPI INSUMOS'!$A$2:$F$4852,5,FALSE)=OR(\"\",0),VLOOKUP(B1322,'SINAPI INSUMOS'!$A$2:$F$4852,6,FALSE),VLOOKUP(B1322,'SINAPI INSUMOS'!$A$2:$F$4852,5,FALSE)),\"VERIFICAR\"))","v":16.43},873.22]
["Composição Auxiliar",89998,"SINAPI","ARMAÇÃO DE CINTA DE ALVENARIA ESTRUTURAL; DIÂMETRO DE 10,0 MM. AF_09/2021","FUES - FUNDAÇÕES E ESTRUTURAS","KG",8.1443999999999992,{"$f":"IF(A1323=\"Composição Auxiliar\",VLOOKUP(B1323,'SINAPI COMPOSIÇÃO'!$A$2:$E$10256,4,FALSE),IF(A1323=\"Insumo\",IF(VLOOKUP(B1323,'SINAPI INSUMOS'!$A$2:$F$4852,5,FALSE)=OR(\"\",0),VLOOKUP(B1323,'SINAPI INSUMOS'!$A$2:$F$4852,6,FALSE),VLOOKUP(B1323,'SINAPI INSUMOS'!$A$2:$F$4852,5,FALSE)),\"VERIFICAR\"))","v":10.95},89.18]
["Composição Auxiliar",89996,"SINAPI","ARMAÇÃO VERTICAL DE ALVENARIA ESTRUTURAL; DIÂMETRO DE 10,0 MM. AF_09/2021","FUES - FUNDAÇÕES E ESTRUTURAS","KG",5.9231999999999996,{"$f":"IF(A1324=\"Composição Auxiliar\",VLOOKUP(B1324,'SINAPI COMPOSIÇÃO'!$A$2:$E$10256,4,FALSE),IF(A1324=\"Insumo\",IF(VLOOKUP(B1324,'SINAPI INSUMOS'!$A$2:$F$4852,5,FALSE)=OR(\"\",0),VLOOKUP(B1324,'SINAPI INSUMOS'!$A$2:$F$4852,6,FALSE),VLOOKUP(B1324,'SINAPI INSUMOS'!$A$2:$F$4852,5,FALSE)),\"VERIFICAR\"))","v":11.49},68.05]
["Composição Auxiliar",88316,"SINAPI","SERVENTE COM ENCARGOS COMPLEMENTARES","SEDI - SERVIÇOS DIVERSOS","H",57.809199999999997,{"$f":"IF(A1325=\"Composição Auxiliar\",VLOOKUP(B1325,'SINAPI COMPOSIÇÃO'!$A$2:$E$10256,4,FALSE),IF(A1325=\"Insumo\",IF(VLOOKUP(B1325,'SINAPI INSUMOS'!$A$2:$F$4852,5,FALSE)=OR(\"\",0),VLOOKUP(B1325,'SINAPI INSUMOS'!$A$2:$F$4852,6,FALSE),VLOOKUP(B1325,'SINAPI INSUMOS'!$A$2:$F$4852,5,FALSE)),\"VERIFICAR\"))","v":21.32},1232.49]
["Composição Auxiliar",101624,"SINAPI","PREPARO DE FUNDO DE VALA COM LARGURA MAIOR OU IGUAL A 1,5 M E MENOR QUE 2,5 M, COM CAMADA DE BRITA, LANÇAMENTO MECANIZADO. AF_08/2020","MOVT - MOVIMENTO DE TERRA","m³",0.93100000000000005,{"$f":"IF(A1326=\"Composição Auxiliar\",VLOOKUP(B1326,'SINAPI COMPOSIÇÃO'!$A$2:$E$10256,4,FALSE),IF(A1326=\"Insumo\",IF(VLOOKUP(B1326,'SINAPI INSUMOS'!$A$2:$F$4852,5,FALSE)=OR(\"\",0),VLOOKUP(B1326,'SINAPI INSUMOS'!$A$2:$F$4852,6,FALSE),VLOOKUP(B1326,'SINAPI INSUMOS'!$A$2:$F$4852,5,FALSE)),\"VERIFICAR\"))","v":476.96},444.04]
["Composição Auxiliar",5679,"SINAPI","RETROESCAVADEIRA SOBRE RODAS COM CARREGADEIRA, TRAÇÃO 4X4, POTÊNCIA LÍQ. 88 HP, CAÇAMBA CARREG. CAP. MÍN. 1 M3, CAÇAMBA RETRO CAP. 0,26 M3, PESO OPERACIONAL MÍN. 6.674 KG, PROFUNDIDADE ESCAVAÇÃO MÁX. 4,37 M - CHI DIURNO. AF_06/2014","CHOR - CUSTOS HORÁRIOS DE MÁQUINAS E EQUIPAMENTOS","CHI",0.40760000000000002,{"$f":"IF(A1327=\"Composição Auxiliar\",VLOOKUP(B1327,'SINAPI COMPOSIÇÃO'!$A$2:$E$10256,4,FALSE),IF(A1327=\"Insumo\",IF(VLOOKUP(B1327,'SINAPI INSUMOS'!$A$2:$F$4852,5,FALSE)=OR(\"\",0),VLOOKUP(B1327,'SINAPI INSUMOS'!$A$2:$F$4852,6,FALSE),VLOOKUP(B1327,'SINAPI INSUMOS'!$A$2:$F$4852,5,FALSE)),\"VERIFICAR\"))","v":60.32},24.58]
["Composição Auxiliar",88628,"SINAPI","ARGAMASSA TRAÇO 1:3 (EM VOLUME DE CIMENTO E AREIA MÉDIA ÚMIDA), PREPARO MECÂNICO COM BETONEIRA 400 L. AF_08/2019","SEDI - SERVIÇOS DIVERSOS","m³",1.6464000000000001,{"$f":"IF(A1328=\"Composição Auxiliar\",VLOOKUP(B1328,'SINAPI COMPOSIÇÃO'!$A$2:$E$10256,4,FALSE),IF(A1328=\"Insumo\",IF(VLOOKUP(B1328,'SINAPI INSUMOS'!$A$2:$F$4852,5,FALSE)=OR(\"\",0),VLOOKUP(B1328,'SINAPI INSUMOS'!$A$2:$F$4852,6,FALSE),VLOOKUP(B1328,'SINAPI INSUMOS'!$A$2:$F$4852,5,FALSE)),\"VERIFICAR\"))","v":782.09},1287.6300000000001]
["Composição Auxiliar",5678,"SINAPI","RETROESCAVADEIRA SOBRE RODAS COM CARREGADEIRA, TRAÇÃO 4X4, POTÊNCIA LÍQ. 88 HP, CAÇAMBA CARREG. CAP. MÍN. 1 M3, CAÇAMBA RETRO CAP. 0,26 M3, PESO OPERACIONAL MÍN. 6.674 KG, PROFUNDIDADE ESCAVAÇÃO MÁX. 4,37 M - CHP DIURNO. AF_06/2014","CHOR - CUSTOS HORÁRIOS DE MÁQUINAS E EQUIPAMENTOS","CHP",0.2,{"$f":"IF(A1329=\"Composição Auxiliar\",VLOOKUP(B1329,'SINAPI COMPOSIÇÃO'!$A$2:$E$10256,4,FALSE),IF(A1329=\"Insumo\",IF(VLOOKUP(B1329,'SINAPI INSUMOS'!$A$2:$F$4852,5,FALSE)=OR(\"\",0),VLOOKUP(B1329,'SINAPI INSUMOS'!$A$2:$F$4852,6,FALSE),VLOOKUP(B1329,'SINAPI INSUMOS'!$A$2:$F$4852,5,FALSE)),\"VERIFICAR\"))","v":148.24},29.64]
["Composição Auxiliar",94970,"SINAPI","CONCRETO FCK = 20MPA, TRAÇO 1:2,7:3 (EM MASSA SECA DE CIMENTO/ AREIA MÉDIA/ BRITA 1) - PREPARO MECÂNICO COM BETONEIRA 600 L. AF_05/2021","FUES - FUNDAÇÕES E ESTRUTURAS","m³",2.0022000000000002,{"$f":"IF(A1330=\"Composição Auxiliar\",VLOOKUP(B1330,'SINAPI COMPOSIÇÃO'!$A$2:$E$10256,4,FALSE),IF(A1330=\"Insumo\",IF(VLOOKUP(B1330,'SINAPI INSUMOS'!$A$2:$F$4852,5,FALSE)=OR(\"\",0),VLOOKUP(B1330,'SINAPI INSUMOS'!$A$2:$F$4852,6,FALSE),VLOOKUP(B1330,'SINAPI INSUMOS'!$A$2:$F$4852,5,FALSE)),\"VERIFICAR\"))","v":734.64},1470.89]
["Composição Auxiliar",97735,"SINAPI","PEÇA RETANGULAR PRÉ-MOLDADA, VOLUME DE CONCRETO DE 30 A 100 LITROS, TAXA DE AÇO APROXIMADA DE 30KG/M³. AF_03/2024","FUES - FUNDAÇÕES E ESTRUTURAS","m³",0.7,{"$f":"IF(A1331=\"Composição Auxiliar\",VLOOKUP(B1331,'SINAPI COMPOSIÇÃO'!$A$2:$E$10256,4,FALSE),IF(A1331=\"Insumo\",IF(VLOOKUP(B1331,'SINAPI INSUMOS'!$A$2:$F$4852,5,FALSE)=OR(\"\",0),VLOOKUP(B1331,'SINAPI INSUMOS'!$A$2:$F$4852,6,FALSE),VLOOKUP(B1331,'SINAPI INSUMOS'!$A$2:$F$4852,5,FALSE)),\"VERIFICAR\"))","v":2791.89},1954.32]
["Composição Auxiliar",87316,"SINAPI","ARGAMASSA TRAÇO 1:4 (EM VOLUME DE CIMENTO E AREIA GROSSA ÚMIDA) PARA CHAPISCO CONVENCIONAL, PREPARO MECÂNICO COM BETONEIRA 400 L. AF_08/2019","SEDI - SERVIÇOS DIVERSOS","m³",0.2969,{"$f":"IF(A1332=\"Composição Auxiliar\",VLOOKUP(B1332,'SINAPI COMPOSIÇÃO'!$A$2:$E$10256,4,FALSE),IF(A1332=\"Insumo\",IF(VLOOKUP(B1332,'SINAPI INSUMOS'!$A$2:$F$4852,5,FALSE)=OR(\"\",0),VLOOKUP(B1332,'SINAPI INSUMOS'!$A$2:$F$4852,6,FALSE),VLOOKUP(B1332,'SINAPI INSUMOS'!$A$2:$F$4852,5,FALSE)),\"VERIFICAR\"))","v":641.82000000000005},190.55]
["Composição Auxiliar",89995,"SINAPI","GRAUTEAMENTO DE CINTA SUPERIOR OU DE VERGA EM ALVENARIA ESTRUTURAL. AF_09/2021","FUES - FUNDAÇÕES E ESTRUTURAS","m³",0.20300000000000001,{"$f":"IF(A1333=\"Composição Auxiliar\",VLOOKUP(B1333,'SINAPI COMPOSIÇÃO'!$A$2:$E$10256,4,FALSE),IF(A1333=\"Insumo\",IF(VLOOKUP(B1333,'SINAPI INSUMOS'!$A$2:$F$4852,5,FALSE)=OR(\"\",0),VLOOKUP(B1333,'SINAPI INSUMOS'!$A$2:$F$4852,6,FALSE),VLOOKUP(B1333,'SINAPI INSUMOS'!$A$2:$F$4852,5,FALSE)),\"VERIFICAR\"))","v":1375.24},279.17]
["Composição Auxiliar",89993,"SINAPI","GRAUTEAMENTO VERTICAL EM ALVENARIA ESTRUTURAL. AF_09/2021","FUES - FUNDAÇÕES E ESTRUTURAS","m³",0.17929999999999999,{"$f":"IF(A1334=\"Composição Auxiliar\",VLOOKUP(B1334,'SINAPI COMPOSIÇÃO'!$A$2:$E$10256,4,FALSE),IF(A1334=\"Insumo\",IF(VLOOKUP(B1334,'SINAPI INSUMOS'!$A$2:$F$4852,5,FALSE)=OR(\"\",0),VLOOKUP(B1334,'SINAPI INSUMOS'!$A$2:$F$4852,6,FALSE),VLOOKUP(B1334,'SINAPI INSUMOS'!$A$2:$F$4852,5,FALSE)),\"VERIFICAR\"))","v":1412.12},253.19]
["Insumo",25067,"SINAPI","BLOCO DE CONCRETO ESTRUTURAL 19 X 19 X 39 CM, FBK 4,5 MPA (NBR 6136)","Material","UN",380.94380000000001,{"$f":"IF(A1335=\"Composição Auxiliar\",VLOOKUP(B1335,'SINAPI COMPOSIÇÃO'!$A$2:$E$10256,4,FALSE),IF(A1335=\"Insumo\",IF(VLOOKUP(B1335,'SINAPI INSUMOS'!$A$2:$F$4852,5,FALSE)=OR(\"\",0),VLOOKUP(B1335,'SINAPI INSUMOS'!$A$2:$F$4852,6,FALSE),VLOOKUP(B1335,'SINAPI INSUMOS'!$A$2:$F$4852,5,FALSE)),\"VERIFICAR\"))","v":6.25},2380.89]
["Insumo",2692,"SINAPI","DESMOLDANTE PROTETOR PARA FORMAS DE MADEIRA, DE BASE OLEOSA EMULSIONADA EM AGUA","Material","L",3.5700000000000003E-2,{"$f":"IF(A1336=\"Composição Auxiliar\",VLOOKUP(B1336,'SINAPI COMPOSIÇÃO'!$A$2:$E$10256,4,FALSE),IF(A1336=\"Insumo\",IF(VLOOKUP(B1336,'SINAPI INSUMOS'!$A$2:$F$4852,5,FALSE)=OR(\"\",0),VLOOKUP(B1336,'SINAPI INSUMOS'!$A$2:$F$4852,6,FALSE),VLOOKUP(B1336,'SINAPI INSUMOS'!$A$2:$F$4852,5,FALSE)),\"VERIFICAR\"))","v":7.67},0.27]
["Insumo",5069,"SINAPI","PREGO DE ACO POLIDO COM CABECA 17 X 27 (2 1/2 X 11)","Material","KG",8.1900000000000001E-2,{"$f":"IF(A1337=\"Composição Auxiliar\",VLOOKUP(B1337,'SINAPI COMPOSIÇÃO'!$A$2:$E$10256,4,FALSE),IF(A1337=\"Insumo\",IF(VLOOKUP(B1337,'SINAPI INSUMOS'!$A$2:$F$4852,5,FALSE)=OR(\"\",0),VLOOKUP(B1337,'SINAPI INSUMOS'!$A$2:$F$4852,6,FALSE),VLOOKUP(B1337,'SINAPI INSUMOS'!$A$2:$F$4852,5,FALSE)),\"VERIFICAR\"))","v":16.16},1.32]
["Insumo",4517,"SINAPI","SARRAFO *2,5 X 7,5* CM EM PINUS, MISTA OU EQUIVALENTE DA REGIAO - BRUTA","Material","M",0.92400000000000004,{"$f":"IF(A1338=\"Composição Auxiliar\",VLOOKUP(B1338,'SINAPI COMPOSIÇÃO'!$A$2:$E$10256,4,FALSE),IF(A1338=\"Insumo\",IF(VLOOKUP(B1338,'SINAPI INSUMOS'!$A$2:$F$4852,5,FALSE)=OR(\"\",0),VLOOKUP(B1338,'SINAPI INSUMOS'!$A$2:$F$4852,6,FALSE),VLOOKUP(B1338,'SINAPI INSUMOS'!$A$2:$F$4852,5,FALSE)),\"VERIFICAR\"))","v":3.52},3.25]
["Insumo",6193,"SINAPI","TABUA NAO APARELHADA *2,5 X 20* CM, EM MACARANDUBA/MASSARANDUBA, ANGELIM OU EQUIVALENTE DA REGIAO - BRUTA","Material","M",2.8980000000000001,{"$f":"IF(A1339=\"Composição Auxiliar\",VLOOKUP(B1339,'SINAPI COMPOSIÇÃO'!$A$2:$E$10256,4,FALSE),IF(A1339=\"Insumo\",IF(VLOOKUP(B1339,'SINAPI INSUMOS'!$A$2:$F$4852,5,FALSE)=OR(\"\",0),VLOOKUP(B1339,'SINAPI INSUMOS'!$A$2:$F$4852,6,FALSE),VLOOKUP(B1339,'SINAPI INSUMOS'!$A$2:$F$4852,5,FALSE)),\"VERIFICAR\"))","v":13.38},38.770000000000003]
["Insumo",4491,"SINAPI","PONTALETE *7,5 X 7,5* CM EM PINUS, MISTA OU EQUIVALENTE DA REGIAO - BRUTA","Material","M",0.77700000000000002,{"$f":"IF(A1340=\"Composição Auxiliar\",VLOOKUP(B1340,'SINAPI COMPOSIÇÃO'!$A$2:$E$10256,4,FALSE),IF(A1340=\"Insumo\",IF(VLOOKUP(B1340,'SINAPI INSUMOS'!$A$2:$F$4852,5,FALSE)=OR(\"\",0),VLOOKUP(B1340,'SINAPI INSUMOS'!$A$2:$F$4852,6,FALSE),VLOOKUP(B1340,'SINAPI INSUMOS'!$A$2:$F$4852,5,FALSE)),\"VERIFICAR\"))","v":10.050000000000001},7.8]
["Insumo",660,"SINAPI","CANALETA DE CONCRETO 19 X 19 X 19 CM (CLASSE C - NBR 6136)","Material","UN",69.3,{"$f":"IF(A1341=\"Composição Auxiliar\",VLOOKUP(B1341,'SINAPI COMPOSIÇÃO'!$A$2:$E$10256,4,FALSE),IF(A1341=\"Insumo\",IF(VLOOKUP(B1341,'SINAPI INSUMOS'!$A$2:$F$4852,5,FALSE)=OR(\"\",0),VLOOKUP(B1341,'SINAPI INSUMOS'!$A$2:$F$4852,6,FALSE),VLOOKUP(B1341,'SINAPI INSUMOS'!$A$2:$F$4852,5,FALSE)),\"VERIFICAR\"))","v":3.88},268.88]
["10.3.26","Código","Banco","Descrição","Tipo","Und","Quant.","Valor Unit","Total"]
["Composição",98093,"SINAPI","FILTRO ANAERÓBIO RETANGULAR, EM ALVENARIA COM BLOCOS DE CONCRETO, DIMENSÕES INTERNAS: 1,6 X 5,6 X H=1,67 M, VOLUME ÚTIL: 10752 L (PARA 103 CONTRIBUINTES). AF_12/2020","INHI - INSTALAÇÕES HIDROS SANITÁRIAS","UN",1,{"$f":"I1343","v":17986.889999999996},{"$f":"SUM(I1344:I1365)","v":17986.889999999996}]
["Composição Auxiliar",88316,"SINAPI","SERVENTE COM ENCARGOS COMPLEMENTARES","SEDI - SERVIÇOS DIVERSOS","H",49.964500000000001,{"$f":"IF(A1344=\"Composição Auxiliar\",VLOOKUP(B1344,'SINAPI COMPOSIÇÃO'!$A$2:$E$10256,4,FALSE),IF(A1344=\"Insumo\",IF(VLOOKUP(B1344,'SINAPI INSUMOS'!$A$2:$F$4852,5,FALSE)=OR(\"\",0),VLOOKUP(B1344,'SINAPI INSUMOS'!$A$2:$F$4852,6,FALSE),VLOOKUP(B1344,'SINAPI INSUMOS'!$A$2:$F$4852,5,FALSE)),\"VERIFICAR\"))","v":21.32},{"$f":"TRUNC(G1344*H1344,2)","v":1065.24}]
["Composição Auxiliar",5679,"SINAPI","RETROESCAVADEIRA SOBRE RODAS COM CARREGADEIRA, TRAÇÃO 4X4, POTÊNCIA LÍQ. 88 HP, CAÇAMBA CARREG. CAP. MÍN. 1 M3, CAÇAMBA RETRO CAP. 0,26 M3, PESO OPERACIONAL MÍN. 6.674 KG, PROFUNDIDADE ESCAVAÇÃO MÁX. 4,37 M - CHI DIURNO. AF_06/2014","CHOR - CUSTOS HORÁRIOS DE MÁQUINAS E EQUIPAMENTOS","CHI",3.1404000000000001,{"$f":"IF(A1345=\"Composição Auxiliar\",VLOOKUP(B1345,'SINAPI COMPOSIÇÃO'!$A$2:$E$10256,4,FALSE),IF(A1345=\"Insumo\",IF(VLOOKUP(B1345,'SINAPI INSUMOS'!$A$2:$F$4852,5,FALSE)=OR(\"\",0),VLOOKUP(B1345,'SINAPI INSUMOS'!$A$2:$F$4852,6,FALSE),VLOOKUP(B1345,'SINAPI INSUMOS'!$A$2:$F$4852,5,FALSE)),\"VERIFICAR\"))","v":60.32},189.42]
["Composição Auxiliar",97735,"SINAPI","PEÇA RETANGULAR PRÉ-MOLDADA, VOLUME DE CONCRETO DE 30 A 100 LITROS, TAXA DE AÇO APROXIMADA DE 30KG/M³. AF_03/2024","FUES - FUNDAÇÕES E ESTRUTURAS","m³",1.6617,{"$f":"IF(A1346=\"Composição Auxiliar\",VLOOKUP(B1346,'SINAPI COMPOSIÇÃO'!$A$2:$E$10256,4,FALSE),IF(A1346=\"Insumo\",IF(VLOOKUP(B1346,'SINAPI INSUMOS'!$A$2:$F$4852,5,FALSE)=OR(\"\",0),VLOOKUP(B1346,'SINAPI INSUMOS'!$A$2:$F$4852,6,FALSE),VLOOKUP(B1346,'SINAPI INSUMOS'!$A$2:$F$4852,5,FALSE)),\"VERIFICAR\"))","v":2791.89},4639.28]
["Composição Auxiliar",89996,"SINAPI","ARMAÇÃO VERTICAL DE ALVENARIA ESTRUTURAL; DIÂMETRO DE 10,0 MM. AF_09/2021","FUES - FUNDAÇÕES E ESTRUTURAS","KG",3.9487999999999999,{"$f":"IF(A1347=\"Composição Auxiliar\",VLOOKUP(B1347,'SINAPI COMPOSIÇÃO'!$A$2:$E$10256,4,FALSE),IF(A1347=\"Insumo\",IF(VLOOKUP(B1347,'SINAPI INSUMOS'!$A$2:$F$4852,5,FALSE)=OR(\"\",0),VLOOKUP(B1347,'SINAPI INSUMOS'!$A$2:$F$4852,6,FALSE),VLOOKUP(B1347,'SINAPI INSUMOS'!$A$2:$F$4852,5,FALSE)),\"VERIFICAR\"))","v":11.49},45.37]
["Composição Auxiliar",92767,"SINAPI","ARMAÇÃO DE LAJE DE ESTRUTURA CONVENCIONAL DE CONCRETO ARMADO UTILIZANDO AÇO CA-60 DE 4,2 MM - MONTAGEM. AF_06/2022","FUES - FUNDAÇÕES E ESTRUTURAS","KG",63.176400000000001,{"$f":"IF(A1348=\"Composição Auxiliar\",VLOOKUP(B1348,'SINAPI COMPOSIÇÃO'!$A$2:$E$10256,4,FALSE),IF(A1348=\"Insumo\",IF(VLOOKUP(B1348,'SINAPI INSUMOS'!$A$2:$F$4852,5,FALSE)=OR(\"\",0),VLOOKUP(B1348,'SINAPI INSUMOS'!$A$2:$F$4852,6,FALSE),VLOOKUP(B1348,'SINAPI INSUMOS'!$A$2:$F$4852,5,FALSE)),\"VERIFICAR\"))","v":16.43},1037.98]
["Composição Auxiliar",88628,"SINAPI","ARGAMASSA TRAÇO 1:3 (EM VOLUME DE CIMENTO E AREIA MÉDIA ÚMIDA), PREPARO MECÂNICO COM BETONEIRA 400 L. AF_08/2019","SEDI - SERVIÇOS DIVERSOS","m³",1.4025000000000001,{"$f":"IF(A1349=\"Composição Auxiliar\",VLOOKUP(B1349,'SINAPI COMPOSIÇÃO'!$A$2:$E$10256,4,FALSE),IF(A1349=\"Insumo\",IF(VLOOKUP(B1349,'SINAPI INSUMOS'!$A$2:$F$4852,5,FALSE)=OR(\"\",0),VLOOKUP(B1349,'SINAPI INSUMOS'!$A$2:$F$4852,6,FALSE),VLOOKUP(B1349,'SINAPI INSUMOS'!$A$2:$F$4852,5,FALSE)),\"VERIFICAR\"))","v":782.09},1096.8800000000001]
["Composição Auxiliar",88309,"SINAPI","PEDREIRO COM ENCARGOS COMPLEMENTARES","SEDI - SERVIÇOS DIVERSOS","H",63.591099999999997,{"$f":"IF(A1350=\"Composição Auxiliar\",VLOOKUP(B1350,'SINAPI COMPOSIÇÃO'!$A$2:$E$10256,4,FALSE),IF(A1350=\"Insumo\",IF(VLOOKUP(B1350,'SINAPI INSUMOS'!$A$2:$F$4852,5,FALSE)=OR(\"\",0),VLOOKUP(B1350,'SINAPI INSUMOS'!$A$2:$F$4852,6,FALSE),VLOOKUP(B1350,'SINAPI INSUMOS'!$A$2:$F$4852,5,FALSE)),\"VERIFICAR\"))","v":27.58},1753.84]
["Composição Auxiliar",89993,"SINAPI","GRAUTEAMENTO VERTICAL EM ALVENARIA ESTRUTURAL. AF_09/2021","FUES - FUNDAÇÕES E ESTRUTURAS","m³",0.1196,{"$f":"IF(A1351=\"Composição Auxiliar\",VLOOKUP(B1351,'SINAPI COMPOSIÇÃO'!$A$2:$E$10256,4,FALSE),IF(A1351=\"Insumo\",IF(VLOOKUP(B1351,'SINAPI INSUMOS'!$A$2:$F$4852,5,FALSE)=OR(\"\",0),VLOOKUP(B1351,'SINAPI INSUMOS'!$A$2:$F$4852,6,FALSE),VLOOKUP(B1351,'SINAPI INSUMOS'!$A$2:$F$4852,5,FALSE)),\"VERIFICAR\"))","v":1412.12},168.88]
["Composição Auxiliar",87316,"SINAPI","ARGAMASSA TRAÇO 1:4 (EM VOLUME DE CIMENTO E AREIA GROSSA ÚMIDA) PARA CHAPISCO CONVENCIONAL, PREPARO MECÂNICO COM BETONEIRA 400 L. AF_08/2019","SEDI - SERVIÇOS DIVERSOS","m³",0.24179999999999999,{"$f":"IF(A1352=\"Composição Auxiliar\",VLOOKUP(B1352,'SINAPI COMPOSIÇÃO'!$A$2:$E$10256,4,FALSE),IF(A1352=\"Insumo\",IF(VLOOKUP(B1352,'SINAPI INSUMOS'!$A$2:$F$4852,5,FALSE)=OR(\"\",0),VLOOKUP(B1352,'SINAPI INSUMOS'!$A$2:$F$4852,6,FALSE),VLOOKUP(B1352,'SINAPI INSUMOS'!$A$2:$F$4852,5,FALSE)),\"VERIFICAR\"))","v":641.82000000000005},155.19]
["Composição Auxiliar",89998,"SINAPI","ARMAÇÃO DE CINTA DE ALVENARIA ESTRUTURAL; DIÂMETRO DE 10,0 MM. AF_09/2021","FUES - FUNDAÇÕES E ESTRUTURAS","KG",18.756799999999998,{"$f":"IF(A1353=\"Composição Auxiliar\",VLOOKUP(B1353,'SINAPI COMPOSIÇÃO'!$A$2:$E$10256,4,FALSE),IF(A1353=\"Insumo\",IF(VLOOKUP(B1353,'SINAPI INSUMOS'!$A$2:$F$4852,5,FALSE)=OR(\"\",0),VLOOKUP(B1353,'SINAPI INSUMOS'!$A$2:$F$4852,6,FALSE),VLOOKUP(B1353,'SINAPI INSUMOS'!$A$2:$F$4852,5,FALSE)),\"VERIFICAR\"))","v":10.95},205.38]
["Composição Auxiliar",94970,"SINAPI","CONCRETO FCK = 20MPA, TRAÇO 1:2,7:3 (EM MASSA SECA DE CIMENTO/ AREIA MÉDIA/ BRITA 1) - PREPARO MECÂNICO COM BETONEIRA 600 L. AF_05/2021","FUES - FUNDAÇÕES E ESTRUTURAS","m³",2.38,{"$f":"IF(A1354=\"Composição Auxiliar\",VLOOKUP(B1354,'SINAPI COMPOSIÇÃO'!$A$2:$E$10256,4,FALSE),IF(A1354=\"Insumo\",IF(VLOOKUP(B1354,'SINAPI INSUMOS'!$A$2:$F$4852,5,FALSE)=OR(\"\",0),VLOOKUP(B1354,'SINAPI INSUMOS'!$A$2:$F$4852,6,FALSE),VLOOKUP(B1354,'SINAPI INSUMOS'!$A$2:$F$4852,5,FALSE)),\"VERIFICAR\"))","v":734.64},1748.44]
["Composição Auxiliar",89995,"SINAPI","GRAUTEAMENTO DE CINTA SUPERIOR OU DE VERGA EM ALVENARIA ESTRUTURAL. AF_09/2021","FUES - FUNDAÇÕES E ESTRUTURAS","m³",0.46760000000000002,{"$f":"IF(A1355=\"Composição Auxiliar\",VLOOKUP(B1355,'SINAPI COMPOSIÇÃO'!$A$2:$E$10256,4,FALSE),IF(A1355=\"Insumo\",IF(VLOOKUP(B1355,'SINAPI INSUMOS'!$A$2:$F$4852,5,FALSE)=OR(\"\",0),VLOOKUP(B1355,'SINAPI INSUMOS'!$A$2:$F$4852,6,FALSE),VLOOKUP(B1355,'SINAPI INSUMOS'!$A$2:$F$4852,5,FALSE)),\"VERIFICAR\"))","v":1375.24},643.05999999999995]
["Composição Auxiliar",5678,"SINAPI","RETROESCAVADEIRA SOBRE RODAS COM CARREGADEIRA, TRAÇÃO 4X4, POTÊNCIA LÍQ. 88 HP, CAÇAMBA CARREG. CAP. MÍN. 1 M3, CAÇAMBA RETRO CAP. 0,26 M3, PESO OPERACIONAL MÍN. 6.674 KG, PROFUNDIDADE ESCAVAÇÃO MÁX. 4,37 M - CHP DIURNO. AF_06/2014","CHOR - CUSTOS HORÁRIOS DE MÁQUINAS E EQUIPAMENTOS","CHP",1.5409999999999999,{"$f":"IF(A1356=\"Composição Auxiliar\",VLOOKUP(B1356,'SINAPI COMPOSIÇÃO'!$A$2:$E$10256,4,FALSE),IF(A1356=\"Insumo\",IF(VLOOKUP(B1356,'SINAPI INSUMOS'!$A$2:$F$4852,5,FALSE)=OR(\"\",0),VLOOKUP(B1356,'SINAPI INSUMOS'!$A$2:$F$4852,6,FALSE),VLOOKUP(B1356,'SINAPI INSUMOS'!$A$2:$F$4852,5,FALSE)),\"VERIFICAR\"))","v":148.24},228.43]
["Composição Auxiliar",101624,"SINAPI","PREPARO DE FUNDO DE VALA COM LARGURA MAIOR OU IGUAL A 1,5 M E MENOR QUE 2,5 M, COM CAMADA DE BRITA, LANÇAMENTO MECANIZADO. AF_08/2020","MOVT - MOVIMENTO DE TERRA","m³",1.121,{"$f":"IF(A1357=\"Composição Auxiliar\",VLOOKUP(B1357,'SINAPI COMPOSIÇÃO'!$A$2:$E$10256,4,FALSE),IF(A1357=\"Insumo\",IF(VLOOKUP(B1357,'SINAPI INSUMOS'!$A$2:$F$4852,5,FALSE)=OR(\"\",0),VLOOKUP(B1357,'SINAPI INSUMOS'!$A$2:$F$4852,6,FALSE),VLOOKUP(B1357,'SINAPI INSUMOS'!$A$2:$F$4852,5,FALSE)),\"VERIFICAR\"))","v":476.96},534.66999999999996]
["Insumo",4491,"SINAPI","PONTALETE *7,5 X 7,5* CM EM PINUS, MISTA OU EQUIVALENTE DA REGIAO - BRUTA","Material","M",0.88800000000000001,{"$f":"IF(A1358=\"Composição Auxiliar\",VLOOKUP(B1358,'SINAPI COMPOSIÇÃO'!$A$2:$E$10256,4,FALSE),IF(A1358=\"Insumo\",IF(VLOOKUP(B1358,'SINAPI INSUMOS'!$A$2:$F$4852,5,FALSE)=OR(\"\",0),VLOOKUP(B1358,'SINAPI INSUMOS'!$A$2:$F$4852,6,FALSE),VLOOKUP(B1358,'SINAPI INSUMOS'!$A$2:$F$4852,5,FALSE)),\"VERIFICAR\"))","v":10.050000000000001},8.92]
["Insumo",2692,"SINAPI","DESMOLDANTE PROTETOR PARA FORMAS DE MADEIRA, DE BASE OLEOSA EMULSIONADA EM AGUA","Material","L",4.0800000000000003E-2,{"$f":"IF(A1359=\"Composição Auxiliar\",VLOOKUP(B1359,'SINAPI COMPOSIÇÃO'!$A$2:$E$10256,4,FALSE),IF(A1359=\"Insumo\",IF(VLOOKUP(B1359,'SINAPI INSUMOS'!$A$2:$F$4852,5,FALSE)=OR(\"\",0),VLOOKUP(B1359,'SINAPI INSUMOS'!$A$2:$F$4852,6,FALSE),VLOOKUP(B1359,'SINAPI INSUMOS'!$A$2:$F$4852,5,FALSE)),\"VERIFICAR\"))","v":7.67},0.31]
["Insumo",25067,"SINAPI","BLOCO DE CONCRETO ESTRUTURAL 19 X 19 X 39 CM, FBK 4,5 MPA (NBR 6136)","Material","UN",239.19380000000001,{"$f":"IF(A1360=\"Composição Auxiliar\",VLOOKUP(B1360,'SINAPI COMPOSIÇÃO'!$A$2:$E$10256,4,FALSE),IF(A1360=\"Insumo\",IF(VLOOKUP(B1360,'SINAPI INSUMOS'!$A$2:$F$4852,5,FALSE)=OR(\"\",0),VLOOKUP(B1360,'SINAPI INSUMOS'!$A$2:$F$4852,6,FALSE),VLOOKUP(B1360,'SINAPI INSUMOS'!$A$2:$F$4852,5,FALSE)),\"VERIFICAR\"))","v":6.25},1494.96]
["Insumo",4720,"SINAPI","PEDRA BRITADA N. 0, OU PEDRISCO (4,8 A 9,5 MM) POSTO PEDREIRA/FORNECEDOR, SEM FRETE","Material","m³",6.681,{"$f":"IF(A1361=\"Composição Auxiliar\",VLOOKUP(B1361,'SINAPI COMPOSIÇÃO'!$A$2:$E$10256,4,FALSE),IF(A1361=\"Insumo\",IF(VLOOKUP(B1361,'SINAPI INSUMOS'!$A$2:$F$4852,5,FALSE)=OR(\"\",0),VLOOKUP(B1361,'SINAPI INSUMOS'!$A$2:$F$4852,6,FALSE),VLOOKUP(B1361,'SINAPI INSUMOS'!$A$2:$F$4852,5,FALSE)),\"VERIFICAR\"))","v":344.54},2301.87]
["Insumo",6193,"SINAPI","TABUA NAO APARELHADA *2,5 X 20* CM, EM MACARANDUBA/MASSARANDUBA, ANGELIM OU EQUIVALENTE DA REGIAO - BRUTA","Material","M",3.3119999999999998,{"$f":"IF(A1362=\"Composição Auxiliar\",VLOOKUP(B1362,'SINAPI COMPOSIÇÃO'!$A$2:$E$10256,4,FALSE),IF(A1362=\"Insumo\",IF(VLOOKUP(B1362,'SINAPI INSUMOS'!$A$2:$F$4852,5,FALSE)=OR(\"\",0),VLOOKUP(B1362,'SINAPI INSUMOS'!$A$2:$F$4852,6,FALSE),VLOOKUP(B1362,'SINAPI INSUMOS'!$A$2:$F$4852,5,FALSE)),\"VERIFICAR\"))","v":13.38},44.31]
["Insumo",5069,"SINAPI","PREGO DE ACO POLIDO COM CABECA 17 X 27 (2 1/2 X 11)","Material","KG",9.3600000000000003E-2,{"$f":"IF(A1363=\"Composição Auxiliar\",VLOOKUP(B1363,'SINAPI COMPOSIÇÃO'!$A$2:$E$10256,4,FALSE),IF(A1363=\"Insumo\",IF(VLOOKUP(B1363,'SINAPI INSUMOS'!$A$2:$F$4852,5,FALSE)=OR(\"\",0),VLOOKUP(B1363,'SINAPI INSUMOS'!$A$2:$F$4852,6,FALSE),VLOOKUP(B1363,'SINAPI INSUMOS'!$A$2:$F$4852,5,FALSE)),\"VERIFICAR\"))","v":16.16},1.51]
["Insumo",4517,"SINAPI","SARRAFO *2,5 X 7,5* CM EM PINUS, MISTA OU EQUIVALENTE DA REGIAO - BRUTA","Material","M",1.056,{"$f":"IF(A1364=\"Composição Auxiliar\",VLOOKUP(B1364,'SINAPI COMPOSIÇÃO'!$A$2:$E$10256,4,FALSE),IF(A1364=\"Insumo\",IF(VLOOKUP(B1364,'SINAPI INSUMOS'!$A$2:$F$4852,5,FALSE)=OR(\"\",0),VLOOKUP(B1364,'SINAPI INSUMOS'!$A$2:$F$4852,6,FALSE),VLOOKUP(B1364,'SINAPI INSUMOS'!$A$2:$F$4852,5,FALSE)),\"VERIFICAR\"))","v":3.52},3.71]
["Insumo",660,"SINAPI","CANALETA DE CONCRETO 19 X 19 X 19 CM (CLASSE C - NBR 6136)","Material","UN",159.6,{"$f":"IF(A1365=\"Composição Auxiliar\",VLOOKUP(B1365,'SINAPI COMPOSIÇÃO'!$A$2:$E$10256,4,FALSE),IF(A1365=\"Insumo\",IF(VLOOKUP(B1365,'SINAPI INSUMOS'!$A$2:$F$4852,5,FALSE)=OR(\"\",0),VLOOKUP(B1365,'SINAPI INSUMOS'!$A$2:$F$4852,6,FALSE),VLOOKUP(B1365,'SINAPI INSUMOS'!$A$2:$F$4852,5,FALSE)),\"VERIFICAR\"))","v":3.88},619.24]
["10.3.27","Código","Banco","Descrição","Tipo","Und","Quant.","Valor Unit","Total"]
["Composição",98101,"SINAPI","SUMIDOURO RETANGULAR, EM ALVENARIA COM BLOCOS DE CONCRETO, DIMENSÕES INTERNAS: 1,6 X 5,8 X H=3,0 M, ÁREA DE INFILTRAÇÃO: 50 M² (PARA 20 CONTRIBUINTES). . AF_12/2020","INHI - INSTALAÇÕES HIDROS SANITÁRIAS","UN",1,{"$f":"I1367","v":10481.209999999997},{"$f":"SUM(I1368:I1381)","v":10481.209999999997}]
["Composição Auxiliar",88309,"SINAPI","PEDREIRO COM ENCARGOS COMPLEMENTARES","SEDI - SERVIÇOS DIVERSOS","H",48.378,{"$f":"IF(A1368=\"Composição Auxiliar\",VLOOKUP(B1368,'SINAPI COMPOSIÇÃO'!$A$2:$E$10256,4,FALSE),IF(A1368=\"Insumo\",IF(VLOOKUP(B1368,'SINAPI INSUMOS'!$A$2:$F$4852,5,FALSE)=OR(\"\",0),VLOOKUP(B1368,'SINAPI INSUMOS'!$A$2:$F$4852,6,FALSE),VLOOKUP(B1368,'SINAPI INSUMOS'!$A$2:$F$4852,5,FALSE)),\"VERIFICAR\"))","v":27.58},{"$f":"TRUNC(G1368*H1368,2)","v":1334.26}]
["Composição Auxiliar",5678,"SINAPI","RETROESCAVADEIRA SOBRE RODAS COM CARREGADEIRA, TRAÇÃO 4X4, POTÊNCIA LÍQ. 88 HP, CAÇAMBA CARREG. CAP. MÍN. 1 M3, CAÇAMBA RETRO CAP. 0,26 M3, PESO OPERACIONAL MÍN. 6.674 KG, PROFUNDIDADE ESCAVAÇÃO MÁX. 4,37 M - CHP DIURNO. AF_06/2014","CHOR - CUSTOS HORÁRIOS DE MÁQUINAS E EQUIPAMENTOS","CHP",0.84089999999999998,{"$f":"IF(A1369=\"Composição Auxiliar\",VLOOKUP(B1369,'SINAPI COMPOSIÇÃO'!$A$2:$E$10256,4,FALSE),IF(A1369=\"Insumo\",IF(VLOOKUP(B1369,'SINAPI INSUMOS'!$A$2:$F$4852,5,FALSE)=OR(\"\",0),VLOOKUP(B1369,'SINAPI INSUMOS'!$A$2:$F$4852,6,FALSE),VLOOKUP(B1369,'SINAPI INSUMOS'!$A$2:$F$4852,5,FALSE)),\"VERIFICAR\"))","v":148.24},124.65]
["Composição Auxiliar",100475,"SINAPI","ARGAMASSA TRAÇO 1:3 (EM VOLUME DE CIMENTO E AREIA MÉDIA ÚMIDA) COM ADIÇÃO DE IMPERMEABILIZANTE, PREPARO MECÂNICO COM BETONEIRA 400 L. AF_08/2019","SEDI - SERVIÇOS DIVERSOS","m³",0.70499999999999996,{"$f":"IF(A1370=\"Composição Auxiliar\",VLOOKUP(B1370,'SINAPI COMPOSIÇÃO'!$A$2:$E$10256,4,FALSE),IF(A1370=\"Insumo\",IF(VLOOKUP(B1370,'SINAPI INSUMOS'!$A$2:$F$4852,5,FALSE)=OR(\"\",0),VLOOKUP(B1370,'SINAPI INSUMOS'!$A$2:$F$4852,6,FALSE),VLOOKUP(B1370,'SINAPI INSUMOS'!$A$2:$F$4852,5,FALSE)),\"VERIFICAR\"))","v":948.11},668.41]
["Composição Auxiliar",89995,"SINAPI","GRAUTEAMENTO DE CINTA SUPERIOR OU DE VERGA EM ALVENARIA ESTRUTURAL. AF_09/2021","FUES - FUNDAÇÕES E ESTRUTURAS","m³",0.22770000000000001,{"$f":"IF(A1371=\"Composição Auxiliar\",VLOOKUP(B1371,'SINAPI COMPOSIÇÃO'!$A$2:$E$10256,4,FALSE),IF(A1371=\"Insumo\",IF(VLOOKUP(B1371,'SINAPI INSUMOS'!$A$2:$F$4852,5,FALSE)=OR(\"\",0),VLOOKUP(B1371,'SINAPI INSUMOS'!$A$2:$F$4852,6,FALSE),VLOOKUP(B1371,'SINAPI INSUMOS'!$A$2:$F$4852,5,FALSE)),\"VERIFICAR\"))","v":1375.24},313.14]
["Composição Auxiliar",88316,"SINAPI","SERVENTE COM ENCARGOS COMPLEMENTARES","SEDI - SERVIÇOS DIVERSOS","H",38.011299999999999,{"$f":"IF(A1372=\"Composição Auxiliar\",VLOOKUP(B1372,'SINAPI COMPOSIÇÃO'!$A$2:$E$10256,4,FALSE),IF(A1372=\"Insumo\",IF(VLOOKUP(B1372,'SINAPI INSUMOS'!$A$2:$F$4852,5,FALSE)=OR(\"\",0),VLOOKUP(B1372,'SINAPI INSUMOS'!$A$2:$F$4852,6,FALSE),VLOOKUP(B1372,'SINAPI INSUMOS'!$A$2:$F$4852,5,FALSE)),\"VERIFICAR\"))","v":21.32},810.4]
["Composição Auxiliar",97735,"SINAPI","PEÇA RETANGULAR PRÉ-MOLDADA, VOLUME DE CONCRETO DE 30 A 100 LITROS, TAXA DE AÇO APROXIMADA DE 30KG/M³. AF_03/2024","FUES - FUNDAÇÕES E ESTRUTURAS","m³",0.86799999999999999,{"$f":"IF(A1373=\"Composição Auxiliar\",VLOOKUP(B1373,'SINAPI COMPOSIÇÃO'!$A$2:$E$10256,4,FALSE),IF(A1373=\"Insumo\",IF(VLOOKUP(B1373,'SINAPI INSUMOS'!$A$2:$F$4852,5,FALSE)=OR(\"\",0),VLOOKUP(B1373,'SINAPI INSUMOS'!$A$2:$F$4852,6,FALSE),VLOOKUP(B1373,'SINAPI INSUMOS'!$A$2:$F$4852,5,FALSE)),\"VERIFICAR\"))","v":2791.89},2423.36]
["Composição Auxiliar",89998,"SINAPI","ARMAÇÃO DE CINTA DE ALVENARIA ESTRUTURAL; DIÂMETRO DE 10,0 MM. AF_09/2021","FUES - FUNDAÇÕES E ESTRUTURAS","KG",9.1316000000000006,{"$f":"IF(A1374=\"Composição Auxiliar\",VLOOKUP(B1374,'SINAPI COMPOSIÇÃO'!$A$2:$E$10256,4,FALSE),IF(A1374=\"Insumo\",IF(VLOOKUP(B1374,'SINAPI INSUMOS'!$A$2:$F$4852,5,FALSE)=OR(\"\",0),VLOOKUP(B1374,'SINAPI INSUMOS'!$A$2:$F$4852,6,FALSE),VLOOKUP(B1374,'SINAPI INSUMOS'!$A$2:$F$4852,5,FALSE)),\"VERIFICAR\"))","v":10.95},99.99]
["Composição Auxiliar",5679,"SINAPI","RETROESCAVADEIRA SOBRE RODAS COM CARREGADEIRA, TRAÇÃO 4X4, POTÊNCIA LÍQ. 88 HP, CAÇAMBA CARREG. CAP. MÍN. 1 M3, CAÇAMBA RETRO CAP. 0,26 M3, PESO OPERACIONAL MÍN. 6.674 KG, PROFUNDIDADE ESCAVAÇÃO MÁX. 4,37 M - CHI DIURNO. AF_06/2014","CHOR - CUSTOS HORÁRIOS DE MÁQUINAS E EQUIPAMENTOS","CHI",1.7137,{"$f":"IF(A1375=\"Composição Auxiliar\",VLOOKUP(B1375,'SINAPI COMPOSIÇÃO'!$A$2:$E$10256,4,FALSE),IF(A1375=\"Insumo\",IF(VLOOKUP(B1375,'SINAPI INSUMOS'!$A$2:$F$4852,5,FALSE)=OR(\"\",0),VLOOKUP(B1375,'SINAPI INSUMOS'!$A$2:$F$4852,6,FALSE),VLOOKUP(B1375,'SINAPI INSUMOS'!$A$2:$F$4852,5,FALSE)),\"VERIFICAR\"))","v":60.32},103.37]
["Composição Auxiliar",89993,"SINAPI","GRAUTEAMENTO VERTICAL EM ALVENARIA ESTRUTURAL. AF_09/2021","FUES - FUNDAÇÕES E ESTRUTURAS","m³",0.22420000000000001,{"$f":"IF(A1376=\"Composição Auxiliar\",VLOOKUP(B1376,'SINAPI COMPOSIÇÃO'!$A$2:$E$10256,4,FALSE),IF(A1376=\"Insumo\",IF(VLOOKUP(B1376,'SINAPI INSUMOS'!$A$2:$F$4852,5,FALSE)=OR(\"\",0),VLOOKUP(B1376,'SINAPI INSUMOS'!$A$2:$F$4852,6,FALSE),VLOOKUP(B1376,'SINAPI INSUMOS'!$A$2:$F$4852,5,FALSE)),\"VERIFICAR\"))","v":1412.12},316.58999999999997]
["Composição Auxiliar",101625,"SINAPI","PREPARO DE FUNDO DE VALA COM LARGURA MAIOR OU IGUAL A 1,5 M E MENOR QUE 2,5 M, COM CAMADA DE AREIA, LANÇAMENTO MECANIZADO. AF_08/2020","MOVT - MOVIMENTO DE TERRA","m³",1.159,{"$f":"IF(A1377=\"Composição Auxiliar\",VLOOKUP(B1377,'SINAPI COMPOSIÇÃO'!$A$2:$E$10256,4,FALSE),IF(A1377=\"Insumo\",IF(VLOOKUP(B1377,'SINAPI INSUMOS'!$A$2:$F$4852,5,FALSE)=OR(\"\",0),VLOOKUP(B1377,'SINAPI INSUMOS'!$A$2:$F$4852,6,FALSE),VLOOKUP(B1377,'SINAPI INSUMOS'!$A$2:$F$4852,5,FALSE)),\"VERIFICAR\"))","v":249.34},288.98]
["Composição Auxiliar",89996,"SINAPI","ARMAÇÃO VERTICAL DE ALVENARIA ESTRUTURAL; DIÂMETRO DE 10,0 MM. AF_09/2021","FUES - FUNDAÇÕES E ESTRUTURAS","KG",7.4039999999999999,{"$f":"IF(A1378=\"Composição Auxiliar\",VLOOKUP(B1378,'SINAPI COMPOSIÇÃO'!$A$2:$E$10256,4,FALSE),IF(A1378=\"Insumo\",IF(VLOOKUP(B1378,'SINAPI INSUMOS'!$A$2:$F$4852,5,FALSE)=OR(\"\",0),VLOOKUP(B1378,'SINAPI INSUMOS'!$A$2:$F$4852,6,FALSE),VLOOKUP(B1378,'SINAPI INSUMOS'!$A$2:$F$4852,5,FALSE)),\"VERIFICAR\"))","v":11.49},85.07]
["Insumo",4720,"SINAPI","PEDRA BRITADA N. 0, OU PEDRISCO (4,8 A 9,5 MM) POSTO PEDREIRA/FORNECEDOR, SEM FRETE","Material","m³",3.0623999999999998,{"$f":"IF(A1379=\"Composição Auxiliar\",VLOOKUP(B1379,'SINAPI COMPOSIÇÃO'!$A$2:$E$10256,4,FALSE),IF(A1379=\"Insumo\",IF(VLOOKUP(B1379,'SINAPI INSUMOS'!$A$2:$F$4852,5,FALSE)=OR(\"\",0),VLOOKUP(B1379,'SINAPI INSUMOS'!$A$2:$F$4852,6,FALSE),VLOOKUP(B1379,'SINAPI INSUMOS'!$A$2:$F$4852,5,FALSE)),\"VERIFICAR\"))","v":344.54},1055.1099999999999]
["Insumo",25067,"SINAPI","BLOCO DE CONCRETO ESTRUTURAL 19 X 19 X 39 CM, FBK 4,5 MPA (NBR 6136)","Material","UN",409.02670000000001,{"$f":"IF(A1380=\"Composição Auxiliar\",VLOOKUP(B1380,'SINAPI COMPOSIÇÃO'!$A$2:$E$10256,4,FALSE),IF(A1380=\"Insumo\",IF(VLOOKUP(B1380,'SINAPI INSUMOS'!$A$2:$F$4852,5,FALSE)=OR(\"\",0),VLOOKUP(B1380,'SINAPI INSUMOS'!$A$2:$F$4852,6,FALSE),VLOOKUP(B1380,'SINAPI INSUMOS'!$A$2:$F$4852,5,FALSE)),\"VERIFICAR\"))","v":6.25},2556.41]
["Insumo",660,"SINAPI","CANALETA DE CONCRETO 19 X 19 X 19 CM (CLASSE C - NBR 6136)","Material","UN",77.7,{"$f":"IF(A1381=\"Composição Auxiliar\",VLOOKUP(B1381,'SINAPI COMPOSIÇÃO'!$A$2:$E$10256,4,FALSE),IF(A1381=\"Insumo\",IF(VLOOKUP(B1381,'SINAPI INSUMOS'!$A$2:$F$4852,5,FALSE)=OR(\"\",0),VLOOKUP(B1381,'SINAPI INSUMOS'!$A$2:$F$4852,6,FALSE),VLOOKUP(B1381,'SINAPI INSUMOS'!$A$2:$F$4852,5,FALSE)),\"VERIFICAR\"))","v":3.88},301.47000000000003]
["10.3.28","Código","Banco","Descrição","Tipo","Und","Quant.","Valor Unit","Total"]
["Composição",102281,"SINAPI","ESCAVAÇÃO MECANIZADA DE VALA COM PROF. MAIOR QUE 1,5 M ATÉ 3,0 M (MÉDIA MONTANTE E JUSANTE/UMA COMPOSIÇÃO POR TRECHO),COM ESCAVADEIRA (1,2 M3),LARG. DE 1,5 M A 2,5 M, EM SOLO DE 1A CATEGORIA, LOCAIS COM BAIXO NÍVEL DE INTERFERÊNCIA. AF_09/2024","MOVT - MOVIMENTO DE TERRA","m³",1,{"$f":"I1383","v":5.67},{"$f":"SUM(I1384:I1386)","v":5.67}]
["Composição Auxiliar",88908,"SINAPI","ESCAVADEIRA HIDRÁULICA SOBRE ESTEIRAS, CAÇAMBA 1,20 M3, PESO OPERACIONAL 21 T, POTÊNCIA BRUTA 155 HP - CHI DIURNO. AF_06/2014","CHOR - CUSTOS HORÁRIOS DE MÁQUINAS E EQUIPAMENTOS","CHI",1.20137E-2,{"$f":"IF(A1384=\"Composição Auxiliar\",VLOOKUP(B1384,'SINAPI COMPOSIÇÃO'!$A$2:$E$10256,4,FALSE),IF(A1384=\"Insumo\",IF(VLOOKUP(B1384,'SINAPI INSUMOS'!$A$2:$F$4852,5,FALSE)=OR(\"\",0),VLOOKUP(B1384,'SINAPI INSUMOS'!$A$2:$F$4852,6,FALSE),VLOOKUP(B1384,'SINAPI INSUMOS'!$A$2:$F$4852,5,FALSE)),\"VERIFICAR\"))","v":94.96},{"$f":"TRUNC(G1384*H1384,2)","v":1.1399999999999999}]
["Composição Auxiliar",88907,"SINAPI","ESCAVADEIRA HIDRÁULICA SOBRE ESTEIRAS, CAÇAMBA 1,20 M3, PESO OPERACIONAL 21 T, POTÊNCIA BRUTA 155 HP - CHP DIURNO. AF_06/2014","CHOR - CUSTOS HORÁRIOS DE MÁQUINAS E EQUIPAMENTOS","CHP",1.52514E-2,{"$f":"IF(A1385=\"Composição Auxiliar\",VLOOKUP(B1385,'SINAPI COMPOSIÇÃO'!$A$2:$E$10256,4,FALSE),IF(A1385=\"Insumo\",IF(VLOOKUP(B1385,'SINAPI INSUMOS'!$A$2:$F$4852,5,FALSE)=OR(\"\",0),VLOOKUP(B1385,'SINAPI INSUMOS'!$A$2:$F$4852,6,FALSE),VLOOKUP(B1385,'SINAPI INSUMOS'!$A$2:$F$4852,5,FALSE)),\"VERIFICAR\"))","v":259.26},{"$f":"TRUNC(G1385*H1385,2)","v":3.95}]
["Composição Auxiliar",88316,"SINAPI","SERVENTE COM ENCARGOS COMPLEMENTARES","SEDI - SERVIÇOS DIVERSOS","H",2.72651E-2,{"$f":"IF(A1386=\"Composição Auxiliar\",VLOOKUP(B1386,'SINAPI COMPOSIÇÃO'!$A$2:$E$10256,4,FALSE),IF(A1386=\"Insumo\",IF(VLOOKUP(B1386,'SINAPI INSUMOS'!$A$2:$F$4852,5,FALSE)=OR(\"\",0),VLOOKUP(B1386,'SINAPI INSUMOS'!$A$2:$F$4852,6,FALSE),VLOOKUP(B1386,'SINAPI INSUMOS'!$A$2:$F$4852,5,FALSE)),\"VERIFICAR\"))","v":21.32},{"$f":"TRUNC(G1386*H1386,2)","v":0.57999999999999996}]
["11",null,null,"INSTALAÇÕES ELÉTRICAS"]
["11.1",null,null,"INSTALAÇÕES ELÉTRICAS E DE LÓGICA"]
["11.1.1","Código","Banco","Descrição","Tipo","Und","Quant.","Valor Unit","Total"]
["Composição","COMP. SEDE  22","Próprio","ELETROCALHA LISA OU PERFURADA EM AÇO GALVANIZADO, LARGURA 50MM E ALTURA 50MM, INCLUSIVE EMENDA E FIXAÇÃO - FORNECIMENTO E INSTALAÇÃO","INEL - INSTALAÇÃO ELÉTRICA/ELETRIFICAÇÃO E ILUMINAÇÃO EXTERNA","M",1,{"$f":"I1390","v":65.08},{"$f":"SUM(I1391:I1394)","v":65.08}]
["Composição Auxiliar",96562,"SINAPI","SUPORTE PARA ELETROCALHA LISA OU PERFURADA EM AÇO GALVANIZADO, LARGURA 400 MM, EM PERFILADO COM COMPRIMENTO DE 45 CM FIXADO EM LAJE, POR METRO DE ELETROCALHA FIXADA. AF_09/2023","INHI - INSTALAÇÕES HIDROS SANITÁRIAS","M",1,{"$f":"IF(A1391=\"Composição Auxiliar\",VLOOKUP(B1391,'SINAPI COMPOSIÇÃO'!$A$2:$E$10256,4,FALSE),IF(A1391=\"Insumo\",IF(VLOOKUP(B1391,'SINAPI INSUMOS'!$A$2:$F$4852,5,FALSE)=OR(\"\",0),VLOOKUP(B1391,'SINAPI INSUMOS'!$A$2:$F$4852,6,FALSE),VLOOKUP(B1391,'SINAPI INSUMOS'!$A$2:$F$4852,5,FALSE)),\"VERIFICAR\"))","v":55.48},{"$f":"TRUNC(G1391*H1391,2)","v":55.48}]
["Composição Auxiliar",88247,"SINAPI","AUXILIAR DE ELETRICISTA COM ENCARGOS COMPLEMENTARES","SEDI - SERVIÇOS DIVERSOS","H",6.3E-2,{"$f":"IF(A1392=\"Composição Auxiliar\",VLOOKUP(B1392,'SINAPI COMPOSIÇÃO'!$A$2:$E$10256,4,FALSE),IF(A1392=\"Insumo\",IF(VLOOKUP(B1392,'SINAPI INSUMOS'!$A$2:$F$4852,5,FALSE)=OR(\"\",0),VLOOKUP(B1392,'SINAPI INSUMOS'!$A$2:$F$4852,6,FALSE),VLOOKUP(B1392,'SINAPI INSUMOS'!$A$2:$F$4852,5,FALSE)),\"VERIFICAR\"))","v":23.98},{"$f":"TRUNC(G1392*H1392,2)","v":1.51}]
["Composição Auxiliar",88264,"SINAPI","ELETRICISTA COM ENCARGOS COMPLEMENTARES","SEDI - SERVIÇOS DIVERSOS","H",6.3E-2,{"$f":"IF(A1393=\"Composição Auxiliar\",VLOOKUP(B1393,'SINAPI COMPOSIÇÃO'!$A$2:$E$10256,4,FALSE),IF(A1393=\"Insumo\",IF(VLOOKUP(B1393,'SINAPI INSUMOS'!$A$2:$F$4852,5,FALSE)=OR(\"\",0),VLOOKUP(B1393,'SINAPI INSUMOS'!$A$2:$F$4852,6,FALSE),VLOOKUP(B1393,'SINAPI INSUMOS'!$A$2:$F$4852,5,FALSE)),\"VERIFICAR\"))","v":28.06},{"$f":"TRUNC(G1393*H1393,2)","v":1.76}]
["Insumo","PREÇO DE MERCADO 24","Próprio","ELETROCALHA LISA OU PERFURADA, TIPO U, EM CHAPA DE ACO GALVANIZADO, SEM TAMPA, DE 50 X 50 MM, ESPESSURA #20","Material","M",0.34,{"$f":"'COT ELETROCALHA 50X50'!L37","v":18.64153846153846},{"$f":"TRUNC(G1394*H1394,2)","v":6.33}]
["11.1.2","Código","Banco","Descrição","Tipo","Und","Quant.","Valor Unit","Total"]
["Composição","COMP. SEDE  23","Próprio","ELETROCALHA LISA OU PERFURADA EM AÇO GALVANIZADO, LARGURA 100MM E ALTURA 50MM, INCLUSIVE EMENDA E FIXAÇÃO - FORNECIMENTO E INSTALAÇÃO","INEL - INSTALAÇÃO ELÉTRICA/ELETRIFICAÇÃO E ILUMINAÇÃO EXTERNA","M",1,{"$f":"I1396","v":68.809999999999988},{"$f":"SUM(I1397:I1400)","v":68.809999999999988}]
["Composição Auxiliar",88264,"SINAPI","ELETRICISTA COM ENCARGOS COMPLEMENTARES","SEDI - SERVIÇOS DIVERSOS","H",9.0999999999999998E-2,{"$f":"IF(A1397=\"Composição Auxiliar\",VLOOKUP(B1397,'SINAPI COMPOSIÇÃO'!$A$2:$E$10256,4,FALSE),IF(A1397=\"Insumo\",IF(VLOOKUP(B1397,'SINAPI INSUMOS'!$A$2:$F$4852,5,FALSE)=OR(\"\",0),VLOOKUP(B1397,'SINAPI INSUMOS'!$A$2:$F$4852,6,FALSE),VLOOKUP(B1397,'SINAPI INSUMOS'!$A$2:$F$4852,5,FALSE)),\"VERIFICAR\"))","v":28.06},{"$f":"TRUNC(G1397*H1397,2)","v":2.5499999999999998}]
["Composição Auxiliar",96562,"SINAPI","SUPORTE PARA ELETROCALHA LISA OU PERFURADA EM AÇO GALVANIZADO, LARGURA 400 MM, EM PERFILADO COM COMPRIMENTO DE 45 CM FIXADO EM LAJE, POR METRO DE ELETROCALHA FIXADA. AF_09/2023","INHI - INSTALAÇÕES HIDROS SANITÁRIAS","M",1,{"$f":"IF(A1398=\"Composição Auxiliar\",VLOOKUP(B1398,'SINAPI COMPOSIÇÃO'!$A$2:$E$10256,4,FALSE),IF(A1398=\"Insumo\",IF(VLOOKUP(B1398,'SINAPI INSUMOS'!$A$2:$F$4852,5,FALSE)=OR(\"\",0),VLOOKUP(B1398,'SINAPI INSUMOS'!$A$2:$F$4852,6,FALSE),VLOOKUP(B1398,'SINAPI INSUMOS'!$A$2:$F$4852,5,FALSE)),\"VERIFICAR\"))","v":55.48},{"$f":"TRUNC(G1398*H1398,2)","v":55.48}]
["Composição Auxiliar",88247,"SINAPI","AUXILIAR DE ELETRICISTA COM ENCARGOS COMPLEMENTARES","SEDI - SERVIÇOS DIVERSOS","H",9.0999999999999998E-2,{"$f":"IF(A1399=\"Composição Auxiliar\",VLOOKUP(B1399,'SINAPI COMPOSIÇÃO'!$A$2:$E$10256,4,FALSE),IF(A1399=\"Insumo\",IF(VLOOKUP(B1399,'SINAPI INSUMOS'!$A$2:$F$4852,5,FALSE)=OR(\"\",0),VLOOKUP(B1399,'SINAPI INSUMOS'!$A$2:$F$4852,6,FALSE),VLOOKUP(B1399,'SINAPI INSUMOS'!$A$2:$F$4852,5,FALSE)),\"VERIFICAR\"))","v":23.98},{"$f":"TRUNC(G1399*H1399,2)","v":2.1800000000000002}]
["Insumo","PREÇO DE MERCADO 23","Próprio","ELETROCALHA LISA OU PERFURADA, TIPO U, EM CHAPA DE ACO GALVANIZADO, SEM TAMPA, DE 100 X 50 MM, ESPESSURA #20","Material","M",0.34,{"$f":"'COT ELETROCALHA 100X50'!L37","v":25.318308457711442},{"$f":"TRUNC(G1400*H1400,2)","v":8.6}]
["11.1.3","Código","Banco","Descrição","Tipo","Und","Quant.","Valor Unit","Total"]
["Composição",91854,"SINAPI","ELETRODUTO FLEXÍVEL CORRUGADO, PVC, DN 25 MM (3/4\"), PARA CIRCUITOS TERMINAIS, INSTALADO EM PAREDE - FORNECIMENTO E INSTALAÇÃO. AF_03/2023","INEL - INSTALAÇÃO ELÉTRICA/ELETRIFICAÇÃO E ILUMINAÇÃO EXTERNA","M",1,{"$f":"I1402","v":10.29},{"$f":"SUM(I1403:I1405)","v":10.29}]
["Composição Auxiliar",88264,"SINAPI","ELETRICISTA COM ENCARGOS COMPLEMENTARES","SEDI - SERVIÇOS DIVERSOS","H",0.13400000000000001,{"$f":"IF(A1403=\"Composição Auxiliar\",VLOOKUP(B1403,'SINAPI COMPOSIÇÃO'!$A$2:$E$10256,4,FALSE),IF(A1403=\"Insumo\",IF(VLOOKUP(B1403,'SINAPI INSUMOS'!$A$2:$F$4852,5,FALSE)=OR(\"\",0),VLOOKUP(B1403,'SINAPI INSUMOS'!$A$2:$F$4852,6,FALSE),VLOOKUP(B1403,'SINAPI INSUMOS'!$A$2:$F$4852,5,FALSE)),\"VERIFICAR\"))","v":28.06},{"$f":"TRUNC(G1403*H1403,2)","v":3.76}]
["Composição Auxiliar",88247,"SINAPI","AUXILIAR DE ELETRICISTA COM ENCARGOS COMPLEMENTARES","SEDI - SERVIÇOS DIVERSOS","H",0.13400000000000001,{"$f":"IF(A1404=\"Composição Auxiliar\",VLOOKUP(B1404,'SINAPI COMPOSIÇÃO'!$A$2:$E$10256,4,FALSE),IF(A1404=\"Insumo\",IF(VLOOKUP(B1404,'SINAPI INSUMOS'!$A$2:$F$4852,5,FALSE)=OR(\"\",0),VLOOKUP(B1404,'SINAPI INSUMOS'!$A$2:$F$4852,6,FALSE),VLOOKUP(B1404,'SINAPI INSUMOS'!$A$2:$F$4852,5,FALSE)),\"VERIFICAR\"))","v":23.98},{"$f":"TRUNC(G1404*H1404,2)","v":3.21}]
["Insumo",2688,"SINAPI","ELETRODUTO PVC FLEXIVEL CORRUGADO, COR AMARELA, DE 25 MM","Material","M",1.0169999999999999,{"$f":"IF(A1405=\"Composição Auxiliar\",VLOOKUP(B1405,'SINAPI COMPOSIÇÃO'!$A$2:$E$10256,4,FALSE),IF(A1405=\"Insumo\",IF(VLOOKUP(B1405,'SINAPI INSUMOS'!$A$2:$F$4852,5,FALSE)=OR(\"\",0),VLOOKUP(B1405,'SINAPI INSUMOS'!$A$2:$F$4852,6,FALSE),VLOOKUP(B1405,'SINAPI INSUMOS'!$A$2:$F$4852,5,FALSE)),\"VERIFICAR\"))","v":3.27},{"$f":"TRUNC(G1405*H1405,2)","v":3.32}]
["11.1.4","Código","Banco","Descrição","Tipo","Und","Quant.","Valor Unit","Total"]
["Composição",91926,"SINAPI","CABO DE COBRE FLEXÍVEL ISOLADO, 2,5 MM², ANTI-CHAMA 450/750 V, PARA CIRCUITOS TERMINAIS - FORNECIMENTO E INSTALAÇÃO. AF_03/2023","INEL - INSTALAÇÃO ELÉTRICA/ELETRIFICAÇÃO E ILUMINAÇÃO EXTERNA","M",1,{"$f":"I1407","v":4.99},{"$f":"SUM(I1408:I1411)","v":4.99}]
["Composição Auxiliar",88247,"SINAPI","AUXILIAR DE ELETRICISTA COM ENCARGOS COMPLEMENTARES","SEDI - SERVIÇOS DIVERSOS","H",2.9000000000000001E-2,{"$f":"IF(A1408=\"Composição Auxiliar\",VLOOKUP(B1408,'SINAPI COMPOSIÇÃO'!$A$2:$E$10256,4,FALSE),IF(A1408=\"Insumo\",IF(VLOOKUP(B1408,'SINAPI INSUMOS'!$A$2:$F$4852,5,FALSE)=OR(\"\",0),VLOOKUP(B1408,'SINAPI INSUMOS'!$A$2:$F$4852,6,FALSE),VLOOKUP(B1408,'SINAPI INSUMOS'!$A$2:$F$4852,5,FALSE)),\"VERIFICAR\"))","v":23.98},{"$f":"TRUNC(G1408*H1408,2)","v":0.69}]
["Composição Auxiliar",88264,"SINAPI","ELETRICISTA COM ENCARGOS COMPLEMENTARES","SEDI - SERVIÇOS DIVERSOS","H",2.9000000000000001E-2,{"$f":"IF(A1409=\"Composição Auxiliar\",VLOOKUP(B1409,'SINAPI COMPOSIÇÃO'!$A$2:$E$10256,4,FALSE),IF(A1409=\"Insumo\",IF(VLOOKUP(B1409,'SINAPI INSUMOS'!$A$2:$F$4852,5,FALSE)=OR(\"\",0),VLOOKUP(B1409,'SINAPI INSUMOS'!$A$2:$F$4852,6,FALSE),VLOOKUP(B1409,'SINAPI INSUMOS'!$A$2:$F$4852,5,FALSE)),\"VERIFICAR\"))","v":28.06},{"$f":"TRUNC(G1409*H1409,2)","v":0.81}]
["Insumo",21127,"SINAPI","FITA ISOLANTE ADESIVA ANTICHAMA, USO ATE 750 V, EM ROLO DE 19 MM X 5 M","Material","UN",9.4000000000000004E-3,{"$f":"IF(A1410=\"Composição Auxiliar\",VLOOKUP(B1410,'SINAPI COMPOSIÇÃO'!$A$2:$E$10256,4,FALSE),IF(A1410=\"Insumo\",IF(VLOOKUP(B1410,'SINAPI INSUMOS'!$A$2:$F$4852,5,FALSE)=OR(\"\",0),VLOOKUP(B1410,'SINAPI INSUMOS'!$A$2:$F$4852,6,FALSE),VLOOKUP(B1410,'SINAPI INSUMOS'!$A$2:$F$4852,5,FALSE)),\"VERIFICAR\"))","v":6.11},{"$f":"TRUNC(G1410*H1410,2)","v":0.05}]
["Insumo",1014,"SINAPI","CABO DE COBRE, FLEXIVEL, CLASSE 4 OU 5, ISOLACAO EM PVC/A, ANTICHAMA BWF-B, 1 CONDUTOR, 450/750 V, SECAO NOMINAL 2,5 MM2","Material","M",1.2434000000000001,{"$f":"IF(A1411=\"Composição Auxiliar\",VLOOKUP(B1411,'SINAPI COMPOSIÇÃO'!$A$2:$E$10256,4,FALSE),IF(A1411=\"Insumo\",IF(VLOOKUP(B1411,'SINAPI INSUMOS'!$A$2:$F$4852,5,FALSE)=OR(\"\",0),VLOOKUP(B1411,'SINAPI INSUMOS'!$A$2:$F$4852,6,FALSE),VLOOKUP(B1411,'SINAPI INSUMOS'!$A$2:$F$4852,5,FALSE)),\"VERIFICAR\"))","v":2.77},{"$f":"TRUNC(G1411*H1411,2)","v":3.44}]
["11.1.5","Código","Banco","Descrição","Tipo","Und","Quant.","Valor Unit","Total"]
["Composição",91928,"SINAPI","CABO DE COBRE FLEXÍVEL ISOLADO, 4 MM², ANTI-CHAMA 450/750 V, PARA CIRCUITOS TERMINAIS - FORNECIMENTO E INSTALAÇÃO. AF_03/2023","INEL - INSTALAÇÃO ELÉTRICA/ELETRIFICAÇÃO E ILUMINAÇÃO EXTERNA","M",1,{"$f":"I1413","v":7.78},{"$f":"SUM(I1414:I1417)","v":7.78}]
["Composição Auxiliar",88247,"SINAPI","AUXILIAR DE ELETRICISTA COM ENCARGOS COMPLEMENTARES","SEDI - SERVIÇOS DIVERSOS","H",3.9E-2,{"$f":"IF(A1414=\"Composição Auxiliar\",VLOOKUP(B1414,'SINAPI COMPOSIÇÃO'!$A$2:$E$10256,4,FALSE),IF(A1414=\"Insumo\",IF(VLOOKUP(B1414,'SINAPI INSUMOS'!$A$2:$F$4852,5,FALSE)=OR(\"\",0),VLOOKUP(B1414,'SINAPI INSUMOS'!$A$2:$F$4852,6,FALSE),VLOOKUP(B1414,'SINAPI INSUMOS'!$A$2:$F$4852,5,FALSE)),\"VERIFICAR\"))","v":23.98},{"$f":"TRUNC(G1414*H1414,2)","v":0.93}]
["Composição Auxiliar",88264,"SINAPI","ELETRICISTA COM ENCARGOS COMPLEMENTARES","SEDI - SERVIÇOS DIVERSOS","H",3.9E-2,{"$f":"IF(A1415=\"Composição Auxiliar\",VLOOKUP(B1415,'SINAPI COMPOSIÇÃO'!$A$2:$E$10256,4,FALSE),IF(A1415=\"Insumo\",IF(VLOOKUP(B1415,'SINAPI INSUMOS'!$A$2:$F$4852,5,FALSE)=OR(\"\",0),VLOOKUP(B1415,'SINAPI INSUMOS'!$A$2:$F$4852,6,FALSE),VLOOKUP(B1415,'SINAPI INSUMOS'!$A$2:$F$4852,5,FALSE)),\"VERIFICAR\"))","v":28.06},{"$f":"TRUNC(G1415*H1415,2)","v":1.0900000000000001}]
["Insumo",981,"SINAPI","CABO DE COBRE, FLEXIVEL, CLASSE 4 OU 5, ISOLACAO EM PVC/A, ANTICHAMA BWF-B, 1 CONDUTOR, 450/750 V, SECAO NOMINAL 4 MM2","Material","M",1.2434000000000001,{"$f":"IF(A1416=\"Composição Auxiliar\",VLOOKUP(B1416,'SINAPI COMPOSIÇÃO'!$A$2:$E$10256,4,FALSE),IF(A1416=\"Insumo\",IF(VLOOKUP(B1416,'SINAPI INSUMOS'!$A$2:$F$4852,5,FALSE)=OR(\"\",0),VLOOKUP(B1416,'SINAPI INSUMOS'!$A$2:$F$4852,6,FALSE),VLOOKUP(B1416,'SINAPI INSUMOS'!$A$2:$F$4852,5,FALSE)),\"VERIFICAR\"))","v":4.5999999999999996},{"$f":"TRUNC(G1416*H1416,2)","v":5.71}]
["Insumo",21127,"SINAPI","FITA ISOLANTE ADESIVA ANTICHAMA, USO ATE 750 V, EM ROLO DE 19 MM X 5 M","Material","UN",9.4000000000000004E-3,{"$f":"IF(A1417=\"Composição Auxiliar\",VLOOKUP(B1417,'SINAPI COMPOSIÇÃO'!$A$2:$E$10256,4,FALSE),IF(A1417=\"Insumo\",IF(VLOOKUP(B1417,'SINAPI INSUMOS'!$A$2:$F$4852,5,FALSE)=OR(\"\",0),VLOOKUP(B1417,'SINAPI INSUMOS'!$A$2:$F$4852,6,FALSE),VLOOKUP(B1417,'SINAPI INSUMOS'!$A$2:$F$4852,5,FALSE)),\"VERIFICAR\"))","v":6.11},{"$f":"TRUNC(G1417*H1417,2)","v":0.05}]
["11.1.6","Código","Banco","Descrição","Tipo","Und","Quant.","Valor Unit","Total"]
["Composição",101886,"SINAPI","CABO DE COBRE ISOLADO, 16 MM², ANTI-CHAMA 450/750 V, INSTALADO EM ELETROCALHA OU PERFILADO - FORNECIMENTO E INSTALAÇÃO. AF_10/2020","INEL - INSTALAÇÃO ELÉTRICA/ELETRIFICAÇÃO E ILUMINAÇÃO EXTERNA","M",1,{"$f":"I1419","v":18.939999999999998},{"$f":"SUM(I1420:I1423)","v":18.939999999999998}]
["Composição Auxiliar",88247,"SINAPI","AUXILIAR DE ELETRICISTA COM ENCARGOS COMPLEMENTARES","Livro SINAPI: Cálculos e Parâmetros","H",6.7080000000000004E-3,{"$f":"IF(A1420=\"Composição Auxiliar\",VLOOKUP(B1420,'SINAPI COMPOSIÇÃO'!$A$2:$E$10256,4,FALSE),IF(A1420=\"Insumo\",IF(VLOOKUP(B1420,'SINAPI INSUMOS'!$A$2:$F$4852,5,FALSE)=OR(\"\",0),VLOOKUP(B1420,'SINAPI INSUMOS'!$A$2:$F$4852,6,FALSE),VLOOKUP(B1420,'SINAPI INSUMOS'!$A$2:$F$4852,5,FALSE)),\"VERIFICAR\"))","v":23.98},{"$f":"TRUNC(G1420*H1420,2)","v":0.16}]
["Composição Auxiliar",88264,"SINAPI","ELETRICISTA COM ENCARGOS COMPLEMENTARES","Livro SINAPI: Cálculos e Parâmetros","H",6.7080000000000004E-3,{"$f":"IF(A1421=\"Composição Auxiliar\",VLOOKUP(B1421,'SINAPI COMPOSIÇÃO'!$A$2:$E$10256,4,FALSE),IF(A1421=\"Insumo\",IF(VLOOKUP(B1421,'SINAPI INSUMOS'!$A$2:$F$4852,5,FALSE)=OR(\"\",0),VLOOKUP(B1421,'SINAPI INSUMOS'!$A$2:$F$4852,6,FALSE),VLOOKUP(B1421,'SINAPI INSUMOS'!$A$2:$F$4852,5,FALSE)),\"VERIFICAR\"))","v":28.06},{"$f":"TRUNC(G1421*H1421,2)","v":0.18}]
["Insumo",979,"SINAPI","CABO DE COBRE, FLEXIVEL, CLASSE 4 OU 5, ISOLACAO EM PVC/A, ANTICHAMA BWF-B, 1 CONDUTOR, 450/750 V, SECAO NOMINAL 16 MM2","Material","M",1.0269999999999999,{"$f":"IF(A1422=\"Composição Auxiliar\",VLOOKUP(B1422,'SINAPI COMPOSIÇÃO'!$A$2:$E$10256,4,FALSE),IF(A1422=\"Insumo\",IF(VLOOKUP(B1422,'SINAPI INSUMOS'!$A$2:$F$4852,5,FALSE)=OR(\"\",0),VLOOKUP(B1422,'SINAPI INSUMOS'!$A$2:$F$4852,6,FALSE),VLOOKUP(B1422,'SINAPI INSUMOS'!$A$2:$F$4852,5,FALSE)),\"VERIFICAR\"))","v":18.059999999999999},{"$f":"TRUNC(G1422*H1422,2)","v":18.54}]
["Insumo",21127,"SINAPI","FITA ISOLANTE ADESIVA ANTICHAMA, USO ATE 750 V, EM ROLO DE 19 MM X 5 M","Material","UN",0.01,{"$f":"IF(A1423=\"Composição Auxiliar\",VLOOKUP(B1423,'SINAPI COMPOSIÇÃO'!$A$2:$E$10256,4,FALSE),IF(A1423=\"Insumo\",IF(VLOOKUP(B1423,'SINAPI INSUMOS'!$A$2:$F$4852,5,FALSE)=OR(\"\",0),VLOOKUP(B1423,'SINAPI INSUMOS'!$A$2:$F$4852,6,FALSE),VLOOKUP(B1423,'SINAPI INSUMOS'!$A$2:$F$4852,5,FALSE)),\"VERIFICAR\"))","v":6.11},{"$f":"TRUNC(G1423*H1423,2)","v":0.06}]
["11.1.7","Código","Banco","Descrição","Tipo","Und","Quant.","Valor Unit","Total"]
["Composição",92986,"SINAPI","CABO DE COBRE FLEXÍVEL ISOLADO, 35 MM², ANTI-CHAMA 0,6/1,0 KV, PARA REDE ENTERRADA DE DISTRIBUIÇÃO DE ENERGIA ELÉTRICA - FORNECIMENTO E INSTALAÇÃO. AF_12/2021","INEL - INSTALAÇÃO ELÉTRICA/ELETRIFICAÇÃO E ILUMINAÇÃO EXTERNA","M",1,{"$f":"I1425","v":46.34},{"$f":"SUM(I1426:I1429)","v":46.34}]
["Composição Auxiliar",88264,"SINAPI","ELETRICISTA COM ENCARGOS COMPLEMENTARES","SEDI - SERVIÇOS DIVERSOS","H",6.9699999999999998E-2,{"$f":"IF(A1426=\"Composição Auxiliar\",VLOOKUP(B1426,'SINAPI COMPOSIÇÃO'!$A$2:$E$10256,4,FALSE),IF(A1426=\"Insumo\",IF(VLOOKUP(B1426,'SINAPI INSUMOS'!$A$2:$F$4852,5,FALSE)=OR(\"\",0),VLOOKUP(B1426,'SINAPI INSUMOS'!$A$2:$F$4852,6,FALSE),VLOOKUP(B1426,'SINAPI INSUMOS'!$A$2:$F$4852,5,FALSE)),\"VERIFICAR\"))","v":28.06},{"$f":"TRUNC(G1426*H1426,2)","v":1.95}]
["Composição Auxiliar",88247,"SINAPI","AUXILIAR DE ELETRICISTA COM ENCARGOS COMPLEMENTARES","SEDI - SERVIÇOS DIVERSOS","H",6.9699999999999998E-2,{"$f":"IF(A1427=\"Composição Auxiliar\",VLOOKUP(B1427,'SINAPI COMPOSIÇÃO'!$A$2:$E$10256,4,FALSE),IF(A1427=\"Insumo\",IF(VLOOKUP(B1427,'SINAPI INSUMOS'!$A$2:$F$4852,5,FALSE)=OR(\"\",0),VLOOKUP(B1427,'SINAPI INSUMOS'!$A$2:$F$4852,6,FALSE),VLOOKUP(B1427,'SINAPI INSUMOS'!$A$2:$F$4852,5,FALSE)),\"VERIFICAR\"))","v":23.98},{"$f":"TRUNC(G1427*H1427,2)","v":1.67}]
["Insumo",21127,"SINAPI","FITA ISOLANTE ADESIVA ANTICHAMA, USO ATE 750 V, EM ROLO DE 19 MM X 5 M","Material","UN",8.9999999999999993E-3,{"$f":"IF(A1428=\"Composição Auxiliar\",VLOOKUP(B1428,'SINAPI COMPOSIÇÃO'!$A$2:$E$10256,4,FALSE),IF(A1428=\"Insumo\",IF(VLOOKUP(B1428,'SINAPI INSUMOS'!$A$2:$F$4852,5,FALSE)=OR(\"\",0),VLOOKUP(B1428,'SINAPI INSUMOS'!$A$2:$F$4852,6,FALSE),VLOOKUP(B1428,'SINAPI INSUMOS'!$A$2:$F$4852,5,FALSE)),\"VERIFICAR\"))","v":6.11},{"$f":"TRUNC(G1428*H1428,2)","v":0.05}]
["Insumo",1019,"SINAPI","CABO DE COBRE, FLEXIVEL, CLASSE 4 OU 5, ISOLACAO EM PVC/A, ANTICHAMA BWF-B, COBERTURA PVC-ST1, ANTICHAMA BWF-B, 1 CONDUTOR, 0,6/1 KV, SECAO NOMINAL 35 MM2","Material","M",1.0149999999999999,{"$f":"IF(A1429=\"Composição Auxiliar\",VLOOKUP(B1429,'SINAPI COMPOSIÇÃO'!$A$2:$E$10256,4,FALSE),IF(A1429=\"Insumo\",IF(VLOOKUP(B1429,'SINAPI INSUMOS'!$A$2:$F$4852,5,FALSE)=OR(\"\",0),VLOOKUP(B1429,'SINAPI INSUMOS'!$A$2:$F$4852,6,FALSE),VLOOKUP(B1429,'SINAPI INSUMOS'!$A$2:$F$4852,5,FALSE)),\"VERIFICAR\"))","v":42.04},{"$f":"TRUNC(G1429*H1429,2)","v":42.67}]
["11.1.8","Código","Banco","Descrição","Tipo","Und","Quant.","Valor Unit","Total"]
["Composição",91953,"SINAPI","INTERRUPTOR SIMPLES (1 MÓDULO), 10A/250V, INCLUINDO SUPORTE E PLACA - FORNECIMENTO E INSTALAÇÃO. AF_03/2023","INEL - INSTALAÇÃO ELÉTRICA/ELETRIFICAÇÃO E ILUMINAÇÃO EXTERNA","UN",1,{"$f":"I1431","v":32.909999999999997},{"$f":"SUM(I1432:I1433)","v":32.909999999999997}]
["Composição Auxiliar",91952,"SINAPI","INTERRUPTOR SIMPLES (1 MÓDULO), 10A/250V, SEM SUPORTE E SEM PLACA - FORNECIMENTO E INSTALAÇÃO. AF_03/2023","INEL - INSTALAÇÃO ELÉTRICA/ELETRIFICAÇÃO E ILUMINAÇÃO EXTERNA","UN",1,{"$f":"IF(A1432=\"Composição Auxiliar\",VLOOKUP(B1432,'SINAPI COMPOSIÇÃO'!$A$2:$E$10256,4,FALSE),IF(A1432=\"Insumo\",IF(VLOOKUP(B1432,'SINAPI INSUMOS'!$A$2:$F$4852,5,FALSE)=OR(\"\",0),VLOOKUP(B1432,'SINAPI INSUMOS'!$A$2:$F$4852,6,FALSE),VLOOKUP(B1432,'SINAPI INSUMOS'!$A$2:$F$4852,5,FALSE)),\"VERIFICAR\"))","v":20.7},{"$f":"TRUNC(G1432*H1432,2)","v":20.7}]
["Composição Auxiliar",91946,"SINAPI","SUPORTE PARAFUSADO COM PLACA DE ENCAIXE 4\" X 2\" MÉDIO (1,30 M DO PISO) PARA PONTO ELÉTRICO - FORNECIMENTO E INSTALAÇÃO. AF_03/2023","INEL - INSTALAÇÃO ELÉTRICA/ELETRIFICAÇÃO E ILUMINAÇÃO EXTERNA","UN",1,{"$f":"IF(A1433=\"Composição Auxiliar\",VLOOKUP(B1433,'SINAPI COMPOSIÇÃO'!$A$2:$E$10256,4,FALSE),IF(A1433=\"Insumo\",IF(VLOOKUP(B1433,'SINAPI INSUMOS'!$A$2:$F$4852,5,FALSE)=OR(\"\",0),VLOOKUP(B1433,'SINAPI INSUMOS'!$A$2:$F$4852,6,FALSE),VLOOKUP(B1433,'SINAPI INSUMOS'!$A$2:$F$4852,5,FALSE)),\"VERIFICAR\"))","v":12.21},{"$f":"TRUNC(G1433*H1433,2)","v":12.21}]
["11.1.9","Código","Banco","Descrição","Tipo","Und","Quant.","Valor Unit","Total"]
["Composição",91955,"SINAPI","INTERRUPTOR PARALELO (1 MÓDULO), 10A/250V, INCLUINDO SUPORTE E PLACA - FORNECIMENTO E INSTALAÇÃO. AF_03/2023","INEL - INSTALAÇÃO ELÉTRICA/ELETRIFICAÇÃO E ILUMINAÇÃO EXTERNA","UN",1,{"$f":"I1435","v":39.96},{"$f":"SUM(I1436:I1437)","v":39.96}]
["Composição Auxiliar",91954,"SINAPI","INTERRUPTOR PARALELO (1 MÓDULO), 10A/250V, SEM SUPORTE E SEM PLACA - FORNECIMENTO E INSTALAÇÃO. AF_03/2023","INEL - INSTALAÇÃO ELÉTRICA/ELETRIFICAÇÃO E ILUMINAÇÃO EXTERNA","UN",1,{"$f":"IF(A1436=\"Composição Auxiliar\",VLOOKUP(B1436,'SINAPI COMPOSIÇÃO'!$A$2:$E$10256,4,FALSE),IF(A1436=\"Insumo\",IF(VLOOKUP(B1436,'SINAPI INSUMOS'!$A$2:$F$4852,5,FALSE)=OR(\"\",0),VLOOKUP(B1436,'SINAPI INSUMOS'!$A$2:$F$4852,6,FALSE),VLOOKUP(B1436,'SINAPI INSUMOS'!$A$2:$F$4852,5,FALSE)),\"VERIFICAR\"))","v":27.75},{"$f":"TRUNC(G1436*H1436,2)","v":27.75}]
["Composição Auxiliar",91946,"SINAPI","SUPORTE PARAFUSADO COM PLACA DE ENCAIXE 4\" X 2\" MÉDIO (1,30 M DO PISO) PARA PONTO ELÉTRICO - FORNECIMENTO E INSTALAÇÃO. AF_03/2023","INEL - INSTALAÇÃO ELÉTRICA/ELETRIFICAÇÃO E ILUMINAÇÃO EXTERNA","UN",1,{"$f":"IF(A1437=\"Composição Auxiliar\",VLOOKUP(B1437,'SINAPI COMPOSIÇÃO'!$A$2:$E$10256,4,FALSE),IF(A1437=\"Insumo\",IF(VLOOKUP(B1437,'SINAPI INSUMOS'!$A$2:$F$4852,5,FALSE)=OR(\"\",0),VLOOKUP(B1437,'SINAPI INSUMOS'!$A$2:$F$4852,6,FALSE),VLOOKUP(B1437,'SINAPI INSUMOS'!$A$2:$F$4852,5,FALSE)),\"VERIFICAR\"))","v":12.21},{"$f":"TRUNC(G1437*H1437,2)","v":12.21}]
["11.1.10","Código","Banco","Descrição","Tipo","Und","Quant.","Valor Unit","Total"]
["Composição",91959,"SINAPI","INTERRUPTOR SIMPLES (2 MÓDULOS), 10A/250V, INCLUINDO SUPORTE E PLACA - FORNECIMENTO E INSTALAÇÃO. AF_03/2023","INEL - INSTALAÇÃO ELÉTRICA/ELETRIFICAÇÃO E ILUMINAÇÃO EXTERNA","UN",1,{"$f":"I1439","v":50.4},{"$f":"SUM(I1440:I1441)","v":50.4}]
["Composição Auxiliar",91946,"SINAPI","SUPORTE PARAFUSADO COM PLACA DE ENCAIXE 4\" X 2\" MÉDIO (1,30 M DO PISO) PARA PONTO ELÉTRICO - FORNECIMENTO E INSTALAÇÃO. AF_03/2023","INEL - INSTALAÇÃO ELÉTRICA/ELETRIFICAÇÃO E ILUMINAÇÃO EXTERNA","UN",1,{"$f":"IF(A1440=\"Composição Auxiliar\",VLOOKUP(B1440,'SINAPI COMPOSIÇÃO'!$A$2:$E$10256,4,FALSE),IF(A1440=\"Insumo\",IF(VLOOKUP(B1440,'SINAPI INSUMOS'!$A$2:$F$4852,5,FALSE)=OR(\"\",0),VLOOKUP(B1440,'SINAPI INSUMOS'!$A$2:$F$4852,6,FALSE),VLOOKUP(B1440,'SINAPI INSUMOS'!$A$2:$F$4852,5,FALSE)),\"VERIFICAR\"))","v":12.21},{"$f":"TRUNC(G1440*H1440,2)","v":12.21}]
["Composição Auxiliar",91958,"SINAPI","INTERRUPTOR SIMPLES (2 MÓDULOS), 10A/250V, SEM SUPORTE E SEM PLACA - FORNECIMENTO E INSTALAÇÃO. AF_03/2023","INEL - INSTALAÇÃO ELÉTRICA/ELETRIFICAÇÃO E ILUMINAÇÃO EXTERNA","UN",1,{"$f":"IF(A1441=\"Composição Auxiliar\",VLOOKUP(B1441,'SINAPI COMPOSIÇÃO'!$A$2:$E$10256,4,FALSE),IF(A1441=\"Insumo\",IF(VLOOKUP(B1441,'SINAPI INSUMOS'!$A$2:$F$4852,5,FALSE)=OR(\"\",0),VLOOKUP(B1441,'SINAPI INSUMOS'!$A$2:$F$4852,6,FALSE),VLOOKUP(B1441,'SINAPI INSUMOS'!$A$2:$F$4852,5,FALSE)),\"VERIFICAR\"))","v":38.19},{"$f":"TRUNC(G1441*H1441,2)","v":38.19}]
["11.1.11","Código","Banco","Descrição","Tipo","Und","Quant.","Valor Unit","Total"]
["Composição",91969,"SINAPI","INTERRUPTOR PARALELO (3 MÓDULOS), 10A/250V, INCLUINDO SUPORTE E PLACA - FORNECIMENTO E INSTALAÇÃO. AF_03/2023","INEL - INSTALAÇÃO ELÉTRICA/ELETRIFICAÇÃO E ILUMINAÇÃO EXTERNA","UN",1,{"$f":"I1443","v":88.960000000000008},{"$f":"SUM(I1444:I1445)","v":88.960000000000008}]
["Composição Auxiliar",91968,"SINAPI","INTERRUPTOR PARALELO (3 MÓDULOS), 10A/250V, SEM SUPORTE E SEM PLACA - FORNECIMENTO E INSTALAÇÃO. AF_03/2023","INEL - INSTALAÇÃO ELÉTRICA/ELETRIFICAÇÃO E ILUMINAÇÃO EXTERNA","UN",1,{"$f":"IF(A1444=\"Composição Auxiliar\",VLOOKUP(B1444,'SINAPI COMPOSIÇÃO'!$A$2:$E$10256,4,FALSE),IF(A1444=\"Insumo\",IF(VLOOKUP(B1444,'SINAPI INSUMOS'!$A$2:$F$4852,5,FALSE)=OR(\"\",0),VLOOKUP(B1444,'SINAPI INSUMOS'!$A$2:$F$4852,6,FALSE),VLOOKUP(B1444,'SINAPI INSUMOS'!$A$2:$F$4852,5,FALSE)),\"VERIFICAR\"))","v":76.75},{"$f":"TRUNC(G1444*H1444,2)","v":76.75}]
["Composição Auxiliar",91946,"SINAPI","SUPORTE PARAFUSADO COM PLACA DE ENCAIXE 4\" X 2\" MÉDIO (1,30 M DO PISO) PARA PONTO ELÉTRICO - FORNECIMENTO E INSTALAÇÃO. AF_03/2023","INEL - INSTALAÇÃO ELÉTRICA/ELETRIFICAÇÃO E ILUMINAÇÃO EXTERNA","UN",1,{"$f":"IF(A1445=\"Composição Auxiliar\",VLOOKUP(B1445,'SINAPI COMPOSIÇÃO'!$A$2:$E$10256,4,FALSE),IF(A1445=\"Insumo\",IF(VLOOKUP(B1445,'SINAPI INSUMOS'!$A$2:$F$4852,5,FALSE)=OR(\"\",0),VLOOKUP(B1445,'SINAPI INSUMOS'!$A$2:$F$4852,6,FALSE),VLOOKUP(B1445,'SINAPI INSUMOS'!$A$2:$F$4852,5,FALSE)),\"VERIFICAR\"))","v":12.21},{"$f":"TRUNC(G1445*H1445,2)","v":12.21}]
["11.1.12","Código","Banco","Descrição","Tipo","Und","Quant.","Valor Unit","Total"]
["Composição",91967,"SINAPI","INTERRUPTOR SIMPLES (3 MÓDULOS), 10A/250V, INCLUINDO SUPORTE E PLACA - FORNECIMENTO E INSTALAÇÃO. AF_03/2023","INEL - INSTALAÇÃO ELÉTRICA/ELETRIFICAÇÃO E ILUMINAÇÃO EXTERNA","UN",1,{"$f":"I1447","v":67.89},{"$f":"SUM(I1448:I1449)","v":67.89}]
["Composição Auxiliar",91966,"SINAPI","INTERRUPTOR SIMPLES (3 MÓDULOS), 10A/250V, SEM SUPORTE E SEM PLACA - FORNECIMENTO E INSTALAÇÃO. AF_03/2023","INEL - INSTALAÇÃO ELÉTRICA/ELETRIFICAÇÃO E ILUMINAÇÃO EXTERNA","UN",1,{"$f":"IF(A1448=\"Composição Auxiliar\",VLOOKUP(B1448,'SINAPI COMPOSIÇÃO'!$A$2:$E$10256,4,FALSE),IF(A1448=\"Insumo\",IF(VLOOKUP(B1448,'SINAPI INSUMOS'!$A$2:$F$4852,5,FALSE)=OR(\"\",0),VLOOKUP(B1448,'SINAPI INSUMOS'!$A$2:$F$4852,6,FALSE),VLOOKUP(B1448,'SINAPI INSUMOS'!$A$2:$F$4852,5,FALSE)),\"VERIFICAR\"))","v":55.68},{"$f":"TRUNC(G1448*H1448,2)","v":55.68}]
["Composição Auxiliar",91946,"SINAPI","SUPORTE PARAFUSADO COM PLACA DE ENCAIXE 4\" X 2\" MÉDIO (1,30 M DO PISO) PARA PONTO ELÉTRICO - FORNECIMENTO E INSTALAÇÃO. AF_03/2023","INEL - INSTALAÇÃO ELÉTRICA/ELETRIFICAÇÃO E ILUMINAÇÃO EXTERNA","UN",1,{"$f":"IF(A1449=\"Composição Auxiliar\",VLOOKUP(B1449,'SINAPI COMPOSIÇÃO'!$A$2:$E$10256,4,FALSE),IF(A1449=\"Insumo\",IF(VLOOKUP(B1449,'SINAPI INSUMOS'!$A$2:$F$4852,5,FALSE)=OR(\"\",0),VLOOKUP(B1449,'SINAPI INSUMOS'!$A$2:$F$4852,6,FALSE),VLOOKUP(B1449,'SINAPI INSUMOS'!$A$2:$F$4852,5,FALSE)),\"VERIFICAR\"))","v":12.21},{"$f":"TRUNC(G1449*H1449,2)","v":12.21}]
["11.1.13","Código","Banco","Descrição","Tipo","Und","Quant.","Valor Unit","Total"]
["Composição",91996,"SINAPI","TOMADA MÉDIA DE EMBUTIR (1 MÓDULO), 2P+T 10 A, INCLUINDO SUPORTE E PLACA - FORNECIMENTO E INSTALAÇÃO. AF_03/2023","INEL - INSTALAÇÃO ELÉTRICA/ELETRIFICAÇÃO E ILUMINAÇÃO EXTERNA","UN",1,{"$f":"I1451","v":38.54},{"$f":"SUM(I1452:I1453)","v":38.54}]
["Composição Auxiliar",91946,"SINAPI","SUPORTE PARAFUSADO COM PLACA DE ENCAIXE 4\" X 2\" MÉDIO (1,30 M DO PISO) PARA PONTO ELÉTRICO - FORNECIMENTO E INSTALAÇÃO. AF_03/2023","INEL - INSTALAÇÃO ELÉTRICA/ELETRIFICAÇÃO E ILUMINAÇÃO EXTERNA","UN",1,{"$f":"IF(A1452=\"Composição Auxiliar\",VLOOKUP(B1452,'SINAPI COMPOSIÇÃO'!$A$2:$E$10256,4,FALSE),IF(A1452=\"Insumo\",IF(VLOOKUP(B1452,'SINAPI INSUMOS'!$A$2:$F$4852,5,FALSE)=OR(\"\",0),VLOOKUP(B1452,'SINAPI INSUMOS'!$A$2:$F$4852,6,FALSE),VLOOKUP(B1452,'SINAPI INSUMOS'!$A$2:$F$4852,5,FALSE)),\"VERIFICAR\"))","v":12.21},{"$f":"TRUNC(G1452*H1452,2)","v":12.21}]
["Composição Auxiliar",91994,"SINAPI","TOMADA MÉDIA DE EMBUTIR (1 MÓDULO), 2P+T 10 A, SEM SUPORTE E SEM PLACA - FORNECIMENTO E INSTALAÇÃO. AF_03/2023","INEL - INSTALAÇÃO ELÉTRICA/ELETRIFICAÇÃO E ILUMINAÇÃO EXTERNA","UN",1,{"$f":"IF(A1453=\"Composição Auxiliar\",VLOOKUP(B1453,'SINAPI COMPOSIÇÃO'!$A$2:$E$10256,4,FALSE),IF(A1453=\"Insumo\",IF(VLOOKUP(B1453,'SINAPI INSUMOS'!$A$2:$F$4852,5,FALSE)=OR(\"\",0),VLOOKUP(B1453,'SINAPI INSUMOS'!$A$2:$F$4852,6,FALSE),VLOOKUP(B1453,'SINAPI INSUMOS'!$A$2:$F$4852,5,FALSE)),\"VERIFICAR\"))","v":26.33},{"$f":"TRUNC(G1453*H1453,2)","v":26.33}]
["11.1.14","Código","Banco","Descrição","Tipo","Und","Quant.","Valor Unit","Total"]
["Composição",92000,"SINAPI","TOMADA BAIXA DE EMBUTIR (1 MÓDULO), 2P+T 10 A, INCLUINDO SUPORTE E PLACA - FORNECIMENTO E INSTALAÇÃO. AF_03/2023","INEL - INSTALAÇÃO ELÉTRICA/ELETRIFICAÇÃO E ILUMINAÇÃO EXTERNA","UN",1,{"$f":"I1455","v":34.64},{"$f":"SUM(I1456:I1457)","v":34.64}]
["Composição Auxiliar",91946,"SINAPI","SUPORTE PARAFUSADO COM PLACA DE ENCAIXE 4\" X 2\" MÉDIO (1,30 M DO PISO) PARA PONTO ELÉTRICO - FORNECIMENTO E INSTALAÇÃO. AF_03/2023","INEL - INSTALAÇÃO ELÉTRICA/ELETRIFICAÇÃO E ILUMINAÇÃO EXTERNA","UN",1,{"$f":"IF(A1456=\"Composição Auxiliar\",VLOOKUP(B1456,'SINAPI COMPOSIÇÃO'!$A$2:$E$10256,4,FALSE),IF(A1456=\"Insumo\",IF(VLOOKUP(B1456,'SINAPI INSUMOS'!$A$2:$F$4852,5,FALSE)=OR(\"\",0),VLOOKUP(B1456,'SINAPI INSUMOS'!$A$2:$F$4852,6,FALSE),VLOOKUP(B1456,'SINAPI INSUMOS'!$A$2:$F$4852,5,FALSE)),\"VERIFICAR\"))","v":12.21},{"$f":"TRUNC(G1456*H1456,2)","v":12.21}]
["Composição Auxiliar",91998,"SINAPI","TOMADA BAIXA DE EMBUTIR (1 MÓDULO), 2P+T 10 A, SEM SUPORTE E SEM PLACA - FORNECIMENTO E INSTALAÇÃO. AF_03/2023","INEL - INSTALAÇÃO ELÉTRICA/ELETRIFICAÇÃO E ILUMINAÇÃO EXTERNA","UN",1,{"$f":"IF(A1457=\"Composição Auxiliar\",VLOOKUP(B1457,'SINAPI COMPOSIÇÃO'!$A$2:$E$10256,4,FALSE),IF(A1457=\"Insumo\",IF(VLOOKUP(B1457,'SINAPI INSUMOS'!$A$2:$F$4852,5,FALSE)=OR(\"\",0),VLOOKUP(B1457,'SINAPI INSUMOS'!$A$2:$F$4852,6,FALSE),VLOOKUP(B1457,'SINAPI INSUMOS'!$A$2:$F$4852,5,FALSE)),\"VERIFICAR\"))","v":22.43},{"$f":"TRUNC(G1457*H1457,2)","v":22.43}]
["11.1.15","Código","Banco","Descrição","Tipo","Und","Quant.","Valor Unit","Total"]
["Composição",92004,"SINAPI","TOMADA MÉDIA DE EMBUTIR (2 MÓDULOS), 2P+T 10 A, INCLUINDO SUPORTE E PLACA - FORNECIMENTO E INSTALAÇÃO. AF_03/2023","INEL - INSTALAÇÃO ELÉTRICA/ELETRIFICAÇÃO E ILUMINAÇÃO EXTERNA","UN",1,{"$f":"I1459","v":61.65},{"$f":"SUM(I1460:I1461)","v":61.65}]
["Composição Auxiliar",91946,"SINAPI","SUPORTE PARAFUSADO COM PLACA DE ENCAIXE 4\" X 2\" MÉDIO (1,30 M DO PISO) PARA PONTO ELÉTRICO - FORNECIMENTO E INSTALAÇÃO. AF_03/2023","INEL - INSTALAÇÃO ELÉTRICA/ELETRIFICAÇÃO E ILUMINAÇÃO EXTERNA","UN",1,{"$f":"IF(A1460=\"Composição Auxiliar\",VLOOKUP(B1460,'SINAPI COMPOSIÇÃO'!$A$2:$E$10256,4,FALSE),IF(A1460=\"Insumo\",IF(VLOOKUP(B1460,'SINAPI INSUMOS'!$A$2:$F$4852,5,FALSE)=OR(\"\",0),VLOOKUP(B1460,'SINAPI INSUMOS'!$A$2:$F$4852,6,FALSE),VLOOKUP(B1460,'SINAPI INSUMOS'!$A$2:$F$4852,5,FALSE)),\"VERIFICAR\"))","v":12.21},{"$f":"TRUNC(G1460*H1460,2)","v":12.21}]
["Composição Auxiliar",92002,"SINAPI","TOMADA MÉDIA DE EMBUTIR (2 MÓDULOS), 2P+T 10 A, SEM SUPORTE E SEM PLACA - FORNECIMENTO E INSTALAÇÃO. AF_03/2023","INEL - INSTALAÇÃO ELÉTRICA/ELETRIFICAÇÃO E ILUMINAÇÃO EXTERNA","UN",1,{"$f":"IF(A1461=\"Composição Auxiliar\",VLOOKUP(B1461,'SINAPI COMPOSIÇÃO'!$A$2:$E$10256,4,FALSE),IF(A1461=\"Insumo\",IF(VLOOKUP(B1461,'SINAPI INSUMOS'!$A$2:$F$4852,5,FALSE)=OR(\"\",0),VLOOKUP(B1461,'SINAPI INSUMOS'!$A$2:$F$4852,6,FALSE),VLOOKUP(B1461,'SINAPI INSUMOS'!$A$2:$F$4852,5,FALSE)),\"VERIFICAR\"))","v":49.44},{"$f":"TRUNC(G1461*H1461,2)","v":49.44}]
["11.1.16","Código","Banco","Descrição","Tipo","Und","Quant.","Valor Unit","Total"]
["Composição",92008,"SINAPI","TOMADA BAIXA DE EMBUTIR (2 MÓDULOS), 2P+T 10 A, INCLUINDO SUPORTE E PLACA - FORNECIMENTO E INSTALAÇÃO. AF_03/2023","INEL - INSTALAÇÃO ELÉTRICA/ELETRIFICAÇÃO E ILUMINAÇÃO EXTERNA","UN",1,{"$f":"I1463","v":53.79},{"$f":"SUM(I1464:I1465)","v":53.79}]
["Composição Auxiliar",91946,"SINAPI","SUPORTE PARAFUSADO COM PLACA DE ENCAIXE 4\" X 2\" MÉDIO (1,30 M DO PISO) PARA PONTO ELÉTRICO - FORNECIMENTO E INSTALAÇÃO. AF_03/2023","INEL - INSTALAÇÃO ELÉTRICA/ELETRIFICAÇÃO E ILUMINAÇÃO EXTERNA","UN",1,{"$f":"IF(A1464=\"Composição Auxiliar\",VLOOKUP(B1464,'SINAPI COMPOSIÇÃO'!$A$2:$E$10256,4,FALSE),IF(A1464=\"Insumo\",IF(VLOOKUP(B1464,'SINAPI INSUMOS'!$A$2:$F$4852,5,FALSE)=OR(\"\",0),VLOOKUP(B1464,'SINAPI INSUMOS'!$A$2:$F$4852,6,FALSE),VLOOKUP(B1464,'SINAPI INSUMOS'!$A$2:$F$4852,5,FALSE)),\"VERIFICAR\"))","v":12.21},{"$f":"TRUNC(G1464*H1464,2)","v":12.21}]
["Composição Auxiliar",92006,"SINAPI","TOMADA BAIXA DE EMBUTIR (2 MÓDULOS), 2P+T 10 A, SEM SUPORTE E SEM PLACA - FORNECIMENTO E INSTALAÇÃO. AF_03/2023","INEL - INSTALAÇÃO ELÉTRICA/ELETRIFICAÇÃO E ILUMINAÇÃO EXTERNA","UN",1,{"$f":"IF(A1465=\"Composição Auxiliar\",VLOOKUP(B1465,'SINAPI COMPOSIÇÃO'!$A$2:$E$10256,4,FALSE),IF(A1465=\"Insumo\",IF(VLOOKUP(B1465,'SINAPI INSUMOS'!$A$2:$F$4852,5,FALSE)=OR(\"\",0),VLOOKUP(B1465,'SINAPI INSUMOS'!$A$2:$F$4852,6,FALSE),VLOOKUP(B1465,'SINAPI INSUMOS'!$A$2:$F$4852,5,FALSE)),\"VERIFICAR\"))","v":41.58},{"$f":"TRUNC(G1465*H1465,2)","v":41.58}]
["11.1.17","Código","Banco","Descrição","Tipo","Und","Quant.","Valor Unit","Total"]
["Composição",101880,"SINAPI","QUADRO DE DISTRIBUIÇÃO DE ENERGIA EM CHAPA DE AÇO GALVANIZADO, DE EMBUTIR, COM BARRAMENTO TRIFÁSICO, PARA 30 DISJUNTORES DIN 150A - FORNECIMENTO E INSTALAÇÃO. AF_10/2020","INEL - INSTALAÇÃO ELÉTRICA/ELETRIFICAÇÃO E ILUMINAÇÃO EXTERNA","UN",1,{"$f":"I1467","v":691.78},{"$f":"SUM(I1468:I1471)","v":691.78}]
["Composição Auxiliar",88247,"SINAPI","AUXILIAR DE ELETRICISTA COM ENCARGOS COMPLEMENTARES","SEDI - SERVIÇOS DIVERSOS","H",2.0377000000000001,{"$f":"IF(A1468=\"Composição Auxiliar\",VLOOKUP(B1468,'SINAPI COMPOSIÇÃO'!$A$2:$E$10256,4,FALSE),IF(A1468=\"Insumo\",IF(VLOOKUP(B1468,'SINAPI INSUMOS'!$A$2:$F$4852,5,FALSE)=OR(\"\",0),VLOOKUP(B1468,'SINAPI INSUMOS'!$A$2:$F$4852,6,FALSE),VLOOKUP(B1468,'SINAPI INSUMOS'!$A$2:$F$4852,5,FALSE)),\"VERIFICAR\"))","v":23.98},{"$f":"TRUNC(G1468*H1468,2)","v":48.86}]
["Composição Auxiliar",87367,"SINAPI","ARGAMASSA TRAÇO 1:1:6 (EM VOLUME DE CIMENTO, CAL E AREIA MÉDIA ÚMIDA) PARA EMBOÇO/MASSA ÚNICA/ASSENTAMENTO DE ALVENARIA DE VEDAÇÃO, PREPARO MANUAL. AF_08/2019","SEDI - SERVIÇOS DIVERSOS","m³",1.9199999999999998E-2,{"$f":"IF(A1469=\"Composição Auxiliar\",VLOOKUP(B1469,'SINAPI COMPOSIÇÃO'!$A$2:$E$10256,4,FALSE),IF(A1469=\"Insumo\",IF(VLOOKUP(B1469,'SINAPI INSUMOS'!$A$2:$F$4852,5,FALSE)=OR(\"\",0),VLOOKUP(B1469,'SINAPI INSUMOS'!$A$2:$F$4852,6,FALSE),VLOOKUP(B1469,'SINAPI INSUMOS'!$A$2:$F$4852,5,FALSE)),\"VERIFICAR\"))","v":863.29},{"$f":"TRUNC(G1469*H1469,2)","v":16.57}]
["Composição Auxiliar",88264,"SINAPI","ELETRICISTA COM ENCARGOS COMPLEMENTARES","SEDI - SERVIÇOS DIVERSOS","H",2.0377000000000001,{"$f":"IF(A1470=\"Composição Auxiliar\",VLOOKUP(B1470,'SINAPI COMPOSIÇÃO'!$A$2:$E$10256,4,FALSE),IF(A1470=\"Insumo\",IF(VLOOKUP(B1470,'SINAPI INSUMOS'!$A$2:$F$4852,5,FALSE)=OR(\"\",0),VLOOKUP(B1470,'SINAPI INSUMOS'!$A$2:$F$4852,6,FALSE),VLOOKUP(B1470,'SINAPI INSUMOS'!$A$2:$F$4852,5,FALSE)),\"VERIFICAR\"))","v":28.06},{"$f":"TRUNC(G1470*H1470,2)","v":57.17}]
["Insumo",12041,"SINAPI","QUADRO DE DISTRIBUICAO COM BARRAMENTO TRIFASICO, DE EMBUTIR, EM CHAPA DE ACO GALVANIZADO, PARA 30 DISJUNTORES DIN, 150 A","Material","UN",1,{"$f":"IF(A1471=\"Composição Auxiliar\",VLOOKUP(B1471,'SINAPI COMPOSIÇÃO'!$A$2:$E$10256,4,FALSE),IF(A1471=\"Insumo\",IF(VLOOKUP(B1471,'SINAPI INSUMOS'!$A$2:$F$4852,5,FALSE)=OR(\"\",0),VLOOKUP(B1471,'SINAPI INSUMOS'!$A$2:$F$4852,6,FALSE),VLOOKUP(B1471,'SINAPI INSUMOS'!$A$2:$F$4852,5,FALSE)),\"VERIFICAR\"))","v":569.17999999999995},{"$f":"TRUNC(G1471*H1471,2)","v":569.17999999999995}]
["11.1.18","Código","Banco","Descrição","Tipo","Und","Quant.","Valor Unit","Total"]
["Composição",101882,"SINAPI","QUADRO DE DISTRIBUIÇÃO DE ENERGIA EM CHAPA DE AÇO GALVANIZADO, DE EMBUTIR, COM BARRAMENTO TRIFÁSICO, PARA 30 DISJUNTORES DIN 225A - FORNECIMENTO E INSTALAÇÃO. AF_10/2020","INEL - INSTALAÇÃO ELÉTRICA/ELETRIFICAÇÃO E ILUMINAÇÃO EXTERNA","UN",1,{"$f":"I1473","v":1324.62},{"$f":"SUM(I1474:I1477)","v":1324.62}]
["Composição Auxiliar",88264,"SINAPI","ELETRICISTA COM ENCARGOS COMPLEMENTARES","SEDI - SERVIÇOS DIVERSOS","H",2.0396999999999998,{"$f":"IF(A1474=\"Composição Auxiliar\",VLOOKUP(B1474,'SINAPI COMPOSIÇÃO'!$A$2:$E$10256,4,FALSE),IF(A1474=\"Insumo\",IF(VLOOKUP(B1474,'SINAPI INSUMOS'!$A$2:$F$4852,5,FALSE)=OR(\"\",0),VLOOKUP(B1474,'SINAPI INSUMOS'!$A$2:$F$4852,6,FALSE),VLOOKUP(B1474,'SINAPI INSUMOS'!$A$2:$F$4852,5,FALSE)),\"VERIFICAR\"))","v":28.06},{"$f":"TRUNC(G1474*H1474,2)","v":57.23}]
["Composição Auxiliar",87367,"SINAPI","ARGAMASSA TRAÇO 1:1:6 (EM VOLUME DE CIMENTO, CAL E AREIA MÉDIA ÚMIDA) PARA EMBOÇO/MASSA ÚNICA/ASSENTAMENTO DE ALVENARIA DE VEDAÇÃO, PREPARO MANUAL. AF_08/2019","SEDI - SERVIÇOS DIVERSOS","m³",1.9400000000000001E-2,{"$f":"IF(A1475=\"Composição Auxiliar\",VLOOKUP(B1475,'SINAPI COMPOSIÇÃO'!$A$2:$E$10256,4,FALSE),IF(A1475=\"Insumo\",IF(VLOOKUP(B1475,'SINAPI INSUMOS'!$A$2:$F$4852,5,FALSE)=OR(\"\",0),VLOOKUP(B1475,'SINAPI INSUMOS'!$A$2:$F$4852,6,FALSE),VLOOKUP(B1475,'SINAPI INSUMOS'!$A$2:$F$4852,5,FALSE)),\"VERIFICAR\"))","v":863.29},{"$f":"TRUNC(G1475*H1475,2)","v":16.739999999999998}]
["Composição Auxiliar",88247,"SINAPI","AUXILIAR DE ELETRICISTA COM ENCARGOS COMPLEMENTARES","SEDI - SERVIÇOS DIVERSOS","H",2.0396999999999998,{"$f":"IF(A1476=\"Composição Auxiliar\",VLOOKUP(B1476,'SINAPI COMPOSIÇÃO'!$A$2:$E$10256,4,FALSE),IF(A1476=\"Insumo\",IF(VLOOKUP(B1476,'SINAPI INSUMOS'!$A$2:$F$4852,5,FALSE)=OR(\"\",0),VLOOKUP(B1476,'SINAPI INSUMOS'!$A$2:$F$4852,6,FALSE),VLOOKUP(B1476,'SINAPI INSUMOS'!$A$2:$F$4852,5,FALSE)),\"VERIFICAR\"))","v":23.98},{"$f":"TRUNC(G1476*H1476,2)","v":48.91}]
["Insumo",12043,"SINAPI","QUADRO DE DISTRIBUICAO COM BARRAMENTO TRIFASICO, DE EMBUTIR, EM CHAPA DE ACO GALVANIZADO, PARA 30 DISJUNTORES DIN, 225 A","Material","UN",1,{"$f":"IF(A1477=\"Composição Auxiliar\",VLOOKUP(B1477,'SINAPI COMPOSIÇÃO'!$A$2:$E$10256,4,FALSE),IF(A1477=\"Insumo\",IF(VLOOKUP(B1477,'SINAPI INSUMOS'!$A$2:$F$4852,5,FALSE)=OR(\"\",0),VLOOKUP(B1477,'SINAPI INSUMOS'!$A$2:$F$4852,6,FALSE),VLOOKUP(B1477,'SINAPI INSUMOS'!$A$2:$F$4852,5,FALSE)),\"VERIFICAR\"))","v":1201.74},{"$f":"TRUNC(G1477*H1477,2)","v":1201.74}]
["11.1.19","Código","Banco","Descrição","Tipo","Und","Quant.","Valor Unit","Total"]
["Composição",93654,"SINAPI","DISJUNTOR MONOPOLAR TIPO DIN, CORRENTE NOMINAL DE 16A - FORNECIMENTO E INSTALAÇÃO. AF_10/2020","INEL - INSTALAÇÃO ELÉTRICA/ELETRIFICAÇÃO E ILUMINAÇÃO EXTERNA","UN",1,{"$f":"I1479","v":12.04},{"$f":"SUM(I1480:I1483)","v":12.04}]
["Composição Auxiliar",88247,"SINAPI","AUXILIAR DE ELETRICISTA COM ENCARGOS COMPLEMENTARES","SEDI - SERVIÇOS DIVERSOS","H",3.5428000000000001E-2,{"$f":"IF(A1480=\"Composição Auxiliar\",VLOOKUP(B1480,'SINAPI COMPOSIÇÃO'!$A$2:$E$10256,4,FALSE),IF(A1480=\"Insumo\",IF(VLOOKUP(B1480,'SINAPI INSUMOS'!$A$2:$F$4852,5,FALSE)=OR(\"\",0),VLOOKUP(B1480,'SINAPI INSUMOS'!$A$2:$F$4852,6,FALSE),VLOOKUP(B1480,'SINAPI INSUMOS'!$A$2:$F$4852,5,FALSE)),\"VERIFICAR\"))","v":23.98},{"$f":"TRUNC(G1480*H1480,2)","v":0.84}]
["Composição Auxiliar",88264,"SINAPI","ELETRICISTA COM ENCARGOS COMPLEMENTARES","SEDI - SERVIÇOS DIVERSOS","H",3.5428000000000001E-2,{"$f":"IF(A1481=\"Composição Auxiliar\",VLOOKUP(B1481,'SINAPI COMPOSIÇÃO'!$A$2:$E$10256,4,FALSE),IF(A1481=\"Insumo\",IF(VLOOKUP(B1481,'SINAPI INSUMOS'!$A$2:$F$4852,5,FALSE)=OR(\"\",0),VLOOKUP(B1481,'SINAPI INSUMOS'!$A$2:$F$4852,6,FALSE),VLOOKUP(B1481,'SINAPI INSUMOS'!$A$2:$F$4852,5,FALSE)),\"VERIFICAR\"))","v":28.06},{"$f":"TRUNC(G1481*H1481,2)","v":0.99}]
["Insumo",1570,"SINAPI","TERMINAL A COMPRESSAO EM COBRE ESTANHADO PARA CABO 2,5 MM2, 1 FURO E 1 COMPRESSAO, PARA PARAFUSO DE FIXACAO M5","Material","UN",1,{"$f":"IF(A1482=\"Composição Auxiliar\",VLOOKUP(B1482,'SINAPI COMPOSIÇÃO'!$A$2:$E$10256,4,FALSE),IF(A1482=\"Insumo\",IF(VLOOKUP(B1482,'SINAPI INSUMOS'!$A$2:$F$4852,5,FALSE)=OR(\"\",0),VLOOKUP(B1482,'SINAPI INSUMOS'!$A$2:$F$4852,6,FALSE),VLOOKUP(B1482,'SINAPI INSUMOS'!$A$2:$F$4852,5,FALSE)),\"VERIFICAR\"))","v":1.18},{"$f":"TRUNC(G1482*H1482,2)","v":1.18}]
["Insumo",34653,"SINAPI","DISJUNTOR TERMOMAGNETICO PARA TRILHO DIN (IEC), MONOPOLAR, 6 - 32 A","Material","UN",1,{"$f":"IF(A1483=\"Composição Auxiliar\",VLOOKUP(B1483,'SINAPI COMPOSIÇÃO'!$A$2:$E$10256,4,FALSE),IF(A1483=\"Insumo\",IF(VLOOKUP(B1483,'SINAPI INSUMOS'!$A$2:$F$4852,5,FALSE)=OR(\"\",0),VLOOKUP(B1483,'SINAPI INSUMOS'!$A$2:$F$4852,6,FALSE),VLOOKUP(B1483,'SINAPI INSUMOS'!$A$2:$F$4852,5,FALSE)),\"VERIFICAR\"))","v":9.0299999999999994},{"$f":"TRUNC(G1483*H1483,2)","v":9.0299999999999994}]
["11.1.20","Código","Banco","Descrição","Tipo","Und","Quant.","Valor Unit","Total"]
["Composição",93655,"SINAPI","DISJUNTOR MONOPOLAR TIPO DIN, CORRENTE NOMINAL DE 20A - FORNECIMENTO E INSTALAÇÃO. AF_10/2020","INEL - INSTALAÇÃO ELÉTRICA/ELETRIFICAÇÃO E ILUMINAÇÃO EXTERNA","UN",1,{"$f":"I1485","v":13},{"$f":"SUM(I1486:I1489)","v":13}]
["Composição Auxiliar",88264,"SINAPI","ELETRICISTA COM ENCARGOS COMPLEMENTARES","SEDI - SERVIÇOS DIVERSOS","H",4.6843000000000003E-2,{"$f":"IF(A1486=\"Composição Auxiliar\",VLOOKUP(B1486,'SINAPI COMPOSIÇÃO'!$A$2:$E$10256,4,FALSE),IF(A1486=\"Insumo\",IF(VLOOKUP(B1486,'SINAPI INSUMOS'!$A$2:$F$4852,5,FALSE)=OR(\"\",0),VLOOKUP(B1486,'SINAPI INSUMOS'!$A$2:$F$4852,6,FALSE),VLOOKUP(B1486,'SINAPI INSUMOS'!$A$2:$F$4852,5,FALSE)),\"VERIFICAR\"))","v":28.06},{"$f":"TRUNC(G1486*H1486,2)","v":1.31}]
["Composição Auxiliar",88247,"SINAPI","AUXILIAR DE ELETRICISTA COM ENCARGOS COMPLEMENTARES","SEDI - SERVIÇOS DIVERSOS","H",4.6843000000000003E-2,{"$f":"IF(A1487=\"Composição Auxiliar\",VLOOKUP(B1487,'SINAPI COMPOSIÇÃO'!$A$2:$E$10256,4,FALSE),IF(A1487=\"Insumo\",IF(VLOOKUP(B1487,'SINAPI INSUMOS'!$A$2:$F$4852,5,FALSE)=OR(\"\",0),VLOOKUP(B1487,'SINAPI INSUMOS'!$A$2:$F$4852,6,FALSE),VLOOKUP(B1487,'SINAPI INSUMOS'!$A$2:$F$4852,5,FALSE)),\"VERIFICAR\"))","v":23.98},{"$f":"TRUNC(G1487*H1487,2)","v":1.1200000000000001}]
["Insumo",34653,"SINAPI","DISJUNTOR TERMOMAGNETICO PARA TRILHO DIN (IEC), MONOPOLAR, 6 - 32 A","Material","UN",1,{"$f":"IF(A1488=\"Composição Auxiliar\",VLOOKUP(B1488,'SINAPI COMPOSIÇÃO'!$A$2:$E$10256,4,FALSE),IF(A1488=\"Insumo\",IF(VLOOKUP(B1488,'SINAPI INSUMOS'!$A$2:$F$4852,5,FALSE)=OR(\"\",0),VLOOKUP(B1488,'SINAPI INSUMOS'!$A$2:$F$4852,6,FALSE),VLOOKUP(B1488,'SINAPI INSUMOS'!$A$2:$F$4852,5,FALSE)),\"VERIFICAR\"))","v":9.0299999999999994},{"$f":"TRUNC(G1488*H1488,2)","v":9.0299999999999994}]
["Insumo",1571,"SINAPI","TERMINAL A COMPRESSAO EM COBRE ESTANHADO PARA CABO 4 MM2, 1 FURO E 1 COMPRESSAO, PARA PARAFUSO DE FIXACAO M5","Material","UN",1,{"$f":"IF(A1489=\"Composição Auxiliar\",VLOOKUP(B1489,'SINAPI COMPOSIÇÃO'!$A$2:$E$10256,4,FALSE),IF(A1489=\"Insumo\",IF(VLOOKUP(B1489,'SINAPI INSUMOS'!$A$2:$F$4852,5,FALSE)=OR(\"\",0),VLOOKUP(B1489,'SINAPI INSUMOS'!$A$2:$F$4852,6,FALSE),VLOOKUP(B1489,'SINAPI INSUMOS'!$A$2:$F$4852,5,FALSE)),\"VERIFICAR\"))","v":1.54},{"$f":"TRUNC(G1489*H1489,2)","v":1.54}]
["11.1.21","Código","Banco","Descrição","Tipo","Und","Quant.","Valor Unit","Total"]
["Composição",93656,"SINAPI","DISJUNTOR MONOPOLAR TIPO DIN, CORRENTE NOMINAL DE 25A - FORNECIMENTO E INSTALAÇÃO. AF_10/2020","INEL - INSTALAÇÃO ELÉTRICA/ELETRIFICAÇÃO E ILUMINAÇÃO EXTERNA","UN",1,{"$f":"I1491","v":13.89},{"$f":"SUM(I1492:I1495)","v":13.89}]
["Composição Auxiliar",88264,"SINAPI","ELETRICISTA COM ENCARGOS COMPLEMENTARES","SEDI - SERVIÇOS DIVERSOS","H",6.3963999999999993E-2,{"$f":"IF(A1492=\"Composição Auxiliar\",VLOOKUP(B1492,'SINAPI COMPOSIÇÃO'!$A$2:$E$10256,4,FALSE),IF(A1492=\"Insumo\",IF(VLOOKUP(B1492,'SINAPI INSUMOS'!$A$2:$F$4852,5,FALSE)=OR(\"\",0),VLOOKUP(B1492,'SINAPI INSUMOS'!$A$2:$F$4852,6,FALSE),VLOOKUP(B1492,'SINAPI INSUMOS'!$A$2:$F$4852,5,FALSE)),\"VERIFICAR\"))","v":28.06},{"$f":"TRUNC(G1492*H1492,2)","v":1.79}]
["Composição Auxiliar",88247,"SINAPI","AUXILIAR DE ELETRICISTA COM ENCARGOS COMPLEMENTARES","SEDI - SERVIÇOS DIVERSOS","H",6.3963999999999993E-2,{"$f":"IF(A1493=\"Composição Auxiliar\",VLOOKUP(B1493,'SINAPI COMPOSIÇÃO'!$A$2:$E$10256,4,FALSE),IF(A1493=\"Insumo\",IF(VLOOKUP(B1493,'SINAPI INSUMOS'!$A$2:$F$4852,5,FALSE)=OR(\"\",0),VLOOKUP(B1493,'SINAPI INSUMOS'!$A$2:$F$4852,6,FALSE),VLOOKUP(B1493,'SINAPI INSUMOS'!$A$2:$F$4852,5,FALSE)),\"VERIFICAR\"))","v":23.98},{"$f":"TRUNC(G1493*H1493,2)","v":1.53}]
["Insumo",1571,"SINAPI","TERMINAL A COMPRESSAO EM COBRE ESTANHADO PARA CABO 4 MM2, 1 FURO E 1 COMPRESSAO, PARA PARAFUSO DE FIXACAO M5","Material","UN",1,{"$f":"IF(A1494=\"Composição Auxiliar\",VLOOKUP(B1494,'SINAPI COMPOSIÇÃO'!$A$2:$E$10256,4,FALSE),IF(A1494=\"Insumo\",IF(VLOOKUP(B1494,'SINAPI INSUMOS'!$A$2:$F$4852,5,FALSE)=OR(\"\",0),VLOOKUP(B1494,'SINAPI INSUMOS'!$A$2:$F$4852,6,FALSE),VLOOKUP(B1494,'SINAPI INSUMOS'!$A$2:$F$4852,5,FALSE)),\"VERIFICAR\"))","v":1.54},{"$f":"TRUNC(G1494*H1494,2)","v":1.54}]
["Insumo",34653,"SINAPI","DISJUNTOR TERMOMAGNETICO PARA TRILHO DIN (IEC), MONOPOLAR, 6 - 32 A","Material","UN",1,{"$f":"IF(A1495=\"Composição Auxiliar\",VLOOKUP(B1495,'SINAPI COMPOSIÇÃO'!$A$2:$E$10256,4,FALSE),IF(A1495=\"Insumo\",IF(VLOOKUP(B1495,'SINAPI INSUMOS'!$A$2:$F$4852,5,FALSE)=OR(\"\",0),VLOOKUP(B1495,'SINAPI INSUMOS'!$A$2:$F$4852,6,FALSE),VLOOKUP(B1495,'SINAPI INSUMOS'!$A$2:$F$4852,5,FALSE)),\"VERIFICAR\"))","v":9.0299999999999994},{"$f":"TRUNC(G1495*H1495,2)","v":9.0299999999999994}]
["11.1.22","Código","Banco","Descrição","Tipo","Und","Quant.","Valor Unit","Total"]
["Composição",93657,"SINAPI","DISJUNTOR MONOPOLAR TIPO DIN, CORRENTE NOMINAL DE 32A - FORNECIMENTO E INSTALAÇÃO. AF_10/2020","INEL - INSTALAÇÃO ELÉTRICA/ELETRIFICAÇÃO E ILUMINAÇÃO EXTERNA","UN",1,{"$f":"I1497","v":15.43},{"$f":"SUM(I1498:I1501)","v":15.43}]
["Composição Auxiliar",88247,"SINAPI","AUXILIAR DE ELETRICISTA COM ENCARGOS COMPLEMENTARES","SEDI - SERVIÇOS DIVERSOS","H",8.7790999999999994E-2,{"$f":"IF(A1498=\"Composição Auxiliar\",VLOOKUP(B1498,'SINAPI COMPOSIÇÃO'!$A$2:$E$10256,4,FALSE),IF(A1498=\"Insumo\",IF(VLOOKUP(B1498,'SINAPI INSUMOS'!$A$2:$F$4852,5,FALSE)=OR(\"\",0),VLOOKUP(B1498,'SINAPI INSUMOS'!$A$2:$F$4852,6,FALSE),VLOOKUP(B1498,'SINAPI INSUMOS'!$A$2:$F$4852,5,FALSE)),\"VERIFICAR\"))","v":23.98},{"$f":"TRUNC(G1498*H1498,2)","v":2.1}]
["Composição Auxiliar",88264,"SINAPI","ELETRICISTA COM ENCARGOS COMPLEMENTARES","SEDI - SERVIÇOS DIVERSOS","H",8.7790999999999994E-2,{"$f":"IF(A1499=\"Composição Auxiliar\",VLOOKUP(B1499,'SINAPI COMPOSIÇÃO'!$A$2:$E$10256,4,FALSE),IF(A1499=\"Insumo\",IF(VLOOKUP(B1499,'SINAPI INSUMOS'!$A$2:$F$4852,5,FALSE)=OR(\"\",0),VLOOKUP(B1499,'SINAPI INSUMOS'!$A$2:$F$4852,6,FALSE),VLOOKUP(B1499,'SINAPI INSUMOS'!$A$2:$F$4852,5,FALSE)),\"VERIFICAR\"))","v":28.06},{"$f":"TRUNC(G1499*H1499,2)","v":2.46}]
["Insumo",1573,"SINAPI","TERMINAL A COMPRESSAO EM COBRE ESTANHADO PARA CABO 6 MM2, 1 FURO E 1 COMPRESSAO, PARA PARAFUSO DE FIXACAO M6","Material","UN",1,{"$f":"IF(A1500=\"Composição Auxiliar\",VLOOKUP(B1500,'SINAPI COMPOSIÇÃO'!$A$2:$E$10256,4,FALSE),IF(A1500=\"Insumo\",IF(VLOOKUP(B1500,'SINAPI INSUMOS'!$A$2:$F$4852,5,FALSE)=OR(\"\",0),VLOOKUP(B1500,'SINAPI INSUMOS'!$A$2:$F$4852,6,FALSE),VLOOKUP(B1500,'SINAPI INSUMOS'!$A$2:$F$4852,5,FALSE)),\"VERIFICAR\"))","v":1.84},{"$f":"TRUNC(G1500*H1500,2)","v":1.84}]
["Insumo",34653,"SINAPI","DISJUNTOR TERMOMAGNETICO PARA TRILHO DIN (IEC), MONOPOLAR, 6 - 32 A","Material","UN",1,{"$f":"IF(A1501=\"Composição Auxiliar\",VLOOKUP(B1501,'SINAPI COMPOSIÇÃO'!$A$2:$E$10256,4,FALSE),IF(A1501=\"Insumo\",IF(VLOOKUP(B1501,'SINAPI INSUMOS'!$A$2:$F$4852,5,FALSE)=OR(\"\",0),VLOOKUP(B1501,'SINAPI INSUMOS'!$A$2:$F$4852,6,FALSE),VLOOKUP(B1501,'SINAPI INSUMOS'!$A$2:$F$4852,5,FALSE)),\"VERIFICAR\"))","v":9.0299999999999994},{"$f":"TRUNC(G1501*H1501,2)","v":9.0299999999999994}]
["11.1.23","Código","Banco","Descrição","Tipo","Und","Quant.","Valor Unit","Total"]
["Composição",93673,"SINAPI","DISJUNTOR TRIPOLAR TIPO DIN, CORRENTE NOMINAL DE 50A - FORNECIMENTO E INSTALAÇÃO. AF_10/2020","INEL - INSTALAÇÃO ELÉTRICA/ELETRIFICAÇÃO E ILUMINAÇÃO EXTERNA","UN",1,{"$f":"I1503","v":98.08},{"$f":"SUM(I1504:I1507)","v":98.08}]
["Composição Auxiliar",88264,"SINAPI","ELETRICISTA COM ENCARGOS COMPLEMENTARES","SEDI - SERVIÇOS DIVERSOS","H",0.52974500000000002,{"$f":"IF(A1504=\"Composição Auxiliar\",VLOOKUP(B1504,'SINAPI COMPOSIÇÃO'!$A$2:$E$10256,4,FALSE),IF(A1504=\"Insumo\",IF(VLOOKUP(B1504,'SINAPI INSUMOS'!$A$2:$F$4852,5,FALSE)=OR(\"\",0),VLOOKUP(B1504,'SINAPI INSUMOS'!$A$2:$F$4852,6,FALSE),VLOOKUP(B1504,'SINAPI INSUMOS'!$A$2:$F$4852,5,FALSE)),\"VERIFICAR\"))","v":28.06},{"$f":"TRUNC(G1504*H1504,2)","v":14.86}]
["Composição Auxiliar",88247,"SINAPI","AUXILIAR DE ELETRICISTA COM ENCARGOS COMPLEMENTARES","SEDI - SERVIÇOS DIVERSOS","H",0.52974500000000002,{"$f":"IF(A1505=\"Composição Auxiliar\",VLOOKUP(B1505,'SINAPI COMPOSIÇÃO'!$A$2:$E$10256,4,FALSE),IF(A1505=\"Insumo\",IF(VLOOKUP(B1505,'SINAPI INSUMOS'!$A$2:$F$4852,5,FALSE)=OR(\"\",0),VLOOKUP(B1505,'SINAPI INSUMOS'!$A$2:$F$4852,6,FALSE),VLOOKUP(B1505,'SINAPI INSUMOS'!$A$2:$F$4852,5,FALSE)),\"VERIFICAR\"))","v":23.98},{"$f":"TRUNC(G1505*H1505,2)","v":12.7}]
["Insumo",1575,"SINAPI","TERMINAL A COMPRESSAO EM COBRE ESTANHADO PARA CABO 16 MM2, 1 FURO E 1 COMPRESSAO, PARA PARAFUSO DE FIXACAO M6","Material","UN",3,{"$f":"IF(A1506=\"Composição Auxiliar\",VLOOKUP(B1506,'SINAPI COMPOSIÇÃO'!$A$2:$E$10256,4,FALSE),IF(A1506=\"Insumo\",IF(VLOOKUP(B1506,'SINAPI INSUMOS'!$A$2:$F$4852,5,FALSE)=OR(\"\",0),VLOOKUP(B1506,'SINAPI INSUMOS'!$A$2:$F$4852,6,FALSE),VLOOKUP(B1506,'SINAPI INSUMOS'!$A$2:$F$4852,5,FALSE)),\"VERIFICAR\"))","v":2.36},{"$f":"TRUNC(G1506*H1506,2)","v":7.08}]
["Insumo",34709,"SINAPI","DISJUNTOR TERMOMAGNETICO PARA TRILHO DIN (IEC), TRIPOLAR, 10 - 50 A","Material","UN",1,{"$f":"IF(A1507=\"Composição Auxiliar\",VLOOKUP(B1507,'SINAPI COMPOSIÇÃO'!$A$2:$E$10256,4,FALSE),IF(A1507=\"Insumo\",IF(VLOOKUP(B1507,'SINAPI INSUMOS'!$A$2:$F$4852,5,FALSE)=OR(\"\",0),VLOOKUP(B1507,'SINAPI INSUMOS'!$A$2:$F$4852,6,FALSE),VLOOKUP(B1507,'SINAPI INSUMOS'!$A$2:$F$4852,5,FALSE)),\"VERIFICAR\"))","v":63.44},{"$f":"TRUNC(G1507*H1507,2)","v":63.44}]
["11.1.24","Código","Banco","Descrição","Tipo","Und","Quant.","Valor Unit","Total"]
["Composição",101895,"SINAPI","DISJUNTOR TERMOMAGNÉTICO TRIPOLAR , CORRENTE NOMINAL DE 125A - FORNECIMENTO E INSTALAÇÃO. AF_10/2020","INEL - INSTALAÇÃO ELÉTRICA/ELETRIFICAÇÃO E ILUMINAÇÃO EXTERNA","UN",1,{"$f":"I1509","v":428.81},{"$f":"SUM(I1510:I1513)","v":428.81}]
["Composição Auxiliar",88247,"SINAPI","AUXILIAR DE ELETRICISTA COM ENCARGOS COMPLEMENTARES","SEDI - SERVIÇOS DIVERSOS","H",1.222415,{"$f":"IF(A1510=\"Composição Auxiliar\",VLOOKUP(B1510,'SINAPI COMPOSIÇÃO'!$A$2:$E$10256,4,FALSE),IF(A1510=\"Insumo\",IF(VLOOKUP(B1510,'SINAPI INSUMOS'!$A$2:$F$4852,5,FALSE)=OR(\"\",0),VLOOKUP(B1510,'SINAPI INSUMOS'!$A$2:$F$4852,6,FALSE),VLOOKUP(B1510,'SINAPI INSUMOS'!$A$2:$F$4852,5,FALSE)),\"VERIFICAR\"))","v":23.98},{"$f":"TRUNC(G1510*H1510,2)","v":29.31}]
["Composição Auxiliar",88264,"SINAPI","ELETRICISTA COM ENCARGOS COMPLEMENTARES","SEDI - SERVIÇOS DIVERSOS","H",1.222415,{"$f":"IF(A1511=\"Composição Auxiliar\",VLOOKUP(B1511,'SINAPI COMPOSIÇÃO'!$A$2:$E$10256,4,FALSE),IF(A1511=\"Insumo\",IF(VLOOKUP(B1511,'SINAPI INSUMOS'!$A$2:$F$4852,5,FALSE)=OR(\"\",0),VLOOKUP(B1511,'SINAPI INSUMOS'!$A$2:$F$4852,6,FALSE),VLOOKUP(B1511,'SINAPI INSUMOS'!$A$2:$F$4852,5,FALSE)),\"VERIFICAR\"))","v":28.06},{"$f":"TRUNC(G1511*H1511,2)","v":34.299999999999997}]
["Insumo",2391,"SINAPI","DISJUNTOR TERMOMAGNETICO TRIPOLAR 125 A / 425 V / ICC - 25 KA","Material","UN",1,{"$f":"IF(A1512=\"Composição Auxiliar\",VLOOKUP(B1512,'SINAPI COMPOSIÇÃO'!$A$2:$E$10256,4,FALSE),IF(A1512=\"Insumo\",IF(VLOOKUP(B1512,'SINAPI INSUMOS'!$A$2:$F$4852,5,FALSE)=OR(\"\",0),VLOOKUP(B1512,'SINAPI INSUMOS'!$A$2:$F$4852,6,FALSE),VLOOKUP(B1512,'SINAPI INSUMOS'!$A$2:$F$4852,5,FALSE)),\"VERIFICAR\"))","v":346.06},{"$f":"TRUNC(G1512*H1512,2)","v":346.06}]
["Insumo",1578,"SINAPI","TERMINAL A COMPRESSAO EM COBRE ESTANHADO PARA CABO 50 MM2, 1 FURO E 1 COMPRESSAO, PARA PARAFUSO DE FIXACAO M8","Material","UN",3,{"$f":"IF(A1513=\"Composição Auxiliar\",VLOOKUP(B1513,'SINAPI COMPOSIÇÃO'!$A$2:$E$10256,4,FALSE),IF(A1513=\"Insumo\",IF(VLOOKUP(B1513,'SINAPI INSUMOS'!$A$2:$F$4852,5,FALSE)=OR(\"\",0),VLOOKUP(B1513,'SINAPI INSUMOS'!$A$2:$F$4852,6,FALSE),VLOOKUP(B1513,'SINAPI INSUMOS'!$A$2:$F$4852,5,FALSE)),\"VERIFICAR\"))","v":6.38},{"$f":"TRUNC(G1513*H1513,2)","v":19.14}]
["11.1.25","Código","Banco","Descrição","Tipo","Und","Quant.","Valor Unit","Total"]
["Composição",101946,"SINAPI","QUADRO DE MEDIÇÃO GERAL DE ENERGIA PARA 1 MEDIDOR DE SOBREPOR - FORNECIMENTO E INSTALAÇÃO. AF_10/2020","INEL - INSTALAÇÃO ELÉTRICA/ELETRIFICAÇÃO E ILUMINAÇÃO EXTERNA","UN",1,{"$f":"I1515","v":122.89999999999999},{"$f":"SUM(I1516:I1519)","v":122.89999999999999}]
["Composição Auxiliar",88264,"SINAPI","ELETRICISTA COM ENCARGOS COMPLEMENTARES","SEDI - SERVIÇOS DIVERSOS","H",0.52171000000000001,{"$f":"IF(A1516=\"Composição Auxiliar\",VLOOKUP(B1516,'SINAPI COMPOSIÇÃO'!$A$2:$E$10256,4,FALSE),IF(A1516=\"Insumo\",IF(VLOOKUP(B1516,'SINAPI INSUMOS'!$A$2:$F$4852,5,FALSE)=OR(\"\",0),VLOOKUP(B1516,'SINAPI INSUMOS'!$A$2:$F$4852,6,FALSE),VLOOKUP(B1516,'SINAPI INSUMOS'!$A$2:$F$4852,5,FALSE)),\"VERIFICAR\"))","v":28.06},{"$f":"TRUNC(G1516*H1516,2)","v":14.63}]
["Composição Auxiliar",88247,"SINAPI","AUXILIAR DE ELETRICISTA COM ENCARGOS COMPLEMENTARES","SEDI - SERVIÇOS DIVERSOS","H",0.52171000000000001,{"$f":"IF(A1517=\"Composição Auxiliar\",VLOOKUP(B1517,'SINAPI COMPOSIÇÃO'!$A$2:$E$10256,4,FALSE),IF(A1517=\"Insumo\",IF(VLOOKUP(B1517,'SINAPI INSUMOS'!$A$2:$F$4852,5,FALSE)=OR(\"\",0),VLOOKUP(B1517,'SINAPI INSUMOS'!$A$2:$F$4852,6,FALSE),VLOOKUP(B1517,'SINAPI INSUMOS'!$A$2:$F$4852,5,FALSE)),\"VERIFICAR\"))","v":23.98},{"$f":"TRUNC(G1517*H1517,2)","v":12.51}]
["Insumo",39808,"SINAPI","CAIXA PARA MEDIDOR MONOFASICO, EM POLICARBONATO / TERMOPLASTICO, PARA ALOJAR 1 DISJUNTOR (PADRAO DA CONCESSIONARIA LOCAL)","Material","UN",1,{"$f":"IF(A1518=\"Composição Auxiliar\",VLOOKUP(B1518,'SINAPI COMPOSIÇÃO'!$A$2:$E$10256,4,FALSE),IF(A1518=\"Insumo\",IF(VLOOKUP(B1518,'SINAPI INSUMOS'!$A$2:$F$4852,5,FALSE)=OR(\"\",0),VLOOKUP(B1518,'SINAPI INSUMOS'!$A$2:$F$4852,6,FALSE),VLOOKUP(B1518,'SINAPI INSUMOS'!$A$2:$F$4852,5,FALSE)),\"VERIFICAR\"))","v":94.96},{"$f":"TRUNC(G1518*H1518,2)","v":94.96}]
["Insumo",11950,"SINAPI","BUCHA DE NYLON SEM ABA S6, COM PARAFUSO DE 4,20 X 40 MM EM ACO ZINCADO COM ROSCA SOBERBA, CABECA CHATA E FENDA PHILLIPS","Material","UN",4,{"$f":"IF(A1519=\"Composição Auxiliar\",VLOOKUP(B1519,'SINAPI COMPOSIÇÃO'!$A$2:$E$10256,4,FALSE),IF(A1519=\"Insumo\",IF(VLOOKUP(B1519,'SINAPI INSUMOS'!$A$2:$F$4852,5,FALSE)=OR(\"\",0),VLOOKUP(B1519,'SINAPI INSUMOS'!$A$2:$F$4852,6,FALSE),VLOOKUP(B1519,'SINAPI INSUMOS'!$A$2:$F$4852,5,FALSE)),\"VERIFICAR\"))","v":0.2},{"$f":"TRUNC(G1519*H1519,2)","v":0.8}]
["11.1.26","Código","Banco","Descrição","Tipo","Und","Quant.","Valor Unit","Total"]
["Composição","11ª SR - COMP. 14","Próprio","LUMINÁRIA PAINEL LED PLAFON QUADRADO 40X40CM EMBUTIR 6000K LUZ BRANCA 36W BIVOLT","INEL - INSTALAÇÃO ELÉTRICA/ELETRIFICAÇÃO E ILUMINAÇÃO EXTERNA","UN",1,{"$f":"I1521","v":90.5},{"$f":"SUM(I1522:I1524)","v":90.5}]
["Composição Auxiliar",88264,"SINAPI","ELETRICISTA COM ENCARGOS COMPLEMENTARES","SEDI - SERVIÇOS DIVERSOS","H",0.15763759999999999,{"$f":"IF(A1522=\"Composição Auxiliar\",VLOOKUP(B1522,'SINAPI COMPOSIÇÃO'!$A$2:$E$10256,4,FALSE),IF(A1522=\"Insumo\",IF(VLOOKUP(B1522,'SINAPI INSUMOS'!$A$2:$F$4852,5,FALSE)=OR(\"\",0),VLOOKUP(B1522,'SINAPI INSUMOS'!$A$2:$F$4852,6,FALSE),VLOOKUP(B1522,'SINAPI INSUMOS'!$A$2:$F$4852,5,FALSE)),\"VERIFICAR\"))","v":28.06},{"$f":"TRUNC(G1522*H1522,2)","v":4.42}]
["Composição Auxiliar",88247,"SINAPI","AUXILIAR DE ELETRICISTA COM ENCARGOS COMPLEMENTARES","SEDI - SERVIÇOS DIVERSOS","H",0.50444040000000001,{"$f":"IF(A1523=\"Composição Auxiliar\",VLOOKUP(B1523,'SINAPI COMPOSIÇÃO'!$A$2:$E$10256,4,FALSE),IF(A1523=\"Insumo\",IF(VLOOKUP(B1523,'SINAPI INSUMOS'!$A$2:$F$4852,5,FALSE)=OR(\"\",0),VLOOKUP(B1523,'SINAPI INSUMOS'!$A$2:$F$4852,6,FALSE),VLOOKUP(B1523,'SINAPI INSUMOS'!$A$2:$F$4852,5,FALSE)),\"VERIFICAR\"))","v":23.98},{"$f":"TRUNC(G1523*H1523,2)","v":12.09}]
["Insumo","11ª SR - 04","Próprio","LUMINÁRIA DE LED PLAFON, QUADRADA 40X40CM DE EMBUTIR, 6000K LUZ BRANCA, 36W BIVOLT","Material","UN",1,{"$f":"'COT LUMINARIA LED'!L37","v":73.989999999999995},{"$f":"TRUNC(G1524*H1524,2)","v":73.989999999999995}]
["11.1.27","Código","Banco","Descrição","Tipo","Und","Quant.","Valor Unit","Total"]
["Composição",101532,"SINAPI","ENTRADA DE ENERGIA ELÉTRICA, SUBTERRÂNEA, TRIFÁSICA, COM CAIXA DE SOBREPOR, CABO DE 35 MM2 E DISJUNTOR DIN 50A (NÃO INCLUSA MURETA DE ALVENARIA). AF_07/2020_PS","INEL - INSTALAÇÃO ELÉTRICA/ELETRIFICAÇÃO E ILUMINAÇÃO EXTERNA","UN",1,{"$f":"I1526","v":2050.33},{"$f":"SUM(I1527:I1538)","v":2050.33}]
["Composição Auxiliar",97668,"SINAPI","ELETRODUTO FLEXÍVEL CORRUGADO, PEAD, DN 63 (2\"), PARA REDE ENTERRADA DE DISTRIBUIÇÃO DE ENERGIA ELÉTRICA - FORNECIMENTO E INSTALAÇÃO. AF_12/2021","INEL - INSTALAÇÃO ELÉTRICA/ELETRIFICAÇÃO E ILUMINAÇÃO EXTERNA","M",6.3,{"$f":"IF(A1527=\"Composição Auxiliar\",VLOOKUP(B1527,'SINAPI COMPOSIÇÃO'!$A$2:$E$10256,4,FALSE),IF(A1527=\"Insumo\",IF(VLOOKUP(B1527,'SINAPI INSUMOS'!$A$2:$F$4852,5,FALSE)=OR(\"\",0),VLOOKUP(B1527,'SINAPI INSUMOS'!$A$2:$F$4852,6,FALSE),VLOOKUP(B1527,'SINAPI INSUMOS'!$A$2:$F$4852,5,FALSE)),\"VERIFICAR\"))","v":12.3},{"$f":"TRUNC(G1527*H1527,2)","v":77.489999999999995}]
["Composição Auxiliar",92986,"SINAPI","CABO DE COBRE FLEXÍVEL ISOLADO, 35 MM², ANTI-CHAMA 0,6/1,0 KV, PARA REDE ENTERRADA DE DISTRIBUIÇÃO DE ENERGIA ELÉTRICA - FORNECIMENTO E INSTALAÇÃO. AF_12/2021","INEL - INSTALAÇÃO ELÉTRICA/ELETRIFICAÇÃO E ILUMINAÇÃO EXTERNA","M",26.4,{"$f":"IF(A1528=\"Composição Auxiliar\",VLOOKUP(B1528,'SINAPI COMPOSIÇÃO'!$A$2:$E$10256,4,FALSE),IF(A1528=\"Insumo\",IF(VLOOKUP(B1528,'SINAPI INSUMOS'!$A$2:$F$4852,5,FALSE)=OR(\"\",0),VLOOKUP(B1528,'SINAPI INSUMOS'!$A$2:$F$4852,6,FALSE),VLOOKUP(B1528,'SINAPI INSUMOS'!$A$2:$F$4852,5,FALSE)),\"VERIFICAR\"))","v":46.34},1223.3699999999999]
["Composição Auxiliar",96986,"SINAPI","HASTE DE ATERRAMENTO, DIÂMETRO 3/4\", COM 3 METROS - FORNECIMENTO E INSTALAÇÃO. AF_08/2023","INEL - INSTALAÇÃO ELÉTRICA/ELETRIFICAÇÃO E ILUMINAÇÃO EXTERNA","UN",1,{"$f":"IF(A1529=\"Composição Auxiliar\",VLOOKUP(B1529,'SINAPI COMPOSIÇÃO'!$A$2:$E$10256,4,FALSE),IF(A1529=\"Insumo\",IF(VLOOKUP(B1529,'SINAPI INSUMOS'!$A$2:$F$4852,5,FALSE)=OR(\"\",0),VLOOKUP(B1529,'SINAPI INSUMOS'!$A$2:$F$4852,6,FALSE),VLOOKUP(B1529,'SINAPI INSUMOS'!$A$2:$F$4852,5,FALSE)),\"VERIFICAR\"))","v":129.16},129.16]
["Composição Auxiliar",96977,"SINAPI","CORDOALHA DE COBRE NU 50 MM², ENTERRADA - FORNECIMENTO E INSTALAÇÃO. AF_08/2023","INEL - INSTALAÇÃO ELÉTRICA/ELETRIFICAÇÃO E ILUMINAÇÃO EXTERNA","M",1.95,{"$f":"IF(A1530=\"Composição Auxiliar\",VLOOKUP(B1530,'SINAPI COMPOSIÇÃO'!$A$2:$E$10256,4,FALSE),IF(A1530=\"Insumo\",IF(VLOOKUP(B1530,'SINAPI INSUMOS'!$A$2:$F$4852,5,FALSE)=OR(\"\",0),VLOOKUP(B1530,'SINAPI INSUMOS'!$A$2:$F$4852,6,FALSE),VLOOKUP(B1530,'SINAPI INSUMOS'!$A$2:$F$4852,5,FALSE)),\"VERIFICAR\"))","v":70.34},137.16]
["Composição Auxiliar",88247,"SINAPI","AUXILIAR DE ELETRICISTA COM ENCARGOS COMPLEMENTARES","SEDI - SERVIÇOS DIVERSOS","H",0.34839999999999999,{"$f":"IF(A1531=\"Composição Auxiliar\",VLOOKUP(B1531,'SINAPI COMPOSIÇÃO'!$A$2:$E$10256,4,FALSE),IF(A1531=\"Insumo\",IF(VLOOKUP(B1531,'SINAPI INSUMOS'!$A$2:$F$4852,5,FALSE)=OR(\"\",0),VLOOKUP(B1531,'SINAPI INSUMOS'!$A$2:$F$4852,6,FALSE),VLOOKUP(B1531,'SINAPI INSUMOS'!$A$2:$F$4852,5,FALSE)),\"VERIFICAR\"))","v":23.98},8.35]
["Composição Auxiliar",104749,"SINAPI","CONECTOR GRAMPO METÁLICO TIPO OLHAL, PARA SPDA, PARA HASTE DE ATERRAMENTO DE 3/4'' E CABOS DE 10 A 50 MM2 - FORNECIMENTO E INSTALAÇÃO. AF_08/2023","INEL - INSTALAÇÃO ELÉTRICA/ELETRIFICAÇÃO E ILUMINAÇÃO EXTERNA","UN",1,{"$f":"IF(A1532=\"Composição Auxiliar\",VLOOKUP(B1532,'SINAPI COMPOSIÇÃO'!$A$2:$E$10256,4,FALSE),IF(A1532=\"Insumo\",IF(VLOOKUP(B1532,'SINAPI INSUMOS'!$A$2:$F$4852,5,FALSE)=OR(\"\",0),VLOOKUP(B1532,'SINAPI INSUMOS'!$A$2:$F$4852,6,FALSE),VLOOKUP(B1532,'SINAPI INSUMOS'!$A$2:$F$4852,5,FALSE)),\"VERIFICAR\"))","v":20.95},20.95]
["Composição Auxiliar",88264,"SINAPI","ELETRICISTA COM ENCARGOS COMPLEMENTARES","SEDI - SERVIÇOS DIVERSOS","H",1.7418,{"$f":"IF(A1533=\"Composição Auxiliar\",VLOOKUP(B1533,'SINAPI COMPOSIÇÃO'!$A$2:$E$10256,4,FALSE),IF(A1533=\"Insumo\",IF(VLOOKUP(B1533,'SINAPI INSUMOS'!$A$2:$F$4852,5,FALSE)=OR(\"\",0),VLOOKUP(B1533,'SINAPI INSUMOS'!$A$2:$F$4852,6,FALSE),VLOOKUP(B1533,'SINAPI INSUMOS'!$A$2:$F$4852,5,FALSE)),\"VERIFICAR\"))","v":28.06},48.87]
["Composição Auxiliar",91872,"SINAPI","ELETRODUTO RÍGIDO ROSCÁVEL, PVC, DN 32 MM (1\"), PARA CIRCUITOS TERMINAIS, INSTALADO EM PAREDE - FORNECIMENTO E INSTALAÇÃO. AF_03/2023","INEL - INSTALAÇÃO ELÉTRICA/ELETRIFICAÇÃO E ILUMINAÇÃO EXTERNA","M",1.3,{"$f":"IF(A1534=\"Composição Auxiliar\",VLOOKUP(B1534,'SINAPI COMPOSIÇÃO'!$A$2:$E$10256,4,FALSE),IF(A1534=\"Insumo\",IF(VLOOKUP(B1534,'SINAPI INSUMOS'!$A$2:$F$4852,5,FALSE)=OR(\"\",0),VLOOKUP(B1534,'SINAPI INSUMOS'!$A$2:$F$4852,6,FALSE),VLOOKUP(B1534,'SINAPI INSUMOS'!$A$2:$F$4852,5,FALSE)),\"VERIFICAR\"))","v":20.13},26.16]
["Composição Auxiliar",93673,"SINAPI","DISJUNTOR TRIPOLAR TIPO DIN, CORRENTE NOMINAL DE 50A - FORNECIMENTO E INSTALAÇÃO. AF_10/2020","INEL - INSTALAÇÃO ELÉTRICA/ELETRIFICAÇÃO E ILUMINAÇÃO EXTERNA","UN",1,{"$f":"IF(A1535=\"Composição Auxiliar\",VLOOKUP(B1535,'SINAPI COMPOSIÇÃO'!$A$2:$E$10256,4,FALSE),IF(A1535=\"Insumo\",IF(VLOOKUP(B1535,'SINAPI INSUMOS'!$A$2:$F$4852,5,FALSE)=OR(\"\",0),VLOOKUP(B1535,'SINAPI INSUMOS'!$A$2:$F$4852,6,FALSE),VLOOKUP(B1535,'SINAPI INSUMOS'!$A$2:$F$4852,5,FALSE)),\"VERIFICAR\"))","v":98.08},98.08]
["Insumo",39809,"SINAPI","CAIXA PARA MEDIDOR POLIFASICO, EM POLICARBONATO / TERMOPLASTICO, PARA ALOJAR 1 DISJUNTOR (PADRAO DA CONCESSIONARIA LOCAL)","Material","UN",1,{"$f":"IF(A1536=\"Composição Auxiliar\",VLOOKUP(B1536,'SINAPI COMPOSIÇÃO'!$A$2:$E$10256,4,FALSE),IF(A1536=\"Insumo\",IF(VLOOKUP(B1536,'SINAPI INSUMOS'!$A$2:$F$4852,5,FALSE)=OR(\"\",0),VLOOKUP(B1536,'SINAPI INSUMOS'!$A$2:$F$4852,6,FALSE),VLOOKUP(B1536,'SINAPI INSUMOS'!$A$2:$F$4852,5,FALSE)),\"VERIFICAR\"))","v":225.22},225.22]
["Insumo",11950,"SINAPI","BUCHA DE NYLON SEM ABA S6, COM PARAFUSO DE 4,20 X 40 MM EM ACO ZINCADO COM ROSCA SOBERBA, CABECA CHATA E FENDA PHILLIPS","Material","UN",4,{"$f":"IF(A1537=\"Composição Auxiliar\",VLOOKUP(B1537,'SINAPI COMPOSIÇÃO'!$A$2:$E$10256,4,FALSE),IF(A1537=\"Insumo\",IF(VLOOKUP(B1537,'SINAPI INSUMOS'!$A$2:$F$4852,5,FALSE)=OR(\"\",0),VLOOKUP(B1537,'SINAPI INSUMOS'!$A$2:$F$4852,6,FALSE),VLOOKUP(B1537,'SINAPI INSUMOS'!$A$2:$F$4852,5,FALSE)),\"VERIFICAR\"))","v":0.2},0.8]
["Insumo",34643,"SINAPI","CAIXA DE INSPECAO PARA ATERRAMENTO E PARA RAIOS, EM POLIPROPILENO, DIAMETRO = 300 MM X ALTURA = 400 MM","Material","UN",1,{"$f":"IF(A1538=\"Composição Auxiliar\",VLOOKUP(B1538,'SINAPI COMPOSIÇÃO'!$A$2:$E$10256,4,FALSE),IF(A1538=\"Insumo\",IF(VLOOKUP(B1538,'SINAPI INSUMOS'!$A$2:$F$4852,5,FALSE)=OR(\"\",0),VLOOKUP(B1538,'SINAPI INSUMOS'!$A$2:$F$4852,6,FALSE),VLOOKUP(B1538,'SINAPI INSUMOS'!$A$2:$F$4852,5,FALSE)),\"VERIFICAR\"))","v":54.72},54.72]
["11.1.28","Código","Banco","Descrição","Tipo","Und","Quant.","Valor Unit","Total"]
["Composição",93008,"SINAPI","ELETRODUTO RÍGIDO ROSCÁVEL, PVC, DN 50 MM (1 1/2\"), PARA REDE ENTERRADA DE DISTRIBUIÇÃO DE ENERGIA ELÉTRICA - FORNECIMENTO E INSTALAÇÃO. AF_12/2021","INEL - INSTALAÇÃO ELÉTRICA/ELETRIFICAÇÃO E ILUMINAÇÃO EXTERNA","M",1,{"$f":"I1540","v":21.490000000000002},{"$f":"SUM(I1541:I1543)","v":21.490000000000002}]
["Composição Auxiliar",88247,"SINAPI","AUXILIAR DE ELETRICISTA COM ENCARGOS COMPLEMENTARES","SEDI - SERVIÇOS DIVERSOS","H",0.11219999999999999,{"$f":"IF(A1541=\"Composição Auxiliar\",VLOOKUP(B1541,'SINAPI COMPOSIÇÃO'!$A$2:$E$10256,4,FALSE),IF(A1541=\"Insumo\",IF(VLOOKUP(B1541,'SINAPI INSUMOS'!$A$2:$F$4852,5,FALSE)=OR(\"\",0),VLOOKUP(B1541,'SINAPI INSUMOS'!$A$2:$F$4852,6,FALSE),VLOOKUP(B1541,'SINAPI INSUMOS'!$A$2:$F$4852,5,FALSE)),\"VERIFICAR\"))","v":23.98},{"$f":"TRUNC(G1541*H1541,2)","v":2.69}]
["Composição Auxiliar",88264,"SINAPI","ELETRICISTA COM ENCARGOS COMPLEMENTARES","SEDI - SERVIÇOS DIVERSOS","H",0.11219999999999999,{"$f":"IF(A1542=\"Composição Auxiliar\",VLOOKUP(B1542,'SINAPI COMPOSIÇÃO'!$A$2:$E$10256,4,FALSE),IF(A1542=\"Insumo\",IF(VLOOKUP(B1542,'SINAPI INSUMOS'!$A$2:$F$4852,5,FALSE)=OR(\"\",0),VLOOKUP(B1542,'SINAPI INSUMOS'!$A$2:$F$4852,6,FALSE),VLOOKUP(B1542,'SINAPI INSUMOS'!$A$2:$F$4852,5,FALSE)),\"VERIFICAR\"))","v":28.06},{"$f":"TRUNC(G1542*H1542,2)","v":3.14}]
["Insumo",2680,"SINAPI","ELETRODUTO DE PVC RIGIDO ROSCAVEL DE 1 1/2 \", SEM LUVA","Material","M",1.1000000000000001,{"$f":"IF(A1543=\"Composição Auxiliar\",VLOOKUP(B1543,'SINAPI COMPOSIÇÃO'!$A$2:$E$10256,4,FALSE),IF(A1543=\"Insumo\",IF(VLOOKUP(B1543,'SINAPI INSUMOS'!$A$2:$F$4852,5,FALSE)=OR(\"\",0),VLOOKUP(B1543,'SINAPI INSUMOS'!$A$2:$F$4852,6,FALSE),VLOOKUP(B1543,'SINAPI INSUMOS'!$A$2:$F$4852,5,FALSE)),\"VERIFICAR\"))","v":14.24},{"$f":"TRUNC(G1543*H1543,2)","v":15.66}]
["11.1.29","Código","Banco","Descrição","Tipo","Und","Quant.","Valor Unit","Total"]
["Composição",93009,"SINAPI","ELETRODUTO RÍGIDO ROSCÁVEL, PVC, DN 60 MM (2\"), PARA REDE ENTERRADA DE DISTRIBUIÇÃO DE ENERGIA ELÉTRICA - FORNECIMENTO E INSTALAÇÃO. AF_12/2021","INEL - INSTALAÇÃO ELÉTRICA/ELETRIFICAÇÃO E ILUMINAÇÃO EXTERNA","M",1,{"$f":"I1545","v":32.29},{"$f":"SUM(I1546:I1548)","v":32.29}]
["Composição Auxiliar",88264,"SINAPI","ELETRICISTA COM ENCARGOS COMPLEMENTARES","SEDI - SERVIÇOS DIVERSOS","H",0.129,{"$f":"IF(A1546=\"Composição Auxiliar\",VLOOKUP(B1546,'SINAPI COMPOSIÇÃO'!$A$2:$E$10256,4,FALSE),IF(A1546=\"Insumo\",IF(VLOOKUP(B1546,'SINAPI INSUMOS'!$A$2:$F$4852,5,FALSE)=OR(\"\",0),VLOOKUP(B1546,'SINAPI INSUMOS'!$A$2:$F$4852,6,FALSE),VLOOKUP(B1546,'SINAPI INSUMOS'!$A$2:$F$4852,5,FALSE)),\"VERIFICAR\"))","v":28.06},{"$f":"TRUNC(G1546*H1546,2)","v":3.61}]
["Composição Auxiliar",88247,"SINAPI","AUXILIAR DE ELETRICISTA COM ENCARGOS COMPLEMENTARES","SEDI - SERVIÇOS DIVERSOS","H",0.129,{"$f":"IF(A1547=\"Composição Auxiliar\",VLOOKUP(B1547,'SINAPI COMPOSIÇÃO'!$A$2:$E$10256,4,FALSE),IF(A1547=\"Insumo\",IF(VLOOKUP(B1547,'SINAPI INSUMOS'!$A$2:$F$4852,5,FALSE)=OR(\"\",0),VLOOKUP(B1547,'SINAPI INSUMOS'!$A$2:$F$4852,6,FALSE),VLOOKUP(B1547,'SINAPI INSUMOS'!$A$2:$F$4852,5,FALSE)),\"VERIFICAR\"))","v":23.98},{"$f":"TRUNC(G1547*H1547,2)","v":3.09}]
["Insumo",2681,"SINAPI","ELETRODUTO DE PVC RIGIDO ROSCAVEL DE 2 \", SEM LUVA","Material","M",1.1000000000000001,{"$f":"IF(A1548=\"Composição Auxiliar\",VLOOKUP(B1548,'SINAPI COMPOSIÇÃO'!$A$2:$E$10256,4,FALSE),IF(A1548=\"Insumo\",IF(VLOOKUP(B1548,'SINAPI INSUMOS'!$A$2:$F$4852,5,FALSE)=OR(\"\",0),VLOOKUP(B1548,'SINAPI INSUMOS'!$A$2:$F$4852,6,FALSE),VLOOKUP(B1548,'SINAPI INSUMOS'!$A$2:$F$4852,5,FALSE)),\"VERIFICAR\"))","v":23.27},{"$f":"TRUNC(G1548*H1548,2)","v":25.59}]
["11.1.30","Código","Banco","Descrição","Tipo","Und","Quant.","Valor Unit","Total"]
["Composição",93010,"SINAPI","ELETRODUTO RÍGIDO ROSCÁVEL, PVC, DN 75 MM (2 1/2\"), PARA REDE ENTERRADA DE DISTRIBUIÇÃO DE ENERGIA ELÉTRICA - FORNECIMENTO E INSTALAÇÃO. AF_12/2021","INEL - INSTALAÇÃO ELÉTRICA/ELETRIFICAÇÃO E ILUMINAÇÃO EXTERNA","M",1,{"$f":"I1550","v":45.339999999999996},{"$f":"SUM(I1551:I1553)","v":45.339999999999996}]
["Composição Auxiliar",88247,"SINAPI","AUXILIAR DE ELETRICISTA COM ENCARGOS COMPLEMENTARES","SEDI - SERVIÇOS DIVERSOS","H",0.1542,{"$f":"IF(A1551=\"Composição Auxiliar\",VLOOKUP(B1551,'SINAPI COMPOSIÇÃO'!$A$2:$E$10256,4,FALSE),IF(A1551=\"Insumo\",IF(VLOOKUP(B1551,'SINAPI INSUMOS'!$A$2:$F$4852,5,FALSE)=OR(\"\",0),VLOOKUP(B1551,'SINAPI INSUMOS'!$A$2:$F$4852,6,FALSE),VLOOKUP(B1551,'SINAPI INSUMOS'!$A$2:$F$4852,5,FALSE)),\"VERIFICAR\"))","v":23.98},{"$f":"TRUNC(G1551*H1551,2)","v":3.69}]
["Composição Auxiliar",88264,"SINAPI","ELETRICISTA COM ENCARGOS COMPLEMENTARES","SEDI - SERVIÇOS DIVERSOS","H",0.1542,{"$f":"IF(A1552=\"Composição Auxiliar\",VLOOKUP(B1552,'SINAPI COMPOSIÇÃO'!$A$2:$E$10256,4,FALSE),IF(A1552=\"Insumo\",IF(VLOOKUP(B1552,'SINAPI INSUMOS'!$A$2:$F$4852,5,FALSE)=OR(\"\",0),VLOOKUP(B1552,'SINAPI INSUMOS'!$A$2:$F$4852,6,FALSE),VLOOKUP(B1552,'SINAPI INSUMOS'!$A$2:$F$4852,5,FALSE)),\"VERIFICAR\"))","v":28.06},{"$f":"TRUNC(G1552*H1552,2)","v":4.32}]
["Insumo",2682,"SINAPI","ELETRODUTO DE PVC RIGIDO ROSCAVEL DE 2 1/2 \", SEM LUVA","Material","M",1.1000000000000001,{"$f":"IF(A1553=\"Composição Auxiliar\",VLOOKUP(B1553,'SINAPI COMPOSIÇÃO'!$A$2:$E$10256,4,FALSE),IF(A1553=\"Insumo\",IF(VLOOKUP(B1553,'SINAPI INSUMOS'!$A$2:$F$4852,5,FALSE)=OR(\"\",0),VLOOKUP(B1553,'SINAPI INSUMOS'!$A$2:$F$4852,6,FALSE),VLOOKUP(B1553,'SINAPI INSUMOS'!$A$2:$F$4852,5,FALSE)),\"VERIFICAR\"))","v":33.94},{"$f":"TRUNC(G1553*H1553,2)","v":37.33}]
["11.1.31","Código","Banco","Descrição","Tipo","Und","Quant.","Valor Unit","Total"]
["Composição",97607,"SINAPI","LUMINÁRIA ARANDELA TIPO TARTARUGA, DE SOBREPOR, COM 1 LÂMPADA LED DE 6 W, SEM REATOR - FORNECIMENTO E INSTALAÇÃO. AF_09/2024","INEL - INSTALAÇÃO ELÉTRICA/ELETRIFICAÇÃO E ILUMINAÇÃO EXTERNA","UN",1,{"$f":"I1555","v":92.45},{"$f":"SUM(I1556:I1559)","v":92.45}]
["Composição Auxiliar",88264,"SINAPI","ELETRICISTA COM ENCARGOS COMPLEMENTARES","SEDI - SERVIÇOS DIVERSOS","H",0.5766,{"$f":"IF(A1556=\"Composição Auxiliar\",VLOOKUP(B1556,'SINAPI COMPOSIÇÃO'!$A$2:$E$10256,4,FALSE),IF(A1556=\"Insumo\",IF(VLOOKUP(B1556,'SINAPI INSUMOS'!$A$2:$F$4852,5,FALSE)=OR(\"\",0),VLOOKUP(B1556,'SINAPI INSUMOS'!$A$2:$F$4852,6,FALSE),VLOOKUP(B1556,'SINAPI INSUMOS'!$A$2:$F$4852,5,FALSE)),\"VERIFICAR\"))","v":28.06},{"$f":"TRUNC(G1556*H1556,2)","v":16.170000000000002}]
["Composição Auxiliar",88247,"SINAPI","AUXILIAR DE ELETRICISTA COM ENCARGOS COMPLEMENTARES","SEDI - SERVIÇOS DIVERSOS","H",0.1801875,{"$f":"IF(A1557=\"Composição Auxiliar\",VLOOKUP(B1557,'SINAPI COMPOSIÇÃO'!$A$2:$E$10256,4,FALSE),IF(A1557=\"Insumo\",IF(VLOOKUP(B1557,'SINAPI INSUMOS'!$A$2:$F$4852,5,FALSE)=OR(\"\",0),VLOOKUP(B1557,'SINAPI INSUMOS'!$A$2:$F$4852,6,FALSE),VLOOKUP(B1557,'SINAPI INSUMOS'!$A$2:$F$4852,5,FALSE)),\"VERIFICAR\"))","v":23.98},{"$f":"TRUNC(G1557*H1557,2)","v":4.32}]
["Insumo",38193,"SINAPI","LAMPADA LED 6 W BIVOLT BRANCA, FORMATO TRADICIONAL (BASE E27)","Material","UN",1,{"$f":"IF(A1558=\"Composição Auxiliar\",VLOOKUP(B1558,'SINAPI COMPOSIÇÃO'!$A$2:$E$10256,4,FALSE),IF(A1558=\"Insumo\",IF(VLOOKUP(B1558,'SINAPI INSUMOS'!$A$2:$F$4852,5,FALSE)=OR(\"\",0),VLOOKUP(B1558,'SINAPI INSUMOS'!$A$2:$F$4852,6,FALSE),VLOOKUP(B1558,'SINAPI INSUMOS'!$A$2:$F$4852,5,FALSE)),\"VERIFICAR\"))","v":5.21},{"$f":"TRUNC(G1558*H1558,2)","v":5.21}]
["Insumo",38775,"SINAPI","LUMINARIA TIPO TARTARUGA PARA AREA EXTERNA EM ALUMINIO, COM GRADE, PARA 1 LAMPADA, BASE E27, POTENCIA MAXIMA 40/60 W (NAO INCLUI LAMPADA)","Material","UN",1,{"$f":"IF(A1559=\"Composição Auxiliar\",VLOOKUP(B1559,'SINAPI COMPOSIÇÃO'!$A$2:$E$10256,4,FALSE),IF(A1559=\"Insumo\",IF(VLOOKUP(B1559,'SINAPI INSUMOS'!$A$2:$F$4852,5,FALSE)=OR(\"\",0),VLOOKUP(B1559,'SINAPI INSUMOS'!$A$2:$F$4852,6,FALSE),VLOOKUP(B1559,'SINAPI INSUMOS'!$A$2:$F$4852,5,FALSE)),\"VERIFICAR\"))","v":66.75},{"$f":"TRUNC(G1559*H1559,2)","v":66.75}]
["11.1.32","Código","Banco","Descrição","Tipo","Und","Quant.","Valor Unit","Total"]
["Composição",100619,"SINAPI","POSTE DECORATIVO PARA JARDIM EM AÇO TUBULAR, H = *2,5* M, SEM LUMINÁRIA - FORNECIMENTO E INSTALAÇÃO. AF_11/2019","INEL - INSTALAÇÃO ELÉTRICA/ELETRIFICAÇÃO E ILUMINAÇÃO EXTERNA","UN",1,{"$f":"I1561","v":633.16999999999996},{"$f":"SUM(I1562:I1566)","v":633.16999999999996}]
["Composição Auxiliar",88247,"SINAPI","AUXILIAR DE ELETRICISTA COM ENCARGOS COMPLEMENTARES","SEDI - SERVIÇOS DIVERSOS","H",0.87754549999999998,{"$f":"IF(A1562=\"Composição Auxiliar\",VLOOKUP(B1562,'SINAPI COMPOSIÇÃO'!$A$2:$E$10256,4,FALSE),IF(A1562=\"Insumo\",IF(VLOOKUP(B1562,'SINAPI INSUMOS'!$A$2:$F$4852,5,FALSE)=OR(\"\",0),VLOOKUP(B1562,'SINAPI INSUMOS'!$A$2:$F$4852,6,FALSE),VLOOKUP(B1562,'SINAPI INSUMOS'!$A$2:$F$4852,5,FALSE)),\"VERIFICAR\"))","v":23.98},{"$f":"TRUNC(G1562*H1562,2)","v":21.04}]
["Composição Auxiliar",88264,"SINAPI","ELETRICISTA COM ENCARGOS COMPLEMENTARES","SEDI - SERVIÇOS DIVERSOS","H",3.9489545000000001,{"$f":"IF(A1563=\"Composição Auxiliar\",VLOOKUP(B1563,'SINAPI COMPOSIÇÃO'!$A$2:$E$10256,4,FALSE),IF(A1563=\"Insumo\",IF(VLOOKUP(B1563,'SINAPI INSUMOS'!$A$2:$F$4852,5,FALSE)=OR(\"\",0),VLOOKUP(B1563,'SINAPI INSUMOS'!$A$2:$F$4852,6,FALSE),VLOOKUP(B1563,'SINAPI INSUMOS'!$A$2:$F$4852,5,FALSE)),\"VERIFICAR\"))","v":28.06},{"$f":"TRUNC(G1563*H1563,2)","v":110.8}]
["Insumo",12388,"SINAPI","POSTE DECORATIVO PARA JARDIM EM ACO TUBULAR, SEM LUMINARIA, H = *2,5* M","Material","UN",1,{"$f":"IF(A1564=\"Composição Auxiliar\",VLOOKUP(B1564,'SINAPI COMPOSIÇÃO'!$A$2:$E$10256,4,FALSE),IF(A1564=\"Insumo\",IF(VLOOKUP(B1564,'SINAPI INSUMOS'!$A$2:$F$4852,5,FALSE)=OR(\"\",0),VLOOKUP(B1564,'SINAPI INSUMOS'!$A$2:$F$4852,6,FALSE),VLOOKUP(B1564,'SINAPI INSUMOS'!$A$2:$F$4852,5,FALSE)),\"VERIFICAR\"))","v":283.58999999999997},{"$f":"TRUNC(G1564*H1564,2)","v":283.58999999999997}]
["Insumo",11975,"SINAPI","CHUMBADOR DE ACO ZINCADO, DIAMETRO 5/8\", COMPRIMENTO 6\", COM PORCA","Material","UN",4,{"$f":"IF(A1565=\"Composição Auxiliar\",VLOOKUP(B1565,'SINAPI COMPOSIÇÃO'!$A$2:$E$10256,4,FALSE),IF(A1565=\"Insumo\",IF(VLOOKUP(B1565,'SINAPI INSUMOS'!$A$2:$F$4852,5,FALSE)=OR(\"\",0),VLOOKUP(B1565,'SINAPI INSUMOS'!$A$2:$F$4852,6,FALSE),VLOOKUP(B1565,'SINAPI INSUMOS'!$A$2:$F$4852,5,FALSE)),\"VERIFICAR\"))","v":31.49},{"$f":"TRUNC(G1565*H1565,2)","v":125.96}]
["Insumo",863,"SINAPI","CABO DE COBRE NU 35 MM2 MEIO-DURO","Material","M",2,{"$f":"IF(A1566=\"Composição Auxiliar\",VLOOKUP(B1566,'SINAPI COMPOSIÇÃO'!$A$2:$E$10256,4,FALSE),IF(A1566=\"Insumo\",IF(VLOOKUP(B1566,'SINAPI INSUMOS'!$A$2:$F$4852,5,FALSE)=OR(\"\",0),VLOOKUP(B1566,'SINAPI INSUMOS'!$A$2:$F$4852,6,FALSE),VLOOKUP(B1566,'SINAPI INSUMOS'!$A$2:$F$4852,5,FALSE)),\"VERIFICAR\"))","v":45.89},{"$f":"TRUNC(G1566*H1566,2)","v":91.78}]
["11.1.33","Código","Banco","Descrição","Tipo","Und","Quant.","Valor Unit","Total"]
["Composição",101654,"SINAPI","LUMINÁRIA DE LED PARA ILUMINAÇÃO PÚBLICA, DE 33 W ATÉ 50 W - FORNECIMENTO E INSTALAÇÃO. AF_08/2020","INEL - INSTALAÇÃO ELÉTRICA/ELETRIFICAÇÃO E ILUMINAÇÃO EXTERNA","UN",1,{"$f":"I1568","v":227.79000000000002},{"$f":"SUM(I1569:I1574)","v":227.79000000000002}]
["Composição Auxiliar",88247,"SINAPI","AUXILIAR DE ELETRICISTA COM ENCARGOS COMPLEMENTARES","Livro SINAPI: Cálculos e Parâmetros","H",0.2064,{"$f":"IF(A1569=\"Composição Auxiliar\",VLOOKUP(B1569,'SINAPI COMPOSIÇÃO'!$A$2:$E$10256,4,FALSE),IF(A1569=\"Insumo\",IF(VLOOKUP(B1569,'SINAPI INSUMOS'!$A$2:$F$4852,5,FALSE)=OR(\"\",0),VLOOKUP(B1569,'SINAPI INSUMOS'!$A$2:$F$4852,6,FALSE),VLOOKUP(B1569,'SINAPI INSUMOS'!$A$2:$F$4852,5,FALSE)),\"VERIFICAR\"))","v":23.98},{"$f":"TRUNC(G1569*H1569,2)","v":4.9400000000000004}]
["Composição Auxiliar",88264,"SINAPI","ELETRICISTA COM ENCARGOS COMPLEMENTARES","Livro SINAPI: Cálculos e Parâmetros","H",0.2064,{"$f":"IF(A1570=\"Composição Auxiliar\",VLOOKUP(B1570,'SINAPI COMPOSIÇÃO'!$A$2:$E$10256,4,FALSE),IF(A1570=\"Insumo\",IF(VLOOKUP(B1570,'SINAPI INSUMOS'!$A$2:$F$4852,5,FALSE)=OR(\"\",0),VLOOKUP(B1570,'SINAPI INSUMOS'!$A$2:$F$4852,6,FALSE),VLOOKUP(B1570,'SINAPI INSUMOS'!$A$2:$F$4852,5,FALSE)),\"VERIFICAR\"))","v":28.06},5.79]
["Composição Auxiliar",5930,"SINAPI","GUINDAUTO HIDRÁULICO, CAPACIDADE MÁXIMA DE CARGA 6200 KG, MOMENTO MÁXIMO DE CARGA 11,7 TM, ALCANCE MÁXIMO HORIZONTAL 9,70 M, INCLUSIVE CAMINHÃO TOCO PBT 16.000 KG, POTÊNCIA DE 189 CV - CHI DIURNO. AF_06/2014","Custos Horários Produtivo e Improdutivo dos Equipamentos","CHI",5.1701400000000002E-2,{"$f":"IF(A1571=\"Composição Auxiliar\",VLOOKUP(B1571,'SINAPI COMPOSIÇÃO'!$A$2:$E$10256,4,FALSE),IF(A1571=\"Insumo\",IF(VLOOKUP(B1571,'SINAPI INSUMOS'!$A$2:$F$4852,5,FALSE)=OR(\"\",0),VLOOKUP(B1571,'SINAPI INSUMOS'!$A$2:$F$4852,6,FALSE),VLOOKUP(B1571,'SINAPI INSUMOS'!$A$2:$F$4852,5,FALSE)),\"VERIFICAR\"))","v":71.78},3.71]
["Composição Auxiliar",5928,"SINAPI","GUINDAUTO HIDRÁULICO, CAPACIDADE MÁXIMA DE CARGA 6200 KG, MOMENTO MÁXIMO DE CARGA 11,7 TM, ALCANCE MÁXIMO HORIZONTAL 9,70 M, INCLUSIVE CAMINHÃO TOCO PBT 16.000 KG, POTÊNCIA DE 189 CV - CHP DIURNO. AF_06/2014","Custos Horários Produtivo e Improdutivo dos Equipamentos","CHP",0.20160710000000001,{"$f":"IF(A1572=\"Composição Auxiliar\",VLOOKUP(B1572,'SINAPI COMPOSIÇÃO'!$A$2:$E$10256,4,FALSE),IF(A1572=\"Insumo\",IF(VLOOKUP(B1572,'SINAPI INSUMOS'!$A$2:$F$4852,5,FALSE)=OR(\"\",0),VLOOKUP(B1572,'SINAPI INSUMOS'!$A$2:$F$4852,6,FALSE),VLOOKUP(B1572,'SINAPI INSUMOS'!$A$2:$F$4852,5,FALSE)),\"VERIFICAR\"))","v":290.97000000000003},58.66]
["Insumo",21127,"SINAPI","FITA ISOLANTE ADESIVA ANTICHAMA, USO ATE 750 V, EM ROLO DE 19 MM X 5 M","Material","UN",1.4E-2,{"$f":"IF(A1573=\"Composição Auxiliar\",VLOOKUP(B1573,'SINAPI COMPOSIÇÃO'!$A$2:$E$10256,4,FALSE),IF(A1573=\"Insumo\",IF(VLOOKUP(B1573,'SINAPI INSUMOS'!$A$2:$F$4852,5,FALSE)=OR(\"\",0),VLOOKUP(B1573,'SINAPI INSUMOS'!$A$2:$F$4852,6,FALSE),VLOOKUP(B1573,'SINAPI INSUMOS'!$A$2:$F$4852,5,FALSE)),\"VERIFICAR\"))","v":6.11},0.08]
["Insumo",42244,"SINAPI","LUMINARIA DE LED PARA ILUMINACAO PUBLICA, DE 33 W ATE 50 W, INVOLUCRO EM ALUMINIO OU ACO INOX","Material","UN",1,{"$f":"IF(A1574=\"Composição Auxiliar\",VLOOKUP(B1574,'SINAPI COMPOSIÇÃO'!$A$2:$E$10256,4,FALSE),IF(A1574=\"Insumo\",IF(VLOOKUP(B1574,'SINAPI INSUMOS'!$A$2:$F$4852,5,FALSE)=OR(\"\",0),VLOOKUP(B1574,'SINAPI INSUMOS'!$A$2:$F$4852,6,FALSE),VLOOKUP(B1574,'SINAPI INSUMOS'!$A$2:$F$4852,5,FALSE)),\"VERIFICAR\"))","v":154.61000000000001},154.61000000000001]
["11.1.34","Código","Banco","Descrição","Tipo","Und","Quant.","Valor Unit","Total"]
["Composição",97891,"SINAPI","CAIXA ENTERRADA ELÉTRICA RETANGULAR, EM ALVENARIA COM BLOCOS DE CONCRETO, FUNDO COM BRITA, DIMENSÕES INTERNAS: 0,4X0,4X0,4 M. AF_12/2020","INEL - INSTALAÇÃO ELÉTRICA/ELETRIFICAÇÃO E ILUMINAÇÃO EXTERNA","UN",1,{"$f":"I1576","v":233.78000000000003},{"$f":"SUM(I1577:I1583)","v":233.78000000000003}]
["Composição Auxiliar",88316,"SINAPI","SERVENTE COM ENCARGOS COMPLEMENTARES","SEDI - SERVIÇOS DIVERSOS","H",1.0813999999999999,{"$f":"IF(A1577=\"Composição Auxiliar\",VLOOKUP(B1577,'SINAPI COMPOSIÇÃO'!$A$2:$E$10256,4,FALSE),IF(A1577=\"Insumo\",IF(VLOOKUP(B1577,'SINAPI INSUMOS'!$A$2:$F$4852,5,FALSE)=OR(\"\",0),VLOOKUP(B1577,'SINAPI INSUMOS'!$A$2:$F$4852,6,FALSE),VLOOKUP(B1577,'SINAPI INSUMOS'!$A$2:$F$4852,5,FALSE)),\"VERIFICAR\"))","v":21.32},{"$f":"TRUNC(G1577*H1577,2)","v":23.05}]
["Composição Auxiliar",100475,"SINAPI","ARGAMASSA TRAÇO 1:3 (EM VOLUME DE CIMENTO E AREIA MÉDIA ÚMIDA) COM ADIÇÃO DE IMPERMEABILIZANTE, PREPARO MECÂNICO COM BETONEIRA 400 L. AF_08/2019","SEDI - SERVIÇOS DIVERSOS","m³",2.6100000000000002E-2,{"$f":"IF(A1578=\"Composição Auxiliar\",VLOOKUP(B1578,'SINAPI COMPOSIÇÃO'!$A$2:$E$10256,4,FALSE),IF(A1578=\"Insumo\",IF(VLOOKUP(B1578,'SINAPI INSUMOS'!$A$2:$F$4852,5,FALSE)=OR(\"\",0),VLOOKUP(B1578,'SINAPI INSUMOS'!$A$2:$F$4852,6,FALSE),VLOOKUP(B1578,'SINAPI INSUMOS'!$A$2:$F$4852,5,FALSE)),\"VERIFICAR\"))","v":948.11},24.74]
["Composição Auxiliar",87316,"SINAPI","ARGAMASSA TRAÇO 1:4 (EM VOLUME DE CIMENTO E AREIA GROSSA ÚMIDA) PARA CHAPISCO CONVENCIONAL, PREPARO MECÂNICO COM BETONEIRA 400 L. AF_08/2019","SEDI - SERVIÇOS DIVERSOS","m³",6.4000000000000003E-3,{"$f":"IF(A1579=\"Composição Auxiliar\",VLOOKUP(B1579,'SINAPI COMPOSIÇÃO'!$A$2:$E$10256,4,FALSE),IF(A1579=\"Insumo\",IF(VLOOKUP(B1579,'SINAPI INSUMOS'!$A$2:$F$4852,5,FALSE)=OR(\"\",0),VLOOKUP(B1579,'SINAPI INSUMOS'!$A$2:$F$4852,6,FALSE),VLOOKUP(B1579,'SINAPI INSUMOS'!$A$2:$F$4852,5,FALSE)),\"VERIFICAR\"))","v":641.82000000000005},4.0999999999999996]
["Composição Auxiliar",101619,"SINAPI","PREPARO DE FUNDO DE VALA COM LARGURA MENOR QUE 1,5 M, COM CAMADA DE BRITA, LANÇAMENTO MANUAL. AF_08/2020","MOVT - MOVIMENTO DE TERRA","m³",4.9000000000000002E-2,{"$f":"IF(A1580=\"Composição Auxiliar\",VLOOKUP(B1580,'SINAPI COMPOSIÇÃO'!$A$2:$E$10256,4,FALSE),IF(A1580=\"Insumo\",IF(VLOOKUP(B1580,'SINAPI INSUMOS'!$A$2:$F$4852,5,FALSE)=OR(\"\",0),VLOOKUP(B1580,'SINAPI INSUMOS'!$A$2:$F$4852,6,FALSE),VLOOKUP(B1580,'SINAPI INSUMOS'!$A$2:$F$4852,5,FALSE)),\"VERIFICAR\"))","v":515.71},25.26]
["Composição Auxiliar",88309,"SINAPI","PEDREIRO COM ENCARGOS COMPLEMENTARES","SEDI - SERVIÇOS DIVERSOS","H",1.3764000000000001,{"$f":"IF(A1581=\"Composição Auxiliar\",VLOOKUP(B1581,'SINAPI COMPOSIÇÃO'!$A$2:$E$10256,4,FALSE),IF(A1581=\"Insumo\",IF(VLOOKUP(B1581,'SINAPI INSUMOS'!$A$2:$F$4852,5,FALSE)=OR(\"\",0),VLOOKUP(B1581,'SINAPI INSUMOS'!$A$2:$F$4852,6,FALSE),VLOOKUP(B1581,'SINAPI INSUMOS'!$A$2:$F$4852,5,FALSE)),\"VERIFICAR\"))","v":27.58},37.96]
["Composição Auxiliar",97734,"SINAPI","PEÇA RETANGULAR PRÉ-MOLDADA, VOLUME DE CONCRETO DE 10 A 30 LITROS, TAXA DE AÇO APROXIMADA DE 30KG/M³. AF_03/2024","FUES - FUNDAÇÕES E ESTRUTURAS","m³",2.52E-2,{"$f":"IF(A1582=\"Composição Auxiliar\",VLOOKUP(B1582,'SINAPI COMPOSIÇÃO'!$A$2:$E$10256,4,FALSE),IF(A1582=\"Insumo\",IF(VLOOKUP(B1582,'SINAPI INSUMOS'!$A$2:$F$4852,5,FALSE)=OR(\"\",0),VLOOKUP(B1582,'SINAPI INSUMOS'!$A$2:$F$4852,6,FALSE),VLOOKUP(B1582,'SINAPI INSUMOS'!$A$2:$F$4852,5,FALSE)),\"VERIFICAR\"))","v":3315.48},83.55]
["Insumo",650,"SINAPI","BLOCO DE VEDACAO DE CONCRETO, 9 X 19 X 39 CM (CLASSE C - NBR 6136)","Material","UN",10.036099999999999,{"$f":"IF(A1583=\"Composição Auxiliar\",VLOOKUP(B1583,'SINAPI COMPOSIÇÃO'!$A$2:$E$10256,4,FALSE),IF(A1583=\"Insumo\",IF(VLOOKUP(B1583,'SINAPI INSUMOS'!$A$2:$F$4852,5,FALSE)=OR(\"\",0),VLOOKUP(B1583,'SINAPI INSUMOS'!$A$2:$F$4852,6,FALSE),VLOOKUP(B1583,'SINAPI INSUMOS'!$A$2:$F$4852,5,FALSE)),\"VERIFICAR\"))","v":3.5},35.119999999999997]
["11.1.35","Código","Banco","Descrição","Tipo","Und","Quant.","Valor Unit","Total"]
["Composição",91836,"SINAPI","ELETRODUTO FLEXÍVEL CORRUGADO, PVC, DN 32 MM (1\"), PARA CIRCUITOS TERMINAIS, INSTALADO EM FORRO - FORNECIMENTO E INSTALAÇÃO. AF_03/2023_PA","INEL - INSTALAÇÃO ELÉTRICA/ELETRIFICAÇÃO E ILUMINAÇÃO EXTERNA","M",1,{"$f":"I1585","v":22.96},{"$f":"SUM(I1586:I1589)","v":22.96}]
["Composição Auxiliar",88247,"SINAPI","AUXILIAR DE ELETRICISTA COM ENCARGOS COMPLEMENTARES","SEDI - SERVIÇOS DIVERSOS","H",0.105,{"$f":"IF(A1586=\"Composição Auxiliar\",VLOOKUP(B1586,'SINAPI COMPOSIÇÃO'!$A$2:$E$10256,4,FALSE),IF(A1586=\"Insumo\",IF(VLOOKUP(B1586,'SINAPI INSUMOS'!$A$2:$F$4852,5,FALSE)=OR(\"\",0),VLOOKUP(B1586,'SINAPI INSUMOS'!$A$2:$F$4852,6,FALSE),VLOOKUP(B1586,'SINAPI INSUMOS'!$A$2:$F$4852,5,FALSE)),\"VERIFICAR\"))","v":23.98},{"$f":"TRUNC(G1586*H1586,2)","v":2.5099999999999998}]
["Composição Auxiliar",91170,"SINAPI","FIXAÇÃO DE TUBOS HORIZONTAIS DE PVC ÁGUA, PVC ESGOTO, PVC ÁGUA PLUVIAL, CPVC, PPR, COBRE OU AÇO, DIÂMETROS MENORES OU IGUAIS A 40 MM, COM ABRAÇADEIRA METÁLICA RÍGIDA TIPO U PERFIL 1 1/4\", FIXADA EM PERFILADO EM LAJE. AF_09/2023_PS","INHI - INSTALAÇÕES HIDROS SANITÁRIAS","M",1,{"$f":"IF(A1587=\"Composição Auxiliar\",VLOOKUP(B1587,'SINAPI COMPOSIÇÃO'!$A$2:$E$10256,4,FALSE),IF(A1587=\"Insumo\",IF(VLOOKUP(B1587,'SINAPI INSUMOS'!$A$2:$F$4852,5,FALSE)=OR(\"\",0),VLOOKUP(B1587,'SINAPI INSUMOS'!$A$2:$F$4852,6,FALSE),VLOOKUP(B1587,'SINAPI INSUMOS'!$A$2:$F$4852,5,FALSE)),\"VERIFICAR\"))","v":11.35},{"$f":"TRUNC(G1587*H1587,2)","v":11.35}]
["Composição Auxiliar",88264,"SINAPI","ELETRICISTA COM ENCARGOS COMPLEMENTARES","SEDI - SERVIÇOS DIVERSOS","H",0.105,{"$f":"IF(A1588=\"Composição Auxiliar\",VLOOKUP(B1588,'SINAPI COMPOSIÇÃO'!$A$2:$E$10256,4,FALSE),IF(A1588=\"Insumo\",IF(VLOOKUP(B1588,'SINAPI INSUMOS'!$A$2:$F$4852,5,FALSE)=OR(\"\",0),VLOOKUP(B1588,'SINAPI INSUMOS'!$A$2:$F$4852,6,FALSE),VLOOKUP(B1588,'SINAPI INSUMOS'!$A$2:$F$4852,5,FALSE)),\"VERIFICAR\"))","v":28.06},{"$f":"TRUNC(G1588*H1588,2)","v":2.94}]
["Insumo",2690,"SINAPI","ELETRODUTO PVC FLEXIVEL CORRUGADO, COR AMARELA, DE 32 MM","Material","M",1.1000000000000001,{"$f":"IF(A1589=\"Composição Auxiliar\",VLOOKUP(B1589,'SINAPI COMPOSIÇÃO'!$A$2:$E$10256,4,FALSE),IF(A1589=\"Insumo\",IF(VLOOKUP(B1589,'SINAPI INSUMOS'!$A$2:$F$4852,5,FALSE)=OR(\"\",0),VLOOKUP(B1589,'SINAPI INSUMOS'!$A$2:$F$4852,6,FALSE),VLOOKUP(B1589,'SINAPI INSUMOS'!$A$2:$F$4852,5,FALSE)),\"VERIFICAR\"))","v":5.6},{"$f":"TRUNC(G1589*H1589,2)","v":6.16}]
["11.1.36","Código","Banco","Descrição","Tipo","Und","Quant.","Valor Unit","Total"]
["Composição",91940,"SINAPI","CAIXA RETANGULAR 4\" X 2\" MÉDIA (1,30 M DO PISO), PVC, INSTALADA EM PAREDE - FORNECIMENTO E INSTALAÇÃO. AF_03/2023","INEL - INSTALAÇÃO ELÉTRICA/ELETRIFICAÇÃO E ILUMINAÇÃO EXTERNA","UN",1,{"$f":"I1591","v":19.3},{"$f":"SUM(I1592:I1595)","v":19.3}]
["Composição Auxiliar",88247,"SINAPI","AUXILIAR DE ELETRICISTA COM ENCARGOS COMPLEMENTARES","SEDI - SERVIÇOS DIVERSOS","H",0.29099999999999998,{"$f":"IF(A1592=\"Composição Auxiliar\",VLOOKUP(B1592,'SINAPI COMPOSIÇÃO'!$A$2:$E$10256,4,FALSE),IF(A1592=\"Insumo\",IF(VLOOKUP(B1592,'SINAPI INSUMOS'!$A$2:$F$4852,5,FALSE)=OR(\"\",0),VLOOKUP(B1592,'SINAPI INSUMOS'!$A$2:$F$4852,6,FALSE),VLOOKUP(B1592,'SINAPI INSUMOS'!$A$2:$F$4852,5,FALSE)),\"VERIFICAR\"))","v":23.98},{"$f":"TRUNC(G1592*H1592,2)","v":6.97}]
["Composição Auxiliar",88264,"SINAPI","ELETRICISTA COM ENCARGOS COMPLEMENTARES","SEDI - SERVIÇOS DIVERSOS","H",0.29099999999999998,{"$f":"IF(A1593=\"Composição Auxiliar\",VLOOKUP(B1593,'SINAPI COMPOSIÇÃO'!$A$2:$E$10256,4,FALSE),IF(A1593=\"Insumo\",IF(VLOOKUP(B1593,'SINAPI INSUMOS'!$A$2:$F$4852,5,FALSE)=OR(\"\",0),VLOOKUP(B1593,'SINAPI INSUMOS'!$A$2:$F$4852,6,FALSE),VLOOKUP(B1593,'SINAPI INSUMOS'!$A$2:$F$4852,5,FALSE)),\"VERIFICAR\"))","v":28.06},{"$f":"TRUNC(G1593*H1593,2)","v":8.16}]
["Composição Auxiliar",88629,"SINAPI","ARGAMASSA TRAÇO 1:3 (EM VOLUME DE CIMENTO E AREIA MÉDIA ÚMIDA), PREPARO MANUAL. AF_08/2019","SEDI - SERVIÇOS DIVERSOS","m³",8.9999999999999998E-4,{"$f":"IF(A1594=\"Composição Auxiliar\",VLOOKUP(B1594,'SINAPI COMPOSIÇÃO'!$A$2:$E$10256,4,FALSE),IF(A1594=\"Insumo\",IF(VLOOKUP(B1594,'SINAPI INSUMOS'!$A$2:$F$4852,5,FALSE)=OR(\"\",0),VLOOKUP(B1594,'SINAPI INSUMOS'!$A$2:$F$4852,6,FALSE),VLOOKUP(B1594,'SINAPI INSUMOS'!$A$2:$F$4852,5,FALSE)),\"VERIFICAR\"))","v":893.78},{"$f":"TRUNC(G1594*H1594,2)","v":0.8}]
["Insumo",1872,"SINAPI","CAIXA DE PASSAGEM, EM PVC, DE 4\" X 2\", PARA ELETRODUTO FLEXIVEL CORRUGADO","Material","UN",1,{"$f":"IF(A1595=\"Composição Auxiliar\",VLOOKUP(B1595,'SINAPI COMPOSIÇÃO'!$A$2:$E$10256,4,FALSE),IF(A1595=\"Insumo\",IF(VLOOKUP(B1595,'SINAPI INSUMOS'!$A$2:$F$4852,5,FALSE)=OR(\"\",0),VLOOKUP(B1595,'SINAPI INSUMOS'!$A$2:$F$4852,6,FALSE),VLOOKUP(B1595,'SINAPI INSUMOS'!$A$2:$F$4852,5,FALSE)),\"VERIFICAR\"))","v":3.37},{"$f":"TRUNC(G1595*H1595,2)","v":3.37}]
["11.1.37","Código","Banco","Descrição","Tipo","Und","Quant.","Valor Unit","Total"]
["Composição","COMP. SEDE  24","Próprio","PONTO DE EMBUTIR SECO, PARA UMA (1) PLACA CEGA 4\"X4\", COM ELETRODUTO FLEXÍVEL CORRUGADO, ANTI-CHAMA, DN 25MM (3/4\"), EMBUTIDO NA ALVENARIA E SONDA EM ARAME GALVANIZADO, DIÂMETRO DE 1,24MM (BWG 18), COM DISTÂNCIA DE ATÉ DEZ (10) METROS DO PONTO DE DERIVAÇÃO, INCLUSIVE CAIXA DE LIGAÇÃO, SUPORTE E FIXAÇÃO DO ELETRODUTO COM ENCHIMENTO DO RASGO NA ALVENARIA/CONCRETO COM ARGAMASSA","INEL - INSTALAÇÃO ELÉTRICA/ELETRIFICAÇÃO E ILUMINAÇÃO EXTERNA","UN",1,{"$f":"I1597","v":57.730000000000004},{"$f":"SUM(I1598:I1602)","v":57.730000000000004}]
["Composição Auxiliar",91943,"SINAPI","CAIXA RETANGULAR 4\" X 4\" MÉDIA (1,30 M DO PISO), PVC, INSTALADA EM PAREDE - FORNECIMENTO E INSTALAÇÃO. AF_03/2023","INEL - INSTALAÇÃO ELÉTRICA/ELETRIFICAÇÃO E ILUMINAÇÃO EXTERNA","UN",1,{"$f":"IF(A1598=\"Composição Auxiliar\",VLOOKUP(B1598,'SINAPI COMPOSIÇÃO'!$A$2:$E$10256,4,FALSE),IF(A1598=\"Insumo\",IF(VLOOKUP(B1598,'SINAPI INSUMOS'!$A$2:$F$4852,5,FALSE)=OR(\"\",0),VLOOKUP(B1598,'SINAPI INSUMOS'!$A$2:$F$4852,6,FALSE),VLOOKUP(B1598,'SINAPI INSUMOS'!$A$2:$F$4852,5,FALSE)),\"VERIFICAR\"))","v":23.41},{"$f":"TRUNC(G1598*H1598,2)","v":23.41}]
["Composição Auxiliar",88247,"SINAPI","AUXILIAR DE ELETRICISTA COM ENCARGOS COMPLEMENTARES","SEDI - SERVIÇOS DIVERSOS","H",2.7199999999999998E-2,{"$f":"IF(A1599=\"Composição Auxiliar\",VLOOKUP(B1599,'SINAPI COMPOSIÇÃO'!$A$2:$E$10256,4,FALSE),IF(A1599=\"Insumo\",IF(VLOOKUP(B1599,'SINAPI INSUMOS'!$A$2:$F$4852,5,FALSE)=OR(\"\",0),VLOOKUP(B1599,'SINAPI INSUMOS'!$A$2:$F$4852,6,FALSE),VLOOKUP(B1599,'SINAPI INSUMOS'!$A$2:$F$4852,5,FALSE)),\"VERIFICAR\"))","v":23.98},{"$f":"TRUNC(G1599*H1599,2)","v":0.65}]
["Composição Auxiliar",91856,"SINAPI","ELETRODUTO FLEXÍVEL CORRUGADO, PVC, DN 32 MM (1\"), PARA CIRCUITOS TERMINAIS, INSTALADO EM PAREDE - FORNECIMENTO E INSTALAÇÃO. AF_03/2023","INEL - INSTALAÇÃO ELÉTRICA/ELETRIFICAÇÃO E ILUMINAÇÃO EXTERNA","M",2,{"$f":"IF(A1600=\"Composição Auxiliar\",VLOOKUP(B1600,'SINAPI COMPOSIÇÃO'!$A$2:$E$10256,4,FALSE),IF(A1600=\"Insumo\",IF(VLOOKUP(B1600,'SINAPI INSUMOS'!$A$2:$F$4852,5,FALSE)=OR(\"\",0),VLOOKUP(B1600,'SINAPI INSUMOS'!$A$2:$F$4852,6,FALSE),VLOOKUP(B1600,'SINAPI INSUMOS'!$A$2:$F$4852,5,FALSE)),\"VERIFICAR\"))","v":13.44},{"$f":"TRUNC(G1600*H1600,2)","v":26.88}]
["Insumo",38095,"SINAPI","ESPELHO / PLACA CEGA 4\" X 4\", PARA INSTALACAO DE TOMADAS E INTERRUPTORES","Material","UN",1,{"$f":"IF(A1601=\"Composição Auxiliar\",VLOOKUP(B1601,'SINAPI COMPOSIÇÃO'!$A$2:$E$10256,4,FALSE),IF(A1601=\"Insumo\",IF(VLOOKUP(B1601,'SINAPI INSUMOS'!$A$2:$F$4852,5,FALSE)=OR(\"\",0),VLOOKUP(B1601,'SINAPI INSUMOS'!$A$2:$F$4852,6,FALSE),VLOOKUP(B1601,'SINAPI INSUMOS'!$A$2:$F$4852,5,FALSE)),\"VERIFICAR\"))","v":6.45},{"$f":"TRUNC(G1601*H1601,2)","v":6.45}]
["Insumo",345,"SINAPI","ARAME GALVANIZADO 18 BWG, D = 1,24MM (0,009 KG/M)","Material","KG",8.9999999999999993E-3,{"$f":"IF(A1602=\"Composição Auxiliar\",VLOOKUP(B1602,'SINAPI COMPOSIÇÃO'!$A$2:$E$10256,4,FALSE),IF(A1602=\"Insumo\",IF(VLOOKUP(B1602,'SINAPI INSUMOS'!$A$2:$F$4852,5,FALSE)=OR(\"\",0),VLOOKUP(B1602,'SINAPI INSUMOS'!$A$2:$F$4852,6,FALSE),VLOOKUP(B1602,'SINAPI INSUMOS'!$A$2:$F$4852,5,FALSE)),\"VERIFICAR\"))","v":38.51},{"$f":"TRUNC(G1602*H1602,2)","v":0.34}]
["11.2",null,null,"SPDA"]
["11.2.1","Código","Banco","Descrição","Tipo","Und","Quant.","Valor Unit","Total"]
["Composição",96973,"SINAPI","CORDOALHA DE COBRE NU 35 MM², NÃO ENTERRADA, COM ISOLADOR - FORNECIMENTO E INSTALAÇÃO. AF_08/2023","INEL - INSTALAÇÃO ELÉTRICA/ELETRIFICAÇÃO E ILUMINAÇÃO EXTERNA","M",1,{"$f":"I1605","v":78.22},{"$f":"SUM(I1606:I1609)","v":78.22}]
["Composição Auxiliar",88264,"SINAPI","ELETRICISTA COM ENCARGOS COMPLEMENTARES","SEDI - SERVIÇOS DIVERSOS","H",0.24840000000000001,{"$f":"IF(A1606=\"Composição Auxiliar\",VLOOKUP(B1606,'SINAPI COMPOSIÇÃO'!$A$2:$E$10256,4,FALSE),IF(A1606=\"Insumo\",IF(VLOOKUP(B1606,'SINAPI INSUMOS'!$A$2:$F$4852,5,FALSE)=OR(\"\",0),VLOOKUP(B1606,'SINAPI INSUMOS'!$A$2:$F$4852,6,FALSE),VLOOKUP(B1606,'SINAPI INSUMOS'!$A$2:$F$4852,5,FALSE)),\"VERIFICAR\"))","v":28.06},{"$f":"TRUNC(G1606*H1606,2)","v":6.97}]
["Composição Auxiliar",98463,"SINAPI","SUPORTE ISOLADOR PARA FIXAÇÃO DA CORDOALHA DE COBRE EM ALVENARIA OU CONCRETO - FORNECIMENTO E INSTALAÇÃO. AF_08/2023","INEL - INSTALAÇÃO ELÉTRICA/ELETRIFICAÇÃO E ILUMINAÇÃO EXTERNA","UN",0.66669999999999996,{"$f":"IF(A1607=\"Composição Auxiliar\",VLOOKUP(B1607,'SINAPI COMPOSIÇÃO'!$A$2:$E$10256,4,FALSE),IF(A1607=\"Insumo\",IF(VLOOKUP(B1607,'SINAPI INSUMOS'!$A$2:$F$4852,5,FALSE)=OR(\"\",0),VLOOKUP(B1607,'SINAPI INSUMOS'!$A$2:$F$4852,6,FALSE),VLOOKUP(B1607,'SINAPI INSUMOS'!$A$2:$F$4852,5,FALSE)),\"VERIFICAR\"))","v":25.68},{"$f":"TRUNC(G1607*H1607,2)","v":17.12}]
["Composição Auxiliar",88247,"SINAPI","AUXILIAR DE ELETRICISTA COM ENCARGOS COMPLEMENTARES","SEDI - SERVIÇOS DIVERSOS","H",0.24840000000000001,{"$f":"IF(A1608=\"Composição Auxiliar\",VLOOKUP(B1608,'SINAPI COMPOSIÇÃO'!$A$2:$E$10256,4,FALSE),IF(A1608=\"Insumo\",IF(VLOOKUP(B1608,'SINAPI INSUMOS'!$A$2:$F$4852,5,FALSE)=OR(\"\",0),VLOOKUP(B1608,'SINAPI INSUMOS'!$A$2:$F$4852,6,FALSE),VLOOKUP(B1608,'SINAPI INSUMOS'!$A$2:$F$4852,5,FALSE)),\"VERIFICAR\"))","v":23.98},{"$f":"TRUNC(G1608*H1608,2)","v":5.95}]
["Insumo",863,"SINAPI","CABO DE COBRE NU 35 MM2 MEIO-DURO","Material","M",1.05,{"$f":"IF(A1609=\"Composição Auxiliar\",VLOOKUP(B1609,'SINAPI COMPOSIÇÃO'!$A$2:$E$10256,4,FALSE),IF(A1609=\"Insumo\",IF(VLOOKUP(B1609,'SINAPI INSUMOS'!$A$2:$F$4852,5,FALSE)=OR(\"\",0),VLOOKUP(B1609,'SINAPI INSUMOS'!$A$2:$F$4852,6,FALSE),VLOOKUP(B1609,'SINAPI INSUMOS'!$A$2:$F$4852,5,FALSE)),\"VERIFICAR\"))","v":45.89},{"$f":"TRUNC(G1609*H1609,2)","v":48.18}]
["11.2.2","Código","Banco","Descrição","Tipo","Und","Quant.","Valor Unit","Total"]
["Composição",96977,"SINAPI","CORDOALHA DE COBRE NU 50 MM², ENTERRADA - FORNECIMENTO E INSTALAÇÃO. AF_08/2023","INEL - INSTALAÇÃO ELÉTRICA/ELETRIFICAÇÃO E ILUMINAÇÃO EXTERNA","M",1,{"$f":"I1611","v":70.339999999999989},{"$f":"SUM(I1612:I1614)","v":70.339999999999989}]
["Composição Auxiliar",88264,"SINAPI","ELETRICISTA COM ENCARGOS COMPLEMENTARES","SEDI - SERVIÇOS DIVERSOS","H",3.3099999999999997E-2,{"$f":"IF(A1612=\"Composição Auxiliar\",VLOOKUP(B1612,'SINAPI COMPOSIÇÃO'!$A$2:$E$10256,4,FALSE),IF(A1612=\"Insumo\",IF(VLOOKUP(B1612,'SINAPI INSUMOS'!$A$2:$F$4852,5,FALSE)=OR(\"\",0),VLOOKUP(B1612,'SINAPI INSUMOS'!$A$2:$F$4852,6,FALSE),VLOOKUP(B1612,'SINAPI INSUMOS'!$A$2:$F$4852,5,FALSE)),\"VERIFICAR\"))","v":28.06},{"$f":"TRUNC(G1612*H1612,2)","v":0.92}]
["Composição Auxiliar",88247,"SINAPI","AUXILIAR DE ELETRICISTA COM ENCARGOS COMPLEMENTARES","SEDI - SERVIÇOS DIVERSOS","H",3.3099999999999997E-2,{"$f":"IF(A1613=\"Composição Auxiliar\",VLOOKUP(B1613,'SINAPI COMPOSIÇÃO'!$A$2:$E$10256,4,FALSE),IF(A1613=\"Insumo\",IF(VLOOKUP(B1613,'SINAPI INSUMOS'!$A$2:$F$4852,5,FALSE)=OR(\"\",0),VLOOKUP(B1613,'SINAPI INSUMOS'!$A$2:$F$4852,6,FALSE),VLOOKUP(B1613,'SINAPI INSUMOS'!$A$2:$F$4852,5,FALSE)),\"VERIFICAR\"))","v":23.98},{"$f":"TRUNC(G1613*H1613,2)","v":0.79}]
["Insumo",867,"SINAPI","CABO DE COBRE NU 50 MM2 MEIO-DURO","Material","M",1.05,{"$f":"IF(A1614=\"Composição Auxiliar\",VLOOKUP(B1614,'SINAPI COMPOSIÇÃO'!$A$2:$E$10256,4,FALSE),IF(A1614=\"Insumo\",IF(VLOOKUP(B1614,'SINAPI INSUMOS'!$A$2:$F$4852,5,FALSE)=OR(\"\",0),VLOOKUP(B1614,'SINAPI INSUMOS'!$A$2:$F$4852,6,FALSE),VLOOKUP(B1614,'SINAPI INSUMOS'!$A$2:$F$4852,5,FALSE)),\"VERIFICAR\"))","v":65.37},{"$f":"TRUNC(G1614*H1614,2)","v":68.63}]
["11.2.3","Código","Banco","Descrição","Tipo","Und","Quant.","Valor Unit","Total"]
["Composição",96984,"SINAPI","ELETRODUTO PVC RÍGIDO, DIÂMETRO 40MM, COM 3 METROS, PARA SPDA - FORNECIMENTO E INSTALAÇÃO. AF_08/2023","INEL - INSTALAÇÃO ELÉTRICA/ELETRIFICAÇÃO E ILUMINAÇÃO EXTERNA","UN",1,{"$f":"I1616","v":62.21},{"$f":"SUM(I1617:I1619)","v":62.21}]
["Composição Auxiliar",88264,"SINAPI","ELETRICISTA COM ENCARGOS COMPLEMENTARES","SEDI - SERVIÇOS DIVERSOS","H",0.74529999999999996,{"$f":"IF(A1617=\"Composição Auxiliar\",VLOOKUP(B1617,'SINAPI COMPOSIÇÃO'!$A$2:$E$10256,4,FALSE),IF(A1617=\"Insumo\",IF(VLOOKUP(B1617,'SINAPI INSUMOS'!$A$2:$F$4852,5,FALSE)=OR(\"\",0),VLOOKUP(B1617,'SINAPI INSUMOS'!$A$2:$F$4852,6,FALSE),VLOOKUP(B1617,'SINAPI INSUMOS'!$A$2:$F$4852,5,FALSE)),\"VERIFICAR\"))","v":28.06},{"$f":"TRUNC(G1617*H1617,2)","v":20.91}]
["Composição Auxiliar",88247,"SINAPI","AUXILIAR DE ELETRICISTA COM ENCARGOS COMPLEMENTARES","SEDI - SERVIÇOS DIVERSOS","H",0.74529999999999996,{"$f":"IF(A1618=\"Composição Auxiliar\",VLOOKUP(B1618,'SINAPI COMPOSIÇÃO'!$A$2:$E$10256,4,FALSE),IF(A1618=\"Insumo\",IF(VLOOKUP(B1618,'SINAPI INSUMOS'!$A$2:$F$4852,5,FALSE)=OR(\"\",0),VLOOKUP(B1618,'SINAPI INSUMOS'!$A$2:$F$4852,6,FALSE),VLOOKUP(B1618,'SINAPI INSUMOS'!$A$2:$F$4852,5,FALSE)),\"VERIFICAR\"))","v":23.98},{"$f":"TRUNC(G1618*H1618,2)","v":17.87}]
["Insumo",12070,"SINAPI","ELETRODUTO DE PVC RIGIDO SOLDAVEL, CLASSE B, DE 40 MM","Material","M",3,{"$f":"IF(A1619=\"Composição Auxiliar\",VLOOKUP(B1619,'SINAPI COMPOSIÇÃO'!$A$2:$E$10256,4,FALSE),IF(A1619=\"Insumo\",IF(VLOOKUP(B1619,'SINAPI INSUMOS'!$A$2:$F$4852,5,FALSE)=OR(\"\",0),VLOOKUP(B1619,'SINAPI INSUMOS'!$A$2:$F$4852,6,FALSE),VLOOKUP(B1619,'SINAPI INSUMOS'!$A$2:$F$4852,5,FALSE)),\"VERIFICAR\"))","v":7.81},{"$f":"TRUNC(G1619*H1619,2)","v":23.43}]
["11.2.4","Código","Banco","Descrição","Tipo","Und","Quant.","Valor Unit","Total"]
["Composição",96985,"SINAPI","HASTE DE ATERRAMENTO, DIÂMETRO 5/8\", COM 3 METROS - FORNECIMENTO E INSTALAÇÃO. AF_08/2023","INEL - INSTALAÇÃO ELÉTRICA/ELETRIFICAÇÃO E ILUMINAÇÃO EXTERNA","UN",1,{"$f":"I1621","v":86.56},{"$f":"SUM(I1622:I1624)","v":86.56}]
["Composição Auxiliar",88247,"SINAPI","AUXILIAR DE ELETRICISTA COM ENCARGOS COMPLEMENTARES","SEDI - SERVIÇOS DIVERSOS","H",0.24840000000000001,{"$f":"IF(A1622=\"Composição Auxiliar\",VLOOKUP(B1622,'SINAPI COMPOSIÇÃO'!$A$2:$E$10256,4,FALSE),IF(A1622=\"Insumo\",IF(VLOOKUP(B1622,'SINAPI INSUMOS'!$A$2:$F$4852,5,FALSE)=OR(\"\",0),VLOOKUP(B1622,'SINAPI INSUMOS'!$A$2:$F$4852,6,FALSE),VLOOKUP(B1622,'SINAPI INSUMOS'!$A$2:$F$4852,5,FALSE)),\"VERIFICAR\"))","v":23.98},{"$f":"TRUNC(G1622*H1622,2)","v":5.95}]
["Composição Auxiliar",88264,"SINAPI","ELETRICISTA COM ENCARGOS COMPLEMENTARES","SEDI - SERVIÇOS DIVERSOS","H",0.24840000000000001,{"$f":"IF(A1623=\"Composição Auxiliar\",VLOOKUP(B1623,'SINAPI COMPOSIÇÃO'!$A$2:$E$10256,4,FALSE),IF(A1623=\"Insumo\",IF(VLOOKUP(B1623,'SINAPI INSUMOS'!$A$2:$F$4852,5,FALSE)=OR(\"\",0),VLOOKUP(B1623,'SINAPI INSUMOS'!$A$2:$F$4852,6,FALSE),VLOOKUP(B1623,'SINAPI INSUMOS'!$A$2:$F$4852,5,FALSE)),\"VERIFICAR\"))","v":28.06},{"$f":"TRUNC(G1623*H1623,2)","v":6.97}]
["Insumo",3379,"SINAPI","HASTE DE ATERRAMENTO EM ACO COM 3,00 M DE COMPRIMENTO E DN = 5/8\", REVESTIDA COM BAIXA CAMADA DE COBRE, SEM CONECTOR","Material","UN",1,{"$f":"IF(A1624=\"Composição Auxiliar\",VLOOKUP(B1624,'SINAPI COMPOSIÇÃO'!$A$2:$E$10256,4,FALSE),IF(A1624=\"Insumo\",IF(VLOOKUP(B1624,'SINAPI INSUMOS'!$A$2:$F$4852,5,FALSE)=OR(\"\",0),VLOOKUP(B1624,'SINAPI INSUMOS'!$A$2:$F$4852,6,FALSE),VLOOKUP(B1624,'SINAPI INSUMOS'!$A$2:$F$4852,5,FALSE)),\"VERIFICAR\"))","v":73.64},{"$f":"TRUNC(G1624*H1624,2)","v":73.64}]
["11.2.5","Código","Banco","Descrição","Tipo","Und","Quant.","Valor Unit","Total"]
["Composição",96987,"SINAPI","BASE METÁLICA PARA MASTRO 1 ½\"  PARA SPDA - FORNECIMENTO E INSTALAÇÃO. AF_08/2023","INEL - INSTALAÇÃO ELÉTRICA/ELETRIFICAÇÃO E ILUMINAÇÃO EXTERNA","UN",1,{"$f":"I1626","v":121.91},{"$f":"SUM(I1627:I1631)","v":121.91}]
["Composição Auxiliar",88247,"SINAPI","AUXILIAR DE ELETRICISTA COM ENCARGOS COMPLEMENTARES","SEDI - SERVIÇOS DIVERSOS","H",1.1811,{"$f":"IF(A1627=\"Composição Auxiliar\",VLOOKUP(B1627,'SINAPI COMPOSIÇÃO'!$A$2:$E$10256,4,FALSE),IF(A1627=\"Insumo\",IF(VLOOKUP(B1627,'SINAPI INSUMOS'!$A$2:$F$4852,5,FALSE)=OR(\"\",0),VLOOKUP(B1627,'SINAPI INSUMOS'!$A$2:$F$4852,6,FALSE),VLOOKUP(B1627,'SINAPI INSUMOS'!$A$2:$F$4852,5,FALSE)),\"VERIFICAR\"))","v":23.98},{"$f":"TRUNC(G1627*H1627,2)","v":28.32}]
["Composição Auxiliar",88264,"SINAPI","ELETRICISTA COM ENCARGOS COMPLEMENTARES","SEDI - SERVIÇOS DIVERSOS","H",1.1811,{"$f":"IF(A1628=\"Composição Auxiliar\",VLOOKUP(B1628,'SINAPI COMPOSIÇÃO'!$A$2:$E$10256,4,FALSE),IF(A1628=\"Insumo\",IF(VLOOKUP(B1628,'SINAPI INSUMOS'!$A$2:$F$4852,5,FALSE)=OR(\"\",0),VLOOKUP(B1628,'SINAPI INSUMOS'!$A$2:$F$4852,6,FALSE),VLOOKUP(B1628,'SINAPI INSUMOS'!$A$2:$F$4852,5,FALSE)),\"VERIFICAR\"))","v":28.06},{"$f":"TRUNC(G1628*H1628,2)","v":33.14}]
["Insumo",7568,"SINAPI","BUCHA DE NYLON SEM ABA S10, COM PARAFUSO DE 6,10 X 65 MM EM ACO ZINCADO COM ROSCA SOBERBA, CABECA CHATA E FENDA PHILLIPS","Material","UN",4,{"$f":"IF(A1629=\"Composição Auxiliar\",VLOOKUP(B1629,'SINAPI COMPOSIÇÃO'!$A$2:$E$10256,4,FALSE),IF(A1629=\"Insumo\",IF(VLOOKUP(B1629,'SINAPI INSUMOS'!$A$2:$F$4852,5,FALSE)=OR(\"\",0),VLOOKUP(B1629,'SINAPI INSUMOS'!$A$2:$F$4852,6,FALSE),VLOOKUP(B1629,'SINAPI INSUMOS'!$A$2:$F$4852,5,FALSE)),\"VERIFICAR\"))","v":0.61},{"$f":"TRUNC(G1629*H1629,2)","v":2.44}]
["Insumo",38060,"SINAPI","BASE PARA MASTRO DE PARA-RAIOS DIAMETRO NOMINAL 1 1/2\"","Material","UN",1,{"$f":"IF(A1630=\"Composição Auxiliar\",VLOOKUP(B1630,'SINAPI COMPOSIÇÃO'!$A$2:$E$10256,4,FALSE),IF(A1630=\"Insumo\",IF(VLOOKUP(B1630,'SINAPI INSUMOS'!$A$2:$F$4852,5,FALSE)=OR(\"\",0),VLOOKUP(B1630,'SINAPI INSUMOS'!$A$2:$F$4852,6,FALSE),VLOOKUP(B1630,'SINAPI INSUMOS'!$A$2:$F$4852,5,FALSE)),\"VERIFICAR\"))","v":52.85},{"$f":"TRUNC(G1630*H1630,2)","v":52.85}]
["Insumo",11267,"SINAPI","ARRUELA LISA, REDONDA, DE LATAO POLIDO, DIAMETRO NOMINAL 5/8\", DIAMETRO EXTERNO = 34 MM, DIAMETRO DO FURO = 17 MM, ESPESSURA = *2,5* MM","Material","UN",4,{"$f":"IF(A1631=\"Composição Auxiliar\",VLOOKUP(B1631,'SINAPI COMPOSIÇÃO'!$A$2:$E$10256,4,FALSE),IF(A1631=\"Insumo\",IF(VLOOKUP(B1631,'SINAPI INSUMOS'!$A$2:$F$4852,5,FALSE)=OR(\"\",0),VLOOKUP(B1631,'SINAPI INSUMOS'!$A$2:$F$4852,6,FALSE),VLOOKUP(B1631,'SINAPI INSUMOS'!$A$2:$F$4852,5,FALSE)),\"VERIFICAR\"))","v":1.29},{"$f":"TRUNC(G1631*H1631,2)","v":5.16}]
["11.2.6","Código","Banco","Descrição","Tipo","Und","Quant.","Valor Unit","Total"]
["Composição",96988,"SINAPI","MASTRO 1 ½\", COM 3 METROS, PARA SPDA - FORNECIMENTO E INSTALAÇÃO. AF_08/2023","INEL - INSTALAÇÃO ELÉTRICA/ELETRIFICAÇÃO E ILUMINAÇÃO EXTERNA","UN",1,{"$f":"I1633","v":164.84},{"$f":"SUM(I1634:I1636)","v":164.84}]
["Composição Auxiliar",88247,"SINAPI","AUXILIAR DE ELETRICISTA COM ENCARGOS COMPLEMENTARES","SEDI - SERVIÇOS DIVERSOS","H",0.16669999999999999,{"$f":"IF(A1634=\"Composição Auxiliar\",VLOOKUP(B1634,'SINAPI COMPOSIÇÃO'!$A$2:$E$10256,4,FALSE),IF(A1634=\"Insumo\",IF(VLOOKUP(B1634,'SINAPI INSUMOS'!$A$2:$F$4852,5,FALSE)=OR(\"\",0),VLOOKUP(B1634,'SINAPI INSUMOS'!$A$2:$F$4852,6,FALSE),VLOOKUP(B1634,'SINAPI INSUMOS'!$A$2:$F$4852,5,FALSE)),\"VERIFICAR\"))","v":23.98},{"$f":"TRUNC(G1634*H1634,2)","v":3.99}]
["Composição Auxiliar",88264,"SINAPI","ELETRICISTA COM ENCARGOS COMPLEMENTARES","SEDI - SERVIÇOS DIVERSOS","H",0.16669999999999999,{"$f":"IF(A1635=\"Composição Auxiliar\",VLOOKUP(B1635,'SINAPI COMPOSIÇÃO'!$A$2:$E$10256,4,FALSE),IF(A1635=\"Insumo\",IF(VLOOKUP(B1635,'SINAPI INSUMOS'!$A$2:$F$4852,5,FALSE)=OR(\"\",0),VLOOKUP(B1635,'SINAPI INSUMOS'!$A$2:$F$4852,6,FALSE),VLOOKUP(B1635,'SINAPI INSUMOS'!$A$2:$F$4852,5,FALSE)),\"VERIFICAR\"))","v":28.06},{"$f":"TRUNC(G1635*H1635,2)","v":4.67}]
["Insumo",41387,"SINAPI","MASTRO SIMPLES GALVANIZADO DIAMETRO NOMINAL 1 1/2\"","Material","M",3,{"$f":"IF(A1636=\"Composição Auxiliar\",VLOOKUP(B1636,'SINAPI COMPOSIÇÃO'!$A$2:$E$10256,4,FALSE),IF(A1636=\"Insumo\",IF(VLOOKUP(B1636,'SINAPI INSUMOS'!$A$2:$F$4852,5,FALSE)=OR(\"\",0),VLOOKUP(B1636,'SINAPI INSUMOS'!$A$2:$F$4852,6,FALSE),VLOOKUP(B1636,'SINAPI INSUMOS'!$A$2:$F$4852,5,FALSE)),\"VERIFICAR\"))","v":52.06},{"$f":"TRUNC(G1636*H1636,2)","v":156.18}]
["11.2.7","Código","Banco","Descrição","Tipo","Und","Quant.","Valor Unit","Total"]
["Composição",96989,"SINAPI","CAPTOR TIPO FRANKLIN PARA SPDA - FORNECIMENTO E INSTALAÇÃO. AF_08/2023","INEL - INSTALAÇÃO ELÉTRICA/ELETRIFICAÇÃO E ILUMINAÇÃO EXTERNA","UN",1,{"$f":"I1638","v":137.98000000000002},{"$f":"SUM(I1639:I1641)","v":137.98000000000002}]
["Composição Auxiliar",88264,"SINAPI","ELETRICISTA COM ENCARGOS COMPLEMENTARES","SEDI - SERVIÇOS DIVERSOS","H",0.1346,{"$f":"IF(A1639=\"Composição Auxiliar\",VLOOKUP(B1639,'SINAPI COMPOSIÇÃO'!$A$2:$E$10256,4,FALSE),IF(A1639=\"Insumo\",IF(VLOOKUP(B1639,'SINAPI INSUMOS'!$A$2:$F$4852,5,FALSE)=OR(\"\",0),VLOOKUP(B1639,'SINAPI INSUMOS'!$A$2:$F$4852,6,FALSE),VLOOKUP(B1639,'SINAPI INSUMOS'!$A$2:$F$4852,5,FALSE)),\"VERIFICAR\"))","v":28.06},{"$f":"TRUNC(G1639*H1639,2)","v":3.77}]
["Composição Auxiliar",88247,"SINAPI","AUXILIAR DE ELETRICISTA COM ENCARGOS COMPLEMENTARES","SEDI - SERVIÇOS DIVERSOS","H",0.1346,{"$f":"IF(A1640=\"Composição Auxiliar\",VLOOKUP(B1640,'SINAPI COMPOSIÇÃO'!$A$2:$E$10256,4,FALSE),IF(A1640=\"Insumo\",IF(VLOOKUP(B1640,'SINAPI INSUMOS'!$A$2:$F$4852,5,FALSE)=OR(\"\",0),VLOOKUP(B1640,'SINAPI INSUMOS'!$A$2:$F$4852,6,FALSE),VLOOKUP(B1640,'SINAPI INSUMOS'!$A$2:$F$4852,5,FALSE)),\"VERIFICAR\"))","v":23.98},{"$f":"TRUNC(G1640*H1640,2)","v":3.22}]
["Insumo",4274,"SINAPI","PARA-RAIOS TIPO FRANKLIN 350 MM, EM LATAO CROMADO, DUAS DESCIDAS, PARA PROTECAO DE EDIFICACOES CONTRA DESCARGAS ATMOSFERICAS","Material","UN",1,{"$f":"IF(A1641=\"Composição Auxiliar\",VLOOKUP(B1641,'SINAPI COMPOSIÇÃO'!$A$2:$E$10256,4,FALSE),IF(A1641=\"Insumo\",IF(VLOOKUP(B1641,'SINAPI INSUMOS'!$A$2:$F$4852,5,FALSE)=OR(\"\",0),VLOOKUP(B1641,'SINAPI INSUMOS'!$A$2:$F$4852,6,FALSE),VLOOKUP(B1641,'SINAPI INSUMOS'!$A$2:$F$4852,5,FALSE)),\"VERIFICAR\"))","v":130.99},{"$f":"TRUNC(G1641*H1641,2)","v":130.99}]
["11.2.8","Código","Banco","Descrição","Tipo","Und","Quant.","Valor Unit","Total"]
["Composição",98111,"SINAPI","CAIXA DE INSPEÇÃO PARA ATERRAMENTO, CIRCULAR, EM POLIETILENO, DIÂMETRO INTERNO = 0,3 M. AF_12/2020","INHI - INSTALAÇÕES HIDROS SANITÁRIAS","UN",1,{"$f":"I1643","v":64.87},{"$f":"SUM(I1644:I1647)","v":64.87}]
["Composição Auxiliar",88316,"SINAPI","SERVENTE COM ENCARGOS COMPLEMENTARES","SEDI - SERVIÇOS DIVERSOS","H",0.10879999999999999,{"$f":"IF(A1644=\"Composição Auxiliar\",VLOOKUP(B1644,'SINAPI COMPOSIÇÃO'!$A$2:$E$10256,4,FALSE),IF(A1644=\"Insumo\",IF(VLOOKUP(B1644,'SINAPI INSUMOS'!$A$2:$F$4852,5,FALSE)=OR(\"\",0),VLOOKUP(B1644,'SINAPI INSUMOS'!$A$2:$F$4852,6,FALSE),VLOOKUP(B1644,'SINAPI INSUMOS'!$A$2:$F$4852,5,FALSE)),\"VERIFICAR\"))","v":21.32},{"$f":"TRUNC(G1644*H1644,2)","v":2.31}]
["Composição Auxiliar",88309,"SINAPI","PEDREIRO COM ENCARGOS COMPLEMENTARES","SEDI - SERVIÇOS DIVERSOS","H",0.1384,{"$f":"IF(A1645=\"Composição Auxiliar\",VLOOKUP(B1645,'SINAPI COMPOSIÇÃO'!$A$2:$E$10256,4,FALSE),IF(A1645=\"Insumo\",IF(VLOOKUP(B1645,'SINAPI INSUMOS'!$A$2:$F$4852,5,FALSE)=OR(\"\",0),VLOOKUP(B1645,'SINAPI INSUMOS'!$A$2:$F$4852,6,FALSE),VLOOKUP(B1645,'SINAPI INSUMOS'!$A$2:$F$4852,5,FALSE)),\"VERIFICAR\"))","v":27.58},{"$f":"TRUNC(G1645*H1645,2)","v":3.81}]
["Composição Auxiliar",101618,"SINAPI","PREPARO DE FUNDO DE VALA COM LARGURA MENOR QUE 1,5 M, COM CAMADA DE AREIA, LANÇAMENTO MANUAL. AF_08/2020","MOVT - MOVIMENTO DE TERRA","m³",1.41E-2,{"$f":"IF(A1646=\"Composição Auxiliar\",VLOOKUP(B1646,'SINAPI COMPOSIÇÃO'!$A$2:$E$10256,4,FALSE),IF(A1646=\"Insumo\",IF(VLOOKUP(B1646,'SINAPI INSUMOS'!$A$2:$F$4852,5,FALSE)=OR(\"\",0),VLOOKUP(B1646,'SINAPI INSUMOS'!$A$2:$F$4852,6,FALSE),VLOOKUP(B1646,'SINAPI INSUMOS'!$A$2:$F$4852,5,FALSE)),\"VERIFICAR\"))","v":285.98},{"$f":"TRUNC(G1646*H1646,2)","v":4.03}]
["Insumo",34643,"SINAPI","CAIXA DE INSPECAO PARA ATERRAMENTO E PARA RAIOS, EM POLIPROPILENO, DIAMETRO = 300 MM X ALTURA = 400 MM","Material","UN",1,{"$f":"IF(A1647=\"Composição Auxiliar\",VLOOKUP(B1647,'SINAPI COMPOSIÇÃO'!$A$2:$E$10256,4,FALSE),IF(A1647=\"Insumo\",IF(VLOOKUP(B1647,'SINAPI INSUMOS'!$A$2:$F$4852,5,FALSE)=OR(\"\",0),VLOOKUP(B1647,'SINAPI INSUMOS'!$A$2:$F$4852,6,FALSE),VLOOKUP(B1647,'SINAPI INSUMOS'!$A$2:$F$4852,5,FALSE)),\"VERIFICAR\"))","v":54.72},{"$f":"TRUNC(G1647*H1647,2)","v":54.72}]
["12",null,null,"ESQUADRIAS"]
["12.1","Código","Banco","Descrição","Tipo","Und","Quant.","Valor Unit","Total"]
["Composição","COMP. SEDE  25","Próprio","KIT DE PORTA DE MADEIRA PARA PINTURA, SEMI-OCA (LEVE OU MÉDIA), PADRÃO MÉDIO, 80X210CM, ESPESSURA DE 3,5CM, ITENS INCLUSOS: DOBRADIÇAS, MONTAGEM E INSTALAÇÃO DO BATENTE, FECHADURA COM EXECUÇÃO DO FURO - FORNECIMENTO E INSTALAÇÃO. AF_12/2019","ESQV - ESQUADRIAS/FERRAGENS/VIDROS","UN",1,{"$f":"I1650","v":1109.26},{"$f":"SUM(I1651:I1658)","v":1109.26}]
["Composição Auxiliar",88261,"SINAPI","CARPINTEIRO DE ESQUADRIA COM ENCARGOS COMPLEMENTARES","SEDI - SERVIÇOS DIVERSOS","H",1.546,{"$f":"IF(A1651=\"Composição Auxiliar\",VLOOKUP(B1651,'SINAPI COMPOSIÇÃO'!$A$2:$E$10256,4,FALSE),IF(A1651=\"Insumo\",IF(VLOOKUP(B1651,'SINAPI INSUMOS'!$A$2:$F$4852,5,FALSE)=OR(\"\",0),VLOOKUP(B1651,'SINAPI INSUMOS'!$A$2:$F$4852,6,FALSE),VLOOKUP(B1651,'SINAPI INSUMOS'!$A$2:$F$4852,5,FALSE)),\"VERIFICAR\"))","v":25.73},{"$f":"TRUNC(G1651*H1651,2)","v":39.770000000000003}]
["Composição Auxiliar",90806,"SINAPI","BATENTE PARA PORTA DE MADEIRA, FIXAÇÃO COM ARGAMASSA, PADRÃO MÉDIO - FORNECIMENTO E INSTALAÇÃO. AF_12/2019","ESQV - ESQUADRIAS/FERRAGENS/VIDROS","UN",1,{"$f":"IF(A1652=\"Composição Auxiliar\",VLOOKUP(B1652,'SINAPI COMPOSIÇÃO'!$A$2:$E$10256,4,FALSE),IF(A1652=\"Insumo\",IF(VLOOKUP(B1652,'SINAPI INSUMOS'!$A$2:$F$4852,5,FALSE)=OR(\"\",0),VLOOKUP(B1652,'SINAPI INSUMOS'!$A$2:$F$4852,6,FALSE),VLOOKUP(B1652,'SINAPI INSUMOS'!$A$2:$F$4852,5,FALSE)),\"VERIFICAR\"))","v":437.22},437.22]
["Composição Auxiliar",88316,"SINAPI","SERVENTE COM ENCARGOS COMPLEMENTARES","SEDI - SERVIÇOS DIVERSOS","H",0.77300000000000002,{"$f":"IF(A1653=\"Composição Auxiliar\",VLOOKUP(B1653,'SINAPI COMPOSIÇÃO'!$A$2:$E$10256,4,FALSE),IF(A1653=\"Insumo\",IF(VLOOKUP(B1653,'SINAPI INSUMOS'!$A$2:$F$4852,5,FALSE)=OR(\"\",0),VLOOKUP(B1653,'SINAPI INSUMOS'!$A$2:$F$4852,6,FALSE),VLOOKUP(B1653,'SINAPI INSUMOS'!$A$2:$F$4852,5,FALSE)),\"VERIFICAR\"))","v":21.32},16.48]
["Composição Auxiliar",100659,"SINAPI","ALIZAR DE 5X1,5CM PARA PORTA FIXADO COM PREGOS, PADRÃO MÉDIO - FORNECIMENTO E INSTALAÇÃO. AF_12/2019","ESQV - ESQUADRIAS/FERRAGENS/VIDROS","M",10,{"$f":"IF(A1654=\"Composição Auxiliar\",VLOOKUP(B1654,'SINAPI COMPOSIÇÃO'!$A$2:$E$10256,4,FALSE),IF(A1654=\"Insumo\",IF(VLOOKUP(B1654,'SINAPI INSUMOS'!$A$2:$F$4852,5,FALSE)=OR(\"\",0),VLOOKUP(B1654,'SINAPI INSUMOS'!$A$2:$F$4852,6,FALSE),VLOOKUP(B1654,'SINAPI INSUMOS'!$A$2:$F$4852,5,FALSE)),\"VERIFICAR\"))","v":10.78},107.8]
["Composição Auxiliar",90830,"SINAPI","FECHADURA DE EMBUTIR COM CILINDRO, EXTERNA, COMPLETA, ACABAMENTO PADRÃO MÉDIO, INCLUSO EXECUÇÃO DE FURO - FORNECIMENTO E INSTALAÇÃO. AF_12/2019","ESQV - ESQUADRIAS/FERRAGENS/VIDROS","UN",1,{"$f":"IF(A1655=\"Composição Auxiliar\",VLOOKUP(B1655,'SINAPI COMPOSIÇÃO'!$A$2:$E$10256,4,FALSE),IF(A1655=\"Insumo\",IF(VLOOKUP(B1655,'SINAPI INSUMOS'!$A$2:$F$4852,5,FALSE)=OR(\"\",0),VLOOKUP(B1655,'SINAPI INSUMOS'!$A$2:$F$4852,6,FALSE),VLOOKUP(B1655,'SINAPI INSUMOS'!$A$2:$F$4852,5,FALSE)),\"VERIFICAR\"))","v":204.21},204.21]
["Insumo",10555,"SINAPI","PORTA DE MADEIRA, FOLHA MEDIA (NBR 15930) DE 800 X 2100 MM, DE 35 MM A 40 MM DE ESPESSURA, NUCLEO SEMI-SOLIDO (SARRAFEADO), CAPA LISA EM HDF, ACABAMENTO EM PRIMER PARA PINTURA","Material","UN",1,{"$f":"IF(A1656=\"Composição Auxiliar\",VLOOKUP(B1656,'SINAPI COMPOSIÇÃO'!$A$2:$E$10256,4,FALSE),IF(A1656=\"Insumo\",IF(VLOOKUP(B1656,'SINAPI INSUMOS'!$A$2:$F$4852,5,FALSE)=OR(\"\",0),VLOOKUP(B1656,'SINAPI INSUMOS'!$A$2:$F$4852,6,FALSE),VLOOKUP(B1656,'SINAPI INSUMOS'!$A$2:$F$4852,5,FALSE)),\"VERIFICAR\"))","v":247.76},247.76]
["Insumo",11055,"SINAPI","PARAFUSO ROSCA SOBERBA ZINCADO CABECA CHATA FENDA SIMPLES 3,5 X 25 MM (1 \")","Material","UN",19.8,{"$f":"IF(A1657=\"Composição Auxiliar\",VLOOKUP(B1657,'SINAPI COMPOSIÇÃO'!$A$2:$E$10256,4,FALSE),IF(A1657=\"Insumo\",IF(VLOOKUP(B1657,'SINAPI INSUMOS'!$A$2:$F$4852,5,FALSE)=OR(\"\",0),VLOOKUP(B1657,'SINAPI INSUMOS'!$A$2:$F$4852,6,FALSE),VLOOKUP(B1657,'SINAPI INSUMOS'!$A$2:$F$4852,5,FALSE)),\"VERIFICAR\"))","v":0.11},2.17]
["Insumo",2432,"SINAPI","DOBRADICA EM ACO/FERRO, 3 1/2\" X 3\", E= 1,9 A 2 MM, COM ANEL, CROMADO OU ZINCADO, TAMPA BOLA, COM PARAFUSOS","Material","UN",3,{"$f":"IF(A1658=\"Composição Auxiliar\",VLOOKUP(B1658,'SINAPI COMPOSIÇÃO'!$A$2:$E$10256,4,FALSE),IF(A1658=\"Insumo\",IF(VLOOKUP(B1658,'SINAPI INSUMOS'!$A$2:$F$4852,5,FALSE)=OR(\"\",0),VLOOKUP(B1658,'SINAPI INSUMOS'!$A$2:$F$4852,6,FALSE),VLOOKUP(B1658,'SINAPI INSUMOS'!$A$2:$F$4852,5,FALSE)),\"VERIFICAR\"))","v":17.95},53.85]
["12.2","Código","Banco","Descrição","Tipo","Und","Quant.","Valor Unit","Total"]
["Composição",90844,"SINAPI","KIT DE PORTA DE MADEIRA PARA PINTURA, SEMI-OCA (LEVE OU MÉDIA), PADRÃO MÉDIO, 90X210CM, ESPESSURA DE 3,5CM, ITENS INCLUSOS: DOBRADIÇAS, MONTAGEM E INSTALAÇÃO DO BATENTE, FECHADURA COM EXECUÇÃO DO FURO - FORNECIMENTO E INSTALAÇÃO. AF_12/2019","ESQV - ESQUADRIAS/FERRAGENS/VIDROS","UN",1,{"$f":"I1660","v":1215.27},{"$f":"SUM(I1661:I1664)","v":1215.27}]
["Composição Auxiliar",90806,"SINAPI","BATENTE PARA PORTA DE MADEIRA, FIXAÇÃO COM ARGAMASSA, PADRÃO MÉDIO - FORNECIMENTO E INSTALAÇÃO. AF_12/2019","ESQV - ESQUADRIAS/FERRAGENS/VIDROS","UN",1,{"$f":"IF(A1661=\"Composição Auxiliar\",VLOOKUP(B1661,'SINAPI COMPOSIÇÃO'!$A$2:$E$10256,4,FALSE),IF(A1661=\"Insumo\",IF(VLOOKUP(B1661,'SINAPI INSUMOS'!$A$2:$F$4852,5,FALSE)=OR(\"\",0),VLOOKUP(B1661,'SINAPI INSUMOS'!$A$2:$F$4852,6,FALSE),VLOOKUP(B1661,'SINAPI INSUMOS'!$A$2:$F$4852,5,FALSE)),\"VERIFICAR\"))","v":437.22},{"$f":"TRUNC(G1661*H1661,2)","v":437.22}]
["Composição Auxiliar",90830,"SINAPI","FECHADURA DE EMBUTIR COM CILINDRO, EXTERNA, COMPLETA, ACABAMENTO PADRÃO MÉDIO, INCLUSO EXECUÇÃO DE FURO - FORNECIMENTO E INSTALAÇÃO. AF_12/2019","ESQV - ESQUADRIAS/FERRAGENS/VIDROS","UN",1,{"$f":"IF(A1662=\"Composição Auxiliar\",VLOOKUP(B1662,'SINAPI COMPOSIÇÃO'!$A$2:$E$10256,4,FALSE),IF(A1662=\"Insumo\",IF(VLOOKUP(B1662,'SINAPI INSUMOS'!$A$2:$F$4852,5,FALSE)=OR(\"\",0),VLOOKUP(B1662,'SINAPI INSUMOS'!$A$2:$F$4852,6,FALSE),VLOOKUP(B1662,'SINAPI INSUMOS'!$A$2:$F$4852,5,FALSE)),\"VERIFICAR\"))","v":204.21},{"$f":"TRUNC(G1662*H1662,2)","v":204.21}]
["Composição Auxiliar",100659,"SINAPI","ALIZAR DE 5X1,5CM PARA PORTA FIXADO COM PREGOS, PADRÃO MÉDIO - FORNECIMENTO E INSTALAÇÃO. AF_12/2019","ESQV - ESQUADRIAS/FERRAGENS/VIDROS","M",10.199999999999999,{"$f":"IF(A1663=\"Composição Auxiliar\",VLOOKUP(B1663,'SINAPI COMPOSIÇÃO'!$A$2:$E$10256,4,FALSE),IF(A1663=\"Insumo\",IF(VLOOKUP(B1663,'SINAPI INSUMOS'!$A$2:$F$4852,5,FALSE)=OR(\"\",0),VLOOKUP(B1663,'SINAPI INSUMOS'!$A$2:$F$4852,6,FALSE),VLOOKUP(B1663,'SINAPI INSUMOS'!$A$2:$F$4852,5,FALSE)),\"VERIFICAR\"))","v":10.78},{"$f":"TRUNC(G1663*H1663,2)","v":109.95}]
["Composição Auxiliar",90823,"SINAPI","PORTA DE MADEIRA PARA PINTURA, SEMI-OCA (LEVE OU MÉDIA), 90X210CM, ESPESSURA DE 3,5CM, INCLUSO DOBRADIÇAS - FORNECIMENTO E INSTALAÇÃO. AF_12/2019","ESQV - ESQUADRIAS/FERRAGENS/VIDROS","UN",1,{"$f":"IF(A1664=\"Composição Auxiliar\",VLOOKUP(B1664,'SINAPI COMPOSIÇÃO'!$A$2:$E$10256,4,FALSE),IF(A1664=\"Insumo\",IF(VLOOKUP(B1664,'SINAPI INSUMOS'!$A$2:$F$4852,5,FALSE)=OR(\"\",0),VLOOKUP(B1664,'SINAPI INSUMOS'!$A$2:$F$4852,6,FALSE),VLOOKUP(B1664,'SINAPI INSUMOS'!$A$2:$F$4852,5,FALSE)),\"VERIFICAR\"))","v":463.89},{"$f":"TRUNC(G1664*H1664,2)","v":463.89}]
["12.3","Código","Banco","Descrição","Tipo","Und","Quant.","Valor Unit","Total"]
["Composição",100700,"SINAPI","PORTA DE MADEIRA COMPENSADA LISA PARA PINTURA, 120X210X3,5CM, 2 FOLHAS, INCLUSO ADUELA 2A, ALIZAR 2A E DOBRADIÇAS. AF_12/2019","ESQV - ESQUADRIAS/FERRAGENS/VIDROS","UN",1,{"$f":"I1666","v":897.21999999999991},{"$f":"SUM(I1667:I1678)","v":897.21999999999991}]
["Composição Auxiliar",88627,"SINAPI","ARGAMASSA TRAÇO 1:0,5:4,5 (EM VOLUME DE CIMENTO, CAL E AREIA MÉDIA ÚMIDA) PARA ASSENTAMENTO DE ALVENARIA, PREPARO MANUAL. AF_08/2019","SEDI - SERVIÇOS DIVERSOS","m³",2.5000000000000001E-2,{"$f":"IF(A1667=\"Composição Auxiliar\",VLOOKUP(B1667,'SINAPI COMPOSIÇÃO'!$A$2:$E$10256,4,FALSE),IF(A1667=\"Insumo\",IF(VLOOKUP(B1667,'SINAPI INSUMOS'!$A$2:$F$4852,5,FALSE)=OR(\"\",0),VLOOKUP(B1667,'SINAPI INSUMOS'!$A$2:$F$4852,6,FALSE),VLOOKUP(B1667,'SINAPI INSUMOS'!$A$2:$F$4852,5,FALSE)),\"VERIFICAR\"))","v":841.95},{"$f":"TRUNC(G1667*H1667,2)","v":21.04}]
["Composição Auxiliar",88261,"SINAPI","CARPINTEIRO DE ESQUADRIA COM ENCARGOS COMPLEMENTARES","SEDI - SERVIÇOS DIVERSOS","H",4.7714471999999999,{"$f":"IF(A1668=\"Composição Auxiliar\",VLOOKUP(B1668,'SINAPI COMPOSIÇÃO'!$A$2:$E$10256,4,FALSE),IF(A1668=\"Insumo\",IF(VLOOKUP(B1668,'SINAPI INSUMOS'!$A$2:$F$4852,5,FALSE)=OR(\"\",0),VLOOKUP(B1668,'SINAPI INSUMOS'!$A$2:$F$4852,6,FALSE),VLOOKUP(B1668,'SINAPI INSUMOS'!$A$2:$F$4852,5,FALSE)),\"VERIFICAR\"))","v":25.73},122.76]
["Composição Auxiliar",88316,"SINAPI","SERVENTE COM ENCARGOS COMPLEMENTARES","SEDI - SERVIÇOS DIVERSOS","H",1.8305384,{"$f":"IF(A1669=\"Composição Auxiliar\",VLOOKUP(B1669,'SINAPI COMPOSIÇÃO'!$A$2:$E$10256,4,FALSE),IF(A1669=\"Insumo\",IF(VLOOKUP(B1669,'SINAPI INSUMOS'!$A$2:$F$4852,5,FALSE)=OR(\"\",0),VLOOKUP(B1669,'SINAPI INSUMOS'!$A$2:$F$4852,6,FALSE),VLOOKUP(B1669,'SINAPI INSUMOS'!$A$2:$F$4852,5,FALSE)),\"VERIFICAR\"))","v":21.32},39.020000000000003]
["Composição Auxiliar",88309,"SINAPI","PEDREIRO COM ENCARGOS COMPLEMENTARES","SEDI - SERVIÇOS DIVERSOS","H",1.7058427,{"$f":"IF(A1670=\"Composição Auxiliar\",VLOOKUP(B1670,'SINAPI COMPOSIÇÃO'!$A$2:$E$10256,4,FALSE),IF(A1670=\"Insumo\",IF(VLOOKUP(B1670,'SINAPI INSUMOS'!$A$2:$F$4852,5,FALSE)=OR(\"\",0),VLOOKUP(B1670,'SINAPI INSUMOS'!$A$2:$F$4852,6,FALSE),VLOOKUP(B1670,'SINAPI INSUMOS'!$A$2:$F$4852,5,FALSE)),\"VERIFICAR\"))","v":27.58},47.04]
["Insumo",10553,"SINAPI","PORTA DE MADEIRA, FOLHA MEDIA (NBR 15930) DE 600 X 2100 MM, DE 35 MM A 40 MM DE ESPESSURA, NUCLEO SEMI-SOLIDO (SARRAFEADO), CAPA LISA EM HDF, ACABAMENTO EM PRIMER PARA PINTURA","Material","UN",2,{"$f":"IF(A1671=\"Composição Auxiliar\",VLOOKUP(B1671,'SINAPI COMPOSIÇÃO'!$A$2:$E$10256,4,FALSE),IF(A1671=\"Insumo\",IF(VLOOKUP(B1671,'SINAPI INSUMOS'!$A$2:$F$4852,5,FALSE)=OR(\"\",0),VLOOKUP(B1671,'SINAPI INSUMOS'!$A$2:$F$4852,6,FALSE),VLOOKUP(B1671,'SINAPI INSUMOS'!$A$2:$F$4852,5,FALSE)),\"VERIFICAR\"))","v":225.19},450.38]
["Insumo",39027,"SINAPI","PREGO DE ACO POLIDO COM CABECA 19  X 36 (3 1/4  X  9)","Material","KG",0.22500000000000001,{"$f":"IF(A1672=\"Composição Auxiliar\",VLOOKUP(B1672,'SINAPI COMPOSIÇÃO'!$A$2:$E$10256,4,FALSE),IF(A1672=\"Insumo\",IF(VLOOKUP(B1672,'SINAPI INSUMOS'!$A$2:$F$4852,5,FALSE)=OR(\"\",0),VLOOKUP(B1672,'SINAPI INSUMOS'!$A$2:$F$4852,6,FALSE),VLOOKUP(B1672,'SINAPI INSUMOS'!$A$2:$F$4852,5,FALSE)),\"VERIFICAR\"))","v":15.84},3.56]
["Insumo",2433,"SINAPI","DOBRADICA EM ACO/FERRO, 3\" X 2 1/2\", E= 1,2 A 1,8 MM, SEM ANEL, CROMADO OU ZINCADO, TAMPA CHATA, COM PARAFUSOS","Material","UN",6,{"$f":"IF(A1673=\"Composição Auxiliar\",VLOOKUP(B1673,'SINAPI COMPOSIÇÃO'!$A$2:$E$10256,4,FALSE),IF(A1673=\"Insumo\",IF(VLOOKUP(B1673,'SINAPI INSUMOS'!$A$2:$F$4852,5,FALSE)=OR(\"\",0),VLOOKUP(B1673,'SINAPI INSUMOS'!$A$2:$F$4852,6,FALSE),VLOOKUP(B1673,'SINAPI INSUMOS'!$A$2:$F$4852,5,FALSE)),\"VERIFICAR\"))","v":6.08},36.479999999999997]
["Insumo",20247,"SINAPI","PREGO DE ACO POLIDO COM CABECA 15 X 15 (1 1/4 X 13)","Material","KG",3.15E-2,{"$f":"IF(A1674=\"Composição Auxiliar\",VLOOKUP(B1674,'SINAPI COMPOSIÇÃO'!$A$2:$E$10256,4,FALSE),IF(A1674=\"Insumo\",IF(VLOOKUP(B1674,'SINAPI INSUMOS'!$A$2:$F$4852,5,FALSE)=OR(\"\",0),VLOOKUP(B1674,'SINAPI INSUMOS'!$A$2:$F$4852,6,FALSE),VLOOKUP(B1674,'SINAPI INSUMOS'!$A$2:$F$4852,5,FALSE)),\"VERIFICAR\"))","v":17.559999999999999},0.55000000000000004]
["Insumo",11945,"SINAPI","BUCHA DE NYLON SEM ABA S4","Material","UN",39.6,{"$f":"IF(A1675=\"Composição Auxiliar\",VLOOKUP(B1675,'SINAPI COMPOSIÇÃO'!$A$2:$E$10256,4,FALSE),IF(A1675=\"Insumo\",IF(VLOOKUP(B1675,'SINAPI INSUMOS'!$A$2:$F$4852,5,FALSE)=OR(\"\",0),VLOOKUP(B1675,'SINAPI INSUMOS'!$A$2:$F$4852,6,FALSE),VLOOKUP(B1675,'SINAPI INSUMOS'!$A$2:$F$4852,5,FALSE)),\"VERIFICAR\"))","v":0.06},2.37]
["Insumo",184,"SINAPI","BATENTE / PORTAL / ADUELA / MARCO EM MADEIRA MACICA COM REBAIXO, E = *3* CM, L = *14* CM, PARA PORTAS DE GIRO DE *60 CM A 120* CM X *210* CM, PINUS / EUCALIPTO / VIROLA OU EQUIVALENTE DA REGIAO (NAO INCLUI ALIZARES)","Material","JG",1,{"$f":"IF(A1676=\"Composição Auxiliar\",VLOOKUP(B1676,'SINAPI COMPOSIÇÃO'!$A$2:$E$10256,4,FALSE),IF(A1676=\"Insumo\",IF(VLOOKUP(B1676,'SINAPI INSUMOS'!$A$2:$F$4852,5,FALSE)=OR(\"\",0),VLOOKUP(B1676,'SINAPI INSUMOS'!$A$2:$F$4852,6,FALSE),VLOOKUP(B1676,'SINAPI INSUMOS'!$A$2:$F$4852,5,FALSE)),\"VERIFICAR\"))","v":123.87},123.87]
["Insumo",20017,"SINAPI","GUARNICAO / ALIZAR / VISTA LISA EM MADEIRA MACICA, PARA PORTA, E = *1* CM, L = *5* CM, CEDRINHO / ANGELIM COMERCIAL / TAURI/ CURUPIXA / PEROBA / CUMARU OU EQUIVALENTE DA REGIAO","Material","M",6.3,{"$f":"IF(A1677=\"Composição Auxiliar\",VLOOKUP(B1677,'SINAPI COMPOSIÇÃO'!$A$2:$E$10256,4,FALSE),IF(A1677=\"Insumo\",IF(VLOOKUP(B1677,'SINAPI INSUMOS'!$A$2:$F$4852,5,FALSE)=OR(\"\",0),VLOOKUP(B1677,'SINAPI INSUMOS'!$A$2:$F$4852,6,FALSE),VLOOKUP(B1677,'SINAPI INSUMOS'!$A$2:$F$4852,5,FALSE)),\"VERIFICAR\"))","v":7.27},45.8]
["Insumo",11055,"SINAPI","PARAFUSO ROSCA SOBERBA ZINCADO CABECA CHATA FENDA SIMPLES 3,5 X 25 MM (1 \")","Material","UN",39.6,{"$f":"IF(A1678=\"Composição Auxiliar\",VLOOKUP(B1678,'SINAPI COMPOSIÇÃO'!$A$2:$E$10256,4,FALSE),IF(A1678=\"Insumo\",IF(VLOOKUP(B1678,'SINAPI INSUMOS'!$A$2:$F$4852,5,FALSE)=OR(\"\",0),VLOOKUP(B1678,'SINAPI INSUMOS'!$A$2:$F$4852,6,FALSE),VLOOKUP(B1678,'SINAPI INSUMOS'!$A$2:$F$4852,5,FALSE)),\"VERIFICAR\"))","v":0.11},4.3499999999999996]
["12.4","Código","Banco","Descrição","Tipo","Und","Quant.","Valor Unit","Total"]
["Composição",100702,"SINAPI","PORTA DE CORRER DE ALUMÍNIO, COM DUAS FOLHAS PARA VIDRO, INCLUSO VIDRO LISO INCOLOR, FECHADURA E PUXADOR, SEM ALIZAR. AF_12/2019","ESQV - ESQUADRIAS/FERRAGENS/VIDROS","m²",1,{"$f":"I1680","v":507.85},{"$f":"SUM(I1681:I1686)","v":507.85}]
["Composição Auxiliar",88309,"SINAPI","PEDREIRO COM ENCARGOS COMPLEMENTARES","SEDI - SERVIÇOS DIVERSOS","H",0.4088619,{"$f":"IF(A1681=\"Composição Auxiliar\",VLOOKUP(B1681,'SINAPI COMPOSIÇÃO'!$A$2:$E$10256,4,FALSE),IF(A1681=\"Insumo\",IF(VLOOKUP(B1681,'SINAPI INSUMOS'!$A$2:$F$4852,5,FALSE)=OR(\"\",0),VLOOKUP(B1681,'SINAPI INSUMOS'!$A$2:$F$4852,6,FALSE),VLOOKUP(B1681,'SINAPI INSUMOS'!$A$2:$F$4852,5,FALSE)),\"VERIFICAR\"))","v":27.58},{"$f":"TRUNC(G1681*H1681,2)","v":11.27}]
["Composição Auxiliar",88316,"SINAPI","SERVENTE COM ENCARGOS COMPLEMENTARES","SEDI - SERVIÇOS DIVERSOS","H",0.1155479,{"$f":"IF(A1682=\"Composição Auxiliar\",VLOOKUP(B1682,'SINAPI COMPOSIÇÃO'!$A$2:$E$10256,4,FALSE),IF(A1682=\"Insumo\",IF(VLOOKUP(B1682,'SINAPI INSUMOS'!$A$2:$F$4852,5,FALSE)=OR(\"\",0),VLOOKUP(B1682,'SINAPI INSUMOS'!$A$2:$F$4852,6,FALSE),VLOOKUP(B1682,'SINAPI INSUMOS'!$A$2:$F$4852,5,FALSE)),\"VERIFICAR\"))","v":21.32},2.46]
["Insumo",142,"SINAPI","SELANTE ELASTICO MONOCOMPONENTE A BASE DE POLIURETANO (PU) PARA JUNTAS DIVERSAS","Material","310ML",6.3700000000000007E-2,{"$f":"IF(A1683=\"Composição Auxiliar\",VLOOKUP(B1683,'SINAPI COMPOSIÇÃO'!$A$2:$E$10256,4,FALSE),IF(A1683=\"Insumo\",IF(VLOOKUP(B1683,'SINAPI INSUMOS'!$A$2:$F$4852,5,FALSE)=OR(\"\",0),VLOOKUP(B1683,'SINAPI INSUMOS'!$A$2:$F$4852,6,FALSE),VLOOKUP(B1683,'SINAPI INSUMOS'!$A$2:$F$4852,5,FALSE)),\"VERIFICAR\"))","v":38.270000000000003},2.4300000000000002]
["Insumo",36888,"SINAPI","GUARNICAO / MOLDURA / ARREMATE DE ACABAMENTO PARA ESQUADRIA, EM ALUMINIO PERFIL 25, ACABAMENTO ANODIZADO BRANCO OU BRILHANTE, PARA 1 FACE","Material","M",2.202,{"$f":"IF(A1684=\"Composição Auxiliar\",VLOOKUP(B1684,'SINAPI COMPOSIÇÃO'!$A$2:$E$10256,4,FALSE),IF(A1684=\"Insumo\",IF(VLOOKUP(B1684,'SINAPI INSUMOS'!$A$2:$F$4852,5,FALSE)=OR(\"\",0),VLOOKUP(B1684,'SINAPI INSUMOS'!$A$2:$F$4852,6,FALSE),VLOOKUP(B1684,'SINAPI INSUMOS'!$A$2:$F$4852,5,FALSE)),\"VERIFICAR\"))","v":27.86},61.34]
["Insumo",4922,"SINAPI","PORTA DE CORRER EM ALUMINIO, DUAS FOLHAS MOVEIS COM VIDRO, FECHADURA E PUXADOR EMBUTIDO, ACABAMENTO ANODIZADO NATURAL, SEM GUARNICAO/ALIZAR/VISTA","Material","m²",1,{"$f":"IF(A1685=\"Composição Auxiliar\",VLOOKUP(B1685,'SINAPI COMPOSIÇÃO'!$A$2:$E$10256,4,FALSE),IF(A1685=\"Insumo\",IF(VLOOKUP(B1685,'SINAPI INSUMOS'!$A$2:$F$4852,5,FALSE)=OR(\"\",0),VLOOKUP(B1685,'SINAPI INSUMOS'!$A$2:$F$4852,6,FALSE),VLOOKUP(B1685,'SINAPI INSUMOS'!$A$2:$F$4852,5,FALSE)),\"VERIFICAR\"))","v":427.48},427.48]
["Insumo",7568,"SINAPI","BUCHA DE NYLON SEM ABA S10, COM PARAFUSO DE 6,10 X 65 MM EM ACO ZINCADO COM ROSCA SOBERBA, CABECA CHATA E FENDA PHILLIPS","Material","UN",4.72,{"$f":"IF(A1686=\"Composição Auxiliar\",VLOOKUP(B1686,'SINAPI COMPOSIÇÃO'!$A$2:$E$10256,4,FALSE),IF(A1686=\"Insumo\",IF(VLOOKUP(B1686,'SINAPI INSUMOS'!$A$2:$F$4852,5,FALSE)=OR(\"\",0),VLOOKUP(B1686,'SINAPI INSUMOS'!$A$2:$F$4852,6,FALSE),VLOOKUP(B1686,'SINAPI INSUMOS'!$A$2:$F$4852,5,FALSE)),\"VERIFICAR\"))","v":0.61},2.87]
["12.5","Código","Banco","Descrição","Tipo","Und","Quant.","Valor Unit","Total"]
["Composição",91341,"SINAPI","PORTA EM ALUMÍNIO DE ABRIR TIPO VENEZIANA COM GUARNIÇÃO, FIXAÇÃO COM PARAFUSOS - FORNECIMENTO E INSTALAÇÃO. AF_12/2019","ESQV - ESQUADRIAS/FERRAGENS/VIDROS","m²",1,{"$f":"I1688","v":708.06},{"$f":"SUM(I1689:I1694)","v":708.06}]
["Composição Auxiliar",88309,"SINAPI","PEDREIRO COM ENCARGOS COMPLEMENTARES","SEDI - SERVIÇOS DIVERSOS","H",0.55487889999999995,{"$f":"IF(A1689=\"Composição Auxiliar\",VLOOKUP(B1689,'SINAPI COMPOSIÇÃO'!$A$2:$E$10256,4,FALSE),IF(A1689=\"Insumo\",IF(VLOOKUP(B1689,'SINAPI INSUMOS'!$A$2:$F$4852,5,FALSE)=OR(\"\",0),VLOOKUP(B1689,'SINAPI INSUMOS'!$A$2:$F$4852,6,FALSE),VLOOKUP(B1689,'SINAPI INSUMOS'!$A$2:$F$4852,5,FALSE)),\"VERIFICAR\"))","v":27.58},{"$f":"TRUNC(G1689*H1689,2)","v":15.3}]
["Composição Auxiliar",88316,"SINAPI","SERVENTE COM ENCARGOS COMPLEMENTARES","SEDI - SERVIÇOS DIVERSOS","H",0.1568136,{"$f":"IF(A1690=\"Composição Auxiliar\",VLOOKUP(B1690,'SINAPI COMPOSIÇÃO'!$A$2:$E$10256,4,FALSE),IF(A1690=\"Insumo\",IF(VLOOKUP(B1690,'SINAPI INSUMOS'!$A$2:$F$4852,5,FALSE)=OR(\"\",0),VLOOKUP(B1690,'SINAPI INSUMOS'!$A$2:$F$4852,6,FALSE),VLOOKUP(B1690,'SINAPI INSUMOS'!$A$2:$F$4852,5,FALSE)),\"VERIFICAR\"))","v":21.32},3.34]
["Insumo",142,"SINAPI","SELANTE ELASTICO MONOCOMPONENTE A BASE DE POLIURETANO (PU) PARA JUNTAS DIVERSAS","Material","310ML",0.88290000000000002,{"$f":"IF(A1691=\"Composição Auxiliar\",VLOOKUP(B1691,'SINAPI COMPOSIÇÃO'!$A$2:$E$10256,4,FALSE),IF(A1691=\"Insumo\",IF(VLOOKUP(B1691,'SINAPI INSUMOS'!$A$2:$F$4852,5,FALSE)=OR(\"\",0),VLOOKUP(B1691,'SINAPI INSUMOS'!$A$2:$F$4852,6,FALSE),VLOOKUP(B1691,'SINAPI INSUMOS'!$A$2:$F$4852,5,FALSE)),\"VERIFICAR\"))","v":38.270000000000003},33.78]
["Insumo",36888,"SINAPI","GUARNICAO / MOLDURA / ARREMATE DE ACABAMENTO PARA ESQUADRIA, EM ALUMINIO PERFIL 25, ACABAMENTO ANODIZADO BRANCO OU BRILHANTE, PARA 1 FACE","Material","M",6.8503999999999996,{"$f":"IF(A1692=\"Composição Auxiliar\",VLOOKUP(B1692,'SINAPI COMPOSIÇÃO'!$A$2:$E$10256,4,FALSE),IF(A1692=\"Insumo\",IF(VLOOKUP(B1692,'SINAPI INSUMOS'!$A$2:$F$4852,5,FALSE)=OR(\"\",0),VLOOKUP(B1692,'SINAPI INSUMOS'!$A$2:$F$4852,6,FALSE),VLOOKUP(B1692,'SINAPI INSUMOS'!$A$2:$F$4852,5,FALSE)),\"VERIFICAR\"))","v":27.86},190.85]
["Insumo",7568,"SINAPI","BUCHA DE NYLON SEM ABA S10, COM PARAFUSO DE 6,10 X 65 MM EM ACO ZINCADO COM ROSCA SOBERBA, CABECA CHATA E FENDA PHILLIPS","Material","UN",4.8166000000000002,{"$f":"IF(A1693=\"Composição Auxiliar\",VLOOKUP(B1693,'SINAPI COMPOSIÇÃO'!$A$2:$E$10256,4,FALSE),IF(A1693=\"Insumo\",IF(VLOOKUP(B1693,'SINAPI INSUMOS'!$A$2:$F$4852,5,FALSE)=OR(\"\",0),VLOOKUP(B1693,'SINAPI INSUMOS'!$A$2:$F$4852,6,FALSE),VLOOKUP(B1693,'SINAPI INSUMOS'!$A$2:$F$4852,5,FALSE)),\"VERIFICAR\"))","v":0.61},2.93]
["Insumo",39025,"SINAPI","PORTA DE ABRIR, TIPO VENEZIANA, EM ALUMINIO, ACABAMENTO ANODIZADO NATURAL, 90 CM X 210 CM (LARGURA X ALTURA), SEM GUARNICAO/ALIZAR/VISTA","Material","UN",0.54730000000000001,{"$f":"IF(A1694=\"Composição Auxiliar\",VLOOKUP(B1694,'SINAPI COMPOSIÇÃO'!$A$2:$E$10256,4,FALSE),IF(A1694=\"Insumo\",IF(VLOOKUP(B1694,'SINAPI INSUMOS'!$A$2:$F$4852,5,FALSE)=OR(\"\",0),VLOOKUP(B1694,'SINAPI INSUMOS'!$A$2:$F$4852,6,FALSE),VLOOKUP(B1694,'SINAPI INSUMOS'!$A$2:$F$4852,5,FALSE)),\"VERIFICAR\"))","v":843.9},461.86]
["12.6","Código","Banco","Descrição","Tipo","Und","Quant.","Valor Unit","Total"]
["Composição",100701,"SINAPI","PORTA DE FERRO, DE ABRIR, TIPO GRADE COM CHAPA, COM GUARNIÇÕES. AF_12/2019","ESQV - ESQUADRIAS/FERRAGENS/VIDROS","m²",1,{"$f":"I1696","v":684.65},{"$f":"SUM(I1697:I1700)","v":684.65}]
["Composição Auxiliar",88627,"SINAPI","ARGAMASSA TRAÇO 1:0,5:4,5 (EM VOLUME DE CIMENTO, CAL E AREIA MÉDIA ÚMIDA) PARA ASSENTAMENTO DE ALVENARIA, PREPARO MANUAL. AF_08/2019","SEDI - SERVIÇOS DIVERSOS","m³",1.2E-2,{"$f":"IF(A1697=\"Composição Auxiliar\",VLOOKUP(B1697,'SINAPI COMPOSIÇÃO'!$A$2:$E$10256,4,FALSE),IF(A1697=\"Insumo\",IF(VLOOKUP(B1697,'SINAPI INSUMOS'!$A$2:$F$4852,5,FALSE)=OR(\"\",0),VLOOKUP(B1697,'SINAPI INSUMOS'!$A$2:$F$4852,6,FALSE),VLOOKUP(B1697,'SINAPI INSUMOS'!$A$2:$F$4852,5,FALSE)),\"VERIFICAR\"))","v":841.95},{"$f":"TRUNC(G1697*H1697,2)","v":10.1}]
["Composição Auxiliar",88309,"SINAPI","PEDREIRO COM ENCARGOS COMPLEMENTARES","SEDI - SERVIÇOS DIVERSOS","H",1.2695372,{"$f":"IF(A1698=\"Composição Auxiliar\",VLOOKUP(B1698,'SINAPI COMPOSIÇÃO'!$A$2:$E$10256,4,FALSE),IF(A1698=\"Insumo\",IF(VLOOKUP(B1698,'SINAPI INSUMOS'!$A$2:$F$4852,5,FALSE)=OR(\"\",0),VLOOKUP(B1698,'SINAPI INSUMOS'!$A$2:$F$4852,6,FALSE),VLOOKUP(B1698,'SINAPI INSUMOS'!$A$2:$F$4852,5,FALSE)),\"VERIFICAR\"))","v":27.58},{"$f":"TRUNC(G1698*H1698,2)","v":35.01}]
["Composição Auxiliar",88316,"SINAPI","SERVENTE COM ENCARGOS COMPLEMENTARES","SEDI - SERVIÇOS DIVERSOS","H",0.3587822,{"$f":"IF(A1699=\"Composição Auxiliar\",VLOOKUP(B1699,'SINAPI COMPOSIÇÃO'!$A$2:$E$10256,4,FALSE),IF(A1699=\"Insumo\",IF(VLOOKUP(B1699,'SINAPI INSUMOS'!$A$2:$F$4852,5,FALSE)=OR(\"\",0),VLOOKUP(B1699,'SINAPI INSUMOS'!$A$2:$F$4852,6,FALSE),VLOOKUP(B1699,'SINAPI INSUMOS'!$A$2:$F$4852,5,FALSE)),\"VERIFICAR\"))","v":21.32},{"$f":"TRUNC(G1699*H1699,2)","v":7.64}]
["Insumo",4930,"SINAPI","PORTA DE ABRIR / GIRO, EM GRADIL FERRO, COM BARRA CHATA 3 CM X 1/4\", COM REQUADRO E GUARNICAO - COMPLETO - ACABAMENTO NATURAL","Material","m²",1,{"$f":"IF(A1700=\"Composição Auxiliar\",VLOOKUP(B1700,'SINAPI COMPOSIÇÃO'!$A$2:$E$10256,4,FALSE),IF(A1700=\"Insumo\",IF(VLOOKUP(B1700,'SINAPI INSUMOS'!$A$2:$F$4852,5,FALSE)=OR(\"\",0),VLOOKUP(B1700,'SINAPI INSUMOS'!$A$2:$F$4852,6,FALSE),VLOOKUP(B1700,'SINAPI INSUMOS'!$A$2:$F$4852,5,FALSE)),\"VERIFICAR\"))","v":631.9},{"$f":"TRUNC(G1700*H1700,2)","v":631.9}]
["12.7","Código","Banco","Descrição","Tipo","Und","Quant.","Valor Unit","Total"]
["Composição",94569,"SINAPI","JANELA DE ALUMÍNIO TIPO MAXIM-AR, COM VIDROS, BATENTE E FERRAGENS, EXCLUSIVE ALIZAR, ACABAMENTO E CONTRAMARCO, FIXAÇÃO COM PARAFUSO. FORNECIMENTO E INSTALAÇÃO. AF_11/2024","ESQV - ESQUADRIAS/FERRAGENS/VIDROS","m²",1,{"$f":"I1702","v":657.16},{"$f":"SUM(I1703:I1707)","v":657.16}]
["Composição Auxiliar",88309,"SINAPI","PEDREIRO COM ENCARGOS COMPLEMENTARES","SEDI - SERVIÇOS DIVERSOS","H",1.0104139000000001,{"$f":"IF(A1703=\"Composição Auxiliar\",VLOOKUP(B1703,'SINAPI COMPOSIÇÃO'!$A$2:$E$10256,4,FALSE),IF(A1703=\"Insumo\",IF(VLOOKUP(B1703,'SINAPI INSUMOS'!$A$2:$F$4852,5,FALSE)=OR(\"\",0),VLOOKUP(B1703,'SINAPI INSUMOS'!$A$2:$F$4852,6,FALSE),VLOOKUP(B1703,'SINAPI INSUMOS'!$A$2:$F$4852,5,FALSE)),\"VERIFICAR\"))","v":27.58},{"$f":"TRUNC(G1703*H1703,2)","v":27.86}]
["Composição Auxiliar",88316,"SINAPI","SERVENTE COM ENCARGOS COMPLEMENTARES","SEDI - SERVIÇOS DIVERSOS","H",0.50520690000000001,{"$f":"IF(A1704=\"Composição Auxiliar\",VLOOKUP(B1704,'SINAPI COMPOSIÇÃO'!$A$2:$E$10256,4,FALSE),IF(A1704=\"Insumo\",IF(VLOOKUP(B1704,'SINAPI INSUMOS'!$A$2:$F$4852,5,FALSE)=OR(\"\",0),VLOOKUP(B1704,'SINAPI INSUMOS'!$A$2:$F$4852,6,FALSE),VLOOKUP(B1704,'SINAPI INSUMOS'!$A$2:$F$4852,5,FALSE)),\"VERIFICAR\"))","v":21.32},{"$f":"TRUNC(G1704*H1704,2)","v":10.77}]
["Insumo",34381,"SINAPI","JANELA MAXIM-AR, EM ALUMINIO PERFIL 25, 60 X 80 CM (A X L), ACABAMENTO BRANCO OU BRILHANTE, BATENTE DE 4 A 5 CM, COM VIDRO 4 MM, SEM GUARNICAO/ALIZAR","Material","UN",2.0832999999999999,{"$f":"IF(A1705=\"Composição Auxiliar\",VLOOKUP(B1705,'SINAPI COMPOSIÇÃO'!$A$2:$E$10256,4,FALSE),IF(A1705=\"Insumo\",IF(VLOOKUP(B1705,'SINAPI INSUMOS'!$A$2:$F$4852,5,FALSE)=OR(\"\",0),VLOOKUP(B1705,'SINAPI INSUMOS'!$A$2:$F$4852,6,FALSE),VLOOKUP(B1705,'SINAPI INSUMOS'!$A$2:$F$4852,5,FALSE)),\"VERIFICAR\"))","v":279.79000000000002},{"$f":"TRUNC(G1705*H1705,2)","v":582.88}]
["Insumo",4377,"SINAPI","PARAFUSO DE ACO ZINCADO COM ROSCA SOBERBA, CABECA CHATA E FENDA SIMPLES, DIAMETRO 4,2 MM, COMPRIMENTO * 32 * MM","Material","UN",24.4,{"$f":"IF(A1706=\"Composição Auxiliar\",VLOOKUP(B1706,'SINAPI COMPOSIÇÃO'!$A$2:$E$10256,4,FALSE),IF(A1706=\"Insumo\",IF(VLOOKUP(B1706,'SINAPI INSUMOS'!$A$2:$F$4852,5,FALSE)=OR(\"\",0),VLOOKUP(B1706,'SINAPI INSUMOS'!$A$2:$F$4852,6,FALSE),VLOOKUP(B1706,'SINAPI INSUMOS'!$A$2:$F$4852,5,FALSE)),\"VERIFICAR\"))","v":0.25},{"$f":"TRUNC(G1706*H1706,2)","v":6.1}]
["Insumo",39961,"SINAPI","SILICONE ACETICO USO GERAL INCOLOR 280 G","Material","UN",1.16875,{"$f":"IF(A1707=\"Composição Auxiliar\",VLOOKUP(B1707,'SINAPI COMPOSIÇÃO'!$A$2:$E$10256,4,FALSE),IF(A1707=\"Insumo\",IF(VLOOKUP(B1707,'SINAPI INSUMOS'!$A$2:$F$4852,5,FALSE)=OR(\"\",0),VLOOKUP(B1707,'SINAPI INSUMOS'!$A$2:$F$4852,6,FALSE),VLOOKUP(B1707,'SINAPI INSUMOS'!$A$2:$F$4852,5,FALSE)),\"VERIFICAR\"))","v":25.29},{"$f":"TRUNC(G1707*H1707,2)","v":29.55}]
["12.8","Código","Banco","Descrição","Tipo","Und","Quant.","Valor Unit","Total"]
["Composição",94570,"SINAPI","JANELA DE ALUMÍNIO DE CORRER COM 2 FOLHAS PARA VIDROS, COM VIDROS, BATENTE, ACABAMENTO COM ACETATO OU BRILHANTE E FERRAGENS, EXCLUSIVE ALIZAR E CONTRAMARCO, FIXAÇÃO COM PARAFUSO. FORNECIMENTO E INSTALAÇÃO. AF_11/2024","ESQV - ESQUADRIAS/FERRAGENS/VIDROS","m²",1,{"$f":"I1709","v":347.76},{"$f":"SUM(I1710:I1714)","v":347.76}]
["Composição Auxiliar",88309,"SINAPI","PEDREIRO COM ENCARGOS COMPLEMENTARES","SEDI - SERVIÇOS DIVERSOS","H",0.31301800000000002,{"$f":"IF(A1710=\"Composição Auxiliar\",VLOOKUP(B1710,'SINAPI COMPOSIÇÃO'!$A$2:$E$10256,4,FALSE),IF(A1710=\"Insumo\",IF(VLOOKUP(B1710,'SINAPI INSUMOS'!$A$2:$F$4852,5,FALSE)=OR(\"\",0),VLOOKUP(B1710,'SINAPI INSUMOS'!$A$2:$F$4852,6,FALSE),VLOOKUP(B1710,'SINAPI INSUMOS'!$A$2:$F$4852,5,FALSE)),\"VERIFICAR\"))","v":27.58},{"$f":"TRUNC(G1710*H1710,2)","v":8.6300000000000008}]
["Composição Auxiliar",88316,"SINAPI","SERVENTE COM ENCARGOS COMPLEMENTARES","SEDI - SERVIÇOS DIVERSOS","H",0.15650900000000001,{"$f":"IF(A1711=\"Composição Auxiliar\",VLOOKUP(B1711,'SINAPI COMPOSIÇÃO'!$A$2:$E$10256,4,FALSE),IF(A1711=\"Insumo\",IF(VLOOKUP(B1711,'SINAPI INSUMOS'!$A$2:$F$4852,5,FALSE)=OR(\"\",0),VLOOKUP(B1711,'SINAPI INSUMOS'!$A$2:$F$4852,6,FALSE),VLOOKUP(B1711,'SINAPI INSUMOS'!$A$2:$F$4852,5,FALSE)),\"VERIFICAR\"))","v":21.32},{"$f":"TRUNC(G1711*H1711,2)","v":3.33}]
["Insumo",36896,"SINAPI","JANELA DE CORRER, EM ALUMINIO PERFIL 25, 100 X 120 CM (A X L), 2 FLS MOVEIS, SEM BANDEIRA, ACABAMENTO BRANCO OU BRILHANTE, BATENTE DE 6 A 7 CM, COM VIDRO 4 MM, SEM GUARNICAO","Material","UN",0.83330000000000004,{"$f":"IF(A1712=\"Composição Auxiliar\",VLOOKUP(B1712,'SINAPI COMPOSIÇÃO'!$A$2:$E$10256,4,FALSE),IF(A1712=\"Insumo\",IF(VLOOKUP(B1712,'SINAPI INSUMOS'!$A$2:$F$4852,5,FALSE)=OR(\"\",0),VLOOKUP(B1712,'SINAPI INSUMOS'!$A$2:$F$4852,6,FALSE),VLOOKUP(B1712,'SINAPI INSUMOS'!$A$2:$F$4852,5,FALSE)),\"VERIFICAR\"))","v":379.95},{"$f":"TRUNC(G1712*H1712,2)","v":316.61}]
["Insumo",39961,"SINAPI","SILICONE ACETICO USO GERAL INCOLOR 280 G","Material","UN",0.66785709999999998,{"$f":"IF(A1713=\"Composição Auxiliar\",VLOOKUP(B1713,'SINAPI COMPOSIÇÃO'!$A$2:$E$10256,4,FALSE),IF(A1713=\"Insumo\",IF(VLOOKUP(B1713,'SINAPI INSUMOS'!$A$2:$F$4852,5,FALSE)=OR(\"\",0),VLOOKUP(B1713,'SINAPI INSUMOS'!$A$2:$F$4852,6,FALSE),VLOOKUP(B1713,'SINAPI INSUMOS'!$A$2:$F$4852,5,FALSE)),\"VERIFICAR\"))","v":25.29},{"$f":"TRUNC(G1713*H1713,2)","v":16.89}]
["Insumo",4377,"SINAPI","PARAFUSO DE ACO ZINCADO COM ROSCA SOBERBA, CABECA CHATA E FENDA SIMPLES, DIAMETRO 4,2 MM, COMPRIMENTO * 32 * MM","Material","UN",9.1999999999999993,{"$f":"IF(A1714=\"Composição Auxiliar\",VLOOKUP(B1714,'SINAPI COMPOSIÇÃO'!$A$2:$E$10256,4,FALSE),IF(A1714=\"Insumo\",IF(VLOOKUP(B1714,'SINAPI INSUMOS'!$A$2:$F$4852,5,FALSE)=OR(\"\",0),VLOOKUP(B1714,'SINAPI INSUMOS'!$A$2:$F$4852,6,FALSE),VLOOKUP(B1714,'SINAPI INSUMOS'!$A$2:$F$4852,5,FALSE)),\"VERIFICAR\"))","v":0.25},{"$f":"TRUNC(G1714*H1714,2)","v":2.2999999999999998}]
["12.9","Código","Banco","Descrição","Tipo","Und","Quant.","Valor Unit","Total"]
["Composição",102176,"SINAPI","INSTALAÇÃO DE VIDRO LAMINADO, E = 8 MM (4+4), ENCAIXADO EM PERFIL U. AF_01/2021_PS","ESQV - ESQUADRIAS/FERRAGENS/VIDROS","m²",1,{"$f":"I1716","v":1466.4399999999998},{"$f":"SUM(I1717:I1723)","v":1466.4399999999998}]
["Composição Auxiliar",88325,"SINAPI","VIDRACEIRO COM ENCARGOS COMPLEMENTARES","SEDI - SERVIÇOS DIVERSOS","H",1.6659999999999999,{"$f":"IF(A1717=\"Composição Auxiliar\",VLOOKUP(B1717,'SINAPI COMPOSIÇÃO'!$A$2:$E$10256,4,FALSE),IF(A1717=\"Insumo\",IF(VLOOKUP(B1717,'SINAPI INSUMOS'!$A$2:$F$4852,5,FALSE)=OR(\"\",0),VLOOKUP(B1717,'SINAPI INSUMOS'!$A$2:$F$4852,6,FALSE),VLOOKUP(B1717,'SINAPI INSUMOS'!$A$2:$F$4852,5,FALSE)),\"VERIFICAR\"))","v":24.78},{"$f":"TRUNC(G1717*H1717,2)","v":41.28}]
["Composição Auxiliar",88316,"SINAPI","SERVENTE COM ENCARGOS COMPLEMENTARES","SEDI - SERVIÇOS DIVERSOS","H",1.619,{"$f":"IF(A1718=\"Composição Auxiliar\",VLOOKUP(B1718,'SINAPI COMPOSIÇÃO'!$A$2:$E$10256,4,FALSE),IF(A1718=\"Insumo\",IF(VLOOKUP(B1718,'SINAPI INSUMOS'!$A$2:$F$4852,5,FALSE)=OR(\"\",0),VLOOKUP(B1718,'SINAPI INSUMOS'!$A$2:$F$4852,6,FALSE),VLOOKUP(B1718,'SINAPI INSUMOS'!$A$2:$F$4852,5,FALSE)),\"VERIFICAR\"))","v":21.32},34.51]
["Insumo",20259,"SINAPI","PERFIL DE BORRACHA EPDM MACICO *12 X 15* MM PARA ESQUADRIAS","Material","M",3.4159999999999999,{"$f":"IF(A1719=\"Composição Auxiliar\",VLOOKUP(B1719,'SINAPI COMPOSIÇÃO'!$A$2:$E$10256,4,FALSE),IF(A1719=\"Insumo\",IF(VLOOKUP(B1719,'SINAPI INSUMOS'!$A$2:$F$4852,5,FALSE)=OR(\"\",0),VLOOKUP(B1719,'SINAPI INSUMOS'!$A$2:$F$4852,6,FALSE),VLOOKUP(B1719,'SINAPI INSUMOS'!$A$2:$F$4852,5,FALSE)),\"VERIFICAR\"))","v":13.7},46.79]
["Insumo",11950,"SINAPI","BUCHA DE NYLON SEM ABA S6, COM PARAFUSO DE 4,20 X 40 MM EM ACO ZINCADO COM ROSCA SOBERBA, CABECA CHATA E FENDA PHILLIPS","Material","UN",2.1960000000000002,{"$f":"IF(A1720=\"Composição Auxiliar\",VLOOKUP(B1720,'SINAPI COMPOSIÇÃO'!$A$2:$E$10256,4,FALSE),IF(A1720=\"Insumo\",IF(VLOOKUP(B1720,'SINAPI INSUMOS'!$A$2:$F$4852,5,FALSE)=OR(\"\",0),VLOOKUP(B1720,'SINAPI INSUMOS'!$A$2:$F$4852,6,FALSE),VLOOKUP(B1720,'SINAPI INSUMOS'!$A$2:$F$4852,5,FALSE)),\"VERIFICAR\"))","v":0.2},0.43]
["Insumo",34391,"SINAPI","VIDRO COMUM LAMINADO LISO INCOLOR DUPLO, ESPESSURA TOTAL 8 MM (CADA CAMADA DE 4 MM) - COLOCADO","Material","m²",1,{"$f":"IF(A1721=\"Composição Auxiliar\",VLOOKUP(B1721,'SINAPI COMPOSIÇÃO'!$A$2:$E$10256,4,FALSE),IF(A1721=\"Insumo\",IF(VLOOKUP(B1721,'SINAPI INSUMOS'!$A$2:$F$4852,5,FALSE)=OR(\"\",0),VLOOKUP(B1721,'SINAPI INSUMOS'!$A$2:$F$4852,6,FALSE),VLOOKUP(B1721,'SINAPI INSUMOS'!$A$2:$F$4852,5,FALSE)),\"VERIFICAR\"))","v":1292.6199999999999},1292.6199999999999]
["Insumo",39432,"SINAPI","FITA DE PAPEL REFORCADA COM LAMINA DE METAL PARA REFORCO DE CANTOS DE CHAPA DE GESSO PARA DRYWALL","Material","M",2.992,{"$f":"IF(A1722=\"Composição Auxiliar\",VLOOKUP(B1722,'SINAPI COMPOSIÇÃO'!$A$2:$E$10256,4,FALSE),IF(A1722=\"Insumo\",IF(VLOOKUP(B1722,'SINAPI INSUMOS'!$A$2:$F$4852,5,FALSE)=OR(\"\",0),VLOOKUP(B1722,'SINAPI INSUMOS'!$A$2:$F$4852,6,FALSE),VLOOKUP(B1722,'SINAPI INSUMOS'!$A$2:$F$4852,5,FALSE)),\"VERIFICAR\"))","v":3.08},9.2100000000000009]
["Insumo",34360,"SINAPI","PERFIL DE ALUMINIO ANODIZADO","Material","KG",0.96399999999999997,{"$f":"IF(A1723=\"Composição Auxiliar\",VLOOKUP(B1723,'SINAPI COMPOSIÇÃO'!$A$2:$E$10256,4,FALSE),IF(A1723=\"Insumo\",IF(VLOOKUP(B1723,'SINAPI INSUMOS'!$A$2:$F$4852,5,FALSE)=OR(\"\",0),VLOOKUP(B1723,'SINAPI INSUMOS'!$A$2:$F$4852,6,FALSE),VLOOKUP(B1723,'SINAPI INSUMOS'!$A$2:$F$4852,5,FALSE)),\"VERIFICAR\"))","v":43.16},41.6]
["12.10","Código","Banco","Descrição","Tipo","Und","Quant.","Valor Unit","Total"]
["Composição",94590,"SINAPI","CONTRAMARCO DE ALUMÍNIO, FIXAÇÃO COM PARAFUSO - FORNECIMENTO E INSTALAÇÃO. AF_11/2024","ESQV - ESQUADRIAS/FERRAGENS/VIDROS","M",1,{"$f":"I1725","v":27.569999999999997},{"$f":"SUM(I1726:I1730)","v":27.569999999999997}]
["Composição Auxiliar",88309,"SINAPI","PEDREIRO COM ENCARGOS COMPLEMENTARES","SEDI - SERVIÇOS DIVERSOS","H",0.38369690000000001,{"$f":"IF(A1726=\"Composição Auxiliar\",VLOOKUP(B1726,'SINAPI COMPOSIÇÃO'!$A$2:$E$10256,4,FALSE),IF(A1726=\"Insumo\",IF(VLOOKUP(B1726,'SINAPI INSUMOS'!$A$2:$F$4852,5,FALSE)=OR(\"\",0),VLOOKUP(B1726,'SINAPI INSUMOS'!$A$2:$F$4852,6,FALSE),VLOOKUP(B1726,'SINAPI INSUMOS'!$A$2:$F$4852,5,FALSE)),\"VERIFICAR\"))","v":27.58},{"$f":"TRUNC(G1726*H1726,2)","v":10.58}]
["Composição Auxiliar",88316,"SINAPI","SERVENTE COM ENCARGOS COMPLEMENTARES","SEDI - SERVIÇOS DIVERSOS","H",0.19184850000000001,{"$f":"IF(A1727=\"Composição Auxiliar\",VLOOKUP(B1727,'SINAPI COMPOSIÇÃO'!$A$2:$E$10256,4,FALSE),IF(A1727=\"Insumo\",IF(VLOOKUP(B1727,'SINAPI INSUMOS'!$A$2:$F$4852,5,FALSE)=OR(\"\",0),VLOOKUP(B1727,'SINAPI INSUMOS'!$A$2:$F$4852,6,FALSE),VLOOKUP(B1727,'SINAPI INSUMOS'!$A$2:$F$4852,5,FALSE)),\"VERIFICAR\"))","v":21.32},{"$f":"TRUNC(G1727*H1727,2)","v":4.09}]
["Insumo",11950,"SINAPI","BUCHA DE NYLON SEM ABA S6, COM PARAFUSO DE 4,20 X 40 MM EM ACO ZINCADO COM ROSCA SOBERBA, CABECA CHATA E FENDA PHILLIPS","Material","UN",2.6949999999999998,{"$f":"IF(A1728=\"Composição Auxiliar\",VLOOKUP(B1728,'SINAPI COMPOSIÇÃO'!$A$2:$E$10256,4,FALSE),IF(A1728=\"Insumo\",IF(VLOOKUP(B1728,'SINAPI INSUMOS'!$A$2:$F$4852,5,FALSE)=OR(\"\",0),VLOOKUP(B1728,'SINAPI INSUMOS'!$A$2:$F$4852,6,FALSE),VLOOKUP(B1728,'SINAPI INSUMOS'!$A$2:$F$4852,5,FALSE)),\"VERIFICAR\"))","v":0.2},{"$f":"TRUNC(G1728*H1728,2)","v":0.53}]
["Insumo",43657,"SINAPI","CONTRAMARCO DE ALUMINIO (PERFIL 25) PARA ESQUADRIAS, TIPO CONVENCIONAL / CADEIRINHA, 60 MM (CM-060), INCLUSO CONEXOES, GRAPAS E TRAVAMENTOS","Material","M",1,{"$f":"IF(A1729=\"Composição Auxiliar\",VLOOKUP(B1729,'SINAPI COMPOSIÇÃO'!$A$2:$E$10256,4,FALSE),IF(A1729=\"Insumo\",IF(VLOOKUP(B1729,'SINAPI INSUMOS'!$A$2:$F$4852,5,FALSE)=OR(\"\",0),VLOOKUP(B1729,'SINAPI INSUMOS'!$A$2:$F$4852,6,FALSE),VLOOKUP(B1729,'SINAPI INSUMOS'!$A$2:$F$4852,5,FALSE)),\"VERIFICAR\"))","v":7.31},{"$f":"TRUNC(G1729*H1729,2)","v":7.31}]
["Insumo",39961,"SINAPI","SILICONE ACETICO USO GERAL INCOLOR 280 G","Material","UN",0.20035710000000001,{"$f":"IF(A1730=\"Composição Auxiliar\",VLOOKUP(B1730,'SINAPI COMPOSIÇÃO'!$A$2:$E$10256,4,FALSE),IF(A1730=\"Insumo\",IF(VLOOKUP(B1730,'SINAPI INSUMOS'!$A$2:$F$4852,5,FALSE)=OR(\"\",0),VLOOKUP(B1730,'SINAPI INSUMOS'!$A$2:$F$4852,6,FALSE),VLOOKUP(B1730,'SINAPI INSUMOS'!$A$2:$F$4852,5,FALSE)),\"VERIFICAR\"))","v":25.29},{"$f":"TRUNC(G1730*H1730,2)","v":5.0599999999999996}]
["12.11","Código","Banco","Descrição","Tipo","Und","Quant.","Valor Unit","Total"]
["Composição",102163,"SINAPI","INSTALAÇÃO DE VIDRO LISO FUME, E = 4 MM, EM ESQUADRIA DE ALUMÍNIO OU PVC, FIXADO COM BAGUETE. AF_01/2021_PS","ESQV - ESQUADRIAS/FERRAGENS/VIDROS","m²",1,{"$f":"I1732","v":508.63},{"$f":"SUM(I1733:I1737)","v":508.63}]
["Composição Auxiliar",88316,"SINAPI","SERVENTE COM ENCARGOS COMPLEMENTARES","SEDI - SERVIÇOS DIVERSOS","H",0.58291870000000001,{"$f":"IF(A1733=\"Composição Auxiliar\",VLOOKUP(B1733,'SINAPI COMPOSIÇÃO'!$A$2:$E$10256,4,FALSE),IF(A1733=\"Insumo\",IF(VLOOKUP(B1733,'SINAPI INSUMOS'!$A$2:$F$4852,5,FALSE)=OR(\"\",0),VLOOKUP(B1733,'SINAPI INSUMOS'!$A$2:$F$4852,6,FALSE),VLOOKUP(B1733,'SINAPI INSUMOS'!$A$2:$F$4852,5,FALSE)),\"VERIFICAR\"))","v":21.32},{"$f":"TRUNC(G1733*H1733,2)","v":12.42}]
["Composição Auxiliar",88325,"SINAPI","VIDRACEIRO COM ENCARGOS COMPLEMENTARES","SEDI - SERVIÇOS DIVERSOS","H",0.67565580000000003,{"$f":"IF(A1734=\"Composição Auxiliar\",VLOOKUP(B1734,'SINAPI COMPOSIÇÃO'!$A$2:$E$10256,4,FALSE),IF(A1734=\"Insumo\",IF(VLOOKUP(B1734,'SINAPI INSUMOS'!$A$2:$F$4852,5,FALSE)=OR(\"\",0),VLOOKUP(B1734,'SINAPI INSUMOS'!$A$2:$F$4852,6,FALSE),VLOOKUP(B1734,'SINAPI INSUMOS'!$A$2:$F$4852,5,FALSE)),\"VERIFICAR\"))","v":24.78},{"$f":"TRUNC(G1734*H1734,2)","v":16.739999999999998}]
["Insumo",39432,"SINAPI","FITA DE PAPEL REFORCADA COM LAMINA DE METAL PARA REFORCO DE CANTOS DE CHAPA DE GESSO PARA DRYWALL","Material","M",6.3810000000000002,{"$f":"IF(A1735=\"Composição Auxiliar\",VLOOKUP(B1735,'SINAPI COMPOSIÇÃO'!$A$2:$E$10256,4,FALSE),IF(A1735=\"Insumo\",IF(VLOOKUP(B1735,'SINAPI INSUMOS'!$A$2:$F$4852,5,FALSE)=OR(\"\",0),VLOOKUP(B1735,'SINAPI INSUMOS'!$A$2:$F$4852,6,FALSE),VLOOKUP(B1735,'SINAPI INSUMOS'!$A$2:$F$4852,5,FALSE)),\"VERIFICAR\"))","v":3.08},{"$f":"TRUNC(G1735*H1735,2)","v":19.649999999999999}]
["Insumo",20259,"SINAPI","PERFIL DE BORRACHA EPDM MACICO *12 X 15* MM PARA ESQUADRIAS","Material","M",7.2869999999999999,{"$f":"IF(A1736=\"Composição Auxiliar\",VLOOKUP(B1736,'SINAPI COMPOSIÇÃO'!$A$2:$E$10256,4,FALSE),IF(A1736=\"Insumo\",IF(VLOOKUP(B1736,'SINAPI INSUMOS'!$A$2:$F$4852,5,FALSE)=OR(\"\",0),VLOOKUP(B1736,'SINAPI INSUMOS'!$A$2:$F$4852,6,FALSE),VLOOKUP(B1736,'SINAPI INSUMOS'!$A$2:$F$4852,5,FALSE)),\"VERIFICAR\"))","v":13.7},{"$f":"TRUNC(G1736*H1736,2)","v":99.83}]
["Insumo",11188,"SINAPI","VIDRO LISO FUME E = 4MM - SEM COLOCACAO","Material","m²",1,{"$f":"IF(A1737=\"Composição Auxiliar\",VLOOKUP(B1737,'SINAPI COMPOSIÇÃO'!$A$2:$E$10256,4,FALSE),IF(A1737=\"Insumo\",IF(VLOOKUP(B1737,'SINAPI INSUMOS'!$A$2:$F$4852,5,FALSE)=OR(\"\",0),VLOOKUP(B1737,'SINAPI INSUMOS'!$A$2:$F$4852,6,FALSE),VLOOKUP(B1737,'SINAPI INSUMOS'!$A$2:$F$4852,5,FALSE)),\"VERIFICAR\"))","v":359.99},{"$f":"TRUNC(G1737*H1737,2)","v":359.99}]
["12.12","Código","Banco","Descrição","Tipo","Und","Quant.","Valor Unit","Total"]
["Composição",102185,"SINAPI","PORTA DE ABRIR COM MOLA HIDRÁULICA, EM VIDRO TEMPERADO, 2 FOLHAS DE 90X210 CM, ESPESSURA DD 10MM, INCLUSIVE ACESSÓRIOS. AF_01/2021","ESQV - ESQUADRIAS/FERRAGENS/VIDROS","UN",1,{"$f":"I1739","v":5001.2800000000007},{"$f":"SUM(I1740:I1744)","v":5001.2800000000007}]
["Composição Auxiliar",88325,"SINAPI","VIDRACEIRO COM ENCARGOS COMPLEMENTARES","SEDI - SERVIÇOS DIVERSOS","H",6.6149510999999999,{"$f":"IF(A1740=\"Composição Auxiliar\",VLOOKUP(B1740,'SINAPI COMPOSIÇÃO'!$A$2:$E$10256,4,FALSE),IF(A1740=\"Insumo\",IF(VLOOKUP(B1740,'SINAPI INSUMOS'!$A$2:$F$4852,5,FALSE)=OR(\"\",0),VLOOKUP(B1740,'SINAPI INSUMOS'!$A$2:$F$4852,6,FALSE),VLOOKUP(B1740,'SINAPI INSUMOS'!$A$2:$F$4852,5,FALSE)),\"VERIFICAR\"))","v":24.78},{"$f":"TRUNC(G1740*H1740,2)","v":163.91}]
["Composição Auxiliar",88316,"SINAPI","SERVENTE COM ENCARGOS COMPLEMENTARES","SEDI - SERVIÇOS DIVERSOS","H",5.7070166999999996,{"$f":"IF(A1741=\"Composição Auxiliar\",VLOOKUP(B1741,'SINAPI COMPOSIÇÃO'!$A$2:$E$10256,4,FALSE),IF(A1741=\"Insumo\",IF(VLOOKUP(B1741,'SINAPI INSUMOS'!$A$2:$F$4852,5,FALSE)=OR(\"\",0),VLOOKUP(B1741,'SINAPI INSUMOS'!$A$2:$F$4852,6,FALSE),VLOOKUP(B1741,'SINAPI INSUMOS'!$A$2:$F$4852,5,FALSE)),\"VERIFICAR\"))","v":21.32},{"$f":"TRUNC(G1741*H1741,2)","v":121.67}]
["Insumo",3104,"SINAPI","CONJ. DE FERRAGENS PARA PORTA DE VIDRO TEMPERADO, EM ZAMAC CROMADO, CONTEMPLANDO DOBRADICA INF., DOBRADICA SUP., PIVO PARA DOBRADICA INF., PIVO PARA DOBRADICA SUP., FECHADURA CENTRAL EM ZAMC. CROMADO, CONTRA FECHADURA DE PRESSAO","Material","CJ",2,{"$f":"IF(A1742=\"Composição Auxiliar\",VLOOKUP(B1742,'SINAPI COMPOSIÇÃO'!$A$2:$E$10256,4,FALSE),IF(A1742=\"Insumo\",IF(VLOOKUP(B1742,'SINAPI INSUMOS'!$A$2:$F$4852,5,FALSE)=OR(\"\",0),VLOOKUP(B1742,'SINAPI INSUMOS'!$A$2:$F$4852,6,FALSE),VLOOKUP(B1742,'SINAPI INSUMOS'!$A$2:$F$4852,5,FALSE)),\"VERIFICAR\"))","v":184.16},{"$f":"TRUNC(G1742*H1742,2)","v":368.32}]
["Insumo",5031,"SINAPI","VIDRO TEMPERADO INCOLOR PARA PORTA DE ABRIR, E = 10 MM (SEM FERRAGENS E SEM COLOCACAO)","Material","m²",3.78,{"$f":"IF(A1743=\"Composição Auxiliar\",VLOOKUP(B1743,'SINAPI COMPOSIÇÃO'!$A$2:$E$10256,4,FALSE),IF(A1743=\"Insumo\",IF(VLOOKUP(B1743,'SINAPI INSUMOS'!$A$2:$F$4852,5,FALSE)=OR(\"\",0),VLOOKUP(B1743,'SINAPI INSUMOS'!$A$2:$F$4852,6,FALSE),VLOOKUP(B1743,'SINAPI INSUMOS'!$A$2:$F$4852,5,FALSE)),\"VERIFICAR\"))","v":625},{"$f":"TRUNC(G1743*H1743,2)","v":2362.5}]
["Insumo",11499,"SINAPI","MOLA HIDRAULICA DE PISO, PARA PORTAS DE ATE 1100 MM E PESO DE ATE 120 KG, COM CORPO EM ACO INOX","Material","UN",2,{"$f":"IF(A1744=\"Composição Auxiliar\",VLOOKUP(B1744,'SINAPI COMPOSIÇÃO'!$A$2:$E$10256,4,FALSE),IF(A1744=\"Insumo\",IF(VLOOKUP(B1744,'SINAPI INSUMOS'!$A$2:$F$4852,5,FALSE)=OR(\"\",0),VLOOKUP(B1744,'SINAPI INSUMOS'!$A$2:$F$4852,6,FALSE),VLOOKUP(B1744,'SINAPI INSUMOS'!$A$2:$F$4852,5,FALSE)),\"VERIFICAR\"))","v":992.44},{"$f":"TRUNC(G1744*H1744,2)","v":1984.88}]
["13",null,null,"INCENDIO"]
["13.1","Código","Banco","Descrição","Tipo","Und","Quant.","Valor Unit","Total"]
["Composição","COMP. SEDE  26","Próprio","PONTO DE TOMADA PARA LUMINÁRIA DE INCÊNDIO, INCLUINDO TOMADA, CABO, ELETRODUTO E CAIXA.","INEL - INSTALAÇÃO ELÉTRICA/ELETRIFICAÇÃO E ILUMINAÇÃO EXTERNA","UN",1,{"$f":"I1747","v":147.37},{"$f":"SUM(I1748:I1752)","v":147.37}]
["Composição Auxiliar",91996,"SINAPI","TOMADA MÉDIA DE EMBUTIR (1 MÓDULO), 2P+T 10 A, INCLUINDO SUPORTE E PLACA - FORNECIMENTO E INSTALAÇÃO. AF_03/2023","INEL - INSTALAÇÃO ELÉTRICA/ELETRIFICAÇÃO E ILUMINAÇÃO EXTERNA","UN",1,{"$f":"IF(A1748=\"Composição Auxiliar\",VLOOKUP(B1748,'SINAPI COMPOSIÇÃO'!$A$2:$E$10256,4,FALSE),IF(A1748=\"Insumo\",IF(VLOOKUP(B1748,'SINAPI INSUMOS'!$A$2:$F$4852,5,FALSE)=OR(\"\",0),VLOOKUP(B1748,'SINAPI INSUMOS'!$A$2:$F$4852,6,FALSE),VLOOKUP(B1748,'SINAPI INSUMOS'!$A$2:$F$4852,5,FALSE)),\"VERIFICAR\"))","v":38.54},{"$f":"TRUNC(G1748*H1748,2)","v":38.54}]
["Composição Auxiliar",91926,"SINAPI","CABO DE COBRE FLEXÍVEL ISOLADO, 2,5 MM², ANTI-CHAMA 450/750 V, PARA CIRCUITOS TERMINAIS - FORNECIMENTO E INSTALAÇÃO. AF_03/2023","INEL - INSTALAÇÃO ELÉTRICA/ELETRIFICAÇÃO E ILUMINAÇÃO EXTERNA","M",8,{"$f":"IF(A1749=\"Composição Auxiliar\",VLOOKUP(B1749,'SINAPI COMPOSIÇÃO'!$A$2:$E$10256,4,FALSE),IF(A1749=\"Insumo\",IF(VLOOKUP(B1749,'SINAPI INSUMOS'!$A$2:$F$4852,5,FALSE)=OR(\"\",0),VLOOKUP(B1749,'SINAPI INSUMOS'!$A$2:$F$4852,6,FALSE),VLOOKUP(B1749,'SINAPI INSUMOS'!$A$2:$F$4852,5,FALSE)),\"VERIFICAR\"))","v":4.99},{"$f":"TRUNC(G1749*H1749,2)","v":39.92}]
["Composição Auxiliar",91852,"SINAPI","ELETRODUTO FLEXÍVEL CORRUGADO, PVC, DN 20 MM (1/2\"), PARA CIRCUITOS TERMINAIS, INSTALADO EM PAREDE - FORNECIMENTO E INSTALAÇÃO. AF_03/2023","INEL - INSTALAÇÃO ELÉTRICA/ELETRIFICAÇÃO E ILUMINAÇÃO EXTERNA","M",1.8,{"$f":"IF(A1750=\"Composição Auxiliar\",VLOOKUP(B1750,'SINAPI COMPOSIÇÃO'!$A$2:$E$10256,4,FALSE),IF(A1750=\"Insumo\",IF(VLOOKUP(B1750,'SINAPI INSUMOS'!$A$2:$F$4852,5,FALSE)=OR(\"\",0),VLOOKUP(B1750,'SINAPI INSUMOS'!$A$2:$F$4852,6,FALSE),VLOOKUP(B1750,'SINAPI INSUMOS'!$A$2:$F$4852,5,FALSE)),\"VERIFICAR\"))","v":9.51},{"$f":"TRUNC(G1750*H1750,2)","v":17.11}]
["Composição Auxiliar",91852,"SINAPI","ELETRODUTO FLEXÍVEL CORRUGADO, PVC, DN 20 MM (1/2\"), PARA CIRCUITOS TERMINAIS, INSTALADO EM LAJE - FORNECIMENTO E INSTALAÇÃO. AF_03/2023","INEL - INSTALAÇÃO ELÉTRICA/ELETRIFICAÇÃO E ILUMINAÇÃO EXTERNA","M",2,{"$f":"IF(A1751=\"Composição Auxiliar\",VLOOKUP(B1751,'SINAPI COMPOSIÇÃO'!$A$2:$E$10256,4,FALSE),IF(A1751=\"Insumo\",IF(VLOOKUP(B1751,'SINAPI INSUMOS'!$A$2:$F$4852,5,FALSE)=OR(\"\",0),VLOOKUP(B1751,'SINAPI INSUMOS'!$A$2:$F$4852,6,FALSE),VLOOKUP(B1751,'SINAPI INSUMOS'!$A$2:$F$4852,5,FALSE)),\"VERIFICAR\"))","v":9.51},{"$f":"TRUNC(G1751*H1751,2)","v":19.02}]
["Composição Auxiliar",91939,"SINAPI","CAIXA RETANGULAR 4\" X 2\" ALTA (2,00 M DO PISO), PVC, INSTALADA EM PAREDE - FORNECIMENTO E INSTALAÇÃO. AF_03/2023","INEL - INSTALAÇÃO ELÉTRICA/ELETRIFICAÇÃO E ILUMINAÇÃO EXTERNA","UN",1,{"$f":"IF(A1752=\"Composição Auxiliar\",VLOOKUP(B1752,'SINAPI COMPOSIÇÃO'!$A$2:$E$10256,4,FALSE),IF(A1752=\"Insumo\",IF(VLOOKUP(B1752,'SINAPI INSUMOS'!$A$2:$F$4852,5,FALSE)=OR(\"\",0),VLOOKUP(B1752,'SINAPI INSUMOS'!$A$2:$F$4852,6,FALSE),VLOOKUP(B1752,'SINAPI INSUMOS'!$A$2:$F$4852,5,FALSE)),\"VERIFICAR\"))","v":32.78},{"$f":"TRUNC(G1752*H1752,2)","v":32.78}]
["13.2","Código","Banco","Descrição","Tipo","Und","Quant.","Valor Unit","Total"]
["Composição",97599,"SINAPI","LUMINÁRIA DE EMERGÊNCIA, COM 30 LÂMPADAS LED DE 2 W, SEM REATOR - FORNECIMENTO E INSTALAÇÃO. AF_09/2024","INEL - INSTALAÇÃO ELÉTRICA/ELETRIFICAÇÃO E ILUMINAÇÃO EXTERNA","UN",1,{"$f":"I1754","v":21.34},{"$f":"SUM(I1755:I1757)","v":21.34}]
["Composição Auxiliar",88264,"SINAPI","ELETRICISTA COM ENCARGOS COMPLEMENTARES","SEDI - SERVIÇOS DIVERSOS","H",0.17649999999999999,{"$f":"IF(A1755=\"Composição Auxiliar\",VLOOKUP(B1755,'SINAPI COMPOSIÇÃO'!$A$2:$E$10256,4,FALSE),IF(A1755=\"Insumo\",IF(VLOOKUP(B1755,'SINAPI INSUMOS'!$A$2:$F$4852,5,FALSE)=OR(\"\",0),VLOOKUP(B1755,'SINAPI INSUMOS'!$A$2:$F$4852,6,FALSE),VLOOKUP(B1755,'SINAPI INSUMOS'!$A$2:$F$4852,5,FALSE)),\"VERIFICAR\"))","v":28.06},{"$f":"TRUNC(G1755*H1755,2)","v":4.95}]
["Composição Auxiliar",88247,"SINAPI","AUXILIAR DE ELETRICISTA COM ENCARGOS COMPLEMENTARES","SEDI - SERVIÇOS DIVERSOS","H",5.5156200000000002E-2,{"$f":"IF(A1756=\"Composição Auxiliar\",VLOOKUP(B1756,'SINAPI COMPOSIÇÃO'!$A$2:$E$10256,4,FALSE),IF(A1756=\"Insumo\",IF(VLOOKUP(B1756,'SINAPI INSUMOS'!$A$2:$F$4852,5,FALSE)=OR(\"\",0),VLOOKUP(B1756,'SINAPI INSUMOS'!$A$2:$F$4852,6,FALSE),VLOOKUP(B1756,'SINAPI INSUMOS'!$A$2:$F$4852,5,FALSE)),\"VERIFICAR\"))","v":23.98},{"$f":"TRUNC(G1756*H1756,2)","v":1.32}]
["Insumo",38774,"SINAPI","LUMINARIA DE EMERGENCIA 30 LEDS, POTENCIA 2 W, BATERIA DE LITIO, AUTONOMIA DE 6 HORAS","Material","UN",1,{"$f":"IF(A1757=\"Composição Auxiliar\",VLOOKUP(B1757,'SINAPI COMPOSIÇÃO'!$A$2:$E$10256,4,FALSE),IF(A1757=\"Insumo\",IF(VLOOKUP(B1757,'SINAPI INSUMOS'!$A$2:$F$4852,5,FALSE)=OR(\"\",0),VLOOKUP(B1757,'SINAPI INSUMOS'!$A$2:$F$4852,6,FALSE),VLOOKUP(B1757,'SINAPI INSUMOS'!$A$2:$F$4852,5,FALSE)),\"VERIFICAR\"))","v":15.07},{"$f":"TRUNC(G1757*H1757,2)","v":15.07}]
["13.3","Código","Banco","Descrição","Tipo","Und","Quant.","Valor Unit","Total"]
["Composição",101909,"SINAPI","EXTINTOR DE INCÊNDIO PORTÁTIL COM CARGA DE PQS DE 6 KG, CLASSE BC - FORNECIMENTO E INSTALAÇÃO. AF_10/2020_PE","INES - INSTALAÇÕES ESPECIAIS","UN",1,{"$f":"I1759","v":498.25},{"$f":"SUM(I1760:I1763)","v":498.25}]
["Composição Auxiliar",88267,"SINAPI","ENCANADOR OU BOMBEIRO HIDRÁULICO COM ENCARGOS COMPLEMENTARES","SEDI - SERVIÇOS DIVERSOS","H",0.43105599999999999,{"$f":"IF(A1760=\"Composição Auxiliar\",VLOOKUP(B1760,'SINAPI COMPOSIÇÃO'!$A$2:$E$10256,4,FALSE),IF(A1760=\"Insumo\",IF(VLOOKUP(B1760,'SINAPI INSUMOS'!$A$2:$F$4852,5,FALSE)=OR(\"\",0),VLOOKUP(B1760,'SINAPI INSUMOS'!$A$2:$F$4852,6,FALSE),VLOOKUP(B1760,'SINAPI INSUMOS'!$A$2:$F$4852,5,FALSE)),\"VERIFICAR\"))","v":27.01},{"$f":"TRUNC(G1760*H1760,2)","v":11.64}]
["Composição Auxiliar",88248,"SINAPI","AUXILIAR DE ENCANADOR OU BOMBEIRO HIDRÁULICO COM ENCARGOS COMPLEMENTARES","SEDI - SERVIÇOS DIVERSOS","H",0.43105599999999999,{"$f":"IF(A1761=\"Composição Auxiliar\",VLOOKUP(B1761,'SINAPI COMPOSIÇÃO'!$A$2:$E$10256,4,FALSE),IF(A1761=\"Insumo\",IF(VLOOKUP(B1761,'SINAPI INSUMOS'!$A$2:$F$4852,5,FALSE)=OR(\"\",0),VLOOKUP(B1761,'SINAPI INSUMOS'!$A$2:$F$4852,6,FALSE),VLOOKUP(B1761,'SINAPI INSUMOS'!$A$2:$F$4852,5,FALSE)),\"VERIFICAR\"))","v":23.01},{"$f":"TRUNC(G1761*H1761,2)","v":9.91}]
["Insumo",4350,"SINAPI","BUCHA DE NYLON, DIAMETRO DO FURO 8 MM, COMPRIMENTO 40 MM, COM PARAFUSO DE ROSCA SOBERBA, CABECA CHATA, FENDA SIMPLES, 4,8 X 50 MM","Material","UN",2,{"$f":"IF(A1762=\"Composição Auxiliar\",VLOOKUP(B1762,'SINAPI COMPOSIÇÃO'!$A$2:$E$10256,4,FALSE),IF(A1762=\"Insumo\",IF(VLOOKUP(B1762,'SINAPI INSUMOS'!$A$2:$F$4852,5,FALSE)=OR(\"\",0),VLOOKUP(B1762,'SINAPI INSUMOS'!$A$2:$F$4852,6,FALSE),VLOOKUP(B1762,'SINAPI INSUMOS'!$A$2:$F$4852,5,FALSE)),\"VERIFICAR\"))","v":0.85},{"$f":"TRUNC(G1762*H1762,2)","v":1.7}]
["Insumo",10892,"SINAPI","EXTINTOR DE INCENDIO PORTATIL COM CARGA DE PO QUIMICO SECO (PQS) DE 6 KG, CLASSE BC","Material","UN",1,{"$f":"IF(A1763=\"Composição Auxiliar\",VLOOKUP(B1763,'SINAPI COMPOSIÇÃO'!$A$2:$E$10256,4,FALSE),IF(A1763=\"Insumo\",IF(VLOOKUP(B1763,'SINAPI INSUMOS'!$A$2:$F$4852,5,FALSE)=OR(\"\",0),VLOOKUP(B1763,'SINAPI INSUMOS'!$A$2:$F$4852,6,FALSE),VLOOKUP(B1763,'SINAPI INSUMOS'!$A$2:$F$4852,5,FALSE)),\"VERIFICAR\"))","v":475},{"$f":"TRUNC(G1763*H1763,2)","v":475}]
["13.4","Código","Banco","Descrição","Tipo","Und","Quant.","Valor Unit","Total"]
["Composição","COMP. SEDE  27","Próprio","PLACA DE SINALIZACAO DE SEGURANCA CONTRA INCENDIO, FOTOLUMINESCENTE, EM PVC *2* MM ANTI-CHAMAS (SIMBOLOS, CORES E PICTOGRAMAS CONFORME NBR 16820)","SEDI - SERVIÇOS DIVERSOS","UN",1,{"$f":"I1765","v":57.74},{"$f":"SUM(I1766:I1767)","v":57.74}]
["Composição Auxiliar",88309,"SINAPI","PEDREIRO COM ENCARGOS COMPLEMENTARES","SEDI - SERVIÇOS DIVERSOS","H",0.5,{"$f":"IF(A1766=\"Composição Auxiliar\",VLOOKUP(B1766,'SINAPI COMPOSIÇÃO'!$A$2:$E$10256,4,FALSE),IF(A1766=\"Insumo\",IF(VLOOKUP(B1766,'SINAPI INSUMOS'!$A$2:$F$4852,5,FALSE)=OR(\"\",0),VLOOKUP(B1766,'SINAPI INSUMOS'!$A$2:$F$4852,6,FALSE),VLOOKUP(B1766,'SINAPI INSUMOS'!$A$2:$F$4852,5,FALSE)),\"VERIFICAR\"))","v":27.58},{"$f":"TRUNC(G1766*H1766,2)","v":13.79}]
["Insumo",37556,"SINAPI","PLACA DE SINALIZACAO DE SEGURANCA CONTRA INCENDIO, FOTOLUMINESCENTE, QUADRADA, *20 X 20* CM, EM PVC *2* MM ANTI-CHAMAS (SIMBOLOS, CORES E PICTOGRAMAS CONFORME NBR 16820)","Material","UN",1,{"$f":"IF(A1767=\"Composição Auxiliar\",VLOOKUP(B1767,'SINAPI COMPOSIÇÃO'!$A$2:$E$10256,4,FALSE),IF(A1767=\"Insumo\",IF(VLOOKUP(B1767,'SINAPI INSUMOS'!$A$2:$F$4852,5,FALSE)=OR(\"\",0),VLOOKUP(B1767,'SINAPI INSUMOS'!$A$2:$F$4852,6,FALSE),VLOOKUP(B1767,'SINAPI INSUMOS'!$A$2:$F$4852,5,FALSE)),\"VERIFICAR\"))","v":43.95},{"$f":"TRUNC(G1767*H1767,2)","v":43.95}]
["13.5","Código","Banco","Descrição","Tipo","Und","Quant.","Valor Unit","Total"]
["Composição","COMP. SEDE  28","Próprio","CONJUNTO MOTOBOMBA PARA SISTEMA DE PREVENÇÃO E COMBATE A INCÊNDIO, CONTENDO 2 BOMBAS CENTRÍFUGAS DE 14,8CV","SEDI - SERVIÇOS DIVERSOS","UN",1,{"$f":"I1769","v":17820.82},{"$f":"SUM(I1770:I1775)","v":17820.82}]
["Composição Auxiliar",88247,"SINAPI","AUXILIAR DE ELETRICISTA COM ENCARGOS COMPLEMENTARES","SEDI - SERVIÇOS DIVERSOS","H",1.2,{"$f":"IF(A1770=\"Composição Auxiliar\",VLOOKUP(B1770,'SINAPI COMPOSIÇÃO'!$A$2:$E$10256,4,FALSE),IF(A1770=\"Insumo\",IF(VLOOKUP(B1770,'SINAPI INSUMOS'!$A$2:$F$4852,5,FALSE)=OR(\"\",0),VLOOKUP(B1770,'SINAPI INSUMOS'!$A$2:$F$4852,6,FALSE),VLOOKUP(B1770,'SINAPI INSUMOS'!$A$2:$F$4852,5,FALSE)),\"VERIFICAR\"))","v":23.98},{"$f":"TRUNC(G1770*H1770,2)","v":28.77}]
["Composição Auxiliar",88264,"SINAPI","ELETRICISTA COM ENCARGOS COMPLEMENTARES","SEDI - SERVIÇOS DIVERSOS","H",1.2,{"$f":"IF(A1771=\"Composição Auxiliar\",VLOOKUP(B1771,'SINAPI COMPOSIÇÃO'!$A$2:$E$10256,4,FALSE),IF(A1771=\"Insumo\",IF(VLOOKUP(B1771,'SINAPI INSUMOS'!$A$2:$F$4852,5,FALSE)=OR(\"\",0),VLOOKUP(B1771,'SINAPI INSUMOS'!$A$2:$F$4852,6,FALSE),VLOOKUP(B1771,'SINAPI INSUMOS'!$A$2:$F$4852,5,FALSE)),\"VERIFICAR\"))","v":28.06},33.67]
["Composição Auxiliar",88248,"SINAPI","AUXILIAR DE ENCANADOR OU BOMBEIRO HIDRÁULICO COM ENCARGOS COMPLEMENTARES","SEDI - SERVIÇOS DIVERSOS","H",8.0399999999999991,{"$f":"IF(A1772=\"Composição Auxiliar\",VLOOKUP(B1772,'SINAPI COMPOSIÇÃO'!$A$2:$E$10256,4,FALSE),IF(A1772=\"Insumo\",IF(VLOOKUP(B1772,'SINAPI INSUMOS'!$A$2:$F$4852,5,FALSE)=OR(\"\",0),VLOOKUP(B1772,'SINAPI INSUMOS'!$A$2:$F$4852,6,FALSE),VLOOKUP(B1772,'SINAPI INSUMOS'!$A$2:$F$4852,5,FALSE)),\"VERIFICAR\"))","v":23.01},185]
["Composição Auxiliar",88267,"SINAPI","ENCANADOR OU BOMBEIRO HIDRÁULICO COM ENCARGOS COMPLEMENTARES","SEDI - SERVIÇOS DIVERSOS","H",8.0399999999999991,{"$f":"IF(A1773=\"Composição Auxiliar\",VLOOKUP(B1773,'SINAPI COMPOSIÇÃO'!$A$2:$E$10256,4,FALSE),IF(A1773=\"Insumo\",IF(VLOOKUP(B1773,'SINAPI INSUMOS'!$A$2:$F$4852,5,FALSE)=OR(\"\",0),VLOOKUP(B1773,'SINAPI INSUMOS'!$A$2:$F$4852,6,FALSE),VLOOKUP(B1773,'SINAPI INSUMOS'!$A$2:$F$4852,5,FALSE)),\"VERIFICAR\"))","v":27.01},217.16,null,null,null,"IPAOG-DI MÁQUINAS E EQUIPAMENTOS "]
["Insumo",5086,"SINAPI","CORRENTE DE ELO CURTO COMUM, SOLDADA, GALVANIZADA, ESPESSURA DO ELO = 1/2\" (12,5 MM)","Material","KG",20.260000000000002,{"$f":"IF(A1774=\"Composição Auxiliar\",VLOOKUP(B1774,'SINAPI COMPOSIÇÃO'!$A$2:$E$10256,4,FALSE),IF(A1774=\"Insumo\",IF(VLOOKUP(B1774,'SINAPI INSUMOS'!$A$2:$F$4852,5,FALSE)=OR(\"\",0),VLOOKUP(B1774,'SINAPI INSUMOS'!$A$2:$F$4852,6,FALSE),VLOOKUP(B1774,'SINAPI INSUMOS'!$A$2:$F$4852,5,FALSE)),\"VERIFICAR\"))","v":32.64},661.28,null,null,null,296.18400000000003,299.93599999999998,{"$f":"N1774/M1774-1","v":1.2667801096615472E-2}]
["Insumo",737,"SINAPI","BOMBA CENTRIFUGA MOTOR ELETRICO TRIFASICO 14,8 HP, DIAMETRO DE SUCCAO X ELEVACAO 2 1/2\" X 2\", DIAMETRO DO ROTOR 195 MM, HM/Q: 62 M / 55,5 M3/H A 80 M / 31,50 M3/H","Equipamento para Aquisição Permanente","UN",2,{"$f":"M1775*(1+O1774)","v":8347.4713178294551},16694.939999999999,null,"SINAPI",45901,8243.0499999999993]
["13.6","Código","Banco","Descrição","Tipo","Und","Quant.","Valor Unit","Total"]
["Composição",94463,"SINAPI","TUBO DE AÇO GALVANIZADO COM COSTURA, CLASSE MÉDIA, DN 65 MM (2 1/2\"), CONEXÃO ROSQUEADA, INSTALADO EM RESERVAÇÃO PREDIAL DE ÁGUA - FORNECIMENTO E INSTALAÇÃO. AF_04/2024","INHI - INSTALAÇÕES HIDROS SANITÁRIAS","M",1,{"$f":"I1777","v":117.54},{"$f":"SUM(I1778:I1780)","v":117.54}]
["Composição Auxiliar",88267,"SINAPI","ENCANADOR OU BOMBEIRO HIDRÁULICO COM ENCARGOS COMPLEMENTARES","SEDI - SERVIÇOS DIVERSOS","H",0.44190000000000002,{"$f":"IF(A1778=\"Composição Auxiliar\",VLOOKUP(B1778,'SINAPI COMPOSIÇÃO'!$A$2:$E$10256,4,FALSE),IF(A1778=\"Insumo\",IF(VLOOKUP(B1778,'SINAPI INSUMOS'!$A$2:$F$4852,5,FALSE)=OR(\"\",0),VLOOKUP(B1778,'SINAPI INSUMOS'!$A$2:$F$4852,6,FALSE),VLOOKUP(B1778,'SINAPI INSUMOS'!$A$2:$F$4852,5,FALSE)),\"VERIFICAR\"))","v":27.01},{"$f":"TRUNC(G1778*H1778,2)","v":11.93}]
["Composição Auxiliar",88248,"SINAPI","AUXILIAR DE ENCANADOR OU BOMBEIRO HIDRÁULICO COM ENCARGOS COMPLEMENTARES","SEDI - SERVIÇOS DIVERSOS","H",0.44190000000000002,{"$f":"IF(A1779=\"Composição Auxiliar\",VLOOKUP(B1779,'SINAPI COMPOSIÇÃO'!$A$2:$E$10256,4,FALSE),IF(A1779=\"Insumo\",IF(VLOOKUP(B1779,'SINAPI INSUMOS'!$A$2:$F$4852,5,FALSE)=OR(\"\",0),VLOOKUP(B1779,'SINAPI INSUMOS'!$A$2:$F$4852,6,FALSE),VLOOKUP(B1779,'SINAPI INSUMOS'!$A$2:$F$4852,5,FALSE)),\"VERIFICAR\"))","v":23.01},{"$f":"TRUNC(G1779*H1779,2)","v":10.16}]
["Insumo",7701,"SINAPI","TUBO ACO GALVANIZADO COM COSTURA, CLASSE MEDIA, DN 2.1/2\", E = *3,65* MM, PESO *6,51* KG/M (NBR 5580)","Material","M",1.0390999999999999,{"$f":"IF(A1780=\"Composição Auxiliar\",VLOOKUP(B1780,'SINAPI COMPOSIÇÃO'!$A$2:$E$10256,4,FALSE),IF(A1780=\"Insumo\",IF(VLOOKUP(B1780,'SINAPI INSUMOS'!$A$2:$F$4852,5,FALSE)=OR(\"\",0),VLOOKUP(B1780,'SINAPI INSUMOS'!$A$2:$F$4852,6,FALSE),VLOOKUP(B1780,'SINAPI INSUMOS'!$A$2:$F$4852,5,FALSE)),\"VERIFICAR\"))","v":91.86},{"$f":"TRUNC(G1780*H1780,2)","v":95.45}]
["13.7","Código","Banco","Descrição","Tipo","Und","Quant.","Valor Unit","Total"]
["Composição",94464,"SINAPI","TUBO DE AÇO GALVANIZADO COM COSTURA, CLASSE MÉDIA, DN 80 MM (3\"), CONEXÃO ROSQUEADA, INSTALADO EM RESERVAÇÃO PREDIAL DE ÁGUA - FORNECIMENTO E INSTALAÇÃO. AF_04/2024","INHI - INSTALAÇÕES HIDROS SANITÁRIAS","M",1,{"$f":"I1782","v":154.51999999999998},{"$f":"SUM(I1783:I1785)","v":154.51999999999998}]
["Composição Auxiliar",88248,"SINAPI","AUXILIAR DE ENCANADOR OU BOMBEIRO HIDRÁULICO COM ENCARGOS COMPLEMENTARES","SEDI - SERVIÇOS DIVERSOS","H",0.52149999999999996,{"$f":"IF(A1783=\"Composição Auxiliar\",VLOOKUP(B1783,'SINAPI COMPOSIÇÃO'!$A$2:$E$10256,4,FALSE),IF(A1783=\"Insumo\",IF(VLOOKUP(B1783,'SINAPI INSUMOS'!$A$2:$F$4852,5,FALSE)=OR(\"\",0),VLOOKUP(B1783,'SINAPI INSUMOS'!$A$2:$F$4852,6,FALSE),VLOOKUP(B1783,'SINAPI INSUMOS'!$A$2:$F$4852,5,FALSE)),\"VERIFICAR\"))","v":23.01},{"$f":"TRUNC(G1783*H1783,2)","v":11.99}]
["Composição Auxiliar",88267,"SINAPI","ENCANADOR OU BOMBEIRO HIDRÁULICO COM ENCARGOS COMPLEMENTARES","SEDI - SERVIÇOS DIVERSOS","H",0.52149999999999996,{"$f":"IF(A1784=\"Composição Auxiliar\",VLOOKUP(B1784,'SINAPI COMPOSIÇÃO'!$A$2:$E$10256,4,FALSE),IF(A1784=\"Insumo\",IF(VLOOKUP(B1784,'SINAPI INSUMOS'!$A$2:$F$4852,5,FALSE)=OR(\"\",0),VLOOKUP(B1784,'SINAPI INSUMOS'!$A$2:$F$4852,6,FALSE),VLOOKUP(B1784,'SINAPI INSUMOS'!$A$2:$F$4852,5,FALSE)),\"VERIFICAR\"))","v":27.01},{"$f":"TRUNC(G1784*H1784,2)","v":14.08}]
["Insumo",7694,"SINAPI","TUBO ACO GALVANIZADO COM COSTURA, CLASSE MEDIA, DN 3\", E = *4,05* MM, PESO *8,47* KG/M (NBR 5580)","Material","M",1.0390999999999999,{"$f":"IF(A1785=\"Composição Auxiliar\",VLOOKUP(B1785,'SINAPI COMPOSIÇÃO'!$A$2:$E$10256,4,FALSE),IF(A1785=\"Insumo\",IF(VLOOKUP(B1785,'SINAPI INSUMOS'!$A$2:$F$4852,5,FALSE)=OR(\"\",0),VLOOKUP(B1785,'SINAPI INSUMOS'!$A$2:$F$4852,6,FALSE),VLOOKUP(B1785,'SINAPI INSUMOS'!$A$2:$F$4852,5,FALSE)),\"VERIFICAR\"))","v":123.62},{"$f":"TRUNC(G1785*H1785,2)","v":128.44999999999999}]
["13.8","Código","Banco","Descrição","Tipo","Und","Quant.","Valor Unit","Total"]
["Composição",94470,"SINAPI","NIPLE, EM FERRO GALVANIZADO, CONEXÃO ROSQUEADA, DN 80 MM (3\"), INSTALADO EM RESERVAÇÃO PREDIAL DE ÁGUA - FORNECIMENTO E INSTALAÇÃO. AF_04/2024","INHI - INSTALAÇÕES HIDROS SANITÁRIAS","UN",1,{"$f":"I1787","v":113.67},{"$f":"SUM(I1788:I1792)","v":113.67}]
["Composição Auxiliar",88248,"SINAPI","AUXILIAR DE ENCANADOR OU BOMBEIRO HIDRÁULICO COM ENCARGOS COMPLEMENTARES","SEDI - SERVIÇOS DIVERSOS","H",0.43190000000000001,{"$f":"IF(A1788=\"Composição Auxiliar\",VLOOKUP(B1788,'SINAPI COMPOSIÇÃO'!$A$2:$E$10256,4,FALSE),IF(A1788=\"Insumo\",IF(VLOOKUP(B1788,'SINAPI INSUMOS'!$A$2:$F$4852,5,FALSE)=OR(\"\",0),VLOOKUP(B1788,'SINAPI INSUMOS'!$A$2:$F$4852,6,FALSE),VLOOKUP(B1788,'SINAPI INSUMOS'!$A$2:$F$4852,5,FALSE)),\"VERIFICAR\"))","v":23.01},{"$f":"TRUNC(G1788*H1788,2)","v":9.93}]
["Composição Auxiliar",88267,"SINAPI","ENCANADOR OU BOMBEIRO HIDRÁULICO COM ENCARGOS COMPLEMENTARES","SEDI - SERVIÇOS DIVERSOS","H",0.43190000000000001,{"$f":"IF(A1789=\"Composição Auxiliar\",VLOOKUP(B1789,'SINAPI COMPOSIÇÃO'!$A$2:$E$10256,4,FALSE),IF(A1789=\"Insumo\",IF(VLOOKUP(B1789,'SINAPI INSUMOS'!$A$2:$F$4852,5,FALSE)=OR(\"\",0),VLOOKUP(B1789,'SINAPI INSUMOS'!$A$2:$F$4852,6,FALSE),VLOOKUP(B1789,'SINAPI INSUMOS'!$A$2:$F$4852,5,FALSE)),\"VERIFICAR\"))","v":27.01},{"$f":"TRUNC(G1789*H1789,2)","v":11.66}]
["Insumo",7307,"SINAPI","FUNDO ANTICORROSIVO PARA METAIS FERROSOS (ZARCAO)","Material","L",8.3999999999999995E-3,{"$f":"IF(A1790=\"Composição Auxiliar\",VLOOKUP(B1790,'SINAPI COMPOSIÇÃO'!$A$2:$E$10256,4,FALSE),IF(A1790=\"Insumo\",IF(VLOOKUP(B1790,'SINAPI INSUMOS'!$A$2:$F$4852,5,FALSE)=OR(\"\",0),VLOOKUP(B1790,'SINAPI INSUMOS'!$A$2:$F$4852,6,FALSE),VLOOKUP(B1790,'SINAPI INSUMOS'!$A$2:$F$4852,5,FALSE)),\"VERIFICAR\"))","v":37.28},{"$f":"TRUNC(G1790*H1790,2)","v":0.31}]
["Insumo",3148,"SINAPI","FITA VEDA ROSCA, EM PTFE, ROLO DE 18 MM X 50 M (L X C)","Material","UN",3.5400000000000001E-2,{"$f":"IF(A1791=\"Composição Auxiliar\",VLOOKUP(B1791,'SINAPI COMPOSIÇÃO'!$A$2:$E$10256,4,FALSE),IF(A1791=\"Insumo\",IF(VLOOKUP(B1791,'SINAPI INSUMOS'!$A$2:$F$4852,5,FALSE)=OR(\"\",0),VLOOKUP(B1791,'SINAPI INSUMOS'!$A$2:$F$4852,6,FALSE),VLOOKUP(B1791,'SINAPI INSUMOS'!$A$2:$F$4852,5,FALSE)),\"VERIFICAR\"))","v":15.3},{"$f":"TRUNC(G1791*H1791,2)","v":0.54}]
["Insumo",4182,"SINAPI","NIPLE DE FERRO GALVANIZADO, COM ROSCA BSP, DE 3\"","Material","UN",1,{"$f":"IF(A1792=\"Composição Auxiliar\",VLOOKUP(B1792,'SINAPI COMPOSIÇÃO'!$A$2:$E$10256,4,FALSE),IF(A1792=\"Insumo\",IF(VLOOKUP(B1792,'SINAPI INSUMOS'!$A$2:$F$4852,5,FALSE)=OR(\"\",0),VLOOKUP(B1792,'SINAPI INSUMOS'!$A$2:$F$4852,6,FALSE),VLOOKUP(B1792,'SINAPI INSUMOS'!$A$2:$F$4852,5,FALSE)),\"VERIFICAR\"))","v":91.23},{"$f":"TRUNC(G1792*H1792,2)","v":91.23}]
["13.9","Código","Banco","Descrição","Tipo","Und","Quant.","Valor Unit","Total"]
["Composição",94468,"SINAPI","NIPLE, EM FERRO GALVANIZADO, CONEXÃO ROSQUEADA, DN 65 MM (2 1/2\"), INSTALADO EM RESERVAÇÃO PREDIAL DE ÁGUA - FORNECIMENTO E INSTALAÇÃO. AF_04/2024","INHI - INSTALAÇÕES HIDROS SANITÁRIAS","UN",1,{"$f":"I1794","v":75.09},{"$f":"SUM(I1795:I1799)","v":75.09}]
["Composição Auxiliar",88267,"SINAPI","ENCANADOR OU BOMBEIRO HIDRÁULICO COM ENCARGOS COMPLEMENTARES","SEDI - SERVIÇOS DIVERSOS","H",0.3659,{"$f":"IF(A1795=\"Composição Auxiliar\",VLOOKUP(B1795,'SINAPI COMPOSIÇÃO'!$A$2:$E$10256,4,FALSE),IF(A1795=\"Insumo\",IF(VLOOKUP(B1795,'SINAPI INSUMOS'!$A$2:$F$4852,5,FALSE)=OR(\"\",0),VLOOKUP(B1795,'SINAPI INSUMOS'!$A$2:$F$4852,6,FALSE),VLOOKUP(B1795,'SINAPI INSUMOS'!$A$2:$F$4852,5,FALSE)),\"VERIFICAR\"))","v":27.01},{"$f":"TRUNC(G1795*H1795,2)","v":9.8800000000000008}]
["Composição Auxiliar",88248,"SINAPI","AUXILIAR DE ENCANADOR OU BOMBEIRO HIDRÁULICO COM ENCARGOS COMPLEMENTARES","SEDI - SERVIÇOS DIVERSOS","H",0.3659,{"$f":"IF(A1796=\"Composição Auxiliar\",VLOOKUP(B1796,'SINAPI COMPOSIÇÃO'!$A$2:$E$10256,4,FALSE),IF(A1796=\"Insumo\",IF(VLOOKUP(B1796,'SINAPI INSUMOS'!$A$2:$F$4852,5,FALSE)=OR(\"\",0),VLOOKUP(B1796,'SINAPI INSUMOS'!$A$2:$F$4852,6,FALSE),VLOOKUP(B1796,'SINAPI INSUMOS'!$A$2:$F$4852,5,FALSE)),\"VERIFICAR\"))","v":23.01},{"$f":"TRUNC(G1796*H1796,2)","v":8.41}]
["Insumo",3148,"SINAPI","FITA VEDA ROSCA, EM PTFE, ROLO DE 18 MM X 50 M (L X C)","Material","UN",3.0200000000000001E-2,{"$f":"IF(A1797=\"Composição Auxiliar\",VLOOKUP(B1797,'SINAPI COMPOSIÇÃO'!$A$2:$E$10256,4,FALSE),IF(A1797=\"Insumo\",IF(VLOOKUP(B1797,'SINAPI INSUMOS'!$A$2:$F$4852,5,FALSE)=OR(\"\",0),VLOOKUP(B1797,'SINAPI INSUMOS'!$A$2:$F$4852,6,FALSE),VLOOKUP(B1797,'SINAPI INSUMOS'!$A$2:$F$4852,5,FALSE)),\"VERIFICAR\"))","v":15.3},{"$f":"TRUNC(G1797*H1797,2)","v":0.46}]
["Insumo",4208,"SINAPI","NIPLE DE FERRO GALVANIZADO, COM ROSCA BSP, DE 2 1/2\"","Material","UN",1,{"$f":"IF(A1798=\"Composição Auxiliar\",VLOOKUP(B1798,'SINAPI COMPOSIÇÃO'!$A$2:$E$10256,4,FALSE),IF(A1798=\"Insumo\",IF(VLOOKUP(B1798,'SINAPI INSUMOS'!$A$2:$F$4852,5,FALSE)=OR(\"\",0),VLOOKUP(B1798,'SINAPI INSUMOS'!$A$2:$F$4852,6,FALSE),VLOOKUP(B1798,'SINAPI INSUMOS'!$A$2:$F$4852,5,FALSE)),\"VERIFICAR\"))","v":56.08},{"$f":"TRUNC(G1798*H1798,2)","v":56.08}]
["Insumo",7307,"SINAPI","FUNDO ANTICORROSIVO PARA METAIS FERROSOS (ZARCAO)","Material","L",7.1999999999999998E-3,{"$f":"IF(A1799=\"Composição Auxiliar\",VLOOKUP(B1799,'SINAPI COMPOSIÇÃO'!$A$2:$E$10256,4,FALSE),IF(A1799=\"Insumo\",IF(VLOOKUP(B1799,'SINAPI INSUMOS'!$A$2:$F$4852,5,FALSE)=OR(\"\",0),VLOOKUP(B1799,'SINAPI INSUMOS'!$A$2:$F$4852,6,FALSE),VLOOKUP(B1799,'SINAPI INSUMOS'!$A$2:$F$4852,5,FALSE)),\"VERIFICAR\"))","v":37.28},{"$f":"TRUNC(G1799*H1799,2)","v":0.26}]
["13.10","Código","Banco","Descrição","Tipo","Und","Quant.","Valor Unit","Total"]
["Composição",94475,"SINAPI","COTOVELO 90 GRAUS, EM FERRO GALVANIZADO, CONEXÃO ROSQUEADA, DN 80 MM (3\"), INSTALADO EM RESERVAÇÃO PREDIAL DE ÁGUA - FORNECIMENTO E INSTALAÇÃO. AF_04/2024","INHI - INSTALAÇÕES HIDROS SANITÁRIAS","UN",1,{"$f":"I1801","v":166.74999999999997},{"$f":"SUM(I1802:I1806)","v":166.74999999999997}]
["Composição Auxiliar",88267,"SINAPI","ENCANADOR OU BOMBEIRO HIDRÁULICO COM ENCARGOS COMPLEMENTARES","SEDI - SERVIÇOS DIVERSOS","H",0.64780000000000004,{"$f":"IF(A1802=\"Composição Auxiliar\",VLOOKUP(B1802,'SINAPI COMPOSIÇÃO'!$A$2:$E$10256,4,FALSE),IF(A1802=\"Insumo\",IF(VLOOKUP(B1802,'SINAPI INSUMOS'!$A$2:$F$4852,5,FALSE)=OR(\"\",0),VLOOKUP(B1802,'SINAPI INSUMOS'!$A$2:$F$4852,6,FALSE),VLOOKUP(B1802,'SINAPI INSUMOS'!$A$2:$F$4852,5,FALSE)),\"VERIFICAR\"))","v":27.01},{"$f":"TRUNC(G1802*H1802,2)","v":17.489999999999998}]
["Composição Auxiliar",88248,"SINAPI","AUXILIAR DE ENCANADOR OU BOMBEIRO HIDRÁULICO COM ENCARGOS COMPLEMENTARES","SEDI - SERVIÇOS DIVERSOS","H",0.64780000000000004,{"$f":"IF(A1803=\"Composição Auxiliar\",VLOOKUP(B1803,'SINAPI COMPOSIÇÃO'!$A$2:$E$10256,4,FALSE),IF(A1803=\"Insumo\",IF(VLOOKUP(B1803,'SINAPI INSUMOS'!$A$2:$F$4852,5,FALSE)=OR(\"\",0),VLOOKUP(B1803,'SINAPI INSUMOS'!$A$2:$F$4852,6,FALSE),VLOOKUP(B1803,'SINAPI INSUMOS'!$A$2:$F$4852,5,FALSE)),\"VERIFICAR\"))","v":23.01},{"$f":"TRUNC(G1803*H1803,2)","v":14.9}]
["Insumo",7307,"SINAPI","FUNDO ANTICORROSIVO PARA METAIS FERROSOS (ZARCAO)","Material","L",8.3999999999999995E-3,{"$f":"IF(A1804=\"Composição Auxiliar\",VLOOKUP(B1804,'SINAPI COMPOSIÇÃO'!$A$2:$E$10256,4,FALSE),IF(A1804=\"Insumo\",IF(VLOOKUP(B1804,'SINAPI INSUMOS'!$A$2:$F$4852,5,FALSE)=OR(\"\",0),VLOOKUP(B1804,'SINAPI INSUMOS'!$A$2:$F$4852,6,FALSE),VLOOKUP(B1804,'SINAPI INSUMOS'!$A$2:$F$4852,5,FALSE)),\"VERIFICAR\"))","v":37.28},{"$f":"TRUNC(G1804*H1804,2)","v":0.31}]
["Insumo",3459,"SINAPI","COTOVELO 90 GRAUS DE FERRO GALVANIZADO, COM ROSCA BSP, DE 3\"","Material","UN",1,{"$f":"IF(A1805=\"Composição Auxiliar\",VLOOKUP(B1805,'SINAPI COMPOSIÇÃO'!$A$2:$E$10256,4,FALSE),IF(A1805=\"Insumo\",IF(VLOOKUP(B1805,'SINAPI INSUMOS'!$A$2:$F$4852,5,FALSE)=OR(\"\",0),VLOOKUP(B1805,'SINAPI INSUMOS'!$A$2:$F$4852,6,FALSE),VLOOKUP(B1805,'SINAPI INSUMOS'!$A$2:$F$4852,5,FALSE)),\"VERIFICAR\"))","v":133.51},{"$f":"TRUNC(G1805*H1805,2)","v":133.51}]
["Insumo",3148,"SINAPI","FITA VEDA ROSCA, EM PTFE, ROLO DE 18 MM X 50 M (L X C)","Material","UN",3.5400000000000001E-2,{"$f":"IF(A1806=\"Composição Auxiliar\",VLOOKUP(B1806,'SINAPI COMPOSIÇÃO'!$A$2:$E$10256,4,FALSE),IF(A1806=\"Insumo\",IF(VLOOKUP(B1806,'SINAPI INSUMOS'!$A$2:$F$4852,5,FALSE)=OR(\"\",0),VLOOKUP(B1806,'SINAPI INSUMOS'!$A$2:$F$4852,6,FALSE),VLOOKUP(B1806,'SINAPI INSUMOS'!$A$2:$F$4852,5,FALSE)),\"VERIFICAR\"))","v":15.3},{"$f":"TRUNC(G1806*H1806,2)","v":0.54}]
["13.11","Código","Banco","Descrição","Tipo","Und","Quant.","Valor Unit","Total"]
["Composição",94478,"SINAPI","TÊ, EM FERRO GALVANIZADO, CONEXÃO ROSQUEADA, DN 65 MM (2 1/2\"), INSTALADO EM RESERVAÇÃO PREDIAL DE ÁGUA - FORNECIMENTO E INSTALAÇÃO. AF_04/2024","INHI - INSTALAÇÕES HIDROS SANITÁRIAS","UN",1,{"$f":"I1808","v":168.99},{"$f":"SUM(I1809:I1813)","v":168.99}]
["Composição Auxiliar",88248,"SINAPI","AUXILIAR DE ENCANADOR OU BOMBEIRO HIDRÁULICO COM ENCARGOS COMPLEMENTARES","SEDI - SERVIÇOS DIVERSOS","H",0.7319,{"$f":"IF(A1809=\"Composição Auxiliar\",VLOOKUP(B1809,'SINAPI COMPOSIÇÃO'!$A$2:$E$10256,4,FALSE),IF(A1809=\"Insumo\",IF(VLOOKUP(B1809,'SINAPI INSUMOS'!$A$2:$F$4852,5,FALSE)=OR(\"\",0),VLOOKUP(B1809,'SINAPI INSUMOS'!$A$2:$F$4852,6,FALSE),VLOOKUP(B1809,'SINAPI INSUMOS'!$A$2:$F$4852,5,FALSE)),\"VERIFICAR\"))","v":23.01},{"$f":"TRUNC(G1809*H1809,2)","v":16.84}]
["Composição Auxiliar",88267,"SINAPI","ENCANADOR OU BOMBEIRO HIDRÁULICO COM ENCARGOS COMPLEMENTARES","SEDI - SERVIÇOS DIVERSOS","H",0.7319,{"$f":"IF(A1810=\"Composição Auxiliar\",VLOOKUP(B1810,'SINAPI COMPOSIÇÃO'!$A$2:$E$10256,4,FALSE),IF(A1810=\"Insumo\",IF(VLOOKUP(B1810,'SINAPI INSUMOS'!$A$2:$F$4852,5,FALSE)=OR(\"\",0),VLOOKUP(B1810,'SINAPI INSUMOS'!$A$2:$F$4852,6,FALSE),VLOOKUP(B1810,'SINAPI INSUMOS'!$A$2:$F$4852,5,FALSE)),\"VERIFICAR\"))","v":27.01},{"$f":"TRUNC(G1810*H1810,2)","v":19.760000000000002}]
["Insumo",3148,"SINAPI","FITA VEDA ROSCA, EM PTFE, ROLO DE 18 MM X 50 M (L X C)","Material","UN",4.53E-2,{"$f":"IF(A1811=\"Composição Auxiliar\",VLOOKUP(B1811,'SINAPI COMPOSIÇÃO'!$A$2:$E$10256,4,FALSE),IF(A1811=\"Insumo\",IF(VLOOKUP(B1811,'SINAPI INSUMOS'!$A$2:$F$4852,5,FALSE)=OR(\"\",0),VLOOKUP(B1811,'SINAPI INSUMOS'!$A$2:$F$4852,6,FALSE),VLOOKUP(B1811,'SINAPI INSUMOS'!$A$2:$F$4852,5,FALSE)),\"VERIFICAR\"))","v":15.3},{"$f":"TRUNC(G1811*H1811,2)","v":0.69}]
["Insumo",7307,"SINAPI","FUNDO ANTICORROSIVO PARA METAIS FERROSOS (ZARCAO)","Material","L",1.0800000000000001E-2,{"$f":"IF(A1812=\"Composição Auxiliar\",VLOOKUP(B1812,'SINAPI COMPOSIÇÃO'!$A$2:$E$10256,4,FALSE),IF(A1812=\"Insumo\",IF(VLOOKUP(B1812,'SINAPI INSUMOS'!$A$2:$F$4852,5,FALSE)=OR(\"\",0),VLOOKUP(B1812,'SINAPI INSUMOS'!$A$2:$F$4852,6,FALSE),VLOOKUP(B1812,'SINAPI INSUMOS'!$A$2:$F$4852,5,FALSE)),\"VERIFICAR\"))","v":37.28},{"$f":"TRUNC(G1812*H1812,2)","v":0.4}]
["Insumo",6299,"SINAPI","TE DE FERRO GALVANIZADO, DE 2 1/2\"","Material","UN",1,{"$f":"IF(A1813=\"Composição Auxiliar\",VLOOKUP(B1813,'SINAPI COMPOSIÇÃO'!$A$2:$E$10256,4,FALSE),IF(A1813=\"Insumo\",IF(VLOOKUP(B1813,'SINAPI INSUMOS'!$A$2:$F$4852,5,FALSE)=OR(\"\",0),VLOOKUP(B1813,'SINAPI INSUMOS'!$A$2:$F$4852,6,FALSE),VLOOKUP(B1813,'SINAPI INSUMOS'!$A$2:$F$4852,5,FALSE)),\"VERIFICAR\"))","v":131.30000000000001},{"$f":"TRUNC(G1813*H1813,2)","v":131.30000000000001}]
["13.12","Código","Banco","Descrição","Tipo","Und","Quant.","Valor Unit","Total"]
["Composição",94479,"SINAPI","TÊ, EM FERRO GALVANIZADO, CONEXÃO ROSQUEADA, DN 80 MM (3\"), INSTALADO EM RESERVAÇÃO PREDIAL DE ÁGUA - FORNECIMENTO E INSTALAÇÃO. AF_04/2024","INHI - INSTALAÇÕES HIDROS SANITÁRIAS","UN",1,{"$f":"I1815","v":220.32000000000002},{"$f":"SUM(I1816:I1820)","v":220.32000000000002}]
["Composição Auxiliar",88267,"SINAPI","ENCANADOR OU BOMBEIRO HIDRÁULICO COM ENCARGOS COMPLEMENTARES","SEDI - SERVIÇOS DIVERSOS","H",0.86370000000000002,{"$f":"IF(A1816=\"Composição Auxiliar\",VLOOKUP(B1816,'SINAPI COMPOSIÇÃO'!$A$2:$E$10256,4,FALSE),IF(A1816=\"Insumo\",IF(VLOOKUP(B1816,'SINAPI INSUMOS'!$A$2:$F$4852,5,FALSE)=OR(\"\",0),VLOOKUP(B1816,'SINAPI INSUMOS'!$A$2:$F$4852,6,FALSE),VLOOKUP(B1816,'SINAPI INSUMOS'!$A$2:$F$4852,5,FALSE)),\"VERIFICAR\"))","v":27.01},{"$f":"TRUNC(G1816*H1816,2)","v":23.32}]
["Composição Auxiliar",88248,"SINAPI","AUXILIAR DE ENCANADOR OU BOMBEIRO HIDRÁULICO COM ENCARGOS COMPLEMENTARES","SEDI - SERVIÇOS DIVERSOS","H",0.86370000000000002,{"$f":"IF(A1817=\"Composição Auxiliar\",VLOOKUP(B1817,'SINAPI COMPOSIÇÃO'!$A$2:$E$10256,4,FALSE),IF(A1817=\"Insumo\",IF(VLOOKUP(B1817,'SINAPI INSUMOS'!$A$2:$F$4852,5,FALSE)=OR(\"\",0),VLOOKUP(B1817,'SINAPI INSUMOS'!$A$2:$F$4852,6,FALSE),VLOOKUP(B1817,'SINAPI INSUMOS'!$A$2:$F$4852,5,FALSE)),\"VERIFICAR\"))","v":23.01},{"$f":"TRUNC(G1817*H1817,2)","v":19.87}]
["Insumo",7307,"SINAPI","FUNDO ANTICORROSIVO PARA METAIS FERROSOS (ZARCAO)","Material","L",1.26E-2,{"$f":"IF(A1818=\"Composição Auxiliar\",VLOOKUP(B1818,'SINAPI COMPOSIÇÃO'!$A$2:$E$10256,4,FALSE),IF(A1818=\"Insumo\",IF(VLOOKUP(B1818,'SINAPI INSUMOS'!$A$2:$F$4852,5,FALSE)=OR(\"\",0),VLOOKUP(B1818,'SINAPI INSUMOS'!$A$2:$F$4852,6,FALSE),VLOOKUP(B1818,'SINAPI INSUMOS'!$A$2:$F$4852,5,FALSE)),\"VERIFICAR\"))","v":37.28},{"$f":"TRUNC(G1818*H1818,2)","v":0.46}]
["Insumo",3148,"SINAPI","FITA VEDA ROSCA, EM PTFE, ROLO DE 18 MM X 50 M (L X C)","Material","UN",5.3100000000000001E-2,{"$f":"IF(A1819=\"Composição Auxiliar\",VLOOKUP(B1819,'SINAPI COMPOSIÇÃO'!$A$2:$E$10256,4,FALSE),IF(A1819=\"Insumo\",IF(VLOOKUP(B1819,'SINAPI INSUMOS'!$A$2:$F$4852,5,FALSE)=OR(\"\",0),VLOOKUP(B1819,'SINAPI INSUMOS'!$A$2:$F$4852,6,FALSE),VLOOKUP(B1819,'SINAPI INSUMOS'!$A$2:$F$4852,5,FALSE)),\"VERIFICAR\"))","v":15.3},{"$f":"TRUNC(G1819*H1819,2)","v":0.81}]
["Insumo",6322,"SINAPI","TE DE FERRO GALVANIZADO, DE 3\"","Material","UN",1,{"$f":"IF(A1820=\"Composição Auxiliar\",VLOOKUP(B1820,'SINAPI COMPOSIÇÃO'!$A$2:$E$10256,4,FALSE),IF(A1820=\"Insumo\",IF(VLOOKUP(B1820,'SINAPI INSUMOS'!$A$2:$F$4852,5,FALSE)=OR(\"\",0),VLOOKUP(B1820,'SINAPI INSUMOS'!$A$2:$F$4852,6,FALSE),VLOOKUP(B1820,'SINAPI INSUMOS'!$A$2:$F$4852,5,FALSE)),\"VERIFICAR\"))","v":175.86},{"$f":"TRUNC(G1820*H1820,2)","v":175.86}]
["13.13","Código","Banco","Descrição","Tipo","Und","Quant.","Valor Unit","Total"]
["Composição",94483,"SINAPI","CONJUNTO HIDRÁULICO EM AÇO ROSCÁVEL PARA INSTALAÇÃO DE BOMBA, DN SUCÇÃO 32 MM (1 1/4\") E DN RECALQUE 25 MM (1\"), PARA EDIFICAÇÃO COM 4 PAVIMENTOS - FORNECIMENTO E INSTALAÇÃO. AF_04/2024","INHI - INSTALAÇÕES HIDROS SANITÁRIAS","UN",1,{"$f":"I1822","v":1366.84},{"$f":"SUM(I1823:I1841)","v":1366.84}]
["Composição Auxiliar",88267,"SINAPI","ENCANADOR OU BOMBEIRO HIDRÁULICO COM ENCARGOS COMPLEMENTARES","SEDI - SERVIÇOS DIVERSOS","H",8.7666000000000004,{"$f":"IF(A1823=\"Composição Auxiliar\",VLOOKUP(B1823,'SINAPI COMPOSIÇÃO'!$A$2:$E$10256,4,FALSE),IF(A1823=\"Insumo\",IF(VLOOKUP(B1823,'SINAPI INSUMOS'!$A$2:$F$4852,5,FALSE)=OR(\"\",0),VLOOKUP(B1823,'SINAPI INSUMOS'!$A$2:$F$4852,6,FALSE),VLOOKUP(B1823,'SINAPI INSUMOS'!$A$2:$F$4852,5,FALSE)),\"VERIFICAR\"))","v":27.01},{"$f":"TRUNC(G1823*H1823,2)","v":236.78}]
["Composição Auxiliar",88248,"SINAPI","AUXILIAR DE ENCANADOR OU BOMBEIRO HIDRÁULICO COM ENCARGOS COMPLEMENTARES","SEDI - SERVIÇOS DIVERSOS","H",8.7666000000000004,{"$f":"IF(A1824=\"Composição Auxiliar\",VLOOKUP(B1824,'SINAPI COMPOSIÇÃO'!$A$2:$E$10256,4,FALSE),IF(A1824=\"Insumo\",IF(VLOOKUP(B1824,'SINAPI INSUMOS'!$A$2:$F$4852,5,FALSE)=OR(\"\",0),VLOOKUP(B1824,'SINAPI INSUMOS'!$A$2:$F$4852,6,FALSE),VLOOKUP(B1824,'SINAPI INSUMOS'!$A$2:$F$4852,5,FALSE)),\"VERIFICAR\"))","v":23.01},201.71]
["Insumo",9885,"SINAPI","UNIAO DE FERRO GALVANIZADO, COM ROSCA BSP, COM ASSENTO PLANO, DE 3/4\"","Material","UN",1,{"$f":"IF(A1825=\"Composição Auxiliar\",VLOOKUP(B1825,'SINAPI COMPOSIÇÃO'!$A$2:$E$10256,4,FALSE),IF(A1825=\"Insumo\",IF(VLOOKUP(B1825,'SINAPI INSUMOS'!$A$2:$F$4852,5,FALSE)=OR(\"\",0),VLOOKUP(B1825,'SINAPI INSUMOS'!$A$2:$F$4852,6,FALSE),VLOOKUP(B1825,'SINAPI INSUMOS'!$A$2:$F$4852,5,FALSE)),\"VERIFICAR\"))","v":33.520000000000003},33.520000000000003]
["Insumo",10411,"SINAPI","VALVULA DE RETENCAO HORIZONTAL, DE BRONZE (PN-25), 1 1/4\", 400 PSI, TAMPA DE PORCA DE UNIAO, EXTREMIDADES COM ROSCA","Material","UN",1,{"$f":"IF(A1826=\"Composição Auxiliar\",VLOOKUP(B1826,'SINAPI COMPOSIÇÃO'!$A$2:$E$10256,4,FALSE),IF(A1826=\"Insumo\",IF(VLOOKUP(B1826,'SINAPI INSUMOS'!$A$2:$F$4852,5,FALSE)=OR(\"\",0),VLOOKUP(B1826,'SINAPI INSUMOS'!$A$2:$F$4852,6,FALSE),VLOOKUP(B1826,'SINAPI INSUMOS'!$A$2:$F$4852,5,FALSE)),\"VERIFICAR\"))","v":313.86},313.86]
["Insumo",4180,"SINAPI","NIPLE DE FERRO GALVANIZADO, COM ROSCA BSP, DE 1 1/4\"","Material","UN",3,{"$f":"IF(A1827=\"Composição Auxiliar\",VLOOKUP(B1827,'SINAPI COMPOSIÇÃO'!$A$2:$E$10256,4,FALSE),IF(A1827=\"Insumo\",IF(VLOOKUP(B1827,'SINAPI INSUMOS'!$A$2:$F$4852,5,FALSE)=OR(\"\",0),VLOOKUP(B1827,'SINAPI INSUMOS'!$A$2:$F$4852,6,FALSE),VLOOKUP(B1827,'SINAPI INSUMOS'!$A$2:$F$4852,5,FALSE)),\"VERIFICAR\"))","v":17.739999999999998},53.22]
["Insumo",4179,"SINAPI","NIPLE DE FERRO GALVANIZADO, COM ROSCA BSP, DE 1\"","Material","UN",1,{"$f":"IF(A1828=\"Composição Auxiliar\",VLOOKUP(B1828,'SINAPI COMPOSIÇÃO'!$A$2:$E$10256,4,FALSE),IF(A1828=\"Insumo\",IF(VLOOKUP(B1828,'SINAPI INSUMOS'!$A$2:$F$4852,5,FALSE)=OR(\"\",0),VLOOKUP(B1828,'SINAPI INSUMOS'!$A$2:$F$4852,6,FALSE),VLOOKUP(B1828,'SINAPI INSUMOS'!$A$2:$F$4852,5,FALSE)),\"VERIFICAR\"))","v":12.05},12.05]
["Insumo",21010,"SINAPI","TUBO ACO GALVANIZADO COM COSTURA, CLASSE LEVE, DN 25 MM (1\"), E = 2,65 MM, *2,11* KG/M (NBR 5580)","Material","M",0.31169999999999998,{"$f":"IF(A1829=\"Composição Auxiliar\",VLOOKUP(B1829,'SINAPI COMPOSIÇÃO'!$A$2:$E$10256,4,FALSE),IF(A1829=\"Insumo\",IF(VLOOKUP(B1829,'SINAPI INSUMOS'!$A$2:$F$4852,5,FALSE)=OR(\"\",0),VLOOKUP(B1829,'SINAPI INSUMOS'!$A$2:$F$4852,6,FALSE),VLOOKUP(B1829,'SINAPI INSUMOS'!$A$2:$F$4852,5,FALSE)),\"VERIFICAR\"))","v":31.84},9.92]
["Insumo",9888,"SINAPI","UNIAO DE FERRO GALVANIZADO, COM ROSCA BSP, COM ASSENTO PLANO, DE 1 1/4\"","Material","UN",2,{"$f":"IF(A1830=\"Composição Auxiliar\",VLOOKUP(B1830,'SINAPI COMPOSIÇÃO'!$A$2:$E$10256,4,FALSE),IF(A1830=\"Insumo\",IF(VLOOKUP(B1830,'SINAPI INSUMOS'!$A$2:$F$4852,5,FALSE)=OR(\"\",0),VLOOKUP(B1830,'SINAPI INSUMOS'!$A$2:$F$4852,6,FALSE),VLOOKUP(B1830,'SINAPI INSUMOS'!$A$2:$F$4852,5,FALSE)),\"VERIFICAR\"))","v":58.01},116.02]
["Insumo",3457,"SINAPI","COTOVELO 90 GRAUS DE FERRO GALVANIZADO, COM ROSCA BSP, DE 1 1/4\"","Material","UN",1,{"$f":"IF(A1831=\"Composição Auxiliar\",VLOOKUP(B1831,'SINAPI COMPOSIÇÃO'!$A$2:$E$10256,4,FALSE),IF(A1831=\"Insumo\",IF(VLOOKUP(B1831,'SINAPI INSUMOS'!$A$2:$F$4852,5,FALSE)=OR(\"\",0),VLOOKUP(B1831,'SINAPI INSUMOS'!$A$2:$F$4852,6,FALSE),VLOOKUP(B1831,'SINAPI INSUMOS'!$A$2:$F$4852,5,FALSE)),\"VERIFICAR\"))","v":25.45},25.45]
["Insumo",6017,"SINAPI","REGISTRO GAVETA BRUTO EM LATAO FORJADO, BITOLA 1 1/4\"","Material","UN",1,{"$f":"IF(A1832=\"Composição Auxiliar\",VLOOKUP(B1832,'SINAPI COMPOSIÇÃO'!$A$2:$E$10256,4,FALSE),IF(A1832=\"Insumo\",IF(VLOOKUP(B1832,'SINAPI INSUMOS'!$A$2:$F$4852,5,FALSE)=OR(\"\",0),VLOOKUP(B1832,'SINAPI INSUMOS'!$A$2:$F$4852,6,FALSE),VLOOKUP(B1832,'SINAPI INSUMOS'!$A$2:$F$4852,5,FALSE)),\"VERIFICAR\"))","v":78.48},78.48]
["Insumo",10418,"SINAPI","VALVULA DE RETENCAO VERTICAL, DE BRONZE (PN-16), 1\", 200 PSI, EXTREMIDADES COM ROSCA","Material","UN",1,{"$f":"IF(A1833=\"Composição Auxiliar\",VLOOKUP(B1833,'SINAPI COMPOSIÇÃO'!$A$2:$E$10256,4,FALSE),IF(A1833=\"Insumo\",IF(VLOOKUP(B1833,'SINAPI INSUMOS'!$A$2:$F$4852,5,FALSE)=OR(\"\",0),VLOOKUP(B1833,'SINAPI INSUMOS'!$A$2:$F$4852,6,FALSE),VLOOKUP(B1833,'SINAPI INSUMOS'!$A$2:$F$4852,5,FALSE)),\"VERIFICAR\"))","v":108.04},108.04]
["Insumo",4178,"SINAPI","NIPLE DE FERRO GALVANIZADO, COM ROSCA BSP, DE 3/4\"","Material","UN",1,{"$f":"IF(A1834=\"Composição Auxiliar\",VLOOKUP(B1834,'SINAPI COMPOSIÇÃO'!$A$2:$E$10256,4,FALSE),IF(A1834=\"Insumo\",IF(VLOOKUP(B1834,'SINAPI INSUMOS'!$A$2:$F$4852,5,FALSE)=OR(\"\",0),VLOOKUP(B1834,'SINAPI INSUMOS'!$A$2:$F$4852,6,FALSE),VLOOKUP(B1834,'SINAPI INSUMOS'!$A$2:$F$4852,5,FALSE)),\"VERIFICAR\"))","v":8.16},8.16]
["Insumo",4206,"SINAPI","NIPLE DE REDUCAO DE FERRO GALVANIZADO, COM ROSCA BSP, DE 1 1/4\" X 1\"","Material","UN",1,{"$f":"IF(A1835=\"Composição Auxiliar\",VLOOKUP(B1835,'SINAPI COMPOSIÇÃO'!$A$2:$E$10256,4,FALSE),IF(A1835=\"Insumo\",IF(VLOOKUP(B1835,'SINAPI INSUMOS'!$A$2:$F$4852,5,FALSE)=OR(\"\",0),VLOOKUP(B1835,'SINAPI INSUMOS'!$A$2:$F$4852,6,FALSE),VLOOKUP(B1835,'SINAPI INSUMOS'!$A$2:$F$4852,5,FALSE)),\"VERIFICAR\"))","v":24.31},24.31]
["Insumo",3472,"SINAPI","COTOVELO 90 GRAUS DE FERRO GALVANIZADO, COM ROSCA BSP, DE 1\"","Material","UN",1,{"$f":"IF(A1836=\"Composição Auxiliar\",VLOOKUP(B1836,'SINAPI COMPOSIÇÃO'!$A$2:$E$10256,4,FALSE),IF(A1836=\"Insumo\",IF(VLOOKUP(B1836,'SINAPI INSUMOS'!$A$2:$F$4852,5,FALSE)=OR(\"\",0),VLOOKUP(B1836,'SINAPI INSUMOS'!$A$2:$F$4852,6,FALSE),VLOOKUP(B1836,'SINAPI INSUMOS'!$A$2:$F$4852,5,FALSE)),\"VERIFICAR\"))","v":16.239999999999998},16.239999999999998]
["Insumo",6019,"SINAPI","REGISTRO GAVETA BRUTO EM LATAO FORJADO, BITOLA 1\"","Material","UN",1,{"$f":"IF(A1837=\"Composição Auxiliar\",VLOOKUP(B1837,'SINAPI COMPOSIÇÃO'!$A$2:$E$10256,4,FALSE),IF(A1837=\"Insumo\",IF(VLOOKUP(B1837,'SINAPI INSUMOS'!$A$2:$F$4852,5,FALSE)=OR(\"\",0),VLOOKUP(B1837,'SINAPI INSUMOS'!$A$2:$F$4852,6,FALSE),VLOOKUP(B1837,'SINAPI INSUMOS'!$A$2:$F$4852,5,FALSE)),\"VERIFICAR\"))","v":57.58},57.58]
["Insumo",7698,"SINAPI","TUBO ACO GALVANIZADO COM COSTURA, CLASSE MEDIA, DN 1.1/4\", E = *3,25* MM, PESO *3,14* KG/M (NBR 5580)","Material","M",0.41560000000000002,{"$f":"IF(A1838=\"Composição Auxiliar\",VLOOKUP(B1838,'SINAPI COMPOSIÇÃO'!$A$2:$E$10256,4,FALSE),IF(A1838=\"Insumo\",IF(VLOOKUP(B1838,'SINAPI INSUMOS'!$A$2:$F$4852,5,FALSE)=OR(\"\",0),VLOOKUP(B1838,'SINAPI INSUMOS'!$A$2:$F$4852,6,FALSE),VLOOKUP(B1838,'SINAPI INSUMOS'!$A$2:$F$4852,5,FALSE)),\"VERIFICAR\"))","v":44.19},18.36]
["Insumo",9886,"SINAPI","UNIAO DE FERRO GALVANIZADO, COM ROSCA BSP, COM ASSENTO PLANO, DE 1\"","Material","UN",1,{"$f":"IF(A1839=\"Composição Auxiliar\",VLOOKUP(B1839,'SINAPI COMPOSIÇÃO'!$A$2:$E$10256,4,FALSE),IF(A1839=\"Insumo\",IF(VLOOKUP(B1839,'SINAPI INSUMOS'!$A$2:$F$4852,5,FALSE)=OR(\"\",0),VLOOKUP(B1839,'SINAPI INSUMOS'!$A$2:$F$4852,6,FALSE),VLOOKUP(B1839,'SINAPI INSUMOS'!$A$2:$F$4852,5,FALSE)),\"VERIFICAR\"))","v":34.67},34.67]
["Insumo",4189,"SINAPI","NIPLE DE REDUCAO DE FERRO GALVANIZADO, COM ROSCA BSP, DE 1\" X 3/4\"","Material","UN",1,{"$f":"IF(A1840=\"Composição Auxiliar\",VLOOKUP(B1840,'SINAPI COMPOSIÇÃO'!$A$2:$E$10256,4,FALSE),IF(A1840=\"Insumo\",IF(VLOOKUP(B1840,'SINAPI INSUMOS'!$A$2:$F$4852,5,FALSE)=OR(\"\",0),VLOOKUP(B1840,'SINAPI INSUMOS'!$A$2:$F$4852,6,FALSE),VLOOKUP(B1840,'SINAPI INSUMOS'!$A$2:$F$4852,5,FALSE)),\"VERIFICAR\"))","v":14.67},14.67]
["Insumo",3148,"SINAPI","FITA VEDA ROSCA, EM PTFE, ROLO DE 18 MM X 50 M (L X C)","Material","UN",0.2485,{"$f":"IF(A1841=\"Composição Auxiliar\",VLOOKUP(B1841,'SINAPI COMPOSIÇÃO'!$A$2:$E$10256,4,FALSE),IF(A1841=\"Insumo\",IF(VLOOKUP(B1841,'SINAPI INSUMOS'!$A$2:$F$4852,5,FALSE)=OR(\"\",0),VLOOKUP(B1841,'SINAPI INSUMOS'!$A$2:$F$4852,6,FALSE),VLOOKUP(B1841,'SINAPI INSUMOS'!$A$2:$F$4852,5,FALSE)),\"VERIFICAR\"))","v":15.3},3.8]
["13.14","Código","Banco","Descrição","Tipo","Und","Quant.","Valor Unit","Total"]
["Composição",97436,"SINAPI","CURVA 90 GRAUS, EM AÇO, CONEXÃO RANHURADA, DN 65 (2 1/2\"), INSTALADO EM PRUMADAS - FORNECIMENTO E INSTALAÇÃO. AF_10/2020","INHI - INSTALAÇÕES HIDROS SANITÁRIAS","UN",1,{"$f":"I1843","v":111.25},{"$f":"SUM(I1844:I1848)","v":111.25}]
["Composição Auxiliar",88267,"SINAPI","ENCANADOR OU BOMBEIRO HIDRÁULICO COM ENCARGOS COMPLEMENTARES","SEDI - SERVIÇOS DIVERSOS","H",0.59865400000000002,{"$f":"IF(A1844=\"Composição Auxiliar\",VLOOKUP(B1844,'SINAPI COMPOSIÇÃO'!$A$2:$E$10256,4,FALSE),IF(A1844=\"Insumo\",IF(VLOOKUP(B1844,'SINAPI INSUMOS'!$A$2:$F$4852,5,FALSE)=OR(\"\",0),VLOOKUP(B1844,'SINAPI INSUMOS'!$A$2:$F$4852,6,FALSE),VLOOKUP(B1844,'SINAPI INSUMOS'!$A$2:$F$4852,5,FALSE)),\"VERIFICAR\"))","v":27.01},{"$f":"TRUNC(G1844*H1844,2)","v":16.16}]
["Composição Auxiliar",88248,"SINAPI","AUXILIAR DE ENCANADOR OU BOMBEIRO HIDRÁULICO COM ENCARGOS COMPLEMENTARES","SEDI - SERVIÇOS DIVERSOS","H",0.59865400000000002,{"$f":"IF(A1845=\"Composição Auxiliar\",VLOOKUP(B1845,'SINAPI COMPOSIÇÃO'!$A$2:$E$10256,4,FALSE),IF(A1845=\"Insumo\",IF(VLOOKUP(B1845,'SINAPI INSUMOS'!$A$2:$F$4852,5,FALSE)=OR(\"\",0),VLOOKUP(B1845,'SINAPI INSUMOS'!$A$2:$F$4852,6,FALSE),VLOOKUP(B1845,'SINAPI INSUMOS'!$A$2:$F$4852,5,FALSE)),\"VERIFICAR\"))","v":23.01},{"$f":"TRUNC(G1845*H1845,2)","v":13.77}]
["Insumo",40411,"SINAPI","ACOPLAMENTO RIGIDO EM FERRO FUNDIDO PARA SISTEMA DE TUBULACAO RANHURADA, DN 65 MM (2 1/2\")","Material","UN",2,{"$f":"IF(A1846=\"Composição Auxiliar\",VLOOKUP(B1846,'SINAPI COMPOSIÇÃO'!$A$2:$E$10256,4,FALSE),IF(A1846=\"Insumo\",IF(VLOOKUP(B1846,'SINAPI INSUMOS'!$A$2:$F$4852,5,FALSE)=OR(\"\",0),VLOOKUP(B1846,'SINAPI INSUMOS'!$A$2:$F$4852,6,FALSE),VLOOKUP(B1846,'SINAPI INSUMOS'!$A$2:$F$4852,5,FALSE)),\"VERIFICAR\"))","v":25},{"$f":"TRUNC(G1846*H1846,2)","v":50}]
["Insumo",40415,"SINAPI","CURVA 90 GRAUS RANHURADA EM FERRO FUNDIDO, DN 65 MM (2 1/2\")","Material","UN",1,{"$f":"IF(A1847=\"Composição Auxiliar\",VLOOKUP(B1847,'SINAPI COMPOSIÇÃO'!$A$2:$E$10256,4,FALSE),IF(A1847=\"Insumo\",IF(VLOOKUP(B1847,'SINAPI INSUMOS'!$A$2:$F$4852,5,FALSE)=OR(\"\",0),VLOOKUP(B1847,'SINAPI INSUMOS'!$A$2:$F$4852,6,FALSE),VLOOKUP(B1847,'SINAPI INSUMOS'!$A$2:$F$4852,5,FALSE)),\"VERIFICAR\"))","v":31.22},{"$f":"TRUNC(G1847*H1847,2)","v":31.22}]
["Insumo",20078,"SINAPI","PASTA LUBRIFICANTE PARA TUBOS E CONEXOES COM JUNTA ELASTICA, EMBALAGEM DE *400* GR (USO EM PVC, ACO, POLIETILENO E OUTROS)","Material","UN",3.5999999999999999E-3,{"$f":"IF(A1848=\"Composição Auxiliar\",VLOOKUP(B1848,'SINAPI COMPOSIÇÃO'!$A$2:$E$10256,4,FALSE),IF(A1848=\"Insumo\",IF(VLOOKUP(B1848,'SINAPI INSUMOS'!$A$2:$F$4852,5,FALSE)=OR(\"\",0),VLOOKUP(B1848,'SINAPI INSUMOS'!$A$2:$F$4852,6,FALSE),VLOOKUP(B1848,'SINAPI INSUMOS'!$A$2:$F$4852,5,FALSE)),\"VERIFICAR\"))","v":29.34},{"$f":"TRUNC(G1848*H1848,2)","v":0.1}]
["13.15","Código","Banco","Descrição","Tipo","Und","Quant.","Valor Unit","Total"]
["Composição",97438,"SINAPI","CURVA 90 GRAUS, EM AÇO, CONEXÃO RANHURADA, DN 80 (3\"), INSTALADO EM PRUMADAS - FORNECIMENTO E INSTALAÇÃO. AF_10/2020","INHI - INSTALAÇÕES HIDROS SANITÁRIAS","UN",1,{"$f":"I1850","v":124.01},{"$f":"SUM(I1851:I1855)","v":124.01}]
["Composição Auxiliar",88248,"SINAPI","AUXILIAR DE ENCANADOR OU BOMBEIRO HIDRÁULICO COM ENCARGOS COMPLEMENTARES","SEDI - SERVIÇOS DIVERSOS","H",0.61841800000000002,{"$f":"IF(A1851=\"Composição Auxiliar\",VLOOKUP(B1851,'SINAPI COMPOSIÇÃO'!$A$2:$E$10256,4,FALSE),IF(A1851=\"Insumo\",IF(VLOOKUP(B1851,'SINAPI INSUMOS'!$A$2:$F$4852,5,FALSE)=OR(\"\",0),VLOOKUP(B1851,'SINAPI INSUMOS'!$A$2:$F$4852,6,FALSE),VLOOKUP(B1851,'SINAPI INSUMOS'!$A$2:$F$4852,5,FALSE)),\"VERIFICAR\"))","v":23.01},{"$f":"TRUNC(G1851*H1851,2)","v":14.22}]
["Composição Auxiliar",88267,"SINAPI","ENCANADOR OU BOMBEIRO HIDRÁULICO COM ENCARGOS COMPLEMENTARES","SEDI - SERVIÇOS DIVERSOS","H",0.61841800000000002,{"$f":"IF(A1852=\"Composição Auxiliar\",VLOOKUP(B1852,'SINAPI COMPOSIÇÃO'!$A$2:$E$10256,4,FALSE),IF(A1852=\"Insumo\",IF(VLOOKUP(B1852,'SINAPI INSUMOS'!$A$2:$F$4852,5,FALSE)=OR(\"\",0),VLOOKUP(B1852,'SINAPI INSUMOS'!$A$2:$F$4852,6,FALSE),VLOOKUP(B1852,'SINAPI INSUMOS'!$A$2:$F$4852,5,FALSE)),\"VERIFICAR\"))","v":27.01},{"$f":"TRUNC(G1852*H1852,2)","v":16.7}]
["Insumo",40417,"SINAPI","CURVA 90 GRAUS RANHURADA EM FERRO FUNDIDO, DN 80 MM (3\")","Material","UN",1,{"$f":"IF(A1853=\"Composição Auxiliar\",VLOOKUP(B1853,'SINAPI COMPOSIÇÃO'!$A$2:$E$10256,4,FALSE),IF(A1853=\"Insumo\",IF(VLOOKUP(B1853,'SINAPI INSUMOS'!$A$2:$F$4852,5,FALSE)=OR(\"\",0),VLOOKUP(B1853,'SINAPI INSUMOS'!$A$2:$F$4852,6,FALSE),VLOOKUP(B1853,'SINAPI INSUMOS'!$A$2:$F$4852,5,FALSE)),\"VERIFICAR\"))","v":36.83},{"$f":"TRUNC(G1853*H1853,2)","v":36.83}]
["Insumo",40412,"SINAPI","ACOPLAMENTO RIGIDO EM FERRO FUNDIDO PARA SISTEMA DE TUBULACAO RANHURADA, DN 80 MM (3\")","Material","UN",2,{"$f":"IF(A1854=\"Composição Auxiliar\",VLOOKUP(B1854,'SINAPI COMPOSIÇÃO'!$A$2:$E$10256,4,FALSE),IF(A1854=\"Insumo\",IF(VLOOKUP(B1854,'SINAPI INSUMOS'!$A$2:$F$4852,5,FALSE)=OR(\"\",0),VLOOKUP(B1854,'SINAPI INSUMOS'!$A$2:$F$4852,6,FALSE),VLOOKUP(B1854,'SINAPI INSUMOS'!$A$2:$F$4852,5,FALSE)),\"VERIFICAR\"))","v":28.06},{"$f":"TRUNC(G1854*H1854,2)","v":56.12}]
["Insumo",20078,"SINAPI","PASTA LUBRIFICANTE PARA TUBOS E CONEXOES COM JUNTA ELASTICA, EMBALAGEM DE *400* GR (USO EM PVC, ACO, POLIETILENO E OUTROS)","Material","UN",5.0000000000000001E-3,{"$f":"IF(A1855=\"Composição Auxiliar\",VLOOKUP(B1855,'SINAPI COMPOSIÇÃO'!$A$2:$E$10256,4,FALSE),IF(A1855=\"Insumo\",IF(VLOOKUP(B1855,'SINAPI INSUMOS'!$A$2:$F$4852,5,FALSE)=OR(\"\",0),VLOOKUP(B1855,'SINAPI INSUMOS'!$A$2:$F$4852,6,FALSE),VLOOKUP(B1855,'SINAPI INSUMOS'!$A$2:$F$4852,5,FALSE)),\"VERIFICAR\"))","v":29.34},{"$f":"TRUNC(G1855*H1855,2)","v":0.14000000000000001}]
["13.16","Código","Banco","Descrição","Tipo","Und","Quant.","Valor Unit","Total"]
["Composição",96765,"SINAPI","ABRIGO PARA HIDRANTE, 90X60X17CM, COM REGISTRO GLOBO ANGULAR 45 GRAUS 2 1/2\", ADAPTADOR STORZ 2 1/2\", MANGUEIRA DE INCÊNDIO 20M, REDUÇÃO 2 1/2\" X 1 1/2\" E ESGUICHO EM LATÃO 1 1/2\" - FORNECIMENTO E INSTALAÇÃO. AF_10/2020","INES - INSTALAÇÕES ESPECIAIS","UN",1,{"$f":"I1857","v":2358.56},{"$f":"SUM(I1858:I1866)","v":2358.56}]
["Composição Auxiliar",88267,"SINAPI","ENCANADOR OU BOMBEIRO HIDRÁULICO COM ENCARGOS COMPLEMENTARES","SEDI - SERVIÇOS DIVERSOS","H",2.6273580000000001,{"$f":"IF(A1858=\"Composição Auxiliar\",VLOOKUP(B1858,'SINAPI COMPOSIÇÃO'!$A$2:$E$10256,4,FALSE),IF(A1858=\"Insumo\",IF(VLOOKUP(B1858,'SINAPI INSUMOS'!$A$2:$F$4852,5,FALSE)=OR(\"\",0),VLOOKUP(B1858,'SINAPI INSUMOS'!$A$2:$F$4852,6,FALSE),VLOOKUP(B1858,'SINAPI INSUMOS'!$A$2:$F$4852,5,FALSE)),\"VERIFICAR\"))","v":27.01},{"$f":"TRUNC(G1858*H1858,2)","v":70.959999999999994}]
["Composição Auxiliar",88248,"SINAPI","AUXILIAR DE ENCANADOR OU BOMBEIRO HIDRÁULICO COM ENCARGOS COMPLEMENTARES","SEDI - SERVIÇOS DIVERSOS","H",2.6273580000000001,{"$f":"IF(A1859=\"Composição Auxiliar\",VLOOKUP(B1859,'SINAPI COMPOSIÇÃO'!$A$2:$E$10256,4,FALSE),IF(A1859=\"Insumo\",IF(VLOOKUP(B1859,'SINAPI INSUMOS'!$A$2:$F$4852,5,FALSE)=OR(\"\",0),VLOOKUP(B1859,'SINAPI INSUMOS'!$A$2:$F$4852,6,FALSE),VLOOKUP(B1859,'SINAPI INSUMOS'!$A$2:$F$4852,5,FALSE)),\"VERIFICAR\"))","v":23.01},60.45]
["Insumo",37554,"SINAPI","ESGUICHO JATO REGULAVEL, TIPO ELKHART, ENGATE RAPIDO 1 1/2\", PARA COMBATE A INCENDIO","Material","UN",1,{"$f":"IF(A1860=\"Composição Auxiliar\",VLOOKUP(B1860,'SINAPI COMPOSIÇÃO'!$A$2:$E$10256,4,FALSE),IF(A1860=\"Insumo\",IF(VLOOKUP(B1860,'SINAPI INSUMOS'!$A$2:$F$4852,5,FALSE)=OR(\"\",0),VLOOKUP(B1860,'SINAPI INSUMOS'!$A$2:$F$4852,6,FALSE),VLOOKUP(B1860,'SINAPI INSUMOS'!$A$2:$F$4852,5,FALSE)),\"VERIFICAR\"))","v":392.6},392.6]
["Insumo",20971,"SINAPI","CHAVE DUPLA PARA CONEXOES TIPO STORZ, ENGATE RAPIDO 1 1/2\" X 2 1/2\", EM LATAO, PARA INSTALACAO PREDIAL COMBATE A INCENDIO","Material","UN",1,{"$f":"IF(A1861=\"Composição Auxiliar\",VLOOKUP(B1861,'SINAPI COMPOSIÇÃO'!$A$2:$E$10256,4,FALSE),IF(A1861=\"Insumo\",IF(VLOOKUP(B1861,'SINAPI INSUMOS'!$A$2:$F$4852,5,FALSE)=OR(\"\",0),VLOOKUP(B1861,'SINAPI INSUMOS'!$A$2:$F$4852,6,FALSE),VLOOKUP(B1861,'SINAPI INSUMOS'!$A$2:$F$4852,5,FALSE)),\"VERIFICAR\"))","v":31.83},31.83]
["Insumo",21030,"SINAPI","MANGUEIRA DE INCENDIO, TIPO 1, DE 1 1/2\", COMPRIMENTO = 20 M, TECIDO EM FIO DE POLIESTER E TUBO INTERNO EM BORRACHA SINTETICA, COM UNIOES ENGATE RAPIDO","Material","UN",1,{"$f":"IF(A1862=\"Composição Auxiliar\",VLOOKUP(B1862,'SINAPI COMPOSIÇÃO'!$A$2:$E$10256,4,FALSE),IF(A1862=\"Insumo\",IF(VLOOKUP(B1862,'SINAPI INSUMOS'!$A$2:$F$4852,5,FALSE)=OR(\"\",0),VLOOKUP(B1862,'SINAPI INSUMOS'!$A$2:$F$4852,6,FALSE),VLOOKUP(B1862,'SINAPI INSUMOS'!$A$2:$F$4852,5,FALSE)),\"VERIFICAR\"))","v":739.6},739.6]
["Insumo",10904,"SINAPI","REGISTRO OU VALVULA GLOBO ANGULAR EM LATAO, PARA HIDRANTES EM INSTALACAO PREDIAL DE INCENDIO, 45 GRAUS, DIAMETRO DE 2 1/2\", COM VOLANTE, CLASSE DE PRESSAO DE ATE 200 PSI","Material","UN",1,{"$f":"IF(A1863=\"Composição Auxiliar\",VLOOKUP(B1863,'SINAPI COMPOSIÇÃO'!$A$2:$E$10256,4,FALSE),IF(A1863=\"Insumo\",IF(VLOOKUP(B1863,'SINAPI INSUMOS'!$A$2:$F$4852,5,FALSE)=OR(\"\",0),VLOOKUP(B1863,'SINAPI INSUMOS'!$A$2:$F$4852,6,FALSE),VLOOKUP(B1863,'SINAPI INSUMOS'!$A$2:$F$4852,5,FALSE)),\"VERIFICAR\"))","v":334.31},334.31]
["Insumo",4350,"SINAPI","BUCHA DE NYLON, DIAMETRO DO FURO 8 MM, COMPRIMENTO 40 MM, COM PARAFUSO DE ROSCA SOBERBA, CABECA CHATA, FENDA SIMPLES, 4,8 X 50 MM","Material","UN",4,{"$f":"IF(A1864=\"Composição Auxiliar\",VLOOKUP(B1864,'SINAPI COMPOSIÇÃO'!$A$2:$E$10256,4,FALSE),IF(A1864=\"Insumo\",IF(VLOOKUP(B1864,'SINAPI INSUMOS'!$A$2:$F$4852,5,FALSE)=OR(\"\",0),VLOOKUP(B1864,'SINAPI INSUMOS'!$A$2:$F$4852,6,FALSE),VLOOKUP(B1864,'SINAPI INSUMOS'!$A$2:$F$4852,5,FALSE)),\"VERIFICAR\"))","v":0.85},3.4]
["Insumo",10900,"SINAPI","ADAPTADOR EM LATAO, ENGATE RAPIDO1 1/2\" X ROSCA INTERNA 5 FIOS 2 1/2\", PARA INSTALACAO PREDIAL DE COMBATE A INCENDIO","Material","UN",1,{"$f":"IF(A1865=\"Composição Auxiliar\",VLOOKUP(B1865,'SINAPI COMPOSIÇÃO'!$A$2:$E$10256,4,FALSE),IF(A1865=\"Insumo\",IF(VLOOKUP(B1865,'SINAPI INSUMOS'!$A$2:$F$4852,5,FALSE)=OR(\"\",0),VLOOKUP(B1865,'SINAPI INSUMOS'!$A$2:$F$4852,6,FALSE),VLOOKUP(B1865,'SINAPI INSUMOS'!$A$2:$F$4852,5,FALSE)),\"VERIFICAR\"))","v":114.62},114.62]
["Insumo",20963,"SINAPI","CAIXA DE INCENDIO/ABRIGO PARA MANGUEIRA, DE SOBREPOR/EXTERNA, COM 90 X 60 X 17 CM, EM CHAPA DE ACO, PORTA COM VENTILACAO, VISOR COM A INSCRICAO \"INCENDIO\", SUPORTE/CESTA INTERNA PARA A MANGUEIRA, PINTURA ELETROSTATICA VERMELHA","Material","UN",1,{"$f":"IF(A1866=\"Composição Auxiliar\",VLOOKUP(B1866,'SINAPI COMPOSIÇÃO'!$A$2:$E$10256,4,FALSE),IF(A1866=\"Insumo\",IF(VLOOKUP(B1866,'SINAPI INSUMOS'!$A$2:$F$4852,5,FALSE)=OR(\"\",0),VLOOKUP(B1866,'SINAPI INSUMOS'!$A$2:$F$4852,6,FALSE),VLOOKUP(B1866,'SINAPI INSUMOS'!$A$2:$F$4852,5,FALSE)),\"VERIFICAR\"))","v":610.79},610.79]
["13.17","Código","Banco","Descrição","Tipo","Und","Quant.","Valor Unit","Total"]
["Composição",101916,"SINAPI","HIDRANTE SUBTERRÂNEO PREDIAL (COM CURVA LONGA E CAIXA), DN 75 MM - FORNECIMENTO E INSTALAÇÃO. AF_10/2020","INES - INSTALAÇÕES ESPECIAIS","UN",1,{"$f":"I1868","v":3558.79},{"$f":"SUM(I1869:I1873)","v":3558.79}]
["Composição Auxiliar",88267,"SINAPI","ENCANADOR OU BOMBEIRO HIDRÁULICO COM ENCARGOS COMPLEMENTARES","SEDI - SERVIÇOS DIVERSOS","H",4.4385000000000003,{"$f":"IF(A1869=\"Composição Auxiliar\",VLOOKUP(B1869,'SINAPI COMPOSIÇÃO'!$A$2:$E$10256,4,FALSE),IF(A1869=\"Insumo\",IF(VLOOKUP(B1869,'SINAPI INSUMOS'!$A$2:$F$4852,5,FALSE)=OR(\"\",0),VLOOKUP(B1869,'SINAPI INSUMOS'!$A$2:$F$4852,6,FALSE),VLOOKUP(B1869,'SINAPI INSUMOS'!$A$2:$F$4852,5,FALSE)),\"VERIFICAR\"))","v":27.01},{"$f":"TRUNC(G1869*H1869,2)","v":119.88}]
["Composição Auxiliar",88248,"SINAPI","AUXILIAR DE ENCANADOR OU BOMBEIRO HIDRÁULICO COM ENCARGOS COMPLEMENTARES","SEDI - SERVIÇOS DIVERSOS","H",4.4385000000000003,{"$f":"IF(A1870=\"Composição Auxiliar\",VLOOKUP(B1870,'SINAPI COMPOSIÇÃO'!$A$2:$E$10256,4,FALSE),IF(A1870=\"Insumo\",IF(VLOOKUP(B1870,'SINAPI INSUMOS'!$A$2:$F$4852,5,FALSE)=OR(\"\",0),VLOOKUP(B1870,'SINAPI INSUMOS'!$A$2:$F$4852,6,FALSE),VLOOKUP(B1870,'SINAPI INSUMOS'!$A$2:$F$4852,5,FALSE)),\"VERIFICAR\"))","v":23.01},{"$f":"TRUNC(G1870*H1870,2)","v":102.12}]
["Insumo",10924,"SINAPI","HIDRANTE SUBTERRANEO, EM FERRO FUNDIDO, COM CURVA LONGA E CAIXA, DN 75 MM","Material","UN",1,{"$f":"IF(A1871=\"Composição Auxiliar\",VLOOKUP(B1871,'SINAPI COMPOSIÇÃO'!$A$2:$E$10256,4,FALSE),IF(A1871=\"Insumo\",IF(VLOOKUP(B1871,'SINAPI INSUMOS'!$A$2:$F$4852,5,FALSE)=OR(\"\",0),VLOOKUP(B1871,'SINAPI INSUMOS'!$A$2:$F$4852,6,FALSE),VLOOKUP(B1871,'SINAPI INSUMOS'!$A$2:$F$4852,5,FALSE)),\"VERIFICAR\"))","v":3332.79},{"$f":"TRUNC(G1871*H1871,2)","v":3332.79}]
["Insumo",7307,"SINAPI","FUNDO ANTICORROSIVO PARA METAIS FERROSOS (ZARCAO)","Material","L",3.9399999999999998E-2,{"$f":"IF(A1872=\"Composição Auxiliar\",VLOOKUP(B1872,'SINAPI COMPOSIÇÃO'!$A$2:$E$10256,4,FALSE),IF(A1872=\"Insumo\",IF(VLOOKUP(B1872,'SINAPI INSUMOS'!$A$2:$F$4852,5,FALSE)=OR(\"\",0),VLOOKUP(B1872,'SINAPI INSUMOS'!$A$2:$F$4852,6,FALSE),VLOOKUP(B1872,'SINAPI INSUMOS'!$A$2:$F$4852,5,FALSE)),\"VERIFICAR\"))","v":37.28},{"$f":"TRUNC(G1872*H1872,2)","v":1.46}]
["Insumo",3148,"SINAPI","FITA VEDA ROSCA, EM PTFE, ROLO DE 18 MM X 50 M (L X C)","Material","UN",0.1661,{"$f":"IF(A1873=\"Composição Auxiliar\",VLOOKUP(B1873,'SINAPI COMPOSIÇÃO'!$A$2:$E$10256,4,FALSE),IF(A1873=\"Insumo\",IF(VLOOKUP(B1873,'SINAPI INSUMOS'!$A$2:$F$4852,5,FALSE)=OR(\"\",0),VLOOKUP(B1873,'SINAPI INSUMOS'!$A$2:$F$4852,6,FALSE),VLOOKUP(B1873,'SINAPI INSUMOS'!$A$2:$F$4852,5,FALSE)),\"VERIFICAR\"))","v":15.3},{"$f":"TRUNC(G1873*H1873,2)","v":2.54}]
["13.18","Código","Banco","Descrição","Tipo","Und","Quant.","Valor Unit","Total"]
["Composição",94499,"SINAPI","REGISTRO DE GAVETA BRUTO, LATÃO, ROSCÁVEL, 2 1/2\" - FORNECIMENTO E INSTALAÇÃO. AF_08/2021","INHI - INSTALAÇÕES HIDROS SANITÁRIAS","UN",1,{"$f":"I1875","v":309.39999999999998},{"$f":"SUM(I1876:I1879)","v":309.39999999999998}]
["Composição Auxiliar",88248,"SINAPI","AUXILIAR DE ENCANADOR OU BOMBEIRO HIDRÁULICO COM ENCARGOS COMPLEMENTARES","SEDI - SERVIÇOS DIVERSOS","H",0.4546,{"$f":"IF(A1876=\"Composição Auxiliar\",VLOOKUP(B1876,'SINAPI COMPOSIÇÃO'!$A$2:$E$10256,4,FALSE),IF(A1876=\"Insumo\",IF(VLOOKUP(B1876,'SINAPI INSUMOS'!$A$2:$F$4852,5,FALSE)=OR(\"\",0),VLOOKUP(B1876,'SINAPI INSUMOS'!$A$2:$F$4852,6,FALSE),VLOOKUP(B1876,'SINAPI INSUMOS'!$A$2:$F$4852,5,FALSE)),\"VERIFICAR\"))","v":23.01},{"$f":"TRUNC(G1876*H1876,2)","v":10.46}]
["Composição Auxiliar",88267,"SINAPI","ENCANADOR OU BOMBEIRO HIDRÁULICO COM ENCARGOS COMPLEMENTARES","SEDI - SERVIÇOS DIVERSOS","H",0.4546,{"$f":"IF(A1877=\"Composição Auxiliar\",VLOOKUP(B1877,'SINAPI COMPOSIÇÃO'!$A$2:$E$10256,4,FALSE),IF(A1877=\"Insumo\",IF(VLOOKUP(B1877,'SINAPI INSUMOS'!$A$2:$F$4852,5,FALSE)=OR(\"\",0),VLOOKUP(B1877,'SINAPI INSUMOS'!$A$2:$F$4852,6,FALSE),VLOOKUP(B1877,'SINAPI INSUMOS'!$A$2:$F$4852,5,FALSE)),\"VERIFICAR\"))","v":27.01},{"$f":"TRUNC(G1877*H1877,2)","v":12.27}]
["Insumo",3148,"SINAPI","FITA VEDA ROSCA, EM PTFE, ROLO DE 18 MM X 50 M (L X C)","Material","UN",3.0200000000000001E-2,{"$f":"IF(A1878=\"Composição Auxiliar\",VLOOKUP(B1878,'SINAPI COMPOSIÇÃO'!$A$2:$E$10256,4,FALSE),IF(A1878=\"Insumo\",IF(VLOOKUP(B1878,'SINAPI INSUMOS'!$A$2:$F$4852,5,FALSE)=OR(\"\",0),VLOOKUP(B1878,'SINAPI INSUMOS'!$A$2:$F$4852,6,FALSE),VLOOKUP(B1878,'SINAPI INSUMOS'!$A$2:$F$4852,5,FALSE)),\"VERIFICAR\"))","v":15.3},{"$f":"TRUNC(G1878*H1878,2)","v":0.46}]
["Insumo",6011,"SINAPI","REGISTRO GAVETA BRUTO EM LATAO FORJADO, BITOLA 2 1/2\"","Material","UN",1,{"$f":"IF(A1879=\"Composição Auxiliar\",VLOOKUP(B1879,'SINAPI COMPOSIÇÃO'!$A$2:$E$10256,4,FALSE),IF(A1879=\"Insumo\",IF(VLOOKUP(B1879,'SINAPI INSUMOS'!$A$2:$F$4852,5,FALSE)=OR(\"\",0),VLOOKUP(B1879,'SINAPI INSUMOS'!$A$2:$F$4852,6,FALSE),VLOOKUP(B1879,'SINAPI INSUMOS'!$A$2:$F$4852,5,FALSE)),\"VERIFICAR\"))","v":286.20999999999998},{"$f":"TRUNC(G1879*H1879,2)","v":286.20999999999998}]
["13.19","Código","Banco","Descrição","Tipo","Und","Quant.","Valor Unit","Total"]
["Composição",94500,"SINAPI","REGISTRO DE GAVETA BRUTO, LATÃO, ROSCÁVEL, 3\" - FORNECIMENTO E INSTALAÇÃO. AF_08/2021","INHI - INSTALAÇÕES HIDROS SANITÁRIAS","UN",1,{"$f":"I1881","v":375.53000000000003},{"$f":"SUM(I1882:I1885)","v":375.53000000000003}]
["Composição Auxiliar",88267,"SINAPI","ENCANADOR OU BOMBEIRO HIDRÁULICO COM ENCARGOS COMPLEMENTARES","SEDI - SERVIÇOS DIVERSOS","H",0.56950000000000001,{"$f":"IF(A1882=\"Composição Auxiliar\",VLOOKUP(B1882,'SINAPI COMPOSIÇÃO'!$A$2:$E$10256,4,FALSE),IF(A1882=\"Insumo\",IF(VLOOKUP(B1882,'SINAPI INSUMOS'!$A$2:$F$4852,5,FALSE)=OR(\"\",0),VLOOKUP(B1882,'SINAPI INSUMOS'!$A$2:$F$4852,6,FALSE),VLOOKUP(B1882,'SINAPI INSUMOS'!$A$2:$F$4852,5,FALSE)),\"VERIFICAR\"))","v":27.01},{"$f":"TRUNC(G1882*H1882,2)","v":15.38}]
["Composição Auxiliar",88248,"SINAPI","AUXILIAR DE ENCANADOR OU BOMBEIRO HIDRÁULICO COM ENCARGOS COMPLEMENTARES","SEDI - SERVIÇOS DIVERSOS","H",0.56950000000000001,{"$f":"IF(A1883=\"Composição Auxiliar\",VLOOKUP(B1883,'SINAPI COMPOSIÇÃO'!$A$2:$E$10256,4,FALSE),IF(A1883=\"Insumo\",IF(VLOOKUP(B1883,'SINAPI INSUMOS'!$A$2:$F$4852,5,FALSE)=OR(\"\",0),VLOOKUP(B1883,'SINAPI INSUMOS'!$A$2:$F$4852,6,FALSE),VLOOKUP(B1883,'SINAPI INSUMOS'!$A$2:$F$4852,5,FALSE)),\"VERIFICAR\"))","v":23.01},{"$f":"TRUNC(G1883*H1883,2)","v":13.1}]
["Insumo",6012,"SINAPI","REGISTRO GAVETA BRUTO EM LATAO FORJADO, BITOLA 3\"","Material","UN",1,{"$f":"IF(A1884=\"Composição Auxiliar\",VLOOKUP(B1884,'SINAPI COMPOSIÇÃO'!$A$2:$E$10256,4,FALSE),IF(A1884=\"Insumo\",IF(VLOOKUP(B1884,'SINAPI INSUMOS'!$A$2:$F$4852,5,FALSE)=OR(\"\",0),VLOOKUP(B1884,'SINAPI INSUMOS'!$A$2:$F$4852,6,FALSE),VLOOKUP(B1884,'SINAPI INSUMOS'!$A$2:$F$4852,5,FALSE)),\"VERIFICAR\"))","v":346.51},{"$f":"TRUNC(G1884*H1884,2)","v":346.51}]
["Insumo",3148,"SINAPI","FITA VEDA ROSCA, EM PTFE, ROLO DE 18 MM X 50 M (L X C)","Material","UN",3.5400000000000001E-2,{"$f":"IF(A1885=\"Composição Auxiliar\",VLOOKUP(B1885,'SINAPI COMPOSIÇÃO'!$A$2:$E$10256,4,FALSE),IF(A1885=\"Insumo\",IF(VLOOKUP(B1885,'SINAPI INSUMOS'!$A$2:$F$4852,5,FALSE)=OR(\"\",0),VLOOKUP(B1885,'SINAPI INSUMOS'!$A$2:$F$4852,6,FALSE),VLOOKUP(B1885,'SINAPI INSUMOS'!$A$2:$F$4852,5,FALSE)),\"VERIFICAR\"))","v":15.3},{"$f":"TRUNC(G1885*H1885,2)","v":0.54}]
["13.20","Código","Banco","Descrição","Tipo","Und","Quant.","Valor Unit","Total"]
["Composição",103009,"SINAPI","VÁLVULA DE RETENÇÃO VERTICAL, DE BRONZE, ROSCÁVEL, 2 1/2\" - FORNECIMENTO E INSTALAÇÃO. AF_08/2021","INHI - INSTALAÇÕES HIDROS SANITÁRIAS","UN",1,{"$f":"I1887","v":459.18},{"$f":"SUM(I1888:I1891)","v":459.18}]
["Composição Auxiliar",88248,"SINAPI","AUXILIAR DE ENCANADOR OU BOMBEIRO HIDRÁULICO COM ENCARGOS COMPLEMENTARES","SEDI - SERVIÇOS DIVERSOS","H",0.4546,{"$f":"IF(A1888=\"Composição Auxiliar\",VLOOKUP(B1888,'SINAPI COMPOSIÇÃO'!$A$2:$E$10256,4,FALSE),IF(A1888=\"Insumo\",IF(VLOOKUP(B1888,'SINAPI INSUMOS'!$A$2:$F$4852,5,FALSE)=OR(\"\",0),VLOOKUP(B1888,'SINAPI INSUMOS'!$A$2:$F$4852,6,FALSE),VLOOKUP(B1888,'SINAPI INSUMOS'!$A$2:$F$4852,5,FALSE)),\"VERIFICAR\"))","v":23.01},{"$f":"TRUNC(G1888*H1888,2)","v":10.46}]
["Composição Auxiliar",88267,"SINAPI","ENCANADOR OU BOMBEIRO HIDRÁULICO COM ENCARGOS COMPLEMENTARES","SEDI - SERVIÇOS DIVERSOS","H",0.4546,{"$f":"IF(A1889=\"Composição Auxiliar\",VLOOKUP(B1889,'SINAPI COMPOSIÇÃO'!$A$2:$E$10256,4,FALSE),IF(A1889=\"Insumo\",IF(VLOOKUP(B1889,'SINAPI INSUMOS'!$A$2:$F$4852,5,FALSE)=OR(\"\",0),VLOOKUP(B1889,'SINAPI INSUMOS'!$A$2:$F$4852,6,FALSE),VLOOKUP(B1889,'SINAPI INSUMOS'!$A$2:$F$4852,5,FALSE)),\"VERIFICAR\"))","v":27.01},{"$f":"TRUNC(G1889*H1889,2)","v":12.27}]
["Insumo",3148,"SINAPI","FITA VEDA ROSCA, EM PTFE, ROLO DE 18 MM X 50 M (L X C)","Material","UN",3.0200000000000001E-2,{"$f":"IF(A1890=\"Composição Auxiliar\",VLOOKUP(B1890,'SINAPI COMPOSIÇÃO'!$A$2:$E$10256,4,FALSE),IF(A1890=\"Insumo\",IF(VLOOKUP(B1890,'SINAPI INSUMOS'!$A$2:$F$4852,5,FALSE)=OR(\"\",0),VLOOKUP(B1890,'SINAPI INSUMOS'!$A$2:$F$4852,6,FALSE),VLOOKUP(B1890,'SINAPI INSUMOS'!$A$2:$F$4852,5,FALSE)),\"VERIFICAR\"))","v":15.3},{"$f":"TRUNC(G1890*H1890,2)","v":0.46}]
["Insumo",12657,"SINAPI","VALVULA DE RETENCAO VERTICAL, DE BRONZE (PN-16), 2 1/2\", 200 PSI, EXTREMIDADES COM ROSCA","Material","UN",1,{"$f":"IF(A1891=\"Composição Auxiliar\",VLOOKUP(B1891,'SINAPI COMPOSIÇÃO'!$A$2:$E$10256,4,FALSE),IF(A1891=\"Insumo\",IF(VLOOKUP(B1891,'SINAPI INSUMOS'!$A$2:$F$4852,5,FALSE)=OR(\"\",0),VLOOKUP(B1891,'SINAPI INSUMOS'!$A$2:$F$4852,6,FALSE),VLOOKUP(B1891,'SINAPI INSUMOS'!$A$2:$F$4852,5,FALSE)),\"VERIFICAR\"))","v":435.99},{"$f":"TRUNC(G1891*H1891,2)","v":435.99}]
["13.21","Código","Banco","Descrição","Tipo","Und","Quant.","Valor Unit","Total"]
["Composição",101917,"SINAPI","MANÔMETRO 0 A 200 PSI (0 A 14 KGF/CM2), D = 50MM - FORNECIMENTO E INSTALAÇÃO. AF_10/2020","INES - INSTALAÇÕES ESPECIAIS","UN",1,{"$f":"I1893","v":181.78000000000003},{"$f":"SUM(I1894:I1897)","v":181.78000000000003}]
["Composição Auxiliar",88267,"SINAPI","ENCANADOR OU BOMBEIRO HIDRÁULICO COM ENCARGOS COMPLEMENTARES","SEDI - SERVIÇOS DIVERSOS","H",0.79042000000000001,{"$f":"IF(A1894=\"Composição Auxiliar\",VLOOKUP(B1894,'SINAPI COMPOSIÇÃO'!$A$2:$E$10256,4,FALSE),IF(A1894=\"Insumo\",IF(VLOOKUP(B1894,'SINAPI INSUMOS'!$A$2:$F$4852,5,FALSE)=OR(\"\",0),VLOOKUP(B1894,'SINAPI INSUMOS'!$A$2:$F$4852,6,FALSE),VLOOKUP(B1894,'SINAPI INSUMOS'!$A$2:$F$4852,5,FALSE)),\"VERIFICAR\"))","v":27.01},{"$f":"TRUNC(G1894*H1894,2)","v":21.34}]
["Composição Auxiliar",88248,"SINAPI","AUXILIAR DE ENCANADOR OU BOMBEIRO HIDRÁULICO COM ENCARGOS COMPLEMENTARES","SEDI - SERVIÇOS DIVERSOS","H",0.79042000000000001,{"$f":"IF(A1895=\"Composição Auxiliar\",VLOOKUP(B1895,'SINAPI COMPOSIÇÃO'!$A$2:$E$10256,4,FALSE),IF(A1895=\"Insumo\",IF(VLOOKUP(B1895,'SINAPI INSUMOS'!$A$2:$F$4852,5,FALSE)=OR(\"\",0),VLOOKUP(B1895,'SINAPI INSUMOS'!$A$2:$F$4852,6,FALSE),VLOOKUP(B1895,'SINAPI INSUMOS'!$A$2:$F$4852,5,FALSE)),\"VERIFICAR\"))","v":23.01},{"$f":"TRUNC(G1895*H1895,2)","v":18.18}]
["Insumo",12899,"SINAPI","MANOMETRO COM CAIXA EM ACO PINTADO, ESCALA *10* KGF/CM2 (*10* BAR), DIAMETRO NOMINAL DE *63* MM, CONEXAO DE 1/4\"","Material","UN",1,{"$f":"IF(A1896=\"Composição Auxiliar\",VLOOKUP(B1896,'SINAPI COMPOSIÇÃO'!$A$2:$E$10256,4,FALSE),IF(A1896=\"Insumo\",IF(VLOOKUP(B1896,'SINAPI INSUMOS'!$A$2:$F$4852,5,FALSE)=OR(\"\",0),VLOOKUP(B1896,'SINAPI INSUMOS'!$A$2:$F$4852,6,FALSE),VLOOKUP(B1896,'SINAPI INSUMOS'!$A$2:$F$4852,5,FALSE)),\"VERIFICAR\"))","v":142.08000000000001},{"$f":"TRUNC(G1896*H1896,2)","v":142.08000000000001}]
["Insumo",3148,"SINAPI","FITA VEDA ROSCA, EM PTFE, ROLO DE 18 MM X 10 M (L X C)","Material","UN",1.2E-2,{"$f":"IF(A1897=\"Composição Auxiliar\",VLOOKUP(B1897,'SINAPI COMPOSIÇÃO'!$A$2:$E$10256,4,FALSE),IF(A1897=\"Insumo\",IF(VLOOKUP(B1897,'SINAPI INSUMOS'!$A$2:$F$4852,5,FALSE)=OR(\"\",0),VLOOKUP(B1897,'SINAPI INSUMOS'!$A$2:$F$4852,6,FALSE),VLOOKUP(B1897,'SINAPI INSUMOS'!$A$2:$F$4852,5,FALSE)),\"VERIFICAR\"))","v":15.3},{"$f":"TRUNC(G1897*H1897,2)","v":0.18}]
["14",null,null,"FORROS, PINTURAS E TEXTURAS"]
["14.1","Código","Banco","Descrição","Tipo","Und","Quant.","Valor Unit","Total"]
["Composição",96114,"SINAPI","FORRO EM DRYWALL, PARA AMBIENTES COMERCIAIS, INCLUSIVE ESTRUTURA BIRECIONAL DE FIXAÇÃO. AF_08/2023_PS","REVE - REVESTIMENTO E TRATAMENTO DE SUPERFÍCIES","m²",1,{"$f":"I1900","v":82.17},{"$f":"SUM(I1901:I1911)","v":82.17}]
["Composição Auxiliar",88278,"SINAPI","MONTADOR DE ESTRUTURA METÁLICA COM ENCARGOS COMPLEMENTARES","SEDI - SERVIÇOS DIVERSOS","H",0.47860000000000003,{"$f":"IF(A1901=\"Composição Auxiliar\",VLOOKUP(B1901,'SINAPI COMPOSIÇÃO'!$A$2:$E$10256,4,FALSE),IF(A1901=\"Insumo\",IF(VLOOKUP(B1901,'SINAPI INSUMOS'!$A$2:$F$4852,5,FALSE)=OR(\"\",0),VLOOKUP(B1901,'SINAPI INSUMOS'!$A$2:$F$4852,6,FALSE),VLOOKUP(B1901,'SINAPI INSUMOS'!$A$2:$F$4852,5,FALSE)),\"VERIFICAR\"))","v":23.96},{"$f":"TRUNC(G1901*H1901,2)","v":11.46}]
["Composição Auxiliar",88316,"SINAPI","SERVENTE COM ENCARGOS COMPLEMENTARES","SEDI - SERVIÇOS DIVERSOS","H",0.47860000000000003,{"$f":"IF(A1902=\"Composição Auxiliar\",VLOOKUP(B1902,'SINAPI COMPOSIÇÃO'!$A$2:$E$10256,4,FALSE),IF(A1902=\"Insumo\",IF(VLOOKUP(B1902,'SINAPI INSUMOS'!$A$2:$F$4852,5,FALSE)=OR(\"\",0),VLOOKUP(B1902,'SINAPI INSUMOS'!$A$2:$F$4852,6,FALSE),VLOOKUP(B1902,'SINAPI INSUMOS'!$A$2:$F$4852,5,FALSE)),\"VERIFICAR\"))","v":21.32},10.199999999999999]
["Insumo",39435,"SINAPI","PARAFUSO DRY WALL, EM ACO FOSFATIZADO, CABECA TROMBETA E PONTA AGULHA (TA), COMPRIMENTO 25 MM","Material","UN",9.6469000000000005,{"$f":"IF(A1903=\"Composição Auxiliar\",VLOOKUP(B1903,'SINAPI COMPOSIÇÃO'!$A$2:$E$10256,4,FALSE),IF(A1903=\"Insumo\",IF(VLOOKUP(B1903,'SINAPI INSUMOS'!$A$2:$F$4852,5,FALSE)=OR(\"\",0),VLOOKUP(B1903,'SINAPI INSUMOS'!$A$2:$F$4852,6,FALSE),VLOOKUP(B1903,'SINAPI INSUMOS'!$A$2:$F$4852,5,FALSE)),\"VERIFICAR\"))","v":0.14000000000000001},1.35]
["Insumo",39413,"SINAPI","PLACA / CHAPA DE GESSO ACARTONADO, STANDARD (ST), COR BRANCA, E = 12,5 MM, 1200 X 2400 MM (L X C)","Material","m²",1.0838000000000001,{"$f":"IF(A1904=\"Composição Auxiliar\",VLOOKUP(B1904,'SINAPI COMPOSIÇÃO'!$A$2:$E$10256,4,FALSE),IF(A1904=\"Insumo\",IF(VLOOKUP(B1904,'SINAPI INSUMOS'!$A$2:$F$4852,5,FALSE)=OR(\"\",0),VLOOKUP(B1904,'SINAPI INSUMOS'!$A$2:$F$4852,6,FALSE),VLOOKUP(B1904,'SINAPI INSUMOS'!$A$2:$F$4852,5,FALSE)),\"VERIFICAR\"))","v":22.27},24.13]
["Insumo",39443,"SINAPI","PARAFUSO DRY WALL, EM ACO ZINCADO, CABECA LENTILHA E PONTA BROCA (LB), LARGURA 4,2 MM, COMPRIMENTO 13 MM","Material","UN",1.2266999999999999,{"$f":"IF(A1905=\"Composição Auxiliar\",VLOOKUP(B1905,'SINAPI COMPOSIÇÃO'!$A$2:$E$10256,4,FALSE),IF(A1905=\"Insumo\",IF(VLOOKUP(B1905,'SINAPI INSUMOS'!$A$2:$F$4852,5,FALSE)=OR(\"\",0),VLOOKUP(B1905,'SINAPI INSUMOS'!$A$2:$F$4852,6,FALSE),VLOOKUP(B1905,'SINAPI INSUMOS'!$A$2:$F$4852,5,FALSE)),\"VERIFICAR\"))","v":0.32},0.39]
["Insumo",39430,"SINAPI","PENDURAL OU PRESILHA REGULADORA, EM ACO GALVANIZADO, COM CORPO, MOLA E REBITE, PARA PERFIL TIPO CANALETA DE ESTRUTURA EM FORROS DRYWALL","Material","UN",1.2266999999999999,{"$f":"IF(A1906=\"Composição Auxiliar\",VLOOKUP(B1906,'SINAPI COMPOSIÇÃO'!$A$2:$E$10256,4,FALSE),IF(A1906=\"Insumo\",IF(VLOOKUP(B1906,'SINAPI INSUMOS'!$A$2:$F$4852,5,FALSE)=OR(\"\",0),VLOOKUP(B1906,'SINAPI INSUMOS'!$A$2:$F$4852,6,FALSE),VLOOKUP(B1906,'SINAPI INSUMOS'!$A$2:$F$4852,5,FALSE)),\"VERIFICAR\"))","v":2.44},2.99]
["Insumo",39434,"SINAPI","MASSA DE REJUNTE EM PO PARA DRYWALL, A BASE DE GESSO, SECAGEM RAPIDA, PARA TRATAMENTO DE JUNTAS DE CHAPA DE GESSO (NECESSITA ADICAO DE AGUA)","Material","KG",0.69259999999999999,{"$f":"IF(A1907=\"Composição Auxiliar\",VLOOKUP(B1907,'SINAPI COMPOSIÇÃO'!$A$2:$E$10256,4,FALSE),IF(A1907=\"Insumo\",IF(VLOOKUP(B1907,'SINAPI INSUMOS'!$A$2:$F$4852,5,FALSE)=OR(\"\",0),VLOOKUP(B1907,'SINAPI INSUMOS'!$A$2:$F$4852,6,FALSE),VLOOKUP(B1907,'SINAPI INSUMOS'!$A$2:$F$4852,5,FALSE)),\"VERIFICAR\"))","v":3.86},2.67]
["Insumo",40547,"SINAPI","PARAFUSO ZINCADO, AUTOBROCANTE, FLANGEADO, 4,2 MM X 19 MM","Material","CENTO",1.23E-2,{"$f":"IF(A1908=\"Composição Auxiliar\",VLOOKUP(B1908,'SINAPI COMPOSIÇÃO'!$A$2:$E$10256,4,FALSE),IF(A1908=\"Insumo\",IF(VLOOKUP(B1908,'SINAPI INSUMOS'!$A$2:$F$4852,5,FALSE)=OR(\"\",0),VLOOKUP(B1908,'SINAPI INSUMOS'!$A$2:$F$4852,6,FALSE),VLOOKUP(B1908,'SINAPI INSUMOS'!$A$2:$F$4852,5,FALSE)),\"VERIFICAR\"))","v":36.61},0.45]
["Insumo",43131,"SINAPI","ARAME GALVANIZADO 6 BWG, D = 5,16 MM (0,157 KG/M), OU 8 BWG, D = 4,19 MM (0,101 KG/M), OU 10 BWG, D = 3,40 MM (0,0713 KG/M)","Material","KG",3.6999999999999998E-2,{"$f":"IF(A1909=\"Composição Auxiliar\",VLOOKUP(B1909,'SINAPI COMPOSIÇÃO'!$A$2:$E$10256,4,FALSE),IF(A1909=\"Insumo\",IF(VLOOKUP(B1909,'SINAPI INSUMOS'!$A$2:$F$4852,5,FALSE)=OR(\"\",0),VLOOKUP(B1909,'SINAPI INSUMOS'!$A$2:$F$4852,6,FALSE),VLOOKUP(B1909,'SINAPI INSUMOS'!$A$2:$F$4852,5,FALSE)),\"VERIFICAR\"))","v":31.36},1.1599999999999999]
["Insumo",39427,"SINAPI","PERFIL CANALETA, FORMATO C, EM ACO ZINCADO, PARA ESTRUTURA FORRO DRYWALL, E = 0,5 MM, *46 X 18* (L X H), COMPRIMENTO 3 M","Material","M",3.5470000000000002,{"$f":"IF(A1910=\"Composição Auxiliar\",VLOOKUP(B1910,'SINAPI COMPOSIÇÃO'!$A$2:$E$10256,4,FALSE),IF(A1910=\"Insumo\",IF(VLOOKUP(B1910,'SINAPI INSUMOS'!$A$2:$F$4852,5,FALSE)=OR(\"\",0),VLOOKUP(B1910,'SINAPI INSUMOS'!$A$2:$F$4852,6,FALSE),VLOOKUP(B1910,'SINAPI INSUMOS'!$A$2:$F$4852,5,FALSE)),\"VERIFICAR\"))","v":6.48},22.98]
["Insumo",39432,"SINAPI","FITA DE PAPEL REFORCADA COM LAMINA DE METAL PARA REFORCO DE CANTOS DE CHAPA DE GESSO PARA DRYWALL","Material","M",1.4276,{"$f":"IF(A1911=\"Composição Auxiliar\",VLOOKUP(B1911,'SINAPI COMPOSIÇÃO'!$A$2:$E$10256,4,FALSE),IF(A1911=\"Insumo\",IF(VLOOKUP(B1911,'SINAPI INSUMOS'!$A$2:$F$4852,5,FALSE)=OR(\"\",0),VLOOKUP(B1911,'SINAPI INSUMOS'!$A$2:$F$4852,6,FALSE),VLOOKUP(B1911,'SINAPI INSUMOS'!$A$2:$F$4852,5,FALSE)),\"VERIFICAR\"))","v":3.08},4.3899999999999997]
["14.2","Código","Banco","Descrição","Tipo","Und","Quant.","Valor Unit","Total"]
["Composição",96123,"SINAPI","ACABAMENTOS PARA FORRO (MOLDURA EM DRYWALL, COM LARGURA DE 15 CM). AF_08/2023_PS","REVE - REVESTIMENTO E TRATAMENTO DE SUPERFÍCIES","M",1,{"$f":"I1913","v":32.14},{"$f":"SUM(I1914:I1925)","v":32.14}]
["Composição Auxiliar",88278,"SINAPI","MONTADOR DE ESTRUTURA METÁLICA COM ENCARGOS COMPLEMENTARES","SEDI - SERVIÇOS DIVERSOS","H",0.218,{"$f":"IF(A1914=\"Composição Auxiliar\",VLOOKUP(B1914,'SINAPI COMPOSIÇÃO'!$A$2:$E$10256,4,FALSE),IF(A1914=\"Insumo\",IF(VLOOKUP(B1914,'SINAPI INSUMOS'!$A$2:$F$4852,5,FALSE)=OR(\"\",0),VLOOKUP(B1914,'SINAPI INSUMOS'!$A$2:$F$4852,6,FALSE),VLOOKUP(B1914,'SINAPI INSUMOS'!$A$2:$F$4852,5,FALSE)),\"VERIFICAR\"))","v":23.96},{"$f":"TRUNC(G1914*H1914,2)","v":5.22}]
["Composição Auxiliar",88252,"SINAPI","AUXILIAR DE SERVIÇOS GERAIS COM ENCARGOS COMPLEMENTARES","SEDI - SERVIÇOS DIVERSOS","H",0.218,{"$f":"IF(A1915=\"Composição Auxiliar\",VLOOKUP(B1915,'SINAPI COMPOSIÇÃO'!$A$2:$E$10256,4,FALSE),IF(A1915=\"Insumo\",IF(VLOOKUP(B1915,'SINAPI INSUMOS'!$A$2:$F$4852,5,FALSE)=OR(\"\",0),VLOOKUP(B1915,'SINAPI INSUMOS'!$A$2:$F$4852,6,FALSE),VLOOKUP(B1915,'SINAPI INSUMOS'!$A$2:$F$4852,5,FALSE)),\"VERIFICAR\"))","v":21.16},4.6100000000000003]
["Insumo",39427,"SINAPI","PERFIL CANALETA, FORMATO C, EM ACO ZINCADO, PARA ESTRUTURA FORRO DRYWALL, E = 0,5 MM, *46 X 18* (L X H), COMPRIMENTO 3 M","Material","M",1.1106,{"$f":"IF(A1916=\"Composição Auxiliar\",VLOOKUP(B1916,'SINAPI COMPOSIÇÃO'!$A$2:$E$10256,4,FALSE),IF(A1916=\"Insumo\",IF(VLOOKUP(B1916,'SINAPI INSUMOS'!$A$2:$F$4852,5,FALSE)=OR(\"\",0),VLOOKUP(B1916,'SINAPI INSUMOS'!$A$2:$F$4852,6,FALSE),VLOOKUP(B1916,'SINAPI INSUMOS'!$A$2:$F$4852,5,FALSE)),\"VERIFICAR\"))","v":6.48},7.19]
["Insumo",39435,"SINAPI","PARAFUSO DRY WALL, EM ACO FOSFATIZADO, CABECA TROMBETA E PONTA AGULHA (TA), COMPRIMENTO 25 MM","Material","UN",1.4470000000000001,{"$f":"IF(A1917=\"Composição Auxiliar\",VLOOKUP(B1917,'SINAPI COMPOSIÇÃO'!$A$2:$E$10256,4,FALSE),IF(A1917=\"Insumo\",IF(VLOOKUP(B1917,'SINAPI INSUMOS'!$A$2:$F$4852,5,FALSE)=OR(\"\",0),VLOOKUP(B1917,'SINAPI INSUMOS'!$A$2:$F$4852,6,FALSE),VLOOKUP(B1917,'SINAPI INSUMOS'!$A$2:$F$4852,5,FALSE)),\"VERIFICAR\"))","v":0.14000000000000001},0.2]
["Insumo",39424,"SINAPI","PERFIL CANTONEIRA L, LISA, EM ACO, 25 X 30 MM, E = 0,5 MM, PARA ESTRUTURA DRYWALL","Material","M",1.1512,{"$f":"IF(A1918=\"Composição Auxiliar\",VLOOKUP(B1918,'SINAPI COMPOSIÇÃO'!$A$2:$E$10256,4,FALSE),IF(A1918=\"Insumo\",IF(VLOOKUP(B1918,'SINAPI INSUMOS'!$A$2:$F$4852,5,FALSE)=OR(\"\",0),VLOOKUP(B1918,'SINAPI INSUMOS'!$A$2:$F$4852,6,FALSE),VLOOKUP(B1918,'SINAPI INSUMOS'!$A$2:$F$4852,5,FALSE)),\"VERIFICAR\"))","v":3.85},4.43]
["Insumo",39430,"SINAPI","PENDURAL OU PRESILHA REGULADORA, EM ACO GALVANIZADO, COM CORPO, MOLA E REBITE, PARA PERFIL TIPO CANALETA DE ESTRUTURA EM FORROS DRYWALL","Material","UN",1.0257000000000001,{"$f":"IF(A1919=\"Composição Auxiliar\",VLOOKUP(B1919,'SINAPI COMPOSIÇÃO'!$A$2:$E$10256,4,FALSE),IF(A1919=\"Insumo\",IF(VLOOKUP(B1919,'SINAPI INSUMOS'!$A$2:$F$4852,5,FALSE)=OR(\"\",0),VLOOKUP(B1919,'SINAPI INSUMOS'!$A$2:$F$4852,6,FALSE),VLOOKUP(B1919,'SINAPI INSUMOS'!$A$2:$F$4852,5,FALSE)),\"VERIFICAR\"))","v":2.44},2.5]
["Insumo",40547,"SINAPI","PARAFUSO ZINCADO, AUTOBROCANTE, FLANGEADO, 4,2 MM X 19 MM","Material","CENTO",1.03E-2,{"$f":"IF(A1920=\"Composição Auxiliar\",VLOOKUP(B1920,'SINAPI COMPOSIÇÃO'!$A$2:$E$10256,4,FALSE),IF(A1920=\"Insumo\",IF(VLOOKUP(B1920,'SINAPI INSUMOS'!$A$2:$F$4852,5,FALSE)=OR(\"\",0),VLOOKUP(B1920,'SINAPI INSUMOS'!$A$2:$F$4852,6,FALSE),VLOOKUP(B1920,'SINAPI INSUMOS'!$A$2:$F$4852,5,FALSE)),\"VERIFICAR\"))","v":36.61},0.37]
["Insumo",39434,"SINAPI","MASSA DE REJUNTE EM PO PARA DRYWALL, A BASE DE GESSO, SECAGEM RAPIDA, PARA TRATAMENTO DE JUNTAS DE CHAPA DE GESSO (NECESSITA ADICAO DE AGUA)","Material","KG",0.10390000000000001,{"$f":"IF(A1921=\"Composição Auxiliar\",VLOOKUP(B1921,'SINAPI COMPOSIÇÃO'!$A$2:$E$10256,4,FALSE),IF(A1921=\"Insumo\",IF(VLOOKUP(B1921,'SINAPI INSUMOS'!$A$2:$F$4852,5,FALSE)=OR(\"\",0),VLOOKUP(B1921,'SINAPI INSUMOS'!$A$2:$F$4852,6,FALSE),VLOOKUP(B1921,'SINAPI INSUMOS'!$A$2:$F$4852,5,FALSE)),\"VERIFICAR\"))","v":3.86},0.4]
["Insumo",39413,"SINAPI","PLACA / CHAPA DE GESSO ACARTONADO, STANDARD (ST), COR BRANCA, E = 12,5 MM, 1200 X 2400 MM (L X C)","Material","m²",0.16259999999999999,{"$f":"IF(A1922=\"Composição Auxiliar\",VLOOKUP(B1922,'SINAPI COMPOSIÇÃO'!$A$2:$E$10256,4,FALSE),IF(A1922=\"Insumo\",IF(VLOOKUP(B1922,'SINAPI INSUMOS'!$A$2:$F$4852,5,FALSE)=OR(\"\",0),VLOOKUP(B1922,'SINAPI INSUMOS'!$A$2:$F$4852,6,FALSE),VLOOKUP(B1922,'SINAPI INSUMOS'!$A$2:$F$4852,5,FALSE)),\"VERIFICAR\"))","v":22.27},3.62]
["Insumo",40552,"SINAPI","PARAFUSO, AUTOATARRAXANTE, CABECA CHATA, FENDA SIMPLES, EM ACO ZINCADO, 1/4\" (6,35 MM) X 25 MM","Material","CENTO",3.1800000000000002E-2,{"$f":"IF(A1923=\"Composição Auxiliar\",VLOOKUP(B1923,'SINAPI COMPOSIÇÃO'!$A$2:$E$10256,4,FALSE),IF(A1923=\"Insumo\",IF(VLOOKUP(B1923,'SINAPI INSUMOS'!$A$2:$F$4852,5,FALSE)=OR(\"\",0),VLOOKUP(B1923,'SINAPI INSUMOS'!$A$2:$F$4852,6,FALSE),VLOOKUP(B1923,'SINAPI INSUMOS'!$A$2:$F$4852,5,FALSE)),\"VERIFICAR\"))","v":62.77},1.99]
["Insumo",43131,"SINAPI","ARAME GALVANIZADO 6 BWG, D = 5,16 MM (0,157 KG/M), OU 8 BWG, D = 4,19 MM (0,101 KG/M), OU 10 BWG, D = 3,40 MM (0,0713 KG/M)","Material","KG",3.09E-2,{"$f":"IF(A1924=\"Composição Auxiliar\",VLOOKUP(B1924,'SINAPI COMPOSIÇÃO'!$A$2:$E$10256,4,FALSE),IF(A1924=\"Insumo\",IF(VLOOKUP(B1924,'SINAPI INSUMOS'!$A$2:$F$4852,5,FALSE)=OR(\"\",0),VLOOKUP(B1924,'SINAPI INSUMOS'!$A$2:$F$4852,6,FALSE),VLOOKUP(B1924,'SINAPI INSUMOS'!$A$2:$F$4852,5,FALSE)),\"VERIFICAR\"))","v":31.36},0.96]
["Insumo",39432,"SINAPI","FITA DE PAPEL REFORCADA COM LAMINA DE METAL PARA REFORCO DE CANTOS DE CHAPA DE GESSO PARA DRYWALL","Material","M",0.21410000000000001,{"$f":"IF(A1925=\"Composição Auxiliar\",VLOOKUP(B1925,'SINAPI COMPOSIÇÃO'!$A$2:$E$10256,4,FALSE),IF(A1925=\"Insumo\",IF(VLOOKUP(B1925,'SINAPI INSUMOS'!$A$2:$F$4852,5,FALSE)=OR(\"\",0),VLOOKUP(B1925,'SINAPI INSUMOS'!$A$2:$F$4852,6,FALSE),VLOOKUP(B1925,'SINAPI INSUMOS'!$A$2:$F$4852,5,FALSE)),\"VERIFICAR\"))","v":3.08},0.65]
["14.3","Código","Banco","Descrição","Tipo","Und","Quant.","Valor Unit","Total"]
["Composição",88411,"SINAPI","APLICAÇÃO MANUAL DE FUNDO SELADOR ACRÍLICO EM PANOS COM PRESENÇA DE VÃOS DE EDIFÍCIOS DE MÚLTIPLOS PAVIMENTOS. AF_03/2024","PINT - PINTURAS","m²",1,{"$f":"I1927","v":3.54},{"$f":"SUM(I1928:I1930)","v":3.54}]
["Composição Auxiliar",88310,"SINAPI","PINTOR COM ENCARGOS COMPLEMENTARES","SEDI - SERVIÇOS DIVERSOS","H",5.1299999999999998E-2,{"$f":"IF(A1928=\"Composição Auxiliar\",VLOOKUP(B1928,'SINAPI COMPOSIÇÃO'!$A$2:$E$10256,4,FALSE),IF(A1928=\"Insumo\",IF(VLOOKUP(B1928,'SINAPI INSUMOS'!$A$2:$F$4852,5,FALSE)=OR(\"\",0),VLOOKUP(B1928,'SINAPI INSUMOS'!$A$2:$F$4852,6,FALSE),VLOOKUP(B1928,'SINAPI INSUMOS'!$A$2:$F$4852,5,FALSE)),\"VERIFICAR\"))","v":29.17},{"$f":"TRUNC(G1928*H1928,2)","v":1.49}]
["Composição Auxiliar",88316,"SINAPI","SERVENTE COM ENCARGOS COMPLEMENTARES","SEDI - SERVIÇOS DIVERSOS","H",8.3999999999999995E-3,{"$f":"IF(A1929=\"Composição Auxiliar\",VLOOKUP(B1929,'SINAPI COMPOSIÇÃO'!$A$2:$E$10256,4,FALSE),IF(A1929=\"Insumo\",IF(VLOOKUP(B1929,'SINAPI INSUMOS'!$A$2:$F$4852,5,FALSE)=OR(\"\",0),VLOOKUP(B1929,'SINAPI INSUMOS'!$A$2:$F$4852,6,FALSE),VLOOKUP(B1929,'SINAPI INSUMOS'!$A$2:$F$4852,5,FALSE)),\"VERIFICAR\"))","v":21.32},{"$f":"TRUNC(G1929*H1929,2)","v":0.17}]
["Insumo",6085,"SINAPI","SELADOR ACRILICO OPACO PREMIUM INTERIOR/EXTERIOR","Material","L",0.30493999999999999,{"$f":"IF(A1930=\"Composição Auxiliar\",VLOOKUP(B1930,'SINAPI COMPOSIÇÃO'!$A$2:$E$10256,4,FALSE),IF(A1930=\"Insumo\",IF(VLOOKUP(B1930,'SINAPI INSUMOS'!$A$2:$F$4852,5,FALSE)=OR(\"\",0),VLOOKUP(B1930,'SINAPI INSUMOS'!$A$2:$F$4852,6,FALSE),VLOOKUP(B1930,'SINAPI INSUMOS'!$A$2:$F$4852,5,FALSE)),\"VERIFICAR\"))","v":6.19},{"$f":"TRUNC(G1930*H1930,2)","v":1.88}]
["14.4","Código","Banco","Descrição","Tipo","Und","Quant.","Valor Unit","Total"]
["Composição",96126,"SINAPI","APLICAÇÃO MANUAL DE MASSA ACRÍLICA EM PANOS DE FACHADA COM PRESENÇA DE VÃOS, DE EDIFÍCIOS DE MÚLTIPLOS PAVIMENTOS, UMA DEMÃO. AF_03/2024","PINT - PINTURAS","m²",1,{"$f":"I1932","v":16.28},{"$f":"SUM(I1933:I1936)","v":16.28}]
["Composição Auxiliar",88310,"SINAPI","PINTOR COM ENCARGOS COMPLEMENTARES","SEDI - SERVIÇOS DIVERSOS","H",0.3836,{"$f":"IF(A1933=\"Composição Auxiliar\",VLOOKUP(B1933,'SINAPI COMPOSIÇÃO'!$A$2:$E$10256,4,FALSE),IF(A1933=\"Insumo\",IF(VLOOKUP(B1933,'SINAPI INSUMOS'!$A$2:$F$4852,5,FALSE)=OR(\"\",0),VLOOKUP(B1933,'SINAPI INSUMOS'!$A$2:$F$4852,6,FALSE),VLOOKUP(B1933,'SINAPI INSUMOS'!$A$2:$F$4852,5,FALSE)),\"VERIFICAR\"))","v":29.17},{"$f":"TRUNC(G1933*H1933,2)","v":11.18}]
["Composição Auxiliar",88316,"SINAPI","SERVENTE COM ENCARGOS COMPLEMENTARES","SEDI - SERVIÇOS DIVERSOS","H",6.2600000000000003E-2,{"$f":"IF(A1934=\"Composição Auxiliar\",VLOOKUP(B1934,'SINAPI COMPOSIÇÃO'!$A$2:$E$10256,4,FALSE),IF(A1934=\"Insumo\",IF(VLOOKUP(B1934,'SINAPI INSUMOS'!$A$2:$F$4852,5,FALSE)=OR(\"\",0),VLOOKUP(B1934,'SINAPI INSUMOS'!$A$2:$F$4852,6,FALSE),VLOOKUP(B1934,'SINAPI INSUMOS'!$A$2:$F$4852,5,FALSE)),\"VERIFICAR\"))","v":21.32},{"$f":"TRUNC(G1934*H1934,2)","v":1.33}]
["Insumo",3767,"SINAPI","LIXA EM FOLHA PARA PAREDE OU MADEIRA, NUMERO 120, COR VERMELHA","Material","UN",4.2799999999999998E-2,{"$f":"IF(A1935=\"Composição Auxiliar\",VLOOKUP(B1935,'SINAPI COMPOSIÇÃO'!$A$2:$E$10256,4,FALSE),IF(A1935=\"Insumo\",IF(VLOOKUP(B1935,'SINAPI INSUMOS'!$A$2:$F$4852,5,FALSE)=OR(\"\",0),VLOOKUP(B1935,'SINAPI INSUMOS'!$A$2:$F$4852,6,FALSE),VLOOKUP(B1935,'SINAPI INSUMOS'!$A$2:$F$4852,5,FALSE)),\"VERIFICAR\"))","v":0.9},{"$f":"TRUNC(G1935*H1935,2)","v":0.03}]
["Insumo",43651,"SINAPI","MASSA ACRILICA PARA SUPERFICIES INTERNAS E EXTERNAS","Material","KG",0.78120000000000001,{"$f":"IF(A1936=\"Composição Auxiliar\",VLOOKUP(B1936,'SINAPI COMPOSIÇÃO'!$A$2:$E$10256,4,FALSE),IF(A1936=\"Insumo\",IF(VLOOKUP(B1936,'SINAPI INSUMOS'!$A$2:$F$4852,5,FALSE)=OR(\"\",0),VLOOKUP(B1936,'SINAPI INSUMOS'!$A$2:$F$4852,6,FALSE),VLOOKUP(B1936,'SINAPI INSUMOS'!$A$2:$F$4852,5,FALSE)),\"VERIFICAR\"))","v":4.8},{"$f":"TRUNC(G1936*H1936,2)","v":3.74}]
["14.5","Código","Banco","Descrição","Tipo","Und","Quant.","Valor Unit","Total"]
["Composição",88416,"SINAPI","APLICAÇÃO MANUAL DE PINTURA COM TINTA TEXTURIZADA ACRÍLICA EM PANOS COM PRESENÇA DE VÃOS DE EDIFÍCIOS DE MÚLTIPLOS PAVIMENTOS, UMA COR. AF_03/2024","PINT - PINTURAS","m²",1,{"$f":"I1938","v":23.340000000000003},{"$f":"SUM(I1939:I1941)","v":23.340000000000003}]
["Composição Auxiliar",88316,"SINAPI","SERVENTE COM ENCARGOS COMPLEMENTARES","SEDI - SERVIÇOS DIVERSOS","H",2.2200000000000001E-2,{"$f":"IF(A1939=\"Composição Auxiliar\",VLOOKUP(B1939,'SINAPI COMPOSIÇÃO'!$A$2:$E$10256,4,FALSE),IF(A1939=\"Insumo\",IF(VLOOKUP(B1939,'SINAPI INSUMOS'!$A$2:$F$4852,5,FALSE)=OR(\"\",0),VLOOKUP(B1939,'SINAPI INSUMOS'!$A$2:$F$4852,6,FALSE),VLOOKUP(B1939,'SINAPI INSUMOS'!$A$2:$F$4852,5,FALSE)),\"VERIFICAR\"))","v":21.32},{"$f":"TRUNC(G1939*H1939,2)","v":0.47}]
["Composição Auxiliar",88310,"SINAPI","PINTOR COM ENCARGOS COMPLEMENTARES","SEDI - SERVIÇOS DIVERSOS","H",0.13569999999999999,{"$f":"IF(A1940=\"Composição Auxiliar\",VLOOKUP(B1940,'SINAPI COMPOSIÇÃO'!$A$2:$E$10256,4,FALSE),IF(A1940=\"Insumo\",IF(VLOOKUP(B1940,'SINAPI INSUMOS'!$A$2:$F$4852,5,FALSE)=OR(\"\",0),VLOOKUP(B1940,'SINAPI INSUMOS'!$A$2:$F$4852,6,FALSE),VLOOKUP(B1940,'SINAPI INSUMOS'!$A$2:$F$4852,5,FALSE)),\"VERIFICAR\"))","v":29.17},{"$f":"TRUNC(G1940*H1940,2)","v":3.95}]
["Insumo",38877,"SINAPI","MASSA PREMIUM PARA TEXTURA LISA DE BASE ACRILICA, USO INTERNO E EXTERNO","Material","KG",2.3393299999999999,{"$f":"IF(A1941=\"Composição Auxiliar\",VLOOKUP(B1941,'SINAPI COMPOSIÇÃO'!$A$2:$E$10256,4,FALSE),IF(A1941=\"Insumo\",IF(VLOOKUP(B1941,'SINAPI INSUMOS'!$A$2:$F$4852,5,FALSE)=OR(\"\",0),VLOOKUP(B1941,'SINAPI INSUMOS'!$A$2:$F$4852,6,FALSE),VLOOKUP(B1941,'SINAPI INSUMOS'!$A$2:$F$4852,5,FALSE)),\"VERIFICAR\"))","v":8.09},{"$f":"TRUNC(G1941*H1941,2)","v":18.920000000000002}]
["14.6","Código","Banco","Descrição","Tipo","Und","Quant.","Valor Unit","Total"]
["Composição",88484,"SINAPI","FUNDO SELADOR ACRÍLICO, APLICAÇÃO MANUAL EM TETO, UMA DEMÃO. AF_04/2023","PINT - PINTURAS","m²",1,{"$f":"I1943","v":4.38},{"$f":"SUM(I1944:I1946)","v":4.38}]
["Composição Auxiliar",88310,"SINAPI","PINTOR COM ENCARGOS COMPLEMENTARES","SEDI - SERVIÇOS DIVERSOS","H",9.2700000000000005E-2,{"$f":"IF(A1944=\"Composição Auxiliar\",VLOOKUP(B1944,'SINAPI COMPOSIÇÃO'!$A$2:$E$10256,4,FALSE),IF(A1944=\"Insumo\",IF(VLOOKUP(B1944,'SINAPI INSUMOS'!$A$2:$F$4852,5,FALSE)=OR(\"\",0),VLOOKUP(B1944,'SINAPI INSUMOS'!$A$2:$F$4852,6,FALSE),VLOOKUP(B1944,'SINAPI INSUMOS'!$A$2:$F$4852,5,FALSE)),\"VERIFICAR\"))","v":29.17},{"$f":"TRUNC(G1944*H1944,2)","v":2.7}]
["Composição Auxiliar",88316,"SINAPI","SERVENTE COM ENCARGOS COMPLEMENTARES","SEDI - SERVIÇOS DIVERSOS","H",3.09E-2,{"$f":"IF(A1945=\"Composição Auxiliar\",VLOOKUP(B1945,'SINAPI COMPOSIÇÃO'!$A$2:$E$10256,4,FALSE),IF(A1945=\"Insumo\",IF(VLOOKUP(B1945,'SINAPI INSUMOS'!$A$2:$F$4852,5,FALSE)=OR(\"\",0),VLOOKUP(B1945,'SINAPI INSUMOS'!$A$2:$F$4852,6,FALSE),VLOOKUP(B1945,'SINAPI INSUMOS'!$A$2:$F$4852,5,FALSE)),\"VERIFICAR\"))","v":21.32},{"$f":"TRUNC(G1945*H1945,2)","v":0.65}]
["Insumo",6085,"SINAPI","SELADOR ACRILICO OPACO PREMIUM INTERIOR/EXTERIOR","Material","L",0.1666,{"$f":"IF(A1946=\"Composição Auxiliar\",VLOOKUP(B1946,'SINAPI COMPOSIÇÃO'!$A$2:$E$10256,4,FALSE),IF(A1946=\"Insumo\",IF(VLOOKUP(B1946,'SINAPI INSUMOS'!$A$2:$F$4852,5,FALSE)=OR(\"\",0),VLOOKUP(B1946,'SINAPI INSUMOS'!$A$2:$F$4852,6,FALSE),VLOOKUP(B1946,'SINAPI INSUMOS'!$A$2:$F$4852,5,FALSE)),\"VERIFICAR\"))","v":6.19},{"$f":"TRUNC(G1946*H1946,2)","v":1.03}]
["14.7","Código","Banco","Descrição","Tipo","Und","Quant.","Valor Unit","Total"]
["Composição",88485,"SINAPI","FUNDO SELADOR ACRÍLICO, APLICAÇÃO MANUAL EM PAREDE, UMA DEMÃO. AF_04/2023","PINT - PINTURAS","m²",1,{"$f":"I1948","v":3.4400000000000004},{"$f":"SUM(I1949:I1951)","v":3.4400000000000004}]
["Composição Auxiliar",88316,"SINAPI","SERVENTE COM ENCARGOS COMPLEMENTARES","SEDI - SERVIÇOS DIVERSOS","H",2.2200000000000001E-2,{"$f":"IF(A1949=\"Composição Auxiliar\",VLOOKUP(B1949,'SINAPI COMPOSIÇÃO'!$A$2:$E$10256,4,FALSE),IF(A1949=\"Insumo\",IF(VLOOKUP(B1949,'SINAPI INSUMOS'!$A$2:$F$4852,5,FALSE)=OR(\"\",0),VLOOKUP(B1949,'SINAPI INSUMOS'!$A$2:$F$4852,6,FALSE),VLOOKUP(B1949,'SINAPI INSUMOS'!$A$2:$F$4852,5,FALSE)),\"VERIFICAR\"))","v":21.32},{"$f":"TRUNC(G1949*H1949,2)","v":0.47}]
["Composição Auxiliar",88310,"SINAPI","PINTOR COM ENCARGOS COMPLEMENTARES","SEDI - SERVIÇOS DIVERSOS","H",6.6600000000000006E-2,{"$f":"IF(A1950=\"Composição Auxiliar\",VLOOKUP(B1950,'SINAPI COMPOSIÇÃO'!$A$2:$E$10256,4,FALSE),IF(A1950=\"Insumo\",IF(VLOOKUP(B1950,'SINAPI INSUMOS'!$A$2:$F$4852,5,FALSE)=OR(\"\",0),VLOOKUP(B1950,'SINAPI INSUMOS'!$A$2:$F$4852,6,FALSE),VLOOKUP(B1950,'SINAPI INSUMOS'!$A$2:$F$4852,5,FALSE)),\"VERIFICAR\"))","v":29.17},{"$f":"TRUNC(G1950*H1950,2)","v":1.94}]
["Insumo",6085,"SINAPI","SELADOR ACRILICO OPACO PREMIUM INTERIOR/EXTERIOR","Material","L",0.1666,{"$f":"IF(A1951=\"Composição Auxiliar\",VLOOKUP(B1951,'SINAPI COMPOSIÇÃO'!$A$2:$E$10256,4,FALSE),IF(A1951=\"Insumo\",IF(VLOOKUP(B1951,'SINAPI INSUMOS'!$A$2:$F$4852,5,FALSE)=OR(\"\",0),VLOOKUP(B1951,'SINAPI INSUMOS'!$A$2:$F$4852,6,FALSE),VLOOKUP(B1951,'SINAPI INSUMOS'!$A$2:$F$4852,5,FALSE)),\"VERIFICAR\"))","v":6.19},{"$f":"TRUNC(G1951*H1951,2)","v":1.03}]
["14.8","Código","Banco","Descrição","Tipo","Und","Quant.","Valor Unit","Total"]
["Composição",88494,"SINAPI","EMASSAMENTO COM MASSA LÁTEX, APLICAÇÃO EM TETO, UMA DEMÃO, LIXAMENTO MANUAL. AF_04/2023","PINT - PINTURAS","m²",1,{"$f":"I1953","v":20.3},{"$f":"SUM(I1954:I1957)","v":20.3}]
["Composição Auxiliar",88310,"SINAPI","PINTOR COM ENCARGOS COMPLEMENTARES","SEDI - SERVIÇOS DIVERSOS","H",0.50539999999999996,{"$f":"IF(A1954=\"Composição Auxiliar\",VLOOKUP(B1954,'SINAPI COMPOSIÇÃO'!$A$2:$E$10256,4,FALSE),IF(A1954=\"Insumo\",IF(VLOOKUP(B1954,'SINAPI INSUMOS'!$A$2:$F$4852,5,FALSE)=OR(\"\",0),VLOOKUP(B1954,'SINAPI INSUMOS'!$A$2:$F$4852,6,FALSE),VLOOKUP(B1954,'SINAPI INSUMOS'!$A$2:$F$4852,5,FALSE)),\"VERIFICAR\"))","v":29.17},{"$f":"TRUNC(G1954*H1954,2)","v":14.74}]
["Composição Auxiliar",88316,"SINAPI","SERVENTE COM ENCARGOS COMPLEMENTARES","SEDI - SERVIÇOS DIVERSOS","H",0.16850000000000001,{"$f":"IF(A1955=\"Composição Auxiliar\",VLOOKUP(B1955,'SINAPI COMPOSIÇÃO'!$A$2:$E$10256,4,FALSE),IF(A1955=\"Insumo\",IF(VLOOKUP(B1955,'SINAPI INSUMOS'!$A$2:$F$4852,5,FALSE)=OR(\"\",0),VLOOKUP(B1955,'SINAPI INSUMOS'!$A$2:$F$4852,6,FALSE),VLOOKUP(B1955,'SINAPI INSUMOS'!$A$2:$F$4852,5,FALSE)),\"VERIFICAR\"))","v":21.32},{"$f":"TRUNC(G1955*H1955,2)","v":3.59}]
["Insumo",3767,"SINAPI","LIXA EM FOLHA PARA PAREDE OU MADEIRA, NUMERO 120, COR VERMELHA","Material","UN",4.0099999999999997E-2,{"$f":"IF(A1956=\"Composição Auxiliar\",VLOOKUP(B1956,'SINAPI COMPOSIÇÃO'!$A$2:$E$10256,4,FALSE),IF(A1956=\"Insumo\",IF(VLOOKUP(B1956,'SINAPI INSUMOS'!$A$2:$F$4852,5,FALSE)=OR(\"\",0),VLOOKUP(B1956,'SINAPI INSUMOS'!$A$2:$F$4852,6,FALSE),VLOOKUP(B1956,'SINAPI INSUMOS'!$A$2:$F$4852,5,FALSE)),\"VERIFICAR\"))","v":0.9},{"$f":"TRUNC(G1956*H1956,2)","v":0.03}]
["Insumo",43626,"SINAPI","MASSA CORRIDA PARA SUPERFICIES DE AMBIENTES INTERNOS","Material","KG",0.7288,{"$f":"IF(A1957=\"Composição Auxiliar\",VLOOKUP(B1957,'SINAPI COMPOSIÇÃO'!$A$2:$E$10256,4,FALSE),IF(A1957=\"Insumo\",IF(VLOOKUP(B1957,'SINAPI INSUMOS'!$A$2:$F$4852,5,FALSE)=OR(\"\",0),VLOOKUP(B1957,'SINAPI INSUMOS'!$A$2:$F$4852,6,FALSE),VLOOKUP(B1957,'SINAPI INSUMOS'!$A$2:$F$4852,5,FALSE)),\"VERIFICAR\"))","v":2.67},{"$f":"TRUNC(G1957*H1957,2)","v":1.94}]
["14.9","Código","Banco","Descrição","Tipo","Und","Quant.","Valor Unit","Total"]
["Composição",88495,"SINAPI","EMASSAMENTO COM MASSA LÁTEX, APLICAÇÃO EM PAREDE, UMA DEMÃO, LIXAMENTO MANUAL. AF_04/2023","PINT - PINTURAS","m²",1,{"$f":"I1959","v":10.879999999999999},{"$f":"SUM(I1960:I1963)","v":10.879999999999999}]
["Composição Auxiliar",88316,"SINAPI","SERVENTE COM ENCARGOS COMPLEMENTARES","SEDI - SERVIÇOS DIVERSOS","H",8.2000000000000003E-2,{"$f":"IF(A1960=\"Composição Auxiliar\",VLOOKUP(B1960,'SINAPI COMPOSIÇÃO'!$A$2:$E$10256,4,FALSE),IF(A1960=\"Insumo\",IF(VLOOKUP(B1960,'SINAPI INSUMOS'!$A$2:$F$4852,5,FALSE)=OR(\"\",0),VLOOKUP(B1960,'SINAPI INSUMOS'!$A$2:$F$4852,6,FALSE),VLOOKUP(B1960,'SINAPI INSUMOS'!$A$2:$F$4852,5,FALSE)),\"VERIFICAR\"))","v":21.32},{"$f":"TRUNC(G1960*H1960,2)","v":1.74}]
["Composição Auxiliar",88310,"SINAPI","PINTOR COM ENCARGOS COMPLEMENTARES","SEDI - SERVIÇOS DIVERSOS","H",0.24590000000000001,{"$f":"IF(A1961=\"Composição Auxiliar\",VLOOKUP(B1961,'SINAPI COMPOSIÇÃO'!$A$2:$E$10256,4,FALSE),IF(A1961=\"Insumo\",IF(VLOOKUP(B1961,'SINAPI INSUMOS'!$A$2:$F$4852,5,FALSE)=OR(\"\",0),VLOOKUP(B1961,'SINAPI INSUMOS'!$A$2:$F$4852,6,FALSE),VLOOKUP(B1961,'SINAPI INSUMOS'!$A$2:$F$4852,5,FALSE)),\"VERIFICAR\"))","v":29.17},{"$f":"TRUNC(G1961*H1961,2)","v":7.17}]
["Insumo",43626,"SINAPI","MASSA CORRIDA PARA SUPERFICIES DE AMBIENTES INTERNOS","Material","KG",0.7288,{"$f":"IF(A1962=\"Composição Auxiliar\",VLOOKUP(B1962,'SINAPI COMPOSIÇÃO'!$A$2:$E$10256,4,FALSE),IF(A1962=\"Insumo\",IF(VLOOKUP(B1962,'SINAPI INSUMOS'!$A$2:$F$4852,5,FALSE)=OR(\"\",0),VLOOKUP(B1962,'SINAPI INSUMOS'!$A$2:$F$4852,6,FALSE),VLOOKUP(B1962,'SINAPI INSUMOS'!$A$2:$F$4852,5,FALSE)),\"VERIFICAR\"))","v":2.67},{"$f":"TRUNC(G1962*H1962,2)","v":1.94}]
["Insumo",3767,"SINAPI","LIXA EM FOLHA PARA PAREDE OU MADEIRA, NUMERO 120, COR VERMELHA","Material","UN",4.0099999999999997E-2,{"$f":"IF(A1963=\"Composição Auxiliar\",VLOOKUP(B1963,'SINAPI COMPOSIÇÃO'!$A$2:$E$10256,4,FALSE),IF(A1963=\"Insumo\",IF(VLOOKUP(B1963,'SINAPI INSUMOS'!$A$2:$F$4852,5,FALSE)=OR(\"\",0),VLOOKUP(B1963,'SINAPI INSUMOS'!$A$2:$F$4852,6,FALSE),VLOOKUP(B1963,'SINAPI INSUMOS'!$A$2:$F$4852,5,FALSE)),\"VERIFICAR\"))","v":0.9},{"$f":"TRUNC(G1963*H1963,2)","v":0.03}]
["14.10","Código","Banco","Descrição","Tipo","Und","Quant.","Valor Unit","Total"]
["Composição",88488,"SINAPI","PINTURA LÁTEX ACRÍLICA PREMIUM, APLICAÇÃO MANUAL EM TETO, DUAS DEMÃOS. AF_04/2023","PINT - PINTURAS","m²",1,{"$f":"I1965","v":15.97},{"$f":"SUM(I1966:I1968)","v":15.97}]
["Composição Auxiliar",88316,"SINAPI","SERVENTE COM ENCARGOS COMPLEMENTARES","SEDI - SERVIÇOS DIVERSOS","H",7.5700000000000003E-2,{"$f":"IF(A1966=\"Composição Auxiliar\",VLOOKUP(B1966,'SINAPI COMPOSIÇÃO'!$A$2:$E$10256,4,FALSE),IF(A1966=\"Insumo\",IF(VLOOKUP(B1966,'SINAPI INSUMOS'!$A$2:$F$4852,5,FALSE)=OR(\"\",0),VLOOKUP(B1966,'SINAPI INSUMOS'!$A$2:$F$4852,6,FALSE),VLOOKUP(B1966,'SINAPI INSUMOS'!$A$2:$F$4852,5,FALSE)),\"VERIFICAR\"))","v":21.32},{"$f":"TRUNC(G1966*H1966,2)","v":1.61}]
["Composição Auxiliar",88310,"SINAPI","PINTOR COM ENCARGOS COMPLEMENTARES","SEDI - SERVIÇOS DIVERSOS","H",0.22700000000000001,{"$f":"IF(A1967=\"Composição Auxiliar\",VLOOKUP(B1967,'SINAPI COMPOSIÇÃO'!$A$2:$E$10256,4,FALSE),IF(A1967=\"Insumo\",IF(VLOOKUP(B1967,'SINAPI INSUMOS'!$A$2:$F$4852,5,FALSE)=OR(\"\",0),VLOOKUP(B1967,'SINAPI INSUMOS'!$A$2:$F$4852,6,FALSE),VLOOKUP(B1967,'SINAPI INSUMOS'!$A$2:$F$4852,5,FALSE)),\"VERIFICAR\"))","v":29.17},{"$f":"TRUNC(G1967*H1967,2)","v":6.62}]
["Insumo",7356,"SINAPI","TINTA LATEX ACRILICA PREMIUM, COR BRANCO FOSCO","Material","L",0.22850000000000001,{"$f":"IF(A1968=\"Composição Auxiliar\",VLOOKUP(B1968,'SINAPI COMPOSIÇÃO'!$A$2:$E$10256,4,FALSE),IF(A1968=\"Insumo\",IF(VLOOKUP(B1968,'SINAPI INSUMOS'!$A$2:$F$4852,5,FALSE)=OR(\"\",0),VLOOKUP(B1968,'SINAPI INSUMOS'!$A$2:$F$4852,6,FALSE),VLOOKUP(B1968,'SINAPI INSUMOS'!$A$2:$F$4852,5,FALSE)),\"VERIFICAR\"))","v":33.89},{"$f":"TRUNC(G1968*H1968,2)","v":7.74}]
["14.11","Código","Banco","Descrição","Tipo","Und","Quant.","Valor Unit","Total"]
["Composição",88489,"SINAPI","PINTURA LÁTEX ACRÍLICA PREMIUM, APLICAÇÃO MANUAL EM PAREDES, DUAS DEMÃOS. AF_04/2023","PINT - PINTURAS","m²",1,{"$f":"I1970","v":13.64},{"$f":"SUM(I1971:I1973)","v":13.64}]
["Composição Auxiliar",88316,"SINAPI","SERVENTE COM ENCARGOS COMPLEMENTARES","SEDI - SERVIÇOS DIVERSOS","H",5.4399999999999997E-2,{"$f":"IF(A1971=\"Composição Auxiliar\",VLOOKUP(B1971,'SINAPI COMPOSIÇÃO'!$A$2:$E$10256,4,FALSE),IF(A1971=\"Insumo\",IF(VLOOKUP(B1971,'SINAPI INSUMOS'!$A$2:$F$4852,5,FALSE)=OR(\"\",0),VLOOKUP(B1971,'SINAPI INSUMOS'!$A$2:$F$4852,6,FALSE),VLOOKUP(B1971,'SINAPI INSUMOS'!$A$2:$F$4852,5,FALSE)),\"VERIFICAR\"))","v":21.32},{"$f":"TRUNC(G1971*H1971,2)","v":1.1499999999999999}]
["Composição Auxiliar",88310,"SINAPI","PINTOR COM ENCARGOS COMPLEMENTARES","SEDI - SERVIÇOS DIVERSOS","H",0.16309999999999999,{"$f":"IF(A1972=\"Composição Auxiliar\",VLOOKUP(B1972,'SINAPI COMPOSIÇÃO'!$A$2:$E$10256,4,FALSE),IF(A1972=\"Insumo\",IF(VLOOKUP(B1972,'SINAPI INSUMOS'!$A$2:$F$4852,5,FALSE)=OR(\"\",0),VLOOKUP(B1972,'SINAPI INSUMOS'!$A$2:$F$4852,6,FALSE),VLOOKUP(B1972,'SINAPI INSUMOS'!$A$2:$F$4852,5,FALSE)),\"VERIFICAR\"))","v":29.17},{"$f":"TRUNC(G1972*H1972,2)","v":4.75}]
["Insumo",7356,"SINAPI","TINTA LATEX ACRILICA PREMIUM, COR BRANCO FOSCO","Material","L",0.22850000000000001,{"$f":"IF(A1973=\"Composição Auxiliar\",VLOOKUP(B1973,'SINAPI COMPOSIÇÃO'!$A$2:$E$10256,4,FALSE),IF(A1973=\"Insumo\",IF(VLOOKUP(B1973,'SINAPI INSUMOS'!$A$2:$F$4852,5,FALSE)=OR(\"\",0),VLOOKUP(B1973,'SINAPI INSUMOS'!$A$2:$F$4852,6,FALSE),VLOOKUP(B1973,'SINAPI INSUMOS'!$A$2:$F$4852,5,FALSE)),\"VERIFICAR\"))","v":33.89},{"$f":"TRUNC(G1973*H1973,2)","v":7.74}]
["14.12","Código","Banco","Descrição","Tipo","Und","Quant.","Valor Unit","Total"]
["Composição",102197,"SINAPI","PINTURA FUNDO NIVELADOR ALQUÍDICO BRANCO EM MADEIRA. AF_01/2021","PINT - PINTURAS","m²",1,{"$f":"I1975","v":22.13},{"$f":"SUM(I1976:I1979)","v":22.13}]
["Composição Auxiliar",88310,"SINAPI","PINTOR COM ENCARGOS COMPLEMENTARES","SEDI - SERVIÇOS DIVERSOS","H",0.28060000000000002,{"$f":"IF(A1976=\"Composição Auxiliar\",VLOOKUP(B1976,'SINAPI COMPOSIÇÃO'!$A$2:$E$10256,4,FALSE),IF(A1976=\"Insumo\",IF(VLOOKUP(B1976,'SINAPI INSUMOS'!$A$2:$F$4852,5,FALSE)=OR(\"\",0),VLOOKUP(B1976,'SINAPI INSUMOS'!$A$2:$F$4852,6,FALSE),VLOOKUP(B1976,'SINAPI INSUMOS'!$A$2:$F$4852,5,FALSE)),\"VERIFICAR\"))","v":29.17},{"$f":"TRUNC(G1976*H1976,2)","v":8.18}]
["Insumo",43653,"SINAPI","FUNDO SINTETICO NIVELADOR BRANCO FOSCO PARA MADEIRA","Material","L",0.49608000000000002,{"$f":"IF(A1977=\"Composição Auxiliar\",VLOOKUP(B1977,'SINAPI COMPOSIÇÃO'!$A$2:$E$10256,4,FALSE),IF(A1977=\"Insumo\",IF(VLOOKUP(B1977,'SINAPI INSUMOS'!$A$2:$F$4852,5,FALSE)=OR(\"\",0),VLOOKUP(B1977,'SINAPI INSUMOS'!$A$2:$F$4852,6,FALSE),VLOOKUP(B1977,'SINAPI INSUMOS'!$A$2:$F$4852,5,FALSE)),\"VERIFICAR\"))","v":26.26},{"$f":"TRUNC(G1977*H1977,2)","v":13.02}]
["Insumo",3767,"SINAPI","LIXA EM FOLHA PARA PAREDE OU MADEIRA, NUMERO 120, COR VERMELHA","Material","UN",0.4,{"$f":"IF(A1978=\"Composição Auxiliar\",VLOOKUP(B1978,'SINAPI COMPOSIÇÃO'!$A$2:$E$10256,4,FALSE),IF(A1978=\"Insumo\",IF(VLOOKUP(B1978,'SINAPI INSUMOS'!$A$2:$F$4852,5,FALSE)=OR(\"\",0),VLOOKUP(B1978,'SINAPI INSUMOS'!$A$2:$F$4852,6,FALSE),VLOOKUP(B1978,'SINAPI INSUMOS'!$A$2:$F$4852,5,FALSE)),\"VERIFICAR\"))","v":0.9},{"$f":"TRUNC(G1978*H1978,2)","v":0.36}]
["Insumo",5318,"SINAPI","DILUENTE AGUARRAS","Material","L",2.76E-2,{"$f":"IF(A1979=\"Composição Auxiliar\",VLOOKUP(B1979,'SINAPI COMPOSIÇÃO'!$A$2:$E$10256,4,FALSE),IF(A1979=\"Insumo\",IF(VLOOKUP(B1979,'SINAPI INSUMOS'!$A$2:$F$4852,5,FALSE)=OR(\"\",0),VLOOKUP(B1979,'SINAPI INSUMOS'!$A$2:$F$4852,6,FALSE),VLOOKUP(B1979,'SINAPI INSUMOS'!$A$2:$F$4852,5,FALSE)),\"VERIFICAR\"))","v":21},{"$f":"TRUNC(G1979*H1979,2)","v":0.56999999999999995}]
["14.13","Código","Banco","Descrição","Tipo","Und","Quant.","Valor Unit","Total"]
["Composição",102200,"SINAPI","APLICAÇÃO MASSA ALQUÍDICA PARA MADEIRA, PARA PINTURA COM TINTA DE ACABAMENTO (PIGMENTADA). AF_01/2021","PINT - PINTURAS","m²",1,{"$f":"I1981","v":18.3},{"$f":"SUM(I1982:I1984)","v":18.3}]
["Composição Auxiliar",88310,"SINAPI","PINTOR COM ENCARGOS COMPLEMENTARES","SEDI - SERVIÇOS DIVERSOS","H",0.3674,{"$f":"IF(A1982=\"Composição Auxiliar\",VLOOKUP(B1982,'SINAPI COMPOSIÇÃO'!$A$2:$E$10256,4,FALSE),IF(A1982=\"Insumo\",IF(VLOOKUP(B1982,'SINAPI INSUMOS'!$A$2:$F$4852,5,FALSE)=OR(\"\",0),VLOOKUP(B1982,'SINAPI INSUMOS'!$A$2:$F$4852,6,FALSE),VLOOKUP(B1982,'SINAPI INSUMOS'!$A$2:$F$4852,5,FALSE)),\"VERIFICAR\"))","v":29.17},{"$f":"TRUNC(G1982*H1982,2)","v":10.71}]
["Insumo",3767,"SINAPI","LIXA EM FOLHA PARA PAREDE OU MADEIRA, NUMERO 120, COR VERMELHA","Material","UN",0.5,{"$f":"IF(A1983=\"Composição Auxiliar\",VLOOKUP(B1983,'SINAPI COMPOSIÇÃO'!$A$2:$E$10256,4,FALSE),IF(A1983=\"Insumo\",IF(VLOOKUP(B1983,'SINAPI INSUMOS'!$A$2:$F$4852,5,FALSE)=OR(\"\",0),VLOOKUP(B1983,'SINAPI INSUMOS'!$A$2:$F$4852,6,FALSE),VLOOKUP(B1983,'SINAPI INSUMOS'!$A$2:$F$4852,5,FALSE)),\"VERIFICAR\"))","v":0.9},{"$f":"TRUNC(G1983*H1983,2)","v":0.45}]
["Insumo",43652,"SINAPI","MASSA PARA MADEIRA - INTERIOR E EXTERIOR","Material","KG",0.66398400000000002,{"$f":"IF(A1984=\"Composição Auxiliar\",VLOOKUP(B1984,'SINAPI COMPOSIÇÃO'!$A$2:$E$10256,4,FALSE),IF(A1984=\"Insumo\",IF(VLOOKUP(B1984,'SINAPI INSUMOS'!$A$2:$F$4852,5,FALSE)=OR(\"\",0),VLOOKUP(B1984,'SINAPI INSUMOS'!$A$2:$F$4852,6,FALSE),VLOOKUP(B1984,'SINAPI INSUMOS'!$A$2:$F$4852,5,FALSE)),\"VERIFICAR\"))","v":10.76},{"$f":"TRUNC(G1984*H1984,2)","v":7.14}]
["14.14","Código","Banco","Descrição","Tipo","Und","Quant.","Valor Unit","Total"]
["Composição",102218,"SINAPI","PINTURA TINTA DE ACABAMENTO (PIGMENTADA) ESMALTE SINTÉTICO FOSCO EM MADEIRA, 2 DEMÃOS. AF_01/2021","PINT - PINTURAS","m²",1,{"$f":"I1986","v":15.91},{"$f":"SUM(I1987:I1989)","v":15.91}]
["Composição Auxiliar",88310,"SINAPI","PINTOR COM ENCARGOS COMPLEMENTARES","SEDI - SERVIÇOS DIVERSOS","H",0.3805,{"$f":"IF(A1987=\"Composição Auxiliar\",VLOOKUP(B1987,'SINAPI COMPOSIÇÃO'!$A$2:$E$10256,4,FALSE),IF(A1987=\"Insumo\",IF(VLOOKUP(B1987,'SINAPI INSUMOS'!$A$2:$F$4852,5,FALSE)=OR(\"\",0),VLOOKUP(B1987,'SINAPI INSUMOS'!$A$2:$F$4852,6,FALSE),VLOOKUP(B1987,'SINAPI INSUMOS'!$A$2:$F$4852,5,FALSE)),\"VERIFICAR\"))","v":29.17},{"$f":"TRUNC(G1987*H1987,2)","v":11.09}]
["Insumo",5318,"SINAPI","DILUENTE AGUARRAS","Material","L",1.2999999999999999E-2,{"$f":"IF(A1988=\"Composição Auxiliar\",VLOOKUP(B1988,'SINAPI COMPOSIÇÃO'!$A$2:$E$10256,4,FALSE),IF(A1988=\"Insumo\",IF(VLOOKUP(B1988,'SINAPI INSUMOS'!$A$2:$F$4852,5,FALSE)=OR(\"\",0),VLOOKUP(B1988,'SINAPI INSUMOS'!$A$2:$F$4852,6,FALSE),VLOOKUP(B1988,'SINAPI INSUMOS'!$A$2:$F$4852,5,FALSE)),\"VERIFICAR\"))","v":21},{"$f":"TRUNC(G1988*H1988,2)","v":0.27}]
["Insumo",7288,"SINAPI","TINTA ESMALTE SINTETICO PREMIUM FOSCO","Material","L",0.13,{"$f":"IF(A1989=\"Composição Auxiliar\",VLOOKUP(B1989,'SINAPI COMPOSIÇÃO'!$A$2:$E$10256,4,FALSE),IF(A1989=\"Insumo\",IF(VLOOKUP(B1989,'SINAPI INSUMOS'!$A$2:$F$4852,5,FALSE)=OR(\"\",0),VLOOKUP(B1989,'SINAPI INSUMOS'!$A$2:$F$4852,6,FALSE),VLOOKUP(B1989,'SINAPI INSUMOS'!$A$2:$F$4852,5,FALSE)),\"VERIFICAR\"))","v":35.03},{"$f":"TRUNC(G1989*H1989,2)","v":4.55}]
["14.15","Código","Banco","Descrição","Tipo","Und","Quant.","Valor Unit","Total"]
["Composição",100725,"SINAPI","PINTURA COM TINTA ALQUÍDICA DE FUNDO E ACABAMENTO (ESMALTE SINTÉTICO GRAFITE) PULVERIZADA SOBRE SUPERFÍCIES METÁLICAS (EXCETO PERFIL) EXECUTADO EM OBRA (POR DEMÃO). AF_01/2020_PE","PINT - PINTURAS","m²",1,{"$f":"I1991","v":24.61},{"$f":"SUM(I1992:I1994)","v":24.61}]
["Composição Auxiliar",88310,"SINAPI","PINTOR COM ENCARGOS COMPLEMENTARES","SEDI - SERVIÇOS DIVERSOS","H",0.52659999999999996,{"$f":"IF(A1992=\"Composição Auxiliar\",VLOOKUP(B1992,'SINAPI COMPOSIÇÃO'!$A$2:$E$10256,4,FALSE),IF(A1992=\"Insumo\",IF(VLOOKUP(B1992,'SINAPI INSUMOS'!$A$2:$F$4852,5,FALSE)=OR(\"\",0),VLOOKUP(B1992,'SINAPI INSUMOS'!$A$2:$F$4852,6,FALSE),VLOOKUP(B1992,'SINAPI INSUMOS'!$A$2:$F$4852,5,FALSE)),\"VERIFICAR\"))","v":29.17},{"$f":"TRUNC(G1992*H1992,2)","v":15.36}]
["Insumo",5318,"SINAPI","DILUENTE AGUARRAS","Material","L",6.2399999999999997E-2,{"$f":"IF(A1993=\"Composição Auxiliar\",VLOOKUP(B1993,'SINAPI COMPOSIÇÃO'!$A$2:$E$10256,4,FALSE),IF(A1993=\"Insumo\",IF(VLOOKUP(B1993,'SINAPI INSUMOS'!$A$2:$F$4852,5,FALSE)=OR(\"\",0),VLOOKUP(B1993,'SINAPI INSUMOS'!$A$2:$F$4852,6,FALSE),VLOOKUP(B1993,'SINAPI INSUMOS'!$A$2:$F$4852,5,FALSE)),\"VERIFICAR\"))","v":21},{"$f":"TRUNC(G1993*H1993,2)","v":1.31}]
["Insumo",7293,"SINAPI","TINTA ESMALTE SINTETICO PREMIUM DE DUPLA ACAO GRAFITE FOSCO PARA SUPERFICIES METALICAS FERROSAS","Material","L",0.20780000000000001,{"$f":"IF(A1994=\"Composição Auxiliar\",VLOOKUP(B1994,'SINAPI COMPOSIÇÃO'!$A$2:$E$10256,4,FALSE),IF(A1994=\"Insumo\",IF(VLOOKUP(B1994,'SINAPI INSUMOS'!$A$2:$F$4852,5,FALSE)=OR(\"\",0),VLOOKUP(B1994,'SINAPI INSUMOS'!$A$2:$F$4852,6,FALSE),VLOOKUP(B1994,'SINAPI INSUMOS'!$A$2:$F$4852,5,FALSE)),\"VERIFICAR\"))","v":38.229999999999997},{"$f":"TRUNC(G1994*H1994,2)","v":7.94}]
["14.16","Código","Banco","Descrição","Tipo","Und","Quant.","Valor Unit","Total"]
["Composição",102507,"SINAPI","PINTURA DE DEMARCAÇÃO DE VAGA COM TINTA EPÓXI, E = 10 CM, APLICAÇÃO MANUAL. AF_05/2021","PINT - PINTURAS","M",1,{"$f":"I1996","v":6.2},{"$f":"SUM(I1997:I2001)","v":6.2}]
["Composição Auxiliar",88310,"SINAPI","PINTOR COM ENCARGOS COMPLEMENTARES","SEDI - SERVIÇOS DIVERSOS","H",8.3000000000000004E-2,{"$f":"IF(A1997=\"Composição Auxiliar\",VLOOKUP(B1997,'SINAPI COMPOSIÇÃO'!$A$2:$E$10256,4,FALSE),IF(A1997=\"Insumo\",IF(VLOOKUP(B1997,'SINAPI INSUMOS'!$A$2:$F$4852,5,FALSE)=OR(\"\",0),VLOOKUP(B1997,'SINAPI INSUMOS'!$A$2:$F$4852,6,FALSE),VLOOKUP(B1997,'SINAPI INSUMOS'!$A$2:$F$4852,5,FALSE)),\"VERIFICAR\"))","v":29.17},{"$f":"TRUNC(G1997*H1997,2)","v":2.42}]
["Composição Auxiliar",88316,"SINAPI","SERVENTE COM ENCARGOS COMPLEMENTARES","SEDI - SERVIÇOS DIVERSOS","H",3.5000000000000003E-2,{"$f":"IF(A1998=\"Composição Auxiliar\",VLOOKUP(B1998,'SINAPI COMPOSIÇÃO'!$A$2:$E$10256,4,FALSE),IF(A1998=\"Insumo\",IF(VLOOKUP(B1998,'SINAPI INSUMOS'!$A$2:$F$4852,5,FALSE)=OR(\"\",0),VLOOKUP(B1998,'SINAPI INSUMOS'!$A$2:$F$4852,6,FALSE),VLOOKUP(B1998,'SINAPI INSUMOS'!$A$2:$F$4852,5,FALSE)),\"VERIFICAR\"))","v":21.32},{"$f":"TRUNC(G1998*H1998,2)","v":0.74}]
["Insumo",7304,"SINAPI","TINTA EPOXI BASE AGUA PREMIUM, BRANCA","Material","L",3.2000000000000001E-2,{"$f":"IF(A1999=\"Composição Auxiliar\",VLOOKUP(B1999,'SINAPI COMPOSIÇÃO'!$A$2:$E$10256,4,FALSE),IF(A1999=\"Insumo\",IF(VLOOKUP(B1999,'SINAPI INSUMOS'!$A$2:$F$4852,5,FALSE)=OR(\"\",0),VLOOKUP(B1999,'SINAPI INSUMOS'!$A$2:$F$4852,6,FALSE),VLOOKUP(B1999,'SINAPI INSUMOS'!$A$2:$F$4852,5,FALSE)),\"VERIFICAR\"))","v":71.3},{"$f":"TRUNC(G1999*H1999,2)","v":2.2799999999999998}]
["Insumo",12815,"SINAPI","FITA CREPE ROLO DE *25* MM X 50 M","Material","UN",0.04,{"$f":"IF(A2000=\"Composição Auxiliar\",VLOOKUP(B2000,'SINAPI COMPOSIÇÃO'!$A$2:$E$10256,4,FALSE),IF(A2000=\"Insumo\",IF(VLOOKUP(B2000,'SINAPI INSUMOS'!$A$2:$F$4852,5,FALSE)=OR(\"\",0),VLOOKUP(B2000,'SINAPI INSUMOS'!$A$2:$F$4852,6,FALSE),VLOOKUP(B2000,'SINAPI INSUMOS'!$A$2:$F$4852,5,FALSE)),\"VERIFICAR\"))","v":12.08},{"$f":"TRUNC(G2000*H2000,2)","v":0.48}]
["Insumo",5330,"SINAPI","DILUENTE EPOXI","Material","L",6.0000000000000001E-3,{"$f":"IF(A2001=\"Composição Auxiliar\",VLOOKUP(B2001,'SINAPI COMPOSIÇÃO'!$A$2:$E$10256,4,FALSE),IF(A2001=\"Insumo\",IF(VLOOKUP(B2001,'SINAPI INSUMOS'!$A$2:$F$4852,5,FALSE)=OR(\"\",0),VLOOKUP(B2001,'SINAPI INSUMOS'!$A$2:$F$4852,6,FALSE),VLOOKUP(B2001,'SINAPI INSUMOS'!$A$2:$F$4852,5,FALSE)),\"VERIFICAR\"))","v":47.86},{"$f":"TRUNC(G2001*H2001,2)","v":0.28000000000000003}]
["15",null,null,"URBANIZAÇÃO"]
["15.1","Código","Banco","Descrição","Tipo","Und","Quant.","Valor Unit","Total"]
["Composição",92398,"SINAPI","EXECUÇÃO DE PAVIMENTO EM PISO INTERTRAVADO, COM BLOCO RETANGULAR COR NATURAL DE 20 X 10 CM, ESPESSURA 8 CM. AF_10/2022","PAVI - PAVIMENTAÇÃO","m²",1,{"$f":"I2004","v":119.13},{"$f":"SUM(I2005:I2013)","v":119.13}]
["Composição Auxiliar",88316,"SINAPI","SERVENTE COM ENCARGOS COMPLEMENTARES","SEDI - SERVIÇOS DIVERSOS","H",0.26319999999999999,{"$f":"IF(A2005=\"Composição Auxiliar\",VLOOKUP(B2005,'SINAPI COMPOSIÇÃO'!$A$2:$E$10256,4,FALSE),IF(A2005=\"Insumo\",IF(VLOOKUP(B2005,'SINAPI INSUMOS'!$A$2:$F$4852,5,FALSE)=OR(\"\",0),VLOOKUP(B2005,'SINAPI INSUMOS'!$A$2:$F$4852,6,FALSE),VLOOKUP(B2005,'SINAPI INSUMOS'!$A$2:$F$4852,5,FALSE)),\"VERIFICAR\"))","v":21.32},{"$f":"TRUNC(G2005*H2005,2)","v":5.61}]
["Composição Auxiliar",91277,"SINAPI","PLACA VIBRATÓRIA REVERSÍVEL COM MOTOR 4 TEMPOS A GASOLINA, FORÇA CENTRÍFUGA DE 25 KN (2500 KGF), POTÊNCIA 5,5 CV - CHP DIURNO. AF_08/2015","CHOR - CUSTOS HORÁRIOS DE MÁQUINAS E EQUIPAMENTOS","CHP",5.4999999999999997E-3,{"$f":"IF(A2006=\"Composição Auxiliar\",VLOOKUP(B2006,'SINAPI COMPOSIÇÃO'!$A$2:$E$10256,4,FALSE),IF(A2006=\"Insumo\",IF(VLOOKUP(B2006,'SINAPI INSUMOS'!$A$2:$F$4852,5,FALSE)=OR(\"\",0),VLOOKUP(B2006,'SINAPI INSUMOS'!$A$2:$F$4852,6,FALSE),VLOOKUP(B2006,'SINAPI INSUMOS'!$A$2:$F$4852,5,FALSE)),\"VERIFICAR\"))","v":10.91},0.06]
["Composição Auxiliar",91283,"SINAPI","CORTADORA DE PISO COM MOTOR 4 TEMPOS A GASOLINA, POTÊNCIA DE 13 HP, COM DISCO DE CORTE DIAMANTADO SEGMENTADO PARA CONCRETO, DIÂMETRO DE 350 MM, FURO DE 1\" (14 X 1\") - CHP DIURNO. AF_08/2015","CHOR - CUSTOS HORÁRIOS DE MÁQUINAS E EQUIPAMENTOS","CHP",3.8E-3,{"$f":"IF(A2007=\"Composição Auxiliar\",VLOOKUP(B2007,'SINAPI COMPOSIÇÃO'!$A$2:$E$10256,4,FALSE),IF(A2007=\"Insumo\",IF(VLOOKUP(B2007,'SINAPI INSUMOS'!$A$2:$F$4852,5,FALSE)=OR(\"\",0),VLOOKUP(B2007,'SINAPI INSUMOS'!$A$2:$F$4852,6,FALSE),VLOOKUP(B2007,'SINAPI INSUMOS'!$A$2:$F$4852,5,FALSE)),\"VERIFICAR\"))","v":10.44},0.03]
["Composição Auxiliar",91285,"SINAPI","CORTADORA DE PISO COM MOTOR 4 TEMPOS A GASOLINA, POTÊNCIA DE 13 HP, COM DISCO DE CORTE DIAMANTADO SEGMENTADO PARA CONCRETO, DIÂMETRO DE 350 MM, FURO DE 1\" (14 X 1\") - CHI DIURNO. AF_08/2015","CHOR - CUSTOS HORÁRIOS DE MÁQUINAS E EQUIPAMENTOS","CHI",0.1278,{"$f":"IF(A2008=\"Composição Auxiliar\",VLOOKUP(B2008,'SINAPI COMPOSIÇÃO'!$A$2:$E$10256,4,FALSE),IF(A2008=\"Insumo\",IF(VLOOKUP(B2008,'SINAPI INSUMOS'!$A$2:$F$4852,5,FALSE)=OR(\"\",0),VLOOKUP(B2008,'SINAPI INSUMOS'!$A$2:$F$4852,6,FALSE),VLOOKUP(B2008,'SINAPI INSUMOS'!$A$2:$F$4852,5,FALSE)),\"VERIFICAR\"))","v":0.44},0.05]
["Composição Auxiliar",91278,"SINAPI","PLACA VIBRATÓRIA REVERSÍVEL COM MOTOR 4 TEMPOS A GASOLINA, FORÇA CENTRÍFUGA DE 25 KN (2500 KGF), POTÊNCIA 5,5 CV - CHI DIURNO. AF_08/2015","CHOR - CUSTOS HORÁRIOS DE MÁQUINAS E EQUIPAMENTOS","CHI",0.12609999999999999,{"$f":"IF(A2009=\"Composição Auxiliar\",VLOOKUP(B2009,'SINAPI COMPOSIÇÃO'!$A$2:$E$10256,4,FALSE),IF(A2009=\"Insumo\",IF(VLOOKUP(B2009,'SINAPI INSUMOS'!$A$2:$F$4852,5,FALSE)=OR(\"\",0),VLOOKUP(B2009,'SINAPI INSUMOS'!$A$2:$F$4852,6,FALSE),VLOOKUP(B2009,'SINAPI INSUMOS'!$A$2:$F$4852,5,FALSE)),\"VERIFICAR\"))","v":0.72},0.09]
["Composição Auxiliar",88260,"SINAPI","CALCETEIRO COM ENCARGOS COMPLEMENTARES","SEDI - SERVIÇOS DIVERSOS","H",0.26319999999999999,{"$f":"IF(A2010=\"Composição Auxiliar\",VLOOKUP(B2010,'SINAPI COMPOSIÇÃO'!$A$2:$E$10256,4,FALSE),IF(A2010=\"Insumo\",IF(VLOOKUP(B2010,'SINAPI INSUMOS'!$A$2:$F$4852,5,FALSE)=OR(\"\",0),VLOOKUP(B2010,'SINAPI INSUMOS'!$A$2:$F$4852,6,FALSE),VLOOKUP(B2010,'SINAPI INSUMOS'!$A$2:$F$4852,5,FALSE)),\"VERIFICAR\"))","v":25.21},6.63]
["Insumo",4741,"SINAPI","PO DE PEDRA (POSTO PEDREIRA/FORNECEDOR, SEM FRETE)","Material","m³",9.7999999999999997E-3,{"$f":"IF(A2011=\"Composição Auxiliar\",VLOOKUP(B2011,'SINAPI COMPOSIÇÃO'!$A$2:$E$10256,4,FALSE),IF(A2011=\"Insumo\",IF(VLOOKUP(B2011,'SINAPI INSUMOS'!$A$2:$F$4852,5,FALSE)=OR(\"\",0),VLOOKUP(B2011,'SINAPI INSUMOS'!$A$2:$F$4852,6,FALSE),VLOOKUP(B2011,'SINAPI INSUMOS'!$A$2:$F$4852,5,FALSE)),\"VERIFICAR\"))","v":281.89999999999998},2.76]
["Insumo",370,"SINAPI","AREIA MEDIA - POSTO JAZIDA/FORNECEDOR (RETIRADO NA JAZIDA, SEM TRANSPORTE)","Material","m³",5.6800000000000003E-2,{"$f":"IF(A2012=\"Composição Auxiliar\",VLOOKUP(B2012,'SINAPI COMPOSIÇÃO'!$A$2:$E$10256,4,FALSE),IF(A2012=\"Insumo\",IF(VLOOKUP(B2012,'SINAPI INSUMOS'!$A$2:$F$4852,5,FALSE)=OR(\"\",0),VLOOKUP(B2012,'SINAPI INSUMOS'!$A$2:$F$4852,6,FALSE),VLOOKUP(B2012,'SINAPI INSUMOS'!$A$2:$F$4852,5,FALSE)),\"VERIFICAR\"))","v":150},8.52]
["Insumo",36170,"SINAPI","BLOQUETE/PISO INTERTRAVADO DE CONCRETO - MODELO ONDA/16 FACES/RETANGULAR/TIJOLINHO/PAVER/HOLANDES/PARALELEPIPEDO, *20 X 10* CM, E = 8 CM, RESISTENCIA DE 35 MPA, COR NATURAL","Material","m²",1.0041,{"$f":"IF(A2013=\"Composição Auxiliar\",VLOOKUP(B2013,'SINAPI COMPOSIÇÃO'!$A$2:$E$10256,4,FALSE),IF(A2013=\"Insumo\",IF(VLOOKUP(B2013,'SINAPI INSUMOS'!$A$2:$F$4852,5,FALSE)=OR(\"\",0),VLOOKUP(B2013,'SINAPI INSUMOS'!$A$2:$F$4852,6,FALSE),VLOOKUP(B2013,'SINAPI INSUMOS'!$A$2:$F$4852,5,FALSE)),\"VERIFICAR\"))","v":95},95.38]
["15.2","Código","Banco","Descrição","Tipo","Und","Quant.","Valor Unit","Total"]
["Composição",94273,"SINAPI","ASSENTAMENTO DE GUIA (MEIO-FIO) EM TRECHO RETO, CONFECCIONADA EM CONCRETO PRÉ-FABRICADO, DIMENSÕES 100X15X13X30 CM (COMPRIMENTO X BASE INFERIOR X BASE SUPERIOR X ALTURA). AF_01/2024","DROP - DRENAGEM/OBRAS DE CONTENÇÃO / POÇOS DE VISITA E CAIXAS","M",1,{"$f":"I2015","v":60.45},{"$f":"SUM(I2016:I2020)","v":60.45}]
["Composição Auxiliar",88316,"SINAPI","SERVENTE COM ENCARGOS COMPLEMENTARES","SEDI - SERVIÇOS DIVERSOS","H",0.2296,{"$f":"IF(A2016=\"Composição Auxiliar\",VLOOKUP(B2016,'SINAPI COMPOSIÇÃO'!$A$2:$E$10256,4,FALSE),IF(A2016=\"Insumo\",IF(VLOOKUP(B2016,'SINAPI INSUMOS'!$A$2:$F$4852,5,FALSE)=OR(\"\",0),VLOOKUP(B2016,'SINAPI INSUMOS'!$A$2:$F$4852,6,FALSE),VLOOKUP(B2016,'SINAPI INSUMOS'!$A$2:$F$4852,5,FALSE)),\"VERIFICAR\"))","v":21.32},{"$f":"TRUNC(G2016*H2016,2)","v":4.8899999999999997}]
["Composição Auxiliar",88629,"SINAPI","ARGAMASSA TRAÇO 1:3 (EM VOLUME DE CIMENTO E AREIA MÉDIA ÚMIDA), PREPARO MANUAL. AF_08/2019","SEDI - SERVIÇOS DIVERSOS","m³",1.8E-3,{"$f":"IF(A2017=\"Composição Auxiliar\",VLOOKUP(B2017,'SINAPI COMPOSIÇÃO'!$A$2:$E$10256,4,FALSE),IF(A2017=\"Insumo\",IF(VLOOKUP(B2017,'SINAPI INSUMOS'!$A$2:$F$4852,5,FALSE)=OR(\"\",0),VLOOKUP(B2017,'SINAPI INSUMOS'!$A$2:$F$4852,6,FALSE),VLOOKUP(B2017,'SINAPI INSUMOS'!$A$2:$F$4852,5,FALSE)),\"VERIFICAR\"))","v":893.78},{"$f":"TRUNC(G2017*H2017,2)","v":1.6}]
["Composição Auxiliar",88309,"SINAPI","PEDREIRO COM ENCARGOS COMPLEMENTARES","SEDI - SERVIÇOS DIVERSOS","H",0.2296,{"$f":"IF(A2018=\"Composição Auxiliar\",VLOOKUP(B2018,'SINAPI COMPOSIÇÃO'!$A$2:$E$10256,4,FALSE),IF(A2018=\"Insumo\",IF(VLOOKUP(B2018,'SINAPI INSUMOS'!$A$2:$F$4852,5,FALSE)=OR(\"\",0),VLOOKUP(B2018,'SINAPI INSUMOS'!$A$2:$F$4852,6,FALSE),VLOOKUP(B2018,'SINAPI INSUMOS'!$A$2:$F$4852,5,FALSE)),\"VERIFICAR\"))","v":27.58},{"$f":"TRUNC(G2018*H2018,2)","v":6.33}]
["Insumo",370,"SINAPI","AREIA MEDIA - POSTO JAZIDA/FORNECEDOR (RETIRADO NA JAZIDA, SEM TRANSPORTE)","Material","m³",6.6E-3,{"$f":"IF(A2019=\"Composição Auxiliar\",VLOOKUP(B2019,'SINAPI COMPOSIÇÃO'!$A$2:$E$10256,4,FALSE),IF(A2019=\"Insumo\",IF(VLOOKUP(B2019,'SINAPI INSUMOS'!$A$2:$F$4852,5,FALSE)=OR(\"\",0),VLOOKUP(B2019,'SINAPI INSUMOS'!$A$2:$F$4852,6,FALSE),VLOOKUP(B2019,'SINAPI INSUMOS'!$A$2:$F$4852,5,FALSE)),\"VERIFICAR\"))","v":150},{"$f":"TRUNC(G2019*H2019,2)","v":0.99}]
["Insumo",4059,"SINAPI","MEIO-FIO OU GUIA DE CONCRETO, PRE-MOLDADO, COMP 1 M, *30 X 12/15* CM (H X L1/L2)","Material","M",1.0049999999999999,{"$f":"IF(A2020=\"Composição Auxiliar\",VLOOKUP(B2020,'SINAPI COMPOSIÇÃO'!$A$2:$E$10256,4,FALSE),IF(A2020=\"Insumo\",IF(VLOOKUP(B2020,'SINAPI INSUMOS'!$A$2:$F$4852,5,FALSE)=OR(\"\",0),VLOOKUP(B2020,'SINAPI INSUMOS'!$A$2:$F$4852,6,FALSE),VLOOKUP(B2020,'SINAPI INSUMOS'!$A$2:$F$4852,5,FALSE)),\"VERIFICAR\"))","v":46.41},{"$f":"TRUNC(G2020*H2020,2)","v":46.64}]
["15.3","Código","Banco","Descrição","Tipo","Und","Quant.","Valor Unit","Total"]
["Composição",103946,"SINAPI","PLANTIO DE GRAMA ESMERALDA OU SÃO CARLOS OU CURITIBANA, EM PLACAS. AF_07/2024","URBA - URBANIZAÇÃO","m²",1,{"$f":"I2022","v":21.54},{"$f":"SUM(I2023:I2025)","v":21.54}]
["Composição Auxiliar",88316,"SINAPI","SERVENTE COM ENCARGOS COMPLEMENTARES","SEDI - SERVIÇOS DIVERSOS","H",0.1386,{"$f":"IF(A2023=\"Composição Auxiliar\",VLOOKUP(B2023,'SINAPI COMPOSIÇÃO'!$A$2:$E$10256,4,FALSE),IF(A2023=\"Insumo\",IF(VLOOKUP(B2023,'SINAPI INSUMOS'!$A$2:$F$4852,5,FALSE)=OR(\"\",0),VLOOKUP(B2023,'SINAPI INSUMOS'!$A$2:$F$4852,6,FALSE),VLOOKUP(B2023,'SINAPI INSUMOS'!$A$2:$F$4852,5,FALSE)),\"VERIFICAR\"))","v":21.32},{"$f":"TRUNC(G2023*H2023,2)","v":2.95}]
["Composição Auxiliar",88441,"SINAPI","JARDINEIRO COM ENCARGOS COMPLEMENTARES","SEDI - SERVIÇOS DIVERSOS","H",2.7699999999999999E-2,{"$f":"IF(A2024=\"Composição Auxiliar\",VLOOKUP(B2024,'SINAPI COMPOSIÇÃO'!$A$2:$E$10256,4,FALSE),IF(A2024=\"Insumo\",IF(VLOOKUP(B2024,'SINAPI INSUMOS'!$A$2:$F$4852,5,FALSE)=OR(\"\",0),VLOOKUP(B2024,'SINAPI INSUMOS'!$A$2:$F$4852,6,FALSE),VLOOKUP(B2024,'SINAPI INSUMOS'!$A$2:$F$4852,5,FALSE)),\"VERIFICAR\"))","v":21.66},{"$f":"TRUNC(G2024*H2024,2)","v":0.59}]
["Insumo",3322,"SINAPI","GRAMA ESMERALDA OU SAO CARLOS OU CURITIBANA, EM PLACAS, SEM PLANTIO","Material","m²",1,{"$f":"IF(A2025=\"Composição Auxiliar\",VLOOKUP(B2025,'SINAPI COMPOSIÇÃO'!$A$2:$E$10256,4,FALSE),IF(A2025=\"Insumo\",IF(VLOOKUP(B2025,'SINAPI INSUMOS'!$A$2:$F$4852,5,FALSE)=OR(\"\",0),VLOOKUP(B2025,'SINAPI INSUMOS'!$A$2:$F$4852,6,FALSE),VLOOKUP(B2025,'SINAPI INSUMOS'!$A$2:$F$4852,5,FALSE)),\"VERIFICAR\"))","v":18},{"$f":"TRUNC(G2025*H2025,2)","v":18}]
["15.4","Código","Banco","Descrição","Tipo","Und","Quant.","Valor Unit","Total"]
["Composição",103307,"SINAPI","INSTALAÇÃO DE LIXEIRA METÁLICA DUPLA, CAPACIDADE DE 60 L, EM TUBO DE AÇO CARBONO E CESTOS EM CHAPA DE AÇO COM PINTURA ELETROSTÁTICA, SOBRE PISO DE CONCRETO EXISTENTE. AF_11/2021","URBA - URBANIZAÇÃO","UN",1,{"$f":"I2027","v":1337.73},{"$f":"SUM(I2028:I2035)","v":1337.73}]
["Composição Auxiliar",5795,"SINAPI","MARTELETE OU ROMPEDOR PNEUMÁTICO MANUAL, 28 KG, COM SILENCIADOR - CHP DIURNO. AF_07/2016","CHOR - CUSTOS HORÁRIOS DE MÁQUINAS E EQUIPAMENTOS","CHP",7.6799999999999993E-2,{"$f":"IF(A2028=\"Composição Auxiliar\",VLOOKUP(B2028,'SINAPI COMPOSIÇÃO'!$A$2:$E$10256,4,FALSE),IF(A2028=\"Insumo\",IF(VLOOKUP(B2028,'SINAPI INSUMOS'!$A$2:$F$4852,5,FALSE)=OR(\"\",0),VLOOKUP(B2028,'SINAPI INSUMOS'!$A$2:$F$4852,6,FALSE),VLOOKUP(B2028,'SINAPI INSUMOS'!$A$2:$F$4852,5,FALSE)),\"VERIFICAR\"))","v":21.23},{"$f":"TRUNC(G2028*H2028,2)","v":1.63}]
["Composição Auxiliar",88316,"SINAPI","SERVENTE COM ENCARGOS COMPLEMENTARES","SEDI - SERVIÇOS DIVERSOS","H",1.2307999999999999,{"$f":"IF(A2029=\"Composição Auxiliar\",VLOOKUP(B2029,'SINAPI COMPOSIÇÃO'!$A$2:$E$10256,4,FALSE),IF(A2029=\"Insumo\",IF(VLOOKUP(B2029,'SINAPI INSUMOS'!$A$2:$F$4852,5,FALSE)=OR(\"\",0),VLOOKUP(B2029,'SINAPI INSUMOS'!$A$2:$F$4852,6,FALSE),VLOOKUP(B2029,'SINAPI INSUMOS'!$A$2:$F$4852,5,FALSE)),\"VERIFICAR\"))","v":21.32},26.24]
["Composição Auxiliar",88309,"SINAPI","PEDREIRO COM ENCARGOS COMPLEMENTARES","SEDI - SERVIÇOS DIVERSOS","H",1.8461000000000001,{"$f":"IF(A2030=\"Composição Auxiliar\",VLOOKUP(B2030,'SINAPI COMPOSIÇÃO'!$A$2:$E$10256,4,FALSE),IF(A2030=\"Insumo\",IF(VLOOKUP(B2030,'SINAPI INSUMOS'!$A$2:$F$4852,5,FALSE)=OR(\"\",0),VLOOKUP(B2030,'SINAPI INSUMOS'!$A$2:$F$4852,6,FALSE),VLOOKUP(B2030,'SINAPI INSUMOS'!$A$2:$F$4852,5,FALSE)),\"VERIFICAR\"))","v":27.58},50.91]
["Composição Auxiliar",87298,"SINAPI","ARGAMASSA TRAÇO 1:3 (EM VOLUME DE CIMENTO E AREIA MÉDIA ÚMIDA) PARA CONTRAPISO, PREPARO MECÂNICO COM BETONEIRA 400 L. AF_08/2019","SEDI - SERVIÇOS DIVERSOS","m³",1.6000000000000001E-3,{"$f":"IF(A2031=\"Composição Auxiliar\",VLOOKUP(B2031,'SINAPI COMPOSIÇÃO'!$A$2:$E$10256,4,FALSE),IF(A2031=\"Insumo\",IF(VLOOKUP(B2031,'SINAPI INSUMOS'!$A$2:$F$4852,5,FALSE)=OR(\"\",0),VLOOKUP(B2031,'SINAPI INSUMOS'!$A$2:$F$4852,6,FALSE),VLOOKUP(B2031,'SINAPI INSUMOS'!$A$2:$F$4852,5,FALSE)),\"VERIFICAR\"))","v":935.11},1.49]
["Composição Auxiliar",5952,"SINAPI","MARTELETE OU ROMPEDOR PNEUMÁTICO MANUAL, 28 KG, COM SILENCIADOR - CHI DIURNO. AF_07/2016","CHOR - CUSTOS HORÁRIOS DE MÁQUINAS E EQUIPAMENTOS","CHI",0.25850000000000001,{"$f":"IF(A2032=\"Composição Auxiliar\",VLOOKUP(B2032,'SINAPI COMPOSIÇÃO'!$A$2:$E$10256,4,FALSE),IF(A2032=\"Insumo\",IF(VLOOKUP(B2032,'SINAPI INSUMOS'!$A$2:$F$4852,5,FALSE)=OR(\"\",0),VLOOKUP(B2032,'SINAPI INSUMOS'!$A$2:$F$4852,6,FALSE),VLOOKUP(B2032,'SINAPI INSUMOS'!$A$2:$F$4852,5,FALSE)),\"VERIFICAR\"))","v":20.79},5.37]
["Composição Auxiliar",102486,"SINAPI","CONCRETO FCK = 15MPA, TRAÇO 1:3,4:3,4 (EM MASSA SECA DE CIMENTO/ AREIA MÉDIA/ SEIXO ROLADO) - PREPARO MANUAL. AF_05/2021","FUES - FUNDAÇÕES E ESTRUTURAS","m³",2.2200000000000001E-2,{"$f":"IF(A2033=\"Composição Auxiliar\",VLOOKUP(B2033,'SINAPI COMPOSIÇÃO'!$A$2:$E$10256,4,FALSE),IF(A2033=\"Insumo\",IF(VLOOKUP(B2033,'SINAPI INSUMOS'!$A$2:$F$4852,5,FALSE)=OR(\"\",0),VLOOKUP(B2033,'SINAPI INSUMOS'!$A$2:$F$4852,6,FALSE),VLOOKUP(B2033,'SINAPI INSUMOS'!$A$2:$F$4852,5,FALSE)),\"VERIFICAR\"))","v":713.32},15.83]
["Insumo",4721,"SINAPI","PEDRA BRITADA N. 1 (9,5 A 19 MM) POSTO PEDREIRA/FORNECEDOR, SEM FRETE","Material","m³",1.1999999999999999E-3,{"$f":"IF(A2034=\"Composição Auxiliar\",VLOOKUP(B2034,'SINAPI COMPOSIÇÃO'!$A$2:$E$10256,4,FALSE),IF(A2034=\"Insumo\",IF(VLOOKUP(B2034,'SINAPI INSUMOS'!$A$2:$F$4852,5,FALSE)=OR(\"\",0),VLOOKUP(B2034,'SINAPI INSUMOS'!$A$2:$F$4852,6,FALSE),VLOOKUP(B2034,'SINAPI INSUMOS'!$A$2:$F$4852,5,FALSE)),\"VERIFICAR\"))","v":298.43},0.35]
["Insumo",42440,"SINAPI","LIXEIRA DUPLA, COM CAPACIDADE VOLUMETRICA DE 60L*, FABRICADA EM TUBO DE ACO CARBONO, CESTOS EM CHAPA DE ACO E PINTURA NO PROCESSO ELETROSTATICO - PARA ACADEMIA AO AR LIVRE / ACADEMIA DA TERCEIRA IDADE - ATI","Material","UN",1,{"$f":"IF(A2035=\"Composição Auxiliar\",VLOOKUP(B2035,'SINAPI COMPOSIÇÃO'!$A$2:$E$10256,4,FALSE),IF(A2035=\"Insumo\",IF(VLOOKUP(B2035,'SINAPI INSUMOS'!$A$2:$F$4852,5,FALSE)=OR(\"\",0),VLOOKUP(B2035,'SINAPI INSUMOS'!$A$2:$F$4852,6,FALSE),VLOOKUP(B2035,'SINAPI INSUMOS'!$A$2:$F$4852,5,FALSE)),\"VERIFICAR\"))","v":1235.9100000000001},1235.9100000000001]
["15.5","Código","Banco","Descrição","Tipo","Und","Quant.","Valor Unit","Total"]
["Composição",98522,"SINAPI","ALAMBRADO EM MOURÕES DE CONCRETO, COM TELA DE ARAME GALVANIZADO (INCLUSIVE MURETA EM CONCRETO). AF_05/2018","URBA - URBANIZAÇÃO","M",1,{"$f":"I2037","v":201.4},{"$f":"SUM(I2038:I2045)","v":201.4}]
["Composição Auxiliar",88316,"SINAPI","SERVENTE COM ENCARGOS COMPLEMENTARES","SEDI - SERVIÇOS DIVERSOS","H",0.44928449999999998,{"$f":"IF(A2038=\"Composição Auxiliar\",VLOOKUP(B2038,'SINAPI COMPOSIÇÃO'!$A$2:$E$10256,4,FALSE),IF(A2038=\"Insumo\",IF(VLOOKUP(B2038,'SINAPI INSUMOS'!$A$2:$F$4852,5,FALSE)=OR(\"\",0),VLOOKUP(B2038,'SINAPI INSUMOS'!$A$2:$F$4852,6,FALSE),VLOOKUP(B2038,'SINAPI INSUMOS'!$A$2:$F$4852,5,FALSE)),\"VERIFICAR\"))","v":21.32},{"$f":"TRUNC(G2038*H2038,2)","v":9.57}]
["Composição Auxiliar",88309,"SINAPI","PEDREIRO COM ENCARGOS COMPLEMENTARES","SEDI - SERVIÇOS DIVERSOS","H",0.89856899999999995,{"$f":"IF(A2039=\"Composição Auxiliar\",VLOOKUP(B2039,'SINAPI COMPOSIÇÃO'!$A$2:$E$10256,4,FALSE),IF(A2039=\"Insumo\",IF(VLOOKUP(B2039,'SINAPI INSUMOS'!$A$2:$F$4852,5,FALSE)=OR(\"\",0),VLOOKUP(B2039,'SINAPI INSUMOS'!$A$2:$F$4852,6,FALSE),VLOOKUP(B2039,'SINAPI INSUMOS'!$A$2:$F$4852,5,FALSE)),\"VERIFICAR\"))","v":27.58},24.78]
["Composição Auxiliar",94974,"SINAPI","CONCRETO MAGRO PARA LASTRO, TRAÇO 1:4,5:4,5 (EM MASSA SECA DE CIMENTO/ AREIA MÉDIA/ BRITA 1) - PREPARO MANUAL. AF_05/2021","FUES - FUNDAÇÕES E ESTRUTURAS","m³",1.9702000000000001E-2,{"$f":"IF(A2040=\"Composição Auxiliar\",VLOOKUP(B2040,'SINAPI COMPOSIÇÃO'!$A$2:$E$10256,4,FALSE),IF(A2040=\"Insumo\",IF(VLOOKUP(B2040,'SINAPI INSUMOS'!$A$2:$F$4852,5,FALSE)=OR(\"\",0),VLOOKUP(B2040,'SINAPI INSUMOS'!$A$2:$F$4852,6,FALSE),VLOOKUP(B2040,'SINAPI INSUMOS'!$A$2:$F$4852,5,FALSE)),\"VERIFICAR\"))","v":689.85},13.59]
["Insumo",4417,"SINAPI","SARRAFO NAO APARELHADO *2,5 X 7* CM, EM MACARANDUBA/MASSARANDUBA, ANGELIM, PEROBA-ROSA OU EQUIVALENTE DA REGIAO - BRUTA","Material","M",1.76,{"$f":"IF(A2041=\"Composição Auxiliar\",VLOOKUP(B2041,'SINAPI COMPOSIÇÃO'!$A$2:$E$10256,4,FALSE),IF(A2041=\"Insumo\",IF(VLOOKUP(B2041,'SINAPI INSUMOS'!$A$2:$F$4852,5,FALSE)=OR(\"\",0),VLOOKUP(B2041,'SINAPI INSUMOS'!$A$2:$F$4852,6,FALSE),VLOOKUP(B2041,'SINAPI INSUMOS'!$A$2:$F$4852,5,FALSE)),\"VERIFICAR\"))","v":5.15},9.06]
["Insumo",43130,"SINAPI","ARAME GALVANIZADO 12 BWG, D = 2,76 MM (0,048 KG/M) OU 14 BWG, D = 2,11 MM (0,026 KG/M)","Material","KG",8.8599999999999998E-2,{"$f":"IF(A2042=\"Composição Auxiliar\",VLOOKUP(B2042,'SINAPI COMPOSIÇÃO'!$A$2:$E$10256,4,FALSE),IF(A2042=\"Insumo\",IF(VLOOKUP(B2042,'SINAPI INSUMOS'!$A$2:$F$4852,5,FALSE)=OR(\"\",0),VLOOKUP(B2042,'SINAPI INSUMOS'!$A$2:$F$4852,6,FALSE),VLOOKUP(B2042,'SINAPI INSUMOS'!$A$2:$F$4852,5,FALSE)),\"VERIFICAR\"))","v":27},2.39]
["Insumo",4460,"SINAPI","SARRAFO NAO APARELHADO *2,5 X 10* CM, EM MACARANDUBA/MASSARANDUBA, ANGELIM OU EQUIVALENTE DA REGIAO - BRUTA","Material","M",2.2000000000000002,{"$f":"IF(A2043=\"Composição Auxiliar\",VLOOKUP(B2043,'SINAPI COMPOSIÇÃO'!$A$2:$E$10256,4,FALSE),IF(A2043=\"Insumo\",IF(VLOOKUP(B2043,'SINAPI INSUMOS'!$A$2:$F$4852,5,FALSE)=OR(\"\",0),VLOOKUP(B2043,'SINAPI INSUMOS'!$A$2:$F$4852,6,FALSE),VLOOKUP(B2043,'SINAPI INSUMOS'!$A$2:$F$4852,5,FALSE)),\"VERIFICAR\"))","v":6.68},14.69]
["Insumo",4107,"SINAPI","MOURAO DE CONCRETO RETO, SECAO QUADRADA *10 X 10* CM, H= *2,30* M","Material","UN",0.3846154,{"$f":"IF(A2044=\"Composição Auxiliar\",VLOOKUP(B2044,'SINAPI COMPOSIÇÃO'!$A$2:$E$10256,4,FALSE),IF(A2044=\"Insumo\",IF(VLOOKUP(B2044,'SINAPI INSUMOS'!$A$2:$F$4852,5,FALSE)=OR(\"\",0),VLOOKUP(B2044,'SINAPI INSUMOS'!$A$2:$F$4852,6,FALSE),VLOOKUP(B2044,'SINAPI INSUMOS'!$A$2:$F$4852,5,FALSE)),\"VERIFICAR\"))","v":89.3},34.340000000000003]
["Insumo",10937,"SINAPI","TELA DE ARAME GALVANIZADA REVESTIDA EM PVC, QUADRANGULAR / LOSANGULAR, FIO 2,11 MM (14 BWG), BITOLA FINAL = *2,8* MM, MALHA *8 X 8* CM, H = 2 M","Material","m²",2.11,{"$f":"IF(A2045=\"Composição Auxiliar\",VLOOKUP(B2045,'SINAPI COMPOSIÇÃO'!$A$2:$E$10256,4,FALSE),IF(A2045=\"Insumo\",IF(VLOOKUP(B2045,'SINAPI INSUMOS'!$A$2:$F$4852,5,FALSE)=OR(\"\",0),VLOOKUP(B2045,'SINAPI INSUMOS'!$A$2:$F$4852,6,FALSE),VLOOKUP(B2045,'SINAPI INSUMOS'!$A$2:$F$4852,5,FALSE)),\"VERIFICAR\"))","v":44.07},92.98]
[16,null,null,"GUARITA"]
[" 16.1 ",null,null,"TRANSPORTE E CARRETO"]
[" 16.1.1 ","Código","Banco","Descrição","Tipo","Und","Quant.","Valor Unit","Total"]
["Composição",17034,"SBC","ALUGUEL MENSAL ANDAIME TUBULAR","TRANSPORTES E CARRETOS","MES",1,{"$f":"I2049","v":698.94},{"$f":"SUM(I2050:I2053)","v":698.94}]
["Insumo",99900,"SBC","SERVENTE","Mão de Obra","H",13.608000000000001,15.88,{"$f":"TRUNC(G2050*H2050,2)","v":216.09}]
["Insumo",21259,"SBC","ALUGUEL MENSAL 4 SAPATAS PARA ANDAIME TUBULAR","Material","MES",1,3.85,3.85]
["Insumo",21258,"SBC","ALUGUEL ANDAIME TUBULAR 2 QUADROS DIAGONAIS DE 2,0m","Material","MES",10,21.65,216.5]
["Insumo",21257,"SBC","ANDAIME DIAGONAL TUBULAR 2 QUADROS 1,50m x 1,50m","Material","M2/MES",10,26.25,262.5]
[]
[" 16.1.2 ","Código","Banco","Descrição","Tipo","Und","Quant.","Valor Unit","Total"]
["Composição",17360,"SBC","TRANSPORTE/MONTAGEM/DESMONTAGEM ANDAIMES M2/MES","TRANSPORTES E CARRETOS","m²",1,{"$f":"I2056","v":34.450000000000003},{"$f":"SUM(I2057)","v":34.450000000000003}]
["Insumo",99900,"SBC","SERVENTE","Mão de Obra","H",2.17,15.88,{"$f":"TRUNC(G2057*H2057,2)","v":34.450000000000003}]
[]
[" 16.2 ",null,null,"PREPARAÇÃO DO TERRENO"]
[" 16.2.1 ","Código","Banco","Descrição","Tipo","Und","Quant.","Valor Unit","Total"]
["Composição",96523,"SINAPI","ESCAVAÇÃO MANUAL PARA BLOCO DE COROAMENTO OU SAPATA (INCLUINDO ESCAVAÇÃO PARA COLOCAÇÃO DE FÔRMAS). AF_01/2024","Fundações Rasas (Blocos, Sapatas, Vigas Baldrame)","m³",1,{"$f":"I2061","v":93.28},{"$f":"SUM(I2062:I2063)","v":93.28}]
["Composição Auxiliar",88316,"SINAPI","SERVENTE COM ENCARGOS COMPLEMENTARES","Livro SINAPI: Cálculos e Parâmetros","H",3.1259999999999999,{"$f":"IF(A2062=\"Composição Auxiliar\",VLOOKUP(B2062,'SINAPI COMPOSIÇÃO'!$A$2:$E$10256,4,FALSE),IF(A2062=\"Insumo\",IF(VLOOKUP(B2062,'SINAPI INSUMOS'!$A$2:$F$4852,5,FALSE)=OR(\"\",0),VLOOKUP(B2062,'SINAPI INSUMOS'!$A$2:$F$4852,6,FALSE),VLOOKUP(B2062,'SINAPI INSUMOS'!$A$2:$F$4852,5,FALSE)),\"VERIFICAR\"))","v":21.32},{"$f":"TRUNC(G2062*H2062,2)","v":66.64}]
["Composição Auxiliar",88309,"SINAPI","PEDREIRO COM ENCARGOS COMPLEMENTARES","Livro SINAPI: Cálculos e Parâmetros","H",0.96599999999999997,{"$f":"IF(A2063=\"Composição Auxiliar\",VLOOKUP(B2063,'SINAPI COMPOSIÇÃO'!$A$2:$E$10256,4,FALSE),IF(A2063=\"Insumo\",IF(VLOOKUP(B2063,'SINAPI INSUMOS'!$A$2:$F$4852,5,FALSE)=OR(\"\",0),VLOOKUP(B2063,'SINAPI INSUMOS'!$A$2:$F$4852,6,FALSE),VLOOKUP(B2063,'SINAPI INSUMOS'!$A$2:$F$4852,5,FALSE)),\"VERIFICAR\"))","v":27.58},26.64]
[]
[" 16.2.2 ","Código","Banco","Descrição","Tipo","Und","Quant.","Valor Unit","Total"]
["Composição",93382,"SINAPI","REATERRO MANUAL DE VALAS, COM COMPACTADOR DE SOLOS DE PERCUSSÃO. AF_08/2023","Aterro e Reaterro de Valas","m³",1,{"$f":"I2066","v":27.43},{"$f":"SUM(I2067:I2070)","v":27.43}]
["Composição Auxiliar",88316,"SINAPI","SERVENTE COM ENCARGOS COMPLEMENTARES","Livro SINAPI: Cálculos e Parâmetros","H",0.78659999999999997,{"$f":"IF(A2067=\"Composição Auxiliar\",VLOOKUP(B2067,'SINAPI COMPOSIÇÃO'!$A$2:$E$10256,4,FALSE),IF(A2067=\"Insumo\",IF(VLOOKUP(B2067,'SINAPI INSUMOS'!$A$2:$F$4852,5,FALSE)=OR(\"\",0),VLOOKUP(B2067,'SINAPI INSUMOS'!$A$2:$F$4852,6,FALSE),VLOOKUP(B2067,'SINAPI INSUMOS'!$A$2:$F$4852,5,FALSE)),\"VERIFICAR\"))","v":21.32},{"$f":"TRUNC(G2067*H2067,2)","v":16.77}]
["Composição Auxiliar",5901,"SINAPI","CAMINHÃO PIPA 10.000 L TRUCADO, PESO BRUTO TOTAL 23.000 KG, CARGA ÚTIL MÁXIMA 15.935 KG, DISTÂNCIA ENTRE EIXOS 4,8 M, POTÊNCIA 230 CV, INCLUSIVE TANQUE DE AÇO PARA TRANSPORTE DE ÁGUA - CHP DIURNO. AF_06/2014","Custos Horários Produtivo e Improdutivo dos Equipamentos","CHP",5.4000000000000003E-3,{"$f":"IF(A2068=\"Composição Auxiliar\",VLOOKUP(B2068,'SINAPI COMPOSIÇÃO'!$A$2:$E$10256,4,FALSE),IF(A2068=\"Insumo\",IF(VLOOKUP(B2068,'SINAPI INSUMOS'!$A$2:$F$4852,5,FALSE)=OR(\"\",0),VLOOKUP(B2068,'SINAPI INSUMOS'!$A$2:$F$4852,6,FALSE),VLOOKUP(B2068,'SINAPI INSUMOS'!$A$2:$F$4852,5,FALSE)),\"VERIFICAR\"))","v":335.44},1.81]
["Composição Auxiliar",91533,"SINAPI","COMPACTADOR DE SOLOS DE PERCUSSÃO (SOQUETE) COM MOTOR A GASOLINA 4 TEMPOS, POTÊNCIA 4 CV - CHP DIURNO. AF_08/2015","Custos Horários Produtivo e Improdutivo dos Equipamentos","CHP",0.19620000000000001,{"$f":"IF(A2069=\"Composição Auxiliar\",VLOOKUP(B2069,'SINAPI COMPOSIÇÃO'!$A$2:$E$10256,4,FALSE),IF(A2069=\"Insumo\",IF(VLOOKUP(B2069,'SINAPI INSUMOS'!$A$2:$F$4852,5,FALSE)=OR(\"\",0),VLOOKUP(B2069,'SINAPI INSUMOS'!$A$2:$F$4852,6,FALSE),VLOOKUP(B2069,'SINAPI INSUMOS'!$A$2:$F$4852,5,FALSE)),\"VERIFICAR\"))","v":44.94},8.81]
["Composição Auxiliar",5903,"SINAPI","CAMINHÃO PIPA 10.000 L TRUCADO, PESO BRUTO TOTAL 23.000 KG, CARGA ÚTIL MÁXIMA 15.935 KG, DISTÂNCIA ENTRE EIXOS 4,8 M, POTÊNCIA 230 CV, INCLUSIVE TANQUE DE AÇO PARA TRANSPORTE DE ÁGUA - CHI DIURNO. AF_06/2014","Custos Horários Produtivo e Improdutivo dos Equipamentos","CHI",5.9999999999999995E-4,{"$f":"IF(A2070=\"Composição Auxiliar\",VLOOKUP(B2070,'SINAPI COMPOSIÇÃO'!$A$2:$E$10256,4,FALSE),IF(A2070=\"Insumo\",IF(VLOOKUP(B2070,'SINAPI INSUMOS'!$A$2:$F$4852,5,FALSE)=OR(\"\",0),VLOOKUP(B2070,'SINAPI INSUMOS'!$A$2:$F$4852,6,FALSE),VLOOKUP(B2070,'SINAPI INSUMOS'!$A$2:$F$4852,5,FALSE)),\"VERIFICAR\"))","v":72.97},0.04]
[]
[" 16.2.3 ","Código","Banco","Descrição","Tipo","Und","Quant.","Valor Unit","Total"]
["Composição",105559,"SINAPI","EXECUÇÃO E COMPACTAÇÃO DE CORPO DE ATERRO DE ATERRO (95% DE ENERGIA DO PROCTOR NORMAL) COM SOLO PREDOMINANTEMENTE ARGILOSO, EM CAMADAS COM ESPESSURA DE 20 CM - EXCLUSIVE ESCAVAÇÃO, CARGA E TRANSPORTE E SOLO. AF_09/2024","Aterros, Bases, Sub bases e Imprimações","m³",1,{"$f":"I2073","v":10.209999999999999},{"$f":"SUM(I2074:I2080)","v":10.209999999999999}]
["Composição Auxiliar",5934,"SINAPI","MOTONIVELADORA POTÊNCIA BÁSICA LÍQUIDA (PRIMEIRA MARCHA) 125 HP, PESO BRUTO 13032 KG, LARGURA DA LÂMINA DE 3,7 M - CHI DIURNO. AF_06/2014","Custos Horários Produtivo e Improdutivo dos Equipamentos","CHI",2.6838799999999999E-2,{"$f":"IF(A2074=\"Composição Auxiliar\",VLOOKUP(B2074,'SINAPI COMPOSIÇÃO'!$A$2:$E$10256,4,FALSE),IF(A2074=\"Insumo\",IF(VLOOKUP(B2074,'SINAPI INSUMOS'!$A$2:$F$4852,5,FALSE)=OR(\"\",0),VLOOKUP(B2074,'SINAPI INSUMOS'!$A$2:$F$4852,6,FALSE),VLOOKUP(B2074,'SINAPI INSUMOS'!$A$2:$F$4852,5,FALSE)),\"VERIFICAR\"))","v":96.54},{"$f":"TRUNC(G2074*H2074,2)","v":2.59}]
["Composição Auxiliar",93244,"SINAPI","ROLO COMPACTADOR VIBRATÓRIO PÉ DE CARNEIRO PARA SOLOS, POTÊNCIA 80 HP, PESO OPERACIONAL SEM/COM LASTRO 7,4 / 8,8 T, LARGURA DE TRABALHO 1,68 M - CHI DIURNO. AF_02/2016","Custos Horários Produtivo e Improdutivo dos Equipamentos","CHI",2.1294400000000002E-2,{"$f":"IF(A2075=\"Composição Auxiliar\",VLOOKUP(B2075,'SINAPI COMPOSIÇÃO'!$A$2:$E$10256,4,FALSE),IF(A2075=\"Insumo\",IF(VLOOKUP(B2075,'SINAPI INSUMOS'!$A$2:$F$4852,5,FALSE)=OR(\"\",0),VLOOKUP(B2075,'SINAPI INSUMOS'!$A$2:$F$4852,6,FALSE),VLOOKUP(B2075,'SINAPI INSUMOS'!$A$2:$F$4852,5,FALSE)),\"VERIFICAR\"))","v":65.69},1.39]
["Composição Auxiliar",88316,"SINAPI","SERVENTE COM ENCARGOS COMPLEMENTARES","Livro SINAPI: Cálculos e Parâmetros","H",3.00957E-2,{"$f":"IF(A2076=\"Composição Auxiliar\",VLOOKUP(B2076,'SINAPI COMPOSIÇÃO'!$A$2:$E$10256,4,FALSE),IF(A2076=\"Insumo\",IF(VLOOKUP(B2076,'SINAPI INSUMOS'!$A$2:$F$4852,5,FALSE)=OR(\"\",0),VLOOKUP(B2076,'SINAPI INSUMOS'!$A$2:$F$4852,6,FALSE),VLOOKUP(B2076,'SINAPI INSUMOS'!$A$2:$F$4852,5,FALSE)),\"VERIFICAR\"))","v":21.32},0.64]
["Composição Auxiliar",73436,"SINAPI","ROLO COMPACTADOR VIBRATÓRIO PÉ DE CARNEIRO PARA SOLOS, POTÊNCIA 80 HP, PESO OPERACIONAL SEM/COM LASTRO 7,4 / 8,8 T, LARGURA DE TRABALHO 1,68 M - CHP DIURNO. AF_02/2016","Custos Horários Produtivo e Improdutivo dos Equipamentos","CHP",8.8012999999999997E-3,{"$f":"IF(A2077=\"Composição Auxiliar\",VLOOKUP(B2077,'SINAPI COMPOSIÇÃO'!$A$2:$E$10256,4,FALSE),IF(A2077=\"Insumo\",IF(VLOOKUP(B2077,'SINAPI INSUMOS'!$A$2:$F$4852,5,FALSE)=OR(\"\",0),VLOOKUP(B2077,'SINAPI INSUMOS'!$A$2:$F$4852,6,FALSE),VLOOKUP(B2077,'SINAPI INSUMOS'!$A$2:$F$4852,5,FALSE)),\"VERIFICAR\"))","v":164.31},1.44]
["Composição Auxiliar",5932,"SINAPI","MOTONIVELADORA POTÊNCIA BÁSICA LÍQUIDA (PRIMEIRA MARCHA) 125 HP, PESO BRUTO 13032 KG, LARGURA DA LÂMINA DE 3,7 M - CHP DIURNO. AF_06/2014","Custos Horários Produtivo e Improdutivo dos Equipamentos","CHP",3.2569000000000001E-3,{"$f":"IF(A2078=\"Composição Auxiliar\",VLOOKUP(B2078,'SINAPI COMPOSIÇÃO'!$A$2:$E$10256,4,FALSE),IF(A2078=\"Insumo\",IF(VLOOKUP(B2078,'SINAPI INSUMOS'!$A$2:$F$4852,5,FALSE)=OR(\"\",0),VLOOKUP(B2078,'SINAPI INSUMOS'!$A$2:$F$4852,6,FALSE),VLOOKUP(B2078,'SINAPI INSUMOS'!$A$2:$F$4852,5,FALSE)),\"VERIFICAR\"))","v":261.77},0.85]
["Composição Auxiliar",5903,"SINAPI","CAMINHÃO PIPA 10.000 L TRUCADO, PESO BRUTO TOTAL 23.000 KG, CARGA ÚTIL MÁXIMA 15.935 KG, DISTÂNCIA ENTRE EIXOS 4,8 M, POTÊNCIA 230 CV, INCLUSIVE TANQUE DE AÇO PARA TRANSPORTE DE ÁGUA - CHI DIURNO. AF_06/2014","Custos Horários Produtivo e Improdutivo dos Equipamentos","CHI",2.58386E-2,{"$f":"IF(A2079=\"Composição Auxiliar\",VLOOKUP(B2079,'SINAPI COMPOSIÇÃO'!$A$2:$E$10256,4,FALSE),IF(A2079=\"Insumo\",IF(VLOOKUP(B2079,'SINAPI INSUMOS'!$A$2:$F$4852,5,FALSE)=OR(\"\",0),VLOOKUP(B2079,'SINAPI INSUMOS'!$A$2:$F$4852,6,FALSE),VLOOKUP(B2079,'SINAPI INSUMOS'!$A$2:$F$4852,5,FALSE)),\"VERIFICAR\"))","v":72.97},1.88]
["Composição Auxiliar",5901,"SINAPI","CAMINHÃO PIPA 10.000 L TRUCADO, PESO BRUTO TOTAL 23.000 KG, CARGA ÚTIL MÁXIMA 15.935 KG, DISTÂNCIA ENTRE EIXOS 4,8 M, POTÊNCIA 230 CV, INCLUSIVE TANQUE DE AÇO PARA TRANSPORTE DE ÁGUA - CHP DIURNO. AF_06/2014","Custos Horários Produtivo e Improdutivo dos Equipamentos","CHP",4.2570000000000004E-3,{"$f":"IF(A2080=\"Composição Auxiliar\",VLOOKUP(B2080,'SINAPI COMPOSIÇÃO'!$A$2:$E$10256,4,FALSE),IF(A2080=\"Insumo\",IF(VLOOKUP(B2080,'SINAPI INSUMOS'!$A$2:$F$4852,5,FALSE)=OR(\"\",0),VLOOKUP(B2080,'SINAPI INSUMOS'!$A$2:$F$4852,6,FALSE),VLOOKUP(B2080,'SINAPI INSUMOS'!$A$2:$F$4852,5,FALSE)),\"VERIFICAR\"))","v":335.44},1.42]
[]
[" 16.3 ",null,null,"FUNDAÇÕES DIRETAS"]
[" 16.3.1 ","Código","Banco","Descrição","Tipo","Und","Quant.","Valor Unit","Total"]
["Composição",96616,"SINAPI","LASTRO DE CONCRETO MAGRO, APLICADO EM BLOCOS DE COROAMENTO OU SAPATAS. AF_01/2024","Lastro","m³",1,{"$f":"I2084","v":1092.52},{"$f":"SUM(I2085:I2087)","v":1092.52}]
["Composição Auxiliar",94968,"SINAPI","CONCRETO MAGRO PARA LASTRO, TRAÇO 1:4,5:4,5 (EM MASSA SECA DE CIMENTO/ AREIA MÉDIA/ BRITA 1) - PREPARO MECÂNICO COM BETONEIRA 600 L. AF_05/2021","Produção de Concreto","m³",1.38,{"$f":"IF(A2085=\"Composição Auxiliar\",VLOOKUP(B2085,'SINAPI COMPOSIÇÃO'!$A$2:$E$10256,4,FALSE),IF(A2085=\"Insumo\",IF(VLOOKUP(B2085,'SINAPI INSUMOS'!$A$2:$F$4852,5,FALSE)=OR(\"\",0),VLOOKUP(B2085,'SINAPI INSUMOS'!$A$2:$F$4852,6,FALSE),VLOOKUP(B2085,'SINAPI INSUMOS'!$A$2:$F$4852,5,FALSE)),\"VERIFICAR\"))","v":618.28},{"$f":"TRUNC(G2085*H2085,2)","v":853.22}]
["Composição Auxiliar",88309,"SINAPI","PEDREIRO COM ENCARGOS COMPLEMENTARES","Livro SINAPI: Cálculos e Parâmetros","H",6.7809999999999997,{"$f":"IF(A2086=\"Composição Auxiliar\",VLOOKUP(B2086,'SINAPI COMPOSIÇÃO'!$A$2:$E$10256,4,FALSE),IF(A2086=\"Insumo\",IF(VLOOKUP(B2086,'SINAPI INSUMOS'!$A$2:$F$4852,5,FALSE)=OR(\"\",0),VLOOKUP(B2086,'SINAPI INSUMOS'!$A$2:$F$4852,6,FALSE),VLOOKUP(B2086,'SINAPI INSUMOS'!$A$2:$F$4852,5,FALSE)),\"VERIFICAR\"))","v":27.58},187.01]
["Composição Auxiliar",88316,"SINAPI","SERVENTE COM ENCARGOS COMPLEMENTARES","Livro SINAPI: Cálculos e Parâmetros","H",2.4529999999999998,{"$f":"IF(A2087=\"Composição Auxiliar\",VLOOKUP(B2087,'SINAPI COMPOSIÇÃO'!$A$2:$E$10256,4,FALSE),IF(A2087=\"Insumo\",IF(VLOOKUP(B2087,'SINAPI INSUMOS'!$A$2:$F$4852,5,FALSE)=OR(\"\",0),VLOOKUP(B2087,'SINAPI INSUMOS'!$A$2:$F$4852,6,FALSE),VLOOKUP(B2087,'SINAPI INSUMOS'!$A$2:$F$4852,5,FALSE)),\"VERIFICAR\"))","v":21.32},52.29]
[]
[" 16.3.2 ","Código","Banco","Descrição","Tipo","Und","Quant.","Valor Unit","Total"]
["Composição",96541,"SINAPI","FABRICAÇÃO, MONTAGEM E DESMONTAGEM DE FÔRMA PARA SAPATA, EM CHAPA DE MADEIRA COMPENSADA RESINADA, E=17 MM, 4 UTILIZAÇÕES. AF_01/2024","Fundações Rasas (Blocos, Sapatas, Vigas Baldrame)","m²",1,{"$f":"I2090","v":185.49},{"$f":"SUM(I2091:I2102)","v":185.49}]
["Composição Auxiliar",91693,"SINAPI","SERRA CIRCULAR DE BANCADA COM MOTOR ELÉTRICO POTÊNCIA DE 5HP, COM COIFA PARA DISCO 10\" - CHI DIURNO. AF_08/2015","Custos Horários Produtivo e Improdutivo dos Equipamentos","CHI",0.23899999999999999,{"$f":"IF(A2091=\"Composição Auxiliar\",VLOOKUP(B2091,'SINAPI COMPOSIÇÃO'!$A$2:$E$10256,4,FALSE),IF(A2091=\"Insumo\",IF(VLOOKUP(B2091,'SINAPI INSUMOS'!$A$2:$F$4852,5,FALSE)=OR(\"\",0),VLOOKUP(B2091,'SINAPI INSUMOS'!$A$2:$F$4852,6,FALSE),VLOOKUP(B2091,'SINAPI INSUMOS'!$A$2:$F$4852,5,FALSE)),\"VERIFICAR\"))","v":36.14},{"$f":"TRUNC(G2091*H2091,2)","v":8.6300000000000008}]
["Composição Auxiliar",88239,"SINAPI","AJUDANTE DE CARPINTEIRO COM ENCARGOS COMPLEMENTARES","Livro SINAPI: Cálculos e Parâmetros","H",1.387,{"$f":"IF(A2092=\"Composição Auxiliar\",VLOOKUP(B2092,'SINAPI COMPOSIÇÃO'!$A$2:$E$10256,4,FALSE),IF(A2092=\"Insumo\",IF(VLOOKUP(B2092,'SINAPI INSUMOS'!$A$2:$F$4852,5,FALSE)=OR(\"\",0),VLOOKUP(B2092,'SINAPI INSUMOS'!$A$2:$F$4852,6,FALSE),VLOOKUP(B2092,'SINAPI INSUMOS'!$A$2:$F$4852,5,FALSE)),\"VERIFICAR\"))","v":23.07},31.99]
["Composição Auxiliar",88262,"SINAPI","CARPINTEIRO DE FORMAS COM ENCARGOS COMPLEMENTARES","Livro SINAPI: Cálculos e Parâmetros","H",3.395,{"$f":"IF(A2093=\"Composição Auxiliar\",VLOOKUP(B2093,'SINAPI COMPOSIÇÃO'!$A$2:$E$10256,4,FALSE),IF(A2093=\"Insumo\",IF(VLOOKUP(B2093,'SINAPI INSUMOS'!$A$2:$F$4852,5,FALSE)=OR(\"\",0),VLOOKUP(B2093,'SINAPI INSUMOS'!$A$2:$F$4852,6,FALSE),VLOOKUP(B2093,'SINAPI INSUMOS'!$A$2:$F$4852,5,FALSE)),\"VERIFICAR\"))","v":26.98},91.59]
["Composição Auxiliar",91692,"SINAPI","SERRA CIRCULAR DE BANCADA COM MOTOR ELÉTRICO POTÊNCIA DE 5HP, COM COIFA PARA DISCO 10\" - CHP DIURNO. AF_08/2015","Custos Horários Produtivo e Improdutivo dos Equipamentos","CHP",0.06,{"$f":"IF(A2094=\"Composição Auxiliar\",VLOOKUP(B2094,'SINAPI COMPOSIÇÃO'!$A$2:$E$10256,4,FALSE),IF(A2094=\"Insumo\",IF(VLOOKUP(B2094,'SINAPI INSUMOS'!$A$2:$F$4852,5,FALSE)=OR(\"\",0),VLOOKUP(B2094,'SINAPI INSUMOS'!$A$2:$F$4852,6,FALSE),VLOOKUP(B2094,'SINAPI INSUMOS'!$A$2:$F$4852,5,FALSE)),\"VERIFICAR\"))","v":37.6},2.25]
["Insumo",40304,"SINAPI","PREGO DE ACO POLIDO COM CABECA DUPLA 17 X 27 (2 1/2 X 11)","Material","KG",0.11899999999999999,{"$f":"IF(A2095=\"Composição Auxiliar\",VLOOKUP(B2095,'SINAPI COMPOSIÇÃO'!$A$2:$E$10256,4,FALSE),IF(A2095=\"Insumo\",IF(VLOOKUP(B2095,'SINAPI INSUMOS'!$A$2:$F$4852,5,FALSE)=OR(\"\",0),VLOOKUP(B2095,'SINAPI INSUMOS'!$A$2:$F$4852,6,FALSE),VLOOKUP(B2095,'SINAPI INSUMOS'!$A$2:$F$4852,5,FALSE)),\"VERIFICAR\"))","v":19.57},2.3199999999999998]
["Insumo",20247,"SINAPI","PREGO DE ACO POLIDO COM CABECA 15 X 15 (1 1/4 X 13)","Material","KG",2.1999999999999999E-2,{"$f":"IF(A2096=\"Composição Auxiliar\",VLOOKUP(B2096,'SINAPI COMPOSIÇÃO'!$A$2:$E$10256,4,FALSE),IF(A2096=\"Insumo\",IF(VLOOKUP(B2096,'SINAPI INSUMOS'!$A$2:$F$4852,5,FALSE)=OR(\"\",0),VLOOKUP(B2096,'SINAPI INSUMOS'!$A$2:$F$4852,6,FALSE),VLOOKUP(B2096,'SINAPI INSUMOS'!$A$2:$F$4852,5,FALSE)),\"VERIFICAR\"))","v":17.559999999999999},0.38]
["Insumo",1358,"SINAPI","CHAPA/PAINEL DE MADEIRA COMPENSADA RESINADA (MADEIRITE RESINADO ROSA) PARA FORMA DE CONCRETO, DE 2200 X 1100 MM, E = 17 MM","Material","m²",0.33600000000000002,{"$f":"IF(A2097=\"Composição Auxiliar\",VLOOKUP(B2097,'SINAPI COMPOSIÇÃO'!$A$2:$E$10256,4,FALSE),IF(A2097=\"Insumo\",IF(VLOOKUP(B2097,'SINAPI INSUMOS'!$A$2:$F$4852,5,FALSE)=OR(\"\",0),VLOOKUP(B2097,'SINAPI INSUMOS'!$A$2:$F$4852,6,FALSE),VLOOKUP(B2097,'SINAPI INSUMOS'!$A$2:$F$4852,5,FALSE)),\"VERIFICAR\"))","v":62.3},20.93]
["Insumo",5073,"SINAPI","PREGO DE ACO POLIDO COM CABECA 17 X 24 (2 1/4 X 11)","Material","KG",5.5E-2,{"$f":"IF(A2098=\"Composição Auxiliar\",VLOOKUP(B2098,'SINAPI COMPOSIÇÃO'!$A$2:$E$10256,4,FALSE),IF(A2098=\"Insumo\",IF(VLOOKUP(B2098,'SINAPI INSUMOS'!$A$2:$F$4852,5,FALSE)=OR(\"\",0),VLOOKUP(B2098,'SINAPI INSUMOS'!$A$2:$F$4852,6,FALSE),VLOOKUP(B2098,'SINAPI INSUMOS'!$A$2:$F$4852,5,FALSE)),\"VERIFICAR\"))","v":16.16},0.88]
["Insumo",5074,"SINAPI","PREGO DE ACO POLIDO COM CABECA 15 X 18 (1 1/2 X 13)","Material","KG",5.0000000000000001E-3,{"$f":"IF(A2099=\"Composição Auxiliar\",VLOOKUP(B2099,'SINAPI COMPOSIÇÃO'!$A$2:$E$10256,4,FALSE),IF(A2099=\"Insumo\",IF(VLOOKUP(B2099,'SINAPI INSUMOS'!$A$2:$F$4852,5,FALSE)=OR(\"\",0),VLOOKUP(B2099,'SINAPI INSUMOS'!$A$2:$F$4852,6,FALSE),VLOOKUP(B2099,'SINAPI INSUMOS'!$A$2:$F$4852,5,FALSE)),\"VERIFICAR\"))","v":17.77},0.08]
["Insumo",4491,"SINAPI","PONTALETE *7,5 X 7,5* CM EM PINUS, MISTA OU EQUIVALENTE DA REGIAO - BRUTA","Material","M",0.73299999999999998,{"$f":"IF(A2100=\"Composição Auxiliar\",VLOOKUP(B2100,'SINAPI COMPOSIÇÃO'!$A$2:$E$10256,4,FALSE),IF(A2100=\"Insumo\",IF(VLOOKUP(B2100,'SINAPI INSUMOS'!$A$2:$F$4852,5,FALSE)=OR(\"\",0),VLOOKUP(B2100,'SINAPI INSUMOS'!$A$2:$F$4852,6,FALSE),VLOOKUP(B2100,'SINAPI INSUMOS'!$A$2:$F$4852,5,FALSE)),\"VERIFICAR\"))","v":10.050000000000001},7.36]
["Insumo",4517,"SINAPI","SARRAFO *2,5 X 7,5* CM EM PINUS, MISTA OU EQUIVALENTE DA REGIAO - BRUTA","Material","M",5.4009999999999998,{"$f":"IF(A2101=\"Composição Auxiliar\",VLOOKUP(B2101,'SINAPI COMPOSIÇÃO'!$A$2:$E$10256,4,FALSE),IF(A2101=\"Insumo\",IF(VLOOKUP(B2101,'SINAPI INSUMOS'!$A$2:$F$4852,5,FALSE)=OR(\"\",0),VLOOKUP(B2101,'SINAPI INSUMOS'!$A$2:$F$4852,6,FALSE),VLOOKUP(B2101,'SINAPI INSUMOS'!$A$2:$F$4852,5,FALSE)),\"VERIFICAR\"))","v":3.52},19.010000000000002]
["Insumo",2692,"SINAPI","DESMOLDANTE PROTETOR PARA FORMAS DE MADEIRA, DE BASE OLEOSA EMULSIONADA EM AGUA","Material","L",9.5499999999999995E-3,{"$f":"IF(A2102=\"Composição Auxiliar\",VLOOKUP(B2102,'SINAPI COMPOSIÇÃO'!$A$2:$E$10256,4,FALSE),IF(A2102=\"Insumo\",IF(VLOOKUP(B2102,'SINAPI INSUMOS'!$A$2:$F$4852,5,FALSE)=OR(\"\",0),VLOOKUP(B2102,'SINAPI INSUMOS'!$A$2:$F$4852,6,FALSE),VLOOKUP(B2102,'SINAPI INSUMOS'!$A$2:$F$4852,5,FALSE)),\"VERIFICAR\"))","v":7.67},7.0000000000000007E-2]
[]
[" 16.3.3 ","Código","Banco","Descrição","Tipo","Und","Quant.","Valor Unit","Total"]
["Composição",104918,"SINAPI","ARMAÇÃO DE SAPATA ISOLADA, VIGA BALDRAME E SAPATA CORRIDA UTILIZANDO AÇO CA-50 DE 8 MM - MONTAGEM. AF_01/2024","Fundações Rasas (Blocos, Sapatas, Vigas Baldrame)","KG",1,{"$f":"I2105","v":15.42},{"$f":"SUM(I2106:I2110)","v":15.42}]
["Composição Auxiliar",92802,"SINAPI","CORTE E DOBRA DE AÇO CA-50, DIÂMETRO DE 8,0 MM. AF_06/2022","Armação para Estruturas de Concreto Armado","KG",1,{"$f":"IF(A2106=\"Composição Auxiliar\",VLOOKUP(B2106,'SINAPI COMPOSIÇÃO'!$A$2:$E$10256,4,FALSE),IF(A2106=\"Insumo\",IF(VLOOKUP(B2106,'SINAPI INSUMOS'!$A$2:$F$4852,5,FALSE)=OR(\"\",0),VLOOKUP(B2106,'SINAPI INSUMOS'!$A$2:$F$4852,6,FALSE),VLOOKUP(B2106,'SINAPI INSUMOS'!$A$2:$F$4852,5,FALSE)),\"VERIFICAR\"))","v":10.94},{"$f":"TRUNC(G2106*H2106,2)","v":10.94}]
["Composição Auxiliar",88238,"SINAPI","AJUDANTE DE ARMADOR COM ENCARGOS COMPLEMENTARES","Livro SINAPI: Cálculos e Parâmetros","H",3.9E-2,{"$f":"IF(A2107=\"Composição Auxiliar\",VLOOKUP(B2107,'SINAPI COMPOSIÇÃO'!$A$2:$E$10256,4,FALSE),IF(A2107=\"Insumo\",IF(VLOOKUP(B2107,'SINAPI INSUMOS'!$A$2:$F$4852,5,FALSE)=OR(\"\",0),VLOOKUP(B2107,'SINAPI INSUMOS'!$A$2:$F$4852,6,FALSE),VLOOKUP(B2107,'SINAPI INSUMOS'!$A$2:$F$4852,5,FALSE)),\"VERIFICAR\"))","v":23.39},0.91]
["Composição Auxiliar",88245,"SINAPI","ARMADOR COM ENCARGOS COMPLEMENTARES","Livro SINAPI: Cálculos e Parâmetros","H",0.10199999999999999,{"$f":"IF(A2108=\"Composição Auxiliar\",VLOOKUP(B2108,'SINAPI COMPOSIÇÃO'!$A$2:$E$10256,4,FALSE),IF(A2108=\"Insumo\",IF(VLOOKUP(B2108,'SINAPI INSUMOS'!$A$2:$F$4852,5,FALSE)=OR(\"\",0),VLOOKUP(B2108,'SINAPI INSUMOS'!$A$2:$F$4852,6,FALSE),VLOOKUP(B2108,'SINAPI INSUMOS'!$A$2:$F$4852,5,FALSE)),\"VERIFICAR\"))","v":27.36},2.79]
["Insumo",43132,"SINAPI","ARAME RECOZIDO 16 BWG, D = 1,65 MM (0,016 KG/M) OU 18 BWG, D = 1,25 MM (0,01 KG/M)","Material","KG",2.5000000000000001E-2,{"$f":"IF(A2109=\"Composição Auxiliar\",VLOOKUP(B2109,'SINAPI COMPOSIÇÃO'!$A$2:$E$10256,4,FALSE),IF(A2109=\"Insumo\",IF(VLOOKUP(B2109,'SINAPI INSUMOS'!$A$2:$F$4852,5,FALSE)=OR(\"\",0),VLOOKUP(B2109,'SINAPI INSUMOS'!$A$2:$F$4852,6,FALSE),VLOOKUP(B2109,'SINAPI INSUMOS'!$A$2:$F$4852,5,FALSE)),\"VERIFICAR\"))","v":27},0.67]
["Insumo",39017,"SINAPI","ESPACADOR / DISTANCIADOR CIRCULAR COM ENTRADA LATERAL, EM PLASTICO, PARA VERGALHAO *4,2 A 12,5* MM, COBRIMENTO 20 MM","Material","UN",0.503,{"$f":"IF(A2110=\"Composição Auxiliar\",VLOOKUP(B2110,'SINAPI COMPOSIÇÃO'!$A$2:$E$10256,4,FALSE),IF(A2110=\"Insumo\",IF(VLOOKUP(B2110,'SINAPI INSUMOS'!$A$2:$F$4852,5,FALSE)=OR(\"\",0),VLOOKUP(B2110,'SINAPI INSUMOS'!$A$2:$F$4852,6,FALSE),VLOOKUP(B2110,'SINAPI INSUMOS'!$A$2:$F$4852,5,FALSE)),\"VERIFICAR\"))","v":0.22},0.11]
[]
[" 16.3.4 ","Código","Banco","Descrição","Tipo","Und","Quant.","Valor Unit","Total"]
["Composição",104916,"SINAPI","ARMAÇÃO DE SAPATA ISOLADA, VIGA BALDRAME E SAPATA CORRIDA UTILIZANDO AÇO CA-60 DE 5 MM - MONTAGEM. AF_01/2024","Fundações Rasas (Blocos, Sapatas, Vigas Baldrame)","KG",1,{"$f":"I2113","v":17.649999999999999},{"$f":"SUM(I2114:I2118)","v":17.649999999999999}]
["Composição Auxiliar",88245,"SINAPI","ARMADOR COM ENCARGOS COMPLEMENTARES","Livro SINAPI: Cálculos e Parâmetros","H",0.16600000000000001,{"$f":"IF(A2114=\"Composição Auxiliar\",VLOOKUP(B2114,'SINAPI COMPOSIÇÃO'!$A$2:$E$10256,4,FALSE),IF(A2114=\"Insumo\",IF(VLOOKUP(B2114,'SINAPI INSUMOS'!$A$2:$F$4852,5,FALSE)=OR(\"\",0),VLOOKUP(B2114,'SINAPI INSUMOS'!$A$2:$F$4852,6,FALSE),VLOOKUP(B2114,'SINAPI INSUMOS'!$A$2:$F$4852,5,FALSE)),\"VERIFICAR\"))","v":27.36},{"$f":"TRUNC(G2114*H2114,2)","v":4.54}]
["Composição Auxiliar",92800,"SINAPI","CORTE E DOBRA DE AÇO CA-60, DIÂMETRO DE 5,0 MM. AF_06/2022","Armação para Estruturas de Concreto Armado","KG",1,{"$f":"IF(A2115=\"Composição Auxiliar\",VLOOKUP(B2115,'SINAPI COMPOSIÇÃO'!$A$2:$E$10256,4,FALSE),IF(A2115=\"Insumo\",IF(VLOOKUP(B2115,'SINAPI INSUMOS'!$A$2:$F$4852,5,FALSE)=OR(\"\",0),VLOOKUP(B2115,'SINAPI INSUMOS'!$A$2:$F$4852,6,FALSE),VLOOKUP(B2115,'SINAPI INSUMOS'!$A$2:$F$4852,5,FALSE)),\"VERIFICAR\"))","v":10.77},10.77]
["Composição Auxiliar",88238,"SINAPI","AJUDANTE DE ARMADOR COM ENCARGOS COMPLEMENTARES","Livro SINAPI: Cálculos e Parâmetros","H",6.4000000000000001E-2,{"$f":"IF(A2116=\"Composição Auxiliar\",VLOOKUP(B2116,'SINAPI COMPOSIÇÃO'!$A$2:$E$10256,4,FALSE),IF(A2116=\"Insumo\",IF(VLOOKUP(B2116,'SINAPI INSUMOS'!$A$2:$F$4852,5,FALSE)=OR(\"\",0),VLOOKUP(B2116,'SINAPI INSUMOS'!$A$2:$F$4852,6,FALSE),VLOOKUP(B2116,'SINAPI INSUMOS'!$A$2:$F$4852,5,FALSE)),\"VERIFICAR\"))","v":23.39},1.49]
["Insumo",43132,"SINAPI","ARAME RECOZIDO 16 BWG, D = 1,65 MM (0,016 KG/M) OU 18 BWG, D = 1,25 MM (0,01 KG/M)","Material","KG",2.5000000000000001E-2,{"$f":"IF(A2117=\"Composição Auxiliar\",VLOOKUP(B2117,'SINAPI COMPOSIÇÃO'!$A$2:$E$10256,4,FALSE),IF(A2117=\"Insumo\",IF(VLOOKUP(B2117,'SINAPI INSUMOS'!$A$2:$F$4852,5,FALSE)=OR(\"\",0),VLOOKUP(B2117,'SINAPI INSUMOS'!$A$2:$F$4852,6,FALSE),VLOOKUP(B2117,'SINAPI INSUMOS'!$A$2:$F$4852,5,FALSE)),\"VERIFICAR\"))","v":27},0.67]
["Insumo",39017,"SINAPI","ESPACADOR / DISTANCIADOR CIRCULAR COM ENTRADA LATERAL, EM PLASTICO, PARA VERGALHAO *4,2 A 12,5* MM, COBRIMENTO 20 MM","Material","UN",0.81899999999999995,{"$f":"IF(A2118=\"Composição Auxiliar\",VLOOKUP(B2118,'SINAPI COMPOSIÇÃO'!$A$2:$E$10256,4,FALSE),IF(A2118=\"Insumo\",IF(VLOOKUP(B2118,'SINAPI INSUMOS'!$A$2:$F$4852,5,FALSE)=OR(\"\",0),VLOOKUP(B2118,'SINAPI INSUMOS'!$A$2:$F$4852,6,FALSE),VLOOKUP(B2118,'SINAPI INSUMOS'!$A$2:$F$4852,5,FALSE)),\"VERIFICAR\"))","v":0.22},0.18]
[]
[" 16.3.5 ","Código","Banco","Descrição","Tipo","Und","Quant.","Valor Unit","Total"]
["Composição"," 11ª SR - COMP. 30 ","Próprio","CONCRETAGEM DE SAPATA, FCK 25 MPA, COM USO DE BOMBA - LANÇAMENTO, ADENSAMENTO E ACABAMENTO. AF_01/2024","FUES - FUNDAÇÕES E ESTRUTURAS","m³",1,{"$f":"I2121","v":1186.0999999999999},{"$f":"SUM(I2122:I2126)","v":1186.0999999999999}]
["Composição Auxiliar",90586,"SINAPI","VIBRADOR DE IMERSÃO, DIÂMETRO DE PONTEIRA 45MM, MOTOR ELÉTRICO TRIFÁSICO POTÊNCIA DE 2 CV - CHP DIURNO. AF_06/2015","Custos Horários Produtivo e Improdutivo dos Equipamentos","CHP",0.161,{"$f":"IF(A2122=\"Composição Auxiliar\",VLOOKUP(B2122,'SINAPI COMPOSIÇÃO'!$A$2:$E$10256,4,FALSE),IF(A2122=\"Insumo\",IF(VLOOKUP(B2122,'SINAPI INSUMOS'!$A$2:$F$4852,5,FALSE)=OR(\"\",0),VLOOKUP(B2122,'SINAPI INSUMOS'!$A$2:$F$4852,6,FALSE),VLOOKUP(B2122,'SINAPI INSUMOS'!$A$2:$F$4852,5,FALSE)),\"VERIFICAR\"))","v":1.49},{"$f":"TRUNC(G2122*H2122,2)","v":0.23}]
["Composição Auxiliar",88316,"SINAPI","SERVENTE COM ENCARGOS COMPLEMENTARES","Livro SINAPI: Cálculos e Parâmetros","H",0.88100000000000001,{"$f":"IF(A2123=\"Composição Auxiliar\",VLOOKUP(B2123,'SINAPI COMPOSIÇÃO'!$A$2:$E$10256,4,FALSE),IF(A2123=\"Insumo\",IF(VLOOKUP(B2123,'SINAPI INSUMOS'!$A$2:$F$4852,5,FALSE)=OR(\"\",0),VLOOKUP(B2123,'SINAPI INSUMOS'!$A$2:$F$4852,6,FALSE),VLOOKUP(B2123,'SINAPI INSUMOS'!$A$2:$F$4852,5,FALSE)),\"VERIFICAR\"))","v":21.32},18.78]
["Composição Auxiliar",88309,"SINAPI","PEDREIRO COM ENCARGOS COMPLEMENTARES","Livro SINAPI: Cálculos e Parâmetros","H",0.58699999999999997,{"$f":"IF(A2124=\"Composição Auxiliar\",VLOOKUP(B2124,'SINAPI COMPOSIÇÃO'!$A$2:$E$10256,4,FALSE),IF(A2124=\"Insumo\",IF(VLOOKUP(B2124,'SINAPI INSUMOS'!$A$2:$F$4852,5,FALSE)=OR(\"\",0),VLOOKUP(B2124,'SINAPI INSUMOS'!$A$2:$F$4852,6,FALSE),VLOOKUP(B2124,'SINAPI INSUMOS'!$A$2:$F$4852,5,FALSE)),\"VERIFICAR\"))","v":27.58},16.18]
["Composição Auxiliar",90587,"SINAPI","VIBRADOR DE IMERSÃO, DIÂMETRO DE PONTEIRA 45MM, MOTOR ELÉTRICO TRIFÁSICO POTÊNCIA DE 2 CV - CHI DIURNO. AF_06/2015","Custos Horários Produtivo e Improdutivo dos Equipamentos","CHI",0.13300000000000001,{"$f":"IF(A2125=\"Composição Auxiliar\",VLOOKUP(B2125,'SINAPI COMPOSIÇÃO'!$A$2:$E$10256,4,FALSE),IF(A2125=\"Insumo\",IF(VLOOKUP(B2125,'SINAPI INSUMOS'!$A$2:$F$4852,5,FALSE)=OR(\"\",0),VLOOKUP(B2125,'SINAPI INSUMOS'!$A$2:$F$4852,6,FALSE),VLOOKUP(B2125,'SINAPI INSUMOS'!$A$2:$F$4852,5,FALSE)),\"VERIFICAR\"))","v":0.57999999999999996},7.0000000000000007E-2]
["Insumo",1527,"SINAPI","CONCRETO USINADO BOMBEAVEL, CLASSE DE RESISTENCIA C25, BRITA 0 E 1, SLUMP = 100 +/- 20 MM, COM BOMBEAMENTO (DISPONIBILIZACAO DE BOMBA), SEM O LANCAMENTO (NBR 8953)","Material","m³",1.26,{"$f":"IF(A2126=\"Composição Auxiliar\",VLOOKUP(B2126,'SINAPI COMPOSIÇÃO'!$A$2:$E$10256,4,FALSE),IF(A2126=\"Insumo\",IF(VLOOKUP(B2126,'SINAPI INSUMOS'!$A$2:$F$4852,5,FALSE)=OR(\"\",0),VLOOKUP(B2126,'SINAPI INSUMOS'!$A$2:$F$4852,6,FALSE),VLOOKUP(B2126,'SINAPI INSUMOS'!$A$2:$F$4852,5,FALSE)),\"VERIFICAR\"))","v":913.37},1150.8399999999999]
[]
[" 16.4 ",null,null,"SUPERESTRUTURA"]
[" 16.4.1 ","Código","Banco","Descrição","Tipo","Und","Quant.","Valor Unit","Total"]
["Composição",92265,"SINAPI","FABRICAÇÃO DE FÔRMA PARA VIGAS, EM CHAPA DE MADEIRA COMPENSADA RESINADA, E = 17 MM. AF_09/2020","Fôrmas para Estruturas de Concreto Armado","m²",1,{"$f":"I2130","v":139.71},{"$f":"SUM(I2131:I2138)","v":139.71}]
["Composição Auxiliar",91693,"SINAPI","SERRA CIRCULAR DE BANCADA COM MOTOR ELÉTRICO POTÊNCIA DE 5HP, COM COIFA PARA DISCO 10\" - CHI DIURNO. AF_08/2015","Custos Horários Produtivo e Improdutivo dos Equipamentos","CHI",0.23699999999999999,{"$f":"IF(A2131=\"Composição Auxiliar\",VLOOKUP(B2131,'SINAPI COMPOSIÇÃO'!$A$2:$E$10256,4,FALSE),IF(A2131=\"Insumo\",IF(VLOOKUP(B2131,'SINAPI INSUMOS'!$A$2:$F$4852,5,FALSE)=OR(\"\",0),VLOOKUP(B2131,'SINAPI INSUMOS'!$A$2:$F$4852,6,FALSE),VLOOKUP(B2131,'SINAPI INSUMOS'!$A$2:$F$4852,5,FALSE)),\"VERIFICAR\"))","v":36.14},{"$f":"TRUNC(G2131*H2131,2)","v":8.56}]
["Composição Auxiliar",88239,"SINAPI","AJUDANTE DE CARPINTEIRO COM ENCARGOS COMPLEMENTARES","Livro SINAPI: Cálculos e Parâmetros","H",0.20200000000000001,{"$f":"IF(A2132=\"Composição Auxiliar\",VLOOKUP(B2132,'SINAPI COMPOSIÇÃO'!$A$2:$E$10256,4,FALSE),IF(A2132=\"Insumo\",IF(VLOOKUP(B2132,'SINAPI INSUMOS'!$A$2:$F$4852,5,FALSE)=OR(\"\",0),VLOOKUP(B2132,'SINAPI INSUMOS'!$A$2:$F$4852,6,FALSE),VLOOKUP(B2132,'SINAPI INSUMOS'!$A$2:$F$4852,5,FALSE)),\"VERIFICAR\"))","v":23.07},4.66]
["Composição Auxiliar",88262,"SINAPI","CARPINTEIRO DE FORMAS COM ENCARGOS COMPLEMENTARES","Livro SINAPI: Cálculos e Parâmetros","H",0.91100000000000003,{"$f":"IF(A2133=\"Composição Auxiliar\",VLOOKUP(B2133,'SINAPI COMPOSIÇÃO'!$A$2:$E$10256,4,FALSE),IF(A2133=\"Insumo\",IF(VLOOKUP(B2133,'SINAPI INSUMOS'!$A$2:$F$4852,5,FALSE)=OR(\"\",0),VLOOKUP(B2133,'SINAPI INSUMOS'!$A$2:$F$4852,6,FALSE),VLOOKUP(B2133,'SINAPI INSUMOS'!$A$2:$F$4852,5,FALSE)),\"VERIFICAR\"))","v":26.98},24.57]
["Composição Auxiliar",91692,"SINAPI","SERRA CIRCULAR DE BANCADA COM MOTOR ELÉTRICO POTÊNCIA DE 5HP, COM COIFA PARA DISCO 10\" - CHP DIURNO. AF_08/2015","Custos Horários Produtivo e Improdutivo dos Equipamentos","CHP",0.05,{"$f":"IF(A2134=\"Composição Auxiliar\",VLOOKUP(B2134,'SINAPI COMPOSIÇÃO'!$A$2:$E$10256,4,FALSE),IF(A2134=\"Insumo\",IF(VLOOKUP(B2134,'SINAPI INSUMOS'!$A$2:$F$4852,5,FALSE)=OR(\"\",0),VLOOKUP(B2134,'SINAPI INSUMOS'!$A$2:$F$4852,6,FALSE),VLOOKUP(B2134,'SINAPI INSUMOS'!$A$2:$F$4852,5,FALSE)),\"VERIFICAR\"))","v":37.6},1.88]
["Insumo",5068,"SINAPI","PREGO DE ACO POLIDO COM CABECA 17 X 21 (2 X 11)","Material","KG",0.159,{"$f":"IF(A2135=\"Composição Auxiliar\",VLOOKUP(B2135,'SINAPI COMPOSIÇÃO'!$A$2:$E$10256,4,FALSE),IF(A2135=\"Insumo\",IF(VLOOKUP(B2135,'SINAPI INSUMOS'!$A$2:$F$4852,5,FALSE)=OR(\"\",0),VLOOKUP(B2135,'SINAPI INSUMOS'!$A$2:$F$4852,6,FALSE),VLOOKUP(B2135,'SINAPI INSUMOS'!$A$2:$F$4852,5,FALSE)),\"VERIFICAR\"))","v":15.86},2.52]
["Insumo",4517,"SINAPI","SARRAFO *2,5 X 7,5* CM EM PINUS, MISTA OU EQUIVALENTE DA REGIAO - BRUTA","Material","M",6.952,{"$f":"IF(A2136=\"Composição Auxiliar\",VLOOKUP(B2136,'SINAPI COMPOSIÇÃO'!$A$2:$E$10256,4,FALSE),IF(A2136=\"Insumo\",IF(VLOOKUP(B2136,'SINAPI INSUMOS'!$A$2:$F$4852,5,FALSE)=OR(\"\",0),VLOOKUP(B2136,'SINAPI INSUMOS'!$A$2:$F$4852,6,FALSE),VLOOKUP(B2136,'SINAPI INSUMOS'!$A$2:$F$4852,5,FALSE)),\"VERIFICAR\"))","v":3.52},24.47]
["Insumo",1358,"SINAPI","CHAPA/PAINEL DE MADEIRA COMPENSADA RESINADA (MADEIRITE RESINADO ROSA) PARA FORMA DE CONCRETO, DE 2200 X 1100 MM, E = 17 MM","Material","m²",1.1459999999999999,{"$f":"IF(A2137=\"Composição Auxiliar\",VLOOKUP(B2137,'SINAPI COMPOSIÇÃO'!$A$2:$E$10256,4,FALSE),IF(A2137=\"Insumo\",IF(VLOOKUP(B2137,'SINAPI INSUMOS'!$A$2:$F$4852,5,FALSE)=OR(\"\",0),VLOOKUP(B2137,'SINAPI INSUMOS'!$A$2:$F$4852,6,FALSE),VLOOKUP(B2137,'SINAPI INSUMOS'!$A$2:$F$4852,5,FALSE)),\"VERIFICAR\"))","v":62.3},71.39]
["Insumo",4491,"SINAPI","PONTALETE *7,5 X 7,5* CM EM PINUS, MISTA OU EQUIVALENTE DA REGIAO - BRUTA","Material","M",0.16600000000000001,{"$f":"IF(A2138=\"Composição Auxiliar\",VLOOKUP(B2138,'SINAPI COMPOSIÇÃO'!$A$2:$E$10256,4,FALSE),IF(A2138=\"Insumo\",IF(VLOOKUP(B2138,'SINAPI INSUMOS'!$A$2:$F$4852,5,FALSE)=OR(\"\",0),VLOOKUP(B2138,'SINAPI INSUMOS'!$A$2:$F$4852,6,FALSE),VLOOKUP(B2138,'SINAPI INSUMOS'!$A$2:$F$4852,5,FALSE)),\"VERIFICAR\"))","v":10.050000000000001},1.66]
[]
[" 16.4.2 ","Código","Banco","Descrição","Tipo","Und","Quant.","Valor Unit","Total"]
["Composição",92761,"SINAPI","ARMAÇÃO DE PILAR OU VIGA DE ESTRUTURA CONVENCIONAL DE CONCRETO ARMADO UTILIZANDO AÇO CA-50 DE 8,0 MM - MONTAGEM. AF_06/2022","Armação para Estruturas de Concreto Armado","KG",1,{"$f":"I2141","v":13.51},{"$f":"SUM(I2142:I2146)","v":13.51}]
["Composição Auxiliar",92802,"SINAPI","CORTE E DOBRA DE AÇO CA-50, DIÂMETRO DE 8,0 MM. AF_06/2022","Armação para Estruturas de Concreto Armado","KG",1,{"$f":"IF(A2142=\"Composição Auxiliar\",VLOOKUP(B2142,'SINAPI COMPOSIÇÃO'!$A$2:$E$10256,4,FALSE),IF(A2142=\"Insumo\",IF(VLOOKUP(B2142,'SINAPI INSUMOS'!$A$2:$F$4852,5,FALSE)=OR(\"\",0),VLOOKUP(B2142,'SINAPI INSUMOS'!$A$2:$F$4852,6,FALSE),VLOOKUP(B2142,'SINAPI INSUMOS'!$A$2:$F$4852,5,FALSE)),\"VERIFICAR\"))","v":10.94},{"$f":"TRUNC(G2142*H2142,2)","v":10.94}]
["Composição Auxiliar",88245,"SINAPI","ARMADOR COM ENCARGOS COMPLEMENTARES","Livro SINAPI: Cálculos e Parâmetros","H",5.6099999999999997E-2,{"$f":"IF(A2143=\"Composição Auxiliar\",VLOOKUP(B2143,'SINAPI COMPOSIÇÃO'!$A$2:$E$10256,4,FALSE),IF(A2143=\"Insumo\",IF(VLOOKUP(B2143,'SINAPI INSUMOS'!$A$2:$F$4852,5,FALSE)=OR(\"\",0),VLOOKUP(B2143,'SINAPI INSUMOS'!$A$2:$F$4852,6,FALSE),VLOOKUP(B2143,'SINAPI INSUMOS'!$A$2:$F$4852,5,FALSE)),\"VERIFICAR\"))","v":27.36},1.53]
["Composição Auxiliar",88238,"SINAPI","AJUDANTE DE ARMADOR COM ENCARGOS COMPLEMENTARES","Livro SINAPI: Cálculos e Parâmetros","H",9.1999999999999998E-3,{"$f":"IF(A2144=\"Composição Auxiliar\",VLOOKUP(B2144,'SINAPI COMPOSIÇÃO'!$A$2:$E$10256,4,FALSE),IF(A2144=\"Insumo\",IF(VLOOKUP(B2144,'SINAPI INSUMOS'!$A$2:$F$4852,5,FALSE)=OR(\"\",0),VLOOKUP(B2144,'SINAPI INSUMOS'!$A$2:$F$4852,6,FALSE),VLOOKUP(B2144,'SINAPI INSUMOS'!$A$2:$F$4852,5,FALSE)),\"VERIFICAR\"))","v":23.39},0.21]
["Insumo",43132,"SINAPI","ARAME RECOZIDO 16 BWG, D = 1,65 MM (0,016 KG/M) OU 18 BWG, D = 1,25 MM (0,01 KG/M)","Material","KG",2.5000000000000001E-2,{"$f":"IF(A2145=\"Composição Auxiliar\",VLOOKUP(B2145,'SINAPI COMPOSIÇÃO'!$A$2:$E$10256,4,FALSE),IF(A2145=\"Insumo\",IF(VLOOKUP(B2145,'SINAPI INSUMOS'!$A$2:$F$4852,5,FALSE)=OR(\"\",0),VLOOKUP(B2145,'SINAPI INSUMOS'!$A$2:$F$4852,6,FALSE),VLOOKUP(B2145,'SINAPI INSUMOS'!$A$2:$F$4852,5,FALSE)),\"VERIFICAR\"))","v":27},0.67]
["Insumo",39017,"SINAPI","ESPACADOR / DISTANCIADOR CIRCULAR COM ENTRADA LATERAL, EM PLASTICO, PARA VERGALHAO *4,2 A 12,5* MM, COBRIMENTO 20 MM","Material","UN",0.74299999999999999,{"$f":"IF(A2146=\"Composição Auxiliar\",VLOOKUP(B2146,'SINAPI COMPOSIÇÃO'!$A$2:$E$10256,4,FALSE),IF(A2146=\"Insumo\",IF(VLOOKUP(B2146,'SINAPI INSUMOS'!$A$2:$F$4852,5,FALSE)=OR(\"\",0),VLOOKUP(B2146,'SINAPI INSUMOS'!$A$2:$F$4852,6,FALSE),VLOOKUP(B2146,'SINAPI INSUMOS'!$A$2:$F$4852,5,FALSE)),\"VERIFICAR\"))","v":0.22},0.16]
[]
[" 16.4.3 ","Código","Banco","Descrição","Tipo","Und","Quant.","Valor Unit","Total"]
["Composição",92762,"SINAPI","ARMAÇÃO DE PILAR OU VIGA DE ESTRUTURA CONVENCIONAL DE CONCRETO ARMADO UTILIZANDO AÇO CA-50 DE 10,0 MM - MONTAGEM. AF_06/2022","Armação para Estruturas de Concreto Armado","KG",1,{"$f":"I2149","v":12.089999999999998},{"$f":"SUM(I2150:I2154)","v":12.089999999999998}]
["Composição Auxiliar",88238,"SINAPI","AJUDANTE DE ARMADOR COM ENCARGOS COMPLEMENTARES","Livro SINAPI: Cálculos e Parâmetros","H",6.4000000000000003E-3,{"$f":"IF(A2150=\"Composição Auxiliar\",VLOOKUP(B2150,'SINAPI COMPOSIÇÃO'!$A$2:$E$10256,4,FALSE),IF(A2150=\"Insumo\",IF(VLOOKUP(B2150,'SINAPI INSUMOS'!$A$2:$F$4852,5,FALSE)=OR(\"\",0),VLOOKUP(B2150,'SINAPI INSUMOS'!$A$2:$F$4852,6,FALSE),VLOOKUP(B2150,'SINAPI INSUMOS'!$A$2:$F$4852,5,FALSE)),\"VERIFICAR\"))","v":23.39},{"$f":"TRUNC(G2150*H2150,2)","v":0.14000000000000001}]
["Composição Auxiliar",88245,"SINAPI","ARMADOR COM ENCARGOS COMPLEMENTARES","Livro SINAPI: Cálculos e Parâmetros","H",3.9199999999999999E-2,{"$f":"IF(A2151=\"Composição Auxiliar\",VLOOKUP(B2151,'SINAPI COMPOSIÇÃO'!$A$2:$E$10256,4,FALSE),IF(A2151=\"Insumo\",IF(VLOOKUP(B2151,'SINAPI INSUMOS'!$A$2:$F$4852,5,FALSE)=OR(\"\",0),VLOOKUP(B2151,'SINAPI INSUMOS'!$A$2:$F$4852,6,FALSE),VLOOKUP(B2151,'SINAPI INSUMOS'!$A$2:$F$4852,5,FALSE)),\"VERIFICAR\"))","v":27.36},1.07]
["Composição Auxiliar",92803,"SINAPI","CORTE E DOBRA DE AÇO CA-50, DIÂMETRO DE 10,0 MM. AF_06/2022","Armação para Estruturas de Concreto Armado","KG",1,{"$f":"IF(A2152=\"Composição Auxiliar\",VLOOKUP(B2152,'SINAPI COMPOSIÇÃO'!$A$2:$E$10256,4,FALSE),IF(A2152=\"Insumo\",IF(VLOOKUP(B2152,'SINAPI INSUMOS'!$A$2:$F$4852,5,FALSE)=OR(\"\",0),VLOOKUP(B2152,'SINAPI INSUMOS'!$A$2:$F$4852,6,FALSE),VLOOKUP(B2152,'SINAPI INSUMOS'!$A$2:$F$4852,5,FALSE)),\"VERIFICAR\"))","v":10.1},10.1]
["Insumo",43132,"SINAPI","ARAME RECOZIDO 16 BWG, D = 1,65 MM (0,016 KG/M) OU 18 BWG, D = 1,25 MM (0,01 KG/M)","Material","KG",2.5000000000000001E-2,{"$f":"IF(A2153=\"Composição Auxiliar\",VLOOKUP(B2153,'SINAPI COMPOSIÇÃO'!$A$2:$E$10256,4,FALSE),IF(A2153=\"Insumo\",IF(VLOOKUP(B2153,'SINAPI INSUMOS'!$A$2:$F$4852,5,FALSE)=OR(\"\",0),VLOOKUP(B2153,'SINAPI INSUMOS'!$A$2:$F$4852,6,FALSE),VLOOKUP(B2153,'SINAPI INSUMOS'!$A$2:$F$4852,5,FALSE)),\"VERIFICAR\"))","v":27},0.67]
["Insumo",39017,"SINAPI","ESPACADOR / DISTANCIADOR CIRCULAR COM ENTRADA LATERAL, EM PLASTICO, PARA VERGALHAO *4,2 A 12,5* MM, COBRIMENTO 20 MM","Material","UN",0.54300000000000004,{"$f":"IF(A2154=\"Composição Auxiliar\",VLOOKUP(B2154,'SINAPI COMPOSIÇÃO'!$A$2:$E$10256,4,FALSE),IF(A2154=\"Insumo\",IF(VLOOKUP(B2154,'SINAPI INSUMOS'!$A$2:$F$4852,5,FALSE)=OR(\"\",0),VLOOKUP(B2154,'SINAPI INSUMOS'!$A$2:$F$4852,6,FALSE),VLOOKUP(B2154,'SINAPI INSUMOS'!$A$2:$F$4852,5,FALSE)),\"VERIFICAR\"))","v":0.22},0.11]
[]
[" 16.4.4 ","Código","Banco","Descrição","Tipo","Und","Quant.","Valor Unit","Total"]
["Composição",92759,"SINAPI","ARMAÇÃO DE PILAR OU VIGA DE ESTRUTURA CONVENCIONAL DE CONCRETO ARMADO UTILIZANDO AÇO CA-60 DE 5,0 MM - MONTAGEM. AF_06/2022","Armação para Estruturas de Concreto Armado","KG",1,{"$f":"I2157","v":15.02},{"$f":"SUM(I2158:I2162)","v":15.02}]
["Composição Auxiliar",88245,"SINAPI","ARMADOR COM ENCARGOS COMPLEMENTARES","Livro SINAPI: Cálculos e Parâmetros","H",0.1069,{"$f":"IF(A2158=\"Composição Auxiliar\",VLOOKUP(B2158,'SINAPI COMPOSIÇÃO'!$A$2:$E$10256,4,FALSE),IF(A2158=\"Insumo\",IF(VLOOKUP(B2158,'SINAPI INSUMOS'!$A$2:$F$4852,5,FALSE)=OR(\"\",0),VLOOKUP(B2158,'SINAPI INSUMOS'!$A$2:$F$4852,6,FALSE),VLOOKUP(B2158,'SINAPI INSUMOS'!$A$2:$F$4852,5,FALSE)),\"VERIFICAR\"))","v":27.36},{"$f":"TRUNC(G2158*H2158,2)","v":2.92}]
["Composição Auxiliar",88238,"SINAPI","AJUDANTE DE ARMADOR COM ENCARGOS COMPLEMENTARES","Livro SINAPI: Cálculos e Parâmetros","H",1.7500000000000002E-2,{"$f":"IF(A2159=\"Composição Auxiliar\",VLOOKUP(B2159,'SINAPI COMPOSIÇÃO'!$A$2:$E$10256,4,FALSE),IF(A2159=\"Insumo\",IF(VLOOKUP(B2159,'SINAPI INSUMOS'!$A$2:$F$4852,5,FALSE)=OR(\"\",0),VLOOKUP(B2159,'SINAPI INSUMOS'!$A$2:$F$4852,6,FALSE),VLOOKUP(B2159,'SINAPI INSUMOS'!$A$2:$F$4852,5,FALSE)),\"VERIFICAR\"))","v":23.39},0.4]
["Composição Auxiliar",92800,"SINAPI","CORTE E DOBRA DE AÇO CA-60, DIÂMETRO DE 5,0 MM. AF_06/2022","Armação para Estruturas de Concreto Armado","KG",1,{"$f":"IF(A2160=\"Composição Auxiliar\",VLOOKUP(B2160,'SINAPI COMPOSIÇÃO'!$A$2:$E$10256,4,FALSE),IF(A2160=\"Insumo\",IF(VLOOKUP(B2160,'SINAPI INSUMOS'!$A$2:$F$4852,5,FALSE)=OR(\"\",0),VLOOKUP(B2160,'SINAPI INSUMOS'!$A$2:$F$4852,6,FALSE),VLOOKUP(B2160,'SINAPI INSUMOS'!$A$2:$F$4852,5,FALSE)),\"VERIFICAR\"))","v":10.77},10.77]
["Insumo",43132,"SINAPI","ARAME RECOZIDO 16 BWG, D = 1,65 MM (0,016 KG/M) OU 18 BWG, D = 1,25 MM (0,01 KG/M)","Material","KG",2.5000000000000001E-2,{"$f":"IF(A2161=\"Composição Auxiliar\",VLOOKUP(B2161,'SINAPI COMPOSIÇÃO'!$A$2:$E$10256,4,FALSE),IF(A2161=\"Insumo\",IF(VLOOKUP(B2161,'SINAPI INSUMOS'!$A$2:$F$4852,5,FALSE)=OR(\"\",0),VLOOKUP(B2161,'SINAPI INSUMOS'!$A$2:$F$4852,6,FALSE),VLOOKUP(B2161,'SINAPI INSUMOS'!$A$2:$F$4852,5,FALSE)),\"VERIFICAR\"))","v":27},0.67]
["Insumo",39017,"SINAPI","ESPACADOR / DISTANCIADOR CIRCULAR COM ENTRADA LATERAL, EM PLASTICO, PARA VERGALHAO *4,2 A 12,5* MM, COBRIMENTO 20 MM","Material","UN",1.19,{"$f":"IF(A2162=\"Composição Auxiliar\",VLOOKUP(B2162,'SINAPI COMPOSIÇÃO'!$A$2:$E$10256,4,FALSE),IF(A2162=\"Insumo\",IF(VLOOKUP(B2162,'SINAPI INSUMOS'!$A$2:$F$4852,5,FALSE)=OR(\"\",0),VLOOKUP(B2162,'SINAPI INSUMOS'!$A$2:$F$4852,6,FALSE),VLOOKUP(B2162,'SINAPI INSUMOS'!$A$2:$F$4852,5,FALSE)),\"VERIFICAR\"))","v":0.22},0.26]
[]
[" 16.4.5 ","Código","Banco","Descrição","Tipo","Und","Quant.","Valor Unit","Total"]
["Composição",40338,"SBC","CIMBRAMENTO METALICO","ESTRUTURA","M3/M",1,{"$f":"I2165","v":23.950000000000003},{"$f":"SUM(I2166:I2168)","v":23.950000000000003}]
["Insumo",872,"SBC","GASTALHO PARA VIGAS DE ANCORAGEM","Material","MES",0.48,4.05,{"$f":"TRUNC(G2166*H2166,2)","v":1.94}]
["Insumo",99450,"SBC","AJUDANTE ESPECIALIZADO","Mão de Obra","H",0.33,16.14,5.32]
["Insumo",862,"SBC","PONTALETE (ESCORA) METALICO ATE 3,20m","Material","UN/MES",0.65200000000000002,25.61,16.690000000000001]
[]
[" 16.4.6 ","Código","Banco","Descrição","Tipo","Und","Quant.","Valor Unit","Total"]
["Composição",103672,"SINAPI","CONCRETAGEM DE PILARES, FCK = 25 MPA, COM USO DE BOMBA - LANÇAMENTO, ADENSAMENTO E ACABAMENTO. AF_02/2022_PS","Concretagem para Estruturas de Concreto Armado","m³",1,{"$f":"I2171","v":1048.53},{"$f":"SUM(I2172:I2177)","v":1048.53}]
["Composição Auxiliar",88316,"SINAPI","SERVENTE COM ENCARGOS COMPLEMENTARES","Livro SINAPI: Cálculos e Parâmetros","H",1.345,{"$f":"IF(A2172=\"Composição Auxiliar\",VLOOKUP(B2172,'SINAPI COMPOSIÇÃO'!$A$2:$E$10256,4,FALSE),IF(A2172=\"Insumo\",IF(VLOOKUP(B2172,'SINAPI INSUMOS'!$A$2:$F$4852,5,FALSE)=OR(\"\",0),VLOOKUP(B2172,'SINAPI INSUMOS'!$A$2:$F$4852,6,FALSE),VLOOKUP(B2172,'SINAPI INSUMOS'!$A$2:$F$4852,5,FALSE)),\"VERIFICAR\"))","v":21.32},{"$f":"TRUNC(G2172*H2172,2)","v":28.67}]
["Composição Auxiliar",88262,"SINAPI","CARPINTEIRO DE FORMAS COM ENCARGOS COMPLEMENTARES","Livro SINAPI: Cálculos e Parâmetros","H",0.224,{"$f":"IF(A2173=\"Composição Auxiliar\",VLOOKUP(B2173,'SINAPI COMPOSIÇÃO'!$A$2:$E$10256,4,FALSE),IF(A2173=\"Insumo\",IF(VLOOKUP(B2173,'SINAPI INSUMOS'!$A$2:$F$4852,5,FALSE)=OR(\"\",0),VLOOKUP(B2173,'SINAPI INSUMOS'!$A$2:$F$4852,6,FALSE),VLOOKUP(B2173,'SINAPI INSUMOS'!$A$2:$F$4852,5,FALSE)),\"VERIFICAR\"))","v":26.98},6.04]
["Composição Auxiliar",90587,"SINAPI","VIBRADOR DE IMERSÃO, DIÂMETRO DE PONTEIRA 45MM, MOTOR ELÉTRICO TRIFÁSICO POTÊNCIA DE 2 CV - CHI DIURNO. AF_06/2015","Custos Horários Produtivo e Improdutivo dos Equipamentos","CHI",0.13,{"$f":"IF(A2174=\"Composição Auxiliar\",VLOOKUP(B2174,'SINAPI COMPOSIÇÃO'!$A$2:$E$10256,4,FALSE),IF(A2174=\"Insumo\",IF(VLOOKUP(B2174,'SINAPI INSUMOS'!$A$2:$F$4852,5,FALSE)=OR(\"\",0),VLOOKUP(B2174,'SINAPI INSUMOS'!$A$2:$F$4852,6,FALSE),VLOOKUP(B2174,'SINAPI INSUMOS'!$A$2:$F$4852,5,FALSE)),\"VERIFICAR\"))","v":0.57999999999999996},7.0000000000000007E-2]
["Composição Auxiliar",88309,"SINAPI","PEDREIRO COM ENCARGOS COMPLEMENTARES","Livro SINAPI: Cálculos e Parâmetros","H",0.224,{"$f":"IF(A2175=\"Composição Auxiliar\",VLOOKUP(B2175,'SINAPI COMPOSIÇÃO'!$A$2:$E$10256,4,FALSE),IF(A2175=\"Insumo\",IF(VLOOKUP(B2175,'SINAPI INSUMOS'!$A$2:$F$4852,5,FALSE)=OR(\"\",0),VLOOKUP(B2175,'SINAPI INSUMOS'!$A$2:$F$4852,6,FALSE),VLOOKUP(B2175,'SINAPI INSUMOS'!$A$2:$F$4852,5,FALSE)),\"VERIFICAR\"))","v":27.58},6.17]
["Composição Auxiliar",90586,"SINAPI","VIBRADOR DE IMERSÃO, DIÂMETRO DE PONTEIRA 45MM, MOTOR ELÉTRICO TRIFÁSICO POTÊNCIA DE 2 CV - CHP DIURNO. AF_06/2015","Custos Horários Produtivo e Improdutivo dos Equipamentos","CHP",9.4E-2,{"$f":"IF(A2176=\"Composição Auxiliar\",VLOOKUP(B2176,'SINAPI COMPOSIÇÃO'!$A$2:$E$10256,4,FALSE),IF(A2176=\"Insumo\",IF(VLOOKUP(B2176,'SINAPI INSUMOS'!$A$2:$F$4852,5,FALSE)=OR(\"\",0),VLOOKUP(B2176,'SINAPI INSUMOS'!$A$2:$F$4852,6,FALSE),VLOOKUP(B2176,'SINAPI INSUMOS'!$A$2:$F$4852,5,FALSE)),\"VERIFICAR\"))","v":1.49},0.14000000000000001]
["Insumo",1527,"SINAPI","CONCRETO USINADO BOMBEAVEL, CLASSE DE RESISTENCIA C25, BRITA 0 E 1, SLUMP = 100 +/- 20 MM, COM BOMBEAMENTO (DISPONIBILIZACAO DE BOMBA), SEM O LANCAMENTO (NBR 8953)","Material","m³",1.103,{"$f":"IF(A2177=\"Composição Auxiliar\",VLOOKUP(B2177,'SINAPI COMPOSIÇÃO'!$A$2:$E$10256,4,FALSE),IF(A2177=\"Insumo\",IF(VLOOKUP(B2177,'SINAPI INSUMOS'!$A$2:$F$4852,5,FALSE)=OR(\"\",0),VLOOKUP(B2177,'SINAPI INSUMOS'!$A$2:$F$4852,6,FALSE),VLOOKUP(B2177,'SINAPI INSUMOS'!$A$2:$F$4852,5,FALSE)),\"VERIFICAR\"))","v":913.37},1007.44]
[]
[" 16.5 ",null,null,"INSTALAÇÕES HIDRÁULICAS - ÁGUA"]
[" 16.5.1 ","Código","Banco","Descrição","Tipo","Und","Quant.","Valor Unit","Total"]
["Composição",89987,"SINAPI","REGISTRO DE GAVETA BRUTO, LATÃO, ROSCÁVEL, 3/4\", COM ACABAMENTO E CANOPLA CROMADOS - FORNECIMENTO E INSTALAÇÃO. AF_08/2021","Válvulas e Registros para Sistemas Prediais","UN",1,{"$f":"I2181","v":100.21},{"$f":"SUM(I2182:I2185)","v":100.21}]
["Composição Auxiliar",88248,"SINAPI","AUXILIAR DE ENCANADOR OU BOMBEIRO HIDRÁULICO COM ENCARGOS COMPLEMENTARES","Livro SINAPI: Cálculos e Parâmetros","H",0.22120000000000001,{"$f":"IF(A2182=\"Composição Auxiliar\",VLOOKUP(B2182,'SINAPI COMPOSIÇÃO'!$A$2:$E$10256,4,FALSE),IF(A2182=\"Insumo\",IF(VLOOKUP(B2182,'SINAPI INSUMOS'!$A$2:$F$4852,5,FALSE)=OR(\"\",0),VLOOKUP(B2182,'SINAPI INSUMOS'!$A$2:$F$4852,6,FALSE),VLOOKUP(B2182,'SINAPI INSUMOS'!$A$2:$F$4852,5,FALSE)),\"VERIFICAR\"))","v":23.01},{"$f":"TRUNC(G2182*H2182,2)","v":5.08}]
["Composição Auxiliar",88267,"SINAPI","ENCANADOR OU BOMBEIRO HIDRÁULICO COM ENCARGOS COMPLEMENTARES","Livro SINAPI: Cálculos e Parâmetros","H",0.22120000000000001,{"$f":"IF(A2183=\"Composição Auxiliar\",VLOOKUP(B2183,'SINAPI COMPOSIÇÃO'!$A$2:$E$10256,4,FALSE),IF(A2183=\"Insumo\",IF(VLOOKUP(B2183,'SINAPI INSUMOS'!$A$2:$F$4852,5,FALSE)=OR(\"\",0),VLOOKUP(B2183,'SINAPI INSUMOS'!$A$2:$F$4852,6,FALSE),VLOOKUP(B2183,'SINAPI INSUMOS'!$A$2:$F$4852,5,FALSE)),\"VERIFICAR\"))","v":27.01},5.97]
["Insumo",6005,"SINAPI","REGISTRO GAVETA COM ACABAMENTO E CANOPLA CROMADOS, SIMPLES, BITOLA 3/4\"","Material","UN",1,{"$f":"IF(A2184=\"Composição Auxiliar\",VLOOKUP(B2184,'SINAPI COMPOSIÇÃO'!$A$2:$E$10256,4,FALSE),IF(A2184=\"Insumo\",IF(VLOOKUP(B2184,'SINAPI INSUMOS'!$A$2:$F$4852,5,FALSE)=OR(\"\",0),VLOOKUP(B2184,'SINAPI INSUMOS'!$A$2:$F$4852,6,FALSE),VLOOKUP(B2184,'SINAPI INSUMOS'!$A$2:$F$4852,5,FALSE)),\"VERIFICAR\"))","v":89},89]
["Insumo",3148,"SINAPI","FITA VEDA ROSCA, EM PTFE, ROLO DE 18 MM X 50 M (L X C)","Material","UN",1.06E-2,{"$f":"IF(A2185=\"Composição Auxiliar\",VLOOKUP(B2185,'SINAPI COMPOSIÇÃO'!$A$2:$E$10256,4,FALSE),IF(A2185=\"Insumo\",IF(VLOOKUP(B2185,'SINAPI INSUMOS'!$A$2:$F$4852,5,FALSE)=OR(\"\",0),VLOOKUP(B2185,'SINAPI INSUMOS'!$A$2:$F$4852,6,FALSE),VLOOKUP(B2185,'SINAPI INSUMOS'!$A$2:$F$4852,5,FALSE)),\"VERIFICAR\"))","v":15.3},0.16]
[]
[" 16.5.2 ","Código","Banco","Descrição","Tipo","Und","Quant.","Valor Unit","Total"]
["Composição",89355,"SINAPI","TUBO, PVC, SOLDÁVEL, DE 20MM, INSTALADO EM RAMAL OU SUB-RAMAL DE ÁGUA - FORNECIMENTO E INSTALAÇÃO. AF_06/2022","Instalações Prediais de Água Fria em PVC","M",1,{"$f":"I2188","v":20.32},{"$f":"SUM(I2189:I2192)","v":20.32}]
["Composição Auxiliar",88267,"SINAPI","ENCANADOR OU BOMBEIRO HIDRÁULICO COM ENCARGOS COMPLEMENTARES","Livro SINAPI: Cálculos e Parâmetros","H",0.32790000000000002,{"$f":"IF(A2189=\"Composição Auxiliar\",VLOOKUP(B2189,'SINAPI COMPOSIÇÃO'!$A$2:$E$10256,4,FALSE),IF(A2189=\"Insumo\",IF(VLOOKUP(B2189,'SINAPI INSUMOS'!$A$2:$F$4852,5,FALSE)=OR(\"\",0),VLOOKUP(B2189,'SINAPI INSUMOS'!$A$2:$F$4852,6,FALSE),VLOOKUP(B2189,'SINAPI INSUMOS'!$A$2:$F$4852,5,FALSE)),\"VERIFICAR\"))","v":27.01},{"$f":"TRUNC(G2189*H2189,2)","v":8.85}]
["Composição Auxiliar",88248,"SINAPI","AUXILIAR DE ENCANADOR OU BOMBEIRO HIDRÁULICO COM ENCARGOS COMPLEMENTARES","Livro SINAPI: Cálculos e Parâmetros","H",0.32790000000000002,{"$f":"IF(A2190=\"Composição Auxiliar\",VLOOKUP(B2190,'SINAPI COMPOSIÇÃO'!$A$2:$E$10256,4,FALSE),IF(A2190=\"Insumo\",IF(VLOOKUP(B2190,'SINAPI INSUMOS'!$A$2:$F$4852,5,FALSE)=OR(\"\",0),VLOOKUP(B2190,'SINAPI INSUMOS'!$A$2:$F$4852,6,FALSE),VLOOKUP(B2190,'SINAPI INSUMOS'!$A$2:$F$4852,5,FALSE)),\"VERIFICAR\"))","v":23.01},7.54]
["Insumo",9867,"SINAPI","TUBO PVC, SOLDAVEL, DE 20 MM, AGUA FRIA (NBR-5648)","Material","M",1.0492999999999999,{"$f":"IF(A2191=\"Composição Auxiliar\",VLOOKUP(B2191,'SINAPI COMPOSIÇÃO'!$A$2:$E$10256,4,FALSE),IF(A2191=\"Insumo\",IF(VLOOKUP(B2191,'SINAPI INSUMOS'!$A$2:$F$4852,5,FALSE)=OR(\"\",0),VLOOKUP(B2191,'SINAPI INSUMOS'!$A$2:$F$4852,6,FALSE),VLOOKUP(B2191,'SINAPI INSUMOS'!$A$2:$F$4852,5,FALSE)),\"VERIFICAR\"))","v":3.61},3.78]
["Insumo",38383,"SINAPI","LIXA D'AGUA EM FOLHA, COR PRETA, GRAO 100","Material","UN",7.6499999999999999E-2,{"$f":"IF(A2192=\"Composição Auxiliar\",VLOOKUP(B2192,'SINAPI COMPOSIÇÃO'!$A$2:$E$10256,4,FALSE),IF(A2192=\"Insumo\",IF(VLOOKUP(B2192,'SINAPI INSUMOS'!$A$2:$F$4852,5,FALSE)=OR(\"\",0),VLOOKUP(B2192,'SINAPI INSUMOS'!$A$2:$F$4852,6,FALSE),VLOOKUP(B2192,'SINAPI INSUMOS'!$A$2:$F$4852,5,FALSE)),\"VERIFICAR\"))","v":2},0.15]
[]
[" 16.5.3 ","Código","Banco","Descrição","Tipo","Und","Quant.","Valor Unit","Total"]
["Composição",89356,"SINAPI","TUBO, PVC, SOLDÁVEL, DE 25MM, INSTALADO EM RAMAL OU SUB-RAMAL DE ÁGUA - FORNECIMENTO E INSTALAÇÃO. AF_06/2022","Instalações Prediais de Água Fria em PVC","M",1,{"$f":"I2195","v":23.450000000000003},{"$f":"SUM(I2196:I2199)","v":23.450000000000003}]
["Composição Auxiliar",88267,"SINAPI","ENCANADOR OU BOMBEIRO HIDRÁULICO COM ENCARGOS COMPLEMENTARES","Livro SINAPI: Cálculos e Parâmetros","H",0.38,{"$f":"IF(A2196=\"Composição Auxiliar\",VLOOKUP(B2196,'SINAPI COMPOSIÇÃO'!$A$2:$E$10256,4,FALSE),IF(A2196=\"Insumo\",IF(VLOOKUP(B2196,'SINAPI INSUMOS'!$A$2:$F$4852,5,FALSE)=OR(\"\",0),VLOOKUP(B2196,'SINAPI INSUMOS'!$A$2:$F$4852,6,FALSE),VLOOKUP(B2196,'SINAPI INSUMOS'!$A$2:$F$4852,5,FALSE)),\"VERIFICAR\"))","v":27.01},{"$f":"TRUNC(G2196*H2196,2)","v":10.26}]
["Composição Auxiliar",88248,"SINAPI","AUXILIAR DE ENCANADOR OU BOMBEIRO HIDRÁULICO COM ENCARGOS COMPLEMENTARES","Livro SINAPI: Cálculos e Parâmetros","H",0.38,{"$f":"IF(A2197=\"Composição Auxiliar\",VLOOKUP(B2197,'SINAPI COMPOSIÇÃO'!$A$2:$E$10256,4,FALSE),IF(A2197=\"Insumo\",IF(VLOOKUP(B2197,'SINAPI INSUMOS'!$A$2:$F$4852,5,FALSE)=OR(\"\",0),VLOOKUP(B2197,'SINAPI INSUMOS'!$A$2:$F$4852,6,FALSE),VLOOKUP(B2197,'SINAPI INSUMOS'!$A$2:$F$4852,5,FALSE)),\"VERIFICAR\"))","v":23.01},8.74]
["Insumo",9868,"SINAPI","TUBO PVC, SOLDAVEL, DE 25 MM, AGUA FRIA (NBR-5648)","Material","M",1.0492999999999999,{"$f":"IF(A2198=\"Composição Auxiliar\",VLOOKUP(B2198,'SINAPI COMPOSIÇÃO'!$A$2:$E$10256,4,FALSE),IF(A2198=\"Insumo\",IF(VLOOKUP(B2198,'SINAPI INSUMOS'!$A$2:$F$4852,5,FALSE)=OR(\"\",0),VLOOKUP(B2198,'SINAPI INSUMOS'!$A$2:$F$4852,6,FALSE),VLOOKUP(B2198,'SINAPI INSUMOS'!$A$2:$F$4852,5,FALSE)),\"VERIFICAR\"))","v":4.08},4.28]
["Insumo",38383,"SINAPI","LIXA D'AGUA EM FOLHA, COR PRETA, GRAO 100","Material","UN",8.8599999999999998E-2,{"$f":"IF(A2199=\"Composição Auxiliar\",VLOOKUP(B2199,'SINAPI COMPOSIÇÃO'!$A$2:$E$10256,4,FALSE),IF(A2199=\"Insumo\",IF(VLOOKUP(B2199,'SINAPI INSUMOS'!$A$2:$F$4852,5,FALSE)=OR(\"\",0),VLOOKUP(B2199,'SINAPI INSUMOS'!$A$2:$F$4852,6,FALSE),VLOOKUP(B2199,'SINAPI INSUMOS'!$A$2:$F$4852,5,FALSE)),\"VERIFICAR\"))","v":2},0.17]
[]
[" 16.6 ",null,null,"INSTALAÇÕES HIDRÁULICAS - ESGOTO"]
[" 16.6.1 ","Código","Banco","Descrição","Tipo","Und","Quant.","Valor Unit","Total"]
["Composição",89709,"SINAPI","RALO SIFONADO, PVC, DN 100 X 40 MM, JUNTA SOLDÁVEL, FORNECIDO E INSTALADO EM RAMAL DE DESCARGA OU EM RAMAL DE ESGOTO SANITÁRIO. AF_08/2022","Instalações Prediais de Esgoto - Caixas e Ralos","UN",1,{"$f":"I2203","v":24.36},{"$f":"SUM(I2204:I2209)","v":24.36}]
["Composição Auxiliar",88267,"SINAPI","ENCANADOR OU BOMBEIRO HIDRÁULICO COM ENCARGOS COMPLEMENTARES","Livro SINAPI: Cálculos e Parâmetros","H",0.16520000000000001,{"$f":"IF(A2204=\"Composição Auxiliar\",VLOOKUP(B2204,'SINAPI COMPOSIÇÃO'!$A$2:$E$10256,4,FALSE),IF(A2204=\"Insumo\",IF(VLOOKUP(B2204,'SINAPI INSUMOS'!$A$2:$F$4852,5,FALSE)=OR(\"\",0),VLOOKUP(B2204,'SINAPI INSUMOS'!$A$2:$F$4852,6,FALSE),VLOOKUP(B2204,'SINAPI INSUMOS'!$A$2:$F$4852,5,FALSE)),\"VERIFICAR\"))","v":27.01},{"$f":"TRUNC(G2204*H2204,2)","v":4.46}]
["Composição Auxiliar",88248,"SINAPI","AUXILIAR DE ENCANADOR OU BOMBEIRO HIDRÁULICO COM ENCARGOS COMPLEMENTARES","Livro SINAPI: Cálculos e Parâmetros","H",0.16520000000000001,{"$f":"IF(A2205=\"Composição Auxiliar\",VLOOKUP(B2205,'SINAPI COMPOSIÇÃO'!$A$2:$E$10256,4,FALSE),IF(A2205=\"Insumo\",IF(VLOOKUP(B2205,'SINAPI INSUMOS'!$A$2:$F$4852,5,FALSE)=OR(\"\",0),VLOOKUP(B2205,'SINAPI INSUMOS'!$A$2:$F$4852,6,FALSE),VLOOKUP(B2205,'SINAPI INSUMOS'!$A$2:$F$4852,5,FALSE)),\"VERIFICAR\"))","v":23.01},3.8]
["Insumo",122,"SINAPI","ADESIVO PLASTICO PARA PVC, FRASCO COM *850* GR","Material","UN",4.8999999999999998E-3,{"$f":"IF(A2206=\"Composição Auxiliar\",VLOOKUP(B2206,'SINAPI COMPOSIÇÃO'!$A$2:$E$10256,4,FALSE),IF(A2206=\"Insumo\",IF(VLOOKUP(B2206,'SINAPI INSUMOS'!$A$2:$F$4852,5,FALSE)=OR(\"\",0),VLOOKUP(B2206,'SINAPI INSUMOS'!$A$2:$F$4852,6,FALSE),VLOOKUP(B2206,'SINAPI INSUMOS'!$A$2:$F$4852,5,FALSE)),\"VERIFICAR\"))","v":71.09},0.34]
["Insumo",38383,"SINAPI","LIXA D'AGUA EM FOLHA, COR PRETA, GRAO 100","Material","UN",3.5999999999999997E-2,{"$f":"IF(A2207=\"Composição Auxiliar\",VLOOKUP(B2207,'SINAPI COMPOSIÇÃO'!$A$2:$E$10256,4,FALSE),IF(A2207=\"Insumo\",IF(VLOOKUP(B2207,'SINAPI INSUMOS'!$A$2:$F$4852,5,FALSE)=OR(\"\",0),VLOOKUP(B2207,'SINAPI INSUMOS'!$A$2:$F$4852,6,FALSE),VLOOKUP(B2207,'SINAPI INSUMOS'!$A$2:$F$4852,5,FALSE)),\"VERIFICAR\"))","v":2},7.0000000000000007E-2]
["Insumo",11741,"SINAPI","RALO SIFONADO CILINDRICO, PVC, 100 X 40 MM, COM GRELHA REDONDA BRANCA","Material","UN",1,{"$f":"IF(A2208=\"Composição Auxiliar\",VLOOKUP(B2208,'SINAPI COMPOSIÇÃO'!$A$2:$E$10256,4,FALSE),IF(A2208=\"Insumo\",IF(VLOOKUP(B2208,'SINAPI INSUMOS'!$A$2:$F$4852,5,FALSE)=OR(\"\",0),VLOOKUP(B2208,'SINAPI INSUMOS'!$A$2:$F$4852,6,FALSE),VLOOKUP(B2208,'SINAPI INSUMOS'!$A$2:$F$4852,5,FALSE)),\"VERIFICAR\"))","v":15.09},15.09]
["Insumo",20083,"SINAPI","SOLUCAO PREPARADORA / LIMPADORA PARA PVC, FRASCO COM 1000 CM3","Material","UN",7.4999999999999997E-3,{"$f":"IF(A2209=\"Composição Auxiliar\",VLOOKUP(B2209,'SINAPI COMPOSIÇÃO'!$A$2:$E$10256,4,FALSE),IF(A2209=\"Insumo\",IF(VLOOKUP(B2209,'SINAPI INSUMOS'!$A$2:$F$4852,5,FALSE)=OR(\"\",0),VLOOKUP(B2209,'SINAPI INSUMOS'!$A$2:$F$4852,6,FALSE),VLOOKUP(B2209,'SINAPI INSUMOS'!$A$2:$F$4852,5,FALSE)),\"VERIFICAR\"))","v":80.55},0.6]
[]
[" 16.6.2 ","Código","Banco","Descrição","Tipo","Und","Quant.","Valor Unit","Total"]
["Composição",89711,"SINAPI","TUBO PVC, SERIE NORMAL, ESGOTO PREDIAL, DN 40 MM, FORNECIDO E INSTALADO EM RAMAL DE DESCARGA OU RAMAL DE ESGOTO SANITÁRIO. AF_08/2022","Instalações Prediais de Esgoto - Tubos e Conexões","M",1,{"$f":"I2212","v":20.05},{"$f":"SUM(I2213:I2216)","v":20.05}]
["Composição Auxiliar",88267,"SINAPI","ENCANADOR OU BOMBEIRO HIDRÁULICO COM ENCARGOS COMPLEMENTARES","Livro SINAPI: Cálculos e Parâmetros","H",0.29299999999999998,{"$f":"IF(A2213=\"Composição Auxiliar\",VLOOKUP(B2213,'SINAPI COMPOSIÇÃO'!$A$2:$E$10256,4,FALSE),IF(A2213=\"Insumo\",IF(VLOOKUP(B2213,'SINAPI INSUMOS'!$A$2:$F$4852,5,FALSE)=OR(\"\",0),VLOOKUP(B2213,'SINAPI INSUMOS'!$A$2:$F$4852,6,FALSE),VLOOKUP(B2213,'SINAPI INSUMOS'!$A$2:$F$4852,5,FALSE)),\"VERIFICAR\"))","v":27.01},{"$f":"TRUNC(G2213*H2213,2)","v":7.91}]
["Composição Auxiliar",88248,"SINAPI","AUXILIAR DE ENCANADOR OU BOMBEIRO HIDRÁULICO COM ENCARGOS COMPLEMENTARES","Livro SINAPI: Cálculos e Parâmetros","H",0.29299999999999998,{"$f":"IF(A2214=\"Composição Auxiliar\",VLOOKUP(B2214,'SINAPI COMPOSIÇÃO'!$A$2:$E$10256,4,FALSE),IF(A2214=\"Insumo\",IF(VLOOKUP(B2214,'SINAPI INSUMOS'!$A$2:$F$4852,5,FALSE)=OR(\"\",0),VLOOKUP(B2214,'SINAPI INSUMOS'!$A$2:$F$4852,6,FALSE),VLOOKUP(B2214,'SINAPI INSUMOS'!$A$2:$F$4852,5,FALSE)),\"VERIFICAR\"))","v":23.01},6.74]
["Insumo",38383,"SINAPI","LIXA D'AGUA EM FOLHA, COR PRETA, GRAO 100","Material","UN",1.6299999999999999E-2,{"$f":"IF(A2215=\"Composição Auxiliar\",VLOOKUP(B2215,'SINAPI COMPOSIÇÃO'!$A$2:$E$10256,4,FALSE),IF(A2215=\"Insumo\",IF(VLOOKUP(B2215,'SINAPI INSUMOS'!$A$2:$F$4852,5,FALSE)=OR(\"\",0),VLOOKUP(B2215,'SINAPI INSUMOS'!$A$2:$F$4852,6,FALSE),VLOOKUP(B2215,'SINAPI INSUMOS'!$A$2:$F$4852,5,FALSE)),\"VERIFICAR\"))","v":2},0.03]
["Insumo",9835,"SINAPI","TUBO PVC SERIE NORMAL, DN 40 MM, PARA ESGOTO PREDIAL (NBR 5688)","Material","M",1.0548999999999999,{"$f":"IF(A2216=\"Composição Auxiliar\",VLOOKUP(B2216,'SINAPI COMPOSIÇÃO'!$A$2:$E$10256,4,FALSE),IF(A2216=\"Insumo\",IF(VLOOKUP(B2216,'SINAPI INSUMOS'!$A$2:$F$4852,5,FALSE)=OR(\"\",0),VLOOKUP(B2216,'SINAPI INSUMOS'!$A$2:$F$4852,6,FALSE),VLOOKUP(B2216,'SINAPI INSUMOS'!$A$2:$F$4852,5,FALSE)),\"VERIFICAR\"))","v":5.0999999999999996},5.37]
[]
[" 16.6.3 ","Código","Banco","Descrição","Tipo","Und","Quant.","Valor Unit","Total"]
["Composição",89712,"SINAPI","TUBO PVC, SERIE NORMAL, ESGOTO PREDIAL, DN 50 MM, FORNECIDO E INSTALADO EM RAMAL DE DESCARGA OU RAMAL DE ESGOTO SANITÁRIO. AF_08/2022","Instalações Prediais de Esgoto - Tubos e Conexões","M",1,{"$f":"I2219","v":24.82},{"$f":"SUM(I2220:I2223)","v":24.82}]
["Composição Auxiliar",88248,"SINAPI","AUXILIAR DE ENCANADOR OU BOMBEIRO HIDRÁULICO COM ENCARGOS COMPLEMENTARES","Livro SINAPI: Cálculos e Parâmetros","H",0.31819999999999998,{"$f":"IF(A2220=\"Composição Auxiliar\",VLOOKUP(B2220,'SINAPI COMPOSIÇÃO'!$A$2:$E$10256,4,FALSE),IF(A2220=\"Insumo\",IF(VLOOKUP(B2220,'SINAPI INSUMOS'!$A$2:$F$4852,5,FALSE)=OR(\"\",0),VLOOKUP(B2220,'SINAPI INSUMOS'!$A$2:$F$4852,6,FALSE),VLOOKUP(B2220,'SINAPI INSUMOS'!$A$2:$F$4852,5,FALSE)),\"VERIFICAR\"))","v":23.01},{"$f":"TRUNC(G2220*H2220,2)","v":7.32}]
["Composição Auxiliar",88267,"SINAPI","ENCANADOR OU BOMBEIRO HIDRÁULICO COM ENCARGOS COMPLEMENTARES","Livro SINAPI: Cálculos e Parâmetros","H",0.31819999999999998,{"$f":"IF(A2221=\"Composição Auxiliar\",VLOOKUP(B2221,'SINAPI COMPOSIÇÃO'!$A$2:$E$10256,4,FALSE),IF(A2221=\"Insumo\",IF(VLOOKUP(B2221,'SINAPI INSUMOS'!$A$2:$F$4852,5,FALSE)=OR(\"\",0),VLOOKUP(B2221,'SINAPI INSUMOS'!$A$2:$F$4852,6,FALSE),VLOOKUP(B2221,'SINAPI INSUMOS'!$A$2:$F$4852,5,FALSE)),\"VERIFICAR\"))","v":27.01},8.59]
["Insumo",38383,"SINAPI","LIXA D'AGUA EM FOLHA, COR PRETA, GRAO 100","Material","UN",1.77E-2,{"$f":"IF(A2222=\"Composição Auxiliar\",VLOOKUP(B2222,'SINAPI COMPOSIÇÃO'!$A$2:$E$10256,4,FALSE),IF(A2222=\"Insumo\",IF(VLOOKUP(B2222,'SINAPI INSUMOS'!$A$2:$F$4852,5,FALSE)=OR(\"\",0),VLOOKUP(B2222,'SINAPI INSUMOS'!$A$2:$F$4852,6,FALSE),VLOOKUP(B2222,'SINAPI INSUMOS'!$A$2:$F$4852,5,FALSE)),\"VERIFICAR\"))","v":2},0.03]
["Insumo",9838,"SINAPI","TUBO PVC SERIE NORMAL, DN 50 MM, PARA ESGOTO PREDIAL (NBR 5688)","Material","M",1.0548999999999999,{"$f":"IF(A2223=\"Composição Auxiliar\",VLOOKUP(B2223,'SINAPI COMPOSIÇÃO'!$A$2:$E$10256,4,FALSE),IF(A2223=\"Insumo\",IF(VLOOKUP(B2223,'SINAPI INSUMOS'!$A$2:$F$4852,5,FALSE)=OR(\"\",0),VLOOKUP(B2223,'SINAPI INSUMOS'!$A$2:$F$4852,6,FALSE),VLOOKUP(B2223,'SINAPI INSUMOS'!$A$2:$F$4852,5,FALSE)),\"VERIFICAR\"))","v":8.42},8.8800000000000008]
[]
[" 16.6.4 ","Código","Banco","Descrição","Tipo","Und","Quant.","Valor Unit","Total"]
["Composição",89714,"SINAPI","TUBO PVC, SERIE NORMAL, ESGOTO PREDIAL, DN 100 MM, FORNECIDO E INSTALADO EM RAMAL DE DESCARGA OU RAMAL DE ESGOTO SANITÁRIO. AF_08/2022","Instalações Prediais de Esgoto - Tubos e Conexões","M",1,{"$f":"I2226","v":34.57},{"$f":"SUM(I2227:I2230)","v":34.57}]
["Composição Auxiliar",88267,"SINAPI","ENCANADOR OU BOMBEIRO HIDRÁULICO COM ENCARGOS COMPLEMENTARES","Livro SINAPI: Cálculos e Parâmetros","H",0.44440000000000002,{"$f":"IF(A2227=\"Composição Auxiliar\",VLOOKUP(B2227,'SINAPI COMPOSIÇÃO'!$A$2:$E$10256,4,FALSE),IF(A2227=\"Insumo\",IF(VLOOKUP(B2227,'SINAPI INSUMOS'!$A$2:$F$4852,5,FALSE)=OR(\"\",0),VLOOKUP(B2227,'SINAPI INSUMOS'!$A$2:$F$4852,6,FALSE),VLOOKUP(B2227,'SINAPI INSUMOS'!$A$2:$F$4852,5,FALSE)),\"VERIFICAR\"))","v":27.01},{"$f":"TRUNC(G2227*H2227,2)","v":12}]
["Composição Auxiliar",88248,"SINAPI","AUXILIAR DE ENCANADOR OU BOMBEIRO HIDRÁULICO COM ENCARGOS COMPLEMENTARES","Livro SINAPI: Cálculos e Parâmetros","H",0.44440000000000002,{"$f":"IF(A2228=\"Composição Auxiliar\",VLOOKUP(B2228,'SINAPI COMPOSIÇÃO'!$A$2:$E$10256,4,FALSE),IF(A2228=\"Insumo\",IF(VLOOKUP(B2228,'SINAPI INSUMOS'!$A$2:$F$4852,5,FALSE)=OR(\"\",0),VLOOKUP(B2228,'SINAPI INSUMOS'!$A$2:$F$4852,6,FALSE),VLOOKUP(B2228,'SINAPI INSUMOS'!$A$2:$F$4852,5,FALSE)),\"VERIFICAR\"))","v":23.01},10.220000000000001]
["Insumo",38383,"SINAPI","LIXA D'AGUA EM FOLHA, COR PRETA, GRAO 100","Material","UN",2.47E-2,{"$f":"IF(A2229=\"Composição Auxiliar\",VLOOKUP(B2229,'SINAPI COMPOSIÇÃO'!$A$2:$E$10256,4,FALSE),IF(A2229=\"Insumo\",IF(VLOOKUP(B2229,'SINAPI INSUMOS'!$A$2:$F$4852,5,FALSE)=OR(\"\",0),VLOOKUP(B2229,'SINAPI INSUMOS'!$A$2:$F$4852,6,FALSE),VLOOKUP(B2229,'SINAPI INSUMOS'!$A$2:$F$4852,5,FALSE)),\"VERIFICAR\"))","v":2},0.04]
["Insumo",9836,"SINAPI","TUBO PVC SERIE NORMAL, DN 100 MM, PARA ESGOTO PREDIAL (NBR 5688)","Material","M",1.0548999999999999,{"$f":"IF(A2230=\"Composição Auxiliar\",VLOOKUP(B2230,'SINAPI COMPOSIÇÃO'!$A$2:$E$10256,4,FALSE),IF(A2230=\"Insumo\",IF(VLOOKUP(B2230,'SINAPI INSUMOS'!$A$2:$F$4852,5,FALSE)=OR(\"\",0),VLOOKUP(B2230,'SINAPI INSUMOS'!$A$2:$F$4852,6,FALSE),VLOOKUP(B2230,'SINAPI INSUMOS'!$A$2:$F$4852,5,FALSE)),\"VERIFICAR\"))","v":11.67},12.31]
[]
[" 16.7 ",null,null,"INSTALAÇÕES HIDRÁULICAS - ÁGUAS PLUVIAIS"]
[" 16.7.1 ","Código","Banco","Descrição","Tipo","Und","Quant.","Valor Unit","Total"]
["Composição",54046,"SBC","RALO ABACAXI FERRO FUNDIDO 100mm","INSTALACOES HIDRAULICAS - AGUAS PLUVIAIS","UN",1,{"$f":"I2234","v":50.03},{"$f":"SUM(I2235:I2237)","v":50.03}]
["Insumo",99034,"SBC","AJUDANTE DE BOMBEIRO OU ENCANADOR","Mão de Obra","H",0.622,16.14,{"$f":"TRUNC(G2235*H2235,2)","v":10.029999999999999}]
["Insumo",99200,"SBC","BOMBEIRO OU ENCANADOR","Mão de Obra","H",0.622,21.11,13.13]
["Insumo",3694,"SBC","RALO ABACAXI FERRO FUNDIDO 100mm","Material","UN",1,26.87,26.87]
[]
[" 16.7.2 ","Código","Banco","Descrição","Tipo","Und","Quant.","Valor Unit","Total"]
["Composição",89578,"SINAPI","TUBO PVC, SÉRIE R, ÁGUA PLUVIAL, DN 100 MM, FORNECIDO E INSTALADO EM CONDUTORES VERTICAIS DE ÁGUAS PLUVIAIS. AF_06/2022","Instalações Prediais de Águas Pluviais - Tubos, Conexões, Caixas e Ralos","M",1,{"$f":"I2240","v":26.599999999999998},{"$f":"SUM(I2241:I2244)","v":26.599999999999998}]
["Composição Auxiliar",88267,"SINAPI","ENCANADOR OU BOMBEIRO HIDRÁULICO COM ENCARGOS COMPLEMENTARES","Livro SINAPI: Cálculos e Parâmetros","H",7.5800000000000006E-2,{"$f":"IF(A2241=\"Composição Auxiliar\",VLOOKUP(B2241,'SINAPI COMPOSIÇÃO'!$A$2:$E$10256,4,FALSE),IF(A2241=\"Insumo\",IF(VLOOKUP(B2241,'SINAPI INSUMOS'!$A$2:$F$4852,5,FALSE)=OR(\"\",0),VLOOKUP(B2241,'SINAPI INSUMOS'!$A$2:$F$4852,6,FALSE),VLOOKUP(B2241,'SINAPI INSUMOS'!$A$2:$F$4852,5,FALSE)),\"VERIFICAR\"))","v":27.01},{"$f":"TRUNC(G2241*H2241,2)","v":2.04}]
["Composição Auxiliar",88248,"SINAPI","AUXILIAR DE ENCANADOR OU BOMBEIRO HIDRÁULICO COM ENCARGOS COMPLEMENTARES","Livro SINAPI: Cálculos e Parâmetros","H",7.5800000000000006E-2,{"$f":"IF(A2242=\"Composição Auxiliar\",VLOOKUP(B2242,'SINAPI COMPOSIÇÃO'!$A$2:$E$10256,4,FALSE),IF(A2242=\"Insumo\",IF(VLOOKUP(B2242,'SINAPI INSUMOS'!$A$2:$F$4852,5,FALSE)=OR(\"\",0),VLOOKUP(B2242,'SINAPI INSUMOS'!$A$2:$F$4852,6,FALSE),VLOOKUP(B2242,'SINAPI INSUMOS'!$A$2:$F$4852,5,FALSE)),\"VERIFICAR\"))","v":23.01},1.74]
["Insumo",38383,"SINAPI","LIXA D'AGUA EM FOLHA, COR PRETA, GRAO 100","Material","UN",4.2000000000000003E-2,{"$f":"IF(A2243=\"Composição Auxiliar\",VLOOKUP(B2243,'SINAPI COMPOSIÇÃO'!$A$2:$E$10256,4,FALSE),IF(A2243=\"Insumo\",IF(VLOOKUP(B2243,'SINAPI INSUMOS'!$A$2:$F$4852,5,FALSE)=OR(\"\",0),VLOOKUP(B2243,'SINAPI INSUMOS'!$A$2:$F$4852,6,FALSE),VLOOKUP(B2243,'SINAPI INSUMOS'!$A$2:$F$4852,5,FALSE)),\"VERIFICAR\"))","v":2},0.08]
["Insumo",9841,"SINAPI","TUBO PVC, SERIE R, DN 100 MM, PARA ESGOTO OU AGUAS PLUVIAIS PREDIAL (NBR 5688)","Material","M",1.0353000000000001,{"$f":"IF(A2244=\"Composição Auxiliar\",VLOOKUP(B2244,'SINAPI COMPOSIÇÃO'!$A$2:$E$10256,4,FALSE),IF(A2244=\"Insumo\",IF(VLOOKUP(B2244,'SINAPI INSUMOS'!$A$2:$F$4852,5,FALSE)=OR(\"\",0),VLOOKUP(B2244,'SINAPI INSUMOS'!$A$2:$F$4852,6,FALSE),VLOOKUP(B2244,'SINAPI INSUMOS'!$A$2:$F$4852,5,FALSE)),\"VERIFICAR\"))","v":21.97},22.74]
[]
[" 16.7.3 ","Código","Banco","Descrição","Tipo","Und","Quant.","Valor Unit","Total"]
["Composição",101802,"SINAPI","CAIXA ENTERRADA RETENTORA DE AREIA RETANGULAR, EM ALVENARIA COM BLOCOS DE CONCRETO, DIMENSÕES INTERNAS: 1,00 X 1,00 X 1,20 M, EXCLUINDO TAMPÃO. AF_12/2020","Caixas Enterradas","UN",1,{"$f":"I2247","v":1982.7099999999996},{"$f":"SUM(I2248:I2265)","v":1982.7099999999996}]
["Composição Auxiliar",101616,"SINAPI","PREPARO DE FUNDO DE VALA COM LARGURA MENOR QUE 1,5 M (ACERTO DO SOLO NATURAL), EM LOCAL COM NÍVEL BAIXO DE INTERFERÊNCIA. AF_01/2026","Escoramento e Preparo de Fundo de Valas","m²",1.69,{"$f":"IF(A2248=\"Composição Auxiliar\",VLOOKUP(B2248,'SINAPI COMPOSIÇÃO'!$A$2:$E$10256,4,FALSE),IF(A2248=\"Insumo\",IF(VLOOKUP(B2248,'SINAPI INSUMOS'!$A$2:$F$4852,5,FALSE)=OR(\"\",0),VLOOKUP(B2248,'SINAPI INSUMOS'!$A$2:$F$4852,6,FALSE),VLOOKUP(B2248,'SINAPI INSUMOS'!$A$2:$F$4852,5,FALSE)),\"VERIFICAR\"))","v":7.43},{"$f":"TRUNC(G2248*H2248,2)","v":12.55}]
["Composição Auxiliar",89998,"SINAPI","ARMAÇÃO DE CINTA DE ALVENARIA ESTRUTURAL; DIÂMETRO DE 10,0 MM. AF_09/2021","Graute e Armação","KG",2.9615999999999998,{"$f":"IF(A2249=\"Composição Auxiliar\",VLOOKUP(B2249,'SINAPI COMPOSIÇÃO'!$A$2:$E$10256,4,FALSE),IF(A2249=\"Insumo\",IF(VLOOKUP(B2249,'SINAPI INSUMOS'!$A$2:$F$4852,5,FALSE)=OR(\"\",0),VLOOKUP(B2249,'SINAPI INSUMOS'!$A$2:$F$4852,6,FALSE),VLOOKUP(B2249,'SINAPI INSUMOS'!$A$2:$F$4852,5,FALSE)),\"VERIFICAR\"))","v":10.95},32.42]
["Composição Auxiliar",5678,"SINAPI","RETROESCAVADEIRA SOBRE RODAS COM CARREGADEIRA, TRAÇÃO 4X4, POTÊNCIA LÍQ. 88 HP, CAÇAMBA CARREG. CAP. MÍN. 1 M3, CAÇAMBA RETRO CAP. 0,26 M3, PESO OPERACIONAL MÍN. 6.674 KG, PROFUNDIDADE ESCAVAÇÃO MÁX. 4,37 M - CHP DIURNO. AF_06/2014","Custos Horários Produtivo e Improdutivo dos Equipamentos","CHP",6.7699999999999996E-2,{"$f":"IF(A2250=\"Composição Auxiliar\",VLOOKUP(B2250,'SINAPI COMPOSIÇÃO'!$A$2:$E$10256,4,FALSE),IF(A2250=\"Insumo\",IF(VLOOKUP(B2250,'SINAPI INSUMOS'!$A$2:$F$4852,5,FALSE)=OR(\"\",0),VLOOKUP(B2250,'SINAPI INSUMOS'!$A$2:$F$4852,6,FALSE),VLOOKUP(B2250,'SINAPI INSUMOS'!$A$2:$F$4852,5,FALSE)),\"VERIFICAR\"))","v":148.24},10.029999999999999]
["Composição Auxiliar",97736,"SINAPI","PEÇA RETANGULAR PRÉ-MOLDADA, VOLUME DE CONCRETO ACIMA DE 100 LITROS, TAXA DE AÇO APROXIMADA DE 30KG/M³. AF_03/2024","Estruturas Pré-Fabricadas e Pré-Moldadas","m³",0.16769999999999999,{"$f":"IF(A2251=\"Composição Auxiliar\",VLOOKUP(B2251,'SINAPI COMPOSIÇÃO'!$A$2:$E$10256,4,FALSE),IF(A2251=\"Insumo\",IF(VLOOKUP(B2251,'SINAPI INSUMOS'!$A$2:$F$4852,5,FALSE)=OR(\"\",0),VLOOKUP(B2251,'SINAPI INSUMOS'!$A$2:$F$4852,6,FALSE),VLOOKUP(B2251,'SINAPI INSUMOS'!$A$2:$F$4852,5,FALSE)),\"VERIFICAR\"))","v":1829.42},306.79000000000002]
["Composição Auxiliar",89995,"SINAPI","GRAUTEAMENTO DE CINTA SUPERIOR OU DE VERGA EM ALVENARIA ESTRUTURAL. AF_09/2021","Graute e Armação","m³",7.3800000000000004E-2,{"$f":"IF(A2252=\"Composição Auxiliar\",VLOOKUP(B2252,'SINAPI COMPOSIÇÃO'!$A$2:$E$10256,4,FALSE),IF(A2252=\"Insumo\",IF(VLOOKUP(B2252,'SINAPI INSUMOS'!$A$2:$F$4852,5,FALSE)=OR(\"\",0),VLOOKUP(B2252,'SINAPI INSUMOS'!$A$2:$F$4852,6,FALSE),VLOOKUP(B2252,'SINAPI INSUMOS'!$A$2:$F$4852,5,FALSE)),\"VERIFICAR\"))","v":1375.24},101.49]
["Composição Auxiliar",94970,"SINAPI","CONCRETO FCK = 20MPA, TRAÇO 1:2,7:3 (EM MASSA SECA DE CIMENTO/ AREIA MÉDIA/ BRITA 1) - PREPARO MECÂNICO COM BETONEIRA 600 L. AF_05/2021","Produção de Concreto","m³",0.22789999999999999,{"$f":"IF(A2253=\"Composição Auxiliar\",VLOOKUP(B2253,'SINAPI COMPOSIÇÃO'!$A$2:$E$10256,4,FALSE),IF(A2253=\"Insumo\",IF(VLOOKUP(B2253,'SINAPI INSUMOS'!$A$2:$F$4852,5,FALSE)=OR(\"\",0),VLOOKUP(B2253,'SINAPI INSUMOS'!$A$2:$F$4852,6,FALSE),VLOOKUP(B2253,'SINAPI INSUMOS'!$A$2:$F$4852,5,FALSE)),\"VERIFICAR\"))","v":734.64},167.42]
["Composição Auxiliar",88309,"SINAPI","PEDREIRO COM ENCARGOS COMPLEMENTARES","Livro SINAPI: Cálculos e Parâmetros","H",12.6595,{"$f":"IF(A2254=\"Composição Auxiliar\",VLOOKUP(B2254,'SINAPI COMPOSIÇÃO'!$A$2:$E$10256,4,FALSE),IF(A2254=\"Insumo\",IF(VLOOKUP(B2254,'SINAPI INSUMOS'!$A$2:$F$4852,5,FALSE)=OR(\"\",0),VLOOKUP(B2254,'SINAPI INSUMOS'!$A$2:$F$4852,6,FALSE),VLOOKUP(B2254,'SINAPI INSUMOS'!$A$2:$F$4852,5,FALSE)),\"VERIFICAR\"))","v":27.58},349.14]
["Composição Auxiliar",88628,"SINAPI","ARGAMASSA TRAÇO 1:3 (EM VOLUME DE CIMENTO E AREIA MÉDIA ÚMIDA), PREPARO MECÂNICO COM BETONEIRA 400 L. AF_08/2019","Argamassas","m³",0.31309999999999999,{"$f":"IF(A2255=\"Composição Auxiliar\",VLOOKUP(B2255,'SINAPI COMPOSIÇÃO'!$A$2:$E$10256,4,FALSE),IF(A2255=\"Insumo\",IF(VLOOKUP(B2255,'SINAPI INSUMOS'!$A$2:$F$4852,5,FALSE)=OR(\"\",0),VLOOKUP(B2255,'SINAPI INSUMOS'!$A$2:$F$4852,6,FALSE),VLOOKUP(B2255,'SINAPI INSUMOS'!$A$2:$F$4852,5,FALSE)),\"VERIFICAR\"))","v":782.09},244.87]
["Composição Auxiliar",5679,"SINAPI","RETROESCAVADEIRA SOBRE RODAS COM CARREGADEIRA, TRAÇÃO 4X4, POTÊNCIA LÍQ. 88 HP, CAÇAMBA CARREG. CAP. MÍN. 1 M3, CAÇAMBA RETRO CAP. 0,26 M3, PESO OPERACIONAL MÍN. 6.674 KG, PROFUNDIDADE ESCAVAÇÃO MÁX. 4,37 M - CHI DIURNO. AF_06/2014","Custos Horários Produtivo e Improdutivo dos Equipamentos","CHI",0.13800000000000001,{"$f":"IF(A2256=\"Composição Auxiliar\",VLOOKUP(B2256,'SINAPI COMPOSIÇÃO'!$A$2:$E$10256,4,FALSE),IF(A2256=\"Insumo\",IF(VLOOKUP(B2256,'SINAPI INSUMOS'!$A$2:$F$4852,5,FALSE)=OR(\"\",0),VLOOKUP(B2256,'SINAPI INSUMOS'!$A$2:$F$4852,6,FALSE),VLOOKUP(B2256,'SINAPI INSUMOS'!$A$2:$F$4852,5,FALSE)),\"VERIFICAR\"))","v":60.32},8.32]
["Composição Auxiliar",87316,"SINAPI","ARGAMASSA TRAÇO 1:4 (EM VOLUME DE CIMENTO E AREIA GROSSA ÚMIDA) PARA CHAPISCO CONVENCIONAL, PREPARO MECÂNICO COM BETONEIRA 400 L. AF_08/2019","Argamassas","m³",5.2499999999999998E-2,{"$f":"IF(A2257=\"Composição Auxiliar\",VLOOKUP(B2257,'SINAPI COMPOSIÇÃO'!$A$2:$E$10256,4,FALSE),IF(A2257=\"Insumo\",IF(VLOOKUP(B2257,'SINAPI INSUMOS'!$A$2:$F$4852,5,FALSE)=OR(\"\",0),VLOOKUP(B2257,'SINAPI INSUMOS'!$A$2:$F$4852,6,FALSE),VLOOKUP(B2257,'SINAPI INSUMOS'!$A$2:$F$4852,5,FALSE)),\"VERIFICAR\"))","v":641.82000000000005},33.69]
["Composição Auxiliar",88316,"SINAPI","SERVENTE COM ENCARGOS COMPLEMENTARES","Livro SINAPI: Cálculos e Parâmetros","H",9.9467999999999996,{"$f":"IF(A2258=\"Composição Auxiliar\",VLOOKUP(B2258,'SINAPI COMPOSIÇÃO'!$A$2:$E$10256,4,FALSE),IF(A2258=\"Insumo\",IF(VLOOKUP(B2258,'SINAPI INSUMOS'!$A$2:$F$4852,5,FALSE)=OR(\"\",0),VLOOKUP(B2258,'SINAPI INSUMOS'!$A$2:$F$4852,6,FALSE),VLOOKUP(B2258,'SINAPI INSUMOS'!$A$2:$F$4852,5,FALSE)),\"VERIFICAR\"))","v":21.32},212.06]
["Insumo",660,"SINAPI","CANALETA DE CONCRETO 19 X 19 X 19 CM (CLASSE C - NBR 6136)","Material","UN",25.2,{"$f":"IF(A2259=\"Composição Auxiliar\",VLOOKUP(B2259,'SINAPI COMPOSIÇÃO'!$A$2:$E$10256,4,FALSE),IF(A2259=\"Insumo\",IF(VLOOKUP(B2259,'SINAPI INSUMOS'!$A$2:$F$4852,5,FALSE)=OR(\"\",0),VLOOKUP(B2259,'SINAPI INSUMOS'!$A$2:$F$4852,6,FALSE),VLOOKUP(B2259,'SINAPI INSUMOS'!$A$2:$F$4852,5,FALSE)),\"VERIFICAR\"))","v":3.88},97.77]
["Insumo",25067,"SINAPI","BLOCO DE CONCRETO ESTRUTURAL 19 X 19 X 39 CM, FBK 4,5 MPA (NBR 6136)","Material","UN",62.793799999999997,{"$f":"IF(A2260=\"Composição Auxiliar\",VLOOKUP(B2260,'SINAPI COMPOSIÇÃO'!$A$2:$E$10256,4,FALSE),IF(A2260=\"Insumo\",IF(VLOOKUP(B2260,'SINAPI INSUMOS'!$A$2:$F$4852,5,FALSE)=OR(\"\",0),VLOOKUP(B2260,'SINAPI INSUMOS'!$A$2:$F$4852,6,FALSE),VLOOKUP(B2260,'SINAPI INSUMOS'!$A$2:$F$4852,5,FALSE)),\"VERIFICAR\"))","v":6.25},392.46]
["Insumo",4517,"SINAPI","SARRAFO *2,5 X 7,5* CM EM PINUS, MISTA OU EQUIVALENTE DA REGIAO - BRUTA","Material","M",0.24640000000000001,{"$f":"IF(A2261=\"Composição Auxiliar\",VLOOKUP(B2261,'SINAPI COMPOSIÇÃO'!$A$2:$E$10256,4,FALSE),IF(A2261=\"Insumo\",IF(VLOOKUP(B2261,'SINAPI INSUMOS'!$A$2:$F$4852,5,FALSE)=OR(\"\",0),VLOOKUP(B2261,'SINAPI INSUMOS'!$A$2:$F$4852,6,FALSE),VLOOKUP(B2261,'SINAPI INSUMOS'!$A$2:$F$4852,5,FALSE)),\"VERIFICAR\"))","v":3.52},0.86]
["Insumo",6193,"SINAPI","TABUA NAO APARELHADA *2,5 X 20* CM, EM MACARANDUBA/MASSARANDUBA, ANGELIM OU EQUIVALENTE DA REGIAO - BRUTA","Material","M",0.77280000000000004,{"$f":"IF(A2262=\"Composição Auxiliar\",VLOOKUP(B2262,'SINAPI COMPOSIÇÃO'!$A$2:$E$10256,4,FALSE),IF(A2262=\"Insumo\",IF(VLOOKUP(B2262,'SINAPI INSUMOS'!$A$2:$F$4852,5,FALSE)=OR(\"\",0),VLOOKUP(B2262,'SINAPI INSUMOS'!$A$2:$F$4852,6,FALSE),VLOOKUP(B2262,'SINAPI INSUMOS'!$A$2:$F$4852,5,FALSE)),\"VERIFICAR\"))","v":13.38},10.34]
["Insumo",4491,"SINAPI","PONTALETE *7,5 X 7,5* CM EM PINUS, MISTA OU EQUIVALENTE DA REGIAO - BRUTA","Material","M",0.2072,{"$f":"IF(A2263=\"Composição Auxiliar\",VLOOKUP(B2263,'SINAPI COMPOSIÇÃO'!$A$2:$E$10256,4,FALSE),IF(A2263=\"Insumo\",IF(VLOOKUP(B2263,'SINAPI INSUMOS'!$A$2:$F$4852,5,FALSE)=OR(\"\",0),VLOOKUP(B2263,'SINAPI INSUMOS'!$A$2:$F$4852,6,FALSE),VLOOKUP(B2263,'SINAPI INSUMOS'!$A$2:$F$4852,5,FALSE)),\"VERIFICAR\"))","v":10.050000000000001},2.08]
["Insumo",2692,"SINAPI","DESMOLDANTE PROTETOR PARA FORMAS DE MADEIRA, DE BASE OLEOSA EMULSIONADA EM AGUA","Material","L",9.4999999999999998E-3,{"$f":"IF(A2264=\"Composição Auxiliar\",VLOOKUP(B2264,'SINAPI COMPOSIÇÃO'!$A$2:$E$10256,4,FALSE),IF(A2264=\"Insumo\",IF(VLOOKUP(B2264,'SINAPI INSUMOS'!$A$2:$F$4852,5,FALSE)=OR(\"\",0),VLOOKUP(B2264,'SINAPI INSUMOS'!$A$2:$F$4852,6,FALSE),VLOOKUP(B2264,'SINAPI INSUMOS'!$A$2:$F$4852,5,FALSE)),\"VERIFICAR\"))","v":7.67},7.0000000000000007E-2]
["Insumo",5069,"SINAPI","PREGO DE ACO POLIDO COM CABECA 17 X 27 (2 1/2 X 11)","Material","KG",2.18E-2,{"$f":"IF(A2265=\"Composição Auxiliar\",VLOOKUP(B2265,'SINAPI COMPOSIÇÃO'!$A$2:$E$10256,4,FALSE),IF(A2265=\"Insumo\",IF(VLOOKUP(B2265,'SINAPI INSUMOS'!$A$2:$F$4852,5,FALSE)=OR(\"\",0),VLOOKUP(B2265,'SINAPI INSUMOS'!$A$2:$F$4852,6,FALSE),VLOOKUP(B2265,'SINAPI INSUMOS'!$A$2:$F$4852,5,FALSE)),\"VERIFICAR\"))","v":16.16},0.35]
[]
[" 16.7.4 ","Código","Banco","Descrição","Tipo","Und","Quant.","Valor Unit","Total"]
["Composição",101918,"SINAPI","TUBO DE AÇO GALVANIZADO COM COSTURA, CLASSE MÉDIA, DN 100 (4\"), CONEXÃO ROSQUEADA, INSTALADO EM PRUMADAS - FORNECIMENTO E INSTALAÇÃO. AF_01/2026","Instalações de Gás e Incêndio em Aço e Ferro Galvanizado","M",1,{"$f":"I2268","v":206.71},{"$f":"SUM(I2269:I2271)","v":206.71}]
["Composição Auxiliar",88248,"SINAPI","AUXILIAR DE ENCANADOR OU BOMBEIRO HIDRÁULICO COM ENCARGOS COMPLEMENTARES","Livro SINAPI: Cálculos e Parâmetros","H",0.607352,{"$f":"IF(A2269=\"Composição Auxiliar\",VLOOKUP(B2269,'SINAPI COMPOSIÇÃO'!$A$2:$E$10256,4,FALSE),IF(A2269=\"Insumo\",IF(VLOOKUP(B2269,'SINAPI INSUMOS'!$A$2:$F$4852,5,FALSE)=OR(\"\",0),VLOOKUP(B2269,'SINAPI INSUMOS'!$A$2:$F$4852,6,FALSE),VLOOKUP(B2269,'SINAPI INSUMOS'!$A$2:$F$4852,5,FALSE)),\"VERIFICAR\"))","v":23.01},{"$f":"TRUNC(G2269*H2269,2)","v":13.97}]
["Composição Auxiliar",88267,"SINAPI","ENCANADOR OU BOMBEIRO HIDRÁULICO COM ENCARGOS COMPLEMENTARES","Livro SINAPI: Cálculos e Parâmetros","H",0.607352,{"$f":"IF(A2270=\"Composição Auxiliar\",VLOOKUP(B2270,'SINAPI COMPOSIÇÃO'!$A$2:$E$10256,4,FALSE),IF(A2270=\"Insumo\",IF(VLOOKUP(B2270,'SINAPI INSUMOS'!$A$2:$F$4852,5,FALSE)=OR(\"\",0),VLOOKUP(B2270,'SINAPI INSUMOS'!$A$2:$F$4852,6,FALSE),VLOOKUP(B2270,'SINAPI INSUMOS'!$A$2:$F$4852,5,FALSE)),\"VERIFICAR\"))","v":27.01},16.399999999999999]
["Insumo",7693,"SINAPI","TUBO ACO GALVANIZADO COM COSTURA, CLASSE MEDIA, DN 4\", E = 4,50* MM, PESO 12,10* KG/M (NBR 5580)","Material","M",1.0357749999999999,{"$f":"IF(A2271=\"Composição Auxiliar\",VLOOKUP(B2271,'SINAPI COMPOSIÇÃO'!$A$2:$E$10256,4,FALSE),IF(A2271=\"Insumo\",IF(VLOOKUP(B2271,'SINAPI INSUMOS'!$A$2:$F$4852,5,FALSE)=OR(\"\",0),VLOOKUP(B2271,'SINAPI INSUMOS'!$A$2:$F$4852,6,FALSE),VLOOKUP(B2271,'SINAPI INSUMOS'!$A$2:$F$4852,5,FALSE)),\"VERIFICAR\"))","v":170.25},176.34]
[]
[null,"Código","Banco","Descrição","Tipo","Und","Quant.","Valor Unit","Total"]
["Insumo",5086,"SINAPI","CORRENTE DE ELO CURTO COMUM, SOLDADA, GALVANIZADA, ESPESSURA DO ELO = 1/2\" (12,5 MM)","Material","KG",1,{"$f":"IF(A2274=\"Composição Auxiliar\",VLOOKUP(B2274,'SINAPI COMPOSIÇÃO'!$A$2:$E$10256,4,FALSE),IF(A2274=\"Insumo\",IF(VLOOKUP(B2274,'SINAPI INSUMOS'!$A$2:$F$4852,5,FALSE)=OR(\"\",0),VLOOKUP(B2274,'SINAPI INSUMOS'!$A$2:$F$4852,6,FALSE),VLOOKUP(B2274,'SINAPI INSUMOS'!$A$2:$F$4852,5,FALSE)),\"VERIFICAR\"))","v":32.64},{"$f":"TRUNC(G2274*H2274,2)","v":32.64}]
[]
[" 16.8 ",null,null,"INSTALAÇÕES HIDRÁULICAS - INCÊNDIO"]
[" 16.8.1 ","Código","Banco","Descrição","Tipo","Und","Quant.","Valor Unit","Total"]
["Composição",101907,"SINAPI","EXTINTOR DE INCÊNDIO PORTÁTIL COM CARGA DE CO2 DE 6 KG, CLASSE BC - FORNECIMENTO E INSTALAÇÃO. AF_01/2026_PE","Instalações de Gás e Incêndio em Aço e Ferro Galvanizado","UN",1,{"$f":"I2278","v":1448.25},{"$f":"SUM(I2279:I2282)","v":1448.25}]
["Composição Auxiliar",88267,"SINAPI","ENCANADOR OU BOMBEIRO HIDRÁULICO COM ENCARGOS COMPLEMENTARES","Livro SINAPI: Cálculos e Parâmetros","H",0.43105599999999999,{"$f":"IF(A2279=\"Composição Auxiliar\",VLOOKUP(B2279,'SINAPI COMPOSIÇÃO'!$A$2:$E$10256,4,FALSE),IF(A2279=\"Insumo\",IF(VLOOKUP(B2279,'SINAPI INSUMOS'!$A$2:$F$4852,5,FALSE)=OR(\"\",0),VLOOKUP(B2279,'SINAPI INSUMOS'!$A$2:$F$4852,6,FALSE),VLOOKUP(B2279,'SINAPI INSUMOS'!$A$2:$F$4852,5,FALSE)),\"VERIFICAR\"))","v":27.01},{"$f":"TRUNC(G2279*H2279,2)","v":11.64}]
["Composição Auxiliar",88248,"SINAPI","AUXILIAR DE ENCANADOR OU BOMBEIRO HIDRÁULICO COM ENCARGOS COMPLEMENTARES","Livro SINAPI: Cálculos e Parâmetros","H",0.43105599999999999,{"$f":"IF(A2280=\"Composição Auxiliar\",VLOOKUP(B2280,'SINAPI COMPOSIÇÃO'!$A$2:$E$10256,4,FALSE),IF(A2280=\"Insumo\",IF(VLOOKUP(B2280,'SINAPI INSUMOS'!$A$2:$F$4852,5,FALSE)=OR(\"\",0),VLOOKUP(B2280,'SINAPI INSUMOS'!$A$2:$F$4852,6,FALSE),VLOOKUP(B2280,'SINAPI INSUMOS'!$A$2:$F$4852,5,FALSE)),\"VERIFICAR\"))","v":23.01},9.91]
["Insumo",4350,"SINAPI","BUCHA DE NYLON, DIAMETRO DO FURO 8 MM, COMPRIMENTO 40 MM, COM PARAFUSO DE ROSCA SOBERBA, CABECA CHATA, FENDA SIMPLES, 4,8 X 50 MM","Material","UN",2,{"$f":"IF(A2281=\"Composição Auxiliar\",VLOOKUP(B2281,'SINAPI COMPOSIÇÃO'!$A$2:$E$10256,4,FALSE),IF(A2281=\"Insumo\",IF(VLOOKUP(B2281,'SINAPI INSUMOS'!$A$2:$F$4852,5,FALSE)=OR(\"\",0),VLOOKUP(B2281,'SINAPI INSUMOS'!$A$2:$F$4852,6,FALSE),VLOOKUP(B2281,'SINAPI INSUMOS'!$A$2:$F$4852,5,FALSE)),\"VERIFICAR\"))","v":0.85},1.7]
["Insumo",10889,"SINAPI","EXTINTOR DE INCENDIO PORTATIL COM CARGA DE GAS CARBONICO CO2 DE 6 KG, CLASSE BC","Material","UN",1,{"$f":"IF(A2282=\"Composição Auxiliar\",VLOOKUP(B2282,'SINAPI COMPOSIÇÃO'!$A$2:$E$10256,4,FALSE),IF(A2282=\"Insumo\",IF(VLOOKUP(B2282,'SINAPI INSUMOS'!$A$2:$F$4852,5,FALSE)=OR(\"\",0),VLOOKUP(B2282,'SINAPI INSUMOS'!$A$2:$F$4852,6,FALSE),VLOOKUP(B2282,'SINAPI INSUMOS'!$A$2:$F$4852,5,FALSE)),\"VERIFICAR\"))","v":1425},1425]
[]
[" 16.8.2 ","Código","Banco","Descrição","Tipo","Und","Quant.","Valor Unit","Total"]
["Composição",101905,"SINAPI","EXTINTOR DE INCÊNDIO PORTÁTIL COM CARGA DE ÁGUA PRESSURIZADA DE 10 L, CLASSE A - FORNECIMENTO E INSTALAÇÃO. AF_01/2026_PE","Instalações de Gás e Incêndio em Aço e Ferro Galvanizado","UN",1,{"$f":"I2285","v":438.87},{"$f":"SUM(I2286:I2289)","v":438.87}]
["Composição Auxiliar",88248,"SINAPI","AUXILIAR DE ENCANADOR OU BOMBEIRO HIDRÁULICO COM ENCARGOS COMPLEMENTARES","Livro SINAPI: Cálculos e Parâmetros","H",0.43105599999999999,{"$f":"IF(A2286=\"Composição Auxiliar\",VLOOKUP(B2286,'SINAPI COMPOSIÇÃO'!$A$2:$E$10256,4,FALSE),IF(A2286=\"Insumo\",IF(VLOOKUP(B2286,'SINAPI INSUMOS'!$A$2:$F$4852,5,FALSE)=OR(\"\",0),VLOOKUP(B2286,'SINAPI INSUMOS'!$A$2:$F$4852,6,FALSE),VLOOKUP(B2286,'SINAPI INSUMOS'!$A$2:$F$4852,5,FALSE)),\"VERIFICAR\"))","v":23.01},{"$f":"TRUNC(G2286*H2286,2)","v":9.91}]
["Composição Auxiliar",88267,"SINAPI","ENCANADOR OU BOMBEIRO HIDRÁULICO COM ENCARGOS COMPLEMENTARES","Livro SINAPI: Cálculos e Parâmetros","H",0.43105599999999999,{"$f":"IF(A2287=\"Composição Auxiliar\",VLOOKUP(B2287,'SINAPI COMPOSIÇÃO'!$A$2:$E$10256,4,FALSE),IF(A2287=\"Insumo\",IF(VLOOKUP(B2287,'SINAPI INSUMOS'!$A$2:$F$4852,5,FALSE)=OR(\"\",0),VLOOKUP(B2287,'SINAPI INSUMOS'!$A$2:$F$4852,6,FALSE),VLOOKUP(B2287,'SINAPI INSUMOS'!$A$2:$F$4852,5,FALSE)),\"VERIFICAR\"))","v":27.01},11.64]
["Insumo",10886,"SINAPI","EXTINTOR DE INCENDIO PORTATIL COM CARGA DE AGUA PRESSURIZADA DE 10 L, CLASSE A","Material","UN",1,{"$f":"IF(A2288=\"Composição Auxiliar\",VLOOKUP(B2288,'SINAPI COMPOSIÇÃO'!$A$2:$E$10256,4,FALSE),IF(A2288=\"Insumo\",IF(VLOOKUP(B2288,'SINAPI INSUMOS'!$A$2:$F$4852,5,FALSE)=OR(\"\",0),VLOOKUP(B2288,'SINAPI INSUMOS'!$A$2:$F$4852,6,FALSE),VLOOKUP(B2288,'SINAPI INSUMOS'!$A$2:$F$4852,5,FALSE)),\"VERIFICAR\"))","v":415.62},415.62]
["Insumo",4350,"SINAPI","BUCHA DE NYLON, DIAMETRO DO FURO 8 MM, COMPRIMENTO 40 MM, COM PARAFUSO DE ROSCA SOBERBA, CABECA CHATA, FENDA SIMPLES, 4,8 X 50 MM","Material","UN",2,{"$f":"IF(A2289=\"Composição Auxiliar\",VLOOKUP(B2289,'SINAPI COMPOSIÇÃO'!$A$2:$E$10256,4,FALSE),IF(A2289=\"Insumo\",IF(VLOOKUP(B2289,'SINAPI INSUMOS'!$A$2:$F$4852,5,FALSE)=OR(\"\",0),VLOOKUP(B2289,'SINAPI INSUMOS'!$A$2:$F$4852,6,FALSE),VLOOKUP(B2289,'SINAPI INSUMOS'!$A$2:$F$4852,5,FALSE)),\"VERIFICAR\"))","v":0.85},1.7]
[]
[" 16.9 ",null,null,"INSTALAÇÕES - LÓGICA E TELEFONE"]
[" 16.9.1 ","Código","Banco","Descrição","Tipo","Und","Quant.","Valor Unit","Total"]
["Composição",98307,"SINAPI","TOMADA DE REDE RJ45 - FORNECIMENTO E INSTALAÇÃO. AF_08/2025","Redes de Lógica, Telefonia e Imagem","UN",1,{"$f":"I2293","v":64.84},{"$f":"SUM(I2294:I2296)","v":64.84}]
["Composição Auxiliar",88264,"SINAPI","ELETRICISTA COM ENCARGOS COMPLEMENTARES","Livro SINAPI: Cálculos e Parâmetros","H",0.43172159999999998,{"$f":"IF(A2294=\"Composição Auxiliar\",VLOOKUP(B2294,'SINAPI COMPOSIÇÃO'!$A$2:$E$10256,4,FALSE),IF(A2294=\"Insumo\",IF(VLOOKUP(B2294,'SINAPI INSUMOS'!$A$2:$F$4852,5,FALSE)=OR(\"\",0),VLOOKUP(B2294,'SINAPI INSUMOS'!$A$2:$F$4852,6,FALSE),VLOOKUP(B2294,'SINAPI INSUMOS'!$A$2:$F$4852,5,FALSE)),\"VERIFICAR\"))","v":28.06},{"$f":"TRUNC(G2294*H2294,2)","v":12.11}]
["Composição Auxiliar",88247,"SINAPI","AUXILIAR DE ELETRICISTA COM ENCARGOS COMPLEMENTARES","Livro SINAPI: Cálculos e Parâmetros","H",0.3237912,{"$f":"IF(A2295=\"Composição Auxiliar\",VLOOKUP(B2295,'SINAPI COMPOSIÇÃO'!$A$2:$E$10256,4,FALSE),IF(A2295=\"Insumo\",IF(VLOOKUP(B2295,'SINAPI INSUMOS'!$A$2:$F$4852,5,FALSE)=OR(\"\",0),VLOOKUP(B2295,'SINAPI INSUMOS'!$A$2:$F$4852,6,FALSE),VLOOKUP(B2295,'SINAPI INSUMOS'!$A$2:$F$4852,5,FALSE)),\"VERIFICAR\"))","v":23.98},7.76]
["Insumo",38083,"SINAPI","TOMADA RJ45, 8 FIOS, CAT 5E, CONJUNTO MONTADO PARA EMBUTIR 4\" X 2\" (PLACA + SUPORTE + MODULO)","Material","UN",1,{"$f":"IF(A2296=\"Composição Auxiliar\",VLOOKUP(B2296,'SINAPI COMPOSIÇÃO'!$A$2:$E$10256,4,FALSE),IF(A2296=\"Insumo\",IF(VLOOKUP(B2296,'SINAPI INSUMOS'!$A$2:$F$4852,5,FALSE)=OR(\"\",0),VLOOKUP(B2296,'SINAPI INSUMOS'!$A$2:$F$4852,6,FALSE),VLOOKUP(B2296,'SINAPI INSUMOS'!$A$2:$F$4852,5,FALSE)),\"VERIFICAR\"))","v":44.97},44.97]
[]
[" 16.9.2 ","Código","Banco","Descrição","Tipo","Und","Quant.","Valor Unit","Total"]
["Composição",91854,"SINAPI","ELETRODUTO FLEXÍVEL CORRUGADO, PVC, DN 25 MM (3/4\"), PARA CIRCUITOS TERMINAIS, INSTALADO EM PAREDE - FORNECIMENTO E INSTALAÇÃO. AF_03/2023","Instalações Elétricas - Eletrodutos Embutidos, Cabos, Caixas, Tomadas e Interruptores","M",1,{"$f":"I2299","v":10.29},{"$f":"SUM(I2300:I2302)","v":10.29}]
["Composição Auxiliar",88264,"SINAPI","ELETRICISTA COM ENCARGOS COMPLEMENTARES","Livro SINAPI: Cálculos e Parâmetros","H",0.13400000000000001,{"$f":"IF(A2300=\"Composição Auxiliar\",VLOOKUP(B2300,'SINAPI COMPOSIÇÃO'!$A$2:$E$10256,4,FALSE),IF(A2300=\"Insumo\",IF(VLOOKUP(B2300,'SINAPI INSUMOS'!$A$2:$F$4852,5,FALSE)=OR(\"\",0),VLOOKUP(B2300,'SINAPI INSUMOS'!$A$2:$F$4852,6,FALSE),VLOOKUP(B2300,'SINAPI INSUMOS'!$A$2:$F$4852,5,FALSE)),\"VERIFICAR\"))","v":28.06},{"$f":"TRUNC(G2300*H2300,2)","v":3.76}]
["Composição Auxiliar",88247,"SINAPI","AUXILIAR DE ELETRICISTA COM ENCARGOS COMPLEMENTARES","Livro SINAPI: Cálculos e Parâmetros","H",0.13400000000000001,{"$f":"IF(A2301=\"Composição Auxiliar\",VLOOKUP(B2301,'SINAPI COMPOSIÇÃO'!$A$2:$E$10256,4,FALSE),IF(A2301=\"Insumo\",IF(VLOOKUP(B2301,'SINAPI INSUMOS'!$A$2:$F$4852,5,FALSE)=OR(\"\",0),VLOOKUP(B2301,'SINAPI INSUMOS'!$A$2:$F$4852,6,FALSE),VLOOKUP(B2301,'SINAPI INSUMOS'!$A$2:$F$4852,5,FALSE)),\"VERIFICAR\"))","v":23.98},3.21]
["Insumo",2688,"SINAPI","ELETRODUTO PVC FLEXIVEL CORRUGADO, COR AMARELA, DE 25 MM","Material","M",1.0169999999999999,{"$f":"IF(A2302=\"Composição Auxiliar\",VLOOKUP(B2302,'SINAPI COMPOSIÇÃO'!$A$2:$E$10256,4,FALSE),IF(A2302=\"Insumo\",IF(VLOOKUP(B2302,'SINAPI INSUMOS'!$A$2:$F$4852,5,FALSE)=OR(\"\",0),VLOOKUP(B2302,'SINAPI INSUMOS'!$A$2:$F$4852,6,FALSE),VLOOKUP(B2302,'SINAPI INSUMOS'!$A$2:$F$4852,5,FALSE)),\"VERIFICAR\"))","v":3.27},3.32]
[]
[" 16.9.3 ","Código","Banco","Descrição","Tipo","Und","Quant.","Valor Unit","Total"]
["Composição",98299,"SINAPI","CABO ELETRÔNICO CATEGORIA 6A, INSTALADO EM EDIFICAÇÃO INSTITUCIONAL - FORNECIMENTO E INSTALAÇÃO. AF_08/2025","Redes de Lógica, Telefonia e Imagem","M",1,{"$f":"I2305","v":15.85},{"$f":"SUM(I2306:I2308)","v":15.85}]
["Composição Auxiliar",88247,"SINAPI","AUXILIAR DE ELETRICISTA COM ENCARGOS COMPLEMENTARES","Livro SINAPI: Cálculos e Parâmetros","H",7.3471999999999999E-3,{"$f":"IF(A2306=\"Composição Auxiliar\",VLOOKUP(B2306,'SINAPI COMPOSIÇÃO'!$A$2:$E$10256,4,FALSE),IF(A2306=\"Insumo\",IF(VLOOKUP(B2306,'SINAPI INSUMOS'!$A$2:$F$4852,5,FALSE)=OR(\"\",0),VLOOKUP(B2306,'SINAPI INSUMOS'!$A$2:$F$4852,6,FALSE),VLOOKUP(B2306,'SINAPI INSUMOS'!$A$2:$F$4852,5,FALSE)),\"VERIFICAR\"))","v":23.98},{"$f":"TRUNC(G2306*H2306,2)","v":0.17}]
["Composição Auxiliar",88264,"SINAPI","ELETRICISTA COM ENCARGOS COMPLEMENTARES","Livro SINAPI: Cálculos e Parâmetros","H",9.7963000000000008E-3,{"$f":"IF(A2307=\"Composição Auxiliar\",VLOOKUP(B2307,'SINAPI COMPOSIÇÃO'!$A$2:$E$10256,4,FALSE),IF(A2307=\"Insumo\",IF(VLOOKUP(B2307,'SINAPI INSUMOS'!$A$2:$F$4852,5,FALSE)=OR(\"\",0),VLOOKUP(B2307,'SINAPI INSUMOS'!$A$2:$F$4852,6,FALSE),VLOOKUP(B2307,'SINAPI INSUMOS'!$A$2:$F$4852,5,FALSE)),\"VERIFICAR\"))","v":28.06},0.27]
["Insumo",43832,"SINAPI","CABO ELETRONICO CATEGORIA 6A U/UTP 23AWG X 4P","Material","M",1.05,{"$f":"IF(A2308=\"Composição Auxiliar\",VLOOKUP(B2308,'SINAPI COMPOSIÇÃO'!$A$2:$E$10256,4,FALSE),IF(A2308=\"Insumo\",IF(VLOOKUP(B2308,'SINAPI INSUMOS'!$A$2:$F$4852,5,FALSE)=OR(\"\",0),VLOOKUP(B2308,'SINAPI INSUMOS'!$A$2:$F$4852,6,FALSE),VLOOKUP(B2308,'SINAPI INSUMOS'!$A$2:$F$4852,5,FALSE)),\"VERIFICAR\"))","v":14.68},15.41]
[]
[" 16.10 ",null,null,"INSTALAÇÕES ELÉTRICAS - ESCAVAÇÃO E REATERRO"]
[" 16.10.1 ","Código","Banco","Descrição","Tipo","Und","Quant.","Valor Unit","Total"]
["Composição",93358,"SINAPI","ESCAVAÇÃO MANUAL DE VALA. AF_09/2024","Escavação de Valas","m³",1,{"$f":"I2312","v":84.33},{"$f":"I2313","v":84.33}]
["Composição Auxiliar",88316,"SINAPI","SERVENTE COM ENCARGOS COMPLEMENTARES","Livro SINAPI: Cálculos e Parâmetros","H",3.9557666999999999,{"$f":"IF(A2313=\"Composição Auxiliar\",VLOOKUP(B2313,'SINAPI COMPOSIÇÃO'!$A$2:$E$10256,4,FALSE),IF(A2313=\"Insumo\",IF(VLOOKUP(B2313,'SINAPI INSUMOS'!$A$2:$F$4852,5,FALSE)=OR(\"\",0),VLOOKUP(B2313,'SINAPI INSUMOS'!$A$2:$F$4852,6,FALSE),VLOOKUP(B2313,'SINAPI INSUMOS'!$A$2:$F$4852,5,FALSE)),\"VERIFICAR\"))","v":21.32},{"$f":"TRUNC(G2313*H2313,2)","v":84.33}]
[]
[" 16.10.2 ","Código","Banco","Descrição","Tipo","Und","Quant.","Valor Unit","Total"]
["Composição",93382,"SINAPI","REATERRO MANUAL DE VALAS, COM COMPACTADOR DE SOLOS DE PERCUSSÃO. AF_08/2023","Aterro e Reaterro de Valas","m³",1,{"$f":"I2316","v":27.43},{"$f":"SUM(I2317:I2320)","v":27.43}]
["Composição Auxiliar",88316,"SINAPI","SERVENTE COM ENCARGOS COMPLEMENTARES","Livro SINAPI: Cálculos e Parâmetros","H",0.78659999999999997,{"$f":"IF(A2317=\"Composição Auxiliar\",VLOOKUP(B2317,'SINAPI COMPOSIÇÃO'!$A$2:$E$10256,4,FALSE),IF(A2317=\"Insumo\",IF(VLOOKUP(B2317,'SINAPI INSUMOS'!$A$2:$F$4852,5,FALSE)=OR(\"\",0),VLOOKUP(B2317,'SINAPI INSUMOS'!$A$2:$F$4852,6,FALSE),VLOOKUP(B2317,'SINAPI INSUMOS'!$A$2:$F$4852,5,FALSE)),\"VERIFICAR\"))","v":21.32},{"$f":"TRUNC(G2317*H2317,2)","v":16.77}]
["Composição Auxiliar",5901,"SINAPI","CAMINHÃO PIPA 10.000 L TRUCADO, PESO BRUTO TOTAL 23.000 KG, CARGA ÚTIL MÁXIMA 15.935 KG, DISTÂNCIA ENTRE EIXOS 4,8 M, POTÊNCIA 230 CV, INCLUSIVE TANQUE DE AÇO PARA TRANSPORTE DE ÁGUA - CHP DIURNO. AF_06/2014","Custos Horários Produtivo e Improdutivo dos Equipamentos","CHP",5.4000000000000003E-3,{"$f":"IF(A2318=\"Composição Auxiliar\",VLOOKUP(B2318,'SINAPI COMPOSIÇÃO'!$A$2:$E$10256,4,FALSE),IF(A2318=\"Insumo\",IF(VLOOKUP(B2318,'SINAPI INSUMOS'!$A$2:$F$4852,5,FALSE)=OR(\"\",0),VLOOKUP(B2318,'SINAPI INSUMOS'!$A$2:$F$4852,6,FALSE),VLOOKUP(B2318,'SINAPI INSUMOS'!$A$2:$F$4852,5,FALSE)),\"VERIFICAR\"))","v":335.44},1.81]
["Composição Auxiliar",91533,"SINAPI","COMPACTADOR DE SOLOS DE PERCUSSÃO (SOQUETE) COM MOTOR A GASOLINA 4 TEMPOS, POTÊNCIA 4 CV - CHP DIURNO. AF_08/2015","Custos Horários Produtivo e Improdutivo dos Equipamentos","CHP",0.19620000000000001,{"$f":"IF(A2319=\"Composição Auxiliar\",VLOOKUP(B2319,'SINAPI COMPOSIÇÃO'!$A$2:$E$10256,4,FALSE),IF(A2319=\"Insumo\",IF(VLOOKUP(B2319,'SINAPI INSUMOS'!$A$2:$F$4852,5,FALSE)=OR(\"\",0),VLOOKUP(B2319,'SINAPI INSUMOS'!$A$2:$F$4852,6,FALSE),VLOOKUP(B2319,'SINAPI INSUMOS'!$A$2:$F$4852,5,FALSE)),\"VERIFICAR\"))","v":44.94},8.81]
["Composição Auxiliar",5903,"SINAPI","CAMINHÃO PIPA 10.000 L TRUCADO, PESO BRUTO TOTAL 23.000 KG, CARGA ÚTIL MÁXIMA 15.935 KG, DISTÂNCIA ENTRE EIXOS 4,8 M, POTÊNCIA 230 CV, INCLUSIVE TANQUE DE AÇO PARA TRANSPORTE DE ÁGUA - CHI DIURNO. AF_06/2014","Custos Horários Produtivo e Improdutivo dos Equipamentos","CHI",5.9999999999999995E-4,{"$f":"IF(A2320=\"Composição Auxiliar\",VLOOKUP(B2320,'SINAPI COMPOSIÇÃO'!$A$2:$E$10256,4,FALSE),IF(A2320=\"Insumo\",IF(VLOOKUP(B2320,'SINAPI INSUMOS'!$A$2:$F$4852,5,FALSE)=OR(\"\",0),VLOOKUP(B2320,'SINAPI INSUMOS'!$A$2:$F$4852,6,FALSE),VLOOKUP(B2320,'SINAPI INSUMOS'!$A$2:$F$4852,5,FALSE)),\"VERIFICAR\"))","v":72.97},0.04]
[]
[" 16.11 ",null,null,"INSTALAÇÕES ELÉTRICAS - LUMINÁRIAS"]
[" 16.11.1 ","Código","Banco","Descrição","Tipo","Und","Quant.","Valor Unit","Total"]
["Composição"," 11ª SR - COMP. 33 ","Próprio","LUMINÁRIA PAINEL LED PLAFON QUADRADO 40X40CM EMBUTIR 6000K LUZ BRANCA 36W BIVOLT","Iluminação Predial e Monitoramento","UN",1,{"$f":"I2324","v":90.5},{"$f":"SUM(I2325:I2327)","v":90.5}]
["Composição Auxiliar",88264,"SINAPI","ELETRICISTA COM ENCARGOS COMPLEMENTARES","Livro SINAPI: Cálculos e Parâmetros","H",0.15763759999999999,{"$f":"IF(A2325=\"Composição Auxiliar\",VLOOKUP(B2325,'SINAPI COMPOSIÇÃO'!$A$2:$E$10256,4,FALSE),IF(A2325=\"Insumo\",IF(VLOOKUP(B2325,'SINAPI INSUMOS'!$A$2:$F$4852,5,FALSE)=OR(\"\",0),VLOOKUP(B2325,'SINAPI INSUMOS'!$A$2:$F$4852,6,FALSE),VLOOKUP(B2325,'SINAPI INSUMOS'!$A$2:$F$4852,5,FALSE)),\"VERIFICAR\"))","v":28.06},{"$f":"TRUNC(G2325*H2325,2)","v":4.42}]
["Composição Auxiliar",88247,"SINAPI","AUXILIAR DE ELETRICISTA COM ENCARGOS COMPLEMENTARES","Livro SINAPI: Cálculos e Parâmetros","H",0.50444040000000001,{"$f":"IF(A2326=\"Composição Auxiliar\",VLOOKUP(B2326,'SINAPI COMPOSIÇÃO'!$A$2:$E$10256,4,FALSE),IF(A2326=\"Insumo\",IF(VLOOKUP(B2326,'SINAPI INSUMOS'!$A$2:$F$4852,5,FALSE)=OR(\"\",0),VLOOKUP(B2326,'SINAPI INSUMOS'!$A$2:$F$4852,6,FALSE),VLOOKUP(B2326,'SINAPI INSUMOS'!$A$2:$F$4852,5,FALSE)),\"VERIFICAR\"))","v":23.98},12.09]
["Insumo"," 11ª SR - 06 ","Próprio","LUMINÁRIA DE LED PLAFON, QUADRADA 40X40CM DE EMBUTIR, 6000K LUZ BRANCA, 36W BIVOLT","Material","UN",1,{"$f":"'COT LUMINARIA LED'!L37","v":73.989999999999995},73.989999999999995]
[]
[" 16.11.2 ","Código","Banco","Descrição","Tipo","Und","Quant.","Valor Unit","Total"]
["Composição",101537,"SINAPI","APARELHO SINALIZADOR DE SAÍDA DE GARAGEM, COM CÉLULA FOTOELÉTRICA - FORNECIMENTO E INSTALAÇÃO. AF_12/2025","Instalações Elétricas - Rede de Distribuição","UN",1,{"$f":"I2330","v":105.7},{"$f":"SUM(I2331:I2333)","v":105.7}]
["Composição Auxiliar",88247,"SINAPI","AUXILIAR DE ELETRICISTA COM ENCARGOS COMPLEMENTARES","Livro SINAPI: Cálculos e Parâmetros","H",0.23976,{"$f":"IF(A2331=\"Composição Auxiliar\",VLOOKUP(B2331,'SINAPI COMPOSIÇÃO'!$A$2:$E$10256,4,FALSE),IF(A2331=\"Insumo\",IF(VLOOKUP(B2331,'SINAPI INSUMOS'!$A$2:$F$4852,5,FALSE)=OR(\"\",0),VLOOKUP(B2331,'SINAPI INSUMOS'!$A$2:$F$4852,6,FALSE),VLOOKUP(B2331,'SINAPI INSUMOS'!$A$2:$F$4852,5,FALSE)),\"VERIFICAR\"))","v":23.98},{"$f":"TRUNC(G2331*H2331,2)","v":5.74}]
["Composição Auxiliar",88264,"SINAPI","ELETRICISTA COM ENCARGOS COMPLEMENTARES","Livro SINAPI: Cálculos e Parâmetros","H",1.1988000000000001,{"$f":"IF(A2332=\"Composição Auxiliar\",VLOOKUP(B2332,'SINAPI COMPOSIÇÃO'!$A$2:$E$10256,4,FALSE),IF(A2332=\"Insumo\",IF(VLOOKUP(B2332,'SINAPI INSUMOS'!$A$2:$F$4852,5,FALSE)=OR(\"\",0),VLOOKUP(B2332,'SINAPI INSUMOS'!$A$2:$F$4852,6,FALSE),VLOOKUP(B2332,'SINAPI INSUMOS'!$A$2:$F$4852,5,FALSE)),\"VERIFICAR\"))","v":28.06},33.630000000000003]
["Insumo",4814,"SINAPI","APARELHO SINALIZADOR LUMINOSO COM LED, PARA SAIDA GARAGEM, COM 2 LENTES EM POLICARBONATO, BIVOLT (INCLUI SUPORTE DE FIXACAO)","Material","UN",1,{"$f":"IF(A2333=\"Composição Auxiliar\",VLOOKUP(B2333,'SINAPI COMPOSIÇÃO'!$A$2:$E$10256,4,FALSE),IF(A2333=\"Insumo\",IF(VLOOKUP(B2333,'SINAPI INSUMOS'!$A$2:$F$4852,5,FALSE)=OR(\"\",0),VLOOKUP(B2333,'SINAPI INSUMOS'!$A$2:$F$4852,6,FALSE),VLOOKUP(B2333,'SINAPI INSUMOS'!$A$2:$F$4852,5,FALSE)),\"VERIFICAR\"))","v":66.33},66.33]
[]
[" 16.12 ",null,null,"INSTALAÇÕES ELÉTRICAS - ELETRODUTO/ELETROCALHAS / CANALETAS"]
[" 16.12.1 ","Código","Banco","Descrição","Tipo","Und","Quant.","Valor Unit","Total"]
["Composição",91863,"SINAPI","ELETRODUTO RÍGIDO ROSCÁVEL, PVC, DN 25 MM (3/4\"), PARA CIRCUITOS TERMINAIS, INSTALADO EM FORRO - FORNECIMENTO E INSTALAÇÃO. AF_03/2023","Instalações Elétricas - Eletrodutos Embutidos, Cabos, Caixas, Tomadas e Interruptores","M",1,{"$f":"I2337","v":12.5},{"$f":"SUM(I2338:I2340)","v":12.5}]
["Composição Auxiliar",88264,"SINAPI","ELETRICISTA COM ENCARGOS COMPLEMENTARES","Livro SINAPI: Cálculos e Parâmetros","H",0.11899999999999999,{"$f":"IF(A2338=\"Composição Auxiliar\",VLOOKUP(B2338,'SINAPI COMPOSIÇÃO'!$A$2:$E$10256,4,FALSE),IF(A2338=\"Insumo\",IF(VLOOKUP(B2338,'SINAPI INSUMOS'!$A$2:$F$4852,5,FALSE)=OR(\"\",0),VLOOKUP(B2338,'SINAPI INSUMOS'!$A$2:$F$4852,6,FALSE),VLOOKUP(B2338,'SINAPI INSUMOS'!$A$2:$F$4852,5,FALSE)),\"VERIFICAR\"))","v":28.06},{"$f":"TRUNC(G2338*H2338,2)","v":3.33}]
["Composição Auxiliar",88247,"SINAPI","AUXILIAR DE ELETRICISTA COM ENCARGOS COMPLEMENTARES","Livro SINAPI: Cálculos e Parâmetros","H",0.11899999999999999,{"$f":"IF(A2339=\"Composição Auxiliar\",VLOOKUP(B2339,'SINAPI COMPOSIÇÃO'!$A$2:$E$10256,4,FALSE),IF(A2339=\"Insumo\",IF(VLOOKUP(B2339,'SINAPI INSUMOS'!$A$2:$F$4852,5,FALSE)=OR(\"\",0),VLOOKUP(B2339,'SINAPI INSUMOS'!$A$2:$F$4852,6,FALSE),VLOOKUP(B2339,'SINAPI INSUMOS'!$A$2:$F$4852,5,FALSE)),\"VERIFICAR\"))","v":23.98},2.85]
["Insumo",2674,"SINAPI","ELETRODUTO DE PVC RIGIDO ROSCAVEL DE 3/4\", SEM LUVA","Material","M",1.0169999999999999,{"$f":"IF(A2340=\"Composição Auxiliar\",VLOOKUP(B2340,'SINAPI COMPOSIÇÃO'!$A$2:$E$10256,4,FALSE),IF(A2340=\"Insumo\",IF(VLOOKUP(B2340,'SINAPI INSUMOS'!$A$2:$F$4852,5,FALSE)=OR(\"\",0),VLOOKUP(B2340,'SINAPI INSUMOS'!$A$2:$F$4852,6,FALSE),VLOOKUP(B2340,'SINAPI INSUMOS'!$A$2:$F$4852,5,FALSE)),\"VERIFICAR\"))","v":6.22},6.32]
[]
[" 16.12.2 ","Código","Banco","Descrição","Tipo","Und","Quant.","Valor Unit","Total"]
["Composição",91864,"SINAPI","ELETRODUTO RÍGIDO ROSCÁVEL, PVC, DN 32 MM (1\"), PARA CIRCUITOS TERMINAIS, INSTALADO EM FORRO - FORNECIMENTO E INSTALAÇÃO. AF_03/2023","Instalações Elétricas - Eletrodutos Embutidos, Cabos, Caixas, Tomadas e Interruptores","M",1,{"$f":"I2343","v":17.12},{"$f":"SUM(I2344:I2346)","v":17.12}]
["Composição Auxiliar",88264,"SINAPI","ELETRICISTA COM ENCARGOS COMPLEMENTARES","Livro SINAPI: Cálculos e Parâmetros","H",0.13900000000000001,{"$f":"IF(A2344=\"Composição Auxiliar\",VLOOKUP(B2344,'SINAPI COMPOSIÇÃO'!$A$2:$E$10256,4,FALSE),IF(A2344=\"Insumo\",IF(VLOOKUP(B2344,'SINAPI INSUMOS'!$A$2:$F$4852,5,FALSE)=OR(\"\",0),VLOOKUP(B2344,'SINAPI INSUMOS'!$A$2:$F$4852,6,FALSE),VLOOKUP(B2344,'SINAPI INSUMOS'!$A$2:$F$4852,5,FALSE)),\"VERIFICAR\"))","v":28.06},{"$f":"TRUNC(G2344*H2344,2)","v":3.9}]
["Composição Auxiliar",88247,"SINAPI","AUXILIAR DE ELETRICISTA COM ENCARGOS COMPLEMENTARES","Livro SINAPI: Cálculos e Parâmetros","H",0.13900000000000001,{"$f":"IF(A2345=\"Composição Auxiliar\",VLOOKUP(B2345,'SINAPI COMPOSIÇÃO'!$A$2:$E$10256,4,FALSE),IF(A2345=\"Insumo\",IF(VLOOKUP(B2345,'SINAPI INSUMOS'!$A$2:$F$4852,5,FALSE)=OR(\"\",0),VLOOKUP(B2345,'SINAPI INSUMOS'!$A$2:$F$4852,6,FALSE),VLOOKUP(B2345,'SINAPI INSUMOS'!$A$2:$F$4852,5,FALSE)),\"VERIFICAR\"))","v":23.98},3.33]
["Insumo",2685,"SINAPI","ELETRODUTO DE PVC RIGIDO ROSCAVEL DE 1\", SEM LUVA","Material","M",1.0169999999999999,{"$f":"IF(A2346=\"Composição Auxiliar\",VLOOKUP(B2346,'SINAPI COMPOSIÇÃO'!$A$2:$E$10256,4,FALSE),IF(A2346=\"Insumo\",IF(VLOOKUP(B2346,'SINAPI INSUMOS'!$A$2:$F$4852,5,FALSE)=OR(\"\",0),VLOOKUP(B2346,'SINAPI INSUMOS'!$A$2:$F$4852,6,FALSE),VLOOKUP(B2346,'SINAPI INSUMOS'!$A$2:$F$4852,5,FALSE)),\"VERIFICAR\"))","v":9.73},9.89]
[]
[" 16.12.3 ","Código","Banco","Descrição","Tipo","Und","Quant.","Valor Unit","Total"]
["Composição",93009,"SINAPI","ELETRODUTO RÍGIDO ROSCÁVEL, PVC, DN 60 MM (2\"), PARA REDE ENTERRADA DE DISTRIBUIÇÃO DE ENERGIA ELÉTRICA - FORNECIMENTO E INSTALAÇÃO. AF_12/2021","Redes Enterradas de Distribuição Elétrica","M",1,{"$f":"I2349","v":32.29},{"$f":"SUM(I2350:I2352)","v":32.29}]
["Composição Auxiliar",88264,"SINAPI","ELETRICISTA COM ENCARGOS COMPLEMENTARES","Livro SINAPI: Cálculos e Parâmetros","H",0.129,{"$f":"IF(A2350=\"Composição Auxiliar\",VLOOKUP(B2350,'SINAPI COMPOSIÇÃO'!$A$2:$E$10256,4,FALSE),IF(A2350=\"Insumo\",IF(VLOOKUP(B2350,'SINAPI INSUMOS'!$A$2:$F$4852,5,FALSE)=OR(\"\",0),VLOOKUP(B2350,'SINAPI INSUMOS'!$A$2:$F$4852,6,FALSE),VLOOKUP(B2350,'SINAPI INSUMOS'!$A$2:$F$4852,5,FALSE)),\"VERIFICAR\"))","v":28.06},{"$f":"TRUNC(G2350*H2350,2)","v":3.61}]
["Composição Auxiliar",88247,"SINAPI","AUXILIAR DE ELETRICISTA COM ENCARGOS COMPLEMENTARES","Livro SINAPI: Cálculos e Parâmetros","H",0.129,{"$f":"IF(A2351=\"Composição Auxiliar\",VLOOKUP(B2351,'SINAPI COMPOSIÇÃO'!$A$2:$E$10256,4,FALSE),IF(A2351=\"Insumo\",IF(VLOOKUP(B2351,'SINAPI INSUMOS'!$A$2:$F$4852,5,FALSE)=OR(\"\",0),VLOOKUP(B2351,'SINAPI INSUMOS'!$A$2:$F$4852,6,FALSE),VLOOKUP(B2351,'SINAPI INSUMOS'!$A$2:$F$4852,5,FALSE)),\"VERIFICAR\"))","v":23.98},3.09]
["Insumo",2681,"SINAPI","ELETRODUTO DE PVC RIGIDO ROSCAVEL DE 2\", SEM LUVA","Material","M",1.1000000000000001,{"$f":"IF(A2352=\"Composição Auxiliar\",VLOOKUP(B2352,'SINAPI COMPOSIÇÃO'!$A$2:$E$10256,4,FALSE),IF(A2352=\"Insumo\",IF(VLOOKUP(B2352,'SINAPI INSUMOS'!$A$2:$F$4852,5,FALSE)=OR(\"\",0),VLOOKUP(B2352,'SINAPI INSUMOS'!$A$2:$F$4852,6,FALSE),VLOOKUP(B2352,'SINAPI INSUMOS'!$A$2:$F$4852,5,FALSE)),\"VERIFICAR\"))","v":23.27},25.59]
[]
[" 16.13 ",null,null,"INSTALAÇÕES ELÉTRICAS - TOMADAS / INTERRUPTORES / CAIXAS DE PASSAGEM"]
[" 16.13.1 ","Código","Banco","Descrição","Tipo","Und","Quant.","Valor Unit","Total"]
["Composição",92000,"SINAPI","TOMADA BAIXA DE EMBUTIR (1 MÓDULO), 2P+T 10 A, INCLUINDO SUPORTE E PLACA - FORNECIMENTO E INSTALAÇÃO. AF_03/2023","Instalações Elétricas - Eletrodutos Embutidos, Cabos, Caixas, Tomadas e Interruptores","UN",1,{"$f":"I2356","v":34.64},{"$f":"SUM(I2357:I2358)","v":34.64}]
["Composição Auxiliar",91998,"SINAPI","TOMADA BAIXA DE EMBUTIR (1 MÓDULO), 2P+T 10 A, SEM SUPORTE E SEM PLACA - FORNECIMENTO E INSTALAÇÃO. AF_03/2023","Instalações Elétricas - Eletrodutos Embutidos, Cabos, Caixas, Tomadas e Interruptores","UN",1,{"$f":"IF(A2357=\"Composição Auxiliar\",VLOOKUP(B2357,'SINAPI COMPOSIÇÃO'!$A$2:$E$10256,4,FALSE),IF(A2357=\"Insumo\",IF(VLOOKUP(B2357,'SINAPI INSUMOS'!$A$2:$F$4852,5,FALSE)=OR(\"\",0),VLOOKUP(B2357,'SINAPI INSUMOS'!$A$2:$F$4852,6,FALSE),VLOOKUP(B2357,'SINAPI INSUMOS'!$A$2:$F$4852,5,FALSE)),\"VERIFICAR\"))","v":22.43},{"$f":"TRUNC(G2357*H2357,2)","v":22.43}]
["Composição Auxiliar",91946,"SINAPI","SUPORTE PARAFUSADO COM PLACA DE ENCAIXE 4\" X 2\" MÉDIO (1,30 M DO PISO) PARA PONTO ELÉTRICO - FORNECIMENTO E INSTALAÇÃO. AF_03/2023","Instalações Elétricas - Eletrodutos Embutidos, Cabos, Caixas, Tomadas e Interruptores","UN",1,{"$f":"IF(A2358=\"Composição Auxiliar\",VLOOKUP(B2358,'SINAPI COMPOSIÇÃO'!$A$2:$E$10256,4,FALSE),IF(A2358=\"Insumo\",IF(VLOOKUP(B2358,'SINAPI INSUMOS'!$A$2:$F$4852,5,FALSE)=OR(\"\",0),VLOOKUP(B2358,'SINAPI INSUMOS'!$A$2:$F$4852,6,FALSE),VLOOKUP(B2358,'SINAPI INSUMOS'!$A$2:$F$4852,5,FALSE)),\"VERIFICAR\"))","v":12.21},12.21]
[]
[" 16.13.2 ","Código","Banco","Descrição","Tipo","Und","Quant.","Valor Unit","Total"]
["Composição",91953,"SINAPI","INTERRUPTOR SIMPLES (1 MÓDULO), 10A/250V, INCLUINDO SUPORTE E PLACA - FORNECIMENTO E INSTALAÇÃO. AF_03/2023","Instalações Elétricas - Eletrodutos Embutidos, Cabos, Caixas, Tomadas e Interruptores","UN",1,{"$f":"I2361","v":32.909999999999997},{"$f":"SUM(I2362:I2363)","v":32.909999999999997}]
["Composição Auxiliar",91946,"SINAPI","SUPORTE PARAFUSADO COM PLACA DE ENCAIXE 4\" X 2\" MÉDIO (1,30 M DO PISO) PARA PONTO ELÉTRICO - FORNECIMENTO E INSTALAÇÃO. AF_03/2023","Instalações Elétricas - Eletrodutos Embutidos, Cabos, Caixas, Tomadas e Interruptores","UN",1,{"$f":"IF(A2362=\"Composição Auxiliar\",VLOOKUP(B2362,'SINAPI COMPOSIÇÃO'!$A$2:$E$10256,4,FALSE),IF(A2362=\"Insumo\",IF(VLOOKUP(B2362,'SINAPI INSUMOS'!$A$2:$F$4852,5,FALSE)=OR(\"\",0),VLOOKUP(B2362,'SINAPI INSUMOS'!$A$2:$F$4852,6,FALSE),VLOOKUP(B2362,'SINAPI INSUMOS'!$A$2:$F$4852,5,FALSE)),\"VERIFICAR\"))","v":12.21},{"$f":"TRUNC(G2362*H2362,2)","v":12.21}]
["Composição Auxiliar",91952,"SINAPI","INTERRUPTOR SIMPLES (1 MÓDULO), 10A/250V, SEM SUPORTE E SEM PLACA - FORNECIMENTO E INSTALAÇÃO. AF_03/2023","Instalações Elétricas - Eletrodutos Embutidos, Cabos, Caixas, Tomadas e Interruptores","UN",1,{"$f":"IF(A2363=\"Composição Auxiliar\",VLOOKUP(B2363,'SINAPI COMPOSIÇÃO'!$A$2:$E$10256,4,FALSE),IF(A2363=\"Insumo\",IF(VLOOKUP(B2363,'SINAPI INSUMOS'!$A$2:$F$4852,5,FALSE)=OR(\"\",0),VLOOKUP(B2363,'SINAPI INSUMOS'!$A$2:$F$4852,6,FALSE),VLOOKUP(B2363,'SINAPI INSUMOS'!$A$2:$F$4852,5,FALSE)),\"VERIFICAR\"))","v":20.7},20.7]
[]
[" 16.13.3 ","Código","Banco","Descrição","Tipo","Und","Quant.","Valor Unit","Total"]
["Composição",91959,"SINAPI","INTERRUPTOR SIMPLES (2 MÓDULOS), 10A/250V, INCLUINDO SUPORTE E PLACA - FORNECIMENTO E INSTALAÇÃO. AF_03/2023","Instalações Elétricas - Eletrodutos Embutidos, Cabos, Caixas, Tomadas e Interruptores","UN",1,{"$f":"I2366","v":50.4},{"$f":"SUM(I2367:I2368)","v":50.4}]
["Composição Auxiliar",91958,"SINAPI","INTERRUPTOR SIMPLES (2 MÓDULOS), 10A/250V, SEM SUPORTE E SEM PLACA - FORNECIMENTO E INSTALAÇÃO. AF_03/2023","Instalações Elétricas - Eletrodutos Embutidos, Cabos, Caixas, Tomadas e Interruptores","UN",1,{"$f":"IF(A2367=\"Composição Auxiliar\",VLOOKUP(B2367,'SINAPI COMPOSIÇÃO'!$A$2:$E$10256,4,FALSE),IF(A2367=\"Insumo\",IF(VLOOKUP(B2367,'SINAPI INSUMOS'!$A$2:$F$4852,5,FALSE)=OR(\"\",0),VLOOKUP(B2367,'SINAPI INSUMOS'!$A$2:$F$4852,6,FALSE),VLOOKUP(B2367,'SINAPI INSUMOS'!$A$2:$F$4852,5,FALSE)),\"VERIFICAR\"))","v":38.19},{"$f":"TRUNC(G2367*H2367,2)","v":38.19}]
["Composição Auxiliar",91946,"SINAPI","SUPORTE PARAFUSADO COM PLACA DE ENCAIXE 4\" X 2\" MÉDIO (1,30 M DO PISO) PARA PONTO ELÉTRICO - FORNECIMENTO E INSTALAÇÃO. AF_03/2023","Instalações Elétricas - Eletrodutos Embutidos, Cabos, Caixas, Tomadas e Interruptores","UN",1,{"$f":"IF(A2368=\"Composição Auxiliar\",VLOOKUP(B2368,'SINAPI COMPOSIÇÃO'!$A$2:$E$10256,4,FALSE),IF(A2368=\"Insumo\",IF(VLOOKUP(B2368,'SINAPI INSUMOS'!$A$2:$F$4852,5,FALSE)=OR(\"\",0),VLOOKUP(B2368,'SINAPI INSUMOS'!$A$2:$F$4852,6,FALSE),VLOOKUP(B2368,'SINAPI INSUMOS'!$A$2:$F$4852,5,FALSE)),\"VERIFICAR\"))","v":12.21},12.21]
[]
[" 16.13.4 ","Código","Banco","Descrição","Tipo","Und","Quant.","Valor Unit","Total"]
["Composição",97891,"SINAPI","CAIXA ENTERRADA ELÉTRICA RETANGULAR, EM ALVENARIA COM BLOCOS DE CONCRETO, FUNDO COM BRITA, DIMENSÕES INTERNAS: 0,4X0,4X0,4 M. AF_12/2020","Caixas Enterradas","UN",1,{"$f":"I2371","v":233.78},{"$f":"SUM(I2372:I2378)","v":233.78}]
["Composição Auxiliar",100475,"SINAPI","ARGAMASSA TRAÇO 1:3 (EM VOLUME DE CIMENTO E AREIA MÉDIA ÚMIDA) COM ADIÇÃO DE IMPERMEABILIZANTE, PREPARO MECÂNICO COM BETONEIRA 400 L. AF_08/2019","Argamassas","m³",2.6100000000000002E-2,{"$f":"IF(A2372=\"Composição Auxiliar\",VLOOKUP(B2372,'SINAPI COMPOSIÇÃO'!$A$2:$E$10256,4,FALSE),IF(A2372=\"Insumo\",IF(VLOOKUP(B2372,'SINAPI INSUMOS'!$A$2:$F$4852,5,FALSE)=OR(\"\",0),VLOOKUP(B2372,'SINAPI INSUMOS'!$A$2:$F$4852,6,FALSE),VLOOKUP(B2372,'SINAPI INSUMOS'!$A$2:$F$4852,5,FALSE)),\"VERIFICAR\"))","v":948.11},{"$f":"TRUNC(G2372*H2372,2)","v":24.74}]
["Composição Auxiliar",88316,"SINAPI","SERVENTE COM ENCARGOS COMPLEMENTARES","Livro SINAPI: Cálculos e Parâmetros","H",1.0813999999999999,{"$f":"IF(A2373=\"Composição Auxiliar\",VLOOKUP(B2373,'SINAPI COMPOSIÇÃO'!$A$2:$E$10256,4,FALSE),IF(A2373=\"Insumo\",IF(VLOOKUP(B2373,'SINAPI INSUMOS'!$A$2:$F$4852,5,FALSE)=OR(\"\",0),VLOOKUP(B2373,'SINAPI INSUMOS'!$A$2:$F$4852,6,FALSE),VLOOKUP(B2373,'SINAPI INSUMOS'!$A$2:$F$4852,5,FALSE)),\"VERIFICAR\"))","v":21.32},23.05]
["Composição Auxiliar",97734,"SINAPI","PEÇA RETANGULAR PRÉ-MOLDADA, VOLUME DE CONCRETO DE 10 A 30 LITROS, TAXA DE AÇO APROXIMADA DE 30KG/M³. AF_03/2024","Estruturas Pré-Fabricadas e Pré-Moldadas","m³",2.52E-2,{"$f":"IF(A2374=\"Composição Auxiliar\",VLOOKUP(B2374,'SINAPI COMPOSIÇÃO'!$A$2:$E$10256,4,FALSE),IF(A2374=\"Insumo\",IF(VLOOKUP(B2374,'SINAPI INSUMOS'!$A$2:$F$4852,5,FALSE)=OR(\"\",0),VLOOKUP(B2374,'SINAPI INSUMOS'!$A$2:$F$4852,6,FALSE),VLOOKUP(B2374,'SINAPI INSUMOS'!$A$2:$F$4852,5,FALSE)),\"VERIFICAR\"))","v":3315.48},83.55]
["Composição Auxiliar",88309,"SINAPI","PEDREIRO COM ENCARGOS COMPLEMENTARES","Livro SINAPI: Cálculos e Parâmetros","H",1.3764000000000001,{"$f":"IF(A2375=\"Composição Auxiliar\",VLOOKUP(B2375,'SINAPI COMPOSIÇÃO'!$A$2:$E$10256,4,FALSE),IF(A2375=\"Insumo\",IF(VLOOKUP(B2375,'SINAPI INSUMOS'!$A$2:$F$4852,5,FALSE)=OR(\"\",0),VLOOKUP(B2375,'SINAPI INSUMOS'!$A$2:$F$4852,6,FALSE),VLOOKUP(B2375,'SINAPI INSUMOS'!$A$2:$F$4852,5,FALSE)),\"VERIFICAR\"))","v":27.58},37.96]
["Composição Auxiliar",101619,"SINAPI","PREPARO DE FUNDO DE VALA COM LARGURA MENOR QUE 1,5 M, COM CAMADA DE BRITA, LANÇAMENTO MANUAL. AF_01/2026","Escoramento e Preparo de Fundo de Valas","m³",4.9000000000000002E-2,{"$f":"IF(A2376=\"Composição Auxiliar\",VLOOKUP(B2376,'SINAPI COMPOSIÇÃO'!$A$2:$E$10256,4,FALSE),IF(A2376=\"Insumo\",IF(VLOOKUP(B2376,'SINAPI INSUMOS'!$A$2:$F$4852,5,FALSE)=OR(\"\",0),VLOOKUP(B2376,'SINAPI INSUMOS'!$A$2:$F$4852,6,FALSE),VLOOKUP(B2376,'SINAPI INSUMOS'!$A$2:$F$4852,5,FALSE)),\"VERIFICAR\"))","v":515.71},25.26]
["Composição Auxiliar",87316,"SINAPI","ARGAMASSA TRAÇO 1:4 (EM VOLUME DE CIMENTO E AREIA GROSSA ÚMIDA) PARA CHAPISCO CONVENCIONAL, PREPARO MECÂNICO COM BETONEIRA 400 L. AF_08/2019","Argamassas","m³",6.4000000000000003E-3,{"$f":"IF(A2377=\"Composição Auxiliar\",VLOOKUP(B2377,'SINAPI COMPOSIÇÃO'!$A$2:$E$10256,4,FALSE),IF(A2377=\"Insumo\",IF(VLOOKUP(B2377,'SINAPI INSUMOS'!$A$2:$F$4852,5,FALSE)=OR(\"\",0),VLOOKUP(B2377,'SINAPI INSUMOS'!$A$2:$F$4852,6,FALSE),VLOOKUP(B2377,'SINAPI INSUMOS'!$A$2:$F$4852,5,FALSE)),\"VERIFICAR\"))","v":641.82000000000005},4.0999999999999996]
["Insumo",650,"SINAPI","BLOCO DE VEDACAO DE CONCRETO, 9 X 19 X 39 CM (CLASSE C - NBR 6136)","Material","UN",10.036099999999999,{"$f":"IF(A2378=\"Composição Auxiliar\",VLOOKUP(B2378,'SINAPI COMPOSIÇÃO'!$A$2:$E$10256,4,FALSE),IF(A2378=\"Insumo\",IF(VLOOKUP(B2378,'SINAPI INSUMOS'!$A$2:$F$4852,5,FALSE)=OR(\"\",0),VLOOKUP(B2378,'SINAPI INSUMOS'!$A$2:$F$4852,6,FALSE),VLOOKUP(B2378,'SINAPI INSUMOS'!$A$2:$F$4852,5,FALSE)),\"VERIFICAR\"))","v":3.5},35.119999999999997]
[]
[" 16.13.5 ","Código","Banco","Descrição","Tipo","Und","Quant.","Valor Unit","Total"]
["Composição",97892,"SINAPI","CAIXA ENTERRADA ELÉTRICA RETANGULAR, EM ALVENARIA COM BLOCOS DE CONCRETO, FUNDO COM BRITA, DIMENSÕES INTERNAS: 0,6X0,6X0,6 M. AF_12/2020","Caixas Enterradas","UN",1,{"$f":"I2381","v":438.80999999999995},{"$f":"SUM(I2382:I2390)","v":438.80999999999995}]
["Composição Auxiliar",5679,"SINAPI","RETROESCAVADEIRA SOBRE RODAS COM CARREGADEIRA, TRAÇÃO 4X4, POTÊNCIA LÍQ. 88 HP, CAÇAMBA CARREG. CAP. MÍN. 1 M3, CAÇAMBA RETRO CAP. 0,26 M3, PESO OPERACIONAL MÍN. 6.674 KG, PROFUNDIDADE ESCAVAÇÃO MÁX. 4,37 M - CHI DIURNO. AF_06/2014","Custos Horários Produtivo e Improdutivo dos Equipamentos","CHI",1.78E-2,{"$f":"IF(A2382=\"Composição Auxiliar\",VLOOKUP(B2382,'SINAPI COMPOSIÇÃO'!$A$2:$E$10256,4,FALSE),IF(A2382=\"Insumo\",IF(VLOOKUP(B2382,'SINAPI INSUMOS'!$A$2:$F$4852,5,FALSE)=OR(\"\",0),VLOOKUP(B2382,'SINAPI INSUMOS'!$A$2:$F$4852,6,FALSE),VLOOKUP(B2382,'SINAPI INSUMOS'!$A$2:$F$4852,5,FALSE)),\"VERIFICAR\"))","v":60.32},{"$f":"TRUNC(G2382*H2382,2)","v":1.07}]
["Composição Auxiliar",97735,"SINAPI","PEÇA RETANGULAR PRÉ-MOLDADA, VOLUME DE CONCRETO DE 30 A 100 LITROS, TAXA DE AÇO APROXIMADA DE 30KG/M³. AF_03/2024","Estruturas Pré-Fabricadas e Pré-Moldadas","m³",4.48E-2,{"$f":"IF(A2383=\"Composição Auxiliar\",VLOOKUP(B2383,'SINAPI COMPOSIÇÃO'!$A$2:$E$10256,4,FALSE),IF(A2383=\"Insumo\",IF(VLOOKUP(B2383,'SINAPI INSUMOS'!$A$2:$F$4852,5,FALSE)=OR(\"\",0),VLOOKUP(B2383,'SINAPI INSUMOS'!$A$2:$F$4852,6,FALSE),VLOOKUP(B2383,'SINAPI INSUMOS'!$A$2:$F$4852,5,FALSE)),\"VERIFICAR\"))","v":2791.89},125.07]
["Composição Auxiliar",87316,"SINAPI","ARGAMASSA TRAÇO 1:4 (EM VOLUME DE CIMENTO E AREIA GROSSA ÚMIDA) PARA CHAPISCO CONVENCIONAL, PREPARO MECÂNICO COM BETONEIRA 400 L. AF_08/2019","Argamassas","m³",1.3599999999999999E-2,{"$f":"IF(A2384=\"Composição Auxiliar\",VLOOKUP(B2384,'SINAPI COMPOSIÇÃO'!$A$2:$E$10256,4,FALSE),IF(A2384=\"Insumo\",IF(VLOOKUP(B2384,'SINAPI INSUMOS'!$A$2:$F$4852,5,FALSE)=OR(\"\",0),VLOOKUP(B2384,'SINAPI INSUMOS'!$A$2:$F$4852,6,FALSE),VLOOKUP(B2384,'SINAPI INSUMOS'!$A$2:$F$4852,5,FALSE)),\"VERIFICAR\"))","v":641.82000000000005},8.7200000000000006]
["Composição Auxiliar",5678,"SINAPI","RETROESCAVADEIRA SOBRE RODAS COM CARREGADEIRA, TRAÇÃO 4X4, POTÊNCIA LÍQ. 88 HP, CAÇAMBA CARREG. CAP. MÍN. 1 M3, CAÇAMBA RETRO CAP. 0,26 M3, PESO OPERACIONAL MÍN. 6.674 KG, PROFUNDIDADE ESCAVAÇÃO MÁX. 4,37 M - CHP DIURNO. AF_06/2014","Custos Horários Produtivo e Improdutivo dos Equipamentos","CHP",8.6999999999999994E-3,{"$f":"IF(A2385=\"Composição Auxiliar\",VLOOKUP(B2385,'SINAPI COMPOSIÇÃO'!$A$2:$E$10256,4,FALSE),IF(A2385=\"Insumo\",IF(VLOOKUP(B2385,'SINAPI INSUMOS'!$A$2:$F$4852,5,FALSE)=OR(\"\",0),VLOOKUP(B2385,'SINAPI INSUMOS'!$A$2:$F$4852,6,FALSE),VLOOKUP(B2385,'SINAPI INSUMOS'!$A$2:$F$4852,5,FALSE)),\"VERIFICAR\"))","v":148.24},1.28]
["Composição Auxiliar",88309,"SINAPI","PEDREIRO COM ENCARGOS COMPLEMENTARES","Livro SINAPI: Cálculos e Parâmetros","H",2.9802,{"$f":"IF(A2386=\"Composição Auxiliar\",VLOOKUP(B2386,'SINAPI COMPOSIÇÃO'!$A$2:$E$10256,4,FALSE),IF(A2386=\"Insumo\",IF(VLOOKUP(B2386,'SINAPI INSUMOS'!$A$2:$F$4852,5,FALSE)=OR(\"\",0),VLOOKUP(B2386,'SINAPI INSUMOS'!$A$2:$F$4852,6,FALSE),VLOOKUP(B2386,'SINAPI INSUMOS'!$A$2:$F$4852,5,FALSE)),\"VERIFICAR\"))","v":27.58},82.19]
["Composição Auxiliar",88316,"SINAPI","SERVENTE COM ENCARGOS COMPLEMENTARES","Livro SINAPI: Cálculos e Parâmetros","H",2.3416000000000001,{"$f":"IF(A2387=\"Composição Auxiliar\",VLOOKUP(B2387,'SINAPI COMPOSIÇÃO'!$A$2:$E$10256,4,FALSE),IF(A2387=\"Insumo\",IF(VLOOKUP(B2387,'SINAPI INSUMOS'!$A$2:$F$4852,5,FALSE)=OR(\"\",0),VLOOKUP(B2387,'SINAPI INSUMOS'!$A$2:$F$4852,6,FALSE),VLOOKUP(B2387,'SINAPI INSUMOS'!$A$2:$F$4852,5,FALSE)),\"VERIFICAR\"))","v":21.32},49.92]
["Composição Auxiliar",100475,"SINAPI","ARGAMASSA TRAÇO 1:3 (EM VOLUME DE CIMENTO E AREIA MÉDIA ÚMIDA) COM ADIÇÃO DE IMPERMEABILIZANTE, PREPARO MECÂNICO COM BETONEIRA 400 L. AF_08/2019","Argamassas","m³",5.7500000000000002E-2,{"$f":"IF(A2388=\"Composição Auxiliar\",VLOOKUP(B2388,'SINAPI COMPOSIÇÃO'!$A$2:$E$10256,4,FALSE),IF(A2388=\"Insumo\",IF(VLOOKUP(B2388,'SINAPI INSUMOS'!$A$2:$F$4852,5,FALSE)=OR(\"\",0),VLOOKUP(B2388,'SINAPI INSUMOS'!$A$2:$F$4852,6,FALSE),VLOOKUP(B2388,'SINAPI INSUMOS'!$A$2:$F$4852,5,FALSE)),\"VERIFICAR\"))","v":948.11},54.51]
["Composição Auxiliar",101619,"SINAPI","PREPARO DE FUNDO DE VALA COM LARGURA MENOR QUE 1,5 M, COM CAMADA DE BRITA, LANÇAMENTO MANUAL. AF_01/2026","Escoramento e Preparo de Fundo de Valas","m³",8.1000000000000003E-2,{"$f":"IF(A2389=\"Composição Auxiliar\",VLOOKUP(B2389,'SINAPI COMPOSIÇÃO'!$A$2:$E$10256,4,FALSE),IF(A2389=\"Insumo\",IF(VLOOKUP(B2389,'SINAPI INSUMOS'!$A$2:$F$4852,5,FALSE)=OR(\"\",0),VLOOKUP(B2389,'SINAPI INSUMOS'!$A$2:$F$4852,6,FALSE),VLOOKUP(B2389,'SINAPI INSUMOS'!$A$2:$F$4852,5,FALSE)),\"VERIFICAR\"))","v":515.71},41.77]
["Insumo",650,"SINAPI","BLOCO DE VEDACAO DE CONCRETO, 9 X 19 X 39 CM (CLASSE C - NBR 6136)","Material","UN",21.225300000000001,{"$f":"IF(A2390=\"Composição Auxiliar\",VLOOKUP(B2390,'SINAPI COMPOSIÇÃO'!$A$2:$E$10256,4,FALSE),IF(A2390=\"Insumo\",IF(VLOOKUP(B2390,'SINAPI INSUMOS'!$A$2:$F$4852,5,FALSE)=OR(\"\",0),VLOOKUP(B2390,'SINAPI INSUMOS'!$A$2:$F$4852,6,FALSE),VLOOKUP(B2390,'SINAPI INSUMOS'!$A$2:$F$4852,5,FALSE)),\"VERIFICAR\"))","v":3.5},74.28]
[]
[" 16.14 ",null,null,"INSTALAÇÕES ELÉTRICAS - CABOS E FIOS"]
[" 16.14.1 ","Código","Banco","Descrição","Tipo","Und","Quant.","Valor Unit","Total"]
["Composição",91926,"SINAPI","CABO DE COBRE FLEXÍVEL ISOLADO, 2,5 MM², ANTI-CHAMA 450/750 V, PARA CIRCUITOS TERMINAIS - FORNECIMENTO E INSTALAÇÃO. AF_03/2023","Instalações Elétricas - Eletrodutos Embutidos, Cabos, Caixas, Tomadas e Interruptores","M",1,{"$f":"I2394","v":4.9899999999999993},{"$f":"SUM(I2395:I2398)","v":4.9899999999999993}]
["Composição Auxiliar",88247,"SINAPI","AUXILIAR DE ELETRICISTA COM ENCARGOS COMPLEMENTARES","Livro SINAPI: Cálculos e Parâmetros","H",2.9000000000000001E-2,{"$f":"IF(A2395=\"Composição Auxiliar\",VLOOKUP(B2395,'SINAPI COMPOSIÇÃO'!$A$2:$E$10256,4,FALSE),IF(A2395=\"Insumo\",IF(VLOOKUP(B2395,'SINAPI INSUMOS'!$A$2:$F$4852,5,FALSE)=OR(\"\",0),VLOOKUP(B2395,'SINAPI INSUMOS'!$A$2:$F$4852,6,FALSE),VLOOKUP(B2395,'SINAPI INSUMOS'!$A$2:$F$4852,5,FALSE)),\"VERIFICAR\"))","v":23.98},{"$f":"TRUNC(G2395*H2395,2)","v":0.69}]
["Composição Auxiliar",88264,"SINAPI","ELETRICISTA COM ENCARGOS COMPLEMENTARES","Livro SINAPI: Cálculos e Parâmetros","H",2.9000000000000001E-2,{"$f":"IF(A2396=\"Composição Auxiliar\",VLOOKUP(B2396,'SINAPI COMPOSIÇÃO'!$A$2:$E$10256,4,FALSE),IF(A2396=\"Insumo\",IF(VLOOKUP(B2396,'SINAPI INSUMOS'!$A$2:$F$4852,5,FALSE)=OR(\"\",0),VLOOKUP(B2396,'SINAPI INSUMOS'!$A$2:$F$4852,6,FALSE),VLOOKUP(B2396,'SINAPI INSUMOS'!$A$2:$F$4852,5,FALSE)),\"VERIFICAR\"))","v":28.06},0.81]
["Insumo",1014,"SINAPI","CABO DE COBRE, FLEXIVEL, CLASSE 4 OU 5, ISOLACAO EM PVC/A, ANTICHAMA BWF-B, 1 CONDUTOR, 450/750 V, SECAO NOMINAL 2,5 MM2","Material","M",1.2434000000000001,{"$f":"IF(A2397=\"Composição Auxiliar\",VLOOKUP(B2397,'SINAPI COMPOSIÇÃO'!$A$2:$E$10256,4,FALSE),IF(A2397=\"Insumo\",IF(VLOOKUP(B2397,'SINAPI INSUMOS'!$A$2:$F$4852,5,FALSE)=OR(\"\",0),VLOOKUP(B2397,'SINAPI INSUMOS'!$A$2:$F$4852,6,FALSE),VLOOKUP(B2397,'SINAPI INSUMOS'!$A$2:$F$4852,5,FALSE)),\"VERIFICAR\"))","v":2.77},3.44]
["Insumo",21127,"SINAPI","FITA ISOLANTE ADESIVA ANTICHAMA, USO ATE 750 V, EM ROLO DE 19 MM X 5 M","Material","UN",9.4000000000000004E-3,{"$f":"IF(A2398=\"Composição Auxiliar\",VLOOKUP(B2398,'SINAPI COMPOSIÇÃO'!$A$2:$E$10256,4,FALSE),IF(A2398=\"Insumo\",IF(VLOOKUP(B2398,'SINAPI INSUMOS'!$A$2:$F$4852,5,FALSE)=OR(\"\",0),VLOOKUP(B2398,'SINAPI INSUMOS'!$A$2:$F$4852,6,FALSE),VLOOKUP(B2398,'SINAPI INSUMOS'!$A$2:$F$4852,5,FALSE)),\"VERIFICAR\"))","v":6.11},0.05]
[]
[" 16.15 ",null,null,"INSTALAÇÕES ELÉTRICAS - QUADROS"]
[" 16.15.1 ","Código","Banco","Descrição","Tipo","Und","Quant.","Valor Unit","Total"]
["Composição",101879,"SINAPI","QUADRO DE DISTRIBUIÇÃO DE ENERGIA EM CHAPA DE AÇO GALVANIZADO, DE EMBUTIR, COM BARRAMENTO TRIFÁSICO, PARA 24 DISJUNTORES DIN 100A - FORNECIMENTO E INSTALAÇÃO. AF_07/2025","Instalações Elétricas - Quadros, Cabos, Disjuntores, Contatores e Barramentos Blindados","UN",1,{"$f":"I2402","v":594.97},{"$f":"SUM(I2403:I2406)","v":594.97}]
["Composição Auxiliar",87367,"SINAPI","ARGAMASSA TRAÇO 1:1:6 (EM VOLUME DE CIMENTO, CAL E AREIA MÉDIA ÚMIDA) PARA EMBOÇO/MASSA ÚNICA/ASSENTAMENTO DE ALVENARIA DE VEDAÇÃO, PREPARO MANUAL. AF_08/2019","Argamassas","m³",1.44E-2,{"$f":"IF(A2403=\"Composição Auxiliar\",VLOOKUP(B2403,'SINAPI COMPOSIÇÃO'!$A$2:$E$10256,4,FALSE),IF(A2403=\"Insumo\",IF(VLOOKUP(B2403,'SINAPI INSUMOS'!$A$2:$F$4852,5,FALSE)=OR(\"\",0),VLOOKUP(B2403,'SINAPI INSUMOS'!$A$2:$F$4852,6,FALSE),VLOOKUP(B2403,'SINAPI INSUMOS'!$A$2:$F$4852,5,FALSE)),\"VERIFICAR\"))","v":863.29},{"$f":"TRUNC(G2403*H2403,2)","v":12.43}]
["Composição Auxiliar",88264,"SINAPI","ELETRICISTA COM ENCARGOS COMPLEMENTARES","Livro SINAPI: Cálculos e Parâmetros","H",1.657,{"$f":"IF(A2404=\"Composição Auxiliar\",VLOOKUP(B2404,'SINAPI COMPOSIÇÃO'!$A$2:$E$10256,4,FALSE),IF(A2404=\"Insumo\",IF(VLOOKUP(B2404,'SINAPI INSUMOS'!$A$2:$F$4852,5,FALSE)=OR(\"\",0),VLOOKUP(B2404,'SINAPI INSUMOS'!$A$2:$F$4852,6,FALSE),VLOOKUP(B2404,'SINAPI INSUMOS'!$A$2:$F$4852,5,FALSE)),\"VERIFICAR\"))","v":28.06},46.49]
["Composição Auxiliar",88247,"SINAPI","AUXILIAR DE ELETRICISTA COM ENCARGOS COMPLEMENTARES","Livro SINAPI: Cálculos e Parâmetros","H",1.657,{"$f":"IF(A2405=\"Composição Auxiliar\",VLOOKUP(B2405,'SINAPI COMPOSIÇÃO'!$A$2:$E$10256,4,FALSE),IF(A2405=\"Insumo\",IF(VLOOKUP(B2405,'SINAPI INSUMOS'!$A$2:$F$4852,5,FALSE)=OR(\"\",0),VLOOKUP(B2405,'SINAPI INSUMOS'!$A$2:$F$4852,6,FALSE),VLOOKUP(B2405,'SINAPI INSUMOS'!$A$2:$F$4852,5,FALSE)),\"VERIFICAR\"))","v":23.98},39.729999999999997]
["Insumo",12039,"SINAPI","QUADRO DE DISTRIBUICAO COM BARRAMENTO TRIFASICO, DE EMBUTIR, EM CHAPA DE ACO GALVANIZADO, PARA 24 DISJUNTORES DIN, 100 A","Material","UN",1,{"$f":"IF(A2406=\"Composição Auxiliar\",VLOOKUP(B2406,'SINAPI COMPOSIÇÃO'!$A$2:$E$10256,4,FALSE),IF(A2406=\"Insumo\",IF(VLOOKUP(B2406,'SINAPI INSUMOS'!$A$2:$F$4852,5,FALSE)=OR(\"\",0),VLOOKUP(B2406,'SINAPI INSUMOS'!$A$2:$F$4852,6,FALSE),VLOOKUP(B2406,'SINAPI INSUMOS'!$A$2:$F$4852,5,FALSE)),\"VERIFICAR\"))","v":496.32},496.32]
[]
[" 16.15.2 ","Código","Banco","Descrição","Tipo","Und","Quant.","Valor Unit","Total"]
["Composição",93672,"SINAPI","DISJUNTOR TRIPOLAR TIPO DIN, CORRENTE NOMINAL DE 40A - FORNECIMENTO E INSTALAÇÃO. AF_07/2025","Instalações Elétricas - Quadros, Cabos, Disjuntores, Contatores e Barramentos Blindados","UN",1,{"$f":"I2409","v":89.22},{"$f":"SUM(I2410:I2413)","v":89.22}]
["Composição Auxiliar",88247,"SINAPI","AUXILIAR DE ELETRICISTA COM ENCARGOS COMPLEMENTARES","Livro SINAPI: Cálculos e Parâmetros","H",0.38141900000000001,{"$f":"IF(A2410=\"Composição Auxiliar\",VLOOKUP(B2410,'SINAPI COMPOSIÇÃO'!$A$2:$E$10256,4,FALSE),IF(A2410=\"Insumo\",IF(VLOOKUP(B2410,'SINAPI INSUMOS'!$A$2:$F$4852,5,FALSE)=OR(\"\",0),VLOOKUP(B2410,'SINAPI INSUMOS'!$A$2:$F$4852,6,FALSE),VLOOKUP(B2410,'SINAPI INSUMOS'!$A$2:$F$4852,5,FALSE)),\"VERIFICAR\"))","v":23.98},{"$f":"TRUNC(G2410*H2410,2)","v":9.14}]
["Composição Auxiliar",88264,"SINAPI","ELETRICISTA COM ENCARGOS COMPLEMENTARES","Livro SINAPI: Cálculos e Parâmetros","H",0.38141900000000001,{"$f":"IF(A2411=\"Composição Auxiliar\",VLOOKUP(B2411,'SINAPI COMPOSIÇÃO'!$A$2:$E$10256,4,FALSE),IF(A2411=\"Insumo\",IF(VLOOKUP(B2411,'SINAPI INSUMOS'!$A$2:$F$4852,5,FALSE)=OR(\"\",0),VLOOKUP(B2411,'SINAPI INSUMOS'!$A$2:$F$4852,6,FALSE),VLOOKUP(B2411,'SINAPI INSUMOS'!$A$2:$F$4852,5,FALSE)),\"VERIFICAR\"))","v":28.06},10.7]
["Insumo",1574,"SINAPI","TERMINAL A COMPRESSAO EM COBRE ESTANHADO PARA CABO 10 MM2, 1 FURO E 1 COMPRESSAO, PARA PARAFUSO DE FIXACAO M6","Material","UN",3,{"$f":"IF(A2412=\"Composição Auxiliar\",VLOOKUP(B2412,'SINAPI COMPOSIÇÃO'!$A$2:$E$10256,4,FALSE),IF(A2412=\"Insumo\",IF(VLOOKUP(B2412,'SINAPI INSUMOS'!$A$2:$F$4852,5,FALSE)=OR(\"\",0),VLOOKUP(B2412,'SINAPI INSUMOS'!$A$2:$F$4852,6,FALSE),VLOOKUP(B2412,'SINAPI INSUMOS'!$A$2:$F$4852,5,FALSE)),\"VERIFICAR\"))","v":1.98},5.94]
["Insumo",34709,"SINAPI","DISJUNTOR TERMOMAGNETICO PARA TRILHO DIN (IEC), TRIPOLAR, 10 - 50 A","Material","UN",1,{"$f":"IF(A2413=\"Composição Auxiliar\",VLOOKUP(B2413,'SINAPI COMPOSIÇÃO'!$A$2:$E$10256,4,FALSE),IF(A2413=\"Insumo\",IF(VLOOKUP(B2413,'SINAPI INSUMOS'!$A$2:$F$4852,5,FALSE)=OR(\"\",0),VLOOKUP(B2413,'SINAPI INSUMOS'!$A$2:$F$4852,6,FALSE),VLOOKUP(B2413,'SINAPI INSUMOS'!$A$2:$F$4852,5,FALSE)),\"VERIFICAR\"))","v":63.44},63.44]
[]
[" 16.15.3 ","Código","Banco","Descrição","Tipo","Und","Quant.","Valor Unit","Total"]
["Composição",93660,"SINAPI","DISJUNTOR BIPOLAR TIPO DIN, CORRENTE NOMINAL DE 10A - FORNECIMENTO E INSTALAÇÃO. AF_07/2025","Instalações Elétricas - Quadros, Cabos, Disjuntores, Contatores e Barramentos Blindados","UN",1,{"$f":"I2416","v":57.81},{"$f":"SUM(I2417:I2420)","v":57.81}]
["Composição Auxiliar",88264,"SINAPI","ELETRICISTA COM ENCARGOS COMPLEMENTARES","Livro SINAPI: Cálculos e Parâmetros","H",7.0857000000000003E-2,{"$f":"IF(A2417=\"Composição Auxiliar\",VLOOKUP(B2417,'SINAPI COMPOSIÇÃO'!$A$2:$E$10256,4,FALSE),IF(A2417=\"Insumo\",IF(VLOOKUP(B2417,'SINAPI INSUMOS'!$A$2:$F$4852,5,FALSE)=OR(\"\",0),VLOOKUP(B2417,'SINAPI INSUMOS'!$A$2:$F$4852,6,FALSE),VLOOKUP(B2417,'SINAPI INSUMOS'!$A$2:$F$4852,5,FALSE)),\"VERIFICAR\"))","v":28.06},{"$f":"TRUNC(G2417*H2417,2)","v":1.98}]
["Composição Auxiliar",88247,"SINAPI","AUXILIAR DE ELETRICISTA COM ENCARGOS COMPLEMENTARES","Livro SINAPI: Cálculos e Parâmetros","H",7.0857000000000003E-2,{"$f":"IF(A2418=\"Composição Auxiliar\",VLOOKUP(B2418,'SINAPI COMPOSIÇÃO'!$A$2:$E$10256,4,FALSE),IF(A2418=\"Insumo\",IF(VLOOKUP(B2418,'SINAPI INSUMOS'!$A$2:$F$4852,5,FALSE)=OR(\"\",0),VLOOKUP(B2418,'SINAPI INSUMOS'!$A$2:$F$4852,6,FALSE),VLOOKUP(B2418,'SINAPI INSUMOS'!$A$2:$F$4852,5,FALSE)),\"VERIFICAR\"))","v":23.98},1.69]
["Insumo",1570,"SINAPI","TERMINAL A COMPRESSAO EM COBRE ESTANHADO PARA CABO 2,5 MM2, 1 FURO E 1 COMPRESSAO, PARA PARAFUSO DE FIXACAO M5","Material","UN",2,{"$f":"IF(A2419=\"Composição Auxiliar\",VLOOKUP(B2419,'SINAPI COMPOSIÇÃO'!$A$2:$E$10256,4,FALSE),IF(A2419=\"Insumo\",IF(VLOOKUP(B2419,'SINAPI INSUMOS'!$A$2:$F$4852,5,FALSE)=OR(\"\",0),VLOOKUP(B2419,'SINAPI INSUMOS'!$A$2:$F$4852,6,FALSE),VLOOKUP(B2419,'SINAPI INSUMOS'!$A$2:$F$4852,5,FALSE)),\"VERIFICAR\"))","v":1.18},2.36]
["Insumo",34616,"SINAPI","DISJUNTOR TERMOMAGNETICO PARA TRILHO DIN (IEC), BIPOLAR, 6 - 32 A","Material","UN",1,{"$f":"IF(A2420=\"Composição Auxiliar\",VLOOKUP(B2420,'SINAPI COMPOSIÇÃO'!$A$2:$E$10256,4,FALSE),IF(A2420=\"Insumo\",IF(VLOOKUP(B2420,'SINAPI INSUMOS'!$A$2:$F$4852,5,FALSE)=OR(\"\",0),VLOOKUP(B2420,'SINAPI INSUMOS'!$A$2:$F$4852,6,FALSE),VLOOKUP(B2420,'SINAPI INSUMOS'!$A$2:$F$4852,5,FALSE)),\"VERIFICAR\"))","v":51.78},51.78]
[]
[" 16.15.4 ","Código","Banco","Descrição","Tipo","Und","Quant.","Valor Unit","Total"]
["Composição",93653,"SINAPI","DISJUNTOR MONOPOLAR TIPO DIN, CORRENTE NOMINAL DE 10A - FORNECIMENTO E INSTALAÇÃO. AF_07/2025","Instalações Elétricas - Quadros, Cabos, Disjuntores, Contatores e Barramentos Blindados","UN",1,{"$f":"I2423","v":12.04},{"$f":"SUM(I2424:I2427)","v":12.04}]
["Composição Auxiliar",88247,"SINAPI","AUXILIAR DE ELETRICISTA COM ENCARGOS COMPLEMENTARES","Livro SINAPI: Cálculos e Parâmetros","H",3.5428000000000001E-2,{"$f":"IF(A2424=\"Composição Auxiliar\",VLOOKUP(B2424,'SINAPI COMPOSIÇÃO'!$A$2:$E$10256,4,FALSE),IF(A2424=\"Insumo\",IF(VLOOKUP(B2424,'SINAPI INSUMOS'!$A$2:$F$4852,5,FALSE)=OR(\"\",0),VLOOKUP(B2424,'SINAPI INSUMOS'!$A$2:$F$4852,6,FALSE),VLOOKUP(B2424,'SINAPI INSUMOS'!$A$2:$F$4852,5,FALSE)),\"VERIFICAR\"))","v":23.98},{"$f":"TRUNC(G2424*H2424,2)","v":0.84}]
["Composição Auxiliar",88264,"SINAPI","ELETRICISTA COM ENCARGOS COMPLEMENTARES","Livro SINAPI: Cálculos e Parâmetros","H",3.5428000000000001E-2,{"$f":"IF(A2425=\"Composição Auxiliar\",VLOOKUP(B2425,'SINAPI COMPOSIÇÃO'!$A$2:$E$10256,4,FALSE),IF(A2425=\"Insumo\",IF(VLOOKUP(B2425,'SINAPI INSUMOS'!$A$2:$F$4852,5,FALSE)=OR(\"\",0),VLOOKUP(B2425,'SINAPI INSUMOS'!$A$2:$F$4852,6,FALSE),VLOOKUP(B2425,'SINAPI INSUMOS'!$A$2:$F$4852,5,FALSE)),\"VERIFICAR\"))","v":28.06},0.99]
["Insumo",1570,"SINAPI","TERMINAL A COMPRESSAO EM COBRE ESTANHADO PARA CABO 2,5 MM2, 1 FURO E 1 COMPRESSAO, PARA PARAFUSO DE FIXACAO M5","Material","UN",1,{"$f":"IF(A2426=\"Composição Auxiliar\",VLOOKUP(B2426,'SINAPI COMPOSIÇÃO'!$A$2:$E$10256,4,FALSE),IF(A2426=\"Insumo\",IF(VLOOKUP(B2426,'SINAPI INSUMOS'!$A$2:$F$4852,5,FALSE)=OR(\"\",0),VLOOKUP(B2426,'SINAPI INSUMOS'!$A$2:$F$4852,6,FALSE),VLOOKUP(B2426,'SINAPI INSUMOS'!$A$2:$F$4852,5,FALSE)),\"VERIFICAR\"))","v":1.18},1.18]
["Insumo",34653,"SINAPI","DISJUNTOR TERMOMAGNETICO PARA TRILHO DIN (IEC), MONOPOLAR, 6 - 32 A","Material","UN",1,{"$f":"IF(A2427=\"Composição Auxiliar\",VLOOKUP(B2427,'SINAPI COMPOSIÇÃO'!$A$2:$E$10256,4,FALSE),IF(A2427=\"Insumo\",IF(VLOOKUP(B2427,'SINAPI INSUMOS'!$A$2:$F$4852,5,FALSE)=OR(\"\",0),VLOOKUP(B2427,'SINAPI INSUMOS'!$A$2:$F$4852,6,FALSE),VLOOKUP(B2427,'SINAPI INSUMOS'!$A$2:$F$4852,5,FALSE)),\"VERIFICAR\"))","v":9.0299999999999994},9.0299999999999994]
[]
[" 16.16 ",null,null,"ATERRAMENTO"]
[" 16.16.1 ","Código","Banco","Descrição","Tipo","Und","Quant.","Valor Unit","Total"]
["Composição",93358,"SINAPI","ESCAVAÇÃO MANUAL DE VALA. AF_09/2024","Escavação de Valas","m³",1,{"$f":"I2431","v":84.33},{"$f":"I2432","v":84.33}]
["Composição Auxiliar",88316,"SINAPI","SERVENTE COM ENCARGOS COMPLEMENTARES","Livro SINAPI: Cálculos e Parâmetros","H",3.9557666999999999,{"$f":"IF(A2432=\"Composição Auxiliar\",VLOOKUP(B2432,'SINAPI COMPOSIÇÃO'!$A$2:$E$10256,4,FALSE),IF(A2432=\"Insumo\",IF(VLOOKUP(B2432,'SINAPI INSUMOS'!$A$2:$F$4852,5,FALSE)=OR(\"\",0),VLOOKUP(B2432,'SINAPI INSUMOS'!$A$2:$F$4852,6,FALSE),VLOOKUP(B2432,'SINAPI INSUMOS'!$A$2:$F$4852,5,FALSE)),\"VERIFICAR\"))","v":21.32},{"$f":"TRUNC(G2432*H2432,2)","v":84.33}]
[]
[" 16.16.2 ","Código","Banco","Descrição","Tipo","Und","Quant.","Valor Unit","Total"]
["Composição",98111,"SINAPI","CAIXA DE INSPEÇÃO PARA ATERRAMENTO, CIRCULAR, EM POLIETILENO, DIÂMETRO INTERNO = 0,3 M. AF_12/2020","Caixas Enterradas","UN",1,{"$f":"I2435","v":64.87},{"$f":"SUM(I2436:I2439)","v":64.87}]
["Composição Auxiliar",101618,"SINAPI","PREPARO DE FUNDO DE VALA COM LARGURA MENOR QUE 1,5 M, COM CAMADA DE AREIA, LANÇAMENTO MANUAL. AF_01/2026","Escoramento e Preparo de Fundo de Valas","m³",1.41E-2,{"$f":"IF(A2436=\"Composição Auxiliar\",VLOOKUP(B2436,'SINAPI COMPOSIÇÃO'!$A$2:$E$10256,4,FALSE),IF(A2436=\"Insumo\",IF(VLOOKUP(B2436,'SINAPI INSUMOS'!$A$2:$F$4852,5,FALSE)=OR(\"\",0),VLOOKUP(B2436,'SINAPI INSUMOS'!$A$2:$F$4852,6,FALSE),VLOOKUP(B2436,'SINAPI INSUMOS'!$A$2:$F$4852,5,FALSE)),\"VERIFICAR\"))","v":285.98},{"$f":"TRUNC(G2436*H2436,2)","v":4.03}]
["Composição Auxiliar",88309,"SINAPI","PEDREIRO COM ENCARGOS COMPLEMENTARES","Livro SINAPI: Cálculos e Parâmetros","H",0.1384,{"$f":"IF(A2437=\"Composição Auxiliar\",VLOOKUP(B2437,'SINAPI COMPOSIÇÃO'!$A$2:$E$10256,4,FALSE),IF(A2437=\"Insumo\",IF(VLOOKUP(B2437,'SINAPI INSUMOS'!$A$2:$F$4852,5,FALSE)=OR(\"\",0),VLOOKUP(B2437,'SINAPI INSUMOS'!$A$2:$F$4852,6,FALSE),VLOOKUP(B2437,'SINAPI INSUMOS'!$A$2:$F$4852,5,FALSE)),\"VERIFICAR\"))","v":27.58},3.81]
["Composição Auxiliar",88316,"SINAPI","SERVENTE COM ENCARGOS COMPLEMENTARES","Livro SINAPI: Cálculos e Parâmetros","H",0.10879999999999999,{"$f":"IF(A2438=\"Composição Auxiliar\",VLOOKUP(B2438,'SINAPI COMPOSIÇÃO'!$A$2:$E$10256,4,FALSE),IF(A2438=\"Insumo\",IF(VLOOKUP(B2438,'SINAPI INSUMOS'!$A$2:$F$4852,5,FALSE)=OR(\"\",0),VLOOKUP(B2438,'SINAPI INSUMOS'!$A$2:$F$4852,6,FALSE),VLOOKUP(B2438,'SINAPI INSUMOS'!$A$2:$F$4852,5,FALSE)),\"VERIFICAR\"))","v":21.32},2.31]
["Insumo",34643,"SINAPI","CAIXA DE INSPECAO PARA ATERRAMENTO E PARA RAIOS, EM POLIPROPILENO, DIAMETRO = 300 MM X ALTURA = 400 MM (INCLUIDA TAMPA SEM ESCOTILHA)","Material","UN",1,{"$f":"IF(A2439=\"Composição Auxiliar\",VLOOKUP(B2439,'SINAPI COMPOSIÇÃO'!$A$2:$E$10256,4,FALSE),IF(A2439=\"Insumo\",IF(VLOOKUP(B2439,'SINAPI INSUMOS'!$A$2:$F$4852,5,FALSE)=OR(\"\",0),VLOOKUP(B2439,'SINAPI INSUMOS'!$A$2:$F$4852,6,FALSE),VLOOKUP(B2439,'SINAPI INSUMOS'!$A$2:$F$4852,5,FALSE)),\"VERIFICAR\"))","v":54.72},54.72]
[]
[" 16.16.3 ","Código","Banco","Descrição","Tipo","Und","Quant.","Valor Unit","Total"]
["Composição",96985,"SINAPI","HASTE DE ATERRAMENTO, DIÂMETRO 5/8\", COM 3 METROS - FORNECIMENTO E INSTALAÇÃO. AF_08/2023","Sistema de Proteção contra Descargas Atmosféricas - SPDA","UN",1,{"$f":"I2442","v":86.56},{"$f":"SUM(I2443:I2445)","v":86.56}]
["Composição Auxiliar",88247,"SINAPI","AUXILIAR DE ELETRICISTA COM ENCARGOS COMPLEMENTARES","Livro SINAPI: Cálculos e Parâmetros","H",0.24840000000000001,{"$f":"IF(A2443=\"Composição Auxiliar\",VLOOKUP(B2443,'SINAPI COMPOSIÇÃO'!$A$2:$E$10256,4,FALSE),IF(A2443=\"Insumo\",IF(VLOOKUP(B2443,'SINAPI INSUMOS'!$A$2:$F$4852,5,FALSE)=OR(\"\",0),VLOOKUP(B2443,'SINAPI INSUMOS'!$A$2:$F$4852,6,FALSE),VLOOKUP(B2443,'SINAPI INSUMOS'!$A$2:$F$4852,5,FALSE)),\"VERIFICAR\"))","v":23.98},{"$f":"TRUNC(G2443*H2443,2)","v":5.95}]
["Composição Auxiliar",88264,"SINAPI","ELETRICISTA COM ENCARGOS COMPLEMENTARES","Livro SINAPI: Cálculos e Parâmetros","H",0.24840000000000001,{"$f":"IF(A2444=\"Composição Auxiliar\",VLOOKUP(B2444,'SINAPI COMPOSIÇÃO'!$A$2:$E$10256,4,FALSE),IF(A2444=\"Insumo\",IF(VLOOKUP(B2444,'SINAPI INSUMOS'!$A$2:$F$4852,5,FALSE)=OR(\"\",0),VLOOKUP(B2444,'SINAPI INSUMOS'!$A$2:$F$4852,6,FALSE),VLOOKUP(B2444,'SINAPI INSUMOS'!$A$2:$F$4852,5,FALSE)),\"VERIFICAR\"))","v":28.06},6.97]
["Insumo",3379,"SINAPI","HASTE DE ATERRAMENTO EM ACO COM 3,00 M DE COMPRIMENTO E DN = 5/8\", REVESTIDA COM BAIXA CAMADA DE COBRE, SEM CONECTOR","Material","UN",1,{"$f":"IF(A2445=\"Composição Auxiliar\",VLOOKUP(B2445,'SINAPI COMPOSIÇÃO'!$A$2:$E$10256,4,FALSE),IF(A2445=\"Insumo\",IF(VLOOKUP(B2445,'SINAPI INSUMOS'!$A$2:$F$4852,5,FALSE)=OR(\"\",0),VLOOKUP(B2445,'SINAPI INSUMOS'!$A$2:$F$4852,6,FALSE),VLOOKUP(B2445,'SINAPI INSUMOS'!$A$2:$F$4852,5,FALSE)),\"VERIFICAR\"))","v":73.64},73.64]
[]
[" 16.16.4 ","Código","Banco","Descrição","Tipo","Und","Quant.","Valor Unit","Total"]
["Composição","96983-M","SINAPI","SOLDA EXOTÉRMICA PARA SPDA - FORNECIMENTO E INSTALAÇÃO. AF_08/2023","Sistema de Proteção contra Descargas Atmosféricas - SPDA","UN",1,{"$f":"I2448","v":62.410000000000004},{"$f":"SUM(I2449:I2451)","v":62.410000000000004}]
["Composição Auxiliar",88264,"SINAPI","ELETRICISTA COM ENCARGOS COMPLEMENTARES","Livro SINAPI: Cálculos e Parâmetros","H",0.62109999999999999,{"$f":"IF(A2449=\"Composição Auxiliar\",VLOOKUP(B2449,'SINAPI COMPOSIÇÃO'!$A$2:$E$10256,4,FALSE),IF(A2449=\"Insumo\",IF(VLOOKUP(B2449,'SINAPI INSUMOS'!$A$2:$F$4852,5,FALSE)=OR(\"\",0),VLOOKUP(B2449,'SINAPI INSUMOS'!$A$2:$F$4852,6,FALSE),VLOOKUP(B2449,'SINAPI INSUMOS'!$A$2:$F$4852,5,FALSE)),\"VERIFICAR\"))","v":28.06},{"$f":"TRUNC(G2449*H2449,2)","v":17.420000000000002}]
["Composição Auxiliar",88247,"SINAPI","AUXILIAR DE ELETRICISTA COM ENCARGOS COMPLEMENTARES","Livro SINAPI: Cálculos e Parâmetros","H",0.62109999999999999,{"$f":"IF(A2450=\"Composição Auxiliar\",VLOOKUP(B2450,'SINAPI COMPOSIÇÃO'!$A$2:$E$10256,4,FALSE),IF(A2450=\"Insumo\",IF(VLOOKUP(B2450,'SINAPI INSUMOS'!$A$2:$F$4852,5,FALSE)=OR(\"\",0),VLOOKUP(B2450,'SINAPI INSUMOS'!$A$2:$F$4852,6,FALSE),VLOOKUP(B2450,'SINAPI INSUMOS'!$A$2:$F$4852,5,FALSE)),\"VERIFICAR\"))","v":23.98},14.89]
["Insumo",10139,"SBC","CARTUCHO SOLDA EXOTERMICA NR150 GRAMAS EXOSOLDA","Material","UN",1,30.1,30.1]
[]
[" 16.16.5 ","Código","Banco","Descrição","Tipo","Und","Quant.","Valor Unit","Total"]
["Composição",96973,"SINAPI","CORDOALHA DE COBRE NU 35 MM², NÃO ENTERRADA, COM ISOLADOR - FORNECIMENTO E INSTALAÇÃO. AF_08/2023","Sistema de Proteção contra Descargas Atmosféricas - SPDA","M",1,{"$f":"I2454","v":78.22},{"$f":"SUM(I2455:I2458)","v":78.22}]
["Composição Auxiliar",98463,"SINAPI","SUPORTE ISOLADOR PARA FIXAÇÃO DA CORDOALHA DE COBRE EM ALVENARIA OU CONCRETO - FORNECIMENTO E INSTALAÇÃO. AF_08/2023","Sistema de Proteção contra Descargas Atmosféricas - SPDA","UN",0.66669999999999996,{"$f":"IF(A2455=\"Composição Auxiliar\",VLOOKUP(B2455,'SINAPI COMPOSIÇÃO'!$A$2:$E$10256,4,FALSE),IF(A2455=\"Insumo\",IF(VLOOKUP(B2455,'SINAPI INSUMOS'!$A$2:$F$4852,5,FALSE)=OR(\"\",0),VLOOKUP(B2455,'SINAPI INSUMOS'!$A$2:$F$4852,6,FALSE),VLOOKUP(B2455,'SINAPI INSUMOS'!$A$2:$F$4852,5,FALSE)),\"VERIFICAR\"))","v":25.68},{"$f":"TRUNC(G2455*H2455,2)","v":17.12}]
["Composição Auxiliar",88264,"SINAPI","ELETRICISTA COM ENCARGOS COMPLEMENTARES","Livro SINAPI: Cálculos e Parâmetros","H",0.24840000000000001,{"$f":"IF(A2456=\"Composição Auxiliar\",VLOOKUP(B2456,'SINAPI COMPOSIÇÃO'!$A$2:$E$10256,4,FALSE),IF(A2456=\"Insumo\",IF(VLOOKUP(B2456,'SINAPI INSUMOS'!$A$2:$F$4852,5,FALSE)=OR(\"\",0),VLOOKUP(B2456,'SINAPI INSUMOS'!$A$2:$F$4852,6,FALSE),VLOOKUP(B2456,'SINAPI INSUMOS'!$A$2:$F$4852,5,FALSE)),\"VERIFICAR\"))","v":28.06},6.97]
["Composição Auxiliar",88247,"SINAPI","AUXILIAR DE ELETRICISTA COM ENCARGOS COMPLEMENTARES","Livro SINAPI: Cálculos e Parâmetros","H",0.24840000000000001,{"$f":"IF(A2457=\"Composição Auxiliar\",VLOOKUP(B2457,'SINAPI COMPOSIÇÃO'!$A$2:$E$10256,4,FALSE),IF(A2457=\"Insumo\",IF(VLOOKUP(B2457,'SINAPI INSUMOS'!$A$2:$F$4852,5,FALSE)=OR(\"\",0),VLOOKUP(B2457,'SINAPI INSUMOS'!$A$2:$F$4852,6,FALSE),VLOOKUP(B2457,'SINAPI INSUMOS'!$A$2:$F$4852,5,FALSE)),\"VERIFICAR\"))","v":23.98},5.95]
["Insumo",863,"SINAPI","CABO DE COBRE NU 35 MM2 MEIO-DURO","Material","M",1.05,{"$f":"IF(A2458=\"Composição Auxiliar\",VLOOKUP(B2458,'SINAPI COMPOSIÇÃO'!$A$2:$E$10256,4,FALSE),IF(A2458=\"Insumo\",IF(VLOOKUP(B2458,'SINAPI INSUMOS'!$A$2:$F$4852,5,FALSE)=OR(\"\",0),VLOOKUP(B2458,'SINAPI INSUMOS'!$A$2:$F$4852,6,FALSE),VLOOKUP(B2458,'SINAPI INSUMOS'!$A$2:$F$4852,5,FALSE)),\"VERIFICAR\"))","v":45.89},48.18]
[]
[" 16.17 ",null,null,"PAREDES E PAINÉIS"]
[" 16.17.1 ","Código","Banco","Descrição","Tipo","Und","Quant.","Valor Unit","Total"]
["Composição",103328,"SINAPI","ALVENARIA DE VEDAÇÃO DE BLOCOS CERÂMICOS FURADOS NA HORIZONTAL DE 9X19X19 CM (ESPESSURA 9 CM) E ARGAMASSA DE ASSENTAMENTO COM PREPARO EM BETONEIRA. AF_12/2021","Alvenaria de Vedação","m²",1,{"$f":"I2462","v":99.72},{"$f":"SUM(I2463:I2468)","v":99.72}]
["Composição Auxiliar",88309,"SINAPI","PEDREIRO COM ENCARGOS COMPLEMENTARES","Livro SINAPI: Cálculos e Parâmetros","H",1.61,{"$f":"IF(A2463=\"Composição Auxiliar\",VLOOKUP(B2463,'SINAPI COMPOSIÇÃO'!$A$2:$E$10256,4,FALSE),IF(A2463=\"Insumo\",IF(VLOOKUP(B2463,'SINAPI INSUMOS'!$A$2:$F$4852,5,FALSE)=OR(\"\",0),VLOOKUP(B2463,'SINAPI INSUMOS'!$A$2:$F$4852,6,FALSE),VLOOKUP(B2463,'SINAPI INSUMOS'!$A$2:$F$4852,5,FALSE)),\"VERIFICAR\"))","v":27.58},{"$f":"TRUNC(G2463*H2463,2)","v":44.4}]
["Composição Auxiliar",87292,"SINAPI","ARGAMASSA TRAÇO 1:2:8 (EM VOLUME DE CIMENTO, CAL E AREIA MÉDIA ÚMIDA) PARA EMBOÇO/MASSA ÚNICA/ASSENTAMENTO DE ALVENARIA DE VEDAÇÃO, PREPARO MECÂNICO COM BETONEIRA 400 L. AF_08/2019","Argamassas","m³",9.1000000000000004E-3,{"$f":"IF(A2464=\"Composição Auxiliar\",VLOOKUP(B2464,'SINAPI COMPOSIÇÃO'!$A$2:$E$10256,4,FALSE),IF(A2464=\"Insumo\",IF(VLOOKUP(B2464,'SINAPI INSUMOS'!$A$2:$F$4852,5,FALSE)=OR(\"\",0),VLOOKUP(B2464,'SINAPI INSUMOS'!$A$2:$F$4852,6,FALSE),VLOOKUP(B2464,'SINAPI INSUMOS'!$A$2:$F$4852,5,FALSE)),\"VERIFICAR\"))","v":715.95},6.51]
["Composição Auxiliar",88316,"SINAPI","SERVENTE COM ENCARGOS COMPLEMENTARES","Livro SINAPI: Cálculos e Parâmetros","H",0.80500000000000005,{"$f":"IF(A2465=\"Composição Auxiliar\",VLOOKUP(B2465,'SINAPI COMPOSIÇÃO'!$A$2:$E$10256,4,FALSE),IF(A2465=\"Insumo\",IF(VLOOKUP(B2465,'SINAPI INSUMOS'!$A$2:$F$4852,5,FALSE)=OR(\"\",0),VLOOKUP(B2465,'SINAPI INSUMOS'!$A$2:$F$4852,6,FALSE),VLOOKUP(B2465,'SINAPI INSUMOS'!$A$2:$F$4852,5,FALSE)),\"VERIFICAR\"))","v":21.32},17.16]
["Insumo",37395,"SINAPI","PINO DE ACO COM FURO, HASTE = 27 MM (ACAO DIRETA)","Material","CENTO",5.0000000000000001E-3,{"$f":"IF(A2466=\"Composição Auxiliar\",VLOOKUP(B2466,'SINAPI COMPOSIÇÃO'!$A$2:$E$10256,4,FALSE),IF(A2466=\"Insumo\",IF(VLOOKUP(B2466,'SINAPI INSUMOS'!$A$2:$F$4852,5,FALSE)=OR(\"\",0),VLOOKUP(B2466,'SINAPI INSUMOS'!$A$2:$F$4852,6,FALSE),VLOOKUP(B2466,'SINAPI INSUMOS'!$A$2:$F$4852,5,FALSE)),\"VERIFICAR\"))","v":41.93},0.2]
["Insumo",7271,"SINAPI","BLOCO CERAMICO / TIJOLO VAZADO PARA ALVENARIA DE VEDACAO, 8 FUROS NA HORIZONTAL DE 9 X 19 X 19 CM (L X A X C)","Material","UN",28.31,{"$f":"IF(A2467=\"Composição Auxiliar\",VLOOKUP(B2467,'SINAPI COMPOSIÇÃO'!$A$2:$E$10256,4,FALSE),IF(A2467=\"Insumo\",IF(VLOOKUP(B2467,'SINAPI INSUMOS'!$A$2:$F$4852,5,FALSE)=OR(\"\",0),VLOOKUP(B2467,'SINAPI INSUMOS'!$A$2:$F$4852,6,FALSE),VLOOKUP(B2467,'SINAPI INSUMOS'!$A$2:$F$4852,5,FALSE)),\"VERIFICAR\"))","v":1.08},30.57]
["Insumo",34557,"SINAPI","TELA DE ACO SOLDADA GALVANIZADA/ZINCADA PARA ALVENARIA, FIO D = *1,20 A 1,70* MM, MALHA 15 X 15 MM, (C X L) *50 X 7,5* CM","Material","M",0.42,{"$f":"IF(A2468=\"Composição Auxiliar\",VLOOKUP(B2468,'SINAPI COMPOSIÇÃO'!$A$2:$E$10256,4,FALSE),IF(A2468=\"Insumo\",IF(VLOOKUP(B2468,'SINAPI INSUMOS'!$A$2:$F$4852,5,FALSE)=OR(\"\",0),VLOOKUP(B2468,'SINAPI INSUMOS'!$A$2:$F$4852,6,FALSE),VLOOKUP(B2468,'SINAPI INSUMOS'!$A$2:$F$4852,5,FALSE)),\"VERIFICAR\"))","v":2.1},0.88]
[]
[" 16.17.2 ","Código","Banco","Descrição","Tipo","Und","Quant.","Valor Unit","Total"]
["Composição",105022,"SINAPI","VERGA PRÉ-MOLDADA COM ATÉ 1,5 M DE VÃO, ESPESSURA DE *10* CM. AF_03/2024","Vergas, contravergas e fixação de alvenaria","M",1,{"$f":"I2471","v":23.310000000000002},{"$f":"SUM(I2472:I2479)","v":23.310000000000002}]
["Composição Auxiliar",88316,"SINAPI","SERVENTE COM ENCARGOS COMPLEMENTARES","Livro SINAPI: Cálculos e Parâmetros","H",8.1000000000000003E-2,{"$f":"IF(A2472=\"Composição Auxiliar\",VLOOKUP(B2472,'SINAPI COMPOSIÇÃO'!$A$2:$E$10256,4,FALSE),IF(A2472=\"Insumo\",IF(VLOOKUP(B2472,'SINAPI INSUMOS'!$A$2:$F$4852,5,FALSE)=OR(\"\",0),VLOOKUP(B2472,'SINAPI INSUMOS'!$A$2:$F$4852,6,FALSE),VLOOKUP(B2472,'SINAPI INSUMOS'!$A$2:$F$4852,5,FALSE)),\"VERIFICAR\"))","v":21.32},{"$f":"TRUNC(G2472*H2472,2)","v":1.72}]
["Composição Auxiliar",94964,"SINAPI","CONCRETO FCK = 20MPA, TRAÇO 1:2,7:3 (EM MASSA SECA DE CIMENTO/ AREIA MÉDIA/ BRITA 1) - PREPARO MECÂNICO COM BETONEIRA 400 L. AF_05/2021","Produção de Concreto","m³",0.01,{"$f":"IF(A2473=\"Composição Auxiliar\",VLOOKUP(B2473,'SINAPI COMPOSIÇÃO'!$A$2:$E$10256,4,FALSE),IF(A2473=\"Insumo\",IF(VLOOKUP(B2473,'SINAPI INSUMOS'!$A$2:$F$4852,5,FALSE)=OR(\"\",0),VLOOKUP(B2473,'SINAPI INSUMOS'!$A$2:$F$4852,6,FALSE),VLOOKUP(B2473,'SINAPI INSUMOS'!$A$2:$F$4852,5,FALSE)),\"VERIFICAR\"))","v":744.47},7.44]
["Composição Auxiliar",87294,"SINAPI","ARGAMASSA TRAÇO 1:2:9 (EM VOLUME DE CIMENTO, CAL E AREIA MÉDIA ÚMIDA) PARA EMBOÇO/MASSA ÚNICA/ASSENTAMENTO DE ALVENARIA DE VEDAÇÃO, PREPARO MECÂNICO COM BETONEIRA 600 L. AF_08/2019","Argamassas","m³",1.2999999999999999E-3,{"$f":"IF(A2474=\"Composição Auxiliar\",VLOOKUP(B2474,'SINAPI COMPOSIÇÃO'!$A$2:$E$10256,4,FALSE),IF(A2474=\"Insumo\",IF(VLOOKUP(B2474,'SINAPI INSUMOS'!$A$2:$F$4852,5,FALSE)=OR(\"\",0),VLOOKUP(B2474,'SINAPI INSUMOS'!$A$2:$F$4852,6,FALSE),VLOOKUP(B2474,'SINAPI INSUMOS'!$A$2:$F$4852,5,FALSE)),\"VERIFICAR\"))","v":682.44},0.88]
["Composição Auxiliar",88309,"SINAPI","PEDREIRO COM ENCARGOS COMPLEMENTARES","Livro SINAPI: Cálculos e Parâmetros","H",4.1000000000000002E-2,{"$f":"IF(A2475=\"Composição Auxiliar\",VLOOKUP(B2475,'SINAPI COMPOSIÇÃO'!$A$2:$E$10256,4,FALSE),IF(A2475=\"Insumo\",IF(VLOOKUP(B2475,'SINAPI INSUMOS'!$A$2:$F$4852,5,FALSE)=OR(\"\",0),VLOOKUP(B2475,'SINAPI INSUMOS'!$A$2:$F$4852,6,FALSE),VLOOKUP(B2475,'SINAPI INSUMOS'!$A$2:$F$4852,5,FALSE)),\"VERIFICAR\"))","v":27.58},1.1299999999999999]
["Composição Auxiliar",92270,"SINAPI","FABRICAÇÃO DE FÔRMA PARA VIGAS, COM MADEIRA SERRADA, E = 25 MM. AF_09/2020","Fôrmas para Estruturas de Concreto Armado","m²",3.9E-2,{"$f":"IF(A2476=\"Composição Auxiliar\",VLOOKUP(B2476,'SINAPI COMPOSIÇÃO'!$A$2:$E$10256,4,FALSE),IF(A2476=\"Insumo\",IF(VLOOKUP(B2476,'SINAPI INSUMOS'!$A$2:$F$4852,5,FALSE)=OR(\"\",0),VLOOKUP(B2476,'SINAPI INSUMOS'!$A$2:$F$4852,6,FALSE),VLOOKUP(B2476,'SINAPI INSUMOS'!$A$2:$F$4852,5,FALSE)),\"VERIFICAR\"))","v":139.44},5.43]
["Composição Auxiliar",92801,"SINAPI","CORTE E DOBRA DE AÇO CA-50, DIÂMETRO DE 6,3 MM. AF_06/2022","Armação para Estruturas de Concreto Armado","KG",0.49,{"$f":"IF(A2477=\"Composição Auxiliar\",VLOOKUP(B2477,'SINAPI COMPOSIÇÃO'!$A$2:$E$10256,4,FALSE),IF(A2477=\"Insumo\",IF(VLOOKUP(B2477,'SINAPI INSUMOS'!$A$2:$F$4852,5,FALSE)=OR(\"\",0),VLOOKUP(B2477,'SINAPI INSUMOS'!$A$2:$F$4852,6,FALSE),VLOOKUP(B2477,'SINAPI INSUMOS'!$A$2:$F$4852,5,FALSE)),\"VERIFICAR\"))","v":10.95},5.36]
["Insumo",2692,"SINAPI","DESMOLDANTE PROTETOR PARA FORMAS DE MADEIRA, DE BASE OLEOSA EMULSIONADA EM AGUA","Material","L",5.0000000000000001E-3,{"$f":"IF(A2478=\"Composição Auxiliar\",VLOOKUP(B2478,'SINAPI COMPOSIÇÃO'!$A$2:$E$10256,4,FALSE),IF(A2478=\"Insumo\",IF(VLOOKUP(B2478,'SINAPI INSUMOS'!$A$2:$F$4852,5,FALSE)=OR(\"\",0),VLOOKUP(B2478,'SINAPI INSUMOS'!$A$2:$F$4852,6,FALSE),VLOOKUP(B2478,'SINAPI INSUMOS'!$A$2:$F$4852,5,FALSE)),\"VERIFICAR\"))","v":7.67},0.03]
["Insumo",39017,"SINAPI","ESPACADOR / DISTANCIADOR CIRCULAR COM ENTRADA LATERAL, EM PLASTICO, PARA VERGALHAO *4,2 A 12,5* MM, COBRIMENTO 20 MM","Material","UN",6,{"$f":"IF(A2479=\"Composição Auxiliar\",VLOOKUP(B2479,'SINAPI COMPOSIÇÃO'!$A$2:$E$10256,4,FALSE),IF(A2479=\"Insumo\",IF(VLOOKUP(B2479,'SINAPI INSUMOS'!$A$2:$F$4852,5,FALSE)=OR(\"\",0),VLOOKUP(B2479,'SINAPI INSUMOS'!$A$2:$F$4852,6,FALSE),VLOOKUP(B2479,'SINAPI INSUMOS'!$A$2:$F$4852,5,FALSE)),\"VERIFICAR\"))","v":0.22},1.32]
[]
[" 16.18 ",null,null,"ESQUADRIAS DE MADEIRA"]
[" 16.18.1 ","Código","Banco","Descrição","Tipo","Und","Quant.","Valor Unit","Total"]
["Composição"," 11ª SR - COMP. 31 ","Próprio","KIT DE PORTA DE MADEIRA REVESTIDA EM LAMINADO MELAMÍNICO, SEMI-OCA (LEVE OU MÉDIA), PADRÃO MÉDIO, 60X210CM, ESPESSURA DE 3,5CM, ITENS INCLUSOS: DOBRADIÇAS, MONTAGEM E INSTALAÇÃO DE BATENTE, FECHADURA COM EXECUÇÃO DO FURO - FORNECIMENTO E INSTALAÇÃO. AF_10/2025","Esquadrias - Portas","UN",1,{"$f":"I2483","v":1440.86},{"$f":"SUM(I2484:I2492)","v":1440.86}]
["Composição Auxiliar",100709,"SINAPI","DOBRADIÇA EM AÇO/FERRO, 3\" X 21/2\", E=1,9 A 2MM, SEN ANEL, CROMADO OU ZINCADO, TAMPA BOLA, COM PARAFUSOS. AF_10/2025","Esquadrias - Portas","UN",3,{"$f":"IF(A2484=\"Composição Auxiliar\",VLOOKUP(B2484,'SINAPI COMPOSIÇÃO'!$A$2:$E$10256,4,FALSE),IF(A2484=\"Insumo\",IF(VLOOKUP(B2484,'SINAPI INSUMOS'!$A$2:$F$4852,5,FALSE)=OR(\"\",0),VLOOKUP(B2484,'SINAPI INSUMOS'!$A$2:$F$4852,6,FALSE),VLOOKUP(B2484,'SINAPI INSUMOS'!$A$2:$F$4852,5,FALSE)),\"VERIFICAR\"))","v":52.63},{"$f":"TRUNC(G2484*H2484,2)","v":157.88999999999999}]
["Composição Auxiliar",88261,"SINAPI","CARPINTEIRO DE ESQUADRIAS COM ENCARGOS COMPLEMENTARES","Livro SINAPI: Cálculos e Parâmetros","H",2,{"$f":"IF(A2485=\"Composição Auxiliar\",VLOOKUP(B2485,'SINAPI COMPOSIÇÃO'!$A$2:$E$10256,4,FALSE),IF(A2485=\"Insumo\",IF(VLOOKUP(B2485,'SINAPI INSUMOS'!$A$2:$F$4852,5,FALSE)=OR(\"\",0),VLOOKUP(B2485,'SINAPI INSUMOS'!$A$2:$F$4852,6,FALSE),VLOOKUP(B2485,'SINAPI INSUMOS'!$A$2:$F$4852,5,FALSE)),\"VERIFICAR\"))","v":25.73},51.46]
["Composição Auxiliar",100659,"SINAPI","ALIZAR DE 5X1,5CM PARA PORTA FIXADO COM PREGOS, PADRÃO MÉDIO - FORNECIMENTO E INSTALAÇÃO. AF_10/2025","Esquadrias - Portas","M",9.6,{"$f":"IF(A2486=\"Composição Auxiliar\",VLOOKUP(B2486,'SINAPI COMPOSIÇÃO'!$A$2:$E$10256,4,FALSE),IF(A2486=\"Insumo\",IF(VLOOKUP(B2486,'SINAPI INSUMOS'!$A$2:$F$4852,5,FALSE)=OR(\"\",0),VLOOKUP(B2486,'SINAPI INSUMOS'!$A$2:$F$4852,6,FALSE),VLOOKUP(B2486,'SINAPI INSUMOS'!$A$2:$F$4852,5,FALSE)),\"VERIFICAR\"))","v":10.78},103.48]
["Composição Auxiliar",91009,"SINAPI","PORTA DE MADEIRA PARA VERNIZ, SEMI-OCA (LEVE OU MÉDIA), 60X210CM, ESPESSURA DE 3,5CM, INCLUSO DOBRADIÇAS - FORNECIMENTO E INSTALAÇÃO. AF_10/2025","Esquadrias - Portas","UN",1,{"$f":"IF(A2487=\"Composição Auxiliar\",VLOOKUP(B2487,'SINAPI COMPOSIÇÃO'!$A$2:$E$10256,4,FALSE),IF(A2487=\"Insumo\",IF(VLOOKUP(B2487,'SINAPI INSUMOS'!$A$2:$F$4852,5,FALSE)=OR(\"\",0),VLOOKUP(B2487,'SINAPI INSUMOS'!$A$2:$F$4852,6,FALSE),VLOOKUP(B2487,'SINAPI INSUMOS'!$A$2:$F$4852,5,FALSE)),\"VERIFICAR\"))","v":353.65},353.65]
["Composição Auxiliar",90806,"SINAPI","BATENTE PARA PORTA DE MADEIRA, FIXAÇÃO COM ARGAMASSA, PADRÃO MÉDIO - FORNECIMENTO E INSTALAÇÃO. AF_10/2025","Esquadrias - Portas","UN",1,{"$f":"IF(A2488=\"Composição Auxiliar\",VLOOKUP(B2488,'SINAPI COMPOSIÇÃO'!$A$2:$E$10256,4,FALSE),IF(A2488=\"Insumo\",IF(VLOOKUP(B2488,'SINAPI INSUMOS'!$A$2:$F$4852,5,FALSE)=OR(\"\",0),VLOOKUP(B2488,'SINAPI INSUMOS'!$A$2:$F$4852,6,FALSE),VLOOKUP(B2488,'SINAPI INSUMOS'!$A$2:$F$4852,5,FALSE)),\"VERIFICAR\"))","v":437.22},437.22]
["Composição Auxiliar",90831,"SINAPI","FECHADURA DE EMBUTIR SEM CILINDRO, PARA PORTA DE BANHEIRO, COMPLETA, ACABAMENTO PADRÃO MÉDIO, INCLUSO EXECUÇÃO DE FURO - FORNECIMENTO E INSTALAÇÃO. AF_10/2025","Esquadrias - Portas","UN",1,{"$f":"IF(A2489=\"Composição Auxiliar\",VLOOKUP(B2489,'SINAPI COMPOSIÇÃO'!$A$2:$E$10256,4,FALSE),IF(A2489=\"Insumo\",IF(VLOOKUP(B2489,'SINAPI INSUMOS'!$A$2:$F$4852,5,FALSE)=OR(\"\",0),VLOOKUP(B2489,'SINAPI INSUMOS'!$A$2:$F$4852,6,FALSE),VLOOKUP(B2489,'SINAPI INSUMOS'!$A$2:$F$4852,5,FALSE)),\"VERIFICAR\"))","v":178.56},178.56]
["Composição Auxiliar",88316,"SINAPI","SERVENTE COM ENCARGOS COMPLEMENTARES","Livro SINAPI: Cálculos e Parâmetros","H",1,{"$f":"IF(A2490=\"Composição Auxiliar\",VLOOKUP(B2490,'SINAPI COMPOSIÇÃO'!$A$2:$E$10256,4,FALSE),IF(A2490=\"Insumo\",IF(VLOOKUP(B2490,'SINAPI INSUMOS'!$A$2:$F$4852,5,FALSE)=OR(\"\",0),VLOOKUP(B2490,'SINAPI INSUMOS'!$A$2:$F$4852,6,FALSE),VLOOKUP(B2490,'SINAPI INSUMOS'!$A$2:$F$4852,5,FALSE)),\"VERIFICAR\"))","v":21.32},21.32]
["Insumo",4791,"SINAPI","ADESIVO ACRILICO DE BASE AQUOSA / COLA DE CONTATO","Material","KG",0.5,{"$f":"IF(A2491=\"Composição Auxiliar\",VLOOKUP(B2491,'SINAPI COMPOSIÇÃO'!$A$2:$E$10256,4,FALSE),IF(A2491=\"Insumo\",IF(VLOOKUP(B2491,'SINAPI INSUMOS'!$A$2:$F$4852,5,FALSE)=OR(\"\",0),VLOOKUP(B2491,'SINAPI INSUMOS'!$A$2:$F$4852,6,FALSE),VLOOKUP(B2491,'SINAPI INSUMOS'!$A$2:$F$4852,5,FALSE)),\"VERIFICAR\"))","v":26.66},13.33]
["Insumo",1340,"SINAPI","CHAPA DE LAMINADO MELAMINICO, LISO FOSCO, DE 1,25 X 3,08 METROS, ESPESSURA = 0,8 MILIMETROS","Material","m²",2.77,44.75,123.95]
[]
[" 16.19 ",null,null,"REVESTIMENTOS INTERNOS"]
[" 16.19.1 ","Código","Banco","Descrição","Tipo","Und","Quant.","Valor Unit","Total"]
["Composição",87879,"SINAPI","CHAPISCO APLICADO EM ALVENARIAS E ESTRUTURAS DE CONCRETO INTERNAS, COM COLHER DE PEDREIRO. ARGAMASSA TRAÇO 1:3 COM PREPARO EM BETONEIRA 400L. AF_10/2022","Chapisco","m²",1,{"$f":"I2496","v":5.07},{"$f":"SUM(I2497:I2499)","v":5.07}]
["Composição Auxiliar",88316,"SINAPI","SERVENTE COM ENCARGOS COMPLEMENTARES","Livro SINAPI: Cálculos e Parâmetros","H",2.5499999999999998E-2,{"$f":"IF(A2497=\"Composição Auxiliar\",VLOOKUP(B2497,'SINAPI COMPOSIÇÃO'!$A$2:$E$10256,4,FALSE),IF(A2497=\"Insumo\",IF(VLOOKUP(B2497,'SINAPI INSUMOS'!$A$2:$F$4852,5,FALSE)=OR(\"\",0),VLOOKUP(B2497,'SINAPI INSUMOS'!$A$2:$F$4852,6,FALSE),VLOOKUP(B2497,'SINAPI INSUMOS'!$A$2:$F$4852,5,FALSE)),\"VERIFICAR\"))","v":21.32},{"$f":"TRUNC(G2497*H2497,2)","v":0.54}]
["Composição Auxiliar",87313,"SINAPI","ARGAMASSA TRAÇO 1:3 (EM VOLUME DE CIMENTO E AREIA GROSSA ÚMIDA) PARA CHAPISCO CONVENCIONAL, PREPARO MECÂNICO COM BETONEIRA 400 L. AF_08/2019","Argamassas","m³",3.7000000000000002E-3,{"$f":"IF(A2498=\"Composição Auxiliar\",VLOOKUP(B2498,'SINAPI COMPOSIÇÃO'!$A$2:$E$10256,4,FALSE),IF(A2498=\"Insumo\",IF(VLOOKUP(B2498,'SINAPI INSUMOS'!$A$2:$F$4852,5,FALSE)=OR(\"\",0),VLOOKUP(B2498,'SINAPI INSUMOS'!$A$2:$F$4852,6,FALSE),VLOOKUP(B2498,'SINAPI INSUMOS'!$A$2:$F$4852,5,FALSE)),\"VERIFICAR\"))","v":719.21},2.66]
["Composição Auxiliar",88309,"SINAPI","PEDREIRO COM ENCARGOS COMPLEMENTARES","Livro SINAPI: Cálculos e Parâmetros","H",6.8099999999999994E-2,{"$f":"IF(A2499=\"Composição Auxiliar\",VLOOKUP(B2499,'SINAPI COMPOSIÇÃO'!$A$2:$E$10256,4,FALSE),IF(A2499=\"Insumo\",IF(VLOOKUP(B2499,'SINAPI INSUMOS'!$A$2:$F$4852,5,FALSE)=OR(\"\",0),VLOOKUP(B2499,'SINAPI INSUMOS'!$A$2:$F$4852,6,FALSE),VLOOKUP(B2499,'SINAPI INSUMOS'!$A$2:$F$4852,5,FALSE)),\"VERIFICAR\"))","v":27.58},1.87]
[]
[" 16.19.2 ","Código","Banco","Descrição","Tipo","Und","Quant.","Valor Unit","Total"]
["Composição",104951,"SINAPI","MASSA ÚNICA, EM ARGAMASSA TRAÇO 1:2:8, PREPARO MECÂNICO, APLICADA MANUALMENTE EM PAREDES INTERNAS DE AMBIENTES COM ÁREA MAIOR QUE 10M², E = 17,5MM, COM TALISCAS. AF_03/2024","Massa Única Interna","m²",1,{"$f":"I2502","v":36.69},{"$f":"SUM(I2503:I2505)","v":36.69}]
["Composição Auxiliar",87292,"SINAPI","ARGAMASSA TRAÇO 1:2:8 (EM VOLUME DE CIMENTO, CAL E AREIA MÉDIA ÚMIDA) PARA EMBOÇO/MASSA ÚNICA/ASSENTAMENTO DE ALVENARIA DE VEDAÇÃO, PREPARO MECÂNICO COM BETONEIRA 400 L. AF_08/2019","Argamassas","m³",3.04E-2,{"$f":"IF(A2503=\"Composição Auxiliar\",VLOOKUP(B2503,'SINAPI COMPOSIÇÃO'!$A$2:$E$10256,4,FALSE),IF(A2503=\"Insumo\",IF(VLOOKUP(B2503,'SINAPI INSUMOS'!$A$2:$F$4852,5,FALSE)=OR(\"\",0),VLOOKUP(B2503,'SINAPI INSUMOS'!$A$2:$F$4852,6,FALSE),VLOOKUP(B2503,'SINAPI INSUMOS'!$A$2:$F$4852,5,FALSE)),\"VERIFICAR\"))","v":715.95},{"$f":"TRUNC(G2503*H2503,2)","v":21.76}]
["Composição Auxiliar",88316,"SINAPI","SERVENTE COM ENCARGOS COMPLEMENTARES","Livro SINAPI: Cálculos e Parâmetros","H",0.1953,{"$f":"IF(A2504=\"Composição Auxiliar\",VLOOKUP(B2504,'SINAPI COMPOSIÇÃO'!$A$2:$E$10256,4,FALSE),IF(A2504=\"Insumo\",IF(VLOOKUP(B2504,'SINAPI INSUMOS'!$A$2:$F$4852,5,FALSE)=OR(\"\",0),VLOOKUP(B2504,'SINAPI INSUMOS'!$A$2:$F$4852,6,FALSE),VLOOKUP(B2504,'SINAPI INSUMOS'!$A$2:$F$4852,5,FALSE)),\"VERIFICAR\"))","v":21.32},4.16]
["Composição Auxiliar",88309,"SINAPI","PEDREIRO COM ENCARGOS COMPLEMENTARES","Livro SINAPI: Cálculos e Parâmetros","H",0.3906,{"$f":"IF(A2505=\"Composição Auxiliar\",VLOOKUP(B2505,'SINAPI COMPOSIÇÃO'!$A$2:$E$10256,4,FALSE),IF(A2505=\"Insumo\",IF(VLOOKUP(B2505,'SINAPI INSUMOS'!$A$2:$F$4852,5,FALSE)=OR(\"\",0),VLOOKUP(B2505,'SINAPI INSUMOS'!$A$2:$F$4852,6,FALSE),VLOOKUP(B2505,'SINAPI INSUMOS'!$A$2:$F$4852,5,FALSE)),\"VERIFICAR\"))","v":27.58},10.77]
[]
[" 16.19.3 ","Código","Banco","Descrição","Tipo","Und","Quant.","Valor Unit","Total"]
["Composição",104951,"SINAPI","MASSA ÚNICA, EM ARGAMASSA TRAÇO 1:2:8, PREPARO MECÂNICO, APLICADA MANUALMENTE EM PAREDES INTERNAS DE AMBIENTES COM ÁREA MAIOR QUE 10M², E = 17,5MM, COM TALISCAS. AF_03/2024","Massa Única Interna","m²",1,{"$f":"I2508","v":36.69},{"$f":"SUM(I2509:I2511)","v":36.69}]
["Composição Auxiliar",87292,"SINAPI","ARGAMASSA TRAÇO 1:2:8 (EM VOLUME DE CIMENTO, CAL E AREIA MÉDIA ÚMIDA) PARA EMBOÇO/MASSA ÚNICA/ASSENTAMENTO DE ALVENARIA DE VEDAÇÃO, PREPARO MECÂNICO COM BETONEIRA 400 L. AF_08/2019","Argamassas","m³",3.04E-2,{"$f":"IF(A2509=\"Composição Auxiliar\",VLOOKUP(B2509,'SINAPI COMPOSIÇÃO'!$A$2:$E$10256,4,FALSE),IF(A2509=\"Insumo\",IF(VLOOKUP(B2509,'SINAPI INSUMOS'!$A$2:$F$4852,5,FALSE)=OR(\"\",0),VLOOKUP(B2509,'SINAPI INSUMOS'!$A$2:$F$4852,6,FALSE),VLOOKUP(B2509,'SINAPI INSUMOS'!$A$2:$F$4852,5,FALSE)),\"VERIFICAR\"))","v":715.95},{"$f":"TRUNC(G2509*H2509,2)","v":21.76}]
["Composição Auxiliar",88316,"SINAPI","SERVENTE COM ENCARGOS COMPLEMENTARES","Livro SINAPI: Cálculos e Parâmetros","H",0.1953,{"$f":"IF(A2510=\"Composição Auxiliar\",VLOOKUP(B2510,'SINAPI COMPOSIÇÃO'!$A$2:$E$10256,4,FALSE),IF(A2510=\"Insumo\",IF(VLOOKUP(B2510,'SINAPI INSUMOS'!$A$2:$F$4852,5,FALSE)=OR(\"\",0),VLOOKUP(B2510,'SINAPI INSUMOS'!$A$2:$F$4852,6,FALSE),VLOOKUP(B2510,'SINAPI INSUMOS'!$A$2:$F$4852,5,FALSE)),\"VERIFICAR\"))","v":21.32},4.16]
["Composição Auxiliar",88309,"SINAPI","PEDREIRO COM ENCARGOS COMPLEMENTARES","Livro SINAPI: Cálculos e Parâmetros","H",0.3906,{"$f":"IF(A2511=\"Composição Auxiliar\",VLOOKUP(B2511,'SINAPI COMPOSIÇÃO'!$A$2:$E$10256,4,FALSE),IF(A2511=\"Insumo\",IF(VLOOKUP(B2511,'SINAPI INSUMOS'!$A$2:$F$4852,5,FALSE)=OR(\"\",0),VLOOKUP(B2511,'SINAPI INSUMOS'!$A$2:$F$4852,6,FALSE),VLOOKUP(B2511,'SINAPI INSUMOS'!$A$2:$F$4852,5,FALSE)),\"VERIFICAR\"))","v":27.58},10.77]
[]
[" 16.19.4 ","Código","Banco","Descrição","Tipo","Und","Quant.","Valor Unit","Total"]
["Composição",104599,"SINAPI","REVESTIMENTO CERÂMICO PARA PISO COM PLACAS TIPO ESMALTADA DE DIMENSÕES 35X35 CM APLICADA EM DIAGONAL EM AMBIENTES DE ÁREA MENOR QUE 5 M². AF_02/2023_PE","Revestimentos Cerâmicos Internos","m²",1,{"$f":"I2514","v":98.98},{"$f":"SUM(I2515:I2519)","v":98.98}]
["Composição Auxiliar",88316,"SINAPI","SERVENTE COM ENCARGOS COMPLEMENTARES","Livro SINAPI: Cálculos e Parâmetros","H",0.2351,{"$f":"IF(A2515=\"Composição Auxiliar\",VLOOKUP(B2515,'SINAPI COMPOSIÇÃO'!$A$2:$E$10256,4,FALSE),IF(A2515=\"Insumo\",IF(VLOOKUP(B2515,'SINAPI INSUMOS'!$A$2:$F$4852,5,FALSE)=OR(\"\",0),VLOOKUP(B2515,'SINAPI INSUMOS'!$A$2:$F$4852,6,FALSE),VLOOKUP(B2515,'SINAPI INSUMOS'!$A$2:$F$4852,5,FALSE)),\"VERIFICAR\"))","v":21.32},{"$f":"TRUNC(G2515*H2515,2)","v":5.01}]
["Composição Auxiliar",88256,"SINAPI","AZULEJISTA OU LADRILHEIRO COM ENCARGOS COMPLEMENTARES","Livro SINAPI: Cálculos e Parâmetros","H",1.0127999999999999,{"$f":"IF(A2516=\"Composição Auxiliar\",VLOOKUP(B2516,'SINAPI COMPOSIÇÃO'!$A$2:$E$10256,4,FALSE),IF(A2516=\"Insumo\",IF(VLOOKUP(B2516,'SINAPI INSUMOS'!$A$2:$F$4852,5,FALSE)=OR(\"\",0),VLOOKUP(B2516,'SINAPI INSUMOS'!$A$2:$F$4852,6,FALSE),VLOOKUP(B2516,'SINAPI INSUMOS'!$A$2:$F$4852,5,FALSE)),\"VERIFICAR\"))","v":31.7},32.1]
["Insumo",1381,"SINAPI","ARGAMASSA COLANTE AC I PARA CERAMICAS","Material","KG",9.1325000000000003,{"$f":"IF(A2517=\"Composição Auxiliar\",VLOOKUP(B2517,'SINAPI COMPOSIÇÃO'!$A$2:$E$10256,4,FALSE),IF(A2517=\"Insumo\",IF(VLOOKUP(B2517,'SINAPI INSUMOS'!$A$2:$F$4852,5,FALSE)=OR(\"\",0),VLOOKUP(B2517,'SINAPI INSUMOS'!$A$2:$F$4852,6,FALSE),VLOOKUP(B2517,'SINAPI INSUMOS'!$A$2:$F$4852,5,FALSE)),\"VERIFICAR\"))","v":1.1000000000000001},10.039999999999999]
["Insumo",1287,"SINAPI","PISO EM CERAMICA ESMALTADA, COR LISA, PEI MAIOR OU IGUAL A 4, FORMATO MENOR OU IGUAL A 2025 CM2","Material","m²",1.1652800000000001,{"$f":"IF(A2518=\"Composição Auxiliar\",VLOOKUP(B2518,'SINAPI COMPOSIÇÃO'!$A$2:$E$10256,4,FALSE),IF(A2518=\"Insumo\",IF(VLOOKUP(B2518,'SINAPI INSUMOS'!$A$2:$F$4852,5,FALSE)=OR(\"\",0),VLOOKUP(B2518,'SINAPI INSUMOS'!$A$2:$F$4852,6,FALSE),VLOOKUP(B2518,'SINAPI INSUMOS'!$A$2:$F$4852,5,FALSE)),\"VERIFICAR\"))","v":43.15},50.28]
["Insumo",34357,"SINAPI","REJUNTE CIMENTICIO, QUALQUER COR","Material","KG",0.24099999999999999,{"$f":"IF(A2519=\"Composição Auxiliar\",VLOOKUP(B2519,'SINAPI COMPOSIÇÃO'!$A$2:$E$10256,4,FALSE),IF(A2519=\"Insumo\",IF(VLOOKUP(B2519,'SINAPI INSUMOS'!$A$2:$F$4852,5,FALSE)=OR(\"\",0),VLOOKUP(B2519,'SINAPI INSUMOS'!$A$2:$F$4852,6,FALSE),VLOOKUP(B2519,'SINAPI INSUMOS'!$A$2:$F$4852,5,FALSE)),\"VERIFICAR\"))","v":6.45},1.55]
[]
[" 16.19.5 ","Código","Banco","Descrição","Tipo","Und","Quant.","Valor Unit","Total"]
["Composição",87246,"SINAPI","REVESTIMENTO CERÂMICO PARA PISO COM PLACAS TIPO ESMALTADA DE DIMENSÕES 35X35 CM APLICADA EM AMBIENTES DE ÁREA MENOR QUE 5 M2. AF_02/2023_PE","Revestimentos Cerâmicos Internos","m²",1,{"$f":"I2522","v":83.800000000000011},{"$f":"SUM(I2523:I2527)","v":83.800000000000011}]
["Composição Auxiliar",88316,"SINAPI","SERVENTE COM ENCARGOS COMPLEMENTARES","Livro SINAPI: Cálculos e Parâmetros","H",0.1893,{"$f":"IF(A2523=\"Composição Auxiliar\",VLOOKUP(B2523,'SINAPI COMPOSIÇÃO'!$A$2:$E$10256,4,FALSE),IF(A2523=\"Insumo\",IF(VLOOKUP(B2523,'SINAPI INSUMOS'!$A$2:$F$4852,5,FALSE)=OR(\"\",0),VLOOKUP(B2523,'SINAPI INSUMOS'!$A$2:$F$4852,6,FALSE),VLOOKUP(B2523,'SINAPI INSUMOS'!$A$2:$F$4852,5,FALSE)),\"VERIFICAR\"))","v":21.32},{"$f":"TRUNC(G2523*H2523,2)","v":4.03}]
["Composição Auxiliar",88256,"SINAPI","AZULEJISTA OU LADRILHEIRO COM ENCARGOS COMPLEMENTARES","Livro SINAPI: Cálculos e Parâmetros","H",0.67969999999999997,{"$f":"IF(A2524=\"Composição Auxiliar\",VLOOKUP(B2524,'SINAPI COMPOSIÇÃO'!$A$2:$E$10256,4,FALSE),IF(A2524=\"Insumo\",IF(VLOOKUP(B2524,'SINAPI INSUMOS'!$A$2:$F$4852,5,FALSE)=OR(\"\",0),VLOOKUP(B2524,'SINAPI INSUMOS'!$A$2:$F$4852,6,FALSE),VLOOKUP(B2524,'SINAPI INSUMOS'!$A$2:$F$4852,5,FALSE)),\"VERIFICAR\"))","v":31.7},21.54]
["Insumo",34357,"SINAPI","REJUNTE CIMENTICIO, QUALQUER COR","Material","KG",0.24099999999999999,{"$f":"IF(A2525=\"Composição Auxiliar\",VLOOKUP(B2525,'SINAPI COMPOSIÇÃO'!$A$2:$E$10256,4,FALSE),IF(A2525=\"Insumo\",IF(VLOOKUP(B2525,'SINAPI INSUMOS'!$A$2:$F$4852,5,FALSE)=OR(\"\",0),VLOOKUP(B2525,'SINAPI INSUMOS'!$A$2:$F$4852,6,FALSE),VLOOKUP(B2525,'SINAPI INSUMOS'!$A$2:$F$4852,5,FALSE)),\"VERIFICAR\"))","v":6.45},1.55]
["Insumo",1287,"SINAPI","PISO EM CERAMICA ESMALTADA, COR LISA, PEI MAIOR OU IGUAL A 4, FORMATO MENOR OU IGUAL A 2025 CM2","Material","m²",1.081,{"$f":"IF(A2526=\"Composição Auxiliar\",VLOOKUP(B2526,'SINAPI COMPOSIÇÃO'!$A$2:$E$10256,4,FALSE),IF(A2526=\"Insumo\",IF(VLOOKUP(B2526,'SINAPI INSUMOS'!$A$2:$F$4852,5,FALSE)=OR(\"\",0),VLOOKUP(B2526,'SINAPI INSUMOS'!$A$2:$F$4852,6,FALSE),VLOOKUP(B2526,'SINAPI INSUMOS'!$A$2:$F$4852,5,FALSE)),\"VERIFICAR\"))","v":43.15},46.64]
["Insumo",1381,"SINAPI","ARGAMASSA COLANTE AC I PARA CERAMICAS","Material","KG",9.1325000000000003,{"$f":"IF(A2527=\"Composição Auxiliar\",VLOOKUP(B2527,'SINAPI COMPOSIÇÃO'!$A$2:$E$10256,4,FALSE),IF(A2527=\"Insumo\",IF(VLOOKUP(B2527,'SINAPI INSUMOS'!$A$2:$F$4852,5,FALSE)=OR(\"\",0),VLOOKUP(B2527,'SINAPI INSUMOS'!$A$2:$F$4852,6,FALSE),VLOOKUP(B2527,'SINAPI INSUMOS'!$A$2:$F$4852,5,FALSE)),\"VERIFICAR\"))","v":1.1000000000000001},10.039999999999999]
[]
[" 16.19.6 ","Código","Banco","Descrição","Tipo","Und","Quant.","Valor Unit","Total"]
["Composição",130421,"SBC","RODAPE GRANITO CINZA ANDORINHA","RODAPES, SOLEIRAS E PEITORIS","M",1,{"$f":"I2530","v":95.78},{"$f":"SUM(I2531:I2535)","v":95.78}]
["Insumo",100,"SBC","AREIA GROSSA LAVADA","Material","m³",3.0000000000000001E-3,151.96,{"$f":"TRUNC(G2531*H2531,2)","v":0.45}]
["Insumo",99398,"SBC","MARMORISTA","Mão de Obra","H",1.361,23.56,32.06]
["Insumo",99664,"SBC","AJUDANTE ESPECIALIZADO - MARMORISTA","Mão de Obra","H",1.1659999999999999,16.14,18.809999999999999]
["Insumo",50,"SBC","CIMENTO PORTLAND CP III 32RS NBR 11578 (quilo)","Material","KG",2.16,1.1399999999999999,2.46]
["Insumo",10414,"SBC","GRANITO CINZA ANDORINHA 2cm","Material","m²",0.15,280,42]
[]
[" 16.20 ",null,null,"REVESTIMENTOS EXTERNOS"]
[" 16.20.1 ","Código","Banco","Descrição","Tipo","Und","Quant.","Valor Unit","Total"]
["Composição",87894,"SINAPI","CHAPISCO APLICADO EM ALVENARIA (SEM PRESENÇA DE VÃOS) E ESTRUTURAS DE CONCRETO DE FACHADA, COM COLHER DE PEDREIRO. ARGAMASSA TRAÇO 1:3 COM PREPARO EM BETONEIRA 400L. AF_10/2022","Chapisco","m²",1,{"$f":"I2539","v":7.49},{"$f":"SUM(I2540:I2542)","v":7.49}]
["Composição Auxiliar",88309,"SINAPI","PEDREIRO COM ENCARGOS COMPLEMENTARES","Livro SINAPI: Cálculos e Parâmetros","H",0.1394,{"$f":"IF(A2540=\"Composição Auxiliar\",VLOOKUP(B2540,'SINAPI COMPOSIÇÃO'!$A$2:$E$10256,4,FALSE),IF(A2540=\"Insumo\",IF(VLOOKUP(B2540,'SINAPI INSUMOS'!$A$2:$F$4852,5,FALSE)=OR(\"\",0),VLOOKUP(B2540,'SINAPI INSUMOS'!$A$2:$F$4852,6,FALSE),VLOOKUP(B2540,'SINAPI INSUMOS'!$A$2:$F$4852,5,FALSE)),\"VERIFICAR\"))","v":27.58},{"$f":"TRUNC(G2540*H2540,2)","v":3.84}]
["Composição Auxiliar",88316,"SINAPI","SERVENTE COM ENCARGOS COMPLEMENTARES","Livro SINAPI: Cálculos e Parâmetros","H",4.65E-2,{"$f":"IF(A2541=\"Composição Auxiliar\",VLOOKUP(B2541,'SINAPI COMPOSIÇÃO'!$A$2:$E$10256,4,FALSE),IF(A2541=\"Insumo\",IF(VLOOKUP(B2541,'SINAPI INSUMOS'!$A$2:$F$4852,5,FALSE)=OR(\"\",0),VLOOKUP(B2541,'SINAPI INSUMOS'!$A$2:$F$4852,6,FALSE),VLOOKUP(B2541,'SINAPI INSUMOS'!$A$2:$F$4852,5,FALSE)),\"VERIFICAR\"))","v":21.32},0.99]
["Composição Auxiliar",87313,"SINAPI","ARGAMASSA TRAÇO 1:3 (EM VOLUME DE CIMENTO E AREIA GROSSA ÚMIDA) PARA CHAPISCO CONVENCIONAL, PREPARO MECÂNICO COM BETONEIRA 400 L. AF_08/2019","Argamassas","m³",3.7000000000000002E-3,{"$f":"IF(A2542=\"Composição Auxiliar\",VLOOKUP(B2542,'SINAPI COMPOSIÇÃO'!$A$2:$E$10256,4,FALSE),IF(A2542=\"Insumo\",IF(VLOOKUP(B2542,'SINAPI INSUMOS'!$A$2:$F$4852,5,FALSE)=OR(\"\",0),VLOOKUP(B2542,'SINAPI INSUMOS'!$A$2:$F$4852,6,FALSE),VLOOKUP(B2542,'SINAPI INSUMOS'!$A$2:$F$4852,5,FALSE)),\"VERIFICAR\"))","v":719.21},2.66]
[]
[" 16.20.2 ","Código","Banco","Descrição","Tipo","Und","Quant.","Valor Unit","Total"]
["Composição",87809,"SINAPI","EMBOÇO OU MASSA ÚNICA EM ARGAMASSA TRAÇO 1:2:8, PREPARO MECÂNICO COM BETONEIRA 400 L, APLICADA MANUALMENTE EM SUPERFÍCIES EXTERNAS DA SACADA, ESPESSURA DE 25 MM, SEM USO DE TELA METÁLICA DE REFORÇO CONTRA FISSURAÇÃO. AF_08/2022","Massa Única Externa","m²",1,{"$f":"I2545","v":80.42},{"$f":"SUM(I2546:I2548)","v":80.42}]
["Composição Auxiliar",87292,"SINAPI","ARGAMASSA TRAÇO 1:2:8 (EM VOLUME DE CIMENTO, CAL E AREIA MÉDIA ÚMIDA) PARA EMBOÇO/MASSA ÚNICA/ASSENTAMENTO DE ALVENARIA DE VEDAÇÃO, PREPARO MECÂNICO COM BETONEIRA 400 L. AF_08/2019","Argamassas","m³",2.93E-2,{"$f":"IF(A2546=\"Composição Auxiliar\",VLOOKUP(B2546,'SINAPI COMPOSIÇÃO'!$A$2:$E$10256,4,FALSE),IF(A2546=\"Insumo\",IF(VLOOKUP(B2546,'SINAPI INSUMOS'!$A$2:$F$4852,5,FALSE)=OR(\"\",0),VLOOKUP(B2546,'SINAPI INSUMOS'!$A$2:$F$4852,6,FALSE),VLOOKUP(B2546,'SINAPI INSUMOS'!$A$2:$F$4852,5,FALSE)),\"VERIFICAR\"))","v":715.95},{"$f":"TRUNC(G2546*H2546,2)","v":20.97}]
["Composição Auxiliar",88309,"SINAPI","PEDREIRO COM ENCARGOS COMPLEMENTARES","Livro SINAPI: Cálculos e Parâmetros","H",1.216,{"$f":"IF(A2547=\"Composição Auxiliar\",VLOOKUP(B2547,'SINAPI COMPOSIÇÃO'!$A$2:$E$10256,4,FALSE),IF(A2547=\"Insumo\",IF(VLOOKUP(B2547,'SINAPI INSUMOS'!$A$2:$F$4852,5,FALSE)=OR(\"\",0),VLOOKUP(B2547,'SINAPI INSUMOS'!$A$2:$F$4852,6,FALSE),VLOOKUP(B2547,'SINAPI INSUMOS'!$A$2:$F$4852,5,FALSE)),\"VERIFICAR\"))","v":27.58},33.53]
["Composição Auxiliar",88316,"SINAPI","SERVENTE COM ENCARGOS COMPLEMENTARES","Livro SINAPI: Cálculos e Parâmetros","H",1.216,{"$f":"IF(A2548=\"Composição Auxiliar\",VLOOKUP(B2548,'SINAPI COMPOSIÇÃO'!$A$2:$E$10256,4,FALSE),IF(A2548=\"Insumo\",IF(VLOOKUP(B2548,'SINAPI INSUMOS'!$A$2:$F$4852,5,FALSE)=OR(\"\",0),VLOOKUP(B2548,'SINAPI INSUMOS'!$A$2:$F$4852,6,FALSE),VLOOKUP(B2548,'SINAPI INSUMOS'!$A$2:$F$4852,5,FALSE)),\"VERIFICAR\"))","v":21.32},25.92]
[]
[" 16.21 ",null,null,"RODAPÉS, SOLEIRAS E PEITORIS"]
[" 16.21.1 ","Código","Banco","Descrição","Tipo","Und","Quant.","Valor Unit","Total"]
["Composição",88649,"SINAPI","RODAPÉ CERÂMICO DE 7CM DE ALTURA COM PLACAS TIPO ESMALTADA DE DIMENSÕES 45X45CM. AF_02/2023","Revestimentos Cerâmicos Internos","M",1,{"$f":"I2552","v":10.799999999999999},{"$f":"SUM(I2553:I2557)","v":10.799999999999999}]
["Composição Auxiliar",88256,"SINAPI","AZULEJISTA OU LADRILHEIRO COM ENCARGOS COMPLEMENTARES","Livro SINAPI: Cálculos e Parâmetros","H",7.6399999999999996E-2,{"$f":"IF(A2553=\"Composição Auxiliar\",VLOOKUP(B2553,'SINAPI COMPOSIÇÃO'!$A$2:$E$10256,4,FALSE),IF(A2553=\"Insumo\",IF(VLOOKUP(B2553,'SINAPI INSUMOS'!$A$2:$F$4852,5,FALSE)=OR(\"\",0),VLOOKUP(B2553,'SINAPI INSUMOS'!$A$2:$F$4852,6,FALSE),VLOOKUP(B2553,'SINAPI INSUMOS'!$A$2:$F$4852,5,FALSE)),\"VERIFICAR\"))","v":31.7},{"$f":"TRUNC(G2553*H2553,2)","v":2.42}]
["Composição Auxiliar",88316,"SINAPI","SERVENTE COM ENCARGOS COMPLEMENTARES","Livro SINAPI: Cálculos e Parâmetros","H",2.9600000000000001E-2,{"$f":"IF(A2554=\"Composição Auxiliar\",VLOOKUP(B2554,'SINAPI COMPOSIÇÃO'!$A$2:$E$10256,4,FALSE),IF(A2554=\"Insumo\",IF(VLOOKUP(B2554,'SINAPI INSUMOS'!$A$2:$F$4852,5,FALSE)=OR(\"\",0),VLOOKUP(B2554,'SINAPI INSUMOS'!$A$2:$F$4852,6,FALSE),VLOOKUP(B2554,'SINAPI INSUMOS'!$A$2:$F$4852,5,FALSE)),\"VERIFICAR\"))","v":21.32},0.63]
["Insumo",1381,"SINAPI","ARGAMASSA COLANTE AC I PARA CERAMICAS","Material","KG",0.63919999999999999,{"$f":"IF(A2555=\"Composição Auxiliar\",VLOOKUP(B2555,'SINAPI COMPOSIÇÃO'!$A$2:$E$10256,4,FALSE),IF(A2555=\"Insumo\",IF(VLOOKUP(B2555,'SINAPI INSUMOS'!$A$2:$F$4852,5,FALSE)=OR(\"\",0),VLOOKUP(B2555,'SINAPI INSUMOS'!$A$2:$F$4852,6,FALSE),VLOOKUP(B2555,'SINAPI INSUMOS'!$A$2:$F$4852,5,FALSE)),\"VERIFICAR\"))","v":1.1000000000000001},0.7]
["Insumo",1287,"SINAPI","PISO EM CERAMICA ESMALTADA, COR LISA, PEI MAIOR OU IGUAL A 4, FORMATO MENOR OU IGUAL A 2025 CM2","Material","m²",0.15,{"$f":"IF(A2556=\"Composição Auxiliar\",VLOOKUP(B2556,'SINAPI COMPOSIÇÃO'!$A$2:$E$10256,4,FALSE),IF(A2556=\"Insumo\",IF(VLOOKUP(B2556,'SINAPI INSUMOS'!$A$2:$F$4852,5,FALSE)=OR(\"\",0),VLOOKUP(B2556,'SINAPI INSUMOS'!$A$2:$F$4852,6,FALSE),VLOOKUP(B2556,'SINAPI INSUMOS'!$A$2:$F$4852,5,FALSE)),\"VERIFICAR\"))","v":43.15},6.47]
["Insumo",34357,"SINAPI","REJUNTE CIMENTICIO, QUALQUER COR","Material","KG",0.09,{"$f":"IF(A2557=\"Composição Auxiliar\",VLOOKUP(B2557,'SINAPI COMPOSIÇÃO'!$A$2:$E$10256,4,FALSE),IF(A2557=\"Insumo\",IF(VLOOKUP(B2557,'SINAPI INSUMOS'!$A$2:$F$4852,5,FALSE)=OR(\"\",0),VLOOKUP(B2557,'SINAPI INSUMOS'!$A$2:$F$4852,6,FALSE),VLOOKUP(B2557,'SINAPI INSUMOS'!$A$2:$F$4852,5,FALSE)),\"VERIFICAR\"))","v":6.45},0.57999999999999996]
[]
[" 16.21.2 ","Código","Banco","Descrição","Tipo","Und","Quant.","Valor Unit","Total"]
["Composição",98689,"SINAPI","SOLEIRA EM GRANITO, LARGURA 15 CM, ESPESSURA 2,0 CM. AF_02/2026","Pisos","M",1,{"$f":"I2560","v":165.23000000000002},{"$f":"SUM(I2561:I2565)","v":165.23000000000002}]
["Composição Auxiliar",88316,"SINAPI","SERVENTE COM ENCARGOS COMPLEMENTARES","Livro SINAPI: Cálculos e Parâmetros","H",0.43117220000000001,{"$f":"IF(A2561=\"Composição Auxiliar\",VLOOKUP(B2561,'SINAPI COMPOSIÇÃO'!$A$2:$E$10256,4,FALSE),IF(A2561=\"Insumo\",IF(VLOOKUP(B2561,'SINAPI INSUMOS'!$A$2:$F$4852,5,FALSE)=OR(\"\",0),VLOOKUP(B2561,'SINAPI INSUMOS'!$A$2:$F$4852,6,FALSE),VLOOKUP(B2561,'SINAPI INSUMOS'!$A$2:$F$4852,5,FALSE)),\"VERIFICAR\"))","v":21.32},{"$f":"TRUNC(G2561*H2561,2)","v":9.19}]
["Composição Auxiliar",88274,"SINAPI","MARMORISTA/GRANITEIRO COM ENCARGOS COMPLEMENTARES","Livro SINAPI: Cálculos e Parâmetros","H",0.86234440000000001,{"$f":"IF(A2562=\"Composição Auxiliar\",VLOOKUP(B2562,'SINAPI COMPOSIÇÃO'!$A$2:$E$10256,4,FALSE),IF(A2562=\"Insumo\",IF(VLOOKUP(B2562,'SINAPI INSUMOS'!$A$2:$F$4852,5,FALSE)=OR(\"\",0),VLOOKUP(B2562,'SINAPI INSUMOS'!$A$2:$F$4852,6,FALSE),VLOOKUP(B2562,'SINAPI INSUMOS'!$A$2:$F$4852,5,FALSE)),\"VERIFICAR\"))","v":28.86},24.88]
["Insumo",34357,"SINAPI","REJUNTE CIMENTICIO, QUALQUER COR","Material","KG",2.1000000000000001E-2,{"$f":"IF(A2563=\"Composição Auxiliar\",VLOOKUP(B2563,'SINAPI COMPOSIÇÃO'!$A$2:$E$10256,4,FALSE),IF(A2563=\"Insumo\",IF(VLOOKUP(B2563,'SINAPI INSUMOS'!$A$2:$F$4852,5,FALSE)=OR(\"\",0),VLOOKUP(B2563,'SINAPI INSUMOS'!$A$2:$F$4852,6,FALSE),VLOOKUP(B2563,'SINAPI INSUMOS'!$A$2:$F$4852,5,FALSE)),\"VERIFICAR\"))","v":6.45},0.13]
["Insumo",20232,"SINAPI","SOLEIRA EM GRANITO, POLIDO, TIPO ANDORINHA/ QUARTZ/ CASTELO/ CORUMBA OU OUTROS EQUIVALENTES DA REGIAO, L= *15* CM, E= *2,0* CM","Material","M",1,{"$f":"IF(A2564=\"Composição Auxiliar\",VLOOKUP(B2564,'SINAPI COMPOSIÇÃO'!$A$2:$E$10256,4,FALSE),IF(A2564=\"Insumo\",IF(VLOOKUP(B2564,'SINAPI INSUMOS'!$A$2:$F$4852,5,FALSE)=OR(\"\",0),VLOOKUP(B2564,'SINAPI INSUMOS'!$A$2:$F$4852,6,FALSE),VLOOKUP(B2564,'SINAPI INSUMOS'!$A$2:$F$4852,5,FALSE)),\"VERIFICAR\"))","v":126.41},126.41]
["Insumo",37595,"SINAPI","ARGAMASSA COLANTE TIPO AC III","Material","KG",1.3694999999999999,{"$f":"IF(A2565=\"Composição Auxiliar\",VLOOKUP(B2565,'SINAPI COMPOSIÇÃO'!$A$2:$E$10256,4,FALSE),IF(A2565=\"Insumo\",IF(VLOOKUP(B2565,'SINAPI INSUMOS'!$A$2:$F$4852,5,FALSE)=OR(\"\",0),VLOOKUP(B2565,'SINAPI INSUMOS'!$A$2:$F$4852,6,FALSE),VLOOKUP(B2565,'SINAPI INSUMOS'!$A$2:$F$4852,5,FALSE)),\"VERIFICAR\"))","v":3.38},4.62]
[]
[" 16.21.3 ","Código","Banco","Descrição","Tipo","Und","Quant.","Valor Unit","Total"]
["Composição",101965,"SINAPI","PEITORIL LINEAR EM GRANITO OU MÁRMORE, L = 15CM, ASSENTADO COM ARGAMASSA 1:6 COM ADITIVO. AF_11/2020","Peitoris e Chapins","M",1,{"$f":"I2568","v":166.70999999999998},{"$f":"SUM(I2569:I2574)","v":166.70999999999998}]
["Composição Auxiliar",91693,"SINAPI","SERRA CIRCULAR DE BANCADA COM MOTOR ELÉTRICO POTÊNCIA DE 5HP, COM COIFA PARA DISCO 10\" - CHI DIURNO. AF_08/2015","Custos Horários Produtivo e Improdutivo dos Equipamentos","CHI",0.39800000000000002,{"$f":"IF(A2569=\"Composição Auxiliar\",VLOOKUP(B2569,'SINAPI COMPOSIÇÃO'!$A$2:$E$10256,4,FALSE),IF(A2569=\"Insumo\",IF(VLOOKUP(B2569,'SINAPI INSUMOS'!$A$2:$F$4852,5,FALSE)=OR(\"\",0),VLOOKUP(B2569,'SINAPI INSUMOS'!$A$2:$F$4852,6,FALSE),VLOOKUP(B2569,'SINAPI INSUMOS'!$A$2:$F$4852,5,FALSE)),\"VERIFICAR\"))","v":36.14},{"$f":"TRUNC(G2569*H2569,2)","v":14.38}]
["Composição Auxiliar",91692,"SINAPI","SERRA CIRCULAR DE BANCADA COM MOTOR ELÉTRICO POTÊNCIA DE 5HP, COM COIFA PARA DISCO 10\" - CHP DIURNO. AF_08/2015","Custos Horários Produtivo e Improdutivo dos Equipamentos","CHP",2.1000000000000001E-2,{"$f":"IF(A2570=\"Composição Auxiliar\",VLOOKUP(B2570,'SINAPI COMPOSIÇÃO'!$A$2:$E$10256,4,FALSE),IF(A2570=\"Insumo\",IF(VLOOKUP(B2570,'SINAPI INSUMOS'!$A$2:$F$4852,5,FALSE)=OR(\"\",0),VLOOKUP(B2570,'SINAPI INSUMOS'!$A$2:$F$4852,6,FALSE),VLOOKUP(B2570,'SINAPI INSUMOS'!$A$2:$F$4852,5,FALSE)),\"VERIFICAR\"))","v":37.6},0.78]
["Composição Auxiliar",88274,"SINAPI","MARMORISTA/GRANITEIRO COM ENCARGOS COMPLEMENTARES","Livro SINAPI: Cálculos e Parâmetros","H",0.41899999999999998,{"$f":"IF(A2571=\"Composição Auxiliar\",VLOOKUP(B2571,'SINAPI COMPOSIÇÃO'!$A$2:$E$10256,4,FALSE),IF(A2571=\"Insumo\",IF(VLOOKUP(B2571,'SINAPI INSUMOS'!$A$2:$F$4852,5,FALSE)=OR(\"\",0),VLOOKUP(B2571,'SINAPI INSUMOS'!$A$2:$F$4852,6,FALSE),VLOOKUP(B2571,'SINAPI INSUMOS'!$A$2:$F$4852,5,FALSE)),\"VERIFICAR\"))","v":28.86},12.09]
["Composição Auxiliar",88316,"SINAPI","SERVENTE COM ENCARGOS COMPLEMENTARES","Livro SINAPI: Cálculos e Parâmetros","H",0.20899999999999999,{"$f":"IF(A2572=\"Composição Auxiliar\",VLOOKUP(B2572,'SINAPI COMPOSIÇÃO'!$A$2:$E$10256,4,FALSE),IF(A2572=\"Insumo\",IF(VLOOKUP(B2572,'SINAPI INSUMOS'!$A$2:$F$4852,5,FALSE)=OR(\"\",0),VLOOKUP(B2572,'SINAPI INSUMOS'!$A$2:$F$4852,6,FALSE),VLOOKUP(B2572,'SINAPI INSUMOS'!$A$2:$F$4852,5,FALSE)),\"VERIFICAR\"))","v":21.32},4.45]
["Composição Auxiliar",87283,"SINAPI","ARGAMASSA TRAÇO 1:6 (EM VOLUME DE CIMENTO E AREIA MÉDIA ÚMIDA) COM ADIÇÃO DE PLASTIFICANTE PARA EMBOÇO/MASSA ÚNICA/ASSENTAMENTO DE ALVENARIA DE VEDAÇÃO, PREPARO MECÂNICO COM BETONEIRA 400 L. AF_08/2019","Argamassas","m³",6.0000000000000001E-3,{"$f":"IF(A2573=\"Composição Auxiliar\",VLOOKUP(B2573,'SINAPI COMPOSIÇÃO'!$A$2:$E$10256,4,FALSE),IF(A2573=\"Insumo\",IF(VLOOKUP(B2573,'SINAPI INSUMOS'!$A$2:$F$4852,5,FALSE)=OR(\"\",0),VLOOKUP(B2573,'SINAPI INSUMOS'!$A$2:$F$4852,6,FALSE),VLOOKUP(B2573,'SINAPI INSUMOS'!$A$2:$F$4852,5,FALSE)),\"VERIFICAR\"))","v":604.77},3.62]
["Insumo",34747,"SINAPI","PEITORIL EM MARMORE, POLIDO, BRANCO COMUM, L= *15* CM, E= *2,0* CM, COM PINGADEIRA","Material","M",1.04,{"$f":"IF(A2574=\"Composição Auxiliar\",VLOOKUP(B2574,'SINAPI COMPOSIÇÃO'!$A$2:$E$10256,4,FALSE),IF(A2574=\"Insumo\",IF(VLOOKUP(B2574,'SINAPI INSUMOS'!$A$2:$F$4852,5,FALSE)=OR(\"\",0),VLOOKUP(B2574,'SINAPI INSUMOS'!$A$2:$F$4852,6,FALSE),VLOOKUP(B2574,'SINAPI INSUMOS'!$A$2:$F$4852,5,FALSE)),\"VERIFICAR\"))","v":126.34},131.38999999999999]
[]
[" 16.22 ",null,null,"VIDROS"]
[" 16.22.1 ","Código","Banco","Descrição","Tipo","Und","Quant.","Valor Unit","Total"]
["Composição",94805,"SINAPI","PORTA DE ALUMÍNIO DE ABRIR PARA VIDRO SEM GUARNIÇÃO, 87X210CM, FIXAÇÃO COM PARAFUSOS, INCLUSIVE VIDROS - FORNECIMENTO E INSTALAÇÃO. AF_10/2025","Esquadrias - Portas","UN",1,{"$f":"I2578","v":921.78},{"$f":"SUM(I2579:I2583)","v":921.78}]
["Composição Auxiliar",88309,"SINAPI","PEDREIRO COM ENCARGOS COMPLEMENTARES","Livro SINAPI: Cálculos e Parâmetros","H",0.94358010000000003,{"$f":"IF(A2579=\"Composição Auxiliar\",VLOOKUP(B2579,'SINAPI COMPOSIÇÃO'!$A$2:$E$10256,4,FALSE),IF(A2579=\"Insumo\",IF(VLOOKUP(B2579,'SINAPI INSUMOS'!$A$2:$F$4852,5,FALSE)=OR(\"\",0),VLOOKUP(B2579,'SINAPI INSUMOS'!$A$2:$F$4852,6,FALSE),VLOOKUP(B2579,'SINAPI INSUMOS'!$A$2:$F$4852,5,FALSE)),\"VERIFICAR\"))","v":27.58},{"$f":"TRUNC(G2579*H2579,2)","v":26.02}]
["Composição Auxiliar",88316,"SINAPI","SERVENTE COM ENCARGOS COMPLEMENTARES","Livro SINAPI: Cálculos e Parâmetros","H",0.26666400000000001,{"$f":"IF(A2580=\"Composição Auxiliar\",VLOOKUP(B2580,'SINAPI COMPOSIÇÃO'!$A$2:$E$10256,4,FALSE),IF(A2580=\"Insumo\",IF(VLOOKUP(B2580,'SINAPI INSUMOS'!$A$2:$F$4852,5,FALSE)=OR(\"\",0),VLOOKUP(B2580,'SINAPI INSUMOS'!$A$2:$F$4852,6,FALSE),VLOOKUP(B2580,'SINAPI INSUMOS'!$A$2:$F$4852,5,FALSE)),\"VERIFICAR\"))","v":21.32},5.68]
["Insumo",142,"SINAPI","SELANTE ELASTICO MONOCOMPONENTE A BASE DE POLIURETANO (PU) PARA JUNTAS DIVERSAS","Material","310ML",1.613,{"$f":"IF(A2581=\"Composição Auxiliar\",VLOOKUP(B2581,'SINAPI COMPOSIÇÃO'!$A$2:$E$10256,4,FALSE),IF(A2581=\"Insumo\",IF(VLOOKUP(B2581,'SINAPI INSUMOS'!$A$2:$F$4852,5,FALSE)=OR(\"\",0),VLOOKUP(B2581,'SINAPI INSUMOS'!$A$2:$F$4852,6,FALSE),VLOOKUP(B2581,'SINAPI INSUMOS'!$A$2:$F$4852,5,FALSE)),\"VERIFICAR\"))","v":38.270000000000003},61.72]
["Insumo",7568,"SINAPI","BUCHA DE NYLON SEM ABA S10, COM PARAFUSO DE 6,10 X 65 MM EM ACO ZINCADO COM ROSCA SOBERBA, CABECA CHATA E FENDA PHILLIPS","Material","UN",8.8000000000000007,{"$f":"IF(A2582=\"Composição Auxiliar\",VLOOKUP(B2582,'SINAPI COMPOSIÇÃO'!$A$2:$E$10256,4,FALSE),IF(A2582=\"Insumo\",IF(VLOOKUP(B2582,'SINAPI INSUMOS'!$A$2:$F$4852,5,FALSE)=OR(\"\",0),VLOOKUP(B2582,'SINAPI INSUMOS'!$A$2:$F$4852,6,FALSE),VLOOKUP(B2582,'SINAPI INSUMOS'!$A$2:$F$4852,5,FALSE)),\"VERIFICAR\"))","v":0.61},5.36]
["Insumo",39024,"SINAPI","PORTA DE ABRIR EM ALUMINIO COM DIVISAO HORIZONTAL PARA VIDROS, ACABAMENTO ANODIZADO NATURAL, VIDROS INCLUSOS, SEM GUARNICAO/ALIZAR/VISTA, 87 CM X 210 CM","Material","UN",1,{"$f":"IF(A2583=\"Composição Auxiliar\",VLOOKUP(B2583,'SINAPI COMPOSIÇÃO'!$A$2:$E$10256,4,FALSE),IF(A2583=\"Insumo\",IF(VLOOKUP(B2583,'SINAPI INSUMOS'!$A$2:$F$4852,5,FALSE)=OR(\"\",0),VLOOKUP(B2583,'SINAPI INSUMOS'!$A$2:$F$4852,6,FALSE),VLOOKUP(B2583,'SINAPI INSUMOS'!$A$2:$F$4852,5,FALSE)),\"VERIFICAR\"))","v":823},823]
[]
[" 16.22.2 ","Código","Banco","Descrição","Tipo","Und","Quant.","Valor Unit","Total"]
["Composição",112200,"SBC","JANELA PIVOTANTE DE ALUMINIO NATURAL COM VIDRO","ESQUADRIAS DE ALUMINIO","m²",1,{"$f":"I2586","v":864.55},{"$f":"SUM(I2587:I2593)","v":864.55}]
["Insumo",99050,"SBC","PEDREIRO","Mão de Obra","H",0.86899999999999999,21.11,{"$f":"TRUNC(G2587*H2587,2)","v":18.34}]
["Insumo",4259,"SBC","JANELA PIVOTANTE DE ALUMINIO NATURAL COM VIDRO LINHA VENEZA, BERGAMO","Material","m²",1,795.18,795.18]
["Insumo",99662,"SBC","AJUDANTE DE SERRALHEIRO","Mão de Obra","H",1.069,16.14,17.25]
["Insumo",99900,"SBC","SERVENTE","Mão de Obra","H",0.42799999999999999,15.88,6.79]
["Insumo",100,"SBC","AREIA GROSSA LAVADA","Material","m³",3.0000000000000001E-3,151.96,0.45]
["Insumo",50,"SBC","CIMENTO PORTLAND CP III 32RS NBR 11578 (quilo)","Material","KG",1.2,1.1399999999999999,1.36]
["Insumo",99230,"SBC","SERRALHEIRO","Mão de Obra","H",1.069,23.56,25.18]
[]
[" 16.23 ",null,null,"TRATAMENTOS E IMPERMEABILIZAÇÕES"]
[" 16.23.1 ","Código","Banco","Descrição","Tipo","Und","Quant.","Valor Unit","Total"]
["Composição",98555,"SINAPI","IMPERMEABILIZAÇÃO DE SUPERFÍCIE COM ARGAMASSA POLIMÉRICA / MEMBRANA ACRÍLICA, 3 DEMÃOS. AF_09/2023","Impermeabilização, Proteção Mecânica e Tratamento de Junta","m²",1,{"$f":"I2597","v":32.5},{"$f":"SUM(I2598:I2600)","v":32.5}]
["Composição Auxiliar",88270,"SINAPI","IMPERMEABILIZADOR COM ENCARGOS COMPLEMENTARES","Livro SINAPI: Cálculos e Parâmetros","H",0.60389999999999999,{"$f":"IF(A2598=\"Composição Auxiliar\",VLOOKUP(B2598,'SINAPI COMPOSIÇÃO'!$A$2:$E$10256,4,FALSE),IF(A2598=\"Insumo\",IF(VLOOKUP(B2598,'SINAPI INSUMOS'!$A$2:$F$4852,5,FALSE)=OR(\"\",0),VLOOKUP(B2598,'SINAPI INSUMOS'!$A$2:$F$4852,6,FALSE),VLOOKUP(B2598,'SINAPI INSUMOS'!$A$2:$F$4852,5,FALSE)),\"VERIFICAR\"))","v":27.84},{"$f":"TRUNC(G2598*H2598,2)","v":16.809999999999999}]
["Composição Auxiliar",88243,"SINAPI","AJUDANTE ESPECIALIZADO COM ENCARGOS COMPLEMENTARES","Livro SINAPI: Cálculos e Parâmetros","H",0.13619999999999999,{"$f":"IF(A2599=\"Composição Auxiliar\",VLOOKUP(B2599,'SINAPI COMPOSIÇÃO'!$A$2:$E$10256,4,FALSE),IF(A2599=\"Insumo\",IF(VLOOKUP(B2599,'SINAPI INSUMOS'!$A$2:$F$4852,5,FALSE)=OR(\"\",0),VLOOKUP(B2599,'SINAPI INSUMOS'!$A$2:$F$4852,6,FALSE),VLOOKUP(B2599,'SINAPI INSUMOS'!$A$2:$F$4852,5,FALSE)),\"VERIFICAR\"))","v":22.32},3.03]
["Insumo",135,"SINAPI","ARGAMASSA POLIMERICA IMPERMEABILIZANTE SEMIFLEXIVEL, BICOMPONENTE, A BASE DE CIMENTO E ADITIVOS","Material","KG",3.4615,{"$f":"IF(A2600=\"Composição Auxiliar\",VLOOKUP(B2600,'SINAPI COMPOSIÇÃO'!$A$2:$E$10256,4,FALSE),IF(A2600=\"Insumo\",IF(VLOOKUP(B2600,'SINAPI INSUMOS'!$A$2:$F$4852,5,FALSE)=OR(\"\",0),VLOOKUP(B2600,'SINAPI INSUMOS'!$A$2:$F$4852,6,FALSE),VLOOKUP(B2600,'SINAPI INSUMOS'!$A$2:$F$4852,5,FALSE)),\"VERIFICAR\"))","v":3.66},12.66]
[]
[" 16.23.2 ","Código","Banco","Descrição","Tipo","Und","Quant.","Valor Unit","Total"]
["Composição",98557,"SINAPI","IMPERMEABILIZAÇÃO DE SUPERFÍCIE COM EMULSÃO ASFÁLTICA, 2 DEMÃOS. AF_09/2023","Impermeabilização, Proteção Mecânica e Tratamento de Junta","m²",1,{"$f":"I2603","v":50.099999999999994},{"$f":"SUM(I2604:I2606)","v":50.099999999999994}]
["Composição Auxiliar",88243,"SINAPI","AJUDANTE ESPECIALIZADO COM ENCARGOS COMPLEMENTARES","Livro SINAPI: Cálculos e Parâmetros","H",9.69E-2,{"$f":"IF(A2604=\"Composição Auxiliar\",VLOOKUP(B2604,'SINAPI COMPOSIÇÃO'!$A$2:$E$10256,4,FALSE),IF(A2604=\"Insumo\",IF(VLOOKUP(B2604,'SINAPI INSUMOS'!$A$2:$F$4852,5,FALSE)=OR(\"\",0),VLOOKUP(B2604,'SINAPI INSUMOS'!$A$2:$F$4852,6,FALSE),VLOOKUP(B2604,'SINAPI INSUMOS'!$A$2:$F$4852,5,FALSE)),\"VERIFICAR\"))","v":22.32},{"$f":"TRUNC(G2604*H2604,2)","v":2.16}]
["Composição Auxiliar",88270,"SINAPI","IMPERMEABILIZADOR COM ENCARGOS COMPLEMENTARES","Livro SINAPI: Cálculos e Parâmetros","H",0.4299,{"$f":"IF(A2605=\"Composição Auxiliar\",VLOOKUP(B2605,'SINAPI COMPOSIÇÃO'!$A$2:$E$10256,4,FALSE),IF(A2605=\"Insumo\",IF(VLOOKUP(B2605,'SINAPI INSUMOS'!$A$2:$F$4852,5,FALSE)=OR(\"\",0),VLOOKUP(B2605,'SINAPI INSUMOS'!$A$2:$F$4852,6,FALSE),VLOOKUP(B2605,'SINAPI INSUMOS'!$A$2:$F$4852,5,FALSE)),\"VERIFICAR\"))","v":27.84},11.96]
["Insumo",626,"SINAPI","MANTA LIQUIDA DE BASE ASFALTICA MODIFICADA COM A ADICAO DE ELASTOMEROS DILUIDOS EM SOLVENTE ORGANICO, APLICACAO A FRIO (MEMBRANA DE EMULSAO ASFALTICA PARA IMPERMEABILIZACAO FLEXIVEL)","Material","KG",1.5,{"$f":"IF(A2606=\"Composição Auxiliar\",VLOOKUP(B2606,'SINAPI COMPOSIÇÃO'!$A$2:$E$10256,4,FALSE),IF(A2606=\"Insumo\",IF(VLOOKUP(B2606,'SINAPI INSUMOS'!$A$2:$F$4852,5,FALSE)=OR(\"\",0),VLOOKUP(B2606,'SINAPI INSUMOS'!$A$2:$F$4852,6,FALSE),VLOOKUP(B2606,'SINAPI INSUMOS'!$A$2:$F$4852,5,FALSE)),\"VERIFICAR\"))","v":23.99},35.979999999999997]
[]
[" 16.23.3 ","Código","Banco","Descrição","Tipo","Und","Quant.","Valor Unit","Total"]
["Composição",98546,"SINAPI","IMPERMEABILIZAÇÃO DE SUPERFÍCIE COM MANTA ASFÁLTICA, UMA CAMADA, INCLUSIVE APLICAÇÃO DE PRIMER ASFÁLTICO, E=4MM. AF_09/2023","Impermeabilização, Proteção Mecânica e Tratamento de Junta","m²",1,{"$f":"I2609","v":149.36000000000001},{"$f":"SUM(I2610:I2614)","v":149.36000000000001}]
["Composição Auxiliar",88243,"SINAPI","AJUDANTE ESPECIALIZADO COM ENCARGOS COMPLEMENTARES","Livro SINAPI: Cálculos e Parâmetros","H",0.2102,{"$f":"IF(A2610=\"Composição Auxiliar\",VLOOKUP(B2610,'SINAPI COMPOSIÇÃO'!$A$2:$E$10256,4,FALSE),IF(A2610=\"Insumo\",IF(VLOOKUP(B2610,'SINAPI INSUMOS'!$A$2:$F$4852,5,FALSE)=OR(\"\",0),VLOOKUP(B2610,'SINAPI INSUMOS'!$A$2:$F$4852,6,FALSE),VLOOKUP(B2610,'SINAPI INSUMOS'!$A$2:$F$4852,5,FALSE)),\"VERIFICAR\"))","v":22.32},{"$f":"TRUNC(G2610*H2610,2)","v":4.6900000000000004}]
["Composição Auxiliar",88270,"SINAPI","IMPERMEABILIZADOR COM ENCARGOS COMPLEMENTARES","Livro SINAPI: Cálculos e Parâmetros","H",0.93240000000000001,{"$f":"IF(A2611=\"Composição Auxiliar\",VLOOKUP(B2611,'SINAPI COMPOSIÇÃO'!$A$2:$E$10256,4,FALSE),IF(A2611=\"Insumo\",IF(VLOOKUP(B2611,'SINAPI INSUMOS'!$A$2:$F$4852,5,FALSE)=OR(\"\",0),VLOOKUP(B2611,'SINAPI INSUMOS'!$A$2:$F$4852,6,FALSE),VLOOKUP(B2611,'SINAPI INSUMOS'!$A$2:$F$4852,5,FALSE)),\"VERIFICAR\"))","v":27.84},25.95]
["Insumo",4226,"SINAPI","GAS DE COZINHA - GLP","Material","KG",0.26,{"$f":"IF(A2612=\"Composição Auxiliar\",VLOOKUP(B2612,'SINAPI COMPOSIÇÃO'!$A$2:$E$10256,4,FALSE),IF(A2612=\"Insumo\",IF(VLOOKUP(B2612,'SINAPI INSUMOS'!$A$2:$F$4852,5,FALSE)=OR(\"\",0),VLOOKUP(B2612,'SINAPI INSUMOS'!$A$2:$F$4852,6,FALSE),VLOOKUP(B2612,'SINAPI INSUMOS'!$A$2:$F$4852,5,FALSE)),\"VERIFICAR\"))","v":8.94},2.3199999999999998]
["Insumo",511,"SINAPI","PRIMER PARA MANTA ASFALTICA A BASE DE ASFALTO MODIFICADO DILUIDO EM SOLVENTE, APLICACAO A FRIO","Material","L",0.58720000000000006,{"$f":"IF(A2613=\"Composição Auxiliar\",VLOOKUP(B2613,'SINAPI COMPOSIÇÃO'!$A$2:$E$10256,4,FALSE),IF(A2613=\"Insumo\",IF(VLOOKUP(B2613,'SINAPI INSUMOS'!$A$2:$F$4852,5,FALSE)=OR(\"\",0),VLOOKUP(B2613,'SINAPI INSUMOS'!$A$2:$F$4852,6,FALSE),VLOOKUP(B2613,'SINAPI INSUMOS'!$A$2:$F$4852,5,FALSE)),\"VERIFICAR\"))","v":30.54},17.93]
["Insumo",4015,"SINAPI","MANTA ASFALTICA ELASTOMERICA EM POLIESTER 4 MM, TIPO III, CLASSE B, ACABAMENTO PP (NBR 9952)","Material","m²",1.1318999999999999,{"$f":"IF(A2614=\"Composição Auxiliar\",VLOOKUP(B2614,'SINAPI COMPOSIÇÃO'!$A$2:$E$10256,4,FALSE),IF(A2614=\"Insumo\",IF(VLOOKUP(B2614,'SINAPI INSUMOS'!$A$2:$F$4852,5,FALSE)=OR(\"\",0),VLOOKUP(B2614,'SINAPI INSUMOS'!$A$2:$F$4852,6,FALSE),VLOOKUP(B2614,'SINAPI INSUMOS'!$A$2:$F$4852,5,FALSE)),\"VERIFICAR\"))","v":87},98.47]
[]
[" 16.23.4 ","Código","Banco","Descrição","Tipo","Und","Quant.","Valor Unit","Total"]
["Composição",98567,"SINAPI","PROTEÇÃO MECÂNICA DE SUPERFICIE HORIZONTAL COM ARGAMASSA DE CIMENTO E AREIA, TRAÇO 1:3, E=4CM. AF_09/2023","Impermeabilização, Proteção Mecânica e Tratamento de Junta","m²",1,{"$f":"I2617","v":80.33},{"$f":"SUM(I2618:I2621)","v":80.33}]
["Composição Auxiliar",87372,"SINAPI","ARGAMASSA TRAÇO 1:3 (EM VOLUME DE CIMENTO E AREIA MÉDIA ÚMIDA) PARA CONTRAPISO, PREPARO MANUAL. AF_08/2019","Argamassas","m³",4.3999999999999997E-2,{"$f":"IF(A2618=\"Composição Auxiliar\",VLOOKUP(B2618,'SINAPI COMPOSIÇÃO'!$A$2:$E$10256,4,FALSE),IF(A2618=\"Insumo\",IF(VLOOKUP(B2618,'SINAPI INSUMOS'!$A$2:$F$4852,5,FALSE)=OR(\"\",0),VLOOKUP(B2618,'SINAPI INSUMOS'!$A$2:$F$4852,6,FALSE),VLOOKUP(B2618,'SINAPI INSUMOS'!$A$2:$F$4852,5,FALSE)),\"VERIFICAR\"))","v":1078.3599999999999},{"$f":"TRUNC(G2618*H2618,2)","v":47.44}]
["Composição Auxiliar",88309,"SINAPI","PEDREIRO COM ENCARGOS COMPLEMENTARES","Livro SINAPI: Cálculos e Parâmetros","H",0.92820000000000003,{"$f":"IF(A2619=\"Composição Auxiliar\",VLOOKUP(B2619,'SINAPI COMPOSIÇÃO'!$A$2:$E$10256,4,FALSE),IF(A2619=\"Insumo\",IF(VLOOKUP(B2619,'SINAPI INSUMOS'!$A$2:$F$4852,5,FALSE)=OR(\"\",0),VLOOKUP(B2619,'SINAPI INSUMOS'!$A$2:$F$4852,6,FALSE),VLOOKUP(B2619,'SINAPI INSUMOS'!$A$2:$F$4852,5,FALSE)),\"VERIFICAR\"))","v":27.58},25.59]
["Composição Auxiliar",88316,"SINAPI","SERVENTE COM ENCARGOS COMPLEMENTARES","Livro SINAPI: Cálculos e Parâmetros","H",0.20930000000000001,{"$f":"IF(A2620=\"Composição Auxiliar\",VLOOKUP(B2620,'SINAPI COMPOSIÇÃO'!$A$2:$E$10256,4,FALSE),IF(A2620=\"Insumo\",IF(VLOOKUP(B2620,'SINAPI INSUMOS'!$A$2:$F$4852,5,FALSE)=OR(\"\",0),VLOOKUP(B2620,'SINAPI INSUMOS'!$A$2:$F$4852,6,FALSE),VLOOKUP(B2620,'SINAPI INSUMOS'!$A$2:$F$4852,5,FALSE)),\"VERIFICAR\"))","v":21.32},4.46]
["Insumo",38365,"SINAPI","CAMADA SEPARADORA DE FILME DE POLIETILENO 20 A 25 MICRA","Material","m²",1.04,{"$f":"IF(A2621=\"Composição Auxiliar\",VLOOKUP(B2621,'SINAPI COMPOSIÇÃO'!$A$2:$E$10256,4,FALSE),IF(A2621=\"Insumo\",IF(VLOOKUP(B2621,'SINAPI INSUMOS'!$A$2:$F$4852,5,FALSE)=OR(\"\",0),VLOOKUP(B2621,'SINAPI INSUMOS'!$A$2:$F$4852,6,FALSE),VLOOKUP(B2621,'SINAPI INSUMOS'!$A$2:$F$4852,5,FALSE)),\"VERIFICAR\"))","v":2.74},2.84]
[]
[" 16.24 ",null,null,"PAVIMENTAÇÕES INTERNAS"]
[" 16.24.1 ","Código","Banco","Descrição","Tipo","Und","Quant.","Valor Unit","Total"]
["Composição",95241,"SINAPI","LASTRO DE CONCRETO MAGRO, APLICADO EM PISOS, LAJES SOBRE SOLO OU RADIERS, ESPESSURA DE 5 CM. AF_01/2024","Lastro","m²",1,{"$f":"I2625","v":51.61},{"$f":"SUM(I2626:I2628)","v":51.61}]
["Composição Auxiliar",94968,"SINAPI","CONCRETO MAGRO PARA LASTRO, TRAÇO 1:4,5:4,5 (EM MASSA SECA DE CIMENTO/ AREIA MÉDIA/ BRITA 1) - PREPARO MECÂNICO COM BETONEIRA 600 L. AF_05/2021","Produção de Concreto","m³",6.9000000000000006E-2,{"$f":"IF(A2626=\"Composição Auxiliar\",VLOOKUP(B2626,'SINAPI COMPOSIÇÃO'!$A$2:$E$10256,4,FALSE),IF(A2626=\"Insumo\",IF(VLOOKUP(B2626,'SINAPI INSUMOS'!$A$2:$F$4852,5,FALSE)=OR(\"\",0),VLOOKUP(B2626,'SINAPI INSUMOS'!$A$2:$F$4852,6,FALSE),VLOOKUP(B2626,'SINAPI INSUMOS'!$A$2:$F$4852,5,FALSE)),\"VERIFICAR\"))","v":618.28},{"$f":"TRUNC(G2626*H2626,2)","v":42.66}]
["Composição Auxiliar",88309,"SINAPI","PEDREIRO COM ENCARGOS COMPLEMENTARES","Livro SINAPI: Cálculos e Parâmetros","H",0.25414999999999999,{"$f":"IF(A2627=\"Composição Auxiliar\",VLOOKUP(B2627,'SINAPI COMPOSIÇÃO'!$A$2:$E$10256,4,FALSE),IF(A2627=\"Insumo\",IF(VLOOKUP(B2627,'SINAPI INSUMOS'!$A$2:$F$4852,5,FALSE)=OR(\"\",0),VLOOKUP(B2627,'SINAPI INSUMOS'!$A$2:$F$4852,6,FALSE),VLOOKUP(B2627,'SINAPI INSUMOS'!$A$2:$F$4852,5,FALSE)),\"VERIFICAR\"))","v":27.58},7]
["Composição Auxiliar",88316,"SINAPI","SERVENTE COM ENCARGOS COMPLEMENTARES","Livro SINAPI: Cálculos e Parâmetros","H",9.1899999999999996E-2,{"$f":"IF(A2628=\"Composição Auxiliar\",VLOOKUP(B2628,'SINAPI COMPOSIÇÃO'!$A$2:$E$10256,4,FALSE),IF(A2628=\"Insumo\",IF(VLOOKUP(B2628,'SINAPI INSUMOS'!$A$2:$F$4852,5,FALSE)=OR(\"\",0),VLOOKUP(B2628,'SINAPI INSUMOS'!$A$2:$F$4852,6,FALSE),VLOOKUP(B2628,'SINAPI INSUMOS'!$A$2:$F$4852,5,FALSE)),\"VERIFICAR\"))","v":21.32},1.95]
[]
[" 16.24.2 ","Código","Banco","Descrição","Tipo","Und","Quant.","Valor Unit","Total"]
["Composição"," 11ª SR - COMP. 32 ","Próprio","LASTRO DE CONCRETO MAGRO, APLICADO EM PISOS, LAJES SOBRE SOLO OU RADIERS, ESPESSURA DE 5 CM, COM ADITIVO IMPERMEABILIZANTE. AF_01/2024","Lastro","m²",1,{"$f":"I2631","v":67.81},{"$f":"SUM(I2632:I2636)","v":67.81}]
["Composição Auxiliar",94968,"SINAPI","CONCRETO MAGRO PARA LASTRO, TRAÇO 1:4,5:4,5 (EM MASSA SECA DE CIMENTO/ AREIA MÉDIA/ BRITA 1) - PREPARO MECÂNICO COM BETONEIRA 600 L. AF_05/2021","Produção de Concreto","m³",6.9000000000000006E-2,{"$f":"IF(A2632=\"Composição Auxiliar\",VLOOKUP(B2632,'SINAPI COMPOSIÇÃO'!$A$2:$E$10256,4,FALSE),IF(A2632=\"Insumo\",IF(VLOOKUP(B2632,'SINAPI INSUMOS'!$A$2:$F$4852,5,FALSE)=OR(\"\",0),VLOOKUP(B2632,'SINAPI INSUMOS'!$A$2:$F$4852,6,FALSE),VLOOKUP(B2632,'SINAPI INSUMOS'!$A$2:$F$4852,5,FALSE)),\"VERIFICAR\"))","v":618.28},{"$f":"TRUNC(G2632*H2632,2)","v":42.66}]
["Composição Auxiliar",88316,"SINAPI","SERVENTE COM ENCARGOS COMPLEMENTARES","Livro SINAPI: Cálculos e Parâmetros","H",0.3,{"$f":"IF(A2633=\"Composição Auxiliar\",VLOOKUP(B2633,'SINAPI COMPOSIÇÃO'!$A$2:$E$10256,4,FALSE),IF(A2633=\"Insumo\",IF(VLOOKUP(B2633,'SINAPI INSUMOS'!$A$2:$F$4852,5,FALSE)=OR(\"\",0),VLOOKUP(B2633,'SINAPI INSUMOS'!$A$2:$F$4852,6,FALSE),VLOOKUP(B2633,'SINAPI INSUMOS'!$A$2:$F$4852,5,FALSE)),\"VERIFICAR\"))","v":21.32},6.39]
["Composição Auxiliar",88309,"SINAPI","PEDREIRO COM ENCARGOS COMPLEMENTARES","Livro SINAPI: Cálculos e Parâmetros","H",0.4,{"$f":"IF(A2634=\"Composição Auxiliar\",VLOOKUP(B2634,'SINAPI COMPOSIÇÃO'!$A$2:$E$10256,4,FALSE),IF(A2634=\"Insumo\",IF(VLOOKUP(B2634,'SINAPI INSUMOS'!$A$2:$F$4852,5,FALSE)=OR(\"\",0),VLOOKUP(B2634,'SINAPI INSUMOS'!$A$2:$F$4852,6,FALSE),VLOOKUP(B2634,'SINAPI INSUMOS'!$A$2:$F$4852,5,FALSE)),\"VERIFICAR\"))","v":27.58},11.03]
["Insumo",123,"SINAPI","ADITIVO IMPERMEABILIZANTE DE PEGA NORMAL PARA ARGAMASSAS E CONCRETOS SEM ARMACAO, LIQUIDO E ISENTO DE CLORETOS","Material","L",0.7,{"$f":"IF(A2635=\"Composição Auxiliar\",VLOOKUP(B2635,'SINAPI COMPOSIÇÃO'!$A$2:$E$10256,4,FALSE),IF(A2635=\"Insumo\",IF(VLOOKUP(B2635,'SINAPI INSUMOS'!$A$2:$F$4852,5,FALSE)=OR(\"\",0),VLOOKUP(B2635,'SINAPI INSUMOS'!$A$2:$F$4852,6,FALSE),VLOOKUP(B2635,'SINAPI INSUMOS'!$A$2:$F$4852,5,FALSE)),\"VERIFICAR\"))","v":7.98},5.58]
["Insumo",3673,"SINAPI","JUNTA PLASTICA DE DILATACAO PARA PISOS, COR CINZA, 27 X 3 MM (ALTURA X ESPESSURA)","Material","M",1,{"$f":"IF(A2636=\"Composição Auxiliar\",VLOOKUP(B2636,'SINAPI COMPOSIÇÃO'!$A$2:$E$10256,4,FALSE),IF(A2636=\"Insumo\",IF(VLOOKUP(B2636,'SINAPI INSUMOS'!$A$2:$F$4852,5,FALSE)=OR(\"\",0),VLOOKUP(B2636,'SINAPI INSUMOS'!$A$2:$F$4852,6,FALSE),VLOOKUP(B2636,'SINAPI INSUMOS'!$A$2:$F$4852,5,FALSE)),\"VERIFICAR\"))","v":2.15},2.15]
[]
[" 16.24.3 ","Código","Banco","Descrição","Tipo","Und","Quant.","Valor Unit","Total"]
["Composição",87757,"SINAPI","CONTRAPISO EM ARGAMASSA TRAÇO 1:4 (CIMENTO E AREIA), PREPARO MANUAL, APLICADO EM ÁREAS MOLHADAS SOBRE IMPERMEABILIZAÇÃO, ACABAMENTO NÃO REFORÇADO, ESPESSURA 3CM. AF_07/2021","Contrapiso","m²",1,{"$f":"I2639","v":64.25},{"$f":"SUM(I2640:I2643)","v":64.25}]
["Composição Auxiliar",88309,"SINAPI","PEDREIRO COM ENCARGOS COMPLEMENTARES","Livro SINAPI: Cálculos e Parâmetros","H",0.58899999999999997,{"$f":"IF(A2640=\"Composição Auxiliar\",VLOOKUP(B2640,'SINAPI COMPOSIÇÃO'!$A$2:$E$10256,4,FALSE),IF(A2640=\"Insumo\",IF(VLOOKUP(B2640,'SINAPI INSUMOS'!$A$2:$F$4852,5,FALSE)=OR(\"\",0),VLOOKUP(B2640,'SINAPI INSUMOS'!$A$2:$F$4852,6,FALSE),VLOOKUP(B2640,'SINAPI INSUMOS'!$A$2:$F$4852,5,FALSE)),\"VERIFICAR\"))","v":27.58},{"$f":"TRUNC(G2640*H2640,2)","v":16.239999999999998}]
["Composição Auxiliar",87373,"SINAPI","ARGAMASSA TRAÇO 1:4 (EM VOLUME DE CIMENTO E AREIA MÉDIA ÚMIDA) PARA CONTRAPISO, PREPARO MANUAL. AF_08/2019","Argamassas","m³",4.3099999999999999E-2,{"$f":"IF(A2641=\"Composição Auxiliar\",VLOOKUP(B2641,'SINAPI COMPOSIÇÃO'!$A$2:$E$10256,4,FALSE),IF(A2641=\"Insumo\",IF(VLOOKUP(B2641,'SINAPI INSUMOS'!$A$2:$F$4852,5,FALSE)=OR(\"\",0),VLOOKUP(B2641,'SINAPI INSUMOS'!$A$2:$F$4852,6,FALSE),VLOOKUP(B2641,'SINAPI INSUMOS'!$A$2:$F$4852,5,FALSE)),\"VERIFICAR\"))","v":955.66},41.18]
["Composição Auxiliar",88316,"SINAPI","SERVENTE COM ENCARGOS COMPLEMENTARES","Livro SINAPI: Cálculos e Parâmetros","H",0.29399999999999998,{"$f":"IF(A2642=\"Composição Auxiliar\",VLOOKUP(B2642,'SINAPI COMPOSIÇÃO'!$A$2:$E$10256,4,FALSE),IF(A2642=\"Insumo\",IF(VLOOKUP(B2642,'SINAPI INSUMOS'!$A$2:$F$4852,5,FALSE)=OR(\"\",0),VLOOKUP(B2642,'SINAPI INSUMOS'!$A$2:$F$4852,6,FALSE),VLOOKUP(B2642,'SINAPI INSUMOS'!$A$2:$F$4852,5,FALSE)),\"VERIFICAR\"))","v":21.32},6.26]
["Insumo",1379,"SINAPI","CIMENTO PORTLAND COMPOSTO CP II-32","Material","KG",0.5,{"$f":"IF(A2643=\"Composição Auxiliar\",VLOOKUP(B2643,'SINAPI COMPOSIÇÃO'!$A$2:$E$10256,4,FALSE),IF(A2643=\"Insumo\",IF(VLOOKUP(B2643,'SINAPI INSUMOS'!$A$2:$F$4852,5,FALSE)=OR(\"\",0),VLOOKUP(B2643,'SINAPI INSUMOS'!$A$2:$F$4852,6,FALSE),VLOOKUP(B2643,'SINAPI INSUMOS'!$A$2:$F$4852,5,FALSE)),\"VERIFICAR\"))","v":1.1399999999999999},0.56999999999999995]
[]
[" 16.24.4 ","Código","Banco","Descrição","Tipo","Und","Quant.","Valor Unit","Total"]
["Composição",87262,"SINAPI","REVESTIMENTO CERÂMICO PARA PISO COM PLACAS TIPO PORCELANATO DE DIMENSÕES 60X60 CM APLICADA EM AMBIENTES DE ÁREA ENTRE 5 M² E 10 M². AF_02/2023_PE","Revestimentos Cerâmicos Internos","m²",1,{"$f":"I2646","v":158.31},{"$f":"SUM(I2647:I2651)","v":158.31}]
["Composição Auxiliar",88316,"SINAPI","SERVENTE COM ENCARGOS COMPLEMENTARES","Livro SINAPI: Cálculos e Parâmetros","H",0.2064,{"$f":"IF(A2647=\"Composição Auxiliar\",VLOOKUP(B2647,'SINAPI COMPOSIÇÃO'!$A$2:$E$10256,4,FALSE),IF(A2647=\"Insumo\",IF(VLOOKUP(B2647,'SINAPI INSUMOS'!$A$2:$F$4852,5,FALSE)=OR(\"\",0),VLOOKUP(B2647,'SINAPI INSUMOS'!$A$2:$F$4852,6,FALSE),VLOOKUP(B2647,'SINAPI INSUMOS'!$A$2:$F$4852,5,FALSE)),\"VERIFICAR\"))","v":21.32},{"$f":"TRUNC(G2647*H2647,2)","v":4.4000000000000004}]
["Composição Auxiliar",88256,"SINAPI","AZULEJISTA OU LADRILHEIRO COM ENCARGOS COMPLEMENTARES","Livro SINAPI: Cálculos e Parâmetros","H",0.80379999999999996,{"$f":"IF(A2648=\"Composição Auxiliar\",VLOOKUP(B2648,'SINAPI COMPOSIÇÃO'!$A$2:$E$10256,4,FALSE),IF(A2648=\"Insumo\",IF(VLOOKUP(B2648,'SINAPI INSUMOS'!$A$2:$F$4852,5,FALSE)=OR(\"\",0),VLOOKUP(B2648,'SINAPI INSUMOS'!$A$2:$F$4852,6,FALSE),VLOOKUP(B2648,'SINAPI INSUMOS'!$A$2:$F$4852,5,FALSE)),\"VERIFICAR\"))","v":31.7},25.48]
["Insumo",37595,"SINAPI","ARGAMASSA COLANTE TIPO AC III","Material","KG",9.1300000000000008,{"$f":"IF(A2649=\"Composição Auxiliar\",VLOOKUP(B2649,'SINAPI COMPOSIÇÃO'!$A$2:$E$10256,4,FALSE),IF(A2649=\"Insumo\",IF(VLOOKUP(B2649,'SINAPI INSUMOS'!$A$2:$F$4852,5,FALSE)=OR(\"\",0),VLOOKUP(B2649,'SINAPI INSUMOS'!$A$2:$F$4852,6,FALSE),VLOOKUP(B2649,'SINAPI INSUMOS'!$A$2:$F$4852,5,FALSE)),\"VERIFICAR\"))","v":3.38},30.85]
["Insumo",34357,"SINAPI","REJUNTE CIMENTICIO, QUALQUER COR","Material","KG",0.14099999999999999,{"$f":"IF(A2650=\"Composição Auxiliar\",VLOOKUP(B2650,'SINAPI COMPOSIÇÃO'!$A$2:$E$10256,4,FALSE),IF(A2650=\"Insumo\",IF(VLOOKUP(B2650,'SINAPI INSUMOS'!$A$2:$F$4852,5,FALSE)=OR(\"\",0),VLOOKUP(B2650,'SINAPI INSUMOS'!$A$2:$F$4852,6,FALSE),VLOOKUP(B2650,'SINAPI INSUMOS'!$A$2:$F$4852,5,FALSE)),\"VERIFICAR\"))","v":6.45},0.9]
["Insumo",45190,"SINAPI","PISO EM PORCELANATO, RETIFICADO, LISO, MONOCOLOR, ACETINADO OU POLIDO, FORMATO MAIOR QUE 2500 ATE 6400 CM2","Material","m²",1.0864,{"$f":"IF(A2651=\"Composição Auxiliar\",VLOOKUP(B2651,'SINAPI COMPOSIÇÃO'!$A$2:$E$10256,4,FALSE),IF(A2651=\"Insumo\",IF(VLOOKUP(B2651,'SINAPI INSUMOS'!$A$2:$F$4852,5,FALSE)=OR(\"\",0),VLOOKUP(B2651,'SINAPI INSUMOS'!$A$2:$F$4852,6,FALSE),VLOOKUP(B2651,'SINAPI INSUMOS'!$A$2:$F$4852,5,FALSE)),\"VERIFICAR\"))","v":89},96.68]
[]
[" 16.25 ",null,null,"PINTURAS"]
[" 16.25.1 ","Código","Banco","Descrição","Tipo","Und","Quant.","Valor Unit","Total"]
["Composição",88489,"SINAPI","PINTURA LÁTEX ACRÍLICA PREMIUM, APLICAÇÃO MANUAL EM PAREDES, DUAS DEMÃOS. AF_04/2023","Pintura Interna","m²",1,{"$f":"I2655","v":13.64},{"$f":"SUM(I2656:I2658)","v":13.64}]
["Composição Auxiliar",88310,"SINAPI","PINTOR COM ENCARGOS COMPLEMENTARES","Livro SINAPI: Cálculos e Parâmetros","H",0.16309999999999999,{"$f":"IF(A2656=\"Composição Auxiliar\",VLOOKUP(B2656,'SINAPI COMPOSIÇÃO'!$A$2:$E$10256,4,FALSE),IF(A2656=\"Insumo\",IF(VLOOKUP(B2656,'SINAPI INSUMOS'!$A$2:$F$4852,5,FALSE)=OR(\"\",0),VLOOKUP(B2656,'SINAPI INSUMOS'!$A$2:$F$4852,6,FALSE),VLOOKUP(B2656,'SINAPI INSUMOS'!$A$2:$F$4852,5,FALSE)),\"VERIFICAR\"))","v":29.17},{"$f":"TRUNC(G2656*H2656,2)","v":4.75}]
["Composição Auxiliar",88316,"SINAPI","SERVENTE COM ENCARGOS COMPLEMENTARES","Livro SINAPI: Cálculos e Parâmetros","H",5.4399999999999997E-2,{"$f":"IF(A2657=\"Composição Auxiliar\",VLOOKUP(B2657,'SINAPI COMPOSIÇÃO'!$A$2:$E$10256,4,FALSE),IF(A2657=\"Insumo\",IF(VLOOKUP(B2657,'SINAPI INSUMOS'!$A$2:$F$4852,5,FALSE)=OR(\"\",0),VLOOKUP(B2657,'SINAPI INSUMOS'!$A$2:$F$4852,6,FALSE),VLOOKUP(B2657,'SINAPI INSUMOS'!$A$2:$F$4852,5,FALSE)),\"VERIFICAR\"))","v":21.32},1.1499999999999999]
["Insumo",7356,"SINAPI","TINTA LATEX ACRILICA PREMIUM, COR BRANCO FOSCO","Material","L",0.22850000000000001,{"$f":"IF(A2658=\"Composição Auxiliar\",VLOOKUP(B2658,'SINAPI COMPOSIÇÃO'!$A$2:$E$10256,4,FALSE),IF(A2658=\"Insumo\",IF(VLOOKUP(B2658,'SINAPI INSUMOS'!$A$2:$F$4852,5,FALSE)=OR(\"\",0),VLOOKUP(B2658,'SINAPI INSUMOS'!$A$2:$F$4852,6,FALSE),VLOOKUP(B2658,'SINAPI INSUMOS'!$A$2:$F$4852,5,FALSE)),\"VERIFICAR\"))","v":33.89},7.74]
[]
[" 16.25.2 ","Código","Banco","Descrição","Tipo","Und","Quant.","Valor Unit","Total"]
["Composição",95626,"SINAPI","APLICAÇÃO MANUAL DE TINTA LÁTEX ACRÍLICA EM PAREDE EXTERNAS DE CASAS, DUAS DEMÃOS. AF_03/2024","Pintura Externa","m²",1,{"$f":"I2661","v":16.329999999999998},{"$f":"SUM(I2662:I2664)","v":16.329999999999998}]
["Composição Auxiliar",88316,"SINAPI","SERVENTE COM ENCARGOS COMPLEMENTARES","Livro SINAPI: Cálculos e Parâmetros","H",4.6800000000000001E-2,{"$f":"IF(A2662=\"Composição Auxiliar\",VLOOKUP(B2662,'SINAPI COMPOSIÇÃO'!$A$2:$E$10256,4,FALSE),IF(A2662=\"Insumo\",IF(VLOOKUP(B2662,'SINAPI INSUMOS'!$A$2:$F$4852,5,FALSE)=OR(\"\",0),VLOOKUP(B2662,'SINAPI INSUMOS'!$A$2:$F$4852,6,FALSE),VLOOKUP(B2662,'SINAPI INSUMOS'!$A$2:$F$4852,5,FALSE)),\"VERIFICAR\"))","v":21.32},{"$f":"TRUNC(G2662*H2662,2)","v":0.99}]
["Composição Auxiliar",88310,"SINAPI","PINTOR COM ENCARGOS COMPLEMENTARES","Livro SINAPI: Cálculos e Parâmetros","H",0.28660000000000002,{"$f":"IF(A2663=\"Composição Auxiliar\",VLOOKUP(B2663,'SINAPI COMPOSIÇÃO'!$A$2:$E$10256,4,FALSE),IF(A2663=\"Insumo\",IF(VLOOKUP(B2663,'SINAPI INSUMOS'!$A$2:$F$4852,5,FALSE)=OR(\"\",0),VLOOKUP(B2663,'SINAPI INSUMOS'!$A$2:$F$4852,6,FALSE),VLOOKUP(B2663,'SINAPI INSUMOS'!$A$2:$F$4852,5,FALSE)),\"VERIFICAR\"))","v":29.17},8.36]
["Insumo",7356,"SINAPI","TINTA LATEX ACRILICA PREMIUM, COR BRANCO FOSCO","Material","L",0.20615,{"$f":"IF(A2664=\"Composição Auxiliar\",VLOOKUP(B2664,'SINAPI COMPOSIÇÃO'!$A$2:$E$10256,4,FALSE),IF(A2664=\"Insumo\",IF(VLOOKUP(B2664,'SINAPI INSUMOS'!$A$2:$F$4852,5,FALSE)=OR(\"\",0),VLOOKUP(B2664,'SINAPI INSUMOS'!$A$2:$F$4852,6,FALSE),VLOOKUP(B2664,'SINAPI INSUMOS'!$A$2:$F$4852,5,FALSE)),\"VERIFICAR\"))","v":33.89},6.98]
[]
[" 16.25.3 ","Código","Banco","Descrição","Tipo","Und","Quant.","Valor Unit","Total"]
["Composição",102215,"SINAPI","PINTURA VERNIZ (INCOLOR) POLIURETÂNICO (RESINA ALQUÍDICA MODIFICADA) EM MADEIRA, 2 DEMÃOS. AF_01/2021","Pintura em Madeira","m²",1,{"$f":"I2667","v":18.23},{"$f":"SUM(I2668:I2670)","v":18.23}]
["Composição Auxiliar",88310,"SINAPI","PINTOR COM ENCARGOS COMPLEMENTARES","Livro SINAPI: Cálculos e Parâmetros","H",0.4718,{"$f":"IF(A2668=\"Composição Auxiliar\",VLOOKUP(B2668,'SINAPI COMPOSIÇÃO'!$A$2:$E$10256,4,FALSE),IF(A2668=\"Insumo\",IF(VLOOKUP(B2668,'SINAPI INSUMOS'!$A$2:$F$4852,5,FALSE)=OR(\"\",0),VLOOKUP(B2668,'SINAPI INSUMOS'!$A$2:$F$4852,6,FALSE),VLOOKUP(B2668,'SINAPI INSUMOS'!$A$2:$F$4852,5,FALSE)),\"VERIFICAR\"))","v":29.17},{"$f":"TRUNC(G2668*H2668,2)","v":13.76}]
["Insumo",5318,"SINAPI","DILUENTE AGUARRAS","Material","L",1.3299999999999999E-2,{"$f":"IF(A2669=\"Composição Auxiliar\",VLOOKUP(B2669,'SINAPI COMPOSIÇÃO'!$A$2:$E$10256,4,FALSE),IF(A2669=\"Insumo\",IF(VLOOKUP(B2669,'SINAPI INSUMOS'!$A$2:$F$4852,5,FALSE)=OR(\"\",0),VLOOKUP(B2669,'SINAPI INSUMOS'!$A$2:$F$4852,6,FALSE),VLOOKUP(B2669,'SINAPI INSUMOS'!$A$2:$F$4852,5,FALSE)),\"VERIFICAR\"))","v":21},0.27]
["Insumo",10478,"SINAPI","VERNIZ A BASE RESINA ALQUIDICA COM POLIURETANO PARA MADEIRA, COM FILTRO SOLAR, BRILHANTE, USO INTERNO E EXTERNO","Material","L",0.1328,{"$f":"IF(A2670=\"Composição Auxiliar\",VLOOKUP(B2670,'SINAPI COMPOSIÇÃO'!$A$2:$E$10256,4,FALSE),IF(A2670=\"Insumo\",IF(VLOOKUP(B2670,'SINAPI INSUMOS'!$A$2:$F$4852,5,FALSE)=OR(\"\",0),VLOOKUP(B2670,'SINAPI INSUMOS'!$A$2:$F$4852,6,FALSE),VLOOKUP(B2670,'SINAPI INSUMOS'!$A$2:$F$4852,5,FALSE)),\"VERIFICAR\"))","v":31.64},4.2]
[]
[" 16.26 ",null,null,"APARELHOS SANITÁRIOS"]
[" 16.26.1 ","Código","Banco","Descrição","Tipo","Und","Quant.","Valor Unit","Total"]
["Composição",86932,"SINAPI","VASO SANITÁRIO SIFONADO COM CAIXA ACOPLADA LOUÇA BRANCA - PADRÃO MÉDIO, INCLUSO ENGATE FLEXÍVEL EM METAL CROMADO, 1/2 X 40CM - FORNECIMENTO E INSTALAÇÃO. AF_01/2020","Louças e Metais","UN",1,{"$f":"I2674","v":514.23},{"$f":"SUM(I2675:I2676)","v":514.23}]
["Composição Auxiliar",86887,"SINAPI","ENGATE FLEXÍVEL EM INOX, 1/2 X 40CM - FORNECIMENTO E INSTALAÇÃO. AF_01/2020","Louças e Metais","UN",1,{"$f":"IF(A2675=\"Composição Auxiliar\",VLOOKUP(B2675,'SINAPI COMPOSIÇÃO'!$A$2:$E$10256,4,FALSE),IF(A2675=\"Insumo\",IF(VLOOKUP(B2675,'SINAPI INSUMOS'!$A$2:$F$4852,5,FALSE)=OR(\"\",0),VLOOKUP(B2675,'SINAPI INSUMOS'!$A$2:$F$4852,6,FALSE),VLOOKUP(B2675,'SINAPI INSUMOS'!$A$2:$F$4852,5,FALSE)),\"VERIFICAR\"))","v":64.39},{"$f":"TRUNC(G2675*H2675,2)","v":64.39}]
["Composição Auxiliar",86888,"SINAPI","VASO SANITÁRIO SIFONADO COM CAIXA ACOPLADA LOUÇA BRANCA - FORNECIMENTO E INSTALAÇÃO. AF_01/2020","Louças e Metais","UN",1,{"$f":"IF(A2676=\"Composição Auxiliar\",VLOOKUP(B2676,'SINAPI COMPOSIÇÃO'!$A$2:$E$10256,4,FALSE),IF(A2676=\"Insumo\",IF(VLOOKUP(B2676,'SINAPI INSUMOS'!$A$2:$F$4852,5,FALSE)=OR(\"\",0),VLOOKUP(B2676,'SINAPI INSUMOS'!$A$2:$F$4852,6,FALSE),VLOOKUP(B2676,'SINAPI INSUMOS'!$A$2:$F$4852,5,FALSE)),\"VERIFICAR\"))","v":449.84},449.84]
[]
[" 16.26.2 ","Código","Banco","Descrição","Tipo","Und","Quant.","Valor Unit","Total"]
["Composição",86903,"SINAPI","LAVATÓRIO LOUÇA BRANCA COM COLUNA, 45 X 55CM OU EQUIVALENTE, PADRÃO MÉDIO - FORNECIMENTO E INSTALAÇÃO. AF_01/2020","Louças e Metais","UN",1,{"$f":"I2679","v":358.59},{"$f":"SUM(I2680:I2684)","v":358.59}]
["Composição Auxiliar",88267,"SINAPI","ENCANADOR OU BOMBEIRO HIDRÁULICO COM ENCARGOS COMPLEMENTARES","Livro SINAPI: Cálculos e Parâmetros","H",1.5848107,{"$f":"IF(A2680=\"Composição Auxiliar\",VLOOKUP(B2680,'SINAPI COMPOSIÇÃO'!$A$2:$E$10256,4,FALSE),IF(A2680=\"Insumo\",IF(VLOOKUP(B2680,'SINAPI INSUMOS'!$A$2:$F$4852,5,FALSE)=OR(\"\",0),VLOOKUP(B2680,'SINAPI INSUMOS'!$A$2:$F$4852,6,FALSE),VLOOKUP(B2680,'SINAPI INSUMOS'!$A$2:$F$4852,5,FALSE)),\"VERIFICAR\"))","v":27.01},{"$f":"TRUNC(G2680*H2680,2)","v":42.8}]
["Composição Auxiliar",88316,"SINAPI","SERVENTE COM ENCARGOS COMPLEMENTARES","Livro SINAPI: Cálculos e Parâmetros","H",0.85310629999999998,{"$f":"IF(A2681=\"Composição Auxiliar\",VLOOKUP(B2681,'SINAPI COMPOSIÇÃO'!$A$2:$E$10256,4,FALSE),IF(A2681=\"Insumo\",IF(VLOOKUP(B2681,'SINAPI INSUMOS'!$A$2:$F$4852,5,FALSE)=OR(\"\",0),VLOOKUP(B2681,'SINAPI INSUMOS'!$A$2:$F$4852,6,FALSE),VLOOKUP(B2681,'SINAPI INSUMOS'!$A$2:$F$4852,5,FALSE)),\"VERIFICAR\"))","v":21.32},18.18]
["Insumo",4351,"SINAPI","PARAFUSO NIQUELADO 3 1/2\" COM ACABAMENTO CROMADO PARA FIXAR PECA SANITARIA, INCLUI PORCA CEGA, ARRUELA E BUCHA DE NYLON TAMANHO S-8","Material","UN",6,{"$f":"IF(A2682=\"Composição Auxiliar\",VLOOKUP(B2682,'SINAPI COMPOSIÇÃO'!$A$2:$E$10256,4,FALSE),IF(A2682=\"Insumo\",IF(VLOOKUP(B2682,'SINAPI INSUMOS'!$A$2:$F$4852,5,FALSE)=OR(\"\",0),VLOOKUP(B2682,'SINAPI INSUMOS'!$A$2:$F$4852,6,FALSE),VLOOKUP(B2682,'SINAPI INSUMOS'!$A$2:$F$4852,5,FALSE)),\"VERIFICAR\"))","v":22.34},134.04]
["Insumo",37329,"SINAPI","REJUNTE EPOXI, QUALQUER COR","Material","KG",2.1645000000000001E-2,{"$f":"IF(A2683=\"Composição Auxiliar\",VLOOKUP(B2683,'SINAPI COMPOSIÇÃO'!$A$2:$E$10256,4,FALSE),IF(A2683=\"Insumo\",IF(VLOOKUP(B2683,'SINAPI INSUMOS'!$A$2:$F$4852,5,FALSE)=OR(\"\",0),VLOOKUP(B2683,'SINAPI INSUMOS'!$A$2:$F$4852,6,FALSE),VLOOKUP(B2683,'SINAPI INSUMOS'!$A$2:$F$4852,5,FALSE)),\"VERIFICAR\"))","v":136.04},2.94]
["Insumo",10426,"SINAPI","LAVATORIO DE LOUCA BRANCA, COM COLUNA, DIMENSOES *54 X 44* CM (L X C)","Material","UN",1,{"$f":"IF(A2684=\"Composição Auxiliar\",VLOOKUP(B2684,'SINAPI COMPOSIÇÃO'!$A$2:$E$10256,4,FALSE),IF(A2684=\"Insumo\",IF(VLOOKUP(B2684,'SINAPI INSUMOS'!$A$2:$F$4852,5,FALSE)=OR(\"\",0),VLOOKUP(B2684,'SINAPI INSUMOS'!$A$2:$F$4852,6,FALSE),VLOOKUP(B2684,'SINAPI INSUMOS'!$A$2:$F$4852,5,FALSE)),\"VERIFICAR\"))","v":160.63},160.63]
[]
[" 16.26.3 ","Código","Banco","Descrição","Tipo","Und","Quant.","Valor Unit","Total"]
["Composição",190068,"SBC","DUCHA HIGIENICA COM DERIVACAO E GATILHO BRANCO TARGA - DECA","APARELHOS SANITARIOS","UN",1,{"$f":"I2687","v":851.92999999999984},{"$f":"SUM(I2688:I2691)","v":851.92999999999984}]
["Insumo",28154,"SBC","DUCHA HIGIENICA COM DERIVACAO E GATILHO BRANCO TARGA C40 DECA","Material","UN",1,830.18,{"$f":"TRUNC(G2688*H2688,2)","v":830.18}]
["Insumo",99034,"SBC","AJUDANTE DE BOMBEIRO OU ENCANADOR","Mão de Obra","H",0.58299999999999996,16.14,9.4]
["Insumo",4636,"SBC","FITA TEFLON VEDA ROSCA 18mm x 25m","Material","M",0.5,0.1,0.05]
["Insumo",99200,"SBC","BOMBEIRO OU ENCANADOR","Mão de Obra","H",0.58299999999999996,21.11,12.3]
[]
[" 16.26.4 ","Código","Banco","Descrição","Tipo","Und","Quant.","Valor Unit","Total"]
["Composição",95546,"SINAPI","KIT DE ACESSORIOS PARA BANHEIRO EM METAL CROMADO, 5 PECAS, INCLUSO FIXAÇÃO. AF_01/2020","Louças e Metais","UN",1,{"$f":"I2694","v":237.54},{"$f":"SUM(I2695:I2697)","v":237.54}]
["Composição Auxiliar",88316,"SINAPI","SERVENTE COM ENCARGOS COMPLEMENTARES","Livro SINAPI: Cálculos e Parâmetros","H",0.86625719999999995,{"$f":"IF(A2695=\"Composição Auxiliar\",VLOOKUP(B2695,'SINAPI COMPOSIÇÃO'!$A$2:$E$10256,4,FALSE),IF(A2695=\"Insumo\",IF(VLOOKUP(B2695,'SINAPI INSUMOS'!$A$2:$F$4852,5,FALSE)=OR(\"\",0),VLOOKUP(B2695,'SINAPI INSUMOS'!$A$2:$F$4852,6,FALSE),VLOOKUP(B2695,'SINAPI INSUMOS'!$A$2:$F$4852,5,FALSE)),\"VERIFICAR\"))","v":21.32},{"$f":"TRUNC(G2695*H2695,2)","v":18.46}]
["Composição Auxiliar",88267,"SINAPI","ENCANADOR OU BOMBEIRO HIDRÁULICO COM ENCARGOS COMPLEMENTARES","Livro SINAPI: Cálculos e Parâmetros","H",2.2568280000000001,{"$f":"IF(A2696=\"Composição Auxiliar\",VLOOKUP(B2696,'SINAPI COMPOSIÇÃO'!$A$2:$E$10256,4,FALSE),IF(A2696=\"Insumo\",IF(VLOOKUP(B2696,'SINAPI INSUMOS'!$A$2:$F$4852,5,FALSE)=OR(\"\",0),VLOOKUP(B2696,'SINAPI INSUMOS'!$A$2:$F$4852,6,FALSE),VLOOKUP(B2696,'SINAPI INSUMOS'!$A$2:$F$4852,5,FALSE)),\"VERIFICAR\"))","v":27.01},60.95]
["Insumo",39398,"SINAPI","KIT DE ACESSORIOS PARA BANHEIRO EM METAL CROMADO, 5 PECAS","Material","UN",1,{"$f":"IF(A2697=\"Composição Auxiliar\",VLOOKUP(B2697,'SINAPI COMPOSIÇÃO'!$A$2:$E$10256,4,FALSE),IF(A2697=\"Insumo\",IF(VLOOKUP(B2697,'SINAPI INSUMOS'!$A$2:$F$4852,5,FALSE)=OR(\"\",0),VLOOKUP(B2697,'SINAPI INSUMOS'!$A$2:$F$4852,6,FALSE),VLOOKUP(B2697,'SINAPI INSUMOS'!$A$2:$F$4852,5,FALSE)),\"VERIFICAR\"))","v":158.13},158.13]
[]
[" 16.26.5 ","Código","Banco","Descrição","Tipo","Und","Quant.","Valor Unit","Total"]
["Composição",190464,"SBC","ESPELHO CRISTAL 4mm COM MOLDURA DE ALUMINIO","APARELHOS SANITARIOS","m²",1,{"$f":"I2700","v":534.57000000000005},{"$f":"SUM(I2701:I2705)","v":534.57000000000005}]
["Insumo",40068,"SBC","ESPELHO CRISTAL 4mm","Material","m²",1,430,{"$f":"TRUNC(G2701*H2701,2)","v":430}]
["Insumo",99537,"SBC","VIDRACEIRO","Mão de Obra","H",0.68,16.14,10.97]
["Insumo",99661,"SBC","AJUDANTE ESPECIALIZADO - VIDRACEIRO","Mão de Obra","H",0.68,16.14,10.97]
["Insumo",5984,"SBC","CHAPA DE COMPENSADO COMUM TAPUME MADEIRIT 6mm 1,10x2,20m(2,42m2)","Material","m²",1.05,15.12,15.87]
["Insumo",11802,"SBC","MOLDURA DE ALUMINIO TP 15 PRATA BRILHANTE - BARRA COM 2,50m","Material","M",4,16.690000000000001,66.760000000000005]
[]
[" 16.27 ",null,null,"LIMPEZA E VERIFICAÇÃO FINAL"]
[" 16.27.1 ","Código","Banco","Descrição","Tipo","Und","Quant.","Valor Unit","Total"]
["Composição",99810,"SINAPI","LIMPEZA DE PISO CERÂMICO/ PORCELANATO/ MÁRMORE/ GRANITO UTILIZANDO DETERGENTE NEUTRO E ESCOVAÇÃO MANUAL. AF_10/2025_PS","Limpeza de Obra","m²",1,{"$f":"I2709","v":6.0299999999999994},{"$f":"SUM(I2710:I2713)","v":6.0299999999999994}]
["Composição Auxiliar",88316,"SINAPI","SERVENTE COM ENCARGOS COMPLEMENTARES","Livro SINAPI: Cálculos e Parâmetros","H",0.25514009999999998,{"$f":"IF(A2710=\"Composição Auxiliar\",VLOOKUP(B2710,'SINAPI COMPOSIÇÃO'!$A$2:$E$10256,4,FALSE),IF(A2710=\"Insumo\",IF(VLOOKUP(B2710,'SINAPI INSUMOS'!$A$2:$F$4852,5,FALSE)=OR(\"\",0),VLOOKUP(B2710,'SINAPI INSUMOS'!$A$2:$F$4852,6,FALSE),VLOOKUP(B2710,'SINAPI INSUMOS'!$A$2:$F$4852,5,FALSE)),\"VERIFICAR\"))","v":21.32},{"$f":"TRUNC(G2710*H2710,2)","v":5.43}]
["Insumo",5318,"SINAPI","DILUENTE AGUARRAS","Material","L",2.2222200000000001E-2,{"$f":"IF(A2711=\"Composição Auxiliar\",VLOOKUP(B2711,'SINAPI COMPOSIÇÃO'!$A$2:$E$10256,4,FALSE),IF(A2711=\"Insumo\",IF(VLOOKUP(B2711,'SINAPI INSUMOS'!$A$2:$F$4852,5,FALSE)=OR(\"\",0),VLOOKUP(B2711,'SINAPI INSUMOS'!$A$2:$F$4852,6,FALSE),VLOOKUP(B2711,'SINAPI INSUMOS'!$A$2:$F$4852,5,FALSE)),\"VERIFICAR\"))","v":21},0.46]
["Insumo",13261,"SINAPI","FLANELA *30 X 40* CM","Material","UN",3.1432799999999997E-2,{"$f":"IF(A2712=\"Composição Auxiliar\",VLOOKUP(B2712,'SINAPI COMPOSIÇÃO'!$A$2:$E$10256,4,FALSE),IF(A2712=\"Insumo\",IF(VLOOKUP(B2712,'SINAPI INSUMOS'!$A$2:$F$4852,5,FALSE)=OR(\"\",0),VLOOKUP(B2712,'SINAPI INSUMOS'!$A$2:$F$4852,6,FALSE),VLOOKUP(B2712,'SINAPI INSUMOS'!$A$2:$F$4852,5,FALSE)),\"VERIFICAR\"))","v":2.19},0.06]
["Insumo",44329,"SINAPI","DETERGENTE NEUTRO USO GERAL, CONCENTRADO","Material","L",6.3471999999999999E-3,{"$f":"IF(A2713=\"Composição Auxiliar\",VLOOKUP(B2713,'SINAPI COMPOSIÇÃO'!$A$2:$E$10256,4,FALSE),IF(A2713=\"Insumo\",IF(VLOOKUP(B2713,'SINAPI INSUMOS'!$A$2:$F$4852,5,FALSE)=OR(\"\",0),VLOOKUP(B2713,'SINAPI INSUMOS'!$A$2:$F$4852,6,FALSE),VLOOKUP(B2713,'SINAPI INSUMOS'!$A$2:$F$4852,5,FALSE)),\"VERIFICAR\"))","v":12.99},0.08]
[]
[" 16.27.2 ","Código","Banco","Descrição","Tipo","Und","Quant.","Valor Unit","Total"]
["Composição",99820,"SINAPI","LIMPEZA DE JANELA INTEIRAMENTE DE VIDRO. AF_10/2025_PS","Limpeza de Obra","m²",1,{"$f":"I2716","v":2.4300000000000002},{"$f":"SUM(I2717:I2720)","v":2.4300000000000002}]
["Composição Auxiliar",88316,"SINAPI","SERVENTE COM ENCARGOS COMPLEMENTARES","Livro SINAPI: Cálculos e Parâmetros","H",8.5985699999999998E-2,{"$f":"IF(A2717=\"Composição Auxiliar\",VLOOKUP(B2717,'SINAPI COMPOSIÇÃO'!$A$2:$E$10256,4,FALSE),IF(A2717=\"Insumo\",IF(VLOOKUP(B2717,'SINAPI INSUMOS'!$A$2:$F$4852,5,FALSE)=OR(\"\",0),VLOOKUP(B2717,'SINAPI INSUMOS'!$A$2:$F$4852,6,FALSE),VLOOKUP(B2717,'SINAPI INSUMOS'!$A$2:$F$4852,5,FALSE)),\"VERIFICAR\"))","v":21.32},{"$f":"TRUNC(G2717*H2717,2)","v":1.83}]
["Insumo",44329,"SINAPI","DETERGENTE NEUTRO USO GERAL, CONCENTRADO","Material","L",6.3471999999999999E-3,{"$f":"IF(A2718=\"Composição Auxiliar\",VLOOKUP(B2718,'SINAPI COMPOSIÇÃO'!$A$2:$E$10256,4,FALSE),IF(A2718=\"Insumo\",IF(VLOOKUP(B2718,'SINAPI INSUMOS'!$A$2:$F$4852,5,FALSE)=OR(\"\",0),VLOOKUP(B2718,'SINAPI INSUMOS'!$A$2:$F$4852,6,FALSE),VLOOKUP(B2718,'SINAPI INSUMOS'!$A$2:$F$4852,5,FALSE)),\"VERIFICAR\"))","v":12.99},0.08]
["Insumo",13261,"SINAPI","FLANELA *30 X 40* CM","Material","UN",3.1432799999999997E-2,{"$f":"IF(A2719=\"Composição Auxiliar\",VLOOKUP(B2719,'SINAPI COMPOSIÇÃO'!$A$2:$E$10256,4,FALSE),IF(A2719=\"Insumo\",IF(VLOOKUP(B2719,'SINAPI INSUMOS'!$A$2:$F$4852,5,FALSE)=OR(\"\",0),VLOOKUP(B2719,'SINAPI INSUMOS'!$A$2:$F$4852,6,FALSE),VLOOKUP(B2719,'SINAPI INSUMOS'!$A$2:$F$4852,5,FALSE)),\"VERIFICAR\"))","v":2.19},0.06]
["Insumo",5318,"SINAPI","DILUENTE AGUARRAS","Material","L",2.2222200000000001E-2,{"$f":"IF(A2720=\"Composição Auxiliar\",VLOOKUP(B2720,'SINAPI COMPOSIÇÃO'!$A$2:$E$10256,4,FALSE),IF(A2720=\"Insumo\",IF(VLOOKUP(B2720,'SINAPI INSUMOS'!$A$2:$F$4852,5,FALSE)=OR(\"\",0),VLOOKUP(B2720,'SINAPI INSUMOS'!$A$2:$F$4852,6,FALSE),VLOOKUP(B2720,'SINAPI INSUMOS'!$A$2:$F$4852,5,FALSE)),\"VERIFICAR\"))","v":21},0.46]
[]
[" 16.27.3 ","Código","Banco","Descrição","Tipo","Und","Quant.","Valor Unit","Total"]
["Composição",24804,"SBC","LIMPEZA-POLIMENTO RODAPES EM GRANITO","SERVICOS DE MANUTENCAO","M",1,{"$f":"I2723","v":22.06},{"$f":"SUM(I2724:I2726)","v":22.06}]
["Insumo",6401,"SBC","SOLVENTE (AGUARAS MINERAL)","Material","L",0.109,14.93,{"$f":"TRUNC(G2724*H2724,2)","v":1.62}]
["Insumo",99900,"SBC","SERVENTE","Mão de Obra","H",1.1020000000000001,15.88,17.489999999999998]
["Insumo",6758,"SBC","CERA EM PASTA PARA MARMORE E GRANITO BELLINZONI 350GR","Material","UN",0.05,59,2.95]
[]
[" 16.27.4 ","Código","Banco","Descrição","Tipo","Und","Quant.","Valor Unit","Total"]
["Composição",210100,"SBC","TESTE DE FUNCIONAMENTO APARELHOS SANITARIOS","LIMPEZA","UN",1,{"$f":"I2729","v":19.78},{"$f":"SUM(I2730:I2731)","v":19.78}]
["Insumo",99200,"SBC","BOMBEIRO OU ENCANADOR","Mão de Obra","H",0.53500000000000003,21.11,{"$f":"TRUNC(G2730*H2730,2)","v":11.29}]
["Insumo",99900,"SBC","SERVENTE","Mão de Obra","H",0.53500000000000003,15.88,8.49]
[17,null,null,"MOBILIZAÇÃO E DESMOBILIZAÇÃO DE OBRA"]
["17.1","Código","Banco","Descrição","Tipo","Und","Quant.","Valor Unit","Total"]
["Composição","COMP. SEDE  29","Próprio","MOBILIZAÇÃO E DESMOBILIZAÇÃO DE OBRA","CHOR - CUSTOS HORÁRIOS DE MÁQUINAS E EQUIPAMENTOS","UN",1,{"$f":"I2734","v":2736},{"$f":"I2735","v":2736}]
["Composição Auxiliar",100947,"SINAPI","TRANSPORTE COM CAMINHÃO CARROCERIA 9T, EM VIA URBANA PAVIMENTADA, DMT ATÉ 30KM (UNIDADE: TXKM). AF_07/2020","TRAN - TRANSPORTES, CARGAS E DESCARGAS","TXKM",1140,{"$f":"IF(A2735=\"Composição Auxiliar\",VLOOKUP(B2735,'SINAPI COMPOSIÇÃO'!$A$2:$E$10256,4,FALSE),IF(A2735=\"Insumo\",IF(VLOOKUP(B2735,'SINAPI INSUMOS'!$A$2:$F$4852,5,FALSE)=OR(\"\",0),VLOOKUP(B2735,'SINAPI INSUMOS'!$A$2:$F$4852,6,FALSE),VLOOKUP(B2735,'SINAPI INSUMOS'!$A$2:$F$4852,5,FALSE)),\"VERIFICAR\"))","v":2.4},{"$f":"TRUNC(G2735*H2735,2)","v":2736}]
[18,null,null,"ADMINISTRAÇÃO LOCAL"]
["17.2","Código","Banco","Descrição","Tipo","Und","Quant.","Valor Unit","Total"]
["Composição","COMPOSIÇÃO - 30 SEDE","Próprio","ADMINISTRAÇÃO LOCAL DE OBRA DE EDIFICAÇÃO","SERT - SERVIÇOS TÉCNICOS","UN",1,{"$f":"I2738","v":402836.76999999996},{"$f":"SUM(I2739:I2745)","v":402836.76999999996}]
["Composição Auxiliar",93565,"SINAPI","ENGENHEIRO CIVIL DE OBRA JUNIOR COM ENCARGOS COMPLEMENTARES","SEDI - SERVIÇOS DIVERSOS","MES",10,{"$f":"IF(A2739=\"Composição Auxiliar\",VLOOKUP(B2739,'SINAPI COMPOSIÇÃO'!$A$2:$E$10256,4,FALSE),IF(A2739=\"Insumo\",IF(VLOOKUP(B2739,'SINAPI INSUMOS'!$A$2:$F$4852,5,FALSE)=OR(\"\",0),VLOOKUP(B2739,'SINAPI INSUMOS'!$A$2:$F$4852,6,FALSE),VLOOKUP(B2739,'SINAPI INSUMOS'!$A$2:$F$4852,5,FALSE)),\"VERIFICAR\"))","v":23942.93},{"$f":"TRUNC(G2739*H2739,2)","v":239429.3}]
["Composição Auxiliar",93568,"SINAPI","ENGENHEIRO CIVIL DE OBRA SENIOR COM ENCARGOS COMPLEMENTARES","SEDI - SERVIÇOS DIVERSOS","MES",1.5,{"$f":"IF(A2740=\"Composição Auxiliar\",VLOOKUP(B2740,'SINAPI COMPOSIÇÃO'!$A$2:$E$10256,4,FALSE),IF(A2740=\"Insumo\",IF(VLOOKUP(B2740,'SINAPI INSUMOS'!$A$2:$F$4852,5,FALSE)=OR(\"\",0),VLOOKUP(B2740,'SINAPI INSUMOS'!$A$2:$F$4852,6,FALSE),VLOOKUP(B2740,'SINAPI INSUMOS'!$A$2:$F$4852,5,FALSE)),\"VERIFICAR\"))","v":29876.94},44815.41]
["Composição Auxiliar",93569,"SINAPI","ARQUITETO JUNIOR COM ENCARGOS COMPLEMENTARES","SEDI - SERVIÇOS DIVERSOS","MES",1,{"$f":"IF(A2741=\"Composição Auxiliar\",VLOOKUP(B2741,'SINAPI COMPOSIÇÃO'!$A$2:$E$10256,4,FALSE),IF(A2741=\"Insumo\",IF(VLOOKUP(B2741,'SINAPI INSUMOS'!$A$2:$F$4852,5,FALSE)=OR(\"\",0),VLOOKUP(B2741,'SINAPI INSUMOS'!$A$2:$F$4852,6,FALSE),VLOOKUP(B2741,'SINAPI INSUMOS'!$A$2:$F$4852,5,FALSE)),\"VERIFICAR\"))","v":23509.86},23509.86]
["Composição Auxiliar",93572,"SINAPI","ENCARREGADO GERAL DE OBRAS COM ENCARGOS COMPLEMENTARES","SEDI - SERVIÇOS DIVERSOS","MES",10,{"$f":"IF(A2742=\"Composição Auxiliar\",VLOOKUP(B2742,'SINAPI COMPOSIÇÃO'!$A$2:$E$10256,4,FALSE),IF(A2742=\"Insumo\",IF(VLOOKUP(B2742,'SINAPI INSUMOS'!$A$2:$F$4852,5,FALSE)=OR(\"\",0),VLOOKUP(B2742,'SINAPI INSUMOS'!$A$2:$F$4852,6,FALSE),VLOOKUP(B2742,'SINAPI INSUMOS'!$A$2:$F$4852,5,FALSE)),\"VERIFICAR\"))","v":5176.0200000000004},51760.2]
["Composição Auxiliar",101460,"SINAPI","VIGIA DIURNO COM ENCARGOS COMPLEMENTARES","SEDI - SERVIÇOS DIVERSOS","MES",10,{"$f":"IF(A2743=\"Composição Auxiliar\",VLOOKUP(B2743,'SINAPI COMPOSIÇÃO'!$A$2:$E$10256,4,FALSE),IF(A2743=\"Insumo\",IF(VLOOKUP(B2743,'SINAPI INSUMOS'!$A$2:$F$4852,5,FALSE)=OR(\"\",0),VLOOKUP(B2743,'SINAPI INSUMOS'!$A$2:$F$4852,6,FALSE),VLOOKUP(B2743,'SINAPI INSUMOS'!$A$2:$F$4852,5,FALSE)),\"VERIFICAR\"))","v":3638.75},36387.5]
["Composição Auxiliar","01.001.0139-0","EMOP","AVALIACAO DA ESPESSURA DE CARBONATACAO,POR PONTO,EM ESTRUTUR AS DE CONCRETO ARMADO OU PROTENDIDO,ATRAVES DE ASPERSAO DE S OLUCAO DE FENOLFTALEINA,INCLUSIVE COLETA DA AMOSTRA","SERVIÇOS DE ESCRITÓRIO, LABORATÓRIO E CAMPO","UN",10,485.15,4851.5]
["Composição Auxiliar",20006005,"SIURB","CONTROLE TECNOLÓGICO DE CONCRETO - ENSAIO DE ESCLEROMETRIA EM 10 PONTOS COM 16 TIROS POR PONTO","Sem Tipificação","ENS.",1,2083,2083]

{"sheet":"MEMORIA DE CÁLCULO NOVA","index":3,"n_rows":2268,"n_cols":23,"rows_kept":2268,"cut":false,"hidden":false,"merged":[[2,0,2,14],[3,0,3,2],[3,3,3,5],[4,0,4,14],[6,1,6,14],[8,0,8,3],[8,5,8,6],[8,7,8,8],[8,9,8,10],[8,12,8,14],[9,0,9,3],[9,5,9,6],[9,7,9,8],[9,9,9,10],[9,12,9,14],[11,11,11,13],[13,1,13,14],[15,0,15,3],[15,5,15,6],[15,7,15,8],[15,9,15,10],[15,12,15,14],[16,0,16,3],[16,5,16,6],[16,7,16,8],[16,9,16,10],[16,12,16,14],[18,11,18,13],[20,1,20,14],[22,0,22,3],[22,5,22,6],[22,7,22,8],[22,9,22,10],[22,12,22,14],[23,0,23,3],[23,5,23,6],[23,7,23,8],[23,9,23,10],[23,12,23,14],[26,11,26,13],[28,1,28,14],[30,0,30,3],[30,5,30,6],[30,9,30,10],[30,12,30,14],[31,0,31,3],[31,5,31,6],[31,9,31,10],[31,12,31,14],[33,11,33,13],[35,1,35,14],[24,0,24,3],[24,5,24,6],[24,7,24,8],[24,9,24,10],[24,12,24,14],[37,0,37,3],[37,5,37,8],[37,9,37,10],[37,12,37,14],[38,0,38,3],[38,5,38,8],[38,9,38,10],[38,12,38,14],[40,11,40,13],[42,1,42,14],[44,0,44,3],[44,5,44,6],[44,7,44,8],[44,9,44,10],[44,12,44,14],[45,0,45,3],[45,5,45,6],[45,7,45,8],[45,9,45,10],[45,12,45,14],[47,11,47,13],[49,1,49,14],[51,0,51,3],[51,5,51,6],[51,7,51,8],[51,9,51,10],[51,12,51,14],[52,0,52,3],[52,5,52,6],[52,7,52,8],[52,9,52,10],[52,12,52,14],[54,11,54,13],[56,1,56,14],[58,0,58,3],[58,5,58,6],[58,7,58,8],[58,9,58,10],[58,12,58,14],[59,0,59,3],[59,5,59,6],[59,7,59,8],[59,9,59,10],[59,12,59,14],[61,11,61,13],[63,1,63,14],[65,0,65,3],[65,5,65,6],[65,7,65,8],[65,9,65,10],[65,12,65,14],[66,0,66,3],[66,5,66,6],[66,7,66,8],[66,9,66,10],[66,12,66,14],[68,11,68,13],[70,1,70,14],[72,0,72,3],[72,5,72,6],[72,7,72,8],[72,9,72,10],[72,12,72,14],[73,0,73,3],[73,5,73,6],[73,7,73,8],[73,9,73,10],[73,12,73,14],[75,11,75,13],[77,1,77,14],[79,0,79,3],[79,5,79,6],[79,7,79,8],[79,9,79,10],[79,12,79,14],[80,0,80,3],[80,5,80,6],[80,7,80,8],[80,9,80,10],[80,12,80,14],[82,11,82,13],[84,1,84,14],[86,0,86,3],[86,5,86,6],[86,7,86,8],[86,9,86,10],[86,12,86,14],[87,0,87,3],[87,5,87,6],[87,7,87,8],[87,9,87,10],[87,12,87,14],[88,0,88,3],[88,5,88,6],[88,7,88,8],[88,9,88,10],[88,12,88,14],[90,11,90,13],[92,1,92,14],[94,0,94,3],[94,5,94,6],[94,7,94,8],[94,9,94,10],[94,12,94,14],[95,0,95,3],[95,5,95,6],[95,7,95,8],[95,9,95,10],[95,12,95,14],[96,0,96,3],[96,5,96,6],[96,7,96,8],[96,9,96,10],[96,12,96,14],[98,11,98,13],[100,1,100,14],[102,0,102,3],[102,5,102,6],[102,7,102,8],[102,9,102,10],[102,12,102,14],[103,0,103,3],[103,5,103,6],[103,7,103,8],[103,9,103,10],[103,12,103,14],[104,0,104,3],[104,5,104,6],[104,7,104,8],[104,9,104,10],[104,12,104,14],[105,0,105,3],[105,5,105,6],[105,7,105,8],[105,9,105,10],[105,12,105,14],[107,11,107,13],[109,1,109,14],[111,0,111,3],[111,5,111,6],[111,7,111,8],[111,9,111,10],[111,12,111,14],[112,0,112,3],[112,5,112,6],[112,7,112,8],[112,9,112,10],[112,12,112,14],[114,11,114,13],[116,1,116,14],[118,0,118,3],[118,5,118,6],[118,7,118,8],[118,9,118,10],[118,12,118,14],[119,0,119,3],[119,5,119,6],[119,7,119,8],[119,9,119,10],[119,12,119,14],[120,0,120,3],[120,5,120,6],[120,7,120,8],[120,9,120,10],[120,12,120,14],[122,11,122,13],[124,1,124,14],[126,0,126,3],[126,5,126,6],[126,7,126,8],[126,9,126,10],[126,12,126,14],[127,0,127,3],[127,5,127,6],[127,7,127,8],[127,9,127,10],[127,12,127,14],[129,11,129,13],[131,1,131,14],[133,0,133,3],[133,5,133,6],[133,7,133,8],[133,9,133,10],[133,12,133,14],[134,0,134,3],[134,5,134,6],[134,7,134,8],[134,9,134,10],[134,12,134,14],[136,11,136,13],[138,1,138,14],[140,0,140,3],[140,5,140,6],[140,7,140,8],[140,9,140,10],[140,12,140,14],[141,0,141,3],[141,5,141,6],[141,7,141,8],[141,9,141,10],[141,12,141,14],[143,11,143,13],[145,1,145,14],[147,0,147,3],[147,5,147,6],[147,7,147,8],[147,9,147,10],[147,12,147,14],[148,0,148,3],[148,5,148,6],[148,7,148,8],[148,9,148,10],[148,12,148,14],[150,11,150,13],[152,1,152,14],[154,0,154,3],[154,5,154,6],[154,7,154,8],[154,9,154,10],[154,12,154,14],[155,0,155,3],[155,5,155,6],[155,7,155,8],[155,9,155,10],[155,12,155,14],[157,11,157,13],[159,1,159,14],[161,0,161,3],[161,5,161,6],[161,7,161,8],[161,9,161,10],[161,12,161,14],[162,0,162,3],[162,5,162,6],[162,7,162,8],[162,9,162,10],[162,12,162,14],[164,11,164,13],[166,1,166,14],[168,0,168,3],[168,5,168,6],[168,7,168,8],[168,9,168,10],[168,12,168,14],[169,0,169,3],[169,5,169,6],[169,7,169,8],[169,9,169,10],[169,12,169,14],[171,11,171,13],[173,1,173,14],[175,0,175,3],[175,5,175,6],[175,7,175,8],[175,9,175,10],[175,12,175,14],[176,0,176,3],[176,5,176,6],[176,7,176,8],[176,9,176,10],[176,12,176,14],[178,11,178,13],[180,1,180,14],[182,0,182,3],[182,5,182,6],[182,7,182,8],[182,9,182,10],[182,12,182,14],[183,0,183,3],[183,5,183,6],[183,7,183,8],[183,9,183,10],[183,12,183,14],[185,11,185,13],[187,1,187,14],[189,0,189,3],[189,5,189,6],[189,7,189,8],[189,9,189,10],[189,12,189,14],[190,0,190,3],[190,5,190,6],[190,7,190,8],[190,9,190,10],[190,12,190,14],[192,11,192,13],[194,1,194,14],[196,0,196,3],[196,5,196,6],[196,7,196,8],[196,9,196,10],[196,12,196,14],[197,0,197,3],[197,5,197,6],[197,7,197,8],[197,9,197,10],[197,12,197,14],[199,11,199,13],[201,1,201,14],[203,0,203,3],[203,5,203,6],[203,7,203,8],[203,9,203,10],[203,12,203,14],[204,0,204,3],[204,5,204,6],[204,7,204,8],[204,9,204,10],[204,12,204,14],[206,11,206,13],[208,1,208,14],[210,0,210,3],[210,5,210,6],[210,7,210,8],[210,9,210,10],[210,12,210,14],[211,0,211,3],[211,5,211,6],[211,7,211,8],[211,9,211,10],[211,12,211,14],[213,11,213,13],[215,1,215,14],[217,0,217,3],[217,5,217,6],[217,7,217,8],[217,9,217,10],[217,12,217,14],[218,0,218,3],[218,5,218,6],[218,7,218,8],[218,9,218,10],[218,12,218,14],[220,11,220,13],[222,1,222,14],[224,0,224,3],[224,5,224,6],[224,7,224,8],[224,9,224,10],[224,12,224,14],[225,0,225,3],[225,5,225,6],[225,7,225,8],[225,9,225,10],[225,12,225,14],[227,11,227,13],[229,1,229,14],[231,0,231,3],[231,5,231,6],[231,7,231,8],[231,9,231,10],[231,12,231,14],[232,0,232,3],[232,5,232,6],[232,7,232,8],[232,9,232,10],[232,12,232,14],[234,11,234,13],[236,1,236,14],[238,0,238,3],[238,5,238,6],[238,7,238,8],[238,9,238,10],[238,12,238,14],[239,0,239,3],[239,5,239,6],[239,7,239,8],[239,9,239,10],[239,12,239,14],[241,11,241,13],[243,1,243,14],[245,0,245,3],[245,5,245,6],[245,7,245,8],[245,9,245,10],[245,12,245,14],[246,0,246,3],[246,5,246,6],[246,7,246,8],[246,9,246,10],[246,12,246,14],[248,11,248,13],[250,1,250,14],[252,0,252,3],[252,5,252,6],[252,7,252,8],[252,9,252,10],[252,12,252,14],[253,0,253,3],[253,5,253,6],[253,7,253,8],[253,9,253,10],[253,12,253,14],[255,11,255,13],[257,1,257,14],[259,0,259,3],[259,5,259,6],[259,7,259,8],[259,9,259,10],[259,12,259,14],[260,0,260,3],[260,5,260,6],[260,7,260,8],[260,9,260,10],[260,12,260,14],[262,11,262,13],[264,1,264,14],[266,0,266,3],[266,5,266,6],[266,7,266,8],[266,9,266,10],[266,12,266,14],[267,0,267,3],[267,5,267,6],[267,7,267,8],[267,9,267,10],[267,12,267,14],[269,11,269,13],[271,1,271,14],[273,0,273,3],[273,5,273,6],[273,7,273,8],[273,9,273,10],[273,12,273,14],[274,0,274,3],[274,5,274,6],[274,7,274,8],[274,9,274,10],[274,12,274,14],[276,11,276,13],[278,1,278,14],[280,0,280,3],[280,5,280,6],[280,7,280,8],[280,9,280,10],[280,12,280,14],[281,0,281,3],[281,5,281,6],[281,7,281,8],[281,9,281,10],[281,12,281,14],[283,11,283,13],[285,1,285,14],[287,0,287,3],[287,5,287,6],[287,7,287,8],[287,9,287,10],[287,12,287,14],[288,0,288,3],[288,5,288,6],[288,7,288,8],[288,9,288,10],[288,12,288,14],[289,0,289,3],[289,5,289,6],[289,7,289,8],[289,9,289,10],[289,12,289,14],[291,11,291,13],[293,1,293,14],[295,0,295,3],[295,5,295,6],[295,7,295,8],[295,9,295,10],[295,12,295,14],[296,0,296,3],[296,5,296,6],[296,7,296,8],[296,9,296,10],[296,12,296,14],[298,11,298,13],[300,1,300,14],[302,7,302,10],[307,12,307,14],[308,12,308,14],[309,12,309,14],[310,0,310,3],[310,12,310,14],[311,0,311,3],[311,12,311,14],[312,0,312,3],[312,12,312,14],[302,5,303,5],[307,5,309,5],[302,6,303,6],[307,6,309,6],[302,11,303,11],[307,11,309,11],[313,0,313,3],[313,12,313,14],[314,0,314,3],[314,12,314,14],[315,0,315,3],[315,12,315,14],[316,12,316,14],[317,12,317,14],[318,0,318,3],[318,12,318,14],[319,0,319,3],[319,12,319,14],[320,0,320,3],[320,12,320,14],[321,0,321,3],[321,12,321,14],[322,0,322,3],[322,12,322,14],[316,5,317,5],[316,6,317,6],[316,11,317,11],[323,0,323,3],[323,12,323,14],[324,0,324,3],[324,12,324,14],[325,12,325,14],[326,12,326,14],[327,12,327,14],[328,12,328,14],[329,12,329,14],[330,12,330,14],[331,0,331,3],[331,12,331,14],[332,12,332,14],[333,12,333,14],[334,0,334,3],[334,12,334,14],[335,0,335,3],[335,12,335,14],[325,5,328,5],[329,5,330,5],[332,5,333,5],[325,6,328,6],[329,6,330,6],[332,6,333,6],[325,11,328,11],[329,11,330,11],[332,11,333,11],[336,0,336,3],[336,12,336,14],[337,0,337,3],[337,12,337,14],[338,0,338,3],[338,12,338,14],[339,0,339,3],[339,12,339,14],[340,0,340,3],[340,12,340,14],[341,0,341,3],[341,12,341,14],[342,12,342,14],[343,12,343,14],[344,12,344,14],[345,12,345,14],[346,0,346,3],[346,12,346,14],[342,5,343,5],[344,5,345,5],[342,6,343,6],[344,6,345,6],[342,11,343,11],[344,11,345,11],[347,12,347,14],[348,12,348,14],[349,0,349,3],[349,12,349,14],[350,0,350,3],[350,12,350,14],[351,0,351,3],[351,12,351,14],[352,0,352,3],[352,12,352,14],[353,0,353,3],[353,12,353,14],[354,0,354,3],[354,12,354,14],[355,12,355,14],[356,12,356,14],[357,0,357,3],[357,12,357,14],[347,5,348,5],[355,5,356,5],[347,6,348,6],[355,6,356,6],[347,11,348,11],[355,11,356,11],[361,12,361,14],[362,12,362,14],[363,12,363,14],[364,12,364,14],[365,0,365,3],[365,12,365,14],[366,0,366,3],[366,12,366,14],[367,0,367,3],[367,12,367,14],[368,0,368,3],[368,12,368,14],[369,0,369,3],[369,12,369,14],[370,0,370,3],[370,12,370,14],[371,12,371,14],[361,5,364,5],[361,6,364,6],[361,11,364,11],[372,12,372,14],[373,0,373,3],[373,12,373,14],[374,0,374,3],[374,12,374,14],[375,12,375,14],[376,12,376,14],[377,0,377,3],[377,12,377,14],[378,0,378,3],[378,12,378,14],[379,12,379,14],[380,12,380,14],[381,0,381,3],[381,12,381,14],[382,0,382,3],[382,12,382,14],[371,5,372,5],[375,5,376,5],[379,5,380,5],[371,6,372,6],[375,6,376,6],[379,6,380,6],[371,11,372,11],[375,11,376,11],[379,11,380,11],[375,0,376,3],[379,0,380,3],[383,0,383,3],[383,12,383,14],[384,12,384,14],[385,12,385,14],[386,0,386,3],[386,12,386,14],[387,12,387,14],[388,12,388,14],[389,0,389,3],[389,12,389,14],[390,0,390,3],[390,12,390,14],[391,12,391,14],[392,12,392,14],[393,0,393,3],[393,12,393,14],[394,12,394,14],[384,5,385,5],[387,5,388,5],[391,5,392,5],[384,6,385,6],[387,6,388,6],[391,6,392,6],[384,11,385,11],[387,11,388,11],[391,11,392,11],[384,0,385,3],[391,0,392,3],[395,12,395,14],[396,0,396,3],[396,12,396,14],[397,0,397,3],[397,12,397,14],[398,0,398,3],[398,12,398,14],[399,0,399,3],[399,12,399,14],[400,12,400,14],[401,12,401,14],[402,12,402,14],[403,12,403,14],[404,12,404,14],[405,12,405,14],[406,12,406,14],[407,0,407,3],[407,12,407,14],[394,5,395,5],[400,5,401,5],[402,5,404,5],[405,5,406,5],[394,6,395,6],[400,6,401,6],[402,6,404,6],[405,6,406,6],[394,11,395,11],[400,11,401,11],[402,11,404,11],[405,11,406,11],[400,0,401,3],[402,0,404,3],[408,0,408,3],[408,12,408,14],[409,0,409,3],[409,12,409,14],[410,0,410,3],[410,12,410,14],[411,0,411,3],[411,12,411,14],[412,0,412,3],[412,12,412,14],[413,0,413,3],[413,12,413,14],[415,11,415,13],[417,1,417,14],[419,7,419,10],[424,12,424,14],[425,12,425,14],[419,5,420,5],[419,6,420,6],[419,11,420,11],[426,12,426,14],[427,0,427,3],[427,12,427,14],[428,0,428,3],[428,12,428,14],[429,0,429,3],[429,12,429,14],[430,0,430,3],[430,12,430,14],[431,0,431,3],[431,12,431,14],[432,0,432,3],[432,12,432,14],[433,12,433,14],[434,12,434,14],[435,0,435,3],[435,12,435,14],[424,5,426,5],[433,5,434,5],[424,6,426,6],[433,6,434,6],[424,11,426,11],[433,11,434,11],[424,0,426,3],[433,0,434,3],[436,0,436,3],[436,12,436,14],[437,0,437,3],[437,12,437,14],[438,0,438,3],[438,12,438,14],[439,0,439,3],[439,12,439,14],[440,0,440,3],[440,12,440,14],[441,0,441,3],[441,12,441,14],[442,12,442,14],[443,12,443,14],[444,12,444,14],[445,12,445,14],[446,12,446,14],[442,5,445,5],[442,6,445,6],[442,11,445,11],[442,0,445,3],[447,12,447,14],[448,0,448,3],[448,12,448,14],[449,12,449,14],[450,12,450,14],[451,0,451,3],[451,12,451,14],[452,0,452,3],[452,12,452,14],[453,0,453,3],[453,12,453,14],[454,0,454,3],[454,12,454,14],[455,0,455,3],[455,12,455,14],[456,0,456,3],[456,12,456,14],[446,5,447,5],[449,5,450,5],[446,6,447,6],[449,6,450,6],[446,11,447,11],[449,11,450,11],[446,0,447,3],[457,0,457,3],[457,12,457,14],[458,0,458,3],[458,12,458,14],[459,12,459,14],[460,12,460,14],[461,12,461,14],[462,12,462,14],[463,0,463,3],[463,12,463,14],[464,12,464,14],[465,12,465,14],[466,0,466,3],[466,12,466,14],[467,0,467,3],[467,12,467,14],[468,0,468,3],[468,12,468,14],[459,5,460,5],[461,5,462,5],[464,5,465,5],[459,6,460,6],[461,6,462,6],[464,6,465,6],[459,11,460,11],[461,11,462,11],[464,11,465,11],[459,0,460,3],[469,0,469,3],[469,12,469,14],[470,0,470,3],[470,12,470,14],[471,0,471,3],[471,12,471,14],[472,12,472,14],[473,12,473,14],[474,0,474,3],[474,12,474,14],[478,12,478,14],[479,12,479,14],[480,12,480,14],[481,12,481,14],[482,0,482,3],[482,12,482,14],[483,0,483,3],[483,12,483,14],[478,4,481,4],[472,5,473,5],[478,5,481,5],[472,6,473,6],[478,6,481,6],[472,11,473,11],[478,11,481,11],[472,0,473,3],[475,0,477,14],[478,0,481,3],[484,0,484,3],[484,12,484,14],[485,0,485,3],[485,12,485,14],[486,0,486,3],[486,12,486,14],[487,0,487,3],[487,12,487,14],[488,12,488,14],[489,12,489,14],[490,0,490,3],[490,12,490,14],[491,0,491,3],[491,12,491,14],[492,12,492,14],[493,12,493,14],[494,0,494,3],[494,12,494,14],[488,4,489,4],[492,4,493,4],[488,5,489,5],[492,5,493,5],[488,6,489,6],[492,6,493,6],[488,11,489,11],[492,11,493,11],[488,0,489,3],[492,0,493,3],[502,12,502,14],[503,0,503,3],[503,12,503,14],[504,12,504,14],[505,12,505,14],[506,0,506,3],[506,12,506,14],[496,4,497,4],[501,4,502,4],[504,4,505,4],[496,5,497,5],[501,5,502,5],[504,5,505,5],[496,6,497,6],[501,6,502,6],[504,6,505,6],[496,11,497,11],[501,11,502,11],[504,11,505,11],[496,0,497,3],[501,0,502,3],[510,0,510,3],[510,12,510,14],[511,12,511,14],[512,12,512,14],[513,0,513,3],[513,12,513,14],[514,0,514,3],[514,12,514,14],[515,0,515,3],[515,12,515,14],[516,0,516,3],[516,12,516,14],[517,12,517,14],[508,4,509,4],[511,4,512,4],[508,5,509,5],[511,5,512,5],[508,6,509,6],[511,6,512,6],[508,11,509,11],[511,11,512,11],[508,0,509,3],[518,12,518,14],[519,12,519,14],[520,12,520,14],[521,12,521,14],[522,12,522,14],[523,12,523,14],[524,0,524,3],[524,12,524,14],[525,0,525,3],[525,12,525,14],[526,0,526,3],[526,12,526,14],[527,0,527,3],[527,12,527,14],[528,0,528,3],[528,12,528,14],[529,0,529,3],[529,12,529,14],[517,4,518,4],[519,4,521,4],[522,4,523,4],[517,5,518,5],[519,5,521,5],[522,5,523,5],[517,6,518,6],[519,6,521,6],[522,6,523,6],[517,11,518,11],[519,11,521,11],[522,11,523,11],[517,0,518,3],[519,0,521,3],[530,0,530,3],[530,12,530,14],[532,11,532,13]],"merged_total":4199,"flags":["merged_cut"]}
["MEMÓRIA DE CÁLCULO "]
[]
["Obra: Conclusão da obra de construção da Unidade Descentralizada da Codevasf no estado do Amapá - 11ª Superintendência Regional, no município de Macapá/AP."]
["Data: Fev/25"]
["ITENS DA PLANILHA ORÇAMENTÁRIA"]
[]
["1.1","FORNECIMENTO E COLOCAÇÃO DE PLACA DE OBRA (4,80 X 2,4 0 M) -  EM CHAPA GALVANIZADA *N. 22*, ADESIVADA E FIXADA COM SUPORTE EM EUCALIPTO AUTOCLAVADO.",{"$nulls":13},"ok"]
[]
["LOCAL",null,null,null,"QUANT.","COMP. (M)",null,"ALT. (M)",null,"ÁREA (M²)",null,"TRANSP","OBS"]
["Alinhamento da divisa do terreno",null,null,null,1]
[]
[{"$nulls":11},"Total levantado",null,null,{"$f":"E10","v":1},null,0]
[]
["2.1","REGULARIZAÇÃO DE SUPERFÍCIES COM MOTONIVELADORA. AF_11/2019",{"$nulls":13},"ok"]
[]
["LOCAL",null,null,null,"QUANT.","COMP. (M)",null,"LARG. (M)",null,"ÁREA (M²)",null,"TRANSP","OBS"]
["Terreno",null,null,null,1,100,null,12.85,null,{"$f":"F17*H17","v":1285}]
[]
[{"$nulls":11},"Total levantado",null,null,{"$f":"J17","v":1285}]
[]
["2.2","EXECUÇÃO E COMPACTAÇÃO DE ATERRO COM SOLO PREDOMINANTEMENTE ARENOSO - EXCLUSIVE SOLO, ESCAVAÇÃO, CARGA E TRANSPORTE. AF_11/2019",{"$nulls":13},"OK"]
[]
["LOCAL",null,null,null,"QUANT.","ÁREA. (M)",null,"ESP. (M)",null,"VOL.  (M³)",null,"TRANSP","OBS"]
["ATERRO",null,null,null,1,{"$f":"J17","v":1285},null,0.4,null,{"$f":"F24*H24","v":514}]
["ATERRO ATÉ A ALTURA DA FACE SUPERIOR DA VIGA BALDRAME",null,null,null,1,51.75,null,20.65,null,{"$f":"F25*H25","v":1068.6374999999998},null,null,"A área de aterro foi estimada por aproximação geométrica da seção em declive, modelada como triângulo retângulo, multiplicada pela largura da edificação."]
[]
[{"$nulls":11},"Total levantado",null,null,{"$f":"SUM(J24:K25)","v":1582.6374999999998}]
[]
["2.3","CARGA, MANOBRA E DESCARGA DE SOLOS E MATERIAIS GRANULARES EM CAMINHÃO BASCULANTE 14 M³ - CARGA COM ESCAVADEIRA HIDRÁULICA (CAÇAMBA DE 1,20 M³ / 155 HP) E DESCARGA LIVRE (UNIDADE: M3). AF_07/2020",{"$nulls":13},"OK"]
[]
["LOCAL",null,null,null,"QUANT.","VOL. MATERIAL COMPACTADO (M³)",null,"TAXA DE CONTRAÇÃO","TAXA DE EMPOLAMENTO","VOL.  (M³)",null,"TRANSP","OBS"]
["Material para confecção do corpo do aterro",null,null,null,1,{"$f":"O27","v":1582.6374999999998},null,0.9,1.25,{"$f":"(F32/H32)*I32","v":2198.1076388888887}]
[]
[{"$nulls":11},"Total levantado",null,null,{"$f":"J32","v":2198.1076388888887}]
[]
["2.4","TRANSPORTE COM CAMINHÃO BASCULANTE DE 14 M³, EM VIA URBANA PAVIMENTADA, DMT ATÉ 30 KM (UNIDADE: M3XKM). AF_07/2020",{"$nulls":13},"OK"]
[]
["LOCAL",null,null,null,"QUANT.","VOL. MATERIAL (M³)",null,null,null,"DIST.",null,"TRANSP","OBS"]
["Terra para aterro",null,null,null,1,{"$f":"O34","v":2198.1076388888887},null,null,null,8,null,{"$f":"F39*J39","v":17584.861111111109}]
[]
[{"$nulls":11},"Total levantado",null,null,{"$f":"L39","v":17584.861111111109}]
[]
["3.1","ESCAVAÇÃO MANUAL PARA BLOCO DE COROAMENTO OU SAPATA (INCLUINDO ESCAVAÇÃO PARA COLOCAÇÃO DE FÔRMAS). AF_06/2017",{"$nulls":13},"OK"]
[]
["LOCAL",null,null,null,"QUANT.","COMP. (M)",null,"LARG. (M)",null,"ALT (M)",null,"VOL. (M³)","OBS"]
["Sapatas tipo 01 - arrimo",null,null,null,9,1,null,1,null,2.5,null,{"$f":"ROUND(E46*F46*H46*J46,2)","v":22.5},"Comprimento e largura com afastamentos para colocação de fôrmas."]
[]
[{"$nulls":11},"Total levantado",null,null,{"$f":"L46","v":22.5}]
[]
["3.2","ESCAVAÇÃO MANUAL DE VALA PARA VIGA BALDRAME (INCLUINDO ESCAVAÇÃO PARA COLOCAÇÃO DE FÔRMAS). AF_06/2017",{"$nulls":13},"ok"]
[]
["LOCAL",null,null,null,"QUANT.","COMP. (M)",null,"LARG. (M)",null,"ALT (M)",null,"VOL. (M³)","OBS"]
["Baldrame/Muro de arrimo",null,null,null,1,{"$f":"8.74+20+8.74+5.68+5.68","v":48.84},null,0.3,null,0.35,null,{"$f":"F53*H53*J53","v":5.1281999999999996}]
[]
[{"$nulls":11},"Total levantado",null,null,{"$f":"L53","v":5.1281999999999996}]
[]
["3.3","LASTRO DE CONCRETO MAGRO, APLICADO EM BLOCOS DE COROAMENTO OU SAPATAS, ESPESSURA DE 5 CM. AF_08/2017",{"$nulls":13},"ok"]
[]
["LOCAL",null,null,null,"QUANT.","COMP. (M)",null,"LARG. (M)",null,"ÁREA (M²)",null,"VOL. (M³)","OBS"]
["Lastro para sapatas",null,null,null,9,1,null,1,null,{"$f":"E60*F60*H60","v":9}]
[]
[{"$nulls":11},"Total levantado",null,null,{"$f":"J60","v":9}]
[]
["3.4","FABRICAÇÃO, MONTAGEM E DESMONTAGEM DE FÔRMA PARA SAPATA, EM CHAPA DE MADEIRA COMPENSADA RESINADA, E=17 MM, 4 UTILIZAÇÕES. AF_06/2017",{"$nulls":13},"ok"]
[]
["LOCAL",null,null,null,"QUANT.","PER. (M)",null,"ALT. (M)",null,"ÁREA (M²)",null,"VOL. (M³)","OBS"]
["Fundação",null,null,null,9,4,null,0.4,null,{"$f":"E67*F67*H67","v":14.4}]
[]
[{"$nulls":11},"Total levantado",null,null,{"$f":"J67","v":14.4}]
[]
["3.5","FABRICAÇÃO, MONTAGEM E DESMONTAGEM DE FÔRMA PARA VIGA BALDRAME, EM CHAPA DE MADEIRA COMPENSADA RESINADA, E=17 MM, 4 UTILIZAÇÕES. AF_06/2017",{"$nulls":13},"ok"]
[]
["LOCAL",null,null,null,"QUANT.","COMP. (M)",null,"ALT. (M)",null,"ÁREA (M²)",null,"VOL. (M³)","OBS"]
["Fundação",null,null,null,1,{"$nulls":4},545.97,null,null,"Saldo do contrato 0.0362.00/2023"]
[]
[{"$nulls":11},"Total levantado",null,null,{"$f":"J74","v":545.97}]
[]
["3.6","MONTAGEM E DESMONTAGEM DE FÔRMA DE PILARES RETANGULARES E ESTRUTURAS SIMILARES, PÉ-DIREITO SIMPLES, EM CHAPA DE MADEIRA COMPENSADA RESINADA, 4 UTILIZAÇÕES. AF_09/2020",{"$nulls":13},"ok"]
[]
["LOCAL",null,null,null,"QUANT.","COMP. (M)",null,"LARG. (M)",null,"ÁREA (M²)",null,"VOL. (M³)","OBS"]
["Fundação",null,null,null,9,{"$nulls":4},24.21,null,null,"Saldo do contrato 0.0362.00/2023"]
[]
[{"$nulls":11},"Total levantado",null,null,{"$f":"J81","v":24.21}]
[]
["3.7","ARMAÇÃO DE SAPATA ISOLADA, VIGA BALDRAME E SAPATA CORRIDA UTILIZANDO AÇO CA-60 DE 5 MM - MONTAGEM. AF_01/2024",{"$nulls":13},"ok"]
[]
["LOCAL",null,null,null,"QUANT.","PESO (KG)",null,"LARG. (M)",null,"ÁREA (M²)",null,"VOL. (M³)","OBS"]
["Sapatas",null,null,null,9,0]
["Vigas",null,null,null,1,100]
[]
[{"$nulls":11},"Total levantado",null,null,{"$f":"SUM(F88:G89)","v":100}]
[]
["3.8","ARMAÇÃO DE SAPATA ISOLADA, VIGA BALDRAME E SAPATA CORRIDA UTILIZANDO AÇO CA-50 DE 8 MM - MONTAGEM. AF_01/2024",{"$nulls":13},"ok"]
[]
["LOCAL",null,null,null,"QUANT.","PESO (KG)",null,"LARG. (M)",null,"ÁREA (M²)",null,"VOL. (M³)","OBS"]
["Sapatas",null,null,null,1,70]
["Vigas",null,null,null,1,50]
[]
[{"$nulls":11},"Total levantado",null,null,{"$f":"SUM(F96:G97)","v":120}]
[]
["3.9","ARMAÇÃO DE BLOCO, VIGA BALDRAME OU SAPATA UTILIZANDO AÇO CA-50 DE 10 MM - MONTAGEM. AF_06/2017",{"$nulls":13},"ok"]
[]
["LOCAL",null,null,null,"QUANT.","PESO (KG)",null,"LARG. (M)",null,"ÁREA (M²)",null,"VOL. (M³)","OBS"]
["Sapatas",null,null,null,1,50]
["Vigas",null,null,null,1,70]
["Pilares",null,null,null,1,70]
[]
[{"$nulls":11},"Total levantado",null,null,{"$f":"SUM(F104:G106)","v":190}]
[]
["3.10","ARMAÇÃO DE BLOCO, SAPATA ISOLADA, VIGA BALDRAME E SAPATA CORRIDA UTILIZANDO AÇO CA-50 DE 12,5 MM - MONTAGEM. AF_01/2024",{"$nulls":13},"ok"]
[]
["LOCAL",null,null,null,"QUANT.","PESO (KG)",null,"LARG. (M)",null,"ÁREA (M²)",null,"VOL. (M³)","OBS"]
["Pilares",null,null,null,1,50]
[]
[{"$nulls":11},"Total levantado",null,null,{"$f":"SUM(F113:G113)","v":50}]
[]
["3.11","CONCRETAGEM DE SAPATAS, FCK 30 MPA, COM USO DE BOMBA LANÇAMENTO, ADENSAMENTO E ACABAMENTO. AF_11/2016",{"$nulls":13},"ok"]
[]
["LOCAL",null,null,null,"QUANT.","COMP. (M)",null,"LARG. (M)",null,"ALT. (M)",null,"VOL. (M³)","OBS"]
["Sapatas",null,null,null,9,1,null,1,null,0.4,null,{"$f":"E120*F120*H120*J120","v":3.6},"Conforme projeto estrutural"]
["Arranques dos Pilares",null,null,null,9,0.3,null,0.2,null,2,null,{"$f":"E121*F121*H121*J121","v":1.0799999999999998},"Conforme projeto estrutural"]
[]
[{"$nulls":11},"Total levantado",null,null,{"$f":"SUM(L120:L121)","v":4.68}]
[]
["3.12","CONCRETAGEM DE BLOCO DE COROAMENTO OU VIGA BALDRAME, FCK 30 MPA, COM USO DE BOMBA - LANÇAMENTO, ADENSAMENTO E ACABAMENTO. AF_01/2024",{"$nulls":13},"ok"]
[]
["LOCAL",null,null,null,"QUANT.","COMP. (M)",null,"LARG. (M)",null,"ÁREA (M²)",null,"VOL. (M³)","OBS"]
["Baldrame",null,null,null,1,{"$nulls":6},52.86,"Conforme projeto estrutural"]
[]
[{"$nulls":11},"Total levantado",null,null,{"$f":"SUM(L128:L128)","v":52.86}]
[]
["3.13","IMPERMEABILIZAÇÃO DE SUPERFÍCIE COM EMULSÃO ASFÁLTICA, 2 DEMÃOS AF_06/2018",{"$nulls":13},"ok"]
[]
["LOCAL",null,null,null,"QUANT.","COMP. (M)",null,"LARG. (M)",null,"ÁREA (M²)",null,"VOL. (M³)","OBS"]
["Baldrame",null,null,null,1,{"$nulls":4},{"$f":"486.2+59.77","v":545.97},null,null,"Área de fôrmas do baldrame + área da superfície. Quantidades retiradas de projeto estrutural."]
[]
[{"$nulls":11},"Total levantado",null,null,{"$f":"J135","v":545.97}]
[]
["3.14","ATERRO MANUAL DE VALAS COM SOLO ARGILO-ARENOSO E COMPACTAÇÃO MECANIZADA. ",{"$nulls":13},"ok"]
[]
["LOCAL",null,null,null,"QUANT.","ÁREA SEÇÃO 01 (M²)",null,"ÁREA SEÇÃO 02 (M²)",null,"SEMI-DIST (M)",null,"VOL. (M³)","OBS"]
["Aterro da área sob as vigas baldrame",null,null,null,1,56.5,null,56.5,null,10,null,{"$f":"(F142+H142)*J142","v":1130},"Aterro sob a edificação, impossível de fazer com equipamento mecânico (rolo compactador). \nÁrea da seção = comprimento de 50 metros (comprimento da edificação) x 2,26 (desnível conforme levantamento topográfico) / 2 (seção triangular)   "]
[]
[{"$nulls":11},"Total levantado",null,null,{"$f":"L142","v":1130}]
[]
["3.15","ALVENARIA DE BLOCO DE CONCRETO CHEIO COM ARMAÇÃO, EM CONCRETO COM FCK 15MPA , ESP. 14CM, PARA REVESTIMENTO, INCLUSIVE ARGAMASSA PARA ASSENTAMENTO",{"$nulls":13},"ok"]
[]
["LOCAL",null,null,null,"QUANT.","ÁREA SEÇÃO 01 - LATERAL (M²)",null,"ÁREA SEÇÃO 02 - LATERAL (M²)",null,"ÁREA SEÇÃO 03 - FUNDO (M²)",null,"ÁREA TOTAL (M³)","OBS"]
["Perímetro da edificação ",null,null,null,1,{"$f":"50*1.55/2","v":38.75},null,{"$f":"50*1.55/2","v":38.75},null,{"$f":"2.15*20","v":43},null,{"$f":"F149+H149+J149","v":120.5},"Muro de arrimo sob a edificação, necessário para conter o aterro. \nÁrea da seção 01, 02 e 03 = comprimento (50 ou 20 metros) (lateral ou fundo da edificação) x 1,15 (desnível conforme levantamento topográfico) / 2 (seção triangular). O desnível, nesse caso, corresponde a diferença de altura entre a camada de aterro na área externa e o nível que ficará a edificação."]
[]
[{"$nulls":11},"Total levantado",null,null,{"$f":"L149","v":120.5}]
[]
["3.16","CAMADA SEPARADORA PARA EXECUÇÃO DE RADIER, PISO DE CONCRETO OU LAJE SOBRE SOLO, EM LONA PLÁSTICA. AF_09/2021",{"$nulls":13},"ok"]
[]
["LOCAL",null,null,null,"QUANT.","COMP. (M)",null,"LARG. (M)",null,"ÁREA (M²)",null,"VOL. (M³)","OBS"]
["Impermeabilização do piso",null,null,null,1,50,null,20,null,{"$f":"F156*H156","v":1000}]
[]
[{"$nulls":11},"Total levantado",null,null,{"$f":"SUM(J156)","v":1000}]
[]
["3.17","ARMAÇÃO DE LAJE DE ESTRUTURA CONVENCIONAL DE CONCRETO ARMADO UTILIZANDO AÇO CA-60 DE 5,0 MM - MONTAGEM. AF_06/2022"]
[]
["LOCAL",null,null,null,"QUANT.","PESO (KG)",null,"LARG. (M)",null,"ÁREA (M²)",null,"VOL. (M³)","OBS",null,null,"ok"]
["Lajes",null,null,null,1,{"$f":"530.86+1221.12","v":1751.98},{"$nulls":6},"Conforme projeto estrutural"]
[]
[{"$nulls":11},"Total levantado",null,null,{"$f":"SUM(F163:G163)","v":1751.98}]
[]
["3.18","CONCRETAGEM DE RADIER, PISO DE CONCRETO OU LAJE SOBRE SOLO, FCK 25 MPA - LANÇAMENTO, ADENSAMENTO E ACABAMENTO. AF_09/2021",{"$nulls":13},"ok"]
[]
["LOCAL",null,null,null,"QUANT.","COMP. (M)",null,"LARG. (M)",null,"ÁREA (M²)",null,"VOL. (M³)","OBS"]
["Lajes",null,null,null,1,{"$nulls":6},{"$f":"94.12+17.04","v":111.16},"Conforme projeto estrutural"]
[]
[{"$nulls":11},"Total levantado",null,null,{"$f":"L170","v":111.16}]
[]
["4.1",{"$f":"'[11]PLANILHA SEM DESONERAÇÃO'!D78","v":"VIGA METÁLICA EM PERFIL W 610 x 113, LAMINADO OU SOLDADO, EM AÇO ESTRUTURAL, COM CONEXÕES SOLDADAS, INCLUSOS MÃO DE OBRA, TRANSPORTE E IÇAMENTO UTILIZANDO GUINDASTE - FORNECIMENTO E INSTALAÇÃO. AF_01/2020_P"},{"$nulls":13},"ok"]
[]
["LOCAL",null,null,null,"QUANT.","PESO (KG)",null,"LARG. (M)",null,"ÁREA (M²)",null,"VOL. (M³)","OBS"]
["Estrutura da edificação",null,null,null,1,18976,{"$nulls":6},"Conforme projeto estrutural"]
[]
[{"$nulls":11},"Total levantado",null,null,{"$f":"SUM(F177:G177)","v":18976}]
[]
["4.2",{"$f":"'[11]PLANILHA SEM DESONERAÇÃO'!D79","v":"VIGA METÁLICA EM PERFIL W 530 x 101, LAMINADO OU SOLDADO, EM AÇO ESTRUTURAL, COM CONEXÕES SOLDADAS, INCLUSOS MÃO DE OBRA, TRANSPORTE E IÇAMENTO UTILIZANDO GUINDASTE - FORNECIMENTO E INSTALAÇÃO. AF_01/2020_P"},{"$nulls":13},"ok"]
[]
["LOCAL",null,null,null,"QUANT.","PESO (KG)",null,"LARG. (M)",null,"ÁREA (M²)",null,"VOL. (M³)","OBS"]
["Estrutura da edificação",null,null,null,1,8019,{"$nulls":6},"Conforme projeto estrutural"]
[]
[{"$nulls":11},"Total levantado",null,null,{"$f":"SUM(F184:G184)","v":8019}]
[]
["4.3",{"$f":"'[11]PLANILHA SEM DESONERAÇÃO'!D80","v":"VIGA METÁLICA EM PERFIL W 530 x 74, LAMINADO OU SOLDADO, EM AÇO ESTRUTURAL, COM CONEXÕES SOLDADAS, INCLUSOS MÃO DE OBRA, TRANSPORTE E IÇAMENTO UTILIZANDO GUINDASTE - FORNECIMENTO E INSTALAÇÃO. AF_01/2020_P"},{"$nulls":13},"ok"]
[]
["LOCAL",null,null,null,"QUANT.","PESO (KG)",null,"LARG. (M)",null,"ÁREA (M²)",null,"VOL. (M³)","OBS"]
["Estrutura da edificação",null,null,null,1,5892.7,{"$nulls":6},"Conforme projeto estrutural"]
[]
[{"$nulls":11},"Total levantado",null,null,{"$f":"SUM(F191:G191)","v":5892.7}]
[]
["4.4",{"$f":"'[11]PLANILHA SEM DESONERAÇÃO'!D81","v":"VIGA METÁLICA EM PERFIL W 530 x 72, LAMINADO OU SOLDADO, EM AÇO ESTRUTURAL, COM CONEXÕES SOLDADAS, INCLUSOS MÃO DE OBRA, TRANSPORTE E IÇAMENTO UTILIZANDO GUINDASTE - FORNECIMENTO E INSTALAÇÃO. AF_01/2020_P"},{"$nulls":13},"ok"]
[]
["LOCAL",null,null,null,"QUANT.","PESO (KG)",null,"LARG. (M)",null,"ÁREA (M²)",null,"VOL. (M³)","OBS"]
["Estrutura da edificação",null,null,null,1,1994.9,{"$nulls":6},"Conforme projeto estrutural"]
[]
[{"$nulls":11},"Total levantado",null,null,{"$f":"SUM(F198:G198)","v":1994.9}]
[]
["4.5",{"$f":"'[11]PLANILHA SEM DESONERAÇÃO'!D82","v":"VIGA METÁLICA EM PERFIL W 460 x 60, LAMINADO OU SOLDADO, EM AÇO ESTRUTURAL, COM CONEXÕES SOLDADAS, INCLUSOS MÃO DE OBRA, TRANSPORTE E IÇAMENTO UTILIZANDO GUINDASTE - FORNECIMENTO E INSTALAÇÃO. AF_01/2020_P"},{"$nulls":13},"ok"]
[]
["LOCAL",null,null,null,"QUANT.","PESO (KG)",null,"LARG. (M)",null,"ÁREA (M²)",null,"VOL. (M³)","OBS"]
["Estrutura da edificação",null,null,null,1,522.6,{"$nulls":6},"Conforme projeto estrutural"]
[]
[{"$nulls":11},"Total levantado",null,null,{"$f":"SUM(F205:G205)","v":522.6}]
[]
["4.6",{"$f":"'[11]PLANILHA SEM DESONERAÇÃO'!D83","v":"VIGA METÁLICA EM PERFIL W 410 x 53, LAMINADO OU SOLDADO, EM AÇO ESTRUTURAL, COM CONEXÕES SOLDADAS, INCLUSOS MÃO DE OBRA, TRANSPORTE E IÇAMENTO UTILIZANDO GUINDASTE - FORNECIMENTO E INSTALAÇÃO. AF_01/2020_P"},{"$nulls":13},"ok"]
[]
["LOCAL",null,null,null,"QUANT.","PESO (KG)",null,"LARG. (M)",null,"ÁREA (M²)",null,"VOL. (M³)","OBS"]
["Estrutura da edificação",null,null,null,1,15735.9,{"$nulls":6},"Conforme projeto estrutural"]
[]
[{"$nulls":11},"Total levantado",null,null,{"$f":"SUM(F212:G212)","v":15735.9}]
[]
["4.7",{"$f":"'[11]PLANILHA SEM DESONERAÇÃO'!D84","v":"VIGA METÁLICA EM PERFIL W 410 x 46.1, LAMINADO OU SOLDADO, EM AÇO ESTRUTURAL, COM CONEXÕES SOLDADAS, INCLUSOS MÃO DE OBRA, TRANSPORTE E IÇAMENTO UTILIZANDO GUINDASTE - FORNECIMENTO E INSTALAÇÃO. AF_01/2020_P"},{"$nulls":13},"ok"]
[]
["LOCAL",null,null,null,"QUANT.","PESO (KG)",null,"LARG. (M)",null,"ÁREA (M²)",null,"VOL. (M³)","OBS"]
["Estrutura da edificação",null,null,null,1,6878.5,{"$nulls":6},"Conforme projeto estrutural"]
[]
[{"$nulls":11},"Total levantado",null,null,{"$f":"SUM(F219:G219)","v":6878.5}]
[]
["4.8",{"$f":"'[11]PLANILHA SEM DESONERAÇÃO'!D85","v":"VIGA METÁLICA EM PERFIL W 360 x 39, LAMINADO OU SOLDADO, EM AÇO ESTRUTURAL, COM CONEXÕES SOLDADAS, INCLUSOS MÃO DE OBRA, TRANSPORTE E IÇAMENTO UTILIZANDO GUINDASTE - FORNECIMENTO E INSTALAÇÃO. AF_01/2020_P"},{"$nulls":13},"ok"]
[]
["LOCAL",null,null,null,"QUANT.","PESO (KG)",null,"LARG. (M)",null,"ÁREA (M²)",null,"VOL. (M³)","OBS"]
["Estrutura da edificação",null,null,null,1,10058.799999999999,{"$nulls":6},"Conforme projeto estrutural"]
[]
[{"$nulls":11},"Total levantado",null,null,{"$f":"SUM(F226:G226)","v":10058.799999999999}]
[]
["4.9",{"$f":"'[11]PLANILHA SEM DESONERAÇÃO'!D86","v":"VIGA METÁLICA EM PERFIL W 310 x 32,7, LAMINADO OU SOLDADO, EM AÇO ESTRUTURAL, COM CONEXÕES SOLDADAS, INCLUSOS MÃO DE OBRA, TRANSPORTE E IÇAMENTO UTILIZANDO GUINDASTE - FORNECIMENTO E INSTALAÇÃO. AF_01/2020_P"},{"$nulls":13},"ok"]
[]
["LOCAL",null,null,null,"QUANT.","PESO (KG)",null,"LARG. (M)",null,"ÁREA (M²)",null,"VOL. (M³)","OBS"]
["Estrutura da edificação",null,null,null,1,4383,{"$nulls":6},"Conforme projeto estrutural"]
[]
[{"$nulls":11},"Total levantado",null,null,{"$f":"SUM(F233:G233)","v":4383}]
[]
["4.10",{"$f":"'[11]PLANILHA SEM DESONERAÇÃO'!D87","v":"PILAR METÁLICO PERFIL LAMINADO/SOLDADO, W 310 x 23.8, EM AÇO ESTRUTURAL, COM CONEXÕES PARAFUSADAS, INCLUSOS MÃO DE OBRA, TRANSPORTE E IÇAMENTO UTILIZANDO GUINDASTE - FORNECIMENTO E INSTALAÇÃO. AF_01/2020_P"},{"$nulls":13},"ok"]
[]
["LOCAL",null,null,null,"QUANT.","PESO (KG)",null,"LARG. (M)",null,"ÁREA (M²)",null,"VOL. (M³)","OBS"]
["Estrutura da edificação",null,null,null,1,87.9,{"$nulls":6},"Conforme projeto estrutural"]
[]
[{"$nulls":11},"Total levantado",null,null,{"$f":"SUM(F240:G240)","v":87.9}]
[]
["4.11",{"$f":"'[11]PLANILHA SEM DESONERAÇÃO'!D88","v":"VIGA METÁLICA EM PERFIL W 250 x80, LAMINADO OU SOLDADO, EM AÇO ESTRUTURAL, COM CONEXÕES SOLDADAS, INCLUSOS MÃO DE OBRA, TRANSPORTE E IÇAMENTO UTILIZANDO GUINDASTE - FORNECIMENTO E INSTALAÇÃO. AF_01/2020_P"},{"$nulls":13},"ok"]
[]
["LOCAL",null,null,null,"QUANT.","PESO (KG)",null,"LARG. (M)",null,"ÁREA (M²)",null,"VOL. (M³)","OBS"]
["Estrutura da edificação",null,null,null,1,5184,{"$nulls":6},"Conforme projeto estrutural"]
[]
[{"$nulls":11},"Total levantado",null,null,{"$f":"SUM(F247:G247)","v":5184}]
[]
["4.12",{"$f":"'[11]PLANILHA SEM DESONERAÇÃO'!D89","v":"VIGA METÁLICA EM PERFIL W 250 x22.3, LAMINADO OU SOLDADO, EM AÇO ESTRUTURAL, COM CONEXÕES SOLDADAS, INCLUSOS MÃO DE OBRA, TRANSPORTE E IÇAMENTO UTILIZANDO GUINDASTE - FORNECIMENTO E INSTALAÇÃO. AF_01/2020_P"},{"$nulls":13},"ok"]
[]
["LOCAL",null,null,null,"QUANT.","PESO (KG)",null,"LARG. (M)",null,"ÁREA (M²)",null,"VOL. (M³)","OBS"]
["Estrutura da edificação",null,null,null,1,1564,{"$nulls":6},"Conforme projeto estrutural"]
[]
[{"$nulls":11},"Total levantado",null,null,{"$f":"SUM(F254:G254)","v":1564}]
[]
["4.13",{"$f":"'[11]PLANILHA SEM DESONERAÇÃO'!D90","v":"PILAR METÁLICO PERFIL LAMINADO/SOLDADO, W 200 x 19.3 EM AÇO ESTRUTURAL, COM CONEXÕES PARAFUSADAS, INCLUSOS MÃO DE OBRA, TRANSPORTE E IÇAMENTO UTILIZANDO GUINDASTE - FORNECIMENTO E INSTALAÇÃO. AF_01/2020_P"},{"$nulls":13},"ok"]
[]
["LOCAL",null,null,null,"QUANT.","PESO (KG)",null,"LARG. (M)",null,"ÁREA (M²)",null,"VOL. (M³)","OBS"]
["Estrutura da edificação",null,null,null,1,96.5,{"$nulls":6},"Conforme projeto estrutural"]
[]
[{"$nulls":11},"Total levantado",null,null,{"$f":"SUM(F261:G261)","v":96.5}]
[]
["4.14",{"$f":"'[11]PLANILHA SEM DESONERAÇÃO'!D91","v":"VIGA METÁLICA EM PERFIL W 150 x24, LAMINADO OU SOLDADO, EM AÇO ESTRUTURAL, COM CONEXÕES SOLDADAS, INCLUSOS MÃO DE OBRA, TRANSPORTE E IÇAMENTO UTILIZANDO GUINDASTE - FORNECIMENTO E INSTALAÇÃO. AF_01/2020_P"},{"$nulls":13},"ok"]
[]
["LOCAL",null,null,null,"QUANT.","PESO (KG)",null,"LARG. (M)",null,"ÁREA (M²)",null,"VOL. (M³)","OBS"]
["Estrutura da edificação",null,null,null,1,{"$f":"149.7+317","v":466.7},{"$nulls":6},"Conforme projeto estrutural"]
[]
[{"$nulls":11},"Total levantado",null,null,{"$f":"SUM(F268:G268)","v":466.7}]
[]
["4.15",{"$f":"'[11]PLANILHA SEM DESONERAÇÃO'!D92","v":"PILAR METÁLICO PERFIL LAMINADO/SOLDADO, W 250 x 85 EM AÇO ESTRUTURAL, COM CONEXÕES PARAFUSADAS, INCLUSOS MÃO DE OBRA, TRANSPORTE E IÇAMENTO UTILIZANDO GUINDASTE - FORNECIMENTO E INSTALAÇÃO. AF_01/2020_P"},{"$nulls":13},"ok"]
[]
["LOCAL",null,null,null,"QUANT.","PESO (KG)",null,"LARG. (M)",null,"ÁREA (M²)",null,"VOL. (M³)","OBS"]
["Estrutura da edificação",null,null,null,1,725.1,{"$nulls":6},"Conforme projeto estrutural"]
[]
[{"$nulls":11},"Total levantado",null,null,{"$f":"SUM(F275:G275)","v":725.1}]
[]
["4.16",{"$f":"'[11]PLANILHA SEM DESONERAÇÃO'!D93","v":"PILAR METÁLICO PERFIL LAMINADO/SOLDADO, W 250 x 62 EM AÇO ESTRUTURAL, COM CONEXÕES PARAFUSADAS, INCLUSOS MÃO DE OBRA, TRANSPORTE E IÇAMENTO UTILIZANDO GUINDASTE - FORNECIMENTO E INSTALAÇÃO. AF_01/2020_P"},{"$nulls":13},"ok"]
[]
["LOCAL",null,null,null,"QUANT.","PESO (KG)",null,"LARG. (M)",null,"ÁREA (M²)",null,"VOL. (M³)","OBS"]
["Estrutura da edificação",null,null,null,1,8462.7999999999993,{"$nulls":6},"Conforme projeto estrutural"]
[]
[{"$nulls":11},"Total levantado",null,null,{"$f":"SUM(F282:G282)","v":8462.7999999999993}]
[]
["4.17","LAJE STEEL DECK PARA PISO COM CAPA DE CONCRETO FCK 25 MPA, ESPESSURA DA LAJE 15CM, ESPESSURA DA CHAPA 0,95 MM, INCLUSIVE IÇAMENTO COM GUINDASTE. AF_01/2020",{"$nulls":13},"ok"]
[]
["LOCAL",null,null,null,"QUANT.","PESO (KG)",null,"LARG. (M)",null,"ÁREA (M²)",null,"VOL. (M³)","OBS"]
["Pavimento inferior",null,null,null,1,{"$nulls":4},{"$f":"1045.9-(2.8*3.5)","v":1036.1000000000001},null,null,"Conforme projeto estrutural"]
["Pavimento superior",null,null,null,1,{"$nulls":4},1000,null,null,"Conforme projeto estrutural",{"$nulls":6},"DESCRIÇÃO","LARGURA","ALTURA ","ÁREA"]
[{"$nulls":19},"DESCRIÇÃO","LARGURA","ALTURA ","ÁREA"]
[{"$nulls":11},"Total levantado",null,null,{"$f":"SUM(J289:K290)","v":2036.1000000000001}]
[{"$nulls":19},"PM 01",0.8,2.1,{"$f":"ROUND(U293*V293,2)","v":1.68}]
["4.18","ESCADA EM CONCRETO ARMADO MOLDADO IN LOCO, FCK 20 MPA, COM 2 LANCES EM \"U\" E LAJE PLANA, FÔRMA EM CHAPA DE MADEIRA COMPENSADA RESINADA. AF_11/2020",{"$nulls":13},"ok",null,null,null,"PM 02",0.9,2.1,1.89]
[{"$nulls":19},"PM 03",1.2,2.1,2.52]
["LOCAL",null,null,null,"QUANT.","PESO (KG)",null,"LARG. (M)",null,"ÁREA (M²)",null,"VOL. (M³)","OBS",{"$nulls":6},"PA 01",1.6,2.1,3.36]
["Escada",null,null,null,1,{"$nulls":6},1.4,"Volume considerando piso de 32cm e espelho de 28cm",{"$nulls":6},"PA 02",4.8,3,14.4]
[{"$nulls":19},"JC 01",2.4,1,2.4]
[{"$nulls":11},"Total levantado",null,null,{"$f":"L297","v":1.4},{"$nulls":4},"JC 02",1.25,1,1.25]
[{"$nulls":19},"JC 03",3.4,1,3.4]
["5.1","PAREDE COM PLACAS DE GESSO ACARTONADO (DRYWALL), PARA USO INTERNO, COM DUAS FACES SIMPLES E ESTRUTURA METÁLICA COM GUIAS SIMPLES, SEM VÃOS. AF_06/2017_PS",{"$nulls":13},"ok",null,null,null,"JM 01",3.4,0.4,1.36]
[{"$nulls":19},"JM 02",1,0.4,0.4]
["LOCAL",null,null,null,"QUANT.","COMP. (M)","ALT. (M)","VÃOS",null,null,null,"ÁREA TOTAL (M²)","OBS",{"$nulls":6},"JV 01",1.5,1,1.5]
[{"$nulls":7},"TIPO","QUANT.","ÁREA UNIT. (M²)","ÁREA TOTAL (M²)",{"$nulls":5},"TOTAL DE PORTAS",null,null,"JV 02",7.5,2.2999999999999998,17.25]
["TÉRREO",{"$nulls":18},"JV 03",5,2.2000000000000002,11]
[{"$nulls":19},"DESCRIÇÃO","LARGURA","ALTURA ","ÁREA"]
[{"$nulls":19},"DESCRIÇÃO","LARGURA","ALTURA ","ÁREA"]
["Alv H01",null,null,null,1,50,3.5,"JC 01",7,{"$f":"VLOOKUP(H308,$T$290:$W$304,4,FALSE)","v":2.4},{"$f":"I308*J308","v":16.8}]
[{"$nulls":7},"JC 02",2,1.25,{"$f":"I309*J309","v":2.5}]
[{"$nulls":7},"JC 03",1,3.4,{"$f":"I310*J310","v":3.4}]
["Alv H02",null,null,null,1,3.1,3.25,{"$nulls":4},{"$f":"ROUND((F311*G311*E311)-K311,2)","v":10.08},{"$nulls":7},"PM 01",0.8,2.1,{"$f":"ROUND(U311*V311,2)","v":1.68}]
["Alv H03",null,null,null,1,2.5,3.25,{"$nulls":4},{"$f":"ROUND((F312*G312*E312)-K312,2)","v":8.1300000000000008},{"$nulls":7},"PM 02",0.9,2.1,1.89]
["Alv H04",null,null,null,1,3.15,3.25,{"$nulls":4},10.24,{"$nulls":7},"PM 03",1.2,2.1,2.52]
["Alv H05",null,null,null,1,3,3.25,{"$nulls":4},9.75,{"$nulls":7},"PA 01",1.6,2.1,3.36]
["Alv H06",null,null,null,1,5,3.25,{"$nulls":12},"PA 02",4.8,3,14.4]
["Alv H07",null,null,null,1,3.65,3.25,"PM 01",1,{"$f":"VLOOKUP(H316,$T$290:$W$304,4,FALSE)","v":1.68},{"$f":"I316*J316","v":1.68},{"$nulls":8},"JC 01",2.4,1,2.4]
["Alv H08",null,null,null,1,37.549999999999997,3.25,"PM 01",7,1.68,11.76,{"$nulls":8},"JC 02",1.25,1,1.25]
[{"$nulls":7},"JV 01",1,1.5,1.5,{"$nulls":8},"JC 02",1.25,1,1.25]
["Alv H09",null,null,null,1,{"$f":"31.6-3.6-1.4","v":26.6},3.25,"PM 01",3,1.68,5.04,{"$nulls":8},"JM 03",3.4,0.4,1.36]
["Alv H10",null,null,null,1,3.5,3.25,null,null,null,0,{"$f":"ROUND((F320*G320*E320)-(SUM(K320:K320)),2)","v":11.38},{"$nulls":7},"JM 04",1,0.4,0.4]
["Alv H11",null,null,null,1,2.8,3.25,null,null,null,0,{"$nulls":8},"JV 01",1.5,1,1.5]
["Alv H12",null,null,null,1,8.4499999999999993,3.25,"PM 03",1,{"$f":"VLOOKUP(H322,$T$290:$W$304,4,FALSE)","v":2.52},2.52,{"$nulls":8},"JV 02",7.5,2.2999999999999998,17.25]
["Alv H13",null,null,null,1,3.1,3.25,null,null,null,0,10.08]
["Alv H14",null,null,null,1,2.75,3.25,null,null,null,0]
["Alv H15",null,null,null,1,3.6,3.25,{"$nulls":4},11.7]
["Alv H16",null,null,null,1,50,3.5,"JC 02",3,1.25,{"$f":"I326*J326","v":3.75}]
[{"$nulls":7},"JC 01",5,2.4,12]
[{"$nulls":7},"JM 01",2,1.36,2.72]
[{"$nulls":7},"JM 02",3,0.4,1.2000000000000002]
["Alv V01",null,null,null,1,20,3.5,"JV 02",1,17.25,17.25]
[{"$nulls":7},"PA 02",1,14.4,14.4]
["Alv V02",null,null,null,1,8.65,3.25,"PM 01",1,1.68,1.68]
["Alv V03",null,null,null,1,8.8000000000000007,3.25,"PM 01",2,1.68,3.36]
[{"$nulls":7},"JV 01",1,1.5,1.5]
["Alv V04",null,null,null,1,3.6,3.25,{"$nulls":4},{"$f":"ROUND((F335*G335)-(SUM(K335:K335)),2)","v":11.7}]
["Alv V05",null,null,null,1,5,3.25,"PM 01",1,{"$f":"VLOOKUP(H336,$T$290:$W$304,4,FALSE)","v":1.68},{"$f":"I336*J336","v":1.68}]
["Alv V06",null,null,null,1,8.8000000000000007,3.25,{"$nulls":4},28.6]
["Alv V07",null,null,null,1,5,3.25,"PM 01",1,1.68,1.68]
["Alv V08",null,null,null,1,8.65,3.25,{"$nulls":4},28.11]
["Alv V09",null,null,null,1,5,3.25,"JV 01",1,1.5,1.5]
["Alv V10",null,null,null,1,3.7,3.25,{"$nulls":4},{"$f":"ROUND((F341*G341)-(SUM(K341:K341)),2)","v":12.03}]
["Alv V11",null,null,null,1,5,3.25,"JV 01",1,{"$f":"VLOOKUP(H342,$T$290:$W$304,4,FALSE)","v":1.5},{"$f":"I342*J342","v":1.5}]
["Alv V12",null,null,null,1,8.65,3.25,"PM 01",2,1.68,3.36]
[{"$nulls":7},"JV 01",1,1.5,1.5]
["Alv V13",null,null,null,1,8.65,3.25,"PM 01",2,1.68,3.36]
[{"$nulls":7},"JV 01",1,1.5,1.5]
["Alv V14",null,null,null,1,8.8000000000000007,3.25,null,null,null,0,{"$f":"ROUND((F347*G347)-(SUM(K347:K347)),2)","v":28.6}]
["Alv V15",null,null,null,1,4.4000000000000004,3.25,"PM 01",2,{"$f":"VLOOKUP(H348,$T$290:$W$304,4,FALSE)","v":1.68},3.36]
[{"$nulls":7},"JV 01",1,1.5,1.5]
["Alv V16",null,null,null,1,8.65,3.25,null,null,null,0,28.11]
["Alv V17",null,null,null,1,8.8000000000000007,3.25,null,null,null,0,28.6]
["Alv V18",null,null,null,1,8.65,3.25,"PM 02",1,1.89,1.89]
["Alv V19",null,null,null,1,3.45,3.25,"PM 01",1,1.68,1.68]
["Alv V20",null,null,null,1,3.7,3.25,"PM 02",1,1.89,1.89]
["Alv V21",null,null,null,1,2,3.25,"PM 02",1,1.89,1.89]
["Alv V22",null,null,null,1,20,3.25,"PA 01",1,3.36,3.36]
[{"$nulls":7},"PM 02",1,1.89,1.89]
["Alv V23",null,null,null,1,20,3.5,"PA 01",1,3.36,3.36]
["SUPERIOR"]
[{"$nulls":19},"DESCRIÇÃO","LARGURA","ALTURA ","ÁREA"]
[{"$nulls":19},"DESCRIÇÃO","LARGURA","ALTURA ","ÁREA"]
["Alv H01",null,null,null,1,50,{"$f":"8.35-3.5","v":4.8499999999999996},"JC 01",8,{"$f":"VLOOKUP(H362,$T$290:$W$304,4,FALSE)","v":2.4},{"$f":"I362*J362","v":19.2}]
[{"$nulls":7},"JC 02",2,1.25,2.5]
[{"$nulls":7},"JM 02",2,0.4,0.8]
[{"$nulls":7},"JM 01",2,1.36,2.72]
["Alv H02",null,null,null,1,6.75,3.25,"PM 01",2,1.68,3.36,{"$nulls":8},"PM 01",0.8,2.1,{"$f":"ROUND(U366*V366,2)","v":1.68}]
["Alv H03",null,null,null,1,3.6,3.25,null,null,null,0,{"$f":"ROUND((F367*G367*E367)-K367,2)","v":11.7},{"$nulls":7},"PM 02",0.9,2.1,1.89]
["Alv H04",null,null,null,1,3.15,3.25,null,null,null,0,{"$f":"ROUND((F368*G368*E368)-K368,2)","v":10.24},{"$nulls":7},"PM 03",1.2,2.1,2.52]
["Alv H05",null,null,null,1,5.95,3.25,null,null,null,0,{"$nulls":8},"PA 01",1.6,2.1,3.36]
["Alv H05",null,null,null,1,1.75,3.25,null,null,null,0,{"$nulls":8},"PA 01",1.6,2.1,3.36]
["Alv H06",null,null,null,1,{"$f":"44.15-4.1","v":40.049999999999997},3.25,"PM 01",6,{"$f":"VLOOKUP(H371,$T$290:$W$304,4,FALSE)","v":1.68},10.08,{"$nulls":8},"PA 02",4.8,3,14.4]
["Alv H07",null,null,null,1,34.65,3.25,"PM 01",5,1.68,8.4,{"$nulls":8},"JC 02",1.25,1,1.25]
[{"$nulls":7},"PM 02",1,1.89,1.89,{"$nulls":8},"JC 02",1.25,1,1.25]
["Alv H08",null,null,null,1,3.6,3.25,null,null,null,0,{"$f":"ROUND((F374*G374*E374)-(SUM(K374:K374)),2)","v":11.7},{"$nulls":7},"JM 03",3.4,0.4,1.36]
["Alv H09",null,null,null,1,3.6,3.25,null,null,null,0,11.7,{"$nulls":7},"JM 04",1,0.4,0.4]
["Alv H10",null,null,null,1,8.1999999999999993,3.25,"PM 01",1,{"$f":"VLOOKUP(H376,$T$290:$W$304,4,FALSE)","v":1.68},1.68,{"$nulls":8},"JC 02",1.25,1,1.25]
[{"$nulls":7},"PM 03",1,2.52,2.52,{"$nulls":8},"JC 02",1.25,1,1.25]
["Alv H11",null,null,null,1,3.6,3.25,null,null,null,0,11.7,{"$nulls":7},"JV 01",1.5,1,1.5]
["Alv H12",null,null,null,1,50,4.8499999999999996,"PM 03",1,2.52,2.52,{"$nulls":8},"JV 02",7.5,2.2999999999999998,17.25]
["Alv V01",null,null,null,1,20,4.8499999999999996,"JV 02",1,17.25,17.25]
[{"$nulls":7},"JV 03",1,{"$f":"VLOOKUP(H381,$T$290:$W$305,4,FALSE)","v":11},11]
["Alv V02",null,null,null,1,8.75,3.25,"PM 01",1,{"$f":"VLOOKUP(H382,$T$290:$W$304,4,FALSE)","v":1.68},1.68]
["Alv V03",null,null,null,1,3.6,3.25,null,null,null,0,{"$f":"ROUND((F383*G383)-(SUM(K383:K383)),2)","v":11.7}]
["Alv V04",null,null,null,1,5,3.25,"PM 01",1,1.68,1.68]
["Alv V05",null,null,null,1,8.85,3.25,"PM 01",1,1.68,1.68]
[{"$nulls":7},"JV 01",1,{"$f":"VLOOKUP(H386,$T$290:$W$305,4,FALSE)","v":1.5},1.5]
["Alv V06",null,null,null,1,5,3.25,"PM 01",1,{"$f":"VLOOKUP(H387,$T$290:$W$304,4,FALSE)","v":1.68},1.68]
["Alv V07",null,null,null,1,8.85,3.25,"PM 01",1,1.68,1.68]
[{"$nulls":7},"JV 01",1,{"$f":"VLOOKUP(H389,$T$290:$W$305,4,FALSE)","v":1.5},1.5]
["Alv V08",null,null,null,1,8.65,3.25,{"$nulls":4},{"$f":"ROUND((F390*G390)-(SUM(K390:K390)),2)","v":28.11}]
["Alv V09",null,null,null,1,8.65,3.25,null,null,null,{"$f":"I391*J391","v":0},{"$f":"ROUND((F391*G391)-(SUM(K391:K391)),2)","v":28.11}]
["Alv V10",null,null,null,1,8.65,3.25,"PM 01",1,1.68,1.68]
[{"$nulls":7},"JV 01",1,{"$f":"VLOOKUP(H393,$T$290:$W$305,4,FALSE)","v":1.5},1.5]
["Alv V11",null,null,null,1,8.85,3.25,null,null,null,0]
["Alv V12",null,null,null,1,8.65,3.25,"PM 01",1,{"$f":"VLOOKUP(H395,$T$290:$W$304,4,FALSE)","v":1.68},1.68]
[{"$nulls":7},"JV 01",1,1.5,1.5]
["Alv V13",null,null,null,1,3.7,3.25,null,null,null,0]
["Alv V14",null,null,null,1,5,3.25,"PM 01",2,1.68,3.36]
["Alv V15",null,null,null,1,8.85,3.25,null,null,null,0]
["Alv V16",null,null,null,1,8.65,3.25,null,null,null,0,{"$f":"ROUND((F400*G400)-(SUM(K400:K400)),2)","v":28.11}]
["Alv V17",null,null,null,1,8.85,3.25,"PM 01",1,{"$f":"VLOOKUP(H401,$T$290:$W$304,4,FALSE)","v":1.68},1.68]
[{"$nulls":7},"JV 01",1,{"$f":"VLOOKUP(H402,$T$290:$W$305,4,FALSE)","v":1.5},1.5]
["Alv V18",null,null,null,1,8.65,3.25,"PM 01",1,1.68,1.68]
[{"$nulls":7},"PM 02",1,1.89,1.89]
[{"$nulls":7},"JV 01",1,1.5,1.5]
["Alv V19",null,null,null,1,8.85,3.25,"PM 01",1,1.68,1.68]
[{"$nulls":7},"JV 01",1,{"$f":"VLOOKUP(H407,$T$290:$W$305,4,FALSE)","v":1.5},1.5]
["Alv V20",null,null,null,1,2.1,3.25,"PM 02",1,{"$f":"VLOOKUP(H408,$T$290:$W$304,4,FALSE)","v":1.89},1.89]
["Alv V21",null,null,null,1,8.65,3.25,null,null,null,0,{"$f":"ROUND((F409*G409)-(SUM(K409:K409)),2)","v":28.11}]
["Alv V22",null,null,null,1,8.85,3.25,null,null,null,0,28.76]
["Alv V23",null,null,null,1,2.1,3.25,"JV 01",1,1.5,1.5]
["Alv V22",null,null,null,1,2.4,3.25,null,null,null,0,7.8]
["Alv V23",null,null,null,1,20,4.8499999999999996,"PA 01",1,3.36,3.36]
["Contorno reservatório",null,null,null,1,20,3]
[]
[{"$nulls":11},"Total levantado",null,null,{"$f":"SUM(L308:L414)","v":454.84999999999997}]
[]
["5.2","PAREDE COM PLACAS DE GESSO ACARTONADO (DRYWALL), PARA USO INTERNO, COM DUAS FACES SIMPLES E ESTRUTURA METÁLICA COM GUIAS SIMPLES, COM VÃOS AF_06/2017_PS",{"$nulls":13},"ok",null,null,null,"JM 01",3.4,0.4,{"$f":"ROUND(U418*V418,2)","v":1.36}]
[{"$nulls":19},"JM 02",1,0.4,0.4]
["LOCAL",null,null,null,"QUANT.","COMP. (M)","ALT. (M)","VÃOS",null,null,null,"ÁREA TOTAL (M²)","OBS",{"$nulls":6},"JV 01",1.5,1,1.5]
[{"$nulls":7},"TIPO","QUANT.","ÁREA UNIT. (M²)","ÁREA TOTAL (M²)",{"$nulls":5},"TOTAL DE PORTAS",null,null,"JV 02",7.5,2.2999999999999998,17.25]
["TÉRREO",{"$nulls":18},"JV 03",5,2.2000000000000002,11]
[{"$nulls":19},"DESCRIÇÃO","LARGURA","ALTURA ","ÁREA"]
[{"$nulls":19},"DESCRIÇÃO","LARGURA","ALTURA ","ÁREA"]
["Alv H01",null,null,null,1,50,3.5,"JC 01",7,{"$f":"VLOOKUP(H425,$T$290:$W$304,4,FALSE)","v":2.4},{"$f":"I425*J425","v":16.8}]
[{"$nulls":7},"JC 02",2,1.25,2.5]
[{"$nulls":7},"JC 03",1,3.4,3.4]
["Alv H02",null,null,null,1,3.1,3.25,{"$nulls":12},"PM 01",0.8,2.1,{"$f":"ROUND(U428*V428,2)","v":1.68}]
["Alv H03",null,null,null,1,2.5,3.25,{"$nulls":12},"PM 02",0.9,2.1,1.89]
["Alv H04",null,null,null,1,3.15,3.25,{"$nulls":12},"PM 03",1.2,2.1,2.52]
["Alv H05",null,null,null,1,3,3.25,{"$nulls":12},"PA 01",1.6,2.1,3.36]
["Alv H06",null,null,null,1,5,3.25,{"$nulls":12},"PA 02",4.8,3,14.4]
["Alv H07",null,null,null,1,3.65,3.25,"PM 01",1,{"$f":"VLOOKUP(H433,$T$290:$W$304,4,FALSE)","v":1.68},{"$f":"I433*J433","v":1.68},{"$f":"ROUND((F433*G433*E433)-K433,2)","v":10.18},{"$nulls":7},"JC 01",2.4,1,2.4]
["Alv H08",null,null,null,1,37.549999999999997,3.25,"PM 01",7,1.68,11.76,{"$f":"ROUND((F434*G434*E434)-(SUM(K434:K435)),2)","v":108.78},{"$nulls":7},"JC 02",1.25,1,1.25]
[{"$nulls":7},"JV 01",1,1.5,1.5,{"$nulls":8},"JC 02",1.25,1,1.25]
["Alv H09",null,null,null,1,{"$f":"31.6-3.6-1.4","v":26.6},3.25,"PM 01",3,1.68,5.04,{"$f":"ROUND((F436*G436*E436)-(SUM(K436:K436)),2)","v":81.41},{"$nulls":7},"JM 03",3.4,0.4,1.36]
["Alv H10",null,null,null,1,3.5,3.25,null,null,null,0,{"$nulls":8},"JM 04",1,0.4,0.4]
["Alv H11",null,null,null,1,2.8,3.25,null,null,null,0,{"$nulls":8},"JV 01",1.5,1,1.5]
["Alv H12",null,null,null,1,8.4499999999999993,3.25,"PM 03",1,{"$f":"VLOOKUP(H439,$T$290:$W$304,4,FALSE)","v":2.52},2.52,{"$f":"ROUND((F439*G439*E439)-(SUM(K439:K439)),2)","v":24.94},{"$nulls":7},"JV 02",7.5,2.2999999999999998,17.25]
["Alv H13",null,null,null,1,3.1,3.25,null,null,null,0]
["Alv H14",null,null,null,1,2.75,3.25,null,null,null,0]
["Alv H15",null,null,null,1,3.6,3.25]
["Alv H16",null,null,null,1,50,3.5,"JC 02",3,1.25,{"$f":"I443*J443","v":3.75}]
[{"$nulls":7},"JC 01",5,2.4,12]
[{"$nulls":7},"JM 01",2,1.36,2.72]
[{"$nulls":7},"JM 02",3,0.4,1.2000000000000002]
["Alv V01",null,null,null,1,20,3.5,"JV 02",1,17.25,17.25]
[{"$nulls":7},"PA 02",1,14.4,14.4]
["Alv V02",null,null,null,1,8.65,3.25,"PM 01",1,1.68,1.68,{"$f":"ROUND((F449*G449)-(SUM(K449:K449)),2)","v":26.43}]
["Alv V03",null,null,null,1,8.8000000000000007,3.25,"PM 01",2,1.68,3.36,{"$f":"ROUND((F450*G450)-(SUM(K450:K451)),2)","v":23.74}]
[{"$nulls":7},"JV 01",1,1.5,1.5]
["Alv V04",null,null,null,1,3.6,3.25]
["Alv V05",null,null,null,1,5,3.25,"PM 01",1,{"$f":"VLOOKUP(H453,$T$290:$W$304,4,FALSE)","v":1.68},{"$f":"I453*J453","v":1.68},{"$f":"ROUND((F453*G453)-(SUM(K453:K453)),2)","v":14.57}]
["Alv V06",null,null,null,1,8.8000000000000007,3.25]
["Alv V07",null,null,null,1,5,3.25,"PM 01",1,1.68,1.68,14.57]
["Alv V08",null,null,null,1,8.65,3.25]
["Alv V09",null,null,null,1,5,3.25,"JV 01",1,1.5,1.5,14.75]
["Alv V10",null,null,null,1,3.7,3.25]
["Alv V11",null,null,null,1,5,3.25,"JV 01",1,{"$f":"VLOOKUP(H459,$T$290:$W$304,4,FALSE)","v":1.5},{"$f":"I459*J459","v":1.5},{"$f":"ROUND((F459*G459)-(SUM(K459:K459)),2)","v":14.75}]
["Alv V12",null,null,null,1,8.65,3.25,"PM 01",2,1.68,3.36,{"$f":"ROUND((F460*G460)-(SUM(K460:K461)),2)","v":23.25}]
[{"$nulls":7},"JV 01",1,1.5,1.5]
["Alv V13",null,null,null,1,8.65,3.25,"PM 01",2,1.68,3.36,23.25]
[{"$nulls":7},"JV 01",1,1.5,1.5]
["Alv V14",null,null,null,1,8.8000000000000007,3.25,null,null,null,0]
["Alv V15",null,null,null,1,4.4000000000000004,3.25,"PM 01",2,{"$f":"VLOOKUP(H465,$T$290:$W$304,4,FALSE)","v":1.68},3.36,9.44]
[{"$nulls":7},"JV 01",1,1.5,1.5]
["Alv V16",null,null,null,1,8.65,3.25,null,null,null,0]
["Alv V17",null,null,null,1,8.8000000000000007,3.25,null,null,null,0]
["Alv V18",null,null,null,1,8.65,3.25,"PM 02",1,1.89,1.89]
["Alv V19",null,null,null,1,3.45,3.25,"PM 01",1,1.68,1.68]
["Alv V20",null,null,null,1,3.7,3.25,"PM 02",1,1.89,1.89]
["Alv V21",null,null,null,1,2,3.25,"PM 02",1,1.89,1.89]
["Alv V22",null,null,null,1,20,3.25,"PA 01",1,3.36,3.36,{"$f":"ROUND((F473*G473)-(SUM(K473:K474)),2)","v":59.75}]
[{"$nulls":7},"PM 02",1,1.89,1.89]
["Alv V23",null,null,null,1,20,3.5,"PA 01",1,3.36,3.36]
["SUPERIOR"]
[{"$nulls":19},"DESCRIÇÃO","LARGURA","ALTURA ","ÁREA"]
[{"$nulls":19},"DESCRIÇÃO","LARGURA","ALTURA ","ÁREA"]
["Alv H01",null,null,null,1,50,{"$f":"8.35-3.5","v":4.8499999999999996},"JC 01",8,{"$f":"VLOOKUP(H479,$T$290:$W$304,4,FALSE)","v":2.4},{"$f":"I479*J479","v":19.2}]
[{"$nulls":7},"JC 02",2,1.25,2.5]
[{"$nulls":7},"JM 02",2,0.4,0.8]
[{"$nulls":7},"JM 01",2,1.36,2.72]
["Alv H02",null,null,null,1,6.75,3.25,"PM 01",2,1.68,3.36,{"$f":"ROUND((F483*G483*E483)-K483,2)","v":18.579999999999998},{"$nulls":7},"PM 01",0.8,2.1,{"$f":"ROUND(U483*V483,2)","v":1.68}]
["Alv H03",null,null,null,1,3.6,3.25,null,null,null,0,{"$nulls":8},"PM 02",0.9,2.1,1.89]
["Alv H04",null,null,null,1,3.15,3.25,null,null,null,0,{"$nulls":8},"PM 03",1.2,2.1,2.52]
["Alv H05",null,null,null,1,5.95,3.25,null,null,null,0,{"$f":"ROUND((F486*G486*E486)-(SUM(K486:K486)),2)","v":19.34},{"$nulls":7},"PA 01",1.6,2.1,3.36]
["Alv H05",null,null,null,1,1.75,3.25,null,null,null,0,{"$nulls":8},"PA 01",1.6,2.1,3.36]
["Alv H06",null,null,null,1,{"$f":"44.15-4.1","v":40.049999999999997},3.25,"PM 01",6,{"$f":"VLOOKUP(H488,$T$290:$W$304,4,FALSE)","v":1.68},10.08,{"$f":"ROUND((F488*G488*E488)-K488,2)","v":120.08},{"$nulls":7},"PA 02",4.8,3,14.4]
["Alv H07",null,null,null,1,34.65,3.25,"PM 01",5,1.68,8.4,{"$f":"ROUND((F489*G489*E489)-(SUM(K489:K490)),2)","v":102.32},{"$nulls":7},"JC 02",1.25,1,1.25]
[{"$nulls":7},"PM 02",1,1.89,1.89,{"$nulls":8},"JC 02",1.25,1,1.25]
["Alv H08",null,null,null,1,3.6,3.25,null,null,null,0,{"$nulls":8},"JM 03",3.4,0.4,1.36]
["Alv H09",null,null,null,1,3.6,3.25,null,null,null,0,{"$nulls":8},"JM 04",1,0.4,0.4]
["Alv H10",null,null,null,1,8.1999999999999993,3.25,"PM 01",1,{"$f":"VLOOKUP(H493,$T$290:$W$304,4,FALSE)","v":1.68},1.68,{"$f":"ROUND((F493*G493*E493)-(SUM(K493:K494)),2)","v":22.45},{"$nulls":7},"JC 02",1.25,1,1.25]
[{"$nulls":7},"PM 03",1,2.52,2.52,{"$nulls":8},"JC 02",1.25,1,1.25]
["Alv H11",null,null,null,1,3.6,3.25,null,null,null,0,{"$nulls":8},"JV 01",1.5,1,1.5]
["Alv H12",null,null,null,1,50,4.8499999999999996,"PM 03",1,2.52,2.52,{"$nulls":8},"JV 02",7.5,2.2999999999999998,17.25]
["Alv V01",null,null,null,1,20,4.8499999999999996,"JV 02",1,17.25,17.25]
[{"$nulls":7},"JV 03",1,{"$f":"VLOOKUP(H498,$T$290:$W$305,4,FALSE)","v":11},11]
["Alv V02",null,null,null,1,8.75,3.25,"PM 01",1,{"$f":"VLOOKUP(H499,$T$290:$W$304,4,FALSE)","v":1.68},1.68,{"$f":"ROUND((F499*G499)-(SUM(K499:K499)),2)","v":26.76}]
["Alv V03",null,null,null,1,3.6,3.25,null,null,null,0]
["Alv V04",null,null,null,1,5,3.25,"PM 01",1,1.68,1.68,14.57]
["Alv V05",null,null,null,1,8.85,3.25,"PM 01",1,1.68,1.68,{"$f":"ROUND((F502*G502*E502)-(SUM(K502:K503)),2)","v":25.58}]
[{"$nulls":7},"JV 01",1,{"$f":"VLOOKUP(H503,$T$290:$W$305,4,FALSE)","v":1.5},1.5]
["Alv V06",null,null,null,1,5,3.25,"PM 01",1,{"$f":"VLOOKUP(H504,$T$290:$W$304,4,FALSE)","v":1.68},1.68,14.57]
["Alv V07",null,null,null,1,8.85,3.25,"PM 01",1,1.68,1.68,{"$f":"ROUND((F505*G505*E505)-(SUM(K505:K506)),2)","v":25.58}]
[{"$nulls":7},"JV 01",1,{"$f":"VLOOKUP(H506,$T$290:$W$305,4,FALSE)","v":1.5},1.5]
["Alv V08",null,null,null,1,8.65,3.25]
["Alv V09",null,null,null,1,8.65,3.25,null,null,null,{"$f":"I508*J508","v":0}]
["Alv V10",null,null,null,1,8.65,3.25,"PM 01",1,1.68,1.68,{"$f":"ROUND((F509*G509*E509)-(SUM(K509:K510)),2)","v":24.93}]
[{"$nulls":7},"JV 01",1,{"$f":"VLOOKUP(H510,$T$290:$W$305,4,FALSE)","v":1.5},1.5]
["Alv V11",null,null,null,1,8.85,3.25,null,null,null,0]
["Alv V12",null,null,null,1,8.65,3.25,"PM 01",1,{"$f":"VLOOKUP(H512,$T$290:$W$304,4,FALSE)","v":1.68},1.68,{"$f":"ROUND((F512*G512)-(SUM(K512:K513)),2)","v":24.93}]
[{"$nulls":7},"JV 01",1,1.5,1.5]
["Alv V13",null,null,null,1,3.7,3.25,null,null,null,0]
["Alv V14",null,null,null,1,5,3.25,"PM 01",2,1.68,3.36,{"$f":"ROUND((F515*G515)-(SUM(K515:K515)),2)","v":12.89}]
["Alv V15",null,null,null,1,8.85,3.25,null,null,null,0]
["Alv V16",null,null,null,1,8.65,3.25,null,null,null,0]
["Alv V17",null,null,null,1,8.85,3.25,"PM 01",1,{"$f":"VLOOKUP(H518,$T$290:$W$304,4,FALSE)","v":1.68},1.68,{"$f":"ROUND((F518*G518*E518)-(SUM(K518:K519)),2)","v":25.58}]
[{"$nulls":7},"JV 01",1,{"$f":"VLOOKUP(H519,$T$290:$W$305,4,FALSE)","v":1.5},1.5]
["Alv V18",null,null,null,1,8.65,3.25,"PM 01",1,1.68,1.68,{"$f":"ROUND((F520*G520*E520)-(SUM(K520:K522)),2)","v":23.04}]
[{"$nulls":7},"PM 02",1,1.89,1.89]
[{"$nulls":7},"JV 01",1,1.5,1.5]
["Alv V19",null,null,null,1,8.85,3.25,"PM 01",1,1.68,1.68,{"$f":"ROUND((F523*G523*E523)-(SUM(K523:K524)),2)","v":25.58}]
[{"$nulls":7},"JV 01",1,{"$f":"VLOOKUP(H524,$T$290:$W$305,4,FALSE)","v":1.5},1.5]
["Alv V20",null,null,null,1,2.1,3.25,"PM 02",1,{"$f":"VLOOKUP(H525,$T$290:$W$304,4,FALSE)","v":1.89},1.89,{"$f":"ROUND((F525*G525)-(SUM(K525:K525)),2)","v":4.9400000000000004}]
["Alv V21",null,null,null,1,8.65,3.25,null,null,null,0]
["Alv V22",null,null,null,1,8.85,3.25,null,null,null,0]
["Alv V23",null,null,null,1,2.1,3.25,"JV 01",1,1.5,1.5,{"$f":"ROUND((F528*G528)-(SUM(K528:K528)),2)","v":5.33}]
["Alv V22",null,null,null,1,2.4,3.25,null,null,null,0]
["Alv V23",null,null,null,1,20,4.8499999999999996,"PA 01",1,3.36,3.36]
["Contorno reservatório",null,null,null,1,20,3]
[]
[{"$nulls":11},"Total levantado",null,null,{"$f":"SUM(L425:L531)","v":986.86000000000013},null,2670.77]
[]
["5.3","PAREDE COM PLACAS DE GESSO ACARTONADO (DRYWALL), PARA USO EXTERNO (PLACA CIMENTÍCIA E RU), COM DUAS FACES SIMPLES E ESTRUTURA METÁLICA COM GUIAS SIMPLES, INCLUINDO ISOLAMENTO TÉRMICO/ACÚSTICO COM LÃ DE VIDRO",{"$nulls":13},"ok",null,null,null,"JM 01",3.4,0.4,{"$f":"ROUND(U535*V535,2)","v":1.36}]
[{"$nulls":19},"JM 02",1,0.4,0.4]
["LOCAL",null,null,null,"QUANT.","COMP. (M)","ALT. (M)","VÃOS",null,null,null,"ÁREA TOTAL (M²)","OBS",{"$nulls":6},"JV 01",1.5,1,1.5]
[{"$nulls":7},"TIPO","QUANT.","ÁREA UNIT. (M²)","ÁREA TOTAL (M²)",{"$nulls":5},"TOTAL DE PORTAS",null,null,"JV 02",7.5,2.2999999999999998,17.25]
["TÉRREO",{"$nulls":18},"JV 03",5,2.2000000000000002,11]
[{"$nulls":19},"DESCRIÇÃO","LARGURA","ALTURA ","ÁREA"]
[{"$nulls":19},"DESCRIÇÃO","LARGURA","ALTURA ","ÁREA"]
["Alv H01",null,null,null,1,50,3.5,"JC 01",7,{"$f":"VLOOKUP(H542,$T$290:$W$304,4,FALSE)","v":2.4},{"$f":"I542*J542","v":16.8},{"$f":"ROUND((F542*G542*E542)-K542-K543-K544,2)","v":152.30000000000001}]
[{"$nulls":7},"JC 02",2,1.25,2.5]
[{"$nulls":7},"JC 03",1,3.4,3.4]
["Alv H02",null,null,null,1,3.1,3.25,{"$nulls":12},"PM 01",0.8,2.1,{"$f":"ROUND(U545*V545,2)","v":1.68}]
["Alv H03",null,null,null,1,2.5,3.25,{"$nulls":12},"PM 02",0.9,2.1,1.89]
["Alv H04",null,null,null,1,3.15,3.25,{"$nulls":12},"PM 03",1.2,2.1,2.52]
["Alv H05",null,null,null,1,3,3.25,{"$nulls":12},"PA 01",1.6,2.1,3.36]
["Alv H06",null,null,null,1,5,3.25,{"$nulls":4},{"$f":"ROUND((F549*G549)-(SUM(K549:K549)),2)","v":16.25},{"$nulls":7},"PA 02",4.8,3,14.4]
["Alv H07",null,null,null,1,3.65,3.25,"PM 01",1,{"$f":"VLOOKUP(H550,$T$290:$W$304,4,FALSE)","v":1.68},{"$f":"I550*J550","v":1.68},{"$nulls":8},"JC 01",2.4,1,2.4]
["Alv H08",null,null,null,1,37.549999999999997,3.25,"PM 01",7,1.68,11.76,{"$nulls":8},"JC 02",1.25,1,1.25]
[{"$nulls":7},"JV 01",1,1.5,1.5,{"$nulls":8},"JC 02",1.25,1,1.25]
["Alv H09",null,null,null,1,{"$f":"31.6-3.6-1.4","v":26.6},3.25,"PM 01",3,1.68,5.04,{"$nulls":8},"JM 03",3.4,0.4,1.36]
["Alv H10",null,null,null,1,3.5,3.25,null,null,null,0,{"$nulls":8},"JM 04",1,0.4,0.4]
["Alv H11",null,null,null,1,2.8,3.25,null,null,null,0,{"$f":"ROUND((F555*G555)-(SUM(K555:K555)),2)","v":9.1},{"$nulls":7},"JV 01",1.5,1,1.5]
["Alv H12",null,null,null,1,8.4499999999999993,3.25,"PM 03",1,{"$f":"VLOOKUP(H556,$T$290:$W$304,4,FALSE)","v":2.52},2.52,{"$nulls":8},"JV 02",7.5,2.2999999999999998,17.25]
["Alv H13",null,null,null,1,3.1,3.25,null,null,null,0]
["Alv H14",null,null,null,1,2.75,3.25,null,null,null,0,{"$f":"ROUND((F558*G558)-(SUM(K558:K558)),2)","v":8.94}]
["Alv H15",null,null,null,1,3.6,3.25]
["Alv H16",null,null,null,1,50,3.5,"JC 02",3,1.25,{"$f":"I560*J560","v":3.75},{"$f":"ROUND((F560*G560*E560)-(SUM(K560:K563)),2)","v":155.33000000000001}]
[{"$nulls":7},"JC 01",5,2.4,12]
[{"$nulls":7},"JM 01",2,1.36,2.72]
[{"$nulls":7},"JM 02",3,0.4,1.2000000000000002]
["Alv V01",null,null,null,1,20,3.5,"JV 02",1,17.25,17.25,{"$f":"ROUND((F564*G564*E564)-(SUM(K564:K565)),2)","v":38.35}]
[{"$nulls":7},"PA 02",1,14.4,14.4]
["Alv V02",null,null,null,1,8.65,3.25,"PM 01",1,1.68,1.68]
["Alv V03",null,null,null,1,8.8000000000000007,3.25,"PM 01",2,1.68,3.36]
[{"$nulls":7},"JV 01",1,1.5,1.5]
["Alv V04",null,null,null,1,3.6,3.25]
["Alv V05",null,null,null,1,5,3.25,"PM 01",1,{"$f":"VLOOKUP(H570,$T$290:$W$304,4,FALSE)","v":1.68},{"$f":"I570*J570","v":1.68}]
["Alv V06",null,null,null,1,8.8000000000000007,3.25]
["Alv V07",null,null,null,1,5,3.25,"PM 01",1,1.68,1.68]
["Alv V08",null,null,null,1,8.65,3.25]
["Alv V09",null,null,null,1,5,3.25,"JV 01",1,1.5,1.5]
["Alv V10",null,null,null,1,3.7,3.25]
["Alv V11",null,null,null,1,5,3.25,"JV 01",1,{"$f":"VLOOKUP(H576,$T$290:$W$304,4,FALSE)","v":1.5},{"$f":"I576*J576","v":1.5}]
["Alv V12",null,null,null,1,8.65,3.25,"PM 01",2,1.68,3.36]
[{"$nulls":7},"JV 01",1,1.5,1.5]
["Alv V13",null,null,null,1,8.65,3.25,"PM 01",2,1.68,3.36]
[{"$nulls":7},"JV 01",1,1.5,1.5]
["Alv V14",null,null,null,1,8.8000000000000007,3.25,null,null,null,0]
["Alv V15",null,null,null,1,4.4000000000000004,3.25,"PM 01",2,{"$f":"VLOOKUP(H582,$T$290:$W$304,4,FALSE)","v":1.68},3.36]
[{"$nulls":7},"JV 01",1,1.5,1.5]
["Alv V16",null,null,null,1,8.65,3.25,null,null,null,0,{"$f":"ROUND((F584*G584)-(SUM(K584:K584)),2)","v":28.11}]
["Alv V17",null,null,null,1,8.8000000000000007,3.25,null,null,null,0]
["Alv V18",null,null,null,1,8.65,3.25,"PM 02",1,1.89,1.89,26.22]
["Alv V19",null,null,null,1,3.45,3.25,"PM 01",1,1.68,1.68,9.5299999999999994]
["Alv V20",null,null,null,1,3.7,3.25,"PM 02",1,1.89,1.89,10.14]
["Alv V21",null,null,null,1,2,3.25,"PM 02",1,1.89,1.89,4.6100000000000003]
["Alv V22",null,null,null,1,20,3.25,"PA 01",1,3.36,3.36]
[{"$nulls":7},"PM 02",1,1.89,1.89]
["Alv V23",null,null,null,1,20,3.5,"PA 01",1,3.36,3.36,{"$f":"ROUND((F592*G592)-(SUM(K592:K592)),2)","v":66.64}]
["SUPERIOR"]
[{"$nulls":19},"DESCRIÇÃO","LARGURA","ALTURA ","ÁREA"]
[{"$nulls":19},"DESCRIÇÃO","LARGURA","ALTURA ","ÁREA"]
["Alv H01",null,null,null,1,50,{"$f":"8.35-3.5","v":4.8499999999999996},"JC 01",8,{"$f":"VLOOKUP(H596,$T$290:$W$304,4,FALSE)","v":2.4},{"$f":"I596*J596","v":19.2},{"$f":"ROUND((F596*G596*E596)-K596-K597-K599-K598,2)","v":217.28}]
[{"$nulls":7},"JC 02",2,1.25,2.5]
[{"$nulls":7},"JM 02",2,0.4,0.8]
[{"$nulls":7},"JM 01",2,1.36,2.72]
["Alv H02",null,null,null,1,6.75,3.25,"PM 01",2,1.68,3.36,{"$nulls":8},"PM 01",0.8,2.1,{"$f":"ROUND(U600*V600,2)","v":1.68}]
["Alv H03",null,null,null,1,3.6,3.25,null,null,null,0,{"$nulls":8},"PM 02",0.9,2.1,1.89]
["Alv H04",null,null,null,1,3.15,3.25,null,null,null,0,{"$nulls":8},"PM 03",1.2,2.1,2.52]
["Alv H05",null,null,null,1,5.95,3.25,null,null,null,0,{"$f":"ROUND((F603*G603*E603)-(SUM(K603:K603)),2)","v":19.34},{"$nulls":7},"PA 01",1.6,2.1,3.36]
["Alv H05",null,null,null,1,1.75,3.25,null,null,null,0,{"$f":"ROUND((F604*G604*E604)-(SUM(K604:K604)),2)","v":5.69},{"$nulls":7},"PA 01",1.6,2.1,3.36]
["Alv H06",null,null,null,1,{"$f":"44.15-4.1","v":40.049999999999997},3.25,"PM 01",6,{"$f":"VLOOKUP(H605,$T$290:$W$304,4,FALSE)","v":1.68},10.08,{"$nulls":8},"PA 02",4.8,3,14.4]
["Alv H07",null,null,null,1,34.65,3.25,"PM 01",5,1.68,8.4,{"$nulls":8},"JC 02",1.25,1,1.25]
[{"$nulls":7},"PM 02",1,1.89,1.89,{"$nulls":8},"JC 02",1.25,1,1.25]
["Alv H08",null,null,null,1,3.6,3.25,null,null,null,0,{"$nulls":8},"JM 03",3.4,0.4,1.36]
["Alv H09",null,null,null,1,3.6,3.25,null,null,null,0,{"$nulls":8},"JM 04",1,0.4,0.4]
["Alv H10",null,null,null,1,8.1999999999999993,3.25,"PM 01",1,{"$f":"VLOOKUP(H610,$T$290:$W$304,4,FALSE)","v":1.68},1.68,{"$nulls":8},"JC 02",1.25,1,1.25]
[{"$nulls":7},"PM 03",1,2.52,2.52,{"$nulls":8},"JC 02",1.25,1,1.25]
["Alv H11",null,null,null,1,3.6,3.25,null,null,null,0,{"$nulls":8},"JV 01",1.5,1,1.5]
["Alv H12",null,null,null,1,50,4.8499999999999996,"PM 03",1,2.52,2.52,{"$f":"ROUND((F613*G613*E613)-(SUM(K613:K613)),2)","v":239.98},{"$nulls":7},"JV 02",7.5,2.2999999999999998,17.25]
["Alv V01",null,null,null,1,20,4.8499999999999996,"JV 02",1,17.25,17.25,{"$f":"ROUND((F614*G614*E614)-(SUM(K614:K615)),2)","v":68.75}]
[{"$nulls":7},"JV 03",1,{"$f":"VLOOKUP(H615,$T$290:$W$305,4,FALSE)","v":11},11]
["Alv V02",null,null,null,1,8.75,3.25,"PM 01",1,{"$f":"VLOOKUP(H616,$T$290:$W$304,4,FALSE)","v":1.68},1.68]
["Alv V03",null,null,null,1,3.6,3.25,null,null,null,0]
["Alv V04",null,null,null,1,5,3.25,"PM 01",1,1.68,1.68]
["Alv V05",null,null,null,1,8.85,3.25,"PM 01",1,1.68,1.68]
[{"$nulls":7},"JV 01",1,{"$f":"VLOOKUP(H620,$T$290:$W$305,4,FALSE)","v":1.5},1.5]
["Alv V06",null,null,null,1,5,3.25,"PM 01",1,{"$f":"VLOOKUP(H621,$T$290:$W$304,4,FALSE)","v":1.68},1.68]
["Alv V07",null,null,null,1,8.85,3.25,"PM 01",1,1.68,1.68]
[{"$nulls":7},"JV 01",1,{"$f":"VLOOKUP(H623,$T$290:$W$305,4,FALSE)","v":1.5},1.5]
["Alv V08",null,null,null,1,8.65,3.25]
["Alv V09",null,null,null,1,8.65,3.25,null,null,null,{"$f":"I625*J625","v":0}]
["Alv V10",null,null,null,1,8.65,3.25,"PM 01",1,1.68,1.68]
[{"$nulls":7},"JV 01",1,{"$f":"VLOOKUP(H627,$T$290:$W$305,4,FALSE)","v":1.5},1.5]
["Alv V11",null,null,null,1,8.85,3.25,null,null,null,0,{"$f":"ROUND((F628*G628*E628)-(SUM(K628:K628)),2)","v":28.76}]
["Alv V12",null,null,null,1,8.65,3.25,"PM 01",1,{"$f":"VLOOKUP(H629,$T$290:$W$304,4,FALSE)","v":1.68},1.68]
[{"$nulls":7},"JV 01",1,1.5,1.5]
["Alv V13",null,null,null,1,3.7,3.25,null,null,null,0,12.03]
["Alv V14",null,null,null,1,5,3.25,"PM 01",2,1.68,3.36]
["Alv V15",null,null,null,1,8.85,3.25,null,null,null,0,28.76]
["Alv V16",null,null,null,1,8.65,3.25,null,null,null,0]
["Alv V17",null,null,null,1,8.85,3.25,"PM 01",1,{"$f":"VLOOKUP(H635,$T$290:$W$304,4,FALSE)","v":1.68},1.68]
[{"$nulls":7},"JV 01",1,{"$f":"VLOOKUP(H636,$T$290:$W$305,4,FALSE)","v":1.5},1.5]
["Alv V18",null,null,null,1,8.65,3.25,"PM 01",1,1.68,1.68]
[{"$nulls":7},"PM 02",1,1.89,1.89]
[{"$nulls":7},"JV 01",1,1.5,1.5]
["Alv V19",null,null,null,1,8.85,3.25,"PM 01",1,1.68,1.68]
[{"$nulls":7},"JV 01",1,{"$f":"VLOOKUP(H641,$T$290:$W$305,4,FALSE)","v":1.5},1.5]
["Alv V20",null,null,null,1,2.1,3.25,"PM 02",1,{"$f":"VLOOKUP(H642,$T$290:$W$304,4,FALSE)","v":1.89},1.89]
["Alv V21",null,null,null,1,8.65,3.25,null,null,null,0]
["Alv V22",null,null,null,1,8.85,3.25,null,null,null,0]
["Alv V23",null,null,null,1,2.1,3.25,"JV 01",1,{"$f":"VLOOKUP(H645,$T$290:$W$304,4,FALSE)","v":1.5},1.5]
["Alv V22",null,null,null,1,2.4,3.25,null,null,null,0]
["Alv V23",null,null,null,1,20,4.8499999999999996,null,null,null,0,{"$f":"ROUND((F647*G647)-(SUM(K647:K647)),2)","v":97}]
["Contorno reservatório",null,null,null,1,20,3,{"$nulls":4},{"$f":"ROUND((F648*G648)-(SUM(K648:K648)),2)","v":60}]
[]
[{"$nulls":11},"Total levantado",null,null,{"$f":"SUM(L542:L648)","v":1303.1099999999999},null,2670.77]
[]
["5.4","INSTALAÇÃO DE REFORÇO METÁLICO EM PAREDE DRYWALL. AF_06/2017"]
[]
["LOCAL",null,null,null,"QUANT.","COMP. (M)",null,"ALT. (M)",null,"ÁREA (M²)",null,"TRANSP","OBS"]
["Locais onde serão fixadas peças",null,null,null,1,250,{"$nulls":6},"Quantidade estimada. Será medido e pago a quantidade efetivamente executada."]
[]
[{"$nulls":11},"Total levantado",null,null,{"$f":"F655","v":250}]
[]
["5.5","DIVISORIA SANITÁRIA, TIPO CABINE, EM GRANITO CINZA POLIDO, ESP = 3CM, ASSENTADO COM ARGAMASSA COLANTE AC III-E, EXCLUSIVE FERRAGENS. AF_01/2021"]
[]
["LOCAL",null,null,null,"QUANT.","COMP. (M)",null,"ALT. (M)",null,"ÁREA (M²)",null,"TRANSP","OBS"]
["Vestiário feminino",null,null,null,1,{"$f":"3.7+1.2+1.2+1.2-0.7-0.7-0.7-0.7","v":4.5},null,2.1,null,{"$f":"+F662*H662","v":9.4500000000000011},null,null,"Térreo"]
["Vestiário masculino",null,null,null,1,{"$f":"2.4+1.2+1.2+1.2-0.7-0.7-0.7","v":3.8999999999999995},null,2.1,null,8.19]
["Vestiário feminino",null,null,null,1,4.5,null,2.1,null,9.4500000000000011,null,null,"Superior"]
["Vestiário masculino",null,null,null,1,3.9,null,2.1,null,8.19]
[]
[{"$nulls":11},"Total levantado",null,null,{"$f":"SUM(J662:K665)","v":35.28}]
[]
["5.6","TAPA VISTA DE MICTÓRIO EM GRANITO CINZA POLIDO, ESP = 3CM, ASSENTADO COM ARGAMASSA COLANTE AC III-E . AF_01/2021"]
[]
["LOCAL",null,null,null,"QUANT.","COMP. (M)",null,"ALT. (M)",null,"ÁREA (M²)",null,"TRANSP","OBS"]
["Vestiário feminino",null,null,null,1,{"$nulls":4},{"$f":"+F672*H672","v":0},null,null,"Térreo"]
["Vestiário masculino",null,null,null,3,0.4,null,1.3,null,{"$f":"+F673*H673*E673","v":1.56}]
["Vestiário feminino",null,null,null,1,{"$nulls":4},{"$f":"+F674*H674","v":0},null,null,"Superior"]
["Vestiário masculino",null,null,null,1,0.4,null,1.3,null,{"$f":"+F675*H675*E675","v":0.52}]
[]
[{"$nulls":11},"Total levantado",null,null,{"$f":"SUM(J672:K675)","v":2.08}]
[]
["5.7","CORRIMÃO SIMPLES, DIÂMETRO EXTERNO = 1 1/2\", EM ALUMÍNIO. AF_04/2019_P M AS 71,50"]
[]
["LOCAL",null,null,null,"QUANT.","COMP. (M)",null,"ALT. (M)",null,"ÁREA (M²)",null,"TRANSP","OBS"]
["Escada",null,null,null,1,{"$f":"2.75+3.55+2.75+1.55+1.15+1.55","v":13.300000000000002}]
[]
[{"$nulls":11},"Total levantado",null,null,{"$f":"F682","v":13.300000000000002}]
[]
["6.1","IMPERMEABILIZAÇÃO DE SUPERFÍCIE COM ARGAMASSA POLIMÉRICA / MEMBRANA ACRÍLICA, 3 DEMÃOS. AF_06/2018"]
[]
["LOCAL",null,null,null,"QUANT.","COMP. (M)",null,"LARG. (M)",null,"ÁREA (M²)",null,"TRANSP","OBS"]
["Vestiário feminino",null,null,null,1,{"$nulls":4},11.52,null,null,"Áreas coletadas do projeto arquitetonico"]
["Vestiário masculino",null,null,null,1,{"$nulls":4},9.91]
["Sanitário pcd",null,null,null,1,{"$nulls":4},3.45]
["Sanitário pcd",null,null,null,1,30,null,2.5,null,{"$f":"E692*F692*H692","v":75}]
[]
[{"$nulls":11},"Total levantado",null,null,{"$f":"J692+J690+J689+J691","v":99.88}]
[]
["6.2","TRATAMENTO DE RALO OU PONTO EMERGENTE COM ARGAMASSA POLIMÉRICA / MEMBRANA ACRÍLICA REFORÇADO COM VÉU DE POLIÉSTER (MAV). AF_06/2018"]
[]
["LOCAL",null,null,null,"QUANT.","COMP. (M)",null,"ALT. (M)",null,"ÁREA (M²)",null,"TRANSP","OBS"]
["Ralos pavimento superior",null,null,null,4]
[]
[{"$nulls":11},"Total levantado",null,null,{"$f":"E699","v":4}]
[]
["6.3","TRATAMENTO DE RODAPÉ COM VÉU DE POLIÉSTER. AF_06/2018"]
[]
["LOCAL",null,null,null,"QUANT.","COMP. ALVENARIA (M)",null,"COMP. TOTAL (M)",null,"ÁREA (M²)",null,"TRANSP","OBS"]
["Encontro da alvenaria com o piso",null,null,null,2,{"$f":"435.05+396.7","v":831.75},null,{"$f":"E706*F706","v":1663.5},{"$nulls":4},"Tratamento em todo o encontro da alvenaria com o piso"]
[]
[{"$nulls":11},"Total levantado",null,null,{"$f":"H706","v":1663.5}]
[]
["6.4","IMPERMEABILIZAÇÃO DE SUPERFÍCIE COM MANTA ASFÁLTICA, UMA CAMADA, INCLUSIVE APLICAÇÃO DE PRIMER ASFÁLTICO, E=3MM. AF_06/2018"]
[]
["LOCAL",null,null,null,"QUANT.","COMP. (M)",null,"LARG. (M)",null,"ÁREA (M²)",null,"TRANSP","OBS"]
["Cobertura",null,null,null,1,50,null,20,null,{"$f":"F713*H713","v":1000}]
["Marquise",null,null,null,1,10,null,4.5999999999999996,null,{"$f":"F714*H714","v":46}]
[]
[{"$nulls":11},"Total levantado",null,null,{"$f":"J714+J713","v":1046}]
[]
["6.5","PROTEÇÃO MECÂNICA DE SUPERFICIE HORIZONTAL COM ARGAMASSA DE CIMENTO E AREIA, TRAÇO 1:3, E=3CM. AF_06/2018"]
[]
["LOCAL",null,null,null,"QUANT.","COMP. (M)",null,"LARG. (M)",null,"ÁREA (M²)",null,"TRANSP","OBS"]
["Cobertura",null,null,null,1,50,null,20,null,{"$f":"F721*H721","v":1000}]
["Marquise",null,null,null,1,10,null,4.5999999999999996,null,{"$f":"F722*H722","v":46}]
[]
[{"$nulls":11},"Total levantado",null,null,{"$f":"J722+J721","v":1046}]
[]
["7.1","PEITORIL LINEAR EM GRANITO OU MÁRMORE, L = 15CM, COMPRIMENTO DE ATÉ 2M, ASSENTADO COM ARGAMASSA 1:6 COM ADITIVO. AF_11/2020"]
[]
["LOCAL",null,null,null,"QUANT.","COMP. (M)",null,"COMP. TOTAL (M)",null,"ÁREA (M²)",null,"TRANSP","OBS"]
["Janelas JC 01",null,null,null,20,2.4,null,{"$f":"E729*F729","v":48},{"$nulls":9},"JC 01",2.4,1,{"$f":"ROUND(S729*T729,2)","v":2.4}]
["Janelas JC 02",null,null,null,7,1.25,null,8.75,{"$nulls":9},"JC 02",1.25,1,1.25]
["Janelas JC 03",null,null,null,1,3.4,null,3.4,{"$nulls":9},"JC 01",2.4,1,2.4]
["Janelas JM 01",null,null,null,4,3.4,null,13.6,{"$nulls":9},"JC 02",1.25,1,1.25]
["Janelas JM 02",null,null,null,5,1,null,5,{"$nulls":9},"JC 02",1.25,1,1.25]
["Janelas JV 01",null,null,null,16,1.5,null,24,{"$nulls":9},"JC 02",1.25,1,1.25]
["Janelas JV 02",null,null,null,1,7.5,null,7.5,{"$nulls":9},"JC 02",1.25,1,1.25]
["Janelas JV 03",null,null,null,1,5,null,5,{"$nulls":9},"JC 02",1.25,1,1.25]
[{"$nulls":17},"JC 03",3.4,1,3.4]
[{"$nulls":11},"Total levantado",null,null,{"$f":"SUM(H729:I736)","v":115.25},null,null,"JM 01",3.4,0.4,1.36]
[{"$nulls":17},"JM 02",1,0.4,0.4]
["7.2","CHAPIM (RUFO CAPA) EM AÇO GALVANIZADO, CORTE 33. AF_11/2020"]
[]
["LOCAL",null,null,null,"QUANT.","PERÍMETRO",null,"LARG. (M)",null,"ÁREA (M²)",null,"TRANSP","OBS"]
["Cobertura",null,null,null,1,140]
[]
[{"$nulls":11},"Total levantado",null,null,{"$f":"F743","v":140}]
[]
["8.1","CHAPISCO APLICADO EM ALVENARIA (SEM PRESENÇA DE VÃOS) E ESTRUTURAS DE CONCRETO DE FACHADA, COM COLHER DE PEDREIRO. ARGAMASSA TRAÇO 1:3 COM PREPARO EM BETONEIRA 400L. AF_06/2014"]
[]
["LOCAL",null,null,null,"QUANT.","PERÍM. (M)",null,"ALT. (M)",null,"ÁREA (M²)",null,"TRANSP","OBS"]
["Muro de Arrimo ",null,null,null,2,30,null,2.5,null,{"$f":"+F750*H750*E750","v":150}]
[]
[{"$nulls":11},"Total levantado",null,null,{"$f":"J750","v":150}]
[]
["8.2","EMBOÇO OU MASSA ÚNICA EM ARGAMASSA TRAÇO 1:2:8, PREPARO MECÂNICO COM BETONEIRA 400 L, APLICADA MANUALMENTE EM PANOS CEGOS DE FACHADA (SEM PRESENÇA DE VÃOS), ESPESSURA DE 25 MM. AF_08/2022"]
[]
["LOCAL",null,null,null,"QUANT.","PERÍM. (M)",null,"ALT. (M)",null,"ÁREA (M²)",null,"TRANSP","OBS"]
["Muro de Arrimo ",null,null,null,1,30,null,2.5,null,{"$f":"+F757*H757","v":75}]
[]
[{"$nulls":11},"Total levantado",null,null,{"$f":"J757","v":75}]
[]
["8.3","REVESTIMENTO CERÂMICO PARA PAREDES INTERNAS COM PLACAS TIPO ESMALTADA EXTRA DE DIMENSÕES 20X20 CM APLICADAS EM AMBIENTES DE ÁREA MAIOR QUE 5M² NA ALTURA INTEIRA DAS PAREDES. AF_06/2014"]
[]
["LOCAL",null,null,null,"QUANT.","PERÍM. (M)",null,"ALT. (M)","ÁREA (M²)","VÃOS (M²)","ÁREA TOTAL (M²)","TRANSP","OBS"]
["Camarim - área molhada",null,null,null,1,{"$f":"2.5+1.6+1.6+5.05","v":10.75},null,3.25,{"$f":"+F764*H764","v":34.9375},null,{"$f":"I764-J764","v":34.9375},null,"Térreo"]
["DML",null,null,null,1,{"$f":"3.45+1.3+3.45+1.3","v":9.5},null,3.25,30.875,1.68,29.195]
["COPA",null,null,null,1,{"$f":"3.65+3.65+2.3+2.3","v":11.899999999999999},null,3.25,38.674999999999997,1.68,36.994999999999997]
["Banheiro PCD",null,null,null,1,{"$f":"2+2+1.7+1.7","v":7.4},null,3.25,24.05,{"$f":"0.9*2.1","v":1.8900000000000001},22.16]
["Vestiário feminino",null,null,null,1,{"$f":"3.7+3.7+3.1+3.1","v":13.6},null,3.25,44.199999999999996,{"$f":"1.68+0.4","v":2.08},42.12]
["Vestiário masculino",null,null,null,1,{"$f":"2.65+2.65+3.7+3.7","v":12.7},null,3.25,41.274999999999999,{"$f":"1.68+0.4","v":2.08},39.195]
["DML",null,null,null,1,{"$f":"1.75+1.75+1.4+1.4","v":6.3000000000000007},null,3.25,20.475000000000001,1.68,18.795000000000002,null,"Superior"]
["COPA",null,null,null,1,{"$f":"1.75+1.75+3.5+3.5","v":10.5},null,3.25,34.125,1.68,32.445]
["Vestiário feminino",null,null,null,1,{"$f":"3.7+3.7+3+3","v":13.4},null,3.25,43.550000000000004,{"$f":"1.89+0.4","v":2.29},41.260000000000005]
["Vestiário masculino",null,null,null,1,{"$f":"7.4+2.85+2.85","v":13.1},null,3.25,42.574999999999996,{"$f":"1.89+0.4","v":2.29},40.284999999999997]
[]
[{"$nulls":11},"Total levantado",null,null,{"$f":"SUM(K764:K773)","v":337.38749999999993}]
[]
["8.4","RODAPÉ CERÂMICO DE 7CM DE ALTURA COM PLACAS TIPO ESMALTADA EXTRA DE DIMENSÕES 60X60CM. AF_06/2014"]
[]
["LOCAL",null,null,null,"QUANT.","COMP. ALVENARIA (M)","COMP.  PAREDE ÁREA EXTERNA (M)","COMP. PAREDE COM REVESTI. (M)","COMP. PORTAS (M)","COMP. TOTAL (M)",null,"TRANSP","OBS"]
["Rodapé",null,null,null,2,{"$f":"435.05+396.7","v":831.75},140,{"$f":"SUM(F764:G773)","v":109.14999999999999},{"$f":"((49*0.8)+(7*0.9)+(3*1.2)+(1.6*2)+(1*4.8))*2","v":114.2},{"$f":"E780*F780-G780-H780-I780","v":1300.1499999999999},null,null,"Comprimento total = comprimento da alvenaria x 2 - comprimento da alvenaria no perímetro externo - comprimento da alvenaria de paredes com revestimento - (comprimento das portas x 2)."]
[]
[{"$nulls":11},"Total levantado",null,null,{"$f":"J780","v":1300.1499999999999}]
[]
["9.1","CONTRAPISO EM ARGAMASSA TRAÇO 1:4 (CIMENTO E AREIA), PREPARO MECÂNICO COM BETONEIRA 400 L, APLICADO EM ÁREAS SECAS SOBRE LAJE, ADERIDO, ACABAMENTO NÃO REFORÇADO, ESPESSURA 3CM. AF_07/2021"]
[]
["LOCAL",null,null,null,"QUANT.","ÁREA DA EDIFICAÇÃO (M²)",null,"ÁREA DA ALVENARIA (M²)",null,"ÁREA TOTAL (M²)",null,"TRANSP","OBS"]
["Contrapiso",null,null,null,1,2000,null,{"$f":"+F780*0.1","v":83.175000000000011},null,{"$f":"+F787-H787","v":1916.825},null,null,"Área da edificação = 1000m² em cada pavimento"]
[]
[{"$nulls":11},"Total levantado",null,null,{"$f":"J787","v":1916.825}]
[]
["9.2","REVESTIMENTO CERÂMICO PARA PISO COM PLACAS TIPO PORCELANATO DE DIMENSÕES 60X60 CM APLICADA EM AMBIENTES DE ÁREA MAIOR QUE 10 M². AF_06/2014"]
[]
["LOCAL",null,null,null,"QUANT.","ÁREA DA CONTRAPISO (M²)",null,"SOLEIRAS (M²)",null,"AUDITÓRIO (M²)","ÁREA TOTAL (M²)","TRANSP","OBS"]
["Piso cerâmico",null,null,null,1,{"$f":"J787","v":1916.825},null,{"$f":"+F801*0.15","v":8.5649999999999995},null,{"$f":"8.5*19.8","v":168.3},{"$f":"F794-H794-J794","v":1739.96}]
[]
[{"$nulls":11},"Total levantado",null,null,{"$f":"K794","v":1739.96}]
[]
["9.3","SOLEIRA EM GRANITO, LARGURA 15 CM, ESPESSURA 2,0 CM. AF_09/2020 "]
[]
["LOCAL",null,null,null,"QUANT.","COMP. (M)",null,"LARG. (M)",null,"ÁREA (M²)",null,"TRANSP","OBS"]
["Portas",null,null,null,1,{"$f":"I780/2","v":57.1}]
[]
[{"$nulls":11},"Total levantado",null,null,{"$f":"F801","v":57.1}]
[]
["9.4","CARPETE DE NYLON EM MANTA PARA TRAFEGO COMERCIAL PESADO, E = 9 A 10 MM (INSTALADO)"]
[]
["LOCAL",null,null,null,"QUANT.","ÁREA PROJ HORIZONTAL (M²)",null,"ÁREA ESPELHOS DOS DEGRAUS (M²)",null,"ÁREA TOTAL (M²)",null,"TRANSP","OBS"]
["Auditório",null,null,null,1,{"$f":"J794","v":168.3},null,{"$f":"+(11*0.1*8.5)+(8.5*0.3)","v":11.900000000000002},null,{"$f":"F808+H808","v":180.20000000000002}]
[]
[{"$nulls":11},"Total levantado",null,null,{"$f":"J808","v":180.20000000000002}]
[]
["9.5","EXECUÇÃO DE PASSEIO (CALÇADA) OU PISO DE CONCRETO COM CONCRETO MOLDADO IN LOCO, FEITO EM OBRA, ACABAMENTO CONVENCIONAL, NÃO ARMADO. AF_08/2022"]
[]
["LOCAL",null,null,null,"QUANT.","COMP. (M)",null,"ESP. (M)",null,"ÁREA TOTAL (M²)",null,"VOL. (M³)","OBS"]
["Contorno da edificação",null,null,null,1,null,null,0.08,null,144,null,{"$f":"H815*J815","v":11.52},"Passeio de 1 metro em todo o contorno da edificação"]
["Passeio público",null,null,null,1,null,null,0.08,null,{"$f":"50*10","v":500},null,{"$f":"H816*J816","v":40},"Passeio público, na entrada da edificação (50 * 10m)"]
[]
[{"$nulls":11},"Total levantado",null,null,{"$f":"L815+L816","v":51.519999999999996}]
[]
["9.6","PISO PODOTÁTIL DE ALERTA OU DIRECIONAL, DE BORRACHA, ASSENTADO SOBRE ARGAMASSA. AF_05/2020"]
[]
["LOCAL",null,null,null,"QUANT.","COMP. (M)",null,"LARG. (M)",null,"ÁREA TOTAL (M²)",null,"TRANSP","OBS"]
["Contorno da edificação",null,null,null,1,{"$f":"51+21+51+21","v":144},{"$nulls":6},"Passeio de 1 metro em todo o contorno da edificação"]
["Passeio público",null,null,null,1,50]
[]
[{"$nulls":11},"Total levantado",null,null,{"$f":"F824+F823","v":194}]
[]
["10.1.1","REGISTRO DE ESFERA, PVC, ROSCÁVEL, COM VOLANTE, 1/2\" - FORNECIMENTO E INSTALAÇÃO. AF_08/2021"]
[]
["LOCAL",null,null,null,"QUANT.","COMP. (M)",null,"LARG. (M)",null,"ÁREA TOTAL (M²)",null,"TRANSP","OBS"]
["Instalações hidrossanitárias",null,null,null,1,{"$nulls":7},"Conforme projeto hidrossanitário"]
[]
[{"$nulls":11},"Total levantado",null,null,{"$f":"E831","v":1}]
[]
["10.1.2","REGISTRO DE GAVETA BRUTO, LATÃO, ROSCÁVEL, 3/4\", COM ACABAMENTO E CANOPLA CROMADOS - FORNECIMENTO E INSTALAÇÃO. AF_08/2021"]
[]
["LOCAL",null,null,null,"QUANT.","COMP. (M)",null,"LARG. (M)",null,"ÁREA TOTAL (M²)",null,"TRANSP","OBS"]
["Instalações hidrossanitárias",null,null,null,15,{"$nulls":7},"Conforme projeto hidrossanitário"]
[]
[{"$nulls":11},"Total levantado",null,null,{"$f":"E838","v":15}]
[]
["10.1.3","REGISTRO DE PRESSÃO BRUTO, LATÃO, ROSCÁVEL, 3/4\", COM ACABAMENTO E CANOPLA CROMADOS - FORNECIMENTO E INSTALAÇÃO. AF_08/2021"]
[]
["LOCAL",null,null,null,"QUANT.","COMP. (M)",null,"LARG. (M)",null,"ÁREA TOTAL (M²)",null,"TRANSP","OBS"]
["Instalações hidrossanitárias",null,null,null,8,{"$nulls":7},"Conforme projeto hidrossanitário"]
[]
[{"$nulls":11},"Total levantado",null,null,{"$f":"E845","v":8}]
[]
["10.1.4","REGISTRO DE ESFERA, PVC, ROSCÁVEL, COM BORBOLETA, 1/2\" - FORNECIMENTO E INSTALAÇÃO. AF_08/2021"]
[]
["LOCAL",null,null,null,"QUANT.","COMP. (M)",null,"LARG. (M)",null,"ÁREA TOTAL (M²)",null,"TRANSP","OBS"]
["Instalações hidrossanitárias",null,null,null,1,{"$nulls":7},"Conforme projeto hidrossanitário"]
[]
[{"$nulls":11},"Total levantado",null,null,{"$f":"E852","v":1}]
[]
["10.1.5","REGISTRO DE GAVETA BRUTO, LATÃO, ROSCÁVEL, 1/2\", COM ACABAMENTO E CANOPLA CROMADOS - FORNECIMENTO E INSTALAÇÃO. AF_08/2021"]
[]
["LOCAL",null,null,null,"QUANT.","COMP. (M)",null,"LARG. (M)",null,"ÁREA TOTAL (M²)",null,"TRANSP","OBS"]
["Instalações hidrossanitárias",null,null,null,15,{"$nulls":7},"Conforme projeto hidrossanitário"]
[]
[{"$nulls":11},"Total levantado",null,null,{"$f":"E859","v":15}]
[]
["10.1.6","REGISTRO DE GAVETA BRUTO, LATÃO, ROSCÁVEL, 1 1/4\", COM ACABAMENTO E CANOPLA CROMADOS - FORNECIMENTO E INSTALAÇÃO. AF_08/2021"]
[]
["LOCAL",null,null,null,"QUANT.","COMP. (M)",null,"LARG. (M)",null,"ÁREA TOTAL (M²)",null,"TRANSP","OBS"]
["Instalações hidrossanitárias",null,null,null,2,{"$nulls":7},"Conforme projeto hidrossanitário"]
[]
[{"$nulls":11},"Total levantado",null,null,{"$f":"E866","v":2}]
[]
["10.1.7","ENGATE FLEXÍVEL EM INOX, 1/2 X 30CM - FORNECIMENTO E INSTALAÇÃO. AF_01/2020"]
[]
["LOCAL",null,null,null,"QUANT.","COMP. (M)",null,"LARG. (M)",null,"ÁREA TOTAL (M²)",null,"TRANSP","OBS"]
["Instalações hidrossanitárias",null,null,null,16,{"$nulls":7},"Conforme projeto hidrossanitário"]
[]
[{"$nulls":11},"Total levantado",null,null,{"$f":"E873","v":16}]
[]
["10.1.8","ENGATE FLEXÍVEL EM PLÁSTICO BRANCO, 1/2 X 30CM - FORNECIMENTO E INSTALAÇÃO. AF_01/2020"]
[]
["LOCAL",null,null,null,"QUANT.","COMP. (M)",null,"LARG. (M)",null,"ÁREA TOTAL (M²)",null,"TRANSP","OBS"]
["Instalações hidrossanitárias",null,null,null,17,{"$nulls":7},"Conforme projeto hidrossanitário"]
[]
[{"$nulls":11},"Total levantado",null,null,{"$f":"E880","v":17}]
[]
["10.1.9","COLAR DE TOMADA, PVC, COM TRAVAS, DE 60 MM X 1/2\" OU 60 MM X 3/4\", PARA LIGAÇÃO PREDIAL DE ÁGUA. AF_06/2022"]
[]
["LOCAL",null,null,null,"QUANT.","COMP. (M)",null,"LARG. (M)",null,"ÁREA TOTAL (M²)",null,"TRANSP","OBS"]
["Instalações hidrossanitárias",null,null,null,1,{"$nulls":7},"Conforme projeto hidrossanitário"]
[]
[{"$nulls":11},"Total levantado",null,null,{"$f":"E887","v":1}]
[]
["10.1.10","LUVA, PVC, SOLDÁVEL, DN 25MM, INSTALADO EM RAMAL OU SUB-RAMAL DE ÁGUA - FORNECIMENTO E INSTALAÇÃO. AF_06/2022"]
[]
["LOCAL",null,null,null,"QUANT.","COMP. (M)",null,"LARG. (M)",null,"ÁREA TOTAL (M²)",null,"TRANSP","OBS"]
["Instalações hidrossanitárias",null,null,null,1,{"$nulls":7},"Conforme projeto hidrossanitário"]
[]
[{"$nulls":11},"Total levantado",null,null,{"$f":"E894","v":1}]
[]
["10.1.11","LUVA DE CORRER, PVC, SOLDÁVEL, DN 20MM, INSTALADO EM RAMAL OU SUB-RAMAL DE ÁGUA - FORNECIMENTO E INSTALAÇÃO. AF_06/2022"]
[]
["LOCAL",null,null,null,"QUANT.","COMP. (M)",null,"LARG. (M)",null,"ÁREA TOTAL (M²)",null,"TRANSP","OBS"]
["Instalações hidrossanitárias",null,null,null,1,{"$nulls":7},"Conforme projeto hidrossanitário"]
[]
[{"$nulls":11},"Total levantado",null,null,{"$f":"E901","v":1}]
[]
["10.1.12","LUVA DE CORRER, PVC, SOLDÁVEL, DN 25MM, INSTALADO EM RAMAL OU SUB-RAMAL DE ÁGUA - FORNECIMENTO E INSTALAÇÃO. AF_12/2014"]
[]
["LOCAL",null,null,null,"QUANT.","COMP. (M)",null,"LARG. (M)",null,"ÁREA TOTAL (M²)",null,"TRANSP","OBS"]
["Instalações hidrossanitárias",null,null,null,2,{"$nulls":7},"Conforme projeto hidrossanitário"]
[]
[{"$nulls":11},"Total levantado",null,null,{"$f":"E908","v":2}]
[]
["10.1.13","LUVA DE CORRER, PVC, SOLDÁVEL, DN 32MM, INSTALADO EM RAMAL OU SUB-RAMAL DE ÁGUA FORNECIMENTO E INSTALAÇÃO. AF_06/2022"]
[]
["LOCAL",null,null,null,"QUANT.","COMP. (M)",null,"LARG. (M)",null,"ÁREA TOTAL (M²)",null,"TRANSP","OBS"]
["Instalações hidrossanitárias",null,null,null,3,{"$nulls":7},"Conforme projeto hidrossanitário"]
[]
[{"$nulls":11},"Total levantado",null,null,{"$f":"E915","v":3}]
[]
["10.1.14","LUVA, PVC, SOLDÁVEL, DN 40MM, INSTALADO EM PRUMADA DE ÁGUA - FORNECIMENTO E INSTALAÇÃO. AF_06/2022"]
[]
["LOCAL",null,null,null,"QUANT.","COMP. (M)",null,"LARG. (M)",null,"ÁREA TOTAL (M²)",null,"TRANSP","OBS"]
["Instalações hidrossanitárias",null,null,null,1,{"$nulls":7},"Conforme projeto hidrossanitário"]
[]
[{"$nulls":11},"Total levantado",null,null,{"$f":"E922","v":1}]
[]
["10.1.15","LUVA DE REDUÇÃO, PVC, SOLDÁVEL, DN 32MM X 25MM, INSTALADO EM RAMAL OU SUB-RAMAL DE ÁGUA - FORNECIMENTO E INSTALAÇÃO. AF_06/2022"]
[]
["LOCAL",null,null,null,"QUANT.","COMP. (M)",null,"LARG. (M)",null,"ÁREA TOTAL (M²)",null,"TRANSP","OBS"]
["Instalações hidrossanitárias",null,null,null,1,{"$nulls":7},"Conforme projeto hidrossanitário"]
[]
[{"$nulls":11},"Total levantado",null,null,{"$f":"E929","v":1}]
[]
["10.1.16","ADAPTADOR CURTO COM BOLSA E ROSCA PARA REGISTRO, PVC, SOLDÁVEL, DN 20MM X 1/2 , INSTALADO EM RAMAL OU SUB-RAMAL DE ÁGUA - FORNECIMENTO E INSTALAÇÃO. AF_06/2022"]
[]
["LOCAL",null,null,null,"QUANT.","COMP. (M)",null,"LARG. (M)",null,"ÁREA TOTAL (M²)",null,"TRANSP","OBS"]
["Instalações hidrossanitárias",null,null,null,5,{"$nulls":7},"Conforme projeto hidrossanitário"]
[]
[{"$nulls":11},"Total levantado",null,null,{"$f":"E936","v":5}]
[]
["10.1.17","ADAPTADOR CURTO COM BOLSA E ROSCA PARA REGISTRO, PVC, SOLDÁVEL, DN 25MM X 3/4 , INSTALADO EM RAMAL OU SUB-RAMAL DE ÁGUA - FORNECIMENTO E INSTALAÇÃO. AF_06/2022"]
[]
["LOCAL",null,null,null,"QUANT.","COMP. (M)",null,"LARG. (M)",null,"ÁREA TOTAL (M²)",null,"TRANSP","OBS"]
["Instalações hidrossanitárias",null,null,null,15,{"$nulls":7},"Conforme projeto hidrossanitário"]
[]
[{"$nulls":11},"Total levantado",null,null,{"$f":"E943","v":15}]
[]
["10.1.18","ADAPTADOR CURTO COM BOLSA E ROSCA PARA REGISTRO, PVC, SOLDÁVEL, DN 40MM X 1.1/4 , INSTALADO EM PRUMADA DE ÁGUA - FORNECIMENTO E INSTALAÇÃO. AF_06/2022"]
[]
["LOCAL",null,null,null,"QUANT.","COMP. (M)",null,"LARG. (M)",null,"ÁREA TOTAL (M²)",null,"TRANSP","OBS"]
["Instalações hidrossanitárias",null,null,null,4,{"$nulls":7},"Conforme projeto hidrossanitário"]
[]
[{"$nulls":11},"Total levantado",null,null,{"$f":"E950","v":4}]
[]
["10.1.19","ADAPTADOR COM FLANGE E ANEL DE VEDAÇÃO, PVC, SOLDÁVEL, DN 20 MM X 1/2, INSTALADO EM RESERVAÇÃO DE ÁGUA DE EDIFICAÇÃO QUE POSSUA RESERVATÓRIO DE FIBRA/FIBROCIMENTO FORNECIMENTO E INSTALAÇÃO. AF_06/2016"]
[]
["LOCAL",null,null,null,"QUANT.","COMP. (M)",null,"LARG. (M)",null,"ÁREA TOTAL (M²)",null,"TRANSP","OBS"]
["Instalações hidrossanitárias",null,null,null,2,{"$nulls":7},"Conforme projeto hidrossanitário"]
[]
[{"$nulls":11},"Total levantado",null,null,{"$f":"E957","v":2}]
[]
["10.1.20","BUCHA DE REDUÇÃO, PVC, SOLDÁVEL, DN 40MM X 32MM, INSTALADO EM PRUMADA DE ÁGUA - FORNECIMENTO E INSTALAÇÃO. AF_06/2022"]
[]
["LOCAL",null,null,null,"QUANT.","COMP. (M)",null,"LARG. (M)",null,"ÁREA TOTAL (M²)",null,"TRANSP","OBS"]
["Instalações hidrossanitárias",null,null,null,4,{"$nulls":7},"Conforme projeto hidrossanitário"]
[]
[{"$nulls":11},"Total levantado",null,null,{"$f":"E964","v":4}]
[]
["10.1.21","BUCHA DE REDUÇÃO, CURTA, PVC, SOLDÁVEL, DN 32 X 25 MM, INSTALADO EM RAMAL OU SUB-RAMAL DE ÁGUA - FORNECIMENTO E INSTALAÇÃO. AF_06/2022"]
[]
["LOCAL",null,null,null,"QUANT.","COMP. (M)",null,"LARG. (M)",null,"ÁREA TOTAL (M²)",null,"TRANSP","OBS"]
["Instalações hidrossanitárias",null,null,null,1,{"$nulls":7},"Conforme projeto hidrossanitário"]
[]
[{"$nulls":11},"Total levantado",null,null,{"$f":"E971","v":1}]
[]
["10.1.22","CURVA 90 GRAUS, PVC, SOLDÁVEL, DN 20MM, INSTALADO EM RAMAL OU SUB-RAMAL DE ÁGUA - FORNECIMENTO E INSTALAÇÃO. AF_06/2022"]
[]
["LOCAL",null,null,null,"QUANT.","COMP. (M)",null,"LARG. (M)",null,"ÁREA TOTAL (M²)",null,"TRANSP","OBS"]
["Instalações hidrossanitárias",null,null,null,5,{"$nulls":7},"Conforme projeto hidrossanitário"]
[]
[{"$nulls":11},"Total levantado",null,null,{"$f":"E978","v":5}]
[]
["10.1.23","CURVA 45 GRAUS, PVC, SOLDÁVEL, DN 20MM, INSTALADO EM RAMAL OU SUB-RAMAL DE ÁGUA - FORNECIMENTO E INSTALAÇÃO. AF_06/2022"]
[]
["LOCAL",null,null,null,"QUANT.","COMP. (M)",null,"LARG. (M)",null,"ÁREA TOTAL (M²)",null,"TRANSP","OBS"]
["Instalações hidrossanitárias",null,null,null,1,{"$nulls":7},"Conforme projeto hidrossanitário"]
[]
[{"$nulls":11},"Total levantado",null,null,{"$f":"E985","v":1}]
[]
["10.1.24","CURVA 90 GRAUS, PVC, SOLDÁVEL, DN 25MM, INSTALADO EM RAMAL OU SUB-RAMAL DE ÁGUA - FORNECIMENTO E INSTALAÇÃO. AF_06/2022"]
[]
["LOCAL",null,null,null,"QUANT.","COMP. (M)",null,"LARG. (M)",null,"ÁREA TOTAL (M²)",null,"TRANSP","OBS"]
["Instalações hidrossanitárias",null,null,null,2,{"$nulls":7},"Conforme projeto hidrossanitário"]
[]
[{"$nulls":11},"Total levantado",null,null,{"$f":"E992","v":2}]
[]
["10.1.25","CURVA 90 GRAUS, PVC, SOLDÁVEL, DN 32MM, INSTALADO EM RAMAL OU SUB-RAMAL DE ÁGUA - FORNECIMENTO E INSTALAÇÃO. AF_06/2022"]
[]
["LOCAL",null,null,null,"QUANT.","COMP. (M)",null,"LARG. (M)",null,"ÁREA TOTAL (M²)",null,"TRANSP","OBS"]
["Instalações hidrossanitárias",null,null,null,2,{"$nulls":7},"Conforme projeto hidrossanitário"]
[]
[{"$nulls":11},"Total levantado",null,null,{"$f":"E999","v":2}]
[]
["10.1.26","CURVA 90 GRAUS, PVC, SOLDÁVEL, DN 40MM, INSTALADO EM RAMAL DE DISTRIBUIÇÃO DE ÁGUA - FORNECIMENTO E INSTALAÇÃO. AF_06/2022"]
[]
["LOCAL",null,null,null,"QUANT.","COMP. (M)",null,"LARG. (M)",null,"ÁREA TOTAL (M²)",null,"TRANSP","OBS"]
["Instalações hidrossanitárias",null,null,null,5,{"$nulls":7},"Conforme projeto hidrossanitário"]
[]
[{"$nulls":11},"Total levantado",null,null,{"$f":"E1006","v":5}]
[]
["10.1.27","JOELHO 90 GRAUS COM BUCHA DE LATÃO, PVC, SOLDÁVEL, DN 25MM, X 3/4 INSTALADO EM RAMAL OU SUB-RAMAL DE ÁGUA - FORNECIMENTO E INSTALAÇÃO. AF_06/2022"]
[]
["LOCAL",null,null,null,"QUANT.","COMP. (M)",null,"LARG. (M)",null,"ÁREA TOTAL (M²)",null,"TRANSP","OBS"]
["Instalações hidrossanitárias",null,null,null,2,{"$nulls":7},"Conforme projeto hidrossanitário"]
[]
[{"$nulls":11},"Total levantado",null,null,{"$f":"E1013","v":2}]
[]
["10.1.28","JOELHO 90 GRAUS, PVC, SOLDÁVEL, DN 20MM, INSTALADO EM RAMAL OU SUB-RAMAL DE ÁGUA - FORNECIMENTO E INSTALAÇÃO. AF_06/2022"]
[]
["LOCAL",null,null,null,"QUANT.","COMP. (M)",null,"LARG. (M)",null,"ÁREA TOTAL (M²)",null,"TRANSP","OBS"]
["Instalações hidrossanitárias",null,null,null,7,{"$nulls":7},"Conforme projeto hidrossanitário"]
[]
[{"$nulls":11},"Total levantado",null,null,{"$f":"E1020","v":7}]
[]
["10.1.29","JOELHO 90 GRAUS, PVC, SOLDÁVEL, DN 25MM, INSTALADO EM RAMAL OU SUB-RAMAL DE ÁGUA - FORNECIMENTO E INSTALAÇÃO. AF_06/2022"]
[]
["LOCAL",null,null,null,"QUANT.","COMP. (M)",null,"LARG. (M)",null,"ÁREA TOTAL (M²)",null,"TRANSP","OBS"]
["Instalações hidrossanitárias",null,null,null,19,{"$nulls":7},"Conforme projeto hidrossanitário"]
[]
[{"$nulls":11},"Total levantado",null,null,{"$f":"E1027","v":19}]
[]
["10.1.30","JOELHO 90 GRAUS, PVC, SOLDÁVEL, DN 32MM, INSTALADO EM RAMAL OU SUB-RAMAL DE ÁGUA - FORNECIMENTO E INSTALAÇÃO. AF_06/2022"]
[]
["LOCAL",null,null,null,"QUANT.","COMP. (M)",null,"LARG. (M)",null,"ÁREA TOTAL (M²)",null,"TRANSP","OBS"]
["Instalações hidrossanitárias",null,null,null,18,{"$nulls":7},"Conforme projeto hidrossanitário"]
[]
[{"$nulls":11},"Total levantado",null,null,{"$f":"E1034","v":18}]
[]
["10.1.31","JOELHO 90 GRAUS, PVC, SOLDÁVEL, DN 40MM, INSTALADO EM RAMAL DE DISTRIBUIÇÃO DE ÁGUA - FORNECIMENTO E INSTALAÇÃO. AF_06/2022"]
[]
["LOCAL",null,null,null,"QUANT.","COMP. (M)",null,"LARG. (M)",null,"ÁREA TOTAL (M²)",null,"TRANSP","OBS"]
["Instalações hidrossanitárias",null,null,null,3,{"$nulls":7},"Conforme projeto hidrossanitário"]
[]
[{"$nulls":11},"Total levantado",null,null,{"$f":"E1041","v":3}]
[]
["10.1.32","JOELHO DE REDUÇÃO, 90 GRAUS, PVC, SOLDÁVEL, DN 32 MM X 25 MM, INSTALADO EM RAMAL OU SUB-RAMAL DE ÁGUA - FORNECIMENTO E INSTALAÇÃO. AF_06/2022"]
[]
["LOCAL",null,null,null,"QUANT.","COMP. (M)",null,"LARG. (M)",null,"ÁREA TOTAL (M²)",null,"TRANSP","OBS"]
["Instalações hidrossanitárias",null,null,null,3,{"$nulls":7},"Conforme projeto hidrossanitário"]
[]
[{"$nulls":11},"Total levantado",null,null,{"$f":"E1048","v":3}]
[]
["10.1.33","JOELHO DE REDUÇÃO, 90 GRAUS, PVC, SOLDÁVEL, DN 25 MM X 20 MM, INSTALADO EM RAMAL OU SUB-RAMAL DE ÁGUA - FORNECIMENTO E INSTALAÇÃO. AF_06/2022"]
[]
["LOCAL",null,null,null,"QUANT.","COMP. (M)",null,"LARG. (M)",null,"ÁREA TOTAL (M²)",null,"TRANSP","OBS"]
["Instalações hidrossanitárias",null,null,null,16,{"$nulls":7},"Conforme projeto hidrossanitário"]
[]
[{"$nulls":11},"Total levantado",null,null,{"$f":"E1055","v":16}]
[]
["10.1.34","JOELHO 90 GRAUS COM BUCHA DE LATÃO, PVC, SOLDÁVEL, DN 25MM, X 1/2 INSTALADO EM RAMAL OU SUB-RAMAL DE ÁGUA - FORNECIMENTO E INSTALAÇÃO. AF_06/2022"]
[]
["LOCAL",null,null,null,"QUANT.","COMP. (M)",null,"LARG. (M)",null,"ÁREA TOTAL (M²)",null,"TRANSP","OBS"]
["Instalações hidrossanitárias",null,null,null,{"$f":"16+11","v":27},{"$nulls":7},"Conforme projeto hidrossanitário"]
[]
[{"$nulls":11},"Total levantado",null,null,{"$f":"E1062","v":27}]
[]
["10.1.35","JOELHO 45 GRAUS, PVC, SOLDÁVEL, DN 20MM, INSTALADO EM RAMAL OU SUB-RAMAL DE ÁGUA - FORNECIMENTO E INSTALAÇÃO. AF_06/2022"]
[]
["LOCAL",null,null,null,"QUANT.","COMP. (M)",null,"LARG. (M)",null,"ÁREA TOTAL (M²)",null,"TRANSP","OBS"]
["Instalações hidrossanitárias",null,null,null,1,{"$nulls":7},"Conforme projeto hidrossanitário"]
[]
[{"$nulls":11},"Total levantado",null,null,{"$f":"E1069","v":1}]
[]
["10.1.36","JOELHO 45 GRAUS, PVC, SOLDÁVEL, DN 40MM, INSTALADO EM PRUMADA DE ÁGUA - FORNECIMENTO E INSTALAÇÃO. AF_06/2022"]
[]
["LOCAL",null,null,null,"QUANT.","COMP. (M)",null,"LARG. (M)",null,"ÁREA TOTAL (M²)",null,"TRANSP","OBS"]
["Instalações hidrossanitárias",null,null,null,1,{"$nulls":7},"Conforme projeto hidrossanitário"]
[]
[{"$nulls":11},"Total levantado",null,null,{"$f":"E1076","v":1}]
[]
["10.1.37","TE, PVC, SOLDÁVEL, DN 25MM, INSTALADO EM RAMAL DE DISTRIBUIÇÃO DE ÁGUA - FORNECIMENTO E INSTALAÇÃO. AF_06/2022"]
[]
["LOCAL",null,null,null,"QUANT.","COMP. (M)",null,"LARG. (M)",null,"ÁREA TOTAL (M²)",null,"TRANSP","OBS"]
["Instalações hidrossanitárias",null,null,null,{"$f":"22+17","v":39},{"$nulls":7},"Conforme projeto hidrossanitário"]
[]
[{"$nulls":11},"Total levantado",null,null,{"$f":"E1083","v":39}]
[]
["10.1.38","TE, PVC, SOLDÁVEL, DN 20MM, INSTALADO EM RAMAL OU SUB-RAMAL DE ÁGUA - FORNECIMENTO E INSTALAÇÃO. AF_06/2022"]
[]
["LOCAL",null,null,null,"QUANT.","COMP. (M)",null,"LARG. (M)",null,"ÁREA TOTAL (M²)",null,"TRANSP","OBS"]
["Instalações hidrossanitárias",null,null,null,2,{"$nulls":7},"Conforme projeto hidrossanitário"]
[]
[{"$nulls":11},"Total levantado",null,null,{"$f":"E1090","v":2}]
[]
["10.1.39","TE, PVC, SOLDÁVEL, DN 32MM, INSTALADO EM RAMAL OU SUB-RAMAL DE ÁGUA - FORNECIMENTO E INSTALAÇÃO. AF_06/2022"]
[]
["LOCAL",null,null,null,"QUANT.","COMP. (M)",null,"LARG. (M)",null,"ÁREA TOTAL (M²)",null,"TRANSP","OBS"]
["Instalações hidrossanitárias",null,null,null,6,{"$nulls":7},"Conforme projeto hidrossanitário"]
[]
[{"$nulls":11},"Total levantado",null,null,{"$f":"E1097","v":6}]
[]
["10.1.40","TE, PVC, SOLDÁVEL, DN 40MM, INSTALADO EM PRUMADA DE ÁGUA - FORNECIMENTO E INSTALAÇÃO. AF_06/2022"]
[]
["LOCAL",null,null,null,"QUANT.","COMP. (M)",null,"LARG. (M)",null,"ÁREA TOTAL (M²)",null,"TRANSP","OBS"]
["Instalações hidrossanitárias",null,null,null,4,{"$nulls":7},"Conforme projeto hidrossanitário"]
[]
[{"$nulls":11},"Total levantado",null,null,{"$f":"E1104","v":4}]
[]
["10.1.41","TÊ SOLDÁVEL E COM ROSCA NA BOLSA CENTRAL, PVC, SOLDÁVEL, DN 20MM X 1/2, INSTALADO EM RAMAL DE DISTRIBUIÇÃO DE ÁGUA - FORNECIMENTO E INSTALAÇÃO. AF_06/2022"]
[]
["LOCAL",null,null,null,"QUANT.","COMP. (M)",null,"LARG. (M)",null,"ÁREA TOTAL (M²)",null,"TRANSP","OBS"]
["Instalações hidrossanitárias",null,null,null,1,{"$nulls":7},"Conforme projeto hidrossanitário"]
[]
[{"$nulls":11},"Total levantado",null,null,{"$f":"E1111","v":1}]
[]
["10.1.42","TUBO, PVC, SOLDÁVEL, DN 20MM, INSTALADO EM RAMAL DE DISTRIBUIÇÃO DE ÁGUA - FORNECIMENTO E INSTALAÇÃO. AF_06/2022"]
[]
["LOCAL",null,null,null,"QUANT.","COMP. (M)",null,"LARG. (M)",null,"ÁREA TOTAL (M²)",null,"TRANSP","OBS"]
["Instalações hidrossanitárias",null,null,null,1,{"$f":"0.23+47.41+3.5+30","v":81.139999999999986},{"$nulls":6},"Conforme projeto hidrossanitário"]
[]
[{"$nulls":11},"Total levantado",null,null,{"$f":"F1118","v":81.139999999999986}]
[]
["10.1.43","TUBO, PVC, SOLDÁVEL, DN 25MM, INSTALADO EM RAMAL DE DISTRIBUIÇÃO DE ÁGUA - FORNECIMENTO E INSTALAÇÃO. AF_06/2022"]
[]
["LOCAL",null,null,null,"QUANT.","COMP. (M)",null,"LARG. (M)",null,"ÁREA TOTAL (M²)",null,"TRANSP","OBS"]
["Instalações hidrossanitárias",null,null,null,1,{"$f":"41.28+33.84+30","v":105.12},{"$nulls":6},"Conforme projeto hidrossanitário"]
[]
[{"$nulls":11},"Total levantado",null,null,{"$f":"F1125","v":105.12}]
[]
["10.1.44","TUBO, PVC, SOLDÁVEL, DN 32MM, INSTALADO EM RAMAL DE DISTRIBUIÇÃO DE ÁGUA - FORNECIMENTO E INSTALAÇÃO. AF_06/2022"]
[]
["LOCAL",null,null,null,"QUANT.","COMP. (M)",null,"LARG. (M)",null,"ÁREA TOTAL (M²)",null,"TRANSP","OBS"]
["Instalações hidrossanitárias",null,null,null,1,{"$f":"97.22+151.62+40","v":288.84000000000003},{"$nulls":6},"Conforme projeto hidrossanitário"]
[]
[{"$nulls":11},"Total levantado",null,null,{"$f":"F1132","v":288.84000000000003}]
[]
["10.1.45","TUBO, PVC, SOLDÁVEL, DN 40MM, INSTALADO EM PRUMADA DE ÁGUA - FORNECIMENTO E INSTALAÇÃO. AF_06/2022"]
[]
["LOCAL",null,null,null,"QUANT.","COMP. (M)",null,"LARG. (M)",null,"ÁREA TOTAL (M²)",null,"TRANSP","OBS"]
["Instalações hidrossanitárias",null,null,null,1,{"$f":"1.39+3.5+60","v":64.89},{"$nulls":6},"Conforme projeto hidrossanitário"]
[]
[{"$nulls":11},"Total levantado",null,null,{"$f":"F1139","v":64.89}]
[]
["10.2.1","JUNÇÃO DE REDUÇÃO INVERTIDA, PVC, SÉRIE NORMAL, ESGOTO PREDIAL, DN 100 X 50 MM, JUNTA ELÁSTICA, FORNECIDO E INSTALADO EM RAMAL DE DESCARGA OU RAMAL DE ESGOTO SANITÁRIO. AF_08/2022"]
[]
["LOCAL",null,null,null,"QUANT.","COMP. (M)",null,"LARG. (M)",null,"ÁREA TOTAL (M²)",null,"TRANSP","OBS"]
["Instalações hidrossanitárias",null,null,null,8,{"$nulls":7},"Conforme projeto hidrossanitário"]
[]
[{"$nulls":11},"Total levantado",null,null,{"$f":"E1146","v":8}]
[]
["10.2.2","JUNÇÃO SIMPLES, PVC, SERIE NORMAL, ESGOTO PREDIAL, DN 50 X 50 MM, JUNTA ELÁSTICA, FORNECIDO E INSTALADO EM RAMAL DE DESCARGA OU RAMAL DE ESGOTO SANITÁRIO. AF_08/2022"]
[]
["LOCAL",null,null,null,"QUANT.","COMP. (M)",null,"LARG. (M)",null,"ÁREA TOTAL (M²)",null,"TRANSP","OBS"]
["Instalações hidrossanitárias",null,null,null,12,{"$nulls":7},"Conforme projeto hidrossanitário"]
[]
[{"$nulls":11},"Total levantado",null,null,{"$f":"E1153","v":12}]
[]
["10.2.3","JUNÇÃO SIMPLES, PVC, SERIE NORMAL, ESGOTO PREDIAL, DN 40 MM, JUNTA SOLDÁVEL, FORNECIDO E INSTALADO EM RAMAL DE DESCARGA OU RAMAL DE ESGOTO SANITÁRIO. AF_08/2022"]
[]
["LOCAL",null,null,null,"QUANT.","COMP. (M)",null,"LARG. (M)",null,"ÁREA TOTAL (M²)",null,"TRANSP","OBS"]
["Instalações hidrossanitárias",null,null,null,8,{"$nulls":7},"Conforme projeto hidrossanitário"]
[]
[{"$nulls":11},"Total levantado",null,null,{"$f":"E1160","v":8}]
[]
["10.2.4","JUNÇÃO SIMPLES, PVC, SERIE NORMAL, ESGOTO PREDIAL, DN 100 X 100 MM, JUNTA ELÁSTICA, FORNECIDO E INSTALADO EM RAMAL DE DESCARGA OU RAMAL DE ESGOTO SANITÁRIO. AF_08/2022"]
[]
["LOCAL",null,null,null,"QUANT.","COMP. (M)",null,"LARG. (M)",null,"ÁREA TOTAL (M²)",null,"TRANSP","OBS"]
["Instalações hidrossanitárias",null,null,null,8,{"$nulls":7},"Conforme projeto hidrossanitário"]
[]
[{"$nulls":11},"Total levantado",null,null,{"$f":"E1167","v":8}]
[]
["10.2.5","CURVA CURTA 90 GRAUS, PVC, SERIE NORMAL, ESGOTO PREDIAL, DN 50 MM, JUNTA ELÁSTICA, FORNECIDO E INSTALADO EM RAMAL DE DESCARGA OU RAMAL DE ESGOTO SANITÁRIO. AF_08/2022"]
[]
["LOCAL",null,null,null,"QUANT.","COMP. (M)",null,"LARG. (M)",null,"ÁREA TOTAL (M²)",null,"TRANSP","OBS"]
["Instalações hidrossanitárias",null,null,null,6,{"$nulls":7},"Conforme projeto hidrossanitário"]
[]
[{"$nulls":11},"Total levantado",null,null,{"$f":"E1174","v":6}]
[]
["10.2.6","CURVA PVC, 45 GRAUS, CURTA, PVC, SÉRIE NORMAL, ESGOTO PREDIAL, DN 100MM, JUNTA ELÁSTICA, FORNECIDO E INSTALADO EM RAMAL DE DESCARGA OU RAMAL DE ESGOTO SANITÁRIO. AF_08/2022"]
[]
["LOCAL",null,null,null,"QUANT.","COMP. (M)",null,"LARG. (M)",null,"ÁREA TOTAL (M²)",null,"TRANSP","OBS"]
["Instalações hidrossanitárias",null,null,null,2,{"$nulls":7},"Conforme projeto hidrossanitário"]
[]
[{"$nulls":11},"Total levantado",null,null,{"$f":"E1181","v":2}]
[]
["10.2.7","CURVA PVC LONGA 45G, PVC, SÉRIE NORMAL, ESGOTO PREDIAL, DN 50 MM, JUNTA ELÁSTICA, FORNECIDO E INSTALADO EM RAMAL DE DESCARGA OU RAMAL DE ESGOTO SANITÁRIO. AF_08/2022"]
[]
["LOCAL",null,null,null,"QUANT.","COMP. (M)",null,"LARG. (M)",null,"ÁREA TOTAL (M²)",null,"TRANSP","OBS"]
["Instalações hidrossanitárias",null,null,null,20,{"$nulls":7},"Conforme projeto hidrossanitário"]
[]
[{"$nulls":11},"Total levantado",null,null,{"$f":"E1188","v":20}]
[]
["10.2.8","CURVA CURTA 90 GRAUS, PVC, SERIE NORMAL, ESGOTO PREDIAL, DN 40 MM, JUNTA SOLDÁVEL, FORNECIDO E INSTALADO EM RAMAL DE DESCARGA OU RAMAL DE ESGOTO SANITÁRIO. AF_08/2022"]
[]
["LOCAL",null,null,null,"QUANT.","COMP. (M)",null,"LARG. (M)",null,"ÁREA TOTAL (M²)",null,"TRANSP","OBS"]
["Instalações hidrossanitárias",null,null,null,17,{"$nulls":7},"Conforme projeto hidrossanitário"]
[]
[{"$nulls":11},"Total levantado",null,null,{"$f":"E1195","v":17}]
[]
["10.2.9","CURVA CURTA 90 GRAUS, PVC, SERIE NORMAL, ESGOTO PREDIAL, DN 100 MM, JUNTA ELÁSTICA, FORNECIDO E INSTALADO EM RAMAL DE DESCARGA OU RAMAL DE ESGOTO SANITÁRIO. AF_08/2022"]
[]
["LOCAL",null,null,null,"QUANT.","COMP. (M)",null,"LARG. (M)",null,"ÁREA TOTAL (M²)",null,"TRANSP","OBS"]
["Instalações hidrossanitárias",null,null,null,9,{"$nulls":7},"Conforme projeto hidrossanitário"]
[]
[{"$nulls":11},"Total levantado",null,null,{"$f":"E1202","v":9}]
[]
["10.2.10","CURVA LONGA 45 GRAUS, PVC, SÉRIE NORMAL, ESGOTO PREDIAL, DN 100 MM, JUNTA ELÁSTICA, FORNECIDO E INSTALADO EM RAMAL DE DESCARGA OU RAMAL DE ESGOTO SANITÁRIO. AF_08/2022"]
[]
["LOCAL",null,null,null,"QUANT.","COMP. (M)",null,"LARG. (M)",null,"ÁREA TOTAL (M²)",null,"TRANSP","OBS"]
["Instalações hidrossanitárias",null,null,null,1,{"$nulls":7},"Conforme projeto hidrossanitário"]
[]
[{"$nulls":11},"Total levantado",null,null,{"$f":"E1209","v":1}]
[]
["10.2.11","JOELHO 90 GRAUS, PVC, SERIE NORMAL, ESGOTO PREDIAL, DN 40 MM, JUNTA SOLDÁVEL, FORNECIDO E INSTALADO EM RAMAL DE DESCARGA OU RAMAL DE ESGOTO SANITÁRIO. AF_08/2022"]
[]
["LOCAL",null,null,null,"QUANT.","COMP. (M)",null,"LARG. (M)",null,"ÁREA TOTAL (M²)",null,"TRANSP","OBS"]
["Instalações hidrossanitárias",null,null,null,18,{"$nulls":7},"Conforme projeto hidrossanitário"]
[]
[{"$nulls":11},"Total levantado",null,null,{"$f":"E1216","v":18}]
[]
["10.2.12","JOELHO 90 GRAUS, PVC, SERIE NORMAL, ESGOTO PREDIAL, DN 50 MM, JUNTA ELÁSTICA, FORNECIDO E INSTALADO EM RAMAL DE DESCARGA OU RAMAL DE ESGOTO SANITÁRIO. AF_08/2022"]
[]
["LOCAL",null,null,null,"QUANT.","COMP. (M)",null,"LARG. (M)",null,"ÁREA TOTAL (M²)",null,"TRANSP","OBS"]
["Instalações hidrossanitárias",null,null,null,12,{"$nulls":7},"Conforme projeto hidrossanitário"]
[]
[{"$nulls":11},"Total levantado",null,null,{"$f":"E1223","v":12}]
[]
["10.2.13","JOELHO 90 GRAUS, PVC, SERIE NORMAL, ESGOTO PREDIAL, DN 100 MM, JUNTA ELÁSTICA, FORNECIDO E INSTALADO EM RAMAL DE DESCARGA OU RAMAL DE ESGOTO SANITÁRIO. AF_08/2022"]
[]
["LOCAL",null,null,null,"QUANT.","COMP. (M)",null,"LARG. (M)",null,"ÁREA TOTAL (M²)",null,"TRANSP","OBS"]
["Instalações hidrossanitárias",null,null,null,8,{"$nulls":7},"Conforme projeto hidrossanitário"]
[]
[{"$nulls":11},"Total levantado",null,null,{"$f":"E1230","v":8}]
[]
["10.2.14","JOELHO 45 GRAUS, PVC, SERIE NORMAL, ESGOTO PREDIAL, DN 40 MM, JUNTA SOLDÁVEL, FORNECIDO E INSTALADO EM RAMAL DE DESCARGA OU RAMAL DE ESGOTO SANITÁRIO. AF_08/2022"]
[]
["LOCAL",null,null,null,"QUANT.","COMP. (M)",null,"LARG. (M)",null,"ÁREA TOTAL (M²)",null,"TRANSP","OBS"]
["Instalações hidrossanitárias",null,null,null,4,{"$nulls":7},"Conforme projeto hidrossanitário"]
[]
[{"$nulls":11},"Total levantado",null,null,{"$f":"E1237","v":4}]
[]
["10.2.15","TUBO PVC, SERIE NORMAL, ESGOTO PREDIAL, DN 40 MM, FORNECIDO E INSTALADO EM RAMAL DE DESCARGA OU RAMAL DE ESGOTO SANITÁRIO. AF_08/2022"]
[]
["LOCAL",null,null,null,"QUANT.","COMP. (M)",null,"LARG. (M)",null,"ÁREA TOTAL (M²)",null,"TRANSP","OBS"]
["Instalações hidrossanitárias",null,null,null,1,{"$f":"14.51+50","v":64.510000000000005},{"$nulls":6},"Conforme projeto hidrossanitário"]
[]
[{"$nulls":11},"Total levantado",null,null,{"$f":"F1244","v":64.510000000000005}]
[]
["10.2.16","TUBO PVC, SERIE NORMAL, ESGOTO PREDIAL, DN 50 MM, FORNECIDO E INSTALADO EM RAMAL DE DESCARGA OU RAMAL DE ESGOTO SANITÁRIO. AF_08/2022"]
[]
["LOCAL",null,null,null,"QUANT.","COMP. (M)",null,"LARG. (M)",null,"ÁREA TOTAL (M²)",null,"TRANSP","OBS"]
["Instalações hidrossanitárias",null,null,null,1,{"$f":"20.9+25","v":45.9},{"$nulls":6},"Conforme projeto hidrossanitário"]
[]
[{"$nulls":11},"Total levantado",null,null,{"$f":"F1251","v":45.9}]
[]
["10.2.17","TUBO PVC, SERIE NORMAL, ESGOTO PREDIAL, DN 75 MM, FORNECIDO E INSTALADO EM RAMAL DE DESCARGA OU RAMAL DE ESGOTO SANITÁRIO. AF_08/2022"]
[]
["LOCAL",null,null,null,"QUANT.","COMP. (M)",null,"LARG. (M)",null,"ÁREA TOTAL (M²)",null,"TRANSP","OBS"]
["Instalações hidrossanitárias",null,null,null,1,0.83,{"$nulls":6},"Conforme projeto hidrossanitário"]
[]
[{"$nulls":11},"Total levantado",null,null,{"$f":"F1258","v":0.83}]
[]
["10.2.18","TUBO PVC, SERIE NORMAL, ESGOTO PREDIAL, DN 100 MM, FORNECIDO E INSTALADO EM RAMAL DE DESCARGA OU RAMAL DE ESGOTO SANITÁRIO. AF_08/2022"]
[]
["LOCAL",null,null,null,"QUANT.","COMP. (M)",null,"LARG. (M)",null,"ÁREA TOTAL (M²)",null,"TRANSP","OBS"]
["Instalações hidrossanitárias",null,null,null,1,{"$f":"136.07+80","v":216.07},{"$nulls":6},"Conforme projeto hidrossanitário"]
[]
[{"$nulls":11},"Total levantado",null,null,{"$f":"F1265","v":216.07}]
[]
["10.2.19","BUCHA DE REDUÇÃO LONGA, PVC, SÉRIE NORMAL, ESGOTO PREDIAL, DN 50 X 40 MM, JUNTA SOLDÁVEL E ELÁSTICA, FORNECIDO E INSTALADO EM RAMAL DE DESCARGA OU RAMAL DE ESGOTO SANITÁRIO. AF_08/2022"]
[]
["LOCAL",null,null,null,"QUANT.","COMP. (M)",null,"LARG. (M)",null,"ÁREA TOTAL (M²)",null,"TRANSP","OBS"]
["Instalações hidrossanitárias",null,null,null,6,{"$nulls":7},"Conforme projeto hidrossanitário"]
[]
[{"$nulls":11},"Total levantado",null,null,{"$f":"E1272","v":6}]
[]
["10.2.20","TE, PVC, SERIE NORMAL, ESGOTO PREDIAL, DN 100 X 100 MM, JUNTA ELÁSTICA, FORNECIDO E INSTALADO EM RAMAL DE DESCARGA OU RAMAL DE ESGOTO SANITÁRIO. AF_08/2022"]
[]
["LOCAL",null,null,null,"QUANT.","COMP. (M)",null,"LARG. (M)",null,"ÁREA TOTAL (M²)",null,"TRANSP","OBS"]
["Instalações hidrossanitárias",null,null,null,3,{"$nulls":7},"Conforme projeto hidrossanitário"]
[]
[{"$nulls":11},"Total levantado",null,null,{"$f":"E1279","v":3}]
[]
["10.2.21","JOELHO 45 GRAUS, PVC, SERIE NORMAL, ESGOTO PREDIAL, DN 100 MM, JUNTA ELÁSTICA, FORNECIDO E INSTALADO EM RAMAL DE DESCARGA OU RAMAL DE ESGOTO SANITÁRIO. AF_08/2022"]
[]
["LOCAL",null,null,null,"QUANT.","COMP. (M)",null,"LARG. (M)",null,"ÁREA TOTAL (M²)",null,"TRANSP","OBS"]
["Instalações hidrossanitárias",null,null,null,2,{"$nulls":7},"Conforme projeto hidrossanitário"]
[]
[{"$nulls":11},"Total levantado",null,null,{"$f":"E1286","v":2}]
[]
["10.2.22","JOELHO 90 GRAUS, PVC, SERIE NORMAL, ESGOTO PREDIAL, DN 50 MM, JUNTA ELÁSTICA, FORNECIDO E INSTALADO EM PRUMADA DE ESGOTO SANITÁRIO OU VENTILAÇÃO. AF_08/2022"]
[]
["LOCAL",null,null,null,"QUANT.","COMP. (M)",null,"LARG. (M)",null,"ÁREA TOTAL (M²)",null,"TRANSP","OBS"]
["Instalações hidrossanitárias",null,null,null,10,{"$nulls":7},"Conforme projeto hidrossanitário"]
[]
[{"$nulls":11},"Total levantado",null,null,{"$f":"E1293","v":10}]
[]
["10.2.23","JUNÇÃO SIMPLES, PVC, SERIE NORMAL, ESGOTO PREDIAL, DN 50 X 50 MM, JUNTA ELÁSTICA, FORNECIDO E INSTALADO EM PRUMADA DE ESGOTO SANITÁRIO OU VENTILAÇÃO. AF_08/2022"]
[]
["LOCAL",null,null,null,"QUANT.","COMP. (M)",null,"LARG. (M)",null,"ÁREA TOTAL (M²)",null,"TRANSP","OBS"]
["Instalações hidrossanitárias",null,null,null,5,{"$nulls":7},"Conforme projeto hidrossanitário"]
[]
[{"$nulls":11},"Total levantado",null,null,{"$f":"E1300","v":5}]
[]
["10.2.24","JOELHO 90 GRAUS, PVC, SERIE NORMAL, ESGOTO PREDIAL, DN 50 MM, JUNTA ELÁSTICA, FORNECIDO E INSTALADO EM PRUMADA DE ESGOTO SANITÁRIO OU VENTILAÇÃO. AF_08/2022"]
[]
["LOCAL",null,null,null,"QUANT.","COMP. (M)",null,"LARG. (M)",null,"ÁREA TOTAL (M²)",null,"TRANSP","OBS"]
["Instalações hidrossanitárias",null,null,null,1,{"$nulls":7},"Conforme projeto hidrossanitário"]
[]
[{"$nulls":11},"Total levantado",null,null,{"$f":"E1307","v":1}]
[]
["10.2.25","JOELHO 45 GRAUS, PVC, SERIE NORMAL, ESGOTO PREDIAL, DN 50 MM, JUNTA ELÁSTICA, FORNECIDO E INSTALADO EM PRUMADA DE ESGOTO SANITÁRIO OU VENTILAÇÃO. AF_08/2022"]
[]
["LOCAL",null,null,null,"QUANT.","COMP. (M)",null,"LARG. (M)",null,"ÁREA TOTAL (M²)",null,"TRANSP","OBS"]
["Instalações hidrossanitárias",null,null,null,1,{"$nulls":7},"Conforme projeto hidrossanitário"]
[]
[{"$nulls":11},"Total levantado",null,null,{"$f":"E1314","v":1}]
[]
["10.2.26","TUBO PVC, SERIE NORMAL, ESGOTO PREDIAL, DN 50 MM, FORNECIDO E INSTALADO EM PRUMADA DE ESGOTO SANITÁRIO OU VENTILAÇÃO. AF_08/2022"]
[]
["LOCAL",null,null,null,"QUANT.","COMP. (M)",null,"LARG. (M)",null,"ÁREA TOTAL (M²)",null,"TRANSP","OBS"]
["Instalações hidrossanitárias",null,null,null,1,40,{"$nulls":6},"Conforme projeto hidrossanitário"]
[]
[{"$nulls":11},"Total levantado",null,null,{"$f":"F1321","v":40}]
[]
["10.2.27","TUBO PVC, SERIE NORMAL, ESGOTO PREDIAL, DN 100 MM, FORNECIDO E INSTALADO EM PRUMADA DE ESGOTO SANITÁRIO OU VENTILAÇÃO. AF_08/2022"]
[]
["LOCAL",null,null,null,"QUANT.","COMP. (M)",null,"LARG. (M)",null,"ÁREA TOTAL (M²)",null,"TRANSP","OBS"]
["Instalações hidrossanitárias",null,null,null,1,50,{"$nulls":6},"Conforme projeto hidrossanitário"]
[]
[{"$nulls":11},"Total levantado",null,null,{"$f":"F1328","v":50}]
[]
["10.2.28","TERMINAL DE VENTILAÇÃO, PVC, SÉRIE NORMAL, ESGOTO PREDIAL, DN 100 MM, JUNTA SOLDÁVEL, FORNECIDO E INSTALADO EM PRUMADA DE ESGOTO SANITÁRIO OU VENTILAÇÃO. AF_08/2022"]
[]
["LOCAL",null,null,null,"QUANT.","COMP. (M)",null,"LARG. (M)",null,"ÁREA TOTAL (M²)",null,"TRANSP","OBS"]
["Instalações hidrossanitárias",null,null,null,10,{"$nulls":7},"Conforme projeto hidrossanitário"]
[]
[{"$nulls":11},"Total levantado",null,null,{"$f":"E1335","v":10}]
[]
["10.2.29","ESCAVAÇÃO MANUAL DE VALA COM PROFUNDIDADE MENOR OU IGUAL A 1,30 M. AF_02/2021"]
[]
["LOCAL",null,null,null,"QUANT.","COMP. (M)",null,"LARG. (M)",null,"ALT (M)",null,"VOL. (M³)","OBS"]
["Instalações hidrossanitárias",null,null,null,1,{"$f":"F1265+F1258+F1251+F1244","v":327.31},null,0.2,null,0.7,null,{"$f":"E1342*F1342*H1342*J1342","v":45.823399999999999},"Conforme projeto hidrossanitário"]
[]
[{"$nulls":11},"Total levantado",null,null,{"$f":"L1342","v":45.823399999999999}]
[]
["10.3.1","CHUVEIRO ELÉTRICO COMUM CORPO PLÁSTICO, TIPO DUCHA FORNECIMENTO E INSTALAÇÃO. AF_01/2020"]
[]
["LOCAL",null,null,null,"QUANT.","COMP. (M)",null,"LARG. (M)",null,"ÁREA TOTAL (M²)",null,"TRANSP","OBS"]
["Instalações hidrossanitárias",null,null,null,1,{"$nulls":7},"Conforme projeto hidrossanitário"]
[]
[{"$nulls":11},"Total levantado",null,null,{"$f":"E1349","v":1}]
[]
["10.3.2","MICTÓRIO SIFONADO LOUÇA BRANCA PADRÃO MÉDIO FORNECIMENTO E INSTALAÇÃO. AF_01/2020"]
[]
["LOCAL",null,null,null,"QUANT.","COMP. (M)",null,"LARG. (M)",null,"ÁREA TOTAL (M²)",null,"TRANSP","OBS"]
["Instalações hidrossanitárias",null,null,null,6,{"$nulls":7},"Conforme projeto hidrossanitário"]
[]
[{"$nulls":11},"Total levantado",null,null,{"$f":"E1356","v":6}]
[]
["10.3.3","TORNEIRA CROMADA TUBO MÓVEL, DE MESA, 1/2 OU 3/4, PARA PIA DE COZINHA, PADRÃO ALTO - FORNECIMENTO E INSTALAÇÃO. AF_01/2020"]
[]
["LOCAL",null,null,null,"QUANT.","COMP. (M)",null,"LARG. (M)",null,"ÁREA TOTAL (M²)",null,"TRANSP","OBS"]
["Instalações hidrossanitárias",null,null,null,3,{"$nulls":7},"Conforme projeto hidrossanitário"]
[]
[{"$nulls":11},"Total levantado",null,null,{"$f":"E1363","v":3}]
[]
["10.3.4","TORNEIRA CROMADA DE MESA, 1/2 OU 3/4, PARA LAVATÓRIO, PADRÃO MÉDIO - FORNECIMENTO E INSTALAÇÃO. AF_01/2020"]
[]
["LOCAL",null,null,null,"QUANT.","COMP. (M)",null,"LARG. (M)",null,"ÁREA TOTAL (M²)",null,"TRANSP","OBS"]
["Instalações hidrossanitárias",null,null,null,14,{"$nulls":7},"Conforme projeto hidrossanitário"]
[]
[{"$nulls":11},"Total levantado",null,null,{"$f":"E1370","v":14}]
[]
["10.3.5","VASO SANITÁRIO SIFONADO COM CAIXA ACOPLADA LOUÇA BRANCA - FORNECIMENTO E INSTALAÇÃO. AF_01/2020"]
[]
["LOCAL",null,null,null,"QUANT.","COMP. (M)",null,"LARG. (M)",null,"ÁREA TOTAL (M²)",null,"TRANSP","OBS"]
["Instalações hidrossanitárias",null,null,null,15,{"$nulls":7},"Conforme projeto hidrossanitário"]
[]
[{"$nulls":11},"Total levantado",null,null,{"$f":"E1377","v":15}]
[]
["10.3.6","VASO SANITARIO SIFONADO CONVENCIONAL PARA PCD SEM FURO FRONTAL COM LOUÇA BRANCA SEM ASSENTO - FORNECIMENTO E INSTALAÇÃO. AF_01/2020"]
[]
["LOCAL",null,null,null,"QUANT.","COMP. (M)",null,"LARG. (M)",null,"ÁREA TOTAL (M²)",null,"TRANSP","OBS"]
["Instalações hidrossanitárias",null,null,null,1,{"$nulls":7},"Conforme projeto hidrossanitário"]
[]
[{"$nulls":11},"Total levantado",null,null,{"$f":"E1384","v":1}]
[]
["10.3.7","CAIXA D´ÁGUA EM POLIÉSTER REFORÇADO COM FIBRA DE VIDRO, 5000 LITROS - FORNECIMENTO E INSTALAÇÃO. AF_06/2021"]
[]
["LOCAL",null,null,null,"QUANT.","COMP. (M)",null,"LARG. (M)",null,"ÁREA TOTAL (M²)",null,"TRANSP","OBS"]
["Instalações hidrossanitárias",null,null,null,2,{"$nulls":7},"Conforme projeto hidrossanitário"]
[]
[{"$nulls":11},"Total levantado",null,null,{"$f":"E1391","v":2}]
[]
["10.3.8","CAIXA COM GRELHA RETANGULAR DE FERRO FUNDIDO, EM ALVENARIA COM BLOCOS DE CONCRETO, DIMENSÕES INTERNAS: 0,30 X 1,00 X 1,00. AF_12/2020"]
[]
["LOCAL",null,null,null,"QUANT.","COMP. (M)",null,"LARG. (M)",null,"ÁREA TOTAL (M²)",null,"TRANSP","OBS"]
["Instalações hidrossanitárias",null,null,null,7,{"$nulls":7},"Conforme projeto hidrossanitário"]
[]
[{"$nulls":11},"Total levantado",null,null,{"$f":"E1398","v":7}]
[]
["10.3.9","CAIXA ENTERRADA HIDRÁULICA RETANGULAR, EM ALVENARIA COM BLOCOS DE CONCRETO, DIMENSÕES INTERNAS: 0,6X0,6X0,6 M PARA REDE DE ESGOTO. AF_12/2020"]
[]
["LOCAL",null,null,null,"QUANT.","COMP. (M)",null,"LARG. (M)",null,"ÁREA TOTAL (M²)",null,"TRANSP","OBS"]
["Instalações hidrossanitárias",null,null,null,7,{"$nulls":7},"Conforme projeto hidrossanitário"]
[]
[{"$nulls":11},"Total levantado",null,null,{"$f":"E1405","v":7}]
[]
["10.3.10","CAIXA SIFONADA, COM GRELHA REDONDA, PVC, DN 150 X 150 X 50 MM, JUNTA SOLDÁVEL, FORNECIDA E INSTALADA EM RAMAL DE DESCARGA OU EM RAMAL DE ESGOTO SANITÁRIO. AF_08/2022"]
[]
["LOCAL",null,null,null,"QUANT.","COMP. (M)",null,"LARG. (M)",null,"ÁREA TOTAL (M²)",null,"TRANSP","OBS"]
["Instalações hidrossanitárias",null,null,null,8,{"$nulls":7},"Conforme projeto hidrossanitário"]
[]
[{"$nulls":11},"Total levantado",null,null,{"$f":"E1412","v":8}]
[]
["10.3.11","RALO SIFONADO, PVC, DN 100 X 40 MM, JUNTA SOLDÁVEL, FORNECIDO E INSTALADO EM RAMAL DE DESCARGA OU EM RAMAL DE ESGOTO SANITÁRIO. AF_08/2022"]
[]
["LOCAL",null,null,null,"QUANT.","COMP. (M)",null,"LARG. (M)",null,"ÁREA TOTAL (M²)",null,"TRANSP","OBS"]
["Instalações hidrossanitárias",null,null,null,1,{"$nulls":7},"Conforme projeto hidrossanitário"]
[]
[{"$nulls":11},"Total levantado",null,null,{"$f":"E1419","v":1}]
[]
["10.3.12","BANCADA DE GRANITO CINZA POLIDO, DE 1,50 X 0,60 M, PARA PIA DE COZINHA - FORNECIMENTO E INSTALAÇÃO. AF_01/2020"]
[]
["LOCAL",null,null,null,"QUANT.","COMP. (M)",null,"LARG. (M)",null,"ÁREA TOTAL (M²)",null,"TRANSP","OBS"]
["Instalações hidrossanitárias",null,null,null,3,{"$nulls":7},"Conforme projeto hidrossanitário"]
[]
[{"$nulls":11},"Total levantado",null,null,{"$f":"E1426","v":3}]
[]
["10.3.13","CUBA DE EMBUTIR DE AÇO INOXIDÁVEL MÉDIA, INCLUSO VÁLVULA TIPO AMERICANA E SIFÃO TIPO GARRAFA EM METAL CROMADO - FORNECIMENTO E INSTALAÇÃO. AF_01/2020"]
[]
["LOCAL",null,null,null,"QUANT.","COMP. (M)",null,"LARG. (M)",null,"ÁREA TOTAL (M²)",null,"TRANSP","OBS"]
["Instalações hidrossanitárias",null,null,null,3,{"$nulls":7},"Conforme projeto hidrossanitário"]
[]
[{"$nulls":11},"Total levantado",null,null,{"$f":"E1433","v":3}]
[]
["10.3.14","BANCADA DE GRANITO CINZA POLIDO, DE 0,50 X 0,60 M, PARA LAVATÓRIO - FORNECIMENTO E INSTALAÇÃO. AF_01/2020"]
[]
["LOCAL",null,null,null,"QUANT.","COMP. (M)",null,"LARG. (M)",null,"ÁREA TOTAL (M²)",null,"TRANSP","OBS"]
["Instalações hidrossanitárias",null,null,null,14,{"$nulls":7},"Conforme projeto hidrossanitário"]
[]
[{"$nulls":11},"Total levantado",null,null,{"$f":"E1440","v":14}]
[]
["10.3.15","CUBA DE EMBUTIR OVAL EM LOUÇA BRANCA, 35 X 50CM OU EQUIVALENTE, INCLUSO VÁLVULA EM METAL CROMADO E SIFÃO FLEXÍVEL EM PVC - FORNECIMENTO E INSTALAÇÃO. AF_01/2020"]
[]
["LOCAL",null,null,null,"QUANT.","COMP. (M)",null,"LARG. (M)",null,"ÁREA TOTAL (M²)",null,"TRANSP","OBS"]
["Instalações hidrossanitárias",null,null,null,14,{"$nulls":7},"Conforme projeto hidrossanitário"]
[]
[{"$nulls":11},"Total levantado",null,null,{"$f":"E1447","v":14}]
[]
["10.3.16","TANQUE DE LOUÇA BRANCA SUSPENSO, 18L OU EQUIVALENTE, INCLUSO SIFÃO TIPO GARRAFA EM METAL CROMADO, VÁLVULA METÁLICA E TORNEIRA DE METAL CROMADO PADRÃO MÉDIO - FORNECIMENTO E INSTALAÇÃO. AF_01/2020"]
[]
["LOCAL",null,null,null,"QUANT.","COMP. (M)",null,"LARG. (M)",null,"ÁREA TOTAL (M²)",null,"TRANSP","OBS"]
["Instalações hidrossanitárias",null,null,null,2,{"$nulls":7},"Conforme projeto hidrossanitário"]
[]
[{"$nulls":11},"Total levantado",null,null,{"$f":"E1454","v":2}]
[]
["10.3.17","KIT DE ACESSORIOS PARA BANHEIRO EM METAL CROMADO, 5 PECAS, INCLUSO FIXAÇÃO. AF_01/2020"]
[]
["LOCAL",null,null,null,"QUANT.","COMP. (M)",null,"LARG. (M)",null,"ÁREA TOTAL (M²)",null,"TRANSP","OBS"]
["Instalações hidrossanitárias",null,null,null,5,{"$nulls":7},"Conforme projeto hidrossanitário"]
[]
[{"$nulls":11},"Total levantado",null,null,{"$f":"E1461","v":5}]
[]
["10.3.18","ASSENTO SANITÁRIO CONVENCIONAL - FORNECIMENTO E INSTALACAO. AF_01/2020"]
[]
["LOCAL",null,null,null,"QUANT.","COMP. (M)",null,"LARG. (M)",null,"ÁREA TOTAL (M²)",null,"TRANSP","OBS"]
["Instalações hidrossanitárias",null,null,null,16,{"$nulls":7},"Conforme projeto hidrossanitário"]
[]
[{"$nulls":11},"Total levantado",null,null,{"$f":"E1468","v":16}]
[]
["10.3.19","BARRA DE APOIO RETA, EM ACO INOX POLIDO, COMPRIMENTO 80 CM, FIXADA NA PAREDE - FORNECIMENTO E INSTALAÇÃO. AF_01/2020"]
[]
["LOCAL",null,null,null,"QUANT.","COMP. (M)",null,"LARG. (M)",null,"ÁREA TOTAL (M²)",null,"TRANSP","OBS"]
["Instalações hidrossanitárias",null,null,null,3,{"$nulls":7},"Conforme projeto hidrossanitário"]
[]
[{"$nulls":11},"Total levantado",null,null,{"$f":"E1475","v":3}]
[]
["10.3.20","PUXADOR PARA PCD, FIXADO NA PORTA - FORNECIMENTO E INSTALAÇÃO. AF_01/2020"]
[]
["LOCAL",null,null,null,"QUANT.","COMP. (M)",null,"LARG. (M)",null,"ÁREA TOTAL (M²)",null,"TRANSP","OBS"]
["Instalações hidrossanitárias",null,null,null,2,{"$nulls":7},"Conforme projeto hidrossanitário"]
[]
[{"$nulls":11},"Total levantado",null,null,{"$f":"E1482","v":2}]
[]
["10.3.21","CAIXA DE GORDURA PEQUENA (CAPACIDADE: 19 L), CIRCULAR, EM PVC, DIÂMETRO INTERNO= 0,3 M. AF_12/2020"]
[]
["LOCAL",null,null,null,"QUANT.","COMP. (M)",null,"LARG. (M)",null,"ÁREA TOTAL (M²)",null,"TRANSP","OBS"]
["Instalações hidrossanitárias",null,null,null,1,{"$nulls":7},"Conforme projeto hidrossanitário"]
[]
[{"$nulls":11},"Total levantado",null,null,{"$f":"E1489","v":1}]
[]
["10.3.22","CAIXA ENTERRADA HIDRÁULICA RETANGULAR, EM ALVENARIA COM BLOCOS DE CONCRETO, DIMENSÕES INTERNAS: 1X1X0,6 M PARA REDE DE ESGOTO. AF_12/2020"]
[]
["LOCAL",null,null,null,"QUANT.","COMP. (M)",null,"LARG. (M)",null,"ÁREA TOTAL (M²)",null,"TRANSP","OBS"]
["Instalações hidrossanitárias",null,null,null,8,{"$nulls":7},"Conforme projeto hidrossanitário"]
[]
[{"$nulls":11},"Total levantado",null,null,{"$f":"E1496","v":8}]
[]
["10.3.23","KIT CAVALETE PARA MEDIÇÃO DE ÁGUA - ENTRADA PRINCIPAL, EM PVC SOLDÁVEL DN 25 (¾\") FORNECIMENTO E INSTALAÇÃO (EXCLUSIVE HIDRÔMETRO). AF_11/2016"]
[]
["LOCAL",null,null,null,"QUANT.","COMP. (M)",null,"LARG. (M)",null,"ÁREA TOTAL (M²)",null,"TRANSP","OBS"]
["Instalações hidrossanitárias",null,null,null,1,{"$nulls":7},"Conforme projeto hidrossanitário"]
[]
[{"$nulls":11},"Total levantado",null,null,{"$f":"E1503","v":1}]
[]
["10.3.24","CAIXA EM CONCRETO PRÉ-MOLDADO PARA ABRIGO DE HIDRÔMETRO COM DN 20 (½) FORNECIMENTO E INSTALAÇÃO. AF_11/2016"]
[]
["LOCAL",null,null,null,"QUANT.","COMP. (M)",null,"LARG. (M)",null,"ÁREA TOTAL (M²)",null,"TRANSP","OBS"]
["Instalações hidrossanitárias",null,null,null,1,{"$nulls":7},"Conforme projeto hidrossanitário"]
[]
[{"$nulls":11},"Total levantado",null,null,{"$f":"E1510","v":1}]
[]
["10.3.25","TANQUE SÉPTICO RETANGULAR, EM ALVENARIA COM BLOCOS DE CONCRETO, DIMENSÕES INTERNAS: 1,6 X 4,6 X H=2,4 M, VOLUME ÚTIL: 14720 L (PARA 105 CONTRIBUINTES). AF_12/2020"]
[]
["LOCAL",null,null,null,"QUANT.","COMP. (M)",null,"LARG. (M)",null,"ÁREA TOTAL (M²)",null,"TRANSP","OBS"]
["Instalações hidrossanitárias",null,null,null,1,{"$nulls":7},"Conforme projeto hidrossanitário"]
[]
[{"$nulls":11},"Total levantado",null,null,{"$f":"E1517","v":1}]
[]
["10.3.26","FILTRO ANAERÓBIO RETANGULAR, EM ALVENARIA COM BLOCOS DE CONCRETO, DIMENSÕES INTERNAS: 1,6 X 5,6 X H=1,67 M, VOLUME ÚTIL: 10752 L (PARA 103 CONTRIBUINTES). AF_12/2020"]
[]
["LOCAL",null,null,null,"QUANT.","COMP. (M)",null,"LARG. (M)",null,"ÁREA TOTAL (M²)",null,"TRANSP","OBS"]
["Instalações hidrossanitárias",null,null,null,1,{"$nulls":7},"Conforme projeto hidrossanitário"]
[]
[{"$nulls":11},"Total levantado",null,null,{"$f":"E1524","v":1}]
[]
["10.3.27","SUMIDOURO RETANGULAR, EM ALVENARIA COM BLOCOS DE CONCRETO, DIMENSÕES INTERNAS: 1,6 X 5,8 X H=3,0 M, ÁREA DE INFILTRAÇÃO: 50 M² (PARA 20 CONTRIBUINTES). . AF_12/2020"]
[]
["LOCAL",null,null,null,"QUANT.","COMP. (M)",null,"LARG. (M)",null,"ÁREA TOTAL (M²)",null,"TRANSP","OBS"]
["Instalações hidrossanitárias",null,null,null,4,{"$nulls":7},"Conforme projeto hidrossanitário"]
[]
[{"$nulls":11},"Total levantado",null,null,{"$f":"E1531","v":4}]
[]
["10.3.28","ESCAVAÇÃO MECANIZADA DE VALA COM PROF. MAIOR QUE 1,5 M ATÉ 3,0 M (MÉDIA MONTANTE E JUSANTE/UMA COMPOSIÇÃO POR TRECHO),COM ESCAVADEIRA (1,2 M3),LARG. DE 1,5 M A 2,5 M, EM SOLO DE 1A CATEGORIA, LOCAIS COM BAIXO NÍVEL DE INTERFERÊNCIA. AF_02/2021"]
[]
["LOCAL",null,null,null,"QUANT.","COMP. (M)",null,"LARG. (M)",null,"VOL.  (M³)",null,"TRANSP","OBS"]
["Tanque",null,null,null,1,{"$nulls":4},{"$f":"1.6*4.6*2.4","v":17.663999999999998},null,null,"Conforme projeto hidrossanitário"]
["Filtro",null,null,null,1,{"$nulls":4},{"$f":"1.6*5.6*1.67","v":14.963199999999997},null,null,"Conforme projeto hidrossanitário"]
["Sumidouro",null,null,null,1,{"$nulls":4},{"$f":"4*1.6*5.8*3","v":111.35999999999999},null,null,"Conforme projeto hidrossanitário"]
[]
[{"$nulls":11},"Total levantado",null,null,{"$f":"J1540+J1539+J1538","v":143.98719999999997}]
[]
["11.1.1","ELETROCALHA LISA OU PERFURADA EM AÇO GALVANIZADO, LARGURA 50MM E ALTURA 50MM, INCLUSIVE EMENDA E FIXAÇÃO - FORNECIMENTO E INSTALAÇÃO"]
[]
["LOCAL",null,null,null,"QUANT.","COMP. (M)",null,"LARG. (M)",null,"ÁREA TOTAL (M²)",null,"TRANSP","OBS"]
["Instalações elétricas e de lógica",{"$nulls":4},{"$f":"245+250+90","v":585},{"$nulls":6},"Conforme projeto elétrico"]
[]
[{"$nulls":11},"Total levantado",null,null,{"$f":"F1547","v":585}]
[]
["11.1.2","ELETROCALHA LISA OU PERFURADA EM AÇO GALVANIZADO, LARGURA 100MM E ALTURA 50MM, INCLUSIVE EMENDA E FIXAÇÃO - FORNECIMENTO E INSTALAÇÃO"]
[]
["LOCAL",null,null,null,"QUANT.","COMP. (M)",null,"LARG. (M)",null,"ÁREA TOTAL (M²)",null,"TRANSP","OBS"]
["Instalações elétricas",null,null,null,1,{"$f":"61+80+60","v":201},{"$nulls":6},"Conforme projeto elétrico"]
[]
[{"$nulls":11},"Total levantado",null,null,{"$f":"F1554","v":201}]
[]
["11.1.3","ELETRODUTO FLEXÍVEL CORRUGADO, PVC, DN 25 MM (3/4\"), PARA CIRCUITOS TERMINAIS, INSTALADO EM LAJE - FORNECIMENTO E INSTALAÇÃO. AF_12/2015"]
[]
["LOCAL",null,null,null,"QUANT.","COMP. (M)",null,"LARG. (M)",null,"ÁREA TOTAL (M²)",null,"TRANSP","OBS"]
["Instalações elétricas",null,null,null,1,{"$f":"845/2+550","v":972.5},{"$nulls":6},"Conforme projeto elétrico"]
[]
[{"$nulls":11},"Total levantado",null,null,{"$f":"F1561","v":972.5}]
[]
["11.1.4","CABO DE COBRE FLEXÍVEL ISOLADO, 2,5 MM², ANTI-CHAMA 450/750 V, PARA CIRCUITOS TERMINAIS - FORNECIMENTO E INSTALAÇÃO. AF_12/2015"]
[]
["LOCAL",null,null,null,"QUANT.","COMP. (M)",null,"LARG. (M)",null,"ÁREA TOTAL (M²)",null,"TRANSP","OBS"]
["Instalações elétricas",null,null,null,1,{"$f":"535.07+176.75+156.8+156.8+453.57+201.52+1007.6+481.85+400.65+875.15+125.1+3610.7","v":8181.56},{"$nulls":6},"Conforme projeto elétrico"]
[]
[{"$nulls":11},"Total levantado",null,null,{"$f":"F1568","v":8181.56}]
[]
["11.1.5","CABO DE COBRE FLEXÍVEL ISOLADO, 4 MM², ANTI-CHAMA 450/750 V, PARA CIRCUITOS TERMINAIS - FORNECIMENTO E INSTALAÇÃO. AF_12/2015"]
[]
["LOCAL",null,null,null,"QUANT.","COMP. (M)",null,"LARG. (M)",null,"ÁREA TOTAL (M²)",null,"TRANSP","OBS"]
["Instalações elétricas",null,null,null,1,{"$f":"497.52+231.3+452.72+266.22+309.45+46.4+279.4+263.05","v":2346.0600000000004},{"$nulls":6},"Conforme projeto elétrico"]
[]
[{"$nulls":11},"Total levantado",null,null,{"$f":"F1575","v":2346.0600000000004}]
[]
["11.1.6","CABO DE COBRE ISOLADO, 16 MM², ANTI-CHAMA 450/750 V, INSTALADO EM ELETROCALHA OU PERFILADO - FORNECIMENTO E INSTALAÇÃO. AF_10/2020"]
[]
["LOCAL",null,null,null,"QUANT.","COMP. (M)",null,"LARG. (M)",null,"ÁREA TOTAL (M²)",null,"TRANSP","OBS"]
["Instalações elétricas",null,null,null,1,{"$f":"36.8+36.8+36.8+39.7+36.8+80","v":266.89999999999998},{"$nulls":6},"Conforme projeto elétrico"]
[]
[{"$nulls":11},"Total levantado",null,null,{"$f":"F1582","v":266.89999999999998}]
[]
["11.1.7","CABO DE COBRE FLEXÍVEL ISOLADO, 35 MM², ANTI-CHAMA 0,6/1,0 KV, PARA REDE ENTERRADA DE DISTRIBUIÇÃO DE ENERGIA ELÉTRICA - FORNECIMENTO E INSTALAÇÃO. AF_12/2021"]
[]
["LOCAL",null,null,null,"QUANT.","COMP. (M)",null,"LARG. (M)",null,"ÁREA TOTAL (M²)",null,"TRANSP","OBS"]
["Instalações elétricas",null,null,null,1,{"$f":"2.9+2.9+2.9+2.9+100","v":111.6},{"$nulls":6},"Conforme projeto elétrico"]
[]
[{"$nulls":11},"Total levantado",null,null,{"$f":"F1589","v":111.6}]
[]
["11.1.8","INTERRUPTOR SIMPLES (1 MÓDULO), 10A/250V, INCLUINDO SUPORTE E PLACA - FORNECIMENTO E INSTALAÇÃO. AF_12/2015"]
[]
["LOCAL",null,null,null,"QUANT.","COMP. (M)",null,"LARG. (M)",null,"ÁREA TOTAL (M²)",null,"TRANSP","OBS"]
["Instalações elétricas",null,null,null,37,{"$nulls":7},"Conforme projeto elétrico"]
[]
[{"$nulls":11},"Total levantado",null,null,{"$f":"E1596","v":37}]
[]
["11.1.9","INTERRUPTOR PARALELO (1 MÓDULO), 10A/250V, INCLUINDO SUPORTE E PLACA - FORNECIMENTO E INSTALAÇÃO. AF_12/2015"]
[]
["LOCAL",null,null,null,"QUANT.","COMP. (M)",null,"LARG. (M)",null,"ÁREA TOTAL (M²)",null,"TRANSP","OBS"]
["Instalações elétricas",null,null,null,6,{"$nulls":7},"Conforme projeto elétrico"]
[]
[{"$nulls":11},"Total levantado",null,null,{"$f":"E1603","v":6}]
[]
["11.1.10","INTERRUPTOR SIMPLES (2 MÓDULOS), 10A/250V, INCLUINDO SUPORTE E PLACA - FORNECIMENTO E INSTALAÇÃO. AF_12/2015"]
[]
["LOCAL",null,null,null,"QUANT.","COMP. (M)",null,"LARG. (M)",null,"ÁREA TOTAL (M²)",null,"TRANSP","OBS"]
["Instalações elétricas",null,null,null,18,{"$nulls":7},"Conforme projeto elétrico"]
[]
[{"$nulls":11},"Total levantado",null,null,{"$f":"E1610","v":18}]
[]
["11.1.11","INTERRUPTOR PARALELO (3 MÓDULOS), 10A/250V, INCLUINDO SUPORTE E PLACA - FORNECIMENTO E INSTALAÇÃO. AF_12/2015"]
[]
["LOCAL",null,null,null,"QUANT.","COMP. (M)",null,"LARG. (M)",null,"ÁREA TOTAL (M²)",null,"TRANSP","OBS"]
["Instalações elétricas",null,null,null,2,{"$nulls":7},"Conforme projeto elétrico"]
[]
[{"$nulls":11},"Total levantado",null,null,{"$f":"E1617","v":2}]
[]
["11.1.12","INTERRUPTOR SIMPLES (3 MÓDULOS), 10A/250V, INCLUINDO SUPORTE E PLACA - FORNECIMENTO E INSTALAÇÃO. AF_12/2015"]
[]
["LOCAL",null,null,null,"QUANT.","COMP. (M)",null,"LARG. (M)",null,"ÁREA TOTAL (M²)",null,"TRANSP","OBS"]
["Instalações elétricas",null,null,null,4,{"$nulls":7},"Conforme projeto elétrico"]
[]
[{"$nulls":11},"Total levantado",null,null,{"$f":"E1624","v":4}]
[]
["11.1.13","TOMADA MÉDIA DE EMBUTIR (1 MÓDULO), 2P+T 10 A, INCLUINDO SUPORTE E PLACA - FORNECIMENTO E INSTALAÇÃO. AF_12/2015"]
[]
["LOCAL",null,null,null,"QUANT.","COMP. (M)",null,"LARG. (M)",null,"ÁREA TOTAL (M²)",null,"TRANSP","OBS"]
["Instalações elétricas",null,null,null,{"$f":"31+35","v":66},{"$nulls":7},"Conforme projeto elétrico"]
[]
[{"$nulls":11},"Total levantado",null,null,{"$f":"E1631","v":66}]
[]
["11.1.14","TOMADA BAIXA DE EMBUTIR (1 MÓDULO), 2P+T 10 A, INCLUINDO SUPORTE E PLACA - FORNECIMENTO E INSTALAÇÃO. AF_12/2015"]
[]
["LOCAL",null,null,null,"QUANT.","COMP. (M)",null,"LARG. (M)",null,"ÁREA TOTAL (M²)",null,"TRANSP","OBS"]
["Instalações elétricas",null,null,null,{"$f":"31+38","v":69},{"$nulls":7},"Conforme projeto elétrico"]
[]
[{"$nulls":11},"Total levantado",null,null,{"$f":"E1638","v":69}]
[]
["11.1.15","TOMADA MÉDIA DE EMBUTIR (2 MÓDULOS), 2P+T 10 A, INCLUINDO SUPORTE E PLACA - FORNECIMENTO E INSTALAÇÃO. AF_12/2015"]
[]
["LOCAL",null,null,null,"QUANT.","COMP. (M)",null,"LARG. (M)",null,"ÁREA TOTAL (M²)",null,"TRANSP","OBS"]
["Instalações elétricas",null,null,null,{"$f":"72/2+40","v":76},{"$nulls":7},"Conforme projeto elétrico"]
[]
[{"$nulls":11},"Total levantado",null,null,{"$f":"E1645","v":76}]
[]
["11.1.16","TOMADA BAIXA DE EMBUTIR (2 MÓDULOS), 2P+T 10 A, INCLUINDO SUPORTE E PLACA - FORNECIMENTO E INSTALAÇÃO. AF_12/2015"]
[]
["LOCAL",null,null,null,"QUANT.","COMP. (M)",null,"LARG. (M)",null,"ÁREA TOTAL (M²)",null,"TRANSP","OBS"]
["Instalações elétricas",null,null,null,{"$f":"36+45","v":81},{"$nulls":7},"Conforme projeto elétrico"]
[]
[{"$nulls":11},"Total levantado",null,null,{"$f":"E1652","v":81}]
[]
["11.1.17","QUADRO DE DISTRIBUIÇÃO DE ENERGIA EM CHAPA DE AÇO GALVANIZADO, DE EMBUTIR, COM BARRAMENTO TRIFÁSICO, PARA 30 DISJUNTORES DIN 150A - FORNECIMENTO E INSTALAÇÃO. AF_10/2020"]
[]
["LOCAL",null,null,null,"QUANT.","COMP. (M)",null,"LARG. (M)",null,"ÁREA TOTAL (M²)",null,"TRANSP","OBS"]
["Instalações elétricas",null,null,null,2,{"$nulls":7},"Conforme projeto elétrico"]
[]
[{"$nulls":11},"Total levantado",null,null,{"$f":"E1659","v":2}]
[]
["11.1.18","QUADRO DE DISTRIBUIÇÃO DE ENERGIA EM CHAPA DE AÇO GALVANIZADO, DE EMBUTIR, COM BARRAMENTO TRIFÁSICO, PARA 30 DISJUNTORES DIN 225A - FORNECIMENTO E INSTALAÇÃO. AF_10/2020"]
[]
["LOCAL",null,null,null,"QUANT.","COMP. (M)",null,"LARG. (M)",null,"ÁREA TOTAL (M²)",null,"TRANSP","OBS"]
["Instalações elétricas",null,null,null,2,{"$nulls":7},"Conforme projeto elétrico"]
[]
[{"$nulls":11},"Total levantado",null,null,{"$f":"E1666","v":2}]
[]
["11.1.19","DISJUNTOR MONOPOLAR TIPO DIN, CORRENTE NOMINAL DE 16A - FORNECIMENTO E INSTALAÇÃO. AF_10/2020"]
[]
["LOCAL",null,null,null,"QUANT.","COMP. (M)",null,"LARG. (M)",null,"ÁREA TOTAL (M²)",null,"TRANSP","OBS"]
["Instalações elétricas",null,null,null,{"$f":"11+20","v":31},{"$nulls":7},"Conforme projeto elétrico"]
[]
[{"$nulls":11},"Total levantado",null,null,{"$f":"E1673","v":31}]
[]
["11.1.20","DISJUNTOR MONOPOLAR TIPO DIN, CORRENTE NOMINAL DE 20A - FORNECIMENTO E INSTALAÇÃO. AF_10/2020"]
[]
["LOCAL",null,null,null,"QUANT.","COMP. (M)",null,"LARG. (M)",null,"ÁREA TOTAL (M²)",null,"TRANSP","OBS"]
["Instalações elétricas",null,null,null,8,{"$nulls":7},"Conforme projeto elétrico"]
[]
[{"$nulls":11},"Total levantado",null,null,{"$f":"E1680","v":8}]
[]
["11.1.21","DISJUNTOR MONOPOLAR TIPO DIN, CORRENTE NOMINAL DE 25A - FORNECIMENTO E INSTALAÇÃO. AF_10/2020"]
[]
["LOCAL",null,null,null,"QUANT.","COMP. (M)",null,"LARG. (M)",null,"ÁREA TOTAL (M²)",null,"TRANSP","OBS"]
["Instalações elétricas",null,null,null,4,{"$nulls":7},"Conforme projeto elétrico"]
[]
[{"$nulls":11},"Total levantado",null,null,{"$f":"E1687","v":4}]
[]
["11.1.22","DISJUNTOR MONOPOLAR TIPO DIN, CORRENTE NOMINAL DE 32A - FORNECIMENTO E INSTALAÇÃO. AF_10/2020"]
[]
["LOCAL",null,null,null,"QUANT.","COMP. (M)",null,"LARG. (M)",null,"ÁREA TOTAL (M²)",null,"TRANSP","OBS"]
["Instalações elétricas",null,null,null,1,{"$nulls":7},"Conforme projeto elétrico"]
[]
[{"$nulls":11},"Total levantado",null,null,{"$f":"E1694","v":1}]
[]
["11.1.23","DISJUNTOR TRIPOLAR TIPO DIN, CORRENTE NOMINAL DE 50A - FORNECIMENTO E INSTALAÇÃO. AF_10/2020"]
[]
["LOCAL",null,null,null,"QUANT.","COMP. (M)",null,"LARG. (M)",null,"ÁREA TOTAL (M²)",null,"TRANSP","OBS"]
["Instalações elétricas",null,null,null,2,{"$nulls":7},"Conforme projeto elétrico"]
[]
[{"$nulls":11},"Total levantado",null,null,{"$f":"E1701","v":2}]
[]
["11.1.24","DISJUNTOR TERMOMAGNÉTICO TRIPOLAR , CORRENTE NOMINAL DE 125A - FORNECIMENTO E INSTALAÇÃO. AF_10/2020"]
[]
["LOCAL",null,null,null,"QUANT.","COMP. (M)",null,"LARG. (M)",null,"ÁREA TOTAL (M²)",null,"TRANSP","OBS"]
["Instalações elétricas",null,null,null,1,{"$nulls":7},"Conforme projeto elétrico"]
[]
[{"$nulls":11},"Total levantado",null,null,{"$f":"E1708","v":1}]
[]
["11.1.25","QUADRO DE MEDIÇÃO GERAL DE ENERGIA PARA 1 MEDIDOR DE SOBREPOR - FORNECIMENTO E INSTALAÇÃO. AF_10/2020"]
[]
["LOCAL",null,null,null,"QUANT.","COMP. (M)",null,"LARG. (M)",null,"ÁREA TOTAL (M²)",null,"TRANSP","OBS"]
["Instalações elétricas",null,null,null,1,{"$nulls":7},"Conforme projeto elétrico",null,null,null,{"$f":"2000/350","v":5.7142857142857144}]
[]
[{"$nulls":11},"Total levantado",null,null,{"$f":"E1715","v":1}]
[]
["11.1.26","LUMINÁRIA PAINEL LED PLAFON QUADRADO 40X40CM EMBUTIR 6000K LUZ BRANCA 36W BIVOLT"]
[]
["LOCAL",null,null,null,"QUANT.","COMP. (M)",null,"LARG. (M)",null,"ÁREA TOTAL (M²)",null,"TRANSP","OBS"]
["Instalações elétricas",null,null,null,320,{"$nulls":7},"Conforme projeto elétrico"]
[]
[{"$nulls":11},"Total levantado",null,null,{"$f":"E1722","v":320}]
[]
["11.1.27","ENTRADA DE ENERGIA ELÉTRICA, SUBTERRÂNEA, TRIFÁSICA, COM CAIXA DE SOBREPOR, CABO DE 35 MM2 E DISJUNTOR DIN 50A (NÃO INCLUSA MURETA DE ALVENARIA). AF_07/2020_PS"]
[]
["LOCAL",null,null,null,"QUANT.","COMP. (M)",null,"LARG. (M)",null,"ÁREA TOTAL (M²)",null,"TRANSP","OBS"]
["Instalações elétricas",null,null,null,1,{"$nulls":7},"Conforme projeto elétrico"]
[]
[{"$nulls":11},"Total levantado",null,null,{"$f":"E1729","v":1}]
[]
["11.1.28","ELETRODUTO RÍGIDO ROSCÁVEL, PVC, DN 50 MM (1 1/2\"), PARA REDE ENTERRADA DE DISTRIBUIÇÃO DE ENERGIA ELÉTRICA - FORNECIMENTO E INSTALAÇÃO. AF_12/2021"]
[]
["LOCAL",null,null,null,"QUANT.","COMP. (M)",null,"LARG. (M)",null,"ÁREA TOTAL (M²)",null,"TRANSP","OBS"]
["Instalações elétricas",null,null,null,1,3,{"$nulls":6},"Conforme projeto elétrico"]
[]
[{"$nulls":11},"Total levantado",null,null,{"$f":"F1736","v":3}]
[]
["11.1.29","ELETRODUTO RÍGIDO ROSCÁVEL, PVC, DN 60 MM (2\"), PARA REDE ENTERRADA DE DISTRIBUIÇÃO DE ENERGIA ELÉTRICA - FORNECIMENTO E INSTALAÇÃO. AF_12/2021"]
[]
["LOCAL",null,null,null,"QUANT.","COMP. (M)",null,"LARG. (M)",null,"ÁREA TOTAL (M²)",null,"TRANSP","OBS"]
["Instalações elétricas",null,null,null,1,30,{"$nulls":6},"Conforme projeto elétrico"]
[]
[{"$nulls":11},"Total levantado",null,null,{"$f":"F1743","v":30}]
[]
["11.1.30","ELETRODUTO RÍGIDO ROSCÁVEL, PVC, DN 75 MM (2 1/2\"), PARA REDE ENTERRADA DE DISTRIBUIÇÃO DE ENERGIA ELÉTRICA - FORNECIMENTO E INSTALAÇÃO. AF_12/2021"]
[]
["LOCAL",null,null,null,"QUANT.","COMP. (M)",null,"LARG. (M)",null,"ÁREA TOTAL (M²)",null,"TRANSP","OBS"]
["Instalações elétricas",null,null,null,1,70,{"$nulls":6},"Conforme projeto elétrico"]
[]
[{"$nulls":11},"Total levantado",null,null,{"$f":"F1750","v":70}]
[]
["11.1.31","LUMINÁRIA ARANDELA TIPO TARTARUGA, DE SOBREPOR, COM 1 LÂMPADA LED DE 6 W, SEM REATOR - FORNECIMENTO E INSTALAÇÃO. AF_09/2024"]
[]
["LOCAL",null,null,null,"QUANT.","COMP. (M)",null,"LARG. (M)",null,"ÁREA TOTAL (M²)",null,"TRANSP","OBS"]
["Instalações elétricas",null,null,null,{"$f":"6+8","v":14},{"$nulls":7},"Conforme projeto elétrico"]
[]
[{"$nulls":11},"Total levantado",null,null,{"$f":"E1757","v":14}]
[]
["11.1.32","POSTE DECORATIVO PARA JARDIM EM AÇO TUBULAR, H = *2,5* M, SEM LUMINÁRIA - FORNECIMENTO E INSTALAÇÃO. AF_11/2019"]
[]
["LOCAL",null,null,null,"QUANT.","COMP. (M)",null,"LARG. (M)",null,"ÁREA TOTAL (M²)",null,"TRANSP","OBS"]
["Instalações elétricas",null,null,null,10,{"$nulls":7},"Conforme projeto elétrico"]
[]
[{"$nulls":11},"Total levantado",null,null,{"$f":"E1764","v":10}]
[]
["11.1.33","LUMINÁRIA DE LED PARA ILUMINAÇÃO PÚBLICA, DE 33 W ATÉ 50 W - FORNECIMENTO E INSTALAÇÃO. AF_08/2020"]
[]
["LOCAL",null,null,null,"QUANT.","COMP. (M)",null,"LARG. (M)",null,"ÁREA TOTAL (M²)",null,"TRANSP","OBS"]
["Instalações elétricas",null,null,null,10,{"$nulls":7},"Conforme projeto elétrico"]
[]
[{"$nulls":11},"Total levantado",null,null,{"$f":"E1771","v":10}]
[]
["11.1.34","CAIXA ENTERRADA ELÉTRICA RETANGULAR, EM ALVENARIA COM BLOCOS DE CONCRETO, FUNDO COM BRITA, DIMENSÕES INTERNAS: 0,4X0,4X0,4 M. AF_12/2020"]
[]
["LOCAL",null,null,null,"QUANT.","COMP. (M)",null,"LARG. (M)",null,"ÁREA TOTAL (M²)",null,"TRANSP","OBS"]
["Instalações elétricas",null,null,null,15,{"$nulls":7},"Conforme projeto elétrico"]
[]
[{"$nulls":11},"Total levantado",null,null,{"$f":"E1778","v":15}]
[]
["11.1.35","ELETRODUTO FLEXÍVEL CORRUGADO, PVC, DN 32 MM (1\"), PARA CIRCUITOS TERMINAIS, INSTALADO EM FORRO - FORNECIMENTO E INSTALAÇÃO. AF_12/2015"]
[]
["LOCAL",null,null,null,"QUANT.","COMP. (M)",null,"LARG. (M)",null,"ÁREA TOTAL (M²)",null,"TRANSP","OBS"]
["Instalações de lógica",null,null,null,1,{"$f":"160+260","v":420},{"$nulls":6},"Conforme projeto elétrico"]
[]
[{"$nulls":11},"Total levantado",null,null,{"$f":"F1785","v":420}]
[]
["11.1.36","CAIXA RETANGULAR 4\" X 2\" MÉDIA (1,30 M DO PISO), PVC, INSTALADA EM PAREDE - FORNECIMENTO E INSTALAÇÃO. AF_12/2015"]
[]
["LOCAL",null,null,null,"QUANT.","COMP. (M)",null,"LARG. (M)",null,"ÁREA TOTAL (M²)",null,"TRANSP","OBS"]
["Instalações elétricas",null,null,null,{"$f":"167+191","v":358},{"$nulls":7},"Conforme projeto elétrico"]
[]
[{"$nulls":11},"Total levantado",null,null,{"$f":"E1792","v":358}]
[]
["11.1.37","PONTO DE EMBUTIR SECO, PARA UMA (1) PLACA CEGA 4\"X4\", COM ELETRODUTO FLEXÍVEL CORRUGADO, ANTI-CHAMA, DN 32MM (1\"), EMBUTIDO E SONDA EM ARAME GALVANIZADO, DIÂMETRO DE 1,24MM (BWG 18), COM DISTÂNCIA DE ATÉ DEZ (2) METROS DO PONTO DE DERIVAÇÃO, INCLUSIVE CAIXA DE LIGAÇÃO, SUPORTE E FIXAÇÃO DO ELETRODUTO, CAIXA E PLACA. "]
[]
["LOCAL",null,null,null,"QUANT.","COMP. (M)",null,"LARG. (M)",null,"ÁREA TOTAL (M²)",null,"TRANSP","OBS"]
["Instalações de lógica",null,null,null,{"$f":"69+100","v":169},{"$nulls":7},"Conforme projeto elétrico"]
[]
[{"$nulls":11},"Total levantado",null,null,{"$f":"E1799","v":169}]
[]
["11.2.1","CORDOALHA DE COBRE NU 35 MM², NÃO ENTERRADA, COM ISOLADOR - FORNECIMENTO E INSTALAÇÃO. AF_12/2017"]
[]
["LOCAL",null,null,null,"QUANT.","COMP. (M)",null,"LARG. (M)",null,"ÁREA TOTAL (M²)",null,"TRANSP","OBS"]
["SPDA",null,null,null,1,280,{"$nulls":6},"Conforme projeto SPDA"]
[]
[{"$nulls":11},"Total levantado",null,null,{"$f":"F1806","v":280}]
[]
["11.2.2","CORDOALHA DE COBRE NU 50 MM², ENTERRADA, SEM ISOLADOR - FORNECIMENTO E INSTALAÇÃO. AF_12/2017"]
[]
["LOCAL",null,null,null,"QUANT.","COMP. (M)",null,"LARG. (M)",null,"ÁREA TOTAL (M²)",null,"TRANSP","OBS"]
["SPDA",null,null,null,1,180,{"$nulls":6},"Conforme projeto SPDA"]
[]
[{"$nulls":11},"Total levantado",null,null,{"$f":"F1813","v":180}]
[]
["11.2.3","ELETRODUTO PVC 40MM (1 ¼ ) PARA SPDA - FORNECIMENTO E INSTALAÇÃO. AF_12/2017"]
[]
["LOCAL",null,null,null,"QUANT.","COMP. (M)",null,"LARG. (M)",null,"ÁREA TOTAL (M²)",null,"TRANSP","OBS"]
["SPDA",null,null,null,1,40,{"$nulls":6},"Conforme projeto SPDA"]
[]
[{"$nulls":11},"Total levantado",null,null,{"$f":"F1820","v":40}]
[]
["11.2.4","HASTE DE ATERRAMENTO 5/8 PARA SPDA - FORNECIMENTO E INSTALAÇÃO. AF_12/2017"]
[]
["LOCAL",null,null,null,"QUANT.","COMP. (M)",null,"LARG. (M)",null,"ÁREA TOTAL (M²)",null,"TRANSP","OBS"]
["SPDA",null,null,null,16,{"$nulls":7},"Conforme projeto SPDA"]
[]
[{"$nulls":11},"Total levantado",null,null,{"$f":"E1827","v":16}]
[]
["11.2.5","BASE METÁLICA PARA MASTRO 1 ½ PARA SPDA - FORNECIMENTO E INSTALAÇÃO. AF_12/2017"]
[]
["LOCAL",null,null,null,"QUANT.","COMP. (M)",null,"LARG. (M)",null,"ÁREA TOTAL (M²)",null,"TRANSP","OBS"]
["SPDA",null,null,null,3,{"$nulls":7},"Conforme projeto SPDA"]
[]
[{"$nulls":11},"Total levantado",null,null,{"$f":"E1834","v":3}]
[]
["11.2.6","MASTRO 1 ½ PARA SPDA - FORNECIMENTO E INSTALAÇÃO. AF_12/2017"]
[]
["LOCAL",null,null,null,"QUANT.","COMP. (M)",null,"LARG. (M)",null,"ÁREA TOTAL (M²)",null,"TRANSP","OBS"]
["SPDA",null,null,null,3,{"$nulls":7},"Conforme projeto SPDA"]
[]
[{"$nulls":11},"Total levantado",null,null,{"$f":"E1841","v":3}]
[]
["11.2.7","CAPTOR TIPO FRANKLIN PARA SPDA - FORNECIMENTO E INSTALAÇÃO. AF_12/2017"]
[]
["LOCAL",null,null,null,"QUANT.","COMP. (M)",null,"LARG. (M)",null,"ÁREA TOTAL (M²)",null,"TRANSP","OBS"]
["SPDA",null,null,null,3,{"$nulls":7},"Conforme projeto SPDA"]
[]
[{"$nulls":11},"Total levantado",null,null,{"$f":"E1848","v":3}]
[]
["11.2.8","CAIXA DE INSPEÇÃO PARA ATERRAMENTO, CIRCULAR, EM POLIETILENO, DIÂMETRO INTERNO = 0,3 M. AF_12/2020"]
[]
["LOCAL",null,null,null,"QUANT.","COMP. (M)",null,"LARG. (M)",null,"ÁREA TOTAL (M²)",null,"TRANSP","OBS"]
["SPDA",null,null,null,16,{"$nulls":7},"Conforme projeto SPDA"]
[]
[{"$nulls":11},"Total levantado",null,null,{"$f":"E1855","v":16}]
[]
["12.1","KIT DE PORTA DE MADEIRA PARA PINTURA, SEMI-OCA (LEVE OU MÉDIA), PADRÃO MÉDIO, 80X210CM, ESPESSURA DE 3,5CM, ITENS INCLUSOS: DOBRADIÇAS, MONTAGEM E INSTALAÇÃO DO BATENTE, FECHADURA COM EXECUÇÃO DO FURO - FORNECIMENTO E INSTALAÇÃO. AF_12/2019"]
[]
["LOCAL",null,null,null,"QUANT.","COMP. (M)",null,"LARG. (M)",null,"ÁREA TOTAL (M²)",null,"TRANSP","OBS"]
["Edificação",null,null,null,49]
[]
[{"$nulls":11},"Total levantado",null,null,{"$f":"E1862","v":49}]
[]
["12.2","KIT DE PORTA DE MADEIRA PARA PINTURA, SEMI-OCA (LEVE OU MÉDIA), PADRÃO MÉDIO, 90X210CM, ESPESSURA DE 3,5CM, ITENS INCLUSOS: DOBRADIÇAS, MONTAGEM E INSTALAÇÃO DO BATENTE, FECHADURA COM EXECUÇÃO DO FURO - FORNECIMENTO E INSTALAÇÃO. AF_12/2019"]
[]
["LOCAL",null,null,null,"QUANT.","COMP. (M)",null,"LARG. (M)",null,"ÁREA TOTAL (M²)",null,"TRANSP","OBS"]
["Edificação",null,null,null,7]
[]
[{"$nulls":11},"Total levantado",null,null,{"$f":"E1869","v":7}]
[]
["12.3","PORTA DE MADEIRA COMPENSADA LISA PARA PINTURA, 120X210X3,5CM, 2 FOLHAS, INCLUSO ADUELA 2A, ALIZAR 2A E DOBRADIÇAS. AF_12/2019"]
[]
["LOCAL",null,null,null,"QUANT.","COMP. (M)",null,"LARG. (M)",null,"ÁREA TOTAL (M²)",null,"TRANSP","OBS"]
["Edificação",null,null,null,3]
[]
[{"$nulls":11},"Total levantado",null,null,{"$f":"E1876","v":3}]
[]
["12.4","PORTA DE CORRER DE ALUMÍNIO, COM DUAS FOLHAS PARA VIDRO, INCLUSO VIDRO LISO INCOLOR, FECHADURA E PUXADOR, SEM ALIZAR. AF_12/2019"]
[]
["LOCAL",null,null,null,"QUANT.","COMP. (M)",null,"ALT. (M)",null,"ÁREA TOTAL (M²)",null,"TRANSP","OBS"]
["Porta PA 01",null,null,null,2,1.6,null,2.1,null,{"$f":"E1883*F1883*H1883","v":6.7200000000000006}]
[]
[{"$nulls":11},"Total levantado",null,null,{"$f":"J1883","v":6.7200000000000006}]
[]
["12.5","PORTA EM ALUMÍNIO DE ABRIR TIPO VENEZIANA COM GUARNIÇÃO, FIXAÇÃO COM PARAFUSOS - FORNECIMENTO E INSTALAÇÃO. AF_12/2019"]
[]
["LOCAL",null,null,null,"QUANT.","COMP. (M)",null,"ALT. (M)",null,"ÁREA TOTAL (M²)",null,"TRANSP","OBS"]
["Sanitários",null,null,null,14,0.7,null,2.1,null,{"$f":"E1890*F1890*H1890","v":20.58}]
[]
[{"$nulls":11},"Total levantado",null,null,{"$f":"J1890","v":20.58}]
[]
["12.6","PORTA DE FERRO, DE ABRIR, TIPO GRADE COM CHAPA, COM GUARNIÇÕES. AF_12/2019"]
[]
["LOCAL",null,null,null,"QUANT.","COMP. (M)",null,"ALT. (M)",null,"ÁREA TOTAL (M²)",null,"TRANSP","OBS"]
["Portão entrada",null,null,null,1,5,null,2.2000000000000002,null,{"$f":"F1897*H1897","v":11}]
[]
[{"$nulls":11},"Total levantado",null,null,{"$f":"J1897","v":11}]
[]
["12.7","JANELA DE ALUMÍNIO TIPO MAXIM-AR, COM VIDROS, BATENTE E FERRAGENS. EXCLUSIVE ALIZAR, ACABAMENTO E CONTRAMARCO. FORNECIMENTO E INSTALAÇÃO. AF_12/2019"]
[]
["LOCAL",null,null,null,"QUANT.","COMP. (M)",null,"LARG. (M)",null,"ÁREA TOTAL (M²)",null,"TRANSP","OBS"]
["JM 01",null,null,null,4,3.4,null,0.4,null,{"$f":"E1904*F1904*H1904","v":5.44}]
["JM 02",null,null,null,5,1,null,0.4,null,{"$f":"E1905*F1905*H1905","v":2}]
[]
[{"$nulls":11},"Total levantado",null,null,{"$f":"J1904+J1905","v":7.44}]
[]
["12.8","JANELA DE ALUMÍNIO DE CORRER COM 2 FOLHAS PARA VIDROS, COM VIDROS, BATENTE, ACABAMENTO COM ACETATO OU BRILHANTE E FERRAGENS. EXCLUSIVE ALIZAR E CONTRAMARCO. FORNECIMENTO E INSTALAÇÃO. AF_12/2019"]
[]
["LOCAL",null,null,null,"QUANT.","COMP. (M)",null,"LARG. (M)",null,"ÁREA TOTAL (M²)",null,"TRANSP","OBS"]
["JC 01",null,null,null,20,2.4,null,1,null,{"$f":"E1912*F1912*H1912","v":48}]
["JC 02",null,null,null,7,1.25,null,1,null,8.75]
["JC 03",null,null,null,1,3.4,null,1,null,3.4]
[]
[{"$nulls":11},"Total levantado",null,null,{"$f":"J1914+J1913+J1912","v":60.15}]
[]
["12.9","INSTALAÇÃO DE VIDRO LAMINADO, E = 8 MM (4+4), ENCAIXADO EM PERFIL U. AF_01/2021_PS"]
[]
["LOCAL",null,null,null,"QUANT.","COMP. (M)",null,"LARG. (M)",null,"ÁREA TOTAL (M²)",null,"TRANSP","OBS"]
["VIDROS FACHADA",null,null,null,1,7.5,null,4.5999999999999996,null,{"$f":"F1921*H1921","v":34.5}]
["VIDROS FACHADA",null,null,null,1,5,null,2.2000000000000002,null,{"$f":"F1922*H1922","v":11}]
["CONTORNO PORTA ENTRADA",null,null,null,1,{"$nulls":4},{"$f":"14.4-(2*0.9*2.1)","v":10.620000000000001}]
[]
[{"$nulls":11},"Total levantado",null,null,{"$f":"J1922+J1921+J1923","v":56.120000000000005}]
[]
["12.10","CONTRAMARCO DE ALUMÍNIO, FIXAÇÃO COM PARAFUSO - FORNECIMENTO E INSTALAÇÃO. AF_12/2019"]
[]
["LOCAL",null,null,null,"QUANT.","COMP. (M)",null,"LARG. (M)",null,"PERÍMETRO (M)",null,"TRANSP","OBS"]
["JC 01",null,null,null,20,2.4,null,1,null,{"$f":"E1930*(2*(F1930+H1930))","v":136}]
["JC 02",null,null,null,7,1.25,null,1,null,31.5]
["JC 03",null,null,null,1,3.4,null,1,null,8.8000000000000007]
["JM 01",null,null,null,4,3.4,null,0.4,null,30.4]
["JM 02",null,null,null,5,1,null,0.4,null,14]
[]
[{"$nulls":11},"Total levantado",null,null,{"$f":"J1930+J1931+J1932+J1933+J1934","v":220.70000000000002}]
[]
["12.11","INSTALAÇÃO DE VIDRO LISO FUME, E = 4 MM, EM ESQUADRIA DE ALUMÍNIO OU PVC, FIXADO COM BAGUETE. AF_01/2021_PS"]
[]
["LOCAL",null,null,null,"QUANT.","COMP. (M)",null,"LARG. (M)",null,"ÁREA TOTAL (M²)",null,"TRANSP","OBS"]
["Edificação",null,null,null,16,1.5,null,1,null,{"$f":"E1941*F1941*H1941","v":24}]
[]
[{"$nulls":11},"Total levantado",null,null,{"$f":"J1941","v":24}]
[]
["12.12","PORTA DE ABRIR COM MOLA HIDRÁULICA, EM VIDRO TEMPERADO, 2 FOLHAS DE 90X210 CM, ESPESSURA DD 10MM, INCLUSIVE ACESSÓRIOS. AF_01/2021"]
[]
["LOCAL",null,null,null,"QUANT.","COMP. (M)",null,"LARG. (M)",null,"ÁREA TOTAL (M²)",null,"TRANSP","OBS"]
["Edificação",null,null,null,1]
[]
[{"$nulls":11},"Total levantado",null,null,{"$f":"E1948","v":1}]
[]
["13.1","PONTO DE TOMADA PARA LUMINÁRIA DE INCÊNDIO, INCLUINDO TOMADA, CABO, ELETRODUTO E CAIXA."]
[]
["LOCAL",null,null,null,"QUANT.","COMP. (M)",null,"LARG. (M)",null,"ÁREA TOTAL (M²)",null,"TRANSP","OBS"]
["Instalações de incêndio",null,null,null,{"$f":"88+11","v":99},{"$nulls":7},"Conforme projeto de incêndio"]
[]
[{"$nulls":11},"Total levantado",null,null,{"$f":"E1955","v":99}]
[]
["13.2","LUMINÁRIA DE EMERGÊNCIA, COM 30 LÂMPADAS LED DE 2 W, SEM REATOR - FORNECIMENTO E INSTALAÇÃO. AF_02/2020"]
[]
["LOCAL",null,null,null,"QUANT.","COMP. (M)",null,"LARG. (M)",null,"ÁREA TOTAL (M²)",null,"TRANSP","OBS"]
["Instalações de incêndio",null,null,null,88,{"$nulls":7},"Conforme projeto de incêndio"]
[]
[{"$nulls":11},"Total levantado",null,null,{"$f":"E1962","v":88}]
[]
["13.3","EXTINTOR DE INCÊNDIO PORTÁTIL COM CARGA DE PQS DE 6 KG, CLASSE BC - FORNECIMENTO E INSTALAÇÃO. AF_10/2020_P"]
[]
["LOCAL",null,null,null,"QUANT.","COMP. (M)",null,"LARG. (M)",null,"ÁREA TOTAL (M²)",null,"TRANSP","OBS"]
["Instalações de incêndio",null,null,null,9,{"$nulls":7},"Conforme projeto de incêndio"]
[]
[{"$nulls":11},"Total levantado",null,null,{"$f":"E1969","v":9}]
[]
["13.4","PLACA DE SINALIZACAO DE SEGURANCA CONTRA INCENDIO, FOTOLUMINESCENTE, EM PVC *2* MM ANTI-CHAMAS (SIMBOLOS, CORES E PICTOGRAMAS CONFORME NBR 16820)"]
[]
["LOCAL",null,null,null,"QUANT.","COMP. (M)",null,"LARG. (M)",null,"ÁREA TOTAL (M²)",null,"TRANSP","OBS"]
["Instalações de incêndio",null,null,null,97,{"$nulls":7},"Conforme projeto de incêndio"]
[]
[{"$nulls":11},"Total levantado",null,null,{"$f":"E1976","v":97}]
[]
["13.5","CONJUNTO MOTOBOMBA PARA SISTEMA DE PREVENÇÃO E COMBATE A INCÊNDIO, CONTENDO 2 BOMBAS CENTRÍFUGAS DE 14,8CV "]
[]
["LOCAL",null,null,null,"QUANT.","COMP. (M)",null,"LARG. (M)",null,"ÁREA TOTAL (M²)",null,"TRANSP","OBS"]
["Instalações de incêndio",null,null,null,1,{"$nulls":7},"Conforme projeto de incêndio"]
[]
[{"$nulls":11},"Total levantado",null,null,{"$f":"E1983","v":1}]
[]
["13.6","TUBO DE AÇO GALVANIZADO COM COSTURA, CLASSE MÉDIA, DN 65 (2 1/2), CONEXÃO ROSQUEADA, INSTALADO EM RESERVAÇÃO DE ÁGUA DE EDIFICAÇÃO QUE POSSUA RESERVATÓRIO DE FIBRA/FIBROCIMENTO FORNECIMENTO E INSTALAÇÃO. AF_06/2016"]
[]
["LOCAL",null,null,null,"QUANT.","COMP. (M)",null,"LARG. (M)",null,"ÁREA TOTAL (M²)",null,"TRANSP","OBS"]
["Instalações de incêndio",null,null,null,1,76,{"$nulls":6},"Conforme projeto de incêndio"]
[]
[{"$nulls":11},"Total levantado",null,null,{"$f":"F1990","v":76}]
[]
["13.7","TUBO DE AÇO GALVANIZADO COM COSTURA, CLASSE MÉDIA, DN 80 (3), CONEXÃO ROSQUEADA, INSTALADO EM RESERVAÇÃO DE ÁGUA DE EDIFICAÇÃO QUE POSSUA RESERVATÓRIO DE FIBRA/FIBROCIMENTO FORNECIMENTO E INSTALAÇÃO. AF_06/2016"]
[]
["LOCAL",null,null,null,"QUANT.","COMP. (M)",null,"LARG. (M)",null,"ÁREA TOTAL (M²)",null,"TRANSP","OBS"]
["Instalações de incêndio",null,null,null,1,12,{"$nulls":6},"Conforme projeto de incêndio"]
[]
[{"$nulls":11},"Total levantado",null,null,{"$f":"F1997","v":12}]
[]
["13.8","NIPLE, EM FERRO GALVANIZADO, CONEXÃO ROSQUEADA, DN 65 (2 1/2), INSTALADO EM RESERVAÇÃO DE ÁGUA DE EDIFICAÇÃO QUE POSSUA RESERVATÓRIO DE FIBRA/FIBROCIMENTO FORNECIMENTO E INSTALAÇÃO. AF_06/2016"]
[]
["LOCAL",null,null,null,"QUANT.","COMP. (M)",null,"LARG. (M)",null,"ÁREA TOTAL (M²)",null,"TRANSP","OBS"]
["Instalações de incêndio",null,null,null,9,{"$nulls":7},"Conforme projeto de incêndio"]
[]
[{"$nulls":11},"Total levantado",null,null,{"$f":"E2004","v":9}]
[]
["13.9","NIPLE, EM FERRO GALVANIZADO, CONEXÃO ROSQUEADA, DN 80 (3), INSTALADO EM RESERVAÇÃO DE ÁGUA DE EDIFICAÇÃO QUE POSSUA RESERVATÓRIO DE FIBRA/FIBROCIMENTO FORNECIMENTO E INSTALAÇÃO. AF_06/2016"]
[]
["LOCAL",null,null,null,"QUANT.","COMP. (M)",null,"LARG. (M)",null,"ÁREA TOTAL (M²)",null,"TRANSP","OBS"]
["Instalações de incêndio",null,null,null,6,{"$nulls":7},"Conforme projeto de incêndio"]
[]
[{"$nulls":11},"Total levantado",null,null,{"$f":"E2011","v":6}]
[]
["13.10","COTOVELO 90 GRAUS, EM FERRO GALVANIZADO, CONEXÃO ROSQUEADA, DN 80 (3), INSTALADO EM RESERVAÇÃO DE ÁGUA DE EDIFICAÇÃO QUE POSSUA RESERVATÓRIO DE FIBRA/FIBROCIMENTO FORNECIMENTO E INSTALAÇÃO. AF_06/2016"]
[]
["LOCAL",null,null,null,"QUANT.","COMP. (M)",null,"LARG. (M)",null,"ÁREA TOTAL (M²)",null,"TRANSP","OBS"]
["Instalações de incêndio",null,null,null,1,{"$nulls":7},"Conforme projeto de incêndio"]
[]
[{"$nulls":11},"Total levantado",null,null,{"$f":"E2018","v":1}]
[]
["13.11","TÊ, EM FERRO GALVANIZADO, CONEXÃO ROSQUEADA, DN 65 (2 1/2), INSTALADO EM RESERVAÇÃO DE ÁGUA DE EDIFICAÇÃO QUE POSSUA RESERVATÓRIO DE FIBRA/FIBROCIMENTO FORNECIMENTO E INSTALAÇÃO. AF_06/2016"]
[]
["LOCAL",null,null,null,"QUANT.","COMP. (M)",null,"LARG. (M)",null,"ÁREA TOTAL (M²)",null,"TRANSP","OBS"]
["Instalações de incêndio",null,null,null,6,{"$nulls":7},"Conforme projeto de incêndio"]
[]
[{"$nulls":11},"Total levantado",null,null,{"$f":"E2025","v":6}]
[]
["13.12","TÊ, EM FERRO GALVANIZADO, CONEXÃO ROSQUEADA, DN 80 (3), INSTALADO EM RESERVAÇÃO DE ÁGUA DE EDIFICAÇÃO QUE POSSUA RESERVATÓRIO DE FIBRA/FIBROCIMENTO FORNECIMENTO E INSTALAÇÃO. AF_06/2016"]
[]
["LOCAL",null,null,null,"QUANT.","COMP. (M)",null,"LARG. (M)",null,"ÁREA TOTAL (M²)",null,"TRANSP","OBS"]
["Instalações de incêndio",null,null,null,2,{"$nulls":7},"Conforme projeto de incêndio"]
[]
[{"$nulls":11},"Total levantado",null,null,{"$f":"E2032","v":2}]
[]
["13.13","CONJUNTO HIDRÁULICO PARA INSTALAÇÃO DE BOMBA EM AÇO ROSCÁVEL, DN SUCÇÃO 32 (1 1/4) E DN RECALQUE 25 (1), PARA EDIFICAÇÃO ATÉ 4 PAVIMENTOS FORNECIMENTO E INSTALAÇÃO. AF_06/2016"]
[]
["LOCAL",null,null,null,"QUANT.","COMP. (M)",null,"LARG. (M)",null,"ÁREA TOTAL (M²)",null,"TRANSP","OBS"]
["Instalações de incêndio",null,null,null,1,{"$nulls":7},"Conforme projeto de incêndio"]
[]
[{"$nulls":11},"Total levantado",null,null,{"$f":"E2039","v":1}]
[]
["13.14","CURVA 90 GRAUS, EM AÇO, CONEXÃO RANHURADA, DN 65 (2 1/2\"), INSTALADO EM PRUMADAS - FORNECIMENTO E INSTALAÇÃO. AF_10/2020"]
[]
["LOCAL",null,null,null,"QUANT.","COMP. (M)",null,"LARG. (M)",null,"ÁREA TOTAL (M²)",null,"TRANSP","OBS"]
["Instalações de incêndio",null,null,null,14,{"$nulls":7},"Conforme projeto de incêndio"]
[]
[{"$nulls":11},"Total levantado",null,null,{"$f":"E2046","v":14}]
[]
["13.15","CURVA 90 GRAUS, EM AÇO, CONEXÃO RANHURADA, DN 80 (3\"), INSTALADO EM PRUMADAS - FORNECIMENTO E INSTALAÇÃO. AF_10/2020"]
[]
["LOCAL",null,null,null,"QUANT.","COMP. (M)",null,"LARG. (M)",null,"ÁREA TOTAL (M²)",null,"TRANSP","OBS"]
["Instalações de incêndio",null,null,null,5,{"$nulls":7},"Conforme projeto de incêndio"]
[]
[{"$nulls":11},"Total levantado",null,null,{"$f":"E2053","v":5}]
[]
["13.16","ABRIGO PARA HIDRANTE, 90X60X17CM, COM REGISTRO GLOBO ANGULAR 45 GRAUS 2 1/2\", ADAPTADOR STORZ 2 1/2\", MANGUEIRA DE INCÊNDIO 20M, REDUÇÃO 2 1/2\" X 1 1/2\" E ESGUICHO EM LATÃO 1 1/2\" - FORNECIMENTO E INSTALAÇÃO. AF_10/2020"]
[]
["LOCAL",null,null,null,"QUANT.","COMP. (M)",null,"LARG. (M)",null,"ÁREA TOTAL (M²)",null,"TRANSP","OBS"]
["Instalações de incêndio",null,null,null,1,{"$nulls":7},"Conforme projeto de incêndio"]
[]
[{"$nulls":11},"Total levantado",null,null,{"$f":"E2060","v":1}]
[]
["13.17","HIDRANTE SUBTERRÂNEO PREDIAL (COM CURVA LONGA E CAIXA), DN 75 MM - FORNECIMENTO E INSTALAÇÃO. AF_10/2020"]
[]
["LOCAL",null,null,null,"QUANT.","COMP. (M)",null,"LARG. (M)",null,"ÁREA TOTAL (M²)",null,"TRANSP","OBS"]
["Instalações de incêndio",null,null,null,1,{"$nulls":7},"Conforme projeto de incêndio"]
[]
[{"$nulls":11},"Total levantado",null,null,{"$f":"E2067","v":1}]
[]
["13.18","REGISTRO DE GAVETA BRUTO, LATÃO, ROSCÁVEL, 2 1/2\" - FORNECIMENTO E INSTALAÇÃO. AF_08/2021"]
[]
["LOCAL",null,null,null,"QUANT.","COMP. (M)",null,"LARG. (M)",null,"ÁREA TOTAL (M²)",null,"TRANSP","OBS"]
["Instalações de incêndio",null,null,null,3,{"$nulls":7},"Conforme projeto de incêndio"]
[]
[{"$nulls":11},"Total levantado",null,null,{"$f":"E2074","v":3}]
[]
["13.19","REGISTRO DE GAVETA BRUTO, LATÃO, ROSCÁVEL, 3\" - FORNECIMENTO E INSTALAÇÃO. AF_08/2021"]
[]
["LOCAL",null,null,null,"QUANT.","COMP. (M)",null,"LARG. (M)",null,"ÁREA TOTAL (M²)",null,"TRANSP","OBS"]
["Instalações de incêndio",null,null,null,3,{"$nulls":7},"Conforme projeto de incêndio"]
[]
[{"$nulls":11},"Total levantado",null,null,{"$f":"E2081","v":3}]
[]
["13.20","VÁLVULA DE RETENÇÃO VERTICAL, DE BRONZE, ROSCÁVEL, 2 1/2\" - FORNECIMENTO E INSTALAÇÃO. AF_08/2021"]
[]
["LOCAL",null,null,null,"QUANT.","COMP. (M)",null,"LARG. (M)",null,"ÁREA TOTAL (M²)",null,"TRANSP","OBS"]
["Instalações de incêndio",null,null,null,2,{"$nulls":7},"Conforme projeto de incêndio"]
[]
[{"$nulls":11},"Total levantado",null,null,{"$f":"E2088","v":2}]
[]
["13.21","MANÔMETRO 0 A 200 PSI (0 A 14 KGF/CM2), D = 50MM - FORNECIMENTO E INSTALAÇÃO. AF_10/2020"]
[]
["LOCAL",null,null,null,"QUANT.","COMP. (M)",null,"LARG. (M)",null,"ÁREA TOTAL (M²)",null,"TRANSP","OBS"]
["Instalações de incêndio",null,null,null,1,{"$nulls":7},"Conforme projeto de incêndio"]
[]
[{"$nulls":11},"Total levantado",null,null,{"$f":"E2095","v":1}]
[]
["14.1","FORRO EM DRYWALL, PARA AMBIENTES COMERCIAIS, INCLUSIVE ESTRUTURA DE FIXAÇÃO. AF_05/2017_PS"]
[]
["LOCAL",null,null,null,"QUANT.","COMP. (M)",null,"LARG. (M)",null,"ÁREA TOTAL (M²)",null,"TRANSP","OBS"]
["Área interna",null,null,null,1,{"$nulls":4},1916.83,null,null,"Mesma área do contrapiso"]
["Área externa",null,null,null,1,{"$nulls":4},45.9,null,null,"Marquise"]
[]
[{"$nulls":11},"Total levantado",null,null,{"$f":"J2102+J2103","v":1962.73}]
[]
["14.2","ACABAMENTOS PARA FORRO (MOLDURA EM DRYWALL, COM LARGURA DE 15 CM). AF_ 05/2017_PS"]
[]
["LOCAL",null,null,null,"QUANT.","COMP. (M)",null,"LARG. (M)",null,"ÁREA TOTAL (M²)",null,"TRANSP","OBS"]
["Área interna",null,null,null,1,1663.5]
[]
[{"$nulls":11},"Total levantado",null,null,{"$f":"F2110","v":1663.5}]
[]
["14.3","APLICAÇÃO MANUAL DE FUNDO SELADOR ACRÍLICO EM PANOS COM PRESENÇA DE VÃOS DE EDIFÍCIOS DE MÚLTIPLOS PAVIMENTOS. AF_06/2014"]
[]
["LOCAL",null,null,null,"QUANT.","ÁREA DE ALVENARIA (M²)","VÃOS DE PORTAS (M²)","VÃOS DE JANELAS (M²)","ÁREA COM REVESTIMENTO CERÂMICO (M²)","ÁREA TOTAL (M²)",null,"TRANSP","OBS"]
["Área externa",null,null,null,1,{"$f":"F2124","v":1095.6300000000001}]
[]
[{"$nulls":11},"Total levantado",null,null,{"$f":"F2117","v":1095.6300000000001}]
[]
["14.4","APLICAÇÃO MANUAL DE MASSA ACRÍLICA EM PANOS DE FACHADA COM PRESENÇA DE VÃOS, DE EDIFÍCIOS DE MÚLTIPLOS PAVIMENTOS, UMA DEMÃO. AF_05/2017"]
[]
["LOCAL",null,null,null,"QUANT.","ÁREA DE ALVENARIA (M²)","VÃOS DE PORTAS (M²)","VÃOS DE JANELAS (M²)","ÁREA COM REVESTIMENTO CERÂMICO (M²)","ÁREA TOTAL (M²)",null,"TRANSP","OBS"]
["Área externa",null,null,null,1,{"$f":"L542+L560+L564+L592+L596+L613+L614+L647+L648","v":1095.6300000000001}]
[]
[{"$nulls":11},"Total levantado",null,null,{"$f":"F2124","v":1095.6300000000001}]
[]
["14.5","APLICAÇÃO MANUAL DE PINTURA COM TINTA TEXTURIZADA ACRÍLICA EM PANOS COM PRESENÇA DE VÃOS DE EDIFÍCIOS DE MÚLTIPLOS PAVIMENTOS, UMA COR. AF_06/2014"]
[]
["LOCAL",null,null,null,"QUANT.","COMP. (M)",null,"LARG. (M)",null,"ÁREA TOTAL (M²)",null,"TRANSP","OBS"]
["Área externa",null,null,null,1,{"$nulls":4},1095.6300000000001]
[]
[{"$nulls":11},"Total levantado",null,null,{"$f":"J2131","v":1095.6300000000001}]
[]
["14.6","APLICAÇÃO DE FUNDO SELADOR ACRÍLICO EM TETO, UMA DEMÃO. AF_06/2014"]
[]
["LOCAL",null,null,null,"QUANT.","COMP. (M)",null,"LARG. (M)",null,"ÁREA TOTAL (M²)",null,"TRANSP","OBS"]
["Área interna",null,null,null,1]
[]
[{"$nulls":11},"Total levantado",null,null,{"$f":"O2105","v":1962.73}]
[]
["14.7","APLICAÇÃO DE FUNDO SELADOR ACRÍLICO EM PAREDES, UMA DEMÃO. AF_06/2014"]
[]
["LOCAL",null,null,null,"QUANT.","ÁREA DE ALVENARIA (M²)","VÃOS DE PORTAS (M²)","VÃOS DE JANELAS (M²)","ÁREA COM REVESTIMENTO CERÂMICO (M²)","ÁREA PAREDES EXTERNAS (M²)","ÁREA TOTAL (M²)","TRANSP","OBS"]
["Área interna",null,null,null,1,{"$f":"2744.82*2","v":5489.64},260.42,294.82,337.42,{"$f":"F2124","v":1095.6300000000001},{"$f":"F2145-G2145-H2145-I2145-J2145","v":3501.3500000000004}]
[]
[{"$nulls":11},"Total levantado",null,null,{"$f":"K2145","v":3501.3500000000004}]
[]
["14.8","APLICAÇÃO E LIXAMENTO DE MASSA LÁTEX EM TETO, UMA DEMÃO. AF_06/2014"]
[]
["LOCAL",null,null,null,"QUANT.","COMP. (M)",null,"LARG. (M)",null,"ÁREA TOTAL (M²)",null,"TRANSP","OBS"]
["Área interna",null,null,null,1,{"$nulls":4},{"$f":"O2140","v":1962.73}]
[]
[{"$nulls":11},"Total levantado",null,null,{"$f":"J2152","v":1962.73}]
[]
["14.9","APLICAÇÃO E LIXAMENTO DE MASSA LÁTEX EM PAREDES, UMA DEMÃO. AF_06/2014"]
[]
["LOCAL",null,null,null,"QUANT.","COMP. (M)",null,"LARG. (M)",null,"ÁREA TOTAL (M²)",null,"TRANSP","OBS"]
["Área interna",null,null,null,1,{"$nulls":4},{"$f":"O2147","v":3501.3500000000004}]
[]
[{"$nulls":11},"Total levantado",null,null,{"$f":"J2159","v":3501.3500000000004}]
[]
["14.10","APLICAÇÃO MANUAL DE PINTURA COM TINTA LÁTEX ACRÍLICA EM TETO, DUAS DEMÃOS. AF_06/2014"]
[]
["LOCAL",null,null,null,"QUANT.","COMP. (M)",null,"LARG. (M)",null,"ÁREA TOTAL (M²)",null,"TRANSP","OBS"]
["Área interna",null,null,null,1,{"$nulls":4},{"$f":"O2154","v":1962.73}]
[]
[{"$nulls":11},"Total levantado",null,null,{"$f":"J2166","v":1962.73}]
[]
["14.11","APLICAÇÃO MANUAL DE PINTURA COM TINTA LÁTEX ACRÍLICA EM PAREDES, DUAS DEMÃOS. AF_06/2014"]
[]
["LOCAL",null,null,null,"QUANT.","COMP. (M)",null,"LARG. (M)",null,"ÁREA TOTAL (M²)",null,"TRANSP","OBS"]
["Área interna",null,null,null,1,{"$nulls":4},{"$f":"O2161","v":3501.3500000000004}]
[]
[{"$nulls":11},"Total levantado",null,null,{"$f":"J2173","v":3501.3500000000004}]
[]
["14.12","PINTURA FUNDO NIVELADOR ALQUÍDICO BRANCO EM MADEIRA. AF_01/2021"]
[]
["LOCAL",null,null,null,"QUANT.","ÁREA UNITÁRIA",null,"LADOS",null,"ACRÉSCIMO BATENTE (%)",null,"ÁREA TOTAL (M²)","OBS"]
["Portas 0,8x2,1",null,null,null,49,{"$f":"0.8*2.1","v":1.6800000000000002},null,2,null,0.15,null,{"$f":"E2180*F2180*H2180*1.15","v":189.33600000000001}]
["Portas 0,9x2,1",null,null,null,7,{"$f":"0.9*2.1","v":1.8900000000000001},null,2,null,0.15,null,30.428999999999998]
["Portas 1,2x2,1",null,null,null,3,{"$f":"1.2*2.1","v":2.52},null,2,null,0.15,null,17.387999999999998]
[]
[{"$nulls":11},"Total levantado",null,null,{"$f":"L2180+L2181+L2182","v":237.15300000000002}]
[]
["14.13","APLICAÇÃO MASSA ALQUÍDICA PARA MADEIRA, PARA PINTURA COM TINTA DE ACABAMENTO (PIGMENTADA). AF_01/2021"]
[]
["LOCAL",null,null,null,"QUANT.","COMP. (M)",null,"LARG. (M)",null,"ÁREA TOTAL (M²)",null,"TRANSP","OBS"]
["Área interna",null,null,null,1,{"$nulls":4},{"$f":"O2184","v":237.15300000000002}]
[]
[{"$nulls":11},"Total levantado",null,null,{"$f":"J2189","v":237.15300000000002}]
[]
["14.14","PINTURA TINTA DE ACABAMENTO (PIGMENTADA) ESMALTE SINTÉTICO FOSCO EM MADEIRA, 2 DEMÃOS. AF_01/2021"]
[]
["LOCAL",null,null,null,"QUANT.","COMP. (M)",null,"LARG. (M)",null,"ÁREA TOTAL (M²)",null,"TRANSP","OBS"]
["Área interna",null,null,null,1,{"$nulls":4},{"$f":"J2189","v":237.15300000000002}]
[]
[{"$nulls":11},"Total levantado",null,null,{"$f":"J2196","v":237.15300000000002}]
[]
["14.15","PINTURA COM TINTA ALQUÍDICA DE FUNDO E ACABAMENTO (ESMALTE SINTÉTICO GRAFITE) PULVERIZADA SOBRE SUPERFÍCIES METÁLICAS (EXCETO PERFIL) EXECUTADO EM OBRA (POR DEMÃO). AF_01/2020_P"]
[]
["LOCAL",null,null,null,"QUANT.","COMP. (M)",null,"LARG. (M)",null,"ÁREA TOTAL (M²)",null,"TRANSP","OBS"]
["Portão entrada",null,null,null,2,5,null,2.2000000000000002,null,{"$f":"F2203*H2203*E2203","v":22}]
[]
[{"$nulls":11},"Total levantado",null,null,{"$f":"J2203","v":22}]
[]
["14.16","PINTURA DE DEMARCAÇÃO DE VAGA COM TINTA EPÓXI, E = 10 CM, APLICAÇÃO MANUAL. AF_05/2021"]
[]
["LOCAL",null,null,null,"QUANT.","COMP. (M)",null,"LARG. (M)",null,"ÁREA TOTAL (M²)",null,"TRANSP","OBS"]
["Área interna",null,null,null,70,5,null,0.15,null,{"$f":"E2210*F2210*H2210","v":52.5}]
[]
[{"$nulls":11},"Total levantado",null,null,{"$f":"J2210","v":52.5}]
[]
["15.1","EXECUÇÃO DE PÁTIO/ESTACIONAMENTO EM PISO INTERTRAVADO, COM BLOCO RETANGULAR COR NATURAL DE 20 X 10 CM, ESPESSURA 8 CM. AF_12/2015"]
[]
["LOCAL",null,null,null,"QUANT.","COMP. (M)",null,"LARG. (M)",null,"ÁREA DA EDIFICAÇÃO (M²)","ÁREA TOTAL (M²)",null,"OBS"]
["Área externa",null,null,null,1,100,null,50,null,1000,{"$f":"F2217*H2217-J2217","v":4000}]
[]
[{"$nulls":11},"Total levantado",null,null,{"$f":"K2217","v":4000}]
[]
["15.2","ASSENTAMENTO DE GUIA (MEIO-FIO) EM TRECHO RETO, CONFECCIONADA EM CONCRETO PRÉ-FABRICADO, DIMENSÕES 100X15X13X30 CM (COMPRIMENTO X BASE INFERIOR X BASE SUPERIOR X ALTURA), PARA VIAS URBANAS (USO VIÁRIO). AF_06/2\n 016"]
[]
["LOCAL",null,null,null,"QUANT.","COMP. (M)",null,"LARG. (M)",null,"ÁREA TOTAL (M²)",null,"TRANSP","OBS"]
["Área externa",null,null,null,1,{"$f":"100+100+50+100","v":350},{"$nulls":6},"Perímetro da edificação + contornos de árvores existentes"]
[]
[{"$nulls":11},"Total levantado",null,null,{"$f":"F2224","v":350}]
[]
["15.3","PLANTIO DE GRAMA ESMERALDA OU SÃO CARLOS OU CURITIBANA, EM PLACAS. AF_ 05/2022"]
[]
["LOCAL",null,null,null,"QUANT.","COMP. (M)",null,"LARG. (M)",null,"ÁREA TOTAL (M²)",null,"TRANSP","OBS"]
["Jardim",null,null,null,1,{"$nulls":4},100]
[]
[{"$nulls":11},"Total levantado",null,null,{"$f":"J2231","v":100}]
[]
["15.4","INSTALAÇÃO DE LIXEIRA METÁLICA DUPLA, CAPACIDADE DE 60 L, EM TUBO DE AÇO CARBONO E CESTOS EM CHAPA DE AÇO COM PINTURA ELETROSTÁTICA, SOBRE PISO DE CONCRETO EXISTENTE. AF_11/2021"]
[]
["LOCAL",null,null,null,"QUANT.","COMP. (M)",null,"LARG. (M)",null,"ÁREA TOTAL (M²)",null,"TRANSP","OBS"]
["Área externa",null,null,null,5]
[]
[{"$nulls":11},"Total levantado",null,null,{"$f":"E2238","v":5}]
[]
["15.5","ALAMBRADO EM MOURÕES DE CONCRETO, COM TELA DE ARAME GALVANIZADO (INCLUSIVE MURETA EM CONCRETO). AF_05/2018"]
[]
["LOCAL",null,null,null,"QUANT.","COMP. (M)",null,"LARG. (M)",null,"ÁREA TOTAL (M²)",null,"TRANSP","OBS"]
["Área externa",null,null,null,1,200,{"$nulls":6},"Lateral e fundo da edificação"]
[]
[{"$nulls":11},"Total levantado",null,null,{"$f":"F2245","v":200}]
[]
["16.1","MOBILIZAÇÃO E DESMOBILIZAÇÃO DE OBRA"]
[]
["LOCAL",null,null,null,"QUANT.","COMP. (M)",null,"LARG. (M)",null,"ÁREA TOTAL (M²)",null,"TRANSP","OBS"]
["Mobilização e desmobilização",null,null,null,1]
[]
[{"$nulls":11},"Total levantado",null,null,{"$f":"E2252","v":1}]
[]
["17.1","ADMINISTRAÇÃO LOCAL DE OBRA DE EDIFICAÇÃO"]
[]
["LOCAL",null,null,null,"QUANT.","HORA",null,"MÊS",null,"ÁREA TOTAL (M²)",null,"TRANSP","OBS"]
["Execução de obra",null,null,null,1,{"$nulls":7},"Item será pago de forma proporcional à evolução da obra"]
[]
[{"$nulls":11},"Total levantado",null,null,{"$f":"E2259","v":1}]
[]
[]
[]
[]
[]
["LUIS FERNANDO ANTUNES LIMA"]
["ANALISTA EM DESENVOLVIMENTO REGIONAL - 11 GRD/UIP"]

{"sheet":"Curva ABC de Serviços","index":4,"n_rows":276,"n_cols":10,"rows_kept":276,"cut":false,"hidden":true,"merged":[[0,4,0,6],[0,7,0,9],[1,4,1,6],[1,7,1,9],[2,0,2,9],[273,0,273,2],[273,5,273,6],[273,7,273,9],[275,0,275,9],[271,0,271,2],[271,5,271,6],[271,7,271,9],[272,0,272,2],[272,5,272,6],[272,7,272,9]]}
[null,null,"Obra","Bancos","B.D.I.",null,null,"Encargos Sociais"]
[null,null,"CONCLUSÃO DA OBRA DE CONSTRUÇÃO DA UNIDADE DESCENTRALIZADA DA CODEVASF NO ESTADO DO AMAPÁ - 11ª SUPERINTENDÊNCIA REGIONAL, NO MUNICÍPIO DE MACAPÁ/AP.","SINAPI - 01/2025 - Amapá\nSICRO3 - 10/2024 - Amapá","23,08%",null,null,"Não Desonerado: embutido nos preços unitário dos insumos de mão de obra, de acordo com as bases."]
["Curva ABC de Serviços"]
["Código","Banco","Descrição","Tipo","Und","Quant.","Valor  Unit","Total","Peso (%)","Peso Acumulado (%)"]
["COMP. SEDE  20","Próprio","LAJE STEEL DECK PARA PISO COM CAPA DE CONCRETO FCK 25 MPA, ESPESSURA DA LAJE 15CM, ESPESSURA DA CHAPA 0,95 MM, INCLUSIVE IÇAMENTO COM GUINDASTE. AF_01/2020","SEDI - SERVIÇOS DIVERSOS","M²","2.036,1","285,05","580.390,30","10,37","10,37"]
["92398","SINAPI","EXECUÇÃO DE PAVIMENTO EM PISO INTERTRAVADO, COM BLOCO RETANGULAR COR NATURAL DE 20 X 10 CM, ESPESSURA 8 CM. AF_10/2022","PAVI - PAVIMENTAÇÃO","m²","4.000,0","105,44","421.760,00","7,54","17,91"]
["COMPOSIÇÃO - 30 SEDE","Próprio","ADMINISTRAÇÃO LOCAL DE OBRA DE EDIFICAÇÃO","SERT - SERVIÇOS TÉCNICOS","UN","1,0","372.334,43","372.334,43","6,65","24,56"]
["COMP. SEDE 11 - 04","Próprio","VIGA METÁLICA EM PERFIL W 610 x 113, LAMINADO OU SOLDADO, EM AÇO ESTRUTURAL, COM CONEXÕES SOLDADAS, INCLUSOS MÃO DE OBRA, TRANSPORTE E IÇAMENTO UTILIZANDO GUINDASTE - FORNECIMENTO E INSTALAÇÃO. AF_01/2020_P","SEDI - SERVIÇOS DIVERSOS","KG","18.976,0","14,30","271.356,80","4,85","29,41"]
["COMP. SEDE  21","Próprio","PAREDE COM PLACAS DE GESSO ACARTONADO (DRYWALL), PARA USO EXTERNO (PLACA CIMENTÍCIA E RU), COM DUAS FACES SIMPLES E ESTRUTURA METÁLICA COM GUIAS SIMPLES, INCLUINDO ISOLAMENTO TÉRMICO/ACÚSTICO COM LÃ DE VIDRO","PARE - PAREDES/PAINEIS","M²","1.303,11","185,58","241.831,15","4,32","33,73"]
["87263","SINAPI","REVESTIMENTO CERÂMICO PARA PISO COM PLACAS TIPO PORCELANATO DE DIMENSÕES 60X60 CM APLICADA EM AMBIENTES DE ÁREA MAIOR QUE 10 M². AF_02/2023_PE","PISO - PISOS","m²","1.739,96","137,00","238.374,52","4,26","37,99"]
["COMP. SEDE  09","Próprio","VIGA METÁLICA EM PERFIL W 410 x 53, LAMINADO OU SOLDADO, EM AÇO ESTRUTURAL, COM CONEXÕES SOLDADAS, INCLUSOS MÃO DE OBRA, TRANSPORTE E IÇAMENTO UTILIZANDO GUINDASTE - FORNECIMENTO E INSTALAÇÃO. AF_01/2020_P","FUES - FUNDAÇÕES E ESTRUTURAS","KG","15.735,9","14,39","226.439,60","4,05","42,04"]
["98546","SINAPI","IMPERMEABILIZAÇÃO DE SUPERFÍCIE COM MANTA ASFÁLTICA, UMA CAMADA, INCLUSIVE APLICAÇÃO DE PRIMER ASFÁLTICO, E=4MM. AF_09/2023","IMPE - IMPERMEABILIZAÇÕES E PROTEÇÕES DIVERSAS","m²","1.046,0","179,84","188.112,64","3,36","45,40"]
["96114","SINAPI","FORRO EM DRYWALL, PARA AMBIENTES COMERCIAIS, INCLUSIVE ESTRUTURA BIRECIONAL DE FIXAÇÃO. AF_08/2023_PS","REVE - REVESTIMENTO E TRATAMENTO DE SUPERFÍCIES","m²","1.962,73","80,60","158.196,03","2,83","48,23"]
["COMP. SEDE  11","Próprio","VIGA METÁLICA EM PERFIL W 360 x 39, LAMINADO OU SOLDADO, EM AÇO ESTRUTURAL, COM CONEXÕES SOLDADAS, INCLUSOS MÃO DE OBRA, TRANSPORTE E IÇAMENTO UTILIZANDO GUINDASTE - FORNECIMENTO E INSTALAÇÃO. AF_01/2020_P","FUES - FUNDAÇÕES E ESTRUTURAS","KG","10.058,8","14,39","144.746,13","2,59","50,82"]
["COMP. SEDE 11 - 05","Próprio","VIGA METÁLICA EM PERFIL W 530 x 101, LAMINADO OU SOLDADO, EM AÇO ESTRUTURAL, COM CONEXÕES SOLDADAS, INCLUSOS MÃO DE OBRA, TRANSPORTE E IÇAMENTO UTILIZANDO GUINDASTE - FORNECIMENTO E INSTALAÇÃO. AF_01/2020_P","SEDI - SERVIÇOS DIVERSOS","KG","8.019,0","14,30","114.671,70","2,05","52,87"]
["97096","SINAPI","CONCRETAGEM DE RADIER, PISO DE CONCRETO OU LAJE SOBRE SOLO, FCK 30 MPA - LANÇAMENTO, ADENSAMENTO E ACABAMENTO. AF_09/2021","FUES - FUNDAÇÕES E ESTRUTURAS","m³","111,16","1.004,79","111.692,45","2,00","54,86"]
["96359","SINAPI","PAREDE COM SISTEMA EM CHAPAS DE GESSO PARA DRYWALL, USO INTERNO, COM DUAS FACES SIMPLES E ESTRUTURA METÁLICA COM GUIAS SIMPLES PARA PAREDES COM ÁREA LÍQUIDA MAIOR OU IGUAL A 6 M2, COM VÃOS. AF_07/2023_PS","PARE - PAREDES/PAINEIS","m²","986,86","112,60","111.120,43","1,99","56,85"]
["COMP. SEDE  19","Próprio","PILAR METÁLICO PERFIL LAMINADO/SOLDADO, W 250 x 62 EM AÇO ESTRUTURAL, COM CONEXÕES PARAFUSADAS, INCLUSOS MÃO DE OBRA, TRANSPORTE, IÇAMENTO UTILIZANDO GUINDASTE E CONEXÕES - FORNECIMENTO E INSTALAÇÃO. AF_01/2020_P","SEDI - SERVIÇOS DIVERSOS","KG","8.462,8","12,56","106.292,76","1,90","58,75"]
["COMP. SEDE  10","Próprio","VIGA METÁLICA EM PERFIL W 410 x 46.1, LAMINADO OU SOLDADO, EM AÇO ESTRUTURAL, COM CONEXÕES SOLDADAS, INCLUSOS MÃO DE OBRA, TRANSPORTE E IÇAMENTO UTILIZANDO GUINDASTE - FORNECIMENTO E INSTALAÇÃO. AF_01/2020_P","FUES - FUNDAÇÕES E ESTRUTURAS","KG","6.878,5","14,39","98.981,61","1,77","60,52"]
["87630","SINAPI","CONTRAPISO EM ARGAMASSA TRAÇO 1:4 (CIMENTO E AREIA), PREPARO MECÂNICO COM BETONEIRA 400 L, APLICADO EM ÁREAS SECAS SOBRE LAJE, ADERIDO, ACABAMENTO NÃO REFORÇADO, ESPESSURA 3CM. AF_07/2021","PISO - PISOS","m²","1.916,83","49,79","95.438,96","1,71","62,22"]
["102176","SINAPI","INSTALAÇÃO DE VIDRO LAMINADO, E = 8 MM (4+4), ENCAIXADO EM PERFIL U. AF_01/2021_PS","ESQV - ESQUADRIAS/FERRAGENS/VIDROS","m²","56,12","1.653,72","92.806,76","1,66","63,88"]
["COMP. SEDE 11 - 06","Próprio","VIGA METÁLICA EM PERFIL W 530 x 74, LAMINADO OU SOLDADO, EM AÇO ESTRUTURAL, COM CONEXÕES SOLDADAS, INCLUSOS MÃO DE OBRA, TRANSPORTE E IÇAMENTO UTILIZANDO GUINDASTE - FORNECIMENTO E INSTALAÇÃO. AF_01/2020_P","SEDI - SERVIÇOS DIVERSOS","KG","5.892,0","14,39","84.785,88","1,52","65,40"]
["COMP. SEDE  14","Próprio","VIGA METÁLICA EM PERFIL W 250 x80, LAMINADO OU SOLDADO, EM AÇO ESTRUTURAL, COM CONEXÕES SOLDADAS, INCLUSOS MÃO DE OBRA, TRANSPORTE E IÇAMENTO UTILIZANDO GUINDASTE - FORNECIMENTO E INSTALAÇÃO. AF_01/2020_P","FUES - FUNDAÇÕES E ESTRUTURAS","KG","5.184,0","14,34","74.338,56","1,33","66,72"]
["COMP. SEDE  12","Próprio","VIGA METÁLICA EM PERFIL W 310 x 32,7, LAMINADO OU SOLDADO, EM AÇO ESTRUTURAL, COM CONEXÕES SOLDADAS, INCLUSOS MÃO DE OBRA, TRANSPORTE E IÇAMENTO UTILIZANDO GUINDASTE - FORNECIMENTO E INSTALAÇÃO. AF_01/2020_P","FUES - FUNDAÇÕES E ESTRUTURAS","KG","4.383,0","15,16","66.446,28","1,19","67,91"]
["98565","SINAPI","PROTEÇÃO MECÂNICA DE SUPERFICIE HORIZONTAL COM ARGAMASSA DE CIMENTO E AREIA, TRAÇO 1:3, E=3CM. AF_09/2023","IMPE - IMPERMEABILIZAÇÕES E PROTEÇÕES DIVERSAS","m²","1.046,0","61,92","64.768,32","1,16","69,07"]
["COMP. SEDE 02","Próprio","ATERRO MANUAL DE VALAS COM SOLO ARGILO-ARENOSO E COMPACTAÇÃO MECANIZADA.","CHOR - CUSTOS HORÁRIOS DE MÁQUINAS E EQUIPAMENTOS","M²","1.130,0","49,71","56.172,30","1,00","70,07"]
["94990","SINAPI","EXECUÇÃO DE PASSEIO (CALÇADA) OU PISO DE CONCRETO COM CONCRETO MOLDADO IN LOCO, FEITO EM OBRA, ACABAMENTO CONVENCIONAL, NÃO ARMADO. AF_08/2022","PISO - PISOS","m³","51,52","1.069,67","55.109,39","0,98","71,06"]
["96555","SINAPI","CONCRETAGEM DE BLOCO DE COROAMENTO OU VIGA BALDRAME, FCK 30 MPA, COM USO DE JERICA - LANÇAMENTO, ADENSAMENTO E ACABAMENTO. AF_01/2024","FUES - FUNDAÇÕES E ESTRUTURAS","m³","52,86","1.036,59","54.794,14","0,98","72,04"]
["96123","SINAPI","ACABAMENTOS PARA FORRO (MOLDURA EM DRYWALL, COM LARGURA DE 15 CM). AF_08/2023_PS","REVE - REVESTIMENTO E TRATAMENTO DE SUPERFÍCIES","M","1.663,5","32,12","53.431,62","0,95","72,99"]
["96542","SINAPI","FABRICAÇÃO, MONTAGEM E DESMONTAGEM DE FÔRMA PARA VIGA BALDRAME, EM CHAPA DE MADEIRA COMPENSADA RESINADA, E=17 MM, 4 UTILIZAÇÕES. AF_01/2024","FUES - FUNDAÇÕES E ESTRUTURAS","m²","545,97","96,53","52.702,48","0,94","73,93"]
["COMP. SEDE  22","Próprio","ELETROCALHA LISA OU PERFURADA EM AÇO GALVANIZADO, LARGURA 50MM E ALTURA 50MM, INCLUSIVE EMENDA E FIXAÇÃO - FORNECIMENTO E INSTALAÇÃO","INEL - INSTALAÇÃO ELÉTRICA/ELETRIFICAÇÃO E ILUMINAÇÃO EXTERNA","M","585,0","88,03","51.497,55","0,92","74,85"]
["COMP. SEDE  25","Próprio","KIT DE PORTA DE MADEIRA PARA PINTURA, SEMI-OCA (LEVE OU MÉDIA), PADRÃO MÉDIO, 80X210CM, ESPESSURA DE 3,5CM, ITENS INCLUSOS: DOBRADIÇAS, MONTAGEM E INSTALAÇÃO DO BATENTE, FECHADURA COM EXECUÇÃO DO FURO - FORNECIMENTO E INSTALAÇÃO. AF_12/2019","ESQV - ESQUADRIAS/FERRAGENS/VIDROS","UN","49,0","976,08","47.827,92","0,85","75,71"]
["88489","SINAPI","PINTURA LÁTEX ACRÍLICA PREMIUM, APLICAÇÃO MANUAL EM PAREDES, DUAS DEMÃOS. AF_04/2023","PINT - PINTURAS","m²","3.501,35","13,35","46.743,02","0,84","76,54"]
["96358","SINAPI","PAREDE COM SISTEMA EM CHAPAS DE GESSO PARA DRYWALL, USO INTERNO, COM DUAS FACES SIMPLES E ESTRUTURA METÁLICA COM GUIAS SIMPLES, SEM VÃOS. AF_07/2023_PS","PARE - PAREDES/PAINEIS","m²","454,85","98,67","44.880,04","0,80","77,35"]
["11ª SR - COMP. 14","Próprio","LUMINÁRIA PAINEL LED PLAFON QUADRADO 40X40CM EMBUTIR 6000K LUZ BRANCA 36W BIVOLT","INEL - INSTALAÇÃO ELÉTRICA/ELETRIFICAÇÃO E ILUMINAÇÃO EXTERNA","UN","320,0","130,17","41.654,40","0,74","78,09"]
["98522","SINAPI","ALAMBRADO EM MOURÕES DE CONCRETO, COM TELA DE ARAME GALVANIZADO (INCLUSIVE MURETA EM CONCRETO). AF_05/2018","URBA - URBANIZAÇÃO","M","200,0","204,31","40.862,00","0,73","78,82"]
["91926","SINAPI","CABO DE COBRE FLEXÍVEL ISOLADO, 2,5 MM², ANTI-CHAMA 450/750 V, PARA CIRCUITOS TERMINAIS - FORNECIMENTO E INSTALAÇÃO. AF_03/2023","INEL - INSTALAÇÃO ELÉTRICA/ELETRIFICAÇÃO E ILUMINAÇÃO EXTERNA","M","8.181,56","4,98","40.744,16","0,73","79,55"]
["102253","SINAPI","DIVISORIA SANITÁRIA, TIPO CABINE, EM GRANITO CINZA POLIDO, ESP = 3CM, ASSENTADO COM ARGAMASSA COLANTE AC III-E, EXCLUSIVE FERRAGENS. AF_01/2021","PARE - PAREDES/PAINEIS","m²","35,28","1.151,71","40.632,32","0,73","80,27"]
["98101","SINAPI","SUMIDOURO RETANGULAR, EM ALVENARIA COM BLOCOS DE CONCRETO, DIMENSÕES INTERNAS: 1,6 X 5,8 X H=3,0 M, ÁREA DE INFILTRAÇÃO: 50 M² (PARA 20 CONTRIBUINTES). . AF_12/2020","INHI - INSTALAÇÕES HIDROS SANITÁRIAS","UN","4,0","10.011,59","40.046,36","0,72","80,99"]
["88494","SINAPI","EMASSAMENTO COM MASSA LÁTEX, APLICAÇÃO EM TETO, UMA DEMÃO, LIXAMENTO MANUAL. AF_04/2023","PINT - PINTURAS","m²","1.962,73","19,29","37.861,06","0,68","81,67"]
["00010709","SINAPI","CARPETE DE NYLON EM MANTA PARA TRAFEGO COMERCIAL PESADO, E = 9 A 10 MM (INSTALADO)","Serviços","m²","180,2","202,73","36.531,94","0,65","82,32"]
["COMP. SEDE 11 - 03","Próprio","ALVENARIA DE BLOCO DE CONCRETO CHEIO COM ARMAÇÃO, EM CONCRETO COM FCK 15MPA , ESP. 14CM, PARA REVESTIMENTO, INCLUSIVE ARGAMASSA PARA ASSENTAMENTO","FUES - FUNDAÇÕES E ESTRUTURAS","M²","120,5","303,13","36.527,16","0,65","82,97"]
["88495","SINAPI","EMASSAMENTO COM MASSA LÁTEX, APLICAÇÃO EM PAREDE, UMA DEMÃO, LIXAMENTO MANUAL. AF_04/2023","PINT - PINTURAS","m²","3.501,35","10,33","36.168,94","0,65","83,62"]
["98557","SINAPI","IMPERMEABILIZAÇÃO DE SUPERFÍCIE COM EMULSÃO ASFÁLTICA, 2 DEMÃOS. AF_09/2023","IMPE - IMPERMEABILIZAÇÕES E PROTEÇÕES DIVERSAS","m²","545,97","60,14","32.834,63","0,59","84,21"]
["101094","SINAPI","PISO PODOTÁTIL DE ALERTA OU DIRECIONAL, DE BORRACHA, ASSENTADO SOBRE ARGAMASSA. AF_05/2020","PISO - PISOS","M","194,0","165,49","32.105,06","0,57","84,78"]
["88488","SINAPI","PINTURA LÁTEX ACRÍLICA PREMIUM, APLICAÇÃO MANUAL EM TETO, DUAS DEMÃOS. AF_04/2023","PINT - PINTURAS","m²","1.962,73","15,57","30.559,70","0,55","85,33"]
["COMP. SEDE 11 - 07","Próprio","VIGA METÁLICA EM PERFIL W 530 x 72, LAMINADO OU SOLDADO, EM AÇO ESTRUTURAL, COM CONEXÕES SOLDADAS, INCLUSOS MÃO DE OBRA, TRANSPORTE E IÇAMENTO UTILIZANDO GUINDASTE - FORNECIMENTO E INSTALAÇÃO. AF_01/2020_P","SEDI - SERVIÇOS DIVERSOS","KG","1.994,9","14,39","28.706,61","0,51","85,84"]
["92768","SINAPI","ARMAÇÃO DE LAJE DE ESTRUTURA CONVENCIONAL DE CONCRETO ARMADO UTILIZANDO AÇO CA-60 DE 5,0 MM - MONTAGEM. AF_06/2022","FUES - FUNDAÇÕES E ESTRUTURAS","KG","1.751,98","15,58","27.295,84","0,49","86,33"]
["88416","SINAPI","APLICAÇÃO MANUAL DE PINTURA COM TINTA TEXTURIZADA ACRÍLICA EM PANOS COM PRESENÇA DE VÃOS DE EDIFÍCIOS DE MÚLTIPLOS PAVIMENTOS, UMA COR. AF_03/2024","PINT - PINTURAS","m²","1.095,63","23,14","25.352,87","0,45","86,78"]
["COMP. SEDE  15","Próprio","VIGA METÁLICA EM PERFIL W 250 x22.3, LAMINADO OU SOLDADO, EM AÇO ESTRUTURAL, COM CONEXÕES SOLDADAS, INCLUSOS MÃO DE OBRA, TRANSPORTE E IÇAMENTO UTILIZANDO GUINDASTE - FORNECIMENTO E INSTALAÇÃO. AF_01/2020_P","FUES - FUNDAÇÕES E ESTRUTURAS","KG","1.564,0","15,33","23.976,12","0,43","87,21"]
["87265","SINAPI","REVESTIMENTO CERÂMICO PARA PAREDES INTERNAS COM PLACAS TIPO ESMALTADA DE DIMENSÕES 20X20 CM APLICADAS NA ALTURA INTEIRA DAS PAREDES.  AF_02/2023_PE","REVE - REVESTIMENTO E TRATAMENTO DE SUPERFÍCIES","m²","337,42","68,78","23.207,74","0,41","87,62"]
["94570","SINAPI","JANELA DE ALUMÍNIO DE CORRER COM 2 FOLHAS PARA VIDROS, COM VIDROS, BATENTE, ACABAMENTO COM ACETATO OU BRILHANTE E FERRAGENS, EXCLUSIVE ALIZAR E CONTRAMARCO, FIXAÇÃO COM PARAFUSO. FORNECIMENTO E INSTALAÇÃO. AF_11/2024","ESQV - ESQUADRIAS/FERRAGENS/VIDROS","m²","60,15","375,96","22.613,99","0,40","88,03"]
["96973","SINAPI","CORDOALHA DE COBRE NU 35 MM², NÃO ENTERRADA, COM ISOLADOR - FORNECIMENTO E INSTALAÇÃO. AF_08/2023","INEL - INSTALAÇÃO ELÉTRICA/ELETRIFICAÇÃO E ILUMINAÇÃO EXTERNA","M","280,0","77,66","21.744,80","0,39","88,42"]
["94273","SINAPI","ASSENTAMENTO DE GUIA (MEIO-FIO) EM TRECHO RETO, CONFECCIONADA EM CONCRETO PRÉ-FABRICADO, DIMENSÕES 100X15X13X30 CM (COMPRIMENTO X BASE INFERIOR X BASE SUPERIOR X ALTURA). AF_01/2024","DROP - DRENAGEM/OBRAS DE CONTENÇÃO / POÇOS DE VISITA E CAIXAS","M","350,0","56,53","19.785,50","0,35","88,77"]
["COMP. SEDE  23","Próprio","ELETROCALHA LISA OU PERFURADA EM AÇO GALVANIZADO, LARGURA 100MM E ALTURA 50MM, INCLUSIVE EMENDA E FIXAÇÃO - FORNECIMENTO E INSTALAÇÃO","INEL - INSTALAÇÃO ELÉTRICA/ELETRIFICAÇÃO E ILUMINAÇÃO EXTERNA","M","201,0","97,84","19.665,84","0,35","89,12"]
["101965","SINAPI","PEITORIL LINEAR EM GRANITO OU MÁRMORE, L = 15CM, COMPRIMENTO DE ATÉ 2M, ASSENTADO COM ARGAMASSA 1:6 COM ADITIVO. AF_11/2020","REVE - REVESTIMENTO E TRATAMENTO DE SUPERFÍCIES","M","115,25","168,66","19.438,06","0,35","89,47"]
["91928","SINAPI","CABO DE COBRE FLEXÍVEL ISOLADO, 4 MM², ANTI-CHAMA 450/750 V, PARA CIRCUITOS TERMINAIS - FORNECIMENTO E INSTALAÇÃO. AF_03/2023","INEL - INSTALAÇÃO ELÉTRICA/ELETRIFICAÇÃO E ILUMINAÇÃO EXTERNA","M","2.346,06","7,76","18.205,42","0,33","89,79"]
["88650","SINAPI","RODAPÉ CERÂMICO DE 7CM DE ALTURA COM PLACAS TIPO ESMALTADA DE DIMENSÕES 60X60CM. AF_02/2023","PISO - PISOS","M","1.300,15","14,00","18.202,10","0,33","90,12"]
["COMP. SEDE  28","Próprio","CONJUNTO MOTOBOMBA PARA SISTEMA DE PREVENÇÃO E COMBATE A INCÊNDIO, CONTENDO 2 BOMBAS CENTRÍFUGAS DE 14,8CV","SEDI - SERVIÇOS DIVERSOS","UN","1,0","17.536,20","17.536,20","0,31","90,43"]
["98093","SINAPI","FILTRO ANAERÓBIO RETANGULAR, EM ALVENARIA COM BLOCOS DE CONCRETO, DIMENSÕES INTERNAS: 1,6 X 5,6 X H=1,67 M, VOLUME ÚTIL: 10752 L (PARA 103 CONTRIBUINTES). AF_12/2020","INHI - INSTALAÇÕES HIDROS SANITÁRIAS","UN","1,0","17.526,17","17.526,17","0,31","90,75"]
["96126","SINAPI","APLICAÇÃO MANUAL DE MASSA ACRÍLICA EM PANOS DE FACHADA COM PRESENÇA DE VÃOS, DE EDIFÍCIOS DE MÚLTIPLOS PAVIMENTOS, UMA DEMÃO. AF_03/2024","PINT - PINTURAS","m²","1.095,63","15,49","16.971,30","0,30","91,05"]
["91341","SINAPI","PORTA EM ALUMÍNIO DE ABRIR TIPO VENEZIANA COM GUARNIÇÃO, FIXAÇÃO COM PARAFUSOS - FORNECIMENTO E INSTALAÇÃO. AF_12/2019","ESQV - ESQUADRIAS/FERRAGENS/VIDROS","m²","20,58","722,07","14.860,20","0,27","91,31"]
["COMP. SEDE  26","Próprio","PONTO DE TOMADA PARA LUMINÁRIA DE INCÊNDIO, INCLUINDO TOMADA, CABO, ELETRODUTO E CAIXA.","INEL - INSTALAÇÃO ELÉTRICA/ELETRIFICAÇÃO E ILUMINAÇÃO EXTERNA","UN","99,0","136,44","13.507,56","0,24","91,56"]
["102163","SINAPI","INSTALAÇÃO DE VIDRO LISO FUME, E = 4 MM, EM ESQUADRIA DE ALUMÍNIO OU PVC, FIXADO COM BAGUETE. AF_01/2021_PS","ESQV - ESQUADRIAS/FERRAGENS/VIDROS","m²","24,0","562,09","13.490,16","0,24","91,80"]
["95876","SINAPI","TRANSPORTE COM CAMINHÃO BASCULANTE DE 14 M³, EM VIA URBANA PAVIMENTADA, DMT ATÉ 30 KM (UNIDADE: M3XKM). AF_07/2020","TRAN - TRANSPORTES, CARGAS E DESCARGAS","M3XKM","5.711,12","2,24","12.792,90","0,23","92,03"]
["96977","SINAPI","CORDOALHA DE COBRE NU 50 MM², ENTERRADA - FORNECIMENTO E INSTALAÇÃO. AF_08/2023","INEL - INSTALAÇÃO ELÉTRICA/ELETRIFICAÇÃO E ILUMINAÇÃO EXTERNA","M","180,0","70,28","12.650,40","0,23","92,25"]
["98087","SINAPI","TANQUE SÉPTICO RETANGULAR, EM ALVENARIA COM BLOCOS DE CONCRETO, DIMENSÕES INTERNAS: 1,6 X 4,6 X H=2,4 M, VOLUME ÚTIL: 14720 L (PARA 105 CONTRIBUINTES). AF_12/2020","INHI - INSTALAÇÕES HIDROS SANITÁRIAS","UN","1,0","12.449,68","12.449,68","0,22","92,47"]
["98559","SINAPI","TRATAMENTO DE RODAPÉ COM TELA DE POLIÉSTER. AF_09/2023","IMPE - IMPERMEABILIZAÇÕES E PROTEÇÕES DIVERSAS","M","1.663,5","7,12","11.844,12","0,21","92,69"]
["88485","SINAPI","FUNDO SELADOR ACRÍLICO, APLICAÇÃO MANUAL EM PAREDE, UMA DEMÃO. AF_04/2023","PINT - PINTURAS","m²","3.501,35","3,24","11.344,37","0,20","92,89"]
["91854","SINAPI","ELETRODUTO FLEXÍVEL CORRUGADO, PVC, DN 25 MM (3/4\"), PARA CIRCUITOS TERMINAIS, INSTALADO EM PAREDE - FORNECIMENTO E INSTALAÇÃO. AF_03/2023","INEL - INSTALAÇÃO ELÉTRICA/ELETRIFICAÇÃO E ILUMINAÇÃO EXTERNA","M","972,5","10,02","9.744,45","0,17","93,06"]
["91836","SINAPI","ELETRODUTO FLEXÍVEL CORRUGADO, PVC, DN 32 MM (1\"), PARA CIRCUITOS TERMINAIS, INSTALADO EM FORRO - FORNECIMENTO E INSTALAÇÃO. AF_03/2023_PA","INEL - INSTALAÇÃO ELÉTRICA/ELETRIFICAÇÃO E ILUMINAÇÃO EXTERNA","M","420,0","22,69","9.529,80","0,17","93,23"]
["COMP. SEDE  18","Próprio","PILAR METÁLICO PERFIL LAMINADO/SOLDADO, W 250 x 85 EM AÇO ESTRUTURAL, COM CONEXÕES PARAFUSADAS, INCLUSOS MÃO DE OBRA, TRANSPORTE, IÇAMENTO UTILIZANDO GUINDASTE E CONEXÕES - FORNECIMENTO E INSTALAÇÃO. AF_01/2020_P","SEDI - SERVIÇOS DIVERSOS","KG","725,1","12,78","9.266,77","0,17","93,40"]
["COMP. SEDE  24","Próprio","PONTO DE EMBUTIR SECO, PARA UMA (1) PLACA CEGA 4\"X4\", COM ELETRODUTO FLEXÍVEL CORRUGADO, ANTI-CHAMA, DN 25MM (3/4\"), EMBUTIDO NA ALVENARIA E SONDA EM ARAME GALVANIZADO, DIÂMETRO DE 1,24MM (BWG 18), COM DISTÂNCIA DE ATÉ DEZ (10) METROS DO PONTO DE DERIVAÇÃO, INCLUSIVE CAIXA DE LIGAÇÃO, SUPORTE E FIXAÇÃO DO ELETRODUTO COM ENCHIMENTO DO RASGO NA ALVENARIA/CONCRETO COM ARGAMASSA","INEL - INSTALAÇÃO ELÉTRICA/ELETRIFICAÇÃO E ILUMINAÇÃO EXTERNA","UN","169,0","54,82","9.264,58","0,17","93,56"]
["94463","SINAPI","TUBO DE AÇO GALVANIZADO COM COSTURA, CLASSE MÉDIA, DN 65 MM (2 1/2\"), CONEXÃO ROSQUEADA, INSTALADO EM RESERVAÇÃO PREDIAL DE ÁGUA - FORNECIMENTO E INSTALAÇÃO. AF_04/2024","INHI - INSTALAÇÕES HIDROS SANITÁRIAS","M","76,0","120,97","9.193,72","0,16","93,73"]
["98689","SINAPI","SOLEIRA EM GRANITO, LARGURA 15 CM, ESPESSURA 2,0 CM. AF_09/2020","PISO - PISOS","M","57,1","146,75","8.379,42","0,15","93,88"]
["88484","SINAPI","FUNDO SELADOR ACRÍLICO, APLICAÇÃO MANUAL EM TETO, UMA DEMÃO. AF_04/2023","PINT - PINTURAS","m²","1.962,73","4,14","8.125,70","0,15","94,02"]
["100701","SINAPI","PORTA DE FERRO, DE ABRIR, TIPO GRADE COM CHAPA, COM GUARNIÇÕES. AF_12/2019","ESQV - ESQUADRIAS/FERRAGENS/VIDROS","m²","11,0","697,22","7.669,42","0,14","94,16"]
["COMP. SEDE 11 - 08","Próprio","VIGA METÁLICA EM PERFIL W 460 x 60, LAMINADO OU SOLDADO, EM AÇO ESTRUTURAL, COM CONEXÕES SOLDADAS, INCLUSOS MÃO DE OBRA, TRANSPORTE E IÇAMENTO UTILIZANDO GUINDASTE - FORNECIMENTO E INSTALAÇÃO. AF_01/2020_P","SEDI - SERVIÇOS DIVERSOS","KG","522,6","14,39","7.520,21","0,13","94,29"]
["90844","SINAPI","KIT DE PORTA DE MADEIRA PARA PINTURA, SEMI-OCA (LEVE OU MÉDIA), PADRÃO MÉDIO, 90X210CM, ESPESSURA DE 3,5CM, ITENS INCLUSOS: DOBRADIÇAS, MONTAGEM E INSTALAÇÃO DO BATENTE, FECHADURA COM EXECUÇÃO DO FURO - FORNECIMENTO E INSTALAÇÃO. AF_12/2019","ESQV - ESQUADRIAS/FERRAGENS/VIDROS","UN","7,0","1.063,79","7.446,53","0,13","94,43"]
["102074","SINAPI","ESCADA EM CONCRETO ARMADO MOLDADO IN LOCO, FCK 25 MPA, COM 2 LANCES EM  U  E LAJE PLANA, FÔRMA EM CHAPA DE MADEIRA COMPENSADA RESINADA. AF_11/2020_PA","FUES - FUNDAÇÕES E ESTRUTURAS","m³","1,4","5.134,93","7.188,90","0,13","94,56"]
["101801","SINAPI","CAIXA COM GRELHA RETANGULAR DE FERRO FUNDIDO, EM ALVENARIA COM BLOCOS DE CONCRETO, DIMENSÕES INTERNAS: 0,30 X 1,00 X 1,00. AF_12/2020","DROP - DRENAGEM/OBRAS DE CONTENÇÃO / POÇOS DE VISITA E CAIXAS","UN","7,0","1.020,76","7.145,32","0,13","94,68"]
["COMP. SEDE  17","Próprio","VIGA METÁLICA EM PERFIL W 150 x24, LAMINADO OU SOLDADO, EM AÇO ESTRUTURAL, COM CONEXÕES SOLDADAS, INCLUSOS MÃO DE OBRA, TRANSPORTE E IÇAMENTO UTILIZANDO GUINDASTE - FORNECIMENTO E INSTALAÇÃO. AF_01/2020_P","SEDI - SERVIÇOS DIVERSOS","KG","466,7","15,16","7.075,17","0,13","94,81"]
["89714","SINAPI","TUBO PVC, SERIE NORMAL, ESGOTO PREDIAL, DN 100 MM, FORNECIDO E INSTALADO EM RAMAL DE DESCARGA OU RAMAL DE ESGOTO SANITÁRIO. AF_08/2022","INHI - INSTALAÇÕES HIDROS SANITÁRIAS","M","216,07","32,27","6.972,57","0,12","94,93"]
["97908","SINAPI","CAIXA ENTERRADA HIDRÁULICA RETANGULAR, EM ALVENARIA COM BLOCOS DE CONCRETO, DIMENSÕES INTERNAS: 1X1X0,6 M PARA REDE DE ESGOTO. AF_12/2020","INHI - INSTALAÇÕES HIDROS SANITÁRIAS","UN","8,0","834,71","6.677,68","0,12","95,05"]
["103307","SINAPI","INSTALAÇÃO DE LIXEIRA METÁLICA DUPLA, CAPACIDADE DE 60 L, EM TUBO DE AÇO CARBONO E CESTOS EM CHAPA DE AÇO COM PINTURA ELETROSTÁTICA, SOBRE PISO DE CONCRETO EXISTENTE. AF_11/2021","URBA - URBANIZAÇÃO","UN","5,0","1.333,33","6.666,65","0,12","95,17"]
["86888","SINAPI","VASO SANITÁRIO SIFONADO COM CAIXA ACOPLADA LOUÇA BRANCA - FORNECIMENTO E INSTALAÇÃO. AF_01/2020","INHI - INSTALAÇÕES HIDROS SANITÁRIAS","UN","15,0","436,35","6.545,25","0,12","95,29"]
["91940","SINAPI","CAIXA RETANGULAR 4\" X 2\" MÉDIA (1,30 M DO PISO), PVC, INSTALADA EM PAREDE - FORNECIMENTO E INSTALAÇÃO. AF_03/2023","INEL - INSTALAÇÃO ELÉTRICA/ELETRIFICAÇÃO E ILUMINAÇÃO EXTERNA","UN","358,0","18,28","6.544,24","0,12","95,41"]
["101979","SINAPI","CHAPIM (RUFO CAPA) EM AÇO GALVANIZADO, CORTE 33. AF_11/2020","REVE - REVESTIMENTO E TRATAMENTO DE SUPERFÍCIES","M","140,0","46,28","6.479,20","0,12","95,52"]
["86895","SINAPI","BANCADA DE GRANITO CINZA POLIDO, DE 0,50 X 0,60 M, PARA LAVATÓRIO - FORNECIMENTO E INSTALAÇÃO. AF_01/2020","INHI - INSTALAÇÕES HIDROS SANITÁRIAS","UN","14,0","459,42","6.431,88","0,11","95,64"]
["102617","SINAPI","CAIXA D´ÁGUA EM POLIÉSTER REFORÇADO COM FIBRA DE VIDRO, 5000 LITROS - FORNECIMENTO E INSTALAÇÃO. AF_06/2021","INHI - INSTALAÇÕES HIDROS SANITÁRIAS","UN","2,0","2.998,53","5.997,06","0,11","95,75"]
["94590","SINAPI","CONTRAMARCO DE ALUMÍNIO, FIXAÇÃO COM PARAFUSO - FORNECIMENTO E INSTALAÇÃO. AF_11/2024","ESQV - ESQUADRIAS/FERRAGENS/VIDROS","M","220,7","27,17","5.996,41","0,11","95,85"]
["100619","SINAPI","POSTE DECORATIVO PARA JARDIM EM AÇO TUBULAR, H = *2,5* M, SEM LUMINÁRIA - FORNECIMENTO E INSTALAÇÃO. AF_11/2019","INEL - INSTALAÇÃO ELÉTRICA/ELETRIFICAÇÃO E ILUMINAÇÃO EXTERNA","UN","10,0","595,76","5.957,60","0,11","95,96"]
["96558","SINAPI","CONCRETAGEM DE SAPATA, FCK 30 MPA, COM USO DE BOMBA - LANÇAMENTO, ADENSAMENTO E ACABAMENTO. AF_01/2024","FUES - FUNDAÇÕES E ESTRUTURAS","m³","4,68","1.204,92","5.639,02","0,10","96,06"]
["94569","SINAPI","JANELA DE ALUMÍNIO TIPO MAXIM-AR, COM VIDROS, BATENTE E FERRAGENS, EXCLUSIVE ALIZAR, ACABAMENTO E CONTRAMARCO, FIXAÇÃO COM PARAFUSO. FORNECIMENTO E INSTALAÇÃO. AF_11/2024","ESQV - ESQUADRIAS/FERRAGENS/VIDROS","m²","7,44","708,04","5.267,81","0,09","96,15"]
["COMP. SEDE  27","Próprio","PLACA DE SINALIZACAO DE SEGURANCA CONTRA INCENDIO, FOTOLUMINESCENTE, EM PVC *2* MM ANTI-CHAMAS (SIMBOLOS, CORES E PICTOGRAMAS CONFORME NBR 16820)","SEDI - SERVIÇOS DIVERSOS","UN","97,0","53,58","5.197,26","0,09","96,25"]
["92986","SINAPI","CABO DE COBRE FLEXÍVEL ISOLADO, 35 MM², ANTI-CHAMA 0,6/1,0 KV, PARA REDE ENTERRADA DE DISTRIBUIÇÃO DE ENERGIA ELÉTRICA - FORNECIMENTO E INSTALAÇÃO. AF_12/2021","INEL - INSTALAÇÃO ELÉTRICA/ELETRIFICAÇÃO E ILUMINAÇÃO EXTERNA","M","111,6","46,24","5.160,38","0,09","96,34"]
["101886","SINAPI","CABO DE COBRE ISOLADO, 16 MM², ANTI-CHAMA 450/750 V, INSTALADO EM ELETROCALHA OU PERFILADO - FORNECIMENTO E INSTALAÇÃO. AF_10/2020","INEL - INSTALAÇÃO ELÉTRICA/ELETRIFICAÇÃO E ILUMINAÇÃO EXTERNA","M","266,9","18,98","5.065,76","0,09","96,43"]
["102197","SINAPI","PINTURA FUNDO NIVELADOR ALQUÍDICO BRANCO EM MADEIRA. AF_01/2021","PINT - PINTURAS","m²","237,16","21,00","4.980,36","0,09","96,52"]
["102185","SINAPI","PORTA DE ABRIR COM MOLA HIDRÁULICA, EM VIDRO TEMPERADO, 2 FOLHAS DE 90X210 CM, ESPESSURA DD 10MM, INCLUSIVE ACESSÓRIOS. AF_01/2021","ESQV - ESQUADRIAS/FERRAGENS/VIDROS","UN","1,0","4.932,41","4.932,41","0,09","96,61"]
["100979","SINAPI","CARGA, MANOBRA E DESCARGA DE SOLOS E MATERIAIS GRANULARES EM CAMINHÃO BASCULANTE 14 M³ - CARGA COM ESCAVADEIRA HIDRÁULICA (CAÇAMBA DE 1,20 M³ / 155 HP) E DESCARGA LIVRE (UNIDADE: M3). AF_07/2020","TRAN - TRANSPORTES, CARGAS E DESCARGAS","m³","713,89","6,87","4.904,42","0,09","96,69"]
["89403","SINAPI","TUBO, PVC, SOLDÁVEL, DE 32MM, INSTALADO EM RAMAL DE DISTRIBUIÇÃO DE ÁGUA - FORNECIMENTO E INSTALAÇÃO. AF_06/2022","INHI - INSTALAÇÕES HIDROS SANITÁRIAS","M","288,84","16,86","4.869,84","0,09","96,78"]
["92004","SINAPI","TOMADA MÉDIA DE EMBUTIR (2 MÓDULOS), 2P+T 10 A, INCLUINDO SUPORTE E PLACA - FORNECIMENTO E INSTALAÇÃO. AF_03/2023","INEL - INSTALAÇÃO ELÉTRICA/ELETRIFICAÇÃO E ILUMINAÇÃO EXTERNA","UN","76,0","57,32","4.356,32","0,08","96,86"]
["101909","SINAPI","EXTINTOR DE INCÊNDIO PORTÁTIL COM CARGA DE PQS DE 6 KG, CLASSE BC - FORNECIMENTO E INSTALAÇÃO. AF_10/2020_PE","INES - INSTALAÇÕES ESPECIAIS","UN","9,0","472,98","4.256,82","0,08","96,94"]
["100858","SINAPI","MICTÓRIO SIFONADO LOUÇA BRANCA - PADRÃO MÉDIO - FORNECIMENTO E INSTALAÇÃO. AF_01/2020","INHI - INSTALAÇÕES HIDROS SANITÁRIAS","UN","6,0","706,95","4.241,70","0,08","97,01"]
["102200","SINAPI","APLICAÇÃO MASSA ALQUÍDICA PARA MADEIRA, PARA PINTURA COM TINTA DE ACABAMENTO (PIGMENTADA). AF_01/2021","PINT - PINTURAS","m²","237,16","17,39","4.124,21","0,07","97,08"]
["92008","SINAPI","TOMADA BAIXA DE EMBUTIR (2 MÓDULOS), 2P+T 10 A, INCLUINDO SUPORTE E PLACA - FORNECIMENTO E INSTALAÇÃO. AF_03/2023","INEL - INSTALAÇÃO ELÉTRICA/ELETRIFICAÇÃO E ILUMINAÇÃO EXTERNA","UN","81,0","49,76","4.030,56","0,07","97,16"]
["86915","SINAPI","TORNEIRA CROMADA DE MESA, 1/2\" OU 3/4\", PARA LAVATÓRIO, PADRÃO MÉDIO - FORNECIMENTO E INSTALAÇÃO. AF_01/2020","INHI - INSTALAÇÕES HIDROS SANITÁRIAS","UN","14,0","276,21","3.866,94","0,07","97,23"]
["88411","SINAPI","APLICAÇÃO MANUAL DE FUNDO SELADOR ACRÍLICO EM PANOS COM PRESENÇA DE VÃOS DE EDIFÍCIOS DE MÚLTIPLOS PAVIMENTOS. AF_03/2024","PINT - PINTURAS","m²","1.095,63","3,34","3.659,40","0,07","97,29"]
["93358","SINAPI","ESCAVAÇÃO MANUAL DE VALA. AF_09/2024","MOVT - MOVIMENTO DE TERRA","m³","45,82","78,52","3.597,78","0,06","97,36"]
["96386","SINAPI","EXECUÇÃO E COMPACTAÇÃO DE CORPO DE ATERRO (95% DE ENERGIA DO PROCTOR NORMAL) COM SOLO PREDOMINANTEMENTE ARENOSO ESPESSURA 15CM - EXCLUSIVE MATERIAL, ESCAVAÇÃO, CARGA E TRANSPORTE. AF_09/2024","MOVT - MOVIMENTO DE TERRA","m³","514,0","6,88","3.536,32","0,06","97,42"]
["96373","SINAPI","INSTALAÇÃO DE REFORÇO METÁLICO EM PAREDE DRYWALL. AF_07/2023","PARE - PAREDES/PAINEIS","M","250,0","14,00","3.500,00","0,06","97,48"]
["102218","SINAPI","PINTURA TINTA DE ACABAMENTO (PIGMENTADA) ESMALTE SINTÉTICO FOSCO EM MADEIRA, 2 DEMÃOS. AF_01/2021","PINT - PINTURAS","m²","237,16","14,63","3.469,65","0,06","97,54"]
["100702","SINAPI","PORTA DE CORRER DE ALUMÍNIO, COM DUAS FOLHAS PARA VIDRO, INCLUSO VIDRO LISO INCOLOR, FECHADURA E PUXADOR, SEM ALIZAR. AF_12/2019","ESQV - ESQUADRIAS/FERRAGENS/VIDROS","m²","6,72","512,37","3.443,12","0,06","97,60"]
["97906","SINAPI","CAIXA ENTERRADA HIDRÁULICA RETANGULAR, EM ALVENARIA COM BLOCOS DE CONCRETO, DIMENSÕES INTERNAS: 0,6X0,6X0,6 M PARA REDE DE ESGOTO. AF_12/2020","INHI - INSTALAÇÕES HIDROS SANITÁRIAS","UN","7,0","483,05","3.381,35","0,06","97,67"]
["101916","SINAPI","HIDRANTE SUBTERRÂNEO PREDIAL (COM CURVA LONGA E CAIXA), DN 75 MM - FORNECIMENTO E INSTALAÇÃO. AF_10/2020","INES - INSTALAÇÕES ESPECIAIS","UN","1,0","3.375,27","3.375,27","0,06","97,73"]
["97891","SINAPI","CAIXA ENTERRADA ELÉTRICA RETANGULAR, EM ALVENARIA COM BLOCOS DE CONCRETO, FUNDO COM BRITA, DIMENSÕES INTERNAS: 0,4X0,4X0,4 M. AF_12/2020","INEL - INSTALAÇÃO ELÉTRICA/ELETRIFICAÇÃO E ILUMINAÇÃO EXTERNA","UN","15,0","224,81","3.372,15","0,06","97,79"]
["93010","SINAPI","ELETRODUTO RÍGIDO ROSCÁVEL, PVC, DN 75 MM (2 1/2\"), PARA REDE ENTERRADA DE DISTRIBUIÇÃO DE ENERGIA ELÉTRICA - FORNECIMENTO E INSTALAÇÃO. AF_12/2021","INEL - INSTALAÇÃO ELÉTRICA/ELETRIFICAÇÃO E ILUMINAÇÃO EXTERNA","M","70,0","45,04","3.152,80","0,06","97,84"]
["97087","SINAPI","CAMADA SEPARADORA PARA EXECUÇÃO DE RADIER, PISO DE CONCRETO OU LAJE SOBRE SOLO, EM LONA PLÁSTICA. AF_09/2021","FUES - FUNDAÇÕES E ESTRUTURAS","m²","1.000,0","3,15","3.150,00","0,06","97,90"]
["87792","SINAPI","EMBOÇO OU MASSA ÚNICA EM ARGAMASSA TRAÇO 1:2:8, PREPARO MECÂNICO COM BETONEIRA 400 L, APLICADA MANUALMENTE EM PANOS CEGOS DE FACHADA (SEM PRESENÇA DE VÃOS), ESPESSURA DE 25 MM. AF_08/2022","REVE - REVESTIMENTO E TRATAMENTO DE SUPERFÍCIES","m²","75,0","41,69","3.126,75","0,06","97,95"]
["86937","SINAPI","CUBA DE EMBUTIR OVAL EM LOUÇA BRANCA, 35 X 50CM OU EQUIVALENTE, INCLUSO VÁLVULA EM METAL CROMADO E SIFÃO FLEXÍVEL EM PVC - FORNECIMENTO E INSTALAÇÃO. AF_01/2020","INHI - INSTALAÇÕES HIDROS SANITÁRIAS","UN","14,0","220,03","3.080,42","0,06","98,01"]
["98555","SINAPI","IMPERMEABILIZAÇÃO DE SUPERFÍCIE COM ARGAMASSA POLIMÉRICA / MEMBRANA ACRÍLICA, 3 DEMÃOS. AF_09/2023","IMPE - IMPERMEABILIZAÇÕES E PROTEÇÕES DIVERSAS","m²","99,88","30,78","3.074,30","0,05","98,06"]
["86889","SINAPI","BANCADA DE GRANITO CINZA POLIDO, DE 1,50 X 0,60 M, PARA PIA DE COZINHA - FORNECIMENTO E INSTALAÇÃO. AF_01/2020","INHI - INSTALAÇÕES HIDROS SANITÁRIAS","UN","3,0","1.013,03","3.039,09","0,05","98,12"]
["101882","SINAPI","QUADRO DE DISTRIBUIÇÃO DE ENERGIA EM CHAPA DE AÇO GALVANIZADO, DE EMBUTIR, COM BARRAMENTO TRIFÁSICO, PARA 30 DISJUNTORES DIN 225A - FORNECIMENTO E INSTALAÇÃO. AF_10/2020","INEL - INSTALAÇÃO ELÉTRICA/ELETRIFICAÇÃO E ILUMINAÇÃO EXTERNA","UN","2,0","1.443,31","2.886,62","0,05","98,17"]
["104919","SINAPI","ARMAÇÃO DE SAPATA ISOLADA, VIGA BALDRAME E SAPATA CORRIDA UTILIZANDO AÇO CA-50 DE 10 MM - MONTAGEM. AF_01/2024","FUES - FUNDAÇÕES E ESTRUTURAS","KG","190,0","15,05","2.859,50","0,05","98,22"]
["COMP. SEDE  29","Próprio","MOBILIZAÇÃO E DESMOBILIZAÇÃO DE OBRA","CHOR - CUSTOS HORÁRIOS DE MÁQUINAS E EQUIPAMENTOS","UN","1,0","2.610,60","2.610,60","0,05","98,27"]
["96541","SINAPI","FABRICAÇÃO, MONTAGEM E DESMONTAGEM DE FÔRMA PARA SAPATA, EM CHAPA DE MADEIRA COMPENSADA RESINADA, E=17 MM, 4 UTILIZAÇÕES. AF_01/2024","FUES - FUNDAÇÕES E ESTRUTURAS","m²","14,4","177,25","2.552,40","0,05","98,31"]
["100575","SINAPI","REGULARIZAÇÃO DE SUPERFÍCIES COM MOTONIVELADORA. AF_09/2024","PAVI - PAVIMENTAÇÃO","m²","1.285,0","1,91","2.454,35","0,04","98,36"]
["102255","SINAPI","TAPA VISTA DE MICTÓRIO EM GRANITO CINZA POLIDO, ESP = 3CM, ASSENTADO COM ARGAMASSA COLANTE AC III-E . AF_01/2021","PARE - PAREDES/PAINEIS","m²","2,08","1.171,59","2.436,90","0,04","98,40"]
["100700","SINAPI","PORTA DE MADEIRA COMPENSADA LISA PARA PINTURA, 120X210X3,5CM, 2 FOLHAS, INCLUSO ADUELA 2A, ALIZAR 2A E DOBRADIÇAS. AF_12/2019","ESQV - ESQUADRIAS/FERRAGENS/VIDROS","UN","3,0","810,35","2.431,05","0,04","98,44"]
["96984","SINAPI","ELETRODUTO PVC RÍGIDO, DIÂMETRO 40MM, COM 3 METROS, PARA SPDA - FORNECIMENTO E INSTALAÇÃO. AF_08/2023","INEL - INSTALAÇÃO ELÉTRICA/ELETRIFICAÇÃO E ILUMINAÇÃO EXTERNA","UN","40,0","60,76","2.430,40","0,04","98,49"]
["91996","SINAPI","TOMADA MÉDIA DE EMBUTIR (1 MÓDULO), 2P+T 10 A, INCLUINDO SUPORTE E PLACA - FORNECIMENTO E INSTALAÇÃO. AF_03/2023","INEL - INSTALAÇÃO ELÉTRICA/ELETRIFICAÇÃO E ILUMINAÇÃO EXTERNA","UN","66,0","35,87","2.367,42","0,04","98,53"]
["101654","SINAPI","LUMINÁRIA DE LED PARA ILUMINAÇÃO PÚBLICA, DE 33 W ATÉ 50 W - FORNECIMENTO E INSTALAÇÃO. AF_08/2020","INEL - INSTALAÇÃO ELÉTRICA/ELETRIFICAÇÃO E ILUMINAÇÃO EXTERNA","UN","10,0","235,16","2.351,60","0,04","98,57"]
["92419","SINAPI","MONTAGEM E DESMONTAGEM DE FÔRMA DE PILARES RETANGULARES E ESTRUTURAS SIMILARES, PÉ-DIREITO SIMPLES, EM CHAPA DE MADEIRA COMPENSADA RESINADA, 4 UTILIZAÇÕES. AF_09/2020","FUES - FUNDAÇÕES E ESTRUTURAS","m²","24,21","92,27","2.233,85","0,04","98,61"]
["92000","SINAPI","TOMADA BAIXA DE EMBUTIR (1 MÓDULO), 2P+T 10 A, INCLUINDO SUPORTE E PLACA - FORNECIMENTO E INSTALAÇÃO. AF_03/2023","INEL - INSTALAÇÃO ELÉTRICA/ELETRIFICAÇÃO E ILUMINAÇÃO EXTERNA","UN","69,0","32,12","2.216,28","0,04","98,65"]
["COMP. SEDE 11 - 01","Próprio","FORNECIMENTO E COLOCAÇÃO DE PLACA DE OBRA (4,80 X 2,4 0 M) -  EM CHAPA GALVANIZADA *N. 22*, ADESIVADA E FIXADA COM SUPORTE EM EUCALIPTO AUTOCLAVADO.","CANT - CANTEIRO DE OBRAS","UN","1,0","2.185,29","2.185,29","0,04","98,69"]
["96765","SINAPI","ABRIGO PARA HIDRANTE, 90X60X17CM, COM REGISTRO GLOBO ANGULAR 45 GRAUS 2 1/2\", ADAPTADOR STORZ 2 1/2\", MANGUEIRA DE INCÊNDIO 20M, REDUÇÃO 2 1/2\" X 1 1/2\" E ESGUICHO EM LATÃO 1 1/2\" - FORNECIMENTO E INSTALAÇÃO. AF_10/2020","INES - INSTALAÇÕES ESPECIAIS","UN","1,0","2.160,76","2.160,76","0,04","98,73"]
["103946","SINAPI","PLANTIO DE GRAMA ESMERALDA OU SÃO CARLOS OU CURITIBANA, EM PLACAS. AF_07/2024","URBA - URBANIZAÇÃO","m²","100,0","20,31","2.031,00","0,04","98,77"]
["101532","SINAPI","ENTRADA DE ENERGIA ELÉTRICA, SUBTERRÂNEA, TRIFÁSICA, COM CAIXA DE SOBREPOR, CABO DE 35 MM2 E DISJUNTOR DIN 50A (NÃO INCLUSA MURETA DE ALVENARIA). AF_07/2020_PS","INEL - INSTALAÇÃO ELÉTRICA/ELETRIFICAÇÃO E ILUMINAÇÃO EXTERNA","UN","1,0","2.013,23","2.013,23","0,04","98,80"]
["104918","SINAPI","ARMAÇÃO DE SAPATA ISOLADA, VIGA BALDRAME E SAPATA CORRIDA UTILIZANDO AÇO CA-50 DE 8 MM - MONTAGEM. AF_01/2024","FUES - FUNDAÇÕES E ESTRUTURAS","KG","120,0","16,72","2.006,40","0,04","98,84"]
["96523","SINAPI","ESCAVAÇÃO MANUAL PARA BLOCO DE COROAMENTO OU SAPATA (INCLUINDO ESCAVAÇÃO PARA COLOCAÇÃO DE FÔRMAS). AF_01/2024","MOVT - MOVIMENTO DE TERRA","m³","22,5","87,36","1.965,60","0,04","98,87"]
["94464","SINAPI","TUBO DE AÇO GALVANIZADO COM COSTURA, CLASSE MÉDIA, DN 80 MM (3\"), CONEXÃO ROSQUEADA, INSTALADO EM RESERVAÇÃO PREDIAL DE ÁGUA - FORNECIMENTO E INSTALAÇÃO. AF_04/2024","INHI - INSTALAÇÕES HIDROS SANITÁRIAS","M","12,0","159,36","1.912,32","0,03","98,91"]
["86922","SINAPI","TANQUE DE LOUÇA BRANCA SUSPENSO, 18L OU EQUIVALENTE, INCLUSO SIFÃO TIPO GARRAFA EM METAL CROMADO, VÁLVULA METÁLICA E TORNEIRA DE METAL CROMADO PADRÃO MÉDIO - FORNECIMENTO E INSTALAÇÃO. AF_01/2020","INHI - INSTALAÇÕES HIDROS SANITÁRIAS","UN","2,0","935,53","1.871,06","0,03","98,94"]
["97599","SINAPI","LUMINÁRIA DE EMERGÊNCIA, COM 30 LÂMPADAS LED DE 2 W, SEM REATOR - FORNECIMENTO E INSTALAÇÃO. AF_09/2024","INEL - INSTALAÇÃO ELÉTRICA/ELETRIFICAÇÃO E ILUMINAÇÃO EXTERNA","UN","88,0","21,19","1.864,72","0,03","98,97"]
["104916","SINAPI","ARMAÇÃO DE SAPATA ISOLADA, VIGA BALDRAME E SAPATA CORRIDA UTILIZANDO AÇO CA-60 DE 5 MM - MONTAGEM. AF_01/2024","FUES - FUNDAÇÕES E ESTRUTURAS","KG","100,0","18,55","1.855,00","0,03","99,01"]
["86936","SINAPI","CUBA DE EMBUTIR DE AÇO INOXIDÁVEL MÉDIA, INCLUSO VÁLVULA TIPO AMERICANA E SIFÃO TIPO GARRAFA EM METAL CROMADO - FORNECIMENTO E INSTALAÇÃO. AF_01/2020","INHI - INSTALAÇÕES HIDROS SANITÁRIAS","UN","3,0","551,86","1.655,58","0,03","99,04"]
["89987","SINAPI","REGISTRO DE GAVETA BRUTO, LATÃO, ROSCÁVEL, 3/4\", COM ACABAMENTO E CANOPLA CROMADOS - FORNECIMENTO E INSTALAÇÃO. AF_08/2021","INHI - INSTALAÇÕES HIDROS SANITÁRIAS","UN","15,0","103,09","1.546,35","0,03","99,06"]
["COMP. SEDE  13","Próprio","PILAR METÁLICO PERFIL LAMINADO/SOLDADO, W 310 x 23.8, EM AÇO ESTRUTURAL, COM CONEXÕES PARAFUSADAS, INCLUSOS MÃO DE OBRA, TRANSPORTE, IÇAMENTO UTILIZANDO GUINDASTE E CONEXÕES - FORNECIMENTO E INSTALAÇÃO.","FUES - FUNDAÇÕES E ESTRUTURAS","KG","87,9","17,29","1.519,79","0,03","99,09"]
["97607","SINAPI","LUMINÁRIA ARANDELA TIPO TARTARUGA, DE SOBREPOR, COM 1 LÂMPADA LED DE 6 W, SEM REATOR - FORNECIMENTO E INSTALAÇÃO. AF_09/2024","INEL - INSTALAÇÃO ELÉTRICA/ELETRIFICAÇÃO E ILUMINAÇÃO EXTERNA","UN","14,0","106,01","1.484,14","0,03","99,12"]
["97436","SINAPI","CURVA 90 GRAUS, EM AÇO, CONEXÃO RANHURADA, DN 65 (2 1/2\"), INSTALADO EM PRUMADAS - FORNECIMENTO E INSTALAÇÃO. AF_10/2020","INHI - INSTALAÇÕES HIDROS SANITÁRIAS","UN","14,0","101,70","1.423,80","0,03","99,14"]
["101880","SINAPI","QUADRO DE DISTRIBUIÇÃO DE ENERGIA EM CHAPA DE AÇO GALVANIZADO, DE EMBUTIR, COM BARRAMENTO TRIFÁSICO, PARA 30 DISJUNTORES DIN 150A - FORNECIMENTO E INSTALAÇÃO. AF_10/2020","INEL - INSTALAÇÃO ELÉTRICA/ELETRIFICAÇÃO E ILUMINAÇÃO EXTERNA","UN","2,0","708,58","1.417,16","0,03","99,17"]
["96985","SINAPI","HASTE DE ATERRAMENTO, DIÂMETRO 5/8\", COM 3 METROS - FORNECIMENTO E INSTALAÇÃO. AF_08/2023","INEL - INSTALAÇÃO ELÉTRICA/ELETRIFICAÇÃO E ILUMINAÇÃO EXTERNA","UN","16,0","86,66","1.386,56","0,02","99,19"]
["89986","SINAPI","REGISTRO DE GAVETA BRUTO, LATÃO, ROSCÁVEL, 1/2\", COM ACABAMENTO E CANOPLA CROMADOS - FORNECIMENTO E INSTALAÇÃO. AF_08/2021","INHI - INSTALAÇÕES HIDROS SANITÁRIAS","UN","15,0","90,74","1.361,10","0,02","99,22"]
["COMP. SEDE  16","Próprio","PILAR METÁLICO PERFIL LAMINADO/SOLDADO, W 200 x 19.3 EM AÇO ESTRUTURAL, COM CONEXÕES PARAFUSADAS, INCLUSOS MÃO DE OBRA, TRANSPORTE, IÇAMENTO UTILIZANDO GUINDASTE E CONEXÕES - FORNECIMENTO E INSTALAÇÃO. AF_01/2020_P","FUES - FUNDAÇÕES E ESTRUTURAS","KG","96,5","13,99","1.350,03","0,02","99,24"]
["94483","SINAPI","CONJUNTO HIDRÁULICO EM AÇO ROSCÁVEL PARA INSTALAÇÃO DE BOMBA, DN SUCÇÃO 32 MM (1 1/4\") E DN RECALQUE 25 MM (1\"), PARA EDIFICAÇÃO COM 4 PAVIMENTOS - FORNECIMENTO E INSTALAÇÃO. AF_04/2024","INHI - INSTALAÇÕES HIDROS SANITÁRIAS","UN","1,0","1.268,48","1.268,48","0,02","99,26"]
["100868","SINAPI","BARRA DE APOIO RETA, EM ACO INOX POLIDO, COMPRIMENTO 80 CM,  FIXADA NA PAREDE - FORNECIMENTO E INSTALAÇÃO. AF_01/2020","INHI - INSTALAÇÕES HIDROS SANITÁRIAS","UN","3,0","414,43","1.243,29","0,02","99,29"]
["98110","SINAPI","CAIXA DE GORDURA PEQUENA (CAPACIDADE: 19 L), CIRCULAR, EM PVC, DIÂMETRO INTERNO= 0,3 M. AF_12/2020","INHI - INSTALAÇÕES HIDROS SANITÁRIAS","UN","3,0","404,95","1.214,85","0,02","99,31"]
["89711","SINAPI","TUBO PVC, SERIE NORMAL, ESGOTO PREDIAL, DN 40 MM, FORNECIDO E INSTALADO EM RAMAL DE DESCARGA OU RAMAL DE ESGOTO SANITÁRIO. AF_08/2022","INHI - INSTALAÇÕES HIDROS SANITÁRIAS","M","64,51","18,72","1.207,62","0,02","99,33"]
["99857","SINAPI","CORRIMÃO SIMPLES, DIÂMETRO EXTERNO = 1 1/2\", EM ALUMÍNIO. AF_04/2019_PS","ESQV - ESQUADRIAS/FERRAGENS/VIDROS","M","13,3","89,69","1.192,87","0,02","99,35"]
["89800","SINAPI","TUBO PVC, SERIE NORMAL, ESGOTO PREDIAL, DN 100 MM, FORNECIDO E INSTALADO EM PRUMADA DE ESGOTO SANITÁRIO OU VENTILAÇÃO. AF_08/2022","INHI - INSTALAÇÕES HIDROS SANITÁRIAS","M","50,0","23,76","1.188,00","0,02","99,37"]
["89402","SINAPI","TUBO, PVC, SOLDÁVEL, DE 25MM, INSTALADO EM RAMAL DE DISTRIBUIÇÃO DE ÁGUA - FORNECIMENTO E INSTALAÇÃO. AF_06/2022","INHI - INSTALAÇÕES HIDROS SANITÁRIAS","M","105,12","11,16","1.173,13","0,02","99,39"]
["94500","SINAPI","REGISTRO DE GAVETA BRUTO, LATÃO, ROSCÁVEL, 3\" - FORNECIMENTO E INSTALAÇÃO. AF_08/2021","INHI - INSTALAÇÕES HIDROS SANITÁRIAS","UN","3,0","387,61","1.162,83","0,02","99,41"]
["91953","SINAPI","INTERRUPTOR SIMPLES (1 MÓDULO), 10A/250V, INCLUINDO SUPORTE E PLACA - FORNECIMENTO E INSTALAÇÃO. AF_03/2023","INEL - INSTALAÇÃO ELÉTRICA/ELETRIFICAÇÃO E ILUMINAÇÃO EXTERNA","UN","37,0","30,56","1.130,72","0,02","99,43"]
["87894","SINAPI","CHAPISCO APLICADO EM ALVENARIA (SEM PRESENÇA DE VÃOS) E ESTRUTURAS DE CONCRETO DE FACHADA, COM COLHER DE PEDREIRO.  ARGAMASSA TRAÇO 1:3 COM PREPARO EM BETONEIRA 400L. AF_10/2022","REVE - REVESTIMENTO E TRATAMENTO DE SUPERFÍCIES","m²","150,0","7,18","1.077,00","0,02","99,45"]
["89712","SINAPI","TUBO PVC, SERIE NORMAL, ESGOTO PREDIAL, DN 50 MM, FORNECIDO E INSTALADO EM RAMAL DE DESCARGA OU RAMAL DE ESGOTO SANITÁRIO. AF_08/2022","INHI - INSTALAÇÕES HIDROS SANITÁRIAS","M","45,9","23,15","1.062,58","0,02","99,47"]
["94478","SINAPI","TÊ, EM FERRO GALVANIZADO, CONEXÃO ROSQUEADA, DN 65 MM (2 1/2\"), INSTALADO EM RESERVAÇÃO PREDIAL DE ÁGUA - FORNECIMENTO E INSTALAÇÃO. AF_04/2024","INHI - INSTALAÇÕES HIDROS SANITÁRIAS","UN","6,0","176,02","1.056,12","0,02","99,49"]
["93009","SINAPI","ELETRODUTO RÍGIDO ROSCÁVEL, PVC, DN 60 MM (2\"), PARA REDE ENTERRADA DE DISTRIBUIÇÃO DE ENERGIA ELÉTRICA - FORNECIMENTO E INSTALAÇÃO. AF_12/2021","INEL - INSTALAÇÃO ELÉTRICA/ELETRIFICAÇÃO E ILUMINAÇÃO EXTERNA","M","30,0","32,04","961,20","0,02","99,51"]
["94499","SINAPI","REGISTRO DE GAVETA BRUTO, LATÃO, ROSCÁVEL, 2 1/2\" - FORNECIMENTO E INSTALAÇÃO. AF_08/2021","INHI - INSTALAÇÕES HIDROS SANITÁRIAS","UN","3,0","319,44","958,32","0,02","99,53"]
["95546","SINAPI","KIT DE ACESSORIOS PARA BANHEIRO EM METAL CROMADO, 5 PECAS, INCLUSO FIXAÇÃO. AF_01/2020","INHI - INSTALAÇÕES HIDROS SANITÁRIAS","UN","5,0","184,21","921,05","0,02","99,54"]
["89448","SINAPI","TUBO, PVC, SOLDÁVEL, DE 40MM, INSTALADO EM PRUMADA DE ÁGUA - FORNECIMENTO E INSTALAÇÃO. AF_06/2022","INHI - INSTALAÇÕES HIDROS SANITÁRIAS","M","64,89","13,76","892,88","0,02","99,56"]
["98111","SINAPI","CAIXA DE INSPEÇÃO PARA ATERRAMENTO, CIRCULAR, EM POLIETILENO, DIÂMETRO INTERNO = 0,3 M. AF_12/2020","INHI - INSTALAÇÕES HIDROS SANITÁRIAS","UN","16,0","54,57","873,12","0,02","99,57"]
["86886","SINAPI","ENGATE FLEXÍVEL EM INOX, 1/2  X 30CM - FORNECIMENTO E INSTALAÇÃO. AF_01/2020","INHI - INSTALAÇÕES HIDROS SANITÁRIAS","UN","16,0","54,02","864,32","0,02","99,59"]
["91959","SINAPI","INTERRUPTOR SIMPLES (2 MÓDULOS), 10A/250V, INCLUINDO SUPORTE E PLACA - FORNECIMENTO E INSTALAÇÃO. AF_03/2023","INEL - INSTALAÇÃO ELÉTRICA/ELETRIFICAÇÃO E ILUMINAÇÃO EXTERNA","UN","18,0","46,71","840,78","0,02","99,60"]
["102281","SINAPI","ESCAVAÇÃO MECANIZADA DE VALA COM PROF. MAIOR QUE 1,5 M ATÉ 3,0 M (MÉDIA MONTANTE E JUSANTE/UMA COMPOSIÇÃO POR TRECHO),COM ESCAVADEIRA (1,2 M3),LARG. DE 1,5 M A 2,5 M, EM SOLO DE 1A CATEGORIA, LOCAIS COM BAIXO NÍVEL DE INTERFERÊNCIA. AF_09/2024","MOVT - MOVIMENTO DE TERRA","m³","143,98","5,61","807,72","0,01","99,62"]
["89401","SINAPI","TUBO, PVC, SOLDÁVEL, DE 20MM, INSTALADO EM RAMAL DE DISTRIBUIÇÃO DE ÁGUA - FORNECIMENTO E INSTALAÇÃO. AF_06/2022","INHI - INSTALAÇÕES HIDROS SANITÁRIAS","M","81,14","9,70","787,05","0,01","99,63"]
["89985","SINAPI","REGISTRO DE PRESSÃO BRUTO, LATÃO, ROSCÁVEL, 3/4\", COM ACABAMENTO E CANOPLA CROMADOS - FORNECIMENTO E INSTALAÇÃO. AF_08/2021","INHI - INSTALAÇÕES HIDROS SANITÁRIAS","UN","8,0","97,83","782,64","0,01","99,65"]
["100874","SINAPI","PUXADOR PARA PCD, FIXADO NA PORTA - FORNECIMENTO E INSTALAÇÃO. AF_01/2020","INHI - INSTALAÇÕES HIDROS SANITÁRIAS","UN","2,0","373,63","747,26","0,01","99,66"]
["86909","SINAPI","TORNEIRA CROMADA TUBO MÓVEL, DE MESA, 1/2\" OU 3/4\", PARA PIA DE COZINHA, PADRÃO ALTO - FORNECIMENTO E INSTALAÇÃO. AF_01/2020","INHI - INSTALAÇÕES HIDROS SANITÁRIAS","UN","3,0","248,08","744,24","0,01","99,67"]
["94470","SINAPI","NIPLE, EM FERRO GALVANIZADO, CONEXÃO ROSQUEADA, DN 80 MM (3\"), INSTALADO EM RESERVAÇÃO PREDIAL DE ÁGUA - FORNECIMENTO E INSTALAÇÃO. AF_04/2024","INHI - INSTALAÇÕES HIDROS SANITÁRIAS","UN","6,0","118,79","712,74","0,01","99,69"]
["103009","SINAPI","VÁLVULA DE RETENÇÃO VERTICAL, DE BRONZE, ROSCÁVEL, 2 1/2\" - FORNECIMENTO E INSTALAÇÃO. AF_08/2021","INHI - INSTALAÇÕES HIDROS SANITÁRIAS","UN","2,0","352,45","704,90","0,01","99,70"]
["100849","SINAPI","ASSENTO SANITÁRIO CONVENCIONAL - FORNECIMENTO E INSTALACAO. AF_01/2020","INHI - INSTALAÇÕES HIDROS SANITÁRIAS","UN","16,0","43,88","702,08","0,01","99,71"]
["94468","SINAPI","NIPLE, EM FERRO GALVANIZADO, CONEXÃO ROSQUEADA, DN 65 MM (2 1/2\"), INSTALADO EM RESERVAÇÃO PREDIAL DE ÁGUA - FORNECIMENTO E INSTALAÇÃO. AF_04/2024","INHI - INSTALAÇÕES HIDROS SANITÁRIAS","UN","9,0","77,94","701,46","0,01","99,72"]
["95471","SINAPI","VASO SANITARIO SIFONADO CONVENCIONAL PARA PCD SEM FURO FRONTAL COM  LOUÇA BRANCA SEM ASSENTO -  FORNECIMENTO E INSTALAÇÃO. AF_01/2020","INHI - INSTALAÇÕES HIDROS SANITÁRIAS","UN","1,0","674,23","674,23","0,01","99,74"]
["104329","SINAPI","CAIXA SIFONADA, COM GRELHA REDONDA, PVC, DN 150 X 150 X 50 MM, JUNTA SOLDÁVEL, FORNECIDA E INSTALADA EM RAMAL DE DESCARGA OU EM RAMAL DE ESGOTO SANITÁRIO. AF_08/2022","INHI - INSTALAÇÕES HIDROS SANITÁRIAS","UN","8,0","80,50","644,00","0,01","99,75"]
["104920","SINAPI","ARMAÇÃO DE BLOCO, SAPATA ISOLADA, VIGA BALDRAME E SAPATA CORRIDA UTILIZANDO AÇO CA-50 DE 12,5 MM - MONTAGEM. AF_01/2024","FUES - FUNDAÇÕES E ESTRUTURAS","KG","50,0","12,82","641,00","0,01","99,76"]
["97438","SINAPI","CURVA 90 GRAUS, EM AÇO, CONEXÃO RANHURADA, DN 80 (3\"), INSTALADO EM PRUMADAS - FORNECIMENTO E INSTALAÇÃO. AF_10/2020","INHI - INSTALAÇÕES HIDROS SANITÁRIAS","UN","5,0","116,15","580,75","0,01","99,77"]
["96988","SINAPI","MASTRO 1 ½\", COM 3 METROS, PARA SPDA - FORNECIMENTO E INSTALAÇÃO. AF_08/2023","INEL - INSTALAÇÃO ELÉTRICA/ELETRIFICAÇÃO E ILUMINAÇÃO EXTERNA","UN","3,0","171,57","514,71","0,01","99,78"]
["100725","SINAPI","PINTURA COM TINTA ALQUÍDICA DE FUNDO E ACABAMENTO (ESMALTE SINTÉTICO GRAFITE) PULVERIZADA SOBRE SUPERFÍCIES METÁLICAS (EXCETO PERFIL) EXECUTADO EM OBRA (POR DEMÃO). AF_01/2020_PE","PINT - PINTURAS","m²","22,0","22,50","495,00","0,01","99,79"]
["96527","SINAPI","ESCAVAÇÃO MANUAL PARA VIGA BALDRAME OU SAPATA CORRIDA (INCLUINDO ESCAVAÇÃO PARA COLOCAÇÃO DE FÔRMAS). AF_01/2024","MOVT - MOVIMENTO DE TERRA","m³","5,13","96,08","492,89","0,01","99,80"]
["96619","SINAPI","LASTRO DE CONCRETO MAGRO, APLICADO EM BLOCOS DE COROAMENTO OU SAPATAS, ESPESSURA DE 5 CM. AF_01/2024","FUES - FUNDAÇÕES E ESTRUTURAS","m²","9,0","53,35","480,15","0,01","99,80"]
["94479","SINAPI","TÊ, EM FERRO GALVANIZADO, CONEXÃO ROSQUEADA, DN 80 MM (3\"), INSTALADO EM RESERVAÇÃO PREDIAL DE ÁGUA - FORNECIMENTO E INSTALAÇÃO. AF_04/2024","INHI - INSTALAÇÕES HIDROS SANITÁRIAS","UN","2,0","230,09","460,18","0,01","99,81"]
["89440","SINAPI","TE, PVC, SOLDÁVEL, DN 25MM, INSTALADO EM RAMAL DE DISTRIBUIÇÃO DE ÁGUA - FORNECIMENTO E INSTALAÇÃO. AF_06/2022","INHI - INSTALAÇÕES HIDROS SANITÁRIAS","UN","39,0","11,13","434,07","0,01","99,82"]
["96989","SINAPI","CAPTOR TIPO FRANKLIN PARA SPDA - FORNECIMENTO E INSTALAÇÃO. AF_08/2023","INEL - INSTALAÇÃO ELÉTRICA/ELETRIFICAÇÃO E ILUMINAÇÃO EXTERNA","UN","3,0","143,63","430,89","0,01","99,83"]
["101895","SINAPI","DISJUNTOR TERMOMAGNÉTICO TRIPOLAR , CORRENTE NOMINAL DE 125A - FORNECIMENTO E INSTALAÇÃO. AF_10/2020","INEL - INSTALAÇÃO ELÉTRICA/ELETRIFICAÇÃO E ILUMINAÇÃO EXTERNA","UN","1,0","420,39","420,39","0,01","99,84"]
["89798","SINAPI","TUBO PVC, SERIE NORMAL, ESGOTO PREDIAL, DN 50 MM, FORNECIDO E INSTALADO EM PRUMADA DE ESGOTO SANITÁRIO OU VENTILAÇÃO. AF_08/2022","INHI - INSTALAÇÕES HIDROS SANITÁRIAS","M","40,0","10,19","407,60","0,01","99,84"]
["93654","SINAPI","DISJUNTOR MONOPOLAR TIPO DIN, CORRENTE NOMINAL DE 16A - FORNECIMENTO E INSTALAÇÃO. AF_10/2020","INEL - INSTALAÇÃO ELÉTRICA/ELETRIFICAÇÃO E ILUMINAÇÃO EXTERNA","UN","31,0","12,23","379,13","0,01","99,85"]
["96987","SINAPI","BASE METÁLICA PARA MASTRO 1 ½\"  PARA SPDA - FORNECIMENTO E INSTALAÇÃO. AF_08/2023","INEL - INSTALAÇÃO ELÉTRICA/ELETRIFICAÇÃO E ILUMINAÇÃO EXTERNA","UN","3,0","122,56","367,68","0,01","99,86"]
["89797","SINAPI","JUNÇÃO SIMPLES, PVC, SERIE NORMAL, ESGOTO PREDIAL, DN 100 X 100 MM, JUNTA ELÁSTICA, FORNECIDO E INSTALADO EM RAMAL DE DESCARGA OU RAMAL DE ESGOTO SANITÁRIO. AF_08/2022","INHI - INSTALAÇÕES HIDROS SANITÁRIAS","UN","8,0","45,16","361,28","0,01","99,86"]
["94793","SINAPI","REGISTRO DE GAVETA BRUTO, LATÃO, ROSCÁVEL, 1 1/4\", COM ACABAMENTO E CANOPLA CROMADOS - FORNECIMENTO E INSTALAÇÃO. AF_08/2021","INHI - INSTALAÇÕES HIDROS SANITÁRIAS","UN","2,0","172,47","344,94","0,01","99,87"]
["89748","SINAPI","CURVA CURTA 90 GRAUS, PVC, SERIE NORMAL, ESGOTO PREDIAL, DN 100 MM, JUNTA ELÁSTICA, FORNECIDO E INSTALADO EM RAMAL DE DESCARGA OU RAMAL DE ESGOTO SANITÁRIO. AF_08/2022","INHI - INSTALAÇÕES HIDROS SANITÁRIAS","UN","9,0","36,41","327,69","0,01","99,87"]
["90373","SINAPI","JOELHO 90 GRAUS COM BUCHA DE LATÃO, PVC, SOLDÁVEL, DN 25MM, X 1/2  INSTALADO EM RAMAL OU SUB-RAMAL DE ÁGUA - FORNECIMENTO E INSTALAÇÃO. AF_06/2022","INHI - INSTALAÇÕES HIDROS SANITÁRIAS","UN","27,0","11,60","313,20","0,01","99,88"]
["104345","SINAPI","JUNÇÃO DE REDUÇÃO INVERTIDA, PVC, SÉRIE NORMAL, ESGOTO PREDIAL, DN 100 X 50 MM, JUNTA ELÁSTICA, FORNECIDO E INSTALADO EM RAMAL DE DESCARGA OU RAMAL DE ESGOTO SANITÁRIO. AF_08/2022","INHI - INSTALAÇÕES HIDROS SANITÁRIAS","UN","8,0","37,95","303,60","0,01","99,89"]
["89785","SINAPI","JUNÇÃO SIMPLES, PVC, SERIE NORMAL, ESGOTO PREDIAL, DN 50 X 50 MM, JUNTA ELÁSTICA, FORNECIDO E INSTALADO EM RAMAL DE DESCARGA OU RAMAL DE ESGOTO SANITÁRIO. AF_08/2022","INHI - INSTALAÇÕES HIDROS SANITÁRIAS","UN","12,0","24,03","288,36","0,01","99,89"]
["102507","SINAPI","PINTURA DE DEMARCAÇÃO DE VAGA COM TINTA EPÓXI, E = 10 CM, APLICAÇÃO MANUAL. AF_05/2021","PINT - PINTURAS","M","52,5","5,49","288,22","0,01","99,90"]
["91967","SINAPI","INTERRUPTOR SIMPLES (3 MÓDULOS), 10A/250V, INCLUINDO SUPORTE E PLACA - FORNECIMENTO E INSTALAÇÃO. AF_03/2023","INEL - INSTALAÇÃO ELÉTRICA/ELETRIFICAÇÃO E ILUMINAÇÃO EXTERNA","UN","4,0","62,85","251,40","0,00","99,90"]
["104356","SINAPI","TERMINAL DE VENTILAÇÃO, PVC, SÉRIE NORMAL, ESGOTO PREDIAL, DN 100 MM, JUNTA SOLDÁVEL, FORNECIDO E INSTALADO EM PRUMADA DE ESGOTO SANITÁRIO OU VENTILAÇÃO. AF_08/2022","INHI - INSTALAÇÕES HIDROS SANITÁRIAS","UN","10,0","23,81","238,10","0,00","99,90"]
["91955","SINAPI","INTERRUPTOR PARALELO (1 MÓDULO), 10A/250V, INCLUINDO SUPORTE E PLACA - FORNECIMENTO E INSTALAÇÃO. AF_03/2023","INEL - INSTALAÇÃO ELÉTRICA/ELETRIFICAÇÃO E ILUMINAÇÃO EXTERNA","UN","6,0","37,12","222,72","0,00","99,91"]
["89367","SINAPI","JOELHO 90 GRAUS, PVC, SOLDÁVEL, DN 32MM, INSTALADO EM RAMAL OU SUB-RAMAL DE ÁGUA - FORNECIMENTO E INSTALAÇÃO. AF_06/2022","INHI - INSTALAÇÕES HIDROS SANITÁRIAS","UN","18,0","12,00","216,00","0,00","99,91"]
["89802","SINAPI","JOELHO 45 GRAUS, PVC, SERIE NORMAL, ESGOTO PREDIAL, DN 50 MM, JUNTA ELÁSTICA, FORNECIDO E INSTALADO EM PRUMADA DE ESGOTO SANITÁRIO OU VENTILAÇÃO. AF_08/2022","INHI - INSTALAÇÕES HIDROS SANITÁRIAS","UN","21,0","9,86","207,06","0,00","99,92"]
["89744","SINAPI","JOELHO 90 GRAUS, PVC, SERIE NORMAL, ESGOTO PREDIAL, DN 100 MM, JUNTA ELÁSTICA, FORNECIDO E INSTALADO EM RAMAL DE DESCARGA OU RAMAL DE ESGOTO SANITÁRIO. AF_08/2022","INHI - INSTALAÇÕES HIDROS SANITÁRIAS","UN","8,0","25,51","204,08","0,00","99,92"]
["93673","SINAPI","DISJUNTOR TRIPOLAR TIPO DIN, CORRENTE NOMINAL DE 50A - FORNECIMENTO E INSTALAÇÃO. AF_10/2020","INEL - INSTALAÇÃO ELÉTRICA/ELETRIFICAÇÃO E ILUMINAÇÃO EXTERNA","UN","2,0","96,55","193,10","0,00","99,92"]
["89728","SINAPI","CURVA CURTA 90 GRAUS, PVC, SERIE NORMAL, ESGOTO PREDIAL, DN 40 MM, JUNTA SOLDÁVEL, FORNECIDO E INSTALADO EM RAMAL DE DESCARGA OU RAMAL DE ESGOTO SANITÁRIO. AF_08/2022","INHI - INSTALAÇÕES HIDROS SANITÁRIAS","UN","17,0","11,32","192,44","0,00","99,93"]
["95635","SINAPI","KIT CAVALETE PARA MEDIÇÃO DE ÁGUA - ENTRADA PRINCIPAL, EM PVC 25 MM (3/4\") - FORNECIMENTO E INSTALAÇÃO (EXCLUSIVE HIDRÔMETRO). AF_03/2024","INHI - INSTALAÇÕES HIDROS SANITÁRIAS","UN","1,0","188,77","188,77","0,00","99,93"]
["86884","SINAPI","ENGATE FLEXÍVEL EM PLÁSTICO BRANCO, 1/2\" X 30CM - FORNECIMENTO E INSTALAÇÃO. AF_01/2020","INHI - INSTALAÇÕES HIDROS SANITÁRIAS","UN","17,0","10,48","178,16","0,00","99,93"]
["94475","SINAPI","COTOVELO 90 GRAUS, EM FERRO GALVANIZADO, CONEXÃO ROSQUEADA, DN 80 MM (3\"), INSTALADO EM RESERVAÇÃO PREDIAL DE ÁGUA - FORNECIMENTO E INSTALAÇÃO. AF_04/2024","INHI - INSTALAÇÕES HIDROS SANITÁRIAS","UN","1,0","174,18","174,18","0,00","99,94"]
["89731","SINAPI","JOELHO 90 GRAUS, PVC, SERIE NORMAL, ESGOTO PREDIAL, DN 50 MM, JUNTA ELÁSTICA, FORNECIDO E INSTALADO EM RAMAL DE DESCARGA OU RAMAL DE ESGOTO SANITÁRIO. AF_08/2022","INHI - INSTALAÇÕES HIDROS SANITÁRIAS","UN","12,0","14,18","170,16","0,00","99,94"]
["89362","SINAPI","JOELHO 90 GRAUS, PVC, SOLDÁVEL, DN 25MM, INSTALADO EM RAMAL OU SUB-RAMAL DE ÁGUA - FORNECIMENTO E INSTALAÇÃO. AF_06/2022","INHI - INSTALAÇÕES HIDROS SANITÁRIAS","UN","19,0","8,82","167,58","0,00","99,94"]
["89724","SINAPI","JOELHO 90 GRAUS, PVC, SERIE NORMAL, ESGOTO PREDIAL, DN 40 MM, JUNTA SOLDÁVEL, FORNECIDO E INSTALADO EM RAMAL DE DESCARGA OU RAMAL DE ESGOTO SANITÁRIO. AF_08/2022","INHI - INSTALAÇÕES HIDROS SANITÁRIAS","UN","18,0","9,20","165,60","0,00","99,95"]
["91969","SINAPI","INTERRUPTOR PARALELO (3 MÓDULOS), 10A/250V, INCLUINDO SUPORTE E PLACA - FORNECIMENTO E INSTALAÇÃO. AF_03/2023","INEL - INSTALAÇÃO ELÉTRICA/ELETRIFICAÇÃO E ILUMINAÇÃO EXTERNA","UN","2,0","82,48","164,96","0,00","99,95"]
["101917","SINAPI","MANÔMETRO 0 A 200 PSI (0 A 14 KGF/CM2), D = 50MM - FORNECIMENTO E INSTALAÇÃO. AF_10/2020","INES - INSTALAÇÕES ESPECIAIS","UN","1,0","162,18","162,18","0,00","99,95"]
["101946","SINAPI","QUADRO DE MEDIÇÃO GERAL DE ENERGIA PARA 1 MEDIDOR DE SOBREPOR - FORNECIMENTO E INSTALAÇÃO. AF_10/2020","INEL - INSTALAÇÃO ELÉTRICA/ELETRIFICAÇÃO E ILUMINAÇÃO EXTERNA","UN","1,0","161,38","161,38","0,00","99,95"]
["103950","SINAPI","JOELHO DE REDUÇÃO, 90 GRAUS, PVC, SOLDÁVEL, DN 25 MM X 20 MM, INSTALADO EM RAMAL OU SUB-RAMAL DE ÁGUA - FORNECIMENTO E INSTALAÇÃO. AF_06/2022","INHI - INSTALAÇÕES HIDROS SANITÁRIAS","UN","16,0","9,88","158,08","0,00","99,96"]
["95676","SINAPI","CAIXA EM CONCRETO PRÉ-MOLDADO PARA ABRIGO DE HIDRÔMETRO COM DN 20 MM - FORNECIMENTO E INSTALAÇÃO. AF_03/2024","INHI - INSTALAÇÕES HIDROS SANITÁRIAS","UN","1,0","127,12","127,12","0,00","99,96"]
["89733","SINAPI","CURVA CURTA 90 GRAUS, PVC, SERIE NORMAL, ESGOTO PREDIAL, DN 50 MM, JUNTA ELÁSTICA, FORNECIDO E INSTALADO EM RAMAL DE DESCARGA OU RAMAL DE ESGOTO SANITÁRIO. AF_08/2022","INHI - INSTALAÇÕES HIDROS SANITÁRIAS","UN","6,0","20,31","121,86","0,00","99,96"]
["89796","SINAPI","TE, PVC, SERIE NORMAL, ESGOTO PREDIAL, DN 100 X 100 MM, JUNTA ELÁSTICA, FORNECIDO E INSTALADO EM RAMAL DE DESCARGA OU RAMAL DE ESGOTO SANITÁRIO. AF_08/2022","INHI - INSTALAÇÕES HIDROS SANITÁRIAS","UN","3,0","39,33","117,99","0,00","99,96"]
["93655","SINAPI","DISJUNTOR MONOPOLAR TIPO DIN, CORRENTE NOMINAL DE 20A - FORNECIMENTO E INSTALAÇÃO. AF_10/2020","INEL - INSTALAÇÃO ELÉTRICA/ELETRIFICAÇÃO E ILUMINAÇÃO EXTERNA","UN","8,0","13,48","107,84","0,00","99,97"]
["89783","SINAPI","JUNÇÃO SIMPLES, PVC, SERIE NORMAL, ESGOTO PREDIAL, DN 40 MM, JUNTA SOLDÁVEL, FORNECIDO E INSTALADO EM RAMAL DE DESCARGA OU RAMAL DE ESGOTO SANITÁRIO. AF_08/2022","INHI - INSTALAÇÕES HIDROS SANITÁRIAS","UN","8,0","13,27","106,16","0,00","99,97"]
["103982","SINAPI","CURVA 90 GRAUS, PVC, SOLDÁVEL, DN 40MM, INSTALADO EM RAMAL DE DISTRIBUIÇÃO DE ÁGUA - FORNECIMENTO E INSTALAÇÃO. AF_06/2022","INHI - INSTALAÇÕES HIDROS SANITÁRIAS","UN","5,0","20,98","104,90","0,00","99,97"]
["100860","SINAPI","CHUVEIRO ELÉTRICO COMUM CORPO PLÁSTICO, TIPO DUCHA - FORNECIMENTO E INSTALAÇÃO. AF_01/2020","INHI - INSTALAÇÕES HIDROS SANITÁRIAS","UN","1,0","103,27","103,27","0,00","99,97"]
["89801","SINAPI","JOELHO 90 GRAUS, PVC, SERIE NORMAL, ESGOTO PREDIAL, DN 50 MM, JUNTA ELÁSTICA, FORNECIDO E INSTALADO EM PRUMADA DE ESGOTO SANITÁRIO OU VENTILAÇÃO. AF_08/2022","INHI - INSTALAÇÕES HIDROS SANITÁRIAS","UN","11,0","9,33","102,63","0,00","99,97"]
["89398","SINAPI","TE, PVC, SOLDÁVEL, DN 32MM, INSTALADO EM RAMAL OU SUB-RAMAL DE ÁGUA - FORNECIMENTO E INSTALAÇÃO. AF_06/2022","INHI - INSTALAÇÕES HIDROS SANITÁRIAS","UN","6,0","16,72","100,32","0,00","99,97"]
["89383","SINAPI","ADAPTADOR CURTO COM BOLSA E ROSCA PARA REGISTRO, PVC, SOLDÁVEL, DN 25MM X 3/4 , INSTALADO EM RAMAL OU SUB-RAMAL DE ÁGUA - FORNECIMENTO E INSTALAÇÃO. AF_06/2022","INHI - INSTALAÇÕES HIDROS SANITÁRIAS","UN","15,0","6,11","91,65","0,00","99,98"]
["89827","SINAPI","JUNÇÃO SIMPLES, PVC, SERIE NORMAL, ESGOTO PREDIAL, DN 50 X 50 MM, JUNTA ELÁSTICA, FORNECIDO E INSTALADO EM PRUMADA DE ESGOTO SANITÁRIO OU VENTILAÇÃO. AF_08/2022","INHI - INSTALAÇÕES HIDROS SANITÁRIAS","UN","5,0","17,56","87,80","0,00","99,98"]
["89387","SINAPI","LUVA DE CORRER, PVC, SOLDÁVEL, DN 32MM, INSTALADO EM RAMAL OU SUB-RAMAL DE ÁGUA   FORNECIMENTO E INSTALAÇÃO. AF_06/2022","INHI - INSTALAÇÕES HIDROS SANITÁRIAS","UN","3,0","25,59","76,77","0,00","99,98"]
["89623","SINAPI","TE, PVC, SOLDÁVEL, DN 40MM, INSTALADO EM PRUMADA DE ÁGUA - FORNECIMENTO E INSTALAÇÃO. AF_06/2022","INHI - INSTALAÇÕES HIDROS SANITÁRIAS","UN","4,0","17,03","68,12","0,00","99,98"]
["93008","SINAPI","ELETRODUTO RÍGIDO ROSCÁVEL, PVC, DN 50 MM (1 1/2\"), PARA REDE ENTERRADA DE DISTRIBUIÇÃO DE ENERGIA ELÉTRICA - FORNECIMENTO E INSTALAÇÃO. AF_12/2021","INEL - INSTALAÇÃO ELÉTRICA/ELETRIFICAÇÃO E ILUMINAÇÃO EXTERNA","M","3,0","21,27","63,81","0,00","99,98"]
["89812","SINAPI","CURVA LONGA 90 GRAUS, PVC, SERIE NORMAL, ESGOTO PREDIAL, DN 100 MM, JUNTA ELÁSTICA, FORNECIDO E INSTALADO EM PRUMADA DE ESGOTO SANITÁRIO OU VENTILAÇÃO. AF_08/2022","INHI - INSTALAÇÕES HIDROS SANITÁRIAS","UN","1,0","62,94","62,94","0,00","99,98"]
["104341","SINAPI","BUCHA DE REDUÇÃO LONGA, PVC, SÉRIE NORMAL, ESGOTO PREDIAL, DN 50 X 40 MM, JUNTA SOLDÁVEL E ELÁSTICA, FORNECIDO E INSTALADO EM RAMAL DE DESCARGA OU RAMAL DE ESGOTO SANITÁRIO. AF_08/2022","INHI - INSTALAÇÕES HIDROS SANITÁRIAS","UN","6,0","9,98","59,88","0,00","99,98"]
["89810","SINAPI","JOELHO 45 GRAUS, PVC, SERIE NORMAL, ESGOTO PREDIAL, DN 100 MM, JUNTA ELÁSTICA, FORNECIDO E INSTALADO EM PRUMADA DE ESGOTO SANITÁRIO OU VENTILAÇÃO. AF_08/2022","INHI - INSTALAÇÕES HIDROS SANITÁRIAS","UN","2,0","27,26","54,52","0,00","99,99"]
["93656","SINAPI","DISJUNTOR MONOPOLAR TIPO DIN, CORRENTE NOMINAL DE 25A - FORNECIMENTO E INSTALAÇÃO. AF_10/2020","INEL - INSTALAÇÃO ELÉTRICA/ELETRIFICAÇÃO E ILUMINAÇÃO EXTERNA","UN","4,0","13,48","53,92","0,00","99,99"]
["89746","SINAPI","JOELHO 45 GRAUS, PVC, SERIE NORMAL, ESGOTO PREDIAL, DN 100 MM, JUNTA ELÁSTICA, FORNECIDO E INSTALADO EM RAMAL DE DESCARGA OU RAMAL DE ESGOTO SANITÁRIO. AF_08/2022","INHI - INSTALAÇÕES HIDROS SANITÁRIAS","UN","2,0","26,12","52,24","0,00","99,99"]
["89358","SINAPI","JOELHO 90 GRAUS, PVC, SOLDÁVEL, DN 20MM, INSTALADO EM RAMAL OU SUB-RAMAL DE ÁGUA - FORNECIMENTO E INSTALAÇÃO. AF_06/2022","INHI - INSTALAÇÕES HIDROS SANITÁRIAS","UN","7,0","7,42","51,94","0,00","99,99"]
["103980","SINAPI","JOELHO 90 GRAUS, PVC, SOLDÁVEL, DN 40MM, INSTALADO EM RAMAL DE DISTRIBUIÇÃO DE ÁGUA - FORNECIMENTO E INSTALAÇÃO. AF_06/2022","INHI - INSTALAÇÕES HIDROS SANITÁRIAS","UN","3,0","15,82","47,46","0,00","99,99"]
["98558","SINAPI","TRATAMENTO DE RALO OU PONTO EMERGENTE COM ARGAMASSA POLIMÉRICA / MEMBRANA ACRÍLICA REFORÇADO COM TELA DE POLIÉSTER (MAV). AF_09/2023","IMPE - IMPERMEABILIZAÇÕES E PROTEÇÕES DIVERSAS","UN","4,0","11,41","45,64","0,00","99,99"]
["89360","SINAPI","CURVA 90 GRAUS, PVC, SOLDÁVEL, DN 20MM, INSTALADO EM RAMAL OU SUB-RAMAL DE ÁGUA - FORNECIMENTO E INSTALAÇÃO. AF_06/2022","INHI - INSTALAÇÕES HIDROS SANITÁRIAS","UN","5,0","8,70","43,50","0,00","99,99"]
["103951","SINAPI","JOELHO DE REDUÇÃO, 90 GRAUS, PVC, SOLDÁVEL, DN 32 MM X 25 MM, INSTALADO EM RAMAL OU SUB-RAMAL DE ÁGUA - FORNECIMENTO E INSTALAÇÃO. AF_06/2022","INHI - INSTALAÇÕES HIDROS SANITÁRIAS","UN","3,0","13,43","40,29","0,00","99,99"]
["89726","SINAPI","JOELHO 45 GRAUS, PVC, SERIE NORMAL, ESGOTO PREDIAL, DN 40 MM, JUNTA SOLDÁVEL, FORNECIDO E INSTALADO EM RAMAL DE DESCARGA OU RAMAL DE ESGOTO SANITÁRIO. AF_08/2022","INHI - INSTALAÇÕES HIDROS SANITÁRIAS","UN","4,0","9,37","37,48","0,00","99,99"]
["103993","SINAPI","BUCHA DE REDUÇÃO, PVC, SOLDÁVEL, DN 40MM X 32MM, INSTALADO EM RAMAL DE DISTRIBUIÇÃO DE ÁGUA - FORNECIMENTO E INSTALAÇÃO. AF_06/2022","INHI - INSTALAÇÕES HIDROS SANITÁRIAS","UN","4,0","8,97","35,88","0,00","99,99"]
["89379","SINAPI","LUVA DE CORRER, PVC, SOLDÁVEL, DN 25MM, INSTALADO EM RAMAL OU SUB-RAMAL DE ÁGUA - FORNECIMENTO E INSTALAÇÃO. AF_12/2014","INHI - INSTALAÇÕES HIDROS SANITÁRIAS","UN","2,0","16,24","32,48","0,00","99,99"]
["94783","SINAPI","ADAPTADOR COM FLANGE E ANEL DE VEDAÇÃO, PVC, SOLDÁVEL, DN  20 MM X 1/2\", INSTALADO EM RESERVAÇÃO PREDIAL DE ÁGUA - FORNECIMENTO E INSTALAÇÃO. AF_04/2024","INHI - INSTALAÇÕES HIDROS SANITÁRIAS","UN","2,0","16,03","32,06","0,00","99,99"]
["89572","SINAPI","ADAPTADOR CURTO COM BOLSA E ROSCA PARA REGISTRO, PVC, SOLDÁVEL, DN 40MM X 1.1/4 , INSTALADO EM PRUMADA DE ÁGUA - FORNECIMENTO E INSTALAÇÃO. AF_06/2022","INHI - INSTALAÇÕES HIDROS SANITÁRIAS","UN","4,0","7,70","30,80","0,00","99,99"]
["89369","SINAPI","CURVA 90 GRAUS, PVC, SOLDÁVEL, DN 32MM, INSTALADO EM RAMAL OU SUB-RAMAL DE ÁGUA - FORNECIMENTO E INSTALAÇÃO. AF_06/2022","INHI - INSTALAÇÕES HIDROS SANITÁRIAS","UN","2,0","15,40","30,80","0,00","99,99"]
["89366","SINAPI","JOELHO 90 GRAUS COM BUCHA DE LATÃO, PVC, SOLDÁVEL, DN 25MM, X 3/4  INSTALADO EM RAMAL OU SUB-RAMAL DE ÁGUA - FORNECIMENTO E INSTALAÇÃO. AF_06/2022","INHI - INSTALAÇÕES HIDROS SANITÁRIAS","UN","2,0","14,38","28,76","0,00","100,00"]
["89376","SINAPI","ADAPTADOR CURTO COM BOLSA E ROSCA PARA REGISTRO, PVC, SOLDÁVEL, DN 20MM X 1/2 , INSTALADO EM RAMAL OU SUB-RAMAL DE ÁGUA - FORNECIMENTO E INSTALAÇÃO. AF_06/2022","INHI - INSTALAÇÕES HIDROS SANITÁRIAS","UN","5,0","5,23","26,15","0,00","100,00"]
["103036","SINAPI","REGISTRO DE ESFERA, PVC, ROSCÁVEL, COM VOLANTE, 1/2\" - FORNECIMENTO E INSTALAÇÃO. AF_08/2021","INHI - INSTALAÇÕES HIDROS SANITÁRIAS","UN","1,0","24,64","24,64","0,00","100,00"]
["89713","SINAPI","TUBO PVC, SERIE NORMAL, ESGOTO PREDIAL, DN 75 MM, FORNECIDO E INSTALADO EM RAMAL DE DESCARGA OU RAMAL DE ESGOTO SANITÁRIO. AF_08/2022","INHI - INSTALAÇÕES HIDROS SANITÁRIAS","M","0,83","28,70","23,82","0,00","100,00"]
["89364","SINAPI","CURVA 90 GRAUS, PVC, SOLDÁVEL, DN 25MM, INSTALADO EM RAMAL OU SUB-RAMAL DE ÁGUA - FORNECIMENTO E INSTALAÇÃO. AF_06/2022","INHI - INSTALAÇÕES HIDROS SANITÁRIAS","UN","2,0","10,72","21,44","0,00","100,00"]
["89709","SINAPI","RALO SIFONADO, PVC, DN 100 X 40 MM, JUNTA SOLDÁVEL, FORNECIDO E INSTALADO EM RAMAL DE DESCARGA OU EM RAMAL DE ESGOTO SANITÁRIO. AF_08/2022","INHI - INSTALAÇÕES HIDROS SANITÁRIAS","UN","1,0","21,00","21,00","0,00","100,00"]
["89393","SINAPI","TE, PVC, SOLDÁVEL, DN 20MM, INSTALADO EM RAMAL OU SUB-RAMAL DE ÁGUA - FORNECIMENTO E INSTALAÇÃO. AF_06/2022","INHI - INSTALAÇÕES HIDROS SANITÁRIAS","UN","2,0","10,26","20,52","0,00","100,00"]
["103041","SINAPI","REGISTRO DE ESFERA, PVC, ROSCÁVEL, COM BORBOLETA, 1/2\" - FORNECIMENTO E INSTALAÇÃO. AF_08/2021","INHI - INSTALAÇÕES HIDROS SANITÁRIAS","UN","1,0","20,52","20,52","0,00","100,00"]
["104031","SINAPI","COLAR DE TOMADA, PVC, COM TRAVAS, DE 60 MM X 1/2\" OU 60 MM X 3/4\", PARA LIGAÇÃO PREDIAL DE ÁGUA. AF_06/2022","LIPR - LIGAÇÕES PREDIAIS ÁGUA/ESGOTO/ENERGIA/TELEFONE","UN","1,0","17,28","17,28","0,00","100,00"]
["93657","SINAPI","DISJUNTOR MONOPOLAR TIPO DIN, CORRENTE NOMINAL DE 32A - FORNECIMENTO E INSTALAÇÃO. AF_10/2020","INEL - INSTALAÇÃO ELÉTRICA/ELETRIFICAÇÃO E ILUMINAÇÃO EXTERNA","UN","1,0","14,99","14,99","0,00","100,00"]
["89372","SINAPI","LUVA DE CORRER, PVC, SOLDÁVEL, DN 20MM, INSTALADO EM RAMAL OU SUB-RAMAL DE ÁGUA - FORNECIMENTO E INSTALAÇÃO. AF_06/2022","INHI - INSTALAÇÕES HIDROS SANITÁRIAS","UN","1,0","13,80","13,80","0,00","100,00"]
["89498","SINAPI","JOELHO 45 GRAUS, PVC, SOLDÁVEL, DN 40MM, INSTALADO EM PRUMADA DE ÁGUA - FORNECIMENTO E INSTALAÇÃO. AF_06/2022","INHI - INSTALAÇÕES HIDROS SANITÁRIAS","UN","1,0","11,72","11,72","0,00","100,00"]
["89439","SINAPI","TÊ SOLDÁVEL E COM ROSCA NA BOLSA CENTRAL, PVC, SOLDÁVEL, DN 20MM X 1/2 , INSTALADO EM RAMAL DE DISTRIBUIÇÃO DE ÁGUA - FORNECIMENTO E INSTALAÇÃO. AF_06/2022","INHI - INSTALAÇÕES HIDROS SANITÁRIAS","UN","1,0","10,63","10,63","0,00","100,00"]
["89380","SINAPI","LUVA DE REDUÇÃO, PVC, SOLDÁVEL, DN 32MM X 25MM, INSTALADO EM RAMAL OU SUB-RAMAL DE ÁGUA - FORNECIMENTO E INSTALAÇÃO. AF_06/2022","INHI - INSTALAÇÕES HIDROS SANITÁRIAS","UN","1,0","9,10","9,10","0,00","100,00"]
["89361","SINAPI","CURVA 45 GRAUS, PVC, SOLDÁVEL, DN 20MM, INSTALADO EM RAMAL OU SUB-RAMAL DE ÁGUA - FORNECIMENTO E INSTALAÇÃO. AF_06/2022","INHI - INSTALAÇÕES HIDROS SANITÁRIAS","UN","1,0","8,76","8,76","0,00","100,00"]
["89558","SINAPI","LUVA, PVC, SOLDÁVEL, DN 40MM, INSTALADO EM PRUMADA DE ÁGUA - FORNECIMENTO E INSTALAÇÃO. AF_06/2022","INHI - INSTALAÇÕES HIDROS SANITÁRIAS","UN","1,0","8,63","8,63","0,00","100,00"]
["89359","SINAPI","JOELHO 45 GRAUS, PVC, SOLDÁVEL, DN 20MM, INSTALADO EM RAMAL OU SUB-RAMAL DE ÁGUA - FORNECIMENTO E INSTALAÇÃO. AF_06/2022","INHI - INSTALAÇÕES HIDROS SANITÁRIAS","UN","1,0","7,87","7,87","0,00","100,00"]
["103948","SINAPI","BUCHA DE REDUÇÃO, CURTA, PVC, SOLDÁVEL, DN 32 X 25 MM, INSTALADO EM RAMAL OU SUB-RAMAL DE ÁGUA - FORNECIMENTO E INSTALAÇÃO. AF_06/2022","INHI - INSTALAÇÕES HIDROS SANITÁRIAS","UN","1,0","7,28","7,28","0,00","100,00"]
["89378","SINAPI","LUVA, PVC, SOLDÁVEL, DN 25MM, INSTALADO EM RAMAL OU SUB-RAMAL DE ÁGUA - FORNECIMENTO E INSTALAÇÃO. AF_06/2022","INHI - INSTALAÇÕES HIDROS SANITÁRIAS","UN","1,0","6,53","6,53","0,00","100,00"]
[]
[{"$nulls":5},"Total sem BDI",null,5595691.7199999997]
[{"$nulls":5},"Total do BDI",null,1287790.98]
[{"$nulls":5},"Total Geral",null,6883482.7000000002]
[]
["_______________________________________________________________\nLUIS FERNANDO ANTUNES LIMA\nANALISTA EM DESENVOLVIMENTO REGIONAL - 11ª GRD/UIP"]

{"sheet":"Curva ABC de Insumos","index":5,"n_rows":509,"n_cols":16,"rows_kept":509,"cut":false,"hidden":true,"merged":[[0,4,0,6],[0,7,0,15],[1,4,1,6],[1,7,1,15],[2,0,2,15],[490,11,490,14],[491,11,491,13],[492,11,492,13],[493,11,493,13],[494,11,494,13],[504,0,504,2],[504,11,504,12],[504,13,504,15],[495,11,495,13],[496,11,496,13],[497,11,497,13],[498,11,498,13],[499,11,499,13],[506,11,506,12],[506,13,506,15],[500,11,500,13],[501,11,501,13],[502,11,502,13],[3,16,4,16],[3,17,4,17],[508,0,508,15],[3,0,4,0],[3,1,4,1],[3,2,4,2],[3,3,4,3],[3,4,4,4],[3,6,4,6],[3,13,4,13],[3,14,4,14],[3,15,4,15],[505,0,505,2],[505,11,505,12],[505,13,505,15],[506,0,506,2]]}
[null,null,null,"Obra","Bancos","B.D.I.",null,null,"Encargos Sociais"]
[null,null,null,"CONCLUSÃO DA OBRA DE CONSTRUÇÃO DA UNIDADE DESCENTRALIZADA DA CODEVASF NO ESTADO DO AMAPÁ - 11ª SUPERINTENDÊNCIA REGIONAL, NO MUNICÍPIO DE MACAPÁ/AP.","SINAPI - 01/2025 - Amapá\nSICRO3 - 10/2024 - Amapá","23,08%",null,null,"Não Desonerado: embutido nos preços unitário dos insumos de mão de obra, de acordo com as bases."]
["Curva ABC de Insumos"]
["Código","Banco","Grupo","Descrição","Tipo","Und","Quantidade",null,"Valor  Unitário",null,"Total",null,null,"Peso","Valor Acumulado","Peso Acumulado"]
[{"$nulls":6},"Operativa","Improdutiva","Operativa","Improdutiva","Operativa","Improdutiva","Geral"]
["00036170","SINAPI",null,"BLOQUETE/PISO INTERTRAVADO DE CONCRETO - MODELO ONDA/16 FACES/RETANGULAR/TIJOLINHO/PAVER/HOLANDES/PARALELEPIPEDO, *20 X 10* CM, E = 8 CM, RESISTENCIA DE 35 MPA, COR NATURAL","Material","m²","4.011,6224201","","82,00","","328.953,04","",328953.03844636801,"5,88%",328953.03844636801,"5,88%"]
["00001527","SINAPI",null,"CONCRETO USINADO BOMBEAVEL, CLASSE DE RESISTENCIA C25, BRITA 0 E 1, SLUMP = 100 +/- 20 MM, COM BOMBEAMENTO (DISPONIBILIZACAO DE BOMBA), SEM O LANCAMENTO (NBR 8953)","Material","m³","263,9905456","","902,23","","238.180,19","",238180.18998055,"4,26%",567133.22842691699,"10,14%"]
["00040811","SINAPI",null,"ENGENHEIRO CIVIL DE OBRA JUNIOR (MENSALISTA)","Mão de Obra","MES","10,0991725","","21.806,07","","220.223,26","",220223.263480886,"3,94%",787356.49190780299,"14,07%"]
["00043124","SINAPI",null,"CHAPA EM ACO GALVANIZADO PARA STEEL DECK, COM NERVURAS TRAPEZOIDAIS, LARGURA UTIL DE 915 MM E ESPESSURA DE 0,95 MM","Material","m²","2.041,8127346","","102,39","","209.061,21","",209061.20589341901,"3,74%",996417.69780122198,"17,81%"]
["PREÇO DE MERCADO","Próprio",null,"PERFIL \"I\" DE ACO LAMINADO W 610 x 113 - REF A572 GR. 50","Material","KG","18.953,4277072","","9,90","","187.638,93","",187638.934301762,"3,35%",1184056.63210298,"21,16%"]
["00044474","SINAPI",null,"GUINDASTE HIDRAULICO AUTOPROPELIDO, COM LANCA TELESCOPICA 40 M, CAPACIDADE MAXIMA 60 T, POTENCIA 260 KW, TRACAO  6 X 6","Equipamento para Aquisição Permanente","UN","0,0642322","","2.485.831,60","","159.670,36","",159670.358736041,"2,85%",1343726.9908390299,"24,01%"]
["00045190","SINAPI",null,"PISO EM PORCELANATO, RETIFICADO, LISO, MONOCOLOR, ACETINADO OU POLIDO, FORMATO MAIOR QUE 2500 ATE 6400 CM2","Material","m²","1.857,8047161","","85,00","","157.913,40","",157913.40086788501,"2,82%",1501640.39170691,"26,84%"]
["PREÇO DE MERCADO 09","Próprio",null,"PERFIL \"I\" DE ACO LAMINADO W 410 x  53 - REF A572 GR. 50","Material","KG","15.717,1818644","","9,99","","157.014,65","",157014.64682516601,"2,81%",1658655.0385320799,"29,64%"]
["00004015","SINAPI",null,"MANTA ASFALTICA ELASTOMERICA EM POLIESTER 4 MM, TIPO III, CLASSE B, ACABAMENTO PP (NBR 9952)","Material","M²","1.182,5590495","","121,52","","143.704,58","",143704.57569733501,"2,57%",1802359.61422941,"32,21%"]
["00001379","SINAPI",null,"CIMENTO PORTLAND COMPOSTO CP II-32","Material","KG","123.440,9521507","","1,12","","138.253,87","",138253.866408784,"2,47%",1940613.4806382,"34,68%"]
["00006111","SINAPI",null,"SERVENTE DE OBRAS (HORISTA)","Mão de Obra","H","8.811,5083881","","15,07","","132.789,43","",132789.43140840501,"2,37%",2073402.9120465999,"37,05%"]
["00001525","SINAPI",null,"CONCRETO USINADO BOMBEAVEL, CLASSE DE RESISTENCIA C30, BRITA 0 E 1, SLUMP = 100 +/- 20 MM, COM BOMBEAMENTO (DISPONIBILIZACAO DE BOMBA), SEM O LANCAMENTO (NBR 8953)","Material","m³","123,5792252","","929,99","","114.927,44","",114927.443667416,"2,05%",2188330.3557140199,"39,11%"]
["00039413","SINAPI",null,"PLACA / CHAPA DE GESSO ACARTONADO, STANDARD (ST), COR BRANCA, E = 12,5 MM, 1200 X 2400 MM (L X C)","Material","m²","5.427,4693730","","20,73","","112.511,44","",112511.440101464,"2,01%",2300841.7958154799,"41,12%"]
["PREÇO DE MERCADO 11","Próprio",null,"PERFIL \"I\" DE ACO LAMINADO W 360 x  39 - REF A572 GR. 50","Material","KG","10.046,8348768","","9,99","","100.367,88","",100367.880418977,"1,79%",2401209.67623446,"42,91%"]
["00004783","SINAPI",null,"PINTOR (HORISTA)","Mão de Obra","H","4.423,5354333","","21,21","","93.823,19","",93823.186540113194,"1,68%",2495032.86277457,"44,59%"]
["00044497","SINAPI",null,"MONTADOR DE ESTRUTURAS METALICAS HORISTA","Mão de Obra","H","4.402,8221298","","19,20","","84.534,18","",84534.184891222103,"1,51%",2579567.0476657902,"46,10%"]
["PREÇO DE MERCADO 19","Próprio",null,"PERFIL \"H\" DE ACO LAMINADO, \"W\" 250 X 62, REF A572 GR. 50","Material","KG","8.452,7333474","","9,99","","84.442,81","",84442.806140863802,"1,51%",2664009.85380666,"47,61%"]
["00034391","SINAPI",null,"VIDRO COMUM LAMINADO LISO INCOLOR DUPLO, ESPESSURA TOTAL 8 MM (CADA CAMADA DE 4 MM) - COLOCADO","Material","m²","56,0532443","","1.484,12","","83.189,74","",83189.740859657104,"1,49%",2747199.5946663101,"49,09%"]
["00039422","SINAPI",null,"PERFIL MONTANTE, FORMATO C, EM ACO ZINCADO, PARA ESTRUTURA PAREDE DRYWALL, E = 0,5 MM, 70 X 3000 MM (L X C)","Material","M","7.555,4748766","","10,87","","82.128,01","",82128.011908505505,"1,47%",2829327.6065748199,"50,56%"]
["PREÇO DE MERCADO 05","Próprio",null,"PERFIL \"I\" DE ACO LAMINADO W 530 x 101 - REF A572 GR. 50","Material","KG","8.009,4612555","","9,90","","79.293,67","",79293.6664294808,"1,42%",2908621.2730043,"51,98%"]
["00000370","SINAPI",null,"AREIA MEDIA - POSTO JAZIDA/FORNECEDOR (RETIRADO NA JAZIDA, SEM TRANSPORTE)","Material","m³","517,2239194","","150,00","","77.583,59","",77583.587912019502,"1,39%",2986204.8609163198,"53,37%"]
["PREÇO DE MERCADO 10","Próprio",null,"PERFIL \"I\" DE ACO LAMINADO W 410 x  46.1 - REF A572 GR. 50","Material","KG","6.870,3179007","","9,99","","68.634,48","",68634.475828323004,"1,23%",3054839.33674464,"54,59%"]
["00004750","SINAPI",null,"PEDREIRO (HORISTA)","Mão de Obra","H","3.222,8725713","","21,21","","68.357,13","",68357.127237713896,"1,22%",3123196.46398236,"55,81%"]
["00036785","SINAPI",null,"GRANALHA DE ACO, ANGULAR (GRIT), PARA JATEAMENTO, PENEIRA 1,41 A 1,19 MM (SAE G16)","Material","SC25KG","489,8375204","","134,38","","65.824,37","",65824.365984775504,"1,18%",3189020.82996713,"56,99%"]
["00039427","SINAPI",null,"PERFIL CANALETA, FORMATO C, EM ACO ZINCADO, PARA ESTRUTURA FORRO DRYWALL, E = 0,5 MM, *46 X 18* (L X H), COMPRIMENTO 3 M","Material","M","8.798,8076056","","7,05","","62.031,59","",62031.593619672298,"1,11%",3251052.4235868002,"58,10%"]
["M0965","SICRO3",null,"Pino conector de cisalhamento para laje steel deck - D = 19 mm e C = 80 mm","Material","un","7.868,3002690","","7,60","","59.781,77","",59781.771783849297,"1,07%",3310834.1953706499,"59,17%"]
["00003413","SINAPI",null,"PAINEL DE LA DE VIDRO SEM REVESTIMENTO PSI 20, E = 50 MM, DE 1200 X 600 MM","Material","M²","1.301,5599273","","45,86","","59.689,54","",59689.538263918999,"1,07%",3370523.7336345701,"60,23%"]
["PREÇO DE MERCADO 06","Próprio",null,"PERFIL \"I\" DE ACO LAMINADO W 530 x  74 - REF A572 GR. 50","Material","KG","5.884,9913602","","9,99","","58.791,06","",58791.063688373797,"1,05%",3429314.7973229499,"61,28%"]
["00011062","SINAPI",null,"PLACA CIMENTICIA LISA E = 10 MM, DE 1,20 X *2,50* M (SEM AMIANTO)","Material","M²","1.370,5426034","","40,21","","55.109,52","",55109.5180826988,"0,98%",3484424.3154056398,"62,27%"]
["00037372","SINAPI",null,"EXAMES - HORISTA (COLETADO CAIXA - ENCARGOS COMPLEMENTARES)","Material","H","37.223,0523969","","1,43","","53.228,96","",53228.964927577603,"0,95%",3537653.28033322,"63,22%"]
["PREÇO DE MERCADO 14","Próprio",null,"PERFIL \"I\" DE ACO LAMINADO W 250 x  80 - REF A572 GR. 50","Material","KG","5.177,8335389","","9,94","","51.467,67","",51467.6653767764,"0,92%",3589120.9457100001,"64,14%"]
["PREÇO DE MERCADO 12","Próprio",null,"PERFIL \"I\" DE ACO LAMINADO W 310 x  32.7 - REF A572 GR. 50","Material","KG","4.377,7863428","","10,76","","47.104,98","",47104.981048470203,"0,84%",3636225.92675847,"64,98%"]
["00037595","SINAPI",null,"ARGAMASSA COLANTE TIPO AC III","Material","KG","16.175,9393143","","2,89","","46.748,46","",46748.4646182207,"0,84%",3682974.39137669,"65,82%"]
["00002436","SINAPI",null,"ELETRICISTA (HORISTA)","Mão de Obra","H","2.089,7852924","","22,32","","46.644,01","",46644.007726530501,"0,83%",3729618.3991032201,"66,65%"]
["00040818","SINAPI",null,"ENCARREGADO GERAL DE OBRAS (MENSALISTA)","Mão de Obra","MES","10,1476149","","4.271,98","","43.350,41","",43350.4077057537,"0,77%",3772968.8068089699,"67,43%"]
["00007356","SINAPI",null,"TINTA LATEX ACRILICA PREMIUM, COR BRANCO FOSCO","Material","L","1.247,0571165","","33,90","","42.275,24","",42275.2362506352,"0,76%",3815244.0430596098,"68,18%"]
["00040814","SINAPI",null,"ENGENHEIRO CIVIL DE OBRA SENIOR (MENSALISTA)","Mão de Obra","MES","1,5148759","","27.328,34","","41.399,04","",41399.043158500601,"0,74%",3856643.0862181098,"68,92%"]
["00044476","SINAPI",null,"DIVISORIA EM GRANITO, COM DUAS FACES POLIDAS, TIPO ANDORINHA/ QUARTZ/ CASTELO/ CORUMBA OU OUTROS EQUIVALENTES DA REGIAO, E= *3,0* CM","Material","m²","39,0774613","","973,66","","38.048,16","",38048.160968824202,"0,68%",3894691.2471869299,"69,60%"]
["00039417","SINAPI",null,"PLACA / CHAPA DE GESSO ACARTONADO, RESISTENTE A UMIDADE (RU), COR VERDE, E = 12,5 MM, 1200 X 2400 MM (L X C)","Material","m²","1.370,5426034","","27,35","","37.484,34","",37484.3402029797,"0,67%",3932175.5873899101,"70,27%"]
["11ª SR - 04","Próprio",null,"LUMINÁRIA DE LED PLAFON, QUADRADA 40X40CM DE EMBUTIR, 6000K LUZ BRANCA, 36W BIVOLT","Material","UN","319,6193543","","114,53","","36.606,00","",36606.0046426845,"0,65%",3968781.5920326002,"70,93%"]
["00010709","SINAPI",null,"CARPETE DE NYLON EM MANTA PARA TRAFEGO COMERCIAL PESADO, E = 9 A 10 MM (INSTALADO)","Serviços","m²","179,9856489","","202,73","","36.488,49","",36488.490594230199,"0,65%",4005270.0826268299,"71,58%"]
["00006160","SINAPI",null,"SOLDADOR (HORISTA)","Mão de Obra","H","1.627,7748035","","21,21","","34.525,10","",34525.103581708798,"0,62%",4039795.1862085401,"72,19%"]
["00039507","SINAPI",null,"TELA DE ACO SOLDADA NERVURADA, CA-60, Q-113, (1,8 KG/M2), DIAMETRO DO FIO = 3,8 MM, LARGURA = 2,45 M, ESPACAMENTO DA MALHA = 10 X 10 CM","Material","m²","2.324,2033264","","14,31","","33.259,35","",33259.349601365197,"0,59%",4073054.5358099001,"72,79%"]
["00001014","SINAPI",null,"CABO DE COBRE, FLEXIVEL, CLASSE 4 OU 5, ISOLACAO EM PVC/A, ANTICHAMA BWF-B, 1 CONDUTOR, 450/750 V, SECAO NOMINAL 2,5 MM2","Material","M","11.144,4521903","","2,77","","30.870,13","",30870.132567251901,"0,55%",4103924.6683771499,"73,34%"]
["00004760","SINAPI",null,"AZULEJISTA OU LADRILHEIRO (HORISTA)","Mão de Obra","H","1.215,0069828","","25,19","","30.606,03","",30606.025896982501,"0,55%",4134530.6942741401,"73,89%"]
["00012873","SINAPI",null,"IMPERMEABILIZADOR (HORISTA)","Mão de Obra","H","1.398,7468320","","21,47","","30.031,09","",30031.094482826698,"0,54%",4164561.7887569601,"74,42%"]
["00043059","SINAPI",null,"ACO CA-60, 4,2 MM, OU 5,0 MM, OU 6,0 MM, OU 7,0 MM, VERGALHAO","Material","KG","3.051,0493463","","9,69","","29.564,67","",29564.6681660592,"0,53%",4194126.4569230201,"74,95%"]
["00000247","SINAPI",null,"AJUDANTE DE ELETRICISTA (HORISTA)","Mão de Obra","H","1.692,5695368","","17,14","","29.010,64","",29010.641861194399,"0,52%",4223137.0987842204,"75,47%"]
["00038186","SINAPI",null,"PISO TATIL DE ALERTA OU DIRECIONAL, DE BORRACHA, COLORIDO, 25 X 25 CM, E = 12 MM, PARA ARGAMASSA","Material","m²","48,4423084","","583,82","","28.281,59","",28281.5884778787,"0,51%",4251418.6872621002,"75,98%"]
["00041096","SINAPI",null,"VIGIA DIURNO (MENSALISTA)","Mão de Obra","MES","10,0263593","","2.643,75","","26.507,19","",26507.1872986286,"0,47%",4277925.8745607203,"76,45%"]
["00039419","SINAPI",null,"PERFIL GUIA, FORMATO U, EM ACO ZINCADO, PARA ESTRUTURA PAREDE DRYWALL, E = 0,5 MM, 70 X 3000 MM (L X C)","Material","M","2.685,5425195","","9,58","","25.727,50","",25727.497336877499,"0,46%",4303653.3718975997,"76,91%"]
["00000626","SINAPI",null,"MANTA LIQUIDA DE BASE ASFALTICA MODIFICADA COM A ADICAO DE ELASTOMEROS DILUIDOS EM SOLVENTE ORGANICO, APLICACAO A FRIO (MEMBRANA DE EMULSAO ASFALTICA PARA IMPERMEABILIZACAO FLEXIVEL)","Material","KG","817,9808383","","31,17","","25.496,46","",25496.462730482901,"0,46%",4329149.83462808,"77,37%"]
["00004721","SINAPI",null,"PEDRA BRITADA N. 1 (9,5 A 19 MM) POSTO PEDREIRA/FORNECEDOR, SEM FRETE","Material","m³","84,9297950","","298,43","","25.345,60","",25345.598711364899,"0,45%",4354495.4333394496,"77,82%"]
["00001213","SINAPI",null,"CARPINTEIRO DE FORMAS PARA CONCRETO (HORISTA)","Mão de Obra","H","1.191,8512800","","21,21","","25.279,17","",25279.165647747999,"0,45%",4379774.5989872003,"78,27%"]
["00004230","SINAPI",null,"OPERADOR DE MAQUINAS E TRATORES DIVERSOS - TERRAPLANAGEM (HORISTA)","Mão de Obra","H","759,8672896","","30,50","","23.175,95","",23175.952331820401,"0,41%",4402950.5513190199,"78,68%"]
["00040815","SINAPI",null,"ARQUITETO JUNIOR (MENSALISTA)","Mão de Obra","MES","1,0050630","","21.403,03","","21.511,39","",21511.394304135501,"0,38%",4424461.9456231501,"79,07%"]
["00037370","SINAPI",null,"ALIMENTACAO - HORISTA (COLETADO CAIXA - ENCARGOS COMPLEMENTARES)","Material","H","37.223,0523969","","0,56","","20.844,91","",20844.909342268202,"0,37%",4445306.8549654204,"79,44%"]
["00036896","SINAPI",null,"JANELA DE CORRER, EM ALUMINIO PERFIL 25, 100 X 120 CM (A X L), 2 FLS MOVEIS, SEM BANDEIRA, ACABAMENTO BRANCO OU BRILHANTE, BATENTE DE 6 A 7 CM, COM VIDRO 4 MM, SEM GUARNICAO","Material","UN","50,0633728","","416,03","","20.827,86","",20827.864984898501,"0,37%",4466134.7199503202,"79,81%"]
["00038877","SINAPI",null,"MASSA PREMIUM PARA TEXTURA LISA DE BASE ACRILICA, USO INTERNO E EXTERNO","Material","KG","2.559,9913456","","8,09","","20.710,33","",20710.3299862555,"0,37%",4486845.0499365795,"80,18%"]
["00004759","SINAPI",null,"CALCETEIRO / RASTELEIRO (HORISTA)","Mão de Obra","H","1.063,6825357","","19,20","","20.422,70","",20422.704684866301,"0,36%",4507267.7546214396,"80,55%"]
["PREÇO DE MERCADO 07","Próprio",null,"PERFIL \"I\" DE ACO LAMINADO W 530 x  72 - REF A572 GR. 50","Material","KG","1.992,5270306","","9,99","","19.905,35","",19905.345035970298,"0,36%",4527173.0996574098,"80,90%"]
["00010937","SINAPI",null,"TELA DE ARAME GALVANIZADA REVESTIDA EM PVC, QUADRANGULAR / LOSANGULAR, FIO 2,11 MM (14 BWG), BITOLA FINAL = *2,8* MM, MALHA *8 X 8* CM, H = 2 M","Material","m²","384,1624876","","49,59","","19.050,62","",19050.617760252298,"0,34%",4546223.7174176602,"81,25%"]
["00007307","SINAPI",null,"FUNDO ANTICORROSIVO PARA METAIS FERROSOS (ZARCAO)","Material","L","584,4758936","","30,82","","18.013,55","",18013.5470395927,"0,32%",4564237.2644572603,"81,57%"]
["00004777","SINAPI",null,"CANTONEIRA ACO ABAS IGUAIS (QUALQUER BITOLA), ESPESSURA ENTRE 1/8\" E 1/4\"","Material","KG","2.228,2574911","","8,02","","17.870,63","",17870.625078359,"0,32%",4582107.8895356199,"81,89%"]
["00037371","SINAPI",null,"TRANSPORTE - HORISTA (COLETADO CAIXA - ENCARGOS COMPLEMENTARES)","Material","H","37.223,0523969","","0,47","","17.494,83","",17494.834626546501,"0,31%",4599602.7241621604,"82,20%"]
["PREÇO DE MERCADO 24","Próprio",null,"ELETROCALHA LISA OU PERFURADA, TIPO U, EM CHAPA DE ACO GALVANIZADO, SEM TAMPA, DE 50 X 50 MM, ESPESSURA #20","Material","M","198,6634049","","86,39","","17.162,53","",17162.5315474415,"0,31%",4616765.2557095997,"82,51%"]
["PREÇO DE MERCADO 15","Próprio",null,"PERFIL \"I\" DE ACO LAMINADO W 250 x  22.3 - REF A572 GR. 50","Material","KG","1.562,1395939","","10,93","","17.074,19","",17074.1857614943,"0,31%",4633839.4414710999,"82,81%"]
["00000737","SINAPI",null,"BOMBA CENTRIFUGA MOTOR ELETRICO TRIFASICO 14,8 HP, DIAMETRO DE SUCCAO X ELEVACAO 2 1/2\" X 2\", DIAMETRO DO ROTOR 195 MM, HM/Q: 62 M / 55,5 M3/H A 80 M / 31,50 M3/H","Equipamento para Aquisição Permanente","UN","1,9976210","","8.234,77","","16.449,95","",16449.9491864271,"0,29%",4650289.3906575302,"83,10%"]
["00039432","SINAPI",null,"FITA DE PAPEL REFORCADA COM LAMINA DE METAL PARA REFORCO DE CANTOS DE CHAPA DE GESSO PARA DRYWALL","Material","M","5.624,2142866","","2,87","","16.141,50","",16141.495002645501,"0,29%",4666430.8856601696,"83,39%"]
["00039434","SINAPI",null,"MASSA DE REJUNTE EM PO PARA DRYWALL, A BASE DE GESSO, SECAGEM RAPIDA, PARA TRATAMENTO DE JUNTAS DE CHAPA DE GESSO (NECESSITA ADICAO DE AGUA)","Material","KG","4.455,3493533","","3,59","","15.994,70","",15994.7041784263,"0,29%",4682425.5898385998,"83,68%"]
["00004221","SINAPI",null,"OLEO DIESEL COMBUSTIVEL COMUM METROPOLITANO S-10 OU S-500","Material","L","2.452,0267125","","6,52","","15.987,21","",15987.2141656351,"0,29%",4698412.8040042296,"83,96%"]
["PREÇO DE MERCADO 02","Próprio",null,"ARGILA, ARGILA VERMELHA OU ARGILA ARENOSA (RETIRADA NA JAZIDA, SEM TRANSPORTE)","Material","M³","1.410,8198059","","11,11","","15.674,21","",15674.2080433911,"0,28%",4714087.0120476196,"84,24%"]
["00034747","SINAPI",null,"PEITORIL EM MARMORE, POLIDO, BRANCO COMUM, L= *15* CM, E= *2,0* CM, COM PINGADEIRA","Material","M","119,7174244","","129,88","","15.548,90","",15548.899078172901,"0,28%",4729635.9111257996,"84,52%"]
["00004254","SINAPI",null,"OPERADOR DE GUINDASTE (HORISTA)","Mão de Obra","H","703,3276271","","22,00","","15.473,21","",15473.2077960601,"0,28%",4745109.1189218601,"84,80%"]
["00004059","SINAPI",null,"MEIO-FIO OU GUIA DE CONCRETO, PRE-MOLDADO, COMP 1 M, *30 X 12/15* CM (H X L1/L2)","Material","M","351,3315871","","43,21","","15.181,04","",15181.037876803801,"0,27%",4760290.1567986598,"85,07%"]
["00000863","SINAPI",null,"CABO DE COBRE NU 35 MM2 MEIO-DURO","Material","M","313,6264914","","45,89","","14.392,32","",14392.319688579901,"0,26%",4774682.4764872398,"85,33%"]
["00025067","SINAPI",null,"BLOCO DE CONCRETO ESTRUTURAL 19 X 19 X 39 CM, FBK 4,5 MPA (NBR 6136)","Material","UN","2.429,2312445","","5,71","","13.870,91","",13870.9104059327,"0,25%",4788553.38689317,"85,58%"]
["00000536","SINAPI",null,"REVESTIMENTO PARA PAREDE, EM CERAMICA ESMALTADA, FORMATO MENOR OU IGUAL A 2025 CM2","Material","m²","355,6557632","","38,33","","13.632,29","",13632.2854052813,"0,24%",4802185.67229845,"85,82%"]
["00000981","SINAPI",null,"CABO DE COBRE, FLEXIVEL, CLASSE 4 OU 5, ISOLACAO EM PVC/A, ANTICHAMA BWF-B, 1 CONDUTOR, 450/750 V, SECAO NOMINAL 4 MM2","Material","M","2.913,6210719","","4,60","","13.402,66","",13402.6569305958,"0,24%",4815588.3292290503,"86,06%"]
["00000378","SINAPI",null,"ARMADOR (HORISTA)","Mão de Obra","H","615,0444815","","21,21","","13.045,09","",13045.093453240001,"0,23%",4828633.42268229,"86,29%"]
["00043491","SINAPI",null,"EPI - FAMILIA SERVENTE - HORISTA (ENCARGOS COMPLEMENTARES - COLETADO CAIXA)","Material","H","9.299,5501107","","1,39","","12.926,37","",12926.3746539236,"0,23%",4841559.7973362096,"86,52%"]
["00001358","SINAPI",null,"CHAPA/PAINEL DE MADEIRA COMPENSADA RESINADA (MADEIRITE RESINADO ROSA) PARA FORMA DE CONCRETO, DE 2200 X 1100 MM, E = 17 MM","Material","m²","206,3345604","","62,30","","12.854,64","",12854.643112538301,"0,23%",4854414.4404487498,"86,75%"]
["00001292","SINAPI",null,"PISO EM CERAMICA ESMALTADA, COR LISA, PEI MAIOR OU IGUAL A 4, FORMATO MAIOR QUE 2025 CM2","Material","m²","243,4881465","","51,48","","12.534,77","",12534.769784023199,"0,22%",4866949.2102327803,"86,98%"]
["00000867","SINAPI",null,"CABO DE COBRE NU 50 MM2 MEIO-DURO","Material","M","190,8202456","","65,37","","12.473,92","",12473.919452787801,"0,22%",4879423.1296855602,"87,20%"]
["00010555","SINAPI",null,"PORTA DE MADEIRA, FOLHA MEDIA (NBR 15930) DE 800 X 2100 MM, DE 35 MM A 40 MM DE ESPESSURA, NUCLEO SEMI-SOLIDO (SARRAFEADO), CAPA LISA EM HDF, ACABAMENTO EM PRIMER PARA PINTURA","Material","UN","48,9417136","","246,98","","12.087,62","",12087.6244298945,"0,22%",4891510.7541154604,"87,42%"]
["00002696","SINAPI",null,"ENCANADOR OU BOMBEIRO HIDRAULICO (HORISTA)","Mão de Obra","H","545,0102060","","21,21","","11.559,67","",11559.6664697015,"0,21%",4903070.4205851601,"87,62%"]
["00000511","SINAPI",null,"PRIMER PARA MANTA ASFALTICA A BASE DE ASFALTO MODIFICADO DILUIDO EM SOLVENTE, APLICACAO A FRIO","Material","L","613,4805847","","18,50","","11.349,39","",11349.390817842301,"0,20%",4914419.8114029998,"87,83%"]
["00004741","SINAPI",null,"PO DE PEDRA (POSTO PEDREIRA/FORNECEDOR, SEM FRETE)","Material","m³","39,1533709","","281,90","","11.037,34","",11037.3352556069,"0,20%",4925457.1466586096,"88,02%"]
["00039430","SINAPI",null,"PENDURAL OU PRESILHA REGULADORA, EM ACO GALVANIZADO, COM CORPO, MOLA E REBITE, PARA PERFIL TIPO CANALETA DE ESTRUTURA EM FORROS DRYWALL","Material","UN","4.109,0392440","","2,65","","10.888,95","",10888.953996631501,"0,19%",4936346.10065524,"88,22%"]
["00004720","SINAPI",null,"PEDRA BRITADA N. 0, OU PEDRISCO (4,8 A 9,5 MM) POSTO PEDREIRA/FORNECEDOR, SEM FRETE","Material","m³","31,2766076","","344,54","","10.776,04","",10776.0423944499,"0,19%",4947122.1430496899,"88,41%"]
["00037666","SINAPI",null,"OPERADOR DE BETONEIRA ESTACIONARIA / MISTURADOR (HORISTA)","Mão de Obra","H","689,0762504","","15,26","","10.515,30","",10515.3035812494,"0,19%",4957637.4466309398,"88,60%"]
["00043489","SINAPI",null,"EPI - FAMILIA PEDREIRO - HORISTA (ENCARGOS COMPLEMENTARES - COLETADO CAIXA)","Material","H","7.827,0338505","","1,31","","10.253,41","",10253.414344189199,"0,18%",4967890.8609751305,"88,78%"]
["00007334","SINAPI",null,"ADITIVO ADESIVO LIQUIDO PARA ARGAMASSAS DE REVESTIMENTOS CIMENTICIOS","Material","L","402,0554782","","25,25","","10.151,90","",10151.9008251019,"0,18%",4978042.7618002295,"88,96%"]
["00043626","SINAPI",null,"MASSA CORRIDA PARA SUPERFICIES DE AMBIENTES INTERNOS","Material","KG","3.977,4845800","","2,52","","10.023,26","",10023.261141631199,"0,18%",4988066.0229418604,"89,14%"]
["00011188","SINAPI",null,"VIDRO LISO FUME E = 4MM - SEM COLOCACAO","Material","m²","23,9714516","","413,33","","9.908,12","",9908.1200770283594,"0,18%",4997974.1430188902,"89,32%"]
["00039025","SINAPI",null,"PORTA DE ABRIR, TIPO VENEZIANA, EM ALUMINIO, ACABAMENTO ANODIZADO NATURAL, 90 CM X 210 CM (LARGURA X ALTURA), SEM GUARNICAO/ALIZAR/VISTA","Material","UN","11,2500359","","848,61","","9.546,89","",9546.8930015891692,"0,17%",5007521.0360204801,"89,49%"]
["00044499","SINAPI",null,"AJUDANTE DE ESTRUTURAS METALICAS (HORISTA)","Mão de Obra","H","539,1424765","","17,14","","9.240,90","",9240.9020471838994,"0,17%",5016761.9380676597,"89,65%"]
["00039435","SINAPI",null,"PARAFUSO DRY WALL, EM ACO FOSFATIZADO, CABECA TROMBETA E PONTA AGULHA (TA), COMPRIMENTO 25 MM","Material","UN","76.426,0714595","","0,12","","9.171,13","",9171.1285751442192,"0,16%",5025933.0666428097,"89,82%"]
["00043466","SINAPI",null,"FERRAMENTAS - FAMILIA PINTOR - HORISTA (ENCARGOS COMPLEMENTARES - COLETADO CAIXA)","Material","H","4.359,1937338","","2,05","","8.936,35","",8936.3471542508796,"0,16%",5034869.41379706,"89,98%"]
["00003081","SINAPI",null,"FECHADURA ESPELHO PARA PORTA EXTERNA, EM ACO INOX (MAQUINA, TESTA E CONTRA-TESTA) E EM ZAMAC (MACANETA, LINGUETA E TRINCOS) COM ACABAMENTO CROMADO, MAQUINA DE 55 MM, INCLUINDO CHAVE TIPO CILINDRO","Material","CJ","55,9333870","","158,26","","8.852,02","",8852.01782573534,"0,16%",5043721.4316227902,"90,14%"]
["00040863","SINAPI",null,"EXAMES - MENSALISTA (COLETADO CAIXA - ENCARGOS COMPLEMENTARES)","Material","MES","32,4613407","","270,51","","8.781,12","",8781.1172636675092,"0,16%",5052502.5488864603,"90,29%"]
["00004030","SINAPI",null,"VEU DE POLIESTER PARA IMPERMEABILIZACAO","Material","m²","675,0074103","","12,97","","8.754,85","",8754.84611189102,"0,16%",5061257.3949983502,"90,45%"]
["00000183","SINAPI",null,"BATENTE / PORTAL / ADUELA / MARCO EM MADEIRA MACICA COM REBAIXO, E = *3* CM, L = *14* CM, PARA PORTAS DE GIRO DE *60 CM A 120* CM X *210* CM, CEDRINHO / ANGELIM COMERCIAL / TAURI / CURUPIXA / PEROBA / CUMARU OU EQUIVALENTE DA REGIAO (NAO INCLUI ALIZARES)","Material","JG","55,9333870","","150,00","","8.390,01","",8390.0080491615099,"0,15%",5069647.4030475104,"90,60%"]
["00011267","SINAPI",null,"ARRUELA LISA, REDONDA, DE LATAO POLIDO, DIAMETRO NOMINAL 5/8\", DIAMETRO EXTERNO = 34 MM, DIAMETRO DO FURO = 17 MM, ESPESSURA = *2,5* MM","Material","UN","5.693,8949435","","1,43","","8.142,27","",8142.2697692495803,"0,15%",5077789.6728167599,"90,74%"]
["00001214","SINAPI",null,"CARPINTEIRO DE ESQUADRIAS (HORISTA)","Mão de Obra","H","407,6346661","","19,97","","8.140,46","",8140.4642829957702,"0,15%",5085930.1370997597,"90,89%"]
["00043490","SINAPI",null,"EPI - FAMILIA PINTOR - HORISTA (ENCARGOS COMPLEMENTARES - COLETADO CAIXA)","Material","H","4.359,1937338","","1,85","","8.064,51","",8064.5084074946999,"0,14%",5093994.64550725,"91,03%"]
["00039424","SINAPI",null,"PERFIL CANTONEIRA L, LISA, EM ACO, 25 X 30 MM, E = 0,5 MM, PARA ESTRUTURA DRYWALL","Material","M","1.912,7432479","","4,19","","8.014,39","",8014.39420867852,"0,14%",5102009.0397159299,"91,18%"]
["00038590","SINAPI",null,"BLOCO DE CONCRETO ESTRUTURAL 14 X 19 X 29 CM, FBK 4,5 MPA (NBR 6136)","Material","UN","1.910,0602432","","4,13","","7.888,55","",7888.5488043242003,"0,14%",5109897.5885202596,"91,32%"]
["00039029","SINAPI",null,"PERFILADO PERFURADO DUPLO 38 X 76 MM, CHAPA 22","Material","M","392,5325194","","20,03","","7.862,43","",7862.4263644415596,"0,14%",5117760.0148847001,"91,46%"]
["00007701","SINAPI",null,"TUBO ACO GALVANIZADO COM COSTURA, CLASSE MEDIA, DN 2.1/2\", E = *3,65* MM, PESO *6,51* KG/M (NBR 5580)","Material","M","78,8776619","","96,51","","7.612,48","",7612.4831464666404,"0,14%",5125372.4980311599,"91,59%"]
["00006117","SINAPI",null,"CARPINTEIRO AUXILIAR (HORISTA)","Mão de Obra","H","443,4995191","","17,14","","7.601,58","",7601.5817575801402,"0,14%",5132974.0797887398,"91,73%"]
["PREÇO DE MERCADO 23","Próprio",null,"ELETROCALHA LISA OU PERFURADA, TIPO U, EM CHAPA DE ACO GALVANIZADO, SEM TAMPA, DE 100 X 50 MM, ESPESSURA #20","Material","M","68,2587083","","111,11","","7.584,23","",7584.2250839708604,"0,14%",5140558.3048727196,"91,87%"]
["00004930","SINAPI",null,"PORTA DE ABRIR / GIRO, EM GRADIL FERRO, COM BARRA CHATA 3 CM X 1/4\", COM REQUADRO E GUARNICAO - COMPLETO - ACABAMENTO NATURAL","Material","m²","10,9869153","","670,95","","7.371,67","",7371.67082219453,"0,13%",5147929.9756949097,"92,00%"]
["00011795","SINAPI",null,"GRANITO PARA BANCADA, POLIDO, TIPO ANDORINHA/ QUARTZ/ CASTELO/ CORUMBA OU OUTROS EQUIVALENTES DA REGIAO, E= *2,5* CM","Material","m²","8,2831353","","878,49","","7.276,65","",7276.65155392831,"0,13%",5155206.6272488404,"92,13%"]
["00000246","SINAPI",null,"AUXILIAR DE ENCANADOR OU BOMBEIRO HIDRAULICO (HORISTA)","Mão de Obra","H","423,6719309","","17,14","","7.261,74","",7261.7368958376001,"0,13%",5162468.3641446801,"92,26%"]
["PREÇO DE MERCADO 18","Próprio",null,"PERFIL \"H\" DE ACO LAMINADO, \"W\" 250 X 85, REF A572 GR. 50","Material","KG","724,2374805","","9,90","","7.169,95","",7169.95105724112,"0,13%",5169638.3152019205,"92,39%"]
["00006085","SINAPI",null,"SELADOR ACRILICO OPACO PREMIUM INTERIOR/EXTERIOR","Material","L","1.242,9368837","","5,75","","7.146,89","",7146.88708107823,"0,13%",5176785.2022829903,"92,51%"]
["00004491","SINAPI",null,"PONTALETE *7,5 X 7,5* CM EM PINUS, MISTA OU EQUIVALENTE DA REGIAO - BRUTA","Material","M","760,6480088","","9,30","","7.074,03","",7074.02648194835,"0,13%",5183859.2287649401,"92,64%"]
["00020232","SINAPI",null,"SOLEIRA EM GRANITO, POLIDO, TIPO ANDORINHA/ QUARTZ/ CASTELO/ CORUMBA OU OUTROS EQUIVALENTES DA REGIAO, L= *15* CM, E= *2,0* CM","Material","M","57,0320785","","122,62","","6.993,27","",6993.27346869349,"0,12%",5190852.5022336403,"92,77%"]
["00043488","SINAPI",null,"EPI - FAMILIA OPERADOR ESCAVADEIRA - HORISTA (ENCARGOS COMPLEMENTARES - COLETADO CAIXA)","Material","H","7.513,2130467","","0,89","","6.686,76","",6686.7596115460701,"0,12%",5197539.2618451798,"92,88%"]
["00004107","SINAPI",null,"MOURAO DE CONCRETO RETO, SECAO QUADRADA *10 X 10* CM, H= *2,30* M","Material","UN","76,8285023","","83,15","","6.388,29","",6388.2899644781,"0,11%",5203927.5518096602,"93,00%"]
["00042440","SINAPI",null,"LIXEIRA DUPLA, COM CAPACIDADE VOLUMETRICA DE 60L*, FABRICADA EM TUBO DE ACO CARBONO, CESTOS EM CHAPA DE ACO E PINTURA NO PROCESSO ELETROSTATICO - PARA ACADEMIA AO AR LIVRE / ACADEMIA DA TERCEIRA IDADE - ATI","Material","UN","4,9940524","","1.235,91","","6.172,20","",6172.1993143090504,"0,11%",5210099.7511239704,"93,11%"]
["00043465","SINAPI",null,"FERRAMENTAS - FAMILIA PEDREIRO - HORISTA (ENCARGOS COMPLEMENTARES - COLETADO CAIXA)","Material","H","7.827,0338505","","0,78","","6.105,09","",6105.0864034103597,"0,11%",5216204.8375273803,"93,22%"]
["00001019","SINAPI",null,"CABO DE COBRE, FLEXIVEL, CLASSE 4 OU 5, ISOLACAO EM PVC/A, ANTICHAMA BWF-B, COBERTURA PVC-ST1, ANTICHAMA BWF-B, 1 CONDUTOR, 0,6/1 KV, SECAO NOMINAL 35 MM2","Material","M","139,9033842","","42,04","","5.881,54","",5881.5382725990603,"0,11%",5222086.37579998,"93,32%"]
["00043467","SINAPI",null,"FERRAMENTAS - FAMILIA SERVENTE - HORISTA (ENCARGOS COMPLEMENTARES - COLETADO CAIXA)","Material","H","9.299,5501107","","0,61","","5.672,73","",5672.7255675492097,"0,10%",5227759.1013675304,"93,42%"]
["00006121","SINAPI",null,"AUXILIAR DE SERVICOS GERAIS (HORISTA)","Mão de Obra","H","366,3915518","","15,07","","5.521,52","",5521.5206863127896,"0,10%",5233280.6220538402,"93,52%"]
["00004251","SINAPI",null,"OPERADOR DE JATO ABRASIVO OU JATISTA (HORISTA)","Mão de Obra","H","333,8365528","","16,27","","5.431,52","",5431.5207139758004,"0,10%",5238712.1427678196,"93,62%"]
["00001333","SINAPI",null,"CHAPA DE ACO GROSSA, ASTM A36, E = 1/2\" (12,70 MM) 99,59 KG/M2","Material","KG","514,8633314","","10,27","","5.287,65","",5287.6464139592299,"0,09%",5243999.7891817801,"93,71%"]
["PREÇO DE MERCADO 08","Próprio",null,"PERFIL \"I\" DE ACO LAMINADO W 460 x  60 - REF A572 GR. 50","Material","KG","521,9783579","","9,99","","5.214,56","",5214.5637955777602,"0,09%",5249214.3529773597,"93,81%"]
["00001113","SINAPI",null,"RUFO EXTERNO/INTERNO DE CHAPA DE ACO GALVANIZADA NUM 26, CORTE 33 CM","Material","M","160,8084876","","31,50","","5.065,47","",5065.4673596812599,"0,09%",5254279.8203370403,"93,90%"]
["00000242","SINAPI",null,"AJUDANTE ESPECIALIZADO (HORISTA)","Mão de Obra","H","312,3190855","","16,12","","5.034,58","",5034.5836576134498,"0,09%",5259314.4039946496,"93,99%"]
["PREÇO DE MERCADO 17","Próprio",null,"PERFIL \"I\" DE ACO LAMINADO W 150 x  24 - REF A572 GR. 50","Material","KG","466,1448520","","10,76","","5.015,72","",5015.7186071916603,"0,09%",5264330.1226018397,"94,08%"]
["00000034","SINAPI",null,"ACO CA-50, 10,0 MM, VERGALHAO","Material","KG","489,7815422","","10,24","","5.015,36","",5015.3629923057297,"0,09%",5269345.4855941497,"94,17%"]
["00010422","SINAPI",null,"BACIA SANITARIA (VASO) COM CAIXA ACOPLADA, SIFAO APARENTE, DE LOUCA BRANCA (SEM ASSENTO)","Material","UN","14,9821572","","330,83","","4.956,55","",4956.5470766144699,"0,09%",5274302.0326707596,"94,26%"]
["00000979","SINAPI",null,"CABO DE COBRE, FLEXIVEL, CLASSE 4 OU 5, ISOLACAO EM PVC/A, ANTICHAMA BWF-B, 1 CONDUTOR, 450/750 V, SECAO NOMINAL 16 MM2","Material","M","273,7802456","","18,06","","4.944,47","",4944.4712361506399,"0,09%",5279246.5039069103,"94,34%"]
["00020259","SINAPI",null,"PERFIL DE BORRACHA EPDM MACICO *12 X 15* MM PARA ESQUADRIAS","Material","M","366,1578499","","13,30","","4.869,90","",4869.8994043249804,"0,09%",5284116.4033112396,"94,43%"]
["00037105","SINAPI",null,"CAIXA D'AGUA / RESERVATORIO EM POLIESTER REFORCADO COM FIBRA DE VIDRO, 5000 LITROS, COM TAMPA","Material","UN","1,9976210","","2.426,23","","4.846,69","",4846.6879116945602,"0,09%",5288963.0912229298,"94,52%"]
["00038101","SINAPI",null,"TOMADA 2P+T 10A, 250V (APENAS MODULO)","Material","UN","547,3481442","","8,68","","4.750,98","",4750.9818913051904,"0,08%",5293714.0731142396,"94,60%"]
["00036888","SINAPI",null,"GUARNICAO / MOLDURA / ARREMATE DE ACABAMENTO PARA ESQUADRIA, EM ALUMINIO PERFIL 25, ACABAMENTO ANODIZADO BRANCO OU BRILHANTE, PARA 1 FACE","Material","M","155,5933705","","30,50","","4.745,60","",4745.5977994064997,"0,08%",5298459.6709136404,"94,69%"]
["00034381","SINAPI",null,"JANELA MAXIM-AR, EM ALUMINIO PERFIL 25, 60 X 80 CM (A X L), ACABAMENTO BRANCO OU BRILHANTE, BATENTE DE 4 A 5 CM, COM VIDRO 4 MM, SEM GUARNICAO/ALIZAR","Material","UN","15,4813148","","306,36","","4.742,86","",4742.85559191626,"0,08%",5303202.5265055597,"94,77%"]
["00037762","SINAPI",null,"CAVALO MECANICO TRACAO 4X2, PESO BRUTO TOTAL 16000 KG, CAPACIDADE MAXIMA DE TRACAO *36000* KG, DISTANCIA ENTRE EIXOS *3,56* M, POTENCIA *286* CV (INCLUI CABINE E CHASSI, NAO INCLUI SEMIRREBOQUE)","Equipamento para Aquisição Permanente","UN","0,0061766","","755.977,34","","4.669,39","",4669.3926919713203,"0,08%",5307871.9191975296,"94,86%"]
["00002705","SINAPI",null,"ENERGIA ELETRICA ATE 2000 KWH INDUSTRIAL, SEM DEMANDA","Franquia","KWH","5.034,2914544","","0,92","","4.631,55","",4631.5481380649499,"0,08%",5312503.4673356004,"94,94%"]
["00043484","SINAPI",null,"EPI - FAMILIA ELETRICISTA - HORISTA (ENCARGOS COMPLEMENTARES - COLETADO CAIXA)","Material","H","3.646,2758158","","1,26","","4.594,31","",4594.3075278927399,"0,08%",5317097.7748634899,"95,02%"]
["00002690","SINAPI",null,"ELETRODUTO PVC FLEXIVEL CORRUGADO, COR AMARELA, DE 32 MM","Material","M","804,7875507","","5,60","","4.506,81","",4506.8102837197903,"0,08%",5321604.5851472104,"95,10%"]
["00010997","SINAPI",null,"ELETRODO REVESTIDO AWS - E7018, DIAMETRO IGUAL A 4,00 MM","Material","KG","139,7077172","","30,00","","4.191,23","",4191.2315173900797,"0,07%",5325795.8166645998,"95,18%"]
["00038365","SINAPI",null,"CAMADA SEPARADORA DE FILME DE POLIETILENO 20 A 25 MICRA","Material","m²","1.086,5459948","","3,83","","4.161,47","",4161.4711600292203,"0,07%",5329957.2878246298,"95,25%"]
["00004755","SINAPI",null,"MARMORISTA / GRANITEIRO (HORISTA)","Mão de Obra","H","181,8173773","","22,54","","4.098,16","",4098.1636835448599,"0,07%",5334055.45150817,"95,32%"]
["00037586","SINAPI",null,"PINO DE ACO COM ARRUELA CONICA, DIAMETRO ARRUELA = *23* MM E COMP HASTE = *27* MM (ACAO INDIRETA)","Material","CENTO","78,1884087","","52,07","","4.071,27","",4071.2704420048199,"0,07%",5338126.7219501799,"95,40%"]
["00010892","SINAPI",null,"EXTINTOR DE INCENDIO PORTATIL COM CARGA DE PO QUIMICO SECO (PQS) DE 6 KG, CLASSE BC","Material","UN","8,9892943","","450,00","","4.045,18","",4045.1824522743,"0,07%",5342171.9044024497,"95,47%"]
["00037556","SINAPI",null,"PLACA DE SINALIZACAO DE SEGURANCA CONTRA INCENDIO, FOTOLUMINESCENTE, QUADRADA, *20 X 20* CM, EM PVC *2* MM ANTI-CHAMAS (SIMBOLOS, CORES E PICTOGRAMAS CONFORME NBR 16820)","Material","UN","96,8846168","","40,48","","3.921,89","",3921.8892863709102,"0,07%",5346093.7936888197,"95,54%"]
["00039996","SINAPI",null,"VERGALHAO ZINCADO ROSCA TOTAL, 1/4\" (6,3 MM)","Material","M","872,2857647","","4,48","","3.907,84","",3907.8402258830702,"0,07%",5350001.63391471,"95,61%"]
["00043651","SINAPI",null,"MASSA ACRILICA PARA SUPERFICIES INTERNAS E EXTERNAS","Material","KG","854,8880403","","4,53","","3.872,64","",3872.6428223685698,"0,07%",5353874.2767370697,"95,68%"]
["00036791","SINAPI",null,"TORNEIRA METALICA CROMADA DE MESA PARA LAVATORIO, BICA ALTA, COM AREJADOR","Material","UN","13,9833467","","273,08","","3.818,57","",3818.5723301083799,"0,07%",5357692.8490671804,"95,75%"]
["00005318","SINAPI",null,"DILUENTE AGUARRAS","Material","L","187,0514791","","20,15","","3.769,09","",3769.0873048206799,"0,07%",5361461.9363719998,"95,81%"]
["00020017","SINAPI",null,"GUARNICAO / ALIZAR / VISTA LISA EM MADEIRA MACICA, PARA PORTA, E = *1* CM, L = *5* CM, CEDRINHO / ANGELIM COMERCIAL / TAURI/ CURUPIXA / PEROBA / CUMARU OU EQUIVALENTE DA REGIAO","Material","M","671,0090721","","5,45","","3.657,00","",3656.9994428494301,"0,07%",5365118.93581485,"95,88%"]
["00043131","SINAPI",null,"ARAME GALVANIZADO 6 BWG, D = 5,16 MM (0,157 KG/M), OU 8 BWG, D = 4,19 MM (0,101 KG/M), OU 10 BWG, D = 3,40 MM (0,0713 KG/M)","Material","KG","123,8756322","","27,64","","3.423,92","",3423.9224746741402,"0,06%",5368542.8582895296,"95,94%"]
["00000442","SINAPI",null,"PARAFUSO FRANCES M16 EM ACO GALVANIZADO, COMPRIMENTO = 45 MM, DIAMETRO = 16 MM, CABECA ABAULADA","Material","UN","477,4187255","","7,17","","3.423,09","",3423.0922620031401,"0,06%",5371965.9505515303,"96,00%"]
["00002688","SINAPI",null,"ELETRODUTO PVC FLEXIVEL CORRUGADO, COR AMARELA, DE 25 MM","Material","M","987,8560281","","3,27","","3.230,29","",3230.28921182562,"0,06%",5375196.2397633595,"96,06%"]
["00010924","SINAPI",null,"HIDRANTE SUBTERRANEO, EM FERRO FUNDIDO, COM CURVA LONGA E CAIXA, DN 75 MM","Material","UN","0,9988105","","3.163,22","","3.159,46","",3159.4572930081799,"0,06%",5378355.6970563596,"96,12%"]
["00043460","SINAPI",null,"FERRAMENTAS - FAMILIA ELETRICISTA - HORISTA (ENCARGOS COMPLEMENTARES - COLETADO CAIXA)","Material","H","3.646,2758158","","0,86","","3.135,80","",3135.7972015775799,"0,06%",5381491.49425794,"96,17%"]
["00009836","SINAPI",null,"TUBO PVC SERIE NORMAL, DN 100 MM, PARA ESGOTO PREDIAL (NBR 5688)","Material","M","280,3433724","","10,82","","3.033,32","",3033.3152891444702,"0,05%",5384524.80954709,"96,23%"]
["00002432","SINAPI",null,"DOBRADICA EM ACO/FERRO, 3 1/2\" X 3\", E= 1,9 A 2 MM, COM ANEL, CROMADO OU ZINCADO, TAMPA BOLA, COM PARAFUSOS","Material","UN","167,8001610","","18,06","","3.030,47","",3030.4709073571398,"0,05%",5387555.28045444,"96,28%"]
["00040552","SINAPI",null,"PARAFUSO, AUTOATARRAXANTE, CABECA CHATA, FENDA SIMPLES, EM ACO ZINCADO, 1/4\" (6,35 MM) X 25 MM","Material","CENTO","52,8363753","","57,14","","3.019,07","",3019.07048651272,"0,05%",5390574.3509409605,"96,33%"]
["00043132","SINAPI",null,"ARAME RECOZIDO 16 BWG, D = 1,65 MM (0,016 KG/M) OU 18 BWG, D = 1,25 MM (0,01 KG/M)","Material","KG","126,0689474","","23,80","","3.000,44","",3000.4409490573198,"0,05%",5393574.7918900102,"96,39%"]
["00043492","SINAPI",null,"EPI - FAMILIA SOLDADOR - HORISTA (ENCARGOS COMPLEMENTARES - COLETADO CAIXA)","Material","H","1.609,2045826","","1,82","","2.928,75","",2928.7523403175801,"0,05%",5396503.5442303298,"96,44%"]
["00043653","SINAPI",null,"FUNDO SINTETICO NIVELADOR BRANCO FOSCO PARA MADEIRA","Material","L","117,5103856","","24,79","","2.913,08","",2913.0824594328301,"0,05%",5399416.62668976,"96,49%"]
["00004922","SINAPI",null,"PORTA DE CORRER EM ALUMINIO, DUAS FOLHAS MOVEIS COM VIDRO, FECHADURA E PUXADOR EMBUTIDO, ACABAMENTO ANODIZADO NATURAL, SEM GUARNICAO/ALIZAR/VISTA","Material","m²","6,7120064","","429,86","","2.885,22","",2885.2230880100501,"0,05%",5402301.8497777702,"96,54%"]
["00043483","SINAPI",null,"EPI - FAMILIA CARPINTEIRO DE FORMAS - HORISTA (ENCARGOS COMPLEMENTARES - COLETADO CAIXA)","Material","H","2.017,0083998","","1,43","","2.884,32","",2884.32201176852,"0,05%",5405186.17178954,"96,60%"]
["00012043","SINAPI",null,"QUADRO DE DISTRIBUICAO COM BARRAMENTO TRIFASICO, DE EMBUTIR, EM CHAPA DE ACO GALVANIZADO, PARA 30 DISJUNTORES DIN, 225 A","Material","UN","1,9976210","","1.395,47","","2.787,62","",2787.6201267531901,"0,05%",5407973.7919162903,"96,65%"]
["00034357","SINAPI",null,"REJUNTE CIMENTICIO, QUALQUER COR","Material","KG","502,8401003","","5,51","","2.770,65","",2770.6489528113598,"0,05%",5410744.4408691097,"96,69%"]
["00034360","SINAPI",null,"PERFIL DE ALUMINIO ANODIZADO","Material","KG","60,3718810","","45,42","","2.742,09","",2742.0908367597399,"0,05%",5413486.5317058703,"96,74%"]
["00004460","SINAPI",null,"SARRAFO NAO APARELHADO *2,5 X 10* CM, EM MACARANDUBA/MASSARANDUBA, ANGELIM OU EQUIVALENTE DA REGIAO - BRUTA","Material","M","439,4766121","","6,21","","2.729,15","",2729.1497611343898,"0,05%",5416215.6814670004,"96,79%"]
["00042408","SINAPI",null,"LONA PLASTICA EXTRA FORTE PRETA, E = 200 MICRA","Material","m²","1.038,7629013","","2,60","","2.700,78","",2700.78354344437,"0,05%",5418916.46501044,"96,84%"]
["00012388","SINAPI",null,"POSTE DECORATIVO PARA JARDIM EM ACO TUBULAR, SEM LUMINARIA, H = *2,5* M","Material","UN","9,9881048","","270,31","","2.699,88","",2699.8846140105302,"0,05%",5421616.3496244503,"96,89%"]
["00043503","SINAPI",null,"EPI - FAMILIA SERVENTE - MENSALISTA (ENCARGOS COMPLEMENTARES - COLETADO CAIXA)","Equipamento","MES","9,9881048","","261,93","","2.616,18","",2616.18429561533,"0,05%",5424232.5339200702,"96,94%"]
["00002682","SINAPI",null,"ELETRODUTO DE PVC RIGIDO ROSCAVEL DE 2 1/2 \", SEM LUVA","Material","M","76,9084071","","33,94","","2.610,27","",2610.2713375616299,"0,05%",5426842.8052576296,"96,98%"]
["00011976","SINAPI",null,"CHUMBADOR DE ACO ZINCADO, DIAMETRO 1/4\" COM PARAFUSO 1/4\" X 40 MM","Material","UN","1.744,5715294","","1,46","","2.547,07","",2547.0744329416402,"0,05%",5429389.8796905698,"97,03%"]
["00004226","SINAPI",null,"GAS DE COZINHA - GLP","Material","KG","271,6364987","","9,24","","2.509,92","",2509.9212479549601,"0,04%",5431899.8009385299,"97,07%"]
["00043499","SINAPI",null,"EPI - FAMILIA ENCARREGADO GERAL - MENSALISTA (ENCARGOS COMPLEMENTARES - COLETADO CAIXA)","Material","MES","9,9881048","","241,99","","2.417,02","",2417.0214854959499,"0,04%",5434316.8224240299,"97,12%"]
["00000660","SINAPI",null,"CANALETA DE CONCRETO 19 X 19 X 19 CM (CLASSE C - NBR 6136)","Material","UN","663,8593869","","3,54","","2.350,06","",2350.0622295902599,"0,04%",5436666.8846536102,"97,16%"]
["00001381","SINAPI",null,"ARGAMASSA COLANTE AC I PARA CERAMICAS","Material","KG","2.484,8288114","","0,94","","2.335,74","",2335.7390827213799,"0,04%",5439002.6237363396,"97,20%"]
["00010556","SINAPI",null,"PORTA DE MADEIRA, FOLHA MEDIA (NBR 15930) DE 900 X 2100 MM, DE 35 MM A 40 MM DE ESPESSURA, NUCLEO SEMI-SOLIDO (SARRAFEADO), CAPA LISA EM HDF, ACABAMENTO EM PRIMER PARA PINTURA","Material","UN","6,9916734","","328,39","","2.296,00","",2295.9956193867902,"0,04%",5441298.6193557195,"97,24%"]
["00004517","SINAPI",null,"SARRAFO *2,5 X 7,5* CM EM PINUS, MISTA OU EQUIVALENTE DA REGIAO - BRUTA","Material","M","705,7686559","","3,25","","2.293,75","",2293.7481318099999,"0,04%",5443592.3674875302,"97,28%"]
["00009869","SINAPI",null,"TUBO PVC, SOLDAVEL, DE 32 MM, AGUA FRIA (NBR-5648)","Material","M","302,7192931","","7,55","","2.285,53","",2285.5306630653099,"0,04%",5445877.8981505996,"97,32%"]
["00005031","SINAPI",null,"VIDRO TEMPERADO INCOLOR PARA PORTA DE ABRIR, E = 10 MM (SEM FERRAGENS E SEM COLOCACAO)","Material","m²","3,7755036","","605,00","","2.284,18","",2284.17969138422,"0,04%",5448162.0778419804,"97,36%"]
["00010489","SINAPI",null,"VIDRACEIRO (HORISTA)","Mão de Obra","H","120,6613675","","18,73","","2.259,99","",2259.9874133191202,"0,04%",5450422.0652553001,"97,40%"]
["00039961","SINAPI",null,"SILICONE ACETICO USO GERAL INCOLOR 280 G","Material","UN","92,9751892","","23,92","","2.223,97","",2223.9665248445299,"0,04%",5452646.0317801498,"97,44%"]
["00004222","SINAPI",null,"GASOLINA COMUM","Material","L","372,5743398","","5,90","","2.198,19","",2198.1886047970402,"0,04%",5454844.2203849396,"97,48%"]
["00039431","SINAPI",null,"FITA DE PAPEL MICROPERFURADO, 50 X 150 MM, PARA TRATAMENTO DE JUNTAS DE CHAPA DE GESSO PARA DRYWALL","Material","M","6.861,2896668","","0,32","","2.195,61","",2195.6126933661399,"0,04%",5457039.8330783099,"97,52%"]
["00037743","SINAPI",null,"SEMIRREBOQUE COM DOIS EIXOS EM TANDEM TIPO BASCULANTE COM CACAMBA METALICA 14 M3 (INCLUI MONTAGEM, NAO INCLUI CAVALO MECANICO)","Equipamento para Aquisição Permanente","UN","0,0087653","","237.841,37","","2.084,76","",2084.7552520243098,"0,04%",5459124.5883303303,"97,56%"]
["00011047","SINAPI",null,"CHAPA DE ACO GALVANIZADA BITOLA GSG 19, E = 1,11 MM (8,88 KG/M2)","Material","KG","146,4248176","","14,09","","2.063,13","",2063.1256802534499,"0,04%",5461187.7140105898,"97,60%"]
["00000392","SINAPI",null,"ABRACADEIRA EM ACO PARA AMARRACAO DE ELETRODUTOS, TIPO D, COM 1/2\" E PARAFUSO DE FIXACAO","Material","UN","749,1018687","","2,73","","2.045,05","",2045.0481014674201,"0,04%",5463232.7621120503,"97,63%"]
["00039997","SINAPI",null,"PORCA ZINCADA, SEXTAVADA, DIAMETRO 1/4\"","Material","UN","5.495,4552722","","0,37","","2.033,32","",2033.3184507142901,"0,04%",5465266.0805627704,"97,67%"]
["00011499","SINAPI",null,"MOLA HIDRAULICA DE PISO, PARA PORTAS DE ATE 1100 MM E PESO DE ATE 120 KG, COM CORPO EM ACO INOX","Material","UN","1,9976210","","993,56","","1.984,76","",1984.75628507736,"0,04%",5467250.8368478501,"97,70%"]
["00043468","SINAPI",null,"FERRAMENTAS - FAMILIA SOLDADOR - HORISTA (ENCARGOS COMPLEMENTARES - COLETADO CAIXA)","Material","H","1.609,2045826","","1,21","","1.947,14","",1947.13754493642,"0,03%",5469197.9743927801,"97,74%"]
["00006114","SINAPI",null,"AJUDANTE DE ARMADOR (HORISTA)","Mão de Obra","H","112,7012816","","17,14","","1.931,70","",1931.6999673405801,"0,03%",5471129.6743601197,"97,77%"]
["00021112","SINAPI",null,"VALVULA DE DESCARGA EM METAL CROMADO PARA MICTORIO COM ACIONAMENTO POR PRESSAO E FECHAMENTO AUTOMATICO","Material","UN","5,9928629","","317,64","","1.903,57","",1903.5729690968999,"0,03%",5473033.2473292202,"97,81%"]
["00010432","SINAPI",null,"MICTORIO INDIVIDUAL, SIFONADO, DE LOUCA BRANCA, SEM COMPLEMENTOS","Material","UN","5,9928629","","308,15","","1.846,70","",1846.7007002493699,"0,03%",5474879.9480294697,"97,84%"]
["00043498","SINAPI",null,"EPI - FAMILIA ENGENHEIRO CIVIL - MENSALISTA (ENCARGOS COMPLEMENTARES - COLETADO CAIXA)","Material","MES","12,4851310","","146,00","","1.822,83","",1822.82912972854,"0,03%",5476702.7771592,"97,87%"]
["00039443","SINAPI",null,"PARAFUSO DRY WALL, EM ACO ZINCADO, CABECA LENTILHA E PONTA BROCA (LB), LARGURA 4,2 MM, COMPRIMENTO 13 MM","Material","UN","6.256,9595814","","0,29","","1.814,52","",1814.5182785986699,"0,03%",5478517.2954377998,"97,91%"]
["00000367","SINAPI",null,"AREIA GROSSA - POSTO JAZIDA/FORNECEDOR (RETIRADO NA JAZIDA, SEM TRANSPORTE)","Material","m³","11,8769064","","151,96","","1.804,81","",1804.8147008251001,"0,03%",5480322.1101386202,"97,94%"]
["00043657","SINAPI",null,"CONTRAMARCO DE ALUMINIO (PERFIL 25) PARA ESQUADRIAS, TIPO CONVENCIONAL / CADEIRINHA, 60 MM (CM-060), INCLUSO CONEXOES, GRAPAS E TRAVAMENTOS","Material","M","220,4374734","","8,00","","1.763,50","",1763.49978709519,"0,03%",5482085.6099257199,"97,97%"]
["00000650","SINAPI",null,"BLOCO DE VEDACAO DE CONCRETO, 9 X 19 X 39 CM (CLASSE C - NBR 6136)","Material","UN","546,0321115","","3,20","","1.747,30","",1747.3027566990199,"0,03%",5483832.9126824196,"98,00%"]
["00011245","SINAPI",null,"GRELHA FOFO SIMPLES COM REQUADRO, CARGA MAXIMA 12,5 T, *300 X 1000* MM, E= *15* MM, AREA ESTACIONAMENTO CARRO PASSEIO","Material","UN","6,9916734","","249,53","","1.744,63","",1744.6322570893899,"0,03%",5485577.5449395096,"98,03%"]
["00003322","SINAPI",null,"GRAMA ESMERALDA OU SAO CARLOS OU CURITIBANA, EM PLACAS, SEM PLANTIO","Material","m²","99,8810482","","17,00","","1.697,98","",1697.97781947316,"0,03%",5487275.5227589803,"98,06%"]
["00007694","SINAPI",null,"TUBO ACO GALVANIZADO COM COSTURA, CLASSE MEDIA, DN 3\", E = *4,05* MM, PESO *8,47* KG/M (NBR 5580)","Material","M","12,4543677","","129,87","","1.617,45","",1617.4487283536901,"0,03%",5488892.9714873303,"98,09%"]
["00037758","SINAPI",null,"CAMINHAO TRUCADO, PESO BRUTO TOTAL 23000 KG, CARGA UTIL MAXIMA 15285 KG, DISTANCIA ENTRE EIXOS 4,80 M, POTENCIA 326 CV (INCLUI CABINE E CHASSI, NAO INCLUI CARROCERIA)","Equipamento para Aquisição Permanente","UN","0,0022405","","717.852,52","","1.608,33","",1608.3273440718799,"0,03%",5490501.2988314005,"98,12%"]
["00043652","SINAPI",null,"MASSA PARA MADEIRA - INTERIOR E EXTERIOR","Material","KG","157,2831315","","10,15","","1.596,42","",1596.4237849021999,"0,03%",5492097.7226163102,"98,15%"]
["00039315","SINAPI",null,"ESPACADOR / DISTANCIADOR TIPO GARRA DUPLA, EM PLASTICO, COBRIMENTO *20* MM, PARA FERRAGENS DE LAJES E FUNDO DE VIGAS","Material","UN","4.462,9065424","","0,35","","1.562,02","",1562.01728982958,"0,03%",5493659.7399061397,"98,18%"]
["00042244","SINAPI",null,"LUMINARIA DE LED PARA ILUMINACAO PUBLICA, DE 33 W ATE 50 W, INVOLUCRO EM ALUMINIO OU ACO INOX","Material","UN","9,9881048","","154,61","","1.544,26","",1544.2608862867401,"0,03%",5495204.0007924195,"98,20%"]
["00007572","SINAPI",null,"SUPORTE ISOLADOR REFORCADO DIAMETRO NOMINAL 5/16\", COM ROSCA SOBERBA E BUCHA","Material","UN","186,4539455","","7,98","","1.487,90","",1487.90248545601,"0,03%",5496691.9032778796,"98,23%"]
["00038094","SINAPI",null,"ESPELHO / PLACA DE 3 POSTOS 4\" X 2\", PARA INSTALACAO DE TOMADAS E INTERRUPTORES","Material","UN","457,4552008","","3,23","","1.477,58","",1477.58029850555,"0,03%",5498169.4835763797,"98,26%"]
["00000033","SINAPI",null,"ACO CA-50, 8,0 MM, VERGALHAO","Material","KG","133,0415562","","10,86","","1.444,83","",1444.8313004203201,"0,03%",5499614.3148768097,"98,28%"]
["00036522","SINAPI",null,"COMPRESSOR DE AR REBOCAVEL, VAZAO 189 PCM, PRESSAO EFETIVA DE TRABALHO 102 PSI, MOTOR DIESEL, POTENCIA 63 CV","Equipamento para Aquisição Permanente","UN","0,0143609","","98.588,33","","1.415,82","",1415.8174783142699,"0,03%",5501030.13235512,"98,31%"]
["00006005","SINAPI",null,"REGISTRO GAVETA COM ACABAMENTO E CANOPLA CROMADOS, SIMPLES, BITOLA 3/4\"","Material","UN","14,9821572","","92,55","","1.386,60","",1386.59865169625,"0,02%",5502416.7310068198,"98,33%"]
["00040547","SINAPI",null,"PARAFUSO ZINCADO, AUTOBROCANTE, FLANGEADO, 4,2 MM X 19 MM","Material","CENTO","41,2265309","","33,33","","1.374,08","",1374.0802748343301,"0,02%",5503790.8112816503,"98,36%"]
["00010553","SINAPI",null,"PORTA DE MADEIRA, FOLHA MEDIA (NBR 15930) DE 600 X 2100 MM, DE 35 MM A 40 MM DE ESPESSURA, NUCLEO SEMI-SOLIDO (SARRAFEADO), CAPA LISA EM HDF, ACABAMENTO EM PRIMER PARA PINTURA","Material","UN","5,9928629","","224,49","","1.345,34","",1345.3377906830499,"0,02%",5505136.1490723304,"98,38%"]
["00020020","SINAPI",null,"MOTORISTA DE CAMINHAO-BASCULANTE (HORISTA)","Mão de Obra","H","63,9269812","","21,00","","1.342,47","",1342.4666051045999,"0,02%",5506478.6156774396,"98,41%"]
["00001872","SINAPI",null,"CAIXA DE PASSAGEM, EM PVC, DE 4\" X 2\", PARA ELETRODUTO FLEXIVEL CORRUGADO","Material","UN","456,4563903","","2,93","","1.337,42","",1337.4172235604501,"0,02%",5507816.0329010002,"98,43%"]
["00038774","SINAPI",null,"LUMINARIA DE EMERGENCIA 30 LEDS, POTENCIA 2 W, BATERIA DE LITIO, AUTONOMIA DE 6 HORAS","Material","UN","87,8953224","","15,07","","1.324,58","",1324.58250886619,"0,02%",5509140.6154098604,"98,45%"]
["00012041","SINAPI",null,"QUADRO DE DISTRIBUICAO COM BARRAMENTO TRIFASICO, DE EMBUTIR, EM CHAPA DE ACO GALVANIZADO, PARA 30 DISJUNTORES DIN, 150 A","Material","UN","1,9976210","","660,94","","1.320,31","",1320.3076000030501,"0,02%",5510460.9230098696,"98,48%"]
["00039017","SINAPI",null,"ESPACADOR / DISTANCIADOR CIRCULAR COM ENTRADA LATERAL, EM PLASTICO, PARA VERGALHAO *4,2 A 12,5* MM, COBRIMENTO 20 MM","Material","UN","5.711,6998604","","0,22","","1.256,57","",1256.5739692966599,"0,02%",5511717.4969791602,"98,50%"]
["00006006","SINAPI",null,"REGISTRO GAVETA COM ACABAMENTO E CANOPLA CROMADOS, SIMPLES, BITOLA 1/2\"","Material","UN","14,9821572","","82,04","","1.229,14","",1229.1361792021601,"0,02%",5512946.6331583699,"98,52%"]
["00000135","SINAPI",null,"ARGAMASSA POLIMERICA IMPERMEABILIZANTE SEMIFLEXIVEL, BICOMPONENTE, A BASE DE CIMENTO E ADITIVOS","Material","KG","348,2738486","","3,46","","1.205,03","",1205.02751624292,"0,02%",5514151.6606746102,"98,54%"]
["00002689","SINAPI",null,"ELETRODUTO PVC FLEXIVEL CORRUGADO, COR AMARELA, DE 20 MM","Material","M","398,5547474","","3,02","","1.203,64","",1203.6353370372999,"0,02%",5515355.29601165,"98,56%"]
["00021127","SINAPI",null,"FITA ISOLANTE ADESIVA ANTICHAMA, USO ATE 750 V, EM ROLO DE 19 MM X 5 M","Material","UN","110,3240393","","10,87","","1.199,22","",1199.2223070274099,"0,02%",5516554.5183186699,"98,59%"]
["00003379","SINAPI",null,"HASTE DE ATERRAMENTO EM ACO COM 3,00 M DE COMPRIMENTO E DN = 5/8\", REVESTIDA COM BAIXA CAMADA DE COBRE, SEM CONECTOR","Material","UN","15,9809677","","74,22","","1.186,11","",1186.1074236357499,"0,02%",5517740.6257423097,"98,61%"]
["00035277","SINAPI",null,"CAIXA DE GORDURA EM PVC, DIAMETRO MINIMO 300 MM, DIAMETRO DE SAIDA 100 MM, CAPACIDADE APROXIMADA 18 LITROS, COM TAMPA E CESTO","Material","UN","2,9964314","","389,10","","1.165,91","",1165.91147568884,"0,02%",5518906.5372179998,"98,63%"]
["00020269","SINAPI",null,"LAVATORIO / CUBA DE EMBUTIR, OVAL, DE LOUCA BRANCA, SEM LADRAO, DIMENSOES *50 X 35* CM (L X C)","Material","UN","13,9833467","","83,26","","1.164,25","",1164.2534502886499,"0,02%",5520070.7906682901,"98,65%"]
["00043479","SINAPI",null,"FERRAMENTAS - FAMILIA SERVENTE - MENSALISTA (ENCARGOS COMPLEMENTARES - COLETADO CAIXA)","Equipamento","MES","9,9881048","","114,77","","1.146,33","",1146.33479024079,"0,02%",5521217.1254585302,"98,67%"]
["00014525","SINAPI",null,"ESCAVADEIRA HIDRAULICA SOBRE ESTEIRAS COM CACAMBA DE 1,20 M3, PESO OPERACIONAL 21 T, POTENCIA BRUTA 155 HP","Equipamento para Aquisição Permanente","UN","0,0011910","","961.801,77","","1.145,54","",1145.5402495416699,"0,02%",5522362.6657080697,"98,69%"]
["00011975","SINAPI",null,"CHUMBADOR DE ACO ZINCADO, DIAMETRO 5/8\", COMPRIMENTO 6\", COM PORCA","Material","UN","39,9524193","","28,67","","1.145,44","",1145.4358608069499,"0,02%",5523508.1015688796,"98,71%"]
["00001106","SINAPI",null,"CAL HIDRATADA CH-I PARA ARGAMASSAS","Material","KG","962,0492639","","1,19","","1.144,84","",1144.83862406392,"0,02%",5524652.9401929397,"98,73%"]
["00000142","SINAPI",null,"SELANTE ELASTICO MONOCOMPONENTE A BASE DE POLIURETANO (PU) PARA JUNTAS DIVERSAS","Material","310ML","31,4407022","","36,21","","1.138,47","",1138.4678259407401,"0,02%",5525791.4080188796,"98,75%"]
["00004115","SINAPI",null,"MADEIRA ROLICA TRATADA, D = 12 A 15 CM, H = 3,00 M, EM EUCALIPTO OU EQUIVALENTE DA REGIAO","Material","M","31,4625302","","36,04","","1.133,91","",1133.9095878441799,"0,02%",5526925.3176067201,"98,77%"]
["00038775","SINAPI",null,"LUMINARIA TIPO TARTARUGA PARA AREA EXTERNA EM ALUMINIO, COM GRADE, PARA 1 LAMPADA, BASE E27, POTENCIA MAXIMA 40/60 W (NAO INCLUI LAMPADA)","Material","UN","13,9833467","","80,79","","1.129,71","",1129.7145838196,"0,02%",5528055.0321905399,"98,79%"]
["00006012","SINAPI",null,"REGISTRO GAVETA BRUTO EM LATAO FORJADO, BITOLA 3\"","Material","UN","2,9964314","","360,33","","1.079,70","",1079.7041429837,"0,02%",5529134.7363335304,"98,81%"]
["00037588","SINAPI",null,"VALVULA DE ESCOAMENTO PARA TANQUE, EM METAL CROMADO, 1.1/2 \", SEM LADRAO, COM TAMPAO PLASTICO","Material","UN","15,9809677","","67,35","","1.076,32","",1076.3181754495799,"0,02%",5530211.0545089804,"98,83%"]
["00043485","SINAPI",null,"EPI - FAMILIA ENCANADOR - HORISTA (ENCARGOS COMPLEMENTARES - COLETADO CAIXA)","Material","H","951,5728570","","1,13","","1.075,28","",1075.27732837037,"0,02%",5531286.3318373496,"98,85%"]
["00006136","SINAPI",null,"SIFAO EM METAL CROMADO PARA PIA OU LAVATORIO, 1 X 1.1/2\"","Material","UN","4,9940524","","214,10","","1.069,23","",1069.22662102707,"0,02%",5532355.5584583702,"98,87%"]
["PREÇO DE MERCADO 16","Próprio",null,"PERFIL \"I\" DE ACO LAMINADO, \"W\" 200 X 19.3, REF A572 GR. 50","Material","KG","96,3852115","","11,06","","1.066,02","",1066.0204393797101,"0,02%",5533421.57889775,"98,89%"]
["00040862","SINAPI",null,"ALIMENTACAO - MENSALISTA (COLETADO CAIXA - ENCARGOS COMPLEMENTARES)","Material","MES","9,9881048","","105,00","","1.048,75","",1048.7510061451901,"0,02%",5534470.3299038997,"98,91%"]
["00037752","SINAPI",null,"CAMINHAO TOCO, PESO BRUTO TOTAL 16000 KG, CARGA UTIL MAXIMA 11030 KG, DISTANCIA ENTRE EIXOS 5,41 M, POTENCIA 185 CV (INCLUI CABINE E CHASSI, NAO INCLUI CARROCERIA)","Equipamento para Aquisição Permanente","UN","0,0017826","","569.580,71","","1.015,33","",1015.32833846191,"0,02%",5535485.6582423598,"98,92%"]
["00004351","SINAPI",null,"PARAFUSO NIQUELADO 3 1/2\" COM ACABAMENTO CROMADO PARA FIXAR PECA SANITARIA, INCLUI PORCA CEGA, ARRUELA E BUCHA DE NYLON TAMANHO S-8","Material","UN","49,9405241","","20,33","","1.015,29","",1015.29085499675,"0,02%",5536500.9490973596,"98,94%"]
["00001873","SINAPI",null,"CAIXA DE PASSAGEM, EM PVC, DE 4\" X 4\", PARA ELETRODUTO FLEXIVEL CORRUGADO","Material","UN","168,7989715","","5,82","","982,41","",982.41001392789099,"0,02%",5537483.3591112904,"98,96%"]
["00013458","SINAPI",null,"COMPACTADOR DE SOLOS DE PERCURSAO (SOQUETE) COM MOTOR A GASOLINA 4 TEMPOS DE 4 HP (4 CV)","Equipamento para Aquisição Permanente","UN","0,0609868","","15.839,74","","966,02","",966.01559919641295,"0,02%",5538449.3747104798,"98,98%"]
["00038095","SINAPI",null,"ESPELHO / PLACA CEGA 4\" X 4\", PARA INSTALACAO DE TOMADAS E INTERRUPTORES","Material","UN","168,7989715","","5,69","","960,47","",960.46614763740502,"0,02%",5539409.8408581195,"98,99%"]
["PREÇO DE MERCADO 13","Próprio",null,"PERFIL \"I\" DE ACO LAMINADO, \"W\" 310 X 23.8, REF A572 GR. 50","Material","KG","87,7954414","","10,76","","944,68","",944.67894915823297,"0,02%",5540354.51980728,"99,01%"]
["00004090","SINAPI",null,"MOTONIVELADORA POTENCIA BASICA LIQUIDA (PRIMEIRA MARCHA) 125 HP, PESO BRUTO 13843 KG, LARGURA DA LAMINA DE 3,7 M","Equipamento para Aquisição Permanente","UN","0,0006741","","1.400.000,00","","943,80","",943.79850974798501,"0,02%",5541298.3183170296,"99,03%"]
["00012070","SINAPI",null,"ELETRODUTO DE PVC RIGIDO SOLDAVEL, CLASSE B, DE 40 MM","Material","M","119,8572578","","7,81","","936,09","",936.08518377073403,"0,02%",5542234.4035008,"99,04%"]
["00004093","SINAPI",null,"MOTORISTA DE CAMINHAO (HORISTA)","Mão de Obra","H","44,5040386","","20,20","","898,98","",898.98157956262401,"0,02%",5543133.3850803599,"99,06%"]
["00000131","SINAPI",null,"ADESIVO ESTRUTURAL A BASE DE RESINA EPOXI, BICOMPONENTE, PASTOSO (TIXOTROPICO)","Material","KG","18,6761579","","47,85","","893,65","",893.65415634919395,"0,02%",5544027.0392367104,"99,08%"]
["00007288","SINAPI",null,"TINTA ESMALTE SINTETICO PREMIUM FOSCO","Material","L","30,7941262","","28,97","","892,11","",892.105836297108,"0,02%",5544919.1450730097,"99,09%"]
["00006011","SINAPI",null,"REGISTRO GAVETA BRUTO EM LATAO FORJADO, BITOLA 2 1/2\"","Material","UN","2,9964314","","297,63","","891,83","",891.82789131140703,"0,02%",5545810.9729643203,"99,11%"]
["00043459","SINAPI",null,"FERRAMENTAS - FAMILIA CARPINTEIRO DE FORMAS - HORISTA (ENCARGOS COMPLEMENTARES - COLETADO CAIXA)","Material","H","2.017,0083998","","0,44","","887,48","",887.483695928776,"0,02%",5546698.4566602502,"99,12%"]
["00040861","SINAPI",null,"TRANSPORTE - MENSALISTA (COLETADO CAIXA - ENCARGOS COMPLEMENTARES)","Material","MES","9,9881048","","88,51","","884,05","",884.04715765629203,"0,02%",5547582.5038179001,"99,14%"]
["00004384","SINAPI",null,"PARAFUSO NIQUELADO COM ACABAMENTO CROMADO PARA FIXAR PECA SANITARIA, INCLUI PORCA CEGA, ARRUELA E BUCHA DE NYLON TAMANHO S-10","Material","UN","31,9619354","","27,43","","876,72","",876.71588871809604,"0,02%",5548459.2197066201,"99,16%"]
["00006299","SINAPI",null,"TE DE FERRO GALVANIZADO, DE 2 1/2\"","Material","UN","5,9928629","","140,62","","842,72","",842.71637990935096,"0,02%",5549301.9360865299,"99,17%"]
["00038596","SINAPI",null,"CANALETA DE CONCRETO ESTRUTURAL 14 X 19 X 29 CM, FBK 4,5 MPA (NBR 6136)","Material","UN","158,8707953","","5,11","","811,83","",811.82976384894198,"0,01%",5550113.7658503801,"99,19%"]
["00036531","SINAPI",null,"RETROESCAVADEIRA SOBRE RODAS COM CARREGADEIRA, TRACAO 4 X 4, POTENCIA LIQUIDA 88 HP, PESO OPERACIONAL MINIMO DE 6674 KG, CAPACIDADE DA CARREGADEIRA DE 1,00 M3 E DA RETROESCAVADEIRA MINIMA DE 0,26 M3, PROFUNDIDADE DE ESCAVACAO MAXIMA DE 4,37 M","Equipamento para Aquisição Permanente","UN","0,0017376","","466.463,38","","810,55","",810.54823750358798,"0,01%",5550924.3140878798,"99,20%"]
["00009874","SINAPI",null,"TUBO PVC, SOLDAVEL, DE 40 MM, AGUA FRIA (NBR-5648)","Material","M","68,0080838","","11,86","","806,58","",806.57587410799295,"0,01%",5551730.8899619896,"99,21%"]
["00004813","SINAPI",null,"PLACA DE OBRA (PARA CONSTRUCAO CIVIL) EM CHAPA GALVANIZADA *N. 22*, ADESIVADA, DE *2,4 X 1,2* M (SEM POSTES PARA FIXACAO)","Material","m²","1,9976210","","400,00","","799,05","",799.04838563443002,"0,01%",5552529.9383476302,"99,23%"]
["00036081","SINAPI",null,"BARRA DE APOIO RETA, EM ACO INOX POLIDO, COMPRIMENTO 80CM, DIAMETRO MINIMO 3 CM","Material","UN","2,9964314","","262,34","","786,08","",786.08382557751099,"0,01%",5553316.0221731998,"99,24%"]
["00011683","SINAPI",null,"ENGATE / RABICHO FLEXIVEL INOX 1/2\" X 30 CM","Material","UN","15,9809677","","49,10","","784,67","",784.66551469300998,"0,01%",5554100.6876878999,"99,26%"]
["00038099","SINAPI",null,"SUPORTE DE FIXACAO PARA ESPELHO / PLACA 4\" X 2\", PARA 3 MODULOS, PARA INSTALACAO DE TOMADAS E INTERRUPTORES (SOMENTE SUPORTE)","Material","UN","457,4552008","","1,68","","768,52","",768.524737303194,"0,01%",5554869.2124252003,"99,27%"]
["00002681","SINAPI",null,"ELETRODUTO DE PVC RIGIDO ROSCAVEL DE 2 \", SEM LUVA","Material","M","32,9607459","","23,27","","767,00","",766.99655726566903,"0,01%",5555636.2089824602,"99,28%"]
["00034643","SINAPI",null,"CAIXA DE INSPECAO PARA ATERRAMENTO E PARA RAIOS, EM POLIPROPILENO, DIAMETRO = 300 MM X ALTURA = 400 MM","Material","UN","16,9797782","","44,81","","760,86","",760.86386090592396,"0,01%",5556397.07284337,"99,30%"]
["00004509","SINAPI",null,"SARRAFO *2,5 X 10* CM EM PINUS, MISTA OU EQUIVALENTE DA REGIAO - BRUTA","Material","M","160,8084876","","4,72","","759,02","",759.01606151414501,"0,01%",5557156.08890488,"99,31%"]
["00021030","SINAPI",null,"MANGUEIRA DE INCENDIO, TIPO 1, DE 1 1/2\", COMPRIMENTO = 20 M, TECIDO EM FIO DE POLIESTER E TUBO INTERNO EM BORRACHA SINTETICA, COM UNIOES ENGATE RAPIDO","Material","UN","0,9988105","","739,60","","738,72","",738.72023251902999,"0,01%",5557894.8091374002,"99,32%"]
["00011772","SINAPI",null,"TORNEIRA METALICA CROMADA, DE MESA/BANCADA, PARA COZINHA, BICA MOVEL, COM AREJADOR, 1/2\" OU 3/4\"","Material","UN","2,9964314","","242,70","","727,23","",727.23391197553497,"0,01%",5558622.0430493802,"99,34%"]
["00000123","SINAPI",null,"ADITIVO IMPERMEABILIZANTE DE PEGA NORMAL PARA ARGAMASSAS E CONCRETOS SEM ARMACAO, LIQUIDO E ISENTO DE CLORETOS","Material","L","94,0611713","","7,55","","710,16","",710.16184329273904,"0,01%",5559332.2048926698,"99,35%"]
["00009838","SINAPI",null,"TUBO PVC SERIE NORMAL, DN 50 MM, PARA ESGOTO PREDIAL (NBR 5688)","Material","M","90,5081207","","7,80","","705,96","",705.96334183337399,"0,01%",5560038.1682345103,"99,36%"]
["00006024","SINAPI",null,"REGISTRO PRESSAO COM ACABAMENTO E CANOPLA CROMADA, SIMPLES, BITOLA 3/4\"","Material","UN","7,9904839","","87,29","","697,49","",697.48933582029395,"0,01%",5560735.6575703304,"99,38%"]
["00004234","SINAPI",null,"OPERADOR DE ESCAVADEIRA (HORISTA)","Mão de Obra","H","30,8884531","","22,32","","689,43","",689.43027209682498,"0,01%",5561425.0878424197,"99,39%"]
["00010423","SINAPI",null,"TANQUE DE LOUCA BRANCA, SUSPENSO, *20* L","Material","UN","1,9976210","","338,99","","677,17","",677.17353061553797,"0,01%",5562102.2613730403,"99,40%"]
["00014511","SINAPI",null,"ROLO COMPACTADOR DE PNEUS, ESTATICO, PRESSAO VARIAVEL, POTENCIA 110 HP, PESO SEM/COM LASTRO 10,8/27 T, LARGURA DE ROLAGEM 2,30 M","Equipamento para Aquisição Permanente","UN","0,0006432","","1.051.962,75","","676,58","",676.58474538086796,"0,01%",5562778.8461184204,"99,41%"]
["00004823","SINAPI",null,"MASSA PLASTICA PARA MARMORE/GRANITO","Material","KG","15,2034936","","43,99","","668,80","",668.80168493618203,"0,01%",5563447.6478033597,"99,42%"]
["00001743","SINAPI",null,"CUBA ACO INOX (AISI 304) DE EMBUTIR COM VALVULA 3 1/2 \", DE *46 X 30 X 12* CM","Material","UN","2,9964314","","220,93","","662,00","",662.00159939330501,"0,01%",5564109.6494027497,"99,44%"]
["00012657","SINAPI",null,"VALVULA DE RETENCAO VERTICAL, DE BRONZE (PN-16), 2 1/2\", 200 PSI, EXTREMIDADES COM ROSCA","Material","UN","1,9976210","","330,64","","660,49","",660.49339556541997,"0,01%",5564770.1427983101,"99,45%"]
["00038112","SINAPI",null,"INTERRUPTOR SIMPLES 10A, 250V (APENAS MODULO)","Material","UN","84,8988910","","7,63","","647,78","",647.77853812901196,"0,01%",5565417.9213364404,"99,46%"]
["00039813","SINAPI",null,"MAQUINA TIPO VASO/TANQUE/JATO DE PRESSAO PORTATIL P/ JATEAMENTO, CONTROLE AUTOMATICO E REMOTO, CAMARA DE 1 SAIDA, 280 L, DIAM. *670* MM, BICO JATO CURTO VENTURI 5/16\", MANGUEIRA 1\" DE 10 M, COMPLETA (VALVULAS POP UP E DOSADORA, FUNDO CONICO ETC)","Equipamento para Aquisição Permanente","UN","0,0163677","","38.940,20","","637,36","",637.36057011278899,"0,01%",5566055.2819065601,"99,47%"]
["00014513","SINAPI",null,"ROLO COMPACTADOR PE DE CARNEIRO VIBRATORIO, POTENCIA 80 HP, PESO OPERACIONAL SEM/COM LASTRO 7,4/8,8 T, LARGURA DE TRABALHO 1,68 M","Equipamento","UN","0,0009643","","659.269,78","","635,72","",635.71520279476601,"0,01%",5566690.9971093498,"99,48%"]
["00005086","SINAPI",null,"CORRENTE DE ELO CURTO COMUM, SOLDADA, GALVANIZADA, ESPESSURA DO ELO = 1/2\" (12,5 MM)","Material","KG","20,2359004","","31,09","","629,13","",629.13414238490702,"0,01%",5567320.1312517403,"99,49%"]
["00000377","SINAPI",null,"ASSENTO SANITARIO DE PLASTICO, TIPO CONVENCIONAL","Material","UN","15,9809677","","39,01","","623,42","",623.41755047198205,"0,01%",5567943.54880221,"99,50%"]
["00040411","SINAPI",null,"ACOPLAMENTO RIGIDO EM FERRO FUNDIDO PARA SISTEMA DE TUBULACAO RANHURADA, DN 65 MM (2 1/2\")","Material","UN","27,9666935","","22,23","","621,70","",621.69959644286803,"0,01%",5568565.2483986504,"99,52%"]
["00039398","SINAPI",null,"KIT DE ACESSORIOS PARA BANHEIRO EM METAL CROMADO, 5 PECAS","Material","UN","4,9940524","","123,98","","619,16","",619.16261781847902,"0,01%",5569184.4110164698,"99,53%"]
["00004182","SINAPI",null,"NIPLE DE FERRO GALVANIZADO, COM ROSCA BSP, DE 3\"","Material","UN","5,9928629","","97,70","","585,50","",585.50270457362797,"0,01%",5569769.9137210399,"99,54%"]
["00036520","SINAPI",null,"BACIA SANITARIA (VASO) CONVENCIONAL PARA PCD, SEM FURO FRONTAL, DE LOUCA BRANCA (SEM ASSENTO)","Material","UN","0,9988105","","556,81","","556,15","",556.14766450638399,"0,01%",5570326.0613855496,"99,55%"]
["00011280","SINAPI",null,"CORTADEIRA DE PISO DE CONCRETO E ASFALTO, PARA DISCO PADRAO DE DIAMETRO 350 MM (14\") OU 450 MM (18\"), MOTOR A GASOLINA, POTENCIA 13 HP, SEM DISCO","Equipamento para Aquisição Permanente","UN","0,0426455","","12.710,31","","542,04","",542.03793133494401,"0,01%",5570868.0993168801,"99,56%"]
["00004208","SINAPI",null,"NIPLE DE FERRO GALVANIZADO, COM ROSCA BSP, DE 2 1/2\"","Material","UN","8,9892943","","60,06","","539,90","",539.89701796354302,"0,01%",5571407.9963348499,"99,57%"]
["00043055","SINAPI",null,"ACO CA-50, 12,5 MM OU 16,0 MM, VERGALHAO","Material","KG","55,4339818","","8,87","","491,70","",491.69941815255697,"0,01%",5571899.6957529997,"99,57%"]
["00041387","SINAPI",null,"MASTRO SIMPLES GALVANIZADO DIAMETRO NOMINAL 1 1/2\"","Material","M","8,9892943","","54,41","","489,11","",489.10750495165502,"0,01%",5572388.8032579497,"99,58%"]
["00037590","SINAPI",null,"SUPORTE MAO-FRANCESA EM ACO, ABAS IGUAIS 30 CM, CAPACIDADE MINIMA 60 KG, BRANCO","Material","UN","27,9666935","","16,86","","471,52","",471.51845236287699,"0,01%",5572860.3217103099,"99,59%"]
["00010749","SINAPI",null,"LOCACAO DE ESCORA METALICA TELESCOPICA, COM ALTURA REGULAVEL DE *1,80* A *3,20* M, COM CAPACIDADE DE CARGA DE NO MINIMO 1000 KGF (10 KN), INCLUSO TRIPE E FORCADO","Equipamento","UNXMES","20,4609923","","22,18","","453,82","",453.82480913470999,"0,01%",5573314.1465194495,"99,60%"]
["00004238","SINAPI",null,"OPERADOR DE ROLO COMPACTADOR (HORISTA)","Mão de Obra","H","19,1344902","","23,46","","448,90","",448.89514082200799,"0,01%",5573763.0416602697,"99,61%"]
["00011717","SINAPI",null,"CAIXA SIFONADA, PVC, 150 X 150 X 50 MM, COM GRELHA REDONDA, BRANCA","Material","UN","7,9904839","","55,56","","443,95","",443.95128305848903,"0,01%",5574206.9929433297,"99,62%"]
["00036204","SINAPI",null,"BARRA DE APOIO RETA, EM ACO INOX POLIDO, COMPRIMENTO 60CM, DIAMETRO MINIMO 3 CM","Material","UN","1,9976210","","221,54","","442,55","",442.55294838362897,"0,01%",5574649.5458917096,"99,62%"]
["00020963","SINAPI",null,"CAIXA DE INCENDIO/ABRIGO PARA MANGUEIRA, DE SOBREPOR/EXTERNA, COM 90 X 60 X 17 CM, EM CHAPA DE ACO, PORTA COM VENTILACAO, VISOR COM A INSCRICAO \"INCENDIO\", SUPORTE/CESTA INTERNA PARA A MANGUEIRA, PINTURA ELETROSTATICA VERMELHA","Material","UN","0,9988105","","411,72","","411,23","",411.23025166675899,"0,01%",5575060.7761433804,"99,63%"]
["00004274","SINAPI",null,"PARA-RAIOS TIPO FRANKLIN 350 MM, EM LATAO CROMADO, DUAS DESCIDAS, PARA PROTECAO DE EDIFICACOES CONTRA DESCARGAS ATMOSFERICAS","Material","UN","2,9964314","","136,90","","410,21","",410.21146497507499,"0,01%",5575470.9876083499,"99,64%"]
["00003767","SINAPI",null,"LIXA EM FOLHA PARA PAREDE OU MADEIRA, NUMERO 120, COR VERMELHA","Material","UN","478,8762617","","0,85","","407,04","",407.04482243922098,"0,01%",5575878.0324307904,"99,65%"]
["00001442","SINAPI",null,"COMPACTADOR DE SOLO TIPO PLACA VIBRATORIA REVERSIVEL, A GASOLINA 4 TEMPOS, PESO 125 A 150 KG, FORCA CENTRIF. 2500 A 2800 KGF, LARG. TRABALHO 400 A 450 MM, FREQ. VIBRACAO 4300 A 4500 RPM, VELOC. TRABALHO 15 A 20 M/MIN, POT. 5,5 A 6,0 HP","Equipamento para Aquisição Permanente","UN","0,0370080","","10.731,19","","397,14","",397.13951394138599,"0,01%",5576275.1719447402,"99,65%"]
["00040415","SINAPI",null,"CURVA 90 GRAUS RANHURADA EM FERRO FUNDIDO, DN 65 MM (2 1/2\")","Material","UN","13,9833467","","27,77","","388,32","",388.31753920869198,"0,01%",5576663.4894839404,"99,66%"]
["00037554","SINAPI",null,"ESGUICHO JATO REGULAVEL, TIPO ELKHART, ENGATE RAPIDO 1 1/2\", PARA COMBATE A INCENDIO","Material","UN","0,9988105","","388,42","","387,96","",387.95796743515598,"0,01%",5577051.4474513801,"99,67%"]
["00034653","SINAPI",null,"DISJUNTOR TERMOMAGNETICO PARA TRILHO DIN (IEC), MONOPOLAR, 6 - 32 A","Material","UN","43,9476612","","8,79","","386,30","",386.299942034965,"0,01%",5577437.7473934097,"99,67%"]
["00009868","SINAPI",null,"TUBO PVC, SOLDAVEL, DE 25 MM, AGUA FRIA (NBR-5648)","Material","M","110,1712093","","3,50","","385,60","",385.59923253415099,"0,01%",5577823.3466259502,"99,68%"]
["00006110","SINAPI",null,"SERRALHEIRO (HORISTA)","Mão de Obra","H","17,8718469","","21,21","","379,06","",379.06187188570698,"0,01%",5578202.4084978299,"99,69%"]
["00006322","SINAPI",null,"TE DE FERRO GALVANIZADO, DE 3\"","Material","UN","1,9976210","","188,34","","376,23","",376.23193237597098,"0,01%",5578578.6404302102,"99,69%"]
["00037373","SINAPI",null,"SEGURO - HORISTA (COLETADO CAIXA - ENCARGOS COMPLEMENTARES)","Material","H","37.223,0523969","","0,01","","372,23","",372.230523969074,"0,01%",5578950.8709541801,"99,70%"]
["00003104","SINAPI",null,"CONJ. DE FERRAGENS PARA PORTA DE VIDRO TEMPERADO, EM ZAMAC CROMADO, CONTEMPLANDO DOBRADICA INF., DOBRADICA SUP., PIVO PARA DOBRADICA INF., PIVO PARA DOBRADICA SUP., FECHADURA CENTRAL EM ZAMC. CROMADO, CONTRA FECHADURA DE PRESSAO","Material","CJ","1,9976210","","184,36","","368,28","",368.28140093890897,"0,01%",5579319.1523551196,"99,71%"]
["00013417","SINAPI",null,"TORNEIRA METALICA CROMADA CANO CURTO, SEM BICO, SEM AREJADOR, DE PAREDE, PARA TANQUE E USO GERAL, 1/2\" OU 3/4\"","Material","UN","1,9976210","","181,95","","363,47","",363.46713441546098,"0,01%",5579682.6194895301,"99,71%"]
["00000296","SINAPI",null,"ANEL BORRACHA PARA TUBO ESGOTO PREDIAL, DN 50 MM (NBR 5688)","Material","UN","164,8037295","","2,09","","344,44","",344.43979473254097,"0,01%",5580027.0592842698,"99,72%"]
["00000301","SINAPI",null,"ANEL BORRACHA PARA TUBO ESGOTO PREDIAL, DN 100 MM (NBR 5688)","Material","UN","92,8893748","","3,70","","343,69","",343.69068687100901,"0,01%",5580370.7499711402,"99,73%"]
["00002391","SINAPI",null,"DISJUNTOR TERMOMAGNETICO TRIPOLAR 125 A / 425 V / ICC - 25 KA","Material","UN","0,9988105","","336,89","","336,49","",336.48926329547902,"0,01%",5580707.2392344298,"99,73%"]
["00010904","SINAPI",null,"REGISTRO OU VALVULA GLOBO ANGULAR EM LATAO, PARA HIDRANTES EM INSTALACAO PREDIAL DE INCENDIO, 45 GRAUS, DIAMETRO DE 2 1/2\", COM VOLANTE, CLASSE DE PRESSAO DE ATE 200 PSI","Material","UN","0,9988105","","330,75","","330,36","",330.35656693573497,"0,01%",5581037.5958013702,"99,74%"]
["00010535","SINAPI",null,"BETONEIRA CAPACIDADE NOMINAL 400 L, CAPACIDADE DE MISTURA 280 L, MOTOR ELETRICO TRIFASICO 220/380 V POTENCIA 2 CV, SEM CARREGADOR","Equipamento para Aquisição Permanente","UN","0,0586809","","5.550,00","","325,68","",325.67895010667002,"0,01%",5581363.2747514797,"99,74%"]
["00009835","SINAPI",null,"TUBO PVC SERIE NORMAL, DN 40 MM, PARA ESGOTO PREDIAL (NBR 5688)","Material","M","67,9706504","","4,72","","320,82","",320.82146989267,"0,01%",5581684.0962213697,"99,75%"]
["00006014","SINAPI",null,"REGISTRO GAVETA COM ACABAMENTO E CANOPLA CROMADOS, SIMPLES, BITOLA 1 1/4\"","Material","UN","1,9976210","","157,52","","314,67","",314.665254262838,"0,01%",5581998.7614756301,"99,76%"]
["00043461","SINAPI",null,"FERRAMENTAS - FAMILIA ENCANADOR - HORISTA (ENCARGOS COMPLEMENTARES - COLETADO CAIXA)","Material","H","951,5728570","","0,31","","294,99","",294.98758565912902,"0,01%",5582293.7490612902,"99,76%"]
["00005068","SINAPI",null,"PREGO DE ACO POLIDO COM CABECA 17 X 21 (2 X 11)","Material","KG","16,7295480","","16,78","","280,72","",280.721816152759,"0,01%",5582574.4708774397,"99,77%"]
["00007568","SINAPI",null,"BUCHA DE NYLON SEM ABA S10, COM PARAFUSO DE 6,10 X 65 MM EM ACO ZINCADO COM ROSCA SOBERBA, CABECA CHATA E FENDA PHILLIPS","Material","UN","459,9928067","","0,61","","280,60","",280.59561205838099,"0,01%",5582855.0664895,"99,77%"]
["00043130","SINAPI",null,"ARAME GALVANIZADO 12 BWG, D = 2,76 MM (0,048 KG/M) OU 14 BWG, D = 2,11 MM (0,026 KG/M)","Material","KG","11,7060588","","23,80","","278,60","",278.60420061915698,"0,00%",5583133.6706901202,"99,78%"]
["00000184","SINAPI",null,"BATENTE / PORTAL / ADUELA / MARCO EM MADEIRA MACICA COM REBAIXO, E = *3* CM, L = *14* CM, PARA PORTAS DE GIRO DE *60 CM A 120* CM X *210* CM, PINUS / EUCALIPTO / VIROLA OU EQUIVALENTE DA REGIAO (NAO INCLUI ALIZARES)","Material","JG","2,9964314","","92,90","","278,37","",278.368481345394,"0,00%",5583412.0391714703,"99,78%"]
["00004239","SINAPI",null,"OPERADOR DE MOTONIVELADORA (HORISTA)","Mão de Obra","H","9,3237662","","28,51","","265,82","",265.82057317321602,"0,00%",5583677.8597446401,"99,79%"]
["00009867","SINAPI",null,"TUBO PVC, SOLDAVEL, DE 20 MM, AGUA FRIA (NBR-5648)","Material","M","85,0389262","","3,10","","263,62","",263.62067122267098,"0,00%",5583941.4804158602,"99,79%"]
["00020078","SINAPI",null,"PASTA LUBRIFICANTE PARA TUBOS E CONEXOES COM JUNTA ELASTICA, EMBALAGEM DE *400* GR (USO EM PVC, ACO, POLIETILENO E OUTROS)","Material","UN","9,8367850","","26,67","","262,35","",262.34705681413101,"0,00%",5584203.8274726802,"99,79%"]
["00020083","SINAPI",null,"SOLUCAO PREPARADORA / LIMPADORA PARA PVC, FRASCO COM 1000 CM3","Material","UN","3,5218058","","73,22","","257,87","",257.86661772404398,"0,00%",5584461.6940903999,"99,80%"]
["00000252","SINAPI",null,"AJUDANTE DE SERRALHEIRO (HORISTA)","Mão de Obra","H","14,6871644","","17,14","","251,74","",251.73799736768601,"0,00%",5584713.4320877697,"99,80%"]
["00036397","SINAPI",null,"BETONEIRA, CAPACIDADE NOMINAL 600 L, CAPACIDADE DE MISTURA 360L, MOTOR ELETRICO TRIFASICO 220/380V, POTENCIA 4CV, EXCLUSO CARREGADOR","Equipamento para Aquisição Permanente","UN","0,0110870","","22.576,27","","250,30","",250.30298123469299,"0,00%",5584963.7350690002,"99,81%"]
["00037736","SINAPI",null,"TANQUE DE ACO CARBONO NAO REVESTIDO, PARA TRANSPORTE DE AGUA COM CAPACIDADE DE 10 M3, COM BOMBA CENTRIFUGA POR TOMADA DE FORCA, VAZAO MAXIMA *75* M3/H (INCLUI MONTAGEM, NAO INCLUI CAMINHAO)","Equipamento para Aquisição Permanente","UN","0,0029056","","85.950,00","","249,74","",249.74049588410401,"0,00%",5585213.4755648896,"99,81%"]
["00040412","SINAPI",null,"ACOPLAMENTO RIGIDO EM FERRO FUNDIDO PARA SISTEMA DE TUBULACAO RANHURADA, DN 80 MM (3\")","Material","UN","9,9881048","","24,95","","249,20","",249.203215269738,"0,00%",5585462.6787801599,"99,82%"]
["00010411","SINAPI",null,"VALVULA DE RETENCAO HORIZONTAL, DE BRONZE (PN-25), 1 1/4\", 400 PSI, TAMPA DE PORCA DE UNIAO, EXTREMIDADES COM ROSCA","Material","UN","0,9988105","","238,02","","237,74","",237.73687093588401,"0,00%",5585700.4156510904,"99,82%"]
["00006193","SINAPI",null,"TABUA NAO APARELHADA *2,5 X 20* CM, EM MACARANDUBA/MASSARANDUBA, ANGELIM OU EQUIVALENTE DA REGIAO - BRUTA","Material","M","18,6354064","","12,43","","231,64","",231.63810217059299,"0,00%",5585932.0537532596,"99,83%"]
["00040304","SINAPI",null,"PREGO DE ACO POLIDO COM CABECA DUPLA 17 X 27 (2 1/2 X 11)","Material","KG","11,1191978","","20,71","","230,28","",230.278585665832,"0,00%",5586162.3323389301,"99,83%"]
["00006157","SINAPI",null,"VALVULA EM METAL CROMADO PARA PIA AMERICANA 3.1/2 X 1.1/2\"","Material","UN","2,9964314","","73,12","","219,10","",219.099067340961,"0,00%",5586381.4314062698,"99,83%"]
["00038588","SINAPI",null,"MEIO BLOCO DE CONCRETO ESTRUTURAL 14 X 19 X 14 CM, FBK 4,5 MPA (NBR 6136)","Material","UN","86,6567974","","2,49","","215,78","",215.775425580914,"0,00%",5586597.2068318501,"99,84%"]
["00037329","SINAPI",null,"REJUNTE EPOXI, QUALQUER COR","Material","KG","1,7643987","","116,25","","205,11","",205.11135079649901,"0,00%",5586802.31818265,"99,84%"]
["00037411","SINAPI",null,"TELA DE ACO SOLDADA GALVANIZADA/ZINCADA PARA ALVENARIA, FIO D = *1,24 MM, MALHA 25 X 25 MM","Material","m²","11,8433953","","17,08","","202,29","",202.28519156729601,"0,00%",5587004.6033742102,"99,84%"]
["00039809","SINAPI",null,"CAIXA PARA MEDIDOR POLIFASICO, EM POLICARBONATO / TERMOPLASTICO, PARA ALOJAR 1 DISJUNTOR (PADRAO DA CONCESSIONARIA LOCAL)","Material","UN","0,9988105","","199,89","","199,65","",199.652227255583,"0,00%",5587204.2556014704,"99,85%"]
["00039027","SINAPI",null,"PREGO DE ACO POLIDO COM CABECA 19  X 36 (3 1/4  X  9)","Material","KG","11,8608745","","16,77","","198,91","",198.90686493335801,"0,00%",5587403.1624664003,"99,85%"]
["00040275","SINAPI",null,"LOCACAO DE VIGA SANDUICHE METALICA VAZADA PARA TRAVAMENTO DE PILARES, ALTURA DE *8* CM, LARGURA DE *6* CM E EXTENSAO DE 2 M","Equipamento","UNXMES","9,5032123","","20,00","","190,06","",190.064245914259,"0,00%",5587593.22671232,"99,86%"]
["00006138","SINAPI",null,"ANEL DE VEDACAO, PVC FLEXIVEL, 100 MM, PARA SAIDA DE BACIA / VASO SANITARIO","Material","UN","15,9809677","","11,86","","189,53","",189.53427707248699,"0,00%",5587782.7609893903,"99,86%"]
["00007319","SINAPI",null,"TINTA ASFALTICA IMPERMEABILIZANTE DISPERSA EM AGUA, PARA MATERIAIS CIMENTICIOS","Material","L","9,3464690","","19,86","","185,62","",185.620873679971,"0,00%",5587968.3818630697,"99,86%"]
["00034709","SINAPI",null,"DISJUNTOR TERMOMAGNETICO PARA TRILHO DIN (IEC), TRIPOLAR, 10 - 50 A","Material","UN","2,9964314","","61,76","","185,06","",185.05960611293401,"0,00%",5588153.4414691804,"99,87%"]
["00011950","SINAPI",null,"BUCHA DE NYLON SEM ABA S6, COM PARAFUSO DE 4,20 X 40 MM EM ACO ZINCADO COM ROSCA SOBERBA, CABECA CHATA E FENDA PHILLIPS","Material","UN","911,1409108","","0,20","","182,23","",182.22818215368,"0,00%",5588335.6696513398,"99,87%"]
["00034547","SINAPI",null,"TELA DE ACO SOLDADA GALVANIZADA/ZINCADA PARA ALVENARIA, FIO D = *1,20 A 1,70* MM, MALHA 15 X 15 MM, (C X L) *50 X 12* CM","Material","M","47,5408819","","3,69","","175,43","",175.42585428127001,"0,00%",5588511.0955056204,"99,87%"]
["00000122","SINAPI",null,"ADESIVO PLASTICO PARA PVC, FRASCO COM *850* GR","Material","UN","2,6870998","","64,63","","173,67","",173.66726264888399,"0,00%",5588684.7627682704,"99,87%"]
["00013896","SINAPI",null,"VIBRADOR DE IMERSAO, DIAMETRO DA PONTEIRA DE *45* MM, COM MOTOR ELETRICO TRIFASICO DE 2 HP (2 CV)","Equipamento para Aquisição Permanente","UN","0,0507125","","3.390,99","","171,97","",171.96570839741401,"0,00%",5588856.7284766603,"99,88%"]
["00038060","SINAPI",null,"BASE PARA MASTRO DE PARA-RAIOS DIAMETRO NOMINAL 1 1/2\"","Material","UN","2,9964314","","55,24","","165,52","",165.52287308417201,"0,00%",5589022.25134975,"99,88%"]
["00040417","SINAPI",null,"CURVA 90 GRAUS RANHURADA EM FERRO FUNDIDO, DN 80 MM (3\")","Material","UN","4,9940524","","32,76","","163,61","",163.60515695864899,"0,00%",5589185.8565067099,"99,88%"]
["00004377","SINAPI",null,"PARAFUSO DE ACO ZINCADO COM ROSCA SOBERBA, CABECA CHATA E FENDA SIMPLES, DIAMETRO 4,2 MM, COMPRIMENTO * 32 * MM","Material","UN","734,0418042","","0,22","","161,49","",161.48919692865101,"0,00%",5589347.34570364,"99,89%"]
["00039321","SINAPI",null,"TERMINAL DE VENTILACAO, 100 MM, SERIE NORMAL, ESGOTO PREDIAL","Material","UN","9,9881048","","15,92","","159,01","",159.01062874125199,"0,00%",5589506.3563323803,"99,89%"]
["00043475","SINAPI",null,"FERRAMENTAS - FAMILIA ENCARREGADO GERAL - MENSALISTA (ENCARGOS COMPLEMENTARES - COLETADO CAIXA)","Material","MES","9,9881048","","15,46","","154,42","",154.416100523854,"0,00%",5589660.7724329,"99,89%"]
["00001966","SINAPI",null,"CURVA PVC CURTA 90 GRAUS, DN 100 MM, PARA ESGOTO PREDIAL","Material","UN","8,9892943","","16,93","","152,19","",152.188753148898,"0,00%",5589812.9611860504,"99,89%"]
["00007293","SINAPI",null,"TINTA ESMALTE SINTETICO PREMIUM DE DUPLA ACAO GRAFITE FOSCO PARA SUPERFICIES METALICAS FERROSAS","Material","L","4,5661620","","31,62","","144,38","",144.38204243076501,"0,00%",5589957.3432284798,"99,90%"]
["00003459","SINAPI",null,"COTOVELO 90 GRAUS DE FERRO GALVANIZADO, COM ROSCA BSP, DE 3\"","Material","UN","0,9988105","","142,98","","142,81","",142.80992272251299,"0,00%",5590100.1531512002,"99,90%"]
["00040287","SINAPI",null,"LOCACAO DE BARRA DE ANCORAGEM DE 0,80 A 1,20 M DE EXTENSAO, COM ROSCA DE 5/8\", INCLUINDO PORCA E FLANGE","Equipamento","MES","18,9822434","","7,36","","139,71","",139.709311347865,"0,00%",5590239.8624625504,"99,90%"]
["00003670","SINAPI",null,"JUNCAO SIMPLES, PVC, 45 GRAUS, DN 100 X 100 MM, SERIE NORMAL PARA ESGOTO PREDIAL","Material","UN","7,9904839","","17,44","","139,35","",139.35403845464501,"0,00%",5590379.2165010003,"99,91%"]
["00020247","SINAPI",null,"PREGO DE ACO POLIDO COM CABECA 15 X 15 (1 1/4 X 13)","Material","KG","7,4462225","","18,58","","138,35","",138.350814904077,"0,00%",5590517.56731591,"99,91%"]
["00044945","SINAPI",null,"SIFAO / TUBO SINFONADO EXTENSIVEL/SANFONADO, UNIVERSAL/ SIMPLES, ENTRE *50 A 70* CM, DE PLASTICO BRANCO","Material","UN","13,9833467","","9,20","","128,65","",128.64679008714299,"0,00%",5590646.214106,"99,91%"]
["00009888","SINAPI",null,"UNIAO DE FERRO GALVANIZADO, COM ROSCA BSP, COM ASSENTO PLANO, DE 1 1/4\"","Material","UN","1,9976210","","62,13","","124,11","",124.112190498668,"0,00%",5590770.3262964897,"99,91%"]
["00012899","SINAPI",null,"MANOMETRO COM CAIXA EM ACO PINTADO, ESCALA *10* KGF/CM2 (*10* BAR), DIAMETRO NOMINAL DE *63* MM, CONEXAO DE 1/4\"","Material","UN","0,9988105","","122,65","","122,50","",122.504105622579,"0,00%",5590892.83040212,"99,91%"]
["00020147","SINAPI",null,"JOELHO PVC, SOLDAVEL, COM BUCHA DE LATAO, 90 GRAUS, 25 MM X 1/2\", PARA AGUA FRIA PREDIAL","Material","UN","26,9678830","","4,51","","121,63","",121.625152398381,"0,00%",5591014.4555545198,"99,92%"]
["00003662","SINAPI",null,"JUNCAO SIMPLES, PVC, 45 GRAUS, DN 50 X 50 MM, SERIE NORMAL PARA ESGOTO PREDIAL","Material","UN","16,9797782","","7,16","","121,58","",121.575211874278,"0,00%",5591136.0307663903,"99,92%"]
["00037591","SINAPI",null,"SUPORTE MAO-FRANCESA EM ACO, ABAS IGUAIS 40 CM, CAPACIDADE MINIMA 70 KG, BRANCO","Material","UN","5,9928629","","20,27","","121,48","",121.475330826074,"0,00%",5591257.5060972199,"99,92%"]
["00037596","SINAPI",null,"ARGAMASSA COLANTE TIPO AC III E","Material","KG","36,1960928","","3,31","","119,81","",119.80906723702699,"0,00%",5591377.3151644496,"99,92%"]
["00038113","SINAPI",null,"INTERRUPTOR PARALELO 10A, 250V (APENAS MODULO)","Material","UN","11,9857258","","9,93","","119,02","",119.018257040248,"0,00%",5591496.3334214902,"99,93%"]
["00003729","SINAPI",null,"KIT CAVALETE, PVC, COM REGISTRO, PARA HIDROMETRO, BITOLAS 1/2\" OU 3/4\" - COMPLETO","Material","UN","0,9988105","","116,87","","116,73","",116.73098103637,"0,00%",5591613.06440253,"99,93%"]
["00011882","SINAPI",null,"CAIXA PARA HIDROMETRO CONCRETO PRE MOLDADO, *0,24 M X 0,45 M X 0,30* M (L X C X A)","Material","UN","0,9988105","","114,80","","114,66","",114.663443338541,"0,00%",5591727.72784587,"99,93%"]
["00010900","SINAPI",null,"ADAPTADOR EM LATAO, ENGATE RAPIDO1 1/2\" X ROSCA INTERNA 5 FIOS 2 1/2\", PARA INSTALACAO PREDIAL DE COMBATE A INCENDIO","Material","UN","0,9988105","","113,39","","113,26","",113.25512055886,"0,00%",5591840.9829664296,"99,93%"]
["00010908","SINAPI",null,"JUNCAO DE REDUCAO INVERTIDA, PVC SOLDAVEL, 100 X 50 MM, SERIE NORMAL PARA ESGOTO PREDIAL","Material","UN","7,9904839","","13,85","","110,67","",110.66820141036899,"0,00%",5591951.6511678398,"99,93%"]
["00002433","SINAPI",null,"DOBRADICA EM ACO/FERRO, 3\" X 2 1/2\", E= 1,2 A 1,8 MM, SEM ANEL, CROMADO OU ZINCADO, TAMPA CHATA, COM PARAFUSOS","Material","UN","17,9785887","","6,12","","110,03","",110.028962701861,"0,00%",5592061.6801305404,"99,94%"]
["00003378","SINAPI",null,"HASTE DE ATERRAMENTO EM ACO COM 3,00 M DE COMPRIMENTO E DN = 3/4\", REVESTIDA COM BAIXA CAMADA DE COBRE, SEM CONECTOR","Material","UN","0,9988105","","109,82","","109,69","",109.689367137966,"0,00%",5592171.3694976801,"99,94%"]
["00011033","SINAPI",null,"SUPORTE PARA CALHA DE 150 MM EM ACO GALVANIZADO","Material","UN","14,4930397","","7,38","","106,96","",106.95863326340699,"0,00%",5592278.32813094,"99,94%"]
["00005073","SINAPI",null,"PREGO DE ACO POLIDO COM CABECA 17 X 24 (2 1/4 X 11)","Material","KG","5,8550480","","17,11","","100,18","",100.17987163514201,"0,00%",5592378.5080025801,"99,94%"]
["00007304","SINAPI",null,"TINTA EPOXI BASE AGUA PREMIUM, BRANCA","Material","L","1,6780016","","58,96","","98,93","",98.934974915712502,"0,00%",5592477.4429774899,"99,94%"]
["00011055","SINAPI",null,"PARAFUSO ROSCA SOBERBA ZINCADO CABECA CHATA FENDA SIMPLES 3,5 X 25 MM (1 \")","Material","UN","1.226,1397478","","0,08","","98,09","",98.091179820482594,"0,00%",5592575.5341573097,"99,94%"]
["00006141","SINAPI",null,"ENGATE/RABICHO FLEXIVEL PLASTICO (PVC OU ABS) BRANCO 1/2\" X 30 CM","Material","UN","16,9797782","","5,56","","94,41","",94.407566762707901,"0,00%",5592669.9417240797,"99,95%"]
["00040271","SINAPI",null,"LOCACAO DE APRUMADOR METALICO DE PILAR, COM ALTURA E ANGULO REGULAVEIS, EXTENSAO DE *1,50* A *2,80* M","Equipamento","UNXMES","4,7395155","","19,13","","90,67","",90.666932413561696,"0,00%",5592760.6086564902,"99,95%"]
["00001368","SINAPI",null,"CHUVEIRO COMUM EM PLASTICO BRANCO, COM CANO, 3 TEMPERATURAS, 5500 W (110/220 V)","Material","UN","0,9988105","","89,00","","88,89","",88.894132901830304,"0,00%",5592849.5027893903,"99,95%"]
["00039808","SINAPI",null,"CAIXA PARA MEDIDOR MONOFASICO, EM POLICARBONATO / TERMOPLASTICO, PARA ALOJAR 1 DISJUNTOR (PADRAO DA CONCESSIONARIA LOCAL)","Material","UN","0,9988105","","84,27","","84,17","",84.169759321766705,"0,00%",5592933.6725487104,"99,95%"]
["00004417","SINAPI",null,"SARRAFO NAO APARELHADO *2,5 X 7* CM, EM MACARANDUBA/MASSARANDUBA, ANGELIM, PEROBA-ROSA OU EQUIVALENTE DA REGIAO - BRUTA","Material","M","17,5790645","","4,78","","84,03","",84.027928233316601,"0,00%",5593017.70047695,"99,95%"]
["00010418","SINAPI",null,"VALVULA DE RETENCAO VERTICAL, DE BRONZE (PN-16), 1\", 200 PSI, EXTREMIDADES COM ROSCA","Material","UN","0,9988105","","81,93","","81,83","",81.832542793786004,"0,00%",5593099.5330197401,"99,95%"]
["00006017","SINAPI",null,"REGISTRO GAVETA BRUTO EM LATAO FORJADO, BITOLA 1 1/4\"","Material","UN","0,9988105","","81,61","","81,51","",81.512923439532301,"0,00%",5593181.0459431801,"99,96%"]
["00038383","SINAPI",null,"LIXA D'AGUA EM FOLHA, COR PRETA, GRAO 100","Material","UN","36,4280086","","2,13","","77,59","",77.591658369760196,"0,00%",5593258.6376015497,"99,96%"]
["00043464","SINAPI",null,"FERRAMENTAS - FAMILIA OPERADOR ESCAVADEIRA - HORISTA (ENCARGOS COMPLEMENTARES - COLETADO CAIXA)","Material","H","7.513,2130467","","0,01","","75,13","",75.132130466809699,"0,00%",5593333.7697320199,"99,96%"]
["00038193","SINAPI",null,"LAMPADA LED 6 W BIVOLT BRANCA, FORMATO TRADICIONAL (BASE E27)","Material","UN","13,9833467","","5,21","","72,85","",72.853236560219102,"0,00%",5593406.6229685703,"99,96%"]
["00039995","SINAPI",null,"POLIESTIRENO EXPANDIDO/EPS (ISOPOR), TIPO 2F, BLOCO","Material","m³","0,1493287","","439,92","","65,69","",65.692690177825398,"0,00%",5593472.31565875,"99,96%"]
["00039026","SINAPI",null,"PREGO DE ACO POLIDO SEM CABECA 15 X 15 (1 1/4 X 13)","Material","KG","3,3643932","","18,87","","63,49","",63.486100206958803,"0,00%",5593535.8017589599,"99,96%"]
["00001933","SINAPI",null,"CURVA PVC CURTA 90 GRAUS, DN 40 MM, PARA ESGOTO PREDIAL","Material","UN","16,9797782","","3,65","","61,98","",61.976190410770499,"0,00%",5593597.7779493704,"99,96%"]
["00037731","SINAPI",null,"CARROCERIA FIXA ABERTA DE MADEIRA PARA TRANSPORTE GERAL DE CARGA SECA DIMENSOES APROXIMADAS 2,5 X 7,00 X 0,50 M (INCLUI MONTAGEM, NAO INCLUI CAMINHAO)","Material","UN","0,0018710","","32.227,10","","60,30","",60.297173242262097,"0,00%",5593658.0751226097,"99,96%"]
["00006019","SINAPI",null,"REGISTRO GAVETA BRUTO EM LATAO FORJADO, BITOLA 1\"","Material","UN","0,9988105","","59,88","","59,81","",59.808771664737101,"0,00%",5593717.8838942796,"99,96%"]
["00003518","SINAPI",null,"JOELHO PVC, SOLDAVEL, PB, 45 GRAUS, DN 50 MM, PARA ESGOTO PREDIAL","Material","UN","20,9750201","","2,75","","57,68","",57.6813053379854,"0,00%",5593775.5651996201,"99,97%"]
["00004180","SINAPI",null,"NIPLE DE FERRO GALVANIZADO, COM ROSCA BSP, DE 1 1/4\"","Material","UN","2,9964314","","18,99","","56,90","",56.902233161991802,"0,00%",5593832.4674327802,"99,97%"]
["00038021","SINAPI",null,"LUVA DE CORRER PARA TUBO SOLDAVEL, PVC, 32 MM, PARA AGUA FRIA PREDIAL","Material","UN","2,9964314","","18,46","","55,31","",55.314124495543403,"0,00%",5593887.7815572703,"99,97%"]
["00004096","SINAPI",null,"MOTORISTA OPERADOR DE CAMINHAO COM MUNCK (HORISTA)","Mão de Obra","H","2,4242045","","22,64","","54,88","",54.883989676380097,"0,00%",5593942.66554695,"99,97%"]
["00002692","SINAPI",null,"DESMOLDANTE PROTETOR PARA FORMAS DE MADEIRA, DE BASE OLEOSA EMULSIONADA EM AGUA","Material","L","7,4286356","","7,25","","53,86","",53.857607744230798,"0,00%",5593996.5231546899,"99,97%"]
["00000345","SINAPI",null,"ARAME GALVANIZADO 18 BWG, D = 1,24MM (0,009 KG/M)","Material","KG","1,5191907","","33,95","","51,58","",51.576525731214304,"0,00%",5594048.09968042,"99,97%"]
["00003526","SINAPI",null,"JOELHO PVC, SOLDAVEL, PB, 90 GRAUS, DN 50 MM, PARA ESGOTO PREDIAL","Material","UN","22,9726411","","2,22","","51,00","",50.999263213117501,"0,00%",5594099.0989436395,"99,97%"]
["00001958","SINAPI",null,"CURVA DE PVC 90 GRAUS, SOLDAVEL, 40 MM, COR MARROM, PARA AGUA FRIA PREDIAL","Material","UN","4,9940524","","10,13","","50,59","",50.589750915479797,"0,00%",5594149.6886945497,"99,97%"]
["00001932","SINAPI",null,"CURVA PVC CURTA 90 GRAUS, DN 50 MM, PARA ESGOTO PREDIAL","Material","UN","5,9928629","","8,35","","50,04","",50.0404051503562,"0,00%",5594199.7290997002,"99,97%"]
["00006142","SINAPI",null,"CONJUNTO DE LIGACAO AJUSTAVEL, PARA VASO / BACIA SANITARIA, EM PLASTICO BRANCO, COM TUBO, CANOPLA E ESPUDE","Material","UN","5,9928629","","8,30","","49,74","",49.7407620057432,"0,00%",5594249.4698617104,"99,97%"]
["00002446","SINAPI",null,"ELETRODUTO/DUTO PEAD FLEXIVEL PAREDE SIMPLES, CORRUGACAO HELICOIDAL, COR PRETA, SEM ROSCA, DE 2\", CRC 680 N, PARA CABEAMENTO SUBTERRANEO (NBR 15715)","Material","M","6,9217566","","7,15","","49,49","",49.490559979991502,"0,00%",5594298.9604216898,"99,98%"]
["00003363","SINAPI",null,"GUINDAUTO HIDRAULICO, CAPACIDADE MAXIMA DE CARGA 6200 KG, MOMENTO MAXIMO DE CARGA 11,7 TM, ALCANCE MAXIMO HORIZONTAL 9,70 M, PARA MONTAGEM SOBRE CHASSI DE CAMINHAO PBT MINIMO 13000 KG (INCLUI MONTAGEM, NAO INCLUI CAMINHAO)","Equipamento para Aquisição Permanente","UN","0,0003439","","143.450,00","","49,34","",49.338191560813101,"0,00%",5594348.2986132503,"99,98%"]
["00003520","SINAPI",null,"JOELHO PVC, SOLDAVEL, PB, 90 GRAUS, DN 100 MM, PARA ESGOTO PREDIAL","Material","UN","7,9904839","","6,03","","48,18","",48.182617653756097,"0,00%",5594396.4812308997,"99,98%"]
["00002680","SINAPI",null,"ELETRODUTO DE PVC RIGIDO ROSCAVEL DE 1 1/2 \", SEM LUVA","Material","M","3,2960746","","14,24","","46,94","",46.9361021721664,"0,00%",5594443.4173330804,"99,98%"]
["00044503","SINAPI",null,"JARDINEIRO (HORISTA)","Mão de Obra","H","2,7807876","","15,67","","43,57","",43.574941126135599,"0,00%",5594486.9922741996,"99,98%"]
["00001970","SINAPI",null,"CURVA PVC LONGA 90 GRAUS, DN 100 MM, PARA ESGOTO PREDIAL","Material","UN","0,9988105","","42,32","","42,27","",42.269659600061303,"0,00%",5594529.2619337998,"99,98%"]
["00007139","SINAPI",null,"TE SOLDAVEL, PVC, 90 GRAUS, 25 MM, PARA AGUA FRIA PREDIAL (NBR 5648)","Material","UN","38,9536088","","1,01","","39,34","",39.343144887675201,"0,00%",5594568.6050786898,"99,98%"]
["00009886","SINAPI",null,"UNIAO DE FERRO GALVANIZADO, COM ROSCA BSP, COM ASSENTO PLANO, DE 1\"","Material","UN","0,9988105","","37,13","","37,09","",37.085833198258001,"0,00%",5594605.69091189,"99,98%"]
["00003148","SINAPI",null,"FITA VEDA ROSCA, EM PTFE, ROLO DE 18 MM X 50 M (L X C)","Material","UN","2,1058920","","17,51","","36,87","",36.874169276145302,"0,00%",5594642.5650811698,"99,98%"]
["00003533","SINAPI",null,"JOELHO DE REDUCAO, PVC SOLDAVEL, 90 GRAUS, 25 MM X 20 MM, COR MARROM, PARA AGUA FRIA PREDIAL","Material","UN","15,9809677","","2,30","","36,76","",36.756225739183797,"0,00%",5594679.3213069001,"99,98%"]
["00003536","SINAPI",null,"JOELHO PVC, SOLDAVEL, 90 GRAUS, 32 MM, COR MARROM, PARA AGUA FRIA PREDIAL","Material","UN","17,9785887","","2,04","","36,68","",36.676320900620297,"0,00%",5594715.9976278003,"99,98%"]
["00009885","SINAPI",null,"UNIAO DE FERRO GALVANIZADO, COM ROSCA BSP, COM ASSENTO PLANO, DE 3/4\"","Material","UN","0,9988105","","35,90","","35,86","",35.857296305345002,"0,00%",5594751.8549241098,"99,98%"]
["00007091","SINAPI",null,"TE SANITARIO, PVC, DN 100 X 100 MM, SERIE NORMAL, PARA ESGOTO PREDIAL","Material","UN","2,9964314","","11,61","","34,79","",34.788569089558997,"0,00%",5594786.6434931997,"99,98%"]
["00001570","SINAPI",null,"TERMINAL A COMPRESSAO EM COBRE ESTANHADO PARA CABO 2,5 MM2, 1 FURO E 1 COMPRESSAO, PARA PARAFUSO DE FIXACAO M5","Material","UN","30,9631249","","1,06","","32,82","",32.820912439934197,"0,00%",5594819.46440564,"99,98%"]
["00020971","SINAPI",null,"CHAVE DUPLA PARA CONEXOES TIPO STORZ, ENGATE RAPIDO 1 1/2\" X 2 1/2\", EM LATAO, PARA INSTALACAO PREDIAL COMBATE A INCENDIO","Material","UN","0,9988105","","31,49","","31,45","",31.452542079535199,"0,00%",5594850.9169477196,"99,98%"]
["00007141","SINAPI",null,"TE SOLDAVEL, PVC, 90 GRAUS, 40 MM, PARA AGUA FRIA PREDIAL (NBR 5648)","Material","UN","3,9952419","","7,77","","31,04","",31.043029781897602,"0,00%",5594881.9599775001,"99,99%"]
["00043474","SINAPI",null,"FERRAMENTAS - FAMILIA ENGENHEIRO CIVIL - MENSALISTA (ENCARGOS COMPLEMENTARES - COLETADO CAIXA)","Material","MES","12,4851310","","2,35","","29,34","",29.340057910014199,"0,00%",5594911.3000354096,"99,99%"]
["00003517","SINAPI",null,"JOELHO PVC, SOLDAVEL, BB, 90 GRAUS, SEM ANEL, DN 40 MM, PARA ESGOTO PREDIAL SECUNDARIO","Material","UN","17,9785887","","1,53","","27,51","",27.507240675465201,"0,00%",5594938.8072760897,"99,99%"]
["00003457","SINAPI",null,"COTOVELO 90 GRAUS DE FERRO GALVANIZADO, COM ROSCA BSP, DE 1 1/4\"","Material","UN","0,9988105","","27,25","","27,22","",27.217585635672801,"0,00%",5594966.0248617204,"99,99%"]
["00004257","SINAPI",null,"OPERADOR DE MARTELETE OU MARTELETEIRO (HORISTA)","Mão de Obra","H","1,6884209","","15,88","","26,81","",26.812124147985401,"0,00%",5594992.8369858703,"99,99%"]
["00003528","SINAPI",null,"JOELHO PVC, SOLDAVEL, PB, 45 GRAUS, DN 100 MM, PARA ESGOTO PREDIAL","Material","UN","3,9952419","","6,64","","26,53","",26.528406403063101,"0,00%",5595019.3653922696,"99,99%"]
["00004206","SINAPI",null,"NIPLE DE REDUCAO DE FERRO GALVANIZADO, COM ROSCA BSP, DE 1 1/4\" X 1\"","Material","UN","0,9988105","","26,03","","26,00","",25.9990368475803,"0,00%",5595045.36442912,"99,99%"]
["00005075","SINAPI",null,"PREGO DE ACO POLIDO COM CABECA 18 X 30 (2 3/4 X 10)","Material","KG","1,3424013","","16,78","","22,53","",22.5254936103888,"0,00%",5595067.8899227297,"99,99%"]
["00003666","SINAPI",null,"JUNCAO SIMPLES, PVC, 45 GRAUS, DN 40 X 40 MM, SERIE NORMAL PARA ESGOTO PREDIAL","Material","UN","7,9904839","","2,74","","21,89","",21.893925766383401,"0,00%",5595089.7838484999,"99,99%"]
["00011670","SINAPI",null,"REGISTRO DE ESFERA, PVC, COM VOLANTE, VS, ROSCAVEL, DN 1/2\", COM CORPO DIVIDIDO","Material","UN","0,9988105","","21,14","","21,11","",21.114853590389799,"0,00%",5595110.8987020897,"99,99%"]
["00003873","SINAPI",null,"LUVA DE CORRER PARA TUBO SOLDAVEL, PVC, 25 MM, PARA AGUA FRIA PREDIAL","Material","UN","1,9976210","","10,40","","20,78","",20.775258026495202,"0,00%",5595131.6739601102,"99,99%"]
["00014618","SINAPI",null,"SERRA CIRCULAR DE BANCADA COM MOTOR ELETRICO, POTENCIA DE *1600* W, PARA DISCO DE DIAMETRO DE 10\" (250 MM)","Equipamento para Aquisição Permanente","UN","0,0142882","","1.384,35","","19,78","",19.779871014036001,"0,00%",5595151.4538311297,"99,99%"]
["00007698","SINAPI",null,"TUBO ACO GALVANIZADO COM COSTURA, CLASSE MEDIA, DN 1.1/4\", E = *3,25* MM, PESO *3,14* KG/M (NBR 5580)","Material","M","0,4151056","","46,42","","19,27","",19.2692036387675,"0,00%",5595170.7230347702,"99,99%"]
["00000095","SINAPI",null,"ADAPTADOR PVC SOLDAVEL, COM FLANGE E ANEL DE VEDACAO, 20 MM X 1/2\", PARA CAIXA D'AGUA","Material","UN","1,9976210","","9,54","","19,06","",19.057303997381101,"0,00%",5595189.7803387605,"99,99%"]
["00001575","SINAPI",null,"TERMINAL A COMPRESSAO EM COBRE ESTANHADO PARA CABO 16 MM2, 1 FURO E 1 COMPRESSAO, PARA PARAFUSO DE FIXACAO M6","Material","UN","8,9892943","","2,12","","19,06","",19.057303997381101,"0,00%",5595208.83764276,"99,99%"]
["00007140","SINAPI",null,"TE SOLDAVEL, PVC, 90 GRAUS, 32 MM, PARA AGUA FRIA PREDIAL (NBR 5648)","Material","UN","5,9928629","","3,18","","19,06","",19.057303997381101,"0,00%",5595227.8949467596,"99,99%"]
["00012815","SINAPI",null,"FITA CREPE ROLO DE *25* MM X 50 M","Material","UN","2,0975020","","8,74","","18,33","",18.332167587417899,"0,00%",5595246.2271143496,"99,99%"]
["00003472","SINAPI",null,"COTOVELO 90 GRAUS DE FERRO GALVANIZADO, COM ROSCA BSP, DE 1\"","Material","UN","0,9988105","","17,39","","17,37","",17.3693142827284,"0,00%",5595263.5964286299,"99,99%"]
["00001578","SINAPI",null,"TERMINAL A COMPRESSAO EM COBRE ESTANHADO PARA CABO 50 MM2, 1 FURO E 1 COMPRESSAO, PARA PARAFUSO DE FIXACAO M8","Material","UN","2,9964314","","5,74","","17,20","",17.199516500781101,"0,00%",5595280.7959451303,"99,99%"]
["00004350","SINAPI",null,"BUCHA DE NYLON, DIAMETRO DO FURO 8 MM, COMPRIMENTO 40 MM, COM PARAFUSO DE ROSCA SOBERBA, CABECA CHATA, FENDA SIMPLES, 4,8 X 50 MM","Material","UN","21,9738306","","0,78","","17,14","",17.139587871858499,"0,00%",5595297.9355330002,"99,99%"]
["00006036","SINAPI",null,"REGISTRO DE ESFERA PVC, COM BORBOLETA, COM ROSCA EXTERNA, DE 1/2\"","Material","UN","0,9988105","","17,02","","17,00","",16.999754404372499,"0,00%",5595314.9352874104,"99,99%"]
["00001571","SINAPI",null,"TERMINAL A COMPRESSAO EM COBRE ESTANHADO PARA CABO 4 MM2, 1 FURO E 1 COMPRESSAO, PARA PARAFUSO DE FIXACAO M5","Material","UN","11,9857258","","1,38","","16,54","",16.540301582632701,"0,00%",5595331.4755889904,"99,99%"]
["00004189","SINAPI",null,"NIPLE DE REDUCAO DE FERRO GALVANIZADO, COM ROSCA BSP, DE 1\" X 3/4\"","Material","UN","0,9988105","","15,71","","15,69","",15.6913126728961,"0,00%",5595347.1669016602,"99,99%"]
["00003535","SINAPI",null,"JOELHO PVC, SOLDAVEL, 90 GRAUS, 40 MM, COR MARROM, PARA AGUA FRIA PREDIAL","Material","UN","2,9964314","","4,97","","14,89","",14.8922642872617,"0,00%",5595362.0591659499,"99,99%"]
["00004734","SINAPI",null,"SEIXO ROLADO PARA APLICACAO EM CONCRETO (POSTO PEDREIRA/FORNECEDOR, SEM FRETE)","Material","m³","0,0659221","","222,22","","14,65","",14.649207084493,"0,00%",5595376.7083730297,"99,99%"]
["00005330","SINAPI",null,"DILUENTE EPOXI","Material","L","0,3146253","","45,93","","14,45","",14.4507401136746,"0,00%",5595391.1591131501,"99,99%"]
["00003146","SINAPI",null,"FITA VEDA ROSCA, EM PTFE, ROLO DE 18 MM X 10 M (L X C)","Material","UN","2,8833661","","4,75","","13,70","",13.6959889729187,"0,00%",5595404.85510212,"99,99%"]
["00005066","SINAPI",null,"PREGO DE ACO POLIDO COM CABECA 12 X 12","Material","KG","0,6152673","","22,11","","13,60","",13.6035590509105,"0,00%",5595418.4586611697,"100,00%"]
["00003524","SINAPI",null,"JOELHO PVC, SOLDAVEL, COM BUCHA DE LATAO, 90 GRAUS, 25 MM X 3/4\", PARA AGUA FRIA PREDIAL","Material","UN","1,9976210","","6,79","","13,56","",13.5638463461444,"0,00%",5595432.0225075204,"100,00%"]
["00013887","SINAPI",null,"DISCO DE CORTE DIAMANTADO SEGMENTADO PARA CONCRETO/ASFALTO, DIAMETRO DE *350* MM, FURO DE 25,40 MM","Material","UN","0,0348641","","388,28","","13,54","",13.537024657021901,"0,00%",5595445.5595321702,"100,00%"]
["00020086","SINAPI",null,"BUCHA DE REDUCAO DE PVC, SOLDAVEL, LONGA, 50 X 40 MM, PARA ESGOTO PREDIAL","Material","UN","5,9928629","","2,24","","13,42","",13.424012878658401,"0,00%",5595458.98354505,"100,00%"]
["00003538","SINAPI",null,"JOELHO DE REDUCAO, PVC SOLDAVEL, 90 GRAUS, 32 MM X 25 MM, COR MARROM, PARA AGUA FRIA PREDIAL","Material","UN","2,9964314","","4,36","","13,06","",13.064441105122899,"0,00%",5595472.04798616,"100,00%"]
["00004179","SINAPI",null,"NIPLE DE FERRO GALVANIZADO, COM ROSCA BSP, DE 1\"","Material","UN","0,9988105","","12,90","","12,88","",12.884655218355199,"0,00%",5595484.9326413795,"100,00%"]
["00002685","SINAPI",null,"ELETRODUTO DE PVC RIGIDO ROSCAVEL DE 1 \", SEM LUVA","Material","M","1,3205273","","9,73","","12,85","",12.848731001747501,"0,00%",5595497.7813723804,"100,00%"]
["00000109","SINAPI",null,"ADAPTADOR PVC SOLDAVEL CURTO COM BOLSA E ROSCA, 40 MM X 1 1/4\", PARA AGUA FRIA","Material","UN","3,9952419","","3,12","","12,47","",12.465154815897099,"0,00%",5595510.2465271903,"100,00%"]
["00011741","SINAPI",null,"RALO SIFONADO CILINDRICO, PVC, 100 X 40 MM, COM GRELHA REDONDA BRANCA","Material","UN","0,9988105","","12,35","","12,34","",12.335309453231501,"0,00%",5595522.5818366501,"100,00%"]
["00003529","SINAPI",null,"JOELHO PVC, SOLDAVEL, 90 GRAUS, 25 MM, COR MARROM, PARA AGUA FRIA PREDIAL","Material","UN","18,9773992","","0,61","","11,58","",11.5762134868788,"0,00%",5595534.1580501301,"100,00%"]
["00000416","SINAPI",null,"GRAMPO METALICO TIPO OLHAL PARA HASTE DE ATERRAMENTO DE 3/4\", CONDUTOR DE *10* A 50 MM2","Material","UN","0,9988105","","11,36","","11,35","",11.3464870760089,"0,00%",5595545.5045372099,"100,00%"]
["00000065","SINAPI",null,"ADAPTADOR PVC SOLDAVEL CURTO COM BOLSA E ROSCA, 25 MM X 3/4\", PARA AGUA FRIA","Material","UN","14,9821572","","0,75","","11,24","",11.2366179229842,"0,00%",5595556.7411551299,"100,00%"]
["00001957","SINAPI",null,"CURVA DE PVC 90 GRAUS, SOLDAVEL, 32 MM, COR MARROM, PARA AGUA FRIA PREDIAL","Material","UN","1,9976210","","5,44","","10,87","",10.8670580446282,"0,00%",5595567.6082131797,"100,00%"]
["00001414","SINAPI",null,"COLAR TOMADA PVC, COM TRAVAS, SAIDA COM ROSCA, DE 60 MM X 1/2\" OU 60 MM X 3/4\", PARA LIGACAO PREDIAL DE AGUA","Material","UN","0,9988105","","10,87","","10,86","",10.857069939807801,"0,00%",5595578.4652831201,"100,00%"]
["00021010","SINAPI",null,"TUBO ACO GALVANIZADO COM COSTURA, CLASSE LEVE, DN 25 MM (1\"), E = 2,65 MM, *2,11* KG/M (NBR 5580)","Material","M","0,3113292","","33,45","","10,41","",10.413962651606701,"0,00%",5595588.8792457702,"100,00%"]
["00005069","SINAPI",null,"PREGO DE ACO POLIDO COM CABECA 17 X 27 (2 1/2 X 11)","Material","KG","0,5267726","","17,11","","9,01","",9.0130800112067107,"0,00%",5595597.8923257804,"100,00%"]
["00009837","SINAPI",null,"TUBO PVC SERIE NORMAL, DN 75 MM, PARA ESGOTO PREDIAL (NBR 5688)","Material","M","0,8745255","","10,24","","8,96","",8.9551410926691908,"0,00%",5595606.8474668702,"100,00%"]
["00003854","SINAPI",null,"LUVA DE CORRER PARA TUBO SOLDAVEL, PVC, 20 MM, PARA AGUA FRIA PREDIAL","Material","UN","0,9988105","","8,93","","8,92","",8.9193776046443194,"0,00%",5595615.7668444803,"100,00%"]
["00001955","SINAPI",null,"CURVA DE PVC 90 GRAUS, SOLDAVEL, 20 MM, COR MARROM, PARA AGUA FRIA PREDIAL","Material","UN","4,9940524","","1,78","","8,89","",8.8894132901830307,"0,00%",5595624.65625777,"100,00%"]
["00004178","SINAPI",null,"NIPLE DE FERRO GALVANIZADO, COM ROSCA BSP, DE 3/4\"","Material","UN","0,9988105","","8,74","","8,73","",8.7296036130561507,"0,00%",5595633.38586138,"100,00%"]
["00000812","SINAPI",null,"BUCHA DE REDUCAO DE PVC, SOLDAVEL, CURTA, COM 40 X 32 MM, PARA AGUA FRIA PREDIAL","Material","UN","3,9952419","","1,77","","7,07","",7.0715782128646998,"0,00%",5595640.4574395902,"100,00%"]
["00003516","SINAPI",null,"JOELHO PVC, SOLDAVEL, BB, 45 GRAUS, DN 40 MM, PARA ESGOTO PREDIAL","Material","UN","3,9952419","","1,70","","6,79","",6.79191127789265,"0,00%",5595647.24935087,"100,00%"]
["00003502","SINAPI",null,"JOELHO, PVC SOLDAVEL, 45 GRAUS, 40 MM, COR MARROM, PARA AGUA FRIA PREDIAL","Material","UN","0,9988105","","5,02","","5,01","",5.0140286198560498,"0,00%",5595652.26337949,"100,00%"]
["00001956","SINAPI",null,"CURVA DE PVC 90 GRAUS, SOLDAVEL, 25 MM, COR MARROM, PARA AGUA FRIA PREDIAL","Material","UN","1,9976210","","2,51","","5,01","",5.0140286198560498,"0,00%",5595657.27740811,"100,00%"]
["00041898","SINAPI",null,"MARTELO DEMOLIDOR PNEUMATICO MANUAL, PESO DE 28 KG, COM SILENCIADOR","Equipamento para Aquisição Permanente","UN","0,0001626","","24.832,13","","4,04","",4.0385613676190699,"0,00%",5595661.3159694802,"100,00%"]
["00003862","SINAPI",null,"LUVA PVC SOLDAVEL, 40 MM, PARA AGUA FRIA PREDIAL","Material","UN","0,9988105","","3,58","","3,58","",3.5757415257140699,"0,00%",5595664.8917110097,"100,00%"]
["00003542","SINAPI",null,"JOELHO PVC, SOLDAVEL, 90 GRAUS, 20 MM, COR MARROM, PARA AGUA FRIA PREDIAL","Material","UN","6,9916734","","0,50","","3,50","",3.4958366871506299,"0,00%",5595668.3875476904,"100,00%"]
["00040331","SINAPI",null,"ASSENTADOR DE MANILHAS (HORISTA)","Mão de Obra","H","0,3079174","","11,28","","3,47","",3.4733080299478698,"0,00%",5595671.86085572,"100,00%"]
["00000107","SINAPI",null,"ADAPTADOR PVC SOLDAVEL CURTO COM BOLSA E ROSCA, 20 MM X 1/2\", PARA AGUA FRIA","Material","UN","4,9940524","","0,68","","3,40","",3.3959556389463299,"0,00%",5595675.2568113599,"100,00%"]
["00003869","SINAPI",null,"LUVA DE REDUCAO SOLDAVEL, PVC, 32 MM X 25 MM, PARA AGUA FRIA PREDIAL","Material","UN","0,9988105","","2,62","","2,62","",2.6168834629527602,"0,00%",5595677.8736948203,"100,00%"]
["00007109","SINAPI",null,"TE PVC, SOLDAVEL, COM ROSCA NA BOLSA CENTRAL, 90 GRAUS, 20 MM X 1/2\", PARA AGUA FRIA PREDIAL","Material","UN","0,9988105","","2,14","","2,14","",2.1374544315720998,"0,00%",5595680.0111492602,"100,00%"]
["00005104","SINAPI",null,"REBITE DE REPUXO EM ALUMINIO VAZADO, DIAMETRO 3,2 X 8 MM DE COMPRIMENTO (1KG = 1025 UNIDADES)","Material","KG","0,0265684","","74,06","","1,97","",1.9676526543828501,"0,00%",5595681.9788019098,"100,00%"]
["00001926","SINAPI",null,"CURVA DE PVC 45 GRAUS, SOLDAVEL, 20 MM, COR MARROM, PARA AGUA FRIA PREDIAL","Material","UN","0,9988105","","1,84","","1,84","",1.83781128695919,"0,00%",5595683.8166132001,"100,00%"]
["00007138","SINAPI",null,"TE SOLDAVEL, PVC, 90 GRAUS, 20 MM, PARA AGUA FRIA PREDIAL (NBR 5648)","Material","UN","1,9976210","","0,89","","1,78","",1.7778826580366101,"0,00%",5595685.5944958497,"100,00%"]
["00001573","SINAPI",null,"TERMINAL A COMPRESSAO EM COBRE ESTANHADO PARA CABO 6 MM2, 1 FURO E 1 COMPRESSAO, PARA PARAFUSO DE FIXACAO M6","Material","UN","0,9988105","","1,65","","1,65","",1.6480372953710101,"0,00%",5595687.2425331501,"100,00%"]
["00005074","SINAPI",null,"PREGO DE ACO POLIDO COM CABECA 15 X 18 (1 1/2 X 13)","Material","KG","0,0719144","","18,80","","1,35","",1.3519898684934599,"0,00%",5595688.5945230201,"100,00%"]
["00003499","SINAPI",null,"JOELHO, PVC SOLDAVEL, 45 GRAUS, 20 MM, COR MARROM, PARA AGUA FRIA PREDIAL","Material","UN","0,9988105","","0,95","","0,95","",0.94886995794088502,"0,00%",5595689.5433929795,"100,00%"]
["00000829","SINAPI",null,"BUCHA DE REDUCAO DE PVC, SOLDAVEL, CURTA, COM 32 X 25 MM, PARA AGUA FRIA PREDIAL","Material","UN","0,9988105","","0,80","","0,80","",0.79904838563443004,"0,00%",5595690.3424413595,"100,00%"]
["00003904","SINAPI",null,"LUVA PVC SOLDAVEL, 25 MM, PARA AGUA FRIA PREDIAL","Material","UN","0,9988105","","0,69","","0,69","",0.68917923260969605,"0,00%",5595691.03162059,"100,00%"]
["00043617","SINAPI",null,"ADITIVO PLASTIFICANTE E ESTABILIZADOR PARA ARGAMASSAS DE ASSENTAMENTO E REBOCO, LIQUIDO E ISENTO DE CLORETOS","Material","L","0,0435127","","8,36","","0,36","",0.36376599848789798,"0,00%",5595691.3953865897,"100,00%"]
["00040864","SINAPI",null,"SEGURO - MENSALISTA (COLETADO CAIXA - ENCARGOS COMPLEMENTARES)","Material","MES","32,4613407","","0,01","","0,32","",0.32461340666398703,"0,00%",5595691.7199999997,"100,00%"]
[]
[{"$nulls":12},"Totais por Tipo"]
[{"$nulls":11},"Equipamento",null,null,null,"R$ 5.272,50"]
[{"$nulls":11},"Equipamento para Aquisição Permanente",null,null,null,"R$ 194.103,80"]
[{"$nulls":11},"Mão de Obra",null,null,null,"R$ 1.083.710,49"]
[{"$nulls":11},"Material",null,null,null,"R$ 4.271.484,89"]
[{"$nulls":11},"Serviços",null,null,null,"R$ 36.488,49"]
[{"$nulls":11},"Taxas",null,null,null,"R$ 0,00"]
[{"$nulls":11},"Administração",null,null,null,"R$ 0,00"]
[{"$nulls":11},"Aluguel",null,null,null,"R$ 0,00"]
[{"$nulls":11},"Verba",null,null,null,"R$ 0,00"]
[{"$nulls":11},"Transporte",null,null,null,"R$ 0,00"]
[{"$nulls":11},"Franquia",null,null,null,"R$ 4.631,55"]
[{"$nulls":11},"Outros",null,null,null,"R$ 0,00"]
[]
[{"$nulls":11},"Total sem BDI",null,5595691.7199999997]
[{"$nulls":11},"Total do BDI",null,1287790.98]
[{"$nulls":11},"Total Geral",null,6883482.7000000002]
[]
["_______________________________________________________________\nLUIS FERNANDO ANTUNES LIMA\nANALISTA EM DESENVOLVIMENTO REGIONAL - 11ª GRD/UIP"]

{"sheet":"Planilha de BDI S. DESON","index":6,"n_rows":26,"n_cols":9,"rows_kept":26,"cut":false,"hidden":false,"merged":[[0,2,0,8],[1,2,1,8],[2,0,2,8],[3,0,3,8],[4,0,4,8],[5,0,5,8],[6,0,6,8],[7,0,7,8],[10,0,10,2],[10,4,10,5],[10,6,10,7],[15,0,15,2],[15,4,15,5],[16,1,16,2],[16,4,16,5],[11,0,11,2],[11,4,11,5],[12,0,12,2],[12,4,12,5],[13,0,13,2],[13,4,13,5],[19,6,19,8],[22,1,22,3],[23,1,23,3],[16,0,19,0],[0,0,1,1],[8,0,9,8],[11,6,13,8],[14,6,18,8],[20,4,23,8],[17,1,17,2],[17,4,17,5],[18,1,18,2],[18,4,18,5],[19,4,19,5],[14,0,14,2],[14,4,14,5]]}
[null,null,"MINISTÉRIO DO DESENVOLVIMENTO REGIONAL"]
[null,null,"COMPANHIA DE DESENVOLVIMENTO DOS VALES DO SÃO FRANCISCO E PARNAÍBA"]
["DEMONSTRATIVO DE CÁLCULO DOS BENEFÍCIOS E DESPESAS INDIRETAS - BDI"]
[]
["PROPONENTE: COMPANHIA DE DESENVOLVIMENTO DOS VALES DO SÃO FRANCISCO E PARNAÍBA"]
["EMPREENDIMENTO: CONCLUSÃO DA OBRA DE CONSTRUÇÃO DA SEDE DA 11ª SUPERINTENDÊNCIA REGIONAL DA CODEVASF NO MUNICÍPIO DE MACAPÁ/AP"]
["LOCAL: RODOVIA JOSMAR CHAVES PINTO, KM 05, S/N, UNIVERSIDADE, MACAPA/AP."]
["Data: Fev/2025"]
["MEMÓRIA DE CÁLCULO"]
[]
["Composição do BDI ",null,null,"Intervalos de Referência","Composição adotada",null,"BDI  Proposto:",null,{"$f":"((((1+E12+E15+E16))*(1+E14)*(1+E13))/(1-(E17+E18+E19+E20))-1)","v":0.23082952093766701}]
["Administração Central (AC)",null,null,"De 3,00 % até 5,5%",0.04]
["Lucro (L)",null,null,"De 6,16 % até 8,96%",7.5999999999999998E-2]
["Despesas Financeiras (DF)",null,null,"De 0,59 % até 1,39%",1.23E-2]
["Seguros (S) + Garantias (G)",null,null,"De 0,80 % até 1,00%",8.5000000000000006E-3,null,"Observação:                                                 Composição do BDI, intervalos admissíveis e Fórmula de Cálculo nos termos do Acórdão 2622/2013 do TCU."]
["Riscos (R) ",null,null,"De 0,97 % até 1,27%",1.2E-2]
["Tributos (I)","PIS",null,6.4999999999999997E-3,6.4999999999999997E-3]
[null,"COFINS",null,0.03,0.03]
[null,"CPRB",null,4.4999999999999998E-2]
[null,"ISS",null,"De 2,0 % até 5,0%",2.5000000000000001E-2,null,"Coloca-se  50% do valor do ISS do munícipio. Verificar primeiro a legislação municipal."]
[null,null,"_____________________________________________________",null,"Obs.: Folha de pagamento sem desoneração."]
[null,null,{"$f":"'[11]PLANILHA SEM DESONERAÇÃO'!C370","v":"LUIS FERNANDO ANTUNES LIMA"}]
[null,{"$f":"'[11]PLANILHA SEM DESONERAÇÃO'!C371","v":"ANALISTA DE DESENVOLVIMENTO REGIONAL"}]
[null,{"$f":"'[11]PLANILHA SEM DESONERAÇÃO'!C372","v":"ENGENHEIRO CIVIL - CREA 186819/D"}]
[]
[null,""]

{"sheet":"COT ORÇAMENTO AÇO LAMINADO","index":7,"n_rows":40,"n_cols":16,"rows_kept":40,"cut":false,"hidden":false,"merged":[[16,1,16,11],[16,14,16,15],[0,0,0,6],[6,2,6,7],[6,14,6,15],[7,1,7,11],[7,14,7,15],[28,1,28,8],[17,1,17,8],[18,1,18,8],[19,1,19,8],[20,1,20,8],[21,1,21,8],[22,1,22,8],[23,1,23,8],[24,1,24,8],[25,1,25,8],[26,1,26,8],[27,1,27,8],[31,1,33,10],[31,11,33,11],[34,1,35,10],[34,11,35,11],[36,1,36,10]]}
[]
[null,"Processo","59500.003753/2025-45"]
[null,"Responsável","AG/GCT/UCT"]
[null,"Área de Origem","AG/GCT/UCT"]
[null,"Data da pesquisa","2026-03-11"]
[]
[null,"ITEM:",{"$nulls":6},"UNIDADE DE MEDIDA:","KG","QUANTIDADE:",320,null,null,"Tabela auxiliar de metodologias para exclusão de preços"]
[null,"LICITAÇÕES ANTERIORES",{"$nulls":12},"Licitações Anteriores"]
[null,"Órgão","Edital/Ano - Nº do Lote / Item","Quantidade","Valor Unitário","Data","índice de atualização (nome)","I0","If","Variação acumulada do índice (%)","Preço unitário atualizado","Utilizar?  (Sim/Não)",null,null,"Outliers","Por critério do(a) analista"]
[{"$nulls":9},{"$f":"IF(ISBLANK(E10),\"\",IF(ISNUMBER(H10),(I10-H10)/H10,0))","v":""},{"$f":"IF(ISBLANK(E10),\"\",E10*(1+J10))","v":""},{"$f":"IF(ISNUMBER(K10),IF($L$32<>$P$9,O10,P10),\"\")","v":""},null,null,{"$f":"IF(ISNUMBER(K10),IF(OR(K10<_xlfn.QUARTILE.INC($K$10:$K$29,1)-1.5*(_xlfn.QUARTILE.INC($K$10:K29,3)-_xlfn.QUARTILE.INC($K$10:$K$29,1)),K10>_xlfn.QUARTILE.INC($K$10:$K$29,3)+1.5*(_xlfn.QUARTILE.INC($K$10:$K$29,3)-_xlfn.QUARTILE.INC($K$10:$K$29,1))),\"Não\",\"Sim\"),\"\")","v":""}]
[{"$nulls":9},"","","",null,null,{"$f":"IF(ISNUMBER(K11),IF(OR(K11<_xlfn.QUARTILE.INC($K$10:$K$29,1)-1.5*(_xlfn.QUARTILE.INC($K$10:K29,3)-_xlfn.QUARTILE.INC($K$10:$K$29,1)),K11>_xlfn.QUARTILE.INC($K$10:$K$29,3)+1.5*(_xlfn.QUARTILE.INC($K$10:$K$29,3)-_xlfn.QUARTILE.INC($K$10:$K$29,1))),\"Não\",\"Sim\"),\"\")","v":""}]
[{"$nulls":9},"","","",null,null,{"$f":"IF(ISNUMBER(K12),IF(OR(K12<_xlfn.QUARTILE.INC($K$10:$K$29,1)-1.5*(_xlfn.QUARTILE.INC($K$10:K30,3)-_xlfn.QUARTILE.INC($K$10:$K$29,1)),K12>_xlfn.QUARTILE.INC($K$10:$K$29,3)+1.5*(_xlfn.QUARTILE.INC($K$10:$K$29,3)-_xlfn.QUARTILE.INC($K$10:$K$29,1))),\"Não\",\"Sim\"),\"\")","v":""}]
[{"$nulls":9},"","","",null,null,{"$f":"IF(ISNUMBER(K13),IF(OR(K13<_xlfn.QUARTILE.INC($K$10:$K$29,1)-1.5*(_xlfn.QUARTILE.INC($K$10:K31,3)-_xlfn.QUARTILE.INC($K$10:$K$29,1)),K13>_xlfn.QUARTILE.INC($K$10:$K$29,3)+1.5*(_xlfn.QUARTILE.INC($K$10:$K$29,3)-_xlfn.QUARTILE.INC($K$10:$K$29,1))),\"Não\",\"Sim\"),\"\")","v":""}]
[{"$nulls":9},"","","",null,null,{"$f":"IF(ISNUMBER(K14),IF(OR(K14<_xlfn.QUARTILE.INC($K$10:$K$29,1)-1.5*(_xlfn.QUARTILE.INC($K$10:K32,3)-_xlfn.QUARTILE.INC($K$10:$K$29,1)),K14>_xlfn.QUARTILE.INC($K$10:$K$29,3)+1.5*(_xlfn.QUARTILE.INC($K$10:$K$29,3)-_xlfn.QUARTILE.INC($K$10:$K$29,1))),\"Não\",\"Sim\"),\"\")","v":""}]
[{"$nulls":9},"","","",null,null,{"$f":"IF(ISNUMBER(K15),IF(OR(K15<_xlfn.QUARTILE.INC($K$10:$K$29,1)-1.5*(_xlfn.QUARTILE.INC($K$10:K35,3)-_xlfn.QUARTILE.INC($K$10:$K$29,1)),K15>_xlfn.QUARTILE.INC($K$10:$K$29,3)+1.5*(_xlfn.QUARTILE.INC($K$10:$K$29,3)-_xlfn.QUARTILE.INC($K$10:$K$29,1))),\"Não\",\"Sim\"),\"\")","v":""}]
[{"$nulls":9},"","","",null,null,{"$f":"IF(ISNUMBER(K16),IF(OR(K16<_xlfn.QUARTILE.INC($K$10:$K$29,1)-1.5*(_xlfn.QUARTILE.INC($I$10:I37,3)-_xlfn.QUARTILE.INC($K$10:$K$29,1)),K16>_xlfn.QUARTILE.INC($K$10:$K$29,3)+1.5*(_xlfn.QUARTILE.INC($K$10:$K$29,3)-_xlfn.QUARTILE.INC($K$10:$K$29,1))),\"Não\",\"Sim\"),\"\")","v":""}]
[null,"COTAÇÕES DE MERCADO",{"$nulls":12},"Cotações"]
[null,"Empresa",{"$nulls":7},"Data","Preço Unitário","Utilizar? (Sim/Não)",null,null,"Outliers","Por critério do(a) analista"]
[null,"ARCELLORMITTAL - VIGAS METÁLICAS",{"$nulls":7},"2026-03-12",10.02,{"$f":"IF(ISNUMBER(K19),IF($L$32=$O$18,O19,IF($L$32=$P$18,P19,\"\")),\"\")","v":"Sim"},null,null,{"$f":"IF(ISNUMBER(K19),IF(OR(K19<_xlfn.QUARTILE.INC($K$10:$K$29,1)-1.5*(_xlfn.QUARTILE.INC($K$10:$K$29,3)-_xlfn.QUARTILE.INC($K$10:$K$29,1)),K19>_xlfn.QUARTILE.INC($K$10:$K$29,3)+1.5*(_xlfn.QUARTILE.INC($K$10:$K$29,3)-_xlfn.QUARTILE.INC($K$10:$K$29,1))),\"Não\",\"Sim\"),\"\")","v":"Sim"}]
[null,"GERDAU  - VIGAS METÁLICAS",{"$nulls":7},"2026-03-11",9.24,"Sim",null,null,"Sim"]
[{"$nulls":11},"",null,null,""]
[{"$nulls":11},"",null,null,""]
[{"$nulls":11},"",null,null,""]
[{"$nulls":11},"",null,null,""]
[{"$nulls":11},"",null,null,""]
[{"$nulls":11},"",null,null,""]
[{"$nulls":11},"",null,null,""]
[{"$nulls":11},"",null,null,""]
[{"$nulls":11},"",null,null,""]
[null,"Observações:",{"$nulls":8},"Média:",{"$f":"IF($L$32=\"\",\"Selecione metodologia para exclusão de preços\",AVERAGE(IF($L$10:$L$29=\"Sim\",$K$10:$K$29)))","v":9.629999999999999},null,"Média (Cotações)",{"$f":"IF(COUNTIF(O19:O29,\"Sim\")<3,\"N/D (são necessários pelo menos 3 preços)\",AVERAGE(IF(O19:O29=\"Sim\",$K19:$K29)))","v":"N/D (são necessários pelo menos 3 preços)"},{"$f":"IF(COUNTIF(P19:P29,\"Sim\")<3,\"N/D (são necessários pelo menos 3 preços)\",AVERAGE(IF(P19:P29=\"Sim\",$K19:$K29)))","v":"N/D (são necessários pelo menos 3 preços)"}]
[{"$nulls":10},"Mediana:",{"$f":"IF($L$32=\"\",\"Selecione metodologia para exclusão de preços\",MEDIAN(IF($L$10:$L$29=\"Sim\",$K$10:$K$29)))","v":9.629999999999999},null,"Mediana (Cotações)",{"$f":"IF(COUNTIF(O19:O29,\"Sim\")<3,\"N/D (são necessários pelo menos 3 preços)\",MEDIAN(IF(O19:O29=\"Sim\",$K19:$K29)))","v":"N/D (são necessários pelo menos 3 preços)"},{"$f":"IF(COUNTIF(P19:P29,\"Sim\")<3,\"N/D (são necessários pelo menos 3 preços)\",MEDIAN(IF(P19:P29=\"Sim\",$K19:$K29)))","v":"N/D (são necessários pelo menos 3 preços)"}]
[null,"Metodologia de exclusão de preços adotada:",{"$nulls":9},{"$f":"IF(O35=\"\",INDEX(O18:P18,MATCH(MIN(#REF!),#REF!,0)),O35)","v":"Outliers"},null,"CV (Cotações)",{"$f":"IF(COUNTIF(O19:O29,\"Sim\")<3,\"N/D (são necessários pelo menos 3 preços)\",_xlfn.STDEV.S(IF(O19:O29=\"Sim\",$K19:$K29))/AVERAGE(IF(O19:O29=\"Sim\",$K19:$K29)))","v":"N/D (são necessários pelo menos 3 preços)"},{"$f":"IF(COUNTIF(P19:P29,\"Sim\")<3,\"N/D (são necessários pelo menos 3 preços)\",_xlfn.STDEV.S(IF(P19:P29=\"Sim\",$K19:$K29))/AVERAGE(IF(P19:P29=\"Sim\",$K19:$K29)))","v":"N/D (são necessários pelo menos 3 preços)"}]
[{"$nulls":13},"Média",{"$f":"IF(SUM(COUNTIF($O$10:$O$16,\"Sim\")) + SUM(COUNTIF(O19:O29,\"Sim\")) < 3,\n   \"N/D (são necessários pelo menos 3 preços)\",\n   IFERROR(AVERAGE(_xlfn._xlws.FILTER($K$10:$K$16,$O$10:$O$16=\"Sim\"), _xlfn._xlws.FILTER($K$19:$K$29,O19:O29=\"Sim\")),O30))","v":"N/D (são necessários pelo menos 3 preços)"},{"$f":"IF(SUM(COUNTIF($P$10:$P$16,\"Sim\")) + SUM(COUNTIF(P19:P29,\"Sim\")) < 3,\n   \"N/D (são necessários pelo menos 3 preços)\",\n   IFERROR(AVERAGE(_xlfn._xlws.FILTER($K$10:$K$16,$P$10:$P$16=\"Sim\"), _xlfn._xlws.FILTER($K$19:$K$29,P19:P29=\"Sim\")),P30))","v":"N/D (são necessários pelo menos 3 preços)"}]
[{"$nulls":13},"Mediana",{"$f":"IF(SUM(COUNTIF($O$10:$O$16,\"Sim\")) + SUM(COUNTIF(O19:O29,\"Sim\")) < 3,\n   \"N/D (são necessários pelo menos 3 preços)\",\n   IFERROR(MEDIAN(_xlfn._xlws.FILTER($K$10:$K$16,$O$10:$O$16=\"Sim\"), _xlfn._xlws.FILTER($K$19:$K$29,O19:O29=\"Sim\")),O31))","v":"N/D (são necessários pelo menos 3 preços)"},{"$f":"IF(SUM(COUNTIF($P10:$P$16,\"Sim\")) + SUM(COUNTIF(P19:P29,\"Sim\")) < 3,\n   \"N/D (são necessários pelo menos 3 preços)\",\n   IFERROR(MEDIAN(_xlfn._xlws.FILTER($K$10:$K$16,$P$10:$P$16=\"Sim\"), _xlfn._xlws.FILTER($K$19:$K$29,P19:P29=\"Sim\")),P31))","v":"N/D (são necessários pelo menos 3 preços)"}]
[null,"COSOLIDAÇÃO DOS PREÇOS",{"$nulls":11},"Metodologia a adotar:",{"$f":"IF(INDEX(O18:P18,P35)=0,\"\",INDEX(O18:P18,P35))","v":"Outliers"},1]
[]
[null,"PREÇO UNITÁRIO ESTIMADO ADOTADO:",{"$nulls":9},{"$f":"IF($B$39=\"Mediana:\",L31,L30)","v":9.629999999999999}]
[]
[{"$f":"O18","v":"Outliers"},"Média:"]
[{"$f":"P18","v":"Por critério do(a) analista"}]

{"sheet":"COT ORÇAMENTO AÇO LAMINADO (2)","index":8,"n_rows":40,"n_cols":16,"rows_kept":40,"cut":false,"hidden":false,"merged":[[16,1,16,11],[16,14,16,15],[0,0,0,6],[6,2,6,7],[6,14,6,15],[7,1,7,11],[7,14,7,15],[28,1,28,8],[17,1,17,8],[18,1,18,8],[19,1,19,8],[20,1,20,8],[21,1,21,8],[22,1,22,8],[23,1,23,8],[24,1,24,8],[25,1,25,8],[26,1,26,8],[27,1,27,8],[31,1,33,10],[31,11,33,11],[34,1,35,10],[34,11,35,11],[36,1,36,10]]}
[]
[null,"Processo","59500.003753/2025-45"]
[null,"Responsável","AG/GCT/UCT"]
[null,"Área de Origem","AG/GCT/UCT"]
[null,"Data da pesquisa","2026-03-11"]
[]
[null,"ITEM:",{"$nulls":6},"UNIDADE DE MEDIDA:","KG","QUANTIDADE:",320,null,null,"Tabela auxiliar de metodologias para exclusão de preços"]
[null,"LICITAÇÕES ANTERIORES",{"$nulls":12},"Licitações Anteriores"]
[null,"Órgão","Edital/Ano - Nº do Lote / Item","Quantidade","Valor Unitário","Data","índice de atualização (nome)","I0","If","Variação acumulada do índice (%)","Preço unitário atualizado","Utilizar?  (Sim/Não)",null,null,"Outliers","Por critério do(a) analista"]
[{"$nulls":9},{"$f":"IF(ISBLANK(E10),\"\",IF(ISNUMBER(H10),(I10-H10)/H10,0))","v":""},{"$f":"IF(ISBLANK(E10),\"\",E10*(1+J10))","v":""},{"$f":"IF(ISNUMBER(K10),IF($L$32<>$P$9,O10,P10),\"\")","v":""},null,null,{"$f":"IF(ISNUMBER(K10),IF(OR(K10<_xlfn.QUARTILE.INC($K$10:$K$29,1)-1.5*(_xlfn.QUARTILE.INC($K$10:K29,3)-_xlfn.QUARTILE.INC($K$10:$K$29,1)),K10>_xlfn.QUARTILE.INC($K$10:$K$29,3)+1.5*(_xlfn.QUARTILE.INC($K$10:$K$29,3)-_xlfn.QUARTILE.INC($K$10:$K$29,1))),\"Não\",\"Sim\"),\"\")","v":""}]
[{"$nulls":9},"","","",null,null,{"$f":"IF(ISNUMBER(K11),IF(OR(K11<_xlfn.QUARTILE.INC($K$10:$K$29,1)-1.5*(_xlfn.QUARTILE.INC($K$10:K29,3)-_xlfn.QUARTILE.INC($K$10:$K$29,1)),K11>_xlfn.QUARTILE.INC($K$10:$K$29,3)+1.5*(_xlfn.QUARTILE.INC($K$10:$K$29,3)-_xlfn.QUARTILE.INC($K$10:$K$29,1))),\"Não\",\"Sim\"),\"\")","v":""}]
[{"$nulls":9},"","","",null,null,{"$f":"IF(ISNUMBER(K12),IF(OR(K12<_xlfn.QUARTILE.INC($K$10:$K$29,1)-1.5*(_xlfn.QUARTILE.INC($K$10:K30,3)-_xlfn.QUARTILE.INC($K$10:$K$29,1)),K12>_xlfn.QUARTILE.INC($K$10:$K$29,3)+1.5*(_xlfn.QUARTILE.INC($K$10:$K$29,3)-_xlfn.QUARTILE.INC($K$10:$K$29,1))),\"Não\",\"Sim\"),\"\")","v":""}]
[{"$nulls":9},"","","",null,null,{"$f":"IF(ISNUMBER(K13),IF(OR(K13<_xlfn.QUARTILE.INC($K$10:$K$29,1)-1.5*(_xlfn.QUARTILE.INC($K$10:K31,3)-_xlfn.QUARTILE.INC($K$10:$K$29,1)),K13>_xlfn.QUARTILE.INC($K$10:$K$29,3)+1.5*(_xlfn.QUARTILE.INC($K$10:$K$29,3)-_xlfn.QUARTILE.INC($K$10:$K$29,1))),\"Não\",\"Sim\"),\"\")","v":""}]
[{"$nulls":9},"","","",null,null,{"$f":"IF(ISNUMBER(K14),IF(OR(K14<_xlfn.QUARTILE.INC($K$10:$K$29,1)-1.5*(_xlfn.QUARTILE.INC($K$10:K32,3)-_xlfn.QUARTILE.INC($K$10:$K$29,1)),K14>_xlfn.QUARTILE.INC($K$10:$K$29,3)+1.5*(_xlfn.QUARTILE.INC($K$10:$K$29,3)-_xlfn.QUARTILE.INC($K$10:$K$29,1))),\"Não\",\"Sim\"),\"\")","v":""}]
[{"$nulls":9},"","","",null,null,{"$f":"IF(ISNUMBER(K15),IF(OR(K15<_xlfn.QUARTILE.INC($K$10:$K$29,1)-1.5*(_xlfn.QUARTILE.INC($K$10:K35,3)-_xlfn.QUARTILE.INC($K$10:$K$29,1)),K15>_xlfn.QUARTILE.INC($K$10:$K$29,3)+1.5*(_xlfn.QUARTILE.INC($K$10:$K$29,3)-_xlfn.QUARTILE.INC($K$10:$K$29,1))),\"Não\",\"Sim\"),\"\")","v":""}]
[{"$nulls":9},"","","",null,null,{"$f":"IF(ISNUMBER(K16),IF(OR(K16<_xlfn.QUARTILE.INC($K$10:$K$29,1)-1.5*(_xlfn.QUARTILE.INC($I$10:I37,3)-_xlfn.QUARTILE.INC($K$10:$K$29,1)),K16>_xlfn.QUARTILE.INC($K$10:$K$29,3)+1.5*(_xlfn.QUARTILE.INC($K$10:$K$29,3)-_xlfn.QUARTILE.INC($K$10:$K$29,1))),\"Não\",\"Sim\"),\"\")","v":""}]
[null,"COTAÇÕES DE MERCADO",{"$nulls":12},"Cotações"]
[null,"Empresa",{"$nulls":7},"Data","Preço Unitário","Utilizar? (Sim/Não)",null,null,"Outliers","Por critério do(a) analista"]
[null,"ARCELLORMITTAL  - VIGAS METÁLICAS 200 X 19,3 E 150 X 24",{"$nulls":7},"2026-03-12",9.5500000000000007,{"$f":"IF(ISNUMBER(K19),IF($L$32=$O$18,O19,IF($L$32=$P$18,P19,\"\")),\"\")","v":"Sim"},null,null,{"$f":"IF(ISNUMBER(K19),IF(OR(K19<_xlfn.QUARTILE.INC($K$10:$K$29,1)-1.5*(_xlfn.QUARTILE.INC($K$10:$K$29,3)-_xlfn.QUARTILE.INC($K$10:$K$29,1)),K19>_xlfn.QUARTILE.INC($K$10:$K$29,3)+1.5*(_xlfn.QUARTILE.INC($K$10:$K$29,3)-_xlfn.QUARTILE.INC($K$10:$K$29,1))),\"Não\",\"Sim\"),\"\")","v":"Sim"}]
[null,"GERDAU  -  VIGAS METÁLICAS 200 X 19,3 E 150 X 24",{"$nulls":7},"2026-03-11",9.24,"Sim",null,null,"Sim"]
[{"$nulls":11},"",null,null,""]
[{"$nulls":11},"",null,null,""]
[{"$nulls":11},"",null,null,""]
[{"$nulls":11},"",null,null,""]
[{"$nulls":11},"",null,null,""]
[{"$nulls":11},"",null,null,""]
[{"$nulls":11},"",null,null,""]
[{"$nulls":11},"",null,null,""]
[{"$nulls":11},"",null,null,""]
[null,"Observações:",{"$nulls":8},"Média:",{"$f":"IF($L$32=\"\",\"Selecione metodologia para exclusão de preços\",AVERAGE(IF($L$10:$L$29=\"Sim\",$K$10:$K$29)))","v":9.3949999999999996},null,"Média (Cotações)",{"$f":"IF(COUNTIF(O19:O29,\"Sim\")<3,\"N/D (são necessários pelo menos 3 preços)\",AVERAGE(IF(O19:O29=\"Sim\",$K19:$K29)))","v":"N/D (são necessários pelo menos 3 preços)"},{"$f":"IF(COUNTIF(P19:P29,\"Sim\")<3,\"N/D (são necessários pelo menos 3 preços)\",AVERAGE(IF(P19:P29=\"Sim\",$K19:$K29)))","v":"N/D (são necessários pelo menos 3 preços)"}]
[{"$nulls":10},"Mediana:",{"$f":"IF($L$32=\"\",\"Selecione metodologia para exclusão de preços\",MEDIAN(IF($L$10:$L$29=\"Sim\",$K$10:$K$29)))","v":9.3949999999999996},null,"Mediana (Cotações)",{"$f":"IF(COUNTIF(O19:O29,\"Sim\")<3,\"N/D (são necessários pelo menos 3 preços)\",MEDIAN(IF(O19:O29=\"Sim\",$K19:$K29)))","v":"N/D (são necessários pelo menos 3 preços)"},{"$f":"IF(COUNTIF(P19:P29,\"Sim\")<3,\"N/D (são necessários pelo menos 3 preços)\",MEDIAN(IF(P19:P29=\"Sim\",$K19:$K29)))","v":"N/D (são necessários pelo menos 3 preços)"}]
[null,"Metodologia de exclusão de preços adotada:",{"$nulls":9},{"$f":"IF(O35=\"\",INDEX(O18:P18,MATCH(MIN(#REF!),#REF!,0)),O35)","v":"Outliers"},null,"CV (Cotações)",{"$f":"IF(COUNTIF(O19:O29,\"Sim\")<3,\"N/D (são necessários pelo menos 3 preços)\",_xlfn.STDEV.S(IF(O19:O29=\"Sim\",$K19:$K29))/AVERAGE(IF(O19:O29=\"Sim\",$K19:$K29)))","v":"N/D (são necessários pelo menos 3 preços)"},{"$f":"IF(COUNTIF(P19:P29,\"Sim\")<3,\"N/D (são necessários pelo menos 3 preços)\",_xlfn.STDEV.S(IF(P19:P29=\"Sim\",$K19:$K29))/AVERAGE(IF(P19:P29=\"Sim\",$K19:$K29)))","v":"N/D (são necessários pelo menos 3 preços)"}]
[{"$nulls":13},"Média",{"$f":"IF(SUM(COUNTIF($O$10:$O$16,\"Sim\")) + SUM(COUNTIF(O19:O29,\"Sim\")) < 3,\n   \"N/D (são necessários pelo menos 3 preços)\",\n   IFERROR(AVERAGE(_xlfn._xlws.FILTER($K$10:$K$16,$O$10:$O$16=\"Sim\"), _xlfn._xlws.FILTER($K$19:$K$29,O19:O29=\"Sim\")),O30))","v":"N/D (são necessários pelo menos 3 preços)"},{"$f":"IF(SUM(COUNTIF($P$10:$P$16,\"Sim\")) + SUM(COUNTIF(P19:P29,\"Sim\")) < 3,\n   \"N/D (são necessários pelo menos 3 preços)\",\n   IFERROR(AVERAGE(_xlfn._xlws.FILTER($K$10:$K$16,$P$10:$P$16=\"Sim\"), _xlfn._xlws.FILTER($K$19:$K$29,P19:P29=\"Sim\")),P30))","v":"N/D (são necessários pelo menos 3 preços)"}]
[{"$nulls":13},"Mediana",{"$f":"IF(SUM(COUNTIF($O$10:$O$16,\"Sim\")) + SUM(COUNTIF(O19:O29,\"Sim\")) < 3,\n   \"N/D (são necessários pelo menos 3 preços)\",\n   IFERROR(MEDIAN(_xlfn._xlws.FILTER($K$10:$K$16,$O$10:$O$16=\"Sim\"), _xlfn._xlws.FILTER($K$19:$K$29,O19:O29=\"Sim\")),O31))","v":"N/D (são necessários pelo menos 3 preços)"},{"$f":"IF(SUM(COUNTIF($P10:$P$16,\"Sim\")) + SUM(COUNTIF(P19:P29,\"Sim\")) < 3,\n   \"N/D (são necessários pelo menos 3 preços)\",\n   IFERROR(MEDIAN(_xlfn._xlws.FILTER($K$10:$K$16,$P$10:$P$16=\"Sim\"), _xlfn._xlws.FILTER($K$19:$K$29,P19:P29=\"Sim\")),P31))","v":"N/D (são necessários pelo menos 3 preços)"}]
[null,"COSOLIDAÇÃO DOS PREÇOS",{"$nulls":11},"Metodologia a adotar:",{"$f":"IF(INDEX(O18:P18,P35)=0,\"\",INDEX(O18:P18,P35))","v":"Outliers"},1]
[]
[null,"PREÇO UNITÁRIO ESTIMADO ADOTADO:",{"$nulls":9},{"$f":"IF($B$39=\"Mediana:\",L31,L30)","v":9.3949999999999996}]
[]
[{"$f":"O18","v":"Outliers"},"Média:"]
[{"$f":"P18","v":"Por critério do(a) analista"}]

{"sheet":"COT ELETROCALHA 50X50","index":9,"n_rows":42,"n_cols":16,"rows_kept":42,"cut":false,"hidden":false,"merged":[[31,1,33,10],[31,11,33,11],[34,1,35,10],[34,11,35,11],[36,1,36,10],[28,1,28,8],[17,1,17,8],[18,1,18,8],[19,1,19,8],[20,1,20,8],[21,1,21,8],[22,1,22,8],[23,1,23,8],[24,1,24,8],[25,1,25,8],[26,1,26,8],[27,1,27,8],[16,1,16,11],[16,14,16,15],[0,0,0,6],[6,2,6,7],[6,14,6,15],[7,1,7,11],[7,14,7,15]]}
[]
[null,"Processo","59500.003753/2025-45"]
[null,"Responsável","AG/GCT/UCT"]
[null,"Área de Origem","AG/GCT/UCT"]
[null,"Data da pesquisa","2026-03-11"]
[]
[null,"ITEM:","ELETROCALHA 50X50",{"$nulls":5},"UNIDADE DE MEDIDA:","m","QUANTIDADE:",585,null,null,"Tabela auxiliar de metodologias para exclusão de preços"]
[null,"LICITAÇÕES ANTERIORES",{"$nulls":12},"Licitações Anteriores"]
[null,"Órgão","Edital/Ano - Nº do Lote / Item","Quantidade","Valor Unitário","Data","índice de atualização (nome)","I0","If","Variação acumulada do índice (%)","Preço unitário atualizado","Utilizar?  (Sim/Não)",null,null,"Outliers","Por critério do(a) analista"]
[{"$nulls":9},{"$f":"IF(ISBLANK(E10),\"\",IF(ISNUMBER(H10),(I10-H10)/H10,0))","v":""},{"$f":"IF(ISBLANK(E10),\"\",E10*(1+J10))","v":""},{"$f":"IF(ISNUMBER(K10),IF($L$32<>$P$9,O10,P10),\"\")","v":""},null,null,{"$f":"IF(ISNUMBER(K10),IF(OR(K10<_xlfn.QUARTILE.INC($K$10:$K$29,1)-1.5*(_xlfn.QUARTILE.INC($K$10:K29,3)-_xlfn.QUARTILE.INC($K$10:$K$29,1)),K10>_xlfn.QUARTILE.INC($K$10:$K$29,3)+1.5*(_xlfn.QUARTILE.INC($K$10:$K$29,3)-_xlfn.QUARTILE.INC($K$10:$K$29,1))),\"Não\",\"Sim\"),\"\")","v":""}]
[{"$nulls":9},"","","",null,null,{"$f":"IF(ISNUMBER(K11),IF(OR(K11<_xlfn.QUARTILE.INC($K$10:$K$29,1)-1.5*(_xlfn.QUARTILE.INC($K$10:K29,3)-_xlfn.QUARTILE.INC($K$10:$K$29,1)),K11>_xlfn.QUARTILE.INC($K$10:$K$29,3)+1.5*(_xlfn.QUARTILE.INC($K$10:$K$29,3)-_xlfn.QUARTILE.INC($K$10:$K$29,1))),\"Não\",\"Sim\"),\"\")","v":""}]
[{"$nulls":9},"","","",null,null,{"$f":"IF(ISNUMBER(K12),IF(OR(K12<_xlfn.QUARTILE.INC($K$10:$K$29,1)-1.5*(_xlfn.QUARTILE.INC($K$10:K30,3)-_xlfn.QUARTILE.INC($K$10:$K$29,1)),K12>_xlfn.QUARTILE.INC($K$10:$K$29,3)+1.5*(_xlfn.QUARTILE.INC($K$10:$K$29,3)-_xlfn.QUARTILE.INC($K$10:$K$29,1))),\"Não\",\"Sim\"),\"\")","v":""}]
[{"$nulls":9},"","","",null,null,{"$f":"IF(ISNUMBER(K13),IF(OR(K13<_xlfn.QUARTILE.INC($K$10:$K$29,1)-1.5*(_xlfn.QUARTILE.INC($K$10:K31,3)-_xlfn.QUARTILE.INC($K$10:$K$29,1)),K13>_xlfn.QUARTILE.INC($K$10:$K$29,3)+1.5*(_xlfn.QUARTILE.INC($K$10:$K$29,3)-_xlfn.QUARTILE.INC($K$10:$K$29,1))),\"Não\",\"Sim\"),\"\")","v":""}]
[{"$nulls":9},"","","",null,null,{"$f":"IF(ISNUMBER(K14),IF(OR(K14<_xlfn.QUARTILE.INC($K$10:$K$29,1)-1.5*(_xlfn.QUARTILE.INC($K$10:K32,3)-_xlfn.QUARTILE.INC($K$10:$K$29,1)),K14>_xlfn.QUARTILE.INC($K$10:$K$29,3)+1.5*(_xlfn.QUARTILE.INC($K$10:$K$29,3)-_xlfn.QUARTILE.INC($K$10:$K$29,1))),\"Não\",\"Sim\"),\"\")","v":""}]
[{"$nulls":9},"","","",null,null,{"$f":"IF(ISNUMBER(K15),IF(OR(K15<_xlfn.QUARTILE.INC($K$10:$K$29,1)-1.5*(_xlfn.QUARTILE.INC($K$10:K35,3)-_xlfn.QUARTILE.INC($K$10:$K$29,1)),K15>_xlfn.QUARTILE.INC($K$10:$K$29,3)+1.5*(_xlfn.QUARTILE.INC($K$10:$K$29,3)-_xlfn.QUARTILE.INC($K$10:$K$29,1))),\"Não\",\"Sim\"),\"\")","v":""}]
[{"$nulls":9},"","","",null,null,{"$f":"IF(ISNUMBER(K16),IF(OR(K16<_xlfn.QUARTILE.INC($K$10:$K$29,1)-1.5*(_xlfn.QUARTILE.INC($I$10:I37,3)-_xlfn.QUARTILE.INC($K$10:$K$29,1)),K16>_xlfn.QUARTILE.INC($K$10:$K$29,3)+1.5*(_xlfn.QUARTILE.INC($K$10:$K$29,3)-_xlfn.QUARTILE.INC($K$10:$K$29,1))),\"Não\",\"Sim\"),\"\")","v":""}]
[null,"COTAÇÕES DE MERCADO",{"$nulls":12},"Cotações"]
[null,"Empresa",{"$nulls":7},"Data","Preço Unitário","Utilizar? (Sim/Não)",null,null,"Outliers","Por critério do(a) analista"]
[null,"https://www.madeiramadeira.com.br/eletrocalha-perfurada-tipo-u-50x50x3000mm-24-cor-preta-seb-brasil-108913682.html?origem=pla-108913682&utm_source=google&utm_medium=cpc&utm_content=inversor-de-frequencia-4175&utm_term=&utm_id=22811606548&gad_source=1&gad_campaignid=22811606548&gbraid=0AAAAADr4g_GS9tXlNUb9AAG_kX-j7q6GS&gclid=CjwKCAjwyMnNBhBNEiwA-Kcgu2W-hVqDzM4wGio5-M1vRdJhxpgTOccsaid7Ow5YiH0Roa2wRQ66GRoCfBMQAvD_BwE",{"$nulls":7},"2026-03-12",{"$f":"16039.62/(195*3)","v":27.418153846153846},{"$f":"IF(ISNUMBER(K19),IF($L$32=$O$18,O19,IF($L$32=$P$18,P19,\"\")),\"\")","v":"Sim"},null,null,{"$f":"IF(ISNUMBER(K19),IF(OR(K19<_xlfn.QUARTILE.INC($K$10:$K$29,1)-1.5*(_xlfn.QUARTILE.INC($K$10:$K$29,3)-_xlfn.QUARTILE.INC($K$10:$K$29,1)),K19>_xlfn.QUARTILE.INC($K$10:$K$29,3)+1.5*(_xlfn.QUARTILE.INC($K$10:$K$29,3)-_xlfn.QUARTILE.INC($K$10:$K$29,1))),\"Não\",\"Sim\"),\"\")","v":"Sim"}]
[null,"https://www.dimensional.com.br/eletrocalha-perfurada-sem-virola-100mm-50mm-3000mm-ch22-msg-pre-galvanizado-0-dispan/p?idsku=100945&gad_source=1&gad_campaignid=22665017757&gbraid=0AAAAADgOTvupuTrzPiEQ0DnMGEWo8nJbi&gclid=CjwKCAjwyMnNBhBNEiwA-Kcgu9NV-wTVFPKDBed4NO6ekoHKei0eWvWKzBG5db_HyF7LdiiZoiJXTxoCXNcQAvD_BwE",{"$nulls":7},"2026-03-12",{"$f":"((9553.05)/(195*3))","v":16.329999999999998},"Sim",null,null,"Sim"]
[null,"https://www.leroymerlin.com.br/eletrocalhaperfuradatipou50x50x3000mmnum24aco-zincado-seb-brasil_1570422336?region=outros&gad_source=1&gad_campaignid=23037770349&gbraid=0AAAAADkzLZ4p60B4hyxZOoXF4KHrkG6ED&gclid=CjwKCAjwyMnNBhBNEiwA-Kcgu3GIhPD_RXbNYfm5E92t85r6i4Ng6o08Ogr6fKz1q2NpLNga_RX4vhoCeWkQAvD_BwE",{"$nulls":7},"2026-03-12",{"$f":"10905.3/(195*3)","v":18.64153846153846},"Sim",null,null,"Sim"]
[{"$nulls":11},"",null,null,""]
[{"$nulls":11},"",null,null,""]
[{"$nulls":11},"",null,null,""]
[{"$nulls":11},"",null,null,""]
[{"$nulls":11},"",null,null,""]
[{"$nulls":11},"",null,null,""]
[{"$nulls":11},"",null,null,""]
[{"$nulls":11},"",null,null,""]
[null,"Observações:",{"$nulls":8},"Média:",{"$f":"IF($L$32=\"\",\"Selecione metodologia para exclusão de preços\",AVERAGE(IF($L$10:$L$29=\"Sim\",$K$10:$K$29)))","v":20.796564102564101},null,"Média (Cotações)",{"$f":"IF(COUNTIF(O19:O29,\"Sim\")<3,\"N/D (são necessários pelo menos 3 preços)\",AVERAGE(IF(O19:O29=\"Sim\",$K19:$K29)))","v":20.796564102564101},{"$f":"IF(COUNTIF(P19:P29,\"Sim\")<3,\"N/D (são necessários pelo menos 3 preços)\",AVERAGE(IF(P19:P29=\"Sim\",$K19:$K29)))","v":"N/D (são necessários pelo menos 3 preços)"}]
[{"$nulls":10},"Mediana:",{"$f":"IF($L$32=\"\",\"Selecione metodologia para exclusão de preços\",MEDIAN(IF($L$10:$L$29=\"Sim\",$K$10:$K$29)))","v":18.64153846153846},null,"Mediana (Cotações)",{"$f":"IF(COUNTIF(O19:O29,\"Sim\")<3,\"N/D (são necessários pelo menos 3 preços)\",MEDIAN(IF(O19:O29=\"Sim\",$K19:$K29)))","v":18.64153846153846},{"$f":"IF(COUNTIF(P19:P29,\"Sim\")<3,\"N/D (são necessários pelo menos 3 preços)\",MEDIAN(IF(P19:P29=\"Sim\",$K19:$K29)))","v":"N/D (são necessários pelo menos 3 preços)"}]
[null,"Metodologia de exclusão de preços adotada:",{"$nulls":9},{"$f":"IF(O35=\"\",INDEX(O18:P18,MATCH(MIN(#REF!),#REF!,0)),O35)","v":"Outliers"},null,"CV (Cotações)",{"$f":"IF(COUNTIF(O19:O29,\"Sim\")<3,\"N/D (são necessários pelo menos 3 preços)\",_xlfn.STDEV.S(IF(O19:O29=\"Sim\",$K19:$K29))/AVERAGE(IF(O19:O29=\"Sim\",$K19:$K29)))","v":0.28128574211535184},{"$f":"IF(COUNTIF(P19:P29,\"Sim\")<3,\"N/D (são necessários pelo menos 3 preços)\",_xlfn.STDEV.S(IF(P19:P29=\"Sim\",$K19:$K29))/AVERAGE(IF(P19:P29=\"Sim\",$K19:$K29)))","v":"N/D (são necessários pelo menos 3 preços)"}]
[{"$nulls":13},"Média",{"$f":"IF(SUM(COUNTIF($O$10:$O$16,\"Sim\")) + SUM(COUNTIF(O19:O29,\"Sim\")) < 3,\n   \"N/D (são necessários pelo menos 3 preços)\",\n   IFERROR(AVERAGE(_xlfn._xlws.FILTER($K$10:$K$16,$O$10:$O$16=\"Sim\"), _xlfn._xlws.FILTER($K$19:$K$29,O19:O29=\"Sim\")),O30))","v":20.796564102564101},{"$f":"IF(SUM(COUNTIF($P$10:$P$16,\"Sim\")) + SUM(COUNTIF(P19:P29,\"Sim\")) < 3,\n   \"N/D (são necessários pelo menos 3 preços)\",\n   IFERROR(AVERAGE(_xlfn._xlws.FILTER($K$10:$K$16,$P$10:$P$16=\"Sim\"), _xlfn._xlws.FILTER($K$19:$K$29,P19:P29=\"Sim\")),P30))","v":"N/D (são necessários pelo menos 3 preços)"}]
[{"$nulls":13},"Mediana",{"$f":"IF(SUM(COUNTIF($O$10:$O$16,\"Sim\")) + SUM(COUNTIF(O19:O29,\"Sim\")) < 3,\n   \"N/D (são necessários pelo menos 3 preços)\",\n   IFERROR(MEDIAN(_xlfn._xlws.FILTER($K$10:$K$16,$O$10:$O$16=\"Sim\"), _xlfn._xlws.FILTER($K$19:$K$29,O19:O29=\"Sim\")),O31))","v":18.64153846153846},{"$f":"IF(SUM(COUNTIF($P10:$P$16,\"Sim\")) + SUM(COUNTIF(P19:P29,\"Sim\")) < 3,\n   \"N/D (são necessários pelo menos 3 preços)\",\n   IFERROR(MEDIAN(_xlfn._xlws.FILTER($K$10:$K$16,$P$10:$P$16=\"Sim\"), _xlfn._xlws.FILTER($K$19:$K$29,P19:P29=\"Sim\")),P31))","v":"N/D (são necessários pelo menos 3 preços)"}]
[null,"COSOLIDAÇÃO DOS PREÇOS",{"$nulls":11},"Metodologia a adotar:",{"$f":"IF(INDEX(O18:P18,P35)=0,\"\",INDEX(O18:P18,P35))","v":"Outliers"},1]
[]
[null,"PREÇO UNITÁRIO ESTIMADO ADOTADO:",{"$nulls":9},{"$f":"IF($B$39=\"Mediana:\",L31,L30)","v":18.64153846153846}]
[]
[{"$f":"O18","v":"Outliers"},"Mediana:"]
[{"$f":"P18","v":"Por critério do(a) analista"}]
[null,"OBS > A UNIDADE DA ELETROCALHA VEM COM 3 METROS -> PARA O PREÇO POR METRO É NECESSARIO DIVIDIR POR 3"]
[null,"Para cotação, considerou-se a necessidade de 195 peças de 3m, calculou-se o frete para o local e dividiu-se pelo quantitativo EM METROS (585 metros)"]

{"sheet":"COT ELETROCALHA 100X50","index":10,"n_rows":42,"n_cols":16,"rows_kept":42,"cut":false,"hidden":false,"merged":[[16,1,16,11],[16,14,16,15],[0,0,0,6],[6,2,6,7],[6,14,6,15],[7,1,7,11],[7,14,7,15],[28,1,28,8],[17,1,17,8],[18,1,18,8],[19,1,19,8],[20,1,20,8],[21,1,21,8],[22,1,22,8],[23,1,23,8],[24,1,24,8],[25,1,25,8],[26,1,26,8],[27,1,27,8],[31,1,33,10],[31,11,33,11],[34,1,35,10],[34,11,35,11],[36,1,36,10]]}
[]
[null,"Processo","59500.003753/2025-45"]
[null,"Responsável","AG/GCT/UCT"]
[null,"Área de Origem","AG/GCT/UCT"]
[null,"Data da pesquisa","2026-03-11"]
[]
[null,"ITEM:","ELETROCALHA 100X50",{"$nulls":5},"UNIDADE DE MEDIDA:","m","QUANTIDADE:",201,null,null,"Tabela auxiliar de metodologias para exclusão de preços"]
[null,"LICITAÇÕES ANTERIORES",{"$nulls":12},"Licitações Anteriores"]
[null,"Órgão","Edital/Ano - Nº do Lote / Item","Quantidade","Valor Unitário","Data","índice de atualização (nome)","I0","If","Variação acumulada do índice (%)","Preço unitário atualizado","Utilizar?  (Sim/Não)",null,null,"Outliers","Por critério do(a) analista"]
[{"$nulls":9},{"$f":"IF(ISBLANK(E10),\"\",IF(ISNUMBER(H10),(I10-H10)/H10,0))","v":""},{"$f":"IF(ISBLANK(E10),\"\",E10*(1+J10))","v":""},{"$f":"IF(ISNUMBER(K10),IF($L$32<>$P$9,O10,P10),\"\")","v":""},null,null,{"$f":"IF(ISNUMBER(K10),IF(OR(K10<_xlfn.QUARTILE.INC($K$10:$K$29,1)-1.5*(_xlfn.QUARTILE.INC($K$10:K29,3)-_xlfn.QUARTILE.INC($K$10:$K$29,1)),K10>_xlfn.QUARTILE.INC($K$10:$K$29,3)+1.5*(_xlfn.QUARTILE.INC($K$10:$K$29,3)-_xlfn.QUARTILE.INC($K$10:$K$29,1))),\"Não\",\"Sim\"),\"\")","v":""}]
[{"$nulls":9},"","","",null,null,{"$f":"IF(ISNUMBER(K11),IF(OR(K11<_xlfn.QUARTILE.INC($K$10:$K$29,1)-1.5*(_xlfn.QUARTILE.INC($K$10:K29,3)-_xlfn.QUARTILE.INC($K$10:$K$29,1)),K11>_xlfn.QUARTILE.INC($K$10:$K$29,3)+1.5*(_xlfn.QUARTILE.INC($K$10:$K$29,3)-_xlfn.QUARTILE.INC($K$10:$K$29,1))),\"Não\",\"Sim\"),\"\")","v":""}]
[{"$nulls":9},"","","",null,null,{"$f":"IF(ISNUMBER(K12),IF(OR(K12<_xlfn.QUARTILE.INC($K$10:$K$29,1)-1.5*(_xlfn.QUARTILE.INC($K$10:K30,3)-_xlfn.QUARTILE.INC($K$10:$K$29,1)),K12>_xlfn.QUARTILE.INC($K$10:$K$29,3)+1.5*(_xlfn.QUARTILE.INC($K$10:$K$29,3)-_xlfn.QUARTILE.INC($K$10:$K$29,1))),\"Não\",\"Sim\"),\"\")","v":""}]
[{"$nulls":9},"","","",null,null,{"$f":"IF(ISNUMBER(K13),IF(OR(K13<_xlfn.QUARTILE.INC($K$10:$K$29,1)-1.5*(_xlfn.QUARTILE.INC($K$10:K31,3)-_xlfn.QUARTILE.INC($K$10:$K$29,1)),K13>_xlfn.QUARTILE.INC($K$10:$K$29,3)+1.5*(_xlfn.QUARTILE.INC($K$10:$K$29,3)-_xlfn.QUARTILE.INC($K$10:$K$29,1))),\"Não\",\"Sim\"),\"\")","v":""}]
[{"$nulls":9},"","","",null,null,{"$f":"IF(ISNUMBER(K14),IF(OR(K14<_xlfn.QUARTILE.INC($K$10:$K$29,1)-1.5*(_xlfn.QUARTILE.INC($K$10:K32,3)-_xlfn.QUARTILE.INC($K$10:$K$29,1)),K14>_xlfn.QUARTILE.INC($K$10:$K$29,3)+1.5*(_xlfn.QUARTILE.INC($K$10:$K$29,3)-_xlfn.QUARTILE.INC($K$10:$K$29,1))),\"Não\",\"Sim\"),\"\")","v":""}]
[{"$nulls":9},"","","",null,null,{"$f":"IF(ISNUMBER(K15),IF(OR(K15<_xlfn.QUARTILE.INC($K$10:$K$29,1)-1.5*(_xlfn.QUARTILE.INC($K$10:K35,3)-_xlfn.QUARTILE.INC($K$10:$K$29,1)),K15>_xlfn.QUARTILE.INC($K$10:$K$29,3)+1.5*(_xlfn.QUARTILE.INC($K$10:$K$29,3)-_xlfn.QUARTILE.INC($K$10:$K$29,1))),\"Não\",\"Sim\"),\"\")","v":""}]
[{"$nulls":9},"","","",null,null,{"$f":"IF(ISNUMBER(K16),IF(OR(K16<_xlfn.QUARTILE.INC($K$10:$K$29,1)-1.5*(_xlfn.QUARTILE.INC($I$10:I37,3)-_xlfn.QUARTILE.INC($K$10:$K$29,1)),K16>_xlfn.QUARTILE.INC($K$10:$K$29,3)+1.5*(_xlfn.QUARTILE.INC($K$10:$K$29,3)-_xlfn.QUARTILE.INC($K$10:$K$29,1))),\"Não\",\"Sim\"),\"\")","v":""}]
[null,"COTAÇÕES DE MERCADO",{"$nulls":12},"Cotações"]
[null,"Empresa",{"$nulls":7},"Data","Preço Unitário","Utilizar? (Sim/Não)",null,null,"Outliers","Por critério do(a) analista"]
[null,"https://www.leroymerlin.com.br/eletrocalhaperfuradatipou100x50x3000mmnum24aco-zincado-seb-brasil_1570422345?gad_campaignid=23037770349&gbraid=0AAAAADkzLZ4p60B4hyxZOoXF4KHrkG6ED",{"$nulls":7},"2026-03-12",{"$f":"5088.98/201","v":25.318308457711442},{"$f":"IF(ISNUMBER(K19),IF($L$32=$O$18,O19,IF($L$32=$P$18,P19,\"\")),\"\")","v":"Sim"},null,null,{"$f":"IF(ISNUMBER(K19),IF(OR(K19<_xlfn.QUARTILE.INC($K$10:$K$29,1)-1.5*(_xlfn.QUARTILE.INC($K$10:$K$29,3)-_xlfn.QUARTILE.INC($K$10:$K$29,1)),K19>_xlfn.QUARTILE.INC($K$10:$K$29,3)+1.5*(_xlfn.QUARTILE.INC($K$10:$K$29,3)-_xlfn.QUARTILE.INC($K$10:$K$29,1))),\"Não\",\"Sim\"),\"\")","v":"Sim"}]
[null,"https://www.dimensional.com.br/eletrocalha-perfurada-sem-virola-100mm-50mm-3000mm-ch22-msg-pre-galvanizado-0-dispan/p?idsku=100945&srsltid=AfmBOori2z9t9CAE3vtXgWzZe83hchiA4WOeWNUKZGQbIe_r0u0VFlVjDD8",{"$nulls":7},"2026-03-12",{"$f":"4085.17/201","v":20.324228855721394},"Sim",null,null,"Sim"]
[null,"https://lojasebbrasil.com.br/produtos/eletrocalha-perfurada-tipo-u-100x50x3000mm-24-pz/?variant=797226373&pf=mc&srsltid=AfmBOoqhkAXC3he8LLrLJSp38kNHaBX-6ikWpvmj0VefvizecrRCS9F9RIY",{"$nulls":7},"2026-03-12",{"$f":"6327.94/201","v":31.482288557213927},"Sim",null,null,"Sim"]
[{"$nulls":11},"",null,null,""]
[{"$nulls":11},"",null,null,""]
[{"$nulls":11},"",null,null,""]
[{"$nulls":11},"",null,null,""]
[{"$nulls":11},"",null,null,""]
[{"$nulls":11},"",null,null,""]
[{"$nulls":11},"",null,null,""]
[{"$nulls":11},"",null,null,""]
[null,"Observações:",{"$nulls":8},"Média:",{"$f":"IF($L$32=\"\",\"Selecione metodologia para exclusão de preços\",AVERAGE(IF($L$10:$L$29=\"Sim\",$K$10:$K$29)))","v":25.708275290215585},null,"Média (Cotações)",{"$f":"IF(COUNTIF(O19:O29,\"Sim\")<3,\"N/D (são necessários pelo menos 3 preços)\",AVERAGE(IF(O19:O29=\"Sim\",$K19:$K29)))","v":25.708275290215585},{"$f":"IF(COUNTIF(P19:P29,\"Sim\")<3,\"N/D (são necessários pelo menos 3 preços)\",AVERAGE(IF(P19:P29=\"Sim\",$K19:$K29)))","v":"N/D (são necessários pelo menos 3 preços)"}]
[{"$nulls":10},"Mediana:",{"$f":"IF($L$32=\"\",\"Selecione metodologia para exclusão de preços\",MEDIAN(IF($L$10:$L$29=\"Sim\",$K$10:$K$29)))","v":25.318308457711442},null,"Mediana (Cotações)",{"$f":"IF(COUNTIF(O19:O29,\"Sim\")<3,\"N/D (são necessários pelo menos 3 preços)\",MEDIAN(IF(O19:O29=\"Sim\",$K19:$K29)))","v":25.318308457711442},{"$f":"IF(COUNTIF(P19:P29,\"Sim\")<3,\"N/D (são necessários pelo menos 3 preços)\",MEDIAN(IF(P19:P29=\"Sim\",$K19:$K29)))","v":"N/D (são necessários pelo menos 3 preços)"}]
[null,"Metodologia de exclusão de preços adotada:",{"$nulls":9},{"$f":"IF(O35=\"\",INDEX(O18:P18,MATCH(MIN(#REF!),#REF!,0)),O35)","v":"Outliers"},null,"CV (Cotações)",{"$f":"IF(COUNTIF(O19:O29,\"Sim\")<3,\"N/D (são necessários pelo menos 3 preços)\",_xlfn.STDEV.S(IF(O19:O29=\"Sim\",$K19:$K29))/AVERAGE(IF(O19:O29=\"Sim\",$K19:$K29)))","v":0.21741024061225675},{"$f":"IF(COUNTIF(P19:P29,\"Sim\")<3,\"N/D (são necessários pelo menos 3 preços)\",_xlfn.STDEV.S(IF(P19:P29=\"Sim\",$K19:$K29))/AVERAGE(IF(P19:P29=\"Sim\",$K19:$K29)))","v":"N/D (são necessários pelo menos 3 preços)"}]
[{"$nulls":13},"Média",{"$f":"IF(SUM(COUNTIF($O$10:$O$16,\"Sim\")) + SUM(COUNTIF(O19:O29,\"Sim\")) < 3,\n   \"N/D (são necessários pelo menos 3 preços)\",\n   IFERROR(AVERAGE(_xlfn._xlws.FILTER($K$10:$K$16,$O$10:$O$16=\"Sim\"), _xlfn._xlws.FILTER($K$19:$K$29,O19:O29=\"Sim\")),O30))","v":25.708275290215585},{"$f":"IF(SUM(COUNTIF($P$10:$P$16,\"Sim\")) + SUM(COUNTIF(P19:P29,\"Sim\")) < 3,\n   \"N/D (são necessários pelo menos 3 preços)\",\n   IFERROR(AVERAGE(_xlfn._xlws.FILTER($K$10:$K$16,$P$10:$P$16=\"Sim\"), _xlfn._xlws.FILTER($K$19:$K$29,P19:P29=\"Sim\")),P30))","v":"N/D (são necessários pelo menos 3 preços)"}]
[{"$nulls":13},"Mediana",{"$f":"IF(SUM(COUNTIF($O$10:$O$16,\"Sim\")) + SUM(COUNTIF(O19:O29,\"Sim\")) < 3,\n   \"N/D (são necessários pelo menos 3 preços)\",\n   IFERROR(MEDIAN(_xlfn._xlws.FILTER($K$10:$K$16,$O$10:$O$16=\"Sim\"), _xlfn._xlws.FILTER($K$19:$K$29,O19:O29=\"Sim\")),O31))","v":25.318308457711442},{"$f":"IF(SUM(COUNTIF($P10:$P$16,\"Sim\")) + SUM(COUNTIF(P19:P29,\"Sim\")) < 3,\n   \"N/D (são necessários pelo menos 3 preços)\",\n   IFERROR(MEDIAN(_xlfn._xlws.FILTER($K$10:$K$16,$P$10:$P$16=\"Sim\"), _xlfn._xlws.FILTER($K$19:$K$29,P19:P29=\"Sim\")),P31))","v":"N/D (são necessários pelo menos 3 preços)"}]
[null,"COSOLIDAÇÃO DOS PREÇOS",{"$nulls":11},"Metodologia a adotar:",{"$f":"IF(INDEX(O18:P18,P35)=0,\"\",INDEX(O18:P18,P35))","v":"Outliers"},1]
[]
[null,"PREÇO UNITÁRIO ESTIMADO ADOTADO:",{"$nulls":9},{"$f":"IF($B$39=\"Mediana:\",L31,L30)","v":25.318308457711442}]
[]
[{"$f":"O18","v":"Outliers"},"Mediana:"]
[{"$f":"P18","v":"Por critério do(a) analista"}]
[null,"OBS > A UNIDADE DA ELETROCALHA VEM COM 3 METROS -> PARA O PREÇO POR METRO É NECESSARIO DIVIDIR POR 3"]
[null,"Para cotação, considerou-se a necessidade de 67 peças de 3m, calculou-se o frete para o local e dividiu-se pelo quantitativo EM METROS (201 metros)"]

{"sheet":"COT LUMINARIA LED","index":11,"n_rows":42,"n_cols":16,"rows_kept":42,"cut":false,"hidden":false,"merged":[[16,14,16,15],[0,0,0,6],[6,2,6,7],[6,14,6,15],[7,1,7,11],[7,14,7,15],[16,1,16,11],[17,1,17,8],[18,1,18,8],[19,1,19,8],[20,1,20,8],[21,1,21,8],[36,1,36,10],[28,1,28,8],[22,1,22,8],[31,1,33,10],[31,11,33,11],[34,1,35,10],[34,11,35,11],[23,1,23,8],[24,1,24,8],[25,1,25,8],[26,1,26,8],[27,1,27,8]]}
[]
[null,"Processo","59500.003753/2025-45"]
[null,"Responsável","AG/GCT/UCT"]
[null,"Área de Origem","AG/GCT/UCT"]
[null,"Data da pesquisa","2026-03-11"]
[]
[null,"ITEM:","LUMINÁRIA PAINEL LED PLAFON QUADRADO 40X40CM EMBUTIR 6000K LUZ BRANCA 36W BIVOLT",{"$nulls":5},"UNIDADE DE MEDIDA:","Unidade","QUANTIDADE:",320,null,null,"Tabela auxiliar de metodologias para exclusão de preços"]
[null,"LICITAÇÕES ANTERIORES",{"$nulls":12},"Licitações Anteriores"]
[null,"Órgão","Edital/Ano - Nº do Lote / Item","Quantidade","Valor Unitário","Data","índice de atualização (nome)","I0","If","Variação acumulada do índice (%)","Preço unitário atualizado","Utilizar?  (Sim/Não)",null,null,"Outliers","Por critério do(a) analista"]
[{"$nulls":9},{"$f":"IF(ISBLANK(E10),\"\",IF(ISNUMBER(H10),(I10-H10)/H10,0))","v":""},{"$f":"IF(ISBLANK(E10),\"\",E10*(1+J10))","v":""},{"$f":"IF(ISNUMBER(K10),IF($L$32<>$P$9,O10,P10),\"\")","v":""},null,null,{"$f":"IF(ISNUMBER(K10),IF(OR(K10<_xlfn.QUARTILE.INC($K$10:$K$29,1)-1.5*(_xlfn.QUARTILE.INC($K$10:K29,3)-_xlfn.QUARTILE.INC($K$10:$K$29,1)),K10>_xlfn.QUARTILE.INC($K$10:$K$29,3)+1.5*(_xlfn.QUARTILE.INC($K$10:$K$29,3)-_xlfn.QUARTILE.INC($K$10:$K$29,1))),\"Não\",\"Sim\"),\"\")","v":""}]
[{"$nulls":9},"","","",null,null,{"$f":"IF(ISNUMBER(K11),IF(OR(K11<_xlfn.QUARTILE.INC($K$10:$K$29,1)-1.5*(_xlfn.QUARTILE.INC($K$10:K29,3)-_xlfn.QUARTILE.INC($K$10:$K$29,1)),K11>_xlfn.QUARTILE.INC($K$10:$K$29,3)+1.5*(_xlfn.QUARTILE.INC($K$10:$K$29,3)-_xlfn.QUARTILE.INC($K$10:$K$29,1))),\"Não\",\"Sim\"),\"\")","v":""}]
[{"$nulls":9},"","","",null,null,{"$f":"IF(ISNUMBER(K12),IF(OR(K12<_xlfn.QUARTILE.INC($K$10:$K$29,1)-1.5*(_xlfn.QUARTILE.INC($K$10:K30,3)-_xlfn.QUARTILE.INC($K$10:$K$29,1)),K12>_xlfn.QUARTILE.INC($K$10:$K$29,3)+1.5*(_xlfn.QUARTILE.INC($K$10:$K$29,3)-_xlfn.QUARTILE.INC($K$10:$K$29,1))),\"Não\",\"Sim\"),\"\")","v":""}]
[{"$nulls":9},"","","",null,null,{"$f":"IF(ISNUMBER(K13),IF(OR(K13<_xlfn.QUARTILE.INC($K$10:$K$29,1)-1.5*(_xlfn.QUARTILE.INC($K$10:K31,3)-_xlfn.QUARTILE.INC($K$10:$K$29,1)),K13>_xlfn.QUARTILE.INC($K$10:$K$29,3)+1.5*(_xlfn.QUARTILE.INC($K$10:$K$29,3)-_xlfn.QUARTILE.INC($K$10:$K$29,1))),\"Não\",\"Sim\"),\"\")","v":""}]
[{"$nulls":9},"","","",null,null,{"$f":"IF(ISNUMBER(K14),IF(OR(K14<_xlfn.QUARTILE.INC($K$10:$K$29,1)-1.5*(_xlfn.QUARTILE.INC($K$10:K32,3)-_xlfn.QUARTILE.INC($K$10:$K$29,1)),K14>_xlfn.QUARTILE.INC($K$10:$K$29,3)+1.5*(_xlfn.QUARTILE.INC($K$10:$K$29,3)-_xlfn.QUARTILE.INC($K$10:$K$29,1))),\"Não\",\"Sim\"),\"\")","v":""}]
[{"$nulls":9},"","","",null,null,{"$f":"IF(ISNUMBER(K15),IF(OR(K15<_xlfn.QUARTILE.INC($K$10:$K$29,1)-1.5*(_xlfn.QUARTILE.INC($K$10:K35,3)-_xlfn.QUARTILE.INC($K$10:$K$29,1)),K15>_xlfn.QUARTILE.INC($K$10:$K$29,3)+1.5*(_xlfn.QUARTILE.INC($K$10:$K$29,3)-_xlfn.QUARTILE.INC($K$10:$K$29,1))),\"Não\",\"Sim\"),\"\")","v":""}]
[{"$nulls":9},"","","",null,null,{"$f":"IF(ISNUMBER(K16),IF(OR(K16<_xlfn.QUARTILE.INC($K$10:$K$29,1)-1.5*(_xlfn.QUARTILE.INC($I$10:I37,3)-_xlfn.QUARTILE.INC($K$10:$K$29,1)),K16>_xlfn.QUARTILE.INC($K$10:$K$29,3)+1.5*(_xlfn.QUARTILE.INC($K$10:$K$29,3)-_xlfn.QUARTILE.INC($K$10:$K$29,1))),\"Não\",\"Sim\"),\"\")","v":""}]
[null,"COTAÇÕES DE MERCADO",{"$nulls":12},"Cotações"]
[null,"Empresa",{"$nulls":7},"Data","Preço Unitário","Utilizar? (Sim/Não)",null,null,"Outliers","Por critério do(a) analista"]
[null,"https://www.sustentaled.com.br/luminaria-plafon-led-36w-40x40-quadrado-embutir-branco-frio-6000k?srsltid=AfmBOooUsac27JsEeTz0shw-CUTQk2biiV-_BMOa72gaegUtc97umUZc",{"$nulls":7},"2026-03-12",{"$f":"23676.8/320","v":73.989999999999995},{"$f":"IF(ISNUMBER(K19),IF($L$32=$O$18,O19,IF($L$32=$P$18,P19,\"\")),\"\")","v":"Sim"},null,null,{"$f":"IF(ISNUMBER(K19),IF(OR(K19<_xlfn.QUARTILE.INC($K$10:$K$29,1)-1.5*(_xlfn.QUARTILE.INC($K$10:$K$29,3)-_xlfn.QUARTILE.INC($K$10:$K$29,1)),K19>_xlfn.QUARTILE.INC($K$10:$K$29,3)+1.5*(_xlfn.QUARTILE.INC($K$10:$K$29,3)-_xlfn.QUARTILE.INC($K$10:$K$29,1))),\"Não\",\"Sim\"),\"\")","v":"Sim"}]
[null,"https://www.ecosoli.com.br/painel-led-18w-embutir-quadrado-branco-frio-6000k-bivolt-ecosoli?parceiro=2730&utm_source=google&utm_medium=cpc&utm_campaign=pareto.in.pmax.led&gad_source=1&gad_campaignid=23262795998&gbraid=0AAAAADGb0SCpiHPzt7M5nYjnV8MUyonna&gclid=CjwKCAjwyMnNBhBNEiwA-Kcgu7I0tfFmnfM-ngJ-odhM0ADnwS6OJo3n4v9uFQleZL--tUS7myxmXRoCwm8QAvD_BwE",{"$nulls":7},"2026-03-12",{"$f":"((55.28*99)+(1700.07))/(99)","v":72.452424242424243},"Sim",null,null,"Sim"]
[null,"https://www.benluz.com.br/luminaria-plafon-36w-led-40x40-quadrado-embutir-branco-frio?parceiro=1&srsltid=AfmBOop4Womcho1JkEQ3snXe1i7bup9Xomtzd_iybvcJznYTRrX5VRpJrV8",{"$nulls":7},"2026-03-12",{"$f":"(11078.15)/99","v":111.90050505050505},"Sim",null,null,"Sim"]
[{"$nulls":11},"",null,null,""]
[{"$nulls":11},"",null,null,""]
[{"$nulls":11},"",null,null,""]
[{"$nulls":11},"",null,null,""]
[{"$nulls":11},"",null,null,""]
[{"$nulls":11},"",null,null,""]
[{"$nulls":11},"",null,null,""]
[{"$nulls":11},"",null,null,""]
[null,"Observações:",{"$nulls":8},"Média:",{"$f":"IF($L$32=\"\",\"Selecione metodologia para exclusão de preços\",AVERAGE(IF($L$10:$L$29=\"Sim\",$K$10:$K$29)))","v":86.114309764309766},null,"Média (Cotações)",{"$f":"IF(COUNTIF(O19:O29,\"Sim\")<3,\"N/D (são necessários pelo menos 3 preços)\",AVERAGE(IF(O19:O29=\"Sim\",$K19:$K29)))","v":86.114309764309766},{"$f":"IF(COUNTIF(P19:P29,\"Sim\")<3,\"N/D (são necessários pelo menos 3 preços)\",AVERAGE(IF(P19:P29=\"Sim\",$K19:$K29)))","v":"N/D (são necessários pelo menos 3 preços)"}]
[{"$nulls":10},"Mediana:",{"$f":"IF($L$32=\"\",\"Selecione metodologia para exclusão de preços\",MEDIAN(IF($L$10:$L$29=\"Sim\",$K$10:$K$29)))","v":73.989999999999995},null,"Mediana (Cotações)",{"$f":"IF(COUNTIF(O19:O29,\"Sim\")<3,\"N/D (são necessários pelo menos 3 preços)\",MEDIAN(IF(O19:O29=\"Sim\",$K19:$K29)))","v":73.989999999999995},{"$f":"IF(COUNTIF(P19:P29,\"Sim\")<3,\"N/D (são necessários pelo menos 3 preços)\",MEDIAN(IF(P19:P29=\"Sim\",$K19:$K29)))","v":"N/D (são necessários pelo menos 3 preços)"}]
[null,"Metodologia de exclusão de preços adotada:",{"$nulls":9},{"$f":"IF(O35=\"\",INDEX(O18:P18,MATCH(MIN(#REF!),#REF!,0)),O35)","v":"Outliers"},null,"CV (Cotações)",{"$f":"IF(COUNTIF(O19:O29,\"Sim\")<3,\"N/D (são necessários pelo menos 3 preços)\",_xlfn.STDEV.S(IF(O19:O29=\"Sim\",$K19:$K29))/AVERAGE(IF(O19:O29=\"Sim\",$K19:$K29)))","v":0.25947754253670641},{"$f":"IF(COUNTIF(P19:P29,\"Sim\")<3,\"N/D (são necessários pelo menos 3 preços)\",_xlfn.STDEV.S(IF(P19:P29=\"Sim\",$K19:$K29))/AVERAGE(IF(P19:P29=\"Sim\",$K19:$K29)))","v":"N/D (são necessários pelo menos 3 preços)"}]
[{"$nulls":13},"Média",{"$f":"IF(SUM(COUNTIF($O$10:$O$16,\"Sim\")) + SUM(COUNTIF(O19:O29,\"Sim\")) < 3,\n   \"N/D (são necessários pelo menos 3 preços)\",\n   IFERROR(AVERAGE(_xlfn._xlws.FILTER($K$10:$K$16,$O$10:$O$16=\"Sim\"), _xlfn._xlws.FILTER($K$19:$K$29,O19:O29=\"Sim\")),O30))","v":86.114309764309766},{"$f":"IF(SUM(COUNTIF($P$10:$P$16,\"Sim\")) + SUM(COUNTIF(P19:P29,\"Sim\")) < 3,\n   \"N/D (são necessários pelo menos 3 preços)\",\n   IFERROR(AVERAGE(_xlfn._xlws.FILTER($K$10:$K$16,$P$10:$P$16=\"Sim\"), _xlfn._xlws.FILTER($K$19:$K$29,P19:P29=\"Sim\")),P30))","v":"N/D (são necessários pelo menos 3 preços)"}]
[{"$nulls":13},"Mediana",{"$f":"IF(SUM(COUNTIF($O$10:$O$16,\"Sim\")) + SUM(COUNTIF(O19:O29,\"Sim\")) < 3,\n   \"N/D (são necessários pelo menos 3 preços)\",\n   IFERROR(MEDIAN(_xlfn._xlws.FILTER($K$10:$K$16,$O$10:$O$16=\"Sim\"), _xlfn._xlws.FILTER($K$19:$K$29,O19:O29=\"Sim\")),O31))","v":73.989999999999995},{"$f":"IF(SUM(COUNTIF($P10:$P$16,\"Sim\")) + SUM(COUNTIF(P19:P29,\"Sim\")) < 3,\n   \"N/D (são necessários pelo menos 3 preços)\",\n   IFERROR(MEDIAN(_xlfn._xlws.FILTER($K$10:$K$16,$P$10:$P$16=\"Sim\"), _xlfn._xlws.FILTER($K$19:$K$29,P19:P29=\"Sim\")),P31))","v":"N/D (são necessários pelo menos 3 preços)"}]
[null,"COSOLIDAÇÃO DOS PREÇOS",{"$nulls":11},"Metodologia a adotar:",{"$f":"IF(INDEX(O18:P18,P35)=0,\"\",INDEX(O18:P18,P35))","v":"Outliers"},1]
[]
[null,"PREÇO UNITÁRIO ESTIMADO ADOTADO:",{"$nulls":9},{"$f":"IF($B$39=\"Mediana:\",L31,L30)","v":73.989999999999995}]
[]
[{"$f":"O18","v":"Outliers"},"Mediana:"]
[{"$f":"P18","v":"Por critério do(a) analista"}]
[]
[null,"Calculado para o quantitativo total de 320 unidades com frete e divididio pelo número total para o valor correto unitário. Algumas cotações foram feitas em 99 de quantativo pq o site permite até 99 unidades por pedido. O valor está como unitário"]

{"sheet":"COTAÇÃO MAT DE JAZIDA P. ATERRO","index":12,"n_rows":29,"n_cols":13,"rows_kept":29,"cut":false,"hidden":false,"merged":[[1,3,1,8],[2,3,2,8],[3,1,3,8],[6,3,6,4],[6,5,6,6],[6,7,6,8],[7,3,7,4],[7,5,7,6],[7,7,7,8],[8,3,8,4],[8,5,8,6],[8,7,8,8],[9,3,9,4],[9,5,9,6],[9,7,9,8],[10,3,10,4],[10,5,10,6],[10,7,10,8],[13,3,13,5],[13,7,13,8],[14,3,14,5],[14,7,14,8],[15,3,15,4],[15,5,15,6],[15,7,15,8],[16,3,16,4],[16,5,16,6],[16,7,16,8],[17,3,17,4],[17,5,17,6],[17,7,17,8],[27,4,31,8],[18,3,18,4],[18,5,18,6],[18,7,18,8],[19,3,19,8],[26,1,26,3],[26,4,26,8]]}
[]
[null,null,null,"MINISTÉRIO DO DESENVOLVIMENTO REGIONAL"]
[null,null,null,"COMPANHIA DE DESENVOLVIMENTO DOS VALES DO SÃO FRANCISCO E DO PARNAÍBA"]
[null,"COTAÇÕES "]
[]
[null,"EMPRESAS FORNECEDORAS:"]
[null,"EMPRESAS","CNPJ","NOME/EMPRESA",null,"CONTATO",null,"LINK"]
[null,"E001","03.316.138/0001-92","MIRANDA E CIA LTDA.",null,"(96) 99131-4909"]
[null,"E002","11.297.205/0001-05","CRISTAL CCH LTDA.",null,"(97) 98145-5030"]
[null,"E003","603.270.302-91","KAROLINA NAJARA SILVA DE ALMEIDA",null,"(96) 98120-8335"]
[null,"E004"]
[]
[null,"COTAÇÕES:"]
[null,"FONTE","CÓDIGO","DESCRIÇÃO",null,null,"UNIDADE","MÉDIA (R$"]
[null,"COTAÇÃO",null,"AREIA PARA ATERRO - POSTO JAZIDA/FORNECEDOR (RETIRADO NA JAZIDA, SEM TRANSPORTE E SEM CARGA DO MATERIAL EM CAMINHÃO)",null,null,"m³",{"$f":"M15*(1+G23)","v":12.177245677908362},null,"Média:",{"$f":"AVERAGE(F17:G19)","v":11.106666666666667},"Menor:",{"$f":"SMALL(K15:K16,1)","v":11}]
[null,null,"EMPRESA","NOME DA EMPRESA",null,"COTAÇÕES",null,"DATA COTAÇÃO",null,"Mediana:",{"$f":"MEDIAN(F17:G19)","v":11}]
[null,null,"E001",{"$f":"VLOOKUP(C17,$B$8:$G$11,3,FALSE)","v":"MIRANDA E CIA LTDA."},null,11,null,"17/11/2022",null,"CV:",{"$f":"_xlfn.STDEV.S(F17:G19)/AVERAGE(F17:G19)","v":7.608620349335328E-2}]
[null,null,"E002","CRISTAL CCH LTDA.",null,12,null,"17/11/2022"]
[null,null,"E003","KAROLINA NAJARA SILVA DE ALMEIDA",null,10.32,null,"17/11/2022"]
[null,null,"OBSERVAÇÕES:",""]
[]
[{"$nulls":4},"2022-11-01","2026-01-01","ÍNDICE DE CORREÇÃO"]
[null,null,"INCC BRASIL - DI -  MATERIAL À BASE DE MINERAIS NÃO METÁLICOS",null,751.48800000000006,831.91399999999999,{"$f":"F23/E23-1","v":0.10702233435530562}]
[]
[]
[]
[null,"RESPONSÁVEL PELA COTAÇÃO",null,null,"RESPONSÁVEL PELA PUBLICAÇÃO"]
[]
[null,"LUIS FERNANDO ANTUNES LIMA"]

{"sheet":"CRONOGRAMA (2)","index":13,"n_rows":74,"n_cols":16367,"rows_kept":74,"cut":false,"hidden":false,"merged":[[0,2,0,13],[1,2,1,13],[46,0,46,1],[57,2,57,4],[57,10,57,12],[58,2,58,4],[58,10,58,12],[59,2,59,4],[59,10,59,12],[60,2,60,4],[60,11,60,13],[6,0,7,0],[12,0,13,0],[14,0,15,0],[16,0,17,0],[18,0,19,0],[20,0,21,0],[22,0,23,0],[24,0,25,0],[26,0,27,0],[28,0,29,0],[30,0,31,0],[32,0,33,0],[34,0,35,0],[36,0,37,0],[38,0,39,0],[42,0,43,0],[44,0,45,0],[6,1,7,1],[12,1,13,1],[14,1,15,1],[16,1,17,1],[32,1,33,1],[34,1,35,1],[36,1,37,1],[38,1,39,1],[42,1,43,1],[44,1,45,1],[6,2,7,2],[47,2,49,2],[53,10,55,10],[6,11,7,11],[47,11,49,11],[50,11,52,11],[53,11,55,11],[50,2,52,2],[53,2,55,2],[6,3,7,3],[47,3,49,3],[50,3,52,3],[53,3,55,3],[6,4,7,4],[47,4,49,4],[50,4,52,4],[53,4,55,4],[6,5,7,5],[47,5,49,5],[50,5,52,5],[53,5,55,5],[6,6,7,6],[47,6,49,6],[50,6,52,6],[53,6,55,6],[6,12,7,12],[47,12,49,12],[50,12,52,12],[53,12,55,12],[6,13,7,13],[47,13,49,13],[50,13,52,13],[53,13,55,13],[0,0,1,1],[47,0,49,1],[50,0,52,1],[53,0,55,1],[2,0,3,13],[40,0,41,0],[40,1,41,1],[10,0,11,0],[10,1,11,1],[8,0,9,0],[8,1,9,1],[18,1,19,1],[20,1,21,1],[22,1,23,1],[24,1,25,1],[26,1,27,1],[28,1,29,1],[30,1,31,1],[4,14,5,29],[4,30,5,45],[4,46,5,61],[4,62,5,77],[6,7,7,7],[47,7,49,7],[50,7,52,7],[53,7,55,7],[6,8,7,8],[47,8,49,8],[50,8,52,8],[53,8,55,8],[6,9,7,9],[47,9,49,9],[50,9,52,9],[53,9,55,9],[6,10,7,10],[47,10,49,10],[50,10,52,10],[4,78,5,93],[4,94,5,109],[4,110,5,125],[4,126,5,141],[4,142,5,157],[4,158,5,173],[4,174,5,189],[4,190,5,205],[4,206,5,221],[4,222,5,237],[4,238,5,253],[4,254,5,269],[4,270,5,285],[4,286,5,301],[4,302,5,317],[4,318,5,333],[4,334,5,349],[4,350,5,365],[4,366,5,381],[4,382,5,397],[4,398,5,413],[4,414,5,429],[4,430,5,445],[4,446,5,461],[4,462,5,477],[4,478,5,493],[4,494,5,509],[4,510,5,525],[4,526,5,541],[4,542,5,557],[4,558,5,573],[4,574,5,589],[4,590,5,605],[4,606,5,621],[4,622,5,637],[4,638,5,653],[4,654,5,669],[4,670,5,685],[4,686,5,701],[4,702,5,717],[4,718,5,733],[4,734,5,749],[4,750,5,765],[4,766,5,781],[4,782,5,797],[4,798,5,813],[4,814,5,829],[4,830,5,845],[4,846,5,861],[4,862,5,877],[4,878,5,893],[4,894,5,909],[4,910,5,925],[4,926,5,941],[4,942,5,957],[4,958,5,973],[4,974,5,989],[4,990,5,1005],[4,1006,5,1021],[4,1022,5,1037],[4,1038,5,1053],[4,1054,5,1069],[4,1070,5,1085],[4,1086,5,1101],[4,1102,5,1117],[4,1118,5,1133],[4,1134,5,1149],[4,1150,5,1165],[4,1166,5,1181],[4,1182,5,1197],[4,1198,5,1213],[4,1214,5,1229],[4,1230,5,1245],[4,1246,5,1261],[4,1262,5,1277],[4,1278,5,1293],[4,1294,5,1309],[4,1310,5,1325],[4,1326,5,1341],[4,1342,5,1357],[4,1358,5,1373],[4,1374,5,1389],[4,1390,5,1405],[4,1406,5,1421],[4,1422,5,1437],[4,1438,5,1453],[4,1454,5,1469],[4,1470,5,1485],[4,1486,5,1501],[4,1502,5,1517],[4,1518,5,1533],[4,1534,5,1549],[4,1550,5,1565],[4,1566,5,1581],[4,1582,5,1597],[4,1598,5,1613],[4,1614,5,1629],[4,1630,5,1645],[4,1646,5,1661],[4,1662,5,1677],[4,1678,5,1693],[4,1694,5,1709],[4,1710,5,1725],[4,1726,5,1741],[4,1742,5,1757],[4,1758,5,1773],[4,1774,5,1789],[4,1790,5,1805],[4,1806,5,1821],[4,1822,5,1837],[4,1838,5,1853],[4,1854,5,1869],[4,1870,5,1885],[4,1886,5,1901],[4,1902,5,1917],[4,1918,5,1933],[4,1934,5,1949],[4,1950,5,1965],[4,1966,5,1981],[4,1982,5,1997],[4,1998,5,2013],[4,2014,5,2029],[4,2030,5,2045],[4,2046,5,2061],[4,2062,5,2077],[4,2078,5,2093],[4,2094,5,2109],[4,2110,5,2125],[4,2126,5,2141],[4,2142,5,2157],[4,2158,5,2173],[4,2174,5,2189],[4,2190,5,2205],[4,2206,5,2221],[4,2222,5,2237],[4,2238,5,2253],[4,2254,5,2269],[4,2270,5,2285],[4,2286,5,2301],[4,2302,5,2317],[4,2318,5,2333],[4,2334,5,2349],[4,2350,5,2365],[4,2366,5,2381],[4,2382,5,2397],[4,2398,5,2413],[4,2414,5,2429],[4,2430,5,2445],[4,2446,5,2461],[4,2462,5,2477],[4,2478,5,2493],[4,2494,5,2509],[4,2510,5,2525],[4,2526,5,2541],[4,2542,5,2557],[4,2558,5,2573],[4,2574,5,2589],[4,2590,5,2605],[4,2606,5,2621],[4,2622,5,2637],[4,2638,5,2653],[4,2654,5,2669],[4,2670,5,2685],[4,2686,5,2701],[4,2702,5,2717],[4,2718,5,2733],[4,2734,5,2749],[4,2750,5,2765],[4,2766,5,2781],[4,2782,5,2797],[4,2798,5,2813],[4,2814,5,2829],[4,2830,5,2845],[4,2846,5,2861],[4,2862,5,2877],[4,2878,5,2893],[4,2894,5,2909],[4,2910,5,2925],[4,2926,5,2941],[4,2942,5,2957],[4,2958,5,2973],[4,2974,5,2989],[4,2990,5,3005],[4,3006,5,3021],[4,3022,5,3037],[4,3038,5,3053],[4,3054,5,3069],[4,3070,5,3085],[4,3086,5,3101],[4,3102,5,3117],[4,3118,5,3133],[4,3134,5,3149],[4,3150,5,3165],[4,3166,5,3181],[4,3182,5,3197],[4,3198,5,3213],[4,3214,5,3229],[4,3230,5,3245],[4,3246,5,3261],[4,3262,5,3277],[4,3278,5,3293],[4,3294,5,3309],[4,3310,5,3325],[4,3326,5,3341],[4,3342,5,3357],[4,3358,5,3373],[4,3374,5,3389],[4,3390,5,3405],[4,3406,5,3421],[4,3422,5,3437],[4,3438,5,3453],[4,3454,5,3469],[4,3470,5,3485],[4,3486,5,3501],[4,3502,5,3517],[4,3518,5,3533],[4,3534,5,3549],[4,3550,5,3565],[4,3566,5,3581],[4,3582,5,3597],[4,3598,5,3613],[4,3614,5,3629],[4,3630,5,3645],[4,3646,5,3661],[4,3662,5,3677],[4,3678,5,3693],[4,3694,5,3709],[4,3710,5,3725],[4,3726,5,3741],[4,3742,5,3757],[4,3758,5,3773],[4,3774,5,3789],[4,3790,5,3805],[4,3806,5,3821],[4,3822,5,3837],[4,3838,5,3853],[4,3854,5,3869],[4,3870,5,3885],[4,3886,5,3901],[4,3902,5,3917],[4,3918,5,3933],[4,3934,5,3949],[4,3950,5,3965],[4,3966,5,3981],[4,3982,5,3997],[4,3998,5,4013],[4,4014,5,4029],[4,4030,5,4045],[4,4046,5,4061],[4,4062,5,4077],[4,4078,5,4093],[4,4094,5,4109],[4,4110,5,4125],[4,4126,5,4141],[4,4142,5,4157],[4,4158,5,4173],[4,4174,5,4189],[4,4190,5,4205],[4,4206,5,4221],[4,4222,5,4237],[4,4238,5,4253],[4,4254,5,4269],[4,4270,5,4285],[4,4286,5,4301],[4,4302,5,4317],[4,4318,5,4333],[4,4334,5,4349],[4,4350,5,4365],[4,4366,5,4381],[4,4382,5,4397],[4,4398,5,4413],[4,4414,5,4429],[4,4430,5,4445],[4,4446,5,4461],[4,4462,5,4477],[4,4478,5,4493],[4,4494,5,4509],[4,4510,5,4525],[4,4526,5,4541],[4,4542,5,4557],[4,4558,5,4573],[4,4574,5,4589],[4,4590,5,4605],[4,4606,5,4621],[4,4622,5,4637],[4,4638,5,4653],[4,4654,5,4669],[4,4670,5,4685],[4,4686,5,4701],[4,4702,5,4717],[4,4718,5,4733],[4,4734,5,4749],[4,4750,5,4765],[4,4766,5,4781],[4,4782,5,4797],[4,4798,5,4813],[4,4814,5,4829],[4,4830,5,4845],[4,4846,5,4861],[4,4862,5,4877],[4,4878,5,4893],[4,4894,5,4909],[4,4910,5,4925],[4,4926,5,4941],[4,4942,5,4957],[4,4958,5,4973],[4,4974,5,4989],[4,4990,5,5005],[4,5006,5,5021],[4,5022,5,5037],[4,5038,5,5053],[4,5054,5,5069],[4,5070,5,5085],[4,5086,5,5101],[4,5102,5,5117],[4,5118,5,5133],[4,5134,5,5149],[4,5150,5,5165],[4,5166,5,5181],[4,5182,5,5197],[4,5198,5,5213],[4,5214,5,5229],[4,5230,5,5245],[4,5246,5,5261],[4,5262,5,5277],[4,5278,5,5293],[4,5294,5,5309],[4,5310,5,5325],[4,5326,5,5341],[4,5342,5,5357],[4,5358,5,5373],[4,5374,5,5389],[4,5390,5,5405],[4,5406,5,5421],[4,5422,5,5437],[4,5438,5,5453],[4,5454,5,5469],[4,5470,5,5485],[4,5486,5,5501],[4,5502,5,5517],[4,5518,5,5533],[4,5534,5,5549],[4,5550,5,5565],[4,5566,5,5581],[4,5582,5,5597],[4,5598,5,5613],[4,5614,5,5629],[4,5630,5,5645],[4,5646,5,5661],[4,5662,5,5677],[4,5678,5,5693],[4,5694,5,5709],[4,5710,5,5725],[4,5726,5,5741],[4,5742,5,5757],[4,5758,5,5773],[4,5774,5,5789],[4,5790,5,5805],[4,5806,5,5821],[4,5822,5,5837],[4,5838,5,5853],[4,5854,5,5869],[4,5870,5,5885],[4,5886,5,5901],[4,5902,5,5917],[4,5918,5,5933],[4,5934,5,5949],[4,5950,5,5965],[4,5966,5,5981],[4,5982,5,5997],[4,5998,5,6013],[4,6014,5,6029],[4,6030,5,6045],[4,6046,5,6061],[4,6062,5,6077],[4,6078,5,6093],[4,6094,5,6109],[4,6110,5,6125],[4,6126,5,6141],[4,6142,5,6157],[4,6158,5,6173],[4,6174,5,6189],[4,6190,5,6205],[4,6206,5,6221],[4,6222,5,6237],[4,6238,5,6253],[4,6254,5,6269],[4,6270,5,6285],[4,6286,5,6301],[4,6302,5,6317],[4,6318,5,6333],[4,6334,5,6349],[4,6350,5,6365],[4,6366,5,6381],[4,6382,5,6397],[4,6398,5,6413],[4,6414,5,6429],[4,6430,5,6445],[4,6446,5,6461],[4,6462,5,6477],[4,6478,5,6493],[4,6494,5,6509],[4,6510,5,6525],[4,6526,5,6541],[4,6542,5,6557],[4,6558,5,6573],[4,6574,5,6589],[4,6590,5,6605],[4,6606,5,6621],[4,6622,5,6637],[4,6638,5,6653],[4,6654,5,6669],[4,6670,5,6685],[4,6686,5,6701],[4,6702,5,6717],[4,6718,5,6733],[4,6734,5,6749],[4,6750,5,6765],[4,6766,5,6781],[4,6782,5,6797],[4,6798,5,6813],[4,6814,5,6829],[4,6830,5,6845],[4,6846,5,6861],[4,6862,5,6877],[4,6878,5,6893],[4,6894,5,6909],[4,6910,5,6925],[4,6926,5,6941],[4,6942,5,6957],[4,6958,5,6973],[4,6974,5,6989],[4,6990,5,7005],[4,7006,5,7021],[4,7022,5,7037],[4,7038,5,7053],[4,7054,5,7069],[4,7070,5,7085],[4,7086,5,7101],[4,7102,5,7117],[4,7118,5,7133],[4,7134,5,7149],[4,7150,5,7165],[4,7166,5,7181],[4,7182,5,7197],[4,7198,5,7213],[4,7214,5,7229],[4,7230,5,7245],[4,7246,5,7261],[4,7262,5,7277],[4,7278,5,7293],[4,7294,5,7309],[4,7310,5,7325],[4,7326,5,7341],[4,7342,5,7357],[4,7358,5,7373],[4,7374,5,7389],[4,7390,5,7405],[4,7406,5,7421],[4,7422,5,7437],[4,7438,5,7453],[4,7454,5,7469],[4,7470,5,7485],[4,7486,5,7501],[4,7502,5,7517],[4,7518,5,7533],[4,7534,5,7549],[4,7550,5,7565],[4,7566,5,7581],[4,7582,5,7597],[4,7598,5,7613],[4,7614,5,7629],[4,7630,5,7645],[4,7646,5,7661],[4,7662,5,7677],[4,7678,5,7693],[4,7694,5,7709],[4,7710,5,7725],[4,7726,5,7741],[4,7742,5,7757],[4,7758,5,7773],[4,7774,5,7789],[4,7790,5,7805],[4,7806,5,7821],[4,7822,5,7837],[4,7838,5,7853],[4,7854,5,7869],[4,7870,5,7885],[4,7886,5,7901],[4,7902,5,7917],[4,7918,5,7933],[4,7934,5,7949],[4,7950,5,7965],[4,7966,5,7981],[4,7982,5,7997],[4,7998,5,8013],[4,8014,5,8029],[4,8030,5,8045],[4,8046,5,8061],[4,8062,5,8077],[4,8078,5,8093],[4,8094,5,8109],[4,8110,5,8125],[4,8126,5,8141],[4,8142,5,8157],[4,8158,5,8173],[4,8174,5,8189],[4,8190,5,8205],[4,8206,5,8221],[4,8222,5,8237],[4,8238,5,8253],[4,8254,5,8269],[4,8270,5,8285],[4,8286,5,8301],[4,8302,5,8317],[4,8318,5,8333],[4,8334,5,8349],[4,8350,5,8365],[4,8366,5,8381],[4,8382,5,8397],[4,8398,5,8413],[4,8414,5,8429],[4,8430,5,8445],[4,8446,5,8461],[4,8462,5,8477],[4,8478,5,8493],[4,8494,5,8509],[4,8510,5,8525],[4,8526,5,8541],[4,8542,5,8557],[4,8558,5,8573],[4,8574,5,8589],[4,8590,5,8605],[4,8606,5,8621],[4,8622,5,8637],[4,8638,5,8653],[4,8654,5,8669],[4,8670,5,8685],[4,8686,5,8701],[4,8702,5,8717],[4,8718,5,8733],[4,8734,5,8749],[4,8750,5,8765],[4,8766,5,8781],[4,8782,5,8797],[4,8798,5,8813],[4,8814,5,8829],[4,8830,5,8845],[4,8846,5,8861],[4,8862,5,8877],[4,8878,5,8893],[4,8894,5,8909],[4,8910,5,8925],[4,8926,5,8941],[4,8942,5,8957],[4,8958,5,8973],[4,8974,5,8989],[4,8990,5,9005],[4,9006,5,9021],[4,9022,5,9037],[4,9038,5,9053],[4,9054,5,9069],[4,9070,5,9085],[4,9086,5,9101],[4,9102,5,9117],[4,9118,5,9133],[4,9134,5,9149],[4,9150,5,9165],[4,9166,5,9181],[4,9182,5,9197],[4,9198,5,9213],[4,9214,5,9229],[4,9230,5,9245],[4,9246,5,9261],[4,9262,5,9277],[4,9278,5,9293],[4,9294,5,9309],[4,9310,5,9325],[4,9326,5,9341],[4,9342,5,9357],[4,9358,5,9373],[4,9374,5,9389],[4,9390,5,9405],[4,9406,5,9421],[4,9422,5,9437],[4,9438,5,9453],[4,9454,5,9469],[4,9470,5,9485],[4,9486,5,9501],[4,9502,5,9517],[4,9518,5,9533],[4,9534,5,9549],[4,9550,5,9565],[4,9566,5,9581],[4,9582,5,9597],[4,9598,5,9613],[4,9614,5,9629],[4,9630,5,9645],[4,9646,5,9661],[4,9662,5,9677],[4,9678,5,9693],[4,9694,5,9709],[4,9710,5,9725],[4,9726,5,9741],[4,9742,5,9757],[4,9758,5,9773],[4,9774,5,9789],[4,9790,5,9805],[4,9806,5,9821],[4,9822,5,9837],[4,9838,5,9853],[4,9854,5,9869],[4,9870,5,9885],[4,9886,5,9901],[4,9902,5,9917],[4,9918,5,9933],[4,9934,5,9949],[4,9950,5,9965],[4,9966,5,9981],[4,9982,5,9997],[4,9998,5,10013],[4,10014,5,10029],[4,10030,5,10045],[4,10046,5,10061],[4,10062,5,10077],[4,10078,5,10093],[4,10094,5,10109],[4,10110,5,10125],[4,10126,5,10141],[4,10142,5,10157],[4,10158,5,10173],[4,10174,5,10189],[4,10190,5,10205],[4,10206,5,10221],[4,10222,5,10237],[4,10238,5,10253],[4,10254,5,10269],[4,10270,5,10285],[4,10286,5,10301],[4,10302,5,10317],[4,10318,5,10333],[4,10334,5,10349],[4,10350,5,10365],[4,10366,5,10381],[4,10382,5,10397],[4,10398,5,10413],[4,10414,5,10429],[4,10430,5,10445],[4,10446,5,10461],[4,10462,5,10477],[4,10478,5,10493],[4,10494,5,10509],[4,10510,5,10525],[4,10526,5,10541],[4,10542,5,10557],[4,10558,5,10573],[4,10574,5,10589],[4,10590,5,10605],[4,10606,5,10621],[4,10622,5,10637],[4,10638,5,10653],[4,10654,5,10669],[4,10670,5,10685],[4,10686,5,10701],[4,10702,5,10717],[4,10718,5,10733],[4,10734,5,10749],[4,10750,5,10765],[4,10766,5,10781],[4,10782,5,10797],[4,10798,5,10813],[4,10814,5,10829],[4,10830,5,10845],[4,10846,5,10861],[4,10862,5,10877],[4,10878,5,10893],[4,10894,5,10909],[4,10910,5,10925],[4,10926,5,10941],[4,10942,5,10957],[4,10958,5,10973],[4,10974,5,10989],[4,10990,5,11005],[4,11006,5,11021],[4,11022,5,11037],[4,11038,5,11053],[4,11054,5,11069],[4,11070,5,11085],[4,11086,5,11101],[4,11102,5,11117],[4,11118,5,11133],[4,11134,5,11149],[4,11150,5,11165],[4,11166,5,11181],[4,11182,5,11197],[4,11198,5,11213],[4,11214,5,11229],[4,11230,5,11245],[4,11246,5,11261],[4,11262,5,11277],[4,11278,5,11293],[4,11294,5,11309],[4,11310,5,11325],[4,11326,5,11341],[4,11342,5,11357],[4,11358,5,11373],[4,11374,5,11389],[4,11390,5,11405],[4,11406,5,11421],[4,11422,5,11437],[4,11438,5,11453],[4,11454,5,11469],[4,11470,5,11485],[4,11486,5,11501],[4,11502,5,11517],[4,11518,5,11533],[4,11534,5,11549],[4,11550,5,11565],[4,11566,5,11581],[4,11582,5,11597],[4,11598,5,11613],[4,11614,5,11629],[4,11630,5,11645],[4,11646,5,11661],[4,11662,5,11677],[4,11678,5,11693],[4,11694,5,11709],[4,11710,5,11725],[4,11726,5,11741],[4,11742,5,11757],[4,11758,5,11773],[4,11774,5,11789],[4,11790,5,11805],[4,11806,5,11821],[4,11822,5,11837],[4,11838,5,11853],[4,11854,5,11869],[4,11870,5,11885],[4,11886,5,11901],[4,11902,5,11917],[4,11918,5,11933],[4,11934,5,11949],[4,11950,5,11965],[4,11966,5,11981],[4,11982,5,11997],[4,11998,5,12013],[4,12014,5,12029],[4,12030,5,12045],[4,12046,5,12061],[4,12062,5,12077],[4,12078,5,12093],[4,12094,5,12109],[4,12110,5,12125],[4,12126,5,12141],[4,12142,5,12157],[4,12158,5,12173],[4,12174,5,12189],[4,12190,5,12205],[4,12206,5,12221],[4,12222,5,12237],[4,12238,5,12253],[4,12254,5,12269],[4,12270,5,12285],[4,12286,5,12301],[4,12302,5,12317],[4,12318,5,12333],[4,12334,5,12349],[4,12350,5,12365],[4,12366,5,12381],[4,12382,5,12397],[4,12398,5,12413],[4,12414,5,12429],[4,12430,5,12445],[4,12446,5,12461],[4,12462,5,12477],[4,12478,5,12493],[4,12494,5,12509],[4,12510,5,12525],[4,12526,5,12541],[4,12542,5,12557],[4,12558,5,12573],[4,12574,5,12589],[4,12590,5,12605],[4,12606,5,12621],[4,12622,5,12637],[4,12638,5,12653],[4,12654,5,12669],[4,12670,5,12685],[4,12686,5,12701],[4,12702,5,12717],[4,12718,5,12733],[4,12734,5,12749],[4,12750,5,12765],[4,12766,5,12781],[4,12782,5,12797],[4,12798,5,12813],[4,12814,5,12829],[4,12830,5,12845],[4,12846,5,12861],[4,12862,5,12877],[4,12878,5,12893],[4,12894,5,12909],[4,12910,5,12925],[4,12926,5,12941],[4,12942,5,12957],[4,12958,5,12973],[4,12974,5,12989],[4,12990,5,13005],[4,13006,5,13021],[4,13022,5,13037],[4,13038,5,13053],[4,13054,5,13069],[4,13070,5,13085],[4,13086,5,13101],[4,13102,5,13117],[4,13118,5,13133],[4,13134,5,13149],[4,13150,5,13165],[4,13166,5,13181],[4,13182,5,13197],[4,13198,5,13213],[4,13214,5,13229],[4,13230,5,13245],[4,13246,5,13261],[4,13262,5,13277],[4,13278,5,13293],[4,13294,5,13309],[4,13310,5,13325],[4,13326,5,13341],[4,13342,5,13357],[4,13358,5,13373],[4,13374,5,13389],[4,13390,5,13405],[4,13406,5,13421],[4,13422,5,13437],[4,13438,5,13453],[4,13454,5,13469],[4,13470,5,13485],[4,13486,5,13501],[4,13502,5,13517],[4,13518,5,13533],[4,13534,5,13549],[4,13550,5,13565],[4,13566,5,13581],[4,13582,5,13597],[4,13598,5,13613],[4,13614,5,13629],[4,13630,5,13645],[4,13646,5,13661],[4,13662,5,13677],[4,13678,5,13693],[4,13694,5,13709],[4,13710,5,13725],[4,13726,5,13741],[4,13742,5,13757],[4,13758,5,13773],[4,13774,5,13789],[4,13790,5,13805],[4,13806,5,13821],[4,13822,5,13837],[4,13838,5,13853],[4,13854,5,13869],[4,13870,5,13885],[4,13886,5,13901],[4,13902,5,13917],[4,13918,5,13933],[4,13934,5,13949],[4,13950,5,13965],[4,13966,5,13981],[4,13982,5,13997],[4,13998,5,14013],[4,14014,5,14029],[4,14030,5,14045],[4,14046,5,14061],[4,14062,5,14077],[4,14078,5,14093],[4,14094,5,14109],[4,14110,5,14125],[4,14126,5,14141],[4,14142,5,14157],[4,14158,5,14173],[4,14174,5,14189],[4,14190,5,14205],[4,14206,5,14221],[4,14222,5,14237],[4,14238,5,14253],[4,14254,5,14269],[4,14270,5,14285],[4,14286,5,14301],[4,14302,5,14317],[4,14318,5,14333],[4,14334,5,14349]],"merged_total":1128,"flags":["merged_cut"]}
[null,null,"MINISTÉRIO DO DESENVOLVIMENTO REGIONAL"]
[null,null,"COMPANHIA DE DESENVOLVIMENTO DOS VALES DO SÃO FRANCISCO E DO PARNAÍBA"]
["EMPREENDIMENTO: CONSTRUÇÃO DA SEDE DA 11ª SUPERINTENDÊNCIA REGIONAL DA CODEVASF NO MUNICÍPIO DE MACAPÁ/AP"]
[]
[{"$f":"'Planilha de BDI S. DESON'!A8","v":"Data: Fev/2025"},{"$nulls":13},"EMPREENDIMENTO: CONSTRUÇÃO DA SEDE DA 11ª SUPERINTENDÊNCIA REGIONAL DA CODEVASF NO MUNICÍPIO DE MACAPÁ/AP",{"$nulls":15},"EMPREENDIMENTO: CONSTRUÇÃO DA SEDE DA 11ª SUPERINTENDÊNCIA REGIONAL DA CODEVASF NO MUNICÍPIO DE MACAPÁ/AP",{"$nulls":15},"EMPREENDIMENTO: CONSTRUÇÃO DA SEDE DA 11ª SUPERINTENDÊNCIA REGIONAL DA CODEVASF NO MUNICÍPIO DE MACAPÁ/AP",{"$nulls":15},"EMPREENDIMENTO: CONSTRUÇÃO DA SEDE DA 11ª SUPERINTENDÊNCIA REGIONAL DA CODEVASF NO MUNICÍPIO DE MACAPÁ/AP",{"$nulls":15},"EMPREENDIMENTO: CONSTRUÇÃO DA SEDE DA 11ª SUPERINTENDÊNCIA REGIONAL DA CODEVASF NO MUNICÍPIO DE MACAPÁ/AP",{"$nulls":15},"EMPREENDIMENTO: CONSTRUÇÃO DA SEDE DA 11ª SUPERINTENDÊNCIA REGIONAL DA CODEVASF NO MUNICÍPIO DE MACAPÁ/AP",{"$nulls":15},"EMPREENDIMENTO: CONSTRUÇÃO DA SEDE DA 11ª SUPERINTENDÊNCIA REGIONAL DA CODEVASF NO MUNICÍPIO DE MACAPÁ/AP",{"$nulls":15},"EMPREENDIMENTO: CONSTRUÇÃO DA SEDE DA 11ª SUPERINTENDÊNCIA REGIONAL DA CODEVASF NO MUNICÍPIO DE MACAPÁ/AP",{"$nulls":15},"EMPREENDIMENTO: CONSTRUÇÃO DA SEDE DA 11ª SUPERINTENDÊNCIA REGIONAL DA CODEVASF NO MUNICÍPIO DE MACAPÁ/AP",{"$nulls":15},"EMPREENDIMENTO: CONSTRUÇÃO DA SEDE DA 11ª SUPERINTENDÊNCIA REGIONAL DA CODEVASF NO MUNICÍPIO DE MACAPÁ/AP",{"$nulls":15},"EMPREENDIMENTO: CONSTRUÇÃO DA SEDE DA 11ª SUPERINTENDÊNCIA REGIONAL DA CODEVASF NO MUNICÍPIO DE MACAPÁ/AP",{"$nulls":15},"EMPREENDIMENTO: CONSTRUÇÃO DA SEDE DA 11ª SUPERINTENDÊNCIA REGIONAL DA CODEVASF NO MUNICÍPIO DE MACAPÁ/AP",{"$nulls":15},"EMPREENDIMENTO: CONSTRUÇÃO DA SEDE DA 11ª SUPERINTENDÊNCIA REGIONAL DA CODEVASF NO MUNICÍPIO DE MACAPÁ/AP",{"$nulls":15},"EMPREENDIMENTO: CONSTRUÇÃO DA SEDE DA 11ª SUPERINTENDÊNCIA REGIONAL DA CODEVASF NO MUNICÍPIO DE MACAPÁ/AP",{"$nulls":15},"EMPREENDIMENTO: CONSTRUÇÃO DA SEDE DA 11ª SUPERINTENDÊNCIA REGIONAL DA CODEVASF NO MUNICÍPIO DE MACAPÁ/AP",{"$nulls":15},"EMPREENDIMENTO: CONSTRUÇÃO DA SEDE DA 11ª SUPERINTENDÊNCIA REGIONAL DA CODEVASF NO MUNICÍPIO DE MACAPÁ/AP",{"$nulls":15},"EMPREENDIMENTO: CONSTRUÇÃO DA SEDE DA 11ª SUPERINTENDÊNCIA REGIONAL DA CODEVASF NO MUNICÍPIO DE MACAPÁ/AP",{"$nulls":15},"EMPREENDIMENTO: CONSTRUÇÃO DA SEDE DA 11ª SUPERINTENDÊNCIA REGIONAL DA CODEVASF NO MUNICÍPIO DE MACAPÁ/AP",{"$nulls":15},"EMPREENDIMENTO: CONSTRUÇÃO DA SEDE DA 11ª SUPERINTENDÊNCIA REGIONAL DA CODEVASF NO MUNICÍPIO DE MACAPÁ/AP",{"$nulls":15},"EMPREENDIMENTO: CONSTRUÇÃO DA SEDE DA 11ª SUPERINTENDÊNCIA REGIONAL DA CODEVASF NO MUNICÍPIO DE MACAPÁ/AP",{"$nulls":15},"EMPREENDIMENTO: CONSTRUÇÃO DA SEDE DA 11ª SUPERINTENDÊNCIA REGIONAL DA CODEVASF NO MUNICÍPIO DE MACAPÁ/AP",{"$nulls":15},"EMPREENDIMENTO: CONSTRUÇÃO DA SEDE DA 11ª SUPERINTENDÊNCIA REGIONAL DA CODEVASF NO MUNICÍPIO DE MACAPÁ/AP",{"$nulls":15},"EMPREENDIMENTO: CONSTRUÇÃO DA SEDE DA 11ª SUPERINTENDÊNCIA REGIONAL DA CODEVASF NO MUNICÍPIO DE MACAPÁ/AP",{"$nulls":15},"EMPREENDIMENTO: CONSTRUÇÃO DA SEDE DA 11ª SUPERINTENDÊNCIA REGIONAL DA CODEVASF NO MUNICÍPIO DE MACAPÁ/AP",{"$nulls":15},"EMPREENDIMENTO: CONSTRUÇÃO DA SEDE DA 11ª SUPERINTENDÊNCIA REGIONAL DA CODEVASF NO MUNICÍPIO DE MACAPÁ/AP",{"$nulls":15},"EMPREENDIMENTO: CONSTRUÇÃO DA SEDE DA 11ª SUPERINTENDÊNCIA REGIONAL DA CODEVASF NO MUNICÍPIO DE MACAPÁ/AP",{"$nulls":15},"EMPREENDIMENTO: CONSTRUÇÃO DA SEDE DA 11ª SUPERINTENDÊNCIA REGIONAL DA CODEVASF NO MUNICÍPIO DE MACAPÁ/AP",{"$nulls":15},"EMPREENDIMENTO: CONSTRUÇÃO DA SEDE DA 11ª SUPERINTENDÊNCIA REGIONAL DA CODEVASF NO MUNICÍPIO DE MACAPÁ/AP",{"$nulls":15},"EMPREENDIMENTO: CONSTRUÇÃO DA SEDE DA 11ª SUPERINTENDÊNCIA REGIONAL DA CODEVASF NO MUNICÍPIO DE MACAPÁ/AP",{"$nulls":15},"EMPREENDIMENTO: CONSTRUÇÃO DA SEDE DA 11ª SUPERINTENDÊNCIA REGIONAL DA CODEVASF NO MUNICÍPIO DE MACAPÁ/AP",{"$nulls":15},"EMPREENDIMENTO: CONSTRUÇÃO DA SEDE DA 11ª SUPERINTENDÊNCIA REGIONAL DA CODEVASF NO MUNICÍPIO DE MACAPÁ/AP",{"$nulls":15},"EMPREENDIMENTO: CONSTRUÇÃO DA SEDE DA 11ª SUPERINTENDÊNCIA REGIONAL DA CODEVASF NO MUNICÍPIO DE MACAPÁ/AP",{"$nulls":15},"EMPREENDIMENTO: CONSTRUÇÃO DA SEDE DA 11ª SUPERINTENDÊNCIA REGIONAL DA CODEVASF NO MUNICÍPIO DE MACAPÁ/AP",{"$nulls":15},"EMPREENDIMENTO: CONSTRUÇÃO DA SEDE DA 11ª SUPERINTENDÊNCIA REGIONAL DA CODEVASF NO MUNICÍPIO DE MACAPÁ/AP",{"$nulls":15},"EMPREENDIMENTO: CONSTRUÇÃO DA SEDE DA 11ª SUPERINTENDÊNCIA REGIONAL DA CODEVASF NO MUNICÍPIO DE MACAPÁ/AP",{"$nulls":15},"EMPREENDIMENTO: CONSTRUÇÃO DA SEDE DA 11ª SUPERINTENDÊNCIA REGIONAL DA CODEVASF NO MUNICÍPIO DE MACAPÁ/AP",{"$nulls":15},"EMPREENDIMENTO: CONSTRUÇÃO DA SEDE DA 11ª SUPERINTENDÊNCIA REGIONAL DA CODEVASF NO MUNICÍPIO DE MACAPÁ/AP",{"$nulls":15},"EMPREENDIMENTO: CONSTRUÇÃO DA SEDE DA 11ª SUPERINTENDÊNCIA REGIONAL DA CODEVASF NO MUNICÍPIO DE MACAPÁ/AP",{"$nulls":15},"EMPREENDIMENTO: CONSTRUÇÃO DA SEDE DA 11ª SUPERINTENDÊNCIA REGIONAL DA CODEVASF NO MUNICÍPIO DE MACAPÁ/AP",{"$nulls":15},"EMPREENDIMENTO: CONSTRUÇÃO DA SEDE DA 11ª SUPERINTENDÊNCIA REGIONAL DA CODEVASF NO MUNICÍPIO DE MACAPÁ/AP",{"$nulls":15},"EMPREENDIMENTO: CONSTRUÇÃO DA SEDE DA 11ª SUPERINTENDÊNCIA REGIONAL DA CODEVASF NO MUNICÍPIO DE MACAPÁ/AP",{"$nulls":15},"EMPREENDIMENTO: CONSTRUÇÃO DA SEDE DA 11ª SUPERINTENDÊNCIA REGIONAL DA CODEVASF NO MUNICÍPIO DE MACAPÁ/AP",{"$nulls":15},"EMPREENDIMENTO: CONSTRUÇÃO DA SEDE DA 11ª SUPERINTENDÊNCIA REGIONAL DA CODEVASF NO MUNICÍPIO DE MACAPÁ/AP",{"$nulls":15},"EMPREENDIMENTO: CONSTRUÇÃO DA SEDE DA 11ª SUPERINTENDÊNCIA REGIONAL DA CODEVASF NO MUNICÍPIO DE MACAPÁ/AP",{"$nulls":15},"EMPREENDIMENTO: CONSTRUÇÃO DA SEDE DA 11ª SUPERINTENDÊNCIA REGIONAL DA CODEVASF NO MUNICÍPIO DE MACAPÁ/AP",{"$nulls":15},"EMPREENDIMENTO: CONSTRUÇÃO DA SEDE DA 11ª SUPERINTENDÊNCIA REGIONAL DA CODEVASF NO MUNICÍPIO DE MACAPÁ/AP",{"$nulls":15},"EMPREENDIMENTO: CONSTRUÇÃO DA SEDE DA 11ª SUPERINTENDÊNCIA REGIONAL DA CODEVASF NO MUNICÍPIO DE MACAPÁ/AP",{"$nulls":15},"EMPREENDIMENTO: CONSTRUÇÃO DA SEDE DA 11ª SUPERINTENDÊNCIA REGIONAL DA CODEVASF NO MUNICÍPIO DE MACAPÁ/AP",{"$nulls":15},"EMPREENDIMENTO: CONSTRUÇÃO DA SEDE DA 11ª SUPERINTENDÊNCIA REGIONAL DA CODEVASF NO MUNICÍPIO DE MACAPÁ/AP",{"$nulls":15},"EMPREENDIMENTO: CONSTRUÇÃO DA SEDE DA 11ª SUPERINTENDÊNCIA REGIONAL DA CODEVASF NO MUNICÍPIO DE MACAPÁ/AP",{"$nulls":15},"EMPREENDIMENTO: CONSTRUÇÃO DA SEDE DA 11ª SUPERINTENDÊNCIA REGIONAL DA CODEVASF NO MUNICÍPIO DE MACAPÁ/AP",{"$nulls":15},"EMPREENDIMENTO: CONSTRUÇÃO DA SEDE DA 11ª SUPERINTENDÊNCIA REGIONAL DA CODEVASF NO MUNICÍPIO DE MACAPÁ/AP",{"$nulls":15},"EMPREENDIMENTO: CONSTRUÇÃO DA SEDE DA 11ª SUPERINTENDÊNCIA REGIONAL DA CODEVASF NO MUNICÍPIO DE MACAPÁ/AP",{"$nulls":15},"EMPREENDIMENTO: CONSTRUÇÃO DA SEDE DA 11ª SUPERINTENDÊNCIA REGIONAL DA CODEVASF NO MUNICÍPIO DE MACAPÁ/AP",{"$nulls":15},"EMPREENDIMENTO: CONSTRUÇÃO DA SEDE DA 11ª SUPERINTENDÊNCIA REGIONAL DA CODEVASF NO MUNICÍPIO DE MACAPÁ/AP",{"$nulls":15},"EMPREENDIMENTO: CONSTRUÇÃO DA SEDE DA 11ª SUPERINTENDÊNCIA REGIONAL DA CODEVASF NO MUNICÍPIO DE MACAPÁ/AP",{"$nulls":15},"EMPREENDIMENTO: CONSTRUÇÃO DA SEDE DA 11ª SUPERINTENDÊNCIA REGIONAL DA CODEVASF NO MUNICÍPIO DE MACAPÁ/AP",{"$nulls":15},"EMPREENDIMENTO: CONSTRUÇÃO DA SEDE DA 11ª SUPERINTENDÊNCIA REGIONAL DA CODEVASF NO MUNICÍPIO DE MACAPÁ/AP",{"$nulls":15},"EMPREENDIMENTO: CONSTRUÇÃO DA SEDE DA 11ª SUPERINTENDÊNCIA REGIONAL DA CODEVASF NO MUNICÍPIO DE MACAPÁ/AP",{"$nulls":15},"EMPREENDIMENTO: CONSTRUÇÃO DA SEDE DA 11ª SUPERINTENDÊNCIA REGIONAL DA CODEVASF NO MUNICÍPIO DE MACAPÁ/AP",{"$nulls":15},"EMPREENDIMENTO: CONSTRUÇÃO DA SEDE DA 11ª SUPERINTENDÊNCIA REGIONAL DA CODEVASF NO MUNICÍPIO DE MACAPÁ/AP",{"$nulls":15},"EMPREENDIMENTO: CONSTRUÇÃO DA SEDE DA 11ª SUPERINTENDÊNCIA REGIONAL DA CODEVASF NO MUNICÍPIO DE MACAPÁ/AP",{"$nulls":15},"EMPREENDIMENTO: CONSTRUÇÃO DA SEDE DA 11ª SUPERINTENDÊNCIA REGIONAL DA CODEVASF NO MUNICÍPIO DE MACAPÁ/AP",{"$nulls":15},"EMPREENDIMENTO: CONSTRUÇÃO DA SEDE DA 11ª SUPERINTENDÊNCIA REGIONAL DA CODEVASF NO MUNICÍPIO DE MACAPÁ/AP",{"$nulls":15},"EMPREENDIMENTO: CONSTRUÇÃO DA SEDE DA 11ª SUPERINTENDÊNCIA REGIONAL DA CODEVASF NO MUNICÍPIO DE MACAPÁ/AP",{"$nulls":15},"EMPREENDIMENTO: CONSTRUÇÃO DA SEDE DA 11ª SUPERINTENDÊNCIA REGIONAL DA CODEVASF NO MUNICÍPIO DE MACAPÁ/AP",{"$nulls":15},"EMPREENDIMENTO: CONSTRUÇÃO DA SEDE DA 11ª SUPERINTENDÊNCIA REGIONAL DA CODEVASF NO MUNICÍPIO DE MACAPÁ/AP",{"$nulls":15},"EMPREENDIMENTO: CONSTRUÇÃO DA SEDE DA 11ª SUPERINTENDÊNCIA REGIONAL DA CODEVASF NO MUNICÍPIO DE MACAPÁ/AP",{"$nulls":15},"EMPREENDIMENTO: CONSTRUÇÃO DA SEDE DA 11ª SUPERINTENDÊNCIA REGIONAL DA CODEVASF NO MUNICÍPIO DE MACAPÁ/AP",{"$nulls":15},"EMPREENDIMENTO: CONSTRUÇÃO DA SEDE DA 11ª SUPERINTENDÊNCIA REGIONAL DA CODEVASF NO MUNICÍPIO DE MACAPÁ/AP",{"$nulls":15},"EMPREENDIMENTO: CONSTRUÇÃO DA SEDE DA 11ª SUPERINTENDÊNCIA REGIONAL DA CODEVASF NO MUNICÍPIO DE MACAPÁ/AP",{"$nulls":15},"EMPREENDIMENTO: CONSTRUÇÃO DA SEDE DA 11ª SUPERINTENDÊNCIA REGIONAL DA CODEVASF NO MUNICÍPIO DE MACAPÁ/AP",{"$nulls":15},"EMPREENDIMENTO: CONSTRUÇÃO DA SEDE DA 11ª SUPERINTENDÊNCIA REGIONAL DA CODEVASF NO MUNICÍPIO DE MACAPÁ/AP",{"$nulls":15},"EMPREENDIMENTO: CONSTRUÇÃO DA SEDE DA 11ª SUPERINTENDÊNCIA REGIONAL DA CODEVASF NO MUNICÍPIO DE MACAPÁ/AP",{"$nulls":15},"EMPREENDIMENTO: CONSTRUÇÃO DA SEDE DA 11ª SUPERINTENDÊNCIA REGIONAL DA CODEVASF NO MUNICÍPIO DE MACAPÁ/AP",{"$nulls":15},"EMPREENDIMENTO: CONSTRUÇÃO DA SEDE DA 11ª SUPERINTENDÊNCIA REGIONAL DA CODEVASF NO MUNICÍPIO DE MACAPÁ/AP",{"$nulls":15},"EMPREENDIMENTO: CONSTRUÇÃO DA SEDE DA 11ª SUPERINTENDÊNCIA REGIONAL DA CODEVASF NO MUNICÍPIO DE MACAPÁ/AP",{"$nulls":15},"EMPREENDIMENTO: CONSTRUÇÃO DA SEDE DA 11ª SUPERINTENDÊNCIA REGIONAL DA CODEVASF NO MUNICÍPIO DE MACAPÁ/AP",{"$nulls":15},"EMPREENDIMENTO: CONSTRUÇÃO DA SEDE DA 11ª SUPERINTENDÊNCIA REGIONAL DA CODEVASF NO MUNICÍPIO DE MACAPÁ/AP",{"$nulls":15},"EMPREENDIMENTO: CONSTRUÇÃO DA SEDE DA 11ª SUPERINTENDÊNCIA REGIONAL DA CODEVASF NO MUNICÍPIO DE MACAPÁ/AP",{"$nulls":15},"EMPREENDIMENTO: CONSTRUÇÃO DA SEDE DA 11ª SUPERINTENDÊNCIA REGIONAL DA CODEVASF NO MUNICÍPIO DE MACAPÁ/AP",{"$nulls":15},"EMPREENDIMENTO: CONSTRUÇÃO DA SEDE DA 11ª SUPERINTENDÊNCIA REGIONAL DA CODEVASF NO MUNICÍPIO DE MACAPÁ/AP",{"$nulls":15},"EMPREENDIMENTO: CONSTRUÇÃO DA SEDE DA 11ª SUPERINTENDÊNCIA REGIONAL DA CODEVASF NO MUNICÍPIO DE MACAPÁ/AP",{"$nulls":15},"EMPREENDIMENTO: CONSTRUÇÃO DA SEDE DA 11ª SUPERINTENDÊNCIA REGIONAL DA CODEVASF NO MUNICÍPIO DE MACAPÁ/AP",{"$nulls":15},"EMPREENDIMENTO: CONSTRUÇÃO DA SEDE DA 11ª SUPERINTENDÊNCIA REGIONAL DA CODEVASF NO MUNICÍPIO DE MACAPÁ/AP",{"$nulls":15},"EMPREENDIMENTO: CONSTRUÇÃO DA SEDE DA 11ª SUPERINTENDÊNCIA REGIONAL DA CODEVASF NO MUNICÍPIO DE MACAPÁ/AP",{"$nulls":15},"EMPREENDIMENTO: CONSTRUÇÃO DA SEDE DA 11ª SUPERINTENDÊNCIA REGIONAL DA CODEVASF NO MUNICÍPIO DE MACAPÁ/AP",{"$nulls":15},"EMPREENDIMENTO: CONSTRUÇÃO DA SEDE DA 11ª SUPERINTENDÊNCIA REGIONAL DA CODEVASF NO MUNICÍPIO DE MACAPÁ/AP",{"$nulls":15},"EMPREENDIMENTO: CONSTRUÇÃO DA SEDE DA 11ª SUPERINTENDÊNCIA REGIONAL DA CODEVASF NO MUNICÍPIO DE MACAPÁ/AP",{"$nulls":15},"EMPREENDIMENTO: CONSTRUÇÃO DA SEDE DA 11ª SUPERINTENDÊNCIA REGIONAL DA CODEVASF NO MUNICÍPIO DE MACAPÁ/AP",{"$nulls":15},"EMPREENDIMENTO: CONSTRUÇÃO DA SEDE DA 11ª SUPERINTENDÊNCIA REGIONAL DA CODEVASF NO MUNICÍPIO DE MACAPÁ/AP",{"$nulls":15},"EMPREENDIMENTO: CONSTRUÇÃO DA SEDE DA 11ª SUPERINTENDÊNCIA REGIONAL DA CODEVASF NO MUNICÍPIO DE MACAPÁ/AP",{"$nulls":15},"EMPREENDIMENTO: CONSTRUÇÃO DA SEDE DA 11ª SUPERINTENDÊNCIA REGIONAL DA CODEVASF NO MUNICÍPIO DE MACAPÁ/AP",{"$nulls":15},"EMPREENDIMENTO: CONSTRUÇÃO DA SEDE DA 11ª SUPERINTENDÊNCIA REGIONAL DA CODEVASF NO MUNICÍPIO DE MACAPÁ/AP",{"$nulls":15},"EMPREENDIMENTO: CONSTRUÇÃO DA SEDE DA 11ª SUPERINTENDÊNCIA REGIONAL DA CODEVASF NO MUNICÍPIO DE MACAPÁ/AP",{"$nulls":15},"EMPREENDIMENTO: CONSTRUÇÃO DA SEDE DA 11ª SUPERINTENDÊNCIA REGIONAL DA CODEVASF NO MUNICÍPIO DE MACAPÁ/AP",{"$nulls":15},"EMPREENDIMENTO: CONSTRUÇÃO DA SEDE DA 11ª SUPERINTENDÊNCIA REGIONAL DA CODEVASF NO MUNICÍPIO DE MACAPÁ/AP",{"$nulls":15},"EMPREENDIMENTO: CONSTRUÇÃO DA SEDE DA 11ª SUPERINTENDÊNCIA REGIONAL DA CODEVASF NO MUNICÍPIO DE MACAPÁ/AP",{"$nulls":15},"EMPREENDIMENTO: CONSTRUÇÃO DA SEDE DA 11ª SUPERINTENDÊNCIA REGIONAL DA CODEVASF NO MUNICÍPIO DE MACAPÁ/AP",{"$nulls":15},"EMPREENDIMENTO: CONSTRUÇÃO DA SEDE DA 11ª SUPERINTENDÊNCIA REGIONAL DA CODEVASF NO MUNICÍPIO DE MACAPÁ/AP",{"$nulls":15},"EMPREENDIMENTO: CONSTRUÇÃO DA SEDE DA 11ª SUPERINTENDÊNCIA REGIONAL DA CODEVASF NO MUNICÍPIO DE MACAPÁ/AP",{"$nulls":15},"EMPREENDIMENTO: CONSTRUÇÃO DA SEDE DA 11ª SUPERINTENDÊNCIA REGIONAL DA CODEVASF NO MUNICÍPIO DE MACAPÁ/AP",{"$nulls":15},"EMPREENDIMENTO: CONSTRUÇÃO DA SEDE DA 11ª SUPERINTENDÊNCIA REGIONAL DA CODEVASF NO MUNICÍPIO DE MACAPÁ/AP",{"$nulls":15},"EMPREENDIMENTO: CONSTRUÇÃO DA SEDE DA 11ª SUPERINTENDÊNCIA REGIONAL DA CODEVASF NO MUNICÍPIO DE MACAPÁ/AP",{"$nulls":15},"EMPREENDIMENTO: CONSTRUÇÃO DA SEDE DA 11ª SUPERINTENDÊNCIA REGIONAL DA CODEVASF NO MUNICÍPIO DE MACAPÁ/AP",{"$nulls":15},"EMPREENDIMENTO: CONSTRUÇÃO DA SEDE DA 11ª SUPERINTENDÊNCIA REGIONAL DA CODEVASF NO MUNICÍPIO DE MACAPÁ/AP",{"$nulls":15},"EMPREENDIMENTO: CONSTRUÇÃO DA SEDE DA 11ª SUPERINTENDÊNCIA REGIONAL DA CODEVASF NO MUNICÍPIO DE MACAPÁ/AP",{"$nulls":15},"EMPREENDIMENTO: CONSTRUÇÃO DA SEDE DA 11ª SUPERINTENDÊNCIA REGIONAL DA CODEVASF NO MUNICÍPIO DE MACAPÁ/AP",{"$nulls":15},"EMPREENDIMENTO: CONSTRUÇÃO DA SEDE DA 11ª SUPERINTENDÊNCIA REGIONAL DA CODEVASF NO MUNICÍPIO DE MACAPÁ/AP",{"$nulls":15},"EMPREENDIMENTO: CONSTRUÇÃO DA SEDE DA 11ª SUPERINTENDÊNCIA REGIONAL DA CODEVASF NO MUNICÍPIO DE MACAPÁ/AP",{"$nulls":15},"EMPREENDIMENTO: CONSTRUÇÃO DA SEDE DA 11ª SUPERINTENDÊNCIA REGIONAL DA CODEVASF NO MUNICÍPIO DE MACAPÁ/AP",{"$nulls":15},"EMPREENDIMENTO: CONSTRUÇÃO DA SEDE DA 11ª SUPERINTENDÊNCIA REGIONAL DA CODEVASF NO MUNICÍPIO DE MACAPÁ/AP",{"$nulls":15},"EMPREENDIMENTO: CONSTRUÇÃO DA SEDE DA 11ª SUPERINTENDÊNCIA REGIONAL DA CODEVASF NO MUNICÍPIO DE MACAPÁ/AP",{"$nulls":15},"EMPREENDIMENTO: CONSTRUÇÃO DA SEDE DA 11ª SUPERINTENDÊNCIA REGIONAL DA CODEVASF NO MUNICÍPIO DE MACAPÁ/AP",{"$nulls":15},"EMPREENDIMENTO: CONSTRUÇÃO DA SEDE DA 11ª SUPERINTENDÊNCIA REGIONAL DA CODEVASF NO MUNICÍPIO DE MACAPÁ/AP",{"$nulls":15},"EMPREENDIMENTO: CONSTRUÇÃO DA SEDE DA 11ª SUPERINTENDÊNCIA REGIONAL DA CODEVASF NO MUNICÍPIO DE MACAPÁ/AP",{"$nulls":15},"EMPREENDIMENTO: CONSTRUÇÃO DA SEDE DA 11ª SUPERINTENDÊNCIA REGIONAL DA CODEVASF NO MUNICÍPIO DE MACAPÁ/AP",{"$nulls":15},"EMPREENDIMENTO: CONSTRUÇÃO DA SEDE DA 11ª SUPERINTENDÊNCIA REGIONAL DA CODEVASF NO MUNICÍPIO DE MACAPÁ/AP",{"$nulls":15},"EMPREENDIMENTO: CONSTRUÇÃO DA SEDE DA 11ª SUPERINTENDÊNCIA REGIONAL DA CODEVASF NO MUNICÍPIO DE MACAPÁ/AP",{"$nulls":15},"EMPREENDIMENTO: CONSTRUÇÃO DA SEDE DA 11ª SUPERINTENDÊNCIA REGIONAL DA CODEVASF NO MUNICÍPIO DE MACAPÁ/AP",{"$nulls":15},"EMPREENDIMENTO: CONSTRUÇÃO DA SEDE DA 11ª SUPERINTENDÊNCIA REGIONAL DA CODEVASF NO MUNICÍPIO DE MACAPÁ/AP",{"$nulls":15},"EMPREENDIMENTO: CONSTRUÇÃO DA SEDE DA 11ª SUPERINTENDÊNCIA REGIONAL DA CODEVASF NO MUNICÍPIO DE MACAPÁ/AP",{"$nulls":15},"EMPREENDIMENTO: CONSTRUÇÃO DA SEDE DA 11ª SUPERINTENDÊNCIA REGIONAL DA CODEVASF NO MUNICÍPIO DE MACAPÁ/AP",{"$nulls":15},"EMPREENDIMENTO: CONSTRUÇÃO DA SEDE DA 11ª SUPERINTENDÊNCIA REGIONAL DA CODEVASF NO MUNICÍPIO DE MACAPÁ/AP",{"$nulls":15},"EMPREENDIMENTO: CONSTRUÇÃO DA SEDE DA 11ª SUPERINTENDÊNCIA REGIONAL DA CODEVASF NO MUNICÍPIO DE MACAPÁ/AP",{"$nulls":15},"EMPREENDIMENTO: CONSTRUÇÃO DA SEDE DA 11ª SUPERINTENDÊNCIA REGIONAL DA CODEVASF NO MUNICÍPIO DE MACAPÁ/AP",{"$nulls":15},"EMPREENDIMENTO: CONSTRUÇÃO DA SEDE DA 11ª SUPERINTENDÊNCIA REGIONAL DA CODEVASF NO MUNICÍPIO DE MACAPÁ/AP",{"$nulls":15},"EMPREENDIMENTO: CONSTRUÇÃO DA SEDE DA 11ª SUPERINTENDÊNCIA REGIONAL DA CODEVASF NO MUNICÍPIO DE MACAPÁ/AP",{"$nulls":15},"EMPREENDIMENTO: CONSTRUÇÃO DA SEDE DA 11ª SUPERINTENDÊNCIA REGIONAL DA CODEVASF NO MUNICÍPIO DE MACAPÁ/AP",{"$nulls":15},"EMPREENDIMENTO: CONSTRUÇÃO DA SEDE DA 11ª SUPERINTENDÊNCIA REGIONAL DA CODEVASF NO MUNICÍPIO DE MACAPÁ/AP",{"$nulls":15},"EMPREENDIMENTO: CONSTRUÇÃO DA SEDE DA 11ª SUPERINTENDÊNCIA REGIONAL DA CODEVASF NO MUNICÍPIO DE MACAPÁ/AP",{"$nulls":15},"EMPREENDIMENTO: CONSTRUÇÃO DA SEDE DA 11ª SUPERINTENDÊNCIA REGIONAL DA CODEVASF NO MUNICÍPIO DE MACAPÁ/AP",{"$nulls":15},"EMPREENDIMENTO: CONSTRUÇÃO DA SEDE DA 11ª SUPERINTENDÊNCIA REGIONAL DA CODEVASF NO MUNICÍPIO DE MACAPÁ/AP",{"$nulls":15},"EMPREENDIMENTO: CONSTRUÇÃO DA SEDE DA 11ª SUPERINTENDÊNCIA REGIONAL DA CODEVASF NO MUNICÍPIO DE MACAPÁ/AP",{"$nulls":15},"EMPREENDIMENTO: CONSTRUÇÃO DA SEDE DA 11ª SUPERINTENDÊNCIA REGIONAL DA CODEVASF NO MUNICÍPIO DE MACAPÁ/AP",{"$nulls":15},"EMPREENDIMENTO: CONSTRUÇÃO DA SEDE DA 11ª SUPERINTENDÊNCIA REGIONAL DA CODEVASF NO MUNICÍPIO DE MACAPÁ/AP",{"$nulls":15},"EMPREENDIMENTO: CONSTRUÇÃO DA SEDE DA 11ª SUPERINTENDÊNCIA REGIONAL DA CODEVASF NO MUNICÍPIO DE MACAPÁ/AP",{"$nulls":15},"EMPREENDIMENTO: CONSTRUÇÃO DA SEDE DA 11ª SUPERINTENDÊNCIA REGIONAL DA CODEVASF NO MUNICÍPIO DE MACAPÁ/AP",{"$nulls":15},"EMPREENDIMENTO: CONSTRUÇÃO DA SEDE DA 11ª SUPERINTENDÊNCIA REGIONAL DA CODEVASF NO MUNICÍPIO DE MACAPÁ/AP",{"$nulls":15},"EMPREENDIMENTO: CONSTRUÇÃO DA SEDE DA 11ª SUPERINTENDÊNCIA REGIONAL DA CODEVASF NO MUNICÍPIO DE MACAPÁ/AP",{"$nulls":15},"EMPREENDIMENTO: CONSTRUÇÃO DA SEDE DA 11ª SUPERINTENDÊNCIA REGIONAL DA CODEVASF NO MUNICÍPIO DE MACAPÁ/AP",{"$nulls":15},"EMPREENDIMENTO: CONSTRUÇÃO DA SEDE DA 11ª SUPERINTENDÊNCIA REGIONAL DA CODEVASF NO MUNICÍPIO DE MACAPÁ/AP",{"$nulls":15},"EMPREENDIMENTO: CONSTRUÇÃO DA SEDE DA 11ª SUPERINTENDÊNCIA REGIONAL DA CODEVASF NO MUNICÍPIO DE MACAPÁ/AP",{"$nulls":15},"EMPREENDIMENTO: CONSTRUÇÃO DA SEDE DA 11ª SUPERINTENDÊNCIA REGIONAL DA CODEVASF NO MUNICÍPIO DE MACAPÁ/AP",{"$nulls":15},"EMPREENDIMENTO: CONSTRUÇÃO DA SEDE DA 11ª SUPERINTENDÊNCIA REGIONAL DA CODEVASF NO MUNICÍPIO DE MACAPÁ/AP",{"$nulls":15},"EMPREENDIMENTO: CONSTRUÇÃO DA SEDE DA 11ª SUPERINTENDÊNCIA REGIONAL DA CODEVASF NO MUNICÍPIO DE MACAPÁ/AP",{"$nulls":15},"EMPREENDIMENTO: CONSTRUÇÃO DA SEDE DA 11ª SUPERINTENDÊNCIA REGIONAL DA CODEVASF NO MUNICÍPIO DE MACAPÁ/AP",{"$nulls":15},"EMPREENDIMENTO: CONSTRUÇÃO DA SEDE DA 11ª SUPERINTENDÊNCIA REGIONAL DA CODEVASF NO MUNICÍPIO DE MACAPÁ/AP",{"$nulls":15},"EMPREENDIMENTO: CONSTRUÇÃO DA SEDE DA 11ª SUPERINTENDÊNCIA REGIONAL DA CODEVASF NO MUNICÍPIO DE MACAPÁ/AP",{"$nulls":15},"EMPREENDIMENTO: CONSTRUÇÃO DA SEDE DA 11ª SUPERINTENDÊNCIA REGIONAL DA CODEVASF NO MUNICÍPIO DE MACAPÁ/AP",{"$nulls":15},"EMPREENDIMENTO: CONSTRUÇÃO DA SEDE DA 11ª SUPERINTENDÊNCIA REGIONAL DA CODEVASF NO MUNICÍPIO DE MACAPÁ/AP",{"$nulls":15},"EMPREENDIMENTO: CONSTRUÇÃO DA SEDE DA 11ª SUPERINTENDÊNCIA REGIONAL DA CODEVASF NO MUNICÍPIO DE MACAPÁ/AP",{"$nulls":15},"EMPREENDIMENTO: CONSTRUÇÃO DA SEDE DA 11ª SUPERINTENDÊNCIA REGIONAL DA CODEVASF NO MUNICÍPIO DE MACAPÁ/AP",{"$nulls":15},"EMPREENDIMENTO: CONSTRUÇÃO DA SEDE DA 11ª SUPERINTENDÊNCIA REGIONAL DA CODEVASF NO MUNICÍPIO DE MACAPÁ/AP",{"$nulls":15},"EMPREENDIMENTO: CONSTRUÇÃO DA SEDE DA 11ª SUPERINTENDÊNCIA REGIONAL DA CODEVASF NO MUNICÍPIO DE MACAPÁ/AP",{"$nulls":15},"EMPREENDIMENTO: CONSTRUÇÃO DA SEDE DA 11ª SUPERINTENDÊNCIA REGIONAL DA CODEVASF NO MUNICÍPIO DE MACAPÁ/AP",{"$nulls":15},"EMPREENDIMENTO: CONSTRUÇÃO DA SEDE DA 11ª SUPERINTENDÊNCIA REGIONAL DA CODEVASF NO MUNICÍPIO DE MACAPÁ/AP",{"$nulls":15},"EMPREENDIMENTO: CONSTRUÇÃO DA SEDE DA 11ª SUPERINTENDÊNCIA REGIONAL DA CODEVASF NO MUNICÍPIO DE MACAPÁ/AP",{"$nulls":15},"EMPREENDIMENTO: CONSTRUÇÃO DA SEDE DA 11ª SUPERINTENDÊNCIA REGIONAL DA CODEVASF NO MUNICÍPIO DE MACAPÁ/AP",{"$nulls":15},"EMPREENDIMENTO: CONSTRUÇÃO DA SEDE DA 11ª SUPERINTENDÊNCIA REGIONAL DA CODEVASF NO MUNICÍPIO DE MACAPÁ/AP",{"$nulls":15},"EMPREENDIMENTO: CONSTRUÇÃO DA SEDE DA 11ª SUPERINTENDÊNCIA REGIONAL DA CODEVASF NO MUNICÍPIO DE MACAPÁ/AP",{"$nulls":15},"EMPREENDIMENTO: CONSTRUÇÃO DA SEDE DA 11ª SUPERINTENDÊNCIA REGIONAL DA CODEVASF NO MUNICÍPIO DE MACAPÁ/AP",{"$nulls":15},"EMPREENDIMENTO: CONSTRUÇÃO DA SEDE DA 11ª SUPERINTENDÊNCIA REGIONAL DA CODEVASF NO MUNICÍPIO DE MACAPÁ/AP",{"$nulls":15},"EMPREENDIMENTO: CONSTRUÇÃO DA SEDE DA 11ª SUPERINTENDÊNCIA REGIONAL DA CODEVASF NO MUNICÍPIO DE MACAPÁ/AP",{"$nulls":15},"EMPREENDIMENTO: CONSTRUÇÃO DA SEDE DA 11ª SUPERINTENDÊNCIA REGIONAL DA CODEVASF NO MUNICÍPIO DE MACAPÁ/AP",{"$nulls":15},"EMPREENDIMENTO: CONSTRUÇÃO DA SEDE DA 11ª SUPERINTENDÊNCIA REGIONAL DA CODEVASF NO MUNICÍPIO DE MACAPÁ/AP",{"$nulls":15},"EMPREENDIMENTO: CONSTRUÇÃO DA SEDE DA 11ª SUPERINTENDÊNCIA REGIONAL DA CODEVASF NO MUNICÍPIO DE MACAPÁ/AP",{"$nulls":15},"EMPREENDIMENTO: CONSTRUÇÃO DA SEDE DA 11ª SUPERINTENDÊNCIA REGIONAL DA CODEVASF NO MUNICÍPIO DE MACAPÁ/AP",{"$nulls":15},"EMPREENDIMENTO: CONSTRUÇÃO DA SEDE DA 11ª SUPERINTENDÊNCIA REGIONAL DA CODEVASF NO MUNICÍPIO DE MACAPÁ/AP",{"$nulls":15},"EMPREENDIMENTO: CONSTRUÇÃO DA SEDE DA 11ª SUPERINTENDÊNCIA REGIONAL DA CODEVASF NO MUNICÍPIO DE MACAPÁ/AP",{"$nulls":15},"EMPREENDIMENTO: CONSTRUÇÃO DA SEDE DA 11ª SUPERINTENDÊNCIA REGIONAL DA CODEVASF NO MUNICÍPIO DE MACAPÁ/AP",{"$nulls":15},"EMPREENDIMENTO: CONSTRUÇÃO DA SEDE DA 11ª SUPERINTENDÊNCIA REGIONAL DA CODEVASF NO MUNICÍPIO DE MACAPÁ/AP",{"$nulls":15},"EMPREENDIMENTO: CONSTRUÇÃO DA SEDE DA 11ª SUPERINTENDÊNCIA REGIONAL DA CODEVASF NO MUNICÍPIO DE MACAPÁ/AP",{"$nulls":15},"EMPREENDIMENTO: CONSTRUÇÃO DA SEDE DA 11ª SUPERINTENDÊNCIA REGIONAL DA CODEVASF NO MUNICÍPIO DE MACAPÁ/AP",{"$nulls":15},"EMPREENDIMENTO: CONSTRUÇÃO DA SEDE DA 11ª SUPERINTENDÊNCIA REGIONAL DA CODEVASF NO MUNICÍPIO DE MACAPÁ/AP",{"$nulls":15},"EMPREENDIMENTO: CONSTRUÇÃO DA SEDE DA 11ª SUPERINTENDÊNCIA REGIONAL DA CODEVASF NO MUNICÍPIO DE MACAPÁ/AP",{"$nulls":15},"EMPREENDIMENTO: CONSTRUÇÃO DA SEDE DA 11ª SUPERINTENDÊNCIA REGIONAL DA CODEVASF NO MUNICÍPIO DE MACAPÁ/AP",{"$nulls":15},"EMPREENDIMENTO: CONSTRUÇÃO DA SEDE DA 11ª SUPERINTENDÊNCIA REGIONAL DA CODEVASF NO MUNICÍPIO DE MACAPÁ/AP",{"$nulls":15},"EMPREENDIMENTO: CONSTRUÇÃO DA SEDE DA 11ª SUPERINTENDÊNCIA REGIONAL DA CODEVASF NO MUNICÍPIO DE MACAPÁ/AP",{"$nulls":15},"EMPREENDIMENTO: CONSTRUÇÃO DA SEDE DA 11ª SUPERINTENDÊNCIA REGIONAL DA CODEVASF NO MUNICÍPIO DE MACAPÁ/AP",{"$nulls":15},"EMPREENDIMENTO: CONSTRUÇÃO DA SEDE DA 11ª SUPERINTENDÊNCIA REGIONAL DA CODEVASF NO MUNICÍPIO DE MACAPÁ/AP",{"$nulls":15},"EMPREENDIMENTO: CONSTRUÇÃO DA SEDE DA 11ª SUPERINTENDÊNCIA REGIONAL DA CODEVASF NO MUNICÍPIO DE MACAPÁ/AP",{"$nulls":15},"EMPREENDIMENTO: CONSTRUÇÃO DA SEDE DA 11ª SUPERINTENDÊNCIA REGIONAL DA CODEVASF NO MUNICÍPIO DE MACAPÁ/AP",{"$nulls":15},"EMPREENDIMENTO: CONSTRUÇÃO DA SEDE DA 11ª SUPERINTENDÊNCIA REGIONAL DA CODEVASF NO MUNICÍPIO DE MACAPÁ/AP",{"$nulls":15},"EMPREENDIMENTO: CONSTRUÇÃO DA SEDE DA 11ª SUPERINTENDÊNCIA REGIONAL DA CODEVASF NO MUNICÍPIO DE MACAPÁ/AP",{"$nulls":15},"EMPREENDIMENTO: CONSTRUÇÃO DA SEDE DA 11ª SUPERINTENDÊNCIA REGIONAL DA CODEVASF NO MUNICÍPIO DE MACAPÁ/AP",{"$nulls":15},"EMPREENDIMENTO: CONSTRUÇÃO DA SEDE DA 11ª SUPERINTENDÊNCIA REGIONAL DA CODEVASF NO MUNICÍPIO DE MACAPÁ/AP",{"$nulls":15},"EMPREENDIMENTO: CONSTRUÇÃO DA SEDE DA 11ª SUPERINTENDÊNCIA REGIONAL DA CODEVASF NO MUNICÍPIO DE MACAPÁ/AP",{"$nulls":15},"EMPREENDIMENTO: CONSTRUÇÃO DA SEDE DA 11ª SUPERINTENDÊNCIA REGIONAL DA CODEVASF NO MUNICÍPIO DE MACAPÁ/AP",{"$nulls":15},"EMPREENDIMENTO: CONSTRUÇÃO DA SEDE DA 11ª SUPERINTENDÊNCIA REGIONAL DA CODEVASF NO MUNICÍPIO DE MACAPÁ/AP",{"$nulls":15},"EMPREENDIMENTO: CONSTRUÇÃO DA SEDE DA 11ª SUPERINTENDÊNCIA REGIONAL DA CODEVASF NO MUNICÍPIO DE MACAPÁ/AP",{"$nulls":15},"EMPREENDIMENTO: CONSTRUÇÃO DA SEDE DA 11ª SUPERINTENDÊNCIA REGIONAL DA CODEVASF NO MUNICÍPIO DE MACAPÁ/AP",{"$nulls":15},"EMPREENDIMENTO: CONSTRUÇÃO DA SEDE DA 11ª SUPERINTENDÊNCIA REGIONAL DA CODEVASF NO MUNICÍPIO DE MACAPÁ/AP",{"$nulls":15},"EMPREENDIMENTO: CONSTRUÇÃO DA SEDE DA 11ª SUPERINTENDÊNCIA REGIONAL DA CODEVASF NO MUNICÍPIO DE MACAPÁ/AP",{"$nulls":15},"EMPREENDIMENTO: CONSTRUÇÃO DA SEDE DA 11ª SUPERINTENDÊNCIA REGIONAL DA CODEVASF NO MUNICÍPIO DE MACAPÁ/AP",{"$nulls":15},"EMPREENDIMENTO: CONSTRUÇÃO DA SEDE DA 11ª SUPERINTENDÊNCIA REGIONAL DA CODEVASF NO MUNICÍPIO DE MACAPÁ/AP",{"$nulls":15},"EMPREENDIMENTO: CONSTRUÇÃO DA SEDE DA 11ª SUPERINTENDÊNCIA REGIONAL DA CODEVASF NO MUNICÍPIO DE MACAPÁ/AP",{"$nulls":15},"EMPREENDIMENTO: CONSTRUÇÃO DA SEDE DA 11ª SUPERINTENDÊNCIA REGIONAL DA CODEVASF NO MUNICÍPIO DE MACAPÁ/AP",{"$nulls":15},"EMPREENDIMENTO: CONSTRUÇÃO DA SEDE DA 11ª SUPERINTENDÊNCIA REGIONAL DA CODEVASF NO MUNICÍPIO DE MACAPÁ/AP",{"$nulls":15},"EMPREENDIMENTO: CONSTRUÇÃO DA SEDE DA 11ª SUPERINTENDÊNCIA REGIONAL DA CODEVASF NO MUNICÍPIO DE MACAPÁ/AP",{"$nulls":15},"EMPREENDIMENTO: CONSTRUÇÃO DA SEDE DA 11ª SUPERINTENDÊNCIA REGIONAL DA CODEVASF NO MUNICÍPIO DE MACAPÁ/AP",{"$nulls":15},"EMPREENDIMENTO: CONSTRUÇÃO DA SEDE DA 11ª SUPERINTENDÊNCIA REGIONAL DA CODEVASF NO MUNICÍPIO DE MACAPÁ/AP",{"$nulls":15},"EMPREENDIMENTO: CONSTRUÇÃO DA SEDE DA 11ª SUPERINTENDÊNCIA REGIONAL DA CODEVASF NO MUNICÍPIO DE MACAPÁ/AP",{"$nulls":15},"EMPREENDIMENTO: CONSTRUÇÃO DA SEDE DA 11ª SUPERINTENDÊNCIA REGIONAL DA CODEVASF NO MUNICÍPIO DE MACAPÁ/AP",{"$nulls":15},"EMPREENDIMENTO: CONSTRUÇÃO DA SEDE DA 11ª SUPERINTENDÊNCIA REGIONAL DA CODEVASF NO MUNICÍPIO DE MACAPÁ/AP",{"$nulls":15},"EMPREENDIMENTO: CONSTRUÇÃO DA SEDE DA 11ª SUPERINTENDÊNCIA REGIONAL DA CODEVASF NO MUNICÍPIO DE MACAPÁ/AP",{"$nulls":15},"EMPREENDIMENTO: CONSTRUÇÃO DA SEDE DA 11ª SUPERINTENDÊNCIA REGIONAL DA CODEVASF NO MUNICÍPIO DE MACAPÁ/AP",{"$nulls":15},"EMPREENDIMENTO: CONSTRUÇÃO DA SEDE DA 11ª SUPERINTENDÊNCIA REGIONAL DA CODEVASF NO MUNICÍPIO DE MACAPÁ/AP",{"$nulls":15},"EMPREENDIMENTO: CONSTRUÇÃO DA SEDE DA 11ª SUPERINTENDÊNCIA REGIONAL DA CODEVASF NO MUNICÍPIO DE MACAPÁ/AP",{"$nulls":15},"EMPREENDIMENTO: CONSTRUÇÃO DA SEDE DA 11ª SUPERINTENDÊNCIA REGIONAL DA CODEVASF NO MUNICÍPIO DE MACAPÁ/AP",{"$nulls":15},"EMPREENDIMENTO: CONSTRUÇÃO DA SEDE DA 11ª SUPERINTENDÊNCIA REGIONAL DA CODEVASF NO MUNICÍPIO DE MACAPÁ/AP",{"$nulls":15},"EMPREENDIMENTO: CONSTRUÇÃO DA SEDE DA 11ª SUPERINTENDÊNCIA REGIONAL DA CODEVASF NO MUNICÍPIO DE MACAPÁ/AP",{"$nulls":15},"EMPREENDIMENTO: CONSTRUÇÃO DA SEDE DA 11ª SUPERINTENDÊNCIA REGIONAL DA CODEVASF NO MUNICÍPIO DE MACAPÁ/AP",{"$nulls":15},"EMPREENDIMENTO: CONSTRUÇÃO DA SEDE DA 11ª SUPERINTENDÊNCIA REGIONAL DA CODEVASF NO MUNICÍPIO DE MACAPÁ/AP",{"$nulls":15},"EMPREENDIMENTO: CONSTRUÇÃO DA SEDE DA 11ª SUPERINTENDÊNCIA REGIONAL DA CODEVASF NO MUNICÍPIO DE MACAPÁ/AP",{"$nulls":15},"EMPREENDIMENTO: CONSTRUÇÃO DA SEDE DA 11ª SUPERINTENDÊNCIA REGIONAL DA CODEVASF NO MUNICÍPIO DE MACAPÁ/AP",{"$nulls":15},"EMPREENDIMENTO: CONSTRUÇÃO DA SEDE DA 11ª SUPERINTENDÊNCIA REGIONAL DA CODEVASF NO MUNICÍPIO DE MACAPÁ/AP",{"$nulls":15},"EMPREENDIMENTO: CONSTRUÇÃO DA SEDE DA 11ª SUPERINTENDÊNCIA REGIONAL DA CODEVASF NO MUNICÍPIO DE MACAPÁ/AP",{"$nulls":15},"EMPREENDIMENTO: CONSTRUÇÃO DA SEDE DA 11ª SUPERINTENDÊNCIA REGIONAL DA CODEVASF NO MUNICÍPIO DE MACAPÁ/AP",{"$nulls":15},"EMPREENDIMENTO: CONSTRUÇÃO DA SEDE DA 11ª SUPERINTENDÊNCIA REGIONAL DA CODEVASF NO MUNICÍPIO DE MACAPÁ/AP",{"$nulls":15},"EMPREENDIMENTO: CONSTRUÇÃO DA SEDE DA 11ª SUPERINTENDÊNCIA REGIONAL DA CODEVASF NO MUNICÍPIO DE MACAPÁ/AP",{"$nulls":15},"EMPREENDIMENTO: CONSTRUÇÃO DA SEDE DA 11ª SUPERINTENDÊNCIA REGIONAL DA CODEVASF NO MUNICÍPIO DE MACAPÁ/AP",{"$nulls":15},"EMPREENDIMENTO: CONSTRUÇÃO DA SEDE DA 11ª SUPERINTENDÊNCIA REGIONAL DA CODEVASF NO MUNICÍPIO DE MACAPÁ/AP",{"$nulls":15},"EMPREENDIMENTO: CONSTRUÇÃO DA SEDE DA 11ª SUPERINTENDÊNCIA REGIONAL DA CODEVASF NO MUNICÍPIO DE MACAPÁ/AP",{"$nulls":15},"EMPREENDIMENTO: CONSTRUÇÃO DA SEDE DA 11ª SUPERINTENDÊNCIA REGIONAL DA CODEVASF NO MUNICÍPIO DE MACAPÁ/AP",{"$nulls":15},"EMPREENDIMENTO: CONSTRUÇÃO DA SEDE DA 11ª SUPERINTENDÊNCIA REGIONAL DA CODEVASF NO MUNICÍPIO DE MACAPÁ/AP",{"$nulls":15},"EMPREENDIMENTO: CONSTRUÇÃO DA SEDE DA 11ª SUPERINTENDÊNCIA REGIONAL DA CODEVASF NO MUNICÍPIO DE MACAPÁ/AP",{"$nulls":15},"EMPREENDIMENTO: CONSTRUÇÃO DA SEDE DA 11ª SUPERINTENDÊNCIA REGIONAL DA CODEVASF NO MUNICÍPIO DE MACAPÁ/AP",{"$nulls":15},"EMPREENDIMENTO: CONSTRUÇÃO DA SEDE DA 11ª SUPERINTENDÊNCIA REGIONAL DA CODEVASF NO MUNICÍPIO DE MACAPÁ/AP",{"$nulls":15},"EMPREENDIMENTO: CONSTRUÇÃO DA SEDE DA 11ª SUPERINTENDÊNCIA REGIONAL DA CODEVASF NO MUNICÍPIO DE MACAPÁ/AP",{"$nulls":15},"EMPREENDIMENTO: CONSTRUÇÃO DA SEDE DA 11ª SUPERINTENDÊNCIA REGIONAL DA CODEVASF NO MUNICÍPIO DE MACAPÁ/AP",{"$nulls":15},"EMPREENDIMENTO: CONSTRUÇÃO DA SEDE DA 11ª SUPERINTENDÊNCIA REGIONAL DA CODEVASF NO MUNICÍPIO DE MACAPÁ/AP",{"$nulls":15},"EMPREENDIMENTO: CONSTRUÇÃO DA SEDE DA 11ª SUPERINTENDÊNCIA REGIONAL DA CODEVASF NO MUNICÍPIO DE MACAPÁ/AP",{"$nulls":15},"EMPREENDIMENTO: CONSTRUÇÃO DA SEDE DA 11ª SUPERINTENDÊNCIA REGIONAL DA CODEVASF NO MUNICÍPIO DE MACAPÁ/AP",{"$nulls":15},"EMPREENDIMENTO: CONSTRUÇÃO DA SEDE DA 11ª SUPERINTENDÊNCIA REGIONAL DA CODEVASF NO MUNICÍPIO DE MACAPÁ/AP",{"$nulls":15},"EMPREENDIMENTO: CONSTRUÇÃO DA SEDE DA 11ª SUPERINTENDÊNCIA REGIONAL DA CODEVASF NO MUNICÍPIO DE MACAPÁ/AP",{"$nulls":15},"EMPREENDIMENTO: CONSTRUÇÃO DA SEDE DA 11ª SUPERINTENDÊNCIA REGIONAL DA CODEVASF NO MUNICÍPIO DE MACAPÁ/AP",{"$nulls":15},"EMPREENDIMENTO: CONSTRUÇÃO DA SEDE DA 11ª SUPERINTENDÊNCIA REGIONAL DA CODEVASF NO MUNICÍPIO DE MACAPÁ/AP",{"$nulls":15},"EMPREENDIMENTO: CONSTRUÇÃO DA SEDE DA 11ª SUPERINTENDÊNCIA REGIONAL DA CODEVASF NO MUNICÍPIO DE MACAPÁ/AP",{"$nulls":15},"EMPREENDIMENTO: CONSTRUÇÃO DA SEDE DA 11ª SUPERINTENDÊNCIA REGIONAL DA CODEVASF NO MUNICÍPIO DE MACAPÁ/AP",{"$nulls":15},"EMPREENDIMENTO: CONSTRUÇÃO DA SEDE DA 11ª SUPERINTENDÊNCIA REGIONAL DA CODEVASF NO MUNICÍPIO DE MACAPÁ/AP",{"$nulls":15},"EMPREENDIMENTO: CONSTRUÇÃO DA SEDE DA 11ª SUPERINTENDÊNCIA REGIONAL DA CODEVASF NO MUNICÍPIO DE MACAPÁ/AP",{"$nulls":15},"EMPREENDIMENTO: CONSTRUÇÃO DA SEDE DA 11ª SUPERINTENDÊNCIA REGIONAL DA CODEVASF NO MUNICÍPIO DE MACAPÁ/AP",{"$nulls":15},"EMPREENDIMENTO: CONSTRUÇÃO DA SEDE DA 11ª SUPERINTENDÊNCIA REGIONAL DA CODEVASF NO MUNICÍPIO DE MACAPÁ/AP",{"$nulls":15},"EMPREENDIMENTO: CONSTRUÇÃO DA SEDE DA 11ª SUPERINTENDÊNCIA REGIONAL DA CODEVASF NO MUNICÍPIO DE MACAPÁ/AP",{"$nulls":15},"EMPREENDIMENTO: CONSTRUÇÃO DA SEDE DA 11ª SUPERINTENDÊNCIA REGIONAL DA CODEVASF NO MUNICÍPIO DE MACAPÁ/AP",{"$nulls":15},"EMPREENDIMENTO: CONSTRUÇÃO DA SEDE DA 11ª SUPERINTENDÊNCIA REGIONAL DA CODEVASF NO MUNICÍPIO DE MACAPÁ/AP",{"$nulls":15},"EMPREENDIMENTO: CONSTRUÇÃO DA SEDE DA 11ª SUPERINTENDÊNCIA REGIONAL DA CODEVASF NO MUNICÍPIO DE MACAPÁ/AP",{"$nulls":15},"EMPREENDIMENTO: CONSTRUÇÃO DA SEDE DA 11ª SUPERINTENDÊNCIA REGIONAL DA CODEVASF NO MUNICÍPIO DE MACAPÁ/AP",{"$nulls":15},"EMPREENDIMENTO: CONSTRUÇÃO DA SEDE DA 11ª SUPERINTENDÊNCIA REGIONAL DA CODEVASF NO MUNICÍPIO DE MACAPÁ/AP",{"$nulls":15},"EMPREENDIMENTO: CONSTRUÇÃO DA SEDE DA 11ª SUPERINTENDÊNCIA REGIONAL DA CODEVASF NO MUNICÍPIO DE MACAPÁ/AP",{"$nulls":15},"EMPREENDIMENTO: CONSTRUÇÃO DA SEDE DA 11ª SUPERINTENDÊNCIA REGIONAL DA CODEVASF NO MUNICÍPIO DE MACAPÁ/AP",{"$nulls":15},"EMPREENDIMENTO: CONSTRUÇÃO DA SEDE DA 11ª SUPERINTENDÊNCIA REGIONAL DA CODEVASF NO MUNICÍPIO DE MACAPÁ/AP",{"$nulls":15},"EMPREENDIMENTO: CONSTRUÇÃO DA SEDE DA 11ª SUPERINTENDÊNCIA REGIONAL DA CODEVASF NO MUNICÍPIO DE MACAPÁ/AP",{"$nulls":15},"EMPREENDIMENTO: CONSTRUÇÃO DA SEDE DA 11ª SUPERINTENDÊNCIA REGIONAL DA CODEVASF NO MUNICÍPIO DE MACAPÁ/AP",{"$nulls":15},"EMPREENDIMENTO: CONSTRUÇÃO DA SEDE DA 11ª SUPERINTENDÊNCIA REGIONAL DA CODEVASF NO MUNICÍPIO DE MACAPÁ/AP",{"$nulls":15},"EMPREENDIMENTO: CONSTRUÇÃO DA SEDE DA 11ª SUPERINTENDÊNCIA REGIONAL DA CODEVASF NO MUNICÍPIO DE MACAPÁ/AP",{"$nulls":15},"EMPREENDIMENTO: CONSTRUÇÃO DA SEDE DA 11ª SUPERINTENDÊNCIA REGIONAL DA CODEVASF NO MUNICÍPIO DE MACAPÁ/AP",{"$nulls":15},"EMPREENDIMENTO: CONSTRUÇÃO DA SEDE DA 11ª SUPERINTENDÊNCIA REGIONAL DA CODEVASF NO MUNICÍPIO DE MACAPÁ/AP",{"$nulls":15},"EMPREENDIMENTO: CONSTRUÇÃO DA SEDE DA 11ª SUPERINTENDÊNCIA REGIONAL DA CODEVASF NO MUNICÍPIO DE MACAPÁ/AP",{"$nulls":15},"EMPREENDIMENTO: CONSTRUÇÃO DA SEDE DA 11ª SUPERINTENDÊNCIA REGIONAL DA CODEVASF NO MUNICÍPIO DE MACAPÁ/AP",{"$nulls":15},"EMPREENDIMENTO: CONSTRUÇÃO DA SEDE DA 11ª SUPERINTENDÊNCIA REGIONAL DA CODEVASF NO MUNICÍPIO DE MACAPÁ/AP",{"$nulls":15},"EMPREENDIMENTO: CONSTRUÇÃO DA SEDE DA 11ª SUPERINTENDÊNCIA REGIONAL DA CODEVASF NO MUNICÍPIO DE MACAPÁ/AP",{"$nulls":15},"EMPREENDIMENTO: CONSTRUÇÃO DA SEDE DA 11ª SUPERINTENDÊNCIA REGIONAL DA CODEVASF NO MUNICÍPIO DE MACAPÁ/AP",{"$nulls":15},"EMPREENDIMENTO: CONSTRUÇÃO DA SEDE DA 11ª SUPERINTENDÊNCIA REGIONAL DA CODEVASF NO MUNICÍPIO DE MACAPÁ/AP",{"$nulls":15},"EMPREENDIMENTO: CONSTRUÇÃO DA SEDE DA 11ª SUPERINTENDÊNCIA REGIONAL DA CODEVASF NO MUNICÍPIO DE MACAPÁ/AP",{"$nulls":15},"EMPREENDIMENTO: CONSTRUÇÃO DA SEDE DA 11ª SUPERINTENDÊNCIA REGIONAL DA CODEVASF NO MUNICÍPIO DE MACAPÁ/AP",{"$nulls":15},"EMPREENDIMENTO: CONSTRUÇÃO DA SEDE DA 11ª SUPERINTENDÊNCIA REGIONAL DA CODEVASF NO MUNICÍPIO DE MACAPÁ/AP",{"$nulls":15},"EMPREENDIMENTO: CONSTRUÇÃO DA SEDE DA 11ª SUPERINTENDÊNCIA REGIONAL DA CODEVASF NO MUNICÍPIO DE MACAPÁ/AP",{"$nulls":15},"EMPREENDIMENTO: CONSTRUÇÃO DA SEDE DA 11ª SUPERINTENDÊNCIA REGIONAL DA CODEVASF NO MUNICÍPIO DE MACAPÁ/AP",{"$nulls":15},"EMPREENDIMENTO: CONSTRUÇÃO DA SEDE DA 11ª SUPERINTENDÊNCIA REGIONAL DA CODEVASF NO MUNICÍPIO DE MACAPÁ/AP",{"$nulls":15},"EMPREENDIMENTO: CONSTRUÇÃO DA SEDE DA 11ª SUPERINTENDÊNCIA REGIONAL DA CODEVASF NO MUNICÍPIO DE MACAPÁ/AP",{"$nulls":15},"EMPREENDIMENTO: CONSTRUÇÃO DA SEDE DA 11ª SUPERINTENDÊNCIA REGIONAL DA CODEVASF NO MUNICÍPIO DE MACAPÁ/AP",{"$nulls":15},"EMPREENDIMENTO: CONSTRUÇÃO DA SEDE DA 11ª SUPERINTENDÊNCIA REGIONAL DA CODEVASF NO MUNICÍPIO DE MACAPÁ/AP",{"$nulls":15},"EMPREENDIMENTO: CONSTRUÇÃO DA SEDE DA 11ª SUPERINTENDÊNCIA REGIONAL DA CODEVASF NO MUNICÍPIO DE MACAPÁ/AP",{"$nulls":15},"EMPREENDIMENTO: CONSTRUÇÃO DA SEDE DA 11ª SUPERINTENDÊNCIA REGIONAL DA CODEVASF NO MUNICÍPIO DE MACAPÁ/AP",{"$nulls":15},"EMPREENDIMENTO: CONSTRUÇÃO DA SEDE DA 11ª SUPERINTENDÊNCIA REGIONAL DA CODEVASF NO MUNICÍPIO DE MACAPÁ/AP",{"$nulls":15},"EMPREENDIMENTO: CONSTRUÇÃO DA SEDE DA 11ª SUPERINTENDÊNCIA REGIONAL DA CODEVASF NO MUNICÍPIO DE MACAPÁ/AP",{"$nulls":15},"EMPREENDIMENTO: CONSTRUÇÃO DA SEDE DA 11ª SUPERINTENDÊNCIA REGIONAL DA CODEVASF NO MUNICÍPIO DE MACAPÁ/AP",{"$nulls":15},"EMPREENDIMENTO: CONSTRUÇÃO DA SEDE DA 11ª SUPERINTENDÊNCIA REGIONAL DA CODEVASF NO MUNICÍPIO DE MACAPÁ/AP",{"$nulls":15},"EMPREENDIMENTO: CONSTRUÇÃO DA SEDE DA 11ª SUPERINTENDÊNCIA REGIONAL DA CODEVASF NO MUNICÍPIO DE MACAPÁ/AP",{"$nulls":15},"EMPREENDIMENTO: CONSTRUÇÃO DA SEDE DA 11ª SUPERINTENDÊNCIA REGIONAL DA CODEVASF NO MUNICÍPIO DE MACAPÁ/AP",{"$nulls":15},"EMPREENDIMENTO: CONSTRUÇÃO DA SEDE DA 11ª SUPERINTENDÊNCIA REGIONAL DA CODEVASF NO MUNICÍPIO DE MACAPÁ/AP",{"$nulls":15},"EMPREENDIMENTO: CONSTRUÇÃO DA SEDE DA 11ª SUPERINTENDÊNCIA REGIONAL DA CODEVASF NO MUNICÍPIO DE MACAPÁ/AP",{"$nulls":15},"EMPREENDIMENTO: CONSTRUÇÃO DA SEDE DA 11ª SUPERINTENDÊNCIA REGIONAL DA CODEVASF NO MUNICÍPIO DE MACAPÁ/AP",{"$nulls":15},"EMPREENDIMENTO: CONSTRUÇÃO DA SEDE DA 11ª SUPERINTENDÊNCIA REGIONAL DA CODEVASF NO MUNICÍPIO DE MACAPÁ/AP",{"$nulls":15},"EMPREENDIMENTO: CONSTRUÇÃO DA SEDE DA 11ª SUPERINTENDÊNCIA REGIONAL DA CODEVASF NO MUNICÍPIO DE MACAPÁ/AP",{"$nulls":15},"EMPREENDIMENTO: CONSTRUÇÃO DA SEDE DA 11ª SUPERINTENDÊNCIA REGIONAL DA CODEVASF NO MUNICÍPIO DE MACAPÁ/AP",{"$nulls":15},"EMPREENDIMENTO: CONSTRUÇÃO DA SEDE DA 11ª SUPERINTENDÊNCIA REGIONAL DA CODEVASF NO MUNICÍPIO DE MACAPÁ/AP",{"$nulls":15},"EMPREENDIMENTO: CONSTRUÇÃO DA SEDE DA 11ª SUPERINTENDÊNCIA REGIONAL DA CODEVASF NO MUNICÍPIO DE MACAPÁ/AP",{"$nulls":15},"EMPREENDIMENTO: CONSTRUÇÃO DA SEDE DA 11ª SUPERINTENDÊNCIA REGIONAL DA CODEVASF NO MUNICÍPIO DE MACAPÁ/AP",{"$nulls":15},"EMPREENDIMENTO: CONSTRUÇÃO DA SEDE DA 11ª SUPERINTENDÊNCIA REGIONAL DA CODEVASF NO MUNICÍPIO DE MACAPÁ/AP",{"$nulls":15},"EMPREENDIMENTO: CONSTRUÇÃO DA SEDE DA 11ª SUPERINTENDÊNCIA REGIONAL DA CODEVASF NO MUNICÍPIO DE MACAPÁ/AP",{"$nulls":15},"EMPREENDIMENTO: CONSTRUÇÃO DA SEDE DA 11ª SUPERINTENDÊNCIA REGIONAL DA CODEVASF NO MUNICÍPIO DE MACAPÁ/AP",{"$nulls":15},"EMPREENDIMENTO: CONSTRUÇÃO DA SEDE DA 11ª SUPERINTENDÊNCIA REGIONAL DA CODEVASF NO MUNICÍPIO DE MACAPÁ/AP",{"$nulls":15},"EMPREENDIMENTO: CONSTRUÇÃO DA SEDE DA 11ª SUPERINTENDÊNCIA REGIONAL DA CODEVASF NO MUNICÍPIO DE MACAPÁ/AP",{"$nulls":15},"EMPREENDIMENTO: CONSTRUÇÃO DA SEDE DA 11ª SUPERINTENDÊNCIA REGIONAL DA CODEVASF NO MUNICÍPIO DE MACAPÁ/AP",{"$nulls":15},"EMPREENDIMENTO: CONSTRUÇÃO DA SEDE DA 11ª SUPERINTENDÊNCIA REGIONAL DA CODEVASF NO MUNICÍPIO DE MACAPÁ/AP",{"$nulls":15},"EMPREENDIMENTO: CONSTRUÇÃO DA SEDE DA 11ª SUPERINTENDÊNCIA REGIONAL DA CODEVASF NO MUNICÍPIO DE MACAPÁ/AP",{"$nulls":15},"EMPREENDIMENTO: CONSTRUÇÃO DA SEDE DA 11ª SUPERINTENDÊNCIA REGIONAL DA CODEVASF NO MUNICÍPIO DE MACAPÁ/AP",{"$nulls":15},"EMPREENDIMENTO: CONSTRUÇÃO DA SEDE DA 11ª SUPERINTENDÊNCIA REGIONAL DA CODEVASF NO MUNICÍPIO DE MACAPÁ/AP",{"$nulls":15},"EMPREENDIMENTO: CONSTRUÇÃO DA SEDE DA 11ª SUPERINTENDÊNCIA REGIONAL DA CODEVASF NO MUNICÍPIO DE MACAPÁ/AP",{"$nulls":15},"EMPREENDIMENTO: CONSTRUÇÃO DA SEDE DA 11ª SUPERINTENDÊNCIA REGIONAL DA CODEVASF NO MUNICÍPIO DE MACAPÁ/AP",{"$nulls":15},"EMPREENDIMENTO: CONSTRUÇÃO DA SEDE DA 11ª SUPERINTENDÊNCIA REGIONAL DA CODEVASF NO MUNICÍPIO DE MACAPÁ/AP",{"$nulls":15},"EMPREENDIMENTO: CONSTRUÇÃO DA SEDE DA 11ª SUPERINTENDÊNCIA REGIONAL DA CODEVASF NO MUNICÍPIO DE MACAPÁ/AP",{"$nulls":15},"EMPREENDIMENTO: CONSTRUÇÃO DA SEDE DA 11ª SUPERINTENDÊNCIA REGIONAL DA CODEVASF NO MUNICÍPIO DE MACAPÁ/AP",{"$nulls":15},"EMPREENDIMENTO: CONSTRUÇÃO DA SEDE DA 11ª SUPERINTENDÊNCIA REGIONAL DA CODEVASF NO MUNICÍPIO DE MACAPÁ/AP",{"$nulls":15},"EMPREENDIMENTO: CONSTRUÇÃO DA SEDE DA 11ª SUPERINTENDÊNCIA REGIONAL DA CODEVASF NO MUNICÍPIO DE MACAPÁ/AP",{"$nulls":15},"EMPREENDIMENTO: CONSTRUÇÃO DA SEDE DA 11ª SUPERINTENDÊNCIA REGIONAL DA CODEVASF NO MUNICÍPIO DE MACAPÁ/AP",{"$nulls":15},"EMPREENDIMENTO: CONSTRUÇÃO DA SEDE DA 11ª SUPERINTENDÊNCIA REGIONAL DA CODEVASF NO MUNICÍPIO DE MACAPÁ/AP",{"$nulls":15},"EMPREENDIMENTO: CONSTRUÇÃO DA SEDE DA 11ª SUPERINTENDÊNCIA REGIONAL DA CODEVASF NO MUNICÍPIO DE MACAPÁ/AP",{"$nulls":15},"EMPREENDIMENTO: CONSTRUÇÃO DA SEDE DA 11ª SUPERINTENDÊNCIA REGIONAL DA CODEVASF NO MUNICÍPIO DE MACAPÁ/AP",{"$nulls":15},"EMPREENDIMENTO: CONSTRUÇÃO DA SEDE DA 11ª SUPERINTENDÊNCIA REGIONAL DA CODEVASF NO MUNICÍPIO DE MACAPÁ/AP",{"$nulls":15},"EMPREENDIMENTO: CONSTRUÇÃO DA SEDE DA 11ª SUPERINTENDÊNCIA REGIONAL DA CODEVASF NO MUNICÍPIO DE MACAPÁ/AP",{"$nulls":15},"EMPREENDIMENTO: CONSTRUÇÃO DA SEDE DA 11ª SUPERINTENDÊNCIA REGIONAL DA CODEVASF NO MUNICÍPIO DE MACAPÁ/AP",{"$nulls":15},"EMPREENDIMENTO: CONSTRUÇÃO DA SEDE DA 11ª SUPERINTENDÊNCIA REGIONAL DA CODEVASF NO MUNICÍPIO DE MACAPÁ/AP",{"$nulls":15},"EMPREENDIMENTO: CONSTRUÇÃO DA SEDE DA 11ª SUPERINTENDÊNCIA REGIONAL DA CODEVASF NO MUNICÍPIO DE MACAPÁ/AP",{"$nulls":15},"EMPREENDIMENTO: CONSTRUÇÃO DA SEDE DA 11ª SUPERINTENDÊNCIA REGIONAL DA CODEVASF NO MUNICÍPIO DE MACAPÁ/AP",{"$nulls":15},"EMPREENDIMENTO: CONSTRUÇÃO DA SEDE DA 11ª SUPERINTENDÊNCIA REGIONAL DA CODEVASF NO MUNICÍPIO DE MACAPÁ/AP",{"$nulls":15},"EMPREENDIMENTO: CONSTRUÇÃO DA SEDE DA 11ª SUPERINTENDÊNCIA REGIONAL DA CODEVASF NO MUNICÍPIO DE MACAPÁ/AP",{"$nulls":15},"EMPREENDIMENTO: CONSTRUÇÃO DA SEDE DA 11ª SUPERINTENDÊNCIA REGIONAL DA CODEVASF NO MUNICÍPIO DE MACAPÁ/AP",{"$nulls":15},"EMPREENDIMENTO: CONSTRUÇÃO DA SEDE DA 11ª SUPERINTENDÊNCIA REGIONAL DA CODEVASF NO MUNICÍPIO DE MACAPÁ/AP",{"$nulls":15},"EMPREENDIMENTO: CONSTRUÇÃO DA SEDE DA 11ª SUPERINTENDÊNCIA REGIONAL DA CODEVASF NO MUNICÍPIO DE MACAPÁ/AP",{"$nulls":15},"EMPREENDIMENTO: CONSTRUÇÃO DA SEDE DA 11ª SUPERINTENDÊNCIA REGIONAL DA CODEVASF NO MUNICÍPIO DE MACAPÁ/AP",{"$nulls":15},"EMPREENDIMENTO: CONSTRUÇÃO DA SEDE DA 11ª SUPERINTENDÊNCIA REGIONAL DA CODEVASF NO MUNICÍPIO DE MACAPÁ/AP",{"$nulls":15},"EMPREENDIMENTO: CONSTRUÇÃO DA SEDE DA 11ª SUPERINTENDÊNCIA REGIONAL DA CODEVASF NO MUNICÍPIO DE MACAPÁ/AP",{"$nulls":15},"EMPREENDIMENTO: CONSTRUÇÃO DA SEDE DA 11ª SUPERINTENDÊNCIA REGIONAL DA CODEVASF NO MUNICÍPIO DE MACAPÁ/AP",{"$nulls":15},"EMPREENDIMENTO: CONSTRUÇÃO DA SEDE DA 11ª SUPERINTENDÊNCIA REGIONAL DA CODEVASF NO MUNICÍPIO DE MACAPÁ/AP",{"$nulls":15},"EMPREENDIMENTO: CONSTRUÇÃO DA SEDE DA 11ª SUPERINTENDÊNCIA REGIONAL DA CODEVASF NO MUNICÍPIO DE MACAPÁ/AP",{"$nulls":15},"EMPREENDIMENTO: CONSTRUÇÃO DA SEDE DA 11ª SUPERINTENDÊNCIA REGIONAL DA CODEVASF NO MUNICÍPIO DE MACAPÁ/AP",{"$nulls":15},"EMPREENDIMENTO: CONSTRUÇÃO DA SEDE DA 11ª SUPERINTENDÊNCIA REGIONAL DA CODEVASF NO MUNICÍPIO DE MACAPÁ/AP",{"$nulls":15},"EMPREENDIMENTO: CONSTRUÇÃO DA SEDE DA 11ª SUPERINTENDÊNCIA REGIONAL DA CODEVASF NO MUNICÍPIO DE MACAPÁ/AP",{"$nulls":15},"EMPREENDIMENTO: CONSTRUÇÃO DA SEDE DA 11ª SUPERINTENDÊNCIA REGIONAL DA CODEVASF NO MUNICÍPIO DE MACAPÁ/AP",{"$nulls":15},"EMPREENDIMENTO: CONSTRUÇÃO DA SEDE DA 11ª SUPERINTENDÊNCIA REGIONAL DA CODEVASF NO MUNICÍPIO DE MACAPÁ/AP",{"$nulls":15},"EMPREENDIMENTO: CONSTRUÇÃO DA SEDE DA 11ª SUPERINTENDÊNCIA REGIONAL DA CODEVASF NO MUNICÍPIO DE MACAPÁ/AP",{"$nulls":15},"EMPREENDIMENTO: CONSTRUÇÃO DA SEDE DA 11ª SUPERINTENDÊNCIA REGIONAL DA CODEVASF NO MUNICÍPIO DE MACAPÁ/AP",{"$nulls":15},"EMPREENDIMENTO: CONSTRUÇÃO DA SEDE DA 11ª SUPERINTENDÊNCIA REGIONAL DA CODEVASF NO MUNICÍPIO DE MACAPÁ/AP",{"$nulls":15},"EMPREENDIMENTO: CONSTRUÇÃO DA SEDE DA 11ª SUPERINTENDÊNCIA REGIONAL DA CODEVASF NO MUNICÍPIO DE MACAPÁ/AP",{"$nulls":15},"EMPREENDIMENTO: CONSTRUÇÃO DA SEDE DA 11ª SUPERINTENDÊNCIA REGIONAL DA CODEVASF NO MUNICÍPIO DE MACAPÁ/AP",{"$nulls":15},"EMPREENDIMENTO: CONSTRUÇÃO DA SEDE DA 11ª SUPERINTENDÊNCIA REGIONAL DA CODEVASF NO MUNICÍPIO DE MACAPÁ/AP",{"$nulls":15},"EMPREENDIMENTO: CONSTRUÇÃO DA SEDE DA 11ª SUPERINTENDÊNCIA REGIONAL DA CODEVASF NO MUNICÍPIO DE MACAPÁ/AP",{"$nulls":15},"EMPREENDIMENTO: CONSTRUÇÃO DA SEDE DA 11ª SUPERINTENDÊNCIA REGIONAL DA CODEVASF NO MUNICÍPIO DE MACAPÁ/AP",{"$nulls":15},"EMPREENDIMENTO: CONSTRUÇÃO DA SEDE DA 11ª SUPERINTENDÊNCIA REGIONAL DA CODEVASF NO MUNICÍPIO DE MACAPÁ/AP",{"$nulls":15},"EMPREENDIMENTO: CONSTRUÇÃO DA SEDE DA 11ª SUPERINTENDÊNCIA REGIONAL DA CODEVASF NO MUNICÍPIO DE MACAPÁ/AP",{"$nulls":15},"EMPREENDIMENTO: CONSTRUÇÃO DA SEDE DA 11ª SUPERINTENDÊNCIA REGIONAL DA CODEVASF NO MUNICÍPIO DE MACAPÁ/AP",{"$nulls":15},"EMPREENDIMENTO: CONSTRUÇÃO DA SEDE DA 11ª SUPERINTENDÊNCIA REGIONAL DA CODEVASF NO MUNICÍPIO DE MACAPÁ/AP",{"$nulls":15},"EMPREENDIMENTO: CONSTRUÇÃO DA SEDE DA 11ª SUPERINTENDÊNCIA REGIONAL DA CODEVASF NO MUNICÍPIO DE MACAPÁ/AP",{"$nulls":15},"EMPREENDIMENTO: CONSTRUÇÃO DA SEDE DA 11ª SUPERINTENDÊNCIA REGIONAL DA CODEVASF NO MUNICÍPIO DE MACAPÁ/AP",{"$nulls":15},"EMPREENDIMENTO: CONSTRUÇÃO DA SEDE DA 11ª SUPERINTENDÊNCIA REGIONAL DA CODEVASF NO MUNICÍPIO DE MACAPÁ/AP",{"$nulls":15},"EMPREENDIMENTO: CONSTRUÇÃO DA SEDE DA 11ª SUPERINTENDÊNCIA REGIONAL DA CODEVASF NO MUNICÍPIO DE MACAPÁ/AP",{"$nulls":15},"EMPREENDIMENTO: CONSTRUÇÃO DA SEDE DA 11ª SUPERINTENDÊNCIA REGIONAL DA CODEVASF NO MUNICÍPIO DE MACAPÁ/AP",{"$nulls":15},"EMPREENDIMENTO: CONSTRUÇÃO DA SEDE DA 11ª SUPERINTENDÊNCIA REGIONAL DA CODEVASF NO MUNICÍPIO DE MACAPÁ/AP",{"$nulls":15},"EMPREENDIMENTO: CONSTRUÇÃO DA SEDE DA 11ª SUPERINTENDÊNCIA REGIONAL DA CODEVASF NO MUNICÍPIO DE MACAPÁ/AP",{"$nulls":15},"EMPREENDIMENTO: CONSTRUÇÃO DA SEDE DA 11ª SUPERINTENDÊNCIA REGIONAL DA CODEVASF NO MUNICÍPIO DE MACAPÁ/AP",{"$nulls":15},"EMPREENDIMENTO: CONSTRUÇÃO DA SEDE DA 11ª SUPERINTENDÊNCIA REGIONAL DA CODEVASF NO MUNICÍPIO DE MACAPÁ/AP",{"$nulls":15},"EMPREENDIMENTO: CONSTRUÇÃO DA SEDE DA 11ª SUPERINTENDÊNCIA REGIONAL DA CODEVASF NO MUNICÍPIO DE MACAPÁ/AP",{"$nulls":15},"EMPREENDIMENTO: CONSTRUÇÃO DA SEDE DA 11ª SUPERINTENDÊNCIA REGIONAL DA CODEVASF NO MUNICÍPIO DE MACAPÁ/AP",{"$nulls":15},"EMPREENDIMENTO: CONSTRUÇÃO DA SEDE DA 11ª SUPERINTENDÊNCIA REGIONAL DA CODEVASF NO MUNICÍPIO DE MACAPÁ/AP",{"$nulls":15},"EMPREENDIMENTO: CONSTRUÇÃO DA SEDE DA 11ª SUPERINTENDÊNCIA REGIONAL DA CODEVASF NO MUNICÍPIO DE MACAPÁ/AP",{"$nulls":15},"EMPREENDIMENTO: CONSTRUÇÃO DA SEDE DA 11ª SUPERINTENDÊNCIA REGIONAL DA CODEVASF NO MUNICÍPIO DE MACAPÁ/AP",{"$nulls":15},"EMPREENDIMENTO: CONSTRUÇÃO DA SEDE DA 11ª SUPERINTENDÊNCIA REGIONAL DA CODEVASF NO MUNICÍPIO DE MACAPÁ/AP",{"$nulls":15},"EMPREENDIMENTO: CONSTRUÇÃO DA SEDE DA 11ª SUPERINTENDÊNCIA REGIONAL DA CODEVASF NO MUNICÍPIO DE MACAPÁ/AP",{"$nulls":15},"EMPREENDIMENTO: CONSTRUÇÃO DA SEDE DA 11ª SUPERINTENDÊNCIA REGIONAL DA CODEVASF NO MUNICÍPIO DE MACAPÁ/AP",{"$nulls":15},"EMPREENDIMENTO: CONSTRUÇÃO DA SEDE DA 11ª SUPERINTENDÊNCIA REGIONAL DA CODEVASF NO MUNICÍPIO DE MACAPÁ/AP",{"$nulls":15},"EMPREENDIMENTO: CONSTRUÇÃO DA SEDE DA 11ª SUPERINTENDÊNCIA REGIONAL DA CODEVASF NO MUNICÍPIO DE MACAPÁ/AP",{"$nulls":15},"EMPREENDIMENTO: CONSTRUÇÃO DA SEDE DA 11ª SUPERINTENDÊNCIA REGIONAL DA CODEVASF NO MUNICÍPIO DE MACAPÁ/AP",{"$nulls":15},"EMPREENDIMENTO: CONSTRUÇÃO DA SEDE DA 11ª SUPERINTENDÊNCIA REGIONAL DA CODEVASF NO MUNICÍPIO DE MACAPÁ/AP",{"$nulls":15},"EMPREENDIMENTO: CONSTRUÇÃO DA SEDE DA 11ª SUPERINTENDÊNCIA REGIONAL DA CODEVASF NO MUNICÍPIO DE MACAPÁ/AP",{"$nulls":15},"EMPREENDIMENTO: CONSTRUÇÃO DA SEDE DA 11ª SUPERINTENDÊNCIA REGIONAL DA CODEVASF NO MUNICÍPIO DE MACAPÁ/AP",{"$nulls":15},"EMPREENDIMENTO: CONSTRUÇÃO DA SEDE DA 11ª SUPERINTENDÊNCIA REGIONAL DA CODEVASF NO MUNICÍPIO DE MACAPÁ/AP",{"$nulls":15},"EMPREENDIMENTO: CONSTRUÇÃO DA SEDE DA 11ª SUPERINTENDÊNCIA REGIONAL DA CODEVASF NO MUNICÍPIO DE MACAPÁ/AP",{"$nulls":15},"EMPREENDIMENTO: CONSTRUÇÃO DA SEDE DA 11ª SUPERINTENDÊNCIA REGIONAL DA CODEVASF NO MUNICÍPIO DE MACAPÁ/AP",{"$nulls":15},"EMPREENDIMENTO: CONSTRUÇÃO DA SEDE DA 11ª SUPERINTENDÊNCIA REGIONAL DA CODEVASF NO MUNICÍPIO DE MACAPÁ/AP",{"$nulls":15},"EMPREENDIMENTO: CONSTRUÇÃO DA SEDE DA 11ª SUPERINTENDÊNCIA REGIONAL DA CODEVASF NO MUNICÍPIO DE MACAPÁ/AP",{"$nulls":15},"EMPREENDIMENTO: CONSTRUÇÃO DA SEDE DA 11ª SUPERINTENDÊNCIA REGIONAL DA CODEVASF NO MUNICÍPIO DE MACAPÁ/AP",{"$nulls":15},"EMPREENDIMENTO: CONSTRUÇÃO DA SEDE DA 11ª SUPERINTENDÊNCIA REGIONAL DA CODEVASF NO MUNICÍPIO DE MACAPÁ/AP",{"$nulls":15},"EMPREENDIMENTO: CONSTRUÇÃO DA SEDE DA 11ª SUPERINTENDÊNCIA REGIONAL DA CODEVASF NO MUNICÍPIO DE MACAPÁ/AP",{"$nulls":15},"EMPREENDIMENTO: CONSTRUÇÃO DA SEDE DA 11ª SUPERINTENDÊNCIA REGIONAL DA CODEVASF NO MUNICÍPIO DE MACAPÁ/AP",{"$nulls":15},"EMPREENDIMENTO: CONSTRUÇÃO DA SEDE DA 11ª SUPERINTENDÊNCIA REGIONAL DA CODEVASF NO MUNICÍPIO DE MACAPÁ/AP",{"$nulls":15},"EMPREENDIMENTO: CONSTRUÇÃO DA SEDE DA 11ª SUPERINTENDÊNCIA REGIONAL DA CODEVASF NO MUNICÍPIO DE MACAPÁ/AP",{"$nulls":15},"EMPREENDIMENTO: CONSTRUÇÃO DA SEDE DA 11ª SUPERINTENDÊNCIA REGIONAL DA CODEVASF NO MUNICÍPIO DE MACAPÁ/AP",{"$nulls":15},"EMPREENDIMENTO: CONSTRUÇÃO DA SEDE DA 11ª SUPERINTENDÊNCIA REGIONAL DA CODEVASF NO MUNICÍPIO DE MACAPÁ/AP",{"$nulls":15},"EMPREENDIMENTO: CONSTRUÇÃO DA SEDE DA 11ª SUPERINTENDÊNCIA REGIONAL DA CODEVASF NO MUNICÍPIO DE MACAPÁ/AP",{"$nulls":15},"EMPREENDIMENTO: CONSTRUÇÃO DA SEDE DA 11ª SUPERINTENDÊNCIA REGIONAL DA CODEVASF NO MUNICÍPIO DE MACAPÁ/AP",{"$nulls":15},"EMPREENDIMENTO: CONSTRUÇÃO DA SEDE DA 11ª SUPERINTENDÊNCIA REGIONAL DA CODEVASF NO MUNICÍPIO DE MACAPÁ/AP",{"$nulls":15},"EMPREENDIMENTO: CONSTRUÇÃO DA SEDE DA 11ª SUPERINTENDÊNCIA REGIONAL DA CODEVASF NO MUNICÍPIO DE MACAPÁ/AP",{"$nulls":15},"EMPREENDIMENTO: CONSTRUÇÃO DA SEDE DA 11ª SUPERINTENDÊNCIA REGIONAL DA CODEVASF NO MUNICÍPIO DE MACAPÁ/AP",{"$nulls":15},"EMPREENDIMENTO: CONSTRUÇÃO DA SEDE DA 11ª SUPERINTENDÊNCIA REGIONAL DA CODEVASF NO MUNICÍPIO DE MACAPÁ/AP",{"$nulls":15},"EMPREENDIMENTO: CONSTRUÇÃO DA SEDE DA 11ª SUPERINTENDÊNCIA REGIONAL DA CODEVASF NO MUNICÍPIO DE MACAPÁ/AP",{"$nulls":15},"EMPREENDIMENTO: CONSTRUÇÃO DA SEDE DA 11ª SUPERINTENDÊNCIA REGIONAL DA CODEVASF NO MUNICÍPIO DE MACAPÁ/AP",{"$nulls":15},"EMPREENDIMENTO: CONSTRUÇÃO DA SEDE DA 11ª SUPERINTENDÊNCIA REGIONAL DA CODEVASF NO MUNICÍPIO DE MACAPÁ/AP",{"$nulls":15},"EMPREENDIMENTO: CONSTRUÇÃO DA SEDE DA 11ª SUPERINTENDÊNCIA REGIONAL DA CODEVASF NO MUNICÍPIO DE MACAPÁ/AP",{"$nulls":15},"EMPREENDIMENTO: CONSTRUÇÃO DA SEDE DA 11ª SUPERINTENDÊNCIA REGIONAL DA CODEVASF NO MUNICÍPIO DE MACAPÁ/AP",{"$nulls":15},"EMPREENDIMENTO: CONSTRUÇÃO DA SEDE DA 11ª SUPERINTENDÊNCIA REGIONAL DA CODEVASF NO MUNICÍPIO DE MACAPÁ/AP",{"$nulls":15},"EMPREENDIMENTO: CONSTRUÇÃO DA SEDE DA 11ª SUPERINTENDÊNCIA REGIONAL DA CODEVASF NO MUNICÍPIO DE MACAPÁ/AP",{"$nulls":15},"EMPREENDIMENTO: CONSTRUÇÃO DA SEDE DA 11ª SUPERINTENDÊNCIA REGIONAL DA CODEVASF NO MUNICÍPIO DE MACAPÁ/AP",{"$nulls":15},"EMPREENDIMENTO: CONSTRUÇÃO DA SEDE DA 11ª SUPERINTENDÊNCIA REGIONAL DA CODEVASF NO MUNICÍPIO DE MACAPÁ/AP",{"$nulls":15},"EMPREENDIMENTO: CONSTRUÇÃO DA SEDE DA 11ª SUPERINTENDÊNCIA REGIONAL DA CODEVASF NO MUNICÍPIO DE MACAPÁ/AP",{"$nulls":15},"EMPREENDIMENTO: CONSTRUÇÃO DA SEDE DA 11ª SUPERINTENDÊNCIA REGIONAL DA CODEVASF NO MUNICÍPIO DE MACAPÁ/AP",{"$nulls":15},"EMPREENDIMENTO: CONSTRUÇÃO DA SEDE DA 11ª SUPERINTENDÊNCIA REGIONAL DA CODEVASF NO MUNICÍPIO DE MACAPÁ/AP",{"$nulls":15},"EMPREENDIMENTO: CONSTRUÇÃO DA SEDE DA 11ª SUPERINTENDÊNCIA REGIONAL DA CODEVASF NO MUNICÍPIO DE MACAPÁ/AP",{"$nulls":15},"EMPREENDIMENTO: CONSTRUÇÃO DA SEDE DA 11ª SUPERINTENDÊNCIA REGIONAL DA CODEVASF NO MUNICÍPIO DE MACAPÁ/AP",{"$nulls":15},"EMPREENDIMENTO: CONSTRUÇÃO DA SEDE DA 11ª SUPERINTENDÊNCIA REGIONAL DA CODEVASF NO MUNICÍPIO DE MACAPÁ/AP",{"$nulls":15},"EMPREENDIMENTO: CONSTRUÇÃO DA SEDE DA 11ª SUPERINTENDÊNCIA REGIONAL DA CODEVASF NO MUNICÍPIO DE MACAPÁ/AP",{"$nulls":15},"EMPREENDIMENTO: CONSTRUÇÃO DA SEDE DA 11ª SUPERINTENDÊNCIA REGIONAL DA CODEVASF NO MUNICÍPIO DE MACAPÁ/AP",{"$nulls":15},"EMPREENDIMENTO: CONSTRUÇÃO DA SEDE DA 11ª SUPERINTENDÊNCIA REGIONAL DA CODEVASF NO MUNICÍPIO DE MACAPÁ/AP",{"$nulls":15},"EMPREENDIMENTO: CONSTRUÇÃO DA SEDE DA 11ª SUPERINTENDÊNCIA REGIONAL DA CODEVASF NO MUNICÍPIO DE MACAPÁ/AP",{"$nulls":15},"EMPREENDIMENTO: CONSTRUÇÃO DA SEDE DA 11ª SUPERINTENDÊNCIA REGIONAL DA CODEVASF NO MUNICÍPIO DE MACAPÁ/AP",{"$nulls":15},"EMPREENDIMENTO: CONSTRUÇÃO DA SEDE DA 11ª SUPERINTENDÊNCIA REGIONAL DA CODEVASF NO MUNICÍPIO DE MACAPÁ/AP",{"$nulls":15},"EMPREENDIMENTO: CONSTRUÇÃO DA SEDE DA 11ª SUPERINTENDÊNCIA REGIONAL DA CODEVASF NO MUNICÍPIO DE MACAPÁ/AP",{"$nulls":15},"EMPREENDIMENTO: CONSTRUÇÃO DA SEDE DA 11ª SUPERINTENDÊNCIA REGIONAL DA CODEVASF NO MUNICÍPIO DE MACAPÁ/AP",{"$nulls":15},"EMPREENDIMENTO: CONSTRUÇÃO DA SEDE DA 11ª SUPERINTENDÊNCIA REGIONAL DA CODEVASF NO MUNICÍPIO DE MACAPÁ/AP",{"$nulls":15},"EMPREENDIMENTO: CONSTRUÇÃO DA SEDE DA 11ª SUPERINTENDÊNCIA REGIONAL DA CODEVASF NO MUNICÍPIO DE MACAPÁ/AP",{"$nulls":15},"EMPREENDIMENTO: CONSTRUÇÃO DA SEDE DA 11ª SUPERINTENDÊNCIA REGIONAL DA CODEVASF NO MUNICÍPIO DE MACAPÁ/AP",{"$nulls":15},"EMPREENDIMENTO: CONSTRUÇÃO DA SEDE DA 11ª SUPERINTENDÊNCIA REGIONAL DA CODEVASF NO MUNICÍPIO DE MACAPÁ/AP",{"$nulls":15},"EMPREENDIMENTO: CONSTRUÇÃO DA SEDE DA 11ª SUPERINTENDÊNCIA REGIONAL DA CODEVASF NO MUNICÍPIO DE MACAPÁ/AP",{"$nulls":15},"EMPREENDIMENTO: CONSTRUÇÃO DA SEDE DA 11ª SUPERINTENDÊNCIA REGIONAL DA CODEVASF NO MUNICÍPIO DE MACAPÁ/AP",{"$nulls":15},"EMPREENDIMENTO: CONSTRUÇÃO DA SEDE DA 11ª SUPERINTENDÊNCIA REGIONAL DA CODEVASF NO MUNICÍPIO DE MACAPÁ/AP",{"$nulls":15},"EMPREENDIMENTO: CONSTRUÇÃO DA SEDE DA 11ª SUPERINTENDÊNCIA REGIONAL DA CODEVASF NO MUNICÍPIO DE MACAPÁ/AP",{"$nulls":15},"EMPREENDIMENTO: CONSTRUÇÃO DA SEDE DA 11ª SUPERINTENDÊNCIA REGIONAL DA CODEVASF NO MUNICÍPIO DE MACAPÁ/AP",{"$nulls":15},"EMPREENDIMENTO: CONSTRUÇÃO DA SEDE DA 11ª SUPERINTENDÊNCIA REGIONAL DA CODEVASF NO MUNICÍPIO DE MACAPÁ/AP",{"$nulls":15},"EMPREENDIMENTO: CONSTRUÇÃO DA SEDE DA 11ª SUPERINTENDÊNCIA REGIONAL DA CODEVASF NO MUNICÍPIO DE MACAPÁ/AP",{"$nulls":15},"EMPREENDIMENTO: CONSTRUÇÃO DA SEDE DA 11ª SUPERINTENDÊNCIA REGIONAL DA CODEVASF NO MUNICÍPIO DE MACAPÁ/AP",{"$nulls":15},"EMPREENDIMENTO: CONSTRUÇÃO DA SEDE DA 11ª SUPERINTENDÊNCIA REGIONAL DA CODEVASF NO MUNICÍPIO DE MACAPÁ/AP",{"$nulls":15},"EMPREENDIMENTO: CONSTRUÇÃO DA SEDE DA 11ª SUPERINTENDÊNCIA REGIONAL DA CODEVASF NO MUNICÍPIO DE MACAPÁ/AP",{"$nulls":15},"EMPREENDIMENTO: CONSTRUÇÃO DA SEDE DA 11ª SUPERINTENDÊNCIA REGIONAL DA CODEVASF NO MUNICÍPIO DE MACAPÁ/AP",{"$nulls":15},"EMPREENDIMENTO: CONSTRUÇÃO DA SEDE DA 11ª SUPERINTENDÊNCIA REGIONAL DA CODEVASF NO MUNICÍPIO DE MACAPÁ/AP",{"$nulls":15},"EMPREENDIMENTO: CONSTRUÇÃO DA SEDE DA 11ª SUPERINTENDÊNCIA REGIONAL DA CODEVASF NO MUNICÍPIO DE MACAPÁ/AP",{"$nulls":15},"EMPREENDIMENTO: CONSTRUÇÃO DA SEDE DA 11ª SUPERINTENDÊNCIA REGIONAL DA CODEVASF NO MUNICÍPIO DE MACAPÁ/AP",{"$nulls":15},"EMPREENDIMENTO: CONSTRUÇÃO DA SEDE DA 11ª SUPERINTENDÊNCIA REGIONAL DA CODEVASF NO MUNICÍPIO DE MACAPÁ/AP",{"$nulls":15},"EMPREENDIMENTO: CONSTRUÇÃO DA SEDE DA 11ª SUPERINTENDÊNCIA REGIONAL DA CODEVASF NO MUNICÍPIO DE MACAPÁ/AP",{"$nulls":15},"EMPREENDIMENTO: CONSTRUÇÃO DA SEDE DA 11ª SUPERINTENDÊNCIA REGIONAL DA CODEVASF NO MUNICÍPIO DE MACAPÁ/AP",{"$nulls":15},"EMPREENDIMENTO: CONSTRUÇÃO DA SEDE DA 11ª SUPERINTENDÊNCIA REGIONAL DA CODEVASF NO MUNICÍPIO DE MACAPÁ/AP",{"$nulls":15},"EMPREENDIMENTO: CONSTRUÇÃO DA SEDE DA 11ª SUPERINTENDÊNCIA REGIONAL DA CODEVASF NO MUNICÍPIO DE MACAPÁ/AP",{"$nulls":15},"EMPREENDIMENTO: CONSTRUÇÃO DA SEDE DA 11ª SUPERINTENDÊNCIA REGIONAL DA CODEVASF NO MUNICÍPIO DE MACAPÁ/AP",{"$nulls":15},"EMPREENDIMENTO: CONSTRUÇÃO DA SEDE DA 11ª SUPERINTENDÊNCIA REGIONAL DA CODEVASF NO MUNICÍPIO DE MACAPÁ/AP",{"$nulls":15},"EMPREENDIMENTO: CONSTRUÇÃO DA SEDE DA 11ª SUPERINTENDÊNCIA REGIONAL DA CODEVASF NO MUNICÍPIO DE MACAPÁ/AP",{"$nulls":15},"EMPREENDIMENTO: CONSTRUÇÃO DA SEDE DA 11ª SUPERINTENDÊNCIA REGIONAL DA CODEVASF NO MUNICÍPIO DE MACAPÁ/AP",{"$nulls":15},"EMPREENDIMENTO: CONSTRUÇÃO DA SEDE DA 11ª SUPERINTENDÊNCIA REGIONAL DA CODEVASF NO MUNICÍPIO DE MACAPÁ/AP",{"$nulls":15},"EMPREENDIMENTO: CONSTRUÇÃO DA SEDE DA 11ª SUPERINTENDÊNCIA REGIONAL DA CODEVASF NO MUNICÍPIO DE MACAPÁ/AP",{"$nulls":15},"EMPREENDIMENTO: CONSTRUÇÃO DA SEDE DA 11ª SUPERINTENDÊNCIA REGIONAL DA CODEVASF NO MUNICÍPIO DE MACAPÁ/AP",{"$nulls":15},"EMPREENDIMENTO: CONSTRUÇÃO DA SEDE DA 11ª SUPERINTENDÊNCIA REGIONAL DA CODEVASF NO MUNICÍPIO DE MACAPÁ/AP",{"$nulls":15},"EMPREENDIMENTO: CONSTRUÇÃO DA SEDE DA 11ª SUPERINTENDÊNCIA REGIONAL DA CODEVASF NO MUNICÍPIO DE MACAPÁ/AP",{"$nulls":15},"EMPREENDIMENTO: CONSTRUÇÃO DA SEDE DA 11ª SUPERINTENDÊNCIA REGIONAL DA CODEVASF NO MUNICÍPIO DE MACAPÁ/AP",{"$nulls":15},"EMPREENDIMENTO: CONSTRUÇÃO DA SEDE DA 11ª SUPERINTENDÊNCIA REGIONAL DA CODEVASF NO MUNICÍPIO DE MACAPÁ/AP",{"$nulls":15},"EMPREENDIMENTO: CONSTRUÇÃO DA SEDE DA 11ª SUPERINTENDÊNCIA REGIONAL DA CODEVASF NO MUNICÍPIO DE MACAPÁ/AP",{"$nulls":15},"EMPREENDIMENTO: CONSTRUÇÃO DA SEDE DA 11ª SUPERINTENDÊNCIA REGIONAL DA CODEVASF NO MUNICÍPIO DE MACAPÁ/AP",{"$nulls":15},"EMPREENDIMENTO: CONSTRUÇÃO DA SEDE DA 11ª SUPERINTENDÊNCIA REGIONAL DA CODEVASF NO MUNICÍPIO DE MACAPÁ/AP",{"$nulls":15},"EMPREENDIMENTO: CONSTRUÇÃO DA SEDE DA 11ª SUPERINTENDÊNCIA REGIONAL DA CODEVASF NO MUNICÍPIO DE MACAPÁ/AP",{"$nulls":15},"EMPREENDIMENTO: CONSTRUÇÃO DA SEDE DA 11ª SUPERINTENDÊNCIA REGIONAL DA CODEVASF NO MUNICÍPIO DE MACAPÁ/AP",{"$nulls":15},"EMPREENDIMENTO: CONSTRUÇÃO DA SEDE DA 11ª SUPERINTENDÊNCIA REGIONAL DA CODEVASF NO MUNICÍPIO DE MACAPÁ/AP",{"$nulls":15},"EMPREENDIMENTO: CONSTRUÇÃO DA SEDE DA 11ª SUPERINTENDÊNCIA REGIONAL DA CODEVASF NO MUNICÍPIO DE MACAPÁ/AP",{"$nulls":15},"EMPREENDIMENTO: CONSTRUÇÃO DA SEDE DA 11ª SUPERINTENDÊNCIA REGIONAL DA CODEVASF NO MUNICÍPIO DE MACAPÁ/AP",{"$nulls":15},"EMPREENDIMENTO: CONSTRUÇÃO DA SEDE DA 11ª SUPERINTENDÊNCIA REGIONAL DA CODEVASF NO MUNICÍPIO DE MACAPÁ/AP",{"$nulls":15},"EMPREENDIMENTO: CONSTRUÇÃO DA SEDE DA 11ª SUPERINTENDÊNCIA REGIONAL DA CODEVASF NO MUNICÍPIO DE MACAPÁ/AP",{"$nulls":15},"EMPREENDIMENTO: CONSTRUÇÃO DA SEDE DA 11ª SUPERINTENDÊNCIA REGIONAL DA CODEVASF NO MUNICÍPIO DE MACAPÁ/AP",{"$nulls":15},"EMPREENDIMENTO: CONSTRUÇÃO DA SEDE DA 11ª SUPERINTENDÊNCIA REGIONAL DA CODEVASF NO MUNICÍPIO DE MACAPÁ/AP",{"$nulls":15},"EMPREENDIMENTO: CONSTRUÇÃO DA SEDE DA 11ª SUPERINTENDÊNCIA REGIONAL DA CODEVASF NO MUNICÍPIO DE MACAPÁ/AP",{"$nulls":15},"EMPREENDIMENTO: CONSTRUÇÃO DA SEDE DA 11ª SUPERINTENDÊNCIA REGIONAL DA CODEVASF NO MUNICÍPIO DE MACAPÁ/AP",{"$nulls":15},"EMPREENDIMENTO: CONSTRUÇÃO DA SEDE DA 11ª SUPERINTENDÊNCIA REGIONAL DA CODEVASF NO MUNICÍPIO DE MACAPÁ/AP",{"$nulls":15},"EMPREENDIMENTO: CONSTRUÇÃO DA SEDE DA 11ª SUPERINTENDÊNCIA REGIONAL DA CODEVASF NO MUNICÍPIO DE MACAPÁ/AP",{"$nulls":15},"EMPREENDIMENTO: CONSTRUÇÃO DA SEDE DA 11ª SUPERINTENDÊNCIA REGIONAL DA CODEVASF NO MUNICÍPIO DE MACAPÁ/AP",{"$nulls":15},"EMPREENDIMENTO: CONSTRUÇÃO DA SEDE DA 11ª SUPERINTENDÊNCIA REGIONAL DA CODEVASF NO MUNICÍPIO DE MACAPÁ/AP",{"$nulls":15},"EMPREENDIMENTO: CONSTRUÇÃO DA SEDE DA 11ª SUPERINTENDÊNCIA REGIONAL DA CODEVASF NO MUNICÍPIO DE MACAPÁ/AP",{"$nulls":15},"EMPREENDIMENTO: CONSTRUÇÃO DA SEDE DA 11ª SUPERINTENDÊNCIA REGIONAL DA CODEVASF NO MUNICÍPIO DE MACAPÁ/AP",{"$nulls":15},"EMPREENDIMENTO: CONSTRUÇÃO DA SEDE DA 11ª SUPERINTENDÊNCIA REGIONAL DA CODEVASF NO MUNICÍPIO DE MACAPÁ/AP",{"$nulls":15},"EMPREENDIMENTO: CONSTRUÇÃO DA SEDE DA 11ª SUPERINTENDÊNCIA REGIONAL DA CODEVASF NO MUNICÍPIO DE MACAPÁ/AP",{"$nulls":15},"EMPREENDIMENTO: CONSTRUÇÃO DA SEDE DA 11ª SUPERINTENDÊNCIA REGIONAL DA CODEVASF NO MUNICÍPIO DE MACAPÁ/AP",{"$nulls":15},"EMPREENDIMENTO: CONSTRUÇÃO DA SEDE DA 11ª SUPERINTENDÊNCIA REGIONAL DA CODEVASF NO MUNICÍPIO DE MACAPÁ/AP",{"$nulls":15},"EMPREENDIMENTO: CONSTRUÇÃO DA SEDE DA 11ª SUPERINTENDÊNCIA REGIONAL DA CODEVASF NO MUNICÍPIO DE MACAPÁ/AP",{"$nulls":15},"EMPREENDIMENTO: CONSTRUÇÃO DA SEDE DA 11ª SUPERINTENDÊNCIA REGIONAL DA CODEVASF NO MUNICÍPIO DE MACAPÁ/AP",{"$nulls":15},"EMPREENDIMENTO: CONSTRUÇÃO DA SEDE DA 11ª SUPERINTENDÊNCIA REGIONAL DA CODEVASF NO MUNICÍPIO DE MACAPÁ/AP",{"$nulls":15},"EMPREENDIMENTO: CONSTRUÇÃO DA SEDE DA 11ª SUPERINTENDÊNCIA REGIONAL DA CODEVASF NO MUNICÍPIO DE MACAPÁ/AP",{"$nulls":15},"EMPREENDIMENTO: CONSTRUÇÃO DA SEDE DA 11ª SUPERINTENDÊNCIA REGIONAL DA CODEVASF NO MUNICÍPIO DE MACAPÁ/AP",{"$nulls":15},"EMPREENDIMENTO: CONSTRUÇÃO DA SEDE DA 11ª SUPERINTENDÊNCIA REGIONAL DA CODEVASF NO MUNICÍPIO DE MACAPÁ/AP",{"$nulls":15},"EMPREENDIMENTO: CONSTRUÇÃO DA SEDE DA 11ª SUPERINTENDÊNCIA REGIONAL DA CODEVASF NO MUNICÍPIO DE MACAPÁ/AP",{"$nulls":15},"EMPREENDIMENTO: CONSTRUÇÃO DA SEDE DA 11ª SUPERINTENDÊNCIA REGIONAL DA CODEVASF NO MUNICÍPIO DE MACAPÁ/AP",{"$nulls":15},"EMPREENDIMENTO: CONSTRUÇÃO DA SEDE DA 11ª SUPERINTENDÊNCIA REGIONAL DA CODEVASF NO MUNICÍPIO DE MACAPÁ/AP",{"$nulls":15},"EMPREENDIMENTO: CONSTRUÇÃO DA SEDE DA 11ª SUPERINTENDÊNCIA REGIONAL DA CODEVASF NO MUNICÍPIO DE MACAPÁ/AP",{"$nulls":15},"EMPREENDIMENTO: CONSTRUÇÃO DA SEDE DA 11ª SUPERINTENDÊNCIA REGIONAL DA CODEVASF NO MUNICÍPIO DE MACAPÁ/AP",{"$nulls":15},"EMPREENDIMENTO: CONSTRUÇÃO DA SEDE DA 11ª SUPERINTENDÊNCIA REGIONAL DA CODEVASF NO MUNICÍPIO DE MACAPÁ/AP",{"$nulls":15},"EMPREENDIMENTO: CONSTRUÇÃO DA SEDE DA 11ª SUPERINTENDÊNCIA REGIONAL DA CODEVASF NO MUNICÍPIO DE MACAPÁ/AP",{"$nulls":15},"EMPREENDIMENTO: CONSTRUÇÃO DA SEDE DA 11ª SUPERINTENDÊNCIA REGIONAL DA CODEVASF NO MUNICÍPIO DE MACAPÁ/AP",{"$nulls":15},"EMPREENDIMENTO: CONSTRUÇÃO DA SEDE DA 11ª SUPERINTENDÊNCIA REGIONAL DA CODEVASF NO MUNICÍPIO DE MACAPÁ/AP",{"$nulls":15},"EMPREENDIMENTO: CONSTRUÇÃO DA SEDE DA 11ª SUPERINTENDÊNCIA REGIONAL DA CODEVASF NO MUNICÍPIO DE MACAPÁ/AP",{"$nulls":15},"EMPREENDIMENTO: CONSTRUÇÃO DA SEDE DA 11ª SUPERINTENDÊNCIA REGIONAL DA CODEVASF NO MUNICÍPIO DE MACAPÁ/AP",{"$nulls":15},"EMPREENDIMENTO: CONSTRUÇÃO DA SEDE DA 11ª SUPERINTENDÊNCIA REGIONAL DA CODEVASF NO MUNICÍPIO DE MACAPÁ/AP",{"$nulls":15},"EMPREENDIMENTO: CONSTRUÇÃO DA SEDE DA 11ª SUPERINTENDÊNCIA REGIONAL DA CODEVASF NO MUNICÍPIO DE MACAPÁ/AP",{"$nulls":15},"EMPREENDIMENTO: CONSTRUÇÃO DA SEDE DA 11ª SUPERINTENDÊNCIA REGIONAL DA CODEVASF NO MUNICÍPIO DE MACAPÁ/AP",{"$nulls":15},"EMPREENDIMENTO: CONSTRUÇÃO DA SEDE DA 11ª SUPERINTENDÊNCIA REGIONAL DA CODEVASF NO MUNICÍPIO DE MACAPÁ/AP",{"$nulls":15},"EMPREENDIMENTO: CONSTRUÇÃO DA SEDE DA 11ª SUPERINTENDÊNCIA REGIONAL DA CODEVASF NO MUNICÍPIO DE MACAPÁ/AP",{"$nulls":15},"EMPREENDIMENTO: CONSTRUÇÃO DA SEDE DA 11ª SUPERINTENDÊNCIA REGIONAL DA CODEVASF NO MUNICÍPIO DE MACAPÁ/AP",{"$nulls":15},"EMPREENDIMENTO: CONSTRUÇÃO DA SEDE DA 11ª SUPERINTENDÊNCIA REGIONAL DA CODEVASF NO MUNICÍPIO DE MACAPÁ/AP",{"$nulls":15},"EMPREENDIMENTO: CONSTRUÇÃO DA SEDE DA 11ª SUPERINTENDÊNCIA REGIONAL DA CODEVASF NO MUNICÍPIO DE MACAPÁ/AP",{"$nulls":15},"EMPREENDIMENTO: CONSTRUÇÃO DA SEDE DA 11ª SUPERINTENDÊNCIA REGIONAL DA CODEVASF NO MUNICÍPIO DE MACAPÁ/AP",{"$nulls":15},"EMPREENDIMENTO: CONSTRUÇÃO DA SEDE DA 11ª SUPERINTENDÊNCIA REGIONAL DA CODEVASF NO MUNICÍPIO DE MACAPÁ/AP",{"$nulls":15},"EMPREENDIMENTO: CONSTRUÇÃO DA SEDE DA 11ª SUPERINTENDÊNCIA REGIONAL DA CODEVASF NO MUNICÍPIO DE MACAPÁ/AP",{"$nulls":15},"EMPREENDIMENTO: CONSTRUÇÃO DA SEDE DA 11ª SUPERINTENDÊNCIA REGIONAL DA CODEVASF NO MUNICÍPIO DE MACAPÁ/AP",{"$nulls":15},"EMPREENDIMENTO: CONSTRUÇÃO DA SEDE DA 11ª SUPERINTENDÊNCIA REGIONAL DA CODEVASF NO MUNICÍPIO DE MACAPÁ/AP",{"$nulls":15},"EMPREENDIMENTO: CONSTRUÇÃO DA SEDE DA 11ª SUPERINTENDÊNCIA REGIONAL DA CODEVASF NO MUNICÍPIO DE MACAPÁ/AP",{"$nulls":15},"EMPREENDIMENTO: CONSTRUÇÃO DA SEDE DA 11ª SUPERINTENDÊNCIA REGIONAL DA CODEVASF NO MUNICÍPIO DE MACAPÁ/AP",{"$nulls":15},"EMPREENDIMENTO: CONSTRUÇÃO DA SEDE DA 11ª SUPERINTENDÊNCIA REGIONAL DA CODEVASF NO MUNICÍPIO DE MACAPÁ/AP",{"$nulls":15},"EMPREENDIMENTO: CONSTRUÇÃO DA SEDE DA 11ª SUPERINTENDÊNCIA REGIONAL DA CODEVASF NO MUNICÍPIO DE MACAPÁ/AP",{"$nulls":15},"EMPREENDIMENTO: CONSTRUÇÃO DA SEDE DA 11ª SUPERINTENDÊNCIA REGIONAL DA CODEVASF NO MUNICÍPIO DE MACAPÁ/AP",{"$nulls":15},"EMPREENDIMENTO: CONSTRUÇÃO DA SEDE DA 11ª SUPERINTENDÊNCIA REGIONAL DA CODEVASF NO MUNICÍPIO DE MACAPÁ/AP",{"$nulls":15},"EMPREENDIMENTO: CONSTRUÇÃO DA SEDE DA 11ª SUPERINTENDÊNCIA REGIONAL DA CODEVASF NO MUNICÍPIO DE MACAPÁ/AP",{"$nulls":15},"EMPREENDIMENTO: CONSTRUÇÃO DA SEDE DA 11ª SUPERINTENDÊNCIA REGIONAL DA CODEVASF NO MUNICÍPIO DE MACAPÁ/AP",{"$nulls":15},"EMPREENDIMENTO: CONSTRUÇÃO DA SEDE DA 11ª SUPERINTENDÊNCIA REGIONAL DA CODEVASF NO MUNICÍPIO DE MACAPÁ/AP",{"$nulls":15},"EMPREENDIMENTO: CONSTRUÇÃO DA SEDE DA 11ª SUPERINTENDÊNCIA REGIONAL DA CODEVASF NO MUNICÍPIO DE MACAPÁ/AP",{"$nulls":15},"EMPREENDIMENTO: CONSTRUÇÃO DA SEDE DA 11ª SUPERINTENDÊNCIA REGIONAL DA CODEVASF NO MUNICÍPIO DE MACAPÁ/AP",{"$nulls":15},"EMPREENDIMENTO: CONSTRUÇÃO DA SEDE DA 11ª SUPERINTENDÊNCIA REGIONAL DA CODEVASF NO MUNICÍPIO DE MACAPÁ/AP",{"$nulls":15},"EMPREENDIMENTO: CONSTRUÇÃO DA SEDE DA 11ª SUPERINTENDÊNCIA REGIONAL DA CODEVASF NO MUNICÍPIO DE MACAPÁ/AP",{"$nulls":15},"EMPREENDIMENTO: CONSTRUÇÃO DA SEDE DA 11ª SUPERINTENDÊNCIA REGIONAL DA CODEVASF NO MUNICÍPIO DE MACAPÁ/AP",{"$nulls":15},"EMPREENDIMENTO: CONSTRUÇÃO DA SEDE DA 11ª SUPERINTENDÊNCIA REGIONAL DA CODEVASF NO MUNICÍPIO DE MACAPÁ/AP",{"$nulls":15},"EMPREENDIMENTO: CONSTRUÇÃO DA SEDE DA 11ª SUPERINTENDÊNCIA REGIONAL DA CODEVASF NO MUNICÍPIO DE MACAPÁ/AP",{"$nulls":15},"EMPREENDIMENTO: CONSTRUÇÃO DA SEDE DA 11ª SUPERINTENDÊNCIA REGIONAL DA CODEVASF NO MUNICÍPIO DE MACAPÁ/AP",{"$nulls":15},"EMPREENDIMENTO: CONSTRUÇÃO DA SEDE DA 11ª SUPERINTENDÊNCIA REGIONAL DA CODEVASF NO MUNICÍPIO DE MACAPÁ/AP",{"$nulls":15},"EMPREENDIMENTO: CONSTRUÇÃO DA SEDE DA 11ª SUPERINTENDÊNCIA REGIONAL DA CODEVASF NO MUNICÍPIO DE MACAPÁ/AP",{"$nulls":15},"EMPREENDIMENTO: CONSTRUÇÃO DA SEDE DA 11ª SUPERINTENDÊNCIA REGIONAL DA CODEVASF NO MUNICÍPIO DE MACAPÁ/AP",{"$nulls":15},"EMPREENDIMENTO: CONSTRUÇÃO DA SEDE DA 11ª SUPERINTENDÊNCIA REGIONAL DA CODEVASF NO MUNICÍPIO DE MACAPÁ/AP",{"$nulls":15},"EMPREENDIMENTO: CONSTRUÇÃO DA SEDE DA 11ª SUPERINTENDÊNCIA REGIONAL DA CODEVASF NO MUNICÍPIO DE MACAPÁ/AP",{"$nulls":15},"EMPREENDIMENTO: CONSTRUÇÃO DA SEDE DA 11ª SUPERINTENDÊNCIA REGIONAL DA CODEVASF NO MUNICÍPIO DE MACAPÁ/AP",{"$nulls":15},"EMPREENDIMENTO: CONSTRUÇÃO DA SEDE DA 11ª SUPERINTENDÊNCIA REGIONAL DA CODEVASF NO MUNICÍPIO DE MACAPÁ/AP",{"$nulls":15},"EMPREENDIMENTO: CONSTRUÇÃO DA SEDE DA 11ª SUPERINTENDÊNCIA REGIONAL DA CODEVASF NO MUNICÍPIO DE MACAPÁ/AP",{"$nulls":15},"EMPREENDIMENTO: CONSTRUÇÃO DA SEDE DA 11ª SUPERINTENDÊNCIA REGIONAL DA CODEVASF NO MUNICÍPIO DE MACAPÁ/AP",{"$nulls":15},"EMPREENDIMENTO: CONSTRUÇÃO DA SEDE DA 11ª SUPERINTENDÊNCIA REGIONAL DA CODEVASF NO MUNICÍPIO DE MACAPÁ/AP",{"$nulls":15},"EMPREENDIMENTO: CONSTRUÇÃO DA SEDE DA 11ª SUPERINTENDÊNCIA REGIONAL DA CODEVASF NO MUNICÍPIO DE MACAPÁ/AP",{"$nulls":15},"EMPREENDIMENTO: CONSTRUÇÃO DA SEDE DA 11ª SUPERINTENDÊNCIA REGIONAL DA CODEVASF NO MUNICÍPIO DE MACAPÁ/AP",{"$nulls":15},"EMPREENDIMENTO: CONSTRUÇÃO DA SEDE DA 11ª SUPERINTENDÊNCIA REGIONAL DA CODEVASF NO MUNICÍPIO DE MACAPÁ/AP",{"$nulls":15},"EMPREENDIMENTO: CONSTRUÇÃO DA SEDE DA 11ª SUPERINTENDÊNCIA REGIONAL DA CODEVASF NO MUNICÍPIO DE MACAPÁ/AP",{"$nulls":15},"EMPREENDIMENTO: CONSTRUÇÃO DA SEDE DA 11ª SUPERINTENDÊNCIA REGIONAL DA CODEVASF NO MUNICÍPIO DE MACAPÁ/AP",{"$nulls":15},"EMPREENDIMENTO: CONSTRUÇÃO DA SEDE DA 11ª SUPERINTENDÊNCIA REGIONAL DA CODEVASF NO MUNICÍPIO DE MACAPÁ/AP",{"$nulls":15},"EMPREENDIMENTO: CONSTRUÇÃO DA SEDE DA 11ª SUPERINTENDÊNCIA REGIONAL DA CODEVASF NO MUNICÍPIO DE MACAPÁ/AP",{"$nulls":15},"EMPREENDIMENTO: CONSTRUÇÃO DA SEDE DA 11ª SUPERINTENDÊNCIA REGIONAL DA CODEVASF NO MUNICÍPIO DE MACAPÁ/AP",{"$nulls":15},"EMPREENDIMENTO: CONSTRUÇÃO DA SEDE DA 11ª SUPERINTENDÊNCIA REGIONAL DA CODEVASF NO MUNICÍPIO DE MACAPÁ/AP",{"$nulls":15},"EMPREENDIMENTO: CONSTRUÇÃO DA SEDE DA 11ª SUPERINTENDÊNCIA REGIONAL DA CODEVASF NO MUNICÍPIO DE MACAPÁ/AP",{"$nulls":15},"EMPREENDIMENTO: CONSTRUÇÃO DA SEDE DA 11ª SUPERINTENDÊNCIA REGIONAL DA CODEVASF NO MUNICÍPIO DE MACAPÁ/AP",{"$nulls":15},"EMPREENDIMENTO: CONSTRUÇÃO DA SEDE DA 11ª SUPERINTENDÊNCIA REGIONAL DA CODEVASF NO MUNICÍPIO DE MACAPÁ/AP",{"$nulls":15},"EMPREENDIMENTO: CONSTRUÇÃO DA SEDE DA 11ª SUPERINTENDÊNCIA REGIONAL DA CODEVASF NO MUNICÍPIO DE MACAPÁ/AP",{"$nulls":15},"EMPREENDIMENTO: CONSTRUÇÃO DA SEDE DA 11ª SUPERINTENDÊNCIA REGIONAL DA CODEVASF NO MUNICÍPIO DE MACAPÁ/AP",{"$nulls":15},"EMPREENDIMENTO: CONSTRUÇÃO DA SEDE DA 11ª SUPERINTENDÊNCIA REGIONAL DA CODEVASF NO MUNICÍPIO DE MACAPÁ/AP",{"$nulls":15},"EMPREENDIMENTO: CONSTRUÇÃO DA SEDE DA 11ª SUPERINTENDÊNCIA REGIONAL DA CODEVASF NO MUNICÍPIO DE MACAPÁ/AP",{"$nulls":15},"EMPREENDIMENTO: CONSTRUÇÃO DA SEDE DA 11ª SUPERINTENDÊNCIA REGIONAL DA CODEVASF NO MUNICÍPIO DE MACAPÁ/AP",{"$nulls":15},"EMPREENDIMENTO: CONSTRUÇÃO DA SEDE DA 11ª SUPERINTENDÊNCIA REGIONAL DA CODEVASF NO MUNICÍPIO DE MACAPÁ/AP",{"$nulls":15},"EMPREENDIMENTO: CONSTRUÇÃO DA SEDE DA 11ª SUPERINTENDÊNCIA REGIONAL DA CODEVASF NO MUNICÍPIO DE MACAPÁ/AP",{"$nulls":15},"EMPREENDIMENTO: CONSTRUÇÃO DA SEDE DA 11ª SUPERINTENDÊNCIA REGIONAL DA CODEVASF NO MUNICÍPIO DE MACAPÁ/AP",{"$nulls":15},"EMPREENDIMENTO: CONSTRUÇÃO DA SEDE DA 11ª SUPERINTENDÊNCIA REGIONAL DA CODEVASF NO MUNICÍPIO DE MACAPÁ/AP",{"$nulls":15},"EMPREENDIMENTO: CONSTRUÇÃO DA SEDE DA 11ª SUPERINTENDÊNCIA REGIONAL DA CODEVASF NO MUNICÍPIO DE MACAPÁ/AP",{"$nulls":15},"EMPREENDIMENTO: CONSTRUÇÃO DA SEDE DA 11ª SUPERINTENDÊNCIA REGIONAL DA CODEVASF NO MUNICÍPIO DE MACAPÁ/AP",{"$nulls":15},"EMPREENDIMENTO: CONSTRUÇÃO DA SEDE DA 11ª SUPERINTENDÊNCIA REGIONAL DA CODEVASF NO MUNICÍPIO DE MACAPÁ/AP",{"$nulls":15},"EMPREENDIMENTO: CONSTRUÇÃO DA SEDE DA 11ª SUPERINTENDÊNCIA REGIONAL DA CODEVASF NO MUNICÍPIO DE MACAPÁ/AP",{"$nulls":15},"EMPREENDIMENTO: CONSTRUÇÃO DA SEDE DA 11ª SUPERINTENDÊNCIA REGIONAL DA CODEVASF NO MUNICÍPIO DE MACAPÁ/AP",{"$nulls":15},"EMPREENDIMENTO: CONSTRUÇÃO DA SEDE DA 11ª SUPERINTENDÊNCIA REGIONAL DA CODEVASF NO MUNICÍPIO DE MACAPÁ/AP",{"$nulls":15},"EMPREENDIMENTO: CONSTRUÇÃO DA SEDE DA 11ª SUPERINTENDÊNCIA REGIONAL DA CODEVASF NO MUNICÍPIO DE MACAPÁ/AP",{"$nulls":15},"EMPREENDIMENTO: CONSTRUÇÃO DA SEDE DA 11ª SUPERINTENDÊNCIA REGIONAL DA CODEVASF NO MUNICÍPIO DE MACAPÁ/AP",{"$nulls":15},"EMPREENDIMENTO: CONSTRUÇÃO DA SEDE DA 11ª SUPERINTENDÊNCIA REGIONAL DA CODEVASF NO MUNICÍPIO DE MACAPÁ/AP",{"$nulls":15},"EMPREENDIMENTO: CONSTRUÇÃO DA SEDE DA 11ª SUPERINTENDÊNCIA REGIONAL DA CODEVASF NO MUNICÍPIO DE MACAPÁ/AP",{"$nulls":15},"EMPREENDIMENTO: CONSTRUÇÃO DA SEDE DA 11ª SUPERINTENDÊNCIA REGIONAL DA CODEVASF NO MUNICÍPIO DE MACAPÁ/AP",{"$nulls":15},"EMPREENDIMENTO: CONSTRUÇÃO DA SEDE DA 11ª SUPERINTENDÊNCIA REGIONAL DA CODEVASF NO MUNICÍPIO DE MACAPÁ/AP",{"$nulls":15},"EMPREENDIMENTO: CONSTRUÇÃO DA SEDE DA 11ª SUPERINTENDÊNCIA REGIONAL DA CODEVASF NO MUNICÍPIO DE MACAPÁ/AP",{"$nulls":15},"EMPREENDIMENTO: CONSTRUÇÃO DA SEDE DA 11ª SUPERINTENDÊNCIA REGIONAL DA CODEVASF NO MUNICÍPIO DE MACAPÁ/AP",{"$nulls":15},"EMPREENDIMENTO: CONSTRUÇÃO DA SEDE DA 11ª SUPERINTENDÊNCIA REGIONAL DA CODEVASF NO MUNICÍPIO DE MACAPÁ/AP",{"$nulls":15},"EMPREENDIMENTO: CONSTRUÇÃO DA SEDE DA 11ª SUPERINTENDÊNCIA REGIONAL DA CODEVASF NO MUNICÍPIO DE MACAPÁ/AP",{"$nulls":15},"EMPREENDIMENTO: CONSTRUÇÃO DA SEDE DA 11ª SUPERINTENDÊNCIA REGIONAL DA CODEVASF NO MUNICÍPIO DE MACAPÁ/AP",{"$nulls":15},"EMPREENDIMENTO: CONSTRUÇÃO DA SEDE DA 11ª SUPERINTENDÊNCIA REGIONAL DA CODEVASF NO MUNICÍPIO DE MACAPÁ/AP",{"$nulls":15},"EMPREENDIMENTO: CONSTRUÇÃO DA SEDE DA 11ª SUPERINTENDÊNCIA REGIONAL DA CODEVASF NO MUNICÍPIO DE MACAPÁ/AP",{"$nulls":15},"EMPREENDIMENTO: CONSTRUÇÃO DA SEDE DA 11ª SUPERINTENDÊNCIA REGIONAL DA CODEVASF NO MUNICÍPIO DE MACAPÁ/AP",{"$nulls":15},"EMPREENDIMENTO: CONSTRUÇÃO DA SEDE DA 11ª SUPERINTENDÊNCIA REGIONAL DA CODEVASF NO MUNICÍPIO DE MACAPÁ/AP",{"$nulls":15},"EMPREENDIMENTO: CONSTRUÇÃO DA SEDE DA 11ª SUPERINTENDÊNCIA REGIONAL DA CODEVASF NO MUNICÍPIO DE MACAPÁ/AP",{"$nulls":15},"EMPREENDIMENTO: CONSTRUÇÃO DA SEDE DA 11ª SUPERINTENDÊNCIA REGIONAL DA CODEVASF NO MUNICÍPIO DE MACAPÁ/AP",{"$nulls":15},"EMPREENDIMENTO: CONSTRUÇÃO DA SEDE DA 11ª SUPERINTENDÊNCIA REGIONAL DA CODEVASF NO MUNICÍPIO DE MACAPÁ/AP",{"$nulls":15},"EMPREENDIMENTO: CONSTRUÇÃO DA SEDE DA 11ª SUPERINTENDÊNCIA REGIONAL DA CODEVASF NO MUNICÍPIO DE MACAPÁ/AP",{"$nulls":15},"EMPREENDIMENTO: CONSTRUÇÃO DA SEDE DA 11ª SUPERINTENDÊNCIA REGIONAL DA CODEVASF NO MUNICÍPIO DE MACAPÁ/AP",{"$nulls":15},"EMPREENDIMENTO: CONSTRUÇÃO DA SEDE DA 11ª SUPERINTENDÊNCIA REGIONAL DA CODEVASF NO MUNICÍPIO DE MACAPÁ/AP",{"$nulls":15},"EMPREENDIMENTO: CONSTRUÇÃO DA SEDE DA 11ª SUPERINTENDÊNCIA REGIONAL DA CODEVASF NO MUNICÍPIO DE MACAPÁ/AP",{"$nulls":15},"EMPREENDIMENTO: CONSTRUÇÃO DA SEDE DA 11ª SUPERINTENDÊNCIA REGIONAL DA CODEVASF NO MUNICÍPIO DE MACAPÁ/AP",{"$nulls":15},"EMPREENDIMENTO: CONSTRUÇÃO DA SEDE DA 11ª SUPERINTENDÊNCIA REGIONAL DA CODEVASF NO MUNICÍPIO DE MACAPÁ/AP",{"$nulls":15},"EMPREENDIMENTO: CONSTRUÇÃO DA SEDE DA 11ª SUPERINTENDÊNCIA REGIONAL DA CODEVASF NO MUNICÍPIO DE MACAPÁ/AP",{"$nulls":15},"EMPREENDIMENTO: CONSTRUÇÃO DA SEDE DA 11ª SUPERINTENDÊNCIA REGIONAL DA CODEVASF NO MUNICÍPIO DE MACAPÁ/AP",{"$nulls":15},"EMPREENDIMENTO: CONSTRUÇÃO DA SEDE DA 11ª SUPERINTENDÊNCIA REGIONAL DA CODEVASF NO MUNICÍPIO DE MACAPÁ/AP",{"$nulls":15},"EMPREENDIMENTO: CONSTRUÇÃO DA SEDE DA 11ª SUPERINTENDÊNCIA REGIONAL DA CODEVASF NO MUNICÍPIO DE MACAPÁ/AP",{"$nulls":15},"EMPREENDIMENTO: CONSTRUÇÃO DA SEDE DA 11ª SUPERINTENDÊNCIA REGIONAL DA CODEVASF NO MUNICÍPIO DE MACAPÁ/AP",{"$nulls":15},"EMPREENDIMENTO: CONSTRUÇÃO DA SEDE DA 11ª SUPERINTENDÊNCIA REGIONAL DA CODEVASF NO MUNICÍPIO DE MACAPÁ/AP",{"$nulls":15},"EMPREENDIMENTO: CONSTRUÇÃO DA SEDE DA 11ª SUPERINTENDÊNCIA REGIONAL DA CODEVASF NO MUNICÍPIO DE MACAPÁ/AP",{"$nulls":15},"EMPREENDIMENTO: CONSTRUÇÃO DA SEDE DA 11ª SUPERINTENDÊNCIA REGIONAL DA CODEVASF NO MUNICÍPIO DE MACAPÁ/AP",{"$nulls":15},"EMPREENDIMENTO: CONSTRUÇÃO DA SEDE DA 11ª SUPERINTENDÊNCIA REGIONAL DA CODEVASF NO MUNICÍPIO DE MACAPÁ/AP",{"$nulls":15},"EMPREENDIMENTO: CONSTRUÇÃO DA SEDE DA 11ª SUPERINTENDÊNCIA REGIONAL DA CODEVASF NO MUNICÍPIO DE MACAPÁ/AP",{"$nulls":15},"EMPREENDIMENTO: CONSTRUÇÃO DA SEDE DA 11ª SUPERINTENDÊNCIA REGIONAL DA CODEVASF NO MUNICÍPIO DE MACAPÁ/AP",{"$nulls":15},"EMPREENDIMENTO: CONSTRUÇÃO DA SEDE DA 11ª SUPERINTENDÊNCIA REGIONAL DA CODEVASF NO MUNICÍPIO DE MACAPÁ/AP",{"$nulls":15},"EMPREENDIMENTO: CONSTRUÇÃO DA SEDE DA 11ª SUPERINTENDÊNCIA REGIONAL DA CODEVASF NO MUNICÍPIO DE MACAPÁ/AP",{"$nulls":15},"EMPREENDIMENTO: CONSTRUÇÃO DA SEDE DA 11ª SUPERINTENDÊNCIA REGIONAL DA CODEVASF NO MUNICÍPIO DE MACAPÁ/AP",{"$nulls":15},"EMPREENDIMENTO: CONSTRUÇÃO DA SEDE DA 11ª SUPERINTENDÊNCIA REGIONAL DA CODEVASF NO MUNICÍPIO DE MACAPÁ/AP",{"$nulls":15},"EMPREENDIMENTO: CONSTRUÇÃO DA SEDE DA 11ª SUPERINTENDÊNCIA REGIONAL DA CODEVASF NO MUNICÍPIO DE MACAPÁ/AP",{"$nulls":15},"EMPREENDIMENTO: CONSTRUÇÃO DA SEDE DA 11ª SUPERINTENDÊNCIA REGIONAL DA CODEVASF NO MUNICÍPIO DE MACAPÁ/AP",{"$nulls":15},"EMPREENDIMENTO: CONSTRUÇÃO DA SEDE DA 11ª SUPERINTENDÊNCIA REGIONAL DA CODEVASF NO MUNICÍPIO DE MACAPÁ/AP",{"$nulls":15},"EMPREENDIMENTO: CONSTRUÇÃO DA SEDE DA 11ª SUPERINTENDÊNCIA REGIONAL DA CODEVASF NO MUNICÍPIO DE MACAPÁ/AP",{"$nulls":15},"EMPREENDIMENTO: CONSTRUÇÃO DA SEDE DA 11ª SUPERINTENDÊNCIA REGIONAL DA CODEVASF NO MUNICÍPIO DE MACAPÁ/AP",{"$nulls":15},"EMPREENDIMENTO: CONSTRUÇÃO DA SEDE DA 11ª SUPERINTENDÊNCIA REGIONAL DA CODEVASF NO MUNICÍPIO DE MACAPÁ/AP",{"$nulls":15},"EMPREENDIMENTO: CONSTRUÇÃO DA SEDE DA 11ª SUPERINTENDÊNCIA REGIONAL DA CODEVASF NO MUNICÍPIO DE MACAPÁ/AP",{"$nulls":15},"EMPREENDIMENTO: CONSTRUÇÃO DA SEDE DA 11ª SUPERINTENDÊNCIA REGIONAL DA CODEVASF NO MUNICÍPIO DE MACAPÁ/AP",{"$nulls":15},"EMPREENDIMENTO: CONSTRUÇÃO DA SEDE DA 11ª SUPERINTENDÊNCIA REGIONAL DA CODEVASF NO MUNICÍPIO DE MACAPÁ/AP",{"$nulls":15},"EMPREENDIMENTO: CONSTRUÇÃO DA SEDE DA 11ª SUPERINTENDÊNCIA REGIONAL DA CODEVASF NO MUNICÍPIO DE MACAPÁ/AP",{"$nulls":15},"EMPREENDIMENTO: CONSTRUÇÃO DA SEDE DA 11ª SUPERINTENDÊNCIA REGIONAL DA CODEVASF NO MUNICÍPIO DE MACAPÁ/AP",{"$nulls":15},"EMPREENDIMENTO: CONSTRUÇÃO DA SEDE DA 11ª SUPERINTENDÊNCIA REGIONAL DA CODEVASF NO MUNICÍPIO DE MACAPÁ/AP",{"$nulls":15},"EMPREENDIMENTO: CONSTRUÇÃO DA SEDE DA 11ª SUPERINTENDÊNCIA REGIONAL DA CODEVASF NO MUNICÍPIO DE MACAPÁ/AP",{"$nulls":15},"EMPREENDIMENTO: CONSTRUÇÃO DA SEDE DA 11ª SUPERINTENDÊNCIA REGIONAL DA CODEVASF NO MUNICÍPIO DE MACAPÁ/AP",{"$nulls":15},"EMPREENDIMENTO: CONSTRUÇÃO DA SEDE DA 11ª SUPERINTENDÊNCIA REGIONAL DA CODEVASF NO MUNICÍPIO DE MACAPÁ/AP",{"$nulls":15},"EMPREENDIMENTO: CONSTRUÇÃO DA SEDE DA 11ª SUPERINTENDÊNCIA REGIONAL DA CODEVASF NO MUNICÍPIO DE MACAPÁ/AP",{"$nulls":15},"EMPREENDIMENTO: CONSTRUÇÃO DA SEDE DA 11ª SUPERINTENDÊNCIA REGIONAL DA CODEVASF NO MUNICÍPIO DE MACAPÁ/AP",{"$nulls":15},"EMPREENDIMENTO: CONSTRUÇÃO DA SEDE DA 11ª SUPERINTENDÊNCIA REGIONAL DA CODEVASF NO MUNICÍPIO DE MACAPÁ/AP",{"$nulls":15},"EMPREENDIMENTO: CONSTRUÇÃO DA SEDE DA 11ª SUPERINTENDÊNCIA REGIONAL DA CODEVASF NO MUNICÍPIO DE MACAPÁ/AP",{"$nulls":15},"EMPREENDIMENTO: CONSTRUÇÃO DA SEDE DA 11ª SUPERINTENDÊNCIA REGIONAL DA CODEVASF NO MUNICÍPIO DE MACAPÁ/AP",{"$nulls":15},"EMPREENDIMENTO: CONSTRUÇÃO DA SEDE DA 11ª SUPERINTENDÊNCIA REGIONAL DA CODEVASF NO MUNICÍPIO DE MACAPÁ/AP",{"$nulls":15},"EMPREENDIMENTO: CONSTRUÇÃO DA SEDE DA 11ª SUPERINTENDÊNCIA REGIONAL DA CODEVASF NO MUNICÍPIO DE MACAPÁ/AP",{"$nulls":15},"EMPREENDIMENTO: CONSTRUÇÃO DA SEDE DA 11ª SUPERINTENDÊNCIA REGIONAL DA CODEVASF NO MUNICÍPIO DE MACAPÁ/AP",{"$nulls":15},"EMPREENDIMENTO: CONSTRUÇÃO DA SEDE DA 11ª SUPERINTENDÊNCIA REGIONAL DA CODEVASF NO MUNICÍPIO DE MACAPÁ/AP",{"$nulls":15},"EMPREENDIMENTO: CONSTRUÇÃO DA SEDE DA 11ª SUPERINTENDÊNCIA REGIONAL DA CODEVASF NO MUNICÍPIO DE MACAPÁ/AP",{"$nulls":15},"EMPREENDIMENTO: CONSTRUÇÃO DA SEDE DA 11ª SUPERINTENDÊNCIA REGIONAL DA CODEVASF NO MUNICÍPIO DE MACAPÁ/AP",{"$nulls":15},"EMPREENDIMENTO: CONSTRUÇÃO DA SEDE DA 11ª SUPERINTENDÊNCIA REGIONAL DA CODEVASF NO MUNICÍPIO DE MACAPÁ/AP",{"$nulls":15},"EMPREENDIMENTO: CONSTRUÇÃO DA SEDE DA 11ª SUPERINTENDÊNCIA REGIONAL DA CODEVASF NO MUNICÍPIO DE MACAPÁ/AP",{"$nulls":15},"EMPREENDIMENTO: CONSTRUÇÃO DA SEDE DA 11ª SUPERINTENDÊNCIA REGIONAL DA CODEVASF NO MUNICÍPIO DE MACAPÁ/AP",{"$nulls":15},"EMPREENDIMENTO: CONSTRUÇÃO DA SEDE DA 11ª SUPERINTENDÊNCIA REGIONAL DA CODEVASF NO MUNICÍPIO DE MACAPÁ/AP",{"$nulls":15},"EMPREENDIMENTO: CONSTRUÇÃO DA SEDE DA 11ª SUPERINTENDÊNCIA REGIONAL DA CODEVASF NO MUNICÍPIO DE MACAPÁ/AP",{"$nulls":15},"EMPREENDIMENTO: CONSTRUÇÃO DA SEDE DA 11ª SUPERINTENDÊNCIA REGIONAL DA CODEVASF NO MUNICÍPIO DE MACAPÁ/AP",{"$nulls":15},"EMPREENDIMENTO: CONSTRUÇÃO DA SEDE DA 11ª SUPERINTENDÊNCIA REGIONAL DA CODEVASF NO MUNICÍPIO DE MACAPÁ/AP",{"$nulls":15},"EMPREENDIMENTO: CONSTRUÇÃO DA SEDE DA 11ª SUPERINTENDÊNCIA REGIONAL DA CODEVASF NO MUNICÍPIO DE MACAPÁ/AP",{"$nulls":15},"EMPREENDIMENTO: CONSTRUÇÃO DA SEDE DA 11ª SUPERINTENDÊNCIA REGIONAL DA CODEVASF NO MUNICÍPIO DE MACAPÁ/AP",{"$nulls":15},"EMPREENDIMENTO: CONSTRUÇÃO DA SEDE DA 11ª SUPERINTENDÊNCIA REGIONAL DA CODEVASF NO MUNICÍPIO DE MACAPÁ/AP",{"$nulls":15},"EMPREENDIMENTO: CONSTRUÇÃO DA SEDE DA 11ª SUPERINTENDÊNCIA REGIONAL DA CODEVASF NO MUNICÍPIO DE MACAPÁ/AP",{"$nulls":15},"EMPREENDIMENTO: CONSTRUÇÃO DA SEDE DA 11ª SUPERINTENDÊNCIA REGIONAL DA CODEVASF NO MUNICÍPIO DE MACAPÁ/AP",{"$nulls":15},"EMPREENDIMENTO: CONSTRUÇÃO DA SEDE DA 11ª SUPERINTENDÊNCIA REGIONAL DA CODEVASF NO MUNICÍPIO DE MACAPÁ/AP",{"$nulls":15},"EMPREENDIMENTO: CONSTRUÇÃO DA SEDE DA 11ª SUPERINTENDÊNCIA REGIONAL DA CODEVASF NO MUNICÍPIO DE MACAPÁ/AP",{"$nulls":15},"EMPREENDIMENTO: CONSTRUÇÃO DA SEDE DA 11ª SUPERINTENDÊNCIA REGIONAL DA CODEVASF NO MUNICÍPIO DE MACAPÁ/AP",{"$nulls":15},"EMPREENDIMENTO: CONSTRUÇÃO DA SEDE DA 11ª SUPERINTENDÊNCIA REGIONAL DA CODEVASF NO MUNICÍPIO DE MACAPÁ/AP",{"$nulls":15},"EMPREENDIMENTO: CONSTRUÇÃO DA SEDE DA 11ª SUPERINTENDÊNCIA REGIONAL DA CODEVASF NO MUNICÍPIO DE MACAPÁ/AP",{"$nulls":15},"EMPREENDIMENTO: CONSTRUÇÃO DA SEDE DA 11ª SUPERINTENDÊNCIA REGIONAL DA CODEVASF NO MUNICÍPIO DE MACAPÁ/AP",{"$nulls":15},"EMPREENDIMENTO: CONSTRUÇÃO DA SEDE DA 11ª SUPERINTENDÊNCIA REGIONAL DA CODEVASF NO MUNICÍPIO DE MACAPÁ/AP",{"$nulls":15},"EMPREENDIMENTO: CONSTRUÇÃO DA SEDE DA 11ª SUPERINTENDÊNCIA REGIONAL DA CODEVASF NO MUNICÍPIO DE MACAPÁ/AP",{"$nulls":15},"EMPREENDIMENTO: CONSTRUÇÃO DA SEDE DA 11ª SUPERINTENDÊNCIA REGIONAL DA CODEVASF NO MUNICÍPIO DE MACAPÁ/AP",{"$nulls":15},"EMPREENDIMENTO: CONSTRUÇÃO DA SEDE DA 11ª SUPERINTENDÊNCIA REGIONAL DA CODEVASF NO MUNICÍPIO DE MACAPÁ/AP",{"$nulls":15},"EMPREENDIMENTO: CONSTRUÇÃO DA SEDE DA 11ª SUPERINTENDÊNCIA REGIONAL DA CODEVASF NO MUNICÍPIO DE MACAPÁ/AP",{"$nulls":15},"EMPREENDIMENTO: CONSTRUÇÃO DA SEDE DA 11ª SUPERINTENDÊNCIA REGIONAL DA CODEVASF NO MUNICÍPIO DE MACAPÁ/AP",{"$nulls":15},"EMPREENDIMENTO: CONSTRUÇÃO DA SEDE DA 11ª SUPERINTENDÊNCIA REGIONAL DA CODEVASF NO MUNICÍPIO DE MACAPÁ/AP",{"$nulls":15},"EMPREENDIMENTO: CONSTRUÇÃO DA SEDE DA 11ª SUPERINTENDÊNCIA REGIONAL DA CODEVASF NO MUNICÍPIO DE MACAPÁ/AP",{"$nulls":15},"EMPREENDIMENTO: CONSTRUÇÃO DA SEDE DA 11ª SUPERINTENDÊNCIA REGIONAL DA CODEVASF NO MUNICÍPIO DE MACAPÁ/AP",{"$nulls":15},"EMPREENDIMENTO: CONSTRUÇÃO DA SEDE DA 11ª SUPERINTENDÊNCIA REGIONAL DA CODEVASF NO MUNICÍPIO DE MACAPÁ/AP",{"$nulls":15},"EMPREENDIMENTO: CONSTRUÇÃO DA SEDE DA 11ª SUPERINTENDÊNCIA REGIONAL DA CODEVASF NO MUNICÍPIO DE MACAPÁ/AP",{"$nulls":15},"EMPREENDIMENTO: CONSTRUÇÃO DA SEDE DA 11ª SUPERINTENDÊNCIA REGIONAL DA CODEVASF NO MUNICÍPIO DE MACAPÁ/AP",{"$nulls":15},"EMPREENDIMENTO: CONSTRUÇÃO DA SEDE DA 11ª SUPERINTENDÊNCIA REGIONAL DA CODEVASF NO MUNICÍPIO DE MACAPÁ/AP",{"$nulls":15},"EMPREENDIMENTO: CONSTRUÇÃO DA SEDE DA 11ª SUPERINTENDÊNCIA REGIONAL DA CODEVASF NO MUNICÍPIO DE MACAPÁ/AP",{"$nulls":15},"EMPREENDIMENTO: CONSTRUÇÃO DA SEDE DA 11ª SUPERINTENDÊNCIA REGIONAL DA CODEVASF NO MUNICÍPIO DE MACAPÁ/AP",{"$nulls":15},"EMPREENDIMENTO: CONSTRUÇÃO DA SEDE DA 11ª SUPERINTENDÊNCIA REGIONAL DA CODEVASF NO MUNICÍPIO DE MACAPÁ/AP",{"$nulls":15},"EMPREENDIMENTO: CONSTRUÇÃO DA SEDE DA 11ª SUPERINTENDÊNCIA REGIONAL DA CODEVASF NO MUNICÍPIO DE MACAPÁ/AP",{"$nulls":15},"EMPREENDIMENTO: CONSTRUÇÃO DA SEDE DA 11ª SUPERINTENDÊNCIA REGIONAL DA CODEVASF NO MUNICÍPIO DE MACAPÁ/AP",{"$nulls":15},"EMPREENDIMENTO: CONSTRUÇÃO DA SEDE DA 11ª SUPERINTENDÊNCIA REGIONAL DA CODEVASF NO MUNICÍPIO DE MACAPÁ/AP",{"$nulls":15},"EMPREENDIMENTO: CONSTRUÇÃO DA SEDE DA 11ª SUPERINTENDÊNCIA REGIONAL DA CODEVASF NO MUNICÍPIO DE MACAPÁ/AP",{"$nulls":15},"EMPREENDIMENTO: CONSTRUÇÃO DA SEDE DA 11ª SUPERINTENDÊNCIA REGIONAL DA CODEVASF NO MUNICÍPIO DE MACAPÁ/AP",{"$nulls":15},"EMPREENDIMENTO: CONSTRUÇÃO DA SEDE DA 11ª SUPERINTENDÊNCIA REGIONAL DA CODEVASF NO MUNICÍPIO DE MACAPÁ/AP",{"$nulls":15},"EMPREENDIMENTO: CONSTRUÇÃO DA SEDE DA 11ª SUPERINTENDÊNCIA REGIONAL DA CODEVASF NO MUNICÍPIO DE MACAPÁ/AP",{"$nulls":15},"EMPREENDIMENTO: CONSTRUÇÃO DA SEDE DA 11ª SUPERINTENDÊNCIA REGIONAL DA CODEVASF NO MUNICÍPIO DE MACAPÁ/AP",{"$nulls":15},"EMPREENDIMENTO: CONSTRUÇÃO DA SEDE DA 11ª SUPERINTENDÊNCIA REGIONAL DA CODEVASF NO MUNICÍPIO DE MACAPÁ/AP",{"$nulls":15},"EMPREENDIMENTO: CONSTRUÇÃO DA SEDE DA 11ª SUPERINTENDÊNCIA REGIONAL DA CODEVASF NO MUNICÍPIO DE MACAPÁ/AP",{"$nulls":15},"EMPREENDIMENTO: CONSTRUÇÃO DA SEDE DA 11ª SUPERINTENDÊNCIA REGIONAL DA CODEVASF NO MUNICÍPIO DE MACAPÁ/AP",{"$nulls":15},"EMPREENDIMENTO: CONSTRUÇÃO DA SEDE DA 11ª SUPERINTENDÊNCIA REGIONAL DA CODEVASF NO MUNICÍPIO DE MACAPÁ/AP",{"$nulls":15},"EMPREENDIMENTO: CONSTRUÇÃO DA SEDE DA 11ª SUPERINTENDÊNCIA REGIONAL DA CODEVASF NO MUNICÍPIO DE MACAPÁ/AP",{"$nulls":15},"EMPREENDIMENTO: CONSTRUÇÃO DA SEDE DA 11ª SUPERINTENDÊNCIA REGIONAL DA CODEVASF NO MUNICÍPIO DE MACAPÁ/AP",{"$nulls":15},"EMPREENDIMENTO: CONSTRUÇÃO DA SEDE DA 11ª SUPERINTENDÊNCIA REGIONAL DA CODEVASF NO MUNICÍPIO DE MACAPÁ/AP",{"$nulls":15},"EMPREENDIMENTO: CONSTRUÇÃO DA SEDE DA 11ª SUPERINTENDÊNCIA REGIONAL DA CODEVASF NO MUNICÍPIO DE MACAPÁ/AP",{"$nulls":15},"EMPREENDIMENTO: CONSTRUÇÃO DA SEDE DA 11ª SUPERINTENDÊNCIA REGIONAL DA CODEVASF NO MUNICÍPIO DE MACAPÁ/AP",{"$nulls":15},"EMPREENDIMENTO: CONSTRUÇÃO DA SEDE DA 11ª SUPERINTENDÊNCIA REGIONAL DA CODEVASF NO MUNICÍPIO DE MACAPÁ/AP",{"$nulls":15},"EMPREENDIMENTO: CONSTRUÇÃO DA SEDE DA 11ª SUPERINTENDÊNCIA REGIONAL DA CODEVASF NO MUNICÍPIO DE MACAPÁ/AP",{"$nulls":15},"EMPREENDIMENTO: CONSTRUÇÃO DA SEDE DA 11ª SUPERINTENDÊNCIA REGIONAL DA CODEVASF NO MUNICÍPIO DE MACAPÁ/AP",{"$nulls":15},"EMPREENDIMENTO: CONSTRUÇÃO DA SEDE DA 11ª SUPERINTENDÊNCIA REGIONAL DA CODEVASF NO MUNICÍPIO DE MACAPÁ/AP",{"$nulls":15},"EMPREENDIMENTO: CONSTRUÇÃO DA SEDE DA 11ª SUPERINTENDÊNCIA REGIONAL DA CODEVASF NO MUNICÍPIO DE MACAPÁ/AP",{"$nulls":15},"EMPREENDIMENTO: CONSTRUÇÃO DA SEDE DA 11ª SUPERINTENDÊNCIA REGIONAL DA CODEVASF NO MUNICÍPIO DE MACAPÁ/AP",{"$nulls":15},"EMPREENDIMENTO: CONSTRUÇÃO DA SEDE DA 11ª SUPERINTENDÊNCIA REGIONAL DA CODEVASF NO MUNICÍPIO DE MACAPÁ/AP",{"$nulls":15},"EMPREENDIMENTO: CONSTRUÇÃO DA SEDE DA 11ª SUPERINTENDÊNCIA REGIONAL DA CODEVASF NO MUNICÍPIO DE MACAPÁ/AP",{"$nulls":15},"EMPREENDIMENTO: CONSTRUÇÃO DA SEDE DA 11ª SUPERINTENDÊNCIA REGIONAL DA CODEVASF NO MUNICÍPIO DE MACAPÁ/AP",{"$nulls":15},"EMPREENDIMENTO: CONSTRUÇÃO DA SEDE DA 11ª SUPERINTENDÊNCIA REGIONAL DA CODEVASF NO MUNICÍPIO DE MACAPÁ/AP",{"$nulls":15},"EMPREENDIMENTO: CONSTRUÇÃO DA SEDE DA 11ª SUPERINTENDÊNCIA REGIONAL DA CODEVASF NO MUNICÍPIO DE MACAPÁ/AP",{"$nulls":15},"EMPREENDIMENTO: CONSTRUÇÃO DA SEDE DA 11ª SUPERINTENDÊNCIA REGIONAL DA CODEVASF NO MUNICÍPIO DE MACAPÁ/AP",{"$nulls":15},"EMPREENDIMENTO: CONSTRUÇÃO DA SEDE DA 11ª SUPERINTENDÊNCIA REGIONAL DA CODEVASF NO MUNICÍPIO DE MACAPÁ/AP",{"$nulls":15},"EMPREENDIMENTO: CONSTRUÇÃO DA SEDE DA 11ª SUPERINTENDÊNCIA REGIONAL DA CODEVASF NO MUNICÍPIO DE MACAPÁ/AP",{"$nulls":15},"EMPREENDIMENTO: CONSTRUÇÃO DA SEDE DA 11ª SUPERINTENDÊNCIA REGIONAL DA CODEVASF NO MUNICÍPIO DE MACAPÁ/AP",{"$nulls":15},"EMPREENDIMENTO: CONSTRUÇÃO DA SEDE DA 11ª SUPERINTENDÊNCIA REGIONAL DA CODEVASF NO MUNICÍPIO DE MACAPÁ/AP",{"$nulls":15},"EMPREENDIMENTO: CONSTRUÇÃO DA SEDE DA 11ª SUPERINTENDÊNCIA REGIONAL DA CODEVASF NO MUNICÍPIO DE MACAPÁ/AP",{"$nulls":15},"EMPREENDIMENTO: CONSTRUÇÃO DA SEDE DA 11ª SUPERINTENDÊNCIA REGIONAL DA CODEVASF NO MUNICÍPIO DE MACAPÁ/AP",{"$nulls":15},"EMPREENDIMENTO: CONSTRUÇÃO DA SEDE DA 11ª SUPERINTENDÊNCIA REGIONAL DA CODEVASF NO MUNICÍPIO DE MACAPÁ/AP",{"$nulls":15},"EMPREENDIMENTO: CONSTRUÇÃO DA SEDE DA 11ª SUPERINTENDÊNCIA REGIONAL DA CODEVASF NO MUNICÍPIO DE MACAPÁ/AP",{"$nulls":15},"EMPREENDIMENTO: CONSTRUÇÃO DA SEDE DA 11ª SUPERINTENDÊNCIA REGIONAL DA CODEVASF NO MUNICÍPIO DE MACAPÁ/AP",{"$nulls":15},"EMPREENDIMENTO: CONSTRUÇÃO DA SEDE DA 11ª SUPERINTENDÊNCIA REGIONAL DA CODEVASF NO MUNICÍPIO DE MACAPÁ/AP",{"$nulls":15},"EMPREENDIMENTO: CONSTRUÇÃO DA SEDE DA 11ª SUPERINTENDÊNCIA REGIONAL DA CODEVASF NO MUNICÍPIO DE MACAPÁ/AP",{"$nulls":15},"EMPREENDIMENTO: CONSTRUÇÃO DA SEDE DA 11ª SUPERINTENDÊNCIA REGIONAL DA CODEVASF NO MUNICÍPIO DE MACAPÁ/AP",{"$nulls":15},"EMPREENDIMENTO: CONSTRUÇÃO DA SEDE DA 11ª SUPERINTENDÊNCIA REGIONAL DA CODEVASF NO MUNICÍPIO DE MACAPÁ/AP",{"$nulls":15},"EMPREENDIMENTO: CONSTRUÇÃO DA SEDE DA 11ª SUPERINTENDÊNCIA REGIONAL DA CODEVASF NO MUNICÍPIO DE MACAPÁ/AP",{"$nulls":15},"EMPREENDIMENTO: CONSTRUÇÃO DA SEDE DA 11ª SUPERINTENDÊNCIA REGIONAL DA CODEVASF NO MUNICÍPIO DE MACAPÁ/AP",{"$nulls":15},"EMPREENDIMENTO: CONSTRUÇÃO DA SEDE DA 11ª SUPERINTENDÊNCIA REGIONAL DA CODEVASF NO MUNICÍPIO DE MACAPÁ/AP",{"$nulls":15},"EMPREENDIMENTO: CONSTRUÇÃO DA SEDE DA 11ª SUPERINTENDÊNCIA REGIONAL DA CODEVASF NO MUNICÍPIO DE MACAPÁ/AP",{"$nulls":15},"EMPREENDIMENTO: CONSTRUÇÃO DA SEDE DA 11ª SUPERINTENDÊNCIA REGIONAL DA CODEVASF NO MUNICÍPIO DE MACAPÁ/AP",{"$nulls":15},"EMPREENDIMENTO: CONSTRUÇÃO DA SEDE DA 11ª SUPERINTENDÊNCIA REGIONAL DA CODEVASF NO MUNICÍPIO DE MACAPÁ/AP",{"$nulls":15},"EMPREENDIMENTO: CONSTRUÇÃO DA SEDE DA 11ª SUPERINTENDÊNCIA REGIONAL DA CODEVASF NO MUNICÍPIO DE MACAPÁ/AP",{"$nulls":15},"EMPREENDIMENTO: CONSTRUÇÃO DA SEDE DA 11ª SUPERINTENDÊNCIA REGIONAL DA CODEVASF NO MUNICÍPIO DE MACAPÁ/AP",{"$nulls":15},"EMPREENDIMENTO: CONSTRUÇÃO DA SEDE DA 11ª SUPERINTENDÊNCIA REGIONAL DA CODEVASF NO MUNICÍPIO DE MACAPÁ/AP",{"$nulls":15},"EMPREENDIMENTO: CONSTRUÇÃO DA SEDE DA 11ª SUPERINTENDÊNCIA REGIONAL DA CODEVASF NO MUNICÍPIO DE MACAPÁ/AP",{"$nulls":15},"EMPREENDIMENTO: CONSTRUÇÃO DA SEDE DA 11ª SUPERINTENDÊNCIA REGIONAL DA CODEVASF NO MUNICÍPIO DE MACAPÁ/AP",{"$nulls":15},"EMPREENDIMENTO: CONSTRUÇÃO DA SEDE DA 11ª SUPERINTENDÊNCIA REGIONAL DA CODEVASF NO MUNICÍPIO DE MACAPÁ/AP",{"$nulls":15},"EMPREENDIMENTO: CONSTRUÇÃO DA SEDE DA 11ª SUPERINTENDÊNCIA REGIONAL DA CODEVASF NO MUNICÍPIO DE MACAPÁ/AP",{"$nulls":15},"EMPREENDIMENTO: CONSTRUÇÃO DA SEDE DA 11ª SUPERINTENDÊNCIA REGIONAL DA CODEVASF NO MUNICÍPIO DE MACAPÁ/AP",{"$nulls":15},"EMPREENDIMENTO: CONSTRUÇÃO DA SEDE DA 11ª SUPERINTENDÊNCIA REGIONAL DA CODEVASF NO MUNICÍPIO DE MACAPÁ/AP",{"$nulls":15},"EMPREENDIMENTO: CONSTRUÇÃO DA SEDE DA 11ª SUPERINTENDÊNCIA REGIONAL DA CODEVASF NO MUNICÍPIO DE MACAPÁ/AP",{"$nulls":15},"EMPREENDIMENTO: CONSTRUÇÃO DA SEDE DA 11ª SUPERINTENDÊNCIA REGIONAL DA CODEVASF NO MUNICÍPIO DE MACAPÁ/AP",{"$nulls":15},"EMPREENDIMENTO: CONSTRUÇÃO DA SEDE DA 11ª SUPERINTENDÊNCIA REGIONAL DA CODEVASF NO MUNICÍPIO DE MACAPÁ/AP",{"$nulls":15},"EMPREENDIMENTO: CONSTRUÇÃO DA SEDE DA 11ª SUPERINTENDÊNCIA REGIONAL DA CODEVASF NO MUNICÍPIO DE MACAPÁ/AP",{"$nulls":15},"EMPREENDIMENTO: CONSTRUÇÃO DA SEDE DA 11ª SUPERINTENDÊNCIA REGIONAL DA CODEVASF NO MUNICÍPIO DE MACAPÁ/AP",{"$nulls":15},"EMPREENDIMENTO: CONSTRUÇÃO DA SEDE DA 11ª SUPERINTENDÊNCIA REGIONAL DA CODEVASF NO MUNICÍPIO DE MACAPÁ/AP",{"$nulls":15},"EMPREENDIMENTO: CONSTRUÇÃO DA SEDE DA 11ª SUPERINTENDÊNCIA REGIONAL DA CODEVASF NO MUNICÍPIO DE MACAPÁ/AP",{"$nulls":15},"EMPREENDIMENTO: CONSTRUÇÃO DA SEDE DA 11ª SUPERINTENDÊNCIA REGIONAL DA CODEVASF NO MUNICÍPIO DE MACAPÁ/AP",{"$nulls":15},"EMPREENDIMENTO: CONSTRUÇÃO DA SEDE DA 11ª SUPERINTENDÊNCIA REGIONAL DA CODEVASF NO MUNICÍPIO DE MACAPÁ/AP",{"$nulls":15},"EMPREENDIMENTO: CONSTRUÇÃO DA SEDE DA 11ª SUPERINTENDÊNCIA REGIONAL DA CODEVASF NO MUNICÍPIO DE MACAPÁ/AP",{"$nulls":15},"EMPREENDIMENTO: CONSTRUÇÃO DA SEDE DA 11ª SUPERINTENDÊNCIA REGIONAL DA CODEVASF NO MUNICÍPIO DE MACAPÁ/AP",{"$nulls":15},"EMPREENDIMENTO: CONSTRUÇÃO DA SEDE DA 11ª SUPERINTENDÊNCIA REGIONAL DA CODEVASF NO MUNICÍPIO DE MACAPÁ/AP",{"$nulls":15},"EMPREENDIMENTO: CONSTRUÇÃO DA SEDE DA 11ª SUPERINTENDÊNCIA REGIONAL DA CODEVASF NO MUNICÍPIO DE MACAPÁ/AP",{"$nulls":15},"EMPREENDIMENTO: CONSTRUÇÃO DA SEDE DA 11ª SUPERINTENDÊNCIA REGIONAL DA CODEVASF NO MUNICÍPIO DE MACAPÁ/AP",{"$nulls":15},"EMPREENDIMENTO: CONSTRUÇÃO DA SEDE DA 11ª SUPERINTENDÊNCIA REGIONAL DA CODEVASF NO MUNICÍPIO DE MACAPÁ/AP",{"$nulls":15},"EMPREENDIMENTO: CONSTRUÇÃO DA SEDE DA 11ª SUPERINTENDÊNCIA REGIONAL DA CODEVASF NO MUNICÍPIO DE MACAPÁ/AP",{"$nulls":15},"EMPREENDIMENTO: CONSTRUÇÃO DA SEDE DA 11ª SUPERINTENDÊNCIA REGIONAL DA CODEVASF NO MUNICÍPIO DE MACAPÁ/AP",{"$nulls":15},"EMPREENDIMENTO: CONSTRUÇÃO DA SEDE DA 11ª SUPERINTENDÊNCIA REGIONAL DA CODEVASF NO MUNICÍPIO DE MACAPÁ/AP",{"$nulls":15},"EMPREENDIMENTO: CONSTRUÇÃO DA SEDE DA 11ª SUPERINTENDÊNCIA REGIONAL DA CODEVASF NO MUNICÍPIO DE MACAPÁ/AP",{"$nulls":15},"EMPREENDIMENTO: CONSTRUÇÃO DA SEDE DA 11ª SUPERINTENDÊNCIA REGIONAL DA CODEVASF NO MUNICÍPIO DE MACAPÁ/AP",{"$nulls":15},"EMPREENDIMENTO: CONSTRUÇÃO DA SEDE DA 11ª SUPERINTENDÊNCIA REGIONAL DA CODEVASF NO MUNICÍPIO DE MACAPÁ/AP",{"$nulls":15},"EMPREENDIMENTO: CONSTRUÇÃO DA SEDE DA 11ª SUPERINTENDÊNCIA REGIONAL DA CODEVASF NO MUNICÍPIO DE MACAPÁ/AP",{"$nulls":15},"EMPREENDIMENTO: CONSTRUÇÃO DA SEDE DA 11ª SUPERINTENDÊNCIA REGIONAL DA CODEVASF NO MUNICÍPIO DE MACAPÁ/AP",{"$nulls":15},"EMPREENDIMENTO: CONSTRUÇÃO DA SEDE DA 11ª SUPERINTENDÊNCIA REGIONAL DA CODEVASF NO MUNICÍPIO DE MACAPÁ/AP",{"$nulls":15},"EMPREENDIMENTO: CONSTRUÇÃO DA SEDE DA 11ª SUPERINTENDÊNCIA REGIONAL DA CODEVASF NO MUNICÍPIO DE MACAPÁ/AP",{"$nulls":15},"EMPREENDIMENTO: CONSTRUÇÃO DA SEDE DA 11ª SUPERINTENDÊNCIA REGIONAL DA CODEVASF NO MUNICÍPIO DE MACAPÁ/AP",{"$nulls":15},"EMPREENDIMENTO: CONSTRUÇÃO DA SEDE DA 11ª SUPERINTENDÊNCIA REGIONAL DA CODEVASF NO MUNICÍPIO DE MACAPÁ/AP",{"$nulls":15},"EMPREENDIMENTO: CONSTRUÇÃO DA SEDE DA 11ª SUPERINTENDÊNCIA REGIONAL DA CODEVASF NO MUNICÍPIO DE MACAPÁ/AP",{"$nulls":15},"EMPREENDIMENTO: CONSTRUÇÃO DA SEDE DA 11ª SUPERINTENDÊNCIA REGIONAL DA CODEVASF NO MUNICÍPIO DE MACAPÁ/AP",{"$nulls":15},"EMPREENDIMENTO: CONSTRUÇÃO DA SEDE DA 11ª SUPERINTENDÊNCIA REGIONAL DA CODEVASF NO MUNICÍPIO DE MACAPÁ/AP",{"$nulls":15},"EMPREENDIMENTO: CONSTRUÇÃO DA SEDE DA 11ª SUPERINTENDÊNCIA REGIONAL DA CODEVASF NO MUNICÍPIO DE MACAPÁ/AP",{"$nulls":15},"EMPREENDIMENTO: CONSTRUÇÃO DA SEDE DA 11ª SUPERINTENDÊNCIA REGIONAL DA CODEVASF NO MUNICÍPIO DE MACAPÁ/AP",{"$nulls":15},"EMPREENDIMENTO: CONSTRUÇÃO DA SEDE DA 11ª SUPERINTENDÊNCIA REGIONAL DA CODEVASF NO MUNICÍPIO DE MACAPÁ/AP",{"$nulls":15},"EMPREENDIMENTO: CONSTRUÇÃO DA SEDE DA 11ª SUPERINTENDÊNCIA REGIONAL DA CODEVASF NO MUNICÍPIO DE MACAPÁ/AP",{"$nulls":15},"EMPREENDIMENTO: CONSTRUÇÃO DA SEDE DA 11ª SUPERINTENDÊNCIA REGIONAL DA CODEVASF NO MUNICÍPIO DE MACAPÁ/AP",{"$nulls":15},"EMPREENDIMENTO: CONSTRUÇÃO DA SEDE DA 11ª SUPERINTENDÊNCIA REGIONAL DA CODEVASF NO MUNICÍPIO DE MACAPÁ/AP",{"$nulls":15},"EMPREENDIMENTO: CONSTRUÇÃO DA SEDE DA 11ª SUPERINTENDÊNCIA REGIONAL DA CODEVASF NO MUNICÍPIO DE MACAPÁ/AP",{"$nulls":15},"EMPREENDIMENTO: CONSTRUÇÃO DA SEDE DA 11ª SUPERINTENDÊNCIA REGIONAL DA CODEVASF NO MUNICÍPIO DE MACAPÁ/AP",{"$nulls":15},"EMPREENDIMENTO: CONSTRUÇÃO DA SEDE DA 11ª SUPERINTENDÊNCIA REGIONAL DA CODEVASF NO MUNICÍPIO DE MACAPÁ/AP",{"$nulls":15},"EMPREENDIMENTO: CONSTRUÇÃO DA SEDE DA 11ª SUPERINTENDÊNCIA REGIONAL DA CODEVASF NO MUNICÍPIO DE MACAPÁ/AP",{"$nulls":15},"EMPREENDIMENTO: CONSTRUÇÃO DA SEDE DA 11ª SUPERINTENDÊNCIA REGIONAL DA CODEVASF NO MUNICÍPIO DE MACAPÁ/AP",{"$nulls":15},"EMPREENDIMENTO: CONSTRUÇÃO DA SEDE DA 11ª SUPERINTENDÊNCIA REGIONAL DA CODEVASF NO MUNICÍPIO DE MACAPÁ/AP",{"$nulls":15},"EMPREENDIMENTO: CONSTRUÇÃO DA SEDE DA 11ª SUPERINTENDÊNCIA REGIONAL DA CODEVASF NO MUNICÍPIO DE MACAPÁ/AP",{"$nulls":15},"EMPREENDIMENTO: CONSTRUÇÃO DA SEDE DA 11ª SUPERINTENDÊNCIA REGIONAL DA CODEVASF NO MUNICÍPIO DE MACAPÁ/AP",{"$nulls":15},"EMPREENDIMENTO: CONSTRUÇÃO DA SEDE DA 11ª SUPERINTENDÊNCIA REGIONAL DA CODEVASF NO MUNICÍPIO DE MACAPÁ/AP",{"$nulls":15},"EMPREENDIMENTO: CONSTRUÇÃO DA SEDE DA 11ª SUPERINTENDÊNCIA REGIONAL DA CODEVASF NO MUNICÍPIO DE MACAPÁ/AP",{"$nulls":15},"EMPREENDIMENTO: CONSTRUÇÃO DA SEDE DA 11ª SUPERINTENDÊNCIA REGIONAL DA CODEVASF NO MUNICÍPIO DE MACAPÁ/AP",{"$nulls":15},"EMPREENDIMENTO: CONSTRUÇÃO DA SEDE DA 11ª SUPERINTENDÊNCIA REGIONAL DA CODEVASF NO MUNICÍPIO DE MACAPÁ/AP",{"$nulls":15},"EMPREENDIMENTO: CONSTRUÇÃO DA SEDE DA 11ª SUPERINTENDÊNCIA REGIONAL DA CODEVASF NO MUNICÍPIO DE MACAPÁ/AP",{"$nulls":15},"EMPREENDIMENTO: CONSTRUÇÃO DA SEDE DA 11ª SUPERINTENDÊNCIA REGIONAL DA CODEVASF NO MUNICÍPIO DE MACAPÁ/AP",{"$nulls":15},"EMPREENDIMENTO: CONSTRUÇÃO DA SEDE DA 11ª SUPERINTENDÊNCIA REGIONAL DA CODEVASF NO MUNICÍPIO DE MACAPÁ/AP",{"$nulls":15},"EMPREENDIMENTO: CONSTRUÇÃO DA SEDE DA 11ª SUPERINTENDÊNCIA REGIONAL DA CODEVASF NO MUNICÍPIO DE MACAPÁ/AP",{"$nulls":15},"EMPREENDIMENTO: CONSTRUÇÃO DA SEDE DA 11ª SUPERINTENDÊNCIA REGIONAL DA CODEVASF NO MUNICÍPIO DE MACAPÁ/AP",{"$nulls":15},"EMPREENDIMENTO: CONSTRUÇÃO DA SEDE DA 11ª SUPERINTENDÊNCIA REGIONAL DA CODEVASF NO MUNICÍPIO DE MACAPÁ/AP",{"$nulls":15},"EMPREENDIMENTO: CONSTRUÇÃO DA SEDE DA 11ª SUPERINTENDÊNCIA REGIONAL DA CODEVASF NO MUNICÍPIO DE MACAPÁ/AP",{"$nulls":15},"EMPREENDIMENTO: CONSTRUÇÃO DA SEDE DA 11ª SUPERINTENDÊNCIA REGIONAL DA CODEVASF NO MUNICÍPIO DE MACAPÁ/AP",{"$nulls":15},"EMPREENDIMENTO: CONSTRUÇÃO DA SEDE DA 11ª SUPERINTENDÊNCIA REGIONAL DA CODEVASF NO MUNICÍPIO DE MACAPÁ/AP",{"$nulls":15},"EMPREENDIMENTO: CONSTRUÇÃO DA SEDE DA 11ª SUPERINTENDÊNCIA REGIONAL DA CODEVASF NO MUNICÍPIO DE MACAPÁ/AP",{"$nulls":15},"EMPREENDIMENTO: CONSTRUÇÃO DA SEDE DA 11ª SUPERINTENDÊNCIA REGIONAL DA CODEVASF NO MUNICÍPIO DE MACAPÁ/AP",{"$nulls":15},"EMPREENDIMENTO: CONSTRUÇÃO DA SEDE DA 11ª SUPERINTENDÊNCIA REGIONAL DA CODEVASF NO MUNICÍPIO DE MACAPÁ/AP",{"$nulls":15},"EMPREENDIMENTO: CONSTRUÇÃO DA SEDE DA 11ª SUPERINTENDÊNCIA REGIONAL DA CODEVASF NO MUNICÍPIO DE MACAPÁ/AP",{"$nulls":15},"EMPREENDIMENTO: CONSTRUÇÃO DA SEDE DA 11ª SUPERINTENDÊNCIA REGIONAL DA CODEVASF NO MUNICÍPIO DE MACAPÁ/AP",{"$nulls":15},"EMPREENDIMENTO: CONSTRUÇÃO DA SEDE DA 11ª SUPERINTENDÊNCIA REGIONAL DA CODEVASF NO MUNICÍPIO DE MACAPÁ/AP",{"$nulls":15},"EMPREENDIMENTO: CONSTRUÇÃO DA SEDE DA 11ª SUPERINTENDÊNCIA REGIONAL DA CODEVASF NO MUNICÍPIO DE MACAPÁ/AP",{"$nulls":15},"EMPREENDIMENTO: CONSTRUÇÃO DA SEDE DA 11ª SUPERINTENDÊNCIA REGIONAL DA CODEVASF NO MUNICÍPIO DE MACAPÁ/AP",{"$nulls":15},"EMPREENDIMENTO: CONSTRUÇÃO DA SEDE DA 11ª SUPERINTENDÊNCIA REGIONAL DA CODEVASF NO MUNICÍPIO DE MACAPÁ/AP",{"$nulls":15},"EMPREENDIMENTO: CONSTRUÇÃO DA SEDE DA 11ª SUPERINTENDÊNCIA REGIONAL DA CODEVASF NO MUNICÍPIO DE MACAPÁ/AP",{"$nulls":15},"EMPREENDIMENTO: CONSTRUÇÃO DA SEDE DA 11ª SUPERINTENDÊNCIA REGIONAL DA CODEVASF NO MUNICÍPIO DE MACAPÁ/AP",{"$nulls":15},"EMPREENDIMENTO: CONSTRUÇÃO DA SEDE DA 11ª SUPERINTENDÊNCIA REGIONAL DA CODEVASF NO MUNICÍPIO DE MACAPÁ/AP",{"$nulls":15},"EMPREENDIMENTO: CONSTRUÇÃO DA SEDE DA 11ª SUPERINTENDÊNCIA REGIONAL DA CODEVASF NO MUNICÍPIO DE MACAPÁ/AP",{"$nulls":15},"EMPREENDIMENTO: CONSTRUÇÃO DA SEDE DA 11ª SUPERINTENDÊNCIA REGIONAL DA CODEVASF NO MUNICÍPIO DE MACAPÁ/AP",{"$nulls":15},"EMPREENDIMENTO: CONSTRUÇÃO DA SEDE DA 11ª SUPERINTENDÊNCIA REGIONAL DA CODEVASF NO MUNICÍPIO DE MACAPÁ/AP",{"$nulls":15},"EMPREENDIMENTO: CONSTRUÇÃO DA SEDE DA 11ª SUPERINTENDÊNCIA REGIONAL DA CODEVASF NO MUNICÍPIO DE MACAPÁ/AP",{"$nulls":15},"EMPREENDIMENTO: CONSTRUÇÃO DA SEDE DA 11ª SUPERINTENDÊNCIA REGIONAL DA CODEVASF NO MUNICÍPIO DE MACAPÁ/AP",{"$nulls":15},"EMPREENDIMENTO: CONSTRUÇÃO DA SEDE DA 11ª SUPERINTENDÊNCIA REGIONAL DA CODEVASF NO MUNICÍPIO DE MACAPÁ/AP",{"$nulls":15},"EMPREENDIMENTO: CONSTRUÇÃO DA SEDE DA 11ª SUPERINTENDÊNCIA REGIONAL DA CODEVASF NO MUNICÍPIO DE MACAPÁ/AP",{"$nulls":15},"EMPREENDIMENTO: CONSTRUÇÃO DA SEDE DA 11ª SUPERINTENDÊNCIA REGIONAL DA CODEVASF NO MUNICÍPIO DE MACAPÁ/AP",{"$nulls":15},"EMPREENDIMENTO: CONSTRUÇÃO DA SEDE DA 11ª SUPERINTENDÊNCIA REGIONAL DA CODEVASF NO MUNICÍPIO DE MACAPÁ/AP",{"$nulls":15},"EMPREENDIMENTO: CONSTRUÇÃO DA SEDE DA 11ª SUPERINTENDÊNCIA REGIONAL DA CODEVASF NO MUNICÍPIO DE MACAPÁ/AP",{"$nulls":15},"EMPREENDIMENTO: CONSTRUÇÃO DA SEDE DA 11ª SUPERINTENDÊNCIA REGIONAL DA CODEVASF NO MUNICÍPIO DE MACAPÁ/AP",{"$nulls":15},"EMPREENDIMENTO: CONSTRUÇÃO DA SEDE DA 11ª SUPERINTENDÊNCIA REGIONAL DA CODEVASF NO MUNICÍPIO DE MACAPÁ/AP",{"$nulls":15},"EMPREENDIMENTO: CONSTRUÇÃO DA SEDE DA 11ª SUPERINTENDÊNCIA REGIONAL DA CODEVASF NO MUNICÍPIO DE MACAPÁ/AP",{"$nulls":15},"EMPREENDIMENTO: CONSTRUÇÃO DA SEDE DA 11ª SUPERINTENDÊNCIA REGIONAL DA CODEVASF NO MUNICÍPIO DE MACAPÁ/AP",{"$nulls":15},"EMPREENDIMENTO: CONSTRUÇÃO DA SEDE DA 11ª SUPERINTENDÊNCIA REGIONAL DA CODEVASF NO MUNICÍPIO DE MACAPÁ/AP",{"$nulls":15},"EMPREENDIMENTO: CONSTRUÇÃO DA SEDE DA 11ª SUPERINTENDÊNCIA REGIONAL DA CODEVASF NO MUNICÍPIO DE MACAPÁ/AP",{"$nulls":15},"EMPREENDIMENTO: CONSTRUÇÃO DA SEDE DA 11ª SUPERINTENDÊNCIA REGIONAL DA CODEVASF NO MUNICÍPIO DE MACAPÁ/AP",{"$nulls":15},"EMPREENDIMENTO: CONSTRUÇÃO DA SEDE DA 11ª SUPERINTENDÊNCIA REGIONAL DA CODEVASF NO MUNICÍPIO DE MACAPÁ/AP",{"$nulls":15},"EMPREENDIMENTO: CONSTRUÇÃO DA SEDE DA 11ª SUPERINTENDÊNCIA REGIONAL DA CODEVASF NO MUNICÍPIO DE MACAPÁ/AP",{"$nulls":15},"EMPREENDIMENTO: CONSTRUÇÃO DA SEDE DA 11ª SUPERINTENDÊNCIA REGIONAL DA CODEVASF NO MUNICÍPIO DE MACAPÁ/AP",{"$nulls":15},"EMPREENDIMENTO: CONSTRUÇÃO DA SEDE DA 11ª SUPERINTENDÊNCIA REGIONAL DA CODEVASF NO MUNICÍPIO DE MACAPÁ/AP",{"$nulls":15},"EMPREENDIMENTO: CONSTRUÇÃO DA SEDE DA 11ª SUPERINTENDÊNCIA REGIONAL DA CODEVASF NO MUNICÍPIO DE MACAPÁ/AP",{"$nulls":15},"EMPREENDIMENTO: CONSTRUÇÃO DA SEDE DA 11ª SUPERINTENDÊNCIA REGIONAL DA CODEVASF NO MUNICÍPIO DE MACAPÁ/AP",{"$nulls":15},"EMPREENDIMENTO: CONSTRUÇÃO DA SEDE DA 11ª SUPERINTENDÊNCIA REGIONAL DA CODEVASF NO MUNICÍPIO DE MACAPÁ/AP",{"$nulls":15},"EMPREENDIMENTO: CONSTRUÇÃO DA SEDE DA 11ª SUPERINTENDÊNCIA REGIONAL DA CODEVASF NO MUNICÍPIO DE MACAPÁ/AP",{"$nulls":15},"EMPREENDIMENTO: CONSTRUÇÃO DA SEDE DA 11ª SUPERINTENDÊNCIA REGIONAL DA CODEVASF NO MUNICÍPIO DE MACAPÁ/AP",{"$nulls":15},"EMPREENDIMENTO: CONSTRUÇÃO DA SEDE DA 11ª SUPERINTENDÊNCIA REGIONAL DA CODEVASF NO MUNICÍPIO DE MACAPÁ/AP",{"$nulls":15},"EMPREENDIMENTO: CONSTRUÇÃO DA SEDE DA 11ª SUPERINTENDÊNCIA REGIONAL DA CODEVASF NO MUNICÍPIO DE MACAPÁ/AP",{"$nulls":15},"EMPREENDIMENTO: CONSTRUÇÃO DA SEDE DA 11ª SUPERINTENDÊNCIA REGIONAL DA CODEVASF NO MUNICÍPIO DE MACAPÁ/AP",{"$nulls":15},"EMPREENDIMENTO: CONSTRUÇÃO DA SEDE DA 11ª SUPERINTENDÊNCIA REGIONAL DA CODEVASF NO MUNICÍPIO DE MACAPÁ/AP",{"$nulls":15},"EMPREENDIMENTO: CONSTRUÇÃO DA SEDE DA 11ª SUPERINTENDÊNCIA REGIONAL DA CODEVASF NO MUNICÍPIO DE MACAPÁ/AP",{"$nulls":15},"EMPREENDIMENTO: CONSTRUÇÃO DA SEDE DA 11ª SUPERINTENDÊNCIA REGIONAL DA CODEVASF NO MUNICÍPIO DE MACAPÁ/AP",{"$nulls":15},"EMPREENDIMENTO: CONSTRUÇÃO DA SEDE DA 11ª SUPERINTENDÊNCIA REGIONAL DA CODEVASF NO MUNICÍPIO DE MACAPÁ/AP",{"$nulls":15},"EMPREENDIMENTO: CONSTRUÇÃO DA SEDE DA 11ª SUPERINTENDÊNCIA REGIONAL DA CODEVASF NO MUNICÍPIO DE MACAPÁ/AP",{"$nulls":15},"EMPREENDIMENTO: CONSTRUÇÃO DA SEDE DA 11ª SUPERINTENDÊNCIA REGIONAL DA CODEVASF NO MUNICÍPIO DE MACAPÁ/AP",{"$nulls":15},"EMPREENDIMENTO: CONSTRUÇÃO DA SEDE DA 11ª SUPERINTENDÊNCIA REGIONAL DA CODEVASF NO MUNICÍPIO DE MACAPÁ/AP",{"$nulls":15},"EMPREENDIMENTO: CONSTRUÇÃO DA SEDE DA 11ª SUPERINTENDÊNCIA REGIONAL DA CODEVASF NO MUNICÍPIO DE MACAPÁ/AP",{"$nulls":15},"EMPREENDIMENTO: CONSTRUÇÃO DA SEDE DA 11ª SUPERINTENDÊNCIA REGIONAL DA CODEVASF NO MUNICÍPIO DE MACAPÁ/AP",{"$nulls":15},"EMPREENDIMENTO: CONSTRUÇÃO DA SEDE DA 11ª SUPERINTENDÊNCIA REGIONAL DA CODEVASF NO MUNICÍPIO DE MACAPÁ/AP",{"$nulls":15},"EMPREENDIMENTO: CONSTRUÇÃO DA SEDE DA 11ª SUPERINTENDÊNCIA REGIONAL DA CODEVASF NO MUNICÍPIO DE MACAPÁ/AP",{"$nulls":15},"EMPREENDIMENTO: CONSTRUÇÃO DA SEDE DA 11ª SUPERINTENDÊNCIA REGIONAL DA CODEVASF NO MUNICÍPIO DE MACAPÁ/AP",{"$nulls":15},"EMPREENDIMENTO: CONSTRUÇÃO DA SEDE DA 11ª SUPERINTENDÊNCIA REGIONAL DA CODEVASF NO MUNICÍPIO DE MACAPÁ/AP",{"$nulls":15},"EMPREENDIMENTO: CONSTRUÇÃO DA SEDE DA 11ª SUPERINTENDÊNCIA REGIONAL DA CODEVASF NO MUNICÍPIO DE MACAPÁ/AP",{"$nulls":15},"EMPREENDIMENTO: CONSTRUÇÃO DA SEDE DA 11ª SUPERINTENDÊNCIA REGIONAL DA CODEVASF NO MUNICÍPIO DE MACAPÁ/AP",{"$nulls":15},"EMPREENDIMENTO: CONSTRUÇÃO DA SEDE DA 11ª SUPERINTENDÊNCIA REGIONAL DA CODEVASF NO MUNICÍPIO DE MACAPÁ/AP",{"$nulls":15},"EMPREENDIMENTO: CONSTRUÇÃO DA SEDE DA 11ª SUPERINTENDÊNCIA REGIONAL DA CODEVASF NO MUNICÍPIO DE MACAPÁ/AP",{"$nulls":15},"EMPREENDIMENTO: CONSTRUÇÃO DA SEDE DA 11ª SUPERINTENDÊNCIA REGIONAL DA CODEVASF NO MUNICÍPIO DE MACAPÁ/AP",{"$nulls":15},"EMPREENDIMENTO: CONSTRUÇÃO DA SEDE DA 11ª SUPERINTENDÊNCIA REGIONAL DA CODEVASF NO MUNICÍPIO DE MACAPÁ/AP",{"$nulls":15},"EMPREENDIMENTO: CONSTRUÇÃO DA SEDE DA 11ª SUPERINTENDÊNCIA REGIONAL DA CODEVASF NO MUNICÍPIO DE MACAPÁ/AP",{"$nulls":15},"EMPREENDIMENTO: CONSTRUÇÃO DA SEDE DA 11ª SUPERINTENDÊNCIA REGIONAL DA CODEVASF NO MUNICÍPIO DE MACAPÁ/AP",{"$nulls":15},"EMPREENDIMENTO: CONSTRUÇÃO DA SEDE DA 11ª SUPERINTENDÊNCIA REGIONAL DA CODEVASF NO MUNICÍPIO DE MACAPÁ/AP",{"$nulls":15},"EMPREENDIMENTO: CONSTRUÇÃO DA SEDE DA 11ª SUPERINTENDÊNCIA REGIONAL DA CODEVASF NO MUNICÍPIO DE MACAPÁ/AP",{"$nulls":15},"EMPREENDIMENTO: CONSTRUÇÃO DA SEDE DA 11ª SUPERINTENDÊNCIA REGIONAL DA CODEVASF NO MUNICÍPIO DE MACAPÁ/AP",{"$nulls":15},"EMPREENDIMENTO: CONSTRUÇÃO DA SEDE DA 11ª SUPERINTENDÊNCIA REGIONAL DA CODEVASF NO MUNICÍPIO DE MACAPÁ/AP",{"$nulls":15},"EMPREENDIMENTO: CONSTRUÇÃO DA SEDE DA 11ª SUPERINTENDÊNCIA REGIONAL DA CODEVASF NO MUNICÍPIO DE MACAPÁ/AP",{"$nulls":15},"EMPREENDIMENTO: CONSTRUÇÃO DA SEDE DA 11ª SUPERINTENDÊNCIA REGIONAL DA CODEVASF NO MUNICÍPIO DE MACAPÁ/AP",{"$nulls":15},"EMPREENDIMENTO: CONSTRUÇÃO DA SEDE DA 11ª SUPERINTENDÊNCIA REGIONAL DA CODEVASF NO MUNICÍPIO DE MACAPÁ/AP",{"$nulls":15},"EMPREENDIMENTO: CONSTRUÇÃO DA SEDE DA 11ª SUPERINTENDÊNCIA REGIONAL DA CODEVASF NO MUNICÍPIO DE MACAPÁ/AP",{"$nulls":15},"EMPREENDIMENTO: CONSTRUÇÃO DA SEDE DA 11ª SUPERINTENDÊNCIA REGIONAL DA CODEVASF NO MUNICÍPIO DE MACAPÁ/AP",{"$nulls":15},"EMPREENDIMENTO: CONSTRUÇÃO DA SEDE DA 11ª SUPERINTENDÊNCIA REGIONAL DA CODEVASF NO MUNICÍPIO DE MACAPÁ/AP",{"$nulls":15},"EMPREENDIMENTO: CONSTRUÇÃO DA SEDE DA 11ª SUPERINTENDÊNCIA REGIONAL DA CODEVASF NO MUNICÍPIO DE MACAPÁ/AP",{"$nulls":15},"EMPREENDIMENTO: CONSTRUÇÃO DA SEDE DA 11ª SUPERINTENDÊNCIA REGIONAL DA CODEVASF NO MUNICÍPIO DE MACAPÁ/AP",{"$nulls":15},"EMPREENDIMENTO: CONSTRUÇÃO DA SEDE DA 11ª SUPERINTENDÊNCIA REGIONAL DA CODEVASF NO MUNICÍPIO DE MACAPÁ/AP",{"$nulls":15},"EMPREENDIMENTO: CONSTRUÇÃO DA SEDE DA 11ª SUPERINTENDÊNCIA REGIONAL DA CODEVASF NO MUNICÍPIO DE MACAPÁ/AP",{"$nulls":15},"EMPREENDIMENTO: CONSTRUÇÃO DA SEDE DA 11ª SUPERINTENDÊNCIA REGIONAL DA CODEVASF NO MUNICÍPIO DE MACAPÁ/AP",{"$nulls":15},"EMPREENDIMENTO: CONSTRUÇÃO DA SEDE DA 11ª SUPERINTENDÊNCIA REGIONAL DA CODEVASF NO MUNICÍPIO DE MACAPÁ/AP",{"$nulls":15},"EMPREENDIMENTO: CONSTRUÇÃO DA SEDE DA 11ª SUPERINTENDÊNCIA REGIONAL DA CODEVASF NO MUNICÍPIO DE MACAPÁ/AP",{"$nulls":15},"EMPREENDIMENTO: CONSTRUÇÃO DA SEDE DA 11ª SUPERINTENDÊNCIA REGIONAL DA CODEVASF NO MUNICÍPIO DE MACAPÁ/AP",{"$nulls":15},"EMPREENDIMENTO: CONSTRUÇÃO DA SEDE DA 11ª SUPERINTENDÊNCIA REGIONAL DA CODEVASF NO MUNICÍPIO DE MACAPÁ/AP",{"$nulls":15},"EMPREENDIMENTO: CONSTRUÇÃO DA SEDE DA 11ª SUPERINTENDÊNCIA REGIONAL DA CODEVASF NO MUNICÍPIO DE MACAPÁ/AP",{"$nulls":15},"EMPREENDIMENTO: CONSTRUÇÃO DA SEDE DA 11ª SUPERINTENDÊNCIA REGIONAL DA CODEVASF NO MUNICÍPIO DE MACAPÁ/AP",{"$nulls":15},"EMPREENDIMENTO: CONSTRUÇÃO DA SEDE DA 11ª SUPERINTENDÊNCIA REGIONAL DA CODEVASF NO MUNICÍPIO DE MACAPÁ/AP",{"$nulls":15},"EMPREENDIMENTO: CONSTRUÇÃO DA SEDE DA 11ª SUPERINTENDÊNCIA REGIONAL DA CODEVASF NO MUNICÍPIO DE MACAPÁ/AP",{"$nulls":15},"EMPREENDIMENTO: CONSTRUÇÃO DA SEDE DA 11ª SUPERINTENDÊNCIA REGIONAL DA CODEVASF NO MUNICÍPIO DE MACAPÁ/AP",{"$nulls":15},"EMPREENDIMENTO: CONSTRUÇÃO DA SEDE DA 11ª SUPERINTENDÊNCIA REGIONAL DA CODEVASF NO MUNICÍPIO DE MACAPÁ/AP",{"$nulls":15},"EMPREENDIMENTO: CONSTRUÇÃO DA SEDE DA 11ª SUPERINTENDÊNCIA REGIONAL DA CODEVASF NO MUNICÍPIO DE MACAPÁ/AP",{"$nulls":15},"EMPREENDIMENTO: CONSTRUÇÃO DA SEDE DA 11ª SUPERINTENDÊNCIA REGIONAL DA CODEVASF NO MUNICÍPIO DE MACAPÁ/AP",{"$nulls":15},"EMPREENDIMENTO: CONSTRUÇÃO DA SEDE DA 11ª SUPERINTENDÊNCIA REGIONAL DA CODEVASF NO MUNICÍPIO DE MACAPÁ/AP",{"$nulls":15},"EMPREENDIMENTO: CONSTRUÇÃO DA SEDE DA 11ª SUPERINTENDÊNCIA REGIONAL DA CODEVASF NO MUNICÍPIO DE MACAPÁ/AP",{"$nulls":15},"EMPREENDIMENTO: CONSTRUÇÃO DA SEDE DA 11ª SUPERINTENDÊNCIA REGIONAL DA CODEVASF NO MUNICÍPIO DE MACAPÁ/AP",{"$nulls":15},"EMPREENDIMENTO: CONSTRUÇÃO DA SEDE DA 11ª SUPERINTENDÊNCIA REGIONAL DA CODEVASF NO MUNICÍPIO DE MACAPÁ/AP",{"$nulls":15},"EMPREENDIMENTO: CONSTRUÇÃO DA SEDE DA 11ª SUPERINTENDÊNCIA REGIONAL DA CODEVASF NO MUNICÍPIO DE MACAPÁ/AP",{"$nulls":15},"EMPREENDIMENTO: CONSTRUÇÃO DA SEDE DA 11ª SUPERINTENDÊNCIA REGIONAL DA CODEVASF NO MUNICÍPIO DE MACAPÁ/AP",{"$nulls":15},"EMPREENDIMENTO: CONSTRUÇÃO DA SEDE DA 11ª SUPERINTENDÊNCIA REGIONAL DA CODEVASF NO MUNICÍPIO DE MACAPÁ/AP",{"$nulls":15},"EMPREENDIMENTO: CONSTRUÇÃO DA SEDE DA 11ª SUPERINTENDÊNCIA REGIONAL DA CODEVASF NO MUNICÍPIO DE MACAPÁ/AP",{"$nulls":15},"EMPREENDIMENTO: CONSTRUÇÃO DA SEDE DA 11ª SUPERINTENDÊNCIA REGIONAL DA CODEVASF NO MUNICÍPIO DE MACAPÁ/AP",{"$nulls":15},"EMPREENDIMENTO: CONSTRUÇÃO DA SEDE DA 11ª SUPERINTENDÊNCIA REGIONAL DA CODEVASF NO MUNICÍPIO DE MACAPÁ/AP",{"$nulls":15},"EMPREENDIMENTO: CONSTRUÇÃO DA SEDE DA 11ª SUPERINTENDÊNCIA REGIONAL DA CODEVASF NO MUNICÍPIO DE MACAPÁ/AP",{"$nulls":15},"EMPREENDIMENTO: CONSTRUÇÃO DA SEDE DA 11ª SUPERINTENDÊNCIA REGIONAL DA CODEVASF NO MUNICÍPIO DE MACAPÁ/AP",{"$nulls":15},"EMPREENDIMENTO: CONSTRUÇÃO DA SEDE DA 11ª SUPERINTENDÊNCIA REGIONAL DA CODEVASF NO MUNICÍPIO DE MACAPÁ/AP",{"$nulls":15},"EMPREENDIMENTO: CONSTRUÇÃO DA SEDE DA 11ª SUPERINTENDÊNCIA REGIONAL DA CODEVASF NO MUNICÍPIO DE MACAPÁ/AP",{"$nulls":15},"EMPREENDIMENTO: CONSTRUÇÃO DA SEDE DA 11ª SUPERINTENDÊNCIA REGIONAL DA CODEVASF NO MUNICÍPIO DE MACAPÁ/AP",{"$nulls":15},"EMPREENDIMENTO: CONSTRUÇÃO DA SEDE DA 11ª SUPERINTENDÊNCIA REGIONAL DA CODEVASF NO MUNICÍPIO DE MACAPÁ/AP",{"$nulls":15},"EMPREENDIMENTO: CONSTRUÇÃO DA SEDE DA 11ª SUPERINTENDÊNCIA REGIONAL DA CODEVASF NO MUNICÍPIO DE MACAPÁ/AP",{"$nulls":15},"EMPREENDIMENTO: CONSTRUÇÃO DA SEDE DA 11ª SUPERINTENDÊNCIA REGIONAL DA CODEVASF NO MUNICÍPIO DE MACAPÁ/AP",{"$nulls":15},"EMPREENDIMENTO: CONSTRUÇÃO DA SEDE DA 11ª SUPERINTENDÊNCIA REGIONAL DA CODEVASF NO MUNICÍPIO DE MACAPÁ/AP",{"$nulls":15},"EMPREENDIMENTO: CONSTRUÇÃO DA SEDE DA 11ª SUPERINTENDÊNCIA REGIONAL DA CODEVASF NO MUNICÍPIO DE MACAPÁ/AP",{"$nulls":15},"EMPREENDIMENTO: CONSTRUÇÃO DA SEDE DA 11ª SUPERINTENDÊNCIA REGIONAL DA CODEVASF NO MUNICÍPIO DE MACAPÁ/AP",{"$nulls":15},"EMPREENDIMENTO: CONSTRUÇÃO DA SEDE DA 11ª SUPERINTENDÊNCIA REGIONAL DA CODEVASF NO MUNICÍPIO DE MACAPÁ/AP",{"$nulls":15},"EMPREENDIMENTO: CONSTRUÇÃO DA SEDE DA 11ª SUPERINTENDÊNCIA REGIONAL DA CODEVASF NO MUNICÍPIO DE MACAPÁ/AP",{"$nulls":15},"EMPREENDIMENTO: CONSTRUÇÃO DA SEDE DA 11ª SUPERINTENDÊNCIA REGIONAL DA CODEVASF NO MUNICÍPIO DE MACAPÁ/AP",{"$nulls":15},"EMPREENDIMENTO: CONSTRUÇÃO DA SEDE DA 11ª SUPERINTENDÊNCIA REGIONAL DA CODEVASF NO MUNICÍPIO DE MACAPÁ/AP",{"$nulls":15},"EMPREENDIMENTO: CONSTRUÇÃO DA SEDE DA 11ª SUPERINTENDÊNCIA REGIONAL DA CODEVASF NO MUNICÍPIO DE MACAPÁ/AP",{"$nulls":15},"EMPREENDIMENTO: CONSTRUÇÃO DA SEDE DA 11ª SUPERINTENDÊNCIA REGIONAL DA CODEVASF NO MUNICÍPIO DE MACAPÁ/AP",{"$nulls":15},"EMPREENDIMENTO: CONSTRUÇÃO DA SEDE DA 11ª SUPERINTENDÊNCIA REGIONAL DA CODEVASF NO MUNICÍPIO DE MACAPÁ/AP",{"$nulls":15},"EMPREENDIMENTO: CONSTRUÇÃO DA SEDE DA 11ª SUPERINTENDÊNCIA REGIONAL DA CODEVASF NO MUNICÍPIO DE MACAPÁ/AP",{"$nulls":15},"EMPREENDIMENTO: CONSTRUÇÃO DA SEDE DA 11ª SUPERINTENDÊNCIA REGIONAL DA CODEVASF NO MUNICÍPIO DE MACAPÁ/AP",{"$nulls":15},"EMPREENDIMENTO: CONSTRUÇÃO DA SEDE DA 11ª SUPERINTENDÊNCIA REGIONAL DA CODEVASF NO MUNICÍPIO DE MACAPÁ/AP",{"$nulls":15},"EMPREENDIMENTO: CONSTRUÇÃO DA SEDE DA 11ª SUPERINTENDÊNCIA REGIONAL DA CODEVASF NO MUNICÍPIO DE MACAPÁ/AP",{"$nulls":15},"EMPREENDIMENTO: CONSTRUÇÃO DA SEDE DA 11ª SUPERINTENDÊNCIA REGIONAL DA CODEVASF NO MUNICÍPIO DE MACAPÁ/AP",{"$nulls":15},"EMPREENDIMENTO: CONSTRUÇÃO DA SEDE DA 11ª SUPERINTENDÊNCIA REGIONAL DA CODEVASF NO MUNICÍPIO DE MACAPÁ/AP",{"$nulls":15},"EMPREENDIMENTO: CONSTRUÇÃO DA SEDE DA 11ª SUPERINTENDÊNCIA REGIONAL DA CODEVASF NO MUNICÍPIO DE MACAPÁ/AP",{"$nulls":15},"EMPREENDIMENTO: CONSTRUÇÃO DA SEDE DA 11ª SUPERINTENDÊNCIA REGIONAL DA CODEVASF NO MUNICÍPIO DE MACAPÁ/AP",{"$nulls":15},"EMPREENDIMENTO: CONSTRUÇÃO DA SEDE DA 11ª SUPERINTENDÊNCIA REGIONAL DA CODEVASF NO MUNICÍPIO DE MACAPÁ/AP",{"$nulls":15},"EMPREENDIMENTO: CONSTRUÇÃO DA SEDE DA 11ª SUPERINTENDÊNCIA REGIONAL DA CODEVASF NO MUNICÍPIO DE MACAPÁ/AP",{"$nulls":15},"EMPREENDIMENTO: CONSTRUÇÃO DA SEDE DA 11ª SUPERINTENDÊNCIA REGIONAL DA CODEVASF NO MUNICÍPIO DE MACAPÁ/AP",{"$nulls":15},"EMPREENDIMENTO: CONSTRUÇÃO DA SEDE DA 11ª SUPERINTENDÊNCIA REGIONAL DA CODEVASF NO MUNICÍPIO DE MACAPÁ/AP",{"$nulls":15},"EMPREENDIMENTO: CONSTRUÇÃO DA SEDE DA 11ª SUPERINTENDÊNCIA REGIONAL DA CODEVASF NO MUNICÍPIO DE MACAPÁ/AP",{"$nulls":15},"EMPREENDIMENTO: CONSTRUÇÃO DA SEDE DA 11ª SUPERINTENDÊNCIA REGIONAL DA CODEVASF NO MUNICÍPIO DE MACAPÁ/AP",{"$nulls":15},"EMPREENDIMENTO: CONSTRUÇÃO DA SEDE DA 11ª SUPERINTENDÊNCIA REGIONAL DA CODEVASF NO MUNICÍPIO DE MACAPÁ/AP",{"$nulls":15},"EMPREENDIMENTO: CONSTRUÇÃO DA SEDE DA 11ª SUPERINTENDÊNCIA REGIONAL DA CODEVASF NO MUNICÍPIO DE MACAPÁ/AP",{"$nulls":15},"EMPREENDIMENTO: CONSTRUÇÃO DA SEDE DA 11ª SUPERINTENDÊNCIA REGIONAL DA CODEVASF NO MUNICÍPIO DE MACAPÁ/AP",{"$nulls":15},"EMPREENDIMENTO: CONSTRUÇÃO DA SEDE DA 11ª SUPERINTENDÊNCIA REGIONAL DA CODEVASF NO MUNICÍPIO DE MACAPÁ/AP",{"$nulls":15},"EMPREENDIMENTO: CONSTRUÇÃO DA SEDE DA 11ª SUPERINTENDÊNCIA REGIONAL DA CODEVASF NO MUNICÍPIO DE MACAPÁ/AP",{"$nulls":15},"EMPREENDIMENTO: CONSTRUÇÃO DA SEDE DA 11ª SUPERINTENDÊNCIA REGIONAL DA CODEVASF NO MUNICÍPIO DE MACAPÁ/AP",{"$nulls":15},"EMPREENDIMENTO: CONSTRUÇÃO DA SEDE DA 11ª SUPERINTENDÊNCIA REGIONAL DA CODEVASF NO MUNICÍPIO DE MACAPÁ/AP",{"$nulls":15},"EMPREENDIMENTO: CONSTRUÇÃO DA SEDE DA 11ª SUPERINTENDÊNCIA REGIONAL DA CODEVASF NO MUNICÍPIO DE MACAPÁ/AP",{"$nulls":15},"EMPREENDIMENTO: CONSTRUÇÃO DA SEDE DA 11ª SUPERINTENDÊNCIA REGIONAL DA CODEVASF NO MUNICÍPIO DE MACAPÁ/AP",{"$nulls":15},"EMPREENDIMENTO: CONSTRUÇÃO DA SEDE DA 11ª SUPERINTENDÊNCIA REGIONAL DA CODEVASF NO MUNICÍPIO DE MACAPÁ/AP",{"$nulls":15},"EMPREENDIMENTO: CONSTRUÇÃO DA SEDE DA 11ª SUPERINTENDÊNCIA REGIONAL DA CODEVASF NO MUNICÍPIO DE MACAPÁ/AP",{"$nulls":15},"EMPREENDIMENTO: CONSTRUÇÃO DA SEDE DA 11ª SUPERINTENDÊNCIA REGIONAL DA CODEVASF NO MUNICÍPIO DE MACAPÁ/AP",{"$nulls":15},"EMPREENDIMENTO: CONSTRUÇÃO DA SEDE DA 11ª SUPERINTENDÊNCIA REGIONAL DA CODEVASF NO MUNICÍPIO DE MACAPÁ/AP",{"$nulls":15},"EMPREENDIMENTO: CONSTRUÇÃO DA SEDE DA 11ª SUPERINTENDÊNCIA REGIONAL DA CODEVASF NO MUNICÍPIO DE MACAPÁ/AP",{"$nulls":15},"EMPREENDIMENTO: CONSTRUÇÃO DA SEDE DA 11ª SUPERINTENDÊNCIA REGIONAL DA CODEVASF NO MUNICÍPIO DE MACAPÁ/AP",{"$nulls":15},"EMPREENDIMENTO: CONSTRUÇÃO DA SEDE DA 11ª SUPERINTENDÊNCIA REGIONAL DA CODEVASF NO MUNICÍPIO DE MACAPÁ/AP",{"$nulls":15},"EMPREENDIMENTO: CONSTRUÇÃO DA SEDE DA 11ª SUPERINTENDÊNCIA REGIONAL DA CODEVASF NO MUNICÍPIO DE MACAPÁ/AP",{"$nulls":15},"EMPREENDIMENTO: CONSTRUÇÃO DA SEDE DA 11ª SUPERINTENDÊNCIA REGIONAL DA CODEVASF NO MUNICÍPIO DE MACAPÁ/AP",{"$nulls":15},"EMPREENDIMENTO: CONSTRUÇÃO DA SEDE DA 11ª SUPERINTENDÊNCIA REGIONAL DA CODEVASF NO MUNICÍPIO DE MACAPÁ/AP",{"$nulls":15},"EMPREENDIMENTO: CONSTRUÇÃO DA SEDE DA 11ª SUPERINTENDÊNCIA REGIONAL DA CODEVASF NO MUNICÍPIO DE MACAPÁ/AP",{"$nulls":15},"EMPREENDIMENTO: CONSTRUÇÃO DA SEDE DA 11ª SUPERINTENDÊNCIA REGIONAL DA CODEVASF NO MUNICÍPIO DE MACAPÁ/AP",{"$nulls":15},"EMPREENDIMENTO: CONSTRUÇÃO DA SEDE DA 11ª SUPERINTENDÊNCIA REGIONAL DA CODEVASF NO MUNICÍPIO DE MACAPÁ/AP",{"$nulls":15},"EMPREENDIMENTO: CONSTRUÇÃO DA SEDE DA 11ª SUPERINTENDÊNCIA REGIONAL DA CODEVASF NO MUNICÍPIO DE MACAPÁ/AP",{"$nulls":15},"EMPREENDIMENTO: CONSTRUÇÃO DA SEDE DA 11ª SUPERINTENDÊNCIA REGIONAL DA CODEVASF NO MUNICÍPIO DE MACAPÁ/AP",{"$nulls":15},"EMPREENDIMENTO: CONSTRUÇÃO DA SEDE DA 11ª SUPERINTENDÊNCIA REGIONAL DA CODEVASF NO MUNICÍPIO DE MACAPÁ/AP",{"$nulls":15},"EMPREENDIMENTO: CONSTRUÇÃO DA SEDE DA 11ª SUPERINTENDÊNCIA REGIONAL DA CODEVASF NO MUNICÍPIO DE MACAPÁ/AP",{"$nulls":15},"EMPREENDIMENTO: CONSTRUÇÃO DA SEDE DA 11ª SUPERINTENDÊNCIA REGIONAL DA CODEVASF NO MUNICÍPIO DE MACAPÁ/AP",{"$nulls":15},"EMPREENDIMENTO: CONSTRUÇÃO DA SEDE DA 11ª SUPERINTENDÊNCIA REGIONAL DA CODEVASF NO MUNICÍPIO DE MACAPÁ/AP",{"$nulls":15},"EMPREENDIMENTO: CONSTRUÇÃO DA SEDE DA 11ª SUPERINTENDÊNCIA REGIONAL DA CODEVASF NO MUNICÍPIO DE MACAPÁ/AP",{"$nulls":15},"EMPREENDIMENTO: CONSTRUÇÃO DA SEDE DA 11ª SUPERINTENDÊNCIA REGIONAL DA CODEVASF NO MUNICÍPIO DE MACAPÁ/AP",{"$nulls":15},"EMPREENDIMENTO: CONSTRUÇÃO DA SEDE DA 11ª SUPERINTENDÊNCIA REGIONAL DA CODEVASF NO MUNICÍPIO DE MACAPÁ/AP",{"$nulls":15},"EMPREENDIMENTO: CONSTRUÇÃO DA SEDE DA 11ª SUPERINTENDÊNCIA REGIONAL DA CODEVASF NO MUNICÍPIO DE MACAPÁ/AP",{"$nulls":15},"EMPREENDIMENTO: CONSTRUÇÃO DA SEDE DA 11ª SUPERINTENDÊNCIA REGIONAL DA CODEVASF NO MUNICÍPIO DE MACAPÁ/AP",{"$nulls":15},"EMPREENDIMENTO: CONSTRUÇÃO DA SEDE DA 11ª SUPERINTENDÊNCIA REGIONAL DA CODEVASF NO MUNICÍPIO DE MACAPÁ/AP",{"$nulls":15},"EMPREENDIMENTO: CONSTRUÇÃO DA SEDE DA 11ª SUPERINTENDÊNCIA REGIONAL DA CODEVASF NO MUNICÍPIO DE MACAPÁ/AP",{"$nulls":15},"EMPREENDIMENTO: CONSTRUÇÃO DA SEDE DA 11ª SUPERINTENDÊNCIA REGIONAL DA CODEVASF NO MUNICÍPIO DE MACAPÁ/AP",{"$nulls":15},"EMPREENDIMENTO: CONSTRUÇÃO DA SEDE DA 11ª SUPERINTENDÊNCIA REGIONAL DA CODEVASF NO MUNICÍPIO DE MACAPÁ/AP",{"$nulls":15},"EMPREENDIMENTO: CONSTRUÇÃO DA SEDE DA 11ª SUPERINTENDÊNCIA REGIONAL DA CODEVASF NO MUNICÍPIO DE MACAPÁ/AP",{"$nulls":15},"EMPREENDIMENTO: CONSTRUÇÃO DA SEDE DA 11ª SUPERINTENDÊNCIA REGIONAL DA CODEVASF NO MUNICÍPIO DE MACAPÁ/AP",{"$nulls":15},"EMPREENDIMENTO: CONSTRUÇÃO DA SEDE DA 11ª SUPERINTENDÊNCIA REGIONAL DA CODEVASF NO MUNICÍPIO DE MACAPÁ/AP",{"$nulls":15},"EMPREENDIMENTO: CONSTRUÇÃO DA SEDE DA 11ª SUPERINTENDÊNCIA REGIONAL DA CODEVASF NO MUNICÍPIO DE MACAPÁ/AP",{"$nulls":15},"EMPREENDIMENTO: CONSTRUÇÃO DA SEDE DA 11ª SUPERINTENDÊNCIA REGIONAL DA CODEVASF NO MUNICÍPIO DE MACAPÁ/AP",{"$nulls":15},"EMPREENDIMENTO: CONSTRUÇÃO DA SEDE DA 11ª SUPERINTENDÊNCIA REGIONAL DA CODEVASF NO MUNICÍPIO DE MACAPÁ/AP",{"$nulls":15},"EMPREENDIMENTO: CONSTRUÇÃO DA SEDE DA 11ª SUPERINTENDÊNCIA REGIONAL DA CODEVASF NO MUNICÍPIO DE MACAPÁ/AP",{"$nulls":15},"EMPREENDIMENTO: CONSTRUÇÃO DA SEDE DA 11ª SUPERINTENDÊNCIA REGIONAL DA CODEVASF NO MUNICÍPIO DE MACAPÁ/AP",{"$nulls":15},"EMPREENDIMENTO: CONSTRUÇÃO DA SEDE DA 11ª SUPERINTENDÊNCIA REGIONAL DA CODEVASF NO MUNICÍPIO DE MACAPÁ/AP",{"$nulls":15},"EMPREENDIMENTO: CONSTRUÇÃO DA SEDE DA 11ª SUPERINTENDÊNCIA REGIONAL DA CODEVASF NO MUNICÍPIO DE MACAPÁ/AP",{"$nulls":15},"EMPREENDIMENTO: CONSTRUÇÃO DA SEDE DA 11ª SUPERINTENDÊNCIA REGIONAL DA CODEVASF NO MUNICÍPIO DE MACAPÁ/AP",{"$nulls":15},"EMPREENDIMENTO: CONSTRUÇÃO DA SEDE DA 11ª SUPERINTENDÊNCIA REGIONAL DA CODEVASF NO MUNICÍPIO DE MACAPÁ/AP",{"$nulls":15},"EMPREENDIMENTO: CONSTRUÇÃO DA SEDE DA 11ª SUPERINTENDÊNCIA REGIONAL DA CODEVASF NO MUNICÍPIO DE MACAPÁ/AP",{"$nulls":15},"EMPREENDIMENTO: CONSTRUÇÃO DA SEDE DA 11ª SUPERINTENDÊNCIA REGIONAL DA CODEVASF NO MUNICÍPIO DE MACAPÁ/AP",{"$nulls":15},"EMPREENDIMENTO: CONSTRUÇÃO DA SEDE DA 11ª SUPERINTENDÊNCIA REGIONAL DA CODEVASF NO MUNICÍPIO DE MACAPÁ/AP",{"$nulls":15},"EMPREENDIMENTO: CONSTRUÇÃO DA SEDE DA 11ª SUPERINTENDÊNCIA REGIONAL DA CODEVASF NO MUNICÍPIO DE MACAPÁ/AP",{"$nulls":15},"EMPREENDIMENTO: CONSTRUÇÃO DA SEDE DA 11ª SUPERINTENDÊNCIA REGIONAL DA CODEVASF NO MUNICÍPIO DE MACAPÁ/AP",{"$nulls":15},"EMPREENDIMENTO: CONSTRUÇÃO DA SEDE DA 11ª SUPERINTENDÊNCIA REGIONAL DA CODEVASF NO MUNICÍPIO DE MACAPÁ/AP",{"$nulls":15},"EMPREENDIMENTO: CONSTRUÇÃO DA SEDE DA 11ª SUPERINTENDÊNCIA REGIONAL DA CODEVASF NO MUNICÍPIO DE MACAPÁ/AP",{"$nulls":15},"EMPREENDIMENTO: CONSTRUÇÃO DA SEDE DA 11ª SUPERINTENDÊNCIA REGIONAL DA CODEVASF NO MUNICÍPIO DE MACAPÁ/AP",{"$nulls":15},"EMPREENDIMENTO: CONSTRUÇÃO DA SEDE DA 11ª SUPERINTENDÊNCIA REGIONAL DA CODEVASF NO MUNICÍPIO DE MACAPÁ/AP",{"$nulls":15},"EMPREENDIMENTO: CONSTRUÇÃO DA SEDE DA 11ª SUPERINTENDÊNCIA REGIONAL DA CODEVASF NO MUNICÍPIO DE MACAPÁ/AP",{"$nulls":15},"EMPREENDIMENTO: CONSTRUÇÃO DA SEDE DA 11ª SUPERINTENDÊNCIA REGIONAL DA CODEVASF NO MUNICÍPIO DE MACAPÁ/AP",{"$nulls":15},"EMPREENDIMENTO: CONSTRUÇÃO DA SEDE DA 11ª SUPERINTENDÊNCIA REGIONAL DA CODEVASF NO MUNICÍPIO DE MACAPÁ/AP",{"$nulls":15},"EMPREENDIMENTO: CONSTRUÇÃO DA SEDE DA 11ª SUPERINTENDÊNCIA REGIONAL DA CODEVASF NO MUNICÍPIO DE MACAPÁ/AP",{"$nulls":15},"EMPREENDIMENTO: CONSTRUÇÃO DA SEDE DA 11ª SUPERINTENDÊNCIA REGIONAL DA CODEVASF NO MUNICÍPIO DE MACAPÁ/AP",{"$nulls":15},"EMPREENDIMENTO: CONSTRUÇÃO DA SEDE DA 11ª SUPERINTENDÊNCIA REGIONAL DA CODEVASF NO MUNICÍPIO DE MACAPÁ/AP",{"$nulls":15},"EMPREENDIMENTO: CONSTRUÇÃO DA SEDE DA 11ª SUPERINTENDÊNCIA REGIONAL DA CODEVASF NO MUNICÍPIO DE MACAPÁ/AP",{"$nulls":15},"EMPREENDIMENTO: CONSTRUÇÃO DA SEDE DA 11ª SUPERINTENDÊNCIA REGIONAL DA CODEVASF NO MUNICÍPIO DE MACAPÁ/AP",{"$nulls":15},"EMPREENDIMENTO: CONSTRUÇÃO DA SEDE DA 11ª SUPERINTENDÊNCIA REGIONAL DA CODEVASF NO MUNICÍPIO DE MACAPÁ/AP",{"$nulls":15},"EMPREENDIMENTO: CONSTRUÇÃO DA SEDE DA 11ª SUPERINTENDÊNCIA REGIONAL DA CODEVASF NO MUNICÍPIO DE MACAPÁ/AP",{"$nulls":15},"EMPREENDIMENTO: CONSTRUÇÃO DA SEDE DA 11ª SUPERINTENDÊNCIA REGIONAL DA CODEVASF NO MUNICÍPIO DE MACAPÁ/AP",{"$nulls":15},"EMPREENDIMENTO: CONSTRUÇÃO DA SEDE DA 11ª SUPERINTENDÊNCIA REGIONAL DA CODEVASF NO MUNICÍPIO DE MACAPÁ/AP",{"$nulls":15},"EMPREENDIMENTO: CONSTRUÇÃO DA SEDE DA 11ª SUPERINTENDÊNCIA REGIONAL DA CODEVASF NO MUNICÍPIO DE MACAPÁ/AP",{"$nulls":15},"EMPREENDIMENTO: CONSTRUÇÃO DA SEDE DA 11ª SUPERINTENDÊNCIA REGIONAL DA CODEVASF NO MUNICÍPIO DE MACAPÁ/AP",{"$nulls":15},"EMPREENDIMENTO: CONSTRUÇÃO DA SEDE DA 11ª SUPERINTENDÊNCIA REGIONAL DA CODEVASF NO MUNICÍPIO DE MACAPÁ/AP",{"$nulls":15},"EMPREENDIMENTO: CONSTRUÇÃO DA SEDE DA 11ª SUPERINTENDÊNCIA REGIONAL DA CODEVASF NO MUNICÍPIO DE MACAPÁ/AP",{"$nulls":15},"EMPREENDIMENTO: CONSTRUÇÃO DA SEDE DA 11ª SUPERINTENDÊNCIA REGIONAL DA CODEVASF NO MUNICÍPIO DE MACAPÁ/AP",{"$nulls":15},"EMPREENDIMENTO: CONSTRUÇÃO DA SEDE DA 11ª SUPERINTENDÊNCIA REGIONAL DA CODEVASF NO MUNICÍPIO DE MACAPÁ/AP",{"$nulls":15},"EMPREENDIMENTO: CONSTRUÇÃO DA SEDE DA 11ª SUPERINTENDÊNCIA REGIONAL DA CODEVASF NO MUNICÍPIO DE MACAPÁ/AP",{"$nulls":15},"EMPREENDIMENTO: CONSTRUÇÃO DA SEDE DA 11ª SUPERINTENDÊNCIA REGIONAL DA CODEVASF NO MUNICÍPIO DE MACAPÁ/AP",{"$nulls":15},"EMPREENDIMENTO: CONSTRUÇÃO DA SEDE DA 11ª SUPERINTENDÊNCIA REGIONAL DA CODEVASF NO MUNICÍPIO DE MACAPÁ/AP",{"$nulls":15},"EMPREENDIMENTO: CONSTRUÇÃO DA SEDE DA 11ª SUPERINTENDÊNCIA REGIONAL DA CODEVASF NO MUNICÍPIO DE MACAPÁ/AP",{"$nulls":15},"EMPREENDIMENTO: CONSTRUÇÃO DA SEDE DA 11ª SUPERINTENDÊNCIA REGIONAL DA CODEVASF NO MUNICÍPIO DE MACAPÁ/AP",{"$nulls":15},"EMPREENDIMENTO: CONSTRUÇÃO DA SEDE DA 11ª SUPERINTENDÊNCIA REGIONAL DA CODEVASF NO MUNICÍPIO DE MACAPÁ/AP",{"$nulls":15},"EMPREENDIMENTO: CONSTRUÇÃO DA SEDE DA 11ª SUPERINTENDÊNCIA REGIONAL DA CODEVASF NO MUNICÍPIO DE MACAPÁ/AP",{"$nulls":15},"EMPREENDIMENTO: CONSTRUÇÃO DA SEDE DA 11ª SUPERINTENDÊNCIA REGIONAL DA CODEVASF NO MUNICÍPIO DE MACAPÁ/AP",{"$nulls":15},"EMPREENDIMENTO: CONSTRUÇÃO DA SEDE DA 11ª SUPERINTENDÊNCIA REGIONAL DA CODEVASF NO MUNICÍPIO DE MACAPÁ/AP",{"$nulls":15},"EMPREENDIMENTO: CONSTRUÇÃO DA SEDE DA 11ª SUPERINTENDÊNCIA REGIONAL DA CODEVASF NO MUNICÍPIO DE MACAPÁ/AP",{"$nulls":15},"EMPREENDIMENTO: CONSTRUÇÃO DA SEDE DA 11ª SUPERINTENDÊNCIA REGIONAL DA CODEVASF NO MUNICÍPIO DE MACAPÁ/AP",{"$nulls":15},"EMPREENDIMENTO: CONSTRUÇÃO DA SEDE DA 11ª SUPERINTENDÊNCIA REGIONAL DA CODEVASF NO MUNICÍPIO DE MACAPÁ/AP",{"$nulls":15},"EMPREENDIMENTO: CONSTRUÇÃO DA SEDE DA 11ª SUPERINTENDÊNCIA REGIONAL DA CODEVASF NO MUNICÍPIO DE MACAPÁ/AP",{"$nulls":15},"EMPREENDIMENTO: CONSTRUÇÃO DA SEDE DA 11ª SUPERINTENDÊNCIA REGIONAL DA CODEVASF NO MUNICÍPIO DE MACAPÁ/AP",{"$nulls":15},"EMPREENDIMENTO: CONSTRUÇÃO DA SEDE DA 11ª SUPERINTENDÊNCIA REGIONAL DA CODEVASF NO MUNICÍPIO DE MACAPÁ/AP",{"$nulls":15},"EMPREENDIMENTO: CONSTRUÇÃO DA SEDE DA 11ª SUPERINTENDÊNCIA REGIONAL DA CODEVASF NO MUNICÍPIO DE MACAPÁ/AP",{"$nulls":15},"EMPREENDIMENTO: CONSTRUÇÃO DA SEDE DA 11ª SUPERINTENDÊNCIA REGIONAL DA CODEVASF NO MUNICÍPIO DE MACAPÁ/AP",{"$nulls":15},"EMPREENDIMENTO: CONSTRUÇÃO DA SEDE DA 11ª SUPERINTENDÊNCIA REGIONAL DA CODEVASF NO MUNICÍPIO DE MACAPÁ/AP",{"$nulls":15},"EMPREENDIMENTO: CONSTRUÇÃO DA SEDE DA 11ª SUPERINTENDÊNCIA REGIONAL DA CODEVASF NO MUNICÍPIO DE MACAPÁ/AP",{"$nulls":15},"EMPREENDIMENTO: CONSTRUÇÃO DA SEDE DA 11ª SUPERINTENDÊNCIA REGIONAL DA CODEVASF NO MUNICÍPIO DE MACAPÁ/AP",{"$nulls":15},"EMPREENDIMENTO: CONSTRUÇÃO DA SEDE DA 11ª SUPERINTENDÊNCIA REGIONAL DA CODEVASF NO MUNICÍPIO DE MACAPÁ/AP",{"$nulls":15},"EMPREENDIMENTO: CONSTRUÇÃO DA SEDE DA 11ª SUPERINTENDÊNCIA REGIONAL DA CODEVASF NO MUNICÍPIO DE MACAPÁ/AP",{"$nulls":15},"EMPREENDIMENTO: CONSTRUÇÃO DA SEDE DA 11ª SUPERINTENDÊNCIA REGIONAL DA CODEVASF NO MUNICÍPIO DE MACAPÁ/AP",{"$nulls":15},"EMPREENDIMENTO: CONSTRUÇÃO DA SEDE DA 11ª SUPERINTENDÊNCIA REGIONAL DA CODEVASF NO MUNICÍPIO DE MACAPÁ/AP",{"$nulls":15},"EMPREENDIMENTO: CONSTRUÇÃO DA SEDE DA 11ª SUPERINTENDÊNCIA REGIONAL DA CODEVASF NO MUNICÍPIO DE MACAPÁ/AP",{"$nulls":15},"EMPREENDIMENTO: CONSTRUÇÃO DA SEDE DA 11ª SUPERINTENDÊNCIA REGIONAL DA CODEVASF NO MUNICÍPIO DE MACAPÁ/AP",{"$nulls":15},"EMPREENDIMENTO: CONSTRUÇÃO DA SEDE DA 11ª SUPERINTENDÊNCIA REGIONAL DA CODEVASF NO MUNICÍPIO DE MACAPÁ/AP",{"$nulls":15},"EMPREENDIMENTO: CONSTRUÇÃO DA SEDE DA 11ª SUPERINTENDÊNCIA REGIONAL DA CODEVASF NO MUNICÍPIO DE MACAPÁ/AP",{"$nulls":15},"EMPREENDIMENTO: CONSTRUÇÃO DA SEDE DA 11ª SUPERINTENDÊNCIA REGIONAL DA CODEVASF NO MUNICÍPIO DE MACAPÁ/AP",{"$nulls":15},"EMPREENDIMENTO: CONSTRUÇÃO DA SEDE DA 11ª SUPERINTENDÊNCIA REGIONAL DA CODEVASF NO MUNICÍPIO DE MACAPÁ/AP",{"$nulls":15},"EMPREENDIMENTO: CONSTRUÇÃO DA SEDE DA 11ª SUPERINTENDÊNCIA REGIONAL DA CODEVASF NO MUNICÍPIO DE MACAPÁ/AP",{"$nulls":15},"EMPREENDIMENTO: CONSTRUÇÃO DA SEDE DA 11ª SUPERINTENDÊNCIA REGIONAL DA CODEVASF NO MUNICÍPIO DE MACAPÁ/AP",{"$nulls":15},"EMPREENDIMENTO: CONSTRUÇÃO DA SEDE DA 11ª SUPERINTENDÊNCIA REGIONAL DA CODEVASF NO MUNICÍPIO DE MACAPÁ/AP",{"$nulls":15},"EMPREENDIMENTO: CONSTRUÇÃO DA SEDE DA 11ª SUPERINTENDÊNCIA REGIONAL DA CODEVASF NO MUNICÍPIO DE MACAPÁ/AP",{"$nulls":15},"EMPREENDIMENTO: CONSTRUÇÃO DA SEDE DA 11ª SUPERINTENDÊNCIA REGIONAL DA CODEVASF NO MUNICÍPIO DE MACAPÁ/AP",{"$nulls":15},"EMPREENDIMENTO: CONSTRUÇÃO DA SEDE DA 11ª SUPERINTENDÊNCIA REGIONAL DA CODEVASF NO MUNICÍPIO DE MACAPÁ/AP",{"$nulls":15},"EMPREENDIMENTO: CONSTRUÇÃO DA SEDE DA 11ª SUPERINTENDÊNCIA REGIONAL DA CODEVASF NO MUNICÍPIO DE MACAPÁ/AP",{"$nulls":15},"EMPREENDIMENTO: CONSTRUÇÃO DA SEDE DA 11ª SUPERINTENDÊNCIA REGIONAL DA CODEVASF NO MUNICÍPIO DE MACAPÁ/AP",{"$nulls":15},"EMPREENDIMENTO: CONSTRUÇÃO DA SEDE DA 11ª SUPERINTENDÊNCIA REGIONAL DA CODEVASF NO MUNICÍPIO DE MACAPÁ/AP",{"$nulls":15},"EMPREENDIMENTO: CONSTRUÇÃO DA SEDE DA 11ª SUPERINTENDÊNCIA REGIONAL DA CODEVASF NO MUNICÍPIO DE MACAPÁ/AP",{"$nulls":15},"EMPREENDIMENTO: CONSTRUÇÃO DA SEDE DA 11ª SUPERINTENDÊNCIA REGIONAL DA CODEVASF NO MUNICÍPIO DE MACAPÁ/AP",{"$nulls":15},"EMPREENDIMENTO: CONSTRUÇÃO DA SEDE DA 11ª SUPERINTENDÊNCIA REGIONAL DA CODEVASF NO MUNICÍPIO DE MACAPÁ/AP",{"$nulls":15},"EMPREENDIMENTO: CONSTRUÇÃO DA SEDE DA 11ª SUPERINTENDÊNCIA REGIONAL DA CODEVASF NO MUNICÍPIO DE MACAPÁ/AP",{"$nulls":15},"EMPREENDIMENTO: CONSTRUÇÃO DA SEDE DA 11ª SUPERINTENDÊNCIA REGIONAL DA CODEVASF NO MUNICÍPIO DE MACAPÁ/AP",{"$nulls":15},"EMPREENDIMENTO: CONSTRUÇÃO DA SEDE DA 11ª SUPERINTENDÊNCIA REGIONAL DA CODEVASF NO MUNICÍPIO DE MACAPÁ/AP",{"$nulls":15},"EMPREENDIMENTO: CONSTRUÇÃO DA SEDE DA 11ª SUPERINTENDÊNCIA REGIONAL DA CODEVASF NO MUNICÍPIO DE MACAPÁ/AP",{"$nulls":15},"EMPREENDIMENTO: CONSTRUÇÃO DA SEDE DA 11ª SUPERINTENDÊNCIA REGIONAL DA CODEVASF NO MUNICÍPIO DE MACAPÁ/AP",{"$nulls":15},"EMPREENDIMENTO: CONSTRUÇÃO DA SEDE DA 11ª SUPERINTENDÊNCIA REGIONAL DA CODEVASF NO MUNICÍPIO DE MACAPÁ/AP",{"$nulls":15},"EMPREENDIMENTO: CONSTRUÇÃO DA SEDE DA 11ª SUPERINTENDÊNCIA REGIONAL DA CODEVASF NO MUNICÍPIO DE MACAPÁ/AP",{"$nulls":15},"EMPREENDIMENTO: CONSTRUÇÃO DA SEDE DA 11ª SUPERINTENDÊNCIA REGIONAL DA CODEVASF NO MUNICÍPIO DE MACAPÁ/AP"]
[]
["ITEM","DESCRIÇÃO","VALOR ","Mês 1 ","Mês 2 ","Mês 3 ","Mês 4 ","Mês 5 ","Mês 6 ","Mês 7 ","Mês 8 ","Mês 9 ","Mês 10 ","TOTAL DO ITEM"]
[]
["0",{"$f":"'Resumo do Orçamento'!D5","v":"ELABORAÇÃO/COMPATIBILIZAÇÃO DE PROJETOS"},{"$f":"'Resumo do Orçamento'!I5","v":6780.6500000000005},{"$f":"D10*$C$9","v":6780.6500000000005},{"$f":"E10*$C$11","v":0},0,0,0,0,0,0,0,0,{"$f":"SUM(D9:M9)","v":6780.6500000000005},null,null,null,{"$f":"C9-N9","v":0},null,{"$f":"N9-C9","v":0}]
[null,null,{"$f":"C9/$C$47","v":9.5295578568624557E-4},1,{"$nulls":9},1,null,null,null,-0.99904704421431378,null,0.99904704421431378]
[1,{"$f":"'[11]PLANILHA SEM DESONERAÇÃO'!D26","v":"INSTALAÇÕES INICIAIS DA OBRA"},{"$f":"'Resumo do Orçamento'!I6","v":2542.21},{"$f":"D12*$C$11","v":2542.21},0,0,0,0,0,0,0,0,0,2542.21,null,null,null,0,null,0]
[null,null,{"$f":"C11/$C$47","v":3.5728340615271841E-4},1,{"$nulls":9},1,null,null,null,-0.99964271659384729,null,0.99964271659384729]
[2,{"$f":"'[11]PLANILHA SEM DESONERAÇÃO'!D39","v":"PREPARO DO TERRENO - MOVIMENTO DE TERRA E LIMPEZA"},{"$f":"'Resumo do Orçamento'!I7","v":84619.38},{"$f":"D14*$C$13","v":0},0,0,0,0,0,84619.38,0,0,0,84619.38,null,null,null,0,null,0]
[null,null,{"$f":"C13/$C$47","v":1.1892448032590234E-2},{"$nulls":6},1,null,null,null,1,null,null,null,-0.98810755196740974,null,0.98810755196740974]
[3,{"$f":"'[11]PLANILHA SEM DESONERAÇÃO'!D55","v":"INFRAESTRUTURA"},{"$f":"'Resumo do Orçamento'!I8","v":494716.37000000005},{"$f":"D16*$C$15","v":346301.45900000003},148414.91100000002,0,0,0,0,0,0,0,0,{"$f":"SUM(D15:M15)","v":494716.37000000005},null,null,null,{"$f":"C15-N15","v":0},null,{"$f":"N15-C15","v":0}]
[null,null,{"$f":"C15/$C$47","v":6.9527674642578127E-2},0.7,0.3,{"$nulls":8},1,null,null,null,-0.93047232535742186,null,0.93047232535742186]
[4,{"$f":"'[11]PLANILHA SEM DESONERAÇÃO'!D77","v":"SUPRAESTRUTURA"},{"$f":"'Resumo do Orçamento'!I9","v":2240065.81},{"$f":"D18*$C$17","v":0},224006.58100000001,672019.74300000002,672019.74300000002,672019.74300000002,0,{"$f":"J18*$C$17-0","v":0},{"$f":"K18*$C$17","v":0},{"$f":"L18*$C$17","v":0},{"$f":"M18*$C$17","v":0},2240065.81,null,null,null,0,null,0]
[null,null,{"$f":"C17/$C$47","v":0.31481991755325017},null,0.1,0.3,0.3,0.3,{"$nulls":5},1,null,null,null,-0.68518008244674977,null,0.68518008244674977]
[5,{"$f":"'[11]PLANILHA SEM DESONERAÇÃO'!D97","v":"ALVENARIAS E DIVISÕES E ACESSÓRIOS"},{"$f":"'Resumo do Orçamento'!I10","v":555245.65},{"$f":"D20*$C$19","v":0},0,0,0,111049.13,333147.39,111049.13,0,0,0,555245.65,null,null,null,0,null,0]
[null,null,{"$f":"C19/$C$47","v":7.8034488529067289E-2},{"$nulls":4},0.2,0.6,0.2,null,null,null,1,null,null,null,-0.92196551147093275,null,0.92196551147093275]
[6,{"$f":"'[11]PLANILHA SEM DESONERAÇÃO'!D106","v":"IMPERMEABILIZAÇÕES"},{"$f":"'Resumo do Orçamento'!I11","v":289143.44},{"$f":"D22*$C$21","v":0},0,0,57828.688000000002,115657.376,115657.376,0,0,{"$f":"L22*$C$21-0","v":0},{"$f":"M22*$C$21","v":0},289143.44,null,null,null,0,null,0]
[null,null,{"$f":"C21/$C$47","v":4.0636356992504223E-2},null,null,null,0.2,0.4,0.4,{"$nulls":4},1,null,null,null,-0.95936364300749577,null,0.95936364300749577]
[7,{"$f":"'[11]PLANILHA SEM DESONERAÇÃO'!D113","v":"PEITORIS E CHAPINS"},{"$f":"'Resumo do Orçamento'!I12","v":30850.399999999998},{"$f":"D24*$C$23","v":0},0,0,0,0,15425.199999999999,15425.199999999999,0,0,0,30850.399999999998,null,null,null,0,null,0]
[null,null,{"$f":"C23/$C$47","v":4.3357299330794167E-3},{"$nulls":5},0.5,0.5,null,null,null,1,null,null,null,-0.9956642700669206,null,0.9956642700669206]
[8,{"$f":"'[11]PLANILHA SEM DESONERAÇÃO'!D117","v":"REVESTIMENTOS - PAREDES"},{"$f":"'Resumo do Orçamento'!I13","v":59469.93},{"$f":"D26*$C$25","v":0},0,0,0,0,0,23787.972000000002,35681.957999999999,0,0,59469.93,null,null,null,0,null,0]
[null,null,{"$f":"C25/$C$47","v":8.3579323321298134E-3},{"$nulls":6},0.4,0.6,null,null,1,null,null,null,-0.99164206766787022,null,0.99164206766787022]
[9,{"$f":"'[11]PLANILHA SEM DESONERAÇÃO'!D123","v":"REVESTIMENTOS - PISOS"},{"$f":"'Resumo do Orçamento'!I14","v":610152.66},{"$f":"D28*$C$27","v":0},0,0,0,0,213553.43100000001,152538.16500000001,183045.79800000001,61015.266000000003,0,610152.66000000015,null,null,null,0,null,0]
[null,null,{"$f":"C27/$C$47","v":8.575114590767148E-2},{"$nulls":5},0.35,0.25,0.3,0.1,null,0.99999999999999989,null,null,null,-0.91424885409232837,null,0.91424885409232837]
[10,{"$f":"'[11]PLANILHA SEM DESONERAÇÃO'!D131","v":"INSTALAÇÕES HIDROSSANITÁRIAS"},{"$f":"'Resumo do Orçamento'!I15","v":212813.86},{"$f":"D30*$C$29","v":0},0,0,0,0,63844.157999999996,63844.157999999996,42562.771999999997,21281.385999999999,21281.385999999999,212813.86,null,null,null,0,null,0]
[null,null,{"$f":"C29/$C$47","v":2.9908961406535161E-2},{"$nulls":5},0.3,0.3,0.2,0.1,0.1,1,null,null,null,-0.97009103859346479,null,0.97009103859346479]
[11,{"$f":"'[11]PLANILHA SEM DESONERAÇÃO'!D238","v":"INSTALAÇÕES ELÉTRICAS"},{"$f":"'Resumo do Orçamento'!I16","v":331108.27999999997},{"$f":"D32*$C$31","v":0},0,0,0,0,99332.483999999982,66221.656000000003,66221.656000000003,66221.656000000003,33110.828000000001,331108.27999999997,null,null,null,0,null,0]
[null,null,{"$f":"C31/$C$47","v":4.6534115625289807E-2},{"$nulls":5},0.3,0.2,0.2,0.2,0.1,0.99999999999999989,null,null,null,-0.95346588437471014,null,0.95346588437471014]
[12,{"$f":"'[11]PLANILHA SEM DESONERAÇÃO'!D289","v":"ESQUADRIAS"},{"$f":"'Resumo do Orçamento'!I17","v":273809.64},{"$f":"D34*$C$33","v":0},0,0,0,0,0,82142.892000000007,136904.82,54761.928000000007,0,273809.64,null,null,null,0,null,0]
[null,null,{"$f":"C33/$C$47","v":3.8481337425566579E-2},{"$nulls":6},0.3,0.5,0.2,null,1,null,null,null,-0.96151866257443341,null,0.96151866257443341]
[13,{"$f":"'[11]PLANILHA SEM DESONERAÇÃO'!D303","v":"INCENDIO"},{"$f":"'Resumo do Orçamento'!I18","v":87086.989999999976},{"$f":"D36*$C$35","v":0},0,0,0,0,0,26126.096999999991,26126.096999999991,26126.096999999991,8708.6989999999987,87086.989999999962,null,null,null,0,null,0]
[null,null,{"$f":"C35/$C$47","v":1.2239247119155269E-2},{"$nulls":6},0.3,0.3,0.3,0.1,0.99999999999999989,null,null,null,-0.98776075288084464,null,0.98776075288084464]
[14,{"$f":"'[11]PLANILHA SEM DESONERAÇÃO'!D326","v":"FORROS, PINTURAS E TEXTURAS"},{"$f":"'Resumo do Orçamento'!I19","v":558710.54999999993},{"$f":"D38*$C$37","v":0},0,0,0,0,111742.10999999999,111742.10999999999,55871.054999999993,111742.10999999999,{"$f":"M38*$C$37-0","v":167613.16499999998},558710.54999999993,null,null,null,0,null,0]
[null,null,{"$f":"C37/$C$47","v":7.8521447227986138E-2},{"$nulls":5},0.2,0.2,0.1,0.2,0.3,1,null,null,null,-0.92147855277201385,null,0.92147855277201385]
[15,{"$f":"'[11]PLANILHA SEM DESONERAÇÃO'!D344","v":"URBANIZAÇÃO"},{"$f":"'Resumo do Orçamento'!I20","v":673001.6100000001},{"$f":"D40*$C$39","v":0},0,0,0,0,0,201900.48300000004,269200.64400000003,{"$f":"L40*$C$39-0","v":201900.48300000004},{"$f":"M40*$C$39","v":0},673001.6100000001,null,null,null,0,null,0]
[null,null,{"$f":"C39/$C$47","v":9.4583967322551407E-2},{"$nulls":6},0.3,0.4,0.3,null,1,null,null,null,-0.90541603267744863,null,0.90541603267744863]
[16,{"$f":"'Resumo do Orçamento'!D21","v":"GUARITA"},{"$f":"'Resumo do Orçamento'!I21","v":106091.44999999998},null,{"$f":"E42*$C$43","v":0},0,0,0,0,0,0,{"$f":"L42*$C$41","v":53045.724999999991},{"$f":"M42*$C$41","v":53045.724999999991},{"$f":"SUM(D41:M41)","v":106091.44999999998},null,null,null,{"$f":"C41-N41","v":0},null,{"$f":"N41-C41","v":0}]
[null,null,{"$f":"C41/$C$47","v":1.4910142993568907E-2},{"$nulls":8},0.5,0.5,1,null,null,null,-0.98508985700643115,null,0.98508985700643115]
[17,{"$f":"'[11]PLANILHA SEM DESONERAÇÃO'!D351","v":"MOBILIZAÇÃO E DESMOBILIZAÇÃO DE OBRA"},{"$f":"'Resumo do Orçamento'!I22","v":3367.46},1683.73,0,0,0,0,0,0,0,0,1683.73,3367.46,null,null,null,0,null,0]
[null,null,{"$f":"C43/$C$47","v":4.7326443483545149E-4},0.5,{"$nulls":8},0.5,1,null,null,null,-0.99952673556516458,null,0.99952673556516458]
[18,{"$f":"'[11]PLANILHA SEM DESONERAÇÃO'!D354","v":"ADMINISTRAÇÃO LOCAL"},{"$f":"'Resumo do Orçamento'!I23","v":495811.49},{"$f":"D46*$C$45","v":26575.495864},{"$f":"E46*$C$45","v":28955.391016000001},{"$f":"F46*$C$45","v":51316.489214999994},57067.902498999996,71446.435708999998,73727.168562999999,66785.807702999999,60191.514885999997,40755.704478,18989.580066999999,495811.49,null,null,null,0,null,0]
[null,null,{"$f":"C45/$C$47","v":6.9681583329801428E-2},5.3600000000000002E-2,5.8400000000000001E-2,0.10349999999999999,0.11509999999999999,0.14410000000000001,0.1487,0.13469999999999999,0.12139999999999999,8.2199999999999995E-2,3.8300000000000001E-2,1,null,null,null,-0.93031841667019854,null,0.93031841667019854]
["TOTAL",null,{"$f":"C11+C13+C15+C17+C19+C21+C23+C25+C27+C29+C31+C33+C35+C37+C39+C43+C45+C41+C9","v":7115387.830000001},{"$f":"D11+D13+D15+D17+D19+D21+D23+D25+D27+D29+D31+D33+D35+D37+D39+D43+D45+D41+D9","v":383883.54486400005},{"$f":"E11+E13+E15+E17+E19+E21+E23+E25+E27+E29+E31+E33+E35+E37+E39+E43+E45+E41+E9","v":401376.88301600004},723336.23221499997,786916.33349899994,970172.68470900005,1026429.3175629999,1006183.050703,875806.31488600001,636850.35547800001,304433.113067,7115387.830000001]
["%",null,null,{"$f":"D47/$C$47","v":5.3951176525538734E-2},{"$f":"E47/$C$47","v":5.6409698614558863E-2},{"$f":"F47/$C$47","v":0.1016580191406095},0.11059359690573603,0.13634853192661459,0.14425486594495296,0.14140944594203517,0.12308623729453126,8.9503252766195307E-2,4.2785174939227448E-2,1]
[]
[]
["ACUMULADO",null,null,{"$f":"D47","v":383883.54486400005},{"$f":"D51+E47","v":785260.42788000009},1508596.6600950002,2295512.9935940001,3265685.6783030001,4292114.9958659997,5298298.046569,6174104.361455,6810954.7169329999,7115387.8300000001,{"$f":"M51","v":7115387.8300000001}]
[]
[]
["%",null,null,{"$f":"D51/$C$47","v":5.3951176525538734E-2},{"$f":"E51/$C$47","v":0.1103608751400976},0.21201889428070711,0.32261249118644314,0.4589610231130577,0.6032158890580106,0.7446253350000458,0.86771157229457707,0.95721482506077238,0.99999999999999989,0.99999999999999989]
[]
[]
[]
[]
[null,null,"LUIS FERNANDO ANTUNES LIMA",{"$nulls":7},"HILTON ROGÉRIO MAIA CARDOSO"]
[null,null,"ANALISTA DE DESENVOLVIMENTO REGIONAL",{"$nulls":7},"SUPERINTENDENTE REGIONAL - 11ª SR"]
[null,null,"ENGENHEIRO CIVIL - CREA 186819/D"]
[]
[]
[]
[]
[]
[]
[null,null,null,0.03,0.06,0.06,0.08,0.11,0.12,0.15,0.11,7.0000000000000007E-2,7.0000000000000007E-2]
[null,null,null,0.03,0.06,0.06,0.09,0.12,0.12,0.16,0.12,0.08,0.08]
[null,null,null,0.03,0.06,0.06,0.09,0.12,0.13,0.16,0.12,0.08,0.08]
[null,null,null,0.03,0.06,0.06,0.09,0.12,0.13,0.16,0.12,0.08,0.08]
[null,null,null,0.03,0.06,0.06,0.09,0.12,0.13,0.16,0.12,0.08,0.08]
[null,null,null,0.03,0.06,0.06,0.09,0.12,0.13,0.16,0.12,0.08,0.08]
[null,null,null,0.03,0.06,0.06,0.09,0.12,0.13,0.16,0.12,0.08,0.08]

{"sheet":"SINAPI COMPOSIÇÃO","index":14,"n_rows":10285,"n_cols":7,"rows_kept":10285,"cut":false,"hidden":false,"merged":[]}
["Código da\nComposição","Descrição","Unidade","Custo (R$) AP","Custo (R$) SP",null,"SINAPI 03/2026"]
[104658,"PISO PODOTÁTIL DE ALERTA OU DIRECIONAL, DE CONCRETO, ASSENTADO SOBRE ARGAMASSA. AF_03/2024","M2",198.93,199.12]
[105002,"RAMPA DE ACESSIBILIDADE EM CONCRETO MOLDADO IN LOCO, EM CALÇADA NOVA COM LARGURA MAIOR OU IGUAL À 3,00 M, FCK 25MPA, COM PISO PODOTÁTIL. AF_03/2024","UN",913.38,796.18]
[105004,"RAMPA DE ACESSIBILIDADE EM CONCRETO MOLDADO IN LOCO, EM CALÇADA NOVA COM LARGURA MENOR À 3,00 M, FCK 25MPA, COM PISO PODOTÁTIL. AF_03/2024","M2",156.96,134.84]
[105003,"RAMPA DE ACESSIBILIDADE EM CONCRETO MOLDADO IN LOCO, EM CALÇADA PRÉ EXISTENTE COM LARGURA MAIOR OU IGUAL À 3,00 M, FCK 25MPA, COM PISO PODOTÁTIL. AF_03/2024","UN",1346.67,1367.89]
[105005,"RAMPA DE ACESSIBILIDADE EM CONCRETO MOLDADO IN LOCO, EM CALÇADA PRÉ EXISTENTE COM LARGURA MENOR À 3,00 M, FCK 25MPA, COM PISO PODOTÁTIL. AF_03/2024","M2",237.19,240.69]
[105006,"RAMPA DE ACESSIBILIDADE EM CONCRETO PRÉ MOLDADO, EM CALÇADA NOVA COM LARGURA MAIOR OU IGUAL À 3,00 M, FCK 25MPA, COM PISO PODOTÁTIL. AF_03/2024","UN",0,0]
[104999,"RAMPA DE ACESSIBILIDADE EM CONCRETO PRÉ MOLDADO, EM CALÇADA PRÉ EXISTENTE COM LARGURA MAIOR OU IGUAL À 3,00 M, FCK 25MPA, COM PISO PODOTÁTIL. AF_03/2024","UN",0,0]
[105000,"RAMPA DE ACESSIBILIDADE PARA ACESSO A EDIFICAÇÕES COM INCLINAÇÃO DE 8,33% EM CONCRETO MOLDADO IN LOCO, COM LARGURA DE 1,20M, FCK 25MPA, NÃO ARMADA, COM JUNTA A CADA 2M COM CORTE À SECO. AF_03/2024","M",1279.01,1324.85]
[105001,"RAMPA DE ACESSIBILIDADE PARA ACESSO A EDIFICAÇÕES COM INCLINAÇÃO DE 8,33% EM CONCRETO MOLDADO IN LOCO, COM LARGURA DE 1,50M, FCK 25MPA, NÃO ARMADA, COM JUNTA A CADA 2M COM CORTE À SECO. AF_03/2024","M",1331.04,1355.93]
[89306,"ALVENARIA ESTRUTURAL DE BLOCOS CERÂMICOS 14X19X29, (ESPESSURA DE 14 CM), UTILIZANDO COLHER DE PEDREIRO E ARGAMASSA DE ASSENTAMENTO COM PREPARO EM BETONEIRA. AF_03/2023","M2",107.65,109.04]
[89307,"ALVENARIA ESTRUTURAL DE BLOCOS CERÂMICOS 14X19X29, (ESPESSURA DE 14 CM), UTILIZANDO COLHER DE PEDREIRO E ARGAMASSA DE ASSENTAMENTO COM PREPARO MANUAL. AF_03/2023","M2",110.12,112.25]
[89290,"ALVENARIA ESTRUTURAL DE BLOCOS CERÂMICOS 14X19X29, (ESPESSURA DE 14 CM), UTILIZANDO PALHETA E ARGAMASSA DE ASSENTAMENTO COM PREPARO EM BETONEIRA. AF_03/2023","M2",91.04,88.7]
[89291,"ALVENARIA ESTRUTURAL DE BLOCOS CERÂMICOS 14X19X29, (ESPESSURA DE 14 CM), UTILIZANDO PALHETA E ARGAMASSA DE ASSENTAMENTO COM PREPARO MANUAL. AF_03/2023","M2",92.88,91.09]
[89298,"ALVENARIA ESTRUTURAL DE BLOCOS CERÂMICOS 14X19X39, (ESPESSURA DE 14 CM), UTILIZANDO COLHER DE PEDREIRO E ARGAMASSA DE ASSENTAMENTO COM PREPARO EM BETONEIRA. AF_03/2023","M2",95.29,92.4]
[89299,"ALVENARIA ESTRUTURAL DE BLOCOS CERÂMICOS 14X19X39, (ESPESSURA DE 14 CM), UTILIZANDO COLHER DE PEDREIRO E ARGAMASSA DE ASSENTAMENTO COM PREPARO MANUAL. AF_03/2023","M2",97.5,95.27]
[89282,"ALVENARIA ESTRUTURAL DE BLOCOS CERÂMICOS 14X19X39, (ESPESSURA DE 14 CM), UTILIZANDO PALHETA E ARGAMASSA DE ASSENTAMENTO COM PREPARO EM BETONEIRA. AF_03/2023","M2",83.43,78.23]
[89283,"ALVENARIA ESTRUTURAL DE BLOCOS CERÂMICOS 14X19X39, (ESPESSURA DE 14 CM), UTILIZANDO PALHETA E ARGAMASSA DE ASSENTAMENTO COM PREPARO MANUAL. AF_03/2023","M2",85.09,80.38]
[89480,"ALVENARIA DE BLOCOS DE CONCRETO ESTRUTURAL 14X19X29 CM (ESPESSURA 14 CM), FBK = 14 MPA, UTILIZANDO COLHER DE PEDREIRO. AF_10/2022","M2",170.47,173.03]
[89464,"ALVENARIA DE BLOCOS DE CONCRETO ESTRUTURAL 14X19X29 CM (ESPESSURA 14 CM), FBK = 14,0 MPA, UTILIZANDO PALHETA. AF_10/2022","M2",149.77000000000001,147.59]
[89478,"ALVENARIA DE BLOCOS DE CONCRETO ESTRUTURAL 14X19X29 CM (ESPESSURA 14 CM), FBK = 4,5 MPA, UTILIZANDO COLHER DE PEDREIRO. AF_10/2022","M2",145.49,150.59]
[89462,"ALVENARIA DE BLOCOS DE CONCRETO ESTRUTURAL 14X19X29 CM (ESPESSURA 14 CM), FBK = 4,5 MPA, UTILIZANDO PALHETA. AF_10/2022","M2",126.14,126.48]
[104444,"ALVENARIA DE BLOCOS DE CONCRETO ESTRUTURAL 14X19X29 CM (ESPESSURA 14 CM), FBK = 8 MPA, UTILIZANDO COLHER DE PEDREIRO. AF_10/2022","M2",0,0]
[104442,"ALVENARIA DE BLOCOS DE CONCRETO ESTRUTURAL 14X19X29 CM (ESPESSURA 14 CM), FBK = 8 MPA, UTILIZANDO PALHETA. AF_10/2022","M2",0,0]
[89472,"ALVENARIA DE BLOCOS DE CONCRETO ESTRUTURAL 14X19X39 CM (ESPESSURA 14 CM), FBK = 14 MPA, UTILIZANDO COLHER DE PEDREIRO. AF_10/2022","M2",132.02000000000001,128.66999999999999]
[89455,"ALVENARIA DE BLOCOS DE CONCRETO ESTRUTURAL 14X19X39 CM (ESPESSURA 14 CM), FBK = 14 MPA, UTILIZANDO PALHETA. AF_10/2022","M2",118.69,112.97]
[89470,"ALVENARIA DE BLOCOS DE CONCRETO ESTRUTURAL 14X19X39 CM (ESPESSURA 14 CM), FBK = 4,5 MPA, UTILIZANDO COLHER DE PEDREIRO. AF_10/2022","M2",108.86,108.36]
[89453,"ALVENARIA DE BLOCOS DE CONCRETO ESTRUTURAL 14X19X39 CM (ESPESSURA 14 CM), FBK = 4,5 MPA, UTILIZANDO PALHETA. AF_10/2022","M2",96.84,94]
[104443,"ALVENARIA DE BLOCOS DE CONCRETO ESTRUTURAL 14X19X39 CM (ESPESSURA 14 CM), FBK = 8 MPA, UTILIZANDO COLHER DE PEDREIRO. AF_10/2022","M2",0,0]
[104441,"ALVENARIA DE BLOCOS DE CONCRETO ESTRUTURAL 14X19X39 CM (ESPESSURA 14 CM), FBK = 8 MPA, UTILIZANDO PALHETA. AF_10/2022","M2",0,0]
[103354,"ALVENARIA DE VEDAÇÃO DE BLOCOS CERÂMICOS FURADOS NA HORIZONTAL DE 11,5X14X24 CM (ESPESSURA 11,5 CM) E ARGAMASSA DE ASSENTAMENTO COM PREPARO EM BETONEIRA. AF_12/2021","M2",95.25,103.83]
[103355,"ALVENARIA DE VEDAÇÃO DE BLOCOS CERÂMICOS FURADOS NA HORIZONTAL DE 11,5X14X24 CM (ESPESSURA 11,5 CM) E ARGAMASSA DE ASSENTAMENTO COM PREPARO MANUAL. AF_12/2021","M2",96.64,105.72]
[103330,"ALVENARIA DE VEDAÇÃO DE BLOCOS CERÂMICOS FURADOS NA HORIZONTAL DE 11,5X19X19 CM (ESPESSURA 11,5 CM) E ARGAMASSA DE ASSENTAMENTO COM PREPARO EM BETONEIRA. AF_12/2021","M2",89.25,95.2]
[103331,"ALVENARIA DE VEDAÇÃO DE BLOCOS CERÂMICOS FURADOS NA HORIZONTAL DE 11,5X19X19 CM (ESPESSURA 11,5 CM) E ARGAMASSA DE ASSENTAMENTO COM PREPARO MANUAL. AF_12/2021","M2",90.56,96.98]
[103358,"ALVENARIA DE VEDAÇÃO DE BLOCOS CERÂMICOS FURADOS NA HORIZONTAL DE 11,5X19X29 CM (ESPESSURA 11,5 CM) E ARGAMASSA DE ASSENTAMENTO COM PREPARO EM BETONEIRA. AF_12/2021","M2",76.069999999999993,79.819999999999993]
[103359,"ALVENARIA DE VEDAÇÃO DE BLOCOS CERÂMICOS FURADOS NA HORIZONTAL DE 11,5X19X29 CM (ESPESSURA 11,5 CM) E ARGAMASSA DE ASSENTAMENTO COM PREPARO MANUAL. AF_12/2021","M2",77.180000000000007,81.33]
[103366,"ALVENARIA DE VEDAÇÃO DE BLOCOS CERÂMICOS FURADOS NA HORIZONTAL DE 11,5X19X39 CM (ESPESSURA 11,5 CM) E ARGAMASSA DE ASSENTAMENTO COM PREPARO EM BETONEIRA. AF_12/2021","M2",67.86,68.650000000000006]
[103367,"ALVENARIA DE VEDAÇÃO DE BLOCOS CERÂMICOS FURADOS NA HORIZONTAL DE 11,5X19X39 CM (ESPESSURA 11,5 CM) E ARGAMASSA DE ASSENTAMENTO COM PREPARO MANUAL. AF_12/2021","M2",68.87,70.010000000000005]
[103360,"ALVENARIA DE VEDAÇÃO DE BLOCOS CERÂMICOS FURADOS NA HORIZONTAL DE 14X19X29 CM (ESPESSURA 14 CM) E ARGAMASSA DE ASSENTAMENTO COM PREPARO EM BETONEIRA. AF_12/2021","M2",88.74,93.48]
[103361,"ALVENARIA DE VEDAÇÃO DE BLOCOS CERÂMICOS FURADOS NA HORIZONTAL DE 14X19X29 CM (ESPESSURA 14 CM) E ARGAMASSA DE ASSENTAMENTO COM PREPARO MANUAL. AF_12/2021","M2",90.15,95.39]
[103368,"ALVENARIA DE VEDAÇÃO DE BLOCOS CERÂMICOS FURADOS NA HORIZONTAL DE 14X19X39 CM (ESPESSURA 14 CM) E ARGAMASSA DE ASSENTAMENTO COM PREPARO EM BETONEIRA. AF_12/2021","M2",76.56,78.069999999999993]
[103369,"ALVENARIA DE VEDAÇÃO DE BLOCOS CERÂMICOS FURADOS NA HORIZONTAL DE 14X19X39 CM (ESPESSURA 14 CM) E ARGAMASSA DE ASSENTAMENTO COM PREPARO MANUAL. AF_12/2021","M2",77.83,79.790000000000006]
[103334,"ALVENARIA DE VEDAÇÃO DE BLOCOS CERÂMICOS FURADOS NA HORIZONTAL DE 14X9X19 CM (ESPESSURA 14 CM, BLOCO DEITADO) E ARGAMASSA DE ASSENTAMENTO COM PREPARO EM BETONEIRA. AF_12/2021","M2",153.4,169.52]
[103335,"ALVENARIA DE VEDAÇÃO DE BLOCOS CERÂMICOS FURADOS NA HORIZONTAL DE 14X9X19 CM (ESPESSURA 14 CM, BLOCO DEITADO) E ARGAMASSA DE ASSENTAMENTO COM PREPARO MANUAL. AF_12/2021","M2",155.84,172.84]
[103362,"ALVENARIA DE VEDAÇÃO DE BLOCOS CERÂMICOS FURADOS NA HORIZONTAL DE 19X19X29 CM (ESPESSURA 19 CM) E ARGAMASSA DE ASSENTAMENTO COM PREPARO EM BETONEIRA. AF_12/2021","M2",108.94,112.6]
[103363,"ALVENARIA DE VEDAÇÃO DE BLOCOS CERÂMICOS FURADOS NA HORIZONTAL DE 19X19X29 CM (ESPESSURA 19 CM) E ARGAMASSA DE ASSENTAMENTO COM PREPARO MANUAL. AF_12/2021","M2",110.52,114.74]
[103370,"ALVENARIA DE VEDAÇÃO DE BLOCOS CERÂMICOS FURADOS NA HORIZONTAL DE 19X19X39 CM (ESPESSURA 19 CM) E ARGAMASSA DE ASSENTAMENTO COM PREPARO EM BETONEIRA. AF_12/2021","M2",98.14,97.66]
[103371,"ALVENARIA DE VEDAÇÃO DE BLOCOS CERÂMICOS FURADOS NA HORIZONTAL DE 19X19X39 CM (ESPESSURA 19 CM) E ARGAMASSA DE ASSENTAMENTO COM PREPARO MANUAL. AF_12/2021","M2",99.57,99.6]
[103332,"ALVENARIA DE VEDAÇÃO DE BLOCOS CERÂMICOS FURADOS NA HORIZONTAL DE 9X14X19 CM (ESPESSURA 9 CM) E ARGAMASSA DE ASSENTAMENTO COM PREPARO EM BETONEIRA. AF_12/2021","M2",125.19,144.82]
[103333,"ALVENARIA DE VEDAÇÃO DE BLOCOS CERÂMICOS FURADOS NA HORIZONTAL DE 9X14X19 CM (ESPESSURA 9 CM) E ARGAMASSA DE ASSENTAMENTO COM PREPARO MANUAL. AF_12/2021","M2",126.6,146.72999999999999]
[103352,"ALVENARIA DE VEDAÇÃO DE BLOCOS CERÂMICOS FURADOS NA HORIZONTAL DE 9X14X24 CM (ESPESSURA 9 CM) E ARGAMASSA DE ASSENTAMENTO COM PREPARO EM BETONEIRA. AF_12/2021","M2",108.34,123.17]
[103353,"ALVENARIA DE VEDAÇÃO DE BLOCOS CERÂMICOS FURADOS NA HORIZONTAL DE 9X14X24 CM (ESPESSURA 9 CM) E ARGAMASSA DE ASSENTAMENTO COM PREPARO MANUAL. AF_12/2021","M2",109.64,124.93]
[103328,"ALVENARIA DE VEDAÇÃO DE BLOCOS CERÂMICOS FURADOS NA HORIZONTAL DE 9X19X19 CM (ESPESSURA 9 CM) E ARGAMASSA DE ASSENTAMENTO COM PREPARO EM BETONEIRA. AF_12/2021","M2",99.72,112.32]
[103329,"ALVENARIA DE VEDAÇÃO DE BLOCOS CERÂMICOS FURADOS NA HORIZONTAL DE 9X19X19 CM (ESPESSURA 9 CM) E ARGAMASSA DE ASSENTAMENTO COM PREPARO MANUAL. AF_12/2021","M2",100.94,113.97]
[103356,"ALVENARIA DE VEDAÇÃO DE BLOCOS CERÂMICOS FURADOS NA HORIZONTAL DE 9X19X29 CM (ESPESSURA 9 CM) E ARGAMASSA DE ASSENTAMENTO COM PREPARO EM BETONEIRA. AF_12/2021","M2",67.72,69.239999999999995]
[103357,"ALVENARIA DE VEDAÇÃO DE BLOCOS CERÂMICOS FURADOS NA HORIZONTAL DE 9X19X29 CM (ESPESSURA 9 CM) E ARGAMASSA DE ASSENTAMENTO COM PREPARO MANUAL. AF_12/2021","M2",68.75,70.63]
[103364,"ALVENARIA DE VEDAÇÃO DE BLOCOS CERÂMICOS FURADOS NA HORIZONTAL DE 9X19X39 CM (ESPESSURA 9 CM) E ARGAMASSA DE ASSENTAMENTO COM PREPARO EM BETONEIRA. AF_12/2021","M2",57.08,57.08]
[103365,"ALVENARIA DE VEDAÇÃO DE BLOCOS CERÂMICOS FURADOS NA HORIZONTAL DE 9X19X39 CM (ESPESSURA 9 CM) E ARGAMASSA DE ASSENTAMENTO COM PREPARO MANUAL. AF_12/2021","M2",57.79,58.12]
[103350,"ALVENARIA DE VEDAÇÃO DE BLOCOS CERÂMICOS FURADOS NA HORIZONTAL DE 9X9X19 CM (ESPESSURA 9 CM) E ARGAMASSA DE ASSENTAMENTO COM PREPARO EM BETONEIRA. AF_12/2021","M2",184.71,208.66]
[103351,"ALVENARIA DE VEDAÇÃO DE BLOCOS CERÂMICOS FURADOS NA HORIZONTAL DE 9X9X19 CM (ESPESSURA 9 CM) E ARGAMASSA DE ASSENTAMENTO COM PREPARO MANUAL. AF_12/2021","M2",186.5,211.1]
[103344,"ALVENARIA DE VEDAÇÃO DE BLOCOS CERÂMICOS FURADOS NA VERTICAL DE 11,5X19X29 CM (ESPESSURA 11,5 CM) E ARGAMASSA DE ASSENTAMENTO COM PREPARO EM BETONEIRA. AF_12/2021","M2",92.5,92.36]
[103345,"ALVENARIA DE VEDAÇÃO DE BLOCOS CERÂMICOS FURADOS NA VERTICAL DE 11,5X19X29 CM (ESPESSURA 11,5 CM) E ARGAMASSA DE ASSENTAMENTO COM PREPARO MANUAL. AF_12/2021","M2",94.13,94.58]
[103348,"ALVENARIA DE VEDAÇÃO DE BLOCOS CERÂMICOS FURADOS NA VERTICAL DE 11,5X19X39 CM (ESPESSURA 11,5 CM) E ARGAMASSA DE ASSENTAMENTO COM PREPARO EM BETONEIRA. AF_12/2021","M2",78.69,77.09]
[103349,"ALVENARIA DE VEDAÇÃO DE BLOCOS CERÂMICOS FURADOS NA VERTICAL DE 11,5X19X39 CM (ESPESSURA 11,5 CM) E ARGAMASSA DE ASSENTAMENTO COM PREPARO MANUAL. AF_12/2021","M2",80.180000000000007,79.11]
[103346,"ALVENARIA DE VEDAÇÃO DE BLOCOS CERÂMICOS FURADOS NA VERTICAL DE 14X19X29 CM (ESPESSURA 14 CM) E ARGAMASSA DE ASSENTAMENTO COM PREPARO EM BETONEIRA. AF_12/2021","M2",101.82,103.45]
[103347,"ALVENARIA DE VEDAÇÃO DE BLOCOS CERÂMICOS FURADOS NA VERTICAL DE 14X19X29 CM (ESPESSURA 14 CM) E ARGAMASSA DE ASSENTAMENTO COM PREPARO MANUAL. AF_12/2021","M2",103.56,105.81]
[103324,"ALVENARIA DE VEDAÇÃO DE BLOCOS CERÂMICOS FURADOS NA VERTICAL DE 14X19X39 CM (ESPESSURA 14 CM) E ARGAMASSA DE ASSENTAMENTO COM PREPARO EM BETONEIRA. AF_12/2021","M2",88.94,87.6]
[103325,"ALVENARIA DE VEDAÇÃO DE BLOCOS CERÂMICOS FURADOS NA VERTICAL DE 14X19X39 CM (ESPESSURA 14 CM) E ARGAMASSA DE ASSENTAMENTO COM PREPARO MANUAL. AF_12/2021","M2",90.52,89.74]
[103326,"ALVENARIA DE VEDAÇÃO DE BLOCOS CERÂMICOS FURADOS NA VERTICAL DE 19X19X39 CM (ESPESSURA 19 CM) E ARGAMASSA DE ASSENTAMENTO COM PREPARO EM BETONEIRA. AF_12/2021","M2",104.82,102.85]
[103327,"ALVENARIA DE VEDAÇÃO DE BLOCOS CERÂMICOS FURADOS NA VERTICAL DE 19X19X39 CM (ESPESSURA 19 CM) E ARGAMASSA DE ASSENTAMENTO COM PREPARO MANUAL. AF_12/2021","M2",106.66,105.36]
[103322,"ALVENARIA DE VEDAÇÃO DE BLOCOS CERÂMICOS FURADOS NA VERTICAL DE 9X19X39 CM (ESPESSURA 9 CM) E ARGAMASSA DE ASSENTAMENTO COM PREPARO EM BETONEIRA. AF_12/2021","M2",67.239999999999995,64.84]
[103323,"ALVENARIA DE VEDAÇÃO DE BLOCOS CERÂMICOS FURADOS NA VERTICAL DE 9X19X39 CM (ESPESSURA 9 CM) E ARGAMASSA DE ASSENTAMENTO COM PREPARO MANUAL. AF_12/2021","M2",68.63,66.73]
[103338,"ALVENARIA DE VEDAÇÃO DE BLOCOS VAZADOS DE CONCRETO APARENTE DE 14X19X39 CM (ESPESSURA 14 CM) E ARGAMASSA DE ASSENTAMENTO COM PREPARO EM BETONEIRA. AF_12/2021","M2",120.54,127.68]
[103339,"ALVENARIA DE VEDAÇÃO DE BLOCOS VAZADOS DE CONCRETO APARENTE DE 14X19X39 CM (ESPESSURA 14 CM) E ARGAMASSA DE ASSENTAMENTO COM PREPARO MANUAL. AF_12/2021","M2",121.9,129.53]
[103340,"ALVENARIA DE VEDAÇÃO DE BLOCOS VAZADOS DE CONCRETO APARENTE DE 19X19X39 CM (ESPESSURA 19 CM) E ARGAMASSA DE ASSENTAMENTO COM PREPARO EM BETONEIRA. AF_12/2021","M2",146.53,153.08000000000001]
[103341,"ALVENARIA DE VEDAÇÃO DE BLOCOS VAZADOS DE CONCRETO APARENTE DE 19X19X39 CM (ESPESSURA 19 CM) E ARGAMASSA DE ASSENTAMENTO COM PREPARO MANUAL. AF_12/2021","M2",148.24,155.4]
[103336,"ALVENARIA DE VEDAÇÃO DE BLOCOS VAZADOS DE CONCRETO APARENTE DE 9X19X39 CM (ESPESSURA 9 CM) E ARGAMASSA DE ASSENTAMENTO COM PREPARO EM BETONEIRA. AF_12/2021","M2",92.17,96.67]
[103337,"ALVENARIA DE VEDAÇÃO DE BLOCOS VAZADOS DE CONCRETO APARENTE DE 9X19X39 CM (ESPESSURA 9 CM) E ARGAMASSA DE ASSENTAMENTO COM PREPARO MANUAL. AF_12/2021","M2",93.34,98.25]
[103342,"ALVENARIA DE VEDAÇÃO DE BLOCOS VAZADOS DE CONCRETO DE 14X19X29 CM (ESPESSURA 14 CM) E ARGAMASSA DE ASSENTAMENTO COM PREPARO EM BETONEIRA. AF_12/2021","M2",125.1,128.24]
[103343,"ALVENARIA DE VEDAÇÃO DE BLOCOS VAZADOS DE CONCRETO DE 14X19X29 CM (ESPESSURA 14 CM) E ARGAMASSA DE ASSENTAMENTO COM PREPARO MANUAL. AF_12/2021","M2",126.61,130.29]
[103318,"ALVENARIA DE VEDAÇÃO DE BLOCOS VAZADOS DE CONCRETO DE 14X19X39 CM (ESPESSURA 14 CM) E ARGAMASSA DE ASSENTAMENTO COM PREPARO EM BETONEIRA. AF_12/2021","M2",106.9,110.21]
[103319,"ALVENARIA DE VEDAÇÃO DE BLOCOS VAZADOS DE CONCRETO DE 14X19X39 CM (ESPESSURA 14 CM) E ARGAMASSA DE ASSENTAMENTO COM PREPARO MANUAL. AF_12/2021","M2",108.26,112.06]
[103320,"ALVENARIA DE VEDAÇÃO DE BLOCOS VAZADOS DE CONCRETO DE 19X19X39 CM (ESPESSURA 19 CM) E ARGAMASSA DE ASSENTAMENTO COM PREPARO EM BETONEIRA. AF_12/2021","M2",128.76,131.51]
[103321,"ALVENARIA DE VEDAÇÃO DE BLOCOS VAZADOS DE CONCRETO DE 19X19X39 CM (ESPESSURA 19 CM) E ARGAMASSA DE ASSENTAMENTO COM PREPARO MANUAL. AF_12/2021","M2",130.47,133.83000000000001]
[103316,"ALVENARIA DE VEDAÇÃO DE BLOCOS VAZADOS DE CONCRETO DE 9X19X39 CM (ESPESSURA 9 CM) E ARGAMASSA DE ASSENTAMENTO COM PREPARO EM BETONEIRA. AF_12/2021","M2",82.81,84.53]
[103317,"ALVENARIA DE VEDAÇÃO DE BLOCOS VAZADOS DE CONCRETO DE 9X19X39 CM (ESPESSURA 9 CM) E ARGAMASSA DE ASSENTAMENTO COM PREPARO MANUAL. AF_12/2021","M2",83.98,86.11]
[101166,"ALVENARIA DE EMBASAMENTO COM BLOCO ESTRUTURAL DE CERÂMICA, DE 14X19X29CM E ARGAMASSA DE ASSENTAMENTO COM PREPARO EM BETONEIRA. AF_05/2020","M3",737.36,750.69]
[101165,"ALVENARIA DE EMBASAMENTO COM BLOCO ESTRUTURAL DE CONCRETO, DE 14X19X29CM E ARGAMASSA DE ASSENTAMENTO COM PREPARO EM BETONEIRA. AF_05/2020","M3",1066.31,1101.32]
[101163,"ALVENARIA DE VEDAÇÃO COM BLOCO DE VIDRO VAZADO, TIPO VENEZIANA, DE 6X20X20CM E ARGAMASSA DE ASSENTAMENTO COM PREPARO EM BETONEIRA. AF_05/2020","M2",680.24,732.93]
[101164,"ALVENARIA DE VEDAÇÃO COM BLOCO DE VIDRO, TIPO CANELADO, DE 8X19X19CM E ARGAMASSA DE ASSENTAMENTO COM PREPARO EM BETONEIRA. AF_05/2020","M2",691.42,743.1]
[101162,"ALVENARIA DE VEDAÇÃO COM ELEMENTO VAZADO DE CERÂMICA (COBOGÓ) DE 7X20X20CM E ARGAMASSA DE ASSENTAMENTO COM PREPARO EM BETONEIRA. AF_05/2020","M2",172.75,179.32]
[101161,"ALVENARIA DE VEDAÇÃO COM ELEMENTO VAZADO DE CONCRETO (COBOGÓ) DE 7X50X50CM E ARGAMASSA DE ASSENTAMENTO COM PREPARO EM BETONEIRA. AF_05/2020","M2",248.62,250.46]
[101160,"ALVENARIA DE VEDAÇÃO DE BLOCO DE SOLO-CIMENTO (TIJOLO ECOLÓGICO) DE 7X15X30CM (ESPESSURA 15CM). AF_05/2020","M2",0,0]
[101159,"ALVENARIA DE VEDAÇÃO DE BLOCOS CERÂMICOS MACIÇOS DE 5X10X20CM (ESPESSURA 10CM) E ARGAMASSA DE ASSENTAMENTO COM PREPARO EM BETONEIRA. AF_05/2020","M2",148.57,156.94999999999999]
[101154,"ALVENARIA DE VEDAÇÃO DE BLOCOS DE CONCRETO CELULAR DE 10X30X60CM (ESPESSURA 10CM) E ARGAMASSA DE ASSENTAMENTO COM PREPARO EM BETONEIRA. AF_05/2020","M2",149.63999999999999,157.96]
[101155,"ALVENARIA DE VEDAÇÃO DE BLOCOS DE CONCRETO CELULAR DE 15X30X60CM (ESPESSURA 15CM) E ARGAMASSA DE ASSENTAMENTO COM PREPARO EM BETONEIRA. AF_05/2020","M2",210.54,222.45]
[101156,"ALVENARIA DE VEDAÇÃO DE BLOCOS DE CONCRETO CELULAR DE 20X30X60CM (ESPESSURA 20CM) E ARGAMASSA DE ASSENTAMENTO COM PREPARO EM BETONEIRA. AF_05/2020","M2",309.97000000000003,326.45]
[101158,"ALVENARIA DE VEDAÇÃO DE BLOCOS DE GESSO DE 10X50X66CM (ESPESSURA 10CM). AF_05/2020","M2",87.06,87.5]
[101157,"ALVENARIA DE VEDAÇÃO DE BLOCOS DE GESSO DE 7X50X66CM (ESPESSURA 7CM). AF_05/2020","M2",66.45,67.67]
[87382,"ARGAMASSA INDUSTRIALIZADA MULTIUSO PARA REVESTIMENTOS E ASSENTAMENTO DA ALVENARIA, PREPARO COM MISTURADOR DE EIXO HORIZONTAL DE 160 KG. AF_08/2019","M3",2303.33,1796.71]
[87383,"ARGAMASSA INDUSTRIALIZADA MULTIUSO PARA REVESTIMENTOS E ASSENTAMENTO DA ALVENARIA, PREPARO COM MISTURADOR DE EIXO HORIZONTAL DE 300 KG. AF_08/2019","M3",2306.4699999999998,1780.16]
[87384,"ARGAMASSA INDUSTRIALIZADA MULTIUSO PARA REVESTIMENTOS E ASSENTAMENTO DA ALVENARIA, PREPARO COM MISTURADOR DE EIXO HORIZONTAL DE 600 KG. AF_08/2019","M3",2304.79,1760.04]
[87398,"ARGAMASSA INDUSTRIALIZADA MULTIUSO PARA REVESTIMENTOS E ASSENTAMENTO DA ALVENARIA, PREPARO MANUAL. AF_08/2019","M3",2536.41,2074.27]
[87395,"ARGAMASSA INDUSTRIALIZADA PARA CHAPISCO COLANTE, PREPARO COM MISTURADOR DE EIXO HORIZONTAL DE 160 KG. AF_08/2019","M3",4504.1099999999997,3472.86]
[87396,"ARGAMASSA INDUSTRIALIZADA PARA CHAPISCO COLANTE, PREPARO COM MISTURADOR DE EIXO HORIZONTAL DE 300 KG. AF_08/2019","M3",4541.1099999999997,3478.94]
[87397,"ARGAMASSA INDUSTRIALIZADA PARA CHAPISCO COLANTE, PREPARO COM MISTURADOR DE EIXO HORIZONTAL DE 600 KG. AF_08/2019","M3",4579.78,3486.87]
[87402,"ARGAMASSA INDUSTRIALIZADA PARA CHAPISCO COLANTE, PREPARO MANUAL. AF_08/2019","M3",4805.22,3823.19]
[87391,"ARGAMASSA INDUSTRIALIZADA PARA CHAPISCO ROLADO, PREPARO COM MISTURADOR DE EIXO HORIZONTAL DE 160 KG. AF_08/2019","M3",7182.42,5466.93]
[87393,"ARGAMASSA INDUSTRIALIZADA PARA CHAPISCO ROLADO, PREPARO COM MISTURADOR DE EIXO HORIZONTAL DE 300 KG. AF_08/2019","M3",7255.4,5499.79]
[87394,"ARGAMASSA INDUSTRIALIZADA PARA CHAPISCO ROLADO, PREPARO COM MISTURADOR DE EIXO HORIZONTAL DE 600 KG. AF_08/2019","M3",7328.42,5533.31]
[87401,"ARGAMASSA INDUSTRIALIZADA PARA CHAPISCO ROLADO, PREPARO MANUAL. AF_08/2019","M3",7538.37,5858.09]
[87407,"ARGAMASSA INDUSTRIALIZADA PARA REVESTIMENTOS, MISTURA E PROJEÇÃO DE 1,5 M³/H DE ARGAMASSA. AF_08/2019","M3",2348.36,1830.36]
[87408,"ARGAMASSA INDUSTRIALIZADA PARA REVESTIMENTOS, MISTURA E PROJEÇÃO DE 2 M³/H DE ARGAMASSA. AF_08/2019","M3",2341.0500000000002,1804.18]
[87404,"ARGAMASSA PARA REVESTIMENTO DECORATIVO MONOCAMADA (MONOCAPA), MISTURA E PROJEÇÃO DE 1,5 M3/H DE ARGAMASSA. AF_08/2019","M3",6707.3,5119.87]
[87405,"ARGAMASSA PARA REVESTIMENTO DECORATIVO MONOCAMADA (MONOCAPA), MISTURA E PROJEÇÃO DE 2 M3/H DE ARGAMASSA. AF_08/2019","M3",6735.75,5110.37]
[87388,"ARGAMASSA PARA REVESTIMENTO DECORATIVO MONOCAMADA (MONOCAPA), PREPARO COM MISTURADOR DE EIXO HORIZONTAL DE 160 KG. AF_08/2019","M3",6472.82,4903.7299999999996]
[87389,"ARGAMASSA PARA REVESTIMENTO DECORATIVO MONOCAMADA (MONOCAPA), PREPARO COM MISTURADOR DE EIXO HORIZONTAL DE 300 KG. AF_08/2019","M3",6506.13,4908.46]
[87390,"ARGAMASSA PARA REVESTIMENTO DECORATIVO MONOCAMADA (MONOCAPA), PREPARO COM MISTURADOR DE EIXO HORIZONTAL DE 600 KG. AF_08/2019","M3",6547.25,4920.83]
[87385,"ARGAMASSA PRONTA PARA CONTRAPISO, PREPARO COM MISTURADOR DE EIXO HORIZONTAL DE 160 KG. AF_08/2019","M3",2682.87,2105.4]
[87386,"ARGAMASSA PRONTA PARA CONTRAPISO, PREPARO COM MISTURADOR DE EIXO HORIZONTAL DE 300 KG. AF_08/2019","M3",2682.52,2079.64]
[87387,"ARGAMASSA PRONTA PARA CONTRAPISO, PREPARO COM MISTURADOR DE EIXO HORIZONTAL DE 600 KG. AF_08/2019","M3",2684.53,2060.67]
[87399,"ARGAMASSA PRONTA PARA CONTRAPISO, PREPARO MANUAL. AF_08/2019","M3",2921.85,2384.9499999999998]
[88627,"ARGAMASSA TRAÇO 1:0,5:4,5 (EM VOLUME DE CIMENTO, CAL E AREIA MÉDIA ÚMIDA) PARA ASSENTAMENTO DE ALVENARIA, PREPARO MANUAL. AF_08/2019","M3",841.95,675.18]
[100463,"ARGAMASSA TRAÇO 1:0,5:4,5 (EM VOLUME DE CIMENTO, CAL E AREIA MÉDIA ÚMIDA), PREPARO MECÂNICO COM BETONEIRA 250 L. AF_08/2019","M3",0,0]
[88626,"ARGAMASSA TRAÇO 1:0,5:4,5 (EM VOLUME DE CIMENTO, CAL E AREIA MÉDIA ÚMIDA), PREPARO MECÂNICO COM BETONEIRA 400 L. AF_08/2019","M3",734.36,537.05999999999995]
[100488,"ARGAMASSA TRAÇO 1:0,5:4,5 (EM VOLUME DE CIMENTO, CAL E AREIA MÉDIA ÚMIDA), PREPARO MECÂNICO COM BETONEIRA 600 L. AF_08/2019","M3",730.16,518.66]
[100464,"ARGAMASSA TRAÇO 1:0,5:4,5 (EM VOLUME DE CIMENTO, CAL E AREIA MÉDIA ÚMIDA), PREPARO MECÂNICO COM MISTURADOR DE EIXO HORIZONTAL DE 160 KG. AF_08/2019","M3",751.94,581.41999999999996]
[100465,"ARGAMASSA TRAÇO 1:0,5:4,5 (EM VOLUME DE CIMENTO, CAL E AREIA MÉDIA ÚMIDA), PREPARO MECÂNICO COM MISTURADOR DE EIXO HORIZONTAL DE 300 KG. AF_08/2019","M3",719.29,520.83000000000004]
[100466,"ARGAMASSA TRAÇO 1:0,5:4,5 (EM VOLUME DE CIMENTO, CAL E AREIA MÉDIA ÚMIDA), PREPARO MECÂNICO COM MISTURADOR DE EIXO HORIZONTAL DE 600 KG. AF_08/2019","M3",704.63,489.3]
[87368,"ARGAMASSA TRAÇO 1:1,5:7,5 (EM VOLUME DE CIMENTO, CAL E AREIA MÉDIA ÚMIDA) PARA EMBOÇO/MASSA ÚNICA/ASSENTAMENTO DE ALVENARIA DE VEDAÇÃO, PREPARO MANUAL. AF_08/2019","M3",832.73,738.25]
[100450,"ARGAMASSA TRAÇO 1:1,5:7,5 (EM VOLUME DE CIMENTO, CAL E AREIA MÉDIA ÚMIDA) PARA EMBOÇO/MASSA ÚNICA/ASSENTAMENTO DE ALVENARIA DE VEDAÇÃO, PREPARO MECÂNICO COM BETONEIRA 250 L. AF_08/2019","M3",0,0]
[87289,"ARGAMASSA TRAÇO 1:1,5:7,5 (EM VOLUME DE CIMENTO, CAL E AREIA MÉDIA ÚMIDA) PARA EMBOÇO/MASSA ÚNICA/ASSENTAMENTO DE ALVENARIA DE VEDAÇÃO, PREPARO MECÂNICO COM BETONEIRA 400 L. AF_08/2019","M3",701.55,562.23]
[87290,"ARGAMASSA TRAÇO 1:1,5:7,5 (EM VOLUME DE CIMENTO, CAL E AREIA MÉDIA ÚMIDA) PARA EMBOÇO/MASSA ÚNICA/ASSENTAMENTO DE ALVENARIA DE VEDAÇÃO, PREPARO MECÂNICO COM BETONEIRA 600 L. AF_08/2019","M3",696.01,542.07000000000005]
[87333,"ARGAMASSA TRAÇO 1:1,5:7,5 (EM VOLUME DE CIMENTO, CAL E AREIA MÉDIA ÚMIDA) PARA EMBOÇO/MASSA ÚNICA/ASSENTAMENTO DE ALVENARIA DE VEDAÇÃO, PREPARO MECÂNICO COM MISTURADOR DE EIXO HORIZONTAL DE 300 KG. AF_08/2019","M3",700.59,573.91999999999996]
[87334,"ARGAMASSA TRAÇO 1:1,5:7,5 (EM VOLUME DE CIMENTO, CAL E AREIA MÉDIA ÚMIDA) PARA EMBOÇO/MASSA ÚNICA/ASSENTAMENTO DE ALVENARIA DE VEDAÇÃO, PREPARO MECÂNICO COM MISTURADOR DE EIXO HORIZONTAL DE 600 KG. AF_08/2019","M3",669.36,514.54999999999995]
[105515,"ARGAMASSA TRAÇO 1:1,93 (EM VOLUME DE CIMENTO E AREIA MÉDIA ÚMIDA), FCK 20MPA, PREPARO MECÂNICO COM MISTURADOR DUPLO HORIZONTAL DE ALTA TURBULÊNCIA. AF_03/2020","M3",1117.0999999999999,817.92]
[87367,"ARGAMASSA TRAÇO 1:1:6 (EM VOLUME DE CIMENTO, CAL E AREIA MÉDIA ÚMIDA) PARA EMBOÇO/MASSA ÚNICA/ASSENTAMENTO DE ALVENARIA DE VEDAÇÃO, PREPARO MANUAL. AF_08/2019","M3",863.29,746.96]
[100449,"ARGAMASSA TRAÇO 1:1:6 (EM VOLUME DE CIMENTO, CAL E AREIA MÉDIA ÚMIDA) PARA EMBOÇO/MASSA ÚNICA/ASSENTAMENTO DE ALVENARIA DE VEDAÇÃO, PREPARO MECÂNICO COM BETONEIRA 250 L. AF_08/2019","M3",0,0]
[87286,"ARGAMASSA TRAÇO 1:1:6 (EM VOLUME DE CIMENTO, CAL E AREIA MÉDIA ÚMIDA) PARA EMBOÇO/MASSA ÚNICA/ASSENTAMENTO DE ALVENARIA DE VEDAÇÃO, PREPARO MECÂNICO COM BETONEIRA 400 L. AF_08/2019","M3",734.43,580.15]
[87287,"ARGAMASSA TRAÇO 1:1:6 (EM VOLUME DE CIMENTO, CAL E AREIA MÉDIA ÚMIDA) PARA EMBOÇO/MASSA ÚNICA/ASSENTAMENTO DE ALVENARIA DE VEDAÇÃO, PREPARO MECÂNICO COM BETONEIRA 600 L. AF_08/2019","M3",723.64,544.04]
[87331,"ARGAMASSA TRAÇO 1:1:6 (EM VOLUME DE CIMENTO, CAL E AREIA MÉDIA ÚMIDA) PARA EMBOÇO/MASSA ÚNICA/ASSENTAMENTO DE ALVENARIA DE VEDAÇÃO, PREPARO MECÂNICO COM MISTURADOR DE EIXO HORIZONTAL DE 300 KG. AF_08/2019","M3",751.27,615.6]
[87332,"ARGAMASSA TRAÇO 1:1:6 (EM VOLUME DE CIMENTO, CAL E AREIA MÉDIA ÚMIDA) PARA EMBOÇO/MASSA ÚNICA/ASSENTAMENTO DE ALVENARIA DE VEDAÇÃO, PREPARO MECÂNICO COM MISTURADOR DE EIXO HORIZONTAL DE 600 KG. AF_08/2019","M3",699.26,518.87]
[87369,"ARGAMASSA TRAÇO 1:2:8 (EM VOLUME DE CIMENTO, CAL E AREIA MÉDIA ÚMIDA) PARA EMBOÇO/MASSA ÚNICA/ASSENTAMENTO DE ALVENARIA DE VEDAÇÃO, PREPARO MANUAL. AF_08/2019","M3",849.58,754.54]
[100451,"ARGAMASSA TRAÇO 1:2:8 (EM VOLUME DE CIMENTO, CAL E AREIA MÉDIA ÚMIDA) PARA EMBOÇO/MASSA ÚNICA/ASSENTAMENTO DE ALVENARIA DE VEDAÇÃO, PREPARO MECÂNICO COM BETONEIRA 250 L. AF_08/2019","M3",0,0]
[87292,"ARGAMASSA TRAÇO 1:2:8 (EM VOLUME DE CIMENTO, CAL E AREIA MÉDIA ÚMIDA) PARA EMBOÇO/MASSA ÚNICA/ASSENTAMENTO DE ALVENARIA DE VEDAÇÃO, PREPARO MECÂNICO COM BETONEIRA 400 L. AF_08/2019","M3",715.95,572.91]
[87335,"ARGAMASSA TRAÇO 1:2:8 (EM VOLUME DE CIMENTO, CAL E AREIA MÉDIA ÚMIDA) PARA EMBOÇO/MASSA ÚNICA/ASSENTAMENTO DE ALVENARIA DE VEDAÇÃO, PREPARO MECÂNICO COM MISTURADOR DE EIXO HORIZONTAL DE 300 KG. AF_08/2019","M3",695.13,561.54999999999995]
[87336,"ARGAMASSA TRAÇO 1:2:8 (EM VOLUME DE CIMENTO, CAL E AREIA MÉDIA ÚMIDA) PARA EMBOÇO/MASSA ÚNICA/ASSENTAMENTO DE ALVENARIA DE VEDAÇÃO, PREPARO MECÂNICO COM MISTURADOR DE EIXO HORIZONTAL DE 600 KG. AF_08/2019","M3",687.91,532.48]
[87370,"ARGAMASSA TRAÇO 1:2:9 (EM VOLUME DE CIMENTO, CAL E AREIA MÉDIA ÚMIDA) PARA EMBOÇO/MASSA ÚNICA/ASSENTAMENTO DE ALVENARIA DE VEDAÇÃO, PREPARO MANUAL. AF_08/2019","M3",816.13,731.43]
[100452,"ARGAMASSA TRAÇO 1:2:9 (EM VOLUME DE CIMENTO, CAL E AREIA MÉDIA ÚMIDA) PARA EMBOÇO/MASSA ÚNICA/ASSENTAMENTO DE ALVENARIA DE VEDAÇÃO, PREPARO MECÂNICO COM BETONEIRA 250 L. AF_08/2019","M3",0,0]
[88715,"ARGAMASSA TRAÇO 1:2:9 (EM VOLUME DE CIMENTO, CAL E AREIA MÉDIA ÚMIDA) PARA EMBOÇO/MASSA ÚNICA/ASSENTAMENTO DE ALVENARIA DE VEDAÇÃO, PREPARO MECÂNICO COM BETONEIRA 400 L. AF_08/2019","M3",676.38,539.48]
[87294,"ARGAMASSA TRAÇO 1:2:9 (EM VOLUME DE CIMENTO, CAL E AREIA MÉDIA ÚMIDA) PARA EMBOÇO/MASSA ÚNICA/ASSENTAMENTO DE ALVENARIA DE VEDAÇÃO, PREPARO MECÂNICO COM BETONEIRA 600 L. AF_08/2019","M3",682.44,545.54]
[87337,"ARGAMASSA TRAÇO 1:2:9 (EM VOLUME DE CIMENTO, CAL E AREIA MÉDIA ÚMIDA) PARA EMBOÇO/MASSA ÚNICA/ASSENTAMENTO DE ALVENARIA DE VEDAÇÃO, PREPARO MECÂNICO COM MISTURADOR DE EIXO HORIZONTAL DE 300 KG. AF_08/2019","M3",679.55,556.15]
[100487,"ARGAMASSA TRAÇO 1:2:9 (EM VOLUME DE CIMENTO, CAL E AREIA MÉDIA ÚMIDA) PARA EMBOÇO/MASSA ÚNICA/ASSENTAMENTO DE ALVENARIA DE VEDAÇÃO, PREPARO MECÂNICO COM MISTURADOR DE EIXO HORIZONTAL DE 600 KG. AF_08/2019","M3",651.11,503.18]
[87380,"ARGAMASSA TRAÇO 1:3 (EM VOLUME DE CIMENTO E AREIA GROSSA ÚMIDA) COM ADIÇÃO DE EMULSÃO POLIMÉRICA PARA CHAPISCO ROLADO, PREPARO MANUAL. AF_08/2019","M3",4402.33,3055.52]
[100461,"ARGAMASSA TRAÇO 1:3 (EM VOLUME DE CIMENTO E AREIA GROSSA ÚMIDA) COM ADIÇÃO DE EMULSÃO POLIMÉRICA PARA CHAPISCO ROLADO, PREPARO MECÂNICO COM BETONEIRA 250 L. AF_08/2019","M3",0,0]
[87322,"ARGAMASSA TRAÇO 1:3 (EM VOLUME DE CIMENTO E AREIA GROSSA ÚMIDA) COM ADIÇÃO DE EMULSÃO POLIMÉRICA PARA CHAPISCO ROLADO, PREPARO MECÂNICO COM BETONEIRA 400 L. AF_08/2019","M3",4307.83,2904.45]
[87323,"ARGAMASSA TRAÇO 1:3 (EM VOLUME DE CIMENTO E AREIA GROSSA ÚMIDA) COM ADIÇÃO DE EMULSÃO POLIMÉRICA PARA CHAPISCO ROLADO, PREPARO MECÂNICO COM BETONEIRA 600 L. AF_08/2019","M3",4313.25,2886.49]
[87360,"ARGAMASSA TRAÇO 1:3 (EM VOLUME DE CIMENTO E AREIA GROSSA ÚMIDA) COM ADIÇÃO DE EMULSÃO POLIMÉRICA PARA CHAPISCO ROLADO, PREPARO MECÂNICO COM MISTURADOR DE EIXO HORIZONTAL DE 160 KG. AF_08/2019","M3",4240.82,2912.69]
[87361,"ARGAMASSA TRAÇO 1:3 (EM VOLUME DE CIMENTO E AREIA GROSSA ÚMIDA) COM ADIÇÃO DE EMULSÃO POLIMÉRICA PARA CHAPISCO ROLADO, PREPARO MECÂNICO COM MISTURADOR DE EIXO HORIZONTAL DE 300 KG. AF_08/2019","M3",4207.75,2831.11]
[87362,"ARGAMASSA TRAÇO 1:3 (EM VOLUME DE CIMENTO E AREIA GROSSA ÚMIDA) COM ADIÇÃO DE EMULSÃO POLIMÉRICA PARA CHAPISCO ROLADO, PREPARO MECÂNICO COM MISTURADOR DE EIXO HORIZONTAL DE 600 KG. AF_08/2019","M3",4215.22,2810.15]
[87377,"ARGAMASSA TRAÇO 1:3 (EM VOLUME DE CIMENTO E AREIA GROSSA ÚMIDA) PARA CHAPISCO CONVENCIONAL, PREPARO MANUAL. AF_08/2019","M3",859.57,703.14]
[100458,"ARGAMASSA TRAÇO 1:3 (EM VOLUME DE CIMENTO E AREIA GROSSA ÚMIDA) PARA CHAPISCO CONVENCIONAL, PREPARO MECÂNICO COM BETONEIRA 250 L. AF_08/2019","M3",0,0]
[87313,"ARGAMASSA TRAÇO 1:3 (EM VOLUME DE CIMENTO E AREIA GROSSA ÚMIDA) PARA CHAPISCO CONVENCIONAL, PREPARO MECÂNICO COM BETONEIRA 400 L. AF_08/2019","M3",719.21,514.03]
[87314,"ARGAMASSA TRAÇO 1:3 (EM VOLUME DE CIMENTO E AREIA GROSSA ÚMIDA) PARA CHAPISCO CONVENCIONAL, PREPARO MECÂNICO COM BETONEIRA 600 L. AF_08/2019","M3",714.62,496.32]
[87352,"ARGAMASSA TRAÇO 1:3 (EM VOLUME DE CIMENTO E AREIA GROSSA ÚMIDA) PARA CHAPISCO CONVENCIONAL, PREPARO MECÂNICO COM MISTURADOR DE EIXO HORIZONTAL DE 160 KG. AF_08/2019","M3",786.12,642.98]
[87353,"ARGAMASSA TRAÇO 1:3 (EM VOLUME DE CIMENTO E AREIA GROSSA ÚMIDA) PARA CHAPISCO CONVENCIONAL, PREPARO MECÂNICO COM MISTURADOR DE EIXO HORIZONTAL DE 300 KG. AF_08/2019","M3",717.75,525.30999999999995]
[87354,"ARGAMASSA TRAÇO 1:3 (EM VOLUME DE CIMENTO E AREIA GROSSA ÚMIDA) PARA CHAPISCO CONVENCIONAL, PREPARO MECÂNICO COM MISTURADOR DE EIXO HORIZONTAL DE 600 KG. AF_08/2019","M3",690.37,469.19]
[100480,"ARGAMASSA TRAÇO 1:3 (EM VOLUME DE CIMENTO E AREIA MÉDIA ÚMIDA) COM ADIÇÃO DE IMPERMEABILIZANTE, PREPARO MANUAL. AF_08/2019","M3",1058.99,826.57]
[100476,"ARGAMASSA TRAÇO 1:3 (EM VOLUME DE CIMENTO E AREIA MÉDIA ÚMIDA) COM ADIÇÃO DE IMPERMEABILIZANTE, PREPARO MECÂNICO COM BETONEIRA 250 L. AF_08/2019","M3",0,0]
[100475,"ARGAMASSA TRAÇO 1:3 (EM VOLUME DE CIMENTO E AREIA MÉDIA ÚMIDA) COM ADIÇÃO DE IMPERMEABILIZANTE, PREPARO MECÂNICO COM BETONEIRA 400 L. AF_08/2019","M3",948.11,681.43]
[100491,"ARGAMASSA TRAÇO 1:3 (EM VOLUME DE CIMENTO E AREIA MÉDIA ÚMIDA) COM ADIÇÃO DE IMPERMEABILIZANTE, PREPARO MECÂNICO COM BETONEIRA 600 L. AF_08/2019","M3",950.13,676.15]
[100477,"ARGAMASSA TRAÇO 1:3 (EM VOLUME DE CIMENTO E AREIA MÉDIA ÚMIDA) COM ADIÇÃO DE IMPERMEABILIZANTE, PREPARO MECÂNICO COM MISTURADOR DE EIXO HORIZONTAL DE 160 KG. AF_08/2019","M3",994.45,786.44]
[100478,"ARGAMASSA TRAÇO 1:3 (EM VOLUME DE CIMENTO E AREIA MÉDIA ÚMIDA) COM ADIÇÃO DE IMPERMEABILIZANTE, PREPARO MECÂNICO COM MISTURADOR DE EIXO HORIZONTAL DE 300 KG. AF_08/2019","M3",930.12,667.46]
[100479,"ARGAMASSA TRAÇO 1:3 (EM VOLUME DE CIMENTO E AREIA MÉDIA ÚMIDA) COM ADIÇÃO DE IMPERMEABILIZANTE, PREPARO MECÂNICO COM MISTURADOR DE EIXO HORIZONTAL DE 600 KG. AF_08/2019","M3",918.43,640.09]
[87372,"ARGAMASSA TRAÇO 1:3 (EM VOLUME DE CIMENTO E AREIA MÉDIA ÚMIDA) PARA CONTRAPISO, PREPARO MANUAL. AF_08/2019","M3",1078.3599999999999,841.1]
[100453,"ARGAMASSA TRAÇO 1:3 (EM VOLUME DE CIMENTO E AREIA MÉDIA ÚMIDA) PARA CONTRAPISO, PREPARO MECÂNICO COM BETONEIRA 250 L. AF_08/2019","M3",0,0]
[87298,"ARGAMASSA TRAÇO 1:3 (EM VOLUME DE CIMENTO E AREIA MÉDIA ÚMIDA) PARA CONTRAPISO, PREPARO MECÂNICO COM BETONEIRA 400 L. AF_08/2019","M3",935.11,640.77]
[87299,"ARGAMASSA TRAÇO 1:3 (EM VOLUME DE CIMENTO E AREIA MÉDIA ÚMIDA) PARA CONTRAPISO, PREPARO MECÂNICO COM BETONEIRA 600 L. AF_08/2019","M3",593.22,433.92]
[87339,"ARGAMASSA TRAÇO 1:3 (EM VOLUME DE CIMENTO E AREIA MÉDIA ÚMIDA) PARA CONTRAPISO, PREPARO MECÂNICO COM MISTURADOR DE EIXO HORIZONTAL DE 160 KG. AF_08/2019","M3",1033.52,837.44]
[87340,"ARGAMASSA TRAÇO 1:3 (EM VOLUME DE CIMENTO E AREIA MÉDIA ÚMIDA) PARA CONTRAPISO, PREPARO MECÂNICO COM MISTURADOR DE EIXO HORIZONTAL DE 300 KG. AF_08/2019","M3",925.12,645.28]
[87341,"ARGAMASSA TRAÇO 1:3 (EM VOLUME DE CIMENTO E AREIA MÉDIA ÚMIDA) PARA CONTRAPISO, PREPARO MECÂNICO COM MISTURADOR DE EIXO HORIZONTAL DE 600 KG. AF_08/2019","M3",899.52,595.25]
[88629,"ARGAMASSA TRAÇO 1:3 (EM VOLUME DE CIMENTO E AREIA MÉDIA ÚMIDA), PREPARO MANUAL. AF_08/2019","M3",893.78,676.65]
[100467,"ARGAMASSA TRAÇO 1:3 (EM VOLUME DE CIMENTO E AREIA MÉDIA ÚMIDA), PREPARO MECÂNICO COM BETONEIRA 250 L. AF_08/2019","M3",0,0]
[88628,"ARGAMASSA TRAÇO 1:3 (EM VOLUME DE CIMENTO E AREIA MÉDIA ÚMIDA), PREPARO MECÂNICO COM BETONEIRA 400 L. AF_08/2019","M3",782.09,529.54]
[100489,"ARGAMASSA TRAÇO 1:3 (EM VOLUME DE CIMENTO E AREIA MÉDIA ÚMIDA), PREPARO MECÂNICO COM BETONEIRA 600 L. AF_08/2019","M3",782.77,522.94000000000005]
[100468,"ARGAMASSA TRAÇO 1:3 (EM VOLUME DE CIMENTO E AREIA MÉDIA ÚMIDA), PREPARO MECÂNICO COM MISTURADOR DE EIXO HORIZONTAL DE 160 KG. AF_08/2019","M3",888.48,687.34]
[100469,"ARGAMASSA TRAÇO 1:3 (EM VOLUME DE CIMENTO E AREIA MÉDIA ÚMIDA), PREPARO MECÂNICO COM MISTURADOR DE EIXO HORIZONTAL DE 300 KG. AF_08/2019","M3",768.33,519.02]
[100470,"ARGAMASSA TRAÇO 1:3 (EM VOLUME DE CIMENTO E AREIA MÉDIA ÚMIDA), PREPARO MECÂNICO COM MISTURADOR DE EIXO HORIZONTAL DE 600 KG. AF_08/2019","M3",689.16,473.59]
[87371,"ARGAMASSA TRAÇO 1:3:12 (EM VOLUME DE CIMENTO, CAL E AREIA MÉDIA ÚMIDA) PARA EMBOÇO/MASSA ÚNICA/ASSENTAMENTO DE ALVENARIA DE VEDAÇÃO, PREPARO MANUAL. AF_08/2019","M3",793.87,720.28]
[87295,"ARGAMASSA TRAÇO 1:3:12 (EM VOLUME DE CIMENTO, CAL E AREIA MÉDIA ÚMIDA) PARA EMBOÇO/MASSA ÚNICA/ASSENTAMENTO DE ALVENARIA DE VEDAÇÃO, PREPARO MECÂNICO COM BETONEIRA 400 L. AF_08/2019","M3",680.7,577.98]
[87296,"ARGAMASSA TRAÇO 1:3:12 (EM VOLUME DE CIMENTO, CAL E AREIA MÉDIA ÚMIDA) PARA EMBOÇO/MASSA ÚNICA/ASSENTAMENTO DE ALVENARIA DE VEDAÇÃO, PREPARO MECÂNICO COM BETONEIRA 600 L. AF_08/2019","M3",659.39,528.01]
[87338,"ARGAMASSA TRAÇO 1:3:12 (EM VOLUME DE CIMENTO, CAL E AREIA MÉDIA ÚMIDA) PARA EMBOÇO/MASSA ÚNICA/ASSENTAMENTO DE ALVENARIA DE VEDAÇÃO, PREPARO MECÂNICO COM MISTURADOR DE EIXO HORIZONTAL DE 600 KG. AF_08/2019","M3",652.29,532.48]
[88630,"ARGAMASSA TRAÇO 1:4 (CIMENTO E AREIA MÉDIA), PREPARO MECÂNICO COM BETONEIRA 400 L. AF_08/2019","M3",658.18,456.11]
[87381,"ARGAMASSA TRAÇO 1:4 (EM VOLUME DE CIMENTO E AREIA GROSSA ÚMIDA) COM ADIÇÃO DE EMULSÃO POLIMÉRICA PARA CHAPISCO ROLADO, PREPARO MANUAL. AF_08/2019","M3",4317.1400000000003,2998.3]
[100462,"ARGAMASSA TRAÇO 1:4 (EM VOLUME DE CIMENTO E AREIA GROSSA ÚMIDA) COM ADIÇÃO DE EMULSÃO POLIMÉRICA PARA CHAPISCO ROLADO, PREPARO MECÂNICO COM BETONEIRA 250 L. AF_08/2019","M3",0,0]
[87325,"ARGAMASSA TRAÇO 1:4 (EM VOLUME DE CIMENTO E AREIA GROSSA ÚMIDA) COM ADIÇÃO DE EMULSÃO POLIMÉRICA PARA CHAPISCO ROLADO, PREPARO MECÂNICO COM BETONEIRA 400 L. AF_08/2019","M3",4196.2299999999996,2839.11]
[87326,"ARGAMASSA TRAÇO 1:4 (EM VOLUME DE CIMENTO E AREIA GROSSA ÚMIDA) COM ADIÇÃO DE EMULSÃO POLIMÉRICA PARA CHAPISCO ROLADO, PREPARO MECÂNICO COM BETONEIRA 600 L. AF_08/2019","M3",4215.7,2823.11]
[87363,"ARGAMASSA TRAÇO 1:4 (EM VOLUME DE CIMENTO E AREIA GROSSA ÚMIDA) COM ADIÇÃO DE EMULSÃO POLIMÉRICA PARA CHAPISCO ROLADO, PREPARO MECÂNICO COM MISTURADOR DE EIXO HORIZONTAL DE 300 KG. AF_08/2019","M3",4153.01,2837.83]
[87364,"ARGAMASSA TRAÇO 1:4 (EM VOLUME DE CIMENTO E AREIA GROSSA ÚMIDA) COM ADIÇÃO DE EMULSÃO POLIMÉRICA PARA CHAPISCO ROLADO, PREPARO MECÂNICO COM MISTURADOR DE EIXO HORIZONTAL DE 600 KG. AF_08/2019","M3",4139.58,2768.41]
[87378,"ARGAMASSA TRAÇO 1:4 (EM VOLUME DE CIMENTO E AREIA GROSSA ÚMIDA) PARA CHAPISCO CONVENCIONAL, PREPARO MANUAL. AF_08/2019","M3",768.8,643.69000000000005]
[100459,"ARGAMASSA TRAÇO 1:4 (EM VOLUME DE CIMENTO E AREIA GROSSA ÚMIDA) PARA CHAPISCO CONVENCIONAL, PREPARO MECÂNICO COM BETONEIRA 250 L. AF_08/2019","M3",0,0]
[87316,"ARGAMASSA TRAÇO 1:4 (EM VOLUME DE CIMENTO E AREIA GROSSA ÚMIDA) PARA CHAPISCO CONVENCIONAL, PREPARO MECÂNICO COM BETONEIRA 400 L. AF_08/2019","M3",641.82000000000005,476.45]
[87317,"ARGAMASSA TRAÇO 1:4 (EM VOLUME DE CIMENTO E AREIA GROSSA ÚMIDA) PARA CHAPISCO CONVENCIONAL, PREPARO MECÂNICO COM BETONEIRA 600 L. AF_08/2019","M3",631.03,447.74]
[87355,"ARGAMASSA TRAÇO 1:4 (EM VOLUME DE CIMENTO E AREIA GROSSA ÚMIDA) PARA CHAPISCO CONVENCIONAL, PREPARO MECÂNICO COM MISTURADOR DE EIXO HORIZONTAL DE 160 KG. AF_08/2019","M3",671.06,539.38]
[87356,"ARGAMASSA TRAÇO 1:4 (EM VOLUME DE CIMENTO E AREIA GROSSA ÚMIDA) PARA CHAPISCO CONVENCIONAL, PREPARO MECÂNICO COM MISTURADOR DE EIXO HORIZONTAL DE 300 KG. AF_08/2019","M3",626.17999999999995,458.58]
[87357,"ARGAMASSA TRAÇO 1:4 (EM VOLUME DE CIMENTO E AREIA GROSSA ÚMIDA) PARA CHAPISCO CONVENCIONAL, PREPARO MECÂNICO COM MISTURADOR DE EIXO HORIZONTAL DE 600 KG. AF_08/2019","M3",605.55999999999995,418.16]
[100486,"ARGAMASSA TRAÇO 1:4 (EM VOLUME DE CIMENTO E AREIA MÉDIA ÚMIDA) COM ADIÇÃO DE IMPERMEABILIZANTE, PREPARO MANUAL. AF_08/2019","M3",933.79,738.41]
[100482,"ARGAMASSA TRAÇO 1:4 (EM VOLUME DE CIMENTO E AREIA MÉDIA ÚMIDA) COM ADIÇÃO DE IMPERMEABILIZANTE, PREPARO MECÂNICO COM BETONEIRA 250 L. AF_08/2019","M3",0,0]
[100481,"ARGAMASSA TRAÇO 1:4 (EM VOLUME DE CIMENTO E AREIA MÉDIA ÚMIDA) COM ADIÇÃO DE IMPERMEABILIZANTE, PREPARO MECÂNICO COM BETONEIRA 400 L. AF_08/2019","M3",815.85,589.70000000000005]
[100492,"ARGAMASSA TRAÇO 1:4 (EM VOLUME DE CIMENTO E AREIA MÉDIA ÚMIDA) COM ADIÇÃO DE IMPERMEABILIZANTE, PREPARO MECÂNICO COM BETONEIRA 600 L. AF_08/2019","M3",818.74,584.77]
[100483,"ARGAMASSA TRAÇO 1:4 (EM VOLUME DE CIMENTO E AREIA MÉDIA ÚMIDA) COM ADIÇÃO DE IMPERMEABILIZANTE, PREPARO MECÂNICO COM MISTURADOR DE EIXO HORIZONTAL DE 160 KG. AF_08/2019","M3",850.54,668.12]
[100484,"ARGAMASSA TRAÇO 1:4 (EM VOLUME DE CIMENTO E AREIA MÉDIA ÚMIDA) COM ADIÇÃO DE IMPERMEABILIZANTE, PREPARO MECÂNICO COM MISTURADOR DE EIXO HORIZONTAL DE 300 KG. AF_08/2019","M3",809.3,593.30999999999995]
[100485,"ARGAMASSA TRAÇO 1:4 (EM VOLUME DE CIMENTO E AREIA MÉDIA ÚMIDA) COM ADIÇÃO DE IMPERMEABILIZANTE, PREPARO MECÂNICO COM MISTURADOR DE EIXO HORIZONTAL DE 600 KG. AF_08/2019","M3",795.9,559.6]
[87373,"ARGAMASSA TRAÇO 1:4 (EM VOLUME DE CIMENTO E AREIA MÉDIA ÚMIDA) PARA CONTRAPISO, PREPARO MANUAL. AF_08/2019","M3",955.66,758.04]
[100454,"ARGAMASSA TRAÇO 1:4 (EM VOLUME DE CIMENTO E AREIA MÉDIA ÚMIDA) PARA CONTRAPISO, PREPARO MECÂNICO COM BETONEIRA 250 L. AF_08/2019","M3",0,0]
[87301,"ARGAMASSA TRAÇO 1:4 (EM VOLUME DE CIMENTO E AREIA MÉDIA ÚMIDA) PARA CONTRAPISO, PREPARO MECÂNICO COM BETONEIRA 400 L. AF_08/2019","M3",827.74,588.34]
[87302,"ARGAMASSA TRAÇO 1:4 (EM VOLUME DE CIMENTO E AREIA MÉDIA ÚMIDA) PARA CONTRAPISO, PREPARO MECÂNICO COM BETONEIRA 600 L. AF_08/2019","M3",822.84,567.71]
[87342,"ARGAMASSA TRAÇO 1:4 (EM VOLUME DE CIMENTO E AREIA MÉDIA ÚMIDA) PARA CONTRAPISO, PREPARO MECÂNICO COM MISTURADOR DE EIXO HORIZONTAL DE 160 KG. AF_08/2019","M3",884.07,704.1]
[87343,"ARGAMASSA TRAÇO 1:4 (EM VOLUME DE CIMENTO E AREIA MÉDIA ÚMIDA) PARA CONTRAPISO, PREPARO MECÂNICO COM MISTURADOR DE EIXO HORIZONTAL DE 300 KG. AF_08/2019","M3",822.68,595.16999999999996]
[87344,"ARGAMASSA TRAÇO 1:4 (EM VOLUME DE CIMENTO E AREIA MÉDIA ÚMIDA) PARA CONTRAPISO, PREPARO MECÂNICO COM MISTURADOR DE EIXO HORIZONTAL DE 600 KG. AF_08/2019","M3",791.44,532.22]
[88631,"ARGAMASSA TRAÇO 1:4 (EM VOLUME DE CIMENTO E AREIA MÉDIA ÚMIDA), PREPARO MANUAL. AF_08/2019","M3",793.31,613.07000000000005]
[100471,"ARGAMASSA TRAÇO 1:4 (EM VOLUME DE CIMENTO E AREIA MÉDIA ÚMIDA), PREPARO MECÂNICO COM BETONEIRA 250 L. AF_08/2019","M3",0,0]
[100490,"ARGAMASSA TRAÇO 1:4 (EM VOLUME DE CIMENTO E AREIA MÉDIA ÚMIDA), PREPARO MECÂNICO COM BETONEIRA 600 L. AF_08/2019","M3",685.61,462.49]
[100472,"ARGAMASSA TRAÇO 1:4 (EM VOLUME DE CIMENTO E AREIA MÉDIA ÚMIDA), PREPARO MECÂNICO COM MISTURADOR DE EIXO HORIZONTAL DE 160 KG. AF_08/2019","M3",723.29,550.53]
[100473,"ARGAMASSA TRAÇO 1:4 (EM VOLUME DE CIMENTO E AREIA MÉDIA ÚMIDA), PREPARO MECÂNICO COM MISTURADOR DE EIXO HORIZONTAL DE 300 KG. AF_08/2019","M3",680.76,474.72]
[100474,"ARGAMASSA TRAÇO 1:4 (EM VOLUME DE CIMENTO E AREIA MÉDIA ÚMIDA), PREPARO MECÂNICO COM MISTURADOR DE EIXO HORIZONTAL DE 600 KG. AF_08/2019","M3",664.82,439.07]
[87379,"ARGAMASSA TRAÇO 1:5 (EM VOLUME DE CIMENTO E AREIA GROSSA ÚMIDA) COM ADIÇÃO DE EMULSÃO POLIMÉRICA PARA CHAPISCO ROLADO, PREPARO MANUAL. AF_08/2019","M3",4268.83,2972.21]
[100460,"ARGAMASSA TRAÇO 1:5 (EM VOLUME DE CIMENTO E AREIA GROSSA ÚMIDA) COM ADIÇÃO DE EMULSÃO POLIMÉRICA PARA CHAPISCO ROLADO, PREPARO MECÂNICO COM BETONEIRA 250 L. AF_08/2019","M3",0,0]
[87319,"ARGAMASSA TRAÇO 1:5 (EM VOLUME DE CIMENTO E AREIA GROSSA ÚMIDA) COM ADIÇÃO DE EMULSÃO POLIMÉRICA PARA CHAPISCO ROLADO, PREPARO MECÂNICO COM BETONEIRA 400 L. AF_08/2019","M3",4156.6000000000004,2808.38]
[87320,"ARGAMASSA TRAÇO 1:5 (EM VOLUME DE CIMENTO E AREIA GROSSA ÚMIDA) COM ADIÇÃO DE EMULSÃO POLIMÉRICA PARA CHAPISCO ROLADO, PREPARO MECÂNICO COM BETONEIRA 600 L. AF_08/2019","M3",4167.74,2801.9]
[87358,"ARGAMASSA TRAÇO 1:5 (EM VOLUME DE CIMENTO E AREIA GROSSA ÚMIDA) COM ADIÇÃO DE EMULSÃO POLIMÉRICA PARA CHAPISCO ROLADO, PREPARO MECÂNICO COM MISTURADOR DE EIXO HORIZONTAL DE 300 KG. AF_08/2019","M3",4103.22,2797.64]
[87359,"ARGAMASSA TRAÇO 1:5 (EM VOLUME DE CIMENTO E AREIA GROSSA ÚMIDA) COM ADIÇÃO DE EMULSÃO POLIMÉRICA PARA CHAPISCO ROLADO, PREPARO MECÂNICO COM MISTURADOR DE EIXO HORIZONTAL DE 600 KG. AF_08/2019","M3",4082.77,2743.49]
[87376,"ARGAMASSA TRAÇO 1:5 (EM VOLUME DE CIMENTO E AREIA GROSSA ÚMIDA) PARA CHAPISCO CONVENCIONAL, PREPARO MANUAL. AF_08/2019","M3",716.18,615.77]
[100457,"ARGAMASSA TRAÇO 1:5 (EM VOLUME DE CIMENTO E AREIA GROSSA ÚMIDA) PARA CHAPISCO CONVENCIONAL, PREPARO MECÂNICO COM BETONEIRA 250 L. AF_08/2019","M3",0,0]
[87310,"ARGAMASSA TRAÇO 1:5 (EM VOLUME DE CIMENTO E AREIA GROSSA ÚMIDA) PARA CHAPISCO CONVENCIONAL, PREPARO MECÂNICO COM BETONEIRA 400 L. AF_08/2019","M3",580.66,433.13]
[87311,"ARGAMASSA TRAÇO 1:5 (EM VOLUME DE CIMENTO E AREIA GROSSA ÚMIDA) PARA CHAPISCO CONVENCIONAL, PREPARO MECÂNICO COM BETONEIRA 600 L. AF_08/2019","M3",573.29999999999995,413.86]
[87350,"ARGAMASSA TRAÇO 1:5 (EM VOLUME DE CIMENTO E AREIA GROSSA ÚMIDA) PARA CHAPISCO CONVENCIONAL, PREPARO MECÂNICO COM MISTURADOR DE EIXO HORIZONTAL DE 300 KG. AF_08/2019","M3",617.72,505.83]
[87351,"ARGAMASSA TRAÇO 1:5 (EM VOLUME DE CIMENTO E AREIA GROSSA ÚMIDA) PARA CHAPISCO CONVENCIONAL, PREPARO MECÂNICO COM MISTURADOR DE EIXO HORIZONTAL DE 600 KG. AF_08/2019","M3",555.13,394.37]
[87374,"ARGAMASSA TRAÇO 1:5 (EM VOLUME DE CIMENTO E AREIA MÉDIA ÚMIDA) PARA CONTRAPISO, PREPARO MANUAL. AF_08/2019","M3",882.37,717]
[100455,"ARGAMASSA TRAÇO 1:5 (EM VOLUME DE CIMENTO E AREIA MÉDIA ÚMIDA) PARA CONTRAPISO, PREPARO MECÂNICO COM BETONEIRA 250 L. AF_08/2019","M3",0,0]
[87304,"ARGAMASSA TRAÇO 1:5 (EM VOLUME DE CIMENTO E AREIA MÉDIA ÚMIDA) PARA CONTRAPISO, PREPARO MECÂNICO COM BETONEIRA 400 L. AF_08/2019","M3",746.2,530.64]
[87305,"ARGAMASSA TRAÇO 1:5 (EM VOLUME DE CIMENTO E AREIA MÉDIA ÚMIDA) PARA CONTRAPISO, PREPARO MECÂNICO COM BETONEIRA 600 L. AF_08/2019","M3",750.8,529.24]
[87345,"ARGAMASSA TRAÇO 1:5 (EM VOLUME DE CIMENTO E AREIA MÉDIA ÚMIDA) PARA CONTRAPISO, PREPARO MECÂNICO COM MISTURADOR DE EIXO HORIZONTAL DE 160 KG. AF_08/2019","M3",792.11,629.54]
[87346,"ARGAMASSA TRAÇO 1:5 (EM VOLUME DE CIMENTO E AREIA MÉDIA ÚMIDA) PARA CONTRAPISO, PREPARO MECÂNICO COM MISTURADOR DE EIXO HORIZONTAL DE 300 KG. AF_08/2019","M3",741.94,539.17999999999995]
[87347,"ARGAMASSA TRAÇO 1:5 (EM VOLUME DE CIMENTO E AREIA MÉDIA ÚMIDA) PARA CONTRAPISO, PREPARO MECÂNICO COM MISTURADOR DE EIXO HORIZONTAL DE 600 KG. AF_08/2019","M3",716.68,489.32]
[87366,"ARGAMASSA TRAÇO 1:6 (EM VOLUME DE CIMENTO E AREIA MÉDIA ÚMIDA) COM ADIÇÃO DE PLASTIFICANTE PARA EMBOÇO/MASSA ÚNICA/ASSENTAMENTO DE ALVENARIA DE VEDAÇÃO, PREPARO MANUAL. AF_08/2019","M3",745.74,639.12]
[100448,"ARGAMASSA TRAÇO 1:6 (EM VOLUME DE CIMENTO E AREIA MÉDIA ÚMIDA) COM ADIÇÃO DE PLASTIFICANTE PARA EMBOÇO/MASSA ÚNICA/ASSENTAMENTO DE ALVENARIA DE VEDAÇÃO, PREPARO MECÂNICO COM BETONEIRA 250 L. AF_08/2019","M3",0,0]
[87283,"ARGAMASSA TRAÇO 1:6 (EM VOLUME DE CIMENTO E AREIA MÉDIA ÚMIDA) COM ADIÇÃO DE PLASTIFICANTE PARA EMBOÇO/MASSA ÚNICA/ASSENTAMENTO DE ALVENARIA DE VEDAÇÃO, PREPARO MECÂNICO COM BETONEIRA 400 L. AF_08/2019","M3",604.77,448.71]
[87284,"ARGAMASSA TRAÇO 1:6 (EM VOLUME DE CIMENTO E AREIA MÉDIA ÚMIDA) COM ADIÇÃO DE PLASTIFICANTE PARA EMBOÇO/MASSA ÚNICA/ASSENTAMENTO DE ALVENARIA DE VEDAÇÃO, PREPARO MECÂNICO COM BETONEIRA 600 L. AF_08/2019","M3",600.76,432.45]
[87329,"ARGAMASSA TRAÇO 1:6 (EM VOLUME DE CIMENTO E AREIA MÉDIA ÚMIDA) COM ADIÇÃO DE PLASTIFICANTE PARA EMBOÇO/MASSA ÚNICA/ASSENTAMENTO DE ALVENARIA DE VEDAÇÃO, PREPARO MECÂNICO COM MISTURADOR DE EIXO HORIZONTAL DE 300 KG. AF_08/2019","M3",638.13,515.37]
[87330,"ARGAMASSA TRAÇO 1:6 (EM VOLUME DE CIMENTO E AREIA MÉDIA ÚMIDA) COM ADIÇÃO DE PLASTIFICANTE PARA EMBOÇO/MASSA ÚNICA/ASSENTAMENTO DE ALVENARIA DE VEDAÇÃO, PREPARO MECÂNICO COM MISTURADOR DE EIXO HORIZONTAL DE 600 KG. AF_08/2019","M3",580.37,411.05]
[87375,"ARGAMASSA TRAÇO 1:6 (EM VOLUME DE CIMENTO E AREIA MÉDIA ÚMIDA) PARA CONTRAPISO, PREPARO MANUAL. AF_08/2019","M3",833.78,692.73]
[100456,"ARGAMASSA TRAÇO 1:6 (EM VOLUME DE CIMENTO E AREIA MÉDIA ÚMIDA) PARA CONTRAPISO, PREPARO MECÂNICO COM BETONEIRA 250 L. AF_08/2019","M3",0,0]
[87307,"ARGAMASSA TRAÇO 1:6 (EM VOLUME DE CIMENTO E AREIA MÉDIA ÚMIDA) PARA CONTRAPISO, PREPARO MECÂNICO COM BETONEIRA 400 L. AF_08/2019","M3",700.44,514.41]
[87308,"ARGAMASSA TRAÇO 1:6 (EM VOLUME DE CIMENTO E AREIA MÉDIA ÚMIDA) PARA CONTRAPISO, PREPARO MECÂNICO COM BETONEIRA 600 L. AF_08/2019","M3",693.01,495.2]
[87348,"ARGAMASSA TRAÇO 1:6 (EM VOLUME DE CIMENTO E AREIA MÉDIA ÚMIDA) PARA CONTRAPISO, PREPARO MECÂNICO COM MISTURADOR DE EIXO HORIZONTAL DE 160 KG. AF_08/2019","M3",724.38,572.96]
[87349,"ARGAMASSA TRAÇO 1:6 (EM VOLUME DE CIMENTO E AREIA MÉDIA ÚMIDA) PARA CONTRAPISO, PREPARO MECÂNICO COM MISTURADOR DE EIXO HORIZONTAL DE 600 KG. AF_08/2019","M3",660.76,452.15]
[87365,"ARGAMASSA TRAÇO 1:7 (EM VOLUME DE CIMENTO E AREIA MÉDIA ÚMIDA) COM ADIÇÃO DE PLASTIFICANTE PARA EMBOÇO/MASSA ÚNICA/ASSENTAMENTO DE ALVENARIA DE VEDAÇÃO, PREPARO MANUAL. AF_08/2019","M3",703.74,608.34]
[100447,"ARGAMASSA TRAÇO 1:7 (EM VOLUME DE CIMENTO E AREIA MÉDIA ÚMIDA) COM ADIÇÃO DE PLASTIFICANTE PARA EMBOÇO/MASSA ÚNICA/ASSENTAMENTO DE ALVENARIA DE VEDAÇÃO, PREPARO MECÂNICO COM BETONEIRA 250 L. AF_08/2019","M3",0,0]
[87280,"ARGAMASSA TRAÇO 1:7 (EM VOLUME DE CIMENTO E AREIA MÉDIA ÚMIDA) COM ADIÇÃO DE PLASTIFICANTE PARA EMBOÇO/MASSA ÚNICA/ASSENTAMENTO DE ALVENARIA DE VEDAÇÃO, PREPARO MECÂNICO COM BETONEIRA 400 L. AF_08/2019","M3",575.77,442.04]
[87281,"ARGAMASSA TRAÇO 1:7 (EM VOLUME DE CIMENTO E AREIA MÉDIA ÚMIDA) COM ADIÇÃO DE PLASTIFICANTE PARA EMBOÇO/MASSA ÚNICA/ASSENTAMENTO DE ALVENARIA DE VEDAÇÃO, PREPARO MECÂNICO COM BETONEIRA 600 L. AF_08/2019","M3",573,426.44]
[87327,"ARGAMASSA TRAÇO 1:7 (EM VOLUME DE CIMENTO E AREIA MÉDIA ÚMIDA) COM ADIÇÃO DE PLASTIFICANTE PARA EMBOÇO/MASSA ÚNICA/ASSENTAMENTO DE ALVENARIA DE VEDAÇÃO, PREPARO MECÂNICO COM MISTURADOR DE EIXO HORIZONTAL DE 300 KG. AF_08/2019","M3",593.99,478.51]
[87328,"ARGAMASSA TRAÇO 1:7 (EM VOLUME DE CIMENTO E AREIA MÉDIA ÚMIDA) COM ADIÇÃO DE PLASTIFICANTE PARA EMBOÇO/MASSA ÚNICA/ASSENTAMENTO DE ALVENARIA DE VEDAÇÃO, PREPARO MECÂNICO COM MISTURADOR DE EIXO HORIZONTAL DE 600 KG. AF_08/2019","M3",543.41,386.07]
[87410,"ARGAMASSA À BASE DE GESSO, MISTURA E PROJEÇÃO DE 1,5 M³/H DE ARGAMASSA. AF_08/2019","M3",909.17,913.2]
[95577,"MONTAGEM DE ARMADURA DE ESTACAS, DIÂMETRO = 10,0 MM. AF_09/2021_PS","KG",11.72,9.15]
[95578,"MONTAGEM DE ARMADURA DE ESTACAS, DIÂMETRO = 12,5 MM. AF_09/2021_PS","KG",9.8000000000000007,7.44]
[95579,"MONTAGEM DE ARMADURA DE ESTACAS, DIÂMETRO = 16,0 MM. AF_09/2021_PS","KG",9.49,7.03]
[95580,"MONTAGEM DE ARMADURA DE ESTACAS, DIÂMETRO = 20,0 MM. AF_09/2021_PS","KG",10.93,7.99]
[95581,"MONTAGEM DE ARMADURA DE ESTACAS, DIÂMETRO = 25,0 MM. AF_09/2021_PS","KG",10.9,7.94]
[95582,"MONTAGEM DE ARMADURA DE ESTACAS, DIÂMETRO = 32,0 MM. AF_09/2021_PS","KG",11.86,8.6199999999999992]
[95576,"MONTAGEM DE ARMADURA DE ESTACAS, DIÂMETRO = 8,0 MM. AF_09/2021_PS","KG",13.7,11.36]
[95583,"MONTAGEM DE ARMADURA TRANSVERSAL DE ESTACAS DE SEÇÃO CIRCULAR, DIÂMETRO = 5,0 MM. AF_09/2021_PS","KG",16.850000000000001,16.399999999999999]
[95584,"MONTAGEM DE ARMADURA TRANSVERSAL DE ESTACAS DE SEÇÃO CIRCULAR, DIÂMETRO = 6,30 MM. AF_09/2021_PS","KG",15.02,13.39]
[95593,"MONTAGEM DE ARMADURA TRANSVERSAL DE ESTACAS DE SEÇÃO RETANGULAR, DIÂMETRO = 6,30 MM. AF_09/2021_PS","KG",15.02,13.39]
[95592,"MONTAGEM DE ARMADURA TRANVERSAL DE ESTACAS DE SEÇÃO RETANGULAR, DIÂMETRO = 5,0 MM. AF_09/2021_PS","KG",16.850000000000001,16.399999999999999]
[92919,"ARMAÇÃO DE ESTRUTURAS DIVERSAS DE CONCRETO ARMADO, EXCETO VIGAS, PILARES, LAJES E FUNDAÇÕES, UTILIZANDO AÇO CA-50 DE 10,0 MM - MONTAGEM. AF_06/2022","KG",13.08,10.88]
[92921,"ARMAÇÃO DE ESTRUTURAS DIVERSAS DE CONCRETO ARMADO, EXCETO VIGAS, PILARES, LAJES E FUNDAÇÕES, UTILIZANDO AÇO CA-50 DE 12,5 MM - MONTAGEM. AF_06/2022","KG",10.84,8.75]
[92922,"ARMAÇÃO DE ESTRUTURAS DIVERSAS DE CONCRETO ARMADO, EXCETO VIGAS, PILARES, LAJES E FUNDAÇÕES, UTILIZANDO AÇO CA-50 DE 16,0 MM - MONTAGEM. AF_06/2022","KG",10.38,8.14]
[92923,"ARMAÇÃO DE ESTRUTURAS DIVERSAS DE CONCRETO ARMADO, EXCETO VIGAS, PILARES, LAJES E FUNDAÇÕES, UTILIZANDO AÇO CA-50 DE 20,0 MM - MONTAGEM. AF_06/2022","KG",11.65,8.8699999999999992]
[92924,"ARMAÇÃO DE ESTRUTURAS DIVERSAS DE CONCRETO ARMADO, EXCETO VIGAS, PILARES, LAJES E FUNDAÇÕES, UTILIZANDO AÇO CA-50 DE 25,0 MM - MONTAGEM. AF_06/2022","KG",11.46,8.6]
[104104,"ARMAÇÃO DE ESTRUTURAS DIVERSAS DE CONCRETO ARMADO, EXCETO VIGAS, PILARES, LAJES E FUNDAÇÕES, UTILIZANDO AÇO CA-50 DE 32,0 MM - MONTAGEM. AF_06/2022","KG",12.04,8.7899999999999991]
[92916,"ARMAÇÃO DE ESTRUTURAS DIVERSAS DE CONCRETO ARMADO, EXCETO VIGAS, PILARES, LAJES E FUNDAÇÕES, UTILIZANDO AÇO CA-50 DE 6,3 MM - MONTAGEM. AF_06/2022","KG",16.27,14.97]
[92917,"ARMAÇÃO DE ESTRUTURAS DIVERSAS DE CONCRETO ARMADO, EXCETO VIGAS, PILARES, LAJES E FUNDAÇÕES, UTILIZANDO AÇO CA-50 DE 8,0 MM - MONTAGEM. AF_06/2022","KG",14.92,12.91]
[92915,"ARMAÇÃO DE ESTRUTURAS DIVERSAS DE CONCRETO ARMADO, EXCETO VIGAS, PILARES, LAJES E FUNDAÇÕES, UTILIZANDO AÇO CA-60 DE 5,0 MM - MONTAGEM. AF_06/2022","KG",17.71,17.46]
[92771,"ARMAÇÃO DE LAJE DE ESTRUTURA CONVENCIONAL DE CONCRETO ARMADO UTILIZANDO AÇO CA-50 DE 10,0 MM - MONTAGEM. AF_06/2022","KG",11.63,9]
[92772,"ARMAÇÃO DE LAJE DE ESTRUTURA CONVENCIONAL DE CONCRETO ARMADO UTILIZANDO AÇO CA-50 DE 12,5 MM - MONTAGEM. AF_06/2022","KG",9.8000000000000007,7.37]
[92773,"ARMAÇÃO DE LAJE DE ESTRUTURA CONVENCIONAL DE CONCRETO ARMADO UTILIZANDO AÇO CA-50 DE 16,0 MM - MONTAGEM. AF_06/2022","KG",9.6199999999999992,7.15]
[92774,"ARMAÇÃO DE LAJE DE ESTRUTURA CONVENCIONAL DE CONCRETO ARMADO UTILIZANDO AÇO CA-50 DE 20,0 MM - MONTAGEM. AF_06/2022","KG",11.11,8.17]
[92769,"ARMAÇÃO DE LAJE DE ESTRUTURA CONVENCIONAL DE CONCRETO ARMADO UTILIZANDO AÇO CA-50 DE 6,3 MM - MONTAGEM. AF_06/2022","KG",13.76,11.63]
[92770,"ARMAÇÃO DE LAJE DE ESTRUTURA CONVENCIONAL DE CONCRETO ARMADO UTILIZANDO AÇO CA-50 DE 8,0 MM - MONTAGEM. AF_06/2022","KG",13.02,10.4]
[92767,"ARMAÇÃO DE LAJE DE ESTRUTURA CONVENCIONAL DE CONCRETO ARMADO UTILIZANDO AÇO CA-60 DE 4,2 MM - MONTAGEM. AF_06/2022","KG",16.43,15.65]
[92768,"ARMAÇÃO DE LAJE DE ESTRUTURA CONVENCIONAL DE CONCRETO ARMADO UTILIZANDO AÇO CA-60 DE 5,0 MM - MONTAGEM. AF_06/2022","KG",14.49,13.15]
[92762,"ARMAÇÃO DE PILAR OU VIGA DE ESTRUTURA CONVENCIONAL DE CONCRETO ARMADO UTILIZANDO AÇO CA-50 DE 10,0 MM - MONTAGEM. AF_06/2022","KG",12.09,9.58]
[92763,"ARMAÇÃO DE PILAR OU VIGA DE ESTRUTURA CONVENCIONAL DE CONCRETO ARMADO UTILIZANDO AÇO CA-50 DE 12,5 MM - MONTAGEM. AF_06/2022","KG",10.199999999999999,7.9]
[92764,"ARMAÇÃO DE PILAR OU VIGA DE ESTRUTURA CONVENCIONAL DE CONCRETO ARMADO UTILIZANDO AÇO CA-50 DE 16,0 MM - MONTAGEM. AF_06/2022","KG",9.89,7.49]
[92765,"ARMAÇÃO DE PILAR OU VIGA DE ESTRUTURA CONVENCIONAL DE CONCRETO ARMADO UTILIZANDO AÇO CA-50 DE 20,0 MM - MONTAGEM. AF_06/2022","KG",11.26,8.3699999999999992]
[92766,"ARMAÇÃO DE PILAR OU VIGA DE ESTRUTURA CONVENCIONAL DE CONCRETO ARMADO UTILIZANDO AÇO CA-50 DE 25,0 MM - MONTAGEM. AF_06/2022","KG",11.15,8.2100000000000009]
[104105,"ARMAÇÃO DE PILAR OU VIGA DE ESTRUTURA CONVENCIONAL DE CONCRETO ARMADO UTILIZANDO AÇO CA-50 DE 32,0 MM. AF_06/2022","KG",12.05,8.7899999999999991]
[92760,"ARMAÇÃO DE PILAR OU VIGA DE ESTRUTURA CONVENCIONAL DE CONCRETO ARMADO UTILIZANDO AÇO CA-50 DE 6,3 MM - MONTAGEM. AF_06/2022","KG",14.29,12.35]
[92761,"ARMAÇÃO DE PILAR OU VIGA DE ESTRUTURA CONVENCIONAL DE CONCRETO ARMADO UTILIZANDO AÇO CA-50 DE 8,0 MM - MONTAGEM. AF_06/2022","KG",13.51,11.04]
[92759,"ARMAÇÃO DE PILAR OU VIGA DE ESTRUTURA CONVENCIONAL DE CONCRETO ARMADO UTILIZANDO AÇO CA-60 DE 5,0 MM - MONTAGEM. AF_06/2022","KG",15.02,13.91]
[104108,"ARMAÇÃO DE PILAR OU VIGA DE ESTRUTURA DE CONCRETO ARMADO EMBUTIDA EM ALVENARIA DE VEDAÇÃO UTILIZANDO AÇO CA-50 DE 10,0 MM - MONTAGEM. AF_06/2022","KG",13.85,11.9]
[104107,"ARMAÇÃO DE PILAR OU VIGA DE ESTRUTURA DE CONCRETO ARMADO EMBUTIDA EM ALVENARIA DE VEDAÇÃO UTILIZANDO AÇO CA-50 DE 12,5 MM - MONTAGEM. AF_06/2022","KG",11.72,9.89]
[104106,"ARMAÇÃO DE PILAR OU VIGA DE ESTRUTURA DE CONCRETO ARMADO EMBUTIDA EM ALVENARIA DE VEDAÇÃO UTILIZANDO AÇO CA-50 DE 16,0 MM - MONTAGEM. AF_06/2022","KG",11.03,9]
[104110,"ARMAÇÃO DE PILAR OU VIGA DE ESTRUTURA DE CONCRETO ARMADO EMBUTIDA EM ALVENARIA DE VEDAÇÃO UTILIZANDO AÇO CA-50 DE 6,3 MM - MONTAGEM. AF_06/2022","KG",18.95,18.489999999999998]
[104109,"ARMAÇÃO DE PILAR OU VIGA DE ESTRUTURA DE CONCRETO ARMADO EMBUTIDA EM ALVENARIA DE VEDAÇÃO UTILIZANDO AÇO CA-50 DE 8,0 MM - MONTAGEM. AF_06/2022","KG",16.82,15.41]
[104111,"ARMAÇÃO DE PILAR OU VIGA DE ESTRUTURA DE CONCRETO ARMADO EMBUTIDA EM ALVENARIA DE VEDAÇÃO UTILIZANDO AÇO CA-60 DE 5,0 MM - MONTAGEM. AF_06/2022","KG",21.34,22.24]
[92884,"ARMAÇÃO UTILIZANDO AÇO CA-25 DE 10,0 MM - MONTAGEM. AF_06/2022","KG",13.36,10.81]
[92885,"ARMAÇÃO UTILIZANDO AÇO CA-25 DE 12,5 MM - MONTAGEM. AF_06/2022","KG",12.71,9.9700000000000006]
[92886,"ARMAÇÃO UTILIZANDO AÇO CA-25 DE 16,0 MM - MONTAGEM. AF_06/2022","KG",12.18,9.27]
[92887,"ARMAÇÃO UTILIZANDO AÇO CA-25 DE 20,0 MM - MONTAGEM. AF_06/2022","KG",12.12,9.0299999999999994]
[92888,"ARMAÇÃO UTILIZANDO AÇO CA-25 DE 25,0 MM - MONTAGEM. AF_06/2022","KG",11.85,8.67]
[92882,"ARMAÇÃO UTILIZANDO AÇO CA-25 DE 6,3 MM - MONTAGEM. AF_06/2022","KG",14.2,12.77]
[92883,"ARMAÇÃO UTILIZANDO AÇO CA-25 DE 8,0 MM - MONTAGEM. AF_06/2022","KG",13.14,11.18]
[92877,"CORTE E DOBRA DE AÇO CA-25, DIÂMETRO DE 10,0 MM. AF_06/2022","KG",10.94,8]
[92878,"CORTE E DOBRA DE AÇO CA-25, DIÂMETRO DE 12,5 MM. AF_06/2022","KG",10.77,7.77]
[92879,"CORTE E DOBRA DE AÇO CA-25, DIÂMETRO DE 16,0 MM. AF_06/2022","KG",10.66,7.63]
[92880,"CORTE E DOBRA DE AÇO CA-25, DIÂMETRO DE 20,0 MM. AF_06/2022","KG",10.9,7.77]
[92881,"CORTE E DOBRA DE AÇO CA-25, DIÂMETRO DE 25,0 MM. AF_06/2022","KG",10.88,7.73]
[92875,"CORTE E DOBRA DE AÇO CA-25, DIÂMETRO DE 6,3 MM. AF_06/2022","KG",10.37,8.14]
[92876,"CORTE E DOBRA DE AÇO CA-25, DIÂMETRO DE 8,0 MM. AF_06/2022","KG",10.119999999999999,7.59]
[92803,"CORTE E DOBRA DE AÇO CA-50, DIÂMETRO DE 10,0 MM. AF_06/2022","KG",10.1,7.33]
[92804,"CORTE E DOBRA DE AÇO CA-50, DIÂMETRO DE 12,5 MM. AF_06/2022","KG",8.66,6.23]
[92805,"CORTE E DOBRA DE AÇO CA-50, DIÂMETRO DE 16,0 MM. AF_06/2022","KG",8.58,6.12]
[92806,"CORTE E DOBRA DE AÇO CA-50, DIÂMETRO DE 20,0 MM. AF_06/2022","KG",10.11,7.19]
[92798,"CORTE E DOBRA DE AÇO CA-50, DIÂMETRO DE 25,0 MM. AF_06/2022","KG",10.11,7.18]
[95448,"CORTE E DOBRA DE AÇO CA-50, DIÂMETRO DE 32 MM. AF_06/2022","KG",11.1,7.88]
[92801,"CORTE E DOBRA DE AÇO CA-50, DIÂMETRO DE 6,3 MM. AF_06/2022","KG",10.95,8.36]
[92802,"CORTE E DOBRA DE AÇO CA-50, DIÂMETRO DE 8,0 MM. AF_06/2022","KG",10.94,8.0500000000000007]
[92799,"CORTE E DOBRA DE AÇO CA-60, DIÂMETRO DE 4,2 MM. AF_06/2022","KG",11.87,10.18]
[92800,"CORTE E DOBRA DE AÇO CA-60, DIÂMETRO DE 5,0 MM. AF_06/2022","KG",10.77,8.73]
[95605,"ARRASAMENTO MECANICO DE ESTACA DE CONCRETO ARMADO, DIAMETROS DE 101 CM A 150 CM. AF_05/2021","UN",122.88,191.18]
[95602,"ARRASAMENTO MECANICO DE ESTACA DE CONCRETO ARMADO, DIAMETROS DE 41 CM A 60 CM. AF_05/2021","UN",25.27,39.33]
[95603,"ARRASAMENTO MECANICO DE ESTACA DE CONCRETO ARMADO, DIAMETROS DE 61 CM A 80 CM. AF_05/2021","UN",43.12,67.09]
[95604,"ARRASAMENTO MECANICO DE ESTACA DE CONCRETO ARMADO, DIAMETROS DE 81 CM A 100 CM. AF_05/2021","UN",66.92,104.12]
[95601,"ARRASAMENTO MECANICO DE ESTACA DE CONCRETO ARMADO, DIAMETROS DE ATÉ 40 CM. AF_05/2021","UN",15.78,24.56]
[102521,"ARRASAMENTO MECÂNICO DE ESTACA BARRETE DE CONCRETO ARMADO, SEÇÃO DE 0,40 X 2,50 M. AF_05/2021","UN",101.36,157.71]
[102522,"ARRASAMENTO MECÂNICO DE ESTACA BARRETE DE CONCRETO ARMADO, SEÇÃO DE 0,60 X 2,50 M. AF_05/2021","UN",148.72,231.37]
[102523,"ARRASAMENTO MECÂNICO DE ESTACA BARRETE DE CONCRETO ARMADO, SEÇÃO DE 0,80 X 2,50 M. AF_05/2021","UN",196.05,305.02999999999997]
[95608,"ARRASAMENTO MECÂNICO DE ESTACA METÁLICA, PERFIL LAMINADO TIPO H - FAMÍLIA 250. AF_05/2021","UN",35.93,43.62]
[95609,"ARRASAMENTO MECÂNICO DE ESTACA METÁLICA, PERFIL LAMINADO TIPO H - FAMÍLIA 310. AF_05/2021","UN",45.56,55.33]
[95607,"ARRASAMENTO MECÂNICO DE ESTACA METÁLICA, PERFIL LAMINADO TIPO I FAMÍLIA 250. AF_05/2021","UN",24.77,30.07]
[106132,"EXECUÇÃO DE MICRORREVESTIMENTO FAIXA 2 DNIT. AF_10/2025","M3",0,0]
[106133,"EXECUÇÃO DE MICRORREVESTIMENTO FAIXA 3 DNIT. AF_10/2025","M3",0,0]
[95996,"EXECUÇÃO DE PAVIMENTO COM APLICAÇÃO DE CONCRETO ASFÁLTICO, CAMADA DE BINDER - EXCLUSIVE CARGA E TRANSPORTE. AF_10/2025","M3",2304.7600000000002,1267.33]
[95995,"EXECUÇÃO DE PAVIMENTO COM APLICAÇÃO DE CONCRETO ASFÁLTICO, CAMADA DE ROLAMENTO - EXCLUSIVE CARGA E TRANSPORTE. AF_10/2025","M3",2653.27,1473.79]
[104372,"EXECUÇÃO DE PAVIMENTO COM APLICAÇÃO DE PRÉ-MISTURADO A FRIO, CAMADA DE BINDER - EXCLUSIVE CARGA E TRANSPORTE. AF_10/2025","M3",0,0]
[104371,"EXECUÇÃO DE PAVIMENTO COM APLICAÇÃO DE PRÉ-MISTURADO A FRIO, CAMADA DE ROLAMENTO - EXCLUSIVE CARGA E TRANSPORTE. AF_10/2025","M3",0,0]
[106138,"FRESAGEM DE PAVIMENTO ASFÁLTICO, COM LARGURA DA VIA MAIOR QUE 10,00 M, EM LOCAIS COM NIVEL ALTO DE INTERFERÊNCIA. AF_10/2025","M2",8.41,9.2200000000000006]
[106135,"FRESAGEM DE PAVIMENTO ASFÁLTICO, COM LARGURA DA VIA MAIOR QUE 10,00 M, EM LOCAIS COM NIVEL BAIXO DE INTERFERÊNCIA. AF_10/2025","M2",7.24,7.85]
[106137,"FRESAGEM DE PAVIMENTO ASFÁLTICO, COM LARGURA DA VIA MAIOR QUE 6,00 M E MENOR OU IGUAL 10,00 M, EM LOCAIS COM NIVEL ALTO DE INTERFERÊNCIA. AF_10/2025","M2",9.7200000000000006,10.67]
[96001,"FRESAGEM DE PAVIMENTO ASFÁLTICO, COM LARGURA DA VIA MAIOR QUE 6,00 M E MENOR OU IGUAL 10,00 M, EM LOCAIS COM NIVEL BAIXO DE INTERFERÊNCIA. AF_10/2025","M2",8.2899999999999991,9.0299999999999994]
[106136,"FRESAGEM DE PAVIMENTO ASFÁLTICO, COM LARGURA DA VIA MENOR OU IGUAL 6,00 M, EM LOCAIS COM NIVEL ALTO DE INTERFERÊNCIA. AF_10/2025","M2",11.34,12.51]
[106134,"FRESAGEM DE PAVIMENTO ASFÁLTICO, COM LARGURA DA VIA MENOR OU IGUAL 6,00 M, EM LOCAIS COM NIVEL BAIXO DE INTERFERÊNCIA. AF_10/2025","M2",9.6,10.5]
[94880,"ASSENTAMENTO DE TUBO DE PEAD CORRUGADO DE DUPLA PAREDE PARA REDE COLETORA DE ESGOTO, DN 1000 MM, JUNTA ELÁSTICA INTEGRADA (NÃO INCLUI FORNECIMENTO). AF_01/2021","M",41.29,51.47]
[94882,"ASSENTAMENTO DE TUBO DE PEAD CORRUGADO DE DUPLA PAREDE PARA REDE COLETORA DE ESGOTO, DN 1200 MM, JUNTA ELÁSTICA INTEGRADA (NÃO INCLUI FORNECIMENTO). AF_01/2021","M",47.85,60.09]
[94884,"ASSENTAMENTO DE TUBO DE PEAD CORRUGADO DE DUPLA PAREDE PARA REDE COLETORA DE ESGOTO, DN 1500 MM, JUNTA ELÁSTICA INTEGRADA (NÃO INCLUI FORNECIMENTO). AF_01/2021","M",61.14,77.569999999999993]
[94870,"ASSENTAMENTO DE TUBO DE PEAD CORRUGADO DE DUPLA PAREDE PARA REDE COLETORA DE ESGOTO, DN 250 MM, JUNTA ELÁSTICA INTEGRADA (NÃO INCLUI FORNECIMENTO). AF_01/2021","M",1.84,2.2000000000000002]
[94872,"ASSENTAMENTO DE TUBO DE PEAD CORRUGADO DE DUPLA PAREDE PARA REDE COLETORA DE ESGOTO, DN 300 MM, JUNTA ELÁSTICA INTEGRADA (NÃO INCLUI FORNECIMENTO). AF_01/2021","M",2.5,3.24]
[90746,"ASSENTAMENTO DE TUBO DE PEAD CORRUGADO DE DUPLA PAREDE PARA REDE COLETORA DE ESGOTO, DN 450 MM, JUNTA ELÁSTICA INTEGRADA (NÃO INCLUI FORNECIMENTO). AF_01/2021","M",2.99,5.14]
[90747,"ASSENTAMENTO DE TUBO DE PEAD CORRUGADO DE DUPLA PAREDE PARA REDE COLETORA DE ESGOTO, DN 600 MM, JUNTA ELÁSTICA INTEGRADA (NÃO INCLUI FORNECIMENTO). AF_01/2021","M",16.18,21.27]
[94876,"ASSENTAMENTO DE TUBO DE PEAD CORRUGADO DE DUPLA PAREDE PARA REDE COLETORA DE ESGOTO, DN 800 MM, JUNTA ELÁSTICA INTEGRADA (NÃO INCLUI FORNECIMENTO). AF_01/2021","M",27.53,34.799999999999997]
[94878,"ASSENTAMENTO DE TUBO DE PEAD CORRUGADO DE DUPLA PAREDE PARA REDE COLETORA DE ESGOTO, DN 900 MM, JUNTA ELÁSTICA INTEGRADA (NÃO INCLUI FORNECIMENTO). AF_01/2021","M",31.77,40.4]
[90740,"ASSENTAMENTO DE TUBO DE PVC CORRUGADO DE DUPLA PAREDE PARA REDE COLETORA DE ESGOTO, DN 150 MM, JUNTA ELÁSTICA (NÃO INCLUI FORNECIMENTO). AF_01/2021","M",3.65,6.27]
[90741,"ASSENTAMENTO DE TUBO DE PVC CORRUGADO DE DUPLA PAREDE PARA REDE COLETORA DE ESGOTO, DN 200 MM, JUNTA ELÁSTICA (NÃO INCLUI FORNECIMENTO). AF_01/2021","M",4.16,7.15]
[90742,"ASSENTAMENTO DE TUBO DE PVC CORRUGADO DE DUPLA PAREDE PARA REDE COLETORA DE ESGOTO, DN 250 MM, JUNTA ELÁSTICA (NÃO INCLUI FORNECIMENTO). AF_01/2021","M",4.67,8.0299999999999994]
[90743,"ASSENTAMENTO DE TUBO DE PVC CORRUGADO DE DUPLA PAREDE PARA REDE COLETORA DE ESGOTO, DN 300 MM, JUNTA ELÁSTICA (NÃO INCLUI FORNECIMENTO). AF_01/2021","M",5.18,8.91]
[90744,"ASSENTAMENTO DE TUBO DE PVC CORRUGADO DE DUPLA PAREDE PARA REDE COLETORA DE ESGOTO, DN 350 MM, JUNTA ELÁSTICA (NÃO INCLUI FORNECIMENTO). AF_01/2021","M",5.7,9.7899999999999991]
[90745,"ASSENTAMENTO DE TUBO DE PVC CORRUGADO DE DUPLA PAREDE PARA REDE COLETORA DE ESGOTO, DN 400 MM, JUNTA ELÁSTICA (NÃO INCLUI FORNECIMENTO). AF_01/2021","M",9.44,13.21]
[90733,"ASSENTAMENTO DE TUBO DE PVC PARA REDE COLETORA DE ESGOTO DE PAREDE MACIÇA, DN 100 MM, JUNTA ELÁSTICA (NÃO INCLUI FORNECIMENTO). AF_01/2021","M",2.76,4.75]
[90734,"ASSENTAMENTO DE TUBO DE PVC PARA REDE COLETORA DE ESGOTO DE PAREDE MACIÇA, DN 150 MM, JUNTA ELÁSTICA, (NÃO INCLUI FORNECIMENTO). AF_01/2021","M",3.28,5.63]
[90735,"ASSENTAMENTO DE TUBO DE PVC PARA REDE COLETORA DE ESGOTO DE PAREDE MACIÇA, DN 200 MM, JUNTA ELÁSTICA (NÃO INCLUI FORNECIMENTO). AF_01/2021","M",3.78,6.5]
[90736,"ASSENTAMENTO DE TUBO DE PVC PARA REDE COLETORA DE ESGOTO DE PAREDE MACIÇA, DN 250 MM, JUNTA ELÁSTICA (NÃO INCLUI FORNECIMENTO). AF_01/2021","M",4.3,7.39]
[90737,"ASSENTAMENTO DE TUBO DE PVC PARA REDE COLETORA DE ESGOTO DE PAREDE MACIÇA, DN 300 MM, JUNTA ELÁSTICA (NÃO INCLUI FORNECIMENTO). AF_01/2021","M",4.8099999999999996,8.26]
[90738,"ASSENTAMENTO DE TUBO DE PVC PARA REDE COLETORA DE ESGOTO DE PAREDE MACIÇA, DN 350 MM, JUNTA ELÁSTICA (NÃO INCLUI FORNECIMENTO). AF_01/2021","M",5.32,9.14]
[90739,"ASSENTAMENTO DE TUBO DE PVC PARA REDE COLETORA DE ESGOTO DE PAREDE MACIÇA, DN 400 MM, JUNTA ELÁSTICA (NÃO INCLUI FORNECIMENTO). AF_01/2021","M",8.4600000000000009,11.83]
[90724,"JUNTA ARGAMASSADA ENTRE TUBO DN 100 MM E O POÇO DE VISITA/ CAIXA DE CONCRETO OU ALVENARIA EM REDES DE ESGOTO. AF_01/2021","UN",20.329999999999998,33.380000000000003]
[102267,"JUNTA ARGAMASSADA ENTRE TUBO DN 1000 MM E O POÇO DE VISITA/ CAIXA DE CONCRETO OU ALVENARIA EM REDES DE ESGOTO. AF_01/2021","UN",111.59,178.46]
[102268,"JUNTA ARGAMASSADA ENTRE TUBO DN 1200 MM E O POÇO DE VISITA/ CAIXA DE CONCRETO OU ALVENARIA EM REDES DE ESGOTO. AF_01/2021","UN",125.98,201.34]
[90725,"JUNTA ARGAMASSADA ENTRE TUBO DN 150 MM E O POÇO DE VISITA/ CAIXA DE CONCRETO OU ALVENARIA EM REDES DE ESGOTO. AF_01/2021","UN",25.13,41.01]
[102269,"JUNTA ARGAMASSADA ENTRE TUBO DN 1500 MM E O POÇO DE VISITA/ CAIXA DE CONCRETO OU ALVENARIA EM REDES DE ESGOTO. AF_01/2021","UN",154.72,247.1]
[90726,"JUNTA ARGAMASSADA ENTRE TUBO DN 200 MM E O POÇO/ CAIXA DE CONCRETO OU ALVENARIA EM REDES DE ESGOTO. AF_01/2021","UN",30.01,48.7]
[90727,"JUNTA ARGAMASSADA ENTRE TUBO DN 250 MM E O POÇO DE VISITA/ CAIXA DE CONCRETO OU ALVENARIA EM REDES DE ESGOTO. AF_01/2021","UN",34.799999999999997,56.33]
[90728,"JUNTA ARGAMASSADA ENTRE TUBO DN 300 MM E O POÇO DE VISITA/ CAIXA DE CONCRETO OU ALVENARIA EM REDES DE ESGOTO. AF_01/2021","UN",39.6,63.96]
[90729,"JUNTA ARGAMASSADA ENTRE TUBO DN 350 MM E O POÇO DE VISITA/ CAIXA DE CONCRETO OU ALVENARIA EM REDES DE ESGOTO. AF_01/2021","UN",44.39,71.58]
[90730,"JUNTA ARGAMASSADA ENTRE TUBO DN 400 MM E O POÇO DE VISITA/ CAIXA DE CONCRETO OU ALVENARIA EM REDES DE ESGOTO. AF_01/2021","UN",49.19,79.22]
[90731,"JUNTA ARGAMASSADA ENTRE TUBO DN 450 MM E O POÇO DE VISITA/ CAIXA DE CONCRETO OU ALVENARIA EM REDES DE ESGOTO. AF_01/2021","UN",53.98,86.85]
[90732,"JUNTA ARGAMASSADA ENTRE TUBO DN 600 MM E O POÇO DE VISITA/ CAIXA DE CONCRETO OU ALVENARIA EM REDES DE ESGOTO. AF_01/2021","UN",68.36,109.73]
[102265,"JUNTA ARGAMASSADA ENTRE TUBO DN 800 MM E O POÇO DE VISITA/ CAIXA DE CONCRETO OU ALVENARIA EM REDES DE ESGOTO. AF_01/2021","UN",87.53,140.24]
[102266,"JUNTA ARGAMASSADA ENTRE TUBO DN 900 MM E O POÇO DE VISITA/ CAIXA DE CONCRETO OU ALVENARIA EM REDES DE ESGOTO. AF_01/2021","UN",97.12,155.5]
[94879,"TUBO DE PEAD CORRUGADO DE DUPLA PAREDE PARA REDE COLETORA DE ESGOTO, DN 1000 MM, JUNTA ELÁSTICA INTEGRADA - FORNECIMENTO E ASSENTAMENTO. AF_01/2021","M",1864.47,1947.9]
[94881,"TUBO DE PEAD CORRUGADO DE DUPLA PAREDE PARA REDE COLETORA DE ESGOTO, DN 1200 MM, JUNTA ELÁSTICA INTEGRADA - FORNECIMENTO E ASSENTAMENTO. AF_01/2021","M",2567.6,2681.08]
[94869,"TUBO DE PEAD CORRUGADO DE DUPLA PAREDE PARA REDE COLETORA DE ESGOTO, DN 250 MM, JUNTA ELÁSTICA INTEGRADA - FORNECIMENTO E ASSENTAMENTO. AF_01/2021","M",131.49,137.06]
[94871,"TUBO DE PEAD CORRUGADO DE DUPLA PAREDE PARA REDE COLETORA DE ESGOTO, DN 300 MM, JUNTA ELÁSTICA INTEGRADA - FORNECIMENTO E ASSENTAMENTO. AF_01/2021","M",205.62,214.52]
[90708,"TUBO DE PEAD CORRUGADO DE DUPLA PAREDE PARA REDE COLETORA DE ESGOTO, DN 600 MM, JUNTA ELÁSTICA INTEGRADA - FORNECIMENTO E ASSENTAMENTO. AF_01/2021","M",745.83,779.87]
[94875,"TUBO DE PEAD CORRUGADO DE DUPLA PAREDE PARA REDE COLETORA DE ESGOTO, DN 800 MM, JUNTA ELÁSTICA INTEGRADA - FORNECIMENTO E ASSENTAMENTO. AF_01/2021","M",1211.04,1265.8699999999999]
[102264,"TUBO DE PVC BRANCO PARA REDE COLETORA DE ESGOTO CONDOMINIAL DE PAREDE MACIÇA, DN 100 MM, JUNTA ELÁSTICA - FORNECIMENTO E ASSENTAMENTO. AF_01/2021","M",16.04,24.19]
[90701,"TUBO DE PVC CORRUGADO DE DUPLA PAREDE PARA REDE COLETORA DE ESGOTO, DN 150 MM, JUNTA ELÁSTICA - FORNECIMENTO E ASSENTAMENTO. AF_01/2021","M",54.8,82.05]
[90702,"TUBO DE PVC CORRUGADO DE DUPLA PAREDE PARA REDE COLETORA DE ESGOTO, DN 200 MM, JUNTA ELÁSTICA - FORNECIMENTO E ASSENTAMENTO. AF_01/2021","M",90.45,135.49]
[90703,"TUBO DE PVC CORRUGADO DE DUPLA PAREDE PARA REDE COLETORA DE ESGOTO, DN 250 MM, JUNTA ELÁSTICA - FORNECIMENTO E ASSENTAMENTO. AF_01/2021","M",143.04,211.08]
[90704,"TUBO DE PVC CORRUGADO DE DUPLA PAREDE PARA REDE COLETORA DE ESGOTO, DN 300 MM, JUNTA ELÁSTICA - FORNECIMENTO E ASSENTAMENTO. AF_01/2021","M",215.33,311.81]
[90705,"TUBO DE PVC CORRUGADO DE DUPLA PAREDE PARA REDE COLETORA DE ESGOTO, DN 350 MM, JUNTA ELÁSTICA - FORNECIMENTO E ASSENTAMENTO. AF_01/2021","M",276.45999999999998,409.89]
[90706,"TUBO DE PVC CORRUGADO DE DUPLA PAREDE PARA REDE COLETORA DE ESGOTO, DN 400 MM, JUNTA ELÁSTICA - FORNECIMENTO E ASSENTAMENTO. AF_01/2021","M",367.88,542.16999999999996]
[90694,"TUBO DE PVC PARA REDE COLETORA DE ESGOTO DE PAREDE MACIÇA, DN 100 MM, JUNTA ELÁSTICA - FORNECIMENTO E ASSENTAMENTO. AF_01/2021","M",36.06,55.38]
[90695,"TUBO DE PVC PARA REDE COLETORA DE ESGOTO DE PAREDE MACIÇA, DN 150 MM, JUNTA ELÁSTICA - FORNECIMENTO E ASSENTAMENTO. AF_01/2021","M",68.42,104.81]
[90696,"TUBO DE PVC PARA REDE COLETORA DE ESGOTO DE PAREDE MACIÇA, DN 200 MM, JUNTA ELÁSTICA - FORNECIMENTO E ASSENTAMENTO. AF_01/2021","M",114.17,174.75]
[90697,"TUBO DE PVC PARA REDE COLETORA DE ESGOTO DE PAREDE MACIÇA, DN 250 MM, JUNTA ELÁSTICA - FORNECIMENTO E ASSENTAMENTO. AF_01/2021","M",177.05,270.77]
[90698,"TUBO DE PVC PARA REDE COLETORA DE ESGOTO DE PAREDE MACIÇA, DN 300 MM, JUNTA ELÁSTICA, FORNECIMENTO E ASSENTAMENTO. AF_01/2021","M",270.51,413.49]
[90699,"TUBO DE PVC PARA REDE COLETORA DE ESGOTO DE PAREDE MACIÇA, DN 350 MM, JUNTA ELÁSTICA - FORNECIMENTO E ASSENTAMENTO. AF_01/2021","M",380.64,581.66999999999996]
[90700,"TUBO DE PVC PARA REDE COLETORA DE ESGOTO DE PAREDE MACIÇA, DN 400 MM, JUNTA ELÁSTICA FORNECIMENTO E ASSENTAMENTO. AF_01/2021","M",445.54,678.61]
[105378,"ASSENTAMENTO DE CONEXÃO 2 ACESSOS ALINHADOS DE FERRO FUNDIDO PARA REDE DE ÁGUA, DN 100, JUNTA ELÁSTICA, INSTALADO EM LOCAL COM NÍVEL ALTO DE INTERFERÊNCIAS (NÃO INCLUI FORNECIMENTO). AF_05/2024","UN",10.8,15.2]
[105373,"ASSENTAMENTO DE CONEXÃO 2 ACESSOS ALINHADOS DE FERRO FUNDIDO PARA REDE DE ÁGUA, DN 100, JUNTA ELÁSTICA, INSTALADO EM LOCAL COM NÍVEL BAIXO DE INTERFERÊNCIAS (NÃO INCLUI FORNECIMENTO). AF_05/2024","UN",8.42,11.89]
[105380,"ASSENTAMENTO DE CONEXÃO 2 ACESSOS ALINHADOS DE FERRO FUNDIDO PARA REDE DE ÁGUA, DN 1000, JUNTA ELÁSTICA, INSTALADO EM LOCAL COM NÍVEL ALTO DE INTERFERÊNCIAS (NÃO INCLUI FORNECIMENTO). AF_05/2024","UN",85.86,121.85]
[105267,"ASSENTAMENTO DE CONEXÃO 2 ACESSOS ALINHADOS DE FERRO FUNDIDO PARA REDE DE ÁGUA, DN 1000, JUNTA ELÁSTICA, INSTALADO EM LOCAL COM NÍVEL BAIXO DE INTERFERÊNCIAS (NÃO INCLUI FORNECIMENTO). AF_05/2024","UN",69.31,99.57]
[105249,"ASSENTAMENTO DE CONEXÃO 2 ACESSOS ALINHADOS DE FERRO FUNDIDO PARA REDE DE ÁGUA, DN 1200, JUNTA ELÁSTICA, INSTALADO EM LOCAL COM NÍVEL ALTO DE INTERFERÊNCIAS (NÃO INCLUI FORNECIMENTO). AF_05/2024","UN",105.31,147.81]
[105268,"ASSENTAMENTO DE CONEXÃO 2 ACESSOS ALINHADOS DE FERRO FUNDIDO PARA REDE DE ÁGUA, DN 1200, JUNTA ELÁSTICA, INSTALADO EM LOCAL COM NÍVEL BAIXO DE INTERFERÊNCIAS (NÃO INCLUI FORNECIMENTO). AF_05/2024","UN",85.81,121.51]
[105379,"ASSENTAMENTO DE CONEXÃO 2 ACESSOS ALINHADOS DE FERRO FUNDIDO PARA REDE DE ÁGUA, DN 150, JUNTA ELÁSTICA, INSTALADO EM LOCAL COM NÍVEL ALTO DE INTERFERÊNCIAS (NÃO INCLUI FORNECIMENTO). AF_05/2024","UN",14.16,20.329999999999998]
[105388,"ASSENTAMENTO DE CONEXÃO 2 ACESSOS ALINHADOS DE FERRO FUNDIDO PARA REDE DE ÁGUA, DN 150, JUNTA ELÁSTICA, INSTALADO EM LOCAL COM NÍVEL BAIXO DE INTERFERÊNCIAS (NÃO INCLUI FORNECIMENTO). AF_05/2024","UN",11.21,16.190000000000001]
[105392,"ASSENTAMENTO DE CONEXÃO 2 ACESSOS ALINHADOS DE FERRO FUNDIDO PARA REDE DE ÁGUA, DN 200, JUNTA ELÁSTICA, INSTALADO EM LOCAL COM NÍVEL ALTO DE INTERFERÊNCIAS (NÃO INCLUI FORNECIMENTO). AF_05/2024","UN",17.54,25.47]
[105389,"ASSENTAMENTO DE CONEXÃO 2 ACESSOS ALINHADOS DE FERRO FUNDIDO PARA REDE DE ÁGUA, DN 200, JUNTA ELÁSTICA, INSTALADO EM LOCAL COM NÍVEL BAIXO DE INTERFERÊNCIAS (NÃO INCLUI FORNECIMENTO). AF_05/2024","UN",14.02,20.49]
[105393,"ASSENTAMENTO DE CONEXÃO 2 ACESSOS ALINHADOS DE FERRO FUNDIDO PARA REDE DE ÁGUA, DN 250, JUNTA ELÁSTICA, INSTALADO EM LOCAL COM NÍVEL ALTO DE INTERFERÊNCIAS (NÃO INCLUI FORNECIMENTO). AF_05/2024","UN",21.07,30.77]
[105316,"ASSENTAMENTO DE CONEXÃO 2 ACESSOS ALINHADOS DE FERRO FUNDIDO PARA REDE DE ÁGUA, DN 250, JUNTA ELÁSTICA, INSTALADO EM LOCAL COM NÍVEL BAIXO DE INTERFERÊNCIAS (NÃO INCLUI FORNECIMENTO). AF_05/2024","UN",17.010000000000002,24.96]
[105394,"ASSENTAMENTO DE CONEXÃO 2 ACESSOS ALINHADOS DE FERRO FUNDIDO PARA REDE DE ÁGUA, DN 300, JUNTA ELÁSTICA, INSTALADO EM LOCAL COM NÍVEL ALTO DE INTERFERÊNCIAS (NÃO INCLUI FORNECIMENTO). AF_05/2024","UN",24.61,36.020000000000003]
[105317,"ASSENTAMENTO DE CONEXÃO 2 ACESSOS ALINHADOS DE FERRO FUNDIDO PARA REDE DE ÁGUA, DN 300, JUNTA ELÁSTICA, INSTALADO EM LOCAL COM NÍVEL BAIXO DE INTERFERÊNCIAS (NÃO INCLUI FORNECIMENTO). AF_05/2024","UN",19.97,29.38]
[105395,"ASSENTAMENTO DE CONEXÃO 2 ACESSOS ALINHADOS DE FERRO FUNDIDO PARA REDE DE ÁGUA, DN 350, JUNTA ELÁSTICA, INSTALADO EM LOCAL COM NÍVEL ALTO DE INTERFERÊNCIAS (NÃO INCLUI FORNECIMENTO). AF_05/2024","UN",28.14,41.3]
[105318,"ASSENTAMENTO DE CONEXÃO 2 ACESSOS ALINHADOS DE FERRO FUNDIDO PARA REDE DE ÁGUA, DN 350, JUNTA ELÁSTICA, INSTALADO EM LOCAL COM NÍVEL BAIXO DE INTERFERÊNCIAS (NÃO INCLUI FORNECIMENTO). AF_05/2024","UN",22.92,33.82]
[105396,"ASSENTAMENTO DE CONEXÃO 2 ACESSOS ALINHADOS DE FERRO FUNDIDO PARA REDE DE ÁGUA, DN 400, JUNTA ELÁSTICA, INSTALADO EM LOCAL COM NÍVEL ALTO DE INTERFERÊNCIAS (NÃO INCLUI FORNECIMENTO). AF_05/2024","UN",31.67,46.56]
[105258,"ASSENTAMENTO DE CONEXÃO 2 ACESSOS ALINHADOS DE FERRO FUNDIDO PARA REDE DE ÁGUA, DN 400, JUNTA ELÁSTICA, INSTALADO EM LOCAL COM NÍVEL BAIXO DE INTERFERÊNCIAS (NÃO INCLUI FORNECIMENTO). AF_05/2024","UN",25.89,38.26]
[105397,"ASSENTAMENTO DE CONEXÃO 2 ACESSOS ALINHADOS DE FERRO FUNDIDO PARA REDE DE ÁGUA, DN 450, JUNTA ELÁSTICA, INSTALADO EM LOCAL COM NÍVEL ALTO DE INTERFERÊNCIAS (NÃO INCLUI FORNECIMENTO). AF_05/2024","UN",35.31,51.96]
[105261,"ASSENTAMENTO DE CONEXÃO 2 ACESSOS ALINHADOS DE FERRO FUNDIDO PARA REDE DE ÁGUA, DN 450, JUNTA ELÁSTICA, INSTALADO EM LOCAL COM NÍVEL BAIXO DE INTERFERÊNCIAS (NÃO INCLUI FORNECIMENTO). AF_05/2024","UN",28.96,42.8]
[105398,"ASSENTAMENTO DE CONEXÃO 2 ACESSOS ALINHADOS DE FERRO FUNDIDO PARA REDE DE ÁGUA, DN 500, JUNTA ELÁSTICA, INSTALADO EM LOCAL COM NÍVEL ALTO DE INTERFERÊNCIAS (NÃO INCLUI FORNECIMENTO). AF_05/2024","UN",45.84,64.28]
[105262,"ASSENTAMENTO DE CONEXÃO 2 ACESSOS ALINHADOS DE FERRO FUNDIDO PARA REDE DE ÁGUA, DN 500, JUNTA ELÁSTICA, INSTALADO EM LOCAL COM NÍVEL BAIXO DE INTERFERÊNCIAS (NÃO INCLUI FORNECIMENTO). AF_05/2024","UN",36.67,52.05]
[105399,"ASSENTAMENTO DE CONEXÃO 2 ACESSOS ALINHADOS DE FERRO FUNDIDO PARA REDE DE ÁGUA, DN 600, JUNTA ELÁSTICA, INSTALADO EM LOCAL COM NÍVEL ALTO DE INTERFERÊNCIAS (NÃO INCLUI FORNECIMENTO). AF_05/2024","UN",54.2,76.09]
[105263,"ASSENTAMENTO DE CONEXÃO 2 ACESSOS ALINHADOS DE FERRO FUNDIDO PARA REDE DE ÁGUA, DN 600, JUNTA ELÁSTICA, INSTALADO EM LOCAL COM NÍVEL BAIXO DE INTERFERÊNCIAS (NÃO INCLUI FORNECIMENTO). AF_05/2024","UN",43.55,61.85]
[105400,"ASSENTAMENTO DE CONEXÃO 2 ACESSOS ALINHADOS DE FERRO FUNDIDO PARA REDE DE ÁGUA, DN 700, JUNTA ELÁSTICA, INSTALADO EM LOCAL COM NÍVEL ALTO DE INTERFERÊNCIAS (NÃO INCLUI FORNECIMENTO). AF_05/2024","UN",61.75,87.22]
[105264,"ASSENTAMENTO DE CONEXÃO 2 ACESSOS ALINHADOS DE FERRO FUNDIDO PARA REDE DE ÁGUA, DN 700, JUNTA ELÁSTICA, INSTALADO EM LOCAL COM NÍVEL BAIXO DE INTERFERÊNCIAS (NÃO INCLUI FORNECIMENTO). AF_05/2024","UN",49.63,70.959999999999994]
[105297,"ASSENTAMENTO DE CONEXÃO 2 ACESSOS ALINHADOS DE FERRO FUNDIDO PARA REDE DE ÁGUA, DN 80, JUNTA ELÁSTICA, INSTALADO EM LOCAL COM NÍVEL ALTO DE INTERFERÊNCIAS (NÃO INCLUI FORNECIMENTO). AF_05/2024","UN",9.4,13.11]
[105372,"ASSENTAMENTO DE CONEXÃO 2 ACESSOS ALINHADOS DE FERRO FUNDIDO PARA REDE DE ÁGUA, DN 80, JUNTA ELÁSTICA, INSTALADO EM LOCAL COM NÍVEL BAIXO DE INTERFERÊNCIAS (NÃO INCLUI FORNECIMENTO). AF_05/2024","UN",7.26,10.130000000000001]
[105401,"ASSENTAMENTO DE CONEXÃO 2 ACESSOS ALINHADOS DE FERRO FUNDIDO PARA REDE DE ÁGUA, DN 800, JUNTA ELÁSTICA, INSTALADO EM LOCAL COM NÍVEL ALTO DE INTERFERÊNCIAS (NÃO INCLUI FORNECIMENTO). AF_05/2024","UN",69.599999999999994,98.61]
[105265,"ASSENTAMENTO DE CONEXÃO 2 ACESSOS ALINHADOS DE FERRO FUNDIDO PARA REDE DE ÁGUA, DN 800, JUNTA ELÁSTICA, INSTALADO EM LOCAL COM NÍVEL BAIXO DE INTERFERÊNCIAS (NÃO INCLUI FORNECIMENTO). AF_05/2024","UN",56,80.33]
[105402,"ASSENTAMENTO DE CONEXÃO 2 ACESSOS ALINHADOS DE FERRO FUNDIDO PARA REDE DE ÁGUA, DN 900, JUNTA ELÁSTICA, INSTALADO EM LOCAL COM NÍVEL ALTO DE INTERFERÊNCIAS (NÃO INCLUI FORNECIMENTO). AF_05/2024","UN",77.67,110.2]
[105266,"ASSENTAMENTO DE CONEXÃO 2 ACESSOS ALINHADOS DE FERRO FUNDIDO PARA REDE DE ÁGUA, DN 900, JUNTA ELÁSTICA, INSTALADO EM LOCAL COM NÍVEL BAIXO DE INTERFERÊNCIAS (NÃO INCLUI FORNECIMENTO). AF_05/2024","UN",62.59,89.93]
[105361,"ASSENTAMENTO DE CONEXÃO 2 ACESSOS ALINHADOS DE PVC PBA PARA REDE DE ÁGUA, DN 100, JUNTA ELÁSTICA INTEGRADA, INSTALADO EM LOCAL COM NÍVEL ALTO DE INTERFERÊNCIAS (NÃO INCLUI FORNECIMENTO). AF_05/2024","UN",14.63,23.68]
[105382,"ASSENTAMENTO DE CONEXÃO 2 ACESSOS ALINHADOS DE PVC PBA PARA REDE DE ÁGUA, DN 100, JUNTA ELÁSTICA INTEGRADA, INSTALADO EM LOCAL COM NÍVEL BAIXO DE INTERFERÊNCIAS (NÃO INCLUI FORNECIMENTO). AF_05/2024","UN",12.17,19.47]
[105359,"ASSENTAMENTO DE CONEXÃO 2 ACESSOS ALINHADOS DE PVC PBA PARA REDE DE ÁGUA, DN 50, JUNTA ELÁSTICA INTEGRADA, INSTALADO EM LOCAL COM NÍVEL ALTO DE INTERFERÊNCIAS (NÃO INCLUI FORNECIMENTO). AF_05/2024","UN",10.25,16.97]
[105315,"ASSENTAMENTO DE CONEXÃO 2 ACESSOS ALINHADOS DE PVC PBA PARA REDE DE ÁGUA, DN 50, JUNTA ELÁSTICA INTEGRADA, INSTALADO EM LOCAL COM NÍVEL BAIXO DE INTERFERÊNCIAS (NÃO INCLUI FORNECIMENTO). AF_05/2024","UN",8.4499999999999993,13.88]
[105360,"ASSENTAMENTO DE CONEXÃO 2 ACESSOS ALINHADOS DE PVC PBA PARA REDE DE ÁGUA, DN 75, JUNTA ELÁSTICA INTEGRADA, INSTALADO EM LOCAL COM NÍVEL ALTO DE INTERFERÊNCIAS (NÃO INCLUI FORNECIMENTO). AF_05/2024","UN",12.53,20.399999999999999]
[105381,"ASSENTAMENTO DE CONEXÃO 2 ACESSOS ALINHADOS DE PVC PBA PARA REDE DE ÁGUA, DN 75, JUNTA ELÁSTICA INTEGRADA, INSTALADO EM LOCAL COM NÍVEL BAIXO DE INTERFERÊNCIAS (NÃO INCLUI FORNECIMENTO). AF_05/2024","UN",10.4,16.75]
[105251,"ASSENTAMENTO DE CONEXÃO 2 ACESSOS INCLINADOS DE FERRO FUNDIDO PARA REDE DE ÁGUA, DN 100, JUNTA ELÁSTICA, INSTALADO EM LOCAL COM NÍVEL ALTO DE INTERFERÊNCIAS (NÃO INCLUI FORNECIMENTO). AF_05/2024","UN",15.72,22.39]
[105282,"ASSENTAMENTO DE CONEXÃO 2 ACESSOS INCLINADOS DE FERRO FUNDIDO PARA REDE DE ÁGUA, DN 100, JUNTA ELÁSTICA, INSTALADO EM LOCAL COM NÍVEL BAIXO DE INTERFERÊNCIAS (NÃO INCLUI FORNECIMENTO). AF_05/2024","UN",12.15,17.45]
[105276,"ASSENTAMENTO DE CONEXÃO 2 ACESSOS INCLINADOS DE FERRO FUNDIDO PARA REDE DE ÁGUA, DN 1000, JUNTA ELÁSTICA, INSTALADO EM LOCAL COM NÍVEL ALTO DE INTERFERÊNCIAS (NÃO INCLUI FORNECIMENTO). AF_05/2024","UN",124.67,179.26]
[105341,"ASSENTAMENTO DE CONEXÃO 2 ACESSOS INCLINADOS DE FERRO FUNDIDO PARA REDE DE ÁGUA, DN 1000, JUNTA ELÁSTICA, INSTALADO EM LOCAL COM NÍVEL BAIXO DE INTERFERÊNCIAS (NÃO INCLUI FORNECIMENTO). AF_05/2024","UN",99.84,145.83000000000001]
[105277,"ASSENTAMENTO DE CONEXÃO 2 ACESSOS INCLINADOS DE FERRO FUNDIDO PARA REDE DE ÁGUA, DN 1200, JUNTA ELÁSTICA, INSTALADO EM LOCAL COM NÍVEL ALTO DE INTERFERÊNCIAS (NÃO INCLUI FORNECIMENTO). AF_05/2024","UN",151.31,216.06]
[105342,"ASSENTAMENTO DE CONEXÃO 2 ACESSOS INCLINADOS DE FERRO FUNDIDO PARA REDE DE ÁGUA, DN 1200, JUNTA ELÁSTICA, INSTALADO EM LOCAL COM NÍVEL BAIXO DE INTERFERÊNCIAS (NÃO INCLUI FORNECIMENTO). AF_05/2024","UN",122.06,176.6]
[105252,"ASSENTAMENTO DE CONEXÃO 2 ACESSOS INCLINADOS DE FERRO FUNDIDO PARA REDE DE ÁGUA, DN 150, JUNTA ELÁSTICA, INSTALADO EM LOCAL COM NÍVEL ALTO DE INTERFERÊNCIAS (NÃO INCLUI FORNECIMENTO). AF_05/2024","UN",20.63,29.98]
[105298,"ASSENTAMENTO DE CONEXÃO 2 ACESSOS INCLINADOS DE FERRO FUNDIDO PARA REDE DE ÁGUA, DN 150, JUNTA ELÁSTICA, INSTALADO EM LOCAL COM NÍVEL BAIXO DE INTERFERÊNCIAS (NÃO INCLUI FORNECIMENTO). AF_05/2024","UN",16.22,23.77]
[105253,"ASSENTAMENTO DE CONEXÃO 2 ACESSOS INCLINADOS DE FERRO FUNDIDO PARA REDE DE ÁGUA, DN 200, JUNTA ELÁSTICA, INSTALADO EM LOCAL COM NÍVEL ALTO DE INTERFERÊNCIAS (NÃO INCLUI FORNECIMENTO). AF_05/2024","UN",25.56,37.57]
[105299,"ASSENTAMENTO DE CONEXÃO 2 ACESSOS INCLINADOS DE FERRO FUNDIDO PARA REDE DE ÁGUA, DN 200, JUNTA ELÁSTICA, INSTALADO EM LOCAL COM NÍVEL BAIXO DE INTERFERÊNCIAS (NÃO INCLUI FORNECIMENTO). AF_05/2024","UN",20.29,30.11]
[105254,"ASSENTAMENTO DE CONEXÃO 2 ACESSOS INCLINADOS DE FERRO FUNDIDO PARA REDE DE ÁGUA, DN 250, JUNTA ELÁSTICA, INSTALADO EM LOCAL COM NÍVEL ALTO DE INTERFERÊNCIAS (NÃO INCLUI FORNECIMENTO). AF_05/2024","UN",30.63,45.31]
[105300,"ASSENTAMENTO DE CONEXÃO 2 ACESSOS INCLINADOS DE FERRO FUNDIDO PARA REDE DE ÁGUA, DN 250, JUNTA ELÁSTICA, INSTALADO EM LOCAL COM NÍVEL BAIXO DE INTERFERÊNCIAS (NÃO INCLUI FORNECIMENTO). AF_05/2024","UN",24.52,36.590000000000003]
[105255,"ASSENTAMENTO DE CONEXÃO 2 ACESSOS INCLINADOS DE FERRO FUNDIDO PARA REDE DE ÁGUA, DN 300, JUNTA ELÁSTICA, INSTALADO EM LOCAL COM NÍVEL ALTO DE INTERFERÊNCIAS (NÃO INCLUI FORNECIMENTO). AF_05/2024","UN",35.72,53.02]
[105301,"ASSENTAMENTO DE CONEXÃO 2 ACESSOS INCLINADOS DE FERRO FUNDIDO PARA REDE DE ÁGUA, DN 300, JUNTA ELÁSTICA, INSTALADO EM LOCAL COM NÍVEL BAIXO DE INTERFERÊNCIAS (NÃO INCLUI FORNECIMENTO). AF_05/2024","UN",28.74,43.06]
[105256,"ASSENTAMENTO DE CONEXÃO 2 ACESSOS INCLINADOS DE FERRO FUNDIDO PARA REDE DE ÁGUA, DN 350, JUNTA ELÁSTICA, INSTALADO EM LOCAL COM NÍVEL ALTO DE INTERFERÊNCIAS (NÃO INCLUI FORNECIMENTO). AF_05/2024","UN",40.79,60.75]
[105302,"ASSENTAMENTO DE CONEXÃO 2 ACESSOS INCLINADOS DE FERRO FUNDIDO PARA REDE DE ÁGUA, DN 350, JUNTA ELÁSTICA, INSTALADO EM LOCAL COM NÍVEL BAIXO DE INTERFERÊNCIAS (NÃO INCLUI FORNECIMENTO). AF_05/2024","UN",32.96,49.54]
[105257,"ASSENTAMENTO DE CONEXÃO 2 ACESSOS INCLINADOS DE FERRO FUNDIDO PARA REDE DE ÁGUA, DN 400, JUNTA ELÁSTICA, INSTALADO EM LOCAL COM NÍVEL ALTO DE INTERFERÊNCIAS (NÃO INCLUI FORNECIMENTO). AF_05/2024","UN",45.84,68.44]
[105303,"ASSENTAMENTO DE CONEXÃO 2 ACESSOS INCLINADOS DE FERRO FUNDIDO PARA REDE DE ÁGUA, DN 400, JUNTA ELÁSTICA, INSTALADO EM LOCAL COM NÍVEL BAIXO DE INTERFERÊNCIAS (NÃO INCLUI FORNECIMENTO). AF_05/2024","UN",37.17,55.97]
[105270,"ASSENTAMENTO DE CONEXÃO 2 ACESSOS INCLINADOS DE FERRO FUNDIDO PARA REDE DE ÁGUA, DN 450, JUNTA ELÁSTICA, INSTALADO EM LOCAL COM NÍVEL ALTO DE INTERFERÊNCIAS (NÃO INCLUI FORNECIMENTO). AF_05/2024","UN",51.06,76.290000000000006]
[105304,"ASSENTAMENTO DE CONEXÃO 2 ACESSOS INCLINADOS DE FERRO FUNDIDO PARA REDE DE ÁGUA, DN 450, JUNTA ELÁSTICA, INSTALADO EM LOCAL COM NÍVEL BAIXO DE INTERFERÊNCIAS (NÃO INCLUI FORNECIMENTO). AF_05/2024","UN",41.52,62.58]
[105271,"ASSENTAMENTO DE CONEXÃO 2 ACESSOS INCLINADOS DE FERRO FUNDIDO PARA REDE DE ÁGUA, DN 500, JUNTA ELÁSTICA, INSTALADO EM LOCAL COM NÍVEL ALTO DE INTERFERÊNCIAS (NÃO INCLUI FORNECIMENTO). AF_05/2024","UN",66.59,94.56]
[105305,"ASSENTAMENTO DE CONEXÃO 2 ACESSOS INCLINADOS DE FERRO FUNDIDO PARA REDE DE ÁGUA, DN 500, JUNTA ELÁSTICA, INSTALADO EM LOCAL COM NÍVEL BAIXO DE INTERFERÊNCIAS (NÃO INCLUI FORNECIMENTO). AF_05/2024","UN",52.84,76.22]
[105272,"ASSENTAMENTO DE CONEXÃO 2 ACESSOS INCLINADOS DE FERRO FUNDIDO PARA REDE DE ÁGUA, DN 600, JUNTA ELÁSTICA, INSTALADO EM LOCAL COM NÍVEL ALTO DE INTERFERÊNCIAS (NÃO INCLUI FORNECIMENTO). AF_05/2024","UN",78.56,111.81]
[105306,"ASSENTAMENTO DE CONEXÃO 2 ACESSOS INCLINADOS DE FERRO FUNDIDO PARA REDE DE ÁGUA, DN 600, JUNTA ELÁSTICA, INSTALADO EM LOCAL COM NÍVEL BAIXO DE INTERFERÊNCIAS (NÃO INCLUI FORNECIMENTO). AF_05/2024","UN",62.58,90.44]
[105273,"ASSENTAMENTO DE CONEXÃO 2 ACESSOS INCLINADOS DE FERRO FUNDIDO PARA REDE DE ÁGUA, DN 700, JUNTA ELÁSTICA, INSTALADO EM LOCAL COM NÍVEL ALTO DE INTERFERÊNCIAS (NÃO INCLUI FORNECIMENTO). AF_05/2024","UN",89.72,128.35]
[105307,"ASSENTAMENTO DE CONEXÃO 2 ACESSOS INCLINADOS DE FERRO FUNDIDO PARA REDE DE ÁGUA, DN 700, JUNTA ELÁSTICA, INSTALADO EM LOCAL COM NÍVEL BAIXO DE INTERFERÊNCIAS (NÃO INCLUI FORNECIMENTO). AF_05/2024","UN",71.53,103.97]
[105250,"ASSENTAMENTO DE CONEXÃO 2 ACESSOS INCLINADOS DE FERRO FUNDIDO PARA REDE DE ÁGUA, DN 80, JUNTA ELÁSTICA, INSTALADO EM LOCAL COM NÍVEL ALTO DE INTERFERÊNCIAS (NÃO INCLUI FORNECIMENTO). AF_05/2024","UN",13.72,19.32]
[105269,"ASSENTAMENTO DE CONEXÃO 2 ACESSOS INCLINADOS DE FERRO FUNDIDO PARA REDE DE ÁGUA, DN 80, JUNTA ELÁSTICA, INSTALADO EM LOCAL COM NÍVEL BAIXO DE INTERFERÊNCIAS (NÃO INCLUI FORNECIMENTO). AF_05/2024","UN",10.49,14.87]
[105274,"ASSENTAMENTO DE CONEXÃO 2 ACESSOS INCLINADOS DE FERRO FUNDIDO PARA REDE DE ÁGUA, DN 800, JUNTA ELÁSTICA, INSTALADO EM LOCAL COM NÍVEL ALTO DE INTERFERÊNCIAS (NÃO INCLUI FORNECIMENTO). AF_05/2024","UN",101.17,145.16]
[105340,"ASSENTAMENTO DE CONEXÃO 2 ACESSOS INCLINADOS DE FERRO FUNDIDO PARA REDE DE ÁGUA, DN 800, JUNTA ELÁSTICA, INSTALADO EM LOCAL COM NÍVEL BAIXO DE INTERFERÊNCIAS (NÃO INCLUI FORNECIMENTO). AF_05/2024","UN",80.78,117.77]
[105275,"ASSENTAMENTO DE CONEXÃO 2 ACESSOS INCLINADOS DE FERRO FUNDIDO PARA REDE DE ÁGUA, DN 900, JUNTA ELÁSTICA, INSTALADO EM LOCAL COM NÍVEL ALTO DE INTERFERÊNCIAS (NÃO INCLUI FORNECIMENTO). AF_05/2024","UN",112.86,162.16]
[105390,"ASSENTAMENTO DE CONEXÃO 2 ACESSOS INCLINADOS DE FERRO FUNDIDO PARA REDE DE ÁGUA, DN 900, JUNTA ELÁSTICA, INSTALADO EM LOCAL COM NÍVEL BAIXO DE INTERFERÊNCIAS (NÃO INCLUI FORNECIMENTO). AF_05/2024","UN",90.24,131.75]
[105364,"ASSENTAMENTO DE CONEXÃO 2 ACESSOS INCLINADOS DE PVC PBA PARA REDE DE ÁGUA, DN 100, JUNTA ELÁSTICA INTEGRADA, INSTALADO EM LOCAL COM NÍVEL ALTO DE INTERFERÊNCIAS (NÃO INCLUI FORNECIMENTO). AF_05/2024","UN",21.11,34.81]
[105385,"ASSENTAMENTO DE CONEXÃO 2 ACESSOS INCLINADOS DE PVC PBA PARA REDE DE ÁGUA, DN 100, JUNTA ELÁSTICA INTEGRADA, INSTALADO EM LOCAL COM NÍVEL BAIXO DE INTERFERÊNCIAS (NÃO INCLUI FORNECIMENTO). AF_05/2024","UN",17.43,28.51]
[105362,"ASSENTAMENTO DE CONEXÃO 2 ACESSOS INCLINADOS DE PVC PBA PARA REDE DE ÁGUA, DN 50, JUNTA ELÁSTICA INTEGRADA, INSTALADO EM LOCAL COM NÍVEL ALTO DE INTERFERÊNCIAS (NÃO INCLUI FORNECIMENTO). AF_05/2024","UN",15.01,25.13]
[105383,"ASSENTAMENTO DE CONEXÃO 2 ACESSOS INCLINADOS DE PVC PBA PARA REDE DE ÁGUA, DN 50, JUNTA ELÁSTICA INTEGRADA, INSTALADO EM LOCAL COM NÍVEL BAIXO DE INTERFERÊNCIAS (NÃO INCLUI FORNECIMENTO). AF_05/2024","UN",12.31,20.51]
[105363,"ASSENTAMENTO DE CONEXÃO 2 ACESSOS INCLINADOS DE PVC PBA PARA REDE DE ÁGUA, DN 75, JUNTA ELÁSTICA INTEGRADA, INSTALADO EM LOCAL COM NÍVEL ALTO DE INTERFERÊNCIAS (NÃO INCLUI FORNECIMENTO). AF_05/2024","UN",18.149999999999999,30.05]
[105384,"ASSENTAMENTO DE CONEXÃO 2 ACESSOS INCLINADOS DE PVC PBA PARA REDE DE ÁGUA, DN 75, JUNTA ELÁSTICA INTEGRADA, INSTALADO EM LOCAL COM NÍVEL BAIXO DE INTERFERÊNCIAS (NÃO INCLUI FORNECIMENTO). AF_05/2024","UN",14.97,24.59]
[105279,"ASSENTAMENTO DE CONEXÃO 3 ACESSOS DE FERRO FUNDIDO PARA REDE DE ÁGUA, DN 100, JUNTA ELÁSTICA, INSTALADO EM LOCAL COM NÍVEL ALTO DE INTERFERÊNCIAS (NÃO INCLUI FORNECIMENTO). AF_05/2024","UN",21.62,30.41]
[105259,"ASSENTAMENTO DE CONEXÃO 3 ACESSOS DE FERRO FUNDIDO PARA REDE DE ÁGUA, DN 100, JUNTA ELÁSTICA, INSTALADO EM LOCAL COM NÍVEL BAIXO DE INTERFERÊNCIAS (NÃO INCLUI FORNECIMENTO). AF_05/2024","UN",16.86,23.81]
[105357,"ASSENTAMENTO DE CONEXÃO 3 ACESSOS DE FERRO FUNDIDO PARA REDE DE ÁGUA, DN 1000, JUNTA ELÁSTICA, INSTALADO EM LOCAL COM NÍVEL ALTO DE INTERFERÊNCIAS (NÃO INCLUI FORNECIMENTO). AF_05/2024","UN",171.75,243.73]
[105346,"ASSENTAMENTO DE CONEXÃO 3 ACESSOS DE FERRO FUNDIDO PARA REDE DE ÁGUA, DN 1000, JUNTA ELÁSTICA, INSTALADO EM LOCAL COM NÍVEL BAIXO DE INTERFERÊNCIAS (NÃO INCLUI FORNECIMENTO). AF_05/2024","UN",138.63999999999999,199.17]
[105358,"ASSENTAMENTO DE CONEXÃO 3 ACESSOS DE FERRO FUNDIDO PARA REDE DE ÁGUA, DN 1200, JUNTA ELÁSTICA, INSTALADO EM LOCAL COM NÍVEL ALTO DE INTERFERÊNCIAS (NÃO INCLUI FORNECIMENTO). AF_05/2024","UN",210.64,295.62]
[105347,"ASSENTAMENTO DE CONEXÃO 3 ACESSOS DE FERRO FUNDIDO PARA REDE DE ÁGUA, DN 1200, JUNTA ELÁSTICA, INSTALADO EM LOCAL COM NÍVEL BAIXO DE INTERFERÊNCIAS (NÃO INCLUI FORNECIMENTO). AF_05/2024","UN",171.62,243.03]
[105280,"ASSENTAMENTO DE CONEXÃO 3 ACESSOS DE FERRO FUNDIDO PARA REDE DE ÁGUA, DN 150, JUNTA ELÁSTICA, INSTALADO EM LOCAL COM NÍVEL ALTO DE INTERFERÊNCIAS (NÃO INCLUI FORNECIMENTO). AF_05/2024","UN",28.35,40.700000000000003]
[105283,"ASSENTAMENTO DE CONEXÃO 3 ACESSOS DE FERRO FUNDIDO PARA REDE DE ÁGUA, DN 150, JUNTA ELÁSTICA, INSTALADO EM LOCAL COM NÍVEL BAIXO DE INTERFERÊNCIAS (NÃO INCLUI FORNECIMENTO). AF_05/2024","UN",22.47,32.43]
[105281,"ASSENTAMENTO DE CONEXÃO 3 ACESSOS DE FERRO FUNDIDO PARA REDE DE ÁGUA, DN 200, JUNTA ELÁSTICA, INSTALADO EM LOCAL COM NÍVEL ALTO DE INTERFERÊNCIAS (NÃO INCLUI FORNECIMENTO). AF_05/2024","UN",35.119999999999997,50.98]
[105319,"ASSENTAMENTO DE CONEXÃO 3 ACESSOS DE FERRO FUNDIDO PARA REDE DE ÁGUA, DN 200, JUNTA ELÁSTICA, INSTALADO EM LOCAL COM NÍVEL BAIXO DE INTERFERÊNCIAS (NÃO INCLUI FORNECIMENTO). AF_05/2024","UN",28.09,41.04]
[105284,"ASSENTAMENTO DE CONEXÃO 3 ACESSOS DE FERRO FUNDIDO PARA REDE DE ÁGUA, DN 250, JUNTA ELÁSTICA, INSTALADO EM LOCAL COM NÍVEL ALTO DE INTERFERÊNCIAS (NÃO INCLUI FORNECIMENTO). AF_05/2024","UN",42.2,61.54]
[105320,"ASSENTAMENTO DE CONEXÃO 3 ACESSOS DE FERRO FUNDIDO PARA REDE DE ÁGUA, DN 250, JUNTA ELÁSTICA, INSTALADO EM LOCAL COM NÍVEL BAIXO DE INTERFERÊNCIAS (NÃO INCLUI FORNECIMENTO). AF_05/2024","UN",34.049999999999997,49.94]
[105348,"ASSENTAMENTO DE CONEXÃO 3 ACESSOS DE FERRO FUNDIDO PARA REDE DE ÁGUA, DN 300, JUNTA ELÁSTICA, INSTALADO EM LOCAL COM NÍVEL ALTO DE INTERFERÊNCIAS (NÃO INCLUI FORNECIMENTO). AF_05/2024","UN",49.25,72.08]
[105321,"ASSENTAMENTO DE CONEXÃO 3 ACESSOS DE FERRO FUNDIDO PARA REDE DE ÁGUA, DN 300, JUNTA ELÁSTICA, INSTALADO EM LOCAL COM NÍVEL BAIXO DE INTERFERÊNCIAS (NÃO INCLUI FORNECIMENTO). AF_05/2024","UN",39.96,58.81]
[105349,"ASSENTAMENTO DE CONEXÃO 3 ACESSOS DE FERRO FUNDIDO PARA REDE DE ÁGUA, DN 350, JUNTA ELÁSTICA, INSTALADO EM LOCAL COM NÍVEL ALTO DE INTERFERÊNCIAS (NÃO INCLUI FORNECIMENTO). AF_05/2024","UN",56.3,82.62]
[105322,"ASSENTAMENTO DE CONEXÃO 3 ACESSOS DE FERRO FUNDIDO PARA REDE DE ÁGUA, DN 350, JUNTA ELÁSTICA, INSTALADO EM LOCAL COM NÍVEL BAIXO DE INTERFERÊNCIAS (NÃO INCLUI FORNECIMENTO). AF_05/2024","UN",45.87,67.67]
[105350,"ASSENTAMENTO DE CONEXÃO 3 ACESSOS DE FERRO FUNDIDO PARA REDE DE ÁGUA, DN 400, JUNTA ELÁSTICA, INSTALADO EM LOCAL COM NÍVEL ALTO DE INTERFERÊNCIAS (NÃO INCLUI FORNECIMENTO). AF_05/2024","UN",63.35,93.16]
[105323,"ASSENTAMENTO DE CONEXÃO 3 ACESSOS DE FERRO FUNDIDO PARA REDE DE ÁGUA, DN 400, JUNTA ELÁSTICA, INSTALADO EM LOCAL COM NÍVEL BAIXO DE INTERFERÊNCIAS (NÃO INCLUI FORNECIMENTO). AF_05/2024","UN",51.77,76.53]
[105351,"ASSENTAMENTO DE CONEXÃO 3 ACESSOS DE FERRO FUNDIDO PARA REDE DE ÁGUA, DN 450, JUNTA ELÁSTICA, INSTALADO EM LOCAL COM NÍVEL ALTO DE INTERFERÊNCIAS (NÃO INCLUI FORNECIMENTO). AF_05/2024","UN",70.67,103.94]
[105324,"ASSENTAMENTO DE CONEXÃO 3 ACESSOS DE FERRO FUNDIDO PARA REDE DE ÁGUA, DN 450, JUNTA ELÁSTICA, INSTALADO EM LOCAL COM NÍVEL BAIXO DE INTERFERÊNCIAS (NÃO INCLUI FORNECIMENTO). AF_05/2024","UN",57.96,85.65]
[105352,"ASSENTAMENTO DE CONEXÃO 3 ACESSOS DE FERRO FUNDIDO PARA REDE DE ÁGUA, DN 500, JUNTA ELÁSTICA, INSTALADO EM LOCAL COM NÍVEL ALTO DE INTERFERÊNCIAS (NÃO INCLUI FORNECIMENTO). AF_05/2024","UN",91.71,128.57]
[105325,"ASSENTAMENTO DE CONEXÃO 3 ACESSOS DE FERRO FUNDIDO PARA REDE DE ÁGUA, DN 500, JUNTA ELÁSTICA, INSTALADO EM LOCAL COM NÍVEL BAIXO DE INTERFERÊNCIAS (NÃO INCLUI FORNECIMENTO). AF_05/2024","UN",73.36,104.1]
[105353,"ASSENTAMENTO DE CONEXÃO 3 ACESSOS DE FERRO FUNDIDO PARA REDE DE ÁGUA, DN 600, JUNTA ELÁSTICA, INSTALADO EM LOCAL COM NÍVEL ALTO DE INTERFERÊNCIAS (NÃO INCLUI FORNECIMENTO). AF_05/2024","UN",108.44,152.21]
[105326,"ASSENTAMENTO DE CONEXÃO 3 ACESSOS DE FERRO FUNDIDO PARA REDE DE ÁGUA, DN 600, JUNTA ELÁSTICA, INSTALADO EM LOCAL COM NÍVEL BAIXO DE INTERFERÊNCIAS (NÃO INCLUI FORNECIMENTO). AF_05/2024","UN",87.13,123.71]
[105354,"ASSENTAMENTO DE CONEXÃO 3 ACESSOS DE FERRO FUNDIDO PARA REDE DE ÁGUA, DN 700, JUNTA ELÁSTICA, INSTALADO EM LOCAL COM NÍVEL ALTO DE INTERFERÊNCIAS (NÃO INCLUI FORNECIMENTO). AF_05/2024","UN",123.52,174.46]
[105344,"ASSENTAMENTO DE CONEXÃO 3 ACESSOS DE FERRO FUNDIDO PARA REDE DE ÁGUA, DN 700, JUNTA ELÁSTICA, INSTALADO EM LOCAL COM NÍVEL BAIXO DE INTERFERÊNCIAS (NÃO INCLUI FORNECIMENTO). AF_05/2024","UN",99.26,141.94999999999999]
[105278,"ASSENTAMENTO DE CONEXÃO 3 ACESSOS DE FERRO FUNDIDO PARA REDE DE ÁGUA, DN 80, JUNTA ELÁSTICA, INSTALADO EM LOCAL COM NÍVEL ALTO DE INTERFERÊNCIAS (NÃO INCLUI FORNECIMENTO). AF_05/2024","UN",18.82,26.23]
[105343,"ASSENTAMENTO DE CONEXÃO 3 ACESSOS DE FERRO FUNDIDO PARA REDE DE ÁGUA, DN 80, JUNTA ELÁSTICA, INSTALADO EM LOCAL COM NÍVEL BAIXO DE INTERFERÊNCIAS (NÃO INCLUI FORNECIMENTO). AF_05/2024","UN",14.53,20.29]
[105355,"ASSENTAMENTO DE CONEXÃO 3 ACESSOS DE FERRO FUNDIDO PARA REDE DE ÁGUA, DN 800, JUNTA ELÁSTICA, INSTALADO EM LOCAL COM NÍVEL ALTO DE INTERFERÊNCIAS (NÃO INCLUI FORNECIMENTO). AF_05/2024","UN",139.21,197.23]
[105391,"ASSENTAMENTO DE CONEXÃO 3 ACESSOS DE FERRO FUNDIDO PARA REDE DE ÁGUA, DN 800, JUNTA ELÁSTICA, INSTALADO EM LOCAL COM NÍVEL BAIXO DE INTERFERÊNCIAS (NÃO INCLUI FORNECIMENTO). AF_05/2024","UN",112,160.68]
[105356,"ASSENTAMENTO DE CONEXÃO 3 ACESSOS DE FERRO FUNDIDO PARA REDE DE ÁGUA, DN 900, JUNTA ELÁSTICA, INSTALADO EM LOCAL COM NÍVEL ALTO DE INTERFERÊNCIAS (NÃO INCLUI FORNECIMENTO). AF_05/2024","UN",155.35,220.37]
[105345,"ASSENTAMENTO DE CONEXÃO 3 ACESSOS DE FERRO FUNDIDO PARA REDE DE ÁGUA, DN 900, JUNTA ELÁSTICA, INSTALADO EM LOCAL COM NÍVEL BAIXO DE INTERFERÊNCIAS (NÃO INCLUI FORNECIMENTO). AF_05/2024","UN",125.19,179.81]
[105367,"ASSENTAMENTO DE CONEXÃO 3 ACESSOS DE PVC PBA PARA REDE DE ÁGUA, DN 100, JUNTA ELÁSTICA INTEGRADA, INSTALADO EM LOCAL COM NÍVEL ALTO DE INTERFERÊNCIAS (NÃO INCLUI FORNECIMENTO). AF_05/2024","UN",29.25,47.36]
[105371,"ASSENTAMENTO DE CONEXÃO 3 ACESSOS DE PVC PBA PARA REDE DE ÁGUA, DN 100, JUNTA ELÁSTICA INTEGRADA, INSTALADO EM LOCAL COM NÍVEL BAIXO DE INTERFERÊNCIAS (NÃO INCLUI FORNECIMENTO). AF_05/2024","UN",24.35,38.950000000000003]
[105365,"ASSENTAMENTO DE CONEXÃO 3 ACESSOS DE PVC PBA PARA REDE DE ÁGUA, DN 50, JUNTA ELÁSTICA INTEGRADA, INSTALADO EM LOCAL COM NÍVEL ALTO DE INTERFERÊNCIAS (NÃO INCLUI FORNECIMENTO). AF_05/2024","UN",20.5,33.93]
[105386,"ASSENTAMENTO DE CONEXÃO 3 ACESSOS DE PVC PBA PARA REDE DE ÁGUA, DN 50, JUNTA ELÁSTICA INTEGRADA, INSTALADO EM LOCAL COM NÍVEL BAIXO DE INTERFERÊNCIAS (NÃO INCLUI FORNECIMENTO). AF_05/2024","UN",16.91,27.76]
[105366,"ASSENTAMENTO DE CONEXÃO 3 ACESSOS DE PVC PBA PARA REDE DE ÁGUA, DN 75, JUNTA ELÁSTICA INTEGRADA, INSTALADO EM LOCAL COM NÍVEL ALTO DE INTERFERÊNCIAS (NÃO INCLUI FORNECIMENTO). AF_05/2024","UN",25.06,40.799999999999997]
[105387,"ASSENTAMENTO DE CONEXÃO 3 ACESSOS DE PVC PBA PARA REDE DE ÁGUA, DN 75, JUNTA ELÁSTICA INTEGRADA, INSTALADO EM LOCAL COM NÍVEL BAIXO DE INTERFERÊNCIAS (NÃO INCLUI FORNECIMENTO). AF_05/2024","UN",20.81,33.520000000000003]
[97177,"ASSENTAMENTO DE TUBO DE AÇO CARBONO PARA REDE DE ÁGUA, DN 1000 MM (40\") OU DN 1100 MM (44\"), JUNTA SOLDADA, INSTALADO EM LOCAL COM NÍVEL ALTO DE INTERFERÊNCIAS (NÃO INCLUI FORNECIMENTO). AF_05/2024","M",65.099999999999994,98.21]
[97187,"ASSENTAMENTO DE TUBO DE AÇO CARBONO PARA REDE DE ÁGUA, DN 1000 MM (40\") OU DN 1100 MM (44\"), JUNTA SOLDADA, INSTALADO EM LOCAL COM NÍVEL BAIXO DE INTERFERÊNCIAS (NÃO INCLUI FORNECIMENTO). AF_05/2024","M",57.97,88.82]
[97178,"ASSENTAMENTO DE TUBO DE AÇO CARBONO PARA REDE DE ÁGUA, DN 1200 MM (48\") OU DN 1300 MM (52\"), JUNTA SOLDADA, INSTALADO EM LOCAL COM NÍVEL ALTO DE INTERFERÊNCIAS (NÃO INCLUI FORNECIMENTO). AF_05/2024","M",79.06,119.74]
[97188,"ASSENTAMENTO DE TUBO DE AÇO CARBONO PARA REDE DE ÁGUA, DN 1200 MM (48\") OU DN 1300 MM (52\"), JUNTA SOLDADA, INSTALADO EM LOCAL COM NÍVEL BAIXO DE INTERFERÊNCIAS (NÃO INCLUI FORNECIMENTO). AF_05/2024","M",70.47,108.39]
[97179,"ASSENTAMENTO DE TUBO DE AÇO CARBONO PARA REDE DE ÁGUA, DN 1400 MM (56'') OU DN 1500 MM (60\"), JUNTA SOLDADA, INSTALADO EM LOCAL COM NÍVEL ALTO DE INTERFERÊNCIAS (NÃO INCLUI FORNECIMENTO). AF_05/2024","M",93.03,141.26]
[97189,"ASSENTAMENTO DE TUBO DE AÇO CARBONO PARA REDE DE ÁGUA, DN 1400 MM (56'') OU DN 1500 MM (60\"), JUNTA SOLDADA, INSTALADO EM LOCAL COM NÍVEL BAIXO DE INTERFERÊNCIAS (NÃO INCLUI FORNECIMENTO). AF_05/2024","M",83.01,127.95]
[97180,"ASSENTAMENTO DE TUBO DE AÇO CARBONO PARA REDE DE ÁGUA, DN 1600 MM (64\") OU DN 1700 MM (68\"), JUNTA SOLDADA, INSTALADO EM LOCAL COM NÍVEL ALTO DE INTERFERÊNCIAS (NÃO INCLUI FORNECIMENTO). AF_05/2024","M",107.01,162.78]
[97190,"ASSENTAMENTO DE TUBO DE AÇO CARBONO PARA REDE DE ÁGUA, DN 1600 MM (64\") OU DN 1700 MM (68\"), JUNTA SOLDADA, INSTALADO EM LOCAL COM NÍVEL BAIXO DE INTERFERÊNCIAS (NÃO INCLUI FORNECIMENTO). AF_05/2024","M",95.53,147.51]
[97181,"ASSENTAMENTO DE TUBO DE AÇO CARBONO PARA REDE DE ÁGUA, DN 1800 MM (72\") OU DN 1900 MM (76\"), JUNTA SOLDADA, INSTALADO EM LOCAL COM NÍVEL ALTO DE INTERFERÊNCIAS (NÃO INCLUI FORNECIMENTO). AF_05/2024","M",120.96,184.3]
[97191,"ASSENTAMENTO DE TUBO DE AÇO CARBONO PARA REDE DE ÁGUA, DN 1800 MM (72\") OU DN 1900 MM (76\"), JUNTA SOLDADA, INSTALADO EM LOCAL COM NÍVEL BAIXO DE INTERFERÊNCIAS (NÃO INCLUI FORNECIMENTO). AF_05/2024","M",108.06,167.08]
[97182,"ASSENTAMENTO DE TUBO DE AÇO CARBONO PARA REDE DE ÁGUA, DN 2000 MM (80\") OU DN 2100 MM (84\"), JUNTA SOLDADA, INSTALADO EM LOCAL COM NÍVEL ALTO DE INTERFERÊNCIAS (NÃO INCLUI FORNECIMENTO). AF_05/2024","M",139.36000000000001,210.45]
[97192,"ASSENTAMENTO DE TUBO DE AÇO CARBONO PARA REDE DE ÁGUA, DN 2000 MM (80\") OU DN 2100 MM (84\"), JUNTA SOLDADA, INSTALADO EM LOCAL COM NÍVEL BAIXO DE INTERFERÊNCIAS (NÃO INCLUI FORNECIMENTO). AF_05/2024","M",124,190.24]
[97173,"ASSENTAMENTO DE TUBO DE AÇO CARBONO PARA REDE DE ÁGUA, DN 600 MM (24\"), JUNTA SOLDADA, INSTALADO EM LOCAL COM NÍVEL ALTO DE INTERFERÊNCIAS (NÃO INCLUI FORNECIMENTO). AF_05/2024","M",37.17,55.17]
[97183,"ASSENTAMENTO DE TUBO DE AÇO CARBONO PARA REDE DE ÁGUA, DN 600 MM (24\"), JUNTA SOLDADA, INSTALADO EM LOCAL COM NÍVEL BAIXO DE INTERFERÊNCIAS (NÃO INCLUI FORNECIMENTO). AF_05/2024","M",32.9,49.7]
[97174,"ASSENTAMENTO DE TUBO DE AÇO CARBONO PARA REDE DE ÁGUA, DN 700 MM (28\"), JUNTA SOLDADA, INSTALADO EM LOCAL COM NÍVEL ALTO DE INTERFERÊNCIAS (NÃO INCLUI FORNECIMENTO). AF_05/2024","M",44.15,65.92]
[97184,"ASSENTAMENTO DE TUBO DE AÇO CARBONO PARA REDE DE ÁGUA, DN 700 MM (28\"), JUNTA SOLDADA, INSTALADO EM LOCAL COM NÍVEL BAIXO DE INTERFERÊNCIAS (NÃO INCLUI FORNECIMENTO). AF_05/2024","M",39.159999999999997,59.46]
[97175,"ASSENTAMENTO DE TUBO DE AÇO CARBONO PARA REDE DE ÁGUA, DN 800 MM (32\"), JUNTA SOLDADA, INSTALADO EM LOCAL COM NÍVEL ALTO DE INTERFERÊNCIAS (NÃO INCLUI FORNECIMENTO). AF_05/2024","M",51.14,76.67]
[97185,"ASSENTAMENTO DE TUBO DE AÇO CARBONO PARA REDE DE ÁGUA, DN 800 MM (32\"), JUNTA SOLDADA, INSTALADO EM LOCAL COM NÍVEL BAIXO DE INTERFERÊNCIAS (NÃO INCLUI FORNECIMENTO). AF_05/2024","M",45.43,69.25]
[97176,"ASSENTAMENTO DE TUBO DE AÇO CARBONO PARA REDE DE ÁGUA, DN 900 MM (36\"), JUNTA SOLDADA, INSTALADO EM LOCAL COM NÍVEL ALTO DE INTERFERÊNCIAS (NÃO INCLUI FORNECIMENTO). AF_05/2024","M",58.11,87.46]
[97186,"ASSENTAMENTO DE TUBO DE AÇO CARBONO PARA REDE DE ÁGUA, DN 900 MM (36\"), JUNTA SOLDADA, INSTALADO EM LOCAL COM NÍVEL BAIXO DE INTERFERÊNCIAS (NÃO INCLUI FORNECIMENTO). AF_05/2024","M",51.68,79.05]
[97142,"ASSENTAMENTO DE TUBO DE FERRO FUNDIDO PARA REDE DE ÁGUA, DN 100 MM, JUNTA ELÁSTICA, INSTALADO EM LOCAL COM NÍVEL ALTO DE INTERFERÊNCIAS (NÃO INCLUI FORNECIMENTO). AF_05/2024","M",4.95,7.14]
[97158,"ASSENTAMENTO DE TUBO DE FERRO FUNDIDO PARA REDE DE ÁGUA, DN 100 MM, JUNTA ELÁSTICA, INSTALADO EM LOCAL COM NÍVEL BAIXO DE INTERFERÊNCIAS (NÃO INCLUI FORNECIMENTO). AF_05/2024","M",3.78,5.53]
[97155,"ASSENTAMENTO DE TUBO DE FERRO FUNDIDO PARA REDE DE ÁGUA, DN 1000 MM, JUNTA ELÁSTICA, INSTALADO EM LOCAL COM NÍVEL ALTO DE INTERFERÊNCIAS (NÃO INCLUI FORNECIMENTO). AF_05/2024","M",38.99,56.95]
[97171,"ASSENTAMENTO DE TUBO DE FERRO FUNDIDO PARA REDE DE ÁGUA, DN 1000 MM, JUNTA ELÁSTICA, INSTALADO EM LOCAL COM NÍVEL BAIXO DE INTERFERÊNCIAS (NÃO INCLUI FORNECIMENTO). AF_05/2024","M",30.93,46.1]
[97156,"ASSENTAMENTO DE TUBO DE FERRO FUNDIDO PARA REDE DE ÁGUA, DN 1200 MM, JUNTA ELÁSTICA, INSTALADO EM LOCAL COM NÍVEL ALTO DE INTERFERÊNCIAS (NÃO INCLUI FORNECIMENTO). AF_05/2024","M",46.73,68.14]
[97172,"ASSENTAMENTO DE TUBO DE FERRO FUNDIDO PARA REDE DE ÁGUA, DN 1200 MM, JUNTA ELÁSTICA, INSTALADO EM LOCAL COM NÍVEL BAIXO DE INTERFERÊNCIAS (NÃO INCLUI FORNECIMENTO). AF_05/2024","M",37.24,55.33]
[97143,"ASSENTAMENTO DE TUBO DE FERRO FUNDIDO PARA REDE DE ÁGUA, DN 150 MM, JUNTA ELÁSTICA, INSTALADO EM LOCAL COM NÍVEL ALTO DE INTERFERÊNCIAS (NÃO INCLUI FORNECIMENTO). AF_05/2024","M",6.48,9.56]
[97159,"ASSENTAMENTO DE TUBO DE FERRO FUNDIDO PARA REDE DE ÁGUA, DN 150 MM, JUNTA ELÁSTICA, INSTALADO EM LOCAL COM NÍVEL BAIXO DE INTERFERÊNCIAS (NÃO INCLUI FORNECIMENTO). AF_05/2024","M",5.0599999999999996,7.54]
[97144,"ASSENTAMENTO DE TUBO DE FERRO FUNDIDO PARA REDE DE ÁGUA, DN 200 MM, JUNTA ELÁSTICA, INSTALADO EM LOCAL COM NÍVEL ALTO DE INTERFERÊNCIAS (NÃO INCLUI FORNECIMENTO). AF_05/2024","M",8.0399999999999991,11.99]
[97160,"ASSENTAMENTO DE TUBO DE FERRO FUNDIDO PARA REDE DE ÁGUA, DN 200 MM, JUNTA ELÁSTICA, INSTALADO EM LOCAL COM NÍVEL BAIXO DE INTERFERÊNCIAS (NÃO INCLUI FORNECIMENTO). AF_05/2024","M",6.34,9.57]
[97145,"ASSENTAMENTO DE TUBO DE FERRO FUNDIDO PARA REDE DE ÁGUA, DN 250 MM, JUNTA ELÁSTICA, INSTALADO EM LOCAL COM NÍVEL ALTO DE INTERFERÊNCIAS (NÃO INCLUI FORNECIMENTO). AF_05/2024","M",9.64,14.43]
[97161,"ASSENTAMENTO DE TUBO DE FERRO FUNDIDO PARA REDE DE ÁGUA, DN 250 MM, JUNTA ELÁSTICA, INSTALADO EM LOCAL COM NÍVEL BAIXO DE INTERFERÊNCIAS (NÃO INCLUI FORNECIMENTO). AF_05/2024","M",7.64,11.61]
[97146,"ASSENTAMENTO DE TUBO DE FERRO FUNDIDO PARA REDE DE ÁGUA, DN 300 MM, JUNTA ELÁSTICA, INSTALADO EM LOCAL COM NÍVEL ALTO DE INTERFERÊNCIAS (NÃO INCLUI FORNECIMENTO). AF_05/2024","M",11.22,16.899999999999999]
[97162,"ASSENTAMENTO DE TUBO DE FERRO FUNDIDO PARA REDE DE ÁGUA, DN 300 MM, JUNTA ELÁSTICA, INSTALADO EM LOCAL COM NÍVEL BAIXO DE INTERFERÊNCIAS (NÃO INCLUI FORNECIMENTO). AF_05/2024","M",8.9499999999999993,13.65]
[97147,"ASSENTAMENTO DE TUBO DE FERRO FUNDIDO PARA REDE DE ÁGUA, DN 350 MM, JUNTA ELÁSTICA, INSTALADO EM LOCAL COM NÍVEL ALTO DE INTERFERÊNCIAS (NÃO INCLUI FORNECIMENTO). AF_05/2024","M",12.78,19.34]
[97163,"ASSENTAMENTO DE TUBO DE FERRO FUNDIDO PARA REDE DE ÁGUA, DN 350 MM, JUNTA ELÁSTICA, INSTALADO EM LOCAL COM NÍVEL BAIXO DE INTERFERÊNCIAS (NÃO INCLUI FORNECIMENTO). AF_05/2024","M",10.23,15.7]
[97148,"ASSENTAMENTO DE TUBO DE FERRO FUNDIDO PARA REDE DE ÁGUA, DN 400 MM, JUNTA ELÁSTICA, INSTALADO EM LOCAL COM NÍVEL ALTO DE INTERFERÊNCIAS (NÃO INCLUI FORNECIMENTO). AF_05/2024","M",14.37,21.77]
[97164,"ASSENTAMENTO DE TUBO DE FERRO FUNDIDO PARA REDE DE ÁGUA, DN 400 MM, JUNTA ELÁSTICA, INSTALADO EM LOCAL COM NÍVEL BAIXO DE INTERFERÊNCIAS (NÃO INCLUI FORNECIMENTO). AF_05/2024","M",11.55,17.73]
[97149,"ASSENTAMENTO DE TUBO DE FERRO FUNDIDO PARA REDE DE ÁGUA, DN 450 MM, JUNTA ELÁSTICA, INSTALADO EM LOCAL COM NÍVEL ALTO DE INTERFERÊNCIAS (NÃO INCLUI FORNECIMENTO). AF_05/2024","M",15.98,24.27]
[97165,"ASSENTAMENTO DE TUBO DE FERRO FUNDIDO PARA REDE DE ÁGUA, DN 450 MM, JUNTA ELÁSTICA, INSTALADO EM LOCAL COM NÍVEL BAIXO DE INTERFERÊNCIAS (NÃO INCLUI FORNECIMENTO). AF_05/2024","M",12.86,19.8]
[97150,"ASSENTAMENTO DE TUBO DE FERRO FUNDIDO PARA REDE DE ÁGUA, DN 500 MM, JUNTA ELÁSTICA, INSTALADO EM LOCAL COM NÍVEL ALTO DE INTERFERÊNCIAS (NÃO INCLUI FORNECIMENTO). AF_05/2024","M",20.94,30.13]
[97166,"ASSENTAMENTO DE TUBO DE FERRO FUNDIDO PARA REDE DE ÁGUA, DN 500 MM, JUNTA ELÁSTICA, INSTALADO EM LOCAL COM NÍVEL BAIXO DE INTERFERÊNCIAS (NÃO INCLUI FORNECIMENTO). AF_05/2024","M",16.47,24.15]
[97151,"ASSENTAMENTO DE TUBO DE FERRO FUNDIDO PARA REDE DE ÁGUA, DN 600 MM, JUNTA ELÁSTICA, INSTALADO EM LOCAL COM NÍVEL ALTO DE INTERFERÊNCIAS (NÃO INCLUI FORNECIMENTO). AF_05/2024","M",24.65,35.590000000000003]
[97167,"ASSENTAMENTO DE TUBO DE FERRO FUNDIDO PARA REDE DE ÁGUA, DN 600 MM, JUNTA ELÁSTICA, INSTALADO EM LOCAL COM NÍVEL BAIXO DE INTERFERÊNCIAS (NÃO INCLUI FORNECIMENTO). AF_05/2024","M",19.45,28.63]
[97152,"ASSENTAMENTO DE TUBO DE FERRO FUNDIDO PARA REDE DE ÁGUA, DN 700 MM, JUNTA ELÁSTICA, INSTALADO EM LOCAL COM NÍVEL ALTO DE INTERFERÊNCIAS (NÃO INCLUI FORNECIMENTO). AF_05/2024","M",28.09,40.78]
[97168,"ASSENTAMENTO DE TUBO DE FERRO FUNDIDO PARA REDE DE ÁGUA, DN 700 MM, JUNTA ELÁSTICA, INSTALADO EM LOCAL COM NÍVEL BAIXO DE INTERFERÊNCIAS (NÃO INCLUI FORNECIMENTO). AF_05/2024","M",22.17,32.86]
[97141,"ASSENTAMENTO DE TUBO DE FERRO FUNDIDO PARA REDE DE ÁGUA, DN 80 MM, JUNTA ELÁSTICA, INSTALADO EM LOCAL COM NÍVEL ALTO DE INTERFERÊNCIAS (NÃO INCLUI FORNECIMENTO). AF_05/2024","M",4.3099999999999996,6.15]
[97157,"ASSENTAMENTO DE TUBO DE FERRO FUNDIDO PARA REDE DE ÁGUA, DN 80 MM, JUNTA ELÁSTICA, INSTALADO EM LOCAL COM NÍVEL BAIXO DE INTERFERÊNCIAS (NÃO INCLUI FORNECIMENTO). AF_05/2024","M",3.26,4.7]
[97153,"ASSENTAMENTO DE TUBO DE FERRO FUNDIDO PARA REDE DE ÁGUA, DN 800 MM, JUNTA ELÁSTICA, INSTALADO EM LOCAL COM NÍVEL ALTO DE INTERFERÊNCIAS (NÃO INCLUI FORNECIMENTO). AF_05/2024","M",31.7,46.17]
[97169,"ASSENTAMENTO DE TUBO DE FERRO FUNDIDO PARA REDE DE ÁGUA, DN 800 MM, JUNTA ELÁSTICA, INSTALADO EM LOCAL COM NÍVEL BAIXO DE INTERFERÊNCIAS (NÃO INCLUI FORNECIMENTO). AF_05/2024","M",25.07,37.26]
[97154,"ASSENTAMENTO DE TUBO DE FERRO FUNDIDO PARA REDE DE ÁGUA, DN 900 MM, JUNTA ELÁSTICA, INSTALADO EM LOCAL COM NÍVEL ALTO DE INTERFERÊNCIAS (NÃO INCLUI FORNECIMENTO). AF_05/2024","M",35.33,51.56]
[97170,"ASSENTAMENTO DE TUBO DE FERRO FUNDIDO PARA REDE DE ÁGUA, DN 900 MM, JUNTA ELÁSTICA, INSTALADO EM LOCAL COM NÍVEL BAIXO DE INTERFERÊNCIAS (NÃO INCLUI FORNECIMENTO). AF_05/2024","M",27.99,41.68]
[105311,"ASSENTAMENTO DE TUBO DE PVC DEFOFO OU PRFV OU RPVC PARA REDE DE ÁGUA, DN 100, JUNTA ELÁSTICA INTEGRADA, INSTALADO EM LOCAL COM NÍVEL ALTO DE INTERFERÊNCIAS (NÃO INCLUI FORNECIMENTO). AF_05/2024","M",3.23,5.32]
[105339,"ASSENTAMENTO DE TUBO DE PVC DEFOFO OU PRFV OU RPVC PARA REDE DE ÁGUA, DN 100, JUNTA ELÁSTICA INTEGRADA, INSTALADO EM LOCAL COM NÍVEL BAIXO DE INTERFERÊNCIAS (NÃO INCLUI FORNECIMENTO). AF_05/2024","M",2.67,4.3499999999999996]
[97127,"ASSENTAMENTO DE TUBO DE PVC DEFOFO OU PRFV OU RPVC PARA REDE DE ÁGUA, DN 150 MM, JUNTA ELÁSTICA INTEGRADA, INSTALADO EM LOCAL COM NÍVEL ALTO DE INTERFERÊNCIAS (NÃO INCLUI FORNECIMENTO). AF_05/2024","M",4.24,6.92]
[97134,"ASSENTAMENTO DE TUBO DE PVC DEFOFO OU PRFV OU RPVC PARA REDE DE ÁGUA, DN 150 MM, JUNTA ELÁSTICA INTEGRADA, INSTALADO EM LOCAL COM NÍVEL BAIXO DE INTERFERÊNCIAS (NÃO INCLUI FORNECIMENTO). AF_05/2024","M",3.51,5.68]
[97128,"ASSENTAMENTO DE TUBO DE PVC DEFOFO OU PRFV OU RPVC PARA REDE DE ÁGUA, DN 200 MM, JUNTA ELÁSTICA INTEGRADA, INSTALADO EM LOCAL COM NÍVEL ALTO DE INTERFERÊNCIAS (NÃO INCLUI FORNECIMENTO). AF_05/2024","M",8.75,12.96]
[97135,"ASSENTAMENTO DE TUBO DE PVC DEFOFO OU PRFV OU RPVC PARA REDE DE ÁGUA, DN 200 MM, JUNTA ELÁSTICA INTEGRADA, INSTALADO EM LOCAL COM NÍVEL BAIXO DE INTERFERÊNCIAS (NÃO INCLUI FORNECIMENTO). AF_05/2024","M",6.7,9.91]
[97129,"ASSENTAMENTO DE TUBO DE PVC DEFOFO OU PRFV OU RPVC PARA REDE DE ÁGUA, DN 250 MM, JUNTA ELÁSTICA INTEGRADA, INSTALADO EM LOCAL COM NÍVEL ALTO DE INTERFERÊNCIAS (NÃO INCLUI FORNECIMENTO). AF_05/2024","M",10.36,15.35]
[97136,"ASSENTAMENTO DE TUBO DE PVC DEFOFO OU PRFV OU RPVC PARA REDE DE ÁGUA, DN 250 MM, JUNTA ELÁSTICA INTEGRADA, INSTALADO EM LOCAL COM NÍVEL BAIXO DE INTERFERÊNCIAS (NÃO INCLUI FORNECIMENTO). AF_05/2024","M",7.94,11.75]
[97130,"ASSENTAMENTO DE TUBO DE PVC DEFOFO OU PRFV OU RPVC PARA REDE DE ÁGUA, DN 300 MM, JUNTA ELÁSTICA INTEGRADA, INSTALADO EM LOCAL COM NÍVEL ALTO DE INTERFERÊNCIAS (NÃO INCLUI FORNECIMENTO). AF_05/2024","M",11.99,17.75]
[97137,"ASSENTAMENTO DE TUBO DE PVC DEFOFO OU PRFV OU RPVC PARA REDE DE ÁGUA, DN 300 MM, JUNTA ELÁSTICA INTEGRADA, INSTALADO EM LOCAL COM NÍVEL BAIXO DE INTERFERÊNCIAS (NÃO INCLUI FORNECIMENTO). AF_05/2024","M",9.1999999999999993,13.59]
[97131,"ASSENTAMENTO DE TUBO DE PVC DEFOFO OU PRFV OU RPVC PARA REDE DE ÁGUA, DN 350 MM, JUNTA ELÁSTICA INTEGRADA, INSTALADO EM LOCAL COM NÍVEL ALTO DE INTERFERÊNCIAS (NÃO INCLUI FORNECIMENTO). AF_05/2024","M",13.61,20.149999999999999]
[97138,"ASSENTAMENTO DE TUBO DE PVC DEFOFO OU PRFV OU RPVC PARA REDE DE ÁGUA, DN 350 MM, JUNTA ELÁSTICA INTEGRADA, INSTALADO EM LOCAL COM NÍVEL BAIXO DE INTERFERÊNCIAS (NÃO INCLUI FORNECIMENTO). AF_05/2024","M",10.45,15.43]
[97132,"ASSENTAMENTO DE TUBO DE PVC DEFOFO OU PRFV OU RPVC PARA REDE DE ÁGUA, DN 400 MM, JUNTA ELÁSTICA INTEGRADA, INSTALADO EM LOCAL COM NÍVEL ALTO DE INTERFERÊNCIAS (NÃO INCLUI FORNECIMENTO). AF_05/2024","M",15.23,22.54]
[97139,"ASSENTAMENTO DE TUBO DE PVC DEFOFO OU PRFV OU RPVC PARA REDE DE ÁGUA, DN 400 MM, JUNTA ELÁSTICA INTEGRADA, INSTALADO EM LOCAL COM NÍVEL BAIXO DE INTERFERÊNCIAS (NÃO INCLUI FORNECIMENTO). AF_05/2024","M",11.7,17.27]
[97133,"ASSENTAMENTO DE TUBO DE PVC DEFOFO OU PRFV OU RPVC PARA REDE DE ÁGUA, DN 500 MM, JUNTA ELÁSTICA INTEGRADA, INSTALADO EM LOCAL COM NÍVEL ALTO DE INTERFERÊNCIAS (NÃO INCLUI FORNECIMENTO). AF_05/2024","M",18.47,27.33]
[97140,"ASSENTAMENTO DE TUBO DE PVC DEFOFO OU PRFV OU RPVC PARA REDE DE ÁGUA, DN 500 MM, JUNTA ELÁSTICA INTEGRADA, INSTALADO EM LOCAL COM NÍVEL BAIXO DE INTERFERÊNCIAS (NÃO INCLUI FORNECIMENTO). AF_05/2024","M",14.19,20.93]
[97123,"ASSENTAMENTO DE TUBO DE PVC PBA PARA REDE DE ÁGUA, DN 100 MM, JUNTA ELÁSTICA INTEGRADA, INSTALADO EM LOCAL COM NÍVEL ALTO DE INTERFERÊNCIAS (NÃO INCLUI FORNECIMENTO). AF_05/2024","M",3.47,5.73]
[97126,"ASSENTAMENTO DE TUBO DE PVC PBA PARA REDE DE ÁGUA, DN 100 MM, JUNTA ELÁSTICA INTEGRADA, INSTALADO EM LOCAL COM NÍVEL BAIXO DE INTERFERÊNCIAS (NÃO INCLUI FORNECIMENTO). AF_05/2024","M",2.86,4.7]
[105308,"ASSENTAMENTO DE TUBO DE PVC PBA PARA REDE DE ÁGUA, DN 125, JUNTA ELÁSTICA INTEGRADA, INSTALADO EM LOCAL COM NÍVEL ALTO DE INTERFERÊNCIAS (NÃO INCLUI FORNECIMENTO). AF_05/2024","M",4.0199999999999996,6.57]
[105312,"ASSENTAMENTO DE TUBO DE PVC PBA PARA REDE DE ÁGUA, DN 125, JUNTA ELÁSTICA INTEGRADA, INSTALADO EM LOCAL COM NÍVEL BAIXO DE INTERFERÊNCIAS (NÃO INCLUI FORNECIMENTO). AF_05/2024","M",3.33,5.39]
[105309,"ASSENTAMENTO DE TUBO DE PVC PBA PARA REDE DE ÁGUA, DN 140, JUNTA ELÁSTICA INTEGRADA, INSTALADO EM LOCAL COM NÍVEL ALTO DE INTERFERÊNCIAS (NÃO INCLUI FORNECIMENTO). AF_05/2024","M",4.34,7.06]
[105313,"ASSENTAMENTO DE TUBO DE PVC PBA PARA REDE DE ÁGUA, DN 140, JUNTA ELÁSTICA INTEGRADA, INSTALADO EM LOCAL COM NÍVEL BAIXO DE INTERFERÊNCIAS (NÃO INCLUI FORNECIMENTO). AF_05/2024","M",3.6,5.8]
[105310,"ASSENTAMENTO DE TUBO DE PVC PBA PARA REDE DE ÁGUA, DN 180, JUNTA ELÁSTICA INTEGRADA, INSTALADO EM LOCAL COM NÍVEL ALTO DE INTERFERÊNCIAS (NÃO INCLUI FORNECIMENTO). AF_05/2024","M",5.13,8.32]
[105314,"ASSENTAMENTO DE TUBO DE PVC PBA PARA REDE DE ÁGUA, DN 180, JUNTA ELÁSTICA INTEGRADA, INSTALADO EM LOCAL COM NÍVEL BAIXO DE INTERFERÊNCIAS (NÃO INCLUI FORNECIMENTO). AF_05/2024","M",4.26,6.83]
[97121,"ASSENTAMENTO DE TUBO DE PVC PBA PARA REDE DE ÁGUA, DN 50 MM, JUNTA ELÁSTICA INTEGRADA, INSTALADO EM LOCAL COM NÍVEL ALTO DE INTERFERÊNCIAS (NÃO INCLUI FORNECIMENTO). AF_05/2024","M",2.4700000000000002,4.1399999999999997]
[97124,"ASSENTAMENTO DE TUBO DE PVC PBA PARA REDE DE ÁGUA, DN 50 MM, JUNTA ELÁSTICA INTEGRADA, INSTALADO EM LOCAL COM NÍVEL BAIXO DE INTERFERÊNCIAS (NÃO INCLUI FORNECIMENTO). AF_05/2024","M",2.02,3.37]
[97122,"ASSENTAMENTO DE TUBO DE PVC PBA PARA REDE DE ÁGUA, DN 75 MM, JUNTA ELÁSTICA INTEGRADA, INSTALADO EM LOCAL COM NÍVEL ALTO DE INTERFERÊNCIAS (NÃO INCLUI FORNECIMENTO). AF_05/2024","M",2.99,4.95]
[97125,"ASSENTAMENTO DE TUBO DE PVC PBA PARA REDE DE ÁGUA, DN 75 MM, JUNTA ELÁSTICA INTEGRADA, INSTALADO EM LOCAL COM NÍVEL BAIXO DE INTERFERÊNCIAS (NÃO INCLUI FORNECIMENTO). AF_05/2024","M",2.46,4.04]
[105296,"ASSENTAMENTO E FORNECIMENTO DE CURVA PVC PBA, JE, PB, 45 GRAUS, DN 100 / DE 110 MM, PARA REDE AGUA, JUNTA ELÁSTICA INTEGRADA, INSTALADO EM LOCAL COM NÍVEL ALTO DE INTERFERÊNCIAS (INCLUI FORNECIMENTO). AF_05/2024","UN",155.69,202.01]
[105374,"ASSENTAMENTO E FORNECIMENTO DE CURVA PVC PBA, JE, PB, 45 GRAUS, DN 100 / DE 110 MM, PARA REDE AGUA, JUNTA ELÁSTICA INTEGRADA, INSTALADO EM LOCAL COM NÍVEL BAIXO DE INTERFERÊNCIAS (INCLUI FORNECIMENTO). AF_05/2024","UN",152.01,195.71]
[105292,"ASSENTAMENTO E FORNECIMENTO DE CURVA PVC PBA, JE, PB, 45 GRAUS, DN 50 / DE 60 MM, PARA REDE AGUA, JUNTA ELÁSTICA INTEGRADA, INSTALADO EM LOCAL COM NÍVEL ALTO DE INTERFERÊNCIAS (INCLUI FORNECIMENTO). AF_05/2024","UN",44.39,61.63]
[105293,"ASSENTAMENTO E FORNECIMENTO DE CURVA PVC PBA, JE, PB, 45 GRAUS, DN 50 / DE 60 MM, PARA REDE AGUA, JUNTA ELÁSTICA INTEGRADA, INSTALADO EM LOCAL COM NÍVEL BAIXO DE INTERFERÊNCIAS (INCLUI FORNECIMENTO). AF_05/2024","UN",41.69,57.01]
[105294,"ASSENTAMENTO E FORNECIMENTO DE CURVA PVC PBA, JE, PB, 45 GRAUS, DN 75 / DE 85 MM, PARA REDE AGUA, JUNTA ELÁSTICA INTEGRADA, INSTALADO EM LOCAL COM NÍVEL ALTO DE INTERFERÊNCIAS (INCLUI FORNECIMENTO). AF_05/2024","UN",90.65,120.13]
[105295,"ASSENTAMENTO E FORNECIMENTO DE CURVA PVC PBA, JE, PB, 45 GRAUS, DN 75 / DE 85 MM, PARA REDE AGUA, JUNTA ELÁSTICA INTEGRADA, INSTALADO EM LOCAL COM NÍVEL BAIXO DE INTERFERÊNCIAS (INCLUI FORNECIMENTO). AF_05/2024","UN",87.47,114.67]
[105290,"ASSENTAMENTO E FORNECIMENTO DE LUVA SIMPLES, PVC PBA, JE, DN 100 / DE 110 MM, PARA REDE AGUA, JUNTA ELÁSTICA INTEGRADA, INSTALADO EM LOCAL COM NÍVEL ALTO DE INTERFERÊNCIAS (INCLUI FORNECIMENTO). AF_05/2024","UN",59.45,79.37]
[105291,"ASSENTAMENTO E FORNECIMENTO DE LUVA SIMPLES, PVC PBA, JE, DN 100 / DE 110 MM, PARA REDE AGUA, JUNTA ELÁSTICA INTEGRADA, INSTALADO EM LOCAL COM NÍVEL BAIXO DE INTERFERÊNCIAS (INCLUI FORNECIMENTO). AF_05/2024","UN",56.99,75.16]
[105286,"ASSENTAMENTO E FORNECIMENTO DE LUVA SIMPLES, PVC PBA, JE, DN 50 / DE 60 MM, PARA REDE AGUA, JUNTA ELÁSTICA INTEGRADA, INSTALADO EM LOCAL COM NÍVEL ALTO DE INTERFERÊNCIAS (INCLUI FORNECIMENTO). AF_05/2024","UN",26.62,37.31]
[105287,"ASSENTAMENTO E FORNECIMENTO DE LUVA SIMPLES, PVC PBA, JE, DN 50 / DE 60 MM, PARA REDE AGUA, JUNTA ELÁSTICA INTEGRADA, INSTALADO EM LOCAL COM NÍVEL BAIXO DE INTERFERÊNCIAS (INCLUI FORNECIMENTO). AF_05/2024","UN",24.82,34.22]
[105288,"ASSENTAMENTO E FORNECIMENTO DE LUVA SIMPLES, PVC PBA, JE, DN 75 / DE 85 MM, PARA REDE AGUA, JUNTA ELÁSTICA INTEGRADA, INSTALADO EM LOCAL COM NÍVEL ALTO DE INTERFERÊNCIAS (INCLUI FORNECIMENTO). AF_05/2024","UN",44.11,59.64]
[105289,"ASSENTAMENTO E FORNECIMENTO DE LUVA SIMPLES, PVC PBA, JE, DN 75 / DE 85 MM, PARA REDE AGUA, JUNTA ELÁSTICA INTEGRADA, INSTALADO EM LOCAL COM NÍVEL BAIXO DE INTERFERÊNCIAS (INCLUI FORNECIMENTO). AF_05/2024","UN",41.98,55.99]
[105375,"ASSENTAMENTO E FORNECIMENTO DE TE DE REDUCAO, PVC PBA, BBB, JE, DN 100 X 50 / DE 110 X 60 MM, PARA REDE AGUA, JUNTA ELÁSTICA INTEGRADA, INSTALADO EM LOCAL COM NÍVEL ALTO DE INTERFERÊNCIAS (INCLUI FORNECIMENTO). AF_05/2024","UN",120.37,160.57]
[105376,"ASSENTAMENTO E FORNECIMENTO DE TE DE REDUCAO, PVC PBA, BBB, JE, DN 100 X 50 / DE 110 X 60 MM, PARA REDE AGUA, JUNTA ELÁSTICA INTEGRADA, INSTALADO EM LOCAL COM NÍVEL BAIXO DE INTERFERÊNCIAS (INCLUI FORNECIMENTO). AF_05/2024","UN",115.47,152.16]
[105331,"ASSENTAMENTO E FORNECIMENTO DE TUBO DE PVC DEFOFO OU PRFV OU RPVC PARA REDE DE ÁGUA, DN 100, JUNTA ELÁSTICA INTEGRADA, INSTALADO EM LOCAL COM NÍVEL ALTO DE INTERFERÊNCIAS (INCLUI FORNECIMENTO). AF_05/2024","M",50.86,64.5]
[105332,"ASSENTAMENTO E FORNECIMENTO DE TUBO DE PVC DEFOFO OU PRFV OU RPVC PARA REDE DE ÁGUA, DN 100, JUNTA ELÁSTICA INTEGRADA, INSTALADO EM LOCAL COM NÍVEL BAIXO DE INTERFERÊNCIAS (INCLUI FORNECIMENTO). AF_05/2024","M",50.3,63.53]
[105333,"ASSENTAMENTO E FORNECIMENTO DE TUBO DE PVC DEFOFO PARA REDE DE ÁGUA, DN 200, JUNTA ELÁSTICA INTEGRADA, INSTALADO EM LOCAL COM NÍVEL ALTO DE INTERFERÊNCIAS (INCLUI FORNECIMENTO). AF_05/2024","M",225.98,282.86]
[105334,"ASSENTAMENTO E FORNECIMENTO DE TUBO DE PVC DEFOFO PARA REDE DE ÁGUA, DN 200, JUNTA ELÁSTICA INTEGRADA, INSTALADO EM LOCAL COM NÍVEL BAIXO DE INTERFERÊNCIAS (INCLUI FORNECIMENTO). AF_05/2024","M",223.93,279.81]
[105335,"ASSENTAMENTO E FORNECIMENTO DE TUBO DE PVC DEFOFO PARA REDE DE ÁGUA, DN 250, JUNTA ELÁSTICA INTEGRADA, INSTALADO EM LOCAL COM NÍVEL ALTO DE INTERFERÊNCIAS (INCLUI FORNECIMENTO). AF_05/2024","M",341.07,426.24]
[105336,"ASSENTAMENTO E FORNECIMENTO DE TUBO DE PVC DEFOFO PARA REDE DE ÁGUA, DN 250, JUNTA ELÁSTICA INTEGRADA, INSTALADO EM LOCAL COM NÍVEL BAIXO DE INTERFERÊNCIAS (INCLUI FORNECIMENTO). AF_05/2024","M",338.65,422.64]
[105337,"ASSENTAMENTO E FORNECIMENTO DE TUBO DE PVC DEFOFO PARA REDE DE ÁGUA, DN 300, JUNTA ELÁSTICA INTEGRADA, INSTALADO EM LOCAL COM NÍVEL ALTO DE INTERFERÊNCIAS (INCLUI FORNECIMENTO). AF_05/2024","M",481.6,601.22]
[105338,"ASSENTAMENTO E FORNECIMENTO DE TUBO DE PVC DEFOFO PARA REDE DE ÁGUA, DN 300, JUNTA ELÁSTICA INTEGRADA, INSTALADO EM LOCAL COM NÍVEL BAIXO DE INTERFERÊNCIAS (INCLUI FORNECIMENTO). AF_05/2024","M",478.81,597.05999999999995]
[106108,"ASSENTAMENTO E FORNECIMENTO DE TUBO DE PVC PBA PARA REDE DE ÁGUA, DN 100, JUNTA ELÁSTICA INTEGRADA, INSTALADO EM LOCAL COM NÍVEL ALTO DE INTERFERÊNCIAS (INCLUI FORNECIMENTO). AF_05/2024","M",71.95,90.81]
[106109,"ASSENTAMENTO E FORNECIMENTO DE TUBO DE PVC PBA PARA REDE DE ÁGUA, DN 100, JUNTA ELÁSTICA INTEGRADA, INSTALADO EM LOCAL COM NÍVEL BAIXO DE INTERFERÊNCIAS (INCLUI FORNECIMENTO). AF_05/2024","M",71.34,89.78]
[106104,"ASSENTAMENTO E FORNECIMENTO DE TUBO DE PVC PBA PARA REDE DE ÁGUA, DN 50, JUNTA ELÁSTICA INTEGRADA, INSTALADO EM LOCAL COM NÍVEL ALTO DE INTERFERÊNCIAS (INCLUI FORNECIMENTO). AF_05/2024","M",23.33,30.07]
[106105,"ASSENTAMENTO E FORNECIMENTO DE TUBO DE PVC PBA PARA REDE DE ÁGUA, DN 50, JUNTA ELÁSTICA INTEGRADA, INSTALADO EM LOCAL COM NÍVEL BAIXO DE INTERFERÊNCIAS (INCLUI FORNECIMENTO). AF_05/2024","M",22.88,29.3]
[106106,"ASSENTAMENTO E FORNECIMENTO DE TUBO DE PVC PBA PARA REDE DE ÁGUA, DN 75, JUNTA ELÁSTICA INTEGRADA, INSTALADO EM LOCAL COM NÍVEL ALTO DE INTERFERÊNCIAS (INCLUI FORNECIMENTO). AF_05/2024","M",43.97,55.87]
[106107,"ASSENTAMENTO E FORNECIMENTO DE TUBO DE PVC PBA PARA REDE DE ÁGUA, DN 75, JUNTA ELÁSTICA INTEGRADA, INSTALADO EM LOCAL COM NÍVEL BAIXO DE INTERFERÊNCIAS (INCLUI FORNECIMENTO). AF_05/2024","M",43.44,54.96]
[105377,"FORNECIMENTO E ASSENTAMENTO DE CURVA 45 GRAUS RANHURADA EM FERRO FUNDIDO, DN 80 MM (3\") PARA REDE DE ÁGUA, INSTALADO EM LOCAL COM NÍVEL ALTO DE INTERFERÊNCIAS (INCLUI FORNECIMENTO). AF_05/2024","UN",46.97,52.57]
[105368,"FORNECIMENTO E ASSENTAMENTO DE CURVA 45 GRAUS RANHURADA EM FERRO FUNDIDO, DN 80 MM (3\") PARA REDE DE ÁGUA, INSTALADO EM LOCAL COM NÍVEL BAIXO DE INTERFERÊNCIAS (INCLUI FORNECIMENTO). AF_05/2024","UN",43.74,48.12]
[105369,"FORNECIMENTO E ASSENTAMENTO DE TE RANHURADO EM FERRO FUNDIDO, DN 80 (3\") PARA REDE DE ÁGUA, INSTALADO EM LOCAL COM NÍVEL ALTO DE INTERFERÊNCIAS (INCLUI FORNECIMENTO). AF_05/2024","UN",74.56,81.97]
[105370,"FORNECIMENTO E ASSENTAMENTO DE TE RANHURADO EM FERRO FUNDIDO, DN 80 (3\") PARA REDE DE ÁGUA, INSTALADO EM LOCAL COM NÍVEL BAIXO DE INTERFERÊNCIAS (INCLUI FORNECIMENTO). AF_05/2024","UN",70.27,76.03]
[92864,"ASSENTAMENTO DE TUBO DE CONCRETO PARA REDES COLETORAS DE ESGOTO SANITÁRIO, DIÂMETRO DE 1000 MM, JUNTA ELÁSTICA, INSTALADO EM LOCAL COM ALTO NÍVEL DE INTERFERÊNCIAS (NÃO INCLUI FORNECIMENTO). AF_03/2024","M",98.95,99.28]
[92848,"ASSENTAMENTO DE TUBO DE CONCRETO PARA REDES COLETORAS DE ESGOTO SANITÁRIO, DIÂMETRO DE 1000 MM, JUNTA ELÁSTICA, INSTALADO EM LOCAL COM BAIXO NÍVEL DE INTERFERÊNCIAS (NÃO INCLUI FORNECIMENTO). AF_03/2024","M",89.77,86.86]
[104937,"ASSENTAMENTO DE TUBO DE CONCRETO PARA REDES COLETORAS DE ESGOTO SANITÁRIO, DIÂMETRO DE 1200 MM, JUNTA ELÁSTICA, INSTALADO EM LOCAL COM ALTO NÍVEL DE INTERFERÊNCIAS (NÃO INCLUI FORNECIMENTO). AF_03/2024","M",0,0]
[104933,"ASSENTAMENTO DE TUBO DE CONCRETO PARA REDES COLETORAS DE ESGOTO SANITÁRIO, DIÂMETRO DE 1200 MM, JUNTA ELÁSTICA, INSTALADO EM LOCAL COM BAIXO NÍVEL DE INTERFERÊNCIAS (NÃO INCLUI FORNECIMENTO). AF_03/2024","M",0,0]
[104939,"ASSENTAMENTO DE TUBO DE CONCRETO PARA REDES COLETORAS DE ESGOTO SANITÁRIO, DIÂMETRO DE 1500 MM, JUNTA ELÁSTICA, INSTALADO EM LOCAL COM ALTO NÍVEL DE INTERFERÊNCIAS (NÃO INCLUI FORNECIMENTO). AF_03/2024","M",0,0]
[104935,"ASSENTAMENTO DE TUBO DE CONCRETO PARA REDES COLETORAS DE ESGOTO SANITÁRIO, DIÂMETRO DE 1500 MM, JUNTA ELÁSTICA, INSTALADO EM LOCAL COM BAIXO NÍVEL DE INTERFERÊNCIAS (NÃO INCLUI FORNECIMENTO). AF_03/2024","M",0,0]
[92850,"ASSENTAMENTO DE TUBO DE CONCRETO PARA REDES COLETORAS DE ESGOTO SANITÁRIO, DIÂMETRO DE 300 MM, JUNTA ELÁSTICA, INSTALADO EM LOCAL COM ALTO NÍVEL DE INTERFERÊNCIAS (NÃO INCLUI FORNECIMENTO). AF_03/2024","M",24.37,24.62]
[92834,"ASSENTAMENTO DE TUBO DE CONCRETO PARA REDES COLETORAS DE ESGOTO SANITÁRIO, DIÂMETRO DE 300 MM, JUNTA ELÁSTICA, INSTALADO EM LOCAL COM BAIXO NÍVEL DE INTERFERÊNCIAS (NÃO INCLUI FORNECIMENTO). AF_03/2024","M",22.07,21.49]
[92852,"ASSENTAMENTO DE TUBO DE CONCRETO PARA REDES COLETORAS DE ESGOTO SANITÁRIO, DIÂMETRO DE 400 MM, JUNTA ELÁSTICA, INSTALADO EM LOCAL COM ALTO NÍVEL DE INTERFERÊNCIAS (NÃO INCLUI FORNECIMENTO). AF_03/2024","M",32.03,33.340000000000003]
[92836,"ASSENTAMENTO DE TUBO DE CONCRETO PARA REDES COLETORAS DE ESGOTO SANITÁRIO, DIÂMETRO DE 400 MM, JUNTA ELÁSTICA, INSTALADO EM LOCAL COM BAIXO NÍVEL DE INTERFERÊNCIAS (NÃO INCLUI FORNECIMENTO). AF_03/2024","M",28.74,28.9]
[92854,"ASSENTAMENTO DE TUBO DE CONCRETO PARA REDES COLETORAS DE ESGOTO SANITÁRIO, DIÂMETRO DE 500 MM, JUNTA ELÁSTICA, INSTALADO EM LOCAL COM ALTO NÍVEL DE INTERFERÊNCIAS (NÃO INCLUI FORNECIMENTO). AF_03/2024","M",40.14,42.39]
[92838,"ASSENTAMENTO DE TUBO DE CONCRETO PARA REDES COLETORAS DE ESGOTO SANITÁRIO, DIÂMETRO DE 500 MM, JUNTA ELÁSTICA, INSTALADO EM LOCAL COM BAIXO NÍVEL DE INTERFERÊNCIAS (NÃO INCLUI FORNECIMENTO). AF_03/2024","M",35.869999999999997,36.619999999999997]
[92856,"ASSENTAMENTO DE TUBO DE CONCRETO PARA REDES COLETORAS DE ESGOTO SANITÁRIO, DIÂMETRO DE 600 MM, JUNTA ELÁSTICA, INSTALADO EM LOCAL COM ALTO NÍVEL DE INTERFERÊNCIAS (NÃO INCLUI FORNECIMENTO). AF_03/2024","M",48.63,51.65]
[92840,"ASSENTAMENTO DE TUBO DE CONCRETO PARA REDES COLETORAS DE ESGOTO SANITÁRIO, DIÂMETRO DE 600 MM, JUNTA ELÁSTICA, INSTALADO EM LOCAL COM BAIXO NÍVEL DE INTERFERÊNCIAS (NÃO INCLUI FORNECIMENTO). AF_03/2024","M",43.39,44.56]
[92858,"ASSENTAMENTO DE TUBO DE CONCRETO PARA REDES COLETORAS DE ESGOTO SANITÁRIO, DIÂMETRO DE 700 MM, JUNTA ELÁSTICA, INSTALADO EM LOCAL COM ALTO NÍVEL DE INTERFERÊNCIAS (NÃO INCLUI FORNECIMENTO). AF_03/2024","M",61.24,63.6]
[92842,"ASSENTAMENTO DE TUBO DE CONCRETO PARA REDES COLETORAS DE ESGOTO SANITÁRIO, DIÂMETRO DE 700 MM, JUNTA ELÁSTICA, INSTALADO EM LOCAL COM BAIXO NÍVEL DE INTERFERÊNCIAS (NÃO INCLUI FORNECIMENTO). AF_03/2024","M",55,55.16]
[92860,"ASSENTAMENTO DE TUBO DE CONCRETO PARA REDES COLETORAS DE ESGOTO SANITÁRIO, DIÂMETRO DE 800 MM, JUNTA ELÁSTICA, INSTALADO EM LOCAL COM ALTO NÍVEL DE INTERFERÊNCIAS (NÃO INCLUI FORNECIMENTO). AF_03/2024","M",72.92,74.900000000000006]
[92844,"ASSENTAMENTO DE TUBO DE CONCRETO PARA REDES COLETORAS DE ESGOTO SANITÁRIO, DIÂMETRO DE 800 MM, JUNTA ELÁSTICA, INSTALADO EM LOCAL COM BAIXO NÍVEL DE INTERFERÊNCIAS (NÃO INCLUI FORNECIMENTO). AF_03/2024","M",65.7,65.14]
[92862,"ASSENTAMENTO DE TUBO DE CONCRETO PARA REDES COLETORAS DE ESGOTO SANITÁRIO, DIÂMETRO DE 900 MM, JUNTA ELÁSTICA, INSTALADO EM LOCAL COM ALTO NÍVEL DE INTERFERÊNCIAS (NÃO INCLUI FORNECIMENTO). AF_03/2024","M",83.66,85.63]
[92846,"ASSENTAMENTO DE TUBO DE CONCRETO PARA REDES COLETORAS DE ESGOTO SANITÁRIO, DIÂMETRO DE 900 MM, JUNTA ELÁSTICA, INSTALADO EM LOCAL COM BAIXO NÍVEL DE INTERFERÊNCIAS (NÃO INCLUI FORNECIMENTO). AF_03/2024","M",75.459999999999994,74.55]
[92828,"ASSENTAMENTO DE TUBO DE CONCRETO PARA REDES COLETORAS DE ÁGUAS PLUVIAIS, DIÂMETRO DE 1000 MM, JUNTA RÍGIDA, INSTALADO EM LOCAL COM ALTO NÍVEL DE INTERFERÊNCIAS (NÃO INCLUI FORNECIMENTO). AF_03/2024","M",104.61,133.25]
[92815,"ASSENTAMENTO DE TUBO DE CONCRETO PARA REDES COLETORAS DE ÁGUAS PLUVIAIS, DIÂMETRO DE 1000 MM, JUNTA RÍGIDA, INSTALADO EM LOCAL COM BAIXO NÍVEL DE INTERFERÊNCIAS (NÃO INCLUI FORNECIMENTO). AF_03/2024","M",95.4,120.83]
[92830,"ASSENTAMENTO DE TUBO DE CONCRETO PARA REDES COLETORAS DE ÁGUAS PLUVIAIS, DIÂMETRO DE 1200 MM, JUNTA RÍGIDA, INSTALADO EM LOCAL COM ALTO NÍVEL DE INTERFERÊNCIAS (NÃO INCLUI FORNECIMENTO). AF_03/2024","M",130.25,163.86]
[92817,"ASSENTAMENTO DE TUBO DE CONCRETO PARA REDES COLETORAS DE ÁGUAS PLUVIAIS, DIÂMETRO DE 1200 MM, JUNTA RÍGIDA, INSTALADO EM LOCAL COM BAIXO NÍVEL DE INTERFERÊNCIAS (NÃO INCLUI FORNECIMENTO). AF_03/2024","M",119.09,148.78]
[92832,"ASSENTAMENTO DE TUBO DE CONCRETO PARA REDES COLETORAS DE ÁGUAS PLUVIAIS, DIÂMETRO DE 1500 MM, JUNTA RÍGIDA, INSTALADO EM LOCAL COM ALTO NÍVEL DE INTERFERÊNCIAS (NÃO INCLUI FORNECIMENTO). AF_03/2024","M",171.19,211.68]
[92819,"ASSENTAMENTO DE TUBO DE CONCRETO PARA REDES COLETORAS DE ÁGUAS PLUVIAIS, DIÂMETRO DE 1500 MM, JUNTA RÍGIDA, INSTALADO EM LOCAL COM BAIXO NÍVEL DE INTERFERÊNCIAS (NÃO INCLUI FORNECIMENTO). AF_03/2024","M",157.09,192.6]
[92820,"ASSENTAMENTO DE TUBO DE CONCRETO PARA REDES COLETORAS DE ÁGUAS PLUVIAIS, DIÂMETRO DE 300 MM, JUNTA RÍGIDA, INSTALADO EM LOCAL COM ALTO NÍVEL DE INTERFERÊNCIAS (NÃO INCLUI FORNECIMENTO). AF_03/2024","M",25.51,34.14]
[92808,"ASSENTAMENTO DE TUBO DE CONCRETO PARA REDES COLETORAS DE ÁGUAS PLUVIAIS, DIÂMETRO DE 300 MM, JUNTA RÍGIDA, INSTALADO EM LOCAL COM BAIXO NÍVEL DE INTERFERÊNCIAS (NÃO INCLUI FORNECIMENTO). AF_03/2024","M",23.2,30.99]
[92821,"ASSENTAMENTO DE TUBO DE CONCRETO PARA REDES COLETORAS DE ÁGUAS PLUVIAIS, DIÂMETRO DE 400 MM, JUNTA RÍGIDA, INSTALADO EM LOCAL COM ALTO NÍVEL DE INTERFERÊNCIAS (NÃO INCLUI FORNECIMENTO). AF_03/2024","M",35.74,47.46]
[92809,"ASSENTAMENTO DE TUBO DE CONCRETO PARA REDES COLETORAS DE ÁGUAS PLUVIAIS, DIÂMETRO DE 400 MM, JUNTA RÍGIDA, INSTALADO EM LOCAL COM BAIXO NÍVEL DE INTERFERÊNCIAS (NÃO INCLUI FORNECIMENTO). AF_03/2024","M",32.46,43.03]
[92822,"ASSENTAMENTO DE TUBO DE CONCRETO PARA REDES COLETORAS DE ÁGUAS PLUVIAIS, DIÂMETRO DE 500 MM, JUNTA RÍGIDA, INSTALADO EM LOCAL COM ALTO NÍVEL DE INTERFERÊNCIAS (NÃO INCLUI FORNECIMENTO). AF_03/2024","M",46.41,61.15]
[92810,"ASSENTAMENTO DE TUBO DE CONCRETO PARA REDES COLETORAS DE ÁGUAS PLUVIAIS, DIÂMETRO DE 500 MM, JUNTA RÍGIDA, INSTALADO EM LOCAL COM BAIXO NÍVEL DE INTERFERÊNCIAS (NÃO INCLUI FORNECIMENTO). AF_03/2024","M",42.13,55.38]
[92824,"ASSENTAMENTO DE TUBO DE CONCRETO PARA REDES COLETORAS DE ÁGUAS PLUVIAIS, DIÂMETRO DE 600 MM, JUNTA RÍGIDA, INSTALADO EM LOCAL COM ALTO NÍVEL DE INTERFERÊNCIAS (NÃO INCLUI FORNECIMENTO). AF_03/2024","M",57.34,75.03]
[92811,"ASSENTAMENTO DE TUBO DE CONCRETO PARA REDES COLETORAS DE ÁGUAS PLUVIAIS, DIÂMETRO DE 600 MM, JUNTA RÍGIDA, INSTALADO EM LOCAL COM BAIXO NÍVEL DE INTERFERÊNCIAS (NÃO INCLUI FORNECIMENTO). AF_03/2024","M",52.09,67.95]
[92825,"ASSENTAMENTO DE TUBO DE CONCRETO PARA REDES COLETORAS DE ÁGUAS PLUVIAIS, DIÂMETRO DE 700 MM, JUNTA RÍGIDA, INSTALADO EM LOCAL COM ALTO NÍVEL DE INTERFERÊNCIAS (NÃO INCLUI FORNECIMENTO). AF_03/2024","M",68.64,89.2]
[92812,"ASSENTAMENTO DE TUBO DE CONCRETO PARA REDES COLETORAS DE ÁGUAS PLUVIAIS, DIÂMETRO DE 700 MM, JUNTA RÍGIDA, INSTALADO EM LOCAL COM BAIXO NÍVEL DE INTERFERÊNCIAS (NÃO INCLUI FORNECIMENTO). AF_03/2024","M",62.42,80.78]
[92826,"ASSENTAMENTO DE TUBO DE CONCRETO PARA REDES COLETORAS DE ÁGUAS PLUVIAIS, DIÂMETRO DE 800 MM, JUNTA RÍGIDA, INSTALADO EM LOCAL COM ALTO NÍVEL DE INTERFERÊNCIAS (NÃO INCLUI FORNECIMENTO). AF_03/2024","M",80.290000000000006,103.62]
[92813,"ASSENTAMENTO DE TUBO DE CONCRETO PARA REDES COLETORAS DE ÁGUAS PLUVIAIS, DIÂMETRO DE 800 MM, JUNTA RÍGIDA, INSTALADO EM LOCAL COM BAIXO NÍVEL DE INTERFERÊNCIAS (NÃO INCLUI FORNECIMENTO). AF_03/2024","M",73.099999999999994,93.88]
[92827,"ASSENTAMENTO DE TUBO DE CONCRETO PARA REDES COLETORAS DE ÁGUAS PLUVIAIS, DIÂMETRO DE 900 MM, JUNTA RÍGIDA, INSTALADO EM LOCAL COM ALTO NÍVEL DE INTERFERÊNCIAS (NÃO INCLUI FORNECIMENTO). AF_03/2024","M",92.33,118.34]
[92814,"ASSENTAMENTO DE TUBO DE CONCRETO PARA REDES COLETORAS DE ÁGUAS PLUVIAIS, DIÂMETRO DE 900 MM, JUNTA RÍGIDA, INSTALADO EM LOCAL COM BAIXO NÍVEL DE INTERFERÊNCIAS (NÃO INCLUI FORNECIMENTO). AF_03/2024","M",84.1,107.24]
[95570,"TUBO DE CONCRETO (SIMPLES) PARA REDES COLETORAS DE ÁGUAS PLUVIAIS, DIÂMETRO DE 300 MM, JUNTA RÍGIDA, INSTALADO EM LOCAL COM ALTO NÍVEL DE INTERFERÊNCIAS - FORNECIMENTO E ASSENTAMENTO. AF_03/2024","M",96.78,105.41]
[95567,"TUBO DE CONCRETO (SIMPLES) PARA REDES COLETORAS DE ÁGUAS PLUVIAIS, DIÂMETRO DE 300 MM, JUNTA RÍGIDA, INSTALADO EM LOCAL COM BAIXO NÍVEL DE INTERFERÊNCIAS - FORNECIMENTO E ASSENTAMENTO. AF_03/2024","M",94.47,102.26]
[95571,"TUBO DE CONCRETO (SIMPLES) PARA REDES COLETORAS DE ÁGUAS PLUVIAIS, DIÂMETRO DE 400 MM, JUNTA RÍGIDA, INSTALADO EM LOCAL COM ALTO NÍVEL DE INTERFERÊNCIAS - FORNECIMENTO E ASSENTAMENTO. AF_03/2024","M",119.96,131.68]
[95568,"TUBO DE CONCRETO (SIMPLES) PARA REDES COLETORAS DE ÁGUAS PLUVIAIS, DIÂMETRO DE 400 MM, JUNTA RÍGIDA, INSTALADO EM LOCAL COM BAIXO NÍVEL DE INTERFERÊNCIAS - FORNECIMENTO E ASSENTAMENTO. AF_03/2024","M",116.68,127.25]
[95572,"TUBO DE CONCRETO (SIMPLES) PARA REDES COLETORAS DE ÁGUAS PLUVIAIS, DIÂMETRO DE 500 MM, JUNTA RÍGIDA, INSTALADO EM LOCAL COM ALTO NÍVEL DE INTERFERÊNCIAS - FORNECIMENTO E ASSENTAMENTO. AF_03/2024","M",171.76,186.5]
[95569,"TUBO DE CONCRETO (SIMPLES) PARA REDES COLETORAS DE ÁGUAS PLUVIAIS, DIÂMETRO DE 500 MM, JUNTA RÍGIDA, INSTALADO EM LOCAL COM BAIXO NÍVEL DE INTERFERÊNCIAS - FORNECIMENTO E ASSENTAMENTO. AF_03/2024","M",167.48,180.73]
[92863,"TUBO DE CONCRETO PARA REDES COLETORAS DE ESGOTO SANITÁRIO, DIÂMETRO DE 1000 MM, JUNTA ELÁSTICA, INSTALADO EM LOCAL COM ALTO NÍVEL DE INTERFERÊNCIAS - FORNECIMENTO E ASSENTAMENTO. AF_03/2024","M",1179.5,1179.83]
[92847,"TUBO DE CONCRETO PARA REDES COLETORAS DE ESGOTO SANITÁRIO, DIÂMETRO DE 1000 MM, JUNTA ELÁSTICA, INSTALADO EM LOCAL COM BAIXO NÍVEL DE INTERFERÊNCIAS - FORNECIMENTO E ASSENTAMENTO. AF_03/2024","M",1170.32,1167.4100000000001]
[104936,"TUBO DE CONCRETO PARA REDES COLETORAS DE ESGOTO SANITÁRIO, DIÂMETRO DE 1200 MM, JUNTA ELÁSTICA, INSTALADO EM LOCAL COM ALTO NÍVEL DE INTERFERÊNCIAS - FORNECIMENTO E ASSENTAMENTO. AF_03/2024","M",0,0]
[104932,"TUBO DE CONCRETO PARA REDES COLETORAS DE ESGOTO SANITÁRIO, DIÂMETRO DE 1200 MM, JUNTA ELÁSTICA, INSTALADO EM LOCAL COM BAIXO NÍVEL DE INTERFERÊNCIAS - FORNECIMENTO E ASSENTAMENTO. AF_03/2024","M",0,0]
[104938,"TUBO DE CONCRETO PARA REDES COLETORAS DE ESGOTO SANITÁRIO, DIÂMETRO DE 1500 MM, JUNTA ELÁSTICA, INSTALADO EM LOCAL COM ALTO NÍVEL DE INTERFERÊNCIAS - FORNECIMENTO E ASSENTAMENTO. AF_03/2024","M",0,0]
[104934,"TUBO DE CONCRETO PARA REDES COLETORAS DE ESGOTO SANITÁRIO, DIÂMETRO DE 1500 MM, JUNTA ELÁSTICA, INSTALADO EM LOCAL COM BAIXO NÍVEL DE INTERFERÊNCIAS - FORNECIMENTO E ASSENTAMENTO. AF_03/2024","M",0,0]
[92849,"TUBO DE CONCRETO PARA REDES COLETORAS DE ESGOTO SANITÁRIO, DIÂMETRO DE 300 MM, JUNTA ELÁSTICA, INSTALADO EM LOCAL COM ALTO NÍVEL DE INTERFERÊNCIAS - FORNECIMENTO E ASSENTAMENTO. AF_03/2024","M",250.44,250.69]
[92833,"TUBO DE CONCRETO PARA REDES COLETORAS DE ESGOTO SANITÁRIO, DIÂMETRO DE 300 MM, JUNTA ELÁSTICA, INSTALADO EM LOCAL COM BAIXO NÍVEL DE INTERFERÊNCIAS - FORNECIMENTO E ASSENTAMENTO. AF_03/2024","M",248.14,247.56]
[92851,"TUBO DE CONCRETO PARA REDES COLETORAS DE ESGOTO SANITÁRIO, DIÂMETRO DE 400 MM, JUNTA ELÁSTICA, INSTALADO EM LOCAL COM ALTO NÍVEL DE INTERFERÊNCIAS - FORNECIMENTO E ASSENTAMENTO. AF_03/2024","M",263.89999999999998,265.20999999999998]
[92835,"TUBO DE CONCRETO PARA REDES COLETORAS DE ESGOTO SANITÁRIO, DIÂMETRO DE 400 MM, JUNTA ELÁSTICA, INSTALADO EM LOCAL COM BAIXO NÍVEL DE INTERFERÊNCIAS - FORNECIMENTO E ASSENTAMENTO. AF_03/2024","M",260.61,260.77]
[92853,"TUBO DE CONCRETO PARA REDES COLETORAS DE ESGOTO SANITÁRIO, DIÂMETRO DE 500 MM, JUNTA ELÁSTICA, INSTALADO EM LOCAL COM ALTO NÍVEL DE INTERFERÊNCIAS - FORNECIMENTO E ASSENTAMENTO. AF_03/2024","M",469.11,471.36]
[92837,"TUBO DE CONCRETO PARA REDES COLETORAS DE ESGOTO SANITÁRIO, DIÂMETRO DE 500 MM, JUNTA ELÁSTICA, INSTALADO EM LOCAL COM BAIXO NÍVEL DE INTERFERÊNCIAS - FORNECIMENTO E ASSENTAMENTO. AF_03/2024","M",464.84,465.59]
[92855,"TUBO DE CONCRETO PARA REDES COLETORAS DE ESGOTO SANITÁRIO, DIÂMETRO DE 600 MM, JUNTA ELÁSTICA, INSTALADO EM LOCAL COM ALTO NÍVEL DE INTERFERÊNCIAS - FORNECIMENTO E ASSENTAMENTO. AF_03/2024","M",574.99,578.01]
[92839,"TUBO DE CONCRETO PARA REDES COLETORAS DE ESGOTO SANITÁRIO, DIÂMETRO DE 600 MM, JUNTA ELÁSTICA, INSTALADO EM LOCAL COM BAIXO NÍVEL DE INTERFERÊNCIAS - FORNECIMENTO E ASSENTAMENTO. AF_03/2024","M",569.75,570.91999999999996]
[92857,"TUBO DE CONCRETO PARA REDES COLETORAS DE ESGOTO SANITÁRIO, DIÂMETRO DE 700 MM, JUNTA ELÁSTICA, INSTALADO EM LOCAL COM ALTO NÍVEL DE INTERFERÊNCIAS - FORNECIMENTO E ASSENTAMENTO. AF_03/2024","M",748.75,751.11]
[92841,"TUBO DE CONCRETO PARA REDES COLETORAS DE ESGOTO SANITÁRIO, DIÂMETRO DE 700 MM, JUNTA ELÁSTICA, INSTALADO EM LOCAL COM BAIXO NÍVEL DE INTERFERÊNCIAS - FORNECIMENTO E ASSENTAMENTO. AF_03/2024","M",742.51,742.67]
[92859,"TUBO DE CONCRETO PARA REDES COLETORAS DE ESGOTO SANITÁRIO, DIÂMETRO DE 800 MM, JUNTA ELÁSTICA, INSTALADO EM LOCAL COM ALTO NÍVEL DE INTERFERÊNCIAS - FORNECIMENTO E ASSENTAMENTO. AF_03/2024","M",775.62,777.6]
[92843,"TUBO DE CONCRETO PARA REDES COLETORAS DE ESGOTO SANITÁRIO, DIÂMETRO DE 800 MM, JUNTA ELÁSTICA, INSTALADO EM LOCAL COM BAIXO NÍVEL DE INTERFERÊNCIAS - FORNECIMENTO E ASSENTAMENTO. AF_03/2024","M",768.4,767.84]
[92861,"TUBO DE CONCRETO PARA REDES COLETORAS DE ESGOTO SANITÁRIO, DIÂMETRO DE 900 MM, JUNTA ELÁSTICA, INSTALADO EM LOCAL COM ALTO NÍVEL DE INTERFERÊNCIAS - FORNECIMENTO E ASSENTAMENTO. AF_03/2024","M",1149.1400000000001,1151.1099999999999]
[92845,"TUBO DE CONCRETO PARA REDES COLETORAS DE ESGOTO SANITÁRIO, DIÂMETRO DE 900 MM, JUNTA ELÁSTICA, INSTALADO EM LOCAL COM BAIXO NÍVEL DE INTERFERÊNCIAS - FORNECIMENTO E ASSENTAMENTO. AF_03/2024","M",1140.94,1140.03]
[92226,"TUBO DE CONCRETO PARA REDES COLETORAS DE ÁGUAS PLUVIAIS, DIÂMETRO DE 1000 MM, JUNTA RÍGIDA, INSTALADO EM LOCAL COM ALTO NÍVEL DE INTERFERÊNCIAS - FORNECIMENTO E ASSENTAMENTO. AF_03/2024","M",642.55999999999995,671.2]
[92216,"TUBO DE CONCRETO PARA REDES COLETORAS DE ÁGUAS PLUVIAIS, DIÂMETRO DE 1000 MM, JUNTA RÍGIDA, INSTALADO EM LOCAL COM BAIXO NÍVEL DE INTERFERÊNCIAS - FORNECIMENTO E ASSENTAMENTO. AF_03/2024","M",633.35,658.78]
[92829,"TUBO DE CONCRETO PARA REDES COLETORAS DE ÁGUAS PLUVIAIS, DIÂMETRO DE 1200 MM, JUNTA RÍGIDA, INSTALADO EM LOCAL COM ALTO NÍVEL DE INTERFERÊNCIAS - FORNECIMENTO E ASSENTAMENTO. AF_03/2024","M",933.71,967.32]
[92816,"TUBO DE CONCRETO PARA REDES COLETORAS DE ÁGUAS PLUVIAIS, DIÂMETRO DE 1200 MM, JUNTA RÍGIDA, INSTALADO EM LOCAL COM BAIXO NÍVEL DE INTERFERÊNCIAS - FORNECIMENTO E ASSENTAMENTO. AF_03/2024","M",922.55,952.24]
[92831,"TUBO DE CONCRETO PARA REDES COLETORAS DE ÁGUAS PLUVIAIS, DIÂMETRO DE 1500 MM, JUNTA RÍGIDA, INSTALADO EM LOCAL COM ALTO NÍVEL DE INTERFERÊNCIAS - FORNECIMENTO E ASSENTAMENTO. AF_03/2024","M",1335.22,1375.71]
[92818,"TUBO DE CONCRETO PARA REDES COLETORAS DE ÁGUAS PLUVIAIS, DIÂMETRO DE 1500 MM, JUNTA RÍGIDA, INSTALADO EM LOCAL COM BAIXO NÍVEL DE INTERFERÊNCIAS - FORNECIMENTO E ASSENTAMENTO. AF_03/2024","M",1321.12,1356.63]
[95566,"TUBO DE CONCRETO PARA REDES COLETORAS DE ÁGUAS PLUVIAIS, DIÂMETRO DE 300MM, JUNTA RÍGIDA, INSTALADO EM LOCAL COM ALTO NÍVEL DE INTERFERÊNCIAS - FORNECIMENTO E ASSENTAMENTO. AF_03/2024","M",151.88,160.51]
[95565,"TUBO DE CONCRETO PARA REDES COLETORAS DE ÁGUAS PLUVIAIS, DIÂMETRO DE 300MM, JUNTA RÍGIDA, INSTALADO EM LOCAL COM BAIXO NÍVEL DE INTERFERÊNCIAS - FORNECIMENTO E ASSENTAMENTO. AF_03/2024","M",149.57,157.36000000000001]
[92219,"TUBO DE CONCRETO PARA REDES COLETORAS DE ÁGUAS PLUVIAIS, DIÂMETRO DE 400 MM, JUNTA RÍGIDA, INSTALADO EM LOCAL COM ALTO NÍVEL DE INTERFERÊNCIAS - FORNECIMENTO E ASSENTAMENTO. AF_03/2024","M",178.34,190.06]
[92210,"TUBO DE CONCRETO PARA REDES COLETORAS DE ÁGUAS PLUVIAIS, DIÂMETRO DE 400 MM, JUNTA RÍGIDA, INSTALADO EM LOCAL COM BAIXO NÍVEL DE INTERFERÊNCIAS - FORNECIMENTO E ASSENTAMENTO. AF_03/2024","M",175.06,185.63]
[92220,"TUBO DE CONCRETO PARA REDES COLETORAS DE ÁGUAS PLUVIAIS, DIÂMETRO DE 500 MM, JUNTA RÍGIDA, INSTALADO EM LOCAL COM ALTO NÍVEL DE INTERFERÊNCIAS - FORNECIMENTO E ASSENTAMENTO. AF_03/2024","M",216.83,231.57]
[92211,"TUBO DE CONCRETO PARA REDES COLETORAS DE ÁGUAS PLUVIAIS, DIÂMETRO DE 500 MM, JUNTA RÍGIDA, INSTALADO EM LOCAL COM BAIXO NÍVEL DE INTERFERÊNCIAS - FORNECIMENTO E ASSENTAMENTO. AF_03/2024","M",212.55,225.8]
[92221,"TUBO DE CONCRETO PARA REDES COLETORAS DE ÁGUAS PLUVIAIS, DIÂMETRO DE 600 MM, JUNTA RÍGIDA, INSTALADO EM LOCAL COM ALTO NÍVEL DE INTERFERÊNCIAS - FORNECIMENTO E ASSENTAMENTO. AF_03/2024","M",333.27,350.96]
[92212,"TUBO DE CONCRETO PARA REDES COLETORAS DE ÁGUAS PLUVIAIS, DIÂMETRO DE 600 MM, JUNTA RÍGIDA, INSTALADO EM LOCAL COM BAIXO NÍVEL DE INTERFERÊNCIAS - FORNECIMENTO E ASSENTAMENTO. AF_03/2024","M",328.02,343.88]
[92222,"TUBO DE CONCRETO PARA REDES COLETORAS DE ÁGUAS PLUVIAIS, DIÂMETRO DE 700 MM, JUNTA RÍGIDA, INSTALADO EM LOCAL COM ALTO NÍVEL DE INTERFERÊNCIAS - FORNECIMENTO E ASSENTAMENTO. AF_03/2024","M",444.74,465.3]
[92213,"TUBO DE CONCRETO PARA REDES COLETORAS DE ÁGUAS PLUVIAIS, DIÂMETRO DE 700 MM, JUNTA RÍGIDA, INSTALADO EM LOCAL COM BAIXO NÍVEL DE INTERFERÊNCIAS - FORNECIMENTO E ASSENTAMENTO. AF_03/2024","M",438.52,456.88]
[92223,"TUBO DE CONCRETO PARA REDES COLETORAS DE ÁGUAS PLUVIAIS, DIÂMETRO DE 800 MM, JUNTA RÍGIDA, INSTALADO EM LOCAL COM ALTO NÍVEL DE INTERFERÊNCIAS - FORNECIMENTO E ASSENTAMENTO. AF_03/2024","M",539.4,562.73]
[92214,"TUBO DE CONCRETO PARA REDES COLETORAS DE ÁGUAS PLUVIAIS, DIÂMETRO DE 800 MM, JUNTA RÍGIDA, INSTALADO EM LOCAL COM BAIXO NÍVEL DE INTERFERÊNCIAS - FORNECIMENTO E ASSENTAMENTO. AF_03/2024","M",532.21,552.99]
[92224,"TUBO DE CONCRETO PARA REDES COLETORAS DE ÁGUAS PLUVIAIS, DIÂMETRO DE 900 MM, JUNTA RÍGIDA, INSTALADO EM LOCAL COM ALTO NÍVEL DE INTERFERÊNCIAS - FORNECIMENTO E ASSENTAMENTO. AF_03/2024","M",619.85,645.86]
[92215,"TUBO DE CONCRETO PARA REDES COLETORAS DE ÁGUAS PLUVIAIS, DIÂMETRO DE 900 MM, JUNTA RÍGIDA, INSTALADO EM LOCAL COM BAIXO NÍVEL DE INTERFERÊNCIAS - FORNECIMENTO E ASSENTAMENTO. AF_03/2024","M",611.62,634.76]
[94342,"ATERRO MANUAL DE VALAS COM AREIA PARA ATERRO. AF_08/2023","M3",131.59,94.96]
[94319,"ATERRO MANUAL DE VALAS COM SOLO ARGILO-ARENOSO. AF_08/2023","M3",81.260000000000005,89.77]
[94304,"ATERRO MECANIZADO DE VALA COM ESCAVADEIRA HIDRÁULICA (CAPACIDADE DA CAÇAMBA: 0,8 M³ / POTÊNCIA: 111 HP), LARGURA ATÉ 2,5 M, PROFUNDIDADE ATÉ 1,5 M, COM SOLO ARGILO-ARENOSO. AF_08/2023","M3",78.14,81.8]
[94306,"ATERRO MECANIZADO DE VALA COM ESCAVADEIRA HIDRÁULICA (CAPACIDADE DA CAÇAMBA: 0,8 M³ / POTÊNCIA: 111 HP), LARGURA ATÉ 2,5 M, PROFUNDIDADE DE 1,5 A 3,0 M, COM SOLO ARGILO-ARENOSO. AF_08/2023","M3",71.599999999999994,74.09]
[94327,"ATERRO MECANIZADO DE VALA COM ESCAVADEIRA HIDRÁULICA (CAPACIDADE DA CAÇAMBA: 0,8 M³/POTÊNCIA: 111 HP), LARGURA ATÉ 2,5 M, PROFUNDIDADE ATÉ 1,5 M, COM AREIA PARA ATERRO. AF_08/2023","M3",128.47,86.99]
[94329,"ATERRO MECANIZADO DE VALA COM ESCAVADEIRA HIDRÁULICA (CAPACIDADE DA CAÇAMBA: 0,8 M³/POTÊNCIA: 111 HP), LARGURA ATÉ 2,5 M, PROFUNDIDADE DE 1,5 A 3,0 M, COM AREIA PARA ATERRO. AF_08/2023","M3",121.93,79.28]
[94333,"ATERRO MECANIZADO DE VALA COM ESCAVADEIRA HIDRÁULICA (CAPACIDADE DA CAÇAMBA: 0,8 M³/POTÊNCIA: 111 HP), LARGURA ATÉ 2,5 M, PROFUNDIDADE DE 3,0 A 6,0 M, COM AREIA PARA ATERRO. AF_08/2023","M3",119,75.81]
[94310,"ATERRO MECANIZADO DE VALA COM ESCAVADEIRA HIDRÁULICA (CAPACIDADE DA CAÇAMBA: 0,8 M³/POTÊNCIA: 111 HP), LARGURA ATÉ 2,5 M, PROFUNDIDADE DE 3,0 A 6,0 M, COM SOLO ARGILO-ARENOSO. AF_08/2023","M3",68.67,70.62]
[104739,"ATERRO MECANIZADO DE VALA COM MINICARREGADEIRA, COM AREIA PARA ATERRO. AF_08/2023","M3",133.69,92.79]
[104738,"ATERRO MECANIZADO DE VALA COM MINICARREGADEIRA, COM SOLO ARGILO-ARENOSO. AF_08/2023","M3",83.36,87.6]
[94316,"ATERRO MECANIZADO DE VALA COM RETROESCAVADEIRA (CAPACIDADE DA CAÇAMBA DA RETRO: 0,26 M³ / POTÊNCIA: 88 HP), LARGURA ATÉ 1,5 M, PROFUNDIDADE ATÉ 1,5 M, COM SOLO ARGILO-ARENOSO. AF_08/2023","M3",73.11,76.34]
[94318,"ATERRO MECANIZADO DE VALA COM RETROESCAVADEIRA (CAPACIDADE DA CAÇAMBA DA RETRO: 0,26 M³ / POTÊNCIA: 88 HP), LARGURA ATÉ 1,5 M, PROFUNDIDADE DE 1,5 A 3,0 M, COM SOLO ARGILO-ARENOSO. AF_08/2023","M3",67.31,69.38]
[94339,"ATERRO MECANIZADO DE VALA COM RETROESCAVADEIRA (CAPACIDADE DA CAÇAMBA DA RETRO: 0,26 M³/POTÊNCIA: 88 HP), LARGURA ATÉ 1,5 M, PROFUNDIDADE ATÉ 1,5 M, COM AREIA PARA ATERRO. AF_08/2023","M3",123.44,81.53]
[94341,"ATERRO MECANIZADO DE VALA COM RETROESCAVADEIRA (CAPACIDADE DA CAÇAMBA DA RETRO: 0,26 M³/POTÊNCIA: 88 HP), LARGURA ATÉ 1,5 M, PROFUNDIDADE DE 1,5 A 3,0 M, COM AREIA PARA ATERRO. AF_08/2023","M3",117.64,74.569999999999993]
[104742,"COMPACTAÇÃO DE VALAS COM ROLO COMPRESSOR. AF_08/2023","M2",8.18,9.0399999999999991]
[93382,"REATERRO MANUAL DE VALAS, COM COMPACTADOR DE SOLOS DE PERCUSSÃO. AF_08/2023","M3",27.43,35.94]
[104737,"REATERRO MANUAL DE VALAS, COM PLACA VIBRATÓRIA. AF_08/2023","M3",21.65,30.51]
[93369,"REATERRO MECANIZADO DE VALA COM ESCAVADEIRA HIDRÁULICA (CAPACIDADE DA CAÇAMBA: 0,8 M³/POTÊNCIA: 111 HP), LARGURA 1,5 A 2,5 M, PROFUNDIDADE 1,5 A 3,0 M, COM SOLO (SEM SUBSTITUIÇÃO) DE 1ª CATEGORIA, COM COMPACTADOR DE SOLOS DE PERCUSSÃO. AF_08/2023","M3",17.77,20.260000000000002]
[93373,"REATERRO MECANIZADO DE VALA COM ESCAVADEIRA HIDRÁULICA (CAPACIDADE DA CAÇAMBA: 0,8 M³/POTÊNCIA: 111 HP), LARGURA 1,5 A 2,5 M, PROFUNDIDADE 3,0 A 6,0 M, COM SOLO (SEM SUBSTITUIÇÃO) DE 1ª CATEGORIA, COM COMPACTADOR DE SOLOS DE PERCUSSÃO. AF_08/2023","M3",14.84,16.79]
[93368,"REATERRO MECANIZADO DE VALA COM ESCAVADEIRA HIDRÁULICA (CAPACIDADE DA CAÇAMBA: 0,8 M³/POTÊNCIA: 111 HP), LARGURA ATÉ 1,5 M, PROFUNDIDADE DE 1,5 A 3,0 M, COM SOLO (SEM SUBSTITUIÇÃO) DE 1ª CATEGORIA, COM COMPACTADOR DE SOLOS DE PERCUSSÃO. AF_08/2023","M3",21.4,24.53]
[104729,"REATERRO MECANIZADO DE VALA COM ESCAVADEIRA HIDRÁULICA (CAPACIDADE DA CAÇAMBA: 0,8 M³/POTÊNCIA: 111 HP), LARGURA ATÉ 1,5 M, PROFUNDIDADE DE 1,5 A 3,0 M, COM SOLO (SEM SUBSTITUIÇÃO) DE 1ª CATEGORIA, COM PLACA VIBRATÓRIA. AF_08/2023","M3",16.47,19.489999999999998]
[93372,"REATERRO MECANIZADO DE VALA COM ESCAVADEIRA HIDRÁULICA (CAPACIDADE DA CAÇAMBA: 0,8 M³/POTÊNCIA: 111 HP), LARGURA ATÉ 1,5 M, PROFUNDIDADE DE 3,0 A 6,0 M, COM SOLO (SEM SUBSTITUIÇÃO) DE 1ª CATEGORIA, COM COMPACTADOR DE SOLOS DE PERCUSSÃO. AF_08/2023","M3",17.12,19.489999999999998]
[104731,"REATERRO MECANIZADO DE VALA COM ESCAVADEIRA HIDRÁULICA (CAPACIDADE DA CAÇAMBA: 0,8 M³/POTÊNCIA: 111 HP), LARGURA ATÉ 1,5 M, PROFUNDIDADE DE 3,0 A 6,0 M, COM SOLO (SEM SUBSTITUIÇÃO) DE 1ª CATEGORIA, COM PLACA VIBRATÓRIA. AF_08/2023","M3",12.24,14.47]
[93367,"REATERRO MECANIZADO DE VALA COM ESCAVADEIRA HIDRÁULICA (CAPACIDADE DA CAÇAMBA: 0,8 M³/POTÊNCIA: 111 HP), LARGURA DE 1,5 A 2,5 M, PROFUNDIDADE ATÉ 1,5 M, COM SOLO (SEM SUBSTITUIÇÃO) DE 1ª CATEGORIA, COM COMPACTADOR DE SOLOS DE PERCUSSÃO. AF_08/2023","M3",24.31,27.97]
[104728,"REATERRO MECANIZADO DE VALA COM ESCAVADEIRA HIDRÁULICA (CAPACIDADE DA CAÇAMBA: 0,8 M³/POTÊNCIA: 111 HP), LARGURA DE 1,5 A 2,5 M, PROFUNDIDADE ATÉ 1,5 M, COM SOLO (SEM SUBSTITUIÇÃO) DE 1ª CATEGORIA, COM PLACA VIBRATÓRIA. AF_08/2023","M3",19.32,22.89]
[104730,"REATERRO MECANIZADO DE VALA COM ESCAVADEIRA HIDRÁULICA (CAPACIDADE DA CAÇAMBA: 0,8 M³/POTÊNCIA: 111 HP), LARGURA DE 1,5 A 2,5 M, PROFUNDIDADE DE 1,5 A 3,0 M, COM SOLO (SEM SUBSTITUIÇÃO) DE 1ª CATEGORIA, COM PLACA VIBRATÓRIA. AF_08/2023","M3",12.9,15.24]
[104732,"REATERRO MECANIZADO DE VALA COM ESCAVADEIRA HIDRÁULICA (CAPACIDADE DA CAÇAMBA: 0,8 M³/POTÊNCIA: 111 HP), LARGURA DE 1,5 A 2,5 M, PROFUNDIDADE DE 3,0 A 6,0 M, COM SOLO (SEM SUBSTITUIÇÃO) DE 1ª CATEGORIA, COM PLACA VIBRATÓRIA. AF_08/2023","M3",9.9700000000000006,11.77]
[104740,"REATERRO MECANIZADO DE VALA COM MINICARREGADEIRA, COM COMPACTADOR DE SOLOS DE PERCUSSÃO. AF_08/2023","M3",29.53,33.770000000000003]
[104741,"REATERRO MECANIZADO DE VALA COM MINICARREGADEIRA, COM PLACA VIBRATÓRIA. AF_08/2023","M3",23.75,28.33]
[93381,"REATERRO MECANIZADO DE VALA COM RETROESCAVADEIRA (CAPACIDADE DA CAÇAMBA DA RETRO: 0,26 M³/POTÊNCIA: 88 HP), LARGURA 0,8 A 1,5 M, PROFUNDIDADE 1,5 A 3,0 M, COM SOLO (SEM SUBSTITUIÇÃO) DE 1ª CATEGORIA E COMPACTADOR DE SOLOS DE PERCUSSÃO. AF_08/2023","M3",13.48,15.55]
[93379,"REATERRO MECANIZADO DE VALA COM RETROESCAVADEIRA (CAPACIDADE DA CAÇAMBA DA RETRO: 0,26 M³/POTÊNCIA: 88 HP), LARGURA 0,8 A 1,5 M, PROFUNDIDADE ATÉ 1,5 M, COM SOLO (SEM SUBSTITUIÇÃO) DE 1ª CATEGORIA, COM COMPACTADOR DE SOLOS DE PERCUSSÃO AF_08/2023","M3",19.28,22.51]
[93380,"REATERRO MECANIZADO DE VALA COM RETROESCAVADEIRA (CAPACIDADE DA CAÇAMBA DA RETRO: 0,26 M³/POTÊNCIA: 88 HP), LARGURA ATÉ 0,8 M, PROFUNDIDADE 1,5 A 3,0 M, COM SOLO (SEM SUBSTITUIÇÃO) DE 1ª CATEGORIA, COM COMPACTADOR DE SOLOS DE PERCUSSÃO AF_08/2023","M3",16.45,19.170000000000002]
[93378,"REATERRO MECANIZADO DE VALA COM RETROESCAVADEIRA (CAPACIDADE DA CAÇAMBA DA RETRO: 0,26 M³/POTÊNCIA: 88 HP), LARGURA ATÉ 0,8 M, PROFUNDIDADE ATÉ 1,5 M, COM SOLO (SEM SUBSTITUIÇÃO) DE 1ª CATEGORIA, COM COMPACTADOR DE SOLOS DE PERCUSSÃO. AF_08/2023","M3",24.87,29.26]
[104733,"REATERRO MECANIZADO DE VALA COM RETROESCAVADEIRA (CAPACIDADE DA CAÇAMBA DA RETRO: 0,26 M³/POTÊNCIA: 88 HP), LARGURA ATÉ 0,8 M, PROFUNDIDADE ATÉ 1,5 M, COM SOLO (SEM SUBSTITUIÇÃO) DE 1ª CATEGORIA, COM PLACA VIBRATÓRIA. AF_08/2023","M3",19.09,23.83]
[104735,"REATERRO MECANIZADO DE VALA COM RETROESCAVADEIRA (CAPACIDADE DA CAÇAMBA DA RETRO: 0,26 M³/POTÊNCIA: 88 HP), LARGURA ATÉ 0,8 M, PROFUNDIDADE DE 1,5 A 3,0 M, COM SOLO (SEM SUBSTITUIÇÃO) DE 1ª CATEGORIA, COM PLACA VIBRATÓRIA. AF_08/2023","M3",11.37,14.05]
[104734,"REATERRO MECANIZADO DE VALA COM RETROESCAVADEIRA (CAPACIDADE DA CAÇAMBA DA RETRO: 0,26 M³/POTÊNCIA: 88 HP), LARGURA DE 0,8 A 1,5 M, PROFUNDIDADE ATÉ 1,5 M, COM SOLO (SEM SUBSTITUIÇÃO) DE 1ª CATEGORIA, COM PLACA VIBRATÓRIA. AF_08/2023","M3",13.9,17.260000000000002]
[104736,"REATERRO MECANIZADO DE VALA COM RETROESCAVADEIRA (CAPACIDADE DA CAÇAMBA DA RETRO: 0,26 M³/POTÊNCIA: 88 HP), LARGURA DE 0,8 A 1,5 M, PROFUNDIDADE DE 1,5 A 3,0 M, COM SOLO (SEM SUBSTITUIÇÃO) DE 1ª CATEGORIA, COM PLACA VIBRATÓRIA. AF_08/2023","M3",8.56,10.5]
[105732,"CONSTRUÇÃO DE BASE E SUB-BASE PARA PAVIMENTAÇÃO DE BRITA GRADUADA SIMPLES TRATADA COM CIMENTO, COM ESPESSURA DE 10 CM - EXCLUSIVE CARGA E TRANSPORTE. AF_09/2024","M3",573.1,206.86]
[96397,"CONSTRUÇÃO DE BASE E SUB-BASE PARA PAVIMENTAÇÃO DE BRITA GRADUADA SIMPLES TRATADA COM CIMENTO, COM ESPESSURA DE 15 CM - EXCLUSIVE CARGA E TRANSPORTE. AF_09/2024","M3",568.83000000000004,201.95]
[105735,"CONSTRUÇÃO DE BASE E SUB-BASE PARA PAVIMENTAÇÃO DE BRITA GRADUADA SIMPLES TRATADA COM CIMENTO, COM ESPESSURA DE 20 CM - EXCLUSIVE CARGA E TRANSPORTE. AF_09/2024","M3",566.66,199.49]
[105727,"CONSTRUÇÃO DE BASE E SUB-BASE PARA PAVIMENTAÇÃO DE BRITA GRADUADA SIMPLES, COM ESPESSURA DE 10 CM - EXCLUSIVE CARGA E TRANSPORTE. AF_09/2024","M3",479.44,147.94999999999999]
[96396,"CONSTRUÇÃO DE BASE E SUB-BASE PARA PAVIMENTAÇÃO DE BRITA GRADUADA SIMPLES, COM ESPESSURA DE 15 CM - EXCLUSIVE CARGA E TRANSPORTE. AF_09/2024","M3",476.13,144.16999999999999]
[105730,"CONSTRUÇÃO DE BASE E SUB-BASE PARA PAVIMENTAÇÃO DE BRITA GRADUADA SIMPLES, COM ESPESSURA DE 20 CM - EXCLUSIVE CARGA E TRANSPORTE. AF_09/2024","M3",474.47,142.26]
[105737,"CONSTRUÇÃO DE BASE E SUB-BASE PARA PAVIMENTAÇÃO DE CONCRETO COMPACTADO COM ROLO, COM ESPESSURA DE 10 CM - EXCLUSIVE CARGA E TRANSPORTE. AF_09/2024","M3",700.11,282.26]
[96398,"CONSTRUÇÃO DE BASE E SUB-BASE PARA PAVIMENTAÇÃO DE CONCRETO COMPACTADO COM ROLO, COM ESPESSURA DE 15 CM - EXCLUSIVE CARGA E TRANSPORTE. AF_09/2024","M3",696.89,278.58999999999997]
[105740,"CONSTRUÇÃO DE BASE E SUB-BASE PARA PAVIMENTAÇÃO DE CONCRETO COMPACTADO COM ROLO, COM ESPESSURA DE 20 CM - EXCLUSIVE CARGA E TRANSPORTE. AF_09/2024","M3",695.17,276.62]
[105749,"CONSTRUÇÃO DE BASE E SUB-BASE PARA PAVIMENTAÇÃO DE MACADAME SECO, COM ESPESSURA DE 10 CM - EXCLUSIVE CARGA E TRANSPORTE. AF_09/2024","M3",420.21,134.22999999999999]
[96400,"CONSTRUÇÃO DE BASE E SUB-BASE PARA PAVIMENTAÇÃO DE MACADAME SECO, COM ESPESSURA DE 15 CM - EXCLUSIVE CARGA E TRANSPORTE. AF_09/2024","M3",418.45,132.16]
[105752,"CONSTRUÇÃO DE BASE E SUB-BASE PARA PAVIMENTAÇÃO DE MACADAME SECO, COM ESPESSURA DE 20 CM - EXCLUSIVE CARGA E TRANSPORTE. AF_09/2024","M3",416.89,130.36000000000001]
[105754,"CONSTRUÇÃO DE BASE E SUB-BASE PARA PAVIMENTAÇÃO DE MACADAME SECO, COM ESPESSURA DE 25 CM - EXCLUSIVE CARGA E TRANSPORTE. AF_09/2024","M3",415.43,128.63999999999999]
[105742,"CONSTRUÇÃO DE BASE E SUB-BASE PARA PAVIMENTAÇÃO DE RACHÃO, COM ESPESSURA DE 30 CM - EXCLUSIVE CARGA E TRANSPORTE. AF_09/2024","M3",326.48,101.5]
[96399,"CONSTRUÇÃO DE BASE E SUB-BASE PARA PAVIMENTAÇÃO DE RACHÃO, COM ESPESSURA DE 40 CM - EXCLUSIVE CARGA E TRANSPORTE. AF_09/2024","M3",324.93,99.65]
[105745,"CONSTRUÇÃO DE BASE E SUB-BASE PARA PAVIMENTAÇÃO DE RACHÃO, COM ESPESSURA DE 50 CM - EXCLUSIVE CARGA E TRANSPORTE. AF_09/2024","M3",323.36,97.79]
[105747,"CONSTRUÇÃO DE BASE E SUB-BASE PARA PAVIMENTAÇÃO DE RACHÃO, COM ESPESSURA DE 60 CM - EXCLUSIVE CARGA E TRANSPORTE. AF_09/2024","M3",321.77,95.92]
[105657,"CONSTRUÇÃO DE BASE E SUB-BASE PARA PAVIMENTAÇÃO DE SOLO (PREDOMINANTEMENTE ARENOSO) BRITA - 40%-60% COM CIMENTO - 4%, MISTURA EM PISTA, COM ESPESSURA DE 10 CM - EXCLUSIVE ESCAVAÇÃO, CARGA E TRANSPORTE E SOLO. AF_09/2024","M3",372.78,158.53]
[100566,"CONSTRUÇÃO DE BASE E SUB-BASE PARA PAVIMENTAÇÃO DE SOLO (PREDOMINANTEMENTE ARENOSO) BRITA - 40%-60% COM CIMENTO - 4%, MISTURA EM PISTA, COM ESPESSURA DE 15 CM - EXCLUSIVE ESCAVAÇÃO, CARGA E TRANSPORTE E SOLO. AF_09/2024","M3",365.9,150.44999999999999]
[105666,"CONSTRUÇÃO DE BASE E SUB-BASE PARA PAVIMENTAÇÃO DE SOLO (PREDOMINANTEMENTE ARENOSO) BRITA - 40%-60% COM CIMENTO - 4%, MISTURA EM PISTA, COM ESPESSURA DE 20 CM - EXCLUSIVE ESCAVAÇÃO, CARGA E TRANSPORTE E SOLO. AF_09/2024","M3",362.46,146.38999999999999]
[105639,"CONSTRUÇÃO DE BASE E SUB-BASE PARA PAVIMENTAÇÃO DE SOLO (PREDOMINANTEMENTE ARENOSO) BRITA - 40%-60% COM CIMENTO - 4%, MISTURA EM USINA, COM ESPESSURA DE 10 CM - EXCLUSIVE CARGA E TRANSPORTE. AF_09/2024","M3",480.77,178.68]
[105645,"CONSTRUÇÃO DE BASE E SUB-BASE PARA PAVIMENTAÇÃO DE SOLO (PREDOMINANTEMENTE ARENOSO) BRITA - 40%-60% COM CIMENTO - 4%, MISTURA EM USINA, COM ESPESSURA DE 15 CM - EXCLUSIVE CARGA E TRANSPORTE. AF_09/2024","M3",477.46,174.9]
[105651,"CONSTRUÇÃO DE BASE E SUB-BASE PARA PAVIMENTAÇÃO DE SOLO (PREDOMINANTEMENTE ARENOSO) BRITA - 40%-60% COM CIMENTO - 4%, MISTURA EM USINA, COM ESPESSURA DE 20 CM - EXCLUSIVE CARGA E TRANSPORTE. AF_09/2024","M3",475.8,172.99]
[105658,"CONSTRUÇÃO DE BASE E SUB-BASE PARA PAVIMENTAÇÃO DE SOLO (PREDOMINANTEMENTE ARENOSO) BRITA - 40%-60% COM CIMENTO - 6%, MISTURA EM PISTA, COM ESPESSURA DE 10 CM - EXCLUSIVE ESCAVAÇÃO, CARGA E TRANSPORTE E SOLO. AF_09/2024","M3",417.6,186.05]
[100567,"CONSTRUÇÃO DE BASE E SUB-BASE PARA PAVIMENTAÇÃO DE SOLO (PREDOMINANTEMENTE ARENOSO) BRITA - 40%-60% COM CIMENTO - 6%, MISTURA EM PISTA, COM ESPESSURA DE 15 CM - EXCLUSIVE ESCAVAÇÃO, CARGA E TRANSPORTE E SOLO. AF_09/2024","M3",410.72,177.97]
[105667,"CONSTRUÇÃO DE BASE E SUB-BASE PARA PAVIMENTAÇÃO DE SOLO (PREDOMINANTEMENTE ARENOSO) BRITA - 40%-60% COM CIMENTO - 6%, MISTURA EM PISTA, COM ESPESSURA DE 20 CM - EXCLUSIVE ESCAVAÇÃO, CARGA E TRANSPORTE E SOLO. AF_09/2024","M3",407.28,173.91]
[105640,"CONSTRUÇÃO DE BASE E SUB-BASE PARA PAVIMENTAÇÃO DE SOLO (PREDOMINANTEMENTE ARENOSO) BRITA - 40%-60% COM CIMENTO - 6%, MISTURA EM USINA, COM ESPESSURA DE 10 CM - EXCLUSIVE CARGA E TRANSPORTE. AF_09/2024","M3",521.13,204.43]
[105646,"CONSTRUÇÃO DE BASE E SUB-BASE PARA PAVIMENTAÇÃO DE SOLO (PREDOMINANTEMENTE ARENOSO) BRITA - 40%-60% COM CIMENTO - 6%, MISTURA EM USINA, COM ESPESSURA DE 15 CM - EXCLUSIVE CARGA E TRANSPORTE. AF_09/2024","M3",517.82000000000005,200.65]
[105652,"CONSTRUÇÃO DE BASE E SUB-BASE PARA PAVIMENTAÇÃO DE SOLO (PREDOMINANTEMENTE ARENOSO) BRITA - 40%-60% COM CIMENTO - 6%, MISTURA EM USINA, COM ESPESSURA DE 20 CM - EXCLUSIVE CARGA E TRANSPORTE. AF_09/2024","M3",516.16,198.74]
[105659,"CONSTRUÇÃO DE BASE E SUB-BASE PARA PAVIMENTAÇÃO DE SOLO (PREDOMINANTEMENTE ARENOSO) BRITA - 40%-60% COM CIMENTO - 8%, MISTURA EM PISTA, COM ESPESSURA DE 10 CM - EXCLUSIVE ESCAVAÇÃO, CARGA E TRANSPORTE E SOLO. AF_09/2024","M3",461.78,213.19]
[100568,"CONSTRUÇÃO DE BASE E SUB-BASE PARA PAVIMENTAÇÃO DE SOLO (PREDOMINANTEMENTE ARENOSO) BRITA - 40%-60% COM CIMENTO - 8%, MISTURA EM PISTA, COM ESPESSURA DE 15 CM - EXCLUSIVE ESCAVAÇÃO, CARGA E TRANSPORTE E SOLO. AF_09/2024","M3",454.9,205.11]
[105668,"CONSTRUÇÃO DE BASE E SUB-BASE PARA PAVIMENTAÇÃO DE SOLO (PREDOMINANTEMENTE ARENOSO) BRITA - 40%-60% COM CIMENTO - 8%, MISTURA EM PISTA, COM ESPESSURA DE 20 CM - EXCLUSIVE ESCAVAÇÃO, CARGA E TRANSPORTE E SOLO. AF_09/2024","M3",451.46,201.05]
[105641,"CONSTRUÇÃO DE BASE E SUB-BASE PARA PAVIMENTAÇÃO DE SOLO (PREDOMINANTEMENTE ARENOSO) BRITA - 40%-60% COM CIMENTO - 8%, MISTURA EM USINA, COM ESPESSURA DE 10 CM - EXCLUSIVE CARGA E TRANSPORTE. AF_09/2024","M3",561.51,230.18]
[105647,"CONSTRUÇÃO DE BASE E SUB-BASE PARA PAVIMENTAÇÃO DE SOLO (PREDOMINANTEMENTE ARENOSO) BRITA - 40%-60% COM CIMENTO - 8%, MISTURA EM USINA, COM ESPESSURA DE 15 CM - EXCLUSIVE CARGA E TRANSPORTE. AF_09/2024","M3",558.20000000000005,226.4]
[105653,"CONSTRUÇÃO DE BASE E SUB-BASE PARA PAVIMENTAÇÃO DE SOLO (PREDOMINANTEMENTE ARENOSO) BRITA - 40%-60% COM CIMENTO - 8%, MISTURA EM USINA, COM ESPESSURA DE 20 CM - EXCLUSIVE CARGA E TRANSPORTE. AF_09/2024","M3",556.54,224.49]
[105710,"CONSTRUÇÃO DE BASE E SUB-BASE PARA PAVIMENTAÇÃO DE SOLO (PREDOMINANTEMENTE ARENOSO) BRITA - 40%-60%, MISTURA EM PISTA, COM ESPESSURA DE 10 CM - EXCLUSIVE ESCAVAÇÃO, CARGA E TRANSPORTE E SOLO. AF_09/2024","M3",276.69,99.81]
[100564,"CONSTRUÇÃO DE BASE E SUB-BASE PARA PAVIMENTAÇÃO DE SOLO (PREDOMINANTEMENTE ARENOSO) BRITA - 40%-60%, MISTURA EM PISTA, COM ESPESSURA DE 15 CM - EXCLUSIVE ESCAVAÇÃO, CARGA E TRANSPORTE E SOLO. AF_09/2024","M3",269.82,91.74]
[105711,"CONSTRUÇÃO DE BASE E SUB-BASE PARA PAVIMENTAÇÃO DE SOLO (PREDOMINANTEMENTE ARENOSO) BRITA - 40%-60%, MISTURA EM PISTA, COM ESPESSURA DE 20 CM - EXCLUSIVE ESCAVAÇÃO, CARGA E TRANSPORTE E SOLO. AF_09/2024","M3",266.37,87.68]
[105705,"CONSTRUÇÃO DE BASE E SUB-BASE PARA PAVIMENTAÇÃO DE SOLO (PREDOMINANTEMENTE ARENOSO) BRITA - 40%-60%, MISTURA EM USINA, COM ESPESSURA DE 10 CM - EXCLUSIVE CARGA E TRANSPORTE. AF_09/2024","M3",400.05,127.2]
[105706,"CONSTRUÇÃO DE BASE E SUB-BASE PARA PAVIMENTAÇÃO DE SOLO (PREDOMINANTEMENTE ARENOSO) BRITA - 40%-60%, MISTURA EM USINA, COM ESPESSURA DE 15 CM - EXCLUSIVE CARGA E TRANSPORTE. AF_09/2024","M3",396.74,123.42]
[105708,"CONSTRUÇÃO DE BASE E SUB-BASE PARA PAVIMENTAÇÃO DE SOLO (PREDOMINANTEMENTE ARENOSO) BRITA - 40%-60%, MISTURA EM USINA, COM ESPESSURA DE 20 CM - EXCLUSIVE CARGA E TRANSPORTE. AF_09/2024","M3",395.08,121.51]
[105690,"CONSTRUÇÃO DE BASE E SUB-BASE PARA PAVIMENTAÇÃO DE SOLO (PREDOMINANTEMENTE ARENOSO) BRITA - 50%-50% COM CIMENTO - 4%, MISTURA EM PISTA, COM ESPESSURA DE 10 CM - EXCLUSIVE ESCAVAÇÃO, CARGA E TRANSPORTE E SOLO. AF_09/2024","M3",333.38,148.26]
[100569,"CONSTRUÇÃO DE BASE E SUB-BASE PARA PAVIMENTAÇÃO DE SOLO (PREDOMINANTEMENTE ARENOSO) BRITA - 50%-50% COM CIMENTO - 4%, MISTURA EM PISTA, COM ESPESSURA DE 15 CM - EXCLUSIVE ESCAVAÇÃO, CARGA E TRANSPORTE E SOLO. AF_09/2024","M3",326.5,140.18]
[105699,"CONSTRUÇÃO DE BASE E SUB-BASE PARA PAVIMENTAÇÃO DE SOLO (PREDOMINANTEMENTE ARENOSO) BRITA - 50%-50% COM CIMENTO - 4%, MISTURA EM PISTA, COM ESPESSURA DE 20 CM - EXCLUSIVE ESCAVAÇÃO, CARGA E TRANSPORTE E SOLO. AF_09/2024","M3",323.06,136.12]
[105672,"CONSTRUÇÃO DE BASE E SUB-BASE PARA PAVIMENTAÇÃO DE SOLO (PREDOMINANTEMENTE ARENOSO) BRITA - 50%-50% COM CIMENTO - 4%, MISTURA EM USINA, COM ESPESSURA DE 10 CM - EXCLUSIVE CARGA E TRANSPORTE. AF_09/2024","M3",420.86,163.07]
[105678,"CONSTRUÇÃO DE BASE E SUB-BASE PARA PAVIMENTAÇÃO DE SOLO (PREDOMINANTEMENTE ARENOSO) BRITA - 50%-50% COM CIMENTO - 4%, MISTURA EM USINA, COM ESPESSURA DE 15 CM - EXCLUSIVE CARGA E TRANSPORTE. AF_09/2024","M3",417.55,159.29]
[105684,"CONSTRUÇÃO DE BASE E SUB-BASE PARA PAVIMENTAÇÃO DE SOLO (PREDOMINANTEMENTE ARENOSO) BRITA - 50%-50% COM CIMENTO - 4%, MISTURA EM USINA, COM ESPESSURA DE 20 CM - EXCLUSIVE CARGA E TRANSPORTE. AF_09/2024","M3",415.89,157.38]
[105691,"CONSTRUÇÃO DE BASE E SUB-BASE PARA PAVIMENTAÇÃO DE SOLO (PREDOMINANTEMENTE ARENOSO) BRITA - 50%-50% COM CIMENTO - 6%, MISTURA EM PISTA, COM ESPESSURA DE 10 CM - EXCLUSIVE ESCAVAÇÃO, CARGA E TRANSPORTE E SOLO. AF_09/2024","M3",379.02,175.99]
[100570,"CONSTRUÇÃO DE BASE E SUB-BASE PARA PAVIMENTAÇÃO DE SOLO (PREDOMINANTEMENTE ARENOSO) BRITA - 50%-50% COM CIMENTO - 6%, MISTURA EM PISTA, COM ESPESSURA DE 15 CM - EXCLUSIVE ESCAVAÇÃO, CARGA E TRANSPORTE E SOLO. AF_09/2024","M3",372.14,167.91]
[105700,"CONSTRUÇÃO DE BASE E SUB-BASE PARA PAVIMENTAÇÃO DE SOLO (PREDOMINANTEMENTE ARENOSO) BRITA - 50%-50% COM CIMENTO - 6%, MISTURA EM PISTA, COM ESPESSURA DE 20 CM - EXCLUSIVE ESCAVAÇÃO, CARGA E TRANSPORTE E SOLO. AF_09/2024","M3",368.7,163.85]
[105673,"CONSTRUÇÃO DE BASE E SUB-BASE PARA PAVIMENTAÇÃO DE SOLO (PREDOMINANTEMENTE ARENOSO) BRITA - 50%-50% COM CIMENTO - 6%, MISTURA EM USINA, COM ESPESSURA DE 10 CM - EXCLUSIVE CARGA E TRANSPORTE. AF_09/2024","M3",462.46,189.14]
[105679,"CONSTRUÇÃO DE BASE E SUB-BASE PARA PAVIMENTAÇÃO DE SOLO (PREDOMINANTEMENTE ARENOSO) BRITA - 50%-50% COM CIMENTO - 6%, MISTURA EM USINA, COM ESPESSURA DE 15 CM - EXCLUSIVE CARGA E TRANSPORTE. AF_09/2024","M3",459.15,185.36]
[105685,"CONSTRUÇÃO DE BASE E SUB-BASE PARA PAVIMENTAÇÃO DE SOLO (PREDOMINANTEMENTE ARENOSO) BRITA - 50%-50% COM CIMENTO - 6%, MISTURA EM USINA, COM ESPESSURA DE 20 CM - EXCLUSIVE CARGA E TRANSPORTE. AF_09/2024","M3",457.49,183.45]
[105692,"CONSTRUÇÃO DE BASE E SUB-BASE PARA PAVIMENTAÇÃO DE SOLO (PREDOMINANTEMENTE ARENOSO) BRITA - 50%-50% COM CIMENTO - 8%, MISTURA EM PISTA, COM ESPESSURA DE 10 CM - EXCLUSIVE ESCAVAÇÃO, CARGA E TRANSPORTE E SOLO. AF_09/2024","M3",424.02,203.35]
[100571,"CONSTRUÇÃO DE BASE E SUB-BASE PARA PAVIMENTAÇÃO DE SOLO (PREDOMINANTEMENTE ARENOSO) BRITA - 50%-50% COM CIMENTO - 8%, MISTURA EM PISTA, COM ESPESSURA DE 15 CM - EXCLUSIVE ESCAVAÇÃO, CARGA E TRANSPORTE E SOLO. AF_09/2024","M3",417.14,195.27]
[105701,"CONSTRUÇÃO DE BASE E SUB-BASE PARA PAVIMENTAÇÃO DE SOLO (PREDOMINANTEMENTE ARENOSO) BRITA - 50%-50% COM CIMENTO - 8%, MISTURA EM PISTA, COM ESPESSURA DE 20 CM - EXCLUSIVE ESCAVAÇÃO, CARGA E TRANSPORTE E SOLO. AF_09/2024","M3",413.7,191.21]
[105674,"CONSTRUÇÃO DE BASE E SUB-BASE PARA PAVIMENTAÇÃO DE SOLO (PREDOMINANTEMENTE ARENOSO) BRITA - 50%-50% COM CIMENTO - 8%, MISTURA EM USINA, COM ESPESSURA DE 10 CM - EXCLUSIVE CARGA E TRANSPORTE. AF_09/2024","M3",504.08,215.22]
[105680,"CONSTRUÇÃO DE BASE E SUB-BASE PARA PAVIMENTAÇÃO DE SOLO (PREDOMINANTEMENTE ARENOSO) BRITA - 50%-50% COM CIMENTO - 8%, MISTURA EM USINA, COM ESPESSURA DE 15 CM - EXCLUSIVE CARGA E TRANSPORTE. AF_09/2024","M3",500.77,211.44]
[105686,"CONSTRUÇÃO DE BASE E SUB-BASE PARA PAVIMENTAÇÃO DE SOLO (PREDOMINANTEMENTE ARENOSO) BRITA - 50%-50% COM CIMENTO - 8%, MISTURA EM USINA, COM ESPESSURA DE 20 CM - EXCLUSIVE CARGA E TRANSPORTE. AF_09/2024","M3",499.11,209.53]
[105718,"CONSTRUÇÃO DE BASE E SUB-BASE PARA PAVIMENTAÇÃO DE SOLO (PREDOMINANTEMENTE ARENOSO) BRITA - 50%-50%, MISTURA EM PISTA, COM ESPESSURA DE 10 CM - EXCLUSIVE ESCAVAÇÃO, CARGA E TRANSPORTE E SOLO. AF_09/2024","M3",235.65,89.11]
[100565,"CONSTRUÇÃO DE BASE E SUB-BASE PARA PAVIMENTAÇÃO DE SOLO (PREDOMINANTEMENTE ARENOSO) BRITA - 50%-50%, MISTURA EM PISTA, COM ESPESSURA DE 15 CM - EXCLUSIVE ESCAVAÇÃO, CARGA E TRANSPORTE E SOLO. AF_09/2024","M3",228.78,81.040000000000006]
[105581,"CONSTRUÇÃO DE BASE E SUB-BASE PARA PAVIMENTAÇÃO DE SOLO (PREDOMINANTEMENTE ARENOSO) BRITA - 50%-50%, MISTURA EM PISTA, COM ESPESSURA DE 20 CM - EXCLUSIVE ESCAVAÇÃO, CARGA E TRANSPORTE E SOLO. AF_09/2024","M3",225.33,76.98]
[105713,"CONSTRUÇÃO DE BASE E SUB-BASE PARA PAVIMENTAÇÃO DE SOLO (PREDOMINANTEMENTE ARENOSO) BRITA - 50%-50%, MISTURA EM USINA, COM ESPESSURA DE 10 CM - EXCLUSIVE CARGA E TRANSPORTE. AF_09/2024","M3",337.63,110.94]
[105714,"CONSTRUÇÃO DE BASE E SUB-BASE PARA PAVIMENTAÇÃO DE SOLO (PREDOMINANTEMENTE ARENOSO) BRITA - 50%-50%, MISTURA EM USINA, COM ESPESSURA DE 15 CM - EXCLUSIVE CARGA E TRANSPORTE. AF_09/2024","M3",334.32,107.16]
[105716,"CONSTRUÇÃO DE BASE E SUB-BASE PARA PAVIMENTAÇÃO DE SOLO (PREDOMINANTEMENTE ARENOSO) BRITA - 50%-50%, MISTURA EM USINA, COM ESPESSURA DE 20 CM - EXCLUSIVE CARGA E TRANSPORTE. AF_09/2024","M3",332.66,105.25]
[105624,"CONSTRUÇÃO DE BASE E SUB-BASE PARA PAVIMENTAÇÃO DE SOLO (PREDOMINANTEMENTE ARENOSO) COM CIMENTO - 6%, MISTURA EM PISTA, COM ESPESSURA DE 10 CM - EXCLUSIVE ESCAVAÇÃO, CARGA E TRANSPORTE E SOLO. AF_09/2024","M3",174.57,112.08]
[96391,"CONSTRUÇÃO DE BASE E SUB-BASE PARA PAVIMENTAÇÃO DE SOLO (PREDOMINANTEMENTE ARENOSO) COM CIMENTO - 6%, MISTURA EM PISTA, COM ESPESSURA DE 15 CM - EXCLUSIVE ESCAVAÇÃO, CARGA E TRANSPORTE E SOLO. AF_09/2024","M3",169.05,105.58]
[105632,"CONSTRUÇÃO DE BASE E SUB-BASE PARA PAVIMENTAÇÃO DE SOLO (PREDOMINANTEMENTE ARENOSO) COM CIMENTO - 6%, MISTURA EM PISTA, COM ESPESSURA DE 20 CM - EXCLUSIVE ESCAVAÇÃO, CARGA E TRANSPORTE E SOLO. AF_09/2024","M3",168.14,104.56]
[105601,"CONSTRUÇÃO DE BASE E SUB-BASE PARA PAVIMENTAÇÃO DE SOLO (PREDOMINANTEMENTE ARENOSO) COM CIMENTO - 6%, MISTURA EM USINA, COM ESPESSURA DE 10 CM - EXCLUSIVE CARGA E TRANSPORTE. AF_09/2024","M3",162.76,105.39]
[105609,"CONSTRUÇÃO DE BASE E SUB-BASE PARA PAVIMENTAÇÃO DE SOLO (PREDOMINANTEMENTE ARENOSO) COM CIMENTO - 6%, MISTURA EM USINA, COM ESPESSURA DE 15 CM - EXCLUSIVE CARGA E TRANSPORTE. AF_09/2024","M3",160.61000000000001,102.9]
[105617,"CONSTRUÇÃO DE BASE E SUB-BASE PARA PAVIMENTAÇÃO DE SOLO (PREDOMINANTEMENTE ARENOSO) COM CIMENTO - 6%, MISTURA EM USINA, COM ESPESSURA DE 20 CM - EXCLUSIVE CARGA E TRANSPORTE. AF_09/2024","M3",159.03,101.13]
[105625,"CONSTRUÇÃO DE BASE E SUB-BASE PARA PAVIMENTAÇÃO DE SOLO (PREDOMINANTEMENTE ARENOSO) COM CIMENTO - 8%, MISTURA EM PISTA, COM ESPESSURA DE 10 CM - EXCLUSIVE ESCAVAÇÃO, CARGA E TRANSPORTE E SOLO. AF_09/2024","M3",223.67,140.51]
[96392,"CONSTRUÇÃO DE BASE E SUB-BASE PARA PAVIMENTAÇÃO DE SOLO (PREDOMINANTEMENTE ARENOSO) COM CIMENTO - 8%, MISTURA EM PISTA, COM ESPESSURA DE 15 CM - EXCLUSIVE ESCAVAÇÃO, CARGA E TRANSPORTE E SOLO. AF_09/2024","M3",218.15,134.01]
[105633,"CONSTRUÇÃO DE BASE E SUB-BASE PARA PAVIMENTAÇÃO DE SOLO (PREDOMINANTEMENTE ARENOSO) COM CIMENTO - 8%, MISTURA EM PISTA, COM ESPESSURA DE 20 CM - EXCLUSIVE ESCAVAÇÃO, CARGA E TRANSPORTE E SOLO. AF_09/2024","M3",217.24,132.99]
[105602,"CONSTRUÇÃO DE BASE E SUB-BASE PARA PAVIMENTAÇÃO DE SOLO (PREDOMINANTEMENTE ARENOSO) COM CIMENTO - 8%, MISTURA EM USINA, COM ESPESSURA DE 10 CM - EXCLUSIVE CARGA E TRANSPORTE. AF_09/2024","M3",210.61,133.09]
[105610,"CONSTRUÇÃO DE BASE E SUB-BASE PARA PAVIMENTAÇÃO DE SOLO (PREDOMINANTEMENTE ARENOSO) COM CIMENTO - 8%, MISTURA EM USINA, COM ESPESSURA DE 15 CM - EXCLUSIVE CARGA E TRANSPORTE. AF_09/2024","M3",208.46,130.6]
[105618,"CONSTRUÇÃO DE BASE E SUB-BASE PARA PAVIMENTAÇÃO DE SOLO (PREDOMINANTEMENTE ARENOSO) COM CIMENTO - 8%, MISTURA EM USINA, COM ESPESSURA DE 20 CM - EXCLUSIVE CARGA E TRANSPORTE. AF_09/2024","M3",206.88,128.83000000000001]
[105571,"CONSTRUÇÃO DE BASE E SUB-BASE PARA PAVIMENTAÇÃO DE SOLO (PREDOMINANTEMENTE ARENOSO) MELHORADO COM CIMENTO - 2%, MISTURA EM PISTA, COM ESPESSURA DE 10 CM - EXCLUSIVE ESCAVAÇÃO, CARGA E TRANSPORTE E SOLO. AF_09/2024","M3",73.69,53.68]
[96389,"CONSTRUÇÃO DE BASE E SUB-BASE PARA PAVIMENTAÇÃO DE SOLO (PREDOMINANTEMENTE ARENOSO) MELHORADO COM CIMENTO - 2%, MISTURA EM PISTA, COM ESPESSURA DE 15 CM - EXCLUSIVE ESCAVAÇÃO, CARGA E TRANSPORTE E SOLO. AF_09/2024","M3",68.17,47.18]
[105575,"CONSTRUÇÃO DE BASE E SUB-BASE PARA PAVIMENTAÇÃO DE SOLO (PREDOMINANTEMENTE ARENOSO) MELHORADO COM CIMENTO - 2%, MISTURA EM PISTA, COM ESPESSURA DE 20 CM - EXCLUSIVE ESCAVAÇÃO, CARGA E TRANSPORTE E SOLO. AF_09/2024","M3",67.260000000000005,46.16]
[105599,"CONSTRUÇÃO DE BASE E SUB-BASE PARA PAVIMENTAÇÃO DE SOLO (PREDOMINANTEMENTE ARENOSO) MELHORADO COM CIMENTO - 2%, MISTURA EM USINA, COM ESPESSURA DE 10 CM - EXCLUSIVE CARGA E TRANSPORTE. AF_09/2024","M3",67.040000000000006,50]
[105607,"CONSTRUÇÃO DE BASE E SUB-BASE PARA PAVIMENTAÇÃO DE SOLO (PREDOMINANTEMENTE ARENOSO) MELHORADO COM CIMENTO - 2%, MISTURA EM USINA, COM ESPESSURA DE 15 CM - EXCLUSIVE CARGA E TRANSPORTE. AF_09/2024","M3",64.89,47.51]
[105615,"CONSTRUÇÃO DE BASE E SUB-BASE PARA PAVIMENTAÇÃO DE SOLO (PREDOMINANTEMENTE ARENOSO) MELHORADO COM CIMENTO - 2%, MISTURA EM USINA, COM ESPESSURA DE 20 CM - EXCLUSIVE CARGA E TRANSPORTE. AF_09/2024","M3",63.31,45.74]
[105623,"CONSTRUÇÃO DE BASE E SUB-BASE PARA PAVIMENTAÇÃO DE SOLO (PREDOMINANTEMENTE ARENOSO) MELHORADO COM CIMENTO - 4%, MISTURA EM PISTA, COM ESPESSURA DE 10 CM - EXCLUSIVE ESCAVAÇÃO, CARGA E TRANSPORTE E SOLO. AF_09/2024","M3",124.82,83.28]
[96390,"CONSTRUÇÃO DE BASE E SUB-BASE PARA PAVIMENTAÇÃO DE SOLO (PREDOMINANTEMENTE ARENOSO) MELHORADO COM CIMENTO - 4%, MISTURA EM PISTA, COM ESPESSURA DE 15 CM - EXCLUSIVE ESCAVAÇÃO, CARGA E TRANSPORTE E SOLO. AF_09/2024","M3",119.3,76.78]
[105631,"CONSTRUÇÃO DE BASE E SUB-BASE PARA PAVIMENTAÇÃO DE SOLO (PREDOMINANTEMENTE ARENOSO) MELHORADO COM CIMENTO - 4%, MISTURA EM PISTA, COM ESPESSURA DE 20 CM - EXCLUSIVE ESCAVAÇÃO, CARGA E TRANSPORTE E SOLO. AF_09/2024","M3",118.39,75.760000000000005]
[105600,"CONSTRUÇÃO DE BASE E SUB-BASE PARA PAVIMENTAÇÃO DE SOLO (PREDOMINANTEMENTE ARENOSO) MELHORADO COM CIMENTO - 4%, MISTURA EM USINA, COM ESPESSURA DE 10 CM - EXCLUSIVE CARGA E TRANSPORTE. AF_09/2024","M3",114.9,77.69]
[105608,"CONSTRUÇÃO DE BASE E SUB-BASE PARA PAVIMENTAÇÃO DE SOLO (PREDOMINANTEMENTE ARENOSO) MELHORADO COM CIMENTO - 4%, MISTURA EM USINA, COM ESPESSURA DE 15 CM - EXCLUSIVE CARGA E TRANSPORTE. AF_09/2024","M3",112.75,75.2]
[105616,"CONSTRUÇÃO DE BASE E SUB-BASE PARA PAVIMENTAÇÃO DE SOLO (PREDOMINANTEMENTE ARENOSO) MELHORADO COM CIMENTO - 4%, MISTURA EM USINA, COM ESPESSURA DE 20 CM - EXCLUSIVE CARGA E TRANSPORTE. AF_09/2024","M3",111.17,73.430000000000007]
[105585,"CONSTRUÇÃO DE BASE E SUB-BASE PARA PAVIMENTAÇÃO DE SOLO (PREDOMINANTEMENTE ARGILOSO) BRITA - 40%-60%, MISTURA EM PISTA, COM ESPESSURA DE 10 CM - EXCLUSIVE ESCAVAÇÃO, CARGA E TRANSPORTE E SOLO. AF_09/2024","M3",284.32,108.87]
[100572,"CONSTRUÇÃO DE BASE E SUB-BASE PARA PAVIMENTAÇÃO DE SOLO (PREDOMINANTEMENTE ARGILOSO) BRITA - 40%-60%, MISTURA EM PISTA, COM ESPESSURA DE 15 CM - EXCLUSIVE ESCAVAÇÃO, CARGA E TRANSPORTE E SOLO. AF_09/2024","M3",274.93,97.77]
[105588,"CONSTRUÇÃO DE BASE E SUB-BASE PARA PAVIMENTAÇÃO DE SOLO (PREDOMINANTEMENTE ARGILOSO) BRITA - 40%-60%, MISTURA EM PISTA, COM ESPESSURA DE 20 CM - EXCLUSIVE ESCAVAÇÃO, CARGA E TRANSPORTE E SOLO. AF_09/2024","M3",273.95,96.66]
[105583,"CONSTRUÇÃO DE BASE E SUB-BASE PARA PAVIMENTAÇÃO DE SOLO (PREDOMINANTEMENTE ARGILOSO) BRITA - 40%-60%, MISTURA EM USINA, COM ESPESSURA DE 10 CM - EXCLUSIVE CARGA E TRANSPORTE. AF_09/2024","M3",405.77,133.81]
[105719,"CONSTRUÇÃO DE BASE E SUB-BASE PARA PAVIMENTAÇÃO DE SOLO (PREDOMINANTEMENTE ARGILOSO) BRITA - 40%-60%, MISTURA EM USINA, COM ESPESSURA DE 15 CM - EXCLUSIVE CARGA E TRANSPORTE. AF_09/2024","M3",400.59,127.83]
[105721,"CONSTRUÇÃO DE BASE E SUB-BASE PARA PAVIMENTAÇÃO DE SOLO (PREDOMINANTEMENTE ARGILOSO) BRITA - 40%-60%, MISTURA EM USINA, COM ESPESSURA DE 20 CM - EXCLUSIVE CARGA E TRANSPORTE. AF_09/2024","M3",400.77,128.1]
[105592,"CONSTRUÇÃO DE BASE E SUB-BASE PARA PAVIMENTAÇÃO DE SOLO (PREDOMINANTEMENTE ARGILOSO) BRITA - 50%-50%, MISTURA EM PISTA, COM ESPESSURA DE 10 CM - EXCLUSIVE ESCAVAÇÃO, CARGA E TRANSPORTE E SOLO. AF_09/2024","M3",243.28,98.17]
[100573,"CONSTRUÇÃO DE BASE E SUB-BASE PARA PAVIMENTAÇÃO DE SOLO (PREDOMINANTEMENTE ARGILOSO) BRITA - 50%-50%, MISTURA EM PISTA, COM ESPESSURA DE 15 CM - EXCLUSIVE ESCAVAÇÃO, CARGA E TRANSPORTE E SOLO. AF_09/2024","M3",233.89,87.07]
[105595,"CONSTRUÇÃO DE BASE E SUB-BASE PARA PAVIMENTAÇÃO DE SOLO (PREDOMINANTEMENTE ARGILOSO) BRITA - 50%-50%, MISTURA EM PISTA, COM ESPESSURA DE 20 CM - EXCLUSIVE ESCAVAÇÃO, CARGA E TRANSPORTE E SOLO. AF_09/2024","M3",232.91,85.96]
[105590,"CONSTRUÇÃO DE BASE E SUB-BASE PARA PAVIMENTAÇÃO DE SOLO (PREDOMINANTEMENTE ARGILOSO) BRITA - 50%-50%, MISTURA EM USINA, COM ESPESSURA DE 10 CM - EXCLUSIVE CARGA E TRANSPORTE. AF_09/2024","M3",343.35,117.55]
[105723,"CONSTRUÇÃO DE BASE E SUB-BASE PARA PAVIMENTAÇÃO DE SOLO (PREDOMINANTEMENTE ARGILOSO) BRITA - 50%-50%, MISTURA EM USINA, COM ESPESSURA DE 15 CM - EXCLUSIVE CARGA E TRANSPORTE. AF_09/2024","M3",338.17,111.57]
[105725,"CONSTRUÇÃO DE BASE E SUB-BASE PARA PAVIMENTAÇÃO DE SOLO (PREDOMINANTEMENTE ARGILOSO) BRITA - 50%-50%, MISTURA EM USINA, COM ESPESSURA DE 20 CM - EXCLUSIVE CARGA E TRANSPORTE. AF_09/2024","M3",338.35,111.84]
[105566,"CONSTRUÇÃO DE BASE E SUB-BASE PARA PAVIMENTAÇÃO DE SOLO DE COMPORTAMENTO LATERÍTICO (ARENOSO), COM ESPESSURA DE 10 CM - EXCLUSIVE ESCAVAÇÃO, CARGA E TRANSPORTE E SOLO. AF_09/2024","M3",10.99,12.51]
[96388,"CONSTRUÇÃO DE BASE E SUB-BASE PARA PAVIMENTAÇÃO DE SOLO DE COMPORTAMENTO LATERÍTICO (ARENOSO), COM ESPESSURA DE 15 CM - EXCLUSIVE ESCAVAÇÃO, CARGA E TRANSPORTE E SOLO. AF_09/2024","M3",8.84,10.02]
[105569,"CONSTRUÇÃO DE BASE E SUB-BASE PARA PAVIMENTAÇÃO DE SOLO DE COMPORTAMENTO LATERÍTICO (ARENOSO), COM ESPESSURA DE 20 CM - EXCLUSIVE ESCAVAÇÃO, CARGA E TRANSPORTE E SOLO. AF_09/2024","M3",7.34,8.33]
[101767,"CONSTRUÇÃO DE BASE E SUB-BASE PARA PAVIMENTAÇÃO DE SOLO ESTABILIZADO GRANULOMETRICAMENTE COM MISTURA DE SOLOS EM PISTA - EXCLUSIVE SOLO, ESCAVAÇÃO, CARGA E TRANSPORTE. AF_09/2024","M3",29.01,33.97]
[101768,"CONSTRUÇÃO DE BASE E SUB-BASE PARA PAVIMENTAÇÃO DE SOLO ESTABILIZADO GRANULOMETRICAMENTE SEM MISTURA DE SOLOS - EXCLUSIVE SOLO, ESCAVAÇÃO, CARGA E TRANSPORTE. AF_09/2024","M3",25.19,28.57]
[100574,"ESPALHAMENTO DE MATERIAL COM TRATOR DE ESTEIRAS. AF_09/2024","M3",1.5,1.64]
[102470,"EXECUÇÃO DE IMPRIMAÇÃO COM ASFALTO DILUÍDO CM-30, PARA OBRAS DE CONSTRUÇÃO DE PAVIMENTOS. AF_09/2024","M2",0,0]
[105756,"EXECUÇÃO DE IMPRIMAÇÃO COM ASFALTO DILUÍDO CM-30, PARA OBRAS DE RECONSTRUÇÃO DE PAVIMENTOS. AF_09/2024","M2",0,0]
[104375,"EXECUÇÃO DE PINTURA DE LIGAÇÃO COM EMULSÃO ASFÁLTICA RR-2C, PARA OBRAS DE CONSTRUÇÃO DE PAVIMENTOS. AF_09/2024","M2",0,0]
[105757,"EXECUÇÃO DE PINTURA DE LIGAÇÃO COM EMULSÃO ASFÁLTICA RR-2C, PARA OBRAS DE RECONSTRUÇÃO DE PAVIMENTOS. AF_09/2024","M2",0,0]
[105562,"EXECUÇÃO E COMPACTAÇÃO DE CAMADA FINAL DE ATERRO (100% DE ENERGIA DO PROCTOR NORMAL) COM SOLO PREDOMINANTEMENTE ARENOSO, EM CAMADAS COM ESPESSURA DE 10 CM - EXCLUSIVE ESCAVAÇÃO, CARGA E TRANSPORTE E SOLO. AF_09/2024","M3",8.1199999999999992,9.26]
[105563,"EXECUÇÃO E COMPACTAÇÃO DE CAMADA FINAL DE ATERRO (100% DE ENERGIA DO PROCTOR NORMAL) COM SOLO PREDOMINANTEMENTE ARENOSO, EM CAMADAS COM ESPESSURA DE 15 CM - EXCLUSIVE ESCAVAÇÃO, CARGA E TRANSPORTE E SOLO. AF_09/2024","M3",6.58,7.49]
[105565,"EXECUÇÃO E COMPACTAÇÃO DE CAMADA FINAL DE ATERRO (100% DE ENERGIA DO PROCTOR NORMAL) COM SOLO PREDOMINANTEMENTE ARENOSO, EM CAMADAS COM ESPESSURA DE 20 CM - EXCLUSIVE ESCAVAÇÃO, CARGA E TRANSPORTE E SOLO. AF_09/2024","M3",6.12,6.96]
[105557,"EXECUÇÃO E COMPACTAÇÃO DE CAMADA FINAL DE ATERRO (100% DE ENERGIA DO PROCTOR NORMAL) COM SOLO PREDOMINANTEMENTE ARGILOSO, EM CAMADAS COM ESPESSURA DE 10 CM - EXCLUSIVE ESCAVAÇÃO, CARGA E TRANSPORTE E SOLO. AF_09/2024","M3",15.38,17.829999999999998]
[105558,"EXECUÇÃO E COMPACTAÇÃO DE CAMADA FINAL DE ATERRO (100% DE ENERGIA DO PROCTOR NORMAL) COM SOLO PREDOMINANTEMENTE ARGILOSO, EM CAMADAS COM ESPESSURA DE 15 CM - EXCLUSIVE ESCAVAÇÃO, CARGA E TRANSPORTE E SOLO. AF_09/2024","M3",13.27,15.36]
[105560,"EXECUÇÃO E COMPACTAÇÃO DE CAMADA FINAL DE ATERRO (100% DE ENERGIA DO PROCTOR NORMAL) COM SOLO PREDOMINANTEMENTE ARGILOSO, EM CAMADAS COM ESPESSURA DE 20 CM - EXCLUSIVE ESCAVAÇÃO, CARGA E TRANSPORTE E SOLO. AF_09/2024","M3",12.11,14.04]
[96386,"EXECUÇÃO E COMPACTAÇÃO DE CORPO DE ATERRO (95% DE ENERGIA DO PROCTOR NORMAL) COM SOLO PREDOMINANTEMENTE ARENOSO ESPESSURA 15CM - EXCLUSIVE MATERIAL, ESCAVAÇÃO, CARGA E TRANSPORTE. AF_09/2024","M3",6.52,7.43]
[105564,"EXECUÇÃO E COMPACTAÇÃO DE CORPO DE ATERRO (95% DE ENERGIA DO PROCTOR NORMAL) COM SOLO PREDOMINANTEMENTE ARENOSO, EM CAMADAS COM ESPESSURA DE 20 CM - EXCLUSIVE ESCAVAÇÃO, CARGA E TRANSPORTE E SOLO. AF_09/2024","M3",6.08,6.91]
[105561,"EXECUÇÃO E COMPACTAÇÃO DE CORPO DE ATERRO DE ATERRO (95% DE ENERGIA DO PROCTOR NORMAL) COM SOLO PREDOMINANTEMENTE ARENOSO, EM CAMADAS COM ESPESSURA DE 10 CM - EXCLUSIVE ESCAVAÇÃO, CARGA E TRANSPORTE E SOLO. AF_09/2024","M3",7.95,9.08]
[96385,"EXECUÇÃO E COMPACTAÇÃO DE CORPO DE ATERRO DE ATERRO (95% DE ENERGIA DO PROCTOR NORMAL) COM SOLO PREDOMINANTEMENTE ARGILOSO ESPESSURA 15 CM - EXCLUSIVE MATERIAL, ESCAVAÇÃO, CARGA E TRANSPORTE. AF_09/2024","M3",12.01,13.89]
[105556,"EXECUÇÃO E COMPACTAÇÃO DE CORPO DE ATERRO DE ATERRO (95% DE ENERGIA DO PROCTOR NORMAL) COM SOLO PREDOMINANTEMENTE ARGILOSO, EM CAMADAS COM ESPESSURA DE 10 CM - EXCLUSIVE ESCAVAÇÃO, CARGA E TRANSPORTE E SOLO. AF_09/2024","M3",13.47,15.59]
[105559,"EXECUÇÃO E COMPACTAÇÃO DE CORPO DE ATERRO DE ATERRO (95% DE ENERGIA DO PROCTOR NORMAL) COM SOLO PREDOMINANTEMENTE ARGILOSO, EM CAMADAS COM ESPESSURA DE 20 CM - EXCLUSIVE ESCAVAÇÃO, CARGA E TRANSPORTE E SOLO. AF_09/2024","M3",10.210000000000001,11.8]
[105733,"RECONSTRUÇÃO DE BASE E SUB-BASE PARA PAVIMENTAÇÃO DE BRITA GRADUADA SIMPLES TRATADA COM CIMENTO, COM ESPESSURA DE 10 CM - EXCLUSIVE CARGA E TRANSPORTE. AF_09/2024","M3",580.36,215.28]
[105734,"RECONSTRUÇÃO DE BASE E SUB-BASE PARA PAVIMENTAÇÃO DE BRITA GRADUADA SIMPLES TRATADA COM CIMENTO, COM ESPESSURA DE 15 CM - EXCLUSIVE CARGA E TRANSPORTE. AF_09/2024","M3",574.47,208.5]
[105736,"RECONSTRUÇÃO DE BASE E SUB-BASE PARA PAVIMENTAÇÃO DE BRITA GRADUADA SIMPLES TRATADA COM CIMENTO, COM ESPESSURA DE 20 CM - EXCLUSIVE CARGA E TRANSPORTE. AF_09/2024","M3",571.49,205.1]
[105728,"RECONSTRUÇÃO DE BASE E SUB-BASE PARA PAVIMENTAÇÃO DE BRITA GRADUADA SIMPLES, COM ESPESSURA DE 10 CM - EXCLUSIVE CARGA E TRANSPORTE. AF_09/2024","M3",485.49,154.96]
[105729,"RECONSTRUÇÃO DE BASE E SUB-BASE PARA PAVIMENTAÇÃO DE BRITA GRADUADA SIMPLES, COM ESPESSURA DE 15 CM - EXCLUSIVE CARGA E TRANSPORTE. AF_09/2024","M3",480.96,149.77000000000001]
[105731,"RECONSTRUÇÃO DE BASE E SUB-BASE PARA PAVIMENTAÇÃO DE BRITA GRADUADA SIMPLES, COM ESPESSURA DE 20 CM - EXCLUSIVE CARGA E TRANSPORTE. AF_09/2024","M3",478.69,147.16999999999999]
[105738,"RECONSTRUÇÃO DE BASE E SUB-BASE PARA PAVIMENTAÇÃO DE CONCRETO COMPACTADO COM ROLO, COM ESPESSURA DE 10 CM - EXCLUSIVE CARGA E TRANSPORTE. AF_09/2024","M3",706.16,289.27]
[105739,"RECONSTRUÇÃO DE BASE E SUB-BASE PARA PAVIMENTAÇÃO DE CONCRETO COMPACTADO COM ROLO, COM ESPESSURA DE 15 CM - EXCLUSIVE CARGA E TRANSPORTE. AF_09/2024","M3",701.72,284.19]
[105741,"RECONSTRUÇÃO DE BASE E SUB-BASE PARA PAVIMENTAÇÃO DE CONCRETO COMPACTADO COM ROLO, COM ESPESSURA DE 20 CM - EXCLUSIVE CARGA E TRANSPORTE. AF_09/2024","M3",699.4,281.54000000000002]
[105750,"RECONSTRUÇÃO DE BASE E SUB-BASE PARA PAVIMENTAÇÃO DE MACADAME SECO, COM ESPESSURA DE 10 CM - EXCLUSIVE CARGA E TRANSPORTE. AF_09/2024","M3",429.87,145.83000000000001]
[105751,"RECONSTRUÇÃO DE BASE E SUB-BASE PARA PAVIMENTAÇÃO DE MACADAME SECO, COM ESPESSURA DE 15 CM - EXCLUSIVE CARGA E TRANSPORTE. AF_09/2024","M3",427.58,143.12]
[105753,"RECONSTRUÇÃO DE BASE E SUB-BASE PARA PAVIMENTAÇÃO DE MACADAME SECO, COM ESPESSURA DE 20 CM - EXCLUSIVE CARGA E TRANSPORTE. AF_09/2024","M3",425.49,140.68]
[105755,"RECONSTRUÇÃO DE BASE E SUB-BASE PARA PAVIMENTAÇÃO DE MACADAME SECO, COM ESPESSURA DE 25 CM - EXCLUSIVE CARGA E TRANSPORTE. AF_09/2024","M3",423.51,138.34]
[105743,"RECONSTRUÇÃO DE BASE E SUB-BASE PARA PAVIMENTAÇÃO DE RACHÃO, COM ESPESSURA DE 30 CM - EXCLUSIVE CARGA E TRANSPORTE. AF_09/2024","M3",333.18,109.51]
[105744,"RECONSTRUÇÃO DE BASE E SUB-BASE PARA PAVIMENTAÇÃO DE RACHÃO, COM ESPESSURA DE 40 CM - EXCLUSIVE CARGA E TRANSPORTE. AF_09/2024","M3",330.99,106.92]
[105746,"RECONSTRUÇÃO DE BASE E SUB-BASE PARA PAVIMENTAÇÃO DE RACHÃO, COM ESPESSURA DE 50 CM - EXCLUSIVE CARGA E TRANSPORTE. AF_09/2024","M3",328.81,104.31]
[105748,"RECONSTRUÇÃO DE BASE E SUB-BASE PARA PAVIMENTAÇÃO DE RACHÃO, COM ESPESSURA DE 60 CM - EXCLUSIVE CARGA E TRANSPORTE. AF_09/2024","M3",326.61,101.7]
[105660,"RECONSTRUÇÃO DE BASE E SUB-BASE PARA PAVIMENTAÇÃO DE SOLO (PREDOMINANTEMENTE ARENOSO) BRITA - 40%-60% COM CIMENTO - 4%, MISTURA EM PISTA, COM ESPESSURA DE 10 CM - EXCLUSIVE ESCAVAÇÃO, CARGA E TRANSPORTE E SOLO. AF_09/2024","M3",384.18,172.11]
[105663,"RECONSTRUÇÃO DE BASE E SUB-BASE PARA PAVIMENTAÇÃO DE SOLO (PREDOMINANTEMENTE ARENOSO) BRITA - 40%-60% COM CIMENTO - 4%, MISTURA EM PISTA, COM ESPESSURA DE 15 CM - EXCLUSIVE ESCAVAÇÃO, CARGA E TRANSPORTE E SOLO. AF_09/2024","M3",374.6,160.78]
[105669,"RECONSTRUÇÃO DE BASE E SUB-BASE PARA PAVIMENTAÇÃO DE SOLO (PREDOMINANTEMENTE ARENOSO) BRITA - 40%-60% COM CIMENTO - 4%, MISTURA EM PISTA, COM ESPESSURA DE 20 CM - EXCLUSIVE ESCAVAÇÃO, CARGA E TRANSPORTE E SOLO. AF_09/2024","M3",369.78,155.12]
[105642,"RECONSTRUÇÃO DE BASE E SUB-BASE PARA PAVIMENTAÇÃO DE SOLO (PREDOMINANTEMENTE ARENOSO) BRITA - 40%-60% COM CIMENTO - 4%, MISTURA EM USINA, COM ESPESSURA DE 10 CM - EXCLUSIVE CARGA E TRANSPORTE. AF_09/2024","M3",486.82,185.69]
[105648,"RECONSTRUÇÃO DE BASE E SUB-BASE PARA PAVIMENTAÇÃO DE SOLO (PREDOMINANTEMENTE ARENOSO) BRITA - 40%-60% COM CIMENTO - 4%, MISTURA EM USINA, COM ESPESSURA DE 15 CM - EXCLUSIVE CARGA E TRANSPORTE. AF_09/2024","M3",482.29,180.5]
[105654,"RECONSTRUÇÃO DE BASE E SUB-BASE PARA PAVIMENTAÇÃO DE SOLO (PREDOMINANTEMENTE ARENOSO) BRITA - 40%-60% COM CIMENTO - 4%, MISTURA EM USINA, COM ESPESSURA DE 20 CM - EXCLUSIVE CARGA E TRANSPORTE. AF_09/2024","M3",480.02,177.9]
[105661,"RECONSTRUÇÃO DE BASE E SUB-BASE PARA PAVIMENTAÇÃO DE SOLO (PREDOMINANTEMENTE ARENOSO) BRITA - 40%-60% COM CIMENTO - 6%, MISTURA EM PISTA, COM ESPESSURA DE 10 CM - EXCLUSIVE ESCAVAÇÃO, CARGA E TRANSPORTE E SOLO. AF_09/2024","M3",429,199.63]
[105664,"RECONSTRUÇÃO DE BASE E SUB-BASE PARA PAVIMENTAÇÃO DE SOLO (PREDOMINANTEMENTE ARENOSO) BRITA - 40%-60% COM CIMENTO - 6%, MISTURA EM PISTA, COM ESPESSURA DE 15 CM - EXCLUSIVE ESCAVAÇÃO, CARGA E TRANSPORTE E SOLO. AF_09/2024","M3",419.42,188.3]
[105670,"RECONSTRUÇÃO DE BASE E SUB-BASE PARA PAVIMENTAÇÃO DE SOLO (PREDOMINANTEMENTE ARENOSO) BRITA - 40%-60% COM CIMENTO - 6%, MISTURA EM PISTA, COM ESPESSURA DE 20 CM - EXCLUSIVE ESCAVAÇÃO, CARGA E TRANSPORTE E SOLO. AF_09/2024","M3",414.6,182.64]
[105643,"RECONSTRUÇÃO DE BASE E SUB-BASE PARA PAVIMENTAÇÃO DE SOLO (PREDOMINANTEMENTE ARENOSO) BRITA - 40%-60% COM CIMENTO - 6%, MISTURA EM USINA, COM ESPESSURA DE 10 CM - EXCLUSIVE CARGA E TRANSPORTE. AF_09/2024","M3",527.17999999999995,211.44]
[105649,"RECONSTRUÇÃO DE BASE E SUB-BASE PARA PAVIMENTAÇÃO DE SOLO (PREDOMINANTEMENTE ARENOSO) BRITA - 40%-60% COM CIMENTO - 6%, MISTURA EM USINA, COM ESPESSURA DE 15 CM - EXCLUSIVE CARGA E TRANSPORTE. AF_09/2024","M3",522.65,206.25]
[105655,"RECONSTRUÇÃO DE BASE E SUB-BASE PARA PAVIMENTAÇÃO DE SOLO (PREDOMINANTEMENTE ARENOSO) BRITA - 40%-60% COM CIMENTO - 6%, MISTURA EM USINA, COM ESPESSURA DE 20 CM - EXCLUSIVE CARGA E TRANSPORTE. AF_09/2024","M3",520.38,203.65]
[105662,"RECONSTRUÇÃO DE BASE E SUB-BASE PARA PAVIMENTAÇÃO DE SOLO (PREDOMINANTEMENTE ARENOSO) BRITA - 40%-60% COM CIMENTO - 8%, MISTURA EM PISTA, COM ESPESSURA DE 10 CM - EXCLUSIVE ESCAVAÇÃO, CARGA E TRANSPORTE E SOLO. AF_09/2024","M3",473.18,226.77]
[105665,"RECONSTRUÇÃO DE BASE E SUB-BASE PARA PAVIMENTAÇÃO DE SOLO (PREDOMINANTEMENTE ARENOSO) BRITA - 40%-60% COM CIMENTO - 8%, MISTURA EM PISTA, COM ESPESSURA DE 15 CM - EXCLUSIVE ESCAVAÇÃO, CARGA E TRANSPORTE E SOLO. AF_09/2024","M3",463.6,215.44]
[105671,"RECONSTRUÇÃO DE BASE E SUB-BASE PARA PAVIMENTAÇÃO DE SOLO (PREDOMINANTEMENTE ARENOSO) BRITA - 40%-60% COM CIMENTO - 8%, MISTURA EM PISTA, COM ESPESSURA DE 20 CM - EXCLUSIVE ESCAVAÇÃO, CARGA E TRANSPORTE E SOLO. AF_09/2024","M3",458.78,209.78]
[105644,"RECONSTRUÇÃO DE BASE E SUB-BASE PARA PAVIMENTAÇÃO DE SOLO (PREDOMINANTEMENTE ARENOSO) BRITA - 40%-60% COM CIMENTO - 8%, MISTURA EM USINA, COM ESPESSURA DE 10 CM - EXCLUSIVE CARGA E TRANSPORTE. AF_09/2024","M3",567.55999999999995,237.19]
[105650,"RECONSTRUÇÃO DE BASE E SUB-BASE PARA PAVIMENTAÇÃO DE SOLO (PREDOMINANTEMENTE ARENOSO) BRITA - 40%-60% COM CIMENTO - 8%, MISTURA EM USINA, COM ESPESSURA DE 15 CM - EXCLUSIVE CARGA E TRANSPORTE. AF_09/2024","M3",563.03,232]
[105656,"RECONSTRUÇÃO DE BASE E SUB-BASE PARA PAVIMENTAÇÃO DE SOLO (PREDOMINANTEMENTE ARENOSO) BRITA - 40%-60% COM CIMENTO - 8%, MISTURA EM USINA, COM ESPESSURA DE 20 CM - EXCLUSIVE CARGA E TRANSPORTE. AF_09/2024","M3",560.76,229.4]
[105577,"RECONSTRUÇÃO DE BASE E SUB-BASE PARA PAVIMENTAÇÃO DE SOLO (PREDOMINANTEMENTE ARENOSO) BRITA - 40%-60%, MISTURA EM PISTA, COM ESPESSURA DE 10 CM - EXCLUSIVE ESCAVAÇÃO, CARGA E TRANSPORTE E SOLO. AF_09/2024","M3",288.08999999999997,113.4]
[105578,"RECONSTRUÇÃO DE BASE E SUB-BASE PARA PAVIMENTAÇÃO DE SOLO (PREDOMINANTEMENTE ARENOSO) BRITA - 40%-60%, MISTURA EM PISTA, COM ESPESSURA DE 15 CM - EXCLUSIVE ESCAVAÇÃO, CARGA E TRANSPORTE E SOLO. AF_09/2024","M3",278.51,102.07]
[105712,"RECONSTRUÇÃO DE BASE E SUB-BASE PARA PAVIMENTAÇÃO DE SOLO (PREDOMINANTEMENTE ARENOSO) BRITA - 40%-60%, MISTURA EM PISTA, COM ESPESSURA DE 20 CM - EXCLUSIVE ESCAVAÇÃO, CARGA E TRANSPORTE E SOLO. AF_09/2024","M3",273.69,96.41]
[105637,"RECONSTRUÇÃO DE BASE E SUB-BASE PARA PAVIMENTAÇÃO DE SOLO (PREDOMINANTEMENTE ARENOSO) BRITA - 40%-60%, MISTURA EM USINA, COM ESPESSURA DE 10 CM - EXCLUSIVE CARGA E TRANSPORTE. AF_09/2024","M3",406.1,134.21]
[105707,"RECONSTRUÇÃO DE BASE E SUB-BASE PARA PAVIMENTAÇÃO DE SOLO (PREDOMINANTEMENTE ARENOSO) BRITA - 40%-60%, MISTURA EM USINA, COM ESPESSURA DE 15 CM - EXCLUSIVE CARGA E TRANSPORTE. AF_09/2024","M3",401.57,129.02000000000001]
[105709,"RECONSTRUÇÃO DE BASE E SUB-BASE PARA PAVIMENTAÇÃO DE SOLO (PREDOMINANTEMENTE ARENOSO) BRITA - 40%-60%, MISTURA EM USINA, COM ESPESSURA DE 20 CM - EXCLUSIVE CARGA E TRANSPORTE. AF_09/2024","M3",399.3,126.42]
[105693,"RECONSTRUÇÃO DE BASE E SUB-BASE PARA PAVIMENTAÇÃO DE SOLO (PREDOMINANTEMENTE ARENOSO) BRITA - 50%-50% COM CIMENTO - 4%, MISTURA EM PISTA, COM ESPESSURA DE 10 CM - EXCLUSIVE ESCAVAÇÃO, CARGA E TRANSPORTE E SOLO. AF_09/2024","M3",344.78,161.84]
[105696,"RECONSTRUÇÃO DE BASE E SUB-BASE PARA PAVIMENTAÇÃO DE SOLO (PREDOMINANTEMENTE ARENOSO) BRITA - 50%-50% COM CIMENTO - 4%, MISTURA EM PISTA, COM ESPESSURA DE 15 CM - EXCLUSIVE ESCAVAÇÃO, CARGA E TRANSPORTE E SOLO. AF_09/2024","M3",335.2,150.51]
[105702,"RECONSTRUÇÃO DE BASE E SUB-BASE PARA PAVIMENTAÇÃO DE SOLO (PREDOMINANTEMENTE ARENOSO) BRITA - 50%-50% COM CIMENTO - 4%, MISTURA EM PISTA, COM ESPESSURA DE 20 CM - EXCLUSIVE ESCAVAÇÃO, CARGA E TRANSPORTE E SOLO. AF_09/2024","M3",330.38,144.85]
[105675,"RECONSTRUÇÃO DE BASE E SUB-BASE PARA PAVIMENTAÇÃO DE SOLO (PREDOMINANTEMENTE ARENOSO) BRITA - 50%-50% COM CIMENTO - 4%, MISTURA EM USINA, COM ESPESSURA DE 10 CM - EXCLUSIVE CARGA E TRANSPORTE. AF_09/2024","M3",426.91,170.08]
[105681,"RECONSTRUÇÃO DE BASE E SUB-BASE PARA PAVIMENTAÇÃO DE SOLO (PREDOMINANTEMENTE ARENOSO) BRITA - 50%-50% COM CIMENTO - 4%, MISTURA EM USINA, COM ESPESSURA DE 15 CM - EXCLUSIVE CARGA E TRANSPORTE. AF_09/2024","M3",422.38,164.89]
[105687,"RECONSTRUÇÃO DE BASE E SUB-BASE PARA PAVIMENTAÇÃO DE SOLO (PREDOMINANTEMENTE ARENOSO) BRITA - 50%-50% COM CIMENTO - 4%, MISTURA EM USINA, COM ESPESSURA DE 20 CM - EXCLUSIVE CARGA E TRANSPORTE. AF_09/2024","M3",420.11,162.29]
[105694,"RECONSTRUÇÃO DE BASE E SUB-BASE PARA PAVIMENTAÇÃO DE SOLO (PREDOMINANTEMENTE ARENOSO) BRITA - 50%-50% COM CIMENTO - 6%, MISTURA EM PISTA, COM ESPESSURA DE 10 CM - EXCLUSIVE ESCAVAÇÃO, CARGA E TRANSPORTE E SOLO. AF_09/2024","M3",390.42,189.57]
[105697,"RECONSTRUÇÃO DE BASE E SUB-BASE PARA PAVIMENTAÇÃO DE SOLO (PREDOMINANTEMENTE ARENOSO) BRITA - 50%-50% COM CIMENTO - 6%, MISTURA EM PISTA, COM ESPESSURA DE 15 CM - EXCLUSIVE ESCAVAÇÃO, CARGA E TRANSPORTE E SOLO. AF_09/2024","M3",380.84,178.24]
[105703,"RECONSTRUÇÃO DE BASE E SUB-BASE PARA PAVIMENTAÇÃO DE SOLO (PREDOMINANTEMENTE ARENOSO) BRITA - 50%-50% COM CIMENTO - 6%, MISTURA EM PISTA, COM ESPESSURA DE 20 CM - EXCLUSIVE ESCAVAÇÃO, CARGA E TRANSPORTE E SOLO. AF_09/2024","M3",376.02,172.58]
[105676,"RECONSTRUÇÃO DE BASE E SUB-BASE PARA PAVIMENTAÇÃO DE SOLO (PREDOMINANTEMENTE ARENOSO) BRITA - 50%-50% COM CIMENTO - 6%, MISTURA EM USINA, COM ESPESSURA DE 10 CM - EXCLUSIVE CARGA E TRANSPORTE. AF_09/2024","M3",468.51,196.15]
[105682,"RECONSTRUÇÃO DE BASE E SUB-BASE PARA PAVIMENTAÇÃO DE SOLO (PREDOMINANTEMENTE ARENOSO) BRITA - 50%-50% COM CIMENTO - 6%, MISTURA EM USINA, COM ESPESSURA DE 15 CM - EXCLUSIVE CARGA E TRANSPORTE. AF_09/2024","M3",463.98,190.96]
[105688,"RECONSTRUÇÃO DE BASE E SUB-BASE PARA PAVIMENTAÇÃO DE SOLO (PREDOMINANTEMENTE ARENOSO) BRITA - 50%-50% COM CIMENTO - 6%, MISTURA EM USINA, COM ESPESSURA DE 20 CM - EXCLUSIVE CARGA E TRANSPORTE. AF_09/2024","M3",461.71,188.36]
[105695,"RECONSTRUÇÃO DE BASE E SUB-BASE PARA PAVIMENTAÇÃO DE SOLO (PREDOMINANTEMENTE ARENOSO) BRITA - 50%-50% COM CIMENTO - 8%, MISTURA EM PISTA, COM ESPESSURA DE 10 CM - EXCLUSIVE ESCAVAÇÃO, CARGA E TRANSPORTE E SOLO. AF_09/2024","M3",435.42,216.93]
[105698,"RECONSTRUÇÃO DE BASE E SUB-BASE PARA PAVIMENTAÇÃO DE SOLO (PREDOMINANTEMENTE ARENOSO) BRITA - 50%-50% COM CIMENTO - 8%, MISTURA EM PISTA, COM ESPESSURA DE 15 CM - EXCLUSIVE ESCAVAÇÃO, CARGA E TRANSPORTE E SOLO. AF_09/2024","M3",425.84,205.6]
[105704,"RECONSTRUÇÃO DE BASE E SUB-BASE PARA PAVIMENTAÇÃO DE SOLO (PREDOMINANTEMENTE ARENOSO) BRITA - 50%-50% COM CIMENTO - 8%, MISTURA EM PISTA, COM ESPESSURA DE 20 CM - EXCLUSIVE ESCAVAÇÃO, CARGA E TRANSPORTE E SOLO. AF_09/2024","M3",421.02,199.94]
[105677,"RECONSTRUÇÃO DE BASE E SUB-BASE PARA PAVIMENTAÇÃO DE SOLO (PREDOMINANTEMENTE ARENOSO) BRITA - 50%-50% COM CIMENTO - 8%, MISTURA EM USINA, COM ESPESSURA DE 10 CM - EXCLUSIVE CARGA E TRANSPORTE. AF_09/2024","M3",510.13,222.23]
[105683,"RECONSTRUÇÃO DE BASE E SUB-BASE PARA PAVIMENTAÇÃO DE SOLO (PREDOMINANTEMENTE ARENOSO) BRITA - 50%-50% COM CIMENTO - 8%, MISTURA EM USINA, COM ESPESSURA DE 15 CM - EXCLUSIVE CARGA E TRANSPORTE. AF_09/2024","M3",505.6,217.04]
[105689,"RECONSTRUÇÃO DE BASE E SUB-BASE PARA PAVIMENTAÇÃO DE SOLO (PREDOMINANTEMENTE ARENOSO) BRITA - 50%-50% COM CIMENTO - 8%, MISTURA EM USINA, COM ESPESSURA DE 20 CM - EXCLUSIVE CARGA E TRANSPORTE. AF_09/2024","M3",503.33,214.44]
[105579,"RECONSTRUÇÃO DE BASE E SUB-BASE PARA PAVIMENTAÇÃO DE SOLO (PREDOMINANTEMENTE ARENOSO) BRITA - 50%-50%, MISTURA EM PISTA, COM ESPESSURA DE 10 CM - EXCLUSIVE ESCAVAÇÃO, CARGA E TRANSPORTE E SOLO. AF_09/2024","M3",247.05,102.7]
[105580,"RECONSTRUÇÃO DE BASE E SUB-BASE PARA PAVIMENTAÇÃO DE SOLO (PREDOMINANTEMENTE ARENOSO) BRITA - 50%-50%, MISTURA EM PISTA, COM ESPESSURA DE 15 CM - EXCLUSIVE ESCAVAÇÃO, CARGA E TRANSPORTE E SOLO. AF_09/2024","M3",237.47,91.37]
[105582,"RECONSTRUÇÃO DE BASE E SUB-BASE PARA PAVIMENTAÇÃO DE SOLO (PREDOMINANTEMENTE ARENOSO) BRITA - 50%-50%, MISTURA EM PISTA, COM ESPESSURA DE 20 CM - EXCLUSIVE ESCAVAÇÃO, CARGA E TRANSPORTE E SOLO. AF_09/2024","M3",232.65,85.71]
[105638,"RECONSTRUÇÃO DE BASE E SUB-BASE PARA PAVIMENTAÇÃO DE SOLO (PREDOMINANTEMENTE ARENOSO) BRITA - 50%-50%, MISTURA EM USINA, COM ESPESSURA DE 10 CM - EXCLUSIVE CARGA E TRANSPORTE. AF_09/2024","M3",343.68,117.95]
[105715,"RECONSTRUÇÃO DE BASE E SUB-BASE PARA PAVIMENTAÇÃO DE SOLO (PREDOMINANTEMENTE ARENOSO) BRITA - 50%-50%, MISTURA EM USINA, COM ESPESSURA DE 15 CM - EXCLUSIVE CARGA E TRANSPORTE. AF_09/2024","M3",339.15,112.76]
[105717,"RECONSTRUÇÃO DE BASE E SUB-BASE PARA PAVIMENTAÇÃO DE SOLO (PREDOMINANTEMENTE ARENOSO) BRITA - 50%-50%, MISTURA EM USINA, COM ESPESSURA DE 20 CM - EXCLUSIVE CARGA E TRANSPORTE. AF_09/2024","M3",336.88,110.16]
[105626,"RECONSTRUÇÃO DE BASE E SUB-BASE PARA PAVIMENTAÇÃO DE SOLO (PREDOMINANTEMENTE ARENOSO) COM CIMENTO - 6%, MISTURA EM PISTA, COM ESPESSURA DE 10 CM - EXCLUSIVE ESCAVAÇÃO, CARGA E TRANSPORTE E SOLO. AF_09/2024","M3",181.08,119.83]
[105629,"RECONSTRUÇÃO DE BASE E SUB-BASE PARA PAVIMENTAÇÃO DE SOLO (PREDOMINANTEMENTE ARENOSO) COM CIMENTO - 6%, MISTURA EM PISTA, COM ESPESSURA DE 15 CM - EXCLUSIVE ESCAVAÇÃO, CARGA E TRANSPORTE E SOLO. AF_09/2024","M3",173.4,110.74]
[105635,"RECONSTRUÇÃO DE BASE E SUB-BASE PARA PAVIMENTAÇÃO DE SOLO (PREDOMINANTEMENTE ARENOSO) COM CIMENTO - 6%, MISTURA EM PISTA, COM ESPESSURA DE 20 CM - EXCLUSIVE ESCAVAÇÃO, CARGA E TRANSPORTE E SOLO. AF_09/2024","M3",172.29,109.49]
[105605,"RECONSTRUÇÃO DE BASE E SUB-BASE PARA PAVIMENTAÇÃO DE SOLO (PREDOMINANTEMENTE ARENOSO) COM CIMENTO - 6%, MISTURA EM USINA, COM ESPESSURA DE 10 CM - EXCLUSIVE CARGA E TRANSPORTE. AF_09/2024","M3",166.24,109.42]
[105613,"RECONSTRUÇÃO DE BASE E SUB-BASE PARA PAVIMENTAÇÃO DE SOLO (PREDOMINANTEMENTE ARENOSO) COM CIMENTO - 6%, MISTURA EM USINA, COM ESPESSURA DE 15 CM - EXCLUSIVE CARGA E TRANSPORTE. AF_09/2024","M3",163.34,106.06]
[105621,"RECONSTRUÇÃO DE BASE E SUB-BASE PARA PAVIMENTAÇÃO DE SOLO (PREDOMINANTEMENTE ARENOSO) COM CIMENTO - 6%, MISTURA EM USINA, COM ESPESSURA DE 20 CM - EXCLUSIVE CARGA E TRANSPORTE. AF_09/2024","M3",161.19999999999999,103.66]
[105627,"RECONSTRUÇÃO DE BASE E SUB-BASE PARA PAVIMENTAÇÃO DE SOLO (PREDOMINANTEMENTE ARENOSO) COM CIMENTO - 8%, MISTURA EM PISTA, COM ESPESSURA DE 10 CM - EXCLUSIVE ESCAVAÇÃO, CARGA E TRANSPORTE E SOLO. AF_09/2024","M3",230.18,148.26]
[105630,"RECONSTRUÇÃO DE BASE E SUB-BASE PARA PAVIMENTAÇÃO DE SOLO (PREDOMINANTEMENTE ARENOSO) COM CIMENTO - 8%, MISTURA EM PISTA, COM ESPESSURA DE 15 CM - EXCLUSIVE ESCAVAÇÃO, CARGA E TRANSPORTE E SOLO. AF_09/2024","M3",222.5,139.16999999999999]
[105636,"RECONSTRUÇÃO DE BASE E SUB-BASE PARA PAVIMENTAÇÃO DE SOLO (PREDOMINANTEMENTE ARENOSO) COM CIMENTO - 8%, MISTURA EM PISTA, COM ESPESSURA DE 20 CM - EXCLUSIVE ESCAVAÇÃO, CARGA E TRANSPORTE E SOLO. AF_09/2024","M3",221.39,137.91999999999999]
[105606,"RECONSTRUÇÃO DE BASE E SUB-BASE PARA PAVIMENTAÇÃO DE SOLO (PREDOMINANTEMENTE ARENOSO) COM CIMENTO - 8%, MISTURA EM USINA, COM ESPESSURA DE 10 CM - EXCLUSIVE CARGA E TRANSPORTE. AF_09/2024","M3",214.09,137.12]
[105614,"RECONSTRUÇÃO DE BASE E SUB-BASE PARA PAVIMENTAÇÃO DE SOLO (PREDOMINANTEMENTE ARENOSO) COM CIMENTO - 8%, MISTURA EM USINA, COM ESPESSURA DE 15 CM - EXCLUSIVE CARGA E TRANSPORTE. AF_09/2024","M3",211.19,133.76]
[105622,"RECONSTRUÇÃO DE BASE E SUB-BASE PARA PAVIMENTAÇÃO DE SOLO (PREDOMINANTEMENTE ARENOSO) COM CIMENTO - 8%, MISTURA EM USINA, COM ESPESSURA DE 20 CM - EXCLUSIVE CARGA E TRANSPORTE. AF_09/2024","M3",209.05,131.36000000000001]
[105572,"RECONSTRUÇÃO DE BASE E SUB-BASE PARA PAVIMENTAÇÃO DE SOLO (PREDOMINANTEMENTE ARENOSO) MELHORADO COM CIMENTO - 2%, MISTURA EM PISTA, COM ESPESSURA DE 10 CM - EXCLUSIVE ESCAVAÇÃO, CARGA E TRANSPORTE E SOLO. AF_09/2024","M3",80.2,61.43]
[105574,"RECONSTRUÇÃO DE BASE E SUB-BASE PARA PAVIMENTAÇÃO DE SOLO (PREDOMINANTEMENTE ARENOSO) MELHORADO COM CIMENTO - 2%, MISTURA EM PISTA, COM ESPESSURA DE 15 CM - EXCLUSIVE ESCAVAÇÃO, CARGA E TRANSPORTE E SOLO. AF_09/2024","M3",72.52,52.34]
[105576,"RECONSTRUÇÃO DE BASE E SUB-BASE PARA PAVIMENTAÇÃO DE SOLO (PREDOMINANTEMENTE ARENOSO) MELHORADO COM CIMENTO - 2%, MISTURA EM PISTA, COM ESPESSURA DE 20 CM - EXCLUSIVE ESCAVAÇÃO, CARGA E TRANSPORTE E SOLO. AF_09/2024","M3",71.41,51.09]
[105603,"RECONSTRUÇÃO DE BASE E SUB-BASE PARA PAVIMENTAÇÃO DE SOLO (PREDOMINANTEMENTE ARENOSO) MELHORADO COM CIMENTO - 2%, MISTURA EM USINA, COM ESPESSURA DE 10 CM - EXCLUSIVE CARGA E TRANSPORTE. AF_09/2024","M3",70.52,54.03]
[105611,"RECONSTRUÇÃO DE BASE E SUB-BASE PARA PAVIMENTAÇÃO DE SOLO (PREDOMINANTEMENTE ARENOSO) MELHORADO COM CIMENTO - 2%, MISTURA EM USINA, COM ESPESSURA DE 15 CM - EXCLUSIVE CARGA E TRANSPORTE. AF_09/2024","M3",67.62,50.67]
[105619,"RECONSTRUÇÃO DE BASE E SUB-BASE PARA PAVIMENTAÇÃO DE SOLO (PREDOMINANTEMENTE ARENOSO) MELHORADO COM CIMENTO - 2%, MISTURA EM USINA, COM ESPESSURA DE 20 CM - EXCLUSIVE CARGA E TRANSPORTE. AF_09/2024","M3",65.48,48.27]
[105573,"RECONSTRUÇÃO DE BASE E SUB-BASE PARA PAVIMENTAÇÃO DE SOLO (PREDOMINANTEMENTE ARENOSO) MELHORADO COM CIMENTO - 4%, MISTURA EM PISTA, COM ESPESSURA DE 10 CM - EXCLUSIVE ESCAVAÇÃO, CARGA E TRANSPORTE E SOLO. AF_09/2024","M3",131.33000000000001,91.03]
[105628,"RECONSTRUÇÃO DE BASE E SUB-BASE PARA PAVIMENTAÇÃO DE SOLO (PREDOMINANTEMENTE ARENOSO) MELHORADO COM CIMENTO - 4%, MISTURA EM PISTA, COM ESPESSURA DE 15 CM - EXCLUSIVE ESCAVAÇÃO, CARGA E TRANSPORTE E SOLO. AF_09/2024","M3",123.65,81.94]
[105634,"RECONSTRUÇÃO DE BASE E SUB-BASE PARA PAVIMENTAÇÃO DE SOLO (PREDOMINANTEMENTE ARENOSO) MELHORADO COM CIMENTO - 4%, MISTURA EM PISTA, COM ESPESSURA DE 20 CM - EXCLUSIVE ESCAVAÇÃO, CARGA E TRANSPORTE E SOLO. AF_09/2024","M3",122.54,80.69]
[105604,"RECONSTRUÇÃO DE BASE E SUB-BASE PARA PAVIMENTAÇÃO DE SOLO (PREDOMINANTEMENTE ARENOSO) MELHORADO COM CIMENTO - 4%, MISTURA EM USINA, COM ESPESSURA DE 10 CM - EXCLUSIVE CARGA E TRANSPORTE. AF_09/2024","M3",118.38,81.72]
[105612,"RECONSTRUÇÃO DE BASE E SUB-BASE PARA PAVIMENTAÇÃO DE SOLO (PREDOMINANTEMENTE ARENOSO) MELHORADO COM CIMENTO - 4%, MISTURA EM USINA, COM ESPESSURA DE 15 CM - EXCLUSIVE CARGA E TRANSPORTE. AF_09/2024","M3",115.48,78.36]
[105620,"RECONSTRUÇÃO DE BASE E SUB-BASE PARA PAVIMENTAÇÃO DE SOLO (PREDOMINANTEMENTE ARENOSO) MELHORADO COM CIMENTO - 4%, MISTURA EM USINA, COM ESPESSURA DE 20 CM - EXCLUSIVE CARGA E TRANSPORTE. AF_09/2024","M3",113.34,75.959999999999994]
[105586,"RECONSTRUÇÃO DE BASE E SUB-BASE PARA PAVIMENTAÇÃO DE SOLO (PREDOMINANTEMENTE ARGILOSO) BRITA - 40%-60%, MISTURA EM PISTA, COM ESPESSURA DE 10 CM - EXCLUSIVE ESCAVAÇÃO, CARGA E TRANSPORTE E SOLO. AF_09/2024","M3",299.06,126.36]
[105587,"RECONSTRUÇÃO DE BASE E SUB-BASE PARA PAVIMENTAÇÃO DE SOLO (PREDOMINANTEMENTE ARGILOSO) BRITA - 40%-60%, MISTURA EM PISTA, COM ESPESSURA DE 15 CM - EXCLUSIVE ESCAVAÇÃO, CARGA E TRANSPORTE E SOLO. AF_09/2024","M3",285.83,110.74]
[105589,"RECONSTRUÇÃO DE BASE E SUB-BASE PARA PAVIMENTAÇÃO DE SOLO (PREDOMINANTEMENTE ARGILOSO) BRITA - 40%-60%, MISTURA EM PISTA, COM ESPESSURA DE 20 CM - EXCLUSIVE ESCAVAÇÃO, CARGA E TRANSPORTE E SOLO. AF_09/2024","M3",284.60000000000002,109.31]
[105584,"RECONSTRUÇÃO DE BASE E SUB-BASE PARA PAVIMENTAÇÃO DE SOLO (PREDOMINANTEMENTE ARGILOSO) BRITA - 40%-60%, MISTURA EM USINA, COM ESPESSURA DE 10 CM - EXCLUSIVE CARGA E TRANSPORTE. AF_09/2024","M3",414.27,143.66999999999999]
[105720,"RECONSTRUÇÃO DE BASE E SUB-BASE PARA PAVIMENTAÇÃO DE SOLO (PREDOMINANTEMENTE ARGILOSO) BRITA - 40%-60%, MISTURA EM USINA, COM ESPESSURA DE 15 CM - EXCLUSIVE CARGA E TRANSPORTE. AF_09/2024","M3",407.05,135.34]
[105722,"RECONSTRUÇÃO DE BASE E SUB-BASE PARA PAVIMENTAÇÃO DE SOLO (PREDOMINANTEMENTE ARGILOSO) BRITA - 40%-60%, MISTURA EM USINA, COM ESPESSURA DE 20 CM - EXCLUSIVE CARGA E TRANSPORTE. AF_09/2024","M3",407.46,135.85]
[105593,"RECONSTRUÇÃO DE BASE E SUB-BASE PARA PAVIMENTAÇÃO DE SOLO (PREDOMINANTEMENTE ARGILOSO) BRITA - 50%-50%, MISTURA EM PISTA, COM ESPESSURA DE 10 CM - EXCLUSIVE ESCAVAÇÃO, CARGA E TRANSPORTE E SOLO. AF_09/2024","M3",258.02,115.66]
[105594,"RECONSTRUÇÃO DE BASE E SUB-BASE PARA PAVIMENTAÇÃO DE SOLO (PREDOMINANTEMENTE ARGILOSO) BRITA - 50%-50%, MISTURA EM PISTA, COM ESPESSURA DE 15 CM - EXCLUSIVE ESCAVAÇÃO, CARGA E TRANSPORTE E SOLO. AF_09/2024","M3",244.79,100.04]
[105596,"RECONSTRUÇÃO DE BASE E SUB-BASE PARA PAVIMENTAÇÃO DE SOLO (PREDOMINANTEMENTE ARGILOSO) BRITA - 50%-50%, MISTURA EM PISTA, COM ESPESSURA DE 20 CM - EXCLUSIVE ESCAVAÇÃO, CARGA E TRANSPORTE E SOLO. AF_09/2024","M3",243.56,98.61]
[105591,"RECONSTRUÇÃO DE BASE E SUB-BASE PARA PAVIMENTAÇÃO DE SOLO (PREDOMINANTEMENTE ARGILOSO) BRITA - 50%-50%, MISTURA EM USINA, COM ESPESSURA DE 10 CM - EXCLUSIVE CARGA E TRANSPORTE. AF_09/2024","M3",351.85,127.41]
[105724,"RECONSTRUÇÃO DE BASE E SUB-BASE PARA PAVIMENTAÇÃO DE SOLO (PREDOMINANTEMENTE ARGILOSO) BRITA - 50%-50%, MISTURA EM USINA, COM ESPESSURA DE 15 CM - EXCLUSIVE CARGA E TRANSPORTE. AF_09/2024","M3",344.63,119.08]
[105726,"RECONSTRUÇÃO DE BASE E SUB-BASE PARA PAVIMENTAÇÃO DE SOLO (PREDOMINANTEMENTE ARGILOSO) BRITA - 50%-50%, MISTURA EM USINA, COM ESPESSURA DE 20 CM - EXCLUSIVE CARGA E TRANSPORTE. AF_09/2024","M3",345.04,119.59]
[105567,"RECONSTRUÇÃO DE BASE E SUB-BASE PARA PAVIMENTAÇÃO DE SOLO DE COMPORTAMENTO LATERÍTICO (ARENOSO), COM ESPESSURA DE 10 CM - EXCLUSIVE ESCAVAÇÃO, CARGA E TRANSPORTE E SOLO. AF_09/2024","M3",14.48,16.53]
[105568,"RECONSTRUÇÃO DE BASE E SUB-BASE PARA PAVIMENTAÇÃO DE SOLO DE COMPORTAMENTO LATERÍTICO (ARENOSO), COM ESPESSURA DE 15 CM - EXCLUSIVE ESCAVAÇÃO, CARGA E TRANSPORTE E SOLO. AF_09/2024","M3",11.57,13.18]
[105570,"RECONSTRUÇÃO DE BASE E SUB-BASE PARA PAVIMENTAÇÃO DE SOLO DE COMPORTAMENTO LATERÍTICO (ARENOSO), COM ESPESSURA DE 20 CM - EXCLUSIVE ESCAVAÇÃO, CARGA E TRANSPORTE E SOLO. AF_09/2024","M3",9.5500000000000007,10.9]
[100575,"REGULARIZAÇÃO DE SUPERFÍCIES COM MOTONIVELADORA. AF_09/2024","M2",0.56000000000000005,0.64]
[100577,"REGULARIZAÇÃO E COMPACTAÇÃO DE SUBLEITO DE SOLO PREDOMINANTEMENTE ARENOSO, PARA OBRAS DE CONSTRUÇÃO DE PAVIMENTOS. AF_09/2024","M2",1.4,1.61]
[105598,"REGULARIZAÇÃO E COMPACTAÇÃO DE SUBLEITO DE SOLO PREDOMINANTEMENTE ARENOSO, PARA OBRAS DE RECONSTRUÇÃO DE PAVIMENTOS. AF_09/2024","M2",1.87,2.15]
[100576,"REGULARIZAÇÃO E COMPACTAÇÃO DE SUBLEITO DE SOLO PREDOMINANTEMENTE ARGILOSO, PARA OBRAS DE CONSTRUÇÃO DE PAVIMENTOS. AF_09/2024","M2",2.76,3.19]
[105597,"REGULARIZAÇÃO E COMPACTAÇÃO DE SUBLEITO DE SOLO PREDOMINANTEMENTE ARGILOSO, PARA OBRAS DE RECONSTRUÇÃO DE PAVIMENTOS. AF_09/2024","M2",3.74,4.3600000000000003]
[102730,"ARMAÇÃO DE MURO ALA E MURO TESTA UTILIZANDO AÇO CA-50 DE 10 MM - MONTAGEM. AF_07/2021","KG",12.97,10.73]
[102731,"ARMAÇÃO DE MURO ALA E MURO TESTA UTILIZANDO AÇO CA-50 DE 12,5 MM - MONTAGEM. AF_07/2021","KG",10.93,8.86]
[102732,"ARMAÇÃO DE MURO ALA E MURO TESTA UTILIZANDO AÇO CA-50 DE 16 MM - MONTAGEM. AF_07/2021","KG",10.32,8.06]
[102733,"ARMAÇÃO DE MURO ALA E MURO TESTA UTILIZANDO AÇO CA-50 DE 20 MM - MONTAGEM. AF_07/2021","KG",11.47,8.65]
[102728,"ARMAÇÃO DE MURO ALA E MURO TESTA UTILIZANDO AÇO CA-50 DE 6,3 MM - MONTAGEM. AF_07/2021","KG",15.58,14.05]
[102729,"ARMAÇÃO DE MURO ALA E MURO TESTA UTILIZANDO AÇO CA-50 DE 8 MM - MONTAGEM. AF_07/2021","KG",14.57,12.44]
[102734,"ARMAÇÃO DE SOLEIRA UTILIZANDO AÇO CA-50 DE 6,3 MM - MONTAGEM. AF_07/2021","KG",14.65,12.74]
[102735,"ARMAÇÃO DE SOLEIRA UTILIZANDO AÇO CA-50 DE 8 MM - MONTAGEM. AF_07/2021","KG",13.75,11.33]
[102765,"BOCA PARA BUEIRO DUPLO CELULAR 150 X 150 CM EM CONCRETO, ALAS COM ESCONSIDADE DE 30°, INCLUINDO FÔRMAS E MATERIAIS. AF_07/2021","UN",19886.84,15805.92]
[102795,"BOCA PARA BUEIRO DUPLO CELULAR 150 X 150 CM EM GABIÃO, ALAS COM ESCONSIDADE DE 45°, INCLUINDO FÔRMAS E MATERIAIS. AF_07/2021","UN",44611.39,32803.550000000003]
[102766,"BOCA PARA BUEIRO DUPLO CELULAR 200 X 200 CM EM CONCRETO, ALAS COM ESCONSIDADE DE 30°, INCLUINDO FÔRMAS E MATERIAIS. AF_07/2021","UN",30270.14,23534.09]
[102796,"BOCA PARA BUEIRO DUPLO CELULAR 200 X 200 CM EM GABIÃO, ALAS COM ESCONSIDADE DE 45°, INCLUINDO FÔRMAS E MATERIAIS. AF_07/2021","UN",72469.91,52549.26]
[102767,"BOCA PARA BUEIRO DUPLO CELULAR 250 X 250 CM EM CONCRETO, ALAS COM ESCONSIDADE DE 30°, INCLUINDO FÔRMAS E MATERIAIS. AF_07/2021","UN",42264.38,32694.76]
[102797,"BOCA PARA BUEIRO DUPLO CELULAR 250 X 250 CM EM GABIÃO, ALAS COM ESCONSIDADE DE 45°, INCLUINDO FÔRMAS E MATERIAIS. AF_07/2021","UN",102750.74,74360.67]
[102768,"BOCA PARA BUEIRO DUPLO CELULAR 300 X 300 CM EM CONCRETO, ALAS COM ESCONSIDADE DE 30°, INCLUINDO FÔRMAS E MATERIAIS. AF_07/2021","UN",59414.11,45176.66]
[102798,"BOCA PARA BUEIRO DUPLO CELULAR 300 X 300 CM EM GABIÃO, ALAS COM ESCONSIDADE DE 45°, INCLUINDO FÔRMAS E MATERIAIS. AF_07/2021","UN",126324.37,90799.88]
[102744,"BOCA PARA BUEIRO DUPLO TUBULAR D = 100 CM EM CONCRETO, ALAS COM ESCONSIDADE DE 0°, INCLUINDO FÔRMAS E MATERIAIS. AF_07/2021","UN",8431.24,6538.57]
[102755,"BOCA PARA BUEIRO DUPLO TUBULAR D = 100 CM EM CONCRETO, ALAS COM ESCONSIDADE DE 30°, INCLUINDO FÔRMAS E MATERIAIS. AF_07/2021","UN",13114.84,10023.09]
[102782,"BOCA PARA BUEIRO DUPLO TUBULAR D = 100 CM EM GABIÃO, ALAS COM ESCONSIDADE DE 45°, INCLUINDO FÔRMAS E MATERIAIS. AF_07/2021","UN",21735.81,16024.07]
[102745,"BOCA PARA BUEIRO DUPLO TUBULAR D = 120 CM EM CONCRETO, ALAS COM ESCONSIDADE DE 0°, INCLUINDO FÔRMAS E MATERIAIS. AF_07/2021","UN",11869.9,9150.2099999999991]
[102756,"BOCA PARA BUEIRO DUPLO TUBULAR D = 120 CM EM CONCRETO, ALAS COM ESCONSIDADE DE 30°, INCLUINDO FÔRMAS E MATERIAIS. AF_07/2021","UN",19506.79,14806.68]
[102783,"BOCA PARA BUEIRO DUPLO TUBULAR D = 120 CM EM GABIÃO, ALAS COM ESCONSIDADE DE 45°, INCLUINDO FÔRMAS E MATERIAIS. AF_07/2021","UN",28916.69,21236.35]
[102746,"BOCA PARA BUEIRO DUPLO TUBULAR D = 150 CM EM CONCRETO, ALAS COM ESCONSIDADE DE 0°, INCLUINDO FÔRMAS E MATERIAIS. AF_07/2021","UN",20631.03,15793.03]
[102757,"BOCA PARA BUEIRO DUPLO TUBULAR D = 150 CM EM CONCRETO, ALAS COM ESCONSIDADE DE 30°, INCLUINDO FÔRMAS E MATERIAIS. AF_07/2021","UN",36421.18,27413.43]
[102784,"BOCA PARA BUEIRO DUPLO TUBULAR D = 150 CM EM GABIÃO, ALAS COM ESCONSIDADE DE 45°, INCLUINDO FÔRMAS E MATERIAIS. AF_07/2021","UN",45819.97,32180.1]
[102779,"BOCA PARA BUEIRO DUPLO TUBULAR D = 40 CM EM GABIÃO, ALAS COM ESCONSIDADE DE 45°, INCLUINDO FÔRMAS E MATERIAIS. AF_07/2021","UN",11291.8,8531.4599999999991]
[102780,"BOCA PARA BUEIRO DUPLO TUBULAR D = 60 CM EM GABIÃO, ALAS COM ESCONSIDADE DE 45°, INCLUINDO FÔRMAS E MATERIAIS. AF_07/2021","UN",12975.69,9820.77]
[102743,"BOCA PARA BUEIRO DUPLO TUBULAR D = 80 CM EM CONCRETO, ALAS COM ESCONSIDADE DE 0°, INCLUINDO FÔRMAS E MATERIAIS. AF_07/2021","UN",5621.19,4385.43]
[102781,"BOCA PARA BUEIRO DUPLO TUBULAR D = 80 CM EM GABIÃO, ALAS COM ESCONSIDADE DE 45°, INCLUINDO FÔRMAS E MATERIAIS. AF_07/2021","UN",19438.47,14511.81]
[102761,"BOCA PARA BUEIRO SIMPLES CELULAR 150 X 150 CM EM CONCRETO, ALAS COM ESCONSIDADE DE 30°, INCLUINDO FÔRMAS E MATERIAIS. AF_07/2021","UN",15834.27,12667.36]
[102791,"BOCA PARA BUEIRO SIMPLES CELULAR 150 X 150 CM EM GABIÃO, ALAS COM ESCONSIDADE DE 45°, INCLUINDO FÔRMAS E MATERIAIS. AF_07/2021","UN",41966.43,30710.33]
[102762,"BOCA PARA BUEIRO SIMPLES CELULAR 200 X 200 CM EM CONCRETO, ALAS COM ESCONSIDADE DE 30°, INCLUINDO FÔRMAS E MATERIAIS. AF_07/2021","UN",24708.42,19343.93]
[102792,"BOCA PARA BUEIRO SIMPLES CELULAR 200 X 200 CM EM GABIÃO, ALAS COM ESCONSIDADE DE 45°, INCLUINDO FÔRMAS E MATERIAIS. AF_07/2021","UN",68672.100000000006,49663.35]
[102763,"BOCA PARA BUEIRO SIMPLES CELULAR 250 X 250 CM EM CONCRETO, ALAS COM ESCONSIDADE DE 30°, INCLUINDO FÔRMAS E MATERIAIS. AF_07/2021","UN",34371.949999999997,26739.77]
[102793,"BOCA PARA BUEIRO SIMPLES CELULAR 250 X 250 CM EM GABIÃO, ALAS COM ESCONSIDADE DE 45°, INCLUINDO FÔRMAS E MATERIAIS. AF_07/2021","UN",92804.66,66465.91]
[102764,"BOCA PARA BUEIRO SIMPLES CELULAR 300 X 300 CM EM CONCRETO, ALAS COM ESCONSIDADE DE 30°, INCLUINDO FÔRMAS E MATERIAIS. AF_07/2021","UN",48802.39,37297.519999999997]
[102794,"BOCA PARA BUEIRO SIMPLES CELULAR 300 X 300 CM EM GABIÃO, ALAS COM ESCONSIDADE DE 45°, INCLUINDO FÔRMAS E MATERIAIS. AF_07/2021","UN",133772.47,94903.05]
[102740,"BOCA PARA BUEIRO SIMPLES TUBULAR D = 100 CM EM CONCRETO, ALAS COM ESCONSIDADE DE 0°, INCLUINDO FÔRMAS E MATERIAIS. AF_07/2021","UN",6918.13,5393.87]
[102752,"BOCA PARA BUEIRO SIMPLES TUBULAR D = 100 CM EM CONCRETO, ALAS COM ESCONSIDADE DE 30°, INCLUINDO FÔRMAS E MATERIAIS. AF_07/2021","UN",9343.81,7195.57]
[102776,"BOCA PARA BUEIRO SIMPLES TUBULAR D = 100 CM EM GABIÃO, ALAS COM ESCONSIDADE DE 45°, INCLUINDO FÔRMAS E MATERIAIS. AF_07/2021","UN",17036.5,12701.28]
[102741,"BOCA PARA BUEIRO SIMPLES TUBULAR D = 120 CM EM CONCRETO, ALAS COM ESCONSIDADE DE 0°, INCLUINDO FÔRMAS E MATERIAIS. AF_07/2021","UN",9729.0499999999993,7539.7]
[102753,"BOCA PARA BUEIRO SIMPLES TUBULAR D = 120 CM EM CONCRETO, ALAS COM ESCONSIDADE DE 30°, INCLUINDO FÔRMAS E MATERIAIS. AF_07/2021","UN",13856.76,10596.78]
[102777,"BOCA PARA BUEIRO SIMPLES TUBULAR D = 120 CM EM GABIÃO, ALAS COM ESCONSIDADE DE 45°, INCLUINDO FÔRMAS E MATERIAIS. AF_07/2021","UN",25901.26,19202.86]
[102742,"BOCA PARA BUEIRO SIMPLES TUBULAR D = 150 CM EM CONCRETO, ALAS COM ESCONSIDADE DE 0°, INCLUINDO FÔRMAS E MATERIAIS. AF_07/2021","UN",16888.419999999998,13000.91]
[102754,"BOCA PARA BUEIRO SIMPLES TUBULAR D = 150 CM EM CONCRETO, ALAS COM ESCONSIDADE DE 30°, INCLUINDO FÔRMAS E MATERIAIS. AF_07/2021","UN",26442.65,20048.68]
[102778,"BOCA PARA BUEIRO SIMPLES TUBULAR D = 150 CM EM GABIÃO, ALAS COM ESCONSIDADE DE 45°, INCLUINDO FÔRMAS E MATERIAIS. AF_07/2021","UN",39180.400000000001,27854.35]
[102737,"BOCA PARA BUEIRO SIMPLES TUBULAR D = 40 CM EM CONCRETO, ALAS COM ESCONSIDADE DE 0°, INCLUINDO FÔRMAS E MATERIAIS. AF_07/2021","UN",1335.42,1067.9100000000001]
[102773,"BOCA PARA BUEIRO SIMPLES TUBULAR D = 40 CM EM GABIÃO, ALAS COM ESCONSIDADE DE 45°, INCLUINDO FÔRMAS E MATERIAIS. AF_07/2021","UN",11291.8,8531.4599999999991]
[102738,"BOCA PARA BUEIRO SIMPLES TUBULAR D = 60 CM EM CONCRETO, ALAS COM ESCONSIDADE DE 0°, INCLUINDO FÔRMAS E MATERIAIS. AF_07/2021","UN",2750.42,2168.92]
[102750,"BOCA PARA BUEIRO SIMPLES TUBULAR D = 60 CM EM CONCRETO, ALAS COM ESCONSIDADE DE 30°, INCLUINDO FÔRMAS E MATERIAIS. AF_07/2021","UN",3359.46,2636.68]
[102774,"BOCA PARA BUEIRO SIMPLES TUBULAR D = 60 CM EM GABIÃO, ALAS COM ESCONSIDADE DE 45°, INCLUINDO FÔRMAS E MATERIAIS. AF_07/2021","UN",11291.8,8531.4599999999991]
[102739,"BOCA PARA BUEIRO SIMPLES TUBULAR D = 80 CM EM CONCRETO, ALAS COM ESCONSIDADE DE 0°, INCLUINDO FÔRMAS E MATERIAIS. AF_07/2021","UN",4608.07,3614.68]
[102751,"BOCA PARA BUEIRO SIMPLES TUBULAR D = 80 CM EM CONCRETO, ALAS COM ESCONSIDADE DE 30°, INCLUINDO FÔRMAS E MATERIAIS. AF_07/2021","UN",5852.29,4543.6499999999996]
[102775,"BOCA PARA BUEIRO SIMPLES TUBULAR D = 80 CM EM GABIÃO, ALAS COM ESCONSIDADE DE 45°, INCLUINDO FÔRMAS E MATERIAIS. AF_07/2021","UN",17036.5,12701.28]
[102769,"BOCA PARA BUEIRO TRIPLO CELULAR 150 X 150 CM EM CONCRETO, ALAS COM ESCONSIDADE DE 30°, INCLUINDO FÔRMAS E MATERIAIS. AF_07/2021","UN",23243.37,18261.18]
[102799,"BOCA PARA BUEIRO TRIPLO CELULAR 150 X 150 CM EM GABIÃO, ALAS COM ESCONSIDADE DE 45°, INCLUINDO FÔRMAS E MATERIAIS. AF_07/2021","UN",45568.84,33498.519999999997]
[102770,"BOCA PARA BUEIRO TRIPLO CELULAR 200 X 200 CM EM CONCRETO, ALAS COM ESCONSIDADE DE 30°, INCLUINDO FÔRMAS E MATERIAIS. AF_07/2021","UN",35888.379999999997,27767.32]
[102800,"BOCA PARA BUEIRO TRIPLO CELULAR 200 X 200 CM EM GABIÃO, ALAS COM ESCONSIDADE DE 45°, INCLUINDO FÔRMAS E MATERIAIS. AF_07/2021","UN",79392.509999999995,57731.1]
[102771,"BOCA PARA BUEIRO TRIPLO CELULAR 250 X 250 CM EM CONCRETO, ALAS COM ESCONSIDADE DE 30°, INCLUINDO FÔRMAS E MATERIAIS. AF_07/2021","UN",50099.12,38560.58]
[102801,"BOCA PARA BUEIRO TRIPLO CELULAR 250 X 250 CM EM GABIÃO, ALAS COM ESCONSIDADE DE 45°, INCLUINDO FÔRMAS E MATERIAIS. AF_07/2021","UN",111278.76,80608.12]
[102772,"BOCA PARA BUEIRO TRIPLO CELULAR 300 X 300 CM EM CONCRETO, ALAS COM ESCONSIDADE DE 30°, INCLUINDO FÔRMAS E MATERIAIS. AF_07/2021","UN",70703.38,53548.73]
[102802,"BOCA PARA BUEIRO TRIPLO CELULAR 300 X 300 CM EM GABIÃO, ALAS COM ESCONSIDADE DE 45°, INCLUINDO FÔRMAS E MATERIAIS. AF_07/2021","UN",133732.95000000001,96547.09]
[102747,"BOCA PARA BUEIRO TRIPLO TUBULAR D = 100 CM EM CONCRETO, ALAS COM ESCONSIDADE DE 0°, INCLUINDO FÔRMAS E MATERIAIS. AF_07/2021","UN",10510.37,8108.04]
[102758,"BOCA PARA BUEIRO TRIPLO TUBULAR D = 100 CM EM CONCRETO, ALAS COM ESCONSIDADE DE 30°, INCLUINDO FÔRMAS E MATERIAIS. AF_07/2021","UN",16900.419999999998,12864.31]
[102788,"BOCA PARA BUEIRO TRIPLO TUBULAR D = 100 CM EM GABIÃO, ALAS COM ESCONSIDADE DE 45°, INCLUINDO FÔRMAS E MATERIAIS. AF_07/2021","UN",24013.52,17480.400000000001]
[102748,"BOCA PARA BUEIRO TRIPLO TUBULAR D = 120 CM EM CONCRETO, ALAS COM ESCONSIDADE DE 0°, INCLUINDO FÔRMAS E MATERIAIS. AF_07/2021","UN",14729.49,11299.29]
[102759,"BOCA PARA BUEIRO TRIPLO TUBULAR D = 120 CM EM CONCRETO, ALAS COM ESCONSIDADE DE 30°, INCLUINDO FÔRMAS E MATERIAIS. AF_07/2021","UN",25178.77,19037.29]
[102789,"BOCA PARA BUEIRO TRIPLO TUBULAR D = 120 CM EM GABIÃO, ALAS COM ESCONSIDADE DE 45°, INCLUINDO FÔRMAS E MATERIAIS. AF_07/2021","UN",31814.39,22934.27]
[102749,"BOCA PARA BUEIRO TRIPLO TUBULAR D = 150 CM EM CONCRETO, ALAS COM ESCONSIDADE DE 0°, INCLUINDO FÔRMAS E MATERIAIS. AF_07/2021","UN",25359.02,19316.13]
[102760,"BOCA PARA BUEIRO TRIPLO TUBULAR D = 150 CM EM CONCRETO, ALAS COM ESCONSIDADE DE 30°, INCLUINDO FÔRMAS E MATERIAIS. AF_07/2021","UN",46572.65,34922.85]
[102790,"BOCA PARA BUEIRO TRIPLO TUBULAR D = 150 CM EM GABIÃO, ALAS COM ESCONSIDADE DE 45°, INCLUINDO FÔRMAS E MATERIAIS. AF_07/2021","UN",52786.54,37437.97]
[102785,"BOCA PARA BUEIRO TRIPLO TUBULAR D = 40 CM EM GABIÃO, ALAS COM ESCONSIDADE DE 45°, INCLUINDO FÔRMAS E MATERIAIS. AF_07/2021","UN",12975.69,9820.77]
[102786,"BOCA PARA BUEIRO TRIPLO TUBULAR D = 60 CM EM GABIÃO, ALAS COM ESCONSIDADE DE 45°, INCLUINDO FÔRMAS E MATERIAIS. AF_07/2021","UN",14554.94,10811.8]
[102787,"BOCA PARA BUEIRO TRIPLO TUBULAR D = 80 CM EM GABIÃO, ALAS COM ESCONSIDADE DE 45°, INCLUINDO FÔRMAS E MATERIAIS. AF_07/2021","UN",21735.81,16024.07]
[102736,"CONCRETAGEM DE BOCA PARA BUEIRO, FCK = 20 MPA, COM USO DE BOMBA - LANÇAMENTO, ADENSAMENTO E ACABAMENTO. AF_07/2021","M3",1022.3,588.27]
[102727,"FABRICAÇÃO, MONTAGEM E DESMONTAGEM DE FÔRMA PARA BOCA PARA BUEIRO, EM CHAPA DE MADEIRA COMPENSADA RESINADA, E = 17 MM, 2 UTILIZAÇÕES. AF_07/2021","M2",106.98,106.77]
[102111,"BOMBA CENTRÍFUGA, MONOFÁSICA, 0,5 CV OU 0,49 HP, HM 6 A 20 M, Q 1,2 A 8,3 M3/H - FORNECIMENTO E INSTALAÇÃO. AF_11/2025_PS","UN",1067.0899999999999,994.41]
[102113,"BOMBA CENTRÍFUGA, TRIFÁSICA, 1,0 CV OU 0,99 HP, HM 14 A 40 M, Q 0,6 A 8,4 M3/H - FORNECIMENTO E INSTALAÇÃO. AF_11/2025_PS","UN",1668.36,1485.64]
[102116,"BOMBA CENTRÍFUGA, TRIFÁSICA, 1,5 CV OU 1,48 HP, HM 10 A 24 M, Q 6,1 A 21,9 M3/H - FORNECIMENTO E INSTALAÇÃO. AF_11/2025_PS","UN",1778.25,1577.69]
[102132,"BOMBA CENTRÍFUGA, TRIFÁSICA, 1,5 CV OU 1,48 HP, HM 10 A 24 M, Q 6,1 A 21,9 M3/H, 2 UNIDADES, INCLUSO QUADRO ELÉTRICO - FORNECIMENTO E INSTALAÇÃO. AF_11/2025","UN",0,0]
[102115,"BOMBA CENTRÍFUGA, TRIFÁSICA, 1,5 CV OU 1,48 HP, HM 10 A 70 M, Q 1,8 A 5,3 M3/H - FORNECIMENTO E INSTALAÇÃO. AF_11/2025_PS","UN",2817.43,2422.87]
[102122,"BOMBA CENTRÍFUGA, TRIFÁSICA, 10 CV OU 9,86 HP, HM 85 A 140 M, Q 4,2 A 14,9 M3/H - FORNECIMENTO E INSTALAÇÃO. AF_11/2025_PS","UN",8007.49,6677.22]
[102118,"BOMBA CENTRÍFUGA, TRIFÁSICA, 3 CV OU 2,96 HP, HM 34 A 40 M, Q 8,6 A 14,8 M3/H - FORNECIMENTO E INSTALAÇÃO. AF_11/2025_PS","UN",2404.6799999999998,2089.4699999999998]
[102133,"BOMBA CENTRÍFUGA, TRIFÁSICA, 3 CV OU 2,96 HP, HM 34 A 40 M, Q 8,6 A 14,8 M3/H, 2 UNIDADES, INCLUSO QUADRO ELÉTRICO - FORNECIMENTO E INSTALAÇÃO. AF_11/2025","UN",0,0]
[102126,"BOMBA SUBMERSÍVEL, TRIFÁSICA, 3,80 CV OU 3,75 HP, HM 5 A 25,5 M, Q 3,6 A 61,2 M3/H - FORNECIMENTO E INSTALAÇÃO. AF_11/2025","UN",9207.26,10549.59]
[102137,"CHAVE DE BOIA AUTOMÁTICA SUPERIOR/INFERIOR 15A/250V - FORNECIMENTO E INSTALAÇÃO. AF_11/2025","UN",133.63999999999999,161.76]
[106258,"CONJUNTO FLUTUANTE DE SUCÇÃO DE 1\", TECHNIK OU EQUIVALENTE - FORNECIMENTO E INSTALAÇÃO. AF_11/2025","UN",0,0]
[102112,"INSTALAÇÃO DE BOMBA CENTRÍFUGA, MONOFÁSICA, 0,5 CV OU 0,49 HP, HM 6 A 20 M, Q 1,2 A 8,3 M3/H (SEM FORNECIMENTO). AF_11/2025_PS","UN",195.06,285.18]
[102114,"INSTALAÇÃO DE BOMBA CENTRÍFUGA, TRIFÁSICA, 1,0 CV OU 0,99 HP, HM 14 A 40 M, Q 0,6 A 8,4 M3/H (SEM FORNECIMENTO). AF_11/2025_PS","UN",198.41,290.11]
[102117,"INSTALAÇÃO DE BOMBA CENTRÍFUGA, TRIFÁSICA, 1,5 CV OU 1,48 HP (SEM FORNECIMENTO). AF_11/2025_PS","UN",202.47,296.08]
[102123,"INSTALAÇÃO DE BOMBA CENTRÍFUGA, TRIFÁSICA, 10 CV OU 9,86 HP, HM 85 A 140 M, Q 4,2 A 14,9 M3/H (SEM FORNECIMENTO). AF_11/2025_PS","UN",252.95,370.34]
[102119,"INSTALAÇÃO DE BOMBA CENTRÍFUGA, TRIFÁSICA, 3 CV OU 2,96 HP, HM 34 A 40 M, Q 8,6 A 14,8 M3/H (SEM FORNECIMENTO). AF_11/2025_PS","UN",205.97,301.23]
[102127,"INSTALAÇÃO DE BOMBA SUBMERSÍVEL, TRIFÁSICA, 3,80 CV OU 3,75 HP, HM 5 A 25,5 M, Q 3,6 A 61,2 M3/H (SEM FORNECIMENTO). AF_11/2025","UN",721.01,893.34]
[102121,"INSTALAÇÃO DE MOTO BOMBA HORIZONTAL ATÉ 10 CV, HM 75 A 80 M, Q 25,4 A 48 M3/H (SEM FORNECIMENTO). AF_11/2025_PS","UN",242.53,355.01]
[102138,"INSTALAÇÃO DE MOTO BOMBA HORIZONTAL DE 12,5 A 25 CV, HM 140 M (SEM FORNECIMENTO). AF_11/2025_PS","UN",269.89999999999998,395.28]
[102129,"INSTALAÇÃO DE MOTO BOMBA SUBMERSÍVEL ATÉ 10 CV, HM 21 M (SEM FORNECIMENTO). AF_11/2025","UN",934.59,1178.17]
[102131,"INSTALAÇÃO DE MOTO BOMBA SUBMERSÍVEL DE 11 A 25 CV, HM 33 M (SEM FORNECIMENTO). AF_11/2025","UN",1009.44,1288.29]
[102120,"MOTO BOMBA HORIZONTAL ATÉ 10 CV, HM 75 A 80 M, Q 25,4 A 48 M3/H- FORNECIMENTO E INSTALAÇÃO. AF_11/2025","UN",0,0]
[102334,"MOTO BOMBA HORIZONTAL DE 12,5 A 25CV, HM 140 M - FORNECIMENTO E INSTALAÇÃO. AF_11/2025","UN",0,0]
[102128,"MOTO BOMBA SUBMERSÍVEL ATÉ 10 CV, HM 21 M - FORNECIMENTO E INSTALAÇÃO. AF_11/2025","UN",0,0]
[102130,"MOTO BOMBA SUBMERSÍVEL DE 11 A 25 CV, HM 33 M - FORNECIMENTO E INSTALAÇÃO. AF_11/2025","UN",0,0]
[104941,"FORNECIMENTO E INSTALAÇÃO DE BRISE DE ALUMÍNIO B57, COM PINTURA ELETROSTÁTICA BRANCA, ACABAMENTO LISO, FIXADO EM PORTA-PAINEL RANHURADO. AF_03/2024","M2",0,0]
[104942,"FORNECIMENTO E INSTALAÇÃO DE BRISE DE ALUZINC SL4, COM PINTURA ELETROSTÁTICA BRANCA, INCLINAÇÃO DE 45°, ACABAMENTO LISO, FIXADO EM PORTA-PAINEL RANHURADO. AF_03/2024","M2",0,0]
[104940,"FORNECIMENTO E INSTALAÇÃO DE CAIXA DE ALUMÍNIO PROTETORA PARA CONDENSADORA DE AR-CONDICIONADO, PINTURA ELETROSTÁTICA BRANCA, DIMENSÕES 100 CM X 78 CM X 50 CM. AF_03/2024","UN",0,0]
[104943,"FORNECIMENTO E INSTALAÇÃO DE CONJUNTO DE BRISE EM REQUADRO DE ALUMÍNIO DESLIZANTE, COM PERFIS INTERNOS TUBULARES FIXOS, COM PINTURA ELETROSTÁTICA BRANCA, ACABAMENTO, 150 CM X 265 CM. AF_03/2024","M2",0,0]
[101801,"CAIXA COM GRELHA RETANGULAR DE FERRO FUNDIDO, EM ALVENARIA COM BLOCOS DE CONCRETO, DIMENSÕES INTERNAS: 0,30 X 1,00 X 1,00. AF_12/2020","UN",1139.1199999999999,1117.02]
[101800,"CAIXA COM GRELHA RETANGULAR DE FERRO FUNDIDO, EM ALVENARIA COM TIJOLOS CERÂMICOS MACIÇOS, DIMENSÕES INTERNAS: 0,30 X 1,00 X 1,00. AF_12/2020","UN",1622.85,1552.37]
[98108,"CAIXA DE GORDURA DUPLA (CAPACIDADE: 126 L), RETANGULAR, EM ALVENARIA COM BLOCOS DE CONCRETO, DIMENSÕES INTERNAS = 0,4X0,7 M, ALTURA INTERNA = 0,8 M. AF_12/2020","UN",542.82000000000005,572]
[98105,"CAIXA DE GORDURA DUPLA (CAPACIDADE: 126 L), RETANGULAR, EM ALVENARIA COM TIJOLOS CERÂMICOS MACIÇOS, DIMENSÕES INTERNAS = 0,4X0,7 M, ALTURA INTERNA = 0,8 M. AF_12/2020","UN",708.95,737.71]
[98109,"CAIXA DE GORDURA ESPECIAL (CAPACIDADE: 312 L - PARA ATÉ 146 PESSOAS SERVIDAS NO PICO), RETANGULAR, EM ALVENARIA COM BLOCOS DE CONCRETO, DIMENSÕES INTERNAS = 0,4X1,2 M, ALTURA INTERNA = 1 M. AF_12/2020","UN",880.84,927.38]
[98106,"CAIXA DE GORDURA ESPECIAL (CAPACIDADE: 312 L - PARA ATÉ 146 PESSOAS SERVIDAS NO PICO), RETANGULAR, EM ALVENARIA COM TIJOLOS CERÂMICOS MACIÇOS, DIMENSÕES INTERNAS = 0,4X1,2 M, ALTURA INTERNA = 1 M. AF_12/2020","UN",1169.04,1214.4100000000001]
[98110,"CAIXA DE GORDURA PEQUENA (CAPACIDADE: 19 L), CIRCULAR, EM PVC, DIÂMETRO INTERNO= 0,3 M. AF_12/2020","UN",491.74,421.03]
[98107,"CAIXA DE GORDURA SIMPLES (CAPACIDADE: 36 L), RETANGULAR, EM ALVENARIA COM BLOCOS DE CONCRETO, DIMENSÕES INTERNAS = 0,2X0,4 M, ALTURA INTERNA = 0,8 M. AF_12/2020","UN",302.31,319.75]
[98104,"CAIXA DE GORDURA SIMPLES (CAPACIDADE: 36L), RETANGULAR, EM ALVENARIA COM TIJOLOS CERÂMICOS MACIÇOS, DIMENSÕES INTERNAS = 0,2X0,4 M, ALTURA INTERNA = 0,8 M. AF_12/2020","UN",405.14,422.4]
[98102,"CAIXA DE GORDURA SIMPLES, CIRCULAR, EM CONCRETO PRÉ-MOLDADO, DIÂMETRO INTERNO = 0,4 M, ALTURA INTERNA = 0,4 M. AF_12/2020","UN",202.86,204.02]
[98111,"CAIXA DE INSPEÇÃO PARA ATERRAMENTO, CIRCULAR, EM POLIETILENO, DIÂMETRO INTERNO = 0,3 M. AF_12/2020","UN",64.87,58.09]
[97891,"CAIXA ENTERRADA ELÉTRICA RETANGULAR, EM ALVENARIA COM BLOCOS DE CONCRETO, FUNDO COM BRITA, DIMENSÕES INTERNAS: 0,4X0,4X0,4 M. AF_12/2020","UN",233.78,236.55]
[97892,"CAIXA ENTERRADA ELÉTRICA RETANGULAR, EM ALVENARIA COM BLOCOS DE CONCRETO, FUNDO COM BRITA, DIMENSÕES INTERNAS: 0,6X0,6X0,6 M. AF_12/2020","UN",438.81,440.85]
[97893,"CAIXA ENTERRADA ELÉTRICA RETANGULAR, EM ALVENARIA COM BLOCOS DE CONCRETO, FUNDO COM BRITA, DIMENSÕES INTERNAS: 0,8X0,8X0,6 M. AF_12/2020","UN",609.20000000000005,608.5]
[97894,"CAIXA ENTERRADA ELÉTRICA RETANGULAR, EM ALVENARIA COM BLOCOS DE CONCRETO, FUNDO COM BRITA, DIMENSÕES INTERNAS: 1X1X0,6 M. AF_12/2020","UN",704.4,667.65]
[97886,"CAIXA ENTERRADA ELÉTRICA RETANGULAR, EM ALVENARIA COM TIJOLOS CERÂMICOS MACIÇOS, FUNDO COM BRITA, DIMENSÕES INTERNAS: 0,3X0,3X0,3 M. AF_12/2020","UN",190.28,190.72]
[97887,"CAIXA ENTERRADA ELÉTRICA RETANGULAR, EM ALVENARIA COM TIJOLOS CERÂMICOS MACIÇOS, FUNDO COM BRITA, DIMENSÕES INTERNAS: 0,4X0,4X0,4 M. AF_12/2020","UN",298.14,300.64999999999998]
[97888,"CAIXA ENTERRADA ELÉTRICA RETANGULAR, EM ALVENARIA COM TIJOLOS CERÂMICOS MACIÇOS, FUNDO COM BRITA, DIMENSÕES INTERNAS: 0,6X0,6X0,6 M. AF_12/2020","UN",574.84,576.36]
[97889,"CAIXA ENTERRADA ELÉTRICA RETANGULAR, EM ALVENARIA COM TIJOLOS CERÂMICOS MACIÇOS, FUNDO COM BRITA, DIMENSÕES INTERNAS: 0,8X0,8X0,6 M. AF_12/2020","UN",782.71,781.31]
[97890,"CAIXA ENTERRADA ELÉTRICA RETANGULAR, EM ALVENARIA COM TIJOLOS CERÂMICOS MACIÇOS, FUNDO COM BRITA, DIMENSÕES INTERNAS: 1X1X0,6 M. AF_12/2020","UN",914.65,877.06]
[97881,"CAIXA ENTERRADA ELÉTRICA RETANGULAR, EM CONCRETO PRÉ-MOLDADO, FUNDO COM BRITA, DIMENSÕES INTERNAS: 0,3X0,3X0,3 M. AF_12/2020","UN",161.54,155.63999999999999]
[97882,"CAIXA ENTERRADA ELÉTRICA RETANGULAR, EM CONCRETO PRÉ-MOLDADO, FUNDO COM BRITA, DIMENSÕES INTERNAS: 0,4X0,4X0,4 M. AF_12/2020","UN",254.62,246.79]
[97883,"CAIXA ENTERRADA ELÉTRICA RETANGULAR, EM CONCRETO PRÉ-MOLDADO, FUNDO COM BRITA, DIMENSÕES INTERNAS: 0,6X0,6X0,5 M. AF_12/2020","UN",490.66,475.49]
[97884,"CAIXA ENTERRADA ELÉTRICA RETANGULAR, EM CONCRETO PRÉ-MOLDADO, FUNDO COM BRITA, DIMENSÕES INTERNAS: 0,8X0,8X0,5 M. AF_12/2020","UN",957.97,935.17]
[97885,"CAIXA ENTERRADA ELÉTRICA RETANGULAR, EM CONCRETO PRÉ-MOLDADO, FUNDO COM BRITA, DIMENSÕES INTERNAS: 1X1X0,5 M. AF_12/2020","UN",1483.32,1449.73]
[99250,"CAIXA ENTERRADA HIDRÁULICA RETANGULAR EM ALVENARIA COM TIJOLOS CERÂMICOS MACIÇOS, DIMENSÕES INTERNAS: 0,3X0,3X0,3 M PARA REDE DE DRENAGEM. AF_12/2020","UN",203.57,209.75]
[97900,"CAIXA ENTERRADA HIDRÁULICA RETANGULAR EM ALVENARIA COM TIJOLOS CERÂMICOS MACIÇOS, DIMENSÕES INTERNAS: 0,3X0,3X0,3 M PARA REDE DE ESGOTO. AF_12/2020","UN",208.55,214.31]
[99251,"CAIXA ENTERRADA HIDRÁULICA RETANGULAR EM ALVENARIA COM TIJOLOS CERÂMICOS MACIÇOS, DIMENSÕES INTERNAS: 0,4X0,4X0,4 M PARA REDE DE DRENAGEM. AF_12/2020","UN",318.89,328.39]
[97901,"CAIXA ENTERRADA HIDRÁULICA RETANGULAR EM ALVENARIA COM TIJOLOS CERÂMICOS MACIÇOS, DIMENSÕES INTERNAS: 0,4X0,4X0,4 M PARA REDE DE ESGOTO. AF_12/2020","UN",327.44,336.21]
[99253,"CAIXA ENTERRADA HIDRÁULICA RETANGULAR EM ALVENARIA COM TIJOLOS CERÂMICOS MACIÇOS, DIMENSÕES INTERNAS: 0,6X0,6X0,6 M PARA REDE DE DRENAGEM. AF_12/2020","UN",619.15,630.39]
[97902,"CAIXA ENTERRADA HIDRÁULICA RETANGULAR EM ALVENARIA COM TIJOLOS CERÂMICOS MACIÇOS, DIMENSÕES INTERNAS: 0,6X0,6X0,6 M PARA REDE DE ESGOTO. AF_12/2020","UN",638.35,647.95000000000005]
[99255,"CAIXA ENTERRADA HIDRÁULICA RETANGULAR EM ALVENARIA COM TIJOLOS CERÂMICOS MACIÇOS, DIMENSÕES INTERNAS: 0,8X0,8X0,6 M PARA REDE DE DRENAGEM. AF_12/2020","UN",866.36,877.05]
[97903,"CAIXA ENTERRADA HIDRÁULICA RETANGULAR EM ALVENARIA COM TIJOLOS CERÂMICOS MACIÇOS, DIMENSÕES INTERNAS: 0,8X0,8X0,6 M PARA REDE DE ESGOTO. AF_12/2020","UN",892.67,901.12]
[99257,"CAIXA ENTERRADA HIDRÁULICA RETANGULAR EM ALVENARIA COM TIJOLOS CERÂMICOS MACIÇOS, DIMENSÕES INTERNAS: 1X1X0,6 M PARA REDE DE DRENAGEM. AF_12/2020","UN",1035.05,1011.23]
[97904,"CAIXA ENTERRADA HIDRÁULICA RETANGULAR EM ALVENARIA COM TIJOLOS CERÂMICOS MACIÇOS, DIMENSÕES INTERNAS: 1X1X0,6 M PARA REDE DE ESGOTO. AF_12/2020","UN",1069.0899999999999,1042.3699999999999]
[99258,"CAIXA ENTERRADA HIDRÁULICA RETANGULAR, EM ALVENARIA COM BLOCOS DE CONCRETO, DIMENSÕES INTERNAS: 0,4X0,4X0,4 M PARA REDE DE DRENAGEM. AF_12/2020","UN",264.85000000000002,274.66000000000003]
[97905,"CAIXA ENTERRADA HIDRÁULICA RETANGULAR, EM ALVENARIA COM BLOCOS DE CONCRETO, DIMENSÕES INTERNAS: 0,4X0,4X0,4 M PARA REDE DE ESGOTO. AF_12/2020","UN",270.27999999999997,279.63]
[99260,"CAIXA ENTERRADA HIDRÁULICA RETANGULAR, EM ALVENARIA COM BLOCOS DE CONCRETO, DIMENSÕES INTERNAS: 0,6X0,6X0,6 M PARA REDE DE DRENAGEM. AF_12/2020","UN",493.15,504.32]
[97906,"CAIXA ENTERRADA HIDRÁULICA RETANGULAR, EM ALVENARIA COM BLOCOS DE CONCRETO, DIMENSÕES INTERNAS: 0,6X0,6X0,6 M PARA REDE DE ESGOTO. AF_12/2020","UN",505.24,515.37]
[99262,"CAIXA ENTERRADA HIDRÁULICA RETANGULAR, EM ALVENARIA COM BLOCOS DE CONCRETO, DIMENSÕES INTERNAS: 0,8X0,8X0,6 M PARA REDE DE DRENAGEM. AF_12/2020","UN",705.57,716.15]
[97907,"CAIXA ENTERRADA HIDRÁULICA RETANGULAR, EM ALVENARIA COM BLOCOS DE CONCRETO, DIMENSÕES INTERNAS: 0,8X0,8X0,6 M PARA REDE DE ESGOTO. AF_12/2020","UN",722.82,731.94]
[99264,"CAIXA ENTERRADA HIDRÁULICA RETANGULAR, EM ALVENARIA COM BLOCOS DE CONCRETO, DIMENSÕES INTERNAS: 1X1X0,6 M PARA REDE DE DRENAGEM. AF_12/2020","UN",844.8,820.86]
[97908,"CAIXA ENTERRADA HIDRÁULICA RETANGULAR, EM ALVENARIA COM BLOCOS DE CONCRETO, DIMENSÕES INTERNAS: 1X1X0,6 M PARA REDE DE ESGOTO. AF_12/2020","UN",868.11,842.19]
[97895,"CAIXA ENTERRADA HIDRÁULICA RETANGULAR, EM CONCRETO PRÉ-MOLDADO, DIMENSÕES INTERNAS: 0,3X0,3X0,3 M. AF_12/2020","UN",214.52,214.46]
[97896,"CAIXA ENTERRADA HIDRÁULICA RETANGULAR, EM CONCRETO PRÉ-MOLDADO, DIMENSÕES INTERNAS: 0,4X0,4X0,4 M. AF_12/2020","UN",396.76,398.08]
[97897,"CAIXA ENTERRADA HIDRÁULICA RETANGULAR, EM CONCRETO PRÉ-MOLDADO, DIMENSÕES INTERNAS: 0,6X0,6X0,5 M. AF_12/2020","UN",513.45000000000005,516.6]
[97898,"CAIXA ENTERRADA HIDRÁULICA RETANGULAR, EM CONCRETO PRÉ-MOLDADO, DIMENSÕES INTERNAS: 0,8X0,8X0,5 M. AF_12/2020","UN",987.72,993.58]
[97899,"CAIXA ENTERRADA HIDRÁULICA RETANGULAR, EM CONCRETO PRÉ-MOLDADO, DIMENSÕES INTERNAS: 1X1X0,5 M. AF_12/2020","UN",0,0]
[101795,"CAIXA ENTERRADA PARA INSTALAÇÕES TELEFÔNICAS TIPO R1, EM ALVENARIA COM BLOCOS DE CONCRETO, DIMENSÕES INTERNAS: 0,35X0,60X0,60 M, EXCLUINDO TAMPÃO. AF_12/2020","UN",674.19,654.36]
[101796,"CAIXA ENTERRADA PARA INSTALAÇÕES TELEFÔNICAS TIPO R2, EM ALVENARIA COM BLOCOS DE CONCRETO, DIMENSÕES INTERNAS: 0,52X1,07X0,60 M, EXCLUINDO TAMPÃO. AF_12/2020","UN",0,0]
[101797,"CAIXA ENTERRADA PARA INSTALAÇÕES TELEFÔNICAS TIPO R3, EM ALVENARIA COM BLOCOS DE CONCRETO, DIMENSÕES INTERNAS: 1,2X1,5X1,40 M, EXCLUINDO TAMPÃO. AF_12/2020","UN",0,0]
[101802,"CAIXA ENTERRADA RETENTORA DE AREIA RETANGULAR, EM ALVENARIA COM BLOCOS DE CONCRETO, DIMENSÕES INTERNAS: 1,00 X 1,00 X 1,20 M, EXCLUINDO TAMPÃO. AF_12/2020","UN",1982.71,1899.06]
[101803,"CAIXA ENTERRADA SEPARADORA DE ÓLEO RETANGULAR, EM ALVENARIA COM BLOCOS DE CONCRETO, DIMENSÕES INTERNAS: 0,6 X 0,6 X 1,00 M, EXCLUINDO TAMPÃO. AF_12/2020","UN",1243.3499999999999,1230.81]
[101804,"CAIXA ENTERRADA SEPARADORA DE ÓLEO RETANGULAR, EM ALVENARIA COM BLOCOS DE CONCRETO, DIMENSÕES INTERNAS: 0,8 X 0,8 X 1,00 M, EXCLUINDO TAMPÃO. AF_12/2020","UN",1579.52,1527.22]
[101805,"CAIXA ENTERRADA SEPARADORA DE ÓLEO RETANGULAR, EM ALVENARIA COM BLOCOS DE CONCRETO, DIMENSÕES INTERNAS: 1,00 X 1,00 X 1,00 M, EXCLUINDO TAMPÃO. AF_12/2020","UN",2017.08,1940.77]
[98115,"TAMPA CIRCULAR PARA ESGOTO E DRENAGEM, EM CONCRETO PRÉ-MOLDADO, DIÂMETRO INTERNO = 0,60 M E ALTURA = 0,10 M. AF_12/2020","UN",111.97,113.81]
[98114,"TAMPA CIRCULAR PARA ESGOTO E DRENAGEM, EM FERRO FUNDIDO, DIÂMETRO INTERNO = 0,6 M. AF_12/2020","UN",608.16,618.16999999999996]
[98112,"TIL (TUBO DE INSPEÇÃO E LIMPEZA) CONDOMINIAL PARA ESGOTO, EM PVC, DN 100 X 100 MM. AF_12/2020","UN",80.569999999999993,116.06]
[100128,"TIL (TUBO DE INSPEÇÃO E LIMPEZA) RADIAL PARA ESGOTO, EM PVC, DN 300X200 MM. AF_12/2020","UN",1236.79,1871.35]
[102623,"CAIXA D´ÁGUA EM POLIETILENO, 1000 LITROS (INCLUSOS TUBOS, CONEXÕES E TORNEIRA DE BÓIA) - FORNECIMENTO E INSTALAÇÃO. AF_06/2021","UN",804.75,897.18]
[102607,"CAIXA D´ÁGUA EM POLIETILENO, 1000 LITROS - FORNECIMENTO E INSTALAÇÃO. AF_06/2021","UN",449.54,465.55]
[102608,"CAIXA D´ÁGUA EM POLIETILENO, 1500 LITROS - FORNECIMENTO E INSTALAÇÃO. AF_06/2021","UN",1030.25,1063.72]
[102609,"CAIXA D´ÁGUA EM POLIETILENO, 2000 LITROS - FORNECIMENTO E INSTALAÇÃO. AF_06/2021","UN",1170.7,1209.6300000000001]
[102610,"CAIXA D´ÁGUA EM POLIETILENO, 3000 LITROS - FORNECIMENTO E INSTALAÇÃO. AF_06/2021","UN",2011.92,2076.0500000000002]
[102622,"CAIXA D´ÁGUA EM POLIETILENO, 500 LITROS (INCLUSOS TUBOS, CONEXÕES E TORNEIRA DE BÓIA) - FORNECIMENTO E INSTALAÇÃO. AF_06/2021","UN",578.82000000000005,657.88]
[102605,"CAIXA D´ÁGUA EM POLIETILENO, 500 LITROS - FORNECIMENTO E INSTALAÇÃO. AF_06/2021","UN",272.56,282.55]
[102606,"CAIXA D´ÁGUA EM POLIETILENO, 750 LITROS - FORNECIMENTO E INSTALAÇÃO. AF_06/2021","UN",419.94,434.64]
[102613,"CAIXA D´ÁGUA EM POLIÉSTER REFORÇADO COM FIBRA DE VIDRO, 1000 LITROS - FORNECIMENTO E INSTALAÇÃO. AF_06/2021","UN",630.1,651.25]
[102619,"CAIXA D´ÁGUA EM POLIÉSTER REFORÇADO COM FIBRA DE VIDRO, 10000 LITROS - FORNECIMENTO E INSTALAÇÃO. AF_06/2021","UN",5376.57,5569.06]
[102614,"CAIXA D´ÁGUA EM POLIÉSTER REFORÇADO COM FIBRA DE VIDRO, 1500 LITROS - FORNECIMENTO E INSTALAÇÃO. AF_06/2021","UN",968.81,1000.47]
[102620,"CAIXA D´ÁGUA EM POLIÉSTER REFORÇADO COM FIBRA DE VIDRO, 15000 LITROS - FORNECIMENTO E INSTALAÇÃO. AF_06/2021","UN",7807.45,8068.4]
[102615,"CAIXA D´ÁGUA EM POLIÉSTER REFORÇADO COM FIBRA DE VIDRO, 2000 LITROS - FORNECIMENTO E INSTALAÇÃO. AF_06/2021","UN",1215.8499999999999,1255.58]
[102621,"CAIXA D´ÁGUA EM POLIÉSTER REFORÇADO COM FIBRA DE VIDRO, 20000 LITROS - FORNECIMENTO E INSTALAÇÃO. AF_06/2021","UN",11996.47,12375.42]
[102616,"CAIXA D´ÁGUA EM POLIÉSTER REFORÇADO COM FIBRA DE VIDRO, 3000 LITROS - FORNECIMENTO E INSTALAÇÃO. AF_06/2021","UN",1799.79,1857.69]
[102611,"CAIXA D´ÁGUA EM POLIÉSTER REFORÇADO COM FIBRA DE VIDRO, 500 LITROS - FORNECIMENTO E INSTALAÇÃO. AF_06/2021","UN",452.75,468.06]
[102617,"CAIXA D´ÁGUA EM POLIÉSTER REFORÇADO COM FIBRA DE VIDRO, 5000 LITROS - FORNECIMENTO E INSTALAÇÃO. AF_06/2021","UN",3332.3,3467.2]
[102618,"CAIXA D´ÁGUA EM POLIÉSTER REFORÇADO COM FIBRA DE VIDRO, 7000 LITROS - FORNECIMENTO E INSTALAÇÃO. AF_06/2021","UN",4007.24,4161.1499999999996]
[102612,"CAIXA D´ÁGUA EM POLIÉSTER REFORÇADO COM FIBRA DE VIDRO, 750 LITROS - FORNECIMENTO E INSTALAÇÃO. AF_06/2021","UN",649.98,671.12]
[102603,"FURO EM CAIXA D'ÁGUA COM ESPESSURA DE 2 ATÉ 5 MM E DIÂMETRO DE 100 MM. AF_06/2021","UN",10.19,14.99]
[102587,"FURO EM CAIXA D'ÁGUA COM ESPESSURA DE 2 ATÉ 5 MM E DIÂMETRO DE 15 MM. AF_06/2021","UN",3.5,5.14]
[102589,"FURO EM CAIXA D'ÁGUA COM ESPESSURA DE 2 ATÉ 5 MM E DIÂMETRO DE 20 MM. AF_06/2021","UN",3.89,5.72]
[102591,"FURO EM CAIXA D'ÁGUA COM ESPESSURA DE 2 ATÉ 5 MM E DIÂMETRO DE 25 MM. AF_06/2021","UN",4.28,6.29]
[102593,"FURO EM CAIXA D'ÁGUA COM ESPESSURA DE 2 ATÉ 5 MM E DIÂMETRO DE 32 MM. AF_06/2021","UN",4.83,7.11]
[102595,"FURO EM CAIXA D'ÁGUA COM ESPESSURA DE 2 ATÉ 5 MM E DIÂMETRO DE 40 MM. AF_06/2021","UN",5.46,8.0299999999999994]
[102597,"FURO EM CAIXA D'ÁGUA COM ESPESSURA DE 2 ATÉ 5 MM E DIÂMETRO DE 50 MM. AF_06/2021","UN",6.24,9.1999999999999993]
[102599,"FURO EM CAIXA D'ÁGUA COM ESPESSURA DE 2 ATÉ 5 MM E DIÂMETRO DE 60 MM. AF_06/2021","UN",7.03,10.36]
[102601,"FURO EM CAIXA D'ÁGUA COM ESPESSURA DE 2 ATÉ 5 MM E DIÂMETRO DE 75 MM. AF_06/2021","UN",8.2200000000000006,12.1]
[102604,"FURO EM CAIXA D'ÁGUA COM ESPESSURA DE 6 ATÉ 8 MM E DIÂMETRO DE 100 MM. AF_06/2021","UN",11.75,17.29]
[102588,"FURO EM CAIXA D'ÁGUA COM ESPESSURA DE 6 ATÉ 8 MM E DIÂMETRO DE 15 MM. AF_06/2021","UN",5.05,7.43]
[102590,"FURO EM CAIXA D'ÁGUA COM ESPESSURA DE 6 ATÉ 8 MM E DIÂMETRO DE 20 MM. AF_06/2021","UN",5.45,8.02]
[102592,"FURO EM CAIXA D'ÁGUA COM ESPESSURA DE 6 ATÉ 8 MM E DIÂMETRO DE 25 MM. AF_06/2021","UN",5.83,8.59]
[102594,"FURO EM CAIXA D'ÁGUA COM ESPESSURA DE 6 ATÉ 8 MM E DIÂMETRO DE 32 MM. AF_06/2021","UN",6.39,9.41]
[102596,"FURO EM CAIXA D'ÁGUA COM ESPESSURA DE 6 ATÉ 8 MM E DIÂMETRO DE 40 MM. AF_06/2021","UN",7.02,10.34]
[102598,"FURO EM CAIXA D'ÁGUA COM ESPESSURA DE 6 ATÉ 8 MM E DIÂMETRO DE 50 MM. AF_06/2021","UN",7.81,11.49]
[102600,"FURO EM CAIXA D'ÁGUA COM ESPESSURA DE 6 ATÉ 8 MM E DIÂMETRO DE 60 MM. AF_06/2021","UN",8.6,12.65]
[102602,"FURO EM CAIXA D'ÁGUA COM ESPESSURA DE 6 ATÉ 8 MM E DIÂMETRO DE 75 MM. AF_06/2021","UN",9.7799999999999994,14.39]
[103005,"CAIXA COM GRELHA RETANGULAR DE FERRO FUNDIDO, EM ALVENARIA COM TIJOLOS CERÂMICOS MACIÇOS, DIMENSÕES INTERNAS: 0,15 X 1,00 X 0,3 M. AF_05/2025","UN",680.91,646.05999999999995]
[103006,"CAIXA COM GRELHA RETANGULAR DE FERRO FUNDIDO, EM ALVENARIA COM TIJOLOS CERÂMICOS MACIÇOS, DIMENSÕES INTERNAS: 0,20 X 1,00 X 0,4 M. AF_05/2025","UN",861.47,819.89]
[103007,"CAIXA COM GRELHA RETANGULAR DE FERRO FUNDIDO, EM ALVENARIA COM TIJOLOS CERÂMICOS MACIÇOS, DIMENSÕES INTERNAS: 0,30 X 1,00 X 0,5 M. AF_05/2025","UN",1133.6500000000001,1082.46]
[103004,"CANALETA DE CONCRETO POLIMÉRICO COM GRELHA, LARGURA DE 13 CM - FORNECIMENTO E INSTALAÇÃO. AF_05/2025","M",0,0]
[102989,"CANALETA MEIA CANA PRÉ-MOLDADA DE CONCRETO (D = 20 CM) - FORNECIMENTO E INSTALAÇÃO. AF_05/2025","M",41.99,46.12]
[102990,"CANALETA MEIA CANA PRÉ-MOLDADA DE CONCRETO (D = 30 CM) - FORNECIMENTO E INSTALAÇÃO. AF_05/2025","M",52.67,58.02]
[102991,"CANALETA MEIA CANA PRÉ-MOLDADA DE CONCRETO (D = 40 CM) - FORNECIMENTO E INSTALAÇÃO. AF_05/2025","M",69.31,76.39]
[102992,"CANALETA MEIA CANA PRÉ-MOLDADA DE CONCRETO (D = 50 CM) - FORNECIMENTO E INSTALAÇÃO. AF_05/2025","M",104.86,110.9]
[102993,"CANALETA MEIA CANA PRÉ-MOLDADA DE CONCRETO (D = 60 CM) - FORNECIMENTO E INSTALAÇÃO. AF_05/2025","M",136.27000000000001,144.27000000000001]
[102994,"CANALETA MEIA CANA PRÉ-MOLDADA DE CONCRETO (D = 80 CM) - FORNECIMENTO E INSTALAÇÃO. AF_05/2025","M",254.18,269.52]
[106017,"CANALETA PRÉ-MOLDADA DE CONCRETO, COM GRELHA PERFURADA DE CONCRETO, GEOMETRIA RETANGULAR, COM DIMENSÕES INTERNAS: L=0,20 M; H=0,20 M; C=*0,60* M - FORNECIMENTO E INSTALAÇÃO. AF_05/2025","UN",0,0]
[105944,"CONCRETAGEM DE VALETA/ CANALETA MOLDADA IN LOCO. AF_05/2025","M3",1093.6300000000001,802.75]
[106004,"EXECUÇÃO DE CANALETA DE CONCRETO ARMADO MOLDADA IN LOCO, ESPESSURA DE 0,1 M, GEOMETRIA QUADRADA, COM DIMENSÕES INTERNAS: L=0,20 M; H=0,20 M. AF_05/2025","M",205.09,189.84]
[106005,"EXECUÇÃO DE CANALETA DE CONCRETO ARMADO MOLDADA IN LOCO, ESPESSURA DE 0,1 M, GEOMETRIA QUADRADA, COM DIMENSÕES INTERNAS: L=0,25 M; H=0,25 M. AF_05/2025","M",242.55,224.57]
[106006,"EXECUÇÃO DE CANALETA DE CONCRETO ARMADO MOLDADA IN LOCO, ESPESSURA DE 0,1 M, GEOMETRIA QUADRADA, COM DIMENSÕES INTERNAS: L=0,30 M; H=0,30 M. AF_05/2025","M",288.2,267.38]
[106007,"EXECUÇÃO DE CANALETA DE CONCRETO ARMADO MOLDADA IN LOCO, ESPESSURA DE 0,1 M, GEOMETRIA QUADRADA, COM DIMENSÕES INTERNAS: L=0,35 M; H=0,35 M. AF_05/2025","M",328.39,304.82]
[106008,"EXECUÇÃO DE CANALETA DE CONCRETO ARMADO MOLDADA IN LOCO, ESPESSURA DE 0,1 M, GEOMETRIA QUADRADA, COM DIMENSÕES INTERNAS: L=0,40 M; H=0,40 M. AF_05/2025","M",368.58,342.24]
[106009,"EXECUÇÃO DE CANALETA DE CONCRETO ARMADO MOLDADA IN LOCO, ESPESSURA DE 0,1 M, GEOMETRIA QUADRADA, COM DIMENSÕES INTERNAS: L=0,50 M; H=0,50 M. AF_05/2025","M",454.44,422.49]
[106010,"EXECUÇÃO DE CANALETA DE CONCRETO ARMADO MOLDADA IN LOCO, ESPESSURA DE 0,1 M, GEOMETRIA QUADRADA, COM DIMENSÕES INTERNAS: L=0,60 M; H=0,60 M. AF_05/2025","M",532.1,494.67]
[106011,"EXECUÇÃO DE CANALETA DE CONCRETO MOLDADO IN LOCO, COM GRELHA DE CONCRETO; ESPESSURA DE 0,15 M, GEOMETRIA RETANGULAR, COM DIMENSÕES INTERNAS: L=0,4 M; H=*0,3*M. AF_05/2025","M",988.57,853.42]
[106013,"EXECUÇÃO DE CANALETA DE CONCRETO MOLDADO IN LOCO, COM GRELHA DE CONCRETO; ESPESSURA DE 0,15 M, GEOMETRIA RETANGULAR, COM DIMENSÕES INTERNAS: L=0,60 M; H=0,50 M. AF_05/2025","M",1233.27,1068.57]
[106012,"EXECUÇÃO DE CANALETA DE CONCRETO MOLDADO IN LOCO, COM GRELHA DE CONCRETO; ESPESSURA DE 0,15 M, GEOMETRIA RETANGULAR, COM DIMENSÕES INTERNAS:L=*0,6* M; H=* 0,3* M. AF_05/2025","M",1090.76,938.83]
[106014,"EXECUÇÃO DE CANALETA DE CONCRETO MOLDADO IN LOCO, COM GRELHA DE CONCRETO; ESPESSURA DE 0,20 M, GEOMETRIA RETANGULAR, COM DIMENSÕES INTERNAS: L=0,80 M; H=0,30 M. AF_05/2025","M",1385.27,1194.78]
[106015,"EXECUÇÃO DE CANALETA DE CONCRETO MOLDADO IN LOCO, COM GRELHA DE CONCRETO; ESPESSURA DE 0,20 M, GEOMETRIA RETANGULAR, COM DIMENSÕES INTERNAS: L=0,80 M; H=0,60 M. AF_05/2025","M",1656.75,1434.36]
[106016,"EXECUÇÃO DE CANALETA DE CONCRETO MOLDADO IN LOCO, COM GRELHA DE CONCRETO; ESPESSURA DE 0,20 M, GEOMETRIA RETANGULAR, COM DIMENSÕES INTERNAS: L=0,80 M; H=0,90 M. AF_05/2025","M",1944.26,1687.83]
[106003,"EXECUÇÃO DE VALETA DE CONCRETO ARMADO MOLDADO IN LOCO, ESPESSURA DE 0,08 M, GEOMETRIA TRAPEIZOIDAL, COM DIMENSÕES INTERNAS: B1=*1,20* M; B2=*0,4* M; H=0,4 M. AF_05/2025","M",209.91,174.8]
[105997,"EXECUÇÃO DE VALETA DE CONCRETO ARMADO MOLDADO IN LOCO, ESPESSURA DE 0,08 M, GEOMETRIA TRAPEIZOIDAL, COM DIMENSÕES INTERNAS: B1=0,6 M; B2=0,20 M; H=0,20 M. AF_05/2025","M",114.7,95.71]
[105998,"EXECUÇÃO DE VALETA DE CONCRETO ARMADO MOLDADO IN LOCO, ESPESSURA DE 0,08 M, GEOMETRIA TRAPEIZOIDAL, COM DIMENSÕES INTERNAS: B1=0,7 M; B2=0,30 M; H=0,20 M. AF_05/2025","M",127.14,106.04]
[105999,"EXECUÇÃO DE VALETA DE CONCRETO ARMADO MOLDADO IN LOCO, ESPESSURA DE 0,08 M, GEOMETRIA TRAPEIZOIDAL, COM DIMENSÕES INTERNAS: B1=0,8 M; B2=0,30 M; H=0,25 M. AF_05/2025","M",144.72999999999999,120.65]
[106000,"EXECUÇÃO DE VALETA DE CONCRETO ARMADO MOLDADO IN LOCO, ESPESSURA DE 0,08 M, GEOMETRIA TRAPEIZOIDAL, COM DIMENSÕES INTERNAS: B1=0,9 M; B2=0,30 M; H=0,30 M. AF_05/2025","M",162.31,135.26]
[106001,"EXECUÇÃO DE VALETA DE CONCRETO ARMADO MOLDADO IN LOCO, ESPESSURA DE 0,08 M, GEOMETRIA TRAPEIZOIDAL, COM DIMENSÕES INTERNAS: B1=1,0 M; B2=0,40 M; H=0,30 M. AF_05/2025","M",174.74,145.59]
[106002,"EXECUÇÃO DE VALETA DE CONCRETO ARMADO MOLDADO IN LOCO, ESPESSURA DE 0,08 M, GEOMETRIA TRAPEIZOIDAL, COM DIMENSÕES INTERNAS: B1=1,1 M; B2=0,40 M; H=0,35 M. AF_05/2025","M",192.32,160.19999999999999]
[105992,"EXECUÇÃO DE VALETA DE CONCRETO MOLDADO IN LOCO, ESPESSURA DE 0,08 M, GEOMETRIA TRAPEIZOIDAL, COM DIMENSÕES INTERNAS: B1=*1,0* M; B2=0,40 M; H=*0,30* M. AF_05/2025","M",134.76,104.66]
[105993,"EXECUÇÃO DE VALETA DE CONCRETO MOLDADO IN LOCO, ESPESSURA DE 0,08 M, GEOMETRIA TRAPEIZOIDAL, COM DIMENSÕES INTERNAS: B1=*1,2* M; B2=*0,4* M; H= 0,4 M. AF_05/2025","M",161.82,125.57]
[105994,"EXECUÇÃO DE VALETA DE CONCRETO MOLDADO IN LOCO, ESPESSURA DE 0,08 M, GEOMETRIA TRAPEIZOIDAL, COM DIMENSÕES INTERNAS: B1=*1,5* M; B2=*0,50* M; H=*0,50* M. AF_05/2025","M",198.45,153.88999999999999]
[105995,"EXECUÇÃO DE VALETA DE CONCRETO MOLDADO IN LOCO, ESPESSURA DE 0,08 M, GEOMETRIA TRAPEIZOIDAL, COM DIMENSÕES INTERNAS: B1=*1,8* M; B2=*0,60* M; H=*0,6* M. AF_05/2025","M",235.18,182.28]
[105996,"EXECUÇÃO DE VALETA DE CONCRETO MOLDADO IN LOCO, ESPESSURA DE 0,08 M, GEOMETRIA TRAPEIZOIDAL, COM DIMENSÕES INTERNAS: B1=*2,0* M; B2=*0,8* M; H=0,6 M. AF_05/2025","M",254.33,197.08]
[105988,"EXECUÇÃO DE VALETA DE CONCRETO MOLDADO IN LOCO, ESPESSURA DE 0,08 M, GEOMETRIA TRAPEIZOIDAL, COM DIMENSÕES INTERNAS: B1=0,6M; B2=0,20 M; H=0,20 M. AF_05/2025","M",88.56,68.95]
[105989,"EXECUÇÃO DE VALETA DE CONCRETO MOLDADO IN LOCO, ESPESSURA DE 0,08 M, GEOMETRIA TRAPEIZOIDAL, COM DIMENSÕES INTERNAS: B1=0,7 M; B2=0,30 M; H=0,20 M. AF_05/2025","M",98.14,76.349999999999994]
[105990,"EXECUÇÃO DE VALETA DE CONCRETO MOLDADO IN LOCO, ESPESSURA DE 0,08 M, GEOMETRIA TRAPEIZOIDAL, COM DIMENSÕES INTERNAS: B1=0,8 M; B2=0,30 M; H=0,25 M. AF_05/2025","M",111.67,86.81]
[105991,"EXECUÇÃO DE VALETA DE CONCRETO MOLDADO IN LOCO, ESPESSURA DE 0,08 M, GEOMETRIA TRAPEIZOIDAL, COM DIMENSÕES INTERNAS: B1=0,9 M; B2=0,30 M; H=0,30 M. AF_05/2025","M",125.2,97.27]
[105987,"EXECUÇÃO DE VALETA DE CONCRETO MOLDADO IN LOCO, ESPESSURA DE 0,08 M, GEOMETRIA TRAPEIZOIDAL, COM DIMENSÕES INTERNAS: B1=1,2 M; B2=0,6 M; H=0,3 M. AF_05/2025","M",153.88999999999999,119.45]
[105986,"EXECUÇÃO DE VALETA DE CONCRETO MOLDADO IN LOCO, ESPESSURA DE 0,08 M, GEOMETRIA TRAPEIZOIDAL, COM DIMENSÕES INTERNAS: B1=1,6 M; B2=1,0 M; H=0,3 M. AF_05/2025","M",192.2,149.06]
[106019,"GRELHA ARTICULADA PARA CALHA DE PISO 20X50 CM - FORNECIMENTO E INSTALAÇÃO. AF_05/2025","UN",0,0]
[103001,"GRELHA DE FERRO FUNDIDO SIMPLES COM REQUADRO, 150 X 1000 MM, ASSENTADA COM ARGAMASSA 1 : 3 CIMENTO: AREIA - FORNECIMENTO E INSTALAÇÃO. AF_05/2025","UN",197.97,201.36]
[103002,"GRELHA DE FERRO FUNDIDO SIMPLES COM REQUADRO, 200 X 1000 MM, ASSENTADA COM ARGAMASSA 1 : 3 CIMENTO: AREIA - FORNECIMENTO E INSTALAÇÃO. AF_05/2025","UN",247.81,251.33]
[103003,"GRELHA DE FERRO FUNDIDO SIMPLES COM REQUADRO, 300 X 1000 MM, ASSENTADA COM ARGAMASSA 1 : 3 CIMENTO: AREIA - FORNECIMENTO E INSTALAÇÃO. AF_05/2025","UN",347.44,351.24]
[106018,"GRELHA PARA CALHA DE PISO 20X50 CM - FORNECIMENTO E INSTALAÇÃO. AF_05/2025","UN",0,0]
[105945,"PREPARO DE SOLO E GABARITO DE MADEIRA PARA VALETA MOLDADA IN LOCO COM GEOMETRIA TRAPEZOIDAL. AF_05/2025","M2",8.23,9.75]
[98522,"ALAMBRADO EM MOURÕES DE CONCRETO, COM TELA DE ARAME GALVANIZADO (INCLUSIVE MURETA EM CONCRETO). AF_12/2025","M",201.4,177.15]
[98523,"ALAMBRADO EM PERFIS METÁLICOS RETANGULARES COM GRADIL METÁLICO (EXCLUSIVE MURETA EM CONCRETO). AF_12/2025","M",0,0]
[102364,"ALAMBRADO PARA QUADRA POLIESPORTIVA, ESTRUTURADO POR TUBOS DE AÇO GALVANIZADO, (MONTANTES COM DIÂMETRO 2\", TRAVESSAS E ESCORAS COM DIÂMETRO 1 ¼\"), COM TELA DE ARAME GALVANIZADO, FIO 10 BWG E MALHA QUADRADA 5X5CM (EXCETO MURETA). AF_12/2025","M2",219.8,189.32]
[102363,"ALAMBRADO PARA QUADRA POLIESPORTIVA, ESTRUTURADO POR TUBOS DE AÇO GALVANIZADO, (MONTANTES COM DIÂMETRO 2\", TRAVESSAS E ESCORAS COM DIÂMETRO 1 ¼\"), COM TELA DE ARAME GALVANIZADO, FIO 12 BWG E MALHA QUADRADA 5X5CM (EXCETO MURETA). AF_12/2025","M2",183.49,167.27]
[102362,"ALAMBRADO PARA QUADRA POLIESPORTIVA, ESTRUTURADO POR TUBOS DE AÇO GALVANIZADO, (MONTANTES COM DIÂMETRO 2\", TRAVESSAS E ESCORAS COM DIÂMETRO 1 ¼\"), COM TELA DE ARAME GALVANIZADO, FIO 14 BWG E MALHA QUADRADA 5X5CM (EXCETO MURETA). AF_12/2025","M2",162.94999999999999,154.79]
[101196,"CERCA COM MOURÕES DE CONCRETO, RETO, 15X15 CM, H= 2,30 M, ESPAÇAMENTO DE 2,5 M, CRAVADOS 0,5 M, ESCORAS DE 10X10 CM A CADA 50 M, COM 12 FIOS DE ARAME DE AÇO OVALADO 15X17 - FORNECIMENTO E INSTALAÇÃO. AF_12/2025","M",0,0]
[101195,"CERCA COM MOURÕES DE CONCRETO, RETO, 15X15 CM,H= 2,30 M, ESPAÇAMENTO DE 2,5 M, CRAVADOS 0,5 M, ESCORAS DE 10X10 CM A CADA 50 M, COM 9 FIOS DE ARAME DE AÇO OVALADO 15X17 - FORNECIMENTO E INSTALAÇÃO. AF_12/2025","M",0,0]
[101193,"CERCA COM MOURÕES DE CONCRETO, RETO, H=2,30 M, ESPAÇAMENTO DE 2,5 M, CRAVADOS 0,5 M, COM 4 FIOS DE ARAME DE AÇO OVALADO 15X17 - FORNECIMENTO E INSTALAÇÃO. AF_12/2025","M",65.97,55.77]
[106459,"CERCA COM MOURÕES DE CONCRETO, RETO, H=2,30 M, ESPAÇAMENTO DE 2,5 M, CRAVADOS 0,5 M, COM 4 FIOS DE ARAME FARPADO Nº 14 OU 16 CLASSE 250 - FORNECIMENTO E INSTALAÇÃO. AF_12/2025","M",66.180000000000007,55.92]
[101194,"CERCA COM MOURÕES DE CONCRETO, RETO, H=2,30 M, ESPAÇAMENTO DE 2,5 M, CRAVADOS 0,5 M, COM 4 FIOS DE ARAME MISTO - FORNECIMENTO E INSTALAÇÃO. AF_12/2025","M",66.39,56.1]
[101190,"CERCA COM MOURÕES DE CONCRETO, RETO, H=3,00 M, ESPAÇAMENTO DE 2,5 M, CRAVADOS 0,5 M, COM 4 FIOS DE ARAME DE AÇO OVALADO 15X17 - FORNECIMENTO E INSTALAÇÃO. AF_12/2025","M",73.849999999999994,60.78]
[106458,"CERCA COM MOURÕES DE CONCRETO, RETO, H=3,00 M, ESPAÇAMENTO DE 2,5 M, CRAVADOS 0,5 M, COM 4 FIOS DE ARAME FARPADO Nº 14 OU 16 CLASSE 250 - FORNECIMENTO E INSTALAÇÃO. AF_12/2025","M",74.06,60.93]
[101191,"CERCA COM MOURÕES DE CONCRETO, RETO, H=3,00 M, ESPAÇAMENTO DE 2,5 M, CRAVADOS 0,5 M, COM 4 FIOS DE ARAME MISTO - FORNECIMENTO E INSTALAÇÃO. AF_12/2025","M",74.27,61.11]
[101198,"CERCA COM MOURÕES DE CONCRETO, SEÇÃO \"T\" PONTA INCLINADA, 10X10 CM, ESPAÇAMENTO DE 2,5 M, CRAVADOS 0,5 M, COM 11 FIOS DE ARAME DE AÇO OVALADO 15X17 - FORNECIMENTO E INSTALAÇÃO. AF_12/2025","M",99.11,89.31]
[106460,"CERCA COM MOURÕES DE CONCRETO, SEÇÃO \"T\" PONTA INCLINADA, 10X10CM, ESPAÇAMENTO DE 2,5M, CRAVADOS 0,5M, COM 11 FIOS DE ARAME FARPADO Nº 14 OU 16 - FORNECIMENTO E INSTALAÇÃO. AF_12/2025","M",99.67,89.7]
[101199,"CERCA COM MOURÕES DE CONCRETO, SEÇÃO \"T\" PONTA INCLINADA, 10X10CM, ESPAÇAMENTO DE 2,5M, CRAVADOS 0,5M, COM 11 FIOS DE ARAME MISTO - FORNECIMENTO E INSTALAÇÃO. AF_12/2025","M",100.16,90.13]
[101203,"CERCA COM MOURÕES DE MADEIRA ROLIÇA, DIÂMETRO 11 CM, ESPAÇAMENTO DE 2,5 M, ALTURA LIVRE DE 1,7 M, CRAVADOS 0,5 M, COM 5 FIOS DE ARAME DE AÇO OVALADO 15X17 - FORNECIMENTO E INSTALAÇÃO. AF_12/2025","M",35.42,40.19]
[101204,"CERCA COM MOURÕES DE MADEIRA ROLIÇA, DIÂMETRO 11 CM, ESPAÇAMENTO DE 2,5 M, ALTURA LIVRE DE 1,7 M, CRAVADOS 0,5 M, COM 5 FIOS DE ARAME MISTO - FORNECIMENTO E INSTALAÇÃO. AF_12/2025","M",35.840000000000003,40.520000000000003]
[106257,"CERCA COM MOURÕES DE MADEIRA ROLIÇA, DIÂMETRO 11CM, ESPAÇAMENTO DE 2,5M, ALTURA LIVRE DE 1,7M, CRAVADOS 0,5M, COM 5 FIOS DE ARAME FARPADO Nº 14 OU 16 CLASSE 250 - FORNECIMENTO E INSTALAÇÃO. AF_12/2025","M",35.68,40.369999999999997]
[106461,"CERCA COM MOURÕES DE MADEIRA, 7,5X7,5 CM, ESPAÇAMENTO DE 2,5 M, ALTURA LIVRE DE 2 M, CRAVADOS 0,5 M, COM 4 FIOS DE ARAME FARPADO Nº 14 OU 16 CLASSE 250 - FORNECIMENTO E INSTALAÇÃO. AF_12/2025","M",41.57,60.12]
[106462,"CERCA COM MOURÕES DE MADEIRA, 7,5X7,5CM, ESPAÇAMENTO DE 2,5M, ALTURA LIVRE DE 2M, CRAVADOS 0,5M, COM 8 FIOS DE ARAME FARPADO Nº 14 OU 16 CLASSE 250 - FORNECIMENTO E INSTALAÇÃO. AF_12/2025","M",54.49,74.14]
[106479,"INSTALAÇÃO DE ESCORAS PARA ALAMBRADO EM TUBO AÇO GALVANIZADO COM COSTURA, CLASSE MÉDIA, DN 1.1/4\", E = *3,25* MM, PESO *3,14* KG/M. AF_12/2025","M",61.57,67.09]
[106483,"INSTALAÇÃO DE MOURÃO DE CONCRETO PONTA INCLINADA (CURVA), *10 X 10* CM, H= *2,60* M + CURVA DE 0,40 M. AF_12/2025","UN",132.77000000000001,101.2]
[106484,"INSTALAÇÃO DE MOURÃO DE CONCRETO PONTA INCLINADA (CURVA), SEÇÃO \"T\", H = 2,80 M + CURVA COM 0,45 M, COM FUROS PARA FIOS. AF_12/2025","UN",144.43,108.61]
[106480,"INSTALAÇÃO DE MOURÃO DE CONCRETO RETO, SEÇÃO QUADRADA *10 X 10* CM, H= 2,30 A 2,50 M. AF_12/2025","UN",127.36,97.76]
[106482,"INSTALAÇÃO DE MOURÃO DE CONCRETO RETO, SEÇÃO QUADRADA *15 X 15* CM, H= 2,30 M. AF_12/2025","UN",0,0]
[106481,"INSTALAÇÃO DE MOURÃO DE CONCRETO RETO, SEÇÃO QUADRADA, *10 X 10* CM, H= 3,00 M. AF_12/2025","UN",147.06,110.28]
[106467,"INSTALAÇÃO DE TELA DE ARAME GALVANIZADA REVESTIDA EM PVC, PARA ALAMBRADO COM TUBOS DE AÇO, QUADRANGULAR / LOSANGULAR, FIO 2,11 MM (14 BWG), MALHA 5 X 5 CM, H = 2 M. AF_12/2025","M2",0,0]
[106465,"INSTALAÇÃO DE TELA DE ARAME GALVANIZADA REVESTIDA EM PVC, PARA ALAMBRADO COM TUBOS DE AÇO, QUADRANGULAR / LOSANGULAR, FIO 2,77 MM (12 BWG), MALHA 5 X 5 CM, H = 2 M. AF_12/2025","M2",0,0]
[106469,"INSTALAÇÃO DE TELA DE ARAME GALVANIZADA, PARA ALAMBRADO COM MOURÕES DE CONCRETO, QUADRANGULAR / LOSANGULAR, FIO 2,11 MM (14 BWG), MALHA 8 X 8 CM, H = 2 M, COM REVESTIMENTO EM PVC. AF_12/2025","M2",51.57,34.409999999999997]
[106468,"INSTALAÇÃO DE TELA DE ARAME GALVANIZADA, PARA ALAMBRADO COM MOURÕES DE CONCRETO, QUADRANGULAR / LOSANGULAR, FIO 2,11 MM (14 BWG), MALHA 8 X 8 CM, H = 2 M. AF_12/2025","M2",31.06,21.95]
[106466,"INSTALAÇÃO DE TELA DE ARAME GALVANIZADA, PARA ALAMBRADO COM TUBOS DE AÇO, QUADRANGULAR / LOSANGULAR, FIO 2,11 MM (14 BWG), MALHA 5 X 5 CM, H = 2 M. AF_12/2025","M2",60.08,46.57]
[106464,"INSTALAÇÃO DE TELA DE ARAME GALVANIZADA, PARA ALAMBRADO COM TUBOS DE AÇO, QUADRANGULAR / LOSANGULAR, FIO 2,77 MM (12 BWG), MALHA 5 X 5 CM, H = 2 M. AF_12/2025","M2",83.1,60.89]
[106476,"INSTALAÇÃO DE TRAVESSA PARA ALAMBRADO EM TUBO AÇO GALVANIZADO COM COSTURA, CLASSE MÉDIA, DN 1 1/4\", E = *3,25* MM, PESO *3,14* KG/M, COM ESPAÇAMENTO DE 2,0 A 2,5 M. AF_12/2025","M",58.37,62.71]
[106477,"INSTALAÇÃO DE TRAVESSA PARA ALAMBRADO EM TUBO AÇO GALVANIZADO COM COSTURA, CLASSE MÉDIA, DN 1\", E = *3,25* MM, PESO *3,14* KG/M, COM ESPAÇAMENTO DE 2,0 A 2,5 M. AF_12/2025","M",48.71,53.05]
[106478,"INSTALAÇÃO DE TRAVESSA PARA ALAMBRADO EM TUBO AÇO GALVANIZADO COM COSTURA, CLASSE MÉDIA, DN 2 1/2\", E = *3,65* MM, PESO *6,51* KG/M, COM ESPAÇAMENTO DE 2,0 A 2,5 M. AF_12/2025","M",108.66,113]
[106471,"INSTALAÇÃO MONTANTE, PARA ALAMBRADO COM 1 M DE ALTURA, EM TUBO AÇO GALVANIZADO COM COSTURA, CLASSE MÉDIA, DN 2 1/2\", E = *3,65* MM, PESO *6,51* KG/M. AF_12/2025","M",140.19999999999999,143.71]
[106470,"INSTALAÇÃO MONTANTE, PARA ALAMBRADO COM 1 M DE ALTURA, EM TUBO AÇO GALVANIZADO COM COSTURA, CLASSE MÉDIA, DN 2\", E = *3,65* MM, PESO *5,10* KG/M. AF_12/2025","M",121.78,125.14]
[106472,"INSTALAÇÃO MONTANTE, PARA ALAMBRADO COM 1 M DE ALTURA, EM TUBO AÇO GALVANIZADO COM COSTURA, CLASSE MÉDIA, DN 3\", E = *3,35* MM, PESO *7,32* KG/M. AF_12/2025","M",173.2,176.91]
[106475,"INSTALAÇÃO MONTANTE, PARA ALAMBRADO COM 2,40 A 5,00 M DE ALTURA, EM TUBO AÇO GALVANIZADO COM COSTURA, CLASSE MÉDIA, DN 3\", E = *3,35* MM, PESO *7,32* KG/M. AF_12/2025","M",141.09,142.02000000000001]
[106474,"INSTALAÇÃO MONTANTE, PARA ALAMBRADO DE 2,40 A 5,00 M DE ALTURA, EM TUBO AÇO GALVANIZADO COM COSTURA, CLASSE MÉDIA, DN 2 1/2\", E = *3,65* MM, PESO *6,51* KG/M. AF_12/2025","M",107.71,108.6]
[106473,"INSTALAÇÃO MONTANTE, PARA ALAMBRADO DE 2,40 A 5,00 M DE ALTURA, EM TUBO AÇO GALVANIZADO COM COSTURA, CLASSE MÉDIA, DN 2\", E = *3,65* MM, PESO *5,10* KG/M. AF_12/2025","M",88.99,89.84]
[101205,"PORTÃO COM MOURÕES DE MADEIRA ROLIÇA, DIÂMETRO 11 CM, COM 5 FIOS DE ARAME FARPADO Nº 14 CLASSE 250, SEM DOBRADIÇAS - FORNECIMENTO E INSTALAÇÃO. AF_12/2025","M",35.68,40.369999999999997]
[106463,"PORTÃO DE ABRIR/GIRO, ESTRUTURADO POR TUBOS DE AÇO GALVANIZADO, COM TELA DE ARAME, PARA PEDESTRE - COMPLETO. AF_12/2025","M2",0,0]
[106457,"RECOMPOSIÇÃO PARCIAL DE ARAME FARPADO Nº 14 OU 16 CLASSE 250, FIXADO EM CERCA COM MOURÕES DE CONCRETO - FORNECIMENTO E INSTALAÇÃO. AF_12/2025","M",5.92,7.05]
[87905,"CHAPISCO APLICADO EM ALVENARIA (COM PRESENÇA DE VÃOS) E ESTRUTURAS DE CONCRETO DE FACHADA, COM COLHER DE PEDREIRO. ARGAMASSA TRAÇO 1:3 COM PREPARO EM BETONEIRA 400L. AF_10/2022","M2",8.6300000000000008,9.8699999999999992]
[87904,"CHAPISCO APLICADO EM ALVENARIA (COM PRESENÇA DE VÃOS) E ESTRUTURAS DE CONCRETO DE FACHADA, COM COLHER DE PEDREIRO. ARGAMASSA TRAÇO 1:3 COM PREPARO MANUAL. AF_10/2022","M2",9.15,10.57]
[87908,"CHAPISCO APLICADO EM ALVENARIA (COM PRESENÇA DE VÃOS) E ESTRUTURAS DE CONCRETO DE FACHADA, COM EQUIPAMENTO DE PROJEÇÃO. ARGAMASSA TRAÇO 1:3 COM PREPARO EM BETONEIRA 400 L. AF_10/2022","M2",6.86,7.22]
[87907,"CHAPISCO APLICADO EM ALVENARIA (COM PRESENÇA DE VÃOS) E ESTRUTURAS DE CONCRETO DE FACHADA, COM EQUIPAMENTO DE PROJEÇÃO. ARGAMASSA TRAÇO 1:3 COM PREPARO MANUAL. AF_10/2022","M2",7.38,7.92]
[87903,"CHAPISCO APLICADO EM ALVENARIA (COM PRESENÇA DE VÃOS) E ESTRUTURAS DE CONCRETO DE FACHADA, COM ROLO PARA TEXTURA ACRÍLICA. ARGAMASSA INDUSTRIALIZADA COM PREPARO EM MISTURADOR 300 KG. AF_10/2022","M2",14.6,13.2]
[87902,"CHAPISCO APLICADO EM ALVENARIA (COM PRESENÇA DE VÃOS) E ESTRUTURAS DE CONCRETO DE FACHADA, COM ROLO PARA TEXTURA ACRÍLICA. ARGAMASSA INDUSTRIALIZADA COM PREPARO MANUAL. AF_10/2022","M2",15.02,13.74]
[87900,"CHAPISCO APLICADO EM ALVENARIA (COM PRESENÇA DE VÃOS) E ESTRUTURAS DE CONCRETO DE FACHADA, COM ROLO PARA TEXTURA ACRÍLICA. ARGAMASSA TRAÇO 1:4 E EMULSÃO POLIMÉRICA (ADESIVO) COM PREPARO EM BETONEIRA 400L. AF_10/2022","M2",10.01,9.2100000000000009]
[87899,"CHAPISCO APLICADO EM ALVENARIA (COM PRESENÇA DE VÃOS) E ESTRUTURAS DE CONCRETO DE FACHADA, COM ROLO PARA TEXTURA ACRÍLICA. ARGAMASSA TRAÇO 1:4 E EMULSÃO POLIMÉRICA (ADESIVO) COM PREPARO MANUAL. AF_10/2022","M2",10.19,9.4499999999999993]
[87894,"CHAPISCO APLICADO EM ALVENARIA (SEM PRESENÇA DE VÃOS) E ESTRUTURAS DE CONCRETO DE FACHADA, COM COLHER DE PEDREIRO. ARGAMASSA TRAÇO 1:3 COM PREPARO EM BETONEIRA 400L. AF_10/2022","M2",7.49,8.34]
[87893,"CHAPISCO APLICADO EM ALVENARIA (SEM PRESENÇA DE VÃOS) E ESTRUTURAS DE CONCRETO DE FACHADA, COM COLHER DE PEDREIRO. ARGAMASSA TRAÇO 1:3 COM PREPARO MANUAL. AF_10/2022","M2",8.01,9.0399999999999991]
[87897,"CHAPISCO APLICADO EM ALVENARIA (SEM PRESENÇA DE VÃOS) E ESTRUTURAS DE CONCRETO DE FACHADA, COM EQUIPAMENTO DE PROJEÇÃO. ARGAMASSA TRAÇO 1:3 COM PREPARO EM BETONEIRA 400 L. AF_10/2022","M2",5.76,5.83]
[87896,"CHAPISCO APLICADO EM ALVENARIA (SEM PRESENÇA DE VÃOS) E ESTRUTURAS DE CONCRETO DE FACHADA, COM EQUIPAMENTO DE PROJEÇÃO. ARGAMASSA TRAÇO 1:3 COM PREPARO MANUAL. AF_10/2022","M2",6.28,6.53]
[87892,"CHAPISCO APLICADO EM ALVENARIA (SEM PRESENÇA DE VÃOS) E ESTRUTURAS DE CONCRETO DE FACHADA, COM ROLO PARA TEXTURA ACRÍLICA. ARGAMASSA INDUSTRIALIZADA COM PREPARO EM MISTURADOR 300 KG. AF_10/2022","M2",13.88,12.25]
[87891,"CHAPISCO APLICADO EM ALVENARIA (SEM PRESENÇA DE VÃOS) E ESTRUTURAS DE CONCRETO DE FACHADA, COM ROLO PARA TEXTURA ACRÍLICA. ARGAMASSA INDUSTRIALIZADA COM PREPARO MANUAL. AF_10/2022","M2",14.3,12.79]
[87889,"CHAPISCO APLICADO EM ALVENARIA (SEM PRESENÇA DE VÃOS) E ESTRUTURAS DE CONCRETO DE FACHADA, COM ROLO PARA TEXTURA ACRÍLICA. ARGAMASSA TRAÇO 1:4 E EMULSÃO POLIMÉRICA (ADESIVO) COM PREPARO EM BETONEIRA 400L. AF_10/2022","M2",9.2899999999999991,8.26]
[87888,"CHAPISCO APLICADO EM ALVENARIA (SEM PRESENÇA DE VÃOS) E ESTRUTURAS DE CONCRETO DE FACHADA, COM ROLO PARA TEXTURA ACRÍLICA. ARGAMASSA TRAÇO 1:4 E EMULSÃO POLIMÉRICA (ADESIVO) COM PREPARO MANUAL. AF_10/2022","M2",9.4700000000000006,8.5]
[104411,"CHAPISCO APLICADO EM ALVENARIA E ESTRUTURAS DE CONCRETO INTERNAS, COM EQUIPAMENTO DE PROJEÇÃO. ARGAMASSA TRAÇO 1:3 COM PREPARO EM BETONEIRA 400 L. AF_10/2022","M2",5.34,5.09]
[104410,"CHAPISCO APLICADO EM ALVENARIA E ESTRUTURAS DE CONCRETO INTERNAS, COM EQUIPAMENTO DE PROJEÇÃO. ARGAMASSA TRAÇO 1:3 COM PREPARO MANUAL. AF_10/2022","M2",5.93,5.89]
[87879,"CHAPISCO APLICADO EM ALVENARIAS E ESTRUTURAS DE CONCRETO INTERNAS, COM COLHER DE PEDREIRO. ARGAMASSA TRAÇO 1:3 COM PREPARO EM BETONEIRA 400L. AF_10/2022","M2",5.07,5.13]
[87878,"CHAPISCO APLICADO EM ALVENARIAS E ESTRUTURAS DE CONCRETO INTERNAS, COM COLHER DE PEDREIRO. ARGAMASSA TRAÇO 1:3 COM PREPARO MANUAL. AF_10/2022","M2",5.59,5.83]
[87885,"CHAPISCO APLICADO NO TETO OU EM ALVENARIA E ESTRUTURA, COM ROLO PARA TEXTURA ACRÍLICA. ARGAMASSA INDUSTRIALIZADA COM PREPARO EM MISTURADOR 300 KG. AF_10/2022","M2",12.26,10.08]
[87884,"CHAPISCO APLICADO NO TETO OU EM ALVENARIA E ESTRUTURA, COM ROLO PARA TEXTURA ACRÍLICA. ARGAMASSA INDUSTRIALIZADA COM PREPARO MANUAL. AF_10/2022","M2",12.68,10.62]
[87882,"CHAPISCO APLICADO NO TETO OU EM ALVENARIA E ESTRUTURA, COM ROLO PARA TEXTURA ACRÍLICA. ARGAMASSA TRAÇO 1:4 E EMULSÃO POLIMÉRICA (ADESIVO) COM PREPARO EM BETONEIRA 400L. AF_10/2022","M2",7.67,6.09]
[87881,"CHAPISCO APLICADO NO TETO OU EM ALVENARIA E ESTRUTURA, COM ROLO PARA TEXTURA ACRÍLICA. ARGAMASSA TRAÇO 1:4 E EMULSÃO POLIMÉRICA (ADESIVO) COM PREPARO MANUAL. AF_10/2022","M2",7.85,6.33]
[87887,"CHAPISCO APLICADO NO TETO OU EM ESTRUTURA, COM DESEMPENADEIRA DENTADA. ARGAMASSA INDUSTRIALIZADA COM PREPARO EM MISTURADOR 300 KG. AF_10/2022","M2",20.03,17.97]
[87886,"CHAPISCO APLICADO NO TETO OU EM ESTRUTURA, COM DESEMPENADEIRA DENTADA. ARGAMASSA INDUSTRIALIZADA COM PREPARO MANUAL. AF_10/2022","M2",20.93,19.14]
[87911,"CHAPISCO APLICADO SOMENTE NA ESTRUTURA DE CONCRETO DA FACHADA, COM DESEMPENADEIRA DENTADA. ARGAMASSA INDUSTRIALIZADA COM PREPARO EM MISTURADOR 300 KG. AF_10/2022","M2",25.45,25.19]
[87910,"CHAPISCO APLICADO SOMENTE NA ESTRUTURA DE CONCRETO DA FACHADA, COM DESEMPENADEIRA DENTADA. ARGAMASSA INDUSTRIALIZADA COM PREPARO MANUAL. AF_10/2022","M2",26.35,26.36]
[103686,"CONCRETAGEM DE ESCADAS, FCK=25 MPA, COM USO DE BOMBA - LANÇAMENTO, ADENSAMENTO E ACABAMENTO. AF_02/2022_PS","M3",1114.3499999999999,683.12]
[103685,"CONCRETAGEM DE MURETAS, FCK=25 MPA, COM USO DE BOMBA - LANÇAMENTO, ADENSAMENTO E ACABAMENTO. AF_02/2022_PS","M3",1053.95,605.45000000000005]
[103669,"CONCRETAGEM DE PILARES, FCK = 25 MPA, COM USO DE BALDES - LANÇAMENTO, ADENSAMENTO E ACABAMENTO. AF_02/2022","M3",1362.76,981.74]
[103672,"CONCRETAGEM DE PILARES, FCK = 25 MPA, COM USO DE BOMBA - LANÇAMENTO, ADENSAMENTO E ACABAMENTO. AF_02/2022_PS","M3",1048.53,599.92999999999995]
[103671,"CONCRETAGEM DE PILARES, FCK = 25 MPA, COM USO DE GRUA - LANÇAMENTO, ADENSAMENTO E ACABAMENTO. AF_02/2022","M3",1116.5899999999999,640.97]
[103688,"CONCRETAGEM DE PILARES, FCK=25 MPA, COM USO DE JERICAS EM CREMALHEIRA - LANÇAMENTO, ADENSAMENTO E ACABAMENTO. AF_02/2022","M3",1243.48,818.75]
[103687,"CONCRETAGEM DE PILARES, FCK=25 MPA, COM USO DE JERICAS EM ELEVADOR DE CABO - LANÇAMENTO, ADENSAMENTO E ACABAMENTO. AF_02/2022","M3",1484.7,1153.6099999999999]
[103684,"CONCRETAGEM DE RESERVATÓRIOS, FCK=25 MPA, COM USO DE BOMBA - LANÇAMENTO, ADENSAMENTO E ACABAMENTO. AF_02/2022_PS","M3",1066.3900000000001,622.71]
[103681,"CONCRETAGEM DE VIGAS E LAJES, FCK=25 MPA, PARA LAJES MACIÇAS OU NERVURADAS COM GRUA DE CAÇAMBA DE 500 L EM EDIFICAÇÃO DE MULTIPAVIMENTOS ATÉ 16 ANDARES - LANÇAMENTO, ADENSAMENTO E ACABAMENTO. AF_02/2022","M3",1142.77,674.83]
[103679,"CONCRETAGEM DE VIGAS E LAJES, FCK=25 MPA, PARA LAJES MACIÇAS OU NERVURADAS COM JERICAS EM CREMALHEIRA EM EDIFICAÇÃO DE MULTIPAVIMENTOS ATÉ 16 ANDARES - LANÇAMENTO, ADENSAMENTO E ACABAMENTO. AF_02/2022","M3",1208.01,770.57]
[103677,"CONCRETAGEM DE VIGAS E LAJES, FCK=25 MPA, PARA LAJES MACIÇAS OU NERVURADAS COM JERICAS EM ELEVADOR DE CABO EM EDIFICAÇÃO DE MULTIPAVIMENTOS ATÉ 16 ANDARES - LANÇAMENTO, ADENSAMENTO E ACABAMENTO. AF_02/2022","M3",1249.8,828.53]
[103675,"CONCRETAGEM DE VIGAS E LAJES, FCK=25 MPA, PARA LAJES MACIÇAS OU NERVURADAS COM USO DE BOMBA - LANÇAMENTO, ADENSAMENTO E ACABAMENTO. AF_02/2022_PS","M3",1049.42,599.29]
[103680,"CONCRETAGEM DE VIGAS E LAJES, FCK=25 MPA, PARA LAJES PREMOLDADAS COM GRUA DE CAÇAMBA DE 350 L EM EDIFICAÇÃO DE MULTIPAVIMENTOS ATÉ 16 ANDARES - LANÇAMENTO, ADENSAMENTO E ACABAMENTO. AF_02/2022","M3",1256.45,828.27]
[103678,"CONCRETAGEM DE VIGAS E LAJES, FCK=25 MPA, PARA LAJES PREMOLDADAS COM JERICAS EM CREMALHEIRA EM EDIFICAÇÃO DE MULTIPAVIMENTOS ATÉ 16 ANDARES - LANÇAMENTO, ADENSAMENTO E ACABAMENTO. AF_02/2022","M3",1323.73,933.21]
[103676,"CONCRETAGEM DE VIGAS E LAJES, FCK=25 MPA, PARA LAJES PREMOLDADAS COM JERICAS EM ELEVADOR DE CABO EM EDIFICAÇÃO DE MULTIPAVIMENTOS ATÉ 16 ANDARES - LANÇAMENTO, ADENSAMENTO E ACABAMENTO. AF_02/2022","M3",1417.84,1063.99]
[103674,"CONCRETAGEM DE VIGAS E LAJES, FCK=25 MPA, PARA LAJES PREMOLDADAS COM USO DE BOMBA - LANÇAMENTO, ADENSAMENTO E ACABAMENTO. AF_02/2022_PS","M3",1069.0999999999999,626.1]
[103683,"CONCRETAGEM DE VIGAS E LAJES, FCK=25 MPA, PARA QUALQUER TIPO DE LAJE COM BALDES EM EDIFICAÇÃO DE MULTIPAVIMENTOS ATÉ 04 ANDARES - LANÇAMENTO, ADENSAMENTO E ACABAMENTO. AF_02/2022","M3",1665.4,1404.85]
[103682,"CONCRETAGEM DE VIGAS E LAJES, FCK=25 MPA, PARA QUALQUER TIPO DE LAJE COM BALDES EM EDIFICAÇÃO TÉRREA - LANÇAMENTO, ADENSAMENTO E ACABAMENTO. AF_02/2022","M3",1380.32,1008.28]
[103670,"LANÇAMENTO COM USO DE BALDES, ADENSAMENTO E ACABAMENTO DE CONCRETO EM ESTRUTURAS. AF_02/2022","M3",293.79000000000002,406.71]
[103673,"LANÇAMENTO COM USO DE BOMBA, ADENSAMENTO E ACABAMENTO DE CONCRETO EM ESTRUTURAS. AF_02/2022","M3",41.09,57.99]
[91084,"EXECUÇÃO DE REVESTIMENTO DE CONCRETO PROJETADO COM ESPESSURA DE 10 CM, ARMADO COM FIBRAS DE AÇO, INCLINAÇÃO DE 90°, APLICAÇÃO CONTÍNUA, UTILIZANDO EQUIPAMENTO DE PROJEÇÃO COM 3 M3/H DE CAPACIDADE. AF_07/2024","M2",318.79000000000002,259.01]
[91080,"EXECUÇÃO DE REVESTIMENTO DE CONCRETO PROJETADO COM ESPESSURA DE 10 CM, ARMADO COM FIBRAS DE AÇO, INCLINAÇÃO DE 90°, APLICAÇÃO CONTÍNUA, UTILIZANDO EQUIPAMENTO DE PROJEÇÃO COM 6 M3/H DE CAPACIDADE. AF_07/2024","M2",272.43,202.14]
[91101,"EXECUÇÃO DE REVESTIMENTO DE CONCRETO PROJETADO COM ESPESSURA DE 10 CM, ARMADO COM FIBRAS DE AÇO, INCLINAÇÃO DE 90°, APLICAÇÃO DESCONTÍNUA, UTILIZANDO EQUIPAMENTO DE PROJEÇÃO COM 3 M3/H DE CAPACIDADE. AF_07/2024","M2",302.85000000000002,239.94]
[91097,"EXECUÇÃO DE REVESTIMENTO DE CONCRETO PROJETADO COM ESPESSURA DE 10 CM, ARMADO COM FIBRAS DE AÇO, INCLINAÇÃO DE 90°, APLICAÇÃO DESCONTÍNUA, UTILIZANDO EQUIPAMENTO DE PROJEÇÃO COM 6 M3/H DE CAPACIDADE. AF_07/2024","M2",266.54000000000002,194.94]
[91082,"EXECUÇÃO DE REVESTIMENTO DE CONCRETO PROJETADO COM ESPESSURA DE 10 CM, ARMADO COM FIBRAS DE AÇO, INCLINAÇÃO MENOR QUE 90°, APLICAÇÃO CONTÍNUA, UTILIZANDO EQUIPAMENTO DE PROJEÇÃO COM 3 M3/H DE CAPACIDADE. AF_07/2024","M2",296,230.51]
[91078,"EXECUÇÃO DE REVESTIMENTO DE CONCRETO PROJETADO COM ESPESSURA DE 10 CM, ARMADO COM FIBRAS DE AÇO, INCLINAÇÃO MENOR QUE 90°, APLICAÇÃO CONTÍNUA, UTILIZANDO EQUIPAMENTO DE PROJEÇÃO COM 6 M3/H DE CAPACIDADE. AF_07/2024","M2",261.7,188.65]
[91099,"EXECUÇÃO DE REVESTIMENTO DE CONCRETO PROJETADO COM ESPESSURA DE 10 CM, ARMADO COM FIBRAS DE AÇO, INCLINAÇÃO MENOR QUE 90°, APLICAÇÃO DESCONTÍNUA, UTILIZANDO EQUIPAMENTO DE PROJEÇÃO COM 3 M3/H DE CAPACIDADE. AF_07/2024","M2",285.10000000000002,217.25]
[91095,"EXECUÇÃO DE REVESTIMENTO DE CONCRETO PROJETADO COM ESPESSURA DE 10 CM, ARMADO COM FIBRAS DE AÇO, INCLINAÇÃO MENOR QUE 90°, APLICAÇÃO DESCONTÍNUA, UTILIZANDO EQUIPAMENTO DE PROJEÇÃO COM 6 M3/H DE CAPACIDADE. AF_07/2024","M2",257.08999999999997,183.02]
[91076,"EXECUÇÃO DE REVESTIMENTO DE CONCRETO PROJETADO COM ESPESSURA DE 10 CM, ARMADO COM TELA, INCLINAÇÃO DE 90°, APLICAÇÃO CONTÍNUA, UTILIZANDO EQUIPAMENTO DE PROJEÇÃO COM 3 M3/H DE CAPACIDADE. AF_07/2024","M2",343.74,353.5]
[91072,"EXECUÇÃO DE REVESTIMENTO DE CONCRETO PROJETADO COM ESPESSURA DE 10 CM, ARMADO COM TELA, INCLINAÇÃO DE 90°, APLICAÇÃO CONTÍNUA, UTILIZANDO EQUIPAMENTO DE PROJEÇÃO COM 6 M3/H DE CAPACIDADE. AF_07/2024","M2",307.12,308.52]
[91093,"EXECUÇÃO DE REVESTIMENTO DE CONCRETO PROJETADO COM ESPESSURA DE 10 CM, ARMADO COM TELA, INCLINAÇÃO DE 90°, APLICAÇÃO DESCONTÍNUA, UTILIZANDO EQUIPAMENTO DE PROJEÇÃO COM 3 M3/H DE CAPACIDADE. AF_07/2024","M2",353.02,367.12]
[91089,"EXECUÇÃO DE REVESTIMENTO DE CONCRETO PROJETADO COM ESPESSURA DE 10 CM, ARMADO COM TELA, INCLINAÇÃO DE 90°, APLICAÇÃO DESCONTÍNUA, UTILIZANDO EQUIPAMENTO DE PROJEÇÃO COM 6 M3/H DE CAPACIDADE. AF_07/2024","M2",323.05,330.35]
[91074,"EXECUÇÃO DE REVESTIMENTO DE CONCRETO PROJETADO COM ESPESSURA DE 10 CM, ARMADO COM TELA, INCLINAÇÃO MENOR QUE 90°, APLICAÇÃO CONTÍNUA, UTILIZANDO EQUIPAMENTO DE PROJEÇÃO COM 3 M3/H DE CAPACIDADE. AF_07/2024","M2",246.34,224.45]
[91070,"EXECUÇÃO DE REVESTIMENTO DE CONCRETO PROJETADO COM ESPESSURA DE 10 CM, ARMADO COM TELA, INCLINAÇÃO MENOR QUE 90°, APLICAÇÃO CONTÍNUA, UTILIZANDO EQUIPAMENTO DE PROJEÇÃO COM 6 M3/H DE CAPACIDADE. AF_07/2024","M2",218.56,190.53]
[91091,"EXECUÇÃO DE REVESTIMENTO DE CONCRETO PROJETADO COM ESPESSURA DE 10 CM, ARMADO COM TELA, INCLINAÇÃO MENOR QUE 90°, APLICAÇÃO DESCONTÍNUA, UTILIZANDO EQUIPAMENTO DE PROJEÇÃO COM 3 M3/H DE CAPACIDADE. AF_07/2024","M2",256.36,238.88]
[91087,"EXECUÇÃO DE REVESTIMENTO DE CONCRETO PROJETADO COM ESPESSURA DE 10 CM, ARMADO COM TELA, INCLINAÇÃO MENOR QUE 90°, APLICAÇÃO DESCONTÍNUA, UTILIZANDO EQUIPAMENTO DE PROJEÇÃO COM 6 M3/H DE CAPACIDADE. AF_07/2024","M2",233.21,210.58]
[91083,"EXECUÇÃO DE REVESTIMENTO DE CONCRETO PROJETADO COM ESPESSURA DE 7 CM, ARMADO COM FIBRAS DE AÇO, INCLINAÇÃO DE 90°, APLICAÇÃO CONTÍNUA, UTILIZANDO EQUIPAMENTO DE PROJEÇÃO COM 3 M3/H DE CAPACIDADE. AF_07/2024","M2",355.74,323.83]
[91079,"EXECUÇÃO DE REVESTIMENTO DE CONCRETO PROJETADO COM ESPESSURA DE 7 CM, ARMADO COM FIBRAS DE AÇO, INCLINAÇÃO DE 90°, APLICAÇÃO CONTÍNUA, UTILIZANDO EQUIPAMENTO DE PROJEÇÃO COM 6 M3/H DE CAPACIDADE. AF_07/2024","M2",246.8,190.31]
[91100,"EXECUÇÃO DE REVESTIMENTO DE CONCRETO PROJETADO COM ESPESSURA DE 7 CM, ARMADO COM FIBRAS DE AÇO, INCLINAÇÃO DE 90°, APLICAÇÃO DESCONTÍNUA, UTILIZANDO EQUIPAMENTO DE PROJEÇÃO COM 3 M3/H DE CAPACIDADE. AF_07/2024","M2",309.95999999999998,267.76]
[91096,"EXECUÇÃO DE REVESTIMENTO DE CONCRETO PROJETADO COM ESPESSURA DE 7 CM, ARMADO COM FIBRAS DE AÇO, INCLINAÇÃO DE 90°, APLICAÇÃO DESCONTÍNUA, UTILIZANDO EQUIPAMENTO DE PROJEÇÃO COM 6 M3/H DE CAPACIDADE. AF_07/2024","M2",237.93,179.43]
[91081,"EXECUÇÃO DE REVESTIMENTO DE CONCRETO PROJETADO COM ESPESSURA DE 7 CM, ARMADO COM FIBRAS DE AÇO, INCLINAÇÃO MENOR QUE 90°, APLICAÇÃO CONTÍNUA, UTILIZANDO EQUIPAMENTO DE PROJEÇÃO COM 3 M3/H DE CAPACIDADE. AF_07/2024","M2",299.86,254.61]
[91077,"EXECUÇÃO DE REVESTIMENTO DE CONCRETO PROJETADO COM ESPESSURA DE 7 CM, ARMADO COM FIBRAS DE AÇO, INCLINAÇÃO MENOR QUE 90°, APLICAÇÃO CONTÍNUA, UTILIZANDO EQUIPAMENTO DE PROJEÇÃO COM 6 M3/H DE CAPACIDADE. AF_07/2024","M2",233.07,173.1]
[91098,"EXECUÇÃO DE REVESTIMENTO DE CONCRETO PROJETADO COM ESPESSURA DE 7 CM, ARMADO COM FIBRAS DE AÇO, INCLINAÇÃO MENOR QUE 90°, APLICAÇÃO DESCONTÍNUA, UTILIZANDO EQUIPAMENTO DE PROJEÇÃO COM 3 M3/H DE CAPACIDADE. AF_07/2024","M2",274.32,223.49]
[91094,"EXECUÇÃO DE REVESTIMENTO DE CONCRETO PROJETADO COM ESPESSURA DE 7 CM, ARMADO COM FIBRAS DE AÇO, INCLINAÇÃO MENOR QUE 90°, APLICAÇÃO DESCONTÍNUA, UTILIZANDO EQUIPAMENTO DE PROJEÇÃO COM 6 M3/H DE CAPACIDADE. AF_07/2024","M2",226.56,165.21]
[91075,"EXECUÇÃO DE REVESTIMENTO DE CONCRETO PROJETADO COM ESPESSURA DE 7 CM, ARMADO COM TELA, INCLINAÇÃO DE 90°, APLICAÇÃO CONTÍNUA, UTILIZANDO EQUIPAMENTO DE PROJEÇÃO COM 3 M3/H DE CAPACIDADE. AF_07/2024","M2",362.9,388.17]
[91071,"EXECUÇÃO DE REVESTIMENTO DE CONCRETO PROJETADO COM ESPESSURA DE 7 CM, ARMADO COM TELA, INCLINAÇÃO DE 90°, APLICAÇÃO CONTÍNUA, UTILIZANDO EQUIPAMENTO DE PROJEÇÃO COM 6 M3/H DE CAPACIDADE. AF_07/2024","M2",292.07,301.36]
[91092,"EXECUÇÃO DE REVESTIMENTO DE CONCRETO PROJETADO COM ESPESSURA DE 7 CM, ARMADO COM TELA, INCLINAÇÃO DE 90°, APLICAÇÃO DESCONTÍNUA, UTILIZANDO EQUIPAMENTO DE PROJEÇÃO COM 3 M3/H DE CAPACIDADE. AF_07/2024","M2",356.83,383.04]
[91088,"EXECUÇÃO DE REVESTIMENTO DE CONCRETO PROJETADO COM ESPESSURA DE 7 CM, ARMADO COM TELA, INCLINAÇÃO DE 90°, APLICAÇÃO DESCONTÍNUA, UTILIZANDO EQUIPAMENTO DE PROJEÇÃO COM 6 M3/H DE CAPACIDADE. AF_07/2024","M2",306.07,320.77]
[91073,"EXECUÇÃO DE REVESTIMENTO DE CONCRETO PROJETADO COM ESPESSURA DE 7 CM, ARMADO COM TELA, INCLINAÇÃO MENOR QUE 90°, APLICAÇÃO CONTÍNUA, UTILIZANDO EQUIPAMENTO DE PROJEÇÃO COM 3 M3/H DE CAPACIDADE. AF_07/2024","M2",248.79,238.55]
[91069,"EXECUÇÃO DE REVESTIMENTO DE CONCRETO PROJETADO COM ESPESSURA DE 7 CM, ARMADO COM TELA, INCLINAÇÃO MENOR QUE 90°, APLICAÇÃO CONTÍNUA, UTILIZANDO EQUIPAMENTO DE PROJEÇÃO COM 6 M3/H DE CAPACIDADE. AF_07/2024","M2",201.71,181.12]
[91090,"EXECUÇÃO DE REVESTIMENTO DE CONCRETO PROJETADO COM ESPESSURA DE 7 CM, ARMADO COM TELA, INCLINAÇÃO MENOR QUE 90°, APLICAÇÃO DESCONTÍNUA, UTILIZANDO EQUIPAMENTO DE PROJEÇÃO COM 3 M3/H DE CAPACIDADE. AF_07/2024","M2",250.6,243.01]
[91086,"EXECUÇÃO DE REVESTIMENTO DE CONCRETO PROJETADO COM ESPESSURA DE 7 CM, ARMADO COM TELA, INCLINAÇÃO MENOR QUE 90°, APLICAÇÃO DESCONTÍNUA, UTILIZANDO EQUIPAMENTO DE PROJEÇÃO COM 6 M3/H DE CAPACIDADE. AF_07/2024","M2",215.08,199.65]
[105522,"REVESTIMENTO VEGETAL PARA SOLO GRAMPEADO VERDE, ATRAVÉS DE HIDROSSEMEADURA. AF_07/2024","M2",0,0]
[104281,"ANCORAGEM ATIVA PARA CABO COM 1 CORDOALHA DE DIÂMETRO NOMINAL DE 12,7 MM. AF_08/2022","UN",0,0]
[104287,"ANCORAGEM ATIVA PARA CABO COM 1 CORDOALHA DE DIÂMETRO NOMINAL DE 15,2 MM. AF_08/2022","UN",0,0]
[104286,"ANCORAGEM ATIVA PARA CABO COM 12 CORDOALHAS DE DIÂMETRO NOMINAL DE 12,7 MM. AF_08/2022","UN",0,0]
[104292,"ANCORAGEM ATIVA PARA CABO COM 12 CORDOALHAS DE DIÂMETRO NOMINAL DE 15,2 MM. AF_08/2022","UN",0,0]
[104282,"ANCORAGEM ATIVA PARA CABO COM 2 CORDOALHAS DE DIÂMETRO NOMINAL DE 12,7 MM. AF_08/2022","UN",0,0]
[104288,"ANCORAGEM ATIVA PARA CABO COM 2 CORDOALHAS DE DIÂMETRO NOMINAL DE 15,2 MM. AF_08/2022","UN",0,0]
[104283,"ANCORAGEM ATIVA PARA CABO COM 4 CORDOALHAS DE DIÂMETRO NOMINAL DE 12,7 MM. AF_08/2022","UN",0,0]
[104289,"ANCORAGEM ATIVA PARA CABO COM 4 CORDOALHAS DE DIÂMETRO NOMINAL DE 15,2 MM. AF_08/2022","UN",0,0]
[104284,"ANCORAGEM ATIVA PARA CABO COM 6 CORDOALHAS DE DIÂMETRO NOMINAL DE 12,7 MM. AF_08/2022","UN",0,0]
[104290,"ANCORAGEM ATIVA PARA CABO COM 6 CORDOALHAS DE DIÂMETRO NOMINAL DE 15,2 MM. AF_08/2022","UN",0,0]
[104285,"ANCORAGEM ATIVA PARA CABO COM 7 CORDOALHAS DE DIÂMETRO NOMINAL DE 12,7 MM. AF_08/2022","UN",0,0]
[104291,"ANCORAGEM ATIVA PARA CABO COM 7 CORDOALHAS DE DIÂMETRO NOMINAL DE 15,2 MM. AF_08/2022","UN",0,0]
[104267,"ANCORAGEM ATIVA PARA CORDOALHA COM 7 FIOS E DIÂMETRO NOMINAL DE 12,7 MM. AF_08/2022","UN",0,0]
[104268,"ANCORAGEM ATIVA PARA CORDOALHA COM 7 FIOS E DIÂMETRO NOMINAL DE 15,2 MM. AF_08/2022","UN",0,0]
[104269,"ANCORAGEM PASSIVA PARA CABO COM 1 CORDOALHA DE DIÂMETRO NOMINAL DE 12,7 MM. AF_08/2022","UN",0,0]
[104270,"ANCORAGEM PASSIVA PARA CABO COM 1 CORDOALHA DE DIÂMETRO NOMINAL DE 15,2 MM. AF_08/2022","UN",0,0]
[104276,"ANCORAGEM PASSIVA PARA CABO COM 12 CORDOALHAS DE DIÂMETRO NOMINAL DE 12,7 MM. AF_08/2022","UN",0,0]
[104280,"ANCORAGEM PASSIVA PARA CABO COM 12 CORDOALHAS DE DIÂMETRO NOMINAL DE 15,2 MM. AF_08/2022","UN",0,0]
[104271,"ANCORAGEM PASSIVA PARA CABO COM 2 CORDOALHAS DE DIÂMETRO NOMINAL DE 12,7 MM. AF_08/2022","UN",0,0]
[104272,"ANCORAGEM PASSIVA PARA CABO COM 2 CORDOALHAS DE DIÂMETRO NOMINAL DE 15,2 MM. AF_08/2022","UN",0,0]
[104273,"ANCORAGEM PASSIVA PARA CABO COM 4 CORDOALHAS DE DIÂMETRO NOMINAL DE 12,7 MM. AF_08/2022","UN",0,0]
[104277,"ANCORAGEM PASSIVA PARA CABO COM 4 CORDOALHAS DE DIÂMETRO NOMINAL DE 15,2 MM. AF_08/2022","UN",0,0]
[104274,"ANCORAGEM PASSIVA PARA CABO COM 6 CORDOALHAS DE DIÂMETRO NOMINAL DE 12,7 MM. AF_08/2022","UN",0,0]
[104278,"ANCORAGEM PASSIVA PARA CABO COM 6 CORDOALHAS DE DIÂMETRO NOMINAL DE 15,2 MM. AF_08/2022","UN",0,0]
[104275,"ANCORAGEM PASSIVA PARA CABO COM 7 CORDOALHAS DE DIÂMETRO NOMINAL DE 12,7 MM. AF_08/2022","UN",0,0]
[104279,"ANCORAGEM PASSIVA PARA CABO COM 7 CORDOALHAS DE DIÂMETRO NOMINAL DE 15,2 MM. AF_08/2022","UN",0,0]
[104265,"ANCORAGEM PASSIVA PARA CORDOALHA COM 7 FIOS E DIÂMETRO NOMINAL DE 12,7 MM. AF_08/2022","UN",0,0]
[104266,"ANCORAGEM PASSIVA PARA CORDOALHA COM 7 FIOS E DIÂMETRO NOMINAL DE 15,2 MM. AF_08/2022","UN",0,0]
[104305,"FORNECIMENTO E INSTALAÇÃO DE BAINHA CIRCULAR COM DIÂMETRO NOMINAL DE 35 MM, INCLUSIVE INJEÇÃO DE NATA DE CIMENTO. AF_08/2022","M",0,0]
[104306,"FORNECIMENTO E INSTALAÇÃO DE BAINHA CIRCULAR COM DIÂMETRO NOMINAL DE 40 MM, INCLUSIVE INJEÇÃO DE NATA DE CIMENTO. AF_08/2022","M",0,0]
[104307,"FORNECIMENTO E INSTALAÇÃO DE BAINHA CIRCULAR COM DIÂMETRO NOMINAL DE 50 MM, INCLUSIVE INJEÇÃO DE NATA DE CIMENTO. AF_08/2022","M",0,0]
[104308,"FORNECIMENTO E INSTALAÇÃO DE BAINHA CIRCULAR COM DIÂMETRO NOMINAL DE 55 MM, INCLUSIVE INJEÇÃO DE NATA DE CIMENTO. AF_08/2022","M",0,0]
[104309,"FORNECIMENTO E INSTALAÇÃO DE BAINHA CIRCULAR COM DIÂMETRO NOMINAL DE 60 MM, INCLUSIVE INJEÇÃO DE NATA DE CIMENTO. AF_08/2022","M",0,0]
[104310,"FORNECIMENTO E INSTALAÇÃO DE BAINHA CIRCULAR COM DIÂMETRO NOMINAL DE 65 MM, INCLUSIVE INJEÇÃO DE NATA DE CIMENTO. AF_08/2022","M",0,0]
[104311,"FORNECIMENTO E INSTALAÇÃO DE BAINHA CIRCULAR COM DIÂMETRO NOMINAL DE 80 MM, INCLUSIVE INJEÇÃO DE NATA DE CIMENTO. AF_08/2022","M",0,0]
[104301,"FORNECIMENTO E INSTALAÇÃO DE CABO COM CORDOALHA NUA, RESISTÊNCIA À TRAÇÃO DE 190 KGF/MM² E DIÂMETRO NOMINAL DE 12,7 MM, EM VIGA. AF_08/2022","KG",0,0]
[104302,"FORNECIMENTO E INSTALAÇÃO DE CABO COM CORDOALHA NUA, RESISTÊNCIA À TRAÇÃO DE 190 KGF/MM² E DIÂMETRO NOMINAL DE 15,2 MM, EM VIGA. AF_08/2022","KG",0,0]
[104303,"FORNECIMENTO E INSTALAÇÃO DE CABO COM CORDOALHA NUA, RESISTÊNCIA À TRAÇÃO DE 210 KGF/MM² E DIÂMETRO NOMINAL DE 12,7 MM, EM VIGA. AF_08/2022","KG",0,0]
[104304,"FORNECIMENTO E INSTALAÇÃO DE CABO COM CORDOALHA NUA, RESISTÊNCIA À TRAÇÃO DE 210 KGF/MM² E DIÂMETRO NOMINAL DE 15,2 MM, EM VIGA. AF_08/2022","KG",0,0]
[104293,"FORNECIMENTO E INSTALAÇÃO DE CORDOALHA COM 7 FIOS, RESISTÊNCIA À TRAÇÃO DE 190 KGF/MM² E DIÂMETRO NOMINAL DE 12,7 MM, EM LAJE. AF_08/2022","KG",0,0]
[104297,"FORNECIMENTO E INSTALAÇÃO DE CORDOALHA COM 7 FIOS, RESISTÊNCIA À TRAÇÃO DE 190 KGF/MM² E DIÂMETRO NOMINAL DE 12,7 MM, EM VIGA. AF_08/2022","KG",0,0]
[104295,"FORNECIMENTO E INSTALAÇÃO DE CORDOALHA COM 7 FIOS, RESISTÊNCIA À TRAÇÃO DE 190 KGF/MM² E DIÂMETRO NOMINAL DE 15,2 MM, EM LAJE. AF_08/2022","KG",0,0]
[104299,"FORNECIMENTO E INSTALAÇÃO DE CORDOALHA COM 7 FIOS, RESISTÊNCIA À TRAÇÃO DE 190 KGF/MM² E DIÂMETRO NOMINAL DE 15,2 MM, EM VIGA. AF_08/2022","KG",0,0]
[104294,"FORNECIMENTO E INSTALAÇÃO DE CORDOALHA COM 7 FIOS, RESISTÊNCIA À TRAÇÃO DE 210 KGF/MM² E DIÂMETRO NOMINAL DE 12,7 MM, EM LAJE. AF_08/2022","KG",0,0]
[104298,"FORNECIMENTO E INSTALAÇÃO DE CORDOALHA COM 7 FIOS, RESISTÊNCIA À TRAÇÃO DE 210 KGF/MM² E DIÂMETRO NOMINAL DE 12,7 MM, EM VIGA. AF_08/2022","KG",0,0]
[104296,"FORNECIMENTO E INSTALAÇÃO DE CORDOALHA COM 7 FIOS, RESISTÊNCIA À TRAÇÃO DE 210 KGF/MM² E DIÂMETRO NOMINAL DE 15,2 MM, EM LAJE. AF_08/2022","KG",0,0]
[104300,"FORNECIMENTO E INSTALAÇÃO DE CORDOALHA COM 7 FIOS, RESISTÊNCIA À TRAÇÃO DE 210 KGF/MM² E DIÂMETRO NOMINAL DE 15,2 MM, EM VIGA. AF_08/2022","KG",0,0]
[90944,"CONTRAPISO ACÚSTICO EM ARGAMASSA PRONTA, PREPARO MANUAL, APLICADO EM ÁREAS SECA, ACABAMENTO NÃO REFORÇADO, ESPESSURA 6CM. AF_07/2021","M2",248.71,207.77]
[90934,"CONTRAPISO ACÚSTICO EM ARGAMASSA PRONTA, PREPARO MANUAL, APLICADO EM ÁREAS SECAS, ACABAMENTO NÃO REFORÇADO, ESPESSURA 5CM. AF_07/2021","M2",231.09,192.43]
[90954,"CONTRAPISO ACÚSTICO EM ARGAMASSA PRONTA, PREPARO MANUAL, APLICADO EM ÁREAS SECAS, ACABAMENTO NÃO REFORÇADO, ESPESSURA 7CM. AF_07/2021","M2",280.97000000000003,235.87]
[90933,"CONTRAPISO ACÚSTICO EM ARGAMASSA PRONTA, PREPARO MECÂNICO COM MISTURADOR 300 KG, APLICADO EM ÁREAS SECAS, ACABAMENTO NÃO REFORÇADO, ESPESSURA 5CM. AF_07/2021","M2",216.56,173.9]
[90943,"CONTRAPISO ACÚSTICO EM ARGAMASSA PRONTA, PREPARO MECÂNICO COM MISTURADOR 300 KG, APLICADO EM ÁREAS SECAS, ACABAMENTO NÃO REFORÇADO, ESPESSURA 6CM. AF_07/2021","M2",232.89,187.59]
[90953,"CONTRAPISO ACÚSTICO EM ARGAMASSA PRONTA, PREPARO MECÂNICO COM MISTURADOR 300 KG, APLICADO EM ÁREAS SECAS, ACABAMENTO NÃO REFORÇADO, ESPESSURA 7CM. AF_07/2021","M2",262.77999999999997,212.67]
[90932,"CONTRAPISO ACÚSTICO EM ARGAMASSA TRAÇO 1:4 (CIMENTO E AREIA), PREPARO MANUAL, APLICADO EM ÁREAS SECAS, ACABAMENTO NÃO REFORÇADO, ESPESSURA 5CM. AF_07/2021","M2",111.74,93.68]
[90942,"CONTRAPISO ACÚSTICO EM ARGAMASSA TRAÇO 1:4 (CIMENTO E AREIA), PREPARO MANUAL, APLICADO EM ÁREAS SECAS, ACABAMENTO NÃO REFORÇADO, ESPESSURA 6CM. AF_07/2021","M2",118.74,100.23]
[90952,"CONTRAPISO ACÚSTICO EM ARGAMASSA TRAÇO 1:4 (CIMENTO E AREIA), PREPARO MANUAL, APLICADO EM ÁREAS SECAS, ACABAMENTO NÃO REFORÇADO, ESPESSURA 7CM. AF_07/2021","M2",131.54,112.23]
[90930,"CONTRAPISO ACÚSTICO EM ARGAMASSA TRAÇO 1:4 (CIMENTO E AREIA), PREPARO MECÂNICO COM BETONEIRA 400L, APLICADO EM ÁREAS SECAS, ACABAMENTO NÃO REFORÇADO, ESPESSURA 5CM. AF_07/2021","M2",103.98,83.38]
[90940,"CONTRAPISO ACÚSTICO EM ARGAMASSA TRAÇO 1:4 (CIMENTO E AREIA), PREPARO MECÂNICO COM BETONEIRA 400L, APLICADO EM ÁREAS SECAS, ACABAMENTO NÃO REFORÇADO, ESPESSURA 6CM. AF_07/2021","M2",110.29,89.01]
[90950,"CONTRAPISO ACÚSTICO EM ARGAMASSA TRAÇO 1:4 (CIMENTO E AREIA), PREPARO MECÂNICO COM BETONEIRA 400L, APLICADO EM ÁREAS SECAS, ACABAMENTO NÃO REFORÇADO, ESPESSURA 7CM. AF_07/2021","M2",121.81,99.33]
[88476,"CONTRAPISO COM ARGAMASSA AUTONIVELANTE, APLICADO SOBRE LAJE, ADERIDO, ESPESSURA 2CM. AF_07/2021","M2",33.82,20.309999999999999]
[88477,"CONTRAPISO COM ARGAMASSA AUTONIVELANTE, APLICADO SOBRE LAJE, ADERIDO, ESPESSURA 3CM. AF_07/2021","M2",46.36,28.51]
[88478,"CONTRAPISO COM ARGAMASSA AUTONIVELANTE, APLICADO SOBRE LAJE, ADERIDO, ESPESSURA 4CM. AF_07/2021","M2",56.77,35.28]
[88470,"CONTRAPISO COM ARGAMASSA AUTONIVELANTE, APLICADO SOBRE LAJE, NÃO ADERIDO, ESPESSURA 3CM. AF_07/2021","M2",41.64,24.96]
[88471,"CONTRAPISO COM ARGAMASSA AUTONIVELANTE, APLICADO SOBRE LAJE, NÃO ADERIDO, ESPESSURA 4CM. AF_07/2021","M2",51.82,31.42]
[88472,"CONTRAPISO COM ARGAMASSA AUTONIVELANTE, APLICADO SOBRE LAJE, NÃO ADERIDO, ESPESSURA 5CM. AF_07/2021","M2",59.92,36.549999999999997]
[87759,"CONTRAPISO EM ARGAMASSA PRONTA, PREPARO MANUAL, APLICADO EM ÁREAS MOLHADAS SOBRE IMPERMEABILIZAÇÃO, ACABAMENTO NÃO REFORÇADO, ESPESSURA 3CM. AF_07/2021","M2",149,133.38999999999999]
[87769,"CONTRAPISO EM ARGAMASSA PRONTA, PREPARO MANUAL, APLICADO EM ÁREAS MOLHADAS SOBRE IMPERMEABILIZAÇÃO, ACABAMENTO NÃO REFORÇADO, ESPESSURA 4CM. AF_07/2021","M2",178.96,158.41]
[87739,"CONTRAPISO EM ARGAMASSA PRONTA, PREPARO MANUAL, APLICADO EM ÁREAS MOLHADAS SOBRE LAJE, ADERIDO, ACABAMENTO NÃO REFORÇADO, ESPESSURA 2CM. AF_07/2021","M2",115.44,104.17]
[87749,"CONTRAPISO EM ARGAMASSA PRONTA, PREPARO MANUAL, APLICADO EM ÁREAS MOLHADAS SOBRE LAJE, ADERIDO, ACABAMENTO NÃO REFORÇADO, ESPESSURA 3CM. AF_07/2021","M2",152.01,134.65]
[87624,"CONTRAPISO EM ARGAMASSA PRONTA, PREPARO MANUAL, APLICADO EM ÁREAS SECAS SOBRE LAJE, ADERIDO, ACABAMENTO NÃO REFORÇADO, ESPESSURA 2CM. AF_07/2021","M2",103.4,87.95]
[87634,"CONTRAPISO EM ARGAMASSA PRONTA, PREPARO MANUAL, APLICADO EM ÁREAS SECAS SOBRE LAJE, ADERIDO, ACABAMENTO NÃO REFORÇADO, ESPESSURA 3CM. AF_07/2021","M2",139.94999999999999,118.42]
[87644,"CONTRAPISO EM ARGAMASSA PRONTA, PREPARO MANUAL, APLICADO EM ÁREAS SECAS SOBRE LAJE, ADERIDO, ACABAMENTO NÃO REFORÇADO, ESPESSURA 4CM. AF_07/2021","M2",169.86,143.37]
[87684,"CONTRAPISO EM ARGAMASSA PRONTA, PREPARO MANUAL, APLICADO EM ÁREAS SECAS SOBRE LAJE, NÃO ADERIDO, ACABAMENTO NÃO REFORÇADO, ESPESSURA 4CM. AF_07/2021","M2",164.32,139.15]
[87694,"CONTRAPISO EM ARGAMASSA PRONTA, PREPARO MANUAL, APLICADO EM ÁREAS SECAS SOBRE LAJE, NÃO ADERIDO, ACABAMENTO NÃO REFORÇADO, ESPESSURA 5CM. AF_07/2021","M2",188.23,159.4]
[87704,"CONTRAPISO EM ARGAMASSA PRONTA, PREPARO MANUAL, APLICADO EM ÁREAS SECAS SOBRE LAJE, NÃO ADERIDO, ACABAMENTO NÃO REFORÇADO, ESPESSURA 6CM. AF_07/2021","M2",204.54,173]
[87758,"CONTRAPISO EM ARGAMASSA PRONTA, PREPARO MECÂNICO COM MISTURADOR 300 KG, APLICADO EM ÁREAS MOLHADAS SOBRE IMPERMEABILIZAÇÃO, ACABAMENTO NÃO REFORÇADO, ESPESSURA 3CM. AF_07/2021","M2",138.68,120.23]
[87768,"CONTRAPISO EM ARGAMASSA PRONTA, PREPARO MECÂNICO COM MISTURADOR 300 KG, APLICADO EM ÁREAS MOLHADAS SOBRE IMPERMEABILIZAÇÃO, ACABAMENTO NÃO REFORÇADO, ESPESSURA 4CM. AF_07/2021","M2",166.28,142.22999999999999]
[87738,"CONTRAPISO EM ARGAMASSA PRONTA, PREPARO MECÂNICO COM MISTURADOR 300 KG, APLICADO EM ÁREAS MOLHADAS SOBRE LAJE, ADERIDO, ACABAMENTO NÃO REFORÇADO, ESPESSURA 2CM. AF_07/2021","M2",108.02,94.7]
[87748,"CONTRAPISO EM ARGAMASSA PRONTA, PREPARO MECÂNICO COM MISTURADOR 300 KG, APLICADO EM ÁREAS MOLHADAS SOBRE LAJE, ADERIDO, ACABAMENTO NÃO REFORÇADO, ESPESSURA 3CM. AF_07/2021","M2",141.69,121.49]
[87623,"CONTRAPISO EM ARGAMASSA PRONTA, PREPARO MECÂNICO COM MISTURADOR 300 KG, APLICADO EM ÁREAS SECAS SOBRE LAJE, ADERIDO, ACABAMENTO NÃO REFORÇADO, ESPESSURA 2CM. AF_07/2021","M2",95.98,78.48]
[87633,"CONTRAPISO EM ARGAMASSA PRONTA, PREPARO MECÂNICO COM MISTURADOR 300 KG, APLICADO EM ÁREAS SECAS SOBRE LAJE, ADERIDO, ACABAMENTO NÃO REFORÇADO, ESPESSURA 3CM. AF_07/2021","M2",129.63,105.26]
[87643,"CONTRAPISO EM ARGAMASSA PRONTA, PREPARO MECÂNICO COM MISTURADOR 300 KG, APLICADO EM ÁREAS SECAS SOBRE LAJE, ADERIDO, ACABAMENTO NÃO REFORÇADO, ESPESSURA 4CM. AF_07/2021","M2",157.18,127.19]
[87683,"CONTRAPISO EM ARGAMASSA PRONTA, PREPARO MECÂNICO COM MISTURADOR 300 KG, APLICADO EM ÁREAS SECAS SOBRE LAJE, NÃO ADERIDO, ACABAMENTO NÃO REFORÇADO, ESPESSURA 4CM. AF_07/2021","M2",151.63999999999999,122.97]
[87703,"CONTRAPISO EM ARGAMASSA PRONTA, PREPARO MECÂNICO COM MISTURADOR 300 KG, APLICADO EM ÁREAS SECAS SOBRE LAJE, NÃO ADERIDO, ACABAMENTO NÃO REFORÇADO, ESPESSURA 6CM. AF_07/2021","M2",188.72,152.82]
[87693,"CONTRAPISO EM ARGAMASSA PRONTA, PREPARO MECÂNICO COM MISTURADOR 300 KG, APLICADO EM ÁREAS SECAS SOBRE LAJE, NÃO ADERIDO, ESPESSURA 5CM. AF_07/2021","M2",173.7,140.87]
[87757,"CONTRAPISO EM ARGAMASSA TRAÇO 1:4 (CIMENTO E AREIA), PREPARO MANUAL, APLICADO EM ÁREAS MOLHADAS SOBRE IMPERMEABILIZAÇÃO, ACABAMENTO NÃO REFORÇADO, ESPESSURA 3CM. AF_07/2021","M2",64.25,63.27]
[87767,"CONTRAPISO EM ARGAMASSA TRAÇO 1:4 (CIMENTO E AREIA), PREPARO MANUAL, APLICADO EM ÁREAS MOLHADAS SOBRE IMPERMEABILIZAÇÃO, ACABAMENTO NÃO REFORÇADO, ESPESSURA 4CM. AF_07/2021","M2",74.75,72.180000000000007]
[87737,"CONTRAPISO EM ARGAMASSA TRAÇO 1:4 (CIMENTO E AREIA), PREPARO MANUAL, APLICADO EM ÁREAS MOLHADAS SOBRE LAJE, ADERIDO, ACABAMENTO NÃO REFORÇADO, ESPESSURA 2CM. AF_07/2021","M2",54.49,53.73]
[87747,"CONTRAPISO EM ARGAMASSA TRAÇO 1:4 (CIMENTO E AREIA), PREPARO MANUAL, APLICADO EM ÁREAS MOLHADAS SOBRE LAJE, ADERIDO, ACABAMENTO NÃO REFORÇADO, ESPESSURA 3CM. AF_07/2021","M2",67.260000000000005,64.53]
[87622,"CONTRAPISO EM ARGAMASSA TRAÇO 1:4 (CIMENTO E AREIA), PREPARO MANUAL, APLICADO EM ÁREAS SECAS SOBRE LAJE, ADERIDO, ACABAMENTO NÃO REFORÇADO, ESPESSURA 2CM. AF_07/2021","M2",42.45,37.51]
[87632,"CONTRAPISO EM ARGAMASSA TRAÇO 1:4 (CIMENTO E AREIA), PREPARO MANUAL, APLICADO EM ÁREAS SECAS SOBRE LAJE, ADERIDO, ACABAMENTO NÃO REFORÇADO, ESPESSURA 3CM. AF_07/2021","M2",55.2,48.3]
[87642,"CONTRAPISO EM ARGAMASSA TRAÇO 1:4 (CIMENTO E AREIA), PREPARO MANUAL, APLICADO EM ÁREAS SECAS SOBRE LAJE, ADERIDO, ACABAMENTO NÃO REFORÇADO, ESPESSURA 4CM. AF_07/2021","M2",65.650000000000006,57.14]
[87682,"CONTRAPISO EM ARGAMASSA TRAÇO 1:4 (CIMENTO E AREIA), PREPARO MANUAL, APLICADO EM ÁREAS SECAS SOBRE LAJE, NÃO ADERIDO, ACABAMENTO NÃO REFORÇADO, ESPESSURA 4CM. AF_07/2021","M2",60.11,52.92]
[87692,"CONTRAPISO EM ARGAMASSA TRAÇO 1:4 (CIMENTO E AREIA), PREPARO MANUAL, APLICADO EM ÁREAS SECAS SOBRE LAJE, NÃO ADERIDO, ACABAMENTO NÃO REFORÇADO, ESPESSURA 5CM. AF_07/2021","M2",68.88,60.65]
[87702,"CONTRAPISO EM ARGAMASSA TRAÇO 1:4 (CIMENTO E AREIA), PREPARO MANUAL, APLICADO EM ÁREAS SECAS SOBRE LAJE, NÃO ADERIDO, ACABAMENTO NÃO REFORÇADO, ESPESSURA 6CM. AF_07/2021","M2",74.569999999999993,65.459999999999994]
[87755,"CONTRAPISO EM ARGAMASSA TRAÇO 1:4 (CIMENTO E AREIA), PREPARO MECÂNICO COM BETONEIRA 400 L, APLICADO EM ÁREAS MOLHADAS SOBRE IMPERMEABILIZAÇÃO, ACABAMENTO NÃO REFORÇADO, ESPESSURA 3CM. AF_07/2021","M2",58.74,55.95]
[87765,"CONTRAPISO EM ARGAMASSA TRAÇO 1:4 (CIMENTO E AREIA), PREPARO MECÂNICO COM BETONEIRA 400 L, APLICADO EM ÁREAS MOLHADAS SOBRE IMPERMEABILIZAÇÃO, ACABAMENTO NÃO REFORÇADO, ESPESSURA 4CM. AF_07/2021","M2",67.98,63.19]
[87735,"CONTRAPISO EM ARGAMASSA TRAÇO 1:4 (CIMENTO E AREIA), PREPARO MECÂNICO COM BETONEIRA 400 L, APLICADO EM ÁREAS MOLHADAS SOBRE LAJE, ADERIDO, ACABAMENTO NÃO REFORÇADO, ESPESSURA 2CM. AF_07/2021","M2",50.52,48.47]
[87745,"CONTRAPISO EM ARGAMASSA TRAÇO 1:4 (CIMENTO E AREIA), PREPARO MECÂNICO COM BETONEIRA 400 L, APLICADO EM ÁREAS MOLHADAS SOBRE LAJE, ADERIDO, ACABAMENTO NÃO REFORÇADO, ESPESSURA 3CM. AF_07/2021","M2",61.75,57.21]
[87620,"CONTRAPISO EM ARGAMASSA TRAÇO 1:4 (CIMENTO E AREIA), PREPARO MECÂNICO COM BETONEIRA 400 L, APLICADO EM ÁREAS SECAS SOBRE LAJE, ADERIDO, ACABAMENTO NÃO REFORÇADO, ESPESSURA 2CM. AF_07/2021","M2",38.479999999999997,32.25]
[87630,"CONTRAPISO EM ARGAMASSA TRAÇO 1:4 (CIMENTO E AREIA), PREPARO MECÂNICO COM BETONEIRA 400 L, APLICADO EM ÁREAS SECAS SOBRE LAJE, ADERIDO, ACABAMENTO NÃO REFORÇADO, ESPESSURA 3CM. AF_07/2021","M2",49.69,40.98]
[87640,"CONTRAPISO EM ARGAMASSA TRAÇO 1:4 (CIMENTO E AREIA), PREPARO MECÂNICO COM BETONEIRA 400 L, APLICADO EM ÁREAS SECAS SOBRE LAJE, ADERIDO, ACABAMENTO NÃO REFORÇADO, ESPESSURA 4CM. AF_07/2021","M2",58.88,48.15]
[87680,"CONTRAPISO EM ARGAMASSA TRAÇO 1:4 (CIMENTO E AREIA), PREPARO MECÂNICO COM BETONEIRA 400 L, APLICADO EM ÁREAS SECAS SOBRE LAJE, NÃO ADERIDO, ACABAMENTO NÃO REFORÇADO, ESPESSURA 4CM. AF_07/2021","M2",53.34,43.93]
[87690,"CONTRAPISO EM ARGAMASSA TRAÇO 1:4 (CIMENTO E AREIA), PREPARO MECÂNICO COM BETONEIRA 400 L, APLICADO EM ÁREAS SECAS SOBRE LAJE, NÃO ADERIDO, ACABAMENTO NÃO REFORÇADO, ESPESSURA 5CM. AF_07/2021","M2",61.12,50.35]
[87700,"CONTRAPISO EM ARGAMASSA TRAÇO 1:4 (CIMENTO E AREIA), PREPARO MECÂNICO COM BETONEIRA 400 L, APLICADO EM ÁREAS SECAS SOBRE LAJE, NÃO ADERIDO, ACABAMENTO NÃO REFORÇADO, ESPESSURA 6CM. AF_07/2021","M2",66.12,54.24]
[102803,"REFORÇO SUPERFICIAL PARA CONTRAPISOS DE ARGAMASSA SEMI-SECA. AF_07/2021","M2",2.5499999999999998,2.99]
[92717,"APARELHO PARA CORTE E SOLDA OXI-ACETILENO SOBRE RODAS, INCLUSIVE CILINDROS E MAÇARICOS - CHI DIURNO. AF_05/2023","CHI",0.31,0.26]
[92716,"APARELHO PARA CORTE E SOLDA OXI-ACETILENO SOBRE RODAS, INCLUSIVE CILINDROS E MAÇARICOS - CHP DIURNO. AF_05/2023","CHP",115.35,115.25]
[103668,"BATE ESTACA PARA INSTALAÇÃO DE DEFENSAS METÁLICAS (GUARD RAIL) FIXO, INCLUSIVE CAMINHÃO TOCO PBT 9.700 KG, POTÊNCIA DE 160 CV - CHI DIURNO. AF_05/2023","CHI",0,0]
[103667,"BATE ESTACA PARA INSTALAÇÃO DE DEFENSAS METÁLICAS (GUARD RAIL) FIXO, INCLUSIVE CAMINHÃO TOCO PBT 9.700 KG, POTÊNCIA DE 160 CV - CHP DIURNO. AF_05/2023","CHP",0,0]
[89218,"BATE-ESTACAS POR GRAVIDADE, POTÊNCIA DE 160 HP, PESO DO MARTELO ATÉ 3 TONELADAS - CHI DIURNO. AF_11/2014","CHI",89.66,117.62]
[89843,"BATE-ESTACAS POR GRAVIDADE, POTÊNCIA DE 160 HP, PESO DO MARTELO ATÉ 3 TONELADAS - CHP DIURNO. AF_11/2014","CHP",218.16,257.92]
[87446,"BETONEIRA CAPACIDADE NOMINAL 400 L, CAPACIDADE DE MISTURA 310 L, MOTOR A DIESEL POTÊNCIA 5,0 HP, SEM CARREGADOR - CHI DIURNO. AF_05/2023","CHI",0.6,0.54]
[87445,"BETONEIRA CAPACIDADE NOMINAL 400 L, CAPACIDADE DE MISTURA 310 L, MOTOR A DIESEL POTÊNCIA 5,0 HP, SEM CARREGADOR - CHP DIURNO. AF_05/2023","CHP",5.74,6.15]
[93234,"BETONEIRA CAPACIDADE NOMINAL 400 L, CAPACIDADE DE MISTURA 310 L, MOTOR A GASOLINA POTÊNCIA 5,5 HP, SEM CARREGADOR - CHI DIURNO. AF_02/2016","CHI",0.55000000000000004,0.49]
[93233,"BETONEIRA CAPACIDADE NOMINAL 400 L, CAPACIDADE DE MISTURA 310 L, MOTOR A GASOLINA POTÊNCIA 5,5 HP, SEM CARREGADOR - CHP DIURNO. AF_02/2016","CHP",6.18,6.02]
[102953,"BETONEIRA CAPACIDADE NOMINAL DE 250 L, CAPACIDADE DE MISTURA DE 175 L, MOTOR ELÉTRICO MONOFÁSICO POTÊNCIA 1CV - CHI DIURNO. AF_05/2023","CHI",0,0]
[102952,"BETONEIRA CAPACIDADE NOMINAL DE 250 L, CAPACIDADE DE MISTURA DE 175 L, MOTOR ELÉTRICO MONOFÁSICO POTÊNCIA 1CV - CHP DIURNO. AF_05/2023","CHP",0,0]
[88831,"BETONEIRA CAPACIDADE NOMINAL DE 400 L, CAPACIDADE DE MISTURA 280 L, MOTOR ELÉTRICO TRIFÁSICO POTÊNCIA DE 2 CV, SEM CARREGADOR - CHI DIURNO. AF_05/2023","CHI",0.44,0.39]
[88830,"BETONEIRA CAPACIDADE NOMINAL DE 400 L, CAPACIDADE DE MISTURA 280 L, MOTOR ELÉTRICO TRIFÁSICO POTÊNCIA DE 2 CV, SEM CARREGADOR - CHP DIURNO. AF_05/2023","CHP",2.13,1.84]
[89226,"BETONEIRA CAPACIDADE NOMINAL DE 600 L, CAPACIDADE DE MISTURA 360 L, MOTOR ELÉTRICO TRIFÁSICO POTÊNCIA DE 4 CV, SEM CARREGADOR - CHI DIURNO. AF_05/2023","CHI",1.81,1.62]
[89225,"BETONEIRA CAPACIDADE NOMINAL DE 600 L, CAPACIDADE DE MISTURA 360 L, MOTOR ELÉTRICO TRIFÁSICO POTÊNCIA DE 4 CV, SEM CARREGADOR - CHP DIURNO. AF_05/2023","CHP",6.01,5.26]
[89279,"BETONEIRA CAPACIDADE NOMINAL DE 600 L, CAPACIDADE DE MISTURA 440 L, MOTOR A DIESEL POTÊNCIA 10 HP, COM CARREGADOR - CHI DIURNO. AF_05/2023","CHI",2.19,1.98]
[89278,"BETONEIRA CAPACIDADE NOMINAL DE 600 L, CAPACIDADE DE MISTURA 440 L, MOTOR A DIESEL POTÊNCIA 10 HP, COM CARREGADOR - CHP DIURNO. AF_05/2023","CHP",13.49,14.12]
[90651,"BOMBA CENTRÍFUGA MONOESTÁGIO COM MOTOR ELÉTRICO MONOFÁSICO, POTÊNCIA 15 HP, DIÂMETRO DO ROTOR 173 MM, HM/Q = 30 MCA / 90 M3/H A 45 MCA / 55 M3/H - CHI DIURNO. AF_06/2015","CHI",1.01,0.82]
[90650,"BOMBA CENTRÍFUGA MONOESTÁGIO COM MOTOR ELÉTRICO MONOFÁSICO, POTÊNCIA 15 HP, DIÂMETRO DO ROTOR 173 MM, HM/Q = 30 MCA / 90 M3/H A 45 MCA / 55 M3/H - CHP DIURNO. AF_06/2015","CHP",11.99,10.1]
[106101,"BOMBA DE INJEÇÃO, ELÉTRICA, TRIFÁSICA, POTÊNCIA 7,5 CV - CHI DIURNO. AF_08/2025","CHI",0,0]
[106100,"BOMBA DE INJEÇÃO, ELÉTRICA, TRIFÁSICA, POTÊNCIA 7,5 CV- CHP DIURNO. AF_08/2025","CHP",0,0]
[90657,"BOMBA DE PROJEÇÃO DE CONCRETO SECO, POTÊNCIA 10 CV, VAZÃO 3 M3/H - CHI DIURNO. AF_06/2015","CHI",5.41,4.87]
[90656,"BOMBA DE PROJEÇÃO DE CONCRETO SECO, POTÊNCIA 10 CV, VAZÃO 3 M3/H - CHP DIURNO. AF_06/2015","CHP",16.86,14.84]
[90663,"BOMBA DE PROJEÇÃO DE CONCRETO SECO, POTÊNCIA 10 CV, VAZÃO 6 M3/H - CHI DIURNO. AF_06/2015","CHI",5.81,5.23]
[90662,"BOMBA DE PROJEÇÃO DE CONCRETO SECO, POTÊNCIA 10 CV, VAZÃO 6 M3/H - CHP DIURNO. AF_06/2015","CHP",17.600000000000001,15.51]
[89022,"BOMBA SUBMERSÍVEL ELÉTRICA TRIFÁSICA, POTÊNCIA 2,96 HP, Ø ROTOR 144 MM SEMI-ABERTO, BOCAL DE SAÍDA Ø 2\", HM/Q = 2 MCA / 38,8 M3/H A 28 MCA / 5 M3/H - CHI DIURNO. AF_06/2014","CHI",0.41,0.47]
[89021,"BOMBA SUBMERSÍVEL ELÉTRICA TRIFÁSICA, POTÊNCIA 2,96 HP, Ø ROTOR 144 MM SEMI-ABERTO, BOCAL DE SAÍDA Ø 2\", HM/Q = 2 MCA / 38,8 M3/H A 28 MCA / 5 M3/H - CHP DIURNO. AF_06/2014","CHP",2.77,2.58]
[90644,"BOMBA TRIPLEX, PARA INJEÇÃO DE NATA DE CIMENTO, VAZÃO MÁXIMA DE 100 LITROS/MINUTO, PRESSÃO MÁXIMA DE 70 BAR - CHI DIURNO. AF_06/2015","CHI",8.33,7.5]
[90643,"BOMBA TRIPLEX, PARA INJEÇÃO DE NATA DE CIMENTO, VAZÃO MÁXIMA DE 100 LITROS/MINUTO, PRESSÃO MÁXIMA DE 70 BAR - CHP DIURNO. AF_06/2015","CHP",29.33,29.36]
[102811,"CALDEIRA A GÁS COM TERMOSTATO, CAPACIDADE 100 LITROS - CHI DIURNO. AF_05/2023","CHI",0,0]
[102810,"CALDEIRA A GÁS COM TERMOSTATO, CAPACIDADE 100 LITROS - CHP DIURNO. AF_05/2023","CHP",0,0]
[92146,"CAMINHONETE CABINE SIMPLES COM MOTOR 1.6 FLEX, CÂMBIO MANUAL, POTÊNCIA 101/104 CV, 2 PORTAS - CHI DIURNO. AF_11/2015","CHI",28.73,39.56]
[92145,"CAMINHONETE CABINE SIMPLES COM MOTOR 1.6 FLEX, CÂMBIO MANUAL, POTÊNCIA 101/104 CV, 2 PORTAS - CHP DIURNO. AF_11/2015","CHP",78.91,89.41]
[92139,"CAMINHONETE COM MOTOR A DIESEL, POTÊNCIA 180 CV, CABINE DUPLA, 4X4 - CHI DIURNO. AF_11/2015","CHI",40.840000000000003,51.67]
[92138,"CAMINHONETE COM MOTOR A DIESEL, POTÊNCIA 180 CV, CABINE DUPLA, 4X4 - CHP DIURNO. AF_11/2015","CHP",95.66,110.97]
[91387,"CAMINHÃO BASCULANTE 10 M3, TRUCADO CABINE SIMPLES, PESO BRUTO TOTAL 23.000 KG, CARGA ÚTIL MÁXIMA 15.935 KG, DISTÂNCIA ENTRE EIXOS 4,80 M, POTÊNCIA 230 CV INCLUSIVE CAÇAMBA METÁLICA - CHI DIURNO. AF_06/2014","CHI",73.64,85.47]
[91386,"CAMINHÃO BASCULANTE 10 M3, TRUCADO CABINE SIMPLES, PESO BRUTO TOTAL 23.000 KG, CARGA ÚTIL MÁXIMA 15.935 KG, DISTÂNCIA ENTRE EIXOS 4,80 M, POTÊNCIA 230 CV INCLUSIVE CAÇAMBA METÁLICA - CHP DIURNO. AF_06/2014","CHP",282,311.83999999999997]
[96036,"CAMINHÃO BASCULANTE 10 M3, TRUCADO, POTÊNCIA 230 CV, INCLUSIVE CAÇAMBA METÁLICA, COM DISTRIBUIDOR DE AGREGADOS ACOPLADO - CHI DIURNO. AF_02/2017","CHI",83.09,94.92]
[96035,"CAMINHÃO BASCULANTE 10 M3, TRUCADO, POTÊNCIA 230 CV, INCLUSIVE CAÇAMBA METÁLICA, COM DISTRIBUIDOR DE AGREGADOS ACOPLADO - CHP DIURNO. AF_02/2017","CHP",297.58,327.42]
[89877,"CAMINHÃO BASCULANTE 14 M3, COM CAVALO MECÂNICO DE CAPACIDADE MÁXIMA DE TRAÇÃO COMBINADO DE 36000 KG, POTÊNCIA 286 CV, INCLUSIVE SEMIREBOQUE COM CAÇAMBA METÁLICA - CHI DIURNO. AF_12/2014","CHI",86.24,98.07]
[89876,"CAMINHÃO BASCULANTE 14 M3, COM CAVALO MECÂNICO DE CAPACIDADE MÁXIMA DE TRAÇÃO COMBINADO DE 36000 KG, POTÊNCIA 286 CV, INCLUSIVE SEMIREBOQUE COM CAÇAMBA METÁLICA - CHP DIURNO. AF_12/2014","CHP",345.23,379.46]
[89884,"CAMINHÃO BASCULANTE 18 M3, COM CAVALO MECÂNICO DE CAPACIDADE MÁXIMA DE TRAÇÃO COMBINADO DE 45000 KG, POTÊNCIA 330 CV, INCLUSIVE SEMIREBOQUE COM CAÇAMBA METÁLICA - CHI DIURNO. AF_12/2014","CHI",90.1,101.93]
[89883,"CAMINHÃO BASCULANTE 18 M3, COM CAVALO MECÂNICO DE CAPACIDADE MÁXIMA DE TRAÇÃO COMBINADO DE 45000 KG, POTÊNCIA 330 CV, INCLUSIVE SEMIREBOQUE COM CAÇAMBA METÁLICA - CHP DIURNO. AF_12/2014","CHP",382.58,420.25]
[67827,"CAMINHÃO BASCULANTE 6 M3 TOCO, PESO BRUTO TOTAL 16.000 KG, CARGA ÚTIL MÁXIMA 11.130 KG, DISTÂNCIA ENTRE EIXOS 5,36 M, POTÊNCIA 185 CV, INCLUSIVE CAÇAMBA METÁLICA - CHI DIURNO. AF_06/2014","CHI",63.69,75.52]
[67826,"CAMINHÃO BASCULANTE 6 M3 TOCO, PESO BRUTO TOTAL 16.000 KG, CARGA ÚTIL MÁXIMA 11.130 KG, DISTÂNCIA ENTRE EIXOS 5,36 M, POTÊNCIA 185 CV, INCLUSIVE CAÇAMBA METÁLICA - CHP DIURNO. AF_06/2014","CHP",195.11,217.29]
[5961,"CAMINHÃO BASCULANTE 6 M3, PESO BRUTO TOTAL 16.000 KG, CARGA ÚTIL MÁXIMA 13.071 KG, DISTÂNCIA ENTRE EIXOS 4,80 M, POTÊNCIA 230 CV INCLUSIVE CAÇAMBA METÁLICA - CHI DIURNO. AF_06/2014","CHI",62.41,74.239999999999995]
[5811,"CAMINHÃO BASCULANTE 6 M3, PESO BRUTO TOTAL 16.000 KG, CARGA ÚTIL MÁXIMA 13.071 KG, DISTÂNCIA ENTRE EIXOS 4,80 M, POTÊNCIA 230 CV INCLUSIVE CAÇAMBA METÁLICA - CHP DIURNO. AF_06/2014","CHP",213.83,238.53]
[106373,"CAMINHÃO BITRUCK TRAÇÃO 8X2, PBT 29.000 KG, PESO BRUTO TOTAL COMBINADO (PBTC) *36.000* KG, POTÊNCIA 321 CV, INCLUSIVE PLATAFORMA GUINCHO-SOCORRO, COMPRIMENTO ÚTIL 10 M, LARGURA 2,60 M COM GUINCHO DE ARRASTE BASCULANTE - CHI DIURNO. AF_11/2025","CHI",0,0]
[106366,"CAMINHÃO BITRUCK TRAÇÃO 8X2, PBT 29.000 KG, PESO BRUTO TOTAL COMBINADO (PBTC) *36.000* KG, POTÊNCIA 321 CV, INCLUSIVE PLATAFORMA GUINCHO-SOCORRO, COMPRIMENTO ÚTIL 10 M, LARGURA 2,60 M COM GUINCHO DE ARRASTE BASCULANTE - CHP DIURNO. AF_11/2025","CHP",0,0]
[106371,"CAMINHÃO BITRUCK TRAÇÃO 8X2, PBT 29.000 KG, PESO BRUTO TOTAL COMBINADO (PBTC) *36.000* KG, POTÊNCIA 321 CV, INCLUSIVE PLATAFORMA SOBRE CHASSI, COMPRIMENTO ÚTIL 10 M, LARGURA 2,60 M COM GUINCHO DE ARRASTE E RAMPA COM ACIONAMENTO ELETRO-HIDRÁULICO - CHI DIURNO. AF_11/2025","CHI",0,0]
[106364,"CAMINHÃO BITRUCK TRAÇÃO 8X2, PBT 29.000 KG, PESO BRUTO TOTAL COMBINADO (PBTC) *36.000* KG, POTÊNCIA 321 CV, INCLUSIVE PLATAFORMA SOBRE CHASSI, COMPRIMENTO ÚTIL 10 M, LARGURA 2,60 M COM GUINCHO DE ARRASTE E RAMPA COM ACIONAMENTO ELETRO-HIDRÁULICO - CHP DIURNO. AF_11/2025","CHP",0,0]
[92243,"CAMINHÃO DE TRANSPORTE DE MATERIAL ASFÁLTICO 20.000 L, COM CAVALO MECÂNICO DE CAPACIDADE MÁXIMA DE TRAÇÃO COMBINADO DE 45.000 KG, POTÊNCIA 330 CV, INCLUSIVE TANQUE DE ASFALTO COM MAÇARICO - CHI DIURNO. AF_12/2015","CHI",78.11,91.35]
[92242,"CAMINHÃO DE TRANSPORTE DE MATERIAL ASFÁLTICO 20.000 L, COM CAVALO MECÂNICO DE CAPACIDADE MÁXIMA DE TRAÇÃO COMBINADO DE 45.000 KG, POTÊNCIA 330 CV, INCLUSIVE TANQUE DE ASFALTO COM MAÇARICO - CHP DIURNO. AF_12/2015","CHP",430.62,478.93]
[91646,"CAMINHÃO DE TRANSPORTE DE MATERIAL ASFÁLTICO 30.000 L, COM CAVALO MECÂNICO DE CAPACIDADE MÁXIMA DE TRAÇÃO COMBINADO DE 66.000 KG, POTÊNCIA 360 CV, INCLUSIVE TANQUE DE ASFALTO COM SERPENTINA - CHI DIURNO. AF_08/2015","CHI",95.55,108.79]
[91645,"CAMINHÃO DE TRANSPORTE DE MATERIAL ASFÁLTICO 30.000 L, COM CAVALO MECÂNICO DE CAPACIDADE MÁXIMA DE TRAÇÃO COMBINADO DE 66.000 KG, POTÊNCIA 360 CV, INCLUSIVE TANQUE DE ASFALTO COM SERPENTINA - CHP DIURNO. AF_08/2015","CHP",495.46,546.96]
[92107,"CAMINHÃO PARA EQUIPAMENTO DE LIMPEZA A SUCÇÃO COM CAMINHÃO TRUCADO DE PESO BRUTO TOTAL 23000 KG, CARGA ÚTIL MÁXIMA 15935 KG, DISTÂNCIA ENTRE EIXOS 4,80 M, POTÊNCIA 230 CV, INCLUSIVE LIMPADORA A SUCÇÃO, TANQUE 12000 L - CHI DIURNO. AF_05/2023","CHI",94.23,105.77]
[92106,"CAMINHÃO PARA EQUIPAMENTO DE LIMPEZA A SUCÇÃO, COM CAMINHÃO TRUCADO DE PESO BRUTO TOTAL 23000 KG, CARGA ÚTIL MÁXIMA 15935 KG, DISTÂNCIA ENTRE EIXOS 4,80 M, POTÊNCIA 230 CV, INCLUSIVE LIMPADORA A SUCÇÃO, TANQUE 12000 L - CHP DIURNO. AF_05/2023","CHP",377.39,413.37]
[5903,"CAMINHÃO PIPA 10.000 L TRUCADO, PESO BRUTO TOTAL 23.000 KG, CARGA ÚTIL MÁXIMA 15.935 KG, DISTÂNCIA ENTRE EIXOS 4,8 M, POTÊNCIA 230 CV, INCLUSIVE TANQUE DE AÇO PARA TRANSPORTE DE ÁGUA - CHI DIURNO. AF_06/2014","CHI",72.97,84.51]
[5901,"CAMINHÃO PIPA 10.000 L TRUCADO, PESO BRUTO TOTAL 23.000 KG, CARGA ÚTIL MÁXIMA 15.935 KG, DISTÂNCIA ENTRE EIXOS 4,8 M, POTÊNCIA 230 CV, INCLUSIVE TANQUE DE AÇO PARA TRANSPORTE DE ÁGUA - CHP DIURNO. AF_06/2014","CHP",335.44,371.42]
[106252,"CAMINHÃO PIPA 14.000 L TRUCADO, PESO BRUTO TOTAL 23.000 KG, CARGA ÚTIL MÁXIMA 16.540 KG, DISTÂNCIA ENTRE EIXOS 4,8 M, POTÊNCIA 256 CV, INCLUSIVE TANQUE DE AÇO PARA TRANSPORTE DE ÁGUA - CHI DIURNO. AF_10/2025","CHI",72.48,84.02]
[106247,"CAMINHÃO PIPA 14.000 L TRUCADO, PESO BRUTO TOTAL 23.000 KG, CARGA ÚTIL MÁXIMA 16.540 KG, DISTÂNCIA ENTRE EIXOS 4,8 M, POTÊNCIA 256 CV, INCLUSIVE TANQUE DE AÇO PARA TRANSPORTE DE ÁGUA - CHP DIURNO. AF_10/2025","CHP",296.45,328.04]
[6260,"CAMINHÃO PIPA 6.000 L, PESO BRUTO TOTAL 13.000 KG, DISTÂNCIA ENTRE EIXOS 4,80 M, POTÊNCIA 189 CV INCLUSIVE TANQUE DE AÇO PARA TRANSPORTE DE ÁGUA, CAPACIDADE 6 M3 - CHI DIURNO. AF_06/2014","CHI",59.73,71.27]
[6259,"CAMINHÃO PIPA 6.000 L, PESO BRUTO TOTAL 13.000 KG, DISTÂNCIA ENTRE EIXOS 4,80 M, POTÊNCIA 189 CV INCLUSIVE TANQUE DE AÇO PARA TRANSPORTE DE ÁGUA, CAPACIDADE 6 M3 - CHP DIURNO. AF_06/2014","CHP",269.62,301.25]
[104705,"CAMINHÃO TANQUE PARA HIDROSSEMEADURA, COM CAPACIDADE DE 8.000 LITROS, INCLUINDO BOMBA PARA LANÇAMENTO COM MOTOR DIESEL COM POTÊNCIA DE 105 CV - CHI DIURNO. AF_06/2023","CHI",0,0]
[104704,"CAMINHÃO TANQUE PARA HIDROSSEMEADURA, COM CAPACIDADE DE 8.000 LITROS, INCLUINDO BOMBA PARA LANÇAMENTO COM MOTOR DIESEL COM POTÊNCIA DE 105 CV - CHP DIURNO. AF_06/2023","CHP",0,0]
[91395,"CAMINHÃO TOCO, PBT 14.300 KG, CARGA ÚTIL MÁX. 9.710 KG, DIST. ENTRE EIXOS 3,56 M, POTÊNCIA 185 CV, INCLUSIVE CARROCERIA FIXA ABERTA DE MADEIRA P/ TRANSPORTE GERAL DE CARGA SECA, DIMEN. APROX. 2,50 X 6,50 X 0,50 M - CHI DIURNO. AF_06/2014","CHI",57.34,68.88]
[73467,"CAMINHÃO TOCO, PBT 14.300 KG, CARGA ÚTIL MÁX. 9.710 KG, DIST. ENTRE EIXOS 3,56 M, POTÊNCIA 185 CV, INCLUSIVE CARROCERIA FIXA ABERTA DE MADEIRA P/ TRANSPORTE GERAL DE CARGA SECA, DIMEN. APROX. 2,50 X 6,50 X 0,50 M - CHP DIURNO. AF_06/2014","CHP",261.68,292.88]
[5826,"CAMINHÃO TOCO, PBT 16.000 KG, CARGA ÚTIL MÁX. 10.685 KG, DIST. ENTRE EIXOS 4,8 M, POTÊNCIA 189 CV, INCLUSIVE CARROCERIA FIXA ABERTA DE MADEIRA P/ TRANSPORTE GERAL DE CARGA SECA, DIMEN. APROX. 2,5 X 7,00 X 0,50 M - CHI DIURNO. AF_06/2014","CHI",60.36,71.900000000000006]
[5824,"CAMINHÃO TOCO, PBT 16.000 KG, CARGA ÚTIL MÁX. 10.685 KG, DIST. ENTRE EIXOS 4,8 M, POTÊNCIA 189 CV, INCLUSIVE CARROCERIA FIXA ABERTA DE MADEIRA P/ TRANSPORTE GERAL DE CARGA SECA, DIMEN. APROX. 2,5 X 7,00 X 0,50 M - CHP DIURNO. AF_06/2014","CHP",226.77,253.11]
[106369,"CAMINHÃO TOCO, PBT 16.000 KG, CARGA ÚTIL MÁX. 10.830 KG, DIST. ENTRE EIXOS 3,56 M, POTÊNCIA 226 CV, INCLUSIVE PLATAFORMA SOBRE CHASSI, COMPRIMENTO ÚTIL 10 M, LARGURA 2,60 M COM GUINCHO DE ARRASTE E RAMPA COM ACIONAMENTO ELETRO-HIDRÁULICO - CHI DIURNO. AF_11/2025","CHI",0,0]
[106362,"CAMINHÃO TOCO, PBT 16.000 KG, CARGA ÚTIL MÁX. 10.830 KG, DIST. ENTRE EIXOS 3,56 M, POTÊNCIA 226 CV, INCLUSIVE PLATAFORMA SOBRE CHASSI, COMPRIMENTO ÚTIL 10 M, LARGURA 2,60 M COM GUINCHO DE ARRASTE E RAMPA COM ACIONAMENTO ELETRO-HIDRÁULICO - CHP DIURNO. AF_11/2025","CHP",0,0]
[106253,"CAMINHÃO TOCO, PBT 23.000 KG, CARGA ÚTIL MÁX. 16.540 KG, DIST. ENTRE EIXOS 4,8 M, POTÊNCIA 256 CV, INCLUSIVE CARROCERIA FIXA ABERTA DE MADEIRA P/ TRANSPORTE GERAL DE CARGA SECA, DIMEN. APROX. 2,6 X 12,50 X 0,50 M - CHI DIURNO. AF_10/2025","CHI",75.87,87.41]
[106248,"CAMINHÃO TOCO, PBT 23.000 KG, CARGA ÚTIL MÁX. 16.540 KG, DIST. ENTRE EIXOS 4,8 M, POTÊNCIA 256 CV, INCLUSIVE CARROCERIA FIXA ABERTA DE MADEIRA P/ TRANSPORTE GERAL DE CARGA SECA, DIMEN. APROX. 2,6 X 12,50 X 0,50 M - CHP DIURNO. AF_10/2025","CHP",306.17,337.76]
[106372,"CAMINHÃO TOCO, PBT 23.000 KG, CARGA ÚTIL MÁX. 16.540 KG, DIST. ENTRE EIXOS 4,80 M, POTÊNCIA 256 CV, INCLUSIVE PLATAFORMA GUINCHO-SOCORRO, COMPRIMENTO ÚTIL 10 M, LARGURA 2,60 M COM GUINCHO DE ARRASTE BASCULANTE - CHI DIURNO. AF_11/2025","CHI",0,0]
[106365,"CAMINHÃO TOCO, PBT 23.000 KG, CARGA ÚTIL MÁX. 16.540 KG, DIST. ENTRE EIXOS 4,80 M, POTÊNCIA 256 CV, INCLUSIVE PLATAFORMA GUINCHO-SOCORRO, COMPRIMENTO ÚTIL 10 M, LARGURA 2,60 M COM GUINCHO DE ARRASTE BASCULANTE - CHP DIURNO. AF_11/2025","CHP",0,0]
[106370,"CAMINHÃO TOCO, PBT 23.000 KG, CARGA ÚTIL MÁX. 16.540 KG, DIST. ENTRE EIXOS 4,80 M, POTÊNCIA 256 CV, INCLUSIVE PLATAFORMA SOBRE CHASSI, COMPRIMENTO ÚTIL 10 M, LARGURA 2,60 M COM GUINCHO DE ARRASTE E RAMPA COM ACIONAMENTO ELETRO-HIDRÁULICO - CHI DIURNO. AF_11/2025","CHI",0,0]
[106363,"CAMINHÃO TOCO, PBT 23.000 KG, CARGA ÚTIL MÁX. 16.540 KG, DIST. ENTRE EIXOS 4,80 M, POTÊNCIA 256 CV, INCLUSIVE PLATAFORMA SOBRE CHASSI, COMPRIMENTO ÚTIL 10 M, LARGURA 2,60 M COM GUINCHO DE ARRASTE E RAMPA COM ACIONAMENTO ELETRO-HIDRÁULICO - CHP DIURNO. AF_11/2025","CHP",0,0]
[5892,"CAMINHÃO TOCO, PESO BRUTO TOTAL 14.300 KG, CARGA ÚTIL MÁXIMA 9590 KG, DISTÂNCIA ENTRE EIXOS 4,76 M, POTÊNCIA 185 CV (NÃO INCLUI CARROCERIA) - CHI DIURNO. AF_06/2014","CHI",55.09,66.63]
[5890,"CAMINHÃO TOCO, PESO BRUTO TOTAL 14.300 KG, CARGA ÚTIL MÁXIMA 9590 KG, DISTÂNCIA ENTRE EIXOS 4,76 M, POTÊNCIA 185 CV (NÃO INCLUI CARROCERIA) - CHP DIURNO. AF_06/2014","CHP",213.23,239.26]
[5896,"CAMINHÃO TOCO, PESO BRUTO TOTAL 16.000 KG, CARGA ÚTIL MÁXIMA DE 10.685 KG, DISTÂNCIA ENTRE EIXOS 4,80 M, POTÊNCIA 189 CV EXCLUSIVE CARROCERIA - CHI DIURNO. AF_06/2014","CHI",57.95,69.489999999999995]
[5894,"CAMINHÃO TOCO, PESO BRUTO TOTAL 16.000 KG, CARGA ÚTIL MÁXIMA DE 10.685 KG, DISTÂNCIA ENTRE EIXOS 4,80 M, POTÊNCIA 189 CV EXCLUSIVE CARROCERIA - CHP DIURNO. AF_06/2014","CHP",222.14,248.48]
[91032,"CAMINHÃO TRUCADO (C/ TERCEIRO EIXO) ELETRÔNICO - POTÊNCIA 231CV - PBT = 22000KG - DIST. ENTRE EIXOS 5170 MM - INCLUI CARROCERIA FIXA ABERTA DE MADEIRA - CHI DIURNO. AF_06/2015","CHI",66.44,77.98]
[91031,"CAMINHÃO TRUCADO (C/ TERCEIRO EIXO) ELETRÔNICO - POTÊNCIA 231CV - PBT = 22000KG - DIST. ENTRE EIXOS 5170 MM - INCLUI CARROCERIA FIXA ABERTA DE MADEIRA - CHP DIURNO. AF_06/2015","CHP",272.85000000000002,303.02999999999997]
[106255,"CAVALO MECÂNICO TRAÇÃO 6X2, PBT COMBINADO 56.000 KG, CAPACIDADE MÁX. TRAÇÃO 66.000 KG, POTÊNCIA 360 CV, INCLUSIVE CARROCERIA FIXA ABERTA DE MADEIRA P/ TRANSPORTE GERAL DE CARGA SECA, DIMEN. APROX. 2,6 X 14,50 X 0,50 M - CHI DIURNO. AF_10/2025","CHI",0,0]
[106250,"CAVALO MECÂNICO TRAÇÃO 6X2, PBT COMBINADO 56.000 KG, CAPACIDADE MÁX. TRAÇÃO 66.000 KG, POTÊNCIA 360 CV, INCLUSIVE CARROCERIA FIXA ABERTA DE MADEIRA P/ TRANSPORTE GERAL DE CARGA SECA, DIMEN. APROX. 2,6 X 14,50 X 0,50 M - CHP DIURNO. AF_10/2025","CHP",0,0]
[106374,"CAVALO MECÂNICO TRAÇÃO 6X2, PBT COMBINADO 56.000 KG, CAPACIDADE MÁX. TRAÇÃO 66.000 KG, POTÊNCIA 360 CV, INCLUSIVE PRANCHA REBAIXADA 3 EIXOS, DIMENSÕES *17,33 X 3,00* M, COM RAMPA DE ACIONAMENTO HIDRÁULICO - CHI DIURNO. AF_11/2025","CHI",0,0]
[106367,"CAVALO MECÂNICO TRAÇÃO 6X2, PBT COMBINADO 56.000 KG, CAPACIDADE MÁX. TRAÇÃO 66.000 KG, POTÊNCIA 360 CV, INCLUSIVE PRANCHA REBAIXADA 3 EIXOS, DIMENSÕES *17,33 X 3,00* M, COM RAMPA DE ACIONAMENTO HIDRÁULICO - CHP DIURNO. AF_11/2025","CHP",0,0]
[106375,"CAVALO MECÂNICO TRAÇÃO 6X2, PBT COMBINADO 56.000 KG, CAPACIDADE MÁX. TRAÇÃO 66.000 KG, POTÊNCIA 360 CV, INCLUSIVE PRANCHA RETA 3 EIXOS, COMPRIMENTO ÚTIL 11,3 M, PESCOÇO DE 3,5 M, LARGURA 3,00 M, COM RAMPA DE ACIONAMENTO HIDRÁULICO - CHI DIURNO. AF_11/2025","CHI",0,0]
[106368,"CAVALO MECÂNICO TRAÇÃO 6X2, PBT COMBINADO 56.000 KG, CAPACIDADE MÁX. TRAÇÃO 66.000 KG, POTÊNCIA 360 CV, INCLUSIVE PRANCHA RETA 3 EIXOS, COMPRIMENTO ÚTIL 11,3 M, PESCOÇO DE 3,5 M, LARGURA 3,00 M, COM RAMPA DE ACIONAMENTO HIDRÁULICO - CHP DIURNO. AF_11/2025","CHP",0,0]
[102817,"CENTRAL DE LAMA BENTONÍTICA (DEPÓSITO DE BENTONITA, MISTURADOR DE ALTA TURBULÊNCIA, SILOS DE ARMAZENAMENTO DE LAMA E ÁGUA, LABORATÓRIO DE CONTROLE DE QUALIDADE DA LAMA) - CHI DIURNO. AF_04/2019","CHI",0,0]
[102816,"CENTRAL DE LAMA BENTONÍTICA (DEPÓSITO DE BENTONITA, MISTURADOR DE ALTA TURBULÊNCIA, SILOS DE ARMAZENAMENTO DE LAMA E ÁGUA, LABORATÓRIO DE CONTROLE DE QUALIDADE DA LAMA) - CHP DIURNO. AF_04/2019","CHP",0,0]
[91534,"COMPACTADOR DE SOLOS DE PERCUSSÃO (SOQUETE) COM MOTOR A GASOLINA 4 TEMPOS, POTÊNCIA 4 CV - CHI DIURNO. AF_08/2015","CHI",37.11,40.119999999999997]
[91533,"COMPACTADOR DE SOLOS DE PERCUSSÃO (SOQUETE) COM MOTOR A GASOLINA 4 TEMPOS, POTÊNCIA 4 CV - CHP DIURNO. AF_08/2015","CHP",44.94,47.9]
[95265,"COMPACTADOR DE SOLOS DE PERCUSÃO (SOQUETE) COM MOTOR A GASOLINA, POTÊNCIA 3 CV - CHI DIURNO. AF_09/2016","CHI",0.85,0.85]
[95264,"COMPACTADOR DE SOLOS DE PERCUSÃO (SOQUETE) COM MOTOR A GASOLINA, POTÊNCIA 3 CV - CHP DIURNO. AF_09/2016","CHP",6.84,6.8]
[90973,"COMPRESSOR DE AR REBOCAVEL, VAZÃO 250 PCM, PRESSAO DE TRABALHO 102 PSI, MOTOR A DIESEL POTÊNCIA 81 CV - CHI DIURNO. AF_06/2015","CHI",8.93,8.93]
[90972,"COMPRESSOR DE AR REBOCAVEL, VAZÃO 250 PCM, PRESSAO DE TRABALHO 102 PSI, MOTOR A DIESEL POTÊNCIA 81 CV - CHP DIURNO. AF_06/2015","CHP",83.38,91.08]
[91001,"COMPRESSOR DE AR REBOCAVEL, VAZÃO 400 PCM, PRESSAO DE TRABALHO 102 PSI, MOTOR A DIESEL POTÊNCIA 110 CV - CHI DIURNO. AF_06/2015","CHI",10.59,10.59]
[90999,"COMPRESSOR DE AR REBOCAVEL, VAZÃO 400 PCM, PRESSAO DE TRABALHO 102 PSI, MOTOR A DIESEL POTÊNCIA 110 CV - CHP DIURNO. AF_06/2015","CHP",110.2,120.66]
[5954,"COMPRESSOR DE AR REBOCÁVEL, VAZÃO 189 PCM, PRESSÃO EFETIVA DE TRABALHO 102 PSI, MOTOR DIESEL, POTÊNCIA 63 CV - CHI DIURNO. AF_06/2015","CHI",6.67,6.67]
[5953,"COMPRESSOR DE AR REBOCÁVEL, VAZÃO 189 PCM, PRESSÃO EFETIVA DE TRABALHO 102 PSI, MOTOR DIESEL, POTÊNCIA 63 CV - CHP DIURNO. AF_06/2015","CHP",64.31,70.3]
[90982,"COMPRESSOR DE AR REBOCÁVEL, VAZÃO 748 PCM, PRESSÃO EFETIVA DE TRABALHO 102 PSI, MOTOR DIESEL, POTÊNCIA 210 CV - CHI DIURNO. AF_06/2015","CHI",22.69,22.69]
[90979,"COMPRESSOR DE AR REBOCÁVEL, VAZÃO 748 PCM, PRESSÃO EFETIVA DE TRABALHO 102 PSI, MOTOR DIESEL, POTÊNCIA 210 CV - CHP DIURNO. AF_06/2015","CHP",215.37,235.34]
[90965,"COMPRESSOR DE AR REBOCÁVEL, VAZÃO 89 PCM, PRESSÃO EFETIVA DE TRABALHO 102 PSI, MOTOR DIESEL, POTÊNCIA 20 CV - CHI DIURNO. AF_06/2015","CHI",8.9,8.9]
[90964,"COMPRESSOR DE AR REBOCÁVEL, VAZÃO 89 PCM, PRESSÃO EFETIVA DE TRABALHO 102 PSI, MOTOR DIESEL, POTÊNCIA 20 CV - CHP DIURNO. AF_06/2015","CHP",33.89,35.79]
[102970,"COMPRESSOR DE AR, VAZAO DE 10 PCM, RESERVATORIO 100 L, PRESSAO DE TRABALHO ENTRE 6,9 E 9,7 BAR POTENCIA 2 HP, TENSAO 110/220 V - CHI DIURNO. AF_05/2023","CHI",0.18,0.2]
[102971,"COMPRESSOR DE AR, VAZAO DE 10 PCM, RESERVATORIO 100 L, PRESSAO DE TRABALHO ENTRE 6,9 E 9,7 BAR, POTENCIA 2 HP, TENSAO 110/220 V - CHP DIURNO. AF_05/2023","CHP",0.47,0.49]
[102822,"CONJUNTO CILINDRO E BOMBA HIDRÁULICA PARA PROTENSÃO DE MONOBARRAS PARA TIRANTES, ESFORÇO MÁXIMO DE 30 TONELADAS - CHI DIURNO. AF_05/2023","CHI",0,0]
[102821,"CONJUNTO CILINDRO E BOMBA HIDRÁULICA PARA PROTENSÃO DE MONOBARRAS PARA TIRANTES, ESFORÇO MÁXIMO DE 30 TONELADAS - CHP DIUR